{"text_format":"1","workbook":"xlsx","n_sheets":23,"sheets":["readme","DropData","Directions","Sample Inputs","Input data","Calculations with Rule"," Benefits Summary Rule","Schedule Fleet 4+","ER C8 FLT4","ER C7 FLT4","ER C6 FLT4","Schedule Fleet 3","ER C8 FLT3","ER C7 FLT3","ER C6 FLT3","Schedule Fleet 2","ER C8 FLT2","ER C7 FLT2","ER C6 FLT2","Schedule Fleet 1","ER C8 FLT1","ER C7 FLT1","ER C6 FLT1"],"not_rendered":{"charts":0,"images":0,"macros":1,"external_links":0,"defined_names":62,"comments":1,"pivot_tables":0},"unopened":[],"bounds":{"document_bytes":16777216,"sheet_cells":100000,"rows_first":2000,"rows_last":500,"rows_between":2000,"halvings":5,"cell_chars":16384,"cell_head_chars":4096},"cells_cut":0,"cells_raw":0,"read":"whole","date_system":"1900"}

{"sheet":"readme","index":0,"n_rows":36,"n_cols":2,"rows_kept":36,"cut":false,"hidden":true,"merged":[]}
["Date:","2015-07-29"]
[]
["Prepared by:","ARB/ D. Ghosh; U. Eke"]
[]
["Background:","Truck project emission reduction calculations for the Year 5, 2015 Prop. 1B Guidelines "]
[]
["File Location:","S:\\$1B Bond\\Emissions Estimates\\Calculators\\2015 Calculators\\Trucks"]
[]
["1. Emission Rates from the Truck & Bus Rule were obtained from:"]
[]
["\"The Truck and Bus Regulation, The Drayage Truck Regulation and The Tractor-Trailer Greenhouse Gas "]
["Regulation Amendments, Background Materials on Air Emissions, Health Impacts, and Economic Impacts\""]
["AB1085 documentation"]
["http://www.arb.ca.gov/msprog/onrdiesel/ab1085compliance.htm"]
[]
["Emission Inventory Database (EMFAC July 31, 2015):"]
["http://www.arb.ca.gov/emfac/2014/"]
[]
["\"Emission Factors_EMFAC2014 7_31_15\""]
["S:\\$1B Bond\\Emissions Estimates\\Calculators\\2015 Calculators\\Trucks\\Documentation "]
[]
["   We used \"T7 Tractor\" emission factors for Class 8 trucks because the GVWR of T7 Tractor (HHDD GVWR 30,001-60,000 lbs) is what we would typically see in a Class 8 truck."]
["   \"T6 Instate Heavy\" (MHDD GVWR>26,000 lbs) emission factors and \"T6 Instate Small\" (MHDD GVWR<= 26,000 lbs)emission factors were used for Class 7 and Class 6 trucks, respectively. "]
[]
["   All emission reductions are calculated using diesel emission factors from EMFAC2014 due to the fact that emission factors for alternative technology vehicles are not yet available. "]
[]
["2. Rule Assumptions and schedules from \"The Truck and Bus Regulation\""]
["     Truck and Bus 2010 documentation"]
["     http://www.arb.ca.gov/regact/2010/truckbus10/truckbus10.htm"]
[]
["The 2015 Truck Calculator has been designed to use the flexibility options that yield the maximum emission reductions allowable for a fleet that is compliant with the Truck and Bus Regulation."]
["     - For Class 7 or 8 small fleets (1 to 3 trucks), the Calculator assumes that the small fleet compliance option is in effect, rather than the engine model year schedule.  \n        "]
["      -No PM reductions will be calculated for small fleets due to the additional complexity of whether the applicant is applying for their 2nd or 3rd truck."]
["     - For Class 7 or 8 large fleets (4 or more trucks), the Calculator assumes that the phase-in option is in effect, rather than the engine model year schedule.  "]
["     - No PM will be calculated for large fleets due to the 100% PM filter requirement by January 1, 2016."]
["     - For Class 6 trucks, the Calculator uses the engine model year schedule because there are no small fleet or phase-in options available."]

{"sheet":"DropData","index":1,"n_rows":253,"n_cols":14,"rows_kept":139,"cut":true,"hidden":true,"merged":[],"bounds":{"rows_first":62,"rows_last":15,"rows_between":62,"halvings":5}}
["Data used for all drop-down menus in \"Input Data\" tab"]
[]
["NOTE:","yes / no options","projectoption","Yes","GVWR1995","NewTruckEngine","FirstYearOP","dyear","Fuel","dutycycle","%calop","trkop2","large_projectoption"]
[null,"Yes","Replacement","33,001 +","33,001 +","Used: 2011+",null,1972,"Diesel","MHD",0.9,0.75,"Replacement"]
[null,"No","Repower","26,001-33,000","26,001-33,000","New: 2015+",2015,1973,"LNG/CNG","HHD",1,0.8,"2-for-1 Replace"]
[null,null,"2-for-1 Replace","19,501-26,000",null,"New: 2015+ MHD",2016,1974,"Hybrid","N/A",null,0.9]
[null,"No "," ",null,null,"New: 2015+ HHD",2017,1975,"Low NOx",null,null,1]
[null,"Yes",null,null,null,null,2018,1976,"Hybrid Zero-Mile"]
[null,null,"projectoption","weight class",null,null,2019,1977,"Zero Emission"]
[null,"Fleet trucks number","Replacement",8,null,null,2020,1978]
[null,"1 Truck","Repower",7,"filter1truck","filter",2021,1979]
[null,"2 Trucks",null,6,"None","None",2022,1980]
[null,"3 Trucks",null,null,"Level 3 PM","Level 1 PM",2023,1981]
[null,"4+ Trucks",null,null,"Level 3 PM + Mark I NOx","Level 2 PM",null,1982]
[null,"fltnum",null,null,null,"Level 3 PM",null,1983]
[null,null,null,null,null,"Level 3 PM + Mark I NOx",null,1984]
[null,null,null,null,null,null,null,1985]
[null,null,null,null,null,null,null,1986]
[null,null,null,null,null,null,null,1987]
[null,null,null,null,null,null,null,1988]
[null,null,null,null,null,null,null,1989]
[null,null,null,null,null,null,null,1990]
[null,null,null,null,null,null,null,1991]
[null,null,null,null,null,null,null,1992]
[null,null,null,null,null,null,null,1993]
[null,{"$f":"IF(OR($B$5=\"1 Truck\",$B$5=\"2 Trucks\",$B$5=\"3 Trucks\"),DropData!$I$4:$I$9,IF('Input data'!$M5=\"Used: 2011+\",DropData!$I$4,DropData!$I$5:$I$9))","v":{"$error":"#VALUE!"}},null,null,null,null,null,1994]
[null,null,null,null,null,null,null,1995]
[null,null,null,null,null,null,null,1996]
[null,null,null,null,null,null,null,1997]
[null,null,null,null,null,null,null,1998]
[null,null,null,null,null,null,null,1999]
[null,null,null,null,null,null,null,2000]
[null,null,null,null,null,null,null,2001]
[null,null,null,null,null,null,null,2002]
[null,null,null,null,null,null,null,2003]
[null,null,null,null,null,null,null,2004]
[null,null,null,null,null,null,null,2005]
[null,null,null,null,null,null,null,2006]
[null,null,null,null,null,null,null,2007]
[null,null,null,null,null,null,null,2008]
[null,null,null,null,null,null,null,2009]
[null,"Dependent Validation","Dependent Validation","Dependent Validation","Dependent Validation","Dependent Validation","Dependent Validation","Dependent Validation","Dependent Validation","Dependent Validation"]
[null,"_1997",null,"_1998"]
[null,"33,001 +",null,"33,001 +"]
[null,"26,001-33,000",null,"26,001-33,000"]
[null,null,null,"19,501-26,000"]
[]
["Exist class","Class_6","Class_7","Class_8"]
[null,"MHD","MHD","HHD"]
[null,null,"HHD","MHD"]
[null,null,null,null,null,null,null,null,null,null,null,null,"Small Fleet Replacement_8","Small Fleet Replacement 6"]
["new engine details","Replacement_6","Replacement_7","Replacement_8","Repower_6","Repower_7","Repower_8","Electric_x",null,"formula for ER search",null,"Small Fleet Replacement_7","Used: 2011+","New: 2015+"]
[null,"New: 2015+","New: 2015+","New: 2015+","New: 2015+ MHD","New: 2015+ MHD","New: 2015+ HHD","New: 2015+",null,{"$f":"IF('Calculations with Rule'!M7=\"New: 2015+\",\"2015\",IF('Calculations with Rule'!M7=\"New: 2015+ MHD\",\"2015\",IF('Calculations with Rule'!M7=\"New: 2015+ HHD\",\"2015\",IF('Calculations with Rule'!M7=\"Used: 2011+\",\"2011\",null))))","v":{"$error":"#NAME?"}},null,"Used: 2011+","New: 2015+"]
[null,null,null,null,null,"New: 2015+ HHD",null,null,null,{"$f":"IF('Calculations with Rule'!M8=\"New: 2015+\",\"2015\",IF('Calculations with Rule'!M8=\"New: 2015+ MHD\",\"2015\",IF('Calculations with Rule'!M8=\"New: 2015+ HHD\",\"2015\",IF('Calculations with Rule'!M8=\"Used: 2011+\",\"2011\",null))))","v":{"$error":"#NAME?"}},null,"New: 2015+"]
[null,null,null,null,null,null,null,null,null,{"$f":"IF('Calculations with Rule'!M9=\"New: 2015+\",\"2015\",IF('Calculations with Rule'!M9=\"New: 2015+ MHD\",\"2015\",IF('Calculations with Rule'!M9=\"New: 2015+ HHD\",\"2015\",IF('Calculations with Rule'!M9=\"Used: 2011+\",\"2011\",null))))","v":{"$error":"#NAME?"}}]
["new truck class","Replacement6","Replacement7MHD","Replacement7HHD","Replacement8MHD","Replacement8HHD","Norestr",null,null,{"$f":"IF('Calculations with Rule'!M10=\"New: 2015+\",\"2015\",IF('Calculations with Rule'!M10=\"New: 2015+ MHD\",\"2015\",IF('Calculations with Rule'!M10=\"New: 2015+ HHD\",\"2015\",IF('Calculations with Rule'!M10=\"Used: 2011+\",\"2011\",null))))","v":{"$error":"#NAME?"}}]
[null,"Class_6","Class_7","Class_7","Class_8","Class_8","Class_6",null,null,{"$f":"IF('Calculations with Rule'!M11=\"New: 2015+\",\"2015\",IF('Calculations with Rule'!M11=\"New: 2015+ MHD\",\"2015\",IF('Calculations with Rule'!M11=\"New: 2015+ HHD\",\"2015\",IF('Calculations with Rule'!M11=\"Used: 2011+\",\"2011\",null))))","v":{"$error":"#NAME?"}}]
[null,null,null,"Class_8",null,"Class_7","Class_7",null,null,{"$f":"IF('Calculations with Rule'!M12=\"New: 2015+\",\"2015\",IF('Calculations with Rule'!M12=\"New: 2015+ MHD\",\"2015\",IF('Calculations with Rule'!M12=\"New: 2015+ HHD\",\"2015\",IF('Calculations with Rule'!M12=\"Used: 2011+\",\"2011\",null))))","v":{"$error":"#NAME?"}}]
[null,"Repower\\/","Repower\\/","Repower",null,null,"Class_8",null,null,{"$f":"IF('Calculations with Rule'!M13=\"New: 2015+\",\"2015\",IF('Calculations with Rule'!M13=\"New: 2015+ MHD\",\"2015\",IF('Calculations with Rule'!M13=\"New: 2015+ HHD\",\"2015\",IF('Calculations with Rule'!M13=\"Used: 2011+\",\"2011\",null))))","v":{"$error":"#NAME?"}}]
[null,"Repo6","Repo7","Repo8",null,null,null,null,null,{"$f":"IF('Calculations with Rule'!M14=\"New: 2015+\",\"2015\",IF('Calculations with Rule'!M14=\"New: 2015+ MHD\",\"2015\",IF('Calculations with Rule'!M14=\"New: 2015+ HHD\",\"2015\",IF('Calculations with Rule'!M14=\"Used: 2011+\",\"2011\",null))))","v":{"$error":"#NAME?"}}]
[null,"Class_6","Class_7","Class_8",null,null,null,null,null,{"$f":"IF('Calculations with Rule'!M15=\"New: 2015+\",\"2015\",IF('Calculations with Rule'!M15=\"New: 2015+ MHD\",\"2015\",IF('Calculations with Rule'!M15=\"New: 2015+ HHD\",\"2015\",IF('Calculations with Rule'!M15=\"Used: 2011+\",\"2011\",null))))","v":{"$error":"#NAME?"}}]
[null,null,null,null,null,null,null,null,null,{"$f":"IF('Calculations with Rule'!M16=\"New: 2015+\",\"2015\",IF('Calculations with Rule'!M16=\"New: 2015+ MHD\",\"2015\",IF('Calculations with Rule'!M16=\"New: 2015+ HHD\",\"2015\",IF('Calculations with Rule'!M16=\"Used: 2011+\",\"2011\",null))))","v":{"$error":"#NAME?"}}]
[null,null,null,null,null,null,null,null,null,{"$f":"IF('Calculations with Rule'!M18=\"New: 2015+\",\"2015\",IF('Calculations with Rule'!M18=\"New: 2015+ MHD\",\"2015\",IF('Calculations with Rule'!M18=\"New: 2015+ HHD\",\"2015\",IF('Calculations with Rule'!M18=\"Used: 2011+\",\"2011\",null))))","v":{"$error":"#NAME?"}}]
[null,null,null,null,null,null,null,null,null,{"$f":"IF('Calculations with Rule'!M20=\"New: 2015+\",\"2015\",IF('Calculations with Rule'!M20=\"New: 2015+ MHD\",\"2015\",IF('Calculations with Rule'!M20=\"New: 2015+ HHD\",\"2015\",IF('Calculations with Rule'!M20=\"Used: 2011+\",\"2011\",null))))","v":{"$error":"#NAME?"}}]
[null,null,null,null,null,null,null,null,null,{"$f":"IF('Calculations with Rule'!M23=\"New: 2015+\",\"2015\",IF('Calculations with Rule'!M23=\"New: 2015+ MHD\",\"2015\",IF('Calculations with Rule'!M23=\"New: 2015+ HHD\",\"2015\",IF('Calculations with Rule'!M23=\"Used: 2011+\",\"2011\",null))))","v":{"$error":"#NAME?"}}]
[null,null,null,null,null,null,null,null,null,{"$f":"IF('Calculations with Rule'!M27=\"New: 2015+\",\"2015\",IF('Calculations with Rule'!M27=\"New: 2015+ MHD\",\"2015\",IF('Calculations with Rule'!M27=\"New: 2015+ HHD\",\"2015\",IF('Calculations with Rule'!M27=\"Used: 2011+\",\"2011\",null))))","v":{"$error":"#NAME?"}}]
[null,null,null,null,null,null,null,null,null,{"$f":"IF('Calculations with Rule'!M30=\"New: 2015+\",\"2015\",IF('Calculations with Rule'!M30=\"New: 2015+ MHD\",\"2015\",IF('Calculations with Rule'!M30=\"New: 2015+ HHD\",\"2015\",IF('Calculations with Rule'!M30=\"Used: 2011+\",\"2011\",null))))","v":{"$error":"#NAME?"}}]
[null,null,null,null,null,null,null,null,null,{"$f":"IF('Calculations with Rule'!M33=\"New: 2015+\",\"2015\",IF('Calculations with Rule'!M33=\"New: 2015+ MHD\",\"2015\",IF('Calculations with Rule'!M33=\"New: 2015+ HHD\",\"2015\",IF('Calculations with Rule'!M33=\"Used: 2011+\",\"2011\",null))))","v":{"$error":"#NAME?"}}]
[null,null,null,null,null,null,null,null,null,{"$f":"IF('Calculations with Rule'!M35=\"New: 2015+\",\"2015\",IF('Calculations with Rule'!M35=\"New: 2015+ MHD\",\"2015\",IF('Calculations with Rule'!M35=\"New: 2015+ HHD\",\"2015\",IF('Calculations with Rule'!M35=\"Used: 2011+\",\"2011\",null))))","v":{"$error":"#NAME?"}}]
[null,null,null,null,null,null,null,null,null,{"$f":"IF('Calculations with Rule'!M36=\"New: 2015+\",\"2015\",IF('Calculations with Rule'!M36=\"New: 2015+ MHD\",\"2015\",IF('Calculations with Rule'!M36=\"New: 2015+ HHD\",\"2015\",IF('Calculations with Rule'!M36=\"Used: 2011+\",\"2011\",null))))","v":{"$error":"#NAME?"}}]
[null,null,null,null,null,null,null,null,null,{"$f":"IF('Calculations with Rule'!M40=\"New: 2015+\",\"2015\",IF('Calculations with Rule'!M40=\"New: 2015+ MHD\",\"2015\",IF('Calculations with Rule'!M40=\"New: 2015+ HHD\",\"2015\",IF('Calculations with Rule'!M40=\"Used: 2011+\",\"2011\",null))))","v":{"$error":"#NAME?"}}]
[null,null,null,null,null,null,null,null,null,{"$f":"IF('Calculations with Rule'!M43=\"New: 2015+\",\"2015\",IF('Calculations with Rule'!M43=\"New: 2015+ MHD\",\"2015\",IF('Calculations with Rule'!M43=\"New: 2015+ HHD\",\"2015\",IF('Calculations with Rule'!M43=\"Used: 2011+\",\"2011\",null))))","v":{"$error":"#NAME?"}}]
[null,null,null,null,null,null,null,null,null,{"$f":"IF('Calculations with Rule'!M46=\"New: 2015+\",\"2015\",IF('Calculations with Rule'!M46=\"New: 2015+ MHD\",\"2015\",IF('Calculations with Rule'!M46=\"New: 2015+ HHD\",\"2015\",IF('Calculations with Rule'!M46=\"Used: 2011+\",\"2011\",null))))","v":{"$error":"#NAME?"}}]
[null,null,null,null,null,null,null,null,null,{"$f":"IF('Calculations with Rule'!M50=\"New: 2015+\",\"2015\",IF('Calculations with Rule'!M50=\"New: 2015+ MHD\",\"2015\",IF('Calculations with Rule'!M50=\"New: 2015+ HHD\",\"2015\",IF('Calculations with Rule'!M50=\"Used: 2011+\",\"2011\",null))))","v":{"$error":"#NAME?"}}]
[null,null,null,null,null,null,null,null,null,{"$f":"IF('Calculations with Rule'!M52=\"New: 2015+\",\"2015\",IF('Calculations with Rule'!M52=\"New: 2015+ MHD\",\"2015\",IF('Calculations with Rule'!M52=\"New: 2015+ HHD\",\"2015\",IF('Calculations with Rule'!M52=\"Used: 2011+\",\"2011\",null))))","v":{"$error":"#NAME?"}}]
[null,null,null,null,null,null,null,null,null,{"$f":"IF('Calculations with Rule'!M55=\"New: 2015+\",\"2015\",IF('Calculations with Rule'!M55=\"New: 2015+ MHD\",\"2015\",IF('Calculations with Rule'!M55=\"New: 2015+ HHD\",\"2015\",IF('Calculations with Rule'!M55=\"Used: 2011+\",\"2011\",null))))","v":{"$error":"#NAME?"}}]
[null,null,null,null,null,null,null,null,null,{"$f":"IF('Calculations with Rule'!M56=\"New: 2015+\",\"2015\",IF('Calculations with Rule'!M56=\"New: 2015+ MHD\",\"2015\",IF('Calculations with Rule'!M56=\"New: 2015+ HHD\",\"2015\",IF('Calculations with Rule'!M56=\"Used: 2011+\",\"2011\",null))))","v":{"$error":"#NAME?"}}]
[null,null,null,null,null,null,null,null,null,{"$f":"IF('Calculations with Rule'!M59=\"New: 2015+\",\"2015\",IF('Calculations with Rule'!M59=\"New: 2015+ MHD\",\"2015\",IF('Calculations with Rule'!M59=\"New: 2015+ HHD\",\"2015\",IF('Calculations with Rule'!M59=\"Used: 2011+\",\"2011\",null))))","v":{"$error":"#NAME?"}}]
[null,null,null,null,null,null,null,null,null,{"$f":"IF('Calculations with Rule'!M63=\"New: 2015+\",\"2015\",IF('Calculations with Rule'!M63=\"New: 2015+ MHD\",\"2015\",IF('Calculations with Rule'!M63=\"New: 2015+ HHD\",\"2015\",IF('Calculations with Rule'!M63=\"Used: 2011+\",\"2011\",null))))","v":{"$error":"#NAME?"}}]
[null,null,null,null,null,null,null,null,null,{"$f":"IF('Calculations with Rule'!M66=\"New: 2015+\",\"2015\",IF('Calculations with Rule'!M66=\"New: 2015+ MHD\",\"2015\",IF('Calculations with Rule'!M66=\"New: 2015+ HHD\",\"2015\",IF('Calculations with Rule'!M66=\"Used: 2011+\",\"2011\",null))))","v":{"$error":"#NAME?"}}]
[null,null,null,null,null,null,null,null,null,{"$f":"IF('Calculations with Rule'!M69=\"New: 2015+\",\"2015\",IF('Calculations with Rule'!M69=\"New: 2015+ MHD\",\"2015\",IF('Calculations with Rule'!M69=\"New: 2015+ HHD\",\"2015\",IF('Calculations with Rule'!M69=\"Used: 2011+\",\"2011\",null))))","v":{"$error":"#NAME?"}}]
[null,null,null,null,null,null,null,null,null,{"$f":"IF('Calculations with Rule'!M72=\"New: 2015+\",\"2015\",IF('Calculations with Rule'!M72=\"New: 2015+ MHD\",\"2015\",IF('Calculations with Rule'!M72=\"New: 2015+ HHD\",\"2015\",IF('Calculations with Rule'!M72=\"Used: 2011+\",\"2011\",null))))","v":{"$error":"#NAME?"}}]
[null,null,null,null,null,null,null,null,null,{"$f":"IF('Calculations with Rule'!M75=\"New: 2015+\",\"2015\",IF('Calculations with Rule'!M75=\"New: 2015+ MHD\",\"2015\",IF('Calculations with Rule'!M75=\"New: 2015+ HHD\",\"2015\",IF('Calculations with Rule'!M75=\"Used: 2011+\",\"2011\",null))))","v":{"$error":"#NAME?"}}]
[null,null,null,null,null,null,null,null,null,{"$f":"IF('Calculations with Rule'!M76=\"New: 2015+\",\"2015\",IF('Calculations with Rule'!M76=\"New: 2015+ MHD\",\"2015\",IF('Calculations with Rule'!M76=\"New: 2015+ HHD\",\"2015\",IF('Calculations with Rule'!M76=\"Used: 2011+\",\"2011\",null))))","v":{"$error":"#NAME?"}}]
[null,null,null,null,null,null,null,null,null,{"$f":"IF('Calculations with Rule'!M79=\"New: 2015+\",\"2015\",IF('Calculations with Rule'!M79=\"New: 2015+ MHD\",\"2015\",IF('Calculations with Rule'!M79=\"New: 2015+ HHD\",\"2015\",IF('Calculations with Rule'!M79=\"Used: 2011+\",\"2011\",null))))","v":{"$error":"#NAME?"}}]
[null,null,null,null,null,null,null,null,null,{"$f":"IF('Calculations with Rule'!M82=\"New: 2015+\",\"2015\",IF('Calculations with Rule'!M82=\"New: 2015+ MHD\",\"2015\",IF('Calculations with Rule'!M82=\"New: 2015+ HHD\",\"2015\",IF('Calculations with Rule'!M82=\"Used: 2011+\",\"2011\",null))))","v":{"$error":"#NAME?"}}]
[null,null,null,null,null,null,null,null,null,{"$f":"IF('Calculations with Rule'!M86=\"New: 2015+\",\"2015\",IF('Calculations with Rule'!M86=\"New: 2015+ MHD\",\"2015\",IF('Calculations with Rule'!M86=\"New: 2015+ HHD\",\"2015\",IF('Calculations with Rule'!M86=\"Used: 2011+\",\"2011\",null))))","v":{"$error":"#NAME?"}}]
[null,null,null,null,null,null,null,null,null,{"$f":"IF('Calculations with Rule'!M88=\"New: 2015+\",\"2015\",IF('Calculations with Rule'!M88=\"New: 2015+ MHD\",\"2015\",IF('Calculations with Rule'!M88=\"New: 2015+ HHD\",\"2015\",IF('Calculations with Rule'!M88=\"Used: 2011+\",\"2011\",null))))","v":{"$error":"#NAME?"}}]
[null,null,null,null,null,null,null,null,null,{"$f":"IF('Calculations with Rule'!M91=\"New: 2015+\",\"2015\",IF('Calculations with Rule'!M91=\"New: 2015+ MHD\",\"2015\",IF('Calculations with Rule'!M91=\"New: 2015+ HHD\",\"2015\",IF('Calculations with Rule'!M91=\"Used: 2011+\",\"2011\",null))))","v":{"$error":"#NAME?"}}]
[null,null,null,null,null,null,null,null,null,{"$f":"IF('Calculations with Rule'!M95=\"New: 2015+\",\"2015\",IF('Calculations with Rule'!M95=\"New: 2015+ MHD\",\"2015\",IF('Calculations with Rule'!M95=\"New: 2015+ HHD\",\"2015\",IF('Calculations with Rule'!M95=\"Used: 2011+\",\"2011\",null))))","v":{"$error":"#NAME?"}}]
[null,null,null,null,null,null,null,null,null,{"$f":"IF('Calculations with Rule'!M98=\"New: 2015+\",\"2015\",IF('Calculations with Rule'!M98=\"New: 2015+ MHD\",\"2015\",IF('Calculations with Rule'!M98=\"New: 2015+ HHD\",\"2015\",IF('Calculations with Rule'!M98=\"Used: 2011+\",\"2011\",null))))","v":{"$error":"#NAME?"}}]
[null,null,null,null,null,null,null,null,null,{"$f":"IF('Calculations with Rule'!M99=\"New: 2015+\",\"2015\",IF('Calculations with Rule'!M99=\"New: 2015+ MHD\",\"2015\",IF('Calculations with Rule'!M99=\"New: 2015+ HHD\",\"2015\",IF('Calculations with Rule'!M99=\"Used: 2011+\",\"2011\",null))))","v":{"$error":"#NAME?"}}]
[null,null,null,null,null,null,null,null,null,{"$f":"IF('Calculations with Rule'!M102=\"New: 2015+\",\"2015\",IF('Calculations with Rule'!M102=\"New: 2015+ MHD\",\"2015\",IF('Calculations with Rule'!M102=\"New: 2015+ HHD\",\"2015\",IF('Calculations with Rule'!M102=\"Used: 2011+\",\"2011\",null))))","v":{"$error":"#NAME?"}}]
[null,null,null,null,null,null,null,null,null,{"$f":"IF('Calculations with Rule'!M105=\"New: 2015+\",\"2015\",IF('Calculations with Rule'!M105=\"New: 2015+ MHD\",\"2015\",IF('Calculations with Rule'!M105=\"New: 2015+ HHD\",\"2015\",IF('Calculations with Rule'!M105=\"Used: 2011+\",\"2011\",null))))","v":{"$error":"#NAME?"}}]
[null,null,null,null,null,null,null,null,null,{"$f":"IF('Calculations with Rule'!M108=\"New: 2015+\",\"2015\",IF('Calculations with Rule'!M108=\"New: 2015+ MHD\",\"2015\",IF('Calculations with Rule'!M108=\"New: 2015+ HHD\",\"2015\",IF('Calculations with Rule'!M108=\"Used: 2011+\",\"2011\",null))))","v":{"$error":"#NAME?"}}]
[null,null,null,null,null,null,null,null,null,{"$f":"IF('Calculations with Rule'!M111=\"New: 2015+\",\"2015\",IF('Calculations with Rule'!M111=\"New: 2015+ MHD\",\"2015\",IF('Calculations with Rule'!M111=\"New: 2015+ HHD\",\"2015\",IF('Calculations with Rule'!M111=\"Used: 2011+\",\"2011\",null))))","v":{"$error":"#NAME?"}}]
[null,null,null,null,null,null,null,null,null,{"$f":"IF('Calculations with Rule'!M114=\"New: 2015+\",\"2015\",IF('Calculations with Rule'!M114=\"New: 2015+ MHD\",\"2015\",IF('Calculations with Rule'!M114=\"New: 2015+ HHD\",\"2015\",IF('Calculations with Rule'!M114=\"Used: 2011+\",\"2011\",null))))","v":{"$error":"#NAME?"}}]
[null,null,null,null,null,null,null,null,null,{"$f":"IF('Calculations with Rule'!M118=\"New: 2015+\",\"2015\",IF('Calculations with Rule'!M118=\"New: 2015+ MHD\",\"2015\",IF('Calculations with Rule'!M118=\"New: 2015+ HHD\",\"2015\",IF('Calculations with Rule'!M118=\"Used: 2011+\",\"2011\",null))))","v":{"$error":"#NAME?"}}]
[null,null,null,null,null,null,null,null,null,{"$f":"IF('Calculations with Rule'!M121=\"New: 2015+\",\"2015\",IF('Calculations with Rule'!M121=\"New: 2015+ MHD\",\"2015\",IF('Calculations with Rule'!M121=\"New: 2015+ HHD\",\"2015\",IF('Calculations with Rule'!M121=\"Used: 2011+\",\"2011\",null))))","v":{"$error":"#NAME?"}}]
[null,null,null,null,null,null,null,null,null,{"$f":"IF('Calculations with Rule'!M122=\"New: 2015+\",\"2015\",IF('Calculations with Rule'!M122=\"New: 2015+ MHD\",\"2015\",IF('Calculations with Rule'!M122=\"New: 2015+ HHD\",\"2015\",IF('Calculations with Rule'!M122=\"Used: 2011+\",\"2011\",null))))","v":{"$error":"#NAME?"}}]
[null,null,null,null,null,null,null,null,null,{"$f":"IF('Calculations with Rule'!M124=\"New: 2015+\",\"2015\",IF('Calculations with Rule'!M124=\"New: 2015+ MHD\",\"2015\",IF('Calculations with Rule'!M124=\"New: 2015+ HHD\",\"2015\",IF('Calculations with Rule'!M124=\"Used: 2011+\",\"2011\",null))))","v":{"$error":"#NAME?"}}]
[null,null,null,null,null,null,null,null,null,{"$f":"IF('Calculations with Rule'!M127=\"New: 2015+\",\"2015\",IF('Calculations with Rule'!M127=\"New: 2015+ MHD\",\"2015\",IF('Calculations with Rule'!M127=\"New: 2015+ HHD\",\"2015\",IF('Calculations with Rule'!M127=\"Used: 2011+\",\"2011\",null))))","v":{"$error":"#NAME?"}}]
[null,null,null,null,null,null,null,null,null,{"$f":"IF('Calculations with Rule'!M131=\"New: 2015+\",\"2015\",IF('Calculations with Rule'!M131=\"New: 2015+ MHD\",\"2015\",IF('Calculations with Rule'!M131=\"New: 2015+ HHD\",\"2015\",IF('Calculations with Rule'!M131=\"Used: 2011+\",\"2011\",null))))","v":{"$error":"#NAME?"}}]
[null,null,null,null,null,null,null,null,null,{"$f":"IF('Calculations with Rule'!M134=\"New: 2015+\",\"2015\",IF('Calculations with Rule'!M134=\"New: 2015+ MHD\",\"2015\",IF('Calculations with Rule'!M134=\"New: 2015+ HHD\",\"2015\",IF('Calculations with Rule'!M134=\"Used: 2011+\",\"2011\",null))))","v":{"$error":"#NAME?"}}]
[null,null,null,null,null,null,null,null,null,{"$f":"IF('Calculations with Rule'!M138=\"New: 2015+\",\"2015\",IF('Calculations with Rule'!M138=\"New: 2015+ MHD\",\"2015\",IF('Calculations with Rule'!M138=\"New: 2015+ HHD\",\"2015\",IF('Calculations with Rule'!M138=\"Used: 2011+\",\"2011\",null))))","v":{"$error":"#NAME?"}}]
[null,null,null,null,null,null,null,null,null,{"$f":"IF('Calculations with Rule'!M139=\"New: 2015+\",\"2015\",IF('Calculations with Rule'!M139=\"New: 2015+ MHD\",\"2015\",IF('Calculations with Rule'!M139=\"New: 2015+ HHD\",\"2015\",IF('Calculations with Rule'!M139=\"Used: 2011+\",\"2011\",null))))","v":{"$error":"#NAME?"}}]
[null,null,null,null,null,null,null,null,null,{"$f":"IF('Calculations with Rule'!M143=\"New: 2015+\",\"2015\",IF('Calculations with Rule'!M143=\"New: 2015+ MHD\",\"2015\",IF('Calculations with Rule'!M143=\"New: 2015+ HHD\",\"2015\",IF('Calculations with Rule'!M143=\"Used: 2011+\",\"2011\",null))))","v":{"$error":"#NAME?"}}]
[null,null,null,null,null,null,null,null,null,{"$f":"IF('Calculations with Rule'!M144=\"New: 2015+\",\"2015\",IF('Calculations with Rule'!M144=\"New: 2015+ MHD\",\"2015\",IF('Calculations with Rule'!M144=\"New: 2015+ HHD\",\"2015\",IF('Calculations with Rule'!M144=\"Used: 2011+\",\"2011\",null))))","v":{"$error":"#NAME?"}}]
[null,null,null,null,null,null,null,null,null,{"$f":"IF('Calculations with Rule'!M147=\"New: 2015+\",\"2015\",IF('Calculations with Rule'!M147=\"New: 2015+ MHD\",\"2015\",IF('Calculations with Rule'!M147=\"New: 2015+ HHD\",\"2015\",IF('Calculations with Rule'!M147=\"Used: 2011+\",\"2011\",null))))","v":{"$error":"#NAME?"}}]
[null,null,null,null,null,null,null,null,null,{"$f":"IF('Calculations with Rule'!M150=\"New: 2015+\",\"2015\",IF('Calculations with Rule'!M150=\"New: 2015+ MHD\",\"2015\",IF('Calculations with Rule'!M150=\"New: 2015+ HHD\",\"2015\",IF('Calculations with Rule'!M150=\"Used: 2011+\",\"2011\",null))))","v":{"$error":"#NAME?"}}]
[null,null,null,null,null,null,null,null,null,{"$f":"IF('Calculations with Rule'!M154=\"New: 2015+\",\"2015\",IF('Calculations with Rule'!M154=\"New: 2015+ MHD\",\"2015\",IF('Calculations with Rule'!M154=\"New: 2015+ HHD\",\"2015\",IF('Calculations with Rule'!M154=\"Used: 2011+\",\"2011\",null))))","v":{"$error":"#NAME?"}}]
[null,null,null,null,null,null,null,null,null,{"$f":"IF('Calculations with Rule'!M156=\"New: 2015+\",\"2015\",IF('Calculations with Rule'!M156=\"New: 2015+ MHD\",\"2015\",IF('Calculations with Rule'!M156=\"New: 2015+ HHD\",\"2015\",IF('Calculations with Rule'!M156=\"Used: 2011+\",\"2011\",null))))","v":{"$error":"#NAME?"}}]
[null,null,null,null,null,null,null,null,null,{"$f":"IF('Calculations with Rule'!M160=\"New: 2015+\",\"2015\",IF('Calculations with Rule'!M160=\"New: 2015+ MHD\",\"2015\",IF('Calculations with Rule'!M160=\"New: 2015+ HHD\",\"2015\",IF('Calculations with Rule'!M160=\"Used: 2011+\",\"2011\",null))))","v":{"$error":"#NAME?"}}]
[null,null,null,null,null,null,null,null,null,{"$f":"IF('Calculations with Rule'!M163=\"New: 2015+\",\"2015\",IF('Calculations with Rule'!M163=\"New: 2015+ MHD\",\"2015\",IF('Calculations with Rule'!M163=\"New: 2015+ HHD\",\"2015\",IF('Calculations with Rule'!M163=\"Used: 2011+\",\"2011\",null))))","v":{"$error":"#NAME?"}}]
[null,null,null,null,null,null,null,null,null,{"$f":"IF('Calculations with Rule'!M166=\"New: 2015+\",\"2015\",IF('Calculations with Rule'!M166=\"New: 2015+ MHD\",\"2015\",IF('Calculations with Rule'!M166=\"New: 2015+ HHD\",\"2015\",IF('Calculations with Rule'!M166=\"Used: 2011+\",\"2011\",null))))","v":{"$error":"#NAME?"}}]
[null,null,null,null,null,null,null,null,null,{"$f":"IF('Calculations with Rule'!M167=\"New: 2015+\",\"2015\",IF('Calculations with Rule'!M167=\"New: 2015+ MHD\",\"2015\",IF('Calculations with Rule'!M167=\"New: 2015+ HHD\",\"2015\",IF('Calculations with Rule'!M167=\"Used: 2011+\",\"2011\",null))))","v":{"$error":"#NAME?"}}]
[null,null,null,null,null,null,null,null,null,{"$f":"IF('Calculations with Rule'!M170=\"New: 2015+\",\"2015\",IF('Calculations with Rule'!M170=\"New: 2015+ MHD\",\"2015\",IF('Calculations with Rule'!M170=\"New: 2015+ HHD\",\"2015\",IF('Calculations with Rule'!M170=\"Used: 2011+\",\"2011\",null))))","v":{"$error":"#NAME?"}}]
[null,null,null,null,null,null,null,null,null,{"$f":"IF('Calculations with Rule'!M173=\"New: 2015+\",\"2015\",IF('Calculations with Rule'!M173=\"New: 2015+ MHD\",\"2015\",IF('Calculations with Rule'!M173=\"New: 2015+ HHD\",\"2015\",IF('Calculations with Rule'!M173=\"Used: 2011+\",\"2011\",null))))","v":{"$error":"#NAME?"}}]
[null,null,null,null,null,null,null,null,null,{"$f":"IF('Calculations with Rule'!M176=\"New: 2015+\",\"2015\",IF('Calculations with Rule'!M176=\"New: 2015+ MHD\",\"2015\",IF('Calculations with Rule'!M176=\"New: 2015+ HHD\",\"2015\",IF('Calculations with Rule'!M176=\"Used: 2011+\",\"2011\",null))))","v":{"$error":"#NAME?"}}]
[null,null,null,null,null,null,null,null,null,{"$f":"IF('Calculations with Rule'!M179=\"New: 2015+\",\"2015\",IF('Calculations with Rule'!M179=\"New: 2015+ MHD\",\"2015\",IF('Calculations with Rule'!M179=\"New: 2015+ HHD\",\"2015\",IF('Calculations with Rule'!M179=\"Used: 2011+\",\"2011\",null))))","v":{"$error":"#NAME?"}}]
[null,null,null,null,null,null,null,null,null,{"$f":"IF('Calculations with Rule'!M183=\"New: 2015+\",\"2015\",IF('Calculations with Rule'!M183=\"New: 2015+ MHD\",\"2015\",IF('Calculations with Rule'!M183=\"New: 2015+ HHD\",\"2015\",IF('Calculations with Rule'!M183=\"Used: 2011+\",\"2011\",null))))","v":{"$error":"#NAME?"}}]
[null,null,null,null,null,null,null,null,null,{"$f":"IF('Calculations with Rule'!M186=\"New: 2015+\",\"2015\",IF('Calculations with Rule'!M186=\"New: 2015+ MHD\",\"2015\",IF('Calculations with Rule'!M186=\"New: 2015+ HHD\",\"2015\",IF('Calculations with Rule'!M186=\"Used: 2011+\",\"2011\",null))))","v":{"$error":"#NAME?"}}]
[null,null,null,null,null,null,null,null,null,{"$f":"IF('Calculations with Rule'!M189=\"New: 2015+\",\"2015\",IF('Calculations with Rule'!M189=\"New: 2015+ MHD\",\"2015\",IF('Calculations with Rule'!M189=\"New: 2015+ HHD\",\"2015\",IF('Calculations with Rule'!M189=\"Used: 2011+\",\"2011\",null))))","v":{"$error":"#NAME?"}}]
[null,null,null,null,null,null,null,null,null,{"$f":"IF('Calculations with Rule'!M190=\"New: 2015+\",\"2015\",IF('Calculations with Rule'!M190=\"New: 2015+ MHD\",\"2015\",IF('Calculations with Rule'!M190=\"New: 2015+ HHD\",\"2015\",IF('Calculations with Rule'!M190=\"Used: 2011+\",\"2011\",null))))","v":{"$error":"#NAME?"}}]
[null,null,null,null,null,null,null,null,null,{"$f":"IF('Calculations with Rule'!M193=\"New: 2015+\",\"2015\",IF('Calculations with Rule'!M193=\"New: 2015+ MHD\",\"2015\",IF('Calculations with Rule'!M193=\"New: 2015+ HHD\",\"2015\",IF('Calculations with Rule'!M193=\"Used: 2011+\",\"2011\",null))))","v":{"$error":"#NAME?"}}]
[null,null,null,null,null,null,null,null,null,{"$f":"IF('Calculations with Rule'!M194=\"New: 2015+\",\"2015\",IF('Calculations with Rule'!M194=\"New: 2015+ MHD\",\"2015\",IF('Calculations with Rule'!M194=\"New: 2015+ HHD\",\"2015\",IF('Calculations with Rule'!M194=\"Used: 2011+\",\"2011\",null))))","v":{"$error":"#NAME?"}}]
[null,null,null,null,null,null,null,null,null,{"$f":"IF('Calculations with Rule'!M195=\"New: 2015+\",\"2015\",IF('Calculations with Rule'!M195=\"New: 2015+ MHD\",\"2015\",IF('Calculations with Rule'!M195=\"New: 2015+ HHD\",\"2015\",IF('Calculations with Rule'!M195=\"Used: 2011+\",\"2011\",null))))","v":{"$error":"#NAME?"}}]
[null,null,null,null,null,null,null,null,null,{"$f":"IF('Calculations with Rule'!M196=\"New: 2015+\",\"2015\",IF('Calculations with Rule'!M196=\"New: 2015+ MHD\",\"2015\",IF('Calculations with Rule'!M196=\"New: 2015+ HHD\",\"2015\",IF('Calculations with Rule'!M196=\"Used: 2011+\",\"2011\",null))))","v":{"$error":"#NAME?"}}]
[null,null,null,null,null,null,null,null,null,{"$f":"IF('Calculations with Rule'!M197=\"New: 2015+\",\"2015\",IF('Calculations with Rule'!M197=\"New: 2015+ MHD\",\"2015\",IF('Calculations with Rule'!M197=\"New: 2015+ HHD\",\"2015\",IF('Calculations with Rule'!M197=\"Used: 2011+\",\"2011\",null))))","v":{"$error":"#NAME?"}}]
[null,null,null,null,null,null,null,null,null,{"$f":"IF('Calculations with Rule'!M198=\"New: 2015+\",\"2015\",IF('Calculations with Rule'!M198=\"New: 2015+ MHD\",\"2015\",IF('Calculations with Rule'!M198=\"New: 2015+ HHD\",\"2015\",IF('Calculations with Rule'!M198=\"Used: 2011+\",\"2011\",null))))","v":{"$error":"#NAME?"}}]
[null,null,null,null,null,null,null,null,null,{"$f":"IF('Calculations with Rule'!M199=\"New: 2015+\",\"2015\",IF('Calculations with Rule'!M199=\"New: 2015+ MHD\",\"2015\",IF('Calculations with Rule'!M199=\"New: 2015+ HHD\",\"2015\",IF('Calculations with Rule'!M199=\"Used: 2011+\",\"2011\",null))))","v":{"$error":"#NAME?"}}]
[null,null,null,null,null,null,null,null,null,{"$f":"IF('Calculations with Rule'!M200=\"New: 2015+\",\"2015\",IF('Calculations with Rule'!M200=\"New: 2015+ MHD\",\"2015\",IF('Calculations with Rule'!M200=\"New: 2015+ HHD\",\"2015\",IF('Calculations with Rule'!M200=\"Used: 2011+\",\"2011\",null))))","v":{"$error":"#NAME?"}}]
[null,null,null,null,null,null,null,null,null,{"$f":"IF('Calculations with Rule'!M201=\"New: 2015+\",\"2015\",IF('Calculations with Rule'!M201=\"New: 2015+ MHD\",\"2015\",IF('Calculations with Rule'!M201=\"New: 2015+ HHD\",\"2015\",IF('Calculations with Rule'!M201=\"Used: 2011+\",\"2011\",null))))","v":{"$error":"#NAME?"}}]
[null,null,null,null,null,null,null,null,null,{"$f":"IF('Calculations with Rule'!M202=\"New: 2015+\",\"2015\",IF('Calculations with Rule'!M202=\"New: 2015+ MHD\",\"2015\",IF('Calculations with Rule'!M202=\"New: 2015+ HHD\",\"2015\",IF('Calculations with Rule'!M202=\"Used: 2011+\",\"2011\",null))))","v":{"$error":"#NAME?"}}]
[null,null,null,null,null,null,null,null,null,{"$f":"IF('Calculations with Rule'!M203=\"New: 2015+\",\"2015\",IF('Calculations with Rule'!M203=\"New: 2015+ MHD\",\"2015\",IF('Calculations with Rule'!M203=\"New: 2015+ HHD\",\"2015\",IF('Calculations with Rule'!M203=\"Used: 2011+\",\"2011\",null))))","v":{"$error":"#NAME?"}}]
[null,null,null,null,null,null,null,null,null,{"$f":"IF('Calculations with Rule'!M204=\"New: 2015+\",\"2015\",IF('Calculations with Rule'!M204=\"New: 2015+ MHD\",\"2015\",IF('Calculations with Rule'!M204=\"New: 2015+ HHD\",\"2015\",IF('Calculations with Rule'!M204=\"Used: 2011+\",\"2011\",null))))","v":{"$error":"#NAME?"}}]
[null,null,null,null,null,null,null,null,null,{"$f":"IF('Calculations with Rule'!M205=\"New: 2015+\",\"2015\",IF('Calculations with Rule'!M205=\"New: 2015+ MHD\",\"2015\",IF('Calculations with Rule'!M205=\"New: 2015+ HHD\",\"2015\",IF('Calculations with Rule'!M205=\"Used: 2011+\",\"2011\",null))))","v":{"$error":"#NAME?"}}]
[null,null,null,null,null,null,null,null,null,{"$f":"IF('Calculations with Rule'!M206=\"New: 2015+\",\"2015\",IF('Calculations with Rule'!M206=\"New: 2015+ MHD\",\"2015\",IF('Calculations with Rule'!M206=\"New: 2015+ HHD\",\"2015\",IF('Calculations with Rule'!M206=\"Used: 2011+\",\"2011\",null))))","v":{"$error":"#NAME?"}}]
[null,null,null,null,null,null,null,null,null,{"$f":"IF('Calculations with Rule'!M207=\"New: 2015+\",\"2015\",IF('Calculations with Rule'!M207=\"New: 2015+ MHD\",\"2015\",IF('Calculations with Rule'!M207=\"New: 2015+ HHD\",\"2015\",IF('Calculations with Rule'!M207=\"Used: 2011+\",\"2011\",null))))","v":{"$error":"#NAME?"}}]

{"sheet":"Directions","index":2,"n_rows":88,"n_cols":3,"rows_kept":88,"cut":false,"hidden":false,"merged":[[21,0,24,0],[25,0,32,0],[33,0,37,0],[38,0,40,0],[51,0,51,1],[41,0,48,0]]}
["Heavy Duty Truck Emissions Benefit Calculator (for Drayage and Other Heavy Duty Trucks)"]
[]
["This calculator allows a user to input information about an eligible Class 6, 7 or 8 heavy-duty truck (GVWR 19,501 lbs. or greater) and "]
["estimate the emissions benefits of a proposed project funded under the Proposition 1B Goods Movement Emission Reduction Program."]
["Included below are background information and instructions describing how to complete the necessary input data."]
[]
["Methodology:"]
[]
["Emission benefits for each inputted project are calculated using the annual vehicle miles travelled in California (CA VMT), engine specific "]
["emission rates for particlate matter (PM) and Nitroux Oxides (NOx), and the availability of emission benefits over an above the requirements of "]
["the Statewide Truck and Bus Rule."]
["To estimate the emission benefits of the proposed project, the baseline emissions from the original truck(s) and the proposed, new project emissions"]
["are calcualted and the difference between the two is the benefit of that project.  See example below:"]
[]
["Emissions (lbs/year) = Emission Rate (g/mile)*California Vehicle Miles Travelled (VMT miles/year)*1lb/453.6 grams"]
[]
["Directions:"]
[]
[]
["Table 2:  “Input Data” Tab - Input Data Fields and Descriptions"]
["All fields indicated in Red require user input.  Ones indicated in blue are calculated and do not require user input."]
["PROJECT DETAILS","Project Name","An ID that is unique to each vehicle/engine or each vehicle/engine group.  This ID can be any value/character the user chooses.  No two projects should have the same ID and each project should be input in a single row."]
[null,"Number of Trucks in Fleet?","The number of trucks in the equipment owners fleet with a manufacurer's gross vehicle weight rating (GVWR) of 14,001 pounds or greater (valid entries: 1, 2 or 3, or 4+).  So if your fleet has 4 or more trucks, enter \"4+\" in this column."]
[null,"1st Year of Operation","The calendar year when the new equipment will become operational and the project starts achieving emission reductions (valid entries are 2016-2018)."]
[null,"Equipment Project Option","Enter the project type.  Valid choices are:\nReplacement:  Funding is received for a replacement truck and the existing, old truck is scrapped.\n2-for-1 Replace: Funding is received for a replacement truck and 2 existing, old trucks are scrapped.  If this option is selected, enter information for the 2nd old truck under the columns labelled \"2-for 1 Replacement: 2nd Truck Info.\"\nRepower: Funding is received to replace an existing truck engine with a new engine."]
["EXISTING TRUCK INFORMATION","Engine Model Year","Enter the engine model year of the existing truck engine to be replaced or repowered.  The engine model year is most often one year older than the truck chassis model year."]
[null,"Filter (DPF) Currently Installed","Select \"None\" if the existing truck does not have a diesel particulate filter (DPF) Installed.  Otherwise, if a DPF is installed, select the appropriate retrofit device: Level 1 PM (25% PM reduction), Level 2 PM (50% PM reduction), Level 3PM (85% PM reduction) or Level 3PM+ Mark 1 NOX (85% PM + 25% NOX reduction)."]
[null,"Mfg. GVWR","Enter the Manufacturer's Gross Vehicle Weight Rating of the existing truck.  This is usually found on a tag affixed to the chassis or door frame.  This is NOT the weight listed in DMV records.  Mfg. GVWR choices are 19,501 - 26,000 lbs. (Class 6), 26,001 - 33,000 lbs. (Class 7) or 33,001 lbs. or greater (Class 8)."]
[null,"Weight Class","User entry is not allowed in this column.  The system automatically generates Class 6, Class 7 or Class 8 after the Mfg. GVWR is entered by the user."]
[null,"Engine Duty Cycle Cert","Select \"HHD\" if the existing truck has a heavy-heavy-duty engine (Class 7 or Class 8). Select \"MHD\" if the existing truck has a medium-heavy-duty engine (Class 6, Class 7, or Class 8)."]
[null,"Annual VMT","Enter the annual vehicle miles traveled of the truck to be replaced or repowered. Include miles travelled inside and outside of California."]
[null,"% CA Operation","Enter the % California operation for the past two years of the truck to be replaced or repowered. California operation must be 75% or higher. "]
[null,"CA VMT","User entry is not allowed in this column. The system automatically generates the California VMT after the Annual VMT and % CA Operation is entered by the user."]
["NEW TRUCK INFORMATION","Weight Class","Choose the weight class of the replacement truck from the available choices.  The available choices are determined by the Existing Truck Information entered previously."]
[null,"New Engine Details","For Class 7 and 8 replacement and 2-for-1 projects, select either \"New 2015+\" if replacing with a brand new truck, or \"Used 2011+\" if replacing with a used truck (small fleets only). For Class 6 replacement and 2-for-1projects, only \"New 2015+\" can be selected. For Class 8 repower projects, only \"New 2015+ HHD\" can be selected. For Class 7 repower projects, select either \"New 2015+ HHD\" if repowering with a heavy-heavy-duty engine, or \"New 2015+ MHD\" if repowering with a medium-heavy-duty engine. For Class 6 repower projects, only \"New 2015+ MHD\" can be selected. "]
[null,"% CA Operation","Prop1B now offers the option to allow projects that operate 90% of their annual miles in California with new trucks funded with Prop 1B grants.  This is where users opt for this choice if selected by the applicant.  The options are either 100% or 90%."]
[null,"CA VMT","User entry is not allowed in this column. The system automatically generates the California VMT after the Annual VMT of the existing truck and % CA Operation of the new truck are entered by the user."]
[null,"Fuel Type","Fuel type used for replacement/repowered truck (valid entries: diesel, LNG/CNG, Hybrid, Hybrid Zero-Mile, Low NOx, Zero Emission)"]
["FINANCIAL INFORMATION","Funding Requested ($)","The Bond program contribution to the project ($) for a replacement or repower project."]
[null,"Maximum Allowed Funding ($)","User entry is not allowed in this column. The system automatically generates the maximum Bond program contribution allowed to the project ($) for a replacement or repower project."]
[null,"AB 118 HVIP Funding?","If the new truck will utilize an electric engine, enter \"Yes\" if the project will receive funding from ARB's AB-118 Hybrid Voucher Incentive Program (HVIP).  Otherwise, enter \"No.\"  If the new engine is not electric, the default  entry is \"No.\""]
["2-for-1 Replacement: 2nd Truck Info. (if applicable)","2 Trucks Replaced by 1?","No user entry required.  If a 2-for-1 Replace project is selected, \"Yes\" will be displayed."]
[null,"Engine Model Year","Enter the engine model year of the 2nd existing truck that will be replaced.  The engine model year is most often one year older than the truck chassis model year."]
[null,"Filter (DPF) Currently Installed","Select \"None\" if the existing truck does not have a diesel particulate filter (DPF) Installed.  Otherwise, if a DPF is installed, select the appropriate retrofit device: Level 1 PM (25% PM reduction), Level 2 PM (50% PM reduction), Level 3PM (85% PM reduction) or Level 3PM+ Mark 1 NOX (85% PM + 25% NOX reduction)."]
[null,"Mfg. GVWR","Enter the Manufacturer's Gross Vehicle Weight Rating of the existing truck.  This is usually found on a tag affixed to the chassis or door frame.  This is NOT the weight listed in DMV records.  Mfg. GVWR choices are 19,501 - 26,000 lbs. (Class 6), 26,001 - 33,000 lbs. (Class 7) or 33,001 lbs. or greater (Class 8)."]
[null,"Weight Class","User entry is not allowed in this column.  The system automatically generates Class 6, Class 7 or Class 8 after the Mfg. GVWR is entered by the user."]
[null,"Annual VMT","Enter the annual vehicle miles traveled of the second truck to be replaced. Include miles travelled inside and outside of California."]
[null,"% CA Operation","Enter the % California operation for the past two years of the second truck to be replaced. California operation must be 75% or higher. "]
[null,"CA VMT","User entry is not allowed in this column. The system automatically generates the California VMT after the Annual VMT and % CA Operation of second truck is entered by the user."]
[]
[]
["Table 1:  Summary of worksheets in the calculator"]
["TAB","DESCRIPTION"]
["Directions","Provides directions on using the calculator to calculate emissions reductions for various project options."]
["Sample Inputs","This tab contains sample projects with sample inputs.  "]
["Input Data","In this tab the applicant or the local agency will input the data necessary for emissions benefit estimation for each truck project."]
["Benefits Summary","This tab contains a summary of the PM and NOX emissions benefits by project ID.  It also provides the CE for each project.  Also provided is a summary of the total for all the projects input into the Input Data tab. IF a user has multiple trucks of the same model year and wants to estimate the emission benefits, they can enter the number of trucks in the \"Qty\" column rather than enter each truck individually."]
["Calc Inputs","This tab organizes the data inputted by the local agencies for emissions benefit calculations.This tab contains a basic check on the validity of project entries.  It follows the “Guidelines for Implementation”.  If a \"NO\" appears in the “Is Project Valid?” column then there is an invalid entry.  Check the \"Guidelines for Implementation\" for guidance."]
["Final Calculations","This tab provides the year by year and total project life benefits for PM and NOX."]
["Final Calculationsclass7","This tab provides the final reductions in PM and NOx when the replaced truck is a Clas 7 truck"]
["Final Calculationsclass8","This tab provides the final reductions in PM and NOx when the replaced truck is a Clas 8 truck"]
["Baseline Calculations Class 8","This tab provides the actuaL PM and NOx emission for the old truck when it is a Class 8."]
["Baseline Cals Drayage Class 8","This tab provides the actuaL PM and NOx emission for the old truck when it is a Class 8 drayage."]
["TAB","DESCRIPTION"]
[" Baseline Calculations Class 7","This tab provides the actuaL PM and NOx emission for the old truck when it is a Class 7."]
[" Baseline Cals Drayage Class 7","This tab provides the actuaL PM and NOx emission for the old truck when it is a Class 7drayage."]
["HYBRID_Class8","This tab provides the actual PM and NOx emission for a new (or repowered) truck when it is a Class 8 hybrid."]
["HYBRID_Class7","This tab provides the actual PM and NOx emission for a new (or repowered) truck when it is a Class 7 hybrid."]
["Diesel-LNG-CNG_Class8","This tab provides the actual PM and NOx emission for a new (or repowered) truck when it is a Class 8 truck fueled by either diesel, CNG or LNG."]
["Diesel-LNG-CNG_Class7","This tab provides the actual PM and NOx emission for a new (or repowered) truck when it is a Class 7 truck fueled by either diesel, CNG or LNG."]
["RETROFITClass7","This tab provides the actual PM and NOx emission for a Retrofitted Class 7 truck."]
["RETROFITClass8","This tab provides the actual PM and NOx  emissions for a Retrofitted Class 8 truck."]
["3-Way-TruckFinal","This tab provides the actual PM and NOx  emission reductions for Truck B in a 3-way transaction"]
["3-Way-Truck7to7","This tab provides the actual PM and NOx  emission reductions for Truck B in a 3-way transaction when both trucks are Class 7"]
["TAB","DESCRIPTION"]
["3-Way-Truck7to7drayage","This tab provides the actual PM and NOx  emission reductions for Truck B in a 3-way transaction when both trucks are Class 7 drayage trucks"]
["3-Way-Truck8to8","This tab provides the actual PM and NOx  emission reductions for Truck B in a 3-way transaction when both trucks are Class 8"]
["3-Way-Truck8to8drayage","This tab provides the actual PM and NOx  emission reductions for Truck B in a 3-way transaction when both trucks are Class 8 drayage trucks"]
["2-Truck Final","This tab provides the actual PM and NOx  emission reductions for the 2nd truck in a 2-1 option"]
["2-truck-newtruck7","This tab provides the actual PM and NOx  emission reductions for the 2nd truck in a 2-1 option when new truck is class 7"]
["2-truck-newtruck8","This tab provides the actual PM and NOx  emission reductions for the 2nd truck in a 2-1 option when new truck is class 8"]
["2-truckbaselineclass7","This tab provides the actual PM and NOx  emission reductions for the 2nd truck in a 2-1 option when old truck is class 7"]
["2-truckbaselinedrayageclass7","This tab provides the actual PM and NOx  emission reductions for the 2nd truck in a 2-1 option when old truck is class 7 and drayage"]
["TAB","DESCRIPTION"]
["2-truckbaselineclass8","This tab provides the actual PM and NOx  emission reductions for the 2nd truck in a 2-1 option when old truck is class 8"]
["2-truckbaselinedrayageclass8","This tab provides the actual PM and NOx  emission reductions for the 2nd truck in a 2-1 option when old truck is class 8 and drayage"]
["ER Diesel","This tab provides the Calendar/Model Year specific emission rates for  medium heavy and heavy heavy duty diesel trucks being replaced or retrofitted through this program.  It also has emission factors by age for replacement truck (based on certified NOx level)."]
["Valid Entries","Contains various entries to assist in checks for the calculator.  There is no specific need to understand this tab for a user.  Only programmers of the calculator need to use entries in this tab."]

{"sheet":"Sample Inputs","index":3,"n_rows":17,"n_cols":31,"rows_kept":17,"cut":false,"hidden":false,"merged":[[5,0,5,3],[5,4,5,10],[5,12,5,17],[5,18,5,20],[5,21,5,29]]}
["Sample Projects and Inputs "]
["This tab contains sample project descriptions with the correct inputs based on the information available. "]
["The calculator has been designed to make available only the options allowed under the 2013 Guidelines of Prop 1B"]
[]
[]
["Project Details",null,null,null,"Existing Truck Information ",null,null,null,null,null,null,"make hidden","New Truck Information",null,null,null,null,null,"Financial Information",null,null,"2-for 1 Replacement: 2nd Truck Info. (if applicable)"]
["Project Name","Number of Trucks in Fleet?","1st year of operation","Equipment Project Option","Engine Model Year","Filter (DPF) Currently Installed?","Mfg. GVWR","Weight Class","Engine Duty Cycle Cert","Annual VMT","% CA Operation","make hidden","Weight Class","make hidden","New Engine Details","% CA Operation","CA VMT","Fuel Type","Funding Requested ($)","Maximum Allowed Funding ($)","AB-118 HVIP Funding?","2 Trucks Replaced by 1?","Engine Model Year of 2nd Truck","Filter (DPF) Installed on 2nd Truck?","Mfg. GVWR","Weight Class of 2nd Truck","Annual VMT of 2nd Truck ","% CA Operation 2nd Truck","CA VMT Trucks","2-for 1 Replacement Status","Completed Entry?"]
["project 1","1 Truck",2015,"Replacement",1994,"None","33,001 +",{"$f":"IF($G8=\"33,001 +\",\"Class_8\",IF($G8=\"26,001-33,000\",\"Class_7\",IF($G8=\"19,501-26,000\",\"Class_6\",\"\")))","v":"Class_8"},"HHD",40000,1,"Replacement_8","Class_8","Replacement8HHD","New: 2013+",1,40000,"Diesel","50,000","50,000","No","No",null,null,null,"",null,null,0,"N/A","Complete"]
["project 2","2 Trucks",2016,"Replacement",2006,"None","19,501-26,000",{"$f":"IF($G9=\"33,001 +\",\"Class_8\",IF($G9=\"26,001-33,000\",\"Class_7\",IF($G9=\"19,501-26,000\",\"Class_6\",\"\")))","v":"Class_6"},"MHD",40000,0.9,"Replacement_7","Class_6","Replacement7MHD","New: 2013+",1,36000,"Electric",25000,25000,"No","No",null,null,null,"",null,null,0,"N/A","Complete"]
["project 3","3 Trucks",2017,"Replacement",1996,"Level 3 PM","19,501-26,000",{"$f":"IF($G10=\"33,001 +\",\"Class_8\",IF($G10=\"26,001-33,000\",\"Class_7\",IF($G10=\"19,501-26,000\",\"Class_6\",\"\")))","v":"Class_6"},"MHD",40000,0.75,{"$f":"IF($D10=\"Replacement\",IF($H10=\"Class_6\",\"Replacement_6\",IF($H10=\"Class_7\",\"Replacement_7\",IF($H10=\"Class_8\",\"Replacement_8\",null))),IF($D10=\"Repower\",IF($H10=\"Class_6\",\"Repower_6\",IF($H10=\"Class_7\",\"Repower_7\",IF($H10=\"Class_8\",\"Repower_8\",null))),IF($D10=\"2-for-1 Replace\",IF($M10=\"Class_6\",\"Replacement_6\",IF($M10=\"Class_7\",\"Replacement_7\",IF($M10=\"Class_8\",\"Replacement_8\",null))))))","v":"Replacement_6"},"Class_6",{"$f":"IF($D10=\"Replacement\",IF($H10=\"Class_6\",\"Replacement6\",IF($H10=\"Class_7\",IF($I10=\"MHD\",\"Replacement7MHD\",\"Replacement7HHD\"),IF($H10=\"Class_8\",IF($I10=\"HHD\",\"Replacement8HHD\",\"Replacement8MHD\")))),IF($L10=\"Repower_8\",\"Repo8\",IF($L10=\"Repower_7\",\"Repo7\",IF($L10=\"Repower_6\",\"Repo6\",IF($D10=\"2-for-1 Replace\",\"Norestr\",)))))","v":"Replacement6"},"New: 2013+",0.9,{"$f":"IF(V10=\"No\",MIN(IF((J10*K10)<20000,0,J10*K10),IF((J10*P10)<20000,0,J10*P10)),IF(MIN(AA10*AB10,AA10*P10)+MIN(J10*K10,J10*P10)>19999,MIN(J10*K10,J10*P10),0))","v":30000},"Diesel","25,000",{"$f":"IF($D10=\"2-for-1 Replace\",IF(OR($M10=\"Class_6\",$AG10=\"Class_6\"),\"25,000\",IF(OR($M10=\"Class_7\",$AG10=\"Class_7\"),\"35,000\",IF(OR($M10=\"Class_8\",$AG10=\"Class_8\"),IF($O10=\"New: 2013+\",\"50,000\",\"40,000\")))),IF($L10=\"Replacement_8\",IF($M10=\"Class_7\",\"35,000\",IF($O10=\"New: 2013+\",\"50,000\",IF($O10=\"Used: 2010+\",\"40,000\"))),IF($L10=\"Replacement_7\",\"35,000\",IF($L10=\"Replacement_6\",\"25,000\",IF($L10=\"Repower_8\",\"20,000\",IF($L10=\"Repower_7\",IF($O10=\"New: 2013+ MHD\",\"10,000\",IF($O10=\"New: 2013+ HHD\",\"20,000\")),IF($L10=\"Repower_6\",\"10,000\",\"0\")))))))","v":"25,000"},{"$f":"IF($R10=\"Electric w/ AB-118\",\"Yes\",\"No\")","v":"No"},{"$f":"IF($D10=\"2-for-1 Replace\",\"Yes\",\"No\")","v":"No"},null,null,null,{"$f":"IF($Y10=\"33,001 +\",\"Class_8\",IF($Y10=\"26,001-33,000\",\"Class_7\",IF($Y10=\"19,501-26,000\",\"Class_6\",IF($Y10=\"\",\"\"))))","v":""},null,null,{"$f":"IF(MIN(AA10*AB10,AA10*P10)+Q10>19999,MIN(AA10*AB10,AA10*P10),0)","v":0},{"$f":"IF($V10=\"Yes\",IF(COUNTA($W10:$AC10)=7,\"Complete\",\"Incomplete\"),\"N/A\")","v":"N/A"},{"$f":"IF($D10=\"2-for-1 Replace\",IF(OR(COUNTA(A10:AC10)=29,COUNTA(A10:AC10)=30),\"Complete\",\"Incomplete\"),IF(OR($D10=\"Replacement\",$D10=\"Repower\"),IF(COUNTA(A10:T10)=20,\"Complete\",\"Incomplete\"),\"Incomplete\"))","v":"Complete"}]
["project 4","1 Truck",2014,"Replacement",1994,"None","33,001 +",{"$f":"IF($G11=\"33,001 +\",\"Class_8\",IF($G11=\"26,001-33,000\",\"Class_7\",IF($G11=\"19,501-26,000\",\"Class_6\",\"\")))","v":"Class_8"},"HHD",40000,1,"Repower_8","Class_8","Repo8","New: 2013+",1,40000,"Diesel",50000,50000,"No","No",null,null,null,"",null,null,0,"N/A","Complete"]
["project 5","1 Truck",2015,"Repower",2006,"None","33,001 +",{"$f":"IF($G12=\"33,001 +\",\"Class_8\",IF($G12=\"26,001-33,000\",\"Class_7\",IF($G12=\"19,501-26,000\",\"Class_6\",\"\")))","v":"Class_8"},"MHD",40000,0.95,"Repower_8","Class_8","Repo8","New: 2013+ HHD",1,38000,"Diesel","20,000","20,000","No","No",null,null,null,"",null,null,0,"N/A","Complete"]
["project 6","2 Trucks",2014,"Repower",2006,"Level 3 PM","26,001-33,000",{"$f":"IF($G13=\"33,001 +\",\"Class_8\",IF($G13=\"26,001-33,000\",\"Class_7\",IF($G13=\"19,501-26,000\",\"Class_6\",\"\")))","v":"Class_7"},"HHD",40000,0.8,{"$f":"IF($D13=\"Replacement\",IF($H13=\"Class_6\",\"Replacement_6\",IF($H13=\"Class_7\",\"Replacement_7\",IF($H13=\"Class_8\",\"Replacement_8\",null))),IF($D13=\"Repower\",IF($H13=\"Class_6\",\"Repower_6\",IF($H13=\"Class_7\",\"Repower_7\",IF($H13=\"Class_8\",\"Repower_8\",null))),IF($D13=\"2-for-1 Replace\",IF($M13=\"Class_6\",\"Replacement_6\",IF($M13=\"Class_7\",\"Replacement_7\",IF($M13=\"Class_8\",\"Replacement_8\",null))))))","v":"Repower_7"},"Class_7",{"$f":"IF($D13=\"Replacement\",IF($H13=\"Class_6\",\"Replacement6\",IF($H13=\"Class_7\",IF($I13=\"MHD\",\"Replacement7MHD\",\"Replacement7HHD\"),IF($H13=\"Class_8\",IF($I13=\"HHD\",\"Replacement8HHD\",\"Replacement8MHD\")))),IF($L13=\"Repower_8\",\"Repo8\",IF($L13=\"Repower_7\",\"Repo7\",IF($L13=\"Repower_6\",\"Repo6\",IF($D13=\"2-for-1 Replace\",\"Norestr\",)))))","v":"Repo7"},"New: 2013+ HHD",0.9,{"$f":"IF(V13=\"No\",MIN(IF((J13*K13)<20000,0,J13*K13),IF((J13*P13)<20000,0,J13*P13)),IF(MIN(AA13*AB13,AA13*P13)+MIN(J13*K13,J13*P13)>19999,MIN(J13*K13,J13*P13),0))","v":32000},"Diesel","20,000",{"$f":"IF($D13=\"2-for-1 Replace\",IF(OR($M13=\"Class_6\",$AG13=\"Class_6\"),\"25,000\",IF(OR($M13=\"Class_7\",$AG13=\"Class_7\"),\"35,000\",IF(OR($M13=\"Class_8\",$AG13=\"Class_8\"),IF($O13=\"New: 2013+\",\"50,000\",\"40,000\")))),IF($L13=\"Replacement_8\",IF($M13=\"Class_7\",\"35,000\",IF($O13=\"New: 2013+\",\"50,000\",IF($O13=\"Used: 2010+\",\"40,000\"))),IF($L13=\"Replacement_7\",\"35,000\",IF($L13=\"Replacement_6\",\"25,000\",IF($L13=\"Repower_8\",\"20,000\",IF($L13=\"Repower_7\",IF($O13=\"New: 2013+ MHD\",\"10,000\",IF($O13=\"New: 2013+ HHD\",\"20,000\")),IF($L13=\"Repower_6\",\"10,000\",\"0\")))))))","v":"20,000"},{"$f":"IF($R13=\"Electric w/ AB-118\",\"Yes\",\"No\")","v":"No"},{"$f":"IF($D13=\"2-for-1 Replace\",\"Yes\",\"No\")","v":"No"},null,null,null,{"$f":"IF($Y13=\"33,001 +\",\"Class_8\",IF($Y13=\"26,001-33,000\",\"Class_7\",IF($Y13=\"19,501-26,000\",\"Class_6\",IF($Y13=\"\",\"\"))))","v":""},null,null,{"$f":"IF(MIN(AA13*AB13,AA13*P13)+Q13>19999,MIN(AA13*AB13,AA13*P13),0)","v":0},{"$f":"IF($V13=\"Yes\",IF(COUNTA($W13:$AC13)=7,\"Complete\",\"Incomplete\"),\"N/A\")","v":"N/A"},{"$f":"IF($D13=\"2-for-1 Replace\",IF(OR(COUNTA(A13:AC13)=29,COUNTA(A13:AC13)=30),\"Complete\",\"Incomplete\"),IF(OR($D13=\"Replacement\",$D13=\"Repower\"),IF(COUNTA(A13:T13)=20,\"Complete\",\"Incomplete\"),\"Incomplete\"))","v":"Complete"}]
["project 7","3+ Trucks",2015,"2-for-1 Replace",2005,"None","19,501-26,000",{"$f":"IF($G14=\"33,001 +\",\"Class_8\",IF($G14=\"26,001-33,000\",\"Class_7\",IF($G14=\"19,501-26,000\",\"Class_6\",\"\")))","v":"Class_6"},"MHD",40000,0.75,{"$f":"IF($D14=\"Replacement\",IF($H14=\"Class_6\",\"Replacement_6\",IF($H14=\"Class_7\",\"Replacement_7\",IF($H14=\"Class_8\",\"Replacement_8\",null))),IF($D14=\"Repower\",IF($H14=\"Class_6\",\"Repower_6\",IF($H14=\"Class_7\",\"Repower_7\",IF($H14=\"Class_8\",\"Repower_8\",null))),IF($D14=\"2-for-1 Replace\",IF($M14=\"Class_6\",\"Replacement_6\",IF($M14=\"Class_7\",\"Replacement_7\",IF($M14=\"Class_8\",\"Replacement_8\",null))))))","v":"Replacement_6"},"Class_6",{"$f":"IF($D14=\"Replacement\",IF($H14=\"Class_6\",\"Replacement6\",IF($H14=\"Class_7\",IF($I14=\"MHD\",\"Replacement7MHD\",\"Replacement7HHD\"),IF($H14=\"Class_8\",IF($I14=\"HHD\",\"Replacement8HHD\",\"Replacement8MHD\")))),IF($L14=\"Repower_8\",\"Repo8\",IF($L14=\"Repower_7\",\"Repo7\",IF($L14=\"Repower_6\",\"Repo6\",IF($D14=\"2-for-1 Replace\",\"Norestr\",)))))","v":"Norestr"},"New: 2013+",1,{"$f":"IF(V14=\"No\",MIN(IF((J14*K14)<20000,0,J14*K14),IF((J14*P14)<20000,0,J14*P14)),IF(MIN(AA14*AB14,AA14*P14)+MIN(J14*K14,J14*P14)>19999,MIN(J14*K14,J14*P14),0))","v":30000},"Diesel",25000,{"$f":"IF($D14=\"2-for-1 Replace\",IF(OR($M14=\"Class_6\",$AG14=\"Class_6\"),\"25,000\",IF(OR($M14=\"Class_7\",$AG14=\"Class_7\"),\"35,000\",IF(OR($M14=\"Class_8\",$AG14=\"Class_8\"),IF($O14=\"New: 2013+\",\"50,000\",\"40,000\")))),IF($L14=\"Replacement_8\",IF($M14=\"Class_7\",\"35,000\",IF($O14=\"New: 2013+\",\"50,000\",IF($O14=\"Used: 2010+\",\"40,000\"))),IF($L14=\"Replacement_7\",\"35,000\",IF($L14=\"Replacement_6\",\"25,000\",IF($L14=\"Repower_8\",\"20,000\",IF($L14=\"Repower_7\",IF($O14=\"New: 2013+ MHD\",\"10,000\",IF($O14=\"New: 2013+ HHD\",\"20,000\")),IF($L14=\"Repower_6\",\"10,000\",\"0\")))))))","v":"25,000"},{"$f":"IF($R14=\"Electric w/ AB-118\",\"Yes\",\"No\")","v":"No"},{"$f":"IF($D14=\"2-for-1 Replace\",\"Yes\",\"No\")","v":"Yes"},1998,"Level 3 PM","26,001-33,000",{"$f":"IF($Y14=\"33,001 +\",\"Class_8\",IF($Y14=\"26,001-33,000\",\"Class_7\",IF($Y14=\"19,501-26,000\",\"Class_6\",IF($Y14=\"\",\"\"))))","v":"Class_7"},20000,0.9,{"$f":"IF(MIN(AA14*AB14,AA14*P14)+Q14>19999,MIN(AA14*AB14,AA14*P14),0)","v":18000},{"$f":"IF($V14=\"Yes\",IF(COUNTA($W14:$AC14)=7,\"Complete\",\"Incomplete\"),\"N/A\")","v":"Complete"},{"$f":"IF($D14=\"2-for-1 Replace\",IF(OR(COUNTA(A14:AC14)=29,COUNTA(A14:AC14)=30),\"Complete\",\"Incomplete\"),IF(OR($D14=\"Replacement\",$D14=\"Repower\"),IF(COUNTA(A14:T14)=20,\"Complete\",\"Incomplete\"),\"Incomplete\"))","v":"Complete"}]
["project 8","2 Trucks",2015,"2-for-1 Replace",2004,"Level 3 PM","33,001 +",{"$f":"IF($G15=\"33,001 +\",\"Class_8\",IF($G15=\"26,001-33,000\",\"Class_7\",IF($G15=\"19,501-26,000\",\"Class_6\",\"\")))","v":"Class_8"},"HHD",20000,0.95,{"$f":"IF($D15=\"Replacement\",IF($H15=\"Class_6\",\"Replacement_6\",IF($H15=\"Class_7\",\"Replacement_7\",IF($H15=\"Class_8\",\"Replacement_8\",null))),IF($D15=\"Repower\",IF($H15=\"Class_6\",\"Repower_6\",IF($H15=\"Class_7\",\"Repower_7\",IF($H15=\"Class_8\",\"Repower_8\",null))),IF($D15=\"2-for-1 Replace\",IF($M15=\"Class_6\",\"Replacement_6\",IF($M15=\"Class_7\",\"Replacement_7\",IF($M15=\"Class_8\",\"Replacement_8\",null))))))","v":"Replacement_8"},"Class_8",{"$f":"IF($D15=\"Replacement\",IF($H15=\"Class_6\",\"Replacement6\",IF($H15=\"Class_7\",IF($I15=\"MHD\",\"Replacement7MHD\",\"Replacement7HHD\"),IF($H15=\"Class_8\",IF($I15=\"HHD\",\"Replacement8HHD\",\"Replacement8MHD\")))),IF($L15=\"Repower_8\",\"Repo8\",IF($L15=\"Repower_7\",\"Repo7\",IF($L15=\"Repower_6\",\"Repo6\",IF($D15=\"2-for-1 Replace\",\"Norestr\",)))))","v":"Norestr"},"Used: 2010+",1,{"$f":"IF(V15=\"No\",MIN(IF((J15*K15)<20000,0,J15*K15),IF((J15*P15)<20000,0,J15*P15)),IF(MIN(AA15*AB15,AA15*P15)+MIN(J15*K15,J15*P15)>19999,MIN(J15*K15,J15*P15),0))","v":19000},"Diesel","40,000",{"$f":"IF($D15=\"2-for-1 Replace\",IF(OR($M15=\"Class_6\",$AG15=\"Class_6\"),\"25,000\",IF(OR($M15=\"Class_7\",$AG15=\"Class_7\"),\"35,000\",IF(OR($M15=\"Class_8\",$AG15=\"Class_8\"),IF($O15=\"New: 2013+\",\"50,000\",\"40,000\")))),IF($L15=\"Replacement_8\",IF($M15=\"Class_7\",\"35,000\",IF($O15=\"New: 2013+\",\"50,000\",IF($O15=\"Used: 2010+\",\"40,000\"))),IF($L15=\"Replacement_7\",\"35,000\",IF($L15=\"Replacement_6\",\"25,000\",IF($L15=\"Repower_8\",\"20,000\",IF($L15=\"Repower_7\",IF($O15=\"New: 2013+ MHD\",\"10,000\",IF($O15=\"New: 2013+ HHD\",\"20,000\")),IF($L15=\"Repower_6\",\"10,000\",\"0\")))))))","v":"40,000"},{"$f":"IF($R15=\"Electric w/ AB-118\",\"Yes\",\"No\")","v":"No"},{"$f":"IF($D15=\"2-for-1 Replace\",\"Yes\",\"No\")","v":"Yes"},2004,"None","26,001-33,000",{"$f":"IF($Y15=\"33,001 +\",\"Class_8\",IF($Y15=\"26,001-33,000\",\"Class_7\",IF($Y15=\"19,501-26,000\",\"Class_6\",IF($Y15=\"\",\"\"))))","v":"Class_7"},20000,1,{"$f":"IF(MIN(AA15*AB15,AA15*P15)+Q15>19999,MIN(AA15*AB15,AA15*P15),0)","v":20000},{"$f":"IF($V15=\"Yes\",IF(COUNTA($W15:$AC15)=7,\"Complete\",\"Incomplete\"),\"N/A\")","v":"Complete"},{"$f":"IF($D15=\"2-for-1 Replace\",IF(OR(COUNTA(A15:AC15)=29,COUNTA(A15:AC15)=30),\"Complete\",\"Incomplete\"),IF(OR($D15=\"Replacement\",$D15=\"Repower\"),IF(COUNTA(A15:T15)=20,\"Complete\",\"Incomplete\"),\"Incomplete\"))","v":"Complete"}]
["project 9","3+ Trucks",2014,"2-for-1 Replace",2002,"None","26,001-33,000",{"$f":"IF($G16=\"33,001 +\",\"Class_8\",IF($G16=\"26,001-33,000\",\"Class_7\",IF($G16=\"19,501-26,000\",\"Class_6\",\"\")))","v":"Class_7"},"HHD",20000,1,{"$f":"IF($D16=\"Replacement\",IF($H16=\"Class_6\",\"Replacement_6\",IF($H16=\"Class_7\",\"Replacement_7\",IF($H16=\"Class_8\",\"Replacement_8\",null))),IF($D16=\"Repower\",IF($H16=\"Class_6\",\"Repower_6\",IF($H16=\"Class_7\",\"Repower_7\",IF($H16=\"Class_8\",\"Repower_8\",null))),IF($D16=\"2-for-1 Replace\",IF($M16=\"Class_6\",\"Replacement_6\",IF($M16=\"Class_7\",\"Replacement_7\",IF($M16=\"Class_8\",\"Replacement_8\",null))))))","v":"Replacement_6"},"Class_6",{"$f":"IF($D16=\"Replacement\",IF($H16=\"Class_6\",\"Replacement6\",IF($H16=\"Class_7\",IF($I16=\"MHD\",\"Replacement7MHD\",\"Replacement7HHD\"),IF($H16=\"Class_8\",IF($I16=\"HHD\",\"Replacement8HHD\",\"Replacement8MHD\")))),IF($L16=\"Repower_8\",\"Repo8\",IF($L16=\"Repower_7\",\"Repo7\",IF($L16=\"Repower_6\",\"Repo6\",IF($D16=\"2-for-1 Replace\",\"Norestr\",)))))","v":"Norestr"},"New: 2013+",0.9,{"$f":"IF(V16=\"No\",MIN(IF((J16*K16)<20000,0,J16*K16),IF((J16*P16)<20000,0,J16*P16)),IF(MIN(AA16*AB16,AA16*P16)+MIN(J16*K16,J16*P16)>19999,MIN(J16*K16,J16*P16),0))","v":18000},"Electric w/ AB-118",25000,{"$f":"IF($D16=\"2-for-1 Replace\",IF(OR($M16=\"Class_6\",$AG16=\"Class_6\"),\"25,000\",IF(OR($M16=\"Class_7\",$AG16=\"Class_7\"),\"35,000\",IF(OR($M16=\"Class_8\",$AG16=\"Class_8\"),IF($O16=\"New: 2013+\",\"50,000\",\"40,000\")))),IF($L16=\"Replacement_8\",IF($M16=\"Class_7\",\"35,000\",IF($O16=\"New: 2013+\",\"50,000\",IF($O16=\"Used: 2010+\",\"40,000\"))),IF($L16=\"Replacement_7\",\"35,000\",IF($L16=\"Replacement_6\",\"25,000\",IF($L16=\"Repower_8\",\"20,000\",IF($L16=\"Repower_7\",IF($O16=\"New: 2013+ MHD\",\"10,000\",IF($O16=\"New: 2013+ HHD\",\"20,000\")),IF($L16=\"Repower_6\",\"10,000\",\"0\")))))))","v":"25,000"},{"$f":"IF($R16=\"Electric w/ AB-118\",\"Yes\",\"No\")","v":"Yes"},{"$f":"IF($D16=\"2-for-1 Replace\",\"Yes\",\"No\")","v":"Yes"},2004,"None","19,501-26,000",{"$f":"IF($Y16=\"33,001 +\",\"Class_8\",IF($Y16=\"26,001-33,000\",\"Class_7\",IF($Y16=\"19,501-26,000\",\"Class_6\",IF($Y16=\"\",\"\"))))","v":"Class_6"},20000,1,{"$f":"IF(MIN(AA16*AB16,AA16*P16)+Q16>19999,MIN(AA16*AB16,AA16*P16),0)","v":18000},{"$f":"IF($V16=\"Yes\",IF(COUNTA($W16:$AC16)=7,\"Complete\",\"Incomplete\"),\"N/A\")","v":"Complete"},{"$f":"IF($D16=\"2-for-1 Replace\",IF(OR(COUNTA(A16:AC16)=29,COUNTA(A16:AC16)=30),\"Complete\",\"Incomplete\"),IF(OR($D16=\"Replacement\",$D16=\"Repower\"),IF(COUNTA(A16:T16)=20,\"Complete\",\"Incomplete\"),\"Incomplete\"))","v":"Complete"}]
["project 10","3+ Trucks",2014,"2-for-1 Replace",1998,"Level 3 PM","26,001-33,000",{"$f":"IF($G17=\"33,001 +\",\"Class_8\",IF($G17=\"26,001-33,000\",\"Class_7\",IF($G17=\"19,501-26,000\",\"Class_6\",\"\")))","v":"Class_7"},"MHD",20000,1,{"$f":"IF($D17=\"Replacement\",IF($H17=\"Class_6\",\"Replacement_6\",IF($H17=\"Class_7\",\"Replacement_7\",IF($H17=\"Class_8\",\"Replacement_8\",null))),IF($D17=\"Repower\",IF($H17=\"Class_6\",\"Repower_6\",IF($H17=\"Class_7\",\"Repower_7\",IF($H17=\"Class_8\",\"Repower_8\",null))),IF($D17=\"2-for-1 Replace\",IF($M17=\"Class_6\",\"Replacement_6\",IF($M17=\"Class_7\",\"Replacement_7\",IF($M17=\"Class_8\",\"Replacement_8\",null))))))","v":"Replacement_8"},"Class_8",{"$f":"IF($D17=\"Replacement\",IF($H17=\"Class_6\",\"Replacement6\",IF($H17=\"Class_7\",IF($I17=\"MHD\",\"Replacement7MHD\",\"Replacement7HHD\"),IF($H17=\"Class_8\",IF($I17=\"HHD\",\"Replacement8HHD\",\"Replacement8MHD\")))),IF($L17=\"Repower_8\",\"Repo8\",IF($L17=\"Repower_7\",\"Repo7\",IF($L17=\"Repower_6\",\"Repo6\",IF($D17=\"2-for-1 Replace\",\"Norestr\",)))))","v":"Norestr"},"Used: 2010+",1,{"$f":"IF(V17=\"No\",MIN(IF((J17*K17)<20000,0,J17*K17),IF((J17*P17)<20000,0,J17*P17)),IF(MIN(AA17*AB17,AA17*P17)+MIN(J17*K17,J17*P17)>19999,MIN(J17*K17,J17*P17),0))","v":20000},"Diesel",40000,{"$f":"IF($D17=\"2-for-1 Replace\",IF(OR($M17=\"Class_6\",$AG17=\"Class_6\"),\"25,000\",IF(OR($M17=\"Class_7\",$AG17=\"Class_7\"),\"35,000\",IF(OR($M17=\"Class_8\",$AG17=\"Class_8\"),IF($O17=\"New: 2013+\",\"50,000\",\"40,000\")))),IF($L17=\"Replacement_8\",IF($M17=\"Class_7\",\"35,000\",IF($O17=\"New: 2013+\",\"50,000\",IF($O17=\"Used: 2010+\",\"40,000\"))),IF($L17=\"Replacement_7\",\"35,000\",IF($L17=\"Replacement_6\",\"25,000\",IF($L17=\"Repower_8\",\"20,000\",IF($L17=\"Repower_7\",IF($O17=\"New: 2013+ MHD\",\"10,000\",IF($O17=\"New: 2013+ HHD\",\"20,000\")),IF($L17=\"Repower_6\",\"10,000\",\"0\")))))))","v":"40,000"},{"$f":"IF($R17=\"Electric w/ AB-118\",\"Yes\",\"No\")","v":"No"},{"$f":"IF($D17=\"2-for-1 Replace\",\"Yes\",\"No\")","v":"Yes"},1999,"None","26,001-33,000",{"$f":"IF($Y17=\"33,001 +\",\"Class_8\",IF($Y17=\"26,001-33,000\",\"Class_7\",IF($Y17=\"19,501-26,000\",\"Class_6\",IF($Y17=\"\",\"\"))))","v":"Class_7"},20000,1,{"$f":"IF(MIN(AA17*AB17,AA17*P17)+Q17>19999,MIN(AA17*AB17,AA17*P17),0)","v":20000},{"$f":"IF($V17=\"Yes\",IF(COUNTA($W17:$AC17)=7,\"Complete\",\"Incomplete\"),\"N/A\")","v":"Complete"},{"$f":"IF($D17=\"2-for-1 Replace\",IF(OR(COUNTA(A17:AC17)=29,COUNTA(A17:AC17)=30),\"Complete\",\"Incomplete\"),IF(OR($D17=\"Replacement\",$D17=\"Repower\"),IF(COUNTA(A17:T17)=20,\"Complete\",\"Incomplete\"),\"Incomplete\"))","v":"Complete"}]

{"sheet":"Input data","index":4,"n_rows":204,"n_cols":43,"rows_kept":139,"cut":true,"hidden":false,"merged":[[3,38,3,40],[2,19,2,27],[2,0,2,3],[2,16,2,18],[2,4,2,10],[2,11,2,15]],"bounds":{"rows_first":62,"rows_last":15,"rows_between":62,"halvings":5}}
["Input Data for Equipment Projects",null,null,null,null,{"$f":"IF(AND($B5<>\"4+ Trucks\",OR($M5=\"New: 2015+ MHD\",$M5=\"New: 2015+ HHD\")),DropData!$I$4:$I$6,IF($M5=\"Used: 2011+\",DropData!$I$4:$I$6,IF(AND($B5<>\"4+ Trucks\",$M5=\"New: 2015+\"),DropData!$I$4:$I$9,IF($B5=\"4+ Trucks\",DropData!$I$5:$I$9))))","v":false},null,null,null,null,null,null,null,null,null,null,null,null,null,null,null,null,null,null,null,null,null,null,null,null,null,null,null,null,null,{"$f":"IF($D5=\"2-for-1 Replace\",\"Norestr\",IF($D5=\"Replacement\",IF(OR($H5=\"Class_8\",$L5=\"Class_8\"),\"Replacement8HHD\",IF($H5=\"Class_6\",\"Replacement6\",IF($H5=\"Class_7\",IF($I5=\"MHD\",\"Replacement7HMD\",\"Replacement7HHD\"),IF($H5=\"Class_8\",IF($I5=\"HHD\",\"Replacement8HMD\",\"Replacement8HHD\"))))),IF($AK5=\"Repower_8\",\"Repo8\",IF($AK5=\"Repower_7\",\"Repo7\",IF($AK5=\"Repower_6\",\"Repo6\",)))))","v":0}]
[]
["Project Details",null,null,null,"Existing Truck Information ",null,null,null,null,null,null,"New Truck Information",null,null,null,null,"Financial Information",null,null,"2-for 1 Replacement: 2nd Truck Info. (if applicable)",null,null,null,null,null,null,null,null,null,null,null,null,null,null,null,null,"make hidden"]
["Project Name","Number of Trucks in Fleet?","1st year of operation","Equipment Project Option","Engine Model Year","Filter (DPF) Currently Installed?","Mfg. GVWR","Weight Class","Engine Duty Cycle Cert","Annual VMT","% CA Operation","Weight Class","New Engine Details","% CA Operation","CA VMT","Fuel Type","Funding Requested ($)","Maximum Allowed Funding ($)","AB-118 HVIP Funding?","2 Trucks Replaced by 1?","Engine Model Year of 2nd Truck","Filter (DPF) Installed on 2nd Truck?","Mfg. GVWR","Weight Class of 2nd Truck","Annual VMT of 2nd Truck ","% CA Operation 2nd Truck","CA VMT 2nd Truck","2-for 1 Replacement Status","Completed Entry?",null,"HIDDEN","hidden* search mod. REPOW7 ExistingTRK","hidden* search mod. REPOW7 NEWTRK - CL7HHD","CL7HHD>CL8 ExistingTRK","hidden* search modification field NEWTRK","make hidden","LF_make hidden","SF_make hidden","Max_Funding Table Calculations_make hidden",null,null,null,"Main Formula for Max Funding_make hidden"]
["project 1",null,null,null,null,null,null,{"$f":"IF($G5=\"33,001 +\",\"Class_8\",IF($G5=\"26,001-33,000\",\"Class_7\",IF($G5=\"19,501-26,000\",\"Class_6\",\"\")))","v":""},null,null,null,null,null,null,{"$f":"IF(H5=\"Class_6\",IF(T5=\"No\",MIN(IF((J5*K5)<10000,0,J5*K5),IF((J5*N5)<10000,0,J5*N5)),IF(MIN(Y5*Z5,Y5*N5)+MIN(J5*K5,J5*N5)>9999,MIN(J5*K5,J5*N5),0)),IF(T5=\"No\",MIN(IF((J5*K5)<20000,0,J5*K5),IF((J5*N5)<20000,0,J5*N5)),IF(MIN(Y5*Z5,Y5*N5)+MIN(J5*K5,J5*N5)>19999,MIN(J5*K5,J5*N5),0)))","v":0},null,null,{"$f":"IFERROR(VLOOKUP($AQ5,$AN$5:$AO$21,2,),\"\")","v":""},{"$f":"IF($P5=\"Electric w/ AB-118\",\"Yes\",\"No\")","v":"No"},{"$f":"IF($D5=\"2-for-1 Replace\",\"Yes\",\"No\")","v":"No"},null,null,null,{"$f":"IF($W5=\"33,001 +\",\"Class_8\",IF($W5=\"26,001-33,000\",\"Class_7\",IF($W5=\"19,501-26,000\",\"Class_6\",IF($W5=\"\",\"\"))))","v":""},null,null,{"$f":"IF(AND(H5=\"Class_6\",X5=\"Class_6\"),IF(MIN(Y5*Z5,Y5*N5)+O5>9999,MIN(Y5*Z5,Y5*N5),0),IF(MIN(Y5*Z5,Y5*N5)+O5>19999,MIN(Y5*Z5,Y5*N5),0))","v":0},{"$f":"IF($T5=\"Yes\",IF(COUNTA($U5:$AA5)=7,\"Complete\",\"Incomplete\"),\"N/A\")","v":"N/A"},{"$f":"IF($D5=\"2-for-1 Replace\",IF(OR(COUNTA(A5:AA5)=27,COUNTA(A5:AA5)=29),\"Complete\",\"Incomplete\"),IF(OR($D5=\"Replacement\",$D5=\"Repower\"),IF(COUNTA(A5:Q5)=17,\"Complete\",\"Incomplete\"),\"Incomplete\"))","v":"Incomplete"},null,{"$f":"IF(OR($H5=\"Class_8\",$X5=\"Class_8\"),\"Class_8\",IF(OR($H5=\"Class_7\",$X5=\"Class_7\"),\"Class_7\",IF(OR($H5=\"Class_6\",$X5=\"Class_6\"),\"Class_6\")))","v":false},{"$f":"IF($D5=\"Repower\",IF($H5=\"Class_7\",IF($I5=\"HHD\",\"CL7HHD\",\"gas\")))","v":false},{"$f":"IF($D5=\"Repower\",IF($H5=\"Class_7\",IF($M5=\"New: 2013+ HHD\",\"CL7HHD\",\"gas\")))","v":false},{"$f":"IF($D5=\"Replacement\",IF($H5=\"Class_7\",IF($I5=\"HHD\",IF($L5=\"Class_8\",\"CL7to8\",\"passgas\"))))","v":false},null,{"$f":"IF($D5=\"2-for-1 Replace\",\"Norestr\",IF($AK5=\"Repower_8\",\"Repo8\",IF($AK5=\"Repower_7\",\"Repo7\",IF($AK5=\"Repower_6\",\"Repo6\",IF(OR($H5=\"Class_8\",$L5=\"Class_8\"),\"Replacement8HHD\",IF($D5=\"Replacement\",IF($H5=\"Class_6\",\"Replacement6\",IF($H5=\"Class_7\",IF($I5=\"MHD\",\"Replacement7MHD\",\"Replacement7HHD\"),IF($H5=\"Class_8\",IF($I5=\"HHD\",\"Replacement8HHD\",\"Replacement8MHD\")))),))))))","v":0},{"$f":"IF($D5=\"Replacement\",IF($H5=\"Class_6\",\"Replacement_6\",IF($H5=\"Class_7\",\"Replacement_7\",IF($H5=\"Class_8\",\"Replacement_8\",null))),IF($D5=\"Repower\",IF($H5=\"Class_6\",\"Repower_6\",IF($H5=\"Class_7\",\"Repower_7\",IF($H5=\"Class_8\",\"Repower_8\",null))),IF($D5=\"2-for-1 Replace\",IF($L5=\"Class_6\",\"Replacement_6\",IF($L5=\"Class_7\",\"Replacement_7\",IF($L5=\"Class_8\",\"Replacement_8\",null))))))","v":false},{"$f":"IF($D5=\"Replacement\",IF(AND($H5=\"Class_6\",$B5 <> \"4+ Trucks\"),\"Small_Fleet_Replacement_6\",IF(AND($H5=\"Class_7\",$B5 <> \"4+ Trucks\"),\"Small_Fleet_Replacement_7\",IF(AND($H5=\"Class_8\",$B5 <> \"4+ Trucks\"),\"Small_Fleet_Replacement_8\",null))),IF($D5=\"Repower\",IF($H5=\"Class_6\",\"Repower_6\",IF($H5=\"Class_7\",\"Repower_7\",IF($H5=\"Class_8\",\"Repower_8\",null))),IF($D5=\"2-for-1 Replace\",IF($L5=\"Class_6\",\"Replacement_6\",IF($L5=\"Class_7\",\"Small_Fleet_Replacement_7\",IF($L5=\"Class_8\",\"Small_Fleet_Replacement_8\",null))))))","v":false},"IF(AND($B5<>\"4+ Trucks\",$D5=\"Replacement\",$P5=\"Diesel\",$L5=\"Class_8\",$M5=\"New: 2015+\"),\"small fleet new class 8 diesel\")","small fleet new class 8 diesel",60000,null,{"$f":"IF(AND($B5<>\"4+ Trucks\",$D5=\"Replacement\",$P5=\"Diesel\",OR($L5=\"Class_7\",$H5=\"CLass_7\"),$M5=\"New: 2015+\"),\"small fleet new class 7 diesel\",IF(AND($B5<>\"4+ Trucks\",$D5=\"Replacement\",OR($P5=\"Diesel\",$P5=\"LNG/CNG\",$P5=\"Hybrid\"),OR($H5=\"Class_7\",$L5=\"Class_7\"),$M5=\"Used: 2011+\"),\"small fleet used class 7 diesel\",IF(AND($B5<>\"4+ Trucks\",$D5=\"Replacement\",$P5=\"Diesel\",$L5=\"Class_8\",$M5=\"New: 2015+\"),\"small fleet new class 8 diesel\",IF(AND($B5<>\"4+ Trucks\",$D5=\"Replacement\",$P5=\"Diesel\",$L5=\"Class_6\"),\"small fleet class 6 diesel\",IF(AND($B5<>\"4+ Trucks\",$D5=\"Replacement\",OR($P5=\"Diesel\",$P5=\"LNG/CNG\",$P5=\"Hybrid\"),$L5=\"Class_8\",$M5=\"Used: 2011+\"),\"small fleet used class 8 diesel\",IF(AND($B5<>\"4+ Trucks\",$D5=\"Repower\",$P5=\"Diesel\",(OR($L5=\"Class_8\",$L5=\"Class_7\"))),\"small fleet repower class 7/8\",IF(AND($B5<>\"4+ Trucks\",$D5=\"Repower\",$P5=\"Diesel\",$L5=\"Class_6\"),\"small fleet repower class 6\",IF(AND($D5=\"Replacement\",$P5=\"Zero Emission\",(OR($L5=\"Class_8\",$L5=\"Class_7\"))),\"zero emission class 7/8\",IF(AND($D5=\"Replacement\",$P5=\"Hybrid Zero-Mile\",(OR($L5=\"Class_8\",$L5=\"Class_7\"))),\"hybrid zero mile class 7/8\",IF(AND($D5=\"Replacement\",$P5=\"Low NOx\",(OR($L5=\"Class_8\",$L5=\"Class_7\"))),\"low nox class 7/8\",IF(AND($D5=\"Replacement\",$P5=\"Hybrid\",(OR($L5=\"Class_8\",$L5=\"Class_7\"))),\"hybrid class 7/8\",IF(AND($D5=\"Replacement\",$P5=\"LNG/CNG\",(OR($L5=\"Class_8\",$L5=\"Class_7\"))),\"lng/cng class 7/8\",IF(AND($D5=\"Replacement\",$P5=\"Zero Emission\",$L5=\"Class_6\"),\"zero emission class 6\",IF(AND($D5=\"Replacement\",$P5=\"Hybrid Zero-Mile\",$L5=\"Class_6\"),\"hybrid zero mile class 6\",IF(AND($D5=\"Replacement\",$P5=\"Low NOx\",$L5=\"Class_6\"),\"low nox class 6\",IF(AND($D5=\"Replacement\",$P5=\"Hybrid\",$L5=\"Class_6\"),\"hybrid class 6\",IF(AND($D5=\"Replacement\",$P5=\"LNG/CNG\",$L5=\"Class_6\"),\"lng/cng class 6\",(IF(AND($P5=\"Diesel\", OR($L5=\"Class_6\", $AE5=\"Class_6\")),\"small fleet class 6 diesel\",IF(AND($P5=\"Diesel\",$M5=\"New: 2015+\", OR($L5=\"Class_7\", $AE5=\"Class_7\")),\"small fleet new class 7 diesel\",IF(AND($P5=\"Diesel\",$M5=\"Used: 2011+\", OR($L5=\"Class_7\", $AE5=\"Class_7\")),\"small fleet used class 7 diesel\",IF(AND($P5=\"Diesel\",$M5=\"New: 2015+\", OR($L5=\"Class_8\", $AE5=\"Class_8\")),\"small fleet new class 8 diesel\",IF(AND($P5=\"Diesel\",$M5=\"Used: 2011+\", OR($L5=\"Class_8\", $AE5=\"Class_8\")),\"small fleet used class 8 diesel\",(IF(AND($P5=\"LNG/CNG\", OR($L5=\"Class_6\", $AE5=\"Class_6\")),\"lng/cng class 6\",(IF(AND($P5=\"Hybrid\", OR($L5=\"Class_6\", $AE5=\"Class_6\")),\"hybrid class 6\",(IF(AND($P5=\"Low NOx\", OR($L5=\"Class_6\", $AE5=\"Class_6\")),\"low nox class 6\",(IF(AND($P5=\"Hybrid Zero-Mile\", OR($L5=\"Class_6\", $AE5=\"Class_6\")),\"hybrid zero mile class 6\",(IF(AND($P5=\"Zero Emission\", OR($L5=\"Class_6\", $AE5=\"Class_6\")),\"zero emission class 6\",(IF(AND($P5=\"LNG/CNG\", OR($L5=\"Class_7\", $AE5=\"Class_7\")),\"lng/cng class 7/8\",(IF(AND($P5=\"Hybrid\", OR($L5=\"Class_7\", $AE5=\"Class_7\")),\"hybrid class 7/8\",(IF(AND($P5=\"Low NOx\", OR($L5=\"Class_7\", $AE5=\"Class_7\")),\"low nox class 7/8\",(IF(AND($P5=\"Hybrid Zero-Mile\", OR($L5=\"Class_7\", $AE5=\"Class_7\")),\"hybrid zero mile class 7/8\",(IF(AND($P5=\"Zero Emission\", OR($L5=\"Class_7\", $AE5=\"Class_7\")),\"zero emission class 7/8\",(IF(AND($P5=\"LNG/CNG\", OR($L5=\"Class_8\", $AE5=\"Class_8\")),\"lng/cng class 7/8\",(IF(AND($P5=\"Hybrid\", OR($L5=\"Class_8\", $AE5=\"Class_8\")),\"hybrid class 7/8\",(IF(AND($P5=\"Low NOx\", OR($L5=\"Class_8\", $AE5=\"Class_8\")),\"low nox class 7/8\",(IF(AND($P5=\"Hybrid Zero-Mile\", OR($L5=\"Class_8\", $AE5=\"Class_8\")),\"hybrid zero mile class 7/8\",(IF(AND($P5=\"Zero Emission\", OR($L5=\"Class_8\", $AE5=\"Class_8\")),\"zero emission class 7/8\")))))))))))))))))))))))))))))))))))))))))))))))))))))","v":false}]
["project 2",null,null,null,null,null,null,{"$f":"IF($G6=\"33,001 +\",\"Class_8\",IF($G6=\"26,001-33,000\",\"Class_7\",IF($G6=\"19,501-26,000\",\"Class_6\",\"\")))","v":""},null,null,null,null,null,null,{"$f":"IF(H6=\"Class_6\",IF(T6=\"No\",MIN(IF((J6*K6)<10000,0,J6*K6),IF((J6*N6)<10000,0,J6*N6)),IF(MIN(Y6*Z6,Y6*N6)+MIN(J6*K6,J6*N6)>9999,MIN(J6*K6,J6*N6),0)),IF(T6=\"No\",MIN(IF((J6*K6)<20000,0,J6*K6),IF((J6*N6)<20000,0,J6*N6)),IF(MIN(Y6*Z6,Y6*N6)+MIN(J6*K6,J6*N6)>19999,MIN(J6*K6,J6*N6),0)))","v":0},null,null,{"$f":"IFERROR(VLOOKUP($AQ6,$AN$5:$AO$21,2,),\"\")","v":""},{"$f":"IF($P6=\"Electric w/ AB-118\",\"Yes\",\"No\")","v":"No"},"No",null,null,null,{"$f":"IF($W6=\"33,001 +\",\"Class_8\",IF($W6=\"26,001-33,000\",\"Class_7\",IF($W6=\"19,501-26,000\",\"Class_6\",IF($W6=\"\",\"\"))))","v":""},null,null,{"$f":"IF(AND(H6=\"Class_6\",X6=\"Class_6\"),IF(MIN(Y6*Z6,Y6*N6)+O6>9999,MIN(Y6*Z6,Y6*N6),0),IF(MIN(Y6*Z6,Y6*N6)+O6>19999,MIN(Y6*Z6,Y6*N6),0))","v":0},{"$f":"IF($T6=\"Yes\",IF(COUNTA($U6:$AA6)=7,\"Complete\",\"Incomplete\"),\"N/A\")","v":"N/A"},{"$f":"IF($D6=\"2-for-1 Replace\",IF(OR(COUNTA(A6:AA6)=27,COUNTA(A6:AA6)=29),\"Complete\",\"Incomplete\"),IF(OR($D6=\"Replacement\",$D6=\"Repower\"),IF(COUNTA(A6:Q6)=17,\"Complete\",\"Incomplete\"),\"Incomplete\"))","v":"Incomplete"},null,{"$f":"IF(OR($H6=\"Class_8\",$X6=\"Class_8\"),\"Class_8\",IF(OR($H6=\"Class_7\",$X6=\"Class_7\"),\"Class_7\",IF(OR($H6=\"Class_6\",$X6=\"Class_6\"),\"Class_6\")))","v":false},{"$f":"IF($D6=\"Repower\",IF($H6=\"Class_7\",IF($I6=\"HHD\",\"CL7HHD\",\"gas\")))","v":false},{"$f":"IF($D6=\"Repower\",IF($H6=\"Class_7\",IF($M6=\"New: 2013+ HHD\",\"CL7HHD\",\"gas\")))","v":false},{"$f":"IF($D6=\"Replacement\",IF($H6=\"Class_7\",IF($I6=\"HHD\",IF($L6=\"Class_8\",\"CL7to8\",\"passgas\"))))","v":false},null,{"$f":"IF($D6=\"2-for-1 Replace\",\"Norestr\",IF($AK6=\"Repower_8\",\"Repo8\",IF($AK6=\"Repower_7\",\"Repo7\",IF($AK6=\"Repower_6\",\"Repo6\",IF(OR($H6=\"Class_8\",$L6=\"Class_8\"),\"Replacement8HHD\",IF($D6=\"Replacement\",IF($H6=\"Class_6\",\"Replacement6\",IF($H6=\"Class_7\",IF($I6=\"MHD\",\"Replacement7MHD\",\"Replacement7HHD\"),IF($H6=\"Class_8\",IF($I6=\"HHD\",\"Replacement8HHD\",\"Replacement8MHD\")))),))))))","v":0},{"$f":"IF($D6=\"Replacement\",IF($H6=\"Class_6\",\"Replacement_6\",IF($H6=\"Class_7\",\"Replacement_7\",IF($H6=\"Class_8\",\"Replacement_8\",null))),IF($D6=\"Repower\",IF($H6=\"Class_6\",\"Repower_6\",IF($H6=\"Class_7\",\"Repower_7\",IF($H6=\"Class_8\",\"Repower_8\",null))),IF($D6=\"2-for-1 Replace\",IF($L6=\"Class_6\",\"Replacement_6\",IF($L6=\"Class_7\",\"Replacement_7\",IF($L6=\"Class_8\",\"Replacement_8\",null))))))","v":false},{"$f":"IF($D6=\"Replacement\",IF(AND($H6=\"Class_6\",$B6 <> \"4+ Trucks\"),\"Small_Fleet_Replacement_6\",IF(AND($H6=\"Class_7\",$B6 <> \"4+ Trucks\"),\"Small_Fleet_Replacement_7\",IF(AND($H6=\"Class_8\",$B6 <> \"4+ Trucks\"),\"Small_Fleet_Replacement_8\",null))),IF($D6=\"Repower\",IF($H6=\"Class_6\",\"Repower_6\",IF($H6=\"Class_7\",\"Repower_7\",IF($H6=\"Class_8\",\"Repower_8\",null))),IF($D6=\"2-for-1 Replace\",IF($L6=\"Class_6\",\"Replacement_6\",IF($L6=\"Class_7\",\"Small_Fleet_Replacement_7\",IF($L6=\"Class_8\",\"Small_Fleet_Replacement_8\",null))))))","v":false},"IF(AND($B5<>\"4+ Trucks\",$D5=\"Replacement\",$P5=\"Diesel\",$L5=\"Class_7\",$M5=\"New: 2015+\"),\"small fleet new class 7 diesel\")","small fleet new class 7 diesel",45000,null,{"$f":"IF(AND($B6<>\"4+ Trucks\",$D6=\"Replacement\",$P6=\"Diesel\",OR($L6=\"Class_7\",$H6=\"CLass_7\"),$M6=\"New: 2015+\"),\"small fleet new class 7 diesel\",IF(AND($B6<>\"4+ Trucks\",$D6=\"Replacement\",OR($P6=\"Diesel\",$P6=\"LNG/CNG\",$P6=\"Hybrid\"),OR($H6=\"Class_7\",$L6=\"Class_7\"),$M6=\"Used: 2011+\"),\"small fleet used class 7 diesel\",IF(AND($B6<>\"4+ Trucks\",$D6=\"Replacement\",$P6=\"Diesel\",$L6=\"Class_8\",$M6=\"New: 2015+\"),\"small fleet new class 8 diesel\",IF(AND($B6<>\"4+ Trucks\",$D6=\"Replacement\",$P6=\"Diesel\",$L6=\"Class_6\"),\"small fleet class 6 diesel\",IF(AND($B6<>\"4+ Trucks\",$D6=\"Replacement\",OR($P6=\"Diesel\",$P6=\"LNG/CNG\",$P6=\"Hybrid\"),$L6=\"Class_8\",$M6=\"Used: 2011+\"),\"small fleet used class 8 diesel\",IF(AND($B6<>\"4+ Trucks\",$D6=\"Repower\",$P6=\"Diesel\",(OR($L6=\"Class_8\",$L6=\"Class_7\"))),\"small fleet repower class 7/8\",IF(AND($B6<>\"4+ Trucks\",$D6=\"Repower\",$P6=\"Diesel\",$L6=\"Class_6\"),\"small fleet repower class 6\",IF(AND($D6=\"Replacement\",$P6=\"Zero Emission\",(OR($L6=\"Class_8\",$L6=\"Class_7\"))),\"zero emission class 7/8\",IF(AND($D6=\"Replacement\",$P6=\"Hybrid Zero-Mile\",(OR($L6=\"Class_8\",$L6=\"Class_7\"))),\"hybrid zero mile class 7/8\",IF(AND($D6=\"Replacement\",$P6=\"Low NOx\",(OR($L6=\"Class_8\",$L6=\"Class_7\"))),\"low nox class 7/8\",IF(AND($D6=\"Replacement\",$P6=\"Hybrid\",(OR($L6=\"Class_8\",$L6=\"Class_7\"))),\"hybrid class 7/8\",IF(AND($D6=\"Replacement\",$P6=\"LNG/CNG\",(OR($L6=\"Class_8\",$L6=\"Class_7\"))),\"lng/cng class 7/8\",IF(AND($D6=\"Replacement\",$P6=\"Zero Emission\",$L6=\"Class_6\"),\"zero emission class 6\",IF(AND($D6=\"Replacement\",$P6=\"Hybrid Zero-Mile\",$L6=\"Class_6\"),\"hybrid zero mile class 6\",IF(AND($D6=\"Replacement\",$P6=\"Low NOx\",$L6=\"Class_6\"),\"low nox class 6\",IF(AND($D6=\"Replacement\",$P6=\"Hybrid\",$L6=\"Class_6\"),\"hybrid class 6\",IF(AND($D6=\"Replacement\",$P6=\"LNG/CNG\",$L6=\"Class_6\"),\"lng/cng class 6\",(IF(AND($P6=\"Diesel\", OR($L6=\"Class_6\", $AE6=\"Class_6\")),\"small fleet class 6 diesel\",IF(AND($P6=\"Diesel\",$M6=\"New: 2015+\", OR($L6=\"Class_7\", $AE6=\"Class_7\")),\"small fleet new class 7 diesel\",IF(AND($P6=\"Diesel\",$M6=\"Used: 2011+\", OR($L6=\"Class_7\", $AE6=\"Class_7\")),\"small fleet used class 7 diesel\",IF(AND($P6=\"Diesel\",$M6=\"New: 2015+\", OR($L6=\"Class_8\", $AE6=\"Class_8\")),\"small fleet new class 8 diesel\",IF(AND($P6=\"Diesel\",$M6=\"Used: 2011+\", OR($L6=\"Class_8\", $AE6=\"Class_8\")),\"small fleet used class 8 diesel\",(IF(AND($P6=\"LNG/CNG\", OR($L6=\"Class_6\", $AE6=\"Class_6\")),\"lng/cng class 6\",(IF(AND($P6=\"Hybrid\", OR($L6=\"Class_6\", $AE6=\"Class_6\")),\"hybrid class 6\",(IF(AND($P6=\"Low NOx\", OR($L6=\"Class_6\", $AE6=\"Class_6\")),\"low nox class 6\",(IF(AND($P6=\"Hybrid Zero-Mile\", OR($L6=\"Class_6\", $AE6=\"Class_6\")),\"hybrid zero mile class 6\",(IF(AND($P6=\"Zero Emission\", OR($L6=\"Class_6\", $AE6=\"Class_6\")),\"zero emission class 6\",(IF(AND($P6=\"LNG/CNG\", OR($L6=\"Class_7\", $AE6=\"Class_7\")),\"lng/cng class 7/8\",(IF(AND($P6=\"Hybrid\", OR($L6=\"Class_7\", $AE6=\"Class_7\")),\"hybrid class 7/8\",(IF(AND($P6=\"Low NOx\", OR($L6=\"Class_7\", $AE6=\"Class_7\")),\"low nox class 7/8\",(IF(AND($P6=\"Hybrid Zero-Mile\", OR($L6=\"Class_7\", $AE6=\"Class_7\")),\"hybrid zero mile class 7/8\",(IF(AND($P6=\"Zero Emission\", OR($L6=\"Class_7\", $AE6=\"Class_7\")),\"zero emission class 7/8\",(IF(AND($P6=\"LNG/CNG\", OR($L6=\"Class_8\", $AE6=\"Class_8\")),\"lng/cng class 7/8\",(IF(AND($P6=\"Hybrid\", OR($L6=\"Class_8\", $AE6=\"Class_8\")),\"hybrid class 7/8\",(IF(AND($P6=\"Low NOx\", OR($L6=\"Class_8\", $AE6=\"Class_8\")),\"low nox class 7/8\",(IF(AND($P6=\"Hybrid Zero-Mile\", OR($L6=\"Class_8\", $AE6=\"Class_8\")),\"hybrid zero mile class 7/8\",(IF(AND($P6=\"Zero Emission\", OR($L6=\"Class_8\", $AE6=\"Class_8\")),\"zero emission class 7/8\")))))))))))))))))))))))))))))))))))))))))))))))))))))","v":false}]
["project 3",null,null,null,null,null,null,{"$f":"IF($G7=\"33,001 +\",\"Class_8\",IF($G7=\"26,001-33,000\",\"Class_7\",IF($G7=\"19,501-26,000\",\"Class_6\",\"\")))","v":""},null,null,null,null,null,null,{"$f":"IF(H7=\"Class_6\",IF(T7=\"No\",MIN(IF((J7*K7)<10000,0,J7*K7),IF((J7*N7)<10000,0,J7*N7)),IF(MIN(Y7*Z7,Y7*N7)+MIN(J7*K7,J7*N7)>9999,MIN(J7*K7,J7*N7),0)),IF(T7=\"No\",MIN(IF((J7*K7)<20000,0,J7*K7),IF((J7*N7)<20000,0,J7*N7)),IF(MIN(Y7*Z7,Y7*N7)+MIN(J7*K7,J7*N7)>19999,MIN(J7*K7,J7*N7),0)))","v":0},null,null,"","No","No",null,null,null,{"$f":"IF($W7=\"33,001 +\",\"Class_8\",IF($W7=\"26,001-33,000\",\"Class_7\",IF($W7=\"19,501-26,000\",\"Class_6\",IF($W7=\"\",\"\"))))","v":""},null,null,0,{"$f":"IF($T7=\"Yes\",IF(COUNTA($U7:$AA7)=7,\"Complete\",\"Incomplete\"),\"N/A\")","v":"N/A"},{"$f":"IF($D7=\"2-for-1 Replace\",IF(OR(COUNTA(A7:AA7)=27,COUNTA(A7:AA7)=29),\"Complete\",\"Incomplete\"),IF(OR($D7=\"Replacement\",$D7=\"Repower\"),IF(COUNTA(A7:Q7)=17,\"Complete\",\"Incomplete\"),\"Incomplete\"))","v":"Incomplete"},null,{"$f":"IF(OR($H7=\"Class_8\",$X7=\"Class_8\"),\"Class_8\",IF(OR($H7=\"Class_7\",$X7=\"Class_7\"),\"Class_7\",IF(OR($H7=\"Class_6\",$X7=\"Class_6\"),\"Class_6\")))","v":false},false,{"$f":"IF($D7=\"Repower\",IF($H7=\"Class_7\",IF($M7=\"New: 2013+ HHD\",\"CL7HHD\",\"gas\")))","v":false},false,null,{"$f":"IF($D7=\"2-for-1 Replace\",\"Norestr\",IF($AK7=\"Repower_8\",\"Repo8\",IF($AK7=\"Repower_7\",\"Repo7\",IF($AK7=\"Repower_6\",\"Repo6\",IF(OR($H7=\"Class_8\",$L7=\"Class_8\"),\"Replacement8HHD\",IF($D7=\"Replacement\",IF($H7=\"Class_6\",\"Replacement6\",IF($H7=\"Class_7\",IF($I7=\"MHD\",\"Replacement7MHD\",\"Replacement7HHD\"),IF($H7=\"Class_8\",IF($I7=\"HHD\",\"Replacement8HHD\",\"Replacement8MHD\")))),))))))","v":0},{"$f":"IF($D7=\"Replacement\",IF($H7=\"Class_6\",\"Replacement_6\",IF($H7=\"Class_7\",\"Replacement_7\",IF($H7=\"Class_8\",\"Replacement_8\",null))),IF($D7=\"Repower\",IF($H7=\"Class_6\",\"Repower_6\",IF($H7=\"Class_7\",\"Repower_7\",IF($H7=\"Class_8\",\"Repower_8\",null))),IF($D7=\"2-for-1 Replace\",IF($L7=\"Class_6\",\"Replacement_6\",IF($L7=\"Class_7\",\"Replacement_7\",IF($L7=\"Class_8\",\"Replacement_8\",null))))))","v":false},{"$f":"IF($D7=\"Replacement\",IF(AND($H7=\"Class_6\",$B7 <> \"4+ Trucks\"),\"Small_Fleet_Replacement_6\",IF(AND($H7=\"Class_7\",$B7 <> \"4+ Trucks\"),\"Small_Fleet_Replacement_7\",IF(AND($H7=\"Class_8\",$B7 <> \"4+ Trucks\"),\"Small_Fleet_Replacement_8\",null))),IF($D7=\"Repower\",IF($H7=\"Class_6\",\"Repower_6\",IF($H7=\"Class_7\",\"Repower_7\",IF($H7=\"Class_8\",\"Repower_8\",null))),IF($D7=\"2-for-1 Replace\",IF($L7=\"Class_6\",\"Replacement_6\",IF($L7=\"Class_7\",\"Small_Fleet_Replacement_7\",IF($L7=\"Class_8\",\"Small_Fleet_Replacement_8\",null))))))","v":false},"IF(AND($B5<>\"4+ Trucks\",$D5=\"Replacement\",$P5=\"Diesel\",$L5=\"Class_6\"),\"small fleet class 6 diesel\")","small fleet class 6 diesel",25000,null,{"$f":"IF(AND($B7<>\"4+ Trucks\",$D7=\"Replacement\",$P7=\"Diesel\",OR($L7=\"Class_7\",$H7=\"CLass_7\"),$M7=\"New: 2015+\"),\"small fleet new class 7 diesel\",IF(AND($B7<>\"4+ Trucks\",$D7=\"Replacement\",OR($P7=\"Diesel\",$P7=\"LNG/CNG\",$P7=\"Hybrid\"),OR($H7=\"Class_7\",$L7=\"Class_7\"),$M7=\"Used: 2011+\"),\"small fleet used class 7 diesel\",IF(AND($B7<>\"4+ Trucks\",$D7=\"Replacement\",$P7=\"Diesel\",$L7=\"Class_8\",$M7=\"New: 2015+\"),\"small fleet new class 8 diesel\",IF(AND($B7<>\"4+ Trucks\",$D7=\"Replacement\",$P7=\"Diesel\",$L7=\"Class_6\"),\"small fleet class 6 diesel\",IF(AND($B7<>\"4+ Trucks\",$D7=\"Replacement\",OR($P7=\"Diesel\",$P7=\"LNG/CNG\",$P7=\"Hybrid\"),$L7=\"Class_8\",$M7=\"Used: 2011+\"),\"small fleet used class 8 diesel\",IF(AND($B7<>\"4+ Trucks\",$D7=\"Repower\",$P7=\"Diesel\",(OR($L7=\"Class_8\",$L7=\"Class_7\"))),\"small fleet repower class 7/8\",IF(AND($B7<>\"4+ Trucks\",$D7=\"Repower\",$P7=\"Diesel\",$L7=\"Class_6\"),\"small fleet repower class 6\",IF(AND($D7=\"Replacement\",$P7=\"Zero Emission\",(OR($L7=\"Class_8\",$L7=\"Class_7\"))),\"zero emission class 7/8\",IF(AND($D7=\"Replacement\",$P7=\"Hybrid Zero-Mile\",(OR($L7=\"Class_8\",$L7=\"Class_7\"))),\"hybrid zero mile class 7/8\",IF(AND($D7=\"Replacement\",$P7=\"Low NOx\",(OR($L7=\"Class_8\",$L7=\"Class_7\"))),\"low nox class 7/8\",IF(AND($D7=\"Replacement\",$P7=\"Hybrid\",(OR($L7=\"Class_8\",$L7=\"Class_7\"))),\"hybrid class 7/8\",IF(AND($D7=\"Replacement\",$P7=\"LNG/CNG\",(OR($L7=\"Class_8\",$L7=\"Class_7\"))),\"lng/cng class 7/8\",IF(AND($D7=\"Replacement\",$P7=\"Zero Emission\",$L7=\"Class_6\"),\"zero emission class 6\",IF(AND($D7=\"Replacement\",$P7=\"Hybrid Zero-Mile\",$L7=\"Class_6\"),\"hybrid zero mile class 6\",IF(AND($D7=\"Replacement\",$P7=\"Low NOx\",$L7=\"Class_6\"),\"low nox class 6\",IF(AND($D7=\"Replacement\",$P7=\"Hybrid\",$L7=\"Class_6\"),\"hybrid class 6\",IF(AND($D7=\"Replacement\",$P7=\"LNG/CNG\",$L7=\"Class_6\"),\"lng/cng class 6\",(IF(AND($P7=\"Diesel\", OR($L7=\"Class_6\", $AE7=\"Class_6\")),\"small fleet class 6 diesel\",IF(AND($P7=\"Diesel\",$M7=\"New: 2015+\", OR($L7=\"Class_7\", $AE7=\"Class_7\")),\"small fleet new class 7 diesel\",IF(AND($P7=\"Diesel\",$M7=\"Used: 2011+\", OR($L7=\"Class_7\", $AE7=\"Class_7\")),\"small fleet used class 7 diesel\",IF(AND($P7=\"Diesel\",$M7=\"New: 2015+\", OR($L7=\"Class_8\", $AE7=\"Class_8\")),\"small fleet new class 8 diesel\",IF(AND($P7=\"Diesel\",$M7=\"Used: 2011+\", OR($L7=\"Class_8\", $AE7=\"Class_8\")),\"small fleet used class 8 diesel\",(IF(AND($P7=\"LNG/CNG\", OR($L7=\"Class_6\", $AE7=\"Class_6\")),\"lng/cng class 6\",(IF(AND($P7=\"Hybrid\", OR($L7=\"Class_6\", $AE7=\"Class_6\")),\"hybrid class 6\",(IF(AND($P7=\"Low NOx\", OR($L7=\"Class_6\", $AE7=\"Class_6\")),\"low nox class 6\",(IF(AND($P7=\"Hybrid Zero-Mile\", OR($L7=\"Class_6\", $AE7=\"Class_6\")),\"hybrid zero mile class 6\",(IF(AND($P7=\"Zero Emission\", OR($L7=\"Class_6\", $AE7=\"Class_6\")),\"zero emission class 6\",(IF(AND($P7=\"LNG/CNG\", OR($L7=\"Class_7\", $AE7=\"Class_7\")),\"lng/cng class 7/8\",(IF(AND($P7=\"Hybrid\", OR($L7=\"Class_7\", $AE7=\"Class_7\")),\"hybrid class 7/8\",(IF(AND($P7=\"Low NOx\", OR($L7=\"Class_7\", $AE7=\"Class_7\")),\"low nox class 7/8\",(IF(AND($P7=\"Hybrid Zero-Mile\", OR($L7=\"Class_7\", $AE7=\"Class_7\")),\"hybrid zero mile class 7/8\",(IF(AND($P7=\"Zero Emission\", OR($L7=\"Class_7\", $AE7=\"Class_7\")),\"zero emission class 7/8\",(IF(AND($P7=\"LNG/CNG\", OR($L7=\"Class_8\", $AE7=\"Class_8\")),\"lng/cng class 7/8\",(IF(AND($P7=\"Hybrid\", OR($L7=\"Class_8\", $AE7=\"Class_8\")),\"hybrid class 7/8\",(IF(AND($P7=\"Low NOx\", OR($L7=\"Class_8\", $AE7=\"Class_8\")),\"low nox class 7/8\",(IF(AND($P7=\"Hybrid Zero-Mile\", OR($L7=\"Class_8\", $AE7=\"Class_8\")),\"hybrid zero mile class 7/8\",(IF(AND($P7=\"Zero Emission\", OR($L7=\"Class_8\", $AE7=\"Class_8\")),\"zero emission class 7/8\")))))))))))))))))))))))))))))))))))))))))))))))))))))","v":false}]
["project 4",null,null,null,null,null,null,{"$f":"IF($G8=\"33,001 +\",\"Class_8\",IF($G8=\"26,001-33,000\",\"Class_7\",IF($G8=\"19,501-26,000\",\"Class_6\",\"\")))","v":""},null,null,null,null,null,null,{"$f":"IF(H8=\"Class_6\",IF(T8=\"No\",MIN(IF((J8*K8)<10000,0,J8*K8),IF((J8*N8)<10000,0,J8*N8)),IF(MIN(Y8*Z8,Y8*N8)+MIN(J8*K8,J8*N8)>9999,MIN(J8*K8,J8*N8),0)),IF(T8=\"No\",MIN(IF((J8*K8)<20000,0,J8*K8),IF((J8*N8)<20000,0,J8*N8)),IF(MIN(Y8*Z8,Y8*N8)+MIN(J8*K8,J8*N8)>19999,MIN(J8*K8,J8*N8),0)))","v":0},null,null,"","No","No",null,null,null,{"$f":"IF($W8=\"33,001 +\",\"Class_8\",IF($W8=\"26,001-33,000\",\"Class_7\",IF($W8=\"19,501-26,000\",\"Class_6\",IF($W8=\"\",\"\"))))","v":""},null,null,0,{"$f":"IF($T8=\"Yes\",IF(COUNTA($U8:$AA8)=7,\"Complete\",\"Incomplete\"),\"N/A\")","v":"N/A"},{"$f":"IF($D8=\"2-for-1 Replace\",IF(OR(COUNTA(A8:AA8)=27,COUNTA(A8:AA8)=29),\"Complete\",\"Incomplete\"),IF(OR($D8=\"Replacement\",$D8=\"Repower\"),IF(COUNTA(A8:Q8)=17,\"Complete\",\"Incomplete\"),\"Incomplete\"))","v":"Incomplete"},null,{"$f":"IF(OR($H8=\"Class_8\",$X8=\"Class_8\"),\"Class_8\",IF(OR($H8=\"Class_7\",$X8=\"Class_7\"),\"Class_7\",IF(OR($H8=\"Class_6\",$X8=\"Class_6\"),\"Class_6\")))","v":false},false,{"$f":"IF($D8=\"Repower\",IF($H8=\"Class_7\",IF($M8=\"New: 2013+ HHD\",\"CL7HHD\",\"gas\")))","v":false},false,null,{"$f":"IF($D8=\"2-for-1 Replace\",\"Norestr\",IF($AK8=\"Repower_8\",\"Repo8\",IF($AK8=\"Repower_7\",\"Repo7\",IF($AK8=\"Repower_6\",\"Repo6\",IF(OR($H8=\"Class_8\",$L8=\"Class_8\"),\"Replacement8HHD\",IF($D8=\"Replacement\",IF($H8=\"Class_6\",\"Replacement6\",IF($H8=\"Class_7\",IF($I8=\"MHD\",\"Replacement7MHD\",\"Replacement7HHD\"),IF($H8=\"Class_8\",IF($I8=\"HHD\",\"Replacement8HHD\",\"Replacement8MHD\")))),))))))","v":0},{"$f":"IF($D8=\"Replacement\",IF($H8=\"Class_6\",\"Replacement_6\",IF($H8=\"Class_7\",\"Replacement_7\",IF($H8=\"Class_8\",\"Replacement_8\",null))),IF($D8=\"Repower\",IF($H8=\"Class_6\",\"Repower_6\",IF($H8=\"Class_7\",\"Repower_7\",IF($H8=\"Class_8\",\"Repower_8\",null))),IF($D8=\"2-for-1 Replace\",IF($L8=\"Class_6\",\"Replacement_6\",IF($L8=\"Class_7\",\"Replacement_7\",IF($L8=\"Class_8\",\"Replacement_8\",null))))))","v":false},{"$f":"IF($D8=\"Replacement\",IF(AND($H8=\"Class_6\",$B8 <> \"4+ Trucks\"),\"Small_Fleet_Replacement_6\",IF(AND($H8=\"Class_7\",$B8 <> \"4+ Trucks\"),\"Small_Fleet_Replacement_7\",IF(AND($H8=\"Class_8\",$B8 <> \"4+ Trucks\"),\"Small_Fleet_Replacement_8\",null))),IF($D8=\"Repower\",IF($H8=\"Class_6\",\"Repower_6\",IF($H8=\"Class_7\",\"Repower_7\",IF($H8=\"Class_8\",\"Repower_8\",null))),IF($D8=\"2-for-1 Replace\",IF($L8=\"Class_6\",\"Replacement_6\",IF($L8=\"Class_7\",\"Small_Fleet_Replacement_7\",IF($L8=\"Class_8\",\"Small_Fleet_Replacement_8\",null))))))","v":false},"IF(AND($B5<>\"4+ Trucks\",$D5=\"Replacement\",$P5=\"Diesel\",$L5=\"Class_8\",$M5=\"Used: 2011+\"),\"small fleet used class 8 diesel\")","small fleet used class 8 diesel",40000,null,{"$f":"IF(AND($B8<>\"4+ Trucks\",$D8=\"Replacement\",$P8=\"Diesel\",OR($L8=\"Class_7\",$H8=\"CLass_7\"),$M8=\"New: 2015+\"),\"small fleet new class 7 diesel\",IF(AND($B8<>\"4+ Trucks\",$D8=\"Replacement\",OR($P8=\"Diesel\",$P8=\"LNG/CNG\",$P8=\"Hybrid\"),OR($H8=\"Class_7\",$L8=\"Class_7\"),$M8=\"Used: 2011+\"),\"small fleet used class 7 diesel\",IF(AND($B8<>\"4+ Trucks\",$D8=\"Replacement\",$P8=\"Diesel\",$L8=\"Class_8\",$M8=\"New: 2015+\"),\"small fleet new class 8 diesel\",IF(AND($B8<>\"4+ Trucks\",$D8=\"Replacement\",$P8=\"Diesel\",$L8=\"Class_6\"),\"small fleet class 6 diesel\",IF(AND($B8<>\"4+ Trucks\",$D8=\"Replacement\",OR($P8=\"Diesel\",$P8=\"LNG/CNG\",$P8=\"Hybrid\"),$L8=\"Class_8\",$M8=\"Used: 2011+\"),\"small fleet used class 8 diesel\",IF(AND($B8<>\"4+ Trucks\",$D8=\"Repower\",$P8=\"Diesel\",(OR($L8=\"Class_8\",$L8=\"Class_7\"))),\"small fleet repower class 7/8\",IF(AND($B8<>\"4+ Trucks\",$D8=\"Repower\",$P8=\"Diesel\",$L8=\"Class_6\"),\"small fleet repower class 6\",IF(AND($D8=\"Replacement\",$P8=\"Zero Emission\",(OR($L8=\"Class_8\",$L8=\"Class_7\"))),\"zero emission class 7/8\",IF(AND($D8=\"Replacement\",$P8=\"Hybrid Zero-Mile\",(OR($L8=\"Class_8\",$L8=\"Class_7\"))),\"hybrid zero mile class 7/8\",IF(AND($D8=\"Replacement\",$P8=\"Low NOx\",(OR($L8=\"Class_8\",$L8=\"Class_7\"))),\"low nox class 7/8\",IF(AND($D8=\"Replacement\",$P8=\"Hybrid\",(OR($L8=\"Class_8\",$L8=\"Class_7\"))),\"hybrid class 7/8\",IF(AND($D8=\"Replacement\",$P8=\"LNG/CNG\",(OR($L8=\"Class_8\",$L8=\"Class_7\"))),\"lng/cng class 7/8\",IF(AND($D8=\"Replacement\",$P8=\"Zero Emission\",$L8=\"Class_6\"),\"zero emission class 6\",IF(AND($D8=\"Replacement\",$P8=\"Hybrid Zero-Mile\",$L8=\"Class_6\"),\"hybrid zero mile class 6\",IF(AND($D8=\"Replacement\",$P8=\"Low NOx\",$L8=\"Class_6\"),\"low nox class 6\",IF(AND($D8=\"Replacement\",$P8=\"Hybrid\",$L8=\"Class_6\"),\"hybrid class 6\",IF(AND($D8=\"Replacement\",$P8=\"LNG/CNG\",$L8=\"Class_6\"),\"lng/cng class 6\",(IF(AND($P8=\"Diesel\", OR($L8=\"Class_6\", $AE8=\"Class_6\")),\"small fleet class 6 diesel\",IF(AND($P8=\"Diesel\",$M8=\"New: 2015+\", OR($L8=\"Class_7\", $AE8=\"Class_7\")),\"small fleet new class 7 diesel\",IF(AND($P8=\"Diesel\",$M8=\"Used: 2011+\", OR($L8=\"Class_7\", $AE8=\"Class_7\")),\"small fleet used class 7 diesel\",IF(AND($P8=\"Diesel\",$M8=\"New: 2015+\", OR($L8=\"Class_8\", $AE8=\"Class_8\")),\"small fleet new class 8 diesel\",IF(AND($P8=\"Diesel\",$M8=\"Used: 2011+\", OR($L8=\"Class_8\", $AE8=\"Class_8\")),\"small fleet used class 8 diesel\",(IF(AND($P8=\"LNG/CNG\", OR($L8=\"Class_6\", $AE8=\"Class_6\")),\"lng/cng class 6\",(IF(AND($P8=\"Hybrid\", OR($L8=\"Class_6\", $AE8=\"Class_6\")),\"hybrid class 6\",(IF(AND($P8=\"Low NOx\", OR($L8=\"Class_6\", $AE8=\"Class_6\")),\"low nox class 6\",(IF(AND($P8=\"Hybrid Zero-Mile\", OR($L8=\"Class_6\", $AE8=\"Class_6\")),\"hybrid zero mile class 6\",(IF(AND($P8=\"Zero Emission\", OR($L8=\"Class_6\", $AE8=\"Class_6\")),\"zero emission class 6\",(IF(AND($P8=\"LNG/CNG\", OR($L8=\"Class_7\", $AE8=\"Class_7\")),\"lng/cng class 7/8\",(IF(AND($P8=\"Hybrid\", OR($L8=\"Class_7\", $AE8=\"Class_7\")),\"hybrid class 7/8\",(IF(AND($P8=\"Low NOx\", OR($L8=\"Class_7\", $AE8=\"Class_7\")),\"low nox class 7/8\",(IF(AND($P8=\"Hybrid Zero-Mile\", OR($L8=\"Class_7\", $AE8=\"Class_7\")),\"hybrid zero mile class 7/8\",(IF(AND($P8=\"Zero Emission\", OR($L8=\"Class_7\", $AE8=\"Class_7\")),\"zero emission class 7/8\",(IF(AND($P8=\"LNG/CNG\", OR($L8=\"Class_8\", $AE8=\"Class_8\")),\"lng/cng class 7/8\",(IF(AND($P8=\"Hybrid\", OR($L8=\"Class_8\", $AE8=\"Class_8\")),\"hybrid class 7/8\",(IF(AND($P8=\"Low NOx\", OR($L8=\"Class_8\", $AE8=\"Class_8\")),\"low nox class 7/8\",(IF(AND($P8=\"Hybrid Zero-Mile\", OR($L8=\"Class_8\", $AE8=\"Class_8\")),\"hybrid zero mile class 7/8\",(IF(AND($P8=\"Zero Emission\", OR($L8=\"Class_8\", $AE8=\"Class_8\")),\"zero emission class 7/8\")))))))))))))))))))))))))))))))))))))))))))))))))))))","v":false}]
["project 5",null,null,null,null,null,null,{"$f":"IF($G9=\"33,001 +\",\"Class_8\",IF($G9=\"26,001-33,000\",\"Class_7\",IF($G9=\"19,501-26,000\",\"Class_6\",\"\")))","v":""},null,null,null,null,null,null,{"$f":"IF(H9=\"Class_6\",IF(T9=\"No\",MIN(IF((J9*K9)<10000,0,J9*K9),IF((J9*N9)<10000,0,J9*N9)),IF(MIN(Y9*Z9,Y9*N9)+MIN(J9*K9,J9*N9)>9999,MIN(J9*K9,J9*N9),0)),IF(T9=\"No\",MIN(IF((J9*K9)<20000,0,J9*K9),IF((J9*N9)<20000,0,J9*N9)),IF(MIN(Y9*Z9,Y9*N9)+MIN(J9*K9,J9*N9)>19999,MIN(J9*K9,J9*N9),0)))","v":0},null,null,"","No","No",null,null,null,{"$f":"IF($W9=\"33,001 +\",\"Class_8\",IF($W9=\"26,001-33,000\",\"Class_7\",IF($W9=\"19,501-26,000\",\"Class_6\",IF($W9=\"\",\"\"))))","v":""},null,null,0,{"$f":"IF($T9=\"Yes\",IF(COUNTA($U9:$AA9)=7,\"Complete\",\"Incomplete\"),\"N/A\")","v":"N/A"},{"$f":"IF($D9=\"2-for-1 Replace\",IF(OR(COUNTA(A9:AA9)=27,COUNTA(A9:AA9)=29),\"Complete\",\"Incomplete\"),IF(OR($D9=\"Replacement\",$D9=\"Repower\"),IF(COUNTA(A9:Q9)=17,\"Complete\",\"Incomplete\"),\"Incomplete\"))","v":"Incomplete"},null,{"$f":"IF(OR($H9=\"Class_8\",$X9=\"Class_8\"),\"Class_8\",IF(OR($H9=\"Class_7\",$X9=\"Class_7\"),\"Class_7\",IF(OR($H9=\"Class_6\",$X9=\"Class_6\"),\"Class_6\")))","v":false},false,{"$f":"IF($D9=\"Repower\",IF($H9=\"Class_7\",IF($M9=\"New: 2013+ HHD\",\"CL7HHD\",\"gas\")))","v":false},false,null,{"$f":"IF($D9=\"2-for-1 Replace\",\"Norestr\",IF($AK9=\"Repower_8\",\"Repo8\",IF($AK9=\"Repower_7\",\"Repo7\",IF($AK9=\"Repower_6\",\"Repo6\",IF(OR($H9=\"Class_8\",$L9=\"Class_8\"),\"Replacement8HHD\",IF($D9=\"Replacement\",IF($H9=\"Class_6\",\"Replacement6\",IF($H9=\"Class_7\",IF($I9=\"MHD\",\"Replacement7MHD\",\"Replacement7HHD\"),IF($H9=\"Class_8\",IF($I9=\"HHD\",\"Replacement8HHD\",\"Replacement8MHD\")))),))))))","v":0},{"$f":"IF($D9=\"Replacement\",IF($H9=\"Class_6\",\"Replacement_6\",IF($H9=\"Class_7\",\"Replacement_7\",IF($H9=\"Class_8\",\"Replacement_8\",null))),IF($D9=\"Repower\",IF($H9=\"Class_6\",\"Repower_6\",IF($H9=\"Class_7\",\"Repower_7\",IF($H9=\"Class_8\",\"Repower_8\",null))),IF($D9=\"2-for-1 Replace\",IF($L9=\"Class_6\",\"Replacement_6\",IF($L9=\"Class_7\",\"Replacement_7\",IF($L9=\"Class_8\",\"Replacement_8\",null))))))","v":false},{"$f":"IF($D9=\"Replacement\",IF(AND($H9=\"Class_6\",$B9 <> \"4+ Trucks\"),\"Small_Fleet_Replacement_6\",IF(AND($H9=\"Class_7\",$B9 <> \"4+ Trucks\"),\"Small_Fleet_Replacement_7\",IF(AND($H9=\"Class_8\",$B9 <> \"4+ Trucks\"),\"Small_Fleet_Replacement_8\",null))),IF($D9=\"Repower\",IF($H9=\"Class_6\",\"Repower_6\",IF($H9=\"Class_7\",\"Repower_7\",IF($H9=\"Class_8\",\"Repower_8\",null))),IF($D9=\"2-for-1 Replace\",IF($L9=\"Class_6\",\"Replacement_6\",IF($L9=\"Class_7\",\"Small_Fleet_Replacement_7\",IF($L9=\"Class_8\",\"Small_Fleet_Replacement_8\",null))))))","v":false},"IF(AND($B5<>\"4+ Trucks\",$D5=\"Replacement\",$P5=\"Diesel\",$L5=\"Class_7\",$M5=\"Used: 2011+\"),\"small fleet used class 7 diesel\")","small fleet used class 7 diesel",35000,null,{"$f":"IF(AND($B9<>\"4+ Trucks\",$D9=\"Replacement\",$P9=\"Diesel\",OR($L9=\"Class_7\",$H9=\"CLass_7\"),$M9=\"New: 2015+\"),\"small fleet new class 7 diesel\",IF(AND($B9<>\"4+ Trucks\",$D9=\"Replacement\",OR($P9=\"Diesel\",$P9=\"LNG/CNG\",$P9=\"Hybrid\"),OR($H9=\"Class_7\",$L9=\"Class_7\"),$M9=\"Used: 2011+\"),\"small fleet used class 7 diesel\",IF(AND($B9<>\"4+ Trucks\",$D9=\"Replacement\",$P9=\"Diesel\",$L9=\"Class_8\",$M9=\"New: 2015+\"),\"small fleet new class 8 diesel\",IF(AND($B9<>\"4+ Trucks\",$D9=\"Replacement\",$P9=\"Diesel\",$L9=\"Class_6\"),\"small fleet class 6 diesel\",IF(AND($B9<>\"4+ Trucks\",$D9=\"Replacement\",OR($P9=\"Diesel\",$P9=\"LNG/CNG\",$P9=\"Hybrid\"),$L9=\"Class_8\",$M9=\"Used: 2011+\"),\"small fleet used class 8 diesel\",IF(AND($B9<>\"4+ Trucks\",$D9=\"Repower\",$P9=\"Diesel\",(OR($L9=\"Class_8\",$L9=\"Class_7\"))),\"small fleet repower class 7/8\",IF(AND($B9<>\"4+ Trucks\",$D9=\"Repower\",$P9=\"Diesel\",$L9=\"Class_6\"),\"small fleet repower class 6\",IF(AND($D9=\"Replacement\",$P9=\"Zero Emission\",(OR($L9=\"Class_8\",$L9=\"Class_7\"))),\"zero emission class 7/8\",IF(AND($D9=\"Replacement\",$P9=\"Hybrid Zero-Mile\",(OR($L9=\"Class_8\",$L9=\"Class_7\"))),\"hybrid zero mile class 7/8\",IF(AND($D9=\"Replacement\",$P9=\"Low NOx\",(OR($L9=\"Class_8\",$L9=\"Class_7\"))),\"low nox class 7/8\",IF(AND($D9=\"Replacement\",$P9=\"Hybrid\",(OR($L9=\"Class_8\",$L9=\"Class_7\"))),\"hybrid class 7/8\",IF(AND($D9=\"Replacement\",$P9=\"LNG/CNG\",(OR($L9=\"Class_8\",$L9=\"Class_7\"))),\"lng/cng class 7/8\",IF(AND($D9=\"Replacement\",$P9=\"Zero Emission\",$L9=\"Class_6\"),\"zero emission class 6\",IF(AND($D9=\"Replacement\",$P9=\"Hybrid Zero-Mile\",$L9=\"Class_6\"),\"hybrid zero mile class 6\",IF(AND($D9=\"Replacement\",$P9=\"Low NOx\",$L9=\"Class_6\"),\"low nox class 6\",IF(AND($D9=\"Replacement\",$P9=\"Hybrid\",$L9=\"Class_6\"),\"hybrid class 6\",IF(AND($D9=\"Replacement\",$P9=\"LNG/CNG\",$L9=\"Class_6\"),\"lng/cng class 6\",(IF(AND($P9=\"Diesel\", OR($L9=\"Class_6\", $AE9=\"Class_6\")),\"small fleet class 6 diesel\",IF(AND($P9=\"Diesel\",$M9=\"New: 2015+\", OR($L9=\"Class_7\", $AE9=\"Class_7\")),\"small fleet new class 7 diesel\",IF(AND($P9=\"Diesel\",$M9=\"Used: 2011+\", OR($L9=\"Class_7\", $AE9=\"Class_7\")),\"small fleet used class 7 diesel\",IF(AND($P9=\"Diesel\",$M9=\"New: 2015+\", OR($L9=\"Class_8\", $AE9=\"Class_8\")),\"small fleet new class 8 diesel\",IF(AND($P9=\"Diesel\",$M9=\"Used: 2011+\", OR($L9=\"Class_8\", $AE9=\"Class_8\")),\"small fleet used class 8 diesel\",(IF(AND($P9=\"LNG/CNG\", OR($L9=\"Class_6\", $AE9=\"Class_6\")),\"lng/cng class 6\",(IF(AND($P9=\"Hybrid\", OR($L9=\"Class_6\", $AE9=\"Class_6\")),\"hybrid class 6\",(IF(AND($P9=\"Low NOx\", OR($L9=\"Class_6\", $AE9=\"Class_6\")),\"low nox class 6\",(IF(AND($P9=\"Hybrid Zero-Mile\", OR($L9=\"Class_6\", $AE9=\"Class_6\")),\"hybrid zero mile class 6\",(IF(AND($P9=\"Zero Emission\", OR($L9=\"Class_6\", $AE9=\"Class_6\")),\"zero emission class 6\",(IF(AND($P9=\"LNG/CNG\", OR($L9=\"Class_7\", $AE9=\"Class_7\")),\"lng/cng class 7/8\",(IF(AND($P9=\"Hybrid\", OR($L9=\"Class_7\", $AE9=\"Class_7\")),\"hybrid class 7/8\",(IF(AND($P9=\"Low NOx\", OR($L9=\"Class_7\", $AE9=\"Class_7\")),\"low nox class 7/8\",(IF(AND($P9=\"Hybrid Zero-Mile\", OR($L9=\"Class_7\", $AE9=\"Class_7\")),\"hybrid zero mile class 7/8\",(IF(AND($P9=\"Zero Emission\", OR($L9=\"Class_7\", $AE9=\"Class_7\")),\"zero emission class 7/8\",(IF(AND($P9=\"LNG/CNG\", OR($L9=\"Class_8\", $AE9=\"Class_8\")),\"lng/cng class 7/8\",(IF(AND($P9=\"Hybrid\", OR($L9=\"Class_8\", $AE9=\"Class_8\")),\"hybrid class 7/8\",(IF(AND($P9=\"Low NOx\", OR($L9=\"Class_8\", $AE9=\"Class_8\")),\"low nox class 7/8\",(IF(AND($P9=\"Hybrid Zero-Mile\", OR($L9=\"Class_8\", $AE9=\"Class_8\")),\"hybrid zero mile class 7/8\",(IF(AND($P9=\"Zero Emission\", OR($L9=\"Class_8\", $AE9=\"Class_8\")),\"zero emission class 7/8\")))))))))))))))))))))))))))))))))))))))))))))))))))))","v":false}]
["project 6",null,null,null,null,null,null,{"$f":"IF($G10=\"33,001 +\",\"Class_8\",IF($G10=\"26,001-33,000\",\"Class_7\",IF($G10=\"19,501-26,000\",\"Class_6\",\"\")))","v":""},null,null,null,null,null,null,{"$f":"IF(H10=\"Class_6\",IF(T10=\"No\",MIN(IF((J10*K10)<10000,0,J10*K10),IF((J10*N10)<10000,0,J10*N10)),IF(MIN(Y10*Z10,Y10*N10)+MIN(J10*K10,J10*N10)>9999,MIN(J10*K10,J10*N10),0)),IF(T10=\"No\",MIN(IF((J10*K10)<20000,0,J10*K10),IF((J10*N10)<20000,0,J10*N10)),IF(MIN(Y10*Z10,Y10*N10)+MIN(J10*K10,J10*N10)>19999,MIN(J10*K10,J10*N10),0)))","v":0},null,null,"","No","No",null,null,null,{"$f":"IF($W10=\"33,001 +\",\"Class_8\",IF($W10=\"26,001-33,000\",\"Class_7\",IF($W10=\"19,501-26,000\",\"Class_6\",IF($W10=\"\",\"\"))))","v":""},null,null,0,{"$f":"IF($T10=\"Yes\",IF(COUNTA($U10:$AA10)=7,\"Complete\",\"Incomplete\"),\"N/A\")","v":"N/A"},{"$f":"IF($D10=\"2-for-1 Replace\",IF(OR(COUNTA(A10:AA10)=27,COUNTA(A10:AA10)=29),\"Complete\",\"Incomplete\"),IF(OR($D10=\"Replacement\",$D10=\"Repower\"),IF(COUNTA(A10:Q10)=17,\"Complete\",\"Incomplete\"),\"Incomplete\"))","v":"Incomplete"},null,{"$f":"IF(OR($H10=\"Class_8\",$X10=\"Class_8\"),\"Class_8\",IF(OR($H10=\"Class_7\",$X10=\"Class_7\"),\"Class_7\",IF(OR($H10=\"Class_6\",$X10=\"Class_6\"),\"Class_6\")))","v":false},false,{"$f":"IF($D10=\"Repower\",IF($H10=\"Class_7\",IF($M10=\"New: 2013+ HHD\",\"CL7HHD\",\"gas\")))","v":false},false,null,{"$f":"IF($D10=\"2-for-1 Replace\",\"Norestr\",IF($AK10=\"Repower_8\",\"Repo8\",IF($AK10=\"Repower_7\",\"Repo7\",IF($AK10=\"Repower_6\",\"Repo6\",IF(OR($H10=\"Class_8\",$L10=\"Class_8\"),\"Replacement8HHD\",IF($D10=\"Replacement\",IF($H10=\"Class_6\",\"Replacement6\",IF($H10=\"Class_7\",IF($I10=\"MHD\",\"Replacement7MHD\",\"Replacement7HHD\"),IF($H10=\"Class_8\",IF($I10=\"HHD\",\"Replacement8HHD\",\"Replacement8MHD\")))),))))))","v":0},{"$f":"IF($D10=\"Replacement\",IF($H10=\"Class_6\",\"Replacement_6\",IF($H10=\"Class_7\",\"Replacement_7\",IF($H10=\"Class_8\",\"Replacement_8\",null))),IF($D10=\"Repower\",IF($H10=\"Class_6\",\"Repower_6\",IF($H10=\"Class_7\",\"Repower_7\",IF($H10=\"Class_8\",\"Repower_8\",null))),IF($D10=\"2-for-1 Replace\",IF($L10=\"Class_6\",\"Replacement_6\",IF($L10=\"Class_7\",\"Replacement_7\",IF($L10=\"Class_8\",\"Replacement_8\",null))))))","v":false},{"$f":"IF($D10=\"Replacement\",IF(AND($H10=\"Class_6\",$B10 <> \"4+ Trucks\"),\"Small_Fleet_Replacement_6\",IF(AND($H10=\"Class_7\",$B10 <> \"4+ Trucks\"),\"Small_Fleet_Replacement_7\",IF(AND($H10=\"Class_8\",$B10 <> \"4+ Trucks\"),\"Small_Fleet_Replacement_8\",null))),IF($D10=\"Repower\",IF($H10=\"Class_6\",\"Repower_6\",IF($H10=\"Class_7\",\"Repower_7\",IF($H10=\"Class_8\",\"Repower_8\",null))),IF($D10=\"2-for-1 Replace\",IF($L10=\"Class_6\",\"Replacement_6\",IF($L10=\"Class_7\",\"Small_Fleet_Replacement_7\",IF($L10=\"Class_8\",\"Small_Fleet_Replacement_8\",null))))))","v":false},"IF(AND($B5<>\"4+ Trucks\",$D5=\"Repower\",$P5=\"Diesel\",(OR($L5=\"Class_8\",$L5=\"Class_7\"))),\"small fleet repower class 7/8\")","small fleet repower class 7/8",20000,null,{"$f":"IF(AND($B10<>\"4+ Trucks\",$D10=\"Replacement\",$P10=\"Diesel\",OR($L10=\"Class_7\",$H10=\"CLass_7\"),$M10=\"New: 2015+\"),\"small fleet new class 7 diesel\",IF(AND($B10<>\"4+ Trucks\",$D10=\"Replacement\",OR($P10=\"Diesel\",$P10=\"LNG/CNG\",$P10=\"Hybrid\"),OR($H10=\"Class_7\",$L10=\"Class_7\"),$M10=\"Used: 2011+\"),\"small fleet used class 7 diesel\",IF(AND($B10<>\"4+ Trucks\",$D10=\"Replacement\",$P10=\"Diesel\",$L10=\"Class_8\",$M10=\"New: 2015+\"),\"small fleet new class 8 diesel\",IF(AND($B10<>\"4+ Trucks\",$D10=\"Replacement\",$P10=\"Diesel\",$L10=\"Class_6\"),\"small fleet class 6 diesel\",IF(AND($B10<>\"4+ Trucks\",$D10=\"Replacement\",OR($P10=\"Diesel\",$P10=\"LNG/CNG\",$P10=\"Hybrid\"),$L10=\"Class_8\",$M10=\"Used: 2011+\"),\"small fleet used class 8 diesel\",IF(AND($B10<>\"4+ Trucks\",$D10=\"Repower\",$P10=\"Diesel\",(OR($L10=\"Class_8\",$L10=\"Class_7\"))),\"small fleet repower class 7/8\",IF(AND($B10<>\"4+ Trucks\",$D10=\"Repower\",$P10=\"Diesel\",$L10=\"Class_6\"),\"small fleet repower class 6\",IF(AND($D10=\"Replacement\",$P10=\"Zero Emission\",(OR($L10=\"Class_8\",$L10=\"Class_7\"))),\"zero emission class 7/8\",IF(AND($D10=\"Replacement\",$P10=\"Hybrid Zero-Mile\",(OR($L10=\"Class_8\",$L10=\"Class_7\"))),\"hybrid zero mile class 7/8\",IF(AND($D10=\"Replacement\",$P10=\"Low NOx\",(OR($L10=\"Class_8\",$L10=\"Class_7\"))),\"low nox class 7/8\",IF(AND($D10=\"Replacement\",$P10=\"Hybrid\",(OR($L10=\"Class_8\",$L10=\"Class_7\"))),\"hybrid class 7/8\",IF(AND($D10=\"Replacement\",$P10=\"LNG/CNG\",(OR($L10=\"Class_8\",$L10=\"Class_7\"))),\"lng/cng class 7/8\",IF(AND($D10=\"Replacement\",$P10=\"Zero Emission\",$L10=\"Class_6\"),\"zero emission class 6\",IF(AND($D10=\"Replacement\",$P10=\"Hybrid Zero-Mile\",$L10=\"Class_6\"),\"hybrid zero mile class 6\",IF(AND($D10=\"Replacement\",$P10=\"Low NOx\",$L10=\"Class_6\"),\"low nox class 6\",IF(AND($D10=\"Replacement\",$P10=\"Hybrid\",$L10=\"Class_6\"),\"hybrid class 6\",IF(AND($D10=\"Replacement\",$P10=\"LNG/CNG\",$L10=\"Class_6\"),\"lng/cng class 6\",(IF(AND($P10=\"Diesel\", OR($L10=\"Class_6\", $AE10=\"Class_6\")),\"small fleet class 6 diesel\",IF(AND($P10=\"Diesel\",$M10=\"New: 2015+\", OR($L10=\"Class_7\", $AE10=\"Class_7\")),\"small fleet new class 7 diesel\",IF(AND($P10=\"Diesel\",$M10=\"Used: 2011+\", OR($L10=\"Class_7\", $AE10=\"Class_7\")),\"small fleet used class 7 diesel\",IF(AND($P10=\"Diesel\",$M10=\"New: 2015+\", OR($L10=\"Class_8\", $AE10=\"Class_8\")),\"small fleet new class 8 diesel\",IF(AND($P10=\"Diesel\",$M10=\"Used: 2011+\", OR($L10=\"Class_8\", $AE10=\"Class_8\")),\"small fleet used class 8 diesel\",(IF(AND($P10=\"LNG/CNG\", OR($L10=\"Class_6\", $AE10=\"Class_6\")),\"lng/cng class 6\",(IF(AND($P10=\"Hybrid\", OR($L10=\"Class_6\", $AE10=\"Class_6\")),\"hybrid class 6\",(IF(AND($P10=\"Low NOx\", OR($L10=\"Class_6\", $AE10=\"Class_6\")),\"low nox class 6\",(IF(AND($P10=\"Hybrid Zero-Mile\", OR($L10=\"Class_6\", $AE10=\"Class_6\")),\"hybrid zero mile class 6\",(IF(AND($P10=\"Zero Emission\", OR($L10=\"Class_6\", $AE10=\"Class_6\")),\"zero emission class 6\",(IF(AND($P10=\"LNG/CNG\", OR($L10=\"Class_7\", $AE10=\"Class_7\")),\"lng/cng class 7/8\",(IF(AND($P10=\"Hybrid\", OR($L10=\"Class_7\", $AE10=\"Class_7\")),\"hybrid class 7/8\",(IF(AND($P10=\"Low NOx\", OR($L10=\"Class_7\", $AE10=\"Class_7\")),\"low nox class 7/8\",(IF(AND($P10=\"Hybrid Zero-Mile\", OR($L10=\"Class_7\", $AE10=\"Class_7\")),\"hybrid zero mile class 7/8\",(IF(AND($P10=\"Zero Emission\", OR($L10=\"Class_7\", $AE10=\"Class_7\")),\"zero emission class 7/8\",(IF(AND($P10=\"LNG/CNG\", OR($L10=\"Class_8\", $AE10=\"Class_8\")),\"lng/cng class 7/8\",(IF(AND($P10=\"Hybrid\", OR($L10=\"Class_8\", $AE10=\"Class_8\")),\"hybrid class 7/8\",(IF(AND($P10=\"Low NOx\", OR($L10=\"Class_8\", $AE10=\"Class_8\")),\"low nox class 7/8\",(IF(AND($P10=\"Hybrid Zero-Mile\", OR($L10=\"Class_8\", $AE10=\"Class_8\")),\"hybrid zero mile class 7/8\",(IF(AND($P10=\"Zero Emission\", OR($L10=\"Class_8\", $AE10=\"Class_8\")),\"zero emission class 7/8\")))))))))))))))))))))))))))))))))))))))))))))))))))))","v":false}]
["project 7",null,null,null,null,null,null,{"$f":"IF($G11=\"33,001 +\",\"Class_8\",IF($G11=\"26,001-33,000\",\"Class_7\",IF($G11=\"19,501-26,000\",\"Class_6\",\"\")))","v":""},null,null,null,null,null,null,{"$f":"IF(H11=\"Class_6\",IF(T11=\"No\",MIN(IF((J11*K11)<10000,0,J11*K11),IF((J11*N11)<10000,0,J11*N11)),IF(MIN(Y11*Z11,Y11*N11)+MIN(J11*K11,J11*N11)>9999,MIN(J11*K11,J11*N11),0)),IF(T11=\"No\",MIN(IF((J11*K11)<20000,0,J11*K11),IF((J11*N11)<20000,0,J11*N11)),IF(MIN(Y11*Z11,Y11*N11)+MIN(J11*K11,J11*N11)>19999,MIN(J11*K11,J11*N11),0)))","v":0},null,null,"","No","No",null,null,null,{"$f":"IF($W11=\"33,001 +\",\"Class_8\",IF($W11=\"26,001-33,000\",\"Class_7\",IF($W11=\"19,501-26,000\",\"Class_6\",IF($W11=\"\",\"\"))))","v":""},null,null,0,{"$f":"IF($T11=\"Yes\",IF(COUNTA($U11:$AA11)=7,\"Complete\",\"Incomplete\"),\"N/A\")","v":"N/A"},{"$f":"IF($D11=\"2-for-1 Replace\",IF(OR(COUNTA(A11:AA11)=27,COUNTA(A11:AA11)=29),\"Complete\",\"Incomplete\"),IF(OR($D11=\"Replacement\",$D11=\"Repower\"),IF(COUNTA(A11:Q11)=17,\"Complete\",\"Incomplete\"),\"Incomplete\"))","v":"Incomplete"},null,{"$f":"IF(OR($H11=\"Class_8\",$X11=\"Class_8\"),\"Class_8\",IF(OR($H11=\"Class_7\",$X11=\"Class_7\"),\"Class_7\",IF(OR($H11=\"Class_6\",$X11=\"Class_6\"),\"Class_6\")))","v":false},false,{"$f":"IF($D11=\"Repower\",IF($H11=\"Class_7\",IF($M11=\"New: 2013+ HHD\",\"CL7HHD\",\"gas\")))","v":false},false,null,{"$f":"IF($D11=\"2-for-1 Replace\",\"Norestr\",IF($AK11=\"Repower_8\",\"Repo8\",IF($AK11=\"Repower_7\",\"Repo7\",IF($AK11=\"Repower_6\",\"Repo6\",IF(OR($H11=\"Class_8\",$L11=\"Class_8\"),\"Replacement8HHD\",IF($D11=\"Replacement\",IF($H11=\"Class_6\",\"Replacement6\",IF($H11=\"Class_7\",IF($I11=\"MHD\",\"Replacement7MHD\",\"Replacement7HHD\"),IF($H11=\"Class_8\",IF($I11=\"HHD\",\"Replacement8HHD\",\"Replacement8MHD\")))),))))))","v":0},{"$f":"IF($D11=\"Replacement\",IF($H11=\"Class_6\",\"Replacement_6\",IF($H11=\"Class_7\",\"Replacement_7\",IF($H11=\"Class_8\",\"Replacement_8\",null))),IF($D11=\"Repower\",IF($H11=\"Class_6\",\"Repower_6\",IF($H11=\"Class_7\",\"Repower_7\",IF($H11=\"Class_8\",\"Repower_8\",null))),IF($D11=\"2-for-1 Replace\",IF($L11=\"Class_6\",\"Replacement_6\",IF($L11=\"Class_7\",\"Replacement_7\",IF($L11=\"Class_8\",\"Replacement_8\",null))))))","v":false},{"$f":"IF($D11=\"Replacement\",IF(AND($H11=\"Class_6\",$B11 <> \"4+ Trucks\"),\"Small_Fleet_Replacement_6\",IF(AND($H11=\"Class_7\",$B11 <> \"4+ Trucks\"),\"Small_Fleet_Replacement_7\",IF(AND($H11=\"Class_8\",$B11 <> \"4+ Trucks\"),\"Small_Fleet_Replacement_8\",null))),IF($D11=\"Repower\",IF($H11=\"Class_6\",\"Repower_6\",IF($H11=\"Class_7\",\"Repower_7\",IF($H11=\"Class_8\",\"Repower_8\",null))),IF($D11=\"2-for-1 Replace\",IF($L11=\"Class_6\",\"Replacement_6\",IF($L11=\"Class_7\",\"Small_Fleet_Replacement_7\",IF($L11=\"Class_8\",\"Small_Fleet_Replacement_8\",null))))))","v":false},"IF(AND($B5<>\"4+ Trucks\",$D5=\"Repower\",$P5=\"Diesel\",$L5=\"Class_6\"),\"small fleet repower class 6\")","small fleet repower class 6",10000,null,{"$f":"IF(AND($B11<>\"4+ Trucks\",$D11=\"Replacement\",$P11=\"Diesel\",OR($L11=\"Class_7\",$H11=\"CLass_7\"),$M11=\"New: 2015+\"),\"small fleet new class 7 diesel\",IF(AND($B11<>\"4+ Trucks\",$D11=\"Replacement\",OR($P11=\"Diesel\",$P11=\"LNG/CNG\",$P11=\"Hybrid\"),OR($H11=\"Class_7\",$L11=\"Class_7\"),$M11=\"Used: 2011+\"),\"small fleet used class 7 diesel\",IF(AND($B11<>\"4+ Trucks\",$D11=\"Replacement\",$P11=\"Diesel\",$L11=\"Class_8\",$M11=\"New: 2015+\"),\"small fleet new class 8 diesel\",IF(AND($B11<>\"4+ Trucks\",$D11=\"Replacement\",$P11=\"Diesel\",$L11=\"Class_6\"),\"small fleet class 6 diesel\",IF(AND($B11<>\"4+ Trucks\",$D11=\"Replacement\",OR($P11=\"Diesel\",$P11=\"LNG/CNG\",$P11=\"Hybrid\"),$L11=\"Class_8\",$M11=\"Used: 2011+\"),\"small fleet used class 8 diesel\",IF(AND($B11<>\"4+ Trucks\",$D11=\"Repower\",$P11=\"Diesel\",(OR($L11=\"Class_8\",$L11=\"Class_7\"))),\"small fleet repower class 7/8\",IF(AND($B11<>\"4+ Trucks\",$D11=\"Repower\",$P11=\"Diesel\",$L11=\"Class_6\"),\"small fleet repower class 6\",IF(AND($D11=\"Replacement\",$P11=\"Zero Emission\",(OR($L11=\"Class_8\",$L11=\"Class_7\"))),\"zero emission class 7/8\",IF(AND($D11=\"Replacement\",$P11=\"Hybrid Zero-Mile\",(OR($L11=\"Class_8\",$L11=\"Class_7\"))),\"hybrid zero mile class 7/8\",IF(AND($D11=\"Replacement\",$P11=\"Low NOx\",(OR($L11=\"Class_8\",$L11=\"Class_7\"))),\"low nox class 7/8\",IF(AND($D11=\"Replacement\",$P11=\"Hybrid\",(OR($L11=\"Class_8\",$L11=\"Class_7\"))),\"hybrid class 7/8\",IF(AND($D11=\"Replacement\",$P11=\"LNG/CNG\",(OR($L11=\"Class_8\",$L11=\"Class_7\"))),\"lng/cng class 7/8\",IF(AND($D11=\"Replacement\",$P11=\"Zero Emission\",$L11=\"Class_6\"),\"zero emission class 6\",IF(AND($D11=\"Replacement\",$P11=\"Hybrid Zero-Mile\",$L11=\"Class_6\"),\"hybrid zero mile class 6\",IF(AND($D11=\"Replacement\",$P11=\"Low NOx\",$L11=\"Class_6\"),\"low nox class 6\",IF(AND($D11=\"Replacement\",$P11=\"Hybrid\",$L11=\"Class_6\"),\"hybrid class 6\",IF(AND($D11=\"Replacement\",$P11=\"LNG/CNG\",$L11=\"Class_6\"),\"lng/cng class 6\",(IF(AND($P11=\"Diesel\", OR($L11=\"Class_6\", $AE11=\"Class_6\")),\"small fleet class 6 diesel\",IF(AND($P11=\"Diesel\",$M11=\"New: 2015+\", OR($L11=\"Class_7\", $AE11=\"Class_7\")),\"small fleet new class 7 diesel\",IF(AND($P11=\"Diesel\",$M11=\"Used: 2011+\", OR($L11=\"Class_7\", $AE11=\"Class_7\")),\"small fleet used class 7 diesel\",IF(AND($P11=\"Diesel\",$M11=\"New: 2015+\", OR($L11=\"Class_8\", $AE11=\"Class_8\")),\"small fleet new class 8 diesel\",IF(AND($P11=\"Diesel\",$M11=\"Used: 2011+\", OR($L11=\"Class_8\", $AE11=\"Class_8\")),\"small fleet used class 8 diesel\",(IF(AND($P11=\"LNG/CNG\", OR($L11=\"Class_6\", $AE11=\"Class_6\")),\"lng/cng class 6\",(IF(AND($P11=\"Hybrid\", OR($L11=\"Class_6\", $AE11=\"Class_6\")),\"hybrid class 6\",(IF(AND($P11=\"Low NOx\", OR($L11=\"Class_6\", $AE11=\"Class_6\")),\"low nox class 6\",(IF(AND($P11=\"Hybrid Zero-Mile\", OR($L11=\"Class_6\", $AE11=\"Class_6\")),\"hybrid zero mile class 6\",(IF(AND($P11=\"Zero Emission\", OR($L11=\"Class_6\", $AE11=\"Class_6\")),\"zero emission class 6\",(IF(AND($P11=\"LNG/CNG\", OR($L11=\"Class_7\", $AE11=\"Class_7\")),\"lng/cng class 7/8\",(IF(AND($P11=\"Hybrid\", OR($L11=\"Class_7\", $AE11=\"Class_7\")),\"hybrid class 7/8\",(IF(AND($P11=\"Low NOx\", OR($L11=\"Class_7\", $AE11=\"Class_7\")),\"low nox class 7/8\",(IF(AND($P11=\"Hybrid Zero-Mile\", OR($L11=\"Class_7\", $AE11=\"Class_7\")),\"hybrid zero mile class 7/8\",(IF(AND($P11=\"Zero Emission\", OR($L11=\"Class_7\", $AE11=\"Class_7\")),\"zero emission class 7/8\",(IF(AND($P11=\"LNG/CNG\", OR($L11=\"Class_8\", $AE11=\"Class_8\")),\"lng/cng class 7/8\",(IF(AND($P11=\"Hybrid\", OR($L11=\"Class_8\", $AE11=\"Class_8\")),\"hybrid class 7/8\",(IF(AND($P11=\"Low NOx\", OR($L11=\"Class_8\", $AE11=\"Class_8\")),\"low nox class 7/8\",(IF(AND($P11=\"Hybrid Zero-Mile\", OR($L11=\"Class_8\", $AE11=\"Class_8\")),\"hybrid zero mile class 7/8\",(IF(AND($P11=\"Zero Emission\", OR($L11=\"Class_8\", $AE11=\"Class_8\")),\"zero emission class 7/8\")))))))))))))))))))))))))))))))))))))))))))))))))))))","v":false}]
["project 8",null,null,null,null,null,null,{"$f":"IF($G12=\"33,001 +\",\"Class_8\",IF($G12=\"26,001-33,000\",\"Class_7\",IF($G12=\"19,501-26,000\",\"Class_6\",\"\")))","v":""},null,null,null,null,null,null,{"$f":"IF(H12=\"Class_6\",IF(T12=\"No\",MIN(IF((J12*K12)<10000,0,J12*K12),IF((J12*N12)<10000,0,J12*N12)),IF(MIN(Y12*Z12,Y12*N12)+MIN(J12*K12,J12*N12)>9999,MIN(J12*K12,J12*N12),0)),IF(T12=\"No\",MIN(IF((J12*K12)<20000,0,J12*K12),IF((J12*N12)<20000,0,J12*N12)),IF(MIN(Y12*Z12,Y12*N12)+MIN(J12*K12,J12*N12)>19999,MIN(J12*K12,J12*N12),0)))","v":0},null,null,"","No","No",null,null,null,{"$f":"IF($W12=\"33,001 +\",\"Class_8\",IF($W12=\"26,001-33,000\",\"Class_7\",IF($W12=\"19,501-26,000\",\"Class_6\",IF($W12=\"\",\"\"))))","v":""},null,null,0,{"$f":"IF($T12=\"Yes\",IF(COUNTA($U12:$AA12)=7,\"Complete\",\"Incomplete\"),\"N/A\")","v":"N/A"},{"$f":"IF($D12=\"2-for-1 Replace\",IF(OR(COUNTA(A12:AA12)=27,COUNTA(A12:AA12)=29),\"Complete\",\"Incomplete\"),IF(OR($D12=\"Replacement\",$D12=\"Repower\"),IF(COUNTA(A12:Q12)=17,\"Complete\",\"Incomplete\"),\"Incomplete\"))","v":"Incomplete"},null,{"$f":"IF(OR($H12=\"Class_8\",$X12=\"Class_8\"),\"Class_8\",IF(OR($H12=\"Class_7\",$X12=\"Class_7\"),\"Class_7\",IF(OR($H12=\"Class_6\",$X12=\"Class_6\"),\"Class_6\")))","v":false},false,{"$f":"IF($D12=\"Repower\",IF($H12=\"Class_7\",IF($M12=\"New: 2013+ HHD\",\"CL7HHD\",\"gas\")))","v":false},false,null,{"$f":"IF($D12=\"2-for-1 Replace\",\"Norestr\",IF($AK12=\"Repower_8\",\"Repo8\",IF($AK12=\"Repower_7\",\"Repo7\",IF($AK12=\"Repower_6\",\"Repo6\",IF(OR($H12=\"Class_8\",$L12=\"Class_8\"),\"Replacement8HHD\",IF($D12=\"Replacement\",IF($H12=\"Class_6\",\"Replacement6\",IF($H12=\"Class_7\",IF($I12=\"MHD\",\"Replacement7MHD\",\"Replacement7HHD\"),IF($H12=\"Class_8\",IF($I12=\"HHD\",\"Replacement8HHD\",\"Replacement8MHD\")))),))))))","v":0},{"$f":"IF($D12=\"Replacement\",IF($H12=\"Class_6\",\"Replacement_6\",IF($H12=\"Class_7\",\"Replacement_7\",IF($H12=\"Class_8\",\"Replacement_8\",null))),IF($D12=\"Repower\",IF($H12=\"Class_6\",\"Repower_6\",IF($H12=\"Class_7\",\"Repower_7\",IF($H12=\"Class_8\",\"Repower_8\",null))),IF($D12=\"2-for-1 Replace\",IF($L12=\"Class_6\",\"Replacement_6\",IF($L12=\"Class_7\",\"Replacement_7\",IF($L12=\"Class_8\",\"Replacement_8\",null))))))","v":false},{"$f":"IF($D12=\"Replacement\",IF(AND($H12=\"Class_6\",$B12 <> \"4+ Trucks\"),\"Small_Fleet_Replacement_6\",IF(AND($H12=\"Class_7\",$B12 <> \"4+ Trucks\"),\"Small_Fleet_Replacement_7\",IF(AND($H12=\"Class_8\",$B12 <> \"4+ Trucks\"),\"Small_Fleet_Replacement_8\",null))),IF($D12=\"Repower\",IF($H12=\"Class_6\",\"Repower_6\",IF($H12=\"Class_7\",\"Repower_7\",IF($H12=\"Class_8\",\"Repower_8\",null))),IF($D12=\"2-for-1 Replace\",IF($L12=\"Class_6\",\"Replacement_6\",IF($L12=\"Class_7\",\"Small_Fleet_Replacement_7\",IF($L12=\"Class_8\",\"Small_Fleet_Replacement_8\",null))))))","v":false},"IF(AND($D5=\"Replacement\",$P5=\"Zero Emission\",(OR($L5=\"Class_8\",$L5=\"Class_7\"))),\"zero emission class 7/8\")","zero emission class 7/8",200000,null,{"$f":"IF(AND($B12<>\"4+ Trucks\",$D12=\"Replacement\",$P12=\"Diesel\",OR($L12=\"Class_7\",$H12=\"CLass_7\"),$M12=\"New: 2015+\"),\"small fleet new class 7 diesel\",IF(AND($B12<>\"4+ Trucks\",$D12=\"Replacement\",OR($P12=\"Diesel\",$P12=\"LNG/CNG\",$P12=\"Hybrid\"),OR($H12=\"Class_7\",$L12=\"Class_7\"),$M12=\"Used: 2011+\"),\"small fleet used class 7 diesel\",IF(AND($B12<>\"4+ Trucks\",$D12=\"Replacement\",$P12=\"Diesel\",$L12=\"Class_8\",$M12=\"New: 2015+\"),\"small fleet new class 8 diesel\",IF(AND($B12<>\"4+ Trucks\",$D12=\"Replacement\",$P12=\"Diesel\",$L12=\"Class_6\"),\"small fleet class 6 diesel\",IF(AND($B12<>\"4+ Trucks\",$D12=\"Replacement\",OR($P12=\"Diesel\",$P12=\"LNG/CNG\",$P12=\"Hybrid\"),$L12=\"Class_8\",$M12=\"Used: 2011+\"),\"small fleet used class 8 diesel\",IF(AND($B12<>\"4+ Trucks\",$D12=\"Repower\",$P12=\"Diesel\",(OR($L12=\"Class_8\",$L12=\"Class_7\"))),\"small fleet repower class 7/8\",IF(AND($B12<>\"4+ Trucks\",$D12=\"Repower\",$P12=\"Diesel\",$L12=\"Class_6\"),\"small fleet repower class 6\",IF(AND($D12=\"Replacement\",$P12=\"Zero Emission\",(OR($L12=\"Class_8\",$L12=\"Class_7\"))),\"zero emission class 7/8\",IF(AND($D12=\"Replacement\",$P12=\"Hybrid Zero-Mile\",(OR($L12=\"Class_8\",$L12=\"Class_7\"))),\"hybrid zero mile class 7/8\",IF(AND($D12=\"Replacement\",$P12=\"Low NOx\",(OR($L12=\"Class_8\",$L12=\"Class_7\"))),\"low nox class 7/8\",IF(AND($D12=\"Replacement\",$P12=\"Hybrid\",(OR($L12=\"Class_8\",$L12=\"Class_7\"))),\"hybrid class 7/8\",IF(AND($D12=\"Replacement\",$P12=\"LNG/CNG\",(OR($L12=\"Class_8\",$L12=\"Class_7\"))),\"lng/cng class 7/8\",IF(AND($D12=\"Replacement\",$P12=\"Zero Emission\",$L12=\"Class_6\"),\"zero emission class 6\",IF(AND($D12=\"Replacement\",$P12=\"Hybrid Zero-Mile\",$L12=\"Class_6\"),\"hybrid zero mile class 6\",IF(AND($D12=\"Replacement\",$P12=\"Low NOx\",$L12=\"Class_6\"),\"low nox class 6\",IF(AND($D12=\"Replacement\",$P12=\"Hybrid\",$L12=\"Class_6\"),\"hybrid class 6\",IF(AND($D12=\"Replacement\",$P12=\"LNG/CNG\",$L12=\"Class_6\"),\"lng/cng class 6\",(IF(AND($P12=\"Diesel\", OR($L12=\"Class_6\", $AE12=\"Class_6\")),\"small fleet class 6 diesel\",IF(AND($P12=\"Diesel\",$M12=\"New: 2015+\", OR($L12=\"Class_7\", $AE12=\"Class_7\")),\"small fleet new class 7 diesel\",IF(AND($P12=\"Diesel\",$M12=\"Used: 2011+\", OR($L12=\"Class_7\", $AE12=\"Class_7\")),\"small fleet used class 7 diesel\",IF(AND($P12=\"Diesel\",$M12=\"New: 2015+\", OR($L12=\"Class_8\", $AE12=\"Class_8\")),\"small fleet new class 8 diesel\",IF(AND($P12=\"Diesel\",$M12=\"Used: 2011+\", OR($L12=\"Class_8\", $AE12=\"Class_8\")),\"small fleet used class 8 diesel\",(IF(AND($P12=\"LNG/CNG\", OR($L12=\"Class_6\", $AE12=\"Class_6\")),\"lng/cng class 6\",(IF(AND($P12=\"Hybrid\", OR($L12=\"Class_6\", $AE12=\"Class_6\")),\"hybrid class 6\",(IF(AND($P12=\"Low NOx\", OR($L12=\"Class_6\", $AE12=\"Class_6\")),\"low nox class 6\",(IF(AND($P12=\"Hybrid Zero-Mile\", OR($L12=\"Class_6\", $AE12=\"Class_6\")),\"hybrid zero mile class 6\",(IF(AND($P12=\"Zero Emission\", OR($L12=\"Class_6\", $AE12=\"Class_6\")),\"zero emission class 6\",(IF(AND($P12=\"LNG/CNG\", OR($L12=\"Class_7\", $AE12=\"Class_7\")),\"lng/cng class 7/8\",(IF(AND($P12=\"Hybrid\", OR($L12=\"Class_7\", $AE12=\"Class_7\")),\"hybrid class 7/8\",(IF(AND($P12=\"Low NOx\", OR($L12=\"Class_7\", $AE12=\"Class_7\")),\"low nox class 7/8\",(IF(AND($P12=\"Hybrid Zero-Mile\", OR($L12=\"Class_7\", $AE12=\"Class_7\")),\"hybrid zero mile class 7/8\",(IF(AND($P12=\"Zero Emission\", OR($L12=\"Class_7\", $AE12=\"Class_7\")),\"zero emission class 7/8\",(IF(AND($P12=\"LNG/CNG\", OR($L12=\"Class_8\", $AE12=\"Class_8\")),\"lng/cng class 7/8\",(IF(AND($P12=\"Hybrid\", OR($L12=\"Class_8\", $AE12=\"Class_8\")),\"hybrid class 7/8\",(IF(AND($P12=\"Low NOx\", OR($L12=\"Class_8\", $AE12=\"Class_8\")),\"low nox class 7/8\",(IF(AND($P12=\"Hybrid Zero-Mile\", OR($L12=\"Class_8\", $AE12=\"Class_8\")),\"hybrid zero mile class 7/8\",(IF(AND($P12=\"Zero Emission\", OR($L12=\"Class_8\", $AE12=\"Class_8\")),\"zero emission class 7/8\")))))))))))))))))))))))))))))))))))))))))))))))))))))","v":false}]
["project 9",null,null,null,null,null,null,{"$f":"IF($G13=\"33,001 +\",\"Class_8\",IF($G13=\"26,001-33,000\",\"Class_7\",IF($G13=\"19,501-26,000\",\"Class_6\",\"\")))","v":""},null,null,null,null,null,null,{"$f":"IF(H13=\"Class_6\",IF(T13=\"No\",MIN(IF((J13*K13)<10000,0,J13*K13),IF((J13*N13)<10000,0,J13*N13)),IF(MIN(Y13*Z13,Y13*N13)+MIN(J13*K13,J13*N13)>9999,MIN(J13*K13,J13*N13),0)),IF(T13=\"No\",MIN(IF((J13*K13)<20000,0,J13*K13),IF((J13*N13)<20000,0,J13*N13)),IF(MIN(Y13*Z13,Y13*N13)+MIN(J13*K13,J13*N13)>19999,MIN(J13*K13,J13*N13),0)))","v":0},null,null,"","No","No",null,null,null,{"$f":"IF($W13=\"33,001 +\",\"Class_8\",IF($W13=\"26,001-33,000\",\"Class_7\",IF($W13=\"19,501-26,000\",\"Class_6\",IF($W13=\"\",\"\"))))","v":""},null,null,0,{"$f":"IF($T13=\"Yes\",IF(COUNTA($U13:$AA13)=7,\"Complete\",\"Incomplete\"),\"N/A\")","v":"N/A"},{"$f":"IF($D13=\"2-for-1 Replace\",IF(OR(COUNTA(A13:AA13)=27,COUNTA(A13:AA13)=29),\"Complete\",\"Incomplete\"),IF(OR($D13=\"Replacement\",$D13=\"Repower\"),IF(COUNTA(A13:Q13)=17,\"Complete\",\"Incomplete\"),\"Incomplete\"))","v":"Incomplete"},null,{"$f":"IF(OR($H13=\"Class_8\",$X13=\"Class_8\"),\"Class_8\",IF(OR($H13=\"Class_7\",$X13=\"Class_7\"),\"Class_7\",IF(OR($H13=\"Class_6\",$X13=\"Class_6\"),\"Class_6\")))","v":false},false,{"$f":"IF($D13=\"Repower\",IF($H13=\"Class_7\",IF($M13=\"New: 2013+ HHD\",\"CL7HHD\",\"gas\")))","v":false},false,null,{"$f":"IF($D13=\"2-for-1 Replace\",\"Norestr\",IF($AK13=\"Repower_8\",\"Repo8\",IF($AK13=\"Repower_7\",\"Repo7\",IF($AK13=\"Repower_6\",\"Repo6\",IF(OR($H13=\"Class_8\",$L13=\"Class_8\"),\"Replacement8HHD\",IF($D13=\"Replacement\",IF($H13=\"Class_6\",\"Replacement6\",IF($H13=\"Class_7\",IF($I13=\"MHD\",\"Replacement7MHD\",\"Replacement7HHD\"),IF($H13=\"Class_8\",IF($I13=\"HHD\",\"Replacement8HHD\",\"Replacement8MHD\")))),))))))","v":0},{"$f":"IF($D13=\"Replacement\",IF($H13=\"Class_6\",\"Replacement_6\",IF($H13=\"Class_7\",\"Replacement_7\",IF($H13=\"Class_8\",\"Replacement_8\",null))),IF($D13=\"Repower\",IF($H13=\"Class_6\",\"Repower_6\",IF($H13=\"Class_7\",\"Repower_7\",IF($H13=\"Class_8\",\"Repower_8\",null))),IF($D13=\"2-for-1 Replace\",IF($L13=\"Class_6\",\"Replacement_6\",IF($L13=\"Class_7\",\"Replacement_7\",IF($L13=\"Class_8\",\"Replacement_8\",null))))))","v":false},{"$f":"IF($D13=\"Replacement\",IF(AND($H13=\"Class_6\",$B13 <> \"4+ Trucks\"),\"Small_Fleet_Replacement_6\",IF(AND($H13=\"Class_7\",$B13 <> \"4+ Trucks\"),\"Small_Fleet_Replacement_7\",IF(AND($H13=\"Class_8\",$B13 <> \"4+ Trucks\"),\"Small_Fleet_Replacement_8\",null))),IF($D13=\"Repower\",IF($H13=\"Class_6\",\"Repower_6\",IF($H13=\"Class_7\",\"Repower_7\",IF($H13=\"Class_8\",\"Repower_8\",null))),IF($D13=\"2-for-1 Replace\",IF($L13=\"Class_6\",\"Replacement_6\",IF($L13=\"Class_7\",\"Small_Fleet_Replacement_7\",IF($L13=\"Class_8\",\"Small_Fleet_Replacement_8\",null))))))","v":false},"IF(AND($D5=\"Replacement\",$P5=\"Hybrid Zero-Mile\",(OR($L5=\"Class_8\",$L5=\"Class_7\"))),\"hybrid zero mile class 7/8\")","hybrid zero mile class 7/8",150000,null,{"$f":"IF(AND($B13<>\"4+ Trucks\",$D13=\"Replacement\",$P13=\"Diesel\",OR($L13=\"Class_7\",$H13=\"CLass_7\"),$M13=\"New: 2015+\"),\"small fleet new class 7 diesel\",IF(AND($B13<>\"4+ Trucks\",$D13=\"Replacement\",OR($P13=\"Diesel\",$P13=\"LNG/CNG\",$P13=\"Hybrid\"),OR($H13=\"Class_7\",$L13=\"Class_7\"),$M13=\"Used: 2011+\"),\"small fleet used class 7 diesel\",IF(AND($B13<>\"4+ Trucks\",$D13=\"Replacement\",$P13=\"Diesel\",$L13=\"Class_8\",$M13=\"New: 2015+\"),\"small fleet new class 8 diesel\",IF(AND($B13<>\"4+ Trucks\",$D13=\"Replacement\",$P13=\"Diesel\",$L13=\"Class_6\"),\"small fleet class 6 diesel\",IF(AND($B13<>\"4+ Trucks\",$D13=\"Replacement\",OR($P13=\"Diesel\",$P13=\"LNG/CNG\",$P13=\"Hybrid\"),$L13=\"Class_8\",$M13=\"Used: 2011+\"),\"small fleet used class 8 diesel\",IF(AND($B13<>\"4+ Trucks\",$D13=\"Repower\",$P13=\"Diesel\",(OR($L13=\"Class_8\",$L13=\"Class_7\"))),\"small fleet repower class 7/8\",IF(AND($B13<>\"4+ Trucks\",$D13=\"Repower\",$P13=\"Diesel\",$L13=\"Class_6\"),\"small fleet repower class 6\",IF(AND($D13=\"Replacement\",$P13=\"Zero Emission\",(OR($L13=\"Class_8\",$L13=\"Class_7\"))),\"zero emission class 7/8\",IF(AND($D13=\"Replacement\",$P13=\"Hybrid Zero-Mile\",(OR($L13=\"Class_8\",$L13=\"Class_7\"))),\"hybrid zero mile class 7/8\",IF(AND($D13=\"Replacement\",$P13=\"Low NOx\",(OR($L13=\"Class_8\",$L13=\"Class_7\"))),\"low nox class 7/8\",IF(AND($D13=\"Replacement\",$P13=\"Hybrid\",(OR($L13=\"Class_8\",$L13=\"Class_7\"))),\"hybrid class 7/8\",IF(AND($D13=\"Replacement\",$P13=\"LNG/CNG\",(OR($L13=\"Class_8\",$L13=\"Class_7\"))),\"lng/cng class 7/8\",IF(AND($D13=\"Replacement\",$P13=\"Zero Emission\",$L13=\"Class_6\"),\"zero emission class 6\",IF(AND($D13=\"Replacement\",$P13=\"Hybrid Zero-Mile\",$L13=\"Class_6\"),\"hybrid zero mile class 6\",IF(AND($D13=\"Replacement\",$P13=\"Low NOx\",$L13=\"Class_6\"),\"low nox class 6\",IF(AND($D13=\"Replacement\",$P13=\"Hybrid\",$L13=\"Class_6\"),\"hybrid class 6\",IF(AND($D13=\"Replacement\",$P13=\"LNG/CNG\",$L13=\"Class_6\"),\"lng/cng class 6\",(IF(AND($P13=\"Diesel\", OR($L13=\"Class_6\", $AE13=\"Class_6\")),\"small fleet class 6 diesel\",IF(AND($P13=\"Diesel\",$M13=\"New: 2015+\", OR($L13=\"Class_7\", $AE13=\"Class_7\")),\"small fleet new class 7 diesel\",IF(AND($P13=\"Diesel\",$M13=\"Used: 2011+\", OR($L13=\"Class_7\", $AE13=\"Class_7\")),\"small fleet used class 7 diesel\",IF(AND($P13=\"Diesel\",$M13=\"New: 2015+\", OR($L13=\"Class_8\", $AE13=\"Class_8\")),\"small fleet new class 8 diesel\",IF(AND($P13=\"Diesel\",$M13=\"Used: 2011+\", OR($L13=\"Class_8\", $AE13=\"Class_8\")),\"small fleet used class 8 diesel\",(IF(AND($P13=\"LNG/CNG\", OR($L13=\"Class_6\", $AE13=\"Class_6\")),\"lng/cng class 6\",(IF(AND($P13=\"Hybrid\", OR($L13=\"Class_6\", $AE13=\"Class_6\")),\"hybrid class 6\",(IF(AND($P13=\"Low NOx\", OR($L13=\"Class_6\", $AE13=\"Class_6\")),\"low nox class 6\",(IF(AND($P13=\"Hybrid Zero-Mile\", OR($L13=\"Class_6\", $AE13=\"Class_6\")),\"hybrid zero mile class 6\",(IF(AND($P13=\"Zero Emission\", OR($L13=\"Class_6\", $AE13=\"Class_6\")),\"zero emission class 6\",(IF(AND($P13=\"LNG/CNG\", OR($L13=\"Class_7\", $AE13=\"Class_7\")),\"lng/cng class 7/8\",(IF(AND($P13=\"Hybrid\", OR($L13=\"Class_7\", $AE13=\"Class_7\")),\"hybrid class 7/8\",(IF(AND($P13=\"Low NOx\", OR($L13=\"Class_7\", $AE13=\"Class_7\")),\"low nox class 7/8\",(IF(AND($P13=\"Hybrid Zero-Mile\", OR($L13=\"Class_7\", $AE13=\"Class_7\")),\"hybrid zero mile class 7/8\",(IF(AND($P13=\"Zero Emission\", OR($L13=\"Class_7\", $AE13=\"Class_7\")),\"zero emission class 7/8\",(IF(AND($P13=\"LNG/CNG\", OR($L13=\"Class_8\", $AE13=\"Class_8\")),\"lng/cng class 7/8\",(IF(AND($P13=\"Hybrid\", OR($L13=\"Class_8\", $AE13=\"Class_8\")),\"hybrid class 7/8\",(IF(AND($P13=\"Low NOx\", OR($L13=\"Class_8\", $AE13=\"Class_8\")),\"low nox class 7/8\",(IF(AND($P13=\"Hybrid Zero-Mile\", OR($L13=\"Class_8\", $AE13=\"Class_8\")),\"hybrid zero mile class 7/8\",(IF(AND($P13=\"Zero Emission\", OR($L13=\"Class_8\", $AE13=\"Class_8\")),\"zero emission class 7/8\")))))))))))))))))))))))))))))))))))))))))))))))))))))","v":false}]
["project 10",null,null,null,null,null,null,{"$f":"IF($G14=\"33,001 +\",\"Class_8\",IF($G14=\"26,001-33,000\",\"Class_7\",IF($G14=\"19,501-26,000\",\"Class_6\",\"\")))","v":""},null,null,null,null,null,null,{"$f":"IF(H14=\"Class_6\",IF(T14=\"No\",MIN(IF((J14*K14)<10000,0,J14*K14),IF((J14*N14)<10000,0,J14*N14)),IF(MIN(Y14*Z14,Y14*N14)+MIN(J14*K14,J14*N14)>9999,MIN(J14*K14,J14*N14),0)),IF(T14=\"No\",MIN(IF((J14*K14)<20000,0,J14*K14),IF((J14*N14)<20000,0,J14*N14)),IF(MIN(Y14*Z14,Y14*N14)+MIN(J14*K14,J14*N14)>19999,MIN(J14*K14,J14*N14),0)))","v":0},null,null,"","No","No",null,null,null,{"$f":"IF($W14=\"33,001 +\",\"Class_8\",IF($W14=\"26,001-33,000\",\"Class_7\",IF($W14=\"19,501-26,000\",\"Class_6\",IF($W14=\"\",\"\"))))","v":""},null,null,0,{"$f":"IF($T14=\"Yes\",IF(COUNTA($U14:$AA14)=7,\"Complete\",\"Incomplete\"),\"N/A\")","v":"N/A"},{"$f":"IF($D14=\"2-for-1 Replace\",IF(OR(COUNTA(A14:AA14)=27,COUNTA(A14:AA14)=29),\"Complete\",\"Incomplete\"),IF(OR($D14=\"Replacement\",$D14=\"Repower\"),IF(COUNTA(A14:Q14)=17,\"Complete\",\"Incomplete\"),\"Incomplete\"))","v":"Incomplete"},null,{"$f":"IF(OR($H14=\"Class_8\",$X14=\"Class_8\"),\"Class_8\",IF(OR($H14=\"Class_7\",$X14=\"Class_7\"),\"Class_7\",IF(OR($H14=\"Class_6\",$X14=\"Class_6\"),\"Class_6\")))","v":false},false,{"$f":"IF($D14=\"Repower\",IF($H14=\"Class_7\",IF($M14=\"New: 2013+ HHD\",\"CL7HHD\",\"gas\")))","v":false},false,null,{"$f":"IF($D14=\"2-for-1 Replace\",\"Norestr\",IF($AK14=\"Repower_8\",\"Repo8\",IF($AK14=\"Repower_7\",\"Repo7\",IF($AK14=\"Repower_6\",\"Repo6\",IF(OR($H14=\"Class_8\",$L14=\"Class_8\"),\"Replacement8HHD\",IF($D14=\"Replacement\",IF($H14=\"Class_6\",\"Replacement6\",IF($H14=\"Class_7\",IF($I14=\"MHD\",\"Replacement7MHD\",\"Replacement7HHD\"),IF($H14=\"Class_8\",IF($I14=\"HHD\",\"Replacement8HHD\",\"Replacement8MHD\")))),))))))","v":0},{"$f":"IF($D14=\"Replacement\",IF($H14=\"Class_6\",\"Replacement_6\",IF($H14=\"Class_7\",\"Replacement_7\",IF($H14=\"Class_8\",\"Replacement_8\",null))),IF($D14=\"Repower\",IF($H14=\"Class_6\",\"Repower_6\",IF($H14=\"Class_7\",\"Repower_7\",IF($H14=\"Class_8\",\"Repower_8\",null))),IF($D14=\"2-for-1 Replace\",IF($L14=\"Class_6\",\"Replacement_6\",IF($L14=\"Class_7\",\"Replacement_7\",IF($L14=\"Class_8\",\"Replacement_8\",null))))))","v":false},{"$f":"IF($D14=\"Replacement\",IF(AND($H14=\"Class_6\",$B14 <> \"4+ Trucks\"),\"Small_Fleet_Replacement_6\",IF(AND($H14=\"Class_7\",$B14 <> \"4+ Trucks\"),\"Small_Fleet_Replacement_7\",IF(AND($H14=\"Class_8\",$B14 <> \"4+ Trucks\"),\"Small_Fleet_Replacement_8\",null))),IF($D14=\"Repower\",IF($H14=\"Class_6\",\"Repower_6\",IF($H14=\"Class_7\",\"Repower_7\",IF($H14=\"Class_8\",\"Repower_8\",null))),IF($D14=\"2-for-1 Replace\",IF($L14=\"Class_6\",\"Replacement_6\",IF($L14=\"Class_7\",\"Small_Fleet_Replacement_7\",IF($L14=\"Class_8\",\"Small_Fleet_Replacement_8\",null))))))","v":false},"IF(AND($D5=\"Replacement\",$P5=\"Low NOx\",(OR($L5=\"Class_8\",$L5=\"Class_7\"))),\"low nox class 7/8\")","low nox class 7/8",100000,null,{"$f":"IF(AND($B14<>\"4+ Trucks\",$D14=\"Replacement\",$P14=\"Diesel\",OR($L14=\"Class_7\",$H14=\"CLass_7\"),$M14=\"New: 2015+\"),\"small fleet new class 7 diesel\",IF(AND($B14<>\"4+ Trucks\",$D14=\"Replacement\",OR($P14=\"Diesel\",$P14=\"LNG/CNG\",$P14=\"Hybrid\"),OR($H14=\"Class_7\",$L14=\"Class_7\"),$M14=\"Used: 2011+\"),\"small fleet used class 7 diesel\",IF(AND($B14<>\"4+ Trucks\",$D14=\"Replacement\",$P14=\"Diesel\",$L14=\"Class_8\",$M14=\"New: 2015+\"),\"small fleet new class 8 diesel\",IF(AND($B14<>\"4+ Trucks\",$D14=\"Replacement\",$P14=\"Diesel\",$L14=\"Class_6\"),\"small fleet class 6 diesel\",IF(AND($B14<>\"4+ Trucks\",$D14=\"Replacement\",OR($P14=\"Diesel\",$P14=\"LNG/CNG\",$P14=\"Hybrid\"),$L14=\"Class_8\",$M14=\"Used: 2011+\"),\"small fleet used class 8 diesel\",IF(AND($B14<>\"4+ Trucks\",$D14=\"Repower\",$P14=\"Diesel\",(OR($L14=\"Class_8\",$L14=\"Class_7\"))),\"small fleet repower class 7/8\",IF(AND($B14<>\"4+ Trucks\",$D14=\"Repower\",$P14=\"Diesel\",$L14=\"Class_6\"),\"small fleet repower class 6\",IF(AND($D14=\"Replacement\",$P14=\"Zero Emission\",(OR($L14=\"Class_8\",$L14=\"Class_7\"))),\"zero emission class 7/8\",IF(AND($D14=\"Replacement\",$P14=\"Hybrid Zero-Mile\",(OR($L14=\"Class_8\",$L14=\"Class_7\"))),\"hybrid zero mile class 7/8\",IF(AND($D14=\"Replacement\",$P14=\"Low NOx\",(OR($L14=\"Class_8\",$L14=\"Class_7\"))),\"low nox class 7/8\",IF(AND($D14=\"Replacement\",$P14=\"Hybrid\",(OR($L14=\"Class_8\",$L14=\"Class_7\"))),\"hybrid class 7/8\",IF(AND($D14=\"Replacement\",$P14=\"LNG/CNG\",(OR($L14=\"Class_8\",$L14=\"Class_7\"))),\"lng/cng class 7/8\",IF(AND($D14=\"Replacement\",$P14=\"Zero Emission\",$L14=\"Class_6\"),\"zero emission class 6\",IF(AND($D14=\"Replacement\",$P14=\"Hybrid Zero-Mile\",$L14=\"Class_6\"),\"hybrid zero mile class 6\",IF(AND($D14=\"Replacement\",$P14=\"Low NOx\",$L14=\"Class_6\"),\"low nox class 6\",IF(AND($D14=\"Replacement\",$P14=\"Hybrid\",$L14=\"Class_6\"),\"hybrid class 6\",IF(AND($D14=\"Replacement\",$P14=\"LNG/CNG\",$L14=\"Class_6\"),\"lng/cng class 6\",(IF(AND($P14=\"Diesel\", OR($L14=\"Class_6\", $AE14=\"Class_6\")),\"small fleet class 6 diesel\",IF(AND($P14=\"Diesel\",$M14=\"New: 2015+\", OR($L14=\"Class_7\", $AE14=\"Class_7\")),\"small fleet new class 7 diesel\",IF(AND($P14=\"Diesel\",$M14=\"Used: 2011+\", OR($L14=\"Class_7\", $AE14=\"Class_7\")),\"small fleet used class 7 diesel\",IF(AND($P14=\"Diesel\",$M14=\"New: 2015+\", OR($L14=\"Class_8\", $AE14=\"Class_8\")),\"small fleet new class 8 diesel\",IF(AND($P14=\"Diesel\",$M14=\"Used: 2011+\", OR($L14=\"Class_8\", $AE14=\"Class_8\")),\"small fleet used class 8 diesel\",(IF(AND($P14=\"LNG/CNG\", OR($L14=\"Class_6\", $AE14=\"Class_6\")),\"lng/cng class 6\",(IF(AND($P14=\"Hybrid\", OR($L14=\"Class_6\", $AE14=\"Class_6\")),\"hybrid class 6\",(IF(AND($P14=\"Low NOx\", OR($L14=\"Class_6\", $AE14=\"Class_6\")),\"low nox class 6\",(IF(AND($P14=\"Hybrid Zero-Mile\", OR($L14=\"Class_6\", $AE14=\"Class_6\")),\"hybrid zero mile class 6\",(IF(AND($P14=\"Zero Emission\", OR($L14=\"Class_6\", $AE14=\"Class_6\")),\"zero emission class 6\",(IF(AND($P14=\"LNG/CNG\", OR($L14=\"Class_7\", $AE14=\"Class_7\")),\"lng/cng class 7/8\",(IF(AND($P14=\"Hybrid\", OR($L14=\"Class_7\", $AE14=\"Class_7\")),\"hybrid class 7/8\",(IF(AND($P14=\"Low NOx\", OR($L14=\"Class_7\", $AE14=\"Class_7\")),\"low nox class 7/8\",(IF(AND($P14=\"Hybrid Zero-Mile\", OR($L14=\"Class_7\", $AE14=\"Class_7\")),\"hybrid zero mile class 7/8\",(IF(AND($P14=\"Zero Emission\", OR($L14=\"Class_7\", $AE14=\"Class_7\")),\"zero emission class 7/8\",(IF(AND($P14=\"LNG/CNG\", OR($L14=\"Class_8\", $AE14=\"Class_8\")),\"lng/cng class 7/8\",(IF(AND($P14=\"Hybrid\", OR($L14=\"Class_8\", $AE14=\"Class_8\")),\"hybrid class 7/8\",(IF(AND($P14=\"Low NOx\", OR($L14=\"Class_8\", $AE14=\"Class_8\")),\"low nox class 7/8\",(IF(AND($P14=\"Hybrid Zero-Mile\", OR($L14=\"Class_8\", $AE14=\"Class_8\")),\"hybrid zero mile class 7/8\",(IF(AND($P14=\"Zero Emission\", OR($L14=\"Class_8\", $AE14=\"Class_8\")),\"zero emission class 7/8\")))))))))))))))))))))))))))))))))))))))))))))))))))))","v":false}]
["project 11",null,null,null,null,null,null,{"$f":"IF($G15=\"33,001 +\",\"Class_8\",IF($G15=\"26,001-33,000\",\"Class_7\",IF($G15=\"19,501-26,000\",\"Class_6\",\"\")))","v":""},null,null,null,null,null,null,{"$f":"IF(H15=\"Class_6\",IF(T15=\"No\",MIN(IF((J15*K15)<10000,0,J15*K15),IF((J15*N15)<10000,0,J15*N15)),IF(MIN(Y15*Z15,Y15*N15)+MIN(J15*K15,J15*N15)>9999,MIN(J15*K15,J15*N15),0)),IF(T15=\"No\",MIN(IF((J15*K15)<20000,0,J15*K15),IF((J15*N15)<20000,0,J15*N15)),IF(MIN(Y15*Z15,Y15*N15)+MIN(J15*K15,J15*N15)>19999,MIN(J15*K15,J15*N15),0)))","v":0},null,null,"","No","No",null,null,null,{"$f":"IF($W15=\"33,001 +\",\"Class_8\",IF($W15=\"26,001-33,000\",\"Class_7\",IF($W15=\"19,501-26,000\",\"Class_6\",IF($W15=\"\",\"\"))))","v":""},null,null,0,{"$f":"IF($T15=\"Yes\",IF(COUNTA($U15:$AA15)=7,\"Complete\",\"Incomplete\"),\"N/A\")","v":"N/A"},{"$f":"IF($D15=\"2-for-1 Replace\",IF(OR(COUNTA(A15:AA15)=27,COUNTA(A15:AA15)=29),\"Complete\",\"Incomplete\"),IF(OR($D15=\"Replacement\",$D15=\"Repower\"),IF(COUNTA(A15:Q15)=17,\"Complete\",\"Incomplete\"),\"Incomplete\"))","v":"Incomplete"},null,{"$f":"IF(OR($H15=\"Class_8\",$X15=\"Class_8\"),\"Class_8\",IF(OR($H15=\"Class_7\",$X15=\"Class_7\"),\"Class_7\",IF(OR($H15=\"Class_6\",$X15=\"Class_6\"),\"Class_6\")))","v":false},false,{"$f":"IF($D15=\"Repower\",IF($H15=\"Class_7\",IF($M15=\"New: 2013+ HHD\",\"CL7HHD\",\"gas\")))","v":false},false,null,{"$f":"IF($D15=\"2-for-1 Replace\",\"Norestr\",IF($AK15=\"Repower_8\",\"Repo8\",IF($AK15=\"Repower_7\",\"Repo7\",IF($AK15=\"Repower_6\",\"Repo6\",IF(OR($H15=\"Class_8\",$L15=\"Class_8\"),\"Replacement8HHD\",IF($D15=\"Replacement\",IF($H15=\"Class_6\",\"Replacement6\",IF($H15=\"Class_7\",IF($I15=\"MHD\",\"Replacement7MHD\",\"Replacement7HHD\"),IF($H15=\"Class_8\",IF($I15=\"HHD\",\"Replacement8HHD\",\"Replacement8MHD\")))),))))))","v":0},{"$f":"IF($D15=\"Replacement\",IF($H15=\"Class_6\",\"Replacement_6\",IF($H15=\"Class_7\",\"Replacement_7\",IF($H15=\"Class_8\",\"Replacement_8\",null))),IF($D15=\"Repower\",IF($H15=\"Class_6\",\"Repower_6\",IF($H15=\"Class_7\",\"Repower_7\",IF($H15=\"Class_8\",\"Repower_8\",null))),IF($D15=\"2-for-1 Replace\",IF($L15=\"Class_6\",\"Replacement_6\",IF($L15=\"Class_7\",\"Replacement_7\",IF($L15=\"Class_8\",\"Replacement_8\",null))))))","v":false},{"$f":"IF($D15=\"Replacement\",IF(AND($H15=\"Class_6\",$B15 <> \"4+ Trucks\"),\"Small_Fleet_Replacement_6\",IF(AND($H15=\"Class_7\",$B15 <> \"4+ Trucks\"),\"Small_Fleet_Replacement_7\",IF(AND($H15=\"Class_8\",$B15 <> \"4+ Trucks\"),\"Small_Fleet_Replacement_8\",null))),IF($D15=\"Repower\",IF($H15=\"Class_6\",\"Repower_6\",IF($H15=\"Class_7\",\"Repower_7\",IF($H15=\"Class_8\",\"Repower_8\",null))),IF($D15=\"2-for-1 Replace\",IF($L15=\"Class_6\",\"Replacement_6\",IF($L15=\"Class_7\",\"Small_Fleet_Replacement_7\",IF($L15=\"Class_8\",\"Small_Fleet_Replacement_8\",null))))))","v":false},"IF(AND($D5=\"Replacement\",$P5=\"Hybrid\",(OR($L5=\"Class_8\",$L5=\"Class_7\"))),\"hybrid class 7/8\")","hybrid class 7/8",80000,null,{"$f":"IF(AND($B15<>\"4+ Trucks\",$D15=\"Replacement\",$P15=\"Diesel\",OR($L15=\"Class_7\",$H15=\"CLass_7\"),$M15=\"New: 2015+\"),\"small fleet new class 7 diesel\",IF(AND($B15<>\"4+ Trucks\",$D15=\"Replacement\",OR($P15=\"Diesel\",$P15=\"LNG/CNG\",$P15=\"Hybrid\"),OR($H15=\"Class_7\",$L15=\"Class_7\"),$M15=\"Used: 2011+\"),\"small fleet used class 7 diesel\",IF(AND($B15<>\"4+ Trucks\",$D15=\"Replacement\",$P15=\"Diesel\",$L15=\"Class_8\",$M15=\"New: 2015+\"),\"small fleet new class 8 diesel\",IF(AND($B15<>\"4+ Trucks\",$D15=\"Replacement\",$P15=\"Diesel\",$L15=\"Class_6\"),\"small fleet class 6 diesel\",IF(AND($B15<>\"4+ Trucks\",$D15=\"Replacement\",OR($P15=\"Diesel\",$P15=\"LNG/CNG\",$P15=\"Hybrid\"),$L15=\"Class_8\",$M15=\"Used: 2011+\"),\"small fleet used class 8 diesel\",IF(AND($B15<>\"4+ Trucks\",$D15=\"Repower\",$P15=\"Diesel\",(OR($L15=\"Class_8\",$L15=\"Class_7\"))),\"small fleet repower class 7/8\",IF(AND($B15<>\"4+ Trucks\",$D15=\"Repower\",$P15=\"Diesel\",$L15=\"Class_6\"),\"small fleet repower class 6\",IF(AND($D15=\"Replacement\",$P15=\"Zero Emission\",(OR($L15=\"Class_8\",$L15=\"Class_7\"))),\"zero emission class 7/8\",IF(AND($D15=\"Replacement\",$P15=\"Hybrid Zero-Mile\",(OR($L15=\"Class_8\",$L15=\"Class_7\"))),\"hybrid zero mile class 7/8\",IF(AND($D15=\"Replacement\",$P15=\"Low NOx\",(OR($L15=\"Class_8\",$L15=\"Class_7\"))),\"low nox class 7/8\",IF(AND($D15=\"Replacement\",$P15=\"Hybrid\",(OR($L15=\"Class_8\",$L15=\"Class_7\"))),\"hybrid class 7/8\",IF(AND($D15=\"Replacement\",$P15=\"LNG/CNG\",(OR($L15=\"Class_8\",$L15=\"Class_7\"))),\"lng/cng class 7/8\",IF(AND($D15=\"Replacement\",$P15=\"Zero Emission\",$L15=\"Class_6\"),\"zero emission class 6\",IF(AND($D15=\"Replacement\",$P15=\"Hybrid Zero-Mile\",$L15=\"Class_6\"),\"hybrid zero mile class 6\",IF(AND($D15=\"Replacement\",$P15=\"Low NOx\",$L15=\"Class_6\"),\"low nox class 6\",IF(AND($D15=\"Replacement\",$P15=\"Hybrid\",$L15=\"Class_6\"),\"hybrid class 6\",IF(AND($D15=\"Replacement\",$P15=\"LNG/CNG\",$L15=\"Class_6\"),\"lng/cng class 6\",(IF(AND($P15=\"Diesel\", OR($L15=\"Class_6\", $AE15=\"Class_6\")),\"small fleet class 6 diesel\",IF(AND($P15=\"Diesel\",$M15=\"New: 2015+\", OR($L15=\"Class_7\", $AE15=\"Class_7\")),\"small fleet new class 7 diesel\",IF(AND($P15=\"Diesel\",$M15=\"Used: 2011+\", OR($L15=\"Class_7\", $AE15=\"Class_7\")),\"small fleet used class 7 diesel\",IF(AND($P15=\"Diesel\",$M15=\"New: 2015+\", OR($L15=\"Class_8\", $AE15=\"Class_8\")),\"small fleet new class 8 diesel\",IF(AND($P15=\"Diesel\",$M15=\"Used: 2011+\", OR($L15=\"Class_8\", $AE15=\"Class_8\")),\"small fleet used class 8 diesel\",(IF(AND($P15=\"LNG/CNG\", OR($L15=\"Class_6\", $AE15=\"Class_6\")),\"lng/cng class 6\",(IF(AND($P15=\"Hybrid\", OR($L15=\"Class_6\", $AE15=\"Class_6\")),\"hybrid class 6\",(IF(AND($P15=\"Low NOx\", OR($L15=\"Class_6\", $AE15=\"Class_6\")),\"low nox class 6\",(IF(AND($P15=\"Hybrid Zero-Mile\", OR($L15=\"Class_6\", $AE15=\"Class_6\")),\"hybrid zero mile class 6\",(IF(AND($P15=\"Zero Emission\", OR($L15=\"Class_6\", $AE15=\"Class_6\")),\"zero emission class 6\",(IF(AND($P15=\"LNG/CNG\", OR($L15=\"Class_7\", $AE15=\"Class_7\")),\"lng/cng class 7/8\",(IF(AND($P15=\"Hybrid\", OR($L15=\"Class_7\", $AE15=\"Class_7\")),\"hybrid class 7/8\",(IF(AND($P15=\"Low NOx\", OR($L15=\"Class_7\", $AE15=\"Class_7\")),\"low nox class 7/8\",(IF(AND($P15=\"Hybrid Zero-Mile\", OR($L15=\"Class_7\", $AE15=\"Class_7\")),\"hybrid zero mile class 7/8\",(IF(AND($P15=\"Zero Emission\", OR($L15=\"Class_7\", $AE15=\"Class_7\")),\"zero emission class 7/8\",(IF(AND($P15=\"LNG/CNG\", OR($L15=\"Class_8\", $AE15=\"Class_8\")),\"lng/cng class 7/8\",(IF(AND($P15=\"Hybrid\", OR($L15=\"Class_8\", $AE15=\"Class_8\")),\"hybrid class 7/8\",(IF(AND($P15=\"Low NOx\", OR($L15=\"Class_8\", $AE15=\"Class_8\")),\"low nox class 7/8\",(IF(AND($P15=\"Hybrid Zero-Mile\", OR($L15=\"Class_8\", $AE15=\"Class_8\")),\"hybrid zero mile class 7/8\",(IF(AND($P15=\"Zero Emission\", OR($L15=\"Class_8\", $AE15=\"Class_8\")),\"zero emission class 7/8\")))))))))))))))))))))))))))))))))))))))))))))))))))))","v":false}]
["project 12",null,null,null,null,null,null,{"$f":"IF($G16=\"33,001 +\",\"Class_8\",IF($G16=\"26,001-33,000\",\"Class_7\",IF($G16=\"19,501-26,000\",\"Class_6\",\"\")))","v":""},null,null,null,null,null,null,{"$f":"IF(H16=\"Class_6\",IF(T16=\"No\",MIN(IF((J16*K16)<10000,0,J16*K16),IF((J16*N16)<10000,0,J16*N16)),IF(MIN(Y16*Z16,Y16*N16)+MIN(J16*K16,J16*N16)>9999,MIN(J16*K16,J16*N16),0)),IF(T16=\"No\",MIN(IF((J16*K16)<20000,0,J16*K16),IF((J16*N16)<20000,0,J16*N16)),IF(MIN(Y16*Z16,Y16*N16)+MIN(J16*K16,J16*N16)>19999,MIN(J16*K16,J16*N16),0)))","v":0},null,null,"","No","No",null,null,null,{"$f":"IF($W16=\"33,001 +\",\"Class_8\",IF($W16=\"26,001-33,000\",\"Class_7\",IF($W16=\"19,501-26,000\",\"Class_6\",IF($W16=\"\",\"\"))))","v":""},null,null,0,{"$f":"IF($T16=\"Yes\",IF(COUNTA($U16:$AA16)=7,\"Complete\",\"Incomplete\"),\"N/A\")","v":"N/A"},{"$f":"IF($D16=\"2-for-1 Replace\",IF(OR(COUNTA(A16:AA16)=27,COUNTA(A16:AA16)=29),\"Complete\",\"Incomplete\"),IF(OR($D16=\"Replacement\",$D16=\"Repower\"),IF(COUNTA(A16:Q16)=17,\"Complete\",\"Incomplete\"),\"Incomplete\"))","v":"Incomplete"},null,{"$f":"IF(OR($H16=\"Class_8\",$X16=\"Class_8\"),\"Class_8\",IF(OR($H16=\"Class_7\",$X16=\"Class_7\"),\"Class_7\",IF(OR($H16=\"Class_6\",$X16=\"Class_6\"),\"Class_6\")))","v":false},false,{"$f":"IF($D16=\"Repower\",IF($H16=\"Class_7\",IF($M16=\"New: 2013+ HHD\",\"CL7HHD\",\"gas\")))","v":false},false,null,{"$f":"IF($D16=\"2-for-1 Replace\",\"Norestr\",IF($AK16=\"Repower_8\",\"Repo8\",IF($AK16=\"Repower_7\",\"Repo7\",IF($AK16=\"Repower_6\",\"Repo6\",IF(OR($H16=\"Class_8\",$L16=\"Class_8\"),\"Replacement8HHD\",IF($D16=\"Replacement\",IF($H16=\"Class_6\",\"Replacement6\",IF($H16=\"Class_7\",IF($I16=\"MHD\",\"Replacement7MHD\",\"Replacement7HHD\"),IF($H16=\"Class_8\",IF($I16=\"HHD\",\"Replacement8HHD\",\"Replacement8MHD\")))),))))))","v":0},{"$f":"IF($D16=\"Replacement\",IF($H16=\"Class_6\",\"Replacement_6\",IF($H16=\"Class_7\",\"Replacement_7\",IF($H16=\"Class_8\",\"Replacement_8\",null))),IF($D16=\"Repower\",IF($H16=\"Class_6\",\"Repower_6\",IF($H16=\"Class_7\",\"Repower_7\",IF($H16=\"Class_8\",\"Repower_8\",null))),IF($D16=\"2-for-1 Replace\",IF($L16=\"Class_6\",\"Replacement_6\",IF($L16=\"Class_7\",\"Replacement_7\",IF($L16=\"Class_8\",\"Replacement_8\",null))))))","v":false},{"$f":"IF($D16=\"Replacement\",IF(AND($H16=\"Class_6\",$B16 <> \"4+ Trucks\"),\"Small_Fleet_Replacement_6\",IF(AND($H16=\"Class_7\",$B16 <> \"4+ Trucks\"),\"Small_Fleet_Replacement_7\",IF(AND($H16=\"Class_8\",$B16 <> \"4+ Trucks\"),\"Small_Fleet_Replacement_8\",null))),IF($D16=\"Repower\",IF($H16=\"Class_6\",\"Repower_6\",IF($H16=\"Class_7\",\"Repower_7\",IF($H16=\"Class_8\",\"Repower_8\",null))),IF($D16=\"2-for-1 Replace\",IF($L16=\"Class_6\",\"Replacement_6\",IF($L16=\"Class_7\",\"Small_Fleet_Replacement_7\",IF($L16=\"Class_8\",\"Small_Fleet_Replacement_8\",null))))))","v":false},"IF(AND($D5=\"Replacement\",$P5=\"LNG/CNG\",(OR($L5=\"Class_8\",$L5=\"Class_7\"))),\"lng/cng class 7/8\")","lng/cng class 7/8",65000,null,{"$f":"IF(AND($B16<>\"4+ Trucks\",$D16=\"Replacement\",$P16=\"Diesel\",OR($L16=\"Class_7\",$H16=\"CLass_7\"),$M16=\"New: 2015+\"),\"small fleet new class 7 diesel\",IF(AND($B16<>\"4+ Trucks\",$D16=\"Replacement\",OR($P16=\"Diesel\",$P16=\"LNG/CNG\",$P16=\"Hybrid\"),OR($H16=\"Class_7\",$L16=\"Class_7\"),$M16=\"Used: 2011+\"),\"small fleet used class 7 diesel\",IF(AND($B16<>\"4+ Trucks\",$D16=\"Replacement\",$P16=\"Diesel\",$L16=\"Class_8\",$M16=\"New: 2015+\"),\"small fleet new class 8 diesel\",IF(AND($B16<>\"4+ Trucks\",$D16=\"Replacement\",$P16=\"Diesel\",$L16=\"Class_6\"),\"small fleet class 6 diesel\",IF(AND($B16<>\"4+ Trucks\",$D16=\"Replacement\",OR($P16=\"Diesel\",$P16=\"LNG/CNG\",$P16=\"Hybrid\"),$L16=\"Class_8\",$M16=\"Used: 2011+\"),\"small fleet used class 8 diesel\",IF(AND($B16<>\"4+ Trucks\",$D16=\"Repower\",$P16=\"Diesel\",(OR($L16=\"Class_8\",$L16=\"Class_7\"))),\"small fleet repower class 7/8\",IF(AND($B16<>\"4+ Trucks\",$D16=\"Repower\",$P16=\"Diesel\",$L16=\"Class_6\"),\"small fleet repower class 6\",IF(AND($D16=\"Replacement\",$P16=\"Zero Emission\",(OR($L16=\"Class_8\",$L16=\"Class_7\"))),\"zero emission class 7/8\",IF(AND($D16=\"Replacement\",$P16=\"Hybrid Zero-Mile\",(OR($L16=\"Class_8\",$L16=\"Class_7\"))),\"hybrid zero mile class 7/8\",IF(AND($D16=\"Replacement\",$P16=\"Low NOx\",(OR($L16=\"Class_8\",$L16=\"Class_7\"))),\"low nox class 7/8\",IF(AND($D16=\"Replacement\",$P16=\"Hybrid\",(OR($L16=\"Class_8\",$L16=\"Class_7\"))),\"hybrid class 7/8\",IF(AND($D16=\"Replacement\",$P16=\"LNG/CNG\",(OR($L16=\"Class_8\",$L16=\"Class_7\"))),\"lng/cng class 7/8\",IF(AND($D16=\"Replacement\",$P16=\"Zero Emission\",$L16=\"Class_6\"),\"zero emission class 6\",IF(AND($D16=\"Replacement\",$P16=\"Hybrid Zero-Mile\",$L16=\"Class_6\"),\"hybrid zero mile class 6\",IF(AND($D16=\"Replacement\",$P16=\"Low NOx\",$L16=\"Class_6\"),\"low nox class 6\",IF(AND($D16=\"Replacement\",$P16=\"Hybrid\",$L16=\"Class_6\"),\"hybrid class 6\",IF(AND($D16=\"Replacement\",$P16=\"LNG/CNG\",$L16=\"Class_6\"),\"lng/cng class 6\",(IF(AND($P16=\"Diesel\", OR($L16=\"Class_6\", $AE16=\"Class_6\")),\"small fleet class 6 diesel\",IF(AND($P16=\"Diesel\",$M16=\"New: 2015+\", OR($L16=\"Class_7\", $AE16=\"Class_7\")),\"small fleet new class 7 diesel\",IF(AND($P16=\"Diesel\",$M16=\"Used: 2011+\", OR($L16=\"Class_7\", $AE16=\"Class_7\")),\"small fleet used class 7 diesel\",IF(AND($P16=\"Diesel\",$M16=\"New: 2015+\", OR($L16=\"Class_8\", $AE16=\"Class_8\")),\"small fleet new class 8 diesel\",IF(AND($P16=\"Diesel\",$M16=\"Used: 2011+\", OR($L16=\"Class_8\", $AE16=\"Class_8\")),\"small fleet used class 8 diesel\",(IF(AND($P16=\"LNG/CNG\", OR($L16=\"Class_6\", $AE16=\"Class_6\")),\"lng/cng class 6\",(IF(AND($P16=\"Hybrid\", OR($L16=\"Class_6\", $AE16=\"Class_6\")),\"hybrid class 6\",(IF(AND($P16=\"Low NOx\", OR($L16=\"Class_6\", $AE16=\"Class_6\")),\"low nox class 6\",(IF(AND($P16=\"Hybrid Zero-Mile\", OR($L16=\"Class_6\", $AE16=\"Class_6\")),\"hybrid zero mile class 6\",(IF(AND($P16=\"Zero Emission\", OR($L16=\"Class_6\", $AE16=\"Class_6\")),\"zero emission class 6\",(IF(AND($P16=\"LNG/CNG\", OR($L16=\"Class_7\", $AE16=\"Class_7\")),\"lng/cng class 7/8\",(IF(AND($P16=\"Hybrid\", OR($L16=\"Class_7\", $AE16=\"Class_7\")),\"hybrid class 7/8\",(IF(AND($P16=\"Low NOx\", OR($L16=\"Class_7\", $AE16=\"Class_7\")),\"low nox class 7/8\",(IF(AND($P16=\"Hybrid Zero-Mile\", OR($L16=\"Class_7\", $AE16=\"Class_7\")),\"hybrid zero mile class 7/8\",(IF(AND($P16=\"Zero Emission\", OR($L16=\"Class_7\", $AE16=\"Class_7\")),\"zero emission class 7/8\",(IF(AND($P16=\"LNG/CNG\", OR($L16=\"Class_8\", $AE16=\"Class_8\")),\"lng/cng class 7/8\",(IF(AND($P16=\"Hybrid\", OR($L16=\"Class_8\", $AE16=\"Class_8\")),\"hybrid class 7/8\",(IF(AND($P16=\"Low NOx\", OR($L16=\"Class_8\", $AE16=\"Class_8\")),\"low nox class 7/8\",(IF(AND($P16=\"Hybrid Zero-Mile\", OR($L16=\"Class_8\", $AE16=\"Class_8\")),\"hybrid zero mile class 7/8\",(IF(AND($P16=\"Zero Emission\", OR($L16=\"Class_8\", $AE16=\"Class_8\")),\"zero emission class 7/8\")))))))))))))))))))))))))))))))))))))))))))))))))))))","v":false}]
["project 13",null,null,null,null,null,null,{"$f":"IF($G17=\"33,001 +\",\"Class_8\",IF($G17=\"26,001-33,000\",\"Class_7\",IF($G17=\"19,501-26,000\",\"Class_6\",\"\")))","v":""},null,null,null,null,null,null,{"$f":"IF(H17=\"Class_6\",IF(T17=\"No\",MIN(IF((J17*K17)<10000,0,J17*K17),IF((J17*N17)<10000,0,J17*N17)),IF(MIN(Y17*Z17,Y17*N17)+MIN(J17*K17,J17*N17)>9999,MIN(J17*K17,J17*N17),0)),IF(T17=\"No\",MIN(IF((J17*K17)<20000,0,J17*K17),IF((J17*N17)<20000,0,J17*N17)),IF(MIN(Y17*Z17,Y17*N17)+MIN(J17*K17,J17*N17)>19999,MIN(J17*K17,J17*N17),0)))","v":0},null,null,"","No","No",null,null,null,{"$f":"IF($W17=\"33,001 +\",\"Class_8\",IF($W17=\"26,001-33,000\",\"Class_7\",IF($W17=\"19,501-26,000\",\"Class_6\",IF($W17=\"\",\"\"))))","v":""},null,null,0,{"$f":"IF($T17=\"Yes\",IF(COUNTA($U17:$AA17)=7,\"Complete\",\"Incomplete\"),\"N/A\")","v":"N/A"},{"$f":"IF($D17=\"2-for-1 Replace\",IF(OR(COUNTA(A17:AA17)=27,COUNTA(A17:AA17)=29),\"Complete\",\"Incomplete\"),IF(OR($D17=\"Replacement\",$D17=\"Repower\"),IF(COUNTA(A17:Q17)=17,\"Complete\",\"Incomplete\"),\"Incomplete\"))","v":"Incomplete"},null,{"$f":"IF(OR($H17=\"Class_8\",$X17=\"Class_8\"),\"Class_8\",IF(OR($H17=\"Class_7\",$X17=\"Class_7\"),\"Class_7\",IF(OR($H17=\"Class_6\",$X17=\"Class_6\"),\"Class_6\")))","v":false},false,{"$f":"IF($D17=\"Repower\",IF($H17=\"Class_7\",IF($M17=\"New: 2013+ HHD\",\"CL7HHD\",\"gas\")))","v":false},false,null,{"$f":"IF($D17=\"2-for-1 Replace\",\"Norestr\",IF($AK17=\"Repower_8\",\"Repo8\",IF($AK17=\"Repower_7\",\"Repo7\",IF($AK17=\"Repower_6\",\"Repo6\",IF(OR($H17=\"Class_8\",$L17=\"Class_8\"),\"Replacement8HHD\",IF($D17=\"Replacement\",IF($H17=\"Class_6\",\"Replacement6\",IF($H17=\"Class_7\",IF($I17=\"MHD\",\"Replacement7MHD\",\"Replacement7HHD\"),IF($H17=\"Class_8\",IF($I17=\"HHD\",\"Replacement8HHD\",\"Replacement8MHD\")))),))))))","v":0},{"$f":"IF($D17=\"Replacement\",IF($H17=\"Class_6\",\"Replacement_6\",IF($H17=\"Class_7\",\"Replacement_7\",IF($H17=\"Class_8\",\"Replacement_8\",null))),IF($D17=\"Repower\",IF($H17=\"Class_6\",\"Repower_6\",IF($H17=\"Class_7\",\"Repower_7\",IF($H17=\"Class_8\",\"Repower_8\",null))),IF($D17=\"2-for-1 Replace\",IF($L17=\"Class_6\",\"Replacement_6\",IF($L17=\"Class_7\",\"Replacement_7\",IF($L17=\"Class_8\",\"Replacement_8\",null))))))","v":false},{"$f":"IF($D17=\"Replacement\",IF(AND($H17=\"Class_6\",$B17 <> \"4+ Trucks\"),\"Small_Fleet_Replacement_6\",IF(AND($H17=\"Class_7\",$B17 <> \"4+ Trucks\"),\"Small_Fleet_Replacement_7\",IF(AND($H17=\"Class_8\",$B17 <> \"4+ Trucks\"),\"Small_Fleet_Replacement_8\",null))),IF($D17=\"Repower\",IF($H17=\"Class_6\",\"Repower_6\",IF($H17=\"Class_7\",\"Repower_7\",IF($H17=\"Class_8\",\"Repower_8\",null))),IF($D17=\"2-for-1 Replace\",IF($L17=\"Class_6\",\"Replacement_6\",IF($L17=\"Class_7\",\"Small_Fleet_Replacement_7\",IF($L17=\"Class_8\",\"Small_Fleet_Replacement_8\",null))))))","v":false},"IF(AND($D5=\"Replacement\",$P5=\"Zero Emission\",$L5=\"Class_6\"),\"zero emission class 6\")","zero emission class 6",100000,null,{"$f":"IF(AND($B17<>\"4+ Trucks\",$D17=\"Replacement\",$P17=\"Diesel\",OR($L17=\"Class_7\",$H17=\"CLass_7\"),$M17=\"New: 2015+\"),\"small fleet new class 7 diesel\",IF(AND($B17<>\"4+ Trucks\",$D17=\"Replacement\",OR($P17=\"Diesel\",$P17=\"LNG/CNG\",$P17=\"Hybrid\"),OR($H17=\"Class_7\",$L17=\"Class_7\"),$M17=\"Used: 2011+\"),\"small fleet used class 7 diesel\",IF(AND($B17<>\"4+ Trucks\",$D17=\"Replacement\",$P17=\"Diesel\",$L17=\"Class_8\",$M17=\"New: 2015+\"),\"small fleet new class 8 diesel\",IF(AND($B17<>\"4+ Trucks\",$D17=\"Replacement\",$P17=\"Diesel\",$L17=\"Class_6\"),\"small fleet class 6 diesel\",IF(AND($B17<>\"4+ Trucks\",$D17=\"Replacement\",OR($P17=\"Diesel\",$P17=\"LNG/CNG\",$P17=\"Hybrid\"),$L17=\"Class_8\",$M17=\"Used: 2011+\"),\"small fleet used class 8 diesel\",IF(AND($B17<>\"4+ Trucks\",$D17=\"Repower\",$P17=\"Diesel\",(OR($L17=\"Class_8\",$L17=\"Class_7\"))),\"small fleet repower class 7/8\",IF(AND($B17<>\"4+ Trucks\",$D17=\"Repower\",$P17=\"Diesel\",$L17=\"Class_6\"),\"small fleet repower class 6\",IF(AND($D17=\"Replacement\",$P17=\"Zero Emission\",(OR($L17=\"Class_8\",$L17=\"Class_7\"))),\"zero emission class 7/8\",IF(AND($D17=\"Replacement\",$P17=\"Hybrid Zero-Mile\",(OR($L17=\"Class_8\",$L17=\"Class_7\"))),\"hybrid zero mile class 7/8\",IF(AND($D17=\"Replacement\",$P17=\"Low NOx\",(OR($L17=\"Class_8\",$L17=\"Class_7\"))),\"low nox class 7/8\",IF(AND($D17=\"Replacement\",$P17=\"Hybrid\",(OR($L17=\"Class_8\",$L17=\"Class_7\"))),\"hybrid class 7/8\",IF(AND($D17=\"Replacement\",$P17=\"LNG/CNG\",(OR($L17=\"Class_8\",$L17=\"Class_7\"))),\"lng/cng class 7/8\",IF(AND($D17=\"Replacement\",$P17=\"Zero Emission\",$L17=\"Class_6\"),\"zero emission class 6\",IF(AND($D17=\"Replacement\",$P17=\"Hybrid Zero-Mile\",$L17=\"Class_6\"),\"hybrid zero mile class 6\",IF(AND($D17=\"Replacement\",$P17=\"Low NOx\",$L17=\"Class_6\"),\"low nox class 6\",IF(AND($D17=\"Replacement\",$P17=\"Hybrid\",$L17=\"Class_6\"),\"hybrid class 6\",IF(AND($D17=\"Replacement\",$P17=\"LNG/CNG\",$L17=\"Class_6\"),\"lng/cng class 6\",(IF(AND($P17=\"Diesel\", OR($L17=\"Class_6\", $AE17=\"Class_6\")),\"small fleet class 6 diesel\",IF(AND($P17=\"Diesel\",$M17=\"New: 2015+\", OR($L17=\"Class_7\", $AE17=\"Class_7\")),\"small fleet new class 7 diesel\",IF(AND($P17=\"Diesel\",$M17=\"Used: 2011+\", OR($L17=\"Class_7\", $AE17=\"Class_7\")),\"small fleet used class 7 diesel\",IF(AND($P17=\"Diesel\",$M17=\"New: 2015+\", OR($L17=\"Class_8\", $AE17=\"Class_8\")),\"small fleet new class 8 diesel\",IF(AND($P17=\"Diesel\",$M17=\"Used: 2011+\", OR($L17=\"Class_8\", $AE17=\"Class_8\")),\"small fleet used class 8 diesel\",(IF(AND($P17=\"LNG/CNG\", OR($L17=\"Class_6\", $AE17=\"Class_6\")),\"lng/cng class 6\",(IF(AND($P17=\"Hybrid\", OR($L17=\"Class_6\", $AE17=\"Class_6\")),\"hybrid class 6\",(IF(AND($P17=\"Low NOx\", OR($L17=\"Class_6\", $AE17=\"Class_6\")),\"low nox class 6\",(IF(AND($P17=\"Hybrid Zero-Mile\", OR($L17=\"Class_6\", $AE17=\"Class_6\")),\"hybrid zero mile class 6\",(IF(AND($P17=\"Zero Emission\", OR($L17=\"Class_6\", $AE17=\"Class_6\")),\"zero emission class 6\",(IF(AND($P17=\"LNG/CNG\", OR($L17=\"Class_7\", $AE17=\"Class_7\")),\"lng/cng class 7/8\",(IF(AND($P17=\"Hybrid\", OR($L17=\"Class_7\", $AE17=\"Class_7\")),\"hybrid class 7/8\",(IF(AND($P17=\"Low NOx\", OR($L17=\"Class_7\", $AE17=\"Class_7\")),\"low nox class 7/8\",(IF(AND($P17=\"Hybrid Zero-Mile\", OR($L17=\"Class_7\", $AE17=\"Class_7\")),\"hybrid zero mile class 7/8\",(IF(AND($P17=\"Zero Emission\", OR($L17=\"Class_7\", $AE17=\"Class_7\")),\"zero emission class 7/8\",(IF(AND($P17=\"LNG/CNG\", OR($L17=\"Class_8\", $AE17=\"Class_8\")),\"lng/cng class 7/8\",(IF(AND($P17=\"Hybrid\", OR($L17=\"Class_8\", $AE17=\"Class_8\")),\"hybrid class 7/8\",(IF(AND($P17=\"Low NOx\", OR($L17=\"Class_8\", $AE17=\"Class_8\")),\"low nox class 7/8\",(IF(AND($P17=\"Hybrid Zero-Mile\", OR($L17=\"Class_8\", $AE17=\"Class_8\")),\"hybrid zero mile class 7/8\",(IF(AND($P17=\"Zero Emission\", OR($L17=\"Class_8\", $AE17=\"Class_8\")),\"zero emission class 7/8\")))))))))))))))))))))))))))))))))))))))))))))))))))))","v":false}]
["project 14",null,null,null,null,null,null,{"$f":"IF($G18=\"33,001 +\",\"Class_8\",IF($G18=\"26,001-33,000\",\"Class_7\",IF($G18=\"19,501-26,000\",\"Class_6\",\"\")))","v":""},null,null,null,null,null,null,{"$f":"IF(H18=\"Class_6\",IF(T18=\"No\",MIN(IF((J18*K18)<10000,0,J18*K18),IF((J18*N18)<10000,0,J18*N18)),IF(MIN(Y18*Z18,Y18*N18)+MIN(J18*K18,J18*N18)>9999,MIN(J18*K18,J18*N18),0)),IF(T18=\"No\",MIN(IF((J18*K18)<20000,0,J18*K18),IF((J18*N18)<20000,0,J18*N18)),IF(MIN(Y18*Z18,Y18*N18)+MIN(J18*K18,J18*N18)>19999,MIN(J18*K18,J18*N18),0)))","v":0},null,null,"","No","No",null,null,null,{"$f":"IF($W18=\"33,001 +\",\"Class_8\",IF($W18=\"26,001-33,000\",\"Class_7\",IF($W18=\"19,501-26,000\",\"Class_6\",IF($W18=\"\",\"\"))))","v":""},null,null,0,{"$f":"IF($T18=\"Yes\",IF(COUNTA($U18:$AA18)=7,\"Complete\",\"Incomplete\"),\"N/A\")","v":"N/A"},{"$f":"IF($D18=\"2-for-1 Replace\",IF(OR(COUNTA(A18:AA18)=27,COUNTA(A18:AA18)=29),\"Complete\",\"Incomplete\"),IF(OR($D18=\"Replacement\",$D18=\"Repower\"),IF(COUNTA(A18:Q18)=17,\"Complete\",\"Incomplete\"),\"Incomplete\"))","v":"Incomplete"},null,{"$f":"IF(OR($H18=\"Class_8\",$X18=\"Class_8\"),\"Class_8\",IF(OR($H18=\"Class_7\",$X18=\"Class_7\"),\"Class_7\",IF(OR($H18=\"Class_6\",$X18=\"Class_6\"),\"Class_6\")))","v":false},false,{"$f":"IF($D18=\"Repower\",IF($H18=\"Class_7\",IF($M18=\"New: 2013+ HHD\",\"CL7HHD\",\"gas\")))","v":false},false,null,{"$f":"IF($D18=\"2-for-1 Replace\",\"Norestr\",IF($AK18=\"Repower_8\",\"Repo8\",IF($AK18=\"Repower_7\",\"Repo7\",IF($AK18=\"Repower_6\",\"Repo6\",IF(OR($H18=\"Class_8\",$L18=\"Class_8\"),\"Replacement8HHD\",IF($D18=\"Replacement\",IF($H18=\"Class_6\",\"Replacement6\",IF($H18=\"Class_7\",IF($I18=\"MHD\",\"Replacement7MHD\",\"Replacement7HHD\"),IF($H18=\"Class_8\",IF($I18=\"HHD\",\"Replacement8HHD\",\"Replacement8MHD\")))),))))))","v":0},{"$f":"IF($D18=\"Replacement\",IF($H18=\"Class_6\",\"Replacement_6\",IF($H18=\"Class_7\",\"Replacement_7\",IF($H18=\"Class_8\",\"Replacement_8\",null))),IF($D18=\"Repower\",IF($H18=\"Class_6\",\"Repower_6\",IF($H18=\"Class_7\",\"Repower_7\",IF($H18=\"Class_8\",\"Repower_8\",null))),IF($D18=\"2-for-1 Replace\",IF($L18=\"Class_6\",\"Replacement_6\",IF($L18=\"Class_7\",\"Replacement_7\",IF($L18=\"Class_8\",\"Replacement_8\",null))))))","v":false},{"$f":"IF($D18=\"Replacement\",IF(AND($H18=\"Class_6\",$B18 <> \"4+ Trucks\"),\"Small_Fleet_Replacement_6\",IF(AND($H18=\"Class_7\",$B18 <> \"4+ Trucks\"),\"Small_Fleet_Replacement_7\",IF(AND($H18=\"Class_8\",$B18 <> \"4+ Trucks\"),\"Small_Fleet_Replacement_8\",null))),IF($D18=\"Repower\",IF($H18=\"Class_6\",\"Repower_6\",IF($H18=\"Class_7\",\"Repower_7\",IF($H18=\"Class_8\",\"Repower_8\",null))),IF($D18=\"2-for-1 Replace\",IF($L18=\"Class_6\",\"Replacement_6\",IF($L18=\"Class_7\",\"Small_Fleet_Replacement_7\",IF($L18=\"Class_8\",\"Small_Fleet_Replacement_8\",null))))))","v":false},"IF(AND($D5=\"Replacement\",$P5=\"Hybrid Zero-Mile\",$L5=\"Class_6\"),\"hybrid zero mile class 6\")","hybrid zero mile class 6",65000,null,{"$f":"IF(AND($B18<>\"4+ Trucks\",$D18=\"Replacement\",$P18=\"Diesel\",OR($L18=\"Class_7\",$H18=\"CLass_7\"),$M18=\"New: 2015+\"),\"small fleet new class 7 diesel\",IF(AND($B18<>\"4+ Trucks\",$D18=\"Replacement\",OR($P18=\"Diesel\",$P18=\"LNG/CNG\",$P18=\"Hybrid\"),OR($H18=\"Class_7\",$L18=\"Class_7\"),$M18=\"Used: 2011+\"),\"small fleet used class 7 diesel\",IF(AND($B18<>\"4+ Trucks\",$D18=\"Replacement\",$P18=\"Diesel\",$L18=\"Class_8\",$M18=\"New: 2015+\"),\"small fleet new class 8 diesel\",IF(AND($B18<>\"4+ Trucks\",$D18=\"Replacement\",$P18=\"Diesel\",$L18=\"Class_6\"),\"small fleet class 6 diesel\",IF(AND($B18<>\"4+ Trucks\",$D18=\"Replacement\",OR($P18=\"Diesel\",$P18=\"LNG/CNG\",$P18=\"Hybrid\"),$L18=\"Class_8\",$M18=\"Used: 2011+\"),\"small fleet used class 8 diesel\",IF(AND($B18<>\"4+ Trucks\",$D18=\"Repower\",$P18=\"Diesel\",(OR($L18=\"Class_8\",$L18=\"Class_7\"))),\"small fleet repower class 7/8\",IF(AND($B18<>\"4+ Trucks\",$D18=\"Repower\",$P18=\"Diesel\",$L18=\"Class_6\"),\"small fleet repower class 6\",IF(AND($D18=\"Replacement\",$P18=\"Zero Emission\",(OR($L18=\"Class_8\",$L18=\"Class_7\"))),\"zero emission class 7/8\",IF(AND($D18=\"Replacement\",$P18=\"Hybrid Zero-Mile\",(OR($L18=\"Class_8\",$L18=\"Class_7\"))),\"hybrid zero mile class 7/8\",IF(AND($D18=\"Replacement\",$P18=\"Low NOx\",(OR($L18=\"Class_8\",$L18=\"Class_7\"))),\"low nox class 7/8\",IF(AND($D18=\"Replacement\",$P18=\"Hybrid\",(OR($L18=\"Class_8\",$L18=\"Class_7\"))),\"hybrid class 7/8\",IF(AND($D18=\"Replacement\",$P18=\"LNG/CNG\",(OR($L18=\"Class_8\",$L18=\"Class_7\"))),\"lng/cng class 7/8\",IF(AND($D18=\"Replacement\",$P18=\"Zero Emission\",$L18=\"Class_6\"),\"zero emission class 6\",IF(AND($D18=\"Replacement\",$P18=\"Hybrid Zero-Mile\",$L18=\"Class_6\"),\"hybrid zero mile class 6\",IF(AND($D18=\"Replacement\",$P18=\"Low NOx\",$L18=\"Class_6\"),\"low nox class 6\",IF(AND($D18=\"Replacement\",$P18=\"Hybrid\",$L18=\"Class_6\"),\"hybrid class 6\",IF(AND($D18=\"Replacement\",$P18=\"LNG/CNG\",$L18=\"Class_6\"),\"lng/cng class 6\",(IF(AND($P18=\"Diesel\", OR($L18=\"Class_6\", $AE18=\"Class_6\")),\"small fleet class 6 diesel\",IF(AND($P18=\"Diesel\",$M18=\"New: 2015+\", OR($L18=\"Class_7\", $AE18=\"Class_7\")),\"small fleet new class 7 diesel\",IF(AND($P18=\"Diesel\",$M18=\"Used: 2011+\", OR($L18=\"Class_7\", $AE18=\"Class_7\")),\"small fleet used class 7 diesel\",IF(AND($P18=\"Diesel\",$M18=\"New: 2015+\", OR($L18=\"Class_8\", $AE18=\"Class_8\")),\"small fleet new class 8 diesel\",IF(AND($P18=\"Diesel\",$M18=\"Used: 2011+\", OR($L18=\"Class_8\", $AE18=\"Class_8\")),\"small fleet used class 8 diesel\",(IF(AND($P18=\"LNG/CNG\", OR($L18=\"Class_6\", $AE18=\"Class_6\")),\"lng/cng class 6\",(IF(AND($P18=\"Hybrid\", OR($L18=\"Class_6\", $AE18=\"Class_6\")),\"hybrid class 6\",(IF(AND($P18=\"Low NOx\", OR($L18=\"Class_6\", $AE18=\"Class_6\")),\"low nox class 6\",(IF(AND($P18=\"Hybrid Zero-Mile\", OR($L18=\"Class_6\", $AE18=\"Class_6\")),\"hybrid zero mile class 6\",(IF(AND($P18=\"Zero Emission\", OR($L18=\"Class_6\", $AE18=\"Class_6\")),\"zero emission class 6\",(IF(AND($P18=\"LNG/CNG\", OR($L18=\"Class_7\", $AE18=\"Class_7\")),\"lng/cng class 7/8\",(IF(AND($P18=\"Hybrid\", OR($L18=\"Class_7\", $AE18=\"Class_7\")),\"hybrid class 7/8\",(IF(AND($P18=\"Low NOx\", OR($L18=\"Class_7\", $AE18=\"Class_7\")),\"low nox class 7/8\",(IF(AND($P18=\"Hybrid Zero-Mile\", OR($L18=\"Class_7\", $AE18=\"Class_7\")),\"hybrid zero mile class 7/8\",(IF(AND($P18=\"Zero Emission\", OR($L18=\"Class_7\", $AE18=\"Class_7\")),\"zero emission class 7/8\",(IF(AND($P18=\"LNG/CNG\", OR($L18=\"Class_8\", $AE18=\"Class_8\")),\"lng/cng class 7/8\",(IF(AND($P18=\"Hybrid\", OR($L18=\"Class_8\", $AE18=\"Class_8\")),\"hybrid class 7/8\",(IF(AND($P18=\"Low NOx\", OR($L18=\"Class_8\", $AE18=\"Class_8\")),\"low nox class 7/8\",(IF(AND($P18=\"Hybrid Zero-Mile\", OR($L18=\"Class_8\", $AE18=\"Class_8\")),\"hybrid zero mile class 7/8\",(IF(AND($P18=\"Zero Emission\", OR($L18=\"Class_8\", $AE18=\"Class_8\")),\"zero emission class 7/8\")))))))))))))))))))))))))))))))))))))))))))))))))))))","v":false}]
["project 15",null,null,null,null,null,null,{"$f":"IF($G19=\"33,001 +\",\"Class_8\",IF($G19=\"26,001-33,000\",\"Class_7\",IF($G19=\"19,501-26,000\",\"Class_6\",\"\")))","v":""},null,null,null,null,null,null,{"$f":"IF(H19=\"Class_6\",IF(T19=\"No\",MIN(IF((J19*K19)<10000,0,J19*K19),IF((J19*N19)<10000,0,J19*N19)),IF(MIN(Y19*Z19,Y19*N19)+MIN(J19*K19,J19*N19)>9999,MIN(J19*K19,J19*N19),0)),IF(T19=\"No\",MIN(IF((J19*K19)<20000,0,J19*K19),IF((J19*N19)<20000,0,J19*N19)),IF(MIN(Y19*Z19,Y19*N19)+MIN(J19*K19,J19*N19)>19999,MIN(J19*K19,J19*N19),0)))","v":0},null,null,"","No","No",null,null,null,{"$f":"IF($W19=\"33,001 +\",\"Class_8\",IF($W19=\"26,001-33,000\",\"Class_7\",IF($W19=\"19,501-26,000\",\"Class_6\",IF($W19=\"\",\"\"))))","v":""},null,null,0,{"$f":"IF($T19=\"Yes\",IF(COUNTA($U19:$AA19)=7,\"Complete\",\"Incomplete\"),\"N/A\")","v":"N/A"},{"$f":"IF($D19=\"2-for-1 Replace\",IF(OR(COUNTA(A19:AA19)=27,COUNTA(A19:AA19)=29),\"Complete\",\"Incomplete\"),IF(OR($D19=\"Replacement\",$D19=\"Repower\"),IF(COUNTA(A19:Q19)=17,\"Complete\",\"Incomplete\"),\"Incomplete\"))","v":"Incomplete"},null,{"$f":"IF(OR($H19=\"Class_8\",$X19=\"Class_8\"),\"Class_8\",IF(OR($H19=\"Class_7\",$X19=\"Class_7\"),\"Class_7\",IF(OR($H19=\"Class_6\",$X19=\"Class_6\"),\"Class_6\")))","v":false},false,{"$f":"IF($D19=\"Repower\",IF($H19=\"Class_7\",IF($M19=\"New: 2013+ HHD\",\"CL7HHD\",\"gas\")))","v":false},false,null,{"$f":"IF($D19=\"2-for-1 Replace\",\"Norestr\",IF($AK19=\"Repower_8\",\"Repo8\",IF($AK19=\"Repower_7\",\"Repo7\",IF($AK19=\"Repower_6\",\"Repo6\",IF(OR($H19=\"Class_8\",$L19=\"Class_8\"),\"Replacement8HHD\",IF($D19=\"Replacement\",IF($H19=\"Class_6\",\"Replacement6\",IF($H19=\"Class_7\",IF($I19=\"MHD\",\"Replacement7MHD\",\"Replacement7HHD\"),IF($H19=\"Class_8\",IF($I19=\"HHD\",\"Replacement8HHD\",\"Replacement8MHD\")))),))))))","v":0},{"$f":"IF($D19=\"Replacement\",IF($H19=\"Class_6\",\"Replacement_6\",IF($H19=\"Class_7\",\"Replacement_7\",IF($H19=\"Class_8\",\"Replacement_8\",null))),IF($D19=\"Repower\",IF($H19=\"Class_6\",\"Repower_6\",IF($H19=\"Class_7\",\"Repower_7\",IF($H19=\"Class_8\",\"Repower_8\",null))),IF($D19=\"2-for-1 Replace\",IF($L19=\"Class_6\",\"Replacement_6\",IF($L19=\"Class_7\",\"Replacement_7\",IF($L19=\"Class_8\",\"Replacement_8\",null))))))","v":false},{"$f":"IF($D19=\"Replacement\",IF(AND($H19=\"Class_6\",$B19 <> \"4+ Trucks\"),\"Small_Fleet_Replacement_6\",IF(AND($H19=\"Class_7\",$B19 <> \"4+ Trucks\"),\"Small_Fleet_Replacement_7\",IF(AND($H19=\"Class_8\",$B19 <> \"4+ Trucks\"),\"Small_Fleet_Replacement_8\",null))),IF($D19=\"Repower\",IF($H19=\"Class_6\",\"Repower_6\",IF($H19=\"Class_7\",\"Repower_7\",IF($H19=\"Class_8\",\"Repower_8\",null))),IF($D19=\"2-for-1 Replace\",IF($L19=\"Class_6\",\"Replacement_6\",IF($L19=\"Class_7\",\"Small_Fleet_Replacement_7\",IF($L19=\"Class_8\",\"Small_Fleet_Replacement_8\",null))))))","v":false},"IF(AND($D5=\"Replacement\",$P5=\"Low NOx\",$L5=\"Class_6\"),\"low nox class 6\")","low nox class 6",50000,null,{"$f":"IF(AND($B19<>\"4+ Trucks\",$D19=\"Replacement\",$P19=\"Diesel\",OR($L19=\"Class_7\",$H19=\"CLass_7\"),$M19=\"New: 2015+\"),\"small fleet new class 7 diesel\",IF(AND($B19<>\"4+ Trucks\",$D19=\"Replacement\",OR($P19=\"Diesel\",$P19=\"LNG/CNG\",$P19=\"Hybrid\"),OR($H19=\"Class_7\",$L19=\"Class_7\"),$M19=\"Used: 2011+\"),\"small fleet used class 7 diesel\",IF(AND($B19<>\"4+ Trucks\",$D19=\"Replacement\",$P19=\"Diesel\",$L19=\"Class_8\",$M19=\"New: 2015+\"),\"small fleet new class 8 diesel\",IF(AND($B19<>\"4+ Trucks\",$D19=\"Replacement\",$P19=\"Diesel\",$L19=\"Class_6\"),\"small fleet class 6 diesel\",IF(AND($B19<>\"4+ Trucks\",$D19=\"Replacement\",OR($P19=\"Diesel\",$P19=\"LNG/CNG\",$P19=\"Hybrid\"),$L19=\"Class_8\",$M19=\"Used: 2011+\"),\"small fleet used class 8 diesel\",IF(AND($B19<>\"4+ Trucks\",$D19=\"Repower\",$P19=\"Diesel\",(OR($L19=\"Class_8\",$L19=\"Class_7\"))),\"small fleet repower class 7/8\",IF(AND($B19<>\"4+ Trucks\",$D19=\"Repower\",$P19=\"Diesel\",$L19=\"Class_6\"),\"small fleet repower class 6\",IF(AND($D19=\"Replacement\",$P19=\"Zero Emission\",(OR($L19=\"Class_8\",$L19=\"Class_7\"))),\"zero emission class 7/8\",IF(AND($D19=\"Replacement\",$P19=\"Hybrid Zero-Mile\",(OR($L19=\"Class_8\",$L19=\"Class_7\"))),\"hybrid zero mile class 7/8\",IF(AND($D19=\"Replacement\",$P19=\"Low NOx\",(OR($L19=\"Class_8\",$L19=\"Class_7\"))),\"low nox class 7/8\",IF(AND($D19=\"Replacement\",$P19=\"Hybrid\",(OR($L19=\"Class_8\",$L19=\"Class_7\"))),\"hybrid class 7/8\",IF(AND($D19=\"Replacement\",$P19=\"LNG/CNG\",(OR($L19=\"Class_8\",$L19=\"Class_7\"))),\"lng/cng class 7/8\",IF(AND($D19=\"Replacement\",$P19=\"Zero Emission\",$L19=\"Class_6\"),\"zero emission class 6\",IF(AND($D19=\"Replacement\",$P19=\"Hybrid Zero-Mile\",$L19=\"Class_6\"),\"hybrid zero mile class 6\",IF(AND($D19=\"Replacement\",$P19=\"Low NOx\",$L19=\"Class_6\"),\"low nox class 6\",IF(AND($D19=\"Replacement\",$P19=\"Hybrid\",$L19=\"Class_6\"),\"hybrid class 6\",IF(AND($D19=\"Replacement\",$P19=\"LNG/CNG\",$L19=\"Class_6\"),\"lng/cng class 6\",(IF(AND($P19=\"Diesel\", OR($L19=\"Class_6\", $AE19=\"Class_6\")),\"small fleet class 6 diesel\",IF(AND($P19=\"Diesel\",$M19=\"New: 2015+\", OR($L19=\"Class_7\", $AE19=\"Class_7\")),\"small fleet new class 7 diesel\",IF(AND($P19=\"Diesel\",$M19=\"Used: 2011+\", OR($L19=\"Class_7\", $AE19=\"Class_7\")),\"small fleet used class 7 diesel\",IF(AND($P19=\"Diesel\",$M19=\"New: 2015+\", OR($L19=\"Class_8\", $AE19=\"Class_8\")),\"small fleet new class 8 diesel\",IF(AND($P19=\"Diesel\",$M19=\"Used: 2011+\", OR($L19=\"Class_8\", $AE19=\"Class_8\")),\"small fleet used class 8 diesel\",(IF(AND($P19=\"LNG/CNG\", OR($L19=\"Class_6\", $AE19=\"Class_6\")),\"lng/cng class 6\",(IF(AND($P19=\"Hybrid\", OR($L19=\"Class_6\", $AE19=\"Class_6\")),\"hybrid class 6\",(IF(AND($P19=\"Low NOx\", OR($L19=\"Class_6\", $AE19=\"Class_6\")),\"low nox class 6\",(IF(AND($P19=\"Hybrid Zero-Mile\", OR($L19=\"Class_6\", $AE19=\"Class_6\")),\"hybrid zero mile class 6\",(IF(AND($P19=\"Zero Emission\", OR($L19=\"Class_6\", $AE19=\"Class_6\")),\"zero emission class 6\",(IF(AND($P19=\"LNG/CNG\", OR($L19=\"Class_7\", $AE19=\"Class_7\")),\"lng/cng class 7/8\",(IF(AND($P19=\"Hybrid\", OR($L19=\"Class_7\", $AE19=\"Class_7\")),\"hybrid class 7/8\",(IF(AND($P19=\"Low NOx\", OR($L19=\"Class_7\", $AE19=\"Class_7\")),\"low nox class 7/8\",(IF(AND($P19=\"Hybrid Zero-Mile\", OR($L19=\"Class_7\", $AE19=\"Class_7\")),\"hybrid zero mile class 7/8\",(IF(AND($P19=\"Zero Emission\", OR($L19=\"Class_7\", $AE19=\"Class_7\")),\"zero emission class 7/8\",(IF(AND($P19=\"LNG/CNG\", OR($L19=\"Class_8\", $AE19=\"Class_8\")),\"lng/cng class 7/8\",(IF(AND($P19=\"Hybrid\", OR($L19=\"Class_8\", $AE19=\"Class_8\")),\"hybrid class 7/8\",(IF(AND($P19=\"Low NOx\", OR($L19=\"Class_8\", $AE19=\"Class_8\")),\"low nox class 7/8\",(IF(AND($P19=\"Hybrid Zero-Mile\", OR($L19=\"Class_8\", $AE19=\"Class_8\")),\"hybrid zero mile class 7/8\",(IF(AND($P19=\"Zero Emission\", OR($L19=\"Class_8\", $AE19=\"Class_8\")),\"zero emission class 7/8\")))))))))))))))))))))))))))))))))))))))))))))))))))))","v":false}]
["project 16",null,null,null,null,null,null,{"$f":"IF($G20=\"33,001 +\",\"Class_8\",IF($G20=\"26,001-33,000\",\"Class_7\",IF($G20=\"19,501-26,000\",\"Class_6\",\"\")))","v":""},null,null,null,null,null,null,{"$f":"IF(H20=\"Class_6\",IF(T20=\"No\",MIN(IF((J20*K20)<10000,0,J20*K20),IF((J20*N20)<10000,0,J20*N20)),IF(MIN(Y20*Z20,Y20*N20)+MIN(J20*K20,J20*N20)>9999,MIN(J20*K20,J20*N20),0)),IF(T20=\"No\",MIN(IF((J20*K20)<20000,0,J20*K20),IF((J20*N20)<20000,0,J20*N20)),IF(MIN(Y20*Z20,Y20*N20)+MIN(J20*K20,J20*N20)>19999,MIN(J20*K20,J20*N20),0)))","v":0},null,null,"","No","No",null,null,null,{"$f":"IF($W20=\"33,001 +\",\"Class_8\",IF($W20=\"26,001-33,000\",\"Class_7\",IF($W20=\"19,501-26,000\",\"Class_6\",IF($W20=\"\",\"\"))))","v":""},null,null,0,{"$f":"IF($T20=\"Yes\",IF(COUNTA($U20:$AA20)=7,\"Complete\",\"Incomplete\"),\"N/A\")","v":"N/A"},{"$f":"IF($D20=\"2-for-1 Replace\",IF(OR(COUNTA(A20:AA20)=27,COUNTA(A20:AA20)=29),\"Complete\",\"Incomplete\"),IF(OR($D20=\"Replacement\",$D20=\"Repower\"),IF(COUNTA(A20:Q20)=17,\"Complete\",\"Incomplete\"),\"Incomplete\"))","v":"Incomplete"},null,{"$f":"IF(OR($H20=\"Class_8\",$X20=\"Class_8\"),\"Class_8\",IF(OR($H20=\"Class_7\",$X20=\"Class_7\"),\"Class_7\",IF(OR($H20=\"Class_6\",$X20=\"Class_6\"),\"Class_6\")))","v":false},false,{"$f":"IF($D20=\"Repower\",IF($H20=\"Class_7\",IF($M20=\"New: 2013+ HHD\",\"CL7HHD\",\"gas\")))","v":false},false,null,{"$f":"IF($D20=\"2-for-1 Replace\",\"Norestr\",IF($AK20=\"Repower_8\",\"Repo8\",IF($AK20=\"Repower_7\",\"Repo7\",IF($AK20=\"Repower_6\",\"Repo6\",IF(OR($H20=\"Class_8\",$L20=\"Class_8\"),\"Replacement8HHD\",IF($D20=\"Replacement\",IF($H20=\"Class_6\",\"Replacement6\",IF($H20=\"Class_7\",IF($I20=\"MHD\",\"Replacement7MHD\",\"Replacement7HHD\"),IF($H20=\"Class_8\",IF($I20=\"HHD\",\"Replacement8HHD\",\"Replacement8MHD\")))),))))))","v":0},{"$f":"IF($D20=\"Replacement\",IF($H20=\"Class_6\",\"Replacement_6\",IF($H20=\"Class_7\",\"Replacement_7\",IF($H20=\"Class_8\",\"Replacement_8\",null))),IF($D20=\"Repower\",IF($H20=\"Class_6\",\"Repower_6\",IF($H20=\"Class_7\",\"Repower_7\",IF($H20=\"Class_8\",\"Repower_8\",null))),IF($D20=\"2-for-1 Replace\",IF($L20=\"Class_6\",\"Replacement_6\",IF($L20=\"Class_7\",\"Replacement_7\",IF($L20=\"Class_8\",\"Replacement_8\",null))))))","v":false},{"$f":"IF($D20=\"Replacement\",IF(AND($H20=\"Class_6\",$B20 <> \"4+ Trucks\"),\"Small_Fleet_Replacement_6\",IF(AND($H20=\"Class_7\",$B20 <> \"4+ Trucks\"),\"Small_Fleet_Replacement_7\",IF(AND($H20=\"Class_8\",$B20 <> \"4+ Trucks\"),\"Small_Fleet_Replacement_8\",null))),IF($D20=\"Repower\",IF($H20=\"Class_6\",\"Repower_6\",IF($H20=\"Class_7\",\"Repower_7\",IF($H20=\"Class_8\",\"Repower_8\",null))),IF($D20=\"2-for-1 Replace\",IF($L20=\"Class_6\",\"Replacement_6\",IF($L20=\"Class_7\",\"Small_Fleet_Replacement_7\",IF($L20=\"Class_8\",\"Small_Fleet_Replacement_8\",null))))))","v":false},"IF(AND($D5=\"Replacement\",$P5=\"Hybrid\",$L5=\"Class_6\"),\"hybrid class 6\")","hybrid class 6",45000,null,{"$f":"IF(AND($B20<>\"4+ Trucks\",$D20=\"Replacement\",$P20=\"Diesel\",OR($L20=\"Class_7\",$H20=\"CLass_7\"),$M20=\"New: 2015+\"),\"small fleet new class 7 diesel\",IF(AND($B20<>\"4+ Trucks\",$D20=\"Replacement\",OR($P20=\"Diesel\",$P20=\"LNG/CNG\",$P20=\"Hybrid\"),OR($H20=\"Class_7\",$L20=\"Class_7\"),$M20=\"Used: 2011+\"),\"small fleet used class 7 diesel\",IF(AND($B20<>\"4+ Trucks\",$D20=\"Replacement\",$P20=\"Diesel\",$L20=\"Class_8\",$M20=\"New: 2015+\"),\"small fleet new class 8 diesel\",IF(AND($B20<>\"4+ Trucks\",$D20=\"Replacement\",$P20=\"Diesel\",$L20=\"Class_6\"),\"small fleet class 6 diesel\",IF(AND($B20<>\"4+ Trucks\",$D20=\"Replacement\",OR($P20=\"Diesel\",$P20=\"LNG/CNG\",$P20=\"Hybrid\"),$L20=\"Class_8\",$M20=\"Used: 2011+\"),\"small fleet used class 8 diesel\",IF(AND($B20<>\"4+ Trucks\",$D20=\"Repower\",$P20=\"Diesel\",(OR($L20=\"Class_8\",$L20=\"Class_7\"))),\"small fleet repower class 7/8\",IF(AND($B20<>\"4+ Trucks\",$D20=\"Repower\",$P20=\"Diesel\",$L20=\"Class_6\"),\"small fleet repower class 6\",IF(AND($D20=\"Replacement\",$P20=\"Zero Emission\",(OR($L20=\"Class_8\",$L20=\"Class_7\"))),\"zero emission class 7/8\",IF(AND($D20=\"Replacement\",$P20=\"Hybrid Zero-Mile\",(OR($L20=\"Class_8\",$L20=\"Class_7\"))),\"hybrid zero mile class 7/8\",IF(AND($D20=\"Replacement\",$P20=\"Low NOx\",(OR($L20=\"Class_8\",$L20=\"Class_7\"))),\"low nox class 7/8\",IF(AND($D20=\"Replacement\",$P20=\"Hybrid\",(OR($L20=\"Class_8\",$L20=\"Class_7\"))),\"hybrid class 7/8\",IF(AND($D20=\"Replacement\",$P20=\"LNG/CNG\",(OR($L20=\"Class_8\",$L20=\"Class_7\"))),\"lng/cng class 7/8\",IF(AND($D20=\"Replacement\",$P20=\"Zero Emission\",$L20=\"Class_6\"),\"zero emission class 6\",IF(AND($D20=\"Replacement\",$P20=\"Hybrid Zero-Mile\",$L20=\"Class_6\"),\"hybrid zero mile class 6\",IF(AND($D20=\"Replacement\",$P20=\"Low NOx\",$L20=\"Class_6\"),\"low nox class 6\",IF(AND($D20=\"Replacement\",$P20=\"Hybrid\",$L20=\"Class_6\"),\"hybrid class 6\",IF(AND($D20=\"Replacement\",$P20=\"LNG/CNG\",$L20=\"Class_6\"),\"lng/cng class 6\",(IF(AND($P20=\"Diesel\", OR($L20=\"Class_6\", $AE20=\"Class_6\")),\"small fleet class 6 diesel\",IF(AND($P20=\"Diesel\",$M20=\"New: 2015+\", OR($L20=\"Class_7\", $AE20=\"Class_7\")),\"small fleet new class 7 diesel\",IF(AND($P20=\"Diesel\",$M20=\"Used: 2011+\", OR($L20=\"Class_7\", $AE20=\"Class_7\")),\"small fleet used class 7 diesel\",IF(AND($P20=\"Diesel\",$M20=\"New: 2015+\", OR($L20=\"Class_8\", $AE20=\"Class_8\")),\"small fleet new class 8 diesel\",IF(AND($P20=\"Diesel\",$M20=\"Used: 2011+\", OR($L20=\"Class_8\", $AE20=\"Class_8\")),\"small fleet used class 8 diesel\",(IF(AND($P20=\"LNG/CNG\", OR($L20=\"Class_6\", $AE20=\"Class_6\")),\"lng/cng class 6\",(IF(AND($P20=\"Hybrid\", OR($L20=\"Class_6\", $AE20=\"Class_6\")),\"hybrid class 6\",(IF(AND($P20=\"Low NOx\", OR($L20=\"Class_6\", $AE20=\"Class_6\")),\"low nox class 6\",(IF(AND($P20=\"Hybrid Zero-Mile\", OR($L20=\"Class_6\", $AE20=\"Class_6\")),\"hybrid zero mile class 6\",(IF(AND($P20=\"Zero Emission\", OR($L20=\"Class_6\", $AE20=\"Class_6\")),\"zero emission class 6\",(IF(AND($P20=\"LNG/CNG\", OR($L20=\"Class_7\", $AE20=\"Class_7\")),\"lng/cng class 7/8\",(IF(AND($P20=\"Hybrid\", OR($L20=\"Class_7\", $AE20=\"Class_7\")),\"hybrid class 7/8\",(IF(AND($P20=\"Low NOx\", OR($L20=\"Class_7\", $AE20=\"Class_7\")),\"low nox class 7/8\",(IF(AND($P20=\"Hybrid Zero-Mile\", OR($L20=\"Class_7\", $AE20=\"Class_7\")),\"hybrid zero mile class 7/8\",(IF(AND($P20=\"Zero Emission\", OR($L20=\"Class_7\", $AE20=\"Class_7\")),\"zero emission class 7/8\",(IF(AND($P20=\"LNG/CNG\", OR($L20=\"Class_8\", $AE20=\"Class_8\")),\"lng/cng class 7/8\",(IF(AND($P20=\"Hybrid\", OR($L20=\"Class_8\", $AE20=\"Class_8\")),\"hybrid class 7/8\",(IF(AND($P20=\"Low NOx\", OR($L20=\"Class_8\", $AE20=\"Class_8\")),\"low nox class 7/8\",(IF(AND($P20=\"Hybrid Zero-Mile\", OR($L20=\"Class_8\", $AE20=\"Class_8\")),\"hybrid zero mile class 7/8\",(IF(AND($P20=\"Zero Emission\", OR($L20=\"Class_8\", $AE20=\"Class_8\")),\"zero emission class 7/8\")))))))))))))))))))))))))))))))))))))))))))))))))))))","v":false}]
["project 17",null,null,null,null,null,null,{"$f":"IF($G21=\"33,001 +\",\"Class_8\",IF($G21=\"26,001-33,000\",\"Class_7\",IF($G21=\"19,501-26,000\",\"Class_6\",\"\")))","v":""},null,null,null,null,null,null,{"$f":"IF(H21=\"Class_6\",IF(T21=\"No\",MIN(IF((J21*K21)<10000,0,J21*K21),IF((J21*N21)<10000,0,J21*N21)),IF(MIN(Y21*Z21,Y21*N21)+MIN(J21*K21,J21*N21)>9999,MIN(J21*K21,J21*N21),0)),IF(T21=\"No\",MIN(IF((J21*K21)<20000,0,J21*K21),IF((J21*N21)<20000,0,J21*N21)),IF(MIN(Y21*Z21,Y21*N21)+MIN(J21*K21,J21*N21)>19999,MIN(J21*K21,J21*N21),0)))","v":0},null,null,"","No","No",null,null,null,{"$f":"IF($W21=\"33,001 +\",\"Class_8\",IF($W21=\"26,001-33,000\",\"Class_7\",IF($W21=\"19,501-26,000\",\"Class_6\",IF($W21=\"\",\"\"))))","v":""},null,null,0,{"$f":"IF($T21=\"Yes\",IF(COUNTA($U21:$AA21)=7,\"Complete\",\"Incomplete\"),\"N/A\")","v":"N/A"},{"$f":"IF($D21=\"2-for-1 Replace\",IF(OR(COUNTA(A21:AA21)=27,COUNTA(A21:AA21)=29),\"Complete\",\"Incomplete\"),IF(OR($D21=\"Replacement\",$D21=\"Repower\"),IF(COUNTA(A21:Q21)=17,\"Complete\",\"Incomplete\"),\"Incomplete\"))","v":"Incomplete"},null,{"$f":"IF(OR($H21=\"Class_8\",$X21=\"Class_8\"),\"Class_8\",IF(OR($H21=\"Class_7\",$X21=\"Class_7\"),\"Class_7\",IF(OR($H21=\"Class_6\",$X21=\"Class_6\"),\"Class_6\")))","v":false},false,{"$f":"IF($D21=\"Repower\",IF($H21=\"Class_7\",IF($M21=\"New: 2013+ HHD\",\"CL7HHD\",\"gas\")))","v":false},false,null,{"$f":"IF($D21=\"2-for-1 Replace\",\"Norestr\",IF($AK21=\"Repower_8\",\"Repo8\",IF($AK21=\"Repower_7\",\"Repo7\",IF($AK21=\"Repower_6\",\"Repo6\",IF(OR($H21=\"Class_8\",$L21=\"Class_8\"),\"Replacement8HHD\",IF($D21=\"Replacement\",IF($H21=\"Class_6\",\"Replacement6\",IF($H21=\"Class_7\",IF($I21=\"MHD\",\"Replacement7MHD\",\"Replacement7HHD\"),IF($H21=\"Class_8\",IF($I21=\"HHD\",\"Replacement8HHD\",\"Replacement8MHD\")))),))))))","v":0},{"$f":"IF($D21=\"Replacement\",IF($H21=\"Class_6\",\"Replacement_6\",IF($H21=\"Class_7\",\"Replacement_7\",IF($H21=\"Class_8\",\"Replacement_8\",null))),IF($D21=\"Repower\",IF($H21=\"Class_6\",\"Repower_6\",IF($H21=\"Class_7\",\"Repower_7\",IF($H21=\"Class_8\",\"Repower_8\",null))),IF($D21=\"2-for-1 Replace\",IF($L21=\"Class_6\",\"Replacement_6\",IF($L21=\"Class_7\",\"Replacement_7\",IF($L21=\"Class_8\",\"Replacement_8\",null))))))","v":false},{"$f":"IF($D21=\"Replacement\",IF(AND($H21=\"Class_6\",$B21 <> \"4+ Trucks\"),\"Small_Fleet_Replacement_6\",IF(AND($H21=\"Class_7\",$B21 <> \"4+ Trucks\"),\"Small_Fleet_Replacement_7\",IF(AND($H21=\"Class_8\",$B21 <> \"4+ Trucks\"),\"Small_Fleet_Replacement_8\",null))),IF($D21=\"Repower\",IF($H21=\"Class_6\",\"Repower_6\",IF($H21=\"Class_7\",\"Repower_7\",IF($H21=\"Class_8\",\"Repower_8\",null))),IF($D21=\"2-for-1 Replace\",IF($L21=\"Class_6\",\"Replacement_6\",IF($L21=\"Class_7\",\"Small_Fleet_Replacement_7\",IF($L21=\"Class_8\",\"Small_Fleet_Replacement_8\",null))))))","v":false},"IF(AND($D5=\"Replacement\",$P5=\"LNG/CNG\",$L5=\"Class_6\"),\"lng/cng class 6\")","lng/cng class 6",40000,null,{"$f":"IF(AND($B21<>\"4+ Trucks\",$D21=\"Replacement\",$P21=\"Diesel\",OR($L21=\"Class_7\",$H21=\"CLass_7\"),$M21=\"New: 2015+\"),\"small fleet new class 7 diesel\",IF(AND($B21<>\"4+ Trucks\",$D21=\"Replacement\",OR($P21=\"Diesel\",$P21=\"LNG/CNG\",$P21=\"Hybrid\"),OR($H21=\"Class_7\",$L21=\"Class_7\"),$M21=\"Used: 2011+\"),\"small fleet used class 7 diesel\",IF(AND($B21<>\"4+ Trucks\",$D21=\"Replacement\",$P21=\"Diesel\",$L21=\"Class_8\",$M21=\"New: 2015+\"),\"small fleet new class 8 diesel\",IF(AND($B21<>\"4+ Trucks\",$D21=\"Replacement\",$P21=\"Diesel\",$L21=\"Class_6\"),\"small fleet class 6 diesel\",IF(AND($B21<>\"4+ Trucks\",$D21=\"Replacement\",OR($P21=\"Diesel\",$P21=\"LNG/CNG\",$P21=\"Hybrid\"),$L21=\"Class_8\",$M21=\"Used: 2011+\"),\"small fleet used class 8 diesel\",IF(AND($B21<>\"4+ Trucks\",$D21=\"Repower\",$P21=\"Diesel\",(OR($L21=\"Class_8\",$L21=\"Class_7\"))),\"small fleet repower class 7/8\",IF(AND($B21<>\"4+ Trucks\",$D21=\"Repower\",$P21=\"Diesel\",$L21=\"Class_6\"),\"small fleet repower class 6\",IF(AND($D21=\"Replacement\",$P21=\"Zero Emission\",(OR($L21=\"Class_8\",$L21=\"Class_7\"))),\"zero emission class 7/8\",IF(AND($D21=\"Replacement\",$P21=\"Hybrid Zero-Mile\",(OR($L21=\"Class_8\",$L21=\"Class_7\"))),\"hybrid zero mile class 7/8\",IF(AND($D21=\"Replacement\",$P21=\"Low NOx\",(OR($L21=\"Class_8\",$L21=\"Class_7\"))),\"low nox class 7/8\",IF(AND($D21=\"Replacement\",$P21=\"Hybrid\",(OR($L21=\"Class_8\",$L21=\"Class_7\"))),\"hybrid class 7/8\",IF(AND($D21=\"Replacement\",$P21=\"LNG/CNG\",(OR($L21=\"Class_8\",$L21=\"Class_7\"))),\"lng/cng class 7/8\",IF(AND($D21=\"Replacement\",$P21=\"Zero Emission\",$L21=\"Class_6\"),\"zero emission class 6\",IF(AND($D21=\"Replacement\",$P21=\"Hybrid Zero-Mile\",$L21=\"Class_6\"),\"hybrid zero mile class 6\",IF(AND($D21=\"Replacement\",$P21=\"Low NOx\",$L21=\"Class_6\"),\"low nox class 6\",IF(AND($D21=\"Replacement\",$P21=\"Hybrid\",$L21=\"Class_6\"),\"hybrid class 6\",IF(AND($D21=\"Replacement\",$P21=\"LNG/CNG\",$L21=\"Class_6\"),\"lng/cng class 6\",(IF(AND($P21=\"Diesel\", OR($L21=\"Class_6\", $AE21=\"Class_6\")),\"small fleet class 6 diesel\",IF(AND($P21=\"Diesel\",$M21=\"New: 2015+\", OR($L21=\"Class_7\", $AE21=\"Class_7\")),\"small fleet new class 7 diesel\",IF(AND($P21=\"Diesel\",$M21=\"Used: 2011+\", OR($L21=\"Class_7\", $AE21=\"Class_7\")),\"small fleet used class 7 diesel\",IF(AND($P21=\"Diesel\",$M21=\"New: 2015+\", OR($L21=\"Class_8\", $AE21=\"Class_8\")),\"small fleet new class 8 diesel\",IF(AND($P21=\"Diesel\",$M21=\"Used: 2011+\", OR($L21=\"Class_8\", $AE21=\"Class_8\")),\"small fleet used class 8 diesel\",(IF(AND($P21=\"LNG/CNG\", OR($L21=\"Class_6\", $AE21=\"Class_6\")),\"lng/cng class 6\",(IF(AND($P21=\"Hybrid\", OR($L21=\"Class_6\", $AE21=\"Class_6\")),\"hybrid class 6\",(IF(AND($P21=\"Low NOx\", OR($L21=\"Class_6\", $AE21=\"Class_6\")),\"low nox class 6\",(IF(AND($P21=\"Hybrid Zero-Mile\", OR($L21=\"Class_6\", $AE21=\"Class_6\")),\"hybrid zero mile class 6\",(IF(AND($P21=\"Zero Emission\", OR($L21=\"Class_6\", $AE21=\"Class_6\")),\"zero emission class 6\",(IF(AND($P21=\"LNG/CNG\", OR($L21=\"Class_7\", $AE21=\"Class_7\")),\"lng/cng class 7/8\",(IF(AND($P21=\"Hybrid\", OR($L21=\"Class_7\", $AE21=\"Class_7\")),\"hybrid class 7/8\",(IF(AND($P21=\"Low NOx\", OR($L21=\"Class_7\", $AE21=\"Class_7\")),\"low nox class 7/8\",(IF(AND($P21=\"Hybrid Zero-Mile\", OR($L21=\"Class_7\", $AE21=\"Class_7\")),\"hybrid zero mile class 7/8\",(IF(AND($P21=\"Zero Emission\", OR($L21=\"Class_7\", $AE21=\"Class_7\")),\"zero emission class 7/8\",(IF(AND($P21=\"LNG/CNG\", OR($L21=\"Class_8\", $AE21=\"Class_8\")),\"lng/cng class 7/8\",(IF(AND($P21=\"Hybrid\", OR($L21=\"Class_8\", $AE21=\"Class_8\")),\"hybrid class 7/8\",(IF(AND($P21=\"Low NOx\", OR($L21=\"Class_8\", $AE21=\"Class_8\")),\"low nox class 7/8\",(IF(AND($P21=\"Hybrid Zero-Mile\", OR($L21=\"Class_8\", $AE21=\"Class_8\")),\"hybrid zero mile class 7/8\",(IF(AND($P21=\"Zero Emission\", OR($L21=\"Class_8\", $AE21=\"Class_8\")),\"zero emission class 7/8\")))))))))))))))))))))))))))))))))))))))))))))))))))))","v":false}]
["project 18",null,null,null,null,null,null,{"$f":"IF($G22=\"33,001 +\",\"Class_8\",IF($G22=\"26,001-33,000\",\"Class_7\",IF($G22=\"19,501-26,000\",\"Class_6\",\"\")))","v":""},null,null,null,null,null,null,{"$f":"IF(H22=\"Class_6\",IF(T22=\"No\",MIN(IF((J22*K22)<10000,0,J22*K22),IF((J22*N22)<10000,0,J22*N22)),IF(MIN(Y22*Z22,Y22*N22)+MIN(J22*K22,J22*N22)>9999,MIN(J22*K22,J22*N22),0)),IF(T22=\"No\",MIN(IF((J22*K22)<20000,0,J22*K22),IF((J22*N22)<20000,0,J22*N22)),IF(MIN(Y22*Z22,Y22*N22)+MIN(J22*K22,J22*N22)>19999,MIN(J22*K22,J22*N22),0)))","v":0},null,null,"","No","No",null,null,null,{"$f":"IF($W22=\"33,001 +\",\"Class_8\",IF($W22=\"26,001-33,000\",\"Class_7\",IF($W22=\"19,501-26,000\",\"Class_6\",IF($W22=\"\",\"\"))))","v":""},null,null,0,{"$f":"IF($T22=\"Yes\",IF(COUNTA($U22:$AA22)=7,\"Complete\",\"Incomplete\"),\"N/A\")","v":"N/A"},{"$f":"IF($D22=\"2-for-1 Replace\",IF(OR(COUNTA(A22:AA22)=27,COUNTA(A22:AA22)=29),\"Complete\",\"Incomplete\"),IF(OR($D22=\"Replacement\",$D22=\"Repower\"),IF(COUNTA(A22:Q22)=17,\"Complete\",\"Incomplete\"),\"Incomplete\"))","v":"Incomplete"},null,{"$f":"IF(OR($H22=\"Class_8\",$X22=\"Class_8\"),\"Class_8\",IF(OR($H22=\"Class_7\",$X22=\"Class_7\"),\"Class_7\",IF(OR($H22=\"Class_6\",$X22=\"Class_6\"),\"Class_6\")))","v":false},false,{"$f":"IF($D22=\"Repower\",IF($H22=\"Class_7\",IF($M22=\"New: 2013+ HHD\",\"CL7HHD\",\"gas\")))","v":false},false,null,{"$f":"IF($D22=\"2-for-1 Replace\",\"Norestr\",IF($AK22=\"Repower_8\",\"Repo8\",IF($AK22=\"Repower_7\",\"Repo7\",IF($AK22=\"Repower_6\",\"Repo6\",IF(OR($H22=\"Class_8\",$L22=\"Class_8\"),\"Replacement8HHD\",IF($D22=\"Replacement\",IF($H22=\"Class_6\",\"Replacement6\",IF($H22=\"Class_7\",IF($I22=\"MHD\",\"Replacement7MHD\",\"Replacement7HHD\"),IF($H22=\"Class_8\",IF($I22=\"HHD\",\"Replacement8HHD\",\"Replacement8MHD\")))),))))))","v":0},{"$f":"IF($D22=\"Replacement\",IF($H22=\"Class_6\",\"Replacement_6\",IF($H22=\"Class_7\",\"Replacement_7\",IF($H22=\"Class_8\",\"Replacement_8\",null))),IF($D22=\"Repower\",IF($H22=\"Class_6\",\"Repower_6\",IF($H22=\"Class_7\",\"Repower_7\",IF($H22=\"Class_8\",\"Repower_8\",null))),IF($D22=\"2-for-1 Replace\",IF($L22=\"Class_6\",\"Replacement_6\",IF($L22=\"Class_7\",\"Replacement_7\",IF($L22=\"Class_8\",\"Replacement_8\",null))))))","v":false},{"$f":"IF($D22=\"Replacement\",IF(AND($H22=\"Class_6\",$B22 <> \"4+ Trucks\"),\"Small_Fleet_Replacement_6\",IF(AND($H22=\"Class_7\",$B22 <> \"4+ Trucks\"),\"Small_Fleet_Replacement_7\",IF(AND($H22=\"Class_8\",$B22 <> \"4+ Trucks\"),\"Small_Fleet_Replacement_8\",null))),IF($D22=\"Repower\",IF($H22=\"Class_6\",\"Repower_6\",IF($H22=\"Class_7\",\"Repower_7\",IF($H22=\"Class_8\",\"Repower_8\",null))),IF($D22=\"2-for-1 Replace\",IF($L22=\"Class_6\",\"Replacement_6\",IF($L22=\"Class_7\",\"Small_Fleet_Replacement_7\",IF($L22=\"Class_8\",\"Small_Fleet_Replacement_8\",null))))))","v":false},null,null,null,null,{"$f":"IF(AND($B22<>\"4+ Trucks\",$D22=\"Replacement\",$P22=\"Diesel\",OR($L22=\"Class_7\",$H22=\"CLass_7\"),$M22=\"New: 2015+\"),\"small fleet new class 7 diesel\",IF(AND($B22<>\"4+ Trucks\",$D22=\"Replacement\",OR($P22=\"Diesel\",$P22=\"LNG/CNG\",$P22=\"Hybrid\"),OR($H22=\"Class_7\",$L22=\"Class_7\"),$M22=\"Used: 2011+\"),\"small fleet used class 7 diesel\",IF(AND($B22<>\"4+ Trucks\",$D22=\"Replacement\",$P22=\"Diesel\",$L22=\"Class_8\",$M22=\"New: 2015+\"),\"small fleet new class 8 diesel\",IF(AND($B22<>\"4+ Trucks\",$D22=\"Replacement\",$P22=\"Diesel\",$L22=\"Class_6\"),\"small fleet class 6 diesel\",IF(AND($B22<>\"4+ Trucks\",$D22=\"Replacement\",OR($P22=\"Diesel\",$P22=\"LNG/CNG\",$P22=\"Hybrid\"),$L22=\"Class_8\",$M22=\"Used: 2011+\"),\"small fleet used class 8 diesel\",IF(AND($B22<>\"4+ Trucks\",$D22=\"Repower\",$P22=\"Diesel\",(OR($L22=\"Class_8\",$L22=\"Class_7\"))),\"small fleet repower class 7/8\",IF(AND($B22<>\"4+ Trucks\",$D22=\"Repower\",$P22=\"Diesel\",$L22=\"Class_6\"),\"small fleet repower class 6\",IF(AND($D22=\"Replacement\",$P22=\"Zero Emission\",(OR($L22=\"Class_8\",$L22=\"Class_7\"))),\"zero emission class 7/8\",IF(AND($D22=\"Replacement\",$P22=\"Hybrid Zero-Mile\",(OR($L22=\"Class_8\",$L22=\"Class_7\"))),\"hybrid zero mile class 7/8\",IF(AND($D22=\"Replacement\",$P22=\"Low NOx\",(OR($L22=\"Class_8\",$L22=\"Class_7\"))),\"low nox class 7/8\",IF(AND($D22=\"Replacement\",$P22=\"Hybrid\",(OR($L22=\"Class_8\",$L22=\"Class_7\"))),\"hybrid class 7/8\",IF(AND($D22=\"Replacement\",$P22=\"LNG/CNG\",(OR($L22=\"Class_8\",$L22=\"Class_7\"))),\"lng/cng class 7/8\",IF(AND($D22=\"Replacement\",$P22=\"Zero Emission\",$L22=\"Class_6\"),\"zero emission class 6\",IF(AND($D22=\"Replacement\",$P22=\"Hybrid Zero-Mile\",$L22=\"Class_6\"),\"hybrid zero mile class 6\",IF(AND($D22=\"Replacement\",$P22=\"Low NOx\",$L22=\"Class_6\"),\"low nox class 6\",IF(AND($D22=\"Replacement\",$P22=\"Hybrid\",$L22=\"Class_6\"),\"hybrid class 6\",IF(AND($D22=\"Replacement\",$P22=\"LNG/CNG\",$L22=\"Class_6\"),\"lng/cng class 6\",(IF(AND($P22=\"Diesel\", OR($L22=\"Class_6\", $AE22=\"Class_6\")),\"small fleet class 6 diesel\",IF(AND($P22=\"Diesel\",$M22=\"New: 2015+\", OR($L22=\"Class_7\", $AE22=\"Class_7\")),\"small fleet new class 7 diesel\",IF(AND($P22=\"Diesel\",$M22=\"Used: 2011+\", OR($L22=\"Class_7\", $AE22=\"Class_7\")),\"small fleet used class 7 diesel\",IF(AND($P22=\"Diesel\",$M22=\"New: 2015+\", OR($L22=\"Class_8\", $AE22=\"Class_8\")),\"small fleet new class 8 diesel\",IF(AND($P22=\"Diesel\",$M22=\"Used: 2011+\", OR($L22=\"Class_8\", $AE22=\"Class_8\")),\"small fleet used class 8 diesel\",(IF(AND($P22=\"LNG/CNG\", OR($L22=\"Class_6\", $AE22=\"Class_6\")),\"lng/cng class 6\",(IF(AND($P22=\"Hybrid\", OR($L22=\"Class_6\", $AE22=\"Class_6\")),\"hybrid class 6\",(IF(AND($P22=\"Low NOx\", OR($L22=\"Class_6\", $AE22=\"Class_6\")),\"low nox class 6\",(IF(AND($P22=\"Hybrid Zero-Mile\", OR($L22=\"Class_6\", $AE22=\"Class_6\")),\"hybrid zero mile class 6\",(IF(AND($P22=\"Zero Emission\", OR($L22=\"Class_6\", $AE22=\"Class_6\")),\"zero emission class 6\",(IF(AND($P22=\"LNG/CNG\", OR($L22=\"Class_7\", $AE22=\"Class_7\")),\"lng/cng class 7/8\",(IF(AND($P22=\"Hybrid\", OR($L22=\"Class_7\", $AE22=\"Class_7\")),\"hybrid class 7/8\",(IF(AND($P22=\"Low NOx\", OR($L22=\"Class_7\", $AE22=\"Class_7\")),\"low nox class 7/8\",(IF(AND($P22=\"Hybrid Zero-Mile\", OR($L22=\"Class_7\", $AE22=\"Class_7\")),\"hybrid zero mile class 7/8\",(IF(AND($P22=\"Zero Emission\", OR($L22=\"Class_7\", $AE22=\"Class_7\")),\"zero emission class 7/8\",(IF(AND($P22=\"LNG/CNG\", OR($L22=\"Class_8\", $AE22=\"Class_8\")),\"lng/cng class 7/8\",(IF(AND($P22=\"Hybrid\", OR($L22=\"Class_8\", $AE22=\"Class_8\")),\"hybrid class 7/8\",(IF(AND($P22=\"Low NOx\", OR($L22=\"Class_8\", $AE22=\"Class_8\")),\"low nox class 7/8\",(IF(AND($P22=\"Hybrid Zero-Mile\", OR($L22=\"Class_8\", $AE22=\"Class_8\")),\"hybrid zero mile class 7/8\",(IF(AND($P22=\"Zero Emission\", OR($L22=\"Class_8\", $AE22=\"Class_8\")),\"zero emission class 7/8\")))))))))))))))))))))))))))))))))))))))))))))))))))))","v":false}]
["project 19",null,null,null,null,null,null,{"$f":"IF($G23=\"33,001 +\",\"Class_8\",IF($G23=\"26,001-33,000\",\"Class_7\",IF($G23=\"19,501-26,000\",\"Class_6\",\"\")))","v":""},null,null,null,null,null,null,{"$f":"IF(H23=\"Class_6\",IF(T23=\"No\",MIN(IF((J23*K23)<10000,0,J23*K23),IF((J23*N23)<10000,0,J23*N23)),IF(MIN(Y23*Z23,Y23*N23)+MIN(J23*K23,J23*N23)>9999,MIN(J23*K23,J23*N23),0)),IF(T23=\"No\",MIN(IF((J23*K23)<20000,0,J23*K23),IF((J23*N23)<20000,0,J23*N23)),IF(MIN(Y23*Z23,Y23*N23)+MIN(J23*K23,J23*N23)>19999,MIN(J23*K23,J23*N23),0)))","v":0},null,null,"","No","No",null,null,null,{"$f":"IF($W23=\"33,001 +\",\"Class_8\",IF($W23=\"26,001-33,000\",\"Class_7\",IF($W23=\"19,501-26,000\",\"Class_6\",IF($W23=\"\",\"\"))))","v":""},null,null,0,{"$f":"IF($T23=\"Yes\",IF(COUNTA($U23:$AA23)=7,\"Complete\",\"Incomplete\"),\"N/A\")","v":"N/A"},{"$f":"IF($D23=\"2-for-1 Replace\",IF(OR(COUNTA(A23:AA23)=27,COUNTA(A23:AA23)=29),\"Complete\",\"Incomplete\"),IF(OR($D23=\"Replacement\",$D23=\"Repower\"),IF(COUNTA(A23:Q23)=17,\"Complete\",\"Incomplete\"),\"Incomplete\"))","v":"Incomplete"},null,{"$f":"IF(OR($H23=\"Class_8\",$X23=\"Class_8\"),\"Class_8\",IF(OR($H23=\"Class_7\",$X23=\"Class_7\"),\"Class_7\",IF(OR($H23=\"Class_6\",$X23=\"Class_6\"),\"Class_6\")))","v":false},false,{"$f":"IF($D23=\"Repower\",IF($H23=\"Class_7\",IF($M23=\"New: 2013+ HHD\",\"CL7HHD\",\"gas\")))","v":false},false,null,{"$f":"IF($D23=\"2-for-1 Replace\",\"Norestr\",IF($AK23=\"Repower_8\",\"Repo8\",IF($AK23=\"Repower_7\",\"Repo7\",IF($AK23=\"Repower_6\",\"Repo6\",IF(OR($H23=\"Class_8\",$L23=\"Class_8\"),\"Replacement8HHD\",IF($D23=\"Replacement\",IF($H23=\"Class_6\",\"Replacement6\",IF($H23=\"Class_7\",IF($I23=\"MHD\",\"Replacement7MHD\",\"Replacement7HHD\"),IF($H23=\"Class_8\",IF($I23=\"HHD\",\"Replacement8HHD\",\"Replacement8MHD\")))),))))))","v":0},{"$f":"IF($D23=\"Replacement\",IF($H23=\"Class_6\",\"Replacement_6\",IF($H23=\"Class_7\",\"Replacement_7\",IF($H23=\"Class_8\",\"Replacement_8\",null))),IF($D23=\"Repower\",IF($H23=\"Class_6\",\"Repower_6\",IF($H23=\"Class_7\",\"Repower_7\",IF($H23=\"Class_8\",\"Repower_8\",null))),IF($D23=\"2-for-1 Replace\",IF($L23=\"Class_6\",\"Replacement_6\",IF($L23=\"Class_7\",\"Replacement_7\",IF($L23=\"Class_8\",\"Replacement_8\",null))))))","v":false},{"$f":"IF($D23=\"Replacement\",IF(AND($H23=\"Class_6\",$B23 <> \"4+ Trucks\"),\"Small_Fleet_Replacement_6\",IF(AND($H23=\"Class_7\",$B23 <> \"4+ Trucks\"),\"Small_Fleet_Replacement_7\",IF(AND($H23=\"Class_8\",$B23 <> \"4+ Trucks\"),\"Small_Fleet_Replacement_8\",null))),IF($D23=\"Repower\",IF($H23=\"Class_6\",\"Repower_6\",IF($H23=\"Class_7\",\"Repower_7\",IF($H23=\"Class_8\",\"Repower_8\",null))),IF($D23=\"2-for-1 Replace\",IF($L23=\"Class_6\",\"Replacement_6\",IF($L23=\"Class_7\",\"Small_Fleet_Replacement_7\",IF($L23=\"Class_8\",\"Small_Fleet_Replacement_8\",null))))))","v":false},null,null,null,null,{"$f":"IF(AND($B23<>\"4+ Trucks\",$D23=\"Replacement\",$P23=\"Diesel\",OR($L23=\"Class_7\",$H23=\"CLass_7\"),$M23=\"New: 2015+\"),\"small fleet new class 7 diesel\",IF(AND($B23<>\"4+ Trucks\",$D23=\"Replacement\",OR($P23=\"Diesel\",$P23=\"LNG/CNG\",$P23=\"Hybrid\"),OR($H23=\"Class_7\",$L23=\"Class_7\"),$M23=\"Used: 2011+\"),\"small fleet used class 7 diesel\",IF(AND($B23<>\"4+ Trucks\",$D23=\"Replacement\",$P23=\"Diesel\",$L23=\"Class_8\",$M23=\"New: 2015+\"),\"small fleet new class 8 diesel\",IF(AND($B23<>\"4+ Trucks\",$D23=\"Replacement\",$P23=\"Diesel\",$L23=\"Class_6\"),\"small fleet class 6 diesel\",IF(AND($B23<>\"4+ Trucks\",$D23=\"Replacement\",OR($P23=\"Diesel\",$P23=\"LNG/CNG\",$P23=\"Hybrid\"),$L23=\"Class_8\",$M23=\"Used: 2011+\"),\"small fleet used class 8 diesel\",IF(AND($B23<>\"4+ Trucks\",$D23=\"Repower\",$P23=\"Diesel\",(OR($L23=\"Class_8\",$L23=\"Class_7\"))),\"small fleet repower class 7/8\",IF(AND($B23<>\"4+ Trucks\",$D23=\"Repower\",$P23=\"Diesel\",$L23=\"Class_6\"),\"small fleet repower class 6\",IF(AND($D23=\"Replacement\",$P23=\"Zero Emission\",(OR($L23=\"Class_8\",$L23=\"Class_7\"))),\"zero emission class 7/8\",IF(AND($D23=\"Replacement\",$P23=\"Hybrid Zero-Mile\",(OR($L23=\"Class_8\",$L23=\"Class_7\"))),\"hybrid zero mile class 7/8\",IF(AND($D23=\"Replacement\",$P23=\"Low NOx\",(OR($L23=\"Class_8\",$L23=\"Class_7\"))),\"low nox class 7/8\",IF(AND($D23=\"Replacement\",$P23=\"Hybrid\",(OR($L23=\"Class_8\",$L23=\"Class_7\"))),\"hybrid class 7/8\",IF(AND($D23=\"Replacement\",$P23=\"LNG/CNG\",(OR($L23=\"Class_8\",$L23=\"Class_7\"))),\"lng/cng class 7/8\",IF(AND($D23=\"Replacement\",$P23=\"Zero Emission\",$L23=\"Class_6\"),\"zero emission class 6\",IF(AND($D23=\"Replacement\",$P23=\"Hybrid Zero-Mile\",$L23=\"Class_6\"),\"hybrid zero mile class 6\",IF(AND($D23=\"Replacement\",$P23=\"Low NOx\",$L23=\"Class_6\"),\"low nox class 6\",IF(AND($D23=\"Replacement\",$P23=\"Hybrid\",$L23=\"Class_6\"),\"hybrid class 6\",IF(AND($D23=\"Replacement\",$P23=\"LNG/CNG\",$L23=\"Class_6\"),\"lng/cng class 6\",(IF(AND($P23=\"Diesel\", OR($L23=\"Class_6\", $AE23=\"Class_6\")),\"small fleet class 6 diesel\",IF(AND($P23=\"Diesel\",$M23=\"New: 2015+\", OR($L23=\"Class_7\", $AE23=\"Class_7\")),\"small fleet new class 7 diesel\",IF(AND($P23=\"Diesel\",$M23=\"Used: 2011+\", OR($L23=\"Class_7\", $AE23=\"Class_7\")),\"small fleet used class 7 diesel\",IF(AND($P23=\"Diesel\",$M23=\"New: 2015+\", OR($L23=\"Class_8\", $AE23=\"Class_8\")),\"small fleet new class 8 diesel\",IF(AND($P23=\"Diesel\",$M23=\"Used: 2011+\", OR($L23=\"Class_8\", $AE23=\"Class_8\")),\"small fleet used class 8 diesel\",(IF(AND($P23=\"LNG/CNG\", OR($L23=\"Class_6\", $AE23=\"Class_6\")),\"lng/cng class 6\",(IF(AND($P23=\"Hybrid\", OR($L23=\"Class_6\", $AE23=\"Class_6\")),\"hybrid class 6\",(IF(AND($P23=\"Low NOx\", OR($L23=\"Class_6\", $AE23=\"Class_6\")),\"low nox class 6\",(IF(AND($P23=\"Hybrid Zero-Mile\", OR($L23=\"Class_6\", $AE23=\"Class_6\")),\"hybrid zero mile class 6\",(IF(AND($P23=\"Zero Emission\", OR($L23=\"Class_6\", $AE23=\"Class_6\")),\"zero emission class 6\",(IF(AND($P23=\"LNG/CNG\", OR($L23=\"Class_7\", $AE23=\"Class_7\")),\"lng/cng class 7/8\",(IF(AND($P23=\"Hybrid\", OR($L23=\"Class_7\", $AE23=\"Class_7\")),\"hybrid class 7/8\",(IF(AND($P23=\"Low NOx\", OR($L23=\"Class_7\", $AE23=\"Class_7\")),\"low nox class 7/8\",(IF(AND($P23=\"Hybrid Zero-Mile\", OR($L23=\"Class_7\", $AE23=\"Class_7\")),\"hybrid zero mile class 7/8\",(IF(AND($P23=\"Zero Emission\", OR($L23=\"Class_7\", $AE23=\"Class_7\")),\"zero emission class 7/8\",(IF(AND($P23=\"LNG/CNG\", OR($L23=\"Class_8\", $AE23=\"Class_8\")),\"lng/cng class 7/8\",(IF(AND($P23=\"Hybrid\", OR($L23=\"Class_8\", $AE23=\"Class_8\")),\"hybrid class 7/8\",(IF(AND($P23=\"Low NOx\", OR($L23=\"Class_8\", $AE23=\"Class_8\")),\"low nox class 7/8\",(IF(AND($P23=\"Hybrid Zero-Mile\", OR($L23=\"Class_8\", $AE23=\"Class_8\")),\"hybrid zero mile class 7/8\",(IF(AND($P23=\"Zero Emission\", OR($L23=\"Class_8\", $AE23=\"Class_8\")),\"zero emission class 7/8\")))))))))))))))))))))))))))))))))))))))))))))))))))))","v":false}]
["project 20",null,null,null,null,null,null,{"$f":"IF($G24=\"33,001 +\",\"Class_8\",IF($G24=\"26,001-33,000\",\"Class_7\",IF($G24=\"19,501-26,000\",\"Class_6\",\"\")))","v":""},null,null,null,null,null,null,{"$f":"IF(H24=\"Class_6\",IF(T24=\"No\",MIN(IF((J24*K24)<10000,0,J24*K24),IF((J24*N24)<10000,0,J24*N24)),IF(MIN(Y24*Z24,Y24*N24)+MIN(J24*K24,J24*N24)>9999,MIN(J24*K24,J24*N24),0)),IF(T24=\"No\",MIN(IF((J24*K24)<20000,0,J24*K24),IF((J24*N24)<20000,0,J24*N24)),IF(MIN(Y24*Z24,Y24*N24)+MIN(J24*K24,J24*N24)>19999,MIN(J24*K24,J24*N24),0)))","v":0},null,null,"","No","No",null,null,null,{"$f":"IF($W24=\"33,001 +\",\"Class_8\",IF($W24=\"26,001-33,000\",\"Class_7\",IF($W24=\"19,501-26,000\",\"Class_6\",IF($W24=\"\",\"\"))))","v":""},null,null,0,{"$f":"IF($T24=\"Yes\",IF(COUNTA($U24:$AA24)=7,\"Complete\",\"Incomplete\"),\"N/A\")","v":"N/A"},{"$f":"IF($D24=\"2-for-1 Replace\",IF(OR(COUNTA(A24:AA24)=27,COUNTA(A24:AA24)=29),\"Complete\",\"Incomplete\"),IF(OR($D24=\"Replacement\",$D24=\"Repower\"),IF(COUNTA(A24:Q24)=17,\"Complete\",\"Incomplete\"),\"Incomplete\"))","v":"Incomplete"},null,{"$f":"IF(OR($H24=\"Class_8\",$X24=\"Class_8\"),\"Class_8\",IF(OR($H24=\"Class_7\",$X24=\"Class_7\"),\"Class_7\",IF(OR($H24=\"Class_6\",$X24=\"Class_6\"),\"Class_6\")))","v":false},false,{"$f":"IF($D24=\"Repower\",IF($H24=\"Class_7\",IF($M24=\"New: 2013+ HHD\",\"CL7HHD\",\"gas\")))","v":false},false,null,{"$f":"IF($D24=\"2-for-1 Replace\",\"Norestr\",IF($AK24=\"Repower_8\",\"Repo8\",IF($AK24=\"Repower_7\",\"Repo7\",IF($AK24=\"Repower_6\",\"Repo6\",IF(OR($H24=\"Class_8\",$L24=\"Class_8\"),\"Replacement8HHD\",IF($D24=\"Replacement\",IF($H24=\"Class_6\",\"Replacement6\",IF($H24=\"Class_7\",IF($I24=\"MHD\",\"Replacement7MHD\",\"Replacement7HHD\"),IF($H24=\"Class_8\",IF($I24=\"HHD\",\"Replacement8HHD\",\"Replacement8MHD\")))),))))))","v":0},{"$f":"IF($D24=\"Replacement\",IF($H24=\"Class_6\",\"Replacement_6\",IF($H24=\"Class_7\",\"Replacement_7\",IF($H24=\"Class_8\",\"Replacement_8\",null))),IF($D24=\"Repower\",IF($H24=\"Class_6\",\"Repower_6\",IF($H24=\"Class_7\",\"Repower_7\",IF($H24=\"Class_8\",\"Repower_8\",null))),IF($D24=\"2-for-1 Replace\",IF($L24=\"Class_6\",\"Replacement_6\",IF($L24=\"Class_7\",\"Replacement_7\",IF($L24=\"Class_8\",\"Replacement_8\",null))))))","v":false},{"$f":"IF($D24=\"Replacement\",IF(AND($H24=\"Class_6\",$B24 <> \"4+ Trucks\"),\"Small_Fleet_Replacement_6\",IF(AND($H24=\"Class_7\",$B24 <> \"4+ Trucks\"),\"Small_Fleet_Replacement_7\",IF(AND($H24=\"Class_8\",$B24 <> \"4+ Trucks\"),\"Small_Fleet_Replacement_8\",null))),IF($D24=\"Repower\",IF($H24=\"Class_6\",\"Repower_6\",IF($H24=\"Class_7\",\"Repower_7\",IF($H24=\"Class_8\",\"Repower_8\",null))),IF($D24=\"2-for-1 Replace\",IF($L24=\"Class_6\",\"Replacement_6\",IF($L24=\"Class_7\",\"Small_Fleet_Replacement_7\",IF($L24=\"Class_8\",\"Small_Fleet_Replacement_8\",null))))))","v":false},null,null,null,null,{"$f":"IF(AND($B24<>\"4+ Trucks\",$D24=\"Replacement\",$P24=\"Diesel\",OR($L24=\"Class_7\",$H24=\"CLass_7\"),$M24=\"New: 2015+\"),\"small fleet new class 7 diesel\",IF(AND($B24<>\"4+ Trucks\",$D24=\"Replacement\",OR($P24=\"Diesel\",$P24=\"LNG/CNG\",$P24=\"Hybrid\"),OR($H24=\"Class_7\",$L24=\"Class_7\"),$M24=\"Used: 2011+\"),\"small fleet used class 7 diesel\",IF(AND($B24<>\"4+ Trucks\",$D24=\"Replacement\",$P24=\"Diesel\",$L24=\"Class_8\",$M24=\"New: 2015+\"),\"small fleet new class 8 diesel\",IF(AND($B24<>\"4+ Trucks\",$D24=\"Replacement\",$P24=\"Diesel\",$L24=\"Class_6\"),\"small fleet class 6 diesel\",IF(AND($B24<>\"4+ Trucks\",$D24=\"Replacement\",OR($P24=\"Diesel\",$P24=\"LNG/CNG\",$P24=\"Hybrid\"),$L24=\"Class_8\",$M24=\"Used: 2011+\"),\"small fleet used class 8 diesel\",IF(AND($B24<>\"4+ Trucks\",$D24=\"Repower\",$P24=\"Diesel\",(OR($L24=\"Class_8\",$L24=\"Class_7\"))),\"small fleet repower class 7/8\",IF(AND($B24<>\"4+ Trucks\",$D24=\"Repower\",$P24=\"Diesel\",$L24=\"Class_6\"),\"small fleet repower class 6\",IF(AND($D24=\"Replacement\",$P24=\"Zero Emission\",(OR($L24=\"Class_8\",$L24=\"Class_7\"))),\"zero emission class 7/8\",IF(AND($D24=\"Replacement\",$P24=\"Hybrid Zero-Mile\",(OR($L24=\"Class_8\",$L24=\"Class_7\"))),\"hybrid zero mile class 7/8\",IF(AND($D24=\"Replacement\",$P24=\"Low NOx\",(OR($L24=\"Class_8\",$L24=\"Class_7\"))),\"low nox class 7/8\",IF(AND($D24=\"Replacement\",$P24=\"Hybrid\",(OR($L24=\"Class_8\",$L24=\"Class_7\"))),\"hybrid class 7/8\",IF(AND($D24=\"Replacement\",$P24=\"LNG/CNG\",(OR($L24=\"Class_8\",$L24=\"Class_7\"))),\"lng/cng class 7/8\",IF(AND($D24=\"Replacement\",$P24=\"Zero Emission\",$L24=\"Class_6\"),\"zero emission class 6\",IF(AND($D24=\"Replacement\",$P24=\"Hybrid Zero-Mile\",$L24=\"Class_6\"),\"hybrid zero mile class 6\",IF(AND($D24=\"Replacement\",$P24=\"Low NOx\",$L24=\"Class_6\"),\"low nox class 6\",IF(AND($D24=\"Replacement\",$P24=\"Hybrid\",$L24=\"Class_6\"),\"hybrid class 6\",IF(AND($D24=\"Replacement\",$P24=\"LNG/CNG\",$L24=\"Class_6\"),\"lng/cng class 6\",(IF(AND($P24=\"Diesel\", OR($L24=\"Class_6\", $AE24=\"Class_6\")),\"small fleet class 6 diesel\",IF(AND($P24=\"Diesel\",$M24=\"New: 2015+\", OR($L24=\"Class_7\", $AE24=\"Class_7\")),\"small fleet new class 7 diesel\",IF(AND($P24=\"Diesel\",$M24=\"Used: 2011+\", OR($L24=\"Class_7\", $AE24=\"Class_7\")),\"small fleet used class 7 diesel\",IF(AND($P24=\"Diesel\",$M24=\"New: 2015+\", OR($L24=\"Class_8\", $AE24=\"Class_8\")),\"small fleet new class 8 diesel\",IF(AND($P24=\"Diesel\",$M24=\"Used: 2011+\", OR($L24=\"Class_8\", $AE24=\"Class_8\")),\"small fleet used class 8 diesel\",(IF(AND($P24=\"LNG/CNG\", OR($L24=\"Class_6\", $AE24=\"Class_6\")),\"lng/cng class 6\",(IF(AND($P24=\"Hybrid\", OR($L24=\"Class_6\", $AE24=\"Class_6\")),\"hybrid class 6\",(IF(AND($P24=\"Low NOx\", OR($L24=\"Class_6\", $AE24=\"Class_6\")),\"low nox class 6\",(IF(AND($P24=\"Hybrid Zero-Mile\", OR($L24=\"Class_6\", $AE24=\"Class_6\")),\"hybrid zero mile class 6\",(IF(AND($P24=\"Zero Emission\", OR($L24=\"Class_6\", $AE24=\"Class_6\")),\"zero emission class 6\",(IF(AND($P24=\"LNG/CNG\", OR($L24=\"Class_7\", $AE24=\"Class_7\")),\"lng/cng class 7/8\",(IF(AND($P24=\"Hybrid\", OR($L24=\"Class_7\", $AE24=\"Class_7\")),\"hybrid class 7/8\",(IF(AND($P24=\"Low NOx\", OR($L24=\"Class_7\", $AE24=\"Class_7\")),\"low nox class 7/8\",(IF(AND($P24=\"Hybrid Zero-Mile\", OR($L24=\"Class_7\", $AE24=\"Class_7\")),\"hybrid zero mile class 7/8\",(IF(AND($P24=\"Zero Emission\", OR($L24=\"Class_7\", $AE24=\"Class_7\")),\"zero emission class 7/8\",(IF(AND($P24=\"LNG/CNG\", OR($L24=\"Class_8\", $AE24=\"Class_8\")),\"lng/cng class 7/8\",(IF(AND($P24=\"Hybrid\", OR($L24=\"Class_8\", $AE24=\"Class_8\")),\"hybrid class 7/8\",(IF(AND($P24=\"Low NOx\", OR($L24=\"Class_8\", $AE24=\"Class_8\")),\"low nox class 7/8\",(IF(AND($P24=\"Hybrid Zero-Mile\", OR($L24=\"Class_8\", $AE24=\"Class_8\")),\"hybrid zero mile class 7/8\",(IF(AND($P24=\"Zero Emission\", OR($L24=\"Class_8\", $AE24=\"Class_8\")),\"zero emission class 7/8\")))))))))))))))))))))))))))))))))))))))))))))))))))))","v":false}]
["project 21",null,null,null,null,null,null,{"$f":"IF($G25=\"33,001 +\",\"Class_8\",IF($G25=\"26,001-33,000\",\"Class_7\",IF($G25=\"19,501-26,000\",\"Class_6\",\"\")))","v":""},null,null,null,null,null,null,{"$f":"IF(H25=\"Class_6\",IF(T25=\"No\",MIN(IF((J25*K25)<10000,0,J25*K25),IF((J25*N25)<10000,0,J25*N25)),IF(MIN(Y25*Z25,Y25*N25)+MIN(J25*K25,J25*N25)>9999,MIN(J25*K25,J25*N25),0)),IF(T25=\"No\",MIN(IF((J25*K25)<20000,0,J25*K25),IF((J25*N25)<20000,0,J25*N25)),IF(MIN(Y25*Z25,Y25*N25)+MIN(J25*K25,J25*N25)>19999,MIN(J25*K25,J25*N25),0)))","v":0},null,null,"","No","No",null,null,null,{"$f":"IF($W25=\"33,001 +\",\"Class_8\",IF($W25=\"26,001-33,000\",\"Class_7\",IF($W25=\"19,501-26,000\",\"Class_6\",IF($W25=\"\",\"\"))))","v":""},null,null,0,{"$f":"IF($T25=\"Yes\",IF(COUNTA($U25:$AA25)=7,\"Complete\",\"Incomplete\"),\"N/A\")","v":"N/A"},{"$f":"IF($D25=\"2-for-1 Replace\",IF(OR(COUNTA(A25:AA25)=27,COUNTA(A25:AA25)=29),\"Complete\",\"Incomplete\"),IF(OR($D25=\"Replacement\",$D25=\"Repower\"),IF(COUNTA(A25:Q25)=17,\"Complete\",\"Incomplete\"),\"Incomplete\"))","v":"Incomplete"},null,{"$f":"IF(OR($H25=\"Class_8\",$X25=\"Class_8\"),\"Class_8\",IF(OR($H25=\"Class_7\",$X25=\"Class_7\"),\"Class_7\",IF(OR($H25=\"Class_6\",$X25=\"Class_6\"),\"Class_6\")))","v":false},false,{"$f":"IF($D25=\"Repower\",IF($H25=\"Class_7\",IF($M25=\"New: 2013+ HHD\",\"CL7HHD\",\"gas\")))","v":false},false,null,{"$f":"IF($D25=\"2-for-1 Replace\",\"Norestr\",IF($AK25=\"Repower_8\",\"Repo8\",IF($AK25=\"Repower_7\",\"Repo7\",IF($AK25=\"Repower_6\",\"Repo6\",IF(OR($H25=\"Class_8\",$L25=\"Class_8\"),\"Replacement8HHD\",IF($D25=\"Replacement\",IF($H25=\"Class_6\",\"Replacement6\",IF($H25=\"Class_7\",IF($I25=\"MHD\",\"Replacement7MHD\",\"Replacement7HHD\"),IF($H25=\"Class_8\",IF($I25=\"HHD\",\"Replacement8HHD\",\"Replacement8MHD\")))),))))))","v":0},{"$f":"IF($D25=\"Replacement\",IF($H25=\"Class_6\",\"Replacement_6\",IF($H25=\"Class_7\",\"Replacement_7\",IF($H25=\"Class_8\",\"Replacement_8\",null))),IF($D25=\"Repower\",IF($H25=\"Class_6\",\"Repower_6\",IF($H25=\"Class_7\",\"Repower_7\",IF($H25=\"Class_8\",\"Repower_8\",null))),IF($D25=\"2-for-1 Replace\",IF($L25=\"Class_6\",\"Replacement_6\",IF($L25=\"Class_7\",\"Replacement_7\",IF($L25=\"Class_8\",\"Replacement_8\",null))))))","v":false},{"$f":"IF($D25=\"Replacement\",IF(AND($H25=\"Class_6\",$B25 <> \"4+ Trucks\"),\"Small_Fleet_Replacement_6\",IF(AND($H25=\"Class_7\",$B25 <> \"4+ Trucks\"),\"Small_Fleet_Replacement_7\",IF(AND($H25=\"Class_8\",$B25 <> \"4+ Trucks\"),\"Small_Fleet_Replacement_8\",null))),IF($D25=\"Repower\",IF($H25=\"Class_6\",\"Repower_6\",IF($H25=\"Class_7\",\"Repower_7\",IF($H25=\"Class_8\",\"Repower_8\",null))),IF($D25=\"2-for-1 Replace\",IF($L25=\"Class_6\",\"Replacement_6\",IF($L25=\"Class_7\",\"Small_Fleet_Replacement_7\",IF($L25=\"Class_8\",\"Small_Fleet_Replacement_8\",null))))))","v":false},null,null,null,null,{"$f":"IF(AND($B25<>\"4+ Trucks\",$D25=\"Replacement\",$P25=\"Diesel\",OR($L25=\"Class_7\",$H25=\"CLass_7\"),$M25=\"New: 2015+\"),\"small fleet new class 7 diesel\",IF(AND($B25<>\"4+ Trucks\",$D25=\"Replacement\",OR($P25=\"Diesel\",$P25=\"LNG/CNG\",$P25=\"Hybrid\"),OR($H25=\"Class_7\",$L25=\"Class_7\"),$M25=\"Used: 2011+\"),\"small fleet used class 7 diesel\",IF(AND($B25<>\"4+ Trucks\",$D25=\"Replacement\",$P25=\"Diesel\",$L25=\"Class_8\",$M25=\"New: 2015+\"),\"small fleet new class 8 diesel\",IF(AND($B25<>\"4+ Trucks\",$D25=\"Replacement\",$P25=\"Diesel\",$L25=\"Class_6\"),\"small fleet class 6 diesel\",IF(AND($B25<>\"4+ Trucks\",$D25=\"Replacement\",OR($P25=\"Diesel\",$P25=\"LNG/CNG\",$P25=\"Hybrid\"),$L25=\"Class_8\",$M25=\"Used: 2011+\"),\"small fleet used class 8 diesel\",IF(AND($B25<>\"4+ Trucks\",$D25=\"Repower\",$P25=\"Diesel\",(OR($L25=\"Class_8\",$L25=\"Class_7\"))),\"small fleet repower class 7/8\",IF(AND($B25<>\"4+ Trucks\",$D25=\"Repower\",$P25=\"Diesel\",$L25=\"Class_6\"),\"small fleet repower class 6\",IF(AND($D25=\"Replacement\",$P25=\"Zero Emission\",(OR($L25=\"Class_8\",$L25=\"Class_7\"))),\"zero emission class 7/8\",IF(AND($D25=\"Replacement\",$P25=\"Hybrid Zero-Mile\",(OR($L25=\"Class_8\",$L25=\"Class_7\"))),\"hybrid zero mile class 7/8\",IF(AND($D25=\"Replacement\",$P25=\"Low NOx\",(OR($L25=\"Class_8\",$L25=\"Class_7\"))),\"low nox class 7/8\",IF(AND($D25=\"Replacement\",$P25=\"Hybrid\",(OR($L25=\"Class_8\",$L25=\"Class_7\"))),\"hybrid class 7/8\",IF(AND($D25=\"Replacement\",$P25=\"LNG/CNG\",(OR($L25=\"Class_8\",$L25=\"Class_7\"))),\"lng/cng class 7/8\",IF(AND($D25=\"Replacement\",$P25=\"Zero Emission\",$L25=\"Class_6\"),\"zero emission class 6\",IF(AND($D25=\"Replacement\",$P25=\"Hybrid Zero-Mile\",$L25=\"Class_6\"),\"hybrid zero mile class 6\",IF(AND($D25=\"Replacement\",$P25=\"Low NOx\",$L25=\"Class_6\"),\"low nox class 6\",IF(AND($D25=\"Replacement\",$P25=\"Hybrid\",$L25=\"Class_6\"),\"hybrid class 6\",IF(AND($D25=\"Replacement\",$P25=\"LNG/CNG\",$L25=\"Class_6\"),\"lng/cng class 6\",(IF(AND($P25=\"Diesel\", OR($L25=\"Class_6\", $AE25=\"Class_6\")),\"small fleet class 6 diesel\",IF(AND($P25=\"Diesel\",$M25=\"New: 2015+\", OR($L25=\"Class_7\", $AE25=\"Class_7\")),\"small fleet new class 7 diesel\",IF(AND($P25=\"Diesel\",$M25=\"Used: 2011+\", OR($L25=\"Class_7\", $AE25=\"Class_7\")),\"small fleet used class 7 diesel\",IF(AND($P25=\"Diesel\",$M25=\"New: 2015+\", OR($L25=\"Class_8\", $AE25=\"Class_8\")),\"small fleet new class 8 diesel\",IF(AND($P25=\"Diesel\",$M25=\"Used: 2011+\", OR($L25=\"Class_8\", $AE25=\"Class_8\")),\"small fleet used class 8 diesel\",(IF(AND($P25=\"LNG/CNG\", OR($L25=\"Class_6\", $AE25=\"Class_6\")),\"lng/cng class 6\",(IF(AND($P25=\"Hybrid\", OR($L25=\"Class_6\", $AE25=\"Class_6\")),\"hybrid class 6\",(IF(AND($P25=\"Low NOx\", OR($L25=\"Class_6\", $AE25=\"Class_6\")),\"low nox class 6\",(IF(AND($P25=\"Hybrid Zero-Mile\", OR($L25=\"Class_6\", $AE25=\"Class_6\")),\"hybrid zero mile class 6\",(IF(AND($P25=\"Zero Emission\", OR($L25=\"Class_6\", $AE25=\"Class_6\")),\"zero emission class 6\",(IF(AND($P25=\"LNG/CNG\", OR($L25=\"Class_7\", $AE25=\"Class_7\")),\"lng/cng class 7/8\",(IF(AND($P25=\"Hybrid\", OR($L25=\"Class_7\", $AE25=\"Class_7\")),\"hybrid class 7/8\",(IF(AND($P25=\"Low NOx\", OR($L25=\"Class_7\", $AE25=\"Class_7\")),\"low nox class 7/8\",(IF(AND($P25=\"Hybrid Zero-Mile\", OR($L25=\"Class_7\", $AE25=\"Class_7\")),\"hybrid zero mile class 7/8\",(IF(AND($P25=\"Zero Emission\", OR($L25=\"Class_7\", $AE25=\"Class_7\")),\"zero emission class 7/8\",(IF(AND($P25=\"LNG/CNG\", OR($L25=\"Class_8\", $AE25=\"Class_8\")),\"lng/cng class 7/8\",(IF(AND($P25=\"Hybrid\", OR($L25=\"Class_8\", $AE25=\"Class_8\")),\"hybrid class 7/8\",(IF(AND($P25=\"Low NOx\", OR($L25=\"Class_8\", $AE25=\"Class_8\")),\"low nox class 7/8\",(IF(AND($P25=\"Hybrid Zero-Mile\", OR($L25=\"Class_8\", $AE25=\"Class_8\")),\"hybrid zero mile class 7/8\",(IF(AND($P25=\"Zero Emission\", OR($L25=\"Class_8\", $AE25=\"Class_8\")),\"zero emission class 7/8\")))))))))))))))))))))))))))))))))))))))))))))))))))))","v":false}]
["project 22",null,null,null,null,null,null,{"$f":"IF($G26=\"33,001 +\",\"Class_8\",IF($G26=\"26,001-33,000\",\"Class_7\",IF($G26=\"19,501-26,000\",\"Class_6\",\"\")))","v":""},null,null,null,null,null,null,{"$f":"IF(H26=\"Class_6\",IF(T26=\"No\",MIN(IF((J26*K26)<10000,0,J26*K26),IF((J26*N26)<10000,0,J26*N26)),IF(MIN(Y26*Z26,Y26*N26)+MIN(J26*K26,J26*N26)>9999,MIN(J26*K26,J26*N26),0)),IF(T26=\"No\",MIN(IF((J26*K26)<20000,0,J26*K26),IF((J26*N26)<20000,0,J26*N26)),IF(MIN(Y26*Z26,Y26*N26)+MIN(J26*K26,J26*N26)>19999,MIN(J26*K26,J26*N26),0)))","v":0},null,null,"","No","No",null,null,null,{"$f":"IF($W26=\"33,001 +\",\"Class_8\",IF($W26=\"26,001-33,000\",\"Class_7\",IF($W26=\"19,501-26,000\",\"Class_6\",IF($W26=\"\",\"\"))))","v":""},null,null,0,{"$f":"IF($T26=\"Yes\",IF(COUNTA($U26:$AA26)=7,\"Complete\",\"Incomplete\"),\"N/A\")","v":"N/A"},{"$f":"IF($D26=\"2-for-1 Replace\",IF(OR(COUNTA(A26:AA26)=27,COUNTA(A26:AA26)=29),\"Complete\",\"Incomplete\"),IF(OR($D26=\"Replacement\",$D26=\"Repower\"),IF(COUNTA(A26:Q26)=17,\"Complete\",\"Incomplete\"),\"Incomplete\"))","v":"Incomplete"},null,{"$f":"IF(OR($H26=\"Class_8\",$X26=\"Class_8\"),\"Class_8\",IF(OR($H26=\"Class_7\",$X26=\"Class_7\"),\"Class_7\",IF(OR($H26=\"Class_6\",$X26=\"Class_6\"),\"Class_6\")))","v":false},false,{"$f":"IF($D26=\"Repower\",IF($H26=\"Class_7\",IF($M26=\"New: 2013+ HHD\",\"CL7HHD\",\"gas\")))","v":false},false,null,{"$f":"IF($D26=\"2-for-1 Replace\",\"Norestr\",IF($AK26=\"Repower_8\",\"Repo8\",IF($AK26=\"Repower_7\",\"Repo7\",IF($AK26=\"Repower_6\",\"Repo6\",IF(OR($H26=\"Class_8\",$L26=\"Class_8\"),\"Replacement8HHD\",IF($D26=\"Replacement\",IF($H26=\"Class_6\",\"Replacement6\",IF($H26=\"Class_7\",IF($I26=\"MHD\",\"Replacement7MHD\",\"Replacement7HHD\"),IF($H26=\"Class_8\",IF($I26=\"HHD\",\"Replacement8HHD\",\"Replacement8MHD\")))),))))))","v":0},{"$f":"IF($D26=\"Replacement\",IF($H26=\"Class_6\",\"Replacement_6\",IF($H26=\"Class_7\",\"Replacement_7\",IF($H26=\"Class_8\",\"Replacement_8\",null))),IF($D26=\"Repower\",IF($H26=\"Class_6\",\"Repower_6\",IF($H26=\"Class_7\",\"Repower_7\",IF($H26=\"Class_8\",\"Repower_8\",null))),IF($D26=\"2-for-1 Replace\",IF($L26=\"Class_6\",\"Replacement_6\",IF($L26=\"Class_7\",\"Replacement_7\",IF($L26=\"Class_8\",\"Replacement_8\",null))))))","v":false},{"$f":"IF($D26=\"Replacement\",IF(AND($H26=\"Class_6\",$B26 <> \"4+ Trucks\"),\"Small_Fleet_Replacement_6\",IF(AND($H26=\"Class_7\",$B26 <> \"4+ Trucks\"),\"Small_Fleet_Replacement_7\",IF(AND($H26=\"Class_8\",$B26 <> \"4+ Trucks\"),\"Small_Fleet_Replacement_8\",null))),IF($D26=\"Repower\",IF($H26=\"Class_6\",\"Repower_6\",IF($H26=\"Class_7\",\"Repower_7\",IF($H26=\"Class_8\",\"Repower_8\",null))),IF($D26=\"2-for-1 Replace\",IF($L26=\"Class_6\",\"Replacement_6\",IF($L26=\"Class_7\",\"Small_Fleet_Replacement_7\",IF($L26=\"Class_8\",\"Small_Fleet_Replacement_8\",null))))))","v":false},null,null,null,null,{"$f":"IF(AND($B26<>\"4+ Trucks\",$D26=\"Replacement\",$P26=\"Diesel\",OR($L26=\"Class_7\",$H26=\"CLass_7\"),$M26=\"New: 2015+\"),\"small fleet new class 7 diesel\",IF(AND($B26<>\"4+ Trucks\",$D26=\"Replacement\",OR($P26=\"Diesel\",$P26=\"LNG/CNG\",$P26=\"Hybrid\"),OR($H26=\"Class_7\",$L26=\"Class_7\"),$M26=\"Used: 2011+\"),\"small fleet used class 7 diesel\",IF(AND($B26<>\"4+ Trucks\",$D26=\"Replacement\",$P26=\"Diesel\",$L26=\"Class_8\",$M26=\"New: 2015+\"),\"small fleet new class 8 diesel\",IF(AND($B26<>\"4+ Trucks\",$D26=\"Replacement\",$P26=\"Diesel\",$L26=\"Class_6\"),\"small fleet class 6 diesel\",IF(AND($B26<>\"4+ Trucks\",$D26=\"Replacement\",OR($P26=\"Diesel\",$P26=\"LNG/CNG\",$P26=\"Hybrid\"),$L26=\"Class_8\",$M26=\"Used: 2011+\"),\"small fleet used class 8 diesel\",IF(AND($B26<>\"4+ Trucks\",$D26=\"Repower\",$P26=\"Diesel\",(OR($L26=\"Class_8\",$L26=\"Class_7\"))),\"small fleet repower class 7/8\",IF(AND($B26<>\"4+ Trucks\",$D26=\"Repower\",$P26=\"Diesel\",$L26=\"Class_6\"),\"small fleet repower class 6\",IF(AND($D26=\"Replacement\",$P26=\"Zero Emission\",(OR($L26=\"Class_8\",$L26=\"Class_7\"))),\"zero emission class 7/8\",IF(AND($D26=\"Replacement\",$P26=\"Hybrid Zero-Mile\",(OR($L26=\"Class_8\",$L26=\"Class_7\"))),\"hybrid zero mile class 7/8\",IF(AND($D26=\"Replacement\",$P26=\"Low NOx\",(OR($L26=\"Class_8\",$L26=\"Class_7\"))),\"low nox class 7/8\",IF(AND($D26=\"Replacement\",$P26=\"Hybrid\",(OR($L26=\"Class_8\",$L26=\"Class_7\"))),\"hybrid class 7/8\",IF(AND($D26=\"Replacement\",$P26=\"LNG/CNG\",(OR($L26=\"Class_8\",$L26=\"Class_7\"))),\"lng/cng class 7/8\",IF(AND($D26=\"Replacement\",$P26=\"Zero Emission\",$L26=\"Class_6\"),\"zero emission class 6\",IF(AND($D26=\"Replacement\",$P26=\"Hybrid Zero-Mile\",$L26=\"Class_6\"),\"hybrid zero mile class 6\",IF(AND($D26=\"Replacement\",$P26=\"Low NOx\",$L26=\"Class_6\"),\"low nox class 6\",IF(AND($D26=\"Replacement\",$P26=\"Hybrid\",$L26=\"Class_6\"),\"hybrid class 6\",IF(AND($D26=\"Replacement\",$P26=\"LNG/CNG\",$L26=\"Class_6\"),\"lng/cng class 6\",(IF(AND($P26=\"Diesel\", OR($L26=\"Class_6\", $AE26=\"Class_6\")),\"small fleet class 6 diesel\",IF(AND($P26=\"Diesel\",$M26=\"New: 2015+\", OR($L26=\"Class_7\", $AE26=\"Class_7\")),\"small fleet new class 7 diesel\",IF(AND($P26=\"Diesel\",$M26=\"Used: 2011+\", OR($L26=\"Class_7\", $AE26=\"Class_7\")),\"small fleet used class 7 diesel\",IF(AND($P26=\"Diesel\",$M26=\"New: 2015+\", OR($L26=\"Class_8\", $AE26=\"Class_8\")),\"small fleet new class 8 diesel\",IF(AND($P26=\"Diesel\",$M26=\"Used: 2011+\", OR($L26=\"Class_8\", $AE26=\"Class_8\")),\"small fleet used class 8 diesel\",(IF(AND($P26=\"LNG/CNG\", OR($L26=\"Class_6\", $AE26=\"Class_6\")),\"lng/cng class 6\",(IF(AND($P26=\"Hybrid\", OR($L26=\"Class_6\", $AE26=\"Class_6\")),\"hybrid class 6\",(IF(AND($P26=\"Low NOx\", OR($L26=\"Class_6\", $AE26=\"Class_6\")),\"low nox class 6\",(IF(AND($P26=\"Hybrid Zero-Mile\", OR($L26=\"Class_6\", $AE26=\"Class_6\")),\"hybrid zero mile class 6\",(IF(AND($P26=\"Zero Emission\", OR($L26=\"Class_6\", $AE26=\"Class_6\")),\"zero emission class 6\",(IF(AND($P26=\"LNG/CNG\", OR($L26=\"Class_7\", $AE26=\"Class_7\")),\"lng/cng class 7/8\",(IF(AND($P26=\"Hybrid\", OR($L26=\"Class_7\", $AE26=\"Class_7\")),\"hybrid class 7/8\",(IF(AND($P26=\"Low NOx\", OR($L26=\"Class_7\", $AE26=\"Class_7\")),\"low nox class 7/8\",(IF(AND($P26=\"Hybrid Zero-Mile\", OR($L26=\"Class_7\", $AE26=\"Class_7\")),\"hybrid zero mile class 7/8\",(IF(AND($P26=\"Zero Emission\", OR($L26=\"Class_7\", $AE26=\"Class_7\")),\"zero emission class 7/8\",(IF(AND($P26=\"LNG/CNG\", OR($L26=\"Class_8\", $AE26=\"Class_8\")),\"lng/cng class 7/8\",(IF(AND($P26=\"Hybrid\", OR($L26=\"Class_8\", $AE26=\"Class_8\")),\"hybrid class 7/8\",(IF(AND($P26=\"Low NOx\", OR($L26=\"Class_8\", $AE26=\"Class_8\")),\"low nox class 7/8\",(IF(AND($P26=\"Hybrid Zero-Mile\", OR($L26=\"Class_8\", $AE26=\"Class_8\")),\"hybrid zero mile class 7/8\",(IF(AND($P26=\"Zero Emission\", OR($L26=\"Class_8\", $AE26=\"Class_8\")),\"zero emission class 7/8\")))))))))))))))))))))))))))))))))))))))))))))))))))))","v":false}]
["project 23",null,null,null,null,null,null,{"$f":"IF($G27=\"33,001 +\",\"Class_8\",IF($G27=\"26,001-33,000\",\"Class_7\",IF($G27=\"19,501-26,000\",\"Class_6\",\"\")))","v":""},null,null,null,null,null,null,{"$f":"IF(H27=\"Class_6\",IF(T27=\"No\",MIN(IF((J27*K27)<10000,0,J27*K27),IF((J27*N27)<10000,0,J27*N27)),IF(MIN(Y27*Z27,Y27*N27)+MIN(J27*K27,J27*N27)>9999,MIN(J27*K27,J27*N27),0)),IF(T27=\"No\",MIN(IF((J27*K27)<20000,0,J27*K27),IF((J27*N27)<20000,0,J27*N27)),IF(MIN(Y27*Z27,Y27*N27)+MIN(J27*K27,J27*N27)>19999,MIN(J27*K27,J27*N27),0)))","v":0},null,null,"","No","No",null,null,null,{"$f":"IF($W27=\"33,001 +\",\"Class_8\",IF($W27=\"26,001-33,000\",\"Class_7\",IF($W27=\"19,501-26,000\",\"Class_6\",IF($W27=\"\",\"\"))))","v":""},null,null,0,{"$f":"IF($T27=\"Yes\",IF(COUNTA($U27:$AA27)=7,\"Complete\",\"Incomplete\"),\"N/A\")","v":"N/A"},{"$f":"IF($D27=\"2-for-1 Replace\",IF(OR(COUNTA(A27:AA27)=27,COUNTA(A27:AA27)=29),\"Complete\",\"Incomplete\"),IF(OR($D27=\"Replacement\",$D27=\"Repower\"),IF(COUNTA(A27:Q27)=17,\"Complete\",\"Incomplete\"),\"Incomplete\"))","v":"Incomplete"},null,{"$f":"IF(OR($H27=\"Class_8\",$X27=\"Class_8\"),\"Class_8\",IF(OR($H27=\"Class_7\",$X27=\"Class_7\"),\"Class_7\",IF(OR($H27=\"Class_6\",$X27=\"Class_6\"),\"Class_6\")))","v":false},false,{"$f":"IF($D27=\"Repower\",IF($H27=\"Class_7\",IF($M27=\"New: 2013+ HHD\",\"CL7HHD\",\"gas\")))","v":false},false,null,{"$f":"IF($D27=\"2-for-1 Replace\",\"Norestr\",IF($AK27=\"Repower_8\",\"Repo8\",IF($AK27=\"Repower_7\",\"Repo7\",IF($AK27=\"Repower_6\",\"Repo6\",IF(OR($H27=\"Class_8\",$L27=\"Class_8\"),\"Replacement8HHD\",IF($D27=\"Replacement\",IF($H27=\"Class_6\",\"Replacement6\",IF($H27=\"Class_7\",IF($I27=\"MHD\",\"Replacement7MHD\",\"Replacement7HHD\"),IF($H27=\"Class_8\",IF($I27=\"HHD\",\"Replacement8HHD\",\"Replacement8MHD\")))),))))))","v":0},{"$f":"IF($D27=\"Replacement\",IF($H27=\"Class_6\",\"Replacement_6\",IF($H27=\"Class_7\",\"Replacement_7\",IF($H27=\"Class_8\",\"Replacement_8\",null))),IF($D27=\"Repower\",IF($H27=\"Class_6\",\"Repower_6\",IF($H27=\"Class_7\",\"Repower_7\",IF($H27=\"Class_8\",\"Repower_8\",null))),IF($D27=\"2-for-1 Replace\",IF($L27=\"Class_6\",\"Replacement_6\",IF($L27=\"Class_7\",\"Replacement_7\",IF($L27=\"Class_8\",\"Replacement_8\",null))))))","v":false},{"$f":"IF($D27=\"Replacement\",IF(AND($H27=\"Class_6\",$B27 <> \"4+ Trucks\"),\"Small_Fleet_Replacement_6\",IF(AND($H27=\"Class_7\",$B27 <> \"4+ Trucks\"),\"Small_Fleet_Replacement_7\",IF(AND($H27=\"Class_8\",$B27 <> \"4+ Trucks\"),\"Small_Fleet_Replacement_8\",null))),IF($D27=\"Repower\",IF($H27=\"Class_6\",\"Repower_6\",IF($H27=\"Class_7\",\"Repower_7\",IF($H27=\"Class_8\",\"Repower_8\",null))),IF($D27=\"2-for-1 Replace\",IF($L27=\"Class_6\",\"Replacement_6\",IF($L27=\"Class_7\",\"Small_Fleet_Replacement_7\",IF($L27=\"Class_8\",\"Small_Fleet_Replacement_8\",null))))))","v":false},null,null,null,null,{"$f":"IF(AND($B27<>\"4+ Trucks\",$D27=\"Replacement\",$P27=\"Diesel\",OR($L27=\"Class_7\",$H27=\"CLass_7\"),$M27=\"New: 2015+\"),\"small fleet new class 7 diesel\",IF(AND($B27<>\"4+ Trucks\",$D27=\"Replacement\",OR($P27=\"Diesel\",$P27=\"LNG/CNG\",$P27=\"Hybrid\"),OR($H27=\"Class_7\",$L27=\"Class_7\"),$M27=\"Used: 2011+\"),\"small fleet used class 7 diesel\",IF(AND($B27<>\"4+ Trucks\",$D27=\"Replacement\",$P27=\"Diesel\",$L27=\"Class_8\",$M27=\"New: 2015+\"),\"small fleet new class 8 diesel\",IF(AND($B27<>\"4+ Trucks\",$D27=\"Replacement\",$P27=\"Diesel\",$L27=\"Class_6\"),\"small fleet class 6 diesel\",IF(AND($B27<>\"4+ Trucks\",$D27=\"Replacement\",OR($P27=\"Diesel\",$P27=\"LNG/CNG\",$P27=\"Hybrid\"),$L27=\"Class_8\",$M27=\"Used: 2011+\"),\"small fleet used class 8 diesel\",IF(AND($B27<>\"4+ Trucks\",$D27=\"Repower\",$P27=\"Diesel\",(OR($L27=\"Class_8\",$L27=\"Class_7\"))),\"small fleet repower class 7/8\",IF(AND($B27<>\"4+ Trucks\",$D27=\"Repower\",$P27=\"Diesel\",$L27=\"Class_6\"),\"small fleet repower class 6\",IF(AND($D27=\"Replacement\",$P27=\"Zero Emission\",(OR($L27=\"Class_8\",$L27=\"Class_7\"))),\"zero emission class 7/8\",IF(AND($D27=\"Replacement\",$P27=\"Hybrid Zero-Mile\",(OR($L27=\"Class_8\",$L27=\"Class_7\"))),\"hybrid zero mile class 7/8\",IF(AND($D27=\"Replacement\",$P27=\"Low NOx\",(OR($L27=\"Class_8\",$L27=\"Class_7\"))),\"low nox class 7/8\",IF(AND($D27=\"Replacement\",$P27=\"Hybrid\",(OR($L27=\"Class_8\",$L27=\"Class_7\"))),\"hybrid class 7/8\",IF(AND($D27=\"Replacement\",$P27=\"LNG/CNG\",(OR($L27=\"Class_8\",$L27=\"Class_7\"))),\"lng/cng class 7/8\",IF(AND($D27=\"Replacement\",$P27=\"Zero Emission\",$L27=\"Class_6\"),\"zero emission class 6\",IF(AND($D27=\"Replacement\",$P27=\"Hybrid Zero-Mile\",$L27=\"Class_6\"),\"hybrid zero mile class 6\",IF(AND($D27=\"Replacement\",$P27=\"Low NOx\",$L27=\"Class_6\"),\"low nox class 6\",IF(AND($D27=\"Replacement\",$P27=\"Hybrid\",$L27=\"Class_6\"),\"hybrid class 6\",IF(AND($D27=\"Replacement\",$P27=\"LNG/CNG\",$L27=\"Class_6\"),\"lng/cng class 6\",(IF(AND($P27=\"Diesel\", OR($L27=\"Class_6\", $AE27=\"Class_6\")),\"small fleet class 6 diesel\",IF(AND($P27=\"Diesel\",$M27=\"New: 2015+\", OR($L27=\"Class_7\", $AE27=\"Class_7\")),\"small fleet new class 7 diesel\",IF(AND($P27=\"Diesel\",$M27=\"Used: 2011+\", OR($L27=\"Class_7\", $AE27=\"Class_7\")),\"small fleet used class 7 diesel\",IF(AND($P27=\"Diesel\",$M27=\"New: 2015+\", OR($L27=\"Class_8\", $AE27=\"Class_8\")),\"small fleet new class 8 diesel\",IF(AND($P27=\"Diesel\",$M27=\"Used: 2011+\", OR($L27=\"Class_8\", $AE27=\"Class_8\")),\"small fleet used class 8 diesel\",(IF(AND($P27=\"LNG/CNG\", OR($L27=\"Class_6\", $AE27=\"Class_6\")),\"lng/cng class 6\",(IF(AND($P27=\"Hybrid\", OR($L27=\"Class_6\", $AE27=\"Class_6\")),\"hybrid class 6\",(IF(AND($P27=\"Low NOx\", OR($L27=\"Class_6\", $AE27=\"Class_6\")),\"low nox class 6\",(IF(AND($P27=\"Hybrid Zero-Mile\", OR($L27=\"Class_6\", $AE27=\"Class_6\")),\"hybrid zero mile class 6\",(IF(AND($P27=\"Zero Emission\", OR($L27=\"Class_6\", $AE27=\"Class_6\")),\"zero emission class 6\",(IF(AND($P27=\"LNG/CNG\", OR($L27=\"Class_7\", $AE27=\"Class_7\")),\"lng/cng class 7/8\",(IF(AND($P27=\"Hybrid\", OR($L27=\"Class_7\", $AE27=\"Class_7\")),\"hybrid class 7/8\",(IF(AND($P27=\"Low NOx\", OR($L27=\"Class_7\", $AE27=\"Class_7\")),\"low nox class 7/8\",(IF(AND($P27=\"Hybrid Zero-Mile\", OR($L27=\"Class_7\", $AE27=\"Class_7\")),\"hybrid zero mile class 7/8\",(IF(AND($P27=\"Zero Emission\", OR($L27=\"Class_7\", $AE27=\"Class_7\")),\"zero emission class 7/8\",(IF(AND($P27=\"LNG/CNG\", OR($L27=\"Class_8\", $AE27=\"Class_8\")),\"lng/cng class 7/8\",(IF(AND($P27=\"Hybrid\", OR($L27=\"Class_8\", $AE27=\"Class_8\")),\"hybrid class 7/8\",(IF(AND($P27=\"Low NOx\", OR($L27=\"Class_8\", $AE27=\"Class_8\")),\"low nox class 7/8\",(IF(AND($P27=\"Hybrid Zero-Mile\", OR($L27=\"Class_8\", $AE27=\"Class_8\")),\"hybrid zero mile class 7/8\",(IF(AND($P27=\"Zero Emission\", OR($L27=\"Class_8\", $AE27=\"Class_8\")),\"zero emission class 7/8\")))))))))))))))))))))))))))))))))))))))))))))))))))))","v":false}]
["project 24",null,null,null,null,null,null,{"$f":"IF($G28=\"33,001 +\",\"Class_8\",IF($G28=\"26,001-33,000\",\"Class_7\",IF($G28=\"19,501-26,000\",\"Class_6\",\"\")))","v":""},null,null,null,null,null,null,{"$f":"IF(H28=\"Class_6\",IF(T28=\"No\",MIN(IF((J28*K28)<10000,0,J28*K28),IF((J28*N28)<10000,0,J28*N28)),IF(MIN(Y28*Z28,Y28*N28)+MIN(J28*K28,J28*N28)>9999,MIN(J28*K28,J28*N28),0)),IF(T28=\"No\",MIN(IF((J28*K28)<20000,0,J28*K28),IF((J28*N28)<20000,0,J28*N28)),IF(MIN(Y28*Z28,Y28*N28)+MIN(J28*K28,J28*N28)>19999,MIN(J28*K28,J28*N28),0)))","v":0},null,null,"","No","No",null,null,null,{"$f":"IF($W28=\"33,001 +\",\"Class_8\",IF($W28=\"26,001-33,000\",\"Class_7\",IF($W28=\"19,501-26,000\",\"Class_6\",IF($W28=\"\",\"\"))))","v":""},null,null,0,{"$f":"IF($T28=\"Yes\",IF(COUNTA($U28:$AA28)=7,\"Complete\",\"Incomplete\"),\"N/A\")","v":"N/A"},{"$f":"IF($D28=\"2-for-1 Replace\",IF(OR(COUNTA(A28:AA28)=27,COUNTA(A28:AA28)=29),\"Complete\",\"Incomplete\"),IF(OR($D28=\"Replacement\",$D28=\"Repower\"),IF(COUNTA(A28:Q28)=17,\"Complete\",\"Incomplete\"),\"Incomplete\"))","v":"Incomplete"},null,{"$f":"IF(OR($H28=\"Class_8\",$X28=\"Class_8\"),\"Class_8\",IF(OR($H28=\"Class_7\",$X28=\"Class_7\"),\"Class_7\",IF(OR($H28=\"Class_6\",$X28=\"Class_6\"),\"Class_6\")))","v":false},false,{"$f":"IF($D28=\"Repower\",IF($H28=\"Class_7\",IF($M28=\"New: 2013+ HHD\",\"CL7HHD\",\"gas\")))","v":false},false,null,{"$f":"IF($D28=\"2-for-1 Replace\",\"Norestr\",IF($AK28=\"Repower_8\",\"Repo8\",IF($AK28=\"Repower_7\",\"Repo7\",IF($AK28=\"Repower_6\",\"Repo6\",IF(OR($H28=\"Class_8\",$L28=\"Class_8\"),\"Replacement8HHD\",IF($D28=\"Replacement\",IF($H28=\"Class_6\",\"Replacement6\",IF($H28=\"Class_7\",IF($I28=\"MHD\",\"Replacement7MHD\",\"Replacement7HHD\"),IF($H28=\"Class_8\",IF($I28=\"HHD\",\"Replacement8HHD\",\"Replacement8MHD\")))),))))))","v":0},{"$f":"IF($D28=\"Replacement\",IF($H28=\"Class_6\",\"Replacement_6\",IF($H28=\"Class_7\",\"Replacement_7\",IF($H28=\"Class_8\",\"Replacement_8\",null))),IF($D28=\"Repower\",IF($H28=\"Class_6\",\"Repower_6\",IF($H28=\"Class_7\",\"Repower_7\",IF($H28=\"Class_8\",\"Repower_8\",null))),IF($D28=\"2-for-1 Replace\",IF($L28=\"Class_6\",\"Replacement_6\",IF($L28=\"Class_7\",\"Replacement_7\",IF($L28=\"Class_8\",\"Replacement_8\",null))))))","v":false},{"$f":"IF($D28=\"Replacement\",IF(AND($H28=\"Class_6\",$B28 <> \"4+ Trucks\"),\"Small_Fleet_Replacement_6\",IF(AND($H28=\"Class_7\",$B28 <> \"4+ Trucks\"),\"Small_Fleet_Replacement_7\",IF(AND($H28=\"Class_8\",$B28 <> \"4+ Trucks\"),\"Small_Fleet_Replacement_8\",null))),IF($D28=\"Repower\",IF($H28=\"Class_6\",\"Repower_6\",IF($H28=\"Class_7\",\"Repower_7\",IF($H28=\"Class_8\",\"Repower_8\",null))),IF($D28=\"2-for-1 Replace\",IF($L28=\"Class_6\",\"Replacement_6\",IF($L28=\"Class_7\",\"Small_Fleet_Replacement_7\",IF($L28=\"Class_8\",\"Small_Fleet_Replacement_8\",null))))))","v":false},null,null,null,null,{"$f":"IF(AND($B28<>\"4+ Trucks\",$D28=\"Replacement\",$P28=\"Diesel\",OR($L28=\"Class_7\",$H28=\"CLass_7\"),$M28=\"New: 2015+\"),\"small fleet new class 7 diesel\",IF(AND($B28<>\"4+ Trucks\",$D28=\"Replacement\",OR($P28=\"Diesel\",$P28=\"LNG/CNG\",$P28=\"Hybrid\"),OR($H28=\"Class_7\",$L28=\"Class_7\"),$M28=\"Used: 2011+\"),\"small fleet used class 7 diesel\",IF(AND($B28<>\"4+ Trucks\",$D28=\"Replacement\",$P28=\"Diesel\",$L28=\"Class_8\",$M28=\"New: 2015+\"),\"small fleet new class 8 diesel\",IF(AND($B28<>\"4+ Trucks\",$D28=\"Replacement\",$P28=\"Diesel\",$L28=\"Class_6\"),\"small fleet class 6 diesel\",IF(AND($B28<>\"4+ Trucks\",$D28=\"Replacement\",OR($P28=\"Diesel\",$P28=\"LNG/CNG\",$P28=\"Hybrid\"),$L28=\"Class_8\",$M28=\"Used: 2011+\"),\"small fleet used class 8 diesel\",IF(AND($B28<>\"4+ Trucks\",$D28=\"Repower\",$P28=\"Diesel\",(OR($L28=\"Class_8\",$L28=\"Class_7\"))),\"small fleet repower class 7/8\",IF(AND($B28<>\"4+ Trucks\",$D28=\"Repower\",$P28=\"Diesel\",$L28=\"Class_6\"),\"small fleet repower class 6\",IF(AND($D28=\"Replacement\",$P28=\"Zero Emission\",(OR($L28=\"Class_8\",$L28=\"Class_7\"))),\"zero emission class 7/8\",IF(AND($D28=\"Replacement\",$P28=\"Hybrid Zero-Mile\",(OR($L28=\"Class_8\",$L28=\"Class_7\"))),\"hybrid zero mile class 7/8\",IF(AND($D28=\"Replacement\",$P28=\"Low NOx\",(OR($L28=\"Class_8\",$L28=\"Class_7\"))),\"low nox class 7/8\",IF(AND($D28=\"Replacement\",$P28=\"Hybrid\",(OR($L28=\"Class_8\",$L28=\"Class_7\"))),\"hybrid class 7/8\",IF(AND($D28=\"Replacement\",$P28=\"LNG/CNG\",(OR($L28=\"Class_8\",$L28=\"Class_7\"))),\"lng/cng class 7/8\",IF(AND($D28=\"Replacement\",$P28=\"Zero Emission\",$L28=\"Class_6\"),\"zero emission class 6\",IF(AND($D28=\"Replacement\",$P28=\"Hybrid Zero-Mile\",$L28=\"Class_6\"),\"hybrid zero mile class 6\",IF(AND($D28=\"Replacement\",$P28=\"Low NOx\",$L28=\"Class_6\"),\"low nox class 6\",IF(AND($D28=\"Replacement\",$P28=\"Hybrid\",$L28=\"Class_6\"),\"hybrid class 6\",IF(AND($D28=\"Replacement\",$P28=\"LNG/CNG\",$L28=\"Class_6\"),\"lng/cng class 6\",(IF(AND($P28=\"Diesel\", OR($L28=\"Class_6\", $AE28=\"Class_6\")),\"small fleet class 6 diesel\",IF(AND($P28=\"Diesel\",$M28=\"New: 2015+\", OR($L28=\"Class_7\", $AE28=\"Class_7\")),\"small fleet new class 7 diesel\",IF(AND($P28=\"Diesel\",$M28=\"Used: 2011+\", OR($L28=\"Class_7\", $AE28=\"Class_7\")),\"small fleet used class 7 diesel\",IF(AND($P28=\"Diesel\",$M28=\"New: 2015+\", OR($L28=\"Class_8\", $AE28=\"Class_8\")),\"small fleet new class 8 diesel\",IF(AND($P28=\"Diesel\",$M28=\"Used: 2011+\", OR($L28=\"Class_8\", $AE28=\"Class_8\")),\"small fleet used class 8 diesel\",(IF(AND($P28=\"LNG/CNG\", OR($L28=\"Class_6\", $AE28=\"Class_6\")),\"lng/cng class 6\",(IF(AND($P28=\"Hybrid\", OR($L28=\"Class_6\", $AE28=\"Class_6\")),\"hybrid class 6\",(IF(AND($P28=\"Low NOx\", OR($L28=\"Class_6\", $AE28=\"Class_6\")),\"low nox class 6\",(IF(AND($P28=\"Hybrid Zero-Mile\", OR($L28=\"Class_6\", $AE28=\"Class_6\")),\"hybrid zero mile class 6\",(IF(AND($P28=\"Zero Emission\", OR($L28=\"Class_6\", $AE28=\"Class_6\")),\"zero emission class 6\",(IF(AND($P28=\"LNG/CNG\", OR($L28=\"Class_7\", $AE28=\"Class_7\")),\"lng/cng class 7/8\",(IF(AND($P28=\"Hybrid\", OR($L28=\"Class_7\", $AE28=\"Class_7\")),\"hybrid class 7/8\",(IF(AND($P28=\"Low NOx\", OR($L28=\"Class_7\", $AE28=\"Class_7\")),\"low nox class 7/8\",(IF(AND($P28=\"Hybrid Zero-Mile\", OR($L28=\"Class_7\", $AE28=\"Class_7\")),\"hybrid zero mile class 7/8\",(IF(AND($P28=\"Zero Emission\", OR($L28=\"Class_7\", $AE28=\"Class_7\")),\"zero emission class 7/8\",(IF(AND($P28=\"LNG/CNG\", OR($L28=\"Class_8\", $AE28=\"Class_8\")),\"lng/cng class 7/8\",(IF(AND($P28=\"Hybrid\", OR($L28=\"Class_8\", $AE28=\"Class_8\")),\"hybrid class 7/8\",(IF(AND($P28=\"Low NOx\", OR($L28=\"Class_8\", $AE28=\"Class_8\")),\"low nox class 7/8\",(IF(AND($P28=\"Hybrid Zero-Mile\", OR($L28=\"Class_8\", $AE28=\"Class_8\")),\"hybrid zero mile class 7/8\",(IF(AND($P28=\"Zero Emission\", OR($L28=\"Class_8\", $AE28=\"Class_8\")),\"zero emission class 7/8\")))))))))))))))))))))))))))))))))))))))))))))))))))))","v":false}]
["project 25",null,null,null,null,null,null,{"$f":"IF($G29=\"33,001 +\",\"Class_8\",IF($G29=\"26,001-33,000\",\"Class_7\",IF($G29=\"19,501-26,000\",\"Class_6\",\"\")))","v":""},null,null,null,null,null,null,{"$f":"IF(H29=\"Class_6\",IF(T29=\"No\",MIN(IF((J29*K29)<10000,0,J29*K29),IF((J29*N29)<10000,0,J29*N29)),IF(MIN(Y29*Z29,Y29*N29)+MIN(J29*K29,J29*N29)>9999,MIN(J29*K29,J29*N29),0)),IF(T29=\"No\",MIN(IF((J29*K29)<20000,0,J29*K29),IF((J29*N29)<20000,0,J29*N29)),IF(MIN(Y29*Z29,Y29*N29)+MIN(J29*K29,J29*N29)>19999,MIN(J29*K29,J29*N29),0)))","v":0},null,null,"","No","No",null,null,null,{"$f":"IF($W29=\"33,001 +\",\"Class_8\",IF($W29=\"26,001-33,000\",\"Class_7\",IF($W29=\"19,501-26,000\",\"Class_6\",IF($W29=\"\",\"\"))))","v":""},null,null,0,{"$f":"IF($T29=\"Yes\",IF(COUNTA($U29:$AA29)=7,\"Complete\",\"Incomplete\"),\"N/A\")","v":"N/A"},{"$f":"IF($D29=\"2-for-1 Replace\",IF(OR(COUNTA(A29:AA29)=27,COUNTA(A29:AA29)=29),\"Complete\",\"Incomplete\"),IF(OR($D29=\"Replacement\",$D29=\"Repower\"),IF(COUNTA(A29:Q29)=17,\"Complete\",\"Incomplete\"),\"Incomplete\"))","v":"Incomplete"},null,{"$f":"IF(OR($H29=\"Class_8\",$X29=\"Class_8\"),\"Class_8\",IF(OR($H29=\"Class_7\",$X29=\"Class_7\"),\"Class_7\",IF(OR($H29=\"Class_6\",$X29=\"Class_6\"),\"Class_6\")))","v":false},false,{"$f":"IF($D29=\"Repower\",IF($H29=\"Class_7\",IF($M29=\"New: 2013+ HHD\",\"CL7HHD\",\"gas\")))","v":false},false,null,{"$f":"IF($D29=\"2-for-1 Replace\",\"Norestr\",IF($AK29=\"Repower_8\",\"Repo8\",IF($AK29=\"Repower_7\",\"Repo7\",IF($AK29=\"Repower_6\",\"Repo6\",IF(OR($H29=\"Class_8\",$L29=\"Class_8\"),\"Replacement8HHD\",IF($D29=\"Replacement\",IF($H29=\"Class_6\",\"Replacement6\",IF($H29=\"Class_7\",IF($I29=\"MHD\",\"Replacement7MHD\",\"Replacement7HHD\"),IF($H29=\"Class_8\",IF($I29=\"HHD\",\"Replacement8HHD\",\"Replacement8MHD\")))),))))))","v":0},{"$f":"IF($D29=\"Replacement\",IF($H29=\"Class_6\",\"Replacement_6\",IF($H29=\"Class_7\",\"Replacement_7\",IF($H29=\"Class_8\",\"Replacement_8\",null))),IF($D29=\"Repower\",IF($H29=\"Class_6\",\"Repower_6\",IF($H29=\"Class_7\",\"Repower_7\",IF($H29=\"Class_8\",\"Repower_8\",null))),IF($D29=\"2-for-1 Replace\",IF($L29=\"Class_6\",\"Replacement_6\",IF($L29=\"Class_7\",\"Replacement_7\",IF($L29=\"Class_8\",\"Replacement_8\",null))))))","v":false},{"$f":"IF($D29=\"Replacement\",IF(AND($H29=\"Class_6\",$B29 <> \"4+ Trucks\"),\"Small_Fleet_Replacement_6\",IF(AND($H29=\"Class_7\",$B29 <> \"4+ Trucks\"),\"Small_Fleet_Replacement_7\",IF(AND($H29=\"Class_8\",$B29 <> \"4+ Trucks\"),\"Small_Fleet_Replacement_8\",null))),IF($D29=\"Repower\",IF($H29=\"Class_6\",\"Repower_6\",IF($H29=\"Class_7\",\"Repower_7\",IF($H29=\"Class_8\",\"Repower_8\",null))),IF($D29=\"2-for-1 Replace\",IF($L29=\"Class_6\",\"Replacement_6\",IF($L29=\"Class_7\",\"Small_Fleet_Replacement_7\",IF($L29=\"Class_8\",\"Small_Fleet_Replacement_8\",null))))))","v":false},null,null,null,null,{"$f":"IF(AND($B29<>\"4+ Trucks\",$D29=\"Replacement\",$P29=\"Diesel\",OR($L29=\"Class_7\",$H29=\"CLass_7\"),$M29=\"New: 2015+\"),\"small fleet new class 7 diesel\",IF(AND($B29<>\"4+ Trucks\",$D29=\"Replacement\",OR($P29=\"Diesel\",$P29=\"LNG/CNG\",$P29=\"Hybrid\"),OR($H29=\"Class_7\",$L29=\"Class_7\"),$M29=\"Used: 2011+\"),\"small fleet used class 7 diesel\",IF(AND($B29<>\"4+ Trucks\",$D29=\"Replacement\",$P29=\"Diesel\",$L29=\"Class_8\",$M29=\"New: 2015+\"),\"small fleet new class 8 diesel\",IF(AND($B29<>\"4+ Trucks\",$D29=\"Replacement\",$P29=\"Diesel\",$L29=\"Class_6\"),\"small fleet class 6 diesel\",IF(AND($B29<>\"4+ Trucks\",$D29=\"Replacement\",OR($P29=\"Diesel\",$P29=\"LNG/CNG\",$P29=\"Hybrid\"),$L29=\"Class_8\",$M29=\"Used: 2011+\"),\"small fleet used class 8 diesel\",IF(AND($B29<>\"4+ Trucks\",$D29=\"Repower\",$P29=\"Diesel\",(OR($L29=\"Class_8\",$L29=\"Class_7\"))),\"small fleet repower class 7/8\",IF(AND($B29<>\"4+ Trucks\",$D29=\"Repower\",$P29=\"Diesel\",$L29=\"Class_6\"),\"small fleet repower class 6\",IF(AND($D29=\"Replacement\",$P29=\"Zero Emission\",(OR($L29=\"Class_8\",$L29=\"Class_7\"))),\"zero emission class 7/8\",IF(AND($D29=\"Replacement\",$P29=\"Hybrid Zero-Mile\",(OR($L29=\"Class_8\",$L29=\"Class_7\"))),\"hybrid zero mile class 7/8\",IF(AND($D29=\"Replacement\",$P29=\"Low NOx\",(OR($L29=\"Class_8\",$L29=\"Class_7\"))),\"low nox class 7/8\",IF(AND($D29=\"Replacement\",$P29=\"Hybrid\",(OR($L29=\"Class_8\",$L29=\"Class_7\"))),\"hybrid class 7/8\",IF(AND($D29=\"Replacement\",$P29=\"LNG/CNG\",(OR($L29=\"Class_8\",$L29=\"Class_7\"))),\"lng/cng class 7/8\",IF(AND($D29=\"Replacement\",$P29=\"Zero Emission\",$L29=\"Class_6\"),\"zero emission class 6\",IF(AND($D29=\"Replacement\",$P29=\"Hybrid Zero-Mile\",$L29=\"Class_6\"),\"hybrid zero mile class 6\",IF(AND($D29=\"Replacement\",$P29=\"Low NOx\",$L29=\"Class_6\"),\"low nox class 6\",IF(AND($D29=\"Replacement\",$P29=\"Hybrid\",$L29=\"Class_6\"),\"hybrid class 6\",IF(AND($D29=\"Replacement\",$P29=\"LNG/CNG\",$L29=\"Class_6\"),\"lng/cng class 6\",(IF(AND($P29=\"Diesel\", OR($L29=\"Class_6\", $AE29=\"Class_6\")),\"small fleet class 6 diesel\",IF(AND($P29=\"Diesel\",$M29=\"New: 2015+\", OR($L29=\"Class_7\", $AE29=\"Class_7\")),\"small fleet new class 7 diesel\",IF(AND($P29=\"Diesel\",$M29=\"Used: 2011+\", OR($L29=\"Class_7\", $AE29=\"Class_7\")),\"small fleet used class 7 diesel\",IF(AND($P29=\"Diesel\",$M29=\"New: 2015+\", OR($L29=\"Class_8\", $AE29=\"Class_8\")),\"small fleet new class 8 diesel\",IF(AND($P29=\"Diesel\",$M29=\"Used: 2011+\", OR($L29=\"Class_8\", $AE29=\"Class_8\")),\"small fleet used class 8 diesel\",(IF(AND($P29=\"LNG/CNG\", OR($L29=\"Class_6\", $AE29=\"Class_6\")),\"lng/cng class 6\",(IF(AND($P29=\"Hybrid\", OR($L29=\"Class_6\", $AE29=\"Class_6\")),\"hybrid class 6\",(IF(AND($P29=\"Low NOx\", OR($L29=\"Class_6\", $AE29=\"Class_6\")),\"low nox class 6\",(IF(AND($P29=\"Hybrid Zero-Mile\", OR($L29=\"Class_6\", $AE29=\"Class_6\")),\"hybrid zero mile class 6\",(IF(AND($P29=\"Zero Emission\", OR($L29=\"Class_6\", $AE29=\"Class_6\")),\"zero emission class 6\",(IF(AND($P29=\"LNG/CNG\", OR($L29=\"Class_7\", $AE29=\"Class_7\")),\"lng/cng class 7/8\",(IF(AND($P29=\"Hybrid\", OR($L29=\"Class_7\", $AE29=\"Class_7\")),\"hybrid class 7/8\",(IF(AND($P29=\"Low NOx\", OR($L29=\"Class_7\", $AE29=\"Class_7\")),\"low nox class 7/8\",(IF(AND($P29=\"Hybrid Zero-Mile\", OR($L29=\"Class_7\", $AE29=\"Class_7\")),\"hybrid zero mile class 7/8\",(IF(AND($P29=\"Zero Emission\", OR($L29=\"Class_7\", $AE29=\"Class_7\")),\"zero emission class 7/8\",(IF(AND($P29=\"LNG/CNG\", OR($L29=\"Class_8\", $AE29=\"Class_8\")),\"lng/cng class 7/8\",(IF(AND($P29=\"Hybrid\", OR($L29=\"Class_8\", $AE29=\"Class_8\")),\"hybrid class 7/8\",(IF(AND($P29=\"Low NOx\", OR($L29=\"Class_8\", $AE29=\"Class_8\")),\"low nox class 7/8\",(IF(AND($P29=\"Hybrid Zero-Mile\", OR($L29=\"Class_8\", $AE29=\"Class_8\")),\"hybrid zero mile class 7/8\",(IF(AND($P29=\"Zero Emission\", OR($L29=\"Class_8\", $AE29=\"Class_8\")),\"zero emission class 7/8\")))))))))))))))))))))))))))))))))))))))))))))))))))))","v":false}]
["project 26",null,null,null,null,null,null,{"$f":"IF($G30=\"33,001 +\",\"Class_8\",IF($G30=\"26,001-33,000\",\"Class_7\",IF($G30=\"19,501-26,000\",\"Class_6\",\"\")))","v":""},null,null,null,null,null,null,{"$f":"IF(H30=\"Class_6\",IF(T30=\"No\",MIN(IF((J30*K30)<10000,0,J30*K30),IF((J30*N30)<10000,0,J30*N30)),IF(MIN(Y30*Z30,Y30*N30)+MIN(J30*K30,J30*N30)>9999,MIN(J30*K30,J30*N30),0)),IF(T30=\"No\",MIN(IF((J30*K30)<20000,0,J30*K30),IF((J30*N30)<20000,0,J30*N30)),IF(MIN(Y30*Z30,Y30*N30)+MIN(J30*K30,J30*N30)>19999,MIN(J30*K30,J30*N30),0)))","v":0},null,null,"","No","No",null,null,null,{"$f":"IF($W30=\"33,001 +\",\"Class_8\",IF($W30=\"26,001-33,000\",\"Class_7\",IF($W30=\"19,501-26,000\",\"Class_6\",IF($W30=\"\",\"\"))))","v":""},null,null,0,{"$f":"IF($T30=\"Yes\",IF(COUNTA($U30:$AA30)=7,\"Complete\",\"Incomplete\"),\"N/A\")","v":"N/A"},{"$f":"IF($D30=\"2-for-1 Replace\",IF(OR(COUNTA(A30:AA30)=27,COUNTA(A30:AA30)=29),\"Complete\",\"Incomplete\"),IF(OR($D30=\"Replacement\",$D30=\"Repower\"),IF(COUNTA(A30:Q30)=17,\"Complete\",\"Incomplete\"),\"Incomplete\"))","v":"Incomplete"},null,{"$f":"IF(OR($H30=\"Class_8\",$X30=\"Class_8\"),\"Class_8\",IF(OR($H30=\"Class_7\",$X30=\"Class_7\"),\"Class_7\",IF(OR($H30=\"Class_6\",$X30=\"Class_6\"),\"Class_6\")))","v":false},false,{"$f":"IF($D30=\"Repower\",IF($H30=\"Class_7\",IF($M30=\"New: 2013+ HHD\",\"CL7HHD\",\"gas\")))","v":false},false,null,{"$f":"IF($D30=\"2-for-1 Replace\",\"Norestr\",IF($AK30=\"Repower_8\",\"Repo8\",IF($AK30=\"Repower_7\",\"Repo7\",IF($AK30=\"Repower_6\",\"Repo6\",IF(OR($H30=\"Class_8\",$L30=\"Class_8\"),\"Replacement8HHD\",IF($D30=\"Replacement\",IF($H30=\"Class_6\",\"Replacement6\",IF($H30=\"Class_7\",IF($I30=\"MHD\",\"Replacement7MHD\",\"Replacement7HHD\"),IF($H30=\"Class_8\",IF($I30=\"HHD\",\"Replacement8HHD\",\"Replacement8MHD\")))),))))))","v":0},{"$f":"IF($D30=\"Replacement\",IF($H30=\"Class_6\",\"Replacement_6\",IF($H30=\"Class_7\",\"Replacement_7\",IF($H30=\"Class_8\",\"Replacement_8\",null))),IF($D30=\"Repower\",IF($H30=\"Class_6\",\"Repower_6\",IF($H30=\"Class_7\",\"Repower_7\",IF($H30=\"Class_8\",\"Repower_8\",null))),IF($D30=\"2-for-1 Replace\",IF($L30=\"Class_6\",\"Replacement_6\",IF($L30=\"Class_7\",\"Replacement_7\",IF($L30=\"Class_8\",\"Replacement_8\",null))))))","v":false},{"$f":"IF($D30=\"Replacement\",IF(AND($H30=\"Class_6\",$B30 <> \"4+ Trucks\"),\"Small_Fleet_Replacement_6\",IF(AND($H30=\"Class_7\",$B30 <> \"4+ Trucks\"),\"Small_Fleet_Replacement_7\",IF(AND($H30=\"Class_8\",$B30 <> \"4+ Trucks\"),\"Small_Fleet_Replacement_8\",null))),IF($D30=\"Repower\",IF($H30=\"Class_6\",\"Repower_6\",IF($H30=\"Class_7\",\"Repower_7\",IF($H30=\"Class_8\",\"Repower_8\",null))),IF($D30=\"2-for-1 Replace\",IF($L30=\"Class_6\",\"Replacement_6\",IF($L30=\"Class_7\",\"Small_Fleet_Replacement_7\",IF($L30=\"Class_8\",\"Small_Fleet_Replacement_8\",null))))))","v":false},null,null,null,null,{"$f":"IF(AND($B30<>\"4+ Trucks\",$D30=\"Replacement\",$P30=\"Diesel\",OR($L30=\"Class_7\",$H30=\"CLass_7\"),$M30=\"New: 2015+\"),\"small fleet new class 7 diesel\",IF(AND($B30<>\"4+ Trucks\",$D30=\"Replacement\",OR($P30=\"Diesel\",$P30=\"LNG/CNG\",$P30=\"Hybrid\"),OR($H30=\"Class_7\",$L30=\"Class_7\"),$M30=\"Used: 2011+\"),\"small fleet used class 7 diesel\",IF(AND($B30<>\"4+ Trucks\",$D30=\"Replacement\",$P30=\"Diesel\",$L30=\"Class_8\",$M30=\"New: 2015+\"),\"small fleet new class 8 diesel\",IF(AND($B30<>\"4+ Trucks\",$D30=\"Replacement\",$P30=\"Diesel\",$L30=\"Class_6\"),\"small fleet class 6 diesel\",IF(AND($B30<>\"4+ Trucks\",$D30=\"Replacement\",OR($P30=\"Diesel\",$P30=\"LNG/CNG\",$P30=\"Hybrid\"),$L30=\"Class_8\",$M30=\"Used: 2011+\"),\"small fleet used class 8 diesel\",IF(AND($B30<>\"4+ Trucks\",$D30=\"Repower\",$P30=\"Diesel\",(OR($L30=\"Class_8\",$L30=\"Class_7\"))),\"small fleet repower class 7/8\",IF(AND($B30<>\"4+ Trucks\",$D30=\"Repower\",$P30=\"Diesel\",$L30=\"Class_6\"),\"small fleet repower class 6\",IF(AND($D30=\"Replacement\",$P30=\"Zero Emission\",(OR($L30=\"Class_8\",$L30=\"Class_7\"))),\"zero emission class 7/8\",IF(AND($D30=\"Replacement\",$P30=\"Hybrid Zero-Mile\",(OR($L30=\"Class_8\",$L30=\"Class_7\"))),\"hybrid zero mile class 7/8\",IF(AND($D30=\"Replacement\",$P30=\"Low NOx\",(OR($L30=\"Class_8\",$L30=\"Class_7\"))),\"low nox class 7/8\",IF(AND($D30=\"Replacement\",$P30=\"Hybrid\",(OR($L30=\"Class_8\",$L30=\"Class_7\"))),\"hybrid class 7/8\",IF(AND($D30=\"Replacement\",$P30=\"LNG/CNG\",(OR($L30=\"Class_8\",$L30=\"Class_7\"))),\"lng/cng class 7/8\",IF(AND($D30=\"Replacement\",$P30=\"Zero Emission\",$L30=\"Class_6\"),\"zero emission class 6\",IF(AND($D30=\"Replacement\",$P30=\"Hybrid Zero-Mile\",$L30=\"Class_6\"),\"hybrid zero mile class 6\",IF(AND($D30=\"Replacement\",$P30=\"Low NOx\",$L30=\"Class_6\"),\"low nox class 6\",IF(AND($D30=\"Replacement\",$P30=\"Hybrid\",$L30=\"Class_6\"),\"hybrid class 6\",IF(AND($D30=\"Replacement\",$P30=\"LNG/CNG\",$L30=\"Class_6\"),\"lng/cng class 6\",(IF(AND($P30=\"Diesel\", OR($L30=\"Class_6\", $AE30=\"Class_6\")),\"small fleet class 6 diesel\",IF(AND($P30=\"Diesel\",$M30=\"New: 2015+\", OR($L30=\"Class_7\", $AE30=\"Class_7\")),\"small fleet new class 7 diesel\",IF(AND($P30=\"Diesel\",$M30=\"Used: 2011+\", OR($L30=\"Class_7\", $AE30=\"Class_7\")),\"small fleet used class 7 diesel\",IF(AND($P30=\"Diesel\",$M30=\"New: 2015+\", OR($L30=\"Class_8\", $AE30=\"Class_8\")),\"small fleet new class 8 diesel\",IF(AND($P30=\"Diesel\",$M30=\"Used: 2011+\", OR($L30=\"Class_8\", $AE30=\"Class_8\")),\"small fleet used class 8 diesel\",(IF(AND($P30=\"LNG/CNG\", OR($L30=\"Class_6\", $AE30=\"Class_6\")),\"lng/cng class 6\",(IF(AND($P30=\"Hybrid\", OR($L30=\"Class_6\", $AE30=\"Class_6\")),\"hybrid class 6\",(IF(AND($P30=\"Low NOx\", OR($L30=\"Class_6\", $AE30=\"Class_6\")),\"low nox class 6\",(IF(AND($P30=\"Hybrid Zero-Mile\", OR($L30=\"Class_6\", $AE30=\"Class_6\")),\"hybrid zero mile class 6\",(IF(AND($P30=\"Zero Emission\", OR($L30=\"Class_6\", $AE30=\"Class_6\")),\"zero emission class 6\",(IF(AND($P30=\"LNG/CNG\", OR($L30=\"Class_7\", $AE30=\"Class_7\")),\"lng/cng class 7/8\",(IF(AND($P30=\"Hybrid\", OR($L30=\"Class_7\", $AE30=\"Class_7\")),\"hybrid class 7/8\",(IF(AND($P30=\"Low NOx\", OR($L30=\"Class_7\", $AE30=\"Class_7\")),\"low nox class 7/8\",(IF(AND($P30=\"Hybrid Zero-Mile\", OR($L30=\"Class_7\", $AE30=\"Class_7\")),\"hybrid zero mile class 7/8\",(IF(AND($P30=\"Zero Emission\", OR($L30=\"Class_7\", $AE30=\"Class_7\")),\"zero emission class 7/8\",(IF(AND($P30=\"LNG/CNG\", OR($L30=\"Class_8\", $AE30=\"Class_8\")),\"lng/cng class 7/8\",(IF(AND($P30=\"Hybrid\", OR($L30=\"Class_8\", $AE30=\"Class_8\")),\"hybrid class 7/8\",(IF(AND($P30=\"Low NOx\", OR($L30=\"Class_8\", $AE30=\"Class_8\")),\"low nox class 7/8\",(IF(AND($P30=\"Hybrid Zero-Mile\", OR($L30=\"Class_8\", $AE30=\"Class_8\")),\"hybrid zero mile class 7/8\",(IF(AND($P30=\"Zero Emission\", OR($L30=\"Class_8\", $AE30=\"Class_8\")),\"zero emission class 7/8\")))))))))))))))))))))))))))))))))))))))))))))))))))))","v":false}]
["project 27",null,null,null,null,null,null,{"$f":"IF($G31=\"33,001 +\",\"Class_8\",IF($G31=\"26,001-33,000\",\"Class_7\",IF($G31=\"19,501-26,000\",\"Class_6\",\"\")))","v":""},null,null,null,null,null,null,{"$f":"IF(H31=\"Class_6\",IF(T31=\"No\",MIN(IF((J31*K31)<10000,0,J31*K31),IF((J31*N31)<10000,0,J31*N31)),IF(MIN(Y31*Z31,Y31*N31)+MIN(J31*K31,J31*N31)>9999,MIN(J31*K31,J31*N31),0)),IF(T31=\"No\",MIN(IF((J31*K31)<20000,0,J31*K31),IF((J31*N31)<20000,0,J31*N31)),IF(MIN(Y31*Z31,Y31*N31)+MIN(J31*K31,J31*N31)>19999,MIN(J31*K31,J31*N31),0)))","v":0},null,null,"","No","No",null,null,null,{"$f":"IF($W31=\"33,001 +\",\"Class_8\",IF($W31=\"26,001-33,000\",\"Class_7\",IF($W31=\"19,501-26,000\",\"Class_6\",IF($W31=\"\",\"\"))))","v":""},null,null,0,{"$f":"IF($T31=\"Yes\",IF(COUNTA($U31:$AA31)=7,\"Complete\",\"Incomplete\"),\"N/A\")","v":"N/A"},{"$f":"IF($D31=\"2-for-1 Replace\",IF(OR(COUNTA(A31:AA31)=27,COUNTA(A31:AA31)=29),\"Complete\",\"Incomplete\"),IF(OR($D31=\"Replacement\",$D31=\"Repower\"),IF(COUNTA(A31:Q31)=17,\"Complete\",\"Incomplete\"),\"Incomplete\"))","v":"Incomplete"},null,{"$f":"IF(OR($H31=\"Class_8\",$X31=\"Class_8\"),\"Class_8\",IF(OR($H31=\"Class_7\",$X31=\"Class_7\"),\"Class_7\",IF(OR($H31=\"Class_6\",$X31=\"Class_6\"),\"Class_6\")))","v":false},false,{"$f":"IF($D31=\"Repower\",IF($H31=\"Class_7\",IF($M31=\"New: 2013+ HHD\",\"CL7HHD\",\"gas\")))","v":false},false,null,{"$f":"IF($D31=\"2-for-1 Replace\",\"Norestr\",IF($AK31=\"Repower_8\",\"Repo8\",IF($AK31=\"Repower_7\",\"Repo7\",IF($AK31=\"Repower_6\",\"Repo6\",IF(OR($H31=\"Class_8\",$L31=\"Class_8\"),\"Replacement8HHD\",IF($D31=\"Replacement\",IF($H31=\"Class_6\",\"Replacement6\",IF($H31=\"Class_7\",IF($I31=\"MHD\",\"Replacement7MHD\",\"Replacement7HHD\"),IF($H31=\"Class_8\",IF($I31=\"HHD\",\"Replacement8HHD\",\"Replacement8MHD\")))),))))))","v":0},{"$f":"IF($D31=\"Replacement\",IF($H31=\"Class_6\",\"Replacement_6\",IF($H31=\"Class_7\",\"Replacement_7\",IF($H31=\"Class_8\",\"Replacement_8\",null))),IF($D31=\"Repower\",IF($H31=\"Class_6\",\"Repower_6\",IF($H31=\"Class_7\",\"Repower_7\",IF($H31=\"Class_8\",\"Repower_8\",null))),IF($D31=\"2-for-1 Replace\",IF($L31=\"Class_6\",\"Replacement_6\",IF($L31=\"Class_7\",\"Replacement_7\",IF($L31=\"Class_8\",\"Replacement_8\",null))))))","v":false},{"$f":"IF($D31=\"Replacement\",IF(AND($H31=\"Class_6\",$B31 <> \"4+ Trucks\"),\"Small_Fleet_Replacement_6\",IF(AND($H31=\"Class_7\",$B31 <> \"4+ Trucks\"),\"Small_Fleet_Replacement_7\",IF(AND($H31=\"Class_8\",$B31 <> \"4+ Trucks\"),\"Small_Fleet_Replacement_8\",null))),IF($D31=\"Repower\",IF($H31=\"Class_6\",\"Repower_6\",IF($H31=\"Class_7\",\"Repower_7\",IF($H31=\"Class_8\",\"Repower_8\",null))),IF($D31=\"2-for-1 Replace\",IF($L31=\"Class_6\",\"Replacement_6\",IF($L31=\"Class_7\",\"Small_Fleet_Replacement_7\",IF($L31=\"Class_8\",\"Small_Fleet_Replacement_8\",null))))))","v":false},null,null,null,null,{"$f":"IF(AND($B31<>\"4+ Trucks\",$D31=\"Replacement\",$P31=\"Diesel\",OR($L31=\"Class_7\",$H31=\"CLass_7\"),$M31=\"New: 2015+\"),\"small fleet new class 7 diesel\",IF(AND($B31<>\"4+ Trucks\",$D31=\"Replacement\",OR($P31=\"Diesel\",$P31=\"LNG/CNG\",$P31=\"Hybrid\"),OR($H31=\"Class_7\",$L31=\"Class_7\"),$M31=\"Used: 2011+\"),\"small fleet used class 7 diesel\",IF(AND($B31<>\"4+ Trucks\",$D31=\"Replacement\",$P31=\"Diesel\",$L31=\"Class_8\",$M31=\"New: 2015+\"),\"small fleet new class 8 diesel\",IF(AND($B31<>\"4+ Trucks\",$D31=\"Replacement\",$P31=\"Diesel\",$L31=\"Class_6\"),\"small fleet class 6 diesel\",IF(AND($B31<>\"4+ Trucks\",$D31=\"Replacement\",OR($P31=\"Diesel\",$P31=\"LNG/CNG\",$P31=\"Hybrid\"),$L31=\"Class_8\",$M31=\"Used: 2011+\"),\"small fleet used class 8 diesel\",IF(AND($B31<>\"4+ Trucks\",$D31=\"Repower\",$P31=\"Diesel\",(OR($L31=\"Class_8\",$L31=\"Class_7\"))),\"small fleet repower class 7/8\",IF(AND($B31<>\"4+ Trucks\",$D31=\"Repower\",$P31=\"Diesel\",$L31=\"Class_6\"),\"small fleet repower class 6\",IF(AND($D31=\"Replacement\",$P31=\"Zero Emission\",(OR($L31=\"Class_8\",$L31=\"Class_7\"))),\"zero emission class 7/8\",IF(AND($D31=\"Replacement\",$P31=\"Hybrid Zero-Mile\",(OR($L31=\"Class_8\",$L31=\"Class_7\"))),\"hybrid zero mile class 7/8\",IF(AND($D31=\"Replacement\",$P31=\"Low NOx\",(OR($L31=\"Class_8\",$L31=\"Class_7\"))),\"low nox class 7/8\",IF(AND($D31=\"Replacement\",$P31=\"Hybrid\",(OR($L31=\"Class_8\",$L31=\"Class_7\"))),\"hybrid class 7/8\",IF(AND($D31=\"Replacement\",$P31=\"LNG/CNG\",(OR($L31=\"Class_8\",$L31=\"Class_7\"))),\"lng/cng class 7/8\",IF(AND($D31=\"Replacement\",$P31=\"Zero Emission\",$L31=\"Class_6\"),\"zero emission class 6\",IF(AND($D31=\"Replacement\",$P31=\"Hybrid Zero-Mile\",$L31=\"Class_6\"),\"hybrid zero mile class 6\",IF(AND($D31=\"Replacement\",$P31=\"Low NOx\",$L31=\"Class_6\"),\"low nox class 6\",IF(AND($D31=\"Replacement\",$P31=\"Hybrid\",$L31=\"Class_6\"),\"hybrid class 6\",IF(AND($D31=\"Replacement\",$P31=\"LNG/CNG\",$L31=\"Class_6\"),\"lng/cng class 6\",(IF(AND($P31=\"Diesel\", OR($L31=\"Class_6\", $AE31=\"Class_6\")),\"small fleet class 6 diesel\",IF(AND($P31=\"Diesel\",$M31=\"New: 2015+\", OR($L31=\"Class_7\", $AE31=\"Class_7\")),\"small fleet new class 7 diesel\",IF(AND($P31=\"Diesel\",$M31=\"Used: 2011+\", OR($L31=\"Class_7\", $AE31=\"Class_7\")),\"small fleet used class 7 diesel\",IF(AND($P31=\"Diesel\",$M31=\"New: 2015+\", OR($L31=\"Class_8\", $AE31=\"Class_8\")),\"small fleet new class 8 diesel\",IF(AND($P31=\"Diesel\",$M31=\"Used: 2011+\", OR($L31=\"Class_8\", $AE31=\"Class_8\")),\"small fleet used class 8 diesel\",(IF(AND($P31=\"LNG/CNG\", OR($L31=\"Class_6\", $AE31=\"Class_6\")),\"lng/cng class 6\",(IF(AND($P31=\"Hybrid\", OR($L31=\"Class_6\", $AE31=\"Class_6\")),\"hybrid class 6\",(IF(AND($P31=\"Low NOx\", OR($L31=\"Class_6\", $AE31=\"Class_6\")),\"low nox class 6\",(IF(AND($P31=\"Hybrid Zero-Mile\", OR($L31=\"Class_6\", $AE31=\"Class_6\")),\"hybrid zero mile class 6\",(IF(AND($P31=\"Zero Emission\", OR($L31=\"Class_6\", $AE31=\"Class_6\")),\"zero emission class 6\",(IF(AND($P31=\"LNG/CNG\", OR($L31=\"Class_7\", $AE31=\"Class_7\")),\"lng/cng class 7/8\",(IF(AND($P31=\"Hybrid\", OR($L31=\"Class_7\", $AE31=\"Class_7\")),\"hybrid class 7/8\",(IF(AND($P31=\"Low NOx\", OR($L31=\"Class_7\", $AE31=\"Class_7\")),\"low nox class 7/8\",(IF(AND($P31=\"Hybrid Zero-Mile\", OR($L31=\"Class_7\", $AE31=\"Class_7\")),\"hybrid zero mile class 7/8\",(IF(AND($P31=\"Zero Emission\", OR($L31=\"Class_7\", $AE31=\"Class_7\")),\"zero emission class 7/8\",(IF(AND($P31=\"LNG/CNG\", OR($L31=\"Class_8\", $AE31=\"Class_8\")),\"lng/cng class 7/8\",(IF(AND($P31=\"Hybrid\", OR($L31=\"Class_8\", $AE31=\"Class_8\")),\"hybrid class 7/8\",(IF(AND($P31=\"Low NOx\", OR($L31=\"Class_8\", $AE31=\"Class_8\")),\"low nox class 7/8\",(IF(AND($P31=\"Hybrid Zero-Mile\", OR($L31=\"Class_8\", $AE31=\"Class_8\")),\"hybrid zero mile class 7/8\",(IF(AND($P31=\"Zero Emission\", OR($L31=\"Class_8\", $AE31=\"Class_8\")),\"zero emission class 7/8\")))))))))))))))))))))))))))))))))))))))))))))))))))))","v":false}]
["project 28",null,null,null,null,null,null,{"$f":"IF($G32=\"33,001 +\",\"Class_8\",IF($G32=\"26,001-33,000\",\"Class_7\",IF($G32=\"19,501-26,000\",\"Class_6\",\"\")))","v":""},null,null,null,null,null,null,{"$f":"IF(H32=\"Class_6\",IF(T32=\"No\",MIN(IF((J32*K32)<10000,0,J32*K32),IF((J32*N32)<10000,0,J32*N32)),IF(MIN(Y32*Z32,Y32*N32)+MIN(J32*K32,J32*N32)>9999,MIN(J32*K32,J32*N32),0)),IF(T32=\"No\",MIN(IF((J32*K32)<20000,0,J32*K32),IF((J32*N32)<20000,0,J32*N32)),IF(MIN(Y32*Z32,Y32*N32)+MIN(J32*K32,J32*N32)>19999,MIN(J32*K32,J32*N32),0)))","v":0},null,null,"","No","No",null,null,null,{"$f":"IF($W32=\"33,001 +\",\"Class_8\",IF($W32=\"26,001-33,000\",\"Class_7\",IF($W32=\"19,501-26,000\",\"Class_6\",IF($W32=\"\",\"\"))))","v":""},null,null,0,{"$f":"IF($T32=\"Yes\",IF(COUNTA($U32:$AA32)=7,\"Complete\",\"Incomplete\"),\"N/A\")","v":"N/A"},{"$f":"IF($D32=\"2-for-1 Replace\",IF(OR(COUNTA(A32:AA32)=27,COUNTA(A32:AA32)=29),\"Complete\",\"Incomplete\"),IF(OR($D32=\"Replacement\",$D32=\"Repower\"),IF(COUNTA(A32:Q32)=17,\"Complete\",\"Incomplete\"),\"Incomplete\"))","v":"Incomplete"},null,{"$f":"IF(OR($H32=\"Class_8\",$X32=\"Class_8\"),\"Class_8\",IF(OR($H32=\"Class_7\",$X32=\"Class_7\"),\"Class_7\",IF(OR($H32=\"Class_6\",$X32=\"Class_6\"),\"Class_6\")))","v":false},false,{"$f":"IF($D32=\"Repower\",IF($H32=\"Class_7\",IF($M32=\"New: 2013+ HHD\",\"CL7HHD\",\"gas\")))","v":false},false,null,{"$f":"IF($D32=\"2-for-1 Replace\",\"Norestr\",IF($AK32=\"Repower_8\",\"Repo8\",IF($AK32=\"Repower_7\",\"Repo7\",IF($AK32=\"Repower_6\",\"Repo6\",IF(OR($H32=\"Class_8\",$L32=\"Class_8\"),\"Replacement8HHD\",IF($D32=\"Replacement\",IF($H32=\"Class_6\",\"Replacement6\",IF($H32=\"Class_7\",IF($I32=\"MHD\",\"Replacement7MHD\",\"Replacement7HHD\"),IF($H32=\"Class_8\",IF($I32=\"HHD\",\"Replacement8HHD\",\"Replacement8MHD\")))),))))))","v":0},{"$f":"IF($D32=\"Replacement\",IF($H32=\"Class_6\",\"Replacement_6\",IF($H32=\"Class_7\",\"Replacement_7\",IF($H32=\"Class_8\",\"Replacement_8\",null))),IF($D32=\"Repower\",IF($H32=\"Class_6\",\"Repower_6\",IF($H32=\"Class_7\",\"Repower_7\",IF($H32=\"Class_8\",\"Repower_8\",null))),IF($D32=\"2-for-1 Replace\",IF($L32=\"Class_6\",\"Replacement_6\",IF($L32=\"Class_7\",\"Replacement_7\",IF($L32=\"Class_8\",\"Replacement_8\",null))))))","v":false},{"$f":"IF($D32=\"Replacement\",IF(AND($H32=\"Class_6\",$B32 <> \"4+ Trucks\"),\"Small_Fleet_Replacement_6\",IF(AND($H32=\"Class_7\",$B32 <> \"4+ Trucks\"),\"Small_Fleet_Replacement_7\",IF(AND($H32=\"Class_8\",$B32 <> \"4+ Trucks\"),\"Small_Fleet_Replacement_8\",null))),IF($D32=\"Repower\",IF($H32=\"Class_6\",\"Repower_6\",IF($H32=\"Class_7\",\"Repower_7\",IF($H32=\"Class_8\",\"Repower_8\",null))),IF($D32=\"2-for-1 Replace\",IF($L32=\"Class_6\",\"Replacement_6\",IF($L32=\"Class_7\",\"Small_Fleet_Replacement_7\",IF($L32=\"Class_8\",\"Small_Fleet_Replacement_8\",null))))))","v":false},null,null,null,null,{"$f":"IF(AND($B32<>\"4+ Trucks\",$D32=\"Replacement\",$P32=\"Diesel\",OR($L32=\"Class_7\",$H32=\"CLass_7\"),$M32=\"New: 2015+\"),\"small fleet new class 7 diesel\",IF(AND($B32<>\"4+ Trucks\",$D32=\"Replacement\",OR($P32=\"Diesel\",$P32=\"LNG/CNG\",$P32=\"Hybrid\"),OR($H32=\"Class_7\",$L32=\"Class_7\"),$M32=\"Used: 2011+\"),\"small fleet used class 7 diesel\",IF(AND($B32<>\"4+ Trucks\",$D32=\"Replacement\",$P32=\"Diesel\",$L32=\"Class_8\",$M32=\"New: 2015+\"),\"small fleet new class 8 diesel\",IF(AND($B32<>\"4+ Trucks\",$D32=\"Replacement\",$P32=\"Diesel\",$L32=\"Class_6\"),\"small fleet class 6 diesel\",IF(AND($B32<>\"4+ Trucks\",$D32=\"Replacement\",OR($P32=\"Diesel\",$P32=\"LNG/CNG\",$P32=\"Hybrid\"),$L32=\"Class_8\",$M32=\"Used: 2011+\"),\"small fleet used class 8 diesel\",IF(AND($B32<>\"4+ Trucks\",$D32=\"Repower\",$P32=\"Diesel\",(OR($L32=\"Class_8\",$L32=\"Class_7\"))),\"small fleet repower class 7/8\",IF(AND($B32<>\"4+ Trucks\",$D32=\"Repower\",$P32=\"Diesel\",$L32=\"Class_6\"),\"small fleet repower class 6\",IF(AND($D32=\"Replacement\",$P32=\"Zero Emission\",(OR($L32=\"Class_8\",$L32=\"Class_7\"))),\"zero emission class 7/8\",IF(AND($D32=\"Replacement\",$P32=\"Hybrid Zero-Mile\",(OR($L32=\"Class_8\",$L32=\"Class_7\"))),\"hybrid zero mile class 7/8\",IF(AND($D32=\"Replacement\",$P32=\"Low NOx\",(OR($L32=\"Class_8\",$L32=\"Class_7\"))),\"low nox class 7/8\",IF(AND($D32=\"Replacement\",$P32=\"Hybrid\",(OR($L32=\"Class_8\",$L32=\"Class_7\"))),\"hybrid class 7/8\",IF(AND($D32=\"Replacement\",$P32=\"LNG/CNG\",(OR($L32=\"Class_8\",$L32=\"Class_7\"))),\"lng/cng class 7/8\",IF(AND($D32=\"Replacement\",$P32=\"Zero Emission\",$L32=\"Class_6\"),\"zero emission class 6\",IF(AND($D32=\"Replacement\",$P32=\"Hybrid Zero-Mile\",$L32=\"Class_6\"),\"hybrid zero mile class 6\",IF(AND($D32=\"Replacement\",$P32=\"Low NOx\",$L32=\"Class_6\"),\"low nox class 6\",IF(AND($D32=\"Replacement\",$P32=\"Hybrid\",$L32=\"Class_6\"),\"hybrid class 6\",IF(AND($D32=\"Replacement\",$P32=\"LNG/CNG\",$L32=\"Class_6\"),\"lng/cng class 6\",(IF(AND($P32=\"Diesel\", OR($L32=\"Class_6\", $AE32=\"Class_6\")),\"small fleet class 6 diesel\",IF(AND($P32=\"Diesel\",$M32=\"New: 2015+\", OR($L32=\"Class_7\", $AE32=\"Class_7\")),\"small fleet new class 7 diesel\",IF(AND($P32=\"Diesel\",$M32=\"Used: 2011+\", OR($L32=\"Class_7\", $AE32=\"Class_7\")),\"small fleet used class 7 diesel\",IF(AND($P32=\"Diesel\",$M32=\"New: 2015+\", OR($L32=\"Class_8\", $AE32=\"Class_8\")),\"small fleet new class 8 diesel\",IF(AND($P32=\"Diesel\",$M32=\"Used: 2011+\", OR($L32=\"Class_8\", $AE32=\"Class_8\")),\"small fleet used class 8 diesel\",(IF(AND($P32=\"LNG/CNG\", OR($L32=\"Class_6\", $AE32=\"Class_6\")),\"lng/cng class 6\",(IF(AND($P32=\"Hybrid\", OR($L32=\"Class_6\", $AE32=\"Class_6\")),\"hybrid class 6\",(IF(AND($P32=\"Low NOx\", OR($L32=\"Class_6\", $AE32=\"Class_6\")),\"low nox class 6\",(IF(AND($P32=\"Hybrid Zero-Mile\", OR($L32=\"Class_6\", $AE32=\"Class_6\")),\"hybrid zero mile class 6\",(IF(AND($P32=\"Zero Emission\", OR($L32=\"Class_6\", $AE32=\"Class_6\")),\"zero emission class 6\",(IF(AND($P32=\"LNG/CNG\", OR($L32=\"Class_7\", $AE32=\"Class_7\")),\"lng/cng class 7/8\",(IF(AND($P32=\"Hybrid\", OR($L32=\"Class_7\", $AE32=\"Class_7\")),\"hybrid class 7/8\",(IF(AND($P32=\"Low NOx\", OR($L32=\"Class_7\", $AE32=\"Class_7\")),\"low nox class 7/8\",(IF(AND($P32=\"Hybrid Zero-Mile\", OR($L32=\"Class_7\", $AE32=\"Class_7\")),\"hybrid zero mile class 7/8\",(IF(AND($P32=\"Zero Emission\", OR($L32=\"Class_7\", $AE32=\"Class_7\")),\"zero emission class 7/8\",(IF(AND($P32=\"LNG/CNG\", OR($L32=\"Class_8\", $AE32=\"Class_8\")),\"lng/cng class 7/8\",(IF(AND($P32=\"Hybrid\", OR($L32=\"Class_8\", $AE32=\"Class_8\")),\"hybrid class 7/8\",(IF(AND($P32=\"Low NOx\", OR($L32=\"Class_8\", $AE32=\"Class_8\")),\"low nox class 7/8\",(IF(AND($P32=\"Hybrid Zero-Mile\", OR($L32=\"Class_8\", $AE32=\"Class_8\")),\"hybrid zero mile class 7/8\",(IF(AND($P32=\"Zero Emission\", OR($L32=\"Class_8\", $AE32=\"Class_8\")),\"zero emission class 7/8\")))))))))))))))))))))))))))))))))))))))))))))))))))))","v":false}]
["project 29",null,null,null,null,null,null,{"$f":"IF($G33=\"33,001 +\",\"Class_8\",IF($G33=\"26,001-33,000\",\"Class_7\",IF($G33=\"19,501-26,000\",\"Class_6\",\"\")))","v":""},null,null,null,null,null,null,{"$f":"IF(H33=\"Class_6\",IF(T33=\"No\",MIN(IF((J33*K33)<10000,0,J33*K33),IF((J33*N33)<10000,0,J33*N33)),IF(MIN(Y33*Z33,Y33*N33)+MIN(J33*K33,J33*N33)>9999,MIN(J33*K33,J33*N33),0)),IF(T33=\"No\",MIN(IF((J33*K33)<20000,0,J33*K33),IF((J33*N33)<20000,0,J33*N33)),IF(MIN(Y33*Z33,Y33*N33)+MIN(J33*K33,J33*N33)>19999,MIN(J33*K33,J33*N33),0)))","v":0},null,null,"","No","No",null,null,null,{"$f":"IF($W33=\"33,001 +\",\"Class_8\",IF($W33=\"26,001-33,000\",\"Class_7\",IF($W33=\"19,501-26,000\",\"Class_6\",IF($W33=\"\",\"\"))))","v":""},null,null,0,{"$f":"IF($T33=\"Yes\",IF(COUNTA($U33:$AA33)=7,\"Complete\",\"Incomplete\"),\"N/A\")","v":"N/A"},{"$f":"IF($D33=\"2-for-1 Replace\",IF(OR(COUNTA(A33:AA33)=27,COUNTA(A33:AA33)=29),\"Complete\",\"Incomplete\"),IF(OR($D33=\"Replacement\",$D33=\"Repower\"),IF(COUNTA(A33:Q33)=17,\"Complete\",\"Incomplete\"),\"Incomplete\"))","v":"Incomplete"},null,{"$f":"IF(OR($H33=\"Class_8\",$X33=\"Class_8\"),\"Class_8\",IF(OR($H33=\"Class_7\",$X33=\"Class_7\"),\"Class_7\",IF(OR($H33=\"Class_6\",$X33=\"Class_6\"),\"Class_6\")))","v":false},false,{"$f":"IF($D33=\"Repower\",IF($H33=\"Class_7\",IF($M33=\"New: 2013+ HHD\",\"CL7HHD\",\"gas\")))","v":false},false,null,{"$f":"IF($D33=\"2-for-1 Replace\",\"Norestr\",IF($AK33=\"Repower_8\",\"Repo8\",IF($AK33=\"Repower_7\",\"Repo7\",IF($AK33=\"Repower_6\",\"Repo6\",IF(OR($H33=\"Class_8\",$L33=\"Class_8\"),\"Replacement8HHD\",IF($D33=\"Replacement\",IF($H33=\"Class_6\",\"Replacement6\",IF($H33=\"Class_7\",IF($I33=\"MHD\",\"Replacement7MHD\",\"Replacement7HHD\"),IF($H33=\"Class_8\",IF($I33=\"HHD\",\"Replacement8HHD\",\"Replacement8MHD\")))),))))))","v":0},{"$f":"IF($D33=\"Replacement\",IF($H33=\"Class_6\",\"Replacement_6\",IF($H33=\"Class_7\",\"Replacement_7\",IF($H33=\"Class_8\",\"Replacement_8\",null))),IF($D33=\"Repower\",IF($H33=\"Class_6\",\"Repower_6\",IF($H33=\"Class_7\",\"Repower_7\",IF($H33=\"Class_8\",\"Repower_8\",null))),IF($D33=\"2-for-1 Replace\",IF($L33=\"Class_6\",\"Replacement_6\",IF($L33=\"Class_7\",\"Replacement_7\",IF($L33=\"Class_8\",\"Replacement_8\",null))))))","v":false},{"$f":"IF($D33=\"Replacement\",IF(AND($H33=\"Class_6\",$B33 <> \"4+ Trucks\"),\"Small_Fleet_Replacement_6\",IF(AND($H33=\"Class_7\",$B33 <> \"4+ Trucks\"),\"Small_Fleet_Replacement_7\",IF(AND($H33=\"Class_8\",$B33 <> \"4+ Trucks\"),\"Small_Fleet_Replacement_8\",null))),IF($D33=\"Repower\",IF($H33=\"Class_6\",\"Repower_6\",IF($H33=\"Class_7\",\"Repower_7\",IF($H33=\"Class_8\",\"Repower_8\",null))),IF($D33=\"2-for-1 Replace\",IF($L33=\"Class_6\",\"Replacement_6\",IF($L33=\"Class_7\",\"Small_Fleet_Replacement_7\",IF($L33=\"Class_8\",\"Small_Fleet_Replacement_8\",null))))))","v":false},null,null,null,null,{"$f":"IF(AND($B33<>\"4+ Trucks\",$D33=\"Replacement\",$P33=\"Diesel\",OR($L33=\"Class_7\",$H33=\"CLass_7\"),$M33=\"New: 2015+\"),\"small fleet new class 7 diesel\",IF(AND($B33<>\"4+ Trucks\",$D33=\"Replacement\",OR($P33=\"Diesel\",$P33=\"LNG/CNG\",$P33=\"Hybrid\"),OR($H33=\"Class_7\",$L33=\"Class_7\"),$M33=\"Used: 2011+\"),\"small fleet used class 7 diesel\",IF(AND($B33<>\"4+ Trucks\",$D33=\"Replacement\",$P33=\"Diesel\",$L33=\"Class_8\",$M33=\"New: 2015+\"),\"small fleet new class 8 diesel\",IF(AND($B33<>\"4+ Trucks\",$D33=\"Replacement\",$P33=\"Diesel\",$L33=\"Class_6\"),\"small fleet class 6 diesel\",IF(AND($B33<>\"4+ Trucks\",$D33=\"Replacement\",OR($P33=\"Diesel\",$P33=\"LNG/CNG\",$P33=\"Hybrid\"),$L33=\"Class_8\",$M33=\"Used: 2011+\"),\"small fleet used class 8 diesel\",IF(AND($B33<>\"4+ Trucks\",$D33=\"Repower\",$P33=\"Diesel\",(OR($L33=\"Class_8\",$L33=\"Class_7\"))),\"small fleet repower class 7/8\",IF(AND($B33<>\"4+ Trucks\",$D33=\"Repower\",$P33=\"Diesel\",$L33=\"Class_6\"),\"small fleet repower class 6\",IF(AND($D33=\"Replacement\",$P33=\"Zero Emission\",(OR($L33=\"Class_8\",$L33=\"Class_7\"))),\"zero emission class 7/8\",IF(AND($D33=\"Replacement\",$P33=\"Hybrid Zero-Mile\",(OR($L33=\"Class_8\",$L33=\"Class_7\"))),\"hybrid zero mile class 7/8\",IF(AND($D33=\"Replacement\",$P33=\"Low NOx\",(OR($L33=\"Class_8\",$L33=\"Class_7\"))),\"low nox class 7/8\",IF(AND($D33=\"Replacement\",$P33=\"Hybrid\",(OR($L33=\"Class_8\",$L33=\"Class_7\"))),\"hybrid class 7/8\",IF(AND($D33=\"Replacement\",$P33=\"LNG/CNG\",(OR($L33=\"Class_8\",$L33=\"Class_7\"))),\"lng/cng class 7/8\",IF(AND($D33=\"Replacement\",$P33=\"Zero Emission\",$L33=\"Class_6\"),\"zero emission class 6\",IF(AND($D33=\"Replacement\",$P33=\"Hybrid Zero-Mile\",$L33=\"Class_6\"),\"hybrid zero mile class 6\",IF(AND($D33=\"Replacement\",$P33=\"Low NOx\",$L33=\"Class_6\"),\"low nox class 6\",IF(AND($D33=\"Replacement\",$P33=\"Hybrid\",$L33=\"Class_6\"),\"hybrid class 6\",IF(AND($D33=\"Replacement\",$P33=\"LNG/CNG\",$L33=\"Class_6\"),\"lng/cng class 6\",(IF(AND($P33=\"Diesel\", OR($L33=\"Class_6\", $AE33=\"Class_6\")),\"small fleet class 6 diesel\",IF(AND($P33=\"Diesel\",$M33=\"New: 2015+\", OR($L33=\"Class_7\", $AE33=\"Class_7\")),\"small fleet new class 7 diesel\",IF(AND($P33=\"Diesel\",$M33=\"Used: 2011+\", OR($L33=\"Class_7\", $AE33=\"Class_7\")),\"small fleet used class 7 diesel\",IF(AND($P33=\"Diesel\",$M33=\"New: 2015+\", OR($L33=\"Class_8\", $AE33=\"Class_8\")),\"small fleet new class 8 diesel\",IF(AND($P33=\"Diesel\",$M33=\"Used: 2011+\", OR($L33=\"Class_8\", $AE33=\"Class_8\")),\"small fleet used class 8 diesel\",(IF(AND($P33=\"LNG/CNG\", OR($L33=\"Class_6\", $AE33=\"Class_6\")),\"lng/cng class 6\",(IF(AND($P33=\"Hybrid\", OR($L33=\"Class_6\", $AE33=\"Class_6\")),\"hybrid class 6\",(IF(AND($P33=\"Low NOx\", OR($L33=\"Class_6\", $AE33=\"Class_6\")),\"low nox class 6\",(IF(AND($P33=\"Hybrid Zero-Mile\", OR($L33=\"Class_6\", $AE33=\"Class_6\")),\"hybrid zero mile class 6\",(IF(AND($P33=\"Zero Emission\", OR($L33=\"Class_6\", $AE33=\"Class_6\")),\"zero emission class 6\",(IF(AND($P33=\"LNG/CNG\", OR($L33=\"Class_7\", $AE33=\"Class_7\")),\"lng/cng class 7/8\",(IF(AND($P33=\"Hybrid\", OR($L33=\"Class_7\", $AE33=\"Class_7\")),\"hybrid class 7/8\",(IF(AND($P33=\"Low NOx\", OR($L33=\"Class_7\", $AE33=\"Class_7\")),\"low nox class 7/8\",(IF(AND($P33=\"Hybrid Zero-Mile\", OR($L33=\"Class_7\", $AE33=\"Class_7\")),\"hybrid zero mile class 7/8\",(IF(AND($P33=\"Zero Emission\", OR($L33=\"Class_7\", $AE33=\"Class_7\")),\"zero emission class 7/8\",(IF(AND($P33=\"LNG/CNG\", OR($L33=\"Class_8\", $AE33=\"Class_8\")),\"lng/cng class 7/8\",(IF(AND($P33=\"Hybrid\", OR($L33=\"Class_8\", $AE33=\"Class_8\")),\"hybrid class 7/8\",(IF(AND($P33=\"Low NOx\", OR($L33=\"Class_8\", $AE33=\"Class_8\")),\"low nox class 7/8\",(IF(AND($P33=\"Hybrid Zero-Mile\", OR($L33=\"Class_8\", $AE33=\"Class_8\")),\"hybrid zero mile class 7/8\",(IF(AND($P33=\"Zero Emission\", OR($L33=\"Class_8\", $AE33=\"Class_8\")),\"zero emission class 7/8\")))))))))))))))))))))))))))))))))))))))))))))))))))))","v":false}]
["project 30",null,null,null,null,null,null,{"$f":"IF($G34=\"33,001 +\",\"Class_8\",IF($G34=\"26,001-33,000\",\"Class_7\",IF($G34=\"19,501-26,000\",\"Class_6\",\"\")))","v":""},null,null,null,null,null,null,{"$f":"IF(H34=\"Class_6\",IF(T34=\"No\",MIN(IF((J34*K34)<10000,0,J34*K34),IF((J34*N34)<10000,0,J34*N34)),IF(MIN(Y34*Z34,Y34*N34)+MIN(J34*K34,J34*N34)>9999,MIN(J34*K34,J34*N34),0)),IF(T34=\"No\",MIN(IF((J34*K34)<20000,0,J34*K34),IF((J34*N34)<20000,0,J34*N34)),IF(MIN(Y34*Z34,Y34*N34)+MIN(J34*K34,J34*N34)>19999,MIN(J34*K34,J34*N34),0)))","v":0},null,null,"","No","No",null,null,null,{"$f":"IF($W34=\"33,001 +\",\"Class_8\",IF($W34=\"26,001-33,000\",\"Class_7\",IF($W34=\"19,501-26,000\",\"Class_6\",IF($W34=\"\",\"\"))))","v":""},null,null,0,{"$f":"IF($T34=\"Yes\",IF(COUNTA($U34:$AA34)=7,\"Complete\",\"Incomplete\"),\"N/A\")","v":"N/A"},{"$f":"IF($D34=\"2-for-1 Replace\",IF(OR(COUNTA(A34:AA34)=27,COUNTA(A34:AA34)=29),\"Complete\",\"Incomplete\"),IF(OR($D34=\"Replacement\",$D34=\"Repower\"),IF(COUNTA(A34:Q34)=17,\"Complete\",\"Incomplete\"),\"Incomplete\"))","v":"Incomplete"},null,{"$f":"IF(OR($H34=\"Class_8\",$X34=\"Class_8\"),\"Class_8\",IF(OR($H34=\"Class_7\",$X34=\"Class_7\"),\"Class_7\",IF(OR($H34=\"Class_6\",$X34=\"Class_6\"),\"Class_6\")))","v":false},false,{"$f":"IF($D34=\"Repower\",IF($H34=\"Class_7\",IF($M34=\"New: 2013+ HHD\",\"CL7HHD\",\"gas\")))","v":false},false,null,{"$f":"IF($D34=\"2-for-1 Replace\",\"Norestr\",IF($AK34=\"Repower_8\",\"Repo8\",IF($AK34=\"Repower_7\",\"Repo7\",IF($AK34=\"Repower_6\",\"Repo6\",IF(OR($H34=\"Class_8\",$L34=\"Class_8\"),\"Replacement8HHD\",IF($D34=\"Replacement\",IF($H34=\"Class_6\",\"Replacement6\",IF($H34=\"Class_7\",IF($I34=\"MHD\",\"Replacement7MHD\",\"Replacement7HHD\"),IF($H34=\"Class_8\",IF($I34=\"HHD\",\"Replacement8HHD\",\"Replacement8MHD\")))),))))))","v":0},{"$f":"IF($D34=\"Replacement\",IF($H34=\"Class_6\",\"Replacement_6\",IF($H34=\"Class_7\",\"Replacement_7\",IF($H34=\"Class_8\",\"Replacement_8\",null))),IF($D34=\"Repower\",IF($H34=\"Class_6\",\"Repower_6\",IF($H34=\"Class_7\",\"Repower_7\",IF($H34=\"Class_8\",\"Repower_8\",null))),IF($D34=\"2-for-1 Replace\",IF($L34=\"Class_6\",\"Replacement_6\",IF($L34=\"Class_7\",\"Replacement_7\",IF($L34=\"Class_8\",\"Replacement_8\",null))))))","v":false},{"$f":"IF($D34=\"Replacement\",IF(AND($H34=\"Class_6\",$B34 <> \"4+ Trucks\"),\"Small_Fleet_Replacement_6\",IF(AND($H34=\"Class_7\",$B34 <> \"4+ Trucks\"),\"Small_Fleet_Replacement_7\",IF(AND($H34=\"Class_8\",$B34 <> \"4+ Trucks\"),\"Small_Fleet_Replacement_8\",null))),IF($D34=\"Repower\",IF($H34=\"Class_6\",\"Repower_6\",IF($H34=\"Class_7\",\"Repower_7\",IF($H34=\"Class_8\",\"Repower_8\",null))),IF($D34=\"2-for-1 Replace\",IF($L34=\"Class_6\",\"Replacement_6\",IF($L34=\"Class_7\",\"Small_Fleet_Replacement_7\",IF($L34=\"Class_8\",\"Small_Fleet_Replacement_8\",null))))))","v":false},null,null,null,null,{"$f":"IF(AND($B34<>\"4+ Trucks\",$D34=\"Replacement\",$P34=\"Diesel\",OR($L34=\"Class_7\",$H34=\"CLass_7\"),$M34=\"New: 2015+\"),\"small fleet new class 7 diesel\",IF(AND($B34<>\"4+ Trucks\",$D34=\"Replacement\",OR($P34=\"Diesel\",$P34=\"LNG/CNG\",$P34=\"Hybrid\"),OR($H34=\"Class_7\",$L34=\"Class_7\"),$M34=\"Used: 2011+\"),\"small fleet used class 7 diesel\",IF(AND($B34<>\"4+ Trucks\",$D34=\"Replacement\",$P34=\"Diesel\",$L34=\"Class_8\",$M34=\"New: 2015+\"),\"small fleet new class 8 diesel\",IF(AND($B34<>\"4+ Trucks\",$D34=\"Replacement\",$P34=\"Diesel\",$L34=\"Class_6\"),\"small fleet class 6 diesel\",IF(AND($B34<>\"4+ Trucks\",$D34=\"Replacement\",OR($P34=\"Diesel\",$P34=\"LNG/CNG\",$P34=\"Hybrid\"),$L34=\"Class_8\",$M34=\"Used: 2011+\"),\"small fleet used class 8 diesel\",IF(AND($B34<>\"4+ Trucks\",$D34=\"Repower\",$P34=\"Diesel\",(OR($L34=\"Class_8\",$L34=\"Class_7\"))),\"small fleet repower class 7/8\",IF(AND($B34<>\"4+ Trucks\",$D34=\"Repower\",$P34=\"Diesel\",$L34=\"Class_6\"),\"small fleet repower class 6\",IF(AND($D34=\"Replacement\",$P34=\"Zero Emission\",(OR($L34=\"Class_8\",$L34=\"Class_7\"))),\"zero emission class 7/8\",IF(AND($D34=\"Replacement\",$P34=\"Hybrid Zero-Mile\",(OR($L34=\"Class_8\",$L34=\"Class_7\"))),\"hybrid zero mile class 7/8\",IF(AND($D34=\"Replacement\",$P34=\"Low NOx\",(OR($L34=\"Class_8\",$L34=\"Class_7\"))),\"low nox class 7/8\",IF(AND($D34=\"Replacement\",$P34=\"Hybrid\",(OR($L34=\"Class_8\",$L34=\"Class_7\"))),\"hybrid class 7/8\",IF(AND($D34=\"Replacement\",$P34=\"LNG/CNG\",(OR($L34=\"Class_8\",$L34=\"Class_7\"))),\"lng/cng class 7/8\",IF(AND($D34=\"Replacement\",$P34=\"Zero Emission\",$L34=\"Class_6\"),\"zero emission class 6\",IF(AND($D34=\"Replacement\",$P34=\"Hybrid Zero-Mile\",$L34=\"Class_6\"),\"hybrid zero mile class 6\",IF(AND($D34=\"Replacement\",$P34=\"Low NOx\",$L34=\"Class_6\"),\"low nox class 6\",IF(AND($D34=\"Replacement\",$P34=\"Hybrid\",$L34=\"Class_6\"),\"hybrid class 6\",IF(AND($D34=\"Replacement\",$P34=\"LNG/CNG\",$L34=\"Class_6\"),\"lng/cng class 6\",(IF(AND($P34=\"Diesel\", OR($L34=\"Class_6\", $AE34=\"Class_6\")),\"small fleet class 6 diesel\",IF(AND($P34=\"Diesel\",$M34=\"New: 2015+\", OR($L34=\"Class_7\", $AE34=\"Class_7\")),\"small fleet new class 7 diesel\",IF(AND($P34=\"Diesel\",$M34=\"Used: 2011+\", OR($L34=\"Class_7\", $AE34=\"Class_7\")),\"small fleet used class 7 diesel\",IF(AND($P34=\"Diesel\",$M34=\"New: 2015+\", OR($L34=\"Class_8\", $AE34=\"Class_8\")),\"small fleet new class 8 diesel\",IF(AND($P34=\"Diesel\",$M34=\"Used: 2011+\", OR($L34=\"Class_8\", $AE34=\"Class_8\")),\"small fleet used class 8 diesel\",(IF(AND($P34=\"LNG/CNG\", OR($L34=\"Class_6\", $AE34=\"Class_6\")),\"lng/cng class 6\",(IF(AND($P34=\"Hybrid\", OR($L34=\"Class_6\", $AE34=\"Class_6\")),\"hybrid class 6\",(IF(AND($P34=\"Low NOx\", OR($L34=\"Class_6\", $AE34=\"Class_6\")),\"low nox class 6\",(IF(AND($P34=\"Hybrid Zero-Mile\", OR($L34=\"Class_6\", $AE34=\"Class_6\")),\"hybrid zero mile class 6\",(IF(AND($P34=\"Zero Emission\", OR($L34=\"Class_6\", $AE34=\"Class_6\")),\"zero emission class 6\",(IF(AND($P34=\"LNG/CNG\", OR($L34=\"Class_7\", $AE34=\"Class_7\")),\"lng/cng class 7/8\",(IF(AND($P34=\"Hybrid\", OR($L34=\"Class_7\", $AE34=\"Class_7\")),\"hybrid class 7/8\",(IF(AND($P34=\"Low NOx\", OR($L34=\"Class_7\", $AE34=\"Class_7\")),\"low nox class 7/8\",(IF(AND($P34=\"Hybrid Zero-Mile\", OR($L34=\"Class_7\", $AE34=\"Class_7\")),\"hybrid zero mile class 7/8\",(IF(AND($P34=\"Zero Emission\", OR($L34=\"Class_7\", $AE34=\"Class_7\")),\"zero emission class 7/8\",(IF(AND($P34=\"LNG/CNG\", OR($L34=\"Class_8\", $AE34=\"Class_8\")),\"lng/cng class 7/8\",(IF(AND($P34=\"Hybrid\", OR($L34=\"Class_8\", $AE34=\"Class_8\")),\"hybrid class 7/8\",(IF(AND($P34=\"Low NOx\", OR($L34=\"Class_8\", $AE34=\"Class_8\")),\"low nox class 7/8\",(IF(AND($P34=\"Hybrid Zero-Mile\", OR($L34=\"Class_8\", $AE34=\"Class_8\")),\"hybrid zero mile class 7/8\",(IF(AND($P34=\"Zero Emission\", OR($L34=\"Class_8\", $AE34=\"Class_8\")),\"zero emission class 7/8\")))))))))))))))))))))))))))))))))))))))))))))))))))))","v":false}]
["project 31",null,null,null,null,null,null,{"$f":"IF($G35=\"33,001 +\",\"Class_8\",IF($G35=\"26,001-33,000\",\"Class_7\",IF($G35=\"19,501-26,000\",\"Class_6\",\"\")))","v":""},null,null,null,null,null,null,{"$f":"IF(H35=\"Class_6\",IF(T35=\"No\",MIN(IF((J35*K35)<10000,0,J35*K35),IF((J35*N35)<10000,0,J35*N35)),IF(MIN(Y35*Z35,Y35*N35)+MIN(J35*K35,J35*N35)>9999,MIN(J35*K35,J35*N35),0)),IF(T35=\"No\",MIN(IF((J35*K35)<20000,0,J35*K35),IF((J35*N35)<20000,0,J35*N35)),IF(MIN(Y35*Z35,Y35*N35)+MIN(J35*K35,J35*N35)>19999,MIN(J35*K35,J35*N35),0)))","v":0},null,null,"","No","No",null,null,null,{"$f":"IF($W35=\"33,001 +\",\"Class_8\",IF($W35=\"26,001-33,000\",\"Class_7\",IF($W35=\"19,501-26,000\",\"Class_6\",IF($W35=\"\",\"\"))))","v":""},null,null,0,{"$f":"IF($T35=\"Yes\",IF(COUNTA($U35:$AA35)=7,\"Complete\",\"Incomplete\"),\"N/A\")","v":"N/A"},{"$f":"IF($D35=\"2-for-1 Replace\",IF(OR(COUNTA(A35:AA35)=27,COUNTA(A35:AA35)=29),\"Complete\",\"Incomplete\"),IF(OR($D35=\"Replacement\",$D35=\"Repower\"),IF(COUNTA(A35:Q35)=17,\"Complete\",\"Incomplete\"),\"Incomplete\"))","v":"Incomplete"},null,{"$f":"IF(OR($H35=\"Class_8\",$X35=\"Class_8\"),\"Class_8\",IF(OR($H35=\"Class_7\",$X35=\"Class_7\"),\"Class_7\",IF(OR($H35=\"Class_6\",$X35=\"Class_6\"),\"Class_6\")))","v":false},false,{"$f":"IF($D35=\"Repower\",IF($H35=\"Class_7\",IF($M35=\"New: 2013+ HHD\",\"CL7HHD\",\"gas\")))","v":false},false,null,{"$f":"IF($D35=\"2-for-1 Replace\",\"Norestr\",IF($AK35=\"Repower_8\",\"Repo8\",IF($AK35=\"Repower_7\",\"Repo7\",IF($AK35=\"Repower_6\",\"Repo6\",IF(OR($H35=\"Class_8\",$L35=\"Class_8\"),\"Replacement8HHD\",IF($D35=\"Replacement\",IF($H35=\"Class_6\",\"Replacement6\",IF($H35=\"Class_7\",IF($I35=\"MHD\",\"Replacement7MHD\",\"Replacement7HHD\"),IF($H35=\"Class_8\",IF($I35=\"HHD\",\"Replacement8HHD\",\"Replacement8MHD\")))),))))))","v":0},{"$f":"IF($D35=\"Replacement\",IF($H35=\"Class_6\",\"Replacement_6\",IF($H35=\"Class_7\",\"Replacement_7\",IF($H35=\"Class_8\",\"Replacement_8\",null))),IF($D35=\"Repower\",IF($H35=\"Class_6\",\"Repower_6\",IF($H35=\"Class_7\",\"Repower_7\",IF($H35=\"Class_8\",\"Repower_8\",null))),IF($D35=\"2-for-1 Replace\",IF($L35=\"Class_6\",\"Replacement_6\",IF($L35=\"Class_7\",\"Replacement_7\",IF($L35=\"Class_8\",\"Replacement_8\",null))))))","v":false},{"$f":"IF($D35=\"Replacement\",IF(AND($H35=\"Class_6\",$B35 <> \"4+ Trucks\"),\"Small_Fleet_Replacement_6\",IF(AND($H35=\"Class_7\",$B35 <> \"4+ Trucks\"),\"Small_Fleet_Replacement_7\",IF(AND($H35=\"Class_8\",$B35 <> \"4+ Trucks\"),\"Small_Fleet_Replacement_8\",null))),IF($D35=\"Repower\",IF($H35=\"Class_6\",\"Repower_6\",IF($H35=\"Class_7\",\"Repower_7\",IF($H35=\"Class_8\",\"Repower_8\",null))),IF($D35=\"2-for-1 Replace\",IF($L35=\"Class_6\",\"Replacement_6\",IF($L35=\"Class_7\",\"Small_Fleet_Replacement_7\",IF($L35=\"Class_8\",\"Small_Fleet_Replacement_8\",null))))))","v":false},null,null,null,null,{"$f":"IF(AND($B35<>\"4+ Trucks\",$D35=\"Replacement\",$P35=\"Diesel\",OR($L35=\"Class_7\",$H35=\"CLass_7\"),$M35=\"New: 2015+\"),\"small fleet new class 7 diesel\",IF(AND($B35<>\"4+ Trucks\",$D35=\"Replacement\",OR($P35=\"Diesel\",$P35=\"LNG/CNG\",$P35=\"Hybrid\"),OR($H35=\"Class_7\",$L35=\"Class_7\"),$M35=\"Used: 2011+\"),\"small fleet used class 7 diesel\",IF(AND($B35<>\"4+ Trucks\",$D35=\"Replacement\",$P35=\"Diesel\",$L35=\"Class_8\",$M35=\"New: 2015+\"),\"small fleet new class 8 diesel\",IF(AND($B35<>\"4+ Trucks\",$D35=\"Replacement\",$P35=\"Diesel\",$L35=\"Class_6\"),\"small fleet class 6 diesel\",IF(AND($B35<>\"4+ Trucks\",$D35=\"Replacement\",OR($P35=\"Diesel\",$P35=\"LNG/CNG\",$P35=\"Hybrid\"),$L35=\"Class_8\",$M35=\"Used: 2011+\"),\"small fleet used class 8 diesel\",IF(AND($B35<>\"4+ Trucks\",$D35=\"Repower\",$P35=\"Diesel\",(OR($L35=\"Class_8\",$L35=\"Class_7\"))),\"small fleet repower class 7/8\",IF(AND($B35<>\"4+ Trucks\",$D35=\"Repower\",$P35=\"Diesel\",$L35=\"Class_6\"),\"small fleet repower class 6\",IF(AND($D35=\"Replacement\",$P35=\"Zero Emission\",(OR($L35=\"Class_8\",$L35=\"Class_7\"))),\"zero emission class 7/8\",IF(AND($D35=\"Replacement\",$P35=\"Hybrid Zero-Mile\",(OR($L35=\"Class_8\",$L35=\"Class_7\"))),\"hybrid zero mile class 7/8\",IF(AND($D35=\"Replacement\",$P35=\"Low NOx\",(OR($L35=\"Class_8\",$L35=\"Class_7\"))),\"low nox class 7/8\",IF(AND($D35=\"Replacement\",$P35=\"Hybrid\",(OR($L35=\"Class_8\",$L35=\"Class_7\"))),\"hybrid class 7/8\",IF(AND($D35=\"Replacement\",$P35=\"LNG/CNG\",(OR($L35=\"Class_8\",$L35=\"Class_7\"))),\"lng/cng class 7/8\",IF(AND($D35=\"Replacement\",$P35=\"Zero Emission\",$L35=\"Class_6\"),\"zero emission class 6\",IF(AND($D35=\"Replacement\",$P35=\"Hybrid Zero-Mile\",$L35=\"Class_6\"),\"hybrid zero mile class 6\",IF(AND($D35=\"Replacement\",$P35=\"Low NOx\",$L35=\"Class_6\"),\"low nox class 6\",IF(AND($D35=\"Replacement\",$P35=\"Hybrid\",$L35=\"Class_6\"),\"hybrid class 6\",IF(AND($D35=\"Replacement\",$P35=\"LNG/CNG\",$L35=\"Class_6\"),\"lng/cng class 6\",(IF(AND($P35=\"Diesel\", OR($L35=\"Class_6\", $AE35=\"Class_6\")),\"small fleet class 6 diesel\",IF(AND($P35=\"Diesel\",$M35=\"New: 2015+\", OR($L35=\"Class_7\", $AE35=\"Class_7\")),\"small fleet new class 7 diesel\",IF(AND($P35=\"Diesel\",$M35=\"Used: 2011+\", OR($L35=\"Class_7\", $AE35=\"Class_7\")),\"small fleet used class 7 diesel\",IF(AND($P35=\"Diesel\",$M35=\"New: 2015+\", OR($L35=\"Class_8\", $AE35=\"Class_8\")),\"small fleet new class 8 diesel\",IF(AND($P35=\"Diesel\",$M35=\"Used: 2011+\", OR($L35=\"Class_8\", $AE35=\"Class_8\")),\"small fleet used class 8 diesel\",(IF(AND($P35=\"LNG/CNG\", OR($L35=\"Class_6\", $AE35=\"Class_6\")),\"lng/cng class 6\",(IF(AND($P35=\"Hybrid\", OR($L35=\"Class_6\", $AE35=\"Class_6\")),\"hybrid class 6\",(IF(AND($P35=\"Low NOx\", OR($L35=\"Class_6\", $AE35=\"Class_6\")),\"low nox class 6\",(IF(AND($P35=\"Hybrid Zero-Mile\", OR($L35=\"Class_6\", $AE35=\"Class_6\")),\"hybrid zero mile class 6\",(IF(AND($P35=\"Zero Emission\", OR($L35=\"Class_6\", $AE35=\"Class_6\")),\"zero emission class 6\",(IF(AND($P35=\"LNG/CNG\", OR($L35=\"Class_7\", $AE35=\"Class_7\")),\"lng/cng class 7/8\",(IF(AND($P35=\"Hybrid\", OR($L35=\"Class_7\", $AE35=\"Class_7\")),\"hybrid class 7/8\",(IF(AND($P35=\"Low NOx\", OR($L35=\"Class_7\", $AE35=\"Class_7\")),\"low nox class 7/8\",(IF(AND($P35=\"Hybrid Zero-Mile\", OR($L35=\"Class_7\", $AE35=\"Class_7\")),\"hybrid zero mile class 7/8\",(IF(AND($P35=\"Zero Emission\", OR($L35=\"Class_7\", $AE35=\"Class_7\")),\"zero emission class 7/8\",(IF(AND($P35=\"LNG/CNG\", OR($L35=\"Class_8\", $AE35=\"Class_8\")),\"lng/cng class 7/8\",(IF(AND($P35=\"Hybrid\", OR($L35=\"Class_8\", $AE35=\"Class_8\")),\"hybrid class 7/8\",(IF(AND($P35=\"Low NOx\", OR($L35=\"Class_8\", $AE35=\"Class_8\")),\"low nox class 7/8\",(IF(AND($P35=\"Hybrid Zero-Mile\", OR($L35=\"Class_8\", $AE35=\"Class_8\")),\"hybrid zero mile class 7/8\",(IF(AND($P35=\"Zero Emission\", OR($L35=\"Class_8\", $AE35=\"Class_8\")),\"zero emission class 7/8\")))))))))))))))))))))))))))))))))))))))))))))))))))))","v":false}]
["project 32",null,null,null,null,null,null,{"$f":"IF($G36=\"33,001 +\",\"Class_8\",IF($G36=\"26,001-33,000\",\"Class_7\",IF($G36=\"19,501-26,000\",\"Class_6\",\"\")))","v":""},null,null,null,null,null,null,{"$f":"IF(H36=\"Class_6\",IF(T36=\"No\",MIN(IF((J36*K36)<10000,0,J36*K36),IF((J36*N36)<10000,0,J36*N36)),IF(MIN(Y36*Z36,Y36*N36)+MIN(J36*K36,J36*N36)>9999,MIN(J36*K36,J36*N36),0)),IF(T36=\"No\",MIN(IF((J36*K36)<20000,0,J36*K36),IF((J36*N36)<20000,0,J36*N36)),IF(MIN(Y36*Z36,Y36*N36)+MIN(J36*K36,J36*N36)>19999,MIN(J36*K36,J36*N36),0)))","v":0},null,null,"","No","No",null,null,null,{"$f":"IF($W36=\"33,001 +\",\"Class_8\",IF($W36=\"26,001-33,000\",\"Class_7\",IF($W36=\"19,501-26,000\",\"Class_6\",IF($W36=\"\",\"\"))))","v":""},null,null,0,{"$f":"IF($T36=\"Yes\",IF(COUNTA($U36:$AA36)=7,\"Complete\",\"Incomplete\"),\"N/A\")","v":"N/A"},{"$f":"IF($D36=\"2-for-1 Replace\",IF(OR(COUNTA(A36:AA36)=27,COUNTA(A36:AA36)=29),\"Complete\",\"Incomplete\"),IF(OR($D36=\"Replacement\",$D36=\"Repower\"),IF(COUNTA(A36:Q36)=17,\"Complete\",\"Incomplete\"),\"Incomplete\"))","v":"Incomplete"},null,{"$f":"IF(OR($H36=\"Class_8\",$X36=\"Class_8\"),\"Class_8\",IF(OR($H36=\"Class_7\",$X36=\"Class_7\"),\"Class_7\",IF(OR($H36=\"Class_6\",$X36=\"Class_6\"),\"Class_6\")))","v":false},false,{"$f":"IF($D36=\"Repower\",IF($H36=\"Class_7\",IF($M36=\"New: 2013+ HHD\",\"CL7HHD\",\"gas\")))","v":false},false,null,{"$f":"IF($D36=\"2-for-1 Replace\",\"Norestr\",IF($AK36=\"Repower_8\",\"Repo8\",IF($AK36=\"Repower_7\",\"Repo7\",IF($AK36=\"Repower_6\",\"Repo6\",IF(OR($H36=\"Class_8\",$L36=\"Class_8\"),\"Replacement8HHD\",IF($D36=\"Replacement\",IF($H36=\"Class_6\",\"Replacement6\",IF($H36=\"Class_7\",IF($I36=\"MHD\",\"Replacement7MHD\",\"Replacement7HHD\"),IF($H36=\"Class_8\",IF($I36=\"HHD\",\"Replacement8HHD\",\"Replacement8MHD\")))),))))))","v":0},{"$f":"IF($D36=\"Replacement\",IF($H36=\"Class_6\",\"Replacement_6\",IF($H36=\"Class_7\",\"Replacement_7\",IF($H36=\"Class_8\",\"Replacement_8\",null))),IF($D36=\"Repower\",IF($H36=\"Class_6\",\"Repower_6\",IF($H36=\"Class_7\",\"Repower_7\",IF($H36=\"Class_8\",\"Repower_8\",null))),IF($D36=\"2-for-1 Replace\",IF($L36=\"Class_6\",\"Replacement_6\",IF($L36=\"Class_7\",\"Replacement_7\",IF($L36=\"Class_8\",\"Replacement_8\",null))))))","v":false},{"$f":"IF($D36=\"Replacement\",IF(AND($H36=\"Class_6\",$B36 <> \"4+ Trucks\"),\"Small_Fleet_Replacement_6\",IF(AND($H36=\"Class_7\",$B36 <> \"4+ Trucks\"),\"Small_Fleet_Replacement_7\",IF(AND($H36=\"Class_8\",$B36 <> \"4+ Trucks\"),\"Small_Fleet_Replacement_8\",null))),IF($D36=\"Repower\",IF($H36=\"Class_6\",\"Repower_6\",IF($H36=\"Class_7\",\"Repower_7\",IF($H36=\"Class_8\",\"Repower_8\",null))),IF($D36=\"2-for-1 Replace\",IF($L36=\"Class_6\",\"Replacement_6\",IF($L36=\"Class_7\",\"Small_Fleet_Replacement_7\",IF($L36=\"Class_8\",\"Small_Fleet_Replacement_8\",null))))))","v":false},null,null,null,null,{"$f":"IF(AND($B36<>\"4+ Trucks\",$D36=\"Replacement\",$P36=\"Diesel\",OR($L36=\"Class_7\",$H36=\"CLass_7\"),$M36=\"New: 2015+\"),\"small fleet new class 7 diesel\",IF(AND($B36<>\"4+ Trucks\",$D36=\"Replacement\",OR($P36=\"Diesel\",$P36=\"LNG/CNG\",$P36=\"Hybrid\"),OR($H36=\"Class_7\",$L36=\"Class_7\"),$M36=\"Used: 2011+\"),\"small fleet used class 7 diesel\",IF(AND($B36<>\"4+ Trucks\",$D36=\"Replacement\",$P36=\"Diesel\",$L36=\"Class_8\",$M36=\"New: 2015+\"),\"small fleet new class 8 diesel\",IF(AND($B36<>\"4+ Trucks\",$D36=\"Replacement\",$P36=\"Diesel\",$L36=\"Class_6\"),\"small fleet class 6 diesel\",IF(AND($B36<>\"4+ Trucks\",$D36=\"Replacement\",OR($P36=\"Diesel\",$P36=\"LNG/CNG\",$P36=\"Hybrid\"),$L36=\"Class_8\",$M36=\"Used: 2011+\"),\"small fleet used class 8 diesel\",IF(AND($B36<>\"4+ Trucks\",$D36=\"Repower\",$P36=\"Diesel\",(OR($L36=\"Class_8\",$L36=\"Class_7\"))),\"small fleet repower class 7/8\",IF(AND($B36<>\"4+ Trucks\",$D36=\"Repower\",$P36=\"Diesel\",$L36=\"Class_6\"),\"small fleet repower class 6\",IF(AND($D36=\"Replacement\",$P36=\"Zero Emission\",(OR($L36=\"Class_8\",$L36=\"Class_7\"))),\"zero emission class 7/8\",IF(AND($D36=\"Replacement\",$P36=\"Hybrid Zero-Mile\",(OR($L36=\"Class_8\",$L36=\"Class_7\"))),\"hybrid zero mile class 7/8\",IF(AND($D36=\"Replacement\",$P36=\"Low NOx\",(OR($L36=\"Class_8\",$L36=\"Class_7\"))),\"low nox class 7/8\",IF(AND($D36=\"Replacement\",$P36=\"Hybrid\",(OR($L36=\"Class_8\",$L36=\"Class_7\"))),\"hybrid class 7/8\",IF(AND($D36=\"Replacement\",$P36=\"LNG/CNG\",(OR($L36=\"Class_8\",$L36=\"Class_7\"))),\"lng/cng class 7/8\",IF(AND($D36=\"Replacement\",$P36=\"Zero Emission\",$L36=\"Class_6\"),\"zero emission class 6\",IF(AND($D36=\"Replacement\",$P36=\"Hybrid Zero-Mile\",$L36=\"Class_6\"),\"hybrid zero mile class 6\",IF(AND($D36=\"Replacement\",$P36=\"Low NOx\",$L36=\"Class_6\"),\"low nox class 6\",IF(AND($D36=\"Replacement\",$P36=\"Hybrid\",$L36=\"Class_6\"),\"hybrid class 6\",IF(AND($D36=\"Replacement\",$P36=\"LNG/CNG\",$L36=\"Class_6\"),\"lng/cng class 6\",(IF(AND($P36=\"Diesel\", OR($L36=\"Class_6\", $AE36=\"Class_6\")),\"small fleet class 6 diesel\",IF(AND($P36=\"Diesel\",$M36=\"New: 2015+\", OR($L36=\"Class_7\", $AE36=\"Class_7\")),\"small fleet new class 7 diesel\",IF(AND($P36=\"Diesel\",$M36=\"Used: 2011+\", OR($L36=\"Class_7\", $AE36=\"Class_7\")),\"small fleet used class 7 diesel\",IF(AND($P36=\"Diesel\",$M36=\"New: 2015+\", OR($L36=\"Class_8\", $AE36=\"Class_8\")),\"small fleet new class 8 diesel\",IF(AND($P36=\"Diesel\",$M36=\"Used: 2011+\", OR($L36=\"Class_8\", $AE36=\"Class_8\")),\"small fleet used class 8 diesel\",(IF(AND($P36=\"LNG/CNG\", OR($L36=\"Class_6\", $AE36=\"Class_6\")),\"lng/cng class 6\",(IF(AND($P36=\"Hybrid\", OR($L36=\"Class_6\", $AE36=\"Class_6\")),\"hybrid class 6\",(IF(AND($P36=\"Low NOx\", OR($L36=\"Class_6\", $AE36=\"Class_6\")),\"low nox class 6\",(IF(AND($P36=\"Hybrid Zero-Mile\", OR($L36=\"Class_6\", $AE36=\"Class_6\")),\"hybrid zero mile class 6\",(IF(AND($P36=\"Zero Emission\", OR($L36=\"Class_6\", $AE36=\"Class_6\")),\"zero emission class 6\",(IF(AND($P36=\"LNG/CNG\", OR($L36=\"Class_7\", $AE36=\"Class_7\")),\"lng/cng class 7/8\",(IF(AND($P36=\"Hybrid\", OR($L36=\"Class_7\", $AE36=\"Class_7\")),\"hybrid class 7/8\",(IF(AND($P36=\"Low NOx\", OR($L36=\"Class_7\", $AE36=\"Class_7\")),\"low nox class 7/8\",(IF(AND($P36=\"Hybrid Zero-Mile\", OR($L36=\"Class_7\", $AE36=\"Class_7\")),\"hybrid zero mile class 7/8\",(IF(AND($P36=\"Zero Emission\", OR($L36=\"Class_7\", $AE36=\"Class_7\")),\"zero emission class 7/8\",(IF(AND($P36=\"LNG/CNG\", OR($L36=\"Class_8\", $AE36=\"Class_8\")),\"lng/cng class 7/8\",(IF(AND($P36=\"Hybrid\", OR($L36=\"Class_8\", $AE36=\"Class_8\")),\"hybrid class 7/8\",(IF(AND($P36=\"Low NOx\", OR($L36=\"Class_8\", $AE36=\"Class_8\")),\"low nox class 7/8\",(IF(AND($P36=\"Hybrid Zero-Mile\", OR($L36=\"Class_8\", $AE36=\"Class_8\")),\"hybrid zero mile class 7/8\",(IF(AND($P36=\"Zero Emission\", OR($L36=\"Class_8\", $AE36=\"Class_8\")),\"zero emission class 7/8\")))))))))))))))))))))))))))))))))))))))))))))))))))))","v":false}]
["project 33",null,null,null,null,null,null,{"$f":"IF($G37=\"33,001 +\",\"Class_8\",IF($G37=\"26,001-33,000\",\"Class_7\",IF($G37=\"19,501-26,000\",\"Class_6\",\"\")))","v":""},null,null,null,null,null,null,{"$f":"IF(H37=\"Class_6\",IF(T37=\"No\",MIN(IF((J37*K37)<10000,0,J37*K37),IF((J37*N37)<10000,0,J37*N37)),IF(MIN(Y37*Z37,Y37*N37)+MIN(J37*K37,J37*N37)>9999,MIN(J37*K37,J37*N37),0)),IF(T37=\"No\",MIN(IF((J37*K37)<20000,0,J37*K37),IF((J37*N37)<20000,0,J37*N37)),IF(MIN(Y37*Z37,Y37*N37)+MIN(J37*K37,J37*N37)>19999,MIN(J37*K37,J37*N37),0)))","v":0},null,null,"","No","No",null,null,null,{"$f":"IF($W37=\"33,001 +\",\"Class_8\",IF($W37=\"26,001-33,000\",\"Class_7\",IF($W37=\"19,501-26,000\",\"Class_6\",IF($W37=\"\",\"\"))))","v":""},null,null,0,{"$f":"IF($T37=\"Yes\",IF(COUNTA($U37:$AA37)=7,\"Complete\",\"Incomplete\"),\"N/A\")","v":"N/A"},{"$f":"IF($D37=\"2-for-1 Replace\",IF(OR(COUNTA(A37:AA37)=27,COUNTA(A37:AA37)=29),\"Complete\",\"Incomplete\"),IF(OR($D37=\"Replacement\",$D37=\"Repower\"),IF(COUNTA(A37:Q37)=17,\"Complete\",\"Incomplete\"),\"Incomplete\"))","v":"Incomplete"},null,{"$f":"IF(OR($H37=\"Class_8\",$X37=\"Class_8\"),\"Class_8\",IF(OR($H37=\"Class_7\",$X37=\"Class_7\"),\"Class_7\",IF(OR($H37=\"Class_6\",$X37=\"Class_6\"),\"Class_6\")))","v":false},false,{"$f":"IF($D37=\"Repower\",IF($H37=\"Class_7\",IF($M37=\"New: 2013+ HHD\",\"CL7HHD\",\"gas\")))","v":false},false,null,{"$f":"IF($D37=\"2-for-1 Replace\",\"Norestr\",IF($AK37=\"Repower_8\",\"Repo8\",IF($AK37=\"Repower_7\",\"Repo7\",IF($AK37=\"Repower_6\",\"Repo6\",IF(OR($H37=\"Class_8\",$L37=\"Class_8\"),\"Replacement8HHD\",IF($D37=\"Replacement\",IF($H37=\"Class_6\",\"Replacement6\",IF($H37=\"Class_7\",IF($I37=\"MHD\",\"Replacement7MHD\",\"Replacement7HHD\"),IF($H37=\"Class_8\",IF($I37=\"HHD\",\"Replacement8HHD\",\"Replacement8MHD\")))),))))))","v":0},{"$f":"IF($D37=\"Replacement\",IF($H37=\"Class_6\",\"Replacement_6\",IF($H37=\"Class_7\",\"Replacement_7\",IF($H37=\"Class_8\",\"Replacement_8\",null))),IF($D37=\"Repower\",IF($H37=\"Class_6\",\"Repower_6\",IF($H37=\"Class_7\",\"Repower_7\",IF($H37=\"Class_8\",\"Repower_8\",null))),IF($D37=\"2-for-1 Replace\",IF($L37=\"Class_6\",\"Replacement_6\",IF($L37=\"Class_7\",\"Replacement_7\",IF($L37=\"Class_8\",\"Replacement_8\",null))))))","v":false},{"$f":"IF($D37=\"Replacement\",IF(AND($H37=\"Class_6\",$B37 <> \"4+ Trucks\"),\"Small_Fleet_Replacement_6\",IF(AND($H37=\"Class_7\",$B37 <> \"4+ Trucks\"),\"Small_Fleet_Replacement_7\",IF(AND($H37=\"Class_8\",$B37 <> \"4+ Trucks\"),\"Small_Fleet_Replacement_8\",null))),IF($D37=\"Repower\",IF($H37=\"Class_6\",\"Repower_6\",IF($H37=\"Class_7\",\"Repower_7\",IF($H37=\"Class_8\",\"Repower_8\",null))),IF($D37=\"2-for-1 Replace\",IF($L37=\"Class_6\",\"Replacement_6\",IF($L37=\"Class_7\",\"Small_Fleet_Replacement_7\",IF($L37=\"Class_8\",\"Small_Fleet_Replacement_8\",null))))))","v":false},null,null,null,null,{"$f":"IF(AND($B37<>\"4+ Trucks\",$D37=\"Replacement\",$P37=\"Diesel\",OR($L37=\"Class_7\",$H37=\"CLass_7\"),$M37=\"New: 2015+\"),\"small fleet new class 7 diesel\",IF(AND($B37<>\"4+ Trucks\",$D37=\"Replacement\",OR($P37=\"Diesel\",$P37=\"LNG/CNG\",$P37=\"Hybrid\"),OR($H37=\"Class_7\",$L37=\"Class_7\"),$M37=\"Used: 2011+\"),\"small fleet used class 7 diesel\",IF(AND($B37<>\"4+ Trucks\",$D37=\"Replacement\",$P37=\"Diesel\",$L37=\"Class_8\",$M37=\"New: 2015+\"),\"small fleet new class 8 diesel\",IF(AND($B37<>\"4+ Trucks\",$D37=\"Replacement\",$P37=\"Diesel\",$L37=\"Class_6\"),\"small fleet class 6 diesel\",IF(AND($B37<>\"4+ Trucks\",$D37=\"Replacement\",OR($P37=\"Diesel\",$P37=\"LNG/CNG\",$P37=\"Hybrid\"),$L37=\"Class_8\",$M37=\"Used: 2011+\"),\"small fleet used class 8 diesel\",IF(AND($B37<>\"4+ Trucks\",$D37=\"Repower\",$P37=\"Diesel\",(OR($L37=\"Class_8\",$L37=\"Class_7\"))),\"small fleet repower class 7/8\",IF(AND($B37<>\"4+ Trucks\",$D37=\"Repower\",$P37=\"Diesel\",$L37=\"Class_6\"),\"small fleet repower class 6\",IF(AND($D37=\"Replacement\",$P37=\"Zero Emission\",(OR($L37=\"Class_8\",$L37=\"Class_7\"))),\"zero emission class 7/8\",IF(AND($D37=\"Replacement\",$P37=\"Hybrid Zero-Mile\",(OR($L37=\"Class_8\",$L37=\"Class_7\"))),\"hybrid zero mile class 7/8\",IF(AND($D37=\"Replacement\",$P37=\"Low NOx\",(OR($L37=\"Class_8\",$L37=\"Class_7\"))),\"low nox class 7/8\",IF(AND($D37=\"Replacement\",$P37=\"Hybrid\",(OR($L37=\"Class_8\",$L37=\"Class_7\"))),\"hybrid class 7/8\",IF(AND($D37=\"Replacement\",$P37=\"LNG/CNG\",(OR($L37=\"Class_8\",$L37=\"Class_7\"))),\"lng/cng class 7/8\",IF(AND($D37=\"Replacement\",$P37=\"Zero Emission\",$L37=\"Class_6\"),\"zero emission class 6\",IF(AND($D37=\"Replacement\",$P37=\"Hybrid Zero-Mile\",$L37=\"Class_6\"),\"hybrid zero mile class 6\",IF(AND($D37=\"Replacement\",$P37=\"Low NOx\",$L37=\"Class_6\"),\"low nox class 6\",IF(AND($D37=\"Replacement\",$P37=\"Hybrid\",$L37=\"Class_6\"),\"hybrid class 6\",IF(AND($D37=\"Replacement\",$P37=\"LNG/CNG\",$L37=\"Class_6\"),\"lng/cng class 6\",(IF(AND($P37=\"Diesel\", OR($L37=\"Class_6\", $AE37=\"Class_6\")),\"small fleet class 6 diesel\",IF(AND($P37=\"Diesel\",$M37=\"New: 2015+\", OR($L37=\"Class_7\", $AE37=\"Class_7\")),\"small fleet new class 7 diesel\",IF(AND($P37=\"Diesel\",$M37=\"Used: 2011+\", OR($L37=\"Class_7\", $AE37=\"Class_7\")),\"small fleet used class 7 diesel\",IF(AND($P37=\"Diesel\",$M37=\"New: 2015+\", OR($L37=\"Class_8\", $AE37=\"Class_8\")),\"small fleet new class 8 diesel\",IF(AND($P37=\"Diesel\",$M37=\"Used: 2011+\", OR($L37=\"Class_8\", $AE37=\"Class_8\")),\"small fleet used class 8 diesel\",(IF(AND($P37=\"LNG/CNG\", OR($L37=\"Class_6\", $AE37=\"Class_6\")),\"lng/cng class 6\",(IF(AND($P37=\"Hybrid\", OR($L37=\"Class_6\", $AE37=\"Class_6\")),\"hybrid class 6\",(IF(AND($P37=\"Low NOx\", OR($L37=\"Class_6\", $AE37=\"Class_6\")),\"low nox class 6\",(IF(AND($P37=\"Hybrid Zero-Mile\", OR($L37=\"Class_6\", $AE37=\"Class_6\")),\"hybrid zero mile class 6\",(IF(AND($P37=\"Zero Emission\", OR($L37=\"Class_6\", $AE37=\"Class_6\")),\"zero emission class 6\",(IF(AND($P37=\"LNG/CNG\", OR($L37=\"Class_7\", $AE37=\"Class_7\")),\"lng/cng class 7/8\",(IF(AND($P37=\"Hybrid\", OR($L37=\"Class_7\", $AE37=\"Class_7\")),\"hybrid class 7/8\",(IF(AND($P37=\"Low NOx\", OR($L37=\"Class_7\", $AE37=\"Class_7\")),\"low nox class 7/8\",(IF(AND($P37=\"Hybrid Zero-Mile\", OR($L37=\"Class_7\", $AE37=\"Class_7\")),\"hybrid zero mile class 7/8\",(IF(AND($P37=\"Zero Emission\", OR($L37=\"Class_7\", $AE37=\"Class_7\")),\"zero emission class 7/8\",(IF(AND($P37=\"LNG/CNG\", OR($L37=\"Class_8\", $AE37=\"Class_8\")),\"lng/cng class 7/8\",(IF(AND($P37=\"Hybrid\", OR($L37=\"Class_8\", $AE37=\"Class_8\")),\"hybrid class 7/8\",(IF(AND($P37=\"Low NOx\", OR($L37=\"Class_8\", $AE37=\"Class_8\")),\"low nox class 7/8\",(IF(AND($P37=\"Hybrid Zero-Mile\", OR($L37=\"Class_8\", $AE37=\"Class_8\")),\"hybrid zero mile class 7/8\",(IF(AND($P37=\"Zero Emission\", OR($L37=\"Class_8\", $AE37=\"Class_8\")),\"zero emission class 7/8\")))))))))))))))))))))))))))))))))))))))))))))))))))))","v":false}]
["project 34",null,null,null,null,null,null,{"$f":"IF($G38=\"33,001 +\",\"Class_8\",IF($G38=\"26,001-33,000\",\"Class_7\",IF($G38=\"19,501-26,000\",\"Class_6\",\"\")))","v":""},null,null,null,null,null,null,{"$f":"IF(H38=\"Class_6\",IF(T38=\"No\",MIN(IF((J38*K38)<10000,0,J38*K38),IF((J38*N38)<10000,0,J38*N38)),IF(MIN(Y38*Z38,Y38*N38)+MIN(J38*K38,J38*N38)>9999,MIN(J38*K38,J38*N38),0)),IF(T38=\"No\",MIN(IF((J38*K38)<20000,0,J38*K38),IF((J38*N38)<20000,0,J38*N38)),IF(MIN(Y38*Z38,Y38*N38)+MIN(J38*K38,J38*N38)>19999,MIN(J38*K38,J38*N38),0)))","v":0},null,null,"","No","No",null,null,null,{"$f":"IF($W38=\"33,001 +\",\"Class_8\",IF($W38=\"26,001-33,000\",\"Class_7\",IF($W38=\"19,501-26,000\",\"Class_6\",IF($W38=\"\",\"\"))))","v":""},null,null,0,{"$f":"IF($T38=\"Yes\",IF(COUNTA($U38:$AA38)=7,\"Complete\",\"Incomplete\"),\"N/A\")","v":"N/A"},{"$f":"IF($D38=\"2-for-1 Replace\",IF(OR(COUNTA(A38:AA38)=27,COUNTA(A38:AA38)=29),\"Complete\",\"Incomplete\"),IF(OR($D38=\"Replacement\",$D38=\"Repower\"),IF(COUNTA(A38:Q38)=17,\"Complete\",\"Incomplete\"),\"Incomplete\"))","v":"Incomplete"},null,{"$f":"IF(OR($H38=\"Class_8\",$X38=\"Class_8\"),\"Class_8\",IF(OR($H38=\"Class_7\",$X38=\"Class_7\"),\"Class_7\",IF(OR($H38=\"Class_6\",$X38=\"Class_6\"),\"Class_6\")))","v":false},false,{"$f":"IF($D38=\"Repower\",IF($H38=\"Class_7\",IF($M38=\"New: 2013+ HHD\",\"CL7HHD\",\"gas\")))","v":false},false,null,{"$f":"IF($D38=\"2-for-1 Replace\",\"Norestr\",IF($AK38=\"Repower_8\",\"Repo8\",IF($AK38=\"Repower_7\",\"Repo7\",IF($AK38=\"Repower_6\",\"Repo6\",IF(OR($H38=\"Class_8\",$L38=\"Class_8\"),\"Replacement8HHD\",IF($D38=\"Replacement\",IF($H38=\"Class_6\",\"Replacement6\",IF($H38=\"Class_7\",IF($I38=\"MHD\",\"Replacement7MHD\",\"Replacement7HHD\"),IF($H38=\"Class_8\",IF($I38=\"HHD\",\"Replacement8HHD\",\"Replacement8MHD\")))),))))))","v":0},{"$f":"IF($D38=\"Replacement\",IF($H38=\"Class_6\",\"Replacement_6\",IF($H38=\"Class_7\",\"Replacement_7\",IF($H38=\"Class_8\",\"Replacement_8\",null))),IF($D38=\"Repower\",IF($H38=\"Class_6\",\"Repower_6\",IF($H38=\"Class_7\",\"Repower_7\",IF($H38=\"Class_8\",\"Repower_8\",null))),IF($D38=\"2-for-1 Replace\",IF($L38=\"Class_6\",\"Replacement_6\",IF($L38=\"Class_7\",\"Replacement_7\",IF($L38=\"Class_8\",\"Replacement_8\",null))))))","v":false},{"$f":"IF($D38=\"Replacement\",IF(AND($H38=\"Class_6\",$B38 <> \"4+ Trucks\"),\"Small_Fleet_Replacement_6\",IF(AND($H38=\"Class_7\",$B38 <> \"4+ Trucks\"),\"Small_Fleet_Replacement_7\",IF(AND($H38=\"Class_8\",$B38 <> \"4+ Trucks\"),\"Small_Fleet_Replacement_8\",null))),IF($D38=\"Repower\",IF($H38=\"Class_6\",\"Repower_6\",IF($H38=\"Class_7\",\"Repower_7\",IF($H38=\"Class_8\",\"Repower_8\",null))),IF($D38=\"2-for-1 Replace\",IF($L38=\"Class_6\",\"Replacement_6\",IF($L38=\"Class_7\",\"Small_Fleet_Replacement_7\",IF($L38=\"Class_8\",\"Small_Fleet_Replacement_8\",null))))))","v":false},null,null,null,null,{"$f":"IF(AND($B38<>\"4+ Trucks\",$D38=\"Replacement\",$P38=\"Diesel\",OR($L38=\"Class_7\",$H38=\"CLass_7\"),$M38=\"New: 2015+\"),\"small fleet new class 7 diesel\",IF(AND($B38<>\"4+ Trucks\",$D38=\"Replacement\",OR($P38=\"Diesel\",$P38=\"LNG/CNG\",$P38=\"Hybrid\"),OR($H38=\"Class_7\",$L38=\"Class_7\"),$M38=\"Used: 2011+\"),\"small fleet used class 7 diesel\",IF(AND($B38<>\"4+ Trucks\",$D38=\"Replacement\",$P38=\"Diesel\",$L38=\"Class_8\",$M38=\"New: 2015+\"),\"small fleet new class 8 diesel\",IF(AND($B38<>\"4+ Trucks\",$D38=\"Replacement\",$P38=\"Diesel\",$L38=\"Class_6\"),\"small fleet class 6 diesel\",IF(AND($B38<>\"4+ Trucks\",$D38=\"Replacement\",OR($P38=\"Diesel\",$P38=\"LNG/CNG\",$P38=\"Hybrid\"),$L38=\"Class_8\",$M38=\"Used: 2011+\"),\"small fleet used class 8 diesel\",IF(AND($B38<>\"4+ Trucks\",$D38=\"Repower\",$P38=\"Diesel\",(OR($L38=\"Class_8\",$L38=\"Class_7\"))),\"small fleet repower class 7/8\",IF(AND($B38<>\"4+ Trucks\",$D38=\"Repower\",$P38=\"Diesel\",$L38=\"Class_6\"),\"small fleet repower class 6\",IF(AND($D38=\"Replacement\",$P38=\"Zero Emission\",(OR($L38=\"Class_8\",$L38=\"Class_7\"))),\"zero emission class 7/8\",IF(AND($D38=\"Replacement\",$P38=\"Hybrid Zero-Mile\",(OR($L38=\"Class_8\",$L38=\"Class_7\"))),\"hybrid zero mile class 7/8\",IF(AND($D38=\"Replacement\",$P38=\"Low NOx\",(OR($L38=\"Class_8\",$L38=\"Class_7\"))),\"low nox class 7/8\",IF(AND($D38=\"Replacement\",$P38=\"Hybrid\",(OR($L38=\"Class_8\",$L38=\"Class_7\"))),\"hybrid class 7/8\",IF(AND($D38=\"Replacement\",$P38=\"LNG/CNG\",(OR($L38=\"Class_8\",$L38=\"Class_7\"))),\"lng/cng class 7/8\",IF(AND($D38=\"Replacement\",$P38=\"Zero Emission\",$L38=\"Class_6\"),\"zero emission class 6\",IF(AND($D38=\"Replacement\",$P38=\"Hybrid Zero-Mile\",$L38=\"Class_6\"),\"hybrid zero mile class 6\",IF(AND($D38=\"Replacement\",$P38=\"Low NOx\",$L38=\"Class_6\"),\"low nox class 6\",IF(AND($D38=\"Replacement\",$P38=\"Hybrid\",$L38=\"Class_6\"),\"hybrid class 6\",IF(AND($D38=\"Replacement\",$P38=\"LNG/CNG\",$L38=\"Class_6\"),\"lng/cng class 6\",(IF(AND($P38=\"Diesel\", OR($L38=\"Class_6\", $AE38=\"Class_6\")),\"small fleet class 6 diesel\",IF(AND($P38=\"Diesel\",$M38=\"New: 2015+\", OR($L38=\"Class_7\", $AE38=\"Class_7\")),\"small fleet new class 7 diesel\",IF(AND($P38=\"Diesel\",$M38=\"Used: 2011+\", OR($L38=\"Class_7\", $AE38=\"Class_7\")),\"small fleet used class 7 diesel\",IF(AND($P38=\"Diesel\",$M38=\"New: 2015+\", OR($L38=\"Class_8\", $AE38=\"Class_8\")),\"small fleet new class 8 diesel\",IF(AND($P38=\"Diesel\",$M38=\"Used: 2011+\", OR($L38=\"Class_8\", $AE38=\"Class_8\")),\"small fleet used class 8 diesel\",(IF(AND($P38=\"LNG/CNG\", OR($L38=\"Class_6\", $AE38=\"Class_6\")),\"lng/cng class 6\",(IF(AND($P38=\"Hybrid\", OR($L38=\"Class_6\", $AE38=\"Class_6\")),\"hybrid class 6\",(IF(AND($P38=\"Low NOx\", OR($L38=\"Class_6\", $AE38=\"Class_6\")),\"low nox class 6\",(IF(AND($P38=\"Hybrid Zero-Mile\", OR($L38=\"Class_6\", $AE38=\"Class_6\")),\"hybrid zero mile class 6\",(IF(AND($P38=\"Zero Emission\", OR($L38=\"Class_6\", $AE38=\"Class_6\")),\"zero emission class 6\",(IF(AND($P38=\"LNG/CNG\", OR($L38=\"Class_7\", $AE38=\"Class_7\")),\"lng/cng class 7/8\",(IF(AND($P38=\"Hybrid\", OR($L38=\"Class_7\", $AE38=\"Class_7\")),\"hybrid class 7/8\",(IF(AND($P38=\"Low NOx\", OR($L38=\"Class_7\", $AE38=\"Class_7\")),\"low nox class 7/8\",(IF(AND($P38=\"Hybrid Zero-Mile\", OR($L38=\"Class_7\", $AE38=\"Class_7\")),\"hybrid zero mile class 7/8\",(IF(AND($P38=\"Zero Emission\", OR($L38=\"Class_7\", $AE38=\"Class_7\")),\"zero emission class 7/8\",(IF(AND($P38=\"LNG/CNG\", OR($L38=\"Class_8\", $AE38=\"Class_8\")),\"lng/cng class 7/8\",(IF(AND($P38=\"Hybrid\", OR($L38=\"Class_8\", $AE38=\"Class_8\")),\"hybrid class 7/8\",(IF(AND($P38=\"Low NOx\", OR($L38=\"Class_8\", $AE38=\"Class_8\")),\"low nox class 7/8\",(IF(AND($P38=\"Hybrid Zero-Mile\", OR($L38=\"Class_8\", $AE38=\"Class_8\")),\"hybrid zero mile class 7/8\",(IF(AND($P38=\"Zero Emission\", OR($L38=\"Class_8\", $AE38=\"Class_8\")),\"zero emission class 7/8\")))))))))))))))))))))))))))))))))))))))))))))))))))))","v":false}]
["project 35",null,null,null,null,null,null,{"$f":"IF($G39=\"33,001 +\",\"Class_8\",IF($G39=\"26,001-33,000\",\"Class_7\",IF($G39=\"19,501-26,000\",\"Class_6\",\"\")))","v":""},null,null,null,null,null,null,{"$f":"IF(H39=\"Class_6\",IF(T39=\"No\",MIN(IF((J39*K39)<10000,0,J39*K39),IF((J39*N39)<10000,0,J39*N39)),IF(MIN(Y39*Z39,Y39*N39)+MIN(J39*K39,J39*N39)>9999,MIN(J39*K39,J39*N39),0)),IF(T39=\"No\",MIN(IF((J39*K39)<20000,0,J39*K39),IF((J39*N39)<20000,0,J39*N39)),IF(MIN(Y39*Z39,Y39*N39)+MIN(J39*K39,J39*N39)>19999,MIN(J39*K39,J39*N39),0)))","v":0},null,null,"","No","No",null,null,null,{"$f":"IF($W39=\"33,001 +\",\"Class_8\",IF($W39=\"26,001-33,000\",\"Class_7\",IF($W39=\"19,501-26,000\",\"Class_6\",IF($W39=\"\",\"\"))))","v":""},null,null,0,{"$f":"IF($T39=\"Yes\",IF(COUNTA($U39:$AA39)=7,\"Complete\",\"Incomplete\"),\"N/A\")","v":"N/A"},{"$f":"IF($D39=\"2-for-1 Replace\",IF(OR(COUNTA(A39:AA39)=27,COUNTA(A39:AA39)=29),\"Complete\",\"Incomplete\"),IF(OR($D39=\"Replacement\",$D39=\"Repower\"),IF(COUNTA(A39:Q39)=17,\"Complete\",\"Incomplete\"),\"Incomplete\"))","v":"Incomplete"},null,{"$f":"IF(OR($H39=\"Class_8\",$X39=\"Class_8\"),\"Class_8\",IF(OR($H39=\"Class_7\",$X39=\"Class_7\"),\"Class_7\",IF(OR($H39=\"Class_6\",$X39=\"Class_6\"),\"Class_6\")))","v":false},false,{"$f":"IF($D39=\"Repower\",IF($H39=\"Class_7\",IF($M39=\"New: 2013+ HHD\",\"CL7HHD\",\"gas\")))","v":false},false,null,{"$f":"IF($D39=\"2-for-1 Replace\",\"Norestr\",IF($AK39=\"Repower_8\",\"Repo8\",IF($AK39=\"Repower_7\",\"Repo7\",IF($AK39=\"Repower_6\",\"Repo6\",IF(OR($H39=\"Class_8\",$L39=\"Class_8\"),\"Replacement8HHD\",IF($D39=\"Replacement\",IF($H39=\"Class_6\",\"Replacement6\",IF($H39=\"Class_7\",IF($I39=\"MHD\",\"Replacement7MHD\",\"Replacement7HHD\"),IF($H39=\"Class_8\",IF($I39=\"HHD\",\"Replacement8HHD\",\"Replacement8MHD\")))),))))))","v":0},{"$f":"IF($D39=\"Replacement\",IF($H39=\"Class_6\",\"Replacement_6\",IF($H39=\"Class_7\",\"Replacement_7\",IF($H39=\"Class_8\",\"Replacement_8\",null))),IF($D39=\"Repower\",IF($H39=\"Class_6\",\"Repower_6\",IF($H39=\"Class_7\",\"Repower_7\",IF($H39=\"Class_8\",\"Repower_8\",null))),IF($D39=\"2-for-1 Replace\",IF($L39=\"Class_6\",\"Replacement_6\",IF($L39=\"Class_7\",\"Replacement_7\",IF($L39=\"Class_8\",\"Replacement_8\",null))))))","v":false},{"$f":"IF($D39=\"Replacement\",IF(AND($H39=\"Class_6\",$B39 <> \"4+ Trucks\"),\"Small_Fleet_Replacement_6\",IF(AND($H39=\"Class_7\",$B39 <> \"4+ Trucks\"),\"Small_Fleet_Replacement_7\",IF(AND($H39=\"Class_8\",$B39 <> \"4+ Trucks\"),\"Small_Fleet_Replacement_8\",null))),IF($D39=\"Repower\",IF($H39=\"Class_6\",\"Repower_6\",IF($H39=\"Class_7\",\"Repower_7\",IF($H39=\"Class_8\",\"Repower_8\",null))),IF($D39=\"2-for-1 Replace\",IF($L39=\"Class_6\",\"Replacement_6\",IF($L39=\"Class_7\",\"Small_Fleet_Replacement_7\",IF($L39=\"Class_8\",\"Small_Fleet_Replacement_8\",null))))))","v":false},null,null,null,null,{"$f":"IF(AND($B39<>\"4+ Trucks\",$D39=\"Replacement\",$P39=\"Diesel\",OR($L39=\"Class_7\",$H39=\"CLass_7\"),$M39=\"New: 2015+\"),\"small fleet new class 7 diesel\",IF(AND($B39<>\"4+ Trucks\",$D39=\"Replacement\",OR($P39=\"Diesel\",$P39=\"LNG/CNG\",$P39=\"Hybrid\"),OR($H39=\"Class_7\",$L39=\"Class_7\"),$M39=\"Used: 2011+\"),\"small fleet used class 7 diesel\",IF(AND($B39<>\"4+ Trucks\",$D39=\"Replacement\",$P39=\"Diesel\",$L39=\"Class_8\",$M39=\"New: 2015+\"),\"small fleet new class 8 diesel\",IF(AND($B39<>\"4+ Trucks\",$D39=\"Replacement\",$P39=\"Diesel\",$L39=\"Class_6\"),\"small fleet class 6 diesel\",IF(AND($B39<>\"4+ Trucks\",$D39=\"Replacement\",OR($P39=\"Diesel\",$P39=\"LNG/CNG\",$P39=\"Hybrid\"),$L39=\"Class_8\",$M39=\"Used: 2011+\"),\"small fleet used class 8 diesel\",IF(AND($B39<>\"4+ Trucks\",$D39=\"Repower\",$P39=\"Diesel\",(OR($L39=\"Class_8\",$L39=\"Class_7\"))),\"small fleet repower class 7/8\",IF(AND($B39<>\"4+ Trucks\",$D39=\"Repower\",$P39=\"Diesel\",$L39=\"Class_6\"),\"small fleet repower class 6\",IF(AND($D39=\"Replacement\",$P39=\"Zero Emission\",(OR($L39=\"Class_8\",$L39=\"Class_7\"))),\"zero emission class 7/8\",IF(AND($D39=\"Replacement\",$P39=\"Hybrid Zero-Mile\",(OR($L39=\"Class_8\",$L39=\"Class_7\"))),\"hybrid zero mile class 7/8\",IF(AND($D39=\"Replacement\",$P39=\"Low NOx\",(OR($L39=\"Class_8\",$L39=\"Class_7\"))),\"low nox class 7/8\",IF(AND($D39=\"Replacement\",$P39=\"Hybrid\",(OR($L39=\"Class_8\",$L39=\"Class_7\"))),\"hybrid class 7/8\",IF(AND($D39=\"Replacement\",$P39=\"LNG/CNG\",(OR($L39=\"Class_8\",$L39=\"Class_7\"))),\"lng/cng class 7/8\",IF(AND($D39=\"Replacement\",$P39=\"Zero Emission\",$L39=\"Class_6\"),\"zero emission class 6\",IF(AND($D39=\"Replacement\",$P39=\"Hybrid Zero-Mile\",$L39=\"Class_6\"),\"hybrid zero mile class 6\",IF(AND($D39=\"Replacement\",$P39=\"Low NOx\",$L39=\"Class_6\"),\"low nox class 6\",IF(AND($D39=\"Replacement\",$P39=\"Hybrid\",$L39=\"Class_6\"),\"hybrid class 6\",IF(AND($D39=\"Replacement\",$P39=\"LNG/CNG\",$L39=\"Class_6\"),\"lng/cng class 6\",(IF(AND($P39=\"Diesel\", OR($L39=\"Class_6\", $AE39=\"Class_6\")),\"small fleet class 6 diesel\",IF(AND($P39=\"Diesel\",$M39=\"New: 2015+\", OR($L39=\"Class_7\", $AE39=\"Class_7\")),\"small fleet new class 7 diesel\",IF(AND($P39=\"Diesel\",$M39=\"Used: 2011+\", OR($L39=\"Class_7\", $AE39=\"Class_7\")),\"small fleet used class 7 diesel\",IF(AND($P39=\"Diesel\",$M39=\"New: 2015+\", OR($L39=\"Class_8\", $AE39=\"Class_8\")),\"small fleet new class 8 diesel\",IF(AND($P39=\"Diesel\",$M39=\"Used: 2011+\", OR($L39=\"Class_8\", $AE39=\"Class_8\")),\"small fleet used class 8 diesel\",(IF(AND($P39=\"LNG/CNG\", OR($L39=\"Class_6\", $AE39=\"Class_6\")),\"lng/cng class 6\",(IF(AND($P39=\"Hybrid\", OR($L39=\"Class_6\", $AE39=\"Class_6\")),\"hybrid class 6\",(IF(AND($P39=\"Low NOx\", OR($L39=\"Class_6\", $AE39=\"Class_6\")),\"low nox class 6\",(IF(AND($P39=\"Hybrid Zero-Mile\", OR($L39=\"Class_6\", $AE39=\"Class_6\")),\"hybrid zero mile class 6\",(IF(AND($P39=\"Zero Emission\", OR($L39=\"Class_6\", $AE39=\"Class_6\")),\"zero emission class 6\",(IF(AND($P39=\"LNG/CNG\", OR($L39=\"Class_7\", $AE39=\"Class_7\")),\"lng/cng class 7/8\",(IF(AND($P39=\"Hybrid\", OR($L39=\"Class_7\", $AE39=\"Class_7\")),\"hybrid class 7/8\",(IF(AND($P39=\"Low NOx\", OR($L39=\"Class_7\", $AE39=\"Class_7\")),\"low nox class 7/8\",(IF(AND($P39=\"Hybrid Zero-Mile\", OR($L39=\"Class_7\", $AE39=\"Class_7\")),\"hybrid zero mile class 7/8\",(IF(AND($P39=\"Zero Emission\", OR($L39=\"Class_7\", $AE39=\"Class_7\")),\"zero emission class 7/8\",(IF(AND($P39=\"LNG/CNG\", OR($L39=\"Class_8\", $AE39=\"Class_8\")),\"lng/cng class 7/8\",(IF(AND($P39=\"Hybrid\", OR($L39=\"Class_8\", $AE39=\"Class_8\")),\"hybrid class 7/8\",(IF(AND($P39=\"Low NOx\", OR($L39=\"Class_8\", $AE39=\"Class_8\")),\"low nox class 7/8\",(IF(AND($P39=\"Hybrid Zero-Mile\", OR($L39=\"Class_8\", $AE39=\"Class_8\")),\"hybrid zero mile class 7/8\",(IF(AND($P39=\"Zero Emission\", OR($L39=\"Class_8\", $AE39=\"Class_8\")),\"zero emission class 7/8\")))))))))))))))))))))))))))))))))))))))))))))))))))))","v":false}]
["project 36",null,null,null,null,null,null,{"$f":"IF($G40=\"33,001 +\",\"Class_8\",IF($G40=\"26,001-33,000\",\"Class_7\",IF($G40=\"19,501-26,000\",\"Class_6\",\"\")))","v":""},null,null,null,null,null,null,{"$f":"IF(H40=\"Class_6\",IF(T40=\"No\",MIN(IF((J40*K40)<10000,0,J40*K40),IF((J40*N40)<10000,0,J40*N40)),IF(MIN(Y40*Z40,Y40*N40)+MIN(J40*K40,J40*N40)>9999,MIN(J40*K40,J40*N40),0)),IF(T40=\"No\",MIN(IF((J40*K40)<20000,0,J40*K40),IF((J40*N40)<20000,0,J40*N40)),IF(MIN(Y40*Z40,Y40*N40)+MIN(J40*K40,J40*N40)>19999,MIN(J40*K40,J40*N40),0)))","v":0},null,null,"","No","No",null,null,null,{"$f":"IF($W40=\"33,001 +\",\"Class_8\",IF($W40=\"26,001-33,000\",\"Class_7\",IF($W40=\"19,501-26,000\",\"Class_6\",IF($W40=\"\",\"\"))))","v":""},null,null,0,{"$f":"IF($T40=\"Yes\",IF(COUNTA($U40:$AA40)=7,\"Complete\",\"Incomplete\"),\"N/A\")","v":"N/A"},{"$f":"IF($D40=\"2-for-1 Replace\",IF(OR(COUNTA(A40:AA40)=27,COUNTA(A40:AA40)=29),\"Complete\",\"Incomplete\"),IF(OR($D40=\"Replacement\",$D40=\"Repower\"),IF(COUNTA(A40:Q40)=17,\"Complete\",\"Incomplete\"),\"Incomplete\"))","v":"Incomplete"},null,{"$f":"IF(OR($H40=\"Class_8\",$X40=\"Class_8\"),\"Class_8\",IF(OR($H40=\"Class_7\",$X40=\"Class_7\"),\"Class_7\",IF(OR($H40=\"Class_6\",$X40=\"Class_6\"),\"Class_6\")))","v":false},false,{"$f":"IF($D40=\"Repower\",IF($H40=\"Class_7\",IF($M40=\"New: 2013+ HHD\",\"CL7HHD\",\"gas\")))","v":false},false,null,{"$f":"IF($D40=\"2-for-1 Replace\",\"Norestr\",IF($AK40=\"Repower_8\",\"Repo8\",IF($AK40=\"Repower_7\",\"Repo7\",IF($AK40=\"Repower_6\",\"Repo6\",IF(OR($H40=\"Class_8\",$L40=\"Class_8\"),\"Replacement8HHD\",IF($D40=\"Replacement\",IF($H40=\"Class_6\",\"Replacement6\",IF($H40=\"Class_7\",IF($I40=\"MHD\",\"Replacement7MHD\",\"Replacement7HHD\"),IF($H40=\"Class_8\",IF($I40=\"HHD\",\"Replacement8HHD\",\"Replacement8MHD\")))),))))))","v":0},{"$f":"IF($D40=\"Replacement\",IF($H40=\"Class_6\",\"Replacement_6\",IF($H40=\"Class_7\",\"Replacement_7\",IF($H40=\"Class_8\",\"Replacement_8\",null))),IF($D40=\"Repower\",IF($H40=\"Class_6\",\"Repower_6\",IF($H40=\"Class_7\",\"Repower_7\",IF($H40=\"Class_8\",\"Repower_8\",null))),IF($D40=\"2-for-1 Replace\",IF($L40=\"Class_6\",\"Replacement_6\",IF($L40=\"Class_7\",\"Replacement_7\",IF($L40=\"Class_8\",\"Replacement_8\",null))))))","v":false},{"$f":"IF($D40=\"Replacement\",IF(AND($H40=\"Class_6\",$B40 <> \"4+ Trucks\"),\"Small_Fleet_Replacement_6\",IF(AND($H40=\"Class_7\",$B40 <> \"4+ Trucks\"),\"Small_Fleet_Replacement_7\",IF(AND($H40=\"Class_8\",$B40 <> \"4+ Trucks\"),\"Small_Fleet_Replacement_8\",null))),IF($D40=\"Repower\",IF($H40=\"Class_6\",\"Repower_6\",IF($H40=\"Class_7\",\"Repower_7\",IF($H40=\"Class_8\",\"Repower_8\",null))),IF($D40=\"2-for-1 Replace\",IF($L40=\"Class_6\",\"Replacement_6\",IF($L40=\"Class_7\",\"Small_Fleet_Replacement_7\",IF($L40=\"Class_8\",\"Small_Fleet_Replacement_8\",null))))))","v":false},null,null,null,null,{"$f":"IF(AND($B40<>\"4+ Trucks\",$D40=\"Replacement\",$P40=\"Diesel\",OR($L40=\"Class_7\",$H40=\"CLass_7\"),$M40=\"New: 2015+\"),\"small fleet new class 7 diesel\",IF(AND($B40<>\"4+ Trucks\",$D40=\"Replacement\",OR($P40=\"Diesel\",$P40=\"LNG/CNG\",$P40=\"Hybrid\"),OR($H40=\"Class_7\",$L40=\"Class_7\"),$M40=\"Used: 2011+\"),\"small fleet used class 7 diesel\",IF(AND($B40<>\"4+ Trucks\",$D40=\"Replacement\",$P40=\"Diesel\",$L40=\"Class_8\",$M40=\"New: 2015+\"),\"small fleet new class 8 diesel\",IF(AND($B40<>\"4+ Trucks\",$D40=\"Replacement\",$P40=\"Diesel\",$L40=\"Class_6\"),\"small fleet class 6 diesel\",IF(AND($B40<>\"4+ Trucks\",$D40=\"Replacement\",OR($P40=\"Diesel\",$P40=\"LNG/CNG\",$P40=\"Hybrid\"),$L40=\"Class_8\",$M40=\"Used: 2011+\"),\"small fleet used class 8 diesel\",IF(AND($B40<>\"4+ Trucks\",$D40=\"Repower\",$P40=\"Diesel\",(OR($L40=\"Class_8\",$L40=\"Class_7\"))),\"small fleet repower class 7/8\",IF(AND($B40<>\"4+ Trucks\",$D40=\"Repower\",$P40=\"Diesel\",$L40=\"Class_6\"),\"small fleet repower class 6\",IF(AND($D40=\"Replacement\",$P40=\"Zero Emission\",(OR($L40=\"Class_8\",$L40=\"Class_7\"))),\"zero emission class 7/8\",IF(AND($D40=\"Replacement\",$P40=\"Hybrid Zero-Mile\",(OR($L40=\"Class_8\",$L40=\"Class_7\"))),\"hybrid zero mile class 7/8\",IF(AND($D40=\"Replacement\",$P40=\"Low NOx\",(OR($L40=\"Class_8\",$L40=\"Class_7\"))),\"low nox class 7/8\",IF(AND($D40=\"Replacement\",$P40=\"Hybrid\",(OR($L40=\"Class_8\",$L40=\"Class_7\"))),\"hybrid class 7/8\",IF(AND($D40=\"Replacement\",$P40=\"LNG/CNG\",(OR($L40=\"Class_8\",$L40=\"Class_7\"))),\"lng/cng class 7/8\",IF(AND($D40=\"Replacement\",$P40=\"Zero Emission\",$L40=\"Class_6\"),\"zero emission class 6\",IF(AND($D40=\"Replacement\",$P40=\"Hybrid Zero-Mile\",$L40=\"Class_6\"),\"hybrid zero mile class 6\",IF(AND($D40=\"Replacement\",$P40=\"Low NOx\",$L40=\"Class_6\"),\"low nox class 6\",IF(AND($D40=\"Replacement\",$P40=\"Hybrid\",$L40=\"Class_6\"),\"hybrid class 6\",IF(AND($D40=\"Replacement\",$P40=\"LNG/CNG\",$L40=\"Class_6\"),\"lng/cng class 6\",(IF(AND($P40=\"Diesel\", OR($L40=\"Class_6\", $AE40=\"Class_6\")),\"small fleet class 6 diesel\",IF(AND($P40=\"Diesel\",$M40=\"New: 2015+\", OR($L40=\"Class_7\", $AE40=\"Class_7\")),\"small fleet new class 7 diesel\",IF(AND($P40=\"Diesel\",$M40=\"Used: 2011+\", OR($L40=\"Class_7\", $AE40=\"Class_7\")),\"small fleet used class 7 diesel\",IF(AND($P40=\"Diesel\",$M40=\"New: 2015+\", OR($L40=\"Class_8\", $AE40=\"Class_8\")),\"small fleet new class 8 diesel\",IF(AND($P40=\"Diesel\",$M40=\"Used: 2011+\", OR($L40=\"Class_8\", $AE40=\"Class_8\")),\"small fleet used class 8 diesel\",(IF(AND($P40=\"LNG/CNG\", OR($L40=\"Class_6\", $AE40=\"Class_6\")),\"lng/cng class 6\",(IF(AND($P40=\"Hybrid\", OR($L40=\"Class_6\", $AE40=\"Class_6\")),\"hybrid class 6\",(IF(AND($P40=\"Low NOx\", OR($L40=\"Class_6\", $AE40=\"Class_6\")),\"low nox class 6\",(IF(AND($P40=\"Hybrid Zero-Mile\", OR($L40=\"Class_6\", $AE40=\"Class_6\")),\"hybrid zero mile class 6\",(IF(AND($P40=\"Zero Emission\", OR($L40=\"Class_6\", $AE40=\"Class_6\")),\"zero emission class 6\",(IF(AND($P40=\"LNG/CNG\", OR($L40=\"Class_7\", $AE40=\"Class_7\")),\"lng/cng class 7/8\",(IF(AND($P40=\"Hybrid\", OR($L40=\"Class_7\", $AE40=\"Class_7\")),\"hybrid class 7/8\",(IF(AND($P40=\"Low NOx\", OR($L40=\"Class_7\", $AE40=\"Class_7\")),\"low nox class 7/8\",(IF(AND($P40=\"Hybrid Zero-Mile\", OR($L40=\"Class_7\", $AE40=\"Class_7\")),\"hybrid zero mile class 7/8\",(IF(AND($P40=\"Zero Emission\", OR($L40=\"Class_7\", $AE40=\"Class_7\")),\"zero emission class 7/8\",(IF(AND($P40=\"LNG/CNG\", OR($L40=\"Class_8\", $AE40=\"Class_8\")),\"lng/cng class 7/8\",(IF(AND($P40=\"Hybrid\", OR($L40=\"Class_8\", $AE40=\"Class_8\")),\"hybrid class 7/8\",(IF(AND($P40=\"Low NOx\", OR($L40=\"Class_8\", $AE40=\"Class_8\")),\"low nox class 7/8\",(IF(AND($P40=\"Hybrid Zero-Mile\", OR($L40=\"Class_8\", $AE40=\"Class_8\")),\"hybrid zero mile class 7/8\",(IF(AND($P40=\"Zero Emission\", OR($L40=\"Class_8\", $AE40=\"Class_8\")),\"zero emission class 7/8\")))))))))))))))))))))))))))))))))))))))))))))))))))))","v":false}]
["project 37",null,null,null,null,null,null,{"$f":"IF($G41=\"33,001 +\",\"Class_8\",IF($G41=\"26,001-33,000\",\"Class_7\",IF($G41=\"19,501-26,000\",\"Class_6\",\"\")))","v":""},null,null,null,null,null,null,{"$f":"IF(H41=\"Class_6\",IF(T41=\"No\",MIN(IF((J41*K41)<10000,0,J41*K41),IF((J41*N41)<10000,0,J41*N41)),IF(MIN(Y41*Z41,Y41*N41)+MIN(J41*K41,J41*N41)>9999,MIN(J41*K41,J41*N41),0)),IF(T41=\"No\",MIN(IF((J41*K41)<20000,0,J41*K41),IF((J41*N41)<20000,0,J41*N41)),IF(MIN(Y41*Z41,Y41*N41)+MIN(J41*K41,J41*N41)>19999,MIN(J41*K41,J41*N41),0)))","v":0},null,null,"","No","No",null,null,null,{"$f":"IF($W41=\"33,001 +\",\"Class_8\",IF($W41=\"26,001-33,000\",\"Class_7\",IF($W41=\"19,501-26,000\",\"Class_6\",IF($W41=\"\",\"\"))))","v":""},null,null,0,{"$f":"IF($T41=\"Yes\",IF(COUNTA($U41:$AA41)=7,\"Complete\",\"Incomplete\"),\"N/A\")","v":"N/A"},{"$f":"IF($D41=\"2-for-1 Replace\",IF(OR(COUNTA(A41:AA41)=27,COUNTA(A41:AA41)=29),\"Complete\",\"Incomplete\"),IF(OR($D41=\"Replacement\",$D41=\"Repower\"),IF(COUNTA(A41:Q41)=17,\"Complete\",\"Incomplete\"),\"Incomplete\"))","v":"Incomplete"},null,{"$f":"IF(OR($H41=\"Class_8\",$X41=\"Class_8\"),\"Class_8\",IF(OR($H41=\"Class_7\",$X41=\"Class_7\"),\"Class_7\",IF(OR($H41=\"Class_6\",$X41=\"Class_6\"),\"Class_6\")))","v":false},false,{"$f":"IF($D41=\"Repower\",IF($H41=\"Class_7\",IF($M41=\"New: 2013+ HHD\",\"CL7HHD\",\"gas\")))","v":false},false,null,{"$f":"IF($D41=\"2-for-1 Replace\",\"Norestr\",IF($AK41=\"Repower_8\",\"Repo8\",IF($AK41=\"Repower_7\",\"Repo7\",IF($AK41=\"Repower_6\",\"Repo6\",IF(OR($H41=\"Class_8\",$L41=\"Class_8\"),\"Replacement8HHD\",IF($D41=\"Replacement\",IF($H41=\"Class_6\",\"Replacement6\",IF($H41=\"Class_7\",IF($I41=\"MHD\",\"Replacement7MHD\",\"Replacement7HHD\"),IF($H41=\"Class_8\",IF($I41=\"HHD\",\"Replacement8HHD\",\"Replacement8MHD\")))),))))))","v":0},{"$f":"IF($D41=\"Replacement\",IF($H41=\"Class_6\",\"Replacement_6\",IF($H41=\"Class_7\",\"Replacement_7\",IF($H41=\"Class_8\",\"Replacement_8\",null))),IF($D41=\"Repower\",IF($H41=\"Class_6\",\"Repower_6\",IF($H41=\"Class_7\",\"Repower_7\",IF($H41=\"Class_8\",\"Repower_8\",null))),IF($D41=\"2-for-1 Replace\",IF($L41=\"Class_6\",\"Replacement_6\",IF($L41=\"Class_7\",\"Replacement_7\",IF($L41=\"Class_8\",\"Replacement_8\",null))))))","v":false},{"$f":"IF($D41=\"Replacement\",IF(AND($H41=\"Class_6\",$B41 <> \"4+ Trucks\"),\"Small_Fleet_Replacement_6\",IF(AND($H41=\"Class_7\",$B41 <> \"4+ Trucks\"),\"Small_Fleet_Replacement_7\",IF(AND($H41=\"Class_8\",$B41 <> \"4+ Trucks\"),\"Small_Fleet_Replacement_8\",null))),IF($D41=\"Repower\",IF($H41=\"Class_6\",\"Repower_6\",IF($H41=\"Class_7\",\"Repower_7\",IF($H41=\"Class_8\",\"Repower_8\",null))),IF($D41=\"2-for-1 Replace\",IF($L41=\"Class_6\",\"Replacement_6\",IF($L41=\"Class_7\",\"Small_Fleet_Replacement_7\",IF($L41=\"Class_8\",\"Small_Fleet_Replacement_8\",null))))))","v":false},null,null,null,null,{"$f":"IF(AND($B41<>\"4+ Trucks\",$D41=\"Replacement\",$P41=\"Diesel\",OR($L41=\"Class_7\",$H41=\"CLass_7\"),$M41=\"New: 2015+\"),\"small fleet new class 7 diesel\",IF(AND($B41<>\"4+ Trucks\",$D41=\"Replacement\",OR($P41=\"Diesel\",$P41=\"LNG/CNG\",$P41=\"Hybrid\"),OR($H41=\"Class_7\",$L41=\"Class_7\"),$M41=\"Used: 2011+\"),\"small fleet used class 7 diesel\",IF(AND($B41<>\"4+ Trucks\",$D41=\"Replacement\",$P41=\"Diesel\",$L41=\"Class_8\",$M41=\"New: 2015+\"),\"small fleet new class 8 diesel\",IF(AND($B41<>\"4+ Trucks\",$D41=\"Replacement\",$P41=\"Diesel\",$L41=\"Class_6\"),\"small fleet class 6 diesel\",IF(AND($B41<>\"4+ Trucks\",$D41=\"Replacement\",OR($P41=\"Diesel\",$P41=\"LNG/CNG\",$P41=\"Hybrid\"),$L41=\"Class_8\",$M41=\"Used: 2011+\"),\"small fleet used class 8 diesel\",IF(AND($B41<>\"4+ Trucks\",$D41=\"Repower\",$P41=\"Diesel\",(OR($L41=\"Class_8\",$L41=\"Class_7\"))),\"small fleet repower class 7/8\",IF(AND($B41<>\"4+ Trucks\",$D41=\"Repower\",$P41=\"Diesel\",$L41=\"Class_6\"),\"small fleet repower class 6\",IF(AND($D41=\"Replacement\",$P41=\"Zero Emission\",(OR($L41=\"Class_8\",$L41=\"Class_7\"))),\"zero emission class 7/8\",IF(AND($D41=\"Replacement\",$P41=\"Hybrid Zero-Mile\",(OR($L41=\"Class_8\",$L41=\"Class_7\"))),\"hybrid zero mile class 7/8\",IF(AND($D41=\"Replacement\",$P41=\"Low NOx\",(OR($L41=\"Class_8\",$L41=\"Class_7\"))),\"low nox class 7/8\",IF(AND($D41=\"Replacement\",$P41=\"Hybrid\",(OR($L41=\"Class_8\",$L41=\"Class_7\"))),\"hybrid class 7/8\",IF(AND($D41=\"Replacement\",$P41=\"LNG/CNG\",(OR($L41=\"Class_8\",$L41=\"Class_7\"))),\"lng/cng class 7/8\",IF(AND($D41=\"Replacement\",$P41=\"Zero Emission\",$L41=\"Class_6\"),\"zero emission class 6\",IF(AND($D41=\"Replacement\",$P41=\"Hybrid Zero-Mile\",$L41=\"Class_6\"),\"hybrid zero mile class 6\",IF(AND($D41=\"Replacement\",$P41=\"Low NOx\",$L41=\"Class_6\"),\"low nox class 6\",IF(AND($D41=\"Replacement\",$P41=\"Hybrid\",$L41=\"Class_6\"),\"hybrid class 6\",IF(AND($D41=\"Replacement\",$P41=\"LNG/CNG\",$L41=\"Class_6\"),\"lng/cng class 6\",(IF(AND($P41=\"Diesel\", OR($L41=\"Class_6\", $AE41=\"Class_6\")),\"small fleet class 6 diesel\",IF(AND($P41=\"Diesel\",$M41=\"New: 2015+\", OR($L41=\"Class_7\", $AE41=\"Class_7\")),\"small fleet new class 7 diesel\",IF(AND($P41=\"Diesel\",$M41=\"Used: 2011+\", OR($L41=\"Class_7\", $AE41=\"Class_7\")),\"small fleet used class 7 diesel\",IF(AND($P41=\"Diesel\",$M41=\"New: 2015+\", OR($L41=\"Class_8\", $AE41=\"Class_8\")),\"small fleet new class 8 diesel\",IF(AND($P41=\"Diesel\",$M41=\"Used: 2011+\", OR($L41=\"Class_8\", $AE41=\"Class_8\")),\"small fleet used class 8 diesel\",(IF(AND($P41=\"LNG/CNG\", OR($L41=\"Class_6\", $AE41=\"Class_6\")),\"lng/cng class 6\",(IF(AND($P41=\"Hybrid\", OR($L41=\"Class_6\", $AE41=\"Class_6\")),\"hybrid class 6\",(IF(AND($P41=\"Low NOx\", OR($L41=\"Class_6\", $AE41=\"Class_6\")),\"low nox class 6\",(IF(AND($P41=\"Hybrid Zero-Mile\", OR($L41=\"Class_6\", $AE41=\"Class_6\")),\"hybrid zero mile class 6\",(IF(AND($P41=\"Zero Emission\", OR($L41=\"Class_6\", $AE41=\"Class_6\")),\"zero emission class 6\",(IF(AND($P41=\"LNG/CNG\", OR($L41=\"Class_7\", $AE41=\"Class_7\")),\"lng/cng class 7/8\",(IF(AND($P41=\"Hybrid\", OR($L41=\"Class_7\", $AE41=\"Class_7\")),\"hybrid class 7/8\",(IF(AND($P41=\"Low NOx\", OR($L41=\"Class_7\", $AE41=\"Class_7\")),\"low nox class 7/8\",(IF(AND($P41=\"Hybrid Zero-Mile\", OR($L41=\"Class_7\", $AE41=\"Class_7\")),\"hybrid zero mile class 7/8\",(IF(AND($P41=\"Zero Emission\", OR($L41=\"Class_7\", $AE41=\"Class_7\")),\"zero emission class 7/8\",(IF(AND($P41=\"LNG/CNG\", OR($L41=\"Class_8\", $AE41=\"Class_8\")),\"lng/cng class 7/8\",(IF(AND($P41=\"Hybrid\", OR($L41=\"Class_8\", $AE41=\"Class_8\")),\"hybrid class 7/8\",(IF(AND($P41=\"Low NOx\", OR($L41=\"Class_8\", $AE41=\"Class_8\")),\"low nox class 7/8\",(IF(AND($P41=\"Hybrid Zero-Mile\", OR($L41=\"Class_8\", $AE41=\"Class_8\")),\"hybrid zero mile class 7/8\",(IF(AND($P41=\"Zero Emission\", OR($L41=\"Class_8\", $AE41=\"Class_8\")),\"zero emission class 7/8\")))))))))))))))))))))))))))))))))))))))))))))))))))))","v":false}]
["project 38",null,null,null,null,null,null,{"$f":"IF($G42=\"33,001 +\",\"Class_8\",IF($G42=\"26,001-33,000\",\"Class_7\",IF($G42=\"19,501-26,000\",\"Class_6\",\"\")))","v":""},null,null,null,null,null,null,{"$f":"IF(H42=\"Class_6\",IF(T42=\"No\",MIN(IF((J42*K42)<10000,0,J42*K42),IF((J42*N42)<10000,0,J42*N42)),IF(MIN(Y42*Z42,Y42*N42)+MIN(J42*K42,J42*N42)>9999,MIN(J42*K42,J42*N42),0)),IF(T42=\"No\",MIN(IF((J42*K42)<20000,0,J42*K42),IF((J42*N42)<20000,0,J42*N42)),IF(MIN(Y42*Z42,Y42*N42)+MIN(J42*K42,J42*N42)>19999,MIN(J42*K42,J42*N42),0)))","v":0},null,null,"","No","No",null,null,null,{"$f":"IF($W42=\"33,001 +\",\"Class_8\",IF($W42=\"26,001-33,000\",\"Class_7\",IF($W42=\"19,501-26,000\",\"Class_6\",IF($W42=\"\",\"\"))))","v":""},null,null,0,{"$f":"IF($T42=\"Yes\",IF(COUNTA($U42:$AA42)=7,\"Complete\",\"Incomplete\"),\"N/A\")","v":"N/A"},{"$f":"IF($D42=\"2-for-1 Replace\",IF(OR(COUNTA(A42:AA42)=27,COUNTA(A42:AA42)=29),\"Complete\",\"Incomplete\"),IF(OR($D42=\"Replacement\",$D42=\"Repower\"),IF(COUNTA(A42:Q42)=17,\"Complete\",\"Incomplete\"),\"Incomplete\"))","v":"Incomplete"},null,{"$f":"IF(OR($H42=\"Class_8\",$X42=\"Class_8\"),\"Class_8\",IF(OR($H42=\"Class_7\",$X42=\"Class_7\"),\"Class_7\",IF(OR($H42=\"Class_6\",$X42=\"Class_6\"),\"Class_6\")))","v":false},false,{"$f":"IF($D42=\"Repower\",IF($H42=\"Class_7\",IF($M42=\"New: 2013+ HHD\",\"CL7HHD\",\"gas\")))","v":false},false,null,{"$f":"IF($D42=\"2-for-1 Replace\",\"Norestr\",IF($AK42=\"Repower_8\",\"Repo8\",IF($AK42=\"Repower_7\",\"Repo7\",IF($AK42=\"Repower_6\",\"Repo6\",IF(OR($H42=\"Class_8\",$L42=\"Class_8\"),\"Replacement8HHD\",IF($D42=\"Replacement\",IF($H42=\"Class_6\",\"Replacement6\",IF($H42=\"Class_7\",IF($I42=\"MHD\",\"Replacement7MHD\",\"Replacement7HHD\"),IF($H42=\"Class_8\",IF($I42=\"HHD\",\"Replacement8HHD\",\"Replacement8MHD\")))),))))))","v":0},{"$f":"IF($D42=\"Replacement\",IF($H42=\"Class_6\",\"Replacement_6\",IF($H42=\"Class_7\",\"Replacement_7\",IF($H42=\"Class_8\",\"Replacement_8\",null))),IF($D42=\"Repower\",IF($H42=\"Class_6\",\"Repower_6\",IF($H42=\"Class_7\",\"Repower_7\",IF($H42=\"Class_8\",\"Repower_8\",null))),IF($D42=\"2-for-1 Replace\",IF($L42=\"Class_6\",\"Replacement_6\",IF($L42=\"Class_7\",\"Replacement_7\",IF($L42=\"Class_8\",\"Replacement_8\",null))))))","v":false},{"$f":"IF($D42=\"Replacement\",IF(AND($H42=\"Class_6\",$B42 <> \"4+ Trucks\"),\"Small_Fleet_Replacement_6\",IF(AND($H42=\"Class_7\",$B42 <> \"4+ Trucks\"),\"Small_Fleet_Replacement_7\",IF(AND($H42=\"Class_8\",$B42 <> \"4+ Trucks\"),\"Small_Fleet_Replacement_8\",null))),IF($D42=\"Repower\",IF($H42=\"Class_6\",\"Repower_6\",IF($H42=\"Class_7\",\"Repower_7\",IF($H42=\"Class_8\",\"Repower_8\",null))),IF($D42=\"2-for-1 Replace\",IF($L42=\"Class_6\",\"Replacement_6\",IF($L42=\"Class_7\",\"Small_Fleet_Replacement_7\",IF($L42=\"Class_8\",\"Small_Fleet_Replacement_8\",null))))))","v":false},null,null,null,null,{"$f":"IF(AND($B42<>\"4+ Trucks\",$D42=\"Replacement\",$P42=\"Diesel\",OR($L42=\"Class_7\",$H42=\"CLass_7\"),$M42=\"New: 2015+\"),\"small fleet new class 7 diesel\",IF(AND($B42<>\"4+ Trucks\",$D42=\"Replacement\",OR($P42=\"Diesel\",$P42=\"LNG/CNG\",$P42=\"Hybrid\"),OR($H42=\"Class_7\",$L42=\"Class_7\"),$M42=\"Used: 2011+\"),\"small fleet used class 7 diesel\",IF(AND($B42<>\"4+ Trucks\",$D42=\"Replacement\",$P42=\"Diesel\",$L42=\"Class_8\",$M42=\"New: 2015+\"),\"small fleet new class 8 diesel\",IF(AND($B42<>\"4+ Trucks\",$D42=\"Replacement\",$P42=\"Diesel\",$L42=\"Class_6\"),\"small fleet class 6 diesel\",IF(AND($B42<>\"4+ Trucks\",$D42=\"Replacement\",OR($P42=\"Diesel\",$P42=\"LNG/CNG\",$P42=\"Hybrid\"),$L42=\"Class_8\",$M42=\"Used: 2011+\"),\"small fleet used class 8 diesel\",IF(AND($B42<>\"4+ Trucks\",$D42=\"Repower\",$P42=\"Diesel\",(OR($L42=\"Class_8\",$L42=\"Class_7\"))),\"small fleet repower class 7/8\",IF(AND($B42<>\"4+ Trucks\",$D42=\"Repower\",$P42=\"Diesel\",$L42=\"Class_6\"),\"small fleet repower class 6\",IF(AND($D42=\"Replacement\",$P42=\"Zero Emission\",(OR($L42=\"Class_8\",$L42=\"Class_7\"))),\"zero emission class 7/8\",IF(AND($D42=\"Replacement\",$P42=\"Hybrid Zero-Mile\",(OR($L42=\"Class_8\",$L42=\"Class_7\"))),\"hybrid zero mile class 7/8\",IF(AND($D42=\"Replacement\",$P42=\"Low NOx\",(OR($L42=\"Class_8\",$L42=\"Class_7\"))),\"low nox class 7/8\",IF(AND($D42=\"Replacement\",$P42=\"Hybrid\",(OR($L42=\"Class_8\",$L42=\"Class_7\"))),\"hybrid class 7/8\",IF(AND($D42=\"Replacement\",$P42=\"LNG/CNG\",(OR($L42=\"Class_8\",$L42=\"Class_7\"))),\"lng/cng class 7/8\",IF(AND($D42=\"Replacement\",$P42=\"Zero Emission\",$L42=\"Class_6\"),\"zero emission class 6\",IF(AND($D42=\"Replacement\",$P42=\"Hybrid Zero-Mile\",$L42=\"Class_6\"),\"hybrid zero mile class 6\",IF(AND($D42=\"Replacement\",$P42=\"Low NOx\",$L42=\"Class_6\"),\"low nox class 6\",IF(AND($D42=\"Replacement\",$P42=\"Hybrid\",$L42=\"Class_6\"),\"hybrid class 6\",IF(AND($D42=\"Replacement\",$P42=\"LNG/CNG\",$L42=\"Class_6\"),\"lng/cng class 6\",(IF(AND($P42=\"Diesel\", OR($L42=\"Class_6\", $AE42=\"Class_6\")),\"small fleet class 6 diesel\",IF(AND($P42=\"Diesel\",$M42=\"New: 2015+\", OR($L42=\"Class_7\", $AE42=\"Class_7\")),\"small fleet new class 7 diesel\",IF(AND($P42=\"Diesel\",$M42=\"Used: 2011+\", OR($L42=\"Class_7\", $AE42=\"Class_7\")),\"small fleet used class 7 diesel\",IF(AND($P42=\"Diesel\",$M42=\"New: 2015+\", OR($L42=\"Class_8\", $AE42=\"Class_8\")),\"small fleet new class 8 diesel\",IF(AND($P42=\"Diesel\",$M42=\"Used: 2011+\", OR($L42=\"Class_8\", $AE42=\"Class_8\")),\"small fleet used class 8 diesel\",(IF(AND($P42=\"LNG/CNG\", OR($L42=\"Class_6\", $AE42=\"Class_6\")),\"lng/cng class 6\",(IF(AND($P42=\"Hybrid\", OR($L42=\"Class_6\", $AE42=\"Class_6\")),\"hybrid class 6\",(IF(AND($P42=\"Low NOx\", OR($L42=\"Class_6\", $AE42=\"Class_6\")),\"low nox class 6\",(IF(AND($P42=\"Hybrid Zero-Mile\", OR($L42=\"Class_6\", $AE42=\"Class_6\")),\"hybrid zero mile class 6\",(IF(AND($P42=\"Zero Emission\", OR($L42=\"Class_6\", $AE42=\"Class_6\")),\"zero emission class 6\",(IF(AND($P42=\"LNG/CNG\", OR($L42=\"Class_7\", $AE42=\"Class_7\")),\"lng/cng class 7/8\",(IF(AND($P42=\"Hybrid\", OR($L42=\"Class_7\", $AE42=\"Class_7\")),\"hybrid class 7/8\",(IF(AND($P42=\"Low NOx\", OR($L42=\"Class_7\", $AE42=\"Class_7\")),\"low nox class 7/8\",(IF(AND($P42=\"Hybrid Zero-Mile\", OR($L42=\"Class_7\", $AE42=\"Class_7\")),\"hybrid zero mile class 7/8\",(IF(AND($P42=\"Zero Emission\", OR($L42=\"Class_7\", $AE42=\"Class_7\")),\"zero emission class 7/8\",(IF(AND($P42=\"LNG/CNG\", OR($L42=\"Class_8\", $AE42=\"Class_8\")),\"lng/cng class 7/8\",(IF(AND($P42=\"Hybrid\", OR($L42=\"Class_8\", $AE42=\"Class_8\")),\"hybrid class 7/8\",(IF(AND($P42=\"Low NOx\", OR($L42=\"Class_8\", $AE42=\"Class_8\")),\"low nox class 7/8\",(IF(AND($P42=\"Hybrid Zero-Mile\", OR($L42=\"Class_8\", $AE42=\"Class_8\")),\"hybrid zero mile class 7/8\",(IF(AND($P42=\"Zero Emission\", OR($L42=\"Class_8\", $AE42=\"Class_8\")),\"zero emission class 7/8\")))))))))))))))))))))))))))))))))))))))))))))))))))))","v":false}]
["project 39",null,null,null,null,null,null,{"$f":"IF($G43=\"33,001 +\",\"Class_8\",IF($G43=\"26,001-33,000\",\"Class_7\",IF($G43=\"19,501-26,000\",\"Class_6\",\"\")))","v":""},null,null,null,null,null,null,{"$f":"IF(H43=\"Class_6\",IF(T43=\"No\",MIN(IF((J43*K43)<10000,0,J43*K43),IF((J43*N43)<10000,0,J43*N43)),IF(MIN(Y43*Z43,Y43*N43)+MIN(J43*K43,J43*N43)>9999,MIN(J43*K43,J43*N43),0)),IF(T43=\"No\",MIN(IF((J43*K43)<20000,0,J43*K43),IF((J43*N43)<20000,0,J43*N43)),IF(MIN(Y43*Z43,Y43*N43)+MIN(J43*K43,J43*N43)>19999,MIN(J43*K43,J43*N43),0)))","v":0},null,null,"","No","No",null,null,null,{"$f":"IF($W43=\"33,001 +\",\"Class_8\",IF($W43=\"26,001-33,000\",\"Class_7\",IF($W43=\"19,501-26,000\",\"Class_6\",IF($W43=\"\",\"\"))))","v":""},null,null,0,{"$f":"IF($T43=\"Yes\",IF(COUNTA($U43:$AA43)=7,\"Complete\",\"Incomplete\"),\"N/A\")","v":"N/A"},{"$f":"IF($D43=\"2-for-1 Replace\",IF(OR(COUNTA(A43:AA43)=27,COUNTA(A43:AA43)=29),\"Complete\",\"Incomplete\"),IF(OR($D43=\"Replacement\",$D43=\"Repower\"),IF(COUNTA(A43:Q43)=17,\"Complete\",\"Incomplete\"),\"Incomplete\"))","v":"Incomplete"},null,{"$f":"IF(OR($H43=\"Class_8\",$X43=\"Class_8\"),\"Class_8\",IF(OR($H43=\"Class_7\",$X43=\"Class_7\"),\"Class_7\",IF(OR($H43=\"Class_6\",$X43=\"Class_6\"),\"Class_6\")))","v":false},false,{"$f":"IF($D43=\"Repower\",IF($H43=\"Class_7\",IF($M43=\"New: 2013+ HHD\",\"CL7HHD\",\"gas\")))","v":false},false,null,{"$f":"IF($D43=\"2-for-1 Replace\",\"Norestr\",IF($AK43=\"Repower_8\",\"Repo8\",IF($AK43=\"Repower_7\",\"Repo7\",IF($AK43=\"Repower_6\",\"Repo6\",IF(OR($H43=\"Class_8\",$L43=\"Class_8\"),\"Replacement8HHD\",IF($D43=\"Replacement\",IF($H43=\"Class_6\",\"Replacement6\",IF($H43=\"Class_7\",IF($I43=\"MHD\",\"Replacement7MHD\",\"Replacement7HHD\"),IF($H43=\"Class_8\",IF($I43=\"HHD\",\"Replacement8HHD\",\"Replacement8MHD\")))),))))))","v":0},{"$f":"IF($D43=\"Replacement\",IF($H43=\"Class_6\",\"Replacement_6\",IF($H43=\"Class_7\",\"Replacement_7\",IF($H43=\"Class_8\",\"Replacement_8\",null))),IF($D43=\"Repower\",IF($H43=\"Class_6\",\"Repower_6\",IF($H43=\"Class_7\",\"Repower_7\",IF($H43=\"Class_8\",\"Repower_8\",null))),IF($D43=\"2-for-1 Replace\",IF($L43=\"Class_6\",\"Replacement_6\",IF($L43=\"Class_7\",\"Replacement_7\",IF($L43=\"Class_8\",\"Replacement_8\",null))))))","v":false},{"$f":"IF($D43=\"Replacement\",IF(AND($H43=\"Class_6\",$B43 <> \"4+ Trucks\"),\"Small_Fleet_Replacement_6\",IF(AND($H43=\"Class_7\",$B43 <> \"4+ Trucks\"),\"Small_Fleet_Replacement_7\",IF(AND($H43=\"Class_8\",$B43 <> \"4+ Trucks\"),\"Small_Fleet_Replacement_8\",null))),IF($D43=\"Repower\",IF($H43=\"Class_6\",\"Repower_6\",IF($H43=\"Class_7\",\"Repower_7\",IF($H43=\"Class_8\",\"Repower_8\",null))),IF($D43=\"2-for-1 Replace\",IF($L43=\"Class_6\",\"Replacement_6\",IF($L43=\"Class_7\",\"Small_Fleet_Replacement_7\",IF($L43=\"Class_8\",\"Small_Fleet_Replacement_8\",null))))))","v":false},null,null,null,null,{"$f":"IF(AND($B43<>\"4+ Trucks\",$D43=\"Replacement\",$P43=\"Diesel\",OR($L43=\"Class_7\",$H43=\"CLass_7\"),$M43=\"New: 2015+\"),\"small fleet new class 7 diesel\",IF(AND($B43<>\"4+ Trucks\",$D43=\"Replacement\",OR($P43=\"Diesel\",$P43=\"LNG/CNG\",$P43=\"Hybrid\"),OR($H43=\"Class_7\",$L43=\"Class_7\"),$M43=\"Used: 2011+\"),\"small fleet used class 7 diesel\",IF(AND($B43<>\"4+ Trucks\",$D43=\"Replacement\",$P43=\"Diesel\",$L43=\"Class_8\",$M43=\"New: 2015+\"),\"small fleet new class 8 diesel\",IF(AND($B43<>\"4+ Trucks\",$D43=\"Replacement\",$P43=\"Diesel\",$L43=\"Class_6\"),\"small fleet class 6 diesel\",IF(AND($B43<>\"4+ Trucks\",$D43=\"Replacement\",OR($P43=\"Diesel\",$P43=\"LNG/CNG\",$P43=\"Hybrid\"),$L43=\"Class_8\",$M43=\"Used: 2011+\"),\"small fleet used class 8 diesel\",IF(AND($B43<>\"4+ Trucks\",$D43=\"Repower\",$P43=\"Diesel\",(OR($L43=\"Class_8\",$L43=\"Class_7\"))),\"small fleet repower class 7/8\",IF(AND($B43<>\"4+ Trucks\",$D43=\"Repower\",$P43=\"Diesel\",$L43=\"Class_6\"),\"small fleet repower class 6\",IF(AND($D43=\"Replacement\",$P43=\"Zero Emission\",(OR($L43=\"Class_8\",$L43=\"Class_7\"))),\"zero emission class 7/8\",IF(AND($D43=\"Replacement\",$P43=\"Hybrid Zero-Mile\",(OR($L43=\"Class_8\",$L43=\"Class_7\"))),\"hybrid zero mile class 7/8\",IF(AND($D43=\"Replacement\",$P43=\"Low NOx\",(OR($L43=\"Class_8\",$L43=\"Class_7\"))),\"low nox class 7/8\",IF(AND($D43=\"Replacement\",$P43=\"Hybrid\",(OR($L43=\"Class_8\",$L43=\"Class_7\"))),\"hybrid class 7/8\",IF(AND($D43=\"Replacement\",$P43=\"LNG/CNG\",(OR($L43=\"Class_8\",$L43=\"Class_7\"))),\"lng/cng class 7/8\",IF(AND($D43=\"Replacement\",$P43=\"Zero Emission\",$L43=\"Class_6\"),\"zero emission class 6\",IF(AND($D43=\"Replacement\",$P43=\"Hybrid Zero-Mile\",$L43=\"Class_6\"),\"hybrid zero mile class 6\",IF(AND($D43=\"Replacement\",$P43=\"Low NOx\",$L43=\"Class_6\"),\"low nox class 6\",IF(AND($D43=\"Replacement\",$P43=\"Hybrid\",$L43=\"Class_6\"),\"hybrid class 6\",IF(AND($D43=\"Replacement\",$P43=\"LNG/CNG\",$L43=\"Class_6\"),\"lng/cng class 6\",(IF(AND($P43=\"Diesel\", OR($L43=\"Class_6\", $AE43=\"Class_6\")),\"small fleet class 6 diesel\",IF(AND($P43=\"Diesel\",$M43=\"New: 2015+\", OR($L43=\"Class_7\", $AE43=\"Class_7\")),\"small fleet new class 7 diesel\",IF(AND($P43=\"Diesel\",$M43=\"Used: 2011+\", OR($L43=\"Class_7\", $AE43=\"Class_7\")),\"small fleet used class 7 diesel\",IF(AND($P43=\"Diesel\",$M43=\"New: 2015+\", OR($L43=\"Class_8\", $AE43=\"Class_8\")),\"small fleet new class 8 diesel\",IF(AND($P43=\"Diesel\",$M43=\"Used: 2011+\", OR($L43=\"Class_8\", $AE43=\"Class_8\")),\"small fleet used class 8 diesel\",(IF(AND($P43=\"LNG/CNG\", OR($L43=\"Class_6\", $AE43=\"Class_6\")),\"lng/cng class 6\",(IF(AND($P43=\"Hybrid\", OR($L43=\"Class_6\", $AE43=\"Class_6\")),\"hybrid class 6\",(IF(AND($P43=\"Low NOx\", OR($L43=\"Class_6\", $AE43=\"Class_6\")),\"low nox class 6\",(IF(AND($P43=\"Hybrid Zero-Mile\", OR($L43=\"Class_6\", $AE43=\"Class_6\")),\"hybrid zero mile class 6\",(IF(AND($P43=\"Zero Emission\", OR($L43=\"Class_6\", $AE43=\"Class_6\")),\"zero emission class 6\",(IF(AND($P43=\"LNG/CNG\", OR($L43=\"Class_7\", $AE43=\"Class_7\")),\"lng/cng class 7/8\",(IF(AND($P43=\"Hybrid\", OR($L43=\"Class_7\", $AE43=\"Class_7\")),\"hybrid class 7/8\",(IF(AND($P43=\"Low NOx\", OR($L43=\"Class_7\", $AE43=\"Class_7\")),\"low nox class 7/8\",(IF(AND($P43=\"Hybrid Zero-Mile\", OR($L43=\"Class_7\", $AE43=\"Class_7\")),\"hybrid zero mile class 7/8\",(IF(AND($P43=\"Zero Emission\", OR($L43=\"Class_7\", $AE43=\"Class_7\")),\"zero emission class 7/8\",(IF(AND($P43=\"LNG/CNG\", OR($L43=\"Class_8\", $AE43=\"Class_8\")),\"lng/cng class 7/8\",(IF(AND($P43=\"Hybrid\", OR($L43=\"Class_8\", $AE43=\"Class_8\")),\"hybrid class 7/8\",(IF(AND($P43=\"Low NOx\", OR($L43=\"Class_8\", $AE43=\"Class_8\")),\"low nox class 7/8\",(IF(AND($P43=\"Hybrid Zero-Mile\", OR($L43=\"Class_8\", $AE43=\"Class_8\")),\"hybrid zero mile class 7/8\",(IF(AND($P43=\"Zero Emission\", OR($L43=\"Class_8\", $AE43=\"Class_8\")),\"zero emission class 7/8\")))))))))))))))))))))))))))))))))))))))))))))))))))))","v":false}]
["project 40",null,null,null,null,null,null,{"$f":"IF($G44=\"33,001 +\",\"Class_8\",IF($G44=\"26,001-33,000\",\"Class_7\",IF($G44=\"19,501-26,000\",\"Class_6\",\"\")))","v":""},null,null,null,null,null,null,{"$f":"IF(H44=\"Class_6\",IF(T44=\"No\",MIN(IF((J44*K44)<10000,0,J44*K44),IF((J44*N44)<10000,0,J44*N44)),IF(MIN(Y44*Z44,Y44*N44)+MIN(J44*K44,J44*N44)>9999,MIN(J44*K44,J44*N44),0)),IF(T44=\"No\",MIN(IF((J44*K44)<20000,0,J44*K44),IF((J44*N44)<20000,0,J44*N44)),IF(MIN(Y44*Z44,Y44*N44)+MIN(J44*K44,J44*N44)>19999,MIN(J44*K44,J44*N44),0)))","v":0},null,null,"","No","No",null,null,null,{"$f":"IF($W44=\"33,001 +\",\"Class_8\",IF($W44=\"26,001-33,000\",\"Class_7\",IF($W44=\"19,501-26,000\",\"Class_6\",IF($W44=\"\",\"\"))))","v":""},null,null,0,{"$f":"IF($T44=\"Yes\",IF(COUNTA($U44:$AA44)=7,\"Complete\",\"Incomplete\"),\"N/A\")","v":"N/A"},{"$f":"IF($D44=\"2-for-1 Replace\",IF(OR(COUNTA(A44:AA44)=27,COUNTA(A44:AA44)=29),\"Complete\",\"Incomplete\"),IF(OR($D44=\"Replacement\",$D44=\"Repower\"),IF(COUNTA(A44:Q44)=17,\"Complete\",\"Incomplete\"),\"Incomplete\"))","v":"Incomplete"},null,{"$f":"IF(OR($H44=\"Class_8\",$X44=\"Class_8\"),\"Class_8\",IF(OR($H44=\"Class_7\",$X44=\"Class_7\"),\"Class_7\",IF(OR($H44=\"Class_6\",$X44=\"Class_6\"),\"Class_6\")))","v":false},false,{"$f":"IF($D44=\"Repower\",IF($H44=\"Class_7\",IF($M44=\"New: 2013+ HHD\",\"CL7HHD\",\"gas\")))","v":false},false,null,{"$f":"IF($D44=\"2-for-1 Replace\",\"Norestr\",IF($AK44=\"Repower_8\",\"Repo8\",IF($AK44=\"Repower_7\",\"Repo7\",IF($AK44=\"Repower_6\",\"Repo6\",IF(OR($H44=\"Class_8\",$L44=\"Class_8\"),\"Replacement8HHD\",IF($D44=\"Replacement\",IF($H44=\"Class_6\",\"Replacement6\",IF($H44=\"Class_7\",IF($I44=\"MHD\",\"Replacement7MHD\",\"Replacement7HHD\"),IF($H44=\"Class_8\",IF($I44=\"HHD\",\"Replacement8HHD\",\"Replacement8MHD\")))),))))))","v":0},{"$f":"IF($D44=\"Replacement\",IF($H44=\"Class_6\",\"Replacement_6\",IF($H44=\"Class_7\",\"Replacement_7\",IF($H44=\"Class_8\",\"Replacement_8\",null))),IF($D44=\"Repower\",IF($H44=\"Class_6\",\"Repower_6\",IF($H44=\"Class_7\",\"Repower_7\",IF($H44=\"Class_8\",\"Repower_8\",null))),IF($D44=\"2-for-1 Replace\",IF($L44=\"Class_6\",\"Replacement_6\",IF($L44=\"Class_7\",\"Replacement_7\",IF($L44=\"Class_8\",\"Replacement_8\",null))))))","v":false},{"$f":"IF($D44=\"Replacement\",IF(AND($H44=\"Class_6\",$B44 <> \"4+ Trucks\"),\"Small_Fleet_Replacement_6\",IF(AND($H44=\"Class_7\",$B44 <> \"4+ Trucks\"),\"Small_Fleet_Replacement_7\",IF(AND($H44=\"Class_8\",$B44 <> \"4+ Trucks\"),\"Small_Fleet_Replacement_8\",null))),IF($D44=\"Repower\",IF($H44=\"Class_6\",\"Repower_6\",IF($H44=\"Class_7\",\"Repower_7\",IF($H44=\"Class_8\",\"Repower_8\",null))),IF($D44=\"2-for-1 Replace\",IF($L44=\"Class_6\",\"Replacement_6\",IF($L44=\"Class_7\",\"Small_Fleet_Replacement_7\",IF($L44=\"Class_8\",\"Small_Fleet_Replacement_8\",null))))))","v":false},null,null,null,null,{"$f":"IF(AND($B44<>\"4+ Trucks\",$D44=\"Replacement\",$P44=\"Diesel\",OR($L44=\"Class_7\",$H44=\"CLass_7\"),$M44=\"New: 2015+\"),\"small fleet new class 7 diesel\",IF(AND($B44<>\"4+ Trucks\",$D44=\"Replacement\",OR($P44=\"Diesel\",$P44=\"LNG/CNG\",$P44=\"Hybrid\"),OR($H44=\"Class_7\",$L44=\"Class_7\"),$M44=\"Used: 2011+\"),\"small fleet used class 7 diesel\",IF(AND($B44<>\"4+ Trucks\",$D44=\"Replacement\",$P44=\"Diesel\",$L44=\"Class_8\",$M44=\"New: 2015+\"),\"small fleet new class 8 diesel\",IF(AND($B44<>\"4+ Trucks\",$D44=\"Replacement\",$P44=\"Diesel\",$L44=\"Class_6\"),\"small fleet class 6 diesel\",IF(AND($B44<>\"4+ Trucks\",$D44=\"Replacement\",OR($P44=\"Diesel\",$P44=\"LNG/CNG\",$P44=\"Hybrid\"),$L44=\"Class_8\",$M44=\"Used: 2011+\"),\"small fleet used class 8 diesel\",IF(AND($B44<>\"4+ Trucks\",$D44=\"Repower\",$P44=\"Diesel\",(OR($L44=\"Class_8\",$L44=\"Class_7\"))),\"small fleet repower class 7/8\",IF(AND($B44<>\"4+ Trucks\",$D44=\"Repower\",$P44=\"Diesel\",$L44=\"Class_6\"),\"small fleet repower class 6\",IF(AND($D44=\"Replacement\",$P44=\"Zero Emission\",(OR($L44=\"Class_8\",$L44=\"Class_7\"))),\"zero emission class 7/8\",IF(AND($D44=\"Replacement\",$P44=\"Hybrid Zero-Mile\",(OR($L44=\"Class_8\",$L44=\"Class_7\"))),\"hybrid zero mile class 7/8\",IF(AND($D44=\"Replacement\",$P44=\"Low NOx\",(OR($L44=\"Class_8\",$L44=\"Class_7\"))),\"low nox class 7/8\",IF(AND($D44=\"Replacement\",$P44=\"Hybrid\",(OR($L44=\"Class_8\",$L44=\"Class_7\"))),\"hybrid class 7/8\",IF(AND($D44=\"Replacement\",$P44=\"LNG/CNG\",(OR($L44=\"Class_8\",$L44=\"Class_7\"))),\"lng/cng class 7/8\",IF(AND($D44=\"Replacement\",$P44=\"Zero Emission\",$L44=\"Class_6\"),\"zero emission class 6\",IF(AND($D44=\"Replacement\",$P44=\"Hybrid Zero-Mile\",$L44=\"Class_6\"),\"hybrid zero mile class 6\",IF(AND($D44=\"Replacement\",$P44=\"Low NOx\",$L44=\"Class_6\"),\"low nox class 6\",IF(AND($D44=\"Replacement\",$P44=\"Hybrid\",$L44=\"Class_6\"),\"hybrid class 6\",IF(AND($D44=\"Replacement\",$P44=\"LNG/CNG\",$L44=\"Class_6\"),\"lng/cng class 6\",(IF(AND($P44=\"Diesel\", OR($L44=\"Class_6\", $AE44=\"Class_6\")),\"small fleet class 6 diesel\",IF(AND($P44=\"Diesel\",$M44=\"New: 2015+\", OR($L44=\"Class_7\", $AE44=\"Class_7\")),\"small fleet new class 7 diesel\",IF(AND($P44=\"Diesel\",$M44=\"Used: 2011+\", OR($L44=\"Class_7\", $AE44=\"Class_7\")),\"small fleet used class 7 diesel\",IF(AND($P44=\"Diesel\",$M44=\"New: 2015+\", OR($L44=\"Class_8\", $AE44=\"Class_8\")),\"small fleet new class 8 diesel\",IF(AND($P44=\"Diesel\",$M44=\"Used: 2011+\", OR($L44=\"Class_8\", $AE44=\"Class_8\")),\"small fleet used class 8 diesel\",(IF(AND($P44=\"LNG/CNG\", OR($L44=\"Class_6\", $AE44=\"Class_6\")),\"lng/cng class 6\",(IF(AND($P44=\"Hybrid\", OR($L44=\"Class_6\", $AE44=\"Class_6\")),\"hybrid class 6\",(IF(AND($P44=\"Low NOx\", OR($L44=\"Class_6\", $AE44=\"Class_6\")),\"low nox class 6\",(IF(AND($P44=\"Hybrid Zero-Mile\", OR($L44=\"Class_6\", $AE44=\"Class_6\")),\"hybrid zero mile class 6\",(IF(AND($P44=\"Zero Emission\", OR($L44=\"Class_6\", $AE44=\"Class_6\")),\"zero emission class 6\",(IF(AND($P44=\"LNG/CNG\", OR($L44=\"Class_7\", $AE44=\"Class_7\")),\"lng/cng class 7/8\",(IF(AND($P44=\"Hybrid\", OR($L44=\"Class_7\", $AE44=\"Class_7\")),\"hybrid class 7/8\",(IF(AND($P44=\"Low NOx\", OR($L44=\"Class_7\", $AE44=\"Class_7\")),\"low nox class 7/8\",(IF(AND($P44=\"Hybrid Zero-Mile\", OR($L44=\"Class_7\", $AE44=\"Class_7\")),\"hybrid zero mile class 7/8\",(IF(AND($P44=\"Zero Emission\", OR($L44=\"Class_7\", $AE44=\"Class_7\")),\"zero emission class 7/8\",(IF(AND($P44=\"LNG/CNG\", OR($L44=\"Class_8\", $AE44=\"Class_8\")),\"lng/cng class 7/8\",(IF(AND($P44=\"Hybrid\", OR($L44=\"Class_8\", $AE44=\"Class_8\")),\"hybrid class 7/8\",(IF(AND($P44=\"Low NOx\", OR($L44=\"Class_8\", $AE44=\"Class_8\")),\"low nox class 7/8\",(IF(AND($P44=\"Hybrid Zero-Mile\", OR($L44=\"Class_8\", $AE44=\"Class_8\")),\"hybrid zero mile class 7/8\",(IF(AND($P44=\"Zero Emission\", OR($L44=\"Class_8\", $AE44=\"Class_8\")),\"zero emission class 7/8\")))))))))))))))))))))))))))))))))))))))))))))))))))))","v":false}]
["project 41",null,null,null,null,null,null,{"$f":"IF($G45=\"33,001 +\",\"Class_8\",IF($G45=\"26,001-33,000\",\"Class_7\",IF($G45=\"19,501-26,000\",\"Class_6\",\"\")))","v":""},null,null,null,null,null,null,{"$f":"IF(H45=\"Class_6\",IF(T45=\"No\",MIN(IF((J45*K45)<10000,0,J45*K45),IF((J45*N45)<10000,0,J45*N45)),IF(MIN(Y45*Z45,Y45*N45)+MIN(J45*K45,J45*N45)>9999,MIN(J45*K45,J45*N45),0)),IF(T45=\"No\",MIN(IF((J45*K45)<20000,0,J45*K45),IF((J45*N45)<20000,0,J45*N45)),IF(MIN(Y45*Z45,Y45*N45)+MIN(J45*K45,J45*N45)>19999,MIN(J45*K45,J45*N45),0)))","v":0},null,null,"","No","No",null,null,null,{"$f":"IF($W45=\"33,001 +\",\"Class_8\",IF($W45=\"26,001-33,000\",\"Class_7\",IF($W45=\"19,501-26,000\",\"Class_6\",IF($W45=\"\",\"\"))))","v":""},null,null,0,{"$f":"IF($T45=\"Yes\",IF(COUNTA($U45:$AA45)=7,\"Complete\",\"Incomplete\"),\"N/A\")","v":"N/A"},{"$f":"IF($D45=\"2-for-1 Replace\",IF(OR(COUNTA(A45:AA45)=27,COUNTA(A45:AA45)=29),\"Complete\",\"Incomplete\"),IF(OR($D45=\"Replacement\",$D45=\"Repower\"),IF(COUNTA(A45:Q45)=17,\"Complete\",\"Incomplete\"),\"Incomplete\"))","v":"Incomplete"},null,{"$f":"IF(OR($H45=\"Class_8\",$X45=\"Class_8\"),\"Class_8\",IF(OR($H45=\"Class_7\",$X45=\"Class_7\"),\"Class_7\",IF(OR($H45=\"Class_6\",$X45=\"Class_6\"),\"Class_6\")))","v":false},false,{"$f":"IF($D45=\"Repower\",IF($H45=\"Class_7\",IF($M45=\"New: 2013+ HHD\",\"CL7HHD\",\"gas\")))","v":false},false,null,{"$f":"IF($D45=\"2-for-1 Replace\",\"Norestr\",IF($AK45=\"Repower_8\",\"Repo8\",IF($AK45=\"Repower_7\",\"Repo7\",IF($AK45=\"Repower_6\",\"Repo6\",IF(OR($H45=\"Class_8\",$L45=\"Class_8\"),\"Replacement8HHD\",IF($D45=\"Replacement\",IF($H45=\"Class_6\",\"Replacement6\",IF($H45=\"Class_7\",IF($I45=\"MHD\",\"Replacement7MHD\",\"Replacement7HHD\"),IF($H45=\"Class_8\",IF($I45=\"HHD\",\"Replacement8HHD\",\"Replacement8MHD\")))),))))))","v":0},{"$f":"IF($D45=\"Replacement\",IF($H45=\"Class_6\",\"Replacement_6\",IF($H45=\"Class_7\",\"Replacement_7\",IF($H45=\"Class_8\",\"Replacement_8\",null))),IF($D45=\"Repower\",IF($H45=\"Class_6\",\"Repower_6\",IF($H45=\"Class_7\",\"Repower_7\",IF($H45=\"Class_8\",\"Repower_8\",null))),IF($D45=\"2-for-1 Replace\",IF($L45=\"Class_6\",\"Replacement_6\",IF($L45=\"Class_7\",\"Replacement_7\",IF($L45=\"Class_8\",\"Replacement_8\",null))))))","v":false},{"$f":"IF($D45=\"Replacement\",IF(AND($H45=\"Class_6\",$B45 <> \"4+ Trucks\"),\"Small_Fleet_Replacement_6\",IF(AND($H45=\"Class_7\",$B45 <> \"4+ Trucks\"),\"Small_Fleet_Replacement_7\",IF(AND($H45=\"Class_8\",$B45 <> \"4+ Trucks\"),\"Small_Fleet_Replacement_8\",null))),IF($D45=\"Repower\",IF($H45=\"Class_6\",\"Repower_6\",IF($H45=\"Class_7\",\"Repower_7\",IF($H45=\"Class_8\",\"Repower_8\",null))),IF($D45=\"2-for-1 Replace\",IF($L45=\"Class_6\",\"Replacement_6\",IF($L45=\"Class_7\",\"Small_Fleet_Replacement_7\",IF($L45=\"Class_8\",\"Small_Fleet_Replacement_8\",null))))))","v":false},null,null,null,null,{"$f":"IF(AND($B45<>\"4+ Trucks\",$D45=\"Replacement\",$P45=\"Diesel\",OR($L45=\"Class_7\",$H45=\"CLass_7\"),$M45=\"New: 2015+\"),\"small fleet new class 7 diesel\",IF(AND($B45<>\"4+ Trucks\",$D45=\"Replacement\",OR($P45=\"Diesel\",$P45=\"LNG/CNG\",$P45=\"Hybrid\"),OR($H45=\"Class_7\",$L45=\"Class_7\"),$M45=\"Used: 2011+\"),\"small fleet used class 7 diesel\",IF(AND($B45<>\"4+ Trucks\",$D45=\"Replacement\",$P45=\"Diesel\",$L45=\"Class_8\",$M45=\"New: 2015+\"),\"small fleet new class 8 diesel\",IF(AND($B45<>\"4+ Trucks\",$D45=\"Replacement\",$P45=\"Diesel\",$L45=\"Class_6\"),\"small fleet class 6 diesel\",IF(AND($B45<>\"4+ Trucks\",$D45=\"Replacement\",OR($P45=\"Diesel\",$P45=\"LNG/CNG\",$P45=\"Hybrid\"),$L45=\"Class_8\",$M45=\"Used: 2011+\"),\"small fleet used class 8 diesel\",IF(AND($B45<>\"4+ Trucks\",$D45=\"Repower\",$P45=\"Diesel\",(OR($L45=\"Class_8\",$L45=\"Class_7\"))),\"small fleet repower class 7/8\",IF(AND($B45<>\"4+ Trucks\",$D45=\"Repower\",$P45=\"Diesel\",$L45=\"Class_6\"),\"small fleet repower class 6\",IF(AND($D45=\"Replacement\",$P45=\"Zero Emission\",(OR($L45=\"Class_8\",$L45=\"Class_7\"))),\"zero emission class 7/8\",IF(AND($D45=\"Replacement\",$P45=\"Hybrid Zero-Mile\",(OR($L45=\"Class_8\",$L45=\"Class_7\"))),\"hybrid zero mile class 7/8\",IF(AND($D45=\"Replacement\",$P45=\"Low NOx\",(OR($L45=\"Class_8\",$L45=\"Class_7\"))),\"low nox class 7/8\",IF(AND($D45=\"Replacement\",$P45=\"Hybrid\",(OR($L45=\"Class_8\",$L45=\"Class_7\"))),\"hybrid class 7/8\",IF(AND($D45=\"Replacement\",$P45=\"LNG/CNG\",(OR($L45=\"Class_8\",$L45=\"Class_7\"))),\"lng/cng class 7/8\",IF(AND($D45=\"Replacement\",$P45=\"Zero Emission\",$L45=\"Class_6\"),\"zero emission class 6\",IF(AND($D45=\"Replacement\",$P45=\"Hybrid Zero-Mile\",$L45=\"Class_6\"),\"hybrid zero mile class 6\",IF(AND($D45=\"Replacement\",$P45=\"Low NOx\",$L45=\"Class_6\"),\"low nox class 6\",IF(AND($D45=\"Replacement\",$P45=\"Hybrid\",$L45=\"Class_6\"),\"hybrid class 6\",IF(AND($D45=\"Replacement\",$P45=\"LNG/CNG\",$L45=\"Class_6\"),\"lng/cng class 6\",(IF(AND($P45=\"Diesel\", OR($L45=\"Class_6\", $AE45=\"Class_6\")),\"small fleet class 6 diesel\",IF(AND($P45=\"Diesel\",$M45=\"New: 2015+\", OR($L45=\"Class_7\", $AE45=\"Class_7\")),\"small fleet new class 7 diesel\",IF(AND($P45=\"Diesel\",$M45=\"Used: 2011+\", OR($L45=\"Class_7\", $AE45=\"Class_7\")),\"small fleet used class 7 diesel\",IF(AND($P45=\"Diesel\",$M45=\"New: 2015+\", OR($L45=\"Class_8\", $AE45=\"Class_8\")),\"small fleet new class 8 diesel\",IF(AND($P45=\"Diesel\",$M45=\"Used: 2011+\", OR($L45=\"Class_8\", $AE45=\"Class_8\")),\"small fleet used class 8 diesel\",(IF(AND($P45=\"LNG/CNG\", OR($L45=\"Class_6\", $AE45=\"Class_6\")),\"lng/cng class 6\",(IF(AND($P45=\"Hybrid\", OR($L45=\"Class_6\", $AE45=\"Class_6\")),\"hybrid class 6\",(IF(AND($P45=\"Low NOx\", OR($L45=\"Class_6\", $AE45=\"Class_6\")),\"low nox class 6\",(IF(AND($P45=\"Hybrid Zero-Mile\", OR($L45=\"Class_6\", $AE45=\"Class_6\")),\"hybrid zero mile class 6\",(IF(AND($P45=\"Zero Emission\", OR($L45=\"Class_6\", $AE45=\"Class_6\")),\"zero emission class 6\",(IF(AND($P45=\"LNG/CNG\", OR($L45=\"Class_7\", $AE45=\"Class_7\")),\"lng/cng class 7/8\",(IF(AND($P45=\"Hybrid\", OR($L45=\"Class_7\", $AE45=\"Class_7\")),\"hybrid class 7/8\",(IF(AND($P45=\"Low NOx\", OR($L45=\"Class_7\", $AE45=\"Class_7\")),\"low nox class 7/8\",(IF(AND($P45=\"Hybrid Zero-Mile\", OR($L45=\"Class_7\", $AE45=\"Class_7\")),\"hybrid zero mile class 7/8\",(IF(AND($P45=\"Zero Emission\", OR($L45=\"Class_7\", $AE45=\"Class_7\")),\"zero emission class 7/8\",(IF(AND($P45=\"LNG/CNG\", OR($L45=\"Class_8\", $AE45=\"Class_8\")),\"lng/cng class 7/8\",(IF(AND($P45=\"Hybrid\", OR($L45=\"Class_8\", $AE45=\"Class_8\")),\"hybrid class 7/8\",(IF(AND($P45=\"Low NOx\", OR($L45=\"Class_8\", $AE45=\"Class_8\")),\"low nox class 7/8\",(IF(AND($P45=\"Hybrid Zero-Mile\", OR($L45=\"Class_8\", $AE45=\"Class_8\")),\"hybrid zero mile class 7/8\",(IF(AND($P45=\"Zero Emission\", OR($L45=\"Class_8\", $AE45=\"Class_8\")),\"zero emission class 7/8\")))))))))))))))))))))))))))))))))))))))))))))))))))))","v":false}]
["project 42",null,null,null,null,null,null,{"$f":"IF($G46=\"33,001 +\",\"Class_8\",IF($G46=\"26,001-33,000\",\"Class_7\",IF($G46=\"19,501-26,000\",\"Class_6\",\"\")))","v":""},null,null,null,null,null,null,{"$f":"IF(H46=\"Class_6\",IF(T46=\"No\",MIN(IF((J46*K46)<10000,0,J46*K46),IF((J46*N46)<10000,0,J46*N46)),IF(MIN(Y46*Z46,Y46*N46)+MIN(J46*K46,J46*N46)>9999,MIN(J46*K46,J46*N46),0)),IF(T46=\"No\",MIN(IF((J46*K46)<20000,0,J46*K46),IF((J46*N46)<20000,0,J46*N46)),IF(MIN(Y46*Z46,Y46*N46)+MIN(J46*K46,J46*N46)>19999,MIN(J46*K46,J46*N46),0)))","v":0},null,null,"","No","No",null,null,null,{"$f":"IF($W46=\"33,001 +\",\"Class_8\",IF($W46=\"26,001-33,000\",\"Class_7\",IF($W46=\"19,501-26,000\",\"Class_6\",IF($W46=\"\",\"\"))))","v":""},null,null,0,{"$f":"IF($T46=\"Yes\",IF(COUNTA($U46:$AA46)=7,\"Complete\",\"Incomplete\"),\"N/A\")","v":"N/A"},{"$f":"IF($D46=\"2-for-1 Replace\",IF(OR(COUNTA(A46:AA46)=27,COUNTA(A46:AA46)=29),\"Complete\",\"Incomplete\"),IF(OR($D46=\"Replacement\",$D46=\"Repower\"),IF(COUNTA(A46:Q46)=17,\"Complete\",\"Incomplete\"),\"Incomplete\"))","v":"Incomplete"},null,{"$f":"IF(OR($H46=\"Class_8\",$X46=\"Class_8\"),\"Class_8\",IF(OR($H46=\"Class_7\",$X46=\"Class_7\"),\"Class_7\",IF(OR($H46=\"Class_6\",$X46=\"Class_6\"),\"Class_6\")))","v":false},false,{"$f":"IF($D46=\"Repower\",IF($H46=\"Class_7\",IF($M46=\"New: 2013+ HHD\",\"CL7HHD\",\"gas\")))","v":false},false,null,{"$f":"IF($D46=\"2-for-1 Replace\",\"Norestr\",IF($AK46=\"Repower_8\",\"Repo8\",IF($AK46=\"Repower_7\",\"Repo7\",IF($AK46=\"Repower_6\",\"Repo6\",IF(OR($H46=\"Class_8\",$L46=\"Class_8\"),\"Replacement8HHD\",IF($D46=\"Replacement\",IF($H46=\"Class_6\",\"Replacement6\",IF($H46=\"Class_7\",IF($I46=\"MHD\",\"Replacement7MHD\",\"Replacement7HHD\"),IF($H46=\"Class_8\",IF($I46=\"HHD\",\"Replacement8HHD\",\"Replacement8MHD\")))),))))))","v":0},{"$f":"IF($D46=\"Replacement\",IF($H46=\"Class_6\",\"Replacement_6\",IF($H46=\"Class_7\",\"Replacement_7\",IF($H46=\"Class_8\",\"Replacement_8\",null))),IF($D46=\"Repower\",IF($H46=\"Class_6\",\"Repower_6\",IF($H46=\"Class_7\",\"Repower_7\",IF($H46=\"Class_8\",\"Repower_8\",null))),IF($D46=\"2-for-1 Replace\",IF($L46=\"Class_6\",\"Replacement_6\",IF($L46=\"Class_7\",\"Replacement_7\",IF($L46=\"Class_8\",\"Replacement_8\",null))))))","v":false},{"$f":"IF($D46=\"Replacement\",IF(AND($H46=\"Class_6\",$B46 <> \"4+ Trucks\"),\"Small_Fleet_Replacement_6\",IF(AND($H46=\"Class_7\",$B46 <> \"4+ Trucks\"),\"Small_Fleet_Replacement_7\",IF(AND($H46=\"Class_8\",$B46 <> \"4+ Trucks\"),\"Small_Fleet_Replacement_8\",null))),IF($D46=\"Repower\",IF($H46=\"Class_6\",\"Repower_6\",IF($H46=\"Class_7\",\"Repower_7\",IF($H46=\"Class_8\",\"Repower_8\",null))),IF($D46=\"2-for-1 Replace\",IF($L46=\"Class_6\",\"Replacement_6\",IF($L46=\"Class_7\",\"Small_Fleet_Replacement_7\",IF($L46=\"Class_8\",\"Small_Fleet_Replacement_8\",null))))))","v":false},null,null,null,null,{"$f":"IF(AND($B46<>\"4+ Trucks\",$D46=\"Replacement\",$P46=\"Diesel\",OR($L46=\"Class_7\",$H46=\"CLass_7\"),$M46=\"New: 2015+\"),\"small fleet new class 7 diesel\",IF(AND($B46<>\"4+ Trucks\",$D46=\"Replacement\",OR($P46=\"Diesel\",$P46=\"LNG/CNG\",$P46=\"Hybrid\"),OR($H46=\"Class_7\",$L46=\"Class_7\"),$M46=\"Used: 2011+\"),\"small fleet used class 7 diesel\",IF(AND($B46<>\"4+ Trucks\",$D46=\"Replacement\",$P46=\"Diesel\",$L46=\"Class_8\",$M46=\"New: 2015+\"),\"small fleet new class 8 diesel\",IF(AND($B46<>\"4+ Trucks\",$D46=\"Replacement\",$P46=\"Diesel\",$L46=\"Class_6\"),\"small fleet class 6 diesel\",IF(AND($B46<>\"4+ Trucks\",$D46=\"Replacement\",OR($P46=\"Diesel\",$P46=\"LNG/CNG\",$P46=\"Hybrid\"),$L46=\"Class_8\",$M46=\"Used: 2011+\"),\"small fleet used class 8 diesel\",IF(AND($B46<>\"4+ Trucks\",$D46=\"Repower\",$P46=\"Diesel\",(OR($L46=\"Class_8\",$L46=\"Class_7\"))),\"small fleet repower class 7/8\",IF(AND($B46<>\"4+ Trucks\",$D46=\"Repower\",$P46=\"Diesel\",$L46=\"Class_6\"),\"small fleet repower class 6\",IF(AND($D46=\"Replacement\",$P46=\"Zero Emission\",(OR($L46=\"Class_8\",$L46=\"Class_7\"))),\"zero emission class 7/8\",IF(AND($D46=\"Replacement\",$P46=\"Hybrid Zero-Mile\",(OR($L46=\"Class_8\",$L46=\"Class_7\"))),\"hybrid zero mile class 7/8\",IF(AND($D46=\"Replacement\",$P46=\"Low NOx\",(OR($L46=\"Class_8\",$L46=\"Class_7\"))),\"low nox class 7/8\",IF(AND($D46=\"Replacement\",$P46=\"Hybrid\",(OR($L46=\"Class_8\",$L46=\"Class_7\"))),\"hybrid class 7/8\",IF(AND($D46=\"Replacement\",$P46=\"LNG/CNG\",(OR($L46=\"Class_8\",$L46=\"Class_7\"))),\"lng/cng class 7/8\",IF(AND($D46=\"Replacement\",$P46=\"Zero Emission\",$L46=\"Class_6\"),\"zero emission class 6\",IF(AND($D46=\"Replacement\",$P46=\"Hybrid Zero-Mile\",$L46=\"Class_6\"),\"hybrid zero mile class 6\",IF(AND($D46=\"Replacement\",$P46=\"Low NOx\",$L46=\"Class_6\"),\"low nox class 6\",IF(AND($D46=\"Replacement\",$P46=\"Hybrid\",$L46=\"Class_6\"),\"hybrid class 6\",IF(AND($D46=\"Replacement\",$P46=\"LNG/CNG\",$L46=\"Class_6\"),\"lng/cng class 6\",(IF(AND($P46=\"Diesel\", OR($L46=\"Class_6\", $AE46=\"Class_6\")),\"small fleet class 6 diesel\",IF(AND($P46=\"Diesel\",$M46=\"New: 2015+\", OR($L46=\"Class_7\", $AE46=\"Class_7\")),\"small fleet new class 7 diesel\",IF(AND($P46=\"Diesel\",$M46=\"Used: 2011+\", OR($L46=\"Class_7\", $AE46=\"Class_7\")),\"small fleet used class 7 diesel\",IF(AND($P46=\"Diesel\",$M46=\"New: 2015+\", OR($L46=\"Class_8\", $AE46=\"Class_8\")),\"small fleet new class 8 diesel\",IF(AND($P46=\"Diesel\",$M46=\"Used: 2011+\", OR($L46=\"Class_8\", $AE46=\"Class_8\")),\"small fleet used class 8 diesel\",(IF(AND($P46=\"LNG/CNG\", OR($L46=\"Class_6\", $AE46=\"Class_6\")),\"lng/cng class 6\",(IF(AND($P46=\"Hybrid\", OR($L46=\"Class_6\", $AE46=\"Class_6\")),\"hybrid class 6\",(IF(AND($P46=\"Low NOx\", OR($L46=\"Class_6\", $AE46=\"Class_6\")),\"low nox class 6\",(IF(AND($P46=\"Hybrid Zero-Mile\", OR($L46=\"Class_6\", $AE46=\"Class_6\")),\"hybrid zero mile class 6\",(IF(AND($P46=\"Zero Emission\", OR($L46=\"Class_6\", $AE46=\"Class_6\")),\"zero emission class 6\",(IF(AND($P46=\"LNG/CNG\", OR($L46=\"Class_7\", $AE46=\"Class_7\")),\"lng/cng class 7/8\",(IF(AND($P46=\"Hybrid\", OR($L46=\"Class_7\", $AE46=\"Class_7\")),\"hybrid class 7/8\",(IF(AND($P46=\"Low NOx\", OR($L46=\"Class_7\", $AE46=\"Class_7\")),\"low nox class 7/8\",(IF(AND($P46=\"Hybrid Zero-Mile\", OR($L46=\"Class_7\", $AE46=\"Class_7\")),\"hybrid zero mile class 7/8\",(IF(AND($P46=\"Zero Emission\", OR($L46=\"Class_7\", $AE46=\"Class_7\")),\"zero emission class 7/8\",(IF(AND($P46=\"LNG/CNG\", OR($L46=\"Class_8\", $AE46=\"Class_8\")),\"lng/cng class 7/8\",(IF(AND($P46=\"Hybrid\", OR($L46=\"Class_8\", $AE46=\"Class_8\")),\"hybrid class 7/8\",(IF(AND($P46=\"Low NOx\", OR($L46=\"Class_8\", $AE46=\"Class_8\")),\"low nox class 7/8\",(IF(AND($P46=\"Hybrid Zero-Mile\", OR($L46=\"Class_8\", $AE46=\"Class_8\")),\"hybrid zero mile class 7/8\",(IF(AND($P46=\"Zero Emission\", OR($L46=\"Class_8\", $AE46=\"Class_8\")),\"zero emission class 7/8\")))))))))))))))))))))))))))))))))))))))))))))))))))))","v":false}]
["project 43",null,null,null,null,null,null,{"$f":"IF($G47=\"33,001 +\",\"Class_8\",IF($G47=\"26,001-33,000\",\"Class_7\",IF($G47=\"19,501-26,000\",\"Class_6\",\"\")))","v":""},null,null,null,null,null,null,{"$f":"IF(H47=\"Class_6\",IF(T47=\"No\",MIN(IF((J47*K47)<10000,0,J47*K47),IF((J47*N47)<10000,0,J47*N47)),IF(MIN(Y47*Z47,Y47*N47)+MIN(J47*K47,J47*N47)>9999,MIN(J47*K47,J47*N47),0)),IF(T47=\"No\",MIN(IF((J47*K47)<20000,0,J47*K47),IF((J47*N47)<20000,0,J47*N47)),IF(MIN(Y47*Z47,Y47*N47)+MIN(J47*K47,J47*N47)>19999,MIN(J47*K47,J47*N47),0)))","v":0},null,null,"","No","No",null,null,null,{"$f":"IF($W47=\"33,001 +\",\"Class_8\",IF($W47=\"26,001-33,000\",\"Class_7\",IF($W47=\"19,501-26,000\",\"Class_6\",IF($W47=\"\",\"\"))))","v":""},null,null,0,{"$f":"IF($T47=\"Yes\",IF(COUNTA($U47:$AA47)=7,\"Complete\",\"Incomplete\"),\"N/A\")","v":"N/A"},{"$f":"IF($D47=\"2-for-1 Replace\",IF(OR(COUNTA(A47:AA47)=27,COUNTA(A47:AA47)=29),\"Complete\",\"Incomplete\"),IF(OR($D47=\"Replacement\",$D47=\"Repower\"),IF(COUNTA(A47:Q47)=17,\"Complete\",\"Incomplete\"),\"Incomplete\"))","v":"Incomplete"},null,{"$f":"IF(OR($H47=\"Class_8\",$X47=\"Class_8\"),\"Class_8\",IF(OR($H47=\"Class_7\",$X47=\"Class_7\"),\"Class_7\",IF(OR($H47=\"Class_6\",$X47=\"Class_6\"),\"Class_6\")))","v":false},false,{"$f":"IF($D47=\"Repower\",IF($H47=\"Class_7\",IF($M47=\"New: 2013+ HHD\",\"CL7HHD\",\"gas\")))","v":false},false,null,{"$f":"IF($D47=\"2-for-1 Replace\",\"Norestr\",IF($AK47=\"Repower_8\",\"Repo8\",IF($AK47=\"Repower_7\",\"Repo7\",IF($AK47=\"Repower_6\",\"Repo6\",IF(OR($H47=\"Class_8\",$L47=\"Class_8\"),\"Replacement8HHD\",IF($D47=\"Replacement\",IF($H47=\"Class_6\",\"Replacement6\",IF($H47=\"Class_7\",IF($I47=\"MHD\",\"Replacement7MHD\",\"Replacement7HHD\"),IF($H47=\"Class_8\",IF($I47=\"HHD\",\"Replacement8HHD\",\"Replacement8MHD\")))),))))))","v":0},{"$f":"IF($D47=\"Replacement\",IF($H47=\"Class_6\",\"Replacement_6\",IF($H47=\"Class_7\",\"Replacement_7\",IF($H47=\"Class_8\",\"Replacement_8\",null))),IF($D47=\"Repower\",IF($H47=\"Class_6\",\"Repower_6\",IF($H47=\"Class_7\",\"Repower_7\",IF($H47=\"Class_8\",\"Repower_8\",null))),IF($D47=\"2-for-1 Replace\",IF($L47=\"Class_6\",\"Replacement_6\",IF($L47=\"Class_7\",\"Replacement_7\",IF($L47=\"Class_8\",\"Replacement_8\",null))))))","v":false},{"$f":"IF($D47=\"Replacement\",IF(AND($H47=\"Class_6\",$B47 <> \"4+ Trucks\"),\"Small_Fleet_Replacement_6\",IF(AND($H47=\"Class_7\",$B47 <> \"4+ Trucks\"),\"Small_Fleet_Replacement_7\",IF(AND($H47=\"Class_8\",$B47 <> \"4+ Trucks\"),\"Small_Fleet_Replacement_8\",null))),IF($D47=\"Repower\",IF($H47=\"Class_6\",\"Repower_6\",IF($H47=\"Class_7\",\"Repower_7\",IF($H47=\"Class_8\",\"Repower_8\",null))),IF($D47=\"2-for-1 Replace\",IF($L47=\"Class_6\",\"Replacement_6\",IF($L47=\"Class_7\",\"Small_Fleet_Replacement_7\",IF($L47=\"Class_8\",\"Small_Fleet_Replacement_8\",null))))))","v":false},null,null,null,null,{"$f":"IF(AND($B47<>\"4+ Trucks\",$D47=\"Replacement\",$P47=\"Diesel\",OR($L47=\"Class_7\",$H47=\"CLass_7\"),$M47=\"New: 2015+\"),\"small fleet new class 7 diesel\",IF(AND($B47<>\"4+ Trucks\",$D47=\"Replacement\",OR($P47=\"Diesel\",$P47=\"LNG/CNG\",$P47=\"Hybrid\"),OR($H47=\"Class_7\",$L47=\"Class_7\"),$M47=\"Used: 2011+\"),\"small fleet used class 7 diesel\",IF(AND($B47<>\"4+ Trucks\",$D47=\"Replacement\",$P47=\"Diesel\",$L47=\"Class_8\",$M47=\"New: 2015+\"),\"small fleet new class 8 diesel\",IF(AND($B47<>\"4+ Trucks\",$D47=\"Replacement\",$P47=\"Diesel\",$L47=\"Class_6\"),\"small fleet class 6 diesel\",IF(AND($B47<>\"4+ Trucks\",$D47=\"Replacement\",OR($P47=\"Diesel\",$P47=\"LNG/CNG\",$P47=\"Hybrid\"),$L47=\"Class_8\",$M47=\"Used: 2011+\"),\"small fleet used class 8 diesel\",IF(AND($B47<>\"4+ Trucks\",$D47=\"Repower\",$P47=\"Diesel\",(OR($L47=\"Class_8\",$L47=\"Class_7\"))),\"small fleet repower class 7/8\",IF(AND($B47<>\"4+ Trucks\",$D47=\"Repower\",$P47=\"Diesel\",$L47=\"Class_6\"),\"small fleet repower class 6\",IF(AND($D47=\"Replacement\",$P47=\"Zero Emission\",(OR($L47=\"Class_8\",$L47=\"Class_7\"))),\"zero emission class 7/8\",IF(AND($D47=\"Replacement\",$P47=\"Hybrid Zero-Mile\",(OR($L47=\"Class_8\",$L47=\"Class_7\"))),\"hybrid zero mile class 7/8\",IF(AND($D47=\"Replacement\",$P47=\"Low NOx\",(OR($L47=\"Class_8\",$L47=\"Class_7\"))),\"low nox class 7/8\",IF(AND($D47=\"Replacement\",$P47=\"Hybrid\",(OR($L47=\"Class_8\",$L47=\"Class_7\"))),\"hybrid class 7/8\",IF(AND($D47=\"Replacement\",$P47=\"LNG/CNG\",(OR($L47=\"Class_8\",$L47=\"Class_7\"))),\"lng/cng class 7/8\",IF(AND($D47=\"Replacement\",$P47=\"Zero Emission\",$L47=\"Class_6\"),\"zero emission class 6\",IF(AND($D47=\"Replacement\",$P47=\"Hybrid Zero-Mile\",$L47=\"Class_6\"),\"hybrid zero mile class 6\",IF(AND($D47=\"Replacement\",$P47=\"Low NOx\",$L47=\"Class_6\"),\"low nox class 6\",IF(AND($D47=\"Replacement\",$P47=\"Hybrid\",$L47=\"Class_6\"),\"hybrid class 6\",IF(AND($D47=\"Replacement\",$P47=\"LNG/CNG\",$L47=\"Class_6\"),\"lng/cng class 6\",(IF(AND($P47=\"Diesel\", OR($L47=\"Class_6\", $AE47=\"Class_6\")),\"small fleet class 6 diesel\",IF(AND($P47=\"Diesel\",$M47=\"New: 2015+\", OR($L47=\"Class_7\", $AE47=\"Class_7\")),\"small fleet new class 7 diesel\",IF(AND($P47=\"Diesel\",$M47=\"Used: 2011+\", OR($L47=\"Class_7\", $AE47=\"Class_7\")),\"small fleet used class 7 diesel\",IF(AND($P47=\"Diesel\",$M47=\"New: 2015+\", OR($L47=\"Class_8\", $AE47=\"Class_8\")),\"small fleet new class 8 diesel\",IF(AND($P47=\"Diesel\",$M47=\"Used: 2011+\", OR($L47=\"Class_8\", $AE47=\"Class_8\")),\"small fleet used class 8 diesel\",(IF(AND($P47=\"LNG/CNG\", OR($L47=\"Class_6\", $AE47=\"Class_6\")),\"lng/cng class 6\",(IF(AND($P47=\"Hybrid\", OR($L47=\"Class_6\", $AE47=\"Class_6\")),\"hybrid class 6\",(IF(AND($P47=\"Low NOx\", OR($L47=\"Class_6\", $AE47=\"Class_6\")),\"low nox class 6\",(IF(AND($P47=\"Hybrid Zero-Mile\", OR($L47=\"Class_6\", $AE47=\"Class_6\")),\"hybrid zero mile class 6\",(IF(AND($P47=\"Zero Emission\", OR($L47=\"Class_6\", $AE47=\"Class_6\")),\"zero emission class 6\",(IF(AND($P47=\"LNG/CNG\", OR($L47=\"Class_7\", $AE47=\"Class_7\")),\"lng/cng class 7/8\",(IF(AND($P47=\"Hybrid\", OR($L47=\"Class_7\", $AE47=\"Class_7\")),\"hybrid class 7/8\",(IF(AND($P47=\"Low NOx\", OR($L47=\"Class_7\", $AE47=\"Class_7\")),\"low nox class 7/8\",(IF(AND($P47=\"Hybrid Zero-Mile\", OR($L47=\"Class_7\", $AE47=\"Class_7\")),\"hybrid zero mile class 7/8\",(IF(AND($P47=\"Zero Emission\", OR($L47=\"Class_7\", $AE47=\"Class_7\")),\"zero emission class 7/8\",(IF(AND($P47=\"LNG/CNG\", OR($L47=\"Class_8\", $AE47=\"Class_8\")),\"lng/cng class 7/8\",(IF(AND($P47=\"Hybrid\", OR($L47=\"Class_8\", $AE47=\"Class_8\")),\"hybrid class 7/8\",(IF(AND($P47=\"Low NOx\", OR($L47=\"Class_8\", $AE47=\"Class_8\")),\"low nox class 7/8\",(IF(AND($P47=\"Hybrid Zero-Mile\", OR($L47=\"Class_8\", $AE47=\"Class_8\")),\"hybrid zero mile class 7/8\",(IF(AND($P47=\"Zero Emission\", OR($L47=\"Class_8\", $AE47=\"Class_8\")),\"zero emission class 7/8\")))))))))))))))))))))))))))))))))))))))))))))))))))))","v":false}]
["project 44",null,null,null,null,null,null,{"$f":"IF($G48=\"33,001 +\",\"Class_8\",IF($G48=\"26,001-33,000\",\"Class_7\",IF($G48=\"19,501-26,000\",\"Class_6\",\"\")))","v":""},null,null,null,null,null,null,{"$f":"IF(H48=\"Class_6\",IF(T48=\"No\",MIN(IF((J48*K48)<10000,0,J48*K48),IF((J48*N48)<10000,0,J48*N48)),IF(MIN(Y48*Z48,Y48*N48)+MIN(J48*K48,J48*N48)>9999,MIN(J48*K48,J48*N48),0)),IF(T48=\"No\",MIN(IF((J48*K48)<20000,0,J48*K48),IF((J48*N48)<20000,0,J48*N48)),IF(MIN(Y48*Z48,Y48*N48)+MIN(J48*K48,J48*N48)>19999,MIN(J48*K48,J48*N48),0)))","v":0},null,null,"","No","No",null,null,null,{"$f":"IF($W48=\"33,001 +\",\"Class_8\",IF($W48=\"26,001-33,000\",\"Class_7\",IF($W48=\"19,501-26,000\",\"Class_6\",IF($W48=\"\",\"\"))))","v":""},null,null,0,{"$f":"IF($T48=\"Yes\",IF(COUNTA($U48:$AA48)=7,\"Complete\",\"Incomplete\"),\"N/A\")","v":"N/A"},{"$f":"IF($D48=\"2-for-1 Replace\",IF(OR(COUNTA(A48:AA48)=27,COUNTA(A48:AA48)=29),\"Complete\",\"Incomplete\"),IF(OR($D48=\"Replacement\",$D48=\"Repower\"),IF(COUNTA(A48:Q48)=17,\"Complete\",\"Incomplete\"),\"Incomplete\"))","v":"Incomplete"},null,{"$f":"IF(OR($H48=\"Class_8\",$X48=\"Class_8\"),\"Class_8\",IF(OR($H48=\"Class_7\",$X48=\"Class_7\"),\"Class_7\",IF(OR($H48=\"Class_6\",$X48=\"Class_6\"),\"Class_6\")))","v":false},false,{"$f":"IF($D48=\"Repower\",IF($H48=\"Class_7\",IF($M48=\"New: 2013+ HHD\",\"CL7HHD\",\"gas\")))","v":false},false,null,{"$f":"IF($D48=\"2-for-1 Replace\",\"Norestr\",IF($AK48=\"Repower_8\",\"Repo8\",IF($AK48=\"Repower_7\",\"Repo7\",IF($AK48=\"Repower_6\",\"Repo6\",IF(OR($H48=\"Class_8\",$L48=\"Class_8\"),\"Replacement8HHD\",IF($D48=\"Replacement\",IF($H48=\"Class_6\",\"Replacement6\",IF($H48=\"Class_7\",IF($I48=\"MHD\",\"Replacement7MHD\",\"Replacement7HHD\"),IF($H48=\"Class_8\",IF($I48=\"HHD\",\"Replacement8HHD\",\"Replacement8MHD\")))),))))))","v":0},{"$f":"IF($D48=\"Replacement\",IF($H48=\"Class_6\",\"Replacement_6\",IF($H48=\"Class_7\",\"Replacement_7\",IF($H48=\"Class_8\",\"Replacement_8\",null))),IF($D48=\"Repower\",IF($H48=\"Class_6\",\"Repower_6\",IF($H48=\"Class_7\",\"Repower_7\",IF($H48=\"Class_8\",\"Repower_8\",null))),IF($D48=\"2-for-1 Replace\",IF($L48=\"Class_6\",\"Replacement_6\",IF($L48=\"Class_7\",\"Replacement_7\",IF($L48=\"Class_8\",\"Replacement_8\",null))))))","v":false},{"$f":"IF($D48=\"Replacement\",IF(AND($H48=\"Class_6\",$B48 <> \"4+ Trucks\"),\"Small_Fleet_Replacement_6\",IF(AND($H48=\"Class_7\",$B48 <> \"4+ Trucks\"),\"Small_Fleet_Replacement_7\",IF(AND($H48=\"Class_8\",$B48 <> \"4+ Trucks\"),\"Small_Fleet_Replacement_8\",null))),IF($D48=\"Repower\",IF($H48=\"Class_6\",\"Repower_6\",IF($H48=\"Class_7\",\"Repower_7\",IF($H48=\"Class_8\",\"Repower_8\",null))),IF($D48=\"2-for-1 Replace\",IF($L48=\"Class_6\",\"Replacement_6\",IF($L48=\"Class_7\",\"Small_Fleet_Replacement_7\",IF($L48=\"Class_8\",\"Small_Fleet_Replacement_8\",null))))))","v":false},null,null,null,null,{"$f":"IF(AND($B48<>\"4+ Trucks\",$D48=\"Replacement\",$P48=\"Diesel\",OR($L48=\"Class_7\",$H48=\"CLass_7\"),$M48=\"New: 2015+\"),\"small fleet new class 7 diesel\",IF(AND($B48<>\"4+ Trucks\",$D48=\"Replacement\",OR($P48=\"Diesel\",$P48=\"LNG/CNG\",$P48=\"Hybrid\"),OR($H48=\"Class_7\",$L48=\"Class_7\"),$M48=\"Used: 2011+\"),\"small fleet used class 7 diesel\",IF(AND($B48<>\"4+ Trucks\",$D48=\"Replacement\",$P48=\"Diesel\",$L48=\"Class_8\",$M48=\"New: 2015+\"),\"small fleet new class 8 diesel\",IF(AND($B48<>\"4+ Trucks\",$D48=\"Replacement\",$P48=\"Diesel\",$L48=\"Class_6\"),\"small fleet class 6 diesel\",IF(AND($B48<>\"4+ Trucks\",$D48=\"Replacement\",OR($P48=\"Diesel\",$P48=\"LNG/CNG\",$P48=\"Hybrid\"),$L48=\"Class_8\",$M48=\"Used: 2011+\"),\"small fleet used class 8 diesel\",IF(AND($B48<>\"4+ Trucks\",$D48=\"Repower\",$P48=\"Diesel\",(OR($L48=\"Class_8\",$L48=\"Class_7\"))),\"small fleet repower class 7/8\",IF(AND($B48<>\"4+ Trucks\",$D48=\"Repower\",$P48=\"Diesel\",$L48=\"Class_6\"),\"small fleet repower class 6\",IF(AND($D48=\"Replacement\",$P48=\"Zero Emission\",(OR($L48=\"Class_8\",$L48=\"Class_7\"))),\"zero emission class 7/8\",IF(AND($D48=\"Replacement\",$P48=\"Hybrid Zero-Mile\",(OR($L48=\"Class_8\",$L48=\"Class_7\"))),\"hybrid zero mile class 7/8\",IF(AND($D48=\"Replacement\",$P48=\"Low NOx\",(OR($L48=\"Class_8\",$L48=\"Class_7\"))),\"low nox class 7/8\",IF(AND($D48=\"Replacement\",$P48=\"Hybrid\",(OR($L48=\"Class_8\",$L48=\"Class_7\"))),\"hybrid class 7/8\",IF(AND($D48=\"Replacement\",$P48=\"LNG/CNG\",(OR($L48=\"Class_8\",$L48=\"Class_7\"))),\"lng/cng class 7/8\",IF(AND($D48=\"Replacement\",$P48=\"Zero Emission\",$L48=\"Class_6\"),\"zero emission class 6\",IF(AND($D48=\"Replacement\",$P48=\"Hybrid Zero-Mile\",$L48=\"Class_6\"),\"hybrid zero mile class 6\",IF(AND($D48=\"Replacement\",$P48=\"Low NOx\",$L48=\"Class_6\"),\"low nox class 6\",IF(AND($D48=\"Replacement\",$P48=\"Hybrid\",$L48=\"Class_6\"),\"hybrid class 6\",IF(AND($D48=\"Replacement\",$P48=\"LNG/CNG\",$L48=\"Class_6\"),\"lng/cng class 6\",(IF(AND($P48=\"Diesel\", OR($L48=\"Class_6\", $AE48=\"Class_6\")),\"small fleet class 6 diesel\",IF(AND($P48=\"Diesel\",$M48=\"New: 2015+\", OR($L48=\"Class_7\", $AE48=\"Class_7\")),\"small fleet new class 7 diesel\",IF(AND($P48=\"Diesel\",$M48=\"Used: 2011+\", OR($L48=\"Class_7\", $AE48=\"Class_7\")),\"small fleet used class 7 diesel\",IF(AND($P48=\"Diesel\",$M48=\"New: 2015+\", OR($L48=\"Class_8\", $AE48=\"Class_8\")),\"small fleet new class 8 diesel\",IF(AND($P48=\"Diesel\",$M48=\"Used: 2011+\", OR($L48=\"Class_8\", $AE48=\"Class_8\")),\"small fleet used class 8 diesel\",(IF(AND($P48=\"LNG/CNG\", OR($L48=\"Class_6\", $AE48=\"Class_6\")),\"lng/cng class 6\",(IF(AND($P48=\"Hybrid\", OR($L48=\"Class_6\", $AE48=\"Class_6\")),\"hybrid class 6\",(IF(AND($P48=\"Low NOx\", OR($L48=\"Class_6\", $AE48=\"Class_6\")),\"low nox class 6\",(IF(AND($P48=\"Hybrid Zero-Mile\", OR($L48=\"Class_6\", $AE48=\"Class_6\")),\"hybrid zero mile class 6\",(IF(AND($P48=\"Zero Emission\", OR($L48=\"Class_6\", $AE48=\"Class_6\")),\"zero emission class 6\",(IF(AND($P48=\"LNG/CNG\", OR($L48=\"Class_7\", $AE48=\"Class_7\")),\"lng/cng class 7/8\",(IF(AND($P48=\"Hybrid\", OR($L48=\"Class_7\", $AE48=\"Class_7\")),\"hybrid class 7/8\",(IF(AND($P48=\"Low NOx\", OR($L48=\"Class_7\", $AE48=\"Class_7\")),\"low nox class 7/8\",(IF(AND($P48=\"Hybrid Zero-Mile\", OR($L48=\"Class_7\", $AE48=\"Class_7\")),\"hybrid zero mile class 7/8\",(IF(AND($P48=\"Zero Emission\", OR($L48=\"Class_7\", $AE48=\"Class_7\")),\"zero emission class 7/8\",(IF(AND($P48=\"LNG/CNG\", OR($L48=\"Class_8\", $AE48=\"Class_8\")),\"lng/cng class 7/8\",(IF(AND($P48=\"Hybrid\", OR($L48=\"Class_8\", $AE48=\"Class_8\")),\"hybrid class 7/8\",(IF(AND($P48=\"Low NOx\", OR($L48=\"Class_8\", $AE48=\"Class_8\")),\"low nox class 7/8\",(IF(AND($P48=\"Hybrid Zero-Mile\", OR($L48=\"Class_8\", $AE48=\"Class_8\")),\"hybrid zero mile class 7/8\",(IF(AND($P48=\"Zero Emission\", OR($L48=\"Class_8\", $AE48=\"Class_8\")),\"zero emission class 7/8\")))))))))))))))))))))))))))))))))))))))))))))))))))))","v":false}]
["project 45",null,null,null,null,null,null,{"$f":"IF($G49=\"33,001 +\",\"Class_8\",IF($G49=\"26,001-33,000\",\"Class_7\",IF($G49=\"19,501-26,000\",\"Class_6\",\"\")))","v":""},null,null,null,null,null,null,{"$f":"IF(H49=\"Class_6\",IF(T49=\"No\",MIN(IF((J49*K49)<10000,0,J49*K49),IF((J49*N49)<10000,0,J49*N49)),IF(MIN(Y49*Z49,Y49*N49)+MIN(J49*K49,J49*N49)>9999,MIN(J49*K49,J49*N49),0)),IF(T49=\"No\",MIN(IF((J49*K49)<20000,0,J49*K49),IF((J49*N49)<20000,0,J49*N49)),IF(MIN(Y49*Z49,Y49*N49)+MIN(J49*K49,J49*N49)>19999,MIN(J49*K49,J49*N49),0)))","v":0},null,null,"","No","No",null,null,null,{"$f":"IF($W49=\"33,001 +\",\"Class_8\",IF($W49=\"26,001-33,000\",\"Class_7\",IF($W49=\"19,501-26,000\",\"Class_6\",IF($W49=\"\",\"\"))))","v":""},null,null,0,{"$f":"IF($T49=\"Yes\",IF(COUNTA($U49:$AA49)=7,\"Complete\",\"Incomplete\"),\"N/A\")","v":"N/A"},{"$f":"IF($D49=\"2-for-1 Replace\",IF(OR(COUNTA(A49:AA49)=27,COUNTA(A49:AA49)=29),\"Complete\",\"Incomplete\"),IF(OR($D49=\"Replacement\",$D49=\"Repower\"),IF(COUNTA(A49:Q49)=17,\"Complete\",\"Incomplete\"),\"Incomplete\"))","v":"Incomplete"},null,{"$f":"IF(OR($H49=\"Class_8\",$X49=\"Class_8\"),\"Class_8\",IF(OR($H49=\"Class_7\",$X49=\"Class_7\"),\"Class_7\",IF(OR($H49=\"Class_6\",$X49=\"Class_6\"),\"Class_6\")))","v":false},false,{"$f":"IF($D49=\"Repower\",IF($H49=\"Class_7\",IF($M49=\"New: 2013+ HHD\",\"CL7HHD\",\"gas\")))","v":false},false,null,{"$f":"IF($D49=\"2-for-1 Replace\",\"Norestr\",IF($AK49=\"Repower_8\",\"Repo8\",IF($AK49=\"Repower_7\",\"Repo7\",IF($AK49=\"Repower_6\",\"Repo6\",IF(OR($H49=\"Class_8\",$L49=\"Class_8\"),\"Replacement8HHD\",IF($D49=\"Replacement\",IF($H49=\"Class_6\",\"Replacement6\",IF($H49=\"Class_7\",IF($I49=\"MHD\",\"Replacement7MHD\",\"Replacement7HHD\"),IF($H49=\"Class_8\",IF($I49=\"HHD\",\"Replacement8HHD\",\"Replacement8MHD\")))),))))))","v":0},{"$f":"IF($D49=\"Replacement\",IF($H49=\"Class_6\",\"Replacement_6\",IF($H49=\"Class_7\",\"Replacement_7\",IF($H49=\"Class_8\",\"Replacement_8\",null))),IF($D49=\"Repower\",IF($H49=\"Class_6\",\"Repower_6\",IF($H49=\"Class_7\",\"Repower_7\",IF($H49=\"Class_8\",\"Repower_8\",null))),IF($D49=\"2-for-1 Replace\",IF($L49=\"Class_6\",\"Replacement_6\",IF($L49=\"Class_7\",\"Replacement_7\",IF($L49=\"Class_8\",\"Replacement_8\",null))))))","v":false},{"$f":"IF($D49=\"Replacement\",IF(AND($H49=\"Class_6\",$B49 <> \"4+ Trucks\"),\"Small_Fleet_Replacement_6\",IF(AND($H49=\"Class_7\",$B49 <> \"4+ Trucks\"),\"Small_Fleet_Replacement_7\",IF(AND($H49=\"Class_8\",$B49 <> \"4+ Trucks\"),\"Small_Fleet_Replacement_8\",null))),IF($D49=\"Repower\",IF($H49=\"Class_6\",\"Repower_6\",IF($H49=\"Class_7\",\"Repower_7\",IF($H49=\"Class_8\",\"Repower_8\",null))),IF($D49=\"2-for-1 Replace\",IF($L49=\"Class_6\",\"Replacement_6\",IF($L49=\"Class_7\",\"Small_Fleet_Replacement_7\",IF($L49=\"Class_8\",\"Small_Fleet_Replacement_8\",null))))))","v":false},null,null,null,null,{"$f":"IF(AND($B49<>\"4+ Trucks\",$D49=\"Replacement\",$P49=\"Diesel\",OR($L49=\"Class_7\",$H49=\"CLass_7\"),$M49=\"New: 2015+\"),\"small fleet new class 7 diesel\",IF(AND($B49<>\"4+ Trucks\",$D49=\"Replacement\",OR($P49=\"Diesel\",$P49=\"LNG/CNG\",$P49=\"Hybrid\"),OR($H49=\"Class_7\",$L49=\"Class_7\"),$M49=\"Used: 2011+\"),\"small fleet used class 7 diesel\",IF(AND($B49<>\"4+ Trucks\",$D49=\"Replacement\",$P49=\"Diesel\",$L49=\"Class_8\",$M49=\"New: 2015+\"),\"small fleet new class 8 diesel\",IF(AND($B49<>\"4+ Trucks\",$D49=\"Replacement\",$P49=\"Diesel\",$L49=\"Class_6\"),\"small fleet class 6 diesel\",IF(AND($B49<>\"4+ Trucks\",$D49=\"Replacement\",OR($P49=\"Diesel\",$P49=\"LNG/CNG\",$P49=\"Hybrid\"),$L49=\"Class_8\",$M49=\"Used: 2011+\"),\"small fleet used class 8 diesel\",IF(AND($B49<>\"4+ Trucks\",$D49=\"Repower\",$P49=\"Diesel\",(OR($L49=\"Class_8\",$L49=\"Class_7\"))),\"small fleet repower class 7/8\",IF(AND($B49<>\"4+ Trucks\",$D49=\"Repower\",$P49=\"Diesel\",$L49=\"Class_6\"),\"small fleet repower class 6\",IF(AND($D49=\"Replacement\",$P49=\"Zero Emission\",(OR($L49=\"Class_8\",$L49=\"Class_7\"))),\"zero emission class 7/8\",IF(AND($D49=\"Replacement\",$P49=\"Hybrid Zero-Mile\",(OR($L49=\"Class_8\",$L49=\"Class_7\"))),\"hybrid zero mile class 7/8\",IF(AND($D49=\"Replacement\",$P49=\"Low NOx\",(OR($L49=\"Class_8\",$L49=\"Class_7\"))),\"low nox class 7/8\",IF(AND($D49=\"Replacement\",$P49=\"Hybrid\",(OR($L49=\"Class_8\",$L49=\"Class_7\"))),\"hybrid class 7/8\",IF(AND($D49=\"Replacement\",$P49=\"LNG/CNG\",(OR($L49=\"Class_8\",$L49=\"Class_7\"))),\"lng/cng class 7/8\",IF(AND($D49=\"Replacement\",$P49=\"Zero Emission\",$L49=\"Class_6\"),\"zero emission class 6\",IF(AND($D49=\"Replacement\",$P49=\"Hybrid Zero-Mile\",$L49=\"Class_6\"),\"hybrid zero mile class 6\",IF(AND($D49=\"Replacement\",$P49=\"Low NOx\",$L49=\"Class_6\"),\"low nox class 6\",IF(AND($D49=\"Replacement\",$P49=\"Hybrid\",$L49=\"Class_6\"),\"hybrid class 6\",IF(AND($D49=\"Replacement\",$P49=\"LNG/CNG\",$L49=\"Class_6\"),\"lng/cng class 6\",(IF(AND($P49=\"Diesel\", OR($L49=\"Class_6\", $AE49=\"Class_6\")),\"small fleet class 6 diesel\",IF(AND($P49=\"Diesel\",$M49=\"New: 2015+\", OR($L49=\"Class_7\", $AE49=\"Class_7\")),\"small fleet new class 7 diesel\",IF(AND($P49=\"Diesel\",$M49=\"Used: 2011+\", OR($L49=\"Class_7\", $AE49=\"Class_7\")),\"small fleet used class 7 diesel\",IF(AND($P49=\"Diesel\",$M49=\"New: 2015+\", OR($L49=\"Class_8\", $AE49=\"Class_8\")),\"small fleet new class 8 diesel\",IF(AND($P49=\"Diesel\",$M49=\"Used: 2011+\", OR($L49=\"Class_8\", $AE49=\"Class_8\")),\"small fleet used class 8 diesel\",(IF(AND($P49=\"LNG/CNG\", OR($L49=\"Class_6\", $AE49=\"Class_6\")),\"lng/cng class 6\",(IF(AND($P49=\"Hybrid\", OR($L49=\"Class_6\", $AE49=\"Class_6\")),\"hybrid class 6\",(IF(AND($P49=\"Low NOx\", OR($L49=\"Class_6\", $AE49=\"Class_6\")),\"low nox class 6\",(IF(AND($P49=\"Hybrid Zero-Mile\", OR($L49=\"Class_6\", $AE49=\"Class_6\")),\"hybrid zero mile class 6\",(IF(AND($P49=\"Zero Emission\", OR($L49=\"Class_6\", $AE49=\"Class_6\")),\"zero emission class 6\",(IF(AND($P49=\"LNG/CNG\", OR($L49=\"Class_7\", $AE49=\"Class_7\")),\"lng/cng class 7/8\",(IF(AND($P49=\"Hybrid\", OR($L49=\"Class_7\", $AE49=\"Class_7\")),\"hybrid class 7/8\",(IF(AND($P49=\"Low NOx\", OR($L49=\"Class_7\", $AE49=\"Class_7\")),\"low nox class 7/8\",(IF(AND($P49=\"Hybrid Zero-Mile\", OR($L49=\"Class_7\", $AE49=\"Class_7\")),\"hybrid zero mile class 7/8\",(IF(AND($P49=\"Zero Emission\", OR($L49=\"Class_7\", $AE49=\"Class_7\")),\"zero emission class 7/8\",(IF(AND($P49=\"LNG/CNG\", OR($L49=\"Class_8\", $AE49=\"Class_8\")),\"lng/cng class 7/8\",(IF(AND($P49=\"Hybrid\", OR($L49=\"Class_8\", $AE49=\"Class_8\")),\"hybrid class 7/8\",(IF(AND($P49=\"Low NOx\", OR($L49=\"Class_8\", $AE49=\"Class_8\")),\"low nox class 7/8\",(IF(AND($P49=\"Hybrid Zero-Mile\", OR($L49=\"Class_8\", $AE49=\"Class_8\")),\"hybrid zero mile class 7/8\",(IF(AND($P49=\"Zero Emission\", OR($L49=\"Class_8\", $AE49=\"Class_8\")),\"zero emission class 7/8\")))))))))))))))))))))))))))))))))))))))))))))))))))))","v":false}]
["project 46",null,null,null,null,null,null,{"$f":"IF($G50=\"33,001 +\",\"Class_8\",IF($G50=\"26,001-33,000\",\"Class_7\",IF($G50=\"19,501-26,000\",\"Class_6\",\"\")))","v":""},null,null,null,null,null,null,{"$f":"IF(H50=\"Class_6\",IF(T50=\"No\",MIN(IF((J50*K50)<10000,0,J50*K50),IF((J50*N50)<10000,0,J50*N50)),IF(MIN(Y50*Z50,Y50*N50)+MIN(J50*K50,J50*N50)>9999,MIN(J50*K50,J50*N50),0)),IF(T50=\"No\",MIN(IF((J50*K50)<20000,0,J50*K50),IF((J50*N50)<20000,0,J50*N50)),IF(MIN(Y50*Z50,Y50*N50)+MIN(J50*K50,J50*N50)>19999,MIN(J50*K50,J50*N50),0)))","v":0},null,null,"","No","No",null,null,null,{"$f":"IF($W50=\"33,001 +\",\"Class_8\",IF($W50=\"26,001-33,000\",\"Class_7\",IF($W50=\"19,501-26,000\",\"Class_6\",IF($W50=\"\",\"\"))))","v":""},null,null,0,{"$f":"IF($T50=\"Yes\",IF(COUNTA($U50:$AA50)=7,\"Complete\",\"Incomplete\"),\"N/A\")","v":"N/A"},{"$f":"IF($D50=\"2-for-1 Replace\",IF(OR(COUNTA(A50:AA50)=27,COUNTA(A50:AA50)=29),\"Complete\",\"Incomplete\"),IF(OR($D50=\"Replacement\",$D50=\"Repower\"),IF(COUNTA(A50:Q50)=17,\"Complete\",\"Incomplete\"),\"Incomplete\"))","v":"Incomplete"},null,{"$f":"IF(OR($H50=\"Class_8\",$X50=\"Class_8\"),\"Class_8\",IF(OR($H50=\"Class_7\",$X50=\"Class_7\"),\"Class_7\",IF(OR($H50=\"Class_6\",$X50=\"Class_6\"),\"Class_6\")))","v":false},false,{"$f":"IF($D50=\"Repower\",IF($H50=\"Class_7\",IF($M50=\"New: 2013+ HHD\",\"CL7HHD\",\"gas\")))","v":false},false,null,{"$f":"IF($D50=\"2-for-1 Replace\",\"Norestr\",IF($AK50=\"Repower_8\",\"Repo8\",IF($AK50=\"Repower_7\",\"Repo7\",IF($AK50=\"Repower_6\",\"Repo6\",IF(OR($H50=\"Class_8\",$L50=\"Class_8\"),\"Replacement8HHD\",IF($D50=\"Replacement\",IF($H50=\"Class_6\",\"Replacement6\",IF($H50=\"Class_7\",IF($I50=\"MHD\",\"Replacement7MHD\",\"Replacement7HHD\"),IF($H50=\"Class_8\",IF($I50=\"HHD\",\"Replacement8HHD\",\"Replacement8MHD\")))),))))))","v":0},{"$f":"IF($D50=\"Replacement\",IF($H50=\"Class_6\",\"Replacement_6\",IF($H50=\"Class_7\",\"Replacement_7\",IF($H50=\"Class_8\",\"Replacement_8\",null))),IF($D50=\"Repower\",IF($H50=\"Class_6\",\"Repower_6\",IF($H50=\"Class_7\",\"Repower_7\",IF($H50=\"Class_8\",\"Repower_8\",null))),IF($D50=\"2-for-1 Replace\",IF($L50=\"Class_6\",\"Replacement_6\",IF($L50=\"Class_7\",\"Replacement_7\",IF($L50=\"Class_8\",\"Replacement_8\",null))))))","v":false},{"$f":"IF($D50=\"Replacement\",IF(AND($H50=\"Class_6\",$B50 <> \"4+ Trucks\"),\"Small_Fleet_Replacement_6\",IF(AND($H50=\"Class_7\",$B50 <> \"4+ Trucks\"),\"Small_Fleet_Replacement_7\",IF(AND($H50=\"Class_8\",$B50 <> \"4+ Trucks\"),\"Small_Fleet_Replacement_8\",null))),IF($D50=\"Repower\",IF($H50=\"Class_6\",\"Repower_6\",IF($H50=\"Class_7\",\"Repower_7\",IF($H50=\"Class_8\",\"Repower_8\",null))),IF($D50=\"2-for-1 Replace\",IF($L50=\"Class_6\",\"Replacement_6\",IF($L50=\"Class_7\",\"Small_Fleet_Replacement_7\",IF($L50=\"Class_8\",\"Small_Fleet_Replacement_8\",null))))))","v":false},null,null,null,null,{"$f":"IF(AND($B50<>\"4+ Trucks\",$D50=\"Replacement\",$P50=\"Diesel\",OR($L50=\"Class_7\",$H50=\"CLass_7\"),$M50=\"New: 2015+\"),\"small fleet new class 7 diesel\",IF(AND($B50<>\"4+ Trucks\",$D50=\"Replacement\",OR($P50=\"Diesel\",$P50=\"LNG/CNG\",$P50=\"Hybrid\"),OR($H50=\"Class_7\",$L50=\"Class_7\"),$M50=\"Used: 2011+\"),\"small fleet used class 7 diesel\",IF(AND($B50<>\"4+ Trucks\",$D50=\"Replacement\",$P50=\"Diesel\",$L50=\"Class_8\",$M50=\"New: 2015+\"),\"small fleet new class 8 diesel\",IF(AND($B50<>\"4+ Trucks\",$D50=\"Replacement\",$P50=\"Diesel\",$L50=\"Class_6\"),\"small fleet class 6 diesel\",IF(AND($B50<>\"4+ Trucks\",$D50=\"Replacement\",OR($P50=\"Diesel\",$P50=\"LNG/CNG\",$P50=\"Hybrid\"),$L50=\"Class_8\",$M50=\"Used: 2011+\"),\"small fleet used class 8 diesel\",IF(AND($B50<>\"4+ Trucks\",$D50=\"Repower\",$P50=\"Diesel\",(OR($L50=\"Class_8\",$L50=\"Class_7\"))),\"small fleet repower class 7/8\",IF(AND($B50<>\"4+ Trucks\",$D50=\"Repower\",$P50=\"Diesel\",$L50=\"Class_6\"),\"small fleet repower class 6\",IF(AND($D50=\"Replacement\",$P50=\"Zero Emission\",(OR($L50=\"Class_8\",$L50=\"Class_7\"))),\"zero emission class 7/8\",IF(AND($D50=\"Replacement\",$P50=\"Hybrid Zero-Mile\",(OR($L50=\"Class_8\",$L50=\"Class_7\"))),\"hybrid zero mile class 7/8\",IF(AND($D50=\"Replacement\",$P50=\"Low NOx\",(OR($L50=\"Class_8\",$L50=\"Class_7\"))),\"low nox class 7/8\",IF(AND($D50=\"Replacement\",$P50=\"Hybrid\",(OR($L50=\"Class_8\",$L50=\"Class_7\"))),\"hybrid class 7/8\",IF(AND($D50=\"Replacement\",$P50=\"LNG/CNG\",(OR($L50=\"Class_8\",$L50=\"Class_7\"))),\"lng/cng class 7/8\",IF(AND($D50=\"Replacement\",$P50=\"Zero Emission\",$L50=\"Class_6\"),\"zero emission class 6\",IF(AND($D50=\"Replacement\",$P50=\"Hybrid Zero-Mile\",$L50=\"Class_6\"),\"hybrid zero mile class 6\",IF(AND($D50=\"Replacement\",$P50=\"Low NOx\",$L50=\"Class_6\"),\"low nox class 6\",IF(AND($D50=\"Replacement\",$P50=\"Hybrid\",$L50=\"Class_6\"),\"hybrid class 6\",IF(AND($D50=\"Replacement\",$P50=\"LNG/CNG\",$L50=\"Class_6\"),\"lng/cng class 6\",(IF(AND($P50=\"Diesel\", OR($L50=\"Class_6\", $AE50=\"Class_6\")),\"small fleet class 6 diesel\",IF(AND($P50=\"Diesel\",$M50=\"New: 2015+\", OR($L50=\"Class_7\", $AE50=\"Class_7\")),\"small fleet new class 7 diesel\",IF(AND($P50=\"Diesel\",$M50=\"Used: 2011+\", OR($L50=\"Class_7\", $AE50=\"Class_7\")),\"small fleet used class 7 diesel\",IF(AND($P50=\"Diesel\",$M50=\"New: 2015+\", OR($L50=\"Class_8\", $AE50=\"Class_8\")),\"small fleet new class 8 diesel\",IF(AND($P50=\"Diesel\",$M50=\"Used: 2011+\", OR($L50=\"Class_8\", $AE50=\"Class_8\")),\"small fleet used class 8 diesel\",(IF(AND($P50=\"LNG/CNG\", OR($L50=\"Class_6\", $AE50=\"Class_6\")),\"lng/cng class 6\",(IF(AND($P50=\"Hybrid\", OR($L50=\"Class_6\", $AE50=\"Class_6\")),\"hybrid class 6\",(IF(AND($P50=\"Low NOx\", OR($L50=\"Class_6\", $AE50=\"Class_6\")),\"low nox class 6\",(IF(AND($P50=\"Hybrid Zero-Mile\", OR($L50=\"Class_6\", $AE50=\"Class_6\")),\"hybrid zero mile class 6\",(IF(AND($P50=\"Zero Emission\", OR($L50=\"Class_6\", $AE50=\"Class_6\")),\"zero emission class 6\",(IF(AND($P50=\"LNG/CNG\", OR($L50=\"Class_7\", $AE50=\"Class_7\")),\"lng/cng class 7/8\",(IF(AND($P50=\"Hybrid\", OR($L50=\"Class_7\", $AE50=\"Class_7\")),\"hybrid class 7/8\",(IF(AND($P50=\"Low NOx\", OR($L50=\"Class_7\", $AE50=\"Class_7\")),\"low nox class 7/8\",(IF(AND($P50=\"Hybrid Zero-Mile\", OR($L50=\"Class_7\", $AE50=\"Class_7\")),\"hybrid zero mile class 7/8\",(IF(AND($P50=\"Zero Emission\", OR($L50=\"Class_7\", $AE50=\"Class_7\")),\"zero emission class 7/8\",(IF(AND($P50=\"LNG/CNG\", OR($L50=\"Class_8\", $AE50=\"Class_8\")),\"lng/cng class 7/8\",(IF(AND($P50=\"Hybrid\", OR($L50=\"Class_8\", $AE50=\"Class_8\")),\"hybrid class 7/8\",(IF(AND($P50=\"Low NOx\", OR($L50=\"Class_8\", $AE50=\"Class_8\")),\"low nox class 7/8\",(IF(AND($P50=\"Hybrid Zero-Mile\", OR($L50=\"Class_8\", $AE50=\"Class_8\")),\"hybrid zero mile class 7/8\",(IF(AND($P50=\"Zero Emission\", OR($L50=\"Class_8\", $AE50=\"Class_8\")),\"zero emission class 7/8\")))))))))))))))))))))))))))))))))))))))))))))))))))))","v":false}]
["project 47",null,null,null,null,null,null,{"$f":"IF($G51=\"33,001 +\",\"Class_8\",IF($G51=\"26,001-33,000\",\"Class_7\",IF($G51=\"19,501-26,000\",\"Class_6\",\"\")))","v":""},null,null,null,null,null,null,{"$f":"IF(H51=\"Class_6\",IF(T51=\"No\",MIN(IF((J51*K51)<10000,0,J51*K51),IF((J51*N51)<10000,0,J51*N51)),IF(MIN(Y51*Z51,Y51*N51)+MIN(J51*K51,J51*N51)>9999,MIN(J51*K51,J51*N51),0)),IF(T51=\"No\",MIN(IF((J51*K51)<20000,0,J51*K51),IF((J51*N51)<20000,0,J51*N51)),IF(MIN(Y51*Z51,Y51*N51)+MIN(J51*K51,J51*N51)>19999,MIN(J51*K51,J51*N51),0)))","v":0},null,null,"","No","No",null,null,null,{"$f":"IF($W51=\"33,001 +\",\"Class_8\",IF($W51=\"26,001-33,000\",\"Class_7\",IF($W51=\"19,501-26,000\",\"Class_6\",IF($W51=\"\",\"\"))))","v":""},null,null,0,{"$f":"IF($T51=\"Yes\",IF(COUNTA($U51:$AA51)=7,\"Complete\",\"Incomplete\"),\"N/A\")","v":"N/A"},{"$f":"IF($D51=\"2-for-1 Replace\",IF(OR(COUNTA(A51:AA51)=27,COUNTA(A51:AA51)=29),\"Complete\",\"Incomplete\"),IF(OR($D51=\"Replacement\",$D51=\"Repower\"),IF(COUNTA(A51:Q51)=17,\"Complete\",\"Incomplete\"),\"Incomplete\"))","v":"Incomplete"},null,{"$f":"IF(OR($H51=\"Class_8\",$X51=\"Class_8\"),\"Class_8\",IF(OR($H51=\"Class_7\",$X51=\"Class_7\"),\"Class_7\",IF(OR($H51=\"Class_6\",$X51=\"Class_6\"),\"Class_6\")))","v":false},false,{"$f":"IF($D51=\"Repower\",IF($H51=\"Class_7\",IF($M51=\"New: 2013+ HHD\",\"CL7HHD\",\"gas\")))","v":false},false,null,{"$f":"IF($D51=\"2-for-1 Replace\",\"Norestr\",IF($AK51=\"Repower_8\",\"Repo8\",IF($AK51=\"Repower_7\",\"Repo7\",IF($AK51=\"Repower_6\",\"Repo6\",IF(OR($H51=\"Class_8\",$L51=\"Class_8\"),\"Replacement8HHD\",IF($D51=\"Replacement\",IF($H51=\"Class_6\",\"Replacement6\",IF($H51=\"Class_7\",IF($I51=\"MHD\",\"Replacement7MHD\",\"Replacement7HHD\"),IF($H51=\"Class_8\",IF($I51=\"HHD\",\"Replacement8HHD\",\"Replacement8MHD\")))),))))))","v":0},{"$f":"IF($D51=\"Replacement\",IF($H51=\"Class_6\",\"Replacement_6\",IF($H51=\"Class_7\",\"Replacement_7\",IF($H51=\"Class_8\",\"Replacement_8\",null))),IF($D51=\"Repower\",IF($H51=\"Class_6\",\"Repower_6\",IF($H51=\"Class_7\",\"Repower_7\",IF($H51=\"Class_8\",\"Repower_8\",null))),IF($D51=\"2-for-1 Replace\",IF($L51=\"Class_6\",\"Replacement_6\",IF($L51=\"Class_7\",\"Replacement_7\",IF($L51=\"Class_8\",\"Replacement_8\",null))))))","v":false},{"$f":"IF($D51=\"Replacement\",IF(AND($H51=\"Class_6\",$B51 <> \"4+ Trucks\"),\"Small_Fleet_Replacement_6\",IF(AND($H51=\"Class_7\",$B51 <> \"4+ Trucks\"),\"Small_Fleet_Replacement_7\",IF(AND($H51=\"Class_8\",$B51 <> \"4+ Trucks\"),\"Small_Fleet_Replacement_8\",null))),IF($D51=\"Repower\",IF($H51=\"Class_6\",\"Repower_6\",IF($H51=\"Class_7\",\"Repower_7\",IF($H51=\"Class_8\",\"Repower_8\",null))),IF($D51=\"2-for-1 Replace\",IF($L51=\"Class_6\",\"Replacement_6\",IF($L51=\"Class_7\",\"Small_Fleet_Replacement_7\",IF($L51=\"Class_8\",\"Small_Fleet_Replacement_8\",null))))))","v":false},null,null,null,null,{"$f":"IF(AND($B51<>\"4+ Trucks\",$D51=\"Replacement\",$P51=\"Diesel\",OR($L51=\"Class_7\",$H51=\"CLass_7\"),$M51=\"New: 2015+\"),\"small fleet new class 7 diesel\",IF(AND($B51<>\"4+ Trucks\",$D51=\"Replacement\",OR($P51=\"Diesel\",$P51=\"LNG/CNG\",$P51=\"Hybrid\"),OR($H51=\"Class_7\",$L51=\"Class_7\"),$M51=\"Used: 2011+\"),\"small fleet used class 7 diesel\",IF(AND($B51<>\"4+ Trucks\",$D51=\"Replacement\",$P51=\"Diesel\",$L51=\"Class_8\",$M51=\"New: 2015+\"),\"small fleet new class 8 diesel\",IF(AND($B51<>\"4+ Trucks\",$D51=\"Replacement\",$P51=\"Diesel\",$L51=\"Class_6\"),\"small fleet class 6 diesel\",IF(AND($B51<>\"4+ Trucks\",$D51=\"Replacement\",OR($P51=\"Diesel\",$P51=\"LNG/CNG\",$P51=\"Hybrid\"),$L51=\"Class_8\",$M51=\"Used: 2011+\"),\"small fleet used class 8 diesel\",IF(AND($B51<>\"4+ Trucks\",$D51=\"Repower\",$P51=\"Diesel\",(OR($L51=\"Class_8\",$L51=\"Class_7\"))),\"small fleet repower class 7/8\",IF(AND($B51<>\"4+ Trucks\",$D51=\"Repower\",$P51=\"Diesel\",$L51=\"Class_6\"),\"small fleet repower class 6\",IF(AND($D51=\"Replacement\",$P51=\"Zero Emission\",(OR($L51=\"Class_8\",$L51=\"Class_7\"))),\"zero emission class 7/8\",IF(AND($D51=\"Replacement\",$P51=\"Hybrid Zero-Mile\",(OR($L51=\"Class_8\",$L51=\"Class_7\"))),\"hybrid zero mile class 7/8\",IF(AND($D51=\"Replacement\",$P51=\"Low NOx\",(OR($L51=\"Class_8\",$L51=\"Class_7\"))),\"low nox class 7/8\",IF(AND($D51=\"Replacement\",$P51=\"Hybrid\",(OR($L51=\"Class_8\",$L51=\"Class_7\"))),\"hybrid class 7/8\",IF(AND($D51=\"Replacement\",$P51=\"LNG/CNG\",(OR($L51=\"Class_8\",$L51=\"Class_7\"))),\"lng/cng class 7/8\",IF(AND($D51=\"Replacement\",$P51=\"Zero Emission\",$L51=\"Class_6\"),\"zero emission class 6\",IF(AND($D51=\"Replacement\",$P51=\"Hybrid Zero-Mile\",$L51=\"Class_6\"),\"hybrid zero mile class 6\",IF(AND($D51=\"Replacement\",$P51=\"Low NOx\",$L51=\"Class_6\"),\"low nox class 6\",IF(AND($D51=\"Replacement\",$P51=\"Hybrid\",$L51=\"Class_6\"),\"hybrid class 6\",IF(AND($D51=\"Replacement\",$P51=\"LNG/CNG\",$L51=\"Class_6\"),\"lng/cng class 6\",(IF(AND($P51=\"Diesel\", OR($L51=\"Class_6\", $AE51=\"Class_6\")),\"small fleet class 6 diesel\",IF(AND($P51=\"Diesel\",$M51=\"New: 2015+\", OR($L51=\"Class_7\", $AE51=\"Class_7\")),\"small fleet new class 7 diesel\",IF(AND($P51=\"Diesel\",$M51=\"Used: 2011+\", OR($L51=\"Class_7\", $AE51=\"Class_7\")),\"small fleet used class 7 diesel\",IF(AND($P51=\"Diesel\",$M51=\"New: 2015+\", OR($L51=\"Class_8\", $AE51=\"Class_8\")),\"small fleet new class 8 diesel\",IF(AND($P51=\"Diesel\",$M51=\"Used: 2011+\", OR($L51=\"Class_8\", $AE51=\"Class_8\")),\"small fleet used class 8 diesel\",(IF(AND($P51=\"LNG/CNG\", OR($L51=\"Class_6\", $AE51=\"Class_6\")),\"lng/cng class 6\",(IF(AND($P51=\"Hybrid\", OR($L51=\"Class_6\", $AE51=\"Class_6\")),\"hybrid class 6\",(IF(AND($P51=\"Low NOx\", OR($L51=\"Class_6\", $AE51=\"Class_6\")),\"low nox class 6\",(IF(AND($P51=\"Hybrid Zero-Mile\", OR($L51=\"Class_6\", $AE51=\"Class_6\")),\"hybrid zero mile class 6\",(IF(AND($P51=\"Zero Emission\", OR($L51=\"Class_6\", $AE51=\"Class_6\")),\"zero emission class 6\",(IF(AND($P51=\"LNG/CNG\", OR($L51=\"Class_7\", $AE51=\"Class_7\")),\"lng/cng class 7/8\",(IF(AND($P51=\"Hybrid\", OR($L51=\"Class_7\", $AE51=\"Class_7\")),\"hybrid class 7/8\",(IF(AND($P51=\"Low NOx\", OR($L51=\"Class_7\", $AE51=\"Class_7\")),\"low nox class 7/8\",(IF(AND($P51=\"Hybrid Zero-Mile\", OR($L51=\"Class_7\", $AE51=\"Class_7\")),\"hybrid zero mile class 7/8\",(IF(AND($P51=\"Zero Emission\", OR($L51=\"Class_7\", $AE51=\"Class_7\")),\"zero emission class 7/8\",(IF(AND($P51=\"LNG/CNG\", OR($L51=\"Class_8\", $AE51=\"Class_8\")),\"lng/cng class 7/8\",(IF(AND($P51=\"Hybrid\", OR($L51=\"Class_8\", $AE51=\"Class_8\")),\"hybrid class 7/8\",(IF(AND($P51=\"Low NOx\", OR($L51=\"Class_8\", $AE51=\"Class_8\")),\"low nox class 7/8\",(IF(AND($P51=\"Hybrid Zero-Mile\", OR($L51=\"Class_8\", $AE51=\"Class_8\")),\"hybrid zero mile class 7/8\",(IF(AND($P51=\"Zero Emission\", OR($L51=\"Class_8\", $AE51=\"Class_8\")),\"zero emission class 7/8\")))))))))))))))))))))))))))))))))))))))))))))))))))))","v":false}]
["project 48",null,null,null,null,null,null,{"$f":"IF($G52=\"33,001 +\",\"Class_8\",IF($G52=\"26,001-33,000\",\"Class_7\",IF($G52=\"19,501-26,000\",\"Class_6\",\"\")))","v":""},null,null,null,null,null,null,{"$f":"IF(H52=\"Class_6\",IF(T52=\"No\",MIN(IF((J52*K52)<10000,0,J52*K52),IF((J52*N52)<10000,0,J52*N52)),IF(MIN(Y52*Z52,Y52*N52)+MIN(J52*K52,J52*N52)>9999,MIN(J52*K52,J52*N52),0)),IF(T52=\"No\",MIN(IF((J52*K52)<20000,0,J52*K52),IF((J52*N52)<20000,0,J52*N52)),IF(MIN(Y52*Z52,Y52*N52)+MIN(J52*K52,J52*N52)>19999,MIN(J52*K52,J52*N52),0)))","v":0},null,null,"","No","No",null,null,null,{"$f":"IF($W52=\"33,001 +\",\"Class_8\",IF($W52=\"26,001-33,000\",\"Class_7\",IF($W52=\"19,501-26,000\",\"Class_6\",IF($W52=\"\",\"\"))))","v":""},null,null,0,{"$f":"IF($T52=\"Yes\",IF(COUNTA($U52:$AA52)=7,\"Complete\",\"Incomplete\"),\"N/A\")","v":"N/A"},{"$f":"IF($D52=\"2-for-1 Replace\",IF(OR(COUNTA(A52:AA52)=27,COUNTA(A52:AA52)=29),\"Complete\",\"Incomplete\"),IF(OR($D52=\"Replacement\",$D52=\"Repower\"),IF(COUNTA(A52:Q52)=17,\"Complete\",\"Incomplete\"),\"Incomplete\"))","v":"Incomplete"},null,{"$f":"IF(OR($H52=\"Class_8\",$X52=\"Class_8\"),\"Class_8\",IF(OR($H52=\"Class_7\",$X52=\"Class_7\"),\"Class_7\",IF(OR($H52=\"Class_6\",$X52=\"Class_6\"),\"Class_6\")))","v":false},false,{"$f":"IF($D52=\"Repower\",IF($H52=\"Class_7\",IF($M52=\"New: 2013+ HHD\",\"CL7HHD\",\"gas\")))","v":false},false,null,{"$f":"IF($D52=\"2-for-1 Replace\",\"Norestr\",IF($AK52=\"Repower_8\",\"Repo8\",IF($AK52=\"Repower_7\",\"Repo7\",IF($AK52=\"Repower_6\",\"Repo6\",IF(OR($H52=\"Class_8\",$L52=\"Class_8\"),\"Replacement8HHD\",IF($D52=\"Replacement\",IF($H52=\"Class_6\",\"Replacement6\",IF($H52=\"Class_7\",IF($I52=\"MHD\",\"Replacement7MHD\",\"Replacement7HHD\"),IF($H52=\"Class_8\",IF($I52=\"HHD\",\"Replacement8HHD\",\"Replacement8MHD\")))),))))))","v":0},{"$f":"IF($D52=\"Replacement\",IF($H52=\"Class_6\",\"Replacement_6\",IF($H52=\"Class_7\",\"Replacement_7\",IF($H52=\"Class_8\",\"Replacement_8\",null))),IF($D52=\"Repower\",IF($H52=\"Class_6\",\"Repower_6\",IF($H52=\"Class_7\",\"Repower_7\",IF($H52=\"Class_8\",\"Repower_8\",null))),IF($D52=\"2-for-1 Replace\",IF($L52=\"Class_6\",\"Replacement_6\",IF($L52=\"Class_7\",\"Replacement_7\",IF($L52=\"Class_8\",\"Replacement_8\",null))))))","v":false},{"$f":"IF($D52=\"Replacement\",IF(AND($H52=\"Class_6\",$B52 <> \"4+ Trucks\"),\"Small_Fleet_Replacement_6\",IF(AND($H52=\"Class_7\",$B52 <> \"4+ Trucks\"),\"Small_Fleet_Replacement_7\",IF(AND($H52=\"Class_8\",$B52 <> \"4+ Trucks\"),\"Small_Fleet_Replacement_8\",null))),IF($D52=\"Repower\",IF($H52=\"Class_6\",\"Repower_6\",IF($H52=\"Class_7\",\"Repower_7\",IF($H52=\"Class_8\",\"Repower_8\",null))),IF($D52=\"2-for-1 Replace\",IF($L52=\"Class_6\",\"Replacement_6\",IF($L52=\"Class_7\",\"Small_Fleet_Replacement_7\",IF($L52=\"Class_8\",\"Small_Fleet_Replacement_8\",null))))))","v":false},null,null,null,null,{"$f":"IF(AND($B52<>\"4+ Trucks\",$D52=\"Replacement\",$P52=\"Diesel\",OR($L52=\"Class_7\",$H52=\"CLass_7\"),$M52=\"New: 2015+\"),\"small fleet new class 7 diesel\",IF(AND($B52<>\"4+ Trucks\",$D52=\"Replacement\",OR($P52=\"Diesel\",$P52=\"LNG/CNG\",$P52=\"Hybrid\"),OR($H52=\"Class_7\",$L52=\"Class_7\"),$M52=\"Used: 2011+\"),\"small fleet used class 7 diesel\",IF(AND($B52<>\"4+ Trucks\",$D52=\"Replacement\",$P52=\"Diesel\",$L52=\"Class_8\",$M52=\"New: 2015+\"),\"small fleet new class 8 diesel\",IF(AND($B52<>\"4+ Trucks\",$D52=\"Replacement\",$P52=\"Diesel\",$L52=\"Class_6\"),\"small fleet class 6 diesel\",IF(AND($B52<>\"4+ Trucks\",$D52=\"Replacement\",OR($P52=\"Diesel\",$P52=\"LNG/CNG\",$P52=\"Hybrid\"),$L52=\"Class_8\",$M52=\"Used: 2011+\"),\"small fleet used class 8 diesel\",IF(AND($B52<>\"4+ Trucks\",$D52=\"Repower\",$P52=\"Diesel\",(OR($L52=\"Class_8\",$L52=\"Class_7\"))),\"small fleet repower class 7/8\",IF(AND($B52<>\"4+ Trucks\",$D52=\"Repower\",$P52=\"Diesel\",$L52=\"Class_6\"),\"small fleet repower class 6\",IF(AND($D52=\"Replacement\",$P52=\"Zero Emission\",(OR($L52=\"Class_8\",$L52=\"Class_7\"))),\"zero emission class 7/8\",IF(AND($D52=\"Replacement\",$P52=\"Hybrid Zero-Mile\",(OR($L52=\"Class_8\",$L52=\"Class_7\"))),\"hybrid zero mile class 7/8\",IF(AND($D52=\"Replacement\",$P52=\"Low NOx\",(OR($L52=\"Class_8\",$L52=\"Class_7\"))),\"low nox class 7/8\",IF(AND($D52=\"Replacement\",$P52=\"Hybrid\",(OR($L52=\"Class_8\",$L52=\"Class_7\"))),\"hybrid class 7/8\",IF(AND($D52=\"Replacement\",$P52=\"LNG/CNG\",(OR($L52=\"Class_8\",$L52=\"Class_7\"))),\"lng/cng class 7/8\",IF(AND($D52=\"Replacement\",$P52=\"Zero Emission\",$L52=\"Class_6\"),\"zero emission class 6\",IF(AND($D52=\"Replacement\",$P52=\"Hybrid Zero-Mile\",$L52=\"Class_6\"),\"hybrid zero mile class 6\",IF(AND($D52=\"Replacement\",$P52=\"Low NOx\",$L52=\"Class_6\"),\"low nox class 6\",IF(AND($D52=\"Replacement\",$P52=\"Hybrid\",$L52=\"Class_6\"),\"hybrid class 6\",IF(AND($D52=\"Replacement\",$P52=\"LNG/CNG\",$L52=\"Class_6\"),\"lng/cng class 6\",(IF(AND($P52=\"Diesel\", OR($L52=\"Class_6\", $AE52=\"Class_6\")),\"small fleet class 6 diesel\",IF(AND($P52=\"Diesel\",$M52=\"New: 2015+\", OR($L52=\"Class_7\", $AE52=\"Class_7\")),\"small fleet new class 7 diesel\",IF(AND($P52=\"Diesel\",$M52=\"Used: 2011+\", OR($L52=\"Class_7\", $AE52=\"Class_7\")),\"small fleet used class 7 diesel\",IF(AND($P52=\"Diesel\",$M52=\"New: 2015+\", OR($L52=\"Class_8\", $AE52=\"Class_8\")),\"small fleet new class 8 diesel\",IF(AND($P52=\"Diesel\",$M52=\"Used: 2011+\", OR($L52=\"Class_8\", $AE52=\"Class_8\")),\"small fleet used class 8 diesel\",(IF(AND($P52=\"LNG/CNG\", OR($L52=\"Class_6\", $AE52=\"Class_6\")),\"lng/cng class 6\",(IF(AND($P52=\"Hybrid\", OR($L52=\"Class_6\", $AE52=\"Class_6\")),\"hybrid class 6\",(IF(AND($P52=\"Low NOx\", OR($L52=\"Class_6\", $AE52=\"Class_6\")),\"low nox class 6\",(IF(AND($P52=\"Hybrid Zero-Mile\", OR($L52=\"Class_6\", $AE52=\"Class_6\")),\"hybrid zero mile class 6\",(IF(AND($P52=\"Zero Emission\", OR($L52=\"Class_6\", $AE52=\"Class_6\")),\"zero emission class 6\",(IF(AND($P52=\"LNG/CNG\", OR($L52=\"Class_7\", $AE52=\"Class_7\")),\"lng/cng class 7/8\",(IF(AND($P52=\"Hybrid\", OR($L52=\"Class_7\", $AE52=\"Class_7\")),\"hybrid class 7/8\",(IF(AND($P52=\"Low NOx\", OR($L52=\"Class_7\", $AE52=\"Class_7\")),\"low nox class 7/8\",(IF(AND($P52=\"Hybrid Zero-Mile\", OR($L52=\"Class_7\", $AE52=\"Class_7\")),\"hybrid zero mile class 7/8\",(IF(AND($P52=\"Zero Emission\", OR($L52=\"Class_7\", $AE52=\"Class_7\")),\"zero emission class 7/8\",(IF(AND($P52=\"LNG/CNG\", OR($L52=\"Class_8\", $AE52=\"Class_8\")),\"lng/cng class 7/8\",(IF(AND($P52=\"Hybrid\", OR($L52=\"Class_8\", $AE52=\"Class_8\")),\"hybrid class 7/8\",(IF(AND($P52=\"Low NOx\", OR($L52=\"Class_8\", $AE52=\"Class_8\")),\"low nox class 7/8\",(IF(AND($P52=\"Hybrid Zero-Mile\", OR($L52=\"Class_8\", $AE52=\"Class_8\")),\"hybrid zero mile class 7/8\",(IF(AND($P52=\"Zero Emission\", OR($L52=\"Class_8\", $AE52=\"Class_8\")),\"zero emission class 7/8\")))))))))))))))))))))))))))))))))))))))))))))))))))))","v":false}]
["project 49",null,null,null,null,null,null,{"$f":"IF($G53=\"33,001 +\",\"Class_8\",IF($G53=\"26,001-33,000\",\"Class_7\",IF($G53=\"19,501-26,000\",\"Class_6\",\"\")))","v":""},null,null,null,null,null,null,{"$f":"IF(H53=\"Class_6\",IF(T53=\"No\",MIN(IF((J53*K53)<10000,0,J53*K53),IF((J53*N53)<10000,0,J53*N53)),IF(MIN(Y53*Z53,Y53*N53)+MIN(J53*K53,J53*N53)>9999,MIN(J53*K53,J53*N53),0)),IF(T53=\"No\",MIN(IF((J53*K53)<20000,0,J53*K53),IF((J53*N53)<20000,0,J53*N53)),IF(MIN(Y53*Z53,Y53*N53)+MIN(J53*K53,J53*N53)>19999,MIN(J53*K53,J53*N53),0)))","v":0},null,null,"","No","No",null,null,null,{"$f":"IF($W53=\"33,001 +\",\"Class_8\",IF($W53=\"26,001-33,000\",\"Class_7\",IF($W53=\"19,501-26,000\",\"Class_6\",IF($W53=\"\",\"\"))))","v":""},null,null,0,{"$f":"IF($T53=\"Yes\",IF(COUNTA($U53:$AA53)=7,\"Complete\",\"Incomplete\"),\"N/A\")","v":"N/A"},{"$f":"IF($D53=\"2-for-1 Replace\",IF(OR(COUNTA(A53:AA53)=27,COUNTA(A53:AA53)=29),\"Complete\",\"Incomplete\"),IF(OR($D53=\"Replacement\",$D53=\"Repower\"),IF(COUNTA(A53:Q53)=17,\"Complete\",\"Incomplete\"),\"Incomplete\"))","v":"Incomplete"},null,{"$f":"IF(OR($H53=\"Class_8\",$X53=\"Class_8\"),\"Class_8\",IF(OR($H53=\"Class_7\",$X53=\"Class_7\"),\"Class_7\",IF(OR($H53=\"Class_6\",$X53=\"Class_6\"),\"Class_6\")))","v":false},false,{"$f":"IF($D53=\"Repower\",IF($H53=\"Class_7\",IF($M53=\"New: 2013+ HHD\",\"CL7HHD\",\"gas\")))","v":false},false,null,{"$f":"IF($D53=\"2-for-1 Replace\",\"Norestr\",IF($AK53=\"Repower_8\",\"Repo8\",IF($AK53=\"Repower_7\",\"Repo7\",IF($AK53=\"Repower_6\",\"Repo6\",IF(OR($H53=\"Class_8\",$L53=\"Class_8\"),\"Replacement8HHD\",IF($D53=\"Replacement\",IF($H53=\"Class_6\",\"Replacement6\",IF($H53=\"Class_7\",IF($I53=\"MHD\",\"Replacement7MHD\",\"Replacement7HHD\"),IF($H53=\"Class_8\",IF($I53=\"HHD\",\"Replacement8HHD\",\"Replacement8MHD\")))),))))))","v":0},{"$f":"IF($D53=\"Replacement\",IF($H53=\"Class_6\",\"Replacement_6\",IF($H53=\"Class_7\",\"Replacement_7\",IF($H53=\"Class_8\",\"Replacement_8\",null))),IF($D53=\"Repower\",IF($H53=\"Class_6\",\"Repower_6\",IF($H53=\"Class_7\",\"Repower_7\",IF($H53=\"Class_8\",\"Repower_8\",null))),IF($D53=\"2-for-1 Replace\",IF($L53=\"Class_6\",\"Replacement_6\",IF($L53=\"Class_7\",\"Replacement_7\",IF($L53=\"Class_8\",\"Replacement_8\",null))))))","v":false},{"$f":"IF($D53=\"Replacement\",IF(AND($H53=\"Class_6\",$B53 <> \"4+ Trucks\"),\"Small_Fleet_Replacement_6\",IF(AND($H53=\"Class_7\",$B53 <> \"4+ Trucks\"),\"Small_Fleet_Replacement_7\",IF(AND($H53=\"Class_8\",$B53 <> \"4+ Trucks\"),\"Small_Fleet_Replacement_8\",null))),IF($D53=\"Repower\",IF($H53=\"Class_6\",\"Repower_6\",IF($H53=\"Class_7\",\"Repower_7\",IF($H53=\"Class_8\",\"Repower_8\",null))),IF($D53=\"2-for-1 Replace\",IF($L53=\"Class_6\",\"Replacement_6\",IF($L53=\"Class_7\",\"Small_Fleet_Replacement_7\",IF($L53=\"Class_8\",\"Small_Fleet_Replacement_8\",null))))))","v":false},null,null,null,null,{"$f":"IF(AND($B53<>\"4+ Trucks\",$D53=\"Replacement\",$P53=\"Diesel\",OR($L53=\"Class_7\",$H53=\"CLass_7\"),$M53=\"New: 2015+\"),\"small fleet new class 7 diesel\",IF(AND($B53<>\"4+ Trucks\",$D53=\"Replacement\",OR($P53=\"Diesel\",$P53=\"LNG/CNG\",$P53=\"Hybrid\"),OR($H53=\"Class_7\",$L53=\"Class_7\"),$M53=\"Used: 2011+\"),\"small fleet used class 7 diesel\",IF(AND($B53<>\"4+ Trucks\",$D53=\"Replacement\",$P53=\"Diesel\",$L53=\"Class_8\",$M53=\"New: 2015+\"),\"small fleet new class 8 diesel\",IF(AND($B53<>\"4+ Trucks\",$D53=\"Replacement\",$P53=\"Diesel\",$L53=\"Class_6\"),\"small fleet class 6 diesel\",IF(AND($B53<>\"4+ Trucks\",$D53=\"Replacement\",OR($P53=\"Diesel\",$P53=\"LNG/CNG\",$P53=\"Hybrid\"),$L53=\"Class_8\",$M53=\"Used: 2011+\"),\"small fleet used class 8 diesel\",IF(AND($B53<>\"4+ Trucks\",$D53=\"Repower\",$P53=\"Diesel\",(OR($L53=\"Class_8\",$L53=\"Class_7\"))),\"small fleet repower class 7/8\",IF(AND($B53<>\"4+ Trucks\",$D53=\"Repower\",$P53=\"Diesel\",$L53=\"Class_6\"),\"small fleet repower class 6\",IF(AND($D53=\"Replacement\",$P53=\"Zero Emission\",(OR($L53=\"Class_8\",$L53=\"Class_7\"))),\"zero emission class 7/8\",IF(AND($D53=\"Replacement\",$P53=\"Hybrid Zero-Mile\",(OR($L53=\"Class_8\",$L53=\"Class_7\"))),\"hybrid zero mile class 7/8\",IF(AND($D53=\"Replacement\",$P53=\"Low NOx\",(OR($L53=\"Class_8\",$L53=\"Class_7\"))),\"low nox class 7/8\",IF(AND($D53=\"Replacement\",$P53=\"Hybrid\",(OR($L53=\"Class_8\",$L53=\"Class_7\"))),\"hybrid class 7/8\",IF(AND($D53=\"Replacement\",$P53=\"LNG/CNG\",(OR($L53=\"Class_8\",$L53=\"Class_7\"))),\"lng/cng class 7/8\",IF(AND($D53=\"Replacement\",$P53=\"Zero Emission\",$L53=\"Class_6\"),\"zero emission class 6\",IF(AND($D53=\"Replacement\",$P53=\"Hybrid Zero-Mile\",$L53=\"Class_6\"),\"hybrid zero mile class 6\",IF(AND($D53=\"Replacement\",$P53=\"Low NOx\",$L53=\"Class_6\"),\"low nox class 6\",IF(AND($D53=\"Replacement\",$P53=\"Hybrid\",$L53=\"Class_6\"),\"hybrid class 6\",IF(AND($D53=\"Replacement\",$P53=\"LNG/CNG\",$L53=\"Class_6\"),\"lng/cng class 6\",(IF(AND($P53=\"Diesel\", OR($L53=\"Class_6\", $AE53=\"Class_6\")),\"small fleet class 6 diesel\",IF(AND($P53=\"Diesel\",$M53=\"New: 2015+\", OR($L53=\"Class_7\", $AE53=\"Class_7\")),\"small fleet new class 7 diesel\",IF(AND($P53=\"Diesel\",$M53=\"Used: 2011+\", OR($L53=\"Class_7\", $AE53=\"Class_7\")),\"small fleet used class 7 diesel\",IF(AND($P53=\"Diesel\",$M53=\"New: 2015+\", OR($L53=\"Class_8\", $AE53=\"Class_8\")),\"small fleet new class 8 diesel\",IF(AND($P53=\"Diesel\",$M53=\"Used: 2011+\", OR($L53=\"Class_8\", $AE53=\"Class_8\")),\"small fleet used class 8 diesel\",(IF(AND($P53=\"LNG/CNG\", OR($L53=\"Class_6\", $AE53=\"Class_6\")),\"lng/cng class 6\",(IF(AND($P53=\"Hybrid\", OR($L53=\"Class_6\", $AE53=\"Class_6\")),\"hybrid class 6\",(IF(AND($P53=\"Low NOx\", OR($L53=\"Class_6\", $AE53=\"Class_6\")),\"low nox class 6\",(IF(AND($P53=\"Hybrid Zero-Mile\", OR($L53=\"Class_6\", $AE53=\"Class_6\")),\"hybrid zero mile class 6\",(IF(AND($P53=\"Zero Emission\", OR($L53=\"Class_6\", $AE53=\"Class_6\")),\"zero emission class 6\",(IF(AND($P53=\"LNG/CNG\", OR($L53=\"Class_7\", $AE53=\"Class_7\")),\"lng/cng class 7/8\",(IF(AND($P53=\"Hybrid\", OR($L53=\"Class_7\", $AE53=\"Class_7\")),\"hybrid class 7/8\",(IF(AND($P53=\"Low NOx\", OR($L53=\"Class_7\", $AE53=\"Class_7\")),\"low nox class 7/8\",(IF(AND($P53=\"Hybrid Zero-Mile\", OR($L53=\"Class_7\", $AE53=\"Class_7\")),\"hybrid zero mile class 7/8\",(IF(AND($P53=\"Zero Emission\", OR($L53=\"Class_7\", $AE53=\"Class_7\")),\"zero emission class 7/8\",(IF(AND($P53=\"LNG/CNG\", OR($L53=\"Class_8\", $AE53=\"Class_8\")),\"lng/cng class 7/8\",(IF(AND($P53=\"Hybrid\", OR($L53=\"Class_8\", $AE53=\"Class_8\")),\"hybrid class 7/8\",(IF(AND($P53=\"Low NOx\", OR($L53=\"Class_8\", $AE53=\"Class_8\")),\"low nox class 7/8\",(IF(AND($P53=\"Hybrid Zero-Mile\", OR($L53=\"Class_8\", $AE53=\"Class_8\")),\"hybrid zero mile class 7/8\",(IF(AND($P53=\"Zero Emission\", OR($L53=\"Class_8\", $AE53=\"Class_8\")),\"zero emission class 7/8\")))))))))))))))))))))))))))))))))))))))))))))))))))))","v":false}]
["project 50",null,null,null,null,null,null,{"$f":"IF($G54=\"33,001 +\",\"Class_8\",IF($G54=\"26,001-33,000\",\"Class_7\",IF($G54=\"19,501-26,000\",\"Class_6\",\"\")))","v":""},null,null,null,null,null,null,{"$f":"IF(H54=\"Class_6\",IF(T54=\"No\",MIN(IF((J54*K54)<10000,0,J54*K54),IF((J54*N54)<10000,0,J54*N54)),IF(MIN(Y54*Z54,Y54*N54)+MIN(J54*K54,J54*N54)>9999,MIN(J54*K54,J54*N54),0)),IF(T54=\"No\",MIN(IF((J54*K54)<20000,0,J54*K54),IF((J54*N54)<20000,0,J54*N54)),IF(MIN(Y54*Z54,Y54*N54)+MIN(J54*K54,J54*N54)>19999,MIN(J54*K54,J54*N54),0)))","v":0},null,null,"","No","No",null,null,null,{"$f":"IF($W54=\"33,001 +\",\"Class_8\",IF($W54=\"26,001-33,000\",\"Class_7\",IF($W54=\"19,501-26,000\",\"Class_6\",IF($W54=\"\",\"\"))))","v":""},null,null,0,{"$f":"IF($T54=\"Yes\",IF(COUNTA($U54:$AA54)=7,\"Complete\",\"Incomplete\"),\"N/A\")","v":"N/A"},{"$f":"IF($D54=\"2-for-1 Replace\",IF(OR(COUNTA(A54:AA54)=27,COUNTA(A54:AA54)=29),\"Complete\",\"Incomplete\"),IF(OR($D54=\"Replacement\",$D54=\"Repower\"),IF(COUNTA(A54:Q54)=17,\"Complete\",\"Incomplete\"),\"Incomplete\"))","v":"Incomplete"},null,{"$f":"IF(OR($H54=\"Class_8\",$X54=\"Class_8\"),\"Class_8\",IF(OR($H54=\"Class_7\",$X54=\"Class_7\"),\"Class_7\",IF(OR($H54=\"Class_6\",$X54=\"Class_6\"),\"Class_6\")))","v":false},false,{"$f":"IF($D54=\"Repower\",IF($H54=\"Class_7\",IF($M54=\"New: 2013+ HHD\",\"CL7HHD\",\"gas\")))","v":false},false,null,{"$f":"IF($D54=\"2-for-1 Replace\",\"Norestr\",IF($AK54=\"Repower_8\",\"Repo8\",IF($AK54=\"Repower_7\",\"Repo7\",IF($AK54=\"Repower_6\",\"Repo6\",IF(OR($H54=\"Class_8\",$L54=\"Class_8\"),\"Replacement8HHD\",IF($D54=\"Replacement\",IF($H54=\"Class_6\",\"Replacement6\",IF($H54=\"Class_7\",IF($I54=\"MHD\",\"Replacement7MHD\",\"Replacement7HHD\"),IF($H54=\"Class_8\",IF($I54=\"HHD\",\"Replacement8HHD\",\"Replacement8MHD\")))),))))))","v":0},{"$f":"IF($D54=\"Replacement\",IF($H54=\"Class_6\",\"Replacement_6\",IF($H54=\"Class_7\",\"Replacement_7\",IF($H54=\"Class_8\",\"Replacement_8\",null))),IF($D54=\"Repower\",IF($H54=\"Class_6\",\"Repower_6\",IF($H54=\"Class_7\",\"Repower_7\",IF($H54=\"Class_8\",\"Repower_8\",null))),IF($D54=\"2-for-1 Replace\",IF($L54=\"Class_6\",\"Replacement_6\",IF($L54=\"Class_7\",\"Replacement_7\",IF($L54=\"Class_8\",\"Replacement_8\",null))))))","v":false},{"$f":"IF($D54=\"Replacement\",IF(AND($H54=\"Class_6\",$B54 <> \"4+ Trucks\"),\"Small_Fleet_Replacement_6\",IF(AND($H54=\"Class_7\",$B54 <> \"4+ Trucks\"),\"Small_Fleet_Replacement_7\",IF(AND($H54=\"Class_8\",$B54 <> \"4+ Trucks\"),\"Small_Fleet_Replacement_8\",null))),IF($D54=\"Repower\",IF($H54=\"Class_6\",\"Repower_6\",IF($H54=\"Class_7\",\"Repower_7\",IF($H54=\"Class_8\",\"Repower_8\",null))),IF($D54=\"2-for-1 Replace\",IF($L54=\"Class_6\",\"Replacement_6\",IF($L54=\"Class_7\",\"Small_Fleet_Replacement_7\",IF($L54=\"Class_8\",\"Small_Fleet_Replacement_8\",null))))))","v":false},null,null,null,null,{"$f":"IF(AND($B54<>\"4+ Trucks\",$D54=\"Replacement\",$P54=\"Diesel\",OR($L54=\"Class_7\",$H54=\"CLass_7\"),$M54=\"New: 2015+\"),\"small fleet new class 7 diesel\",IF(AND($B54<>\"4+ Trucks\",$D54=\"Replacement\",OR($P54=\"Diesel\",$P54=\"LNG/CNG\",$P54=\"Hybrid\"),OR($H54=\"Class_7\",$L54=\"Class_7\"),$M54=\"Used: 2011+\"),\"small fleet used class 7 diesel\",IF(AND($B54<>\"4+ Trucks\",$D54=\"Replacement\",$P54=\"Diesel\",$L54=\"Class_8\",$M54=\"New: 2015+\"),\"small fleet new class 8 diesel\",IF(AND($B54<>\"4+ Trucks\",$D54=\"Replacement\",$P54=\"Diesel\",$L54=\"Class_6\"),\"small fleet class 6 diesel\",IF(AND($B54<>\"4+ Trucks\",$D54=\"Replacement\",OR($P54=\"Diesel\",$P54=\"LNG/CNG\",$P54=\"Hybrid\"),$L54=\"Class_8\",$M54=\"Used: 2011+\"),\"small fleet used class 8 diesel\",IF(AND($B54<>\"4+ Trucks\",$D54=\"Repower\",$P54=\"Diesel\",(OR($L54=\"Class_8\",$L54=\"Class_7\"))),\"small fleet repower class 7/8\",IF(AND($B54<>\"4+ Trucks\",$D54=\"Repower\",$P54=\"Diesel\",$L54=\"Class_6\"),\"small fleet repower class 6\",IF(AND($D54=\"Replacement\",$P54=\"Zero Emission\",(OR($L54=\"Class_8\",$L54=\"Class_7\"))),\"zero emission class 7/8\",IF(AND($D54=\"Replacement\",$P54=\"Hybrid Zero-Mile\",(OR($L54=\"Class_8\",$L54=\"Class_7\"))),\"hybrid zero mile class 7/8\",IF(AND($D54=\"Replacement\",$P54=\"Low NOx\",(OR($L54=\"Class_8\",$L54=\"Class_7\"))),\"low nox class 7/8\",IF(AND($D54=\"Replacement\",$P54=\"Hybrid\",(OR($L54=\"Class_8\",$L54=\"Class_7\"))),\"hybrid class 7/8\",IF(AND($D54=\"Replacement\",$P54=\"LNG/CNG\",(OR($L54=\"Class_8\",$L54=\"Class_7\"))),\"lng/cng class 7/8\",IF(AND($D54=\"Replacement\",$P54=\"Zero Emission\",$L54=\"Class_6\"),\"zero emission class 6\",IF(AND($D54=\"Replacement\",$P54=\"Hybrid Zero-Mile\",$L54=\"Class_6\"),\"hybrid zero mile class 6\",IF(AND($D54=\"Replacement\",$P54=\"Low NOx\",$L54=\"Class_6\"),\"low nox class 6\",IF(AND($D54=\"Replacement\",$P54=\"Hybrid\",$L54=\"Class_6\"),\"hybrid class 6\",IF(AND($D54=\"Replacement\",$P54=\"LNG/CNG\",$L54=\"Class_6\"),\"lng/cng class 6\",(IF(AND($P54=\"Diesel\", OR($L54=\"Class_6\", $AE54=\"Class_6\")),\"small fleet class 6 diesel\",IF(AND($P54=\"Diesel\",$M54=\"New: 2015+\", OR($L54=\"Class_7\", $AE54=\"Class_7\")),\"small fleet new class 7 diesel\",IF(AND($P54=\"Diesel\",$M54=\"Used: 2011+\", OR($L54=\"Class_7\", $AE54=\"Class_7\")),\"small fleet used class 7 diesel\",IF(AND($P54=\"Diesel\",$M54=\"New: 2015+\", OR($L54=\"Class_8\", $AE54=\"Class_8\")),\"small fleet new class 8 diesel\",IF(AND($P54=\"Diesel\",$M54=\"Used: 2011+\", OR($L54=\"Class_8\", $AE54=\"Class_8\")),\"small fleet used class 8 diesel\",(IF(AND($P54=\"LNG/CNG\", OR($L54=\"Class_6\", $AE54=\"Class_6\")),\"lng/cng class 6\",(IF(AND($P54=\"Hybrid\", OR($L54=\"Class_6\", $AE54=\"Class_6\")),\"hybrid class 6\",(IF(AND($P54=\"Low NOx\", OR($L54=\"Class_6\", $AE54=\"Class_6\")),\"low nox class 6\",(IF(AND($P54=\"Hybrid Zero-Mile\", OR($L54=\"Class_6\", $AE54=\"Class_6\")),\"hybrid zero mile class 6\",(IF(AND($P54=\"Zero Emission\", OR($L54=\"Class_6\", $AE54=\"Class_6\")),\"zero emission class 6\",(IF(AND($P54=\"LNG/CNG\", OR($L54=\"Class_7\", $AE54=\"Class_7\")),\"lng/cng class 7/8\",(IF(AND($P54=\"Hybrid\", OR($L54=\"Class_7\", $AE54=\"Class_7\")),\"hybrid class 7/8\",(IF(AND($P54=\"Low NOx\", OR($L54=\"Class_7\", $AE54=\"Class_7\")),\"low nox class 7/8\",(IF(AND($P54=\"Hybrid Zero-Mile\", OR($L54=\"Class_7\", $AE54=\"Class_7\")),\"hybrid zero mile class 7/8\",(IF(AND($P54=\"Zero Emission\", OR($L54=\"Class_7\", $AE54=\"Class_7\")),\"zero emission class 7/8\",(IF(AND($P54=\"LNG/CNG\", OR($L54=\"Class_8\", $AE54=\"Class_8\")),\"lng/cng class 7/8\",(IF(AND($P54=\"Hybrid\", OR($L54=\"Class_8\", $AE54=\"Class_8\")),\"hybrid class 7/8\",(IF(AND($P54=\"Low NOx\", OR($L54=\"Class_8\", $AE54=\"Class_8\")),\"low nox class 7/8\",(IF(AND($P54=\"Hybrid Zero-Mile\", OR($L54=\"Class_8\", $AE54=\"Class_8\")),\"hybrid zero mile class 7/8\",(IF(AND($P54=\"Zero Emission\", OR($L54=\"Class_8\", $AE54=\"Class_8\")),\"zero emission class 7/8\")))))))))))))))))))))))))))))))))))))))))))))))))))))","v":false}]
["project 51",null,null,null,null,null,null,{"$f":"IF($G55=\"33,001 +\",\"Class_8\",IF($G55=\"26,001-33,000\",\"Class_7\",IF($G55=\"19,501-26,000\",\"Class_6\",\"\")))","v":""},null,null,null,null,null,null,{"$f":"IF(H55=\"Class_6\",IF(T55=\"No\",MIN(IF((J55*K55)<10000,0,J55*K55),IF((J55*N55)<10000,0,J55*N55)),IF(MIN(Y55*Z55,Y55*N55)+MIN(J55*K55,J55*N55)>9999,MIN(J55*K55,J55*N55),0)),IF(T55=\"No\",MIN(IF((J55*K55)<20000,0,J55*K55),IF((J55*N55)<20000,0,J55*N55)),IF(MIN(Y55*Z55,Y55*N55)+MIN(J55*K55,J55*N55)>19999,MIN(J55*K55,J55*N55),0)))","v":0},null,null,"","No","No",null,null,null,{"$f":"IF($W55=\"33,001 +\",\"Class_8\",IF($W55=\"26,001-33,000\",\"Class_7\",IF($W55=\"19,501-26,000\",\"Class_6\",IF($W55=\"\",\"\"))))","v":""},null,null,0,{"$f":"IF($T55=\"Yes\",IF(COUNTA($U55:$AA55)=7,\"Complete\",\"Incomplete\"),\"N/A\")","v":"N/A"},{"$f":"IF($D55=\"2-for-1 Replace\",IF(OR(COUNTA(A55:AA55)=27,COUNTA(A55:AA55)=29),\"Complete\",\"Incomplete\"),IF(OR($D55=\"Replacement\",$D55=\"Repower\"),IF(COUNTA(A55:Q55)=17,\"Complete\",\"Incomplete\"),\"Incomplete\"))","v":"Incomplete"},null,{"$f":"IF(OR($H55=\"Class_8\",$X55=\"Class_8\"),\"Class_8\",IF(OR($H55=\"Class_7\",$X55=\"Class_7\"),\"Class_7\",IF(OR($H55=\"Class_6\",$X55=\"Class_6\"),\"Class_6\")))","v":false},false,{"$f":"IF($D55=\"Repower\",IF($H55=\"Class_7\",IF($M55=\"New: 2013+ HHD\",\"CL7HHD\",\"gas\")))","v":false},false,null,{"$f":"IF($D55=\"2-for-1 Replace\",\"Norestr\",IF($AK55=\"Repower_8\",\"Repo8\",IF($AK55=\"Repower_7\",\"Repo7\",IF($AK55=\"Repower_6\",\"Repo6\",IF(OR($H55=\"Class_8\",$L55=\"Class_8\"),\"Replacement8HHD\",IF($D55=\"Replacement\",IF($H55=\"Class_6\",\"Replacement6\",IF($H55=\"Class_7\",IF($I55=\"MHD\",\"Replacement7MHD\",\"Replacement7HHD\"),IF($H55=\"Class_8\",IF($I55=\"HHD\",\"Replacement8HHD\",\"Replacement8MHD\")))),))))))","v":0},{"$f":"IF($D55=\"Replacement\",IF($H55=\"Class_6\",\"Replacement_6\",IF($H55=\"Class_7\",\"Replacement_7\",IF($H55=\"Class_8\",\"Replacement_8\",null))),IF($D55=\"Repower\",IF($H55=\"Class_6\",\"Repower_6\",IF($H55=\"Class_7\",\"Repower_7\",IF($H55=\"Class_8\",\"Repower_8\",null))),IF($D55=\"2-for-1 Replace\",IF($L55=\"Class_6\",\"Replacement_6\",IF($L55=\"Class_7\",\"Replacement_7\",IF($L55=\"Class_8\",\"Replacement_8\",null))))))","v":false},{"$f":"IF($D55=\"Replacement\",IF(AND($H55=\"Class_6\",$B55 <> \"4+ Trucks\"),\"Small_Fleet_Replacement_6\",IF(AND($H55=\"Class_7\",$B55 <> \"4+ Trucks\"),\"Small_Fleet_Replacement_7\",IF(AND($H55=\"Class_8\",$B55 <> \"4+ Trucks\"),\"Small_Fleet_Replacement_8\",null))),IF($D55=\"Repower\",IF($H55=\"Class_6\",\"Repower_6\",IF($H55=\"Class_7\",\"Repower_7\",IF($H55=\"Class_8\",\"Repower_8\",null))),IF($D55=\"2-for-1 Replace\",IF($L55=\"Class_6\",\"Replacement_6\",IF($L55=\"Class_7\",\"Small_Fleet_Replacement_7\",IF($L55=\"Class_8\",\"Small_Fleet_Replacement_8\",null))))))","v":false},null,null,null,null,{"$f":"IF(AND($B55<>\"4+ Trucks\",$D55=\"Replacement\",$P55=\"Diesel\",OR($L55=\"Class_7\",$H55=\"CLass_7\"),$M55=\"New: 2015+\"),\"small fleet new class 7 diesel\",IF(AND($B55<>\"4+ Trucks\",$D55=\"Replacement\",OR($P55=\"Diesel\",$P55=\"LNG/CNG\",$P55=\"Hybrid\"),OR($H55=\"Class_7\",$L55=\"Class_7\"),$M55=\"Used: 2011+\"),\"small fleet used class 7 diesel\",IF(AND($B55<>\"4+ Trucks\",$D55=\"Replacement\",$P55=\"Diesel\",$L55=\"Class_8\",$M55=\"New: 2015+\"),\"small fleet new class 8 diesel\",IF(AND($B55<>\"4+ Trucks\",$D55=\"Replacement\",$P55=\"Diesel\",$L55=\"Class_6\"),\"small fleet class 6 diesel\",IF(AND($B55<>\"4+ Trucks\",$D55=\"Replacement\",OR($P55=\"Diesel\",$P55=\"LNG/CNG\",$P55=\"Hybrid\"),$L55=\"Class_8\",$M55=\"Used: 2011+\"),\"small fleet used class 8 diesel\",IF(AND($B55<>\"4+ Trucks\",$D55=\"Repower\",$P55=\"Diesel\",(OR($L55=\"Class_8\",$L55=\"Class_7\"))),\"small fleet repower class 7/8\",IF(AND($B55<>\"4+ Trucks\",$D55=\"Repower\",$P55=\"Diesel\",$L55=\"Class_6\"),\"small fleet repower class 6\",IF(AND($D55=\"Replacement\",$P55=\"Zero Emission\",(OR($L55=\"Class_8\",$L55=\"Class_7\"))),\"zero emission class 7/8\",IF(AND($D55=\"Replacement\",$P55=\"Hybrid Zero-Mile\",(OR($L55=\"Class_8\",$L55=\"Class_7\"))),\"hybrid zero mile class 7/8\",IF(AND($D55=\"Replacement\",$P55=\"Low NOx\",(OR($L55=\"Class_8\",$L55=\"Class_7\"))),\"low nox class 7/8\",IF(AND($D55=\"Replacement\",$P55=\"Hybrid\",(OR($L55=\"Class_8\",$L55=\"Class_7\"))),\"hybrid class 7/8\",IF(AND($D55=\"Replacement\",$P55=\"LNG/CNG\",(OR($L55=\"Class_8\",$L55=\"Class_7\"))),\"lng/cng class 7/8\",IF(AND($D55=\"Replacement\",$P55=\"Zero Emission\",$L55=\"Class_6\"),\"zero emission class 6\",IF(AND($D55=\"Replacement\",$P55=\"Hybrid Zero-Mile\",$L55=\"Class_6\"),\"hybrid zero mile class 6\",IF(AND($D55=\"Replacement\",$P55=\"Low NOx\",$L55=\"Class_6\"),\"low nox class 6\",IF(AND($D55=\"Replacement\",$P55=\"Hybrid\",$L55=\"Class_6\"),\"hybrid class 6\",IF(AND($D55=\"Replacement\",$P55=\"LNG/CNG\",$L55=\"Class_6\"),\"lng/cng class 6\",(IF(AND($P55=\"Diesel\", OR($L55=\"Class_6\", $AE55=\"Class_6\")),\"small fleet class 6 diesel\",IF(AND($P55=\"Diesel\",$M55=\"New: 2015+\", OR($L55=\"Class_7\", $AE55=\"Class_7\")),\"small fleet new class 7 diesel\",IF(AND($P55=\"Diesel\",$M55=\"Used: 2011+\", OR($L55=\"Class_7\", $AE55=\"Class_7\")),\"small fleet used class 7 diesel\",IF(AND($P55=\"Diesel\",$M55=\"New: 2015+\", OR($L55=\"Class_8\", $AE55=\"Class_8\")),\"small fleet new class 8 diesel\",IF(AND($P55=\"Diesel\",$M55=\"Used: 2011+\", OR($L55=\"Class_8\", $AE55=\"Class_8\")),\"small fleet used class 8 diesel\",(IF(AND($P55=\"LNG/CNG\", OR($L55=\"Class_6\", $AE55=\"Class_6\")),\"lng/cng class 6\",(IF(AND($P55=\"Hybrid\", OR($L55=\"Class_6\", $AE55=\"Class_6\")),\"hybrid class 6\",(IF(AND($P55=\"Low NOx\", OR($L55=\"Class_6\", $AE55=\"Class_6\")),\"low nox class 6\",(IF(AND($P55=\"Hybrid Zero-Mile\", OR($L55=\"Class_6\", $AE55=\"Class_6\")),\"hybrid zero mile class 6\",(IF(AND($P55=\"Zero Emission\", OR($L55=\"Class_6\", $AE55=\"Class_6\")),\"zero emission class 6\",(IF(AND($P55=\"LNG/CNG\", OR($L55=\"Class_7\", $AE55=\"Class_7\")),\"lng/cng class 7/8\",(IF(AND($P55=\"Hybrid\", OR($L55=\"Class_7\", $AE55=\"Class_7\")),\"hybrid class 7/8\",(IF(AND($P55=\"Low NOx\", OR($L55=\"Class_7\", $AE55=\"Class_7\")),\"low nox class 7/8\",(IF(AND($P55=\"Hybrid Zero-Mile\", OR($L55=\"Class_7\", $AE55=\"Class_7\")),\"hybrid zero mile class 7/8\",(IF(AND($P55=\"Zero Emission\", OR($L55=\"Class_7\", $AE55=\"Class_7\")),\"zero emission class 7/8\",(IF(AND($P55=\"LNG/CNG\", OR($L55=\"Class_8\", $AE55=\"Class_8\")),\"lng/cng class 7/8\",(IF(AND($P55=\"Hybrid\", OR($L55=\"Class_8\", $AE55=\"Class_8\")),\"hybrid class 7/8\",(IF(AND($P55=\"Low NOx\", OR($L55=\"Class_8\", $AE55=\"Class_8\")),\"low nox class 7/8\",(IF(AND($P55=\"Hybrid Zero-Mile\", OR($L55=\"Class_8\", $AE55=\"Class_8\")),\"hybrid zero mile class 7/8\",(IF(AND($P55=\"Zero Emission\", OR($L55=\"Class_8\", $AE55=\"Class_8\")),\"zero emission class 7/8\")))))))))))))))))))))))))))))))))))))))))))))))))))))","v":false}]
["project 52",null,null,null,null,null,null,{"$f":"IF($G56=\"33,001 +\",\"Class_8\",IF($G56=\"26,001-33,000\",\"Class_7\",IF($G56=\"19,501-26,000\",\"Class_6\",\"\")))","v":""},null,null,null,null,null,null,{"$f":"IF(H56=\"Class_6\",IF(T56=\"No\",MIN(IF((J56*K56)<10000,0,J56*K56),IF((J56*N56)<10000,0,J56*N56)),IF(MIN(Y56*Z56,Y56*N56)+MIN(J56*K56,J56*N56)>9999,MIN(J56*K56,J56*N56),0)),IF(T56=\"No\",MIN(IF((J56*K56)<20000,0,J56*K56),IF((J56*N56)<20000,0,J56*N56)),IF(MIN(Y56*Z56,Y56*N56)+MIN(J56*K56,J56*N56)>19999,MIN(J56*K56,J56*N56),0)))","v":0},null,null,"","No","No",null,null,null,{"$f":"IF($W56=\"33,001 +\",\"Class_8\",IF($W56=\"26,001-33,000\",\"Class_7\",IF($W56=\"19,501-26,000\",\"Class_6\",IF($W56=\"\",\"\"))))","v":""},null,null,0,{"$f":"IF($T56=\"Yes\",IF(COUNTA($U56:$AA56)=7,\"Complete\",\"Incomplete\"),\"N/A\")","v":"N/A"},{"$f":"IF($D56=\"2-for-1 Replace\",IF(OR(COUNTA(A56:AA56)=27,COUNTA(A56:AA56)=29),\"Complete\",\"Incomplete\"),IF(OR($D56=\"Replacement\",$D56=\"Repower\"),IF(COUNTA(A56:Q56)=17,\"Complete\",\"Incomplete\"),\"Incomplete\"))","v":"Incomplete"},null,{"$f":"IF(OR($H56=\"Class_8\",$X56=\"Class_8\"),\"Class_8\",IF(OR($H56=\"Class_7\",$X56=\"Class_7\"),\"Class_7\",IF(OR($H56=\"Class_6\",$X56=\"Class_6\"),\"Class_6\")))","v":false},false,{"$f":"IF($D56=\"Repower\",IF($H56=\"Class_7\",IF($M56=\"New: 2013+ HHD\",\"CL7HHD\",\"gas\")))","v":false},false,null,{"$f":"IF($D56=\"2-for-1 Replace\",\"Norestr\",IF($AK56=\"Repower_8\",\"Repo8\",IF($AK56=\"Repower_7\",\"Repo7\",IF($AK56=\"Repower_6\",\"Repo6\",IF(OR($H56=\"Class_8\",$L56=\"Class_8\"),\"Replacement8HHD\",IF($D56=\"Replacement\",IF($H56=\"Class_6\",\"Replacement6\",IF($H56=\"Class_7\",IF($I56=\"MHD\",\"Replacement7MHD\",\"Replacement7HHD\"),IF($H56=\"Class_8\",IF($I56=\"HHD\",\"Replacement8HHD\",\"Replacement8MHD\")))),))))))","v":0},{"$f":"IF($D56=\"Replacement\",IF($H56=\"Class_6\",\"Replacement_6\",IF($H56=\"Class_7\",\"Replacement_7\",IF($H56=\"Class_8\",\"Replacement_8\",null))),IF($D56=\"Repower\",IF($H56=\"Class_6\",\"Repower_6\",IF($H56=\"Class_7\",\"Repower_7\",IF($H56=\"Class_8\",\"Repower_8\",null))),IF($D56=\"2-for-1 Replace\",IF($L56=\"Class_6\",\"Replacement_6\",IF($L56=\"Class_7\",\"Replacement_7\",IF($L56=\"Class_8\",\"Replacement_8\",null))))))","v":false},{"$f":"IF($D56=\"Replacement\",IF(AND($H56=\"Class_6\",$B56 <> \"4+ Trucks\"),\"Small_Fleet_Replacement_6\",IF(AND($H56=\"Class_7\",$B56 <> \"4+ Trucks\"),\"Small_Fleet_Replacement_7\",IF(AND($H56=\"Class_8\",$B56 <> \"4+ Trucks\"),\"Small_Fleet_Replacement_8\",null))),IF($D56=\"Repower\",IF($H56=\"Class_6\",\"Repower_6\",IF($H56=\"Class_7\",\"Repower_7\",IF($H56=\"Class_8\",\"Repower_8\",null))),IF($D56=\"2-for-1 Replace\",IF($L56=\"Class_6\",\"Replacement_6\",IF($L56=\"Class_7\",\"Small_Fleet_Replacement_7\",IF($L56=\"Class_8\",\"Small_Fleet_Replacement_8\",null))))))","v":false},null,null,null,null,{"$f":"IF(AND($B56<>\"4+ Trucks\",$D56=\"Replacement\",$P56=\"Diesel\",OR($L56=\"Class_7\",$H56=\"CLass_7\"),$M56=\"New: 2015+\"),\"small fleet new class 7 diesel\",IF(AND($B56<>\"4+ Trucks\",$D56=\"Replacement\",OR($P56=\"Diesel\",$P56=\"LNG/CNG\",$P56=\"Hybrid\"),OR($H56=\"Class_7\",$L56=\"Class_7\"),$M56=\"Used: 2011+\"),\"small fleet used class 7 diesel\",IF(AND($B56<>\"4+ Trucks\",$D56=\"Replacement\",$P56=\"Diesel\",$L56=\"Class_8\",$M56=\"New: 2015+\"),\"small fleet new class 8 diesel\",IF(AND($B56<>\"4+ Trucks\",$D56=\"Replacement\",$P56=\"Diesel\",$L56=\"Class_6\"),\"small fleet class 6 diesel\",IF(AND($B56<>\"4+ Trucks\",$D56=\"Replacement\",OR($P56=\"Diesel\",$P56=\"LNG/CNG\",$P56=\"Hybrid\"),$L56=\"Class_8\",$M56=\"Used: 2011+\"),\"small fleet used class 8 diesel\",IF(AND($B56<>\"4+ Trucks\",$D56=\"Repower\",$P56=\"Diesel\",(OR($L56=\"Class_8\",$L56=\"Class_7\"))),\"small fleet repower class 7/8\",IF(AND($B56<>\"4+ Trucks\",$D56=\"Repower\",$P56=\"Diesel\",$L56=\"Class_6\"),\"small fleet repower class 6\",IF(AND($D56=\"Replacement\",$P56=\"Zero Emission\",(OR($L56=\"Class_8\",$L56=\"Class_7\"))),\"zero emission class 7/8\",IF(AND($D56=\"Replacement\",$P56=\"Hybrid Zero-Mile\",(OR($L56=\"Class_8\",$L56=\"Class_7\"))),\"hybrid zero mile class 7/8\",IF(AND($D56=\"Replacement\",$P56=\"Low NOx\",(OR($L56=\"Class_8\",$L56=\"Class_7\"))),\"low nox class 7/8\",IF(AND($D56=\"Replacement\",$P56=\"Hybrid\",(OR($L56=\"Class_8\",$L56=\"Class_7\"))),\"hybrid class 7/8\",IF(AND($D56=\"Replacement\",$P56=\"LNG/CNG\",(OR($L56=\"Class_8\",$L56=\"Class_7\"))),\"lng/cng class 7/8\",IF(AND($D56=\"Replacement\",$P56=\"Zero Emission\",$L56=\"Class_6\"),\"zero emission class 6\",IF(AND($D56=\"Replacement\",$P56=\"Hybrid Zero-Mile\",$L56=\"Class_6\"),\"hybrid zero mile class 6\",IF(AND($D56=\"Replacement\",$P56=\"Low NOx\",$L56=\"Class_6\"),\"low nox class 6\",IF(AND($D56=\"Replacement\",$P56=\"Hybrid\",$L56=\"Class_6\"),\"hybrid class 6\",IF(AND($D56=\"Replacement\",$P56=\"LNG/CNG\",$L56=\"Class_6\"),\"lng/cng class 6\",(IF(AND($P56=\"Diesel\", OR($L56=\"Class_6\", $AE56=\"Class_6\")),\"small fleet class 6 diesel\",IF(AND($P56=\"Diesel\",$M56=\"New: 2015+\", OR($L56=\"Class_7\", $AE56=\"Class_7\")),\"small fleet new class 7 diesel\",IF(AND($P56=\"Diesel\",$M56=\"Used: 2011+\", OR($L56=\"Class_7\", $AE56=\"Class_7\")),\"small fleet used class 7 diesel\",IF(AND($P56=\"Diesel\",$M56=\"New: 2015+\", OR($L56=\"Class_8\", $AE56=\"Class_8\")),\"small fleet new class 8 diesel\",IF(AND($P56=\"Diesel\",$M56=\"Used: 2011+\", OR($L56=\"Class_8\", $AE56=\"Class_8\")),\"small fleet used class 8 diesel\",(IF(AND($P56=\"LNG/CNG\", OR($L56=\"Class_6\", $AE56=\"Class_6\")),\"lng/cng class 6\",(IF(AND($P56=\"Hybrid\", OR($L56=\"Class_6\", $AE56=\"Class_6\")),\"hybrid class 6\",(IF(AND($P56=\"Low NOx\", OR($L56=\"Class_6\", $AE56=\"Class_6\")),\"low nox class 6\",(IF(AND($P56=\"Hybrid Zero-Mile\", OR($L56=\"Class_6\", $AE56=\"Class_6\")),\"hybrid zero mile class 6\",(IF(AND($P56=\"Zero Emission\", OR($L56=\"Class_6\", $AE56=\"Class_6\")),\"zero emission class 6\",(IF(AND($P56=\"LNG/CNG\", OR($L56=\"Class_7\", $AE56=\"Class_7\")),\"lng/cng class 7/8\",(IF(AND($P56=\"Hybrid\", OR($L56=\"Class_7\", $AE56=\"Class_7\")),\"hybrid class 7/8\",(IF(AND($P56=\"Low NOx\", OR($L56=\"Class_7\", $AE56=\"Class_7\")),\"low nox class 7/8\",(IF(AND($P56=\"Hybrid Zero-Mile\", OR($L56=\"Class_7\", $AE56=\"Class_7\")),\"hybrid zero mile class 7/8\",(IF(AND($P56=\"Zero Emission\", OR($L56=\"Class_7\", $AE56=\"Class_7\")),\"zero emission class 7/8\",(IF(AND($P56=\"LNG/CNG\", OR($L56=\"Class_8\", $AE56=\"Class_8\")),\"lng/cng class 7/8\",(IF(AND($P56=\"Hybrid\", OR($L56=\"Class_8\", $AE56=\"Class_8\")),\"hybrid class 7/8\",(IF(AND($P56=\"Low NOx\", OR($L56=\"Class_8\", $AE56=\"Class_8\")),\"low nox class 7/8\",(IF(AND($P56=\"Hybrid Zero-Mile\", OR($L56=\"Class_8\", $AE56=\"Class_8\")),\"hybrid zero mile class 7/8\",(IF(AND($P56=\"Zero Emission\", OR($L56=\"Class_8\", $AE56=\"Class_8\")),\"zero emission class 7/8\")))))))))))))))))))))))))))))))))))))))))))))))))))))","v":false}]
["project 53",null,null,null,null,null,null,{"$f":"IF($G57=\"33,001 +\",\"Class_8\",IF($G57=\"26,001-33,000\",\"Class_7\",IF($G57=\"19,501-26,000\",\"Class_6\",\"\")))","v":""},null,null,null,null,null,null,{"$f":"IF(H57=\"Class_6\",IF(T57=\"No\",MIN(IF((J57*K57)<10000,0,J57*K57),IF((J57*N57)<10000,0,J57*N57)),IF(MIN(Y57*Z57,Y57*N57)+MIN(J57*K57,J57*N57)>9999,MIN(J57*K57,J57*N57),0)),IF(T57=\"No\",MIN(IF((J57*K57)<20000,0,J57*K57),IF((J57*N57)<20000,0,J57*N57)),IF(MIN(Y57*Z57,Y57*N57)+MIN(J57*K57,J57*N57)>19999,MIN(J57*K57,J57*N57),0)))","v":0},null,null,"","No","No",null,null,null,{"$f":"IF($W57=\"33,001 +\",\"Class_8\",IF($W57=\"26,001-33,000\",\"Class_7\",IF($W57=\"19,501-26,000\",\"Class_6\",IF($W57=\"\",\"\"))))","v":""},null,null,0,{"$f":"IF($T57=\"Yes\",IF(COUNTA($U57:$AA57)=7,\"Complete\",\"Incomplete\"),\"N/A\")","v":"N/A"},{"$f":"IF($D57=\"2-for-1 Replace\",IF(OR(COUNTA(A57:AA57)=27,COUNTA(A57:AA57)=29),\"Complete\",\"Incomplete\"),IF(OR($D57=\"Replacement\",$D57=\"Repower\"),IF(COUNTA(A57:Q57)=17,\"Complete\",\"Incomplete\"),\"Incomplete\"))","v":"Incomplete"},null,{"$f":"IF(OR($H57=\"Class_8\",$X57=\"Class_8\"),\"Class_8\",IF(OR($H57=\"Class_7\",$X57=\"Class_7\"),\"Class_7\",IF(OR($H57=\"Class_6\",$X57=\"Class_6\"),\"Class_6\")))","v":false},false,{"$f":"IF($D57=\"Repower\",IF($H57=\"Class_7\",IF($M57=\"New: 2013+ HHD\",\"CL7HHD\",\"gas\")))","v":false},false,null,{"$f":"IF($D57=\"2-for-1 Replace\",\"Norestr\",IF($AK57=\"Repower_8\",\"Repo8\",IF($AK57=\"Repower_7\",\"Repo7\",IF($AK57=\"Repower_6\",\"Repo6\",IF(OR($H57=\"Class_8\",$L57=\"Class_8\"),\"Replacement8HHD\",IF($D57=\"Replacement\",IF($H57=\"Class_6\",\"Replacement6\",IF($H57=\"Class_7\",IF($I57=\"MHD\",\"Replacement7MHD\",\"Replacement7HHD\"),IF($H57=\"Class_8\",IF($I57=\"HHD\",\"Replacement8HHD\",\"Replacement8MHD\")))),))))))","v":0},{"$f":"IF($D57=\"Replacement\",IF($H57=\"Class_6\",\"Replacement_6\",IF($H57=\"Class_7\",\"Replacement_7\",IF($H57=\"Class_8\",\"Replacement_8\",null))),IF($D57=\"Repower\",IF($H57=\"Class_6\",\"Repower_6\",IF($H57=\"Class_7\",\"Repower_7\",IF($H57=\"Class_8\",\"Repower_8\",null))),IF($D57=\"2-for-1 Replace\",IF($L57=\"Class_6\",\"Replacement_6\",IF($L57=\"Class_7\",\"Replacement_7\",IF($L57=\"Class_8\",\"Replacement_8\",null))))))","v":false},{"$f":"IF($D57=\"Replacement\",IF(AND($H57=\"Class_6\",$B57 <> \"4+ Trucks\"),\"Small_Fleet_Replacement_6\",IF(AND($H57=\"Class_7\",$B57 <> \"4+ Trucks\"),\"Small_Fleet_Replacement_7\",IF(AND($H57=\"Class_8\",$B57 <> \"4+ Trucks\"),\"Small_Fleet_Replacement_8\",null))),IF($D57=\"Repower\",IF($H57=\"Class_6\",\"Repower_6\",IF($H57=\"Class_7\",\"Repower_7\",IF($H57=\"Class_8\",\"Repower_8\",null))),IF($D57=\"2-for-1 Replace\",IF($L57=\"Class_6\",\"Replacement_6\",IF($L57=\"Class_7\",\"Small_Fleet_Replacement_7\",IF($L57=\"Class_8\",\"Small_Fleet_Replacement_8\",null))))))","v":false},null,null,null,null,{"$f":"IF(AND($B57<>\"4+ Trucks\",$D57=\"Replacement\",$P57=\"Diesel\",OR($L57=\"Class_7\",$H57=\"CLass_7\"),$M57=\"New: 2015+\"),\"small fleet new class 7 diesel\",IF(AND($B57<>\"4+ Trucks\",$D57=\"Replacement\",OR($P57=\"Diesel\",$P57=\"LNG/CNG\",$P57=\"Hybrid\"),OR($H57=\"Class_7\",$L57=\"Class_7\"),$M57=\"Used: 2011+\"),\"small fleet used class 7 diesel\",IF(AND($B57<>\"4+ Trucks\",$D57=\"Replacement\",$P57=\"Diesel\",$L57=\"Class_8\",$M57=\"New: 2015+\"),\"small fleet new class 8 diesel\",IF(AND($B57<>\"4+ Trucks\",$D57=\"Replacement\",$P57=\"Diesel\",$L57=\"Class_6\"),\"small fleet class 6 diesel\",IF(AND($B57<>\"4+ Trucks\",$D57=\"Replacement\",OR($P57=\"Diesel\",$P57=\"LNG/CNG\",$P57=\"Hybrid\"),$L57=\"Class_8\",$M57=\"Used: 2011+\"),\"small fleet used class 8 diesel\",IF(AND($B57<>\"4+ Trucks\",$D57=\"Repower\",$P57=\"Diesel\",(OR($L57=\"Class_8\",$L57=\"Class_7\"))),\"small fleet repower class 7/8\",IF(AND($B57<>\"4+ Trucks\",$D57=\"Repower\",$P57=\"Diesel\",$L57=\"Class_6\"),\"small fleet repower class 6\",IF(AND($D57=\"Replacement\",$P57=\"Zero Emission\",(OR($L57=\"Class_8\",$L57=\"Class_7\"))),\"zero emission class 7/8\",IF(AND($D57=\"Replacement\",$P57=\"Hybrid Zero-Mile\",(OR($L57=\"Class_8\",$L57=\"Class_7\"))),\"hybrid zero mile class 7/8\",IF(AND($D57=\"Replacement\",$P57=\"Low NOx\",(OR($L57=\"Class_8\",$L57=\"Class_7\"))),\"low nox class 7/8\",IF(AND($D57=\"Replacement\",$P57=\"Hybrid\",(OR($L57=\"Class_8\",$L57=\"Class_7\"))),\"hybrid class 7/8\",IF(AND($D57=\"Replacement\",$P57=\"LNG/CNG\",(OR($L57=\"Class_8\",$L57=\"Class_7\"))),\"lng/cng class 7/8\",IF(AND($D57=\"Replacement\",$P57=\"Zero Emission\",$L57=\"Class_6\"),\"zero emission class 6\",IF(AND($D57=\"Replacement\",$P57=\"Hybrid Zero-Mile\",$L57=\"Class_6\"),\"hybrid zero mile class 6\",IF(AND($D57=\"Replacement\",$P57=\"Low NOx\",$L57=\"Class_6\"),\"low nox class 6\",IF(AND($D57=\"Replacement\",$P57=\"Hybrid\",$L57=\"Class_6\"),\"hybrid class 6\",IF(AND($D57=\"Replacement\",$P57=\"LNG/CNG\",$L57=\"Class_6\"),\"lng/cng class 6\",(IF(AND($P57=\"Diesel\", OR($L57=\"Class_6\", $AE57=\"Class_6\")),\"small fleet class 6 diesel\",IF(AND($P57=\"Diesel\",$M57=\"New: 2015+\", OR($L57=\"Class_7\", $AE57=\"Class_7\")),\"small fleet new class 7 diesel\",IF(AND($P57=\"Diesel\",$M57=\"Used: 2011+\", OR($L57=\"Class_7\", $AE57=\"Class_7\")),\"small fleet used class 7 diesel\",IF(AND($P57=\"Diesel\",$M57=\"New: 2015+\", OR($L57=\"Class_8\", $AE57=\"Class_8\")),\"small fleet new class 8 diesel\",IF(AND($P57=\"Diesel\",$M57=\"Used: 2011+\", OR($L57=\"Class_8\", $AE57=\"Class_8\")),\"small fleet used class 8 diesel\",(IF(AND($P57=\"LNG/CNG\", OR($L57=\"Class_6\", $AE57=\"Class_6\")),\"lng/cng class 6\",(IF(AND($P57=\"Hybrid\", OR($L57=\"Class_6\", $AE57=\"Class_6\")),\"hybrid class 6\",(IF(AND($P57=\"Low NOx\", OR($L57=\"Class_6\", $AE57=\"Class_6\")),\"low nox class 6\",(IF(AND($P57=\"Hybrid Zero-Mile\", OR($L57=\"Class_6\", $AE57=\"Class_6\")),\"hybrid zero mile class 6\",(IF(AND($P57=\"Zero Emission\", OR($L57=\"Class_6\", $AE57=\"Class_6\")),\"zero emission class 6\",(IF(AND($P57=\"LNG/CNG\", OR($L57=\"Class_7\", $AE57=\"Class_7\")),\"lng/cng class 7/8\",(IF(AND($P57=\"Hybrid\", OR($L57=\"Class_7\", $AE57=\"Class_7\")),\"hybrid class 7/8\",(IF(AND($P57=\"Low NOx\", OR($L57=\"Class_7\", $AE57=\"Class_7\")),\"low nox class 7/8\",(IF(AND($P57=\"Hybrid Zero-Mile\", OR($L57=\"Class_7\", $AE57=\"Class_7\")),\"hybrid zero mile class 7/8\",(IF(AND($P57=\"Zero Emission\", OR($L57=\"Class_7\", $AE57=\"Class_7\")),\"zero emission class 7/8\",(IF(AND($P57=\"LNG/CNG\", OR($L57=\"Class_8\", $AE57=\"Class_8\")),\"lng/cng class 7/8\",(IF(AND($P57=\"Hybrid\", OR($L57=\"Class_8\", $AE57=\"Class_8\")),\"hybrid class 7/8\",(IF(AND($P57=\"Low NOx\", OR($L57=\"Class_8\", $AE57=\"Class_8\")),\"low nox class 7/8\",(IF(AND($P57=\"Hybrid Zero-Mile\", OR($L57=\"Class_8\", $AE57=\"Class_8\")),\"hybrid zero mile class 7/8\",(IF(AND($P57=\"Zero Emission\", OR($L57=\"Class_8\", $AE57=\"Class_8\")),\"zero emission class 7/8\")))))))))))))))))))))))))))))))))))))))))))))))))))))","v":false}]
["project 54",null,null,null,null,null,null,{"$f":"IF($G58=\"33,001 +\",\"Class_8\",IF($G58=\"26,001-33,000\",\"Class_7\",IF($G58=\"19,501-26,000\",\"Class_6\",\"\")))","v":""},null,null,null,null,null,null,{"$f":"IF(H58=\"Class_6\",IF(T58=\"No\",MIN(IF((J58*K58)<10000,0,J58*K58),IF((J58*N58)<10000,0,J58*N58)),IF(MIN(Y58*Z58,Y58*N58)+MIN(J58*K58,J58*N58)>9999,MIN(J58*K58,J58*N58),0)),IF(T58=\"No\",MIN(IF((J58*K58)<20000,0,J58*K58),IF((J58*N58)<20000,0,J58*N58)),IF(MIN(Y58*Z58,Y58*N58)+MIN(J58*K58,J58*N58)>19999,MIN(J58*K58,J58*N58),0)))","v":0},null,null,"","No","No",null,null,null,{"$f":"IF($W58=\"33,001 +\",\"Class_8\",IF($W58=\"26,001-33,000\",\"Class_7\",IF($W58=\"19,501-26,000\",\"Class_6\",IF($W58=\"\",\"\"))))","v":""},null,null,0,{"$f":"IF($T58=\"Yes\",IF(COUNTA($U58:$AA58)=7,\"Complete\",\"Incomplete\"),\"N/A\")","v":"N/A"},{"$f":"IF($D58=\"2-for-1 Replace\",IF(OR(COUNTA(A58:AA58)=27,COUNTA(A58:AA58)=29),\"Complete\",\"Incomplete\"),IF(OR($D58=\"Replacement\",$D58=\"Repower\"),IF(COUNTA(A58:Q58)=17,\"Complete\",\"Incomplete\"),\"Incomplete\"))","v":"Incomplete"},null,{"$f":"IF(OR($H58=\"Class_8\",$X58=\"Class_8\"),\"Class_8\",IF(OR($H58=\"Class_7\",$X58=\"Class_7\"),\"Class_7\",IF(OR($H58=\"Class_6\",$X58=\"Class_6\"),\"Class_6\")))","v":false},false,{"$f":"IF($D58=\"Repower\",IF($H58=\"Class_7\",IF($M58=\"New: 2013+ HHD\",\"CL7HHD\",\"gas\")))","v":false},false,null,{"$f":"IF($D58=\"2-for-1 Replace\",\"Norestr\",IF($AK58=\"Repower_8\",\"Repo8\",IF($AK58=\"Repower_7\",\"Repo7\",IF($AK58=\"Repower_6\",\"Repo6\",IF(OR($H58=\"Class_8\",$L58=\"Class_8\"),\"Replacement8HHD\",IF($D58=\"Replacement\",IF($H58=\"Class_6\",\"Replacement6\",IF($H58=\"Class_7\",IF($I58=\"MHD\",\"Replacement7MHD\",\"Replacement7HHD\"),IF($H58=\"Class_8\",IF($I58=\"HHD\",\"Replacement8HHD\",\"Replacement8MHD\")))),))))))","v":0},{"$f":"IF($D58=\"Replacement\",IF($H58=\"Class_6\",\"Replacement_6\",IF($H58=\"Class_7\",\"Replacement_7\",IF($H58=\"Class_8\",\"Replacement_8\",null))),IF($D58=\"Repower\",IF($H58=\"Class_6\",\"Repower_6\",IF($H58=\"Class_7\",\"Repower_7\",IF($H58=\"Class_8\",\"Repower_8\",null))),IF($D58=\"2-for-1 Replace\",IF($L58=\"Class_6\",\"Replacement_6\",IF($L58=\"Class_7\",\"Replacement_7\",IF($L58=\"Class_8\",\"Replacement_8\",null))))))","v":false},{"$f":"IF($D58=\"Replacement\",IF(AND($H58=\"Class_6\",$B58 <> \"4+ Trucks\"),\"Small_Fleet_Replacement_6\",IF(AND($H58=\"Class_7\",$B58 <> \"4+ Trucks\"),\"Small_Fleet_Replacement_7\",IF(AND($H58=\"Class_8\",$B58 <> \"4+ Trucks\"),\"Small_Fleet_Replacement_8\",null))),IF($D58=\"Repower\",IF($H58=\"Class_6\",\"Repower_6\",IF($H58=\"Class_7\",\"Repower_7\",IF($H58=\"Class_8\",\"Repower_8\",null))),IF($D58=\"2-for-1 Replace\",IF($L58=\"Class_6\",\"Replacement_6\",IF($L58=\"Class_7\",\"Small_Fleet_Replacement_7\",IF($L58=\"Class_8\",\"Small_Fleet_Replacement_8\",null))))))","v":false},null,null,null,null,{"$f":"IF(AND($B58<>\"4+ Trucks\",$D58=\"Replacement\",$P58=\"Diesel\",OR($L58=\"Class_7\",$H58=\"CLass_7\"),$M58=\"New: 2015+\"),\"small fleet new class 7 diesel\",IF(AND($B58<>\"4+ Trucks\",$D58=\"Replacement\",OR($P58=\"Diesel\",$P58=\"LNG/CNG\",$P58=\"Hybrid\"),OR($H58=\"Class_7\",$L58=\"Class_7\"),$M58=\"Used: 2011+\"),\"small fleet used class 7 diesel\",IF(AND($B58<>\"4+ Trucks\",$D58=\"Replacement\",$P58=\"Diesel\",$L58=\"Class_8\",$M58=\"New: 2015+\"),\"small fleet new class 8 diesel\",IF(AND($B58<>\"4+ Trucks\",$D58=\"Replacement\",$P58=\"Diesel\",$L58=\"Class_6\"),\"small fleet class 6 diesel\",IF(AND($B58<>\"4+ Trucks\",$D58=\"Replacement\",OR($P58=\"Diesel\",$P58=\"LNG/CNG\",$P58=\"Hybrid\"),$L58=\"Class_8\",$M58=\"Used: 2011+\"),\"small fleet used class 8 diesel\",IF(AND($B58<>\"4+ Trucks\",$D58=\"Repower\",$P58=\"Diesel\",(OR($L58=\"Class_8\",$L58=\"Class_7\"))),\"small fleet repower class 7/8\",IF(AND($B58<>\"4+ Trucks\",$D58=\"Repower\",$P58=\"Diesel\",$L58=\"Class_6\"),\"small fleet repower class 6\",IF(AND($D58=\"Replacement\",$P58=\"Zero Emission\",(OR($L58=\"Class_8\",$L58=\"Class_7\"))),\"zero emission class 7/8\",IF(AND($D58=\"Replacement\",$P58=\"Hybrid Zero-Mile\",(OR($L58=\"Class_8\",$L58=\"Class_7\"))),\"hybrid zero mile class 7/8\",IF(AND($D58=\"Replacement\",$P58=\"Low NOx\",(OR($L58=\"Class_8\",$L58=\"Class_7\"))),\"low nox class 7/8\",IF(AND($D58=\"Replacement\",$P58=\"Hybrid\",(OR($L58=\"Class_8\",$L58=\"Class_7\"))),\"hybrid class 7/8\",IF(AND($D58=\"Replacement\",$P58=\"LNG/CNG\",(OR($L58=\"Class_8\",$L58=\"Class_7\"))),\"lng/cng class 7/8\",IF(AND($D58=\"Replacement\",$P58=\"Zero Emission\",$L58=\"Class_6\"),\"zero emission class 6\",IF(AND($D58=\"Replacement\",$P58=\"Hybrid Zero-Mile\",$L58=\"Class_6\"),\"hybrid zero mile class 6\",IF(AND($D58=\"Replacement\",$P58=\"Low NOx\",$L58=\"Class_6\"),\"low nox class 6\",IF(AND($D58=\"Replacement\",$P58=\"Hybrid\",$L58=\"Class_6\"),\"hybrid class 6\",IF(AND($D58=\"Replacement\",$P58=\"LNG/CNG\",$L58=\"Class_6\"),\"lng/cng class 6\",(IF(AND($P58=\"Diesel\", OR($L58=\"Class_6\", $AE58=\"Class_6\")),\"small fleet class 6 diesel\",IF(AND($P58=\"Diesel\",$M58=\"New: 2015+\", OR($L58=\"Class_7\", $AE58=\"Class_7\")),\"small fleet new class 7 diesel\",IF(AND($P58=\"Diesel\",$M58=\"Used: 2011+\", OR($L58=\"Class_7\", $AE58=\"Class_7\")),\"small fleet used class 7 diesel\",IF(AND($P58=\"Diesel\",$M58=\"New: 2015+\", OR($L58=\"Class_8\", $AE58=\"Class_8\")),\"small fleet new class 8 diesel\",IF(AND($P58=\"Diesel\",$M58=\"Used: 2011+\", OR($L58=\"Class_8\", $AE58=\"Class_8\")),\"small fleet used class 8 diesel\",(IF(AND($P58=\"LNG/CNG\", OR($L58=\"Class_6\", $AE58=\"Class_6\")),\"lng/cng class 6\",(IF(AND($P58=\"Hybrid\", OR($L58=\"Class_6\", $AE58=\"Class_6\")),\"hybrid class 6\",(IF(AND($P58=\"Low NOx\", OR($L58=\"Class_6\", $AE58=\"Class_6\")),\"low nox class 6\",(IF(AND($P58=\"Hybrid Zero-Mile\", OR($L58=\"Class_6\", $AE58=\"Class_6\")),\"hybrid zero mile class 6\",(IF(AND($P58=\"Zero Emission\", OR($L58=\"Class_6\", $AE58=\"Class_6\")),\"zero emission class 6\",(IF(AND($P58=\"LNG/CNG\", OR($L58=\"Class_7\", $AE58=\"Class_7\")),\"lng/cng class 7/8\",(IF(AND($P58=\"Hybrid\", OR($L58=\"Class_7\", $AE58=\"Class_7\")),\"hybrid class 7/8\",(IF(AND($P58=\"Low NOx\", OR($L58=\"Class_7\", $AE58=\"Class_7\")),\"low nox class 7/8\",(IF(AND($P58=\"Hybrid Zero-Mile\", OR($L58=\"Class_7\", $AE58=\"Class_7\")),\"hybrid zero mile class 7/8\",(IF(AND($P58=\"Zero Emission\", OR($L58=\"Class_7\", $AE58=\"Class_7\")),\"zero emission class 7/8\",(IF(AND($P58=\"LNG/CNG\", OR($L58=\"Class_8\", $AE58=\"Class_8\")),\"lng/cng class 7/8\",(IF(AND($P58=\"Hybrid\", OR($L58=\"Class_8\", $AE58=\"Class_8\")),\"hybrid class 7/8\",(IF(AND($P58=\"Low NOx\", OR($L58=\"Class_8\", $AE58=\"Class_8\")),\"low nox class 7/8\",(IF(AND($P58=\"Hybrid Zero-Mile\", OR($L58=\"Class_8\", $AE58=\"Class_8\")),\"hybrid zero mile class 7/8\",(IF(AND($P58=\"Zero Emission\", OR($L58=\"Class_8\", $AE58=\"Class_8\")),\"zero emission class 7/8\")))))))))))))))))))))))))))))))))))))))))))))))))))))","v":false}]
["project 55",null,null,null,null,null,null,{"$f":"IF($G59=\"33,001 +\",\"Class_8\",IF($G59=\"26,001-33,000\",\"Class_7\",IF($G59=\"19,501-26,000\",\"Class_6\",\"\")))","v":""},null,null,null,null,null,null,{"$f":"IF(H59=\"Class_6\",IF(T59=\"No\",MIN(IF((J59*K59)<10000,0,J59*K59),IF((J59*N59)<10000,0,J59*N59)),IF(MIN(Y59*Z59,Y59*N59)+MIN(J59*K59,J59*N59)>9999,MIN(J59*K59,J59*N59),0)),IF(T59=\"No\",MIN(IF((J59*K59)<20000,0,J59*K59),IF((J59*N59)<20000,0,J59*N59)),IF(MIN(Y59*Z59,Y59*N59)+MIN(J59*K59,J59*N59)>19999,MIN(J59*K59,J59*N59),0)))","v":0},null,null,"","No","No",null,null,null,{"$f":"IF($W59=\"33,001 +\",\"Class_8\",IF($W59=\"26,001-33,000\",\"Class_7\",IF($W59=\"19,501-26,000\",\"Class_6\",IF($W59=\"\",\"\"))))","v":""},null,null,0,{"$f":"IF($T59=\"Yes\",IF(COUNTA($U59:$AA59)=7,\"Complete\",\"Incomplete\"),\"N/A\")","v":"N/A"},{"$f":"IF($D59=\"2-for-1 Replace\",IF(OR(COUNTA(A59:AA59)=27,COUNTA(A59:AA59)=29),\"Complete\",\"Incomplete\"),IF(OR($D59=\"Replacement\",$D59=\"Repower\"),IF(COUNTA(A59:Q59)=17,\"Complete\",\"Incomplete\"),\"Incomplete\"))","v":"Incomplete"},null,{"$f":"IF(OR($H59=\"Class_8\",$X59=\"Class_8\"),\"Class_8\",IF(OR($H59=\"Class_7\",$X59=\"Class_7\"),\"Class_7\",IF(OR($H59=\"Class_6\",$X59=\"Class_6\"),\"Class_6\")))","v":false},false,{"$f":"IF($D59=\"Repower\",IF($H59=\"Class_7\",IF($M59=\"New: 2013+ HHD\",\"CL7HHD\",\"gas\")))","v":false},false,null,{"$f":"IF($D59=\"2-for-1 Replace\",\"Norestr\",IF($AK59=\"Repower_8\",\"Repo8\",IF($AK59=\"Repower_7\",\"Repo7\",IF($AK59=\"Repower_6\",\"Repo6\",IF(OR($H59=\"Class_8\",$L59=\"Class_8\"),\"Replacement8HHD\",IF($D59=\"Replacement\",IF($H59=\"Class_6\",\"Replacement6\",IF($H59=\"Class_7\",IF($I59=\"MHD\",\"Replacement7MHD\",\"Replacement7HHD\"),IF($H59=\"Class_8\",IF($I59=\"HHD\",\"Replacement8HHD\",\"Replacement8MHD\")))),))))))","v":0},{"$f":"IF($D59=\"Replacement\",IF($H59=\"Class_6\",\"Replacement_6\",IF($H59=\"Class_7\",\"Replacement_7\",IF($H59=\"Class_8\",\"Replacement_8\",null))),IF($D59=\"Repower\",IF($H59=\"Class_6\",\"Repower_6\",IF($H59=\"Class_7\",\"Repower_7\",IF($H59=\"Class_8\",\"Repower_8\",null))),IF($D59=\"2-for-1 Replace\",IF($L59=\"Class_6\",\"Replacement_6\",IF($L59=\"Class_7\",\"Replacement_7\",IF($L59=\"Class_8\",\"Replacement_8\",null))))))","v":false},{"$f":"IF($D59=\"Replacement\",IF(AND($H59=\"Class_6\",$B59 <> \"4+ Trucks\"),\"Small_Fleet_Replacement_6\",IF(AND($H59=\"Class_7\",$B59 <> \"4+ Trucks\"),\"Small_Fleet_Replacement_7\",IF(AND($H59=\"Class_8\",$B59 <> \"4+ Trucks\"),\"Small_Fleet_Replacement_8\",null))),IF($D59=\"Repower\",IF($H59=\"Class_6\",\"Repower_6\",IF($H59=\"Class_7\",\"Repower_7\",IF($H59=\"Class_8\",\"Repower_8\",null))),IF($D59=\"2-for-1 Replace\",IF($L59=\"Class_6\",\"Replacement_6\",IF($L59=\"Class_7\",\"Small_Fleet_Replacement_7\",IF($L59=\"Class_8\",\"Small_Fleet_Replacement_8\",null))))))","v":false},null,null,null,null,{"$f":"IF(AND($B59<>\"4+ Trucks\",$D59=\"Replacement\",$P59=\"Diesel\",OR($L59=\"Class_7\",$H59=\"CLass_7\"),$M59=\"New: 2015+\"),\"small fleet new class 7 diesel\",IF(AND($B59<>\"4+ Trucks\",$D59=\"Replacement\",OR($P59=\"Diesel\",$P59=\"LNG/CNG\",$P59=\"Hybrid\"),OR($H59=\"Class_7\",$L59=\"Class_7\"),$M59=\"Used: 2011+\"),\"small fleet used class 7 diesel\",IF(AND($B59<>\"4+ Trucks\",$D59=\"Replacement\",$P59=\"Diesel\",$L59=\"Class_8\",$M59=\"New: 2015+\"),\"small fleet new class 8 diesel\",IF(AND($B59<>\"4+ Trucks\",$D59=\"Replacement\",$P59=\"Diesel\",$L59=\"Class_6\"),\"small fleet class 6 diesel\",IF(AND($B59<>\"4+ Trucks\",$D59=\"Replacement\",OR($P59=\"Diesel\",$P59=\"LNG/CNG\",$P59=\"Hybrid\"),$L59=\"Class_8\",$M59=\"Used: 2011+\"),\"small fleet used class 8 diesel\",IF(AND($B59<>\"4+ Trucks\",$D59=\"Repower\",$P59=\"Diesel\",(OR($L59=\"Class_8\",$L59=\"Class_7\"))),\"small fleet repower class 7/8\",IF(AND($B59<>\"4+ Trucks\",$D59=\"Repower\",$P59=\"Diesel\",$L59=\"Class_6\"),\"small fleet repower class 6\",IF(AND($D59=\"Replacement\",$P59=\"Zero Emission\",(OR($L59=\"Class_8\",$L59=\"Class_7\"))),\"zero emission class 7/8\",IF(AND($D59=\"Replacement\",$P59=\"Hybrid Zero-Mile\",(OR($L59=\"Class_8\",$L59=\"Class_7\"))),\"hybrid zero mile class 7/8\",IF(AND($D59=\"Replacement\",$P59=\"Low NOx\",(OR($L59=\"Class_8\",$L59=\"Class_7\"))),\"low nox class 7/8\",IF(AND($D59=\"Replacement\",$P59=\"Hybrid\",(OR($L59=\"Class_8\",$L59=\"Class_7\"))),\"hybrid class 7/8\",IF(AND($D59=\"Replacement\",$P59=\"LNG/CNG\",(OR($L59=\"Class_8\",$L59=\"Class_7\"))),\"lng/cng class 7/8\",IF(AND($D59=\"Replacement\",$P59=\"Zero Emission\",$L59=\"Class_6\"),\"zero emission class 6\",IF(AND($D59=\"Replacement\",$P59=\"Hybrid Zero-Mile\",$L59=\"Class_6\"),\"hybrid zero mile class 6\",IF(AND($D59=\"Replacement\",$P59=\"Low NOx\",$L59=\"Class_6\"),\"low nox class 6\",IF(AND($D59=\"Replacement\",$P59=\"Hybrid\",$L59=\"Class_6\"),\"hybrid class 6\",IF(AND($D59=\"Replacement\",$P59=\"LNG/CNG\",$L59=\"Class_6\"),\"lng/cng class 6\",(IF(AND($P59=\"Diesel\", OR($L59=\"Class_6\", $AE59=\"Class_6\")),\"small fleet class 6 diesel\",IF(AND($P59=\"Diesel\",$M59=\"New: 2015+\", OR($L59=\"Class_7\", $AE59=\"Class_7\")),\"small fleet new class 7 diesel\",IF(AND($P59=\"Diesel\",$M59=\"Used: 2011+\", OR($L59=\"Class_7\", $AE59=\"Class_7\")),\"small fleet used class 7 diesel\",IF(AND($P59=\"Diesel\",$M59=\"New: 2015+\", OR($L59=\"Class_8\", $AE59=\"Class_8\")),\"small fleet new class 8 diesel\",IF(AND($P59=\"Diesel\",$M59=\"Used: 2011+\", OR($L59=\"Class_8\", $AE59=\"Class_8\")),\"small fleet used class 8 diesel\",(IF(AND($P59=\"LNG/CNG\", OR($L59=\"Class_6\", $AE59=\"Class_6\")),\"lng/cng class 6\",(IF(AND($P59=\"Hybrid\", OR($L59=\"Class_6\", $AE59=\"Class_6\")),\"hybrid class 6\",(IF(AND($P59=\"Low NOx\", OR($L59=\"Class_6\", $AE59=\"Class_6\")),\"low nox class 6\",(IF(AND($P59=\"Hybrid Zero-Mile\", OR($L59=\"Class_6\", $AE59=\"Class_6\")),\"hybrid zero mile class 6\",(IF(AND($P59=\"Zero Emission\", OR($L59=\"Class_6\", $AE59=\"Class_6\")),\"zero emission class 6\",(IF(AND($P59=\"LNG/CNG\", OR($L59=\"Class_7\", $AE59=\"Class_7\")),\"lng/cng class 7/8\",(IF(AND($P59=\"Hybrid\", OR($L59=\"Class_7\", $AE59=\"Class_7\")),\"hybrid class 7/8\",(IF(AND($P59=\"Low NOx\", OR($L59=\"Class_7\", $AE59=\"Class_7\")),\"low nox class 7/8\",(IF(AND($P59=\"Hybrid Zero-Mile\", OR($L59=\"Class_7\", $AE59=\"Class_7\")),\"hybrid zero mile class 7/8\",(IF(AND($P59=\"Zero Emission\", OR($L59=\"Class_7\", $AE59=\"Class_7\")),\"zero emission class 7/8\",(IF(AND($P59=\"LNG/CNG\", OR($L59=\"Class_8\", $AE59=\"Class_8\")),\"lng/cng class 7/8\",(IF(AND($P59=\"Hybrid\", OR($L59=\"Class_8\", $AE59=\"Class_8\")),\"hybrid class 7/8\",(IF(AND($P59=\"Low NOx\", OR($L59=\"Class_8\", $AE59=\"Class_8\")),\"low nox class 7/8\",(IF(AND($P59=\"Hybrid Zero-Mile\", OR($L59=\"Class_8\", $AE59=\"Class_8\")),\"hybrid zero mile class 7/8\",(IF(AND($P59=\"Zero Emission\", OR($L59=\"Class_8\", $AE59=\"Class_8\")),\"zero emission class 7/8\")))))))))))))))))))))))))))))))))))))))))))))))))))))","v":false}]
["project 56",null,null,null,null,null,null,{"$f":"IF($G60=\"33,001 +\",\"Class_8\",IF($G60=\"26,001-33,000\",\"Class_7\",IF($G60=\"19,501-26,000\",\"Class_6\",\"\")))","v":""},null,null,null,null,null,null,{"$f":"IF(H60=\"Class_6\",IF(T60=\"No\",MIN(IF((J60*K60)<10000,0,J60*K60),IF((J60*N60)<10000,0,J60*N60)),IF(MIN(Y60*Z60,Y60*N60)+MIN(J60*K60,J60*N60)>9999,MIN(J60*K60,J60*N60),0)),IF(T60=\"No\",MIN(IF((J60*K60)<20000,0,J60*K60),IF((J60*N60)<20000,0,J60*N60)),IF(MIN(Y60*Z60,Y60*N60)+MIN(J60*K60,J60*N60)>19999,MIN(J60*K60,J60*N60),0)))","v":0},null,null,"","No","No",null,null,null,{"$f":"IF($W60=\"33,001 +\",\"Class_8\",IF($W60=\"26,001-33,000\",\"Class_7\",IF($W60=\"19,501-26,000\",\"Class_6\",IF($W60=\"\",\"\"))))","v":""},null,null,0,{"$f":"IF($T60=\"Yes\",IF(COUNTA($U60:$AA60)=7,\"Complete\",\"Incomplete\"),\"N/A\")","v":"N/A"},{"$f":"IF($D60=\"2-for-1 Replace\",IF(OR(COUNTA(A60:AA60)=27,COUNTA(A60:AA60)=29),\"Complete\",\"Incomplete\"),IF(OR($D60=\"Replacement\",$D60=\"Repower\"),IF(COUNTA(A60:Q60)=17,\"Complete\",\"Incomplete\"),\"Incomplete\"))","v":"Incomplete"},null,{"$f":"IF(OR($H60=\"Class_8\",$X60=\"Class_8\"),\"Class_8\",IF(OR($H60=\"Class_7\",$X60=\"Class_7\"),\"Class_7\",IF(OR($H60=\"Class_6\",$X60=\"Class_6\"),\"Class_6\")))","v":false},false,{"$f":"IF($D60=\"Repower\",IF($H60=\"Class_7\",IF($M60=\"New: 2013+ HHD\",\"CL7HHD\",\"gas\")))","v":false},false,null,{"$f":"IF($D60=\"2-for-1 Replace\",\"Norestr\",IF($AK60=\"Repower_8\",\"Repo8\",IF($AK60=\"Repower_7\",\"Repo7\",IF($AK60=\"Repower_6\",\"Repo6\",IF(OR($H60=\"Class_8\",$L60=\"Class_8\"),\"Replacement8HHD\",IF($D60=\"Replacement\",IF($H60=\"Class_6\",\"Replacement6\",IF($H60=\"Class_7\",IF($I60=\"MHD\",\"Replacement7MHD\",\"Replacement7HHD\"),IF($H60=\"Class_8\",IF($I60=\"HHD\",\"Replacement8HHD\",\"Replacement8MHD\")))),))))))","v":0},{"$f":"IF($D60=\"Replacement\",IF($H60=\"Class_6\",\"Replacement_6\",IF($H60=\"Class_7\",\"Replacement_7\",IF($H60=\"Class_8\",\"Replacement_8\",null))),IF($D60=\"Repower\",IF($H60=\"Class_6\",\"Repower_6\",IF($H60=\"Class_7\",\"Repower_7\",IF($H60=\"Class_8\",\"Repower_8\",null))),IF($D60=\"2-for-1 Replace\",IF($L60=\"Class_6\",\"Replacement_6\",IF($L60=\"Class_7\",\"Replacement_7\",IF($L60=\"Class_8\",\"Replacement_8\",null))))))","v":false},{"$f":"IF($D60=\"Replacement\",IF(AND($H60=\"Class_6\",$B60 <> \"4+ Trucks\"),\"Small_Fleet_Replacement_6\",IF(AND($H60=\"Class_7\",$B60 <> \"4+ Trucks\"),\"Small_Fleet_Replacement_7\",IF(AND($H60=\"Class_8\",$B60 <> \"4+ Trucks\"),\"Small_Fleet_Replacement_8\",null))),IF($D60=\"Repower\",IF($H60=\"Class_6\",\"Repower_6\",IF($H60=\"Class_7\",\"Repower_7\",IF($H60=\"Class_8\",\"Repower_8\",null))),IF($D60=\"2-for-1 Replace\",IF($L60=\"Class_6\",\"Replacement_6\",IF($L60=\"Class_7\",\"Small_Fleet_Replacement_7\",IF($L60=\"Class_8\",\"Small_Fleet_Replacement_8\",null))))))","v":false},null,null,null,null,{"$f":"IF(AND($B60<>\"4+ Trucks\",$D60=\"Replacement\",$P60=\"Diesel\",OR($L60=\"Class_7\",$H60=\"CLass_7\"),$M60=\"New: 2015+\"),\"small fleet new class 7 diesel\",IF(AND($B60<>\"4+ Trucks\",$D60=\"Replacement\",OR($P60=\"Diesel\",$P60=\"LNG/CNG\",$P60=\"Hybrid\"),OR($H60=\"Class_7\",$L60=\"Class_7\"),$M60=\"Used: 2011+\"),\"small fleet used class 7 diesel\",IF(AND($B60<>\"4+ Trucks\",$D60=\"Replacement\",$P60=\"Diesel\",$L60=\"Class_8\",$M60=\"New: 2015+\"),\"small fleet new class 8 diesel\",IF(AND($B60<>\"4+ Trucks\",$D60=\"Replacement\",$P60=\"Diesel\",$L60=\"Class_6\"),\"small fleet class 6 diesel\",IF(AND($B60<>\"4+ Trucks\",$D60=\"Replacement\",OR($P60=\"Diesel\",$P60=\"LNG/CNG\",$P60=\"Hybrid\"),$L60=\"Class_8\",$M60=\"Used: 2011+\"),\"small fleet used class 8 diesel\",IF(AND($B60<>\"4+ Trucks\",$D60=\"Repower\",$P60=\"Diesel\",(OR($L60=\"Class_8\",$L60=\"Class_7\"))),\"small fleet repower class 7/8\",IF(AND($B60<>\"4+ Trucks\",$D60=\"Repower\",$P60=\"Diesel\",$L60=\"Class_6\"),\"small fleet repower class 6\",IF(AND($D60=\"Replacement\",$P60=\"Zero Emission\",(OR($L60=\"Class_8\",$L60=\"Class_7\"))),\"zero emission class 7/8\",IF(AND($D60=\"Replacement\",$P60=\"Hybrid Zero-Mile\",(OR($L60=\"Class_8\",$L60=\"Class_7\"))),\"hybrid zero mile class 7/8\",IF(AND($D60=\"Replacement\",$P60=\"Low NOx\",(OR($L60=\"Class_8\",$L60=\"Class_7\"))),\"low nox class 7/8\",IF(AND($D60=\"Replacement\",$P60=\"Hybrid\",(OR($L60=\"Class_8\",$L60=\"Class_7\"))),\"hybrid class 7/8\",IF(AND($D60=\"Replacement\",$P60=\"LNG/CNG\",(OR($L60=\"Class_8\",$L60=\"Class_7\"))),\"lng/cng class 7/8\",IF(AND($D60=\"Replacement\",$P60=\"Zero Emission\",$L60=\"Class_6\"),\"zero emission class 6\",IF(AND($D60=\"Replacement\",$P60=\"Hybrid Zero-Mile\",$L60=\"Class_6\"),\"hybrid zero mile class 6\",IF(AND($D60=\"Replacement\",$P60=\"Low NOx\",$L60=\"Class_6\"),\"low nox class 6\",IF(AND($D60=\"Replacement\",$P60=\"Hybrid\",$L60=\"Class_6\"),\"hybrid class 6\",IF(AND($D60=\"Replacement\",$P60=\"LNG/CNG\",$L60=\"Class_6\"),\"lng/cng class 6\",(IF(AND($P60=\"Diesel\", OR($L60=\"Class_6\", $AE60=\"Class_6\")),\"small fleet class 6 diesel\",IF(AND($P60=\"Diesel\",$M60=\"New: 2015+\", OR($L60=\"Class_7\", $AE60=\"Class_7\")),\"small fleet new class 7 diesel\",IF(AND($P60=\"Diesel\",$M60=\"Used: 2011+\", OR($L60=\"Class_7\", $AE60=\"Class_7\")),\"small fleet used class 7 diesel\",IF(AND($P60=\"Diesel\",$M60=\"New: 2015+\", OR($L60=\"Class_8\", $AE60=\"Class_8\")),\"small fleet new class 8 diesel\",IF(AND($P60=\"Diesel\",$M60=\"Used: 2011+\", OR($L60=\"Class_8\", $AE60=\"Class_8\")),\"small fleet used class 8 diesel\",(IF(AND($P60=\"LNG/CNG\", OR($L60=\"Class_6\", $AE60=\"Class_6\")),\"lng/cng class 6\",(IF(AND($P60=\"Hybrid\", OR($L60=\"Class_6\", $AE60=\"Class_6\")),\"hybrid class 6\",(IF(AND($P60=\"Low NOx\", OR($L60=\"Class_6\", $AE60=\"Class_6\")),\"low nox class 6\",(IF(AND($P60=\"Hybrid Zero-Mile\", OR($L60=\"Class_6\", $AE60=\"Class_6\")),\"hybrid zero mile class 6\",(IF(AND($P60=\"Zero Emission\", OR($L60=\"Class_6\", $AE60=\"Class_6\")),\"zero emission class 6\",(IF(AND($P60=\"LNG/CNG\", OR($L60=\"Class_7\", $AE60=\"Class_7\")),\"lng/cng class 7/8\",(IF(AND($P60=\"Hybrid\", OR($L60=\"Class_7\", $AE60=\"Class_7\")),\"hybrid class 7/8\",(IF(AND($P60=\"Low NOx\", OR($L60=\"Class_7\", $AE60=\"Class_7\")),\"low nox class 7/8\",(IF(AND($P60=\"Hybrid Zero-Mile\", OR($L60=\"Class_7\", $AE60=\"Class_7\")),\"hybrid zero mile class 7/8\",(IF(AND($P60=\"Zero Emission\", OR($L60=\"Class_7\", $AE60=\"Class_7\")),\"zero emission class 7/8\",(IF(AND($P60=\"LNG/CNG\", OR($L60=\"Class_8\", $AE60=\"Class_8\")),\"lng/cng class 7/8\",(IF(AND($P60=\"Hybrid\", OR($L60=\"Class_8\", $AE60=\"Class_8\")),\"hybrid class 7/8\",(IF(AND($P60=\"Low NOx\", OR($L60=\"Class_8\", $AE60=\"Class_8\")),\"low nox class 7/8\",(IF(AND($P60=\"Hybrid Zero-Mile\", OR($L60=\"Class_8\", $AE60=\"Class_8\")),\"hybrid zero mile class 7/8\",(IF(AND($P60=\"Zero Emission\", OR($L60=\"Class_8\", $AE60=\"Class_8\")),\"zero emission class 7/8\")))))))))))))))))))))))))))))))))))))))))))))))))))))","v":false}]
["project 57",null,null,null,null,null,null,{"$f":"IF($G61=\"33,001 +\",\"Class_8\",IF($G61=\"26,001-33,000\",\"Class_7\",IF($G61=\"19,501-26,000\",\"Class_6\",\"\")))","v":""},null,null,null,null,null,null,{"$f":"IF(H61=\"Class_6\",IF(T61=\"No\",MIN(IF((J61*K61)<10000,0,J61*K61),IF((J61*N61)<10000,0,J61*N61)),IF(MIN(Y61*Z61,Y61*N61)+MIN(J61*K61,J61*N61)>9999,MIN(J61*K61,J61*N61),0)),IF(T61=\"No\",MIN(IF((J61*K61)<20000,0,J61*K61),IF((J61*N61)<20000,0,J61*N61)),IF(MIN(Y61*Z61,Y61*N61)+MIN(J61*K61,J61*N61)>19999,MIN(J61*K61,J61*N61),0)))","v":0},null,null,"","No","No",null,null,null,{"$f":"IF($W61=\"33,001 +\",\"Class_8\",IF($W61=\"26,001-33,000\",\"Class_7\",IF($W61=\"19,501-26,000\",\"Class_6\",IF($W61=\"\",\"\"))))","v":""},null,null,0,{"$f":"IF($T61=\"Yes\",IF(COUNTA($U61:$AA61)=7,\"Complete\",\"Incomplete\"),\"N/A\")","v":"N/A"},{"$f":"IF($D61=\"2-for-1 Replace\",IF(OR(COUNTA(A61:AA61)=27,COUNTA(A61:AA61)=29),\"Complete\",\"Incomplete\"),IF(OR($D61=\"Replacement\",$D61=\"Repower\"),IF(COUNTA(A61:Q61)=17,\"Complete\",\"Incomplete\"),\"Incomplete\"))","v":"Incomplete"},null,{"$f":"IF(OR($H61=\"Class_8\",$X61=\"Class_8\"),\"Class_8\",IF(OR($H61=\"Class_7\",$X61=\"Class_7\"),\"Class_7\",IF(OR($H61=\"Class_6\",$X61=\"Class_6\"),\"Class_6\")))","v":false},false,{"$f":"IF($D61=\"Repower\",IF($H61=\"Class_7\",IF($M61=\"New: 2013+ HHD\",\"CL7HHD\",\"gas\")))","v":false},false,null,{"$f":"IF($D61=\"2-for-1 Replace\",\"Norestr\",IF($AK61=\"Repower_8\",\"Repo8\",IF($AK61=\"Repower_7\",\"Repo7\",IF($AK61=\"Repower_6\",\"Repo6\",IF(OR($H61=\"Class_8\",$L61=\"Class_8\"),\"Replacement8HHD\",IF($D61=\"Replacement\",IF($H61=\"Class_6\",\"Replacement6\",IF($H61=\"Class_7\",IF($I61=\"MHD\",\"Replacement7MHD\",\"Replacement7HHD\"),IF($H61=\"Class_8\",IF($I61=\"HHD\",\"Replacement8HHD\",\"Replacement8MHD\")))),))))))","v":0},{"$f":"IF($D61=\"Replacement\",IF($H61=\"Class_6\",\"Replacement_6\",IF($H61=\"Class_7\",\"Replacement_7\",IF($H61=\"Class_8\",\"Replacement_8\",null))),IF($D61=\"Repower\",IF($H61=\"Class_6\",\"Repower_6\",IF($H61=\"Class_7\",\"Repower_7\",IF($H61=\"Class_8\",\"Repower_8\",null))),IF($D61=\"2-for-1 Replace\",IF($L61=\"Class_6\",\"Replacement_6\",IF($L61=\"Class_7\",\"Replacement_7\",IF($L61=\"Class_8\",\"Replacement_8\",null))))))","v":false},{"$f":"IF($D61=\"Replacement\",IF(AND($H61=\"Class_6\",$B61 <> \"4+ Trucks\"),\"Small_Fleet_Replacement_6\",IF(AND($H61=\"Class_7\",$B61 <> \"4+ Trucks\"),\"Small_Fleet_Replacement_7\",IF(AND($H61=\"Class_8\",$B61 <> \"4+ Trucks\"),\"Small_Fleet_Replacement_8\",null))),IF($D61=\"Repower\",IF($H61=\"Class_6\",\"Repower_6\",IF($H61=\"Class_7\",\"Repower_7\",IF($H61=\"Class_8\",\"Repower_8\",null))),IF($D61=\"2-for-1 Replace\",IF($L61=\"Class_6\",\"Replacement_6\",IF($L61=\"Class_7\",\"Small_Fleet_Replacement_7\",IF($L61=\"Class_8\",\"Small_Fleet_Replacement_8\",null))))))","v":false},null,null,null,null,{"$f":"IF(AND($B61<>\"4+ Trucks\",$D61=\"Replacement\",$P61=\"Diesel\",OR($L61=\"Class_7\",$H61=\"CLass_7\"),$M61=\"New: 2015+\"),\"small fleet new class 7 diesel\",IF(AND($B61<>\"4+ Trucks\",$D61=\"Replacement\",OR($P61=\"Diesel\",$P61=\"LNG/CNG\",$P61=\"Hybrid\"),OR($H61=\"Class_7\",$L61=\"Class_7\"),$M61=\"Used: 2011+\"),\"small fleet used class 7 diesel\",IF(AND($B61<>\"4+ Trucks\",$D61=\"Replacement\",$P61=\"Diesel\",$L61=\"Class_8\",$M61=\"New: 2015+\"),\"small fleet new class 8 diesel\",IF(AND($B61<>\"4+ Trucks\",$D61=\"Replacement\",$P61=\"Diesel\",$L61=\"Class_6\"),\"small fleet class 6 diesel\",IF(AND($B61<>\"4+ Trucks\",$D61=\"Replacement\",OR($P61=\"Diesel\",$P61=\"LNG/CNG\",$P61=\"Hybrid\"),$L61=\"Class_8\",$M61=\"Used: 2011+\"),\"small fleet used class 8 diesel\",IF(AND($B61<>\"4+ Trucks\",$D61=\"Repower\",$P61=\"Diesel\",(OR($L61=\"Class_8\",$L61=\"Class_7\"))),\"small fleet repower class 7/8\",IF(AND($B61<>\"4+ Trucks\",$D61=\"Repower\",$P61=\"Diesel\",$L61=\"Class_6\"),\"small fleet repower class 6\",IF(AND($D61=\"Replacement\",$P61=\"Zero Emission\",(OR($L61=\"Class_8\",$L61=\"Class_7\"))),\"zero emission class 7/8\",IF(AND($D61=\"Replacement\",$P61=\"Hybrid Zero-Mile\",(OR($L61=\"Class_8\",$L61=\"Class_7\"))),\"hybrid zero mile class 7/8\",IF(AND($D61=\"Replacement\",$P61=\"Low NOx\",(OR($L61=\"Class_8\",$L61=\"Class_7\"))),\"low nox class 7/8\",IF(AND($D61=\"Replacement\",$P61=\"Hybrid\",(OR($L61=\"Class_8\",$L61=\"Class_7\"))),\"hybrid class 7/8\",IF(AND($D61=\"Replacement\",$P61=\"LNG/CNG\",(OR($L61=\"Class_8\",$L61=\"Class_7\"))),\"lng/cng class 7/8\",IF(AND($D61=\"Replacement\",$P61=\"Zero Emission\",$L61=\"Class_6\"),\"zero emission class 6\",IF(AND($D61=\"Replacement\",$P61=\"Hybrid Zero-Mile\",$L61=\"Class_6\"),\"hybrid zero mile class 6\",IF(AND($D61=\"Replacement\",$P61=\"Low NOx\",$L61=\"Class_6\"),\"low nox class 6\",IF(AND($D61=\"Replacement\",$P61=\"Hybrid\",$L61=\"Class_6\"),\"hybrid class 6\",IF(AND($D61=\"Replacement\",$P61=\"LNG/CNG\",$L61=\"Class_6\"),\"lng/cng class 6\",(IF(AND($P61=\"Diesel\", OR($L61=\"Class_6\", $AE61=\"Class_6\")),\"small fleet class 6 diesel\",IF(AND($P61=\"Diesel\",$M61=\"New: 2015+\", OR($L61=\"Class_7\", $AE61=\"Class_7\")),\"small fleet new class 7 diesel\",IF(AND($P61=\"Diesel\",$M61=\"Used: 2011+\", OR($L61=\"Class_7\", $AE61=\"Class_7\")),\"small fleet used class 7 diesel\",IF(AND($P61=\"Diesel\",$M61=\"New: 2015+\", OR($L61=\"Class_8\", $AE61=\"Class_8\")),\"small fleet new class 8 diesel\",IF(AND($P61=\"Diesel\",$M61=\"Used: 2011+\", OR($L61=\"Class_8\", $AE61=\"Class_8\")),\"small fleet used class 8 diesel\",(IF(AND($P61=\"LNG/CNG\", OR($L61=\"Class_6\", $AE61=\"Class_6\")),\"lng/cng class 6\",(IF(AND($P61=\"Hybrid\", OR($L61=\"Class_6\", $AE61=\"Class_6\")),\"hybrid class 6\",(IF(AND($P61=\"Low NOx\", OR($L61=\"Class_6\", $AE61=\"Class_6\")),\"low nox class 6\",(IF(AND($P61=\"Hybrid Zero-Mile\", OR($L61=\"Class_6\", $AE61=\"Class_6\")),\"hybrid zero mile class 6\",(IF(AND($P61=\"Zero Emission\", OR($L61=\"Class_6\", $AE61=\"Class_6\")),\"zero emission class 6\",(IF(AND($P61=\"LNG/CNG\", OR($L61=\"Class_7\", $AE61=\"Class_7\")),\"lng/cng class 7/8\",(IF(AND($P61=\"Hybrid\", OR($L61=\"Class_7\", $AE61=\"Class_7\")),\"hybrid class 7/8\",(IF(AND($P61=\"Low NOx\", OR($L61=\"Class_7\", $AE61=\"Class_7\")),\"low nox class 7/8\",(IF(AND($P61=\"Hybrid Zero-Mile\", OR($L61=\"Class_7\", $AE61=\"Class_7\")),\"hybrid zero mile class 7/8\",(IF(AND($P61=\"Zero Emission\", OR($L61=\"Class_7\", $AE61=\"Class_7\")),\"zero emission class 7/8\",(IF(AND($P61=\"LNG/CNG\", OR($L61=\"Class_8\", $AE61=\"Class_8\")),\"lng/cng class 7/8\",(IF(AND($P61=\"Hybrid\", OR($L61=\"Class_8\", $AE61=\"Class_8\")),\"hybrid class 7/8\",(IF(AND($P61=\"Low NOx\", OR($L61=\"Class_8\", $AE61=\"Class_8\")),\"low nox class 7/8\",(IF(AND($P61=\"Hybrid Zero-Mile\", OR($L61=\"Class_8\", $AE61=\"Class_8\")),\"hybrid zero mile class 7/8\",(IF(AND($P61=\"Zero Emission\", OR($L61=\"Class_8\", $AE61=\"Class_8\")),\"zero emission class 7/8\")))))))))))))))))))))))))))))))))))))))))))))))))))))","v":false}]
["project 58",null,null,null,null,null,null,{"$f":"IF($G62=\"33,001 +\",\"Class_8\",IF($G62=\"26,001-33,000\",\"Class_7\",IF($G62=\"19,501-26,000\",\"Class_6\",\"\")))","v":""},null,null,null,null,null,null,{"$f":"IF(H62=\"Class_6\",IF(T62=\"No\",MIN(IF((J62*K62)<10000,0,J62*K62),IF((J62*N62)<10000,0,J62*N62)),IF(MIN(Y62*Z62,Y62*N62)+MIN(J62*K62,J62*N62)>9999,MIN(J62*K62,J62*N62),0)),IF(T62=\"No\",MIN(IF((J62*K62)<20000,0,J62*K62),IF((J62*N62)<20000,0,J62*N62)),IF(MIN(Y62*Z62,Y62*N62)+MIN(J62*K62,J62*N62)>19999,MIN(J62*K62,J62*N62),0)))","v":0},null,null,"","No","No",null,null,null,{"$f":"IF($W62=\"33,001 +\",\"Class_8\",IF($W62=\"26,001-33,000\",\"Class_7\",IF($W62=\"19,501-26,000\",\"Class_6\",IF($W62=\"\",\"\"))))","v":""},null,null,0,{"$f":"IF($T62=\"Yes\",IF(COUNTA($U62:$AA62)=7,\"Complete\",\"Incomplete\"),\"N/A\")","v":"N/A"},{"$f":"IF($D62=\"2-for-1 Replace\",IF(OR(COUNTA(A62:AA62)=27,COUNTA(A62:AA62)=29),\"Complete\",\"Incomplete\"),IF(OR($D62=\"Replacement\",$D62=\"Repower\"),IF(COUNTA(A62:Q62)=17,\"Complete\",\"Incomplete\"),\"Incomplete\"))","v":"Incomplete"},null,{"$f":"IF(OR($H62=\"Class_8\",$X62=\"Class_8\"),\"Class_8\",IF(OR($H62=\"Class_7\",$X62=\"Class_7\"),\"Class_7\",IF(OR($H62=\"Class_6\",$X62=\"Class_6\"),\"Class_6\")))","v":false},false,{"$f":"IF($D62=\"Repower\",IF($H62=\"Class_7\",IF($M62=\"New: 2013+ HHD\",\"CL7HHD\",\"gas\")))","v":false},false,null,{"$f":"IF($D62=\"2-for-1 Replace\",\"Norestr\",IF($AK62=\"Repower_8\",\"Repo8\",IF($AK62=\"Repower_7\",\"Repo7\",IF($AK62=\"Repower_6\",\"Repo6\",IF(OR($H62=\"Class_8\",$L62=\"Class_8\"),\"Replacement8HHD\",IF($D62=\"Replacement\",IF($H62=\"Class_6\",\"Replacement6\",IF($H62=\"Class_7\",IF($I62=\"MHD\",\"Replacement7MHD\",\"Replacement7HHD\"),IF($H62=\"Class_8\",IF($I62=\"HHD\",\"Replacement8HHD\",\"Replacement8MHD\")))),))))))","v":0},{"$f":"IF($D62=\"Replacement\",IF($H62=\"Class_6\",\"Replacement_6\",IF($H62=\"Class_7\",\"Replacement_7\",IF($H62=\"Class_8\",\"Replacement_8\",null))),IF($D62=\"Repower\",IF($H62=\"Class_6\",\"Repower_6\",IF($H62=\"Class_7\",\"Repower_7\",IF($H62=\"Class_8\",\"Repower_8\",null))),IF($D62=\"2-for-1 Replace\",IF($L62=\"Class_6\",\"Replacement_6\",IF($L62=\"Class_7\",\"Replacement_7\",IF($L62=\"Class_8\",\"Replacement_8\",null))))))","v":false},{"$f":"IF($D62=\"Replacement\",IF(AND($H62=\"Class_6\",$B62 <> \"4+ Trucks\"),\"Small_Fleet_Replacement_6\",IF(AND($H62=\"Class_7\",$B62 <> \"4+ Trucks\"),\"Small_Fleet_Replacement_7\",IF(AND($H62=\"Class_8\",$B62 <> \"4+ Trucks\"),\"Small_Fleet_Replacement_8\",null))),IF($D62=\"Repower\",IF($H62=\"Class_6\",\"Repower_6\",IF($H62=\"Class_7\",\"Repower_7\",IF($H62=\"Class_8\",\"Repower_8\",null))),IF($D62=\"2-for-1 Replace\",IF($L62=\"Class_6\",\"Replacement_6\",IF($L62=\"Class_7\",\"Small_Fleet_Replacement_7\",IF($L62=\"Class_8\",\"Small_Fleet_Replacement_8\",null))))))","v":false},null,null,null,null,{"$f":"IF(AND($B62<>\"4+ Trucks\",$D62=\"Replacement\",$P62=\"Diesel\",OR($L62=\"Class_7\",$H62=\"CLass_7\"),$M62=\"New: 2015+\"),\"small fleet new class 7 diesel\",IF(AND($B62<>\"4+ Trucks\",$D62=\"Replacement\",OR($P62=\"Diesel\",$P62=\"LNG/CNG\",$P62=\"Hybrid\"),OR($H62=\"Class_7\",$L62=\"Class_7\"),$M62=\"Used: 2011+\"),\"small fleet used class 7 diesel\",IF(AND($B62<>\"4+ Trucks\",$D62=\"Replacement\",$P62=\"Diesel\",$L62=\"Class_8\",$M62=\"New: 2015+\"),\"small fleet new class 8 diesel\",IF(AND($B62<>\"4+ Trucks\",$D62=\"Replacement\",$P62=\"Diesel\",$L62=\"Class_6\"),\"small fleet class 6 diesel\",IF(AND($B62<>\"4+ Trucks\",$D62=\"Replacement\",OR($P62=\"Diesel\",$P62=\"LNG/CNG\",$P62=\"Hybrid\"),$L62=\"Class_8\",$M62=\"Used: 2011+\"),\"small fleet used class 8 diesel\",IF(AND($B62<>\"4+ Trucks\",$D62=\"Repower\",$P62=\"Diesel\",(OR($L62=\"Class_8\",$L62=\"Class_7\"))),\"small fleet repower class 7/8\",IF(AND($B62<>\"4+ Trucks\",$D62=\"Repower\",$P62=\"Diesel\",$L62=\"Class_6\"),\"small fleet repower class 6\",IF(AND($D62=\"Replacement\",$P62=\"Zero Emission\",(OR($L62=\"Class_8\",$L62=\"Class_7\"))),\"zero emission class 7/8\",IF(AND($D62=\"Replacement\",$P62=\"Hybrid Zero-Mile\",(OR($L62=\"Class_8\",$L62=\"Class_7\"))),\"hybrid zero mile class 7/8\",IF(AND($D62=\"Replacement\",$P62=\"Low NOx\",(OR($L62=\"Class_8\",$L62=\"Class_7\"))),\"low nox class 7/8\",IF(AND($D62=\"Replacement\",$P62=\"Hybrid\",(OR($L62=\"Class_8\",$L62=\"Class_7\"))),\"hybrid class 7/8\",IF(AND($D62=\"Replacement\",$P62=\"LNG/CNG\",(OR($L62=\"Class_8\",$L62=\"Class_7\"))),\"lng/cng class 7/8\",IF(AND($D62=\"Replacement\",$P62=\"Zero Emission\",$L62=\"Class_6\"),\"zero emission class 6\",IF(AND($D62=\"Replacement\",$P62=\"Hybrid Zero-Mile\",$L62=\"Class_6\"),\"hybrid zero mile class 6\",IF(AND($D62=\"Replacement\",$P62=\"Low NOx\",$L62=\"Class_6\"),\"low nox class 6\",IF(AND($D62=\"Replacement\",$P62=\"Hybrid\",$L62=\"Class_6\"),\"hybrid class 6\",IF(AND($D62=\"Replacement\",$P62=\"LNG/CNG\",$L62=\"Class_6\"),\"lng/cng class 6\",(IF(AND($P62=\"Diesel\", OR($L62=\"Class_6\", $AE62=\"Class_6\")),\"small fleet class 6 diesel\",IF(AND($P62=\"Diesel\",$M62=\"New: 2015+\", OR($L62=\"Class_7\", $AE62=\"Class_7\")),\"small fleet new class 7 diesel\",IF(AND($P62=\"Diesel\",$M62=\"Used: 2011+\", OR($L62=\"Class_7\", $AE62=\"Class_7\")),\"small fleet used class 7 diesel\",IF(AND($P62=\"Diesel\",$M62=\"New: 2015+\", OR($L62=\"Class_8\", $AE62=\"Class_8\")),\"small fleet new class 8 diesel\",IF(AND($P62=\"Diesel\",$M62=\"Used: 2011+\", OR($L62=\"Class_8\", $AE62=\"Class_8\")),\"small fleet used class 8 diesel\",(IF(AND($P62=\"LNG/CNG\", OR($L62=\"Class_6\", $AE62=\"Class_6\")),\"lng/cng class 6\",(IF(AND($P62=\"Hybrid\", OR($L62=\"Class_6\", $AE62=\"Class_6\")),\"hybrid class 6\",(IF(AND($P62=\"Low NOx\", OR($L62=\"Class_6\", $AE62=\"Class_6\")),\"low nox class 6\",(IF(AND($P62=\"Hybrid Zero-Mile\", OR($L62=\"Class_6\", $AE62=\"Class_6\")),\"hybrid zero mile class 6\",(IF(AND($P62=\"Zero Emission\", OR($L62=\"Class_6\", $AE62=\"Class_6\")),\"zero emission class 6\",(IF(AND($P62=\"LNG/CNG\", OR($L62=\"Class_7\", $AE62=\"Class_7\")),\"lng/cng class 7/8\",(IF(AND($P62=\"Hybrid\", OR($L62=\"Class_7\", $AE62=\"Class_7\")),\"hybrid class 7/8\",(IF(AND($P62=\"Low NOx\", OR($L62=\"Class_7\", $AE62=\"Class_7\")),\"low nox class 7/8\",(IF(AND($P62=\"Hybrid Zero-Mile\", OR($L62=\"Class_7\", $AE62=\"Class_7\")),\"hybrid zero mile class 7/8\",(IF(AND($P62=\"Zero Emission\", OR($L62=\"Class_7\", $AE62=\"Class_7\")),\"zero emission class 7/8\",(IF(AND($P62=\"LNG/CNG\", OR($L62=\"Class_8\", $AE62=\"Class_8\")),\"lng/cng class 7/8\",(IF(AND($P62=\"Hybrid\", OR($L62=\"Class_8\", $AE62=\"Class_8\")),\"hybrid class 7/8\",(IF(AND($P62=\"Low NOx\", OR($L62=\"Class_8\", $AE62=\"Class_8\")),\"low nox class 7/8\",(IF(AND($P62=\"Hybrid Zero-Mile\", OR($L62=\"Class_8\", $AE62=\"Class_8\")),\"hybrid zero mile class 7/8\",(IF(AND($P62=\"Zero Emission\", OR($L62=\"Class_8\", $AE62=\"Class_8\")),\"zero emission class 7/8\")))))))))))))))))))))))))))))))))))))))))))))))))))))","v":false}]
["project 60",null,null,null,null,null,null,{"$f":"IF($G64=\"33,001 +\",\"Class_8\",IF($G64=\"26,001-33,000\",\"Class_7\",IF($G64=\"19,501-26,000\",\"Class_6\",\"\")))","v":""},null,null,null,null,null,null,{"$f":"IF(H64=\"Class_6\",IF(T64=\"No\",MIN(IF((J64*K64)<10000,0,J64*K64),IF((J64*N64)<10000,0,J64*N64)),IF(MIN(Y64*Z64,Y64*N64)+MIN(J64*K64,J64*N64)>9999,MIN(J64*K64,J64*N64),0)),IF(T64=\"No\",MIN(IF((J64*K64)<20000,0,J64*K64),IF((J64*N64)<20000,0,J64*N64)),IF(MIN(Y64*Z64,Y64*N64)+MIN(J64*K64,J64*N64)>19999,MIN(J64*K64,J64*N64),0)))","v":0},null,null,"","No","No",null,null,null,{"$f":"IF($W64=\"33,001 +\",\"Class_8\",IF($W64=\"26,001-33,000\",\"Class_7\",IF($W64=\"19,501-26,000\",\"Class_6\",IF($W64=\"\",\"\"))))","v":""},null,null,0,{"$f":"IF($T64=\"Yes\",IF(COUNTA($U64:$AA64)=7,\"Complete\",\"Incomplete\"),\"N/A\")","v":"N/A"},{"$f":"IF($D64=\"2-for-1 Replace\",IF(OR(COUNTA(A64:AA64)=27,COUNTA(A64:AA64)=29),\"Complete\",\"Incomplete\"),IF(OR($D64=\"Replacement\",$D64=\"Repower\"),IF(COUNTA(A64:Q64)=17,\"Complete\",\"Incomplete\"),\"Incomplete\"))","v":"Incomplete"},null,{"$f":"IF(OR($H64=\"Class_8\",$X64=\"Class_8\"),\"Class_8\",IF(OR($H64=\"Class_7\",$X64=\"Class_7\"),\"Class_7\",IF(OR($H64=\"Class_6\",$X64=\"Class_6\"),\"Class_6\")))","v":false},false,{"$f":"IF($D64=\"Repower\",IF($H64=\"Class_7\",IF($M64=\"New: 2013+ HHD\",\"CL7HHD\",\"gas\")))","v":false},false,null,{"$f":"IF($D64=\"2-for-1 Replace\",\"Norestr\",IF($AK64=\"Repower_8\",\"Repo8\",IF($AK64=\"Repower_7\",\"Repo7\",IF($AK64=\"Repower_6\",\"Repo6\",IF(OR($H64=\"Class_8\",$L64=\"Class_8\"),\"Replacement8HHD\",IF($D64=\"Replacement\",IF($H64=\"Class_6\",\"Replacement6\",IF($H64=\"Class_7\",IF($I64=\"MHD\",\"Replacement7MHD\",\"Replacement7HHD\"),IF($H64=\"Class_8\",IF($I64=\"HHD\",\"Replacement8HHD\",\"Replacement8MHD\")))),))))))","v":0},{"$f":"IF($D64=\"Replacement\",IF($H64=\"Class_6\",\"Replacement_6\",IF($H64=\"Class_7\",\"Replacement_7\",IF($H64=\"Class_8\",\"Replacement_8\",null))),IF($D64=\"Repower\",IF($H64=\"Class_6\",\"Repower_6\",IF($H64=\"Class_7\",\"Repower_7\",IF($H64=\"Class_8\",\"Repower_8\",null))),IF($D64=\"2-for-1 Replace\",IF($L64=\"Class_6\",\"Replacement_6\",IF($L64=\"Class_7\",\"Replacement_7\",IF($L64=\"Class_8\",\"Replacement_8\",null))))))","v":false},{"$f":"IF($D64=\"Replacement\",IF(AND($H64=\"Class_6\",$B64 <> \"4+ Trucks\"),\"Small_Fleet_Replacement_6\",IF(AND($H64=\"Class_7\",$B64 <> \"4+ Trucks\"),\"Small_Fleet_Replacement_7\",IF(AND($H64=\"Class_8\",$B64 <> \"4+ Trucks\"),\"Small_Fleet_Replacement_8\",null))),IF($D64=\"Repower\",IF($H64=\"Class_6\",\"Repower_6\",IF($H64=\"Class_7\",\"Repower_7\",IF($H64=\"Class_8\",\"Repower_8\",null))),IF($D64=\"2-for-1 Replace\",IF($L64=\"Class_6\",\"Replacement_6\",IF($L64=\"Class_7\",\"Small_Fleet_Replacement_7\",IF($L64=\"Class_8\",\"Small_Fleet_Replacement_8\",null))))))","v":false},null,null,null,null,{"$f":"IF(AND($B64<>\"4+ Trucks\",$D64=\"Replacement\",$P64=\"Diesel\",OR($L64=\"Class_7\",$H64=\"CLass_7\"),$M64=\"New: 2015+\"),\"small fleet new class 7 diesel\",IF(AND($B64<>\"4+ Trucks\",$D64=\"Replacement\",OR($P64=\"Diesel\",$P64=\"LNG/CNG\",$P64=\"Hybrid\"),OR($H64=\"Class_7\",$L64=\"Class_7\"),$M64=\"Used: 2011+\"),\"small fleet used class 7 diesel\",IF(AND($B64<>\"4+ Trucks\",$D64=\"Replacement\",$P64=\"Diesel\",$L64=\"Class_8\",$M64=\"New: 2015+\"),\"small fleet new class 8 diesel\",IF(AND($B64<>\"4+ Trucks\",$D64=\"Replacement\",$P64=\"Diesel\",$L64=\"Class_6\"),\"small fleet class 6 diesel\",IF(AND($B64<>\"4+ Trucks\",$D64=\"Replacement\",OR($P64=\"Diesel\",$P64=\"LNG/CNG\",$P64=\"Hybrid\"),$L64=\"Class_8\",$M64=\"Used: 2011+\"),\"small fleet used class 8 diesel\",IF(AND($B64<>\"4+ Trucks\",$D64=\"Repower\",$P64=\"Diesel\",(OR($L64=\"Class_8\",$L64=\"Class_7\"))),\"small fleet repower class 7/8\",IF(AND($B64<>\"4+ Trucks\",$D64=\"Repower\",$P64=\"Diesel\",$L64=\"Class_6\"),\"small fleet repower class 6\",IF(AND($D64=\"Replacement\",$P64=\"Zero Emission\",(OR($L64=\"Class_8\",$L64=\"Class_7\"))),\"zero emission class 7/8\",IF(AND($D64=\"Replacement\",$P64=\"Hybrid Zero-Mile\",(OR($L64=\"Class_8\",$L64=\"Class_7\"))),\"hybrid zero mile class 7/8\",IF(AND($D64=\"Replacement\",$P64=\"Low NOx\",(OR($L64=\"Class_8\",$L64=\"Class_7\"))),\"low nox class 7/8\",IF(AND($D64=\"Replacement\",$P64=\"Hybrid\",(OR($L64=\"Class_8\",$L64=\"Class_7\"))),\"hybrid class 7/8\",IF(AND($D64=\"Replacement\",$P64=\"LNG/CNG\",(OR($L64=\"Class_8\",$L64=\"Class_7\"))),\"lng/cng class 7/8\",IF(AND($D64=\"Replacement\",$P64=\"Zero Emission\",$L64=\"Class_6\"),\"zero emission class 6\",IF(AND($D64=\"Replacement\",$P64=\"Hybrid Zero-Mile\",$L64=\"Class_6\"),\"hybrid zero mile class 6\",IF(AND($D64=\"Replacement\",$P64=\"Low NOx\",$L64=\"Class_6\"),\"low nox class 6\",IF(AND($D64=\"Replacement\",$P64=\"Hybrid\",$L64=\"Class_6\"),\"hybrid class 6\",IF(AND($D64=\"Replacement\",$P64=\"LNG/CNG\",$L64=\"Class_6\"),\"lng/cng class 6\",(IF(AND($P64=\"Diesel\", OR($L64=\"Class_6\", $AE64=\"Class_6\")),\"small fleet class 6 diesel\",IF(AND($P64=\"Diesel\",$M64=\"New: 2015+\", OR($L64=\"Class_7\", $AE64=\"Class_7\")),\"small fleet new class 7 diesel\",IF(AND($P64=\"Diesel\",$M64=\"Used: 2011+\", OR($L64=\"Class_7\", $AE64=\"Class_7\")),\"small fleet used class 7 diesel\",IF(AND($P64=\"Diesel\",$M64=\"New: 2015+\", OR($L64=\"Class_8\", $AE64=\"Class_8\")),\"small fleet new class 8 diesel\",IF(AND($P64=\"Diesel\",$M64=\"Used: 2011+\", OR($L64=\"Class_8\", $AE64=\"Class_8\")),\"small fleet used class 8 diesel\",(IF(AND($P64=\"LNG/CNG\", OR($L64=\"Class_6\", $AE64=\"Class_6\")),\"lng/cng class 6\",(IF(AND($P64=\"Hybrid\", OR($L64=\"Class_6\", $AE64=\"Class_6\")),\"hybrid class 6\",(IF(AND($P64=\"Low NOx\", OR($L64=\"Class_6\", $AE64=\"Class_6\")),\"low nox class 6\",(IF(AND($P64=\"Hybrid Zero-Mile\", OR($L64=\"Class_6\", $AE64=\"Class_6\")),\"hybrid zero mile class 6\",(IF(AND($P64=\"Zero Emission\", OR($L64=\"Class_6\", $AE64=\"Class_6\")),\"zero emission class 6\",(IF(AND($P64=\"LNG/CNG\", OR($L64=\"Class_7\", $AE64=\"Class_7\")),\"lng/cng class 7/8\",(IF(AND($P64=\"Hybrid\", OR($L64=\"Class_7\", $AE64=\"Class_7\")),\"hybrid class 7/8\",(IF(AND($P64=\"Low NOx\", OR($L64=\"Class_7\", $AE64=\"Class_7\")),\"low nox class 7/8\",(IF(AND($P64=\"Hybrid Zero-Mile\", OR($L64=\"Class_7\", $AE64=\"Class_7\")),\"hybrid zero mile class 7/8\",(IF(AND($P64=\"Zero Emission\", OR($L64=\"Class_7\", $AE64=\"Class_7\")),\"zero emission class 7/8\",(IF(AND($P64=\"LNG/CNG\", OR($L64=\"Class_8\", $AE64=\"Class_8\")),\"lng/cng class 7/8\",(IF(AND($P64=\"Hybrid\", OR($L64=\"Class_8\", $AE64=\"Class_8\")),\"hybrid class 7/8\",(IF(AND($P64=\"Low NOx\", OR($L64=\"Class_8\", $AE64=\"Class_8\")),\"low nox class 7/8\",(IF(AND($P64=\"Hybrid Zero-Mile\", OR($L64=\"Class_8\", $AE64=\"Class_8\")),\"hybrid zero mile class 7/8\",(IF(AND($P64=\"Zero Emission\", OR($L64=\"Class_8\", $AE64=\"Class_8\")),\"zero emission class 7/8\")))))))))))))))))))))))))))))))))))))))))))))))))))))","v":false}]
["project 61",null,null,null,null,null,null,{"$f":"IF($G65=\"33,001 +\",\"Class_8\",IF($G65=\"26,001-33,000\",\"Class_7\",IF($G65=\"19,501-26,000\",\"Class_6\",\"\")))","v":""},null,null,null,null,null,null,{"$f":"IF(H65=\"Class_6\",IF(T65=\"No\",MIN(IF((J65*K65)<10000,0,J65*K65),IF((J65*N65)<10000,0,J65*N65)),IF(MIN(Y65*Z65,Y65*N65)+MIN(J65*K65,J65*N65)>9999,MIN(J65*K65,J65*N65),0)),IF(T65=\"No\",MIN(IF((J65*K65)<20000,0,J65*K65),IF((J65*N65)<20000,0,J65*N65)),IF(MIN(Y65*Z65,Y65*N65)+MIN(J65*K65,J65*N65)>19999,MIN(J65*K65,J65*N65),0)))","v":0},null,null,"","No","No",null,null,null,{"$f":"IF($W65=\"33,001 +\",\"Class_8\",IF($W65=\"26,001-33,000\",\"Class_7\",IF($W65=\"19,501-26,000\",\"Class_6\",IF($W65=\"\",\"\"))))","v":""},null,null,0,{"$f":"IF($T65=\"Yes\",IF(COUNTA($U65:$AA65)=7,\"Complete\",\"Incomplete\"),\"N/A\")","v":"N/A"},{"$f":"IF($D65=\"2-for-1 Replace\",IF(OR(COUNTA(A65:AA65)=27,COUNTA(A65:AA65)=29),\"Complete\",\"Incomplete\"),IF(OR($D65=\"Replacement\",$D65=\"Repower\"),IF(COUNTA(A65:Q65)=17,\"Complete\",\"Incomplete\"),\"Incomplete\"))","v":"Incomplete"},null,{"$f":"IF(OR($H65=\"Class_8\",$X65=\"Class_8\"),\"Class_8\",IF(OR($H65=\"Class_7\",$X65=\"Class_7\"),\"Class_7\",IF(OR($H65=\"Class_6\",$X65=\"Class_6\"),\"Class_6\")))","v":false},false,{"$f":"IF($D65=\"Repower\",IF($H65=\"Class_7\",IF($M65=\"New: 2013+ HHD\",\"CL7HHD\",\"gas\")))","v":false},false,null,{"$f":"IF($D65=\"2-for-1 Replace\",\"Norestr\",IF($AK65=\"Repower_8\",\"Repo8\",IF($AK65=\"Repower_7\",\"Repo7\",IF($AK65=\"Repower_6\",\"Repo6\",IF(OR($H65=\"Class_8\",$L65=\"Class_8\"),\"Replacement8HHD\",IF($D65=\"Replacement\",IF($H65=\"Class_6\",\"Replacement6\",IF($H65=\"Class_7\",IF($I65=\"MHD\",\"Replacement7MHD\",\"Replacement7HHD\"),IF($H65=\"Class_8\",IF($I65=\"HHD\",\"Replacement8HHD\",\"Replacement8MHD\")))),))))))","v":0},{"$f":"IF($D65=\"Replacement\",IF($H65=\"Class_6\",\"Replacement_6\",IF($H65=\"Class_7\",\"Replacement_7\",IF($H65=\"Class_8\",\"Replacement_8\",null))),IF($D65=\"Repower\",IF($H65=\"Class_6\",\"Repower_6\",IF($H65=\"Class_7\",\"Repower_7\",IF($H65=\"Class_8\",\"Repower_8\",null))),IF($D65=\"2-for-1 Replace\",IF($L65=\"Class_6\",\"Replacement_6\",IF($L65=\"Class_7\",\"Replacement_7\",IF($L65=\"Class_8\",\"Replacement_8\",null))))))","v":false},{"$f":"IF($D65=\"Replacement\",IF(AND($H65=\"Class_6\",$B65 <> \"4+ Trucks\"),\"Small_Fleet_Replacement_6\",IF(AND($H65=\"Class_7\",$B65 <> \"4+ Trucks\"),\"Small_Fleet_Replacement_7\",IF(AND($H65=\"Class_8\",$B65 <> \"4+ Trucks\"),\"Small_Fleet_Replacement_8\",null))),IF($D65=\"Repower\",IF($H65=\"Class_6\",\"Repower_6\",IF($H65=\"Class_7\",\"Repower_7\",IF($H65=\"Class_8\",\"Repower_8\",null))),IF($D65=\"2-for-1 Replace\",IF($L65=\"Class_6\",\"Replacement_6\",IF($L65=\"Class_7\",\"Small_Fleet_Replacement_7\",IF($L65=\"Class_8\",\"Small_Fleet_Replacement_8\",null))))))","v":false},null,null,null,null,{"$f":"IF(AND($B65<>\"4+ Trucks\",$D65=\"Replacement\",$P65=\"Diesel\",OR($L65=\"Class_7\",$H65=\"CLass_7\"),$M65=\"New: 2015+\"),\"small fleet new class 7 diesel\",IF(AND($B65<>\"4+ Trucks\",$D65=\"Replacement\",OR($P65=\"Diesel\",$P65=\"LNG/CNG\",$P65=\"Hybrid\"),OR($H65=\"Class_7\",$L65=\"Class_7\"),$M65=\"Used: 2011+\"),\"small fleet used class 7 diesel\",IF(AND($B65<>\"4+ Trucks\",$D65=\"Replacement\",$P65=\"Diesel\",$L65=\"Class_8\",$M65=\"New: 2015+\"),\"small fleet new class 8 diesel\",IF(AND($B65<>\"4+ Trucks\",$D65=\"Replacement\",$P65=\"Diesel\",$L65=\"Class_6\"),\"small fleet class 6 diesel\",IF(AND($B65<>\"4+ Trucks\",$D65=\"Replacement\",OR($P65=\"Diesel\",$P65=\"LNG/CNG\",$P65=\"Hybrid\"),$L65=\"Class_8\",$M65=\"Used: 2011+\"),\"small fleet used class 8 diesel\",IF(AND($B65<>\"4+ Trucks\",$D65=\"Repower\",$P65=\"Diesel\",(OR($L65=\"Class_8\",$L65=\"Class_7\"))),\"small fleet repower class 7/8\",IF(AND($B65<>\"4+ Trucks\",$D65=\"Repower\",$P65=\"Diesel\",$L65=\"Class_6\"),\"small fleet repower class 6\",IF(AND($D65=\"Replacement\",$P65=\"Zero Emission\",(OR($L65=\"Class_8\",$L65=\"Class_7\"))),\"zero emission class 7/8\",IF(AND($D65=\"Replacement\",$P65=\"Hybrid Zero-Mile\",(OR($L65=\"Class_8\",$L65=\"Class_7\"))),\"hybrid zero mile class 7/8\",IF(AND($D65=\"Replacement\",$P65=\"Low NOx\",(OR($L65=\"Class_8\",$L65=\"Class_7\"))),\"low nox class 7/8\",IF(AND($D65=\"Replacement\",$P65=\"Hybrid\",(OR($L65=\"Class_8\",$L65=\"Class_7\"))),\"hybrid class 7/8\",IF(AND($D65=\"Replacement\",$P65=\"LNG/CNG\",(OR($L65=\"Class_8\",$L65=\"Class_7\"))),\"lng/cng class 7/8\",IF(AND($D65=\"Replacement\",$P65=\"Zero Emission\",$L65=\"Class_6\"),\"zero emission class 6\",IF(AND($D65=\"Replacement\",$P65=\"Hybrid Zero-Mile\",$L65=\"Class_6\"),\"hybrid zero mile class 6\",IF(AND($D65=\"Replacement\",$P65=\"Low NOx\",$L65=\"Class_6\"),\"low nox class 6\",IF(AND($D65=\"Replacement\",$P65=\"Hybrid\",$L65=\"Class_6\"),\"hybrid class 6\",IF(AND($D65=\"Replacement\",$P65=\"LNG/CNG\",$L65=\"Class_6\"),\"lng/cng class 6\",(IF(AND($P65=\"Diesel\", OR($L65=\"Class_6\", $AE65=\"Class_6\")),\"small fleet class 6 diesel\",IF(AND($P65=\"Diesel\",$M65=\"New: 2015+\", OR($L65=\"Class_7\", $AE65=\"Class_7\")),\"small fleet new class 7 diesel\",IF(AND($P65=\"Diesel\",$M65=\"Used: 2011+\", OR($L65=\"Class_7\", $AE65=\"Class_7\")),\"small fleet used class 7 diesel\",IF(AND($P65=\"Diesel\",$M65=\"New: 2015+\", OR($L65=\"Class_8\", $AE65=\"Class_8\")),\"small fleet new class 8 diesel\",IF(AND($P65=\"Diesel\",$M65=\"Used: 2011+\", OR($L65=\"Class_8\", $AE65=\"Class_8\")),\"small fleet used class 8 diesel\",(IF(AND($P65=\"LNG/CNG\", OR($L65=\"Class_6\", $AE65=\"Class_6\")),\"lng/cng class 6\",(IF(AND($P65=\"Hybrid\", OR($L65=\"Class_6\", $AE65=\"Class_6\")),\"hybrid class 6\",(IF(AND($P65=\"Low NOx\", OR($L65=\"Class_6\", $AE65=\"Class_6\")),\"low nox class 6\",(IF(AND($P65=\"Hybrid Zero-Mile\", OR($L65=\"Class_6\", $AE65=\"Class_6\")),\"hybrid zero mile class 6\",(IF(AND($P65=\"Zero Emission\", OR($L65=\"Class_6\", $AE65=\"Class_6\")),\"zero emission class 6\",(IF(AND($P65=\"LNG/CNG\", OR($L65=\"Class_7\", $AE65=\"Class_7\")),\"lng/cng class 7/8\",(IF(AND($P65=\"Hybrid\", OR($L65=\"Class_7\", $AE65=\"Class_7\")),\"hybrid class 7/8\",(IF(AND($P65=\"Low NOx\", OR($L65=\"Class_7\", $AE65=\"Class_7\")),\"low nox class 7/8\",(IF(AND($P65=\"Hybrid Zero-Mile\", OR($L65=\"Class_7\", $AE65=\"Class_7\")),\"hybrid zero mile class 7/8\",(IF(AND($P65=\"Zero Emission\", OR($L65=\"Class_7\", $AE65=\"Class_7\")),\"zero emission class 7/8\",(IF(AND($P65=\"LNG/CNG\", OR($L65=\"Class_8\", $AE65=\"Class_8\")),\"lng/cng class 7/8\",(IF(AND($P65=\"Hybrid\", OR($L65=\"Class_8\", $AE65=\"Class_8\")),\"hybrid class 7/8\",(IF(AND($P65=\"Low NOx\", OR($L65=\"Class_8\", $AE65=\"Class_8\")),\"low nox class 7/8\",(IF(AND($P65=\"Hybrid Zero-Mile\", OR($L65=\"Class_8\", $AE65=\"Class_8\")),\"hybrid zero mile class 7/8\",(IF(AND($P65=\"Zero Emission\", OR($L65=\"Class_8\", $AE65=\"Class_8\")),\"zero emission class 7/8\")))))))))))))))))))))))))))))))))))))))))))))))))))))","v":false}]
["project 64",null,null,null,null,null,null,{"$f":"IF($G68=\"33,001 +\",\"Class_8\",IF($G68=\"26,001-33,000\",\"Class_7\",IF($G68=\"19,501-26,000\",\"Class_6\",\"\")))","v":""},null,null,null,null,null,null,{"$f":"IF(H68=\"Class_6\",IF(T68=\"No\",MIN(IF((J68*K68)<10000,0,J68*K68),IF((J68*N68)<10000,0,J68*N68)),IF(MIN(Y68*Z68,Y68*N68)+MIN(J68*K68,J68*N68)>9999,MIN(J68*K68,J68*N68),0)),IF(T68=\"No\",MIN(IF((J68*K68)<20000,0,J68*K68),IF((J68*N68)<20000,0,J68*N68)),IF(MIN(Y68*Z68,Y68*N68)+MIN(J68*K68,J68*N68)>19999,MIN(J68*K68,J68*N68),0)))","v":0},null,null,"","No","No",null,null,null,{"$f":"IF($W68=\"33,001 +\",\"Class_8\",IF($W68=\"26,001-33,000\",\"Class_7\",IF($W68=\"19,501-26,000\",\"Class_6\",IF($W68=\"\",\"\"))))","v":""},null,null,0,{"$f":"IF($T68=\"Yes\",IF(COUNTA($U68:$AA68)=7,\"Complete\",\"Incomplete\"),\"N/A\")","v":"N/A"},{"$f":"IF($D68=\"2-for-1 Replace\",IF(OR(COUNTA(A68:AA68)=27,COUNTA(A68:AA68)=29),\"Complete\",\"Incomplete\"),IF(OR($D68=\"Replacement\",$D68=\"Repower\"),IF(COUNTA(A68:Q68)=17,\"Complete\",\"Incomplete\"),\"Incomplete\"))","v":"Incomplete"},null,{"$f":"IF(OR($H68=\"Class_8\",$X68=\"Class_8\"),\"Class_8\",IF(OR($H68=\"Class_7\",$X68=\"Class_7\"),\"Class_7\",IF(OR($H68=\"Class_6\",$X68=\"Class_6\"),\"Class_6\")))","v":false},false,{"$f":"IF($D68=\"Repower\",IF($H68=\"Class_7\",IF($M68=\"New: 2013+ HHD\",\"CL7HHD\",\"gas\")))","v":false},false,null,{"$f":"IF($D68=\"2-for-1 Replace\",\"Norestr\",IF($AK68=\"Repower_8\",\"Repo8\",IF($AK68=\"Repower_7\",\"Repo7\",IF($AK68=\"Repower_6\",\"Repo6\",IF(OR($H68=\"Class_8\",$L68=\"Class_8\"),\"Replacement8HHD\",IF($D68=\"Replacement\",IF($H68=\"Class_6\",\"Replacement6\",IF($H68=\"Class_7\",IF($I68=\"MHD\",\"Replacement7MHD\",\"Replacement7HHD\"),IF($H68=\"Class_8\",IF($I68=\"HHD\",\"Replacement8HHD\",\"Replacement8MHD\")))),))))))","v":0},{"$f":"IF($D68=\"Replacement\",IF($H68=\"Class_6\",\"Replacement_6\",IF($H68=\"Class_7\",\"Replacement_7\",IF($H68=\"Class_8\",\"Replacement_8\",null))),IF($D68=\"Repower\",IF($H68=\"Class_6\",\"Repower_6\",IF($H68=\"Class_7\",\"Repower_7\",IF($H68=\"Class_8\",\"Repower_8\",null))),IF($D68=\"2-for-1 Replace\",IF($L68=\"Class_6\",\"Replacement_6\",IF($L68=\"Class_7\",\"Replacement_7\",IF($L68=\"Class_8\",\"Replacement_8\",null))))))","v":false},{"$f":"IF($D68=\"Replacement\",IF(AND($H68=\"Class_6\",$B68 <> \"4+ Trucks\"),\"Small_Fleet_Replacement_6\",IF(AND($H68=\"Class_7\",$B68 <> \"4+ Trucks\"),\"Small_Fleet_Replacement_7\",IF(AND($H68=\"Class_8\",$B68 <> \"4+ Trucks\"),\"Small_Fleet_Replacement_8\",null))),IF($D68=\"Repower\",IF($H68=\"Class_6\",\"Repower_6\",IF($H68=\"Class_7\",\"Repower_7\",IF($H68=\"Class_8\",\"Repower_8\",null))),IF($D68=\"2-for-1 Replace\",IF($L68=\"Class_6\",\"Replacement_6\",IF($L68=\"Class_7\",\"Small_Fleet_Replacement_7\",IF($L68=\"Class_8\",\"Small_Fleet_Replacement_8\",null))))))","v":false},null,null,null,null,{"$f":"IF(AND($B68<>\"4+ Trucks\",$D68=\"Replacement\",$P68=\"Diesel\",OR($L68=\"Class_7\",$H68=\"CLass_7\"),$M68=\"New: 2015+\"),\"small fleet new class 7 diesel\",IF(AND($B68<>\"4+ Trucks\",$D68=\"Replacement\",OR($P68=\"Diesel\",$P68=\"LNG/CNG\",$P68=\"Hybrid\"),OR($H68=\"Class_7\",$L68=\"Class_7\"),$M68=\"Used: 2011+\"),\"small fleet used class 7 diesel\",IF(AND($B68<>\"4+ Trucks\",$D68=\"Replacement\",$P68=\"Diesel\",$L68=\"Class_8\",$M68=\"New: 2015+\"),\"small fleet new class 8 diesel\",IF(AND($B68<>\"4+ Trucks\",$D68=\"Replacement\",$P68=\"Diesel\",$L68=\"Class_6\"),\"small fleet class 6 diesel\",IF(AND($B68<>\"4+ Trucks\",$D68=\"Replacement\",OR($P68=\"Diesel\",$P68=\"LNG/CNG\",$P68=\"Hybrid\"),$L68=\"Class_8\",$M68=\"Used: 2011+\"),\"small fleet used class 8 diesel\",IF(AND($B68<>\"4+ Trucks\",$D68=\"Repower\",$P68=\"Diesel\",(OR($L68=\"Class_8\",$L68=\"Class_7\"))),\"small fleet repower class 7/8\",IF(AND($B68<>\"4+ Trucks\",$D68=\"Repower\",$P68=\"Diesel\",$L68=\"Class_6\"),\"small fleet repower class 6\",IF(AND($D68=\"Replacement\",$P68=\"Zero Emission\",(OR($L68=\"Class_8\",$L68=\"Class_7\"))),\"zero emission class 7/8\",IF(AND($D68=\"Replacement\",$P68=\"Hybrid Zero-Mile\",(OR($L68=\"Class_8\",$L68=\"Class_7\"))),\"hybrid zero mile class 7/8\",IF(AND($D68=\"Replacement\",$P68=\"Low NOx\",(OR($L68=\"Class_8\",$L68=\"Class_7\"))),\"low nox class 7/8\",IF(AND($D68=\"Replacement\",$P68=\"Hybrid\",(OR($L68=\"Class_8\",$L68=\"Class_7\"))),\"hybrid class 7/8\",IF(AND($D68=\"Replacement\",$P68=\"LNG/CNG\",(OR($L68=\"Class_8\",$L68=\"Class_7\"))),\"lng/cng class 7/8\",IF(AND($D68=\"Replacement\",$P68=\"Zero Emission\",$L68=\"Class_6\"),\"zero emission class 6\",IF(AND($D68=\"Replacement\",$P68=\"Hybrid Zero-Mile\",$L68=\"Class_6\"),\"hybrid zero mile class 6\",IF(AND($D68=\"Replacement\",$P68=\"Low NOx\",$L68=\"Class_6\"),\"low nox class 6\",IF(AND($D68=\"Replacement\",$P68=\"Hybrid\",$L68=\"Class_6\"),\"hybrid class 6\",IF(AND($D68=\"Replacement\",$P68=\"LNG/CNG\",$L68=\"Class_6\"),\"lng/cng class 6\",(IF(AND($P68=\"Diesel\", OR($L68=\"Class_6\", $AE68=\"Class_6\")),\"small fleet class 6 diesel\",IF(AND($P68=\"Diesel\",$M68=\"New: 2015+\", OR($L68=\"Class_7\", $AE68=\"Class_7\")),\"small fleet new class 7 diesel\",IF(AND($P68=\"Diesel\",$M68=\"Used: 2011+\", OR($L68=\"Class_7\", $AE68=\"Class_7\")),\"small fleet used class 7 diesel\",IF(AND($P68=\"Diesel\",$M68=\"New: 2015+\", OR($L68=\"Class_8\", $AE68=\"Class_8\")),\"small fleet new class 8 diesel\",IF(AND($P68=\"Diesel\",$M68=\"Used: 2011+\", OR($L68=\"Class_8\", $AE68=\"Class_8\")),\"small fleet used class 8 diesel\",(IF(AND($P68=\"LNG/CNG\", OR($L68=\"Class_6\", $AE68=\"Class_6\")),\"lng/cng class 6\",(IF(AND($P68=\"Hybrid\", OR($L68=\"Class_6\", $AE68=\"Class_6\")),\"hybrid class 6\",(IF(AND($P68=\"Low NOx\", OR($L68=\"Class_6\", $AE68=\"Class_6\")),\"low nox class 6\",(IF(AND($P68=\"Hybrid Zero-Mile\", OR($L68=\"Class_6\", $AE68=\"Class_6\")),\"hybrid zero mile class 6\",(IF(AND($P68=\"Zero Emission\", OR($L68=\"Class_6\", $AE68=\"Class_6\")),\"zero emission class 6\",(IF(AND($P68=\"LNG/CNG\", OR($L68=\"Class_7\", $AE68=\"Class_7\")),\"lng/cng class 7/8\",(IF(AND($P68=\"Hybrid\", OR($L68=\"Class_7\", $AE68=\"Class_7\")),\"hybrid class 7/8\",(IF(AND($P68=\"Low NOx\", OR($L68=\"Class_7\", $AE68=\"Class_7\")),\"low nox class 7/8\",(IF(AND($P68=\"Hybrid Zero-Mile\", OR($L68=\"Class_7\", $AE68=\"Class_7\")),\"hybrid zero mile class 7/8\",(IF(AND($P68=\"Zero Emission\", OR($L68=\"Class_7\", $AE68=\"Class_7\")),\"zero emission class 7/8\",(IF(AND($P68=\"LNG/CNG\", OR($L68=\"Class_8\", $AE68=\"Class_8\")),\"lng/cng class 7/8\",(IF(AND($P68=\"Hybrid\", OR($L68=\"Class_8\", $AE68=\"Class_8\")),\"hybrid class 7/8\",(IF(AND($P68=\"Low NOx\", OR($L68=\"Class_8\", $AE68=\"Class_8\")),\"low nox class 7/8\",(IF(AND($P68=\"Hybrid Zero-Mile\", OR($L68=\"Class_8\", $AE68=\"Class_8\")),\"hybrid zero mile class 7/8\",(IF(AND($P68=\"Zero Emission\", OR($L68=\"Class_8\", $AE68=\"Class_8\")),\"zero emission class 7/8\")))))))))))))))))))))))))))))))))))))))))))))))))))))","v":false}]
["project 65",null,null,null,null,null,null,{"$f":"IF($G69=\"33,001 +\",\"Class_8\",IF($G69=\"26,001-33,000\",\"Class_7\",IF($G69=\"19,501-26,000\",\"Class_6\",\"\")))","v":""},null,null,null,null,null,null,{"$f":"IF(H69=\"Class_6\",IF(T69=\"No\",MIN(IF((J69*K69)<10000,0,J69*K69),IF((J69*N69)<10000,0,J69*N69)),IF(MIN(Y69*Z69,Y69*N69)+MIN(J69*K69,J69*N69)>9999,MIN(J69*K69,J69*N69),0)),IF(T69=\"No\",MIN(IF((J69*K69)<20000,0,J69*K69),IF((J69*N69)<20000,0,J69*N69)),IF(MIN(Y69*Z69,Y69*N69)+MIN(J69*K69,J69*N69)>19999,MIN(J69*K69,J69*N69),0)))","v":0},null,null,"","No","No",null,null,null,{"$f":"IF($W69=\"33,001 +\",\"Class_8\",IF($W69=\"26,001-33,000\",\"Class_7\",IF($W69=\"19,501-26,000\",\"Class_6\",IF($W69=\"\",\"\"))))","v":""},null,null,0,{"$f":"IF($T69=\"Yes\",IF(COUNTA($U69:$AA69)=7,\"Complete\",\"Incomplete\"),\"N/A\")","v":"N/A"},{"$f":"IF($D69=\"2-for-1 Replace\",IF(OR(COUNTA(A69:AA69)=27,COUNTA(A69:AA69)=29),\"Complete\",\"Incomplete\"),IF(OR($D69=\"Replacement\",$D69=\"Repower\"),IF(COUNTA(A69:Q69)=17,\"Complete\",\"Incomplete\"),\"Incomplete\"))","v":"Incomplete"},null,{"$f":"IF(OR($H69=\"Class_8\",$X69=\"Class_8\"),\"Class_8\",IF(OR($H69=\"Class_7\",$X69=\"Class_7\"),\"Class_7\",IF(OR($H69=\"Class_6\",$X69=\"Class_6\"),\"Class_6\")))","v":false},false,{"$f":"IF($D69=\"Repower\",IF($H69=\"Class_7\",IF($M69=\"New: 2013+ HHD\",\"CL7HHD\",\"gas\")))","v":false},false,null,{"$f":"IF($D69=\"2-for-1 Replace\",\"Norestr\",IF($AK69=\"Repower_8\",\"Repo8\",IF($AK69=\"Repower_7\",\"Repo7\",IF($AK69=\"Repower_6\",\"Repo6\",IF(OR($H69=\"Class_8\",$L69=\"Class_8\"),\"Replacement8HHD\",IF($D69=\"Replacement\",IF($H69=\"Class_6\",\"Replacement6\",IF($H69=\"Class_7\",IF($I69=\"MHD\",\"Replacement7MHD\",\"Replacement7HHD\"),IF($H69=\"Class_8\",IF($I69=\"HHD\",\"Replacement8HHD\",\"Replacement8MHD\")))),))))))","v":0},{"$f":"IF($D69=\"Replacement\",IF($H69=\"Class_6\",\"Replacement_6\",IF($H69=\"Class_7\",\"Replacement_7\",IF($H69=\"Class_8\",\"Replacement_8\",null))),IF($D69=\"Repower\",IF($H69=\"Class_6\",\"Repower_6\",IF($H69=\"Class_7\",\"Repower_7\",IF($H69=\"Class_8\",\"Repower_8\",null))),IF($D69=\"2-for-1 Replace\",IF($L69=\"Class_6\",\"Replacement_6\",IF($L69=\"Class_7\",\"Replacement_7\",IF($L69=\"Class_8\",\"Replacement_8\",null))))))","v":false},{"$f":"IF($D69=\"Replacement\",IF(AND($H69=\"Class_6\",$B69 <> \"4+ Trucks\"),\"Small_Fleet_Replacement_6\",IF(AND($H69=\"Class_7\",$B69 <> \"4+ Trucks\"),\"Small_Fleet_Replacement_7\",IF(AND($H69=\"Class_8\",$B69 <> \"4+ Trucks\"),\"Small_Fleet_Replacement_8\",null))),IF($D69=\"Repower\",IF($H69=\"Class_6\",\"Repower_6\",IF($H69=\"Class_7\",\"Repower_7\",IF($H69=\"Class_8\",\"Repower_8\",null))),IF($D69=\"2-for-1 Replace\",IF($L69=\"Class_6\",\"Replacement_6\",IF($L69=\"Class_7\",\"Small_Fleet_Replacement_7\",IF($L69=\"Class_8\",\"Small_Fleet_Replacement_8\",null))))))","v":false},null,null,null,null,{"$f":"IF(AND($B69<>\"4+ Trucks\",$D69=\"Replacement\",$P69=\"Diesel\",OR($L69=\"Class_7\",$H69=\"CLass_7\"),$M69=\"New: 2015+\"),\"small fleet new class 7 diesel\",IF(AND($B69<>\"4+ Trucks\",$D69=\"Replacement\",OR($P69=\"Diesel\",$P69=\"LNG/CNG\",$P69=\"Hybrid\"),OR($H69=\"Class_7\",$L69=\"Class_7\"),$M69=\"Used: 2011+\"),\"small fleet used class 7 diesel\",IF(AND($B69<>\"4+ Trucks\",$D69=\"Replacement\",$P69=\"Diesel\",$L69=\"Class_8\",$M69=\"New: 2015+\"),\"small fleet new class 8 diesel\",IF(AND($B69<>\"4+ Trucks\",$D69=\"Replacement\",$P69=\"Diesel\",$L69=\"Class_6\"),\"small fleet class 6 diesel\",IF(AND($B69<>\"4+ Trucks\",$D69=\"Replacement\",OR($P69=\"Diesel\",$P69=\"LNG/CNG\",$P69=\"Hybrid\"),$L69=\"Class_8\",$M69=\"Used: 2011+\"),\"small fleet used class 8 diesel\",IF(AND($B69<>\"4+ Trucks\",$D69=\"Repower\",$P69=\"Diesel\",(OR($L69=\"Class_8\",$L69=\"Class_7\"))),\"small fleet repower class 7/8\",IF(AND($B69<>\"4+ Trucks\",$D69=\"Repower\",$P69=\"Diesel\",$L69=\"Class_6\"),\"small fleet repower class 6\",IF(AND($D69=\"Replacement\",$P69=\"Zero Emission\",(OR($L69=\"Class_8\",$L69=\"Class_7\"))),\"zero emission class 7/8\",IF(AND($D69=\"Replacement\",$P69=\"Hybrid Zero-Mile\",(OR($L69=\"Class_8\",$L69=\"Class_7\"))),\"hybrid zero mile class 7/8\",IF(AND($D69=\"Replacement\",$P69=\"Low NOx\",(OR($L69=\"Class_8\",$L69=\"Class_7\"))),\"low nox class 7/8\",IF(AND($D69=\"Replacement\",$P69=\"Hybrid\",(OR($L69=\"Class_8\",$L69=\"Class_7\"))),\"hybrid class 7/8\",IF(AND($D69=\"Replacement\",$P69=\"LNG/CNG\",(OR($L69=\"Class_8\",$L69=\"Class_7\"))),\"lng/cng class 7/8\",IF(AND($D69=\"Replacement\",$P69=\"Zero Emission\",$L69=\"Class_6\"),\"zero emission class 6\",IF(AND($D69=\"Replacement\",$P69=\"Hybrid Zero-Mile\",$L69=\"Class_6\"),\"hybrid zero mile class 6\",IF(AND($D69=\"Replacement\",$P69=\"Low NOx\",$L69=\"Class_6\"),\"low nox class 6\",IF(AND($D69=\"Replacement\",$P69=\"Hybrid\",$L69=\"Class_6\"),\"hybrid class 6\",IF(AND($D69=\"Replacement\",$P69=\"LNG/CNG\",$L69=\"Class_6\"),\"lng/cng class 6\",(IF(AND($P69=\"Diesel\", OR($L69=\"Class_6\", $AE69=\"Class_6\")),\"small fleet class 6 diesel\",IF(AND($P69=\"Diesel\",$M69=\"New: 2015+\", OR($L69=\"Class_7\", $AE69=\"Class_7\")),\"small fleet new class 7 diesel\",IF(AND($P69=\"Diesel\",$M69=\"Used: 2011+\", OR($L69=\"Class_7\", $AE69=\"Class_7\")),\"small fleet used class 7 diesel\",IF(AND($P69=\"Diesel\",$M69=\"New: 2015+\", OR($L69=\"Class_8\", $AE69=\"Class_8\")),\"small fleet new class 8 diesel\",IF(AND($P69=\"Diesel\",$M69=\"Used: 2011+\", OR($L69=\"Class_8\", $AE69=\"Class_8\")),\"small fleet used class 8 diesel\",(IF(AND($P69=\"LNG/CNG\", OR($L69=\"Class_6\", $AE69=\"Class_6\")),\"lng/cng class 6\",(IF(AND($P69=\"Hybrid\", OR($L69=\"Class_6\", $AE69=\"Class_6\")),\"hybrid class 6\",(IF(AND($P69=\"Low NOx\", OR($L69=\"Class_6\", $AE69=\"Class_6\")),\"low nox class 6\",(IF(AND($P69=\"Hybrid Zero-Mile\", OR($L69=\"Class_6\", $AE69=\"Class_6\")),\"hybrid zero mile class 6\",(IF(AND($P69=\"Zero Emission\", OR($L69=\"Class_6\", $AE69=\"Class_6\")),\"zero emission class 6\",(IF(AND($P69=\"LNG/CNG\", OR($L69=\"Class_7\", $AE69=\"Class_7\")),\"lng/cng class 7/8\",(IF(AND($P69=\"Hybrid\", OR($L69=\"Class_7\", $AE69=\"Class_7\")),\"hybrid class 7/8\",(IF(AND($P69=\"Low NOx\", OR($L69=\"Class_7\", $AE69=\"Class_7\")),\"low nox class 7/8\",(IF(AND($P69=\"Hybrid Zero-Mile\", OR($L69=\"Class_7\", $AE69=\"Class_7\")),\"hybrid zero mile class 7/8\",(IF(AND($P69=\"Zero Emission\", OR($L69=\"Class_7\", $AE69=\"Class_7\")),\"zero emission class 7/8\",(IF(AND($P69=\"LNG/CNG\", OR($L69=\"Class_8\", $AE69=\"Class_8\")),\"lng/cng class 7/8\",(IF(AND($P69=\"Hybrid\", OR($L69=\"Class_8\", $AE69=\"Class_8\")),\"hybrid class 7/8\",(IF(AND($P69=\"Low NOx\", OR($L69=\"Class_8\", $AE69=\"Class_8\")),\"low nox class 7/8\",(IF(AND($P69=\"Hybrid Zero-Mile\", OR($L69=\"Class_8\", $AE69=\"Class_8\")),\"hybrid zero mile class 7/8\",(IF(AND($P69=\"Zero Emission\", OR($L69=\"Class_8\", $AE69=\"Class_8\")),\"zero emission class 7/8\")))))))))))))))))))))))))))))))))))))))))))))))))))))","v":false}]
["project 68",null,null,null,null,null,null,{"$f":"IF($G72=\"33,001 +\",\"Class_8\",IF($G72=\"26,001-33,000\",\"Class_7\",IF($G72=\"19,501-26,000\",\"Class_6\",\"\")))","v":""},null,null,null,null,null,null,{"$f":"IF(H72=\"Class_6\",IF(T72=\"No\",MIN(IF((J72*K72)<10000,0,J72*K72),IF((J72*N72)<10000,0,J72*N72)),IF(MIN(Y72*Z72,Y72*N72)+MIN(J72*K72,J72*N72)>9999,MIN(J72*K72,J72*N72),0)),IF(T72=\"No\",MIN(IF((J72*K72)<20000,0,J72*K72),IF((J72*N72)<20000,0,J72*N72)),IF(MIN(Y72*Z72,Y72*N72)+MIN(J72*K72,J72*N72)>19999,MIN(J72*K72,J72*N72),0)))","v":0},null,null,"","No","No",null,null,null,{"$f":"IF($W72=\"33,001 +\",\"Class_8\",IF($W72=\"26,001-33,000\",\"Class_7\",IF($W72=\"19,501-26,000\",\"Class_6\",IF($W72=\"\",\"\"))))","v":""},null,null,0,{"$f":"IF($T72=\"Yes\",IF(COUNTA($U72:$AA72)=7,\"Complete\",\"Incomplete\"),\"N/A\")","v":"N/A"},{"$f":"IF($D72=\"2-for-1 Replace\",IF(OR(COUNTA(A72:AA72)=27,COUNTA(A72:AA72)=29),\"Complete\",\"Incomplete\"),IF(OR($D72=\"Replacement\",$D72=\"Repower\"),IF(COUNTA(A72:Q72)=17,\"Complete\",\"Incomplete\"),\"Incomplete\"))","v":"Incomplete"},null,{"$f":"IF(OR($H72=\"Class_8\",$X72=\"Class_8\"),\"Class_8\",IF(OR($H72=\"Class_7\",$X72=\"Class_7\"),\"Class_7\",IF(OR($H72=\"Class_6\",$X72=\"Class_6\"),\"Class_6\")))","v":false},false,{"$f":"IF($D72=\"Repower\",IF($H72=\"Class_7\",IF($M72=\"New: 2013+ HHD\",\"CL7HHD\",\"gas\")))","v":false},false,null,{"$f":"IF($D72=\"2-for-1 Replace\",\"Norestr\",IF($AK72=\"Repower_8\",\"Repo8\",IF($AK72=\"Repower_7\",\"Repo7\",IF($AK72=\"Repower_6\",\"Repo6\",IF(OR($H72=\"Class_8\",$L72=\"Class_8\"),\"Replacement8HHD\",IF($D72=\"Replacement\",IF($H72=\"Class_6\",\"Replacement6\",IF($H72=\"Class_7\",IF($I72=\"MHD\",\"Replacement7MHD\",\"Replacement7HHD\"),IF($H72=\"Class_8\",IF($I72=\"HHD\",\"Replacement8HHD\",\"Replacement8MHD\")))),))))))","v":0},{"$f":"IF($D72=\"Replacement\",IF($H72=\"Class_6\",\"Replacement_6\",IF($H72=\"Class_7\",\"Replacement_7\",IF($H72=\"Class_8\",\"Replacement_8\",null))),IF($D72=\"Repower\",IF($H72=\"Class_6\",\"Repower_6\",IF($H72=\"Class_7\",\"Repower_7\",IF($H72=\"Class_8\",\"Repower_8\",null))),IF($D72=\"2-for-1 Replace\",IF($L72=\"Class_6\",\"Replacement_6\",IF($L72=\"Class_7\",\"Replacement_7\",IF($L72=\"Class_8\",\"Replacement_8\",null))))))","v":false},{"$f":"IF($D72=\"Replacement\",IF(AND($H72=\"Class_6\",$B72 <> \"4+ Trucks\"),\"Small_Fleet_Replacement_6\",IF(AND($H72=\"Class_7\",$B72 <> \"4+ Trucks\"),\"Small_Fleet_Replacement_7\",IF(AND($H72=\"Class_8\",$B72 <> \"4+ Trucks\"),\"Small_Fleet_Replacement_8\",null))),IF($D72=\"Repower\",IF($H72=\"Class_6\",\"Repower_6\",IF($H72=\"Class_7\",\"Repower_7\",IF($H72=\"Class_8\",\"Repower_8\",null))),IF($D72=\"2-for-1 Replace\",IF($L72=\"Class_6\",\"Replacement_6\",IF($L72=\"Class_7\",\"Small_Fleet_Replacement_7\",IF($L72=\"Class_8\",\"Small_Fleet_Replacement_8\",null))))))","v":false},null,null,null,null,{"$f":"IF(AND($B72<>\"4+ Trucks\",$D72=\"Replacement\",$P72=\"Diesel\",OR($L72=\"Class_7\",$H72=\"CLass_7\"),$M72=\"New: 2015+\"),\"small fleet new class 7 diesel\",IF(AND($B72<>\"4+ Trucks\",$D72=\"Replacement\",OR($P72=\"Diesel\",$P72=\"LNG/CNG\",$P72=\"Hybrid\"),OR($H72=\"Class_7\",$L72=\"Class_7\"),$M72=\"Used: 2011+\"),\"small fleet used class 7 diesel\",IF(AND($B72<>\"4+ Trucks\",$D72=\"Replacement\",$P72=\"Diesel\",$L72=\"Class_8\",$M72=\"New: 2015+\"),\"small fleet new class 8 diesel\",IF(AND($B72<>\"4+ Trucks\",$D72=\"Replacement\",$P72=\"Diesel\",$L72=\"Class_6\"),\"small fleet class 6 diesel\",IF(AND($B72<>\"4+ Trucks\",$D72=\"Replacement\",OR($P72=\"Diesel\",$P72=\"LNG/CNG\",$P72=\"Hybrid\"),$L72=\"Class_8\",$M72=\"Used: 2011+\"),\"small fleet used class 8 diesel\",IF(AND($B72<>\"4+ Trucks\",$D72=\"Repower\",$P72=\"Diesel\",(OR($L72=\"Class_8\",$L72=\"Class_7\"))),\"small fleet repower class 7/8\",IF(AND($B72<>\"4+ Trucks\",$D72=\"Repower\",$P72=\"Diesel\",$L72=\"Class_6\"),\"small fleet repower class 6\",IF(AND($D72=\"Replacement\",$P72=\"Zero Emission\",(OR($L72=\"Class_8\",$L72=\"Class_7\"))),\"zero emission class 7/8\",IF(AND($D72=\"Replacement\",$P72=\"Hybrid Zero-Mile\",(OR($L72=\"Class_8\",$L72=\"Class_7\"))),\"hybrid zero mile class 7/8\",IF(AND($D72=\"Replacement\",$P72=\"Low NOx\",(OR($L72=\"Class_8\",$L72=\"Class_7\"))),\"low nox class 7/8\",IF(AND($D72=\"Replacement\",$P72=\"Hybrid\",(OR($L72=\"Class_8\",$L72=\"Class_7\"))),\"hybrid class 7/8\",IF(AND($D72=\"Replacement\",$P72=\"LNG/CNG\",(OR($L72=\"Class_8\",$L72=\"Class_7\"))),\"lng/cng class 7/8\",IF(AND($D72=\"Replacement\",$P72=\"Zero Emission\",$L72=\"Class_6\"),\"zero emission class 6\",IF(AND($D72=\"Replacement\",$P72=\"Hybrid Zero-Mile\",$L72=\"Class_6\"),\"hybrid zero mile class 6\",IF(AND($D72=\"Replacement\",$P72=\"Low NOx\",$L72=\"Class_6\"),\"low nox class 6\",IF(AND($D72=\"Replacement\",$P72=\"Hybrid\",$L72=\"Class_6\"),\"hybrid class 6\",IF(AND($D72=\"Replacement\",$P72=\"LNG/CNG\",$L72=\"Class_6\"),\"lng/cng class 6\",(IF(AND($P72=\"Diesel\", OR($L72=\"Class_6\", $AE72=\"Class_6\")),\"small fleet class 6 diesel\",IF(AND($P72=\"Diesel\",$M72=\"New: 2015+\", OR($L72=\"Class_7\", $AE72=\"Class_7\")),\"small fleet new class 7 diesel\",IF(AND($P72=\"Diesel\",$M72=\"Used: 2011+\", OR($L72=\"Class_7\", $AE72=\"Class_7\")),\"small fleet used class 7 diesel\",IF(AND($P72=\"Diesel\",$M72=\"New: 2015+\", OR($L72=\"Class_8\", $AE72=\"Class_8\")),\"small fleet new class 8 diesel\",IF(AND($P72=\"Diesel\",$M72=\"Used: 2011+\", OR($L72=\"Class_8\", $AE72=\"Class_8\")),\"small fleet used class 8 diesel\",(IF(AND($P72=\"LNG/CNG\", OR($L72=\"Class_6\", $AE72=\"Class_6\")),\"lng/cng class 6\",(IF(AND($P72=\"Hybrid\", OR($L72=\"Class_6\", $AE72=\"Class_6\")),\"hybrid class 6\",(IF(AND($P72=\"Low NOx\", OR($L72=\"Class_6\", $AE72=\"Class_6\")),\"low nox class 6\",(IF(AND($P72=\"Hybrid Zero-Mile\", OR($L72=\"Class_6\", $AE72=\"Class_6\")),\"hybrid zero mile class 6\",(IF(AND($P72=\"Zero Emission\", OR($L72=\"Class_6\", $AE72=\"Class_6\")),\"zero emission class 6\",(IF(AND($P72=\"LNG/CNG\", OR($L72=\"Class_7\", $AE72=\"Class_7\")),\"lng/cng class 7/8\",(IF(AND($P72=\"Hybrid\", OR($L72=\"Class_7\", $AE72=\"Class_7\")),\"hybrid class 7/8\",(IF(AND($P72=\"Low NOx\", OR($L72=\"Class_7\", $AE72=\"Class_7\")),\"low nox class 7/8\",(IF(AND($P72=\"Hybrid Zero-Mile\", OR($L72=\"Class_7\", $AE72=\"Class_7\")),\"hybrid zero mile class 7/8\",(IF(AND($P72=\"Zero Emission\", OR($L72=\"Class_7\", $AE72=\"Class_7\")),\"zero emission class 7/8\",(IF(AND($P72=\"LNG/CNG\", OR($L72=\"Class_8\", $AE72=\"Class_8\")),\"lng/cng class 7/8\",(IF(AND($P72=\"Hybrid\", OR($L72=\"Class_8\", $AE72=\"Class_8\")),\"hybrid class 7/8\",(IF(AND($P72=\"Low NOx\", OR($L72=\"Class_8\", $AE72=\"Class_8\")),\"low nox class 7/8\",(IF(AND($P72=\"Hybrid Zero-Mile\", OR($L72=\"Class_8\", $AE72=\"Class_8\")),\"hybrid zero mile class 7/8\",(IF(AND($P72=\"Zero Emission\", OR($L72=\"Class_8\", $AE72=\"Class_8\")),\"zero emission class 7/8\")))))))))))))))))))))))))))))))))))))))))))))))))))))","v":false}]
["project 69",null,null,null,null,null,null,{"$f":"IF($G73=\"33,001 +\",\"Class_8\",IF($G73=\"26,001-33,000\",\"Class_7\",IF($G73=\"19,501-26,000\",\"Class_6\",\"\")))","v":""},null,null,null,null,null,null,{"$f":"IF(H73=\"Class_6\",IF(T73=\"No\",MIN(IF((J73*K73)<10000,0,J73*K73),IF((J73*N73)<10000,0,J73*N73)),IF(MIN(Y73*Z73,Y73*N73)+MIN(J73*K73,J73*N73)>9999,MIN(J73*K73,J73*N73),0)),IF(T73=\"No\",MIN(IF((J73*K73)<20000,0,J73*K73),IF((J73*N73)<20000,0,J73*N73)),IF(MIN(Y73*Z73,Y73*N73)+MIN(J73*K73,J73*N73)>19999,MIN(J73*K73,J73*N73),0)))","v":0},null,null,"","No","No",null,null,null,{"$f":"IF($W73=\"33,001 +\",\"Class_8\",IF($W73=\"26,001-33,000\",\"Class_7\",IF($W73=\"19,501-26,000\",\"Class_6\",IF($W73=\"\",\"\"))))","v":""},null,null,0,{"$f":"IF($T73=\"Yes\",IF(COUNTA($U73:$AA73)=7,\"Complete\",\"Incomplete\"),\"N/A\")","v":"N/A"},{"$f":"IF($D73=\"2-for-1 Replace\",IF(OR(COUNTA(A73:AA73)=27,COUNTA(A73:AA73)=29),\"Complete\",\"Incomplete\"),IF(OR($D73=\"Replacement\",$D73=\"Repower\"),IF(COUNTA(A73:Q73)=17,\"Complete\",\"Incomplete\"),\"Incomplete\"))","v":"Incomplete"},null,{"$f":"IF(OR($H73=\"Class_8\",$X73=\"Class_8\"),\"Class_8\",IF(OR($H73=\"Class_7\",$X73=\"Class_7\"),\"Class_7\",IF(OR($H73=\"Class_6\",$X73=\"Class_6\"),\"Class_6\")))","v":false},false,{"$f":"IF($D73=\"Repower\",IF($H73=\"Class_7\",IF($M73=\"New: 2013+ HHD\",\"CL7HHD\",\"gas\")))","v":false},false,null,{"$f":"IF($D73=\"2-for-1 Replace\",\"Norestr\",IF($AK73=\"Repower_8\",\"Repo8\",IF($AK73=\"Repower_7\",\"Repo7\",IF($AK73=\"Repower_6\",\"Repo6\",IF(OR($H73=\"Class_8\",$L73=\"Class_8\"),\"Replacement8HHD\",IF($D73=\"Replacement\",IF($H73=\"Class_6\",\"Replacement6\",IF($H73=\"Class_7\",IF($I73=\"MHD\",\"Replacement7MHD\",\"Replacement7HHD\"),IF($H73=\"Class_8\",IF($I73=\"HHD\",\"Replacement8HHD\",\"Replacement8MHD\")))),))))))","v":0},{"$f":"IF($D73=\"Replacement\",IF($H73=\"Class_6\",\"Replacement_6\",IF($H73=\"Class_7\",\"Replacement_7\",IF($H73=\"Class_8\",\"Replacement_8\",null))),IF($D73=\"Repower\",IF($H73=\"Class_6\",\"Repower_6\",IF($H73=\"Class_7\",\"Repower_7\",IF($H73=\"Class_8\",\"Repower_8\",null))),IF($D73=\"2-for-1 Replace\",IF($L73=\"Class_6\",\"Replacement_6\",IF($L73=\"Class_7\",\"Replacement_7\",IF($L73=\"Class_8\",\"Replacement_8\",null))))))","v":false},{"$f":"IF($D73=\"Replacement\",IF(AND($H73=\"Class_6\",$B73 <> \"4+ Trucks\"),\"Small_Fleet_Replacement_6\",IF(AND($H73=\"Class_7\",$B73 <> \"4+ Trucks\"),\"Small_Fleet_Replacement_7\",IF(AND($H73=\"Class_8\",$B73 <> \"4+ Trucks\"),\"Small_Fleet_Replacement_8\",null))),IF($D73=\"Repower\",IF($H73=\"Class_6\",\"Repower_6\",IF($H73=\"Class_7\",\"Repower_7\",IF($H73=\"Class_8\",\"Repower_8\",null))),IF($D73=\"2-for-1 Replace\",IF($L73=\"Class_6\",\"Replacement_6\",IF($L73=\"Class_7\",\"Small_Fleet_Replacement_7\",IF($L73=\"Class_8\",\"Small_Fleet_Replacement_8\",null))))))","v":false},null,null,null,null,{"$f":"IF(AND($B73<>\"4+ Trucks\",$D73=\"Replacement\",$P73=\"Diesel\",OR($L73=\"Class_7\",$H73=\"CLass_7\"),$M73=\"New: 2015+\"),\"small fleet new class 7 diesel\",IF(AND($B73<>\"4+ Trucks\",$D73=\"Replacement\",OR($P73=\"Diesel\",$P73=\"LNG/CNG\",$P73=\"Hybrid\"),OR($H73=\"Class_7\",$L73=\"Class_7\"),$M73=\"Used: 2011+\"),\"small fleet used class 7 diesel\",IF(AND($B73<>\"4+ Trucks\",$D73=\"Replacement\",$P73=\"Diesel\",$L73=\"Class_8\",$M73=\"New: 2015+\"),\"small fleet new class 8 diesel\",IF(AND($B73<>\"4+ Trucks\",$D73=\"Replacement\",$P73=\"Diesel\",$L73=\"Class_6\"),\"small fleet class 6 diesel\",IF(AND($B73<>\"4+ Trucks\",$D73=\"Replacement\",OR($P73=\"Diesel\",$P73=\"LNG/CNG\",$P73=\"Hybrid\"),$L73=\"Class_8\",$M73=\"Used: 2011+\"),\"small fleet used class 8 diesel\",IF(AND($B73<>\"4+ Trucks\",$D73=\"Repower\",$P73=\"Diesel\",(OR($L73=\"Class_8\",$L73=\"Class_7\"))),\"small fleet repower class 7/8\",IF(AND($B73<>\"4+ Trucks\",$D73=\"Repower\",$P73=\"Diesel\",$L73=\"Class_6\"),\"small fleet repower class 6\",IF(AND($D73=\"Replacement\",$P73=\"Zero Emission\",(OR($L73=\"Class_8\",$L73=\"Class_7\"))),\"zero emission class 7/8\",IF(AND($D73=\"Replacement\",$P73=\"Hybrid Zero-Mile\",(OR($L73=\"Class_8\",$L73=\"Class_7\"))),\"hybrid zero mile class 7/8\",IF(AND($D73=\"Replacement\",$P73=\"Low NOx\",(OR($L73=\"Class_8\",$L73=\"Class_7\"))),\"low nox class 7/8\",IF(AND($D73=\"Replacement\",$P73=\"Hybrid\",(OR($L73=\"Class_8\",$L73=\"Class_7\"))),\"hybrid class 7/8\",IF(AND($D73=\"Replacement\",$P73=\"LNG/CNG\",(OR($L73=\"Class_8\",$L73=\"Class_7\"))),\"lng/cng class 7/8\",IF(AND($D73=\"Replacement\",$P73=\"Zero Emission\",$L73=\"Class_6\"),\"zero emission class 6\",IF(AND($D73=\"Replacement\",$P73=\"Hybrid Zero-Mile\",$L73=\"Class_6\"),\"hybrid zero mile class 6\",IF(AND($D73=\"Replacement\",$P73=\"Low NOx\",$L73=\"Class_6\"),\"low nox class 6\",IF(AND($D73=\"Replacement\",$P73=\"Hybrid\",$L73=\"Class_6\"),\"hybrid class 6\",IF(AND($D73=\"Replacement\",$P73=\"LNG/CNG\",$L73=\"Class_6\"),\"lng/cng class 6\",(IF(AND($P73=\"Diesel\", OR($L73=\"Class_6\", $AE73=\"Class_6\")),\"small fleet class 6 diesel\",IF(AND($P73=\"Diesel\",$M73=\"New: 2015+\", OR($L73=\"Class_7\", $AE73=\"Class_7\")),\"small fleet new class 7 diesel\",IF(AND($P73=\"Diesel\",$M73=\"Used: 2011+\", OR($L73=\"Class_7\", $AE73=\"Class_7\")),\"small fleet used class 7 diesel\",IF(AND($P73=\"Diesel\",$M73=\"New: 2015+\", OR($L73=\"Class_8\", $AE73=\"Class_8\")),\"small fleet new class 8 diesel\",IF(AND($P73=\"Diesel\",$M73=\"Used: 2011+\", OR($L73=\"Class_8\", $AE73=\"Class_8\")),\"small fleet used class 8 diesel\",(IF(AND($P73=\"LNG/CNG\", OR($L73=\"Class_6\", $AE73=\"Class_6\")),\"lng/cng class 6\",(IF(AND($P73=\"Hybrid\", OR($L73=\"Class_6\", $AE73=\"Class_6\")),\"hybrid class 6\",(IF(AND($P73=\"Low NOx\", OR($L73=\"Class_6\", $AE73=\"Class_6\")),\"low nox class 6\",(IF(AND($P73=\"Hybrid Zero-Mile\", OR($L73=\"Class_6\", $AE73=\"Class_6\")),\"hybrid zero mile class 6\",(IF(AND($P73=\"Zero Emission\", OR($L73=\"Class_6\", $AE73=\"Class_6\")),\"zero emission class 6\",(IF(AND($P73=\"LNG/CNG\", OR($L73=\"Class_7\", $AE73=\"Class_7\")),\"lng/cng class 7/8\",(IF(AND($P73=\"Hybrid\", OR($L73=\"Class_7\", $AE73=\"Class_7\")),\"hybrid class 7/8\",(IF(AND($P73=\"Low NOx\", OR($L73=\"Class_7\", $AE73=\"Class_7\")),\"low nox class 7/8\",(IF(AND($P73=\"Hybrid Zero-Mile\", OR($L73=\"Class_7\", $AE73=\"Class_7\")),\"hybrid zero mile class 7/8\",(IF(AND($P73=\"Zero Emission\", OR($L73=\"Class_7\", $AE73=\"Class_7\")),\"zero emission class 7/8\",(IF(AND($P73=\"LNG/CNG\", OR($L73=\"Class_8\", $AE73=\"Class_8\")),\"lng/cng class 7/8\",(IF(AND($P73=\"Hybrid\", OR($L73=\"Class_8\", $AE73=\"Class_8\")),\"hybrid class 7/8\",(IF(AND($P73=\"Low NOx\", OR($L73=\"Class_8\", $AE73=\"Class_8\")),\"low nox class 7/8\",(IF(AND($P73=\"Hybrid Zero-Mile\", OR($L73=\"Class_8\", $AE73=\"Class_8\")),\"hybrid zero mile class 7/8\",(IF(AND($P73=\"Zero Emission\", OR($L73=\"Class_8\", $AE73=\"Class_8\")),\"zero emission class 7/8\")))))))))))))))))))))))))))))))))))))))))))))))))))))","v":false}]
["project 72",null,null,null,null,null,null,{"$f":"IF($G76=\"33,001 +\",\"Class_8\",IF($G76=\"26,001-33,000\",\"Class_7\",IF($G76=\"19,501-26,000\",\"Class_6\",\"\")))","v":""},null,null,null,null,null,null,{"$f":"IF(H76=\"Class_6\",IF(T76=\"No\",MIN(IF((J76*K76)<10000,0,J76*K76),IF((J76*N76)<10000,0,J76*N76)),IF(MIN(Y76*Z76,Y76*N76)+MIN(J76*K76,J76*N76)>9999,MIN(J76*K76,J76*N76),0)),IF(T76=\"No\",MIN(IF((J76*K76)<20000,0,J76*K76),IF((J76*N76)<20000,0,J76*N76)),IF(MIN(Y76*Z76,Y76*N76)+MIN(J76*K76,J76*N76)>19999,MIN(J76*K76,J76*N76),0)))","v":0},null,null,"","No","No",null,null,null,{"$f":"IF($W76=\"33,001 +\",\"Class_8\",IF($W76=\"26,001-33,000\",\"Class_7\",IF($W76=\"19,501-26,000\",\"Class_6\",IF($W76=\"\",\"\"))))","v":""},null,null,0,{"$f":"IF($T76=\"Yes\",IF(COUNTA($U76:$AA76)=7,\"Complete\",\"Incomplete\"),\"N/A\")","v":"N/A"},{"$f":"IF($D76=\"2-for-1 Replace\",IF(OR(COUNTA(A76:AA76)=27,COUNTA(A76:AA76)=29),\"Complete\",\"Incomplete\"),IF(OR($D76=\"Replacement\",$D76=\"Repower\"),IF(COUNTA(A76:Q76)=17,\"Complete\",\"Incomplete\"),\"Incomplete\"))","v":"Incomplete"},null,{"$f":"IF(OR($H76=\"Class_8\",$X76=\"Class_8\"),\"Class_8\",IF(OR($H76=\"Class_7\",$X76=\"Class_7\"),\"Class_7\",IF(OR($H76=\"Class_6\",$X76=\"Class_6\"),\"Class_6\")))","v":false},false,{"$f":"IF($D76=\"Repower\",IF($H76=\"Class_7\",IF($M76=\"New: 2013+ HHD\",\"CL7HHD\",\"gas\")))","v":false},false,null,{"$f":"IF($D76=\"2-for-1 Replace\",\"Norestr\",IF($AK76=\"Repower_8\",\"Repo8\",IF($AK76=\"Repower_7\",\"Repo7\",IF($AK76=\"Repower_6\",\"Repo6\",IF(OR($H76=\"Class_8\",$L76=\"Class_8\"),\"Replacement8HHD\",IF($D76=\"Replacement\",IF($H76=\"Class_6\",\"Replacement6\",IF($H76=\"Class_7\",IF($I76=\"MHD\",\"Replacement7MHD\",\"Replacement7HHD\"),IF($H76=\"Class_8\",IF($I76=\"HHD\",\"Replacement8HHD\",\"Replacement8MHD\")))),))))))","v":0},{"$f":"IF($D76=\"Replacement\",IF($H76=\"Class_6\",\"Replacement_6\",IF($H76=\"Class_7\",\"Replacement_7\",IF($H76=\"Class_8\",\"Replacement_8\",null))),IF($D76=\"Repower\",IF($H76=\"Class_6\",\"Repower_6\",IF($H76=\"Class_7\",\"Repower_7\",IF($H76=\"Class_8\",\"Repower_8\",null))),IF($D76=\"2-for-1 Replace\",IF($L76=\"Class_6\",\"Replacement_6\",IF($L76=\"Class_7\",\"Replacement_7\",IF($L76=\"Class_8\",\"Replacement_8\",null))))))","v":false},{"$f":"IF($D76=\"Replacement\",IF(AND($H76=\"Class_6\",$B76 <> \"4+ Trucks\"),\"Small_Fleet_Replacement_6\",IF(AND($H76=\"Class_7\",$B76 <> \"4+ Trucks\"),\"Small_Fleet_Replacement_7\",IF(AND($H76=\"Class_8\",$B76 <> \"4+ Trucks\"),\"Small_Fleet_Replacement_8\",null))),IF($D76=\"Repower\",IF($H76=\"Class_6\",\"Repower_6\",IF($H76=\"Class_7\",\"Repower_7\",IF($H76=\"Class_8\",\"Repower_8\",null))),IF($D76=\"2-for-1 Replace\",IF($L76=\"Class_6\",\"Replacement_6\",IF($L76=\"Class_7\",\"Small_Fleet_Replacement_7\",IF($L76=\"Class_8\",\"Small_Fleet_Replacement_8\",null))))))","v":false},null,null,null,null,{"$f":"IF(AND($B76<>\"4+ Trucks\",$D76=\"Replacement\",$P76=\"Diesel\",OR($L76=\"Class_7\",$H76=\"CLass_7\"),$M76=\"New: 2015+\"),\"small fleet new class 7 diesel\",IF(AND($B76<>\"4+ Trucks\",$D76=\"Replacement\",OR($P76=\"Diesel\",$P76=\"LNG/CNG\",$P76=\"Hybrid\"),OR($H76=\"Class_7\",$L76=\"Class_7\"),$M76=\"Used: 2011+\"),\"small fleet used class 7 diesel\",IF(AND($B76<>\"4+ Trucks\",$D76=\"Replacement\",$P76=\"Diesel\",$L76=\"Class_8\",$M76=\"New: 2015+\"),\"small fleet new class 8 diesel\",IF(AND($B76<>\"4+ Trucks\",$D76=\"Replacement\",$P76=\"Diesel\",$L76=\"Class_6\"),\"small fleet class 6 diesel\",IF(AND($B76<>\"4+ Trucks\",$D76=\"Replacement\",OR($P76=\"Diesel\",$P76=\"LNG/CNG\",$P76=\"Hybrid\"),$L76=\"Class_8\",$M76=\"Used: 2011+\"),\"small fleet used class 8 diesel\",IF(AND($B76<>\"4+ Trucks\",$D76=\"Repower\",$P76=\"Diesel\",(OR($L76=\"Class_8\",$L76=\"Class_7\"))),\"small fleet repower class 7/8\",IF(AND($B76<>\"4+ Trucks\",$D76=\"Repower\",$P76=\"Diesel\",$L76=\"Class_6\"),\"small fleet repower class 6\",IF(AND($D76=\"Replacement\",$P76=\"Zero Emission\",(OR($L76=\"Class_8\",$L76=\"Class_7\"))),\"zero emission class 7/8\",IF(AND($D76=\"Replacement\",$P76=\"Hybrid Zero-Mile\",(OR($L76=\"Class_8\",$L76=\"Class_7\"))),\"hybrid zero mile class 7/8\",IF(AND($D76=\"Replacement\",$P76=\"Low NOx\",(OR($L76=\"Class_8\",$L76=\"Class_7\"))),\"low nox class 7/8\",IF(AND($D76=\"Replacement\",$P76=\"Hybrid\",(OR($L76=\"Class_8\",$L76=\"Class_7\"))),\"hybrid class 7/8\",IF(AND($D76=\"Replacement\",$P76=\"LNG/CNG\",(OR($L76=\"Class_8\",$L76=\"Class_7\"))),\"lng/cng class 7/8\",IF(AND($D76=\"Replacement\",$P76=\"Zero Emission\",$L76=\"Class_6\"),\"zero emission class 6\",IF(AND($D76=\"Replacement\",$P76=\"Hybrid Zero-Mile\",$L76=\"Class_6\"),\"hybrid zero mile class 6\",IF(AND($D76=\"Replacement\",$P76=\"Low NOx\",$L76=\"Class_6\"),\"low nox class 6\",IF(AND($D76=\"Replacement\",$P76=\"Hybrid\",$L76=\"Class_6\"),\"hybrid class 6\",IF(AND($D76=\"Replacement\",$P76=\"LNG/CNG\",$L76=\"Class_6\"),\"lng/cng class 6\",(IF(AND($P76=\"Diesel\", OR($L76=\"Class_6\", $AE76=\"Class_6\")),\"small fleet class 6 diesel\",IF(AND($P76=\"Diesel\",$M76=\"New: 2015+\", OR($L76=\"Class_7\", $AE76=\"Class_7\")),\"small fleet new class 7 diesel\",IF(AND($P76=\"Diesel\",$M76=\"Used: 2011+\", OR($L76=\"Class_7\", $AE76=\"Class_7\")),\"small fleet used class 7 diesel\",IF(AND($P76=\"Diesel\",$M76=\"New: 2015+\", OR($L76=\"Class_8\", $AE76=\"Class_8\")),\"small fleet new class 8 diesel\",IF(AND($P76=\"Diesel\",$M76=\"Used: 2011+\", OR($L76=\"Class_8\", $AE76=\"Class_8\")),\"small fleet used class 8 diesel\",(IF(AND($P76=\"LNG/CNG\", OR($L76=\"Class_6\", $AE76=\"Class_6\")),\"lng/cng class 6\",(IF(AND($P76=\"Hybrid\", OR($L76=\"Class_6\", $AE76=\"Class_6\")),\"hybrid class 6\",(IF(AND($P76=\"Low NOx\", OR($L76=\"Class_6\", $AE76=\"Class_6\")),\"low nox class 6\",(IF(AND($P76=\"Hybrid Zero-Mile\", OR($L76=\"Class_6\", $AE76=\"Class_6\")),\"hybrid zero mile class 6\",(IF(AND($P76=\"Zero Emission\", OR($L76=\"Class_6\", $AE76=\"Class_6\")),\"zero emission class 6\",(IF(AND($P76=\"LNG/CNG\", OR($L76=\"Class_7\", $AE76=\"Class_7\")),\"lng/cng class 7/8\",(IF(AND($P76=\"Hybrid\", OR($L76=\"Class_7\", $AE76=\"Class_7\")),\"hybrid class 7/8\",(IF(AND($P76=\"Low NOx\", OR($L76=\"Class_7\", $AE76=\"Class_7\")),\"low nox class 7/8\",(IF(AND($P76=\"Hybrid Zero-Mile\", OR($L76=\"Class_7\", $AE76=\"Class_7\")),\"hybrid zero mile class 7/8\",(IF(AND($P76=\"Zero Emission\", OR($L76=\"Class_7\", $AE76=\"Class_7\")),\"zero emission class 7/8\",(IF(AND($P76=\"LNG/CNG\", OR($L76=\"Class_8\", $AE76=\"Class_8\")),\"lng/cng class 7/8\",(IF(AND($P76=\"Hybrid\", OR($L76=\"Class_8\", $AE76=\"Class_8\")),\"hybrid class 7/8\",(IF(AND($P76=\"Low NOx\", OR($L76=\"Class_8\", $AE76=\"Class_8\")),\"low nox class 7/8\",(IF(AND($P76=\"Hybrid Zero-Mile\", OR($L76=\"Class_8\", $AE76=\"Class_8\")),\"hybrid zero mile class 7/8\",(IF(AND($P76=\"Zero Emission\", OR($L76=\"Class_8\", $AE76=\"Class_8\")),\"zero emission class 7/8\")))))))))))))))))))))))))))))))))))))))))))))))))))))","v":false}]
["project 73",null,null,null,null,null,null,{"$f":"IF($G77=\"33,001 +\",\"Class_8\",IF($G77=\"26,001-33,000\",\"Class_7\",IF($G77=\"19,501-26,000\",\"Class_6\",\"\")))","v":""},null,null,null,null,null,null,{"$f":"IF(H77=\"Class_6\",IF(T77=\"No\",MIN(IF((J77*K77)<10000,0,J77*K77),IF((J77*N77)<10000,0,J77*N77)),IF(MIN(Y77*Z77,Y77*N77)+MIN(J77*K77,J77*N77)>9999,MIN(J77*K77,J77*N77),0)),IF(T77=\"No\",MIN(IF((J77*K77)<20000,0,J77*K77),IF((J77*N77)<20000,0,J77*N77)),IF(MIN(Y77*Z77,Y77*N77)+MIN(J77*K77,J77*N77)>19999,MIN(J77*K77,J77*N77),0)))","v":0},null,null,"","No","No",null,null,null,{"$f":"IF($W77=\"33,001 +\",\"Class_8\",IF($W77=\"26,001-33,000\",\"Class_7\",IF($W77=\"19,501-26,000\",\"Class_6\",IF($W77=\"\",\"\"))))","v":""},null,null,0,{"$f":"IF($T77=\"Yes\",IF(COUNTA($U77:$AA77)=7,\"Complete\",\"Incomplete\"),\"N/A\")","v":"N/A"},{"$f":"IF($D77=\"2-for-1 Replace\",IF(OR(COUNTA(A77:AA77)=27,COUNTA(A77:AA77)=29),\"Complete\",\"Incomplete\"),IF(OR($D77=\"Replacement\",$D77=\"Repower\"),IF(COUNTA(A77:Q77)=17,\"Complete\",\"Incomplete\"),\"Incomplete\"))","v":"Incomplete"},null,{"$f":"IF(OR($H77=\"Class_8\",$X77=\"Class_8\"),\"Class_8\",IF(OR($H77=\"Class_7\",$X77=\"Class_7\"),\"Class_7\",IF(OR($H77=\"Class_6\",$X77=\"Class_6\"),\"Class_6\")))","v":false},false,{"$f":"IF($D77=\"Repower\",IF($H77=\"Class_7\",IF($M77=\"New: 2013+ HHD\",\"CL7HHD\",\"gas\")))","v":false},false,null,{"$f":"IF($D77=\"2-for-1 Replace\",\"Norestr\",IF($AK77=\"Repower_8\",\"Repo8\",IF($AK77=\"Repower_7\",\"Repo7\",IF($AK77=\"Repower_6\",\"Repo6\",IF(OR($H77=\"Class_8\",$L77=\"Class_8\"),\"Replacement8HHD\",IF($D77=\"Replacement\",IF($H77=\"Class_6\",\"Replacement6\",IF($H77=\"Class_7\",IF($I77=\"MHD\",\"Replacement7MHD\",\"Replacement7HHD\"),IF($H77=\"Class_8\",IF($I77=\"HHD\",\"Replacement8HHD\",\"Replacement8MHD\")))),))))))","v":0},{"$f":"IF($D77=\"Replacement\",IF($H77=\"Class_6\",\"Replacement_6\",IF($H77=\"Class_7\",\"Replacement_7\",IF($H77=\"Class_8\",\"Replacement_8\",null))),IF($D77=\"Repower\",IF($H77=\"Class_6\",\"Repower_6\",IF($H77=\"Class_7\",\"Repower_7\",IF($H77=\"Class_8\",\"Repower_8\",null))),IF($D77=\"2-for-1 Replace\",IF($L77=\"Class_6\",\"Replacement_6\",IF($L77=\"Class_7\",\"Replacement_7\",IF($L77=\"Class_8\",\"Replacement_8\",null))))))","v":false},{"$f":"IF($D77=\"Replacement\",IF(AND($H77=\"Class_6\",$B77 <> \"4+ Trucks\"),\"Small_Fleet_Replacement_6\",IF(AND($H77=\"Class_7\",$B77 <> \"4+ Trucks\"),\"Small_Fleet_Replacement_7\",IF(AND($H77=\"Class_8\",$B77 <> \"4+ Trucks\"),\"Small_Fleet_Replacement_8\",null))),IF($D77=\"Repower\",IF($H77=\"Class_6\",\"Repower_6\",IF($H77=\"Class_7\",\"Repower_7\",IF($H77=\"Class_8\",\"Repower_8\",null))),IF($D77=\"2-for-1 Replace\",IF($L77=\"Class_6\",\"Replacement_6\",IF($L77=\"Class_7\",\"Small_Fleet_Replacement_7\",IF($L77=\"Class_8\",\"Small_Fleet_Replacement_8\",null))))))","v":false},null,null,null,null,{"$f":"IF(AND($B77<>\"4+ Trucks\",$D77=\"Replacement\",$P77=\"Diesel\",OR($L77=\"Class_7\",$H77=\"CLass_7\"),$M77=\"New: 2015+\"),\"small fleet new class 7 diesel\",IF(AND($B77<>\"4+ Trucks\",$D77=\"Replacement\",OR($P77=\"Diesel\",$P77=\"LNG/CNG\",$P77=\"Hybrid\"),OR($H77=\"Class_7\",$L77=\"Class_7\"),$M77=\"Used: 2011+\"),\"small fleet used class 7 diesel\",IF(AND($B77<>\"4+ Trucks\",$D77=\"Replacement\",$P77=\"Diesel\",$L77=\"Class_8\",$M77=\"New: 2015+\"),\"small fleet new class 8 diesel\",IF(AND($B77<>\"4+ Trucks\",$D77=\"Replacement\",$P77=\"Diesel\",$L77=\"Class_6\"),\"small fleet class 6 diesel\",IF(AND($B77<>\"4+ Trucks\",$D77=\"Replacement\",OR($P77=\"Diesel\",$P77=\"LNG/CNG\",$P77=\"Hybrid\"),$L77=\"Class_8\",$M77=\"Used: 2011+\"),\"small fleet used class 8 diesel\",IF(AND($B77<>\"4+ Trucks\",$D77=\"Repower\",$P77=\"Diesel\",(OR($L77=\"Class_8\",$L77=\"Class_7\"))),\"small fleet repower class 7/8\",IF(AND($B77<>\"4+ Trucks\",$D77=\"Repower\",$P77=\"Diesel\",$L77=\"Class_6\"),\"small fleet repower class 6\",IF(AND($D77=\"Replacement\",$P77=\"Zero Emission\",(OR($L77=\"Class_8\",$L77=\"Class_7\"))),\"zero emission class 7/8\",IF(AND($D77=\"Replacement\",$P77=\"Hybrid Zero-Mile\",(OR($L77=\"Class_8\",$L77=\"Class_7\"))),\"hybrid zero mile class 7/8\",IF(AND($D77=\"Replacement\",$P77=\"Low NOx\",(OR($L77=\"Class_8\",$L77=\"Class_7\"))),\"low nox class 7/8\",IF(AND($D77=\"Replacement\",$P77=\"Hybrid\",(OR($L77=\"Class_8\",$L77=\"Class_7\"))),\"hybrid class 7/8\",IF(AND($D77=\"Replacement\",$P77=\"LNG/CNG\",(OR($L77=\"Class_8\",$L77=\"Class_7\"))),\"lng/cng class 7/8\",IF(AND($D77=\"Replacement\",$P77=\"Zero Emission\",$L77=\"Class_6\"),\"zero emission class 6\",IF(AND($D77=\"Replacement\",$P77=\"Hybrid Zero-Mile\",$L77=\"Class_6\"),\"hybrid zero mile class 6\",IF(AND($D77=\"Replacement\",$P77=\"Low NOx\",$L77=\"Class_6\"),\"low nox class 6\",IF(AND($D77=\"Replacement\",$P77=\"Hybrid\",$L77=\"Class_6\"),\"hybrid class 6\",IF(AND($D77=\"Replacement\",$P77=\"LNG/CNG\",$L77=\"Class_6\"),\"lng/cng class 6\",(IF(AND($P77=\"Diesel\", OR($L77=\"Class_6\", $AE77=\"Class_6\")),\"small fleet class 6 diesel\",IF(AND($P77=\"Diesel\",$M77=\"New: 2015+\", OR($L77=\"Class_7\", $AE77=\"Class_7\")),\"small fleet new class 7 diesel\",IF(AND($P77=\"Diesel\",$M77=\"Used: 2011+\", OR($L77=\"Class_7\", $AE77=\"Class_7\")),\"small fleet used class 7 diesel\",IF(AND($P77=\"Diesel\",$M77=\"New: 2015+\", OR($L77=\"Class_8\", $AE77=\"Class_8\")),\"small fleet new class 8 diesel\",IF(AND($P77=\"Diesel\",$M77=\"Used: 2011+\", OR($L77=\"Class_8\", $AE77=\"Class_8\")),\"small fleet used class 8 diesel\",(IF(AND($P77=\"LNG/CNG\", OR($L77=\"Class_6\", $AE77=\"Class_6\")),\"lng/cng class 6\",(IF(AND($P77=\"Hybrid\", OR($L77=\"Class_6\", $AE77=\"Class_6\")),\"hybrid class 6\",(IF(AND($P77=\"Low NOx\", OR($L77=\"Class_6\", $AE77=\"Class_6\")),\"low nox class 6\",(IF(AND($P77=\"Hybrid Zero-Mile\", OR($L77=\"Class_6\", $AE77=\"Class_6\")),\"hybrid zero mile class 6\",(IF(AND($P77=\"Zero Emission\", OR($L77=\"Class_6\", $AE77=\"Class_6\")),\"zero emission class 6\",(IF(AND($P77=\"LNG/CNG\", OR($L77=\"Class_7\", $AE77=\"Class_7\")),\"lng/cng class 7/8\",(IF(AND($P77=\"Hybrid\", OR($L77=\"Class_7\", $AE77=\"Class_7\")),\"hybrid class 7/8\",(IF(AND($P77=\"Low NOx\", OR($L77=\"Class_7\", $AE77=\"Class_7\")),\"low nox class 7/8\",(IF(AND($P77=\"Hybrid Zero-Mile\", OR($L77=\"Class_7\", $AE77=\"Class_7\")),\"hybrid zero mile class 7/8\",(IF(AND($P77=\"Zero Emission\", OR($L77=\"Class_7\", $AE77=\"Class_7\")),\"zero emission class 7/8\",(IF(AND($P77=\"LNG/CNG\", OR($L77=\"Class_8\", $AE77=\"Class_8\")),\"lng/cng class 7/8\",(IF(AND($P77=\"Hybrid\", OR($L77=\"Class_8\", $AE77=\"Class_8\")),\"hybrid class 7/8\",(IF(AND($P77=\"Low NOx\", OR($L77=\"Class_8\", $AE77=\"Class_8\")),\"low nox class 7/8\",(IF(AND($P77=\"Hybrid Zero-Mile\", OR($L77=\"Class_8\", $AE77=\"Class_8\")),\"hybrid zero mile class 7/8\",(IF(AND($P77=\"Zero Emission\", OR($L77=\"Class_8\", $AE77=\"Class_8\")),\"zero emission class 7/8\")))))))))))))))))))))))))))))))))))))))))))))))))))))","v":false}]
["project 76",null,null,null,null,null,null,{"$f":"IF($G80=\"33,001 +\",\"Class_8\",IF($G80=\"26,001-33,000\",\"Class_7\",IF($G80=\"19,501-26,000\",\"Class_6\",\"\")))","v":""},null,null,null,null,null,null,{"$f":"IF(H80=\"Class_6\",IF(T80=\"No\",MIN(IF((J80*K80)<10000,0,J80*K80),IF((J80*N80)<10000,0,J80*N80)),IF(MIN(Y80*Z80,Y80*N80)+MIN(J80*K80,J80*N80)>9999,MIN(J80*K80,J80*N80),0)),IF(T80=\"No\",MIN(IF((J80*K80)<20000,0,J80*K80),IF((J80*N80)<20000,0,J80*N80)),IF(MIN(Y80*Z80,Y80*N80)+MIN(J80*K80,J80*N80)>19999,MIN(J80*K80,J80*N80),0)))","v":0},null,null,"","No","No",null,null,null,{"$f":"IF($W80=\"33,001 +\",\"Class_8\",IF($W80=\"26,001-33,000\",\"Class_7\",IF($W80=\"19,501-26,000\",\"Class_6\",IF($W80=\"\",\"\"))))","v":""},null,null,0,{"$f":"IF($T80=\"Yes\",IF(COUNTA($U80:$AA80)=7,\"Complete\",\"Incomplete\"),\"N/A\")","v":"N/A"},{"$f":"IF($D80=\"2-for-1 Replace\",IF(OR(COUNTA(A80:AA80)=27,COUNTA(A80:AA80)=29),\"Complete\",\"Incomplete\"),IF(OR($D80=\"Replacement\",$D80=\"Repower\"),IF(COUNTA(A80:Q80)=17,\"Complete\",\"Incomplete\"),\"Incomplete\"))","v":"Incomplete"},null,{"$f":"IF(OR($H80=\"Class_8\",$X80=\"Class_8\"),\"Class_8\",IF(OR($H80=\"Class_7\",$X80=\"Class_7\"),\"Class_7\",IF(OR($H80=\"Class_6\",$X80=\"Class_6\"),\"Class_6\")))","v":false},false,{"$f":"IF($D80=\"Repower\",IF($H80=\"Class_7\",IF($M80=\"New: 2013+ HHD\",\"CL7HHD\",\"gas\")))","v":false},false,null,{"$f":"IF($D80=\"2-for-1 Replace\",\"Norestr\",IF($AK80=\"Repower_8\",\"Repo8\",IF($AK80=\"Repower_7\",\"Repo7\",IF($AK80=\"Repower_6\",\"Repo6\",IF(OR($H80=\"Class_8\",$L80=\"Class_8\"),\"Replacement8HHD\",IF($D80=\"Replacement\",IF($H80=\"Class_6\",\"Replacement6\",IF($H80=\"Class_7\",IF($I80=\"MHD\",\"Replacement7MHD\",\"Replacement7HHD\"),IF($H80=\"Class_8\",IF($I80=\"HHD\",\"Replacement8HHD\",\"Replacement8MHD\")))),))))))","v":0},{"$f":"IF($D80=\"Replacement\",IF($H80=\"Class_6\",\"Replacement_6\",IF($H80=\"Class_7\",\"Replacement_7\",IF($H80=\"Class_8\",\"Replacement_8\",null))),IF($D80=\"Repower\",IF($H80=\"Class_6\",\"Repower_6\",IF($H80=\"Class_7\",\"Repower_7\",IF($H80=\"Class_8\",\"Repower_8\",null))),IF($D80=\"2-for-1 Replace\",IF($L80=\"Class_6\",\"Replacement_6\",IF($L80=\"Class_7\",\"Replacement_7\",IF($L80=\"Class_8\",\"Replacement_8\",null))))))","v":false},{"$f":"IF($D80=\"Replacement\",IF(AND($H80=\"Class_6\",$B80 <> \"4+ Trucks\"),\"Small_Fleet_Replacement_6\",IF(AND($H80=\"Class_7\",$B80 <> \"4+ Trucks\"),\"Small_Fleet_Replacement_7\",IF(AND($H80=\"Class_8\",$B80 <> \"4+ Trucks\"),\"Small_Fleet_Replacement_8\",null))),IF($D80=\"Repower\",IF($H80=\"Class_6\",\"Repower_6\",IF($H80=\"Class_7\",\"Repower_7\",IF($H80=\"Class_8\",\"Repower_8\",null))),IF($D80=\"2-for-1 Replace\",IF($L80=\"Class_6\",\"Replacement_6\",IF($L80=\"Class_7\",\"Small_Fleet_Replacement_7\",IF($L80=\"Class_8\",\"Small_Fleet_Replacement_8\",null))))))","v":false},null,null,null,null,{"$f":"IF(AND($B80<>\"4+ Trucks\",$D80=\"Replacement\",$P80=\"Diesel\",OR($L80=\"Class_7\",$H80=\"CLass_7\"),$M80=\"New: 2015+\"),\"small fleet new class 7 diesel\",IF(AND($B80<>\"4+ Trucks\",$D80=\"Replacement\",OR($P80=\"Diesel\",$P80=\"LNG/CNG\",$P80=\"Hybrid\"),OR($H80=\"Class_7\",$L80=\"Class_7\"),$M80=\"Used: 2011+\"),\"small fleet used class 7 diesel\",IF(AND($B80<>\"4+ Trucks\",$D80=\"Replacement\",$P80=\"Diesel\",$L80=\"Class_8\",$M80=\"New: 2015+\"),\"small fleet new class 8 diesel\",IF(AND($B80<>\"4+ Trucks\",$D80=\"Replacement\",$P80=\"Diesel\",$L80=\"Class_6\"),\"small fleet class 6 diesel\",IF(AND($B80<>\"4+ Trucks\",$D80=\"Replacement\",OR($P80=\"Diesel\",$P80=\"LNG/CNG\",$P80=\"Hybrid\"),$L80=\"Class_8\",$M80=\"Used: 2011+\"),\"small fleet used class 8 diesel\",IF(AND($B80<>\"4+ Trucks\",$D80=\"Repower\",$P80=\"Diesel\",(OR($L80=\"Class_8\",$L80=\"Class_7\"))),\"small fleet repower class 7/8\",IF(AND($B80<>\"4+ Trucks\",$D80=\"Repower\",$P80=\"Diesel\",$L80=\"Class_6\"),\"small fleet repower class 6\",IF(AND($D80=\"Replacement\",$P80=\"Zero Emission\",(OR($L80=\"Class_8\",$L80=\"Class_7\"))),\"zero emission class 7/8\",IF(AND($D80=\"Replacement\",$P80=\"Hybrid Zero-Mile\",(OR($L80=\"Class_8\",$L80=\"Class_7\"))),\"hybrid zero mile class 7/8\",IF(AND($D80=\"Replacement\",$P80=\"Low NOx\",(OR($L80=\"Class_8\",$L80=\"Class_7\"))),\"low nox class 7/8\",IF(AND($D80=\"Replacement\",$P80=\"Hybrid\",(OR($L80=\"Class_8\",$L80=\"Class_7\"))),\"hybrid class 7/8\",IF(AND($D80=\"Replacement\",$P80=\"LNG/CNG\",(OR($L80=\"Class_8\",$L80=\"Class_7\"))),\"lng/cng class 7/8\",IF(AND($D80=\"Replacement\",$P80=\"Zero Emission\",$L80=\"Class_6\"),\"zero emission class 6\",IF(AND($D80=\"Replacement\",$P80=\"Hybrid Zero-Mile\",$L80=\"Class_6\"),\"hybrid zero mile class 6\",IF(AND($D80=\"Replacement\",$P80=\"Low NOx\",$L80=\"Class_6\"),\"low nox class 6\",IF(AND($D80=\"Replacement\",$P80=\"Hybrid\",$L80=\"Class_6\"),\"hybrid class 6\",IF(AND($D80=\"Replacement\",$P80=\"LNG/CNG\",$L80=\"Class_6\"),\"lng/cng class 6\",(IF(AND($P80=\"Diesel\", OR($L80=\"Class_6\", $AE80=\"Class_6\")),\"small fleet class 6 diesel\",IF(AND($P80=\"Diesel\",$M80=\"New: 2015+\", OR($L80=\"Class_7\", $AE80=\"Class_7\")),\"small fleet new class 7 diesel\",IF(AND($P80=\"Diesel\",$M80=\"Used: 2011+\", OR($L80=\"Class_7\", $AE80=\"Class_7\")),\"small fleet used class 7 diesel\",IF(AND($P80=\"Diesel\",$M80=\"New: 2015+\", OR($L80=\"Class_8\", $AE80=\"Class_8\")),\"small fleet new class 8 diesel\",IF(AND($P80=\"Diesel\",$M80=\"Used: 2011+\", OR($L80=\"Class_8\", $AE80=\"Class_8\")),\"small fleet used class 8 diesel\",(IF(AND($P80=\"LNG/CNG\", OR($L80=\"Class_6\", $AE80=\"Class_6\")),\"lng/cng class 6\",(IF(AND($P80=\"Hybrid\", OR($L80=\"Class_6\", $AE80=\"Class_6\")),\"hybrid class 6\",(IF(AND($P80=\"Low NOx\", OR($L80=\"Class_6\", $AE80=\"Class_6\")),\"low nox class 6\",(IF(AND($P80=\"Hybrid Zero-Mile\", OR($L80=\"Class_6\", $AE80=\"Class_6\")),\"hybrid zero mile class 6\",(IF(AND($P80=\"Zero Emission\", OR($L80=\"Class_6\", $AE80=\"Class_6\")),\"zero emission class 6\",(IF(AND($P80=\"LNG/CNG\", OR($L80=\"Class_7\", $AE80=\"Class_7\")),\"lng/cng class 7/8\",(IF(AND($P80=\"Hybrid\", OR($L80=\"Class_7\", $AE80=\"Class_7\")),\"hybrid class 7/8\",(IF(AND($P80=\"Low NOx\", OR($L80=\"Class_7\", $AE80=\"Class_7\")),\"low nox class 7/8\",(IF(AND($P80=\"Hybrid Zero-Mile\", OR($L80=\"Class_7\", $AE80=\"Class_7\")),\"hybrid zero mile class 7/8\",(IF(AND($P80=\"Zero Emission\", OR($L80=\"Class_7\", $AE80=\"Class_7\")),\"zero emission class 7/8\",(IF(AND($P80=\"LNG/CNG\", OR($L80=\"Class_8\", $AE80=\"Class_8\")),\"lng/cng class 7/8\",(IF(AND($P80=\"Hybrid\", OR($L80=\"Class_8\", $AE80=\"Class_8\")),\"hybrid class 7/8\",(IF(AND($P80=\"Low NOx\", OR($L80=\"Class_8\", $AE80=\"Class_8\")),\"low nox class 7/8\",(IF(AND($P80=\"Hybrid Zero-Mile\", OR($L80=\"Class_8\", $AE80=\"Class_8\")),\"hybrid zero mile class 7/8\",(IF(AND($P80=\"Zero Emission\", OR($L80=\"Class_8\", $AE80=\"Class_8\")),\"zero emission class 7/8\")))))))))))))))))))))))))))))))))))))))))))))))))))))","v":false}]
["project 77",null,null,null,null,null,null,{"$f":"IF($G81=\"33,001 +\",\"Class_8\",IF($G81=\"26,001-33,000\",\"Class_7\",IF($G81=\"19,501-26,000\",\"Class_6\",\"\")))","v":""},null,null,null,null,null,null,{"$f":"IF(H81=\"Class_6\",IF(T81=\"No\",MIN(IF((J81*K81)<10000,0,J81*K81),IF((J81*N81)<10000,0,J81*N81)),IF(MIN(Y81*Z81,Y81*N81)+MIN(J81*K81,J81*N81)>9999,MIN(J81*K81,J81*N81),0)),IF(T81=\"No\",MIN(IF((J81*K81)<20000,0,J81*K81),IF((J81*N81)<20000,0,J81*N81)),IF(MIN(Y81*Z81,Y81*N81)+MIN(J81*K81,J81*N81)>19999,MIN(J81*K81,J81*N81),0)))","v":0},null,null,"","No","No",null,null,null,{"$f":"IF($W81=\"33,001 +\",\"Class_8\",IF($W81=\"26,001-33,000\",\"Class_7\",IF($W81=\"19,501-26,000\",\"Class_6\",IF($W81=\"\",\"\"))))","v":""},null,null,0,{"$f":"IF($T81=\"Yes\",IF(COUNTA($U81:$AA81)=7,\"Complete\",\"Incomplete\"),\"N/A\")","v":"N/A"},{"$f":"IF($D81=\"2-for-1 Replace\",IF(OR(COUNTA(A81:AA81)=27,COUNTA(A81:AA81)=29),\"Complete\",\"Incomplete\"),IF(OR($D81=\"Replacement\",$D81=\"Repower\"),IF(COUNTA(A81:Q81)=17,\"Complete\",\"Incomplete\"),\"Incomplete\"))","v":"Incomplete"},null,{"$f":"IF(OR($H81=\"Class_8\",$X81=\"Class_8\"),\"Class_8\",IF(OR($H81=\"Class_7\",$X81=\"Class_7\"),\"Class_7\",IF(OR($H81=\"Class_6\",$X81=\"Class_6\"),\"Class_6\")))","v":false},false,{"$f":"IF($D81=\"Repower\",IF($H81=\"Class_7\",IF($M81=\"New: 2013+ HHD\",\"CL7HHD\",\"gas\")))","v":false},false,null,{"$f":"IF($D81=\"2-for-1 Replace\",\"Norestr\",IF($AK81=\"Repower_8\",\"Repo8\",IF($AK81=\"Repower_7\",\"Repo7\",IF($AK81=\"Repower_6\",\"Repo6\",IF(OR($H81=\"Class_8\",$L81=\"Class_8\"),\"Replacement8HHD\",IF($D81=\"Replacement\",IF($H81=\"Class_6\",\"Replacement6\",IF($H81=\"Class_7\",IF($I81=\"MHD\",\"Replacement7MHD\",\"Replacement7HHD\"),IF($H81=\"Class_8\",IF($I81=\"HHD\",\"Replacement8HHD\",\"Replacement8MHD\")))),))))))","v":0},{"$f":"IF($D81=\"Replacement\",IF($H81=\"Class_6\",\"Replacement_6\",IF($H81=\"Class_7\",\"Replacement_7\",IF($H81=\"Class_8\",\"Replacement_8\",null))),IF($D81=\"Repower\",IF($H81=\"Class_6\",\"Repower_6\",IF($H81=\"Class_7\",\"Repower_7\",IF($H81=\"Class_8\",\"Repower_8\",null))),IF($D81=\"2-for-1 Replace\",IF($L81=\"Class_6\",\"Replacement_6\",IF($L81=\"Class_7\",\"Replacement_7\",IF($L81=\"Class_8\",\"Replacement_8\",null))))))","v":false},{"$f":"IF($D81=\"Replacement\",IF(AND($H81=\"Class_6\",$B81 <> \"4+ Trucks\"),\"Small_Fleet_Replacement_6\",IF(AND($H81=\"Class_7\",$B81 <> \"4+ Trucks\"),\"Small_Fleet_Replacement_7\",IF(AND($H81=\"Class_8\",$B81 <> \"4+ Trucks\"),\"Small_Fleet_Replacement_8\",null))),IF($D81=\"Repower\",IF($H81=\"Class_6\",\"Repower_6\",IF($H81=\"Class_7\",\"Repower_7\",IF($H81=\"Class_8\",\"Repower_8\",null))),IF($D81=\"2-for-1 Replace\",IF($L81=\"Class_6\",\"Replacement_6\",IF($L81=\"Class_7\",\"Small_Fleet_Replacement_7\",IF($L81=\"Class_8\",\"Small_Fleet_Replacement_8\",null))))))","v":false},null,null,null,null,{"$f":"IF(AND($B81<>\"4+ Trucks\",$D81=\"Replacement\",$P81=\"Diesel\",OR($L81=\"Class_7\",$H81=\"CLass_7\"),$M81=\"New: 2015+\"),\"small fleet new class 7 diesel\",IF(AND($B81<>\"4+ Trucks\",$D81=\"Replacement\",OR($P81=\"Diesel\",$P81=\"LNG/CNG\",$P81=\"Hybrid\"),OR($H81=\"Class_7\",$L81=\"Class_7\"),$M81=\"Used: 2011+\"),\"small fleet used class 7 diesel\",IF(AND($B81<>\"4+ Trucks\",$D81=\"Replacement\",$P81=\"Diesel\",$L81=\"Class_8\",$M81=\"New: 2015+\"),\"small fleet new class 8 diesel\",IF(AND($B81<>\"4+ Trucks\",$D81=\"Replacement\",$P81=\"Diesel\",$L81=\"Class_6\"),\"small fleet class 6 diesel\",IF(AND($B81<>\"4+ Trucks\",$D81=\"Replacement\",OR($P81=\"Diesel\",$P81=\"LNG/CNG\",$P81=\"Hybrid\"),$L81=\"Class_8\",$M81=\"Used: 2011+\"),\"small fleet used class 8 diesel\",IF(AND($B81<>\"4+ Trucks\",$D81=\"Repower\",$P81=\"Diesel\",(OR($L81=\"Class_8\",$L81=\"Class_7\"))),\"small fleet repower class 7/8\",IF(AND($B81<>\"4+ Trucks\",$D81=\"Repower\",$P81=\"Diesel\",$L81=\"Class_6\"),\"small fleet repower class 6\",IF(AND($D81=\"Replacement\",$P81=\"Zero Emission\",(OR($L81=\"Class_8\",$L81=\"Class_7\"))),\"zero emission class 7/8\",IF(AND($D81=\"Replacement\",$P81=\"Hybrid Zero-Mile\",(OR($L81=\"Class_8\",$L81=\"Class_7\"))),\"hybrid zero mile class 7/8\",IF(AND($D81=\"Replacement\",$P81=\"Low NOx\",(OR($L81=\"Class_8\",$L81=\"Class_7\"))),\"low nox class 7/8\",IF(AND($D81=\"Replacement\",$P81=\"Hybrid\",(OR($L81=\"Class_8\",$L81=\"Class_7\"))),\"hybrid class 7/8\",IF(AND($D81=\"Replacement\",$P81=\"LNG/CNG\",(OR($L81=\"Class_8\",$L81=\"Class_7\"))),\"lng/cng class 7/8\",IF(AND($D81=\"Replacement\",$P81=\"Zero Emission\",$L81=\"Class_6\"),\"zero emission class 6\",IF(AND($D81=\"Replacement\",$P81=\"Hybrid Zero-Mile\",$L81=\"Class_6\"),\"hybrid zero mile class 6\",IF(AND($D81=\"Replacement\",$P81=\"Low NOx\",$L81=\"Class_6\"),\"low nox class 6\",IF(AND($D81=\"Replacement\",$P81=\"Hybrid\",$L81=\"Class_6\"),\"hybrid class 6\",IF(AND($D81=\"Replacement\",$P81=\"LNG/CNG\",$L81=\"Class_6\"),\"lng/cng class 6\",(IF(AND($P81=\"Diesel\", OR($L81=\"Class_6\", $AE81=\"Class_6\")),\"small fleet class 6 diesel\",IF(AND($P81=\"Diesel\",$M81=\"New: 2015+\", OR($L81=\"Class_7\", $AE81=\"Class_7\")),\"small fleet new class 7 diesel\",IF(AND($P81=\"Diesel\",$M81=\"Used: 2011+\", OR($L81=\"Class_7\", $AE81=\"Class_7\")),\"small fleet used class 7 diesel\",IF(AND($P81=\"Diesel\",$M81=\"New: 2015+\", OR($L81=\"Class_8\", $AE81=\"Class_8\")),\"small fleet new class 8 diesel\",IF(AND($P81=\"Diesel\",$M81=\"Used: 2011+\", OR($L81=\"Class_8\", $AE81=\"Class_8\")),\"small fleet used class 8 diesel\",(IF(AND($P81=\"LNG/CNG\", OR($L81=\"Class_6\", $AE81=\"Class_6\")),\"lng/cng class 6\",(IF(AND($P81=\"Hybrid\", OR($L81=\"Class_6\", $AE81=\"Class_6\")),\"hybrid class 6\",(IF(AND($P81=\"Low NOx\", OR($L81=\"Class_6\", $AE81=\"Class_6\")),\"low nox class 6\",(IF(AND($P81=\"Hybrid Zero-Mile\", OR($L81=\"Class_6\", $AE81=\"Class_6\")),\"hybrid zero mile class 6\",(IF(AND($P81=\"Zero Emission\", OR($L81=\"Class_6\", $AE81=\"Class_6\")),\"zero emission class 6\",(IF(AND($P81=\"LNG/CNG\", OR($L81=\"Class_7\", $AE81=\"Class_7\")),\"lng/cng class 7/8\",(IF(AND($P81=\"Hybrid\", OR($L81=\"Class_7\", $AE81=\"Class_7\")),\"hybrid class 7/8\",(IF(AND($P81=\"Low NOx\", OR($L81=\"Class_7\", $AE81=\"Class_7\")),\"low nox class 7/8\",(IF(AND($P81=\"Hybrid Zero-Mile\", OR($L81=\"Class_7\", $AE81=\"Class_7\")),\"hybrid zero mile class 7/8\",(IF(AND($P81=\"Zero Emission\", OR($L81=\"Class_7\", $AE81=\"Class_7\")),\"zero emission class 7/8\",(IF(AND($P81=\"LNG/CNG\", OR($L81=\"Class_8\", $AE81=\"Class_8\")),\"lng/cng class 7/8\",(IF(AND($P81=\"Hybrid\", OR($L81=\"Class_8\", $AE81=\"Class_8\")),\"hybrid class 7/8\",(IF(AND($P81=\"Low NOx\", OR($L81=\"Class_8\", $AE81=\"Class_8\")),\"low nox class 7/8\",(IF(AND($P81=\"Hybrid Zero-Mile\", OR($L81=\"Class_8\", $AE81=\"Class_8\")),\"hybrid zero mile class 7/8\",(IF(AND($P81=\"Zero Emission\", OR($L81=\"Class_8\", $AE81=\"Class_8\")),\"zero emission class 7/8\")))))))))))))))))))))))))))))))))))))))))))))))))))))","v":false}]
["project 80",null,null,null,null,null,null,{"$f":"IF($G84=\"33,001 +\",\"Class_8\",IF($G84=\"26,001-33,000\",\"Class_7\",IF($G84=\"19,501-26,000\",\"Class_6\",\"\")))","v":""},null,null,null,null,null,null,{"$f":"IF(H84=\"Class_6\",IF(T84=\"No\",MIN(IF((J84*K84)<10000,0,J84*K84),IF((J84*N84)<10000,0,J84*N84)),IF(MIN(Y84*Z84,Y84*N84)+MIN(J84*K84,J84*N84)>9999,MIN(J84*K84,J84*N84),0)),IF(T84=\"No\",MIN(IF((J84*K84)<20000,0,J84*K84),IF((J84*N84)<20000,0,J84*N84)),IF(MIN(Y84*Z84,Y84*N84)+MIN(J84*K84,J84*N84)>19999,MIN(J84*K84,J84*N84),0)))","v":0},null,null,"","No","No",null,null,null,{"$f":"IF($W84=\"33,001 +\",\"Class_8\",IF($W84=\"26,001-33,000\",\"Class_7\",IF($W84=\"19,501-26,000\",\"Class_6\",IF($W84=\"\",\"\"))))","v":""},null,null,0,{"$f":"IF($T84=\"Yes\",IF(COUNTA($U84:$AA84)=7,\"Complete\",\"Incomplete\"),\"N/A\")","v":"N/A"},{"$f":"IF($D84=\"2-for-1 Replace\",IF(OR(COUNTA(A84:AA84)=27,COUNTA(A84:AA84)=29),\"Complete\",\"Incomplete\"),IF(OR($D84=\"Replacement\",$D84=\"Repower\"),IF(COUNTA(A84:Q84)=17,\"Complete\",\"Incomplete\"),\"Incomplete\"))","v":"Incomplete"},null,{"$f":"IF(OR($H84=\"Class_8\",$X84=\"Class_8\"),\"Class_8\",IF(OR($H84=\"Class_7\",$X84=\"Class_7\"),\"Class_7\",IF(OR($H84=\"Class_6\",$X84=\"Class_6\"),\"Class_6\")))","v":false},false,{"$f":"IF($D84=\"Repower\",IF($H84=\"Class_7\",IF($M84=\"New: 2013+ HHD\",\"CL7HHD\",\"gas\")))","v":false},false,null,{"$f":"IF($D84=\"2-for-1 Replace\",\"Norestr\",IF($AK84=\"Repower_8\",\"Repo8\",IF($AK84=\"Repower_7\",\"Repo7\",IF($AK84=\"Repower_6\",\"Repo6\",IF(OR($H84=\"Class_8\",$L84=\"Class_8\"),\"Replacement8HHD\",IF($D84=\"Replacement\",IF($H84=\"Class_6\",\"Replacement6\",IF($H84=\"Class_7\",IF($I84=\"MHD\",\"Replacement7MHD\",\"Replacement7HHD\"),IF($H84=\"Class_8\",IF($I84=\"HHD\",\"Replacement8HHD\",\"Replacement8MHD\")))),))))))","v":0},{"$f":"IF($D84=\"Replacement\",IF($H84=\"Class_6\",\"Replacement_6\",IF($H84=\"Class_7\",\"Replacement_7\",IF($H84=\"Class_8\",\"Replacement_8\",null))),IF($D84=\"Repower\",IF($H84=\"Class_6\",\"Repower_6\",IF($H84=\"Class_7\",\"Repower_7\",IF($H84=\"Class_8\",\"Repower_8\",null))),IF($D84=\"2-for-1 Replace\",IF($L84=\"Class_6\",\"Replacement_6\",IF($L84=\"Class_7\",\"Replacement_7\",IF($L84=\"Class_8\",\"Replacement_8\",null))))))","v":false},{"$f":"IF($D84=\"Replacement\",IF(AND($H84=\"Class_6\",$B84 <> \"4+ Trucks\"),\"Small_Fleet_Replacement_6\",IF(AND($H84=\"Class_7\",$B84 <> \"4+ Trucks\"),\"Small_Fleet_Replacement_7\",IF(AND($H84=\"Class_8\",$B84 <> \"4+ Trucks\"),\"Small_Fleet_Replacement_8\",null))),IF($D84=\"Repower\",IF($H84=\"Class_6\",\"Repower_6\",IF($H84=\"Class_7\",\"Repower_7\",IF($H84=\"Class_8\",\"Repower_8\",null))),IF($D84=\"2-for-1 Replace\",IF($L84=\"Class_6\",\"Replacement_6\",IF($L84=\"Class_7\",\"Small_Fleet_Replacement_7\",IF($L84=\"Class_8\",\"Small_Fleet_Replacement_8\",null))))))","v":false},null,null,null,null,{"$f":"IF(AND($B84<>\"4+ Trucks\",$D84=\"Replacement\",$P84=\"Diesel\",OR($L84=\"Class_7\",$H84=\"CLass_7\"),$M84=\"New: 2015+\"),\"small fleet new class 7 diesel\",IF(AND($B84<>\"4+ Trucks\",$D84=\"Replacement\",OR($P84=\"Diesel\",$P84=\"LNG/CNG\",$P84=\"Hybrid\"),OR($H84=\"Class_7\",$L84=\"Class_7\"),$M84=\"Used: 2011+\"),\"small fleet used class 7 diesel\",IF(AND($B84<>\"4+ Trucks\",$D84=\"Replacement\",$P84=\"Diesel\",$L84=\"Class_8\",$M84=\"New: 2015+\"),\"small fleet new class 8 diesel\",IF(AND($B84<>\"4+ Trucks\",$D84=\"Replacement\",$P84=\"Diesel\",$L84=\"Class_6\"),\"small fleet class 6 diesel\",IF(AND($B84<>\"4+ Trucks\",$D84=\"Replacement\",OR($P84=\"Diesel\",$P84=\"LNG/CNG\",$P84=\"Hybrid\"),$L84=\"Class_8\",$M84=\"Used: 2011+\"),\"small fleet used class 8 diesel\",IF(AND($B84<>\"4+ Trucks\",$D84=\"Repower\",$P84=\"Diesel\",(OR($L84=\"Class_8\",$L84=\"Class_7\"))),\"small fleet repower class 7/8\",IF(AND($B84<>\"4+ Trucks\",$D84=\"Repower\",$P84=\"Diesel\",$L84=\"Class_6\"),\"small fleet repower class 6\",IF(AND($D84=\"Replacement\",$P84=\"Zero Emission\",(OR($L84=\"Class_8\",$L84=\"Class_7\"))),\"zero emission class 7/8\",IF(AND($D84=\"Replacement\",$P84=\"Hybrid Zero-Mile\",(OR($L84=\"Class_8\",$L84=\"Class_7\"))),\"hybrid zero mile class 7/8\",IF(AND($D84=\"Replacement\",$P84=\"Low NOx\",(OR($L84=\"Class_8\",$L84=\"Class_7\"))),\"low nox class 7/8\",IF(AND($D84=\"Replacement\",$P84=\"Hybrid\",(OR($L84=\"Class_8\",$L84=\"Class_7\"))),\"hybrid class 7/8\",IF(AND($D84=\"Replacement\",$P84=\"LNG/CNG\",(OR($L84=\"Class_8\",$L84=\"Class_7\"))),\"lng/cng class 7/8\",IF(AND($D84=\"Replacement\",$P84=\"Zero Emission\",$L84=\"Class_6\"),\"zero emission class 6\",IF(AND($D84=\"Replacement\",$P84=\"Hybrid Zero-Mile\",$L84=\"Class_6\"),\"hybrid zero mile class 6\",IF(AND($D84=\"Replacement\",$P84=\"Low NOx\",$L84=\"Class_6\"),\"low nox class 6\",IF(AND($D84=\"Replacement\",$P84=\"Hybrid\",$L84=\"Class_6\"),\"hybrid class 6\",IF(AND($D84=\"Replacement\",$P84=\"LNG/CNG\",$L84=\"Class_6\"),\"lng/cng class 6\",(IF(AND($P84=\"Diesel\", OR($L84=\"Class_6\", $AE84=\"Class_6\")),\"small fleet class 6 diesel\",IF(AND($P84=\"Diesel\",$M84=\"New: 2015+\", OR($L84=\"Class_7\", $AE84=\"Class_7\")),\"small fleet new class 7 diesel\",IF(AND($P84=\"Diesel\",$M84=\"Used: 2011+\", OR($L84=\"Class_7\", $AE84=\"Class_7\")),\"small fleet used class 7 diesel\",IF(AND($P84=\"Diesel\",$M84=\"New: 2015+\", OR($L84=\"Class_8\", $AE84=\"Class_8\")),\"small fleet new class 8 diesel\",IF(AND($P84=\"Diesel\",$M84=\"Used: 2011+\", OR($L84=\"Class_8\", $AE84=\"Class_8\")),\"small fleet used class 8 diesel\",(IF(AND($P84=\"LNG/CNG\", OR($L84=\"Class_6\", $AE84=\"Class_6\")),\"lng/cng class 6\",(IF(AND($P84=\"Hybrid\", OR($L84=\"Class_6\", $AE84=\"Class_6\")),\"hybrid class 6\",(IF(AND($P84=\"Low NOx\", OR($L84=\"Class_6\", $AE84=\"Class_6\")),\"low nox class 6\",(IF(AND($P84=\"Hybrid Zero-Mile\", OR($L84=\"Class_6\", $AE84=\"Class_6\")),\"hybrid zero mile class 6\",(IF(AND($P84=\"Zero Emission\", OR($L84=\"Class_6\", $AE84=\"Class_6\")),\"zero emission class 6\",(IF(AND($P84=\"LNG/CNG\", OR($L84=\"Class_7\", $AE84=\"Class_7\")),\"lng/cng class 7/8\",(IF(AND($P84=\"Hybrid\", OR($L84=\"Class_7\", $AE84=\"Class_7\")),\"hybrid class 7/8\",(IF(AND($P84=\"Low NOx\", OR($L84=\"Class_7\", $AE84=\"Class_7\")),\"low nox class 7/8\",(IF(AND($P84=\"Hybrid Zero-Mile\", OR($L84=\"Class_7\", $AE84=\"Class_7\")),\"hybrid zero mile class 7/8\",(IF(AND($P84=\"Zero Emission\", OR($L84=\"Class_7\", $AE84=\"Class_7\")),\"zero emission class 7/8\",(IF(AND($P84=\"LNG/CNG\", OR($L84=\"Class_8\", $AE84=\"Class_8\")),\"lng/cng class 7/8\",(IF(AND($P84=\"Hybrid\", OR($L84=\"Class_8\", $AE84=\"Class_8\")),\"hybrid class 7/8\",(IF(AND($P84=\"Low NOx\", OR($L84=\"Class_8\", $AE84=\"Class_8\")),\"low nox class 7/8\",(IF(AND($P84=\"Hybrid Zero-Mile\", OR($L84=\"Class_8\", $AE84=\"Class_8\")),\"hybrid zero mile class 7/8\",(IF(AND($P84=\"Zero Emission\", OR($L84=\"Class_8\", $AE84=\"Class_8\")),\"zero emission class 7/8\")))))))))))))))))))))))))))))))))))))))))))))))))))))","v":false}]
["project 81",null,null,null,null,null,null,{"$f":"IF($G85=\"33,001 +\",\"Class_8\",IF($G85=\"26,001-33,000\",\"Class_7\",IF($G85=\"19,501-26,000\",\"Class_6\",\"\")))","v":""},null,null,null,null,null,null,{"$f":"IF(H85=\"Class_6\",IF(T85=\"No\",MIN(IF((J85*K85)<10000,0,J85*K85),IF((J85*N85)<10000,0,J85*N85)),IF(MIN(Y85*Z85,Y85*N85)+MIN(J85*K85,J85*N85)>9999,MIN(J85*K85,J85*N85),0)),IF(T85=\"No\",MIN(IF((J85*K85)<20000,0,J85*K85),IF((J85*N85)<20000,0,J85*N85)),IF(MIN(Y85*Z85,Y85*N85)+MIN(J85*K85,J85*N85)>19999,MIN(J85*K85,J85*N85),0)))","v":0},null,null,"","No","No",null,null,null,{"$f":"IF($W85=\"33,001 +\",\"Class_8\",IF($W85=\"26,001-33,000\",\"Class_7\",IF($W85=\"19,501-26,000\",\"Class_6\",IF($W85=\"\",\"\"))))","v":""},null,null,0,{"$f":"IF($T85=\"Yes\",IF(COUNTA($U85:$AA85)=7,\"Complete\",\"Incomplete\"),\"N/A\")","v":"N/A"},{"$f":"IF($D85=\"2-for-1 Replace\",IF(OR(COUNTA(A85:AA85)=27,COUNTA(A85:AA85)=29),\"Complete\",\"Incomplete\"),IF(OR($D85=\"Replacement\",$D85=\"Repower\"),IF(COUNTA(A85:Q85)=17,\"Complete\",\"Incomplete\"),\"Incomplete\"))","v":"Incomplete"},null,{"$f":"IF(OR($H85=\"Class_8\",$X85=\"Class_8\"),\"Class_8\",IF(OR($H85=\"Class_7\",$X85=\"Class_7\"),\"Class_7\",IF(OR($H85=\"Class_6\",$X85=\"Class_6\"),\"Class_6\")))","v":false},false,{"$f":"IF($D85=\"Repower\",IF($H85=\"Class_7\",IF($M85=\"New: 2013+ HHD\",\"CL7HHD\",\"gas\")))","v":false},false,null,{"$f":"IF($D85=\"2-for-1 Replace\",\"Norestr\",IF($AK85=\"Repower_8\",\"Repo8\",IF($AK85=\"Repower_7\",\"Repo7\",IF($AK85=\"Repower_6\",\"Repo6\",IF(OR($H85=\"Class_8\",$L85=\"Class_8\"),\"Replacement8HHD\",IF($D85=\"Replacement\",IF($H85=\"Class_6\",\"Replacement6\",IF($H85=\"Class_7\",IF($I85=\"MHD\",\"Replacement7MHD\",\"Replacement7HHD\"),IF($H85=\"Class_8\",IF($I85=\"HHD\",\"Replacement8HHD\",\"Replacement8MHD\")))),))))))","v":0},{"$f":"IF($D85=\"Replacement\",IF($H85=\"Class_6\",\"Replacement_6\",IF($H85=\"Class_7\",\"Replacement_7\",IF($H85=\"Class_8\",\"Replacement_8\",null))),IF($D85=\"Repower\",IF($H85=\"Class_6\",\"Repower_6\",IF($H85=\"Class_7\",\"Repower_7\",IF($H85=\"Class_8\",\"Repower_8\",null))),IF($D85=\"2-for-1 Replace\",IF($L85=\"Class_6\",\"Replacement_6\",IF($L85=\"Class_7\",\"Replacement_7\",IF($L85=\"Class_8\",\"Replacement_8\",null))))))","v":false},{"$f":"IF($D85=\"Replacement\",IF(AND($H85=\"Class_6\",$B85 <> \"4+ Trucks\"),\"Small_Fleet_Replacement_6\",IF(AND($H85=\"Class_7\",$B85 <> \"4+ Trucks\"),\"Small_Fleet_Replacement_7\",IF(AND($H85=\"Class_8\",$B85 <> \"4+ Trucks\"),\"Small_Fleet_Replacement_8\",null))),IF($D85=\"Repower\",IF($H85=\"Class_6\",\"Repower_6\",IF($H85=\"Class_7\",\"Repower_7\",IF($H85=\"Class_8\",\"Repower_8\",null))),IF($D85=\"2-for-1 Replace\",IF($L85=\"Class_6\",\"Replacement_6\",IF($L85=\"Class_7\",\"Small_Fleet_Replacement_7\",IF($L85=\"Class_8\",\"Small_Fleet_Replacement_8\",null))))))","v":false},null,null,null,null,{"$f":"IF(AND($B85<>\"4+ Trucks\",$D85=\"Replacement\",$P85=\"Diesel\",OR($L85=\"Class_7\",$H85=\"CLass_7\"),$M85=\"New: 2015+\"),\"small fleet new class 7 diesel\",IF(AND($B85<>\"4+ Trucks\",$D85=\"Replacement\",OR($P85=\"Diesel\",$P85=\"LNG/CNG\",$P85=\"Hybrid\"),OR($H85=\"Class_7\",$L85=\"Class_7\"),$M85=\"Used: 2011+\"),\"small fleet used class 7 diesel\",IF(AND($B85<>\"4+ Trucks\",$D85=\"Replacement\",$P85=\"Diesel\",$L85=\"Class_8\",$M85=\"New: 2015+\"),\"small fleet new class 8 diesel\",IF(AND($B85<>\"4+ Trucks\",$D85=\"Replacement\",$P85=\"Diesel\",$L85=\"Class_6\"),\"small fleet class 6 diesel\",IF(AND($B85<>\"4+ Trucks\",$D85=\"Replacement\",OR($P85=\"Diesel\",$P85=\"LNG/CNG\",$P85=\"Hybrid\"),$L85=\"Class_8\",$M85=\"Used: 2011+\"),\"small fleet used class 8 diesel\",IF(AND($B85<>\"4+ Trucks\",$D85=\"Repower\",$P85=\"Diesel\",(OR($L85=\"Class_8\",$L85=\"Class_7\"))),\"small fleet repower class 7/8\",IF(AND($B85<>\"4+ Trucks\",$D85=\"Repower\",$P85=\"Diesel\",$L85=\"Class_6\"),\"small fleet repower class 6\",IF(AND($D85=\"Replacement\",$P85=\"Zero Emission\",(OR($L85=\"Class_8\",$L85=\"Class_7\"))),\"zero emission class 7/8\",IF(AND($D85=\"Replacement\",$P85=\"Hybrid Zero-Mile\",(OR($L85=\"Class_8\",$L85=\"Class_7\"))),\"hybrid zero mile class 7/8\",IF(AND($D85=\"Replacement\",$P85=\"Low NOx\",(OR($L85=\"Class_8\",$L85=\"Class_7\"))),\"low nox class 7/8\",IF(AND($D85=\"Replacement\",$P85=\"Hybrid\",(OR($L85=\"Class_8\",$L85=\"Class_7\"))),\"hybrid class 7/8\",IF(AND($D85=\"Replacement\",$P85=\"LNG/CNG\",(OR($L85=\"Class_8\",$L85=\"Class_7\"))),\"lng/cng class 7/8\",IF(AND($D85=\"Replacement\",$P85=\"Zero Emission\",$L85=\"Class_6\"),\"zero emission class 6\",IF(AND($D85=\"Replacement\",$P85=\"Hybrid Zero-Mile\",$L85=\"Class_6\"),\"hybrid zero mile class 6\",IF(AND($D85=\"Replacement\",$P85=\"Low NOx\",$L85=\"Class_6\"),\"low nox class 6\",IF(AND($D85=\"Replacement\",$P85=\"Hybrid\",$L85=\"Class_6\"),\"hybrid class 6\",IF(AND($D85=\"Replacement\",$P85=\"LNG/CNG\",$L85=\"Class_6\"),\"lng/cng class 6\",(IF(AND($P85=\"Diesel\", OR($L85=\"Class_6\", $AE85=\"Class_6\")),\"small fleet class 6 diesel\",IF(AND($P85=\"Diesel\",$M85=\"New: 2015+\", OR($L85=\"Class_7\", $AE85=\"Class_7\")),\"small fleet new class 7 diesel\",IF(AND($P85=\"Diesel\",$M85=\"Used: 2011+\", OR($L85=\"Class_7\", $AE85=\"Class_7\")),\"small fleet used class 7 diesel\",IF(AND($P85=\"Diesel\",$M85=\"New: 2015+\", OR($L85=\"Class_8\", $AE85=\"Class_8\")),\"small fleet new class 8 diesel\",IF(AND($P85=\"Diesel\",$M85=\"Used: 2011+\", OR($L85=\"Class_8\", $AE85=\"Class_8\")),\"small fleet used class 8 diesel\",(IF(AND($P85=\"LNG/CNG\", OR($L85=\"Class_6\", $AE85=\"Class_6\")),\"lng/cng class 6\",(IF(AND($P85=\"Hybrid\", OR($L85=\"Class_6\", $AE85=\"Class_6\")),\"hybrid class 6\",(IF(AND($P85=\"Low NOx\", OR($L85=\"Class_6\", $AE85=\"Class_6\")),\"low nox class 6\",(IF(AND($P85=\"Hybrid Zero-Mile\", OR($L85=\"Class_6\", $AE85=\"Class_6\")),\"hybrid zero mile class 6\",(IF(AND($P85=\"Zero Emission\", OR($L85=\"Class_6\", $AE85=\"Class_6\")),\"zero emission class 6\",(IF(AND($P85=\"LNG/CNG\", OR($L85=\"Class_7\", $AE85=\"Class_7\")),\"lng/cng class 7/8\",(IF(AND($P85=\"Hybrid\", OR($L85=\"Class_7\", $AE85=\"Class_7\")),\"hybrid class 7/8\",(IF(AND($P85=\"Low NOx\", OR($L85=\"Class_7\", $AE85=\"Class_7\")),\"low nox class 7/8\",(IF(AND($P85=\"Hybrid Zero-Mile\", OR($L85=\"Class_7\", $AE85=\"Class_7\")),\"hybrid zero mile class 7/8\",(IF(AND($P85=\"Zero Emission\", OR($L85=\"Class_7\", $AE85=\"Class_7\")),\"zero emission class 7/8\",(IF(AND($P85=\"LNG/CNG\", OR($L85=\"Class_8\", $AE85=\"Class_8\")),\"lng/cng class 7/8\",(IF(AND($P85=\"Hybrid\", OR($L85=\"Class_8\", $AE85=\"Class_8\")),\"hybrid class 7/8\",(IF(AND($P85=\"Low NOx\", OR($L85=\"Class_8\", $AE85=\"Class_8\")),\"low nox class 7/8\",(IF(AND($P85=\"Hybrid Zero-Mile\", OR($L85=\"Class_8\", $AE85=\"Class_8\")),\"hybrid zero mile class 7/8\",(IF(AND($P85=\"Zero Emission\", OR($L85=\"Class_8\", $AE85=\"Class_8\")),\"zero emission class 7/8\")))))))))))))))))))))))))))))))))))))))))))))))))))))","v":false}]
["project 84",null,null,null,null,null,null,{"$f":"IF($G88=\"33,001 +\",\"Class_8\",IF($G88=\"26,001-33,000\",\"Class_7\",IF($G88=\"19,501-26,000\",\"Class_6\",\"\")))","v":""},null,null,null,null,null,null,{"$f":"IF(H88=\"Class_6\",IF(T88=\"No\",MIN(IF((J88*K88)<10000,0,J88*K88),IF((J88*N88)<10000,0,J88*N88)),IF(MIN(Y88*Z88,Y88*N88)+MIN(J88*K88,J88*N88)>9999,MIN(J88*K88,J88*N88),0)),IF(T88=\"No\",MIN(IF((J88*K88)<20000,0,J88*K88),IF((J88*N88)<20000,0,J88*N88)),IF(MIN(Y88*Z88,Y88*N88)+MIN(J88*K88,J88*N88)>19999,MIN(J88*K88,J88*N88),0)))","v":0},null,null,"","No","No",null,null,null,{"$f":"IF($W88=\"33,001 +\",\"Class_8\",IF($W88=\"26,001-33,000\",\"Class_7\",IF($W88=\"19,501-26,000\",\"Class_6\",IF($W88=\"\",\"\"))))","v":""},null,null,0,{"$f":"IF($T88=\"Yes\",IF(COUNTA($U88:$AA88)=7,\"Complete\",\"Incomplete\"),\"N/A\")","v":"N/A"},{"$f":"IF($D88=\"2-for-1 Replace\",IF(OR(COUNTA(A88:AA88)=27,COUNTA(A88:AA88)=29),\"Complete\",\"Incomplete\"),IF(OR($D88=\"Replacement\",$D88=\"Repower\"),IF(COUNTA(A88:Q88)=17,\"Complete\",\"Incomplete\"),\"Incomplete\"))","v":"Incomplete"},null,{"$f":"IF(OR($H88=\"Class_8\",$X88=\"Class_8\"),\"Class_8\",IF(OR($H88=\"Class_7\",$X88=\"Class_7\"),\"Class_7\",IF(OR($H88=\"Class_6\",$X88=\"Class_6\"),\"Class_6\")))","v":false},false,{"$f":"IF($D88=\"Repower\",IF($H88=\"Class_7\",IF($M88=\"New: 2013+ HHD\",\"CL7HHD\",\"gas\")))","v":false},false,null,{"$f":"IF($D88=\"2-for-1 Replace\",\"Norestr\",IF($AK88=\"Repower_8\",\"Repo8\",IF($AK88=\"Repower_7\",\"Repo7\",IF($AK88=\"Repower_6\",\"Repo6\",IF(OR($H88=\"Class_8\",$L88=\"Class_8\"),\"Replacement8HHD\",IF($D88=\"Replacement\",IF($H88=\"Class_6\",\"Replacement6\",IF($H88=\"Class_7\",IF($I88=\"MHD\",\"Replacement7MHD\",\"Replacement7HHD\"),IF($H88=\"Class_8\",IF($I88=\"HHD\",\"Replacement8HHD\",\"Replacement8MHD\")))),))))))","v":0},{"$f":"IF($D88=\"Replacement\",IF($H88=\"Class_6\",\"Replacement_6\",IF($H88=\"Class_7\",\"Replacement_7\",IF($H88=\"Class_8\",\"Replacement_8\",null))),IF($D88=\"Repower\",IF($H88=\"Class_6\",\"Repower_6\",IF($H88=\"Class_7\",\"Repower_7\",IF($H88=\"Class_8\",\"Repower_8\",null))),IF($D88=\"2-for-1 Replace\",IF($L88=\"Class_6\",\"Replacement_6\",IF($L88=\"Class_7\",\"Replacement_7\",IF($L88=\"Class_8\",\"Replacement_8\",null))))))","v":false},{"$f":"IF($D88=\"Replacement\",IF(AND($H88=\"Class_6\",$B88 <> \"4+ Trucks\"),\"Small_Fleet_Replacement_6\",IF(AND($H88=\"Class_7\",$B88 <> \"4+ Trucks\"),\"Small_Fleet_Replacement_7\",IF(AND($H88=\"Class_8\",$B88 <> \"4+ Trucks\"),\"Small_Fleet_Replacement_8\",null))),IF($D88=\"Repower\",IF($H88=\"Class_6\",\"Repower_6\",IF($H88=\"Class_7\",\"Repower_7\",IF($H88=\"Class_8\",\"Repower_8\",null))),IF($D88=\"2-for-1 Replace\",IF($L88=\"Class_6\",\"Replacement_6\",IF($L88=\"Class_7\",\"Small_Fleet_Replacement_7\",IF($L88=\"Class_8\",\"Small_Fleet_Replacement_8\",null))))))","v":false},null,null,null,null,{"$f":"IF(AND($B88<>\"4+ Trucks\",$D88=\"Replacement\",$P88=\"Diesel\",OR($L88=\"Class_7\",$H88=\"CLass_7\"),$M88=\"New: 2015+\"),\"small fleet new class 7 diesel\",IF(AND($B88<>\"4+ Trucks\",$D88=\"Replacement\",OR($P88=\"Diesel\",$P88=\"LNG/CNG\",$P88=\"Hybrid\"),OR($H88=\"Class_7\",$L88=\"Class_7\"),$M88=\"Used: 2011+\"),\"small fleet used class 7 diesel\",IF(AND($B88<>\"4+ Trucks\",$D88=\"Replacement\",$P88=\"Diesel\",$L88=\"Class_8\",$M88=\"New: 2015+\"),\"small fleet new class 8 diesel\",IF(AND($B88<>\"4+ Trucks\",$D88=\"Replacement\",$P88=\"Diesel\",$L88=\"Class_6\"),\"small fleet class 6 diesel\",IF(AND($B88<>\"4+ Trucks\",$D88=\"Replacement\",OR($P88=\"Diesel\",$P88=\"LNG/CNG\",$P88=\"Hybrid\"),$L88=\"Class_8\",$M88=\"Used: 2011+\"),\"small fleet used class 8 diesel\",IF(AND($B88<>\"4+ Trucks\",$D88=\"Repower\",$P88=\"Diesel\",(OR($L88=\"Class_8\",$L88=\"Class_7\"))),\"small fleet repower class 7/8\",IF(AND($B88<>\"4+ Trucks\",$D88=\"Repower\",$P88=\"Diesel\",$L88=\"Class_6\"),\"small fleet repower class 6\",IF(AND($D88=\"Replacement\",$P88=\"Zero Emission\",(OR($L88=\"Class_8\",$L88=\"Class_7\"))),\"zero emission class 7/8\",IF(AND($D88=\"Replacement\",$P88=\"Hybrid Zero-Mile\",(OR($L88=\"Class_8\",$L88=\"Class_7\"))),\"hybrid zero mile class 7/8\",IF(AND($D88=\"Replacement\",$P88=\"Low NOx\",(OR($L88=\"Class_8\",$L88=\"Class_7\"))),\"low nox class 7/8\",IF(AND($D88=\"Replacement\",$P88=\"Hybrid\",(OR($L88=\"Class_8\",$L88=\"Class_7\"))),\"hybrid class 7/8\",IF(AND($D88=\"Replacement\",$P88=\"LNG/CNG\",(OR($L88=\"Class_8\",$L88=\"Class_7\"))),\"lng/cng class 7/8\",IF(AND($D88=\"Replacement\",$P88=\"Zero Emission\",$L88=\"Class_6\"),\"zero emission class 6\",IF(AND($D88=\"Replacement\",$P88=\"Hybrid Zero-Mile\",$L88=\"Class_6\"),\"hybrid zero mile class 6\",IF(AND($D88=\"Replacement\",$P88=\"Low NOx\",$L88=\"Class_6\"),\"low nox class 6\",IF(AND($D88=\"Replacement\",$P88=\"Hybrid\",$L88=\"Class_6\"),\"hybrid class 6\",IF(AND($D88=\"Replacement\",$P88=\"LNG/CNG\",$L88=\"Class_6\"),\"lng/cng class 6\",(IF(AND($P88=\"Diesel\", OR($L88=\"Class_6\", $AE88=\"Class_6\")),\"small fleet class 6 diesel\",IF(AND($P88=\"Diesel\",$M88=\"New: 2015+\", OR($L88=\"Class_7\", $AE88=\"Class_7\")),\"small fleet new class 7 diesel\",IF(AND($P88=\"Diesel\",$M88=\"Used: 2011+\", OR($L88=\"Class_7\", $AE88=\"Class_7\")),\"small fleet used class 7 diesel\",IF(AND($P88=\"Diesel\",$M88=\"New: 2015+\", OR($L88=\"Class_8\", $AE88=\"Class_8\")),\"small fleet new class 8 diesel\",IF(AND($P88=\"Diesel\",$M88=\"Used: 2011+\", OR($L88=\"Class_8\", $AE88=\"Class_8\")),\"small fleet used class 8 diesel\",(IF(AND($P88=\"LNG/CNG\", OR($L88=\"Class_6\", $AE88=\"Class_6\")),\"lng/cng class 6\",(IF(AND($P88=\"Hybrid\", OR($L88=\"Class_6\", $AE88=\"Class_6\")),\"hybrid class 6\",(IF(AND($P88=\"Low NOx\", OR($L88=\"Class_6\", $AE88=\"Class_6\")),\"low nox class 6\",(IF(AND($P88=\"Hybrid Zero-Mile\", OR($L88=\"Class_6\", $AE88=\"Class_6\")),\"hybrid zero mile class 6\",(IF(AND($P88=\"Zero Emission\", OR($L88=\"Class_6\", $AE88=\"Class_6\")),\"zero emission class 6\",(IF(AND($P88=\"LNG/CNG\", OR($L88=\"Class_7\", $AE88=\"Class_7\")),\"lng/cng class 7/8\",(IF(AND($P88=\"Hybrid\", OR($L88=\"Class_7\", $AE88=\"Class_7\")),\"hybrid class 7/8\",(IF(AND($P88=\"Low NOx\", OR($L88=\"Class_7\", $AE88=\"Class_7\")),\"low nox class 7/8\",(IF(AND($P88=\"Hybrid Zero-Mile\", OR($L88=\"Class_7\", $AE88=\"Class_7\")),\"hybrid zero mile class 7/8\",(IF(AND($P88=\"Zero Emission\", OR($L88=\"Class_7\", $AE88=\"Class_7\")),\"zero emission class 7/8\",(IF(AND($P88=\"LNG/CNG\", OR($L88=\"Class_8\", $AE88=\"Class_8\")),\"lng/cng class 7/8\",(IF(AND($P88=\"Hybrid\", OR($L88=\"Class_8\", $AE88=\"Class_8\")),\"hybrid class 7/8\",(IF(AND($P88=\"Low NOx\", OR($L88=\"Class_8\", $AE88=\"Class_8\")),\"low nox class 7/8\",(IF(AND($P88=\"Hybrid Zero-Mile\", OR($L88=\"Class_8\", $AE88=\"Class_8\")),\"hybrid zero mile class 7/8\",(IF(AND($P88=\"Zero Emission\", OR($L88=\"Class_8\", $AE88=\"Class_8\")),\"zero emission class 7/8\")))))))))))))))))))))))))))))))))))))))))))))))))))))","v":false}]
["project 85",null,null,null,null,null,null,{"$f":"IF($G89=\"33,001 +\",\"Class_8\",IF($G89=\"26,001-33,000\",\"Class_7\",IF($G89=\"19,501-26,000\",\"Class_6\",\"\")))","v":""},null,null,null,null,null,null,{"$f":"IF(H89=\"Class_6\",IF(T89=\"No\",MIN(IF((J89*K89)<10000,0,J89*K89),IF((J89*N89)<10000,0,J89*N89)),IF(MIN(Y89*Z89,Y89*N89)+MIN(J89*K89,J89*N89)>9999,MIN(J89*K89,J89*N89),0)),IF(T89=\"No\",MIN(IF((J89*K89)<20000,0,J89*K89),IF((J89*N89)<20000,0,J89*N89)),IF(MIN(Y89*Z89,Y89*N89)+MIN(J89*K89,J89*N89)>19999,MIN(J89*K89,J89*N89),0)))","v":0},null,null,"","No","No",null,null,null,{"$f":"IF($W89=\"33,001 +\",\"Class_8\",IF($W89=\"26,001-33,000\",\"Class_7\",IF($W89=\"19,501-26,000\",\"Class_6\",IF($W89=\"\",\"\"))))","v":""},null,null,0,{"$f":"IF($T89=\"Yes\",IF(COUNTA($U89:$AA89)=7,\"Complete\",\"Incomplete\"),\"N/A\")","v":"N/A"},{"$f":"IF($D89=\"2-for-1 Replace\",IF(OR(COUNTA(A89:AA89)=27,COUNTA(A89:AA89)=29),\"Complete\",\"Incomplete\"),IF(OR($D89=\"Replacement\",$D89=\"Repower\"),IF(COUNTA(A89:Q89)=17,\"Complete\",\"Incomplete\"),\"Incomplete\"))","v":"Incomplete"},null,{"$f":"IF(OR($H89=\"Class_8\",$X89=\"Class_8\"),\"Class_8\",IF(OR($H89=\"Class_7\",$X89=\"Class_7\"),\"Class_7\",IF(OR($H89=\"Class_6\",$X89=\"Class_6\"),\"Class_6\")))","v":false},false,{"$f":"IF($D89=\"Repower\",IF($H89=\"Class_7\",IF($M89=\"New: 2013+ HHD\",\"CL7HHD\",\"gas\")))","v":false},false,null,{"$f":"IF($D89=\"2-for-1 Replace\",\"Norestr\",IF($AK89=\"Repower_8\",\"Repo8\",IF($AK89=\"Repower_7\",\"Repo7\",IF($AK89=\"Repower_6\",\"Repo6\",IF(OR($H89=\"Class_8\",$L89=\"Class_8\"),\"Replacement8HHD\",IF($D89=\"Replacement\",IF($H89=\"Class_6\",\"Replacement6\",IF($H89=\"Class_7\",IF($I89=\"MHD\",\"Replacement7MHD\",\"Replacement7HHD\"),IF($H89=\"Class_8\",IF($I89=\"HHD\",\"Replacement8HHD\",\"Replacement8MHD\")))),))))))","v":0},{"$f":"IF($D89=\"Replacement\",IF($H89=\"Class_6\",\"Replacement_6\",IF($H89=\"Class_7\",\"Replacement_7\",IF($H89=\"Class_8\",\"Replacement_8\",null))),IF($D89=\"Repower\",IF($H89=\"Class_6\",\"Repower_6\",IF($H89=\"Class_7\",\"Repower_7\",IF($H89=\"Class_8\",\"Repower_8\",null))),IF($D89=\"2-for-1 Replace\",IF($L89=\"Class_6\",\"Replacement_6\",IF($L89=\"Class_7\",\"Replacement_7\",IF($L89=\"Class_8\",\"Replacement_8\",null))))))","v":false},{"$f":"IF($D89=\"Replacement\",IF(AND($H89=\"Class_6\",$B89 <> \"4+ Trucks\"),\"Small_Fleet_Replacement_6\",IF(AND($H89=\"Class_7\",$B89 <> \"4+ Trucks\"),\"Small_Fleet_Replacement_7\",IF(AND($H89=\"Class_8\",$B89 <> \"4+ Trucks\"),\"Small_Fleet_Replacement_8\",null))),IF($D89=\"Repower\",IF($H89=\"Class_6\",\"Repower_6\",IF($H89=\"Class_7\",\"Repower_7\",IF($H89=\"Class_8\",\"Repower_8\",null))),IF($D89=\"2-for-1 Replace\",IF($L89=\"Class_6\",\"Replacement_6\",IF($L89=\"Class_7\",\"Small_Fleet_Replacement_7\",IF($L89=\"Class_8\",\"Small_Fleet_Replacement_8\",null))))))","v":false},null,null,null,null,{"$f":"IF(AND($B89<>\"4+ Trucks\",$D89=\"Replacement\",$P89=\"Diesel\",OR($L89=\"Class_7\",$H89=\"CLass_7\"),$M89=\"New: 2015+\"),\"small fleet new class 7 diesel\",IF(AND($B89<>\"4+ Trucks\",$D89=\"Replacement\",OR($P89=\"Diesel\",$P89=\"LNG/CNG\",$P89=\"Hybrid\"),OR($H89=\"Class_7\",$L89=\"Class_7\"),$M89=\"Used: 2011+\"),\"small fleet used class 7 diesel\",IF(AND($B89<>\"4+ Trucks\",$D89=\"Replacement\",$P89=\"Diesel\",$L89=\"Class_8\",$M89=\"New: 2015+\"),\"small fleet new class 8 diesel\",IF(AND($B89<>\"4+ Trucks\",$D89=\"Replacement\",$P89=\"Diesel\",$L89=\"Class_6\"),\"small fleet class 6 diesel\",IF(AND($B89<>\"4+ Trucks\",$D89=\"Replacement\",OR($P89=\"Diesel\",$P89=\"LNG/CNG\",$P89=\"Hybrid\"),$L89=\"Class_8\",$M89=\"Used: 2011+\"),\"small fleet used class 8 diesel\",IF(AND($B89<>\"4+ Trucks\",$D89=\"Repower\",$P89=\"Diesel\",(OR($L89=\"Class_8\",$L89=\"Class_7\"))),\"small fleet repower class 7/8\",IF(AND($B89<>\"4+ Trucks\",$D89=\"Repower\",$P89=\"Diesel\",$L89=\"Class_6\"),\"small fleet repower class 6\",IF(AND($D89=\"Replacement\",$P89=\"Zero Emission\",(OR($L89=\"Class_8\",$L89=\"Class_7\"))),\"zero emission class 7/8\",IF(AND($D89=\"Replacement\",$P89=\"Hybrid Zero-Mile\",(OR($L89=\"Class_8\",$L89=\"Class_7\"))),\"hybrid zero mile class 7/8\",IF(AND($D89=\"Replacement\",$P89=\"Low NOx\",(OR($L89=\"Class_8\",$L89=\"Class_7\"))),\"low nox class 7/8\",IF(AND($D89=\"Replacement\",$P89=\"Hybrid\",(OR($L89=\"Class_8\",$L89=\"Class_7\"))),\"hybrid class 7/8\",IF(AND($D89=\"Replacement\",$P89=\"LNG/CNG\",(OR($L89=\"Class_8\",$L89=\"Class_7\"))),\"lng/cng class 7/8\",IF(AND($D89=\"Replacement\",$P89=\"Zero Emission\",$L89=\"Class_6\"),\"zero emission class 6\",IF(AND($D89=\"Replacement\",$P89=\"Hybrid Zero-Mile\",$L89=\"Class_6\"),\"hybrid zero mile class 6\",IF(AND($D89=\"Replacement\",$P89=\"Low NOx\",$L89=\"Class_6\"),\"low nox class 6\",IF(AND($D89=\"Replacement\",$P89=\"Hybrid\",$L89=\"Class_6\"),\"hybrid class 6\",IF(AND($D89=\"Replacement\",$P89=\"LNG/CNG\",$L89=\"Class_6\"),\"lng/cng class 6\",(IF(AND($P89=\"Diesel\", OR($L89=\"Class_6\", $AE89=\"Class_6\")),\"small fleet class 6 diesel\",IF(AND($P89=\"Diesel\",$M89=\"New: 2015+\", OR($L89=\"Class_7\", $AE89=\"Class_7\")),\"small fleet new class 7 diesel\",IF(AND($P89=\"Diesel\",$M89=\"Used: 2011+\", OR($L89=\"Class_7\", $AE89=\"Class_7\")),\"small fleet used class 7 diesel\",IF(AND($P89=\"Diesel\",$M89=\"New: 2015+\", OR($L89=\"Class_8\", $AE89=\"Class_8\")),\"small fleet new class 8 diesel\",IF(AND($P89=\"Diesel\",$M89=\"Used: 2011+\", OR($L89=\"Class_8\", $AE89=\"Class_8\")),\"small fleet used class 8 diesel\",(IF(AND($P89=\"LNG/CNG\", OR($L89=\"Class_6\", $AE89=\"Class_6\")),\"lng/cng class 6\",(IF(AND($P89=\"Hybrid\", OR($L89=\"Class_6\", $AE89=\"Class_6\")),\"hybrid class 6\",(IF(AND($P89=\"Low NOx\", OR($L89=\"Class_6\", $AE89=\"Class_6\")),\"low nox class 6\",(IF(AND($P89=\"Hybrid Zero-Mile\", OR($L89=\"Class_6\", $AE89=\"Class_6\")),\"hybrid zero mile class 6\",(IF(AND($P89=\"Zero Emission\", OR($L89=\"Class_6\", $AE89=\"Class_6\")),\"zero emission class 6\",(IF(AND($P89=\"LNG/CNG\", OR($L89=\"Class_7\", $AE89=\"Class_7\")),\"lng/cng class 7/8\",(IF(AND($P89=\"Hybrid\", OR($L89=\"Class_7\", $AE89=\"Class_7\")),\"hybrid class 7/8\",(IF(AND($P89=\"Low NOx\", OR($L89=\"Class_7\", $AE89=\"Class_7\")),\"low nox class 7/8\",(IF(AND($P89=\"Hybrid Zero-Mile\", OR($L89=\"Class_7\", $AE89=\"Class_7\")),\"hybrid zero mile class 7/8\",(IF(AND($P89=\"Zero Emission\", OR($L89=\"Class_7\", $AE89=\"Class_7\")),\"zero emission class 7/8\",(IF(AND($P89=\"LNG/CNG\", OR($L89=\"Class_8\", $AE89=\"Class_8\")),\"lng/cng class 7/8\",(IF(AND($P89=\"Hybrid\", OR($L89=\"Class_8\", $AE89=\"Class_8\")),\"hybrid class 7/8\",(IF(AND($P89=\"Low NOx\", OR($L89=\"Class_8\", $AE89=\"Class_8\")),\"low nox class 7/8\",(IF(AND($P89=\"Hybrid Zero-Mile\", OR($L89=\"Class_8\", $AE89=\"Class_8\")),\"hybrid zero mile class 7/8\",(IF(AND($P89=\"Zero Emission\", OR($L89=\"Class_8\", $AE89=\"Class_8\")),\"zero emission class 7/8\")))))))))))))))))))))))))))))))))))))))))))))))))))))","v":false}]
["project 88",null,null,null,null,null,null,{"$f":"IF($G92=\"33,001 +\",\"Class_8\",IF($G92=\"26,001-33,000\",\"Class_7\",IF($G92=\"19,501-26,000\",\"Class_6\",\"\")))","v":""},null,null,null,null,null,null,{"$f":"IF(H92=\"Class_6\",IF(T92=\"No\",MIN(IF((J92*K92)<10000,0,J92*K92),IF((J92*N92)<10000,0,J92*N92)),IF(MIN(Y92*Z92,Y92*N92)+MIN(J92*K92,J92*N92)>9999,MIN(J92*K92,J92*N92),0)),IF(T92=\"No\",MIN(IF((J92*K92)<20000,0,J92*K92),IF((J92*N92)<20000,0,J92*N92)),IF(MIN(Y92*Z92,Y92*N92)+MIN(J92*K92,J92*N92)>19999,MIN(J92*K92,J92*N92),0)))","v":0},null,null,"","No","No",null,null,null,{"$f":"IF($W92=\"33,001 +\",\"Class_8\",IF($W92=\"26,001-33,000\",\"Class_7\",IF($W92=\"19,501-26,000\",\"Class_6\",IF($W92=\"\",\"\"))))","v":""},null,null,0,{"$f":"IF($T92=\"Yes\",IF(COUNTA($U92:$AA92)=7,\"Complete\",\"Incomplete\"),\"N/A\")","v":"N/A"},{"$f":"IF($D92=\"2-for-1 Replace\",IF(OR(COUNTA(A92:AA92)=27,COUNTA(A92:AA92)=29),\"Complete\",\"Incomplete\"),IF(OR($D92=\"Replacement\",$D92=\"Repower\"),IF(COUNTA(A92:Q92)=17,\"Complete\",\"Incomplete\"),\"Incomplete\"))","v":"Incomplete"},null,{"$f":"IF(OR($H92=\"Class_8\",$X92=\"Class_8\"),\"Class_8\",IF(OR($H92=\"Class_7\",$X92=\"Class_7\"),\"Class_7\",IF(OR($H92=\"Class_6\",$X92=\"Class_6\"),\"Class_6\")))","v":false},false,{"$f":"IF($D92=\"Repower\",IF($H92=\"Class_7\",IF($M92=\"New: 2013+ HHD\",\"CL7HHD\",\"gas\")))","v":false},false,null,{"$f":"IF($D92=\"2-for-1 Replace\",\"Norestr\",IF($AK92=\"Repower_8\",\"Repo8\",IF($AK92=\"Repower_7\",\"Repo7\",IF($AK92=\"Repower_6\",\"Repo6\",IF(OR($H92=\"Class_8\",$L92=\"Class_8\"),\"Replacement8HHD\",IF($D92=\"Replacement\",IF($H92=\"Class_6\",\"Replacement6\",IF($H92=\"Class_7\",IF($I92=\"MHD\",\"Replacement7MHD\",\"Replacement7HHD\"),IF($H92=\"Class_8\",IF($I92=\"HHD\",\"Replacement8HHD\",\"Replacement8MHD\")))),))))))","v":0},{"$f":"IF($D92=\"Replacement\",IF($H92=\"Class_6\",\"Replacement_6\",IF($H92=\"Class_7\",\"Replacement_7\",IF($H92=\"Class_8\",\"Replacement_8\",null))),IF($D92=\"Repower\",IF($H92=\"Class_6\",\"Repower_6\",IF($H92=\"Class_7\",\"Repower_7\",IF($H92=\"Class_8\",\"Repower_8\",null))),IF($D92=\"2-for-1 Replace\",IF($L92=\"Class_6\",\"Replacement_6\",IF($L92=\"Class_7\",\"Replacement_7\",IF($L92=\"Class_8\",\"Replacement_8\",null))))))","v":false},{"$f":"IF($D92=\"Replacement\",IF(AND($H92=\"Class_6\",$B92 <> \"4+ Trucks\"),\"Small_Fleet_Replacement_6\",IF(AND($H92=\"Class_7\",$B92 <> \"4+ Trucks\"),\"Small_Fleet_Replacement_7\",IF(AND($H92=\"Class_8\",$B92 <> \"4+ Trucks\"),\"Small_Fleet_Replacement_8\",null))),IF($D92=\"Repower\",IF($H92=\"Class_6\",\"Repower_6\",IF($H92=\"Class_7\",\"Repower_7\",IF($H92=\"Class_8\",\"Repower_8\",null))),IF($D92=\"2-for-1 Replace\",IF($L92=\"Class_6\",\"Replacement_6\",IF($L92=\"Class_7\",\"Small_Fleet_Replacement_7\",IF($L92=\"Class_8\",\"Small_Fleet_Replacement_8\",null))))))","v":false},null,null,null,null,{"$f":"IF(AND($B92<>\"4+ Trucks\",$D92=\"Replacement\",$P92=\"Diesel\",OR($L92=\"Class_7\",$H92=\"CLass_7\"),$M92=\"New: 2015+\"),\"small fleet new class 7 diesel\",IF(AND($B92<>\"4+ Trucks\",$D92=\"Replacement\",OR($P92=\"Diesel\",$P92=\"LNG/CNG\",$P92=\"Hybrid\"),OR($H92=\"Class_7\",$L92=\"Class_7\"),$M92=\"Used: 2011+\"),\"small fleet used class 7 diesel\",IF(AND($B92<>\"4+ Trucks\",$D92=\"Replacement\",$P92=\"Diesel\",$L92=\"Class_8\",$M92=\"New: 2015+\"),\"small fleet new class 8 diesel\",IF(AND($B92<>\"4+ Trucks\",$D92=\"Replacement\",$P92=\"Diesel\",$L92=\"Class_6\"),\"small fleet class 6 diesel\",IF(AND($B92<>\"4+ Trucks\",$D92=\"Replacement\",OR($P92=\"Diesel\",$P92=\"LNG/CNG\",$P92=\"Hybrid\"),$L92=\"Class_8\",$M92=\"Used: 2011+\"),\"small fleet used class 8 diesel\",IF(AND($B92<>\"4+ Trucks\",$D92=\"Repower\",$P92=\"Diesel\",(OR($L92=\"Class_8\",$L92=\"Class_7\"))),\"small fleet repower class 7/8\",IF(AND($B92<>\"4+ Trucks\",$D92=\"Repower\",$P92=\"Diesel\",$L92=\"Class_6\"),\"small fleet repower class 6\",IF(AND($D92=\"Replacement\",$P92=\"Zero Emission\",(OR($L92=\"Class_8\",$L92=\"Class_7\"))),\"zero emission class 7/8\",IF(AND($D92=\"Replacement\",$P92=\"Hybrid Zero-Mile\",(OR($L92=\"Class_8\",$L92=\"Class_7\"))),\"hybrid zero mile class 7/8\",IF(AND($D92=\"Replacement\",$P92=\"Low NOx\",(OR($L92=\"Class_8\",$L92=\"Class_7\"))),\"low nox class 7/8\",IF(AND($D92=\"Replacement\",$P92=\"Hybrid\",(OR($L92=\"Class_8\",$L92=\"Class_7\"))),\"hybrid class 7/8\",IF(AND($D92=\"Replacement\",$P92=\"LNG/CNG\",(OR($L92=\"Class_8\",$L92=\"Class_7\"))),\"lng/cng class 7/8\",IF(AND($D92=\"Replacement\",$P92=\"Zero Emission\",$L92=\"Class_6\"),\"zero emission class 6\",IF(AND($D92=\"Replacement\",$P92=\"Hybrid Zero-Mile\",$L92=\"Class_6\"),\"hybrid zero mile class 6\",IF(AND($D92=\"Replacement\",$P92=\"Low NOx\",$L92=\"Class_6\"),\"low nox class 6\",IF(AND($D92=\"Replacement\",$P92=\"Hybrid\",$L92=\"Class_6\"),\"hybrid class 6\",IF(AND($D92=\"Replacement\",$P92=\"LNG/CNG\",$L92=\"Class_6\"),\"lng/cng class 6\",(IF(AND($P92=\"Diesel\", OR($L92=\"Class_6\", $AE92=\"Class_6\")),\"small fleet class 6 diesel\",IF(AND($P92=\"Diesel\",$M92=\"New: 2015+\", OR($L92=\"Class_7\", $AE92=\"Class_7\")),\"small fleet new class 7 diesel\",IF(AND($P92=\"Diesel\",$M92=\"Used: 2011+\", OR($L92=\"Class_7\", $AE92=\"Class_7\")),\"small fleet used class 7 diesel\",IF(AND($P92=\"Diesel\",$M92=\"New: 2015+\", OR($L92=\"Class_8\", $AE92=\"Class_8\")),\"small fleet new class 8 diesel\",IF(AND($P92=\"Diesel\",$M92=\"Used: 2011+\", OR($L92=\"Class_8\", $AE92=\"Class_8\")),\"small fleet used class 8 diesel\",(IF(AND($P92=\"LNG/CNG\", OR($L92=\"Class_6\", $AE92=\"Class_6\")),\"lng/cng class 6\",(IF(AND($P92=\"Hybrid\", OR($L92=\"Class_6\", $AE92=\"Class_6\")),\"hybrid class 6\",(IF(AND($P92=\"Low NOx\", OR($L92=\"Class_6\", $AE92=\"Class_6\")),\"low nox class 6\",(IF(AND($P92=\"Hybrid Zero-Mile\", OR($L92=\"Class_6\", $AE92=\"Class_6\")),\"hybrid zero mile class 6\",(IF(AND($P92=\"Zero Emission\", OR($L92=\"Class_6\", $AE92=\"Class_6\")),\"zero emission class 6\",(IF(AND($P92=\"LNG/CNG\", OR($L92=\"Class_7\", $AE92=\"Class_7\")),\"lng/cng class 7/8\",(IF(AND($P92=\"Hybrid\", OR($L92=\"Class_7\", $AE92=\"Class_7\")),\"hybrid class 7/8\",(IF(AND($P92=\"Low NOx\", OR($L92=\"Class_7\", $AE92=\"Class_7\")),\"low nox class 7/8\",(IF(AND($P92=\"Hybrid Zero-Mile\", OR($L92=\"Class_7\", $AE92=\"Class_7\")),\"hybrid zero mile class 7/8\",(IF(AND($P92=\"Zero Emission\", OR($L92=\"Class_7\", $AE92=\"Class_7\")),\"zero emission class 7/8\",(IF(AND($P92=\"LNG/CNG\", OR($L92=\"Class_8\", $AE92=\"Class_8\")),\"lng/cng class 7/8\",(IF(AND($P92=\"Hybrid\", OR($L92=\"Class_8\", $AE92=\"Class_8\")),\"hybrid class 7/8\",(IF(AND($P92=\"Low NOx\", OR($L92=\"Class_8\", $AE92=\"Class_8\")),\"low nox class 7/8\",(IF(AND($P92=\"Hybrid Zero-Mile\", OR($L92=\"Class_8\", $AE92=\"Class_8\")),\"hybrid zero mile class 7/8\",(IF(AND($P92=\"Zero Emission\", OR($L92=\"Class_8\", $AE92=\"Class_8\")),\"zero emission class 7/8\")))))))))))))))))))))))))))))))))))))))))))))))))))))","v":false}]
["project 89",null,null,null,null,null,null,{"$f":"IF($G93=\"33,001 +\",\"Class_8\",IF($G93=\"26,001-33,000\",\"Class_7\",IF($G93=\"19,501-26,000\",\"Class_6\",\"\")))","v":""},null,null,null,null,null,null,{"$f":"IF(H93=\"Class_6\",IF(T93=\"No\",MIN(IF((J93*K93)<10000,0,J93*K93),IF((J93*N93)<10000,0,J93*N93)),IF(MIN(Y93*Z93,Y93*N93)+MIN(J93*K93,J93*N93)>9999,MIN(J93*K93,J93*N93),0)),IF(T93=\"No\",MIN(IF((J93*K93)<20000,0,J93*K93),IF((J93*N93)<20000,0,J93*N93)),IF(MIN(Y93*Z93,Y93*N93)+MIN(J93*K93,J93*N93)>19999,MIN(J93*K93,J93*N93),0)))","v":0},null,null,"","No","No",null,null,null,{"$f":"IF($W93=\"33,001 +\",\"Class_8\",IF($W93=\"26,001-33,000\",\"Class_7\",IF($W93=\"19,501-26,000\",\"Class_6\",IF($W93=\"\",\"\"))))","v":""},null,null,0,{"$f":"IF($T93=\"Yes\",IF(COUNTA($U93:$AA93)=7,\"Complete\",\"Incomplete\"),\"N/A\")","v":"N/A"},{"$f":"IF($D93=\"2-for-1 Replace\",IF(OR(COUNTA(A93:AA93)=27,COUNTA(A93:AA93)=29),\"Complete\",\"Incomplete\"),IF(OR($D93=\"Replacement\",$D93=\"Repower\"),IF(COUNTA(A93:Q93)=17,\"Complete\",\"Incomplete\"),\"Incomplete\"))","v":"Incomplete"},null,{"$f":"IF(OR($H93=\"Class_8\",$X93=\"Class_8\"),\"Class_8\",IF(OR($H93=\"Class_7\",$X93=\"Class_7\"),\"Class_7\",IF(OR($H93=\"Class_6\",$X93=\"Class_6\"),\"Class_6\")))","v":false},false,{"$f":"IF($D93=\"Repower\",IF($H93=\"Class_7\",IF($M93=\"New: 2013+ HHD\",\"CL7HHD\",\"gas\")))","v":false},false,null,{"$f":"IF($D93=\"2-for-1 Replace\",\"Norestr\",IF($AK93=\"Repower_8\",\"Repo8\",IF($AK93=\"Repower_7\",\"Repo7\",IF($AK93=\"Repower_6\",\"Repo6\",IF(OR($H93=\"Class_8\",$L93=\"Class_8\"),\"Replacement8HHD\",IF($D93=\"Replacement\",IF($H93=\"Class_6\",\"Replacement6\",IF($H93=\"Class_7\",IF($I93=\"MHD\",\"Replacement7MHD\",\"Replacement7HHD\"),IF($H93=\"Class_8\",IF($I93=\"HHD\",\"Replacement8HHD\",\"Replacement8MHD\")))),))))))","v":0},{"$f":"IF($D93=\"Replacement\",IF($H93=\"Class_6\",\"Replacement_6\",IF($H93=\"Class_7\",\"Replacement_7\",IF($H93=\"Class_8\",\"Replacement_8\",null))),IF($D93=\"Repower\",IF($H93=\"Class_6\",\"Repower_6\",IF($H93=\"Class_7\",\"Repower_7\",IF($H93=\"Class_8\",\"Repower_8\",null))),IF($D93=\"2-for-1 Replace\",IF($L93=\"Class_6\",\"Replacement_6\",IF($L93=\"Class_7\",\"Replacement_7\",IF($L93=\"Class_8\",\"Replacement_8\",null))))))","v":false},{"$f":"IF($D93=\"Replacement\",IF(AND($H93=\"Class_6\",$B93 <> \"4+ Trucks\"),\"Small_Fleet_Replacement_6\",IF(AND($H93=\"Class_7\",$B93 <> \"4+ Trucks\"),\"Small_Fleet_Replacement_7\",IF(AND($H93=\"Class_8\",$B93 <> \"4+ Trucks\"),\"Small_Fleet_Replacement_8\",null))),IF($D93=\"Repower\",IF($H93=\"Class_6\",\"Repower_6\",IF($H93=\"Class_7\",\"Repower_7\",IF($H93=\"Class_8\",\"Repower_8\",null))),IF($D93=\"2-for-1 Replace\",IF($L93=\"Class_6\",\"Replacement_6\",IF($L93=\"Class_7\",\"Small_Fleet_Replacement_7\",IF($L93=\"Class_8\",\"Small_Fleet_Replacement_8\",null))))))","v":false},null,null,null,null,{"$f":"IF(AND($B93<>\"4+ Trucks\",$D93=\"Replacement\",$P93=\"Diesel\",OR($L93=\"Class_7\",$H93=\"CLass_7\"),$M93=\"New: 2015+\"),\"small fleet new class 7 diesel\",IF(AND($B93<>\"4+ Trucks\",$D93=\"Replacement\",OR($P93=\"Diesel\",$P93=\"LNG/CNG\",$P93=\"Hybrid\"),OR($H93=\"Class_7\",$L93=\"Class_7\"),$M93=\"Used: 2011+\"),\"small fleet used class 7 diesel\",IF(AND($B93<>\"4+ Trucks\",$D93=\"Replacement\",$P93=\"Diesel\",$L93=\"Class_8\",$M93=\"New: 2015+\"),\"small fleet new class 8 diesel\",IF(AND($B93<>\"4+ Trucks\",$D93=\"Replacement\",$P93=\"Diesel\",$L93=\"Class_6\"),\"small fleet class 6 diesel\",IF(AND($B93<>\"4+ Trucks\",$D93=\"Replacement\",OR($P93=\"Diesel\",$P93=\"LNG/CNG\",$P93=\"Hybrid\"),$L93=\"Class_8\",$M93=\"Used: 2011+\"),\"small fleet used class 8 diesel\",IF(AND($B93<>\"4+ Trucks\",$D93=\"Repower\",$P93=\"Diesel\",(OR($L93=\"Class_8\",$L93=\"Class_7\"))),\"small fleet repower class 7/8\",IF(AND($B93<>\"4+ Trucks\",$D93=\"Repower\",$P93=\"Diesel\",$L93=\"Class_6\"),\"small fleet repower class 6\",IF(AND($D93=\"Replacement\",$P93=\"Zero Emission\",(OR($L93=\"Class_8\",$L93=\"Class_7\"))),\"zero emission class 7/8\",IF(AND($D93=\"Replacement\",$P93=\"Hybrid Zero-Mile\",(OR($L93=\"Class_8\",$L93=\"Class_7\"))),\"hybrid zero mile class 7/8\",IF(AND($D93=\"Replacement\",$P93=\"Low NOx\",(OR($L93=\"Class_8\",$L93=\"Class_7\"))),\"low nox class 7/8\",IF(AND($D93=\"Replacement\",$P93=\"Hybrid\",(OR($L93=\"Class_8\",$L93=\"Class_7\"))),\"hybrid class 7/8\",IF(AND($D93=\"Replacement\",$P93=\"LNG/CNG\",(OR($L93=\"Class_8\",$L93=\"Class_7\"))),\"lng/cng class 7/8\",IF(AND($D93=\"Replacement\",$P93=\"Zero Emission\",$L93=\"Class_6\"),\"zero emission class 6\",IF(AND($D93=\"Replacement\",$P93=\"Hybrid Zero-Mile\",$L93=\"Class_6\"),\"hybrid zero mile class 6\",IF(AND($D93=\"Replacement\",$P93=\"Low NOx\",$L93=\"Class_6\"),\"low nox class 6\",IF(AND($D93=\"Replacement\",$P93=\"Hybrid\",$L93=\"Class_6\"),\"hybrid class 6\",IF(AND($D93=\"Replacement\",$P93=\"LNG/CNG\",$L93=\"Class_6\"),\"lng/cng class 6\",(IF(AND($P93=\"Diesel\", OR($L93=\"Class_6\", $AE93=\"Class_6\")),\"small fleet class 6 diesel\",IF(AND($P93=\"Diesel\",$M93=\"New: 2015+\", OR($L93=\"Class_7\", $AE93=\"Class_7\")),\"small fleet new class 7 diesel\",IF(AND($P93=\"Diesel\",$M93=\"Used: 2011+\", OR($L93=\"Class_7\", $AE93=\"Class_7\")),\"small fleet used class 7 diesel\",IF(AND($P93=\"Diesel\",$M93=\"New: 2015+\", OR($L93=\"Class_8\", $AE93=\"Class_8\")),\"small fleet new class 8 diesel\",IF(AND($P93=\"Diesel\",$M93=\"Used: 2011+\", OR($L93=\"Class_8\", $AE93=\"Class_8\")),\"small fleet used class 8 diesel\",(IF(AND($P93=\"LNG/CNG\", OR($L93=\"Class_6\", $AE93=\"Class_6\")),\"lng/cng class 6\",(IF(AND($P93=\"Hybrid\", OR($L93=\"Class_6\", $AE93=\"Class_6\")),\"hybrid class 6\",(IF(AND($P93=\"Low NOx\", OR($L93=\"Class_6\", $AE93=\"Class_6\")),\"low nox class 6\",(IF(AND($P93=\"Hybrid Zero-Mile\", OR($L93=\"Class_6\", $AE93=\"Class_6\")),\"hybrid zero mile class 6\",(IF(AND($P93=\"Zero Emission\", OR($L93=\"Class_6\", $AE93=\"Class_6\")),\"zero emission class 6\",(IF(AND($P93=\"LNG/CNG\", OR($L93=\"Class_7\", $AE93=\"Class_7\")),\"lng/cng class 7/8\",(IF(AND($P93=\"Hybrid\", OR($L93=\"Class_7\", $AE93=\"Class_7\")),\"hybrid class 7/8\",(IF(AND($P93=\"Low NOx\", OR($L93=\"Class_7\", $AE93=\"Class_7\")),\"low nox class 7/8\",(IF(AND($P93=\"Hybrid Zero-Mile\", OR($L93=\"Class_7\", $AE93=\"Class_7\")),\"hybrid zero mile class 7/8\",(IF(AND($P93=\"Zero Emission\", OR($L93=\"Class_7\", $AE93=\"Class_7\")),\"zero emission class 7/8\",(IF(AND($P93=\"LNG/CNG\", OR($L93=\"Class_8\", $AE93=\"Class_8\")),\"lng/cng class 7/8\",(IF(AND($P93=\"Hybrid\", OR($L93=\"Class_8\", $AE93=\"Class_8\")),\"hybrid class 7/8\",(IF(AND($P93=\"Low NOx\", OR($L93=\"Class_8\", $AE93=\"Class_8\")),\"low nox class 7/8\",(IF(AND($P93=\"Hybrid Zero-Mile\", OR($L93=\"Class_8\", $AE93=\"Class_8\")),\"hybrid zero mile class 7/8\",(IF(AND($P93=\"Zero Emission\", OR($L93=\"Class_8\", $AE93=\"Class_8\")),\"zero emission class 7/8\")))))))))))))))))))))))))))))))))))))))))))))))))))))","v":false}]
["project 92",null,null,null,null,null,null,{"$f":"IF($G96=\"33,001 +\",\"Class_8\",IF($G96=\"26,001-33,000\",\"Class_7\",IF($G96=\"19,501-26,000\",\"Class_6\",\"\")))","v":""},null,null,null,null,null,null,{"$f":"IF(H96=\"Class_6\",IF(T96=\"No\",MIN(IF((J96*K96)<10000,0,J96*K96),IF((J96*N96)<10000,0,J96*N96)),IF(MIN(Y96*Z96,Y96*N96)+MIN(J96*K96,J96*N96)>9999,MIN(J96*K96,J96*N96),0)),IF(T96=\"No\",MIN(IF((J96*K96)<20000,0,J96*K96),IF((J96*N96)<20000,0,J96*N96)),IF(MIN(Y96*Z96,Y96*N96)+MIN(J96*K96,J96*N96)>19999,MIN(J96*K96,J96*N96),0)))","v":0},null,null,"","No","No",null,null,null,{"$f":"IF($W96=\"33,001 +\",\"Class_8\",IF($W96=\"26,001-33,000\",\"Class_7\",IF($W96=\"19,501-26,000\",\"Class_6\",IF($W96=\"\",\"\"))))","v":""},null,null,0,{"$f":"IF($T96=\"Yes\",IF(COUNTA($U96:$AA96)=7,\"Complete\",\"Incomplete\"),\"N/A\")","v":"N/A"},{"$f":"IF($D96=\"2-for-1 Replace\",IF(OR(COUNTA(A96:AA96)=27,COUNTA(A96:AA96)=29),\"Complete\",\"Incomplete\"),IF(OR($D96=\"Replacement\",$D96=\"Repower\"),IF(COUNTA(A96:Q96)=17,\"Complete\",\"Incomplete\"),\"Incomplete\"))","v":"Incomplete"},null,{"$f":"IF(OR($H96=\"Class_8\",$X96=\"Class_8\"),\"Class_8\",IF(OR($H96=\"Class_7\",$X96=\"Class_7\"),\"Class_7\",IF(OR($H96=\"Class_6\",$X96=\"Class_6\"),\"Class_6\")))","v":false},false,{"$f":"IF($D96=\"Repower\",IF($H96=\"Class_7\",IF($M96=\"New: 2013+ HHD\",\"CL7HHD\",\"gas\")))","v":false},false,null,{"$f":"IF($D96=\"2-for-1 Replace\",\"Norestr\",IF($AK96=\"Repower_8\",\"Repo8\",IF($AK96=\"Repower_7\",\"Repo7\",IF($AK96=\"Repower_6\",\"Repo6\",IF(OR($H96=\"Class_8\",$L96=\"Class_8\"),\"Replacement8HHD\",IF($D96=\"Replacement\",IF($H96=\"Class_6\",\"Replacement6\",IF($H96=\"Class_7\",IF($I96=\"MHD\",\"Replacement7MHD\",\"Replacement7HHD\"),IF($H96=\"Class_8\",IF($I96=\"HHD\",\"Replacement8HHD\",\"Replacement8MHD\")))),))))))","v":0},{"$f":"IF($D96=\"Replacement\",IF($H96=\"Class_6\",\"Replacement_6\",IF($H96=\"Class_7\",\"Replacement_7\",IF($H96=\"Class_8\",\"Replacement_8\",null))),IF($D96=\"Repower\",IF($H96=\"Class_6\",\"Repower_6\",IF($H96=\"Class_7\",\"Repower_7\",IF($H96=\"Class_8\",\"Repower_8\",null))),IF($D96=\"2-for-1 Replace\",IF($L96=\"Class_6\",\"Replacement_6\",IF($L96=\"Class_7\",\"Replacement_7\",IF($L96=\"Class_8\",\"Replacement_8\",null))))))","v":false},{"$f":"IF($D96=\"Replacement\",IF(AND($H96=\"Class_6\",$B96 <> \"4+ Trucks\"),\"Small_Fleet_Replacement_6\",IF(AND($H96=\"Class_7\",$B96 <> \"4+ Trucks\"),\"Small_Fleet_Replacement_7\",IF(AND($H96=\"Class_8\",$B96 <> \"4+ Trucks\"),\"Small_Fleet_Replacement_8\",null))),IF($D96=\"Repower\",IF($H96=\"Class_6\",\"Repower_6\",IF($H96=\"Class_7\",\"Repower_7\",IF($H96=\"Class_8\",\"Repower_8\",null))),IF($D96=\"2-for-1 Replace\",IF($L96=\"Class_6\",\"Replacement_6\",IF($L96=\"Class_7\",\"Small_Fleet_Replacement_7\",IF($L96=\"Class_8\",\"Small_Fleet_Replacement_8\",null))))))","v":false},null,null,null,null,{"$f":"IF(AND($B96<>\"4+ Trucks\",$D96=\"Replacement\",$P96=\"Diesel\",OR($L96=\"Class_7\",$H96=\"CLass_7\"),$M96=\"New: 2015+\"),\"small fleet new class 7 diesel\",IF(AND($B96<>\"4+ Trucks\",$D96=\"Replacement\",OR($P96=\"Diesel\",$P96=\"LNG/CNG\",$P96=\"Hybrid\"),OR($H96=\"Class_7\",$L96=\"Class_7\"),$M96=\"Used: 2011+\"),\"small fleet used class 7 diesel\",IF(AND($B96<>\"4+ Trucks\",$D96=\"Replacement\",$P96=\"Diesel\",$L96=\"Class_8\",$M96=\"New: 2015+\"),\"small fleet new class 8 diesel\",IF(AND($B96<>\"4+ Trucks\",$D96=\"Replacement\",$P96=\"Diesel\",$L96=\"Class_6\"),\"small fleet class 6 diesel\",IF(AND($B96<>\"4+ Trucks\",$D96=\"Replacement\",OR($P96=\"Diesel\",$P96=\"LNG/CNG\",$P96=\"Hybrid\"),$L96=\"Class_8\",$M96=\"Used: 2011+\"),\"small fleet used class 8 diesel\",IF(AND($B96<>\"4+ Trucks\",$D96=\"Repower\",$P96=\"Diesel\",(OR($L96=\"Class_8\",$L96=\"Class_7\"))),\"small fleet repower class 7/8\",IF(AND($B96<>\"4+ Trucks\",$D96=\"Repower\",$P96=\"Diesel\",$L96=\"Class_6\"),\"small fleet repower class 6\",IF(AND($D96=\"Replacement\",$P96=\"Zero Emission\",(OR($L96=\"Class_8\",$L96=\"Class_7\"))),\"zero emission class 7/8\",IF(AND($D96=\"Replacement\",$P96=\"Hybrid Zero-Mile\",(OR($L96=\"Class_8\",$L96=\"Class_7\"))),\"hybrid zero mile class 7/8\",IF(AND($D96=\"Replacement\",$P96=\"Low NOx\",(OR($L96=\"Class_8\",$L96=\"Class_7\"))),\"low nox class 7/8\",IF(AND($D96=\"Replacement\",$P96=\"Hybrid\",(OR($L96=\"Class_8\",$L96=\"Class_7\"))),\"hybrid class 7/8\",IF(AND($D96=\"Replacement\",$P96=\"LNG/CNG\",(OR($L96=\"Class_8\",$L96=\"Class_7\"))),\"lng/cng class 7/8\",IF(AND($D96=\"Replacement\",$P96=\"Zero Emission\",$L96=\"Class_6\"),\"zero emission class 6\",IF(AND($D96=\"Replacement\",$P96=\"Hybrid Zero-Mile\",$L96=\"Class_6\"),\"hybrid zero mile class 6\",IF(AND($D96=\"Replacement\",$P96=\"Low NOx\",$L96=\"Class_6\"),\"low nox class 6\",IF(AND($D96=\"Replacement\",$P96=\"Hybrid\",$L96=\"Class_6\"),\"hybrid class 6\",IF(AND($D96=\"Replacement\",$P96=\"LNG/CNG\",$L96=\"Class_6\"),\"lng/cng class 6\",(IF(AND($P96=\"Diesel\", OR($L96=\"Class_6\", $AE96=\"Class_6\")),\"small fleet class 6 diesel\",IF(AND($P96=\"Diesel\",$M96=\"New: 2015+\", OR($L96=\"Class_7\", $AE96=\"Class_7\")),\"small fleet new class 7 diesel\",IF(AND($P96=\"Diesel\",$M96=\"Used: 2011+\", OR($L96=\"Class_7\", $AE96=\"Class_7\")),\"small fleet used class 7 diesel\",IF(AND($P96=\"Diesel\",$M96=\"New: 2015+\", OR($L96=\"Class_8\", $AE96=\"Class_8\")),\"small fleet new class 8 diesel\",IF(AND($P96=\"Diesel\",$M96=\"Used: 2011+\", OR($L96=\"Class_8\", $AE96=\"Class_8\")),\"small fleet used class 8 diesel\",(IF(AND($P96=\"LNG/CNG\", OR($L96=\"Class_6\", $AE96=\"Class_6\")),\"lng/cng class 6\",(IF(AND($P96=\"Hybrid\", OR($L96=\"Class_6\", $AE96=\"Class_6\")),\"hybrid class 6\",(IF(AND($P96=\"Low NOx\", OR($L96=\"Class_6\", $AE96=\"Class_6\")),\"low nox class 6\",(IF(AND($P96=\"Hybrid Zero-Mile\", OR($L96=\"Class_6\", $AE96=\"Class_6\")),\"hybrid zero mile class 6\",(IF(AND($P96=\"Zero Emission\", OR($L96=\"Class_6\", $AE96=\"Class_6\")),\"zero emission class 6\",(IF(AND($P96=\"LNG/CNG\", OR($L96=\"Class_7\", $AE96=\"Class_7\")),\"lng/cng class 7/8\",(IF(AND($P96=\"Hybrid\", OR($L96=\"Class_7\", $AE96=\"Class_7\")),\"hybrid class 7/8\",(IF(AND($P96=\"Low NOx\", OR($L96=\"Class_7\", $AE96=\"Class_7\")),\"low nox class 7/8\",(IF(AND($P96=\"Hybrid Zero-Mile\", OR($L96=\"Class_7\", $AE96=\"Class_7\")),\"hybrid zero mile class 7/8\",(IF(AND($P96=\"Zero Emission\", OR($L96=\"Class_7\", $AE96=\"Class_7\")),\"zero emission class 7/8\",(IF(AND($P96=\"LNG/CNG\", OR($L96=\"Class_8\", $AE96=\"Class_8\")),\"lng/cng class 7/8\",(IF(AND($P96=\"Hybrid\", OR($L96=\"Class_8\", $AE96=\"Class_8\")),\"hybrid class 7/8\",(IF(AND($P96=\"Low NOx\", OR($L96=\"Class_8\", $AE96=\"Class_8\")),\"low nox class 7/8\",(IF(AND($P96=\"Hybrid Zero-Mile\", OR($L96=\"Class_8\", $AE96=\"Class_8\")),\"hybrid zero mile class 7/8\",(IF(AND($P96=\"Zero Emission\", OR($L96=\"Class_8\", $AE96=\"Class_8\")),\"zero emission class 7/8\")))))))))))))))))))))))))))))))))))))))))))))))))))))","v":false}]
["project 93",null,null,null,null,null,null,{"$f":"IF($G97=\"33,001 +\",\"Class_8\",IF($G97=\"26,001-33,000\",\"Class_7\",IF($G97=\"19,501-26,000\",\"Class_6\",\"\")))","v":""},null,null,null,null,null,null,{"$f":"IF(H97=\"Class_6\",IF(T97=\"No\",MIN(IF((J97*K97)<10000,0,J97*K97),IF((J97*N97)<10000,0,J97*N97)),IF(MIN(Y97*Z97,Y97*N97)+MIN(J97*K97,J97*N97)>9999,MIN(J97*K97,J97*N97),0)),IF(T97=\"No\",MIN(IF((J97*K97)<20000,0,J97*K97),IF((J97*N97)<20000,0,J97*N97)),IF(MIN(Y97*Z97,Y97*N97)+MIN(J97*K97,J97*N97)>19999,MIN(J97*K97,J97*N97),0)))","v":0},null,null,"","No","No",null,null,null,{"$f":"IF($W97=\"33,001 +\",\"Class_8\",IF($W97=\"26,001-33,000\",\"Class_7\",IF($W97=\"19,501-26,000\",\"Class_6\",IF($W97=\"\",\"\"))))","v":""},null,null,0,{"$f":"IF($T97=\"Yes\",IF(COUNTA($U97:$AA97)=7,\"Complete\",\"Incomplete\"),\"N/A\")","v":"N/A"},{"$f":"IF($D97=\"2-for-1 Replace\",IF(OR(COUNTA(A97:AA97)=27,COUNTA(A97:AA97)=29),\"Complete\",\"Incomplete\"),IF(OR($D97=\"Replacement\",$D97=\"Repower\"),IF(COUNTA(A97:Q97)=17,\"Complete\",\"Incomplete\"),\"Incomplete\"))","v":"Incomplete"},null,{"$f":"IF(OR($H97=\"Class_8\",$X97=\"Class_8\"),\"Class_8\",IF(OR($H97=\"Class_7\",$X97=\"Class_7\"),\"Class_7\",IF(OR($H97=\"Class_6\",$X97=\"Class_6\"),\"Class_6\")))","v":false},false,{"$f":"IF($D97=\"Repower\",IF($H97=\"Class_7\",IF($M97=\"New: 2013+ HHD\",\"CL7HHD\",\"gas\")))","v":false},false,null,{"$f":"IF($D97=\"2-for-1 Replace\",\"Norestr\",IF($AK97=\"Repower_8\",\"Repo8\",IF($AK97=\"Repower_7\",\"Repo7\",IF($AK97=\"Repower_6\",\"Repo6\",IF(OR($H97=\"Class_8\",$L97=\"Class_8\"),\"Replacement8HHD\",IF($D97=\"Replacement\",IF($H97=\"Class_6\",\"Replacement6\",IF($H97=\"Class_7\",IF($I97=\"MHD\",\"Replacement7MHD\",\"Replacement7HHD\"),IF($H97=\"Class_8\",IF($I97=\"HHD\",\"Replacement8HHD\",\"Replacement8MHD\")))),))))))","v":0},{"$f":"IF($D97=\"Replacement\",IF($H97=\"Class_6\",\"Replacement_6\",IF($H97=\"Class_7\",\"Replacement_7\",IF($H97=\"Class_8\",\"Replacement_8\",null))),IF($D97=\"Repower\",IF($H97=\"Class_6\",\"Repower_6\",IF($H97=\"Class_7\",\"Repower_7\",IF($H97=\"Class_8\",\"Repower_8\",null))),IF($D97=\"2-for-1 Replace\",IF($L97=\"Class_6\",\"Replacement_6\",IF($L97=\"Class_7\",\"Replacement_7\",IF($L97=\"Class_8\",\"Replacement_8\",null))))))","v":false},{"$f":"IF($D97=\"Replacement\",IF(AND($H97=\"Class_6\",$B97 <> \"4+ Trucks\"),\"Small_Fleet_Replacement_6\",IF(AND($H97=\"Class_7\",$B97 <> \"4+ Trucks\"),\"Small_Fleet_Replacement_7\",IF(AND($H97=\"Class_8\",$B97 <> \"4+ Trucks\"),\"Small_Fleet_Replacement_8\",null))),IF($D97=\"Repower\",IF($H97=\"Class_6\",\"Repower_6\",IF($H97=\"Class_7\",\"Repower_7\",IF($H97=\"Class_8\",\"Repower_8\",null))),IF($D97=\"2-for-1 Replace\",IF($L97=\"Class_6\",\"Replacement_6\",IF($L97=\"Class_7\",\"Small_Fleet_Replacement_7\",IF($L97=\"Class_8\",\"Small_Fleet_Replacement_8\",null))))))","v":false},null,null,null,null,{"$f":"IF(AND($B97<>\"4+ Trucks\",$D97=\"Replacement\",$P97=\"Diesel\",OR($L97=\"Class_7\",$H97=\"CLass_7\"),$M97=\"New: 2015+\"),\"small fleet new class 7 diesel\",IF(AND($B97<>\"4+ Trucks\",$D97=\"Replacement\",OR($P97=\"Diesel\",$P97=\"LNG/CNG\",$P97=\"Hybrid\"),OR($H97=\"Class_7\",$L97=\"Class_7\"),$M97=\"Used: 2011+\"),\"small fleet used class 7 diesel\",IF(AND($B97<>\"4+ Trucks\",$D97=\"Replacement\",$P97=\"Diesel\",$L97=\"Class_8\",$M97=\"New: 2015+\"),\"small fleet new class 8 diesel\",IF(AND($B97<>\"4+ Trucks\",$D97=\"Replacement\",$P97=\"Diesel\",$L97=\"Class_6\"),\"small fleet class 6 diesel\",IF(AND($B97<>\"4+ Trucks\",$D97=\"Replacement\",OR($P97=\"Diesel\",$P97=\"LNG/CNG\",$P97=\"Hybrid\"),$L97=\"Class_8\",$M97=\"Used: 2011+\"),\"small fleet used class 8 diesel\",IF(AND($B97<>\"4+ Trucks\",$D97=\"Repower\",$P97=\"Diesel\",(OR($L97=\"Class_8\",$L97=\"Class_7\"))),\"small fleet repower class 7/8\",IF(AND($B97<>\"4+ Trucks\",$D97=\"Repower\",$P97=\"Diesel\",$L97=\"Class_6\"),\"small fleet repower class 6\",IF(AND($D97=\"Replacement\",$P97=\"Zero Emission\",(OR($L97=\"Class_8\",$L97=\"Class_7\"))),\"zero emission class 7/8\",IF(AND($D97=\"Replacement\",$P97=\"Hybrid Zero-Mile\",(OR($L97=\"Class_8\",$L97=\"Class_7\"))),\"hybrid zero mile class 7/8\",IF(AND($D97=\"Replacement\",$P97=\"Low NOx\",(OR($L97=\"Class_8\",$L97=\"Class_7\"))),\"low nox class 7/8\",IF(AND($D97=\"Replacement\",$P97=\"Hybrid\",(OR($L97=\"Class_8\",$L97=\"Class_7\"))),\"hybrid class 7/8\",IF(AND($D97=\"Replacement\",$P97=\"LNG/CNG\",(OR($L97=\"Class_8\",$L97=\"Class_7\"))),\"lng/cng class 7/8\",IF(AND($D97=\"Replacement\",$P97=\"Zero Emission\",$L97=\"Class_6\"),\"zero emission class 6\",IF(AND($D97=\"Replacement\",$P97=\"Hybrid Zero-Mile\",$L97=\"Class_6\"),\"hybrid zero mile class 6\",IF(AND($D97=\"Replacement\",$P97=\"Low NOx\",$L97=\"Class_6\"),\"low nox class 6\",IF(AND($D97=\"Replacement\",$P97=\"Hybrid\",$L97=\"Class_6\"),\"hybrid class 6\",IF(AND($D97=\"Replacement\",$P97=\"LNG/CNG\",$L97=\"Class_6\"),\"lng/cng class 6\",(IF(AND($P97=\"Diesel\", OR($L97=\"Class_6\", $AE97=\"Class_6\")),\"small fleet class 6 diesel\",IF(AND($P97=\"Diesel\",$M97=\"New: 2015+\", OR($L97=\"Class_7\", $AE97=\"Class_7\")),\"small fleet new class 7 diesel\",IF(AND($P97=\"Diesel\",$M97=\"Used: 2011+\", OR($L97=\"Class_7\", $AE97=\"Class_7\")),\"small fleet used class 7 diesel\",IF(AND($P97=\"Diesel\",$M97=\"New: 2015+\", OR($L97=\"Class_8\", $AE97=\"Class_8\")),\"small fleet new class 8 diesel\",IF(AND($P97=\"Diesel\",$M97=\"Used: 2011+\", OR($L97=\"Class_8\", $AE97=\"Class_8\")),\"small fleet used class 8 diesel\",(IF(AND($P97=\"LNG/CNG\", OR($L97=\"Class_6\", $AE97=\"Class_6\")),\"lng/cng class 6\",(IF(AND($P97=\"Hybrid\", OR($L97=\"Class_6\", $AE97=\"Class_6\")),\"hybrid class 6\",(IF(AND($P97=\"Low NOx\", OR($L97=\"Class_6\", $AE97=\"Class_6\")),\"low nox class 6\",(IF(AND($P97=\"Hybrid Zero-Mile\", OR($L97=\"Class_6\", $AE97=\"Class_6\")),\"hybrid zero mile class 6\",(IF(AND($P97=\"Zero Emission\", OR($L97=\"Class_6\", $AE97=\"Class_6\")),\"zero emission class 6\",(IF(AND($P97=\"LNG/CNG\", OR($L97=\"Class_7\", $AE97=\"Class_7\")),\"lng/cng class 7/8\",(IF(AND($P97=\"Hybrid\", OR($L97=\"Class_7\", $AE97=\"Class_7\")),\"hybrid class 7/8\",(IF(AND($P97=\"Low NOx\", OR($L97=\"Class_7\", $AE97=\"Class_7\")),\"low nox class 7/8\",(IF(AND($P97=\"Hybrid Zero-Mile\", OR($L97=\"Class_7\", $AE97=\"Class_7\")),\"hybrid zero mile class 7/8\",(IF(AND($P97=\"Zero Emission\", OR($L97=\"Class_7\", $AE97=\"Class_7\")),\"zero emission class 7/8\",(IF(AND($P97=\"LNG/CNG\", OR($L97=\"Class_8\", $AE97=\"Class_8\")),\"lng/cng class 7/8\",(IF(AND($P97=\"Hybrid\", OR($L97=\"Class_8\", $AE97=\"Class_8\")),\"hybrid class 7/8\",(IF(AND($P97=\"Low NOx\", OR($L97=\"Class_8\", $AE97=\"Class_8\")),\"low nox class 7/8\",(IF(AND($P97=\"Hybrid Zero-Mile\", OR($L97=\"Class_8\", $AE97=\"Class_8\")),\"hybrid zero mile class 7/8\",(IF(AND($P97=\"Zero Emission\", OR($L97=\"Class_8\", $AE97=\"Class_8\")),\"zero emission class 7/8\")))))))))))))))))))))))))))))))))))))))))))))))))))))","v":false}]
["project 96",null,null,null,null,null,null,{"$f":"IF($G100=\"33,001 +\",\"Class_8\",IF($G100=\"26,001-33,000\",\"Class_7\",IF($G100=\"19,501-26,000\",\"Class_6\",\"\")))","v":""},null,null,null,null,null,null,{"$f":"IF(H100=\"Class_6\",IF(T100=\"No\",MIN(IF((J100*K100)<10000,0,J100*K100),IF((J100*N100)<10000,0,J100*N100)),IF(MIN(Y100*Z100,Y100*N100)+MIN(J100*K100,J100*N100)>9999,MIN(J100*K100,J100*N100),0)),IF(T100=\"No\",MIN(IF((J100*K100)<20000,0,J100*K100),IF((J100*N100)<20000,0,J100*N100)),IF(MIN(Y100*Z100,Y100*N100)+MIN(J100*K100,J100*N100)>19999,MIN(J100*K100,J100*N100),0)))","v":0},null,null,"","No","No",null,null,null,{"$f":"IF($W100=\"33,001 +\",\"Class_8\",IF($W100=\"26,001-33,000\",\"Class_7\",IF($W100=\"19,501-26,000\",\"Class_6\",IF($W100=\"\",\"\"))))","v":""},null,null,0,{"$f":"IF($T100=\"Yes\",IF(COUNTA($U100:$AA100)=7,\"Complete\",\"Incomplete\"),\"N/A\")","v":"N/A"},{"$f":"IF($D100=\"2-for-1 Replace\",IF(OR(COUNTA(A100:AA100)=27,COUNTA(A100:AA100)=29),\"Complete\",\"Incomplete\"),IF(OR($D100=\"Replacement\",$D100=\"Repower\"),IF(COUNTA(A100:Q100)=17,\"Complete\",\"Incomplete\"),\"Incomplete\"))","v":"Incomplete"},null,{"$f":"IF(OR($H100=\"Class_8\",$X100=\"Class_8\"),\"Class_8\",IF(OR($H100=\"Class_7\",$X100=\"Class_7\"),\"Class_7\",IF(OR($H100=\"Class_6\",$X100=\"Class_6\"),\"Class_6\")))","v":false},false,{"$f":"IF($D100=\"Repower\",IF($H100=\"Class_7\",IF($M100=\"New: 2013+ HHD\",\"CL7HHD\",\"gas\")))","v":false},false,null,{"$f":"IF($D100=\"2-for-1 Replace\",\"Norestr\",IF($AK100=\"Repower_8\",\"Repo8\",IF($AK100=\"Repower_7\",\"Repo7\",IF($AK100=\"Repower_6\",\"Repo6\",IF(OR($H100=\"Class_8\",$L100=\"Class_8\"),\"Replacement8HHD\",IF($D100=\"Replacement\",IF($H100=\"Class_6\",\"Replacement6\",IF($H100=\"Class_7\",IF($I100=\"MHD\",\"Replacement7MHD\",\"Replacement7HHD\"),IF($H100=\"Class_8\",IF($I100=\"HHD\",\"Replacement8HHD\",\"Replacement8MHD\")))),))))))","v":0},{"$f":"IF($D100=\"Replacement\",IF($H100=\"Class_6\",\"Replacement_6\",IF($H100=\"Class_7\",\"Replacement_7\",IF($H100=\"Class_8\",\"Replacement_8\",null))),IF($D100=\"Repower\",IF($H100=\"Class_6\",\"Repower_6\",IF($H100=\"Class_7\",\"Repower_7\",IF($H100=\"Class_8\",\"Repower_8\",null))),IF($D100=\"2-for-1 Replace\",IF($L100=\"Class_6\",\"Replacement_6\",IF($L100=\"Class_7\",\"Replacement_7\",IF($L100=\"Class_8\",\"Replacement_8\",null))))))","v":false},{"$f":"IF($D100=\"Replacement\",IF(AND($H100=\"Class_6\",$B100 <> \"4+ Trucks\"),\"Small_Fleet_Replacement_6\",IF(AND($H100=\"Class_7\",$B100 <> \"4+ Trucks\"),\"Small_Fleet_Replacement_7\",IF(AND($H100=\"Class_8\",$B100 <> \"4+ Trucks\"),\"Small_Fleet_Replacement_8\",null))),IF($D100=\"Repower\",IF($H100=\"Class_6\",\"Repower_6\",IF($H100=\"Class_7\",\"Repower_7\",IF($H100=\"Class_8\",\"Repower_8\",null))),IF($D100=\"2-for-1 Replace\",IF($L100=\"Class_6\",\"Replacement_6\",IF($L100=\"Class_7\",\"Small_Fleet_Replacement_7\",IF($L100=\"Class_8\",\"Small_Fleet_Replacement_8\",null))))))","v":false},null,null,null,null,{"$f":"IF(AND($B100<>\"4+ Trucks\",$D100=\"Replacement\",$P100=\"Diesel\",OR($L100=\"Class_7\",$H100=\"CLass_7\"),$M100=\"New: 2015+\"),\"small fleet new class 7 diesel\",IF(AND($B100<>\"4+ Trucks\",$D100=\"Replacement\",OR($P100=\"Diesel\",$P100=\"LNG/CNG\",$P100=\"Hybrid\"),OR($H100=\"Class_7\",$L100=\"Class_7\"),$M100=\"Used: 2011+\"),\"small fleet used class 7 diesel\",IF(AND($B100<>\"4+ Trucks\",$D100=\"Replacement\",$P100=\"Diesel\",$L100=\"Class_8\",$M100=\"New: 2015+\"),\"small fleet new class 8 diesel\",IF(AND($B100<>\"4+ Trucks\",$D100=\"Replacement\",$P100=\"Diesel\",$L100=\"Class_6\"),\"small fleet class 6 diesel\",IF(AND($B100<>\"4+ Trucks\",$D100=\"Replacement\",OR($P100=\"Diesel\",$P100=\"LNG/CNG\",$P100=\"Hybrid\"),$L100=\"Class_8\",$M100=\"Used: 2011+\"),\"small fleet used class 8 diesel\",IF(AND($B100<>\"4+ Trucks\",$D100=\"Repower\",$P100=\"Diesel\",(OR($L100=\"Class_8\",$L100=\"Class_7\"))),\"small fleet repower class 7/8\",IF(AND($B100<>\"4+ Trucks\",$D100=\"Repower\",$P100=\"Diesel\",$L100=\"Class_6\"),\"small fleet repower class 6\",IF(AND($D100=\"Replacement\",$P100=\"Zero Emission\",(OR($L100=\"Class_8\",$L100=\"Class_7\"))),\"zero emission class 7/8\",IF(AND($D100=\"Replacement\",$P100=\"Hybrid Zero-Mile\",(OR($L100=\"Class_8\",$L100=\"Class_7\"))),\"hybrid zero mile class 7/8\",IF(AND($D100=\"Replacement\",$P100=\"Low NOx\",(OR($L100=\"Class_8\",$L100=\"Class_7\"))),\"low nox class 7/8\",IF(AND($D100=\"Replacement\",$P100=\"Hybrid\",(OR($L100=\"Class_8\",$L100=\"Class_7\"))),\"hybrid class 7/8\",IF(AND($D100=\"Replacement\",$P100=\"LNG/CNG\",(OR($L100=\"Class_8\",$L100=\"Class_7\"))),\"lng/cng class 7/8\",IF(AND($D100=\"Replacement\",$P100=\"Zero Emission\",$L100=\"Class_6\"),\"zero emission class 6\",IF(AND($D100=\"Replacement\",$P100=\"Hybrid Zero-Mile\",$L100=\"Class_6\"),\"hybrid zero mile class 6\",IF(AND($D100=\"Replacement\",$P100=\"Low NOx\",$L100=\"Class_6\"),\"low nox class 6\",IF(AND($D100=\"Replacement\",$P100=\"Hybrid\",$L100=\"Class_6\"),\"hybrid class 6\",IF(AND($D100=\"Replacement\",$P100=\"LNG/CNG\",$L100=\"Class_6\"),\"lng/cng class 6\",(IF(AND($P100=\"Diesel\", OR($L100=\"Class_6\", $AE100=\"Class_6\")),\"small fleet class 6 diesel\",IF(AND($P100=\"Diesel\",$M100=\"New: 2015+\", OR($L100=\"Class_7\", $AE100=\"Class_7\")),\"small fleet new class 7 diesel\",IF(AND($P100=\"Diesel\",$M100=\"Used: 2011+\", OR($L100=\"Class_7\", $AE100=\"Class_7\")),\"small fleet used class 7 diesel\",IF(AND($P100=\"Diesel\",$M100=\"New: 2015+\", OR($L100=\"Class_8\", $AE100=\"Class_8\")),\"small fleet new class 8 diesel\",IF(AND($P100=\"Diesel\",$M100=\"Used: 2011+\", OR($L100=\"Class_8\", $AE100=\"Class_8\")),\"small fleet used class 8 diesel\",(IF(AND($P100=\"LNG/CNG\", OR($L100=\"Class_6\", $AE100=\"Class_6\")),\"lng/cng class 6\",(IF(AND($P100=\"Hybrid\", OR($L100=\"Class_6\", $AE100=\"Class_6\")),\"hybrid class 6\",(IF(AND($P100=\"Low NOx\", OR($L100=\"Class_6\", $AE100=\"Class_6\")),\"low nox class 6\",(IF(AND($P100=\"Hybrid Zero-Mile\", OR($L100=\"Class_6\", $AE100=\"Class_6\")),\"hybrid zero mile class 6\",(IF(AND($P100=\"Zero Emission\", OR($L100=\"Class_6\", $AE100=\"Class_6\")),\"zero emission class 6\",(IF(AND($P100=\"LNG/CNG\", OR($L100=\"Class_7\", $AE100=\"Class_7\")),\"lng/cng class 7/8\",(IF(AND($P100=\"Hybrid\", OR($L100=\"Class_7\", $AE100=\"Class_7\")),\"hybrid class 7/8\",(IF(AND($P100=\"Low NOx\", OR($L100=\"Class_7\", $AE100=\"Class_7\")),\"low nox class 7/8\",(IF(AND($P100=\"Hybrid Zero-Mile\", OR($L100=\"Class_7\", $AE100=\"Class_7\")),\"hybrid zero mile class 7/8\",(IF(AND($P100=\"Zero Emission\", OR($L100=\"Class_7\", $AE100=\"Class_7\")),\"zero emission class 7/8\",(IF(AND($P100=\"LNG/CNG\", OR($L100=\"Class_8\", $AE100=\"Class_8\")),\"lng/cng class 7/8\",(IF(AND($P100=\"Hybrid\", OR($L100=\"Class_8\", $AE100=\"Class_8\")),\"hybrid class 7/8\",(IF(AND($P100=\"Low NOx\", OR($L100=\"Class_8\", $AE100=\"Class_8\")),\"low nox class 7/8\",(IF(AND($P100=\"Hybrid Zero-Mile\", OR($L100=\"Class_8\", $AE100=\"Class_8\")),\"hybrid zero mile class 7/8\",(IF(AND($P100=\"Zero Emission\", OR($L100=\"Class_8\", $AE100=\"Class_8\")),\"zero emission class 7/8\")))))))))))))))))))))))))))))))))))))))))))))))))))))","v":false}]
["project 97",null,null,null,null,null,null,{"$f":"IF($G101=\"33,001 +\",\"Class_8\",IF($G101=\"26,001-33,000\",\"Class_7\",IF($G101=\"19,501-26,000\",\"Class_6\",\"\")))","v":""},null,null,null,null,null,null,{"$f":"IF(H101=\"Class_6\",IF(T101=\"No\",MIN(IF((J101*K101)<10000,0,J101*K101),IF((J101*N101)<10000,0,J101*N101)),IF(MIN(Y101*Z101,Y101*N101)+MIN(J101*K101,J101*N101)>9999,MIN(J101*K101,J101*N101),0)),IF(T101=\"No\",MIN(IF((J101*K101)<20000,0,J101*K101),IF((J101*N101)<20000,0,J101*N101)),IF(MIN(Y101*Z101,Y101*N101)+MIN(J101*K101,J101*N101)>19999,MIN(J101*K101,J101*N101),0)))","v":0},null,null,"","No","No",null,null,null,{"$f":"IF($W101=\"33,001 +\",\"Class_8\",IF($W101=\"26,001-33,000\",\"Class_7\",IF($W101=\"19,501-26,000\",\"Class_6\",IF($W101=\"\",\"\"))))","v":""},null,null,0,{"$f":"IF($T101=\"Yes\",IF(COUNTA($U101:$AA101)=7,\"Complete\",\"Incomplete\"),\"N/A\")","v":"N/A"},{"$f":"IF($D101=\"2-for-1 Replace\",IF(OR(COUNTA(A101:AA101)=27,COUNTA(A101:AA101)=29),\"Complete\",\"Incomplete\"),IF(OR($D101=\"Replacement\",$D101=\"Repower\"),IF(COUNTA(A101:Q101)=17,\"Complete\",\"Incomplete\"),\"Incomplete\"))","v":"Incomplete"},null,{"$f":"IF(OR($H101=\"Class_8\",$X101=\"Class_8\"),\"Class_8\",IF(OR($H101=\"Class_7\",$X101=\"Class_7\"),\"Class_7\",IF(OR($H101=\"Class_6\",$X101=\"Class_6\"),\"Class_6\")))","v":false},false,{"$f":"IF($D101=\"Repower\",IF($H101=\"Class_7\",IF($M101=\"New: 2013+ HHD\",\"CL7HHD\",\"gas\")))","v":false},false,null,{"$f":"IF($D101=\"2-for-1 Replace\",\"Norestr\",IF($AK101=\"Repower_8\",\"Repo8\",IF($AK101=\"Repower_7\",\"Repo7\",IF($AK101=\"Repower_6\",\"Repo6\",IF(OR($H101=\"Class_8\",$L101=\"Class_8\"),\"Replacement8HHD\",IF($D101=\"Replacement\",IF($H101=\"Class_6\",\"Replacement6\",IF($H101=\"Class_7\",IF($I101=\"MHD\",\"Replacement7MHD\",\"Replacement7HHD\"),IF($H101=\"Class_8\",IF($I101=\"HHD\",\"Replacement8HHD\",\"Replacement8MHD\")))),))))))","v":0},{"$f":"IF($D101=\"Replacement\",IF($H101=\"Class_6\",\"Replacement_6\",IF($H101=\"Class_7\",\"Replacement_7\",IF($H101=\"Class_8\",\"Replacement_8\",null))),IF($D101=\"Repower\",IF($H101=\"Class_6\",\"Repower_6\",IF($H101=\"Class_7\",\"Repower_7\",IF($H101=\"Class_8\",\"Repower_8\",null))),IF($D101=\"2-for-1 Replace\",IF($L101=\"Class_6\",\"Replacement_6\",IF($L101=\"Class_7\",\"Replacement_7\",IF($L101=\"Class_8\",\"Replacement_8\",null))))))","v":false},{"$f":"IF($D101=\"Replacement\",IF(AND($H101=\"Class_6\",$B101 <> \"4+ Trucks\"),\"Small_Fleet_Replacement_6\",IF(AND($H101=\"Class_7\",$B101 <> \"4+ Trucks\"),\"Small_Fleet_Replacement_7\",IF(AND($H101=\"Class_8\",$B101 <> \"4+ Trucks\"),\"Small_Fleet_Replacement_8\",null))),IF($D101=\"Repower\",IF($H101=\"Class_6\",\"Repower_6\",IF($H101=\"Class_7\",\"Repower_7\",IF($H101=\"Class_8\",\"Repower_8\",null))),IF($D101=\"2-for-1 Replace\",IF($L101=\"Class_6\",\"Replacement_6\",IF($L101=\"Class_7\",\"Small_Fleet_Replacement_7\",IF($L101=\"Class_8\",\"Small_Fleet_Replacement_8\",null))))))","v":false},null,null,null,null,{"$f":"IF(AND($B101<>\"4+ Trucks\",$D101=\"Replacement\",$P101=\"Diesel\",OR($L101=\"Class_7\",$H101=\"CLass_7\"),$M101=\"New: 2015+\"),\"small fleet new class 7 diesel\",IF(AND($B101<>\"4+ Trucks\",$D101=\"Replacement\",OR($P101=\"Diesel\",$P101=\"LNG/CNG\",$P101=\"Hybrid\"),OR($H101=\"Class_7\",$L101=\"Class_7\"),$M101=\"Used: 2011+\"),\"small fleet used class 7 diesel\",IF(AND($B101<>\"4+ Trucks\",$D101=\"Replacement\",$P101=\"Diesel\",$L101=\"Class_8\",$M101=\"New: 2015+\"),\"small fleet new class 8 diesel\",IF(AND($B101<>\"4+ Trucks\",$D101=\"Replacement\",$P101=\"Diesel\",$L101=\"Class_6\"),\"small fleet class 6 diesel\",IF(AND($B101<>\"4+ Trucks\",$D101=\"Replacement\",OR($P101=\"Diesel\",$P101=\"LNG/CNG\",$P101=\"Hybrid\"),$L101=\"Class_8\",$M101=\"Used: 2011+\"),\"small fleet used class 8 diesel\",IF(AND($B101<>\"4+ Trucks\",$D101=\"Repower\",$P101=\"Diesel\",(OR($L101=\"Class_8\",$L101=\"Class_7\"))),\"small fleet repower class 7/8\",IF(AND($B101<>\"4+ Trucks\",$D101=\"Repower\",$P101=\"Diesel\",$L101=\"Class_6\"),\"small fleet repower class 6\",IF(AND($D101=\"Replacement\",$P101=\"Zero Emission\",(OR($L101=\"Class_8\",$L101=\"Class_7\"))),\"zero emission class 7/8\",IF(AND($D101=\"Replacement\",$P101=\"Hybrid Zero-Mile\",(OR($L101=\"Class_8\",$L101=\"Class_7\"))),\"hybrid zero mile class 7/8\",IF(AND($D101=\"Replacement\",$P101=\"Low NOx\",(OR($L101=\"Class_8\",$L101=\"Class_7\"))),\"low nox class 7/8\",IF(AND($D101=\"Replacement\",$P101=\"Hybrid\",(OR($L101=\"Class_8\",$L101=\"Class_7\"))),\"hybrid class 7/8\",IF(AND($D101=\"Replacement\",$P101=\"LNG/CNG\",(OR($L101=\"Class_8\",$L101=\"Class_7\"))),\"lng/cng class 7/8\",IF(AND($D101=\"Replacement\",$P101=\"Zero Emission\",$L101=\"Class_6\"),\"zero emission class 6\",IF(AND($D101=\"Replacement\",$P101=\"Hybrid Zero-Mile\",$L101=\"Class_6\"),\"hybrid zero mile class 6\",IF(AND($D101=\"Replacement\",$P101=\"Low NOx\",$L101=\"Class_6\"),\"low nox class 6\",IF(AND($D101=\"Replacement\",$P101=\"Hybrid\",$L101=\"Class_6\"),\"hybrid class 6\",IF(AND($D101=\"Replacement\",$P101=\"LNG/CNG\",$L101=\"Class_6\"),\"lng/cng class 6\",(IF(AND($P101=\"Diesel\", OR($L101=\"Class_6\", $AE101=\"Class_6\")),\"small fleet class 6 diesel\",IF(AND($P101=\"Diesel\",$M101=\"New: 2015+\", OR($L101=\"Class_7\", $AE101=\"Class_7\")),\"small fleet new class 7 diesel\",IF(AND($P101=\"Diesel\",$M101=\"Used: 2011+\", OR($L101=\"Class_7\", $AE101=\"Class_7\")),\"small fleet used class 7 diesel\",IF(AND($P101=\"Diesel\",$M101=\"New: 2015+\", OR($L101=\"Class_8\", $AE101=\"Class_8\")),\"small fleet new class 8 diesel\",IF(AND($P101=\"Diesel\",$M101=\"Used: 2011+\", OR($L101=\"Class_8\", $AE101=\"Class_8\")),\"small fleet used class 8 diesel\",(IF(AND($P101=\"LNG/CNG\", OR($L101=\"Class_6\", $AE101=\"Class_6\")),\"lng/cng class 6\",(IF(AND($P101=\"Hybrid\", OR($L101=\"Class_6\", $AE101=\"Class_6\")),\"hybrid class 6\",(IF(AND($P101=\"Low NOx\", OR($L101=\"Class_6\", $AE101=\"Class_6\")),\"low nox class 6\",(IF(AND($P101=\"Hybrid Zero-Mile\", OR($L101=\"Class_6\", $AE101=\"Class_6\")),\"hybrid zero mile class 6\",(IF(AND($P101=\"Zero Emission\", OR($L101=\"Class_6\", $AE101=\"Class_6\")),\"zero emission class 6\",(IF(AND($P101=\"LNG/CNG\", OR($L101=\"Class_7\", $AE101=\"Class_7\")),\"lng/cng class 7/8\",(IF(AND($P101=\"Hybrid\", OR($L101=\"Class_7\", $AE101=\"Class_7\")),\"hybrid class 7/8\",(IF(AND($P101=\"Low NOx\", OR($L101=\"Class_7\", $AE101=\"Class_7\")),\"low nox class 7/8\",(IF(AND($P101=\"Hybrid Zero-Mile\", OR($L101=\"Class_7\", $AE101=\"Class_7\")),\"hybrid zero mile class 7/8\",(IF(AND($P101=\"Zero Emission\", OR($L101=\"Class_7\", $AE101=\"Class_7\")),\"zero emission class 7/8\",(IF(AND($P101=\"LNG/CNG\", OR($L101=\"Class_8\", $AE101=\"Class_8\")),\"lng/cng class 7/8\",(IF(AND($P101=\"Hybrid\", OR($L101=\"Class_8\", $AE101=\"Class_8\")),\"hybrid class 7/8\",(IF(AND($P101=\"Low NOx\", OR($L101=\"Class_8\", $AE101=\"Class_8\")),\"low nox class 7/8\",(IF(AND($P101=\"Hybrid Zero-Mile\", OR($L101=\"Class_8\", $AE101=\"Class_8\")),\"hybrid zero mile class 7/8\",(IF(AND($P101=\"Zero Emission\", OR($L101=\"Class_8\", $AE101=\"Class_8\")),\"zero emission class 7/8\")))))))))))))))))))))))))))))))))))))))))))))))))))))","v":false}]
["project 101",null,null,null,null,null,null,{"$f":"IF($G105=\"33,001 +\",\"Class_8\",IF($G105=\"26,001-33,000\",\"Class_7\",IF($G105=\"19,501-26,000\",\"Class_6\",\"\")))","v":""},null,null,null,null,null,null,{"$f":"IF(H105=\"Class_6\",IF(T105=\"No\",MIN(IF((J105*K105)<10000,0,J105*K105),IF((J105*N105)<10000,0,J105*N105)),IF(MIN(Y105*Z105,Y105*N105)+MIN(J105*K105,J105*N105)>9999,MIN(J105*K105,J105*N105),0)),IF(T105=\"No\",MIN(IF((J105*K105)<20000,0,J105*K105),IF((J105*N105)<20000,0,J105*N105)),IF(MIN(Y105*Z105,Y105*N105)+MIN(J105*K105,J105*N105)>19999,MIN(J105*K105,J105*N105),0)))","v":0},null,null,"","No","No",null,null,null,{"$f":"IF($W105=\"33,001 +\",\"Class_8\",IF($W105=\"26,001-33,000\",\"Class_7\",IF($W105=\"19,501-26,000\",\"Class_6\",IF($W105=\"\",\"\"))))","v":""},null,null,0,{"$f":"IF($T105=\"Yes\",IF(COUNTA($U105:$AA105)=7,\"Complete\",\"Incomplete\"),\"N/A\")","v":"N/A"},{"$f":"IF($D105=\"2-for-1 Replace\",IF(OR(COUNTA(A105:AA105)=27,COUNTA(A105:AA105)=29),\"Complete\",\"Incomplete\"),IF(OR($D105=\"Replacement\",$D105=\"Repower\"),IF(COUNTA(A105:Q105)=17,\"Complete\",\"Incomplete\"),\"Incomplete\"))","v":"Incomplete"},null,{"$f":"IF(OR($H105=\"Class_8\",$X105=\"Class_8\"),\"Class_8\",IF(OR($H105=\"Class_7\",$X105=\"Class_7\"),\"Class_7\",IF(OR($H105=\"Class_6\",$X105=\"Class_6\"),\"Class_6\")))","v":false},false,{"$f":"IF($D105=\"Repower\",IF($H105=\"Class_7\",IF($M105=\"New: 2013+ HHD\",\"CL7HHD\",\"gas\")))","v":false},false,null,{"$f":"IF($D105=\"2-for-1 Replace\",\"Norestr\",IF($AK105=\"Repower_8\",\"Repo8\",IF($AK105=\"Repower_7\",\"Repo7\",IF($AK105=\"Repower_6\",\"Repo6\",IF(OR($H105=\"Class_8\",$L105=\"Class_8\"),\"Replacement8HHD\",IF($D105=\"Replacement\",IF($H105=\"Class_6\",\"Replacement6\",IF($H105=\"Class_7\",IF($I105=\"MHD\",\"Replacement7MHD\",\"Replacement7HHD\"),IF($H105=\"Class_8\",IF($I105=\"HHD\",\"Replacement8HHD\",\"Replacement8MHD\")))),))))))","v":0},{"$f":"IF($D105=\"Replacement\",IF($H105=\"Class_6\",\"Replacement_6\",IF($H105=\"Class_7\",\"Replacement_7\",IF($H105=\"Class_8\",\"Replacement_8\",null))),IF($D105=\"Repower\",IF($H105=\"Class_6\",\"Repower_6\",IF($H105=\"Class_7\",\"Repower_7\",IF($H105=\"Class_8\",\"Repower_8\",null))),IF($D105=\"2-for-1 Replace\",IF($L105=\"Class_6\",\"Replacement_6\",IF($L105=\"Class_7\",\"Replacement_7\",IF($L105=\"Class_8\",\"Replacement_8\",null))))))","v":false},{"$f":"IF($D105=\"Replacement\",IF(AND($H105=\"Class_6\",$B105 <> \"4+ Trucks\"),\"Small_Fleet_Replacement_6\",IF(AND($H105=\"Class_7\",$B105 <> \"4+ Trucks\"),\"Small_Fleet_Replacement_7\",IF(AND($H105=\"Class_8\",$B105 <> \"4+ Trucks\"),\"Small_Fleet_Replacement_8\",null))),IF($D105=\"Repower\",IF($H105=\"Class_6\",\"Repower_6\",IF($H105=\"Class_7\",\"Repower_7\",IF($H105=\"Class_8\",\"Repower_8\",null))),IF($D105=\"2-for-1 Replace\",IF($L105=\"Class_6\",\"Replacement_6\",IF($L105=\"Class_7\",\"Small_Fleet_Replacement_7\",IF($L105=\"Class_8\",\"Small_Fleet_Replacement_8\",null))))))","v":false},null,null,null,null,{"$f":"IF(AND($B105<>\"4+ Trucks\",$D105=\"Replacement\",$P105=\"Diesel\",OR($L105=\"Class_7\",$H105=\"CLass_7\"),$M105=\"New: 2015+\"),\"small fleet new class 7 diesel\",IF(AND($B105<>\"4+ Trucks\",$D105=\"Replacement\",OR($P105=\"Diesel\",$P105=\"LNG/CNG\",$P105=\"Hybrid\"),OR($H105=\"Class_7\",$L105=\"Class_7\"),$M105=\"Used: 2011+\"),\"small fleet used class 7 diesel\",IF(AND($B105<>\"4+ Trucks\",$D105=\"Replacement\",$P105=\"Diesel\",$L105=\"Class_8\",$M105=\"New: 2015+\"),\"small fleet new class 8 diesel\",IF(AND($B105<>\"4+ Trucks\",$D105=\"Replacement\",$P105=\"Diesel\",$L105=\"Class_6\"),\"small fleet class 6 diesel\",IF(AND($B105<>\"4+ Trucks\",$D105=\"Replacement\",OR($P105=\"Diesel\",$P105=\"LNG/CNG\",$P105=\"Hybrid\"),$L105=\"Class_8\",$M105=\"Used: 2011+\"),\"small fleet used class 8 diesel\",IF(AND($B105<>\"4+ Trucks\",$D105=\"Repower\",$P105=\"Diesel\",(OR($L105=\"Class_8\",$L105=\"Class_7\"))),\"small fleet repower class 7/8\",IF(AND($B105<>\"4+ Trucks\",$D105=\"Repower\",$P105=\"Diesel\",$L105=\"Class_6\"),\"small fleet repower class 6\",IF(AND($D105=\"Replacement\",$P105=\"Zero Emission\",(OR($L105=\"Class_8\",$L105=\"Class_7\"))),\"zero emission class 7/8\",IF(AND($D105=\"Replacement\",$P105=\"Hybrid Zero-Mile\",(OR($L105=\"Class_8\",$L105=\"Class_7\"))),\"hybrid zero mile class 7/8\",IF(AND($D105=\"Replacement\",$P105=\"Low NOx\",(OR($L105=\"Class_8\",$L105=\"Class_7\"))),\"low nox class 7/8\",IF(AND($D105=\"Replacement\",$P105=\"Hybrid\",(OR($L105=\"Class_8\",$L105=\"Class_7\"))),\"hybrid class 7/8\",IF(AND($D105=\"Replacement\",$P105=\"LNG/CNG\",(OR($L105=\"Class_8\",$L105=\"Class_7\"))),\"lng/cng class 7/8\",IF(AND($D105=\"Replacement\",$P105=\"Zero Emission\",$L105=\"Class_6\"),\"zero emission class 6\",IF(AND($D105=\"Replacement\",$P105=\"Hybrid Zero-Mile\",$L105=\"Class_6\"),\"hybrid zero mile class 6\",IF(AND($D105=\"Replacement\",$P105=\"Low NOx\",$L105=\"Class_6\"),\"low nox class 6\",IF(AND($D105=\"Replacement\",$P105=\"Hybrid\",$L105=\"Class_6\"),\"hybrid class 6\",IF(AND($D105=\"Replacement\",$P105=\"LNG/CNG\",$L105=\"Class_6\"),\"lng/cng class 6\",(IF(AND($P105=\"Diesel\", OR($L105=\"Class_6\", $AE105=\"Class_6\")),\"small fleet class 6 diesel\",IF(AND($P105=\"Diesel\",$M105=\"New: 2015+\", OR($L105=\"Class_7\", $AE105=\"Class_7\")),\"small fleet new class 7 diesel\",IF(AND($P105=\"Diesel\",$M105=\"Used: 2011+\", OR($L105=\"Class_7\", $AE105=\"Class_7\")),\"small fleet used class 7 diesel\",IF(AND($P105=\"Diesel\",$M105=\"New: 2015+\", OR($L105=\"Class_8\", $AE105=\"Class_8\")),\"small fleet new class 8 diesel\",IF(AND($P105=\"Diesel\",$M105=\"Used: 2011+\", OR($L105=\"Class_8\", $AE105=\"Class_8\")),\"small fleet used class 8 diesel\",(IF(AND($P105=\"LNG/CNG\", OR($L105=\"Class_6\", $AE105=\"Class_6\")),\"lng/cng class 6\",(IF(AND($P105=\"Hybrid\", OR($L105=\"Class_6\", $AE105=\"Class_6\")),\"hybrid class 6\",(IF(AND($P105=\"Low NOx\", OR($L105=\"Class_6\", $AE105=\"Class_6\")),\"low nox class 6\",(IF(AND($P105=\"Hybrid Zero-Mile\", OR($L105=\"Class_6\", $AE105=\"Class_6\")),\"hybrid zero mile class 6\",(IF(AND($P105=\"Zero Emission\", OR($L105=\"Class_6\", $AE105=\"Class_6\")),\"zero emission class 6\",(IF(AND($P105=\"LNG/CNG\", OR($L105=\"Class_7\", $AE105=\"Class_7\")),\"lng/cng class 7/8\",(IF(AND($P105=\"Hybrid\", OR($L105=\"Class_7\", $AE105=\"Class_7\")),\"hybrid class 7/8\",(IF(AND($P105=\"Low NOx\", OR($L105=\"Class_7\", $AE105=\"Class_7\")),\"low nox class 7/8\",(IF(AND($P105=\"Hybrid Zero-Mile\", OR($L105=\"Class_7\", $AE105=\"Class_7\")),\"hybrid zero mile class 7/8\",(IF(AND($P105=\"Zero Emission\", OR($L105=\"Class_7\", $AE105=\"Class_7\")),\"zero emission class 7/8\",(IF(AND($P105=\"LNG/CNG\", OR($L105=\"Class_8\", $AE105=\"Class_8\")),\"lng/cng class 7/8\",(IF(AND($P105=\"Hybrid\", OR($L105=\"Class_8\", $AE105=\"Class_8\")),\"hybrid class 7/8\",(IF(AND($P105=\"Low NOx\", OR($L105=\"Class_8\", $AE105=\"Class_8\")),\"low nox class 7/8\",(IF(AND($P105=\"Hybrid Zero-Mile\", OR($L105=\"Class_8\", $AE105=\"Class_8\")),\"hybrid zero mile class 7/8\",(IF(AND($P105=\"Zero Emission\", OR($L105=\"Class_8\", $AE105=\"Class_8\")),\"zero emission class 7/8\")))))))))))))))))))))))))))))))))))))))))))))))))))))","v":false}]
["project 102",null,null,null,null,null,null,{"$f":"IF($G106=\"33,001 +\",\"Class_8\",IF($G106=\"26,001-33,000\",\"Class_7\",IF($G106=\"19,501-26,000\",\"Class_6\",\"\")))","v":""},null,null,null,null,null,null,{"$f":"IF(H106=\"Class_6\",IF(T106=\"No\",MIN(IF((J106*K106)<10000,0,J106*K106),IF((J106*N106)<10000,0,J106*N106)),IF(MIN(Y106*Z106,Y106*N106)+MIN(J106*K106,J106*N106)>9999,MIN(J106*K106,J106*N106),0)),IF(T106=\"No\",MIN(IF((J106*K106)<20000,0,J106*K106),IF((J106*N106)<20000,0,J106*N106)),IF(MIN(Y106*Z106,Y106*N106)+MIN(J106*K106,J106*N106)>19999,MIN(J106*K106,J106*N106),0)))","v":0},null,null,"","No","No",null,null,null,{"$f":"IF($W106=\"33,001 +\",\"Class_8\",IF($W106=\"26,001-33,000\",\"Class_7\",IF($W106=\"19,501-26,000\",\"Class_6\",IF($W106=\"\",\"\"))))","v":""},null,null,0,{"$f":"IF($T106=\"Yes\",IF(COUNTA($U106:$AA106)=7,\"Complete\",\"Incomplete\"),\"N/A\")","v":"N/A"},{"$f":"IF($D106=\"2-for-1 Replace\",IF(OR(COUNTA(A106:AA106)=27,COUNTA(A106:AA106)=29),\"Complete\",\"Incomplete\"),IF(OR($D106=\"Replacement\",$D106=\"Repower\"),IF(COUNTA(A106:Q106)=17,\"Complete\",\"Incomplete\"),\"Incomplete\"))","v":"Incomplete"},null,{"$f":"IF(OR($H106=\"Class_8\",$X106=\"Class_8\"),\"Class_8\",IF(OR($H106=\"Class_7\",$X106=\"Class_7\"),\"Class_7\",IF(OR($H106=\"Class_6\",$X106=\"Class_6\"),\"Class_6\")))","v":false},false,{"$f":"IF($D106=\"Repower\",IF($H106=\"Class_7\",IF($M106=\"New: 2013+ HHD\",\"CL7HHD\",\"gas\")))","v":false},false,null,{"$f":"IF($D106=\"2-for-1 Replace\",\"Norestr\",IF($AK106=\"Repower_8\",\"Repo8\",IF($AK106=\"Repower_7\",\"Repo7\",IF($AK106=\"Repower_6\",\"Repo6\",IF(OR($H106=\"Class_8\",$L106=\"Class_8\"),\"Replacement8HHD\",IF($D106=\"Replacement\",IF($H106=\"Class_6\",\"Replacement6\",IF($H106=\"Class_7\",IF($I106=\"MHD\",\"Replacement7MHD\",\"Replacement7HHD\"),IF($H106=\"Class_8\",IF($I106=\"HHD\",\"Replacement8HHD\",\"Replacement8MHD\")))),))))))","v":0},{"$f":"IF($D106=\"Replacement\",IF($H106=\"Class_6\",\"Replacement_6\",IF($H106=\"Class_7\",\"Replacement_7\",IF($H106=\"Class_8\",\"Replacement_8\",null))),IF($D106=\"Repower\",IF($H106=\"Class_6\",\"Repower_6\",IF($H106=\"Class_7\",\"Repower_7\",IF($H106=\"Class_8\",\"Repower_8\",null))),IF($D106=\"2-for-1 Replace\",IF($L106=\"Class_6\",\"Replacement_6\",IF($L106=\"Class_7\",\"Replacement_7\",IF($L106=\"Class_8\",\"Replacement_8\",null))))))","v":false},{"$f":"IF($D106=\"Replacement\",IF(AND($H106=\"Class_6\",$B106 <> \"4+ Trucks\"),\"Small_Fleet_Replacement_6\",IF(AND($H106=\"Class_7\",$B106 <> \"4+ Trucks\"),\"Small_Fleet_Replacement_7\",IF(AND($H106=\"Class_8\",$B106 <> \"4+ Trucks\"),\"Small_Fleet_Replacement_8\",null))),IF($D106=\"Repower\",IF($H106=\"Class_6\",\"Repower_6\",IF($H106=\"Class_7\",\"Repower_7\",IF($H106=\"Class_8\",\"Repower_8\",null))),IF($D106=\"2-for-1 Replace\",IF($L106=\"Class_6\",\"Replacement_6\",IF($L106=\"Class_7\",\"Small_Fleet_Replacement_7\",IF($L106=\"Class_8\",\"Small_Fleet_Replacement_8\",null))))))","v":false},null,null,null,null,{"$f":"IF(AND($B106<>\"4+ Trucks\",$D106=\"Replacement\",$P106=\"Diesel\",OR($L106=\"Class_7\",$H106=\"CLass_7\"),$M106=\"New: 2015+\"),\"small fleet new class 7 diesel\",IF(AND($B106<>\"4+ Trucks\",$D106=\"Replacement\",OR($P106=\"Diesel\",$P106=\"LNG/CNG\",$P106=\"Hybrid\"),OR($H106=\"Class_7\",$L106=\"Class_7\"),$M106=\"Used: 2011+\"),\"small fleet used class 7 diesel\",IF(AND($B106<>\"4+ Trucks\",$D106=\"Replacement\",$P106=\"Diesel\",$L106=\"Class_8\",$M106=\"New: 2015+\"),\"small fleet new class 8 diesel\",IF(AND($B106<>\"4+ Trucks\",$D106=\"Replacement\",$P106=\"Diesel\",$L106=\"Class_6\"),\"small fleet class 6 diesel\",IF(AND($B106<>\"4+ Trucks\",$D106=\"Replacement\",OR($P106=\"Diesel\",$P106=\"LNG/CNG\",$P106=\"Hybrid\"),$L106=\"Class_8\",$M106=\"Used: 2011+\"),\"small fleet used class 8 diesel\",IF(AND($B106<>\"4+ Trucks\",$D106=\"Repower\",$P106=\"Diesel\",(OR($L106=\"Class_8\",$L106=\"Class_7\"))),\"small fleet repower class 7/8\",IF(AND($B106<>\"4+ Trucks\",$D106=\"Repower\",$P106=\"Diesel\",$L106=\"Class_6\"),\"small fleet repower class 6\",IF(AND($D106=\"Replacement\",$P106=\"Zero Emission\",(OR($L106=\"Class_8\",$L106=\"Class_7\"))),\"zero emission class 7/8\",IF(AND($D106=\"Replacement\",$P106=\"Hybrid Zero-Mile\",(OR($L106=\"Class_8\",$L106=\"Class_7\"))),\"hybrid zero mile class 7/8\",IF(AND($D106=\"Replacement\",$P106=\"Low NOx\",(OR($L106=\"Class_8\",$L106=\"Class_7\"))),\"low nox class 7/8\",IF(AND($D106=\"Replacement\",$P106=\"Hybrid\",(OR($L106=\"Class_8\",$L106=\"Class_7\"))),\"hybrid class 7/8\",IF(AND($D106=\"Replacement\",$P106=\"LNG/CNG\",(OR($L106=\"Class_8\",$L106=\"Class_7\"))),\"lng/cng class 7/8\",IF(AND($D106=\"Replacement\",$P106=\"Zero Emission\",$L106=\"Class_6\"),\"zero emission class 6\",IF(AND($D106=\"Replacement\",$P106=\"Hybrid Zero-Mile\",$L106=\"Class_6\"),\"hybrid zero mile class 6\",IF(AND($D106=\"Replacement\",$P106=\"Low NOx\",$L106=\"Class_6\"),\"low nox class 6\",IF(AND($D106=\"Replacement\",$P106=\"Hybrid\",$L106=\"Class_6\"),\"hybrid class 6\",IF(AND($D106=\"Replacement\",$P106=\"LNG/CNG\",$L106=\"Class_6\"),\"lng/cng class 6\",(IF(AND($P106=\"Diesel\", OR($L106=\"Class_6\", $AE106=\"Class_6\")),\"small fleet class 6 diesel\",IF(AND($P106=\"Diesel\",$M106=\"New: 2015+\", OR($L106=\"Class_7\", $AE106=\"Class_7\")),\"small fleet new class 7 diesel\",IF(AND($P106=\"Diesel\",$M106=\"Used: 2011+\", OR($L106=\"Class_7\", $AE106=\"Class_7\")),\"small fleet used class 7 diesel\",IF(AND($P106=\"Diesel\",$M106=\"New: 2015+\", OR($L106=\"Class_8\", $AE106=\"Class_8\")),\"small fleet new class 8 diesel\",IF(AND($P106=\"Diesel\",$M106=\"Used: 2011+\", OR($L106=\"Class_8\", $AE106=\"Class_8\")),\"small fleet used class 8 diesel\",(IF(AND($P106=\"LNG/CNG\", OR($L106=\"Class_6\", $AE106=\"Class_6\")),\"lng/cng class 6\",(IF(AND($P106=\"Hybrid\", OR($L106=\"Class_6\", $AE106=\"Class_6\")),\"hybrid class 6\",(IF(AND($P106=\"Low NOx\", OR($L106=\"Class_6\", $AE106=\"Class_6\")),\"low nox class 6\",(IF(AND($P106=\"Hybrid Zero-Mile\", OR($L106=\"Class_6\", $AE106=\"Class_6\")),\"hybrid zero mile class 6\",(IF(AND($P106=\"Zero Emission\", OR($L106=\"Class_6\", $AE106=\"Class_6\")),\"zero emission class 6\",(IF(AND($P106=\"LNG/CNG\", OR($L106=\"Class_7\", $AE106=\"Class_7\")),\"lng/cng class 7/8\",(IF(AND($P106=\"Hybrid\", OR($L106=\"Class_7\", $AE106=\"Class_7\")),\"hybrid class 7/8\",(IF(AND($P106=\"Low NOx\", OR($L106=\"Class_7\", $AE106=\"Class_7\")),\"low nox class 7/8\",(IF(AND($P106=\"Hybrid Zero-Mile\", OR($L106=\"Class_7\", $AE106=\"Class_7\")),\"hybrid zero mile class 7/8\",(IF(AND($P106=\"Zero Emission\", OR($L106=\"Class_7\", $AE106=\"Class_7\")),\"zero emission class 7/8\",(IF(AND($P106=\"LNG/CNG\", OR($L106=\"Class_8\", $AE106=\"Class_8\")),\"lng/cng class 7/8\",(IF(AND($P106=\"Hybrid\", OR($L106=\"Class_8\", $AE106=\"Class_8\")),\"hybrid class 7/8\",(IF(AND($P106=\"Low NOx\", OR($L106=\"Class_8\", $AE106=\"Class_8\")),\"low nox class 7/8\",(IF(AND($P106=\"Hybrid Zero-Mile\", OR($L106=\"Class_8\", $AE106=\"Class_8\")),\"hybrid zero mile class 7/8\",(IF(AND($P106=\"Zero Emission\", OR($L106=\"Class_8\", $AE106=\"Class_8\")),\"zero emission class 7/8\")))))))))))))))))))))))))))))))))))))))))))))))))))))","v":false}]
["project 105",null,null,null,null,null,null,{"$f":"IF($G109=\"33,001 +\",\"Class_8\",IF($G109=\"26,001-33,000\",\"Class_7\",IF($G109=\"19,501-26,000\",\"Class_6\",\"\")))","v":""},null,null,null,null,null,null,{"$f":"IF(H109=\"Class_6\",IF(T109=\"No\",MIN(IF((J109*K109)<10000,0,J109*K109),IF((J109*N109)<10000,0,J109*N109)),IF(MIN(Y109*Z109,Y109*N109)+MIN(J109*K109,J109*N109)>9999,MIN(J109*K109,J109*N109),0)),IF(T109=\"No\",MIN(IF((J109*K109)<20000,0,J109*K109),IF((J109*N109)<20000,0,J109*N109)),IF(MIN(Y109*Z109,Y109*N109)+MIN(J109*K109,J109*N109)>19999,MIN(J109*K109,J109*N109),0)))","v":0},null,null,"","No","No",null,null,null,{"$f":"IF($W109=\"33,001 +\",\"Class_8\",IF($W109=\"26,001-33,000\",\"Class_7\",IF($W109=\"19,501-26,000\",\"Class_6\",IF($W109=\"\",\"\"))))","v":""},null,null,0,{"$f":"IF($T109=\"Yes\",IF(COUNTA($U109:$AA109)=7,\"Complete\",\"Incomplete\"),\"N/A\")","v":"N/A"},{"$f":"IF($D109=\"2-for-1 Replace\",IF(OR(COUNTA(A109:AA109)=27,COUNTA(A109:AA109)=29),\"Complete\",\"Incomplete\"),IF(OR($D109=\"Replacement\",$D109=\"Repower\"),IF(COUNTA(A109:Q109)=17,\"Complete\",\"Incomplete\"),\"Incomplete\"))","v":"Incomplete"},null,{"$f":"IF(OR($H109=\"Class_8\",$X109=\"Class_8\"),\"Class_8\",IF(OR($H109=\"Class_7\",$X109=\"Class_7\"),\"Class_7\",IF(OR($H109=\"Class_6\",$X109=\"Class_6\"),\"Class_6\")))","v":false},false,{"$f":"IF($D109=\"Repower\",IF($H109=\"Class_7\",IF($M109=\"New: 2013+ HHD\",\"CL7HHD\",\"gas\")))","v":false},false,null,{"$f":"IF($D109=\"2-for-1 Replace\",\"Norestr\",IF($AK109=\"Repower_8\",\"Repo8\",IF($AK109=\"Repower_7\",\"Repo7\",IF($AK109=\"Repower_6\",\"Repo6\",IF(OR($H109=\"Class_8\",$L109=\"Class_8\"),\"Replacement8HHD\",IF($D109=\"Replacement\",IF($H109=\"Class_6\",\"Replacement6\",IF($H109=\"Class_7\",IF($I109=\"MHD\",\"Replacement7MHD\",\"Replacement7HHD\"),IF($H109=\"Class_8\",IF($I109=\"HHD\",\"Replacement8HHD\",\"Replacement8MHD\")))),))))))","v":0},{"$f":"IF($D109=\"Replacement\",IF($H109=\"Class_6\",\"Replacement_6\",IF($H109=\"Class_7\",\"Replacement_7\",IF($H109=\"Class_8\",\"Replacement_8\",null))),IF($D109=\"Repower\",IF($H109=\"Class_6\",\"Repower_6\",IF($H109=\"Class_7\",\"Repower_7\",IF($H109=\"Class_8\",\"Repower_8\",null))),IF($D109=\"2-for-1 Replace\",IF($L109=\"Class_6\",\"Replacement_6\",IF($L109=\"Class_7\",\"Replacement_7\",IF($L109=\"Class_8\",\"Replacement_8\",null))))))","v":false},{"$f":"IF($D109=\"Replacement\",IF(AND($H109=\"Class_6\",$B109 <> \"4+ Trucks\"),\"Small_Fleet_Replacement_6\",IF(AND($H109=\"Class_7\",$B109 <> \"4+ Trucks\"),\"Small_Fleet_Replacement_7\",IF(AND($H109=\"Class_8\",$B109 <> \"4+ Trucks\"),\"Small_Fleet_Replacement_8\",null))),IF($D109=\"Repower\",IF($H109=\"Class_6\",\"Repower_6\",IF($H109=\"Class_7\",\"Repower_7\",IF($H109=\"Class_8\",\"Repower_8\",null))),IF($D109=\"2-for-1 Replace\",IF($L109=\"Class_6\",\"Replacement_6\",IF($L109=\"Class_7\",\"Small_Fleet_Replacement_7\",IF($L109=\"Class_8\",\"Small_Fleet_Replacement_8\",null))))))","v":false},null,null,null,null,{"$f":"IF(AND($B109<>\"4+ Trucks\",$D109=\"Replacement\",$P109=\"Diesel\",OR($L109=\"Class_7\",$H109=\"CLass_7\"),$M109=\"New: 2015+\"),\"small fleet new class 7 diesel\",IF(AND($B109<>\"4+ Trucks\",$D109=\"Replacement\",OR($P109=\"Diesel\",$P109=\"LNG/CNG\",$P109=\"Hybrid\"),OR($H109=\"Class_7\",$L109=\"Class_7\"),$M109=\"Used: 2011+\"),\"small fleet used class 7 diesel\",IF(AND($B109<>\"4+ Trucks\",$D109=\"Replacement\",$P109=\"Diesel\",$L109=\"Class_8\",$M109=\"New: 2015+\"),\"small fleet new class 8 diesel\",IF(AND($B109<>\"4+ Trucks\",$D109=\"Replacement\",$P109=\"Diesel\",$L109=\"Class_6\"),\"small fleet class 6 diesel\",IF(AND($B109<>\"4+ Trucks\",$D109=\"Replacement\",OR($P109=\"Diesel\",$P109=\"LNG/CNG\",$P109=\"Hybrid\"),$L109=\"Class_8\",$M109=\"Used: 2011+\"),\"small fleet used class 8 diesel\",IF(AND($B109<>\"4+ Trucks\",$D109=\"Repower\",$P109=\"Diesel\",(OR($L109=\"Class_8\",$L109=\"Class_7\"))),\"small fleet repower class 7/8\",IF(AND($B109<>\"4+ Trucks\",$D109=\"Repower\",$P109=\"Diesel\",$L109=\"Class_6\"),\"small fleet repower class 6\",IF(AND($D109=\"Replacement\",$P109=\"Zero Emission\",(OR($L109=\"Class_8\",$L109=\"Class_7\"))),\"zero emission class 7/8\",IF(AND($D109=\"Replacement\",$P109=\"Hybrid Zero-Mile\",(OR($L109=\"Class_8\",$L109=\"Class_7\"))),\"hybrid zero mile class 7/8\",IF(AND($D109=\"Replacement\",$P109=\"Low NOx\",(OR($L109=\"Class_8\",$L109=\"Class_7\"))),\"low nox class 7/8\",IF(AND($D109=\"Replacement\",$P109=\"Hybrid\",(OR($L109=\"Class_8\",$L109=\"Class_7\"))),\"hybrid class 7/8\",IF(AND($D109=\"Replacement\",$P109=\"LNG/CNG\",(OR($L109=\"Class_8\",$L109=\"Class_7\"))),\"lng/cng class 7/8\",IF(AND($D109=\"Replacement\",$P109=\"Zero Emission\",$L109=\"Class_6\"),\"zero emission class 6\",IF(AND($D109=\"Replacement\",$P109=\"Hybrid Zero-Mile\",$L109=\"Class_6\"),\"hybrid zero mile class 6\",IF(AND($D109=\"Replacement\",$P109=\"Low NOx\",$L109=\"Class_6\"),\"low nox class 6\",IF(AND($D109=\"Replacement\",$P109=\"Hybrid\",$L109=\"Class_6\"),\"hybrid class 6\",IF(AND($D109=\"Replacement\",$P109=\"LNG/CNG\",$L109=\"Class_6\"),\"lng/cng class 6\",(IF(AND($P109=\"Diesel\", OR($L109=\"Class_6\", $AE109=\"Class_6\")),\"small fleet class 6 diesel\",IF(AND($P109=\"Diesel\",$M109=\"New: 2015+\", OR($L109=\"Class_7\", $AE109=\"Class_7\")),\"small fleet new class 7 diesel\",IF(AND($P109=\"Diesel\",$M109=\"Used: 2011+\", OR($L109=\"Class_7\", $AE109=\"Class_7\")),\"small fleet used class 7 diesel\",IF(AND($P109=\"Diesel\",$M109=\"New: 2015+\", OR($L109=\"Class_8\", $AE109=\"Class_8\")),\"small fleet new class 8 diesel\",IF(AND($P109=\"Diesel\",$M109=\"Used: 2011+\", OR($L109=\"Class_8\", $AE109=\"Class_8\")),\"small fleet used class 8 diesel\",(IF(AND($P109=\"LNG/CNG\", OR($L109=\"Class_6\", $AE109=\"Class_6\")),\"lng/cng class 6\",(IF(AND($P109=\"Hybrid\", OR($L109=\"Class_6\", $AE109=\"Class_6\")),\"hybrid class 6\",(IF(AND($P109=\"Low NOx\", OR($L109=\"Class_6\", $AE109=\"Class_6\")),\"low nox class 6\",(IF(AND($P109=\"Hybrid Zero-Mile\", OR($L109=\"Class_6\", $AE109=\"Class_6\")),\"hybrid zero mile class 6\",(IF(AND($P109=\"Zero Emission\", OR($L109=\"Class_6\", $AE109=\"Class_6\")),\"zero emission class 6\",(IF(AND($P109=\"LNG/CNG\", OR($L109=\"Class_7\", $AE109=\"Class_7\")),\"lng/cng class 7/8\",(IF(AND($P109=\"Hybrid\", OR($L109=\"Class_7\", $AE109=\"Class_7\")),\"hybrid class 7/8\",(IF(AND($P109=\"Low NOx\", OR($L109=\"Class_7\", $AE109=\"Class_7\")),\"low nox class 7/8\",(IF(AND($P109=\"Hybrid Zero-Mile\", OR($L109=\"Class_7\", $AE109=\"Class_7\")),\"hybrid zero mile class 7/8\",(IF(AND($P109=\"Zero Emission\", OR($L109=\"Class_7\", $AE109=\"Class_7\")),\"zero emission class 7/8\",(IF(AND($P109=\"LNG/CNG\", OR($L109=\"Class_8\", $AE109=\"Class_8\")),\"lng/cng class 7/8\",(IF(AND($P109=\"Hybrid\", OR($L109=\"Class_8\", $AE109=\"Class_8\")),\"hybrid class 7/8\",(IF(AND($P109=\"Low NOx\", OR($L109=\"Class_8\", $AE109=\"Class_8\")),\"low nox class 7/8\",(IF(AND($P109=\"Hybrid Zero-Mile\", OR($L109=\"Class_8\", $AE109=\"Class_8\")),\"hybrid zero mile class 7/8\",(IF(AND($P109=\"Zero Emission\", OR($L109=\"Class_8\", $AE109=\"Class_8\")),\"zero emission class 7/8\")))))))))))))))))))))))))))))))))))))))))))))))))))))","v":false}]
["project 106",null,null,null,null,null,null,{"$f":"IF($G110=\"33,001 +\",\"Class_8\",IF($G110=\"26,001-33,000\",\"Class_7\",IF($G110=\"19,501-26,000\",\"Class_6\",\"\")))","v":""},null,null,null,null,null,null,{"$f":"IF(H110=\"Class_6\",IF(T110=\"No\",MIN(IF((J110*K110)<10000,0,J110*K110),IF((J110*N110)<10000,0,J110*N110)),IF(MIN(Y110*Z110,Y110*N110)+MIN(J110*K110,J110*N110)>9999,MIN(J110*K110,J110*N110),0)),IF(T110=\"No\",MIN(IF((J110*K110)<20000,0,J110*K110),IF((J110*N110)<20000,0,J110*N110)),IF(MIN(Y110*Z110,Y110*N110)+MIN(J110*K110,J110*N110)>19999,MIN(J110*K110,J110*N110),0)))","v":0},null,null,"","No","No",null,null,null,{"$f":"IF($W110=\"33,001 +\",\"Class_8\",IF($W110=\"26,001-33,000\",\"Class_7\",IF($W110=\"19,501-26,000\",\"Class_6\",IF($W110=\"\",\"\"))))","v":""},null,null,0,{"$f":"IF($T110=\"Yes\",IF(COUNTA($U110:$AA110)=7,\"Complete\",\"Incomplete\"),\"N/A\")","v":"N/A"},{"$f":"IF($D110=\"2-for-1 Replace\",IF(OR(COUNTA(A110:AA110)=27,COUNTA(A110:AA110)=29),\"Complete\",\"Incomplete\"),IF(OR($D110=\"Replacement\",$D110=\"Repower\"),IF(COUNTA(A110:Q110)=17,\"Complete\",\"Incomplete\"),\"Incomplete\"))","v":"Incomplete"},null,{"$f":"IF(OR($H110=\"Class_8\",$X110=\"Class_8\"),\"Class_8\",IF(OR($H110=\"Class_7\",$X110=\"Class_7\"),\"Class_7\",IF(OR($H110=\"Class_6\",$X110=\"Class_6\"),\"Class_6\")))","v":false},false,{"$f":"IF($D110=\"Repower\",IF($H110=\"Class_7\",IF($M110=\"New: 2013+ HHD\",\"CL7HHD\",\"gas\")))","v":false},false,null,{"$f":"IF($D110=\"2-for-1 Replace\",\"Norestr\",IF($AK110=\"Repower_8\",\"Repo8\",IF($AK110=\"Repower_7\",\"Repo7\",IF($AK110=\"Repower_6\",\"Repo6\",IF(OR($H110=\"Class_8\",$L110=\"Class_8\"),\"Replacement8HHD\",IF($D110=\"Replacement\",IF($H110=\"Class_6\",\"Replacement6\",IF($H110=\"Class_7\",IF($I110=\"MHD\",\"Replacement7MHD\",\"Replacement7HHD\"),IF($H110=\"Class_8\",IF($I110=\"HHD\",\"Replacement8HHD\",\"Replacement8MHD\")))),))))))","v":0},{"$f":"IF($D110=\"Replacement\",IF($H110=\"Class_6\",\"Replacement_6\",IF($H110=\"Class_7\",\"Replacement_7\",IF($H110=\"Class_8\",\"Replacement_8\",null))),IF($D110=\"Repower\",IF($H110=\"Class_6\",\"Repower_6\",IF($H110=\"Class_7\",\"Repower_7\",IF($H110=\"Class_8\",\"Repower_8\",null))),IF($D110=\"2-for-1 Replace\",IF($L110=\"Class_6\",\"Replacement_6\",IF($L110=\"Class_7\",\"Replacement_7\",IF($L110=\"Class_8\",\"Replacement_8\",null))))))","v":false},{"$f":"IF($D110=\"Replacement\",IF(AND($H110=\"Class_6\",$B110 <> \"4+ Trucks\"),\"Small_Fleet_Replacement_6\",IF(AND($H110=\"Class_7\",$B110 <> \"4+ Trucks\"),\"Small_Fleet_Replacement_7\",IF(AND($H110=\"Class_8\",$B110 <> \"4+ Trucks\"),\"Small_Fleet_Replacement_8\",null))),IF($D110=\"Repower\",IF($H110=\"Class_6\",\"Repower_6\",IF($H110=\"Class_7\",\"Repower_7\",IF($H110=\"Class_8\",\"Repower_8\",null))),IF($D110=\"2-for-1 Replace\",IF($L110=\"Class_6\",\"Replacement_6\",IF($L110=\"Class_7\",\"Small_Fleet_Replacement_7\",IF($L110=\"Class_8\",\"Small_Fleet_Replacement_8\",null))))))","v":false},null,null,null,null,{"$f":"IF(AND($B110<>\"4+ Trucks\",$D110=\"Replacement\",$P110=\"Diesel\",OR($L110=\"Class_7\",$H110=\"CLass_7\"),$M110=\"New: 2015+\"),\"small fleet new class 7 diesel\",IF(AND($B110<>\"4+ Trucks\",$D110=\"Replacement\",OR($P110=\"Diesel\",$P110=\"LNG/CNG\",$P110=\"Hybrid\"),OR($H110=\"Class_7\",$L110=\"Class_7\"),$M110=\"Used: 2011+\"),\"small fleet used class 7 diesel\",IF(AND($B110<>\"4+ Trucks\",$D110=\"Replacement\",$P110=\"Diesel\",$L110=\"Class_8\",$M110=\"New: 2015+\"),\"small fleet new class 8 diesel\",IF(AND($B110<>\"4+ Trucks\",$D110=\"Replacement\",$P110=\"Diesel\",$L110=\"Class_6\"),\"small fleet class 6 diesel\",IF(AND($B110<>\"4+ Trucks\",$D110=\"Replacement\",OR($P110=\"Diesel\",$P110=\"LNG/CNG\",$P110=\"Hybrid\"),$L110=\"Class_8\",$M110=\"Used: 2011+\"),\"small fleet used class 8 diesel\",IF(AND($B110<>\"4+ Trucks\",$D110=\"Repower\",$P110=\"Diesel\",(OR($L110=\"Class_8\",$L110=\"Class_7\"))),\"small fleet repower class 7/8\",IF(AND($B110<>\"4+ Trucks\",$D110=\"Repower\",$P110=\"Diesel\",$L110=\"Class_6\"),\"small fleet repower class 6\",IF(AND($D110=\"Replacement\",$P110=\"Zero Emission\",(OR($L110=\"Class_8\",$L110=\"Class_7\"))),\"zero emission class 7/8\",IF(AND($D110=\"Replacement\",$P110=\"Hybrid Zero-Mile\",(OR($L110=\"Class_8\",$L110=\"Class_7\"))),\"hybrid zero mile class 7/8\",IF(AND($D110=\"Replacement\",$P110=\"Low NOx\",(OR($L110=\"Class_8\",$L110=\"Class_7\"))),\"low nox class 7/8\",IF(AND($D110=\"Replacement\",$P110=\"Hybrid\",(OR($L110=\"Class_8\",$L110=\"Class_7\"))),\"hybrid class 7/8\",IF(AND($D110=\"Replacement\",$P110=\"LNG/CNG\",(OR($L110=\"Class_8\",$L110=\"Class_7\"))),\"lng/cng class 7/8\",IF(AND($D110=\"Replacement\",$P110=\"Zero Emission\",$L110=\"Class_6\"),\"zero emission class 6\",IF(AND($D110=\"Replacement\",$P110=\"Hybrid Zero-Mile\",$L110=\"Class_6\"),\"hybrid zero mile class 6\",IF(AND($D110=\"Replacement\",$P110=\"Low NOx\",$L110=\"Class_6\"),\"low nox class 6\",IF(AND($D110=\"Replacement\",$P110=\"Hybrid\",$L110=\"Class_6\"),\"hybrid class 6\",IF(AND($D110=\"Replacement\",$P110=\"LNG/CNG\",$L110=\"Class_6\"),\"lng/cng class 6\",(IF(AND($P110=\"Diesel\", OR($L110=\"Class_6\", $AE110=\"Class_6\")),\"small fleet class 6 diesel\",IF(AND($P110=\"Diesel\",$M110=\"New: 2015+\", OR($L110=\"Class_7\", $AE110=\"Class_7\")),\"small fleet new class 7 diesel\",IF(AND($P110=\"Diesel\",$M110=\"Used: 2011+\", OR($L110=\"Class_7\", $AE110=\"Class_7\")),\"small fleet used class 7 diesel\",IF(AND($P110=\"Diesel\",$M110=\"New: 2015+\", OR($L110=\"Class_8\", $AE110=\"Class_8\")),\"small fleet new class 8 diesel\",IF(AND($P110=\"Diesel\",$M110=\"Used: 2011+\", OR($L110=\"Class_8\", $AE110=\"Class_8\")),\"small fleet used class 8 diesel\",(IF(AND($P110=\"LNG/CNG\", OR($L110=\"Class_6\", $AE110=\"Class_6\")),\"lng/cng class 6\",(IF(AND($P110=\"Hybrid\", OR($L110=\"Class_6\", $AE110=\"Class_6\")),\"hybrid class 6\",(IF(AND($P110=\"Low NOx\", OR($L110=\"Class_6\", $AE110=\"Class_6\")),\"low nox class 6\",(IF(AND($P110=\"Hybrid Zero-Mile\", OR($L110=\"Class_6\", $AE110=\"Class_6\")),\"hybrid zero mile class 6\",(IF(AND($P110=\"Zero Emission\", OR($L110=\"Class_6\", $AE110=\"Class_6\")),\"zero emission class 6\",(IF(AND($P110=\"LNG/CNG\", OR($L110=\"Class_7\", $AE110=\"Class_7\")),\"lng/cng class 7/8\",(IF(AND($P110=\"Hybrid\", OR($L110=\"Class_7\", $AE110=\"Class_7\")),\"hybrid class 7/8\",(IF(AND($P110=\"Low NOx\", OR($L110=\"Class_7\", $AE110=\"Class_7\")),\"low nox class 7/8\",(IF(AND($P110=\"Hybrid Zero-Mile\", OR($L110=\"Class_7\", $AE110=\"Class_7\")),\"hybrid zero mile class 7/8\",(IF(AND($P110=\"Zero Emission\", OR($L110=\"Class_7\", $AE110=\"Class_7\")),\"zero emission class 7/8\",(IF(AND($P110=\"LNG/CNG\", OR($L110=\"Class_8\", $AE110=\"Class_8\")),\"lng/cng class 7/8\",(IF(AND($P110=\"Hybrid\", OR($L110=\"Class_8\", $AE110=\"Class_8\")),\"hybrid class 7/8\",(IF(AND($P110=\"Low NOx\", OR($L110=\"Class_8\", $AE110=\"Class_8\")),\"low nox class 7/8\",(IF(AND($P110=\"Hybrid Zero-Mile\", OR($L110=\"Class_8\", $AE110=\"Class_8\")),\"hybrid zero mile class 7/8\",(IF(AND($P110=\"Zero Emission\", OR($L110=\"Class_8\", $AE110=\"Class_8\")),\"zero emission class 7/8\")))))))))))))))))))))))))))))))))))))))))))))))))))))","v":false}]
["project 109",null,null,null,null,null,null,{"$f":"IF($G113=\"33,001 +\",\"Class_8\",IF($G113=\"26,001-33,000\",\"Class_7\",IF($G113=\"19,501-26,000\",\"Class_6\",\"\")))","v":""},null,null,null,null,null,null,{"$f":"IF(H113=\"Class_6\",IF(T113=\"No\",MIN(IF((J113*K113)<10000,0,J113*K113),IF((J113*N113)<10000,0,J113*N113)),IF(MIN(Y113*Z113,Y113*N113)+MIN(J113*K113,J113*N113)>9999,MIN(J113*K113,J113*N113),0)),IF(T113=\"No\",MIN(IF((J113*K113)<20000,0,J113*K113),IF((J113*N113)<20000,0,J113*N113)),IF(MIN(Y113*Z113,Y113*N113)+MIN(J113*K113,J113*N113)>19999,MIN(J113*K113,J113*N113),0)))","v":0},null,null,"","No","No",null,null,null,{"$f":"IF($W113=\"33,001 +\",\"Class_8\",IF($W113=\"26,001-33,000\",\"Class_7\",IF($W113=\"19,501-26,000\",\"Class_6\",IF($W113=\"\",\"\"))))","v":""},null,null,0,{"$f":"IF($T113=\"Yes\",IF(COUNTA($U113:$AA113)=7,\"Complete\",\"Incomplete\"),\"N/A\")","v":"N/A"},{"$f":"IF($D113=\"2-for-1 Replace\",IF(OR(COUNTA(A113:AA113)=27,COUNTA(A113:AA113)=29),\"Complete\",\"Incomplete\"),IF(OR($D113=\"Replacement\",$D113=\"Repower\"),IF(COUNTA(A113:Q113)=17,\"Complete\",\"Incomplete\"),\"Incomplete\"))","v":"Incomplete"},null,{"$f":"IF(OR($H113=\"Class_8\",$X113=\"Class_8\"),\"Class_8\",IF(OR($H113=\"Class_7\",$X113=\"Class_7\"),\"Class_7\",IF(OR($H113=\"Class_6\",$X113=\"Class_6\"),\"Class_6\")))","v":false},false,{"$f":"IF($D113=\"Repower\",IF($H113=\"Class_7\",IF($M113=\"New: 2013+ HHD\",\"CL7HHD\",\"gas\")))","v":false},false,null,{"$f":"IF($D113=\"2-for-1 Replace\",\"Norestr\",IF($AK113=\"Repower_8\",\"Repo8\",IF($AK113=\"Repower_7\",\"Repo7\",IF($AK113=\"Repower_6\",\"Repo6\",IF(OR($H113=\"Class_8\",$L113=\"Class_8\"),\"Replacement8HHD\",IF($D113=\"Replacement\",IF($H113=\"Class_6\",\"Replacement6\",IF($H113=\"Class_7\",IF($I113=\"MHD\",\"Replacement7MHD\",\"Replacement7HHD\"),IF($H113=\"Class_8\",IF($I113=\"HHD\",\"Replacement8HHD\",\"Replacement8MHD\")))),))))))","v":0},{"$f":"IF($D113=\"Replacement\",IF($H113=\"Class_6\",\"Replacement_6\",IF($H113=\"Class_7\",\"Replacement_7\",IF($H113=\"Class_8\",\"Replacement_8\",null))),IF($D113=\"Repower\",IF($H113=\"Class_6\",\"Repower_6\",IF($H113=\"Class_7\",\"Repower_7\",IF($H113=\"Class_8\",\"Repower_8\",null))),IF($D113=\"2-for-1 Replace\",IF($L113=\"Class_6\",\"Replacement_6\",IF($L113=\"Class_7\",\"Replacement_7\",IF($L113=\"Class_8\",\"Replacement_8\",null))))))","v":false},{"$f":"IF($D113=\"Replacement\",IF(AND($H113=\"Class_6\",$B113 <> \"4+ Trucks\"),\"Small_Fleet_Replacement_6\",IF(AND($H113=\"Class_7\",$B113 <> \"4+ Trucks\"),\"Small_Fleet_Replacement_7\",IF(AND($H113=\"Class_8\",$B113 <> \"4+ Trucks\"),\"Small_Fleet_Replacement_8\",null))),IF($D113=\"Repower\",IF($H113=\"Class_6\",\"Repower_6\",IF($H113=\"Class_7\",\"Repower_7\",IF($H113=\"Class_8\",\"Repower_8\",null))),IF($D113=\"2-for-1 Replace\",IF($L113=\"Class_6\",\"Replacement_6\",IF($L113=\"Class_7\",\"Small_Fleet_Replacement_7\",IF($L113=\"Class_8\",\"Small_Fleet_Replacement_8\",null))))))","v":false},null,null,null,null,{"$f":"IF(AND($B113<>\"4+ Trucks\",$D113=\"Replacement\",$P113=\"Diesel\",OR($L113=\"Class_7\",$H113=\"CLass_7\"),$M113=\"New: 2015+\"),\"small fleet new class 7 diesel\",IF(AND($B113<>\"4+ Trucks\",$D113=\"Replacement\",OR($P113=\"Diesel\",$P113=\"LNG/CNG\",$P113=\"Hybrid\"),OR($H113=\"Class_7\",$L113=\"Class_7\"),$M113=\"Used: 2011+\"),\"small fleet used class 7 diesel\",IF(AND($B113<>\"4+ Trucks\",$D113=\"Replacement\",$P113=\"Diesel\",$L113=\"Class_8\",$M113=\"New: 2015+\"),\"small fleet new class 8 diesel\",IF(AND($B113<>\"4+ Trucks\",$D113=\"Replacement\",$P113=\"Diesel\",$L113=\"Class_6\"),\"small fleet class 6 diesel\",IF(AND($B113<>\"4+ Trucks\",$D113=\"Replacement\",OR($P113=\"Diesel\",$P113=\"LNG/CNG\",$P113=\"Hybrid\"),$L113=\"Class_8\",$M113=\"Used: 2011+\"),\"small fleet used class 8 diesel\",IF(AND($B113<>\"4+ Trucks\",$D113=\"Repower\",$P113=\"Diesel\",(OR($L113=\"Class_8\",$L113=\"Class_7\"))),\"small fleet repower class 7/8\",IF(AND($B113<>\"4+ Trucks\",$D113=\"Repower\",$P113=\"Diesel\",$L113=\"Class_6\"),\"small fleet repower class 6\",IF(AND($D113=\"Replacement\",$P113=\"Zero Emission\",(OR($L113=\"Class_8\",$L113=\"Class_7\"))),\"zero emission class 7/8\",IF(AND($D113=\"Replacement\",$P113=\"Hybrid Zero-Mile\",(OR($L113=\"Class_8\",$L113=\"Class_7\"))),\"hybrid zero mile class 7/8\",IF(AND($D113=\"Replacement\",$P113=\"Low NOx\",(OR($L113=\"Class_8\",$L113=\"Class_7\"))),\"low nox class 7/8\",IF(AND($D113=\"Replacement\",$P113=\"Hybrid\",(OR($L113=\"Class_8\",$L113=\"Class_7\"))),\"hybrid class 7/8\",IF(AND($D113=\"Replacement\",$P113=\"LNG/CNG\",(OR($L113=\"Class_8\",$L113=\"Class_7\"))),\"lng/cng class 7/8\",IF(AND($D113=\"Replacement\",$P113=\"Zero Emission\",$L113=\"Class_6\"),\"zero emission class 6\",IF(AND($D113=\"Replacement\",$P113=\"Hybrid Zero-Mile\",$L113=\"Class_6\"),\"hybrid zero mile class 6\",IF(AND($D113=\"Replacement\",$P113=\"Low NOx\",$L113=\"Class_6\"),\"low nox class 6\",IF(AND($D113=\"Replacement\",$P113=\"Hybrid\",$L113=\"Class_6\"),\"hybrid class 6\",IF(AND($D113=\"Replacement\",$P113=\"LNG/CNG\",$L113=\"Class_6\"),\"lng/cng class 6\",(IF(AND($P113=\"Diesel\", OR($L113=\"Class_6\", $AE113=\"Class_6\")),\"small fleet class 6 diesel\",IF(AND($P113=\"Diesel\",$M113=\"New: 2015+\", OR($L113=\"Class_7\", $AE113=\"Class_7\")),\"small fleet new class 7 diesel\",IF(AND($P113=\"Diesel\",$M113=\"Used: 2011+\", OR($L113=\"Class_7\", $AE113=\"Class_7\")),\"small fleet used class 7 diesel\",IF(AND($P113=\"Diesel\",$M113=\"New: 2015+\", OR($L113=\"Class_8\", $AE113=\"Class_8\")),\"small fleet new class 8 diesel\",IF(AND($P113=\"Diesel\",$M113=\"Used: 2011+\", OR($L113=\"Class_8\", $AE113=\"Class_8\")),\"small fleet used class 8 diesel\",(IF(AND($P113=\"LNG/CNG\", OR($L113=\"Class_6\", $AE113=\"Class_6\")),\"lng/cng class 6\",(IF(AND($P113=\"Hybrid\", OR($L113=\"Class_6\", $AE113=\"Class_6\")),\"hybrid class 6\",(IF(AND($P113=\"Low NOx\", OR($L113=\"Class_6\", $AE113=\"Class_6\")),\"low nox class 6\",(IF(AND($P113=\"Hybrid Zero-Mile\", OR($L113=\"Class_6\", $AE113=\"Class_6\")),\"hybrid zero mile class 6\",(IF(AND($P113=\"Zero Emission\", OR($L113=\"Class_6\", $AE113=\"Class_6\")),\"zero emission class 6\",(IF(AND($P113=\"LNG/CNG\", OR($L113=\"Class_7\", $AE113=\"Class_7\")),\"lng/cng class 7/8\",(IF(AND($P113=\"Hybrid\", OR($L113=\"Class_7\", $AE113=\"Class_7\")),\"hybrid class 7/8\",(IF(AND($P113=\"Low NOx\", OR($L113=\"Class_7\", $AE113=\"Class_7\")),\"low nox class 7/8\",(IF(AND($P113=\"Hybrid Zero-Mile\", OR($L113=\"Class_7\", $AE113=\"Class_7\")),\"hybrid zero mile class 7/8\",(IF(AND($P113=\"Zero Emission\", OR($L113=\"Class_7\", $AE113=\"Class_7\")),\"zero emission class 7/8\",(IF(AND($P113=\"LNG/CNG\", OR($L113=\"Class_8\", $AE113=\"Class_8\")),\"lng/cng class 7/8\",(IF(AND($P113=\"Hybrid\", OR($L113=\"Class_8\", $AE113=\"Class_8\")),\"hybrid class 7/8\",(IF(AND($P113=\"Low NOx\", OR($L113=\"Class_8\", $AE113=\"Class_8\")),\"low nox class 7/8\",(IF(AND($P113=\"Hybrid Zero-Mile\", OR($L113=\"Class_8\", $AE113=\"Class_8\")),\"hybrid zero mile class 7/8\",(IF(AND($P113=\"Zero Emission\", OR($L113=\"Class_8\", $AE113=\"Class_8\")),\"zero emission class 7/8\")))))))))))))))))))))))))))))))))))))))))))))))))))))","v":false}]
["project 110",null,null,null,null,null,null,{"$f":"IF($G114=\"33,001 +\",\"Class_8\",IF($G114=\"26,001-33,000\",\"Class_7\",IF($G114=\"19,501-26,000\",\"Class_6\",\"\")))","v":""},null,null,null,null,null,null,{"$f":"IF(H114=\"Class_6\",IF(T114=\"No\",MIN(IF((J114*K114)<10000,0,J114*K114),IF((J114*N114)<10000,0,J114*N114)),IF(MIN(Y114*Z114,Y114*N114)+MIN(J114*K114,J114*N114)>9999,MIN(J114*K114,J114*N114),0)),IF(T114=\"No\",MIN(IF((J114*K114)<20000,0,J114*K114),IF((J114*N114)<20000,0,J114*N114)),IF(MIN(Y114*Z114,Y114*N114)+MIN(J114*K114,J114*N114)>19999,MIN(J114*K114,J114*N114),0)))","v":0},null,null,"","No","No",null,null,null,{"$f":"IF($W114=\"33,001 +\",\"Class_8\",IF($W114=\"26,001-33,000\",\"Class_7\",IF($W114=\"19,501-26,000\",\"Class_6\",IF($W114=\"\",\"\"))))","v":""},null,null,0,{"$f":"IF($T114=\"Yes\",IF(COUNTA($U114:$AA114)=7,\"Complete\",\"Incomplete\"),\"N/A\")","v":"N/A"},{"$f":"IF($D114=\"2-for-1 Replace\",IF(OR(COUNTA(A114:AA114)=27,COUNTA(A114:AA114)=29),\"Complete\",\"Incomplete\"),IF(OR($D114=\"Replacement\",$D114=\"Repower\"),IF(COUNTA(A114:Q114)=17,\"Complete\",\"Incomplete\"),\"Incomplete\"))","v":"Incomplete"},null,{"$f":"IF(OR($H114=\"Class_8\",$X114=\"Class_8\"),\"Class_8\",IF(OR($H114=\"Class_7\",$X114=\"Class_7\"),\"Class_7\",IF(OR($H114=\"Class_6\",$X114=\"Class_6\"),\"Class_6\")))","v":false},false,{"$f":"IF($D114=\"Repower\",IF($H114=\"Class_7\",IF($M114=\"New: 2013+ HHD\",\"CL7HHD\",\"gas\")))","v":false},false,null,{"$f":"IF($D114=\"2-for-1 Replace\",\"Norestr\",IF($AK114=\"Repower_8\",\"Repo8\",IF($AK114=\"Repower_7\",\"Repo7\",IF($AK114=\"Repower_6\",\"Repo6\",IF(OR($H114=\"Class_8\",$L114=\"Class_8\"),\"Replacement8HHD\",IF($D114=\"Replacement\",IF($H114=\"Class_6\",\"Replacement6\",IF($H114=\"Class_7\",IF($I114=\"MHD\",\"Replacement7MHD\",\"Replacement7HHD\"),IF($H114=\"Class_8\",IF($I114=\"HHD\",\"Replacement8HHD\",\"Replacement8MHD\")))),))))))","v":0},{"$f":"IF($D114=\"Replacement\",IF($H114=\"Class_6\",\"Replacement_6\",IF($H114=\"Class_7\",\"Replacement_7\",IF($H114=\"Class_8\",\"Replacement_8\",null))),IF($D114=\"Repower\",IF($H114=\"Class_6\",\"Repower_6\",IF($H114=\"Class_7\",\"Repower_7\",IF($H114=\"Class_8\",\"Repower_8\",null))),IF($D114=\"2-for-1 Replace\",IF($L114=\"Class_6\",\"Replacement_6\",IF($L114=\"Class_7\",\"Replacement_7\",IF($L114=\"Class_8\",\"Replacement_8\",null))))))","v":false},{"$f":"IF($D114=\"Replacement\",IF(AND($H114=\"Class_6\",$B114 <> \"4+ Trucks\"),\"Small_Fleet_Replacement_6\",IF(AND($H114=\"Class_7\",$B114 <> \"4+ Trucks\"),\"Small_Fleet_Replacement_7\",IF(AND($H114=\"Class_8\",$B114 <> \"4+ Trucks\"),\"Small_Fleet_Replacement_8\",null))),IF($D114=\"Repower\",IF($H114=\"Class_6\",\"Repower_6\",IF($H114=\"Class_7\",\"Repower_7\",IF($H114=\"Class_8\",\"Repower_8\",null))),IF($D114=\"2-for-1 Replace\",IF($L114=\"Class_6\",\"Replacement_6\",IF($L114=\"Class_7\",\"Small_Fleet_Replacement_7\",IF($L114=\"Class_8\",\"Small_Fleet_Replacement_8\",null))))))","v":false},null,null,null,null,{"$f":"IF(AND($B114<>\"4+ Trucks\",$D114=\"Replacement\",$P114=\"Diesel\",OR($L114=\"Class_7\",$H114=\"CLass_7\"),$M114=\"New: 2015+\"),\"small fleet new class 7 diesel\",IF(AND($B114<>\"4+ Trucks\",$D114=\"Replacement\",OR($P114=\"Diesel\",$P114=\"LNG/CNG\",$P114=\"Hybrid\"),OR($H114=\"Class_7\",$L114=\"Class_7\"),$M114=\"Used: 2011+\"),\"small fleet used class 7 diesel\",IF(AND($B114<>\"4+ Trucks\",$D114=\"Replacement\",$P114=\"Diesel\",$L114=\"Class_8\",$M114=\"New: 2015+\"),\"small fleet new class 8 diesel\",IF(AND($B114<>\"4+ Trucks\",$D114=\"Replacement\",$P114=\"Diesel\",$L114=\"Class_6\"),\"small fleet class 6 diesel\",IF(AND($B114<>\"4+ Trucks\",$D114=\"Replacement\",OR($P114=\"Diesel\",$P114=\"LNG/CNG\",$P114=\"Hybrid\"),$L114=\"Class_8\",$M114=\"Used: 2011+\"),\"small fleet used class 8 diesel\",IF(AND($B114<>\"4+ Trucks\",$D114=\"Repower\",$P114=\"Diesel\",(OR($L114=\"Class_8\",$L114=\"Class_7\"))),\"small fleet repower class 7/8\",IF(AND($B114<>\"4+ Trucks\",$D114=\"Repower\",$P114=\"Diesel\",$L114=\"Class_6\"),\"small fleet repower class 6\",IF(AND($D114=\"Replacement\",$P114=\"Zero Emission\",(OR($L114=\"Class_8\",$L114=\"Class_7\"))),\"zero emission class 7/8\",IF(AND($D114=\"Replacement\",$P114=\"Hybrid Zero-Mile\",(OR($L114=\"Class_8\",$L114=\"Class_7\"))),\"hybrid zero mile class 7/8\",IF(AND($D114=\"Replacement\",$P114=\"Low NOx\",(OR($L114=\"Class_8\",$L114=\"Class_7\"))),\"low nox class 7/8\",IF(AND($D114=\"Replacement\",$P114=\"Hybrid\",(OR($L114=\"Class_8\",$L114=\"Class_7\"))),\"hybrid class 7/8\",IF(AND($D114=\"Replacement\",$P114=\"LNG/CNG\",(OR($L114=\"Class_8\",$L114=\"Class_7\"))),\"lng/cng class 7/8\",IF(AND($D114=\"Replacement\",$P114=\"Zero Emission\",$L114=\"Class_6\"),\"zero emission class 6\",IF(AND($D114=\"Replacement\",$P114=\"Hybrid Zero-Mile\",$L114=\"Class_6\"),\"hybrid zero mile class 6\",IF(AND($D114=\"Replacement\",$P114=\"Low NOx\",$L114=\"Class_6\"),\"low nox class 6\",IF(AND($D114=\"Replacement\",$P114=\"Hybrid\",$L114=\"Class_6\"),\"hybrid class 6\",IF(AND($D114=\"Replacement\",$P114=\"LNG/CNG\",$L114=\"Class_6\"),\"lng/cng class 6\",(IF(AND($P114=\"Diesel\", OR($L114=\"Class_6\", $AE114=\"Class_6\")),\"small fleet class 6 diesel\",IF(AND($P114=\"Diesel\",$M114=\"New: 2015+\", OR($L114=\"Class_7\", $AE114=\"Class_7\")),\"small fleet new class 7 diesel\",IF(AND($P114=\"Diesel\",$M114=\"Used: 2011+\", OR($L114=\"Class_7\", $AE114=\"Class_7\")),\"small fleet used class 7 diesel\",IF(AND($P114=\"Diesel\",$M114=\"New: 2015+\", OR($L114=\"Class_8\", $AE114=\"Class_8\")),\"small fleet new class 8 diesel\",IF(AND($P114=\"Diesel\",$M114=\"Used: 2011+\", OR($L114=\"Class_8\", $AE114=\"Class_8\")),\"small fleet used class 8 diesel\",(IF(AND($P114=\"LNG/CNG\", OR($L114=\"Class_6\", $AE114=\"Class_6\")),\"lng/cng class 6\",(IF(AND($P114=\"Hybrid\", OR($L114=\"Class_6\", $AE114=\"Class_6\")),\"hybrid class 6\",(IF(AND($P114=\"Low NOx\", OR($L114=\"Class_6\", $AE114=\"Class_6\")),\"low nox class 6\",(IF(AND($P114=\"Hybrid Zero-Mile\", OR($L114=\"Class_6\", $AE114=\"Class_6\")),\"hybrid zero mile class 6\",(IF(AND($P114=\"Zero Emission\", OR($L114=\"Class_6\", $AE114=\"Class_6\")),\"zero emission class 6\",(IF(AND($P114=\"LNG/CNG\", OR($L114=\"Class_7\", $AE114=\"Class_7\")),\"lng/cng class 7/8\",(IF(AND($P114=\"Hybrid\", OR($L114=\"Class_7\", $AE114=\"Class_7\")),\"hybrid class 7/8\",(IF(AND($P114=\"Low NOx\", OR($L114=\"Class_7\", $AE114=\"Class_7\")),\"low nox class 7/8\",(IF(AND($P114=\"Hybrid Zero-Mile\", OR($L114=\"Class_7\", $AE114=\"Class_7\")),\"hybrid zero mile class 7/8\",(IF(AND($P114=\"Zero Emission\", OR($L114=\"Class_7\", $AE114=\"Class_7\")),\"zero emission class 7/8\",(IF(AND($P114=\"LNG/CNG\", OR($L114=\"Class_8\", $AE114=\"Class_8\")),\"lng/cng class 7/8\",(IF(AND($P114=\"Hybrid\", OR($L114=\"Class_8\", $AE114=\"Class_8\")),\"hybrid class 7/8\",(IF(AND($P114=\"Low NOx\", OR($L114=\"Class_8\", $AE114=\"Class_8\")),\"low nox class 7/8\",(IF(AND($P114=\"Hybrid Zero-Mile\", OR($L114=\"Class_8\", $AE114=\"Class_8\")),\"hybrid zero mile class 7/8\",(IF(AND($P114=\"Zero Emission\", OR($L114=\"Class_8\", $AE114=\"Class_8\")),\"zero emission class 7/8\")))))))))))))))))))))))))))))))))))))))))))))))))))))","v":false}]
["project 113",null,null,null,null,null,null,{"$f":"IF($G117=\"33,001 +\",\"Class_8\",IF($G117=\"26,001-33,000\",\"Class_7\",IF($G117=\"19,501-26,000\",\"Class_6\",\"\")))","v":""},null,null,null,null,null,null,{"$f":"IF(H117=\"Class_6\",IF(T117=\"No\",MIN(IF((J117*K117)<10000,0,J117*K117),IF((J117*N117)<10000,0,J117*N117)),IF(MIN(Y117*Z117,Y117*N117)+MIN(J117*K117,J117*N117)>9999,MIN(J117*K117,J117*N117),0)),IF(T117=\"No\",MIN(IF((J117*K117)<20000,0,J117*K117),IF((J117*N117)<20000,0,J117*N117)),IF(MIN(Y117*Z117,Y117*N117)+MIN(J117*K117,J117*N117)>19999,MIN(J117*K117,J117*N117),0)))","v":0},null,null,"","No","No",null,null,null,{"$f":"IF($W117=\"33,001 +\",\"Class_8\",IF($W117=\"26,001-33,000\",\"Class_7\",IF($W117=\"19,501-26,000\",\"Class_6\",IF($W117=\"\",\"\"))))","v":""},null,null,0,{"$f":"IF($T117=\"Yes\",IF(COUNTA($U117:$AA117)=7,\"Complete\",\"Incomplete\"),\"N/A\")","v":"N/A"},{"$f":"IF($D117=\"2-for-1 Replace\",IF(OR(COUNTA(A117:AA117)=27,COUNTA(A117:AA117)=29),\"Complete\",\"Incomplete\"),IF(OR($D117=\"Replacement\",$D117=\"Repower\"),IF(COUNTA(A117:Q117)=17,\"Complete\",\"Incomplete\"),\"Incomplete\"))","v":"Incomplete"},null,{"$f":"IF(OR($H117=\"Class_8\",$X117=\"Class_8\"),\"Class_8\",IF(OR($H117=\"Class_7\",$X117=\"Class_7\"),\"Class_7\",IF(OR($H117=\"Class_6\",$X117=\"Class_6\"),\"Class_6\")))","v":false},false,{"$f":"IF($D117=\"Repower\",IF($H117=\"Class_7\",IF($M117=\"New: 2013+ HHD\",\"CL7HHD\",\"gas\")))","v":false},false,null,{"$f":"IF($D117=\"2-for-1 Replace\",\"Norestr\",IF($AK117=\"Repower_8\",\"Repo8\",IF($AK117=\"Repower_7\",\"Repo7\",IF($AK117=\"Repower_6\",\"Repo6\",IF(OR($H117=\"Class_8\",$L117=\"Class_8\"),\"Replacement8HHD\",IF($D117=\"Replacement\",IF($H117=\"Class_6\",\"Replacement6\",IF($H117=\"Class_7\",IF($I117=\"MHD\",\"Replacement7MHD\",\"Replacement7HHD\"),IF($H117=\"Class_8\",IF($I117=\"HHD\",\"Replacement8HHD\",\"Replacement8MHD\")))),))))))","v":0},{"$f":"IF($D117=\"Replacement\",IF($H117=\"Class_6\",\"Replacement_6\",IF($H117=\"Class_7\",\"Replacement_7\",IF($H117=\"Class_8\",\"Replacement_8\",null))),IF($D117=\"Repower\",IF($H117=\"Class_6\",\"Repower_6\",IF($H117=\"Class_7\",\"Repower_7\",IF($H117=\"Class_8\",\"Repower_8\",null))),IF($D117=\"2-for-1 Replace\",IF($L117=\"Class_6\",\"Replacement_6\",IF($L117=\"Class_7\",\"Replacement_7\",IF($L117=\"Class_8\",\"Replacement_8\",null))))))","v":false},{"$f":"IF($D117=\"Replacement\",IF(AND($H117=\"Class_6\",$B117 <> \"4+ Trucks\"),\"Small_Fleet_Replacement_6\",IF(AND($H117=\"Class_7\",$B117 <> \"4+ Trucks\"),\"Small_Fleet_Replacement_7\",IF(AND($H117=\"Class_8\",$B117 <> \"4+ Trucks\"),\"Small_Fleet_Replacement_8\",null))),IF($D117=\"Repower\",IF($H117=\"Class_6\",\"Repower_6\",IF($H117=\"Class_7\",\"Repower_7\",IF($H117=\"Class_8\",\"Repower_8\",null))),IF($D117=\"2-for-1 Replace\",IF($L117=\"Class_6\",\"Replacement_6\",IF($L117=\"Class_7\",\"Small_Fleet_Replacement_7\",IF($L117=\"Class_8\",\"Small_Fleet_Replacement_8\",null))))))","v":false},null,null,null,null,{"$f":"IF(AND($B117<>\"4+ Trucks\",$D117=\"Replacement\",$P117=\"Diesel\",OR($L117=\"Class_7\",$H117=\"CLass_7\"),$M117=\"New: 2015+\"),\"small fleet new class 7 diesel\",IF(AND($B117<>\"4+ Trucks\",$D117=\"Replacement\",OR($P117=\"Diesel\",$P117=\"LNG/CNG\",$P117=\"Hybrid\"),OR($H117=\"Class_7\",$L117=\"Class_7\"),$M117=\"Used: 2011+\"),\"small fleet used class 7 diesel\",IF(AND($B117<>\"4+ Trucks\",$D117=\"Replacement\",$P117=\"Diesel\",$L117=\"Class_8\",$M117=\"New: 2015+\"),\"small fleet new class 8 diesel\",IF(AND($B117<>\"4+ Trucks\",$D117=\"Replacement\",$P117=\"Diesel\",$L117=\"Class_6\"),\"small fleet class 6 diesel\",IF(AND($B117<>\"4+ Trucks\",$D117=\"Replacement\",OR($P117=\"Diesel\",$P117=\"LNG/CNG\",$P117=\"Hybrid\"),$L117=\"Class_8\",$M117=\"Used: 2011+\"),\"small fleet used class 8 diesel\",IF(AND($B117<>\"4+ Trucks\",$D117=\"Repower\",$P117=\"Diesel\",(OR($L117=\"Class_8\",$L117=\"Class_7\"))),\"small fleet repower class 7/8\",IF(AND($B117<>\"4+ Trucks\",$D117=\"Repower\",$P117=\"Diesel\",$L117=\"Class_6\"),\"small fleet repower class 6\",IF(AND($D117=\"Replacement\",$P117=\"Zero Emission\",(OR($L117=\"Class_8\",$L117=\"Class_7\"))),\"zero emission class 7/8\",IF(AND($D117=\"Replacement\",$P117=\"Hybrid Zero-Mile\",(OR($L117=\"Class_8\",$L117=\"Class_7\"))),\"hybrid zero mile class 7/8\",IF(AND($D117=\"Replacement\",$P117=\"Low NOx\",(OR($L117=\"Class_8\",$L117=\"Class_7\"))),\"low nox class 7/8\",IF(AND($D117=\"Replacement\",$P117=\"Hybrid\",(OR($L117=\"Class_8\",$L117=\"Class_7\"))),\"hybrid class 7/8\",IF(AND($D117=\"Replacement\",$P117=\"LNG/CNG\",(OR($L117=\"Class_8\",$L117=\"Class_7\"))),\"lng/cng class 7/8\",IF(AND($D117=\"Replacement\",$P117=\"Zero Emission\",$L117=\"Class_6\"),\"zero emission class 6\",IF(AND($D117=\"Replacement\",$P117=\"Hybrid Zero-Mile\",$L117=\"Class_6\"),\"hybrid zero mile class 6\",IF(AND($D117=\"Replacement\",$P117=\"Low NOx\",$L117=\"Class_6\"),\"low nox class 6\",IF(AND($D117=\"Replacement\",$P117=\"Hybrid\",$L117=\"Class_6\"),\"hybrid class 6\",IF(AND($D117=\"Replacement\",$P117=\"LNG/CNG\",$L117=\"Class_6\"),\"lng/cng class 6\",(IF(AND($P117=\"Diesel\", OR($L117=\"Class_6\", $AE117=\"Class_6\")),\"small fleet class 6 diesel\",IF(AND($P117=\"Diesel\",$M117=\"New: 2015+\", OR($L117=\"Class_7\", $AE117=\"Class_7\")),\"small fleet new class 7 diesel\",IF(AND($P117=\"Diesel\",$M117=\"Used: 2011+\", OR($L117=\"Class_7\", $AE117=\"Class_7\")),\"small fleet used class 7 diesel\",IF(AND($P117=\"Diesel\",$M117=\"New: 2015+\", OR($L117=\"Class_8\", $AE117=\"Class_8\")),\"small fleet new class 8 diesel\",IF(AND($P117=\"Diesel\",$M117=\"Used: 2011+\", OR($L117=\"Class_8\", $AE117=\"Class_8\")),\"small fleet used class 8 diesel\",(IF(AND($P117=\"LNG/CNG\", OR($L117=\"Class_6\", $AE117=\"Class_6\")),\"lng/cng class 6\",(IF(AND($P117=\"Hybrid\", OR($L117=\"Class_6\", $AE117=\"Class_6\")),\"hybrid class 6\",(IF(AND($P117=\"Low NOx\", OR($L117=\"Class_6\", $AE117=\"Class_6\")),\"low nox class 6\",(IF(AND($P117=\"Hybrid Zero-Mile\", OR($L117=\"Class_6\", $AE117=\"Class_6\")),\"hybrid zero mile class 6\",(IF(AND($P117=\"Zero Emission\", OR($L117=\"Class_6\", $AE117=\"Class_6\")),\"zero emission class 6\",(IF(AND($P117=\"LNG/CNG\", OR($L117=\"Class_7\", $AE117=\"Class_7\")),\"lng/cng class 7/8\",(IF(AND($P117=\"Hybrid\", OR($L117=\"Class_7\", $AE117=\"Class_7\")),\"hybrid class 7/8\",(IF(AND($P117=\"Low NOx\", OR($L117=\"Class_7\", $AE117=\"Class_7\")),\"low nox class 7/8\",(IF(AND($P117=\"Hybrid Zero-Mile\", OR($L117=\"Class_7\", $AE117=\"Class_7\")),\"hybrid zero mile class 7/8\",(IF(AND($P117=\"Zero Emission\", OR($L117=\"Class_7\", $AE117=\"Class_7\")),\"zero emission class 7/8\",(IF(AND($P117=\"LNG/CNG\", OR($L117=\"Class_8\", $AE117=\"Class_8\")),\"lng/cng class 7/8\",(IF(AND($P117=\"Hybrid\", OR($L117=\"Class_8\", $AE117=\"Class_8\")),\"hybrid class 7/8\",(IF(AND($P117=\"Low NOx\", OR($L117=\"Class_8\", $AE117=\"Class_8\")),\"low nox class 7/8\",(IF(AND($P117=\"Hybrid Zero-Mile\", OR($L117=\"Class_8\", $AE117=\"Class_8\")),\"hybrid zero mile class 7/8\",(IF(AND($P117=\"Zero Emission\", OR($L117=\"Class_8\", $AE117=\"Class_8\")),\"zero emission class 7/8\")))))))))))))))))))))))))))))))))))))))))))))))))))))","v":false}]
["project 114",null,null,null,null,null,null,{"$f":"IF($G118=\"33,001 +\",\"Class_8\",IF($G118=\"26,001-33,000\",\"Class_7\",IF($G118=\"19,501-26,000\",\"Class_6\",\"\")))","v":""},null,null,null,null,null,null,{"$f":"IF(H118=\"Class_6\",IF(T118=\"No\",MIN(IF((J118*K118)<10000,0,J118*K118),IF((J118*N118)<10000,0,J118*N118)),IF(MIN(Y118*Z118,Y118*N118)+MIN(J118*K118,J118*N118)>9999,MIN(J118*K118,J118*N118),0)),IF(T118=\"No\",MIN(IF((J118*K118)<20000,0,J118*K118),IF((J118*N118)<20000,0,J118*N118)),IF(MIN(Y118*Z118,Y118*N118)+MIN(J118*K118,J118*N118)>19999,MIN(J118*K118,J118*N118),0)))","v":0},null,null,"","No","No",null,null,null,{"$f":"IF($W118=\"33,001 +\",\"Class_8\",IF($W118=\"26,001-33,000\",\"Class_7\",IF($W118=\"19,501-26,000\",\"Class_6\",IF($W118=\"\",\"\"))))","v":""},null,null,0,{"$f":"IF($T118=\"Yes\",IF(COUNTA($U118:$AA118)=7,\"Complete\",\"Incomplete\"),\"N/A\")","v":"N/A"},{"$f":"IF($D118=\"2-for-1 Replace\",IF(OR(COUNTA(A118:AA118)=27,COUNTA(A118:AA118)=29),\"Complete\",\"Incomplete\"),IF(OR($D118=\"Replacement\",$D118=\"Repower\"),IF(COUNTA(A118:Q118)=17,\"Complete\",\"Incomplete\"),\"Incomplete\"))","v":"Incomplete"},null,{"$f":"IF(OR($H118=\"Class_8\",$X118=\"Class_8\"),\"Class_8\",IF(OR($H118=\"Class_7\",$X118=\"Class_7\"),\"Class_7\",IF(OR($H118=\"Class_6\",$X118=\"Class_6\"),\"Class_6\")))","v":false},false,{"$f":"IF($D118=\"Repower\",IF($H118=\"Class_7\",IF($M118=\"New: 2013+ HHD\",\"CL7HHD\",\"gas\")))","v":false},false,null,{"$f":"IF($D118=\"2-for-1 Replace\",\"Norestr\",IF($AK118=\"Repower_8\",\"Repo8\",IF($AK118=\"Repower_7\",\"Repo7\",IF($AK118=\"Repower_6\",\"Repo6\",IF(OR($H118=\"Class_8\",$L118=\"Class_8\"),\"Replacement8HHD\",IF($D118=\"Replacement\",IF($H118=\"Class_6\",\"Replacement6\",IF($H118=\"Class_7\",IF($I118=\"MHD\",\"Replacement7MHD\",\"Replacement7HHD\"),IF($H118=\"Class_8\",IF($I118=\"HHD\",\"Replacement8HHD\",\"Replacement8MHD\")))),))))))","v":0},{"$f":"IF($D118=\"Replacement\",IF($H118=\"Class_6\",\"Replacement_6\",IF($H118=\"Class_7\",\"Replacement_7\",IF($H118=\"Class_8\",\"Replacement_8\",null))),IF($D118=\"Repower\",IF($H118=\"Class_6\",\"Repower_6\",IF($H118=\"Class_7\",\"Repower_7\",IF($H118=\"Class_8\",\"Repower_8\",null))),IF($D118=\"2-for-1 Replace\",IF($L118=\"Class_6\",\"Replacement_6\",IF($L118=\"Class_7\",\"Replacement_7\",IF($L118=\"Class_8\",\"Replacement_8\",null))))))","v":false},{"$f":"IF($D118=\"Replacement\",IF(AND($H118=\"Class_6\",$B118 <> \"4+ Trucks\"),\"Small_Fleet_Replacement_6\",IF(AND($H118=\"Class_7\",$B118 <> \"4+ Trucks\"),\"Small_Fleet_Replacement_7\",IF(AND($H118=\"Class_8\",$B118 <> \"4+ Trucks\"),\"Small_Fleet_Replacement_8\",null))),IF($D118=\"Repower\",IF($H118=\"Class_6\",\"Repower_6\",IF($H118=\"Class_7\",\"Repower_7\",IF($H118=\"Class_8\",\"Repower_8\",null))),IF($D118=\"2-for-1 Replace\",IF($L118=\"Class_6\",\"Replacement_6\",IF($L118=\"Class_7\",\"Small_Fleet_Replacement_7\",IF($L118=\"Class_8\",\"Small_Fleet_Replacement_8\",null))))))","v":false},null,null,null,null,{"$f":"IF(AND($B118<>\"4+ Trucks\",$D118=\"Replacement\",$P118=\"Diesel\",OR($L118=\"Class_7\",$H118=\"CLass_7\"),$M118=\"New: 2015+\"),\"small fleet new class 7 diesel\",IF(AND($B118<>\"4+ Trucks\",$D118=\"Replacement\",OR($P118=\"Diesel\",$P118=\"LNG/CNG\",$P118=\"Hybrid\"),OR($H118=\"Class_7\",$L118=\"Class_7\"),$M118=\"Used: 2011+\"),\"small fleet used class 7 diesel\",IF(AND($B118<>\"4+ Trucks\",$D118=\"Replacement\",$P118=\"Diesel\",$L118=\"Class_8\",$M118=\"New: 2015+\"),\"small fleet new class 8 diesel\",IF(AND($B118<>\"4+ Trucks\",$D118=\"Replacement\",$P118=\"Diesel\",$L118=\"Class_6\"),\"small fleet class 6 diesel\",IF(AND($B118<>\"4+ Trucks\",$D118=\"Replacement\",OR($P118=\"Diesel\",$P118=\"LNG/CNG\",$P118=\"Hybrid\"),$L118=\"Class_8\",$M118=\"Used: 2011+\"),\"small fleet used class 8 diesel\",IF(AND($B118<>\"4+ Trucks\",$D118=\"Repower\",$P118=\"Diesel\",(OR($L118=\"Class_8\",$L118=\"Class_7\"))),\"small fleet repower class 7/8\",IF(AND($B118<>\"4+ Trucks\",$D118=\"Repower\",$P118=\"Diesel\",$L118=\"Class_6\"),\"small fleet repower class 6\",IF(AND($D118=\"Replacement\",$P118=\"Zero Emission\",(OR($L118=\"Class_8\",$L118=\"Class_7\"))),\"zero emission class 7/8\",IF(AND($D118=\"Replacement\",$P118=\"Hybrid Zero-Mile\",(OR($L118=\"Class_8\",$L118=\"Class_7\"))),\"hybrid zero mile class 7/8\",IF(AND($D118=\"Replacement\",$P118=\"Low NOx\",(OR($L118=\"Class_8\",$L118=\"Class_7\"))),\"low nox class 7/8\",IF(AND($D118=\"Replacement\",$P118=\"Hybrid\",(OR($L118=\"Class_8\",$L118=\"Class_7\"))),\"hybrid class 7/8\",IF(AND($D118=\"Replacement\",$P118=\"LNG/CNG\",(OR($L118=\"Class_8\",$L118=\"Class_7\"))),\"lng/cng class 7/8\",IF(AND($D118=\"Replacement\",$P118=\"Zero Emission\",$L118=\"Class_6\"),\"zero emission class 6\",IF(AND($D118=\"Replacement\",$P118=\"Hybrid Zero-Mile\",$L118=\"Class_6\"),\"hybrid zero mile class 6\",IF(AND($D118=\"Replacement\",$P118=\"Low NOx\",$L118=\"Class_6\"),\"low nox class 6\",IF(AND($D118=\"Replacement\",$P118=\"Hybrid\",$L118=\"Class_6\"),\"hybrid class 6\",IF(AND($D118=\"Replacement\",$P118=\"LNG/CNG\",$L118=\"Class_6\"),\"lng/cng class 6\",(IF(AND($P118=\"Diesel\", OR($L118=\"Class_6\", $AE118=\"Class_6\")),\"small fleet class 6 diesel\",IF(AND($P118=\"Diesel\",$M118=\"New: 2015+\", OR($L118=\"Class_7\", $AE118=\"Class_7\")),\"small fleet new class 7 diesel\",IF(AND($P118=\"Diesel\",$M118=\"Used: 2011+\", OR($L118=\"Class_7\", $AE118=\"Class_7\")),\"small fleet used class 7 diesel\",IF(AND($P118=\"Diesel\",$M118=\"New: 2015+\", OR($L118=\"Class_8\", $AE118=\"Class_8\")),\"small fleet new class 8 diesel\",IF(AND($P118=\"Diesel\",$M118=\"Used: 2011+\", OR($L118=\"Class_8\", $AE118=\"Class_8\")),\"small fleet used class 8 diesel\",(IF(AND($P118=\"LNG/CNG\", OR($L118=\"Class_6\", $AE118=\"Class_6\")),\"lng/cng class 6\",(IF(AND($P118=\"Hybrid\", OR($L118=\"Class_6\", $AE118=\"Class_6\")),\"hybrid class 6\",(IF(AND($P118=\"Low NOx\", OR($L118=\"Class_6\", $AE118=\"Class_6\")),\"low nox class 6\",(IF(AND($P118=\"Hybrid Zero-Mile\", OR($L118=\"Class_6\", $AE118=\"Class_6\")),\"hybrid zero mile class 6\",(IF(AND($P118=\"Zero Emission\", OR($L118=\"Class_6\", $AE118=\"Class_6\")),\"zero emission class 6\",(IF(AND($P118=\"LNG/CNG\", OR($L118=\"Class_7\", $AE118=\"Class_7\")),\"lng/cng class 7/8\",(IF(AND($P118=\"Hybrid\", OR($L118=\"Class_7\", $AE118=\"Class_7\")),\"hybrid class 7/8\",(IF(AND($P118=\"Low NOx\", OR($L118=\"Class_7\", $AE118=\"Class_7\")),\"low nox class 7/8\",(IF(AND($P118=\"Hybrid Zero-Mile\", OR($L118=\"Class_7\", $AE118=\"Class_7\")),\"hybrid zero mile class 7/8\",(IF(AND($P118=\"Zero Emission\", OR($L118=\"Class_7\", $AE118=\"Class_7\")),\"zero emission class 7/8\",(IF(AND($P118=\"LNG/CNG\", OR($L118=\"Class_8\", $AE118=\"Class_8\")),\"lng/cng class 7/8\",(IF(AND($P118=\"Hybrid\", OR($L118=\"Class_8\", $AE118=\"Class_8\")),\"hybrid class 7/8\",(IF(AND($P118=\"Low NOx\", OR($L118=\"Class_8\", $AE118=\"Class_8\")),\"low nox class 7/8\",(IF(AND($P118=\"Hybrid Zero-Mile\", OR($L118=\"Class_8\", $AE118=\"Class_8\")),\"hybrid zero mile class 7/8\",(IF(AND($P118=\"Zero Emission\", OR($L118=\"Class_8\", $AE118=\"Class_8\")),\"zero emission class 7/8\")))))))))))))))))))))))))))))))))))))))))))))))))))))","v":false}]
["project 117",null,null,null,null,null,null,{"$f":"IF($G121=\"33,001 +\",\"Class_8\",IF($G121=\"26,001-33,000\",\"Class_7\",IF($G121=\"19,501-26,000\",\"Class_6\",\"\")))","v":""},null,null,null,null,null,null,{"$f":"IF(H121=\"Class_6\",IF(T121=\"No\",MIN(IF((J121*K121)<10000,0,J121*K121),IF((J121*N121)<10000,0,J121*N121)),IF(MIN(Y121*Z121,Y121*N121)+MIN(J121*K121,J121*N121)>9999,MIN(J121*K121,J121*N121),0)),IF(T121=\"No\",MIN(IF((J121*K121)<20000,0,J121*K121),IF((J121*N121)<20000,0,J121*N121)),IF(MIN(Y121*Z121,Y121*N121)+MIN(J121*K121,J121*N121)>19999,MIN(J121*K121,J121*N121),0)))","v":0},null,null,"","No","No",null,null,null,{"$f":"IF($W121=\"33,001 +\",\"Class_8\",IF($W121=\"26,001-33,000\",\"Class_7\",IF($W121=\"19,501-26,000\",\"Class_6\",IF($W121=\"\",\"\"))))","v":""},null,null,0,{"$f":"IF($T121=\"Yes\",IF(COUNTA($U121:$AA121)=7,\"Complete\",\"Incomplete\"),\"N/A\")","v":"N/A"},{"$f":"IF($D121=\"2-for-1 Replace\",IF(OR(COUNTA(A121:AA121)=27,COUNTA(A121:AA121)=29),\"Complete\",\"Incomplete\"),IF(OR($D121=\"Replacement\",$D121=\"Repower\"),IF(COUNTA(A121:Q121)=17,\"Complete\",\"Incomplete\"),\"Incomplete\"))","v":"Incomplete"},null,{"$f":"IF(OR($H121=\"Class_8\",$X121=\"Class_8\"),\"Class_8\",IF(OR($H121=\"Class_7\",$X121=\"Class_7\"),\"Class_7\",IF(OR($H121=\"Class_6\",$X121=\"Class_6\"),\"Class_6\")))","v":false},false,{"$f":"IF($D121=\"Repower\",IF($H121=\"Class_7\",IF($M121=\"New: 2013+ HHD\",\"CL7HHD\",\"gas\")))","v":false},false,null,{"$f":"IF($D121=\"2-for-1 Replace\",\"Norestr\",IF($AK121=\"Repower_8\",\"Repo8\",IF($AK121=\"Repower_7\",\"Repo7\",IF($AK121=\"Repower_6\",\"Repo6\",IF(OR($H121=\"Class_8\",$L121=\"Class_8\"),\"Replacement8HHD\",IF($D121=\"Replacement\",IF($H121=\"Class_6\",\"Replacement6\",IF($H121=\"Class_7\",IF($I121=\"MHD\",\"Replacement7MHD\",\"Replacement7HHD\"),IF($H121=\"Class_8\",IF($I121=\"HHD\",\"Replacement8HHD\",\"Replacement8MHD\")))),))))))","v":0},{"$f":"IF($D121=\"Replacement\",IF($H121=\"Class_6\",\"Replacement_6\",IF($H121=\"Class_7\",\"Replacement_7\",IF($H121=\"Class_8\",\"Replacement_8\",null))),IF($D121=\"Repower\",IF($H121=\"Class_6\",\"Repower_6\",IF($H121=\"Class_7\",\"Repower_7\",IF($H121=\"Class_8\",\"Repower_8\",null))),IF($D121=\"2-for-1 Replace\",IF($L121=\"Class_6\",\"Replacement_6\",IF($L121=\"Class_7\",\"Replacement_7\",IF($L121=\"Class_8\",\"Replacement_8\",null))))))","v":false},{"$f":"IF($D121=\"Replacement\",IF(AND($H121=\"Class_6\",$B121 <> \"4+ Trucks\"),\"Small_Fleet_Replacement_6\",IF(AND($H121=\"Class_7\",$B121 <> \"4+ Trucks\"),\"Small_Fleet_Replacement_7\",IF(AND($H121=\"Class_8\",$B121 <> \"4+ Trucks\"),\"Small_Fleet_Replacement_8\",null))),IF($D121=\"Repower\",IF($H121=\"Class_6\",\"Repower_6\",IF($H121=\"Class_7\",\"Repower_7\",IF($H121=\"Class_8\",\"Repower_8\",null))),IF($D121=\"2-for-1 Replace\",IF($L121=\"Class_6\",\"Replacement_6\",IF($L121=\"Class_7\",\"Small_Fleet_Replacement_7\",IF($L121=\"Class_8\",\"Small_Fleet_Replacement_8\",null))))))","v":false},null,null,null,null,{"$f":"IF(AND($B121<>\"4+ Trucks\",$D121=\"Replacement\",$P121=\"Diesel\",OR($L121=\"Class_7\",$H121=\"CLass_7\"),$M121=\"New: 2015+\"),\"small fleet new class 7 diesel\",IF(AND($B121<>\"4+ Trucks\",$D121=\"Replacement\",OR($P121=\"Diesel\",$P121=\"LNG/CNG\",$P121=\"Hybrid\"),OR($H121=\"Class_7\",$L121=\"Class_7\"),$M121=\"Used: 2011+\"),\"small fleet used class 7 diesel\",IF(AND($B121<>\"4+ Trucks\",$D121=\"Replacement\",$P121=\"Diesel\",$L121=\"Class_8\",$M121=\"New: 2015+\"),\"small fleet new class 8 diesel\",IF(AND($B121<>\"4+ Trucks\",$D121=\"Replacement\",$P121=\"Diesel\",$L121=\"Class_6\"),\"small fleet class 6 diesel\",IF(AND($B121<>\"4+ Trucks\",$D121=\"Replacement\",OR($P121=\"Diesel\",$P121=\"LNG/CNG\",$P121=\"Hybrid\"),$L121=\"Class_8\",$M121=\"Used: 2011+\"),\"small fleet used class 8 diesel\",IF(AND($B121<>\"4+ Trucks\",$D121=\"Repower\",$P121=\"Diesel\",(OR($L121=\"Class_8\",$L121=\"Class_7\"))),\"small fleet repower class 7/8\",IF(AND($B121<>\"4+ Trucks\",$D121=\"Repower\",$P121=\"Diesel\",$L121=\"Class_6\"),\"small fleet repower class 6\",IF(AND($D121=\"Replacement\",$P121=\"Zero Emission\",(OR($L121=\"Class_8\",$L121=\"Class_7\"))),\"zero emission class 7/8\",IF(AND($D121=\"Replacement\",$P121=\"Hybrid Zero-Mile\",(OR($L121=\"Class_8\",$L121=\"Class_7\"))),\"hybrid zero mile class 7/8\",IF(AND($D121=\"Replacement\",$P121=\"Low NOx\",(OR($L121=\"Class_8\",$L121=\"Class_7\"))),\"low nox class 7/8\",IF(AND($D121=\"Replacement\",$P121=\"Hybrid\",(OR($L121=\"Class_8\",$L121=\"Class_7\"))),\"hybrid class 7/8\",IF(AND($D121=\"Replacement\",$P121=\"LNG/CNG\",(OR($L121=\"Class_8\",$L121=\"Class_7\"))),\"lng/cng class 7/8\",IF(AND($D121=\"Replacement\",$P121=\"Zero Emission\",$L121=\"Class_6\"),\"zero emission class 6\",IF(AND($D121=\"Replacement\",$P121=\"Hybrid Zero-Mile\",$L121=\"Class_6\"),\"hybrid zero mile class 6\",IF(AND($D121=\"Replacement\",$P121=\"Low NOx\",$L121=\"Class_6\"),\"low nox class 6\",IF(AND($D121=\"Replacement\",$P121=\"Hybrid\",$L121=\"Class_6\"),\"hybrid class 6\",IF(AND($D121=\"Replacement\",$P121=\"LNG/CNG\",$L121=\"Class_6\"),\"lng/cng class 6\",(IF(AND($P121=\"Diesel\", OR($L121=\"Class_6\", $AE121=\"Class_6\")),\"small fleet class 6 diesel\",IF(AND($P121=\"Diesel\",$M121=\"New: 2015+\", OR($L121=\"Class_7\", $AE121=\"Class_7\")),\"small fleet new class 7 diesel\",IF(AND($P121=\"Diesel\",$M121=\"Used: 2011+\", OR($L121=\"Class_7\", $AE121=\"Class_7\")),\"small fleet used class 7 diesel\",IF(AND($P121=\"Diesel\",$M121=\"New: 2015+\", OR($L121=\"Class_8\", $AE121=\"Class_8\")),\"small fleet new class 8 diesel\",IF(AND($P121=\"Diesel\",$M121=\"Used: 2011+\", OR($L121=\"Class_8\", $AE121=\"Class_8\")),\"small fleet used class 8 diesel\",(IF(AND($P121=\"LNG/CNG\", OR($L121=\"Class_6\", $AE121=\"Class_6\")),\"lng/cng class 6\",(IF(AND($P121=\"Hybrid\", OR($L121=\"Class_6\", $AE121=\"Class_6\")),\"hybrid class 6\",(IF(AND($P121=\"Low NOx\", OR($L121=\"Class_6\", $AE121=\"Class_6\")),\"low nox class 6\",(IF(AND($P121=\"Hybrid Zero-Mile\", OR($L121=\"Class_6\", $AE121=\"Class_6\")),\"hybrid zero mile class 6\",(IF(AND($P121=\"Zero Emission\", OR($L121=\"Class_6\", $AE121=\"Class_6\")),\"zero emission class 6\",(IF(AND($P121=\"LNG/CNG\", OR($L121=\"Class_7\", $AE121=\"Class_7\")),\"lng/cng class 7/8\",(IF(AND($P121=\"Hybrid\", OR($L121=\"Class_7\", $AE121=\"Class_7\")),\"hybrid class 7/8\",(IF(AND($P121=\"Low NOx\", OR($L121=\"Class_7\", $AE121=\"Class_7\")),\"low nox class 7/8\",(IF(AND($P121=\"Hybrid Zero-Mile\", OR($L121=\"Class_7\", $AE121=\"Class_7\")),\"hybrid zero mile class 7/8\",(IF(AND($P121=\"Zero Emission\", OR($L121=\"Class_7\", $AE121=\"Class_7\")),\"zero emission class 7/8\",(IF(AND($P121=\"LNG/CNG\", OR($L121=\"Class_8\", $AE121=\"Class_8\")),\"lng/cng class 7/8\",(IF(AND($P121=\"Hybrid\", OR($L121=\"Class_8\", $AE121=\"Class_8\")),\"hybrid class 7/8\",(IF(AND($P121=\"Low NOx\", OR($L121=\"Class_8\", $AE121=\"Class_8\")),\"low nox class 7/8\",(IF(AND($P121=\"Hybrid Zero-Mile\", OR($L121=\"Class_8\", $AE121=\"Class_8\")),\"hybrid zero mile class 7/8\",(IF(AND($P121=\"Zero Emission\", OR($L121=\"Class_8\", $AE121=\"Class_8\")),\"zero emission class 7/8\")))))))))))))))))))))))))))))))))))))))))))))))))))))","v":false}]
["project 118",null,null,null,null,null,null,{"$f":"IF($G122=\"33,001 +\",\"Class_8\",IF($G122=\"26,001-33,000\",\"Class_7\",IF($G122=\"19,501-26,000\",\"Class_6\",\"\")))","v":""},null,null,null,null,null,null,{"$f":"IF(H122=\"Class_6\",IF(T122=\"No\",MIN(IF((J122*K122)<10000,0,J122*K122),IF((J122*N122)<10000,0,J122*N122)),IF(MIN(Y122*Z122,Y122*N122)+MIN(J122*K122,J122*N122)>9999,MIN(J122*K122,J122*N122),0)),IF(T122=\"No\",MIN(IF((J122*K122)<20000,0,J122*K122),IF((J122*N122)<20000,0,J122*N122)),IF(MIN(Y122*Z122,Y122*N122)+MIN(J122*K122,J122*N122)>19999,MIN(J122*K122,J122*N122),0)))","v":0},null,null,"","No","No",null,null,null,{"$f":"IF($W122=\"33,001 +\",\"Class_8\",IF($W122=\"26,001-33,000\",\"Class_7\",IF($W122=\"19,501-26,000\",\"Class_6\",IF($W122=\"\",\"\"))))","v":""},null,null,0,{"$f":"IF($T122=\"Yes\",IF(COUNTA($U122:$AA122)=7,\"Complete\",\"Incomplete\"),\"N/A\")","v":"N/A"},{"$f":"IF($D122=\"2-for-1 Replace\",IF(OR(COUNTA(A122:AA122)=27,COUNTA(A122:AA122)=29),\"Complete\",\"Incomplete\"),IF(OR($D122=\"Replacement\",$D122=\"Repower\"),IF(COUNTA(A122:Q122)=17,\"Complete\",\"Incomplete\"),\"Incomplete\"))","v":"Incomplete"},null,{"$f":"IF(OR($H122=\"Class_8\",$X122=\"Class_8\"),\"Class_8\",IF(OR($H122=\"Class_7\",$X122=\"Class_7\"),\"Class_7\",IF(OR($H122=\"Class_6\",$X122=\"Class_6\"),\"Class_6\")))","v":false},false,{"$f":"IF($D122=\"Repower\",IF($H122=\"Class_7\",IF($M122=\"New: 2013+ HHD\",\"CL7HHD\",\"gas\")))","v":false},false,null,{"$f":"IF($D122=\"2-for-1 Replace\",\"Norestr\",IF($AK122=\"Repower_8\",\"Repo8\",IF($AK122=\"Repower_7\",\"Repo7\",IF($AK122=\"Repower_6\",\"Repo6\",IF(OR($H122=\"Class_8\",$L122=\"Class_8\"),\"Replacement8HHD\",IF($D122=\"Replacement\",IF($H122=\"Class_6\",\"Replacement6\",IF($H122=\"Class_7\",IF($I122=\"MHD\",\"Replacement7MHD\",\"Replacement7HHD\"),IF($H122=\"Class_8\",IF($I122=\"HHD\",\"Replacement8HHD\",\"Replacement8MHD\")))),))))))","v":0},{"$f":"IF($D122=\"Replacement\",IF($H122=\"Class_6\",\"Replacement_6\",IF($H122=\"Class_7\",\"Replacement_7\",IF($H122=\"Class_8\",\"Replacement_8\",null))),IF($D122=\"Repower\",IF($H122=\"Class_6\",\"Repower_6\",IF($H122=\"Class_7\",\"Repower_7\",IF($H122=\"Class_8\",\"Repower_8\",null))),IF($D122=\"2-for-1 Replace\",IF($L122=\"Class_6\",\"Replacement_6\",IF($L122=\"Class_7\",\"Replacement_7\",IF($L122=\"Class_8\",\"Replacement_8\",null))))))","v":false},{"$f":"IF($D122=\"Replacement\",IF(AND($H122=\"Class_6\",$B122 <> \"4+ Trucks\"),\"Small_Fleet_Replacement_6\",IF(AND($H122=\"Class_7\",$B122 <> \"4+ Trucks\"),\"Small_Fleet_Replacement_7\",IF(AND($H122=\"Class_8\",$B122 <> \"4+ Trucks\"),\"Small_Fleet_Replacement_8\",null))),IF($D122=\"Repower\",IF($H122=\"Class_6\",\"Repower_6\",IF($H122=\"Class_7\",\"Repower_7\",IF($H122=\"Class_8\",\"Repower_8\",null))),IF($D122=\"2-for-1 Replace\",IF($L122=\"Class_6\",\"Replacement_6\",IF($L122=\"Class_7\",\"Small_Fleet_Replacement_7\",IF($L122=\"Class_8\",\"Small_Fleet_Replacement_8\",null))))))","v":false},null,null,null,null,{"$f":"IF(AND($B122<>\"4+ Trucks\",$D122=\"Replacement\",$P122=\"Diesel\",OR($L122=\"Class_7\",$H122=\"CLass_7\"),$M122=\"New: 2015+\"),\"small fleet new class 7 diesel\",IF(AND($B122<>\"4+ Trucks\",$D122=\"Replacement\",OR($P122=\"Diesel\",$P122=\"LNG/CNG\",$P122=\"Hybrid\"),OR($H122=\"Class_7\",$L122=\"Class_7\"),$M122=\"Used: 2011+\"),\"small fleet used class 7 diesel\",IF(AND($B122<>\"4+ Trucks\",$D122=\"Replacement\",$P122=\"Diesel\",$L122=\"Class_8\",$M122=\"New: 2015+\"),\"small fleet new class 8 diesel\",IF(AND($B122<>\"4+ Trucks\",$D122=\"Replacement\",$P122=\"Diesel\",$L122=\"Class_6\"),\"small fleet class 6 diesel\",IF(AND($B122<>\"4+ Trucks\",$D122=\"Replacement\",OR($P122=\"Diesel\",$P122=\"LNG/CNG\",$P122=\"Hybrid\"),$L122=\"Class_8\",$M122=\"Used: 2011+\"),\"small fleet used class 8 diesel\",IF(AND($B122<>\"4+ Trucks\",$D122=\"Repower\",$P122=\"Diesel\",(OR($L122=\"Class_8\",$L122=\"Class_7\"))),\"small fleet repower class 7/8\",IF(AND($B122<>\"4+ Trucks\",$D122=\"Repower\",$P122=\"Diesel\",$L122=\"Class_6\"),\"small fleet repower class 6\",IF(AND($D122=\"Replacement\",$P122=\"Zero Emission\",(OR($L122=\"Class_8\",$L122=\"Class_7\"))),\"zero emission class 7/8\",IF(AND($D122=\"Replacement\",$P122=\"Hybrid Zero-Mile\",(OR($L122=\"Class_8\",$L122=\"Class_7\"))),\"hybrid zero mile class 7/8\",IF(AND($D122=\"Replacement\",$P122=\"Low NOx\",(OR($L122=\"Class_8\",$L122=\"Class_7\"))),\"low nox class 7/8\",IF(AND($D122=\"Replacement\",$P122=\"Hybrid\",(OR($L122=\"Class_8\",$L122=\"Class_7\"))),\"hybrid class 7/8\",IF(AND($D122=\"Replacement\",$P122=\"LNG/CNG\",(OR($L122=\"Class_8\",$L122=\"Class_7\"))),\"lng/cng class 7/8\",IF(AND($D122=\"Replacement\",$P122=\"Zero Emission\",$L122=\"Class_6\"),\"zero emission class 6\",IF(AND($D122=\"Replacement\",$P122=\"Hybrid Zero-Mile\",$L122=\"Class_6\"),\"hybrid zero mile class 6\",IF(AND($D122=\"Replacement\",$P122=\"Low NOx\",$L122=\"Class_6\"),\"low nox class 6\",IF(AND($D122=\"Replacement\",$P122=\"Hybrid\",$L122=\"Class_6\"),\"hybrid class 6\",IF(AND($D122=\"Replacement\",$P122=\"LNG/CNG\",$L122=\"Class_6\"),\"lng/cng class 6\",(IF(AND($P122=\"Diesel\", OR($L122=\"Class_6\", $AE122=\"Class_6\")),\"small fleet class 6 diesel\",IF(AND($P122=\"Diesel\",$M122=\"New: 2015+\", OR($L122=\"Class_7\", $AE122=\"Class_7\")),\"small fleet new class 7 diesel\",IF(AND($P122=\"Diesel\",$M122=\"Used: 2011+\", OR($L122=\"Class_7\", $AE122=\"Class_7\")),\"small fleet used class 7 diesel\",IF(AND($P122=\"Diesel\",$M122=\"New: 2015+\", OR($L122=\"Class_8\", $AE122=\"Class_8\")),\"small fleet new class 8 diesel\",IF(AND($P122=\"Diesel\",$M122=\"Used: 2011+\", OR($L122=\"Class_8\", $AE122=\"Class_8\")),\"small fleet used class 8 diesel\",(IF(AND($P122=\"LNG/CNG\", OR($L122=\"Class_6\", $AE122=\"Class_6\")),\"lng/cng class 6\",(IF(AND($P122=\"Hybrid\", OR($L122=\"Class_6\", $AE122=\"Class_6\")),\"hybrid class 6\",(IF(AND($P122=\"Low NOx\", OR($L122=\"Class_6\", $AE122=\"Class_6\")),\"low nox class 6\",(IF(AND($P122=\"Hybrid Zero-Mile\", OR($L122=\"Class_6\", $AE122=\"Class_6\")),\"hybrid zero mile class 6\",(IF(AND($P122=\"Zero Emission\", OR($L122=\"Class_6\", $AE122=\"Class_6\")),\"zero emission class 6\",(IF(AND($P122=\"LNG/CNG\", OR($L122=\"Class_7\", $AE122=\"Class_7\")),\"lng/cng class 7/8\",(IF(AND($P122=\"Hybrid\", OR($L122=\"Class_7\", $AE122=\"Class_7\")),\"hybrid class 7/8\",(IF(AND($P122=\"Low NOx\", OR($L122=\"Class_7\", $AE122=\"Class_7\")),\"low nox class 7/8\",(IF(AND($P122=\"Hybrid Zero-Mile\", OR($L122=\"Class_7\", $AE122=\"Class_7\")),\"hybrid zero mile class 7/8\",(IF(AND($P122=\"Zero Emission\", OR($L122=\"Class_7\", $AE122=\"Class_7\")),\"zero emission class 7/8\",(IF(AND($P122=\"LNG/CNG\", OR($L122=\"Class_8\", $AE122=\"Class_8\")),\"lng/cng class 7/8\",(IF(AND($P122=\"Hybrid\", OR($L122=\"Class_8\", $AE122=\"Class_8\")),\"hybrid class 7/8\",(IF(AND($P122=\"Low NOx\", OR($L122=\"Class_8\", $AE122=\"Class_8\")),\"low nox class 7/8\",(IF(AND($P122=\"Hybrid Zero-Mile\", OR($L122=\"Class_8\", $AE122=\"Class_8\")),\"hybrid zero mile class 7/8\",(IF(AND($P122=\"Zero Emission\", OR($L122=\"Class_8\", $AE122=\"Class_8\")),\"zero emission class 7/8\")))))))))))))))))))))))))))))))))))))))))))))))))))))","v":false}]
["project 121",null,null,null,null,null,null,{"$f":"IF($G125=\"33,001 +\",\"Class_8\",IF($G125=\"26,001-33,000\",\"Class_7\",IF($G125=\"19,501-26,000\",\"Class_6\",\"\")))","v":""},null,null,null,null,null,null,{"$f":"IF(H125=\"Class_6\",IF(T125=\"No\",MIN(IF((J125*K125)<10000,0,J125*K125),IF((J125*N125)<10000,0,J125*N125)),IF(MIN(Y125*Z125,Y125*N125)+MIN(J125*K125,J125*N125)>9999,MIN(J125*K125,J125*N125),0)),IF(T125=\"No\",MIN(IF((J125*K125)<20000,0,J125*K125),IF((J125*N125)<20000,0,J125*N125)),IF(MIN(Y125*Z125,Y125*N125)+MIN(J125*K125,J125*N125)>19999,MIN(J125*K125,J125*N125),0)))","v":0},null,null,"","No","No",null,null,null,{"$f":"IF($W125=\"33,001 +\",\"Class_8\",IF($W125=\"26,001-33,000\",\"Class_7\",IF($W125=\"19,501-26,000\",\"Class_6\",IF($W125=\"\",\"\"))))","v":""},null,null,0,{"$f":"IF($T125=\"Yes\",IF(COUNTA($U125:$AA125)=7,\"Complete\",\"Incomplete\"),\"N/A\")","v":"N/A"},{"$f":"IF($D125=\"2-for-1 Replace\",IF(OR(COUNTA(A125:AA125)=27,COUNTA(A125:AA125)=29),\"Complete\",\"Incomplete\"),IF(OR($D125=\"Replacement\",$D125=\"Repower\"),IF(COUNTA(A125:Q125)=17,\"Complete\",\"Incomplete\"),\"Incomplete\"))","v":"Incomplete"},null,{"$f":"IF(OR($H125=\"Class_8\",$X125=\"Class_8\"),\"Class_8\",IF(OR($H125=\"Class_7\",$X125=\"Class_7\"),\"Class_7\",IF(OR($H125=\"Class_6\",$X125=\"Class_6\"),\"Class_6\")))","v":false},false,{"$f":"IF($D125=\"Repower\",IF($H125=\"Class_7\",IF($M125=\"New: 2013+ HHD\",\"CL7HHD\",\"gas\")))","v":false},false,null,{"$f":"IF($D125=\"2-for-1 Replace\",\"Norestr\",IF($AK125=\"Repower_8\",\"Repo8\",IF($AK125=\"Repower_7\",\"Repo7\",IF($AK125=\"Repower_6\",\"Repo6\",IF(OR($H125=\"Class_8\",$L125=\"Class_8\"),\"Replacement8HHD\",IF($D125=\"Replacement\",IF($H125=\"Class_6\",\"Replacement6\",IF($H125=\"Class_7\",IF($I125=\"MHD\",\"Replacement7MHD\",\"Replacement7HHD\"),IF($H125=\"Class_8\",IF($I125=\"HHD\",\"Replacement8HHD\",\"Replacement8MHD\")))),))))))","v":0},{"$f":"IF($D125=\"Replacement\",IF($H125=\"Class_6\",\"Replacement_6\",IF($H125=\"Class_7\",\"Replacement_7\",IF($H125=\"Class_8\",\"Replacement_8\",null))),IF($D125=\"Repower\",IF($H125=\"Class_6\",\"Repower_6\",IF($H125=\"Class_7\",\"Repower_7\",IF($H125=\"Class_8\",\"Repower_8\",null))),IF($D125=\"2-for-1 Replace\",IF($L125=\"Class_6\",\"Replacement_6\",IF($L125=\"Class_7\",\"Replacement_7\",IF($L125=\"Class_8\",\"Replacement_8\",null))))))","v":false},{"$f":"IF($D125=\"Replacement\",IF(AND($H125=\"Class_6\",$B125 <> \"4+ Trucks\"),\"Small_Fleet_Replacement_6\",IF(AND($H125=\"Class_7\",$B125 <> \"4+ Trucks\"),\"Small_Fleet_Replacement_7\",IF(AND($H125=\"Class_8\",$B125 <> \"4+ Trucks\"),\"Small_Fleet_Replacement_8\",null))),IF($D125=\"Repower\",IF($H125=\"Class_6\",\"Repower_6\",IF($H125=\"Class_7\",\"Repower_7\",IF($H125=\"Class_8\",\"Repower_8\",null))),IF($D125=\"2-for-1 Replace\",IF($L125=\"Class_6\",\"Replacement_6\",IF($L125=\"Class_7\",\"Small_Fleet_Replacement_7\",IF($L125=\"Class_8\",\"Small_Fleet_Replacement_8\",null))))))","v":false},null,null,null,null,{"$f":"IF(AND($B125<>\"4+ Trucks\",$D125=\"Replacement\",$P125=\"Diesel\",OR($L125=\"Class_7\",$H125=\"CLass_7\"),$M125=\"New: 2015+\"),\"small fleet new class 7 diesel\",IF(AND($B125<>\"4+ Trucks\",$D125=\"Replacement\",OR($P125=\"Diesel\",$P125=\"LNG/CNG\",$P125=\"Hybrid\"),OR($H125=\"Class_7\",$L125=\"Class_7\"),$M125=\"Used: 2011+\"),\"small fleet used class 7 diesel\",IF(AND($B125<>\"4+ Trucks\",$D125=\"Replacement\",$P125=\"Diesel\",$L125=\"Class_8\",$M125=\"New: 2015+\"),\"small fleet new class 8 diesel\",IF(AND($B125<>\"4+ Trucks\",$D125=\"Replacement\",$P125=\"Diesel\",$L125=\"Class_6\"),\"small fleet class 6 diesel\",IF(AND($B125<>\"4+ Trucks\",$D125=\"Replacement\",OR($P125=\"Diesel\",$P125=\"LNG/CNG\",$P125=\"Hybrid\"),$L125=\"Class_8\",$M125=\"Used: 2011+\"),\"small fleet used class 8 diesel\",IF(AND($B125<>\"4+ Trucks\",$D125=\"Repower\",$P125=\"Diesel\",(OR($L125=\"Class_8\",$L125=\"Class_7\"))),\"small fleet repower class 7/8\",IF(AND($B125<>\"4+ Trucks\",$D125=\"Repower\",$P125=\"Diesel\",$L125=\"Class_6\"),\"small fleet repower class 6\",IF(AND($D125=\"Replacement\",$P125=\"Zero Emission\",(OR($L125=\"Class_8\",$L125=\"Class_7\"))),\"zero emission class 7/8\",IF(AND($D125=\"Replacement\",$P125=\"Hybrid Zero-Mile\",(OR($L125=\"Class_8\",$L125=\"Class_7\"))),\"hybrid zero mile class 7/8\",IF(AND($D125=\"Replacement\",$P125=\"Low NOx\",(OR($L125=\"Class_8\",$L125=\"Class_7\"))),\"low nox class 7/8\",IF(AND($D125=\"Replacement\",$P125=\"Hybrid\",(OR($L125=\"Class_8\",$L125=\"Class_7\"))),\"hybrid class 7/8\",IF(AND($D125=\"Replacement\",$P125=\"LNG/CNG\",(OR($L125=\"Class_8\",$L125=\"Class_7\"))),\"lng/cng class 7/8\",IF(AND($D125=\"Replacement\",$P125=\"Zero Emission\",$L125=\"Class_6\"),\"zero emission class 6\",IF(AND($D125=\"Replacement\",$P125=\"Hybrid Zero-Mile\",$L125=\"Class_6\"),\"hybrid zero mile class 6\",IF(AND($D125=\"Replacement\",$P125=\"Low NOx\",$L125=\"Class_6\"),\"low nox class 6\",IF(AND($D125=\"Replacement\",$P125=\"Hybrid\",$L125=\"Class_6\"),\"hybrid class 6\",IF(AND($D125=\"Replacement\",$P125=\"LNG/CNG\",$L125=\"Class_6\"),\"lng/cng class 6\",(IF(AND($P125=\"Diesel\", OR($L125=\"Class_6\", $AE125=\"Class_6\")),\"small fleet class 6 diesel\",IF(AND($P125=\"Diesel\",$M125=\"New: 2015+\", OR($L125=\"Class_7\", $AE125=\"Class_7\")),\"small fleet new class 7 diesel\",IF(AND($P125=\"Diesel\",$M125=\"Used: 2011+\", OR($L125=\"Class_7\", $AE125=\"Class_7\")),\"small fleet used class 7 diesel\",IF(AND($P125=\"Diesel\",$M125=\"New: 2015+\", OR($L125=\"Class_8\", $AE125=\"Class_8\")),\"small fleet new class 8 diesel\",IF(AND($P125=\"Diesel\",$M125=\"Used: 2011+\", OR($L125=\"Class_8\", $AE125=\"Class_8\")),\"small fleet used class 8 diesel\",(IF(AND($P125=\"LNG/CNG\", OR($L125=\"Class_6\", $AE125=\"Class_6\")),\"lng/cng class 6\",(IF(AND($P125=\"Hybrid\", OR($L125=\"Class_6\", $AE125=\"Class_6\")),\"hybrid class 6\",(IF(AND($P125=\"Low NOx\", OR($L125=\"Class_6\", $AE125=\"Class_6\")),\"low nox class 6\",(IF(AND($P125=\"Hybrid Zero-Mile\", OR($L125=\"Class_6\", $AE125=\"Class_6\")),\"hybrid zero mile class 6\",(IF(AND($P125=\"Zero Emission\", OR($L125=\"Class_6\", $AE125=\"Class_6\")),\"zero emission class 6\",(IF(AND($P125=\"LNG/CNG\", OR($L125=\"Class_7\", $AE125=\"Class_7\")),\"lng/cng class 7/8\",(IF(AND($P125=\"Hybrid\", OR($L125=\"Class_7\", $AE125=\"Class_7\")),\"hybrid class 7/8\",(IF(AND($P125=\"Low NOx\", OR($L125=\"Class_7\", $AE125=\"Class_7\")),\"low nox class 7/8\",(IF(AND($P125=\"Hybrid Zero-Mile\", OR($L125=\"Class_7\", $AE125=\"Class_7\")),\"hybrid zero mile class 7/8\",(IF(AND($P125=\"Zero Emission\", OR($L125=\"Class_7\", $AE125=\"Class_7\")),\"zero emission class 7/8\",(IF(AND($P125=\"LNG/CNG\", OR($L125=\"Class_8\", $AE125=\"Class_8\")),\"lng/cng class 7/8\",(IF(AND($P125=\"Hybrid\", OR($L125=\"Class_8\", $AE125=\"Class_8\")),\"hybrid class 7/8\",(IF(AND($P125=\"Low NOx\", OR($L125=\"Class_8\", $AE125=\"Class_8\")),\"low nox class 7/8\",(IF(AND($P125=\"Hybrid Zero-Mile\", OR($L125=\"Class_8\", $AE125=\"Class_8\")),\"hybrid zero mile class 7/8\",(IF(AND($P125=\"Zero Emission\", OR($L125=\"Class_8\", $AE125=\"Class_8\")),\"zero emission class 7/8\")))))))))))))))))))))))))))))))))))))))))))))))))))))","v":false}]
["project 122",null,null,null,null,null,null,{"$f":"IF($G126=\"33,001 +\",\"Class_8\",IF($G126=\"26,001-33,000\",\"Class_7\",IF($G126=\"19,501-26,000\",\"Class_6\",\"\")))","v":""},null,null,null,null,null,null,{"$f":"IF(H126=\"Class_6\",IF(T126=\"No\",MIN(IF((J126*K126)<10000,0,J126*K126),IF((J126*N126)<10000,0,J126*N126)),IF(MIN(Y126*Z126,Y126*N126)+MIN(J126*K126,J126*N126)>9999,MIN(J126*K126,J126*N126),0)),IF(T126=\"No\",MIN(IF((J126*K126)<20000,0,J126*K126),IF((J126*N126)<20000,0,J126*N126)),IF(MIN(Y126*Z126,Y126*N126)+MIN(J126*K126,J126*N126)>19999,MIN(J126*K126,J126*N126),0)))","v":0},null,null,"","No","No",null,null,null,{"$f":"IF($W126=\"33,001 +\",\"Class_8\",IF($W126=\"26,001-33,000\",\"Class_7\",IF($W126=\"19,501-26,000\",\"Class_6\",IF($W126=\"\",\"\"))))","v":""},null,null,0,{"$f":"IF($T126=\"Yes\",IF(COUNTA($U126:$AA126)=7,\"Complete\",\"Incomplete\"),\"N/A\")","v":"N/A"},{"$f":"IF($D126=\"2-for-1 Replace\",IF(OR(COUNTA(A126:AA126)=27,COUNTA(A126:AA126)=29),\"Complete\",\"Incomplete\"),IF(OR($D126=\"Replacement\",$D126=\"Repower\"),IF(COUNTA(A126:Q126)=17,\"Complete\",\"Incomplete\"),\"Incomplete\"))","v":"Incomplete"},null,{"$f":"IF(OR($H126=\"Class_8\",$X126=\"Class_8\"),\"Class_8\",IF(OR($H126=\"Class_7\",$X126=\"Class_7\"),\"Class_7\",IF(OR($H126=\"Class_6\",$X126=\"Class_6\"),\"Class_6\")))","v":false},false,{"$f":"IF($D126=\"Repower\",IF($H126=\"Class_7\",IF($M126=\"New: 2013+ HHD\",\"CL7HHD\",\"gas\")))","v":false},false,null,{"$f":"IF($D126=\"2-for-1 Replace\",\"Norestr\",IF($AK126=\"Repower_8\",\"Repo8\",IF($AK126=\"Repower_7\",\"Repo7\",IF($AK126=\"Repower_6\",\"Repo6\",IF(OR($H126=\"Class_8\",$L126=\"Class_8\"),\"Replacement8HHD\",IF($D126=\"Replacement\",IF($H126=\"Class_6\",\"Replacement6\",IF($H126=\"Class_7\",IF($I126=\"MHD\",\"Replacement7MHD\",\"Replacement7HHD\"),IF($H126=\"Class_8\",IF($I126=\"HHD\",\"Replacement8HHD\",\"Replacement8MHD\")))),))))))","v":0},{"$f":"IF($D126=\"Replacement\",IF($H126=\"Class_6\",\"Replacement_6\",IF($H126=\"Class_7\",\"Replacement_7\",IF($H126=\"Class_8\",\"Replacement_8\",null))),IF($D126=\"Repower\",IF($H126=\"Class_6\",\"Repower_6\",IF($H126=\"Class_7\",\"Repower_7\",IF($H126=\"Class_8\",\"Repower_8\",null))),IF($D126=\"2-for-1 Replace\",IF($L126=\"Class_6\",\"Replacement_6\",IF($L126=\"Class_7\",\"Replacement_7\",IF($L126=\"Class_8\",\"Replacement_8\",null))))))","v":false},{"$f":"IF($D126=\"Replacement\",IF(AND($H126=\"Class_6\",$B126 <> \"4+ Trucks\"),\"Small_Fleet_Replacement_6\",IF(AND($H126=\"Class_7\",$B126 <> \"4+ Trucks\"),\"Small_Fleet_Replacement_7\",IF(AND($H126=\"Class_8\",$B126 <> \"4+ Trucks\"),\"Small_Fleet_Replacement_8\",null))),IF($D126=\"Repower\",IF($H126=\"Class_6\",\"Repower_6\",IF($H126=\"Class_7\",\"Repower_7\",IF($H126=\"Class_8\",\"Repower_8\",null))),IF($D126=\"2-for-1 Replace\",IF($L126=\"Class_6\",\"Replacement_6\",IF($L126=\"Class_7\",\"Small_Fleet_Replacement_7\",IF($L126=\"Class_8\",\"Small_Fleet_Replacement_8\",null))))))","v":false},null,null,null,null,{"$f":"IF(AND($B126<>\"4+ Trucks\",$D126=\"Replacement\",$P126=\"Diesel\",OR($L126=\"Class_7\",$H126=\"CLass_7\"),$M126=\"New: 2015+\"),\"small fleet new class 7 diesel\",IF(AND($B126<>\"4+ Trucks\",$D126=\"Replacement\",OR($P126=\"Diesel\",$P126=\"LNG/CNG\",$P126=\"Hybrid\"),OR($H126=\"Class_7\",$L126=\"Class_7\"),$M126=\"Used: 2011+\"),\"small fleet used class 7 diesel\",IF(AND($B126<>\"4+ Trucks\",$D126=\"Replacement\",$P126=\"Diesel\",$L126=\"Class_8\",$M126=\"New: 2015+\"),\"small fleet new class 8 diesel\",IF(AND($B126<>\"4+ Trucks\",$D126=\"Replacement\",$P126=\"Diesel\",$L126=\"Class_6\"),\"small fleet class 6 diesel\",IF(AND($B126<>\"4+ Trucks\",$D126=\"Replacement\",OR($P126=\"Diesel\",$P126=\"LNG/CNG\",$P126=\"Hybrid\"),$L126=\"Class_8\",$M126=\"Used: 2011+\"),\"small fleet used class 8 diesel\",IF(AND($B126<>\"4+ Trucks\",$D126=\"Repower\",$P126=\"Diesel\",(OR($L126=\"Class_8\",$L126=\"Class_7\"))),\"small fleet repower class 7/8\",IF(AND($B126<>\"4+ Trucks\",$D126=\"Repower\",$P126=\"Diesel\",$L126=\"Class_6\"),\"small fleet repower class 6\",IF(AND($D126=\"Replacement\",$P126=\"Zero Emission\",(OR($L126=\"Class_8\",$L126=\"Class_7\"))),\"zero emission class 7/8\",IF(AND($D126=\"Replacement\",$P126=\"Hybrid Zero-Mile\",(OR($L126=\"Class_8\",$L126=\"Class_7\"))),\"hybrid zero mile class 7/8\",IF(AND($D126=\"Replacement\",$P126=\"Low NOx\",(OR($L126=\"Class_8\",$L126=\"Class_7\"))),\"low nox class 7/8\",IF(AND($D126=\"Replacement\",$P126=\"Hybrid\",(OR($L126=\"Class_8\",$L126=\"Class_7\"))),\"hybrid class 7/8\",IF(AND($D126=\"Replacement\",$P126=\"LNG/CNG\",(OR($L126=\"Class_8\",$L126=\"Class_7\"))),\"lng/cng class 7/8\",IF(AND($D126=\"Replacement\",$P126=\"Zero Emission\",$L126=\"Class_6\"),\"zero emission class 6\",IF(AND($D126=\"Replacement\",$P126=\"Hybrid Zero-Mile\",$L126=\"Class_6\"),\"hybrid zero mile class 6\",IF(AND($D126=\"Replacement\",$P126=\"Low NOx\",$L126=\"Class_6\"),\"low nox class 6\",IF(AND($D126=\"Replacement\",$P126=\"Hybrid\",$L126=\"Class_6\"),\"hybrid class 6\",IF(AND($D126=\"Replacement\",$P126=\"LNG/CNG\",$L126=\"Class_6\"),\"lng/cng class 6\",(IF(AND($P126=\"Diesel\", OR($L126=\"Class_6\", $AE126=\"Class_6\")),\"small fleet class 6 diesel\",IF(AND($P126=\"Diesel\",$M126=\"New: 2015+\", OR($L126=\"Class_7\", $AE126=\"Class_7\")),\"small fleet new class 7 diesel\",IF(AND($P126=\"Diesel\",$M126=\"Used: 2011+\", OR($L126=\"Class_7\", $AE126=\"Class_7\")),\"small fleet used class 7 diesel\",IF(AND($P126=\"Diesel\",$M126=\"New: 2015+\", OR($L126=\"Class_8\", $AE126=\"Class_8\")),\"small fleet new class 8 diesel\",IF(AND($P126=\"Diesel\",$M126=\"Used: 2011+\", OR($L126=\"Class_8\", $AE126=\"Class_8\")),\"small fleet used class 8 diesel\",(IF(AND($P126=\"LNG/CNG\", OR($L126=\"Class_6\", $AE126=\"Class_6\")),\"lng/cng class 6\",(IF(AND($P126=\"Hybrid\", OR($L126=\"Class_6\", $AE126=\"Class_6\")),\"hybrid class 6\",(IF(AND($P126=\"Low NOx\", OR($L126=\"Class_6\", $AE126=\"Class_6\")),\"low nox class 6\",(IF(AND($P126=\"Hybrid Zero-Mile\", OR($L126=\"Class_6\", $AE126=\"Class_6\")),\"hybrid zero mile class 6\",(IF(AND($P126=\"Zero Emission\", OR($L126=\"Class_6\", $AE126=\"Class_6\")),\"zero emission class 6\",(IF(AND($P126=\"LNG/CNG\", OR($L126=\"Class_7\", $AE126=\"Class_7\")),\"lng/cng class 7/8\",(IF(AND($P126=\"Hybrid\", OR($L126=\"Class_7\", $AE126=\"Class_7\")),\"hybrid class 7/8\",(IF(AND($P126=\"Low NOx\", OR($L126=\"Class_7\", $AE126=\"Class_7\")),\"low nox class 7/8\",(IF(AND($P126=\"Hybrid Zero-Mile\", OR($L126=\"Class_7\", $AE126=\"Class_7\")),\"hybrid zero mile class 7/8\",(IF(AND($P126=\"Zero Emission\", OR($L126=\"Class_7\", $AE126=\"Class_7\")),\"zero emission class 7/8\",(IF(AND($P126=\"LNG/CNG\", OR($L126=\"Class_8\", $AE126=\"Class_8\")),\"lng/cng class 7/8\",(IF(AND($P126=\"Hybrid\", OR($L126=\"Class_8\", $AE126=\"Class_8\")),\"hybrid class 7/8\",(IF(AND($P126=\"Low NOx\", OR($L126=\"Class_8\", $AE126=\"Class_8\")),\"low nox class 7/8\",(IF(AND($P126=\"Hybrid Zero-Mile\", OR($L126=\"Class_8\", $AE126=\"Class_8\")),\"hybrid zero mile class 7/8\",(IF(AND($P126=\"Zero Emission\", OR($L126=\"Class_8\", $AE126=\"Class_8\")),\"zero emission class 7/8\")))))))))))))))))))))))))))))))))))))))))))))))))))))","v":false}]
["project 125",null,null,null,null,null,null,{"$f":"IF($G129=\"33,001 +\",\"Class_8\",IF($G129=\"26,001-33,000\",\"Class_7\",IF($G129=\"19,501-26,000\",\"Class_6\",\"\")))","v":""},null,null,null,null,null,null,{"$f":"IF(H129=\"Class_6\",IF(T129=\"No\",MIN(IF((J129*K129)<10000,0,J129*K129),IF((J129*N129)<10000,0,J129*N129)),IF(MIN(Y129*Z129,Y129*N129)+MIN(J129*K129,J129*N129)>9999,MIN(J129*K129,J129*N129),0)),IF(T129=\"No\",MIN(IF((J129*K129)<20000,0,J129*K129),IF((J129*N129)<20000,0,J129*N129)),IF(MIN(Y129*Z129,Y129*N129)+MIN(J129*K129,J129*N129)>19999,MIN(J129*K129,J129*N129),0)))","v":0},null,null,"","No","No",null,null,null,{"$f":"IF($W129=\"33,001 +\",\"Class_8\",IF($W129=\"26,001-33,000\",\"Class_7\",IF($W129=\"19,501-26,000\",\"Class_6\",IF($W129=\"\",\"\"))))","v":""},null,null,0,{"$f":"IF($T129=\"Yes\",IF(COUNTA($U129:$AA129)=7,\"Complete\",\"Incomplete\"),\"N/A\")","v":"N/A"},{"$f":"IF($D129=\"2-for-1 Replace\",IF(OR(COUNTA(A129:AA129)=27,COUNTA(A129:AA129)=29),\"Complete\",\"Incomplete\"),IF(OR($D129=\"Replacement\",$D129=\"Repower\"),IF(COUNTA(A129:Q129)=17,\"Complete\",\"Incomplete\"),\"Incomplete\"))","v":"Incomplete"},null,{"$f":"IF(OR($H129=\"Class_8\",$X129=\"Class_8\"),\"Class_8\",IF(OR($H129=\"Class_7\",$X129=\"Class_7\"),\"Class_7\",IF(OR($H129=\"Class_6\",$X129=\"Class_6\"),\"Class_6\")))","v":false},false,{"$f":"IF($D129=\"Repower\",IF($H129=\"Class_7\",IF($M129=\"New: 2013+ HHD\",\"CL7HHD\",\"gas\")))","v":false},false,null,{"$f":"IF($D129=\"2-for-1 Replace\",\"Norestr\",IF($AK129=\"Repower_8\",\"Repo8\",IF($AK129=\"Repower_7\",\"Repo7\",IF($AK129=\"Repower_6\",\"Repo6\",IF(OR($H129=\"Class_8\",$L129=\"Class_8\"),\"Replacement8HHD\",IF($D129=\"Replacement\",IF($H129=\"Class_6\",\"Replacement6\",IF($H129=\"Class_7\",IF($I129=\"MHD\",\"Replacement7MHD\",\"Replacement7HHD\"),IF($H129=\"Class_8\",IF($I129=\"HHD\",\"Replacement8HHD\",\"Replacement8MHD\")))),))))))","v":0},{"$f":"IF($D129=\"Replacement\",IF($H129=\"Class_6\",\"Replacement_6\",IF($H129=\"Class_7\",\"Replacement_7\",IF($H129=\"Class_8\",\"Replacement_8\",null))),IF($D129=\"Repower\",IF($H129=\"Class_6\",\"Repower_6\",IF($H129=\"Class_7\",\"Repower_7\",IF($H129=\"Class_8\",\"Repower_8\",null))),IF($D129=\"2-for-1 Replace\",IF($L129=\"Class_6\",\"Replacement_6\",IF($L129=\"Class_7\",\"Replacement_7\",IF($L129=\"Class_8\",\"Replacement_8\",null))))))","v":false},{"$f":"IF($D129=\"Replacement\",IF(AND($H129=\"Class_6\",$B129 <> \"4+ Trucks\"),\"Small_Fleet_Replacement_6\",IF(AND($H129=\"Class_7\",$B129 <> \"4+ Trucks\"),\"Small_Fleet_Replacement_7\",IF(AND($H129=\"Class_8\",$B129 <> \"4+ Trucks\"),\"Small_Fleet_Replacement_8\",null))),IF($D129=\"Repower\",IF($H129=\"Class_6\",\"Repower_6\",IF($H129=\"Class_7\",\"Repower_7\",IF($H129=\"Class_8\",\"Repower_8\",null))),IF($D129=\"2-for-1 Replace\",IF($L129=\"Class_6\",\"Replacement_6\",IF($L129=\"Class_7\",\"Small_Fleet_Replacement_7\",IF($L129=\"Class_8\",\"Small_Fleet_Replacement_8\",null))))))","v":false},null,null,null,null,{"$f":"IF(AND($B129<>\"4+ Trucks\",$D129=\"Replacement\",$P129=\"Diesel\",OR($L129=\"Class_7\",$H129=\"CLass_7\"),$M129=\"New: 2015+\"),\"small fleet new class 7 diesel\",IF(AND($B129<>\"4+ Trucks\",$D129=\"Replacement\",OR($P129=\"Diesel\",$P129=\"LNG/CNG\",$P129=\"Hybrid\"),OR($H129=\"Class_7\",$L129=\"Class_7\"),$M129=\"Used: 2011+\"),\"small fleet used class 7 diesel\",IF(AND($B129<>\"4+ Trucks\",$D129=\"Replacement\",$P129=\"Diesel\",$L129=\"Class_8\",$M129=\"New: 2015+\"),\"small fleet new class 8 diesel\",IF(AND($B129<>\"4+ Trucks\",$D129=\"Replacement\",$P129=\"Diesel\",$L129=\"Class_6\"),\"small fleet class 6 diesel\",IF(AND($B129<>\"4+ Trucks\",$D129=\"Replacement\",OR($P129=\"Diesel\",$P129=\"LNG/CNG\",$P129=\"Hybrid\"),$L129=\"Class_8\",$M129=\"Used: 2011+\"),\"small fleet used class 8 diesel\",IF(AND($B129<>\"4+ Trucks\",$D129=\"Repower\",$P129=\"Diesel\",(OR($L129=\"Class_8\",$L129=\"Class_7\"))),\"small fleet repower class 7/8\",IF(AND($B129<>\"4+ Trucks\",$D129=\"Repower\",$P129=\"Diesel\",$L129=\"Class_6\"),\"small fleet repower class 6\",IF(AND($D129=\"Replacement\",$P129=\"Zero Emission\",(OR($L129=\"Class_8\",$L129=\"Class_7\"))),\"zero emission class 7/8\",IF(AND($D129=\"Replacement\",$P129=\"Hybrid Zero-Mile\",(OR($L129=\"Class_8\",$L129=\"Class_7\"))),\"hybrid zero mile class 7/8\",IF(AND($D129=\"Replacement\",$P129=\"Low NOx\",(OR($L129=\"Class_8\",$L129=\"Class_7\"))),\"low nox class 7/8\",IF(AND($D129=\"Replacement\",$P129=\"Hybrid\",(OR($L129=\"Class_8\",$L129=\"Class_7\"))),\"hybrid class 7/8\",IF(AND($D129=\"Replacement\",$P129=\"LNG/CNG\",(OR($L129=\"Class_8\",$L129=\"Class_7\"))),\"lng/cng class 7/8\",IF(AND($D129=\"Replacement\",$P129=\"Zero Emission\",$L129=\"Class_6\"),\"zero emission class 6\",IF(AND($D129=\"Replacement\",$P129=\"Hybrid Zero-Mile\",$L129=\"Class_6\"),\"hybrid zero mile class 6\",IF(AND($D129=\"Replacement\",$P129=\"Low NOx\",$L129=\"Class_6\"),\"low nox class 6\",IF(AND($D129=\"Replacement\",$P129=\"Hybrid\",$L129=\"Class_6\"),\"hybrid class 6\",IF(AND($D129=\"Replacement\",$P129=\"LNG/CNG\",$L129=\"Class_6\"),\"lng/cng class 6\",(IF(AND($P129=\"Diesel\", OR($L129=\"Class_6\", $AE129=\"Class_6\")),\"small fleet class 6 diesel\",IF(AND($P129=\"Diesel\",$M129=\"New: 2015+\", OR($L129=\"Class_7\", $AE129=\"Class_7\")),\"small fleet new class 7 diesel\",IF(AND($P129=\"Diesel\",$M129=\"Used: 2011+\", OR($L129=\"Class_7\", $AE129=\"Class_7\")),\"small fleet used class 7 diesel\",IF(AND($P129=\"Diesel\",$M129=\"New: 2015+\", OR($L129=\"Class_8\", $AE129=\"Class_8\")),\"small fleet new class 8 diesel\",IF(AND($P129=\"Diesel\",$M129=\"Used: 2011+\", OR($L129=\"Class_8\", $AE129=\"Class_8\")),\"small fleet used class 8 diesel\",(IF(AND($P129=\"LNG/CNG\", OR($L129=\"Class_6\", $AE129=\"Class_6\")),\"lng/cng class 6\",(IF(AND($P129=\"Hybrid\", OR($L129=\"Class_6\", $AE129=\"Class_6\")),\"hybrid class 6\",(IF(AND($P129=\"Low NOx\", OR($L129=\"Class_6\", $AE129=\"Class_6\")),\"low nox class 6\",(IF(AND($P129=\"Hybrid Zero-Mile\", OR($L129=\"Class_6\", $AE129=\"Class_6\")),\"hybrid zero mile class 6\",(IF(AND($P129=\"Zero Emission\", OR($L129=\"Class_6\", $AE129=\"Class_6\")),\"zero emission class 6\",(IF(AND($P129=\"LNG/CNG\", OR($L129=\"Class_7\", $AE129=\"Class_7\")),\"lng/cng class 7/8\",(IF(AND($P129=\"Hybrid\", OR($L129=\"Class_7\", $AE129=\"Class_7\")),\"hybrid class 7/8\",(IF(AND($P129=\"Low NOx\", OR($L129=\"Class_7\", $AE129=\"Class_7\")),\"low nox class 7/8\",(IF(AND($P129=\"Hybrid Zero-Mile\", OR($L129=\"Class_7\", $AE129=\"Class_7\")),\"hybrid zero mile class 7/8\",(IF(AND($P129=\"Zero Emission\", OR($L129=\"Class_7\", $AE129=\"Class_7\")),\"zero emission class 7/8\",(IF(AND($P129=\"LNG/CNG\", OR($L129=\"Class_8\", $AE129=\"Class_8\")),\"lng/cng class 7/8\",(IF(AND($P129=\"Hybrid\", OR($L129=\"Class_8\", $AE129=\"Class_8\")),\"hybrid class 7/8\",(IF(AND($P129=\"Low NOx\", OR($L129=\"Class_8\", $AE129=\"Class_8\")),\"low nox class 7/8\",(IF(AND($P129=\"Hybrid Zero-Mile\", OR($L129=\"Class_8\", $AE129=\"Class_8\")),\"hybrid zero mile class 7/8\",(IF(AND($P129=\"Zero Emission\", OR($L129=\"Class_8\", $AE129=\"Class_8\")),\"zero emission class 7/8\")))))))))))))))))))))))))))))))))))))))))))))))))))))","v":false}]
["project 126",null,null,null,null,null,null,{"$f":"IF($G130=\"33,001 +\",\"Class_8\",IF($G130=\"26,001-33,000\",\"Class_7\",IF($G130=\"19,501-26,000\",\"Class_6\",\"\")))","v":""},null,null,null,null,null,null,{"$f":"IF(H130=\"Class_6\",IF(T130=\"No\",MIN(IF((J130*K130)<10000,0,J130*K130),IF((J130*N130)<10000,0,J130*N130)),IF(MIN(Y130*Z130,Y130*N130)+MIN(J130*K130,J130*N130)>9999,MIN(J130*K130,J130*N130),0)),IF(T130=\"No\",MIN(IF((J130*K130)<20000,0,J130*K130),IF((J130*N130)<20000,0,J130*N130)),IF(MIN(Y130*Z130,Y130*N130)+MIN(J130*K130,J130*N130)>19999,MIN(J130*K130,J130*N130),0)))","v":0},null,null,"","No","No",null,null,null,{"$f":"IF($W130=\"33,001 +\",\"Class_8\",IF($W130=\"26,001-33,000\",\"Class_7\",IF($W130=\"19,501-26,000\",\"Class_6\",IF($W130=\"\",\"\"))))","v":""},null,null,0,{"$f":"IF($T130=\"Yes\",IF(COUNTA($U130:$AA130)=7,\"Complete\",\"Incomplete\"),\"N/A\")","v":"N/A"},{"$f":"IF($D130=\"2-for-1 Replace\",IF(OR(COUNTA(A130:AA130)=27,COUNTA(A130:AA130)=29),\"Complete\",\"Incomplete\"),IF(OR($D130=\"Replacement\",$D130=\"Repower\"),IF(COUNTA(A130:Q130)=17,\"Complete\",\"Incomplete\"),\"Incomplete\"))","v":"Incomplete"},null,{"$f":"IF(OR($H130=\"Class_8\",$X130=\"Class_8\"),\"Class_8\",IF(OR($H130=\"Class_7\",$X130=\"Class_7\"),\"Class_7\",IF(OR($H130=\"Class_6\",$X130=\"Class_6\"),\"Class_6\")))","v":false},false,{"$f":"IF($D130=\"Repower\",IF($H130=\"Class_7\",IF($M130=\"New: 2013+ HHD\",\"CL7HHD\",\"gas\")))","v":false},false,null,{"$f":"IF($D130=\"2-for-1 Replace\",\"Norestr\",IF($AK130=\"Repower_8\",\"Repo8\",IF($AK130=\"Repower_7\",\"Repo7\",IF($AK130=\"Repower_6\",\"Repo6\",IF(OR($H130=\"Class_8\",$L130=\"Class_8\"),\"Replacement8HHD\",IF($D130=\"Replacement\",IF($H130=\"Class_6\",\"Replacement6\",IF($H130=\"Class_7\",IF($I130=\"MHD\",\"Replacement7MHD\",\"Replacement7HHD\"),IF($H130=\"Class_8\",IF($I130=\"HHD\",\"Replacement8HHD\",\"Replacement8MHD\")))),))))))","v":0},{"$f":"IF($D130=\"Replacement\",IF($H130=\"Class_6\",\"Replacement_6\",IF($H130=\"Class_7\",\"Replacement_7\",IF($H130=\"Class_8\",\"Replacement_8\",null))),IF($D130=\"Repower\",IF($H130=\"Class_6\",\"Repower_6\",IF($H130=\"Class_7\",\"Repower_7\",IF($H130=\"Class_8\",\"Repower_8\",null))),IF($D130=\"2-for-1 Replace\",IF($L130=\"Class_6\",\"Replacement_6\",IF($L130=\"Class_7\",\"Replacement_7\",IF($L130=\"Class_8\",\"Replacement_8\",null))))))","v":false},{"$f":"IF($D130=\"Replacement\",IF(AND($H130=\"Class_6\",$B130 <> \"4+ Trucks\"),\"Small_Fleet_Replacement_6\",IF(AND($H130=\"Class_7\",$B130 <> \"4+ Trucks\"),\"Small_Fleet_Replacement_7\",IF(AND($H130=\"Class_8\",$B130 <> \"4+ Trucks\"),\"Small_Fleet_Replacement_8\",null))),IF($D130=\"Repower\",IF($H130=\"Class_6\",\"Repower_6\",IF($H130=\"Class_7\",\"Repower_7\",IF($H130=\"Class_8\",\"Repower_8\",null))),IF($D130=\"2-for-1 Replace\",IF($L130=\"Class_6\",\"Replacement_6\",IF($L130=\"Class_7\",\"Small_Fleet_Replacement_7\",IF($L130=\"Class_8\",\"Small_Fleet_Replacement_8\",null))))))","v":false},null,null,null,null,{"$f":"IF(AND($B130<>\"4+ Trucks\",$D130=\"Replacement\",$P130=\"Diesel\",OR($L130=\"Class_7\",$H130=\"CLass_7\"),$M130=\"New: 2015+\"),\"small fleet new class 7 diesel\",IF(AND($B130<>\"4+ Trucks\",$D130=\"Replacement\",OR($P130=\"Diesel\",$P130=\"LNG/CNG\",$P130=\"Hybrid\"),OR($H130=\"Class_7\",$L130=\"Class_7\"),$M130=\"Used: 2011+\"),\"small fleet used class 7 diesel\",IF(AND($B130<>\"4+ Trucks\",$D130=\"Replacement\",$P130=\"Diesel\",$L130=\"Class_8\",$M130=\"New: 2015+\"),\"small fleet new class 8 diesel\",IF(AND($B130<>\"4+ Trucks\",$D130=\"Replacement\",$P130=\"Diesel\",$L130=\"Class_6\"),\"small fleet class 6 diesel\",IF(AND($B130<>\"4+ Trucks\",$D130=\"Replacement\",OR($P130=\"Diesel\",$P130=\"LNG/CNG\",$P130=\"Hybrid\"),$L130=\"Class_8\",$M130=\"Used: 2011+\"),\"small fleet used class 8 diesel\",IF(AND($B130<>\"4+ Trucks\",$D130=\"Repower\",$P130=\"Diesel\",(OR($L130=\"Class_8\",$L130=\"Class_7\"))),\"small fleet repower class 7/8\",IF(AND($B130<>\"4+ Trucks\",$D130=\"Repower\",$P130=\"Diesel\",$L130=\"Class_6\"),\"small fleet repower class 6\",IF(AND($D130=\"Replacement\",$P130=\"Zero Emission\",(OR($L130=\"Class_8\",$L130=\"Class_7\"))),\"zero emission class 7/8\",IF(AND($D130=\"Replacement\",$P130=\"Hybrid Zero-Mile\",(OR($L130=\"Class_8\",$L130=\"Class_7\"))),\"hybrid zero mile class 7/8\",IF(AND($D130=\"Replacement\",$P130=\"Low NOx\",(OR($L130=\"Class_8\",$L130=\"Class_7\"))),\"low nox class 7/8\",IF(AND($D130=\"Replacement\",$P130=\"Hybrid\",(OR($L130=\"Class_8\",$L130=\"Class_7\"))),\"hybrid class 7/8\",IF(AND($D130=\"Replacement\",$P130=\"LNG/CNG\",(OR($L130=\"Class_8\",$L130=\"Class_7\"))),\"lng/cng class 7/8\",IF(AND($D130=\"Replacement\",$P130=\"Zero Emission\",$L130=\"Class_6\"),\"zero emission class 6\",IF(AND($D130=\"Replacement\",$P130=\"Hybrid Zero-Mile\",$L130=\"Class_6\"),\"hybrid zero mile class 6\",IF(AND($D130=\"Replacement\",$P130=\"Low NOx\",$L130=\"Class_6\"),\"low nox class 6\",IF(AND($D130=\"Replacement\",$P130=\"Hybrid\",$L130=\"Class_6\"),\"hybrid class 6\",IF(AND($D130=\"Replacement\",$P130=\"LNG/CNG\",$L130=\"Class_6\"),\"lng/cng class 6\",(IF(AND($P130=\"Diesel\", OR($L130=\"Class_6\", $AE130=\"Class_6\")),\"small fleet class 6 diesel\",IF(AND($P130=\"Diesel\",$M130=\"New: 2015+\", OR($L130=\"Class_7\", $AE130=\"Class_7\")),\"small fleet new class 7 diesel\",IF(AND($P130=\"Diesel\",$M130=\"Used: 2011+\", OR($L130=\"Class_7\", $AE130=\"Class_7\")),\"small fleet used class 7 diesel\",IF(AND($P130=\"Diesel\",$M130=\"New: 2015+\", OR($L130=\"Class_8\", $AE130=\"Class_8\")),\"small fleet new class 8 diesel\",IF(AND($P130=\"Diesel\",$M130=\"Used: 2011+\", OR($L130=\"Class_8\", $AE130=\"Class_8\")),\"small fleet used class 8 diesel\",(IF(AND($P130=\"LNG/CNG\", OR($L130=\"Class_6\", $AE130=\"Class_6\")),\"lng/cng class 6\",(IF(AND($P130=\"Hybrid\", OR($L130=\"Class_6\", $AE130=\"Class_6\")),\"hybrid class 6\",(IF(AND($P130=\"Low NOx\", OR($L130=\"Class_6\", $AE130=\"Class_6\")),\"low nox class 6\",(IF(AND($P130=\"Hybrid Zero-Mile\", OR($L130=\"Class_6\", $AE130=\"Class_6\")),\"hybrid zero mile class 6\",(IF(AND($P130=\"Zero Emission\", OR($L130=\"Class_6\", $AE130=\"Class_6\")),\"zero emission class 6\",(IF(AND($P130=\"LNG/CNG\", OR($L130=\"Class_7\", $AE130=\"Class_7\")),\"lng/cng class 7/8\",(IF(AND($P130=\"Hybrid\", OR($L130=\"Class_7\", $AE130=\"Class_7\")),\"hybrid class 7/8\",(IF(AND($P130=\"Low NOx\", OR($L130=\"Class_7\", $AE130=\"Class_7\")),\"low nox class 7/8\",(IF(AND($P130=\"Hybrid Zero-Mile\", OR($L130=\"Class_7\", $AE130=\"Class_7\")),\"hybrid zero mile class 7/8\",(IF(AND($P130=\"Zero Emission\", OR($L130=\"Class_7\", $AE130=\"Class_7\")),\"zero emission class 7/8\",(IF(AND($P130=\"LNG/CNG\", OR($L130=\"Class_8\", $AE130=\"Class_8\")),\"lng/cng class 7/8\",(IF(AND($P130=\"Hybrid\", OR($L130=\"Class_8\", $AE130=\"Class_8\")),\"hybrid class 7/8\",(IF(AND($P130=\"Low NOx\", OR($L130=\"Class_8\", $AE130=\"Class_8\")),\"low nox class 7/8\",(IF(AND($P130=\"Hybrid Zero-Mile\", OR($L130=\"Class_8\", $AE130=\"Class_8\")),\"hybrid zero mile class 7/8\",(IF(AND($P130=\"Zero Emission\", OR($L130=\"Class_8\", $AE130=\"Class_8\")),\"zero emission class 7/8\")))))))))))))))))))))))))))))))))))))))))))))))))))))","v":false}]
["project 129",null,null,null,null,null,null,{"$f":"IF($G133=\"33,001 +\",\"Class_8\",IF($G133=\"26,001-33,000\",\"Class_7\",IF($G133=\"19,501-26,000\",\"Class_6\",\"\")))","v":""},null,null,null,null,null,null,{"$f":"IF(H133=\"Class_6\",IF(T133=\"No\",MIN(IF((J133*K133)<10000,0,J133*K133),IF((J133*N133)<10000,0,J133*N133)),IF(MIN(Y133*Z133,Y133*N133)+MIN(J133*K133,J133*N133)>9999,MIN(J133*K133,J133*N133),0)),IF(T133=\"No\",MIN(IF((J133*K133)<20000,0,J133*K133),IF((J133*N133)<20000,0,J133*N133)),IF(MIN(Y133*Z133,Y133*N133)+MIN(J133*K133,J133*N133)>19999,MIN(J133*K133,J133*N133),0)))","v":0},null,null,"","No","No",null,null,null,{"$f":"IF($W133=\"33,001 +\",\"Class_8\",IF($W133=\"26,001-33,000\",\"Class_7\",IF($W133=\"19,501-26,000\",\"Class_6\",IF($W133=\"\",\"\"))))","v":""},null,null,0,{"$f":"IF($T133=\"Yes\",IF(COUNTA($U133:$AA133)=7,\"Complete\",\"Incomplete\"),\"N/A\")","v":"N/A"},{"$f":"IF($D133=\"2-for-1 Replace\",IF(OR(COUNTA(A133:AA133)=27,COUNTA(A133:AA133)=29),\"Complete\",\"Incomplete\"),IF(OR($D133=\"Replacement\",$D133=\"Repower\"),IF(COUNTA(A133:Q133)=17,\"Complete\",\"Incomplete\"),\"Incomplete\"))","v":"Incomplete"},null,{"$f":"IF(OR($H133=\"Class_8\",$X133=\"Class_8\"),\"Class_8\",IF(OR($H133=\"Class_7\",$X133=\"Class_7\"),\"Class_7\",IF(OR($H133=\"Class_6\",$X133=\"Class_6\"),\"Class_6\")))","v":false},false,{"$f":"IF($D133=\"Repower\",IF($H133=\"Class_7\",IF($M133=\"New: 2013+ HHD\",\"CL7HHD\",\"gas\")))","v":false},false,null,{"$f":"IF($D133=\"2-for-1 Replace\",\"Norestr\",IF($AK133=\"Repower_8\",\"Repo8\",IF($AK133=\"Repower_7\",\"Repo7\",IF($AK133=\"Repower_6\",\"Repo6\",IF(OR($H133=\"Class_8\",$L133=\"Class_8\"),\"Replacement8HHD\",IF($D133=\"Replacement\",IF($H133=\"Class_6\",\"Replacement6\",IF($H133=\"Class_7\",IF($I133=\"MHD\",\"Replacement7MHD\",\"Replacement7HHD\"),IF($H133=\"Class_8\",IF($I133=\"HHD\",\"Replacement8HHD\",\"Replacement8MHD\")))),))))))","v":0},{"$f":"IF($D133=\"Replacement\",IF($H133=\"Class_6\",\"Replacement_6\",IF($H133=\"Class_7\",\"Replacement_7\",IF($H133=\"Class_8\",\"Replacement_8\",null))),IF($D133=\"Repower\",IF($H133=\"Class_6\",\"Repower_6\",IF($H133=\"Class_7\",\"Repower_7\",IF($H133=\"Class_8\",\"Repower_8\",null))),IF($D133=\"2-for-1 Replace\",IF($L133=\"Class_6\",\"Replacement_6\",IF($L133=\"Class_7\",\"Replacement_7\",IF($L133=\"Class_8\",\"Replacement_8\",null))))))","v":false},{"$f":"IF($D133=\"Replacement\",IF(AND($H133=\"Class_6\",$B133 <> \"4+ Trucks\"),\"Small_Fleet_Replacement_6\",IF(AND($H133=\"Class_7\",$B133 <> \"4+ Trucks\"),\"Small_Fleet_Replacement_7\",IF(AND($H133=\"Class_8\",$B133 <> \"4+ Trucks\"),\"Small_Fleet_Replacement_8\",null))),IF($D133=\"Repower\",IF($H133=\"Class_6\",\"Repower_6\",IF($H133=\"Class_7\",\"Repower_7\",IF($H133=\"Class_8\",\"Repower_8\",null))),IF($D133=\"2-for-1 Replace\",IF($L133=\"Class_6\",\"Replacement_6\",IF($L133=\"Class_7\",\"Small_Fleet_Replacement_7\",IF($L133=\"Class_8\",\"Small_Fleet_Replacement_8\",null))))))","v":false},null,null,null,null,{"$f":"IF(AND($B133<>\"4+ Trucks\",$D133=\"Replacement\",$P133=\"Diesel\",OR($L133=\"Class_7\",$H133=\"CLass_7\"),$M133=\"New: 2015+\"),\"small fleet new class 7 diesel\",IF(AND($B133<>\"4+ Trucks\",$D133=\"Replacement\",OR($P133=\"Diesel\",$P133=\"LNG/CNG\",$P133=\"Hybrid\"),OR($H133=\"Class_7\",$L133=\"Class_7\"),$M133=\"Used: 2011+\"),\"small fleet used class 7 diesel\",IF(AND($B133<>\"4+ Trucks\",$D133=\"Replacement\",$P133=\"Diesel\",$L133=\"Class_8\",$M133=\"New: 2015+\"),\"small fleet new class 8 diesel\",IF(AND($B133<>\"4+ Trucks\",$D133=\"Replacement\",$P133=\"Diesel\",$L133=\"Class_6\"),\"small fleet class 6 diesel\",IF(AND($B133<>\"4+ Trucks\",$D133=\"Replacement\",OR($P133=\"Diesel\",$P133=\"LNG/CNG\",$P133=\"Hybrid\"),$L133=\"Class_8\",$M133=\"Used: 2011+\"),\"small fleet used class 8 diesel\",IF(AND($B133<>\"4+ Trucks\",$D133=\"Repower\",$P133=\"Diesel\",(OR($L133=\"Class_8\",$L133=\"Class_7\"))),\"small fleet repower class 7/8\",IF(AND($B133<>\"4+ Trucks\",$D133=\"Repower\",$P133=\"Diesel\",$L133=\"Class_6\"),\"small fleet repower class 6\",IF(AND($D133=\"Replacement\",$P133=\"Zero Emission\",(OR($L133=\"Class_8\",$L133=\"Class_7\"))),\"zero emission class 7/8\",IF(AND($D133=\"Replacement\",$P133=\"Hybrid Zero-Mile\",(OR($L133=\"Class_8\",$L133=\"Class_7\"))),\"hybrid zero mile class 7/8\",IF(AND($D133=\"Replacement\",$P133=\"Low NOx\",(OR($L133=\"Class_8\",$L133=\"Class_7\"))),\"low nox class 7/8\",IF(AND($D133=\"Replacement\",$P133=\"Hybrid\",(OR($L133=\"Class_8\",$L133=\"Class_7\"))),\"hybrid class 7/8\",IF(AND($D133=\"Replacement\",$P133=\"LNG/CNG\",(OR($L133=\"Class_8\",$L133=\"Class_7\"))),\"lng/cng class 7/8\",IF(AND($D133=\"Replacement\",$P133=\"Zero Emission\",$L133=\"Class_6\"),\"zero emission class 6\",IF(AND($D133=\"Replacement\",$P133=\"Hybrid Zero-Mile\",$L133=\"Class_6\"),\"hybrid zero mile class 6\",IF(AND($D133=\"Replacement\",$P133=\"Low NOx\",$L133=\"Class_6\"),\"low nox class 6\",IF(AND($D133=\"Replacement\",$P133=\"Hybrid\",$L133=\"Class_6\"),\"hybrid class 6\",IF(AND($D133=\"Replacement\",$P133=\"LNG/CNG\",$L133=\"Class_6\"),\"lng/cng class 6\",(IF(AND($P133=\"Diesel\", OR($L133=\"Class_6\", $AE133=\"Class_6\")),\"small fleet class 6 diesel\",IF(AND($P133=\"Diesel\",$M133=\"New: 2015+\", OR($L133=\"Class_7\", $AE133=\"Class_7\")),\"small fleet new class 7 diesel\",IF(AND($P133=\"Diesel\",$M133=\"Used: 2011+\", OR($L133=\"Class_7\", $AE133=\"Class_7\")),\"small fleet used class 7 diesel\",IF(AND($P133=\"Diesel\",$M133=\"New: 2015+\", OR($L133=\"Class_8\", $AE133=\"Class_8\")),\"small fleet new class 8 diesel\",IF(AND($P133=\"Diesel\",$M133=\"Used: 2011+\", OR($L133=\"Class_8\", $AE133=\"Class_8\")),\"small fleet used class 8 diesel\",(IF(AND($P133=\"LNG/CNG\", OR($L133=\"Class_6\", $AE133=\"Class_6\")),\"lng/cng class 6\",(IF(AND($P133=\"Hybrid\", OR($L133=\"Class_6\", $AE133=\"Class_6\")),\"hybrid class 6\",(IF(AND($P133=\"Low NOx\", OR($L133=\"Class_6\", $AE133=\"Class_6\")),\"low nox class 6\",(IF(AND($P133=\"Hybrid Zero-Mile\", OR($L133=\"Class_6\", $AE133=\"Class_6\")),\"hybrid zero mile class 6\",(IF(AND($P133=\"Zero Emission\", OR($L133=\"Class_6\", $AE133=\"Class_6\")),\"zero emission class 6\",(IF(AND($P133=\"LNG/CNG\", OR($L133=\"Class_7\", $AE133=\"Class_7\")),\"lng/cng class 7/8\",(IF(AND($P133=\"Hybrid\", OR($L133=\"Class_7\", $AE133=\"Class_7\")),\"hybrid class 7/8\",(IF(AND($P133=\"Low NOx\", OR($L133=\"Class_7\", $AE133=\"Class_7\")),\"low nox class 7/8\",(IF(AND($P133=\"Hybrid Zero-Mile\", OR($L133=\"Class_7\", $AE133=\"Class_7\")),\"hybrid zero mile class 7/8\",(IF(AND($P133=\"Zero Emission\", OR($L133=\"Class_7\", $AE133=\"Class_7\")),\"zero emission class 7/8\",(IF(AND($P133=\"LNG/CNG\", OR($L133=\"Class_8\", $AE133=\"Class_8\")),\"lng/cng class 7/8\",(IF(AND($P133=\"Hybrid\", OR($L133=\"Class_8\", $AE133=\"Class_8\")),\"hybrid class 7/8\",(IF(AND($P133=\"Low NOx\", OR($L133=\"Class_8\", $AE133=\"Class_8\")),\"low nox class 7/8\",(IF(AND($P133=\"Hybrid Zero-Mile\", OR($L133=\"Class_8\", $AE133=\"Class_8\")),\"hybrid zero mile class 7/8\",(IF(AND($P133=\"Zero Emission\", OR($L133=\"Class_8\", $AE133=\"Class_8\")),\"zero emission class 7/8\")))))))))))))))))))))))))))))))))))))))))))))))))))))","v":false}]
["project 130",null,null,null,null,null,null,{"$f":"IF($G134=\"33,001 +\",\"Class_8\",IF($G134=\"26,001-33,000\",\"Class_7\",IF($G134=\"19,501-26,000\",\"Class_6\",\"\")))","v":""},null,null,null,null,null,null,{"$f":"IF(H134=\"Class_6\",IF(T134=\"No\",MIN(IF((J134*K134)<10000,0,J134*K134),IF((J134*N134)<10000,0,J134*N134)),IF(MIN(Y134*Z134,Y134*N134)+MIN(J134*K134,J134*N134)>9999,MIN(J134*K134,J134*N134),0)),IF(T134=\"No\",MIN(IF((J134*K134)<20000,0,J134*K134),IF((J134*N134)<20000,0,J134*N134)),IF(MIN(Y134*Z134,Y134*N134)+MIN(J134*K134,J134*N134)>19999,MIN(J134*K134,J134*N134),0)))","v":0},null,null,{"$f":"IFERROR(VLOOKUP($AQ134,$AN$5:$AO$21,2,),\"\")","v":""},{"$f":"IF($P134=\"Electric w/ AB-118\",\"Yes\",\"No\")","v":"No"},"No",null,null,null,{"$f":"IF($W134=\"33,001 +\",\"Class_8\",IF($W134=\"26,001-33,000\",\"Class_7\",IF($W134=\"19,501-26,000\",\"Class_6\",IF($W134=\"\",\"\"))))","v":""},null,null,{"$f":"IF(AND(H134=\"Class_6\",X134=\"Class_6\"),IF(MIN(Y134*Z134,Y134*N134)+O134>9999,MIN(Y134*Z134,Y134*N134),0),IF(MIN(Y134*Z134,Y134*N134)+O134>19999,MIN(Y134*Z134,Y134*N134),0))","v":0},{"$f":"IF($T134=\"Yes\",IF(COUNTA($U134:$AA134)=7,\"Complete\",\"Incomplete\"),\"N/A\")","v":"N/A"},{"$f":"IF($D134=\"2-for-1 Replace\",IF(OR(COUNTA(A134:AA134)=27,COUNTA(A134:AA134)=29),\"Complete\",\"Incomplete\"),IF(OR($D134=\"Replacement\",$D134=\"Repower\"),IF(COUNTA(A134:Q134)=17,\"Complete\",\"Incomplete\"),\"Incomplete\"))","v":"Incomplete"},null,{"$f":"IF(OR($H134=\"Class_8\",$X134=\"Class_8\"),\"Class_8\",IF(OR($H134=\"Class_7\",$X134=\"Class_7\"),\"Class_7\",IF(OR($H134=\"Class_6\",$X134=\"Class_6\"),\"Class_6\")))","v":false},{"$f":"IF($D134=\"Repower\",IF($H134=\"Class_7\",IF($I134=\"HHD\",\"CL7HHD\",\"gas\")))","v":false},{"$f":"IF($D134=\"Repower\",IF($H134=\"Class_7\",IF($M134=\"New: 2013+ HHD\",\"CL7HHD\",\"gas\")))","v":false},false,null,{"$f":"IF($D134=\"2-for-1 Replace\",\"Norestr\",IF($AK134=\"Repower_8\",\"Repo8\",IF($AK134=\"Repower_7\",\"Repo7\",IF($AK134=\"Repower_6\",\"Repo6\",IF(OR($H134=\"Class_8\",$L134=\"Class_8\"),\"Replacement8HHD\",IF($D134=\"Replacement\",IF($H134=\"Class_6\",\"Replacement6\",IF($H134=\"Class_7\",IF($I134=\"MHD\",\"Replacement7MHD\",\"Replacement7HHD\"),IF($H134=\"Class_8\",IF($I134=\"HHD\",\"Replacement8HHD\",\"Replacement8MHD\")))),))))))","v":0},{"$f":"IF($D134=\"Replacement\",IF($H134=\"Class_6\",\"Replacement_6\",IF($H134=\"Class_7\",\"Replacement_7\",IF($H134=\"Class_8\",\"Replacement_8\",null))),IF($D134=\"Repower\",IF($H134=\"Class_6\",\"Repower_6\",IF($H134=\"Class_7\",\"Repower_7\",IF($H134=\"Class_8\",\"Repower_8\",null))),IF($D134=\"2-for-1 Replace\",IF($L134=\"Class_6\",\"Replacement_6\",IF($L134=\"Class_7\",\"Replacement_7\",IF($L134=\"Class_8\",\"Replacement_8\",null))))))","v":false},{"$f":"IF($D134=\"Replacement\",IF(AND($H134=\"Class_6\",$B134 <> \"4+ Trucks\"),\"Small_Fleet_Replacement_6\",IF(AND($H134=\"Class_7\",$B134 <> \"4+ Trucks\"),\"Small_Fleet_Replacement_7\",IF(AND($H134=\"Class_8\",$B134 <> \"4+ Trucks\"),\"Small_Fleet_Replacement_8\",null))),IF($D134=\"Repower\",IF($H134=\"Class_6\",\"Repower_6\",IF($H134=\"Class_7\",\"Repower_7\",IF($H134=\"Class_8\",\"Repower_8\",null))),IF($D134=\"2-for-1 Replace\",IF($L134=\"Class_6\",\"Replacement_6\",IF($L134=\"Class_7\",\"Small_Fleet_Replacement_7\",IF($L134=\"Class_8\",\"Small_Fleet_Replacement_8\",null))))))","v":false},null,null,null,null,{"$f":"IF(AND($B134<>\"4+ Trucks\",$D134=\"Replacement\",$P134=\"Diesel\",OR($L134=\"Class_7\",$H134=\"CLass_7\"),$M134=\"New: 2015+\"),\"small fleet new class 7 diesel\",IF(AND($B134<>\"4+ Trucks\",$D134=\"Replacement\",OR($P134=\"Diesel\",$P134=\"LNG/CNG\",$P134=\"Hybrid\"),OR($H134=\"Class_7\",$L134=\"Class_7\"),$M134=\"Used: 2011+\"),\"small fleet used class 7 diesel\",IF(AND($B134<>\"4+ Trucks\",$D134=\"Replacement\",$P134=\"Diesel\",$L134=\"Class_8\",$M134=\"New: 2015+\"),\"small fleet new class 8 diesel\",IF(AND($B134<>\"4+ Trucks\",$D134=\"Replacement\",$P134=\"Diesel\",$L134=\"Class_6\"),\"small fleet class 6 diesel\",IF(AND($B134<>\"4+ Trucks\",$D134=\"Replacement\",OR($P134=\"Diesel\",$P134=\"LNG/CNG\",$P134=\"Hybrid\"),$L134=\"Class_8\",$M134=\"Used: 2011+\"),\"small fleet used class 8 diesel\",IF(AND($B134<>\"4+ Trucks\",$D134=\"Repower\",$P134=\"Diesel\",(OR($L134=\"Class_8\",$L134=\"Class_7\"))),\"small fleet repower class 7/8\",IF(AND($B134<>\"4+ Trucks\",$D134=\"Repower\",$P134=\"Diesel\",$L134=\"Class_6\"),\"small fleet repower class 6\",IF(AND($D134=\"Replacement\",$P134=\"Zero Emission\",(OR($L134=\"Class_8\",$L134=\"Class_7\"))),\"zero emission class 7/8\",IF(AND($D134=\"Replacement\",$P134=\"Hybrid Zero-Mile\",(OR($L134=\"Class_8\",$L134=\"Class_7\"))),\"hybrid zero mile class 7/8\",IF(AND($D134=\"Replacement\",$P134=\"Low NOx\",(OR($L134=\"Class_8\",$L134=\"Class_7\"))),\"low nox class 7/8\",IF(AND($D134=\"Replacement\",$P134=\"Hybrid\",(OR($L134=\"Class_8\",$L134=\"Class_7\"))),\"hybrid class 7/8\",IF(AND($D134=\"Replacement\",$P134=\"LNG/CNG\",(OR($L134=\"Class_8\",$L134=\"Class_7\"))),\"lng/cng class 7/8\",IF(AND($D134=\"Replacement\",$P134=\"Zero Emission\",$L134=\"Class_6\"),\"zero emission class 6\",IF(AND($D134=\"Replacement\",$P134=\"Hybrid Zero-Mile\",$L134=\"Class_6\"),\"hybrid zero mile class 6\",IF(AND($D134=\"Replacement\",$P134=\"Low NOx\",$L134=\"Class_6\"),\"low nox class 6\",IF(AND($D134=\"Replacement\",$P134=\"Hybrid\",$L134=\"Class_6\"),\"hybrid class 6\",IF(AND($D134=\"Replacement\",$P134=\"LNG/CNG\",$L134=\"Class_6\"),\"lng/cng class 6\",(IF(AND($P134=\"Diesel\", OR($L134=\"Class_6\", $AE134=\"Class_6\")),\"small fleet class 6 diesel\",IF(AND($P134=\"Diesel\",$M134=\"New: 2015+\", OR($L134=\"Class_7\", $AE134=\"Class_7\")),\"small fleet new class 7 diesel\",IF(AND($P134=\"Diesel\",$M134=\"Used: 2011+\", OR($L134=\"Class_7\", $AE134=\"Class_7\")),\"small fleet used class 7 diesel\",IF(AND($P134=\"Diesel\",$M134=\"New: 2015+\", OR($L134=\"Class_8\", $AE134=\"Class_8\")),\"small fleet new class 8 diesel\",IF(AND($P134=\"Diesel\",$M134=\"Used: 2011+\", OR($L134=\"Class_8\", $AE134=\"Class_8\")),\"small fleet used class 8 diesel\",(IF(AND($P134=\"LNG/CNG\", OR($L134=\"Class_6\", $AE134=\"Class_6\")),\"lng/cng class 6\",(IF(AND($P134=\"Hybrid\", OR($L134=\"Class_6\", $AE134=\"Class_6\")),\"hybrid class 6\",(IF(AND($P134=\"Low NOx\", OR($L134=\"Class_6\", $AE134=\"Class_6\")),\"low nox class 6\",(IF(AND($P134=\"Hybrid Zero-Mile\", OR($L134=\"Class_6\", $AE134=\"Class_6\")),\"hybrid zero mile class 6\",(IF(AND($P134=\"Zero Emission\", OR($L134=\"Class_6\", $AE134=\"Class_6\")),\"zero emission class 6\",(IF(AND($P134=\"LNG/CNG\", OR($L134=\"Class_7\", $AE134=\"Class_7\")),\"lng/cng class 7/8\",(IF(AND($P134=\"Hybrid\", OR($L134=\"Class_7\", $AE134=\"Class_7\")),\"hybrid class 7/8\",(IF(AND($P134=\"Low NOx\", OR($L134=\"Class_7\", $AE134=\"Class_7\")),\"low nox class 7/8\",(IF(AND($P134=\"Hybrid Zero-Mile\", OR($L134=\"Class_7\", $AE134=\"Class_7\")),\"hybrid zero mile class 7/8\",(IF(AND($P134=\"Zero Emission\", OR($L134=\"Class_7\", $AE134=\"Class_7\")),\"zero emission class 7/8\",(IF(AND($P134=\"LNG/CNG\", OR($L134=\"Class_8\", $AE134=\"Class_8\")),\"lng/cng class 7/8\",(IF(AND($P134=\"Hybrid\", OR($L134=\"Class_8\", $AE134=\"Class_8\")),\"hybrid class 7/8\",(IF(AND($P134=\"Low NOx\", OR($L134=\"Class_8\", $AE134=\"Class_8\")),\"low nox class 7/8\",(IF(AND($P134=\"Hybrid Zero-Mile\", OR($L134=\"Class_8\", $AE134=\"Class_8\")),\"hybrid zero mile class 7/8\",(IF(AND($P134=\"Zero Emission\", OR($L134=\"Class_8\", $AE134=\"Class_8\")),\"zero emission class 7/8\")))))))))))))))))))))))))))))))))))))))))))))))))))))","v":false}]
["project 133",null,null,null,null,null,null,{"$f":"IF($G137=\"33,001 +\",\"Class_8\",IF($G137=\"26,001-33,000\",\"Class_7\",IF($G137=\"19,501-26,000\",\"Class_6\",\"\")))","v":""},null,null,null,null,null,null,{"$f":"IF(H137=\"Class_6\",IF(T137=\"No\",MIN(IF((J137*K137)<10000,0,J137*K137),IF((J137*N137)<10000,0,J137*N137)),IF(MIN(Y137*Z137,Y137*N137)+MIN(J137*K137,J137*N137)>9999,MIN(J137*K137,J137*N137),0)),IF(T137=\"No\",MIN(IF((J137*K137)<20000,0,J137*K137),IF((J137*N137)<20000,0,J137*N137)),IF(MIN(Y137*Z137,Y137*N137)+MIN(J137*K137,J137*N137)>19999,MIN(J137*K137,J137*N137),0)))","v":0},null,null,"","No","No",null,null,null,{"$f":"IF($W137=\"33,001 +\",\"Class_8\",IF($W137=\"26,001-33,000\",\"Class_7\",IF($W137=\"19,501-26,000\",\"Class_6\",IF($W137=\"\",\"\"))))","v":""},null,null,0,{"$f":"IF($T137=\"Yes\",IF(COUNTA($U137:$AA137)=7,\"Complete\",\"Incomplete\"),\"N/A\")","v":"N/A"},{"$f":"IF($D137=\"2-for-1 Replace\",IF(OR(COUNTA(A137:AA137)=27,COUNTA(A137:AA137)=29),\"Complete\",\"Incomplete\"),IF(OR($D137=\"Replacement\",$D137=\"Repower\"),IF(COUNTA(A137:Q137)=17,\"Complete\",\"Incomplete\"),\"Incomplete\"))","v":"Incomplete"},null,{"$f":"IF(OR($H137=\"Class_8\",$X137=\"Class_8\"),\"Class_8\",IF(OR($H137=\"Class_7\",$X137=\"Class_7\"),\"Class_7\",IF(OR($H137=\"Class_6\",$X137=\"Class_6\"),\"Class_6\")))","v":false},false,{"$f":"IF($D137=\"Repower\",IF($H137=\"Class_7\",IF($M137=\"New: 2013+ HHD\",\"CL7HHD\",\"gas\")))","v":false},false,null,{"$f":"IF($D137=\"2-for-1 Replace\",\"Norestr\",IF($AK137=\"Repower_8\",\"Repo8\",IF($AK137=\"Repower_7\",\"Repo7\",IF($AK137=\"Repower_6\",\"Repo6\",IF(OR($H137=\"Class_8\",$L137=\"Class_8\"),\"Replacement8HHD\",IF($D137=\"Replacement\",IF($H137=\"Class_6\",\"Replacement6\",IF($H137=\"Class_7\",IF($I137=\"MHD\",\"Replacement7MHD\",\"Replacement7HHD\"),IF($H137=\"Class_8\",IF($I137=\"HHD\",\"Replacement8HHD\",\"Replacement8MHD\")))),))))))","v":0},{"$f":"IF($D137=\"Replacement\",IF($H137=\"Class_6\",\"Replacement_6\",IF($H137=\"Class_7\",\"Replacement_7\",IF($H137=\"Class_8\",\"Replacement_8\",null))),IF($D137=\"Repower\",IF($H137=\"Class_6\",\"Repower_6\",IF($H137=\"Class_7\",\"Repower_7\",IF($H137=\"Class_8\",\"Repower_8\",null))),IF($D137=\"2-for-1 Replace\",IF($L137=\"Class_6\",\"Replacement_6\",IF($L137=\"Class_7\",\"Replacement_7\",IF($L137=\"Class_8\",\"Replacement_8\",null))))))","v":false},{"$f":"IF($D137=\"Replacement\",IF(AND($H137=\"Class_6\",$B137 <> \"4+ Trucks\"),\"Small_Fleet_Replacement_6\",IF(AND($H137=\"Class_7\",$B137 <> \"4+ Trucks\"),\"Small_Fleet_Replacement_7\",IF(AND($H137=\"Class_8\",$B137 <> \"4+ Trucks\"),\"Small_Fleet_Replacement_8\",null))),IF($D137=\"Repower\",IF($H137=\"Class_6\",\"Repower_6\",IF($H137=\"Class_7\",\"Repower_7\",IF($H137=\"Class_8\",\"Repower_8\",null))),IF($D137=\"2-for-1 Replace\",IF($L137=\"Class_6\",\"Replacement_6\",IF($L137=\"Class_7\",\"Small_Fleet_Replacement_7\",IF($L137=\"Class_8\",\"Small_Fleet_Replacement_8\",null))))))","v":false},null,null,null,null,{"$f":"IF(AND($B137<>\"4+ Trucks\",$D137=\"Replacement\",$P137=\"Diesel\",OR($L137=\"Class_7\",$H137=\"CLass_7\"),$M137=\"New: 2015+\"),\"small fleet new class 7 diesel\",IF(AND($B137<>\"4+ Trucks\",$D137=\"Replacement\",OR($P137=\"Diesel\",$P137=\"LNG/CNG\",$P137=\"Hybrid\"),OR($H137=\"Class_7\",$L137=\"Class_7\"),$M137=\"Used: 2011+\"),\"small fleet used class 7 diesel\",IF(AND($B137<>\"4+ Trucks\",$D137=\"Replacement\",$P137=\"Diesel\",$L137=\"Class_8\",$M137=\"New: 2015+\"),\"small fleet new class 8 diesel\",IF(AND($B137<>\"4+ Trucks\",$D137=\"Replacement\",$P137=\"Diesel\",$L137=\"Class_6\"),\"small fleet class 6 diesel\",IF(AND($B137<>\"4+ Trucks\",$D137=\"Replacement\",OR($P137=\"Diesel\",$P137=\"LNG/CNG\",$P137=\"Hybrid\"),$L137=\"Class_8\",$M137=\"Used: 2011+\"),\"small fleet used class 8 diesel\",IF(AND($B137<>\"4+ Trucks\",$D137=\"Repower\",$P137=\"Diesel\",(OR($L137=\"Class_8\",$L137=\"Class_7\"))),\"small fleet repower class 7/8\",IF(AND($B137<>\"4+ Trucks\",$D137=\"Repower\",$P137=\"Diesel\",$L137=\"Class_6\"),\"small fleet repower class 6\",IF(AND($D137=\"Replacement\",$P137=\"Zero Emission\",(OR($L137=\"Class_8\",$L137=\"Class_7\"))),\"zero emission class 7/8\",IF(AND($D137=\"Replacement\",$P137=\"Hybrid Zero-Mile\",(OR($L137=\"Class_8\",$L137=\"Class_7\"))),\"hybrid zero mile class 7/8\",IF(AND($D137=\"Replacement\",$P137=\"Low NOx\",(OR($L137=\"Class_8\",$L137=\"Class_7\"))),\"low nox class 7/8\",IF(AND($D137=\"Replacement\",$P137=\"Hybrid\",(OR($L137=\"Class_8\",$L137=\"Class_7\"))),\"hybrid class 7/8\",IF(AND($D137=\"Replacement\",$P137=\"LNG/CNG\",(OR($L137=\"Class_8\",$L137=\"Class_7\"))),\"lng/cng class 7/8\",IF(AND($D137=\"Replacement\",$P137=\"Zero Emission\",$L137=\"Class_6\"),\"zero emission class 6\",IF(AND($D137=\"Replacement\",$P137=\"Hybrid Zero-Mile\",$L137=\"Class_6\"),\"hybrid zero mile class 6\",IF(AND($D137=\"Replacement\",$P137=\"Low NOx\",$L137=\"Class_6\"),\"low nox class 6\",IF(AND($D137=\"Replacement\",$P137=\"Hybrid\",$L137=\"Class_6\"),\"hybrid class 6\",IF(AND($D137=\"Replacement\",$P137=\"LNG/CNG\",$L137=\"Class_6\"),\"lng/cng class 6\",(IF(AND($P137=\"Diesel\", OR($L137=\"Class_6\", $AE137=\"Class_6\")),\"small fleet class 6 diesel\",IF(AND($P137=\"Diesel\",$M137=\"New: 2015+\", OR($L137=\"Class_7\", $AE137=\"Class_7\")),\"small fleet new class 7 diesel\",IF(AND($P137=\"Diesel\",$M137=\"Used: 2011+\", OR($L137=\"Class_7\", $AE137=\"Class_7\")),\"small fleet used class 7 diesel\",IF(AND($P137=\"Diesel\",$M137=\"New: 2015+\", OR($L137=\"Class_8\", $AE137=\"Class_8\")),\"small fleet new class 8 diesel\",IF(AND($P137=\"Diesel\",$M137=\"Used: 2011+\", OR($L137=\"Class_8\", $AE137=\"Class_8\")),\"small fleet used class 8 diesel\",(IF(AND($P137=\"LNG/CNG\", OR($L137=\"Class_6\", $AE137=\"Class_6\")),\"lng/cng class 6\",(IF(AND($P137=\"Hybrid\", OR($L137=\"Class_6\", $AE137=\"Class_6\")),\"hybrid class 6\",(IF(AND($P137=\"Low NOx\", OR($L137=\"Class_6\", $AE137=\"Class_6\")),\"low nox class 6\",(IF(AND($P137=\"Hybrid Zero-Mile\", OR($L137=\"Class_6\", $AE137=\"Class_6\")),\"hybrid zero mile class 6\",(IF(AND($P137=\"Zero Emission\", OR($L137=\"Class_6\", $AE137=\"Class_6\")),\"zero emission class 6\",(IF(AND($P137=\"LNG/CNG\", OR($L137=\"Class_7\", $AE137=\"Class_7\")),\"lng/cng class 7/8\",(IF(AND($P137=\"Hybrid\", OR($L137=\"Class_7\", $AE137=\"Class_7\")),\"hybrid class 7/8\",(IF(AND($P137=\"Low NOx\", OR($L137=\"Class_7\", $AE137=\"Class_7\")),\"low nox class 7/8\",(IF(AND($P137=\"Hybrid Zero-Mile\", OR($L137=\"Class_7\", $AE137=\"Class_7\")),\"hybrid zero mile class 7/8\",(IF(AND($P137=\"Zero Emission\", OR($L137=\"Class_7\", $AE137=\"Class_7\")),\"zero emission class 7/8\",(IF(AND($P137=\"LNG/CNG\", OR($L137=\"Class_8\", $AE137=\"Class_8\")),\"lng/cng class 7/8\",(IF(AND($P137=\"Hybrid\", OR($L137=\"Class_8\", $AE137=\"Class_8\")),\"hybrid class 7/8\",(IF(AND($P137=\"Low NOx\", OR($L137=\"Class_8\", $AE137=\"Class_8\")),\"low nox class 7/8\",(IF(AND($P137=\"Hybrid Zero-Mile\", OR($L137=\"Class_8\", $AE137=\"Class_8\")),\"hybrid zero mile class 7/8\",(IF(AND($P137=\"Zero Emission\", OR($L137=\"Class_8\", $AE137=\"Class_8\")),\"zero emission class 7/8\")))))))))))))))))))))))))))))))))))))))))))))))))))))","v":false}]
["project 134",null,null,null,null,null,null,{"$f":"IF($G138=\"33,001 +\",\"Class_8\",IF($G138=\"26,001-33,000\",\"Class_7\",IF($G138=\"19,501-26,000\",\"Class_6\",\"\")))","v":""},null,null,null,null,null,null,{"$f":"IF(H138=\"Class_6\",IF(T138=\"No\",MIN(IF((J138*K138)<10000,0,J138*K138),IF((J138*N138)<10000,0,J138*N138)),IF(MIN(Y138*Z138,Y138*N138)+MIN(J138*K138,J138*N138)>9999,MIN(J138*K138,J138*N138),0)),IF(T138=\"No\",MIN(IF((J138*K138)<20000,0,J138*K138),IF((J138*N138)<20000,0,J138*N138)),IF(MIN(Y138*Z138,Y138*N138)+MIN(J138*K138,J138*N138)>19999,MIN(J138*K138,J138*N138),0)))","v":0},null,null,"","No","No",null,null,null,{"$f":"IF($W138=\"33,001 +\",\"Class_8\",IF($W138=\"26,001-33,000\",\"Class_7\",IF($W138=\"19,501-26,000\",\"Class_6\",IF($W138=\"\",\"\"))))","v":""},null,null,0,{"$f":"IF($T138=\"Yes\",IF(COUNTA($U138:$AA138)=7,\"Complete\",\"Incomplete\"),\"N/A\")","v":"N/A"},{"$f":"IF($D138=\"2-for-1 Replace\",IF(OR(COUNTA(A138:AA138)=27,COUNTA(A138:AA138)=29),\"Complete\",\"Incomplete\"),IF(OR($D138=\"Replacement\",$D138=\"Repower\"),IF(COUNTA(A138:Q138)=17,\"Complete\",\"Incomplete\"),\"Incomplete\"))","v":"Incomplete"},null,{"$f":"IF(OR($H138=\"Class_8\",$X138=\"Class_8\"),\"Class_8\",IF(OR($H138=\"Class_7\",$X138=\"Class_7\"),\"Class_7\",IF(OR($H138=\"Class_6\",$X138=\"Class_6\"),\"Class_6\")))","v":false},false,{"$f":"IF($D138=\"Repower\",IF($H138=\"Class_7\",IF($M138=\"New: 2013+ HHD\",\"CL7HHD\",\"gas\")))","v":false},false,null,{"$f":"IF($D138=\"2-for-1 Replace\",\"Norestr\",IF($AK138=\"Repower_8\",\"Repo8\",IF($AK138=\"Repower_7\",\"Repo7\",IF($AK138=\"Repower_6\",\"Repo6\",IF(OR($H138=\"Class_8\",$L138=\"Class_8\"),\"Replacement8HHD\",IF($D138=\"Replacement\",IF($H138=\"Class_6\",\"Replacement6\",IF($H138=\"Class_7\",IF($I138=\"MHD\",\"Replacement7MHD\",\"Replacement7HHD\"),IF($H138=\"Class_8\",IF($I138=\"HHD\",\"Replacement8HHD\",\"Replacement8MHD\")))),))))))","v":0},{"$f":"IF($D138=\"Replacement\",IF($H138=\"Class_6\",\"Replacement_6\",IF($H138=\"Class_7\",\"Replacement_7\",IF($H138=\"Class_8\",\"Replacement_8\",null))),IF($D138=\"Repower\",IF($H138=\"Class_6\",\"Repower_6\",IF($H138=\"Class_7\",\"Repower_7\",IF($H138=\"Class_8\",\"Repower_8\",null))),IF($D138=\"2-for-1 Replace\",IF($L138=\"Class_6\",\"Replacement_6\",IF($L138=\"Class_7\",\"Replacement_7\",IF($L138=\"Class_8\",\"Replacement_8\",null))))))","v":false},{"$f":"IF($D138=\"Replacement\",IF(AND($H138=\"Class_6\",$B138 <> \"4+ Trucks\"),\"Small_Fleet_Replacement_6\",IF(AND($H138=\"Class_7\",$B138 <> \"4+ Trucks\"),\"Small_Fleet_Replacement_7\",IF(AND($H138=\"Class_8\",$B138 <> \"4+ Trucks\"),\"Small_Fleet_Replacement_8\",null))),IF($D138=\"Repower\",IF($H138=\"Class_6\",\"Repower_6\",IF($H138=\"Class_7\",\"Repower_7\",IF($H138=\"Class_8\",\"Repower_8\",null))),IF($D138=\"2-for-1 Replace\",IF($L138=\"Class_6\",\"Replacement_6\",IF($L138=\"Class_7\",\"Small_Fleet_Replacement_7\",IF($L138=\"Class_8\",\"Small_Fleet_Replacement_8\",null))))))","v":false},null,null,null,null,{"$f":"IF(AND($B138<>\"4+ Trucks\",$D138=\"Replacement\",$P138=\"Diesel\",OR($L138=\"Class_7\",$H138=\"CLass_7\"),$M138=\"New: 2015+\"),\"small fleet new class 7 diesel\",IF(AND($B138<>\"4+ Trucks\",$D138=\"Replacement\",OR($P138=\"Diesel\",$P138=\"LNG/CNG\",$P138=\"Hybrid\"),OR($H138=\"Class_7\",$L138=\"Class_7\"),$M138=\"Used: 2011+\"),\"small fleet used class 7 diesel\",IF(AND($B138<>\"4+ Trucks\",$D138=\"Replacement\",$P138=\"Diesel\",$L138=\"Class_8\",$M138=\"New: 2015+\"),\"small fleet new class 8 diesel\",IF(AND($B138<>\"4+ Trucks\",$D138=\"Replacement\",$P138=\"Diesel\",$L138=\"Class_6\"),\"small fleet class 6 diesel\",IF(AND($B138<>\"4+ Trucks\",$D138=\"Replacement\",OR($P138=\"Diesel\",$P138=\"LNG/CNG\",$P138=\"Hybrid\"),$L138=\"Class_8\",$M138=\"Used: 2011+\"),\"small fleet used class 8 diesel\",IF(AND($B138<>\"4+ Trucks\",$D138=\"Repower\",$P138=\"Diesel\",(OR($L138=\"Class_8\",$L138=\"Class_7\"))),\"small fleet repower class 7/8\",IF(AND($B138<>\"4+ Trucks\",$D138=\"Repower\",$P138=\"Diesel\",$L138=\"Class_6\"),\"small fleet repower class 6\",IF(AND($D138=\"Replacement\",$P138=\"Zero Emission\",(OR($L138=\"Class_8\",$L138=\"Class_7\"))),\"zero emission class 7/8\",IF(AND($D138=\"Replacement\",$P138=\"Hybrid Zero-Mile\",(OR($L138=\"Class_8\",$L138=\"Class_7\"))),\"hybrid zero mile class 7/8\",IF(AND($D138=\"Replacement\",$P138=\"Low NOx\",(OR($L138=\"Class_8\",$L138=\"Class_7\"))),\"low nox class 7/8\",IF(AND($D138=\"Replacement\",$P138=\"Hybrid\",(OR($L138=\"Class_8\",$L138=\"Class_7\"))),\"hybrid class 7/8\",IF(AND($D138=\"Replacement\",$P138=\"LNG/CNG\",(OR($L138=\"Class_8\",$L138=\"Class_7\"))),\"lng/cng class 7/8\",IF(AND($D138=\"Replacement\",$P138=\"Zero Emission\",$L138=\"Class_6\"),\"zero emission class 6\",IF(AND($D138=\"Replacement\",$P138=\"Hybrid Zero-Mile\",$L138=\"Class_6\"),\"hybrid zero mile class 6\",IF(AND($D138=\"Replacement\",$P138=\"Low NOx\",$L138=\"Class_6\"),\"low nox class 6\",IF(AND($D138=\"Replacement\",$P138=\"Hybrid\",$L138=\"Class_6\"),\"hybrid class 6\",IF(AND($D138=\"Replacement\",$P138=\"LNG/CNG\",$L138=\"Class_6\"),\"lng/cng class 6\",(IF(AND($P138=\"Diesel\", OR($L138=\"Class_6\", $AE138=\"Class_6\")),\"small fleet class 6 diesel\",IF(AND($P138=\"Diesel\",$M138=\"New: 2015+\", OR($L138=\"Class_7\", $AE138=\"Class_7\")),\"small fleet new class 7 diesel\",IF(AND($P138=\"Diesel\",$M138=\"Used: 2011+\", OR($L138=\"Class_7\", $AE138=\"Class_7\")),\"small fleet used class 7 diesel\",IF(AND($P138=\"Diesel\",$M138=\"New: 2015+\", OR($L138=\"Class_8\", $AE138=\"Class_8\")),\"small fleet new class 8 diesel\",IF(AND($P138=\"Diesel\",$M138=\"Used: 2011+\", OR($L138=\"Class_8\", $AE138=\"Class_8\")),\"small fleet used class 8 diesel\",(IF(AND($P138=\"LNG/CNG\", OR($L138=\"Class_6\", $AE138=\"Class_6\")),\"lng/cng class 6\",(IF(AND($P138=\"Hybrid\", OR($L138=\"Class_6\", $AE138=\"Class_6\")),\"hybrid class 6\",(IF(AND($P138=\"Low NOx\", OR($L138=\"Class_6\", $AE138=\"Class_6\")),\"low nox class 6\",(IF(AND($P138=\"Hybrid Zero-Mile\", OR($L138=\"Class_6\", $AE138=\"Class_6\")),\"hybrid zero mile class 6\",(IF(AND($P138=\"Zero Emission\", OR($L138=\"Class_6\", $AE138=\"Class_6\")),\"zero emission class 6\",(IF(AND($P138=\"LNG/CNG\", OR($L138=\"Class_7\", $AE138=\"Class_7\")),\"lng/cng class 7/8\",(IF(AND($P138=\"Hybrid\", OR($L138=\"Class_7\", $AE138=\"Class_7\")),\"hybrid class 7/8\",(IF(AND($P138=\"Low NOx\", OR($L138=\"Class_7\", $AE138=\"Class_7\")),\"low nox class 7/8\",(IF(AND($P138=\"Hybrid Zero-Mile\", OR($L138=\"Class_7\", $AE138=\"Class_7\")),\"hybrid zero mile class 7/8\",(IF(AND($P138=\"Zero Emission\", OR($L138=\"Class_7\", $AE138=\"Class_7\")),\"zero emission class 7/8\",(IF(AND($P138=\"LNG/CNG\", OR($L138=\"Class_8\", $AE138=\"Class_8\")),\"lng/cng class 7/8\",(IF(AND($P138=\"Hybrid\", OR($L138=\"Class_8\", $AE138=\"Class_8\")),\"hybrid class 7/8\",(IF(AND($P138=\"Low NOx\", OR($L138=\"Class_8\", $AE138=\"Class_8\")),\"low nox class 7/8\",(IF(AND($P138=\"Hybrid Zero-Mile\", OR($L138=\"Class_8\", $AE138=\"Class_8\")),\"hybrid zero mile class 7/8\",(IF(AND($P138=\"Zero Emission\", OR($L138=\"Class_8\", $AE138=\"Class_8\")),\"zero emission class 7/8\")))))))))))))))))))))))))))))))))))))))))))))))))))))","v":false}]
["project 137",null,null,null,null,null,null,{"$f":"IF($G141=\"33,001 +\",\"Class_8\",IF($G141=\"26,001-33,000\",\"Class_7\",IF($G141=\"19,501-26,000\",\"Class_6\",\"\")))","v":""},null,null,null,null,null,null,{"$f":"IF(H141=\"Class_6\",IF(T141=\"No\",MIN(IF((J141*K141)<10000,0,J141*K141),IF((J141*N141)<10000,0,J141*N141)),IF(MIN(Y141*Z141,Y141*N141)+MIN(J141*K141,J141*N141)>9999,MIN(J141*K141,J141*N141),0)),IF(T141=\"No\",MIN(IF((J141*K141)<20000,0,J141*K141),IF((J141*N141)<20000,0,J141*N141)),IF(MIN(Y141*Z141,Y141*N141)+MIN(J141*K141,J141*N141)>19999,MIN(J141*K141,J141*N141),0)))","v":0},null,null,"","No","No",null,null,null,{"$f":"IF($W141=\"33,001 +\",\"Class_8\",IF($W141=\"26,001-33,000\",\"Class_7\",IF($W141=\"19,501-26,000\",\"Class_6\",IF($W141=\"\",\"\"))))","v":""},null,null,0,{"$f":"IF($T141=\"Yes\",IF(COUNTA($U141:$AA141)=7,\"Complete\",\"Incomplete\"),\"N/A\")","v":"N/A"},{"$f":"IF($D141=\"2-for-1 Replace\",IF(OR(COUNTA(A141:AA141)=27,COUNTA(A141:AA141)=29),\"Complete\",\"Incomplete\"),IF(OR($D141=\"Replacement\",$D141=\"Repower\"),IF(COUNTA(A141:Q141)=17,\"Complete\",\"Incomplete\"),\"Incomplete\"))","v":"Incomplete"},null,{"$f":"IF(OR($H141=\"Class_8\",$X141=\"Class_8\"),\"Class_8\",IF(OR($H141=\"Class_7\",$X141=\"Class_7\"),\"Class_7\",IF(OR($H141=\"Class_6\",$X141=\"Class_6\"),\"Class_6\")))","v":false},false,{"$f":"IF($D141=\"Repower\",IF($H141=\"Class_7\",IF($M141=\"New: 2013+ HHD\",\"CL7HHD\",\"gas\")))","v":false},false,null,{"$f":"IF($D141=\"2-for-1 Replace\",\"Norestr\",IF($AK141=\"Repower_8\",\"Repo8\",IF($AK141=\"Repower_7\",\"Repo7\",IF($AK141=\"Repower_6\",\"Repo6\",IF(OR($H141=\"Class_8\",$L141=\"Class_8\"),\"Replacement8HHD\",IF($D141=\"Replacement\",IF($H141=\"Class_6\",\"Replacement6\",IF($H141=\"Class_7\",IF($I141=\"MHD\",\"Replacement7MHD\",\"Replacement7HHD\"),IF($H141=\"Class_8\",IF($I141=\"HHD\",\"Replacement8HHD\",\"Replacement8MHD\")))),))))))","v":0},{"$f":"IF($D141=\"Replacement\",IF($H141=\"Class_6\",\"Replacement_6\",IF($H141=\"Class_7\",\"Replacement_7\",IF($H141=\"Class_8\",\"Replacement_8\",null))),IF($D141=\"Repower\",IF($H141=\"Class_6\",\"Repower_6\",IF($H141=\"Class_7\",\"Repower_7\",IF($H141=\"Class_8\",\"Repower_8\",null))),IF($D141=\"2-for-1 Replace\",IF($L141=\"Class_6\",\"Replacement_6\",IF($L141=\"Class_7\",\"Replacement_7\",IF($L141=\"Class_8\",\"Replacement_8\",null))))))","v":false},{"$f":"IF($D141=\"Replacement\",IF(AND($H141=\"Class_6\",$B141 <> \"4+ Trucks\"),\"Small_Fleet_Replacement_6\",IF(AND($H141=\"Class_7\",$B141 <> \"4+ Trucks\"),\"Small_Fleet_Replacement_7\",IF(AND($H141=\"Class_8\",$B141 <> \"4+ Trucks\"),\"Small_Fleet_Replacement_8\",null))),IF($D141=\"Repower\",IF($H141=\"Class_6\",\"Repower_6\",IF($H141=\"Class_7\",\"Repower_7\",IF($H141=\"Class_8\",\"Repower_8\",null))),IF($D141=\"2-for-1 Replace\",IF($L141=\"Class_6\",\"Replacement_6\",IF($L141=\"Class_7\",\"Small_Fleet_Replacement_7\",IF($L141=\"Class_8\",\"Small_Fleet_Replacement_8\",null))))))","v":false},null,null,null,null,{"$f":"IF(AND($B141<>\"4+ Trucks\",$D141=\"Replacement\",$P141=\"Diesel\",OR($L141=\"Class_7\",$H141=\"CLass_7\"),$M141=\"New: 2015+\"),\"small fleet new class 7 diesel\",IF(AND($B141<>\"4+ Trucks\",$D141=\"Replacement\",OR($P141=\"Diesel\",$P141=\"LNG/CNG\",$P141=\"Hybrid\"),OR($H141=\"Class_7\",$L141=\"Class_7\"),$M141=\"Used: 2011+\"),\"small fleet used class 7 diesel\",IF(AND($B141<>\"4+ Trucks\",$D141=\"Replacement\",$P141=\"Diesel\",$L141=\"Class_8\",$M141=\"New: 2015+\"),\"small fleet new class 8 diesel\",IF(AND($B141<>\"4+ Trucks\",$D141=\"Replacement\",$P141=\"Diesel\",$L141=\"Class_6\"),\"small fleet class 6 diesel\",IF(AND($B141<>\"4+ Trucks\",$D141=\"Replacement\",OR($P141=\"Diesel\",$P141=\"LNG/CNG\",$P141=\"Hybrid\"),$L141=\"Class_8\",$M141=\"Used: 2011+\"),\"small fleet used class 8 diesel\",IF(AND($B141<>\"4+ Trucks\",$D141=\"Repower\",$P141=\"Diesel\",(OR($L141=\"Class_8\",$L141=\"Class_7\"))),\"small fleet repower class 7/8\",IF(AND($B141<>\"4+ Trucks\",$D141=\"Repower\",$P141=\"Diesel\",$L141=\"Class_6\"),\"small fleet repower class 6\",IF(AND($D141=\"Replacement\",$P141=\"Zero Emission\",(OR($L141=\"Class_8\",$L141=\"Class_7\"))),\"zero emission class 7/8\",IF(AND($D141=\"Replacement\",$P141=\"Hybrid Zero-Mile\",(OR($L141=\"Class_8\",$L141=\"Class_7\"))),\"hybrid zero mile class 7/8\",IF(AND($D141=\"Replacement\",$P141=\"Low NOx\",(OR($L141=\"Class_8\",$L141=\"Class_7\"))),\"low nox class 7/8\",IF(AND($D141=\"Replacement\",$P141=\"Hybrid\",(OR($L141=\"Class_8\",$L141=\"Class_7\"))),\"hybrid class 7/8\",IF(AND($D141=\"Replacement\",$P141=\"LNG/CNG\",(OR($L141=\"Class_8\",$L141=\"Class_7\"))),\"lng/cng class 7/8\",IF(AND($D141=\"Replacement\",$P141=\"Zero Emission\",$L141=\"Class_6\"),\"zero emission class 6\",IF(AND($D141=\"Replacement\",$P141=\"Hybrid Zero-Mile\",$L141=\"Class_6\"),\"hybrid zero mile class 6\",IF(AND($D141=\"Replacement\",$P141=\"Low NOx\",$L141=\"Class_6\"),\"low nox class 6\",IF(AND($D141=\"Replacement\",$P141=\"Hybrid\",$L141=\"Class_6\"),\"hybrid class 6\",IF(AND($D141=\"Replacement\",$P141=\"LNG/CNG\",$L141=\"Class_6\"),\"lng/cng class 6\",(IF(AND($P141=\"Diesel\", OR($L141=\"Class_6\", $AE141=\"Class_6\")),\"small fleet class 6 diesel\",IF(AND($P141=\"Diesel\",$M141=\"New: 2015+\", OR($L141=\"Class_7\", $AE141=\"Class_7\")),\"small fleet new class 7 diesel\",IF(AND($P141=\"Diesel\",$M141=\"Used: 2011+\", OR($L141=\"Class_7\", $AE141=\"Class_7\")),\"small fleet used class 7 diesel\",IF(AND($P141=\"Diesel\",$M141=\"New: 2015+\", OR($L141=\"Class_8\", $AE141=\"Class_8\")),\"small fleet new class 8 diesel\",IF(AND($P141=\"Diesel\",$M141=\"Used: 2011+\", OR($L141=\"Class_8\", $AE141=\"Class_8\")),\"small fleet used class 8 diesel\",(IF(AND($P141=\"LNG/CNG\", OR($L141=\"Class_6\", $AE141=\"Class_6\")),\"lng/cng class 6\",(IF(AND($P141=\"Hybrid\", OR($L141=\"Class_6\", $AE141=\"Class_6\")),\"hybrid class 6\",(IF(AND($P141=\"Low NOx\", OR($L141=\"Class_6\", $AE141=\"Class_6\")),\"low nox class 6\",(IF(AND($P141=\"Hybrid Zero-Mile\", OR($L141=\"Class_6\", $AE141=\"Class_6\")),\"hybrid zero mile class 6\",(IF(AND($P141=\"Zero Emission\", OR($L141=\"Class_6\", $AE141=\"Class_6\")),\"zero emission class 6\",(IF(AND($P141=\"LNG/CNG\", OR($L141=\"Class_7\", $AE141=\"Class_7\")),\"lng/cng class 7/8\",(IF(AND($P141=\"Hybrid\", OR($L141=\"Class_7\", $AE141=\"Class_7\")),\"hybrid class 7/8\",(IF(AND($P141=\"Low NOx\", OR($L141=\"Class_7\", $AE141=\"Class_7\")),\"low nox class 7/8\",(IF(AND($P141=\"Hybrid Zero-Mile\", OR($L141=\"Class_7\", $AE141=\"Class_7\")),\"hybrid zero mile class 7/8\",(IF(AND($P141=\"Zero Emission\", OR($L141=\"Class_7\", $AE141=\"Class_7\")),\"zero emission class 7/8\",(IF(AND($P141=\"LNG/CNG\", OR($L141=\"Class_8\", $AE141=\"Class_8\")),\"lng/cng class 7/8\",(IF(AND($P141=\"Hybrid\", OR($L141=\"Class_8\", $AE141=\"Class_8\")),\"hybrid class 7/8\",(IF(AND($P141=\"Low NOx\", OR($L141=\"Class_8\", $AE141=\"Class_8\")),\"low nox class 7/8\",(IF(AND($P141=\"Hybrid Zero-Mile\", OR($L141=\"Class_8\", $AE141=\"Class_8\")),\"hybrid zero mile class 7/8\",(IF(AND($P141=\"Zero Emission\", OR($L141=\"Class_8\", $AE141=\"Class_8\")),\"zero emission class 7/8\")))))))))))))))))))))))))))))))))))))))))))))))))))))","v":false}]
["project 138",null,null,null,null,null,null,{"$f":"IF($G142=\"33,001 +\",\"Class_8\",IF($G142=\"26,001-33,000\",\"Class_7\",IF($G142=\"19,501-26,000\",\"Class_6\",\"\")))","v":""},null,null,null,null,null,null,{"$f":"IF(H142=\"Class_6\",IF(T142=\"No\",MIN(IF((J142*K142)<10000,0,J142*K142),IF((J142*N142)<10000,0,J142*N142)),IF(MIN(Y142*Z142,Y142*N142)+MIN(J142*K142,J142*N142)>9999,MIN(J142*K142,J142*N142),0)),IF(T142=\"No\",MIN(IF((J142*K142)<20000,0,J142*K142),IF((J142*N142)<20000,0,J142*N142)),IF(MIN(Y142*Z142,Y142*N142)+MIN(J142*K142,J142*N142)>19999,MIN(J142*K142,J142*N142),0)))","v":0},null,null,"","No","No",null,null,null,{"$f":"IF($W142=\"33,001 +\",\"Class_8\",IF($W142=\"26,001-33,000\",\"Class_7\",IF($W142=\"19,501-26,000\",\"Class_6\",IF($W142=\"\",\"\"))))","v":""},null,null,0,{"$f":"IF($T142=\"Yes\",IF(COUNTA($U142:$AA142)=7,\"Complete\",\"Incomplete\"),\"N/A\")","v":"N/A"},{"$f":"IF($D142=\"2-for-1 Replace\",IF(OR(COUNTA(A142:AA142)=27,COUNTA(A142:AA142)=29),\"Complete\",\"Incomplete\"),IF(OR($D142=\"Replacement\",$D142=\"Repower\"),IF(COUNTA(A142:Q142)=17,\"Complete\",\"Incomplete\"),\"Incomplete\"))","v":"Incomplete"},null,{"$f":"IF(OR($H142=\"Class_8\",$X142=\"Class_8\"),\"Class_8\",IF(OR($H142=\"Class_7\",$X142=\"Class_7\"),\"Class_7\",IF(OR($H142=\"Class_6\",$X142=\"Class_6\"),\"Class_6\")))","v":false},false,{"$f":"IF($D142=\"Repower\",IF($H142=\"Class_7\",IF($M142=\"New: 2013+ HHD\",\"CL7HHD\",\"gas\")))","v":false},false,null,{"$f":"IF($D142=\"2-for-1 Replace\",\"Norestr\",IF($AK142=\"Repower_8\",\"Repo8\",IF($AK142=\"Repower_7\",\"Repo7\",IF($AK142=\"Repower_6\",\"Repo6\",IF(OR($H142=\"Class_8\",$L142=\"Class_8\"),\"Replacement8HHD\",IF($D142=\"Replacement\",IF($H142=\"Class_6\",\"Replacement6\",IF($H142=\"Class_7\",IF($I142=\"MHD\",\"Replacement7MHD\",\"Replacement7HHD\"),IF($H142=\"Class_8\",IF($I142=\"HHD\",\"Replacement8HHD\",\"Replacement8MHD\")))),))))))","v":0},{"$f":"IF($D142=\"Replacement\",IF($H142=\"Class_6\",\"Replacement_6\",IF($H142=\"Class_7\",\"Replacement_7\",IF($H142=\"Class_8\",\"Replacement_8\",null))),IF($D142=\"Repower\",IF($H142=\"Class_6\",\"Repower_6\",IF($H142=\"Class_7\",\"Repower_7\",IF($H142=\"Class_8\",\"Repower_8\",null))),IF($D142=\"2-for-1 Replace\",IF($L142=\"Class_6\",\"Replacement_6\",IF($L142=\"Class_7\",\"Replacement_7\",IF($L142=\"Class_8\",\"Replacement_8\",null))))))","v":false},{"$f":"IF($D142=\"Replacement\",IF(AND($H142=\"Class_6\",$B142 <> \"4+ Trucks\"),\"Small_Fleet_Replacement_6\",IF(AND($H142=\"Class_7\",$B142 <> \"4+ Trucks\"),\"Small_Fleet_Replacement_7\",IF(AND($H142=\"Class_8\",$B142 <> \"4+ Trucks\"),\"Small_Fleet_Replacement_8\",null))),IF($D142=\"Repower\",IF($H142=\"Class_6\",\"Repower_6\",IF($H142=\"Class_7\",\"Repower_7\",IF($H142=\"Class_8\",\"Repower_8\",null))),IF($D142=\"2-for-1 Replace\",IF($L142=\"Class_6\",\"Replacement_6\",IF($L142=\"Class_7\",\"Small_Fleet_Replacement_7\",IF($L142=\"Class_8\",\"Small_Fleet_Replacement_8\",null))))))","v":false},null,null,null,null,{"$f":"IF(AND($B142<>\"4+ Trucks\",$D142=\"Replacement\",$P142=\"Diesel\",OR($L142=\"Class_7\",$H142=\"CLass_7\"),$M142=\"New: 2015+\"),\"small fleet new class 7 diesel\",IF(AND($B142<>\"4+ Trucks\",$D142=\"Replacement\",OR($P142=\"Diesel\",$P142=\"LNG/CNG\",$P142=\"Hybrid\"),OR($H142=\"Class_7\",$L142=\"Class_7\"),$M142=\"Used: 2011+\"),\"small fleet used class 7 diesel\",IF(AND($B142<>\"4+ Trucks\",$D142=\"Replacement\",$P142=\"Diesel\",$L142=\"Class_8\",$M142=\"New: 2015+\"),\"small fleet new class 8 diesel\",IF(AND($B142<>\"4+ Trucks\",$D142=\"Replacement\",$P142=\"Diesel\",$L142=\"Class_6\"),\"small fleet class 6 diesel\",IF(AND($B142<>\"4+ Trucks\",$D142=\"Replacement\",OR($P142=\"Diesel\",$P142=\"LNG/CNG\",$P142=\"Hybrid\"),$L142=\"Class_8\",$M142=\"Used: 2011+\"),\"small fleet used class 8 diesel\",IF(AND($B142<>\"4+ Trucks\",$D142=\"Repower\",$P142=\"Diesel\",(OR($L142=\"Class_8\",$L142=\"Class_7\"))),\"small fleet repower class 7/8\",IF(AND($B142<>\"4+ Trucks\",$D142=\"Repower\",$P142=\"Diesel\",$L142=\"Class_6\"),\"small fleet repower class 6\",IF(AND($D142=\"Replacement\",$P142=\"Zero Emission\",(OR($L142=\"Class_8\",$L142=\"Class_7\"))),\"zero emission class 7/8\",IF(AND($D142=\"Replacement\",$P142=\"Hybrid Zero-Mile\",(OR($L142=\"Class_8\",$L142=\"Class_7\"))),\"hybrid zero mile class 7/8\",IF(AND($D142=\"Replacement\",$P142=\"Low NOx\",(OR($L142=\"Class_8\",$L142=\"Class_7\"))),\"low nox class 7/8\",IF(AND($D142=\"Replacement\",$P142=\"Hybrid\",(OR($L142=\"Class_8\",$L142=\"Class_7\"))),\"hybrid class 7/8\",IF(AND($D142=\"Replacement\",$P142=\"LNG/CNG\",(OR($L142=\"Class_8\",$L142=\"Class_7\"))),\"lng/cng class 7/8\",IF(AND($D142=\"Replacement\",$P142=\"Zero Emission\",$L142=\"Class_6\"),\"zero emission class 6\",IF(AND($D142=\"Replacement\",$P142=\"Hybrid Zero-Mile\",$L142=\"Class_6\"),\"hybrid zero mile class 6\",IF(AND($D142=\"Replacement\",$P142=\"Low NOx\",$L142=\"Class_6\"),\"low nox class 6\",IF(AND($D142=\"Replacement\",$P142=\"Hybrid\",$L142=\"Class_6\"),\"hybrid class 6\",IF(AND($D142=\"Replacement\",$P142=\"LNG/CNG\",$L142=\"Class_6\"),\"lng/cng class 6\",(IF(AND($P142=\"Diesel\", OR($L142=\"Class_6\", $AE142=\"Class_6\")),\"small fleet class 6 diesel\",IF(AND($P142=\"Diesel\",$M142=\"New: 2015+\", OR($L142=\"Class_7\", $AE142=\"Class_7\")),\"small fleet new class 7 diesel\",IF(AND($P142=\"Diesel\",$M142=\"Used: 2011+\", OR($L142=\"Class_7\", $AE142=\"Class_7\")),\"small fleet used class 7 diesel\",IF(AND($P142=\"Diesel\",$M142=\"New: 2015+\", OR($L142=\"Class_8\", $AE142=\"Class_8\")),\"small fleet new class 8 diesel\",IF(AND($P142=\"Diesel\",$M142=\"Used: 2011+\", OR($L142=\"Class_8\", $AE142=\"Class_8\")),\"small fleet used class 8 diesel\",(IF(AND($P142=\"LNG/CNG\", OR($L142=\"Class_6\", $AE142=\"Class_6\")),\"lng/cng class 6\",(IF(AND($P142=\"Hybrid\", OR($L142=\"Class_6\", $AE142=\"Class_6\")),\"hybrid class 6\",(IF(AND($P142=\"Low NOx\", OR($L142=\"Class_6\", $AE142=\"Class_6\")),\"low nox class 6\",(IF(AND($P142=\"Hybrid Zero-Mile\", OR($L142=\"Class_6\", $AE142=\"Class_6\")),\"hybrid zero mile class 6\",(IF(AND($P142=\"Zero Emission\", OR($L142=\"Class_6\", $AE142=\"Class_6\")),\"zero emission class 6\",(IF(AND($P142=\"LNG/CNG\", OR($L142=\"Class_7\", $AE142=\"Class_7\")),\"lng/cng class 7/8\",(IF(AND($P142=\"Hybrid\", OR($L142=\"Class_7\", $AE142=\"Class_7\")),\"hybrid class 7/8\",(IF(AND($P142=\"Low NOx\", OR($L142=\"Class_7\", $AE142=\"Class_7\")),\"low nox class 7/8\",(IF(AND($P142=\"Hybrid Zero-Mile\", OR($L142=\"Class_7\", $AE142=\"Class_7\")),\"hybrid zero mile class 7/8\",(IF(AND($P142=\"Zero Emission\", OR($L142=\"Class_7\", $AE142=\"Class_7\")),\"zero emission class 7/8\",(IF(AND($P142=\"LNG/CNG\", OR($L142=\"Class_8\", $AE142=\"Class_8\")),\"lng/cng class 7/8\",(IF(AND($P142=\"Hybrid\", OR($L142=\"Class_8\", $AE142=\"Class_8\")),\"hybrid class 7/8\",(IF(AND($P142=\"Low NOx\", OR($L142=\"Class_8\", $AE142=\"Class_8\")),\"low nox class 7/8\",(IF(AND($P142=\"Hybrid Zero-Mile\", OR($L142=\"Class_8\", $AE142=\"Class_8\")),\"hybrid zero mile class 7/8\",(IF(AND($P142=\"Zero Emission\", OR($L142=\"Class_8\", $AE142=\"Class_8\")),\"zero emission class 7/8\")))))))))))))))))))))))))))))))))))))))))))))))))))))","v":false}]
["project 141",null,null,null,null,null,null,{"$f":"IF($G145=\"33,001 +\",\"Class_8\",IF($G145=\"26,001-33,000\",\"Class_7\",IF($G145=\"19,501-26,000\",\"Class_6\",\"\")))","v":""},null,null,null,null,null,null,{"$f":"IF(H145=\"Class_6\",IF(T145=\"No\",MIN(IF((J145*K145)<10000,0,J145*K145),IF((J145*N145)<10000,0,J145*N145)),IF(MIN(Y145*Z145,Y145*N145)+MIN(J145*K145,J145*N145)>9999,MIN(J145*K145,J145*N145),0)),IF(T145=\"No\",MIN(IF((J145*K145)<20000,0,J145*K145),IF((J145*N145)<20000,0,J145*N145)),IF(MIN(Y145*Z145,Y145*N145)+MIN(J145*K145,J145*N145)>19999,MIN(J145*K145,J145*N145),0)))","v":0},null,null,"","No","No",null,null,null,{"$f":"IF($W145=\"33,001 +\",\"Class_8\",IF($W145=\"26,001-33,000\",\"Class_7\",IF($W145=\"19,501-26,000\",\"Class_6\",IF($W145=\"\",\"\"))))","v":""},null,null,0,{"$f":"IF($T145=\"Yes\",IF(COUNTA($U145:$AA145)=7,\"Complete\",\"Incomplete\"),\"N/A\")","v":"N/A"},{"$f":"IF($D145=\"2-for-1 Replace\",IF(OR(COUNTA(A145:AA145)=27,COUNTA(A145:AA145)=29),\"Complete\",\"Incomplete\"),IF(OR($D145=\"Replacement\",$D145=\"Repower\"),IF(COUNTA(A145:Q145)=17,\"Complete\",\"Incomplete\"),\"Incomplete\"))","v":"Incomplete"},null,{"$f":"IF(OR($H145=\"Class_8\",$X145=\"Class_8\"),\"Class_8\",IF(OR($H145=\"Class_7\",$X145=\"Class_7\"),\"Class_7\",IF(OR($H145=\"Class_6\",$X145=\"Class_6\"),\"Class_6\")))","v":false},false,{"$f":"IF($D145=\"Repower\",IF($H145=\"Class_7\",IF($M145=\"New: 2013+ HHD\",\"CL7HHD\",\"gas\")))","v":false},false,null,{"$f":"IF($D145=\"2-for-1 Replace\",\"Norestr\",IF($AK145=\"Repower_8\",\"Repo8\",IF($AK145=\"Repower_7\",\"Repo7\",IF($AK145=\"Repower_6\",\"Repo6\",IF(OR($H145=\"Class_8\",$L145=\"Class_8\"),\"Replacement8HHD\",IF($D145=\"Replacement\",IF($H145=\"Class_6\",\"Replacement6\",IF($H145=\"Class_7\",IF($I145=\"MHD\",\"Replacement7MHD\",\"Replacement7HHD\"),IF($H145=\"Class_8\",IF($I145=\"HHD\",\"Replacement8HHD\",\"Replacement8MHD\")))),))))))","v":0},{"$f":"IF($D145=\"Replacement\",IF($H145=\"Class_6\",\"Replacement_6\",IF($H145=\"Class_7\",\"Replacement_7\",IF($H145=\"Class_8\",\"Replacement_8\",null))),IF($D145=\"Repower\",IF($H145=\"Class_6\",\"Repower_6\",IF($H145=\"Class_7\",\"Repower_7\",IF($H145=\"Class_8\",\"Repower_8\",null))),IF($D145=\"2-for-1 Replace\",IF($L145=\"Class_6\",\"Replacement_6\",IF($L145=\"Class_7\",\"Replacement_7\",IF($L145=\"Class_8\",\"Replacement_8\",null))))))","v":false},{"$f":"IF($D145=\"Replacement\",IF(AND($H145=\"Class_6\",$B145 <> \"4+ Trucks\"),\"Small_Fleet_Replacement_6\",IF(AND($H145=\"Class_7\",$B145 <> \"4+ Trucks\"),\"Small_Fleet_Replacement_7\",IF(AND($H145=\"Class_8\",$B145 <> \"4+ Trucks\"),\"Small_Fleet_Replacement_8\",null))),IF($D145=\"Repower\",IF($H145=\"Class_6\",\"Repower_6\",IF($H145=\"Class_7\",\"Repower_7\",IF($H145=\"Class_8\",\"Repower_8\",null))),IF($D145=\"2-for-1 Replace\",IF($L145=\"Class_6\",\"Replacement_6\",IF($L145=\"Class_7\",\"Small_Fleet_Replacement_7\",IF($L145=\"Class_8\",\"Small_Fleet_Replacement_8\",null))))))","v":false},null,null,null,null,{"$f":"IF(AND($B145<>\"4+ Trucks\",$D145=\"Replacement\",$P145=\"Diesel\",OR($L145=\"Class_7\",$H145=\"CLass_7\"),$M145=\"New: 2015+\"),\"small fleet new class 7 diesel\",IF(AND($B145<>\"4+ Trucks\",$D145=\"Replacement\",OR($P145=\"Diesel\",$P145=\"LNG/CNG\",$P145=\"Hybrid\"),OR($H145=\"Class_7\",$L145=\"Class_7\"),$M145=\"Used: 2011+\"),\"small fleet used class 7 diesel\",IF(AND($B145<>\"4+ Trucks\",$D145=\"Replacement\",$P145=\"Diesel\",$L145=\"Class_8\",$M145=\"New: 2015+\"),\"small fleet new class 8 diesel\",IF(AND($B145<>\"4+ Trucks\",$D145=\"Replacement\",$P145=\"Diesel\",$L145=\"Class_6\"),\"small fleet class 6 diesel\",IF(AND($B145<>\"4+ Trucks\",$D145=\"Replacement\",OR($P145=\"Diesel\",$P145=\"LNG/CNG\",$P145=\"Hybrid\"),$L145=\"Class_8\",$M145=\"Used: 2011+\"),\"small fleet used class 8 diesel\",IF(AND($B145<>\"4+ Trucks\",$D145=\"Repower\",$P145=\"Diesel\",(OR($L145=\"Class_8\",$L145=\"Class_7\"))),\"small fleet repower class 7/8\",IF(AND($B145<>\"4+ Trucks\",$D145=\"Repower\",$P145=\"Diesel\",$L145=\"Class_6\"),\"small fleet repower class 6\",IF(AND($D145=\"Replacement\",$P145=\"Zero Emission\",(OR($L145=\"Class_8\",$L145=\"Class_7\"))),\"zero emission class 7/8\",IF(AND($D145=\"Replacement\",$P145=\"Hybrid Zero-Mile\",(OR($L145=\"Class_8\",$L145=\"Class_7\"))),\"hybrid zero mile class 7/8\",IF(AND($D145=\"Replacement\",$P145=\"Low NOx\",(OR($L145=\"Class_8\",$L145=\"Class_7\"))),\"low nox class 7/8\",IF(AND($D145=\"Replacement\",$P145=\"Hybrid\",(OR($L145=\"Class_8\",$L145=\"Class_7\"))),\"hybrid class 7/8\",IF(AND($D145=\"Replacement\",$P145=\"LNG/CNG\",(OR($L145=\"Class_8\",$L145=\"Class_7\"))),\"lng/cng class 7/8\",IF(AND($D145=\"Replacement\",$P145=\"Zero Emission\",$L145=\"Class_6\"),\"zero emission class 6\",IF(AND($D145=\"Replacement\",$P145=\"Hybrid Zero-Mile\",$L145=\"Class_6\"),\"hybrid zero mile class 6\",IF(AND($D145=\"Replacement\",$P145=\"Low NOx\",$L145=\"Class_6\"),\"low nox class 6\",IF(AND($D145=\"Replacement\",$P145=\"Hybrid\",$L145=\"Class_6\"),\"hybrid class 6\",IF(AND($D145=\"Replacement\",$P145=\"LNG/CNG\",$L145=\"Class_6\"),\"lng/cng class 6\",(IF(AND($P145=\"Diesel\", OR($L145=\"Class_6\", $AE145=\"Class_6\")),\"small fleet class 6 diesel\",IF(AND($P145=\"Diesel\",$M145=\"New: 2015+\", OR($L145=\"Class_7\", $AE145=\"Class_7\")),\"small fleet new class 7 diesel\",IF(AND($P145=\"Diesel\",$M145=\"Used: 2011+\", OR($L145=\"Class_7\", $AE145=\"Class_7\")),\"small fleet used class 7 diesel\",IF(AND($P145=\"Diesel\",$M145=\"New: 2015+\", OR($L145=\"Class_8\", $AE145=\"Class_8\")),\"small fleet new class 8 diesel\",IF(AND($P145=\"Diesel\",$M145=\"Used: 2011+\", OR($L145=\"Class_8\", $AE145=\"Class_8\")),\"small fleet used class 8 diesel\",(IF(AND($P145=\"LNG/CNG\", OR($L145=\"Class_6\", $AE145=\"Class_6\")),\"lng/cng class 6\",(IF(AND($P145=\"Hybrid\", OR($L145=\"Class_6\", $AE145=\"Class_6\")),\"hybrid class 6\",(IF(AND($P145=\"Low NOx\", OR($L145=\"Class_6\", $AE145=\"Class_6\")),\"low nox class 6\",(IF(AND($P145=\"Hybrid Zero-Mile\", OR($L145=\"Class_6\", $AE145=\"Class_6\")),\"hybrid zero mile class 6\",(IF(AND($P145=\"Zero Emission\", OR($L145=\"Class_6\", $AE145=\"Class_6\")),\"zero emission class 6\",(IF(AND($P145=\"LNG/CNG\", OR($L145=\"Class_7\", $AE145=\"Class_7\")),\"lng/cng class 7/8\",(IF(AND($P145=\"Hybrid\", OR($L145=\"Class_7\", $AE145=\"Class_7\")),\"hybrid class 7/8\",(IF(AND($P145=\"Low NOx\", OR($L145=\"Class_7\", $AE145=\"Class_7\")),\"low nox class 7/8\",(IF(AND($P145=\"Hybrid Zero-Mile\", OR($L145=\"Class_7\", $AE145=\"Class_7\")),\"hybrid zero mile class 7/8\",(IF(AND($P145=\"Zero Emission\", OR($L145=\"Class_7\", $AE145=\"Class_7\")),\"zero emission class 7/8\",(IF(AND($P145=\"LNG/CNG\", OR($L145=\"Class_8\", $AE145=\"Class_8\")),\"lng/cng class 7/8\",(IF(AND($P145=\"Hybrid\", OR($L145=\"Class_8\", $AE145=\"Class_8\")),\"hybrid class 7/8\",(IF(AND($P145=\"Low NOx\", OR($L145=\"Class_8\", $AE145=\"Class_8\")),\"low nox class 7/8\",(IF(AND($P145=\"Hybrid Zero-Mile\", OR($L145=\"Class_8\", $AE145=\"Class_8\")),\"hybrid zero mile class 7/8\",(IF(AND($P145=\"Zero Emission\", OR($L145=\"Class_8\", $AE145=\"Class_8\")),\"zero emission class 7/8\")))))))))))))))))))))))))))))))))))))))))))))))))))))","v":false}]
["project 143",null,null,null,null,null,null,{"$f":"IF($G147=\"33,001 +\",\"Class_8\",IF($G147=\"26,001-33,000\",\"Class_7\",IF($G147=\"19,501-26,000\",\"Class_6\",\"\")))","v":""},null,null,null,null,null,null,{"$f":"IF(H147=\"Class_6\",IF(T147=\"No\",MIN(IF((J147*K147)<10000,0,J147*K147),IF((J147*N147)<10000,0,J147*N147)),IF(MIN(Y147*Z147,Y147*N147)+MIN(J147*K147,J147*N147)>9999,MIN(J147*K147,J147*N147),0)),IF(T147=\"No\",MIN(IF((J147*K147)<20000,0,J147*K147),IF((J147*N147)<20000,0,J147*N147)),IF(MIN(Y147*Z147,Y147*N147)+MIN(J147*K147,J147*N147)>19999,MIN(J147*K147,J147*N147),0)))","v":0},null,null,"","No","No",null,null,null,{"$f":"IF($W147=\"33,001 +\",\"Class_8\",IF($W147=\"26,001-33,000\",\"Class_7\",IF($W147=\"19,501-26,000\",\"Class_6\",IF($W147=\"\",\"\"))))","v":""},null,null,0,{"$f":"IF($T147=\"Yes\",IF(COUNTA($U147:$AA147)=7,\"Complete\",\"Incomplete\"),\"N/A\")","v":"N/A"},{"$f":"IF($D147=\"2-for-1 Replace\",IF(OR(COUNTA(A147:AA147)=27,COUNTA(A147:AA147)=29),\"Complete\",\"Incomplete\"),IF(OR($D147=\"Replacement\",$D147=\"Repower\"),IF(COUNTA(A147:Q147)=17,\"Complete\",\"Incomplete\"),\"Incomplete\"))","v":"Incomplete"},null,{"$f":"IF(OR($H147=\"Class_8\",$X147=\"Class_8\"),\"Class_8\",IF(OR($H147=\"Class_7\",$X147=\"Class_7\"),\"Class_7\",IF(OR($H147=\"Class_6\",$X147=\"Class_6\"),\"Class_6\")))","v":false},false,{"$f":"IF($D147=\"Repower\",IF($H147=\"Class_7\",IF($M147=\"New: 2013+ HHD\",\"CL7HHD\",\"gas\")))","v":false},false,null,{"$f":"IF($D147=\"2-for-1 Replace\",\"Norestr\",IF($AK147=\"Repower_8\",\"Repo8\",IF($AK147=\"Repower_7\",\"Repo7\",IF($AK147=\"Repower_6\",\"Repo6\",IF(OR($H147=\"Class_8\",$L147=\"Class_8\"),\"Replacement8HHD\",IF($D147=\"Replacement\",IF($H147=\"Class_6\",\"Replacement6\",IF($H147=\"Class_7\",IF($I147=\"MHD\",\"Replacement7MHD\",\"Replacement7HHD\"),IF($H147=\"Class_8\",IF($I147=\"HHD\",\"Replacement8HHD\",\"Replacement8MHD\")))),))))))","v":0},{"$f":"IF($D147=\"Replacement\",IF($H147=\"Class_6\",\"Replacement_6\",IF($H147=\"Class_7\",\"Replacement_7\",IF($H147=\"Class_8\",\"Replacement_8\",null))),IF($D147=\"Repower\",IF($H147=\"Class_6\",\"Repower_6\",IF($H147=\"Class_7\",\"Repower_7\",IF($H147=\"Class_8\",\"Repower_8\",null))),IF($D147=\"2-for-1 Replace\",IF($L147=\"Class_6\",\"Replacement_6\",IF($L147=\"Class_7\",\"Replacement_7\",IF($L147=\"Class_8\",\"Replacement_8\",null))))))","v":false},{"$f":"IF($D147=\"Replacement\",IF(AND($H147=\"Class_6\",$B147 <> \"4+ Trucks\"),\"Small_Fleet_Replacement_6\",IF(AND($H147=\"Class_7\",$B147 <> \"4+ Trucks\"),\"Small_Fleet_Replacement_7\",IF(AND($H147=\"Class_8\",$B147 <> \"4+ Trucks\"),\"Small_Fleet_Replacement_8\",null))),IF($D147=\"Repower\",IF($H147=\"Class_6\",\"Repower_6\",IF($H147=\"Class_7\",\"Repower_7\",IF($H147=\"Class_8\",\"Repower_8\",null))),IF($D147=\"2-for-1 Replace\",IF($L147=\"Class_6\",\"Replacement_6\",IF($L147=\"Class_7\",\"Small_Fleet_Replacement_7\",IF($L147=\"Class_8\",\"Small_Fleet_Replacement_8\",null))))))","v":false},null,null,null,null,{"$f":"IF(AND($B147<>\"4+ Trucks\",$D147=\"Replacement\",$P147=\"Diesel\",OR($L147=\"Class_7\",$H147=\"CLass_7\"),$M147=\"New: 2015+\"),\"small fleet new class 7 diesel\",IF(AND($B147<>\"4+ Trucks\",$D147=\"Replacement\",OR($P147=\"Diesel\",$P147=\"LNG/CNG\",$P147=\"Hybrid\"),OR($H147=\"Class_7\",$L147=\"Class_7\"),$M147=\"Used: 2011+\"),\"small fleet used class 7 diesel\",IF(AND($B147<>\"4+ Trucks\",$D147=\"Replacement\",$P147=\"Diesel\",$L147=\"Class_8\",$M147=\"New: 2015+\"),\"small fleet new class 8 diesel\",IF(AND($B147<>\"4+ Trucks\",$D147=\"Replacement\",$P147=\"Diesel\",$L147=\"Class_6\"),\"small fleet class 6 diesel\",IF(AND($B147<>\"4+ Trucks\",$D147=\"Replacement\",OR($P147=\"Diesel\",$P147=\"LNG/CNG\",$P147=\"Hybrid\"),$L147=\"Class_8\",$M147=\"Used: 2011+\"),\"small fleet used class 8 diesel\",IF(AND($B147<>\"4+ Trucks\",$D147=\"Repower\",$P147=\"Diesel\",(OR($L147=\"Class_8\",$L147=\"Class_7\"))),\"small fleet repower class 7/8\",IF(AND($B147<>\"4+ Trucks\",$D147=\"Repower\",$P147=\"Diesel\",$L147=\"Class_6\"),\"small fleet repower class 6\",IF(AND($D147=\"Replacement\",$P147=\"Zero Emission\",(OR($L147=\"Class_8\",$L147=\"Class_7\"))),\"zero emission class 7/8\",IF(AND($D147=\"Replacement\",$P147=\"Hybrid Zero-Mile\",(OR($L147=\"Class_8\",$L147=\"Class_7\"))),\"hybrid zero mile class 7/8\",IF(AND($D147=\"Replacement\",$P147=\"Low NOx\",(OR($L147=\"Class_8\",$L147=\"Class_7\"))),\"low nox class 7/8\",IF(AND($D147=\"Replacement\",$P147=\"Hybrid\",(OR($L147=\"Class_8\",$L147=\"Class_7\"))),\"hybrid class 7/8\",IF(AND($D147=\"Replacement\",$P147=\"LNG/CNG\",(OR($L147=\"Class_8\",$L147=\"Class_7\"))),\"lng/cng class 7/8\",IF(AND($D147=\"Replacement\",$P147=\"Zero Emission\",$L147=\"Class_6\"),\"zero emission class 6\",IF(AND($D147=\"Replacement\",$P147=\"Hybrid Zero-Mile\",$L147=\"Class_6\"),\"hybrid zero mile class 6\",IF(AND($D147=\"Replacement\",$P147=\"Low NOx\",$L147=\"Class_6\"),\"low nox class 6\",IF(AND($D147=\"Replacement\",$P147=\"Hybrid\",$L147=\"Class_6\"),\"hybrid class 6\",IF(AND($D147=\"Replacement\",$P147=\"LNG/CNG\",$L147=\"Class_6\"),\"lng/cng class 6\",(IF(AND($P147=\"Diesel\", OR($L147=\"Class_6\", $AE147=\"Class_6\")),\"small fleet class 6 diesel\",IF(AND($P147=\"Diesel\",$M147=\"New: 2015+\", OR($L147=\"Class_7\", $AE147=\"Class_7\")),\"small fleet new class 7 diesel\",IF(AND($P147=\"Diesel\",$M147=\"Used: 2011+\", OR($L147=\"Class_7\", $AE147=\"Class_7\")),\"small fleet used class 7 diesel\",IF(AND($P147=\"Diesel\",$M147=\"New: 2015+\", OR($L147=\"Class_8\", $AE147=\"Class_8\")),\"small fleet new class 8 diesel\",IF(AND($P147=\"Diesel\",$M147=\"Used: 2011+\", OR($L147=\"Class_8\", $AE147=\"Class_8\")),\"small fleet used class 8 diesel\",(IF(AND($P147=\"LNG/CNG\", OR($L147=\"Class_6\", $AE147=\"Class_6\")),\"lng/cng class 6\",(IF(AND($P147=\"Hybrid\", OR($L147=\"Class_6\", $AE147=\"Class_6\")),\"hybrid class 6\",(IF(AND($P147=\"Low NOx\", OR($L147=\"Class_6\", $AE147=\"Class_6\")),\"low nox class 6\",(IF(AND($P147=\"Hybrid Zero-Mile\", OR($L147=\"Class_6\", $AE147=\"Class_6\")),\"hybrid zero mile class 6\",(IF(AND($P147=\"Zero Emission\", OR($L147=\"Class_6\", $AE147=\"Class_6\")),\"zero emission class 6\",(IF(AND($P147=\"LNG/CNG\", OR($L147=\"Class_7\", $AE147=\"Class_7\")),\"lng/cng class 7/8\",(IF(AND($P147=\"Hybrid\", OR($L147=\"Class_7\", $AE147=\"Class_7\")),\"hybrid class 7/8\",(IF(AND($P147=\"Low NOx\", OR($L147=\"Class_7\", $AE147=\"Class_7\")),\"low nox class 7/8\",(IF(AND($P147=\"Hybrid Zero-Mile\", OR($L147=\"Class_7\", $AE147=\"Class_7\")),\"hybrid zero mile class 7/8\",(IF(AND($P147=\"Zero Emission\", OR($L147=\"Class_7\", $AE147=\"Class_7\")),\"zero emission class 7/8\",(IF(AND($P147=\"LNG/CNG\", OR($L147=\"Class_8\", $AE147=\"Class_8\")),\"lng/cng class 7/8\",(IF(AND($P147=\"Hybrid\", OR($L147=\"Class_8\", $AE147=\"Class_8\")),\"hybrid class 7/8\",(IF(AND($P147=\"Low NOx\", OR($L147=\"Class_8\", $AE147=\"Class_8\")),\"low nox class 7/8\",(IF(AND($P147=\"Hybrid Zero-Mile\", OR($L147=\"Class_8\", $AE147=\"Class_8\")),\"hybrid zero mile class 7/8\",(IF(AND($P147=\"Zero Emission\", OR($L147=\"Class_8\", $AE147=\"Class_8\")),\"zero emission class 7/8\")))))))))))))))))))))))))))))))))))))))))))))))))))))","v":false}]
["project 146",null,null,null,null,null,null,{"$f":"IF($G150=\"33,001 +\",\"Class_8\",IF($G150=\"26,001-33,000\",\"Class_7\",IF($G150=\"19,501-26,000\",\"Class_6\",\"\")))","v":""},null,null,null,null,null,null,{"$f":"IF(H150=\"Class_6\",IF(T150=\"No\",MIN(IF((J150*K150)<10000,0,J150*K150),IF((J150*N150)<10000,0,J150*N150)),IF(MIN(Y150*Z150,Y150*N150)+MIN(J150*K150,J150*N150)>9999,MIN(J150*K150,J150*N150),0)),IF(T150=\"No\",MIN(IF((J150*K150)<20000,0,J150*K150),IF((J150*N150)<20000,0,J150*N150)),IF(MIN(Y150*Z150,Y150*N150)+MIN(J150*K150,J150*N150)>19999,MIN(J150*K150,J150*N150),0)))","v":0},null,null,"","No","No",null,null,null,{"$f":"IF($W150=\"33,001 +\",\"Class_8\",IF($W150=\"26,001-33,000\",\"Class_7\",IF($W150=\"19,501-26,000\",\"Class_6\",IF($W150=\"\",\"\"))))","v":""},null,null,0,{"$f":"IF($T150=\"Yes\",IF(COUNTA($U150:$AA150)=7,\"Complete\",\"Incomplete\"),\"N/A\")","v":"N/A"},{"$f":"IF($D150=\"2-for-1 Replace\",IF(OR(COUNTA(A150:AA150)=27,COUNTA(A150:AA150)=29),\"Complete\",\"Incomplete\"),IF(OR($D150=\"Replacement\",$D150=\"Repower\"),IF(COUNTA(A150:Q150)=17,\"Complete\",\"Incomplete\"),\"Incomplete\"))","v":"Incomplete"},null,{"$f":"IF(OR($H150=\"Class_8\",$X150=\"Class_8\"),\"Class_8\",IF(OR($H150=\"Class_7\",$X150=\"Class_7\"),\"Class_7\",IF(OR($H150=\"Class_6\",$X150=\"Class_6\"),\"Class_6\")))","v":false},false,{"$f":"IF($D150=\"Repower\",IF($H150=\"Class_7\",IF($M150=\"New: 2013+ HHD\",\"CL7HHD\",\"gas\")))","v":false},false,null,{"$f":"IF($D150=\"2-for-1 Replace\",\"Norestr\",IF($AK150=\"Repower_8\",\"Repo8\",IF($AK150=\"Repower_7\",\"Repo7\",IF($AK150=\"Repower_6\",\"Repo6\",IF(OR($H150=\"Class_8\",$L150=\"Class_8\"),\"Replacement8HHD\",IF($D150=\"Replacement\",IF($H150=\"Class_6\",\"Replacement6\",IF($H150=\"Class_7\",IF($I150=\"MHD\",\"Replacement7MHD\",\"Replacement7HHD\"),IF($H150=\"Class_8\",IF($I150=\"HHD\",\"Replacement8HHD\",\"Replacement8MHD\")))),))))))","v":0},{"$f":"IF($D150=\"Replacement\",IF($H150=\"Class_6\",\"Replacement_6\",IF($H150=\"Class_7\",\"Replacement_7\",IF($H150=\"Class_8\",\"Replacement_8\",null))),IF($D150=\"Repower\",IF($H150=\"Class_6\",\"Repower_6\",IF($H150=\"Class_7\",\"Repower_7\",IF($H150=\"Class_8\",\"Repower_8\",null))),IF($D150=\"2-for-1 Replace\",IF($L150=\"Class_6\",\"Replacement_6\",IF($L150=\"Class_7\",\"Replacement_7\",IF($L150=\"Class_8\",\"Replacement_8\",null))))))","v":false},{"$f":"IF($D150=\"Replacement\",IF(AND($H150=\"Class_6\",$B150 <> \"4+ Trucks\"),\"Small_Fleet_Replacement_6\",IF(AND($H150=\"Class_7\",$B150 <> \"4+ Trucks\"),\"Small_Fleet_Replacement_7\",IF(AND($H150=\"Class_8\",$B150 <> \"4+ Trucks\"),\"Small_Fleet_Replacement_8\",null))),IF($D150=\"Repower\",IF($H150=\"Class_6\",\"Repower_6\",IF($H150=\"Class_7\",\"Repower_7\",IF($H150=\"Class_8\",\"Repower_8\",null))),IF($D150=\"2-for-1 Replace\",IF($L150=\"Class_6\",\"Replacement_6\",IF($L150=\"Class_7\",\"Small_Fleet_Replacement_7\",IF($L150=\"Class_8\",\"Small_Fleet_Replacement_8\",null))))))","v":false},null,null,null,null,{"$f":"IF(AND($B150<>\"4+ Trucks\",$D150=\"Replacement\",$P150=\"Diesel\",OR($L150=\"Class_7\",$H150=\"CLass_7\"),$M150=\"New: 2015+\"),\"small fleet new class 7 diesel\",IF(AND($B150<>\"4+ Trucks\",$D150=\"Replacement\",OR($P150=\"Diesel\",$P150=\"LNG/CNG\",$P150=\"Hybrid\"),OR($H150=\"Class_7\",$L150=\"Class_7\"),$M150=\"Used: 2011+\"),\"small fleet used class 7 diesel\",IF(AND($B150<>\"4+ Trucks\",$D150=\"Replacement\",$P150=\"Diesel\",$L150=\"Class_8\",$M150=\"New: 2015+\"),\"small fleet new class 8 diesel\",IF(AND($B150<>\"4+ Trucks\",$D150=\"Replacement\",$P150=\"Diesel\",$L150=\"Class_6\"),\"small fleet class 6 diesel\",IF(AND($B150<>\"4+ Trucks\",$D150=\"Replacement\",OR($P150=\"Diesel\",$P150=\"LNG/CNG\",$P150=\"Hybrid\"),$L150=\"Class_8\",$M150=\"Used: 2011+\"),\"small fleet used class 8 diesel\",IF(AND($B150<>\"4+ Trucks\",$D150=\"Repower\",$P150=\"Diesel\",(OR($L150=\"Class_8\",$L150=\"Class_7\"))),\"small fleet repower class 7/8\",IF(AND($B150<>\"4+ Trucks\",$D150=\"Repower\",$P150=\"Diesel\",$L150=\"Class_6\"),\"small fleet repower class 6\",IF(AND($D150=\"Replacement\",$P150=\"Zero Emission\",(OR($L150=\"Class_8\",$L150=\"Class_7\"))),\"zero emission class 7/8\",IF(AND($D150=\"Replacement\",$P150=\"Hybrid Zero-Mile\",(OR($L150=\"Class_8\",$L150=\"Class_7\"))),\"hybrid zero mile class 7/8\",IF(AND($D150=\"Replacement\",$P150=\"Low NOx\",(OR($L150=\"Class_8\",$L150=\"Class_7\"))),\"low nox class 7/8\",IF(AND($D150=\"Replacement\",$P150=\"Hybrid\",(OR($L150=\"Class_8\",$L150=\"Class_7\"))),\"hybrid class 7/8\",IF(AND($D150=\"Replacement\",$P150=\"LNG/CNG\",(OR($L150=\"Class_8\",$L150=\"Class_7\"))),\"lng/cng class 7/8\",IF(AND($D150=\"Replacement\",$P150=\"Zero Emission\",$L150=\"Class_6\"),\"zero emission class 6\",IF(AND($D150=\"Replacement\",$P150=\"Hybrid Zero-Mile\",$L150=\"Class_6\"),\"hybrid zero mile class 6\",IF(AND($D150=\"Replacement\",$P150=\"Low NOx\",$L150=\"Class_6\"),\"low nox class 6\",IF(AND($D150=\"Replacement\",$P150=\"Hybrid\",$L150=\"Class_6\"),\"hybrid class 6\",IF(AND($D150=\"Replacement\",$P150=\"LNG/CNG\",$L150=\"Class_6\"),\"lng/cng class 6\",(IF(AND($P150=\"Diesel\", OR($L150=\"Class_6\", $AE150=\"Class_6\")),\"small fleet class 6 diesel\",IF(AND($P150=\"Diesel\",$M150=\"New: 2015+\", OR($L150=\"Class_7\", $AE150=\"Class_7\")),\"small fleet new class 7 diesel\",IF(AND($P150=\"Diesel\",$M150=\"Used: 2011+\", OR($L150=\"Class_7\", $AE150=\"Class_7\")),\"small fleet used class 7 diesel\",IF(AND($P150=\"Diesel\",$M150=\"New: 2015+\", OR($L150=\"Class_8\", $AE150=\"Class_8\")),\"small fleet new class 8 diesel\",IF(AND($P150=\"Diesel\",$M150=\"Used: 2011+\", OR($L150=\"Class_8\", $AE150=\"Class_8\")),\"small fleet used class 8 diesel\",(IF(AND($P150=\"LNG/CNG\", OR($L150=\"Class_6\", $AE150=\"Class_6\")),\"lng/cng class 6\",(IF(AND($P150=\"Hybrid\", OR($L150=\"Class_6\", $AE150=\"Class_6\")),\"hybrid class 6\",(IF(AND($P150=\"Low NOx\", OR($L150=\"Class_6\", $AE150=\"Class_6\")),\"low nox class 6\",(IF(AND($P150=\"Hybrid Zero-Mile\", OR($L150=\"Class_6\", $AE150=\"Class_6\")),\"hybrid zero mile class 6\",(IF(AND($P150=\"Zero Emission\", OR($L150=\"Class_6\", $AE150=\"Class_6\")),\"zero emission class 6\",(IF(AND($P150=\"LNG/CNG\", OR($L150=\"Class_7\", $AE150=\"Class_7\")),\"lng/cng class 7/8\",(IF(AND($P150=\"Hybrid\", OR($L150=\"Class_7\", $AE150=\"Class_7\")),\"hybrid class 7/8\",(IF(AND($P150=\"Low NOx\", OR($L150=\"Class_7\", $AE150=\"Class_7\")),\"low nox class 7/8\",(IF(AND($P150=\"Hybrid Zero-Mile\", OR($L150=\"Class_7\", $AE150=\"Class_7\")),\"hybrid zero mile class 7/8\",(IF(AND($P150=\"Zero Emission\", OR($L150=\"Class_7\", $AE150=\"Class_7\")),\"zero emission class 7/8\",(IF(AND($P150=\"LNG/CNG\", OR($L150=\"Class_8\", $AE150=\"Class_8\")),\"lng/cng class 7/8\",(IF(AND($P150=\"Hybrid\", OR($L150=\"Class_8\", $AE150=\"Class_8\")),\"hybrid class 7/8\",(IF(AND($P150=\"Low NOx\", OR($L150=\"Class_8\", $AE150=\"Class_8\")),\"low nox class 7/8\",(IF(AND($P150=\"Hybrid Zero-Mile\", OR($L150=\"Class_8\", $AE150=\"Class_8\")),\"hybrid zero mile class 7/8\",(IF(AND($P150=\"Zero Emission\", OR($L150=\"Class_8\", $AE150=\"Class_8\")),\"zero emission class 7/8\")))))))))))))))))))))))))))))))))))))))))))))))))))))","v":false}]
["project 147",null,null,null,null,null,null,{"$f":"IF($G151=\"33,001 +\",\"Class_8\",IF($G151=\"26,001-33,000\",\"Class_7\",IF($G151=\"19,501-26,000\",\"Class_6\",\"\")))","v":""},null,null,null,null,null,null,{"$f":"IF(H151=\"Class_6\",IF(T151=\"No\",MIN(IF((J151*K151)<10000,0,J151*K151),IF((J151*N151)<10000,0,J151*N151)),IF(MIN(Y151*Z151,Y151*N151)+MIN(J151*K151,J151*N151)>9999,MIN(J151*K151,J151*N151),0)),IF(T151=\"No\",MIN(IF((J151*K151)<20000,0,J151*K151),IF((J151*N151)<20000,0,J151*N151)),IF(MIN(Y151*Z151,Y151*N151)+MIN(J151*K151,J151*N151)>19999,MIN(J151*K151,J151*N151),0)))","v":0},null,null,"","No","No",null,null,null,{"$f":"IF($W151=\"33,001 +\",\"Class_8\",IF($W151=\"26,001-33,000\",\"Class_7\",IF($W151=\"19,501-26,000\",\"Class_6\",IF($W151=\"\",\"\"))))","v":""},null,null,0,{"$f":"IF($T151=\"Yes\",IF(COUNTA($U151:$AA151)=7,\"Complete\",\"Incomplete\"),\"N/A\")","v":"N/A"},{"$f":"IF($D151=\"2-for-1 Replace\",IF(OR(COUNTA(A151:AA151)=27,COUNTA(A151:AA151)=29),\"Complete\",\"Incomplete\"),IF(OR($D151=\"Replacement\",$D151=\"Repower\"),IF(COUNTA(A151:Q151)=17,\"Complete\",\"Incomplete\"),\"Incomplete\"))","v":"Incomplete"},null,{"$f":"IF(OR($H151=\"Class_8\",$X151=\"Class_8\"),\"Class_8\",IF(OR($H151=\"Class_7\",$X151=\"Class_7\"),\"Class_7\",IF(OR($H151=\"Class_6\",$X151=\"Class_6\"),\"Class_6\")))","v":false},false,{"$f":"IF($D151=\"Repower\",IF($H151=\"Class_7\",IF($M151=\"New: 2013+ HHD\",\"CL7HHD\",\"gas\")))","v":false},false,null,{"$f":"IF($D151=\"2-for-1 Replace\",\"Norestr\",IF($AK151=\"Repower_8\",\"Repo8\",IF($AK151=\"Repower_7\",\"Repo7\",IF($AK151=\"Repower_6\",\"Repo6\",IF(OR($H151=\"Class_8\",$L151=\"Class_8\"),\"Replacement8HHD\",IF($D151=\"Replacement\",IF($H151=\"Class_6\",\"Replacement6\",IF($H151=\"Class_7\",IF($I151=\"MHD\",\"Replacement7MHD\",\"Replacement7HHD\"),IF($H151=\"Class_8\",IF($I151=\"HHD\",\"Replacement8HHD\",\"Replacement8MHD\")))),))))))","v":0},{"$f":"IF($D151=\"Replacement\",IF($H151=\"Class_6\",\"Replacement_6\",IF($H151=\"Class_7\",\"Replacement_7\",IF($H151=\"Class_8\",\"Replacement_8\",null))),IF($D151=\"Repower\",IF($H151=\"Class_6\",\"Repower_6\",IF($H151=\"Class_7\",\"Repower_7\",IF($H151=\"Class_8\",\"Repower_8\",null))),IF($D151=\"2-for-1 Replace\",IF($L151=\"Class_6\",\"Replacement_6\",IF($L151=\"Class_7\",\"Replacement_7\",IF($L151=\"Class_8\",\"Replacement_8\",null))))))","v":false},{"$f":"IF($D151=\"Replacement\",IF(AND($H151=\"Class_6\",$B151 <> \"4+ Trucks\"),\"Small_Fleet_Replacement_6\",IF(AND($H151=\"Class_7\",$B151 <> \"4+ Trucks\"),\"Small_Fleet_Replacement_7\",IF(AND($H151=\"Class_8\",$B151 <> \"4+ Trucks\"),\"Small_Fleet_Replacement_8\",null))),IF($D151=\"Repower\",IF($H151=\"Class_6\",\"Repower_6\",IF($H151=\"Class_7\",\"Repower_7\",IF($H151=\"Class_8\",\"Repower_8\",null))),IF($D151=\"2-for-1 Replace\",IF($L151=\"Class_6\",\"Replacement_6\",IF($L151=\"Class_7\",\"Small_Fleet_Replacement_7\",IF($L151=\"Class_8\",\"Small_Fleet_Replacement_8\",null))))))","v":false},null,null,null,null,{"$f":"IF(AND($B151<>\"4+ Trucks\",$D151=\"Replacement\",$P151=\"Diesel\",OR($L151=\"Class_7\",$H151=\"CLass_7\"),$M151=\"New: 2015+\"),\"small fleet new class 7 diesel\",IF(AND($B151<>\"4+ Trucks\",$D151=\"Replacement\",OR($P151=\"Diesel\",$P151=\"LNG/CNG\",$P151=\"Hybrid\"),OR($H151=\"Class_7\",$L151=\"Class_7\"),$M151=\"Used: 2011+\"),\"small fleet used class 7 diesel\",IF(AND($B151<>\"4+ Trucks\",$D151=\"Replacement\",$P151=\"Diesel\",$L151=\"Class_8\",$M151=\"New: 2015+\"),\"small fleet new class 8 diesel\",IF(AND($B151<>\"4+ Trucks\",$D151=\"Replacement\",$P151=\"Diesel\",$L151=\"Class_6\"),\"small fleet class 6 diesel\",IF(AND($B151<>\"4+ Trucks\",$D151=\"Replacement\",OR($P151=\"Diesel\",$P151=\"LNG/CNG\",$P151=\"Hybrid\"),$L151=\"Class_8\",$M151=\"Used: 2011+\"),\"small fleet used class 8 diesel\",IF(AND($B151<>\"4+ Trucks\",$D151=\"Repower\",$P151=\"Diesel\",(OR($L151=\"Class_8\",$L151=\"Class_7\"))),\"small fleet repower class 7/8\",IF(AND($B151<>\"4+ Trucks\",$D151=\"Repower\",$P151=\"Diesel\",$L151=\"Class_6\"),\"small fleet repower class 6\",IF(AND($D151=\"Replacement\",$P151=\"Zero Emission\",(OR($L151=\"Class_8\",$L151=\"Class_7\"))),\"zero emission class 7/8\",IF(AND($D151=\"Replacement\",$P151=\"Hybrid Zero-Mile\",(OR($L151=\"Class_8\",$L151=\"Class_7\"))),\"hybrid zero mile class 7/8\",IF(AND($D151=\"Replacement\",$P151=\"Low NOx\",(OR($L151=\"Class_8\",$L151=\"Class_7\"))),\"low nox class 7/8\",IF(AND($D151=\"Replacement\",$P151=\"Hybrid\",(OR($L151=\"Class_8\",$L151=\"Class_7\"))),\"hybrid class 7/8\",IF(AND($D151=\"Replacement\",$P151=\"LNG/CNG\",(OR($L151=\"Class_8\",$L151=\"Class_7\"))),\"lng/cng class 7/8\",IF(AND($D151=\"Replacement\",$P151=\"Zero Emission\",$L151=\"Class_6\"),\"zero emission class 6\",IF(AND($D151=\"Replacement\",$P151=\"Hybrid Zero-Mile\",$L151=\"Class_6\"),\"hybrid zero mile class 6\",IF(AND($D151=\"Replacement\",$P151=\"Low NOx\",$L151=\"Class_6\"),\"low nox class 6\",IF(AND($D151=\"Replacement\",$P151=\"Hybrid\",$L151=\"Class_6\"),\"hybrid class 6\",IF(AND($D151=\"Replacement\",$P151=\"LNG/CNG\",$L151=\"Class_6\"),\"lng/cng class 6\",(IF(AND($P151=\"Diesel\", OR($L151=\"Class_6\", $AE151=\"Class_6\")),\"small fleet class 6 diesel\",IF(AND($P151=\"Diesel\",$M151=\"New: 2015+\", OR($L151=\"Class_7\", $AE151=\"Class_7\")),\"small fleet new class 7 diesel\",IF(AND($P151=\"Diesel\",$M151=\"Used: 2011+\", OR($L151=\"Class_7\", $AE151=\"Class_7\")),\"small fleet used class 7 diesel\",IF(AND($P151=\"Diesel\",$M151=\"New: 2015+\", OR($L151=\"Class_8\", $AE151=\"Class_8\")),\"small fleet new class 8 diesel\",IF(AND($P151=\"Diesel\",$M151=\"Used: 2011+\", OR($L151=\"Class_8\", $AE151=\"Class_8\")),\"small fleet used class 8 diesel\",(IF(AND($P151=\"LNG/CNG\", OR($L151=\"Class_6\", $AE151=\"Class_6\")),\"lng/cng class 6\",(IF(AND($P151=\"Hybrid\", OR($L151=\"Class_6\", $AE151=\"Class_6\")),\"hybrid class 6\",(IF(AND($P151=\"Low NOx\", OR($L151=\"Class_6\", $AE151=\"Class_6\")),\"low nox class 6\",(IF(AND($P151=\"Hybrid Zero-Mile\", OR($L151=\"Class_6\", $AE151=\"Class_6\")),\"hybrid zero mile class 6\",(IF(AND($P151=\"Zero Emission\", OR($L151=\"Class_6\", $AE151=\"Class_6\")),\"zero emission class 6\",(IF(AND($P151=\"LNG/CNG\", OR($L151=\"Class_7\", $AE151=\"Class_7\")),\"lng/cng class 7/8\",(IF(AND($P151=\"Hybrid\", OR($L151=\"Class_7\", $AE151=\"Class_7\")),\"hybrid class 7/8\",(IF(AND($P151=\"Low NOx\", OR($L151=\"Class_7\", $AE151=\"Class_7\")),\"low nox class 7/8\",(IF(AND($P151=\"Hybrid Zero-Mile\", OR($L151=\"Class_7\", $AE151=\"Class_7\")),\"hybrid zero mile class 7/8\",(IF(AND($P151=\"Zero Emission\", OR($L151=\"Class_7\", $AE151=\"Class_7\")),\"zero emission class 7/8\",(IF(AND($P151=\"LNG/CNG\", OR($L151=\"Class_8\", $AE151=\"Class_8\")),\"lng/cng class 7/8\",(IF(AND($P151=\"Hybrid\", OR($L151=\"Class_8\", $AE151=\"Class_8\")),\"hybrid class 7/8\",(IF(AND($P151=\"Low NOx\", OR($L151=\"Class_8\", $AE151=\"Class_8\")),\"low nox class 7/8\",(IF(AND($P151=\"Hybrid Zero-Mile\", OR($L151=\"Class_8\", $AE151=\"Class_8\")),\"hybrid zero mile class 7/8\",(IF(AND($P151=\"Zero Emission\", OR($L151=\"Class_8\", $AE151=\"Class_8\")),\"zero emission class 7/8\")))))))))))))))))))))))))))))))))))))))))))))))))))))","v":false}]
["project 150",null,null,null,null,null,null,{"$f":"IF($G154=\"33,001 +\",\"Class_8\",IF($G154=\"26,001-33,000\",\"Class_7\",IF($G154=\"19,501-26,000\",\"Class_6\",\"\")))","v":""},null,null,null,null,null,null,{"$f":"IF(H154=\"Class_6\",IF(T154=\"No\",MIN(IF((J154*K154)<10000,0,J154*K154),IF((J154*N154)<10000,0,J154*N154)),IF(MIN(Y154*Z154,Y154*N154)+MIN(J154*K154,J154*N154)>9999,MIN(J154*K154,J154*N154),0)),IF(T154=\"No\",MIN(IF((J154*K154)<20000,0,J154*K154),IF((J154*N154)<20000,0,J154*N154)),IF(MIN(Y154*Z154,Y154*N154)+MIN(J154*K154,J154*N154)>19999,MIN(J154*K154,J154*N154),0)))","v":0},null,null,"","No","No",null,null,null,{"$f":"IF($W154=\"33,001 +\",\"Class_8\",IF($W154=\"26,001-33,000\",\"Class_7\",IF($W154=\"19,501-26,000\",\"Class_6\",IF($W154=\"\",\"\"))))","v":""},null,null,0,{"$f":"IF($T154=\"Yes\",IF(COUNTA($U154:$AA154)=7,\"Complete\",\"Incomplete\"),\"N/A\")","v":"N/A"},{"$f":"IF($D154=\"2-for-1 Replace\",IF(OR(COUNTA(A154:AA154)=27,COUNTA(A154:AA154)=29),\"Complete\",\"Incomplete\"),IF(OR($D154=\"Replacement\",$D154=\"Repower\"),IF(COUNTA(A154:Q154)=17,\"Complete\",\"Incomplete\"),\"Incomplete\"))","v":"Incomplete"},null,{"$f":"IF(OR($H154=\"Class_8\",$X154=\"Class_8\"),\"Class_8\",IF(OR($H154=\"Class_7\",$X154=\"Class_7\"),\"Class_7\",IF(OR($H154=\"Class_6\",$X154=\"Class_6\"),\"Class_6\")))","v":false},false,{"$f":"IF($D154=\"Repower\",IF($H154=\"Class_7\",IF($M154=\"New: 2013+ HHD\",\"CL7HHD\",\"gas\")))","v":false},false,null,{"$f":"IF($D154=\"2-for-1 Replace\",\"Norestr\",IF($AK154=\"Repower_8\",\"Repo8\",IF($AK154=\"Repower_7\",\"Repo7\",IF($AK154=\"Repower_6\",\"Repo6\",IF(OR($H154=\"Class_8\",$L154=\"Class_8\"),\"Replacement8HHD\",IF($D154=\"Replacement\",IF($H154=\"Class_6\",\"Replacement6\",IF($H154=\"Class_7\",IF($I154=\"MHD\",\"Replacement7MHD\",\"Replacement7HHD\"),IF($H154=\"Class_8\",IF($I154=\"HHD\",\"Replacement8HHD\",\"Replacement8MHD\")))),))))))","v":0},{"$f":"IF($D154=\"Replacement\",IF($H154=\"Class_6\",\"Replacement_6\",IF($H154=\"Class_7\",\"Replacement_7\",IF($H154=\"Class_8\",\"Replacement_8\",null))),IF($D154=\"Repower\",IF($H154=\"Class_6\",\"Repower_6\",IF($H154=\"Class_7\",\"Repower_7\",IF($H154=\"Class_8\",\"Repower_8\",null))),IF($D154=\"2-for-1 Replace\",IF($L154=\"Class_6\",\"Replacement_6\",IF($L154=\"Class_7\",\"Replacement_7\",IF($L154=\"Class_8\",\"Replacement_8\",null))))))","v":false},{"$f":"IF($D154=\"Replacement\",IF(AND($H154=\"Class_6\",$B154 <> \"4+ Trucks\"),\"Small_Fleet_Replacement_6\",IF(AND($H154=\"Class_7\",$B154 <> \"4+ Trucks\"),\"Small_Fleet_Replacement_7\",IF(AND($H154=\"Class_8\",$B154 <> \"4+ Trucks\"),\"Small_Fleet_Replacement_8\",null))),IF($D154=\"Repower\",IF($H154=\"Class_6\",\"Repower_6\",IF($H154=\"Class_7\",\"Repower_7\",IF($H154=\"Class_8\",\"Repower_8\",null))),IF($D154=\"2-for-1 Replace\",IF($L154=\"Class_6\",\"Replacement_6\",IF($L154=\"Class_7\",\"Small_Fleet_Replacement_7\",IF($L154=\"Class_8\",\"Small_Fleet_Replacement_8\",null))))))","v":false},null,null,null,null,{"$f":"IF(AND($B154<>\"4+ Trucks\",$D154=\"Replacement\",$P154=\"Diesel\",OR($L154=\"Class_7\",$H154=\"CLass_7\"),$M154=\"New: 2015+\"),\"small fleet new class 7 diesel\",IF(AND($B154<>\"4+ Trucks\",$D154=\"Replacement\",OR($P154=\"Diesel\",$P154=\"LNG/CNG\",$P154=\"Hybrid\"),OR($H154=\"Class_7\",$L154=\"Class_7\"),$M154=\"Used: 2011+\"),\"small fleet used class 7 diesel\",IF(AND($B154<>\"4+ Trucks\",$D154=\"Replacement\",$P154=\"Diesel\",$L154=\"Class_8\",$M154=\"New: 2015+\"),\"small fleet new class 8 diesel\",IF(AND($B154<>\"4+ Trucks\",$D154=\"Replacement\",$P154=\"Diesel\",$L154=\"Class_6\"),\"small fleet class 6 diesel\",IF(AND($B154<>\"4+ Trucks\",$D154=\"Replacement\",OR($P154=\"Diesel\",$P154=\"LNG/CNG\",$P154=\"Hybrid\"),$L154=\"Class_8\",$M154=\"Used: 2011+\"),\"small fleet used class 8 diesel\",IF(AND($B154<>\"4+ Trucks\",$D154=\"Repower\",$P154=\"Diesel\",(OR($L154=\"Class_8\",$L154=\"Class_7\"))),\"small fleet repower class 7/8\",IF(AND($B154<>\"4+ Trucks\",$D154=\"Repower\",$P154=\"Diesel\",$L154=\"Class_6\"),\"small fleet repower class 6\",IF(AND($D154=\"Replacement\",$P154=\"Zero Emission\",(OR($L154=\"Class_8\",$L154=\"Class_7\"))),\"zero emission class 7/8\",IF(AND($D154=\"Replacement\",$P154=\"Hybrid Zero-Mile\",(OR($L154=\"Class_8\",$L154=\"Class_7\"))),\"hybrid zero mile class 7/8\",IF(AND($D154=\"Replacement\",$P154=\"Low NOx\",(OR($L154=\"Class_8\",$L154=\"Class_7\"))),\"low nox class 7/8\",IF(AND($D154=\"Replacement\",$P154=\"Hybrid\",(OR($L154=\"Class_8\",$L154=\"Class_7\"))),\"hybrid class 7/8\",IF(AND($D154=\"Replacement\",$P154=\"LNG/CNG\",(OR($L154=\"Class_8\",$L154=\"Class_7\"))),\"lng/cng class 7/8\",IF(AND($D154=\"Replacement\",$P154=\"Zero Emission\",$L154=\"Class_6\"),\"zero emission class 6\",IF(AND($D154=\"Replacement\",$P154=\"Hybrid Zero-Mile\",$L154=\"Class_6\"),\"hybrid zero mile class 6\",IF(AND($D154=\"Replacement\",$P154=\"Low NOx\",$L154=\"Class_6\"),\"low nox class 6\",IF(AND($D154=\"Replacement\",$P154=\"Hybrid\",$L154=\"Class_6\"),\"hybrid class 6\",IF(AND($D154=\"Replacement\",$P154=\"LNG/CNG\",$L154=\"Class_6\"),\"lng/cng class 6\",(IF(AND($P154=\"Diesel\", OR($L154=\"Class_6\", $AE154=\"Class_6\")),\"small fleet class 6 diesel\",IF(AND($P154=\"Diesel\",$M154=\"New: 2015+\", OR($L154=\"Class_7\", $AE154=\"Class_7\")),\"small fleet new class 7 diesel\",IF(AND($P154=\"Diesel\",$M154=\"Used: 2011+\", OR($L154=\"Class_7\", $AE154=\"Class_7\")),\"small fleet used class 7 diesel\",IF(AND($P154=\"Diesel\",$M154=\"New: 2015+\", OR($L154=\"Class_8\", $AE154=\"Class_8\")),\"small fleet new class 8 diesel\",IF(AND($P154=\"Diesel\",$M154=\"Used: 2011+\", OR($L154=\"Class_8\", $AE154=\"Class_8\")),\"small fleet used class 8 diesel\",(IF(AND($P154=\"LNG/CNG\", OR($L154=\"Class_6\", $AE154=\"Class_6\")),\"lng/cng class 6\",(IF(AND($P154=\"Hybrid\", OR($L154=\"Class_6\", $AE154=\"Class_6\")),\"hybrid class 6\",(IF(AND($P154=\"Low NOx\", OR($L154=\"Class_6\", $AE154=\"Class_6\")),\"low nox class 6\",(IF(AND($P154=\"Hybrid Zero-Mile\", OR($L154=\"Class_6\", $AE154=\"Class_6\")),\"hybrid zero mile class 6\",(IF(AND($P154=\"Zero Emission\", OR($L154=\"Class_6\", $AE154=\"Class_6\")),\"zero emission class 6\",(IF(AND($P154=\"LNG/CNG\", OR($L154=\"Class_7\", $AE154=\"Class_7\")),\"lng/cng class 7/8\",(IF(AND($P154=\"Hybrid\", OR($L154=\"Class_7\", $AE154=\"Class_7\")),\"hybrid class 7/8\",(IF(AND($P154=\"Low NOx\", OR($L154=\"Class_7\", $AE154=\"Class_7\")),\"low nox class 7/8\",(IF(AND($P154=\"Hybrid Zero-Mile\", OR($L154=\"Class_7\", $AE154=\"Class_7\")),\"hybrid zero mile class 7/8\",(IF(AND($P154=\"Zero Emission\", OR($L154=\"Class_7\", $AE154=\"Class_7\")),\"zero emission class 7/8\",(IF(AND($P154=\"LNG/CNG\", OR($L154=\"Class_8\", $AE154=\"Class_8\")),\"lng/cng class 7/8\",(IF(AND($P154=\"Hybrid\", OR($L154=\"Class_8\", $AE154=\"Class_8\")),\"hybrid class 7/8\",(IF(AND($P154=\"Low NOx\", OR($L154=\"Class_8\", $AE154=\"Class_8\")),\"low nox class 7/8\",(IF(AND($P154=\"Hybrid Zero-Mile\", OR($L154=\"Class_8\", $AE154=\"Class_8\")),\"hybrid zero mile class 7/8\",(IF(AND($P154=\"Zero Emission\", OR($L154=\"Class_8\", $AE154=\"Class_8\")),\"zero emission class 7/8\")))))))))))))))))))))))))))))))))))))))))))))))))))))","v":false}]
["project 151",null,null,null,null,null,null,{"$f":"IF($G155=\"33,001 +\",\"Class_8\",IF($G155=\"26,001-33,000\",\"Class_7\",IF($G155=\"19,501-26,000\",\"Class_6\",\"\")))","v":""},null,null,null,null,null,null,{"$f":"IF(H155=\"Class_6\",IF(T155=\"No\",MIN(IF((J155*K155)<10000,0,J155*K155),IF((J155*N155)<10000,0,J155*N155)),IF(MIN(Y155*Z155,Y155*N155)+MIN(J155*K155,J155*N155)>9999,MIN(J155*K155,J155*N155),0)),IF(T155=\"No\",MIN(IF((J155*K155)<20000,0,J155*K155),IF((J155*N155)<20000,0,J155*N155)),IF(MIN(Y155*Z155,Y155*N155)+MIN(J155*K155,J155*N155)>19999,MIN(J155*K155,J155*N155),0)))","v":0},null,null,"","No","No",null,null,null,{"$f":"IF($W155=\"33,001 +\",\"Class_8\",IF($W155=\"26,001-33,000\",\"Class_7\",IF($W155=\"19,501-26,000\",\"Class_6\",IF($W155=\"\",\"\"))))","v":""},null,null,0,{"$f":"IF($T155=\"Yes\",IF(COUNTA($U155:$AA155)=7,\"Complete\",\"Incomplete\"),\"N/A\")","v":"N/A"},{"$f":"IF($D155=\"2-for-1 Replace\",IF(OR(COUNTA(A155:AA155)=27,COUNTA(A155:AA155)=29),\"Complete\",\"Incomplete\"),IF(OR($D155=\"Replacement\",$D155=\"Repower\"),IF(COUNTA(A155:Q155)=17,\"Complete\",\"Incomplete\"),\"Incomplete\"))","v":"Incomplete"},null,{"$f":"IF(OR($H155=\"Class_8\",$X155=\"Class_8\"),\"Class_8\",IF(OR($H155=\"Class_7\",$X155=\"Class_7\"),\"Class_7\",IF(OR($H155=\"Class_6\",$X155=\"Class_6\"),\"Class_6\")))","v":false},false,{"$f":"IF($D155=\"Repower\",IF($H155=\"Class_7\",IF($M155=\"New: 2013+ HHD\",\"CL7HHD\",\"gas\")))","v":false},false,null,{"$f":"IF($D155=\"2-for-1 Replace\",\"Norestr\",IF($AK155=\"Repower_8\",\"Repo8\",IF($AK155=\"Repower_7\",\"Repo7\",IF($AK155=\"Repower_6\",\"Repo6\",IF(OR($H155=\"Class_8\",$L155=\"Class_8\"),\"Replacement8HHD\",IF($D155=\"Replacement\",IF($H155=\"Class_6\",\"Replacement6\",IF($H155=\"Class_7\",IF($I155=\"MHD\",\"Replacement7MHD\",\"Replacement7HHD\"),IF($H155=\"Class_8\",IF($I155=\"HHD\",\"Replacement8HHD\",\"Replacement8MHD\")))),))))))","v":0},{"$f":"IF($D155=\"Replacement\",IF($H155=\"Class_6\",\"Replacement_6\",IF($H155=\"Class_7\",\"Replacement_7\",IF($H155=\"Class_8\",\"Replacement_8\",null))),IF($D155=\"Repower\",IF($H155=\"Class_6\",\"Repower_6\",IF($H155=\"Class_7\",\"Repower_7\",IF($H155=\"Class_8\",\"Repower_8\",null))),IF($D155=\"2-for-1 Replace\",IF($L155=\"Class_6\",\"Replacement_6\",IF($L155=\"Class_7\",\"Replacement_7\",IF($L155=\"Class_8\",\"Replacement_8\",null))))))","v":false},{"$f":"IF($D155=\"Replacement\",IF(AND($H155=\"Class_6\",$B155 <> \"4+ Trucks\"),\"Small_Fleet_Replacement_6\",IF(AND($H155=\"Class_7\",$B155 <> \"4+ Trucks\"),\"Small_Fleet_Replacement_7\",IF(AND($H155=\"Class_8\",$B155 <> \"4+ Trucks\"),\"Small_Fleet_Replacement_8\",null))),IF($D155=\"Repower\",IF($H155=\"Class_6\",\"Repower_6\",IF($H155=\"Class_7\",\"Repower_7\",IF($H155=\"Class_8\",\"Repower_8\",null))),IF($D155=\"2-for-1 Replace\",IF($L155=\"Class_6\",\"Replacement_6\",IF($L155=\"Class_7\",\"Small_Fleet_Replacement_7\",IF($L155=\"Class_8\",\"Small_Fleet_Replacement_8\",null))))))","v":false},null,null,null,null,{"$f":"IF(AND($B155<>\"4+ Trucks\",$D155=\"Replacement\",$P155=\"Diesel\",OR($L155=\"Class_7\",$H155=\"CLass_7\"),$M155=\"New: 2015+\"),\"small fleet new class 7 diesel\",IF(AND($B155<>\"4+ Trucks\",$D155=\"Replacement\",OR($P155=\"Diesel\",$P155=\"LNG/CNG\",$P155=\"Hybrid\"),OR($H155=\"Class_7\",$L155=\"Class_7\"),$M155=\"Used: 2011+\"),\"small fleet used class 7 diesel\",IF(AND($B155<>\"4+ Trucks\",$D155=\"Replacement\",$P155=\"Diesel\",$L155=\"Class_8\",$M155=\"New: 2015+\"),\"small fleet new class 8 diesel\",IF(AND($B155<>\"4+ Trucks\",$D155=\"Replacement\",$P155=\"Diesel\",$L155=\"Class_6\"),\"small fleet class 6 diesel\",IF(AND($B155<>\"4+ Trucks\",$D155=\"Replacement\",OR($P155=\"Diesel\",$P155=\"LNG/CNG\",$P155=\"Hybrid\"),$L155=\"Class_8\",$M155=\"Used: 2011+\"),\"small fleet used class 8 diesel\",IF(AND($B155<>\"4+ Trucks\",$D155=\"Repower\",$P155=\"Diesel\",(OR($L155=\"Class_8\",$L155=\"Class_7\"))),\"small fleet repower class 7/8\",IF(AND($B155<>\"4+ Trucks\",$D155=\"Repower\",$P155=\"Diesel\",$L155=\"Class_6\"),\"small fleet repower class 6\",IF(AND($D155=\"Replacement\",$P155=\"Zero Emission\",(OR($L155=\"Class_8\",$L155=\"Class_7\"))),\"zero emission class 7/8\",IF(AND($D155=\"Replacement\",$P155=\"Hybrid Zero-Mile\",(OR($L155=\"Class_8\",$L155=\"Class_7\"))),\"hybrid zero mile class 7/8\",IF(AND($D155=\"Replacement\",$P155=\"Low NOx\",(OR($L155=\"Class_8\",$L155=\"Class_7\"))),\"low nox class 7/8\",IF(AND($D155=\"Replacement\",$P155=\"Hybrid\",(OR($L155=\"Class_8\",$L155=\"Class_7\"))),\"hybrid class 7/8\",IF(AND($D155=\"Replacement\",$P155=\"LNG/CNG\",(OR($L155=\"Class_8\",$L155=\"Class_7\"))),\"lng/cng class 7/8\",IF(AND($D155=\"Replacement\",$P155=\"Zero Emission\",$L155=\"Class_6\"),\"zero emission class 6\",IF(AND($D155=\"Replacement\",$P155=\"Hybrid Zero-Mile\",$L155=\"Class_6\"),\"hybrid zero mile class 6\",IF(AND($D155=\"Replacement\",$P155=\"Low NOx\",$L155=\"Class_6\"),\"low nox class 6\",IF(AND($D155=\"Replacement\",$P155=\"Hybrid\",$L155=\"Class_6\"),\"hybrid class 6\",IF(AND($D155=\"Replacement\",$P155=\"LNG/CNG\",$L155=\"Class_6\"),\"lng/cng class 6\",(IF(AND($P155=\"Diesel\", OR($L155=\"Class_6\", $AE155=\"Class_6\")),\"small fleet class 6 diesel\",IF(AND($P155=\"Diesel\",$M155=\"New: 2015+\", OR($L155=\"Class_7\", $AE155=\"Class_7\")),\"small fleet new class 7 diesel\",IF(AND($P155=\"Diesel\",$M155=\"Used: 2011+\", OR($L155=\"Class_7\", $AE155=\"Class_7\")),\"small fleet used class 7 diesel\",IF(AND($P155=\"Diesel\",$M155=\"New: 2015+\", OR($L155=\"Class_8\", $AE155=\"Class_8\")),\"small fleet new class 8 diesel\",IF(AND($P155=\"Diesel\",$M155=\"Used: 2011+\", OR($L155=\"Class_8\", $AE155=\"Class_8\")),\"small fleet used class 8 diesel\",(IF(AND($P155=\"LNG/CNG\", OR($L155=\"Class_6\", $AE155=\"Class_6\")),\"lng/cng class 6\",(IF(AND($P155=\"Hybrid\", OR($L155=\"Class_6\", $AE155=\"Class_6\")),\"hybrid class 6\",(IF(AND($P155=\"Low NOx\", OR($L155=\"Class_6\", $AE155=\"Class_6\")),\"low nox class 6\",(IF(AND($P155=\"Hybrid Zero-Mile\", OR($L155=\"Class_6\", $AE155=\"Class_6\")),\"hybrid zero mile class 6\",(IF(AND($P155=\"Zero Emission\", OR($L155=\"Class_6\", $AE155=\"Class_6\")),\"zero emission class 6\",(IF(AND($P155=\"LNG/CNG\", OR($L155=\"Class_7\", $AE155=\"Class_7\")),\"lng/cng class 7/8\",(IF(AND($P155=\"Hybrid\", OR($L155=\"Class_7\", $AE155=\"Class_7\")),\"hybrid class 7/8\",(IF(AND($P155=\"Low NOx\", OR($L155=\"Class_7\", $AE155=\"Class_7\")),\"low nox class 7/8\",(IF(AND($P155=\"Hybrid Zero-Mile\", OR($L155=\"Class_7\", $AE155=\"Class_7\")),\"hybrid zero mile class 7/8\",(IF(AND($P155=\"Zero Emission\", OR($L155=\"Class_7\", $AE155=\"Class_7\")),\"zero emission class 7/8\",(IF(AND($P155=\"LNG/CNG\", OR($L155=\"Class_8\", $AE155=\"Class_8\")),\"lng/cng class 7/8\",(IF(AND($P155=\"Hybrid\", OR($L155=\"Class_8\", $AE155=\"Class_8\")),\"hybrid class 7/8\",(IF(AND($P155=\"Low NOx\", OR($L155=\"Class_8\", $AE155=\"Class_8\")),\"low nox class 7/8\",(IF(AND($P155=\"Hybrid Zero-Mile\", OR($L155=\"Class_8\", $AE155=\"Class_8\")),\"hybrid zero mile class 7/8\",(IF(AND($P155=\"Zero Emission\", OR($L155=\"Class_8\", $AE155=\"Class_8\")),\"zero emission class 7/8\")))))))))))))))))))))))))))))))))))))))))))))))))))))","v":false}]
["project 154",null,null,null,null,null,null,{"$f":"IF($G158=\"33,001 +\",\"Class_8\",IF($G158=\"26,001-33,000\",\"Class_7\",IF($G158=\"19,501-26,000\",\"Class_6\",\"\")))","v":""},null,null,null,null,null,null,{"$f":"IF(H158=\"Class_6\",IF(T158=\"No\",MIN(IF((J158*K158)<10000,0,J158*K158),IF((J158*N158)<10000,0,J158*N158)),IF(MIN(Y158*Z158,Y158*N158)+MIN(J158*K158,J158*N158)>9999,MIN(J158*K158,J158*N158),0)),IF(T158=\"No\",MIN(IF((J158*K158)<20000,0,J158*K158),IF((J158*N158)<20000,0,J158*N158)),IF(MIN(Y158*Z158,Y158*N158)+MIN(J158*K158,J158*N158)>19999,MIN(J158*K158,J158*N158),0)))","v":0},null,null,"","No","No",null,null,null,{"$f":"IF($W158=\"33,001 +\",\"Class_8\",IF($W158=\"26,001-33,000\",\"Class_7\",IF($W158=\"19,501-26,000\",\"Class_6\",IF($W158=\"\",\"\"))))","v":""},null,null,0,{"$f":"IF($T158=\"Yes\",IF(COUNTA($U158:$AA158)=7,\"Complete\",\"Incomplete\"),\"N/A\")","v":"N/A"},{"$f":"IF($D158=\"2-for-1 Replace\",IF(OR(COUNTA(A158:AA158)=27,COUNTA(A158:AA158)=29),\"Complete\",\"Incomplete\"),IF(OR($D158=\"Replacement\",$D158=\"Repower\"),IF(COUNTA(A158:Q158)=17,\"Complete\",\"Incomplete\"),\"Incomplete\"))","v":"Incomplete"},null,{"$f":"IF(OR($H158=\"Class_8\",$X158=\"Class_8\"),\"Class_8\",IF(OR($H158=\"Class_7\",$X158=\"Class_7\"),\"Class_7\",IF(OR($H158=\"Class_6\",$X158=\"Class_6\"),\"Class_6\")))","v":false},false,{"$f":"IF($D158=\"Repower\",IF($H158=\"Class_7\",IF($M158=\"New: 2013+ HHD\",\"CL7HHD\",\"gas\")))","v":false},false,null,{"$f":"IF($D158=\"2-for-1 Replace\",\"Norestr\",IF($AK158=\"Repower_8\",\"Repo8\",IF($AK158=\"Repower_7\",\"Repo7\",IF($AK158=\"Repower_6\",\"Repo6\",IF(OR($H158=\"Class_8\",$L158=\"Class_8\"),\"Replacement8HHD\",IF($D158=\"Replacement\",IF($H158=\"Class_6\",\"Replacement6\",IF($H158=\"Class_7\",IF($I158=\"MHD\",\"Replacement7MHD\",\"Replacement7HHD\"),IF($H158=\"Class_8\",IF($I158=\"HHD\",\"Replacement8HHD\",\"Replacement8MHD\")))),))))))","v":0},{"$f":"IF($D158=\"Replacement\",IF($H158=\"Class_6\",\"Replacement_6\",IF($H158=\"Class_7\",\"Replacement_7\",IF($H158=\"Class_8\",\"Replacement_8\",null))),IF($D158=\"Repower\",IF($H158=\"Class_6\",\"Repower_6\",IF($H158=\"Class_7\",\"Repower_7\",IF($H158=\"Class_8\",\"Repower_8\",null))),IF($D158=\"2-for-1 Replace\",IF($L158=\"Class_6\",\"Replacement_6\",IF($L158=\"Class_7\",\"Replacement_7\",IF($L158=\"Class_8\",\"Replacement_8\",null))))))","v":false},{"$f":"IF($D158=\"Replacement\",IF(AND($H158=\"Class_6\",$B158 <> \"4+ Trucks\"),\"Small_Fleet_Replacement_6\",IF(AND($H158=\"Class_7\",$B158 <> \"4+ Trucks\"),\"Small_Fleet_Replacement_7\",IF(AND($H158=\"Class_8\",$B158 <> \"4+ Trucks\"),\"Small_Fleet_Replacement_8\",null))),IF($D158=\"Repower\",IF($H158=\"Class_6\",\"Repower_6\",IF($H158=\"Class_7\",\"Repower_7\",IF($H158=\"Class_8\",\"Repower_8\",null))),IF($D158=\"2-for-1 Replace\",IF($L158=\"Class_6\",\"Replacement_6\",IF($L158=\"Class_7\",\"Small_Fleet_Replacement_7\",IF($L158=\"Class_8\",\"Small_Fleet_Replacement_8\",null))))))","v":false},null,null,null,null,{"$f":"IF(AND($B158<>\"4+ Trucks\",$D158=\"Replacement\",$P158=\"Diesel\",OR($L158=\"Class_7\",$H158=\"CLass_7\"),$M158=\"New: 2015+\"),\"small fleet new class 7 diesel\",IF(AND($B158<>\"4+ Trucks\",$D158=\"Replacement\",OR($P158=\"Diesel\",$P158=\"LNG/CNG\",$P158=\"Hybrid\"),OR($H158=\"Class_7\",$L158=\"Class_7\"),$M158=\"Used: 2011+\"),\"small fleet used class 7 diesel\",IF(AND($B158<>\"4+ Trucks\",$D158=\"Replacement\",$P158=\"Diesel\",$L158=\"Class_8\",$M158=\"New: 2015+\"),\"small fleet new class 8 diesel\",IF(AND($B158<>\"4+ Trucks\",$D158=\"Replacement\",$P158=\"Diesel\",$L158=\"Class_6\"),\"small fleet class 6 diesel\",IF(AND($B158<>\"4+ Trucks\",$D158=\"Replacement\",OR($P158=\"Diesel\",$P158=\"LNG/CNG\",$P158=\"Hybrid\"),$L158=\"Class_8\",$M158=\"Used: 2011+\"),\"small fleet used class 8 diesel\",IF(AND($B158<>\"4+ Trucks\",$D158=\"Repower\",$P158=\"Diesel\",(OR($L158=\"Class_8\",$L158=\"Class_7\"))),\"small fleet repower class 7/8\",IF(AND($B158<>\"4+ Trucks\",$D158=\"Repower\",$P158=\"Diesel\",$L158=\"Class_6\"),\"small fleet repower class 6\",IF(AND($D158=\"Replacement\",$P158=\"Zero Emission\",(OR($L158=\"Class_8\",$L158=\"Class_7\"))),\"zero emission class 7/8\",IF(AND($D158=\"Replacement\",$P158=\"Hybrid Zero-Mile\",(OR($L158=\"Class_8\",$L158=\"Class_7\"))),\"hybrid zero mile class 7/8\",IF(AND($D158=\"Replacement\",$P158=\"Low NOx\",(OR($L158=\"Class_8\",$L158=\"Class_7\"))),\"low nox class 7/8\",IF(AND($D158=\"Replacement\",$P158=\"Hybrid\",(OR($L158=\"Class_8\",$L158=\"Class_7\"))),\"hybrid class 7/8\",IF(AND($D158=\"Replacement\",$P158=\"LNG/CNG\",(OR($L158=\"Class_8\",$L158=\"Class_7\"))),\"lng/cng class 7/8\",IF(AND($D158=\"Replacement\",$P158=\"Zero Emission\",$L158=\"Class_6\"),\"zero emission class 6\",IF(AND($D158=\"Replacement\",$P158=\"Hybrid Zero-Mile\",$L158=\"Class_6\"),\"hybrid zero mile class 6\",IF(AND($D158=\"Replacement\",$P158=\"Low NOx\",$L158=\"Class_6\"),\"low nox class 6\",IF(AND($D158=\"Replacement\",$P158=\"Hybrid\",$L158=\"Class_6\"),\"hybrid class 6\",IF(AND($D158=\"Replacement\",$P158=\"LNG/CNG\",$L158=\"Class_6\"),\"lng/cng class 6\",(IF(AND($P158=\"Diesel\", OR($L158=\"Class_6\", $AE158=\"Class_6\")),\"small fleet class 6 diesel\",IF(AND($P158=\"Diesel\",$M158=\"New: 2015+\", OR($L158=\"Class_7\", $AE158=\"Class_7\")),\"small fleet new class 7 diesel\",IF(AND($P158=\"Diesel\",$M158=\"Used: 2011+\", OR($L158=\"Class_7\", $AE158=\"Class_7\")),\"small fleet used class 7 diesel\",IF(AND($P158=\"Diesel\",$M158=\"New: 2015+\", OR($L158=\"Class_8\", $AE158=\"Class_8\")),\"small fleet new class 8 diesel\",IF(AND($P158=\"Diesel\",$M158=\"Used: 2011+\", OR($L158=\"Class_8\", $AE158=\"Class_8\")),\"small fleet used class 8 diesel\",(IF(AND($P158=\"LNG/CNG\", OR($L158=\"Class_6\", $AE158=\"Class_6\")),\"lng/cng class 6\",(IF(AND($P158=\"Hybrid\", OR($L158=\"Class_6\", $AE158=\"Class_6\")),\"hybrid class 6\",(IF(AND($P158=\"Low NOx\", OR($L158=\"Class_6\", $AE158=\"Class_6\")),\"low nox class 6\",(IF(AND($P158=\"Hybrid Zero-Mile\", OR($L158=\"Class_6\", $AE158=\"Class_6\")),\"hybrid zero mile class 6\",(IF(AND($P158=\"Zero Emission\", OR($L158=\"Class_6\", $AE158=\"Class_6\")),\"zero emission class 6\",(IF(AND($P158=\"LNG/CNG\", OR($L158=\"Class_7\", $AE158=\"Class_7\")),\"lng/cng class 7/8\",(IF(AND($P158=\"Hybrid\", OR($L158=\"Class_7\", $AE158=\"Class_7\")),\"hybrid class 7/8\",(IF(AND($P158=\"Low NOx\", OR($L158=\"Class_7\", $AE158=\"Class_7\")),\"low nox class 7/8\",(IF(AND($P158=\"Hybrid Zero-Mile\", OR($L158=\"Class_7\", $AE158=\"Class_7\")),\"hybrid zero mile class 7/8\",(IF(AND($P158=\"Zero Emission\", OR($L158=\"Class_7\", $AE158=\"Class_7\")),\"zero emission class 7/8\",(IF(AND($P158=\"LNG/CNG\", OR($L158=\"Class_8\", $AE158=\"Class_8\")),\"lng/cng class 7/8\",(IF(AND($P158=\"Hybrid\", OR($L158=\"Class_8\", $AE158=\"Class_8\")),\"hybrid class 7/8\",(IF(AND($P158=\"Low NOx\", OR($L158=\"Class_8\", $AE158=\"Class_8\")),\"low nox class 7/8\",(IF(AND($P158=\"Hybrid Zero-Mile\", OR($L158=\"Class_8\", $AE158=\"Class_8\")),\"hybrid zero mile class 7/8\",(IF(AND($P158=\"Zero Emission\", OR($L158=\"Class_8\", $AE158=\"Class_8\")),\"zero emission class 7/8\")))))))))))))))))))))))))))))))))))))))))))))))))))))","v":false}]
["project 155",null,null,null,null,null,null,{"$f":"IF($G159=\"33,001 +\",\"Class_8\",IF($G159=\"26,001-33,000\",\"Class_7\",IF($G159=\"19,501-26,000\",\"Class_6\",\"\")))","v":""},null,null,null,null,null,null,{"$f":"IF(H159=\"Class_6\",IF(T159=\"No\",MIN(IF((J159*K159)<10000,0,J159*K159),IF((J159*N159)<10000,0,J159*N159)),IF(MIN(Y159*Z159,Y159*N159)+MIN(J159*K159,J159*N159)>9999,MIN(J159*K159,J159*N159),0)),IF(T159=\"No\",MIN(IF((J159*K159)<20000,0,J159*K159),IF((J159*N159)<20000,0,J159*N159)),IF(MIN(Y159*Z159,Y159*N159)+MIN(J159*K159,J159*N159)>19999,MIN(J159*K159,J159*N159),0)))","v":0},null,null,"","No","No",null,null,null,{"$f":"IF($W159=\"33,001 +\",\"Class_8\",IF($W159=\"26,001-33,000\",\"Class_7\",IF($W159=\"19,501-26,000\",\"Class_6\",IF($W159=\"\",\"\"))))","v":""},null,null,0,{"$f":"IF($T159=\"Yes\",IF(COUNTA($U159:$AA159)=7,\"Complete\",\"Incomplete\"),\"N/A\")","v":"N/A"},{"$f":"IF($D159=\"2-for-1 Replace\",IF(OR(COUNTA(A159:AA159)=27,COUNTA(A159:AA159)=29),\"Complete\",\"Incomplete\"),IF(OR($D159=\"Replacement\",$D159=\"Repower\"),IF(COUNTA(A159:Q159)=17,\"Complete\",\"Incomplete\"),\"Incomplete\"))","v":"Incomplete"},null,{"$f":"IF(OR($H159=\"Class_8\",$X159=\"Class_8\"),\"Class_8\",IF(OR($H159=\"Class_7\",$X159=\"Class_7\"),\"Class_7\",IF(OR($H159=\"Class_6\",$X159=\"Class_6\"),\"Class_6\")))","v":false},false,{"$f":"IF($D159=\"Repower\",IF($H159=\"Class_7\",IF($M159=\"New: 2013+ HHD\",\"CL7HHD\",\"gas\")))","v":false},false,null,{"$f":"IF($D159=\"2-for-1 Replace\",\"Norestr\",IF($AK159=\"Repower_8\",\"Repo8\",IF($AK159=\"Repower_7\",\"Repo7\",IF($AK159=\"Repower_6\",\"Repo6\",IF(OR($H159=\"Class_8\",$L159=\"Class_8\"),\"Replacement8HHD\",IF($D159=\"Replacement\",IF($H159=\"Class_6\",\"Replacement6\",IF($H159=\"Class_7\",IF($I159=\"MHD\",\"Replacement7MHD\",\"Replacement7HHD\"),IF($H159=\"Class_8\",IF($I159=\"HHD\",\"Replacement8HHD\",\"Replacement8MHD\")))),))))))","v":0},{"$f":"IF($D159=\"Replacement\",IF($H159=\"Class_6\",\"Replacement_6\",IF($H159=\"Class_7\",\"Replacement_7\",IF($H159=\"Class_8\",\"Replacement_8\",null))),IF($D159=\"Repower\",IF($H159=\"Class_6\",\"Repower_6\",IF($H159=\"Class_7\",\"Repower_7\",IF($H159=\"Class_8\",\"Repower_8\",null))),IF($D159=\"2-for-1 Replace\",IF($L159=\"Class_6\",\"Replacement_6\",IF($L159=\"Class_7\",\"Replacement_7\",IF($L159=\"Class_8\",\"Replacement_8\",null))))))","v":false},{"$f":"IF($D159=\"Replacement\",IF(AND($H159=\"Class_6\",$B159 <> \"4+ Trucks\"),\"Small_Fleet_Replacement_6\",IF(AND($H159=\"Class_7\",$B159 <> \"4+ Trucks\"),\"Small_Fleet_Replacement_7\",IF(AND($H159=\"Class_8\",$B159 <> \"4+ Trucks\"),\"Small_Fleet_Replacement_8\",null))),IF($D159=\"Repower\",IF($H159=\"Class_6\",\"Repower_6\",IF($H159=\"Class_7\",\"Repower_7\",IF($H159=\"Class_8\",\"Repower_8\",null))),IF($D159=\"2-for-1 Replace\",IF($L159=\"Class_6\",\"Replacement_6\",IF($L159=\"Class_7\",\"Small_Fleet_Replacement_7\",IF($L159=\"Class_8\",\"Small_Fleet_Replacement_8\",null))))))","v":false},null,null,null,null,{"$f":"IF(AND($B159<>\"4+ Trucks\",$D159=\"Replacement\",$P159=\"Diesel\",OR($L159=\"Class_7\",$H159=\"CLass_7\"),$M159=\"New: 2015+\"),\"small fleet new class 7 diesel\",IF(AND($B159<>\"4+ Trucks\",$D159=\"Replacement\",OR($P159=\"Diesel\",$P159=\"LNG/CNG\",$P159=\"Hybrid\"),OR($H159=\"Class_7\",$L159=\"Class_7\"),$M159=\"Used: 2011+\"),\"small fleet used class 7 diesel\",IF(AND($B159<>\"4+ Trucks\",$D159=\"Replacement\",$P159=\"Diesel\",$L159=\"Class_8\",$M159=\"New: 2015+\"),\"small fleet new class 8 diesel\",IF(AND($B159<>\"4+ Trucks\",$D159=\"Replacement\",$P159=\"Diesel\",$L159=\"Class_6\"),\"small fleet class 6 diesel\",IF(AND($B159<>\"4+ Trucks\",$D159=\"Replacement\",OR($P159=\"Diesel\",$P159=\"LNG/CNG\",$P159=\"Hybrid\"),$L159=\"Class_8\",$M159=\"Used: 2011+\"),\"small fleet used class 8 diesel\",IF(AND($B159<>\"4+ Trucks\",$D159=\"Repower\",$P159=\"Diesel\",(OR($L159=\"Class_8\",$L159=\"Class_7\"))),\"small fleet repower class 7/8\",IF(AND($B159<>\"4+ Trucks\",$D159=\"Repower\",$P159=\"Diesel\",$L159=\"Class_6\"),\"small fleet repower class 6\",IF(AND($D159=\"Replacement\",$P159=\"Zero Emission\",(OR($L159=\"Class_8\",$L159=\"Class_7\"))),\"zero emission class 7/8\",IF(AND($D159=\"Replacement\",$P159=\"Hybrid Zero-Mile\",(OR($L159=\"Class_8\",$L159=\"Class_7\"))),\"hybrid zero mile class 7/8\",IF(AND($D159=\"Replacement\",$P159=\"Low NOx\",(OR($L159=\"Class_8\",$L159=\"Class_7\"))),\"low nox class 7/8\",IF(AND($D159=\"Replacement\",$P159=\"Hybrid\",(OR($L159=\"Class_8\",$L159=\"Class_7\"))),\"hybrid class 7/8\",IF(AND($D159=\"Replacement\",$P159=\"LNG/CNG\",(OR($L159=\"Class_8\",$L159=\"Class_7\"))),\"lng/cng class 7/8\",IF(AND($D159=\"Replacement\",$P159=\"Zero Emission\",$L159=\"Class_6\"),\"zero emission class 6\",IF(AND($D159=\"Replacement\",$P159=\"Hybrid Zero-Mile\",$L159=\"Class_6\"),\"hybrid zero mile class 6\",IF(AND($D159=\"Replacement\",$P159=\"Low NOx\",$L159=\"Class_6\"),\"low nox class 6\",IF(AND($D159=\"Replacement\",$P159=\"Hybrid\",$L159=\"Class_6\"),\"hybrid class 6\",IF(AND($D159=\"Replacement\",$P159=\"LNG/CNG\",$L159=\"Class_6\"),\"lng/cng class 6\",(IF(AND($P159=\"Diesel\", OR($L159=\"Class_6\", $AE159=\"Class_6\")),\"small fleet class 6 diesel\",IF(AND($P159=\"Diesel\",$M159=\"New: 2015+\", OR($L159=\"Class_7\", $AE159=\"Class_7\")),\"small fleet new class 7 diesel\",IF(AND($P159=\"Diesel\",$M159=\"Used: 2011+\", OR($L159=\"Class_7\", $AE159=\"Class_7\")),\"small fleet used class 7 diesel\",IF(AND($P159=\"Diesel\",$M159=\"New: 2015+\", OR($L159=\"Class_8\", $AE159=\"Class_8\")),\"small fleet new class 8 diesel\",IF(AND($P159=\"Diesel\",$M159=\"Used: 2011+\", OR($L159=\"Class_8\", $AE159=\"Class_8\")),\"small fleet used class 8 diesel\",(IF(AND($P159=\"LNG/CNG\", OR($L159=\"Class_6\", $AE159=\"Class_6\")),\"lng/cng class 6\",(IF(AND($P159=\"Hybrid\", OR($L159=\"Class_6\", $AE159=\"Class_6\")),\"hybrid class 6\",(IF(AND($P159=\"Low NOx\", OR($L159=\"Class_6\", $AE159=\"Class_6\")),\"low nox class 6\",(IF(AND($P159=\"Hybrid Zero-Mile\", OR($L159=\"Class_6\", $AE159=\"Class_6\")),\"hybrid zero mile class 6\",(IF(AND($P159=\"Zero Emission\", OR($L159=\"Class_6\", $AE159=\"Class_6\")),\"zero emission class 6\",(IF(AND($P159=\"LNG/CNG\", OR($L159=\"Class_7\", $AE159=\"Class_7\")),\"lng/cng class 7/8\",(IF(AND($P159=\"Hybrid\", OR($L159=\"Class_7\", $AE159=\"Class_7\")),\"hybrid class 7/8\",(IF(AND($P159=\"Low NOx\", OR($L159=\"Class_7\", $AE159=\"Class_7\")),\"low nox class 7/8\",(IF(AND($P159=\"Hybrid Zero-Mile\", OR($L159=\"Class_7\", $AE159=\"Class_7\")),\"hybrid zero mile class 7/8\",(IF(AND($P159=\"Zero Emission\", OR($L159=\"Class_7\", $AE159=\"Class_7\")),\"zero emission class 7/8\",(IF(AND($P159=\"LNG/CNG\", OR($L159=\"Class_8\", $AE159=\"Class_8\")),\"lng/cng class 7/8\",(IF(AND($P159=\"Hybrid\", OR($L159=\"Class_8\", $AE159=\"Class_8\")),\"hybrid class 7/8\",(IF(AND($P159=\"Low NOx\", OR($L159=\"Class_8\", $AE159=\"Class_8\")),\"low nox class 7/8\",(IF(AND($P159=\"Hybrid Zero-Mile\", OR($L159=\"Class_8\", $AE159=\"Class_8\")),\"hybrid zero mile class 7/8\",(IF(AND($P159=\"Zero Emission\", OR($L159=\"Class_8\", $AE159=\"Class_8\")),\"zero emission class 7/8\")))))))))))))))))))))))))))))))))))))))))))))))))))))","v":false}]
["project 158",null,null,null,null,null,null,{"$f":"IF($G162=\"33,001 +\",\"Class_8\",IF($G162=\"26,001-33,000\",\"Class_7\",IF($G162=\"19,501-26,000\",\"Class_6\",\"\")))","v":""},null,null,null,null,null,null,{"$f":"IF(H162=\"Class_6\",IF(T162=\"No\",MIN(IF((J162*K162)<10000,0,J162*K162),IF((J162*N162)<10000,0,J162*N162)),IF(MIN(Y162*Z162,Y162*N162)+MIN(J162*K162,J162*N162)>9999,MIN(J162*K162,J162*N162),0)),IF(T162=\"No\",MIN(IF((J162*K162)<20000,0,J162*K162),IF((J162*N162)<20000,0,J162*N162)),IF(MIN(Y162*Z162,Y162*N162)+MIN(J162*K162,J162*N162)>19999,MIN(J162*K162,J162*N162),0)))","v":0},null,null,"","No","No",null,null,null,{"$f":"IF($W162=\"33,001 +\",\"Class_8\",IF($W162=\"26,001-33,000\",\"Class_7\",IF($W162=\"19,501-26,000\",\"Class_6\",IF($W162=\"\",\"\"))))","v":""},null,null,0,{"$f":"IF($T162=\"Yes\",IF(COUNTA($U162:$AA162)=7,\"Complete\",\"Incomplete\"),\"N/A\")","v":"N/A"},{"$f":"IF($D162=\"2-for-1 Replace\",IF(OR(COUNTA(A162:AA162)=27,COUNTA(A162:AA162)=29),\"Complete\",\"Incomplete\"),IF(OR($D162=\"Replacement\",$D162=\"Repower\"),IF(COUNTA(A162:Q162)=17,\"Complete\",\"Incomplete\"),\"Incomplete\"))","v":"Incomplete"},null,{"$f":"IF(OR($H162=\"Class_8\",$X162=\"Class_8\"),\"Class_8\",IF(OR($H162=\"Class_7\",$X162=\"Class_7\"),\"Class_7\",IF(OR($H162=\"Class_6\",$X162=\"Class_6\"),\"Class_6\")))","v":false},false,{"$f":"IF($D162=\"Repower\",IF($H162=\"Class_7\",IF($M162=\"New: 2013+ HHD\",\"CL7HHD\",\"gas\")))","v":false},false,null,{"$f":"IF($D162=\"2-for-1 Replace\",\"Norestr\",IF($AK162=\"Repower_8\",\"Repo8\",IF($AK162=\"Repower_7\",\"Repo7\",IF($AK162=\"Repower_6\",\"Repo6\",IF(OR($H162=\"Class_8\",$L162=\"Class_8\"),\"Replacement8HHD\",IF($D162=\"Replacement\",IF($H162=\"Class_6\",\"Replacement6\",IF($H162=\"Class_7\",IF($I162=\"MHD\",\"Replacement7MHD\",\"Replacement7HHD\"),IF($H162=\"Class_8\",IF($I162=\"HHD\",\"Replacement8HHD\",\"Replacement8MHD\")))),))))))","v":0},{"$f":"IF($D162=\"Replacement\",IF($H162=\"Class_6\",\"Replacement_6\",IF($H162=\"Class_7\",\"Replacement_7\",IF($H162=\"Class_8\",\"Replacement_8\",null))),IF($D162=\"Repower\",IF($H162=\"Class_6\",\"Repower_6\",IF($H162=\"Class_7\",\"Repower_7\",IF($H162=\"Class_8\",\"Repower_8\",null))),IF($D162=\"2-for-1 Replace\",IF($L162=\"Class_6\",\"Replacement_6\",IF($L162=\"Class_7\",\"Replacement_7\",IF($L162=\"Class_8\",\"Replacement_8\",null))))))","v":false},{"$f":"IF($D162=\"Replacement\",IF(AND($H162=\"Class_6\",$B162 <> \"4+ Trucks\"),\"Small_Fleet_Replacement_6\",IF(AND($H162=\"Class_7\",$B162 <> \"4+ Trucks\"),\"Small_Fleet_Replacement_7\",IF(AND($H162=\"Class_8\",$B162 <> \"4+ Trucks\"),\"Small_Fleet_Replacement_8\",null))),IF($D162=\"Repower\",IF($H162=\"Class_6\",\"Repower_6\",IF($H162=\"Class_7\",\"Repower_7\",IF($H162=\"Class_8\",\"Repower_8\",null))),IF($D162=\"2-for-1 Replace\",IF($L162=\"Class_6\",\"Replacement_6\",IF($L162=\"Class_7\",\"Small_Fleet_Replacement_7\",IF($L162=\"Class_8\",\"Small_Fleet_Replacement_8\",null))))))","v":false},null,null,null,null,{"$f":"IF(AND($B162<>\"4+ Trucks\",$D162=\"Replacement\",$P162=\"Diesel\",OR($L162=\"Class_7\",$H162=\"CLass_7\"),$M162=\"New: 2015+\"),\"small fleet new class 7 diesel\",IF(AND($B162<>\"4+ Trucks\",$D162=\"Replacement\",OR($P162=\"Diesel\",$P162=\"LNG/CNG\",$P162=\"Hybrid\"),OR($H162=\"Class_7\",$L162=\"Class_7\"),$M162=\"Used: 2011+\"),\"small fleet used class 7 diesel\",IF(AND($B162<>\"4+ Trucks\",$D162=\"Replacement\",$P162=\"Diesel\",$L162=\"Class_8\",$M162=\"New: 2015+\"),\"small fleet new class 8 diesel\",IF(AND($B162<>\"4+ Trucks\",$D162=\"Replacement\",$P162=\"Diesel\",$L162=\"Class_6\"),\"small fleet class 6 diesel\",IF(AND($B162<>\"4+ Trucks\",$D162=\"Replacement\",OR($P162=\"Diesel\",$P162=\"LNG/CNG\",$P162=\"Hybrid\"),$L162=\"Class_8\",$M162=\"Used: 2011+\"),\"small fleet used class 8 diesel\",IF(AND($B162<>\"4+ Trucks\",$D162=\"Repower\",$P162=\"Diesel\",(OR($L162=\"Class_8\",$L162=\"Class_7\"))),\"small fleet repower class 7/8\",IF(AND($B162<>\"4+ Trucks\",$D162=\"Repower\",$P162=\"Diesel\",$L162=\"Class_6\"),\"small fleet repower class 6\",IF(AND($D162=\"Replacement\",$P162=\"Zero Emission\",(OR($L162=\"Class_8\",$L162=\"Class_7\"))),\"zero emission class 7/8\",IF(AND($D162=\"Replacement\",$P162=\"Hybrid Zero-Mile\",(OR($L162=\"Class_8\",$L162=\"Class_7\"))),\"hybrid zero mile class 7/8\",IF(AND($D162=\"Replacement\",$P162=\"Low NOx\",(OR($L162=\"Class_8\",$L162=\"Class_7\"))),\"low nox class 7/8\",IF(AND($D162=\"Replacement\",$P162=\"Hybrid\",(OR($L162=\"Class_8\",$L162=\"Class_7\"))),\"hybrid class 7/8\",IF(AND($D162=\"Replacement\",$P162=\"LNG/CNG\",(OR($L162=\"Class_8\",$L162=\"Class_7\"))),\"lng/cng class 7/8\",IF(AND($D162=\"Replacement\",$P162=\"Zero Emission\",$L162=\"Class_6\"),\"zero emission class 6\",IF(AND($D162=\"Replacement\",$P162=\"Hybrid Zero-Mile\",$L162=\"Class_6\"),\"hybrid zero mile class 6\",IF(AND($D162=\"Replacement\",$P162=\"Low NOx\",$L162=\"Class_6\"),\"low nox class 6\",IF(AND($D162=\"Replacement\",$P162=\"Hybrid\",$L162=\"Class_6\"),\"hybrid class 6\",IF(AND($D162=\"Replacement\",$P162=\"LNG/CNG\",$L162=\"Class_6\"),\"lng/cng class 6\",(IF(AND($P162=\"Diesel\", OR($L162=\"Class_6\", $AE162=\"Class_6\")),\"small fleet class 6 diesel\",IF(AND($P162=\"Diesel\",$M162=\"New: 2015+\", OR($L162=\"Class_7\", $AE162=\"Class_7\")),\"small fleet new class 7 diesel\",IF(AND($P162=\"Diesel\",$M162=\"Used: 2011+\", OR($L162=\"Class_7\", $AE162=\"Class_7\")),\"small fleet used class 7 diesel\",IF(AND($P162=\"Diesel\",$M162=\"New: 2015+\", OR($L162=\"Class_8\", $AE162=\"Class_8\")),\"small fleet new class 8 diesel\",IF(AND($P162=\"Diesel\",$M162=\"Used: 2011+\", OR($L162=\"Class_8\", $AE162=\"Class_8\")),\"small fleet used class 8 diesel\",(IF(AND($P162=\"LNG/CNG\", OR($L162=\"Class_6\", $AE162=\"Class_6\")),\"lng/cng class 6\",(IF(AND($P162=\"Hybrid\", OR($L162=\"Class_6\", $AE162=\"Class_6\")),\"hybrid class 6\",(IF(AND($P162=\"Low NOx\", OR($L162=\"Class_6\", $AE162=\"Class_6\")),\"low nox class 6\",(IF(AND($P162=\"Hybrid Zero-Mile\", OR($L162=\"Class_6\", $AE162=\"Class_6\")),\"hybrid zero mile class 6\",(IF(AND($P162=\"Zero Emission\", OR($L162=\"Class_6\", $AE162=\"Class_6\")),\"zero emission class 6\",(IF(AND($P162=\"LNG/CNG\", OR($L162=\"Class_7\", $AE162=\"Class_7\")),\"lng/cng class 7/8\",(IF(AND($P162=\"Hybrid\", OR($L162=\"Class_7\", $AE162=\"Class_7\")),\"hybrid class 7/8\",(IF(AND($P162=\"Low NOx\", OR($L162=\"Class_7\", $AE162=\"Class_7\")),\"low nox class 7/8\",(IF(AND($P162=\"Hybrid Zero-Mile\", OR($L162=\"Class_7\", $AE162=\"Class_7\")),\"hybrid zero mile class 7/8\",(IF(AND($P162=\"Zero Emission\", OR($L162=\"Class_7\", $AE162=\"Class_7\")),\"zero emission class 7/8\",(IF(AND($P162=\"LNG/CNG\", OR($L162=\"Class_8\", $AE162=\"Class_8\")),\"lng/cng class 7/8\",(IF(AND($P162=\"Hybrid\", OR($L162=\"Class_8\", $AE162=\"Class_8\")),\"hybrid class 7/8\",(IF(AND($P162=\"Low NOx\", OR($L162=\"Class_8\", $AE162=\"Class_8\")),\"low nox class 7/8\",(IF(AND($P162=\"Hybrid Zero-Mile\", OR($L162=\"Class_8\", $AE162=\"Class_8\")),\"hybrid zero mile class 7/8\",(IF(AND($P162=\"Zero Emission\", OR($L162=\"Class_8\", $AE162=\"Class_8\")),\"zero emission class 7/8\")))))))))))))))))))))))))))))))))))))))))))))))))))))","v":false}]
["project 159",null,null,null,null,null,null,{"$f":"IF($G163=\"33,001 +\",\"Class_8\",IF($G163=\"26,001-33,000\",\"Class_7\",IF($G163=\"19,501-26,000\",\"Class_6\",\"\")))","v":""},null,null,null,null,null,null,{"$f":"IF(H163=\"Class_6\",IF(T163=\"No\",MIN(IF((J163*K163)<10000,0,J163*K163),IF((J163*N163)<10000,0,J163*N163)),IF(MIN(Y163*Z163,Y163*N163)+MIN(J163*K163,J163*N163)>9999,MIN(J163*K163,J163*N163),0)),IF(T163=\"No\",MIN(IF((J163*K163)<20000,0,J163*K163),IF((J163*N163)<20000,0,J163*N163)),IF(MIN(Y163*Z163,Y163*N163)+MIN(J163*K163,J163*N163)>19999,MIN(J163*K163,J163*N163),0)))","v":0},null,null,"","No","No",null,null,null,{"$f":"IF($W163=\"33,001 +\",\"Class_8\",IF($W163=\"26,001-33,000\",\"Class_7\",IF($W163=\"19,501-26,000\",\"Class_6\",IF($W163=\"\",\"\"))))","v":""},null,null,0,{"$f":"IF($T163=\"Yes\",IF(COUNTA($U163:$AA163)=7,\"Complete\",\"Incomplete\"),\"N/A\")","v":"N/A"},{"$f":"IF($D163=\"2-for-1 Replace\",IF(OR(COUNTA(A163:AA163)=27,COUNTA(A163:AA163)=29),\"Complete\",\"Incomplete\"),IF(OR($D163=\"Replacement\",$D163=\"Repower\"),IF(COUNTA(A163:Q163)=17,\"Complete\",\"Incomplete\"),\"Incomplete\"))","v":"Incomplete"},null,{"$f":"IF(OR($H163=\"Class_8\",$X163=\"Class_8\"),\"Class_8\",IF(OR($H163=\"Class_7\",$X163=\"Class_7\"),\"Class_7\",IF(OR($H163=\"Class_6\",$X163=\"Class_6\"),\"Class_6\")))","v":false},false,{"$f":"IF($D163=\"Repower\",IF($H163=\"Class_7\",IF($M163=\"New: 2013+ HHD\",\"CL7HHD\",\"gas\")))","v":false},false,null,{"$f":"IF($D163=\"2-for-1 Replace\",\"Norestr\",IF($AK163=\"Repower_8\",\"Repo8\",IF($AK163=\"Repower_7\",\"Repo7\",IF($AK163=\"Repower_6\",\"Repo6\",IF(OR($H163=\"Class_8\",$L163=\"Class_8\"),\"Replacement8HHD\",IF($D163=\"Replacement\",IF($H163=\"Class_6\",\"Replacement6\",IF($H163=\"Class_7\",IF($I163=\"MHD\",\"Replacement7MHD\",\"Replacement7HHD\"),IF($H163=\"Class_8\",IF($I163=\"HHD\",\"Replacement8HHD\",\"Replacement8MHD\")))),))))))","v":0},{"$f":"IF($D163=\"Replacement\",IF($H163=\"Class_6\",\"Replacement_6\",IF($H163=\"Class_7\",\"Replacement_7\",IF($H163=\"Class_8\",\"Replacement_8\",null))),IF($D163=\"Repower\",IF($H163=\"Class_6\",\"Repower_6\",IF($H163=\"Class_7\",\"Repower_7\",IF($H163=\"Class_8\",\"Repower_8\",null))),IF($D163=\"2-for-1 Replace\",IF($L163=\"Class_6\",\"Replacement_6\",IF($L163=\"Class_7\",\"Replacement_7\",IF($L163=\"Class_8\",\"Replacement_8\",null))))))","v":false},{"$f":"IF($D163=\"Replacement\",IF(AND($H163=\"Class_6\",$B163 <> \"4+ Trucks\"),\"Small_Fleet_Replacement_6\",IF(AND($H163=\"Class_7\",$B163 <> \"4+ Trucks\"),\"Small_Fleet_Replacement_7\",IF(AND($H163=\"Class_8\",$B163 <> \"4+ Trucks\"),\"Small_Fleet_Replacement_8\",null))),IF($D163=\"Repower\",IF($H163=\"Class_6\",\"Repower_6\",IF($H163=\"Class_7\",\"Repower_7\",IF($H163=\"Class_8\",\"Repower_8\",null))),IF($D163=\"2-for-1 Replace\",IF($L163=\"Class_6\",\"Replacement_6\",IF($L163=\"Class_7\",\"Small_Fleet_Replacement_7\",IF($L163=\"Class_8\",\"Small_Fleet_Replacement_8\",null))))))","v":false},null,null,null,null,{"$f":"IF(AND($B163<>\"4+ Trucks\",$D163=\"Replacement\",$P163=\"Diesel\",OR($L163=\"Class_7\",$H163=\"CLass_7\"),$M163=\"New: 2015+\"),\"small fleet new class 7 diesel\",IF(AND($B163<>\"4+ Trucks\",$D163=\"Replacement\",OR($P163=\"Diesel\",$P163=\"LNG/CNG\",$P163=\"Hybrid\"),OR($H163=\"Class_7\",$L163=\"Class_7\"),$M163=\"Used: 2011+\"),\"small fleet used class 7 diesel\",IF(AND($B163<>\"4+ Trucks\",$D163=\"Replacement\",$P163=\"Diesel\",$L163=\"Class_8\",$M163=\"New: 2015+\"),\"small fleet new class 8 diesel\",IF(AND($B163<>\"4+ Trucks\",$D163=\"Replacement\",$P163=\"Diesel\",$L163=\"Class_6\"),\"small fleet class 6 diesel\",IF(AND($B163<>\"4+ Trucks\",$D163=\"Replacement\",OR($P163=\"Diesel\",$P163=\"LNG/CNG\",$P163=\"Hybrid\"),$L163=\"Class_8\",$M163=\"Used: 2011+\"),\"small fleet used class 8 diesel\",IF(AND($B163<>\"4+ Trucks\",$D163=\"Repower\",$P163=\"Diesel\",(OR($L163=\"Class_8\",$L163=\"Class_7\"))),\"small fleet repower class 7/8\",IF(AND($B163<>\"4+ Trucks\",$D163=\"Repower\",$P163=\"Diesel\",$L163=\"Class_6\"),\"small fleet repower class 6\",IF(AND($D163=\"Replacement\",$P163=\"Zero Emission\",(OR($L163=\"Class_8\",$L163=\"Class_7\"))),\"zero emission class 7/8\",IF(AND($D163=\"Replacement\",$P163=\"Hybrid Zero-Mile\",(OR($L163=\"Class_8\",$L163=\"Class_7\"))),\"hybrid zero mile class 7/8\",IF(AND($D163=\"Replacement\",$P163=\"Low NOx\",(OR($L163=\"Class_8\",$L163=\"Class_7\"))),\"low nox class 7/8\",IF(AND($D163=\"Replacement\",$P163=\"Hybrid\",(OR($L163=\"Class_8\",$L163=\"Class_7\"))),\"hybrid class 7/8\",IF(AND($D163=\"Replacement\",$P163=\"LNG/CNG\",(OR($L163=\"Class_8\",$L163=\"Class_7\"))),\"lng/cng class 7/8\",IF(AND($D163=\"Replacement\",$P163=\"Zero Emission\",$L163=\"Class_6\"),\"zero emission class 6\",IF(AND($D163=\"Replacement\",$P163=\"Hybrid Zero-Mile\",$L163=\"Class_6\"),\"hybrid zero mile class 6\",IF(AND($D163=\"Replacement\",$P163=\"Low NOx\",$L163=\"Class_6\"),\"low nox class 6\",IF(AND($D163=\"Replacement\",$P163=\"Hybrid\",$L163=\"Class_6\"),\"hybrid class 6\",IF(AND($D163=\"Replacement\",$P163=\"LNG/CNG\",$L163=\"Class_6\"),\"lng/cng class 6\",(IF(AND($P163=\"Diesel\", OR($L163=\"Class_6\", $AE163=\"Class_6\")),\"small fleet class 6 diesel\",IF(AND($P163=\"Diesel\",$M163=\"New: 2015+\", OR($L163=\"Class_7\", $AE163=\"Class_7\")),\"small fleet new class 7 diesel\",IF(AND($P163=\"Diesel\",$M163=\"Used: 2011+\", OR($L163=\"Class_7\", $AE163=\"Class_7\")),\"small fleet used class 7 diesel\",IF(AND($P163=\"Diesel\",$M163=\"New: 2015+\", OR($L163=\"Class_8\", $AE163=\"Class_8\")),\"small fleet new class 8 diesel\",IF(AND($P163=\"Diesel\",$M163=\"Used: 2011+\", OR($L163=\"Class_8\", $AE163=\"Class_8\")),\"small fleet used class 8 diesel\",(IF(AND($P163=\"LNG/CNG\", OR($L163=\"Class_6\", $AE163=\"Class_6\")),\"lng/cng class 6\",(IF(AND($P163=\"Hybrid\", OR($L163=\"Class_6\", $AE163=\"Class_6\")),\"hybrid class 6\",(IF(AND($P163=\"Low NOx\", OR($L163=\"Class_6\", $AE163=\"Class_6\")),\"low nox class 6\",(IF(AND($P163=\"Hybrid Zero-Mile\", OR($L163=\"Class_6\", $AE163=\"Class_6\")),\"hybrid zero mile class 6\",(IF(AND($P163=\"Zero Emission\", OR($L163=\"Class_6\", $AE163=\"Class_6\")),\"zero emission class 6\",(IF(AND($P163=\"LNG/CNG\", OR($L163=\"Class_7\", $AE163=\"Class_7\")),\"lng/cng class 7/8\",(IF(AND($P163=\"Hybrid\", OR($L163=\"Class_7\", $AE163=\"Class_7\")),\"hybrid class 7/8\",(IF(AND($P163=\"Low NOx\", OR($L163=\"Class_7\", $AE163=\"Class_7\")),\"low nox class 7/8\",(IF(AND($P163=\"Hybrid Zero-Mile\", OR($L163=\"Class_7\", $AE163=\"Class_7\")),\"hybrid zero mile class 7/8\",(IF(AND($P163=\"Zero Emission\", OR($L163=\"Class_7\", $AE163=\"Class_7\")),\"zero emission class 7/8\",(IF(AND($P163=\"LNG/CNG\", OR($L163=\"Class_8\", $AE163=\"Class_8\")),\"lng/cng class 7/8\",(IF(AND($P163=\"Hybrid\", OR($L163=\"Class_8\", $AE163=\"Class_8\")),\"hybrid class 7/8\",(IF(AND($P163=\"Low NOx\", OR($L163=\"Class_8\", $AE163=\"Class_8\")),\"low nox class 7/8\",(IF(AND($P163=\"Hybrid Zero-Mile\", OR($L163=\"Class_8\", $AE163=\"Class_8\")),\"hybrid zero mile class 7/8\",(IF(AND($P163=\"Zero Emission\", OR($L163=\"Class_8\", $AE163=\"Class_8\")),\"zero emission class 7/8\")))))))))))))))))))))))))))))))))))))))))))))))))))))","v":false}]
["project 162",null,null,null,null,null,null,{"$f":"IF($G166=\"33,001 +\",\"Class_8\",IF($G166=\"26,001-33,000\",\"Class_7\",IF($G166=\"19,501-26,000\",\"Class_6\",\"\")))","v":""},null,null,null,null,null,null,{"$f":"IF(H166=\"Class_6\",IF(T166=\"No\",MIN(IF((J166*K166)<10000,0,J166*K166),IF((J166*N166)<10000,0,J166*N166)),IF(MIN(Y166*Z166,Y166*N166)+MIN(J166*K166,J166*N166)>9999,MIN(J166*K166,J166*N166),0)),IF(T166=\"No\",MIN(IF((J166*K166)<20000,0,J166*K166),IF((J166*N166)<20000,0,J166*N166)),IF(MIN(Y166*Z166,Y166*N166)+MIN(J166*K166,J166*N166)>19999,MIN(J166*K166,J166*N166),0)))","v":0},null,null,"","No","No",null,null,null,{"$f":"IF($W166=\"33,001 +\",\"Class_8\",IF($W166=\"26,001-33,000\",\"Class_7\",IF($W166=\"19,501-26,000\",\"Class_6\",IF($W166=\"\",\"\"))))","v":""},null,null,0,{"$f":"IF($T166=\"Yes\",IF(COUNTA($U166:$AA166)=7,\"Complete\",\"Incomplete\"),\"N/A\")","v":"N/A"},{"$f":"IF($D166=\"2-for-1 Replace\",IF(OR(COUNTA(A166:AA166)=27,COUNTA(A166:AA166)=29),\"Complete\",\"Incomplete\"),IF(OR($D166=\"Replacement\",$D166=\"Repower\"),IF(COUNTA(A166:Q166)=17,\"Complete\",\"Incomplete\"),\"Incomplete\"))","v":"Incomplete"},null,{"$f":"IF(OR($H166=\"Class_8\",$X166=\"Class_8\"),\"Class_8\",IF(OR($H166=\"Class_7\",$X166=\"Class_7\"),\"Class_7\",IF(OR($H166=\"Class_6\",$X166=\"Class_6\"),\"Class_6\")))","v":false},false,{"$f":"IF($D166=\"Repower\",IF($H166=\"Class_7\",IF($M166=\"New: 2013+ HHD\",\"CL7HHD\",\"gas\")))","v":false},false,null,{"$f":"IF($D166=\"2-for-1 Replace\",\"Norestr\",IF($AK166=\"Repower_8\",\"Repo8\",IF($AK166=\"Repower_7\",\"Repo7\",IF($AK166=\"Repower_6\",\"Repo6\",IF(OR($H166=\"Class_8\",$L166=\"Class_8\"),\"Replacement8HHD\",IF($D166=\"Replacement\",IF($H166=\"Class_6\",\"Replacement6\",IF($H166=\"Class_7\",IF($I166=\"MHD\",\"Replacement7MHD\",\"Replacement7HHD\"),IF($H166=\"Class_8\",IF($I166=\"HHD\",\"Replacement8HHD\",\"Replacement8MHD\")))),))))))","v":0},{"$f":"IF($D166=\"Replacement\",IF($H166=\"Class_6\",\"Replacement_6\",IF($H166=\"Class_7\",\"Replacement_7\",IF($H166=\"Class_8\",\"Replacement_8\",null))),IF($D166=\"Repower\",IF($H166=\"Class_6\",\"Repower_6\",IF($H166=\"Class_7\",\"Repower_7\",IF($H166=\"Class_8\",\"Repower_8\",null))),IF($D166=\"2-for-1 Replace\",IF($L166=\"Class_6\",\"Replacement_6\",IF($L166=\"Class_7\",\"Replacement_7\",IF($L166=\"Class_8\",\"Replacement_8\",null))))))","v":false},{"$f":"IF($D166=\"Replacement\",IF(AND($H166=\"Class_6\",$B166 <> \"4+ Trucks\"),\"Small_Fleet_Replacement_6\",IF(AND($H166=\"Class_7\",$B166 <> \"4+ Trucks\"),\"Small_Fleet_Replacement_7\",IF(AND($H166=\"Class_8\",$B166 <> \"4+ Trucks\"),\"Small_Fleet_Replacement_8\",null))),IF($D166=\"Repower\",IF($H166=\"Class_6\",\"Repower_6\",IF($H166=\"Class_7\",\"Repower_7\",IF($H166=\"Class_8\",\"Repower_8\",null))),IF($D166=\"2-for-1 Replace\",IF($L166=\"Class_6\",\"Replacement_6\",IF($L166=\"Class_7\",\"Small_Fleet_Replacement_7\",IF($L166=\"Class_8\",\"Small_Fleet_Replacement_8\",null))))))","v":false},null,null,null,null,{"$f":"IF(AND($B166<>\"4+ Trucks\",$D166=\"Replacement\",$P166=\"Diesel\",OR($L166=\"Class_7\",$H166=\"CLass_7\"),$M166=\"New: 2015+\"),\"small fleet new class 7 diesel\",IF(AND($B166<>\"4+ Trucks\",$D166=\"Replacement\",OR($P166=\"Diesel\",$P166=\"LNG/CNG\",$P166=\"Hybrid\"),OR($H166=\"Class_7\",$L166=\"Class_7\"),$M166=\"Used: 2011+\"),\"small fleet used class 7 diesel\",IF(AND($B166<>\"4+ Trucks\",$D166=\"Replacement\",$P166=\"Diesel\",$L166=\"Class_8\",$M166=\"New: 2015+\"),\"small fleet new class 8 diesel\",IF(AND($B166<>\"4+ Trucks\",$D166=\"Replacement\",$P166=\"Diesel\",$L166=\"Class_6\"),\"small fleet class 6 diesel\",IF(AND($B166<>\"4+ Trucks\",$D166=\"Replacement\",OR($P166=\"Diesel\",$P166=\"LNG/CNG\",$P166=\"Hybrid\"),$L166=\"Class_8\",$M166=\"Used: 2011+\"),\"small fleet used class 8 diesel\",IF(AND($B166<>\"4+ Trucks\",$D166=\"Repower\",$P166=\"Diesel\",(OR($L166=\"Class_8\",$L166=\"Class_7\"))),\"small fleet repower class 7/8\",IF(AND($B166<>\"4+ Trucks\",$D166=\"Repower\",$P166=\"Diesel\",$L166=\"Class_6\"),\"small fleet repower class 6\",IF(AND($D166=\"Replacement\",$P166=\"Zero Emission\",(OR($L166=\"Class_8\",$L166=\"Class_7\"))),\"zero emission class 7/8\",IF(AND($D166=\"Replacement\",$P166=\"Hybrid Zero-Mile\",(OR($L166=\"Class_8\",$L166=\"Class_7\"))),\"hybrid zero mile class 7/8\",IF(AND($D166=\"Replacement\",$P166=\"Low NOx\",(OR($L166=\"Class_8\",$L166=\"Class_7\"))),\"low nox class 7/8\",IF(AND($D166=\"Replacement\",$P166=\"Hybrid\",(OR($L166=\"Class_8\",$L166=\"Class_7\"))),\"hybrid class 7/8\",IF(AND($D166=\"Replacement\",$P166=\"LNG/CNG\",(OR($L166=\"Class_8\",$L166=\"Class_7\"))),\"lng/cng class 7/8\",IF(AND($D166=\"Replacement\",$P166=\"Zero Emission\",$L166=\"Class_6\"),\"zero emission class 6\",IF(AND($D166=\"Replacement\",$P166=\"Hybrid Zero-Mile\",$L166=\"Class_6\"),\"hybrid zero mile class 6\",IF(AND($D166=\"Replacement\",$P166=\"Low NOx\",$L166=\"Class_6\"),\"low nox class 6\",IF(AND($D166=\"Replacement\",$P166=\"Hybrid\",$L166=\"Class_6\"),\"hybrid class 6\",IF(AND($D166=\"Replacement\",$P166=\"LNG/CNG\",$L166=\"Class_6\"),\"lng/cng class 6\",(IF(AND($P166=\"Diesel\", OR($L166=\"Class_6\", $AE166=\"Class_6\")),\"small fleet class 6 diesel\",IF(AND($P166=\"Diesel\",$M166=\"New: 2015+\", OR($L166=\"Class_7\", $AE166=\"Class_7\")),\"small fleet new class 7 diesel\",IF(AND($P166=\"Diesel\",$M166=\"Used: 2011+\", OR($L166=\"Class_7\", $AE166=\"Class_7\")),\"small fleet used class 7 diesel\",IF(AND($P166=\"Diesel\",$M166=\"New: 2015+\", OR($L166=\"Class_8\", $AE166=\"Class_8\")),\"small fleet new class 8 diesel\",IF(AND($P166=\"Diesel\",$M166=\"Used: 2011+\", OR($L166=\"Class_8\", $AE166=\"Class_8\")),\"small fleet used class 8 diesel\",(IF(AND($P166=\"LNG/CNG\", OR($L166=\"Class_6\", $AE166=\"Class_6\")),\"lng/cng class 6\",(IF(AND($P166=\"Hybrid\", OR($L166=\"Class_6\", $AE166=\"Class_6\")),\"hybrid class 6\",(IF(AND($P166=\"Low NOx\", OR($L166=\"Class_6\", $AE166=\"Class_6\")),\"low nox class 6\",(IF(AND($P166=\"Hybrid Zero-Mile\", OR($L166=\"Class_6\", $AE166=\"Class_6\")),\"hybrid zero mile class 6\",(IF(AND($P166=\"Zero Emission\", OR($L166=\"Class_6\", $AE166=\"Class_6\")),\"zero emission class 6\",(IF(AND($P166=\"LNG/CNG\", OR($L166=\"Class_7\", $AE166=\"Class_7\")),\"lng/cng class 7/8\",(IF(AND($P166=\"Hybrid\", OR($L166=\"Class_7\", $AE166=\"Class_7\")),\"hybrid class 7/8\",(IF(AND($P166=\"Low NOx\", OR($L166=\"Class_7\", $AE166=\"Class_7\")),\"low nox class 7/8\",(IF(AND($P166=\"Hybrid Zero-Mile\", OR($L166=\"Class_7\", $AE166=\"Class_7\")),\"hybrid zero mile class 7/8\",(IF(AND($P166=\"Zero Emission\", OR($L166=\"Class_7\", $AE166=\"Class_7\")),\"zero emission class 7/8\",(IF(AND($P166=\"LNG/CNG\", OR($L166=\"Class_8\", $AE166=\"Class_8\")),\"lng/cng class 7/8\",(IF(AND($P166=\"Hybrid\", OR($L166=\"Class_8\", $AE166=\"Class_8\")),\"hybrid class 7/8\",(IF(AND($P166=\"Low NOx\", OR($L166=\"Class_8\", $AE166=\"Class_8\")),\"low nox class 7/8\",(IF(AND($P166=\"Hybrid Zero-Mile\", OR($L166=\"Class_8\", $AE166=\"Class_8\")),\"hybrid zero mile class 7/8\",(IF(AND($P166=\"Zero Emission\", OR($L166=\"Class_8\", $AE166=\"Class_8\")),\"zero emission class 7/8\")))))))))))))))))))))))))))))))))))))))))))))))))))))","v":false}]
["project 163",null,null,null,null,null,null,{"$f":"IF($G167=\"33,001 +\",\"Class_8\",IF($G167=\"26,001-33,000\",\"Class_7\",IF($G167=\"19,501-26,000\",\"Class_6\",\"\")))","v":""},null,null,null,null,null,null,{"$f":"IF(H167=\"Class_6\",IF(T167=\"No\",MIN(IF((J167*K167)<10000,0,J167*K167),IF((J167*N167)<10000,0,J167*N167)),IF(MIN(Y167*Z167,Y167*N167)+MIN(J167*K167,J167*N167)>9999,MIN(J167*K167,J167*N167),0)),IF(T167=\"No\",MIN(IF((J167*K167)<20000,0,J167*K167),IF((J167*N167)<20000,0,J167*N167)),IF(MIN(Y167*Z167,Y167*N167)+MIN(J167*K167,J167*N167)>19999,MIN(J167*K167,J167*N167),0)))","v":0},null,null,"","No","No",null,null,null,{"$f":"IF($W167=\"33,001 +\",\"Class_8\",IF($W167=\"26,001-33,000\",\"Class_7\",IF($W167=\"19,501-26,000\",\"Class_6\",IF($W167=\"\",\"\"))))","v":""},null,null,0,{"$f":"IF($T167=\"Yes\",IF(COUNTA($U167:$AA167)=7,\"Complete\",\"Incomplete\"),\"N/A\")","v":"N/A"},{"$f":"IF($D167=\"2-for-1 Replace\",IF(OR(COUNTA(A167:AA167)=27,COUNTA(A167:AA167)=29),\"Complete\",\"Incomplete\"),IF(OR($D167=\"Replacement\",$D167=\"Repower\"),IF(COUNTA(A167:Q167)=17,\"Complete\",\"Incomplete\"),\"Incomplete\"))","v":"Incomplete"},null,{"$f":"IF(OR($H167=\"Class_8\",$X167=\"Class_8\"),\"Class_8\",IF(OR($H167=\"Class_7\",$X167=\"Class_7\"),\"Class_7\",IF(OR($H167=\"Class_6\",$X167=\"Class_6\"),\"Class_6\")))","v":false},false,{"$f":"IF($D167=\"Repower\",IF($H167=\"Class_7\",IF($M167=\"New: 2013+ HHD\",\"CL7HHD\",\"gas\")))","v":false},false,null,{"$f":"IF($D167=\"2-for-1 Replace\",\"Norestr\",IF($AK167=\"Repower_8\",\"Repo8\",IF($AK167=\"Repower_7\",\"Repo7\",IF($AK167=\"Repower_6\",\"Repo6\",IF(OR($H167=\"Class_8\",$L167=\"Class_8\"),\"Replacement8HHD\",IF($D167=\"Replacement\",IF($H167=\"Class_6\",\"Replacement6\",IF($H167=\"Class_7\",IF($I167=\"MHD\",\"Replacement7MHD\",\"Replacement7HHD\"),IF($H167=\"Class_8\",IF($I167=\"HHD\",\"Replacement8HHD\",\"Replacement8MHD\")))),))))))","v":0},{"$f":"IF($D167=\"Replacement\",IF($H167=\"Class_6\",\"Replacement_6\",IF($H167=\"Class_7\",\"Replacement_7\",IF($H167=\"Class_8\",\"Replacement_8\",null))),IF($D167=\"Repower\",IF($H167=\"Class_6\",\"Repower_6\",IF($H167=\"Class_7\",\"Repower_7\",IF($H167=\"Class_8\",\"Repower_8\",null))),IF($D167=\"2-for-1 Replace\",IF($L167=\"Class_6\",\"Replacement_6\",IF($L167=\"Class_7\",\"Replacement_7\",IF($L167=\"Class_8\",\"Replacement_8\",null))))))","v":false},{"$f":"IF($D167=\"Replacement\",IF(AND($H167=\"Class_6\",$B167 <> \"4+ Trucks\"),\"Small_Fleet_Replacement_6\",IF(AND($H167=\"Class_7\",$B167 <> \"4+ Trucks\"),\"Small_Fleet_Replacement_7\",IF(AND($H167=\"Class_8\",$B167 <> \"4+ Trucks\"),\"Small_Fleet_Replacement_8\",null))),IF($D167=\"Repower\",IF($H167=\"Class_6\",\"Repower_6\",IF($H167=\"Class_7\",\"Repower_7\",IF($H167=\"Class_8\",\"Repower_8\",null))),IF($D167=\"2-for-1 Replace\",IF($L167=\"Class_6\",\"Replacement_6\",IF($L167=\"Class_7\",\"Small_Fleet_Replacement_7\",IF($L167=\"Class_8\",\"Small_Fleet_Replacement_8\",null))))))","v":false},null,null,null,null,{"$f":"IF(AND($B167<>\"4+ Trucks\",$D167=\"Replacement\",$P167=\"Diesel\",OR($L167=\"Class_7\",$H167=\"CLass_7\"),$M167=\"New: 2015+\"),\"small fleet new class 7 diesel\",IF(AND($B167<>\"4+ Trucks\",$D167=\"Replacement\",OR($P167=\"Diesel\",$P167=\"LNG/CNG\",$P167=\"Hybrid\"),OR($H167=\"Class_7\",$L167=\"Class_7\"),$M167=\"Used: 2011+\"),\"small fleet used class 7 diesel\",IF(AND($B167<>\"4+ Trucks\",$D167=\"Replacement\",$P167=\"Diesel\",$L167=\"Class_8\",$M167=\"New: 2015+\"),\"small fleet new class 8 diesel\",IF(AND($B167<>\"4+ Trucks\",$D167=\"Replacement\",$P167=\"Diesel\",$L167=\"Class_6\"),\"small fleet class 6 diesel\",IF(AND($B167<>\"4+ Trucks\",$D167=\"Replacement\",OR($P167=\"Diesel\",$P167=\"LNG/CNG\",$P167=\"Hybrid\"),$L167=\"Class_8\",$M167=\"Used: 2011+\"),\"small fleet used class 8 diesel\",IF(AND($B167<>\"4+ Trucks\",$D167=\"Repower\",$P167=\"Diesel\",(OR($L167=\"Class_8\",$L167=\"Class_7\"))),\"small fleet repower class 7/8\",IF(AND($B167<>\"4+ Trucks\",$D167=\"Repower\",$P167=\"Diesel\",$L167=\"Class_6\"),\"small fleet repower class 6\",IF(AND($D167=\"Replacement\",$P167=\"Zero Emission\",(OR($L167=\"Class_8\",$L167=\"Class_7\"))),\"zero emission class 7/8\",IF(AND($D167=\"Replacement\",$P167=\"Hybrid Zero-Mile\",(OR($L167=\"Class_8\",$L167=\"Class_7\"))),\"hybrid zero mile class 7/8\",IF(AND($D167=\"Replacement\",$P167=\"Low NOx\",(OR($L167=\"Class_8\",$L167=\"Class_7\"))),\"low nox class 7/8\",IF(AND($D167=\"Replacement\",$P167=\"Hybrid\",(OR($L167=\"Class_8\",$L167=\"Class_7\"))),\"hybrid class 7/8\",IF(AND($D167=\"Replacement\",$P167=\"LNG/CNG\",(OR($L167=\"Class_8\",$L167=\"Class_7\"))),\"lng/cng class 7/8\",IF(AND($D167=\"Replacement\",$P167=\"Zero Emission\",$L167=\"Class_6\"),\"zero emission class 6\",IF(AND($D167=\"Replacement\",$P167=\"Hybrid Zero-Mile\",$L167=\"Class_6\"),\"hybrid zero mile class 6\",IF(AND($D167=\"Replacement\",$P167=\"Low NOx\",$L167=\"Class_6\"),\"low nox class 6\",IF(AND($D167=\"Replacement\",$P167=\"Hybrid\",$L167=\"Class_6\"),\"hybrid class 6\",IF(AND($D167=\"Replacement\",$P167=\"LNG/CNG\",$L167=\"Class_6\"),\"lng/cng class 6\",(IF(AND($P167=\"Diesel\", OR($L167=\"Class_6\", $AE167=\"Class_6\")),\"small fleet class 6 diesel\",IF(AND($P167=\"Diesel\",$M167=\"New: 2015+\", OR($L167=\"Class_7\", $AE167=\"Class_7\")),\"small fleet new class 7 diesel\",IF(AND($P167=\"Diesel\",$M167=\"Used: 2011+\", OR($L167=\"Class_7\", $AE167=\"Class_7\")),\"small fleet used class 7 diesel\",IF(AND($P167=\"Diesel\",$M167=\"New: 2015+\", OR($L167=\"Class_8\", $AE167=\"Class_8\")),\"small fleet new class 8 diesel\",IF(AND($P167=\"Diesel\",$M167=\"Used: 2011+\", OR($L167=\"Class_8\", $AE167=\"Class_8\")),\"small fleet used class 8 diesel\",(IF(AND($P167=\"LNG/CNG\", OR($L167=\"Class_6\", $AE167=\"Class_6\")),\"lng/cng class 6\",(IF(AND($P167=\"Hybrid\", OR($L167=\"Class_6\", $AE167=\"Class_6\")),\"hybrid class 6\",(IF(AND($P167=\"Low NOx\", OR($L167=\"Class_6\", $AE167=\"Class_6\")),\"low nox class 6\",(IF(AND($P167=\"Hybrid Zero-Mile\", OR($L167=\"Class_6\", $AE167=\"Class_6\")),\"hybrid zero mile class 6\",(IF(AND($P167=\"Zero Emission\", OR($L167=\"Class_6\", $AE167=\"Class_6\")),\"zero emission class 6\",(IF(AND($P167=\"LNG/CNG\", OR($L167=\"Class_7\", $AE167=\"Class_7\")),\"lng/cng class 7/8\",(IF(AND($P167=\"Hybrid\", OR($L167=\"Class_7\", $AE167=\"Class_7\")),\"hybrid class 7/8\",(IF(AND($P167=\"Low NOx\", OR($L167=\"Class_7\", $AE167=\"Class_7\")),\"low nox class 7/8\",(IF(AND($P167=\"Hybrid Zero-Mile\", OR($L167=\"Class_7\", $AE167=\"Class_7\")),\"hybrid zero mile class 7/8\",(IF(AND($P167=\"Zero Emission\", OR($L167=\"Class_7\", $AE167=\"Class_7\")),\"zero emission class 7/8\",(IF(AND($P167=\"LNG/CNG\", OR($L167=\"Class_8\", $AE167=\"Class_8\")),\"lng/cng class 7/8\",(IF(AND($P167=\"Hybrid\", OR($L167=\"Class_8\", $AE167=\"Class_8\")),\"hybrid class 7/8\",(IF(AND($P167=\"Low NOx\", OR($L167=\"Class_8\", $AE167=\"Class_8\")),\"low nox class 7/8\",(IF(AND($P167=\"Hybrid Zero-Mile\", OR($L167=\"Class_8\", $AE167=\"Class_8\")),\"hybrid zero mile class 7/8\",(IF(AND($P167=\"Zero Emission\", OR($L167=\"Class_8\", $AE167=\"Class_8\")),\"zero emission class 7/8\")))))))))))))))))))))))))))))))))))))))))))))))))))))","v":false}]
["project 166",null,null,null,null,null,null,{"$f":"IF($G170=\"33,001 +\",\"Class_8\",IF($G170=\"26,001-33,000\",\"Class_7\",IF($G170=\"19,501-26,000\",\"Class_6\",\"\")))","v":""},null,null,null,null,null,null,{"$f":"IF(H170=\"Class_6\",IF(T170=\"No\",MIN(IF((J170*K170)<10000,0,J170*K170),IF((J170*N170)<10000,0,J170*N170)),IF(MIN(Y170*Z170,Y170*N170)+MIN(J170*K170,J170*N170)>9999,MIN(J170*K170,J170*N170),0)),IF(T170=\"No\",MIN(IF((J170*K170)<20000,0,J170*K170),IF((J170*N170)<20000,0,J170*N170)),IF(MIN(Y170*Z170,Y170*N170)+MIN(J170*K170,J170*N170)>19999,MIN(J170*K170,J170*N170),0)))","v":0},null,null,"","No","No",null,null,null,{"$f":"IF($W170=\"33,001 +\",\"Class_8\",IF($W170=\"26,001-33,000\",\"Class_7\",IF($W170=\"19,501-26,000\",\"Class_6\",IF($W170=\"\",\"\"))))","v":""},null,null,0,{"$f":"IF($T170=\"Yes\",IF(COUNTA($U170:$AA170)=7,\"Complete\",\"Incomplete\"),\"N/A\")","v":"N/A"},{"$f":"IF($D170=\"2-for-1 Replace\",IF(OR(COUNTA(A170:AA170)=27,COUNTA(A170:AA170)=29),\"Complete\",\"Incomplete\"),IF(OR($D170=\"Replacement\",$D170=\"Repower\"),IF(COUNTA(A170:Q170)=17,\"Complete\",\"Incomplete\"),\"Incomplete\"))","v":"Incomplete"},null,{"$f":"IF(OR($H170=\"Class_8\",$X170=\"Class_8\"),\"Class_8\",IF(OR($H170=\"Class_7\",$X170=\"Class_7\"),\"Class_7\",IF(OR($H170=\"Class_6\",$X170=\"Class_6\"),\"Class_6\")))","v":false},false,{"$f":"IF($D170=\"Repower\",IF($H170=\"Class_7\",IF($M170=\"New: 2013+ HHD\",\"CL7HHD\",\"gas\")))","v":false},false,null,{"$f":"IF($D170=\"2-for-1 Replace\",\"Norestr\",IF($AK170=\"Repower_8\",\"Repo8\",IF($AK170=\"Repower_7\",\"Repo7\",IF($AK170=\"Repower_6\",\"Repo6\",IF(OR($H170=\"Class_8\",$L170=\"Class_8\"),\"Replacement8HHD\",IF($D170=\"Replacement\",IF($H170=\"Class_6\",\"Replacement6\",IF($H170=\"Class_7\",IF($I170=\"MHD\",\"Replacement7MHD\",\"Replacement7HHD\"),IF($H170=\"Class_8\",IF($I170=\"HHD\",\"Replacement8HHD\",\"Replacement8MHD\")))),))))))","v":0},{"$f":"IF($D170=\"Replacement\",IF($H170=\"Class_6\",\"Replacement_6\",IF($H170=\"Class_7\",\"Replacement_7\",IF($H170=\"Class_8\",\"Replacement_8\",null))),IF($D170=\"Repower\",IF($H170=\"Class_6\",\"Repower_6\",IF($H170=\"Class_7\",\"Repower_7\",IF($H170=\"Class_8\",\"Repower_8\",null))),IF($D170=\"2-for-1 Replace\",IF($L170=\"Class_6\",\"Replacement_6\",IF($L170=\"Class_7\",\"Replacement_7\",IF($L170=\"Class_8\",\"Replacement_8\",null))))))","v":false},{"$f":"IF($D170=\"Replacement\",IF(AND($H170=\"Class_6\",$B170 <> \"4+ Trucks\"),\"Small_Fleet_Replacement_6\",IF(AND($H170=\"Class_7\",$B170 <> \"4+ Trucks\"),\"Small_Fleet_Replacement_7\",IF(AND($H170=\"Class_8\",$B170 <> \"4+ Trucks\"),\"Small_Fleet_Replacement_8\",null))),IF($D170=\"Repower\",IF($H170=\"Class_6\",\"Repower_6\",IF($H170=\"Class_7\",\"Repower_7\",IF($H170=\"Class_8\",\"Repower_8\",null))),IF($D170=\"2-for-1 Replace\",IF($L170=\"Class_6\",\"Replacement_6\",IF($L170=\"Class_7\",\"Small_Fleet_Replacement_7\",IF($L170=\"Class_8\",\"Small_Fleet_Replacement_8\",null))))))","v":false},null,null,null,null,{"$f":"IF(AND($B170<>\"4+ Trucks\",$D170=\"Replacement\",$P170=\"Diesel\",OR($L170=\"Class_7\",$H170=\"CLass_7\"),$M170=\"New: 2015+\"),\"small fleet new class 7 diesel\",IF(AND($B170<>\"4+ Trucks\",$D170=\"Replacement\",OR($P170=\"Diesel\",$P170=\"LNG/CNG\",$P170=\"Hybrid\"),OR($H170=\"Class_7\",$L170=\"Class_7\"),$M170=\"Used: 2011+\"),\"small fleet used class 7 diesel\",IF(AND($B170<>\"4+ Trucks\",$D170=\"Replacement\",$P170=\"Diesel\",$L170=\"Class_8\",$M170=\"New: 2015+\"),\"small fleet new class 8 diesel\",IF(AND($B170<>\"4+ Trucks\",$D170=\"Replacement\",$P170=\"Diesel\",$L170=\"Class_6\"),\"small fleet class 6 diesel\",IF(AND($B170<>\"4+ Trucks\",$D170=\"Replacement\",OR($P170=\"Diesel\",$P170=\"LNG/CNG\",$P170=\"Hybrid\"),$L170=\"Class_8\",$M170=\"Used: 2011+\"),\"small fleet used class 8 diesel\",IF(AND($B170<>\"4+ Trucks\",$D170=\"Repower\",$P170=\"Diesel\",(OR($L170=\"Class_8\",$L170=\"Class_7\"))),\"small fleet repower class 7/8\",IF(AND($B170<>\"4+ Trucks\",$D170=\"Repower\",$P170=\"Diesel\",$L170=\"Class_6\"),\"small fleet repower class 6\",IF(AND($D170=\"Replacement\",$P170=\"Zero Emission\",(OR($L170=\"Class_8\",$L170=\"Class_7\"))),\"zero emission class 7/8\",IF(AND($D170=\"Replacement\",$P170=\"Hybrid Zero-Mile\",(OR($L170=\"Class_8\",$L170=\"Class_7\"))),\"hybrid zero mile class 7/8\",IF(AND($D170=\"Replacement\",$P170=\"Low NOx\",(OR($L170=\"Class_8\",$L170=\"Class_7\"))),\"low nox class 7/8\",IF(AND($D170=\"Replacement\",$P170=\"Hybrid\",(OR($L170=\"Class_8\",$L170=\"Class_7\"))),\"hybrid class 7/8\",IF(AND($D170=\"Replacement\",$P170=\"LNG/CNG\",(OR($L170=\"Class_8\",$L170=\"Class_7\"))),\"lng/cng class 7/8\",IF(AND($D170=\"Replacement\",$P170=\"Zero Emission\",$L170=\"Class_6\"),\"zero emission class 6\",IF(AND($D170=\"Replacement\",$P170=\"Hybrid Zero-Mile\",$L170=\"Class_6\"),\"hybrid zero mile class 6\",IF(AND($D170=\"Replacement\",$P170=\"Low NOx\",$L170=\"Class_6\"),\"low nox class 6\",IF(AND($D170=\"Replacement\",$P170=\"Hybrid\",$L170=\"Class_6\"),\"hybrid class 6\",IF(AND($D170=\"Replacement\",$P170=\"LNG/CNG\",$L170=\"Class_6\"),\"lng/cng class 6\",(IF(AND($P170=\"Diesel\", OR($L170=\"Class_6\", $AE170=\"Class_6\")),\"small fleet class 6 diesel\",IF(AND($P170=\"Diesel\",$M170=\"New: 2015+\", OR($L170=\"Class_7\", $AE170=\"Class_7\")),\"small fleet new class 7 diesel\",IF(AND($P170=\"Diesel\",$M170=\"Used: 2011+\", OR($L170=\"Class_7\", $AE170=\"Class_7\")),\"small fleet used class 7 diesel\",IF(AND($P170=\"Diesel\",$M170=\"New: 2015+\", OR($L170=\"Class_8\", $AE170=\"Class_8\")),\"small fleet new class 8 diesel\",IF(AND($P170=\"Diesel\",$M170=\"Used: 2011+\", OR($L170=\"Class_8\", $AE170=\"Class_8\")),\"small fleet used class 8 diesel\",(IF(AND($P170=\"LNG/CNG\", OR($L170=\"Class_6\", $AE170=\"Class_6\")),\"lng/cng class 6\",(IF(AND($P170=\"Hybrid\", OR($L170=\"Class_6\", $AE170=\"Class_6\")),\"hybrid class 6\",(IF(AND($P170=\"Low NOx\", OR($L170=\"Class_6\", $AE170=\"Class_6\")),\"low nox class 6\",(IF(AND($P170=\"Hybrid Zero-Mile\", OR($L170=\"Class_6\", $AE170=\"Class_6\")),\"hybrid zero mile class 6\",(IF(AND($P170=\"Zero Emission\", OR($L170=\"Class_6\", $AE170=\"Class_6\")),\"zero emission class 6\",(IF(AND($P170=\"LNG/CNG\", OR($L170=\"Class_7\", $AE170=\"Class_7\")),\"lng/cng class 7/8\",(IF(AND($P170=\"Hybrid\", OR($L170=\"Class_7\", $AE170=\"Class_7\")),\"hybrid class 7/8\",(IF(AND($P170=\"Low NOx\", OR($L170=\"Class_7\", $AE170=\"Class_7\")),\"low nox class 7/8\",(IF(AND($P170=\"Hybrid Zero-Mile\", OR($L170=\"Class_7\", $AE170=\"Class_7\")),\"hybrid zero mile class 7/8\",(IF(AND($P170=\"Zero Emission\", OR($L170=\"Class_7\", $AE170=\"Class_7\")),\"zero emission class 7/8\",(IF(AND($P170=\"LNG/CNG\", OR($L170=\"Class_8\", $AE170=\"Class_8\")),\"lng/cng class 7/8\",(IF(AND($P170=\"Hybrid\", OR($L170=\"Class_8\", $AE170=\"Class_8\")),\"hybrid class 7/8\",(IF(AND($P170=\"Low NOx\", OR($L170=\"Class_8\", $AE170=\"Class_8\")),\"low nox class 7/8\",(IF(AND($P170=\"Hybrid Zero-Mile\", OR($L170=\"Class_8\", $AE170=\"Class_8\")),\"hybrid zero mile class 7/8\",(IF(AND($P170=\"Zero Emission\", OR($L170=\"Class_8\", $AE170=\"Class_8\")),\"zero emission class 7/8\")))))))))))))))))))))))))))))))))))))))))))))))))))))","v":false}]
["project 167",null,null,null,null,null,null,{"$f":"IF($G171=\"33,001 +\",\"Class_8\",IF($G171=\"26,001-33,000\",\"Class_7\",IF($G171=\"19,501-26,000\",\"Class_6\",\"\")))","v":""},null,null,null,null,null,null,{"$f":"IF(H171=\"Class_6\",IF(T171=\"No\",MIN(IF((J171*K171)<10000,0,J171*K171),IF((J171*N171)<10000,0,J171*N171)),IF(MIN(Y171*Z171,Y171*N171)+MIN(J171*K171,J171*N171)>9999,MIN(J171*K171,J171*N171),0)),IF(T171=\"No\",MIN(IF((J171*K171)<20000,0,J171*K171),IF((J171*N171)<20000,0,J171*N171)),IF(MIN(Y171*Z171,Y171*N171)+MIN(J171*K171,J171*N171)>19999,MIN(J171*K171,J171*N171),0)))","v":0},null,null,"","No","No",null,null,null,{"$f":"IF($W171=\"33,001 +\",\"Class_8\",IF($W171=\"26,001-33,000\",\"Class_7\",IF($W171=\"19,501-26,000\",\"Class_6\",IF($W171=\"\",\"\"))))","v":""},null,null,0,{"$f":"IF($T171=\"Yes\",IF(COUNTA($U171:$AA171)=7,\"Complete\",\"Incomplete\"),\"N/A\")","v":"N/A"},{"$f":"IF($D171=\"2-for-1 Replace\",IF(OR(COUNTA(A171:AA171)=27,COUNTA(A171:AA171)=29),\"Complete\",\"Incomplete\"),IF(OR($D171=\"Replacement\",$D171=\"Repower\"),IF(COUNTA(A171:Q171)=17,\"Complete\",\"Incomplete\"),\"Incomplete\"))","v":"Incomplete"},null,{"$f":"IF(OR($H171=\"Class_8\",$X171=\"Class_8\"),\"Class_8\",IF(OR($H171=\"Class_7\",$X171=\"Class_7\"),\"Class_7\",IF(OR($H171=\"Class_6\",$X171=\"Class_6\"),\"Class_6\")))","v":false},false,{"$f":"IF($D171=\"Repower\",IF($H171=\"Class_7\",IF($M171=\"New: 2013+ HHD\",\"CL7HHD\",\"gas\")))","v":false},false,null,{"$f":"IF($D171=\"2-for-1 Replace\",\"Norestr\",IF($AK171=\"Repower_8\",\"Repo8\",IF($AK171=\"Repower_7\",\"Repo7\",IF($AK171=\"Repower_6\",\"Repo6\",IF(OR($H171=\"Class_8\",$L171=\"Class_8\"),\"Replacement8HHD\",IF($D171=\"Replacement\",IF($H171=\"Class_6\",\"Replacement6\",IF($H171=\"Class_7\",IF($I171=\"MHD\",\"Replacement7MHD\",\"Replacement7HHD\"),IF($H171=\"Class_8\",IF($I171=\"HHD\",\"Replacement8HHD\",\"Replacement8MHD\")))),))))))","v":0},{"$f":"IF($D171=\"Replacement\",IF($H171=\"Class_6\",\"Replacement_6\",IF($H171=\"Class_7\",\"Replacement_7\",IF($H171=\"Class_8\",\"Replacement_8\",null))),IF($D171=\"Repower\",IF($H171=\"Class_6\",\"Repower_6\",IF($H171=\"Class_7\",\"Repower_7\",IF($H171=\"Class_8\",\"Repower_8\",null))),IF($D171=\"2-for-1 Replace\",IF($L171=\"Class_6\",\"Replacement_6\",IF($L171=\"Class_7\",\"Replacement_7\",IF($L171=\"Class_8\",\"Replacement_8\",null))))))","v":false},{"$f":"IF($D171=\"Replacement\",IF(AND($H171=\"Class_6\",$B171 <> \"4+ Trucks\"),\"Small_Fleet_Replacement_6\",IF(AND($H171=\"Class_7\",$B171 <> \"4+ Trucks\"),\"Small_Fleet_Replacement_7\",IF(AND($H171=\"Class_8\",$B171 <> \"4+ Trucks\"),\"Small_Fleet_Replacement_8\",null))),IF($D171=\"Repower\",IF($H171=\"Class_6\",\"Repower_6\",IF($H171=\"Class_7\",\"Repower_7\",IF($H171=\"Class_8\",\"Repower_8\",null))),IF($D171=\"2-for-1 Replace\",IF($L171=\"Class_6\",\"Replacement_6\",IF($L171=\"Class_7\",\"Small_Fleet_Replacement_7\",IF($L171=\"Class_8\",\"Small_Fleet_Replacement_8\",null))))))","v":false},null,null,null,null,{"$f":"IF(AND($B171<>\"4+ Trucks\",$D171=\"Replacement\",$P171=\"Diesel\",OR($L171=\"Class_7\",$H171=\"CLass_7\"),$M171=\"New: 2015+\"),\"small fleet new class 7 diesel\",IF(AND($B171<>\"4+ Trucks\",$D171=\"Replacement\",OR($P171=\"Diesel\",$P171=\"LNG/CNG\",$P171=\"Hybrid\"),OR($H171=\"Class_7\",$L171=\"Class_7\"),$M171=\"Used: 2011+\"),\"small fleet used class 7 diesel\",IF(AND($B171<>\"4+ Trucks\",$D171=\"Replacement\",$P171=\"Diesel\",$L171=\"Class_8\",$M171=\"New: 2015+\"),\"small fleet new class 8 diesel\",IF(AND($B171<>\"4+ Trucks\",$D171=\"Replacement\",$P171=\"Diesel\",$L171=\"Class_6\"),\"small fleet class 6 diesel\",IF(AND($B171<>\"4+ Trucks\",$D171=\"Replacement\",OR($P171=\"Diesel\",$P171=\"LNG/CNG\",$P171=\"Hybrid\"),$L171=\"Class_8\",$M171=\"Used: 2011+\"),\"small fleet used class 8 diesel\",IF(AND($B171<>\"4+ Trucks\",$D171=\"Repower\",$P171=\"Diesel\",(OR($L171=\"Class_8\",$L171=\"Class_7\"))),\"small fleet repower class 7/8\",IF(AND($B171<>\"4+ Trucks\",$D171=\"Repower\",$P171=\"Diesel\",$L171=\"Class_6\"),\"small fleet repower class 6\",IF(AND($D171=\"Replacement\",$P171=\"Zero Emission\",(OR($L171=\"Class_8\",$L171=\"Class_7\"))),\"zero emission class 7/8\",IF(AND($D171=\"Replacement\",$P171=\"Hybrid Zero-Mile\",(OR($L171=\"Class_8\",$L171=\"Class_7\"))),\"hybrid zero mile class 7/8\",IF(AND($D171=\"Replacement\",$P171=\"Low NOx\",(OR($L171=\"Class_8\",$L171=\"Class_7\"))),\"low nox class 7/8\",IF(AND($D171=\"Replacement\",$P171=\"Hybrid\",(OR($L171=\"Class_8\",$L171=\"Class_7\"))),\"hybrid class 7/8\",IF(AND($D171=\"Replacement\",$P171=\"LNG/CNG\",(OR($L171=\"Class_8\",$L171=\"Class_7\"))),\"lng/cng class 7/8\",IF(AND($D171=\"Replacement\",$P171=\"Zero Emission\",$L171=\"Class_6\"),\"zero emission class 6\",IF(AND($D171=\"Replacement\",$P171=\"Hybrid Zero-Mile\",$L171=\"Class_6\"),\"hybrid zero mile class 6\",IF(AND($D171=\"Replacement\",$P171=\"Low NOx\",$L171=\"Class_6\"),\"low nox class 6\",IF(AND($D171=\"Replacement\",$P171=\"Hybrid\",$L171=\"Class_6\"),\"hybrid class 6\",IF(AND($D171=\"Replacement\",$P171=\"LNG/CNG\",$L171=\"Class_6\"),\"lng/cng class 6\",(IF(AND($P171=\"Diesel\", OR($L171=\"Class_6\", $AE171=\"Class_6\")),\"small fleet class 6 diesel\",IF(AND($P171=\"Diesel\",$M171=\"New: 2015+\", OR($L171=\"Class_7\", $AE171=\"Class_7\")),\"small fleet new class 7 diesel\",IF(AND($P171=\"Diesel\",$M171=\"Used: 2011+\", OR($L171=\"Class_7\", $AE171=\"Class_7\")),\"small fleet used class 7 diesel\",IF(AND($P171=\"Diesel\",$M171=\"New: 2015+\", OR($L171=\"Class_8\", $AE171=\"Class_8\")),\"small fleet new class 8 diesel\",IF(AND($P171=\"Diesel\",$M171=\"Used: 2011+\", OR($L171=\"Class_8\", $AE171=\"Class_8\")),\"small fleet used class 8 diesel\",(IF(AND($P171=\"LNG/CNG\", OR($L171=\"Class_6\", $AE171=\"Class_6\")),\"lng/cng class 6\",(IF(AND($P171=\"Hybrid\", OR($L171=\"Class_6\", $AE171=\"Class_6\")),\"hybrid class 6\",(IF(AND($P171=\"Low NOx\", OR($L171=\"Class_6\", $AE171=\"Class_6\")),\"low nox class 6\",(IF(AND($P171=\"Hybrid Zero-Mile\", OR($L171=\"Class_6\", $AE171=\"Class_6\")),\"hybrid zero mile class 6\",(IF(AND($P171=\"Zero Emission\", OR($L171=\"Class_6\", $AE171=\"Class_6\")),\"zero emission class 6\",(IF(AND($P171=\"LNG/CNG\", OR($L171=\"Class_7\", $AE171=\"Class_7\")),\"lng/cng class 7/8\",(IF(AND($P171=\"Hybrid\", OR($L171=\"Class_7\", $AE171=\"Class_7\")),\"hybrid class 7/8\",(IF(AND($P171=\"Low NOx\", OR($L171=\"Class_7\", $AE171=\"Class_7\")),\"low nox class 7/8\",(IF(AND($P171=\"Hybrid Zero-Mile\", OR($L171=\"Class_7\", $AE171=\"Class_7\")),\"hybrid zero mile class 7/8\",(IF(AND($P171=\"Zero Emission\", OR($L171=\"Class_7\", $AE171=\"Class_7\")),\"zero emission class 7/8\",(IF(AND($P171=\"LNG/CNG\", OR($L171=\"Class_8\", $AE171=\"Class_8\")),\"lng/cng class 7/8\",(IF(AND($P171=\"Hybrid\", OR($L171=\"Class_8\", $AE171=\"Class_8\")),\"hybrid class 7/8\",(IF(AND($P171=\"Low NOx\", OR($L171=\"Class_8\", $AE171=\"Class_8\")),\"low nox class 7/8\",(IF(AND($P171=\"Hybrid Zero-Mile\", OR($L171=\"Class_8\", $AE171=\"Class_8\")),\"hybrid zero mile class 7/8\",(IF(AND($P171=\"Zero Emission\", OR($L171=\"Class_8\", $AE171=\"Class_8\")),\"zero emission class 7/8\")))))))))))))))))))))))))))))))))))))))))))))))))))))","v":false}]
["project 170",null,null,null,null,null,null,{"$f":"IF($G174=\"33,001 +\",\"Class_8\",IF($G174=\"26,001-33,000\",\"Class_7\",IF($G174=\"19,501-26,000\",\"Class_6\",\"\")))","v":""},null,null,null,null,null,null,{"$f":"IF(H174=\"Class_6\",IF(T174=\"No\",MIN(IF((J174*K174)<10000,0,J174*K174),IF((J174*N174)<10000,0,J174*N174)),IF(MIN(Y174*Z174,Y174*N174)+MIN(J174*K174,J174*N174)>9999,MIN(J174*K174,J174*N174),0)),IF(T174=\"No\",MIN(IF((J174*K174)<20000,0,J174*K174),IF((J174*N174)<20000,0,J174*N174)),IF(MIN(Y174*Z174,Y174*N174)+MIN(J174*K174,J174*N174)>19999,MIN(J174*K174,J174*N174),0)))","v":0},null,null,"","No","No",null,null,null,{"$f":"IF($W174=\"33,001 +\",\"Class_8\",IF($W174=\"26,001-33,000\",\"Class_7\",IF($W174=\"19,501-26,000\",\"Class_6\",IF($W174=\"\",\"\"))))","v":""},null,null,0,{"$f":"IF($T174=\"Yes\",IF(COUNTA($U174:$AA174)=7,\"Complete\",\"Incomplete\"),\"N/A\")","v":"N/A"},{"$f":"IF($D174=\"2-for-1 Replace\",IF(OR(COUNTA(A174:AA174)=27,COUNTA(A174:AA174)=29),\"Complete\",\"Incomplete\"),IF(OR($D174=\"Replacement\",$D174=\"Repower\"),IF(COUNTA(A174:Q174)=17,\"Complete\",\"Incomplete\"),\"Incomplete\"))","v":"Incomplete"},null,{"$f":"IF(OR($H174=\"Class_8\",$X174=\"Class_8\"),\"Class_8\",IF(OR($H174=\"Class_7\",$X174=\"Class_7\"),\"Class_7\",IF(OR($H174=\"Class_6\",$X174=\"Class_6\"),\"Class_6\")))","v":false},false,{"$f":"IF($D174=\"Repower\",IF($H174=\"Class_7\",IF($M174=\"New: 2013+ HHD\",\"CL7HHD\",\"gas\")))","v":false},false,null,{"$f":"IF($D174=\"2-for-1 Replace\",\"Norestr\",IF($AK174=\"Repower_8\",\"Repo8\",IF($AK174=\"Repower_7\",\"Repo7\",IF($AK174=\"Repower_6\",\"Repo6\",IF(OR($H174=\"Class_8\",$L174=\"Class_8\"),\"Replacement8HHD\",IF($D174=\"Replacement\",IF($H174=\"Class_6\",\"Replacement6\",IF($H174=\"Class_7\",IF($I174=\"MHD\",\"Replacement7MHD\",\"Replacement7HHD\"),IF($H174=\"Class_8\",IF($I174=\"HHD\",\"Replacement8HHD\",\"Replacement8MHD\")))),))))))","v":0},{"$f":"IF($D174=\"Replacement\",IF($H174=\"Class_6\",\"Replacement_6\",IF($H174=\"Class_7\",\"Replacement_7\",IF($H174=\"Class_8\",\"Replacement_8\",null))),IF($D174=\"Repower\",IF($H174=\"Class_6\",\"Repower_6\",IF($H174=\"Class_7\",\"Repower_7\",IF($H174=\"Class_8\",\"Repower_8\",null))),IF($D174=\"2-for-1 Replace\",IF($L174=\"Class_6\",\"Replacement_6\",IF($L174=\"Class_7\",\"Replacement_7\",IF($L174=\"Class_8\",\"Replacement_8\",null))))))","v":false},{"$f":"IF($D174=\"Replacement\",IF(AND($H174=\"Class_6\",$B174 <> \"4+ Trucks\"),\"Small_Fleet_Replacement_6\",IF(AND($H174=\"Class_7\",$B174 <> \"4+ Trucks\"),\"Small_Fleet_Replacement_7\",IF(AND($H174=\"Class_8\",$B174 <> \"4+ Trucks\"),\"Small_Fleet_Replacement_8\",null))),IF($D174=\"Repower\",IF($H174=\"Class_6\",\"Repower_6\",IF($H174=\"Class_7\",\"Repower_7\",IF($H174=\"Class_8\",\"Repower_8\",null))),IF($D174=\"2-for-1 Replace\",IF($L174=\"Class_6\",\"Replacement_6\",IF($L174=\"Class_7\",\"Small_Fleet_Replacement_7\",IF($L174=\"Class_8\",\"Small_Fleet_Replacement_8\",null))))))","v":false},null,null,null,null,{"$f":"IF(AND($B174<>\"4+ Trucks\",$D174=\"Replacement\",$P174=\"Diesel\",OR($L174=\"Class_7\",$H174=\"CLass_7\"),$M174=\"New: 2015+\"),\"small fleet new class 7 diesel\",IF(AND($B174<>\"4+ Trucks\",$D174=\"Replacement\",OR($P174=\"Diesel\",$P174=\"LNG/CNG\",$P174=\"Hybrid\"),OR($H174=\"Class_7\",$L174=\"Class_7\"),$M174=\"Used: 2011+\"),\"small fleet used class 7 diesel\",IF(AND($B174<>\"4+ Trucks\",$D174=\"Replacement\",$P174=\"Diesel\",$L174=\"Class_8\",$M174=\"New: 2015+\"),\"small fleet new class 8 diesel\",IF(AND($B174<>\"4+ Trucks\",$D174=\"Replacement\",$P174=\"Diesel\",$L174=\"Class_6\"),\"small fleet class 6 diesel\",IF(AND($B174<>\"4+ Trucks\",$D174=\"Replacement\",OR($P174=\"Diesel\",$P174=\"LNG/CNG\",$P174=\"Hybrid\"),$L174=\"Class_8\",$M174=\"Used: 2011+\"),\"small fleet used class 8 diesel\",IF(AND($B174<>\"4+ Trucks\",$D174=\"Repower\",$P174=\"Diesel\",(OR($L174=\"Class_8\",$L174=\"Class_7\"))),\"small fleet repower class 7/8\",IF(AND($B174<>\"4+ Trucks\",$D174=\"Repower\",$P174=\"Diesel\",$L174=\"Class_6\"),\"small fleet repower class 6\",IF(AND($D174=\"Replacement\",$P174=\"Zero Emission\",(OR($L174=\"Class_8\",$L174=\"Class_7\"))),\"zero emission class 7/8\",IF(AND($D174=\"Replacement\",$P174=\"Hybrid Zero-Mile\",(OR($L174=\"Class_8\",$L174=\"Class_7\"))),\"hybrid zero mile class 7/8\",IF(AND($D174=\"Replacement\",$P174=\"Low NOx\",(OR($L174=\"Class_8\",$L174=\"Class_7\"))),\"low nox class 7/8\",IF(AND($D174=\"Replacement\",$P174=\"Hybrid\",(OR($L174=\"Class_8\",$L174=\"Class_7\"))),\"hybrid class 7/8\",IF(AND($D174=\"Replacement\",$P174=\"LNG/CNG\",(OR($L174=\"Class_8\",$L174=\"Class_7\"))),\"lng/cng class 7/8\",IF(AND($D174=\"Replacement\",$P174=\"Zero Emission\",$L174=\"Class_6\"),\"zero emission class 6\",IF(AND($D174=\"Replacement\",$P174=\"Hybrid Zero-Mile\",$L174=\"Class_6\"),\"hybrid zero mile class 6\",IF(AND($D174=\"Replacement\",$P174=\"Low NOx\",$L174=\"Class_6\"),\"low nox class 6\",IF(AND($D174=\"Replacement\",$P174=\"Hybrid\",$L174=\"Class_6\"),\"hybrid class 6\",IF(AND($D174=\"Replacement\",$P174=\"LNG/CNG\",$L174=\"Class_6\"),\"lng/cng class 6\",(IF(AND($P174=\"Diesel\", OR($L174=\"Class_6\", $AE174=\"Class_6\")),\"small fleet class 6 diesel\",IF(AND($P174=\"Diesel\",$M174=\"New: 2015+\", OR($L174=\"Class_7\", $AE174=\"Class_7\")),\"small fleet new class 7 diesel\",IF(AND($P174=\"Diesel\",$M174=\"Used: 2011+\", OR($L174=\"Class_7\", $AE174=\"Class_7\")),\"small fleet used class 7 diesel\",IF(AND($P174=\"Diesel\",$M174=\"New: 2015+\", OR($L174=\"Class_8\", $AE174=\"Class_8\")),\"small fleet new class 8 diesel\",IF(AND($P174=\"Diesel\",$M174=\"Used: 2011+\", OR($L174=\"Class_8\", $AE174=\"Class_8\")),\"small fleet used class 8 diesel\",(IF(AND($P174=\"LNG/CNG\", OR($L174=\"Class_6\", $AE174=\"Class_6\")),\"lng/cng class 6\",(IF(AND($P174=\"Hybrid\", OR($L174=\"Class_6\", $AE174=\"Class_6\")),\"hybrid class 6\",(IF(AND($P174=\"Low NOx\", OR($L174=\"Class_6\", $AE174=\"Class_6\")),\"low nox class 6\",(IF(AND($P174=\"Hybrid Zero-Mile\", OR($L174=\"Class_6\", $AE174=\"Class_6\")),\"hybrid zero mile class 6\",(IF(AND($P174=\"Zero Emission\", OR($L174=\"Class_6\", $AE174=\"Class_6\")),\"zero emission class 6\",(IF(AND($P174=\"LNG/CNG\", OR($L174=\"Class_7\", $AE174=\"Class_7\")),\"lng/cng class 7/8\",(IF(AND($P174=\"Hybrid\", OR($L174=\"Class_7\", $AE174=\"Class_7\")),\"hybrid class 7/8\",(IF(AND($P174=\"Low NOx\", OR($L174=\"Class_7\", $AE174=\"Class_7\")),\"low nox class 7/8\",(IF(AND($P174=\"Hybrid Zero-Mile\", OR($L174=\"Class_7\", $AE174=\"Class_7\")),\"hybrid zero mile class 7/8\",(IF(AND($P174=\"Zero Emission\", OR($L174=\"Class_7\", $AE174=\"Class_7\")),\"zero emission class 7/8\",(IF(AND($P174=\"LNG/CNG\", OR($L174=\"Class_8\", $AE174=\"Class_8\")),\"lng/cng class 7/8\",(IF(AND($P174=\"Hybrid\", OR($L174=\"Class_8\", $AE174=\"Class_8\")),\"hybrid class 7/8\",(IF(AND($P174=\"Low NOx\", OR($L174=\"Class_8\", $AE174=\"Class_8\")),\"low nox class 7/8\",(IF(AND($P174=\"Hybrid Zero-Mile\", OR($L174=\"Class_8\", $AE174=\"Class_8\")),\"hybrid zero mile class 7/8\",(IF(AND($P174=\"Zero Emission\", OR($L174=\"Class_8\", $AE174=\"Class_8\")),\"zero emission class 7/8\")))))))))))))))))))))))))))))))))))))))))))))))))))))","v":false}]
["project 171",null,null,null,null,null,null,{"$f":"IF($G175=\"33,001 +\",\"Class_8\",IF($G175=\"26,001-33,000\",\"Class_7\",IF($G175=\"19,501-26,000\",\"Class_6\",\"\")))","v":""},null,null,null,null,null,null,{"$f":"IF(H175=\"Class_6\",IF(T175=\"No\",MIN(IF((J175*K175)<10000,0,J175*K175),IF((J175*N175)<10000,0,J175*N175)),IF(MIN(Y175*Z175,Y175*N175)+MIN(J175*K175,J175*N175)>9999,MIN(J175*K175,J175*N175),0)),IF(T175=\"No\",MIN(IF((J175*K175)<20000,0,J175*K175),IF((J175*N175)<20000,0,J175*N175)),IF(MIN(Y175*Z175,Y175*N175)+MIN(J175*K175,J175*N175)>19999,MIN(J175*K175,J175*N175),0)))","v":0},null,null,"","No","No",null,null,null,{"$f":"IF($W175=\"33,001 +\",\"Class_8\",IF($W175=\"26,001-33,000\",\"Class_7\",IF($W175=\"19,501-26,000\",\"Class_6\",IF($W175=\"\",\"\"))))","v":""},null,null,0,{"$f":"IF($T175=\"Yes\",IF(COUNTA($U175:$AA175)=7,\"Complete\",\"Incomplete\"),\"N/A\")","v":"N/A"},{"$f":"IF($D175=\"2-for-1 Replace\",IF(OR(COUNTA(A175:AA175)=27,COUNTA(A175:AA175)=29),\"Complete\",\"Incomplete\"),IF(OR($D175=\"Replacement\",$D175=\"Repower\"),IF(COUNTA(A175:Q175)=17,\"Complete\",\"Incomplete\"),\"Incomplete\"))","v":"Incomplete"},null,{"$f":"IF(OR($H175=\"Class_8\",$X175=\"Class_8\"),\"Class_8\",IF(OR($H175=\"Class_7\",$X175=\"Class_7\"),\"Class_7\",IF(OR($H175=\"Class_6\",$X175=\"Class_6\"),\"Class_6\")))","v":false},false,{"$f":"IF($D175=\"Repower\",IF($H175=\"Class_7\",IF($M175=\"New: 2013+ HHD\",\"CL7HHD\",\"gas\")))","v":false},false,null,{"$f":"IF($D175=\"2-for-1 Replace\",\"Norestr\",IF($AK175=\"Repower_8\",\"Repo8\",IF($AK175=\"Repower_7\",\"Repo7\",IF($AK175=\"Repower_6\",\"Repo6\",IF(OR($H175=\"Class_8\",$L175=\"Class_8\"),\"Replacement8HHD\",IF($D175=\"Replacement\",IF($H175=\"Class_6\",\"Replacement6\",IF($H175=\"Class_7\",IF($I175=\"MHD\",\"Replacement7MHD\",\"Replacement7HHD\"),IF($H175=\"Class_8\",IF($I175=\"HHD\",\"Replacement8HHD\",\"Replacement8MHD\")))),))))))","v":0},{"$f":"IF($D175=\"Replacement\",IF($H175=\"Class_6\",\"Replacement_6\",IF($H175=\"Class_7\",\"Replacement_7\",IF($H175=\"Class_8\",\"Replacement_8\",null))),IF($D175=\"Repower\",IF($H175=\"Class_6\",\"Repower_6\",IF($H175=\"Class_7\",\"Repower_7\",IF($H175=\"Class_8\",\"Repower_8\",null))),IF($D175=\"2-for-1 Replace\",IF($L175=\"Class_6\",\"Replacement_6\",IF($L175=\"Class_7\",\"Replacement_7\",IF($L175=\"Class_8\",\"Replacement_8\",null))))))","v":false},{"$f":"IF($D175=\"Replacement\",IF(AND($H175=\"Class_6\",$B175 <> \"4+ Trucks\"),\"Small_Fleet_Replacement_6\",IF(AND($H175=\"Class_7\",$B175 <> \"4+ Trucks\"),\"Small_Fleet_Replacement_7\",IF(AND($H175=\"Class_8\",$B175 <> \"4+ Trucks\"),\"Small_Fleet_Replacement_8\",null))),IF($D175=\"Repower\",IF($H175=\"Class_6\",\"Repower_6\",IF($H175=\"Class_7\",\"Repower_7\",IF($H175=\"Class_8\",\"Repower_8\",null))),IF($D175=\"2-for-1 Replace\",IF($L175=\"Class_6\",\"Replacement_6\",IF($L175=\"Class_7\",\"Small_Fleet_Replacement_7\",IF($L175=\"Class_8\",\"Small_Fleet_Replacement_8\",null))))))","v":false},null,null,null,null,{"$f":"IF(AND($B175<>\"4+ Trucks\",$D175=\"Replacement\",$P175=\"Diesel\",OR($L175=\"Class_7\",$H175=\"CLass_7\"),$M175=\"New: 2015+\"),\"small fleet new class 7 diesel\",IF(AND($B175<>\"4+ Trucks\",$D175=\"Replacement\",OR($P175=\"Diesel\",$P175=\"LNG/CNG\",$P175=\"Hybrid\"),OR($H175=\"Class_7\",$L175=\"Class_7\"),$M175=\"Used: 2011+\"),\"small fleet used class 7 diesel\",IF(AND($B175<>\"4+ Trucks\",$D175=\"Replacement\",$P175=\"Diesel\",$L175=\"Class_8\",$M175=\"New: 2015+\"),\"small fleet new class 8 diesel\",IF(AND($B175<>\"4+ Trucks\",$D175=\"Replacement\",$P175=\"Diesel\",$L175=\"Class_6\"),\"small fleet class 6 diesel\",IF(AND($B175<>\"4+ Trucks\",$D175=\"Replacement\",OR($P175=\"Diesel\",$P175=\"LNG/CNG\",$P175=\"Hybrid\"),$L175=\"Class_8\",$M175=\"Used: 2011+\"),\"small fleet used class 8 diesel\",IF(AND($B175<>\"4+ Trucks\",$D175=\"Repower\",$P175=\"Diesel\",(OR($L175=\"Class_8\",$L175=\"Class_7\"))),\"small fleet repower class 7/8\",IF(AND($B175<>\"4+ Trucks\",$D175=\"Repower\",$P175=\"Diesel\",$L175=\"Class_6\"),\"small fleet repower class 6\",IF(AND($D175=\"Replacement\",$P175=\"Zero Emission\",(OR($L175=\"Class_8\",$L175=\"Class_7\"))),\"zero emission class 7/8\",IF(AND($D175=\"Replacement\",$P175=\"Hybrid Zero-Mile\",(OR($L175=\"Class_8\",$L175=\"Class_7\"))),\"hybrid zero mile class 7/8\",IF(AND($D175=\"Replacement\",$P175=\"Low NOx\",(OR($L175=\"Class_8\",$L175=\"Class_7\"))),\"low nox class 7/8\",IF(AND($D175=\"Replacement\",$P175=\"Hybrid\",(OR($L175=\"Class_8\",$L175=\"Class_7\"))),\"hybrid class 7/8\",IF(AND($D175=\"Replacement\",$P175=\"LNG/CNG\",(OR($L175=\"Class_8\",$L175=\"Class_7\"))),\"lng/cng class 7/8\",IF(AND($D175=\"Replacement\",$P175=\"Zero Emission\",$L175=\"Class_6\"),\"zero emission class 6\",IF(AND($D175=\"Replacement\",$P175=\"Hybrid Zero-Mile\",$L175=\"Class_6\"),\"hybrid zero mile class 6\",IF(AND($D175=\"Replacement\",$P175=\"Low NOx\",$L175=\"Class_6\"),\"low nox class 6\",IF(AND($D175=\"Replacement\",$P175=\"Hybrid\",$L175=\"Class_6\"),\"hybrid class 6\",IF(AND($D175=\"Replacement\",$P175=\"LNG/CNG\",$L175=\"Class_6\"),\"lng/cng class 6\",(IF(AND($P175=\"Diesel\", OR($L175=\"Class_6\", $AE175=\"Class_6\")),\"small fleet class 6 diesel\",IF(AND($P175=\"Diesel\",$M175=\"New: 2015+\", OR($L175=\"Class_7\", $AE175=\"Class_7\")),\"small fleet new class 7 diesel\",IF(AND($P175=\"Diesel\",$M175=\"Used: 2011+\", OR($L175=\"Class_7\", $AE175=\"Class_7\")),\"small fleet used class 7 diesel\",IF(AND($P175=\"Diesel\",$M175=\"New: 2015+\", OR($L175=\"Class_8\", $AE175=\"Class_8\")),\"small fleet new class 8 diesel\",IF(AND($P175=\"Diesel\",$M175=\"Used: 2011+\", OR($L175=\"Class_8\", $AE175=\"Class_8\")),\"small fleet used class 8 diesel\",(IF(AND($P175=\"LNG/CNG\", OR($L175=\"Class_6\", $AE175=\"Class_6\")),\"lng/cng class 6\",(IF(AND($P175=\"Hybrid\", OR($L175=\"Class_6\", $AE175=\"Class_6\")),\"hybrid class 6\",(IF(AND($P175=\"Low NOx\", OR($L175=\"Class_6\", $AE175=\"Class_6\")),\"low nox class 6\",(IF(AND($P175=\"Hybrid Zero-Mile\", OR($L175=\"Class_6\", $AE175=\"Class_6\")),\"hybrid zero mile class 6\",(IF(AND($P175=\"Zero Emission\", OR($L175=\"Class_6\", $AE175=\"Class_6\")),\"zero emission class 6\",(IF(AND($P175=\"LNG/CNG\", OR($L175=\"Class_7\", $AE175=\"Class_7\")),\"lng/cng class 7/8\",(IF(AND($P175=\"Hybrid\", OR($L175=\"Class_7\", $AE175=\"Class_7\")),\"hybrid class 7/8\",(IF(AND($P175=\"Low NOx\", OR($L175=\"Class_7\", $AE175=\"Class_7\")),\"low nox class 7/8\",(IF(AND($P175=\"Hybrid Zero-Mile\", OR($L175=\"Class_7\", $AE175=\"Class_7\")),\"hybrid zero mile class 7/8\",(IF(AND($P175=\"Zero Emission\", OR($L175=\"Class_7\", $AE175=\"Class_7\")),\"zero emission class 7/8\",(IF(AND($P175=\"LNG/CNG\", OR($L175=\"Class_8\", $AE175=\"Class_8\")),\"lng/cng class 7/8\",(IF(AND($P175=\"Hybrid\", OR($L175=\"Class_8\", $AE175=\"Class_8\")),\"hybrid class 7/8\",(IF(AND($P175=\"Low NOx\", OR($L175=\"Class_8\", $AE175=\"Class_8\")),\"low nox class 7/8\",(IF(AND($P175=\"Hybrid Zero-Mile\", OR($L175=\"Class_8\", $AE175=\"Class_8\")),\"hybrid zero mile class 7/8\",(IF(AND($P175=\"Zero Emission\", OR($L175=\"Class_8\", $AE175=\"Class_8\")),\"zero emission class 7/8\")))))))))))))))))))))))))))))))))))))))))))))))))))))","v":false}]
["project 174",null,null,null,null,null,null,{"$f":"IF($G178=\"33,001 +\",\"Class_8\",IF($G178=\"26,001-33,000\",\"Class_7\",IF($G178=\"19,501-26,000\",\"Class_6\",\"\")))","v":""},null,null,null,null,null,null,{"$f":"IF(H178=\"Class_6\",IF(T178=\"No\",MIN(IF((J178*K178)<10000,0,J178*K178),IF((J178*N178)<10000,0,J178*N178)),IF(MIN(Y178*Z178,Y178*N178)+MIN(J178*K178,J178*N178)>9999,MIN(J178*K178,J178*N178),0)),IF(T178=\"No\",MIN(IF((J178*K178)<20000,0,J178*K178),IF((J178*N178)<20000,0,J178*N178)),IF(MIN(Y178*Z178,Y178*N178)+MIN(J178*K178,J178*N178)>19999,MIN(J178*K178,J178*N178),0)))","v":0},null,null,"","No","No",null,null,null,{"$f":"IF($W178=\"33,001 +\",\"Class_8\",IF($W178=\"26,001-33,000\",\"Class_7\",IF($W178=\"19,501-26,000\",\"Class_6\",IF($W178=\"\",\"\"))))","v":""},null,null,0,{"$f":"IF($T178=\"Yes\",IF(COUNTA($U178:$AA178)=7,\"Complete\",\"Incomplete\"),\"N/A\")","v":"N/A"},{"$f":"IF($D178=\"2-for-1 Replace\",IF(OR(COUNTA(A178:AA178)=27,COUNTA(A178:AA178)=29),\"Complete\",\"Incomplete\"),IF(OR($D178=\"Replacement\",$D178=\"Repower\"),IF(COUNTA(A178:Q178)=17,\"Complete\",\"Incomplete\"),\"Incomplete\"))","v":"Incomplete"},null,{"$f":"IF(OR($H178=\"Class_8\",$X178=\"Class_8\"),\"Class_8\",IF(OR($H178=\"Class_7\",$X178=\"Class_7\"),\"Class_7\",IF(OR($H178=\"Class_6\",$X178=\"Class_6\"),\"Class_6\")))","v":false},false,{"$f":"IF($D178=\"Repower\",IF($H178=\"Class_7\",IF($M178=\"New: 2013+ HHD\",\"CL7HHD\",\"gas\")))","v":false},false,null,{"$f":"IF($D178=\"2-for-1 Replace\",\"Norestr\",IF($AK178=\"Repower_8\",\"Repo8\",IF($AK178=\"Repower_7\",\"Repo7\",IF($AK178=\"Repower_6\",\"Repo6\",IF(OR($H178=\"Class_8\",$L178=\"Class_8\"),\"Replacement8HHD\",IF($D178=\"Replacement\",IF($H178=\"Class_6\",\"Replacement6\",IF($H178=\"Class_7\",IF($I178=\"MHD\",\"Replacement7MHD\",\"Replacement7HHD\"),IF($H178=\"Class_8\",IF($I178=\"HHD\",\"Replacement8HHD\",\"Replacement8MHD\")))),))))))","v":0},{"$f":"IF($D178=\"Replacement\",IF($H178=\"Class_6\",\"Replacement_6\",IF($H178=\"Class_7\",\"Replacement_7\",IF($H178=\"Class_8\",\"Replacement_8\",null))),IF($D178=\"Repower\",IF($H178=\"Class_6\",\"Repower_6\",IF($H178=\"Class_7\",\"Repower_7\",IF($H178=\"Class_8\",\"Repower_8\",null))),IF($D178=\"2-for-1 Replace\",IF($L178=\"Class_6\",\"Replacement_6\",IF($L178=\"Class_7\",\"Replacement_7\",IF($L178=\"Class_8\",\"Replacement_8\",null))))))","v":false},{"$f":"IF($D178=\"Replacement\",IF(AND($H178=\"Class_6\",$B178 <> \"4+ Trucks\"),\"Small_Fleet_Replacement_6\",IF(AND($H178=\"Class_7\",$B178 <> \"4+ Trucks\"),\"Small_Fleet_Replacement_7\",IF(AND($H178=\"Class_8\",$B178 <> \"4+ Trucks\"),\"Small_Fleet_Replacement_8\",null))),IF($D178=\"Repower\",IF($H178=\"Class_6\",\"Repower_6\",IF($H178=\"Class_7\",\"Repower_7\",IF($H178=\"Class_8\",\"Repower_8\",null))),IF($D178=\"2-for-1 Replace\",IF($L178=\"Class_6\",\"Replacement_6\",IF($L178=\"Class_7\",\"Small_Fleet_Replacement_7\",IF($L178=\"Class_8\",\"Small_Fleet_Replacement_8\",null))))))","v":false},null,null,null,null,{"$f":"IF(AND($B178<>\"4+ Trucks\",$D178=\"Replacement\",$P178=\"Diesel\",OR($L178=\"Class_7\",$H178=\"CLass_7\"),$M178=\"New: 2015+\"),\"small fleet new class 7 diesel\",IF(AND($B178<>\"4+ Trucks\",$D178=\"Replacement\",OR($P178=\"Diesel\",$P178=\"LNG/CNG\",$P178=\"Hybrid\"),OR($H178=\"Class_7\",$L178=\"Class_7\"),$M178=\"Used: 2011+\"),\"small fleet used class 7 diesel\",IF(AND($B178<>\"4+ Trucks\",$D178=\"Replacement\",$P178=\"Diesel\",$L178=\"Class_8\",$M178=\"New: 2015+\"),\"small fleet new class 8 diesel\",IF(AND($B178<>\"4+ Trucks\",$D178=\"Replacement\",$P178=\"Diesel\",$L178=\"Class_6\"),\"small fleet class 6 diesel\",IF(AND($B178<>\"4+ Trucks\",$D178=\"Replacement\",OR($P178=\"Diesel\",$P178=\"LNG/CNG\",$P178=\"Hybrid\"),$L178=\"Class_8\",$M178=\"Used: 2011+\"),\"small fleet used class 8 diesel\",IF(AND($B178<>\"4+ Trucks\",$D178=\"Repower\",$P178=\"Diesel\",(OR($L178=\"Class_8\",$L178=\"Class_7\"))),\"small fleet repower class 7/8\",IF(AND($B178<>\"4+ Trucks\",$D178=\"Repower\",$P178=\"Diesel\",$L178=\"Class_6\"),\"small fleet repower class 6\",IF(AND($D178=\"Replacement\",$P178=\"Zero Emission\",(OR($L178=\"Class_8\",$L178=\"Class_7\"))),\"zero emission class 7/8\",IF(AND($D178=\"Replacement\",$P178=\"Hybrid Zero-Mile\",(OR($L178=\"Class_8\",$L178=\"Class_7\"))),\"hybrid zero mile class 7/8\",IF(AND($D178=\"Replacement\",$P178=\"Low NOx\",(OR($L178=\"Class_8\",$L178=\"Class_7\"))),\"low nox class 7/8\",IF(AND($D178=\"Replacement\",$P178=\"Hybrid\",(OR($L178=\"Class_8\",$L178=\"Class_7\"))),\"hybrid class 7/8\",IF(AND($D178=\"Replacement\",$P178=\"LNG/CNG\",(OR($L178=\"Class_8\",$L178=\"Class_7\"))),\"lng/cng class 7/8\",IF(AND($D178=\"Replacement\",$P178=\"Zero Emission\",$L178=\"Class_6\"),\"zero emission class 6\",IF(AND($D178=\"Replacement\",$P178=\"Hybrid Zero-Mile\",$L178=\"Class_6\"),\"hybrid zero mile class 6\",IF(AND($D178=\"Replacement\",$P178=\"Low NOx\",$L178=\"Class_6\"),\"low nox class 6\",IF(AND($D178=\"Replacement\",$P178=\"Hybrid\",$L178=\"Class_6\"),\"hybrid class 6\",IF(AND($D178=\"Replacement\",$P178=\"LNG/CNG\",$L178=\"Class_6\"),\"lng/cng class 6\",(IF(AND($P178=\"Diesel\", OR($L178=\"Class_6\", $AE178=\"Class_6\")),\"small fleet class 6 diesel\",IF(AND($P178=\"Diesel\",$M178=\"New: 2015+\", OR($L178=\"Class_7\", $AE178=\"Class_7\")),\"small fleet new class 7 diesel\",IF(AND($P178=\"Diesel\",$M178=\"Used: 2011+\", OR($L178=\"Class_7\", $AE178=\"Class_7\")),\"small fleet used class 7 diesel\",IF(AND($P178=\"Diesel\",$M178=\"New: 2015+\", OR($L178=\"Class_8\", $AE178=\"Class_8\")),\"small fleet new class 8 diesel\",IF(AND($P178=\"Diesel\",$M178=\"Used: 2011+\", OR($L178=\"Class_8\", $AE178=\"Class_8\")),\"small fleet used class 8 diesel\",(IF(AND($P178=\"LNG/CNG\", OR($L178=\"Class_6\", $AE178=\"Class_6\")),\"lng/cng class 6\",(IF(AND($P178=\"Hybrid\", OR($L178=\"Class_6\", $AE178=\"Class_6\")),\"hybrid class 6\",(IF(AND($P178=\"Low NOx\", OR($L178=\"Class_6\", $AE178=\"Class_6\")),\"low nox class 6\",(IF(AND($P178=\"Hybrid Zero-Mile\", OR($L178=\"Class_6\", $AE178=\"Class_6\")),\"hybrid zero mile class 6\",(IF(AND($P178=\"Zero Emission\", OR($L178=\"Class_6\", $AE178=\"Class_6\")),\"zero emission class 6\",(IF(AND($P178=\"LNG/CNG\", OR($L178=\"Class_7\", $AE178=\"Class_7\")),\"lng/cng class 7/8\",(IF(AND($P178=\"Hybrid\", OR($L178=\"Class_7\", $AE178=\"Class_7\")),\"hybrid class 7/8\",(IF(AND($P178=\"Low NOx\", OR($L178=\"Class_7\", $AE178=\"Class_7\")),\"low nox class 7/8\",(IF(AND($P178=\"Hybrid Zero-Mile\", OR($L178=\"Class_7\", $AE178=\"Class_7\")),\"hybrid zero mile class 7/8\",(IF(AND($P178=\"Zero Emission\", OR($L178=\"Class_7\", $AE178=\"Class_7\")),\"zero emission class 7/8\",(IF(AND($P178=\"LNG/CNG\", OR($L178=\"Class_8\", $AE178=\"Class_8\")),\"lng/cng class 7/8\",(IF(AND($P178=\"Hybrid\", OR($L178=\"Class_8\", $AE178=\"Class_8\")),\"hybrid class 7/8\",(IF(AND($P178=\"Low NOx\", OR($L178=\"Class_8\", $AE178=\"Class_8\")),\"low nox class 7/8\",(IF(AND($P178=\"Hybrid Zero-Mile\", OR($L178=\"Class_8\", $AE178=\"Class_8\")),\"hybrid zero mile class 7/8\",(IF(AND($P178=\"Zero Emission\", OR($L178=\"Class_8\", $AE178=\"Class_8\")),\"zero emission class 7/8\")))))))))))))))))))))))))))))))))))))))))))))))))))))","v":false}]
["project 175",null,null,null,null,null,null,{"$f":"IF($G179=\"33,001 +\",\"Class_8\",IF($G179=\"26,001-33,000\",\"Class_7\",IF($G179=\"19,501-26,000\",\"Class_6\",\"\")))","v":""},null,null,null,null,null,null,{"$f":"IF(H179=\"Class_6\",IF(T179=\"No\",MIN(IF((J179*K179)<10000,0,J179*K179),IF((J179*N179)<10000,0,J179*N179)),IF(MIN(Y179*Z179,Y179*N179)+MIN(J179*K179,J179*N179)>9999,MIN(J179*K179,J179*N179),0)),IF(T179=\"No\",MIN(IF((J179*K179)<20000,0,J179*K179),IF((J179*N179)<20000,0,J179*N179)),IF(MIN(Y179*Z179,Y179*N179)+MIN(J179*K179,J179*N179)>19999,MIN(J179*K179,J179*N179),0)))","v":0},null,null,"","No","No",null,null,null,{"$f":"IF($W179=\"33,001 +\",\"Class_8\",IF($W179=\"26,001-33,000\",\"Class_7\",IF($W179=\"19,501-26,000\",\"Class_6\",IF($W179=\"\",\"\"))))","v":""},null,null,0,{"$f":"IF($T179=\"Yes\",IF(COUNTA($U179:$AA179)=7,\"Complete\",\"Incomplete\"),\"N/A\")","v":"N/A"},{"$f":"IF($D179=\"2-for-1 Replace\",IF(OR(COUNTA(A179:AA179)=27,COUNTA(A179:AA179)=29),\"Complete\",\"Incomplete\"),IF(OR($D179=\"Replacement\",$D179=\"Repower\"),IF(COUNTA(A179:Q179)=17,\"Complete\",\"Incomplete\"),\"Incomplete\"))","v":"Incomplete"},null,{"$f":"IF(OR($H179=\"Class_8\",$X179=\"Class_8\"),\"Class_8\",IF(OR($H179=\"Class_7\",$X179=\"Class_7\"),\"Class_7\",IF(OR($H179=\"Class_6\",$X179=\"Class_6\"),\"Class_6\")))","v":false},false,{"$f":"IF($D179=\"Repower\",IF($H179=\"Class_7\",IF($M179=\"New: 2013+ HHD\",\"CL7HHD\",\"gas\")))","v":false},false,null,{"$f":"IF($D179=\"2-for-1 Replace\",\"Norestr\",IF($AK179=\"Repower_8\",\"Repo8\",IF($AK179=\"Repower_7\",\"Repo7\",IF($AK179=\"Repower_6\",\"Repo6\",IF(OR($H179=\"Class_8\",$L179=\"Class_8\"),\"Replacement8HHD\",IF($D179=\"Replacement\",IF($H179=\"Class_6\",\"Replacement6\",IF($H179=\"Class_7\",IF($I179=\"MHD\",\"Replacement7MHD\",\"Replacement7HHD\"),IF($H179=\"Class_8\",IF($I179=\"HHD\",\"Replacement8HHD\",\"Replacement8MHD\")))),))))))","v":0},{"$f":"IF($D179=\"Replacement\",IF($H179=\"Class_6\",\"Replacement_6\",IF($H179=\"Class_7\",\"Replacement_7\",IF($H179=\"Class_8\",\"Replacement_8\",null))),IF($D179=\"Repower\",IF($H179=\"Class_6\",\"Repower_6\",IF($H179=\"Class_7\",\"Repower_7\",IF($H179=\"Class_8\",\"Repower_8\",null))),IF($D179=\"2-for-1 Replace\",IF($L179=\"Class_6\",\"Replacement_6\",IF($L179=\"Class_7\",\"Replacement_7\",IF($L179=\"Class_8\",\"Replacement_8\",null))))))","v":false},{"$f":"IF($D179=\"Replacement\",IF(AND($H179=\"Class_6\",$B179 <> \"4+ Trucks\"),\"Small_Fleet_Replacement_6\",IF(AND($H179=\"Class_7\",$B179 <> \"4+ Trucks\"),\"Small_Fleet_Replacement_7\",IF(AND($H179=\"Class_8\",$B179 <> \"4+ Trucks\"),\"Small_Fleet_Replacement_8\",null))),IF($D179=\"Repower\",IF($H179=\"Class_6\",\"Repower_6\",IF($H179=\"Class_7\",\"Repower_7\",IF($H179=\"Class_8\",\"Repower_8\",null))),IF($D179=\"2-for-1 Replace\",IF($L179=\"Class_6\",\"Replacement_6\",IF($L179=\"Class_7\",\"Small_Fleet_Replacement_7\",IF($L179=\"Class_8\",\"Small_Fleet_Replacement_8\",null))))))","v":false},null,null,null,null,{"$f":"IF(AND($B179<>\"4+ Trucks\",$D179=\"Replacement\",$P179=\"Diesel\",OR($L179=\"Class_7\",$H179=\"CLass_7\"),$M179=\"New: 2015+\"),\"small fleet new class 7 diesel\",IF(AND($B179<>\"4+ Trucks\",$D179=\"Replacement\",OR($P179=\"Diesel\",$P179=\"LNG/CNG\",$P179=\"Hybrid\"),OR($H179=\"Class_7\",$L179=\"Class_7\"),$M179=\"Used: 2011+\"),\"small fleet used class 7 diesel\",IF(AND($B179<>\"4+ Trucks\",$D179=\"Replacement\",$P179=\"Diesel\",$L179=\"Class_8\",$M179=\"New: 2015+\"),\"small fleet new class 8 diesel\",IF(AND($B179<>\"4+ Trucks\",$D179=\"Replacement\",$P179=\"Diesel\",$L179=\"Class_6\"),\"small fleet class 6 diesel\",IF(AND($B179<>\"4+ Trucks\",$D179=\"Replacement\",OR($P179=\"Diesel\",$P179=\"LNG/CNG\",$P179=\"Hybrid\"),$L179=\"Class_8\",$M179=\"Used: 2011+\"),\"small fleet used class 8 diesel\",IF(AND($B179<>\"4+ Trucks\",$D179=\"Repower\",$P179=\"Diesel\",(OR($L179=\"Class_8\",$L179=\"Class_7\"))),\"small fleet repower class 7/8\",IF(AND($B179<>\"4+ Trucks\",$D179=\"Repower\",$P179=\"Diesel\",$L179=\"Class_6\"),\"small fleet repower class 6\",IF(AND($D179=\"Replacement\",$P179=\"Zero Emission\",(OR($L179=\"Class_8\",$L179=\"Class_7\"))),\"zero emission class 7/8\",IF(AND($D179=\"Replacement\",$P179=\"Hybrid Zero-Mile\",(OR($L179=\"Class_8\",$L179=\"Class_7\"))),\"hybrid zero mile class 7/8\",IF(AND($D179=\"Replacement\",$P179=\"Low NOx\",(OR($L179=\"Class_8\",$L179=\"Class_7\"))),\"low nox class 7/8\",IF(AND($D179=\"Replacement\",$P179=\"Hybrid\",(OR($L179=\"Class_8\",$L179=\"Class_7\"))),\"hybrid class 7/8\",IF(AND($D179=\"Replacement\",$P179=\"LNG/CNG\",(OR($L179=\"Class_8\",$L179=\"Class_7\"))),\"lng/cng class 7/8\",IF(AND($D179=\"Replacement\",$P179=\"Zero Emission\",$L179=\"Class_6\"),\"zero emission class 6\",IF(AND($D179=\"Replacement\",$P179=\"Hybrid Zero-Mile\",$L179=\"Class_6\"),\"hybrid zero mile class 6\",IF(AND($D179=\"Replacement\",$P179=\"Low NOx\",$L179=\"Class_6\"),\"low nox class 6\",IF(AND($D179=\"Replacement\",$P179=\"Hybrid\",$L179=\"Class_6\"),\"hybrid class 6\",IF(AND($D179=\"Replacement\",$P179=\"LNG/CNG\",$L179=\"Class_6\"),\"lng/cng class 6\",(IF(AND($P179=\"Diesel\", OR($L179=\"Class_6\", $AE179=\"Class_6\")),\"small fleet class 6 diesel\",IF(AND($P179=\"Diesel\",$M179=\"New: 2015+\", OR($L179=\"Class_7\", $AE179=\"Class_7\")),\"small fleet new class 7 diesel\",IF(AND($P179=\"Diesel\",$M179=\"Used: 2011+\", OR($L179=\"Class_7\", $AE179=\"Class_7\")),\"small fleet used class 7 diesel\",IF(AND($P179=\"Diesel\",$M179=\"New: 2015+\", OR($L179=\"Class_8\", $AE179=\"Class_8\")),\"small fleet new class 8 diesel\",IF(AND($P179=\"Diesel\",$M179=\"Used: 2011+\", OR($L179=\"Class_8\", $AE179=\"Class_8\")),\"small fleet used class 8 diesel\",(IF(AND($P179=\"LNG/CNG\", OR($L179=\"Class_6\", $AE179=\"Class_6\")),\"lng/cng class 6\",(IF(AND($P179=\"Hybrid\", OR($L179=\"Class_6\", $AE179=\"Class_6\")),\"hybrid class 6\",(IF(AND($P179=\"Low NOx\", OR($L179=\"Class_6\", $AE179=\"Class_6\")),\"low nox class 6\",(IF(AND($P179=\"Hybrid Zero-Mile\", OR($L179=\"Class_6\", $AE179=\"Class_6\")),\"hybrid zero mile class 6\",(IF(AND($P179=\"Zero Emission\", OR($L179=\"Class_6\", $AE179=\"Class_6\")),\"zero emission class 6\",(IF(AND($P179=\"LNG/CNG\", OR($L179=\"Class_7\", $AE179=\"Class_7\")),\"lng/cng class 7/8\",(IF(AND($P179=\"Hybrid\", OR($L179=\"Class_7\", $AE179=\"Class_7\")),\"hybrid class 7/8\",(IF(AND($P179=\"Low NOx\", OR($L179=\"Class_7\", $AE179=\"Class_7\")),\"low nox class 7/8\",(IF(AND($P179=\"Hybrid Zero-Mile\", OR($L179=\"Class_7\", $AE179=\"Class_7\")),\"hybrid zero mile class 7/8\",(IF(AND($P179=\"Zero Emission\", OR($L179=\"Class_7\", $AE179=\"Class_7\")),\"zero emission class 7/8\",(IF(AND($P179=\"LNG/CNG\", OR($L179=\"Class_8\", $AE179=\"Class_8\")),\"lng/cng class 7/8\",(IF(AND($P179=\"Hybrid\", OR($L179=\"Class_8\", $AE179=\"Class_8\")),\"hybrid class 7/8\",(IF(AND($P179=\"Low NOx\", OR($L179=\"Class_8\", $AE179=\"Class_8\")),\"low nox class 7/8\",(IF(AND($P179=\"Hybrid Zero-Mile\", OR($L179=\"Class_8\", $AE179=\"Class_8\")),\"hybrid zero mile class 7/8\",(IF(AND($P179=\"Zero Emission\", OR($L179=\"Class_8\", $AE179=\"Class_8\")),\"zero emission class 7/8\")))))))))))))))))))))))))))))))))))))))))))))))))))))","v":false}]
["project 178",null,null,null,null,null,null,{"$f":"IF($G182=\"33,001 +\",\"Class_8\",IF($G182=\"26,001-33,000\",\"Class_7\",IF($G182=\"19,501-26,000\",\"Class_6\",\"\")))","v":""},null,null,null,null,null,null,{"$f":"IF(H182=\"Class_6\",IF(T182=\"No\",MIN(IF((J182*K182)<10000,0,J182*K182),IF((J182*N182)<10000,0,J182*N182)),IF(MIN(Y182*Z182,Y182*N182)+MIN(J182*K182,J182*N182)>9999,MIN(J182*K182,J182*N182),0)),IF(T182=\"No\",MIN(IF((J182*K182)<20000,0,J182*K182),IF((J182*N182)<20000,0,J182*N182)),IF(MIN(Y182*Z182,Y182*N182)+MIN(J182*K182,J182*N182)>19999,MIN(J182*K182,J182*N182),0)))","v":0},null,null,"","No","No",null,null,null,{"$f":"IF($W182=\"33,001 +\",\"Class_8\",IF($W182=\"26,001-33,000\",\"Class_7\",IF($W182=\"19,501-26,000\",\"Class_6\",IF($W182=\"\",\"\"))))","v":""},null,null,0,{"$f":"IF($T182=\"Yes\",IF(COUNTA($U182:$AA182)=7,\"Complete\",\"Incomplete\"),\"N/A\")","v":"N/A"},{"$f":"IF($D182=\"2-for-1 Replace\",IF(OR(COUNTA(A182:AA182)=27,COUNTA(A182:AA182)=29),\"Complete\",\"Incomplete\"),IF(OR($D182=\"Replacement\",$D182=\"Repower\"),IF(COUNTA(A182:Q182)=17,\"Complete\",\"Incomplete\"),\"Incomplete\"))","v":"Incomplete"},null,{"$f":"IF(OR($H182=\"Class_8\",$X182=\"Class_8\"),\"Class_8\",IF(OR($H182=\"Class_7\",$X182=\"Class_7\"),\"Class_7\",IF(OR($H182=\"Class_6\",$X182=\"Class_6\"),\"Class_6\")))","v":false},false,{"$f":"IF($D182=\"Repower\",IF($H182=\"Class_7\",IF($M182=\"New: 2013+ HHD\",\"CL7HHD\",\"gas\")))","v":false},false,null,{"$f":"IF($D182=\"2-for-1 Replace\",\"Norestr\",IF($AK182=\"Repower_8\",\"Repo8\",IF($AK182=\"Repower_7\",\"Repo7\",IF($AK182=\"Repower_6\",\"Repo6\",IF(OR($H182=\"Class_8\",$L182=\"Class_8\"),\"Replacement8HHD\",IF($D182=\"Replacement\",IF($H182=\"Class_6\",\"Replacement6\",IF($H182=\"Class_7\",IF($I182=\"MHD\",\"Replacement7MHD\",\"Replacement7HHD\"),IF($H182=\"Class_8\",IF($I182=\"HHD\",\"Replacement8HHD\",\"Replacement8MHD\")))),))))))","v":0},{"$f":"IF($D182=\"Replacement\",IF($H182=\"Class_6\",\"Replacement_6\",IF($H182=\"Class_7\",\"Replacement_7\",IF($H182=\"Class_8\",\"Replacement_8\",null))),IF($D182=\"Repower\",IF($H182=\"Class_6\",\"Repower_6\",IF($H182=\"Class_7\",\"Repower_7\",IF($H182=\"Class_8\",\"Repower_8\",null))),IF($D182=\"2-for-1 Replace\",IF($L182=\"Class_6\",\"Replacement_6\",IF($L182=\"Class_7\",\"Replacement_7\",IF($L182=\"Class_8\",\"Replacement_8\",null))))))","v":false},{"$f":"IF($D182=\"Replacement\",IF(AND($H182=\"Class_6\",$B182 <> \"4+ Trucks\"),\"Small_Fleet_Replacement_6\",IF(AND($H182=\"Class_7\",$B182 <> \"4+ Trucks\"),\"Small_Fleet_Replacement_7\",IF(AND($H182=\"Class_8\",$B182 <> \"4+ Trucks\"),\"Small_Fleet_Replacement_8\",null))),IF($D182=\"Repower\",IF($H182=\"Class_6\",\"Repower_6\",IF($H182=\"Class_7\",\"Repower_7\",IF($H182=\"Class_8\",\"Repower_8\",null))),IF($D182=\"2-for-1 Replace\",IF($L182=\"Class_6\",\"Replacement_6\",IF($L182=\"Class_7\",\"Small_Fleet_Replacement_7\",IF($L182=\"Class_8\",\"Small_Fleet_Replacement_8\",null))))))","v":false},null,null,null,null,{"$f":"IF(AND($B182<>\"4+ Trucks\",$D182=\"Replacement\",$P182=\"Diesel\",OR($L182=\"Class_7\",$H182=\"CLass_7\"),$M182=\"New: 2015+\"),\"small fleet new class 7 diesel\",IF(AND($B182<>\"4+ Trucks\",$D182=\"Replacement\",OR($P182=\"Diesel\",$P182=\"LNG/CNG\",$P182=\"Hybrid\"),OR($H182=\"Class_7\",$L182=\"Class_7\"),$M182=\"Used: 2011+\"),\"small fleet used class 7 diesel\",IF(AND($B182<>\"4+ Trucks\",$D182=\"Replacement\",$P182=\"Diesel\",$L182=\"Class_8\",$M182=\"New: 2015+\"),\"small fleet new class 8 diesel\",IF(AND($B182<>\"4+ Trucks\",$D182=\"Replacement\",$P182=\"Diesel\",$L182=\"Class_6\"),\"small fleet class 6 diesel\",IF(AND($B182<>\"4+ Trucks\",$D182=\"Replacement\",OR($P182=\"Diesel\",$P182=\"LNG/CNG\",$P182=\"Hybrid\"),$L182=\"Class_8\",$M182=\"Used: 2011+\"),\"small fleet used class 8 diesel\",IF(AND($B182<>\"4+ Trucks\",$D182=\"Repower\",$P182=\"Diesel\",(OR($L182=\"Class_8\",$L182=\"Class_7\"))),\"small fleet repower class 7/8\",IF(AND($B182<>\"4+ Trucks\",$D182=\"Repower\",$P182=\"Diesel\",$L182=\"Class_6\"),\"small fleet repower class 6\",IF(AND($D182=\"Replacement\",$P182=\"Zero Emission\",(OR($L182=\"Class_8\",$L182=\"Class_7\"))),\"zero emission class 7/8\",IF(AND($D182=\"Replacement\",$P182=\"Hybrid Zero-Mile\",(OR($L182=\"Class_8\",$L182=\"Class_7\"))),\"hybrid zero mile class 7/8\",IF(AND($D182=\"Replacement\",$P182=\"Low NOx\",(OR($L182=\"Class_8\",$L182=\"Class_7\"))),\"low nox class 7/8\",IF(AND($D182=\"Replacement\",$P182=\"Hybrid\",(OR($L182=\"Class_8\",$L182=\"Class_7\"))),\"hybrid class 7/8\",IF(AND($D182=\"Replacement\",$P182=\"LNG/CNG\",(OR($L182=\"Class_8\",$L182=\"Class_7\"))),\"lng/cng class 7/8\",IF(AND($D182=\"Replacement\",$P182=\"Zero Emission\",$L182=\"Class_6\"),\"zero emission class 6\",IF(AND($D182=\"Replacement\",$P182=\"Hybrid Zero-Mile\",$L182=\"Class_6\"),\"hybrid zero mile class 6\",IF(AND($D182=\"Replacement\",$P182=\"Low NOx\",$L182=\"Class_6\"),\"low nox class 6\",IF(AND($D182=\"Replacement\",$P182=\"Hybrid\",$L182=\"Class_6\"),\"hybrid class 6\",IF(AND($D182=\"Replacement\",$P182=\"LNG/CNG\",$L182=\"Class_6\"),\"lng/cng class 6\",(IF(AND($P182=\"Diesel\", OR($L182=\"Class_6\", $AE182=\"Class_6\")),\"small fleet class 6 diesel\",IF(AND($P182=\"Diesel\",$M182=\"New: 2015+\", OR($L182=\"Class_7\", $AE182=\"Class_7\")),\"small fleet new class 7 diesel\",IF(AND($P182=\"Diesel\",$M182=\"Used: 2011+\", OR($L182=\"Class_7\", $AE182=\"Class_7\")),\"small fleet used class 7 diesel\",IF(AND($P182=\"Diesel\",$M182=\"New: 2015+\", OR($L182=\"Class_8\", $AE182=\"Class_8\")),\"small fleet new class 8 diesel\",IF(AND($P182=\"Diesel\",$M182=\"Used: 2011+\", OR($L182=\"Class_8\", $AE182=\"Class_8\")),\"small fleet used class 8 diesel\",(IF(AND($P182=\"LNG/CNG\", OR($L182=\"Class_6\", $AE182=\"Class_6\")),\"lng/cng class 6\",(IF(AND($P182=\"Hybrid\", OR($L182=\"Class_6\", $AE182=\"Class_6\")),\"hybrid class 6\",(IF(AND($P182=\"Low NOx\", OR($L182=\"Class_6\", $AE182=\"Class_6\")),\"low nox class 6\",(IF(AND($P182=\"Hybrid Zero-Mile\", OR($L182=\"Class_6\", $AE182=\"Class_6\")),\"hybrid zero mile class 6\",(IF(AND($P182=\"Zero Emission\", OR($L182=\"Class_6\", $AE182=\"Class_6\")),\"zero emission class 6\",(IF(AND($P182=\"LNG/CNG\", OR($L182=\"Class_7\", $AE182=\"Class_7\")),\"lng/cng class 7/8\",(IF(AND($P182=\"Hybrid\", OR($L182=\"Class_7\", $AE182=\"Class_7\")),\"hybrid class 7/8\",(IF(AND($P182=\"Low NOx\", OR($L182=\"Class_7\", $AE182=\"Class_7\")),\"low nox class 7/8\",(IF(AND($P182=\"Hybrid Zero-Mile\", OR($L182=\"Class_7\", $AE182=\"Class_7\")),\"hybrid zero mile class 7/8\",(IF(AND($P182=\"Zero Emission\", OR($L182=\"Class_7\", $AE182=\"Class_7\")),\"zero emission class 7/8\",(IF(AND($P182=\"LNG/CNG\", OR($L182=\"Class_8\", $AE182=\"Class_8\")),\"lng/cng class 7/8\",(IF(AND($P182=\"Hybrid\", OR($L182=\"Class_8\", $AE182=\"Class_8\")),\"hybrid class 7/8\",(IF(AND($P182=\"Low NOx\", OR($L182=\"Class_8\", $AE182=\"Class_8\")),\"low nox class 7/8\",(IF(AND($P182=\"Hybrid Zero-Mile\", OR($L182=\"Class_8\", $AE182=\"Class_8\")),\"hybrid zero mile class 7/8\",(IF(AND($P182=\"Zero Emission\", OR($L182=\"Class_8\", $AE182=\"Class_8\")),\"zero emission class 7/8\")))))))))))))))))))))))))))))))))))))))))))))))))))))","v":false}]
["project 179",null,null,null,null,null,null,{"$f":"IF($G183=\"33,001 +\",\"Class_8\",IF($G183=\"26,001-33,000\",\"Class_7\",IF($G183=\"19,501-26,000\",\"Class_6\",\"\")))","v":""},null,null,null,null,null,null,{"$f":"IF(H183=\"Class_6\",IF(T183=\"No\",MIN(IF((J183*K183)<10000,0,J183*K183),IF((J183*N183)<10000,0,J183*N183)),IF(MIN(Y183*Z183,Y183*N183)+MIN(J183*K183,J183*N183)>9999,MIN(J183*K183,J183*N183),0)),IF(T183=\"No\",MIN(IF((J183*K183)<20000,0,J183*K183),IF((J183*N183)<20000,0,J183*N183)),IF(MIN(Y183*Z183,Y183*N183)+MIN(J183*K183,J183*N183)>19999,MIN(J183*K183,J183*N183),0)))","v":0},null,null,"","No","No",null,null,null,{"$f":"IF($W183=\"33,001 +\",\"Class_8\",IF($W183=\"26,001-33,000\",\"Class_7\",IF($W183=\"19,501-26,000\",\"Class_6\",IF($W183=\"\",\"\"))))","v":""},null,null,0,{"$f":"IF($T183=\"Yes\",IF(COUNTA($U183:$AA183)=7,\"Complete\",\"Incomplete\"),\"N/A\")","v":"N/A"},{"$f":"IF($D183=\"2-for-1 Replace\",IF(OR(COUNTA(A183:AA183)=27,COUNTA(A183:AA183)=29),\"Complete\",\"Incomplete\"),IF(OR($D183=\"Replacement\",$D183=\"Repower\"),IF(COUNTA(A183:Q183)=17,\"Complete\",\"Incomplete\"),\"Incomplete\"))","v":"Incomplete"},null,{"$f":"IF(OR($H183=\"Class_8\",$X183=\"Class_8\"),\"Class_8\",IF(OR($H183=\"Class_7\",$X183=\"Class_7\"),\"Class_7\",IF(OR($H183=\"Class_6\",$X183=\"Class_6\"),\"Class_6\")))","v":false},false,{"$f":"IF($D183=\"Repower\",IF($H183=\"Class_7\",IF($M183=\"New: 2013+ HHD\",\"CL7HHD\",\"gas\")))","v":false},false,null,{"$f":"IF($D183=\"2-for-1 Replace\",\"Norestr\",IF($AK183=\"Repower_8\",\"Repo8\",IF($AK183=\"Repower_7\",\"Repo7\",IF($AK183=\"Repower_6\",\"Repo6\",IF(OR($H183=\"Class_8\",$L183=\"Class_8\"),\"Replacement8HHD\",IF($D183=\"Replacement\",IF($H183=\"Class_6\",\"Replacement6\",IF($H183=\"Class_7\",IF($I183=\"MHD\",\"Replacement7MHD\",\"Replacement7HHD\"),IF($H183=\"Class_8\",IF($I183=\"HHD\",\"Replacement8HHD\",\"Replacement8MHD\")))),))))))","v":0},{"$f":"IF($D183=\"Replacement\",IF($H183=\"Class_6\",\"Replacement_6\",IF($H183=\"Class_7\",\"Replacement_7\",IF($H183=\"Class_8\",\"Replacement_8\",null))),IF($D183=\"Repower\",IF($H183=\"Class_6\",\"Repower_6\",IF($H183=\"Class_7\",\"Repower_7\",IF($H183=\"Class_8\",\"Repower_8\",null))),IF($D183=\"2-for-1 Replace\",IF($L183=\"Class_6\",\"Replacement_6\",IF($L183=\"Class_7\",\"Replacement_7\",IF($L183=\"Class_8\",\"Replacement_8\",null))))))","v":false},{"$f":"IF($D183=\"Replacement\",IF(AND($H183=\"Class_6\",$B183 <> \"4+ Trucks\"),\"Small_Fleet_Replacement_6\",IF(AND($H183=\"Class_7\",$B183 <> \"4+ Trucks\"),\"Small_Fleet_Replacement_7\",IF(AND($H183=\"Class_8\",$B183 <> \"4+ Trucks\"),\"Small_Fleet_Replacement_8\",null))),IF($D183=\"Repower\",IF($H183=\"Class_6\",\"Repower_6\",IF($H183=\"Class_7\",\"Repower_7\",IF($H183=\"Class_8\",\"Repower_8\",null))),IF($D183=\"2-for-1 Replace\",IF($L183=\"Class_6\",\"Replacement_6\",IF($L183=\"Class_7\",\"Small_Fleet_Replacement_7\",IF($L183=\"Class_8\",\"Small_Fleet_Replacement_8\",null))))))","v":false},null,null,null,null,{"$f":"IF(AND($B183<>\"4+ Trucks\",$D183=\"Replacement\",$P183=\"Diesel\",OR($L183=\"Class_7\",$H183=\"CLass_7\"),$M183=\"New: 2015+\"),\"small fleet new class 7 diesel\",IF(AND($B183<>\"4+ Trucks\",$D183=\"Replacement\",OR($P183=\"Diesel\",$P183=\"LNG/CNG\",$P183=\"Hybrid\"),OR($H183=\"Class_7\",$L183=\"Class_7\"),$M183=\"Used: 2011+\"),\"small fleet used class 7 diesel\",IF(AND($B183<>\"4+ Trucks\",$D183=\"Replacement\",$P183=\"Diesel\",$L183=\"Class_8\",$M183=\"New: 2015+\"),\"small fleet new class 8 diesel\",IF(AND($B183<>\"4+ Trucks\",$D183=\"Replacement\",$P183=\"Diesel\",$L183=\"Class_6\"),\"small fleet class 6 diesel\",IF(AND($B183<>\"4+ Trucks\",$D183=\"Replacement\",OR($P183=\"Diesel\",$P183=\"LNG/CNG\",$P183=\"Hybrid\"),$L183=\"Class_8\",$M183=\"Used: 2011+\"),\"small fleet used class 8 diesel\",IF(AND($B183<>\"4+ Trucks\",$D183=\"Repower\",$P183=\"Diesel\",(OR($L183=\"Class_8\",$L183=\"Class_7\"))),\"small fleet repower class 7/8\",IF(AND($B183<>\"4+ Trucks\",$D183=\"Repower\",$P183=\"Diesel\",$L183=\"Class_6\"),\"small fleet repower class 6\",IF(AND($D183=\"Replacement\",$P183=\"Zero Emission\",(OR($L183=\"Class_8\",$L183=\"Class_7\"))),\"zero emission class 7/8\",IF(AND($D183=\"Replacement\",$P183=\"Hybrid Zero-Mile\",(OR($L183=\"Class_8\",$L183=\"Class_7\"))),\"hybrid zero mile class 7/8\",IF(AND($D183=\"Replacement\",$P183=\"Low NOx\",(OR($L183=\"Class_8\",$L183=\"Class_7\"))),\"low nox class 7/8\",IF(AND($D183=\"Replacement\",$P183=\"Hybrid\",(OR($L183=\"Class_8\",$L183=\"Class_7\"))),\"hybrid class 7/8\",IF(AND($D183=\"Replacement\",$P183=\"LNG/CNG\",(OR($L183=\"Class_8\",$L183=\"Class_7\"))),\"lng/cng class 7/8\",IF(AND($D183=\"Replacement\",$P183=\"Zero Emission\",$L183=\"Class_6\"),\"zero emission class 6\",IF(AND($D183=\"Replacement\",$P183=\"Hybrid Zero-Mile\",$L183=\"Class_6\"),\"hybrid zero mile class 6\",IF(AND($D183=\"Replacement\",$P183=\"Low NOx\",$L183=\"Class_6\"),\"low nox class 6\",IF(AND($D183=\"Replacement\",$P183=\"Hybrid\",$L183=\"Class_6\"),\"hybrid class 6\",IF(AND($D183=\"Replacement\",$P183=\"LNG/CNG\",$L183=\"Class_6\"),\"lng/cng class 6\",(IF(AND($P183=\"Diesel\", OR($L183=\"Class_6\", $AE183=\"Class_6\")),\"small fleet class 6 diesel\",IF(AND($P183=\"Diesel\",$M183=\"New: 2015+\", OR($L183=\"Class_7\", $AE183=\"Class_7\")),\"small fleet new class 7 diesel\",IF(AND($P183=\"Diesel\",$M183=\"Used: 2011+\", OR($L183=\"Class_7\", $AE183=\"Class_7\")),\"small fleet used class 7 diesel\",IF(AND($P183=\"Diesel\",$M183=\"New: 2015+\", OR($L183=\"Class_8\", $AE183=\"Class_8\")),\"small fleet new class 8 diesel\",IF(AND($P183=\"Diesel\",$M183=\"Used: 2011+\", OR($L183=\"Class_8\", $AE183=\"Class_8\")),\"small fleet used class 8 diesel\",(IF(AND($P183=\"LNG/CNG\", OR($L183=\"Class_6\", $AE183=\"Class_6\")),\"lng/cng class 6\",(IF(AND($P183=\"Hybrid\", OR($L183=\"Class_6\", $AE183=\"Class_6\")),\"hybrid class 6\",(IF(AND($P183=\"Low NOx\", OR($L183=\"Class_6\", $AE183=\"Class_6\")),\"low nox class 6\",(IF(AND($P183=\"Hybrid Zero-Mile\", OR($L183=\"Class_6\", $AE183=\"Class_6\")),\"hybrid zero mile class 6\",(IF(AND($P183=\"Zero Emission\", OR($L183=\"Class_6\", $AE183=\"Class_6\")),\"zero emission class 6\",(IF(AND($P183=\"LNG/CNG\", OR($L183=\"Class_7\", $AE183=\"Class_7\")),\"lng/cng class 7/8\",(IF(AND($P183=\"Hybrid\", OR($L183=\"Class_7\", $AE183=\"Class_7\")),\"hybrid class 7/8\",(IF(AND($P183=\"Low NOx\", OR($L183=\"Class_7\", $AE183=\"Class_7\")),\"low nox class 7/8\",(IF(AND($P183=\"Hybrid Zero-Mile\", OR($L183=\"Class_7\", $AE183=\"Class_7\")),\"hybrid zero mile class 7/8\",(IF(AND($P183=\"Zero Emission\", OR($L183=\"Class_7\", $AE183=\"Class_7\")),\"zero emission class 7/8\",(IF(AND($P183=\"LNG/CNG\", OR($L183=\"Class_8\", $AE183=\"Class_8\")),\"lng/cng class 7/8\",(IF(AND($P183=\"Hybrid\", OR($L183=\"Class_8\", $AE183=\"Class_8\")),\"hybrid class 7/8\",(IF(AND($P183=\"Low NOx\", OR($L183=\"Class_8\", $AE183=\"Class_8\")),\"low nox class 7/8\",(IF(AND($P183=\"Hybrid Zero-Mile\", OR($L183=\"Class_8\", $AE183=\"Class_8\")),\"hybrid zero mile class 7/8\",(IF(AND($P183=\"Zero Emission\", OR($L183=\"Class_8\", $AE183=\"Class_8\")),\"zero emission class 7/8\")))))))))))))))))))))))))))))))))))))))))))))))))))))","v":false}]
["project 182",null,null,null,null,null,null,{"$f":"IF($G186=\"33,001 +\",\"Class_8\",IF($G186=\"26,001-33,000\",\"Class_7\",IF($G186=\"19,501-26,000\",\"Class_6\",\"\")))","v":""},null,null,null,null,null,null,{"$f":"IF(H186=\"Class_6\",IF(T186=\"No\",MIN(IF((J186*K186)<10000,0,J186*K186),IF((J186*N186)<10000,0,J186*N186)),IF(MIN(Y186*Z186,Y186*N186)+MIN(J186*K186,J186*N186)>9999,MIN(J186*K186,J186*N186),0)),IF(T186=\"No\",MIN(IF((J186*K186)<20000,0,J186*K186),IF((J186*N186)<20000,0,J186*N186)),IF(MIN(Y186*Z186,Y186*N186)+MIN(J186*K186,J186*N186)>19999,MIN(J186*K186,J186*N186),0)))","v":0},null,null,"","No","No",null,null,null,{"$f":"IF($W186=\"33,001 +\",\"Class_8\",IF($W186=\"26,001-33,000\",\"Class_7\",IF($W186=\"19,501-26,000\",\"Class_6\",IF($W186=\"\",\"\"))))","v":""},null,null,0,{"$f":"IF($T186=\"Yes\",IF(COUNTA($U186:$AA186)=7,\"Complete\",\"Incomplete\"),\"N/A\")","v":"N/A"},{"$f":"IF($D186=\"2-for-1 Replace\",IF(OR(COUNTA(A186:AA186)=27,COUNTA(A186:AA186)=29),\"Complete\",\"Incomplete\"),IF(OR($D186=\"Replacement\",$D186=\"Repower\"),IF(COUNTA(A186:Q186)=17,\"Complete\",\"Incomplete\"),\"Incomplete\"))","v":"Incomplete"},null,{"$f":"IF(OR($H186=\"Class_8\",$X186=\"Class_8\"),\"Class_8\",IF(OR($H186=\"Class_7\",$X186=\"Class_7\"),\"Class_7\",IF(OR($H186=\"Class_6\",$X186=\"Class_6\"),\"Class_6\")))","v":false},false,{"$f":"IF($D186=\"Repower\",IF($H186=\"Class_7\",IF($M186=\"New: 2013+ HHD\",\"CL7HHD\",\"gas\")))","v":false},false,null,{"$f":"IF($D186=\"2-for-1 Replace\",\"Norestr\",IF($AK186=\"Repower_8\",\"Repo8\",IF($AK186=\"Repower_7\",\"Repo7\",IF($AK186=\"Repower_6\",\"Repo6\",IF(OR($H186=\"Class_8\",$L186=\"Class_8\"),\"Replacement8HHD\",IF($D186=\"Replacement\",IF($H186=\"Class_6\",\"Replacement6\",IF($H186=\"Class_7\",IF($I186=\"MHD\",\"Replacement7MHD\",\"Replacement7HHD\"),IF($H186=\"Class_8\",IF($I186=\"HHD\",\"Replacement8HHD\",\"Replacement8MHD\")))),))))))","v":0},{"$f":"IF($D186=\"Replacement\",IF($H186=\"Class_6\",\"Replacement_6\",IF($H186=\"Class_7\",\"Replacement_7\",IF($H186=\"Class_8\",\"Replacement_8\",null))),IF($D186=\"Repower\",IF($H186=\"Class_6\",\"Repower_6\",IF($H186=\"Class_7\",\"Repower_7\",IF($H186=\"Class_8\",\"Repower_8\",null))),IF($D186=\"2-for-1 Replace\",IF($L186=\"Class_6\",\"Replacement_6\",IF($L186=\"Class_7\",\"Replacement_7\",IF($L186=\"Class_8\",\"Replacement_8\",null))))))","v":false},{"$f":"IF($D186=\"Replacement\",IF(AND($H186=\"Class_6\",$B186 <> \"4+ Trucks\"),\"Small_Fleet_Replacement_6\",IF(AND($H186=\"Class_7\",$B186 <> \"4+ Trucks\"),\"Small_Fleet_Replacement_7\",IF(AND($H186=\"Class_8\",$B186 <> \"4+ Trucks\"),\"Small_Fleet_Replacement_8\",null))),IF($D186=\"Repower\",IF($H186=\"Class_6\",\"Repower_6\",IF($H186=\"Class_7\",\"Repower_7\",IF($H186=\"Class_8\",\"Repower_8\",null))),IF($D186=\"2-for-1 Replace\",IF($L186=\"Class_6\",\"Replacement_6\",IF($L186=\"Class_7\",\"Small_Fleet_Replacement_7\",IF($L186=\"Class_8\",\"Small_Fleet_Replacement_8\",null))))))","v":false},null,null,null,null,{"$f":"IF(AND($B186<>\"4+ Trucks\",$D186=\"Replacement\",$P186=\"Diesel\",OR($L186=\"Class_7\",$H186=\"CLass_7\"),$M186=\"New: 2015+\"),\"small fleet new class 7 diesel\",IF(AND($B186<>\"4+ Trucks\",$D186=\"Replacement\",OR($P186=\"Diesel\",$P186=\"LNG/CNG\",$P186=\"Hybrid\"),OR($H186=\"Class_7\",$L186=\"Class_7\"),$M186=\"Used: 2011+\"),\"small fleet used class 7 diesel\",IF(AND($B186<>\"4+ Trucks\",$D186=\"Replacement\",$P186=\"Diesel\",$L186=\"Class_8\",$M186=\"New: 2015+\"),\"small fleet new class 8 diesel\",IF(AND($B186<>\"4+ Trucks\",$D186=\"Replacement\",$P186=\"Diesel\",$L186=\"Class_6\"),\"small fleet class 6 diesel\",IF(AND($B186<>\"4+ Trucks\",$D186=\"Replacement\",OR($P186=\"Diesel\",$P186=\"LNG/CNG\",$P186=\"Hybrid\"),$L186=\"Class_8\",$M186=\"Used: 2011+\"),\"small fleet used class 8 diesel\",IF(AND($B186<>\"4+ Trucks\",$D186=\"Repower\",$P186=\"Diesel\",(OR($L186=\"Class_8\",$L186=\"Class_7\"))),\"small fleet repower class 7/8\",IF(AND($B186<>\"4+ Trucks\",$D186=\"Repower\",$P186=\"Diesel\",$L186=\"Class_6\"),\"small fleet repower class 6\",IF(AND($D186=\"Replacement\",$P186=\"Zero Emission\",(OR($L186=\"Class_8\",$L186=\"Class_7\"))),\"zero emission class 7/8\",IF(AND($D186=\"Replacement\",$P186=\"Hybrid Zero-Mile\",(OR($L186=\"Class_8\",$L186=\"Class_7\"))),\"hybrid zero mile class 7/8\",IF(AND($D186=\"Replacement\",$P186=\"Low NOx\",(OR($L186=\"Class_8\",$L186=\"Class_7\"))),\"low nox class 7/8\",IF(AND($D186=\"Replacement\",$P186=\"Hybrid\",(OR($L186=\"Class_8\",$L186=\"Class_7\"))),\"hybrid class 7/8\",IF(AND($D186=\"Replacement\",$P186=\"LNG/CNG\",(OR($L186=\"Class_8\",$L186=\"Class_7\"))),\"lng/cng class 7/8\",IF(AND($D186=\"Replacement\",$P186=\"Zero Emission\",$L186=\"Class_6\"),\"zero emission class 6\",IF(AND($D186=\"Replacement\",$P186=\"Hybrid Zero-Mile\",$L186=\"Class_6\"),\"hybrid zero mile class 6\",IF(AND($D186=\"Replacement\",$P186=\"Low NOx\",$L186=\"Class_6\"),\"low nox class 6\",IF(AND($D186=\"Replacement\",$P186=\"Hybrid\",$L186=\"Class_6\"),\"hybrid class 6\",IF(AND($D186=\"Replacement\",$P186=\"LNG/CNG\",$L186=\"Class_6\"),\"lng/cng class 6\",(IF(AND($P186=\"Diesel\", OR($L186=\"Class_6\", $AE186=\"Class_6\")),\"small fleet class 6 diesel\",IF(AND($P186=\"Diesel\",$M186=\"New: 2015+\", OR($L186=\"Class_7\", $AE186=\"Class_7\")),\"small fleet new class 7 diesel\",IF(AND($P186=\"Diesel\",$M186=\"Used: 2011+\", OR($L186=\"Class_7\", $AE186=\"Class_7\")),\"small fleet used class 7 diesel\",IF(AND($P186=\"Diesel\",$M186=\"New: 2015+\", OR($L186=\"Class_8\", $AE186=\"Class_8\")),\"small fleet new class 8 diesel\",IF(AND($P186=\"Diesel\",$M186=\"Used: 2011+\", OR($L186=\"Class_8\", $AE186=\"Class_8\")),\"small fleet used class 8 diesel\",(IF(AND($P186=\"LNG/CNG\", OR($L186=\"Class_6\", $AE186=\"Class_6\")),\"lng/cng class 6\",(IF(AND($P186=\"Hybrid\", OR($L186=\"Class_6\", $AE186=\"Class_6\")),\"hybrid class 6\",(IF(AND($P186=\"Low NOx\", OR($L186=\"Class_6\", $AE186=\"Class_6\")),\"low nox class 6\",(IF(AND($P186=\"Hybrid Zero-Mile\", OR($L186=\"Class_6\", $AE186=\"Class_6\")),\"hybrid zero mile class 6\",(IF(AND($P186=\"Zero Emission\", OR($L186=\"Class_6\", $AE186=\"Class_6\")),\"zero emission class 6\",(IF(AND($P186=\"LNG/CNG\", OR($L186=\"Class_7\", $AE186=\"Class_7\")),\"lng/cng class 7/8\",(IF(AND($P186=\"Hybrid\", OR($L186=\"Class_7\", $AE186=\"Class_7\")),\"hybrid class 7/8\",(IF(AND($P186=\"Low NOx\", OR($L186=\"Class_7\", $AE186=\"Class_7\")),\"low nox class 7/8\",(IF(AND($P186=\"Hybrid Zero-Mile\", OR($L186=\"Class_7\", $AE186=\"Class_7\")),\"hybrid zero mile class 7/8\",(IF(AND($P186=\"Zero Emission\", OR($L186=\"Class_7\", $AE186=\"Class_7\")),\"zero emission class 7/8\",(IF(AND($P186=\"LNG/CNG\", OR($L186=\"Class_8\", $AE186=\"Class_8\")),\"lng/cng class 7/8\",(IF(AND($P186=\"Hybrid\", OR($L186=\"Class_8\", $AE186=\"Class_8\")),\"hybrid class 7/8\",(IF(AND($P186=\"Low NOx\", OR($L186=\"Class_8\", $AE186=\"Class_8\")),\"low nox class 7/8\",(IF(AND($P186=\"Hybrid Zero-Mile\", OR($L186=\"Class_8\", $AE186=\"Class_8\")),\"hybrid zero mile class 7/8\",(IF(AND($P186=\"Zero Emission\", OR($L186=\"Class_8\", $AE186=\"Class_8\")),\"zero emission class 7/8\")))))))))))))))))))))))))))))))))))))))))))))))))))))","v":false}]
["project 183",null,null,null,null,null,null,{"$f":"IF($G187=\"33,001 +\",\"Class_8\",IF($G187=\"26,001-33,000\",\"Class_7\",IF($G187=\"19,501-26,000\",\"Class_6\",\"\")))","v":""},null,null,null,null,null,null,{"$f":"IF(H187=\"Class_6\",IF(T187=\"No\",MIN(IF((J187*K187)<10000,0,J187*K187),IF((J187*N187)<10000,0,J187*N187)),IF(MIN(Y187*Z187,Y187*N187)+MIN(J187*K187,J187*N187)>9999,MIN(J187*K187,J187*N187),0)),IF(T187=\"No\",MIN(IF((J187*K187)<20000,0,J187*K187),IF((J187*N187)<20000,0,J187*N187)),IF(MIN(Y187*Z187,Y187*N187)+MIN(J187*K187,J187*N187)>19999,MIN(J187*K187,J187*N187),0)))","v":0},null,null,"","No","No",null,null,null,{"$f":"IF($W187=\"33,001 +\",\"Class_8\",IF($W187=\"26,001-33,000\",\"Class_7\",IF($W187=\"19,501-26,000\",\"Class_6\",IF($W187=\"\",\"\"))))","v":""},null,null,0,{"$f":"IF($T187=\"Yes\",IF(COUNTA($U187:$AA187)=7,\"Complete\",\"Incomplete\"),\"N/A\")","v":"N/A"},{"$f":"IF($D187=\"2-for-1 Replace\",IF(OR(COUNTA(A187:AA187)=27,COUNTA(A187:AA187)=29),\"Complete\",\"Incomplete\"),IF(OR($D187=\"Replacement\",$D187=\"Repower\"),IF(COUNTA(A187:Q187)=17,\"Complete\",\"Incomplete\"),\"Incomplete\"))","v":"Incomplete"},null,{"$f":"IF(OR($H187=\"Class_8\",$X187=\"Class_8\"),\"Class_8\",IF(OR($H187=\"Class_7\",$X187=\"Class_7\"),\"Class_7\",IF(OR($H187=\"Class_6\",$X187=\"Class_6\"),\"Class_6\")))","v":false},false,{"$f":"IF($D187=\"Repower\",IF($H187=\"Class_7\",IF($M187=\"New: 2013+ HHD\",\"CL7HHD\",\"gas\")))","v":false},false,null,{"$f":"IF($D187=\"2-for-1 Replace\",\"Norestr\",IF($AK187=\"Repower_8\",\"Repo8\",IF($AK187=\"Repower_7\",\"Repo7\",IF($AK187=\"Repower_6\",\"Repo6\",IF(OR($H187=\"Class_8\",$L187=\"Class_8\"),\"Replacement8HHD\",IF($D187=\"Replacement\",IF($H187=\"Class_6\",\"Replacement6\",IF($H187=\"Class_7\",IF($I187=\"MHD\",\"Replacement7MHD\",\"Replacement7HHD\"),IF($H187=\"Class_8\",IF($I187=\"HHD\",\"Replacement8HHD\",\"Replacement8MHD\")))),))))))","v":0},{"$f":"IF($D187=\"Replacement\",IF($H187=\"Class_6\",\"Replacement_6\",IF($H187=\"Class_7\",\"Replacement_7\",IF($H187=\"Class_8\",\"Replacement_8\",null))),IF($D187=\"Repower\",IF($H187=\"Class_6\",\"Repower_6\",IF($H187=\"Class_7\",\"Repower_7\",IF($H187=\"Class_8\",\"Repower_8\",null))),IF($D187=\"2-for-1 Replace\",IF($L187=\"Class_6\",\"Replacement_6\",IF($L187=\"Class_7\",\"Replacement_7\",IF($L187=\"Class_8\",\"Replacement_8\",null))))))","v":false},{"$f":"IF($D187=\"Replacement\",IF(AND($H187=\"Class_6\",$B187 <> \"4+ Trucks\"),\"Small_Fleet_Replacement_6\",IF(AND($H187=\"Class_7\",$B187 <> \"4+ Trucks\"),\"Small_Fleet_Replacement_7\",IF(AND($H187=\"Class_8\",$B187 <> \"4+ Trucks\"),\"Small_Fleet_Replacement_8\",null))),IF($D187=\"Repower\",IF($H187=\"Class_6\",\"Repower_6\",IF($H187=\"Class_7\",\"Repower_7\",IF($H187=\"Class_8\",\"Repower_8\",null))),IF($D187=\"2-for-1 Replace\",IF($L187=\"Class_6\",\"Replacement_6\",IF($L187=\"Class_7\",\"Small_Fleet_Replacement_7\",IF($L187=\"Class_8\",\"Small_Fleet_Replacement_8\",null))))))","v":false},null,null,null,null,{"$f":"IF(AND($B187<>\"4+ Trucks\",$D187=\"Replacement\",$P187=\"Diesel\",OR($L187=\"Class_7\",$H187=\"CLass_7\"),$M187=\"New: 2015+\"),\"small fleet new class 7 diesel\",IF(AND($B187<>\"4+ Trucks\",$D187=\"Replacement\",OR($P187=\"Diesel\",$P187=\"LNG/CNG\",$P187=\"Hybrid\"),OR($H187=\"Class_7\",$L187=\"Class_7\"),$M187=\"Used: 2011+\"),\"small fleet used class 7 diesel\",IF(AND($B187<>\"4+ Trucks\",$D187=\"Replacement\",$P187=\"Diesel\",$L187=\"Class_8\",$M187=\"New: 2015+\"),\"small fleet new class 8 diesel\",IF(AND($B187<>\"4+ Trucks\",$D187=\"Replacement\",$P187=\"Diesel\",$L187=\"Class_6\"),\"small fleet class 6 diesel\",IF(AND($B187<>\"4+ Trucks\",$D187=\"Replacement\",OR($P187=\"Diesel\",$P187=\"LNG/CNG\",$P187=\"Hybrid\"),$L187=\"Class_8\",$M187=\"Used: 2011+\"),\"small fleet used class 8 diesel\",IF(AND($B187<>\"4+ Trucks\",$D187=\"Repower\",$P187=\"Diesel\",(OR($L187=\"Class_8\",$L187=\"Class_7\"))),\"small fleet repower class 7/8\",IF(AND($B187<>\"4+ Trucks\",$D187=\"Repower\",$P187=\"Diesel\",$L187=\"Class_6\"),\"small fleet repower class 6\",IF(AND($D187=\"Replacement\",$P187=\"Zero Emission\",(OR($L187=\"Class_8\",$L187=\"Class_7\"))),\"zero emission class 7/8\",IF(AND($D187=\"Replacement\",$P187=\"Hybrid Zero-Mile\",(OR($L187=\"Class_8\",$L187=\"Class_7\"))),\"hybrid zero mile class 7/8\",IF(AND($D187=\"Replacement\",$P187=\"Low NOx\",(OR($L187=\"Class_8\",$L187=\"Class_7\"))),\"low nox class 7/8\",IF(AND($D187=\"Replacement\",$P187=\"Hybrid\",(OR($L187=\"Class_8\",$L187=\"Class_7\"))),\"hybrid class 7/8\",IF(AND($D187=\"Replacement\",$P187=\"LNG/CNG\",(OR($L187=\"Class_8\",$L187=\"Class_7\"))),\"lng/cng class 7/8\",IF(AND($D187=\"Replacement\",$P187=\"Zero Emission\",$L187=\"Class_6\"),\"zero emission class 6\",IF(AND($D187=\"Replacement\",$P187=\"Hybrid Zero-Mile\",$L187=\"Class_6\"),\"hybrid zero mile class 6\",IF(AND($D187=\"Replacement\",$P187=\"Low NOx\",$L187=\"Class_6\"),\"low nox class 6\",IF(AND($D187=\"Replacement\",$P187=\"Hybrid\",$L187=\"Class_6\"),\"hybrid class 6\",IF(AND($D187=\"Replacement\",$P187=\"LNG/CNG\",$L187=\"Class_6\"),\"lng/cng class 6\",(IF(AND($P187=\"Diesel\", OR($L187=\"Class_6\", $AE187=\"Class_6\")),\"small fleet class 6 diesel\",IF(AND($P187=\"Diesel\",$M187=\"New: 2015+\", OR($L187=\"Class_7\", $AE187=\"Class_7\")),\"small fleet new class 7 diesel\",IF(AND($P187=\"Diesel\",$M187=\"Used: 2011+\", OR($L187=\"Class_7\", $AE187=\"Class_7\")),\"small fleet used class 7 diesel\",IF(AND($P187=\"Diesel\",$M187=\"New: 2015+\", OR($L187=\"Class_8\", $AE187=\"Class_8\")),\"small fleet new class 8 diesel\",IF(AND($P187=\"Diesel\",$M187=\"Used: 2011+\", OR($L187=\"Class_8\", $AE187=\"Class_8\")),\"small fleet used class 8 diesel\",(IF(AND($P187=\"LNG/CNG\", OR($L187=\"Class_6\", $AE187=\"Class_6\")),\"lng/cng class 6\",(IF(AND($P187=\"Hybrid\", OR($L187=\"Class_6\", $AE187=\"Class_6\")),\"hybrid class 6\",(IF(AND($P187=\"Low NOx\", OR($L187=\"Class_6\", $AE187=\"Class_6\")),\"low nox class 6\",(IF(AND($P187=\"Hybrid Zero-Mile\", OR($L187=\"Class_6\", $AE187=\"Class_6\")),\"hybrid zero mile class 6\",(IF(AND($P187=\"Zero Emission\", OR($L187=\"Class_6\", $AE187=\"Class_6\")),\"zero emission class 6\",(IF(AND($P187=\"LNG/CNG\", OR($L187=\"Class_7\", $AE187=\"Class_7\")),\"lng/cng class 7/8\",(IF(AND($P187=\"Hybrid\", OR($L187=\"Class_7\", $AE187=\"Class_7\")),\"hybrid class 7/8\",(IF(AND($P187=\"Low NOx\", OR($L187=\"Class_7\", $AE187=\"Class_7\")),\"low nox class 7/8\",(IF(AND($P187=\"Hybrid Zero-Mile\", OR($L187=\"Class_7\", $AE187=\"Class_7\")),\"hybrid zero mile class 7/8\",(IF(AND($P187=\"Zero Emission\", OR($L187=\"Class_7\", $AE187=\"Class_7\")),\"zero emission class 7/8\",(IF(AND($P187=\"LNG/CNG\", OR($L187=\"Class_8\", $AE187=\"Class_8\")),\"lng/cng class 7/8\",(IF(AND($P187=\"Hybrid\", OR($L187=\"Class_8\", $AE187=\"Class_8\")),\"hybrid class 7/8\",(IF(AND($P187=\"Low NOx\", OR($L187=\"Class_8\", $AE187=\"Class_8\")),\"low nox class 7/8\",(IF(AND($P187=\"Hybrid Zero-Mile\", OR($L187=\"Class_8\", $AE187=\"Class_8\")),\"hybrid zero mile class 7/8\",(IF(AND($P187=\"Zero Emission\", OR($L187=\"Class_8\", $AE187=\"Class_8\")),\"zero emission class 7/8\")))))))))))))))))))))))))))))))))))))))))))))))))))))","v":false}]
["project 186",null,null,null,null,null,null,{"$f":"IF($G190=\"33,001 +\",\"Class_8\",IF($G190=\"26,001-33,000\",\"Class_7\",IF($G190=\"19,501-26,000\",\"Class_6\",\"\")))","v":""},null,null,null,null,null,null,{"$f":"IF(H190=\"Class_6\",IF(T190=\"No\",MIN(IF((J190*K190)<10000,0,J190*K190),IF((J190*N190)<10000,0,J190*N190)),IF(MIN(Y190*Z190,Y190*N190)+MIN(J190*K190,J190*N190)>9999,MIN(J190*K190,J190*N190),0)),IF(T190=\"No\",MIN(IF((J190*K190)<20000,0,J190*K190),IF((J190*N190)<20000,0,J190*N190)),IF(MIN(Y190*Z190,Y190*N190)+MIN(J190*K190,J190*N190)>19999,MIN(J190*K190,J190*N190),0)))","v":0},null,null,"","No","No",null,null,null,{"$f":"IF($W190=\"33,001 +\",\"Class_8\",IF($W190=\"26,001-33,000\",\"Class_7\",IF($W190=\"19,501-26,000\",\"Class_6\",IF($W190=\"\",\"\"))))","v":""},null,null,0,{"$f":"IF($T190=\"Yes\",IF(COUNTA($U190:$AA190)=7,\"Complete\",\"Incomplete\"),\"N/A\")","v":"N/A"},{"$f":"IF($D190=\"2-for-1 Replace\",IF(OR(COUNTA(A190:AA190)=27,COUNTA(A190:AA190)=29),\"Complete\",\"Incomplete\"),IF(OR($D190=\"Replacement\",$D190=\"Repower\"),IF(COUNTA(A190:Q190)=17,\"Complete\",\"Incomplete\"),\"Incomplete\"))","v":"Incomplete"},null,{"$f":"IF(OR($H190=\"Class_8\",$X190=\"Class_8\"),\"Class_8\",IF(OR($H190=\"Class_7\",$X190=\"Class_7\"),\"Class_7\",IF(OR($H190=\"Class_6\",$X190=\"Class_6\"),\"Class_6\")))","v":false},false,{"$f":"IF($D190=\"Repower\",IF($H190=\"Class_7\",IF($M190=\"New: 2013+ HHD\",\"CL7HHD\",\"gas\")))","v":false},false,null,{"$f":"IF($D190=\"2-for-1 Replace\",\"Norestr\",IF($AK190=\"Repower_8\",\"Repo8\",IF($AK190=\"Repower_7\",\"Repo7\",IF($AK190=\"Repower_6\",\"Repo6\",IF(OR($H190=\"Class_8\",$L190=\"Class_8\"),\"Replacement8HHD\",IF($D190=\"Replacement\",IF($H190=\"Class_6\",\"Replacement6\",IF($H190=\"Class_7\",IF($I190=\"MHD\",\"Replacement7MHD\",\"Replacement7HHD\"),IF($H190=\"Class_8\",IF($I190=\"HHD\",\"Replacement8HHD\",\"Replacement8MHD\")))),))))))","v":0},{"$f":"IF($D190=\"Replacement\",IF($H190=\"Class_6\",\"Replacement_6\",IF($H190=\"Class_7\",\"Replacement_7\",IF($H190=\"Class_8\",\"Replacement_8\",null))),IF($D190=\"Repower\",IF($H190=\"Class_6\",\"Repower_6\",IF($H190=\"Class_7\",\"Repower_7\",IF($H190=\"Class_8\",\"Repower_8\",null))),IF($D190=\"2-for-1 Replace\",IF($L190=\"Class_6\",\"Replacement_6\",IF($L190=\"Class_7\",\"Replacement_7\",IF($L190=\"Class_8\",\"Replacement_8\",null))))))","v":false},{"$f":"IF($D190=\"Replacement\",IF(AND($H190=\"Class_6\",$B190 <> \"4+ Trucks\"),\"Small_Fleet_Replacement_6\",IF(AND($H190=\"Class_7\",$B190 <> \"4+ Trucks\"),\"Small_Fleet_Replacement_7\",IF(AND($H190=\"Class_8\",$B190 <> \"4+ Trucks\"),\"Small_Fleet_Replacement_8\",null))),IF($D190=\"Repower\",IF($H190=\"Class_6\",\"Repower_6\",IF($H190=\"Class_7\",\"Repower_7\",IF($H190=\"Class_8\",\"Repower_8\",null))),IF($D190=\"2-for-1 Replace\",IF($L190=\"Class_6\",\"Replacement_6\",IF($L190=\"Class_7\",\"Small_Fleet_Replacement_7\",IF($L190=\"Class_8\",\"Small_Fleet_Replacement_8\",null))))))","v":false},null,null,null,null,{"$f":"IF(AND($B190<>\"4+ Trucks\",$D190=\"Replacement\",$P190=\"Diesel\",OR($L190=\"Class_7\",$H190=\"CLass_7\"),$M190=\"New: 2015+\"),\"small fleet new class 7 diesel\",IF(AND($B190<>\"4+ Trucks\",$D190=\"Replacement\",OR($P190=\"Diesel\",$P190=\"LNG/CNG\",$P190=\"Hybrid\"),OR($H190=\"Class_7\",$L190=\"Class_7\"),$M190=\"Used: 2011+\"),\"small fleet used class 7 diesel\",IF(AND($B190<>\"4+ Trucks\",$D190=\"Replacement\",$P190=\"Diesel\",$L190=\"Class_8\",$M190=\"New: 2015+\"),\"small fleet new class 8 diesel\",IF(AND($B190<>\"4+ Trucks\",$D190=\"Replacement\",$P190=\"Diesel\",$L190=\"Class_6\"),\"small fleet class 6 diesel\",IF(AND($B190<>\"4+ Trucks\",$D190=\"Replacement\",OR($P190=\"Diesel\",$P190=\"LNG/CNG\",$P190=\"Hybrid\"),$L190=\"Class_8\",$M190=\"Used: 2011+\"),\"small fleet used class 8 diesel\",IF(AND($B190<>\"4+ Trucks\",$D190=\"Repower\",$P190=\"Diesel\",(OR($L190=\"Class_8\",$L190=\"Class_7\"))),\"small fleet repower class 7/8\",IF(AND($B190<>\"4+ Trucks\",$D190=\"Repower\",$P190=\"Diesel\",$L190=\"Class_6\"),\"small fleet repower class 6\",IF(AND($D190=\"Replacement\",$P190=\"Zero Emission\",(OR($L190=\"Class_8\",$L190=\"Class_7\"))),\"zero emission class 7/8\",IF(AND($D190=\"Replacement\",$P190=\"Hybrid Zero-Mile\",(OR($L190=\"Class_8\",$L190=\"Class_7\"))),\"hybrid zero mile class 7/8\",IF(AND($D190=\"Replacement\",$P190=\"Low NOx\",(OR($L190=\"Class_8\",$L190=\"Class_7\"))),\"low nox class 7/8\",IF(AND($D190=\"Replacement\",$P190=\"Hybrid\",(OR($L190=\"Class_8\",$L190=\"Class_7\"))),\"hybrid class 7/8\",IF(AND($D190=\"Replacement\",$P190=\"LNG/CNG\",(OR($L190=\"Class_8\",$L190=\"Class_7\"))),\"lng/cng class 7/8\",IF(AND($D190=\"Replacement\",$P190=\"Zero Emission\",$L190=\"Class_6\"),\"zero emission class 6\",IF(AND($D190=\"Replacement\",$P190=\"Hybrid Zero-Mile\",$L190=\"Class_6\"),\"hybrid zero mile class 6\",IF(AND($D190=\"Replacement\",$P190=\"Low NOx\",$L190=\"Class_6\"),\"low nox class 6\",IF(AND($D190=\"Replacement\",$P190=\"Hybrid\",$L190=\"Class_6\"),\"hybrid class 6\",IF(AND($D190=\"Replacement\",$P190=\"LNG/CNG\",$L190=\"Class_6\"),\"lng/cng class 6\",(IF(AND($P190=\"Diesel\", OR($L190=\"Class_6\", $AE190=\"Class_6\")),\"small fleet class 6 diesel\",IF(AND($P190=\"Diesel\",$M190=\"New: 2015+\", OR($L190=\"Class_7\", $AE190=\"Class_7\")),\"small fleet new class 7 diesel\",IF(AND($P190=\"Diesel\",$M190=\"Used: 2011+\", OR($L190=\"Class_7\", $AE190=\"Class_7\")),\"small fleet used class 7 diesel\",IF(AND($P190=\"Diesel\",$M190=\"New: 2015+\", OR($L190=\"Class_8\", $AE190=\"Class_8\")),\"small fleet new class 8 diesel\",IF(AND($P190=\"Diesel\",$M190=\"Used: 2011+\", OR($L190=\"Class_8\", $AE190=\"Class_8\")),\"small fleet used class 8 diesel\",(IF(AND($P190=\"LNG/CNG\", OR($L190=\"Class_6\", $AE190=\"Class_6\")),\"lng/cng class 6\",(IF(AND($P190=\"Hybrid\", OR($L190=\"Class_6\", $AE190=\"Class_6\")),\"hybrid class 6\",(IF(AND($P190=\"Low NOx\", OR($L190=\"Class_6\", $AE190=\"Class_6\")),\"low nox class 6\",(IF(AND($P190=\"Hybrid Zero-Mile\", OR($L190=\"Class_6\", $AE190=\"Class_6\")),\"hybrid zero mile class 6\",(IF(AND($P190=\"Zero Emission\", OR($L190=\"Class_6\", $AE190=\"Class_6\")),\"zero emission class 6\",(IF(AND($P190=\"LNG/CNG\", OR($L190=\"Class_7\", $AE190=\"Class_7\")),\"lng/cng class 7/8\",(IF(AND($P190=\"Hybrid\", OR($L190=\"Class_7\", $AE190=\"Class_7\")),\"hybrid class 7/8\",(IF(AND($P190=\"Low NOx\", OR($L190=\"Class_7\", $AE190=\"Class_7\")),\"low nox class 7/8\",(IF(AND($P190=\"Hybrid Zero-Mile\", OR($L190=\"Class_7\", $AE190=\"Class_7\")),\"hybrid zero mile class 7/8\",(IF(AND($P190=\"Zero Emission\", OR($L190=\"Class_7\", $AE190=\"Class_7\")),\"zero emission class 7/8\",(IF(AND($P190=\"LNG/CNG\", OR($L190=\"Class_8\", $AE190=\"Class_8\")),\"lng/cng class 7/8\",(IF(AND($P190=\"Hybrid\", OR($L190=\"Class_8\", $AE190=\"Class_8\")),\"hybrid class 7/8\",(IF(AND($P190=\"Low NOx\", OR($L190=\"Class_8\", $AE190=\"Class_8\")),\"low nox class 7/8\",(IF(AND($P190=\"Hybrid Zero-Mile\", OR($L190=\"Class_8\", $AE190=\"Class_8\")),\"hybrid zero mile class 7/8\",(IF(AND($P190=\"Zero Emission\", OR($L190=\"Class_8\", $AE190=\"Class_8\")),\"zero emission class 7/8\")))))))))))))))))))))))))))))))))))))))))))))))))))))","v":false}]
["project 187",null,null,null,null,null,null,{"$f":"IF($G191=\"33,001 +\",\"Class_8\",IF($G191=\"26,001-33,000\",\"Class_7\",IF($G191=\"19,501-26,000\",\"Class_6\",\"\")))","v":""},null,null,null,null,null,null,{"$f":"IF(H191=\"Class_6\",IF(T191=\"No\",MIN(IF((J191*K191)<10000,0,J191*K191),IF((J191*N191)<10000,0,J191*N191)),IF(MIN(Y191*Z191,Y191*N191)+MIN(J191*K191,J191*N191)>9999,MIN(J191*K191,J191*N191),0)),IF(T191=\"No\",MIN(IF((J191*K191)<20000,0,J191*K191),IF((J191*N191)<20000,0,J191*N191)),IF(MIN(Y191*Z191,Y191*N191)+MIN(J191*K191,J191*N191)>19999,MIN(J191*K191,J191*N191),0)))","v":0},null,null,"","No","No",null,null,null,{"$f":"IF($W191=\"33,001 +\",\"Class_8\",IF($W191=\"26,001-33,000\",\"Class_7\",IF($W191=\"19,501-26,000\",\"Class_6\",IF($W191=\"\",\"\"))))","v":""},null,null,0,{"$f":"IF($T191=\"Yes\",IF(COUNTA($U191:$AA191)=7,\"Complete\",\"Incomplete\"),\"N/A\")","v":"N/A"},{"$f":"IF($D191=\"2-for-1 Replace\",IF(OR(COUNTA(A191:AA191)=27,COUNTA(A191:AA191)=29),\"Complete\",\"Incomplete\"),IF(OR($D191=\"Replacement\",$D191=\"Repower\"),IF(COUNTA(A191:Q191)=17,\"Complete\",\"Incomplete\"),\"Incomplete\"))","v":"Incomplete"},null,{"$f":"IF(OR($H191=\"Class_8\",$X191=\"Class_8\"),\"Class_8\",IF(OR($H191=\"Class_7\",$X191=\"Class_7\"),\"Class_7\",IF(OR($H191=\"Class_6\",$X191=\"Class_6\"),\"Class_6\")))","v":false},false,{"$f":"IF($D191=\"Repower\",IF($H191=\"Class_7\",IF($M191=\"New: 2013+ HHD\",\"CL7HHD\",\"gas\")))","v":false},false,null,{"$f":"IF($D191=\"2-for-1 Replace\",\"Norestr\",IF($AK191=\"Repower_8\",\"Repo8\",IF($AK191=\"Repower_7\",\"Repo7\",IF($AK191=\"Repower_6\",\"Repo6\",IF(OR($H191=\"Class_8\",$L191=\"Class_8\"),\"Replacement8HHD\",IF($D191=\"Replacement\",IF($H191=\"Class_6\",\"Replacement6\",IF($H191=\"Class_7\",IF($I191=\"MHD\",\"Replacement7MHD\",\"Replacement7HHD\"),IF($H191=\"Class_8\",IF($I191=\"HHD\",\"Replacement8HHD\",\"Replacement8MHD\")))),))))))","v":0},{"$f":"IF($D191=\"Replacement\",IF($H191=\"Class_6\",\"Replacement_6\",IF($H191=\"Class_7\",\"Replacement_7\",IF($H191=\"Class_8\",\"Replacement_8\",null))),IF($D191=\"Repower\",IF($H191=\"Class_6\",\"Repower_6\",IF($H191=\"Class_7\",\"Repower_7\",IF($H191=\"Class_8\",\"Repower_8\",null))),IF($D191=\"2-for-1 Replace\",IF($L191=\"Class_6\",\"Replacement_6\",IF($L191=\"Class_7\",\"Replacement_7\",IF($L191=\"Class_8\",\"Replacement_8\",null))))))","v":false},{"$f":"IF($D191=\"Replacement\",IF(AND($H191=\"Class_6\",$B191 <> \"4+ Trucks\"),\"Small_Fleet_Replacement_6\",IF(AND($H191=\"Class_7\",$B191 <> \"4+ Trucks\"),\"Small_Fleet_Replacement_7\",IF(AND($H191=\"Class_8\",$B191 <> \"4+ Trucks\"),\"Small_Fleet_Replacement_8\",null))),IF($D191=\"Repower\",IF($H191=\"Class_6\",\"Repower_6\",IF($H191=\"Class_7\",\"Repower_7\",IF($H191=\"Class_8\",\"Repower_8\",null))),IF($D191=\"2-for-1 Replace\",IF($L191=\"Class_6\",\"Replacement_6\",IF($L191=\"Class_7\",\"Small_Fleet_Replacement_7\",IF($L191=\"Class_8\",\"Small_Fleet_Replacement_8\",null))))))","v":false},null,null,null,null,{"$f":"IF(AND($B191<>\"4+ Trucks\",$D191=\"Replacement\",$P191=\"Diesel\",OR($L191=\"Class_7\",$H191=\"CLass_7\"),$M191=\"New: 2015+\"),\"small fleet new class 7 diesel\",IF(AND($B191<>\"4+ Trucks\",$D191=\"Replacement\",OR($P191=\"Diesel\",$P191=\"LNG/CNG\",$P191=\"Hybrid\"),OR($H191=\"Class_7\",$L191=\"Class_7\"),$M191=\"Used: 2011+\"),\"small fleet used class 7 diesel\",IF(AND($B191<>\"4+ Trucks\",$D191=\"Replacement\",$P191=\"Diesel\",$L191=\"Class_8\",$M191=\"New: 2015+\"),\"small fleet new class 8 diesel\",IF(AND($B191<>\"4+ Trucks\",$D191=\"Replacement\",$P191=\"Diesel\",$L191=\"Class_6\"),\"small fleet class 6 diesel\",IF(AND($B191<>\"4+ Trucks\",$D191=\"Replacement\",OR($P191=\"Diesel\",$P191=\"LNG/CNG\",$P191=\"Hybrid\"),$L191=\"Class_8\",$M191=\"Used: 2011+\"),\"small fleet used class 8 diesel\",IF(AND($B191<>\"4+ Trucks\",$D191=\"Repower\",$P191=\"Diesel\",(OR($L191=\"Class_8\",$L191=\"Class_7\"))),\"small fleet repower class 7/8\",IF(AND($B191<>\"4+ Trucks\",$D191=\"Repower\",$P191=\"Diesel\",$L191=\"Class_6\"),\"small fleet repower class 6\",IF(AND($D191=\"Replacement\",$P191=\"Zero Emission\",(OR($L191=\"Class_8\",$L191=\"Class_7\"))),\"zero emission class 7/8\",IF(AND($D191=\"Replacement\",$P191=\"Hybrid Zero-Mile\",(OR($L191=\"Class_8\",$L191=\"Class_7\"))),\"hybrid zero mile class 7/8\",IF(AND($D191=\"Replacement\",$P191=\"Low NOx\",(OR($L191=\"Class_8\",$L191=\"Class_7\"))),\"low nox class 7/8\",IF(AND($D191=\"Replacement\",$P191=\"Hybrid\",(OR($L191=\"Class_8\",$L191=\"Class_7\"))),\"hybrid class 7/8\",IF(AND($D191=\"Replacement\",$P191=\"LNG/CNG\",(OR($L191=\"Class_8\",$L191=\"Class_7\"))),\"lng/cng class 7/8\",IF(AND($D191=\"Replacement\",$P191=\"Zero Emission\",$L191=\"Class_6\"),\"zero emission class 6\",IF(AND($D191=\"Replacement\",$P191=\"Hybrid Zero-Mile\",$L191=\"Class_6\"),\"hybrid zero mile class 6\",IF(AND($D191=\"Replacement\",$P191=\"Low NOx\",$L191=\"Class_6\"),\"low nox class 6\",IF(AND($D191=\"Replacement\",$P191=\"Hybrid\",$L191=\"Class_6\"),\"hybrid class 6\",IF(AND($D191=\"Replacement\",$P191=\"LNG/CNG\",$L191=\"Class_6\"),\"lng/cng class 6\",(IF(AND($P191=\"Diesel\", OR($L191=\"Class_6\", $AE191=\"Class_6\")),\"small fleet class 6 diesel\",IF(AND($P191=\"Diesel\",$M191=\"New: 2015+\", OR($L191=\"Class_7\", $AE191=\"Class_7\")),\"small fleet new class 7 diesel\",IF(AND($P191=\"Diesel\",$M191=\"Used: 2011+\", OR($L191=\"Class_7\", $AE191=\"Class_7\")),\"small fleet used class 7 diesel\",IF(AND($P191=\"Diesel\",$M191=\"New: 2015+\", OR($L191=\"Class_8\", $AE191=\"Class_8\")),\"small fleet new class 8 diesel\",IF(AND($P191=\"Diesel\",$M191=\"Used: 2011+\", OR($L191=\"Class_8\", $AE191=\"Class_8\")),\"small fleet used class 8 diesel\",(IF(AND($P191=\"LNG/CNG\", OR($L191=\"Class_6\", $AE191=\"Class_6\")),\"lng/cng class 6\",(IF(AND($P191=\"Hybrid\", OR($L191=\"Class_6\", $AE191=\"Class_6\")),\"hybrid class 6\",(IF(AND($P191=\"Low NOx\", OR($L191=\"Class_6\", $AE191=\"Class_6\")),\"low nox class 6\",(IF(AND($P191=\"Hybrid Zero-Mile\", OR($L191=\"Class_6\", $AE191=\"Class_6\")),\"hybrid zero mile class 6\",(IF(AND($P191=\"Zero Emission\", OR($L191=\"Class_6\", $AE191=\"Class_6\")),\"zero emission class 6\",(IF(AND($P191=\"LNG/CNG\", OR($L191=\"Class_7\", $AE191=\"Class_7\")),\"lng/cng class 7/8\",(IF(AND($P191=\"Hybrid\", OR($L191=\"Class_7\", $AE191=\"Class_7\")),\"hybrid class 7/8\",(IF(AND($P191=\"Low NOx\", OR($L191=\"Class_7\", $AE191=\"Class_7\")),\"low nox class 7/8\",(IF(AND($P191=\"Hybrid Zero-Mile\", OR($L191=\"Class_7\", $AE191=\"Class_7\")),\"hybrid zero mile class 7/8\",(IF(AND($P191=\"Zero Emission\", OR($L191=\"Class_7\", $AE191=\"Class_7\")),\"zero emission class 7/8\",(IF(AND($P191=\"LNG/CNG\", OR($L191=\"Class_8\", $AE191=\"Class_8\")),\"lng/cng class 7/8\",(IF(AND($P191=\"Hybrid\", OR($L191=\"Class_8\", $AE191=\"Class_8\")),\"hybrid class 7/8\",(IF(AND($P191=\"Low NOx\", OR($L191=\"Class_8\", $AE191=\"Class_8\")),\"low nox class 7/8\",(IF(AND($P191=\"Hybrid Zero-Mile\", OR($L191=\"Class_8\", $AE191=\"Class_8\")),\"hybrid zero mile class 7/8\",(IF(AND($P191=\"Zero Emission\", OR($L191=\"Class_8\", $AE191=\"Class_8\")),\"zero emission class 7/8\")))))))))))))))))))))))))))))))))))))))))))))))))))))","v":false}]
["project 188",null,null,null,null,null,null,{"$f":"IF($G192=\"33,001 +\",\"Class_8\",IF($G192=\"26,001-33,000\",\"Class_7\",IF($G192=\"19,501-26,000\",\"Class_6\",\"\")))","v":""},null,null,null,null,null,null,{"$f":"IF(H192=\"Class_6\",IF(T192=\"No\",MIN(IF((J192*K192)<10000,0,J192*K192),IF((J192*N192)<10000,0,J192*N192)),IF(MIN(Y192*Z192,Y192*N192)+MIN(J192*K192,J192*N192)>9999,MIN(J192*K192,J192*N192),0)),IF(T192=\"No\",MIN(IF((J192*K192)<20000,0,J192*K192),IF((J192*N192)<20000,0,J192*N192)),IF(MIN(Y192*Z192,Y192*N192)+MIN(J192*K192,J192*N192)>19999,MIN(J192*K192,J192*N192),0)))","v":0},null,null,"","No","No",null,null,null,{"$f":"IF($W192=\"33,001 +\",\"Class_8\",IF($W192=\"26,001-33,000\",\"Class_7\",IF($W192=\"19,501-26,000\",\"Class_6\",IF($W192=\"\",\"\"))))","v":""},null,null,0,{"$f":"IF($T192=\"Yes\",IF(COUNTA($U192:$AA192)=7,\"Complete\",\"Incomplete\"),\"N/A\")","v":"N/A"},{"$f":"IF($D192=\"2-for-1 Replace\",IF(OR(COUNTA(A192:AA192)=27,COUNTA(A192:AA192)=29),\"Complete\",\"Incomplete\"),IF(OR($D192=\"Replacement\",$D192=\"Repower\"),IF(COUNTA(A192:Q192)=17,\"Complete\",\"Incomplete\"),\"Incomplete\"))","v":"Incomplete"},null,{"$f":"IF(OR($H192=\"Class_8\",$X192=\"Class_8\"),\"Class_8\",IF(OR($H192=\"Class_7\",$X192=\"Class_7\"),\"Class_7\",IF(OR($H192=\"Class_6\",$X192=\"Class_6\"),\"Class_6\")))","v":false},false,{"$f":"IF($D192=\"Repower\",IF($H192=\"Class_7\",IF($M192=\"New: 2013+ HHD\",\"CL7HHD\",\"gas\")))","v":false},false,null,{"$f":"IF($D192=\"2-for-1 Replace\",\"Norestr\",IF($AK192=\"Repower_8\",\"Repo8\",IF($AK192=\"Repower_7\",\"Repo7\",IF($AK192=\"Repower_6\",\"Repo6\",IF(OR($H192=\"Class_8\",$L192=\"Class_8\"),\"Replacement8HHD\",IF($D192=\"Replacement\",IF($H192=\"Class_6\",\"Replacement6\",IF($H192=\"Class_7\",IF($I192=\"MHD\",\"Replacement7MHD\",\"Replacement7HHD\"),IF($H192=\"Class_8\",IF($I192=\"HHD\",\"Replacement8HHD\",\"Replacement8MHD\")))),))))))","v":0},{"$f":"IF($D192=\"Replacement\",IF($H192=\"Class_6\",\"Replacement_6\",IF($H192=\"Class_7\",\"Replacement_7\",IF($H192=\"Class_8\",\"Replacement_8\",null))),IF($D192=\"Repower\",IF($H192=\"Class_6\",\"Repower_6\",IF($H192=\"Class_7\",\"Repower_7\",IF($H192=\"Class_8\",\"Repower_8\",null))),IF($D192=\"2-for-1 Replace\",IF($L192=\"Class_6\",\"Replacement_6\",IF($L192=\"Class_7\",\"Replacement_7\",IF($L192=\"Class_8\",\"Replacement_8\",null))))))","v":false},{"$f":"IF($D192=\"Replacement\",IF(AND($H192=\"Class_6\",$B192 <> \"4+ Trucks\"),\"Small_Fleet_Replacement_6\",IF(AND($H192=\"Class_7\",$B192 <> \"4+ Trucks\"),\"Small_Fleet_Replacement_7\",IF(AND($H192=\"Class_8\",$B192 <> \"4+ Trucks\"),\"Small_Fleet_Replacement_8\",null))),IF($D192=\"Repower\",IF($H192=\"Class_6\",\"Repower_6\",IF($H192=\"Class_7\",\"Repower_7\",IF($H192=\"Class_8\",\"Repower_8\",null))),IF($D192=\"2-for-1 Replace\",IF($L192=\"Class_6\",\"Replacement_6\",IF($L192=\"Class_7\",\"Small_Fleet_Replacement_7\",IF($L192=\"Class_8\",\"Small_Fleet_Replacement_8\",null))))))","v":false},null,null,null,null,{"$f":"IF(AND($B192<>\"4+ Trucks\",$D192=\"Replacement\",$P192=\"Diesel\",OR($L192=\"Class_7\",$H192=\"CLass_7\"),$M192=\"New: 2015+\"),\"small fleet new class 7 diesel\",IF(AND($B192<>\"4+ Trucks\",$D192=\"Replacement\",OR($P192=\"Diesel\",$P192=\"LNG/CNG\",$P192=\"Hybrid\"),OR($H192=\"Class_7\",$L192=\"Class_7\"),$M192=\"Used: 2011+\"),\"small fleet used class 7 diesel\",IF(AND($B192<>\"4+ Trucks\",$D192=\"Replacement\",$P192=\"Diesel\",$L192=\"Class_8\",$M192=\"New: 2015+\"),\"small fleet new class 8 diesel\",IF(AND($B192<>\"4+ Trucks\",$D192=\"Replacement\",$P192=\"Diesel\",$L192=\"Class_6\"),\"small fleet class 6 diesel\",IF(AND($B192<>\"4+ Trucks\",$D192=\"Replacement\",OR($P192=\"Diesel\",$P192=\"LNG/CNG\",$P192=\"Hybrid\"),$L192=\"Class_8\",$M192=\"Used: 2011+\"),\"small fleet used class 8 diesel\",IF(AND($B192<>\"4+ Trucks\",$D192=\"Repower\",$P192=\"Diesel\",(OR($L192=\"Class_8\",$L192=\"Class_7\"))),\"small fleet repower class 7/8\",IF(AND($B192<>\"4+ Trucks\",$D192=\"Repower\",$P192=\"Diesel\",$L192=\"Class_6\"),\"small fleet repower class 6\",IF(AND($D192=\"Replacement\",$P192=\"Zero Emission\",(OR($L192=\"Class_8\",$L192=\"Class_7\"))),\"zero emission class 7/8\",IF(AND($D192=\"Replacement\",$P192=\"Hybrid Zero-Mile\",(OR($L192=\"Class_8\",$L192=\"Class_7\"))),\"hybrid zero mile class 7/8\",IF(AND($D192=\"Replacement\",$P192=\"Low NOx\",(OR($L192=\"Class_8\",$L192=\"Class_7\"))),\"low nox class 7/8\",IF(AND($D192=\"Replacement\",$P192=\"Hybrid\",(OR($L192=\"Class_8\",$L192=\"Class_7\"))),\"hybrid class 7/8\",IF(AND($D192=\"Replacement\",$P192=\"LNG/CNG\",(OR($L192=\"Class_8\",$L192=\"Class_7\"))),\"lng/cng class 7/8\",IF(AND($D192=\"Replacement\",$P192=\"Zero Emission\",$L192=\"Class_6\"),\"zero emission class 6\",IF(AND($D192=\"Replacement\",$P192=\"Hybrid Zero-Mile\",$L192=\"Class_6\"),\"hybrid zero mile class 6\",IF(AND($D192=\"Replacement\",$P192=\"Low NOx\",$L192=\"Class_6\"),\"low nox class 6\",IF(AND($D192=\"Replacement\",$P192=\"Hybrid\",$L192=\"Class_6\"),\"hybrid class 6\",IF(AND($D192=\"Replacement\",$P192=\"LNG/CNG\",$L192=\"Class_6\"),\"lng/cng class 6\",(IF(AND($P192=\"Diesel\", OR($L192=\"Class_6\", $AE192=\"Class_6\")),\"small fleet class 6 diesel\",IF(AND($P192=\"Diesel\",$M192=\"New: 2015+\", OR($L192=\"Class_7\", $AE192=\"Class_7\")),\"small fleet new class 7 diesel\",IF(AND($P192=\"Diesel\",$M192=\"Used: 2011+\", OR($L192=\"Class_7\", $AE192=\"Class_7\")),\"small fleet used class 7 diesel\",IF(AND($P192=\"Diesel\",$M192=\"New: 2015+\", OR($L192=\"Class_8\", $AE192=\"Class_8\")),\"small fleet new class 8 diesel\",IF(AND($P192=\"Diesel\",$M192=\"Used: 2011+\", OR($L192=\"Class_8\", $AE192=\"Class_8\")),\"small fleet used class 8 diesel\",(IF(AND($P192=\"LNG/CNG\", OR($L192=\"Class_6\", $AE192=\"Class_6\")),\"lng/cng class 6\",(IF(AND($P192=\"Hybrid\", OR($L192=\"Class_6\", $AE192=\"Class_6\")),\"hybrid class 6\",(IF(AND($P192=\"Low NOx\", OR($L192=\"Class_6\", $AE192=\"Class_6\")),\"low nox class 6\",(IF(AND($P192=\"Hybrid Zero-Mile\", OR($L192=\"Class_6\", $AE192=\"Class_6\")),\"hybrid zero mile class 6\",(IF(AND($P192=\"Zero Emission\", OR($L192=\"Class_6\", $AE192=\"Class_6\")),\"zero emission class 6\",(IF(AND($P192=\"LNG/CNG\", OR($L192=\"Class_7\", $AE192=\"Class_7\")),\"lng/cng class 7/8\",(IF(AND($P192=\"Hybrid\", OR($L192=\"Class_7\", $AE192=\"Class_7\")),\"hybrid class 7/8\",(IF(AND($P192=\"Low NOx\", OR($L192=\"Class_7\", $AE192=\"Class_7\")),\"low nox class 7/8\",(IF(AND($P192=\"Hybrid Zero-Mile\", OR($L192=\"Class_7\", $AE192=\"Class_7\")),\"hybrid zero mile class 7/8\",(IF(AND($P192=\"Zero Emission\", OR($L192=\"Class_7\", $AE192=\"Class_7\")),\"zero emission class 7/8\",(IF(AND($P192=\"LNG/CNG\", OR($L192=\"Class_8\", $AE192=\"Class_8\")),\"lng/cng class 7/8\",(IF(AND($P192=\"Hybrid\", OR($L192=\"Class_8\", $AE192=\"Class_8\")),\"hybrid class 7/8\",(IF(AND($P192=\"Low NOx\", OR($L192=\"Class_8\", $AE192=\"Class_8\")),\"low nox class 7/8\",(IF(AND($P192=\"Hybrid Zero-Mile\", OR($L192=\"Class_8\", $AE192=\"Class_8\")),\"hybrid zero mile class 7/8\",(IF(AND($P192=\"Zero Emission\", OR($L192=\"Class_8\", $AE192=\"Class_8\")),\"zero emission class 7/8\")))))))))))))))))))))))))))))))))))))))))))))))))))))","v":false}]
["project 189",null,null,null,null,null,null,{"$f":"IF($G193=\"33,001 +\",\"Class_8\",IF($G193=\"26,001-33,000\",\"Class_7\",IF($G193=\"19,501-26,000\",\"Class_6\",\"\")))","v":""},null,null,null,null,null,null,{"$f":"IF(H193=\"Class_6\",IF(T193=\"No\",MIN(IF((J193*K193)<10000,0,J193*K193),IF((J193*N193)<10000,0,J193*N193)),IF(MIN(Y193*Z193,Y193*N193)+MIN(J193*K193,J193*N193)>9999,MIN(J193*K193,J193*N193),0)),IF(T193=\"No\",MIN(IF((J193*K193)<20000,0,J193*K193),IF((J193*N193)<20000,0,J193*N193)),IF(MIN(Y193*Z193,Y193*N193)+MIN(J193*K193,J193*N193)>19999,MIN(J193*K193,J193*N193),0)))","v":0},null,null,"","No","No",null,null,null,{"$f":"IF($W193=\"33,001 +\",\"Class_8\",IF($W193=\"26,001-33,000\",\"Class_7\",IF($W193=\"19,501-26,000\",\"Class_6\",IF($W193=\"\",\"\"))))","v":""},null,null,0,{"$f":"IF($T193=\"Yes\",IF(COUNTA($U193:$AA193)=7,\"Complete\",\"Incomplete\"),\"N/A\")","v":"N/A"},{"$f":"IF($D193=\"2-for-1 Replace\",IF(OR(COUNTA(A193:AA193)=27,COUNTA(A193:AA193)=29),\"Complete\",\"Incomplete\"),IF(OR($D193=\"Replacement\",$D193=\"Repower\"),IF(COUNTA(A193:Q193)=17,\"Complete\",\"Incomplete\"),\"Incomplete\"))","v":"Incomplete"},null,{"$f":"IF(OR($H193=\"Class_8\",$X193=\"Class_8\"),\"Class_8\",IF(OR($H193=\"Class_7\",$X193=\"Class_7\"),\"Class_7\",IF(OR($H193=\"Class_6\",$X193=\"Class_6\"),\"Class_6\")))","v":false},false,{"$f":"IF($D193=\"Repower\",IF($H193=\"Class_7\",IF($M193=\"New: 2013+ HHD\",\"CL7HHD\",\"gas\")))","v":false},false,null,{"$f":"IF($D193=\"2-for-1 Replace\",\"Norestr\",IF($AK193=\"Repower_8\",\"Repo8\",IF($AK193=\"Repower_7\",\"Repo7\",IF($AK193=\"Repower_6\",\"Repo6\",IF(OR($H193=\"Class_8\",$L193=\"Class_8\"),\"Replacement8HHD\",IF($D193=\"Replacement\",IF($H193=\"Class_6\",\"Replacement6\",IF($H193=\"Class_7\",IF($I193=\"MHD\",\"Replacement7MHD\",\"Replacement7HHD\"),IF($H193=\"Class_8\",IF($I193=\"HHD\",\"Replacement8HHD\",\"Replacement8MHD\")))),))))))","v":0},{"$f":"IF($D193=\"Replacement\",IF($H193=\"Class_6\",\"Replacement_6\",IF($H193=\"Class_7\",\"Replacement_7\",IF($H193=\"Class_8\",\"Replacement_8\",null))),IF($D193=\"Repower\",IF($H193=\"Class_6\",\"Repower_6\",IF($H193=\"Class_7\",\"Repower_7\",IF($H193=\"Class_8\",\"Repower_8\",null))),IF($D193=\"2-for-1 Replace\",IF($L193=\"Class_6\",\"Replacement_6\",IF($L193=\"Class_7\",\"Replacement_7\",IF($L193=\"Class_8\",\"Replacement_8\",null))))))","v":false},{"$f":"IF($D193=\"Replacement\",IF(AND($H193=\"Class_6\",$B193 <> \"4+ Trucks\"),\"Small_Fleet_Replacement_6\",IF(AND($H193=\"Class_7\",$B193 <> \"4+ Trucks\"),\"Small_Fleet_Replacement_7\",IF(AND($H193=\"Class_8\",$B193 <> \"4+ Trucks\"),\"Small_Fleet_Replacement_8\",null))),IF($D193=\"Repower\",IF($H193=\"Class_6\",\"Repower_6\",IF($H193=\"Class_7\",\"Repower_7\",IF($H193=\"Class_8\",\"Repower_8\",null))),IF($D193=\"2-for-1 Replace\",IF($L193=\"Class_6\",\"Replacement_6\",IF($L193=\"Class_7\",\"Small_Fleet_Replacement_7\",IF($L193=\"Class_8\",\"Small_Fleet_Replacement_8\",null))))))","v":false},null,null,null,null,{"$f":"IF(AND($B193<>\"4+ Trucks\",$D193=\"Replacement\",$P193=\"Diesel\",OR($L193=\"Class_7\",$H193=\"CLass_7\"),$M193=\"New: 2015+\"),\"small fleet new class 7 diesel\",IF(AND($B193<>\"4+ Trucks\",$D193=\"Replacement\",OR($P193=\"Diesel\",$P193=\"LNG/CNG\",$P193=\"Hybrid\"),OR($H193=\"Class_7\",$L193=\"Class_7\"),$M193=\"Used: 2011+\"),\"small fleet used class 7 diesel\",IF(AND($B193<>\"4+ Trucks\",$D193=\"Replacement\",$P193=\"Diesel\",$L193=\"Class_8\",$M193=\"New: 2015+\"),\"small fleet new class 8 diesel\",IF(AND($B193<>\"4+ Trucks\",$D193=\"Replacement\",$P193=\"Diesel\",$L193=\"Class_6\"),\"small fleet class 6 diesel\",IF(AND($B193<>\"4+ Trucks\",$D193=\"Replacement\",OR($P193=\"Diesel\",$P193=\"LNG/CNG\",$P193=\"Hybrid\"),$L193=\"Class_8\",$M193=\"Used: 2011+\"),\"small fleet used class 8 diesel\",IF(AND($B193<>\"4+ Trucks\",$D193=\"Repower\",$P193=\"Diesel\",(OR($L193=\"Class_8\",$L193=\"Class_7\"))),\"small fleet repower class 7/8\",IF(AND($B193<>\"4+ Trucks\",$D193=\"Repower\",$P193=\"Diesel\",$L193=\"Class_6\"),\"small fleet repower class 6\",IF(AND($D193=\"Replacement\",$P193=\"Zero Emission\",(OR($L193=\"Class_8\",$L193=\"Class_7\"))),\"zero emission class 7/8\",IF(AND($D193=\"Replacement\",$P193=\"Hybrid Zero-Mile\",(OR($L193=\"Class_8\",$L193=\"Class_7\"))),\"hybrid zero mile class 7/8\",IF(AND($D193=\"Replacement\",$P193=\"Low NOx\",(OR($L193=\"Class_8\",$L193=\"Class_7\"))),\"low nox class 7/8\",IF(AND($D193=\"Replacement\",$P193=\"Hybrid\",(OR($L193=\"Class_8\",$L193=\"Class_7\"))),\"hybrid class 7/8\",IF(AND($D193=\"Replacement\",$P193=\"LNG/CNG\",(OR($L193=\"Class_8\",$L193=\"Class_7\"))),\"lng/cng class 7/8\",IF(AND($D193=\"Replacement\",$P193=\"Zero Emission\",$L193=\"Class_6\"),\"zero emission class 6\",IF(AND($D193=\"Replacement\",$P193=\"Hybrid Zero-Mile\",$L193=\"Class_6\"),\"hybrid zero mile class 6\",IF(AND($D193=\"Replacement\",$P193=\"Low NOx\",$L193=\"Class_6\"),\"low nox class 6\",IF(AND($D193=\"Replacement\",$P193=\"Hybrid\",$L193=\"Class_6\"),\"hybrid class 6\",IF(AND($D193=\"Replacement\",$P193=\"LNG/CNG\",$L193=\"Class_6\"),\"lng/cng class 6\",(IF(AND($P193=\"Diesel\", OR($L193=\"Class_6\", $AE193=\"Class_6\")),\"small fleet class 6 diesel\",IF(AND($P193=\"Diesel\",$M193=\"New: 2015+\", OR($L193=\"Class_7\", $AE193=\"Class_7\")),\"small fleet new class 7 diesel\",IF(AND($P193=\"Diesel\",$M193=\"Used: 2011+\", OR($L193=\"Class_7\", $AE193=\"Class_7\")),\"small fleet used class 7 diesel\",IF(AND($P193=\"Diesel\",$M193=\"New: 2015+\", OR($L193=\"Class_8\", $AE193=\"Class_8\")),\"small fleet new class 8 diesel\",IF(AND($P193=\"Diesel\",$M193=\"Used: 2011+\", OR($L193=\"Class_8\", $AE193=\"Class_8\")),\"small fleet used class 8 diesel\",(IF(AND($P193=\"LNG/CNG\", OR($L193=\"Class_6\", $AE193=\"Class_6\")),\"lng/cng class 6\",(IF(AND($P193=\"Hybrid\", OR($L193=\"Class_6\", $AE193=\"Class_6\")),\"hybrid class 6\",(IF(AND($P193=\"Low NOx\", OR($L193=\"Class_6\", $AE193=\"Class_6\")),\"low nox class 6\",(IF(AND($P193=\"Hybrid Zero-Mile\", OR($L193=\"Class_6\", $AE193=\"Class_6\")),\"hybrid zero mile class 6\",(IF(AND($P193=\"Zero Emission\", OR($L193=\"Class_6\", $AE193=\"Class_6\")),\"zero emission class 6\",(IF(AND($P193=\"LNG/CNG\", OR($L193=\"Class_7\", $AE193=\"Class_7\")),\"lng/cng class 7/8\",(IF(AND($P193=\"Hybrid\", OR($L193=\"Class_7\", $AE193=\"Class_7\")),\"hybrid class 7/8\",(IF(AND($P193=\"Low NOx\", OR($L193=\"Class_7\", $AE193=\"Class_7\")),\"low nox class 7/8\",(IF(AND($P193=\"Hybrid Zero-Mile\", OR($L193=\"Class_7\", $AE193=\"Class_7\")),\"hybrid zero mile class 7/8\",(IF(AND($P193=\"Zero Emission\", OR($L193=\"Class_7\", $AE193=\"Class_7\")),\"zero emission class 7/8\",(IF(AND($P193=\"LNG/CNG\", OR($L193=\"Class_8\", $AE193=\"Class_8\")),\"lng/cng class 7/8\",(IF(AND($P193=\"Hybrid\", OR($L193=\"Class_8\", $AE193=\"Class_8\")),\"hybrid class 7/8\",(IF(AND($P193=\"Low NOx\", OR($L193=\"Class_8\", $AE193=\"Class_8\")),\"low nox class 7/8\",(IF(AND($P193=\"Hybrid Zero-Mile\", OR($L193=\"Class_8\", $AE193=\"Class_8\")),\"hybrid zero mile class 7/8\",(IF(AND($P193=\"Zero Emission\", OR($L193=\"Class_8\", $AE193=\"Class_8\")),\"zero emission class 7/8\")))))))))))))))))))))))))))))))))))))))))))))))))))))","v":false}]
["project 190",null,null,null,null,null,null,{"$f":"IF($G194=\"33,001 +\",\"Class_8\",IF($G194=\"26,001-33,000\",\"Class_7\",IF($G194=\"19,501-26,000\",\"Class_6\",\"\")))","v":""},null,null,null,null,null,null,{"$f":"IF(H194=\"Class_6\",IF(T194=\"No\",MIN(IF((J194*K194)<10000,0,J194*K194),IF((J194*N194)<10000,0,J194*N194)),IF(MIN(Y194*Z194,Y194*N194)+MIN(J194*K194,J194*N194)>9999,MIN(J194*K194,J194*N194),0)),IF(T194=\"No\",MIN(IF((J194*K194)<20000,0,J194*K194),IF((J194*N194)<20000,0,J194*N194)),IF(MIN(Y194*Z194,Y194*N194)+MIN(J194*K194,J194*N194)>19999,MIN(J194*K194,J194*N194),0)))","v":0},null,null,"","No","No",null,null,null,{"$f":"IF($W194=\"33,001 +\",\"Class_8\",IF($W194=\"26,001-33,000\",\"Class_7\",IF($W194=\"19,501-26,000\",\"Class_6\",IF($W194=\"\",\"\"))))","v":""},null,null,0,{"$f":"IF($T194=\"Yes\",IF(COUNTA($U194:$AA194)=7,\"Complete\",\"Incomplete\"),\"N/A\")","v":"N/A"},{"$f":"IF($D194=\"2-for-1 Replace\",IF(OR(COUNTA(A194:AA194)=27,COUNTA(A194:AA194)=29),\"Complete\",\"Incomplete\"),IF(OR($D194=\"Replacement\",$D194=\"Repower\"),IF(COUNTA(A194:Q194)=17,\"Complete\",\"Incomplete\"),\"Incomplete\"))","v":"Incomplete"},null,{"$f":"IF(OR($H194=\"Class_8\",$X194=\"Class_8\"),\"Class_8\",IF(OR($H194=\"Class_7\",$X194=\"Class_7\"),\"Class_7\",IF(OR($H194=\"Class_6\",$X194=\"Class_6\"),\"Class_6\")))","v":false},false,{"$f":"IF($D194=\"Repower\",IF($H194=\"Class_7\",IF($M194=\"New: 2013+ HHD\",\"CL7HHD\",\"gas\")))","v":false},false,null,{"$f":"IF($D194=\"2-for-1 Replace\",\"Norestr\",IF($AK194=\"Repower_8\",\"Repo8\",IF($AK194=\"Repower_7\",\"Repo7\",IF($AK194=\"Repower_6\",\"Repo6\",IF(OR($H194=\"Class_8\",$L194=\"Class_8\"),\"Replacement8HHD\",IF($D194=\"Replacement\",IF($H194=\"Class_6\",\"Replacement6\",IF($H194=\"Class_7\",IF($I194=\"MHD\",\"Replacement7MHD\",\"Replacement7HHD\"),IF($H194=\"Class_8\",IF($I194=\"HHD\",\"Replacement8HHD\",\"Replacement8MHD\")))),))))))","v":0},{"$f":"IF($D194=\"Replacement\",IF($H194=\"Class_6\",\"Replacement_6\",IF($H194=\"Class_7\",\"Replacement_7\",IF($H194=\"Class_8\",\"Replacement_8\",null))),IF($D194=\"Repower\",IF($H194=\"Class_6\",\"Repower_6\",IF($H194=\"Class_7\",\"Repower_7\",IF($H194=\"Class_8\",\"Repower_8\",null))),IF($D194=\"2-for-1 Replace\",IF($L194=\"Class_6\",\"Replacement_6\",IF($L194=\"Class_7\",\"Replacement_7\",IF($L194=\"Class_8\",\"Replacement_8\",null))))))","v":false},{"$f":"IF($D194=\"Replacement\",IF(AND($H194=\"Class_6\",$B194 <> \"4+ Trucks\"),\"Small_Fleet_Replacement_6\",IF(AND($H194=\"Class_7\",$B194 <> \"4+ Trucks\"),\"Small_Fleet_Replacement_7\",IF(AND($H194=\"Class_8\",$B194 <> \"4+ Trucks\"),\"Small_Fleet_Replacement_8\",null))),IF($D194=\"Repower\",IF($H194=\"Class_6\",\"Repower_6\",IF($H194=\"Class_7\",\"Repower_7\",IF($H194=\"Class_8\",\"Repower_8\",null))),IF($D194=\"2-for-1 Replace\",IF($L194=\"Class_6\",\"Replacement_6\",IF($L194=\"Class_7\",\"Small_Fleet_Replacement_7\",IF($L194=\"Class_8\",\"Small_Fleet_Replacement_8\",null))))))","v":false},null,null,null,null,{"$f":"IF(AND($B194<>\"4+ Trucks\",$D194=\"Replacement\",$P194=\"Diesel\",OR($L194=\"Class_7\",$H194=\"CLass_7\"),$M194=\"New: 2015+\"),\"small fleet new class 7 diesel\",IF(AND($B194<>\"4+ Trucks\",$D194=\"Replacement\",OR($P194=\"Diesel\",$P194=\"LNG/CNG\",$P194=\"Hybrid\"),OR($H194=\"Class_7\",$L194=\"Class_7\"),$M194=\"Used: 2011+\"),\"small fleet used class 7 diesel\",IF(AND($B194<>\"4+ Trucks\",$D194=\"Replacement\",$P194=\"Diesel\",$L194=\"Class_8\",$M194=\"New: 2015+\"),\"small fleet new class 8 diesel\",IF(AND($B194<>\"4+ Trucks\",$D194=\"Replacement\",$P194=\"Diesel\",$L194=\"Class_6\"),\"small fleet class 6 diesel\",IF(AND($B194<>\"4+ Trucks\",$D194=\"Replacement\",OR($P194=\"Diesel\",$P194=\"LNG/CNG\",$P194=\"Hybrid\"),$L194=\"Class_8\",$M194=\"Used: 2011+\"),\"small fleet used class 8 diesel\",IF(AND($B194<>\"4+ Trucks\",$D194=\"Repower\",$P194=\"Diesel\",(OR($L194=\"Class_8\",$L194=\"Class_7\"))),\"small fleet repower class 7/8\",IF(AND($B194<>\"4+ Trucks\",$D194=\"Repower\",$P194=\"Diesel\",$L194=\"Class_6\"),\"small fleet repower class 6\",IF(AND($D194=\"Replacement\",$P194=\"Zero Emission\",(OR($L194=\"Class_8\",$L194=\"Class_7\"))),\"zero emission class 7/8\",IF(AND($D194=\"Replacement\",$P194=\"Hybrid Zero-Mile\",(OR($L194=\"Class_8\",$L194=\"Class_7\"))),\"hybrid zero mile class 7/8\",IF(AND($D194=\"Replacement\",$P194=\"Low NOx\",(OR($L194=\"Class_8\",$L194=\"Class_7\"))),\"low nox class 7/8\",IF(AND($D194=\"Replacement\",$P194=\"Hybrid\",(OR($L194=\"Class_8\",$L194=\"Class_7\"))),\"hybrid class 7/8\",IF(AND($D194=\"Replacement\",$P194=\"LNG/CNG\",(OR($L194=\"Class_8\",$L194=\"Class_7\"))),\"lng/cng class 7/8\",IF(AND($D194=\"Replacement\",$P194=\"Zero Emission\",$L194=\"Class_6\"),\"zero emission class 6\",IF(AND($D194=\"Replacement\",$P194=\"Hybrid Zero-Mile\",$L194=\"Class_6\"),\"hybrid zero mile class 6\",IF(AND($D194=\"Replacement\",$P194=\"Low NOx\",$L194=\"Class_6\"),\"low nox class 6\",IF(AND($D194=\"Replacement\",$P194=\"Hybrid\",$L194=\"Class_6\"),\"hybrid class 6\",IF(AND($D194=\"Replacement\",$P194=\"LNG/CNG\",$L194=\"Class_6\"),\"lng/cng class 6\",(IF(AND($P194=\"Diesel\", OR($L194=\"Class_6\", $AE194=\"Class_6\")),\"small fleet class 6 diesel\",IF(AND($P194=\"Diesel\",$M194=\"New: 2015+\", OR($L194=\"Class_7\", $AE194=\"Class_7\")),\"small fleet new class 7 diesel\",IF(AND($P194=\"Diesel\",$M194=\"Used: 2011+\", OR($L194=\"Class_7\", $AE194=\"Class_7\")),\"small fleet used class 7 diesel\",IF(AND($P194=\"Diesel\",$M194=\"New: 2015+\", OR($L194=\"Class_8\", $AE194=\"Class_8\")),\"small fleet new class 8 diesel\",IF(AND($P194=\"Diesel\",$M194=\"Used: 2011+\", OR($L194=\"Class_8\", $AE194=\"Class_8\")),\"small fleet used class 8 diesel\",(IF(AND($P194=\"LNG/CNG\", OR($L194=\"Class_6\", $AE194=\"Class_6\")),\"lng/cng class 6\",(IF(AND($P194=\"Hybrid\", OR($L194=\"Class_6\", $AE194=\"Class_6\")),\"hybrid class 6\",(IF(AND($P194=\"Low NOx\", OR($L194=\"Class_6\", $AE194=\"Class_6\")),\"low nox class 6\",(IF(AND($P194=\"Hybrid Zero-Mile\", OR($L194=\"Class_6\", $AE194=\"Class_6\")),\"hybrid zero mile class 6\",(IF(AND($P194=\"Zero Emission\", OR($L194=\"Class_6\", $AE194=\"Class_6\")),\"zero emission class 6\",(IF(AND($P194=\"LNG/CNG\", OR($L194=\"Class_7\", $AE194=\"Class_7\")),\"lng/cng class 7/8\",(IF(AND($P194=\"Hybrid\", OR($L194=\"Class_7\", $AE194=\"Class_7\")),\"hybrid class 7/8\",(IF(AND($P194=\"Low NOx\", OR($L194=\"Class_7\", $AE194=\"Class_7\")),\"low nox class 7/8\",(IF(AND($P194=\"Hybrid Zero-Mile\", OR($L194=\"Class_7\", $AE194=\"Class_7\")),\"hybrid zero mile class 7/8\",(IF(AND($P194=\"Zero Emission\", OR($L194=\"Class_7\", $AE194=\"Class_7\")),\"zero emission class 7/8\",(IF(AND($P194=\"LNG/CNG\", OR($L194=\"Class_8\", $AE194=\"Class_8\")),\"lng/cng class 7/8\",(IF(AND($P194=\"Hybrid\", OR($L194=\"Class_8\", $AE194=\"Class_8\")),\"hybrid class 7/8\",(IF(AND($P194=\"Low NOx\", OR($L194=\"Class_8\", $AE194=\"Class_8\")),\"low nox class 7/8\",(IF(AND($P194=\"Hybrid Zero-Mile\", OR($L194=\"Class_8\", $AE194=\"Class_8\")),\"hybrid zero mile class 7/8\",(IF(AND($P194=\"Zero Emission\", OR($L194=\"Class_8\", $AE194=\"Class_8\")),\"zero emission class 7/8\")))))))))))))))))))))))))))))))))))))))))))))))))))))","v":false}]
["project 191",null,null,null,null,null,null,{"$f":"IF($G195=\"33,001 +\",\"Class_8\",IF($G195=\"26,001-33,000\",\"Class_7\",IF($G195=\"19,501-26,000\",\"Class_6\",\"\")))","v":""},null,null,null,null,null,null,{"$f":"IF(H195=\"Class_6\",IF(T195=\"No\",MIN(IF((J195*K195)<10000,0,J195*K195),IF((J195*N195)<10000,0,J195*N195)),IF(MIN(Y195*Z195,Y195*N195)+MIN(J195*K195,J195*N195)>9999,MIN(J195*K195,J195*N195),0)),IF(T195=\"No\",MIN(IF((J195*K195)<20000,0,J195*K195),IF((J195*N195)<20000,0,J195*N195)),IF(MIN(Y195*Z195,Y195*N195)+MIN(J195*K195,J195*N195)>19999,MIN(J195*K195,J195*N195),0)))","v":0},null,null,"","No","No",null,null,null,{"$f":"IF($W195=\"33,001 +\",\"Class_8\",IF($W195=\"26,001-33,000\",\"Class_7\",IF($W195=\"19,501-26,000\",\"Class_6\",IF($W195=\"\",\"\"))))","v":""},null,null,0,{"$f":"IF($T195=\"Yes\",IF(COUNTA($U195:$AA195)=7,\"Complete\",\"Incomplete\"),\"N/A\")","v":"N/A"},{"$f":"IF($D195=\"2-for-1 Replace\",IF(OR(COUNTA(A195:AA195)=27,COUNTA(A195:AA195)=29),\"Complete\",\"Incomplete\"),IF(OR($D195=\"Replacement\",$D195=\"Repower\"),IF(COUNTA(A195:Q195)=17,\"Complete\",\"Incomplete\"),\"Incomplete\"))","v":"Incomplete"},null,{"$f":"IF(OR($H195=\"Class_8\",$X195=\"Class_8\"),\"Class_8\",IF(OR($H195=\"Class_7\",$X195=\"Class_7\"),\"Class_7\",IF(OR($H195=\"Class_6\",$X195=\"Class_6\"),\"Class_6\")))","v":false},false,{"$f":"IF($D195=\"Repower\",IF($H195=\"Class_7\",IF($M195=\"New: 2013+ HHD\",\"CL7HHD\",\"gas\")))","v":false},false,null,{"$f":"IF($D195=\"2-for-1 Replace\",\"Norestr\",IF($AK195=\"Repower_8\",\"Repo8\",IF($AK195=\"Repower_7\",\"Repo7\",IF($AK195=\"Repower_6\",\"Repo6\",IF(OR($H195=\"Class_8\",$L195=\"Class_8\"),\"Replacement8HHD\",IF($D195=\"Replacement\",IF($H195=\"Class_6\",\"Replacement6\",IF($H195=\"Class_7\",IF($I195=\"MHD\",\"Replacement7MHD\",\"Replacement7HHD\"),IF($H195=\"Class_8\",IF($I195=\"HHD\",\"Replacement8HHD\",\"Replacement8MHD\")))),))))))","v":0},{"$f":"IF($D195=\"Replacement\",IF($H195=\"Class_6\",\"Replacement_6\",IF($H195=\"Class_7\",\"Replacement_7\",IF($H195=\"Class_8\",\"Replacement_8\",null))),IF($D195=\"Repower\",IF($H195=\"Class_6\",\"Repower_6\",IF($H195=\"Class_7\",\"Repower_7\",IF($H195=\"Class_8\",\"Repower_8\",null))),IF($D195=\"2-for-1 Replace\",IF($L195=\"Class_6\",\"Replacement_6\",IF($L195=\"Class_7\",\"Replacement_7\",IF($L195=\"Class_8\",\"Replacement_8\",null))))))","v":false},{"$f":"IF($D195=\"Replacement\",IF(AND($H195=\"Class_6\",$B195 <> \"4+ Trucks\"),\"Small_Fleet_Replacement_6\",IF(AND($H195=\"Class_7\",$B195 <> \"4+ Trucks\"),\"Small_Fleet_Replacement_7\",IF(AND($H195=\"Class_8\",$B195 <> \"4+ Trucks\"),\"Small_Fleet_Replacement_8\",null))),IF($D195=\"Repower\",IF($H195=\"Class_6\",\"Repower_6\",IF($H195=\"Class_7\",\"Repower_7\",IF($H195=\"Class_8\",\"Repower_8\",null))),IF($D195=\"2-for-1 Replace\",IF($L195=\"Class_6\",\"Replacement_6\",IF($L195=\"Class_7\",\"Small_Fleet_Replacement_7\",IF($L195=\"Class_8\",\"Small_Fleet_Replacement_8\",null))))))","v":false},null,null,null,null,{"$f":"IF(AND($B195<>\"4+ Trucks\",$D195=\"Replacement\",$P195=\"Diesel\",OR($L195=\"Class_7\",$H195=\"CLass_7\"),$M195=\"New: 2015+\"),\"small fleet new class 7 diesel\",IF(AND($B195<>\"4+ Trucks\",$D195=\"Replacement\",OR($P195=\"Diesel\",$P195=\"LNG/CNG\",$P195=\"Hybrid\"),OR($H195=\"Class_7\",$L195=\"Class_7\"),$M195=\"Used: 2011+\"),\"small fleet used class 7 diesel\",IF(AND($B195<>\"4+ Trucks\",$D195=\"Replacement\",$P195=\"Diesel\",$L195=\"Class_8\",$M195=\"New: 2015+\"),\"small fleet new class 8 diesel\",IF(AND($B195<>\"4+ Trucks\",$D195=\"Replacement\",$P195=\"Diesel\",$L195=\"Class_6\"),\"small fleet class 6 diesel\",IF(AND($B195<>\"4+ Trucks\",$D195=\"Replacement\",OR($P195=\"Diesel\",$P195=\"LNG/CNG\",$P195=\"Hybrid\"),$L195=\"Class_8\",$M195=\"Used: 2011+\"),\"small fleet used class 8 diesel\",IF(AND($B195<>\"4+ Trucks\",$D195=\"Repower\",$P195=\"Diesel\",(OR($L195=\"Class_8\",$L195=\"Class_7\"))),\"small fleet repower class 7/8\",IF(AND($B195<>\"4+ Trucks\",$D195=\"Repower\",$P195=\"Diesel\",$L195=\"Class_6\"),\"small fleet repower class 6\",IF(AND($D195=\"Replacement\",$P195=\"Zero Emission\",(OR($L195=\"Class_8\",$L195=\"Class_7\"))),\"zero emission class 7/8\",IF(AND($D195=\"Replacement\",$P195=\"Hybrid Zero-Mile\",(OR($L195=\"Class_8\",$L195=\"Class_7\"))),\"hybrid zero mile class 7/8\",IF(AND($D195=\"Replacement\",$P195=\"Low NOx\",(OR($L195=\"Class_8\",$L195=\"Class_7\"))),\"low nox class 7/8\",IF(AND($D195=\"Replacement\",$P195=\"Hybrid\",(OR($L195=\"Class_8\",$L195=\"Class_7\"))),\"hybrid class 7/8\",IF(AND($D195=\"Replacement\",$P195=\"LNG/CNG\",(OR($L195=\"Class_8\",$L195=\"Class_7\"))),\"lng/cng class 7/8\",IF(AND($D195=\"Replacement\",$P195=\"Zero Emission\",$L195=\"Class_6\"),\"zero emission class 6\",IF(AND($D195=\"Replacement\",$P195=\"Hybrid Zero-Mile\",$L195=\"Class_6\"),\"hybrid zero mile class 6\",IF(AND($D195=\"Replacement\",$P195=\"Low NOx\",$L195=\"Class_6\"),\"low nox class 6\",IF(AND($D195=\"Replacement\",$P195=\"Hybrid\",$L195=\"Class_6\"),\"hybrid class 6\",IF(AND($D195=\"Replacement\",$P195=\"LNG/CNG\",$L195=\"Class_6\"),\"lng/cng class 6\",(IF(AND($P195=\"Diesel\", OR($L195=\"Class_6\", $AE195=\"Class_6\")),\"small fleet class 6 diesel\",IF(AND($P195=\"Diesel\",$M195=\"New: 2015+\", OR($L195=\"Class_7\", $AE195=\"Class_7\")),\"small fleet new class 7 diesel\",IF(AND($P195=\"Diesel\",$M195=\"Used: 2011+\", OR($L195=\"Class_7\", $AE195=\"Class_7\")),\"small fleet used class 7 diesel\",IF(AND($P195=\"Diesel\",$M195=\"New: 2015+\", OR($L195=\"Class_8\", $AE195=\"Class_8\")),\"small fleet new class 8 diesel\",IF(AND($P195=\"Diesel\",$M195=\"Used: 2011+\", OR($L195=\"Class_8\", $AE195=\"Class_8\")),\"small fleet used class 8 diesel\",(IF(AND($P195=\"LNG/CNG\", OR($L195=\"Class_6\", $AE195=\"Class_6\")),\"lng/cng class 6\",(IF(AND($P195=\"Hybrid\", OR($L195=\"Class_6\", $AE195=\"Class_6\")),\"hybrid class 6\",(IF(AND($P195=\"Low NOx\", OR($L195=\"Class_6\", $AE195=\"Class_6\")),\"low nox class 6\",(IF(AND($P195=\"Hybrid Zero-Mile\", OR($L195=\"Class_6\", $AE195=\"Class_6\")),\"hybrid zero mile class 6\",(IF(AND($P195=\"Zero Emission\", OR($L195=\"Class_6\", $AE195=\"Class_6\")),\"zero emission class 6\",(IF(AND($P195=\"LNG/CNG\", OR($L195=\"Class_7\", $AE195=\"Class_7\")),\"lng/cng class 7/8\",(IF(AND($P195=\"Hybrid\", OR($L195=\"Class_7\", $AE195=\"Class_7\")),\"hybrid class 7/8\",(IF(AND($P195=\"Low NOx\", OR($L195=\"Class_7\", $AE195=\"Class_7\")),\"low nox class 7/8\",(IF(AND($P195=\"Hybrid Zero-Mile\", OR($L195=\"Class_7\", $AE195=\"Class_7\")),\"hybrid zero mile class 7/8\",(IF(AND($P195=\"Zero Emission\", OR($L195=\"Class_7\", $AE195=\"Class_7\")),\"zero emission class 7/8\",(IF(AND($P195=\"LNG/CNG\", OR($L195=\"Class_8\", $AE195=\"Class_8\")),\"lng/cng class 7/8\",(IF(AND($P195=\"Hybrid\", OR($L195=\"Class_8\", $AE195=\"Class_8\")),\"hybrid class 7/8\",(IF(AND($P195=\"Low NOx\", OR($L195=\"Class_8\", $AE195=\"Class_8\")),\"low nox class 7/8\",(IF(AND($P195=\"Hybrid Zero-Mile\", OR($L195=\"Class_8\", $AE195=\"Class_8\")),\"hybrid zero mile class 7/8\",(IF(AND($P195=\"Zero Emission\", OR($L195=\"Class_8\", $AE195=\"Class_8\")),\"zero emission class 7/8\")))))))))))))))))))))))))))))))))))))))))))))))))))))","v":false}]
["project 192",null,null,null,null,null,null,{"$f":"IF($G196=\"33,001 +\",\"Class_8\",IF($G196=\"26,001-33,000\",\"Class_7\",IF($G196=\"19,501-26,000\",\"Class_6\",\"\")))","v":""},null,null,null,null,null,null,{"$f":"IF(H196=\"Class_6\",IF(T196=\"No\",MIN(IF((J196*K196)<10000,0,J196*K196),IF((J196*N196)<10000,0,J196*N196)),IF(MIN(Y196*Z196,Y196*N196)+MIN(J196*K196,J196*N196)>9999,MIN(J196*K196,J196*N196),0)),IF(T196=\"No\",MIN(IF((J196*K196)<20000,0,J196*K196),IF((J196*N196)<20000,0,J196*N196)),IF(MIN(Y196*Z196,Y196*N196)+MIN(J196*K196,J196*N196)>19999,MIN(J196*K196,J196*N196),0)))","v":0},null,null,"","No","No",null,null,null,{"$f":"IF($W196=\"33,001 +\",\"Class_8\",IF($W196=\"26,001-33,000\",\"Class_7\",IF($W196=\"19,501-26,000\",\"Class_6\",IF($W196=\"\",\"\"))))","v":""},null,null,0,{"$f":"IF($T196=\"Yes\",IF(COUNTA($U196:$AA196)=7,\"Complete\",\"Incomplete\"),\"N/A\")","v":"N/A"},{"$f":"IF($D196=\"2-for-1 Replace\",IF(OR(COUNTA(A196:AA196)=27,COUNTA(A196:AA196)=29),\"Complete\",\"Incomplete\"),IF(OR($D196=\"Replacement\",$D196=\"Repower\"),IF(COUNTA(A196:Q196)=17,\"Complete\",\"Incomplete\"),\"Incomplete\"))","v":"Incomplete"},null,{"$f":"IF(OR($H196=\"Class_8\",$X196=\"Class_8\"),\"Class_8\",IF(OR($H196=\"Class_7\",$X196=\"Class_7\"),\"Class_7\",IF(OR($H196=\"Class_6\",$X196=\"Class_6\"),\"Class_6\")))","v":false},false,{"$f":"IF($D196=\"Repower\",IF($H196=\"Class_7\",IF($M196=\"New: 2013+ HHD\",\"CL7HHD\",\"gas\")))","v":false},false,null,{"$f":"IF($D196=\"2-for-1 Replace\",\"Norestr\",IF($AK196=\"Repower_8\",\"Repo8\",IF($AK196=\"Repower_7\",\"Repo7\",IF($AK196=\"Repower_6\",\"Repo6\",IF(OR($H196=\"Class_8\",$L196=\"Class_8\"),\"Replacement8HHD\",IF($D196=\"Replacement\",IF($H196=\"Class_6\",\"Replacement6\",IF($H196=\"Class_7\",IF($I196=\"MHD\",\"Replacement7MHD\",\"Replacement7HHD\"),IF($H196=\"Class_8\",IF($I196=\"HHD\",\"Replacement8HHD\",\"Replacement8MHD\")))),))))))","v":0},{"$f":"IF($D196=\"Replacement\",IF($H196=\"Class_6\",\"Replacement_6\",IF($H196=\"Class_7\",\"Replacement_7\",IF($H196=\"Class_8\",\"Replacement_8\",null))),IF($D196=\"Repower\",IF($H196=\"Class_6\",\"Repower_6\",IF($H196=\"Class_7\",\"Repower_7\",IF($H196=\"Class_8\",\"Repower_8\",null))),IF($D196=\"2-for-1 Replace\",IF($L196=\"Class_6\",\"Replacement_6\",IF($L196=\"Class_7\",\"Replacement_7\",IF($L196=\"Class_8\",\"Replacement_8\",null))))))","v":false},{"$f":"IF($D196=\"Replacement\",IF(AND($H196=\"Class_6\",$B196 <> \"4+ Trucks\"),\"Small_Fleet_Replacement_6\",IF(AND($H196=\"Class_7\",$B196 <> \"4+ Trucks\"),\"Small_Fleet_Replacement_7\",IF(AND($H196=\"Class_8\",$B196 <> \"4+ Trucks\"),\"Small_Fleet_Replacement_8\",null))),IF($D196=\"Repower\",IF($H196=\"Class_6\",\"Repower_6\",IF($H196=\"Class_7\",\"Repower_7\",IF($H196=\"Class_8\",\"Repower_8\",null))),IF($D196=\"2-for-1 Replace\",IF($L196=\"Class_6\",\"Replacement_6\",IF($L196=\"Class_7\",\"Small_Fleet_Replacement_7\",IF($L196=\"Class_8\",\"Small_Fleet_Replacement_8\",null))))))","v":false},null,null,null,null,{"$f":"IF(AND($B196<>\"4+ Trucks\",$D196=\"Replacement\",$P196=\"Diesel\",OR($L196=\"Class_7\",$H196=\"CLass_7\"),$M196=\"New: 2015+\"),\"small fleet new class 7 diesel\",IF(AND($B196<>\"4+ Trucks\",$D196=\"Replacement\",OR($P196=\"Diesel\",$P196=\"LNG/CNG\",$P196=\"Hybrid\"),OR($H196=\"Class_7\",$L196=\"Class_7\"),$M196=\"Used: 2011+\"),\"small fleet used class 7 diesel\",IF(AND($B196<>\"4+ Trucks\",$D196=\"Replacement\",$P196=\"Diesel\",$L196=\"Class_8\",$M196=\"New: 2015+\"),\"small fleet new class 8 diesel\",IF(AND($B196<>\"4+ Trucks\",$D196=\"Replacement\",$P196=\"Diesel\",$L196=\"Class_6\"),\"small fleet class 6 diesel\",IF(AND($B196<>\"4+ Trucks\",$D196=\"Replacement\",OR($P196=\"Diesel\",$P196=\"LNG/CNG\",$P196=\"Hybrid\"),$L196=\"Class_8\",$M196=\"Used: 2011+\"),\"small fleet used class 8 diesel\",IF(AND($B196<>\"4+ Trucks\",$D196=\"Repower\",$P196=\"Diesel\",(OR($L196=\"Class_8\",$L196=\"Class_7\"))),\"small fleet repower class 7/8\",IF(AND($B196<>\"4+ Trucks\",$D196=\"Repower\",$P196=\"Diesel\",$L196=\"Class_6\"),\"small fleet repower class 6\",IF(AND($D196=\"Replacement\",$P196=\"Zero Emission\",(OR($L196=\"Class_8\",$L196=\"Class_7\"))),\"zero emission class 7/8\",IF(AND($D196=\"Replacement\",$P196=\"Hybrid Zero-Mile\",(OR($L196=\"Class_8\",$L196=\"Class_7\"))),\"hybrid zero mile class 7/8\",IF(AND($D196=\"Replacement\",$P196=\"Low NOx\",(OR($L196=\"Class_8\",$L196=\"Class_7\"))),\"low nox class 7/8\",IF(AND($D196=\"Replacement\",$P196=\"Hybrid\",(OR($L196=\"Class_8\",$L196=\"Class_7\"))),\"hybrid class 7/8\",IF(AND($D196=\"Replacement\",$P196=\"LNG/CNG\",(OR($L196=\"Class_8\",$L196=\"Class_7\"))),\"lng/cng class 7/8\",IF(AND($D196=\"Replacement\",$P196=\"Zero Emission\",$L196=\"Class_6\"),\"zero emission class 6\",IF(AND($D196=\"Replacement\",$P196=\"Hybrid Zero-Mile\",$L196=\"Class_6\"),\"hybrid zero mile class 6\",IF(AND($D196=\"Replacement\",$P196=\"Low NOx\",$L196=\"Class_6\"),\"low nox class 6\",IF(AND($D196=\"Replacement\",$P196=\"Hybrid\",$L196=\"Class_6\"),\"hybrid class 6\",IF(AND($D196=\"Replacement\",$P196=\"LNG/CNG\",$L196=\"Class_6\"),\"lng/cng class 6\",(IF(AND($P196=\"Diesel\", OR($L196=\"Class_6\", $AE196=\"Class_6\")),\"small fleet class 6 diesel\",IF(AND($P196=\"Diesel\",$M196=\"New: 2015+\", OR($L196=\"Class_7\", $AE196=\"Class_7\")),\"small fleet new class 7 diesel\",IF(AND($P196=\"Diesel\",$M196=\"Used: 2011+\", OR($L196=\"Class_7\", $AE196=\"Class_7\")),\"small fleet used class 7 diesel\",IF(AND($P196=\"Diesel\",$M196=\"New: 2015+\", OR($L196=\"Class_8\", $AE196=\"Class_8\")),\"small fleet new class 8 diesel\",IF(AND($P196=\"Diesel\",$M196=\"Used: 2011+\", OR($L196=\"Class_8\", $AE196=\"Class_8\")),\"small fleet used class 8 diesel\",(IF(AND($P196=\"LNG/CNG\", OR($L196=\"Class_6\", $AE196=\"Class_6\")),\"lng/cng class 6\",(IF(AND($P196=\"Hybrid\", OR($L196=\"Class_6\", $AE196=\"Class_6\")),\"hybrid class 6\",(IF(AND($P196=\"Low NOx\", OR($L196=\"Class_6\", $AE196=\"Class_6\")),\"low nox class 6\",(IF(AND($P196=\"Hybrid Zero-Mile\", OR($L196=\"Class_6\", $AE196=\"Class_6\")),\"hybrid zero mile class 6\",(IF(AND($P196=\"Zero Emission\", OR($L196=\"Class_6\", $AE196=\"Class_6\")),\"zero emission class 6\",(IF(AND($P196=\"LNG/CNG\", OR($L196=\"Class_7\", $AE196=\"Class_7\")),\"lng/cng class 7/8\",(IF(AND($P196=\"Hybrid\", OR($L196=\"Class_7\", $AE196=\"Class_7\")),\"hybrid class 7/8\",(IF(AND($P196=\"Low NOx\", OR($L196=\"Class_7\", $AE196=\"Class_7\")),\"low nox class 7/8\",(IF(AND($P196=\"Hybrid Zero-Mile\", OR($L196=\"Class_7\", $AE196=\"Class_7\")),\"hybrid zero mile class 7/8\",(IF(AND($P196=\"Zero Emission\", OR($L196=\"Class_7\", $AE196=\"Class_7\")),\"zero emission class 7/8\",(IF(AND($P196=\"LNG/CNG\", OR($L196=\"Class_8\", $AE196=\"Class_8\")),\"lng/cng class 7/8\",(IF(AND($P196=\"Hybrid\", OR($L196=\"Class_8\", $AE196=\"Class_8\")),\"hybrid class 7/8\",(IF(AND($P196=\"Low NOx\", OR($L196=\"Class_8\", $AE196=\"Class_8\")),\"low nox class 7/8\",(IF(AND($P196=\"Hybrid Zero-Mile\", OR($L196=\"Class_8\", $AE196=\"Class_8\")),\"hybrid zero mile class 7/8\",(IF(AND($P196=\"Zero Emission\", OR($L196=\"Class_8\", $AE196=\"Class_8\")),\"zero emission class 7/8\")))))))))))))))))))))))))))))))))))))))))))))))))))))","v":false}]
["project 193",null,null,null,null,null,null,{"$f":"IF($G197=\"33,001 +\",\"Class_8\",IF($G197=\"26,001-33,000\",\"Class_7\",IF($G197=\"19,501-26,000\",\"Class_6\",\"\")))","v":""},null,null,null,null,null,null,{"$f":"IF(H197=\"Class_6\",IF(T197=\"No\",MIN(IF((J197*K197)<10000,0,J197*K197),IF((J197*N197)<10000,0,J197*N197)),IF(MIN(Y197*Z197,Y197*N197)+MIN(J197*K197,J197*N197)>9999,MIN(J197*K197,J197*N197),0)),IF(T197=\"No\",MIN(IF((J197*K197)<20000,0,J197*K197),IF((J197*N197)<20000,0,J197*N197)),IF(MIN(Y197*Z197,Y197*N197)+MIN(J197*K197,J197*N197)>19999,MIN(J197*K197,J197*N197),0)))","v":0},null,null,"","No","No",null,null,null,{"$f":"IF($W197=\"33,001 +\",\"Class_8\",IF($W197=\"26,001-33,000\",\"Class_7\",IF($W197=\"19,501-26,000\",\"Class_6\",IF($W197=\"\",\"\"))))","v":""},null,null,0,{"$f":"IF($T197=\"Yes\",IF(COUNTA($U197:$AA197)=7,\"Complete\",\"Incomplete\"),\"N/A\")","v":"N/A"},{"$f":"IF($D197=\"2-for-1 Replace\",IF(OR(COUNTA(A197:AA197)=27,COUNTA(A197:AA197)=29),\"Complete\",\"Incomplete\"),IF(OR($D197=\"Replacement\",$D197=\"Repower\"),IF(COUNTA(A197:Q197)=17,\"Complete\",\"Incomplete\"),\"Incomplete\"))","v":"Incomplete"},null,{"$f":"IF(OR($H197=\"Class_8\",$X197=\"Class_8\"),\"Class_8\",IF(OR($H197=\"Class_7\",$X197=\"Class_7\"),\"Class_7\",IF(OR($H197=\"Class_6\",$X197=\"Class_6\"),\"Class_6\")))","v":false},false,{"$f":"IF($D197=\"Repower\",IF($H197=\"Class_7\",IF($M197=\"New: 2013+ HHD\",\"CL7HHD\",\"gas\")))","v":false},false,null,{"$f":"IF($D197=\"2-for-1 Replace\",\"Norestr\",IF($AK197=\"Repower_8\",\"Repo8\",IF($AK197=\"Repower_7\",\"Repo7\",IF($AK197=\"Repower_6\",\"Repo6\",IF(OR($H197=\"Class_8\",$L197=\"Class_8\"),\"Replacement8HHD\",IF($D197=\"Replacement\",IF($H197=\"Class_6\",\"Replacement6\",IF($H197=\"Class_7\",IF($I197=\"MHD\",\"Replacement7MHD\",\"Replacement7HHD\"),IF($H197=\"Class_8\",IF($I197=\"HHD\",\"Replacement8HHD\",\"Replacement8MHD\")))),))))))","v":0},{"$f":"IF($D197=\"Replacement\",IF($H197=\"Class_6\",\"Replacement_6\",IF($H197=\"Class_7\",\"Replacement_7\",IF($H197=\"Class_8\",\"Replacement_8\",null))),IF($D197=\"Repower\",IF($H197=\"Class_6\",\"Repower_6\",IF($H197=\"Class_7\",\"Repower_7\",IF($H197=\"Class_8\",\"Repower_8\",null))),IF($D197=\"2-for-1 Replace\",IF($L197=\"Class_6\",\"Replacement_6\",IF($L197=\"Class_7\",\"Replacement_7\",IF($L197=\"Class_8\",\"Replacement_8\",null))))))","v":false},{"$f":"IF($D197=\"Replacement\",IF(AND($H197=\"Class_6\",$B197 <> \"4+ Trucks\"),\"Small_Fleet_Replacement_6\",IF(AND($H197=\"Class_7\",$B197 <> \"4+ Trucks\"),\"Small_Fleet_Replacement_7\",IF(AND($H197=\"Class_8\",$B197 <> \"4+ Trucks\"),\"Small_Fleet_Replacement_8\",null))),IF($D197=\"Repower\",IF($H197=\"Class_6\",\"Repower_6\",IF($H197=\"Class_7\",\"Repower_7\",IF($H197=\"Class_8\",\"Repower_8\",null))),IF($D197=\"2-for-1 Replace\",IF($L197=\"Class_6\",\"Replacement_6\",IF($L197=\"Class_7\",\"Small_Fleet_Replacement_7\",IF($L197=\"Class_8\",\"Small_Fleet_Replacement_8\",null))))))","v":false},null,null,null,null,{"$f":"IF(AND($B197<>\"4+ Trucks\",$D197=\"Replacement\",$P197=\"Diesel\",OR($L197=\"Class_7\",$H197=\"CLass_7\"),$M197=\"New: 2015+\"),\"small fleet new class 7 diesel\",IF(AND($B197<>\"4+ Trucks\",$D197=\"Replacement\",OR($P197=\"Diesel\",$P197=\"LNG/CNG\",$P197=\"Hybrid\"),OR($H197=\"Class_7\",$L197=\"Class_7\"),$M197=\"Used: 2011+\"),\"small fleet used class 7 diesel\",IF(AND($B197<>\"4+ Trucks\",$D197=\"Replacement\",$P197=\"Diesel\",$L197=\"Class_8\",$M197=\"New: 2015+\"),\"small fleet new class 8 diesel\",IF(AND($B197<>\"4+ Trucks\",$D197=\"Replacement\",$P197=\"Diesel\",$L197=\"Class_6\"),\"small fleet class 6 diesel\",IF(AND($B197<>\"4+ Trucks\",$D197=\"Replacement\",OR($P197=\"Diesel\",$P197=\"LNG/CNG\",$P197=\"Hybrid\"),$L197=\"Class_8\",$M197=\"Used: 2011+\"),\"small fleet used class 8 diesel\",IF(AND($B197<>\"4+ Trucks\",$D197=\"Repower\",$P197=\"Diesel\",(OR($L197=\"Class_8\",$L197=\"Class_7\"))),\"small fleet repower class 7/8\",IF(AND($B197<>\"4+ Trucks\",$D197=\"Repower\",$P197=\"Diesel\",$L197=\"Class_6\"),\"small fleet repower class 6\",IF(AND($D197=\"Replacement\",$P197=\"Zero Emission\",(OR($L197=\"Class_8\",$L197=\"Class_7\"))),\"zero emission class 7/8\",IF(AND($D197=\"Replacement\",$P197=\"Hybrid Zero-Mile\",(OR($L197=\"Class_8\",$L197=\"Class_7\"))),\"hybrid zero mile class 7/8\",IF(AND($D197=\"Replacement\",$P197=\"Low NOx\",(OR($L197=\"Class_8\",$L197=\"Class_7\"))),\"low nox class 7/8\",IF(AND($D197=\"Replacement\",$P197=\"Hybrid\",(OR($L197=\"Class_8\",$L197=\"Class_7\"))),\"hybrid class 7/8\",IF(AND($D197=\"Replacement\",$P197=\"LNG/CNG\",(OR($L197=\"Class_8\",$L197=\"Class_7\"))),\"lng/cng class 7/8\",IF(AND($D197=\"Replacement\",$P197=\"Zero Emission\",$L197=\"Class_6\"),\"zero emission class 6\",IF(AND($D197=\"Replacement\",$P197=\"Hybrid Zero-Mile\",$L197=\"Class_6\"),\"hybrid zero mile class 6\",IF(AND($D197=\"Replacement\",$P197=\"Low NOx\",$L197=\"Class_6\"),\"low nox class 6\",IF(AND($D197=\"Replacement\",$P197=\"Hybrid\",$L197=\"Class_6\"),\"hybrid class 6\",IF(AND($D197=\"Replacement\",$P197=\"LNG/CNG\",$L197=\"Class_6\"),\"lng/cng class 6\",(IF(AND($P197=\"Diesel\", OR($L197=\"Class_6\", $AE197=\"Class_6\")),\"small fleet class 6 diesel\",IF(AND($P197=\"Diesel\",$M197=\"New: 2015+\", OR($L197=\"Class_7\", $AE197=\"Class_7\")),\"small fleet new class 7 diesel\",IF(AND($P197=\"Diesel\",$M197=\"Used: 2011+\", OR($L197=\"Class_7\", $AE197=\"Class_7\")),\"small fleet used class 7 diesel\",IF(AND($P197=\"Diesel\",$M197=\"New: 2015+\", OR($L197=\"Class_8\", $AE197=\"Class_8\")),\"small fleet new class 8 diesel\",IF(AND($P197=\"Diesel\",$M197=\"Used: 2011+\", OR($L197=\"Class_8\", $AE197=\"Class_8\")),\"small fleet used class 8 diesel\",(IF(AND($P197=\"LNG/CNG\", OR($L197=\"Class_6\", $AE197=\"Class_6\")),\"lng/cng class 6\",(IF(AND($P197=\"Hybrid\", OR($L197=\"Class_6\", $AE197=\"Class_6\")),\"hybrid class 6\",(IF(AND($P197=\"Low NOx\", OR($L197=\"Class_6\", $AE197=\"Class_6\")),\"low nox class 6\",(IF(AND($P197=\"Hybrid Zero-Mile\", OR($L197=\"Class_6\", $AE197=\"Class_6\")),\"hybrid zero mile class 6\",(IF(AND($P197=\"Zero Emission\", OR($L197=\"Class_6\", $AE197=\"Class_6\")),\"zero emission class 6\",(IF(AND($P197=\"LNG/CNG\", OR($L197=\"Class_7\", $AE197=\"Class_7\")),\"lng/cng class 7/8\",(IF(AND($P197=\"Hybrid\", OR($L197=\"Class_7\", $AE197=\"Class_7\")),\"hybrid class 7/8\",(IF(AND($P197=\"Low NOx\", OR($L197=\"Class_7\", $AE197=\"Class_7\")),\"low nox class 7/8\",(IF(AND($P197=\"Hybrid Zero-Mile\", OR($L197=\"Class_7\", $AE197=\"Class_7\")),\"hybrid zero mile class 7/8\",(IF(AND($P197=\"Zero Emission\", OR($L197=\"Class_7\", $AE197=\"Class_7\")),\"zero emission class 7/8\",(IF(AND($P197=\"LNG/CNG\", OR($L197=\"Class_8\", $AE197=\"Class_8\")),\"lng/cng class 7/8\",(IF(AND($P197=\"Hybrid\", OR($L197=\"Class_8\", $AE197=\"Class_8\")),\"hybrid class 7/8\",(IF(AND($P197=\"Low NOx\", OR($L197=\"Class_8\", $AE197=\"Class_8\")),\"low nox class 7/8\",(IF(AND($P197=\"Hybrid Zero-Mile\", OR($L197=\"Class_8\", $AE197=\"Class_8\")),\"hybrid zero mile class 7/8\",(IF(AND($P197=\"Zero Emission\", OR($L197=\"Class_8\", $AE197=\"Class_8\")),\"zero emission class 7/8\")))))))))))))))))))))))))))))))))))))))))))))))))))))","v":false}]
["project 194",null,null,null,null,null,null,{"$f":"IF($G198=\"33,001 +\",\"Class_8\",IF($G198=\"26,001-33,000\",\"Class_7\",IF($G198=\"19,501-26,000\",\"Class_6\",\"\")))","v":""},null,null,null,null,null,null,{"$f":"IF(H198=\"Class_6\",IF(T198=\"No\",MIN(IF((J198*K198)<10000,0,J198*K198),IF((J198*N198)<10000,0,J198*N198)),IF(MIN(Y198*Z198,Y198*N198)+MIN(J198*K198,J198*N198)>9999,MIN(J198*K198,J198*N198),0)),IF(T198=\"No\",MIN(IF((J198*K198)<20000,0,J198*K198),IF((J198*N198)<20000,0,J198*N198)),IF(MIN(Y198*Z198,Y198*N198)+MIN(J198*K198,J198*N198)>19999,MIN(J198*K198,J198*N198),0)))","v":0},null,null,{"$f":"IFERROR(VLOOKUP($AQ198,$AN$5:$AO$21,2,),\"\")","v":""},{"$f":"IF($P198=\"Electric w/ AB-118\",\"Yes\",\"No\")","v":"No"},"No",null,null,null,{"$f":"IF($W198=\"33,001 +\",\"Class_8\",IF($W198=\"26,001-33,000\",\"Class_7\",IF($W198=\"19,501-26,000\",\"Class_6\",IF($W198=\"\",\"\"))))","v":""},null,null,{"$f":"IF(AND(H198=\"Class_6\",X198=\"Class_6\"),IF(MIN(Y198*Z198,Y198*N198)+O198>9999,MIN(Y198*Z198,Y198*N198),0),IF(MIN(Y198*Z198,Y198*N198)+O198>19999,MIN(Y198*Z198,Y198*N198),0))","v":0},{"$f":"IF($T198=\"Yes\",IF(COUNTA($U198:$AA198)=7,\"Complete\",\"Incomplete\"),\"N/A\")","v":"N/A"},{"$f":"IF($D198=\"2-for-1 Replace\",IF(OR(COUNTA(A198:AA198)=27,COUNTA(A198:AA198)=29),\"Complete\",\"Incomplete\"),IF(OR($D198=\"Replacement\",$D198=\"Repower\"),IF(COUNTA(A198:Q198)=17,\"Complete\",\"Incomplete\"),\"Incomplete\"))","v":"Incomplete"},null,{"$f":"IF(OR($H198=\"Class_8\",$X198=\"Class_8\"),\"Class_8\",IF(OR($H198=\"Class_7\",$X198=\"Class_7\"),\"Class_7\",IF(OR($H198=\"Class_6\",$X198=\"Class_6\"),\"Class_6\")))","v":false},{"$f":"IF($D198=\"Repower\",IF($H198=\"Class_7\",IF($I198=\"HHD\",\"CL7HHD\",\"gas\")))","v":false},{"$f":"IF($D198=\"Repower\",IF($H198=\"Class_7\",IF($M198=\"New: 2013+ HHD\",\"CL7HHD\",\"gas\")))","v":false},false,null,{"$f":"IF($D198=\"2-for-1 Replace\",\"Norestr\",IF($AK198=\"Repower_8\",\"Repo8\",IF($AK198=\"Repower_7\",\"Repo7\",IF($AK198=\"Repower_6\",\"Repo6\",IF(OR($H198=\"Class_8\",$L198=\"Class_8\"),\"Replacement8HHD\",IF($D198=\"Replacement\",IF($H198=\"Class_6\",\"Replacement6\",IF($H198=\"Class_7\",IF($I198=\"MHD\",\"Replacement7MHD\",\"Replacement7HHD\"),IF($H198=\"Class_8\",IF($I198=\"HHD\",\"Replacement8HHD\",\"Replacement8MHD\")))),))))))","v":0},{"$f":"IF($D198=\"Replacement\",IF($H198=\"Class_6\",\"Replacement_6\",IF($H198=\"Class_7\",\"Replacement_7\",IF($H198=\"Class_8\",\"Replacement_8\",null))),IF($D198=\"Repower\",IF($H198=\"Class_6\",\"Repower_6\",IF($H198=\"Class_7\",\"Repower_7\",IF($H198=\"Class_8\",\"Repower_8\",null))),IF($D198=\"2-for-1 Replace\",IF($L198=\"Class_6\",\"Replacement_6\",IF($L198=\"Class_7\",\"Replacement_7\",IF($L198=\"Class_8\",\"Replacement_8\",null))))))","v":false},{"$f":"IF($D198=\"Replacement\",IF(AND($H198=\"Class_6\",$B198 <> \"4+ Trucks\"),\"Small_Fleet_Replacement_6\",IF(AND($H198=\"Class_7\",$B198 <> \"4+ Trucks\"),\"Small_Fleet_Replacement_7\",IF(AND($H198=\"Class_8\",$B198 <> \"4+ Trucks\"),\"Small_Fleet_Replacement_8\",null))),IF($D198=\"Repower\",IF($H198=\"Class_6\",\"Repower_6\",IF($H198=\"Class_7\",\"Repower_7\",IF($H198=\"Class_8\",\"Repower_8\",null))),IF($D198=\"2-for-1 Replace\",IF($L198=\"Class_6\",\"Replacement_6\",IF($L198=\"Class_7\",\"Small_Fleet_Replacement_7\",IF($L198=\"Class_8\",\"Small_Fleet_Replacement_8\",null))))))","v":false},null,null,null,null,{"$f":"IF(AND($B198<>\"4+ Trucks\",$D198=\"Replacement\",$P198=\"Diesel\",OR($L198=\"Class_7\",$H198=\"CLass_7\"),$M198=\"New: 2015+\"),\"small fleet new class 7 diesel\",IF(AND($B198<>\"4+ Trucks\",$D198=\"Replacement\",OR($P198=\"Diesel\",$P198=\"LNG/CNG\",$P198=\"Hybrid\"),OR($H198=\"Class_7\",$L198=\"Class_7\"),$M198=\"Used: 2011+\"),\"small fleet used class 7 diesel\",IF(AND($B198<>\"4+ Trucks\",$D198=\"Replacement\",$P198=\"Diesel\",$L198=\"Class_8\",$M198=\"New: 2015+\"),\"small fleet new class 8 diesel\",IF(AND($B198<>\"4+ Trucks\",$D198=\"Replacement\",$P198=\"Diesel\",$L198=\"Class_6\"),\"small fleet class 6 diesel\",IF(AND($B198<>\"4+ Trucks\",$D198=\"Replacement\",OR($P198=\"Diesel\",$P198=\"LNG/CNG\",$P198=\"Hybrid\"),$L198=\"Class_8\",$M198=\"Used: 2011+\"),\"small fleet used class 8 diesel\",IF(AND($B198<>\"4+ Trucks\",$D198=\"Repower\",$P198=\"Diesel\",(OR($L198=\"Class_8\",$L198=\"Class_7\"))),\"small fleet repower class 7/8\",IF(AND($B198<>\"4+ Trucks\",$D198=\"Repower\",$P198=\"Diesel\",$L198=\"Class_6\"),\"small fleet repower class 6\",IF(AND($D198=\"Replacement\",$P198=\"Zero Emission\",(OR($L198=\"Class_8\",$L198=\"Class_7\"))),\"zero emission class 7/8\",IF(AND($D198=\"Replacement\",$P198=\"Hybrid Zero-Mile\",(OR($L198=\"Class_8\",$L198=\"Class_7\"))),\"hybrid zero mile class 7/8\",IF(AND($D198=\"Replacement\",$P198=\"Low NOx\",(OR($L198=\"Class_8\",$L198=\"Class_7\"))),\"low nox class 7/8\",IF(AND($D198=\"Replacement\",$P198=\"Hybrid\",(OR($L198=\"Class_8\",$L198=\"Class_7\"))),\"hybrid class 7/8\",IF(AND($D198=\"Replacement\",$P198=\"LNG/CNG\",(OR($L198=\"Class_8\",$L198=\"Class_7\"))),\"lng/cng class 7/8\",IF(AND($D198=\"Replacement\",$P198=\"Zero Emission\",$L198=\"Class_6\"),\"zero emission class 6\",IF(AND($D198=\"Replacement\",$P198=\"Hybrid Zero-Mile\",$L198=\"Class_6\"),\"hybrid zero mile class 6\",IF(AND($D198=\"Replacement\",$P198=\"Low NOx\",$L198=\"Class_6\"),\"low nox class 6\",IF(AND($D198=\"Replacement\",$P198=\"Hybrid\",$L198=\"Class_6\"),\"hybrid class 6\",IF(AND($D198=\"Replacement\",$P198=\"LNG/CNG\",$L198=\"Class_6\"),\"lng/cng class 6\",(IF(AND($P198=\"Diesel\", OR($L198=\"Class_6\", $AE198=\"Class_6\")),\"small fleet class 6 diesel\",IF(AND($P198=\"Diesel\",$M198=\"New: 2015+\", OR($L198=\"Class_7\", $AE198=\"Class_7\")),\"small fleet new class 7 diesel\",IF(AND($P198=\"Diesel\",$M198=\"Used: 2011+\", OR($L198=\"Class_7\", $AE198=\"Class_7\")),\"small fleet used class 7 diesel\",IF(AND($P198=\"Diesel\",$M198=\"New: 2015+\", OR($L198=\"Class_8\", $AE198=\"Class_8\")),\"small fleet new class 8 diesel\",IF(AND($P198=\"Diesel\",$M198=\"Used: 2011+\", OR($L198=\"Class_8\", $AE198=\"Class_8\")),\"small fleet used class 8 diesel\",(IF(AND($P198=\"LNG/CNG\", OR($L198=\"Class_6\", $AE198=\"Class_6\")),\"lng/cng class 6\",(IF(AND($P198=\"Hybrid\", OR($L198=\"Class_6\", $AE198=\"Class_6\")),\"hybrid class 6\",(IF(AND($P198=\"Low NOx\", OR($L198=\"Class_6\", $AE198=\"Class_6\")),\"low nox class 6\",(IF(AND($P198=\"Hybrid Zero-Mile\", OR($L198=\"Class_6\", $AE198=\"Class_6\")),\"hybrid zero mile class 6\",(IF(AND($P198=\"Zero Emission\", OR($L198=\"Class_6\", $AE198=\"Class_6\")),\"zero emission class 6\",(IF(AND($P198=\"LNG/CNG\", OR($L198=\"Class_7\", $AE198=\"Class_7\")),\"lng/cng class 7/8\",(IF(AND($P198=\"Hybrid\", OR($L198=\"Class_7\", $AE198=\"Class_7\")),\"hybrid class 7/8\",(IF(AND($P198=\"Low NOx\", OR($L198=\"Class_7\", $AE198=\"Class_7\")),\"low nox class 7/8\",(IF(AND($P198=\"Hybrid Zero-Mile\", OR($L198=\"Class_7\", $AE198=\"Class_7\")),\"hybrid zero mile class 7/8\",(IF(AND($P198=\"Zero Emission\", OR($L198=\"Class_7\", $AE198=\"Class_7\")),\"zero emission class 7/8\",(IF(AND($P198=\"LNG/CNG\", OR($L198=\"Class_8\", $AE198=\"Class_8\")),\"lng/cng class 7/8\",(IF(AND($P198=\"Hybrid\", OR($L198=\"Class_8\", $AE198=\"Class_8\")),\"hybrid class 7/8\",(IF(AND($P198=\"Low NOx\", OR($L198=\"Class_8\", $AE198=\"Class_8\")),\"low nox class 7/8\",(IF(AND($P198=\"Hybrid Zero-Mile\", OR($L198=\"Class_8\", $AE198=\"Class_8\")),\"hybrid zero mile class 7/8\",(IF(AND($P198=\"Zero Emission\", OR($L198=\"Class_8\", $AE198=\"Class_8\")),\"zero emission class 7/8\")))))))))))))))))))))))))))))))))))))))))))))))))))))","v":false}]
["project 195",null,null,null,null,null,null,{"$f":"IF($G199=\"33,001 +\",\"Class_8\",IF($G199=\"26,001-33,000\",\"Class_7\",IF($G199=\"19,501-26,000\",\"Class_6\",\"\")))","v":""},null,null,null,null,null,null,{"$f":"IF(H199=\"Class_6\",IF(T199=\"No\",MIN(IF((J199*K199)<10000,0,J199*K199),IF((J199*N199)<10000,0,J199*N199)),IF(MIN(Y199*Z199,Y199*N199)+MIN(J199*K199,J199*N199)>9999,MIN(J199*K199,J199*N199),0)),IF(T199=\"No\",MIN(IF((J199*K199)<20000,0,J199*K199),IF((J199*N199)<20000,0,J199*N199)),IF(MIN(Y199*Z199,Y199*N199)+MIN(J199*K199,J199*N199)>19999,MIN(J199*K199,J199*N199),0)))","v":0},null,null,"","No","No",null,null,null,{"$f":"IF($W199=\"33,001 +\",\"Class_8\",IF($W199=\"26,001-33,000\",\"Class_7\",IF($W199=\"19,501-26,000\",\"Class_6\",IF($W199=\"\",\"\"))))","v":""},null,null,0,{"$f":"IF($T199=\"Yes\",IF(COUNTA($U199:$AA199)=7,\"Complete\",\"Incomplete\"),\"N/A\")","v":"N/A"},{"$f":"IF($D199=\"2-for-1 Replace\",IF(OR(COUNTA(A199:AA199)=27,COUNTA(A199:AA199)=29),\"Complete\",\"Incomplete\"),IF(OR($D199=\"Replacement\",$D199=\"Repower\"),IF(COUNTA(A199:Q199)=17,\"Complete\",\"Incomplete\"),\"Incomplete\"))","v":"Incomplete"},null,{"$f":"IF(OR($H199=\"Class_8\",$X199=\"Class_8\"),\"Class_8\",IF(OR($H199=\"Class_7\",$X199=\"Class_7\"),\"Class_7\",IF(OR($H199=\"Class_6\",$X199=\"Class_6\"),\"Class_6\")))","v":false},false,{"$f":"IF($D199=\"Repower\",IF($H199=\"Class_7\",IF($M199=\"New: 2013+ HHD\",\"CL7HHD\",\"gas\")))","v":false},false,null,{"$f":"IF($D199=\"2-for-1 Replace\",\"Norestr\",IF($AK199=\"Repower_8\",\"Repo8\",IF($AK199=\"Repower_7\",\"Repo7\",IF($AK199=\"Repower_6\",\"Repo6\",IF(OR($H199=\"Class_8\",$L199=\"Class_8\"),\"Replacement8HHD\",IF($D199=\"Replacement\",IF($H199=\"Class_6\",\"Replacement6\",IF($H199=\"Class_7\",IF($I199=\"MHD\",\"Replacement7MHD\",\"Replacement7HHD\"),IF($H199=\"Class_8\",IF($I199=\"HHD\",\"Replacement8HHD\",\"Replacement8MHD\")))),))))))","v":0},{"$f":"IF($D199=\"Replacement\",IF($H199=\"Class_6\",\"Replacement_6\",IF($H199=\"Class_7\",\"Replacement_7\",IF($H199=\"Class_8\",\"Replacement_8\",null))),IF($D199=\"Repower\",IF($H199=\"Class_6\",\"Repower_6\",IF($H199=\"Class_7\",\"Repower_7\",IF($H199=\"Class_8\",\"Repower_8\",null))),IF($D199=\"2-for-1 Replace\",IF($L199=\"Class_6\",\"Replacement_6\",IF($L199=\"Class_7\",\"Replacement_7\",IF($L199=\"Class_8\",\"Replacement_8\",null))))))","v":false},{"$f":"IF($D199=\"Replacement\",IF(AND($H199=\"Class_6\",$B199 <> \"4+ Trucks\"),\"Small_Fleet_Replacement_6\",IF(AND($H199=\"Class_7\",$B199 <> \"4+ Trucks\"),\"Small_Fleet_Replacement_7\",IF(AND($H199=\"Class_8\",$B199 <> \"4+ Trucks\"),\"Small_Fleet_Replacement_8\",null))),IF($D199=\"Repower\",IF($H199=\"Class_6\",\"Repower_6\",IF($H199=\"Class_7\",\"Repower_7\",IF($H199=\"Class_8\",\"Repower_8\",null))),IF($D199=\"2-for-1 Replace\",IF($L199=\"Class_6\",\"Replacement_6\",IF($L199=\"Class_7\",\"Small_Fleet_Replacement_7\",IF($L199=\"Class_8\",\"Small_Fleet_Replacement_8\",null))))))","v":false},null,null,null,null,{"$f":"IF(AND($B199<>\"4+ Trucks\",$D199=\"Replacement\",$P199=\"Diesel\",OR($L199=\"Class_7\",$H199=\"CLass_7\"),$M199=\"New: 2015+\"),\"small fleet new class 7 diesel\",IF(AND($B199<>\"4+ Trucks\",$D199=\"Replacement\",OR($P199=\"Diesel\",$P199=\"LNG/CNG\",$P199=\"Hybrid\"),OR($H199=\"Class_7\",$L199=\"Class_7\"),$M199=\"Used: 2011+\"),\"small fleet used class 7 diesel\",IF(AND($B199<>\"4+ Trucks\",$D199=\"Replacement\",$P199=\"Diesel\",$L199=\"Class_8\",$M199=\"New: 2015+\"),\"small fleet new class 8 diesel\",IF(AND($B199<>\"4+ Trucks\",$D199=\"Replacement\",$P199=\"Diesel\",$L199=\"Class_6\"),\"small fleet class 6 diesel\",IF(AND($B199<>\"4+ Trucks\",$D199=\"Replacement\",OR($P199=\"Diesel\",$P199=\"LNG/CNG\",$P199=\"Hybrid\"),$L199=\"Class_8\",$M199=\"Used: 2011+\"),\"small fleet used class 8 diesel\",IF(AND($B199<>\"4+ Trucks\",$D199=\"Repower\",$P199=\"Diesel\",(OR($L199=\"Class_8\",$L199=\"Class_7\"))),\"small fleet repower class 7/8\",IF(AND($B199<>\"4+ Trucks\",$D199=\"Repower\",$P199=\"Diesel\",$L199=\"Class_6\"),\"small fleet repower class 6\",IF(AND($D199=\"Replacement\",$P199=\"Zero Emission\",(OR($L199=\"Class_8\",$L199=\"Class_7\"))),\"zero emission class 7/8\",IF(AND($D199=\"Replacement\",$P199=\"Hybrid Zero-Mile\",(OR($L199=\"Class_8\",$L199=\"Class_7\"))),\"hybrid zero mile class 7/8\",IF(AND($D199=\"Replacement\",$P199=\"Low NOx\",(OR($L199=\"Class_8\",$L199=\"Class_7\"))),\"low nox class 7/8\",IF(AND($D199=\"Replacement\",$P199=\"Hybrid\",(OR($L199=\"Class_8\",$L199=\"Class_7\"))),\"hybrid class 7/8\",IF(AND($D199=\"Replacement\",$P199=\"LNG/CNG\",(OR($L199=\"Class_8\",$L199=\"Class_7\"))),\"lng/cng class 7/8\",IF(AND($D199=\"Replacement\",$P199=\"Zero Emission\",$L199=\"Class_6\"),\"zero emission class 6\",IF(AND($D199=\"Replacement\",$P199=\"Hybrid Zero-Mile\",$L199=\"Class_6\"),\"hybrid zero mile class 6\",IF(AND($D199=\"Replacement\",$P199=\"Low NOx\",$L199=\"Class_6\"),\"low nox class 6\",IF(AND($D199=\"Replacement\",$P199=\"Hybrid\",$L199=\"Class_6\"),\"hybrid class 6\",IF(AND($D199=\"Replacement\",$P199=\"LNG/CNG\",$L199=\"Class_6\"),\"lng/cng class 6\",(IF(AND($P199=\"Diesel\", OR($L199=\"Class_6\", $AE199=\"Class_6\")),\"small fleet class 6 diesel\",IF(AND($P199=\"Diesel\",$M199=\"New: 2015+\", OR($L199=\"Class_7\", $AE199=\"Class_7\")),\"small fleet new class 7 diesel\",IF(AND($P199=\"Diesel\",$M199=\"Used: 2011+\", OR($L199=\"Class_7\", $AE199=\"Class_7\")),\"small fleet used class 7 diesel\",IF(AND($P199=\"Diesel\",$M199=\"New: 2015+\", OR($L199=\"Class_8\", $AE199=\"Class_8\")),\"small fleet new class 8 diesel\",IF(AND($P199=\"Diesel\",$M199=\"Used: 2011+\", OR($L199=\"Class_8\", $AE199=\"Class_8\")),\"small fleet used class 8 diesel\",(IF(AND($P199=\"LNG/CNG\", OR($L199=\"Class_6\", $AE199=\"Class_6\")),\"lng/cng class 6\",(IF(AND($P199=\"Hybrid\", OR($L199=\"Class_6\", $AE199=\"Class_6\")),\"hybrid class 6\",(IF(AND($P199=\"Low NOx\", OR($L199=\"Class_6\", $AE199=\"Class_6\")),\"low nox class 6\",(IF(AND($P199=\"Hybrid Zero-Mile\", OR($L199=\"Class_6\", $AE199=\"Class_6\")),\"hybrid zero mile class 6\",(IF(AND($P199=\"Zero Emission\", OR($L199=\"Class_6\", $AE199=\"Class_6\")),\"zero emission class 6\",(IF(AND($P199=\"LNG/CNG\", OR($L199=\"Class_7\", $AE199=\"Class_7\")),\"lng/cng class 7/8\",(IF(AND($P199=\"Hybrid\", OR($L199=\"Class_7\", $AE199=\"Class_7\")),\"hybrid class 7/8\",(IF(AND($P199=\"Low NOx\", OR($L199=\"Class_7\", $AE199=\"Class_7\")),\"low nox class 7/8\",(IF(AND($P199=\"Hybrid Zero-Mile\", OR($L199=\"Class_7\", $AE199=\"Class_7\")),\"hybrid zero mile class 7/8\",(IF(AND($P199=\"Zero Emission\", OR($L199=\"Class_7\", $AE199=\"Class_7\")),\"zero emission class 7/8\",(IF(AND($P199=\"LNG/CNG\", OR($L199=\"Class_8\", $AE199=\"Class_8\")),\"lng/cng class 7/8\",(IF(AND($P199=\"Hybrid\", OR($L199=\"Class_8\", $AE199=\"Class_8\")),\"hybrid class 7/8\",(IF(AND($P199=\"Low NOx\", OR($L199=\"Class_8\", $AE199=\"Class_8\")),\"low nox class 7/8\",(IF(AND($P199=\"Hybrid Zero-Mile\", OR($L199=\"Class_8\", $AE199=\"Class_8\")),\"hybrid zero mile class 7/8\",(IF(AND($P199=\"Zero Emission\", OR($L199=\"Class_8\", $AE199=\"Class_8\")),\"zero emission class 7/8\")))))))))))))))))))))))))))))))))))))))))))))))))))))","v":false}]
["project 196",null,null,null,null,null,null,{"$f":"IF($G200=\"33,001 +\",\"Class_8\",IF($G200=\"26,001-33,000\",\"Class_7\",IF($G200=\"19,501-26,000\",\"Class_6\",\"\")))","v":""},null,null,null,null,null,null,{"$f":"IF(H200=\"Class_6\",IF(T200=\"No\",MIN(IF((J200*K200)<10000,0,J200*K200),IF((J200*N200)<10000,0,J200*N200)),IF(MIN(Y200*Z200,Y200*N200)+MIN(J200*K200,J200*N200)>9999,MIN(J200*K200,J200*N200),0)),IF(T200=\"No\",MIN(IF((J200*K200)<20000,0,J200*K200),IF((J200*N200)<20000,0,J200*N200)),IF(MIN(Y200*Z200,Y200*N200)+MIN(J200*K200,J200*N200)>19999,MIN(J200*K200,J200*N200),0)))","v":0},null,null,"","No","No",null,null,null,{"$f":"IF($W200=\"33,001 +\",\"Class_8\",IF($W200=\"26,001-33,000\",\"Class_7\",IF($W200=\"19,501-26,000\",\"Class_6\",IF($W200=\"\",\"\"))))","v":""},null,null,0,{"$f":"IF($T200=\"Yes\",IF(COUNTA($U200:$AA200)=7,\"Complete\",\"Incomplete\"),\"N/A\")","v":"N/A"},{"$f":"IF($D200=\"2-for-1 Replace\",IF(OR(COUNTA(A200:AA200)=27,COUNTA(A200:AA200)=29),\"Complete\",\"Incomplete\"),IF(OR($D200=\"Replacement\",$D200=\"Repower\"),IF(COUNTA(A200:Q200)=17,\"Complete\",\"Incomplete\"),\"Incomplete\"))","v":"Incomplete"},null,{"$f":"IF(OR($H200=\"Class_8\",$X200=\"Class_8\"),\"Class_8\",IF(OR($H200=\"Class_7\",$X200=\"Class_7\"),\"Class_7\",IF(OR($H200=\"Class_6\",$X200=\"Class_6\"),\"Class_6\")))","v":false},false,{"$f":"IF($D200=\"Repower\",IF($H200=\"Class_7\",IF($M200=\"New: 2013+ HHD\",\"CL7HHD\",\"gas\")))","v":false},false,null,{"$f":"IF($D200=\"2-for-1 Replace\",\"Norestr\",IF($AK200=\"Repower_8\",\"Repo8\",IF($AK200=\"Repower_7\",\"Repo7\",IF($AK200=\"Repower_6\",\"Repo6\",IF(OR($H200=\"Class_8\",$L200=\"Class_8\"),\"Replacement8HHD\",IF($D200=\"Replacement\",IF($H200=\"Class_6\",\"Replacement6\",IF($H200=\"Class_7\",IF($I200=\"MHD\",\"Replacement7MHD\",\"Replacement7HHD\"),IF($H200=\"Class_8\",IF($I200=\"HHD\",\"Replacement8HHD\",\"Replacement8MHD\")))),))))))","v":0},{"$f":"IF($D200=\"Replacement\",IF($H200=\"Class_6\",\"Replacement_6\",IF($H200=\"Class_7\",\"Replacement_7\",IF($H200=\"Class_8\",\"Replacement_8\",null))),IF($D200=\"Repower\",IF($H200=\"Class_6\",\"Repower_6\",IF($H200=\"Class_7\",\"Repower_7\",IF($H200=\"Class_8\",\"Repower_8\",null))),IF($D200=\"2-for-1 Replace\",IF($L200=\"Class_6\",\"Replacement_6\",IF($L200=\"Class_7\",\"Replacement_7\",IF($L200=\"Class_8\",\"Replacement_8\",null))))))","v":false},{"$f":"IF($D200=\"Replacement\",IF(AND($H200=\"Class_6\",$B200 <> \"4+ Trucks\"),\"Small_Fleet_Replacement_6\",IF(AND($H200=\"Class_7\",$B200 <> \"4+ Trucks\"),\"Small_Fleet_Replacement_7\",IF(AND($H200=\"Class_8\",$B200 <> \"4+ Trucks\"),\"Small_Fleet_Replacement_8\",null))),IF($D200=\"Repower\",IF($H200=\"Class_6\",\"Repower_6\",IF($H200=\"Class_7\",\"Repower_7\",IF($H200=\"Class_8\",\"Repower_8\",null))),IF($D200=\"2-for-1 Replace\",IF($L200=\"Class_6\",\"Replacement_6\",IF($L200=\"Class_7\",\"Small_Fleet_Replacement_7\",IF($L200=\"Class_8\",\"Small_Fleet_Replacement_8\",null))))))","v":false},null,null,null,null,{"$f":"IF(AND($B200<>\"4+ Trucks\",$D200=\"Replacement\",$P200=\"Diesel\",OR($L200=\"Class_7\",$H200=\"CLass_7\"),$M200=\"New: 2015+\"),\"small fleet new class 7 diesel\",IF(AND($B200<>\"4+ Trucks\",$D200=\"Replacement\",OR($P200=\"Diesel\",$P200=\"LNG/CNG\",$P200=\"Hybrid\"),OR($H200=\"Class_7\",$L200=\"Class_7\"),$M200=\"Used: 2011+\"),\"small fleet used class 7 diesel\",IF(AND($B200<>\"4+ Trucks\",$D200=\"Replacement\",$P200=\"Diesel\",$L200=\"Class_8\",$M200=\"New: 2015+\"),\"small fleet new class 8 diesel\",IF(AND($B200<>\"4+ Trucks\",$D200=\"Replacement\",$P200=\"Diesel\",$L200=\"Class_6\"),\"small fleet class 6 diesel\",IF(AND($B200<>\"4+ Trucks\",$D200=\"Replacement\",OR($P200=\"Diesel\",$P200=\"LNG/CNG\",$P200=\"Hybrid\"),$L200=\"Class_8\",$M200=\"Used: 2011+\"),\"small fleet used class 8 diesel\",IF(AND($B200<>\"4+ Trucks\",$D200=\"Repower\",$P200=\"Diesel\",(OR($L200=\"Class_8\",$L200=\"Class_7\"))),\"small fleet repower class 7/8\",IF(AND($B200<>\"4+ Trucks\",$D200=\"Repower\",$P200=\"Diesel\",$L200=\"Class_6\"),\"small fleet repower class 6\",IF(AND($D200=\"Replacement\",$P200=\"Zero Emission\",(OR($L200=\"Class_8\",$L200=\"Class_7\"))),\"zero emission class 7/8\",IF(AND($D200=\"Replacement\",$P200=\"Hybrid Zero-Mile\",(OR($L200=\"Class_8\",$L200=\"Class_7\"))),\"hybrid zero mile class 7/8\",IF(AND($D200=\"Replacement\",$P200=\"Low NOx\",(OR($L200=\"Class_8\",$L200=\"Class_7\"))),\"low nox class 7/8\",IF(AND($D200=\"Replacement\",$P200=\"Hybrid\",(OR($L200=\"Class_8\",$L200=\"Class_7\"))),\"hybrid class 7/8\",IF(AND($D200=\"Replacement\",$P200=\"LNG/CNG\",(OR($L200=\"Class_8\",$L200=\"Class_7\"))),\"lng/cng class 7/8\",IF(AND($D200=\"Replacement\",$P200=\"Zero Emission\",$L200=\"Class_6\"),\"zero emission class 6\",IF(AND($D200=\"Replacement\",$P200=\"Hybrid Zero-Mile\",$L200=\"Class_6\"),\"hybrid zero mile class 6\",IF(AND($D200=\"Replacement\",$P200=\"Low NOx\",$L200=\"Class_6\"),\"low nox class 6\",IF(AND($D200=\"Replacement\",$P200=\"Hybrid\",$L200=\"Class_6\"),\"hybrid class 6\",IF(AND($D200=\"Replacement\",$P200=\"LNG/CNG\",$L200=\"Class_6\"),\"lng/cng class 6\",(IF(AND($P200=\"Diesel\", OR($L200=\"Class_6\", $AE200=\"Class_6\")),\"small fleet class 6 diesel\",IF(AND($P200=\"Diesel\",$M200=\"New: 2015+\", OR($L200=\"Class_7\", $AE200=\"Class_7\")),\"small fleet new class 7 diesel\",IF(AND($P200=\"Diesel\",$M200=\"Used: 2011+\", OR($L200=\"Class_7\", $AE200=\"Class_7\")),\"small fleet used class 7 diesel\",IF(AND($P200=\"Diesel\",$M200=\"New: 2015+\", OR($L200=\"Class_8\", $AE200=\"Class_8\")),\"small fleet new class 8 diesel\",IF(AND($P200=\"Diesel\",$M200=\"Used: 2011+\", OR($L200=\"Class_8\", $AE200=\"Class_8\")),\"small fleet used class 8 diesel\",(IF(AND($P200=\"LNG/CNG\", OR($L200=\"Class_6\", $AE200=\"Class_6\")),\"lng/cng class 6\",(IF(AND($P200=\"Hybrid\", OR($L200=\"Class_6\", $AE200=\"Class_6\")),\"hybrid class 6\",(IF(AND($P200=\"Low NOx\", OR($L200=\"Class_6\", $AE200=\"Class_6\")),\"low nox class 6\",(IF(AND($P200=\"Hybrid Zero-Mile\", OR($L200=\"Class_6\", $AE200=\"Class_6\")),\"hybrid zero mile class 6\",(IF(AND($P200=\"Zero Emission\", OR($L200=\"Class_6\", $AE200=\"Class_6\")),\"zero emission class 6\",(IF(AND($P200=\"LNG/CNG\", OR($L200=\"Class_7\", $AE200=\"Class_7\")),\"lng/cng class 7/8\",(IF(AND($P200=\"Hybrid\", OR($L200=\"Class_7\", $AE200=\"Class_7\")),\"hybrid class 7/8\",(IF(AND($P200=\"Low NOx\", OR($L200=\"Class_7\", $AE200=\"Class_7\")),\"low nox class 7/8\",(IF(AND($P200=\"Hybrid Zero-Mile\", OR($L200=\"Class_7\", $AE200=\"Class_7\")),\"hybrid zero mile class 7/8\",(IF(AND($P200=\"Zero Emission\", OR($L200=\"Class_7\", $AE200=\"Class_7\")),\"zero emission class 7/8\",(IF(AND($P200=\"LNG/CNG\", OR($L200=\"Class_8\", $AE200=\"Class_8\")),\"lng/cng class 7/8\",(IF(AND($P200=\"Hybrid\", OR($L200=\"Class_8\", $AE200=\"Class_8\")),\"hybrid class 7/8\",(IF(AND($P200=\"Low NOx\", OR($L200=\"Class_8\", $AE200=\"Class_8\")),\"low nox class 7/8\",(IF(AND($P200=\"Hybrid Zero-Mile\", OR($L200=\"Class_8\", $AE200=\"Class_8\")),\"hybrid zero mile class 7/8\",(IF(AND($P200=\"Zero Emission\", OR($L200=\"Class_8\", $AE200=\"Class_8\")),\"zero emission class 7/8\")))))))))))))))))))))))))))))))))))))))))))))))))))))","v":false}]
["project 197",null,null,null,null,null,null,{"$f":"IF($G201=\"33,001 +\",\"Class_8\",IF($G201=\"26,001-33,000\",\"Class_7\",IF($G201=\"19,501-26,000\",\"Class_6\",\"\")))","v":""},null,null,null,null,null,null,{"$f":"IF(H201=\"Class_6\",IF(T201=\"No\",MIN(IF((J201*K201)<10000,0,J201*K201),IF((J201*N201)<10000,0,J201*N201)),IF(MIN(Y201*Z201,Y201*N201)+MIN(J201*K201,J201*N201)>9999,MIN(J201*K201,J201*N201),0)),IF(T201=\"No\",MIN(IF((J201*K201)<20000,0,J201*K201),IF((J201*N201)<20000,0,J201*N201)),IF(MIN(Y201*Z201,Y201*N201)+MIN(J201*K201,J201*N201)>19999,MIN(J201*K201,J201*N201),0)))","v":0},null,null,"","No","No",null,null,null,{"$f":"IF($W201=\"33,001 +\",\"Class_8\",IF($W201=\"26,001-33,000\",\"Class_7\",IF($W201=\"19,501-26,000\",\"Class_6\",IF($W201=\"\",\"\"))))","v":""},null,null,0,{"$f":"IF($T201=\"Yes\",IF(COUNTA($U201:$AA201)=7,\"Complete\",\"Incomplete\"),\"N/A\")","v":"N/A"},{"$f":"IF($D201=\"2-for-1 Replace\",IF(OR(COUNTA(A201:AA201)=27,COUNTA(A201:AA201)=29),\"Complete\",\"Incomplete\"),IF(OR($D201=\"Replacement\",$D201=\"Repower\"),IF(COUNTA(A201:Q201)=17,\"Complete\",\"Incomplete\"),\"Incomplete\"))","v":"Incomplete"},null,{"$f":"IF(OR($H201=\"Class_8\",$X201=\"Class_8\"),\"Class_8\",IF(OR($H201=\"Class_7\",$X201=\"Class_7\"),\"Class_7\",IF(OR($H201=\"Class_6\",$X201=\"Class_6\"),\"Class_6\")))","v":false},false,{"$f":"IF($D201=\"Repower\",IF($H201=\"Class_7\",IF($M201=\"New: 2013+ HHD\",\"CL7HHD\",\"gas\")))","v":false},false,null,{"$f":"IF($D201=\"2-for-1 Replace\",\"Norestr\",IF($AK201=\"Repower_8\",\"Repo8\",IF($AK201=\"Repower_7\",\"Repo7\",IF($AK201=\"Repower_6\",\"Repo6\",IF(OR($H201=\"Class_8\",$L201=\"Class_8\"),\"Replacement8HHD\",IF($D201=\"Replacement\",IF($H201=\"Class_6\",\"Replacement6\",IF($H201=\"Class_7\",IF($I201=\"MHD\",\"Replacement7MHD\",\"Replacement7HHD\"),IF($H201=\"Class_8\",IF($I201=\"HHD\",\"Replacement8HHD\",\"Replacement8MHD\")))),))))))","v":0},{"$f":"IF($D201=\"Replacement\",IF($H201=\"Class_6\",\"Replacement_6\",IF($H201=\"Class_7\",\"Replacement_7\",IF($H201=\"Class_8\",\"Replacement_8\",null))),IF($D201=\"Repower\",IF($H201=\"Class_6\",\"Repower_6\",IF($H201=\"Class_7\",\"Repower_7\",IF($H201=\"Class_8\",\"Repower_8\",null))),IF($D201=\"2-for-1 Replace\",IF($L201=\"Class_6\",\"Replacement_6\",IF($L201=\"Class_7\",\"Replacement_7\",IF($L201=\"Class_8\",\"Replacement_8\",null))))))","v":false},{"$f":"IF($D201=\"Replacement\",IF(AND($H201=\"Class_6\",$B201 <> \"4+ Trucks\"),\"Small_Fleet_Replacement_6\",IF(AND($H201=\"Class_7\",$B201 <> \"4+ Trucks\"),\"Small_Fleet_Replacement_7\",IF(AND($H201=\"Class_8\",$B201 <> \"4+ Trucks\"),\"Small_Fleet_Replacement_8\",null))),IF($D201=\"Repower\",IF($H201=\"Class_6\",\"Repower_6\",IF($H201=\"Class_7\",\"Repower_7\",IF($H201=\"Class_8\",\"Repower_8\",null))),IF($D201=\"2-for-1 Replace\",IF($L201=\"Class_6\",\"Replacement_6\",IF($L201=\"Class_7\",\"Small_Fleet_Replacement_7\",IF($L201=\"Class_8\",\"Small_Fleet_Replacement_8\",null))))))","v":false},null,null,null,null,{"$f":"IF(AND($B201<>\"4+ Trucks\",$D201=\"Replacement\",$P201=\"Diesel\",OR($L201=\"Class_7\",$H201=\"CLass_7\"),$M201=\"New: 2015+\"),\"small fleet new class 7 diesel\",IF(AND($B201<>\"4+ Trucks\",$D201=\"Replacement\",OR($P201=\"Diesel\",$P201=\"LNG/CNG\",$P201=\"Hybrid\"),OR($H201=\"Class_7\",$L201=\"Class_7\"),$M201=\"Used: 2011+\"),\"small fleet used class 7 diesel\",IF(AND($B201<>\"4+ Trucks\",$D201=\"Replacement\",$P201=\"Diesel\",$L201=\"Class_8\",$M201=\"New: 2015+\"),\"small fleet new class 8 diesel\",IF(AND($B201<>\"4+ Trucks\",$D201=\"Replacement\",$P201=\"Diesel\",$L201=\"Class_6\"),\"small fleet class 6 diesel\",IF(AND($B201<>\"4+ Trucks\",$D201=\"Replacement\",OR($P201=\"Diesel\",$P201=\"LNG/CNG\",$P201=\"Hybrid\"),$L201=\"Class_8\",$M201=\"Used: 2011+\"),\"small fleet used class 8 diesel\",IF(AND($B201<>\"4+ Trucks\",$D201=\"Repower\",$P201=\"Diesel\",(OR($L201=\"Class_8\",$L201=\"Class_7\"))),\"small fleet repower class 7/8\",IF(AND($B201<>\"4+ Trucks\",$D201=\"Repower\",$P201=\"Diesel\",$L201=\"Class_6\"),\"small fleet repower class 6\",IF(AND($D201=\"Replacement\",$P201=\"Zero Emission\",(OR($L201=\"Class_8\",$L201=\"Class_7\"))),\"zero emission class 7/8\",IF(AND($D201=\"Replacement\",$P201=\"Hybrid Zero-Mile\",(OR($L201=\"Class_8\",$L201=\"Class_7\"))),\"hybrid zero mile class 7/8\",IF(AND($D201=\"Replacement\",$P201=\"Low NOx\",(OR($L201=\"Class_8\",$L201=\"Class_7\"))),\"low nox class 7/8\",IF(AND($D201=\"Replacement\",$P201=\"Hybrid\",(OR($L201=\"Class_8\",$L201=\"Class_7\"))),\"hybrid class 7/8\",IF(AND($D201=\"Replacement\",$P201=\"LNG/CNG\",(OR($L201=\"Class_8\",$L201=\"Class_7\"))),\"lng/cng class 7/8\",IF(AND($D201=\"Replacement\",$P201=\"Zero Emission\",$L201=\"Class_6\"),\"zero emission class 6\",IF(AND($D201=\"Replacement\",$P201=\"Hybrid Zero-Mile\",$L201=\"Class_6\"),\"hybrid zero mile class 6\",IF(AND($D201=\"Replacement\",$P201=\"Low NOx\",$L201=\"Class_6\"),\"low nox class 6\",IF(AND($D201=\"Replacement\",$P201=\"Hybrid\",$L201=\"Class_6\"),\"hybrid class 6\",IF(AND($D201=\"Replacement\",$P201=\"LNG/CNG\",$L201=\"Class_6\"),\"lng/cng class 6\",(IF(AND($P201=\"Diesel\", OR($L201=\"Class_6\", $AE201=\"Class_6\")),\"small fleet class 6 diesel\",IF(AND($P201=\"Diesel\",$M201=\"New: 2015+\", OR($L201=\"Class_7\", $AE201=\"Class_7\")),\"small fleet new class 7 diesel\",IF(AND($P201=\"Diesel\",$M201=\"Used: 2011+\", OR($L201=\"Class_7\", $AE201=\"Class_7\")),\"small fleet used class 7 diesel\",IF(AND($P201=\"Diesel\",$M201=\"New: 2015+\", OR($L201=\"Class_8\", $AE201=\"Class_8\")),\"small fleet new class 8 diesel\",IF(AND($P201=\"Diesel\",$M201=\"Used: 2011+\", OR($L201=\"Class_8\", $AE201=\"Class_8\")),\"small fleet used class 8 diesel\",(IF(AND($P201=\"LNG/CNG\", OR($L201=\"Class_6\", $AE201=\"Class_6\")),\"lng/cng class 6\",(IF(AND($P201=\"Hybrid\", OR($L201=\"Class_6\", $AE201=\"Class_6\")),\"hybrid class 6\",(IF(AND($P201=\"Low NOx\", OR($L201=\"Class_6\", $AE201=\"Class_6\")),\"low nox class 6\",(IF(AND($P201=\"Hybrid Zero-Mile\", OR($L201=\"Class_6\", $AE201=\"Class_6\")),\"hybrid zero mile class 6\",(IF(AND($P201=\"Zero Emission\", OR($L201=\"Class_6\", $AE201=\"Class_6\")),\"zero emission class 6\",(IF(AND($P201=\"LNG/CNG\", OR($L201=\"Class_7\", $AE201=\"Class_7\")),\"lng/cng class 7/8\",(IF(AND($P201=\"Hybrid\", OR($L201=\"Class_7\", $AE201=\"Class_7\")),\"hybrid class 7/8\",(IF(AND($P201=\"Low NOx\", OR($L201=\"Class_7\", $AE201=\"Class_7\")),\"low nox class 7/8\",(IF(AND($P201=\"Hybrid Zero-Mile\", OR($L201=\"Class_7\", $AE201=\"Class_7\")),\"hybrid zero mile class 7/8\",(IF(AND($P201=\"Zero Emission\", OR($L201=\"Class_7\", $AE201=\"Class_7\")),\"zero emission class 7/8\",(IF(AND($P201=\"LNG/CNG\", OR($L201=\"Class_8\", $AE201=\"Class_8\")),\"lng/cng class 7/8\",(IF(AND($P201=\"Hybrid\", OR($L201=\"Class_8\", $AE201=\"Class_8\")),\"hybrid class 7/8\",(IF(AND($P201=\"Low NOx\", OR($L201=\"Class_8\", $AE201=\"Class_8\")),\"low nox class 7/8\",(IF(AND($P201=\"Hybrid Zero-Mile\", OR($L201=\"Class_8\", $AE201=\"Class_8\")),\"hybrid zero mile class 7/8\",(IF(AND($P201=\"Zero Emission\", OR($L201=\"Class_8\", $AE201=\"Class_8\")),\"zero emission class 7/8\")))))))))))))))))))))))))))))))))))))))))))))))))))))","v":false}]
["project 198",null,null,null,null,null,null,{"$f":"IF($G202=\"33,001 +\",\"Class_8\",IF($G202=\"26,001-33,000\",\"Class_7\",IF($G202=\"19,501-26,000\",\"Class_6\",\"\")))","v":""},null,null,null,null,null,null,{"$f":"IF(H202=\"Class_6\",IF(T202=\"No\",MIN(IF((J202*K202)<10000,0,J202*K202),IF((J202*N202)<10000,0,J202*N202)),IF(MIN(Y202*Z202,Y202*N202)+MIN(J202*K202,J202*N202)>9999,MIN(J202*K202,J202*N202),0)),IF(T202=\"No\",MIN(IF((J202*K202)<20000,0,J202*K202),IF((J202*N202)<20000,0,J202*N202)),IF(MIN(Y202*Z202,Y202*N202)+MIN(J202*K202,J202*N202)>19999,MIN(J202*K202,J202*N202),0)))","v":0},null,null,"","No","No",null,null,null,{"$f":"IF($W202=\"33,001 +\",\"Class_8\",IF($W202=\"26,001-33,000\",\"Class_7\",IF($W202=\"19,501-26,000\",\"Class_6\",IF($W202=\"\",\"\"))))","v":""},null,null,0,{"$f":"IF($T202=\"Yes\",IF(COUNTA($U202:$AA202)=7,\"Complete\",\"Incomplete\"),\"N/A\")","v":"N/A"},{"$f":"IF($D202=\"2-for-1 Replace\",IF(OR(COUNTA(A202:AA202)=27,COUNTA(A202:AA202)=29),\"Complete\",\"Incomplete\"),IF(OR($D202=\"Replacement\",$D202=\"Repower\"),IF(COUNTA(A202:Q202)=17,\"Complete\",\"Incomplete\"),\"Incomplete\"))","v":"Incomplete"},null,{"$f":"IF(OR($H202=\"Class_8\",$X202=\"Class_8\"),\"Class_8\",IF(OR($H202=\"Class_7\",$X202=\"Class_7\"),\"Class_7\",IF(OR($H202=\"Class_6\",$X202=\"Class_6\"),\"Class_6\")))","v":false},false,{"$f":"IF($D202=\"Repower\",IF($H202=\"Class_7\",IF($M202=\"New: 2013+ HHD\",\"CL7HHD\",\"gas\")))","v":false},false,null,{"$f":"IF($D202=\"2-for-1 Replace\",\"Norestr\",IF($AK202=\"Repower_8\",\"Repo8\",IF($AK202=\"Repower_7\",\"Repo7\",IF($AK202=\"Repower_6\",\"Repo6\",IF(OR($H202=\"Class_8\",$L202=\"Class_8\"),\"Replacement8HHD\",IF($D202=\"Replacement\",IF($H202=\"Class_6\",\"Replacement6\",IF($H202=\"Class_7\",IF($I202=\"MHD\",\"Replacement7MHD\",\"Replacement7HHD\"),IF($H202=\"Class_8\",IF($I202=\"HHD\",\"Replacement8HHD\",\"Replacement8MHD\")))),))))))","v":0},{"$f":"IF($D202=\"Replacement\",IF($H202=\"Class_6\",\"Replacement_6\",IF($H202=\"Class_7\",\"Replacement_7\",IF($H202=\"Class_8\",\"Replacement_8\",null))),IF($D202=\"Repower\",IF($H202=\"Class_6\",\"Repower_6\",IF($H202=\"Class_7\",\"Repower_7\",IF($H202=\"Class_8\",\"Repower_8\",null))),IF($D202=\"2-for-1 Replace\",IF($L202=\"Class_6\",\"Replacement_6\",IF($L202=\"Class_7\",\"Replacement_7\",IF($L202=\"Class_8\",\"Replacement_8\",null))))))","v":false},{"$f":"IF($D202=\"Replacement\",IF(AND($H202=\"Class_6\",$B202 <> \"4+ Trucks\"),\"Small_Fleet_Replacement_6\",IF(AND($H202=\"Class_7\",$B202 <> \"4+ Trucks\"),\"Small_Fleet_Replacement_7\",IF(AND($H202=\"Class_8\",$B202 <> \"4+ Trucks\"),\"Small_Fleet_Replacement_8\",null))),IF($D202=\"Repower\",IF($H202=\"Class_6\",\"Repower_6\",IF($H202=\"Class_7\",\"Repower_7\",IF($H202=\"Class_8\",\"Repower_8\",null))),IF($D202=\"2-for-1 Replace\",IF($L202=\"Class_6\",\"Replacement_6\",IF($L202=\"Class_7\",\"Small_Fleet_Replacement_7\",IF($L202=\"Class_8\",\"Small_Fleet_Replacement_8\",null))))))","v":false},null,null,null,null,{"$f":"IF(AND($B202<>\"4+ Trucks\",$D202=\"Replacement\",$P202=\"Diesel\",OR($L202=\"Class_7\",$H202=\"CLass_7\"),$M202=\"New: 2015+\"),\"small fleet new class 7 diesel\",IF(AND($B202<>\"4+ Trucks\",$D202=\"Replacement\",OR($P202=\"Diesel\",$P202=\"LNG/CNG\",$P202=\"Hybrid\"),OR($H202=\"Class_7\",$L202=\"Class_7\"),$M202=\"Used: 2011+\"),\"small fleet used class 7 diesel\",IF(AND($B202<>\"4+ Trucks\",$D202=\"Replacement\",$P202=\"Diesel\",$L202=\"Class_8\",$M202=\"New: 2015+\"),\"small fleet new class 8 diesel\",IF(AND($B202<>\"4+ Trucks\",$D202=\"Replacement\",$P202=\"Diesel\",$L202=\"Class_6\"),\"small fleet class 6 diesel\",IF(AND($B202<>\"4+ Trucks\",$D202=\"Replacement\",OR($P202=\"Diesel\",$P202=\"LNG/CNG\",$P202=\"Hybrid\"),$L202=\"Class_8\",$M202=\"Used: 2011+\"),\"small fleet used class 8 diesel\",IF(AND($B202<>\"4+ Trucks\",$D202=\"Repower\",$P202=\"Diesel\",(OR($L202=\"Class_8\",$L202=\"Class_7\"))),\"small fleet repower class 7/8\",IF(AND($B202<>\"4+ Trucks\",$D202=\"Repower\",$P202=\"Diesel\",$L202=\"Class_6\"),\"small fleet repower class 6\",IF(AND($D202=\"Replacement\",$P202=\"Zero Emission\",(OR($L202=\"Class_8\",$L202=\"Class_7\"))),\"zero emission class 7/8\",IF(AND($D202=\"Replacement\",$P202=\"Hybrid Zero-Mile\",(OR($L202=\"Class_8\",$L202=\"Class_7\"))),\"hybrid zero mile class 7/8\",IF(AND($D202=\"Replacement\",$P202=\"Low NOx\",(OR($L202=\"Class_8\",$L202=\"Class_7\"))),\"low nox class 7/8\",IF(AND($D202=\"Replacement\",$P202=\"Hybrid\",(OR($L202=\"Class_8\",$L202=\"Class_7\"))),\"hybrid class 7/8\",IF(AND($D202=\"Replacement\",$P202=\"LNG/CNG\",(OR($L202=\"Class_8\",$L202=\"Class_7\"))),\"lng/cng class 7/8\",IF(AND($D202=\"Replacement\",$P202=\"Zero Emission\",$L202=\"Class_6\"),\"zero emission class 6\",IF(AND($D202=\"Replacement\",$P202=\"Hybrid Zero-Mile\",$L202=\"Class_6\"),\"hybrid zero mile class 6\",IF(AND($D202=\"Replacement\",$P202=\"Low NOx\",$L202=\"Class_6\"),\"low nox class 6\",IF(AND($D202=\"Replacement\",$P202=\"Hybrid\",$L202=\"Class_6\"),\"hybrid class 6\",IF(AND($D202=\"Replacement\",$P202=\"LNG/CNG\",$L202=\"Class_6\"),\"lng/cng class 6\",(IF(AND($P202=\"Diesel\", OR($L202=\"Class_6\", $AE202=\"Class_6\")),\"small fleet class 6 diesel\",IF(AND($P202=\"Diesel\",$M202=\"New: 2015+\", OR($L202=\"Class_7\", $AE202=\"Class_7\")),\"small fleet new class 7 diesel\",IF(AND($P202=\"Diesel\",$M202=\"Used: 2011+\", OR($L202=\"Class_7\", $AE202=\"Class_7\")),\"small fleet used class 7 diesel\",IF(AND($P202=\"Diesel\",$M202=\"New: 2015+\", OR($L202=\"Class_8\", $AE202=\"Class_8\")),\"small fleet new class 8 diesel\",IF(AND($P202=\"Diesel\",$M202=\"Used: 2011+\", OR($L202=\"Class_8\", $AE202=\"Class_8\")),\"small fleet used class 8 diesel\",(IF(AND($P202=\"LNG/CNG\", OR($L202=\"Class_6\", $AE202=\"Class_6\")),\"lng/cng class 6\",(IF(AND($P202=\"Hybrid\", OR($L202=\"Class_6\", $AE202=\"Class_6\")),\"hybrid class 6\",(IF(AND($P202=\"Low NOx\", OR($L202=\"Class_6\", $AE202=\"Class_6\")),\"low nox class 6\",(IF(AND($P202=\"Hybrid Zero-Mile\", OR($L202=\"Class_6\", $AE202=\"Class_6\")),\"hybrid zero mile class 6\",(IF(AND($P202=\"Zero Emission\", OR($L202=\"Class_6\", $AE202=\"Class_6\")),\"zero emission class 6\",(IF(AND($P202=\"LNG/CNG\", OR($L202=\"Class_7\", $AE202=\"Class_7\")),\"lng/cng class 7/8\",(IF(AND($P202=\"Hybrid\", OR($L202=\"Class_7\", $AE202=\"Class_7\")),\"hybrid class 7/8\",(IF(AND($P202=\"Low NOx\", OR($L202=\"Class_7\", $AE202=\"Class_7\")),\"low nox class 7/8\",(IF(AND($P202=\"Hybrid Zero-Mile\", OR($L202=\"Class_7\", $AE202=\"Class_7\")),\"hybrid zero mile class 7/8\",(IF(AND($P202=\"Zero Emission\", OR($L202=\"Class_7\", $AE202=\"Class_7\")),\"zero emission class 7/8\",(IF(AND($P202=\"LNG/CNG\", OR($L202=\"Class_8\", $AE202=\"Class_8\")),\"lng/cng class 7/8\",(IF(AND($P202=\"Hybrid\", OR($L202=\"Class_8\", $AE202=\"Class_8\")),\"hybrid class 7/8\",(IF(AND($P202=\"Low NOx\", OR($L202=\"Class_8\", $AE202=\"Class_8\")),\"low nox class 7/8\",(IF(AND($P202=\"Hybrid Zero-Mile\", OR($L202=\"Class_8\", $AE202=\"Class_8\")),\"hybrid zero mile class 7/8\",(IF(AND($P202=\"Zero Emission\", OR($L202=\"Class_8\", $AE202=\"Class_8\")),\"zero emission class 7/8\")))))))))))))))))))))))))))))))))))))))))))))))))))))","v":false}]
["project 199",null,null,null,null,null,null,{"$f":"IF($G203=\"33,001 +\",\"Class_8\",IF($G203=\"26,001-33,000\",\"Class_7\",IF($G203=\"19,501-26,000\",\"Class_6\",\"\")))","v":""},null,null,null,null,null,null,{"$f":"IF(H203=\"Class_6\",IF(T203=\"No\",MIN(IF((J203*K203)<10000,0,J203*K203),IF((J203*N203)<10000,0,J203*N203)),IF(MIN(Y203*Z203,Y203*N203)+MIN(J203*K203,J203*N203)>9999,MIN(J203*K203,J203*N203),0)),IF(T203=\"No\",MIN(IF((J203*K203)<20000,0,J203*K203),IF((J203*N203)<20000,0,J203*N203)),IF(MIN(Y203*Z203,Y203*N203)+MIN(J203*K203,J203*N203)>19999,MIN(J203*K203,J203*N203),0)))","v":0},null,null,"","No","No",null,null,null,{"$f":"IF($W203=\"33,001 +\",\"Class_8\",IF($W203=\"26,001-33,000\",\"Class_7\",IF($W203=\"19,501-26,000\",\"Class_6\",IF($W203=\"\",\"\"))))","v":""},null,null,0,{"$f":"IF($T203=\"Yes\",IF(COUNTA($U203:$AA203)=7,\"Complete\",\"Incomplete\"),\"N/A\")","v":"N/A"},{"$f":"IF($D203=\"2-for-1 Replace\",IF(OR(COUNTA(A203:AA203)=27,COUNTA(A203:AA203)=29),\"Complete\",\"Incomplete\"),IF(OR($D203=\"Replacement\",$D203=\"Repower\"),IF(COUNTA(A203:Q203)=17,\"Complete\",\"Incomplete\"),\"Incomplete\"))","v":"Incomplete"},null,{"$f":"IF(OR($H203=\"Class_8\",$X203=\"Class_8\"),\"Class_8\",IF(OR($H203=\"Class_7\",$X203=\"Class_7\"),\"Class_7\",IF(OR($H203=\"Class_6\",$X203=\"Class_6\"),\"Class_6\")))","v":false},false,{"$f":"IF($D203=\"Repower\",IF($H203=\"Class_7\",IF($M203=\"New: 2013+ HHD\",\"CL7HHD\",\"gas\")))","v":false},false,null,{"$f":"IF($D203=\"2-for-1 Replace\",\"Norestr\",IF($AK203=\"Repower_8\",\"Repo8\",IF($AK203=\"Repower_7\",\"Repo7\",IF($AK203=\"Repower_6\",\"Repo6\",IF(OR($H203=\"Class_8\",$L203=\"Class_8\"),\"Replacement8HHD\",IF($D203=\"Replacement\",IF($H203=\"Class_6\",\"Replacement6\",IF($H203=\"Class_7\",IF($I203=\"MHD\",\"Replacement7MHD\",\"Replacement7HHD\"),IF($H203=\"Class_8\",IF($I203=\"HHD\",\"Replacement8HHD\",\"Replacement8MHD\")))),))))))","v":0},{"$f":"IF($D203=\"Replacement\",IF($H203=\"Class_6\",\"Replacement_6\",IF($H203=\"Class_7\",\"Replacement_7\",IF($H203=\"Class_8\",\"Replacement_8\",null))),IF($D203=\"Repower\",IF($H203=\"Class_6\",\"Repower_6\",IF($H203=\"Class_7\",\"Repower_7\",IF($H203=\"Class_8\",\"Repower_8\",null))),IF($D203=\"2-for-1 Replace\",IF($L203=\"Class_6\",\"Replacement_6\",IF($L203=\"Class_7\",\"Replacement_7\",IF($L203=\"Class_8\",\"Replacement_8\",null))))))","v":false},{"$f":"IF($D203=\"Replacement\",IF(AND($H203=\"Class_6\",$B203 <> \"4+ Trucks\"),\"Small_Fleet_Replacement_6\",IF(AND($H203=\"Class_7\",$B203 <> \"4+ Trucks\"),\"Small_Fleet_Replacement_7\",IF(AND($H203=\"Class_8\",$B203 <> \"4+ Trucks\"),\"Small_Fleet_Replacement_8\",null))),IF($D203=\"Repower\",IF($H203=\"Class_6\",\"Repower_6\",IF($H203=\"Class_7\",\"Repower_7\",IF($H203=\"Class_8\",\"Repower_8\",null))),IF($D203=\"2-for-1 Replace\",IF($L203=\"Class_6\",\"Replacement_6\",IF($L203=\"Class_7\",\"Small_Fleet_Replacement_7\",IF($L203=\"Class_8\",\"Small_Fleet_Replacement_8\",null))))))","v":false},null,null,null,null,{"$f":"IF(AND($B203<>\"4+ Trucks\",$D203=\"Replacement\",$P203=\"Diesel\",OR($L203=\"Class_7\",$H203=\"CLass_7\"),$M203=\"New: 2015+\"),\"small fleet new class 7 diesel\",IF(AND($B203<>\"4+ Trucks\",$D203=\"Replacement\",OR($P203=\"Diesel\",$P203=\"LNG/CNG\",$P203=\"Hybrid\"),OR($H203=\"Class_7\",$L203=\"Class_7\"),$M203=\"Used: 2011+\"),\"small fleet used class 7 diesel\",IF(AND($B203<>\"4+ Trucks\",$D203=\"Replacement\",$P203=\"Diesel\",$L203=\"Class_8\",$M203=\"New: 2015+\"),\"small fleet new class 8 diesel\",IF(AND($B203<>\"4+ Trucks\",$D203=\"Replacement\",$P203=\"Diesel\",$L203=\"Class_6\"),\"small fleet class 6 diesel\",IF(AND($B203<>\"4+ Trucks\",$D203=\"Replacement\",OR($P203=\"Diesel\",$P203=\"LNG/CNG\",$P203=\"Hybrid\"),$L203=\"Class_8\",$M203=\"Used: 2011+\"),\"small fleet used class 8 diesel\",IF(AND($B203<>\"4+ Trucks\",$D203=\"Repower\",$P203=\"Diesel\",(OR($L203=\"Class_8\",$L203=\"Class_7\"))),\"small fleet repower class 7/8\",IF(AND($B203<>\"4+ Trucks\",$D203=\"Repower\",$P203=\"Diesel\",$L203=\"Class_6\"),\"small fleet repower class 6\",IF(AND($D203=\"Replacement\",$P203=\"Zero Emission\",(OR($L203=\"Class_8\",$L203=\"Class_7\"))),\"zero emission class 7/8\",IF(AND($D203=\"Replacement\",$P203=\"Hybrid Zero-Mile\",(OR($L203=\"Class_8\",$L203=\"Class_7\"))),\"hybrid zero mile class 7/8\",IF(AND($D203=\"Replacement\",$P203=\"Low NOx\",(OR($L203=\"Class_8\",$L203=\"Class_7\"))),\"low nox class 7/8\",IF(AND($D203=\"Replacement\",$P203=\"Hybrid\",(OR($L203=\"Class_8\",$L203=\"Class_7\"))),\"hybrid class 7/8\",IF(AND($D203=\"Replacement\",$P203=\"LNG/CNG\",(OR($L203=\"Class_8\",$L203=\"Class_7\"))),\"lng/cng class 7/8\",IF(AND($D203=\"Replacement\",$P203=\"Zero Emission\",$L203=\"Class_6\"),\"zero emission class 6\",IF(AND($D203=\"Replacement\",$P203=\"Hybrid Zero-Mile\",$L203=\"Class_6\"),\"hybrid zero mile class 6\",IF(AND($D203=\"Replacement\",$P203=\"Low NOx\",$L203=\"Class_6\"),\"low nox class 6\",IF(AND($D203=\"Replacement\",$P203=\"Hybrid\",$L203=\"Class_6\"),\"hybrid class 6\",IF(AND($D203=\"Replacement\",$P203=\"LNG/CNG\",$L203=\"Class_6\"),\"lng/cng class 6\",(IF(AND($P203=\"Diesel\", OR($L203=\"Class_6\", $AE203=\"Class_6\")),\"small fleet class 6 diesel\",IF(AND($P203=\"Diesel\",$M203=\"New: 2015+\", OR($L203=\"Class_7\", $AE203=\"Class_7\")),\"small fleet new class 7 diesel\",IF(AND($P203=\"Diesel\",$M203=\"Used: 2011+\", OR($L203=\"Class_7\", $AE203=\"Class_7\")),\"small fleet used class 7 diesel\",IF(AND($P203=\"Diesel\",$M203=\"New: 2015+\", OR($L203=\"Class_8\", $AE203=\"Class_8\")),\"small fleet new class 8 diesel\",IF(AND($P203=\"Diesel\",$M203=\"Used: 2011+\", OR($L203=\"Class_8\", $AE203=\"Class_8\")),\"small fleet used class 8 diesel\",(IF(AND($P203=\"LNG/CNG\", OR($L203=\"Class_6\", $AE203=\"Class_6\")),\"lng/cng class 6\",(IF(AND($P203=\"Hybrid\", OR($L203=\"Class_6\", $AE203=\"Class_6\")),\"hybrid class 6\",(IF(AND($P203=\"Low NOx\", OR($L203=\"Class_6\", $AE203=\"Class_6\")),\"low nox class 6\",(IF(AND($P203=\"Hybrid Zero-Mile\", OR($L203=\"Class_6\", $AE203=\"Class_6\")),\"hybrid zero mile class 6\",(IF(AND($P203=\"Zero Emission\", OR($L203=\"Class_6\", $AE203=\"Class_6\")),\"zero emission class 6\",(IF(AND($P203=\"LNG/CNG\", OR($L203=\"Class_7\", $AE203=\"Class_7\")),\"lng/cng class 7/8\",(IF(AND($P203=\"Hybrid\", OR($L203=\"Class_7\", $AE203=\"Class_7\")),\"hybrid class 7/8\",(IF(AND($P203=\"Low NOx\", OR($L203=\"Class_7\", $AE203=\"Class_7\")),\"low nox class 7/8\",(IF(AND($P203=\"Hybrid Zero-Mile\", OR($L203=\"Class_7\", $AE203=\"Class_7\")),\"hybrid zero mile class 7/8\",(IF(AND($P203=\"Zero Emission\", OR($L203=\"Class_7\", $AE203=\"Class_7\")),\"zero emission class 7/8\",(IF(AND($P203=\"LNG/CNG\", OR($L203=\"Class_8\", $AE203=\"Class_8\")),\"lng/cng class 7/8\",(IF(AND($P203=\"Hybrid\", OR($L203=\"Class_8\", $AE203=\"Class_8\")),\"hybrid class 7/8\",(IF(AND($P203=\"Low NOx\", OR($L203=\"Class_8\", $AE203=\"Class_8\")),\"low nox class 7/8\",(IF(AND($P203=\"Hybrid Zero-Mile\", OR($L203=\"Class_8\", $AE203=\"Class_8\")),\"hybrid zero mile class 7/8\",(IF(AND($P203=\"Zero Emission\", OR($L203=\"Class_8\", $AE203=\"Class_8\")),\"zero emission class 7/8\")))))))))))))))))))))))))))))))))))))))))))))))))))))","v":false}]
["project 200",null,null,null,null,null,null,{"$f":"IF($G204=\"33,001 +\",\"Class_8\",IF($G204=\"26,001-33,000\",\"Class_7\",IF($G204=\"19,501-26,000\",\"Class_6\",\"\")))","v":""},null,null,null,null,null,null,{"$f":"IF(H204=\"Class_6\",IF(T204=\"No\",MIN(IF((J204*K204)<10000,0,J204*K204),IF((J204*N204)<10000,0,J204*N204)),IF(MIN(Y204*Z204,Y204*N204)+MIN(J204*K204,J204*N204)>9999,MIN(J204*K204,J204*N204),0)),IF(T204=\"No\",MIN(IF((J204*K204)<20000,0,J204*K204),IF((J204*N204)<20000,0,J204*N204)),IF(MIN(Y204*Z204,Y204*N204)+MIN(J204*K204,J204*N204)>19999,MIN(J204*K204,J204*N204),0)))","v":0},null,null,"","No","No",null,null,null,{"$f":"IF($W204=\"33,001 +\",\"Class_8\",IF($W204=\"26,001-33,000\",\"Class_7\",IF($W204=\"19,501-26,000\",\"Class_6\",IF($W204=\"\",\"\"))))","v":""},null,null,0,{"$f":"IF($T204=\"Yes\",IF(COUNTA($U204:$AA204)=7,\"Complete\",\"Incomplete\"),\"N/A\")","v":"N/A"},{"$f":"IF($D204=\"2-for-1 Replace\",IF(OR(COUNTA(A204:AA204)=27,COUNTA(A204:AA204)=29),\"Complete\",\"Incomplete\"),IF(OR($D204=\"Replacement\",$D204=\"Repower\"),IF(COUNTA(A204:Q204)=17,\"Complete\",\"Incomplete\"),\"Incomplete\"))","v":"Incomplete"},null,{"$f":"IF(OR($H204=\"Class_8\",$X204=\"Class_8\"),\"Class_8\",IF(OR($H204=\"Class_7\",$X204=\"Class_7\"),\"Class_7\",IF(OR($H204=\"Class_6\",$X204=\"Class_6\"),\"Class_6\")))","v":false},false,{"$f":"IF($D204=\"Repower\",IF($H204=\"Class_7\",IF($M204=\"New: 2013+ HHD\",\"CL7HHD\",\"gas\")))","v":false},false,null,{"$f":"IF($D204=\"2-for-1 Replace\",\"Norestr\",IF($AK204=\"Repower_8\",\"Repo8\",IF($AK204=\"Repower_7\",\"Repo7\",IF($AK204=\"Repower_6\",\"Repo6\",IF(OR($H204=\"Class_8\",$L204=\"Class_8\"),\"Replacement8HHD\",IF($D204=\"Replacement\",IF($H204=\"Class_6\",\"Replacement6\",IF($H204=\"Class_7\",IF($I204=\"MHD\",\"Replacement7MHD\",\"Replacement7HHD\"),IF($H204=\"Class_8\",IF($I204=\"HHD\",\"Replacement8HHD\",\"Replacement8MHD\")))),))))))","v":0},{"$f":"IF($D204=\"Replacement\",IF($H204=\"Class_6\",\"Replacement_6\",IF($H204=\"Class_7\",\"Replacement_7\",IF($H204=\"Class_8\",\"Replacement_8\",null))),IF($D204=\"Repower\",IF($H204=\"Class_6\",\"Repower_6\",IF($H204=\"Class_7\",\"Repower_7\",IF($H204=\"Class_8\",\"Repower_8\",null))),IF($D204=\"2-for-1 Replace\",IF($L204=\"Class_6\",\"Replacement_6\",IF($L204=\"Class_7\",\"Replacement_7\",IF($L204=\"Class_8\",\"Replacement_8\",null))))))","v":false},{"$f":"IF($D204=\"Replacement\",IF(AND($H204=\"Class_6\",$B204 <> \"4+ Trucks\"),\"Small_Fleet_Replacement_6\",IF(AND($H204=\"Class_7\",$B204 <> \"4+ Trucks\"),\"Small_Fleet_Replacement_7\",IF(AND($H204=\"Class_8\",$B204 <> \"4+ Trucks\"),\"Small_Fleet_Replacement_8\",null))),IF($D204=\"Repower\",IF($H204=\"Class_6\",\"Repower_6\",IF($H204=\"Class_7\",\"Repower_7\",IF($H204=\"Class_8\",\"Repower_8\",null))),IF($D204=\"2-for-1 Replace\",IF($L204=\"Class_6\",\"Replacement_6\",IF($L204=\"Class_7\",\"Small_Fleet_Replacement_7\",IF($L204=\"Class_8\",\"Small_Fleet_Replacement_8\",null))))))","v":false},null,null,null,null,{"$f":"IF(AND($B204<>\"4+ Trucks\",$D204=\"Replacement\",$P204=\"Diesel\",OR($L204=\"Class_7\",$H204=\"CLass_7\"),$M204=\"New: 2015+\"),\"small fleet new class 7 diesel\",IF(AND($B204<>\"4+ Trucks\",$D204=\"Replacement\",OR($P204=\"Diesel\",$P204=\"LNG/CNG\",$P204=\"Hybrid\"),OR($H204=\"Class_7\",$L204=\"Class_7\"),$M204=\"Used: 2011+\"),\"small fleet used class 7 diesel\",IF(AND($B204<>\"4+ Trucks\",$D204=\"Replacement\",$P204=\"Diesel\",$L204=\"Class_8\",$M204=\"New: 2015+\"),\"small fleet new class 8 diesel\",IF(AND($B204<>\"4+ Trucks\",$D204=\"Replacement\",$P204=\"Diesel\",$L204=\"Class_6\"),\"small fleet class 6 diesel\",IF(AND($B204<>\"4+ Trucks\",$D204=\"Replacement\",OR($P204=\"Diesel\",$P204=\"LNG/CNG\",$P204=\"Hybrid\"),$L204=\"Class_8\",$M204=\"Used: 2011+\"),\"small fleet used class 8 diesel\",IF(AND($B204<>\"4+ Trucks\",$D204=\"Repower\",$P204=\"Diesel\",(OR($L204=\"Class_8\",$L204=\"Class_7\"))),\"small fleet repower class 7/8\",IF(AND($B204<>\"4+ Trucks\",$D204=\"Repower\",$P204=\"Diesel\",$L204=\"Class_6\"),\"small fleet repower class 6\",IF(AND($D204=\"Replacement\",$P204=\"Zero Emission\",(OR($L204=\"Class_8\",$L204=\"Class_7\"))),\"zero emission class 7/8\",IF(AND($D204=\"Replacement\",$P204=\"Hybrid Zero-Mile\",(OR($L204=\"Class_8\",$L204=\"Class_7\"))),\"hybrid zero mile class 7/8\",IF(AND($D204=\"Replacement\",$P204=\"Low NOx\",(OR($L204=\"Class_8\",$L204=\"Class_7\"))),\"low nox class 7/8\",IF(AND($D204=\"Replacement\",$P204=\"Hybrid\",(OR($L204=\"Class_8\",$L204=\"Class_7\"))),\"hybrid class 7/8\",IF(AND($D204=\"Replacement\",$P204=\"LNG/CNG\",(OR($L204=\"Class_8\",$L204=\"Class_7\"))),\"lng/cng class 7/8\",IF(AND($D204=\"Replacement\",$P204=\"Zero Emission\",$L204=\"Class_6\"),\"zero emission class 6\",IF(AND($D204=\"Replacement\",$P204=\"Hybrid Zero-Mile\",$L204=\"Class_6\"),\"hybrid zero mile class 6\",IF(AND($D204=\"Replacement\",$P204=\"Low NOx\",$L204=\"Class_6\"),\"low nox class 6\",IF(AND($D204=\"Replacement\",$P204=\"Hybrid\",$L204=\"Class_6\"),\"hybrid class 6\",IF(AND($D204=\"Replacement\",$P204=\"LNG/CNG\",$L204=\"Class_6\"),\"lng/cng class 6\",(IF(AND($P204=\"Diesel\", OR($L204=\"Class_6\", $AE204=\"Class_6\")),\"small fleet class 6 diesel\",IF(AND($P204=\"Diesel\",$M204=\"New: 2015+\", OR($L204=\"Class_7\", $AE204=\"Class_7\")),\"small fleet new class 7 diesel\",IF(AND($P204=\"Diesel\",$M204=\"Used: 2011+\", OR($L204=\"Class_7\", $AE204=\"Class_7\")),\"small fleet used class 7 diesel\",IF(AND($P204=\"Diesel\",$M204=\"New: 2015+\", OR($L204=\"Class_8\", $AE204=\"Class_8\")),\"small fleet new class 8 diesel\",IF(AND($P204=\"Diesel\",$M204=\"Used: 2011+\", OR($L204=\"Class_8\", $AE204=\"Class_8\")),\"small fleet used class 8 diesel\",(IF(AND($P204=\"LNG/CNG\", OR($L204=\"Class_6\", $AE204=\"Class_6\")),\"lng/cng class 6\",(IF(AND($P204=\"Hybrid\", OR($L204=\"Class_6\", $AE204=\"Class_6\")),\"hybrid class 6\",(IF(AND($P204=\"Low NOx\", OR($L204=\"Class_6\", $AE204=\"Class_6\")),\"low nox class 6\",(IF(AND($P204=\"Hybrid Zero-Mile\", OR($L204=\"Class_6\", $AE204=\"Class_6\")),\"hybrid zero mile class 6\",(IF(AND($P204=\"Zero Emission\", OR($L204=\"Class_6\", $AE204=\"Class_6\")),\"zero emission class 6\",(IF(AND($P204=\"LNG/CNG\", OR($L204=\"Class_7\", $AE204=\"Class_7\")),\"lng/cng class 7/8\",(IF(AND($P204=\"Hybrid\", OR($L204=\"Class_7\", $AE204=\"Class_7\")),\"hybrid class 7/8\",(IF(AND($P204=\"Low NOx\", OR($L204=\"Class_7\", $AE204=\"Class_7\")),\"low nox class 7/8\",(IF(AND($P204=\"Hybrid Zero-Mile\", OR($L204=\"Class_7\", $AE204=\"Class_7\")),\"hybrid zero mile class 7/8\",(IF(AND($P204=\"Zero Emission\", OR($L204=\"Class_7\", $AE204=\"Class_7\")),\"zero emission class 7/8\",(IF(AND($P204=\"LNG/CNG\", OR($L204=\"Class_8\", $AE204=\"Class_8\")),\"lng/cng class 7/8\",(IF(AND($P204=\"Hybrid\", OR($L204=\"Class_8\", $AE204=\"Class_8\")),\"hybrid class 7/8\",(IF(AND($P204=\"Low NOx\", OR($L204=\"Class_8\", $AE204=\"Class_8\")),\"low nox class 7/8\",(IF(AND($P204=\"Hybrid Zero-Mile\", OR($L204=\"Class_8\", $AE204=\"Class_8\")),\"hybrid zero mile class 7/8\",(IF(AND($P204=\"Zero Emission\", OR($L204=\"Class_8\", $AE204=\"Class_8\")),\"zero emission class 7/8\")))))))))))))))))))))))))))))))))))))))))))))))))))))","v":false}]

{"sheet":"Calculations with Rule","index":5,"n_rows":206,"n_cols":109,"rows_kept":139,"cut":true,"hidden":true,"merged":[[4,96,4,98],[4,99,4,101],[4,102,4,104],[2,18,3,20],[2,21,3,28],[4,37,4,41],[4,42,4,46],[4,52,4,56],[4,47,4,51],[4,78,4,82],[4,73,4,77],[2,4,4,10],[2,12,4,17],[2,0,4,3],[2,73,3,108],[2,37,3,72],[4,18,4,20],[2,29,4,36],[4,60,4,62],[4,63,4,65],[4,66,4,68],[4,57,4,59],[4,69,4,71],[4,105,4,107],[4,88,4,92],[4,83,4,87],[4,93,4,95]],"bounds":{"rows_first":62,"rows_last":15,"rows_between":62,"halvings":5}}
["Emission Benefit Calculations for Equipment Projects (w/ T&B Rule)"]
[]
["Project Details",null,null,null,"Existing Truck Information ",null,null,null,null,null,null,null,"New Truck Information",null,null,null,null,null,"Financial Info",null,null,"2-for 1 Replacement: 2nd Truck Info. (if applicable)",null,null,null,null,null,null,null,"Hidden Holdies",null,null,null,null,null,null,null," PM2.5 EMISSIONS CALCULATIONS                                                                                                                                                    PM2.5 EMISSIONS CALCULATIONS",null,null,null,null,null,null,null,null,null,null,null,null,null,null,null,null,null,null,null,null,null,null,null,null,null,null,null,null,null,null,null,null,null,null,null," NOx EMISSIONS CALCULATIONS                                                                                                                                                    NOx EMISSIONS CALCULATIONS"]
[]
[null,null,null,null,null,null,null,null,null,null,null,null,null,null,null,null,null,null,null,null,null,null,null,null,null,null,null,null,null,null,null,null,null,null,null,null,null,"PM 2.5 Emissions baseline old truck ",null,null,null,null,"PM 2.5 Emission Rates old truck",null,null,null,null,"PM 2.5 Emissions new truck ",null,null,null,null,"PM 2.5 Emission Rates new truck",null,null,null,null,null,null,null,"PM2.5 - Year 2",null,null,"PM2.5 - Year 3",null,null,"PM2.5 - Year 4",null,null,"PM2.5 - Year 5",null,null,"PM2.5 TOTAL","NOx Emissions old truck ",null,null,null,null,"NOx Emission Rates old truck ",null,null,null,null,"NOx Emissions new truck ",null,null,null,null,"NOx Emission Rates new truck ",null,null,null,null,null,null,null,"NOx - Year 2",null,null,"NOx - Year 3",null,null,"NOx - Year 4",null,null,"NOx - Year 5",null,null,"NOx Total"]
["Project Name","Number of Trucks in Fleet?","1st year of operation","Equipment Project Option","Engine Model Year","Filter (DPF) Currently Installed?","Mfg. GVWR","Weight Class","Engine Duty Cycle Cert","Annual VMT","% CA Operation",null,"New Engine Details",null,"Weight Class","% CA Operation","CA VMT","Fuel Type","Funding Requested ($)",{"$f":"'Input data'!R4","v":"Maximum Allowed Funding ($)"},"AB-118 HVIP Funding?","2 Trucks Replaced by 1?","Engine Model Year of 2nd Truck","Filter (DPF) Installed on 2nd Truck?","Mfg. GVWR","Weight Class of 2nd Truck","Annual VMT of 2nd Truck ","% CA Operation 2nd Truck","CA VMT 2nd Truck","HIDDEN HOLD","HIDDEN HOLD","HIDDEN HOLD","Hidden for input page only",{"$f":"'Input data'!AF4","v":"hidden* search mod. REPOW7 ExistingTRK"},{"$f":"'Input data'!AG4","v":"hidden* search mod. REPOW7 NEWTRK - CL7HHD"},{"$f":"'Input data'!AH4","v":"CL7HHD>CL8 ExistingTRK"},{"$f":"'Input data'!AI4","v":"hidden* search modification field NEWTRK"},"Year 1 (lbs)","Year 2 (lbs)","Year 3 (lbs)","Year 4 (lbs)","Year 5 (lbs)","old-PMtestYr1 (g/mi)","old-PMtestYr2 (g/mi)","old-PMtestYr3 (g/mi)","old-PMtestYr4 (g/mi)","old-PMtestYr5 (g/mi)","Year 1 (lbs)","Year 2 (lbs)","Year 3 (lbs)","Year 4 (lbs)","Year 5 (lbs)","New-PMtestYr1 (g/mi)","New-PMtestYr2 (g/mi)","New-PMtestYr3 (g/mi)","New-PMtestYr4 (g/mi)","New-PMtestYr5 (g/mi)","Truck 1 PM2.5 Emissions benefits year 1 (lbs)"," Additional PM2.5 benefits for 2nd truck","Total PM2.5 benefits year 1 (lbs)  ","PM2.5 Emissions benefits year 2 (lbs)"," Additional PM2.5 benefits for 2nd truck","Total PM2.5 benefits year 2 (lbs)  ","PM2.5 Emissions benefits year 3 (lbs)"," Additional PM2.5 benefits for 2nd truck","Total PM2.5 benefits year 3 (lbs)  ","PM2.5 Emissions benefits year 4 (lbs)"," Additional PM2.5 benefits for 2nd truck","Total PM2.5 benefits year 4 (lbs)  ","PM2.5 Emissions benefits year 5 (lbs)"," Additional PM2.5 benefits for 2nd truck","Total PM2.5 benefits year 5 (lbs)  ","Total PM2.5 benefits year  (lbs)  ","Year 1 (lbs)","Year 2 (lbs)","Year 3 (lbs)","Year 4 (lbs)","Year 5 (lbs)","old-NOxtestYr1 (g/mi)","old-NOxtestYr2 (g/mi)","old-NOxtestYr3 (g/mi)","old-NOxtestYr4 (g/mi)","old-NOxtestYr5 (g/mi)","Year 1 (lbs)","Year 2 (lbs)","Year 3 (lbs)","Year 4 (lbs)","Year 5 (lbs)","new-NOxtestYr1 (g/mi)","new-NOxtestYr2 (g/mi)","new-NOxtestYr3 (g/mi)","new-NOxtestYr4 (g/mi)","new-NOxtestYr5 (g/mi)","NOx Emissions benefits 1 year (lbs)","NOx benefits 2nd truck","Total NOx benefits year 1 (lbs) ","NOx Emissions benefits 2 year (lbs)"," Additional NOx benefits 2nd truck","Total NOx benefits year 2 (lbs) ","NOx Emissions benefits 3 year (lbs)"," Additional NOx benefits 2nd truck","Total NOx benefits year 3 (lbs) ","NOx Emissions benefits 4 year (lbs)"," Additional NOx benefits 2nd truck","Total NOx benefits year 4 (lbs) ","NOx Emissions benefits 5 year (lbs)"," Additional NOx benefits 2nd truck","Total NOx benefits year 5 (lbs) ","Total NOx benefits (lbs) "]
[{"$f":"'Input data'!A5","v":"project 1"},{"$f":"'Input data'!B5","v":0},{"$f":"'Input data'!C5","v":0},{"$f":"'Input data'!D5","v":0},{"$f":"'Input data'!E5","v":0},{"$f":"'Input data'!F5","v":0},{"$f":"'Input data'!G5","v":0},{"$f":"'Input data'!H5","v":""},{"$f":"'Input data'!I5","v":0},{"$f":"'Input data'!J5","v":0},{"$f":"'Input data'!K5","v":0},{"$f":"'Input data'!AK5","v":false},{"$f":"'Input data'!M5","v":0},{"$f":"'Input data'!AJ5","v":0},{"$f":"'Input data'!L5","v":0},{"$f":"'Input data'!N5","v":0},{"$f":"'Input data'!O5","v":0},{"$f":"'Input data'!P5","v":0},{"$f":"'Input data'!Q5","v":0},{"$f":"'Input data'!R5","v":""},{"$f":"'Input data'!$S5","v":"No"},{"$f":"'Input data'!T5","v":"No"},{"$f":"'Input data'!U5","v":0},{"$f":"'Input data'!V5","v":0},{"$f":"'Input data'!W5","v":0},{"$f":"'Input data'!X5","v":""},{"$f":"'Input data'!Y5","v":0},{"$f":"'Input data'!Z5","v":0},{"$f":"'Input data'!AA5","v":0},null,null,{"$f":"'Input data'!AD5","v":0},{"$f":"'Input data'!AE5","v":false},{"$f":"'Input data'!AF5","v":false},{"$f":"'Input data'!AG5","v":false},{"$f":"'Input data'!AH5","v":false},null,{"$f":"IF($B7=\"4+ Trucks\",IF(OR($H7=\"Class_8\",$N7=\"Replacement8HHD\",$AH7=\"CL7HHD\",$AJ7=\"CL7to8\"),INDEX('ER C8 FLT4'!$A$4:$I$340,MATCH($E7&$C7,'ER C8 FLT4'!$A$4:$A$340&'ER C8 FLT4'!$B$4:$B$340,1),8)*IF(OR($H7=\"Class_8\",$N7=\"Replacement8HHD\",$AH7=\"CL7HHD\",$AJ7=\"CL7to8\"),INDEX('ER C8 FLT4'!$A$4:$K$340,MATCH($E7&$C7,'ER C8 FLT4'!$A$4:$A$340&'ER C8 FLT4'!$B$4:$B$340,1),9)),IF($H7=\"Class_7\",INDEX('ER C7 FLT4'!$A$4:$J$340,MATCH($E7&$C7,'ER C7 FLT4'!$A$4:$A$340&'ER C7 FLT4'!$B$4:$B$340,1),8)*IF($H7=\"Class_7\",INDEX('ER C7 FLT4'!$A$4:$J$340,MATCH($E7&$C7,'ER C7 FLT4'!$A$4:$A$340&'ER C7 FLT4'!$B$4:$B$340,1),9)),\nIF($H7=\"Class_6\",INDEX('ER C6 FLT4'!$A$4:$J$340,MATCH($E7&$C7,'ER C6 FLT4'!$A$4:$A$340&'ER C6 FLT4'!$B$4:$B$340,1),8)*IF($H7=\"Class_6\",INDEX('ER C6 FLT4'!$A$4:$L$340,MATCH($E7&$C7,'ER C6 FLT4'!$A$4:$A$340&'ER C6 FLT4'!$B$4:$B$340,1),9))))),IF($B7=\"3 Trucks\",IF(OR($H7=\"Class_8\",$N7=\"Replacement8HHD\",$AH7=\"CL7HHD\",$AJ7=\"CL7to8\"),INDEX('ER C8 FLT3'!$A$4:$J$340,MATCH($E7&$C7,'ER C8 FLT3'!$A$4:$A$340&'ER C8 FLT3'!$B$4:$B$340,1),8)*IF(OR($H7=\"Class_8\",$N7=\"Replacement8HHD\",$AH7=\"CL7HHD\",$AJ7=\"CL7to8\"),INDEX('ER C8 FLT3'!$A$4:$J$340,MATCH($E7&$C7,'ER C8 FLT3'!$A$4:$A$340&'ER C8 FLT3'!$B$4:$B$340,1),9)),IF($H7=\"Class_7\",INDEX('ER C7 FLT3'!$A$4:$J$340,MATCH($E7&$C7,'ER C7 FLT3'!$A$4:$A$340&'ER C7 FLT3'!$B$4:$B$340,1),8)*IF($H7=\"Class_7\",INDEX('ER C7 FLT3'!$A$4:$J$340,MATCH($E7&$C7,'ER C7 FLT3'!$A$4:$A$340&'ER C7 FLT3'!$B$4:$B$340,1),9)),\nIF($H7=\"Class_6\",INDEX('ER C6 FLT3'!$A$4:$J$340,MATCH($E7&$C7,'ER C6 FLT3'!$A$4:$A$340&'ER C6 FLT3'!$B$4:$B$340,1),8)*IF($H7=\"Class_6\",INDEX('ER C6 FLT3'!$A$4:$L$340,MATCH($E7&$C7,'ER C6 FLT3'!$A$4:$A$340&'ER C6 FLT3'!$B$4:$B$340,1),9))))),IF($B7=\"2 Trucks\",IF(OR($H7=\"Class_8\",$N7=\"Replacement8HHD\",$AH7=\"CL7HHD\",$AJ7=\"CL7to8\"),INDEX('ER C8 FLT2'!$A$4:$J$340,MATCH($E7&$C7,'ER C8 FLT2'!$A$4:$A$340&'ER C8 FLT2'!$B$4:$B$340,1),8)*IF(OR($H7=\"Class_8\",$N7=\"Replacement8HHD\",$AH7=\"CL7HHD\",$AJ7=\"CL7to8\"),INDEX('ER C8 FLT2'!$A$4:$J$340,MATCH($E7&$C7,'ER C8 FLT2'!$A$4:$A$340&'ER C8 FLT2'!$B$4:$B$340,1),9)),IF($H7=\"Class_7\",INDEX('ER C7 FLT2'!$A$4:$J$340,MATCH($E7&$C7,'ER C7 FLT2'!$A$4:$A$340&'ER C7 FLT2'!$B$4:$B$340,1),8)*IF($H7=\"Class_7\",INDEX('ER C7 FLT2'!$A$4:$J$340,MATCH($E7&$C7,'ER C7 FLT2'!$A$4:$A$340&'ER C7 FLT2'!$B$4:$B$340,1),9)),IF($H7=\"Class_6\",INDEX('ER C6 FLT2'!$A$4:$J$340,MATCH($E7&$C7,'ER C6 FLT2'!$A$4:$A$340&'ER C6 FLT2'!$B$4:$B$340,1),8)*IF($H7=\"Class_6\",INDEX('ER C6 FLT2'!$A$4:$J$340,MATCH($E7&$C7,'ER C6 FLT2'!$A$4:$A$340&'ER C6 FLT2'!$B$4:$B$340,1),9))))),IF($B7=\"1 Truck\",\nIF(OR($H7=\"Class_8\",$N7=\"Replacement8HHD\",$AH7=\"CL7HHD\",$AJ7=\"CL7to8\"),INDEX('ER C8 FLT1'!$A$4:$J$340,MATCH($E7&$C7,'ER C8 FLT1'!$A$4:$A$340&'ER C8 FLT1'!$B$4:$B$340,1),8)*IF(OR($H7=\"Class_8\",$N7=\"Replacement8HHD\",$AH7=\"CL7HHD\",$AJ7=\"CL7to8\"),INDEX('ER C8 FLT1'!$A$4:$J$340,MATCH($E7&$C7,'ER C8 FLT1'!$A$4:$A$340&'ER C8 FLT1'!$B$4:$B$340,1),9)),IF($H7=\"Class_7\",INDEX('ER C7 FLT1'!$A$4:$J$340,MATCH($E7&$C7,'ER C7 FLT1'!$A$4:$A$340&'ER C7 FLT1'!$B$4:$B$340,1),8)*IF($H7=\"Class_7\",INDEX('ER C7 FLT1'!$A$4:$J$340,MATCH($E7&$C7,'ER C7 FLT1'!$A$4:$A$340&'ER C7 FLT1'!$B$4:$B$340,1),9)),\nIF($H7=\"Class_6\",INDEX('ER C6 FLT1'!$A$4:$J$340,MATCH($E7&$C7,'ER C6 FLT1'!$A$4:$A$340&'ER C6 FLT1'!$B$4:$B$340,1),8)*IF($H7=\"Class_6\",INDEX('ER C6 FLT1'!$A$4:$J$340,MATCH($E7&$C7,'ER C6 FLT1'!$A$4:$A$340&'ER C6 FLT1'!$B$4:$B$340,1),9)))))))))*IF($F7=\"Level 1 PM\",0.75,IF($F7=\"Level 2 PM\",0.5,IF($F7=\"Level 3 PM\",0,IF($F7=\"Level 3 PM + Mark I NOx\",0,1))))*($Q7/453.6)","v":0},{"$f":"IF($B7=\"4+ Trucks\",IF(OR($H7=\"Class_8\",$N7=\"Replacement8HHD\",$AH7=\"CL7HHD\",$AJ7=\"CL7to8\"),INDEX('ER C8 FLT4'!$A$4:$K$340,MATCH($E7&$C7,'ER C8 FLT4'!$A$4:$A$340&'ER C8 FLT4'!$B$4:$B$340-1,1),8)*IF(OR($H7=\"Class_8\",$N7=\"Replacement8HHD\",$AH7=\"CL7HHD\",$AJ7=\"CL7to8\"),INDEX('ER C8 FLT4'!$A$4:$K$340,MATCH($E7&$C7,'ER C8 FLT4'!$A$4:$A$340&'ER C8 FLT4'!$B$4:$B$340-1,1),9)),IF($H7=\"Class_7\",INDEX('ER C7 FLT4'!$A$4:$J$340,MATCH($E7&$C7,'ER C7 FLT4'!$A$4:$A$340&'ER C7 FLT4'!$B$4:$B$340-1,1),8)*IF($H7=\"Class_7\",INDEX('ER C7 FLT4'!$A$4:$J$340,MATCH($E7&$C7,'ER C7 FLT4'!$A$4:$A$340&'ER C7 FLT4'!$B$4:$B$340-1,1),9)),\nIF($H7=\"Class_6\",INDEX('ER C6 FLT4'!$A$4:$J$340,MATCH($E7&$C7,'ER C6 FLT4'!$A$4:$A$340&'ER C6 FLT4'!$B$4:$B$340-1,1),8)*IF($H7=\"Class_6\",INDEX('ER C6 FLT4'!$A$4:$L$340,MATCH($E7&$C7,'ER C6 FLT4'!$A$4:$A$340&'ER C6 FLT4'!$B$4:$B$340-1,1),9))))),\nIF($B7=\"3 Trucks\",IF(OR($H7=\"Class_8\",$N7=\"Replacement8HHD\",$AH7=\"CL7HHD\",$AJ7=\"CL7to8\"),INDEX('ER C8 FLT3'!$A$4:$J$340,MATCH($E7&$C7,'ER C8 FLT3'!$A$4:$A$340&'ER C8 FLT3'!$B$4:$B$340-1,1),8)*IF(OR($H7=\"Class_8\",$N7=\"Replacement8HHD\",$AH7=\"CL7HHD\",$AJ7=\"CL7to8\"),INDEX('ER C8 FLT3'!$A$4:$J$340,MATCH($E7&$C7,'ER C8 FLT3'!$A$4:$A$340&'ER C8 FLT3'!$B$4:$B$340-1,1),9)),IF($H7=\"Class_7\",INDEX('ER C7 FLT3'!$A$4:$J$340,MATCH($E7&$C7,'ER C7 FLT3'!$A$4:$A$340&'ER C7 FLT3'!$B$4:$B$340-1,1),8)*IF($H7=\"Class_7\",INDEX('ER C7 FLT3'!$A$4:$J$340,MATCH($E7&$C7,'ER C7 FLT3'!$A$4:$A$340&'ER C7 FLT3'!$B$4:$B$340-1,1),9)),\nIF($H7=\"Class_6\",INDEX('ER C6 FLT3'!$A$4:$J$340,MATCH($E7&$C7,'ER C6 FLT3'!$A$4:$A$340&'ER C6 FLT3'!$B$4:$B$340-1,1),8)*IF($H7=\"Class_6\",INDEX('ER C6 FLT3'!$A$4:$L$340,MATCH($E7&$C7,'ER C6 FLT3'!$A$4:$A$340&'ER C6 FLT3'!$B$4:$B$340-1,1),9))))),IF($B7=\"2 Trucks\",IF(OR($H7=\"Class_8\",$N7=\"Replacement8HHD\",$AH7=\"CL7HHD\",$AJ7=\"CL7to8\"),INDEX('ER C8 FLT2'!$A$4:$J$340,MATCH($E7&$C7,'ER C8 FLT2'!$A$4:$A$340&'ER C8 FLT2'!$B$4:$B$340-1,1),8)*IF(OR($H7=\"Class_8\",$N7=\"Replacement8HHD\",$AH7=\"CL7HHD\",$AJ7=\"CL7to8\"),INDEX('ER C8 FLT2'!$A$4:$J$340,MATCH($E7&$C7,'ER C8 FLT2'!$A$4:$A$340&'ER C8 FLT2'!$B$4:$B$340-1,1),9)),IF($H7=\"Class_7\",INDEX('ER C7 FLT2'!$A$4:$J$340,MATCH($E7&$C7,'ER C7 FLT2'!$A$4:$A$340&'ER C7 FLT2'!$B$4:$B$340-1,1),8)*IF($H7=\"Class_7\",INDEX('ER C7 FLT2'!$A$4:$J$340,MATCH($E7&$C7,'ER C7 FLT2'!$A$4:$A$340&'ER C7 FLT2'!$B$4:$B$340-1,1),9)),IF($H7=\"Class_6\",INDEX('ER C6 FLT2'!$A$4:$J$340,MATCH($E7&$C7,'ER C6 FLT2'!$A$4:$A$340&'ER C6 FLT2'!$B$4:$B$340-1,1),8)*IF($H7=\"Class_6\",INDEX('ER C6 FLT2'!$A$4:$J$340,MATCH($E7&$C7,'ER C6 FLT2'!$A$4:$A$340&'ER C6 FLT2'!$B$4:$B$340-1,1),9))))),IF($B7=\"1 Truck\",\nIF(OR($H7=\"Class_8\",$N7=\"Replacement8HHD\",$AH7=\"CL7HHD\",$AJ7=\"CL7to8\"),INDEX('ER C8 FLT1'!$A$4:$J$340,MATCH($E7&$C7,'ER C8 FLT1'!$A$4:$A$340&'ER C8 FLT1'!$B$4:$B$340-1,1),8)*IF(OR($H7=\"Class_8\",$N7=\"Replacement8HHD\",$AH7=\"CL7HHD\",$AJ7=\"CL7to8\"),INDEX('ER C8 FLT1'!$A$4:$J$340,MATCH($E7&$C7,'ER C8 FLT1'!$A$4:$A$340&'ER C8 FLT1'!$B$4:$B$340-1,1),9)),IF($H7=\"Class_7\",INDEX('ER C7 FLT1'!$A$4:$J$340,MATCH($E7&$C7,'ER C7 FLT1'!$A$4:$A$340&'ER C7 FLT1'!$B$4:$B$340-1,1),8)*IF($H7=\"Class_7\",INDEX('ER C7 FLT1'!$A$4:$J$340,MATCH($E7&$C7,'ER C7 FLT1'!$A$4:$A$340&'ER C7 FLT1'!$B$4:$B$340-1,1),9)),\nIF($H7=\"Class_6\",INDEX('ER C6 FLT1'!$A$4:$J$340,MATCH($E7&$C7,'ER C6 FLT1'!$A$4:$A$340&'ER C6 FLT1'!$B$4:$B$340-1,1),8)*IF($H7=\"Class_6\",INDEX('ER C6 FLT1'!$A$4:$J$340,MATCH($E7&$C7,'ER C6 FLT1'!$A$4:$A$340&'ER C6 FLT1'!$B$4:$B$340-1,1),9))))))))*IF($F7=\"Level 1 PM\",0.75,IF($F7=\"Level 2 PM\",0.5,IF($F7=\"Level 3 PM\",0,IF($F7=\"Level 3 PM + Mark I NOx\",0,1)))))*($Q7/453.6)","v":0},{"$f":"IF($B7=\"4+ Trucks\",IF(OR($H7=\"Class_8\",$N7=\"Replacement8HHD\",$AH7=\"CL7HHD\",$AJ7=\"CL7to8\"),INDEX('ER C8 FLT4'!$A$4:$K$340,MATCH($E7&$C7,'ER C8 FLT4'!$A$4:$A$340&'ER C8 FLT4'!$B$4:$B$340-2,1),8)*IF(OR($H7=\"Class_8\",$N7=\"Replacement8HHD\",$AH7=\"CL7HHD\",$AJ7=\"CL7to8\"),INDEX('ER C8 FLT4'!$A$4:$K$340,MATCH($E7&$C7,'ER C8 FLT4'!$A$4:$A$340&'ER C8 FLT4'!$B$4:$B$340-2,1),9)),IF($H7=\"Class_7\",INDEX('ER C7 FLT4'!$A$4:$J$340,MATCH($E7&$C7,'ER C7 FLT4'!$A$4:$A$340&'ER C7 FLT4'!$B$4:$B$340-2,1),8)*IF($H7=\"Class_7\",INDEX('ER C7 FLT4'!$A$4:$J$340,MATCH($E7&$C7,'ER C7 FLT4'!$A$4:$A$340&'ER C7 FLT4'!$B$4:$B$340-2,1),9)),\nIF($H7=\"Class_6\",INDEX('ER C6 FLT4'!$A$4:$J$340,MATCH($E7&$C7,'ER C6 FLT4'!$A$4:$A$340&'ER C6 FLT4'!$B$4:$B$340-2,1),8)*IF($H7=\"Class_6\",INDEX('ER C6 FLT4'!$A$4:$L$340,MATCH($E7&$C7,'ER C6 FLT4'!$A$4:$A$340&'ER C6 FLT4'!$B$4:$B$340-2,1),9))))),\nIF($B7=\"3 Trucks\",IF(OR($H7=\"Class_8\",$N7=\"Replacement8HHD\",$AH7=\"CL7HHD\",$AJ7=\"CL7to8\"),INDEX('ER C8 FLT3'!$A$4:$J$340,MATCH($E7&$C7,'ER C8 FLT3'!$A$4:$A$340&'ER C8 FLT3'!$B$4:$B$340-2,1),8)*IF(OR($H7=\"Class_8\",$N7=\"Replacement8HHD\",$AH7=\"CL7HHD\",$AJ7=\"CL7to8\"),INDEX('ER C8 FLT3'!$A$4:$J$340,MATCH($E7&$C7,'ER C8 FLT3'!$A$4:$A$340&'ER C8 FLT3'!$B$4:$B$340-2,1),9)),IF($H7=\"Class_7\",INDEX('ER C7 FLT3'!$A$4:$J$340,MATCH($E7&$C7,'ER C7 FLT3'!$A$4:$A$340&'ER C7 FLT3'!$B$4:$B$340-2,1),8)*IF($H7=\"Class_7\",INDEX('ER C7 FLT3'!$A$4:$J$340,MATCH($E7&$C7,'ER C7 FLT3'!$A$4:$A$340&'ER C7 FLT3'!$B$4:$B$340-2,1),9)),\nIF($H7=\"Class_6\",INDEX('ER C6 FLT3'!$A$4:$J$340,MATCH($E7&$C7,'ER C6 FLT3'!$A$4:$A$340&'ER C6 FLT3'!$B$4:$B$340-2,1),8)*IF($H7=\"Class_6\",INDEX('ER C6 FLT3'!$A$4:$L$340,MATCH($E7&$C7,'ER C6 FLT3'!$A$4:$A$340&'ER C6 FLT3'!$B$4:$B$340-2,1),9))))),IF($B7=\"2 Trucks\",IF(OR($H7=\"Class_8\",$N7=\"Replacement8HHD\",$AH7=\"CL7HHD\",$AJ7=\"CL7to8\"),INDEX('ER C8 FLT2'!$A$4:$J$340,MATCH($E7&$C7,'ER C8 FLT2'!$A$4:$A$340&'ER C8 FLT2'!$B$4:$B$340-2,1),8)*IF(OR($H7=\"Class_8\",$N7=\"Replacement8HHD\",$AH7=\"CL7HHD\",$AJ7=\"CL7to8\"),INDEX('ER C8 FLT2'!$A$4:$J$340,MATCH($E7&$C7,'ER C8 FLT2'!$A$4:$A$340&'ER C8 FLT2'!$B$4:$B$340-2,1),9)),IF($H7=\"Class_7\",INDEX('ER C7 FLT2'!$A$4:$J$340,MATCH($E7&$C7,'ER C7 FLT2'!$A$4:$A$340&'ER C7 FLT2'!$B$4:$B$340-2,1),8)*IF($H7=\"Class_7\",INDEX('ER C7 FLT2'!$A$4:$J$340,MATCH($E7&$C7,'ER C7 FLT2'!$A$4:$A$340&'ER C7 FLT2'!$B$4:$B$340-2,1),9)),IF($H7=\"Class_6\",INDEX('ER C6 FLT2'!$A$4:$J$340,MATCH($E7&$C7,'ER C6 FLT2'!$A$4:$A$340&'ER C6 FLT2'!$B$4:$B$340-2,1),8)*IF($H7=\"Class_6\",INDEX('ER C6 FLT2'!$A$4:$J$340,MATCH($E7&$C7,'ER C6 FLT2'!$A$4:$A$340&'ER C6 FLT2'!$B$4:$B$340-2,1),9))))),IF($B7=\"1 Truck\",\nIF(OR($H7=\"Class_8\",$N7=\"Replacement8HHD\",$AH7=\"CL7HHD\",$AJ7=\"CL7to8\"),INDEX('ER C8 FLT1'!$A$4:$J$340,MATCH($E7&$C7,'ER C8 FLT1'!$A$4:$A$340&'ER C8 FLT1'!$B$4:$B$340-2,1),8)*IF(OR($H7=\"Class_8\",$N7=\"Replacement8HHD\",$AH7=\"CL7HHD\",$AJ7=\"CL7to8\"),INDEX('ER C8 FLT1'!$A$4:$J$340,MATCH($E7&$C7,'ER C8 FLT1'!$A$4:$A$340&'ER C8 FLT1'!$B$4:$B$340-2,1),9)),IF($H7=\"Class_7\",INDEX('ER C7 FLT1'!$A$4:$J$340,MATCH($E7&$C7,'ER C7 FLT1'!$A$4:$A$340&'ER C7 FLT1'!$B$4:$B$340-2,1),8)*IF($H7=\"Class_7\",INDEX('ER C7 FLT1'!$A$4:$J$340,MATCH($E7&$C7,'ER C7 FLT1'!$A$4:$A$340&'ER C7 FLT1'!$B$4:$B$340-2,1),9)),\nIF($H7=\"Class_6\",INDEX('ER C6 FLT1'!$A$4:$J$340,MATCH($E7&$C7,'ER C6 FLT1'!$A$4:$A$340&'ER C6 FLT1'!$B$4:$B$340-2,1),8)*IF($H7=\"Class_6\",INDEX('ER C6 FLT1'!$A$4:$J$340,MATCH($E7&$C7,'ER C6 FLT1'!$A$4:$A$340&'ER C6 FLT1'!$B$4:$B$340-2,1),9))))))))*IF($F7=\"Level 1 PM\",0.75,IF($F7=\"Level 2 PM\",0.5,IF($F7=\"Level 3 PM\",0,IF($F7=\"Level 3 PM + Mark I NOx\",0,1)))))*($Q7/453.6)","v":0},{"$f":"IF($B7=\"4+ Trucks\",IF(OR($H7=\"Class_8\",$N7=\"Replacement8HHD\",$AH7=\"CL7HHD\",$AJ7=\"CL7to8\"),INDEX('ER C8 FLT4'!$A$4:$K$340,MATCH($E7&$C7,'ER C8 FLT4'!$A$4:$A$340&'ER C8 FLT4'!$B$4:$B$340-3,1),8)*IF(OR($H7=\"Class_8\",$N7=\"Replacement8HHD\",$AH7=\"CL7HHD\",$AJ7=\"CL7to8\"),INDEX('ER C8 FLT4'!$A$4:$K$340,MATCH($E7&$C7,'ER C8 FLT4'!$A$4:$A$340&'ER C8 FLT4'!$B$4:$B$340-3,1),9)),IF($H7=\"Class_7\",INDEX('ER C7 FLT4'!$A$4:$J$340,MATCH($E7&$C7,'ER C7 FLT4'!$A$4:$A$340&'ER C7 FLT4'!$B$4:$B$340-3,1),8)*IF($H7=\"Class_7\",INDEX('ER C7 FLT4'!$A$4:$J$340,MATCH($E7&$C7,'ER C7 FLT4'!$A$4:$A$340&'ER C7 FLT4'!$B$4:$B$340-3,1),9)),\nIF($H7=\"Class_6\",INDEX('ER C6 FLT4'!$A$4:$J$340,MATCH($E7&$C7,'ER C6 FLT4'!$A$4:$A$340&'ER C6 FLT4'!$B$4:$B$340-3,1),8)*IF($H7=\"Class_6\",INDEX('ER C6 FLT4'!$A$4:$L$340,MATCH($E7&$C7,'ER C6 FLT4'!$A$4:$A$340&'ER C6 FLT4'!$B$4:$B$340-3,1),9))))),\nIF($B7=\"3 Trucks\",IF(OR($H7=\"Class_8\",$N7=\"Replacement8HHD\",$AH7=\"CL7HHD\",$AJ7=\"CL7to8\"),INDEX('ER C8 FLT3'!$A$4:$J$340,MATCH($E7&$C7,'ER C8 FLT3'!$A$4:$A$340&'ER C8 FLT3'!$B$4:$B$340-3,1),8)*IF(OR($H7=\"Class_8\",$N7=\"Replacement8HHD\",$AH7=\"CL7HHD\",$AJ7=\"CL7to8\"),INDEX('ER C8 FLT3'!$A$4:$J$340,MATCH($E7&$C7,'ER C8 FLT3'!$A$4:$A$340&'ER C8 FLT3'!$B$4:$B$340-3,1),9)),IF($H7=\"Class_7\",INDEX('ER C7 FLT3'!$A$4:$J$340,MATCH($E7&$C7,'ER C7 FLT3'!$A$4:$A$340&'ER C7 FLT3'!$B$4:$B$340-3,1),8)*IF($H7=\"Class_7\",INDEX('ER C7 FLT3'!$A$4:$J$340,MATCH($E7&$C7,'ER C7 FLT3'!$A$4:$A$340&'ER C7 FLT3'!$B$4:$B$340-3,1),9)),\nIF($H7=\"Class_6\",INDEX('ER C6 FLT3'!$A$4:$J$340,MATCH($E7&$C7,'ER C6 FLT3'!$A$4:$A$340&'ER C6 FLT3'!$B$4:$B$340-3,1),8)*IF($H7=\"Class_6\",INDEX('ER C6 FLT3'!$A$4:$L$340,MATCH($E7&$C7,'ER C6 FLT3'!$A$4:$A$340&'ER C6 FLT3'!$B$4:$B$340-3,1),9))))),IF($B7=\"2 Trucks\",IF(OR($H7=\"Class_8\",$N7=\"Replacement8HHD\",$AH7=\"CL7HHD\",$AJ7=\"CL7to8\"),INDEX('ER C8 FLT2'!$A$4:$J$340,MATCH($E7&$C7,'ER C8 FLT2'!$A$4:$A$340&'ER C8 FLT2'!$B$4:$B$340-3,1),8)*IF(OR($H7=\"Class_8\",$N7=\"Replacement8HHD\",$AH7=\"CL7HHD\",$AJ7=\"CL7to8\"),INDEX('ER C8 FLT2'!$A$4:$J$340,MATCH($E7&$C7,'ER C8 FLT2'!$A$4:$A$340&'ER C8 FLT2'!$B$4:$B$340-3,1),9)),IF($H7=\"Class_7\",INDEX('ER C7 FLT2'!$A$4:$J$340,MATCH($E7&$C7,'ER C7 FLT2'!$A$4:$A$340&'ER C7 FLT2'!$B$4:$B$340-3,1),8)*IF($H7=\"Class_7\",INDEX('ER C7 FLT2'!$A$4:$J$340,MATCH($E7&$C7,'ER C7 FLT2'!$A$4:$A$340&'ER C7 FLT2'!$B$4:$B$340-3,1),9)),IF($H7=\"Class_6\",INDEX('ER C6 FLT2'!$A$4:$J$340,MATCH($E7&$C7,'ER C6 FLT2'!$A$4:$A$340&'ER C6 FLT2'!$B$4:$B$340-3,1),8)*IF($H7=\"Class_6\",INDEX('ER C6 FLT2'!$A$4:$J$340,MATCH($E7&$C7,'ER C6 FLT2'!$A$4:$A$340&'ER C6 FLT2'!$B$4:$B$340-3,1),9))))),IF($B7=\"1 Truck\",\nIF(OR($H7=\"Class_8\",$N7=\"Replacement8HHD\",$AH7=\"CL7HHD\",$AJ7=\"CL7to8\"),INDEX('ER C8 FLT1'!$A$4:$J$340,MATCH($E7&$C7,'ER C8 FLT1'!$A$4:$A$340&'ER C8 FLT1'!$B$4:$B$340-3,1),8)*IF(OR($H7=\"Class_8\",$N7=\"Replacement8HHD\",$AH7=\"CL7HHD\",$AJ7=\"CL7to8\"),INDEX('ER C8 FLT1'!$A$4:$J$340,MATCH($E7&$C7,'ER C8 FLT1'!$A$4:$A$340&'ER C8 FLT1'!$B$4:$B$340-3,1),9)),IF($H7=\"Class_7\",INDEX('ER C7 FLT1'!$A$4:$J$340,MATCH($E7&$C7,'ER C7 FLT1'!$A$4:$A$340&'ER C7 FLT1'!$B$4:$B$340-3,1),8)*IF($H7=\"Class_7\",INDEX('ER C7 FLT1'!$A$4:$J$340,MATCH($E7&$C7,'ER C7 FLT1'!$A$4:$A$340&'ER C7 FLT1'!$B$4:$B$340-3,1),9)),\nIF($H7=\"Class_6\",INDEX('ER C6 FLT1'!$A$4:$J$340,MATCH($E7&$C7,'ER C6 FLT1'!$A$4:$A$340&'ER C6 FLT1'!$B$4:$B$340-3,1),8)*IF($H7=\"Class_6\",INDEX('ER C6 FLT1'!$A$4:$J$340,MATCH($E7&$C7,'ER C6 FLT1'!$A$4:$A$340&'ER C6 FLT1'!$B$4:$B$340-3,1),9))))))))*IF($F7=\"Level 1 PM\",0.75,IF($F7=\"Level 2 PM\",0.5,IF($F7=\"Level 3 PM\",0,IF($F7=\"Level 3 PM + Mark I NOx\",0,1)))))*($Q7/453.6)","v":0},{"$f":"IF($B7=\"4+ Trucks\",IF(OR($H7=\"Class_8\",$N7=\"Replacement8HHD\",$AH7=\"CL7HHD\",$AJ7=\"CL7to8\"),INDEX('ER C8 FLT4'!$A$4:$K$340,MATCH($E7&$C7,'ER C8 FLT4'!$A$4:$A$340&'ER C8 FLT4'!$B$4:$B$340-4,1),8)*IF(OR($H7=\"Class_8\",$N7=\"Replacement8HHD\",$AH7=\"CL7HHD\",$AJ7=\"CL7to8\"),INDEX('ER C8 FLT4'!$A$4:$K$340,MATCH($E7&$C7,'ER C8 FLT4'!$A$4:$A$340&'ER C8 FLT4'!$B$4:$B$340-4,1),9)),IF($H7=\"Class_7\",INDEX('ER C7 FLT4'!$A$4:$J$340,MATCH($E7&$C7,'ER C7 FLT4'!$A$4:$A$340&'ER C7 FLT4'!$B$4:$B$340-4,1),8)*IF($H7=\"Class_7\",INDEX('ER C7 FLT4'!$A$4:$J$340,MATCH($E7&$C7,'ER C7 FLT4'!$A$4:$A$340&'ER C7 FLT4'!$B$4:$B$340-4,1),9)),\nIF($H7=\"Class_6\",INDEX('ER C6 FLT4'!$A$4:$J$340,MATCH($E7&$C7,'ER C6 FLT4'!$A$4:$A$340&'ER C6 FLT4'!$B$4:$B$340-4,1),8)*IF($H7=\"Class_6\",INDEX('ER C6 FLT4'!$A$4:$L$340,MATCH($E7&$C7,'ER C6 FLT4'!$A$4:$A$340&'ER C6 FLT4'!$B$4:$B$340-4,1),9))))),\nIF($B7=\"3 Trucks\",IF(OR($H7=\"Class_8\",$N7=\"Replacement8HHD\",$AH7=\"CL7HHD\",$AJ7=\"CL7to8\"),INDEX('ER C8 FLT3'!$A$4:$J$340,MATCH($E7&$C7,'ER C8 FLT3'!$A$4:$A$340&'ER C8 FLT3'!$B$4:$B$340-4,1),8)*IF(OR($H7=\"Class_8\",$N7=\"Replacement8HHD\",$AH7=\"CL7HHD\",$AJ7=\"CL7to8\"),INDEX('ER C8 FLT3'!$A$4:$J$340,MATCH($E7&$C7,'ER C8 FLT3'!$A$4:$A$340&'ER C8 FLT3'!$B$4:$B$340-4,1),9)),IF($H7=\"Class_7\",INDEX('ER C7 FLT3'!$A$4:$J$340,MATCH($E7&$C7,'ER C7 FLT3'!$A$4:$A$340&'ER C7 FLT3'!$B$4:$B$340-4,1),8)*IF($H7=\"Class_7\",INDEX('ER C7 FLT3'!$A$4:$J$340,MATCH($E7&$C7,'ER C7 FLT3'!$A$4:$A$340&'ER C7 FLT3'!$B$4:$B$340-4,1),9)),\nIF($H7=\"Class_6\",INDEX('ER C6 FLT3'!$A$4:$J$340,MATCH($E7&$C7,'ER C6 FLT3'!$A$4:$A$340&'ER C6 FLT3'!$B$4:$B$340-4,1),8)*IF($H7=\"Class_6\",INDEX('ER C6 FLT3'!$A$4:$L$340,MATCH($E7&$C7,'ER C6 FLT3'!$A$4:$A$340&'ER C6 FLT3'!$B$4:$B$340-4,1),9))))),IF($B7=\"2 Trucks\",IF(OR($H7=\"Class_8\",$N7=\"Replacement8HHD\",$AH7=\"CL7HHD\",$AJ7=\"CL7to8\"),INDEX('ER C8 FLT2'!$A$4:$J$340,MATCH($E7&$C7,'ER C8 FLT2'!$A$4:$A$340&'ER C8 FLT2'!$B$4:$B$340-4,1),8)*IF(OR($H7=\"Class_8\",$N7=\"Replacement8HHD\",$AH7=\"CL7HHD\",$AJ7=\"CL7to8\"),INDEX('ER C8 FLT2'!$A$4:$J$340,MATCH($E7&$C7,'ER C8 FLT2'!$A$4:$A$340&'ER C8 FLT2'!$B$4:$B$340-4,1),9)),IF($H7=\"Class_7\",INDEX('ER C7 FLT2'!$A$4:$J$340,MATCH($E7&$C7,'ER C7 FLT2'!$A$4:$A$340&'ER C7 FLT2'!$B$4:$B$340-4,1),8)*IF($H7=\"Class_7\",INDEX('ER C7 FLT2'!$A$4:$J$340,MATCH($E7&$C7,'ER C7 FLT2'!$A$4:$A$340&'ER C7 FLT2'!$B$4:$B$340-4,1),9)),IF($H7=\"Class_6\",INDEX('ER C6 FLT2'!$A$4:$J$340,MATCH($E7&$C7,'ER C6 FLT2'!$A$4:$A$340&'ER C6 FLT2'!$B$4:$B$340-4,1),8)*IF($H7=\"Class_6\",INDEX('ER C6 FLT2'!$A$4:$J$340,MATCH($E7&$C7,'ER C6 FLT2'!$A$4:$A$340&'ER C6 FLT2'!$B$4:$B$340-4,1),9))))),IF($B7=\"1 Truck\",\nIF(OR($H7=\"Class_8\",$N7=\"Replacement8HHD\",$AH7=\"CL7HHD\",$AJ7=\"CL7to8\"),INDEX('ER C8 FLT1'!$A$4:$J$340,MATCH($E7&$C7,'ER C8 FLT1'!$A$4:$A$340&'ER C8 FLT1'!$B$4:$B$340-4,1),8)*IF(OR($H7=\"Class_8\",$N7=\"Replacement8HHD\",$AH7=\"CL7HHD\",$AJ7=\"CL7to8\"),INDEX('ER C8 FLT1'!$A$4:$J$340,MATCH($E7&$C7,'ER C8 FLT1'!$A$4:$A$340&'ER C8 FLT1'!$B$4:$B$340-4,1),9)),IF($H7=\"Class_7\",INDEX('ER C7 FLT1'!$A$4:$J$340,MATCH($E7&$C7,'ER C7 FLT1'!$A$4:$A$340&'ER C7 FLT1'!$B$4:$B$340-4,1),8)*IF($H7=\"Class_7\",INDEX('ER C7 FLT1'!$A$4:$J$340,MATCH($E7&$C7,'ER C7 FLT1'!$A$4:$A$340&'ER C7 FLT1'!$B$4:$B$340-4,1),9)),\nIF($H7=\"Class_6\",INDEX('ER C6 FLT1'!$A$4:$J$340,MATCH($E7&$C7,'ER C6 FLT1'!$A$4:$A$340&'ER C6 FLT1'!$B$4:$B$340-4,1),8)*IF($H7=\"Class_6\",INDEX('ER C6 FLT1'!$A$4:$J$340,MATCH($E7&$C7,'ER C6 FLT1'!$A$4:$A$340&'ER C6 FLT1'!$B$4:$B$340-4,1),9))))))))*IF($F7=\"Level 1 PM\",0.75,IF($F7=\"Level 2 PM\",0.5,IF($F7=\"Level 3 PM\",0,IF($F7=\"Level 3 PM + Mark I NOx\",0,1)))))*($Q7/453.6)","v":0},{"$f":"IF($B7=\"4+ Trucks\",IF(OR($H7=\"Class_8\",$N7=\"Replacement8HHD\",$AH7=\"CL7HHD\",$AJ7=\"CL7to8\"),INDEX('ER C8 FLT4'!$A$4:$K$340,MATCH($E7&$C7,'ER C8 FLT4'!$A$4:$A$340&'ER C8 FLT4'!$B$4:$B$340,1),8),IF($H7=\"Class_7\",INDEX('ER C7 FLT4'!$A$4:$J$340,MATCH($E7&$C7,'ER C7 FLT4'!$A$4:$A$340&'ER C7 FLT4'!$B$4:$B$340,1),8),IF($H7=\"Class_6\",INDEX('ER C6 FLT4'!$A$4:$J$340,MATCH($E7&$C7,'ER C6 FLT4'!$A$4:$A$340&'ER C6 FLT4'!$B$4:$B$340,1),8)))),\nIF($B7=\"3 Trucks\",IF(OR($H7=\"Class_8\",$N7=\"Replacement8HHD\",$AH7=\"CL7HHD\",$AJ7=\"CL7to8\"),INDEX('ER C8 FLT3'!$A$4:$J$340,MATCH($E7&$C7,'ER C8 FLT3'!$A$4:$A$340&'ER C8 FLT3'!$B$4:$B$340,1),8),IF($H7=\"Class_7\",INDEX('ER C7 FLT3'!$A$4:$J$340,MATCH($E7&$C7,'ER C7 FLT3'!$A$4:$A$340&'ER C7 FLT3'!$B$4:$B$340,1),8),IF($H7=\"Class_6\",INDEX('ER C6 FLT3'!$A$4:$J$340,MATCH($E7&$C7,'ER C6 FLT3'!$A$4:$A$340&'ER C6 FLT3'!$B$4:$B$340,1),8)))),IF($B7=\"2 Trucks\",IF(OR($H7=\"Class_8\",$N7=\"Replacement8HHD\",$AH7=\"CL7HHD\",$AJ7=\"CL7to8\"),INDEX('ER C8 FLT2'!$A$4:$J$340,MATCH($E7&$C7,'ER C8 FLT2'!$A$4:$A$340&'ER C8 FLT2'!$B$4:$B$340,1),8),IF($H7=\"Class_7\",INDEX('ER C7 FLT2'!$A$4:$J$340,MATCH($E7&$C7,'ER C7 FLT2'!$A$4:$A$340&'ER C7 FLT2'!$B$4:$B$340,1),8),IF($H7=\"Class_6\",INDEX('ER C6 FLT2'!$A$4:$J$340,MATCH($E7&$C7,'ER C6 FLT2'!$A$4:$A$340&'ER C6 FLT2'!$B$4:$B$340,1),8)))),IF($B7=\"1 Truck\",IF(OR($H7=\"Class_8\",$N7=\"Replacement8HHD\",$AH7=\"CL7HHD\",$AJ7=\"CL7to8\"),INDEX('ER C8 FLT1'!$A$4:$J$340,MATCH($E7&$C7,'ER C8 FLT1'!$A$4:$A$340&'ER C8 FLT1'!$B$4:$B$340,1),8),IF($H7=\"Class_7\",INDEX('ER C7 FLT1'!$A$4:$J$340,MATCH($E7&$C7,'ER C7 FLT1'!$A$4:$A$340&'ER C7 FLT1'!$B$4:$B$340,1),8),IF($H7=\"Class_6\",INDEX('ER C6 FLT1'!$A$4:$J$340,MATCH($E7&$C7,'ER C6 FLT1'!$A$4:$A$340&'ER C6 FLT1'!$B$4:$B$340,1),8)))))))\n)","v":false},{"$f":"IF($B7=\"4+ Trucks\",IF(OR($H7=\"Class_8\",$N7=\"Replacement8HHD\",$AH7=\"CL7HHD\",$AJ7=\"CL7to8\"),INDEX('ER C8 FLT4'!$A$4:$K$340,MATCH($E7&$C7,'ER C8 FLT4'!$A$4:$A$340&'ER C8 FLT4'!$B$4:$B$340-1,1),8),IF($H7=\"Class_7\",INDEX('ER C7 FLT4'!$A$4:$J$340,MATCH($E7&$C7,'ER C7 FLT4'!$A$4:$A$340&'ER C7 FLT4'!$B$4:$B$340-1,1),8),IF($H7=\"Class_6\",INDEX('ER C6 FLT4'!$A$4:$J$340,MATCH($E7&$C7,'ER C6 FLT4'!$A$4:$A$340&'ER C6 FLT4'!$B$4:$B$340-1,1),8)))),\nIF($B7=\"3 Trucks\",IF(OR($H7=\"Class_8\",$N7=\"Replacement8HHD\",$AH7=\"CL7HHD\",$AJ7=\"CL7to8\"),INDEX('ER C8 FLT3'!$A$4:$J$340,MATCH($E7&$C7,'ER C8 FLT3'!$A$4:$A$340&'ER C8 FLT3'!$B$4:$B$340-1,1),8),IF($H7=\"Class_7\",INDEX('ER C7 FLT3'!$A$4:$J$340,MATCH($E7&$C7,'ER C7 FLT3'!$A$4:$A$340&'ER C7 FLT3'!$B$4:$B$340-1,1),8),IF($H7=\"Class_6\",INDEX('ER C6 FLT3'!$A$4:$J$340,MATCH($E7&$C7,'ER C6 FLT3'!$A$4:$A$340&'ER C6 FLT3'!$B$4:$B$340-1,1),8)))),IF($B7=\"2 Trucks\",IF(OR($H7=\"Class_8\",$N7=\"Replacement8HHD\",$AH7=\"CL7HHD\",$AJ7=\"CL7to8\"),INDEX('ER C8 FLT2'!$A$4:$J$340,MATCH($E7&$C7,'ER C8 FLT2'!$A$4:$A$340&'ER C8 FLT2'!$B$4:$B$340-1,1),8),IF($H7=\"Class_7\",INDEX('ER C7 FLT2'!$A$4:$J$340,MATCH($E7&$C7,'ER C7 FLT2'!$A$4:$A$340&'ER C7 FLT2'!$B$4:$B$340-1,1),8),IF($H7=\"Class_6\",INDEX('ER C6 FLT2'!$A$4:$J$340,MATCH($E7&$C7,'ER C6 FLT2'!$A$4:$A$340&'ER C6 FLT2'!$B$4:$B$340-1,1),8)))),IF($B7=\"1 Truck\",IF(OR($H7=\"Class_8\",$N7=\"Replacement8HHD\",$AH7=\"CL7HHD\",$AJ7=\"CL7to8\"),INDEX('ER C8 FLT1'!$A$4:$J$340,MATCH($E7&$C7,'ER C8 FLT1'!$A$4:$A$340&'ER C8 FLT1'!$B$4:$B$340-1,1),8),IF($H7=\"Class_7\",INDEX('ER C7 FLT1'!$A$4:$J$340,MATCH($E7&$C7,'ER C7 FLT1'!$A$4:$A$340&'ER C7 FLT1'!$B$4:$B$340-1,1),8),IF($H7=\"Class_6\",INDEX('ER C6 FLT1'!$A$4:$J$340,MATCH($E7&$C7,'ER C6 FLT1'!$A$4:$A$340&'ER C6 FLT1'!$B$4:$B$340-1,1),8)))))))\n)","v":false},{"$f":"IF($B7=\"4+ Trucks\",IF(OR($H7=\"Class_8\",$N7=\"Replacement8HHD\",$AH7=\"CL7HHD\",$AJ7=\"CL7to8\"),INDEX('ER C8 FLT4'!$A$4:$K$340,MATCH($E7&$C7,'ER C8 FLT4'!$A$4:$A$340&'ER C8 FLT4'!$B$4:$B$340-2,1),8),IF($H7=\"Class_7\",INDEX('ER C7 FLT4'!$A$4:$J$340,MATCH($E7&$C7,'ER C7 FLT4'!$A$4:$A$340&'ER C7 FLT4'!$B$4:$B$340-2,1),8),IF($H7=\"Class_6\",INDEX('ER C6 FLT4'!$A$4:$J$340,MATCH($E7&$C7,'ER C6 FLT4'!$A$4:$A$340&'ER C6 FLT4'!$B$4:$B$340-2,1),8)))),\nIF($B7=\"3 Trucks\",IF(OR($H7=\"Class_8\",$N7=\"Replacement8HHD\",$AH7=\"CL7HHD\",$AJ7=\"CL7to8\"),INDEX('ER C8 FLT3'!$A$4:$J$340,MATCH($E7&$C7,'ER C8 FLT3'!$A$4:$A$340&'ER C8 FLT3'!$B$4:$B$340-2,1),8),IF($H7=\"Class_7\",INDEX('ER C7 FLT3'!$A$4:$J$340,MATCH($E7&$C7,'ER C7 FLT3'!$A$4:$A$340&'ER C7 FLT3'!$B$4:$B$340-2,1),8),IF($H7=\"Class_6\",INDEX('ER C6 FLT3'!$A$4:$J$340,MATCH($E7&$C7,'ER C6 FLT3'!$A$4:$A$340&'ER C6 FLT3'!$B$4:$B$340-2,1),8)))),IF($B7=\"2 Trucks\",IF(OR($H7=\"Class_8\",$N7=\"Replacement8HHD\",$AH7=\"CL7HHD\",$AJ7=\"CL7to8\"),INDEX('ER C8 FLT2'!$A$4:$J$340,MATCH($E7&$C7,'ER C8 FLT2'!$A$4:$A$340&'ER C8 FLT2'!$B$4:$B$340-2,1),8),IF($H7=\"Class_7\",INDEX('ER C7 FLT2'!$A$4:$J$340,MATCH($E7&$C7,'ER C7 FLT2'!$A$4:$A$340&'ER C7 FLT2'!$B$4:$B$340-2,1),8),IF($H7=\"Class_6\",INDEX('ER C6 FLT2'!$A$4:$J$340,MATCH($E7&$C7,'ER C6 FLT2'!$A$4:$A$340&'ER C6 FLT2'!$B$4:$B$340-2,1),8)))),IF($B7=\"1 Truck\",IF(OR($H7=\"Class_8\",$N7=\"Replacement8HHD\",$AH7=\"CL7HHD\",$AJ7=\"CL7to8\"),INDEX('ER C8 FLT1'!$A$4:$J$340,MATCH($E7&$C7,'ER C8 FLT1'!$A$4:$A$340&'ER C8 FLT1'!$B$4:$B$340-2,1),8),IF($H7=\"Class_7\",INDEX('ER C7 FLT1'!$A$4:$J$340,MATCH($E7&$C7,'ER C7 FLT1'!$A$4:$A$340&'ER C7 FLT1'!$B$4:$B$340-2,1),8),IF($H7=\"Class_6\",INDEX('ER C6 FLT1'!$A$4:$J$340,MATCH($E7&$C7,'ER C6 FLT1'!$A$4:$A$340&'ER C6 FLT1'!$B$4:$B$340-2,1),8)))))))\n)","v":false},{"$f":"IF($B7=\"4+ Trucks\",IF(OR($H7=\"Class_8\",$N7=\"Replacement8HHD\",$AH7=\"CL7HHD\",$AJ7=\"CL7to8\"),INDEX('ER C8 FLT4'!$A$4:$J$340,MATCH($E7&$C7,'ER C8 FLT4'!$A$4:$A$340&'ER C8 FLT4'!$B$4:$B$340-3,1),8),IF($H7=\"Class_7\",INDEX('ER C7 FLT4'!$A$4:$J$340,MATCH($E7&$C7,'ER C7 FLT4'!$A$4:$A$340&'ER C7 FLT4'!$B$4:$B$340-3,1),8),IF($H7=\"Class_6\",INDEX('ER C6 FLT4'!$A$4:$J$340,MATCH($E7&$C7,'ER C6 FLT4'!$A$4:$A$340&'ER C6 FLT4'!$B$4:$B$340-3,1),8)))),\nIF($B7=\"3 Trucks\",IF(OR($H7=\"Class_8\",$N7=\"Replacement8HHD\",$AH7=\"CL7HHD\",$AJ7=\"CL7to8\"),INDEX('ER C8 FLT3'!$A$4:$J$340,MATCH($E7&$C7,'ER C8 FLT3'!$A$4:$A$340&'ER C8 FLT3'!$B$4:$B$340-3,1),8),IF($H7=\"Class_7\",INDEX('ER C7 FLT3'!$A$4:$J$340,MATCH($E7&$C7,'ER C7 FLT3'!$A$4:$A$340&'ER C7 FLT3'!$B$4:$B$340-3,1),8),IF($H7=\"Class_6\",INDEX('ER C6 FLT3'!$A$4:$J$340,MATCH($E7&$C7,'ER C6 FLT3'!$A$4:$A$340&'ER C6 FLT3'!$B$4:$B$340-3,1),8)))),\nIF($B7=\"2 Trucks\",IF(OR($H7=\"Class_8\",$N7=\"Replacement8HHD\",$AH7=\"CL7HHD\",$AJ7=\"CL7to8\"),INDEX('ER C8 FLT2'!$A$4:$J$340,MATCH($E7&$C7,'ER C8 FLT2'!$A$4:$A$340&'ER C8 FLT2'!$B$4:$B$340-3,1),8),IF($H7=\"Class_7\",INDEX('ER C7 FLT2'!$A$4:$J$340,MATCH($E7&$C7,'ER C7 FLT2'!$A$4:$A$340&'ER C7 FLT2'!$B$4:$B$340-3,1),8),IF($H7=\"Class_6\",INDEX('ER C6 FLT2'!$A$4:$J$340,MATCH($E7&$C7,'ER C6 FLT2'!$A$4:$A$340&'ER C6 FLT2'!$B$4:$B$340-3,1),8)))),IF($B7=\"1 Truck\",IF(OR($H7=\"Class_8\",$N7=\"Replacement8HHD\",$AH7=\"CL7HHD\",$AJ7=\"CL7to8\"),INDEX('ER C8 FLT1'!$A$4:$J$340,MATCH($E7&$C7,'ER C8 FLT1'!$A$4:$A$340&'ER C8 FLT1'!$B$4:$B$340-3,1),8),IF($H7=\"Class_7\",INDEX('ER C7 FLT1'!$A$4:$J$340,MATCH($E7&$C7,'ER C7 FLT1'!$A$4:$A$340&'ER C7 FLT1'!$B$4:$B$340-3,1),8),IF($H7=\"Class_6\",INDEX('ER C6 FLT1'!$A$4:$J$340,MATCH($E7&$C7,'ER C6 FLT1'!$A$4:$A$340&'ER C6 FLT1'!$B$4:$B$340-3,1),8)))))))\n)","v":false},{"$f":"IF($B7=\"4+ Trucks\",IF(OR($H7=\"Class_8\",$N7=\"Replacement8HHD\",$AH7=\"CL7HHD\",$AJ7=\"CL7to8\"),INDEX('ER C8 FLT4'!$A$4:$J$340,MATCH($E7&$C7,'ER C8 FLT4'!$A$4:$A$340&'ER C8 FLT4'!$B$4:$B$340-4,1),8),IF($H7=\"Class_7\",INDEX('ER C7 FLT4'!$A$4:$J$340,MATCH($E7&$C7,'ER C7 FLT4'!$A$4:$A$340&'ER C7 FLT4'!$B$4:$B$340-4,1),8),IF($H7=\"Class_6\",INDEX('ER C6 FLT4'!$A$4:$J$340,MATCH($E7&$C7,'ER C6 FLT4'!$A$4:$A$340&'ER C6 FLT4'!$B$4:$B$340-4,1),8)))),\nIF($B7=\"3 Trucks\",IF(OR($H7=\"Class_8\",$N7=\"Replacement8HHD\",$AH7=\"CL7HHD\",$AJ7=\"CL7to8\"),INDEX('ER C8 FLT3'!$A$4:$J$340,MATCH($E7&$C7,'ER C8 FLT3'!$A$4:$A$340&'ER C8 FLT3'!$B$4:$B$340-4,1),8),IF($H7=\"Class_7\",INDEX('ER C7 FLT3'!$A$4:$J$340,MATCH($E7&$C7,'ER C7 FLT3'!$A$4:$A$340&'ER C7 FLT3'!$B$4:$B$340-4,1),8),IF($H7=\"Class_6\",INDEX('ER C6 FLT3'!$A$4:$J$340,MATCH($E7&$C7,'ER C6 FLT3'!$A$4:$A$340&'ER C6 FLT3'!$B$4:$B$340-4,1),8)))),\nIF($B7=\"2 Trucks\",IF(OR($H7=\"Class_8\",$N7=\"Replacement8HHD\",$AH7=\"CL7HHD\",$AJ7=\"CL7to8\"),INDEX('ER C8 FLT2'!$A$4:$J$340,MATCH($E7&$C7,'ER C8 FLT2'!$A$4:$A$340&'ER C8 FLT2'!$B$4:$B$340-4,1),8),IF($H7=\"Class_7\",INDEX('ER C7 FLT2'!$A$4:$J$340,MATCH($E7&$C7,'ER C7 FLT2'!$A$4:$A$340&'ER C7 FLT2'!$B$4:$B$340-4,1),8),IF($H7=\"Class_6\",INDEX('ER C6 FLT2'!$A$4:$J$340,MATCH($E7&$C7,'ER C6 FLT2'!$A$4:$A$340&'ER C6 FLT2'!$B$4:$B$340-4,1),8)))),IF($B7=\"1 Truck\",IF(OR($H7=\"Class_8\",$N7=\"Replacement8HHD\",$AH7=\"CL7HHD\",$AJ7=\"CL7to8\"),INDEX('ER C8 FLT1'!$A$4:$J$340,MATCH($E7&$C7,'ER C8 FLT1'!$A$4:$A$340&'ER C8 FLT1'!$B$4:$B$340-4,1),8),IF($H7=\"Class_7\",INDEX('ER C7 FLT1'!$A$4:$J$340,MATCH($E7&$C7,'ER C7 FLT1'!$A$4:$A$340&'ER C7 FLT1'!$B$4:$B$340-4,1),8),IF($H7=\"Class_6\",INDEX('ER C6 FLT1'!$A$4:$J$340,MATCH($E7&$C7,'ER C6 FLT1'!$A$4:$A$340&'ER C6 FLT1'!$B$4:$B$340-4,1),8)))))))\n)","v":false},{"$f":"BA7*(($Q7+$AC7)/453.6)","v":0},{"$f":"BB7*(($Q7+$AC7)/453.6)","v":0},0,0,0,{"$f":"IF(OR($R7=\"Diesel\",$R7=\"Zero Emission\",$R7=\"Hybrid\",$R7=\"Hybrid Zero-Mile\",$R7=\"Low NOx\",$R7=\"LNG/CNG\"),IF($B7=\"3 Trucks\",IF(OR($O7=\"Class_8\",$N7=\"Replacement8HHD\",$AI7=\"CL7HHD\"),INDEX('ER C8 FLT3'!$A$4:$J$340,MATCH(DropData!$J53&$C7,'ER C8 FLT3'!$A$4:$A$340&'ER C8 FLT3'!$B$4:$B$340,1),8),IF($O7=\"Class_7\",INDEX('ER C7 FLT3'!$A$4:$J$340,MATCH(DropData!$J53&$C7,'ER C7 FLT3'!$A$4:$A$340&'ER C7 FLT3'!$B$4:$B$340,1),8),IF($O7=\"Class_6\",INDEX('ER C6 FLT3'!$A$4:$J$340,MATCH(DropData!$J53&$C7,'ER C6 FLT3'!$A$4:$A$340&'ER C6 FLT3'!$B$4:$B$340,1),8)))),IF($B7=\"2 Trucks\",IF(OR($O7=\"Class_8\",$N7=\"Replacement8HHD\",$AI7=\"CL7HHD\"),INDEX('ER C8 FLT2'!$A$4:$J$340,MATCH(DropData!$J53&$C7,'ER C8 FLT2'!$A$4:$A$340&'ER C8 FLT2'!$B$4:$B$340,1),8),IF($O7=\"Class_7\",INDEX('ER C7 FLT2'!$A$4:$J$340,MATCH(DropData!$J53&$C7,'ER C7 FLT2'!$A$4:$A$340&'ER C7 FLT2'!$B$4:$B$340,1),8),IF($O7=\"Class_6\",INDEX('ER C6 FLT2'!$A$4:$J$340,MATCH(DropData!$J53&$C7,'ER C6 FLT2'!$A$4:$A$340&'ER C6 FLT2'!$B$4:$B$340,1),8)))),IF($B7=\"1 Truck\",IF(OR($O7=\"Class_8\",$N7=\"Replacement8HHD\",$AI7=\"CL7HHD\"),INDEX('ER C8 FLT1'!$A$4:$J$340,MATCH(DropData!$J53&$C7,'ER C8 FLT1'!$A$4:$A$340&'ER C8 FLT1'!$B$4:$B$340,1),8),IF($O7=\"Class_7\",INDEX('ER C7 FLT1'!$A$4:$J$340,MATCH(DropData!$J53&$C7,'ER C7 FLT1'!$A$4:$A$340&'ER C7 FLT1'!$B$4:$B$340,1),8),IF($O7=\"Class_6\",INDEX('ER C6 FLT1'!$A$4:$J$340,MATCH(DropData!$J53&$C7,'ER C6 FLT1'!$A$4:$A$340&'ER C6 FLT1'!$B$4:$B$340,1),8)))),IF($B7=\"4+ Trucks\",IF(OR($O7=\"Class_8\",$N7=\"Replacement8HHD\",$AI7=\"CL7HHD\"),INDEX('ER C8 FLT4'!$A$4:$J$340,MATCH(DropData!$J53&$C7,'ER C8 FLT4'!$A$4:$A$340&'ER C8 FLT4'!$B$4:$B$340,1),8),IF($O7=\"Class_7\",INDEX('ER C7 FLT4'!$A$4:$J$340,MATCH(DropData!$J53&$C7,'ER C7 FLT4'!$A$4:$A$340&'ER C7 FLT4'!$B$4:$B$340,1),8),IF($O7=\"Class_6\",INDEX('ER C6 FLT4'!$A$4:$J$340,MATCH(DropData!$J53&$C7,'ER C6 FLT4'!$A$4:$A$340&'ER C6 FLT4'!$B$4:$B$340,1),8)))))))))","v":false},{"$f":"IF(OR($R7=\"Diesel\",$R7=\"Zero Emission\",$R7=\"Hybrid\",$R7=\"Hybrid Zero-Mile\",$R7=\"Low NOx\",$R7=\"LNG/CNG\"),IF($B7=\"3 Trucks\",IF(OR($O7=\"Class_8\",$N7=\"Replacement8HHD\",$AI7=\"CL7HHD\"),INDEX('ER C8 FLT3'!$A$4:$J$340,MATCH(DropData!$J53&$C7,'ER C8 FLT3'!$A$4:$A$340&'ER C8 FLT3'!$B$4:$B$340-1,1),8),IF($O7=\"Class_7\",INDEX('ER C7 FLT3'!$A$4:$J$340,MATCH(DropData!$J53&$C7,'ER C7 FLT3'!$A$4:$A$340&'ER C7 FLT3'!$B$4:$B$340-1,1),8),IF($O7=\"Class_6\",INDEX('ER C6 FLT3'!$A$4:$J$340,MATCH(DropData!$J53&$C7,'ER C6 FLT3'!$A$4:$A$340&'ER C6 FLT3'!$B$4:$B$340-1,1),8)))),IF($B7=\"2 Trucks\",IF(OR($O7=\"Class_8\",$N7=\"Replacement8HHD\",$AI7=\"CL7HHD\"),INDEX('ER C8 FLT2'!$A$4:$J$340,MATCH(DropData!$J53&$C7,'ER C8 FLT2'!$A$4:$A$340&'ER C8 FLT2'!$B$4:$B$340-1,1),8),IF($O7=\"Class_7\",INDEX('ER C7 FLT2'!$A$4:$J$340,MATCH(DropData!$J53&$C7,'ER C7 FLT2'!$A$4:$A$340&'ER C7 FLT2'!$B$4:$B$340-1,1),8),IF($O7=\"Class_6\",INDEX('ER C6 FLT2'!$A$4:$J$340,MATCH(DropData!$J53&$C7,'ER C6 FLT2'!$A$4:$A$340&'ER C6 FLT2'!$B$4:$B$340-1,1),8)))),IF($B7=\"1 Truck\",IF(OR($O7=\"Class_8\",$N7=\"Replacement8HHD\",$AI7=\"CL7HHD\"),INDEX('ER C8 FLT1'!$A$4:$J$340,MATCH(DropData!$J53&$C7,'ER C8 FLT1'!$A$4:$A$340&'ER C8 FLT1'!$B$4:$B$340-1,1),8),IF($O7=\"Class_7\",INDEX('ER C7 FLT1'!$A$4:$J$340,MATCH(DropData!$J53&$C7,'ER C7 FLT1'!$A$4:$A$340&'ER C7 FLT1'!$B$4:$B$340-1,1),8),IF($O7=\"Class_6\",INDEX('ER C6 FLT1'!$A$4:$J$340,MATCH(DropData!$J53&$C7,'ER C6 FLT1'!$A$4:$A$340&'ER C6 FLT1'!$B$4:$B$340-1,1),8)))),IF($B7=\"4+ Trucks\",IF(OR($O7=\"Class_8\",$N7=\"Replacement8HHD\",$AI7=\"CL7HHD\"),INDEX('ER C8 FLT4'!$A$4:$J$340,MATCH(DropData!$J53&$C7,'ER C8 FLT4'!$A$4:$A$340&'ER C8 FLT4'!$B$4:$B$340-1,1),8),IF($O7=\"Class_7\",INDEX('ER C7 FLT4'!$A$4:$J$340,MATCH(DropData!$J53&$C7,'ER C7 FLT4'!$A$4:$A$340&'ER C7 FLT4'!$B$4:$B$340-1,1),8),IF($O7=\"Class_6\",INDEX('ER C6 FLT4'!$A$4:$J$340,MATCH(DropData!$J53&$C7,'ER C6 FLT4'!$A$4:$A$340&'ER C6 FLT4'!$B$4:$B$340-1,1),8)))))))))","v":false},{"$f":"IF(OR($R7=\"Diesel\",$R7=\"Zero Emission\",$R7=\"Hybrid\",$R7=\"Hybrid Zero-Mile\",$R7=\"Low NOx\",$R7=\"LNG/CNG\"),IF($B7=\"3 Trucks\",IF(OR($O7=\"Class_8\",$N7=\"Replacement8HHD\",$AI7=\"CL7HHD\"),INDEX('ER C8 FLT3'!$A$4:$J$340,MATCH(DropData!$J53&$C7,'ER C8 FLT3'!$A$4:$A$340&'ER C8 FLT3'!$B$4:$B$340-2,1),8),IF($O7=\"Class_7\",INDEX('ER C7 FLT3'!$A$4:$J$340,MATCH(DropData!$J53&$C7,'ER C7 FLT3'!$A$4:$A$340&'ER C7 FLT3'!$B$4:$B$340-2,1),8),IF($O7=\"Class_6\",INDEX('ER C6 FLT3'!$A$4:$J$340,MATCH(DropData!$J53&$C7,'ER C6 FLT3'!$A$4:$A$340&'ER C6 FLT3'!$B$4:$B$340-2,1),8)))),IF($B7=\"2 Trucks\",IF(OR($O7=\"Class_8\",$N7=\"Replacement8HHD\",$AI7=\"CL7HHD\"),INDEX('ER C8 FLT2'!$A$4:$J$340,MATCH(DropData!$J53&$C7,'ER C8 FLT2'!$A$4:$A$340&'ER C8 FLT2'!$B$4:$B$340-2,1),8),IF($O7=\"Class_7\",INDEX('ER C7 FLT2'!$A$4:$J$340,MATCH(DropData!$J53&$C7,'ER C7 FLT2'!$A$4:$A$340&'ER C7 FLT2'!$B$4:$B$340-2,1),8),IF($O7=\"Class_6\",INDEX('ER C6 FLT2'!$A$4:$J$340,MATCH(DropData!$J53&$C7,'ER C6 FLT2'!$A$4:$A$340&'ER C6 FLT2'!$B$4:$B$340-2,1),8)))),IF($B7=\"1 Truck\",IF(OR($O7=\"Class_8\",$N7=\"Replacement8HHD\",$AI7=\"CL7HHD\"),INDEX('ER C8 FLT1'!$A$4:$J$340,MATCH(DropData!$J53&$C7,'ER C8 FLT1'!$A$4:$A$340&'ER C8 FLT1'!$B$4:$B$340-2,1),8),IF($O7=\"Class_7\",INDEX('ER C7 FLT1'!$A$4:$J$340,MATCH(DropData!$J53&$C7,'ER C7 FLT1'!$A$4:$A$340&'ER C7 FLT1'!$B$4:$B$340-2,1),8),IF($O7=\"Class_6\",INDEX('ER C6 FLT1'!$A$4:$J$340,MATCH(DropData!$J53&$C7,'ER C6 FLT1'!$A$4:$A$340&'ER C6 FLT1'!$B$4:$B$340-2,1),8)))),IF($B7=\"4+ Trucks\",IF(OR($O7=\"Class_8\",$N7=\"Replacement8HHD\",$AI7=\"CL7HHD\"),INDEX('ER C8 FLT4'!$A$4:$J$340,MATCH(DropData!$J53&$C7,'ER C8 FLT4'!$A$4:$A$340&'ER C8 FLT4'!$B$4:$B$340-2,1),8),IF($O7=\"Class_7\",INDEX('ER C7 FLT4'!$A$4:$J$340,MATCH(DropData!$J53&$C7,'ER C7 FLT4'!$A$4:$A$340&'ER C7 FLT4'!$B$4:$B$340-2,1),8),IF($O7=\"Class_6\",INDEX('ER C6 FLT4'!$A$4:$J$340,MATCH(DropData!$J53&$C7,'ER C6 FLT4'!$A$4:$A$340&'ER C6 FLT4'!$B$4:$B$340-2,1),8)))))))))","v":false},{"$f":"IF(OR($R7=\"Diesel\",$R7=\"Zero Emission\",$R7=\"Hybrid\",$R7=\"Hybrid Zero-Mile\",$R7=\"Low NOx\",$R7=\"LNG/CNG\"),IF($B7=\"3 Trucks\",IF(OR($O7=\"Class_8\",$N7=\"Replacement8HHD\",$AI7=\"CL7HHD\"),INDEX('ER C8 FLT3'!$A$4:$J$340,MATCH(DropData!$J53&$C7,'ER C8 FLT3'!$A$4:$A$340&'ER C8 FLT3'!$B$4:$B$340-3,1),8),IF($O7=\"Class_7\",INDEX('ER C7 FLT3'!$A$4:$J$340,MATCH(DropData!$J53&$C7,'ER C7 FLT3'!$A$4:$A$340&'ER C7 FLT3'!$B$4:$B$340-3,1),8),IF($O7=\"Class_6\",INDEX('ER C6 FLT3'!$A$4:$J$340,MATCH(DropData!$J53&$C7,'ER C6 FLT3'!$A$4:$A$340&'ER C6 FLT3'!$B$4:$B$340-3,1),8)))),IF($B7=\"2 Trucks\",IF(OR($O7=\"Class_8\",$N7=\"Replacement8HHD\",$AI7=\"CL7HHD\"),INDEX('ER C8 FLT2'!$A$4:$J$340,MATCH(DropData!$J53&$C7,'ER C8 FLT2'!$A$4:$A$340&'ER C8 FLT2'!$B$4:$B$340-3,1),8),IF($O7=\"Class_7\",INDEX('ER C7 FLT2'!$A$4:$J$340,MATCH(DropData!$J53&$C7,'ER C7 FLT2'!$A$4:$A$340&'ER C7 FLT2'!$B$4:$B$340-3,1),8),IF($O7=\"Class_6\",INDEX('ER C6 FLT2'!$A$4:$J$340,MATCH(DropData!$J53&$C7,'ER C6 FLT2'!$A$4:$A$340&'ER C6 FLT2'!$B$4:$B$340-3,1),8)))),IF($B7=\"1 Truck\",IF(OR($O7=\"Class_8\",$N7=\"Replacement8HHD\",$AI7=\"CL7HHD\"),INDEX('ER C8 FLT1'!$A$4:$J$340,MATCH(DropData!$J53&$C7,'ER C8 FLT1'!$A$4:$A$340&'ER C8 FLT1'!$B$4:$B$340-3,1),8),IF($O7=\"Class_7\",INDEX('ER C7 FLT1'!$A$4:$J$340,MATCH(DropData!$J53&$C7,'ER C7 FLT1'!$A$4:$A$340&'ER C7 FLT1'!$B$4:$B$340-3,1),8),IF($O7=\"Class_6\",INDEX('ER C6 FLT1'!$A$4:$J$340,MATCH(DropData!$J53&$C7,'ER C6 FLT1'!$A$4:$A$340&'ER C6 FLT1'!$B$4:$B$340-3,1),8)))),IF($B7=\"4+ Trucks\",IF(OR($O7=\"Class_8\",$N7=\"Replacement8HHD\",$AI7=\"CL7HHD\"),INDEX('ER C8 FLT4'!$A$4:$J$340,MATCH(DropData!$J53&$C7,'ER C8 FLT4'!$A$4:$A$340&'ER C8 FLT4'!$B$4:$B$340-3,1),8),IF($O7=\"Class_7\",INDEX('ER C7 FLT4'!$A$4:$J$340,MATCH(DropData!$J53&$C7,'ER C7 FLT4'!$A$4:$A$340&'ER C7 FLT4'!$B$4:$B$340-3,1),8),IF($O7=\"Class_6\",INDEX('ER C6 FLT4'!$A$4:$J$340,MATCH(DropData!$J53&$C7,'ER C6 FLT4'!$A$4:$A$340&'ER C6 FLT4'!$B$4:$B$340-3,1),8)))))))))","v":false},{"$f":"IF(OR($R7=\"Diesel\",$R7=\"Zero Emission\",$R7=\"Hybrid\",$R7=\"Hybrid Zero-Mile\",$R7=\"Low NOx\",$R7=\"LNG/CNG\"),IF($B7=\"3 Trucks\",IF(OR($O7=\"Class_8\",$N7=\"Replacement8HHD\",$AI7=\"CL7HHD\"),INDEX('ER C8 FLT3'!$A$4:$J$340,MATCH(DropData!$J53&$C7,'ER C8 FLT3'!$A$4:$A$340&'ER C8 FLT3'!$B$4:$B$340-4,1),8),IF($O7=\"Class_7\",INDEX('ER C7 FLT3'!$A$4:$J$340,MATCH(DropData!$J53&$C7,'ER C7 FLT3'!$A$4:$A$340&'ER C7 FLT3'!$B$4:$B$340-4,1),8),IF($O7=\"Class_6\",INDEX('ER C6 FLT3'!$A$4:$J$340,MATCH(DropData!$J53&$C7,'ER C6 FLT3'!$A$4:$A$340&'ER C6 FLT3'!$B$4:$B$340-4,1),8)))),IF($B7=\"2 Trucks\",IF(OR($O7=\"Class_8\",$N7=\"Replacement8HHD\",$AI7=\"CL7HHD\"),INDEX('ER C8 FLT2'!$A$4:$J$340,MATCH(DropData!$J53&$C7,'ER C8 FLT2'!$A$4:$A$340&'ER C8 FLT2'!$B$4:$B$340-4,1),8),IF($O7=\"Class_7\",INDEX('ER C7 FLT2'!$A$4:$J$340,MATCH(DropData!$J53&$C7,'ER C7 FLT2'!$A$4:$A$340&'ER C7 FLT2'!$B$4:$B$340-4,1),8),IF($O7=\"Class_6\",INDEX('ER C6 FLT2'!$A$4:$J$340,MATCH(DropData!$J53&$C7,'ER C6 FLT2'!$A$4:$A$340&'ER C6 FLT2'!$B$4:$B$340-4,1),8)))),IF($B7=\"1 Truck\",IF(OR($O7=\"Class_8\",$N7=\"Replacement8HHD\",$AI7=\"CL7HHD\"),INDEX('ER C8 FLT1'!$A$4:$J$340,MATCH(DropData!$J53&$C7,'ER C8 FLT1'!$A$4:$A$340&'ER C8 FLT1'!$B$4:$B$340-4,1),8),IF($O7=\"Class_7\",INDEX('ER C7 FLT1'!$A$4:$J$340,MATCH(DropData!$J53&$C7,'ER C7 FLT1'!$A$4:$A$340&'ER C7 FLT1'!$B$4:$B$340-4,1),8),IF($O7=\"Class_6\",INDEX('ER C6 FLT1'!$A$4:$J$340,MATCH(DropData!$J53&$C7,'ER C6 FLT1'!$A$4:$A$340&'ER C6 FLT1'!$B$4:$B$340-4,1),8)))),IF($B7=\"4+ Trucks\",IF(OR($O7=\"Class_8\",$N7=\"Replacement8HHD\",$AI7=\"CL7HHD\"),INDEX('ER C8 FLT4'!$A$4:$J$340,MATCH(DropData!$J53&$C7,'ER C8 FLT4'!$A$4:$A$340&'ER C8 FLT4'!$B$4:$B$340-4,1),8),IF($O7=\"Class_7\",INDEX('ER C7 FLT4'!$A$4:$J$340,MATCH(DropData!$J53&$C7,'ER C7 FLT4'!$A$4:$A$340&'ER C7 FLT4'!$B$4:$B$340-4,1),8),IF($O7=\"Class_6\",INDEX('ER C6 FLT4'!$A$4:$J$340,MATCH(DropData!$J53&$C7,'ER C6 FLT4'!$A$4:$A$340&'ER C6 FLT4'!$B$4:$B$340-4,1),8)))))))))","v":false},{"$f":"MAX(0,(AL7-AV7))","v":0},{"$f":"MAX((IF($B7=\"4+ Trucks\",IF($Z7=\"Class_8\",INDEX('ER C8 FLT4'!$A$4:$J$340,MATCH($W7&$C7,'ER C8 FLT4'!$A$4:$A$340&'ER C8 FLT4'!$B$4:$B$340,1),8)*IF($Z7=\"Class_8\",INDEX('ER C8 FLT4'!$A$4:$J$340,MATCH($W7&$C7,'ER C8 FLT4'!$A$4:$A$340&'ER C8 FLT4'!$B$4:$B$340,1),9)),IF($Z7=\"Class_7\",INDEX('ER C7 FLT4'!$A$4:$J$340,MATCH($W7&$C7,'ER C7 FLT4'!$A$4:$A$340&'ER C7 FLT4'!$B$4:$B$340,1),8)*IF($Z7=\"Class_7\",INDEX('ER C7 FLT4'!$A$4:$J$340,MATCH($W7&$C7,'ER C7 FLT4'!$A$4:$A$340&'ER C7 FLT4'!$B$4:$B$340,1),9)),IF($Z7=\"Class_6\",INDEX('ER C6 FLT4'!$A$4:$J$340,MATCH($W7&$C7,'ER C6 FLT4'!$A$4:$A$340&'ER C6 FLT4'!$B$4:$B$340,1),8)*IF($Z7=\"Class_6\",INDEX('ER C6 FLT4'!$A$4:$L$340,MATCH($W7&$C7,'ER C6 FLT4'!$A$4:$A$340&'ER C6 FLT4'!$B$4:$B$340,1),9))))),\nIF($B7=\"2 Trucks\",IF($Z7=\"Class_8\",INDEX('ER C8 FLT2'!$A$4:$J$340,MATCH($W7&$C7,'ER C8 FLT2'!$A$4:$A$340&'ER C8 FLT2'!$B$4:$B$340,1),8)*IF($Z7=\"Class_8\",INDEX('ER C8 FLT2'!$A$4:$J$340,MATCH($W7&$C7,'ER C8 FLT2'!$A$4:$A$340&'ER C8 FLT2'!$B$4:$B$340,1),9)),IF($Z7=\"Class_7\",INDEX('ER C7 FLT2'!$A$4:$J$340,MATCH($W7&$C7,'ER C7 FLT2'!$A$4:$A$340&'ER C7 FLT2'!$B$4:$B$340,1),8)*IF($Z7=\"Class_7\",INDEX('ER C7 FLT2'!$A$4:$J$340,MATCH($W7&$C7,'ER C7 FLT2'!$A$4:$A$340&'ER C7 FLT2'!$B$4:$B$340,1),9)),IF($Z7=\"Class_6\",INDEX('ER C6 FLT2'!$A$4:$J$340,MATCH($W7&$C7,'ER C6 FLT2'!$A$4:$A$340&'ER C6 FLT2'!$B$4:$B$340,1),8)*IF($Z7=\"Class_6\",INDEX('ER C6 FLT2'!$A$4:$J$340,MATCH($W7&$C7,'ER C6 FLT2'!$A$4:$A$340&'ER C6 FLT2'!$B$4:$B$340,1),9))))),\nIF($B7=\"1 Truck\",IF($Z7=\"Class_8\",INDEX('ER C8 FLT1'!$A$4:$J$340,MATCH($W7&$C7,'ER C8 FLT1'!$A$4:$A$340&'ER C8 FLT1'!$B$4:$B$340,1),8)*IF($Z7=\"Class_8\",INDEX('ER C8 FLT1'!$A$4:$J$340,MATCH($W7&$C7,'ER C8 FLT1'!$A$4:$A$340&'ER C8 FLT1'!$B$4:$B$340,1),9)),IF($Z7=\"Class_7\",INDEX('ER C7 FLT1'!$A$4:$J$340,MATCH($W7&$C7,'ER C7 FLT1'!$A$4:$A$340&'ER C7 FLT1'!$B$4:$B$340,1),8)*IF($Z7=\"Class_7\",INDEX('ER C7 FLT1'!$A$4:$J$340,MATCH($W7&$C7,'ER C7 FLT1'!$A$4:$A$340&'ER C7 FLT1'!$B$4:$B$340,1),9)),IF($Z7=\"Class_6\",INDEX('ER C6 FLT1'!$A$4:$J$340,MATCH($W7&$C7,'ER C6 FLT1'!$A$4:$A$340&'ER C6 FLT1'!$B$4:$B$340,1),8)*IF($Z7=\"Class_6\",INDEX('ER C6 FLT1'!$A$4:$J$340,MATCH($W7&$C7,'ER C6 FLT1'!$A$4:$A$340&'ER C6 FLT1'!$B$4:$B$340,1),9)),\n))),IF($B7=\"3 Trucks\",IF($Z7=\"Class_8\",INDEX('ER C8 FLT3'!$A$4:$J$340,MATCH($W7&$C7,'ER C8 FLT3'!$A$4:$A$340&'ER C8 FLT3'!$B$4:$B$340,1),8)*IF($Z7=\"Class_8\",INDEX('ER C8 FLT3'!$A$4:$J$340,MATCH($W7&$C7,'ER C8 FLT3'!$A$4:$A$340&'ER C8 FLT3'!$B$4:$B$340,1),9)),IF($Z7=\"Class_7\",INDEX('ER C7 FLT3'!$A$4:$J$340,MATCH($W7&$C7,'ER C7 FLT3'!$A$4:$A$340&'ER C7 FLT3'!$B$4:$B$340,1),8)*IF($Z7=\"Class_7\",INDEX('ER C7 FLT3'!$A$4:$J$340,MATCH($W7&$C7,'ER C7 FLT3'!$A$4:$A$340&'ER C7 FLT3'!$B$4:$B$340,1),9)),IF($Z7=\"Class_6\",INDEX('ER C6 FLT3'!$A$4:$J$340,MATCH($W7&$C7,'ER C6 FLT3'!$A$4:$A$340&'ER C6 FLT3'!$B$4:$B$340,1),8)*IF($Z7=\"Class_6\",INDEX('ER C6 FLT3'!$A$4:$L$340,MATCH($W7&$C7,'ER C6 FLT3'!$A$4:$A$340&'ER C6 FLT3'!$B$4:$B$340,1),9)))))))))\n*IF($X7=\"Level 1 PM\",0.75,IF($X7=\"Level 2 PM\",0.5,IF($X7=\"Level 3 PM\",0,IF($X7=\"Level 3 PM + Mark I NOx\",0,1))))*($AC7/453.6)-IF(BF7=0,AV7,0)),0)","v":0},{"$f":"IFERROR(MAX(0,BF7+BG7),\"0.00\")","v":0},{"$f":"MAX(0,AM7-AW7)","v":0},{"$f":"MAX((IF($B7=\"4+ Trucks\",IF($Z7=\"Class_8\",INDEX('ER C8 FLT4'!$A$4:$J$340,MATCH($W7&$C7,'ER C8 FLT4'!$A$4:$A$340&'ER C8 FLT4'!$B$4:$B$340-1,1),8)*IF($Z7=\"Class_8\",INDEX('ER C8 FLT4'!$A$4:$J$340,MATCH($W7&$C7,'ER C8 FLT4'!$A$4:$A$340&'ER C8 FLT4'!$B$4:$B$340-1,1),9)),IF($Z7=\"Class_7\",INDEX('ER C7 FLT4'!$A$4:$J$340,MATCH($W7&$C7,'ER C7 FLT4'!$A$4:$A$340&'ER C7 FLT4'!$B$4:$B$340-1,1),8)*IF($Z7=\"Class_7\",INDEX('ER C7 FLT4'!$A$4:$J$340,MATCH($W7&$C7,'ER C7 FLT4'!$A$4:$A$340&'ER C7 FLT4'!$B$4:$B$340-1,1),9)),IF($Z7=\"Class_6\",INDEX('ER C6 FLT4'!$A$4:$J$340,MATCH($W7&$C7,'ER C6 FLT4'!$A$4:$A$340&'ER C6 FLT4'!$B$4:$B$340-1,1),8)*IF($Z7=\"Class_6\",INDEX('ER C6 FLT4'!$A$4:$L$340,MATCH($W7&$C7,'ER C6 FLT4'!$A$4:$A$340&'ER C6 FLT4'!$B$4:$B$340-1,1),9))))),\nIF($B7=\"2 Trucks\",IF($Z7=\"Class_8\",INDEX('ER C8 FLT2'!$A$4:$J$340,MATCH($W7&$C7,'ER C8 FLT2'!$A$4:$A$340&'ER C8 FLT2'!$B$4:$B$340-1,1),8)*IF($Z7=\"Class_8\",INDEX('ER C8 FLT2'!$A$4:$J$340,MATCH($W7&$C7,'ER C8 FLT2'!$A$4:$A$340&'ER C8 FLT2'!$B$4:$B$340-1,1),9)),IF($Z7=\"Class_7\",INDEX('ER C7 FLT2'!$A$4:$J$340,MATCH($W7&$C7,'ER C7 FLT2'!$A$4:$A$340&'ER C7 FLT2'!$B$4:$B$340-1,1),8)*IF($Z7=\"Class_7\",INDEX('ER C7 FLT2'!$A$4:$J$340,MATCH($W7&$C7,'ER C7 FLT2'!$A$4:$A$340&'ER C7 FLT2'!$B$4:$B$340-1,1),9)),IF($Z7=\"Class_6\",INDEX('ER C6 FLT2'!$A$4:$J$340,MATCH($W7&$C7,'ER C6 FLT2'!$A$4:$A$340&'ER C6 FLT2'!$B$4:$B$340-1,1),8)*IF($Z7=\"Class_6\",INDEX('ER C6 FLT2'!$A$4:$J$340,MATCH($W7&$C7,'ER C6 FLT2'!$A$4:$A$340&'ER C6 FLT2'!$B$4:$B$340-1,1),9))))),\nIF($B7=\"1 Truck\",IF($Z7=\"Class_8\",INDEX('ER C8 FLT1'!$A$4:$J$340,MATCH($W7&$C7,'ER C8 FLT1'!$A$4:$A$340&'ER C8 FLT1'!$B$4:$B$340-1,1),8)*IF($Z7=\"Class_8\",INDEX('ER C8 FLT1'!$A$4:$J$340,MATCH($W7&$C7,'ER C8 FLT1'!$A$4:$A$340&'ER C8 FLT1'!$B$4:$B$340-1,1),9)),IF($Z7=\"Class_7\",INDEX('ER C7 FLT1'!$A$4:$J$340,MATCH($W7&$C7,'ER C7 FLT1'!$A$4:$A$340&'ER C7 FLT1'!$B$4:$B$340-1,1),8)*IF($Z7=\"Class_7\",INDEX('ER C7 FLT1'!$A$4:$J$340,MATCH($W7&$C7,'ER C7 FLT1'!$A$4:$A$340&'ER C7 FLT1'!$B$4:$B$340-1,1),9)),IF($Z7=\"Class_6\",INDEX('ER C6 FLT1'!$A$4:$J$340,MATCH($W7&$C7,'ER C6 FLT1'!$A$4:$A$340&'ER C6 FLT1'!$B$4:$B$340-1,1),8)*IF($Z7=\"Class_6\",INDEX('ER C6 FLT1'!$A$4:$J$340,MATCH($W7&$C7,'ER C6 FLT1'!$A$4:$A$340&'ER C6 FLT1'!$B$4:$B$340-1,1),9))))),IF($B7=\"3 Trucks\",IF($Z7=\"Class_8\",INDEX('ER C8 FLT3'!$A$4:$J$340,MATCH($W7&$C7,'ER C8 FLT3'!$A$4:$A$340&'ER C8 FLT3'!$B$4:$B$340-1,1),8)*IF($Z7=\"Class_8\",INDEX('ER C8 FLT3'!$A$4:$J$340,MATCH($W7&$C7,'ER C8 FLT3'!$A$4:$A$340&'ER C8 FLT3'!$B$4:$B$340-1,1),9)),IF($Z7=\"Class_7\",INDEX('ER C7 FLT3'!$A$4:$J$340,MATCH($W7&$C7,'ER C7 FLT3'!$A$4:$A$340&'ER C7 FLT3'!$B$4:$B$340-1,1),8)*IF($Z7=\"Class_7\",INDEX('ER C7 FLT3'!$A$4:$J$340,MATCH($W7&$C7,'ER C7 FLT3'!$A$4:$A$340&'ER C7 FLT3'!$B$4:$B$340-1,1),9)),IF($Z7=\"Class_6\",INDEX('ER C6 FLT3'!$A$4:$J$340,MATCH($W7&$C7,'ER C6 FLT3'!$A$4:$A$340&'ER C6 FLT3'!$B$4:$B$340-1,1),8)*IF($Z7=\"Class_6\",INDEX('ER C6 FLT3'!$A$4:$L$340,MATCH($W7&$C7,'ER C6 FLT3'!$A$4:$A$340&'ER C6 FLT3'!$B$4:$B$340-1,1),9)))))))))\n*IF($X7=\"Level 1 PM\",0.75,IF($X7=\"Level 2 PM\",0.5,IF($X7=\"Level 3 PM\",0,IF($X7=\"Level 3 PM + Mark I NOx\",0,1))))*($AC7/453.6)-IF(BI7=0,AW7,0)),0)","v":0},{"$f":"MAX(0,BI7+BJ7)","v":0},{"$f":"MAX(0,AN7-AX7)","v":0},{"$f":"MAX((IF($B7=\"4+ Trucks\",IF($Z7=\"Class_8\",INDEX('ER C8 FLT4'!$A$4:$J$340,MATCH($W7&$C7,'ER C8 FLT4'!$A$4:$A$340&'ER C8 FLT4'!$B$4:$B$340-2,1),8)*IF($Z7=\"Class_8\",INDEX('ER C8 FLT4'!$A$4:$J$340,MATCH($W7&$C7,'ER C8 FLT4'!$A$4:$A$340&'ER C8 FLT4'!$B$4:$B$340-2,1),9)),IF($Z7=\"Class_7\",INDEX('ER C7 FLT4'!$A$4:$J$340,MATCH($W7&$C7,'ER C7 FLT4'!$A$4:$A$340&'ER C7 FLT4'!$B$4:$B$340-2,1),8)*IF($Z7=\"Class_7\",INDEX('ER C7 FLT4'!$A$4:$J$340,MATCH($W7&$C7,'ER C7 FLT4'!$A$4:$A$340&'ER C7 FLT4'!$B$4:$B$340-2,1),9)),IF($Z7=\"Class_6\",INDEX('ER C6 FLT4'!$A$4:$J$340,MATCH($W7&$C7,'ER C6 FLT4'!$A$4:$A$340&'ER C6 FLT4'!$B$4:$B$340-2,1),8)*IF($Z7=\"Class_6\",INDEX('ER C6 FLT4'!$A$4:$L$340,MATCH($W7&$C7,'ER C6 FLT4'!$A$4:$A$340&'ER C6 FLT4'!$B$4:$B$340-2,1),9))))),\nIF($B7=\"2 Trucks\",IF($Z7=\"Class_8\",INDEX('ER C8 FLT2'!$A$4:$J$340,MATCH($W7&$C7,'ER C8 FLT2'!$A$4:$A$340&'ER C8 FLT2'!$B$4:$B$340-2,1),8)*IF($Z7=\"Class_8\",INDEX('ER C8 FLT2'!$A$4:$J$340,MATCH($W7&$C7,'ER C8 FLT2'!$A$4:$A$340&'ER C8 FLT2'!$B$4:$B$340-2,1),9)),IF($Z7=\"Class_7\",INDEX('ER C7 FLT2'!$A$4:$J$340,MATCH($W7&$C7,'ER C7 FLT2'!$A$4:$A$340&'ER C7 FLT2'!$B$4:$B$340-2,1),8)*IF($Z7=\"Class_7\",INDEX('ER C7 FLT2'!$A$4:$J$340,MATCH($W7&$C7,'ER C7 FLT2'!$A$4:$A$340&'ER C7 FLT2'!$B$4:$B$340-2,1),9)),IF($Z7=\"Class_6\",INDEX('ER C6 FLT2'!$A$4:$J$340,MATCH($W7&$C7,'ER C6 FLT2'!$A$4:$A$340&'ER C6 FLT2'!$B$4:$B$340-2,1),8)*IF($Z7=\"Class_6\",INDEX('ER C6 FLT2'!$A$4:$J$340,MATCH($W7&$C7,'ER C6 FLT2'!$A$4:$A$340&'ER C6 FLT2'!$B$4:$B$340-2,1),9))))),\nIF($B7=\"1 Truck\",IF($Z7=\"Class_8\",INDEX('ER C8 FLT1'!$A$4:$J$340,MATCH($W7&$C7,'ER C8 FLT1'!$A$4:$A$340&'ER C8 FLT1'!$B$4:$B$340-2,1),8)*IF($Z7=\"Class_8\",INDEX('ER C8 FLT1'!$A$4:$J$340,MATCH($W7&$C7,'ER C8 FLT1'!$A$4:$A$340&'ER C8 FLT1'!$B$4:$B$340-2,1),9)),IF($Z7=\"Class_7\",INDEX('ER C7 FLT1'!$A$4:$J$340,MATCH($W7&$C7,'ER C7 FLT1'!$A$4:$A$340&'ER C7 FLT1'!$B$4:$B$340-2,1),8)*IF($Z7=\"Class_7\",INDEX('ER C7 FLT1'!$A$4:$J$340,MATCH($W7&$C7,'ER C7 FLT1'!$A$4:$A$340&'ER C7 FLT1'!$B$4:$B$340-2,1),9)),IF($Z7=\"Class_6\",INDEX('ER C6 FLT1'!$A$4:$J$340,MATCH($W7&$C7,'ER C6 FLT1'!$A$4:$A$340&'ER C6 FLT1'!$B$4:$B$340-2,1),8)*IF($Z7=\"Class_6\",INDEX('ER C6 FLT1'!$A$4:$J$340,MATCH($W7&$C7,'ER C6 FLT1'!$A$4:$A$340&'ER C6 FLT1'!$B$4:$B$340-2,1),9))))),IF($B7=\"3 Trucks\",IF($Z7=\"Class_8\",INDEX('ER C8 FLT3'!$A$4:$J$340,MATCH($W7&$C7,'ER C8 FLT3'!$A$4:$A$340&'ER C8 FLT3'!$B$4:$B$340-2,1),8)*IF($Z7=\"Class_8\",INDEX('ER C8 FLT3'!$A$4:$J$340,MATCH($W7&$C7,'ER C8 FLT3'!$A$4:$A$340&'ER C8 FLT3'!$B$4:$B$340-2,1),9)),IF($Z7=\"Class_7\",INDEX('ER C7 FLT3'!$A$4:$J$340,MATCH($W7&$C7,'ER C7 FLT3'!$A$4:$A$340&'ER C7 FLT3'!$B$4:$B$340-2,1),8)*IF($Z7=\"Class_7\",INDEX('ER C7 FLT3'!$A$4:$J$340,MATCH($W7&$C7,'ER C7 FLT3'!$A$4:$A$340&'ER C7 FLT3'!$B$4:$B$340-2,1),9)),IF($Z7=\"Class_6\",INDEX('ER C6 FLT1'!$A$4:$J$340,MATCH($W7&$C7,'ER C6 FLT1'!$A$4:$A$340&'ER C6 FLT1'!$B$4:$B$340-2,1),8)*IF($Z7=\"Class_6\",INDEX('ER C6 FLT1'!$A$4:$J$340,MATCH($W7&$C7,'ER C6 FLT1'!$A$4:$A$340&'ER C6 FLT1'!$B$4:$B$340-2,1),9)))))))))*IF($X7=\"Level 1 PM\",0.75,IF($X7=\"Level 2 PM\",0.5,IF($X7=\"Level 3 PM\",0,IF($X7=\"Level 3 PM + Mark I NOx\",0,1))))*($AC7/453.6)-IF(BL7=0,AX7,0)),0)","v":0},{"$f":"MAX(0,BL7+BM7)","v":0},{"$f":"MAX(0,AO7-AY7)","v":0},{"$f":"MAX((IF($B7=\"4+ Trucks\",IF($Z7=\"Class_8\",INDEX('ER C8 FLT4'!$A$4:$J$340,MATCH($W7&$C7,'ER C8 FLT4'!$A$4:$A$340&'ER C8 FLT4'!$B$4:$B$340-3,1),8)*IF($Z7=\"Class_8\",INDEX('ER C8 FLT4'!$A$4:$J$340,MATCH($W7&$C7,'ER C8 FLT4'!$A$4:$A$340&'ER C8 FLT4'!$B$4:$B$340-3,1),9)),IF($Z7=\"Class_7\",INDEX('ER C7 FLT4'!$A$4:$J$340,MATCH($W7&$C7,'ER C7 FLT4'!$A$4:$A$340&'ER C7 FLT4'!$B$4:$B$340-3,1),8)*IF($Z7=\"Class_7\",INDEX('ER C7 FLT4'!$A$4:$J$340,MATCH($W7&$C7,'ER C7 FLT4'!$A$4:$A$340&'ER C7 FLT4'!$B$4:$B$340-3,1),9)),IF($Z7=\"Class_6\",INDEX('ER C6 FLT4'!$A$4:$J$340,MATCH($W7&$C7,'ER C6 FLT4'!$A$4:$A$340&'ER C6 FLT4'!$B$4:$B$340-3,1),8)*IF($Z7=\"Class_6\",INDEX('ER C6 FLT4'!$A$4:$L$340,MATCH($W7&$C7,'ER C6 FLT4'!$A$4:$A$340&'ER C6 FLT4'!$B$4:$B$340-3,1),9))))),\nIF($B7=\"2 Trucks\",IF($Z7=\"Class_8\",INDEX('ER C8 FLT2'!$A$4:$J$340,MATCH($W7&$C7,'ER C8 FLT2'!$A$4:$A$340&'ER C8 FLT2'!$B$4:$B$340-3,1),8)*IF($Z7=\"Class_8\",INDEX('ER C8 FLT2'!$A$4:$J$340,MATCH($W7&$C7,'ER C8 FLT2'!$A$4:$A$340&'ER C8 FLT2'!$B$4:$B$340-3,1),9)),IF($Z7=\"Class_7\",INDEX('ER C7 FLT2'!$A$4:$J$340,MATCH($W7&$C7,'ER C7 FLT2'!$A$4:$A$340&'ER C7 FLT2'!$B$4:$B$340-3,1),8)*IF($Z7=\"Class_7\",INDEX('ER C7 FLT2'!$A$4:$J$340,MATCH($W7&$C7,'ER C7 FLT2'!$A$4:$A$340&'ER C7 FLT2'!$B$4:$B$340-3,1),9)),IF($Z7=\"Class_6\",INDEX('ER C6 FLT2'!$A$4:$J$340,MATCH($W7&$C7,'ER C6 FLT2'!$A$4:$A$340&'ER C6 FLT2'!$B$4:$B$340-3,1),8)*IF($Z7=\"Class_6\",INDEX('ER C6 FLT2'!$A$4:$J$340,MATCH($W7&$C7,'ER C6 FLT2'!$A$4:$A$340&'ER C6 FLT2'!$B$4:$B$340-3,1),9))))),\nIF($B7=\"1 Truck\",IF($Z7=\"Class_8\",INDEX('ER C8 FLT1'!$A$4:$J$340,MATCH($W7&$C7,'ER C8 FLT1'!$A$4:$A$340&'ER C8 FLT1'!$B$4:$B$340-3,1),8)*IF($Z7=\"Class_8\",INDEX('ER C8 FLT1'!$A$4:$J$340,MATCH($W7&$C7,'ER C8 FLT1'!$A$4:$A$340&'ER C8 FLT1'!$B$4:$B$340-3,1),9)),IF($Z7=\"Class_7\",INDEX('ER C7 FLT1'!$A$4:$J$340,MATCH($W7&$C7,'ER C7 FLT1'!$A$4:$A$340&'ER C7 FLT1'!$B$4:$B$340-3,1),8)*IF($Z7=\"Class_7\",INDEX('ER C7 FLT1'!$A$4:$J$340,MATCH($W7&$C7,'ER C7 FLT1'!$A$4:$A$340&'ER C7 FLT1'!$B$4:$B$340-3,1),9)),IF($Z7=\"Class_6\",INDEX('ER C6 FLT1'!$A$4:$J$340,MATCH($W7&$C7,'ER C6 FLT1'!$A$4:$A$340&'ER C6 FLT1'!$B$4:$B$340-3,1),8)*IF($Z7=\"Class_6\",INDEX('ER C6 FLT1'!$A$4:$J$340,MATCH($W7&$C7,'ER C6 FLT1'!$A$4:$A$340&'ER C6 FLT1'!$B$4:$B$340-3,1),9))))),IF($B7=\"3 Trucks\",IF($Z7=\"Class_8\",INDEX('ER C8 FLT3'!$A$4:$J$340,MATCH($W7&$C7,'ER C8 FLT3'!$A$4:$A$340&'ER C8 FLT3'!$B$4:$B$340-3,1),8)*IF($Z7=\"Class_8\",INDEX('ER C8 FLT3'!$A$4:$J$340,MATCH($W7&$C7,'ER C8 FLT3'!$A$4:$A$340&'ER C8 FLT3'!$B$4:$B$340-3,1),9)),IF($Z7=\"Class_7\",INDEX('ER C7 FLT3'!$A$4:$J$340,MATCH($W7&$C7,'ER C7 FLT3'!$A$4:$A$340&'ER C7 FLT3'!$B$4:$B$340-3,1),8)*IF($Z7=\"Class_7\",INDEX('ER C7 FLT3'!$A$4:$J$340,MATCH($W7&$C7,'ER C7 FLT3'!$A$4:$A$340&'ER C7 FLT3'!$B$4:$B$340-3,1),9)),IF($Z7=\"Class_6\",INDEX('ER C6 FLT3'!$A$4:$J$340,MATCH($W7&$C7,'ER C6 FLT3'!$A$4:$A$340&'ER C6 FLT3'!$B$4:$B$340-3,1),8)*IF($Z7=\"Class_6\",INDEX('ER C6 FLT3'!$A$4:$L$340,MATCH($W7&$C7,'ER C6 FLT3'!$A$4:$A$340&'ER C6 FLT3'!$B$4:$B$340-3,1),9)))))))))\n*IF($X7=\"Level 1 PM\",0.75,IF($X7=\"Level 2 PM\",0.5,IF($X7=\"Level 3 PM\",0,IF($X7=\"Level 3 PM + Mark I NOx\",0,1))))*($AC7/453.6)-IF(BO7=0,AY7,0)),0)","v":0},{"$f":"MAX(0,BO7+BP7)","v":0},{"$f":"MAX(0,AP7-AZ7)","v":0},{"$f":"MAX((IF($B7=\"4+ Trucks\",IF($Z7=\"Class_8\",INDEX('ER C8 FLT4'!$A$4:$J$340,MATCH($W7&$C7,'ER C8 FLT4'!$A$4:$A$340&'ER C8 FLT4'!$B$4:$B$340-4,1),8)*IF($Z7=\"Class_8\",INDEX('ER C8 FLT4'!$A$4:$J$340,MATCH($W7&$C7,'ER C8 FLT4'!$A$4:$A$340&'ER C8 FLT4'!$B$4:$B$340-4,1),9)),IF($Z7=\"Class_7\",INDEX('ER C7 FLT4'!$A$4:$J$340,MATCH($W7&$C7,'ER C7 FLT4'!$A$4:$A$340&'ER C7 FLT4'!$B$4:$B$340-4,1),8)*IF($Z7=\"Class_7\",INDEX('ER C7 FLT4'!$A$4:$J$340,MATCH($W7&$C7,'ER C7 FLT4'!$A$4:$A$340&'ER C7 FLT4'!$B$4:$B$340-4,1),9)),IF($Z7=\"Class_6\",INDEX('ER C6 FLT4'!$A$4:$J$340,MATCH($W7&$C7,'ER C6 FLT4'!$A$4:$A$340&'ER C6 FLT4'!$B$4:$B$340-4,1),8)*IF($Z7=\"Class_6\",INDEX('ER C6 FLT4'!$A$4:$L$340,MATCH($W7&$C7,'ER C6 FLT4'!$A$4:$A$340&'ER C6 FLT4'!$B$4:$B$340-4,1),9))))),\nIF($B7=\"2 Trucks\",IF($Z7=\"Class_8\",INDEX('ER C8 FLT2'!$A$4:$J$340,MATCH($W7&$C7,'ER C8 FLT2'!$A$4:$A$340&'ER C8 FLT2'!$B$4:$B$340-4,1),8)*IF($Z7=\"Class_8\",INDEX('ER C8 FLT2'!$A$4:$J$340,MATCH($W7&$C7,'ER C8 FLT2'!$A$4:$A$340&'ER C8 FLT2'!$B$4:$B$340-4,1),9)),IF($Z7=\"Class_7\",INDEX('ER C7 FLT2'!$A$4:$J$340,MATCH($W7&$C7,'ER C7 FLT2'!$A$4:$A$340&'ER C7 FLT2'!$B$4:$B$340-4,1),8)*IF($Z7=\"Class_7\",INDEX('ER C7 FLT2'!$A$4:$J$340,MATCH($W7&$C7,'ER C7 FLT2'!$A$4:$A$340&'ER C7 FLT2'!$B$4:$B$340-4,1),9)),IF($Z7=\"Class_6\",INDEX('ER C6 FLT2'!$A$4:$J$340,MATCH($W7&$C7,'ER C6 FLT2'!$A$4:$A$340&'ER C6 FLT2'!$B$4:$B$340-4,1),8)*IF($Z7=\"Class_6\",INDEX('ER C6 FLT2'!$A$4:$J$340,MATCH($W7&$C7,'ER C6 FLT2'!$A$4:$A$340&'ER C6 FLT2'!$B$4:$B$340-4,1),9))))),\nIF($B7=\"1 Truck\",IF($Z7=\"Class_8\",INDEX('ER C8 FLT1'!$A$4:$J$340,MATCH($W7&$C7,'ER C8 FLT1'!$A$4:$A$340&'ER C8 FLT1'!$B$4:$B$340-4,1),8)*IF($Z7=\"Class_8\",INDEX('ER C8 FLT1'!$A$4:$J$340,MATCH($W7&$C7,'ER C8 FLT1'!$A$4:$A$340&'ER C8 FLT1'!$B$4:$B$340-4,1),9)),IF($Z7=\"Class_7\",INDEX('ER C7 FLT1'!$A$4:$J$340,MATCH($W7&$C7,'ER C7 FLT1'!$A$4:$A$340&'ER C7 FLT1'!$B$4:$B$340-4,1),8)*IF($Z7=\"Class_7\",INDEX('ER C7 FLT1'!$A$4:$J$340,MATCH($W7&$C7,'ER C7 FLT1'!$A$4:$A$340&'ER C7 FLT1'!$B$4:$B$340-4,1),9)),IF($Z7=\"Class_6\",INDEX('ER C6 FLT1'!$A$4:$J$340,MATCH($W7&$C7,'ER C6 FLT1'!$A$4:$A$340&'ER C6 FLT1'!$B$4:$B$340-4,1),8)*IF($Z7=\"Class_6\",INDEX('ER C6 FLT1'!$A$4:$J$340,MATCH($W7&$C7,'ER C6 FLT1'!$A$4:$A$340&'ER C6 FLT1'!$B$4:$B$340-4,1),9))))),IF($B7=\"3 Trucks\",IF($Z7=\"Class_8\",INDEX('ER C8 FLT3'!$A$4:$J$340,MATCH($W7&$C7,'ER C8 FLT3'!$A$4:$A$340&'ER C8 FLT3'!$B$4:$B$340-4,1),8)*IF($Z7=\"Class_8\",INDEX('ER C8 FLT3'!$A$4:$J$340,MATCH($W7&$C7,'ER C8 FLT3'!$A$4:$A$340&'ER C8 FLT3'!$B$4:$B$340-4,1),9)),IF($Z7=\"Class_7\",INDEX('ER C7 FLT3'!$A$4:$J$340,MATCH($W7&$C7,'ER C7 FLT3'!$A$4:$A$340&'ER C7 FLT3'!$B$4:$B$340-4,1),8)*IF($Z7=\"Class_7\",INDEX('ER C7 FLT3'!$A$4:$J$340,MATCH($W7&$C7,'ER C7 FLT3'!$A$4:$A$340&'ER C7 FLT3'!$B$4:$B$340-4,1),9)),IF($Z7=\"Class_6\",INDEX('ER C6 FLT3'!$A$4:$J$340,MATCH($W7&$C7,'ER C6 FLT3'!$A$4:$A$340&'ER C6 FLT3'!$B$4:$B$340-4,1),8)*IF($Z7=\"Class_6\",INDEX('ER C6 FLT3'!$A$4:$L$340,MATCH($W7&$C7,'ER C6 FLT3'!$A$4:$A$340&'ER C6 FLT3'!$B$4:$B$340-4,1),9)))))))))\n*IF($X7=\"Level 1 PM\",0.75,IF($X7=\"Level 2 PM\",0.5,IF($X7=\"Level 3 PM\",0,IF($X7=\"Level 3 PM + Mark I NOx\",0,1))))*($AC7/453.6)-IF(BR7=0,AZ7,0)),0)","v":0},{"$f":"MAX(0,BR7+BS7)","v":0},{"$f":"(MAX(0,BH7+BK7+BN7+BQ7+BT7))","v":0},{"$f":"IF($B7=\"4+ Trucks\",IF(OR($H7=\"Class_8\",$N7=\"Replacement8HHD\",$AH7=\"CL7HHD\",$AJ7=\"CL7to8\"),INDEX('ER C8 FLT4'!$A$4:$J$340,MATCH($E7&$C7,'ER C8 FLT4'!$A$4:$A$340&'ER C8 FLT4'!$B$4:$B$340,1),5)*IF(OR($H7=\"Class_8\",$N7=\"Replacement8HHD\",$AH7=\"CL7HHD\",$AJ7=\"CL7to8\"),INDEX('ER C8 FLT4'!$A$4:$J$340,MATCH($E7&$C7,'ER C8 FLT4'!$A$4:$A$340&'ER C8 FLT4'!$B$4:$B$340,1),7)),IF($H7=\"Class_7\",INDEX('ER C7 FLT4'!$A$4:$J$340,MATCH($E7&$C7,'ER C7 FLT4'!$A$4:$A$340&'ER C7 FLT4'!$B$4:$B$340,1),5)*IF($H7=\"Class_7\",INDEX('ER C7 FLT4'!$A$4:$J$340,MATCH($E7&$C7,'ER C7 FLT4'!$A$4:$A$340&'ER C7 FLT4'!$B$4:$B$340,1),7)),\nIF($H7=\"Class_6\",INDEX('ER C6 FLT4'!$A$4:$J$340,MATCH($E7&$C7,'ER C6 FLT4'!$A$4:$A$340&'ER C6 FLT4'!$B$4:$B$340,1),5)*IF($H7=\"Class_6\",INDEX('ER C6 FLT4'!$A$4:$L$340,MATCH($E7&$C7,'ER C6 FLT4'!$A$4:$A$340&'ER C6 FLT4'!$B$4:$B$340,1),7))))),\nIF($B7=\"3 Trucks\",IF(OR($H7=\"Class_8\",$N7=\"Replacement8HHD\",$AH7=\"CL7HHD\",$AJ7=\"CL7to8\"),INDEX('ER C8 FLT3'!$A$4:$J$340,MATCH($E7&$C7,'ER C8 FLT3'!$A$4:$A$340&'ER C8 FLT3'!$B$4:$B$340,1),5)*IF(OR($H7=\"Class_8\",$N7=\"Replacement8HHD\",$AH7=\"CL7HHD\",$AJ7=\"CL7to8\"),INDEX('ER C8 FLT3'!$A$4:$J$340,MATCH($E7&$C7,'ER C8 FLT3'!$A$4:$A$340&'ER C8 FLT3'!$B$4:$B$340,1),7)),IF($H7=\"Class_7\",INDEX('ER C7 FLT3'!$A$4:$J$340,MATCH($E7&$C7,'ER C7 FLT3'!$A$4:$A$340&'ER C7 FLT3'!$B$4:$B$340,1),5)*IF($H7=\"Class_7\",INDEX('ER C7 FLT3'!$A$4:$J$340,MATCH($E7&$C7,'ER C7 FLT3'!$A$4:$A$340&'ER C7 FLT3'!$B$4:$B$340,1),7)),\nIF($H7=\"Class_6\",INDEX('ER C6 FLT3'!$A$4:$J$340,MATCH($E7&$C7,'ER C6 FLT3'!$A$4:$A$340&'ER C6 FLT3'!$B$4:$B$340,1),5)*IF($H7=\"Class_6\",INDEX('ER C6 FLT3'!$A$4:$L$340,MATCH($E7&$C7,'ER C6 FLT3'!$A$4:$A$340&'ER C6 FLT3'!$B$4:$B$340,1),7))))),\nIF($B7=\"2 Trucks\",IF(OR($H7=\"Class_8\",$N7=\"Replacement8HHD\",$AH7=\"CL7HHD\",$AJ7=\"CL7to8\"),INDEX('ER C8 FLT2'!$A$4:$J$340,MATCH($E7&$C7,'ER C8 FLT2'!$A$4:$A$340&'ER C8 FLT2'!$B$4:$B$340,1),5)*IF(OR($H7=\"Class_8\",$N7=\"Replacement8HHD\",$AH7=\"CL7HHD\",$AJ7=\"CL7to8\"),INDEX('ER C8 FLT2'!$A$4:$J$340,MATCH($E7&$C7,'ER C8 FLT2'!$A$4:$A$340&'ER C8 FLT2'!$B$4:$B$340,1),7)),IF($H7=\"Class_7\",INDEX('ER C7 FLT2'!$A$4:$J$340,MATCH($E7&$C7,'ER C7 FLT2'!$A$4:$A$340&'ER C7 FLT2'!$B$4:$B$340,1),5)*IF($H7=\"Class_7\",INDEX('ER C7 FLT2'!$A$4:$J$340,MATCH($E7&$C7,'ER C7 FLT2'!$A$4:$A$340&'ER C7 FLT2'!$B$4:$B$340,1),7)),IF($H7=\"Class_6\",INDEX('ER C6 FLT2'!$A$4:$J$340,MATCH($E7&$C7,'ER C6 FLT2'!$A$4:$A$340&'ER C6 FLT2'!$B$4:$B$340,1),5)*IF($H7=\"Class_6\",INDEX('ER C6 FLT2'!$A$4:$J$340,MATCH($E7&$C7,'ER C6 FLT2'!$A$4:$A$340&'ER C6 FLT2'!$B$4:$B$340,1),7))))),IF($B7=\"1 Truck\",\nIF(OR($H7=\"Class_8\",$N7=\"Replacement8HHD\",$AH7=\"CL7HHD\",$AJ7=\"CL7to8\"),INDEX('ER C8 FLT1'!$A$4:$J$340,MATCH($E7&$C7,'ER C8 FLT1'!$A$4:$A$340&'ER C8 FLT1'!$B$4:$B$340,1),5)*IF(OR($H7=\"Class_8\",$N7=\"Replacement8HHD\",$AH7=\"CL7HHD\",$AJ7=\"CL7to8\"),INDEX('ER C8 FLT1'!$A$4:$J$340,MATCH($E7&$C7,'ER C8 FLT1'!$A$4:$A$340&'ER C8 FLT1'!$B$4:$B$340,1),7)),IF($H7=\"Class_7\",INDEX('ER C7 FLT1'!$A$4:$J$340,MATCH($E7&$C7,'ER C7 FLT1'!$A$4:$A$340&'ER C7 FLT1'!$B$4:$B$340,1),5)*IF($H7=\"Class_7\",INDEX('ER C7 FLT1'!$A$4:$J$340,MATCH($E7&$C7,'ER C7 FLT1'!$A$4:$A$340&'ER C7 FLT1'!$B$4:$B$340,1),7)),\nIF($H7=\"Class_6\",INDEX('ER C6 FLT1'!$A$4:$J$340,MATCH($E7&$C7,'ER C6 FLT1'!$A$4:$A$340&'ER C6 FLT1'!$B$4:$B$340,1),5)*IF($H7=\"Class_6\",INDEX('ER C6 FLT1'!$A$4:$J$340,MATCH($E7&$C7,'ER C6 FLT1'!$A$4:$A$340&'ER C6 FLT1'!$B$4:$B$340,1),7))))))))*IF($F7=\"Level 1 PM + Mark I NOx\",0.75,1))*($Q7/453.6)","v":0},{"$f":"IF($B7=\"4+ Trucks\",IF(OR($H7=\"Class_8\",$N7=\"Replacement8HHD\",$AH7=\"CL7HHD\",$AJ7=\"CL7to8\"),INDEX('ER C8 FLT4'!$A$4:$J$340,MATCH($E7&$C7,'ER C8 FLT4'!$A$4:$A$340&'ER C8 FLT4'!$B$4:$B$340-1,1),5)*IF(OR($H7=\"Class_8\",$N7=\"Replacement8HHD\",$AH7=\"CL7HHD\",$AJ7=\"CL7to8\"),INDEX('ER C8 FLT4'!$A$4:$J$340,MATCH($E7&$C7,'ER C8 FLT4'!$A$4:$A$340&'ER C8 FLT4'!$B$4:$B$340-1,1),7)),IF($H7=\"Class_7\",INDEX('ER C7 FLT4'!$A$4:$J$340,MATCH($E7&$C7,'ER C7 FLT4'!$A$4:$A$340&'ER C7 FLT4'!$B$4:$B$340-1,1),5)*IF($H7=\"Class_7\",INDEX('ER C7 FLT4'!$A$4:$J$340,MATCH($E7&$C7,'ER C7 FLT4'!$A$4:$A$340&'ER C7 FLT4'!$B$4:$B$340-1,1),7)),\nIF($H7=\"Class_6\",INDEX('ER C6 FLT4'!$A$4:$J$340,MATCH($E7&$C7,'ER C6 FLT4'!$A$4:$A$340&'ER C6 FLT4'!$B$4:$B$340-1,1),5)*IF($H7=\"Class_6\",INDEX('ER C6 FLT4'!$A$4:$L$340,MATCH($E7&$C7,'ER C6 FLT4'!$A$4:$A$340&'ER C6 FLT4'!$B$4:$B$340-1,1),7))))),IF($B7=\"3 Trucks\",IF(OR($H7=\"Class_8\",$N7=\"Replacement8HHD\",$AH7=\"CL7HHD\",$AJ7=\"CL7to8\"),INDEX('ER C8 FLT3'!$A$4:$J$340,MATCH($E7&$C7,'ER C8 FLT3'!$A$4:$A$340&'ER C8 FLT3'!$B$4:$B$340-1,1),5)*IF(OR($H7=\"Class_8\",$N7=\"Replacement8HHD\",$AH7=\"CL7HHD\",$AJ7=\"CL7to8\"),INDEX('ER C8 FLT3'!$A$4:$J$340,MATCH($E7&$C7,'ER C8 FLT3'!$A$4:$A$340&'ER C8 FLT3'!$B$4:$B$340-1,1),7)),IF($H7=\"Class_7\",INDEX('ER C7 FLT3'!$A$4:$J$340,MATCH($E7&$C7,'ER C7 FLT3'!$A$4:$A$340&'ER C7 FLT3'!$B$4:$B$340-1,1),5)*IF($H7=\"Class_7\",INDEX('ER C7 FLT3'!$A$4:$J$340,MATCH($E7&$C7,'ER C7 FLT3'!$A$4:$A$340&'ER C7 FLT3'!$B$4:$B$340-1,1),7)),\nIF($H7=\"Class_6\",INDEX('ER C6 FLT3'!$A$4:$J$340,MATCH($E7&$C7,'ER C6 FLT3'!$A$4:$A$340&'ER C6 FLT3'!$B$4:$B$340-1,1),5)*IF($H7=\"Class_6\",INDEX('ER C6 FLT3'!$A$4:$L$340,MATCH($E7&$C7,'ER C6 FLT3'!$A$4:$A$340&'ER C6 FLT3'!$B$4:$B$340-1,1),7))))),IF($B7=\"2 Trucks\",IF(OR($H7=\"Class_8\",$N7=\"Replacement8HHD\",$AH7=\"CL7HHD\",$AJ7=\"CL7to8\"),INDEX('ER C8 FLT2'!$A$4:$J$340,MATCH($E7&$C7,'ER C8 FLT2'!$A$4:$A$340&'ER C8 FLT2'!$B$4:$B$340-1,1),5)*IF(OR($H7=\"Class_8\",$N7=\"Replacement8HHD\",$AH7=\"CL7HHD\",$AJ7=\"CL7to8\"),INDEX('ER C8 FLT2'!$A$4:$J$340,MATCH($E7&$C7,'ER C8 FLT2'!$A$4:$A$340&'ER C8 FLT2'!$B$4:$B$340-1,1),7)),IF($H7=\"Class_7\",INDEX('ER C7 FLT2'!$A$4:$J$340,MATCH($E7&$C7,'ER C7 FLT2'!$A$4:$A$340&'ER C7 FLT2'!$B$4:$B$340-1,1),5)*IF($H7=\"Class_7\",INDEX('ER C7 FLT2'!$A$4:$J$340,MATCH($E7&$C7,'ER C7 FLT2'!$A$4:$A$340&'ER C7 FLT2'!$B$4:$B$340-1,1),7)),IF($H7=\"Class_6\",INDEX('ER C6 FLT2'!$A$4:$J$340,MATCH($E7&$C7,'ER C6 FLT2'!$A$4:$A$340&'ER C6 FLT2'!$B$4:$B$340-1,1),5)*IF($H7=\"Class_6\",INDEX('ER C6 FLT2'!$A$4:$J$340,MATCH($E7&$C7,'ER C6 FLT2'!$A$4:$A$340&'ER C6 FLT2'!$B$4:$B$340-1,1),7))))),IF($B7=\"1 Truck\",\nIF(OR($H7=\"Class_8\",$N7=\"Replacement8HHD\",$AH7=\"CL7HHD\",$AJ7=\"CL7to8\"),INDEX('ER C8 FLT1'!$A$4:$J$340,MATCH($E7&$C7,'ER C8 FLT1'!$A$4:$A$340&'ER C8 FLT1'!$B$4:$B$340-1,1),5)*IF(OR($H7=\"Class_8\",$N7=\"Replacement8HHD\",$AH7=\"CL7HHD\",$AJ7=\"CL7to8\"),INDEX('ER C8 FLT1'!$A$4:$J$340,MATCH($E7&$C7,'ER C8 FLT1'!$A$4:$A$340&'ER C8 FLT1'!$B$4:$B$340-1,1),7)),IF($H7=\"Class_7\",INDEX('ER C7 FLT1'!$A$4:$J$340,MATCH($E7&$C7,'ER C7 FLT1'!$A$4:$A$340&'ER C7 FLT1'!$B$4:$B$340-1,1),5)*IF($H7=\"Class_7\",INDEX('ER C7 FLT1'!$A$4:$J$340,MATCH($E7&$C7,'ER C7 FLT1'!$A$4:$A$340&'ER C7 FLT1'!$B$4:$B$340-1,1),7)),\nIF($H7=\"Class_6\",INDEX('ER C6 FLT1'!$A$4:$J$340,MATCH($E7&$C7,'ER C6 FLT1'!$A$4:$A$340&'ER C6 FLT1'!$B$4:$B$340-1,1),5)*IF($H7=\"Class_6\",INDEX('ER C6 FLT1'!$A$4:$J$340,MATCH($E7&$C7,'ER C6 FLT1'!$A$4:$A$340&'ER C6 FLT1'!$B$4:$B$340-1,1),7))))))))*IF($F7=\"Level 1 PM + Mark I NOx\",0.75,1))*($Q7/453.6)","v":0},{"$f":"IF($B7=\"4+ Trucks\",IF(OR($H7=\"Class_8\",$N7=\"Replacement8HHD\",$AH7=\"CL7HHD\",$AJ7=\"CL7to8\"),INDEX('ER C8 FLT4'!$A$4:$J$340,MATCH($E7&$C7,'ER C8 FLT4'!$A$4:$A$340&'ER C8 FLT4'!$B$4:$B$340-2,1),5)*IF(OR($H7=\"Class_8\",$N7=\"Replacement8HHD\",$AH7=\"CL7HHD\",$AJ7=\"CL7to8\"),INDEX('ER C8 FLT4'!$A$4:$J$340,MATCH($E7&$C7,'ER C8 FLT4'!$A$4:$A$340&'ER C8 FLT4'!$B$4:$B$340-2,1),7)),IF($H7=\"Class_7\",INDEX('ER C7 FLT4'!$A$4:$J$340,MATCH($E7&$C7,'ER C7 FLT4'!$A$4:$A$340&'ER C7 FLT4'!$B$4:$B$340-2,1),5)*IF($H7=\"Class_7\",INDEX('ER C7 FLT4'!$A$4:$J$340,MATCH($E7&$C7,'ER C7 FLT4'!$A$4:$A$340&'ER C7 FLT4'!$B$4:$B$340-2,1),7)),\nIF($H7=\"Class_6\",INDEX('ER C6 FLT4'!$A$4:$J$340,MATCH($E7&$C7,'ER C6 FLT4'!$A$4:$A$340&'ER C6 FLT4'!$B$4:$B$340-2,1),5)*IF($H7=\"Class_6\",INDEX('ER C6 FLT4'!$A$4:$L$340,MATCH($E7&$C7,'ER C6 FLT4'!$A$4:$A$340&'ER C6 FLT4'!$B$4:$B$340-2,1),7))))),IF($B7=\"3 Trucks\",IF(OR($H7=\"Class_8\",$N7=\"Replacement8HHD\",$AH7=\"CL7HHD\",$AJ7=\"CL7to8\"),INDEX('ER C8 FLT3'!$A$4:$J$340,MATCH($E7&$C7,'ER C8 FLT3'!$A$4:$A$340&'ER C8 FLT3'!$B$4:$B$340-2,1),5)*IF(OR($H7=\"Class_8\",$N7=\"Replacement8HHD\",$AH7=\"CL7HHD\",$AJ7=\"CL7to8\"),INDEX('ER C8 FLT3'!$A$4:$J$340,MATCH($E7&$C7,'ER C8 FLT3'!$A$4:$A$340&'ER C8 FLT3'!$B$4:$B$340-2,1),7)),IF($H7=\"Class_7\",INDEX('ER C7 FLT3'!$A$4:$J$340,MATCH($E7&$C7,'ER C7 FLT3'!$A$4:$A$340&'ER C7 FLT3'!$B$4:$B$340-2,1),5)*IF($H7=\"Class_7\",INDEX('ER C7 FLT3'!$A$4:$J$340,MATCH($E7&$C7,'ER C7 FLT3'!$A$4:$A$340&'ER C7 FLT3'!$B$4:$B$340-2,1),7)),\nIF($H7=\"Class_6\",INDEX('ER C6 FLT3'!$A$4:$J$340,MATCH($E7&$C7,'ER C6 FLT3'!$A$4:$A$340&'ER C6 FLT3'!$B$4:$B$340-2,1),5)*IF($H7=\"Class_6\",INDEX('ER C6 FLT3'!$A$4:$L$340,MATCH($E7&$C7,'ER C6 FLT3'!$A$4:$A$340&'ER C6 FLT3'!$B$4:$B$340-2,1),7))))),IF($B7=\"2 Trucks\",IF(OR($H7=\"Class_8\",$N7=\"Replacement8HHD\",$AH7=\"CL7HHD\",$AJ7=\"CL7to8\"),INDEX('ER C8 FLT2'!$A$4:$J$340,MATCH($E7&$C7,'ER C8 FLT2'!$A$4:$A$340&'ER C8 FLT2'!$B$4:$B$340-2,1),5)*IF(OR($H7=\"Class_8\",$N7=\"Replacement8HHD\",$AH7=\"CL7HHD\",$AJ7=\"CL7to8\"),INDEX('ER C8 FLT2'!$A$4:$J$340,MATCH($E7&$C7,'ER C8 FLT2'!$A$4:$A$340&'ER C8 FLT2'!$B$4:$B$340-2,1),7)),IF($H7=\"Class_7\",INDEX('ER C7 FLT2'!$A$4:$J$340,MATCH($E7&$C7,'ER C7 FLT2'!$A$4:$A$340&'ER C7 FLT2'!$B$4:$B$340-2,1),5)*IF($H7=\"Class_7\",INDEX('ER C7 FLT2'!$A$4:$J$340,MATCH($E7&$C7,'ER C7 FLT2'!$A$4:$A$340&'ER C7 FLT2'!$B$4:$B$340-2,1),7)),IF($H7=\"Class_6\",INDEX('ER C6 FLT2'!$A$4:$J$340,MATCH($E7&$C7,'ER C6 FLT2'!$A$4:$A$340&'ER C6 FLT2'!$B$4:$B$340-2,1),5)*IF($H7=\"Class_6\",INDEX('ER C6 FLT2'!$A$4:$J$340,MATCH($E7&$C7,'ER C6 FLT2'!$A$4:$A$340&'ER C6 FLT2'!$B$4:$B$340-2,1),7))))),IF($B7=\"1 Truck\",\nIF(OR($H7=\"Class_8\",$N7=\"Replacement8HHD\",$AH7=\"CL7HHD\",$AJ7=\"CL7to8\"),INDEX('ER C8 FLT1'!$A$4:$J$340,MATCH($E7&$C7,'ER C8 FLT1'!$A$4:$A$340&'ER C8 FLT1'!$B$4:$B$340-2,1),5)*IF(OR($H7=\"Class_8\",$N7=\"Replacement8HHD\",$AH7=\"CL7HHD\",$AJ7=\"CL7to8\"),INDEX('ER C8 FLT1'!$A$4:$J$340,MATCH($E7&$C7,'ER C8 FLT1'!$A$4:$A$340&'ER C8 FLT1'!$B$4:$B$340-2,1),7)),IF($H7=\"Class_7\",INDEX('ER C7 FLT1'!$A$4:$J$340,MATCH($E7&$C7,'ER C7 FLT1'!$A$4:$A$340&'ER C7 FLT1'!$B$4:$B$340-2,1),5)*IF($H7=\"Class_7\",INDEX('ER C7 FLT1'!$A$4:$J$340,MATCH($E7&$C7,'ER C7 FLT1'!$A$4:$A$340&'ER C7 FLT1'!$B$4:$B$340-2,1),7)),\nIF($H7=\"Class_6\",INDEX('ER C6 FLT1'!$A$4:$J$340,MATCH($E7&$C7,'ER C6 FLT1'!$A$4:$A$340&'ER C6 FLT1'!$B$4:$B$340-2,1),5)*IF($H7=\"Class_6\",INDEX('ER C6 FLT1'!$A$4:$J$340,MATCH($E7&$C7,'ER C6 FLT1'!$A$4:$A$340&'ER C6 FLT1'!$B$4:$B$340-2,1),7))))))))*IF($F7=\"Level 1 PM + Mark I NOx\",0.75,1))*($Q7/453.6)","v":0},{"$f":"IF($B7=\"4+ Trucks\",IF(OR($H7=\"Class_8\",$N7=\"Replacement8HHD\",$AH7=\"CL7HHD\",$AJ7=\"CL7to8\"),INDEX('ER C8 FLT4'!$A$4:$J$340,MATCH($E7&$C7,'ER C8 FLT4'!$A$4:$A$340&'ER C8 FLT4'!$B$4:$B$340-3,1),5)*IF(OR($H7=\"Class_8\",$N7=\"Replacement8HHD\",$AH7=\"CL7HHD\",$AJ7=\"CL7to8\"),INDEX('ER C8 FLT4'!$A$4:$J$340,MATCH($E7&$C7,'ER C8 FLT4'!$A$4:$A$340&'ER C8 FLT4'!$B$4:$B$340-3,1),7)),IF($H7=\"Class_7\",INDEX('ER C7 FLT4'!$A$4:$J$340,MATCH($E7&$C7,'ER C7 FLT4'!$A$4:$A$340&'ER C7 FLT4'!$B$4:$B$340-3,1),5)*IF($H7=\"Class_7\",INDEX('ER C7 FLT4'!$A$4:$J$340,MATCH($E7&$C7,'ER C7 FLT4'!$A$4:$A$340&'ER C7 FLT4'!$B$4:$B$340-3,1),7)),\nIF($H7=\"Class_6\",INDEX('ER C6 FLT4'!$A$4:$J$340,MATCH($E7&$C7,'ER C6 FLT4'!$A$4:$A$340&'ER C6 FLT4'!$B$4:$B$340-3,1),5)*IF($H7=\"Class_6\",INDEX('ER C6 FLT4'!$A$4:$L$340,MATCH($E7&$C7,'ER C6 FLT4'!$A$4:$A$340&'ER C6 FLT4'!$B$4:$B$340-3,1),7))))),IF($B7=\"3 Trucks\",IF(OR($H7=\"Class_8\",$N7=\"Replacement8HHD\",$AH7=\"CL7HHD\",$AJ7=\"CL7to8\"),INDEX('ER C8 FLT3'!$A$4:$J$340,MATCH($E7&$C7,'ER C8 FLT3'!$A$4:$A$340&'ER C8 FLT3'!$B$4:$B$340-3,1),5)*IF(OR($H7=\"Class_8\",$N7=\"Replacement8HHD\",$AH7=\"CL7HHD\",$AJ7=\"CL7to8\"),INDEX('ER C8 FLT3'!$A$4:$J$340,MATCH($E7&$C7,'ER C8 FLT3'!$A$4:$A$340&'ER C8 FLT3'!$B$4:$B$340-3,1),7)),IF($H7=\"Class_7\",INDEX('ER C7 FLT3'!$A$4:$J$340,MATCH($E7&$C7,'ER C7 FLT3'!$A$4:$A$340&'ER C7 FLT3'!$B$4:$B$340-3,1),5)*IF($H7=\"Class_7\",INDEX('ER C7 FLT3'!$A$4:$J$340,MATCH($E7&$C7,'ER C7 FLT3'!$A$4:$A$340&'ER C7 FLT3'!$B$4:$B$340-3,1),7)),\nIF($H7=\"Class_6\",INDEX('ER C6 FLT3'!$A$4:$J$340,MATCH($E7&$C7,'ER C6 FLT3'!$A$4:$A$340&'ER C6 FLT3'!$B$4:$B$340-3,1),5)*IF($H7=\"Class_6\",INDEX('ER C6 FLT3'!$A$4:$L$340,MATCH($E7&$C7,'ER C6 FLT3'!$A$4:$A$340&'ER C6 FLT3'!$B$4:$B$340-3,1),7))))),IF($B7=\"2 Trucks\",IF(OR($H7=\"Class_8\",$N7=\"Replacement8HHD\",$AH7=\"CL7HHD\",$AJ7=\"CL7to8\"),INDEX('ER C8 FLT2'!$A$4:$J$340,MATCH($E7&$C7,'ER C8 FLT2'!$A$4:$A$340&'ER C8 FLT2'!$B$4:$B$340-3,1),5)*IF(OR($H7=\"Class_8\",$N7=\"Replacement8HHD\",$AH7=\"CL7HHD\",$AJ7=\"CL7to8\"),INDEX('ER C8 FLT2'!$A$4:$J$340,MATCH($E7&$C7,'ER C8 FLT2'!$A$4:$A$340&'ER C8 FLT2'!$B$4:$B$340-3,1),7)),IF($H7=\"Class_7\",INDEX('ER C7 FLT2'!$A$4:$J$340,MATCH($E7&$C7,'ER C7 FLT2'!$A$4:$A$340&'ER C7 FLT2'!$B$4:$B$340-3,1),5)*IF($H7=\"Class_7\",INDEX('ER C7 FLT2'!$A$4:$J$340,MATCH($E7&$C7,'ER C7 FLT2'!$A$4:$A$340&'ER C7 FLT2'!$B$4:$B$340-3,1),7)),IF($H7=\"Class_6\",INDEX('ER C6 FLT2'!$A$4:$J$340,MATCH($E7&$C7,'ER C6 FLT2'!$A$4:$A$340&'ER C6 FLT2'!$B$4:$B$340-3,1),5)*IF($H7=\"Class_6\",INDEX('ER C6 FLT2'!$A$4:$J$340,MATCH($E7&$C7,'ER C6 FLT2'!$A$4:$A$340&'ER C6 FLT2'!$B$4:$B$340-3,1),7))))),IF($B7=\"1 Truck\",\nIF(OR($H7=\"Class_8\",$N7=\"Replacement8HHD\",$AH7=\"CL7HHD\",$AJ7=\"CL7to8\"),INDEX('ER C8 FLT1'!$A$4:$J$340,MATCH($E7&$C7,'ER C8 FLT1'!$A$4:$A$340&'ER C8 FLT1'!$B$4:$B$340-3,1),5)*IF(OR($H7=\"Class_8\",$N7=\"Replacement8HHD\",$AH7=\"CL7HHD\",$AJ7=\"CL7to8\"),INDEX('ER C8 FLT1'!$A$4:$J$340,MATCH($E7&$C7,'ER C8 FLT1'!$A$4:$A$340&'ER C8 FLT1'!$B$4:$B$340-3,1),7)),IF($H7=\"Class_7\",INDEX('ER C7 FLT1'!$A$4:$J$340,MATCH($E7&$C7,'ER C7 FLT1'!$A$4:$A$340&'ER C7 FLT1'!$B$4:$B$340-3,1),5)*IF($H7=\"Class_7\",INDEX('ER C7 FLT1'!$A$4:$J$340,MATCH($E7&$C7,'ER C7 FLT1'!$A$4:$A$340&'ER C7 FLT1'!$B$4:$B$340-3,1),7)),\nIF($H7=\"Class_6\",INDEX('ER C6 FLT1'!$A$4:$J$340,MATCH($E7&$C7,'ER C6 FLT1'!$A$4:$A$340&'ER C6 FLT1'!$B$4:$B$340-3,1),5)*IF($H7=\"Class_6\",INDEX('ER C6 FLT1'!$A$4:$J$340,MATCH($E7&$C7,'ER C6 FLT1'!$A$4:$A$340&'ER C6 FLT1'!$B$4:$B$340-3,1),7))))))))*IF($F7=\"Level 1 PM + Mark I NOx\",0.75,1))*($Q7/453.6)","v":0},{"$f":"IF($B7=\"4+ Trucks\",IF(OR($H7=\"Class_8\",$N7=\"Replacement8HHD\",$AH7=\"CL7HHD\",$AJ7=\"CL7to8\"),INDEX('ER C8 FLT4'!$A$4:$J$340,MATCH($E7&$C7,'ER C8 FLT4'!$A$4:$A$340&'ER C8 FLT4'!$B$4:$B$340-4,1),5)*IF(OR($H7=\"Class_8\",$N7=\"Replacement8HHD\",$AH7=\"CL7HHD\",$AJ7=\"CL7to8\"),INDEX('ER C8 FLT4'!$A$4:$J$340,MATCH($E7&$C7,'ER C8 FLT4'!$A$4:$A$340&'ER C8 FLT4'!$B$4:$B$340-4,1),7)),IF($H7=\"Class_7\",INDEX('ER C7 FLT4'!$A$4:$J$340,MATCH($E7&$C7,'ER C7 FLT4'!$A$4:$A$340&'ER C7 FLT4'!$B$4:$B$340-4,1),5)*IF($H7=\"Class_7\",INDEX('ER C7 FLT4'!$A$4:$J$340,MATCH($E7&$C7,'ER C7 FLT4'!$A$4:$A$340&'ER C7 FLT4'!$B$4:$B$340-4,1),7)),\nIF($H7=\"Class_6\",INDEX('ER C6 FLT4'!$A$4:$J$340,MATCH($E7&$C7,'ER C6 FLT4'!$A$4:$A$340&'ER C6 FLT4'!$B$4:$B$340-4,1),5)*IF($H7=\"Class_6\",INDEX('ER C6 FLT4'!$A$4:$L$340,MATCH($E7&$C7,'ER C6 FLT4'!$A$4:$A$340&'ER C6 FLT4'!$B$4:$B$340-4,1),7))))),IF($B7=\"3 Trucks\",IF(OR($H7=\"Class_8\",$N7=\"Replacement8HHD\",$AH7=\"CL7HHD\",$AJ7=\"CL7to8\"),INDEX('ER C8 FLT3'!$A$4:$J$340,MATCH($E7&$C7,'ER C8 FLT3'!$A$4:$A$340&'ER C8 FLT3'!$B$4:$B$340-4,1),5)*IF(OR($H7=\"Class_8\",$N7=\"Replacement8HHD\",$AH7=\"CL7HHD\",$AJ7=\"CL7to8\"),INDEX('ER C8 FLT3'!$A$4:$J$340,MATCH($E7&$C7,'ER C8 FLT3'!$A$4:$A$340&'ER C8 FLT3'!$B$4:$B$340-4,1),7)),IF($H7=\"Class_7\",INDEX('ER C7 FLT3'!$A$4:$J$340,MATCH($E7&$C7,'ER C7 FLT3'!$A$4:$A$340&'ER C7 FLT3'!$B$4:$B$340-4,1),5)*IF($H7=\"Class_7\",INDEX('ER C7 FLT3'!$A$4:$J$340,MATCH($E7&$C7,'ER C7 FLT3'!$A$4:$A$340&'ER C7 FLT3'!$B$4:$B$340-4,1),7)),\nIF($H7=\"Class_6\",INDEX('ER C6 FLT3'!$A$4:$J$340,MATCH($E7&$C7,'ER C6 FLT3'!$A$4:$A$340&'ER C6 FLT3'!$B$4:$B$340-4,1),5)*IF($H7=\"Class_6\",INDEX('ER C6 FLT3'!$A$4:$L$340,MATCH($E7&$C7,'ER C6 FLT3'!$A$4:$A$340&'ER C6 FLT3'!$B$4:$B$340-4,1),7))))),IF($B7=\"2 Trucks\",IF(OR($H7=\"Class_8\",$N7=\"Replacement8HHD\",$AH7=\"CL7HHD\",$AJ7=\"CL7to8\"),INDEX('ER C8 FLT2'!$A$4:$J$340,MATCH($E7&$C7,'ER C8 FLT2'!$A$4:$A$340&'ER C8 FLT2'!$B$4:$B$340-4,1),5)*IF(OR($H7=\"Class_8\",$N7=\"Replacement8HHD\",$AH7=\"CL7HHD\",$AJ7=\"CL7to8\"),INDEX('ER C8 FLT2'!$A$4:$J$340,MATCH($E7&$C7,'ER C8 FLT2'!$A$4:$A$340&'ER C8 FLT2'!$B$4:$B$340-4,1),7)),IF($H7=\"Class_7\",INDEX('ER C7 FLT2'!$A$4:$J$340,MATCH($E7&$C7,'ER C7 FLT2'!$A$4:$A$340&'ER C7 FLT2'!$B$4:$B$340-4,1),5)*IF($H7=\"Class_7\",INDEX('ER C7 FLT2'!$A$4:$J$340,MATCH($E7&$C7,'ER C7 FLT2'!$A$4:$A$340&'ER C7 FLT2'!$B$4:$B$340-4,1),7)),IF($H7=\"Class_6\",INDEX('ER C6 FLT2'!$A$4:$J$340,MATCH($E7&$C7,'ER C6 FLT2'!$A$4:$A$340&'ER C6 FLT2'!$B$4:$B$340-4,1),5)*IF($H7=\"Class_6\",INDEX('ER C6 FLT2'!$A$4:$J$340,MATCH($E7&$C7,'ER C6 FLT2'!$A$4:$A$340&'ER C6 FLT2'!$B$4:$B$340-4,1),7))))),IF($B7=\"1 Truck\",\nIF(OR($H7=\"Class_8\",$N7=\"Replacement8HHD\",$AH7=\"CL7HHD\",$AJ7=\"CL7to8\"),INDEX('ER C8 FLT1'!$A$4:$J$340,MATCH($E7&$C7,'ER C8 FLT1'!$A$4:$A$340&'ER C8 FLT1'!$B$4:$B$340-4,1),5)*IF(OR($H7=\"Class_8\",$N7=\"Replacement8HHD\",$AH7=\"CL7HHD\",$AJ7=\"CL7to8\"),INDEX('ER C8 FLT1'!$A$4:$J$340,MATCH($E7&$C7,'ER C8 FLT1'!$A$4:$A$340&'ER C8 FLT1'!$B$4:$B$340-4,1),7)),IF($H7=\"Class_7\",INDEX('ER C7 FLT1'!$A$4:$J$340,MATCH($E7&$C7,'ER C7 FLT1'!$A$4:$A$340&'ER C7 FLT1'!$B$4:$B$340-4,1),5)*IF($H7=\"Class_7\",INDEX('ER C7 FLT1'!$A$4:$J$340,MATCH($E7&$C7,'ER C7 FLT1'!$A$4:$A$340&'ER C7 FLT1'!$B$4:$B$340-4,1),7)),\nIF($H7=\"Class_6\",INDEX('ER C6 FLT1'!$A$4:$J$340,MATCH($E7&$C7,'ER C6 FLT1'!$A$4:$A$340&'ER C6 FLT1'!$B$4:$B$340-4,1),5)*IF($H7=\"Class_6\",INDEX('ER C6 FLT1'!$A$4:$J$340,MATCH($E7&$C7,'ER C6 FLT1'!$A$4:$A$340&'ER C6 FLT1'!$B$4:$B$340-4,1),7))))))))*IF($F7=\"Level 1 PM + Mark I NOx\",0.75,1))*($Q7/453.6)","v":0},{"$f":"IF($B7=\"4+ Trucks\",IF(OR($H7=\"Class_8\",$N7=\"Replacement8HHD\",$AH7=\"CL7HHD\",$AJ7=\"CL7to8\"),INDEX('ER C8 FLT4'!$A$4:$J$340,MATCH($E7&$C7,'ER C8 FLT4'!$A$4:$A$340&'ER C8 FLT4'!$B$4:$B$340,1),5),IF($H7=\"Class_7\",INDEX('ER C7 FLT4'!$A$4:$J$340,MATCH($E7&$C7,'ER C7 FLT4'!$A$4:$A$340&'ER C7 FLT4'!$B$4:$B$340,1),5),IF($H7=\"Class_6\",INDEX('ER C6 FLT4'!$A$4:$J$340,MATCH($E7&$C7,'ER C6 FLT4'!$A$4:$A$340&'ER C6 FLT4'!$B$4:$B$340,1),5)))),\nIF($B7=\"3 Trucks\",IF(OR($H7=\"Class_8\",$N7=\"Replacement8HHD\",$AH7=\"CL7HHD\",$AJ7=\"CL7to8\"),INDEX('ER C8 FLT3'!$A$4:$J$340,MATCH($E7&$C7,'ER C8 FLT3'!$A$4:$A$340&'ER C8 FLT3'!$B$4:$B$340,1),5),IF($H7=\"Class_7\",INDEX('ER C7 FLT3'!$A$4:$J$340,MATCH($E7&$C7,'ER C7 FLT3'!$A$4:$A$340&'ER C7 FLT3'!$B$4:$B$340,1),5),IF($H7=\"Class_6\",INDEX('ER C6 FLT3'!$A$4:$J$340,MATCH($E7&$C7,'ER C6 FLT3'!$A$4:$A$340&'ER C6 FLT3'!$B$4:$B$340,1),5)))),\nIF($B7=\"2 Trucks\",IF(OR($H7=\"Class_8\",$N7=\"Replacement8HHD\",$AH7=\"CL7HHD\",$AJ7=\"CL7to8\"),INDEX('ER C8 FLT2'!$A$4:$J$340,MATCH($E7&$C7,'ER C8 FLT2'!$A$4:$A$340&'ER C8 FLT2'!$B$4:$B$340,1),5),IF($H7=\"Class_7\",INDEX('ER C7 FLT2'!$A$4:$J$340,MATCH($E7&$C7,'ER C7 FLT2'!$A$4:$A$340&'ER C7 FLT2'!$B$4:$B$340,1),5),IF($H7=\"Class_6\",INDEX('ER C6 FLT2'!$A$4:$J$340,MATCH($E7&$C7,'ER C6 FLT2'!$A$4:$A$340&'ER C6 FLT2'!$B$4:$B$340,1),5)))),IF($B7=\"1 Truck\",IF(OR($H7=\"Class_8\",$N7=\"Replacement8HHD\",$AH7=\"CL7HHD\",$AJ7=\"CL7to8\"),INDEX('ER C8 FLT1'!$A$4:$J$340,MATCH($E7&$C7,'ER C8 FLT1'!$A$4:$A$340&'ER C8 FLT1'!$B$4:$B$340,1),5),IF($H7=\"Class_7\",INDEX('ER C7 FLT1'!$A$4:$J$340,MATCH($E7&$C7,'ER C7 FLT1'!$A$4:$A$340&'ER C7 FLT1'!$B$4:$B$340,1),5),IF($H7=\"Class_6\",INDEX('ER C6 FLT1'!$A$4:$J$340,MATCH($E7&$C7,'ER C6 FLT1'!$A$4:$A$340&'ER C6 FLT1'!$B$4:$B$340,1),5)))))))\n)","v":false},{"$f":"IF($B7=\"3 Trucks\",IF(OR($H7=\"Class_8\",$N7=\"Replacement8HHD\",$AH7=\"CL7HHD\",$AJ7=\"CL7to8\"),INDEX('ER C8 FLT3'!$A$4:$J$340,MATCH($E7&$C7,'ER C8 FLT3'!$A$4:$A$340&'ER C8 FLT3'!$B$4:$B$340-1,1),5),IF($H7=\"Class_7\",INDEX('ER C7 FLT3'!$A$4:$J$340,MATCH($E7&$C7,'ER C7 FLT3'!$A$4:$A$340&'ER C7 FLT3'!$B$4:$B$340-1,1),5),IF($H7=\"Class_6\",INDEX('ER C6 FLT3'!$A$4:$J$340,MATCH($E7&$C7,'ER C6 FLT3'!$A$4:$A$340&'ER C6 FLT3'!$B$4:$B$340-1,1),5)))),IF($B7=\"2 Trucks\",IF(OR($H7=\"Class_8\",$N7=\"Replacement8HHD\",$AH7=\"CL7HHD\",$AJ7=\"CL7to8\"),INDEX('ER C8 FLT2'!$A$4:$J$340,MATCH($E7&$C7,'ER C8 FLT2'!$A$4:$A$340&'ER C8 FLT2'!$B$4:$B$340-1,1),5),IF($H7=\"Class_7\",INDEX('ER C7 FLT2'!$A$4:$J$340,MATCH($E7&$C7,'ER C7 FLT2'!$A$4:$A$340&'ER C7 FLT2'!$B$4:$B$340-1,1),5),IF($H7=\"Class_6\",INDEX('ER C6 FLT2'!$A$4:$J$340,MATCH($E7&$C7,'ER C6 FLT2'!$A$4:$A$340&'ER C6 FLT2'!$B$4:$B$340-1,1),5)))),IF($B7=\"1 Truck\",IF(OR($H7=\"Class_8\",$N7=\"Replacement8HHD\",$AH7=\"CL7HHD\",$AJ7=\"CL7to8\"),INDEX('ER C8 FLT1'!$A$4:$J$340,MATCH($E7&$C7,'ER C8 FLT1'!$A$4:$A$340&'ER C8 FLT1'!$B$4:$B$340-1,1),5),IF($H7=\"Class_7\",INDEX('ER C7 FLT1'!$A$4:$J$340,MATCH($E7&$C7,'ER C7 FLT1'!$A$4:$A$340&'ER C7 FLT1'!$B$4:$B$340-1,1),5),IF($H7=\"Class_6\",INDEX('ER C6 FLT1'!$A$4:$J$340,MATCH($E7&$C7,'ER C6 FLT1'!$A$4:$A$340&'ER C6 FLT1'!$B$4:$B$340-1,1),5)))),IF($B7=\"4+ Trucks\",IF(OR($H7=\"Class_8\",$N7=\"Replacement8HHD\",$AH7=\"CL7HHD\",$AJ7=\"CL7to8\"),INDEX('ER C8 FLT4'!$A$4:$J$340,MATCH($E7&$C7,'ER C8 FLT4'!$A$4:$A$340&'ER C8 FLT4'!$B$4:$B$340-1,1),5),IF($H7=\"Class_7\",INDEX('ER C7 FLT4'!$A$4:$J$340,MATCH($E7&$C7,'ER C7 FLT4'!$A$4:$A$340&'ER C7 FLT4'!$B$4:$B$340-1,1),5),IF($H7=\"Class_6\",INDEX('ER C6 FLT4'!$A$4:$J$340,MATCH($E7&$C7,'ER C6 FLT4'!$A$4:$A$340&'ER C6 FLT4'!$B$4:$B$340-1,1),5))))))))","v":false},{"$f":"IF($B7=\"3 Trucks\",IF(OR($H7=\"Class_8\",$N7=\"Replacement8HHD\",$AH7=\"CL7HHD\",$AJ7=\"CL7to8\"),INDEX('ER C8 FLT3'!$A$4:$J$340,MATCH($E7&$C7,'ER C8 FLT3'!$A$4:$A$340&'ER C8 FLT3'!$B$4:$B$340-2,1),5),IF($H7=\"Class_7\",INDEX('ER C7 FLT3'!$A$4:$J$340,MATCH($E7&$C7,'ER C7 FLT3'!$A$4:$A$340&'ER C7 FLT3'!$B$4:$B$340-2,1),5),IF($H7=\"Class_6\",INDEX('ER C6 FLT3'!$A$4:$J$340,MATCH($E7&$C7,'ER C6 FLT3'!$A$4:$A$340&'ER C6 FLT3'!$B$4:$B$340-2,1),5)))),IF($B7=\"2 Trucks\",IF(OR($H7=\"Class_8\",$N7=\"Replacement8HHD\",$AH7=\"CL7HHD\",$AJ7=\"CL7to8\"),INDEX('ER C8 FLT2'!$A$4:$J$340,MATCH($E7&$C7,'ER C8 FLT2'!$A$4:$A$340&'ER C8 FLT2'!$B$4:$B$340-2,1),5),IF($H7=\"Class_7\",INDEX('ER C7 FLT2'!$A$4:$J$340,MATCH($E7&$C7,'ER C7 FLT2'!$A$4:$A$340&'ER C7 FLT2'!$B$4:$B$340-2,1),5),IF($H7=\"Class_6\",INDEX('ER C6 FLT2'!$A$4:$J$340,MATCH($E7&$C7,'ER C6 FLT2'!$A$4:$A$340&'ER C6 FLT2'!$B$4:$B$340-2,1),5)))),IF($B7=\"1 Truck\",IF(OR($H7=\"Class_8\",$N7=\"Replacement8HHD\",$AH7=\"CL7HHD\",$AJ7=\"CL7to8\"),INDEX('ER C8 FLT1'!$A$4:$J$340,MATCH($E7&$C7,'ER C8 FLT1'!$A$4:$A$340&'ER C8 FLT1'!$B$4:$B$340-2,1),5),IF($H7=\"Class_7\",INDEX('ER C7 FLT1'!$A$4:$J$340,MATCH($E7&$C7,'ER C7 FLT1'!$A$4:$A$340&'ER C7 FLT1'!$B$4:$B$340-2,1),5),IF($H7=\"Class_6\",INDEX('ER C6 FLT1'!$A$4:$J$340,MATCH($E7&$C7,'ER C6 FLT1'!$A$4:$A$340&'ER C6 FLT1'!$B$4:$B$340-2,1),5)))),IF($B7=\"4+ Trucks\",IF(OR($H7=\"Class_8\",$N7=\"Replacement8HHD\",$AH7=\"CL7HHD\",$AJ7=\"CL7to8\"),INDEX('ER C8 FLT4'!$A$4:$J$340,MATCH($E7&$C7,'ER C8 FLT4'!$A$4:$A$340&'ER C8 FLT4'!$B$4:$B$340-2,1),5),IF($H7=\"Class_7\",INDEX('ER C7 FLT4'!$A$4:$J$340,MATCH($E7&$C7,'ER C7 FLT4'!$A$4:$A$340&'ER C7 FLT4'!$B$4:$B$340-2,1),5),IF($H7=\"Class_6\",INDEX('ER C6 FLT4'!$A$4:$J$340,MATCH($E7&$C7,'ER C6 FLT4'!$A$4:$A$340&'ER C6 FLT4'!$B$4:$B$340-2,1),5))))))))","v":false},{"$f":"IF($B7=\"3 Trucks\",IF(OR($H7=\"Class_8\",$N7=\"Replacement8HHD\",$AH7=\"CL7HHD\",$AJ7=\"CL7to8\"),INDEX('ER C8 FLT3'!$A$4:$J$340,MATCH($E7&$C7,'ER C8 FLT3'!$A$4:$A$340&'ER C8 FLT3'!$B$4:$B$340-3,1),5),IF($H7=\"Class_7\",INDEX('ER C7 FLT3'!$A$4:$J$340,MATCH($E7&$C7,'ER C7 FLT3'!$A$4:$A$340&'ER C7 FLT3'!$B$4:$B$340-3,1),5),IF($H7=\"Class_6\",INDEX('ER C6 FLT3'!$A$4:$J$340,MATCH($E7&$C7,'ER C6 FLT3'!$A$4:$A$340&'ER C6 FLT3'!$B$4:$B$340-3,1),5)))),IF($B7=\"2 Trucks\",IF(OR($H7=\"Class_8\",$N7=\"Replacement8HHD\",$AH7=\"CL7HHD\",$AJ7=\"CL7to8\"),INDEX('ER C8 FLT2'!$A$4:$J$340,MATCH($E7&$C7,'ER C8 FLT2'!$A$4:$A$340&'ER C8 FLT2'!$B$4:$B$340-3,1),5),IF($H7=\"Class_7\",INDEX('ER C7 FLT2'!$A$4:$J$340,MATCH($E7&$C7,'ER C7 FLT2'!$A$4:$A$340&'ER C7 FLT2'!$B$4:$B$340-3,1),5),IF($H7=\"Class_6\",INDEX('ER C6 FLT2'!$A$4:$J$340,MATCH($E7&$C7,'ER C6 FLT2'!$A$4:$A$340&'ER C6 FLT2'!$B$4:$B$340-3,1),5)))),IF($B7=\"1 Truck\",IF(OR($H7=\"Class_8\",$N7=\"Replacement8HHD\",$AH7=\"CL7HHD\",$AJ7=\"CL7to8\"),INDEX('ER C8 FLT1'!$A$4:$J$340,MATCH($E7&$C7,'ER C8 FLT1'!$A$4:$A$340&'ER C8 FLT1'!$B$4:$B$340-3,1),5),IF($H7=\"Class_7\",INDEX('ER C7 FLT1'!$A$4:$J$340,MATCH($E7&$C7,'ER C7 FLT1'!$A$4:$A$340&'ER C7 FLT1'!$B$4:$B$340-3,1),5),IF($H7=\"Class_6\",INDEX('ER C6 FLT1'!$A$4:$J$340,MATCH($E7&$C7,'ER C6 FLT1'!$A$4:$A$340&'ER C6 FLT1'!$B$4:$B$340-3,1),5)))),IF($B7=\"4+ Trucks\",IF(OR($H7=\"Class_8\",$N7=\"Replacement8HHD\",$AH7=\"CL7HHD\",$AJ7=\"CL7to8\"),INDEX('ER C8 FLT4'!$A$4:$J$340,MATCH($E7&$C7,'ER C8 FLT4'!$A$4:$A$340&'ER C8 FLT4'!$B$4:$B$340-3,1),5),IF($H7=\"Class_7\",INDEX('ER C7 FLT4'!$A$4:$J$340,MATCH($E7&$C7,'ER C7 FLT4'!$A$4:$A$340&'ER C7 FLT4'!$B$4:$B$340-3,1),5),IF($H7=\"Class_6\",INDEX('ER C6 FLT4'!$A$4:$J$340,MATCH($E7&$C7,'ER C6 FLT4'!$A$4:$A$340&'ER C6 FLT4'!$B$4:$B$340-3,1),5))))))))","v":false},{"$f":"IF($B7=\"3 Trucks\",IF(OR($H7=\"Class_8\",$N7=\"Replacement8HHD\",$AH7=\"CL7HHD\",$AJ7=\"CL7to8\"),INDEX('ER C8 FLT3'!$A$4:$J$340,MATCH($E7&$C7,'ER C8 FLT3'!$A$4:$A$340&'ER C8 FLT3'!$B$4:$B$340-4,1),5),IF($H7=\"Class_7\",INDEX('ER C7 FLT3'!$A$4:$J$340,MATCH($E7&$C7,'ER C7 FLT3'!$A$4:$A$340&'ER C7 FLT3'!$B$4:$B$340-4,1),5),IF($H7=\"Class_6\",INDEX('ER C6 FLT3'!$A$4:$J$340,MATCH($E7&$C7,'ER C6 FLT3'!$A$4:$A$340&'ER C6 FLT3'!$B$4:$B$340-4,1),5)))),IF($B7=\"2 Trucks\",IF(OR($H7=\"Class_8\",$N7=\"Replacement8HHD\",$AH7=\"CL7HHD\",$AJ7=\"CL7to8\"),INDEX('ER C8 FLT2'!$A$4:$J$340,MATCH($E7&$C7,'ER C8 FLT2'!$A$4:$A$340&'ER C8 FLT2'!$B$4:$B$340-4,1),5),IF($H7=\"Class_7\",INDEX('ER C7 FLT2'!$A$4:$J$340,MATCH($E7&$C7,'ER C7 FLT2'!$A$4:$A$340&'ER C7 FLT2'!$B$4:$B$340-4,1),5),IF($H7=\"Class_6\",INDEX('ER C6 FLT2'!$A$4:$J$340,MATCH($E7&$C7,'ER C6 FLT2'!$A$4:$A$340&'ER C6 FLT2'!$B$4:$B$340-4,1),5)))),IF($B7=\"1 Truck\",IF(OR($H7=\"Class_8\",$N7=\"Replacement8HHD\",$AH7=\"CL7HHD\",$AJ7=\"CL7to8\"),INDEX('ER C8 FLT1'!$A$4:$J$340,MATCH($E7&$C7,'ER C8 FLT1'!$A$4:$A$340&'ER C8 FLT1'!$B$4:$B$340-4,1),5),IF($H7=\"Class_7\",INDEX('ER C7 FLT1'!$A$4:$J$340,MATCH($E7&$C7,'ER C7 FLT1'!$A$4:$A$340&'ER C7 FLT1'!$B$4:$B$340-4,1),5),IF($H7=\"Class_6\",INDEX('ER C6 FLT1'!$A$4:$J$340,MATCH($E7&$C7,'ER C6 FLT1'!$A$4:$A$340&'ER C6 FLT1'!$B$4:$B$340-4,1),5)))),IF($B7=\"4+ Trucks\",IF(OR($H7=\"Class_8\",$N7=\"Replacement8HHD\",$AH7=\"CL7HHD\",$AJ7=\"CL7to8\"),INDEX('ER C8 FLT4'!$A$4:$J$340,MATCH($E7&$C7,'ER C8 FLT4'!$A$4:$A$340&'ER C8 FLT4'!$B$4:$B$340-4,1),5),IF($H7=\"Class_7\",INDEX('ER C7 FLT4'!$A$4:$J$340,MATCH($E7&$C7,'ER C7 FLT4'!$A$4:$A$340&'ER C7 FLT4'!$B$4:$B$340-4,1),5),IF($H7=\"Class_6\",INDEX('ER C6 FLT4'!$A$4:$J$340,MATCH($E7&$C7,'ER C6 FLT4'!$A$4:$A$340&'ER C6 FLT4'!$B$4:$B$340-4,1),5))))))))","v":false},{"$f":"CK7*(($Q7+$AC7)/453.6)","v":0},{"$f":"CL7*(($Q7+$AC7)/453.6)","v":0},{"$f":"CM7*(($Q7+$AC7)/453.6)","v":0},{"$f":"CN7*(($Q7+$AC7)/453.6)","v":0},{"$f":"CO7*(($Q7+$AC7)/453.6)","v":0},{"$f":"IF(OR($R7=\"Diesel\",$R7=\"Zero Emission\",$R7=\"Hybrid\",$R7=\"Hybrid Zero-Mile\",$R7=\"Low NOx\",$R7=\"LNG/CNG\"),IF($B7=\"3 Trucks\",IF(OR($O7=\"Class_8\",$N7=\"Replacement8HHD\",$AI7=\"CL7HHD\"),INDEX('ER C8 FLT3'!$A$4:$J$340,MATCH(DropData!$J53&$C7,'ER C8 FLT3'!$A$4:$A$340&'ER C8 FLT3'!$B$4:$B$340,1),5),IF($O7=\"Class_7\",INDEX('ER C7 FLT3'!$A$4:$J$340,MATCH(DropData!$J53&$C7,'ER C7 FLT3'!$A$4:$A$340&'ER C7 FLT3'!$B$4:$B$340,1),5),IF($O7=\"Class_6\",INDEX('ER C6 FLT3'!$A$4:$J$340,MATCH(DropData!$J53&$C7,'ER C6 FLT3'!$A$4:$A$340&'ER C6 FLT3'!$B$4:$B$340,1),5)))),IF($B7=\"2 Trucks\",IF(OR($O7=\"Class_8\",$N7=\"Replacement8HHD\",$AI7=\"CL7HHD\"),INDEX('ER C8 FLT2'!$A$4:$J$340,MATCH(DropData!$J53&$C7,'ER C8 FLT2'!$A$4:$A$340&'ER C8 FLT2'!$B$4:$B$340,1),5),IF($O7=\"Class_7\",INDEX('ER C7 FLT2'!$A$4:$J$340,MATCH(DropData!$J53&$C7,'ER C7 FLT2'!$A$4:$A$340&'ER C7 FLT2'!$B$4:$B$340,1),5),IF($O7=\"Class_6\",INDEX('ER C6 FLT2'!$A$4:$J$340,MATCH(DropData!$J53&$C7,'ER C6 FLT2'!$A$4:$A$340&'ER C6 FLT2'!$B$4:$B$340,1),5)))),IF($B7=\"1 Truck\",IF(OR($O7=\"Class_8\",$N7=\"Replacement8HHD\",$AI7=\"CL7HHD\"),INDEX('ER C8 FLT1'!$A$4:$J$340,MATCH(DropData!$J53&$C7,'ER C8 FLT1'!$A$4:$A$340&'ER C8 FLT1'!$B$4:$B$340,1),5),IF($O7=\"Class_7\",INDEX('ER C7 FLT1'!$A$4:$J$340,MATCH(DropData!$J53&$C7,'ER C7 FLT1'!$A$4:$A$340&'ER C7 FLT1'!$B$4:$B$340,1),5),IF($O7=\"Class_6\",INDEX('ER C6 FLT1'!$A$4:$J$340,MATCH(DropData!$J53&$C7,'ER C6 FLT1'!$A$4:$A$340&'ER C6 FLT1'!$B$4:$B$340,1),5)))),IF($B7=\"4+ Trucks\",IF(OR($O7=\"Class_8\",$N7=\"Replacement8HHD\",$AI7=\"CL7HHD\"),INDEX('ER C8 FLT4'!$A$4:$J$340,MATCH(DropData!$J53&$C7,'ER C8 FLT4'!$A$4:$A$340&'ER C8 FLT4'!$B$4:$B$340,1),5),IF($O7=\"Class_7\",INDEX('ER C7 FLT4'!$A$4:$J$340,MATCH(DropData!$J53&$C7,'ER C7 FLT4'!$A$4:$A$340&'ER C7 FLT4'!$B$4:$B$340,1),5),IF($O7=\"Class_6\",INDEX('ER C6 FLT4'!$A$4:$J$340,MATCH(DropData!$J53&$C7,'ER C6 FLT4'!$A$4:$A$340&'ER C6 FLT4'!$B$4:$B$340,1),5)))))))))","v":false},{"$f":"IF(OR($R7=\"Diesel\",$R7=\"Zero Emission\",$R7=\"Hybrid\",$R7=\"Hybrid Zero-Mile\",$R7=\"Low NOx\",$R7=\"LNG/CNG\"),IF($B7=\"3 Trucks\",IF(OR($O7=\"Class_8\",$N7=\"Replacement8HHD\",$AI7=\"CL7HHD\"),INDEX('ER C8 FLT3'!$A$4:$J$340,MATCH(DropData!$J53&$C7,'ER C8 FLT3'!$A$4:$A$340&'ER C8 FLT3'!$B$4:$B$340-1,1),5),IF($O7=\"Class_7\",INDEX('ER C7 FLT3'!$A$4:$J$340,MATCH(DropData!$J53&$C7,'ER C7 FLT3'!$A$4:$A$340&'ER C7 FLT3'!$B$4:$B$340-1,1),5),IF($O7=\"Class_6\",INDEX('ER C6 FLT3'!$A$4:$J$340,MATCH(DropData!$J53&$C7,'ER C6 FLT3'!$A$4:$A$340&'ER C6 FLT3'!$B$4:$B$340-1,1),5)))),IF($B7=\"2 Trucks\",IF(OR($O7=\"Class_8\",$N7=\"Replacement8HHD\",$AI7=\"CL7HHD\"),INDEX('ER C8 FLT2'!$A$4:$J$340,MATCH(DropData!$J53&$C7,'ER C8 FLT2'!$A$4:$A$340&'ER C8 FLT2'!$B$4:$B$340-1,1),5),IF($O7=\"Class_7\",INDEX('ER C7 FLT2'!$A$4:$J$340,MATCH(DropData!$J53&$C7,'ER C7 FLT2'!$A$4:$A$340&'ER C7 FLT2'!$B$4:$B$340-1,1),5),IF($O7=\"Class_6\",INDEX('ER C6 FLT2'!$A$4:$J$340,MATCH(DropData!$J53&$C7,'ER C6 FLT2'!$A$4:$A$340&'ER C6 FLT2'!$B$4:$B$340-1,1),5)))),IF($B7=\"1 Truck\",IF(OR($O7=\"Class_8\",$N7=\"Replacement8HHD\",$AI7=\"CL7HHD\"),INDEX('ER C8 FLT1'!$A$4:$J$340,MATCH(DropData!$J53&$C7,'ER C8 FLT1'!$A$4:$A$340&'ER C8 FLT1'!$B$4:$B$340-1,1),5),IF($O7=\"Class_7\",INDEX('ER C7 FLT1'!$A$4:$J$340,MATCH(DropData!$J53&$C7,'ER C7 FLT1'!$A$4:$A$340&'ER C7 FLT1'!$B$4:$B$340-1,1),5),IF($O7=\"Class_6\",INDEX('ER C6 FLT1'!$A$4:$J$340,MATCH(DropData!$J53&$C7,'ER C6 FLT1'!$A$4:$A$340&'ER C6 FLT1'!$B$4:$B$340-1,1),5)))),IF($B7=\"4+ Trucks\",IF(OR($O7=\"Class_8\",$N7=\"Replacement8HHD\",$AI7=\"CL7HHD\"),INDEX('ER C8 FLT4'!$A$4:$J$340,MATCH(DropData!$J53&$C7,'ER C8 FLT4'!$A$4:$A$340&'ER C8 FLT4'!$B$4:$B$340-1,1),5),IF($O7=\"Class_7\",INDEX('ER C7 FLT4'!$A$4:$J$340,MATCH(DropData!$J53&$C7,'ER C7 FLT4'!$A$4:$A$340&'ER C7 FLT4'!$B$4:$B$340-1,1),5),IF($O7=\"Class_6\",INDEX('ER C6 FLT4'!$A$4:$J$340,MATCH(DropData!$J53&$C7,'ER C6 FLT4'!$A$4:$A$340&'ER C6 FLT4'!$B$4:$B$340-1,1),5)))))))))","v":false},{"$f":"IF(OR($R7=\"Diesel\",$R7=\"Zero Emission\",$R7=\"Hybrid\",$R7=\"Hybrid Zero-Mile\",$R7=\"Low NOx\",$R7=\"LNG/CNG\"),IF($B7=\"3 Trucks\",IF(OR($O7=\"Class_8\",$N7=\"Replacement8HHD\",$AI7=\"CL7HHD\"),INDEX('ER C8 FLT3'!$A$4:$J$340,MATCH(DropData!$J53&$C7,'ER C8 FLT3'!$A$4:$A$340&'ER C8 FLT3'!$B$4:$B$340-2,1),5),IF($O7=\"Class_7\",INDEX('ER C7 FLT3'!$A$4:$J$340,MATCH(DropData!$J53&$C7,'ER C7 FLT3'!$A$4:$A$340&'ER C7 FLT3'!$B$4:$B$340-2,1),5),IF($O7=\"Class_6\",INDEX('ER C6 FLT3'!$A$4:$J$340,MATCH(DropData!$J53&$C7,'ER C6 FLT3'!$A$4:$A$340&'ER C6 FLT3'!$B$4:$B$340-2,1),5)))),IF($B7=\"2 Trucks\",IF(OR($O7=\"Class_8\",$N7=\"Replacement8HHD\",$AI7=\"CL7HHD\"),INDEX('ER C8 FLT2'!$A$4:$J$340,MATCH(DropData!$J53&$C7,'ER C8 FLT2'!$A$4:$A$340&'ER C8 FLT2'!$B$4:$B$340-2,1),5),IF($O7=\"Class_7\",INDEX('ER C7 FLT2'!$A$4:$J$340,MATCH(DropData!$J53&$C7,'ER C7 FLT2'!$A$4:$A$340&'ER C7 FLT2'!$B$4:$B$340-2,1),5),IF($O7=\"Class_6\",INDEX('ER C6 FLT2'!$A$4:$J$340,MATCH(DropData!$J53&$C7,'ER C6 FLT2'!$A$4:$A$340&'ER C6 FLT2'!$B$4:$B$340-2,1),5)))),IF($B7=\"1 Truck\",IF(OR($O7=\"Class_8\",$N7=\"Replacement8HHD\",$AI7=\"CL7HHD\"),INDEX('ER C8 FLT1'!$A$4:$J$340,MATCH(DropData!$J53&$C7,'ER C8 FLT1'!$A$4:$A$340&'ER C8 FLT1'!$B$4:$B$340-2,1),5),IF($O7=\"Class_7\",INDEX('ER C7 FLT1'!$A$4:$J$340,MATCH(DropData!$J53&$C7,'ER C7 FLT1'!$A$4:$A$340&'ER C7 FLT1'!$B$4:$B$340-2,1),5),IF($O7=\"Class_6\",INDEX('ER C6 FLT1'!$A$4:$J$340,MATCH(DropData!$J53&$C7,'ER C6 FLT1'!$A$4:$A$340&'ER C6 FLT1'!$B$4:$B$340-2,1),5)))),IF($B7=\"4+ Trucks\",IF(OR($O7=\"Class_8\",$N7=\"Replacement8HHD\",$AI7=\"CL7HHD\"),INDEX('ER C8 FLT4'!$A$4:$J$340,MATCH(DropData!$J53&$C7,'ER C8 FLT4'!$A$4:$A$340&'ER C8 FLT4'!$B$4:$B$340-2,1),5),IF($O7=\"Class_7\",INDEX('ER C7 FLT4'!$A$4:$J$340,MATCH(DropData!$J53&$C7,'ER C7 FLT4'!$A$4:$A$340&'ER C7 FLT4'!$B$4:$B$340-2,1),5),IF($O7=\"Class_6\",INDEX('ER C6 FLT4'!$A$4:$J$340,MATCH(DropData!$J53&$C7,'ER C6 FLT4'!$A$4:$A$340&'ER C6 FLT4'!$B$4:$B$340-2,1),5)))))))))","v":false},{"$f":"IF(OR($R7=\"Diesel\",$R7=\"Zero Emission\",$R7=\"Hybrid\",$R7=\"Hybrid Zero-Mile\",$R7=\"Low NOx\",$R7=\"LNG/CNG\"),IF($B7=\"3 Trucks\",IF(OR($O7=\"Class_8\",$N7=\"Replacement8HHD\",$AI7=\"CL7HHD\"),INDEX('ER C8 FLT3'!$A$4:$J$340,MATCH(DropData!$J53&$C7,'ER C8 FLT3'!$A$4:$A$340&'ER C8 FLT3'!$B$4:$B$340-3,1),5),IF($O7=\"Class_7\",INDEX('ER C7 FLT3'!$A$4:$J$340,MATCH(DropData!$J53&$C7,'ER C7 FLT3'!$A$4:$A$340&'ER C7 FLT3'!$B$4:$B$340-3,1),5),IF($O7=\"Class_6\",INDEX('ER C6 FLT3'!$A$4:$J$340,MATCH(DropData!$J53&$C7,'ER C6 FLT3'!$A$4:$A$340&'ER C6 FLT3'!$B$4:$B$340-3,1),5)))),IF($B7=\"2 Trucks\",IF(OR($O7=\"Class_8\",$N7=\"Replacement8HHD\",$AI7=\"CL7HHD\"),INDEX('ER C8 FLT2'!$A$4:$J$340,MATCH(DropData!$J53&$C7,'ER C8 FLT2'!$A$4:$A$340&'ER C8 FLT2'!$B$4:$B$340-3,1),5),IF($O7=\"Class_7\",INDEX('ER C7 FLT2'!$A$4:$J$340,MATCH(DropData!$J53&$C7,'ER C7 FLT2'!$A$4:$A$340&'ER C7 FLT2'!$B$4:$B$340-3,1),5),IF($O7=\"Class_6\",INDEX('ER C6 FLT2'!$A$4:$J$340,MATCH(DropData!$J53&$C7,'ER C6 FLT2'!$A$4:$A$340&'ER C6 FLT2'!$B$4:$B$340-3,1),5)))),IF($B7=\"1 Truck\",IF(OR($O7=\"Class_8\",$N7=\"Replacement8HHD\",$AI7=\"CL7HHD\"),INDEX('ER C8 FLT1'!$A$4:$J$340,MATCH(DropData!$J53&$C7,'ER C8 FLT1'!$A$4:$A$340&'ER C8 FLT1'!$B$4:$B$340-3,1),5),IF($O7=\"Class_7\",INDEX('ER C7 FLT1'!$A$4:$J$340,MATCH(DropData!$J53&$C7,'ER C7 FLT1'!$A$4:$A$340&'ER C7 FLT1'!$B$4:$B$340-3,1),5),IF($O7=\"Class_6\",INDEX('ER C6 FLT1'!$A$4:$J$340,MATCH(DropData!$J53&$C7,'ER C6 FLT1'!$A$4:$A$340&'ER C6 FLT1'!$B$4:$B$340-3,1),5)))),IF($B7=\"4+ Trucks\",IF(OR($O7=\"Class_8\",$N7=\"Replacement8HHD\",$AI7=\"CL7HHD\"),INDEX('ER C8 FLT4'!$A$4:$J$340,MATCH(DropData!$J53&$C7,'ER C8 FLT4'!$A$4:$A$340&'ER C8 FLT4'!$B$4:$B$340-3,1),5),IF($O7=\"Class_7\",INDEX('ER C7 FLT4'!$A$4:$J$340,MATCH(DropData!$J53&$C7,'ER C7 FLT4'!$A$4:$A$340&'ER C7 FLT4'!$B$4:$B$340-3,1),5),IF($O7=\"Class_6\",INDEX('ER C6 FLT4'!$A$4:$J$340,MATCH(DropData!$J53&$C7,'ER C6 FLT4'!$A$4:$A$340&'ER C6 FLT4'!$B$4:$B$340-3,1),5)))))))))","v":false},{"$f":"IF(OR($R7=\"Diesel\",$R7=\"Zero Emission\",$R7=\"Hybrid\",$R7=\"Hybrid Zero-Mile\",$R7=\"Low NOx\",$R7=\"LNG/CNG\"),IF($B7=\"3 Trucks\",IF(OR($O7=\"Class_8\",$N7=\"Replacement8HHD\",$AI7=\"CL7HHD\"),INDEX('ER C8 FLT3'!$A$4:$J$340,MATCH(DropData!$J53&$C7,'ER C8 FLT3'!$A$4:$A$340&'ER C8 FLT3'!$B$4:$B$340-4,1),5),IF($O7=\"Class_7\",INDEX('ER C7 FLT3'!$A$4:$J$340,MATCH(DropData!$J53&$C7,'ER C7 FLT3'!$A$4:$A$340&'ER C7 FLT3'!$B$4:$B$340-4,1),5),IF($O7=\"Class_6\",INDEX('ER C6 FLT3'!$A$4:$J$340,MATCH(DropData!$J53&$C7,'ER C6 FLT3'!$A$4:$A$340&'ER C6 FLT3'!$B$4:$B$340-4,1),5)))),IF($B7=\"2 Trucks\",IF(OR($O7=\"Class_8\",$N7=\"Replacement8HHD\",$AI7=\"CL7HHD\"),INDEX('ER C8 FLT2'!$A$4:$J$340,MATCH(DropData!$J53&$C7,'ER C8 FLT2'!$A$4:$A$340&'ER C8 FLT2'!$B$4:$B$340-4,1),5),IF($O7=\"Class_7\",INDEX('ER C7 FLT2'!$A$4:$J$340,MATCH(DropData!$J53&$C7,'ER C7 FLT2'!$A$4:$A$340&'ER C7 FLT2'!$B$4:$B$340-4,1),5),IF($O7=\"Class_6\",INDEX('ER C6 FLT2'!$A$4:$J$340,MATCH(DropData!$J53&$C7,'ER C6 FLT2'!$A$4:$A$340&'ER C6 FLT2'!$B$4:$B$340-4,1),5)))),IF($B7=\"1 Truck\",IF(OR($O7=\"Class_8\",$N7=\"Replacement8HHD\",$AI7=\"CL7HHD\"),INDEX('ER C8 FLT1'!$A$4:$J$340,MATCH(DropData!$J53&$C7,'ER C8 FLT1'!$A$4:$A$340&'ER C8 FLT1'!$B$4:$B$340-4,1),5),IF($O7=\"Class_7\",INDEX('ER C7 FLT1'!$A$4:$J$340,MATCH(DropData!$J53&$C7,'ER C7 FLT1'!$A$4:$A$340&'ER C7 FLT1'!$B$4:$B$340-4,1),5),IF($O7=\"Class_6\",INDEX('ER C6 FLT1'!$A$4:$J$340,MATCH(DropData!$J53&$C7,'ER C6 FLT1'!$A$4:$A$340&'ER C6 FLT1'!$B$4:$B$340-4,1),5)))),IF($B7=\"4+ Trucks\",IF(OR($O7=\"Class_8\",$N7=\"Replacement8HHD\",$AI7=\"CL7HHD\"),INDEX('ER C8 FLT4'!$A$4:$J$340,MATCH(DropData!$J53&$C7,'ER C8 FLT4'!$A$4:$A$340&'ER C8 FLT4'!$B$4:$B$340-4,1),5),IF($O7=\"Class_7\",INDEX('ER C7 FLT4'!$A$4:$J$340,MATCH(DropData!$J53&$C7,'ER C7 FLT4'!$A$4:$A$340&'ER C7 FLT4'!$B$4:$B$340-4,1),5),IF($O7=\"Class_6\",INDEX('ER C6 FLT4'!$A$4:$J$340,MATCH(DropData!$J53&$C7,'ER C6 FLT4'!$A$4:$A$340&'ER C6 FLT4'!$B$4:$B$340-4,1),5)))))))))","v":false},{"$f":"MAX(0,(BV7-CF7))","v":0},{"$f":"MAX((IF($B7=\"4+ Trucks\",IF($Z7=\"Class_8\",INDEX('ER C8 FLT4'!$A$4:$J$340,MATCH($W7&$C7,'ER C8 FLT4'!$A$4:$A$340&'ER C8 FLT4'!$B$4:$B$340,1),5)*IF($Z7=\"Class_8\",INDEX('ER C8 FLT4'!$A$4:$J$340,MATCH($W7&$C7,'ER C8 FLT4'!$A$4:$A$340&'ER C8 FLT4'!$B$4:$B$340,1),7)),IF($Z7=\"Class_7\",INDEX('ER C7 FLT4'!$A$4:$J$340,MATCH($W7&$C7,'ER C7 FLT4'!$A$4:$A$340&'ER C7 FLT4'!$B$4:$B$340,1),5)*IF($Z7=\"Class_7\",INDEX('ER C7 FLT4'!$A$4:$J$340,MATCH($W7&$C7,'ER C7 FLT4'!$A$4:$A$340&'ER C7 FLT4'!$B$4:$B$340,1),7)),IF($Z7=\"Class_6\",INDEX('ER C6 FLT4'!$A$4:$J$340,MATCH($W7&$C7,'ER C6 FLT4'!$A$4:$A$340&'ER C6 FLT4'!$B$4:$B$340,1),5)*IF($Z7=\"Class_6\",INDEX('ER C6 FLT4'!$A$4:$L$340,MATCH($W7&$C7,'ER C6 FLT4'!$A$4:$A$340&'ER C6 FLT4'!$B$4:$B$340,1),7))))),IF($B7=\"2 Trucks\",IF($Z7=\"Class_8\",INDEX('ER C8 FLT2'!$A$4:$J$340,MATCH($W7&$C7,'ER C8 FLT2'!$A$4:$A$340&'ER C8 FLT2'!$B$4:$B$340,1),5)*IF($Z7=\"Class_8\",INDEX('ER C8 FLT2'!$A$4:$J$340,MATCH($W7&$C7,'ER C8 FLT2'!$A$4:$A$340&'ER C8 FLT2'!$B$4:$B$340,1),7)),IF($Z7=\"Class_7\",INDEX('ER C7 FLT2'!$A$4:$J$340,MATCH($W7&$C7,'ER C7 FLT2'!$A$4:$A$340&'ER C7 FLT2'!$B$4:$B$340,1),5)*IF($Z7=\"Class_7\",INDEX('ER C7 FLT2'!$A$4:$J$340,MATCH($W7&$C7,'ER C7 FLT2'!$A$4:$A$340&'ER C7 FLT2'!$B$4:$B$340,1),7)),IF($Z7=\"Class_6\",INDEX('ER C6 FLT2'!$A$4:$J$340,MATCH($W7&$C7,'ER C6 FLT2'!$A$4:$A$340&'ER C6 FLT2'!$B$4:$B$340,1),5)*IF($Z7=\"Class_6\",INDEX('ER C6 FLT2'!$A$4:$J$340,MATCH($W7&$C7,'ER C6 FLT2'!$A$4:$A$340&'ER C6 FLT2'!$B$4:$B$340,1),7))))),IF($B7=\"1 Truck\",\nIF($Z7=\"Class_8\",INDEX('ER C8 FLT1'!$A$4:$J$340,MATCH($W7&$C7,'ER C8 FLT1'!$A$4:$A$340&'ER C8 FLT1'!$B$4:$B$340,1),5)*IF($Z7=\"Class_8\",INDEX('ER C8 FLT1'!$A$4:$J$340,MATCH($W7&$C7,'ER C8 FLT1'!$A$4:$A$340&'ER C8 FLT1'!$B$4:$B$340,1),7)),IF($Z7=\"Class_7\",INDEX('ER C7 FLT1'!$A$4:$J$340,MATCH($W7&$C7,'ER C7 FLT1'!$A$4:$A$340&'ER C7 FLT1'!$B$4:$B$340,1),5)*IF($Z7=\"Class_7\",INDEX('ER C7 FLT1'!$A$4:$J$340,MATCH($W7&$C7,'ER C7 FLT1'!$A$4:$A$340&'ER C7 FLT1'!$B$4:$B$340,1),7)),IF($Z7=\"Class_6\",INDEX('ER C6 FLT1'!$A$4:$J$340,MATCH($W7&$C7,'ER C6 FLT1'!$A$4:$A$340&'ER C6 FLT1'!$B$4:$B$340,1),5)*IF($Z7=\"Class_6\",INDEX('ER C6 FLT1'!$A$4:$J$340,MATCH($W7&$C7,'ER C6 FLT1'!$A$4:$A$340&'ER C6 FLT1'!$B$4:$B$340,1),7))))),IF($B7=\"3 Trucks\",IF($Z7=\"Class_8\",INDEX('ER C8 FLT3'!$A$4:$J$340,MATCH($W7&$C7,'ER C8 FLT3'!$A$4:$A$340&'ER C8 FLT3'!$B$4:$B$340,1),5)*IF($Z7=\"Class_8\",INDEX('ER C8 FLT3'!$A$4:$J$340,MATCH($W7&$C7,'ER C8 FLT3'!$A$4:$A$340&'ER C8 FLT3'!$B$4:$B$340,1),7)),IF($Z7=\"Class_7\",INDEX('ER C7 FLT3'!$A$4:$J$340,MATCH($W7&$C7,'ER C7 FLT3'!$A$4:$A$340&'ER C7 FLT3'!$B$4:$B$340,1),5)*IF($Z7=\"Class_7\",INDEX('ER C7 FLT3'!$A$4:$J$340,MATCH($W7&$C7,'ER C7 FLT3'!$A$4:$A$340&'ER C7 FLT3'!$B$4:$B$340,1),7)),\nIF($Z7=\"Class_6\",INDEX('ER C6 FLT3'!$A$4:$J$340,MATCH($W7&$C7,'ER C6 FLT3'!$A$4:$A$340&'ER C6 FLT3'!$B$4:$B$340,1),5)*IF($Z7=\"Class_6\",INDEX('ER C6 FLT3'!$A$4:$L$340,MATCH($W7&$C7,'ER C6 FLT3'!$A$4:$A$340&'ER C6 FLT3'!$B$4:$B$340,1),7)))))))))*IF($X7=\"Level 3 PM + Mark I NOx\",0.75,1)*($AC7/453.6)-IF(CP7=0,CF7,0)),0)","v":0},{"$f":"IFERROR((CP7+CQ7),\"0.00\")","v":0},{"$f":"MAX(0,BW7-CG7)","v":0},{"$f":"MAX((IF($B7=\"3 Trucks\",IF($Z7=\"Class_8\",INDEX('ER C8 FLT3'!$A$4:$J$340,MATCH($W7&$C7,'ER C8 FLT3'!$A$4:$A$340&'ER C8 FLT3'!$B$4:$B$340-1,1),5)*IF($Z7=\"Class_8\",INDEX('ER C8 FLT3'!$A$4:$J$340,MATCH($W7&$C7,'ER C8 FLT3'!$A$4:$A$340&'ER C8 FLT3'!$B$4:$B$340-1,1),7)),IF($Z7=\"Class_7\",INDEX('ER C7 FLT3'!$A$4:$J$340,MATCH($W7&$C7,'ER C7 FLT3'!$A$4:$A$340&'ER C7 FLT3'!$B$4:$B$340-1,1),5)*IF($Z7=\"Class_7\",INDEX('ER C7 FLT3'!$A$4:$J$340,MATCH($W7&$C7,'ER C7 FLT3'!$A$4:$A$340&'ER C7 FLT3'!$B$4:$B$340-1,1),7)),IF($Z7=\"Class_6\",INDEX('ER C6 FLT3'!$A$4:$J$340,MATCH($W7&$C7,'ER C6 FLT3'!$A$4:$A$340&'ER C6 FLT3'!$B$4:$B$340-1,1),5)*IF($Z7=\"Class_6\",INDEX('ER C6 FLT3'!$A$4:$L$340,MATCH($W7&$C7,'ER C6 FLT3'!$A$4:$A$340&'ER C6 FLT3'!$B$4:$B$340-1,1),7))))),IF($B7=\"2 Trucks\",IF($Z7=\"Class_8\",INDEX('ER C8 FLT2'!$A$4:$J$340,MATCH($W7&$C7,'ER C8 FLT2'!$A$4:$A$340&'ER C8 FLT2'!$B$4:$B$340-1,1),5)*IF($Z7=\"Class_8\",INDEX('ER C8 FLT2'!$A$4:$J$340,MATCH($W7&$C7,'ER C8 FLT2'!$A$4:$A$340&'ER C8 FLT2'!$B$4:$B$340-1,1),7)),IF($Z7=\"Class_7\",INDEX('ER C7 FLT2'!$A$4:$J$340,MATCH($W7&$C7,'ER C7 FLT2'!$A$4:$A$340&'ER C7 FLT2'!$B$4:$B$340-1,1),5)*IF($Z7=\"Class_7\",INDEX('ER C7 FLT2'!$A$4:$J$340,MATCH($W7&$C7,'ER C7 FLT2'!$A$4:$A$340&'ER C7 FLT2'!$B$4:$B$340-1,1),7)),IF($Z7=\"Class_6\",INDEX('ER C6 FLT2'!$A$4:$J$340,MATCH($W7&$C7,'ER C6 FLT2'!$A$4:$A$340&'ER C6 FLT2'!$B$4:$B$340-1,1),5)*IF($Z7=\"Class_6\",INDEX('ER C6 FLT2'!$A$4:$J$340,MATCH($W7&$C7,'ER C6 FLT2'!$A$4:$A$340&'ER C6 FLT2'!$B$4:$B$340-1,1),7))))),IF($B7=\"1 Truck\",IF($Z7=\"Class_8\",INDEX('ER C8 FLT1'!$A$4:$J$340,MATCH($W7&$C7,'ER C8 FLT1'!$A$4:$A$340&'ER C8 FLT1'!$B$4:$B$340-1,1),5)*IF($Z7=\"Class_8\",INDEX('ER C8 FLT1'!$A$4:$J$340,MATCH($W7&$C7,'ER C8 FLT1'!$A$4:$A$340&'ER C8 FLT1'!$B$4:$B$340-1,1),7)),IF($Z7=\"Class_7\",INDEX('ER C7 FLT1'!$A$4:$J$340,MATCH($W7&$C7,'ER C7 FLT1'!$A$4:$A$340&'ER C7 FLT1'!$B$4:$B$340-1,1),5)*IF($Z7=\"Class_7\",INDEX('ER C7 FLT1'!$A$4:$J$340,MATCH($W7&$C7,'ER C7 FLT1'!$A$4:$A$340&'ER C7 FLT1'!$B$4:$B$340-1,1),7)),\nIF($Z7=\"Class_6\",INDEX('ER C6 FLT1'!$A$4:$J$340,MATCH($W7&$C7,'ER C6 FLT1'!$A$4:$A$340&'ER C6 FLT1'!$B$4:$B$340-1,1),5)*IF($Z7=\"Class_6\",INDEX('ER C6 FLT1'!$A$4:$J$340,MATCH($W7&$C7,'ER C6 FLT1'!$A$4:$A$340&'ER C6 FLT1'!$B$4:$B$340-1,1),7))))),IF($B7=\"4+ Trucks\",IF($Z7=\"Class_8\",INDEX('ER C8 FLT4'!$A$4:$J$340,MATCH($W7&$C7,'ER C8 FLT4'!$A$4:$A$340&'ER C8 FLT4'!$B$4:$B$340-1,1),5)*IF($Z7=\"Class_8\",INDEX('ER C8 FLT4'!$A$4:$J$340,MATCH($W7&$C7,'ER C8 FLT4'!$A$4:$A$340&'ER C8 FLT4'!$B$4:$B$340-1,1),7)),IF($Z7=\"Class_7\",INDEX('ER C7 FLT4'!$A$4:$J$340,MATCH($W7&$C7,'ER C7 FLT4'!$A$4:$A$340&'ER C7 FLT4'!$B$4:$B$340-1,1),5)*IF($Z7=\"Class_7\",INDEX('ER C7 FLT4'!$A$4:$J$340,MATCH($W7&$C7,'ER C7 FLT4'!$A$4:$A$340&'ER C7 FLT4'!$B$4:$B$340-1,1),7)),\nIF($Z7=\"Class_6\",INDEX('ER C6 FLT4'!$A$4:$J$340,MATCH($W7&$C7,'ER C6 FLT4'!$A$4:$A$340&'ER C6 FLT4'!$B$4:$B$340-1,1),5)*IF($Z7=\"Class_6\",INDEX('ER C6 FLT4'!$A$4:$L$340,MATCH($W7&$C7,'ER C6 FLT4'!$A$4:$A$340&'ER C6 FLT4'!$B$4:$B$340-1,1),7))))))))))*IF($X7=\"Level 3 PM + Mark I NOx\",0.75,1)*($AC7/453.6)-IF(CS7=0,CG7,0),0)","v":0},{"$f":"MAX(0,CS7+CT7)","v":0},{"$f":"MAX(0,BX7-CH7)","v":0},{"$f":"MAX((IF($B7=\"3 Trucks\",IF($Z7=\"Class_8\",INDEX('ER C8 FLT3'!$A$4:$J$340,MATCH($W7&$C7,'ER C8 FLT3'!$A$4:$A$340&'ER C8 FLT3'!$B$4:$B$340-2,1),5)*IF($Z7=\"Class_8\",INDEX('ER C8 FLT3'!$A$4:$J$340,MATCH($W7&$C7,'ER C8 FLT3'!$A$4:$A$340&'ER C8 FLT3'!$B$4:$B$340-2,1),7)),IF($Z7=\"Class_7\",INDEX('ER C7 FLT3'!$A$4:$J$340,MATCH($W7&$C7,'ER C7 FLT3'!$A$4:$A$340&'ER C7 FLT3'!$B$4:$B$340-2,1),5)*IF($Z7=\"Class_7\",INDEX('ER C7 FLT3'!$A$4:$J$340,MATCH($W7&$C7,'ER C7 FLT3'!$A$4:$A$340&'ER C7 FLT3'!$B$4:$B$340-2,1),7)),\nIF($Z7=\"Class_6\",INDEX('ER C6 FLT3'!$A$4:$J$340,MATCH($W7&$C7,'ER C6 FLT3'!$A$4:$A$340&'ER C6 FLT3'!$B$4:$B$340-2,1),5)*IF($Z7=\"Class_6\",INDEX('ER C6 FLT3'!$A$4:$L$340,MATCH($W7&$C7,'ER C6 FLT3'!$A$4:$A$340&'ER C6 FLT3'!$B$4:$B$340-2,1),7))))),IF($B7=\"2 Trucks\",IF($Z7=\"Class_8\",INDEX('ER C8 FLT2'!$A$4:$J$340,MATCH($W7&$C7,'ER C8 FLT2'!$A$4:$A$340&'ER C8 FLT2'!$B$4:$B$340-2,1),5)*IF($Z7=\"Class_8\",INDEX('ER C8 FLT2'!$A$4:$J$340,MATCH($W7&$C7,'ER C8 FLT2'!$A$4:$A$340&'ER C8 FLT2'!$B$4:$B$340-2,1),7)),IF($Z7=\"Class_7\",INDEX('ER C7 FLT2'!$A$4:$J$340,MATCH($W7&$C7,'ER C7 FLT2'!$A$4:$A$340&'ER C7 FLT2'!$B$4:$B$340-2,1),5)*IF($Z7=\"Class_7\",INDEX('ER C7 FLT2'!$A$4:$J$340,MATCH($W7&$C7,'ER C7 FLT2'!$A$4:$A$340&'ER C7 FLT2'!$B$4:$B$340-2,1),7)),IF($Z7=\"Class_6\",INDEX('ER C6 FLT2'!$A$4:$J$340,MATCH($W7&$C7,'ER C6 FLT2'!$A$4:$A$340&'ER C6 FLT2'!$B$4:$B$340-2,1),5)*IF($Z7=\"Class_6\",INDEX('ER C6 FLT2'!$A$4:$J$340,MATCH($W7&$C7,'ER C6 FLT2'!$A$4:$A$340&'ER C6 FLT2'!$B$4:$B$340-2,1),7))))),IF($B7=\"1 Truck\",\nIF($Z7=\"Class_8\",INDEX('ER C8 FLT1'!$A$4:$J$340,MATCH($W7&$C7,'ER C8 FLT1'!$A$4:$A$340&'ER C8 FLT1'!$B$4:$B$340-2,1),5)*IF($Z7=\"Class_8\",INDEX('ER C8 FLT1'!$A$4:$J$340,MATCH($W7&$C7,'ER C8 FLT1'!$A$4:$A$340&'ER C8 FLT1'!$B$4:$B$340-2,1),7)),IF($Z7=\"Class_7\",INDEX('ER C7 FLT1'!$A$4:$J$340,MATCH($W7&$C7,'ER C7 FLT1'!$A$4:$A$340&'ER C7 FLT1'!$B$4:$B$340-2,1),5)*IF($Z7=\"Class_7\",INDEX('ER C7 FLT1'!$A$4:$J$340,MATCH($W7&$C7,'ER C7 FLT1'!$A$4:$A$340&'ER C7 FLT1'!$B$4:$B$340-2,1),7)),\nIF($Z7=\"Class_6\",INDEX('ER C6 FLT1'!$A$4:$J$340,MATCH($W7&$C7,'ER C6 FLT1'!$A$4:$A$340&'ER C6 FLT1'!$B$4:$B$340-2,1),5)*IF($Z7=\"Class_6\",INDEX('ER C6 FLT1'!$A$4:$J$340,MATCH($W7&$C7,'ER C6 FLT1'!$A$4:$A$340&'ER C6 FLT1'!$B$4:$B$340-2,1),7))))),IF($B7=\"4+ Trucks\",IF($Z7=\"Class_8\",INDEX('ER C8 FLT4'!$A$4:$J$340,MATCH($W7&$C7,'ER C8 FLT4'!$A$4:$A$340&'ER C8 FLT4'!$B$4:$B$340-2,1),5)*IF($Z7=\"Class_8\",INDEX('ER C8 FLT4'!$A$4:$J$340,MATCH($W7&$C7,'ER C8 FLT4'!$A$4:$A$340&'ER C8 FLT4'!$B$4:$B$340-2,1),7)),IF($Z7=\"Class_7\",INDEX('ER C7 FLT4'!$A$4:$J$340,MATCH($W7&$C7,'ER C7 FLT4'!$A$4:$A$340&'ER C7 FLT4'!$B$4:$B$340-2,1),5)*IF($Z7=\"Class_7\",INDEX('ER C7 FLT4'!$A$4:$J$340,MATCH($W7&$C7,'ER C7 FLT4'!$A$4:$A$340&'ER C7 FLT4'!$B$4:$B$340-2,1),7)),\nIF($Z7=\"Class_6\",INDEX('ER C6 FLT4'!$A$4:$J$340,MATCH($W7&$C7,'ER C6 FLT4'!$A$4:$A$340&'ER C6 FLT4'!$B$4:$B$340-2,1),5)*IF($Z7=\"Class_6\",INDEX('ER C6 FLT4'!$A$4:$L$340,MATCH($W7&$C7,'ER C6 FLT4'!$A$4:$A$340&'ER C6 FLT4'!$B$4:$B$340-2,1),7))))))))))*IF($X7=\"Level 3 PM + Mark I NOx\",0.75,1)*($AC7/453.6)-IF(CV7=0,CH7,0),0)","v":0},{"$f":"MAX(0,CV7+CW7)","v":0},{"$f":"MAX(0,BY7-CI7)","v":0},{"$f":"MAX((IF($B7=\"3 Trucks\",IF($Z7=\"Class_8\",INDEX('ER C8 FLT3'!$A$4:$J$340,MATCH($W7&$C7,'ER C8 FLT3'!$A$4:$A$340&'ER C8 FLT3'!$B$4:$B$340-3,1),5)*IF($Z7=\"Class_8\",INDEX('ER C8 FLT3'!$A$4:$J$340,MATCH($W7&$C7,'ER C8 FLT3'!$A$4:$A$340&'ER C8 FLT3'!$B$4:$B$340-3,1),7)),IF($Z7=\"Class_7\",INDEX('ER C7 FLT3'!$A$4:$J$340,MATCH($W7&$C7,'ER C7 FLT3'!$A$4:$A$340&'ER C7 FLT3'!$B$4:$B$340-3,1),5)*IF($Z7=\"Class_7\",INDEX('ER C7 FLT3'!$A$4:$J$340,MATCH($W7&$C7,'ER C7 FLT3'!$A$4:$A$340&'ER C7 FLT3'!$B$4:$B$340-3,1),7)),\nIF($Z7=\"Class_6\",INDEX('ER C6 FLT3'!$A$4:$J$340,MATCH($W7&$C7,'ER C6 FLT3'!$A$4:$A$340&'ER C6 FLT3'!$B$4:$B$340-3,1),5)*IF($Z7=\"Class_6\",INDEX('ER C6 FLT3'!$A$4:$L$340,MATCH($W7&$C7,'ER C6 FLT3'!$A$4:$A$340&'ER C6 FLT3'!$B$4:$B$340-3,1),7))))),IF($B7=\"2 Trucks\",IF($Z7=\"Class_8\",INDEX('ER C8 FLT2'!$A$4:$J$340,MATCH($W7&$C7,'ER C8 FLT2'!$A$4:$A$340&'ER C8 FLT2'!$B$4:$B$340-3,1),5)*IF($Z7=\"Class_8\",INDEX('ER C8 FLT2'!$A$4:$J$340,MATCH($W7&$C7,'ER C8 FLT2'!$A$4:$A$340&'ER C8 FLT2'!$B$4:$B$340-3,1),7)),IF($Z7=\"Class_7\",INDEX('ER C7 FLT2'!$A$4:$J$340,MATCH($W7&$C7,'ER C7 FLT2'!$A$4:$A$340&'ER C7 FLT2'!$B$4:$B$340-3,1),5)*IF($Z7=\"Class_7\",INDEX('ER C7 FLT2'!$A$4:$J$340,MATCH($W7&$C7,'ER C7 FLT2'!$A$4:$A$340&'ER C7 FLT2'!$B$4:$B$340-3,1),7)),IF($Z7=\"Class_6\",INDEX('ER C6 FLT2'!$A$4:$J$340,MATCH($W7&$C7,'ER C6 FLT2'!$A$4:$A$340&'ER C6 FLT2'!$B$4:$B$340-3,1),5)*IF($Z7=\"Class_6\",INDEX('ER C6 FLT2'!$A$4:$J$340,MATCH($W7&$C7,'ER C6 FLT2'!$A$4:$A$340&'ER C6 FLT2'!$B$4:$B$340-3,1),7))))),IF($B7=\"1 Truck\",\nIF($Z7=\"Class_8\",INDEX('ER C8 FLT1'!$A$4:$J$340,MATCH($W7&$C7,'ER C8 FLT1'!$A$4:$A$340&'ER C8 FLT1'!$B$4:$B$340-3,1),5)*IF($Z7=\"Class_8\",INDEX('ER C8 FLT1'!$A$4:$J$340,MATCH($W7&$C7,'ER C8 FLT1'!$A$4:$A$340&'ER C8 FLT1'!$B$4:$B$340-3,1),7)),IF($Z7=\"Class_7\",INDEX('ER C7 FLT1'!$A$4:$J$340,MATCH($W7&$C7,'ER C7 FLT1'!$A$4:$A$340&'ER C7 FLT1'!$B$4:$B$340-3,1),5)*IF($Z7=\"Class_7\",INDEX('ER C7 FLT1'!$A$4:$J$340,MATCH($W7&$C7,'ER C7 FLT1'!$A$4:$A$340&'ER C7 FLT1'!$B$4:$B$340-3,1),7)),\nIF($Z7=\"Class_6\",INDEX('ER C6 FLT1'!$A$4:$J$340,MATCH($W7&$C7,'ER C6 FLT1'!$A$4:$A$340&'ER C6 FLT1'!$B$4:$B$340-3,1),5)*IF($Z7=\"Class_6\",INDEX('ER C6 FLT1'!$A$4:$J$340,MATCH($W7&$C7,'ER C6 FLT1'!$A$4:$A$340&'ER C6 FLT1'!$B$4:$B$340-3,1),7))))),IF($B7=\"4+ Trucks\",IF($Z7=\"Class_8\",INDEX('ER C8 FLT4'!$A$4:$J$340,MATCH($W7&$C7,'ER C8 FLT4'!$A$4:$A$340&'ER C8 FLT4'!$B$4:$B$340-3,1),5)*IF($Z7=\"Class_8\",INDEX('ER C8 FLT4'!$A$4:$J$340,MATCH($W7&$C7,'ER C8 FLT4'!$A$4:$A$340&'ER C8 FLT4'!$B$4:$B$340-3,1),7)),IF($Z7=\"Class_7\",INDEX('ER C7 FLT4'!$A$4:$J$340,MATCH($W7&$C7,'ER C7 FLT4'!$A$4:$A$340&'ER C7 FLT4'!$B$4:$B$340-3,1),5)*IF($Z7=\"Class_7\",INDEX('ER C7 FLT4'!$A$4:$J$340,MATCH($W7&$C7,'ER C7 FLT4'!$A$4:$A$340&'ER C7 FLT4'!$B$4:$B$340-3,1),7)),\nIF($Z7=\"Class_6\",INDEX('ER C6 FLT4'!$A$4:$J$340,MATCH($W7&$C7,'ER C6 FLT4'!$A$4:$A$340&'ER C6 FLT4'!$B$4:$B$340-3,1),5)*IF($Z7=\"Class_6\",INDEX('ER C6 FLT4'!$A$4:$L$340,MATCH($W7&$C7,'ER C6 FLT4'!$A$4:$A$340&'ER C6 FLT4'!$B$4:$B$340-3,1),7))))))))))*IF($X7=\"Level 3 PM + Mark I NOx\",0.75,1)*($AC7/453.6)-IF(CY7=0,CI7,0),0)","v":0},{"$f":"MAX(0,CY7+CZ7)","v":0},{"$f":"MAX(0,BZ7-CJ7)","v":0},{"$f":"MAX((IF($B7=\"3 Trucks\",IF($Z7=\"Class_8\",INDEX('ER C8 FLT3'!$A$4:$J$340,MATCH($W7&$C7,'ER C8 FLT3'!$A$4:$A$340&'ER C8 FLT3'!$B$4:$B$340-4,1),5)*IF($Z7=\"Class_8\",INDEX('ER C8 FLT3'!$A$4:$J$340,MATCH($W7&$C7,'ER C8 FLT3'!$A$4:$A$340&'ER C8 FLT3'!$B$4:$B$340-4,1),7)),IF($Z7=\"Class_7\",INDEX('ER C7 FLT3'!$A$4:$J$340,MATCH($W7&$C7,'ER C7 FLT3'!$A$4:$A$340&'ER C7 FLT3'!$B$4:$B$340-4,1),5)*IF($Z7=\"Class_7\",INDEX('ER C7 FLT3'!$A$4:$J$340,MATCH($W7&$C7,'ER C7 FLT3'!$A$4:$A$340&'ER C7 FLT3'!$B$4:$B$340-4,1),7)),\nIF($Z7=\"Class_6\",INDEX('ER C6 FLT3'!$A$4:$J$340,MATCH($W7&$C7,'ER C6 FLT3'!$A$4:$A$340&'ER C6 FLT3'!$B$4:$B$340-4,1),5)*IF($Z7=\"Class_6\",INDEX('ER C6 FLT3'!$A$4:$L$340,MATCH($W7&$C7,'ER C6 FLT3'!$A$4:$A$340&'ER C6 FLT3'!$B$4:$B$340-4,1),7))))),IF($B7=\"2 Trucks\",IF($Z7=\"Class_8\",INDEX('ER C8 FLT2'!$A$4:$J$340,MATCH($W7&$C7,'ER C8 FLT2'!$A$4:$A$340&'ER C8 FLT2'!$B$4:$B$340-4,1),5)*IF($Z7=\"Class_8\",INDEX('ER C8 FLT2'!$A$4:$J$340,MATCH($W7&$C7,'ER C8 FLT2'!$A$4:$A$340&'ER C8 FLT2'!$B$4:$B$340-4,1),7)),IF($Z7=\"Class_7\",INDEX('ER C7 FLT2'!$A$4:$J$340,MATCH($W7&$C7,'ER C7 FLT2'!$A$4:$A$340&'ER C7 FLT2'!$B$4:$B$340-4,1),5)*IF($Z7=\"Class_7\",INDEX('ER C7 FLT2'!$A$4:$J$340,MATCH($W7&$C7,'ER C7 FLT2'!$A$4:$A$340&'ER C7 FLT2'!$B$4:$B$340-4,1),7)),IF($Z7=\"Class_6\",INDEX('ER C6 FLT2'!$A$4:$J$340,MATCH($W7&$C7,'ER C6 FLT2'!$A$4:$A$340&'ER C6 FLT2'!$B$4:$B$340-4,1),5)*IF($Z7=\"Class_6\",INDEX('ER C6 FLT2'!$A$4:$J$340,MATCH($W7&$C7,'ER C6 FLT2'!$A$4:$A$340&'ER C6 FLT2'!$B$4:$B$340-4,1),7))))),IF($B7=\"1 Truck\",\nIF($Z7=\"Class_8\",INDEX('ER C8 FLT1'!$A$4:$J$340,MATCH($W7&$C7,'ER C8 FLT1'!$A$4:$A$340&'ER C8 FLT1'!$B$4:$B$340-4,1),5)*IF($Z7=\"Class_8\",INDEX('ER C8 FLT1'!$A$4:$J$340,MATCH($W7&$C7,'ER C8 FLT1'!$A$4:$A$340&'ER C8 FLT1'!$B$4:$B$340-4,1),7)),IF($Z7=\"Class_7\",INDEX('ER C7 FLT1'!$A$4:$J$340,MATCH($W7&$C7,'ER C7 FLT1'!$A$4:$A$340&'ER C7 FLT1'!$B$4:$B$340-4,1),5)*IF($Z7=\"Class_7\",INDEX('ER C7 FLT1'!$A$4:$J$340,MATCH($W7&$C7,'ER C7 FLT1'!$A$4:$A$340&'ER C7 FLT1'!$B$4:$B$340-4,1),7)),\nIF($Z7=\"Class_6\",INDEX('ER C6 FLT1'!$A$4:$J$340,MATCH($W7&$C7,'ER C6 FLT1'!$A$4:$A$340&'ER C6 FLT1'!$B$4:$B$340-4,1),5)*IF($Z7=\"Class_6\",INDEX('ER C6 FLT1'!$A$4:$J$340,MATCH($W7&$C7,'ER C6 FLT1'!$A$4:$A$340&'ER C6 FLT1'!$B$4:$B$340-4,1),7))))),IF($B7=\"4+ Trucks\",IF($Z7=\"Class_8\",INDEX('ER C8 FLT4'!$A$4:$J$340,MATCH($W7&$C7,'ER C8 FLT4'!$A$4:$A$340&'ER C8 FLT4'!$B$4:$B$340-4,1),5)*IF($Z7=\"Class_8\",INDEX('ER C8 FLT4'!$A$4:$J$340,MATCH($W7&$C7,'ER C8 FLT4'!$A$4:$A$340&'ER C8 FLT4'!$B$4:$B$340-4,1),7)),IF($Z7=\"Class_7\",INDEX('ER C7 FLT4'!$A$4:$J$340,MATCH($W7&$C7,'ER C7 FLT4'!$A$4:$A$340&'ER C7 FLT4'!$B$4:$B$340-4,1),5)*IF($Z7=\"Class_7\",INDEX('ER C7 FLT4'!$A$4:$J$340,MATCH($W7&$C7,'ER C7 FLT4'!$A$4:$A$340&'ER C7 FLT4'!$B$4:$B$340-4,1),7)),\nIF($Z7=\"Class_6\",INDEX('ER C6 FLT4'!$A$4:$J$340,MATCH($W7&$C7,'ER C6 FLT4'!$A$4:$A$340&'ER C6 FLT4'!$B$4:$B$340-4,1),5)*IF($Z7=\"Class_6\",INDEX('ER C6 FLT4'!$A$4:$L$340,MATCH($W7&$C7,'ER C6 FLT4'!$A$4:$A$340&'ER C6 FLT4'!$B$4:$B$340-4,1),7))))))))))*IF($X7=\"Level 3 PM + Mark I NOx\",0.75,1)*($AC7/453.6)-IF(DB7=0,CJ7,0),0)","v":0},{"$f":"MAX(0,DB7+DC7)","v":0},{"$f":"MAX(0,CR7+CU7+CX7+DA7+DD7)","v":0}]
[{"$f":"'Input data'!A6","v":"project 2"},{"$f":"'Input data'!B6","v":0},{"$f":"'Input data'!C6","v":0},{"$f":"'Input data'!D6","v":0},{"$f":"'Input data'!E6","v":0},{"$f":"'Input data'!F6","v":0},{"$f":"'Input data'!G6","v":0},{"$f":"'Input data'!H6","v":""},{"$f":"'Input data'!I6","v":0},{"$f":"'Input data'!J6","v":0},{"$f":"'Input data'!K6","v":0},{"$f":"'Input data'!AK6","v":false},{"$f":"'Input data'!M6","v":0},{"$f":"'Input data'!AJ6","v":0},{"$f":"'Input data'!L6","v":0},{"$f":"'Input data'!N6","v":0},{"$f":"'Input data'!O6","v":0},{"$f":"'Input data'!P6","v":0},{"$f":"'Input data'!Q6","v":0},{"$f":"'Input data'!R6","v":""},{"$f":"'Input data'!$S6","v":"No"},{"$f":"'Input data'!T6","v":"No"},{"$f":"'Input data'!U6","v":0},{"$f":"'Input data'!V6","v":0},{"$f":"'Input data'!W6","v":0},{"$f":"'Input data'!X6","v":""},{"$f":"'Input data'!Y6","v":0},{"$f":"'Input data'!Z6","v":0},{"$f":"'Input data'!AA6","v":0},null,null,{"$f":"'Input data'!AD6","v":0},{"$f":"'Input data'!AE6","v":false},{"$f":"'Input data'!AF6","v":false},{"$f":"'Input data'!AG6","v":false},{"$f":"'Input data'!AH6","v":false},null,{"$f":"IF($B8=\"4+ Trucks\",IF(OR($H8=\"Class_8\",$N8=\"Replacement8HHD\",$AH8=\"CL7HHD\",$AJ8=\"CL7to8\"),INDEX('ER C8 FLT4'!$A$4:$I$340,MATCH($E8&$C8,'ER C8 FLT4'!$A$4:$A$340&'ER C8 FLT4'!$B$4:$B$340,1),8)*IF(OR($H8=\"Class_8\",$N8=\"Replacement8HHD\",$AH8=\"CL7HHD\",$AJ8=\"CL7to8\"),INDEX('ER C8 FLT4'!$A$4:$K$340,MATCH($E8&$C8,'ER C8 FLT4'!$A$4:$A$340&'ER C8 FLT4'!$B$4:$B$340,1),9)),IF($H8=\"Class_7\",INDEX('ER C7 FLT4'!$A$4:$J$340,MATCH($E8&$C8,'ER C7 FLT4'!$A$4:$A$340&'ER C7 FLT4'!$B$4:$B$340,1),8)*IF($H8=\"Class_7\",INDEX('ER C7 FLT4'!$A$4:$J$340,MATCH($E8&$C8,'ER C7 FLT4'!$A$4:$A$340&'ER C7 FLT4'!$B$4:$B$340,1),9)),\nIF($H8=\"Class_6\",INDEX('ER C6 FLT4'!$A$4:$J$340,MATCH($E8&$C8,'ER C6 FLT4'!$A$4:$A$340&'ER C6 FLT4'!$B$4:$B$340,1),8)*IF($H8=\"Class_6\",INDEX('ER C6 FLT4'!$A$4:$L$340,MATCH($E8&$C8,'ER C6 FLT4'!$A$4:$A$340&'ER C6 FLT4'!$B$4:$B$340,1),9))))),IF($B8=\"3 Trucks\",IF(OR($H8=\"Class_8\",$N8=\"Replacement8HHD\",$AH8=\"CL7HHD\",$AJ8=\"CL7to8\"),INDEX('ER C8 FLT3'!$A$4:$J$340,MATCH($E8&$C8,'ER C8 FLT3'!$A$4:$A$340&'ER C8 FLT3'!$B$4:$B$340,1),8)*IF(OR($H8=\"Class_8\",$N8=\"Replacement8HHD\",$AH8=\"CL7HHD\",$AJ8=\"CL7to8\"),INDEX('ER C8 FLT3'!$A$4:$J$340,MATCH($E8&$C8,'ER C8 FLT3'!$A$4:$A$340&'ER C8 FLT3'!$B$4:$B$340,1),9)),IF($H8=\"Class_7\",INDEX('ER C7 FLT3'!$A$4:$J$340,MATCH($E8&$C8,'ER C7 FLT3'!$A$4:$A$340&'ER C7 FLT3'!$B$4:$B$340,1),8)*IF($H8=\"Class_7\",INDEX('ER C7 FLT3'!$A$4:$J$340,MATCH($E8&$C8,'ER C7 FLT3'!$A$4:$A$340&'ER C7 FLT3'!$B$4:$B$340,1),9)),\nIF($H8=\"Class_6\",INDEX('ER C6 FLT3'!$A$4:$J$340,MATCH($E8&$C8,'ER C6 FLT3'!$A$4:$A$340&'ER C6 FLT3'!$B$4:$B$340,1),8)*IF($H8=\"Class_6\",INDEX('ER C6 FLT3'!$A$4:$L$340,MATCH($E8&$C8,'ER C6 FLT3'!$A$4:$A$340&'ER C6 FLT3'!$B$4:$B$340,1),9))))),IF($B8=\"2 Trucks\",IF(OR($H8=\"Class_8\",$N8=\"Replacement8HHD\",$AH8=\"CL7HHD\",$AJ8=\"CL7to8\"),INDEX('ER C8 FLT2'!$A$4:$J$340,MATCH($E8&$C8,'ER C8 FLT2'!$A$4:$A$340&'ER C8 FLT2'!$B$4:$B$340,1),8)*IF(OR($H8=\"Class_8\",$N8=\"Replacement8HHD\",$AH8=\"CL7HHD\",$AJ8=\"CL7to8\"),INDEX('ER C8 FLT2'!$A$4:$J$340,MATCH($E8&$C8,'ER C8 FLT2'!$A$4:$A$340&'ER C8 FLT2'!$B$4:$B$340,1),9)),IF($H8=\"Class_7\",INDEX('ER C7 FLT2'!$A$4:$J$340,MATCH($E8&$C8,'ER C7 FLT2'!$A$4:$A$340&'ER C7 FLT2'!$B$4:$B$340,1),8)*IF($H8=\"Class_7\",INDEX('ER C7 FLT2'!$A$4:$J$340,MATCH($E8&$C8,'ER C7 FLT2'!$A$4:$A$340&'ER C7 FLT2'!$B$4:$B$340,1),9)),IF($H8=\"Class_6\",INDEX('ER C6 FLT2'!$A$4:$J$340,MATCH($E8&$C8,'ER C6 FLT2'!$A$4:$A$340&'ER C6 FLT2'!$B$4:$B$340,1),8)*IF($H8=\"Class_6\",INDEX('ER C6 FLT2'!$A$4:$J$340,MATCH($E8&$C8,'ER C6 FLT2'!$A$4:$A$340&'ER C6 FLT2'!$B$4:$B$340,1),9))))),IF($B8=\"1 Truck\",\nIF(OR($H8=\"Class_8\",$N8=\"Replacement8HHD\",$AH8=\"CL7HHD\",$AJ8=\"CL7to8\"),INDEX('ER C8 FLT1'!$A$4:$J$340,MATCH($E8&$C8,'ER C8 FLT1'!$A$4:$A$340&'ER C8 FLT1'!$B$4:$B$340,1),8)*IF(OR($H8=\"Class_8\",$N8=\"Replacement8HHD\",$AH8=\"CL7HHD\",$AJ8=\"CL7to8\"),INDEX('ER C8 FLT1'!$A$4:$J$340,MATCH($E8&$C8,'ER C8 FLT1'!$A$4:$A$340&'ER C8 FLT1'!$B$4:$B$340,1),9)),IF($H8=\"Class_7\",INDEX('ER C7 FLT1'!$A$4:$J$340,MATCH($E8&$C8,'ER C7 FLT1'!$A$4:$A$340&'ER C7 FLT1'!$B$4:$B$340,1),8)*IF($H8=\"Class_7\",INDEX('ER C7 FLT1'!$A$4:$J$340,MATCH($E8&$C8,'ER C7 FLT1'!$A$4:$A$340&'ER C7 FLT1'!$B$4:$B$340,1),9)),\nIF($H8=\"Class_6\",INDEX('ER C6 FLT1'!$A$4:$J$340,MATCH($E8&$C8,'ER C6 FLT1'!$A$4:$A$340&'ER C6 FLT1'!$B$4:$B$340,1),8)*IF($H8=\"Class_6\",INDEX('ER C6 FLT1'!$A$4:$J$340,MATCH($E8&$C8,'ER C6 FLT1'!$A$4:$A$340&'ER C6 FLT1'!$B$4:$B$340,1),9)))))))))*IF($F8=\"Level 1 PM\",0.75,IF($F8=\"Level 2 PM\",0.5,IF($F8=\"Level 3 PM\",0,IF($F8=\"Level 3 PM + Mark I NOx\",0,1))))*($Q8/453.6)","v":0},{"$f":"IF($B8=\"4+ Trucks\",IF(OR($H8=\"Class_8\",$N8=\"Replacement8HHD\",$AH8=\"CL7HHD\",$AJ8=\"CL7to8\"),INDEX('ER C8 FLT4'!$A$4:$K$340,MATCH($E8&$C8,'ER C8 FLT4'!$A$4:$A$340&'ER C8 FLT4'!$B$4:$B$340-1,1),8)*IF(OR($H8=\"Class_8\",$N8=\"Replacement8HHD\",$AH8=\"CL7HHD\",$AJ8=\"CL7to8\"),INDEX('ER C8 FLT4'!$A$4:$K$340,MATCH($E8&$C8,'ER C8 FLT4'!$A$4:$A$340&'ER C8 FLT4'!$B$4:$B$340-1,1),9)),IF($H8=\"Class_7\",INDEX('ER C7 FLT4'!$A$4:$J$340,MATCH($E8&$C8,'ER C7 FLT4'!$A$4:$A$340&'ER C7 FLT4'!$B$4:$B$340-1,1),8)*IF($H8=\"Class_7\",INDEX('ER C7 FLT4'!$A$4:$J$340,MATCH($E8&$C8,'ER C7 FLT4'!$A$4:$A$340&'ER C7 FLT4'!$B$4:$B$340-1,1),9)),\nIF($H8=\"Class_6\",INDEX('ER C6 FLT4'!$A$4:$J$340,MATCH($E8&$C8,'ER C6 FLT4'!$A$4:$A$340&'ER C6 FLT4'!$B$4:$B$340-1,1),8)*IF($H8=\"Class_6\",INDEX('ER C6 FLT4'!$A$4:$L$340,MATCH($E8&$C8,'ER C6 FLT4'!$A$4:$A$340&'ER C6 FLT4'!$B$4:$B$340-1,1),9))))),\nIF($B8=\"3 Trucks\",IF(OR($H8=\"Class_8\",$N8=\"Replacement8HHD\",$AH8=\"CL7HHD\",$AJ8=\"CL7to8\"),INDEX('ER C8 FLT3'!$A$4:$J$340,MATCH($E8&$C8,'ER C8 FLT3'!$A$4:$A$340&'ER C8 FLT3'!$B$4:$B$340-1,1),8)*IF(OR($H8=\"Class_8\",$N8=\"Replacement8HHD\",$AH8=\"CL7HHD\",$AJ8=\"CL7to8\"),INDEX('ER C8 FLT3'!$A$4:$J$340,MATCH($E8&$C8,'ER C8 FLT3'!$A$4:$A$340&'ER C8 FLT3'!$B$4:$B$340-1,1),9)),IF($H8=\"Class_7\",INDEX('ER C7 FLT3'!$A$4:$J$340,MATCH($E8&$C8,'ER C7 FLT3'!$A$4:$A$340&'ER C7 FLT3'!$B$4:$B$340-1,1),8)*IF($H8=\"Class_7\",INDEX('ER C7 FLT3'!$A$4:$J$340,MATCH($E8&$C8,'ER C7 FLT3'!$A$4:$A$340&'ER C7 FLT3'!$B$4:$B$340-1,1),9)),\nIF($H8=\"Class_6\",INDEX('ER C6 FLT3'!$A$4:$J$340,MATCH($E8&$C8,'ER C6 FLT3'!$A$4:$A$340&'ER C6 FLT3'!$B$4:$B$340-1,1),8)*IF($H8=\"Class_6\",INDEX('ER C6 FLT3'!$A$4:$L$340,MATCH($E8&$C8,'ER C6 FLT3'!$A$4:$A$340&'ER C6 FLT3'!$B$4:$B$340-1,1),9))))),IF($B8=\"2 Trucks\",IF(OR($H8=\"Class_8\",$N8=\"Replacement8HHD\",$AH8=\"CL7HHD\",$AJ8=\"CL7to8\"),INDEX('ER C8 FLT2'!$A$4:$J$340,MATCH($E8&$C8,'ER C8 FLT2'!$A$4:$A$340&'ER C8 FLT2'!$B$4:$B$340-1,1),8)*IF(OR($H8=\"Class_8\",$N8=\"Replacement8HHD\",$AH8=\"CL7HHD\",$AJ8=\"CL7to8\"),INDEX('ER C8 FLT2'!$A$4:$J$340,MATCH($E8&$C8,'ER C8 FLT2'!$A$4:$A$340&'ER C8 FLT2'!$B$4:$B$340-1,1),9)),IF($H8=\"Class_7\",INDEX('ER C7 FLT2'!$A$4:$J$340,MATCH($E8&$C8,'ER C7 FLT2'!$A$4:$A$340&'ER C7 FLT2'!$B$4:$B$340-1,1),8)*IF($H8=\"Class_7\",INDEX('ER C7 FLT2'!$A$4:$J$340,MATCH($E8&$C8,'ER C7 FLT2'!$A$4:$A$340&'ER C7 FLT2'!$B$4:$B$340-1,1),9)),IF($H8=\"Class_6\",INDEX('ER C6 FLT2'!$A$4:$J$340,MATCH($E8&$C8,'ER C6 FLT2'!$A$4:$A$340&'ER C6 FLT2'!$B$4:$B$340-1,1),8)*IF($H8=\"Class_6\",INDEX('ER C6 FLT2'!$A$4:$J$340,MATCH($E8&$C8,'ER C6 FLT2'!$A$4:$A$340&'ER C6 FLT2'!$B$4:$B$340-1,1),9))))),IF($B8=\"1 Truck\",\nIF(OR($H8=\"Class_8\",$N8=\"Replacement8HHD\",$AH8=\"CL7HHD\",$AJ8=\"CL7to8\"),INDEX('ER C8 FLT1'!$A$4:$J$340,MATCH($E8&$C8,'ER C8 FLT1'!$A$4:$A$340&'ER C8 FLT1'!$B$4:$B$340-1,1),8)*IF(OR($H8=\"Class_8\",$N8=\"Replacement8HHD\",$AH8=\"CL7HHD\",$AJ8=\"CL7to8\"),INDEX('ER C8 FLT1'!$A$4:$J$340,MATCH($E8&$C8,'ER C8 FLT1'!$A$4:$A$340&'ER C8 FLT1'!$B$4:$B$340-1,1),9)),IF($H8=\"Class_7\",INDEX('ER C7 FLT1'!$A$4:$J$340,MATCH($E8&$C8,'ER C7 FLT1'!$A$4:$A$340&'ER C7 FLT1'!$B$4:$B$340-1,1),8)*IF($H8=\"Class_7\",INDEX('ER C7 FLT1'!$A$4:$J$340,MATCH($E8&$C8,'ER C7 FLT1'!$A$4:$A$340&'ER C7 FLT1'!$B$4:$B$340-1,1),9)),\nIF($H8=\"Class_6\",INDEX('ER C6 FLT1'!$A$4:$J$340,MATCH($E8&$C8,'ER C6 FLT1'!$A$4:$A$340&'ER C6 FLT1'!$B$4:$B$340-1,1),8)*IF($H8=\"Class_6\",INDEX('ER C6 FLT1'!$A$4:$J$340,MATCH($E8&$C8,'ER C6 FLT1'!$A$4:$A$340&'ER C6 FLT1'!$B$4:$B$340-1,1),9))))))))*IF($F8=\"Level 1 PM\",0.75,IF($F8=\"Level 2 PM\",0.5,IF($F8=\"Level 3 PM\",0,IF($F8=\"Level 3 PM + Mark I NOx\",0,1)))))*($Q8/453.6)","v":0},{"$f":"IF($B8=\"4+ Trucks\",IF(OR($H8=\"Class_8\",$N8=\"Replacement8HHD\",$AH8=\"CL7HHD\",$AJ8=\"CL7to8\"),INDEX('ER C8 FLT4'!$A$4:$K$340,MATCH($E8&$C8,'ER C8 FLT4'!$A$4:$A$340&'ER C8 FLT4'!$B$4:$B$340-2,1),8)*IF(OR($H8=\"Class_8\",$N8=\"Replacement8HHD\",$AH8=\"CL7HHD\",$AJ8=\"CL7to8\"),INDEX('ER C8 FLT4'!$A$4:$K$340,MATCH($E8&$C8,'ER C8 FLT4'!$A$4:$A$340&'ER C8 FLT4'!$B$4:$B$340-2,1),9)),IF($H8=\"Class_7\",INDEX('ER C7 FLT4'!$A$4:$J$340,MATCH($E8&$C8,'ER C7 FLT4'!$A$4:$A$340&'ER C7 FLT4'!$B$4:$B$340-2,1),8)*IF($H8=\"Class_7\",INDEX('ER C7 FLT4'!$A$4:$J$340,MATCH($E8&$C8,'ER C7 FLT4'!$A$4:$A$340&'ER C7 FLT4'!$B$4:$B$340-2,1),9)),\nIF($H8=\"Class_6\",INDEX('ER C6 FLT4'!$A$4:$J$340,MATCH($E8&$C8,'ER C6 FLT4'!$A$4:$A$340&'ER C6 FLT4'!$B$4:$B$340-2,1),8)*IF($H8=\"Class_6\",INDEX('ER C6 FLT4'!$A$4:$L$340,MATCH($E8&$C8,'ER C6 FLT4'!$A$4:$A$340&'ER C6 FLT4'!$B$4:$B$340-2,1),9))))),\nIF($B8=\"3 Trucks\",IF(OR($H8=\"Class_8\",$N8=\"Replacement8HHD\",$AH8=\"CL7HHD\",$AJ8=\"CL7to8\"),INDEX('ER C8 FLT3'!$A$4:$J$340,MATCH($E8&$C8,'ER C8 FLT3'!$A$4:$A$340&'ER C8 FLT3'!$B$4:$B$340-2,1),8)*IF(OR($H8=\"Class_8\",$N8=\"Replacement8HHD\",$AH8=\"CL7HHD\",$AJ8=\"CL7to8\"),INDEX('ER C8 FLT3'!$A$4:$J$340,MATCH($E8&$C8,'ER C8 FLT3'!$A$4:$A$340&'ER C8 FLT3'!$B$4:$B$340-2,1),9)),IF($H8=\"Class_7\",INDEX('ER C7 FLT3'!$A$4:$J$340,MATCH($E8&$C8,'ER C7 FLT3'!$A$4:$A$340&'ER C7 FLT3'!$B$4:$B$340-2,1),8)*IF($H8=\"Class_7\",INDEX('ER C7 FLT3'!$A$4:$J$340,MATCH($E8&$C8,'ER C7 FLT3'!$A$4:$A$340&'ER C7 FLT3'!$B$4:$B$340-2,1),9)),\nIF($H8=\"Class_6\",INDEX('ER C6 FLT3'!$A$4:$J$340,MATCH($E8&$C8,'ER C6 FLT3'!$A$4:$A$340&'ER C6 FLT3'!$B$4:$B$340-2,1),8)*IF($H8=\"Class_6\",INDEX('ER C6 FLT3'!$A$4:$L$340,MATCH($E8&$C8,'ER C6 FLT3'!$A$4:$A$340&'ER C6 FLT3'!$B$4:$B$340-2,1),9))))),IF($B8=\"2 Trucks\",IF(OR($H8=\"Class_8\",$N8=\"Replacement8HHD\",$AH8=\"CL7HHD\",$AJ8=\"CL7to8\"),INDEX('ER C8 FLT2'!$A$4:$J$340,MATCH($E8&$C8,'ER C8 FLT2'!$A$4:$A$340&'ER C8 FLT2'!$B$4:$B$340-2,1),8)*IF(OR($H8=\"Class_8\",$N8=\"Replacement8HHD\",$AH8=\"CL7HHD\",$AJ8=\"CL7to8\"),INDEX('ER C8 FLT2'!$A$4:$J$340,MATCH($E8&$C8,'ER C8 FLT2'!$A$4:$A$340&'ER C8 FLT2'!$B$4:$B$340-2,1),9)),IF($H8=\"Class_7\",INDEX('ER C7 FLT2'!$A$4:$J$340,MATCH($E8&$C8,'ER C7 FLT2'!$A$4:$A$340&'ER C7 FLT2'!$B$4:$B$340-2,1),8)*IF($H8=\"Class_7\",INDEX('ER C7 FLT2'!$A$4:$J$340,MATCH($E8&$C8,'ER C7 FLT2'!$A$4:$A$340&'ER C7 FLT2'!$B$4:$B$340-2,1),9)),IF($H8=\"Class_6\",INDEX('ER C6 FLT2'!$A$4:$J$340,MATCH($E8&$C8,'ER C6 FLT2'!$A$4:$A$340&'ER C6 FLT2'!$B$4:$B$340-2,1),8)*IF($H8=\"Class_6\",INDEX('ER C6 FLT2'!$A$4:$J$340,MATCH($E8&$C8,'ER C6 FLT2'!$A$4:$A$340&'ER C6 FLT2'!$B$4:$B$340-2,1),9))))),IF($B8=\"1 Truck\",\nIF(OR($H8=\"Class_8\",$N8=\"Replacement8HHD\",$AH8=\"CL7HHD\",$AJ8=\"CL7to8\"),INDEX('ER C8 FLT1'!$A$4:$J$340,MATCH($E8&$C8,'ER C8 FLT1'!$A$4:$A$340&'ER C8 FLT1'!$B$4:$B$340-2,1),8)*IF(OR($H8=\"Class_8\",$N8=\"Replacement8HHD\",$AH8=\"CL7HHD\",$AJ8=\"CL7to8\"),INDEX('ER C8 FLT1'!$A$4:$J$340,MATCH($E8&$C8,'ER C8 FLT1'!$A$4:$A$340&'ER C8 FLT1'!$B$4:$B$340-2,1),9)),IF($H8=\"Class_7\",INDEX('ER C7 FLT1'!$A$4:$J$340,MATCH($E8&$C8,'ER C7 FLT1'!$A$4:$A$340&'ER C7 FLT1'!$B$4:$B$340-2,1),8)*IF($H8=\"Class_7\",INDEX('ER C7 FLT1'!$A$4:$J$340,MATCH($E8&$C8,'ER C7 FLT1'!$A$4:$A$340&'ER C7 FLT1'!$B$4:$B$340-2,1),9)),\nIF($H8=\"Class_6\",INDEX('ER C6 FLT1'!$A$4:$J$340,MATCH($E8&$C8,'ER C6 FLT1'!$A$4:$A$340&'ER C6 FLT1'!$B$4:$B$340-2,1),8)*IF($H8=\"Class_6\",INDEX('ER C6 FLT1'!$A$4:$J$340,MATCH($E8&$C8,'ER C6 FLT1'!$A$4:$A$340&'ER C6 FLT1'!$B$4:$B$340-2,1),9))))))))*IF($F8=\"Level 1 PM\",0.75,IF($F8=\"Level 2 PM\",0.5,IF($F8=\"Level 3 PM\",0,IF($F8=\"Level 3 PM + Mark I NOx\",0,1)))))*($Q8/453.6)","v":0},{"$f":"IF($B8=\"4+ Trucks\",IF(OR($H8=\"Class_8\",$N8=\"Replacement8HHD\",$AH8=\"CL7HHD\",$AJ8=\"CL7to8\"),INDEX('ER C8 FLT4'!$A$4:$K$340,MATCH($E8&$C8,'ER C8 FLT4'!$A$4:$A$340&'ER C8 FLT4'!$B$4:$B$340-3,1),8)*IF(OR($H8=\"Class_8\",$N8=\"Replacement8HHD\",$AH8=\"CL7HHD\",$AJ8=\"CL7to8\"),INDEX('ER C8 FLT4'!$A$4:$K$340,MATCH($E8&$C8,'ER C8 FLT4'!$A$4:$A$340&'ER C8 FLT4'!$B$4:$B$340-3,1),9)),IF($H8=\"Class_7\",INDEX('ER C7 FLT4'!$A$4:$J$340,MATCH($E8&$C8,'ER C7 FLT4'!$A$4:$A$340&'ER C7 FLT4'!$B$4:$B$340-3,1),8)*IF($H8=\"Class_7\",INDEX('ER C7 FLT4'!$A$4:$J$340,MATCH($E8&$C8,'ER C7 FLT4'!$A$4:$A$340&'ER C7 FLT4'!$B$4:$B$340-3,1),9)),\nIF($H8=\"Class_6\",INDEX('ER C6 FLT4'!$A$4:$J$340,MATCH($E8&$C8,'ER C6 FLT4'!$A$4:$A$340&'ER C6 FLT4'!$B$4:$B$340-3,1),8)*IF($H8=\"Class_6\",INDEX('ER C6 FLT4'!$A$4:$L$340,MATCH($E8&$C8,'ER C6 FLT4'!$A$4:$A$340&'ER C6 FLT4'!$B$4:$B$340-3,1),9))))),\nIF($B8=\"3 Trucks\",IF(OR($H8=\"Class_8\",$N8=\"Replacement8HHD\",$AH8=\"CL7HHD\",$AJ8=\"CL7to8\"),INDEX('ER C8 FLT3'!$A$4:$J$340,MATCH($E8&$C8,'ER C8 FLT3'!$A$4:$A$340&'ER C8 FLT3'!$B$4:$B$340-3,1),8)*IF(OR($H8=\"Class_8\",$N8=\"Replacement8HHD\",$AH8=\"CL7HHD\",$AJ8=\"CL7to8\"),INDEX('ER C8 FLT3'!$A$4:$J$340,MATCH($E8&$C8,'ER C8 FLT3'!$A$4:$A$340&'ER C8 FLT3'!$B$4:$B$340-3,1),9)),IF($H8=\"Class_7\",INDEX('ER C7 FLT3'!$A$4:$J$340,MATCH($E8&$C8,'ER C7 FLT3'!$A$4:$A$340&'ER C7 FLT3'!$B$4:$B$340-3,1),8)*IF($H8=\"Class_7\",INDEX('ER C7 FLT3'!$A$4:$J$340,MATCH($E8&$C8,'ER C7 FLT3'!$A$4:$A$340&'ER C7 FLT3'!$B$4:$B$340-3,1),9)),\nIF($H8=\"Class_6\",INDEX('ER C6 FLT3'!$A$4:$J$340,MATCH($E8&$C8,'ER C6 FLT3'!$A$4:$A$340&'ER C6 FLT3'!$B$4:$B$340-3,1),8)*IF($H8=\"Class_6\",INDEX('ER C6 FLT3'!$A$4:$L$340,MATCH($E8&$C8,'ER C6 FLT3'!$A$4:$A$340&'ER C6 FLT3'!$B$4:$B$340-3,1),9))))),IF($B8=\"2 Trucks\",IF(OR($H8=\"Class_8\",$N8=\"Replacement8HHD\",$AH8=\"CL7HHD\",$AJ8=\"CL7to8\"),INDEX('ER C8 FLT2'!$A$4:$J$340,MATCH($E8&$C8,'ER C8 FLT2'!$A$4:$A$340&'ER C8 FLT2'!$B$4:$B$340-3,1),8)*IF(OR($H8=\"Class_8\",$N8=\"Replacement8HHD\",$AH8=\"CL7HHD\",$AJ8=\"CL7to8\"),INDEX('ER C8 FLT2'!$A$4:$J$340,MATCH($E8&$C8,'ER C8 FLT2'!$A$4:$A$340&'ER C8 FLT2'!$B$4:$B$340-3,1),9)),IF($H8=\"Class_7\",INDEX('ER C7 FLT2'!$A$4:$J$340,MATCH($E8&$C8,'ER C7 FLT2'!$A$4:$A$340&'ER C7 FLT2'!$B$4:$B$340-3,1),8)*IF($H8=\"Class_7\",INDEX('ER C7 FLT2'!$A$4:$J$340,MATCH($E8&$C8,'ER C7 FLT2'!$A$4:$A$340&'ER C7 FLT2'!$B$4:$B$340-3,1),9)),IF($H8=\"Class_6\",INDEX('ER C6 FLT2'!$A$4:$J$340,MATCH($E8&$C8,'ER C6 FLT2'!$A$4:$A$340&'ER C6 FLT2'!$B$4:$B$340-3,1),8)*IF($H8=\"Class_6\",INDEX('ER C6 FLT2'!$A$4:$J$340,MATCH($E8&$C8,'ER C6 FLT2'!$A$4:$A$340&'ER C6 FLT2'!$B$4:$B$340-3,1),9))))),IF($B8=\"1 Truck\",\nIF(OR($H8=\"Class_8\",$N8=\"Replacement8HHD\",$AH8=\"CL7HHD\",$AJ8=\"CL7to8\"),INDEX('ER C8 FLT1'!$A$4:$J$340,MATCH($E8&$C8,'ER C8 FLT1'!$A$4:$A$340&'ER C8 FLT1'!$B$4:$B$340-3,1),8)*IF(OR($H8=\"Class_8\",$N8=\"Replacement8HHD\",$AH8=\"CL7HHD\",$AJ8=\"CL7to8\"),INDEX('ER C8 FLT1'!$A$4:$J$340,MATCH($E8&$C8,'ER C8 FLT1'!$A$4:$A$340&'ER C8 FLT1'!$B$4:$B$340-3,1),9)),IF($H8=\"Class_7\",INDEX('ER C7 FLT1'!$A$4:$J$340,MATCH($E8&$C8,'ER C7 FLT1'!$A$4:$A$340&'ER C7 FLT1'!$B$4:$B$340-3,1),8)*IF($H8=\"Class_7\",INDEX('ER C7 FLT1'!$A$4:$J$340,MATCH($E8&$C8,'ER C7 FLT1'!$A$4:$A$340&'ER C7 FLT1'!$B$4:$B$340-3,1),9)),\nIF($H8=\"Class_6\",INDEX('ER C6 FLT1'!$A$4:$J$340,MATCH($E8&$C8,'ER C6 FLT1'!$A$4:$A$340&'ER C6 FLT1'!$B$4:$B$340-3,1),8)*IF($H8=\"Class_6\",INDEX('ER C6 FLT1'!$A$4:$J$340,MATCH($E8&$C8,'ER C6 FLT1'!$A$4:$A$340&'ER C6 FLT1'!$B$4:$B$340-3,1),9))))))))*IF($F8=\"Level 1 PM\",0.75,IF($F8=\"Level 2 PM\",0.5,IF($F8=\"Level 3 PM\",0,IF($F8=\"Level 3 PM + Mark I NOx\",0,1)))))*($Q8/453.6)","v":0},{"$f":"IF($B8=\"4+ Trucks\",IF(OR($H8=\"Class_8\",$N8=\"Replacement8HHD\",$AH8=\"CL7HHD\",$AJ8=\"CL7to8\"),INDEX('ER C8 FLT4'!$A$4:$K$340,MATCH($E8&$C8,'ER C8 FLT4'!$A$4:$A$340&'ER C8 FLT4'!$B$4:$B$340-4,1),8)*IF(OR($H8=\"Class_8\",$N8=\"Replacement8HHD\",$AH8=\"CL7HHD\",$AJ8=\"CL7to8\"),INDEX('ER C8 FLT4'!$A$4:$K$340,MATCH($E8&$C8,'ER C8 FLT4'!$A$4:$A$340&'ER C8 FLT4'!$B$4:$B$340-4,1),9)),IF($H8=\"Class_7\",INDEX('ER C7 FLT4'!$A$4:$J$340,MATCH($E8&$C8,'ER C7 FLT4'!$A$4:$A$340&'ER C7 FLT4'!$B$4:$B$340-4,1),8)*IF($H8=\"Class_7\",INDEX('ER C7 FLT4'!$A$4:$J$340,MATCH($E8&$C8,'ER C7 FLT4'!$A$4:$A$340&'ER C7 FLT4'!$B$4:$B$340-4,1),9)),\nIF($H8=\"Class_6\",INDEX('ER C6 FLT4'!$A$4:$J$340,MATCH($E8&$C8,'ER C6 FLT4'!$A$4:$A$340&'ER C6 FLT4'!$B$4:$B$340-4,1),8)*IF($H8=\"Class_6\",INDEX('ER C6 FLT4'!$A$4:$L$340,MATCH($E8&$C8,'ER C6 FLT4'!$A$4:$A$340&'ER C6 FLT4'!$B$4:$B$340-4,1),9))))),\nIF($B8=\"3 Trucks\",IF(OR($H8=\"Class_8\",$N8=\"Replacement8HHD\",$AH8=\"CL7HHD\",$AJ8=\"CL7to8\"),INDEX('ER C8 FLT3'!$A$4:$J$340,MATCH($E8&$C8,'ER C8 FLT3'!$A$4:$A$340&'ER C8 FLT3'!$B$4:$B$340-4,1),8)*IF(OR($H8=\"Class_8\",$N8=\"Replacement8HHD\",$AH8=\"CL7HHD\",$AJ8=\"CL7to8\"),INDEX('ER C8 FLT3'!$A$4:$J$340,MATCH($E8&$C8,'ER C8 FLT3'!$A$4:$A$340&'ER C8 FLT3'!$B$4:$B$340-4,1),9)),IF($H8=\"Class_7\",INDEX('ER C7 FLT3'!$A$4:$J$340,MATCH($E8&$C8,'ER C7 FLT3'!$A$4:$A$340&'ER C7 FLT3'!$B$4:$B$340-4,1),8)*IF($H8=\"Class_7\",INDEX('ER C7 FLT3'!$A$4:$J$340,MATCH($E8&$C8,'ER C7 FLT3'!$A$4:$A$340&'ER C7 FLT3'!$B$4:$B$340-4,1),9)),\nIF($H8=\"Class_6\",INDEX('ER C6 FLT3'!$A$4:$J$340,MATCH($E8&$C8,'ER C6 FLT3'!$A$4:$A$340&'ER C6 FLT3'!$B$4:$B$340-4,1),8)*IF($H8=\"Class_6\",INDEX('ER C6 FLT3'!$A$4:$L$340,MATCH($E8&$C8,'ER C6 FLT3'!$A$4:$A$340&'ER C6 FLT3'!$B$4:$B$340-4,1),9))))),IF($B8=\"2 Trucks\",IF(OR($H8=\"Class_8\",$N8=\"Replacement8HHD\",$AH8=\"CL7HHD\",$AJ8=\"CL7to8\"),INDEX('ER C8 FLT2'!$A$4:$J$340,MATCH($E8&$C8,'ER C8 FLT2'!$A$4:$A$340&'ER C8 FLT2'!$B$4:$B$340-4,1),8)*IF(OR($H8=\"Class_8\",$N8=\"Replacement8HHD\",$AH8=\"CL7HHD\",$AJ8=\"CL7to8\"),INDEX('ER C8 FLT2'!$A$4:$J$340,MATCH($E8&$C8,'ER C8 FLT2'!$A$4:$A$340&'ER C8 FLT2'!$B$4:$B$340-4,1),9)),IF($H8=\"Class_7\",INDEX('ER C7 FLT2'!$A$4:$J$340,MATCH($E8&$C8,'ER C7 FLT2'!$A$4:$A$340&'ER C7 FLT2'!$B$4:$B$340-4,1),8)*IF($H8=\"Class_7\",INDEX('ER C7 FLT2'!$A$4:$J$340,MATCH($E8&$C8,'ER C7 FLT2'!$A$4:$A$340&'ER C7 FLT2'!$B$4:$B$340-4,1),9)),IF($H8=\"Class_6\",INDEX('ER C6 FLT2'!$A$4:$J$340,MATCH($E8&$C8,'ER C6 FLT2'!$A$4:$A$340&'ER C6 FLT2'!$B$4:$B$340-4,1),8)*IF($H8=\"Class_6\",INDEX('ER C6 FLT2'!$A$4:$J$340,MATCH($E8&$C8,'ER C6 FLT2'!$A$4:$A$340&'ER C6 FLT2'!$B$4:$B$340-4,1),9))))),IF($B8=\"1 Truck\",\nIF(OR($H8=\"Class_8\",$N8=\"Replacement8HHD\",$AH8=\"CL7HHD\",$AJ8=\"CL7to8\"),INDEX('ER C8 FLT1'!$A$4:$J$340,MATCH($E8&$C8,'ER C8 FLT1'!$A$4:$A$340&'ER C8 FLT1'!$B$4:$B$340-4,1),8)*IF(OR($H8=\"Class_8\",$N8=\"Replacement8HHD\",$AH8=\"CL7HHD\",$AJ8=\"CL7to8\"),INDEX('ER C8 FLT1'!$A$4:$J$340,MATCH($E8&$C8,'ER C8 FLT1'!$A$4:$A$340&'ER C8 FLT1'!$B$4:$B$340-4,1),9)),IF($H8=\"Class_7\",INDEX('ER C7 FLT1'!$A$4:$J$340,MATCH($E8&$C8,'ER C7 FLT1'!$A$4:$A$340&'ER C7 FLT1'!$B$4:$B$340-4,1),8)*IF($H8=\"Class_7\",INDEX('ER C7 FLT1'!$A$4:$J$340,MATCH($E8&$C8,'ER C7 FLT1'!$A$4:$A$340&'ER C7 FLT1'!$B$4:$B$340-4,1),9)),\nIF($H8=\"Class_6\",INDEX('ER C6 FLT1'!$A$4:$J$340,MATCH($E8&$C8,'ER C6 FLT1'!$A$4:$A$340&'ER C6 FLT1'!$B$4:$B$340-4,1),8)*IF($H8=\"Class_6\",INDEX('ER C6 FLT1'!$A$4:$J$340,MATCH($E8&$C8,'ER C6 FLT1'!$A$4:$A$340&'ER C6 FLT1'!$B$4:$B$340-4,1),9))))))))*IF($F8=\"Level 1 PM\",0.75,IF($F8=\"Level 2 PM\",0.5,IF($F8=\"Level 3 PM\",0,IF($F8=\"Level 3 PM + Mark I NOx\",0,1)))))*($Q8/453.6)","v":0},{"$f":"IF($B8=\"4+ Trucks\",IF(OR($H8=\"Class_8\",$N8=\"Replacement8HHD\",$AH8=\"CL7HHD\",$AJ8=\"CL7to8\"),INDEX('ER C8 FLT4'!$A$4:$K$340,MATCH($E8&$C8,'ER C8 FLT4'!$A$4:$A$340&'ER C8 FLT4'!$B$4:$B$340,1),8),IF($H8=\"Class_7\",INDEX('ER C7 FLT4'!$A$4:$J$340,MATCH($E8&$C8,'ER C7 FLT4'!$A$4:$A$340&'ER C7 FLT4'!$B$4:$B$340,1),8),IF($H8=\"Class_6\",INDEX('ER C6 FLT4'!$A$4:$J$340,MATCH($E8&$C8,'ER C6 FLT4'!$A$4:$A$340&'ER C6 FLT4'!$B$4:$B$340,1),8)))),\nIF($B8=\"3 Trucks\",IF(OR($H8=\"Class_8\",$N8=\"Replacement8HHD\",$AH8=\"CL7HHD\",$AJ8=\"CL7to8\"),INDEX('ER C8 FLT3'!$A$4:$J$340,MATCH($E8&$C8,'ER C8 FLT3'!$A$4:$A$340&'ER C8 FLT3'!$B$4:$B$340,1),8),IF($H8=\"Class_7\",INDEX('ER C7 FLT3'!$A$4:$J$340,MATCH($E8&$C8,'ER C7 FLT3'!$A$4:$A$340&'ER C7 FLT3'!$B$4:$B$340,1),8),IF($H8=\"Class_6\",INDEX('ER C6 FLT3'!$A$4:$J$340,MATCH($E8&$C8,'ER C6 FLT3'!$A$4:$A$340&'ER C6 FLT3'!$B$4:$B$340,1),8)))),IF($B8=\"2 Trucks\",IF(OR($H8=\"Class_8\",$N8=\"Replacement8HHD\",$AH8=\"CL7HHD\",$AJ8=\"CL7to8\"),INDEX('ER C8 FLT2'!$A$4:$J$340,MATCH($E8&$C8,'ER C8 FLT2'!$A$4:$A$340&'ER C8 FLT2'!$B$4:$B$340,1),8),IF($H8=\"Class_7\",INDEX('ER C7 FLT2'!$A$4:$J$340,MATCH($E8&$C8,'ER C7 FLT2'!$A$4:$A$340&'ER C7 FLT2'!$B$4:$B$340,1),8),IF($H8=\"Class_6\",INDEX('ER C6 FLT2'!$A$4:$J$340,MATCH($E8&$C8,'ER C6 FLT2'!$A$4:$A$340&'ER C6 FLT2'!$B$4:$B$340,1),8)))),IF($B8=\"1 Truck\",IF(OR($H8=\"Class_8\",$N8=\"Replacement8HHD\",$AH8=\"CL7HHD\",$AJ8=\"CL7to8\"),INDEX('ER C8 FLT1'!$A$4:$J$340,MATCH($E8&$C8,'ER C8 FLT1'!$A$4:$A$340&'ER C8 FLT1'!$B$4:$B$340,1),8),IF($H8=\"Class_7\",INDEX('ER C7 FLT1'!$A$4:$J$340,MATCH($E8&$C8,'ER C7 FLT1'!$A$4:$A$340&'ER C7 FLT1'!$B$4:$B$340,1),8),IF($H8=\"Class_6\",INDEX('ER C6 FLT1'!$A$4:$J$340,MATCH($E8&$C8,'ER C6 FLT1'!$A$4:$A$340&'ER C6 FLT1'!$B$4:$B$340,1),8)))))))\n)","v":false},{"$f":"IF($B8=\"4+ Trucks\",IF(OR($H8=\"Class_8\",$N8=\"Replacement8HHD\",$AH8=\"CL7HHD\",$AJ8=\"CL7to8\"),INDEX('ER C8 FLT4'!$A$4:$K$340,MATCH($E8&$C8,'ER C8 FLT4'!$A$4:$A$340&'ER C8 FLT4'!$B$4:$B$340-1,1),8),IF($H8=\"Class_7\",INDEX('ER C7 FLT4'!$A$4:$J$340,MATCH($E8&$C8,'ER C7 FLT4'!$A$4:$A$340&'ER C7 FLT4'!$B$4:$B$340-1,1),8),IF($H8=\"Class_6\",INDEX('ER C6 FLT4'!$A$4:$J$340,MATCH($E8&$C8,'ER C6 FLT4'!$A$4:$A$340&'ER C6 FLT4'!$B$4:$B$340-1,1),8)))),\nIF($B8=\"3 Trucks\",IF(OR($H8=\"Class_8\",$N8=\"Replacement8HHD\",$AH8=\"CL7HHD\",$AJ8=\"CL7to8\"),INDEX('ER C8 FLT3'!$A$4:$J$340,MATCH($E8&$C8,'ER C8 FLT3'!$A$4:$A$340&'ER C8 FLT3'!$B$4:$B$340-1,1),8),IF($H8=\"Class_7\",INDEX('ER C7 FLT3'!$A$4:$J$340,MATCH($E8&$C8,'ER C7 FLT3'!$A$4:$A$340&'ER C7 FLT3'!$B$4:$B$340-1,1),8),IF($H8=\"Class_6\",INDEX('ER C6 FLT3'!$A$4:$J$340,MATCH($E8&$C8,'ER C6 FLT3'!$A$4:$A$340&'ER C6 FLT3'!$B$4:$B$340-1,1),8)))),IF($B8=\"2 Trucks\",IF(OR($H8=\"Class_8\",$N8=\"Replacement8HHD\",$AH8=\"CL7HHD\",$AJ8=\"CL7to8\"),INDEX('ER C8 FLT2'!$A$4:$J$340,MATCH($E8&$C8,'ER C8 FLT2'!$A$4:$A$340&'ER C8 FLT2'!$B$4:$B$340-1,1),8),IF($H8=\"Class_7\",INDEX('ER C7 FLT2'!$A$4:$J$340,MATCH($E8&$C8,'ER C7 FLT2'!$A$4:$A$340&'ER C7 FLT2'!$B$4:$B$340-1,1),8),IF($H8=\"Class_6\",INDEX('ER C6 FLT2'!$A$4:$J$340,MATCH($E8&$C8,'ER C6 FLT2'!$A$4:$A$340&'ER C6 FLT2'!$B$4:$B$340-1,1),8)))),IF($B8=\"1 Truck\",IF(OR($H8=\"Class_8\",$N8=\"Replacement8HHD\",$AH8=\"CL7HHD\",$AJ8=\"CL7to8\"),INDEX('ER C8 FLT1'!$A$4:$J$340,MATCH($E8&$C8,'ER C8 FLT1'!$A$4:$A$340&'ER C8 FLT1'!$B$4:$B$340-1,1),8),IF($H8=\"Class_7\",INDEX('ER C7 FLT1'!$A$4:$J$340,MATCH($E8&$C8,'ER C7 FLT1'!$A$4:$A$340&'ER C7 FLT1'!$B$4:$B$340-1,1),8),IF($H8=\"Class_6\",INDEX('ER C6 FLT1'!$A$4:$J$340,MATCH($E8&$C8,'ER C6 FLT1'!$A$4:$A$340&'ER C6 FLT1'!$B$4:$B$340-1,1),8)))))))\n)","v":false},{"$f":"IF($B8=\"4+ Trucks\",IF(OR($H8=\"Class_8\",$N8=\"Replacement8HHD\",$AH8=\"CL7HHD\",$AJ8=\"CL7to8\"),INDEX('ER C8 FLT4'!$A$4:$K$340,MATCH($E8&$C8,'ER C8 FLT4'!$A$4:$A$340&'ER C8 FLT4'!$B$4:$B$340-2,1),8),IF($H8=\"Class_7\",INDEX('ER C7 FLT4'!$A$4:$J$340,MATCH($E8&$C8,'ER C7 FLT4'!$A$4:$A$340&'ER C7 FLT4'!$B$4:$B$340-2,1),8),IF($H8=\"Class_6\",INDEX('ER C6 FLT4'!$A$4:$J$340,MATCH($E8&$C8,'ER C6 FLT4'!$A$4:$A$340&'ER C6 FLT4'!$B$4:$B$340-2,1),8)))),\nIF($B8=\"3 Trucks\",IF(OR($H8=\"Class_8\",$N8=\"Replacement8HHD\",$AH8=\"CL7HHD\",$AJ8=\"CL7to8\"),INDEX('ER C8 FLT3'!$A$4:$J$340,MATCH($E8&$C8,'ER C8 FLT3'!$A$4:$A$340&'ER C8 FLT3'!$B$4:$B$340-2,1),8),IF($H8=\"Class_7\",INDEX('ER C7 FLT3'!$A$4:$J$340,MATCH($E8&$C8,'ER C7 FLT3'!$A$4:$A$340&'ER C7 FLT3'!$B$4:$B$340-2,1),8),IF($H8=\"Class_6\",INDEX('ER C6 FLT3'!$A$4:$J$340,MATCH($E8&$C8,'ER C6 FLT3'!$A$4:$A$340&'ER C6 FLT3'!$B$4:$B$340-2,1),8)))),IF($B8=\"2 Trucks\",IF(OR($H8=\"Class_8\",$N8=\"Replacement8HHD\",$AH8=\"CL7HHD\",$AJ8=\"CL7to8\"),INDEX('ER C8 FLT2'!$A$4:$J$340,MATCH($E8&$C8,'ER C8 FLT2'!$A$4:$A$340&'ER C8 FLT2'!$B$4:$B$340-2,1),8),IF($H8=\"Class_7\",INDEX('ER C7 FLT2'!$A$4:$J$340,MATCH($E8&$C8,'ER C7 FLT2'!$A$4:$A$340&'ER C7 FLT2'!$B$4:$B$340-2,1),8),IF($H8=\"Class_6\",INDEX('ER C6 FLT2'!$A$4:$J$340,MATCH($E8&$C8,'ER C6 FLT2'!$A$4:$A$340&'ER C6 FLT2'!$B$4:$B$340-2,1),8)))),IF($B8=\"1 Truck\",IF(OR($H8=\"Class_8\",$N8=\"Replacement8HHD\",$AH8=\"CL7HHD\",$AJ8=\"CL7to8\"),INDEX('ER C8 FLT1'!$A$4:$J$340,MATCH($E8&$C8,'ER C8 FLT1'!$A$4:$A$340&'ER C8 FLT1'!$B$4:$B$340-2,1),8),IF($H8=\"Class_7\",INDEX('ER C7 FLT1'!$A$4:$J$340,MATCH($E8&$C8,'ER C7 FLT1'!$A$4:$A$340&'ER C7 FLT1'!$B$4:$B$340-2,1),8),IF($H8=\"Class_6\",INDEX('ER C6 FLT1'!$A$4:$J$340,MATCH($E8&$C8,'ER C6 FLT1'!$A$4:$A$340&'ER C6 FLT1'!$B$4:$B$340-2,1),8)))))))\n)","v":false},{"$f":"IF($B8=\"4+ Trucks\",IF(OR($H8=\"Class_8\",$N8=\"Replacement8HHD\",$AH8=\"CL7HHD\",$AJ8=\"CL7to8\"),INDEX('ER C8 FLT4'!$A$4:$J$340,MATCH($E8&$C8,'ER C8 FLT4'!$A$4:$A$340&'ER C8 FLT4'!$B$4:$B$340-3,1),8),IF($H8=\"Class_7\",INDEX('ER C7 FLT4'!$A$4:$J$340,MATCH($E8&$C8,'ER C7 FLT4'!$A$4:$A$340&'ER C7 FLT4'!$B$4:$B$340-3,1),8),IF($H8=\"Class_6\",INDEX('ER C6 FLT4'!$A$4:$J$340,MATCH($E8&$C8,'ER C6 FLT4'!$A$4:$A$340&'ER C6 FLT4'!$B$4:$B$340-3,1),8)))),\nIF($B8=\"3 Trucks\",IF(OR($H8=\"Class_8\",$N8=\"Replacement8HHD\",$AH8=\"CL7HHD\",$AJ8=\"CL7to8\"),INDEX('ER C8 FLT3'!$A$4:$J$340,MATCH($E8&$C8,'ER C8 FLT3'!$A$4:$A$340&'ER C8 FLT3'!$B$4:$B$340-3,1),8),IF($H8=\"Class_7\",INDEX('ER C7 FLT3'!$A$4:$J$340,MATCH($E8&$C8,'ER C7 FLT3'!$A$4:$A$340&'ER C7 FLT3'!$B$4:$B$340-3,1),8),IF($H8=\"Class_6\",INDEX('ER C6 FLT3'!$A$4:$J$340,MATCH($E8&$C8,'ER C6 FLT3'!$A$4:$A$340&'ER C6 FLT3'!$B$4:$B$340-3,1),8)))),\nIF($B8=\"2 Trucks\",IF(OR($H8=\"Class_8\",$N8=\"Replacement8HHD\",$AH8=\"CL7HHD\",$AJ8=\"CL7to8\"),INDEX('ER C8 FLT2'!$A$4:$J$340,MATCH($E8&$C8,'ER C8 FLT2'!$A$4:$A$340&'ER C8 FLT2'!$B$4:$B$340-3,1),8),IF($H8=\"Class_7\",INDEX('ER C7 FLT2'!$A$4:$J$340,MATCH($E8&$C8,'ER C7 FLT2'!$A$4:$A$340&'ER C7 FLT2'!$B$4:$B$340-3,1),8),IF($H8=\"Class_6\",INDEX('ER C6 FLT2'!$A$4:$J$340,MATCH($E8&$C8,'ER C6 FLT2'!$A$4:$A$340&'ER C6 FLT2'!$B$4:$B$340-3,1),8)))),IF($B8=\"1 Truck\",IF(OR($H8=\"Class_8\",$N8=\"Replacement8HHD\",$AH8=\"CL7HHD\",$AJ8=\"CL7to8\"),INDEX('ER C8 FLT1'!$A$4:$J$340,MATCH($E8&$C8,'ER C8 FLT1'!$A$4:$A$340&'ER C8 FLT1'!$B$4:$B$340-3,1),8),IF($H8=\"Class_7\",INDEX('ER C7 FLT1'!$A$4:$J$340,MATCH($E8&$C8,'ER C7 FLT1'!$A$4:$A$340&'ER C7 FLT1'!$B$4:$B$340-3,1),8),IF($H8=\"Class_6\",INDEX('ER C6 FLT1'!$A$4:$J$340,MATCH($E8&$C8,'ER C6 FLT1'!$A$4:$A$340&'ER C6 FLT1'!$B$4:$B$340-3,1),8)))))))\n)","v":false},{"$f":"IF($B8=\"4+ Trucks\",IF(OR($H8=\"Class_8\",$N8=\"Replacement8HHD\",$AH8=\"CL7HHD\",$AJ8=\"CL7to8\"),INDEX('ER C8 FLT4'!$A$4:$J$340,MATCH($E8&$C8,'ER C8 FLT4'!$A$4:$A$340&'ER C8 FLT4'!$B$4:$B$340-4,1),8),IF($H8=\"Class_7\",INDEX('ER C7 FLT4'!$A$4:$J$340,MATCH($E8&$C8,'ER C7 FLT4'!$A$4:$A$340&'ER C7 FLT4'!$B$4:$B$340-4,1),8),IF($H8=\"Class_6\",INDEX('ER C6 FLT4'!$A$4:$J$340,MATCH($E8&$C8,'ER C6 FLT4'!$A$4:$A$340&'ER C6 FLT4'!$B$4:$B$340-4,1),8)))),\nIF($B8=\"3 Trucks\",IF(OR($H8=\"Class_8\",$N8=\"Replacement8HHD\",$AH8=\"CL7HHD\",$AJ8=\"CL7to8\"),INDEX('ER C8 FLT3'!$A$4:$J$340,MATCH($E8&$C8,'ER C8 FLT3'!$A$4:$A$340&'ER C8 FLT3'!$B$4:$B$340-4,1),8),IF($H8=\"Class_7\",INDEX('ER C7 FLT3'!$A$4:$J$340,MATCH($E8&$C8,'ER C7 FLT3'!$A$4:$A$340&'ER C7 FLT3'!$B$4:$B$340-4,1),8),IF($H8=\"Class_6\",INDEX('ER C6 FLT3'!$A$4:$J$340,MATCH($E8&$C8,'ER C6 FLT3'!$A$4:$A$340&'ER C6 FLT3'!$B$4:$B$340-4,1),8)))),\nIF($B8=\"2 Trucks\",IF(OR($H8=\"Class_8\",$N8=\"Replacement8HHD\",$AH8=\"CL7HHD\",$AJ8=\"CL7to8\"),INDEX('ER C8 FLT2'!$A$4:$J$340,MATCH($E8&$C8,'ER C8 FLT2'!$A$4:$A$340&'ER C8 FLT2'!$B$4:$B$340-4,1),8),IF($H8=\"Class_7\",INDEX('ER C7 FLT2'!$A$4:$J$340,MATCH($E8&$C8,'ER C7 FLT2'!$A$4:$A$340&'ER C7 FLT2'!$B$4:$B$340-4,1),8),IF($H8=\"Class_6\",INDEX('ER C6 FLT2'!$A$4:$J$340,MATCH($E8&$C8,'ER C6 FLT2'!$A$4:$A$340&'ER C6 FLT2'!$B$4:$B$340-4,1),8)))),IF($B8=\"1 Truck\",IF(OR($H8=\"Class_8\",$N8=\"Replacement8HHD\",$AH8=\"CL7HHD\",$AJ8=\"CL7to8\"),INDEX('ER C8 FLT1'!$A$4:$J$340,MATCH($E8&$C8,'ER C8 FLT1'!$A$4:$A$340&'ER C8 FLT1'!$B$4:$B$340-4,1),8),IF($H8=\"Class_7\",INDEX('ER C7 FLT1'!$A$4:$J$340,MATCH($E8&$C8,'ER C7 FLT1'!$A$4:$A$340&'ER C7 FLT1'!$B$4:$B$340-4,1),8),IF($H8=\"Class_6\",INDEX('ER C6 FLT1'!$A$4:$J$340,MATCH($E8&$C8,'ER C6 FLT1'!$A$4:$A$340&'ER C6 FLT1'!$B$4:$B$340-4,1),8)))))))\n)","v":false},{"$f":"BA8*(($Q8+$AC8)/453.6)","v":0},{"$f":"BB8*(($Q8+$AC8)/453.6)","v":0},{"$f":"BC8*(($Q8+$AC8)/453.6)","v":0},{"$f":"BD8*(($Q8+$AC8)/453.6)","v":0},{"$f":"BE8*(($Q8+$AC8)/453.6)","v":0},{"$f":"IF(OR($R8=\"Diesel\",$R8=\"Zero Emission\",$R8=\"Hybrid\",$R8=\"Hybrid Zero-Mile\",$R8=\"Low NOx\",$R8=\"LNG/CNG\"),IF($B8=\"3 Trucks\",IF(OR($O8=\"Class_8\",$N8=\"Replacement8HHD\",$AI8=\"CL7HHD\"),INDEX('ER C8 FLT3'!$A$4:$J$340,MATCH(DropData!$J54&$C8,'ER C8 FLT3'!$A$4:$A$340&'ER C8 FLT3'!$B$4:$B$340,1),8),IF($O8=\"Class_7\",INDEX('ER C7 FLT3'!$A$4:$J$340,MATCH(DropData!$J54&$C8,'ER C7 FLT3'!$A$4:$A$340&'ER C7 FLT3'!$B$4:$B$340,1),8),IF($O8=\"Class_6\",INDEX('ER C6 FLT3'!$A$4:$J$340,MATCH(DropData!$J54&$C8,'ER C6 FLT3'!$A$4:$A$340&'ER C6 FLT3'!$B$4:$B$340,1),8)))),IF($B8=\"2 Trucks\",IF(OR($O8=\"Class_8\",$N8=\"Replacement8HHD\",$AI8=\"CL7HHD\"),INDEX('ER C8 FLT2'!$A$4:$J$340,MATCH(DropData!$J54&$C8,'ER C8 FLT2'!$A$4:$A$340&'ER C8 FLT2'!$B$4:$B$340,1),8),IF($O8=\"Class_7\",INDEX('ER C7 FLT2'!$A$4:$J$340,MATCH(DropData!$J54&$C8,'ER C7 FLT2'!$A$4:$A$340&'ER C7 FLT2'!$B$4:$B$340,1),8),IF($O8=\"Class_6\",INDEX('ER C6 FLT2'!$A$4:$J$340,MATCH(DropData!$J54&$C8,'ER C6 FLT2'!$A$4:$A$340&'ER C6 FLT2'!$B$4:$B$340,1),8)))),IF($B8=\"1 Truck\",IF(OR($O8=\"Class_8\",$N8=\"Replacement8HHD\",$AI8=\"CL7HHD\"),INDEX('ER C8 FLT1'!$A$4:$J$340,MATCH(DropData!$J54&$C8,'ER C8 FLT1'!$A$4:$A$340&'ER C8 FLT1'!$B$4:$B$340,1),8),IF($O8=\"Class_7\",INDEX('ER C7 FLT1'!$A$4:$J$340,MATCH(DropData!$J54&$C8,'ER C7 FLT1'!$A$4:$A$340&'ER C7 FLT1'!$B$4:$B$340,1),8),IF($O8=\"Class_6\",INDEX('ER C6 FLT1'!$A$4:$J$340,MATCH(DropData!$J54&$C8,'ER C6 FLT1'!$A$4:$A$340&'ER C6 FLT1'!$B$4:$B$340,1),8)))),IF($B8=\"4+ Trucks\",IF(OR($O8=\"Class_8\",$N8=\"Replacement8HHD\",$AI8=\"CL7HHD\"),INDEX('ER C8 FLT4'!$A$4:$J$340,MATCH(DropData!$J54&$C8,'ER C8 FLT4'!$A$4:$A$340&'ER C8 FLT4'!$B$4:$B$340,1),8),IF($O8=\"Class_7\",INDEX('ER C7 FLT4'!$A$4:$J$340,MATCH(DropData!$J54&$C8,'ER C7 FLT4'!$A$4:$A$340&'ER C7 FLT4'!$B$4:$B$340,1),8),IF($O8=\"Class_6\",INDEX('ER C6 FLT4'!$A$4:$J$340,MATCH(DropData!$J54&$C8,'ER C6 FLT4'!$A$4:$A$340&'ER C6 FLT4'!$B$4:$B$340,1),8)))))))))","v":false},{"$f":"IF(OR($R8=\"Diesel\",$R8=\"Zero Emission\",$R8=\"Hybrid\",$R8=\"Hybrid Zero-Mile\",$R8=\"Low NOx\",$R8=\"LNG/CNG\"),IF($B8=\"3 Trucks\",IF(OR($O8=\"Class_8\",$N8=\"Replacement8HHD\",$AI8=\"CL7HHD\"),INDEX('ER C8 FLT3'!$A$4:$J$340,MATCH(DropData!$J54&$C8,'ER C8 FLT3'!$A$4:$A$340&'ER C8 FLT3'!$B$4:$B$340-1,1),8),IF($O8=\"Class_7\",INDEX('ER C7 FLT3'!$A$4:$J$340,MATCH(DropData!$J54&$C8,'ER C7 FLT3'!$A$4:$A$340&'ER C7 FLT3'!$B$4:$B$340-1,1),8),IF($O8=\"Class_6\",INDEX('ER C6 FLT3'!$A$4:$J$340,MATCH(DropData!$J54&$C8,'ER C6 FLT3'!$A$4:$A$340&'ER C6 FLT3'!$B$4:$B$340-1,1),8)))),IF($B8=\"2 Trucks\",IF(OR($O8=\"Class_8\",$N8=\"Replacement8HHD\",$AI8=\"CL7HHD\"),INDEX('ER C8 FLT2'!$A$4:$J$340,MATCH(DropData!$J54&$C8,'ER C8 FLT2'!$A$4:$A$340&'ER C8 FLT2'!$B$4:$B$340-1,1),8),IF($O8=\"Class_7\",INDEX('ER C7 FLT2'!$A$4:$J$340,MATCH(DropData!$J54&$C8,'ER C7 FLT2'!$A$4:$A$340&'ER C7 FLT2'!$B$4:$B$340-1,1),8),IF($O8=\"Class_6\",INDEX('ER C6 FLT2'!$A$4:$J$340,MATCH(DropData!$J54&$C8,'ER C6 FLT2'!$A$4:$A$340&'ER C6 FLT2'!$B$4:$B$340-1,1),8)))),IF($B8=\"1 Truck\",IF(OR($O8=\"Class_8\",$N8=\"Replacement8HHD\",$AI8=\"CL7HHD\"),INDEX('ER C8 FLT1'!$A$4:$J$340,MATCH(DropData!$J54&$C8,'ER C8 FLT1'!$A$4:$A$340&'ER C8 FLT1'!$B$4:$B$340-1,1),8),IF($O8=\"Class_7\",INDEX('ER C7 FLT1'!$A$4:$J$340,MATCH(DropData!$J54&$C8,'ER C7 FLT1'!$A$4:$A$340&'ER C7 FLT1'!$B$4:$B$340-1,1),8),IF($O8=\"Class_6\",INDEX('ER C6 FLT1'!$A$4:$J$340,MATCH(DropData!$J54&$C8,'ER C6 FLT1'!$A$4:$A$340&'ER C6 FLT1'!$B$4:$B$340-1,1),8)))),IF($B8=\"4+ Trucks\",IF(OR($O8=\"Class_8\",$N8=\"Replacement8HHD\",$AI8=\"CL7HHD\"),INDEX('ER C8 FLT4'!$A$4:$J$340,MATCH(DropData!$J54&$C8,'ER C8 FLT4'!$A$4:$A$340&'ER C8 FLT4'!$B$4:$B$340-1,1),8),IF($O8=\"Class_7\",INDEX('ER C7 FLT4'!$A$4:$J$340,MATCH(DropData!$J54&$C8,'ER C7 FLT4'!$A$4:$A$340&'ER C7 FLT4'!$B$4:$B$340-1,1),8),IF($O8=\"Class_6\",INDEX('ER C6 FLT4'!$A$4:$J$340,MATCH(DropData!$J54&$C8,'ER C6 FLT4'!$A$4:$A$340&'ER C6 FLT4'!$B$4:$B$340-1,1),8)))))))))","v":false},{"$f":"IF(OR($R8=\"Diesel\",$R8=\"Zero Emission\",$R8=\"Hybrid\",$R8=\"Hybrid Zero-Mile\",$R8=\"Low NOx\",$R8=\"LNG/CNG\"),IF($B8=\"3 Trucks\",IF(OR($O8=\"Class_8\",$N8=\"Replacement8HHD\",$AI8=\"CL7HHD\"),INDEX('ER C8 FLT3'!$A$4:$J$340,MATCH(DropData!$J54&$C8,'ER C8 FLT3'!$A$4:$A$340&'ER C8 FLT3'!$B$4:$B$340-2,1),8),IF($O8=\"Class_7\",INDEX('ER C7 FLT3'!$A$4:$J$340,MATCH(DropData!$J54&$C8,'ER C7 FLT3'!$A$4:$A$340&'ER C7 FLT3'!$B$4:$B$340-2,1),8),IF($O8=\"Class_6\",INDEX('ER C6 FLT3'!$A$4:$J$340,MATCH(DropData!$J54&$C8,'ER C6 FLT3'!$A$4:$A$340&'ER C6 FLT3'!$B$4:$B$340-2,1),8)))),IF($B8=\"2 Trucks\",IF(OR($O8=\"Class_8\",$N8=\"Replacement8HHD\",$AI8=\"CL7HHD\"),INDEX('ER C8 FLT2'!$A$4:$J$340,MATCH(DropData!$J54&$C8,'ER C8 FLT2'!$A$4:$A$340&'ER C8 FLT2'!$B$4:$B$340-2,1),8),IF($O8=\"Class_7\",INDEX('ER C7 FLT2'!$A$4:$J$340,MATCH(DropData!$J54&$C8,'ER C7 FLT2'!$A$4:$A$340&'ER C7 FLT2'!$B$4:$B$340-2,1),8),IF($O8=\"Class_6\",INDEX('ER C6 FLT2'!$A$4:$J$340,MATCH(DropData!$J54&$C8,'ER C6 FLT2'!$A$4:$A$340&'ER C6 FLT2'!$B$4:$B$340-2,1),8)))),IF($B8=\"1 Truck\",IF(OR($O8=\"Class_8\",$N8=\"Replacement8HHD\",$AI8=\"CL7HHD\"),INDEX('ER C8 FLT1'!$A$4:$J$340,MATCH(DropData!$J54&$C8,'ER C8 FLT1'!$A$4:$A$340&'ER C8 FLT1'!$B$4:$B$340-2,1),8),IF($O8=\"Class_7\",INDEX('ER C7 FLT1'!$A$4:$J$340,MATCH(DropData!$J54&$C8,'ER C7 FLT1'!$A$4:$A$340&'ER C7 FLT1'!$B$4:$B$340-2,1),8),IF($O8=\"Class_6\",INDEX('ER C6 FLT1'!$A$4:$J$340,MATCH(DropData!$J54&$C8,'ER C6 FLT1'!$A$4:$A$340&'ER C6 FLT1'!$B$4:$B$340-2,1),8)))),IF($B8=\"4+ Trucks\",IF(OR($O8=\"Class_8\",$N8=\"Replacement8HHD\",$AI8=\"CL7HHD\"),INDEX('ER C8 FLT4'!$A$4:$J$340,MATCH(DropData!$J54&$C8,'ER C8 FLT4'!$A$4:$A$340&'ER C8 FLT4'!$B$4:$B$340-2,1),8),IF($O8=\"Class_7\",INDEX('ER C7 FLT4'!$A$4:$J$340,MATCH(DropData!$J54&$C8,'ER C7 FLT4'!$A$4:$A$340&'ER C7 FLT4'!$B$4:$B$340-2,1),8),IF($O8=\"Class_6\",INDEX('ER C6 FLT4'!$A$4:$J$340,MATCH(DropData!$J54&$C8,'ER C6 FLT4'!$A$4:$A$340&'ER C6 FLT4'!$B$4:$B$340-2,1),8)))))))))","v":false},{"$f":"IF(OR($R8=\"Diesel\",$R8=\"Zero Emission\",$R8=\"Hybrid\",$R8=\"Hybrid Zero-Mile\",$R8=\"Low NOx\",$R8=\"LNG/CNG\"),IF($B8=\"3 Trucks\",IF(OR($O8=\"Class_8\",$N8=\"Replacement8HHD\",$AI8=\"CL7HHD\"),INDEX('ER C8 FLT3'!$A$4:$J$340,MATCH(DropData!$J54&$C8,'ER C8 FLT3'!$A$4:$A$340&'ER C8 FLT3'!$B$4:$B$340-3,1),8),IF($O8=\"Class_7\",INDEX('ER C7 FLT3'!$A$4:$J$340,MATCH(DropData!$J54&$C8,'ER C7 FLT3'!$A$4:$A$340&'ER C7 FLT3'!$B$4:$B$340-3,1),8),IF($O8=\"Class_6\",INDEX('ER C6 FLT3'!$A$4:$J$340,MATCH(DropData!$J54&$C8,'ER C6 FLT3'!$A$4:$A$340&'ER C6 FLT3'!$B$4:$B$340-3,1),8)))),IF($B8=\"2 Trucks\",IF(OR($O8=\"Class_8\",$N8=\"Replacement8HHD\",$AI8=\"CL7HHD\"),INDEX('ER C8 FLT2'!$A$4:$J$340,MATCH(DropData!$J54&$C8,'ER C8 FLT2'!$A$4:$A$340&'ER C8 FLT2'!$B$4:$B$340-3,1),8),IF($O8=\"Class_7\",INDEX('ER C7 FLT2'!$A$4:$J$340,MATCH(DropData!$J54&$C8,'ER C7 FLT2'!$A$4:$A$340&'ER C7 FLT2'!$B$4:$B$340-3,1),8),IF($O8=\"Class_6\",INDEX('ER C6 FLT2'!$A$4:$J$340,MATCH(DropData!$J54&$C8,'ER C6 FLT2'!$A$4:$A$340&'ER C6 FLT2'!$B$4:$B$340-3,1),8)))),IF($B8=\"1 Truck\",IF(OR($O8=\"Class_8\",$N8=\"Replacement8HHD\",$AI8=\"CL7HHD\"),INDEX('ER C8 FLT1'!$A$4:$J$340,MATCH(DropData!$J54&$C8,'ER C8 FLT1'!$A$4:$A$340&'ER C8 FLT1'!$B$4:$B$340-3,1),8),IF($O8=\"Class_7\",INDEX('ER C7 FLT1'!$A$4:$J$340,MATCH(DropData!$J54&$C8,'ER C7 FLT1'!$A$4:$A$340&'ER C7 FLT1'!$B$4:$B$340-3,1),8),IF($O8=\"Class_6\",INDEX('ER C6 FLT1'!$A$4:$J$340,MATCH(DropData!$J54&$C8,'ER C6 FLT1'!$A$4:$A$340&'ER C6 FLT1'!$B$4:$B$340-3,1),8)))),IF($B8=\"4+ Trucks\",IF(OR($O8=\"Class_8\",$N8=\"Replacement8HHD\",$AI8=\"CL7HHD\"),INDEX('ER C8 FLT4'!$A$4:$J$340,MATCH(DropData!$J54&$C8,'ER C8 FLT4'!$A$4:$A$340&'ER C8 FLT4'!$B$4:$B$340-3,1),8),IF($O8=\"Class_7\",INDEX('ER C7 FLT4'!$A$4:$J$340,MATCH(DropData!$J54&$C8,'ER C7 FLT4'!$A$4:$A$340&'ER C7 FLT4'!$B$4:$B$340-3,1),8),IF($O8=\"Class_6\",INDEX('ER C6 FLT4'!$A$4:$J$340,MATCH(DropData!$J54&$C8,'ER C6 FLT4'!$A$4:$A$340&'ER C6 FLT4'!$B$4:$B$340-3,1),8)))))))))","v":false},{"$f":"IF(OR($R8=\"Diesel\",$R8=\"Zero Emission\",$R8=\"Hybrid\",$R8=\"Hybrid Zero-Mile\",$R8=\"Low NOx\",$R8=\"LNG/CNG\"),IF($B8=\"3 Trucks\",IF(OR($O8=\"Class_8\",$N8=\"Replacement8HHD\",$AI8=\"CL7HHD\"),INDEX('ER C8 FLT3'!$A$4:$J$340,MATCH(DropData!$J54&$C8,'ER C8 FLT3'!$A$4:$A$340&'ER C8 FLT3'!$B$4:$B$340-4,1),8),IF($O8=\"Class_7\",INDEX('ER C7 FLT3'!$A$4:$J$340,MATCH(DropData!$J54&$C8,'ER C7 FLT3'!$A$4:$A$340&'ER C7 FLT3'!$B$4:$B$340-4,1),8),IF($O8=\"Class_6\",INDEX('ER C6 FLT3'!$A$4:$J$340,MATCH(DropData!$J54&$C8,'ER C6 FLT3'!$A$4:$A$340&'ER C6 FLT3'!$B$4:$B$340-4,1),8)))),IF($B8=\"2 Trucks\",IF(OR($O8=\"Class_8\",$N8=\"Replacement8HHD\",$AI8=\"CL7HHD\"),INDEX('ER C8 FLT2'!$A$4:$J$340,MATCH(DropData!$J54&$C8,'ER C8 FLT2'!$A$4:$A$340&'ER C8 FLT2'!$B$4:$B$340-4,1),8),IF($O8=\"Class_7\",INDEX('ER C7 FLT2'!$A$4:$J$340,MATCH(DropData!$J54&$C8,'ER C7 FLT2'!$A$4:$A$340&'ER C7 FLT2'!$B$4:$B$340-4,1),8),IF($O8=\"Class_6\",INDEX('ER C6 FLT2'!$A$4:$J$340,MATCH(DropData!$J54&$C8,'ER C6 FLT2'!$A$4:$A$340&'ER C6 FLT2'!$B$4:$B$340-4,1),8)))),IF($B8=\"1 Truck\",IF(OR($O8=\"Class_8\",$N8=\"Replacement8HHD\",$AI8=\"CL7HHD\"),INDEX('ER C8 FLT1'!$A$4:$J$340,MATCH(DropData!$J54&$C8,'ER C8 FLT1'!$A$4:$A$340&'ER C8 FLT1'!$B$4:$B$340-4,1),8),IF($O8=\"Class_7\",INDEX('ER C7 FLT1'!$A$4:$J$340,MATCH(DropData!$J54&$C8,'ER C7 FLT1'!$A$4:$A$340&'ER C7 FLT1'!$B$4:$B$340-4,1),8),IF($O8=\"Class_6\",INDEX('ER C6 FLT1'!$A$4:$J$340,MATCH(DropData!$J54&$C8,'ER C6 FLT1'!$A$4:$A$340&'ER C6 FLT1'!$B$4:$B$340-4,1),8)))),IF($B8=\"4+ Trucks\",IF(OR($O8=\"Class_8\",$N8=\"Replacement8HHD\",$AI8=\"CL7HHD\"),INDEX('ER C8 FLT4'!$A$4:$J$340,MATCH(DropData!$J54&$C8,'ER C8 FLT4'!$A$4:$A$340&'ER C8 FLT4'!$B$4:$B$340-4,1),8),IF($O8=\"Class_7\",INDEX('ER C7 FLT4'!$A$4:$J$340,MATCH(DropData!$J54&$C8,'ER C7 FLT4'!$A$4:$A$340&'ER C7 FLT4'!$B$4:$B$340-4,1),8),IF($O8=\"Class_6\",INDEX('ER C6 FLT4'!$A$4:$J$340,MATCH(DropData!$J54&$C8,'ER C6 FLT4'!$A$4:$A$340&'ER C6 FLT4'!$B$4:$B$340-4,1),8)))))))))","v":false},{"$f":"MAX(0,(AL8-AV8))","v":0},{"$f":"MAX((IF($B8=\"4+ Trucks\",IF($Z8=\"Class_8\",INDEX('ER C8 FLT4'!$A$4:$J$340,MATCH($W8&$C8,'ER C8 FLT4'!$A$4:$A$340&'ER C8 FLT4'!$B$4:$B$340,1),8)*IF($Z8=\"Class_8\",INDEX('ER C8 FLT4'!$A$4:$J$340,MATCH($W8&$C8,'ER C8 FLT4'!$A$4:$A$340&'ER C8 FLT4'!$B$4:$B$340,1),9)),IF($Z8=\"Class_7\",INDEX('ER C7 FLT4'!$A$4:$J$340,MATCH($W8&$C8,'ER C7 FLT4'!$A$4:$A$340&'ER C7 FLT4'!$B$4:$B$340,1),8)*IF($Z8=\"Class_7\",INDEX('ER C7 FLT4'!$A$4:$J$340,MATCH($W8&$C8,'ER C7 FLT4'!$A$4:$A$340&'ER C7 FLT4'!$B$4:$B$340,1),9)),IF($Z8=\"Class_6\",INDEX('ER C6 FLT4'!$A$4:$J$340,MATCH($W8&$C8,'ER C6 FLT4'!$A$4:$A$340&'ER C6 FLT4'!$B$4:$B$340,1),8)*IF($Z8=\"Class_6\",INDEX('ER C6 FLT4'!$A$4:$L$340,MATCH($W8&$C8,'ER C6 FLT4'!$A$4:$A$340&'ER C6 FLT4'!$B$4:$B$340,1),9))))),\nIF($B8=\"2 Trucks\",IF($Z8=\"Class_8\",INDEX('ER C8 FLT2'!$A$4:$J$340,MATCH($W8&$C8,'ER C8 FLT2'!$A$4:$A$340&'ER C8 FLT2'!$B$4:$B$340,1),8)*IF($Z8=\"Class_8\",INDEX('ER C8 FLT2'!$A$4:$J$340,MATCH($W8&$C8,'ER C8 FLT2'!$A$4:$A$340&'ER C8 FLT2'!$B$4:$B$340,1),9)),IF($Z8=\"Class_7\",INDEX('ER C7 FLT2'!$A$4:$J$340,MATCH($W8&$C8,'ER C7 FLT2'!$A$4:$A$340&'ER C7 FLT2'!$B$4:$B$340,1),8)*IF($Z8=\"Class_7\",INDEX('ER C7 FLT2'!$A$4:$J$340,MATCH($W8&$C8,'ER C7 FLT2'!$A$4:$A$340&'ER C7 FLT2'!$B$4:$B$340,1),9)),IF($Z8=\"Class_6\",INDEX('ER C6 FLT2'!$A$4:$J$340,MATCH($W8&$C8,'ER C6 FLT2'!$A$4:$A$340&'ER C6 FLT2'!$B$4:$B$340,1),8)*IF($Z8=\"Class_6\",INDEX('ER C6 FLT2'!$A$4:$J$340,MATCH($W8&$C8,'ER C6 FLT2'!$A$4:$A$340&'ER C6 FLT2'!$B$4:$B$340,1),9))))),\nIF($B8=\"1 Truck\",IF($Z8=\"Class_8\",INDEX('ER C8 FLT1'!$A$4:$J$340,MATCH($W8&$C8,'ER C8 FLT1'!$A$4:$A$340&'ER C8 FLT1'!$B$4:$B$340,1),8)*IF($Z8=\"Class_8\",INDEX('ER C8 FLT1'!$A$4:$J$340,MATCH($W8&$C8,'ER C8 FLT1'!$A$4:$A$340&'ER C8 FLT1'!$B$4:$B$340,1),9)),IF($Z8=\"Class_7\",INDEX('ER C7 FLT1'!$A$4:$J$340,MATCH($W8&$C8,'ER C7 FLT1'!$A$4:$A$340&'ER C7 FLT1'!$B$4:$B$340,1),8)*IF($Z8=\"Class_7\",INDEX('ER C7 FLT1'!$A$4:$J$340,MATCH($W8&$C8,'ER C7 FLT1'!$A$4:$A$340&'ER C7 FLT1'!$B$4:$B$340,1),9)),IF($Z8=\"Class_6\",INDEX('ER C6 FLT1'!$A$4:$J$340,MATCH($W8&$C8,'ER C6 FLT1'!$A$4:$A$340&'ER C6 FLT1'!$B$4:$B$340,1),8)*IF($Z8=\"Class_6\",INDEX('ER C6 FLT1'!$A$4:$J$340,MATCH($W8&$C8,'ER C6 FLT1'!$A$4:$A$340&'ER C6 FLT1'!$B$4:$B$340,1),9)),\n))),IF($B8=\"3 Trucks\",IF($Z8=\"Class_8\",INDEX('ER C8 FLT3'!$A$4:$J$340,MATCH($W8&$C8,'ER C8 FLT3'!$A$4:$A$340&'ER C8 FLT3'!$B$4:$B$340,1),8)*IF($Z8=\"Class_8\",INDEX('ER C8 FLT3'!$A$4:$J$340,MATCH($W8&$C8,'ER C8 FLT3'!$A$4:$A$340&'ER C8 FLT3'!$B$4:$B$340,1),9)),IF($Z8=\"Class_7\",INDEX('ER C7 FLT3'!$A$4:$J$340,MATCH($W8&$C8,'ER C7 FLT3'!$A$4:$A$340&'ER C7 FLT3'!$B$4:$B$340,1),8)*IF($Z8=\"Class_7\",INDEX('ER C7 FLT3'!$A$4:$J$340,MATCH($W8&$C8,'ER C7 FLT3'!$A$4:$A$340&'ER C7 FLT3'!$B$4:$B$340,1),9)),IF($Z8=\"Class_6\",INDEX('ER C6 FLT3'!$A$4:$J$340,MATCH($W8&$C8,'ER C6 FLT3'!$A$4:$A$340&'ER C6 FLT3'!$B$4:$B$340,1),8)*IF($Z8=\"Class_6\",INDEX('ER C6 FLT3'!$A$4:$L$340,MATCH($W8&$C8,'ER C6 FLT3'!$A$4:$A$340&'ER C6 FLT3'!$B$4:$B$340,1),9)))))))))\n*IF($X8=\"Level 1 PM\",0.75,IF($X8=\"Level 2 PM\",0.5,IF($X8=\"Level 3 PM\",0,IF($X8=\"Level 3 PM + Mark I NOx\",0,1))))*($AC8/453.6)-IF(BF8=0,AV8,0)),0)","v":0},{"$f":"IFERROR(MAX(0,BF8+BG8),\"0.00\")","v":0},{"$f":"MAX(0,AM8-AW8)","v":0},{"$f":"MAX((IF($B8=\"4+ Trucks\",IF($Z8=\"Class_8\",INDEX('ER C8 FLT4'!$A$4:$J$340,MATCH($W8&$C8,'ER C8 FLT4'!$A$4:$A$340&'ER C8 FLT4'!$B$4:$B$340-1,1),8)*IF($Z8=\"Class_8\",INDEX('ER C8 FLT4'!$A$4:$J$340,MATCH($W8&$C8,'ER C8 FLT4'!$A$4:$A$340&'ER C8 FLT4'!$B$4:$B$340-1,1),9)),IF($Z8=\"Class_7\",INDEX('ER C7 FLT4'!$A$4:$J$340,MATCH($W8&$C8,'ER C7 FLT4'!$A$4:$A$340&'ER C7 FLT4'!$B$4:$B$340-1,1),8)*IF($Z8=\"Class_7\",INDEX('ER C7 FLT4'!$A$4:$J$340,MATCH($W8&$C8,'ER C7 FLT4'!$A$4:$A$340&'ER C7 FLT4'!$B$4:$B$340-1,1),9)),IF($Z8=\"Class_6\",INDEX('ER C6 FLT4'!$A$4:$J$340,MATCH($W8&$C8,'ER C6 FLT4'!$A$4:$A$340&'ER C6 FLT4'!$B$4:$B$340-1,1),8)*IF($Z8=\"Class_6\",INDEX('ER C6 FLT4'!$A$4:$L$340,MATCH($W8&$C8,'ER C6 FLT4'!$A$4:$A$340&'ER C6 FLT4'!$B$4:$B$340-1,1),9))))),\nIF($B8=\"2 Trucks\",IF($Z8=\"Class_8\",INDEX('ER C8 FLT2'!$A$4:$J$340,MATCH($W8&$C8,'ER C8 FLT2'!$A$4:$A$340&'ER C8 FLT2'!$B$4:$B$340-1,1),8)*IF($Z8=\"Class_8\",INDEX('ER C8 FLT2'!$A$4:$J$340,MATCH($W8&$C8,'ER C8 FLT2'!$A$4:$A$340&'ER C8 FLT2'!$B$4:$B$340-1,1),9)),IF($Z8=\"Class_7\",INDEX('ER C7 FLT2'!$A$4:$J$340,MATCH($W8&$C8,'ER C7 FLT2'!$A$4:$A$340&'ER C7 FLT2'!$B$4:$B$340-1,1),8)*IF($Z8=\"Class_7\",INDEX('ER C7 FLT2'!$A$4:$J$340,MATCH($W8&$C8,'ER C7 FLT2'!$A$4:$A$340&'ER C7 FLT2'!$B$4:$B$340-1,1),9)),IF($Z8=\"Class_6\",INDEX('ER C6 FLT2'!$A$4:$J$340,MATCH($W8&$C8,'ER C6 FLT2'!$A$4:$A$340&'ER C6 FLT2'!$B$4:$B$340-1,1),8)*IF($Z8=\"Class_6\",INDEX('ER C6 FLT2'!$A$4:$J$340,MATCH($W8&$C8,'ER C6 FLT2'!$A$4:$A$340&'ER C6 FLT2'!$B$4:$B$340-1,1),9))))),\nIF($B8=\"1 Truck\",IF($Z8=\"Class_8\",INDEX('ER C8 FLT1'!$A$4:$J$340,MATCH($W8&$C8,'ER C8 FLT1'!$A$4:$A$340&'ER C8 FLT1'!$B$4:$B$340-1,1),8)*IF($Z8=\"Class_8\",INDEX('ER C8 FLT1'!$A$4:$J$340,MATCH($W8&$C8,'ER C8 FLT1'!$A$4:$A$340&'ER C8 FLT1'!$B$4:$B$340-1,1),9)),IF($Z8=\"Class_7\",INDEX('ER C7 FLT1'!$A$4:$J$340,MATCH($W8&$C8,'ER C7 FLT1'!$A$4:$A$340&'ER C7 FLT1'!$B$4:$B$340-1,1),8)*IF($Z8=\"Class_7\",INDEX('ER C7 FLT1'!$A$4:$J$340,MATCH($W8&$C8,'ER C7 FLT1'!$A$4:$A$340&'ER C7 FLT1'!$B$4:$B$340-1,1),9)),IF($Z8=\"Class_6\",INDEX('ER C6 FLT1'!$A$4:$J$340,MATCH($W8&$C8,'ER C6 FLT1'!$A$4:$A$340&'ER C6 FLT1'!$B$4:$B$340-1,1),8)*IF($Z8=\"Class_6\",INDEX('ER C6 FLT1'!$A$4:$J$340,MATCH($W8&$C8,'ER C6 FLT1'!$A$4:$A$340&'ER C6 FLT1'!$B$4:$B$340-1,1),9))))),IF($B8=\"3 Trucks\",IF($Z8=\"Class_8\",INDEX('ER C8 FLT3'!$A$4:$J$340,MATCH($W8&$C8,'ER C8 FLT3'!$A$4:$A$340&'ER C8 FLT3'!$B$4:$B$340-1,1),8)*IF($Z8=\"Class_8\",INDEX('ER C8 FLT3'!$A$4:$J$340,MATCH($W8&$C8,'ER C8 FLT3'!$A$4:$A$340&'ER C8 FLT3'!$B$4:$B$340-1,1),9)),IF($Z8=\"Class_7\",INDEX('ER C7 FLT3'!$A$4:$J$340,MATCH($W8&$C8,'ER C7 FLT3'!$A$4:$A$340&'ER C7 FLT3'!$B$4:$B$340-1,1),8)*IF($Z8=\"Class_7\",INDEX('ER C7 FLT3'!$A$4:$J$340,MATCH($W8&$C8,'ER C7 FLT3'!$A$4:$A$340&'ER C7 FLT3'!$B$4:$B$340-1,1),9)),IF($Z8=\"Class_6\",INDEX('ER C6 FLT3'!$A$4:$J$340,MATCH($W8&$C8,'ER C6 FLT3'!$A$4:$A$340&'ER C6 FLT3'!$B$4:$B$340-1,1),8)*IF($Z8=\"Class_6\",INDEX('ER C6 FLT3'!$A$4:$L$340,MATCH($W8&$C8,'ER C6 FLT3'!$A$4:$A$340&'ER C6 FLT3'!$B$4:$B$340-1,1),9)))))))))\n*IF($X8=\"Level 1 PM\",0.75,IF($X8=\"Level 2 PM\",0.5,IF($X8=\"Level 3 PM\",0,IF($X8=\"Level 3 PM + Mark I NOx\",0,1))))*($AC8/453.6)-IF(BI8=0,AW8,0)),0)","v":0},{"$f":"MAX(0,BI8+BJ8)","v":0},{"$f":"MAX(0,AN8-AX8)","v":0},{"$f":"MAX((IF($B8=\"4+ Trucks\",IF($Z8=\"Class_8\",INDEX('ER C8 FLT4'!$A$4:$J$340,MATCH($W8&$C8,'ER C8 FLT4'!$A$4:$A$340&'ER C8 FLT4'!$B$4:$B$340-2,1),8)*IF($Z8=\"Class_8\",INDEX('ER C8 FLT4'!$A$4:$J$340,MATCH($W8&$C8,'ER C8 FLT4'!$A$4:$A$340&'ER C8 FLT4'!$B$4:$B$340-2,1),9)),IF($Z8=\"Class_7\",INDEX('ER C7 FLT4'!$A$4:$J$340,MATCH($W8&$C8,'ER C7 FLT4'!$A$4:$A$340&'ER C7 FLT4'!$B$4:$B$340-2,1),8)*IF($Z8=\"Class_7\",INDEX('ER C7 FLT4'!$A$4:$J$340,MATCH($W8&$C8,'ER C7 FLT4'!$A$4:$A$340&'ER C7 FLT4'!$B$4:$B$340-2,1),9)),IF($Z8=\"Class_6\",INDEX('ER C6 FLT4'!$A$4:$J$340,MATCH($W8&$C8,'ER C6 FLT4'!$A$4:$A$340&'ER C6 FLT4'!$B$4:$B$340-2,1),8)*IF($Z8=\"Class_6\",INDEX('ER C6 FLT4'!$A$4:$L$340,MATCH($W8&$C8,'ER C6 FLT4'!$A$4:$A$340&'ER C6 FLT4'!$B$4:$B$340-2,1),9))))),\nIF($B8=\"2 Trucks\",IF($Z8=\"Class_8\",INDEX('ER C8 FLT2'!$A$4:$J$340,MATCH($W8&$C8,'ER C8 FLT2'!$A$4:$A$340&'ER C8 FLT2'!$B$4:$B$340-2,1),8)*IF($Z8=\"Class_8\",INDEX('ER C8 FLT2'!$A$4:$J$340,MATCH($W8&$C8,'ER C8 FLT2'!$A$4:$A$340&'ER C8 FLT2'!$B$4:$B$340-2,1),9)),IF($Z8=\"Class_7\",INDEX('ER C7 FLT2'!$A$4:$J$340,MATCH($W8&$C8,'ER C7 FLT2'!$A$4:$A$340&'ER C7 FLT2'!$B$4:$B$340-2,1),8)*IF($Z8=\"Class_7\",INDEX('ER C7 FLT2'!$A$4:$J$340,MATCH($W8&$C8,'ER C7 FLT2'!$A$4:$A$340&'ER C7 FLT2'!$B$4:$B$340-2,1),9)),IF($Z8=\"Class_6\",INDEX('ER C6 FLT2'!$A$4:$J$340,MATCH($W8&$C8,'ER C6 FLT2'!$A$4:$A$340&'ER C6 FLT2'!$B$4:$B$340-2,1),8)*IF($Z8=\"Class_6\",INDEX('ER C6 FLT2'!$A$4:$J$340,MATCH($W8&$C8,'ER C6 FLT2'!$A$4:$A$340&'ER C6 FLT2'!$B$4:$B$340-2,1),9))))),\nIF($B8=\"1 Truck\",IF($Z8=\"Class_8\",INDEX('ER C8 FLT1'!$A$4:$J$340,MATCH($W8&$C8,'ER C8 FLT1'!$A$4:$A$340&'ER C8 FLT1'!$B$4:$B$340-2,1),8)*IF($Z8=\"Class_8\",INDEX('ER C8 FLT1'!$A$4:$J$340,MATCH($W8&$C8,'ER C8 FLT1'!$A$4:$A$340&'ER C8 FLT1'!$B$4:$B$340-2,1),9)),IF($Z8=\"Class_7\",INDEX('ER C7 FLT1'!$A$4:$J$340,MATCH($W8&$C8,'ER C7 FLT1'!$A$4:$A$340&'ER C7 FLT1'!$B$4:$B$340-2,1),8)*IF($Z8=\"Class_7\",INDEX('ER C7 FLT1'!$A$4:$J$340,MATCH($W8&$C8,'ER C7 FLT1'!$A$4:$A$340&'ER C7 FLT1'!$B$4:$B$340-2,1),9)),IF($Z8=\"Class_6\",INDEX('ER C6 FLT1'!$A$4:$J$340,MATCH($W8&$C8,'ER C6 FLT1'!$A$4:$A$340&'ER C6 FLT1'!$B$4:$B$340-2,1),8)*IF($Z8=\"Class_6\",INDEX('ER C6 FLT1'!$A$4:$J$340,MATCH($W8&$C8,'ER C6 FLT1'!$A$4:$A$340&'ER C6 FLT1'!$B$4:$B$340-2,1),9))))),IF($B8=\"3 Trucks\",IF($Z8=\"Class_8\",INDEX('ER C8 FLT3'!$A$4:$J$340,MATCH($W8&$C8,'ER C8 FLT3'!$A$4:$A$340&'ER C8 FLT3'!$B$4:$B$340-2,1),8)*IF($Z8=\"Class_8\",INDEX('ER C8 FLT3'!$A$4:$J$340,MATCH($W8&$C8,'ER C8 FLT3'!$A$4:$A$340&'ER C8 FLT3'!$B$4:$B$340-2,1),9)),IF($Z8=\"Class_7\",INDEX('ER C7 FLT3'!$A$4:$J$340,MATCH($W8&$C8,'ER C7 FLT3'!$A$4:$A$340&'ER C7 FLT3'!$B$4:$B$340-2,1),8)*IF($Z8=\"Class_7\",INDEX('ER C7 FLT3'!$A$4:$J$340,MATCH($W8&$C8,'ER C7 FLT3'!$A$4:$A$340&'ER C7 FLT3'!$B$4:$B$340-2,1),9)),IF($Z8=\"Class_6\",INDEX('ER C6 FLT1'!$A$4:$J$340,MATCH($W8&$C8,'ER C6 FLT1'!$A$4:$A$340&'ER C6 FLT1'!$B$4:$B$340-2,1),8)*IF($Z8=\"Class_6\",INDEX('ER C6 FLT1'!$A$4:$J$340,MATCH($W8&$C8,'ER C6 FLT1'!$A$4:$A$340&'ER C6 FLT1'!$B$4:$B$340-2,1),9)))))))))*IF($X8=\"Level 1 PM\",0.75,IF($X8=\"Level 2 PM\",0.5,IF($X8=\"Level 3 PM\",0,IF($X8=\"Level 3 PM + Mark I NOx\",0,1))))*($AC8/453.6)-IF(BL8=0,AX8,0)),0)","v":0},{"$f":"MAX(0,BL8+BM8)","v":0},{"$f":"MAX(0,AO8-AY8)","v":0},{"$f":"MAX((IF($B8=\"4+ Trucks\",IF($Z8=\"Class_8\",INDEX('ER C8 FLT4'!$A$4:$J$340,MATCH($W8&$C8,'ER C8 FLT4'!$A$4:$A$340&'ER C8 FLT4'!$B$4:$B$340-3,1),8)*IF($Z8=\"Class_8\",INDEX('ER C8 FLT4'!$A$4:$J$340,MATCH($W8&$C8,'ER C8 FLT4'!$A$4:$A$340&'ER C8 FLT4'!$B$4:$B$340-3,1),9)),IF($Z8=\"Class_7\",INDEX('ER C7 FLT4'!$A$4:$J$340,MATCH($W8&$C8,'ER C7 FLT4'!$A$4:$A$340&'ER C7 FLT4'!$B$4:$B$340-3,1),8)*IF($Z8=\"Class_7\",INDEX('ER C7 FLT4'!$A$4:$J$340,MATCH($W8&$C8,'ER C7 FLT4'!$A$4:$A$340&'ER C7 FLT4'!$B$4:$B$340-3,1),9)),IF($Z8=\"Class_6\",INDEX('ER C6 FLT4'!$A$4:$J$340,MATCH($W8&$C8,'ER C6 FLT4'!$A$4:$A$340&'ER C6 FLT4'!$B$4:$B$340-3,1),8)*IF($Z8=\"Class_6\",INDEX('ER C6 FLT4'!$A$4:$L$340,MATCH($W8&$C8,'ER C6 FLT4'!$A$4:$A$340&'ER C6 FLT4'!$B$4:$B$340-3,1),9))))),\nIF($B8=\"2 Trucks\",IF($Z8=\"Class_8\",INDEX('ER C8 FLT2'!$A$4:$J$340,MATCH($W8&$C8,'ER C8 FLT2'!$A$4:$A$340&'ER C8 FLT2'!$B$4:$B$340-3,1),8)*IF($Z8=\"Class_8\",INDEX('ER C8 FLT2'!$A$4:$J$340,MATCH($W8&$C8,'ER C8 FLT2'!$A$4:$A$340&'ER C8 FLT2'!$B$4:$B$340-3,1),9)),IF($Z8=\"Class_7\",INDEX('ER C7 FLT2'!$A$4:$J$340,MATCH($W8&$C8,'ER C7 FLT2'!$A$4:$A$340&'ER C7 FLT2'!$B$4:$B$340-3,1),8)*IF($Z8=\"Class_7\",INDEX('ER C7 FLT2'!$A$4:$J$340,MATCH($W8&$C8,'ER C7 FLT2'!$A$4:$A$340&'ER C7 FLT2'!$B$4:$B$340-3,1),9)),IF($Z8=\"Class_6\",INDEX('ER C6 FLT2'!$A$4:$J$340,MATCH($W8&$C8,'ER C6 FLT2'!$A$4:$A$340&'ER C6 FLT2'!$B$4:$B$340-3,1),8)*IF($Z8=\"Class_6\",INDEX('ER C6 FLT2'!$A$4:$J$340,MATCH($W8&$C8,'ER C6 FLT2'!$A$4:$A$340&'ER C6 FLT2'!$B$4:$B$340-3,1),9))))),\nIF($B8=\"1 Truck\",IF($Z8=\"Class_8\",INDEX('ER C8 FLT1'!$A$4:$J$340,MATCH($W8&$C8,'ER C8 FLT1'!$A$4:$A$340&'ER C8 FLT1'!$B$4:$B$340-3,1),8)*IF($Z8=\"Class_8\",INDEX('ER C8 FLT1'!$A$4:$J$340,MATCH($W8&$C8,'ER C8 FLT1'!$A$4:$A$340&'ER C8 FLT1'!$B$4:$B$340-3,1),9)),IF($Z8=\"Class_7\",INDEX('ER C7 FLT1'!$A$4:$J$340,MATCH($W8&$C8,'ER C7 FLT1'!$A$4:$A$340&'ER C7 FLT1'!$B$4:$B$340-3,1),8)*IF($Z8=\"Class_7\",INDEX('ER C7 FLT1'!$A$4:$J$340,MATCH($W8&$C8,'ER C7 FLT1'!$A$4:$A$340&'ER C7 FLT1'!$B$4:$B$340-3,1),9)),IF($Z8=\"Class_6\",INDEX('ER C6 FLT1'!$A$4:$J$340,MATCH($W8&$C8,'ER C6 FLT1'!$A$4:$A$340&'ER C6 FLT1'!$B$4:$B$340-3,1),8)*IF($Z8=\"Class_6\",INDEX('ER C6 FLT1'!$A$4:$J$340,MATCH($W8&$C8,'ER C6 FLT1'!$A$4:$A$340&'ER C6 FLT1'!$B$4:$B$340-3,1),9))))),IF($B8=\"3 Trucks\",IF($Z8=\"Class_8\",INDEX('ER C8 FLT3'!$A$4:$J$340,MATCH($W8&$C8,'ER C8 FLT3'!$A$4:$A$340&'ER C8 FLT3'!$B$4:$B$340-3,1),8)*IF($Z8=\"Class_8\",INDEX('ER C8 FLT3'!$A$4:$J$340,MATCH($W8&$C8,'ER C8 FLT3'!$A$4:$A$340&'ER C8 FLT3'!$B$4:$B$340-3,1),9)),IF($Z8=\"Class_7\",INDEX('ER C7 FLT3'!$A$4:$J$340,MATCH($W8&$C8,'ER C7 FLT3'!$A$4:$A$340&'ER C7 FLT3'!$B$4:$B$340-3,1),8)*IF($Z8=\"Class_7\",INDEX('ER C7 FLT3'!$A$4:$J$340,MATCH($W8&$C8,'ER C7 FLT3'!$A$4:$A$340&'ER C7 FLT3'!$B$4:$B$340-3,1),9)),IF($Z8=\"Class_6\",INDEX('ER C6 FLT3'!$A$4:$J$340,MATCH($W8&$C8,'ER C6 FLT3'!$A$4:$A$340&'ER C6 FLT3'!$B$4:$B$340-3,1),8)*IF($Z8=\"Class_6\",INDEX('ER C6 FLT3'!$A$4:$L$340,MATCH($W8&$C8,'ER C6 FLT3'!$A$4:$A$340&'ER C6 FLT3'!$B$4:$B$340-3,1),9)))))))))\n*IF($X8=\"Level 1 PM\",0.75,IF($X8=\"Level 2 PM\",0.5,IF($X8=\"Level 3 PM\",0,IF($X8=\"Level 3 PM + Mark I NOx\",0,1))))*($AC8/453.6)-IF(BO8=0,AY8,0)),0)","v":0},{"$f":"MAX(0,BO8+BP8)","v":0},{"$f":"MAX(0,AP8-AZ8)","v":0},{"$f":"MAX((IF($B8=\"4+ Trucks\",IF($Z8=\"Class_8\",INDEX('ER C8 FLT4'!$A$4:$J$340,MATCH($W8&$C8,'ER C8 FLT4'!$A$4:$A$340&'ER C8 FLT4'!$B$4:$B$340-4,1),8)*IF($Z8=\"Class_8\",INDEX('ER C8 FLT4'!$A$4:$J$340,MATCH($W8&$C8,'ER C8 FLT4'!$A$4:$A$340&'ER C8 FLT4'!$B$4:$B$340-4,1),9)),IF($Z8=\"Class_7\",INDEX('ER C7 FLT4'!$A$4:$J$340,MATCH($W8&$C8,'ER C7 FLT4'!$A$4:$A$340&'ER C7 FLT4'!$B$4:$B$340-4,1),8)*IF($Z8=\"Class_7\",INDEX('ER C7 FLT4'!$A$4:$J$340,MATCH($W8&$C8,'ER C7 FLT4'!$A$4:$A$340&'ER C7 FLT4'!$B$4:$B$340-4,1),9)),IF($Z8=\"Class_6\",INDEX('ER C6 FLT4'!$A$4:$J$340,MATCH($W8&$C8,'ER C6 FLT4'!$A$4:$A$340&'ER C6 FLT4'!$B$4:$B$340-4,1),8)*IF($Z8=\"Class_6\",INDEX('ER C6 FLT4'!$A$4:$L$340,MATCH($W8&$C8,'ER C6 FLT4'!$A$4:$A$340&'ER C6 FLT4'!$B$4:$B$340-4,1),9))))),\nIF($B8=\"2 Trucks\",IF($Z8=\"Class_8\",INDEX('ER C8 FLT2'!$A$4:$J$340,MATCH($W8&$C8,'ER C8 FLT2'!$A$4:$A$340&'ER C8 FLT2'!$B$4:$B$340-4,1),8)*IF($Z8=\"Class_8\",INDEX('ER C8 FLT2'!$A$4:$J$340,MATCH($W8&$C8,'ER C8 FLT2'!$A$4:$A$340&'ER C8 FLT2'!$B$4:$B$340-4,1),9)),IF($Z8=\"Class_7\",INDEX('ER C7 FLT2'!$A$4:$J$340,MATCH($W8&$C8,'ER C7 FLT2'!$A$4:$A$340&'ER C7 FLT2'!$B$4:$B$340-4,1),8)*IF($Z8=\"Class_7\",INDEX('ER C7 FLT2'!$A$4:$J$340,MATCH($W8&$C8,'ER C7 FLT2'!$A$4:$A$340&'ER C7 FLT2'!$B$4:$B$340-4,1),9)),IF($Z8=\"Class_6\",INDEX('ER C6 FLT2'!$A$4:$J$340,MATCH($W8&$C8,'ER C6 FLT2'!$A$4:$A$340&'ER C6 FLT2'!$B$4:$B$340-4,1),8)*IF($Z8=\"Class_6\",INDEX('ER C6 FLT2'!$A$4:$J$340,MATCH($W8&$C8,'ER C6 FLT2'!$A$4:$A$340&'ER C6 FLT2'!$B$4:$B$340-4,1),9))))),\nIF($B8=\"1 Truck\",IF($Z8=\"Class_8\",INDEX('ER C8 FLT1'!$A$4:$J$340,MATCH($W8&$C8,'ER C8 FLT1'!$A$4:$A$340&'ER C8 FLT1'!$B$4:$B$340-4,1),8)*IF($Z8=\"Class_8\",INDEX('ER C8 FLT1'!$A$4:$J$340,MATCH($W8&$C8,'ER C8 FLT1'!$A$4:$A$340&'ER C8 FLT1'!$B$4:$B$340-4,1),9)),IF($Z8=\"Class_7\",INDEX('ER C7 FLT1'!$A$4:$J$340,MATCH($W8&$C8,'ER C7 FLT1'!$A$4:$A$340&'ER C7 FLT1'!$B$4:$B$340-4,1),8)*IF($Z8=\"Class_7\",INDEX('ER C7 FLT1'!$A$4:$J$340,MATCH($W8&$C8,'ER C7 FLT1'!$A$4:$A$340&'ER C7 FLT1'!$B$4:$B$340-4,1),9)),IF($Z8=\"Class_6\",INDEX('ER C6 FLT1'!$A$4:$J$340,MATCH($W8&$C8,'ER C6 FLT1'!$A$4:$A$340&'ER C6 FLT1'!$B$4:$B$340-4,1),8)*IF($Z8=\"Class_6\",INDEX('ER C6 FLT1'!$A$4:$J$340,MATCH($W8&$C8,'ER C6 FLT1'!$A$4:$A$340&'ER C6 FLT1'!$B$4:$B$340-4,1),9))))),IF($B8=\"3 Trucks\",IF($Z8=\"Class_8\",INDEX('ER C8 FLT3'!$A$4:$J$340,MATCH($W8&$C8,'ER C8 FLT3'!$A$4:$A$340&'ER C8 FLT3'!$B$4:$B$340-4,1),8)*IF($Z8=\"Class_8\",INDEX('ER C8 FLT3'!$A$4:$J$340,MATCH($W8&$C8,'ER C8 FLT3'!$A$4:$A$340&'ER C8 FLT3'!$B$4:$B$340-4,1),9)),IF($Z8=\"Class_7\",INDEX('ER C7 FLT3'!$A$4:$J$340,MATCH($W8&$C8,'ER C7 FLT3'!$A$4:$A$340&'ER C7 FLT3'!$B$4:$B$340-4,1),8)*IF($Z8=\"Class_7\",INDEX('ER C7 FLT3'!$A$4:$J$340,MATCH($W8&$C8,'ER C7 FLT3'!$A$4:$A$340&'ER C7 FLT3'!$B$4:$B$340-4,1),9)),IF($Z8=\"Class_6\",INDEX('ER C6 FLT3'!$A$4:$J$340,MATCH($W8&$C8,'ER C6 FLT3'!$A$4:$A$340&'ER C6 FLT3'!$B$4:$B$340-4,1),8)*IF($Z8=\"Class_6\",INDEX('ER C6 FLT3'!$A$4:$L$340,MATCH($W8&$C8,'ER C6 FLT3'!$A$4:$A$340&'ER C6 FLT3'!$B$4:$B$340-4,1),9)))))))))\n*IF($X8=\"Level 1 PM\",0.75,IF($X8=\"Level 2 PM\",0.5,IF($X8=\"Level 3 PM\",0,IF($X8=\"Level 3 PM + Mark I NOx\",0,1))))*($AC8/453.6)-IF(BR8=0,AZ8,0)),0)","v":0},{"$f":"MAX(0,BR8+BS8)","v":0},{"$f":"(MAX(0,BH8+BK8+BN8+BQ8+BT8))","v":0},{"$f":"IF($B8=\"4+ Trucks\",IF(OR($H8=\"Class_8\",$N8=\"Replacement8HHD\",$AH8=\"CL7HHD\",$AJ8=\"CL7to8\"),INDEX('ER C8 FLT4'!$A$4:$J$340,MATCH($E8&$C8,'ER C8 FLT4'!$A$4:$A$340&'ER C8 FLT4'!$B$4:$B$340,1),5)*IF(OR($H8=\"Class_8\",$N8=\"Replacement8HHD\",$AH8=\"CL7HHD\",$AJ8=\"CL7to8\"),INDEX('ER C8 FLT4'!$A$4:$J$340,MATCH($E8&$C8,'ER C8 FLT4'!$A$4:$A$340&'ER C8 FLT4'!$B$4:$B$340,1),7)),IF($H8=\"Class_7\",INDEX('ER C7 FLT4'!$A$4:$J$340,MATCH($E8&$C8,'ER C7 FLT4'!$A$4:$A$340&'ER C7 FLT4'!$B$4:$B$340,1),5)*IF($H8=\"Class_7\",INDEX('ER C7 FLT4'!$A$4:$J$340,MATCH($E8&$C8,'ER C7 FLT4'!$A$4:$A$340&'ER C7 FLT4'!$B$4:$B$340,1),7)),\nIF($H8=\"Class_6\",INDEX('ER C6 FLT4'!$A$4:$J$340,MATCH($E8&$C8,'ER C6 FLT4'!$A$4:$A$340&'ER C6 FLT4'!$B$4:$B$340,1),5)*IF($H8=\"Class_6\",INDEX('ER C6 FLT4'!$A$4:$L$340,MATCH($E8&$C8,'ER C6 FLT4'!$A$4:$A$340&'ER C6 FLT4'!$B$4:$B$340,1),7))))),\nIF($B8=\"3 Trucks\",IF(OR($H8=\"Class_8\",$N8=\"Replacement8HHD\",$AH8=\"CL7HHD\",$AJ8=\"CL7to8\"),INDEX('ER C8 FLT3'!$A$4:$J$340,MATCH($E8&$C8,'ER C8 FLT3'!$A$4:$A$340&'ER C8 FLT3'!$B$4:$B$340,1),5)*IF(OR($H8=\"Class_8\",$N8=\"Replacement8HHD\",$AH8=\"CL7HHD\",$AJ8=\"CL7to8\"),INDEX('ER C8 FLT3'!$A$4:$J$340,MATCH($E8&$C8,'ER C8 FLT3'!$A$4:$A$340&'ER C8 FLT3'!$B$4:$B$340,1),7)),IF($H8=\"Class_7\",INDEX('ER C7 FLT3'!$A$4:$J$340,MATCH($E8&$C8,'ER C7 FLT3'!$A$4:$A$340&'ER C7 FLT3'!$B$4:$B$340,1),5)*IF($H8=\"Class_7\",INDEX('ER C7 FLT3'!$A$4:$J$340,MATCH($E8&$C8,'ER C7 FLT3'!$A$4:$A$340&'ER C7 FLT3'!$B$4:$B$340,1),7)),\nIF($H8=\"Class_6\",INDEX('ER C6 FLT3'!$A$4:$J$340,MATCH($E8&$C8,'ER C6 FLT3'!$A$4:$A$340&'ER C6 FLT3'!$B$4:$B$340,1),5)*IF($H8=\"Class_6\",INDEX('ER C6 FLT3'!$A$4:$L$340,MATCH($E8&$C8,'ER C6 FLT3'!$A$4:$A$340&'ER C6 FLT3'!$B$4:$B$340,1),7))))),\nIF($B8=\"2 Trucks\",IF(OR($H8=\"Class_8\",$N8=\"Replacement8HHD\",$AH8=\"CL7HHD\",$AJ8=\"CL7to8\"),INDEX('ER C8 FLT2'!$A$4:$J$340,MATCH($E8&$C8,'ER C8 FLT2'!$A$4:$A$340&'ER C8 FLT2'!$B$4:$B$340,1),5)*IF(OR($H8=\"Class_8\",$N8=\"Replacement8HHD\",$AH8=\"CL7HHD\",$AJ8=\"CL7to8\"),INDEX('ER C8 FLT2'!$A$4:$J$340,MATCH($E8&$C8,'ER C8 FLT2'!$A$4:$A$340&'ER C8 FLT2'!$B$4:$B$340,1),7)),IF($H8=\"Class_7\",INDEX('ER C7 FLT2'!$A$4:$J$340,MATCH($E8&$C8,'ER C7 FLT2'!$A$4:$A$340&'ER C7 FLT2'!$B$4:$B$340,1),5)*IF($H8=\"Class_7\",INDEX('ER C7 FLT2'!$A$4:$J$340,MATCH($E8&$C8,'ER C7 FLT2'!$A$4:$A$340&'ER C7 FLT2'!$B$4:$B$340,1),7)),IF($H8=\"Class_6\",INDEX('ER C6 FLT2'!$A$4:$J$340,MATCH($E8&$C8,'ER C6 FLT2'!$A$4:$A$340&'ER C6 FLT2'!$B$4:$B$340,1),5)*IF($H8=\"Class_6\",INDEX('ER C6 FLT2'!$A$4:$J$340,MATCH($E8&$C8,'ER C6 FLT2'!$A$4:$A$340&'ER C6 FLT2'!$B$4:$B$340,1),7))))),IF($B8=\"1 Truck\",\nIF(OR($H8=\"Class_8\",$N8=\"Replacement8HHD\",$AH8=\"CL7HHD\",$AJ8=\"CL7to8\"),INDEX('ER C8 FLT1'!$A$4:$J$340,MATCH($E8&$C8,'ER C8 FLT1'!$A$4:$A$340&'ER C8 FLT1'!$B$4:$B$340,1),5)*IF(OR($H8=\"Class_8\",$N8=\"Replacement8HHD\",$AH8=\"CL7HHD\",$AJ8=\"CL7to8\"),INDEX('ER C8 FLT1'!$A$4:$J$340,MATCH($E8&$C8,'ER C8 FLT1'!$A$4:$A$340&'ER C8 FLT1'!$B$4:$B$340,1),7)),IF($H8=\"Class_7\",INDEX('ER C7 FLT1'!$A$4:$J$340,MATCH($E8&$C8,'ER C7 FLT1'!$A$4:$A$340&'ER C7 FLT1'!$B$4:$B$340,1),5)*IF($H8=\"Class_7\",INDEX('ER C7 FLT1'!$A$4:$J$340,MATCH($E8&$C8,'ER C7 FLT1'!$A$4:$A$340&'ER C7 FLT1'!$B$4:$B$340,1),7)),\nIF($H8=\"Class_6\",INDEX('ER C6 FLT1'!$A$4:$J$340,MATCH($E8&$C8,'ER C6 FLT1'!$A$4:$A$340&'ER C6 FLT1'!$B$4:$B$340,1),5)*IF($H8=\"Class_6\",INDEX('ER C6 FLT1'!$A$4:$J$340,MATCH($E8&$C8,'ER C6 FLT1'!$A$4:$A$340&'ER C6 FLT1'!$B$4:$B$340,1),7))))))))*IF($F8=\"Level 1 PM + Mark I NOx\",0.75,1))*($Q8/453.6)","v":0},{"$f":"IF($B8=\"4+ Trucks\",IF(OR($H8=\"Class_8\",$N8=\"Replacement8HHD\",$AH8=\"CL7HHD\",$AJ8=\"CL7to8\"),INDEX('ER C8 FLT4'!$A$4:$J$340,MATCH($E8&$C8,'ER C8 FLT4'!$A$4:$A$340&'ER C8 FLT4'!$B$4:$B$340-1,1),5)*IF(OR($H8=\"Class_8\",$N8=\"Replacement8HHD\",$AH8=\"CL7HHD\",$AJ8=\"CL7to8\"),INDEX('ER C8 FLT4'!$A$4:$J$340,MATCH($E8&$C8,'ER C8 FLT4'!$A$4:$A$340&'ER C8 FLT4'!$B$4:$B$340-1,1),7)),IF($H8=\"Class_7\",INDEX('ER C7 FLT4'!$A$4:$J$340,MATCH($E8&$C8,'ER C7 FLT4'!$A$4:$A$340&'ER C7 FLT4'!$B$4:$B$340-1,1),5)*IF($H8=\"Class_7\",INDEX('ER C7 FLT4'!$A$4:$J$340,MATCH($E8&$C8,'ER C7 FLT4'!$A$4:$A$340&'ER C7 FLT4'!$B$4:$B$340-1,1),7)),\nIF($H8=\"Class_6\",INDEX('ER C6 FLT4'!$A$4:$J$340,MATCH($E8&$C8,'ER C6 FLT4'!$A$4:$A$340&'ER C6 FLT4'!$B$4:$B$340-1,1),5)*IF($H8=\"Class_6\",INDEX('ER C6 FLT4'!$A$4:$L$340,MATCH($E8&$C8,'ER C6 FLT4'!$A$4:$A$340&'ER C6 FLT4'!$B$4:$B$340-1,1),7))))),IF($B8=\"3 Trucks\",IF(OR($H8=\"Class_8\",$N8=\"Replacement8HHD\",$AH8=\"CL7HHD\",$AJ8=\"CL7to8\"),INDEX('ER C8 FLT3'!$A$4:$J$340,MATCH($E8&$C8,'ER C8 FLT3'!$A$4:$A$340&'ER C8 FLT3'!$B$4:$B$340-1,1),5)*IF(OR($H8=\"Class_8\",$N8=\"Replacement8HHD\",$AH8=\"CL7HHD\",$AJ8=\"CL7to8\"),INDEX('ER C8 FLT3'!$A$4:$J$340,MATCH($E8&$C8,'ER C8 FLT3'!$A$4:$A$340&'ER C8 FLT3'!$B$4:$B$340-1,1),7)),IF($H8=\"Class_7\",INDEX('ER C7 FLT3'!$A$4:$J$340,MATCH($E8&$C8,'ER C7 FLT3'!$A$4:$A$340&'ER C7 FLT3'!$B$4:$B$340-1,1),5)*IF($H8=\"Class_7\",INDEX('ER C7 FLT3'!$A$4:$J$340,MATCH($E8&$C8,'ER C7 FLT3'!$A$4:$A$340&'ER C7 FLT3'!$B$4:$B$340-1,1),7)),\nIF($H8=\"Class_6\",INDEX('ER C6 FLT3'!$A$4:$J$340,MATCH($E8&$C8,'ER C6 FLT3'!$A$4:$A$340&'ER C6 FLT3'!$B$4:$B$340-1,1),5)*IF($H8=\"Class_6\",INDEX('ER C6 FLT3'!$A$4:$L$340,MATCH($E8&$C8,'ER C6 FLT3'!$A$4:$A$340&'ER C6 FLT3'!$B$4:$B$340-1,1),7))))),IF($B8=\"2 Trucks\",IF(OR($H8=\"Class_8\",$N8=\"Replacement8HHD\",$AH8=\"CL7HHD\",$AJ8=\"CL7to8\"),INDEX('ER C8 FLT2'!$A$4:$J$340,MATCH($E8&$C8,'ER C8 FLT2'!$A$4:$A$340&'ER C8 FLT2'!$B$4:$B$340-1,1),5)*IF(OR($H8=\"Class_8\",$N8=\"Replacement8HHD\",$AH8=\"CL7HHD\",$AJ8=\"CL7to8\"),INDEX('ER C8 FLT2'!$A$4:$J$340,MATCH($E8&$C8,'ER C8 FLT2'!$A$4:$A$340&'ER C8 FLT2'!$B$4:$B$340-1,1),7)),IF($H8=\"Class_7\",INDEX('ER C7 FLT2'!$A$4:$J$340,MATCH($E8&$C8,'ER C7 FLT2'!$A$4:$A$340&'ER C7 FLT2'!$B$4:$B$340-1,1),5)*IF($H8=\"Class_7\",INDEX('ER C7 FLT2'!$A$4:$J$340,MATCH($E8&$C8,'ER C7 FLT2'!$A$4:$A$340&'ER C7 FLT2'!$B$4:$B$340-1,1),7)),IF($H8=\"Class_6\",INDEX('ER C6 FLT2'!$A$4:$J$340,MATCH($E8&$C8,'ER C6 FLT2'!$A$4:$A$340&'ER C6 FLT2'!$B$4:$B$340-1,1),5)*IF($H8=\"Class_6\",INDEX('ER C6 FLT2'!$A$4:$J$340,MATCH($E8&$C8,'ER C6 FLT2'!$A$4:$A$340&'ER C6 FLT2'!$B$4:$B$340-1,1),7))))),IF($B8=\"1 Truck\",\nIF(OR($H8=\"Class_8\",$N8=\"Replacement8HHD\",$AH8=\"CL7HHD\",$AJ8=\"CL7to8\"),INDEX('ER C8 FLT1'!$A$4:$J$340,MATCH($E8&$C8,'ER C8 FLT1'!$A$4:$A$340&'ER C8 FLT1'!$B$4:$B$340-1,1),5)*IF(OR($H8=\"Class_8\",$N8=\"Replacement8HHD\",$AH8=\"CL7HHD\",$AJ8=\"CL7to8\"),INDEX('ER C8 FLT1'!$A$4:$J$340,MATCH($E8&$C8,'ER C8 FLT1'!$A$4:$A$340&'ER C8 FLT1'!$B$4:$B$340-1,1),7)),IF($H8=\"Class_7\",INDEX('ER C7 FLT1'!$A$4:$J$340,MATCH($E8&$C8,'ER C7 FLT1'!$A$4:$A$340&'ER C7 FLT1'!$B$4:$B$340-1,1),5)*IF($H8=\"Class_7\",INDEX('ER C7 FLT1'!$A$4:$J$340,MATCH($E8&$C8,'ER C7 FLT1'!$A$4:$A$340&'ER C7 FLT1'!$B$4:$B$340-1,1),7)),\nIF($H8=\"Class_6\",INDEX('ER C6 FLT1'!$A$4:$J$340,MATCH($E8&$C8,'ER C6 FLT1'!$A$4:$A$340&'ER C6 FLT1'!$B$4:$B$340-1,1),5)*IF($H8=\"Class_6\",INDEX('ER C6 FLT1'!$A$4:$J$340,MATCH($E8&$C8,'ER C6 FLT1'!$A$4:$A$340&'ER C6 FLT1'!$B$4:$B$340-1,1),7))))))))*IF($F8=\"Level 1 PM + Mark I NOx\",0.75,1))*($Q8/453.6)","v":0},{"$f":"IF($B8=\"4+ Trucks\",IF(OR($H8=\"Class_8\",$N8=\"Replacement8HHD\",$AH8=\"CL7HHD\",$AJ8=\"CL7to8\"),INDEX('ER C8 FLT4'!$A$4:$J$340,MATCH($E8&$C8,'ER C8 FLT4'!$A$4:$A$340&'ER C8 FLT4'!$B$4:$B$340-2,1),5)*IF(OR($H8=\"Class_8\",$N8=\"Replacement8HHD\",$AH8=\"CL7HHD\",$AJ8=\"CL7to8\"),INDEX('ER C8 FLT4'!$A$4:$J$340,MATCH($E8&$C8,'ER C8 FLT4'!$A$4:$A$340&'ER C8 FLT4'!$B$4:$B$340-2,1),7)),IF($H8=\"Class_7\",INDEX('ER C7 FLT4'!$A$4:$J$340,MATCH($E8&$C8,'ER C7 FLT4'!$A$4:$A$340&'ER C7 FLT4'!$B$4:$B$340-2,1),5)*IF($H8=\"Class_7\",INDEX('ER C7 FLT4'!$A$4:$J$340,MATCH($E8&$C8,'ER C7 FLT4'!$A$4:$A$340&'ER C7 FLT4'!$B$4:$B$340-2,1),7)),\nIF($H8=\"Class_6\",INDEX('ER C6 FLT4'!$A$4:$J$340,MATCH($E8&$C8,'ER C6 FLT4'!$A$4:$A$340&'ER C6 FLT4'!$B$4:$B$340-2,1),5)*IF($H8=\"Class_6\",INDEX('ER C6 FLT4'!$A$4:$L$340,MATCH($E8&$C8,'ER C6 FLT4'!$A$4:$A$340&'ER C6 FLT4'!$B$4:$B$340-2,1),7))))),IF($B8=\"3 Trucks\",IF(OR($H8=\"Class_8\",$N8=\"Replacement8HHD\",$AH8=\"CL7HHD\",$AJ8=\"CL7to8\"),INDEX('ER C8 FLT3'!$A$4:$J$340,MATCH($E8&$C8,'ER C8 FLT3'!$A$4:$A$340&'ER C8 FLT3'!$B$4:$B$340-2,1),5)*IF(OR($H8=\"Class_8\",$N8=\"Replacement8HHD\",$AH8=\"CL7HHD\",$AJ8=\"CL7to8\"),INDEX('ER C8 FLT3'!$A$4:$J$340,MATCH($E8&$C8,'ER C8 FLT3'!$A$4:$A$340&'ER C8 FLT3'!$B$4:$B$340-2,1),7)),IF($H8=\"Class_7\",INDEX('ER C7 FLT3'!$A$4:$J$340,MATCH($E8&$C8,'ER C7 FLT3'!$A$4:$A$340&'ER C7 FLT3'!$B$4:$B$340-2,1),5)*IF($H8=\"Class_7\",INDEX('ER C7 FLT3'!$A$4:$J$340,MATCH($E8&$C8,'ER C7 FLT3'!$A$4:$A$340&'ER C7 FLT3'!$B$4:$B$340-2,1),7)),\nIF($H8=\"Class_6\",INDEX('ER C6 FLT3'!$A$4:$J$340,MATCH($E8&$C8,'ER C6 FLT3'!$A$4:$A$340&'ER C6 FLT3'!$B$4:$B$340-2,1),5)*IF($H8=\"Class_6\",INDEX('ER C6 FLT3'!$A$4:$L$340,MATCH($E8&$C8,'ER C6 FLT3'!$A$4:$A$340&'ER C6 FLT3'!$B$4:$B$340-2,1),7))))),IF($B8=\"2 Trucks\",IF(OR($H8=\"Class_8\",$N8=\"Replacement8HHD\",$AH8=\"CL7HHD\",$AJ8=\"CL7to8\"),INDEX('ER C8 FLT2'!$A$4:$J$340,MATCH($E8&$C8,'ER C8 FLT2'!$A$4:$A$340&'ER C8 FLT2'!$B$4:$B$340-2,1),5)*IF(OR($H8=\"Class_8\",$N8=\"Replacement8HHD\",$AH8=\"CL7HHD\",$AJ8=\"CL7to8\"),INDEX('ER C8 FLT2'!$A$4:$J$340,MATCH($E8&$C8,'ER C8 FLT2'!$A$4:$A$340&'ER C8 FLT2'!$B$4:$B$340-2,1),7)),IF($H8=\"Class_7\",INDEX('ER C7 FLT2'!$A$4:$J$340,MATCH($E8&$C8,'ER C7 FLT2'!$A$4:$A$340&'ER C7 FLT2'!$B$4:$B$340-2,1),5)*IF($H8=\"Class_7\",INDEX('ER C7 FLT2'!$A$4:$J$340,MATCH($E8&$C8,'ER C7 FLT2'!$A$4:$A$340&'ER C7 FLT2'!$B$4:$B$340-2,1),7)),IF($H8=\"Class_6\",INDEX('ER C6 FLT2'!$A$4:$J$340,MATCH($E8&$C8,'ER C6 FLT2'!$A$4:$A$340&'ER C6 FLT2'!$B$4:$B$340-2,1),5)*IF($H8=\"Class_6\",INDEX('ER C6 FLT2'!$A$4:$J$340,MATCH($E8&$C8,'ER C6 FLT2'!$A$4:$A$340&'ER C6 FLT2'!$B$4:$B$340-2,1),7))))),IF($B8=\"1 Truck\",\nIF(OR($H8=\"Class_8\",$N8=\"Replacement8HHD\",$AH8=\"CL7HHD\",$AJ8=\"CL7to8\"),INDEX('ER C8 FLT1'!$A$4:$J$340,MATCH($E8&$C8,'ER C8 FLT1'!$A$4:$A$340&'ER C8 FLT1'!$B$4:$B$340-2,1),5)*IF(OR($H8=\"Class_8\",$N8=\"Replacement8HHD\",$AH8=\"CL7HHD\",$AJ8=\"CL7to8\"),INDEX('ER C8 FLT1'!$A$4:$J$340,MATCH($E8&$C8,'ER C8 FLT1'!$A$4:$A$340&'ER C8 FLT1'!$B$4:$B$340-2,1),7)),IF($H8=\"Class_7\",INDEX('ER C7 FLT1'!$A$4:$J$340,MATCH($E8&$C8,'ER C7 FLT1'!$A$4:$A$340&'ER C7 FLT1'!$B$4:$B$340-2,1),5)*IF($H8=\"Class_7\",INDEX('ER C7 FLT1'!$A$4:$J$340,MATCH($E8&$C8,'ER C7 FLT1'!$A$4:$A$340&'ER C7 FLT1'!$B$4:$B$340-2,1),7)),\nIF($H8=\"Class_6\",INDEX('ER C6 FLT1'!$A$4:$J$340,MATCH($E8&$C8,'ER C6 FLT1'!$A$4:$A$340&'ER C6 FLT1'!$B$4:$B$340-2,1),5)*IF($H8=\"Class_6\",INDEX('ER C6 FLT1'!$A$4:$J$340,MATCH($E8&$C8,'ER C6 FLT1'!$A$4:$A$340&'ER C6 FLT1'!$B$4:$B$340-2,1),7))))))))*IF($F8=\"Level 1 PM + Mark I NOx\",0.75,1))*($Q8/453.6)","v":0},{"$f":"IF($B8=\"4+ Trucks\",IF(OR($H8=\"Class_8\",$N8=\"Replacement8HHD\",$AH8=\"CL7HHD\",$AJ8=\"CL7to8\"),INDEX('ER C8 FLT4'!$A$4:$J$340,MATCH($E8&$C8,'ER C8 FLT4'!$A$4:$A$340&'ER C8 FLT4'!$B$4:$B$340-3,1),5)*IF(OR($H8=\"Class_8\",$N8=\"Replacement8HHD\",$AH8=\"CL7HHD\",$AJ8=\"CL7to8\"),INDEX('ER C8 FLT4'!$A$4:$J$340,MATCH($E8&$C8,'ER C8 FLT4'!$A$4:$A$340&'ER C8 FLT4'!$B$4:$B$340-3,1),7)),IF($H8=\"Class_7\",INDEX('ER C7 FLT4'!$A$4:$J$340,MATCH($E8&$C8,'ER C7 FLT4'!$A$4:$A$340&'ER C7 FLT4'!$B$4:$B$340-3,1),5)*IF($H8=\"Class_7\",INDEX('ER C7 FLT4'!$A$4:$J$340,MATCH($E8&$C8,'ER C7 FLT4'!$A$4:$A$340&'ER C7 FLT4'!$B$4:$B$340-3,1),7)),\nIF($H8=\"Class_6\",INDEX('ER C6 FLT4'!$A$4:$J$340,MATCH($E8&$C8,'ER C6 FLT4'!$A$4:$A$340&'ER C6 FLT4'!$B$4:$B$340-3,1),5)*IF($H8=\"Class_6\",INDEX('ER C6 FLT4'!$A$4:$L$340,MATCH($E8&$C8,'ER C6 FLT4'!$A$4:$A$340&'ER C6 FLT4'!$B$4:$B$340-3,1),7))))),IF($B8=\"3 Trucks\",IF(OR($H8=\"Class_8\",$N8=\"Replacement8HHD\",$AH8=\"CL7HHD\",$AJ8=\"CL7to8\"),INDEX('ER C8 FLT3'!$A$4:$J$340,MATCH($E8&$C8,'ER C8 FLT3'!$A$4:$A$340&'ER C8 FLT3'!$B$4:$B$340-3,1),5)*IF(OR($H8=\"Class_8\",$N8=\"Replacement8HHD\",$AH8=\"CL7HHD\",$AJ8=\"CL7to8\"),INDEX('ER C8 FLT3'!$A$4:$J$340,MATCH($E8&$C8,'ER C8 FLT3'!$A$4:$A$340&'ER C8 FLT3'!$B$4:$B$340-3,1),7)),IF($H8=\"Class_7\",INDEX('ER C7 FLT3'!$A$4:$J$340,MATCH($E8&$C8,'ER C7 FLT3'!$A$4:$A$340&'ER C7 FLT3'!$B$4:$B$340-3,1),5)*IF($H8=\"Class_7\",INDEX('ER C7 FLT3'!$A$4:$J$340,MATCH($E8&$C8,'ER C7 FLT3'!$A$4:$A$340&'ER C7 FLT3'!$B$4:$B$340-3,1),7)),\nIF($H8=\"Class_6\",INDEX('ER C6 FLT3'!$A$4:$J$340,MATCH($E8&$C8,'ER C6 FLT3'!$A$4:$A$340&'ER C6 FLT3'!$B$4:$B$340-3,1),5)*IF($H8=\"Class_6\",INDEX('ER C6 FLT3'!$A$4:$L$340,MATCH($E8&$C8,'ER C6 FLT3'!$A$4:$A$340&'ER C6 FLT3'!$B$4:$B$340-3,1),7))))),IF($B8=\"2 Trucks\",IF(OR($H8=\"Class_8\",$N8=\"Replacement8HHD\",$AH8=\"CL7HHD\",$AJ8=\"CL7to8\"),INDEX('ER C8 FLT2'!$A$4:$J$340,MATCH($E8&$C8,'ER C8 FLT2'!$A$4:$A$340&'ER C8 FLT2'!$B$4:$B$340-3,1),5)*IF(OR($H8=\"Class_8\",$N8=\"Replacement8HHD\",$AH8=\"CL7HHD\",$AJ8=\"CL7to8\"),INDEX('ER C8 FLT2'!$A$4:$J$340,MATCH($E8&$C8,'ER C8 FLT2'!$A$4:$A$340&'ER C8 FLT2'!$B$4:$B$340-3,1),7)),IF($H8=\"Class_7\",INDEX('ER C7 FLT2'!$A$4:$J$340,MATCH($E8&$C8,'ER C7 FLT2'!$A$4:$A$340&'ER C7 FLT2'!$B$4:$B$340-3,1),5)*IF($H8=\"Class_7\",INDEX('ER C7 FLT2'!$A$4:$J$340,MATCH($E8&$C8,'ER C7 FLT2'!$A$4:$A$340&'ER C7 FLT2'!$B$4:$B$340-3,1),7)),IF($H8=\"Class_6\",INDEX('ER C6 FLT2'!$A$4:$J$340,MATCH($E8&$C8,'ER C6 FLT2'!$A$4:$A$340&'ER C6 FLT2'!$B$4:$B$340-3,1),5)*IF($H8=\"Class_6\",INDEX('ER C6 FLT2'!$A$4:$J$340,MATCH($E8&$C8,'ER C6 FLT2'!$A$4:$A$340&'ER C6 FLT2'!$B$4:$B$340-3,1),7))))),IF($B8=\"1 Truck\",\nIF(OR($H8=\"Class_8\",$N8=\"Replacement8HHD\",$AH8=\"CL7HHD\",$AJ8=\"CL7to8\"),INDEX('ER C8 FLT1'!$A$4:$J$340,MATCH($E8&$C8,'ER C8 FLT1'!$A$4:$A$340&'ER C8 FLT1'!$B$4:$B$340-3,1),5)*IF(OR($H8=\"Class_8\",$N8=\"Replacement8HHD\",$AH8=\"CL7HHD\",$AJ8=\"CL7to8\"),INDEX('ER C8 FLT1'!$A$4:$J$340,MATCH($E8&$C8,'ER C8 FLT1'!$A$4:$A$340&'ER C8 FLT1'!$B$4:$B$340-3,1),7)),IF($H8=\"Class_7\",INDEX('ER C7 FLT1'!$A$4:$J$340,MATCH($E8&$C8,'ER C7 FLT1'!$A$4:$A$340&'ER C7 FLT1'!$B$4:$B$340-3,1),5)*IF($H8=\"Class_7\",INDEX('ER C7 FLT1'!$A$4:$J$340,MATCH($E8&$C8,'ER C7 FLT1'!$A$4:$A$340&'ER C7 FLT1'!$B$4:$B$340-3,1),7)),\nIF($H8=\"Class_6\",INDEX('ER C6 FLT1'!$A$4:$J$340,MATCH($E8&$C8,'ER C6 FLT1'!$A$4:$A$340&'ER C6 FLT1'!$B$4:$B$340-3,1),5)*IF($H8=\"Class_6\",INDEX('ER C6 FLT1'!$A$4:$J$340,MATCH($E8&$C8,'ER C6 FLT1'!$A$4:$A$340&'ER C6 FLT1'!$B$4:$B$340-3,1),7))))))))*IF($F8=\"Level 1 PM + Mark I NOx\",0.75,1))*($Q8/453.6)","v":0},{"$f":"IF($B8=\"4+ Trucks\",IF(OR($H8=\"Class_8\",$N8=\"Replacement8HHD\",$AH8=\"CL7HHD\",$AJ8=\"CL7to8\"),INDEX('ER C8 FLT4'!$A$4:$J$340,MATCH($E8&$C8,'ER C8 FLT4'!$A$4:$A$340&'ER C8 FLT4'!$B$4:$B$340-4,1),5)*IF(OR($H8=\"Class_8\",$N8=\"Replacement8HHD\",$AH8=\"CL7HHD\",$AJ8=\"CL7to8\"),INDEX('ER C8 FLT4'!$A$4:$J$340,MATCH($E8&$C8,'ER C8 FLT4'!$A$4:$A$340&'ER C8 FLT4'!$B$4:$B$340-4,1),7)),IF($H8=\"Class_7\",INDEX('ER C7 FLT4'!$A$4:$J$340,MATCH($E8&$C8,'ER C7 FLT4'!$A$4:$A$340&'ER C7 FLT4'!$B$4:$B$340-4,1),5)*IF($H8=\"Class_7\",INDEX('ER C7 FLT4'!$A$4:$J$340,MATCH($E8&$C8,'ER C7 FLT4'!$A$4:$A$340&'ER C7 FLT4'!$B$4:$B$340-4,1),7)),\nIF($H8=\"Class_6\",INDEX('ER C6 FLT4'!$A$4:$J$340,MATCH($E8&$C8,'ER C6 FLT4'!$A$4:$A$340&'ER C6 FLT4'!$B$4:$B$340-4,1),5)*IF($H8=\"Class_6\",INDEX('ER C6 FLT4'!$A$4:$L$340,MATCH($E8&$C8,'ER C6 FLT4'!$A$4:$A$340&'ER C6 FLT4'!$B$4:$B$340-4,1),7))))),IF($B8=\"3 Trucks\",IF(OR($H8=\"Class_8\",$N8=\"Replacement8HHD\",$AH8=\"CL7HHD\",$AJ8=\"CL7to8\"),INDEX('ER C8 FLT3'!$A$4:$J$340,MATCH($E8&$C8,'ER C8 FLT3'!$A$4:$A$340&'ER C8 FLT3'!$B$4:$B$340-4,1),5)*IF(OR($H8=\"Class_8\",$N8=\"Replacement8HHD\",$AH8=\"CL7HHD\",$AJ8=\"CL7to8\"),INDEX('ER C8 FLT3'!$A$4:$J$340,MATCH($E8&$C8,'ER C8 FLT3'!$A$4:$A$340&'ER C8 FLT3'!$B$4:$B$340-4,1),7)),IF($H8=\"Class_7\",INDEX('ER C7 FLT3'!$A$4:$J$340,MATCH($E8&$C8,'ER C7 FLT3'!$A$4:$A$340&'ER C7 FLT3'!$B$4:$B$340-4,1),5)*IF($H8=\"Class_7\",INDEX('ER C7 FLT3'!$A$4:$J$340,MATCH($E8&$C8,'ER C7 FLT3'!$A$4:$A$340&'ER C7 FLT3'!$B$4:$B$340-4,1),7)),\nIF($H8=\"Class_6\",INDEX('ER C6 FLT3'!$A$4:$J$340,MATCH($E8&$C8,'ER C6 FLT3'!$A$4:$A$340&'ER C6 FLT3'!$B$4:$B$340-4,1),5)*IF($H8=\"Class_6\",INDEX('ER C6 FLT3'!$A$4:$L$340,MATCH($E8&$C8,'ER C6 FLT3'!$A$4:$A$340&'ER C6 FLT3'!$B$4:$B$340-4,1),7))))),IF($B8=\"2 Trucks\",IF(OR($H8=\"Class_8\",$N8=\"Replacement8HHD\",$AH8=\"CL7HHD\",$AJ8=\"CL7to8\"),INDEX('ER C8 FLT2'!$A$4:$J$340,MATCH($E8&$C8,'ER C8 FLT2'!$A$4:$A$340&'ER C8 FLT2'!$B$4:$B$340-4,1),5)*IF(OR($H8=\"Class_8\",$N8=\"Replacement8HHD\",$AH8=\"CL7HHD\",$AJ8=\"CL7to8\"),INDEX('ER C8 FLT2'!$A$4:$J$340,MATCH($E8&$C8,'ER C8 FLT2'!$A$4:$A$340&'ER C8 FLT2'!$B$4:$B$340-4,1),7)),IF($H8=\"Class_7\",INDEX('ER C7 FLT2'!$A$4:$J$340,MATCH($E8&$C8,'ER C7 FLT2'!$A$4:$A$340&'ER C7 FLT2'!$B$4:$B$340-4,1),5)*IF($H8=\"Class_7\",INDEX('ER C7 FLT2'!$A$4:$J$340,MATCH($E8&$C8,'ER C7 FLT2'!$A$4:$A$340&'ER C7 FLT2'!$B$4:$B$340-4,1),7)),IF($H8=\"Class_6\",INDEX('ER C6 FLT2'!$A$4:$J$340,MATCH($E8&$C8,'ER C6 FLT2'!$A$4:$A$340&'ER C6 FLT2'!$B$4:$B$340-4,1),5)*IF($H8=\"Class_6\",INDEX('ER C6 FLT2'!$A$4:$J$340,MATCH($E8&$C8,'ER C6 FLT2'!$A$4:$A$340&'ER C6 FLT2'!$B$4:$B$340-4,1),7))))),IF($B8=\"1 Truck\",\nIF(OR($H8=\"Class_8\",$N8=\"Replacement8HHD\",$AH8=\"CL7HHD\",$AJ8=\"CL7to8\"),INDEX('ER C8 FLT1'!$A$4:$J$340,MATCH($E8&$C8,'ER C8 FLT1'!$A$4:$A$340&'ER C8 FLT1'!$B$4:$B$340-4,1),5)*IF(OR($H8=\"Class_8\",$N8=\"Replacement8HHD\",$AH8=\"CL7HHD\",$AJ8=\"CL7to8\"),INDEX('ER C8 FLT1'!$A$4:$J$340,MATCH($E8&$C8,'ER C8 FLT1'!$A$4:$A$340&'ER C8 FLT1'!$B$4:$B$340-4,1),7)),IF($H8=\"Class_7\",INDEX('ER C7 FLT1'!$A$4:$J$340,MATCH($E8&$C8,'ER C7 FLT1'!$A$4:$A$340&'ER C7 FLT1'!$B$4:$B$340-4,1),5)*IF($H8=\"Class_7\",INDEX('ER C7 FLT1'!$A$4:$J$340,MATCH($E8&$C8,'ER C7 FLT1'!$A$4:$A$340&'ER C7 FLT1'!$B$4:$B$340-4,1),7)),\nIF($H8=\"Class_6\",INDEX('ER C6 FLT1'!$A$4:$J$340,MATCH($E8&$C8,'ER C6 FLT1'!$A$4:$A$340&'ER C6 FLT1'!$B$4:$B$340-4,1),5)*IF($H8=\"Class_6\",INDEX('ER C6 FLT1'!$A$4:$J$340,MATCH($E8&$C8,'ER C6 FLT1'!$A$4:$A$340&'ER C6 FLT1'!$B$4:$B$340-4,1),7))))))))*IF($F8=\"Level 1 PM + Mark I NOx\",0.75,1))*($Q8/453.6)","v":0},{"$f":"IF($B8=\"4+ Trucks\",IF(OR($H8=\"Class_8\",$N8=\"Replacement8HHD\",$AH8=\"CL7HHD\",$AJ8=\"CL7to8\"),INDEX('ER C8 FLT4'!$A$4:$J$340,MATCH($E8&$C8,'ER C8 FLT4'!$A$4:$A$340&'ER C8 FLT4'!$B$4:$B$340,1),5),IF($H8=\"Class_7\",INDEX('ER C7 FLT4'!$A$4:$J$340,MATCH($E8&$C8,'ER C7 FLT4'!$A$4:$A$340&'ER C7 FLT4'!$B$4:$B$340,1),5),IF($H8=\"Class_6\",INDEX('ER C6 FLT4'!$A$4:$J$340,MATCH($E8&$C8,'ER C6 FLT4'!$A$4:$A$340&'ER C6 FLT4'!$B$4:$B$340,1),5)))),\nIF($B8=\"3 Trucks\",IF(OR($H8=\"Class_8\",$N8=\"Replacement8HHD\",$AH8=\"CL7HHD\",$AJ8=\"CL7to8\"),INDEX('ER C8 FLT3'!$A$4:$J$340,MATCH($E8&$C8,'ER C8 FLT3'!$A$4:$A$340&'ER C8 FLT3'!$B$4:$B$340,1),5),IF($H8=\"Class_7\",INDEX('ER C7 FLT3'!$A$4:$J$340,MATCH($E8&$C8,'ER C7 FLT3'!$A$4:$A$340&'ER C7 FLT3'!$B$4:$B$340,1),5),IF($H8=\"Class_6\",INDEX('ER C6 FLT3'!$A$4:$J$340,MATCH($E8&$C8,'ER C6 FLT3'!$A$4:$A$340&'ER C6 FLT3'!$B$4:$B$340,1),5)))),\nIF($B8=\"2 Trucks\",IF(OR($H8=\"Class_8\",$N8=\"Replacement8HHD\",$AH8=\"CL7HHD\",$AJ8=\"CL7to8\"),INDEX('ER C8 FLT2'!$A$4:$J$340,MATCH($E8&$C8,'ER C8 FLT2'!$A$4:$A$340&'ER C8 FLT2'!$B$4:$B$340,1),5),IF($H8=\"Class_7\",INDEX('ER C7 FLT2'!$A$4:$J$340,MATCH($E8&$C8,'ER C7 FLT2'!$A$4:$A$340&'ER C7 FLT2'!$B$4:$B$340,1),5),IF($H8=\"Class_6\",INDEX('ER C6 FLT2'!$A$4:$J$340,MATCH($E8&$C8,'ER C6 FLT2'!$A$4:$A$340&'ER C6 FLT2'!$B$4:$B$340,1),5)))),IF($B8=\"1 Truck\",IF(OR($H8=\"Class_8\",$N8=\"Replacement8HHD\",$AH8=\"CL7HHD\",$AJ8=\"CL7to8\"),INDEX('ER C8 FLT1'!$A$4:$J$340,MATCH($E8&$C8,'ER C8 FLT1'!$A$4:$A$340&'ER C8 FLT1'!$B$4:$B$340,1),5),IF($H8=\"Class_7\",INDEX('ER C7 FLT1'!$A$4:$J$340,MATCH($E8&$C8,'ER C7 FLT1'!$A$4:$A$340&'ER C7 FLT1'!$B$4:$B$340,1),5),IF($H8=\"Class_6\",INDEX('ER C6 FLT1'!$A$4:$J$340,MATCH($E8&$C8,'ER C6 FLT1'!$A$4:$A$340&'ER C6 FLT1'!$B$4:$B$340,1),5)))))))\n)","v":false},{"$f":"IF($B8=\"3 Trucks\",IF(OR($H8=\"Class_8\",$N8=\"Replacement8HHD\",$AH8=\"CL7HHD\",$AJ8=\"CL7to8\"),INDEX('ER C8 FLT3'!$A$4:$J$340,MATCH($E8&$C8,'ER C8 FLT3'!$A$4:$A$340&'ER C8 FLT3'!$B$4:$B$340-1,1),5),IF($H8=\"Class_7\",INDEX('ER C7 FLT3'!$A$4:$J$340,MATCH($E8&$C8,'ER C7 FLT3'!$A$4:$A$340&'ER C7 FLT3'!$B$4:$B$340-1,1),5),IF($H8=\"Class_6\",INDEX('ER C6 FLT3'!$A$4:$J$340,MATCH($E8&$C8,'ER C6 FLT3'!$A$4:$A$340&'ER C6 FLT3'!$B$4:$B$340-1,1),5)))),IF($B8=\"2 Trucks\",IF(OR($H8=\"Class_8\",$N8=\"Replacement8HHD\",$AH8=\"CL7HHD\",$AJ8=\"CL7to8\"),INDEX('ER C8 FLT2'!$A$4:$J$340,MATCH($E8&$C8,'ER C8 FLT2'!$A$4:$A$340&'ER C8 FLT2'!$B$4:$B$340-1,1),5),IF($H8=\"Class_7\",INDEX('ER C7 FLT2'!$A$4:$J$340,MATCH($E8&$C8,'ER C7 FLT2'!$A$4:$A$340&'ER C7 FLT2'!$B$4:$B$340-1,1),5),IF($H8=\"Class_6\",INDEX('ER C6 FLT2'!$A$4:$J$340,MATCH($E8&$C8,'ER C6 FLT2'!$A$4:$A$340&'ER C6 FLT2'!$B$4:$B$340-1,1),5)))),IF($B8=\"1 Truck\",IF(OR($H8=\"Class_8\",$N8=\"Replacement8HHD\",$AH8=\"CL7HHD\",$AJ8=\"CL7to8\"),INDEX('ER C8 FLT1'!$A$4:$J$340,MATCH($E8&$C8,'ER C8 FLT1'!$A$4:$A$340&'ER C8 FLT1'!$B$4:$B$340-1,1),5),IF($H8=\"Class_7\",INDEX('ER C7 FLT1'!$A$4:$J$340,MATCH($E8&$C8,'ER C7 FLT1'!$A$4:$A$340&'ER C7 FLT1'!$B$4:$B$340-1,1),5),IF($H8=\"Class_6\",INDEX('ER C6 FLT1'!$A$4:$J$340,MATCH($E8&$C8,'ER C6 FLT1'!$A$4:$A$340&'ER C6 FLT1'!$B$4:$B$340-1,1),5)))),IF($B8=\"4+ Trucks\",IF(OR($H8=\"Class_8\",$N8=\"Replacement8HHD\",$AH8=\"CL7HHD\",$AJ8=\"CL7to8\"),INDEX('ER C8 FLT4'!$A$4:$J$340,MATCH($E8&$C8,'ER C8 FLT4'!$A$4:$A$340&'ER C8 FLT4'!$B$4:$B$340-1,1),5),IF($H8=\"Class_7\",INDEX('ER C7 FLT4'!$A$4:$J$340,MATCH($E8&$C8,'ER C7 FLT4'!$A$4:$A$340&'ER C7 FLT4'!$B$4:$B$340-1,1),5),IF($H8=\"Class_6\",INDEX('ER C6 FLT4'!$A$4:$J$340,MATCH($E8&$C8,'ER C6 FLT4'!$A$4:$A$340&'ER C6 FLT4'!$B$4:$B$340-1,1),5))))))))","v":false},{"$f":"IF($B8=\"3 Trucks\",IF(OR($H8=\"Class_8\",$N8=\"Replacement8HHD\",$AH8=\"CL7HHD\",$AJ8=\"CL7to8\"),INDEX('ER C8 FLT3'!$A$4:$J$340,MATCH($E8&$C8,'ER C8 FLT3'!$A$4:$A$340&'ER C8 FLT3'!$B$4:$B$340-2,1),5),IF($H8=\"Class_7\",INDEX('ER C7 FLT3'!$A$4:$J$340,MATCH($E8&$C8,'ER C7 FLT3'!$A$4:$A$340&'ER C7 FLT3'!$B$4:$B$340-2,1),5),IF($H8=\"Class_6\",INDEX('ER C6 FLT3'!$A$4:$J$340,MATCH($E8&$C8,'ER C6 FLT3'!$A$4:$A$340&'ER C6 FLT3'!$B$4:$B$340-2,1),5)))),IF($B8=\"2 Trucks\",IF(OR($H8=\"Class_8\",$N8=\"Replacement8HHD\",$AH8=\"CL7HHD\",$AJ8=\"CL7to8\"),INDEX('ER C8 FLT2'!$A$4:$J$340,MATCH($E8&$C8,'ER C8 FLT2'!$A$4:$A$340&'ER C8 FLT2'!$B$4:$B$340-2,1),5),IF($H8=\"Class_7\",INDEX('ER C7 FLT2'!$A$4:$J$340,MATCH($E8&$C8,'ER C7 FLT2'!$A$4:$A$340&'ER C7 FLT2'!$B$4:$B$340-2,1),5),IF($H8=\"Class_6\",INDEX('ER C6 FLT2'!$A$4:$J$340,MATCH($E8&$C8,'ER C6 FLT2'!$A$4:$A$340&'ER C6 FLT2'!$B$4:$B$340-2,1),5)))),IF($B8=\"1 Truck\",IF(OR($H8=\"Class_8\",$N8=\"Replacement8HHD\",$AH8=\"CL7HHD\",$AJ8=\"CL7to8\"),INDEX('ER C8 FLT1'!$A$4:$J$340,MATCH($E8&$C8,'ER C8 FLT1'!$A$4:$A$340&'ER C8 FLT1'!$B$4:$B$340-2,1),5),IF($H8=\"Class_7\",INDEX('ER C7 FLT1'!$A$4:$J$340,MATCH($E8&$C8,'ER C7 FLT1'!$A$4:$A$340&'ER C7 FLT1'!$B$4:$B$340-2,1),5),IF($H8=\"Class_6\",INDEX('ER C6 FLT1'!$A$4:$J$340,MATCH($E8&$C8,'ER C6 FLT1'!$A$4:$A$340&'ER C6 FLT1'!$B$4:$B$340-2,1),5)))),IF($B8=\"4+ Trucks\",IF(OR($H8=\"Class_8\",$N8=\"Replacement8HHD\",$AH8=\"CL7HHD\",$AJ8=\"CL7to8\"),INDEX('ER C8 FLT4'!$A$4:$J$340,MATCH($E8&$C8,'ER C8 FLT4'!$A$4:$A$340&'ER C8 FLT4'!$B$4:$B$340-2,1),5),IF($H8=\"Class_7\",INDEX('ER C7 FLT4'!$A$4:$J$340,MATCH($E8&$C8,'ER C7 FLT4'!$A$4:$A$340&'ER C7 FLT4'!$B$4:$B$340-2,1),5),IF($H8=\"Class_6\",INDEX('ER C6 FLT4'!$A$4:$J$340,MATCH($E8&$C8,'ER C6 FLT4'!$A$4:$A$340&'ER C6 FLT4'!$B$4:$B$340-2,1),5))))))))","v":false},{"$f":"IF($B8=\"3 Trucks\",IF(OR($H8=\"Class_8\",$N8=\"Replacement8HHD\",$AH8=\"CL7HHD\",$AJ8=\"CL7to8\"),INDEX('ER C8 FLT3'!$A$4:$J$340,MATCH($E8&$C8,'ER C8 FLT3'!$A$4:$A$340&'ER C8 FLT3'!$B$4:$B$340-3,1),5),IF($H8=\"Class_7\",INDEX('ER C7 FLT3'!$A$4:$J$340,MATCH($E8&$C8,'ER C7 FLT3'!$A$4:$A$340&'ER C7 FLT3'!$B$4:$B$340-3,1),5),IF($H8=\"Class_6\",INDEX('ER C6 FLT3'!$A$4:$J$340,MATCH($E8&$C8,'ER C6 FLT3'!$A$4:$A$340&'ER C6 FLT3'!$B$4:$B$340-3,1),5)))),IF($B8=\"2 Trucks\",IF(OR($H8=\"Class_8\",$N8=\"Replacement8HHD\",$AH8=\"CL7HHD\",$AJ8=\"CL7to8\"),INDEX('ER C8 FLT2'!$A$4:$J$340,MATCH($E8&$C8,'ER C8 FLT2'!$A$4:$A$340&'ER C8 FLT2'!$B$4:$B$340-3,1),5),IF($H8=\"Class_7\",INDEX('ER C7 FLT2'!$A$4:$J$340,MATCH($E8&$C8,'ER C7 FLT2'!$A$4:$A$340&'ER C7 FLT2'!$B$4:$B$340-3,1),5),IF($H8=\"Class_6\",INDEX('ER C6 FLT2'!$A$4:$J$340,MATCH($E8&$C8,'ER C6 FLT2'!$A$4:$A$340&'ER C6 FLT2'!$B$4:$B$340-3,1),5)))),IF($B8=\"1 Truck\",IF(OR($H8=\"Class_8\",$N8=\"Replacement8HHD\",$AH8=\"CL7HHD\",$AJ8=\"CL7to8\"),INDEX('ER C8 FLT1'!$A$4:$J$340,MATCH($E8&$C8,'ER C8 FLT1'!$A$4:$A$340&'ER C8 FLT1'!$B$4:$B$340-3,1),5),IF($H8=\"Class_7\",INDEX('ER C7 FLT1'!$A$4:$J$340,MATCH($E8&$C8,'ER C7 FLT1'!$A$4:$A$340&'ER C7 FLT1'!$B$4:$B$340-3,1),5),IF($H8=\"Class_6\",INDEX('ER C6 FLT1'!$A$4:$J$340,MATCH($E8&$C8,'ER C6 FLT1'!$A$4:$A$340&'ER C6 FLT1'!$B$4:$B$340-3,1),5)))),IF($B8=\"4+ Trucks\",IF(OR($H8=\"Class_8\",$N8=\"Replacement8HHD\",$AH8=\"CL7HHD\",$AJ8=\"CL7to8\"),INDEX('ER C8 FLT4'!$A$4:$J$340,MATCH($E8&$C8,'ER C8 FLT4'!$A$4:$A$340&'ER C8 FLT4'!$B$4:$B$340-3,1),5),IF($H8=\"Class_7\",INDEX('ER C7 FLT4'!$A$4:$J$340,MATCH($E8&$C8,'ER C7 FLT4'!$A$4:$A$340&'ER C7 FLT4'!$B$4:$B$340-3,1),5),IF($H8=\"Class_6\",INDEX('ER C6 FLT4'!$A$4:$J$340,MATCH($E8&$C8,'ER C6 FLT4'!$A$4:$A$340&'ER C6 FLT4'!$B$4:$B$340-3,1),5))))))))","v":false},{"$f":"IF($B8=\"3 Trucks\",IF(OR($H8=\"Class_8\",$N8=\"Replacement8HHD\",$AH8=\"CL7HHD\",$AJ8=\"CL7to8\"),INDEX('ER C8 FLT3'!$A$4:$J$340,MATCH($E8&$C8,'ER C8 FLT3'!$A$4:$A$340&'ER C8 FLT3'!$B$4:$B$340-4,1),5),IF($H8=\"Class_7\",INDEX('ER C7 FLT3'!$A$4:$J$340,MATCH($E8&$C8,'ER C7 FLT3'!$A$4:$A$340&'ER C7 FLT3'!$B$4:$B$340-4,1),5),IF($H8=\"Class_6\",INDEX('ER C6 FLT3'!$A$4:$J$340,MATCH($E8&$C8,'ER C6 FLT3'!$A$4:$A$340&'ER C6 FLT3'!$B$4:$B$340-4,1),5)))),IF($B8=\"2 Trucks\",IF(OR($H8=\"Class_8\",$N8=\"Replacement8HHD\",$AH8=\"CL7HHD\",$AJ8=\"CL7to8\"),INDEX('ER C8 FLT2'!$A$4:$J$340,MATCH($E8&$C8,'ER C8 FLT2'!$A$4:$A$340&'ER C8 FLT2'!$B$4:$B$340-4,1),5),IF($H8=\"Class_7\",INDEX('ER C7 FLT2'!$A$4:$J$340,MATCH($E8&$C8,'ER C7 FLT2'!$A$4:$A$340&'ER C7 FLT2'!$B$4:$B$340-4,1),5),IF($H8=\"Class_6\",INDEX('ER C6 FLT2'!$A$4:$J$340,MATCH($E8&$C8,'ER C6 FLT2'!$A$4:$A$340&'ER C6 FLT2'!$B$4:$B$340-4,1),5)))),IF($B8=\"1 Truck\",IF(OR($H8=\"Class_8\",$N8=\"Replacement8HHD\",$AH8=\"CL7HHD\",$AJ8=\"CL7to8\"),INDEX('ER C8 FLT1'!$A$4:$J$340,MATCH($E8&$C8,'ER C8 FLT1'!$A$4:$A$340&'ER C8 FLT1'!$B$4:$B$340-4,1),5),IF($H8=\"Class_7\",INDEX('ER C7 FLT1'!$A$4:$J$340,MATCH($E8&$C8,'ER C7 FLT1'!$A$4:$A$340&'ER C7 FLT1'!$B$4:$B$340-4,1),5),IF($H8=\"Class_6\",INDEX('ER C6 FLT1'!$A$4:$J$340,MATCH($E8&$C8,'ER C6 FLT1'!$A$4:$A$340&'ER C6 FLT1'!$B$4:$B$340-4,1),5)))),IF($B8=\"4+ Trucks\",IF(OR($H8=\"Class_8\",$N8=\"Replacement8HHD\",$AH8=\"CL7HHD\",$AJ8=\"CL7to8\"),INDEX('ER C8 FLT4'!$A$4:$J$340,MATCH($E8&$C8,'ER C8 FLT4'!$A$4:$A$340&'ER C8 FLT4'!$B$4:$B$340-4,1),5),IF($H8=\"Class_7\",INDEX('ER C7 FLT4'!$A$4:$J$340,MATCH($E8&$C8,'ER C7 FLT4'!$A$4:$A$340&'ER C7 FLT4'!$B$4:$B$340-4,1),5),IF($H8=\"Class_6\",INDEX('ER C6 FLT4'!$A$4:$J$340,MATCH($E8&$C8,'ER C6 FLT4'!$A$4:$A$340&'ER C6 FLT4'!$B$4:$B$340-4,1),5))))))))","v":false},{"$f":"CK8*(($Q8+$AC8)/453.6)","v":0},{"$f":"CL8*(($Q8+$AC8)/453.6)","v":0},{"$f":"CM8*(($Q8+$AC8)/453.6)","v":0},{"$f":"CN8*(($Q8+$AC8)/453.6)","v":0},{"$f":"CO8*(($Q8+$AC8)/453.6)","v":0},{"$f":"IF(OR($R8=\"Diesel\",$R8=\"Zero Emission\",$R8=\"Hybrid\",$R8=\"Hybrid Zero-Mile\",$R8=\"Low NOx\",$R8=\"LNG/CNG\"),IF($B8=\"3 Trucks\",IF(OR($O8=\"Class_8\",$N8=\"Replacement8HHD\",$AI8=\"CL7HHD\"),INDEX('ER C8 FLT3'!$A$4:$J$340,MATCH(DropData!$J54&$C8,'ER C8 FLT3'!$A$4:$A$340&'ER C8 FLT3'!$B$4:$B$340,1),5),IF($O8=\"Class_7\",INDEX('ER C7 FLT3'!$A$4:$J$340,MATCH(DropData!$J54&$C8,'ER C7 FLT3'!$A$4:$A$340&'ER C7 FLT3'!$B$4:$B$340,1),5),IF($O8=\"Class_6\",INDEX('ER C6 FLT3'!$A$4:$J$340,MATCH(DropData!$J54&$C8,'ER C6 FLT3'!$A$4:$A$340&'ER C6 FLT3'!$B$4:$B$340,1),5)))),IF($B8=\"2 Trucks\",IF(OR($O8=\"Class_8\",$N8=\"Replacement8HHD\",$AI8=\"CL7HHD\"),INDEX('ER C8 FLT2'!$A$4:$J$340,MATCH(DropData!$J54&$C8,'ER C8 FLT2'!$A$4:$A$340&'ER C8 FLT2'!$B$4:$B$340,1),5),IF($O8=\"Class_7\",INDEX('ER C7 FLT2'!$A$4:$J$340,MATCH(DropData!$J54&$C8,'ER C7 FLT2'!$A$4:$A$340&'ER C7 FLT2'!$B$4:$B$340,1),5),IF($O8=\"Class_6\",INDEX('ER C6 FLT2'!$A$4:$J$340,MATCH(DropData!$J54&$C8,'ER C6 FLT2'!$A$4:$A$340&'ER C6 FLT2'!$B$4:$B$340,1),5)))),IF($B8=\"1 Truck\",IF(OR($O8=\"Class_8\",$N8=\"Replacement8HHD\",$AI8=\"CL7HHD\"),INDEX('ER C8 FLT1'!$A$4:$J$340,MATCH(DropData!$J54&$C8,'ER C8 FLT1'!$A$4:$A$340&'ER C8 FLT1'!$B$4:$B$340,1),5),IF($O8=\"Class_7\",INDEX('ER C7 FLT1'!$A$4:$J$340,MATCH(DropData!$J54&$C8,'ER C7 FLT1'!$A$4:$A$340&'ER C7 FLT1'!$B$4:$B$340,1),5),IF($O8=\"Class_6\",INDEX('ER C6 FLT1'!$A$4:$J$340,MATCH(DropData!$J54&$C8,'ER C6 FLT1'!$A$4:$A$340&'ER C6 FLT1'!$B$4:$B$340,1),5)))),IF($B8=\"4+ Trucks\",IF(OR($O8=\"Class_8\",$N8=\"Replacement8HHD\",$AI8=\"CL7HHD\"),INDEX('ER C8 FLT4'!$A$4:$J$340,MATCH(DropData!$J54&$C8,'ER C8 FLT4'!$A$4:$A$340&'ER C8 FLT4'!$B$4:$B$340,1),5),IF($O8=\"Class_7\",INDEX('ER C7 FLT4'!$A$4:$J$340,MATCH(DropData!$J54&$C8,'ER C7 FLT4'!$A$4:$A$340&'ER C7 FLT4'!$B$4:$B$340,1),5),IF($O8=\"Class_6\",INDEX('ER C6 FLT4'!$A$4:$J$340,MATCH(DropData!$J54&$C8,'ER C6 FLT4'!$A$4:$A$340&'ER C6 FLT4'!$B$4:$B$340,1),5)))))))))","v":false},{"$f":"IF(OR($R8=\"Diesel\",$R8=\"Zero Emission\",$R8=\"Hybrid\",$R8=\"Hybrid Zero-Mile\",$R8=\"Low NOx\",$R8=\"LNG/CNG\"),IF($B8=\"3 Trucks\",IF(OR($O8=\"Class_8\",$N8=\"Replacement8HHD\",$AI8=\"CL7HHD\"),INDEX('ER C8 FLT3'!$A$4:$J$340,MATCH(DropData!$J54&$C8,'ER C8 FLT3'!$A$4:$A$340&'ER C8 FLT3'!$B$4:$B$340-1,1),5),IF($O8=\"Class_7\",INDEX('ER C7 FLT3'!$A$4:$J$340,MATCH(DropData!$J54&$C8,'ER C7 FLT3'!$A$4:$A$340&'ER C7 FLT3'!$B$4:$B$340-1,1),5),IF($O8=\"Class_6\",INDEX('ER C6 FLT3'!$A$4:$J$340,MATCH(DropData!$J54&$C8,'ER C6 FLT3'!$A$4:$A$340&'ER C6 FLT3'!$B$4:$B$340-1,1),5)))),IF($B8=\"2 Trucks\",IF(OR($O8=\"Class_8\",$N8=\"Replacement8HHD\",$AI8=\"CL7HHD\"),INDEX('ER C8 FLT2'!$A$4:$J$340,MATCH(DropData!$J54&$C8,'ER C8 FLT2'!$A$4:$A$340&'ER C8 FLT2'!$B$4:$B$340-1,1),5),IF($O8=\"Class_7\",INDEX('ER C7 FLT2'!$A$4:$J$340,MATCH(DropData!$J54&$C8,'ER C7 FLT2'!$A$4:$A$340&'ER C7 FLT2'!$B$4:$B$340-1,1),5),IF($O8=\"Class_6\",INDEX('ER C6 FLT2'!$A$4:$J$340,MATCH(DropData!$J54&$C8,'ER C6 FLT2'!$A$4:$A$340&'ER C6 FLT2'!$B$4:$B$340-1,1),5)))),IF($B8=\"1 Truck\",IF(OR($O8=\"Class_8\",$N8=\"Replacement8HHD\",$AI8=\"CL7HHD\"),INDEX('ER C8 FLT1'!$A$4:$J$340,MATCH(DropData!$J54&$C8,'ER C8 FLT1'!$A$4:$A$340&'ER C8 FLT1'!$B$4:$B$340-1,1),5),IF($O8=\"Class_7\",INDEX('ER C7 FLT1'!$A$4:$J$340,MATCH(DropData!$J54&$C8,'ER C7 FLT1'!$A$4:$A$340&'ER C7 FLT1'!$B$4:$B$340-1,1),5),IF($O8=\"Class_6\",INDEX('ER C6 FLT1'!$A$4:$J$340,MATCH(DropData!$J54&$C8,'ER C6 FLT1'!$A$4:$A$340&'ER C6 FLT1'!$B$4:$B$340-1,1),5)))),IF($B8=\"4+ Trucks\",IF(OR($O8=\"Class_8\",$N8=\"Replacement8HHD\",$AI8=\"CL7HHD\"),INDEX('ER C8 FLT4'!$A$4:$J$340,MATCH(DropData!$J54&$C8,'ER C8 FLT4'!$A$4:$A$340&'ER C8 FLT4'!$B$4:$B$340-1,1),5),IF($O8=\"Class_7\",INDEX('ER C7 FLT4'!$A$4:$J$340,MATCH(DropData!$J54&$C8,'ER C7 FLT4'!$A$4:$A$340&'ER C7 FLT4'!$B$4:$B$340-1,1),5),IF($O8=\"Class_6\",INDEX('ER C6 FLT4'!$A$4:$J$340,MATCH(DropData!$J54&$C8,'ER C6 FLT4'!$A$4:$A$340&'ER C6 FLT4'!$B$4:$B$340-1,1),5)))))))))","v":false},{"$f":"IF(OR($R8=\"Diesel\",$R8=\"Zero Emission\",$R8=\"Hybrid\",$R8=\"Hybrid Zero-Mile\",$R8=\"Low NOx\",$R8=\"LNG/CNG\"),IF($B8=\"3 Trucks\",IF(OR($O8=\"Class_8\",$N8=\"Replacement8HHD\",$AI8=\"CL7HHD\"),INDEX('ER C8 FLT3'!$A$4:$J$340,MATCH(DropData!$J54&$C8,'ER C8 FLT3'!$A$4:$A$340&'ER C8 FLT3'!$B$4:$B$340-2,1),5),IF($O8=\"Class_7\",INDEX('ER C7 FLT3'!$A$4:$J$340,MATCH(DropData!$J54&$C8,'ER C7 FLT3'!$A$4:$A$340&'ER C7 FLT3'!$B$4:$B$340-2,1),5),IF($O8=\"Class_6\",INDEX('ER C6 FLT3'!$A$4:$J$340,MATCH(DropData!$J54&$C8,'ER C6 FLT3'!$A$4:$A$340&'ER C6 FLT3'!$B$4:$B$340-2,1),5)))),IF($B8=\"2 Trucks\",IF(OR($O8=\"Class_8\",$N8=\"Replacement8HHD\",$AI8=\"CL7HHD\"),INDEX('ER C8 FLT2'!$A$4:$J$340,MATCH(DropData!$J54&$C8,'ER C8 FLT2'!$A$4:$A$340&'ER C8 FLT2'!$B$4:$B$340-2,1),5),IF($O8=\"Class_7\",INDEX('ER C7 FLT2'!$A$4:$J$340,MATCH(DropData!$J54&$C8,'ER C7 FLT2'!$A$4:$A$340&'ER C7 FLT2'!$B$4:$B$340-2,1),5),IF($O8=\"Class_6\",INDEX('ER C6 FLT2'!$A$4:$J$340,MATCH(DropData!$J54&$C8,'ER C6 FLT2'!$A$4:$A$340&'ER C6 FLT2'!$B$4:$B$340-2,1),5)))),IF($B8=\"1 Truck\",IF(OR($O8=\"Class_8\",$N8=\"Replacement8HHD\",$AI8=\"CL7HHD\"),INDEX('ER C8 FLT1'!$A$4:$J$340,MATCH(DropData!$J54&$C8,'ER C8 FLT1'!$A$4:$A$340&'ER C8 FLT1'!$B$4:$B$340-2,1),5),IF($O8=\"Class_7\",INDEX('ER C7 FLT1'!$A$4:$J$340,MATCH(DropData!$J54&$C8,'ER C7 FLT1'!$A$4:$A$340&'ER C7 FLT1'!$B$4:$B$340-2,1),5),IF($O8=\"Class_6\",INDEX('ER C6 FLT1'!$A$4:$J$340,MATCH(DropData!$J54&$C8,'ER C6 FLT1'!$A$4:$A$340&'ER C6 FLT1'!$B$4:$B$340-2,1),5)))),IF($B8=\"4+ Trucks\",IF(OR($O8=\"Class_8\",$N8=\"Replacement8HHD\",$AI8=\"CL7HHD\"),INDEX('ER C8 FLT4'!$A$4:$J$340,MATCH(DropData!$J54&$C8,'ER C8 FLT4'!$A$4:$A$340&'ER C8 FLT4'!$B$4:$B$340-2,1),5),IF($O8=\"Class_7\",INDEX('ER C7 FLT4'!$A$4:$J$340,MATCH(DropData!$J54&$C8,'ER C7 FLT4'!$A$4:$A$340&'ER C7 FLT4'!$B$4:$B$340-2,1),5),IF($O8=\"Class_6\",INDEX('ER C6 FLT4'!$A$4:$J$340,MATCH(DropData!$J54&$C8,'ER C6 FLT4'!$A$4:$A$340&'ER C6 FLT4'!$B$4:$B$340-2,1),5)))))))))","v":false},{"$f":"IF(OR($R8=\"Diesel\",$R8=\"Zero Emission\",$R8=\"Hybrid\",$R8=\"Hybrid Zero-Mile\",$R8=\"Low NOx\",$R8=\"LNG/CNG\"),IF($B8=\"3 Trucks\",IF(OR($O8=\"Class_8\",$N8=\"Replacement8HHD\",$AI8=\"CL7HHD\"),INDEX('ER C8 FLT3'!$A$4:$J$340,MATCH(DropData!$J54&$C8,'ER C8 FLT3'!$A$4:$A$340&'ER C8 FLT3'!$B$4:$B$340-3,1),5),IF($O8=\"Class_7\",INDEX('ER C7 FLT3'!$A$4:$J$340,MATCH(DropData!$J54&$C8,'ER C7 FLT3'!$A$4:$A$340&'ER C7 FLT3'!$B$4:$B$340-3,1),5),IF($O8=\"Class_6\",INDEX('ER C6 FLT3'!$A$4:$J$340,MATCH(DropData!$J54&$C8,'ER C6 FLT3'!$A$4:$A$340&'ER C6 FLT3'!$B$4:$B$340-3,1),5)))),IF($B8=\"2 Trucks\",IF(OR($O8=\"Class_8\",$N8=\"Replacement8HHD\",$AI8=\"CL7HHD\"),INDEX('ER C8 FLT2'!$A$4:$J$340,MATCH(DropData!$J54&$C8,'ER C8 FLT2'!$A$4:$A$340&'ER C8 FLT2'!$B$4:$B$340-3,1),5),IF($O8=\"Class_7\",INDEX('ER C7 FLT2'!$A$4:$J$340,MATCH(DropData!$J54&$C8,'ER C7 FLT2'!$A$4:$A$340&'ER C7 FLT2'!$B$4:$B$340-3,1),5),IF($O8=\"Class_6\",INDEX('ER C6 FLT2'!$A$4:$J$340,MATCH(DropData!$J54&$C8,'ER C6 FLT2'!$A$4:$A$340&'ER C6 FLT2'!$B$4:$B$340-3,1),5)))),IF($B8=\"1 Truck\",IF(OR($O8=\"Class_8\",$N8=\"Replacement8HHD\",$AI8=\"CL7HHD\"),INDEX('ER C8 FLT1'!$A$4:$J$340,MATCH(DropData!$J54&$C8,'ER C8 FLT1'!$A$4:$A$340&'ER C8 FLT1'!$B$4:$B$340-3,1),5),IF($O8=\"Class_7\",INDEX('ER C7 FLT1'!$A$4:$J$340,MATCH(DropData!$J54&$C8,'ER C7 FLT1'!$A$4:$A$340&'ER C7 FLT1'!$B$4:$B$340-3,1),5),IF($O8=\"Class_6\",INDEX('ER C6 FLT1'!$A$4:$J$340,MATCH(DropData!$J54&$C8,'ER C6 FLT1'!$A$4:$A$340&'ER C6 FLT1'!$B$4:$B$340-3,1),5)))),IF($B8=\"4+ Trucks\",IF(OR($O8=\"Class_8\",$N8=\"Replacement8HHD\",$AI8=\"CL7HHD\"),INDEX('ER C8 FLT4'!$A$4:$J$340,MATCH(DropData!$J54&$C8,'ER C8 FLT4'!$A$4:$A$340&'ER C8 FLT4'!$B$4:$B$340-3,1),5),IF($O8=\"Class_7\",INDEX('ER C7 FLT4'!$A$4:$J$340,MATCH(DropData!$J54&$C8,'ER C7 FLT4'!$A$4:$A$340&'ER C7 FLT4'!$B$4:$B$340-3,1),5),IF($O8=\"Class_6\",INDEX('ER C6 FLT4'!$A$4:$J$340,MATCH(DropData!$J54&$C8,'ER C6 FLT4'!$A$4:$A$340&'ER C6 FLT4'!$B$4:$B$340-3,1),5)))))))))","v":false},{"$f":"IF(OR($R8=\"Diesel\",$R8=\"Zero Emission\",$R8=\"Hybrid\",$R8=\"Hybrid Zero-Mile\",$R8=\"Low NOx\",$R8=\"LNG/CNG\"),IF($B8=\"3 Trucks\",IF(OR($O8=\"Class_8\",$N8=\"Replacement8HHD\",$AI8=\"CL7HHD\"),INDEX('ER C8 FLT3'!$A$4:$J$340,MATCH(DropData!$J54&$C8,'ER C8 FLT3'!$A$4:$A$340&'ER C8 FLT3'!$B$4:$B$340-4,1),5),IF($O8=\"Class_7\",INDEX('ER C7 FLT3'!$A$4:$J$340,MATCH(DropData!$J54&$C8,'ER C7 FLT3'!$A$4:$A$340&'ER C7 FLT3'!$B$4:$B$340-4,1),5),IF($O8=\"Class_6\",INDEX('ER C6 FLT3'!$A$4:$J$340,MATCH(DropData!$J54&$C8,'ER C6 FLT3'!$A$4:$A$340&'ER C6 FLT3'!$B$4:$B$340-4,1),5)))),IF($B8=\"2 Trucks\",IF(OR($O8=\"Class_8\",$N8=\"Replacement8HHD\",$AI8=\"CL7HHD\"),INDEX('ER C8 FLT2'!$A$4:$J$340,MATCH(DropData!$J54&$C8,'ER C8 FLT2'!$A$4:$A$340&'ER C8 FLT2'!$B$4:$B$340-4,1),5),IF($O8=\"Class_7\",INDEX('ER C7 FLT2'!$A$4:$J$340,MATCH(DropData!$J54&$C8,'ER C7 FLT2'!$A$4:$A$340&'ER C7 FLT2'!$B$4:$B$340-4,1),5),IF($O8=\"Class_6\",INDEX('ER C6 FLT2'!$A$4:$J$340,MATCH(DropData!$J54&$C8,'ER C6 FLT2'!$A$4:$A$340&'ER C6 FLT2'!$B$4:$B$340-4,1),5)))),IF($B8=\"1 Truck\",IF(OR($O8=\"Class_8\",$N8=\"Replacement8HHD\",$AI8=\"CL7HHD\"),INDEX('ER C8 FLT1'!$A$4:$J$340,MATCH(DropData!$J54&$C8,'ER C8 FLT1'!$A$4:$A$340&'ER C8 FLT1'!$B$4:$B$340-4,1),5),IF($O8=\"Class_7\",INDEX('ER C7 FLT1'!$A$4:$J$340,MATCH(DropData!$J54&$C8,'ER C7 FLT1'!$A$4:$A$340&'ER C7 FLT1'!$B$4:$B$340-4,1),5),IF($O8=\"Class_6\",INDEX('ER C6 FLT1'!$A$4:$J$340,MATCH(DropData!$J54&$C8,'ER C6 FLT1'!$A$4:$A$340&'ER C6 FLT1'!$B$4:$B$340-4,1),5)))),IF($B8=\"4+ Trucks\",IF(OR($O8=\"Class_8\",$N8=\"Replacement8HHD\",$AI8=\"CL7HHD\"),INDEX('ER C8 FLT4'!$A$4:$J$340,MATCH(DropData!$J54&$C8,'ER C8 FLT4'!$A$4:$A$340&'ER C8 FLT4'!$B$4:$B$340-4,1),5),IF($O8=\"Class_7\",INDEX('ER C7 FLT4'!$A$4:$J$340,MATCH(DropData!$J54&$C8,'ER C7 FLT4'!$A$4:$A$340&'ER C7 FLT4'!$B$4:$B$340-4,1),5),IF($O8=\"Class_6\",INDEX('ER C6 FLT4'!$A$4:$J$340,MATCH(DropData!$J54&$C8,'ER C6 FLT4'!$A$4:$A$340&'ER C6 FLT4'!$B$4:$B$340-4,1),5)))))))))","v":false},{"$f":"MAX(0,(BV8-CF8))","v":0},{"$f":"MAX((IF($B8=\"4+ Trucks\",IF($Z8=\"Class_8\",INDEX('ER C8 FLT4'!$A$4:$J$340,MATCH($W8&$C8,'ER C8 FLT4'!$A$4:$A$340&'ER C8 FLT4'!$B$4:$B$340,1),5)*IF($Z8=\"Class_8\",INDEX('ER C8 FLT4'!$A$4:$J$340,MATCH($W8&$C8,'ER C8 FLT4'!$A$4:$A$340&'ER C8 FLT4'!$B$4:$B$340,1),7)),IF($Z8=\"Class_7\",INDEX('ER C7 FLT4'!$A$4:$J$340,MATCH($W8&$C8,'ER C7 FLT4'!$A$4:$A$340&'ER C7 FLT4'!$B$4:$B$340,1),5)*IF($Z8=\"Class_7\",INDEX('ER C7 FLT4'!$A$4:$J$340,MATCH($W8&$C8,'ER C7 FLT4'!$A$4:$A$340&'ER C7 FLT4'!$B$4:$B$340,1),7)),IF($Z8=\"Class_6\",INDEX('ER C6 FLT4'!$A$4:$J$340,MATCH($W8&$C8,'ER C6 FLT4'!$A$4:$A$340&'ER C6 FLT4'!$B$4:$B$340,1),5)*IF($Z8=\"Class_6\",INDEX('ER C6 FLT4'!$A$4:$L$340,MATCH($W8&$C8,'ER C6 FLT4'!$A$4:$A$340&'ER C6 FLT4'!$B$4:$B$340,1),7))))),IF($B8=\"2 Trucks\",IF($Z8=\"Class_8\",INDEX('ER C8 FLT2'!$A$4:$J$340,MATCH($W8&$C8,'ER C8 FLT2'!$A$4:$A$340&'ER C8 FLT2'!$B$4:$B$340,1),5)*IF($Z8=\"Class_8\",INDEX('ER C8 FLT2'!$A$4:$J$340,MATCH($W8&$C8,'ER C8 FLT2'!$A$4:$A$340&'ER C8 FLT2'!$B$4:$B$340,1),7)),IF($Z8=\"Class_7\",INDEX('ER C7 FLT2'!$A$4:$J$340,MATCH($W8&$C8,'ER C7 FLT2'!$A$4:$A$340&'ER C7 FLT2'!$B$4:$B$340,1),5)*IF($Z8=\"Class_7\",INDEX('ER C7 FLT2'!$A$4:$J$340,MATCH($W8&$C8,'ER C7 FLT2'!$A$4:$A$340&'ER C7 FLT2'!$B$4:$B$340,1),7)),IF($Z8=\"Class_6\",INDEX('ER C6 FLT2'!$A$4:$J$340,MATCH($W8&$C8,'ER C6 FLT2'!$A$4:$A$340&'ER C6 FLT2'!$B$4:$B$340,1),5)*IF($Z8=\"Class_6\",INDEX('ER C6 FLT2'!$A$4:$J$340,MATCH($W8&$C8,'ER C6 FLT2'!$A$4:$A$340&'ER C6 FLT2'!$B$4:$B$340,1),7))))),IF($B8=\"1 Truck\",\nIF($Z8=\"Class_8\",INDEX('ER C8 FLT1'!$A$4:$J$340,MATCH($W8&$C8,'ER C8 FLT1'!$A$4:$A$340&'ER C8 FLT1'!$B$4:$B$340,1),5)*IF($Z8=\"Class_8\",INDEX('ER C8 FLT1'!$A$4:$J$340,MATCH($W8&$C8,'ER C8 FLT1'!$A$4:$A$340&'ER C8 FLT1'!$B$4:$B$340,1),7)),IF($Z8=\"Class_7\",INDEX('ER C7 FLT1'!$A$4:$J$340,MATCH($W8&$C8,'ER C7 FLT1'!$A$4:$A$340&'ER C7 FLT1'!$B$4:$B$340,1),5)*IF($Z8=\"Class_7\",INDEX('ER C7 FLT1'!$A$4:$J$340,MATCH($W8&$C8,'ER C7 FLT1'!$A$4:$A$340&'ER C7 FLT1'!$B$4:$B$340,1),7)),IF($Z8=\"Class_6\",INDEX('ER C6 FLT1'!$A$4:$J$340,MATCH($W8&$C8,'ER C6 FLT1'!$A$4:$A$340&'ER C6 FLT1'!$B$4:$B$340,1),5)*IF($Z8=\"Class_6\",INDEX('ER C6 FLT1'!$A$4:$J$340,MATCH($W8&$C8,'ER C6 FLT1'!$A$4:$A$340&'ER C6 FLT1'!$B$4:$B$340,1),7))))),IF($B8=\"3 Trucks\",IF($Z8=\"Class_8\",INDEX('ER C8 FLT3'!$A$4:$J$340,MATCH($W8&$C8,'ER C8 FLT3'!$A$4:$A$340&'ER C8 FLT3'!$B$4:$B$340,1),5)*IF($Z8=\"Class_8\",INDEX('ER C8 FLT3'!$A$4:$J$340,MATCH($W8&$C8,'ER C8 FLT3'!$A$4:$A$340&'ER C8 FLT3'!$B$4:$B$340,1),7)),IF($Z8=\"Class_7\",INDEX('ER C7 FLT3'!$A$4:$J$340,MATCH($W8&$C8,'ER C7 FLT3'!$A$4:$A$340&'ER C7 FLT3'!$B$4:$B$340,1),5)*IF($Z8=\"Class_7\",INDEX('ER C7 FLT3'!$A$4:$J$340,MATCH($W8&$C8,'ER C7 FLT3'!$A$4:$A$340&'ER C7 FLT3'!$B$4:$B$340,1),7)),\nIF($Z8=\"Class_6\",INDEX('ER C6 FLT3'!$A$4:$J$340,MATCH($W8&$C8,'ER C6 FLT3'!$A$4:$A$340&'ER C6 FLT3'!$B$4:$B$340,1),5)*IF($Z8=\"Class_6\",INDEX('ER C6 FLT3'!$A$4:$L$340,MATCH($W8&$C8,'ER C6 FLT3'!$A$4:$A$340&'ER C6 FLT3'!$B$4:$B$340,1),7)))))))))*IF($X8=\"Level 3 PM + Mark I NOx\",0.75,1)*($AC8/453.6)-IF(CP8=0,CF8,0)),0)","v":0},{"$f":"IFERROR((CP8+CQ8),\"0.00\")","v":0},0,{"$f":"MAX((IF($B8=\"3 Trucks\",IF($Z8=\"Class_8\",INDEX('ER C8 FLT3'!$A$4:$J$340,MATCH($W8&$C8,'ER C8 FLT3'!$A$4:$A$340&'ER C8 FLT3'!$B$4:$B$340-1,1),5)*IF($Z8=\"Class_8\",INDEX('ER C8 FLT3'!$A$4:$J$340,MATCH($W8&$C8,'ER C8 FLT3'!$A$4:$A$340&'ER C8 FLT3'!$B$4:$B$340-1,1),7)),IF($Z8=\"Class_7\",INDEX('ER C7 FLT3'!$A$4:$J$340,MATCH($W8&$C8,'ER C7 FLT3'!$A$4:$A$340&'ER C7 FLT3'!$B$4:$B$340-1,1),5)*IF($Z8=\"Class_7\",INDEX('ER C7 FLT3'!$A$4:$J$340,MATCH($W8&$C8,'ER C7 FLT3'!$A$4:$A$340&'ER C7 FLT3'!$B$4:$B$340-1,1),7)),IF($Z8=\"Class_6\",INDEX('ER C6 FLT3'!$A$4:$J$340,MATCH($W8&$C8,'ER C6 FLT3'!$A$4:$A$340&'ER C6 FLT3'!$B$4:$B$340-1,1),5)*IF($Z8=\"Class_6\",INDEX('ER C6 FLT3'!$A$4:$L$340,MATCH($W8&$C8,'ER C6 FLT3'!$A$4:$A$340&'ER C6 FLT3'!$B$4:$B$340-1,1),7))))),IF($B8=\"2 Trucks\",IF($Z8=\"Class_8\",INDEX('ER C8 FLT2'!$A$4:$J$340,MATCH($W8&$C8,'ER C8 FLT2'!$A$4:$A$340&'ER C8 FLT2'!$B$4:$B$340-1,1),5)*IF($Z8=\"Class_8\",INDEX('ER C8 FLT2'!$A$4:$J$340,MATCH($W8&$C8,'ER C8 FLT2'!$A$4:$A$340&'ER C8 FLT2'!$B$4:$B$340-1,1),7)),IF($Z8=\"Class_7\",INDEX('ER C7 FLT2'!$A$4:$J$340,MATCH($W8&$C8,'ER C7 FLT2'!$A$4:$A$340&'ER C7 FLT2'!$B$4:$B$340-1,1),5)*IF($Z8=\"Class_7\",INDEX('ER C7 FLT2'!$A$4:$J$340,MATCH($W8&$C8,'ER C7 FLT2'!$A$4:$A$340&'ER C7 FLT2'!$B$4:$B$340-1,1),7)),IF($Z8=\"Class_6\",INDEX('ER C6 FLT2'!$A$4:$J$340,MATCH($W8&$C8,'ER C6 FLT2'!$A$4:$A$340&'ER C6 FLT2'!$B$4:$B$340-1,1),5)*IF($Z8=\"Class_6\",INDEX('ER C6 FLT2'!$A$4:$J$340,MATCH($W8&$C8,'ER C6 FLT2'!$A$4:$A$340&'ER C6 FLT2'!$B$4:$B$340-1,1),7))))),IF($B8=\"1 Truck\",IF($Z8=\"Class_8\",INDEX('ER C8 FLT1'!$A$4:$J$340,MATCH($W8&$C8,'ER C8 FLT1'!$A$4:$A$340&'ER C8 FLT1'!$B$4:$B$340-1,1),5)*IF($Z8=\"Class_8\",INDEX('ER C8 FLT1'!$A$4:$J$340,MATCH($W8&$C8,'ER C8 FLT1'!$A$4:$A$340&'ER C8 FLT1'!$B$4:$B$340-1,1),7)),IF($Z8=\"Class_7\",INDEX('ER C7 FLT1'!$A$4:$J$340,MATCH($W8&$C8,'ER C7 FLT1'!$A$4:$A$340&'ER C7 FLT1'!$B$4:$B$340-1,1),5)*IF($Z8=\"Class_7\",INDEX('ER C7 FLT1'!$A$4:$J$340,MATCH($W8&$C8,'ER C7 FLT1'!$A$4:$A$340&'ER C7 FLT1'!$B$4:$B$340-1,1),7)),\nIF($Z8=\"Class_6\",INDEX('ER C6 FLT1'!$A$4:$J$340,MATCH($W8&$C8,'ER C6 FLT1'!$A$4:$A$340&'ER C6 FLT1'!$B$4:$B$340-1,1),5)*IF($Z8=\"Class_6\",INDEX('ER C6 FLT1'!$A$4:$J$340,MATCH($W8&$C8,'ER C6 FLT1'!$A$4:$A$340&'ER C6 FLT1'!$B$4:$B$340-1,1),7))))),IF($B8=\"4+ Trucks\",IF($Z8=\"Class_8\",INDEX('ER C8 FLT4'!$A$4:$J$340,MATCH($W8&$C8,'ER C8 FLT4'!$A$4:$A$340&'ER C8 FLT4'!$B$4:$B$340-1,1),5)*IF($Z8=\"Class_8\",INDEX('ER C8 FLT4'!$A$4:$J$340,MATCH($W8&$C8,'ER C8 FLT4'!$A$4:$A$340&'ER C8 FLT4'!$B$4:$B$340-1,1),7)),IF($Z8=\"Class_7\",INDEX('ER C7 FLT4'!$A$4:$J$340,MATCH($W8&$C8,'ER C7 FLT4'!$A$4:$A$340&'ER C7 FLT4'!$B$4:$B$340-1,1),5)*IF($Z8=\"Class_7\",INDEX('ER C7 FLT4'!$A$4:$J$340,MATCH($W8&$C8,'ER C7 FLT4'!$A$4:$A$340&'ER C7 FLT4'!$B$4:$B$340-1,1),7)),\nIF($Z8=\"Class_6\",INDEX('ER C6 FLT4'!$A$4:$J$340,MATCH($W8&$C8,'ER C6 FLT4'!$A$4:$A$340&'ER C6 FLT4'!$B$4:$B$340-1,1),5)*IF($Z8=\"Class_6\",INDEX('ER C6 FLT4'!$A$4:$L$340,MATCH($W8&$C8,'ER C6 FLT4'!$A$4:$A$340&'ER C6 FLT4'!$B$4:$B$340-1,1),7))))))))))*IF($X8=\"Level 3 PM + Mark I NOx\",0.75,1)*($AC8/453.6)-IF(CS8=0,CG8,0),0)","v":0},{"$f":"MAX(0,CS8+CT8)","v":0},0,{"$f":"MAX((IF($B8=\"3 Trucks\",IF($Z8=\"Class_8\",INDEX('ER C8 FLT3'!$A$4:$J$340,MATCH($W8&$C8,'ER C8 FLT3'!$A$4:$A$340&'ER C8 FLT3'!$B$4:$B$340-2,1),5)*IF($Z8=\"Class_8\",INDEX('ER C8 FLT3'!$A$4:$J$340,MATCH($W8&$C8,'ER C8 FLT3'!$A$4:$A$340&'ER C8 FLT3'!$B$4:$B$340-2,1),7)),IF($Z8=\"Class_7\",INDEX('ER C7 FLT3'!$A$4:$J$340,MATCH($W8&$C8,'ER C7 FLT3'!$A$4:$A$340&'ER C7 FLT3'!$B$4:$B$340-2,1),5)*IF($Z8=\"Class_7\",INDEX('ER C7 FLT3'!$A$4:$J$340,MATCH($W8&$C8,'ER C7 FLT3'!$A$4:$A$340&'ER C7 FLT3'!$B$4:$B$340-2,1),7)),\nIF($Z8=\"Class_6\",INDEX('ER C6 FLT3'!$A$4:$J$340,MATCH($W8&$C8,'ER C6 FLT3'!$A$4:$A$340&'ER C6 FLT3'!$B$4:$B$340-2,1),5)*IF($Z8=\"Class_6\",INDEX('ER C6 FLT3'!$A$4:$L$340,MATCH($W8&$C8,'ER C6 FLT3'!$A$4:$A$340&'ER C6 FLT3'!$B$4:$B$340-2,1),7))))),IF($B8=\"2 Trucks\",IF($Z8=\"Class_8\",INDEX('ER C8 FLT2'!$A$4:$J$340,MATCH($W8&$C8,'ER C8 FLT2'!$A$4:$A$340&'ER C8 FLT2'!$B$4:$B$340-2,1),5)*IF($Z8=\"Class_8\",INDEX('ER C8 FLT2'!$A$4:$J$340,MATCH($W8&$C8,'ER C8 FLT2'!$A$4:$A$340&'ER C8 FLT2'!$B$4:$B$340-2,1),7)),IF($Z8=\"Class_7\",INDEX('ER C7 FLT2'!$A$4:$J$340,MATCH($W8&$C8,'ER C7 FLT2'!$A$4:$A$340&'ER C7 FLT2'!$B$4:$B$340-2,1),5)*IF($Z8=\"Class_7\",INDEX('ER C7 FLT2'!$A$4:$J$340,MATCH($W8&$C8,'ER C7 FLT2'!$A$4:$A$340&'ER C7 FLT2'!$B$4:$B$340-2,1),7)),IF($Z8=\"Class_6\",INDEX('ER C6 FLT2'!$A$4:$J$340,MATCH($W8&$C8,'ER C6 FLT2'!$A$4:$A$340&'ER C6 FLT2'!$B$4:$B$340-2,1),5)*IF($Z8=\"Class_6\",INDEX('ER C6 FLT2'!$A$4:$J$340,MATCH($W8&$C8,'ER C6 FLT2'!$A$4:$A$340&'ER C6 FLT2'!$B$4:$B$340-2,1),7))))),IF($B8=\"1 Truck\",\nIF($Z8=\"Class_8\",INDEX('ER C8 FLT1'!$A$4:$J$340,MATCH($W8&$C8,'ER C8 FLT1'!$A$4:$A$340&'ER C8 FLT1'!$B$4:$B$340-2,1),5)*IF($Z8=\"Class_8\",INDEX('ER C8 FLT1'!$A$4:$J$340,MATCH($W8&$C8,'ER C8 FLT1'!$A$4:$A$340&'ER C8 FLT1'!$B$4:$B$340-2,1),7)),IF($Z8=\"Class_7\",INDEX('ER C7 FLT1'!$A$4:$J$340,MATCH($W8&$C8,'ER C7 FLT1'!$A$4:$A$340&'ER C7 FLT1'!$B$4:$B$340-2,1),5)*IF($Z8=\"Class_7\",INDEX('ER C7 FLT1'!$A$4:$J$340,MATCH($W8&$C8,'ER C7 FLT1'!$A$4:$A$340&'ER C7 FLT1'!$B$4:$B$340-2,1),7)),\nIF($Z8=\"Class_6\",INDEX('ER C6 FLT1'!$A$4:$J$340,MATCH($W8&$C8,'ER C6 FLT1'!$A$4:$A$340&'ER C6 FLT1'!$B$4:$B$340-2,1),5)*IF($Z8=\"Class_6\",INDEX('ER C6 FLT1'!$A$4:$J$340,MATCH($W8&$C8,'ER C6 FLT1'!$A$4:$A$340&'ER C6 FLT1'!$B$4:$B$340-2,1),7))))),IF($B8=\"4+ Trucks\",IF($Z8=\"Class_8\",INDEX('ER C8 FLT4'!$A$4:$J$340,MATCH($W8&$C8,'ER C8 FLT4'!$A$4:$A$340&'ER C8 FLT4'!$B$4:$B$340-2,1),5)*IF($Z8=\"Class_8\",INDEX('ER C8 FLT4'!$A$4:$J$340,MATCH($W8&$C8,'ER C8 FLT4'!$A$4:$A$340&'ER C8 FLT4'!$B$4:$B$340-2,1),7)),IF($Z8=\"Class_7\",INDEX('ER C7 FLT4'!$A$4:$J$340,MATCH($W8&$C8,'ER C7 FLT4'!$A$4:$A$340&'ER C7 FLT4'!$B$4:$B$340-2,1),5)*IF($Z8=\"Class_7\",INDEX('ER C7 FLT4'!$A$4:$J$340,MATCH($W8&$C8,'ER C7 FLT4'!$A$4:$A$340&'ER C7 FLT4'!$B$4:$B$340-2,1),7)),\nIF($Z8=\"Class_6\",INDEX('ER C6 FLT4'!$A$4:$J$340,MATCH($W8&$C8,'ER C6 FLT4'!$A$4:$A$340&'ER C6 FLT4'!$B$4:$B$340-2,1),5)*IF($Z8=\"Class_6\",INDEX('ER C6 FLT4'!$A$4:$L$340,MATCH($W8&$C8,'ER C6 FLT4'!$A$4:$A$340&'ER C6 FLT4'!$B$4:$B$340-2,1),7))))))))))*IF($X8=\"Level 3 PM + Mark I NOx\",0.75,1)*($AC8/453.6)-IF(CV8=0,CH8,0),0)","v":0},{"$f":"MAX(0,CV8+CW8)","v":0},0,{"$f":"MAX((IF($B8=\"3 Trucks\",IF($Z8=\"Class_8\",INDEX('ER C8 FLT3'!$A$4:$J$340,MATCH($W8&$C8,'ER C8 FLT3'!$A$4:$A$340&'ER C8 FLT3'!$B$4:$B$340-3,1),5)*IF($Z8=\"Class_8\",INDEX('ER C8 FLT3'!$A$4:$J$340,MATCH($W8&$C8,'ER C8 FLT3'!$A$4:$A$340&'ER C8 FLT3'!$B$4:$B$340-3,1),7)),IF($Z8=\"Class_7\",INDEX('ER C7 FLT3'!$A$4:$J$340,MATCH($W8&$C8,'ER C7 FLT3'!$A$4:$A$340&'ER C7 FLT3'!$B$4:$B$340-3,1),5)*IF($Z8=\"Class_7\",INDEX('ER C7 FLT3'!$A$4:$J$340,MATCH($W8&$C8,'ER C7 FLT3'!$A$4:$A$340&'ER C7 FLT3'!$B$4:$B$340-3,1),7)),\nIF($Z8=\"Class_6\",INDEX('ER C6 FLT3'!$A$4:$J$340,MATCH($W8&$C8,'ER C6 FLT3'!$A$4:$A$340&'ER C6 FLT3'!$B$4:$B$340-3,1),5)*IF($Z8=\"Class_6\",INDEX('ER C6 FLT3'!$A$4:$L$340,MATCH($W8&$C8,'ER C6 FLT3'!$A$4:$A$340&'ER C6 FLT3'!$B$4:$B$340-3,1),7))))),IF($B8=\"2 Trucks\",IF($Z8=\"Class_8\",INDEX('ER C8 FLT2'!$A$4:$J$340,MATCH($W8&$C8,'ER C8 FLT2'!$A$4:$A$340&'ER C8 FLT2'!$B$4:$B$340-3,1),5)*IF($Z8=\"Class_8\",INDEX('ER C8 FLT2'!$A$4:$J$340,MATCH($W8&$C8,'ER C8 FLT2'!$A$4:$A$340&'ER C8 FLT2'!$B$4:$B$340-3,1),7)),IF($Z8=\"Class_7\",INDEX('ER C7 FLT2'!$A$4:$J$340,MATCH($W8&$C8,'ER C7 FLT2'!$A$4:$A$340&'ER C7 FLT2'!$B$4:$B$340-3,1),5)*IF($Z8=\"Class_7\",INDEX('ER C7 FLT2'!$A$4:$J$340,MATCH($W8&$C8,'ER C7 FLT2'!$A$4:$A$340&'ER C7 FLT2'!$B$4:$B$340-3,1),7)),IF($Z8=\"Class_6\",INDEX('ER C6 FLT2'!$A$4:$J$340,MATCH($W8&$C8,'ER C6 FLT2'!$A$4:$A$340&'ER C6 FLT2'!$B$4:$B$340-3,1),5)*IF($Z8=\"Class_6\",INDEX('ER C6 FLT2'!$A$4:$J$340,MATCH($W8&$C8,'ER C6 FLT2'!$A$4:$A$340&'ER C6 FLT2'!$B$4:$B$340-3,1),7))))),IF($B8=\"1 Truck\",\nIF($Z8=\"Class_8\",INDEX('ER C8 FLT1'!$A$4:$J$340,MATCH($W8&$C8,'ER C8 FLT1'!$A$4:$A$340&'ER C8 FLT1'!$B$4:$B$340-3,1),5)*IF($Z8=\"Class_8\",INDEX('ER C8 FLT1'!$A$4:$J$340,MATCH($W8&$C8,'ER C8 FLT1'!$A$4:$A$340&'ER C8 FLT1'!$B$4:$B$340-3,1),7)),IF($Z8=\"Class_7\",INDEX('ER C7 FLT1'!$A$4:$J$340,MATCH($W8&$C8,'ER C7 FLT1'!$A$4:$A$340&'ER C7 FLT1'!$B$4:$B$340-3,1),5)*IF($Z8=\"Class_7\",INDEX('ER C7 FLT1'!$A$4:$J$340,MATCH($W8&$C8,'ER C7 FLT1'!$A$4:$A$340&'ER C7 FLT1'!$B$4:$B$340-3,1),7)),\nIF($Z8=\"Class_6\",INDEX('ER C6 FLT1'!$A$4:$J$340,MATCH($W8&$C8,'ER C6 FLT1'!$A$4:$A$340&'ER C6 FLT1'!$B$4:$B$340-3,1),5)*IF($Z8=\"Class_6\",INDEX('ER C6 FLT1'!$A$4:$J$340,MATCH($W8&$C8,'ER C6 FLT1'!$A$4:$A$340&'ER C6 FLT1'!$B$4:$B$340-3,1),7))))),IF($B8=\"4+ Trucks\",IF($Z8=\"Class_8\",INDEX('ER C8 FLT4'!$A$4:$J$340,MATCH($W8&$C8,'ER C8 FLT4'!$A$4:$A$340&'ER C8 FLT4'!$B$4:$B$340-3,1),5)*IF($Z8=\"Class_8\",INDEX('ER C8 FLT4'!$A$4:$J$340,MATCH($W8&$C8,'ER C8 FLT4'!$A$4:$A$340&'ER C8 FLT4'!$B$4:$B$340-3,1),7)),IF($Z8=\"Class_7\",INDEX('ER C7 FLT4'!$A$4:$J$340,MATCH($W8&$C8,'ER C7 FLT4'!$A$4:$A$340&'ER C7 FLT4'!$B$4:$B$340-3,1),5)*IF($Z8=\"Class_7\",INDEX('ER C7 FLT4'!$A$4:$J$340,MATCH($W8&$C8,'ER C7 FLT4'!$A$4:$A$340&'ER C7 FLT4'!$B$4:$B$340-3,1),7)),\nIF($Z8=\"Class_6\",INDEX('ER C6 FLT4'!$A$4:$J$340,MATCH($W8&$C8,'ER C6 FLT4'!$A$4:$A$340&'ER C6 FLT4'!$B$4:$B$340-3,1),5)*IF($Z8=\"Class_6\",INDEX('ER C6 FLT4'!$A$4:$L$340,MATCH($W8&$C8,'ER C6 FLT4'!$A$4:$A$340&'ER C6 FLT4'!$B$4:$B$340-3,1),7))))))))))*IF($X8=\"Level 3 PM + Mark I NOx\",0.75,1)*($AC8/453.6)-IF(CY8=0,CI8,0),0)","v":0},{"$f":"MAX(0,CY8+CZ8)","v":0},0,{"$f":"MAX((IF($B8=\"3 Trucks\",IF($Z8=\"Class_8\",INDEX('ER C8 FLT3'!$A$4:$J$340,MATCH($W8&$C8,'ER C8 FLT3'!$A$4:$A$340&'ER C8 FLT3'!$B$4:$B$340-4,1),5)*IF($Z8=\"Class_8\",INDEX('ER C8 FLT3'!$A$4:$J$340,MATCH($W8&$C8,'ER C8 FLT3'!$A$4:$A$340&'ER C8 FLT3'!$B$4:$B$340-4,1),7)),IF($Z8=\"Class_7\",INDEX('ER C7 FLT3'!$A$4:$J$340,MATCH($W8&$C8,'ER C7 FLT3'!$A$4:$A$340&'ER C7 FLT3'!$B$4:$B$340-4,1),5)*IF($Z8=\"Class_7\",INDEX('ER C7 FLT3'!$A$4:$J$340,MATCH($W8&$C8,'ER C7 FLT3'!$A$4:$A$340&'ER C7 FLT3'!$B$4:$B$340-4,1),7)),\nIF($Z8=\"Class_6\",INDEX('ER C6 FLT3'!$A$4:$J$340,MATCH($W8&$C8,'ER C6 FLT3'!$A$4:$A$340&'ER C6 FLT3'!$B$4:$B$340-4,1),5)*IF($Z8=\"Class_6\",INDEX('ER C6 FLT3'!$A$4:$L$340,MATCH($W8&$C8,'ER C6 FLT3'!$A$4:$A$340&'ER C6 FLT3'!$B$4:$B$340-4,1),7))))),IF($B8=\"2 Trucks\",IF($Z8=\"Class_8\",INDEX('ER C8 FLT2'!$A$4:$J$340,MATCH($W8&$C8,'ER C8 FLT2'!$A$4:$A$340&'ER C8 FLT2'!$B$4:$B$340-4,1),5)*IF($Z8=\"Class_8\",INDEX('ER C8 FLT2'!$A$4:$J$340,MATCH($W8&$C8,'ER C8 FLT2'!$A$4:$A$340&'ER C8 FLT2'!$B$4:$B$340-4,1),7)),IF($Z8=\"Class_7\",INDEX('ER C7 FLT2'!$A$4:$J$340,MATCH($W8&$C8,'ER C7 FLT2'!$A$4:$A$340&'ER C7 FLT2'!$B$4:$B$340-4,1),5)*IF($Z8=\"Class_7\",INDEX('ER C7 FLT2'!$A$4:$J$340,MATCH($W8&$C8,'ER C7 FLT2'!$A$4:$A$340&'ER C7 FLT2'!$B$4:$B$340-4,1),7)),IF($Z8=\"Class_6\",INDEX('ER C6 FLT2'!$A$4:$J$340,MATCH($W8&$C8,'ER C6 FLT2'!$A$4:$A$340&'ER C6 FLT2'!$B$4:$B$340-4,1),5)*IF($Z8=\"Class_6\",INDEX('ER C6 FLT2'!$A$4:$J$340,MATCH($W8&$C8,'ER C6 FLT2'!$A$4:$A$340&'ER C6 FLT2'!$B$4:$B$340-4,1),7))))),IF($B8=\"1 Truck\",\nIF($Z8=\"Class_8\",INDEX('ER C8 FLT1'!$A$4:$J$340,MATCH($W8&$C8,'ER C8 FLT1'!$A$4:$A$340&'ER C8 FLT1'!$B$4:$B$340-4,1),5)*IF($Z8=\"Class_8\",INDEX('ER C8 FLT1'!$A$4:$J$340,MATCH($W8&$C8,'ER C8 FLT1'!$A$4:$A$340&'ER C8 FLT1'!$B$4:$B$340-4,1),7)),IF($Z8=\"Class_7\",INDEX('ER C7 FLT1'!$A$4:$J$340,MATCH($W8&$C8,'ER C7 FLT1'!$A$4:$A$340&'ER C7 FLT1'!$B$4:$B$340-4,1),5)*IF($Z8=\"Class_7\",INDEX('ER C7 FLT1'!$A$4:$J$340,MATCH($W8&$C8,'ER C7 FLT1'!$A$4:$A$340&'ER C7 FLT1'!$B$4:$B$340-4,1),7)),\nIF($Z8=\"Class_6\",INDEX('ER C6 FLT1'!$A$4:$J$340,MATCH($W8&$C8,'ER C6 FLT1'!$A$4:$A$340&'ER C6 FLT1'!$B$4:$B$340-4,1),5)*IF($Z8=\"Class_6\",INDEX('ER C6 FLT1'!$A$4:$J$340,MATCH($W8&$C8,'ER C6 FLT1'!$A$4:$A$340&'ER C6 FLT1'!$B$4:$B$340-4,1),7))))),IF($B8=\"4+ Trucks\",IF($Z8=\"Class_8\",INDEX('ER C8 FLT4'!$A$4:$J$340,MATCH($W8&$C8,'ER C8 FLT4'!$A$4:$A$340&'ER C8 FLT4'!$B$4:$B$340-4,1),5)*IF($Z8=\"Class_8\",INDEX('ER C8 FLT4'!$A$4:$J$340,MATCH($W8&$C8,'ER C8 FLT4'!$A$4:$A$340&'ER C8 FLT4'!$B$4:$B$340-4,1),7)),IF($Z8=\"Class_7\",INDEX('ER C7 FLT4'!$A$4:$J$340,MATCH($W8&$C8,'ER C7 FLT4'!$A$4:$A$340&'ER C7 FLT4'!$B$4:$B$340-4,1),5)*IF($Z8=\"Class_7\",INDEX('ER C7 FLT4'!$A$4:$J$340,MATCH($W8&$C8,'ER C7 FLT4'!$A$4:$A$340&'ER C7 FLT4'!$B$4:$B$340-4,1),7)),\nIF($Z8=\"Class_6\",INDEX('ER C6 FLT4'!$A$4:$J$340,MATCH($W8&$C8,'ER C6 FLT4'!$A$4:$A$340&'ER C6 FLT4'!$B$4:$B$340-4,1),5)*IF($Z8=\"Class_6\",INDEX('ER C6 FLT4'!$A$4:$L$340,MATCH($W8&$C8,'ER C6 FLT4'!$A$4:$A$340&'ER C6 FLT4'!$B$4:$B$340-4,1),7))))))))))*IF($X8=\"Level 3 PM + Mark I NOx\",0.75,1)*($AC8/453.6)-IF(DB8=0,CJ8,0),0)","v":0},{"$f":"MAX(0,DB8+DC8)","v":0},{"$f":"MAX(0,CR8+CU8+CX8+DA8+DD8)","v":0}]
[{"$f":"'Input data'!A7","v":"project 3"},{"$f":"'Input data'!B7","v":0},{"$f":"'Input data'!C7","v":0},{"$f":"'Input data'!D7","v":0},{"$f":"'Input data'!E7","v":0},{"$f":"'Input data'!F7","v":0},{"$f":"'Input data'!G7","v":0},{"$f":"'Input data'!H7","v":""},{"$f":"'Input data'!I7","v":0},{"$f":"'Input data'!J7","v":0},{"$f":"'Input data'!K7","v":0},{"$f":"'Input data'!AK7","v":false},{"$f":"'Input data'!M7","v":0},{"$f":"'Input data'!AJ7","v":0},{"$f":"'Input data'!L7","v":0},{"$f":"'Input data'!N7","v":0},{"$f":"'Input data'!O7","v":0},{"$f":"'Input data'!P7","v":0},{"$f":"'Input data'!Q7","v":0},{"$f":"'Input data'!R7","v":""},{"$f":"'Input data'!$S7","v":"No"},{"$f":"'Input data'!T7","v":"No"},{"$f":"'Input data'!U7","v":0},{"$f":"'Input data'!V7","v":0},{"$f":"'Input data'!W7","v":0},{"$f":"'Input data'!X7","v":""},{"$f":"'Input data'!Y7","v":0},{"$f":"'Input data'!Z7","v":0},{"$f":"'Input data'!AA7","v":0},null,null,{"$f":"'Input data'!AD7","v":0},{"$f":"'Input data'!AE7","v":false},{"$f":"'Input data'!AF7","v":false},{"$f":"'Input data'!AG7","v":false},{"$f":"'Input data'!AH7","v":false},null,{"$f":"IF($B9=\"4+ Trucks\",IF(OR($H9=\"Class_8\",$N9=\"Replacement8HHD\",$AH9=\"CL7HHD\",$AJ9=\"CL7to8\"),INDEX('ER C8 FLT4'!$A$4:$I$340,MATCH($E9&$C9,'ER C8 FLT4'!$A$4:$A$340&'ER C8 FLT4'!$B$4:$B$340,1),8)*IF(OR($H9=\"Class_8\",$N9=\"Replacement8HHD\",$AH9=\"CL7HHD\",$AJ9=\"CL7to8\"),INDEX('ER C8 FLT4'!$A$4:$K$340,MATCH($E9&$C9,'ER C8 FLT4'!$A$4:$A$340&'ER C8 FLT4'!$B$4:$B$340,1),9)),IF($H9=\"Class_7\",INDEX('ER C7 FLT4'!$A$4:$J$340,MATCH($E9&$C9,'ER C7 FLT4'!$A$4:$A$340&'ER C7 FLT4'!$B$4:$B$340,1),8)*IF($H9=\"Class_7\",INDEX('ER C7 FLT4'!$A$4:$J$340,MATCH($E9&$C9,'ER C7 FLT4'!$A$4:$A$340&'ER C7 FLT4'!$B$4:$B$340,1),9)),\nIF($H9=\"Class_6\",INDEX('ER C6 FLT4'!$A$4:$J$340,MATCH($E9&$C9,'ER C6 FLT4'!$A$4:$A$340&'ER C6 FLT4'!$B$4:$B$340,1),8)*IF($H9=\"Class_6\",INDEX('ER C6 FLT4'!$A$4:$L$340,MATCH($E9&$C9,'ER C6 FLT4'!$A$4:$A$340&'ER C6 FLT4'!$B$4:$B$340,1),9))))),IF($B9=\"3 Trucks\",IF(OR($H9=\"Class_8\",$N9=\"Replacement8HHD\",$AH9=\"CL7HHD\",$AJ9=\"CL7to8\"),INDEX('ER C8 FLT3'!$A$4:$J$340,MATCH($E9&$C9,'ER C8 FLT3'!$A$4:$A$340&'ER C8 FLT3'!$B$4:$B$340,1),8)*IF(OR($H9=\"Class_8\",$N9=\"Replacement8HHD\",$AH9=\"CL7HHD\",$AJ9=\"CL7to8\"),INDEX('ER C8 FLT3'!$A$4:$J$340,MATCH($E9&$C9,'ER C8 FLT3'!$A$4:$A$340&'ER C8 FLT3'!$B$4:$B$340,1),9)),IF($H9=\"Class_7\",INDEX('ER C7 FLT3'!$A$4:$J$340,MATCH($E9&$C9,'ER C7 FLT3'!$A$4:$A$340&'ER C7 FLT3'!$B$4:$B$340,1),8)*IF($H9=\"Class_7\",INDEX('ER C7 FLT3'!$A$4:$J$340,MATCH($E9&$C9,'ER C7 FLT3'!$A$4:$A$340&'ER C7 FLT3'!$B$4:$B$340,1),9)),\nIF($H9=\"Class_6\",INDEX('ER C6 FLT3'!$A$4:$J$340,MATCH($E9&$C9,'ER C6 FLT3'!$A$4:$A$340&'ER C6 FLT3'!$B$4:$B$340,1),8)*IF($H9=\"Class_6\",INDEX('ER C6 FLT3'!$A$4:$L$340,MATCH($E9&$C9,'ER C6 FLT3'!$A$4:$A$340&'ER C6 FLT3'!$B$4:$B$340,1),9))))),IF($B9=\"2 Trucks\",IF(OR($H9=\"Class_8\",$N9=\"Replacement8HHD\",$AH9=\"CL7HHD\",$AJ9=\"CL7to8\"),INDEX('ER C8 FLT2'!$A$4:$J$340,MATCH($E9&$C9,'ER C8 FLT2'!$A$4:$A$340&'ER C8 FLT2'!$B$4:$B$340,1),8)*IF(OR($H9=\"Class_8\",$N9=\"Replacement8HHD\",$AH9=\"CL7HHD\",$AJ9=\"CL7to8\"),INDEX('ER C8 FLT2'!$A$4:$J$340,MATCH($E9&$C9,'ER C8 FLT2'!$A$4:$A$340&'ER C8 FLT2'!$B$4:$B$340,1),9)),IF($H9=\"Class_7\",INDEX('ER C7 FLT2'!$A$4:$J$340,MATCH($E9&$C9,'ER C7 FLT2'!$A$4:$A$340&'ER C7 FLT2'!$B$4:$B$340,1),8)*IF($H9=\"Class_7\",INDEX('ER C7 FLT2'!$A$4:$J$340,MATCH($E9&$C9,'ER C7 FLT2'!$A$4:$A$340&'ER C7 FLT2'!$B$4:$B$340,1),9)),IF($H9=\"Class_6\",INDEX('ER C6 FLT2'!$A$4:$J$340,MATCH($E9&$C9,'ER C6 FLT2'!$A$4:$A$340&'ER C6 FLT2'!$B$4:$B$340,1),8)*IF($H9=\"Class_6\",INDEX('ER C6 FLT2'!$A$4:$J$340,MATCH($E9&$C9,'ER C6 FLT2'!$A$4:$A$340&'ER C6 FLT2'!$B$4:$B$340,1),9))))),IF($B9=\"1 Truck\",\nIF(OR($H9=\"Class_8\",$N9=\"Replacement8HHD\",$AH9=\"CL7HHD\",$AJ9=\"CL7to8\"),INDEX('ER C8 FLT1'!$A$4:$J$340,MATCH($E9&$C9,'ER C8 FLT1'!$A$4:$A$340&'ER C8 FLT1'!$B$4:$B$340,1),8)*IF(OR($H9=\"Class_8\",$N9=\"Replacement8HHD\",$AH9=\"CL7HHD\",$AJ9=\"CL7to8\"),INDEX('ER C8 FLT1'!$A$4:$J$340,MATCH($E9&$C9,'ER C8 FLT1'!$A$4:$A$340&'ER C8 FLT1'!$B$4:$B$340,1),9)),IF($H9=\"Class_7\",INDEX('ER C7 FLT1'!$A$4:$J$340,MATCH($E9&$C9,'ER C7 FLT1'!$A$4:$A$340&'ER C7 FLT1'!$B$4:$B$340,1),8)*IF($H9=\"Class_7\",INDEX('ER C7 FLT1'!$A$4:$J$340,MATCH($E9&$C9,'ER C7 FLT1'!$A$4:$A$340&'ER C7 FLT1'!$B$4:$B$340,1),9)),\nIF($H9=\"Class_6\",INDEX('ER C6 FLT1'!$A$4:$J$340,MATCH($E9&$C9,'ER C6 FLT1'!$A$4:$A$340&'ER C6 FLT1'!$B$4:$B$340,1),8)*IF($H9=\"Class_6\",INDEX('ER C6 FLT1'!$A$4:$J$340,MATCH($E9&$C9,'ER C6 FLT1'!$A$4:$A$340&'ER C6 FLT1'!$B$4:$B$340,1),9)))))))))*IF($F9=\"Level 1 PM\",0.75,IF($F9=\"Level 2 PM\",0.5,IF($F9=\"Level 3 PM\",0,IF($F9=\"Level 3 PM + Mark I NOx\",0,1))))*($Q9/453.6)","v":0},{"$f":"IF($B9=\"4+ Trucks\",IF(OR($H9=\"Class_8\",$N9=\"Replacement8HHD\",$AH9=\"CL7HHD\",$AJ9=\"CL7to8\"),INDEX('ER C8 FLT4'!$A$4:$K$340,MATCH($E9&$C9,'ER C8 FLT4'!$A$4:$A$340&'ER C8 FLT4'!$B$4:$B$340-1,1),8)*IF(OR($H9=\"Class_8\",$N9=\"Replacement8HHD\",$AH9=\"CL7HHD\",$AJ9=\"CL7to8\"),INDEX('ER C8 FLT4'!$A$4:$K$340,MATCH($E9&$C9,'ER C8 FLT4'!$A$4:$A$340&'ER C8 FLT4'!$B$4:$B$340-1,1),9)),IF($H9=\"Class_7\",INDEX('ER C7 FLT4'!$A$4:$J$340,MATCH($E9&$C9,'ER C7 FLT4'!$A$4:$A$340&'ER C7 FLT4'!$B$4:$B$340-1,1),8)*IF($H9=\"Class_7\",INDEX('ER C7 FLT4'!$A$4:$J$340,MATCH($E9&$C9,'ER C7 FLT4'!$A$4:$A$340&'ER C7 FLT4'!$B$4:$B$340-1,1),9)),\nIF($H9=\"Class_6\",INDEX('ER C6 FLT4'!$A$4:$J$340,MATCH($E9&$C9,'ER C6 FLT4'!$A$4:$A$340&'ER C6 FLT4'!$B$4:$B$340-1,1),8)*IF($H9=\"Class_6\",INDEX('ER C6 FLT4'!$A$4:$L$340,MATCH($E9&$C9,'ER C6 FLT4'!$A$4:$A$340&'ER C6 FLT4'!$B$4:$B$340-1,1),9))))),\nIF($B9=\"3 Trucks\",IF(OR($H9=\"Class_8\",$N9=\"Replacement8HHD\",$AH9=\"CL7HHD\",$AJ9=\"CL7to8\"),INDEX('ER C8 FLT3'!$A$4:$J$340,MATCH($E9&$C9,'ER C8 FLT3'!$A$4:$A$340&'ER C8 FLT3'!$B$4:$B$340-1,1),8)*IF(OR($H9=\"Class_8\",$N9=\"Replacement8HHD\",$AH9=\"CL7HHD\",$AJ9=\"CL7to8\"),INDEX('ER C8 FLT3'!$A$4:$J$340,MATCH($E9&$C9,'ER C8 FLT3'!$A$4:$A$340&'ER C8 FLT3'!$B$4:$B$340-1,1),9)),IF($H9=\"Class_7\",INDEX('ER C7 FLT3'!$A$4:$J$340,MATCH($E9&$C9,'ER C7 FLT3'!$A$4:$A$340&'ER C7 FLT3'!$B$4:$B$340-1,1),8)*IF($H9=\"Class_7\",INDEX('ER C7 FLT3'!$A$4:$J$340,MATCH($E9&$C9,'ER C7 FLT3'!$A$4:$A$340&'ER C7 FLT3'!$B$4:$B$340-1,1),9)),\nIF($H9=\"Class_6\",INDEX('ER C6 FLT3'!$A$4:$J$340,MATCH($E9&$C9,'ER C6 FLT3'!$A$4:$A$340&'ER C6 FLT3'!$B$4:$B$340-1,1),8)*IF($H9=\"Class_6\",INDEX('ER C6 FLT3'!$A$4:$L$340,MATCH($E9&$C9,'ER C6 FLT3'!$A$4:$A$340&'ER C6 FLT3'!$B$4:$B$340-1,1),9))))),IF($B9=\"2 Trucks\",IF(OR($H9=\"Class_8\",$N9=\"Replacement8HHD\",$AH9=\"CL7HHD\",$AJ9=\"CL7to8\"),INDEX('ER C8 FLT2'!$A$4:$J$340,MATCH($E9&$C9,'ER C8 FLT2'!$A$4:$A$340&'ER C8 FLT2'!$B$4:$B$340-1,1),8)*IF(OR($H9=\"Class_8\",$N9=\"Replacement8HHD\",$AH9=\"CL7HHD\",$AJ9=\"CL7to8\"),INDEX('ER C8 FLT2'!$A$4:$J$340,MATCH($E9&$C9,'ER C8 FLT2'!$A$4:$A$340&'ER C8 FLT2'!$B$4:$B$340-1,1),9)),IF($H9=\"Class_7\",INDEX('ER C7 FLT2'!$A$4:$J$340,MATCH($E9&$C9,'ER C7 FLT2'!$A$4:$A$340&'ER C7 FLT2'!$B$4:$B$340-1,1),8)*IF($H9=\"Class_7\",INDEX('ER C7 FLT2'!$A$4:$J$340,MATCH($E9&$C9,'ER C7 FLT2'!$A$4:$A$340&'ER C7 FLT2'!$B$4:$B$340-1,1),9)),IF($H9=\"Class_6\",INDEX('ER C6 FLT2'!$A$4:$J$340,MATCH($E9&$C9,'ER C6 FLT2'!$A$4:$A$340&'ER C6 FLT2'!$B$4:$B$340-1,1),8)*IF($H9=\"Class_6\",INDEX('ER C6 FLT2'!$A$4:$J$340,MATCH($E9&$C9,'ER C6 FLT2'!$A$4:$A$340&'ER C6 FLT2'!$B$4:$B$340-1,1),9))))),IF($B9=\"1 Truck\",\nIF(OR($H9=\"Class_8\",$N9=\"Replacement8HHD\",$AH9=\"CL7HHD\",$AJ9=\"CL7to8\"),INDEX('ER C8 FLT1'!$A$4:$J$340,MATCH($E9&$C9,'ER C8 FLT1'!$A$4:$A$340&'ER C8 FLT1'!$B$4:$B$340-1,1),8)*IF(OR($H9=\"Class_8\",$N9=\"Replacement8HHD\",$AH9=\"CL7HHD\",$AJ9=\"CL7to8\"),INDEX('ER C8 FLT1'!$A$4:$J$340,MATCH($E9&$C9,'ER C8 FLT1'!$A$4:$A$340&'ER C8 FLT1'!$B$4:$B$340-1,1),9)),IF($H9=\"Class_7\",INDEX('ER C7 FLT1'!$A$4:$J$340,MATCH($E9&$C9,'ER C7 FLT1'!$A$4:$A$340&'ER C7 FLT1'!$B$4:$B$340-1,1),8)*IF($H9=\"Class_7\",INDEX('ER C7 FLT1'!$A$4:$J$340,MATCH($E9&$C9,'ER C7 FLT1'!$A$4:$A$340&'ER C7 FLT1'!$B$4:$B$340-1,1),9)),\nIF($H9=\"Class_6\",INDEX('ER C6 FLT1'!$A$4:$J$340,MATCH($E9&$C9,'ER C6 FLT1'!$A$4:$A$340&'ER C6 FLT1'!$B$4:$B$340-1,1),8)*IF($H9=\"Class_6\",INDEX('ER C6 FLT1'!$A$4:$J$340,MATCH($E9&$C9,'ER C6 FLT1'!$A$4:$A$340&'ER C6 FLT1'!$B$4:$B$340-1,1),9))))))))*IF($F9=\"Level 1 PM\",0.75,IF($F9=\"Level 2 PM\",0.5,IF($F9=\"Level 3 PM\",0,IF($F9=\"Level 3 PM + Mark I NOx\",0,1)))))*($Q9/453.6)","v":0},{"$f":"IF($B9=\"4+ Trucks\",IF(OR($H9=\"Class_8\",$N9=\"Replacement8HHD\",$AH9=\"CL7HHD\",$AJ9=\"CL7to8\"),INDEX('ER C8 FLT4'!$A$4:$K$340,MATCH($E9&$C9,'ER C8 FLT4'!$A$4:$A$340&'ER C8 FLT4'!$B$4:$B$340-2,1),8)*IF(OR($H9=\"Class_8\",$N9=\"Replacement8HHD\",$AH9=\"CL7HHD\",$AJ9=\"CL7to8\"),INDEX('ER C8 FLT4'!$A$4:$K$340,MATCH($E9&$C9,'ER C8 FLT4'!$A$4:$A$340&'ER C8 FLT4'!$B$4:$B$340-2,1),9)),IF($H9=\"Class_7\",INDEX('ER C7 FLT4'!$A$4:$J$340,MATCH($E9&$C9,'ER C7 FLT4'!$A$4:$A$340&'ER C7 FLT4'!$B$4:$B$340-2,1),8)*IF($H9=\"Class_7\",INDEX('ER C7 FLT4'!$A$4:$J$340,MATCH($E9&$C9,'ER C7 FLT4'!$A$4:$A$340&'ER C7 FLT4'!$B$4:$B$340-2,1),9)),\nIF($H9=\"Class_6\",INDEX('ER C6 FLT4'!$A$4:$J$340,MATCH($E9&$C9,'ER C6 FLT4'!$A$4:$A$340&'ER C6 FLT4'!$B$4:$B$340-2,1),8)*IF($H9=\"Class_6\",INDEX('ER C6 FLT4'!$A$4:$L$340,MATCH($E9&$C9,'ER C6 FLT4'!$A$4:$A$340&'ER C6 FLT4'!$B$4:$B$340-2,1),9))))),\nIF($B9=\"3 Trucks\",IF(OR($H9=\"Class_8\",$N9=\"Replacement8HHD\",$AH9=\"CL7HHD\",$AJ9=\"CL7to8\"),INDEX('ER C8 FLT3'!$A$4:$J$340,MATCH($E9&$C9,'ER C8 FLT3'!$A$4:$A$340&'ER C8 FLT3'!$B$4:$B$340-2,1),8)*IF(OR($H9=\"Class_8\",$N9=\"Replacement8HHD\",$AH9=\"CL7HHD\",$AJ9=\"CL7to8\"),INDEX('ER C8 FLT3'!$A$4:$J$340,MATCH($E9&$C9,'ER C8 FLT3'!$A$4:$A$340&'ER C8 FLT3'!$B$4:$B$340-2,1),9)),IF($H9=\"Class_7\",INDEX('ER C7 FLT3'!$A$4:$J$340,MATCH($E9&$C9,'ER C7 FLT3'!$A$4:$A$340&'ER C7 FLT3'!$B$4:$B$340-2,1),8)*IF($H9=\"Class_7\",INDEX('ER C7 FLT3'!$A$4:$J$340,MATCH($E9&$C9,'ER C7 FLT3'!$A$4:$A$340&'ER C7 FLT3'!$B$4:$B$340-2,1),9)),\nIF($H9=\"Class_6\",INDEX('ER C6 FLT3'!$A$4:$J$340,MATCH($E9&$C9,'ER C6 FLT3'!$A$4:$A$340&'ER C6 FLT3'!$B$4:$B$340-2,1),8)*IF($H9=\"Class_6\",INDEX('ER C6 FLT3'!$A$4:$L$340,MATCH($E9&$C9,'ER C6 FLT3'!$A$4:$A$340&'ER C6 FLT3'!$B$4:$B$340-2,1),9))))),IF($B9=\"2 Trucks\",IF(OR($H9=\"Class_8\",$N9=\"Replacement8HHD\",$AH9=\"CL7HHD\",$AJ9=\"CL7to8\"),INDEX('ER C8 FLT2'!$A$4:$J$340,MATCH($E9&$C9,'ER C8 FLT2'!$A$4:$A$340&'ER C8 FLT2'!$B$4:$B$340-2,1),8)*IF(OR($H9=\"Class_8\",$N9=\"Replacement8HHD\",$AH9=\"CL7HHD\",$AJ9=\"CL7to8\"),INDEX('ER C8 FLT2'!$A$4:$J$340,MATCH($E9&$C9,'ER C8 FLT2'!$A$4:$A$340&'ER C8 FLT2'!$B$4:$B$340-2,1),9)),IF($H9=\"Class_7\",INDEX('ER C7 FLT2'!$A$4:$J$340,MATCH($E9&$C9,'ER C7 FLT2'!$A$4:$A$340&'ER C7 FLT2'!$B$4:$B$340-2,1),8)*IF($H9=\"Class_7\",INDEX('ER C7 FLT2'!$A$4:$J$340,MATCH($E9&$C9,'ER C7 FLT2'!$A$4:$A$340&'ER C7 FLT2'!$B$4:$B$340-2,1),9)),IF($H9=\"Class_6\",INDEX('ER C6 FLT2'!$A$4:$J$340,MATCH($E9&$C9,'ER C6 FLT2'!$A$4:$A$340&'ER C6 FLT2'!$B$4:$B$340-2,1),8)*IF($H9=\"Class_6\",INDEX('ER C6 FLT2'!$A$4:$J$340,MATCH($E9&$C9,'ER C6 FLT2'!$A$4:$A$340&'ER C6 FLT2'!$B$4:$B$340-2,1),9))))),IF($B9=\"1 Truck\",\nIF(OR($H9=\"Class_8\",$N9=\"Replacement8HHD\",$AH9=\"CL7HHD\",$AJ9=\"CL7to8\"),INDEX('ER C8 FLT1'!$A$4:$J$340,MATCH($E9&$C9,'ER C8 FLT1'!$A$4:$A$340&'ER C8 FLT1'!$B$4:$B$340-2,1),8)*IF(OR($H9=\"Class_8\",$N9=\"Replacement8HHD\",$AH9=\"CL7HHD\",$AJ9=\"CL7to8\"),INDEX('ER C8 FLT1'!$A$4:$J$340,MATCH($E9&$C9,'ER C8 FLT1'!$A$4:$A$340&'ER C8 FLT1'!$B$4:$B$340-2,1),9)),IF($H9=\"Class_7\",INDEX('ER C7 FLT1'!$A$4:$J$340,MATCH($E9&$C9,'ER C7 FLT1'!$A$4:$A$340&'ER C7 FLT1'!$B$4:$B$340-2,1),8)*IF($H9=\"Class_7\",INDEX('ER C7 FLT1'!$A$4:$J$340,MATCH($E9&$C9,'ER C7 FLT1'!$A$4:$A$340&'ER C7 FLT1'!$B$4:$B$340-2,1),9)),\nIF($H9=\"Class_6\",INDEX('ER C6 FLT1'!$A$4:$J$340,MATCH($E9&$C9,'ER C6 FLT1'!$A$4:$A$340&'ER C6 FLT1'!$B$4:$B$340-2,1),8)*IF($H9=\"Class_6\",INDEX('ER C6 FLT1'!$A$4:$J$340,MATCH($E9&$C9,'ER C6 FLT1'!$A$4:$A$340&'ER C6 FLT1'!$B$4:$B$340-2,1),9))))))))*IF($F9=\"Level 1 PM\",0.75,IF($F9=\"Level 2 PM\",0.5,IF($F9=\"Level 3 PM\",0,IF($F9=\"Level 3 PM + Mark I NOx\",0,1)))))*($Q9/453.6)","v":0},{"$f":"IF($B9=\"4+ Trucks\",IF(OR($H9=\"Class_8\",$N9=\"Replacement8HHD\",$AH9=\"CL7HHD\",$AJ9=\"CL7to8\"),INDEX('ER C8 FLT4'!$A$4:$K$340,MATCH($E9&$C9,'ER C8 FLT4'!$A$4:$A$340&'ER C8 FLT4'!$B$4:$B$340-3,1),8)*IF(OR($H9=\"Class_8\",$N9=\"Replacement8HHD\",$AH9=\"CL7HHD\",$AJ9=\"CL7to8\"),INDEX('ER C8 FLT4'!$A$4:$K$340,MATCH($E9&$C9,'ER C8 FLT4'!$A$4:$A$340&'ER C8 FLT4'!$B$4:$B$340-3,1),9)),IF($H9=\"Class_7\",INDEX('ER C7 FLT4'!$A$4:$J$340,MATCH($E9&$C9,'ER C7 FLT4'!$A$4:$A$340&'ER C7 FLT4'!$B$4:$B$340-3,1),8)*IF($H9=\"Class_7\",INDEX('ER C7 FLT4'!$A$4:$J$340,MATCH($E9&$C9,'ER C7 FLT4'!$A$4:$A$340&'ER C7 FLT4'!$B$4:$B$340-3,1),9)),\nIF($H9=\"Class_6\",INDEX('ER C6 FLT4'!$A$4:$J$340,MATCH($E9&$C9,'ER C6 FLT4'!$A$4:$A$340&'ER C6 FLT4'!$B$4:$B$340-3,1),8)*IF($H9=\"Class_6\",INDEX('ER C6 FLT4'!$A$4:$L$340,MATCH($E9&$C9,'ER C6 FLT4'!$A$4:$A$340&'ER C6 FLT4'!$B$4:$B$340-3,1),9))))),\nIF($B9=\"3 Trucks\",IF(OR($H9=\"Class_8\",$N9=\"Replacement8HHD\",$AH9=\"CL7HHD\",$AJ9=\"CL7to8\"),INDEX('ER C8 FLT3'!$A$4:$J$340,MATCH($E9&$C9,'ER C8 FLT3'!$A$4:$A$340&'ER C8 FLT3'!$B$4:$B$340-3,1),8)*IF(OR($H9=\"Class_8\",$N9=\"Replacement8HHD\",$AH9=\"CL7HHD\",$AJ9=\"CL7to8\"),INDEX('ER C8 FLT3'!$A$4:$J$340,MATCH($E9&$C9,'ER C8 FLT3'!$A$4:$A$340&'ER C8 FLT3'!$B$4:$B$340-3,1),9)),IF($H9=\"Class_7\",INDEX('ER C7 FLT3'!$A$4:$J$340,MATCH($E9&$C9,'ER C7 FLT3'!$A$4:$A$340&'ER C7 FLT3'!$B$4:$B$340-3,1),8)*IF($H9=\"Class_7\",INDEX('ER C7 FLT3'!$A$4:$J$340,MATCH($E9&$C9,'ER C7 FLT3'!$A$4:$A$340&'ER C7 FLT3'!$B$4:$B$340-3,1),9)),\nIF($H9=\"Class_6\",INDEX('ER C6 FLT3'!$A$4:$J$340,MATCH($E9&$C9,'ER C6 FLT3'!$A$4:$A$340&'ER C6 FLT3'!$B$4:$B$340-3,1),8)*IF($H9=\"Class_6\",INDEX('ER C6 FLT3'!$A$4:$L$340,MATCH($E9&$C9,'ER C6 FLT3'!$A$4:$A$340&'ER C6 FLT3'!$B$4:$B$340-3,1),9))))),IF($B9=\"2 Trucks\",IF(OR($H9=\"Class_8\",$N9=\"Replacement8HHD\",$AH9=\"CL7HHD\",$AJ9=\"CL7to8\"),INDEX('ER C8 FLT2'!$A$4:$J$340,MATCH($E9&$C9,'ER C8 FLT2'!$A$4:$A$340&'ER C8 FLT2'!$B$4:$B$340-3,1),8)*IF(OR($H9=\"Class_8\",$N9=\"Replacement8HHD\",$AH9=\"CL7HHD\",$AJ9=\"CL7to8\"),INDEX('ER C8 FLT2'!$A$4:$J$340,MATCH($E9&$C9,'ER C8 FLT2'!$A$4:$A$340&'ER C8 FLT2'!$B$4:$B$340-3,1),9)),IF($H9=\"Class_7\",INDEX('ER C7 FLT2'!$A$4:$J$340,MATCH($E9&$C9,'ER C7 FLT2'!$A$4:$A$340&'ER C7 FLT2'!$B$4:$B$340-3,1),8)*IF($H9=\"Class_7\",INDEX('ER C7 FLT2'!$A$4:$J$340,MATCH($E9&$C9,'ER C7 FLT2'!$A$4:$A$340&'ER C7 FLT2'!$B$4:$B$340-3,1),9)),IF($H9=\"Class_6\",INDEX('ER C6 FLT2'!$A$4:$J$340,MATCH($E9&$C9,'ER C6 FLT2'!$A$4:$A$340&'ER C6 FLT2'!$B$4:$B$340-3,1),8)*IF($H9=\"Class_6\",INDEX('ER C6 FLT2'!$A$4:$J$340,MATCH($E9&$C9,'ER C6 FLT2'!$A$4:$A$340&'ER C6 FLT2'!$B$4:$B$340-3,1),9))))),IF($B9=\"1 Truck\",\nIF(OR($H9=\"Class_8\",$N9=\"Replacement8HHD\",$AH9=\"CL7HHD\",$AJ9=\"CL7to8\"),INDEX('ER C8 FLT1'!$A$4:$J$340,MATCH($E9&$C9,'ER C8 FLT1'!$A$4:$A$340&'ER C8 FLT1'!$B$4:$B$340-3,1),8)*IF(OR($H9=\"Class_8\",$N9=\"Replacement8HHD\",$AH9=\"CL7HHD\",$AJ9=\"CL7to8\"),INDEX('ER C8 FLT1'!$A$4:$J$340,MATCH($E9&$C9,'ER C8 FLT1'!$A$4:$A$340&'ER C8 FLT1'!$B$4:$B$340-3,1),9)),IF($H9=\"Class_7\",INDEX('ER C7 FLT1'!$A$4:$J$340,MATCH($E9&$C9,'ER C7 FLT1'!$A$4:$A$340&'ER C7 FLT1'!$B$4:$B$340-3,1),8)*IF($H9=\"Class_7\",INDEX('ER C7 FLT1'!$A$4:$J$340,MATCH($E9&$C9,'ER C7 FLT1'!$A$4:$A$340&'ER C7 FLT1'!$B$4:$B$340-3,1),9)),\nIF($H9=\"Class_6\",INDEX('ER C6 FLT1'!$A$4:$J$340,MATCH($E9&$C9,'ER C6 FLT1'!$A$4:$A$340&'ER C6 FLT1'!$B$4:$B$340-3,1),8)*IF($H9=\"Class_6\",INDEX('ER C6 FLT1'!$A$4:$J$340,MATCH($E9&$C9,'ER C6 FLT1'!$A$4:$A$340&'ER C6 FLT1'!$B$4:$B$340-3,1),9))))))))*IF($F9=\"Level 1 PM\",0.75,IF($F9=\"Level 2 PM\",0.5,IF($F9=\"Level 3 PM\",0,IF($F9=\"Level 3 PM + Mark I NOx\",0,1)))))*($Q9/453.6)","v":0},{"$f":"IF($B9=\"4+ Trucks\",IF(OR($H9=\"Class_8\",$N9=\"Replacement8HHD\",$AH9=\"CL7HHD\",$AJ9=\"CL7to8\"),INDEX('ER C8 FLT4'!$A$4:$K$340,MATCH($E9&$C9,'ER C8 FLT4'!$A$4:$A$340&'ER C8 FLT4'!$B$4:$B$340-4,1),8)*IF(OR($H9=\"Class_8\",$N9=\"Replacement8HHD\",$AH9=\"CL7HHD\",$AJ9=\"CL7to8\"),INDEX('ER C8 FLT4'!$A$4:$K$340,MATCH($E9&$C9,'ER C8 FLT4'!$A$4:$A$340&'ER C8 FLT4'!$B$4:$B$340-4,1),9)),IF($H9=\"Class_7\",INDEX('ER C7 FLT4'!$A$4:$J$340,MATCH($E9&$C9,'ER C7 FLT4'!$A$4:$A$340&'ER C7 FLT4'!$B$4:$B$340-4,1),8)*IF($H9=\"Class_7\",INDEX('ER C7 FLT4'!$A$4:$J$340,MATCH($E9&$C9,'ER C7 FLT4'!$A$4:$A$340&'ER C7 FLT4'!$B$4:$B$340-4,1),9)),\nIF($H9=\"Class_6\",INDEX('ER C6 FLT4'!$A$4:$J$340,MATCH($E9&$C9,'ER C6 FLT4'!$A$4:$A$340&'ER C6 FLT4'!$B$4:$B$340-4,1),8)*IF($H9=\"Class_6\",INDEX('ER C6 FLT4'!$A$4:$L$340,MATCH($E9&$C9,'ER C6 FLT4'!$A$4:$A$340&'ER C6 FLT4'!$B$4:$B$340-4,1),9))))),\nIF($B9=\"3 Trucks\",IF(OR($H9=\"Class_8\",$N9=\"Replacement8HHD\",$AH9=\"CL7HHD\",$AJ9=\"CL7to8\"),INDEX('ER C8 FLT3'!$A$4:$J$340,MATCH($E9&$C9,'ER C8 FLT3'!$A$4:$A$340&'ER C8 FLT3'!$B$4:$B$340-4,1),8)*IF(OR($H9=\"Class_8\",$N9=\"Replacement8HHD\",$AH9=\"CL7HHD\",$AJ9=\"CL7to8\"),INDEX('ER C8 FLT3'!$A$4:$J$340,MATCH($E9&$C9,'ER C8 FLT3'!$A$4:$A$340&'ER C8 FLT3'!$B$4:$B$340-4,1),9)),IF($H9=\"Class_7\",INDEX('ER C7 FLT3'!$A$4:$J$340,MATCH($E9&$C9,'ER C7 FLT3'!$A$4:$A$340&'ER C7 FLT3'!$B$4:$B$340-4,1),8)*IF($H9=\"Class_7\",INDEX('ER C7 FLT3'!$A$4:$J$340,MATCH($E9&$C9,'ER C7 FLT3'!$A$4:$A$340&'ER C7 FLT3'!$B$4:$B$340-4,1),9)),\nIF($H9=\"Class_6\",INDEX('ER C6 FLT3'!$A$4:$J$340,MATCH($E9&$C9,'ER C6 FLT3'!$A$4:$A$340&'ER C6 FLT3'!$B$4:$B$340-4,1),8)*IF($H9=\"Class_6\",INDEX('ER C6 FLT3'!$A$4:$L$340,MATCH($E9&$C9,'ER C6 FLT3'!$A$4:$A$340&'ER C6 FLT3'!$B$4:$B$340-4,1),9))))),IF($B9=\"2 Trucks\",IF(OR($H9=\"Class_8\",$N9=\"Replacement8HHD\",$AH9=\"CL7HHD\",$AJ9=\"CL7to8\"),INDEX('ER C8 FLT2'!$A$4:$J$340,MATCH($E9&$C9,'ER C8 FLT2'!$A$4:$A$340&'ER C8 FLT2'!$B$4:$B$340-4,1),8)*IF(OR($H9=\"Class_8\",$N9=\"Replacement8HHD\",$AH9=\"CL7HHD\",$AJ9=\"CL7to8\"),INDEX('ER C8 FLT2'!$A$4:$J$340,MATCH($E9&$C9,'ER C8 FLT2'!$A$4:$A$340&'ER C8 FLT2'!$B$4:$B$340-4,1),9)),IF($H9=\"Class_7\",INDEX('ER C7 FLT2'!$A$4:$J$340,MATCH($E9&$C9,'ER C7 FLT2'!$A$4:$A$340&'ER C7 FLT2'!$B$4:$B$340-4,1),8)*IF($H9=\"Class_7\",INDEX('ER C7 FLT2'!$A$4:$J$340,MATCH($E9&$C9,'ER C7 FLT2'!$A$4:$A$340&'ER C7 FLT2'!$B$4:$B$340-4,1),9)),IF($H9=\"Class_6\",INDEX('ER C6 FLT2'!$A$4:$J$340,MATCH($E9&$C9,'ER C6 FLT2'!$A$4:$A$340&'ER C6 FLT2'!$B$4:$B$340-4,1),8)*IF($H9=\"Class_6\",INDEX('ER C6 FLT2'!$A$4:$J$340,MATCH($E9&$C9,'ER C6 FLT2'!$A$4:$A$340&'ER C6 FLT2'!$B$4:$B$340-4,1),9))))),IF($B9=\"1 Truck\",\nIF(OR($H9=\"Class_8\",$N9=\"Replacement8HHD\",$AH9=\"CL7HHD\",$AJ9=\"CL7to8\"),INDEX('ER C8 FLT1'!$A$4:$J$340,MATCH($E9&$C9,'ER C8 FLT1'!$A$4:$A$340&'ER C8 FLT1'!$B$4:$B$340-4,1),8)*IF(OR($H9=\"Class_8\",$N9=\"Replacement8HHD\",$AH9=\"CL7HHD\",$AJ9=\"CL7to8\"),INDEX('ER C8 FLT1'!$A$4:$J$340,MATCH($E9&$C9,'ER C8 FLT1'!$A$4:$A$340&'ER C8 FLT1'!$B$4:$B$340-4,1),9)),IF($H9=\"Class_7\",INDEX('ER C7 FLT1'!$A$4:$J$340,MATCH($E9&$C9,'ER C7 FLT1'!$A$4:$A$340&'ER C7 FLT1'!$B$4:$B$340-4,1),8)*IF($H9=\"Class_7\",INDEX('ER C7 FLT1'!$A$4:$J$340,MATCH($E9&$C9,'ER C7 FLT1'!$A$4:$A$340&'ER C7 FLT1'!$B$4:$B$340-4,1),9)),\nIF($H9=\"Class_6\",INDEX('ER C6 FLT1'!$A$4:$J$340,MATCH($E9&$C9,'ER C6 FLT1'!$A$4:$A$340&'ER C6 FLT1'!$B$4:$B$340-4,1),8)*IF($H9=\"Class_6\",INDEX('ER C6 FLT1'!$A$4:$J$340,MATCH($E9&$C9,'ER C6 FLT1'!$A$4:$A$340&'ER C6 FLT1'!$B$4:$B$340-4,1),9))))))))*IF($F9=\"Level 1 PM\",0.75,IF($F9=\"Level 2 PM\",0.5,IF($F9=\"Level 3 PM\",0,IF($F9=\"Level 3 PM + Mark I NOx\",0,1)))))*($Q9/453.6)","v":0},{"$f":"IF($B9=\"4+ Trucks\",IF(OR($H9=\"Class_8\",$N9=\"Replacement8HHD\",$AH9=\"CL7HHD\",$AJ9=\"CL7to8\"),INDEX('ER C8 FLT4'!$A$4:$K$340,MATCH($E9&$C9,'ER C8 FLT4'!$A$4:$A$340&'ER C8 FLT4'!$B$4:$B$340,1),8),IF($H9=\"Class_7\",INDEX('ER C7 FLT4'!$A$4:$J$340,MATCH($E9&$C9,'ER C7 FLT4'!$A$4:$A$340&'ER C7 FLT4'!$B$4:$B$340,1),8),IF($H9=\"Class_6\",INDEX('ER C6 FLT4'!$A$4:$J$340,MATCH($E9&$C9,'ER C6 FLT4'!$A$4:$A$340&'ER C6 FLT4'!$B$4:$B$340,1),8)))),\nIF($B9=\"3 Trucks\",IF(OR($H9=\"Class_8\",$N9=\"Replacement8HHD\",$AH9=\"CL7HHD\",$AJ9=\"CL7to8\"),INDEX('ER C8 FLT3'!$A$4:$J$340,MATCH($E9&$C9,'ER C8 FLT3'!$A$4:$A$340&'ER C8 FLT3'!$B$4:$B$340,1),8),IF($H9=\"Class_7\",INDEX('ER C7 FLT3'!$A$4:$J$340,MATCH($E9&$C9,'ER C7 FLT3'!$A$4:$A$340&'ER C7 FLT3'!$B$4:$B$340,1),8),IF($H9=\"Class_6\",INDEX('ER C6 FLT3'!$A$4:$J$340,MATCH($E9&$C9,'ER C6 FLT3'!$A$4:$A$340&'ER C6 FLT3'!$B$4:$B$340,1),8)))),IF($B9=\"2 Trucks\",IF(OR($H9=\"Class_8\",$N9=\"Replacement8HHD\",$AH9=\"CL7HHD\",$AJ9=\"CL7to8\"),INDEX('ER C8 FLT2'!$A$4:$J$340,MATCH($E9&$C9,'ER C8 FLT2'!$A$4:$A$340&'ER C8 FLT2'!$B$4:$B$340,1),8),IF($H9=\"Class_7\",INDEX('ER C7 FLT2'!$A$4:$J$340,MATCH($E9&$C9,'ER C7 FLT2'!$A$4:$A$340&'ER C7 FLT2'!$B$4:$B$340,1),8),IF($H9=\"Class_6\",INDEX('ER C6 FLT2'!$A$4:$J$340,MATCH($E9&$C9,'ER C6 FLT2'!$A$4:$A$340&'ER C6 FLT2'!$B$4:$B$340,1),8)))),IF($B9=\"1 Truck\",IF(OR($H9=\"Class_8\",$N9=\"Replacement8HHD\",$AH9=\"CL7HHD\",$AJ9=\"CL7to8\"),INDEX('ER C8 FLT1'!$A$4:$J$340,MATCH($E9&$C9,'ER C8 FLT1'!$A$4:$A$340&'ER C8 FLT1'!$B$4:$B$340,1),8),IF($H9=\"Class_7\",INDEX('ER C7 FLT1'!$A$4:$J$340,MATCH($E9&$C9,'ER C7 FLT1'!$A$4:$A$340&'ER C7 FLT1'!$B$4:$B$340,1),8),IF($H9=\"Class_6\",INDEX('ER C6 FLT1'!$A$4:$J$340,MATCH($E9&$C9,'ER C6 FLT1'!$A$4:$A$340&'ER C6 FLT1'!$B$4:$B$340,1),8)))))))\n)","v":false},{"$f":"IF($B9=\"4+ Trucks\",IF(OR($H9=\"Class_8\",$N9=\"Replacement8HHD\",$AH9=\"CL7HHD\",$AJ9=\"CL7to8\"),INDEX('ER C8 FLT4'!$A$4:$K$340,MATCH($E9&$C9,'ER C8 FLT4'!$A$4:$A$340&'ER C8 FLT4'!$B$4:$B$340-1,1),8),IF($H9=\"Class_7\",INDEX('ER C7 FLT4'!$A$4:$J$340,MATCH($E9&$C9,'ER C7 FLT4'!$A$4:$A$340&'ER C7 FLT4'!$B$4:$B$340-1,1),8),IF($H9=\"Class_6\",INDEX('ER C6 FLT4'!$A$4:$J$340,MATCH($E9&$C9,'ER C6 FLT4'!$A$4:$A$340&'ER C6 FLT4'!$B$4:$B$340-1,1),8)))),\nIF($B9=\"3 Trucks\",IF(OR($H9=\"Class_8\",$N9=\"Replacement8HHD\",$AH9=\"CL7HHD\",$AJ9=\"CL7to8\"),INDEX('ER C8 FLT3'!$A$4:$J$340,MATCH($E9&$C9,'ER C8 FLT3'!$A$4:$A$340&'ER C8 FLT3'!$B$4:$B$340-1,1),8),IF($H9=\"Class_7\",INDEX('ER C7 FLT3'!$A$4:$J$340,MATCH($E9&$C9,'ER C7 FLT3'!$A$4:$A$340&'ER C7 FLT3'!$B$4:$B$340-1,1),8),IF($H9=\"Class_6\",INDEX('ER C6 FLT3'!$A$4:$J$340,MATCH($E9&$C9,'ER C6 FLT3'!$A$4:$A$340&'ER C6 FLT3'!$B$4:$B$340-1,1),8)))),IF($B9=\"2 Trucks\",IF(OR($H9=\"Class_8\",$N9=\"Replacement8HHD\",$AH9=\"CL7HHD\",$AJ9=\"CL7to8\"),INDEX('ER C8 FLT2'!$A$4:$J$340,MATCH($E9&$C9,'ER C8 FLT2'!$A$4:$A$340&'ER C8 FLT2'!$B$4:$B$340-1,1),8),IF($H9=\"Class_7\",INDEX('ER C7 FLT2'!$A$4:$J$340,MATCH($E9&$C9,'ER C7 FLT2'!$A$4:$A$340&'ER C7 FLT2'!$B$4:$B$340-1,1),8),IF($H9=\"Class_6\",INDEX('ER C6 FLT2'!$A$4:$J$340,MATCH($E9&$C9,'ER C6 FLT2'!$A$4:$A$340&'ER C6 FLT2'!$B$4:$B$340-1,1),8)))),IF($B9=\"1 Truck\",IF(OR($H9=\"Class_8\",$N9=\"Replacement8HHD\",$AH9=\"CL7HHD\",$AJ9=\"CL7to8\"),INDEX('ER C8 FLT1'!$A$4:$J$340,MATCH($E9&$C9,'ER C8 FLT1'!$A$4:$A$340&'ER C8 FLT1'!$B$4:$B$340-1,1),8),IF($H9=\"Class_7\",INDEX('ER C7 FLT1'!$A$4:$J$340,MATCH($E9&$C9,'ER C7 FLT1'!$A$4:$A$340&'ER C7 FLT1'!$B$4:$B$340-1,1),8),IF($H9=\"Class_6\",INDEX('ER C6 FLT1'!$A$4:$J$340,MATCH($E9&$C9,'ER C6 FLT1'!$A$4:$A$340&'ER C6 FLT1'!$B$4:$B$340-1,1),8)))))))\n)","v":false},{"$f":"IF($B9=\"4+ Trucks\",IF(OR($H9=\"Class_8\",$N9=\"Replacement8HHD\",$AH9=\"CL7HHD\",$AJ9=\"CL7to8\"),INDEX('ER C8 FLT4'!$A$4:$K$340,MATCH($E9&$C9,'ER C8 FLT4'!$A$4:$A$340&'ER C8 FLT4'!$B$4:$B$340-2,1),8),IF($H9=\"Class_7\",INDEX('ER C7 FLT4'!$A$4:$J$340,MATCH($E9&$C9,'ER C7 FLT4'!$A$4:$A$340&'ER C7 FLT4'!$B$4:$B$340-2,1),8),IF($H9=\"Class_6\",INDEX('ER C6 FLT4'!$A$4:$J$340,MATCH($E9&$C9,'ER C6 FLT4'!$A$4:$A$340&'ER C6 FLT4'!$B$4:$B$340-2,1),8)))),\nIF($B9=\"3 Trucks\",IF(OR($H9=\"Class_8\",$N9=\"Replacement8HHD\",$AH9=\"CL7HHD\",$AJ9=\"CL7to8\"),INDEX('ER C8 FLT3'!$A$4:$J$340,MATCH($E9&$C9,'ER C8 FLT3'!$A$4:$A$340&'ER C8 FLT3'!$B$4:$B$340-2,1),8),IF($H9=\"Class_7\",INDEX('ER C7 FLT3'!$A$4:$J$340,MATCH($E9&$C9,'ER C7 FLT3'!$A$4:$A$340&'ER C7 FLT3'!$B$4:$B$340-2,1),8),IF($H9=\"Class_6\",INDEX('ER C6 FLT3'!$A$4:$J$340,MATCH($E9&$C9,'ER C6 FLT3'!$A$4:$A$340&'ER C6 FLT3'!$B$4:$B$340-2,1),8)))),IF($B9=\"2 Trucks\",IF(OR($H9=\"Class_8\",$N9=\"Replacement8HHD\",$AH9=\"CL7HHD\",$AJ9=\"CL7to8\"),INDEX('ER C8 FLT2'!$A$4:$J$340,MATCH($E9&$C9,'ER C8 FLT2'!$A$4:$A$340&'ER C8 FLT2'!$B$4:$B$340-2,1),8),IF($H9=\"Class_7\",INDEX('ER C7 FLT2'!$A$4:$J$340,MATCH($E9&$C9,'ER C7 FLT2'!$A$4:$A$340&'ER C7 FLT2'!$B$4:$B$340-2,1),8),IF($H9=\"Class_6\",INDEX('ER C6 FLT2'!$A$4:$J$340,MATCH($E9&$C9,'ER C6 FLT2'!$A$4:$A$340&'ER C6 FLT2'!$B$4:$B$340-2,1),8)))),IF($B9=\"1 Truck\",IF(OR($H9=\"Class_8\",$N9=\"Replacement8HHD\",$AH9=\"CL7HHD\",$AJ9=\"CL7to8\"),INDEX('ER C8 FLT1'!$A$4:$J$340,MATCH($E9&$C9,'ER C8 FLT1'!$A$4:$A$340&'ER C8 FLT1'!$B$4:$B$340-2,1),8),IF($H9=\"Class_7\",INDEX('ER C7 FLT1'!$A$4:$J$340,MATCH($E9&$C9,'ER C7 FLT1'!$A$4:$A$340&'ER C7 FLT1'!$B$4:$B$340-2,1),8),IF($H9=\"Class_6\",INDEX('ER C6 FLT1'!$A$4:$J$340,MATCH($E9&$C9,'ER C6 FLT1'!$A$4:$A$340&'ER C6 FLT1'!$B$4:$B$340-2,1),8)))))))\n)","v":false},{"$f":"IF($B9=\"4+ Trucks\",IF(OR($H9=\"Class_8\",$N9=\"Replacement8HHD\",$AH9=\"CL7HHD\",$AJ9=\"CL7to8\"),INDEX('ER C8 FLT4'!$A$4:$J$340,MATCH($E9&$C9,'ER C8 FLT4'!$A$4:$A$340&'ER C8 FLT4'!$B$4:$B$340-3,1),8),IF($H9=\"Class_7\",INDEX('ER C7 FLT4'!$A$4:$J$340,MATCH($E9&$C9,'ER C7 FLT4'!$A$4:$A$340&'ER C7 FLT4'!$B$4:$B$340-3,1),8),IF($H9=\"Class_6\",INDEX('ER C6 FLT4'!$A$4:$J$340,MATCH($E9&$C9,'ER C6 FLT4'!$A$4:$A$340&'ER C6 FLT4'!$B$4:$B$340-3,1),8)))),\nIF($B9=\"3 Trucks\",IF(OR($H9=\"Class_8\",$N9=\"Replacement8HHD\",$AH9=\"CL7HHD\",$AJ9=\"CL7to8\"),INDEX('ER C8 FLT3'!$A$4:$J$340,MATCH($E9&$C9,'ER C8 FLT3'!$A$4:$A$340&'ER C8 FLT3'!$B$4:$B$340-3,1),8),IF($H9=\"Class_7\",INDEX('ER C7 FLT3'!$A$4:$J$340,MATCH($E9&$C9,'ER C7 FLT3'!$A$4:$A$340&'ER C7 FLT3'!$B$4:$B$340-3,1),8),IF($H9=\"Class_6\",INDEX('ER C6 FLT3'!$A$4:$J$340,MATCH($E9&$C9,'ER C6 FLT3'!$A$4:$A$340&'ER C6 FLT3'!$B$4:$B$340-3,1),8)))),\nIF($B9=\"2 Trucks\",IF(OR($H9=\"Class_8\",$N9=\"Replacement8HHD\",$AH9=\"CL7HHD\",$AJ9=\"CL7to8\"),INDEX('ER C8 FLT2'!$A$4:$J$340,MATCH($E9&$C9,'ER C8 FLT2'!$A$4:$A$340&'ER C8 FLT2'!$B$4:$B$340-3,1),8),IF($H9=\"Class_7\",INDEX('ER C7 FLT2'!$A$4:$J$340,MATCH($E9&$C9,'ER C7 FLT2'!$A$4:$A$340&'ER C7 FLT2'!$B$4:$B$340-3,1),8),IF($H9=\"Class_6\",INDEX('ER C6 FLT2'!$A$4:$J$340,MATCH($E9&$C9,'ER C6 FLT2'!$A$4:$A$340&'ER C6 FLT2'!$B$4:$B$340-3,1),8)))),IF($B9=\"1 Truck\",IF(OR($H9=\"Class_8\",$N9=\"Replacement8HHD\",$AH9=\"CL7HHD\",$AJ9=\"CL7to8\"),INDEX('ER C8 FLT1'!$A$4:$J$340,MATCH($E9&$C9,'ER C8 FLT1'!$A$4:$A$340&'ER C8 FLT1'!$B$4:$B$340-3,1),8),IF($H9=\"Class_7\",INDEX('ER C7 FLT1'!$A$4:$J$340,MATCH($E9&$C9,'ER C7 FLT1'!$A$4:$A$340&'ER C7 FLT1'!$B$4:$B$340-3,1),8),IF($H9=\"Class_6\",INDEX('ER C6 FLT1'!$A$4:$J$340,MATCH($E9&$C9,'ER C6 FLT1'!$A$4:$A$340&'ER C6 FLT1'!$B$4:$B$340-3,1),8)))))))\n)","v":false},{"$f":"IF($B9=\"4+ Trucks\",IF(OR($H9=\"Class_8\",$N9=\"Replacement8HHD\",$AH9=\"CL7HHD\",$AJ9=\"CL7to8\"),INDEX('ER C8 FLT4'!$A$4:$J$340,MATCH($E9&$C9,'ER C8 FLT4'!$A$4:$A$340&'ER C8 FLT4'!$B$4:$B$340-4,1),8),IF($H9=\"Class_7\",INDEX('ER C7 FLT4'!$A$4:$J$340,MATCH($E9&$C9,'ER C7 FLT4'!$A$4:$A$340&'ER C7 FLT4'!$B$4:$B$340-4,1),8),IF($H9=\"Class_6\",INDEX('ER C6 FLT4'!$A$4:$J$340,MATCH($E9&$C9,'ER C6 FLT4'!$A$4:$A$340&'ER C6 FLT4'!$B$4:$B$340-4,1),8)))),\nIF($B9=\"3 Trucks\",IF(OR($H9=\"Class_8\",$N9=\"Replacement8HHD\",$AH9=\"CL7HHD\",$AJ9=\"CL7to8\"),INDEX('ER C8 FLT3'!$A$4:$J$340,MATCH($E9&$C9,'ER C8 FLT3'!$A$4:$A$340&'ER C8 FLT3'!$B$4:$B$340-4,1),8),IF($H9=\"Class_7\",INDEX('ER C7 FLT3'!$A$4:$J$340,MATCH($E9&$C9,'ER C7 FLT3'!$A$4:$A$340&'ER C7 FLT3'!$B$4:$B$340-4,1),8),IF($H9=\"Class_6\",INDEX('ER C6 FLT3'!$A$4:$J$340,MATCH($E9&$C9,'ER C6 FLT3'!$A$4:$A$340&'ER C6 FLT3'!$B$4:$B$340-4,1),8)))),\nIF($B9=\"2 Trucks\",IF(OR($H9=\"Class_8\",$N9=\"Replacement8HHD\",$AH9=\"CL7HHD\",$AJ9=\"CL7to8\"),INDEX('ER C8 FLT2'!$A$4:$J$340,MATCH($E9&$C9,'ER C8 FLT2'!$A$4:$A$340&'ER C8 FLT2'!$B$4:$B$340-4,1),8),IF($H9=\"Class_7\",INDEX('ER C7 FLT2'!$A$4:$J$340,MATCH($E9&$C9,'ER C7 FLT2'!$A$4:$A$340&'ER C7 FLT2'!$B$4:$B$340-4,1),8),IF($H9=\"Class_6\",INDEX('ER C6 FLT2'!$A$4:$J$340,MATCH($E9&$C9,'ER C6 FLT2'!$A$4:$A$340&'ER C6 FLT2'!$B$4:$B$340-4,1),8)))),IF($B9=\"1 Truck\",IF(OR($H9=\"Class_8\",$N9=\"Replacement8HHD\",$AH9=\"CL7HHD\",$AJ9=\"CL7to8\"),INDEX('ER C8 FLT1'!$A$4:$J$340,MATCH($E9&$C9,'ER C8 FLT1'!$A$4:$A$340&'ER C8 FLT1'!$B$4:$B$340-4,1),8),IF($H9=\"Class_7\",INDEX('ER C7 FLT1'!$A$4:$J$340,MATCH($E9&$C9,'ER C7 FLT1'!$A$4:$A$340&'ER C7 FLT1'!$B$4:$B$340-4,1),8),IF($H9=\"Class_6\",INDEX('ER C6 FLT1'!$A$4:$J$340,MATCH($E9&$C9,'ER C6 FLT1'!$A$4:$A$340&'ER C6 FLT1'!$B$4:$B$340-4,1),8)))))))\n)","v":false},0,0,0,0,0,{"$f":"IF(OR($R9=\"Diesel\",$R9=\"Zero Emission\",$R9=\"Hybrid\",$R9=\"Hybrid Zero-Mile\",$R9=\"Low NOx\",$R9=\"LNG/CNG\"),IF($B9=\"3 Trucks\",IF(OR($O9=\"Class_8\",$N9=\"Replacement8HHD\",$AI9=\"CL7HHD\"),INDEX('ER C8 FLT3'!$A$4:$J$340,MATCH(DropData!$J55&$C9,'ER C8 FLT3'!$A$4:$A$340&'ER C8 FLT3'!$B$4:$B$340,1),8),IF($O9=\"Class_7\",INDEX('ER C7 FLT3'!$A$4:$J$340,MATCH(DropData!$J55&$C9,'ER C7 FLT3'!$A$4:$A$340&'ER C7 FLT3'!$B$4:$B$340,1),8),IF($O9=\"Class_6\",INDEX('ER C6 FLT3'!$A$4:$J$340,MATCH(DropData!$J55&$C9,'ER C6 FLT3'!$A$4:$A$340&'ER C6 FLT3'!$B$4:$B$340,1),8)))),IF($B9=\"2 Trucks\",IF(OR($O9=\"Class_8\",$N9=\"Replacement8HHD\",$AI9=\"CL7HHD\"),INDEX('ER C8 FLT2'!$A$4:$J$340,MATCH(DropData!$J55&$C9,'ER C8 FLT2'!$A$4:$A$340&'ER C8 FLT2'!$B$4:$B$340,1),8),IF($O9=\"Class_7\",INDEX('ER C7 FLT2'!$A$4:$J$340,MATCH(DropData!$J55&$C9,'ER C7 FLT2'!$A$4:$A$340&'ER C7 FLT2'!$B$4:$B$340,1),8),IF($O9=\"Class_6\",INDEX('ER C6 FLT2'!$A$4:$J$340,MATCH(DropData!$J55&$C9,'ER C6 FLT2'!$A$4:$A$340&'ER C6 FLT2'!$B$4:$B$340,1),8)))),IF($B9=\"1 Truck\",IF(OR($O9=\"Class_8\",$N9=\"Replacement8HHD\",$AI9=\"CL7HHD\"),INDEX('ER C8 FLT1'!$A$4:$J$340,MATCH(DropData!$J55&$C9,'ER C8 FLT1'!$A$4:$A$340&'ER C8 FLT1'!$B$4:$B$340,1),8),IF($O9=\"Class_7\",INDEX('ER C7 FLT1'!$A$4:$J$340,MATCH(DropData!$J55&$C9,'ER C7 FLT1'!$A$4:$A$340&'ER C7 FLT1'!$B$4:$B$340,1),8),IF($O9=\"Class_6\",INDEX('ER C6 FLT1'!$A$4:$J$340,MATCH(DropData!$J55&$C9,'ER C6 FLT1'!$A$4:$A$340&'ER C6 FLT1'!$B$4:$B$340,1),8)))),IF($B9=\"4+ Trucks\",IF(OR($O9=\"Class_8\",$N9=\"Replacement8HHD\",$AI9=\"CL7HHD\"),INDEX('ER C8 FLT4'!$A$4:$J$340,MATCH(DropData!$J55&$C9,'ER C8 FLT4'!$A$4:$A$340&'ER C8 FLT4'!$B$4:$B$340,1),8),IF($O9=\"Class_7\",INDEX('ER C7 FLT4'!$A$4:$J$340,MATCH(DropData!$J55&$C9,'ER C7 FLT4'!$A$4:$A$340&'ER C7 FLT4'!$B$4:$B$340,1),8),IF($O9=\"Class_6\",INDEX('ER C6 FLT4'!$A$4:$J$340,MATCH(DropData!$J55&$C9,'ER C6 FLT4'!$A$4:$A$340&'ER C6 FLT4'!$B$4:$B$340,1),8)))))))))","v":false},{"$f":"IF(OR($R9=\"Diesel\",$R9=\"Zero Emission\",$R9=\"Hybrid\",$R9=\"Hybrid Zero-Mile\",$R9=\"Low NOx\",$R9=\"LNG/CNG\"),IF($B9=\"3 Trucks\",IF(OR($O9=\"Class_8\",$N9=\"Replacement8HHD\",$AI9=\"CL7HHD\"),INDEX('ER C8 FLT3'!$A$4:$J$340,MATCH(DropData!$J55&$C9,'ER C8 FLT3'!$A$4:$A$340&'ER C8 FLT3'!$B$4:$B$340-1,1),8),IF($O9=\"Class_7\",INDEX('ER C7 FLT3'!$A$4:$J$340,MATCH(DropData!$J55&$C9,'ER C7 FLT3'!$A$4:$A$340&'ER C7 FLT3'!$B$4:$B$340-1,1),8),IF($O9=\"Class_6\",INDEX('ER C6 FLT3'!$A$4:$J$340,MATCH(DropData!$J55&$C9,'ER C6 FLT3'!$A$4:$A$340&'ER C6 FLT3'!$B$4:$B$340-1,1),8)))),IF($B9=\"2 Trucks\",IF(OR($O9=\"Class_8\",$N9=\"Replacement8HHD\",$AI9=\"CL7HHD\"),INDEX('ER C8 FLT2'!$A$4:$J$340,MATCH(DropData!$J55&$C9,'ER C8 FLT2'!$A$4:$A$340&'ER C8 FLT2'!$B$4:$B$340-1,1),8),IF($O9=\"Class_7\",INDEX('ER C7 FLT2'!$A$4:$J$340,MATCH(DropData!$J55&$C9,'ER C7 FLT2'!$A$4:$A$340&'ER C7 FLT2'!$B$4:$B$340-1,1),8),IF($O9=\"Class_6\",INDEX('ER C6 FLT2'!$A$4:$J$340,MATCH(DropData!$J55&$C9,'ER C6 FLT2'!$A$4:$A$340&'ER C6 FLT2'!$B$4:$B$340-1,1),8)))),IF($B9=\"1 Truck\",IF(OR($O9=\"Class_8\",$N9=\"Replacement8HHD\",$AI9=\"CL7HHD\"),INDEX('ER C8 FLT1'!$A$4:$J$340,MATCH(DropData!$J55&$C9,'ER C8 FLT1'!$A$4:$A$340&'ER C8 FLT1'!$B$4:$B$340-1,1),8),IF($O9=\"Class_7\",INDEX('ER C7 FLT1'!$A$4:$J$340,MATCH(DropData!$J55&$C9,'ER C7 FLT1'!$A$4:$A$340&'ER C7 FLT1'!$B$4:$B$340-1,1),8),IF($O9=\"Class_6\",INDEX('ER C6 FLT1'!$A$4:$J$340,MATCH(DropData!$J55&$C9,'ER C6 FLT1'!$A$4:$A$340&'ER C6 FLT1'!$B$4:$B$340-1,1),8)))),IF($B9=\"4+ Trucks\",IF(OR($O9=\"Class_8\",$N9=\"Replacement8HHD\",$AI9=\"CL7HHD\"),INDEX('ER C8 FLT4'!$A$4:$J$340,MATCH(DropData!$J55&$C9,'ER C8 FLT4'!$A$4:$A$340&'ER C8 FLT4'!$B$4:$B$340-1,1),8),IF($O9=\"Class_7\",INDEX('ER C7 FLT4'!$A$4:$J$340,MATCH(DropData!$J55&$C9,'ER C7 FLT4'!$A$4:$A$340&'ER C7 FLT4'!$B$4:$B$340-1,1),8),IF($O9=\"Class_6\",INDEX('ER C6 FLT4'!$A$4:$J$340,MATCH(DropData!$J55&$C9,'ER C6 FLT4'!$A$4:$A$340&'ER C6 FLT4'!$B$4:$B$340-1,1),8)))))))))","v":false},{"$f":"IF(OR($R9=\"Diesel\",$R9=\"Zero Emission\",$R9=\"Hybrid\",$R9=\"Hybrid Zero-Mile\",$R9=\"Low NOx\",$R9=\"LNG/CNG\"),IF($B9=\"3 Trucks\",IF(OR($O9=\"Class_8\",$N9=\"Replacement8HHD\",$AI9=\"CL7HHD\"),INDEX('ER C8 FLT3'!$A$4:$J$340,MATCH(DropData!$J55&$C9,'ER C8 FLT3'!$A$4:$A$340&'ER C8 FLT3'!$B$4:$B$340-2,1),8),IF($O9=\"Class_7\",INDEX('ER C7 FLT3'!$A$4:$J$340,MATCH(DropData!$J55&$C9,'ER C7 FLT3'!$A$4:$A$340&'ER C7 FLT3'!$B$4:$B$340-2,1),8),IF($O9=\"Class_6\",INDEX('ER C6 FLT3'!$A$4:$J$340,MATCH(DropData!$J55&$C9,'ER C6 FLT3'!$A$4:$A$340&'ER C6 FLT3'!$B$4:$B$340-2,1),8)))),IF($B9=\"2 Trucks\",IF(OR($O9=\"Class_8\",$N9=\"Replacement8HHD\",$AI9=\"CL7HHD\"),INDEX('ER C8 FLT2'!$A$4:$J$340,MATCH(DropData!$J55&$C9,'ER C8 FLT2'!$A$4:$A$340&'ER C8 FLT2'!$B$4:$B$340-2,1),8),IF($O9=\"Class_7\",INDEX('ER C7 FLT2'!$A$4:$J$340,MATCH(DropData!$J55&$C9,'ER C7 FLT2'!$A$4:$A$340&'ER C7 FLT2'!$B$4:$B$340-2,1),8),IF($O9=\"Class_6\",INDEX('ER C6 FLT2'!$A$4:$J$340,MATCH(DropData!$J55&$C9,'ER C6 FLT2'!$A$4:$A$340&'ER C6 FLT2'!$B$4:$B$340-2,1),8)))),IF($B9=\"1 Truck\",IF(OR($O9=\"Class_8\",$N9=\"Replacement8HHD\",$AI9=\"CL7HHD\"),INDEX('ER C8 FLT1'!$A$4:$J$340,MATCH(DropData!$J55&$C9,'ER C8 FLT1'!$A$4:$A$340&'ER C8 FLT1'!$B$4:$B$340-2,1),8),IF($O9=\"Class_7\",INDEX('ER C7 FLT1'!$A$4:$J$340,MATCH(DropData!$J55&$C9,'ER C7 FLT1'!$A$4:$A$340&'ER C7 FLT1'!$B$4:$B$340-2,1),8),IF($O9=\"Class_6\",INDEX('ER C6 FLT1'!$A$4:$J$340,MATCH(DropData!$J55&$C9,'ER C6 FLT1'!$A$4:$A$340&'ER C6 FLT1'!$B$4:$B$340-2,1),8)))),IF($B9=\"4+ Trucks\",IF(OR($O9=\"Class_8\",$N9=\"Replacement8HHD\",$AI9=\"CL7HHD\"),INDEX('ER C8 FLT4'!$A$4:$J$340,MATCH(DropData!$J55&$C9,'ER C8 FLT4'!$A$4:$A$340&'ER C8 FLT4'!$B$4:$B$340-2,1),8),IF($O9=\"Class_7\",INDEX('ER C7 FLT4'!$A$4:$J$340,MATCH(DropData!$J55&$C9,'ER C7 FLT4'!$A$4:$A$340&'ER C7 FLT4'!$B$4:$B$340-2,1),8),IF($O9=\"Class_6\",INDEX('ER C6 FLT4'!$A$4:$J$340,MATCH(DropData!$J55&$C9,'ER C6 FLT4'!$A$4:$A$340&'ER C6 FLT4'!$B$4:$B$340-2,1),8)))))))))","v":false},{"$f":"IF(OR($R9=\"Diesel\",$R9=\"Zero Emission\",$R9=\"Hybrid\",$R9=\"Hybrid Zero-Mile\",$R9=\"Low NOx\",$R9=\"LNG/CNG\"),IF($B9=\"3 Trucks\",IF(OR($O9=\"Class_8\",$N9=\"Replacement8HHD\",$AI9=\"CL7HHD\"),INDEX('ER C8 FLT3'!$A$4:$J$340,MATCH(DropData!$J55&$C9,'ER C8 FLT3'!$A$4:$A$340&'ER C8 FLT3'!$B$4:$B$340-3,1),8),IF($O9=\"Class_7\",INDEX('ER C7 FLT3'!$A$4:$J$340,MATCH(DropData!$J55&$C9,'ER C7 FLT3'!$A$4:$A$340&'ER C7 FLT3'!$B$4:$B$340-3,1),8),IF($O9=\"Class_6\",INDEX('ER C6 FLT3'!$A$4:$J$340,MATCH(DropData!$J55&$C9,'ER C6 FLT3'!$A$4:$A$340&'ER C6 FLT3'!$B$4:$B$340-3,1),8)))),IF($B9=\"2 Trucks\",IF(OR($O9=\"Class_8\",$N9=\"Replacement8HHD\",$AI9=\"CL7HHD\"),INDEX('ER C8 FLT2'!$A$4:$J$340,MATCH(DropData!$J55&$C9,'ER C8 FLT2'!$A$4:$A$340&'ER C8 FLT2'!$B$4:$B$340-3,1),8),IF($O9=\"Class_7\",INDEX('ER C7 FLT2'!$A$4:$J$340,MATCH(DropData!$J55&$C9,'ER C7 FLT2'!$A$4:$A$340&'ER C7 FLT2'!$B$4:$B$340-3,1),8),IF($O9=\"Class_6\",INDEX('ER C6 FLT2'!$A$4:$J$340,MATCH(DropData!$J55&$C9,'ER C6 FLT2'!$A$4:$A$340&'ER C6 FLT2'!$B$4:$B$340-3,1),8)))),IF($B9=\"1 Truck\",IF(OR($O9=\"Class_8\",$N9=\"Replacement8HHD\",$AI9=\"CL7HHD\"),INDEX('ER C8 FLT1'!$A$4:$J$340,MATCH(DropData!$J55&$C9,'ER C8 FLT1'!$A$4:$A$340&'ER C8 FLT1'!$B$4:$B$340-3,1),8),IF($O9=\"Class_7\",INDEX('ER C7 FLT1'!$A$4:$J$340,MATCH(DropData!$J55&$C9,'ER C7 FLT1'!$A$4:$A$340&'ER C7 FLT1'!$B$4:$B$340-3,1),8),IF($O9=\"Class_6\",INDEX('ER C6 FLT1'!$A$4:$J$340,MATCH(DropData!$J55&$C9,'ER C6 FLT1'!$A$4:$A$340&'ER C6 FLT1'!$B$4:$B$340-3,1),8)))),IF($B9=\"4+ Trucks\",IF(OR($O9=\"Class_8\",$N9=\"Replacement8HHD\",$AI9=\"CL7HHD\"),INDEX('ER C8 FLT4'!$A$4:$J$340,MATCH(DropData!$J55&$C9,'ER C8 FLT4'!$A$4:$A$340&'ER C8 FLT4'!$B$4:$B$340-3,1),8),IF($O9=\"Class_7\",INDEX('ER C7 FLT4'!$A$4:$J$340,MATCH(DropData!$J55&$C9,'ER C7 FLT4'!$A$4:$A$340&'ER C7 FLT4'!$B$4:$B$340-3,1),8),IF($O9=\"Class_6\",INDEX('ER C6 FLT4'!$A$4:$J$340,MATCH(DropData!$J55&$C9,'ER C6 FLT4'!$A$4:$A$340&'ER C6 FLT4'!$B$4:$B$340-3,1),8)))))))))","v":false},{"$f":"IF(OR($R9=\"Diesel\",$R9=\"Zero Emission\",$R9=\"Hybrid\",$R9=\"Hybrid Zero-Mile\",$R9=\"Low NOx\",$R9=\"LNG/CNG\"),IF($B9=\"3 Trucks\",IF(OR($O9=\"Class_8\",$N9=\"Replacement8HHD\",$AI9=\"CL7HHD\"),INDEX('ER C8 FLT3'!$A$4:$J$340,MATCH(DropData!$J55&$C9,'ER C8 FLT3'!$A$4:$A$340&'ER C8 FLT3'!$B$4:$B$340-4,1),8),IF($O9=\"Class_7\",INDEX('ER C7 FLT3'!$A$4:$J$340,MATCH(DropData!$J55&$C9,'ER C7 FLT3'!$A$4:$A$340&'ER C7 FLT3'!$B$4:$B$340-4,1),8),IF($O9=\"Class_6\",INDEX('ER C6 FLT3'!$A$4:$J$340,MATCH(DropData!$J55&$C9,'ER C6 FLT3'!$A$4:$A$340&'ER C6 FLT3'!$B$4:$B$340-4,1),8)))),IF($B9=\"2 Trucks\",IF(OR($O9=\"Class_8\",$N9=\"Replacement8HHD\",$AI9=\"CL7HHD\"),INDEX('ER C8 FLT2'!$A$4:$J$340,MATCH(DropData!$J55&$C9,'ER C8 FLT2'!$A$4:$A$340&'ER C8 FLT2'!$B$4:$B$340-4,1),8),IF($O9=\"Class_7\",INDEX('ER C7 FLT2'!$A$4:$J$340,MATCH(DropData!$J55&$C9,'ER C7 FLT2'!$A$4:$A$340&'ER C7 FLT2'!$B$4:$B$340-4,1),8),IF($O9=\"Class_6\",INDEX('ER C6 FLT2'!$A$4:$J$340,MATCH(DropData!$J55&$C9,'ER C6 FLT2'!$A$4:$A$340&'ER C6 FLT2'!$B$4:$B$340-4,1),8)))),IF($B9=\"1 Truck\",IF(OR($O9=\"Class_8\",$N9=\"Replacement8HHD\",$AI9=\"CL7HHD\"),INDEX('ER C8 FLT1'!$A$4:$J$340,MATCH(DropData!$J55&$C9,'ER C8 FLT1'!$A$4:$A$340&'ER C8 FLT1'!$B$4:$B$340-4,1),8),IF($O9=\"Class_7\",INDEX('ER C7 FLT1'!$A$4:$J$340,MATCH(DropData!$J55&$C9,'ER C7 FLT1'!$A$4:$A$340&'ER C7 FLT1'!$B$4:$B$340-4,1),8),IF($O9=\"Class_6\",INDEX('ER C6 FLT1'!$A$4:$J$340,MATCH(DropData!$J55&$C9,'ER C6 FLT1'!$A$4:$A$340&'ER C6 FLT1'!$B$4:$B$340-4,1),8)))),IF($B9=\"4+ Trucks\",IF(OR($O9=\"Class_8\",$N9=\"Replacement8HHD\",$AI9=\"CL7HHD\"),INDEX('ER C8 FLT4'!$A$4:$J$340,MATCH(DropData!$J55&$C9,'ER C8 FLT4'!$A$4:$A$340&'ER C8 FLT4'!$B$4:$B$340-4,1),8),IF($O9=\"Class_7\",INDEX('ER C7 FLT4'!$A$4:$J$340,MATCH(DropData!$J55&$C9,'ER C7 FLT4'!$A$4:$A$340&'ER C7 FLT4'!$B$4:$B$340-4,1),8),IF($O9=\"Class_6\",INDEX('ER C6 FLT4'!$A$4:$J$340,MATCH(DropData!$J55&$C9,'ER C6 FLT4'!$A$4:$A$340&'ER C6 FLT4'!$B$4:$B$340-4,1),8)))))))))","v":false},0,{"$f":"MAX((IF($B9=\"4+ Trucks\",IF($Z9=\"Class_8\",INDEX('ER C8 FLT4'!$A$4:$J$340,MATCH($W9&$C9,'ER C8 FLT4'!$A$4:$A$340&'ER C8 FLT4'!$B$4:$B$340,1),8)*IF($Z9=\"Class_8\",INDEX('ER C8 FLT4'!$A$4:$J$340,MATCH($W9&$C9,'ER C8 FLT4'!$A$4:$A$340&'ER C8 FLT4'!$B$4:$B$340,1),9)),IF($Z9=\"Class_7\",INDEX('ER C7 FLT4'!$A$4:$J$340,MATCH($W9&$C9,'ER C7 FLT4'!$A$4:$A$340&'ER C7 FLT4'!$B$4:$B$340,1),8)*IF($Z9=\"Class_7\",INDEX('ER C7 FLT4'!$A$4:$J$340,MATCH($W9&$C9,'ER C7 FLT4'!$A$4:$A$340&'ER C7 FLT4'!$B$4:$B$340,1),9)),IF($Z9=\"Class_6\",INDEX('ER C6 FLT4'!$A$4:$J$340,MATCH($W9&$C9,'ER C6 FLT4'!$A$4:$A$340&'ER C6 FLT4'!$B$4:$B$340,1),8)*IF($Z9=\"Class_6\",INDEX('ER C6 FLT4'!$A$4:$L$340,MATCH($W9&$C9,'ER C6 FLT4'!$A$4:$A$340&'ER C6 FLT4'!$B$4:$B$340,1),9))))),\nIF($B9=\"2 Trucks\",IF($Z9=\"Class_8\",INDEX('ER C8 FLT2'!$A$4:$J$340,MATCH($W9&$C9,'ER C8 FLT2'!$A$4:$A$340&'ER C8 FLT2'!$B$4:$B$340,1),8)*IF($Z9=\"Class_8\",INDEX('ER C8 FLT2'!$A$4:$J$340,MATCH($W9&$C9,'ER C8 FLT2'!$A$4:$A$340&'ER C8 FLT2'!$B$4:$B$340,1),9)),IF($Z9=\"Class_7\",INDEX('ER C7 FLT2'!$A$4:$J$340,MATCH($W9&$C9,'ER C7 FLT2'!$A$4:$A$340&'ER C7 FLT2'!$B$4:$B$340,1),8)*IF($Z9=\"Class_7\",INDEX('ER C7 FLT2'!$A$4:$J$340,MATCH($W9&$C9,'ER C7 FLT2'!$A$4:$A$340&'ER C7 FLT2'!$B$4:$B$340,1),9)),IF($Z9=\"Class_6\",INDEX('ER C6 FLT2'!$A$4:$J$340,MATCH($W9&$C9,'ER C6 FLT2'!$A$4:$A$340&'ER C6 FLT2'!$B$4:$B$340,1),8)*IF($Z9=\"Class_6\",INDEX('ER C6 FLT2'!$A$4:$J$340,MATCH($W9&$C9,'ER C6 FLT2'!$A$4:$A$340&'ER C6 FLT2'!$B$4:$B$340,1),9))))),\nIF($B9=\"1 Truck\",IF($Z9=\"Class_8\",INDEX('ER C8 FLT1'!$A$4:$J$340,MATCH($W9&$C9,'ER C8 FLT1'!$A$4:$A$340&'ER C8 FLT1'!$B$4:$B$340,1),8)*IF($Z9=\"Class_8\",INDEX('ER C8 FLT1'!$A$4:$J$340,MATCH($W9&$C9,'ER C8 FLT1'!$A$4:$A$340&'ER C8 FLT1'!$B$4:$B$340,1),9)),IF($Z9=\"Class_7\",INDEX('ER C7 FLT1'!$A$4:$J$340,MATCH($W9&$C9,'ER C7 FLT1'!$A$4:$A$340&'ER C7 FLT1'!$B$4:$B$340,1),8)*IF($Z9=\"Class_7\",INDEX('ER C7 FLT1'!$A$4:$J$340,MATCH($W9&$C9,'ER C7 FLT1'!$A$4:$A$340&'ER C7 FLT1'!$B$4:$B$340,1),9)),IF($Z9=\"Class_6\",INDEX('ER C6 FLT1'!$A$4:$J$340,MATCH($W9&$C9,'ER C6 FLT1'!$A$4:$A$340&'ER C6 FLT1'!$B$4:$B$340,1),8)*IF($Z9=\"Class_6\",INDEX('ER C6 FLT1'!$A$4:$J$340,MATCH($W9&$C9,'ER C6 FLT1'!$A$4:$A$340&'ER C6 FLT1'!$B$4:$B$340,1),9)),\n))),IF($B9=\"3 Trucks\",IF($Z9=\"Class_8\",INDEX('ER C8 FLT3'!$A$4:$J$340,MATCH($W9&$C9,'ER C8 FLT3'!$A$4:$A$340&'ER C8 FLT3'!$B$4:$B$340,1),8)*IF($Z9=\"Class_8\",INDEX('ER C8 FLT3'!$A$4:$J$340,MATCH($W9&$C9,'ER C8 FLT3'!$A$4:$A$340&'ER C8 FLT3'!$B$4:$B$340,1),9)),IF($Z9=\"Class_7\",INDEX('ER C7 FLT3'!$A$4:$J$340,MATCH($W9&$C9,'ER C7 FLT3'!$A$4:$A$340&'ER C7 FLT3'!$B$4:$B$340,1),8)*IF($Z9=\"Class_7\",INDEX('ER C7 FLT3'!$A$4:$J$340,MATCH($W9&$C9,'ER C7 FLT3'!$A$4:$A$340&'ER C7 FLT3'!$B$4:$B$340,1),9)),IF($Z9=\"Class_6\",INDEX('ER C6 FLT3'!$A$4:$J$340,MATCH($W9&$C9,'ER C6 FLT3'!$A$4:$A$340&'ER C6 FLT3'!$B$4:$B$340,1),8)*IF($Z9=\"Class_6\",INDEX('ER C6 FLT3'!$A$4:$L$340,MATCH($W9&$C9,'ER C6 FLT3'!$A$4:$A$340&'ER C6 FLT3'!$B$4:$B$340,1),9)))))))))\n*IF($X9=\"Level 1 PM\",0.75,IF($X9=\"Level 2 PM\",0.5,IF($X9=\"Level 3 PM\",0,IF($X9=\"Level 3 PM + Mark I NOx\",0,1))))*($AC9/453.6)-IF(BF9=0,AV9,0)),0)","v":0},0,{"$f":"MAX(0,AM9-AW9)","v":0},{"$f":"MAX((IF($B9=\"4+ Trucks\",IF($Z9=\"Class_8\",INDEX('ER C8 FLT4'!$A$4:$J$340,MATCH($W9&$C9,'ER C8 FLT4'!$A$4:$A$340&'ER C8 FLT4'!$B$4:$B$340-1,1),8)*IF($Z9=\"Class_8\",INDEX('ER C8 FLT4'!$A$4:$J$340,MATCH($W9&$C9,'ER C8 FLT4'!$A$4:$A$340&'ER C8 FLT4'!$B$4:$B$340-1,1),9)),IF($Z9=\"Class_7\",INDEX('ER C7 FLT4'!$A$4:$J$340,MATCH($W9&$C9,'ER C7 FLT4'!$A$4:$A$340&'ER C7 FLT4'!$B$4:$B$340-1,1),8)*IF($Z9=\"Class_7\",INDEX('ER C7 FLT4'!$A$4:$J$340,MATCH($W9&$C9,'ER C7 FLT4'!$A$4:$A$340&'ER C7 FLT4'!$B$4:$B$340-1,1),9)),IF($Z9=\"Class_6\",INDEX('ER C6 FLT4'!$A$4:$J$340,MATCH($W9&$C9,'ER C6 FLT4'!$A$4:$A$340&'ER C6 FLT4'!$B$4:$B$340-1,1),8)*IF($Z9=\"Class_6\",INDEX('ER C6 FLT4'!$A$4:$L$340,MATCH($W9&$C9,'ER C6 FLT4'!$A$4:$A$340&'ER C6 FLT4'!$B$4:$B$340-1,1),9))))),\nIF($B9=\"2 Trucks\",IF($Z9=\"Class_8\",INDEX('ER C8 FLT2'!$A$4:$J$340,MATCH($W9&$C9,'ER C8 FLT2'!$A$4:$A$340&'ER C8 FLT2'!$B$4:$B$340-1,1),8)*IF($Z9=\"Class_8\",INDEX('ER C8 FLT2'!$A$4:$J$340,MATCH($W9&$C9,'ER C8 FLT2'!$A$4:$A$340&'ER C8 FLT2'!$B$4:$B$340-1,1),9)),IF($Z9=\"Class_7\",INDEX('ER C7 FLT2'!$A$4:$J$340,MATCH($W9&$C9,'ER C7 FLT2'!$A$4:$A$340&'ER C7 FLT2'!$B$4:$B$340-1,1),8)*IF($Z9=\"Class_7\",INDEX('ER C7 FLT2'!$A$4:$J$340,MATCH($W9&$C9,'ER C7 FLT2'!$A$4:$A$340&'ER C7 FLT2'!$B$4:$B$340-1,1),9)),IF($Z9=\"Class_6\",INDEX('ER C6 FLT2'!$A$4:$J$340,MATCH($W9&$C9,'ER C6 FLT2'!$A$4:$A$340&'ER C6 FLT2'!$B$4:$B$340-1,1),8)*IF($Z9=\"Class_6\",INDEX('ER C6 FLT2'!$A$4:$J$340,MATCH($W9&$C9,'ER C6 FLT2'!$A$4:$A$340&'ER C6 FLT2'!$B$4:$B$340-1,1),9))))),\nIF($B9=\"1 Truck\",IF($Z9=\"Class_8\",INDEX('ER C8 FLT1'!$A$4:$J$340,MATCH($W9&$C9,'ER C8 FLT1'!$A$4:$A$340&'ER C8 FLT1'!$B$4:$B$340-1,1),8)*IF($Z9=\"Class_8\",INDEX('ER C8 FLT1'!$A$4:$J$340,MATCH($W9&$C9,'ER C8 FLT1'!$A$4:$A$340&'ER C8 FLT1'!$B$4:$B$340-1,1),9)),IF($Z9=\"Class_7\",INDEX('ER C7 FLT1'!$A$4:$J$340,MATCH($W9&$C9,'ER C7 FLT1'!$A$4:$A$340&'ER C7 FLT1'!$B$4:$B$340-1,1),8)*IF($Z9=\"Class_7\",INDEX('ER C7 FLT1'!$A$4:$J$340,MATCH($W9&$C9,'ER C7 FLT1'!$A$4:$A$340&'ER C7 FLT1'!$B$4:$B$340-1,1),9)),IF($Z9=\"Class_6\",INDEX('ER C6 FLT1'!$A$4:$J$340,MATCH($W9&$C9,'ER C6 FLT1'!$A$4:$A$340&'ER C6 FLT1'!$B$4:$B$340-1,1),8)*IF($Z9=\"Class_6\",INDEX('ER C6 FLT1'!$A$4:$J$340,MATCH($W9&$C9,'ER C6 FLT1'!$A$4:$A$340&'ER C6 FLT1'!$B$4:$B$340-1,1),9))))),IF($B9=\"3 Trucks\",IF($Z9=\"Class_8\",INDEX('ER C8 FLT3'!$A$4:$J$340,MATCH($W9&$C9,'ER C8 FLT3'!$A$4:$A$340&'ER C8 FLT3'!$B$4:$B$340-1,1),8)*IF($Z9=\"Class_8\",INDEX('ER C8 FLT3'!$A$4:$J$340,MATCH($W9&$C9,'ER C8 FLT3'!$A$4:$A$340&'ER C8 FLT3'!$B$4:$B$340-1,1),9)),IF($Z9=\"Class_7\",INDEX('ER C7 FLT3'!$A$4:$J$340,MATCH($W9&$C9,'ER C7 FLT3'!$A$4:$A$340&'ER C7 FLT3'!$B$4:$B$340-1,1),8)*IF($Z9=\"Class_7\",INDEX('ER C7 FLT3'!$A$4:$J$340,MATCH($W9&$C9,'ER C7 FLT3'!$A$4:$A$340&'ER C7 FLT3'!$B$4:$B$340-1,1),9)),IF($Z9=\"Class_6\",INDEX('ER C6 FLT3'!$A$4:$J$340,MATCH($W9&$C9,'ER C6 FLT3'!$A$4:$A$340&'ER C6 FLT3'!$B$4:$B$340-1,1),8)*IF($Z9=\"Class_6\",INDEX('ER C6 FLT3'!$A$4:$L$340,MATCH($W9&$C9,'ER C6 FLT3'!$A$4:$A$340&'ER C6 FLT3'!$B$4:$B$340-1,1),9)))))))))\n*IF($X9=\"Level 1 PM\",0.75,IF($X9=\"Level 2 PM\",0.5,IF($X9=\"Level 3 PM\",0,IF($X9=\"Level 3 PM + Mark I NOx\",0,1))))*($AC9/453.6)-IF(BI9=0,AW9,0)),0)","v":0},0,0,{"$f":"MAX((IF($B9=\"4+ Trucks\",IF($Z9=\"Class_8\",INDEX('ER C8 FLT4'!$A$4:$J$340,MATCH($W9&$C9,'ER C8 FLT4'!$A$4:$A$340&'ER C8 FLT4'!$B$4:$B$340-2,1),8)*IF($Z9=\"Class_8\",INDEX('ER C8 FLT4'!$A$4:$J$340,MATCH($W9&$C9,'ER C8 FLT4'!$A$4:$A$340&'ER C8 FLT4'!$B$4:$B$340-2,1),9)),IF($Z9=\"Class_7\",INDEX('ER C7 FLT4'!$A$4:$J$340,MATCH($W9&$C9,'ER C7 FLT4'!$A$4:$A$340&'ER C7 FLT4'!$B$4:$B$340-2,1),8)*IF($Z9=\"Class_7\",INDEX('ER C7 FLT4'!$A$4:$J$340,MATCH($W9&$C9,'ER C7 FLT4'!$A$4:$A$340&'ER C7 FLT4'!$B$4:$B$340-2,1),9)),IF($Z9=\"Class_6\",INDEX('ER C6 FLT4'!$A$4:$J$340,MATCH($W9&$C9,'ER C6 FLT4'!$A$4:$A$340&'ER C6 FLT4'!$B$4:$B$340-2,1),8)*IF($Z9=\"Class_6\",INDEX('ER C6 FLT4'!$A$4:$L$340,MATCH($W9&$C9,'ER C6 FLT4'!$A$4:$A$340&'ER C6 FLT4'!$B$4:$B$340-2,1),9))))),\nIF($B9=\"2 Trucks\",IF($Z9=\"Class_8\",INDEX('ER C8 FLT2'!$A$4:$J$340,MATCH($W9&$C9,'ER C8 FLT2'!$A$4:$A$340&'ER C8 FLT2'!$B$4:$B$340-2,1),8)*IF($Z9=\"Class_8\",INDEX('ER C8 FLT2'!$A$4:$J$340,MATCH($W9&$C9,'ER C8 FLT2'!$A$4:$A$340&'ER C8 FLT2'!$B$4:$B$340-2,1),9)),IF($Z9=\"Class_7\",INDEX('ER C7 FLT2'!$A$4:$J$340,MATCH($W9&$C9,'ER C7 FLT2'!$A$4:$A$340&'ER C7 FLT2'!$B$4:$B$340-2,1),8)*IF($Z9=\"Class_7\",INDEX('ER C7 FLT2'!$A$4:$J$340,MATCH($W9&$C9,'ER C7 FLT2'!$A$4:$A$340&'ER C7 FLT2'!$B$4:$B$340-2,1),9)),IF($Z9=\"Class_6\",INDEX('ER C6 FLT2'!$A$4:$J$340,MATCH($W9&$C9,'ER C6 FLT2'!$A$4:$A$340&'ER C6 FLT2'!$B$4:$B$340-2,1),8)*IF($Z9=\"Class_6\",INDEX('ER C6 FLT2'!$A$4:$J$340,MATCH($W9&$C9,'ER C6 FLT2'!$A$4:$A$340&'ER C6 FLT2'!$B$4:$B$340-2,1),9))))),\nIF($B9=\"1 Truck\",IF($Z9=\"Class_8\",INDEX('ER C8 FLT1'!$A$4:$J$340,MATCH($W9&$C9,'ER C8 FLT1'!$A$4:$A$340&'ER C8 FLT1'!$B$4:$B$340-2,1),8)*IF($Z9=\"Class_8\",INDEX('ER C8 FLT1'!$A$4:$J$340,MATCH($W9&$C9,'ER C8 FLT1'!$A$4:$A$340&'ER C8 FLT1'!$B$4:$B$340-2,1),9)),IF($Z9=\"Class_7\",INDEX('ER C7 FLT1'!$A$4:$J$340,MATCH($W9&$C9,'ER C7 FLT1'!$A$4:$A$340&'ER C7 FLT1'!$B$4:$B$340-2,1),8)*IF($Z9=\"Class_7\",INDEX('ER C7 FLT1'!$A$4:$J$340,MATCH($W9&$C9,'ER C7 FLT1'!$A$4:$A$340&'ER C7 FLT1'!$B$4:$B$340-2,1),9)),IF($Z9=\"Class_6\",INDEX('ER C6 FLT1'!$A$4:$J$340,MATCH($W9&$C9,'ER C6 FLT1'!$A$4:$A$340&'ER C6 FLT1'!$B$4:$B$340-2,1),8)*IF($Z9=\"Class_6\",INDEX('ER C6 FLT1'!$A$4:$J$340,MATCH($W9&$C9,'ER C6 FLT1'!$A$4:$A$340&'ER C6 FLT1'!$B$4:$B$340-2,1),9))))),IF($B9=\"3 Trucks\",IF($Z9=\"Class_8\",INDEX('ER C8 FLT3'!$A$4:$J$340,MATCH($W9&$C9,'ER C8 FLT3'!$A$4:$A$340&'ER C8 FLT3'!$B$4:$B$340-2,1),8)*IF($Z9=\"Class_8\",INDEX('ER C8 FLT3'!$A$4:$J$340,MATCH($W9&$C9,'ER C8 FLT3'!$A$4:$A$340&'ER C8 FLT3'!$B$4:$B$340-2,1),9)),IF($Z9=\"Class_7\",INDEX('ER C7 FLT3'!$A$4:$J$340,MATCH($W9&$C9,'ER C7 FLT3'!$A$4:$A$340&'ER C7 FLT3'!$B$4:$B$340-2,1),8)*IF($Z9=\"Class_7\",INDEX('ER C7 FLT3'!$A$4:$J$340,MATCH($W9&$C9,'ER C7 FLT3'!$A$4:$A$340&'ER C7 FLT3'!$B$4:$B$340-2,1),9)),IF($Z9=\"Class_6\",INDEX('ER C6 FLT1'!$A$4:$J$340,MATCH($W9&$C9,'ER C6 FLT1'!$A$4:$A$340&'ER C6 FLT1'!$B$4:$B$340-2,1),8)*IF($Z9=\"Class_6\",INDEX('ER C6 FLT1'!$A$4:$J$340,MATCH($W9&$C9,'ER C6 FLT1'!$A$4:$A$340&'ER C6 FLT1'!$B$4:$B$340-2,1),9)))))))))*IF($X9=\"Level 1 PM\",0.75,IF($X9=\"Level 2 PM\",0.5,IF($X9=\"Level 3 PM\",0,IF($X9=\"Level 3 PM + Mark I NOx\",0,1))))*($AC9/453.6)-IF(BL9=0,AX9,0)),0)","v":0},0,0,{"$f":"MAX((IF($B9=\"4+ Trucks\",IF($Z9=\"Class_8\",INDEX('ER C8 FLT4'!$A$4:$J$340,MATCH($W9&$C9,'ER C8 FLT4'!$A$4:$A$340&'ER C8 FLT4'!$B$4:$B$340-3,1),8)*IF($Z9=\"Class_8\",INDEX('ER C8 FLT4'!$A$4:$J$340,MATCH($W9&$C9,'ER C8 FLT4'!$A$4:$A$340&'ER C8 FLT4'!$B$4:$B$340-3,1),9)),IF($Z9=\"Class_7\",INDEX('ER C7 FLT4'!$A$4:$J$340,MATCH($W9&$C9,'ER C7 FLT4'!$A$4:$A$340&'ER C7 FLT4'!$B$4:$B$340-3,1),8)*IF($Z9=\"Class_7\",INDEX('ER C7 FLT4'!$A$4:$J$340,MATCH($W9&$C9,'ER C7 FLT4'!$A$4:$A$340&'ER C7 FLT4'!$B$4:$B$340-3,1),9)),IF($Z9=\"Class_6\",INDEX('ER C6 FLT4'!$A$4:$J$340,MATCH($W9&$C9,'ER C6 FLT4'!$A$4:$A$340&'ER C6 FLT4'!$B$4:$B$340-3,1),8)*IF($Z9=\"Class_6\",INDEX('ER C6 FLT4'!$A$4:$L$340,MATCH($W9&$C9,'ER C6 FLT4'!$A$4:$A$340&'ER C6 FLT4'!$B$4:$B$340-3,1),9))))),\nIF($B9=\"2 Trucks\",IF($Z9=\"Class_8\",INDEX('ER C8 FLT2'!$A$4:$J$340,MATCH($W9&$C9,'ER C8 FLT2'!$A$4:$A$340&'ER C8 FLT2'!$B$4:$B$340-3,1),8)*IF($Z9=\"Class_8\",INDEX('ER C8 FLT2'!$A$4:$J$340,MATCH($W9&$C9,'ER C8 FLT2'!$A$4:$A$340&'ER C8 FLT2'!$B$4:$B$340-3,1),9)),IF($Z9=\"Class_7\",INDEX('ER C7 FLT2'!$A$4:$J$340,MATCH($W9&$C9,'ER C7 FLT2'!$A$4:$A$340&'ER C7 FLT2'!$B$4:$B$340-3,1),8)*IF($Z9=\"Class_7\",INDEX('ER C7 FLT2'!$A$4:$J$340,MATCH($W9&$C9,'ER C7 FLT2'!$A$4:$A$340&'ER C7 FLT2'!$B$4:$B$340-3,1),9)),IF($Z9=\"Class_6\",INDEX('ER C6 FLT2'!$A$4:$J$340,MATCH($W9&$C9,'ER C6 FLT2'!$A$4:$A$340&'ER C6 FLT2'!$B$4:$B$340-3,1),8)*IF($Z9=\"Class_6\",INDEX('ER C6 FLT2'!$A$4:$J$340,MATCH($W9&$C9,'ER C6 FLT2'!$A$4:$A$340&'ER C6 FLT2'!$B$4:$B$340-3,1),9))))),\nIF($B9=\"1 Truck\",IF($Z9=\"Class_8\",INDEX('ER C8 FLT1'!$A$4:$J$340,MATCH($W9&$C9,'ER C8 FLT1'!$A$4:$A$340&'ER C8 FLT1'!$B$4:$B$340-3,1),8)*IF($Z9=\"Class_8\",INDEX('ER C8 FLT1'!$A$4:$J$340,MATCH($W9&$C9,'ER C8 FLT1'!$A$4:$A$340&'ER C8 FLT1'!$B$4:$B$340-3,1),9)),IF($Z9=\"Class_7\",INDEX('ER C7 FLT1'!$A$4:$J$340,MATCH($W9&$C9,'ER C7 FLT1'!$A$4:$A$340&'ER C7 FLT1'!$B$4:$B$340-3,1),8)*IF($Z9=\"Class_7\",INDEX('ER C7 FLT1'!$A$4:$J$340,MATCH($W9&$C9,'ER C7 FLT1'!$A$4:$A$340&'ER C7 FLT1'!$B$4:$B$340-3,1),9)),IF($Z9=\"Class_6\",INDEX('ER C6 FLT1'!$A$4:$J$340,MATCH($W9&$C9,'ER C6 FLT1'!$A$4:$A$340&'ER C6 FLT1'!$B$4:$B$340-3,1),8)*IF($Z9=\"Class_6\",INDEX('ER C6 FLT1'!$A$4:$J$340,MATCH($W9&$C9,'ER C6 FLT1'!$A$4:$A$340&'ER C6 FLT1'!$B$4:$B$340-3,1),9))))),IF($B9=\"3 Trucks\",IF($Z9=\"Class_8\",INDEX('ER C8 FLT3'!$A$4:$J$340,MATCH($W9&$C9,'ER C8 FLT3'!$A$4:$A$340&'ER C8 FLT3'!$B$4:$B$340-3,1),8)*IF($Z9=\"Class_8\",INDEX('ER C8 FLT3'!$A$4:$J$340,MATCH($W9&$C9,'ER C8 FLT3'!$A$4:$A$340&'ER C8 FLT3'!$B$4:$B$340-3,1),9)),IF($Z9=\"Class_7\",INDEX('ER C7 FLT3'!$A$4:$J$340,MATCH($W9&$C9,'ER C7 FLT3'!$A$4:$A$340&'ER C7 FLT3'!$B$4:$B$340-3,1),8)*IF($Z9=\"Class_7\",INDEX('ER C7 FLT3'!$A$4:$J$340,MATCH($W9&$C9,'ER C7 FLT3'!$A$4:$A$340&'ER C7 FLT3'!$B$4:$B$340-3,1),9)),IF($Z9=\"Class_6\",INDEX('ER C6 FLT3'!$A$4:$J$340,MATCH($W9&$C9,'ER C6 FLT3'!$A$4:$A$340&'ER C6 FLT3'!$B$4:$B$340-3,1),8)*IF($Z9=\"Class_6\",INDEX('ER C6 FLT3'!$A$4:$L$340,MATCH($W9&$C9,'ER C6 FLT3'!$A$4:$A$340&'ER C6 FLT3'!$B$4:$B$340-3,1),9)))))))))\n*IF($X9=\"Level 1 PM\",0.75,IF($X9=\"Level 2 PM\",0.5,IF($X9=\"Level 3 PM\",0,IF($X9=\"Level 3 PM + Mark I NOx\",0,1))))*($AC9/453.6)-IF(BO9=0,AY9,0)),0)","v":0},0,0,{"$f":"MAX((IF($B9=\"4+ Trucks\",IF($Z9=\"Class_8\",INDEX('ER C8 FLT4'!$A$4:$J$340,MATCH($W9&$C9,'ER C8 FLT4'!$A$4:$A$340&'ER C8 FLT4'!$B$4:$B$340-4,1),8)*IF($Z9=\"Class_8\",INDEX('ER C8 FLT4'!$A$4:$J$340,MATCH($W9&$C9,'ER C8 FLT4'!$A$4:$A$340&'ER C8 FLT4'!$B$4:$B$340-4,1),9)),IF($Z9=\"Class_7\",INDEX('ER C7 FLT4'!$A$4:$J$340,MATCH($W9&$C9,'ER C7 FLT4'!$A$4:$A$340&'ER C7 FLT4'!$B$4:$B$340-4,1),8)*IF($Z9=\"Class_7\",INDEX('ER C7 FLT4'!$A$4:$J$340,MATCH($W9&$C9,'ER C7 FLT4'!$A$4:$A$340&'ER C7 FLT4'!$B$4:$B$340-4,1),9)),IF($Z9=\"Class_6\",INDEX('ER C6 FLT4'!$A$4:$J$340,MATCH($W9&$C9,'ER C6 FLT4'!$A$4:$A$340&'ER C6 FLT4'!$B$4:$B$340-4,1),8)*IF($Z9=\"Class_6\",INDEX('ER C6 FLT4'!$A$4:$L$340,MATCH($W9&$C9,'ER C6 FLT4'!$A$4:$A$340&'ER C6 FLT4'!$B$4:$B$340-4,1),9))))),\nIF($B9=\"2 Trucks\",IF($Z9=\"Class_8\",INDEX('ER C8 FLT2'!$A$4:$J$340,MATCH($W9&$C9,'ER C8 FLT2'!$A$4:$A$340&'ER C8 FLT2'!$B$4:$B$340-4,1),8)*IF($Z9=\"Class_8\",INDEX('ER C8 FLT2'!$A$4:$J$340,MATCH($W9&$C9,'ER C8 FLT2'!$A$4:$A$340&'ER C8 FLT2'!$B$4:$B$340-4,1),9)),IF($Z9=\"Class_7\",INDEX('ER C7 FLT2'!$A$4:$J$340,MATCH($W9&$C9,'ER C7 FLT2'!$A$4:$A$340&'ER C7 FLT2'!$B$4:$B$340-4,1),8)*IF($Z9=\"Class_7\",INDEX('ER C7 FLT2'!$A$4:$J$340,MATCH($W9&$C9,'ER C7 FLT2'!$A$4:$A$340&'ER C7 FLT2'!$B$4:$B$340-4,1),9)),IF($Z9=\"Class_6\",INDEX('ER C6 FLT2'!$A$4:$J$340,MATCH($W9&$C9,'ER C6 FLT2'!$A$4:$A$340&'ER C6 FLT2'!$B$4:$B$340-4,1),8)*IF($Z9=\"Class_6\",INDEX('ER C6 FLT2'!$A$4:$J$340,MATCH($W9&$C9,'ER C6 FLT2'!$A$4:$A$340&'ER C6 FLT2'!$B$4:$B$340-4,1),9))))),\nIF($B9=\"1 Truck\",IF($Z9=\"Class_8\",INDEX('ER C8 FLT1'!$A$4:$J$340,MATCH($W9&$C9,'ER C8 FLT1'!$A$4:$A$340&'ER C8 FLT1'!$B$4:$B$340-4,1),8)*IF($Z9=\"Class_8\",INDEX('ER C8 FLT1'!$A$4:$J$340,MATCH($W9&$C9,'ER C8 FLT1'!$A$4:$A$340&'ER C8 FLT1'!$B$4:$B$340-4,1),9)),IF($Z9=\"Class_7\",INDEX('ER C7 FLT1'!$A$4:$J$340,MATCH($W9&$C9,'ER C7 FLT1'!$A$4:$A$340&'ER C7 FLT1'!$B$4:$B$340-4,1),8)*IF($Z9=\"Class_7\",INDEX('ER C7 FLT1'!$A$4:$J$340,MATCH($W9&$C9,'ER C7 FLT1'!$A$4:$A$340&'ER C7 FLT1'!$B$4:$B$340-4,1),9)),IF($Z9=\"Class_6\",INDEX('ER C6 FLT1'!$A$4:$J$340,MATCH($W9&$C9,'ER C6 FLT1'!$A$4:$A$340&'ER C6 FLT1'!$B$4:$B$340-4,1),8)*IF($Z9=\"Class_6\",INDEX('ER C6 FLT1'!$A$4:$J$340,MATCH($W9&$C9,'ER C6 FLT1'!$A$4:$A$340&'ER C6 FLT1'!$B$4:$B$340-4,1),9))))),IF($B9=\"3 Trucks\",IF($Z9=\"Class_8\",INDEX('ER C8 FLT3'!$A$4:$J$340,MATCH($W9&$C9,'ER C8 FLT3'!$A$4:$A$340&'ER C8 FLT3'!$B$4:$B$340-4,1),8)*IF($Z9=\"Class_8\",INDEX('ER C8 FLT3'!$A$4:$J$340,MATCH($W9&$C9,'ER C8 FLT3'!$A$4:$A$340&'ER C8 FLT3'!$B$4:$B$340-4,1),9)),IF($Z9=\"Class_7\",INDEX('ER C7 FLT3'!$A$4:$J$340,MATCH($W9&$C9,'ER C7 FLT3'!$A$4:$A$340&'ER C7 FLT3'!$B$4:$B$340-4,1),8)*IF($Z9=\"Class_7\",INDEX('ER C7 FLT3'!$A$4:$J$340,MATCH($W9&$C9,'ER C7 FLT3'!$A$4:$A$340&'ER C7 FLT3'!$B$4:$B$340-4,1),9)),IF($Z9=\"Class_6\",INDEX('ER C6 FLT3'!$A$4:$J$340,MATCH($W9&$C9,'ER C6 FLT3'!$A$4:$A$340&'ER C6 FLT3'!$B$4:$B$340-4,1),8)*IF($Z9=\"Class_6\",INDEX('ER C6 FLT3'!$A$4:$L$340,MATCH($W9&$C9,'ER C6 FLT3'!$A$4:$A$340&'ER C6 FLT3'!$B$4:$B$340-4,1),9)))))))))\n*IF($X9=\"Level 1 PM\",0.75,IF($X9=\"Level 2 PM\",0.5,IF($X9=\"Level 3 PM\",0,IF($X9=\"Level 3 PM + Mark I NOx\",0,1))))*($AC9/453.6)-IF(BR9=0,AZ9,0)),0)","v":0},{"$f":"MAX(0,BR9+BS9)","v":0},{"$f":"(MAX(0,BH9+BK9+BN9+BQ9+BT9))","v":0},{"$f":"IF($B9=\"4+ Trucks\",IF(OR($H9=\"Class_8\",$N9=\"Replacement8HHD\",$AH9=\"CL7HHD\",$AJ9=\"CL7to8\"),INDEX('ER C8 FLT4'!$A$4:$J$340,MATCH($E9&$C9,'ER C8 FLT4'!$A$4:$A$340&'ER C8 FLT4'!$B$4:$B$340,1),5)*IF(OR($H9=\"Class_8\",$N9=\"Replacement8HHD\",$AH9=\"CL7HHD\",$AJ9=\"CL7to8\"),INDEX('ER C8 FLT4'!$A$4:$J$340,MATCH($E9&$C9,'ER C8 FLT4'!$A$4:$A$340&'ER C8 FLT4'!$B$4:$B$340,1),7)),IF($H9=\"Class_7\",INDEX('ER C7 FLT4'!$A$4:$J$340,MATCH($E9&$C9,'ER C7 FLT4'!$A$4:$A$340&'ER C7 FLT4'!$B$4:$B$340,1),5)*IF($H9=\"Class_7\",INDEX('ER C7 FLT4'!$A$4:$J$340,MATCH($E9&$C9,'ER C7 FLT4'!$A$4:$A$340&'ER C7 FLT4'!$B$4:$B$340,1),7)),\nIF($H9=\"Class_6\",INDEX('ER C6 FLT4'!$A$4:$J$340,MATCH($E9&$C9,'ER C6 FLT4'!$A$4:$A$340&'ER C6 FLT4'!$B$4:$B$340,1),5)*IF($H9=\"Class_6\",INDEX('ER C6 FLT4'!$A$4:$L$340,MATCH($E9&$C9,'ER C6 FLT4'!$A$4:$A$340&'ER C6 FLT4'!$B$4:$B$340,1),7))))),\nIF($B9=\"3 Trucks\",IF(OR($H9=\"Class_8\",$N9=\"Replacement8HHD\",$AH9=\"CL7HHD\",$AJ9=\"CL7to8\"),INDEX('ER C8 FLT3'!$A$4:$J$340,MATCH($E9&$C9,'ER C8 FLT3'!$A$4:$A$340&'ER C8 FLT3'!$B$4:$B$340,1),5)*IF(OR($H9=\"Class_8\",$N9=\"Replacement8HHD\",$AH9=\"CL7HHD\",$AJ9=\"CL7to8\"),INDEX('ER C8 FLT3'!$A$4:$J$340,MATCH($E9&$C9,'ER C8 FLT3'!$A$4:$A$340&'ER C8 FLT3'!$B$4:$B$340,1),7)),IF($H9=\"Class_7\",INDEX('ER C7 FLT3'!$A$4:$J$340,MATCH($E9&$C9,'ER C7 FLT3'!$A$4:$A$340&'ER C7 FLT3'!$B$4:$B$340,1),5)*IF($H9=\"Class_7\",INDEX('ER C7 FLT3'!$A$4:$J$340,MATCH($E9&$C9,'ER C7 FLT3'!$A$4:$A$340&'ER C7 FLT3'!$B$4:$B$340,1),7)),\nIF($H9=\"Class_6\",INDEX('ER C6 FLT3'!$A$4:$J$340,MATCH($E9&$C9,'ER C6 FLT3'!$A$4:$A$340&'ER C6 FLT3'!$B$4:$B$340,1),5)*IF($H9=\"Class_6\",INDEX('ER C6 FLT3'!$A$4:$L$340,MATCH($E9&$C9,'ER C6 FLT3'!$A$4:$A$340&'ER C6 FLT3'!$B$4:$B$340,1),7))))),\nIF($B9=\"2 Trucks\",IF(OR($H9=\"Class_8\",$N9=\"Replacement8HHD\",$AH9=\"CL7HHD\",$AJ9=\"CL7to8\"),INDEX('ER C8 FLT2'!$A$4:$J$340,MATCH($E9&$C9,'ER C8 FLT2'!$A$4:$A$340&'ER C8 FLT2'!$B$4:$B$340,1),5)*IF(OR($H9=\"Class_8\",$N9=\"Replacement8HHD\",$AH9=\"CL7HHD\",$AJ9=\"CL7to8\"),INDEX('ER C8 FLT2'!$A$4:$J$340,MATCH($E9&$C9,'ER C8 FLT2'!$A$4:$A$340&'ER C8 FLT2'!$B$4:$B$340,1),7)),IF($H9=\"Class_7\",INDEX('ER C7 FLT2'!$A$4:$J$340,MATCH($E9&$C9,'ER C7 FLT2'!$A$4:$A$340&'ER C7 FLT2'!$B$4:$B$340,1),5)*IF($H9=\"Class_7\",INDEX('ER C7 FLT2'!$A$4:$J$340,MATCH($E9&$C9,'ER C7 FLT2'!$A$4:$A$340&'ER C7 FLT2'!$B$4:$B$340,1),7)),IF($H9=\"Class_6\",INDEX('ER C6 FLT2'!$A$4:$J$340,MATCH($E9&$C9,'ER C6 FLT2'!$A$4:$A$340&'ER C6 FLT2'!$B$4:$B$340,1),5)*IF($H9=\"Class_6\",INDEX('ER C6 FLT2'!$A$4:$J$340,MATCH($E9&$C9,'ER C6 FLT2'!$A$4:$A$340&'ER C6 FLT2'!$B$4:$B$340,1),7))))),IF($B9=\"1 Truck\",\nIF(OR($H9=\"Class_8\",$N9=\"Replacement8HHD\",$AH9=\"CL7HHD\",$AJ9=\"CL7to8\"),INDEX('ER C8 FLT1'!$A$4:$J$340,MATCH($E9&$C9,'ER C8 FLT1'!$A$4:$A$340&'ER C8 FLT1'!$B$4:$B$340,1),5)*IF(OR($H9=\"Class_8\",$N9=\"Replacement8HHD\",$AH9=\"CL7HHD\",$AJ9=\"CL7to8\"),INDEX('ER C8 FLT1'!$A$4:$J$340,MATCH($E9&$C9,'ER C8 FLT1'!$A$4:$A$340&'ER C8 FLT1'!$B$4:$B$340,1),7)),IF($H9=\"Class_7\",INDEX('ER C7 FLT1'!$A$4:$J$340,MATCH($E9&$C9,'ER C7 FLT1'!$A$4:$A$340&'ER C7 FLT1'!$B$4:$B$340,1),5)*IF($H9=\"Class_7\",INDEX('ER C7 FLT1'!$A$4:$J$340,MATCH($E9&$C9,'ER C7 FLT1'!$A$4:$A$340&'ER C7 FLT1'!$B$4:$B$340,1),7)),\nIF($H9=\"Class_6\",INDEX('ER C6 FLT1'!$A$4:$J$340,MATCH($E9&$C9,'ER C6 FLT1'!$A$4:$A$340&'ER C6 FLT1'!$B$4:$B$340,1),5)*IF($H9=\"Class_6\",INDEX('ER C6 FLT1'!$A$4:$J$340,MATCH($E9&$C9,'ER C6 FLT1'!$A$4:$A$340&'ER C6 FLT1'!$B$4:$B$340,1),7))))))))*IF($F9=\"Level 1 PM + Mark I NOx\",0.75,1))*($Q9/453.6)","v":0},{"$f":"IF($B9=\"4+ Trucks\",IF(OR($H9=\"Class_8\",$N9=\"Replacement8HHD\",$AH9=\"CL7HHD\",$AJ9=\"CL7to8\"),INDEX('ER C8 FLT4'!$A$4:$J$340,MATCH($E9&$C9,'ER C8 FLT4'!$A$4:$A$340&'ER C8 FLT4'!$B$4:$B$340-1,1),5)*IF(OR($H9=\"Class_8\",$N9=\"Replacement8HHD\",$AH9=\"CL7HHD\",$AJ9=\"CL7to8\"),INDEX('ER C8 FLT4'!$A$4:$J$340,MATCH($E9&$C9,'ER C8 FLT4'!$A$4:$A$340&'ER C8 FLT4'!$B$4:$B$340-1,1),7)),IF($H9=\"Class_7\",INDEX('ER C7 FLT4'!$A$4:$J$340,MATCH($E9&$C9,'ER C7 FLT4'!$A$4:$A$340&'ER C7 FLT4'!$B$4:$B$340-1,1),5)*IF($H9=\"Class_7\",INDEX('ER C7 FLT4'!$A$4:$J$340,MATCH($E9&$C9,'ER C7 FLT4'!$A$4:$A$340&'ER C7 FLT4'!$B$4:$B$340-1,1),7)),\nIF($H9=\"Class_6\",INDEX('ER C6 FLT4'!$A$4:$J$340,MATCH($E9&$C9,'ER C6 FLT4'!$A$4:$A$340&'ER C6 FLT4'!$B$4:$B$340-1,1),5)*IF($H9=\"Class_6\",INDEX('ER C6 FLT4'!$A$4:$L$340,MATCH($E9&$C9,'ER C6 FLT4'!$A$4:$A$340&'ER C6 FLT4'!$B$4:$B$340-1,1),7))))),IF($B9=\"3 Trucks\",IF(OR($H9=\"Class_8\",$N9=\"Replacement8HHD\",$AH9=\"CL7HHD\",$AJ9=\"CL7to8\"),INDEX('ER C8 FLT3'!$A$4:$J$340,MATCH($E9&$C9,'ER C8 FLT3'!$A$4:$A$340&'ER C8 FLT3'!$B$4:$B$340-1,1),5)*IF(OR($H9=\"Class_8\",$N9=\"Replacement8HHD\",$AH9=\"CL7HHD\",$AJ9=\"CL7to8\"),INDEX('ER C8 FLT3'!$A$4:$J$340,MATCH($E9&$C9,'ER C8 FLT3'!$A$4:$A$340&'ER C8 FLT3'!$B$4:$B$340-1,1),7)),IF($H9=\"Class_7\",INDEX('ER C7 FLT3'!$A$4:$J$340,MATCH($E9&$C9,'ER C7 FLT3'!$A$4:$A$340&'ER C7 FLT3'!$B$4:$B$340-1,1),5)*IF($H9=\"Class_7\",INDEX('ER C7 FLT3'!$A$4:$J$340,MATCH($E9&$C9,'ER C7 FLT3'!$A$4:$A$340&'ER C7 FLT3'!$B$4:$B$340-1,1),7)),\nIF($H9=\"Class_6\",INDEX('ER C6 FLT3'!$A$4:$J$340,MATCH($E9&$C9,'ER C6 FLT3'!$A$4:$A$340&'ER C6 FLT3'!$B$4:$B$340-1,1),5)*IF($H9=\"Class_6\",INDEX('ER C6 FLT3'!$A$4:$L$340,MATCH($E9&$C9,'ER C6 FLT3'!$A$4:$A$340&'ER C6 FLT3'!$B$4:$B$340-1,1),7))))),IF($B9=\"2 Trucks\",IF(OR($H9=\"Class_8\",$N9=\"Replacement8HHD\",$AH9=\"CL7HHD\",$AJ9=\"CL7to8\"),INDEX('ER C8 FLT2'!$A$4:$J$340,MATCH($E9&$C9,'ER C8 FLT2'!$A$4:$A$340&'ER C8 FLT2'!$B$4:$B$340-1,1),5)*IF(OR($H9=\"Class_8\",$N9=\"Replacement8HHD\",$AH9=\"CL7HHD\",$AJ9=\"CL7to8\"),INDEX('ER C8 FLT2'!$A$4:$J$340,MATCH($E9&$C9,'ER C8 FLT2'!$A$4:$A$340&'ER C8 FLT2'!$B$4:$B$340-1,1),7)),IF($H9=\"Class_7\",INDEX('ER C7 FLT2'!$A$4:$J$340,MATCH($E9&$C9,'ER C7 FLT2'!$A$4:$A$340&'ER C7 FLT2'!$B$4:$B$340-1,1),5)*IF($H9=\"Class_7\",INDEX('ER C7 FLT2'!$A$4:$J$340,MATCH($E9&$C9,'ER C7 FLT2'!$A$4:$A$340&'ER C7 FLT2'!$B$4:$B$340-1,1),7)),IF($H9=\"Class_6\",INDEX('ER C6 FLT2'!$A$4:$J$340,MATCH($E9&$C9,'ER C6 FLT2'!$A$4:$A$340&'ER C6 FLT2'!$B$4:$B$340-1,1),5)*IF($H9=\"Class_6\",INDEX('ER C6 FLT2'!$A$4:$J$340,MATCH($E9&$C9,'ER C6 FLT2'!$A$4:$A$340&'ER C6 FLT2'!$B$4:$B$340-1,1),7))))),IF($B9=\"1 Truck\",\nIF(OR($H9=\"Class_8\",$N9=\"Replacement8HHD\",$AH9=\"CL7HHD\",$AJ9=\"CL7to8\"),INDEX('ER C8 FLT1'!$A$4:$J$340,MATCH($E9&$C9,'ER C8 FLT1'!$A$4:$A$340&'ER C8 FLT1'!$B$4:$B$340-1,1),5)*IF(OR($H9=\"Class_8\",$N9=\"Replacement8HHD\",$AH9=\"CL7HHD\",$AJ9=\"CL7to8\"),INDEX('ER C8 FLT1'!$A$4:$J$340,MATCH($E9&$C9,'ER C8 FLT1'!$A$4:$A$340&'ER C8 FLT1'!$B$4:$B$340-1,1),7)),IF($H9=\"Class_7\",INDEX('ER C7 FLT1'!$A$4:$J$340,MATCH($E9&$C9,'ER C7 FLT1'!$A$4:$A$340&'ER C7 FLT1'!$B$4:$B$340-1,1),5)*IF($H9=\"Class_7\",INDEX('ER C7 FLT1'!$A$4:$J$340,MATCH($E9&$C9,'ER C7 FLT1'!$A$4:$A$340&'ER C7 FLT1'!$B$4:$B$340-1,1),7)),\nIF($H9=\"Class_6\",INDEX('ER C6 FLT1'!$A$4:$J$340,MATCH($E9&$C9,'ER C6 FLT1'!$A$4:$A$340&'ER C6 FLT1'!$B$4:$B$340-1,1),5)*IF($H9=\"Class_6\",INDEX('ER C6 FLT1'!$A$4:$J$340,MATCH($E9&$C9,'ER C6 FLT1'!$A$4:$A$340&'ER C6 FLT1'!$B$4:$B$340-1,1),7))))))))*IF($F9=\"Level 1 PM + Mark I NOx\",0.75,1))*($Q9/453.6)","v":0},{"$f":"IF($B9=\"4+ Trucks\",IF(OR($H9=\"Class_8\",$N9=\"Replacement8HHD\",$AH9=\"CL7HHD\",$AJ9=\"CL7to8\"),INDEX('ER C8 FLT4'!$A$4:$J$340,MATCH($E9&$C9,'ER C8 FLT4'!$A$4:$A$340&'ER C8 FLT4'!$B$4:$B$340-2,1),5)*IF(OR($H9=\"Class_8\",$N9=\"Replacement8HHD\",$AH9=\"CL7HHD\",$AJ9=\"CL7to8\"),INDEX('ER C8 FLT4'!$A$4:$J$340,MATCH($E9&$C9,'ER C8 FLT4'!$A$4:$A$340&'ER C8 FLT4'!$B$4:$B$340-2,1),7)),IF($H9=\"Class_7\",INDEX('ER C7 FLT4'!$A$4:$J$340,MATCH($E9&$C9,'ER C7 FLT4'!$A$4:$A$340&'ER C7 FLT4'!$B$4:$B$340-2,1),5)*IF($H9=\"Class_7\",INDEX('ER C7 FLT4'!$A$4:$J$340,MATCH($E9&$C9,'ER C7 FLT4'!$A$4:$A$340&'ER C7 FLT4'!$B$4:$B$340-2,1),7)),\nIF($H9=\"Class_6\",INDEX('ER C6 FLT4'!$A$4:$J$340,MATCH($E9&$C9,'ER C6 FLT4'!$A$4:$A$340&'ER C6 FLT4'!$B$4:$B$340-2,1),5)*IF($H9=\"Class_6\",INDEX('ER C6 FLT4'!$A$4:$L$340,MATCH($E9&$C9,'ER C6 FLT4'!$A$4:$A$340&'ER C6 FLT4'!$B$4:$B$340-2,1),7))))),IF($B9=\"3 Trucks\",IF(OR($H9=\"Class_8\",$N9=\"Replacement8HHD\",$AH9=\"CL7HHD\",$AJ9=\"CL7to8\"),INDEX('ER C8 FLT3'!$A$4:$J$340,MATCH($E9&$C9,'ER C8 FLT3'!$A$4:$A$340&'ER C8 FLT3'!$B$4:$B$340-2,1),5)*IF(OR($H9=\"Class_8\",$N9=\"Replacement8HHD\",$AH9=\"CL7HHD\",$AJ9=\"CL7to8\"),INDEX('ER C8 FLT3'!$A$4:$J$340,MATCH($E9&$C9,'ER C8 FLT3'!$A$4:$A$340&'ER C8 FLT3'!$B$4:$B$340-2,1),7)),IF($H9=\"Class_7\",INDEX('ER C7 FLT3'!$A$4:$J$340,MATCH($E9&$C9,'ER C7 FLT3'!$A$4:$A$340&'ER C7 FLT3'!$B$4:$B$340-2,1),5)*IF($H9=\"Class_7\",INDEX('ER C7 FLT3'!$A$4:$J$340,MATCH($E9&$C9,'ER C7 FLT3'!$A$4:$A$340&'ER C7 FLT3'!$B$4:$B$340-2,1),7)),\nIF($H9=\"Class_6\",INDEX('ER C6 FLT3'!$A$4:$J$340,MATCH($E9&$C9,'ER C6 FLT3'!$A$4:$A$340&'ER C6 FLT3'!$B$4:$B$340-2,1),5)*IF($H9=\"Class_6\",INDEX('ER C6 FLT3'!$A$4:$L$340,MATCH($E9&$C9,'ER C6 FLT3'!$A$4:$A$340&'ER C6 FLT3'!$B$4:$B$340-2,1),7))))),IF($B9=\"2 Trucks\",IF(OR($H9=\"Class_8\",$N9=\"Replacement8HHD\",$AH9=\"CL7HHD\",$AJ9=\"CL7to8\"),INDEX('ER C8 FLT2'!$A$4:$J$340,MATCH($E9&$C9,'ER C8 FLT2'!$A$4:$A$340&'ER C8 FLT2'!$B$4:$B$340-2,1),5)*IF(OR($H9=\"Class_8\",$N9=\"Replacement8HHD\",$AH9=\"CL7HHD\",$AJ9=\"CL7to8\"),INDEX('ER C8 FLT2'!$A$4:$J$340,MATCH($E9&$C9,'ER C8 FLT2'!$A$4:$A$340&'ER C8 FLT2'!$B$4:$B$340-2,1),7)),IF($H9=\"Class_7\",INDEX('ER C7 FLT2'!$A$4:$J$340,MATCH($E9&$C9,'ER C7 FLT2'!$A$4:$A$340&'ER C7 FLT2'!$B$4:$B$340-2,1),5)*IF($H9=\"Class_7\",INDEX('ER C7 FLT2'!$A$4:$J$340,MATCH($E9&$C9,'ER C7 FLT2'!$A$4:$A$340&'ER C7 FLT2'!$B$4:$B$340-2,1),7)),IF($H9=\"Class_6\",INDEX('ER C6 FLT2'!$A$4:$J$340,MATCH($E9&$C9,'ER C6 FLT2'!$A$4:$A$340&'ER C6 FLT2'!$B$4:$B$340-2,1),5)*IF($H9=\"Class_6\",INDEX('ER C6 FLT2'!$A$4:$J$340,MATCH($E9&$C9,'ER C6 FLT2'!$A$4:$A$340&'ER C6 FLT2'!$B$4:$B$340-2,1),7))))),IF($B9=\"1 Truck\",\nIF(OR($H9=\"Class_8\",$N9=\"Replacement8HHD\",$AH9=\"CL7HHD\",$AJ9=\"CL7to8\"),INDEX('ER C8 FLT1'!$A$4:$J$340,MATCH($E9&$C9,'ER C8 FLT1'!$A$4:$A$340&'ER C8 FLT1'!$B$4:$B$340-2,1),5)*IF(OR($H9=\"Class_8\",$N9=\"Replacement8HHD\",$AH9=\"CL7HHD\",$AJ9=\"CL7to8\"),INDEX('ER C8 FLT1'!$A$4:$J$340,MATCH($E9&$C9,'ER C8 FLT1'!$A$4:$A$340&'ER C8 FLT1'!$B$4:$B$340-2,1),7)),IF($H9=\"Class_7\",INDEX('ER C7 FLT1'!$A$4:$J$340,MATCH($E9&$C9,'ER C7 FLT1'!$A$4:$A$340&'ER C7 FLT1'!$B$4:$B$340-2,1),5)*IF($H9=\"Class_7\",INDEX('ER C7 FLT1'!$A$4:$J$340,MATCH($E9&$C9,'ER C7 FLT1'!$A$4:$A$340&'ER C7 FLT1'!$B$4:$B$340-2,1),7)),\nIF($H9=\"Class_6\",INDEX('ER C6 FLT1'!$A$4:$J$340,MATCH($E9&$C9,'ER C6 FLT1'!$A$4:$A$340&'ER C6 FLT1'!$B$4:$B$340-2,1),5)*IF($H9=\"Class_6\",INDEX('ER C6 FLT1'!$A$4:$J$340,MATCH($E9&$C9,'ER C6 FLT1'!$A$4:$A$340&'ER C6 FLT1'!$B$4:$B$340-2,1),7))))))))*IF($F9=\"Level 1 PM + Mark I NOx\",0.75,1))*($Q9/453.6)","v":0},{"$f":"IF($B9=\"4+ Trucks\",IF(OR($H9=\"Class_8\",$N9=\"Replacement8HHD\",$AH9=\"CL7HHD\",$AJ9=\"CL7to8\"),INDEX('ER C8 FLT4'!$A$4:$J$340,MATCH($E9&$C9,'ER C8 FLT4'!$A$4:$A$340&'ER C8 FLT4'!$B$4:$B$340-3,1),5)*IF(OR($H9=\"Class_8\",$N9=\"Replacement8HHD\",$AH9=\"CL7HHD\",$AJ9=\"CL7to8\"),INDEX('ER C8 FLT4'!$A$4:$J$340,MATCH($E9&$C9,'ER C8 FLT4'!$A$4:$A$340&'ER C8 FLT4'!$B$4:$B$340-3,1),7)),IF($H9=\"Class_7\",INDEX('ER C7 FLT4'!$A$4:$J$340,MATCH($E9&$C9,'ER C7 FLT4'!$A$4:$A$340&'ER C7 FLT4'!$B$4:$B$340-3,1),5)*IF($H9=\"Class_7\",INDEX('ER C7 FLT4'!$A$4:$J$340,MATCH($E9&$C9,'ER C7 FLT4'!$A$4:$A$340&'ER C7 FLT4'!$B$4:$B$340-3,1),7)),\nIF($H9=\"Class_6\",INDEX('ER C6 FLT4'!$A$4:$J$340,MATCH($E9&$C9,'ER C6 FLT4'!$A$4:$A$340&'ER C6 FLT4'!$B$4:$B$340-3,1),5)*IF($H9=\"Class_6\",INDEX('ER C6 FLT4'!$A$4:$L$340,MATCH($E9&$C9,'ER C6 FLT4'!$A$4:$A$340&'ER C6 FLT4'!$B$4:$B$340-3,1),7))))),IF($B9=\"3 Trucks\",IF(OR($H9=\"Class_8\",$N9=\"Replacement8HHD\",$AH9=\"CL7HHD\",$AJ9=\"CL7to8\"),INDEX('ER C8 FLT3'!$A$4:$J$340,MATCH($E9&$C9,'ER C8 FLT3'!$A$4:$A$340&'ER C8 FLT3'!$B$4:$B$340-3,1),5)*IF(OR($H9=\"Class_8\",$N9=\"Replacement8HHD\",$AH9=\"CL7HHD\",$AJ9=\"CL7to8\"),INDEX('ER C8 FLT3'!$A$4:$J$340,MATCH($E9&$C9,'ER C8 FLT3'!$A$4:$A$340&'ER C8 FLT3'!$B$4:$B$340-3,1),7)),IF($H9=\"Class_7\",INDEX('ER C7 FLT3'!$A$4:$J$340,MATCH($E9&$C9,'ER C7 FLT3'!$A$4:$A$340&'ER C7 FLT3'!$B$4:$B$340-3,1),5)*IF($H9=\"Class_7\",INDEX('ER C7 FLT3'!$A$4:$J$340,MATCH($E9&$C9,'ER C7 FLT3'!$A$4:$A$340&'ER C7 FLT3'!$B$4:$B$340-3,1),7)),\nIF($H9=\"Class_6\",INDEX('ER C6 FLT3'!$A$4:$J$340,MATCH($E9&$C9,'ER C6 FLT3'!$A$4:$A$340&'ER C6 FLT3'!$B$4:$B$340-3,1),5)*IF($H9=\"Class_6\",INDEX('ER C6 FLT3'!$A$4:$L$340,MATCH($E9&$C9,'ER C6 FLT3'!$A$4:$A$340&'ER C6 FLT3'!$B$4:$B$340-3,1),7))))),IF($B9=\"2 Trucks\",IF(OR($H9=\"Class_8\",$N9=\"Replacement8HHD\",$AH9=\"CL7HHD\",$AJ9=\"CL7to8\"),INDEX('ER C8 FLT2'!$A$4:$J$340,MATCH($E9&$C9,'ER C8 FLT2'!$A$4:$A$340&'ER C8 FLT2'!$B$4:$B$340-3,1),5)*IF(OR($H9=\"Class_8\",$N9=\"Replacement8HHD\",$AH9=\"CL7HHD\",$AJ9=\"CL7to8\"),INDEX('ER C8 FLT2'!$A$4:$J$340,MATCH($E9&$C9,'ER C8 FLT2'!$A$4:$A$340&'ER C8 FLT2'!$B$4:$B$340-3,1),7)),IF($H9=\"Class_7\",INDEX('ER C7 FLT2'!$A$4:$J$340,MATCH($E9&$C9,'ER C7 FLT2'!$A$4:$A$340&'ER C7 FLT2'!$B$4:$B$340-3,1),5)*IF($H9=\"Class_7\",INDEX('ER C7 FLT2'!$A$4:$J$340,MATCH($E9&$C9,'ER C7 FLT2'!$A$4:$A$340&'ER C7 FLT2'!$B$4:$B$340-3,1),7)),IF($H9=\"Class_6\",INDEX('ER C6 FLT2'!$A$4:$J$340,MATCH($E9&$C9,'ER C6 FLT2'!$A$4:$A$340&'ER C6 FLT2'!$B$4:$B$340-3,1),5)*IF($H9=\"Class_6\",INDEX('ER C6 FLT2'!$A$4:$J$340,MATCH($E9&$C9,'ER C6 FLT2'!$A$4:$A$340&'ER C6 FLT2'!$B$4:$B$340-3,1),7))))),IF($B9=\"1 Truck\",\nIF(OR($H9=\"Class_8\",$N9=\"Replacement8HHD\",$AH9=\"CL7HHD\",$AJ9=\"CL7to8\"),INDEX('ER C8 FLT1'!$A$4:$J$340,MATCH($E9&$C9,'ER C8 FLT1'!$A$4:$A$340&'ER C8 FLT1'!$B$4:$B$340-3,1),5)*IF(OR($H9=\"Class_8\",$N9=\"Replacement8HHD\",$AH9=\"CL7HHD\",$AJ9=\"CL7to8\"),INDEX('ER C8 FLT1'!$A$4:$J$340,MATCH($E9&$C9,'ER C8 FLT1'!$A$4:$A$340&'ER C8 FLT1'!$B$4:$B$340-3,1),7)),IF($H9=\"Class_7\",INDEX('ER C7 FLT1'!$A$4:$J$340,MATCH($E9&$C9,'ER C7 FLT1'!$A$4:$A$340&'ER C7 FLT1'!$B$4:$B$340-3,1),5)*IF($H9=\"Class_7\",INDEX('ER C7 FLT1'!$A$4:$J$340,MATCH($E9&$C9,'ER C7 FLT1'!$A$4:$A$340&'ER C7 FLT1'!$B$4:$B$340-3,1),7)),\nIF($H9=\"Class_6\",INDEX('ER C6 FLT1'!$A$4:$J$340,MATCH($E9&$C9,'ER C6 FLT1'!$A$4:$A$340&'ER C6 FLT1'!$B$4:$B$340-3,1),5)*IF($H9=\"Class_6\",INDEX('ER C6 FLT1'!$A$4:$J$340,MATCH($E9&$C9,'ER C6 FLT1'!$A$4:$A$340&'ER C6 FLT1'!$B$4:$B$340-3,1),7))))))))*IF($F9=\"Level 1 PM + Mark I NOx\",0.75,1))*($Q9/453.6)","v":0},{"$f":"IF($B9=\"4+ Trucks\",IF(OR($H9=\"Class_8\",$N9=\"Replacement8HHD\",$AH9=\"CL7HHD\",$AJ9=\"CL7to8\"),INDEX('ER C8 FLT4'!$A$4:$J$340,MATCH($E9&$C9,'ER C8 FLT4'!$A$4:$A$340&'ER C8 FLT4'!$B$4:$B$340-4,1),5)*IF(OR($H9=\"Class_8\",$N9=\"Replacement8HHD\",$AH9=\"CL7HHD\",$AJ9=\"CL7to8\"),INDEX('ER C8 FLT4'!$A$4:$J$340,MATCH($E9&$C9,'ER C8 FLT4'!$A$4:$A$340&'ER C8 FLT4'!$B$4:$B$340-4,1),7)),IF($H9=\"Class_7\",INDEX('ER C7 FLT4'!$A$4:$J$340,MATCH($E9&$C9,'ER C7 FLT4'!$A$4:$A$340&'ER C7 FLT4'!$B$4:$B$340-4,1),5)*IF($H9=\"Class_7\",INDEX('ER C7 FLT4'!$A$4:$J$340,MATCH($E9&$C9,'ER C7 FLT4'!$A$4:$A$340&'ER C7 FLT4'!$B$4:$B$340-4,1),7)),\nIF($H9=\"Class_6\",INDEX('ER C6 FLT4'!$A$4:$J$340,MATCH($E9&$C9,'ER C6 FLT4'!$A$4:$A$340&'ER C6 FLT4'!$B$4:$B$340-4,1),5)*IF($H9=\"Class_6\",INDEX('ER C6 FLT4'!$A$4:$L$340,MATCH($E9&$C9,'ER C6 FLT4'!$A$4:$A$340&'ER C6 FLT4'!$B$4:$B$340-4,1),7))))),IF($B9=\"3 Trucks\",IF(OR($H9=\"Class_8\",$N9=\"Replacement8HHD\",$AH9=\"CL7HHD\",$AJ9=\"CL7to8\"),INDEX('ER C8 FLT3'!$A$4:$J$340,MATCH($E9&$C9,'ER C8 FLT3'!$A$4:$A$340&'ER C8 FLT3'!$B$4:$B$340-4,1),5)*IF(OR($H9=\"Class_8\",$N9=\"Replacement8HHD\",$AH9=\"CL7HHD\",$AJ9=\"CL7to8\"),INDEX('ER C8 FLT3'!$A$4:$J$340,MATCH($E9&$C9,'ER C8 FLT3'!$A$4:$A$340&'ER C8 FLT3'!$B$4:$B$340-4,1),7)),IF($H9=\"Class_7\",INDEX('ER C7 FLT3'!$A$4:$J$340,MATCH($E9&$C9,'ER C7 FLT3'!$A$4:$A$340&'ER C7 FLT3'!$B$4:$B$340-4,1),5)*IF($H9=\"Class_7\",INDEX('ER C7 FLT3'!$A$4:$J$340,MATCH($E9&$C9,'ER C7 FLT3'!$A$4:$A$340&'ER C7 FLT3'!$B$4:$B$340-4,1),7)),\nIF($H9=\"Class_6\",INDEX('ER C6 FLT3'!$A$4:$J$340,MATCH($E9&$C9,'ER C6 FLT3'!$A$4:$A$340&'ER C6 FLT3'!$B$4:$B$340-4,1),5)*IF($H9=\"Class_6\",INDEX('ER C6 FLT3'!$A$4:$L$340,MATCH($E9&$C9,'ER C6 FLT3'!$A$4:$A$340&'ER C6 FLT3'!$B$4:$B$340-4,1),7))))),IF($B9=\"2 Trucks\",IF(OR($H9=\"Class_8\",$N9=\"Replacement8HHD\",$AH9=\"CL7HHD\",$AJ9=\"CL7to8\"),INDEX('ER C8 FLT2'!$A$4:$J$340,MATCH($E9&$C9,'ER C8 FLT2'!$A$4:$A$340&'ER C8 FLT2'!$B$4:$B$340-4,1),5)*IF(OR($H9=\"Class_8\",$N9=\"Replacement8HHD\",$AH9=\"CL7HHD\",$AJ9=\"CL7to8\"),INDEX('ER C8 FLT2'!$A$4:$J$340,MATCH($E9&$C9,'ER C8 FLT2'!$A$4:$A$340&'ER C8 FLT2'!$B$4:$B$340-4,1),7)),IF($H9=\"Class_7\",INDEX('ER C7 FLT2'!$A$4:$J$340,MATCH($E9&$C9,'ER C7 FLT2'!$A$4:$A$340&'ER C7 FLT2'!$B$4:$B$340-4,1),5)*IF($H9=\"Class_7\",INDEX('ER C7 FLT2'!$A$4:$J$340,MATCH($E9&$C9,'ER C7 FLT2'!$A$4:$A$340&'ER C7 FLT2'!$B$4:$B$340-4,1),7)),IF($H9=\"Class_6\",INDEX('ER C6 FLT2'!$A$4:$J$340,MATCH($E9&$C9,'ER C6 FLT2'!$A$4:$A$340&'ER C6 FLT2'!$B$4:$B$340-4,1),5)*IF($H9=\"Class_6\",INDEX('ER C6 FLT2'!$A$4:$J$340,MATCH($E9&$C9,'ER C6 FLT2'!$A$4:$A$340&'ER C6 FLT2'!$B$4:$B$340-4,1),7))))),IF($B9=\"1 Truck\",\nIF(OR($H9=\"Class_8\",$N9=\"Replacement8HHD\",$AH9=\"CL7HHD\",$AJ9=\"CL7to8\"),INDEX('ER C8 FLT1'!$A$4:$J$340,MATCH($E9&$C9,'ER C8 FLT1'!$A$4:$A$340&'ER C8 FLT1'!$B$4:$B$340-4,1),5)*IF(OR($H9=\"Class_8\",$N9=\"Replacement8HHD\",$AH9=\"CL7HHD\",$AJ9=\"CL7to8\"),INDEX('ER C8 FLT1'!$A$4:$J$340,MATCH($E9&$C9,'ER C8 FLT1'!$A$4:$A$340&'ER C8 FLT1'!$B$4:$B$340-4,1),7)),IF($H9=\"Class_7\",INDEX('ER C7 FLT1'!$A$4:$J$340,MATCH($E9&$C9,'ER C7 FLT1'!$A$4:$A$340&'ER C7 FLT1'!$B$4:$B$340-4,1),5)*IF($H9=\"Class_7\",INDEX('ER C7 FLT1'!$A$4:$J$340,MATCH($E9&$C9,'ER C7 FLT1'!$A$4:$A$340&'ER C7 FLT1'!$B$4:$B$340-4,1),7)),\nIF($H9=\"Class_6\",INDEX('ER C6 FLT1'!$A$4:$J$340,MATCH($E9&$C9,'ER C6 FLT1'!$A$4:$A$340&'ER C6 FLT1'!$B$4:$B$340-4,1),5)*IF($H9=\"Class_6\",INDEX('ER C6 FLT1'!$A$4:$J$340,MATCH($E9&$C9,'ER C6 FLT1'!$A$4:$A$340&'ER C6 FLT1'!$B$4:$B$340-4,1),7))))))))*IF($F9=\"Level 1 PM + Mark I NOx\",0.75,1))*($Q9/453.6)","v":0},{"$f":"IF($B9=\"4+ Trucks\",IF(OR($H9=\"Class_8\",$N9=\"Replacement8HHD\",$AH9=\"CL7HHD\",$AJ9=\"CL7to8\"),INDEX('ER C8 FLT4'!$A$4:$J$340,MATCH($E9&$C9,'ER C8 FLT4'!$A$4:$A$340&'ER C8 FLT4'!$B$4:$B$340,1),5),IF($H9=\"Class_7\",INDEX('ER C7 FLT4'!$A$4:$J$340,MATCH($E9&$C9,'ER C7 FLT4'!$A$4:$A$340&'ER C7 FLT4'!$B$4:$B$340,1),5),IF($H9=\"Class_6\",INDEX('ER C6 FLT4'!$A$4:$J$340,MATCH($E9&$C9,'ER C6 FLT4'!$A$4:$A$340&'ER C6 FLT4'!$B$4:$B$340,1),5)))),\nIF($B9=\"3 Trucks\",IF(OR($H9=\"Class_8\",$N9=\"Replacement8HHD\",$AH9=\"CL7HHD\",$AJ9=\"CL7to8\"),INDEX('ER C8 FLT3'!$A$4:$J$340,MATCH($E9&$C9,'ER C8 FLT3'!$A$4:$A$340&'ER C8 FLT3'!$B$4:$B$340,1),5),IF($H9=\"Class_7\",INDEX('ER C7 FLT3'!$A$4:$J$340,MATCH($E9&$C9,'ER C7 FLT3'!$A$4:$A$340&'ER C7 FLT3'!$B$4:$B$340,1),5),IF($H9=\"Class_6\",INDEX('ER C6 FLT3'!$A$4:$J$340,MATCH($E9&$C9,'ER C6 FLT3'!$A$4:$A$340&'ER C6 FLT3'!$B$4:$B$340,1),5)))),\nIF($B9=\"2 Trucks\",IF(OR($H9=\"Class_8\",$N9=\"Replacement8HHD\",$AH9=\"CL7HHD\",$AJ9=\"CL7to8\"),INDEX('ER C8 FLT2'!$A$4:$J$340,MATCH($E9&$C9,'ER C8 FLT2'!$A$4:$A$340&'ER C8 FLT2'!$B$4:$B$340,1),5),IF($H9=\"Class_7\",INDEX('ER C7 FLT2'!$A$4:$J$340,MATCH($E9&$C9,'ER C7 FLT2'!$A$4:$A$340&'ER C7 FLT2'!$B$4:$B$340,1),5),IF($H9=\"Class_6\",INDEX('ER C6 FLT2'!$A$4:$J$340,MATCH($E9&$C9,'ER C6 FLT2'!$A$4:$A$340&'ER C6 FLT2'!$B$4:$B$340,1),5)))),IF($B9=\"1 Truck\",IF(OR($H9=\"Class_8\",$N9=\"Replacement8HHD\",$AH9=\"CL7HHD\",$AJ9=\"CL7to8\"),INDEX('ER C8 FLT1'!$A$4:$J$340,MATCH($E9&$C9,'ER C8 FLT1'!$A$4:$A$340&'ER C8 FLT1'!$B$4:$B$340,1),5),IF($H9=\"Class_7\",INDEX('ER C7 FLT1'!$A$4:$J$340,MATCH($E9&$C9,'ER C7 FLT1'!$A$4:$A$340&'ER C7 FLT1'!$B$4:$B$340,1),5),IF($H9=\"Class_6\",INDEX('ER C6 FLT1'!$A$4:$J$340,MATCH($E9&$C9,'ER C6 FLT1'!$A$4:$A$340&'ER C6 FLT1'!$B$4:$B$340,1),5)))))))\n)","v":false},{"$f":"IF($B9=\"3 Trucks\",IF(OR($H9=\"Class_8\",$N9=\"Replacement8HHD\",$AH9=\"CL7HHD\",$AJ9=\"CL7to8\"),INDEX('ER C8 FLT3'!$A$4:$J$340,MATCH($E9&$C9,'ER C8 FLT3'!$A$4:$A$340&'ER C8 FLT3'!$B$4:$B$340-1,1),5),IF($H9=\"Class_7\",INDEX('ER C7 FLT3'!$A$4:$J$340,MATCH($E9&$C9,'ER C7 FLT3'!$A$4:$A$340&'ER C7 FLT3'!$B$4:$B$340-1,1),5),IF($H9=\"Class_6\",INDEX('ER C6 FLT3'!$A$4:$J$340,MATCH($E9&$C9,'ER C6 FLT3'!$A$4:$A$340&'ER C6 FLT3'!$B$4:$B$340-1,1),5)))),IF($B9=\"2 Trucks\",IF(OR($H9=\"Class_8\",$N9=\"Replacement8HHD\",$AH9=\"CL7HHD\",$AJ9=\"CL7to8\"),INDEX('ER C8 FLT2'!$A$4:$J$340,MATCH($E9&$C9,'ER C8 FLT2'!$A$4:$A$340&'ER C8 FLT2'!$B$4:$B$340-1,1),5),IF($H9=\"Class_7\",INDEX('ER C7 FLT2'!$A$4:$J$340,MATCH($E9&$C9,'ER C7 FLT2'!$A$4:$A$340&'ER C7 FLT2'!$B$4:$B$340-1,1),5),IF($H9=\"Class_6\",INDEX('ER C6 FLT2'!$A$4:$J$340,MATCH($E9&$C9,'ER C6 FLT2'!$A$4:$A$340&'ER C6 FLT2'!$B$4:$B$340-1,1),5)))),IF($B9=\"1 Truck\",IF(OR($H9=\"Class_8\",$N9=\"Replacement8HHD\",$AH9=\"CL7HHD\",$AJ9=\"CL7to8\"),INDEX('ER C8 FLT1'!$A$4:$J$340,MATCH($E9&$C9,'ER C8 FLT1'!$A$4:$A$340&'ER C8 FLT1'!$B$4:$B$340-1,1),5),IF($H9=\"Class_7\",INDEX('ER C7 FLT1'!$A$4:$J$340,MATCH($E9&$C9,'ER C7 FLT1'!$A$4:$A$340&'ER C7 FLT1'!$B$4:$B$340-1,1),5),IF($H9=\"Class_6\",INDEX('ER C6 FLT1'!$A$4:$J$340,MATCH($E9&$C9,'ER C6 FLT1'!$A$4:$A$340&'ER C6 FLT1'!$B$4:$B$340-1,1),5)))),IF($B9=\"4+ Trucks\",IF(OR($H9=\"Class_8\",$N9=\"Replacement8HHD\",$AH9=\"CL7HHD\",$AJ9=\"CL7to8\"),INDEX('ER C8 FLT4'!$A$4:$J$340,MATCH($E9&$C9,'ER C8 FLT4'!$A$4:$A$340&'ER C8 FLT4'!$B$4:$B$340-1,1),5),IF($H9=\"Class_7\",INDEX('ER C7 FLT4'!$A$4:$J$340,MATCH($E9&$C9,'ER C7 FLT4'!$A$4:$A$340&'ER C7 FLT4'!$B$4:$B$340-1,1),5),IF($H9=\"Class_6\",INDEX('ER C6 FLT4'!$A$4:$J$340,MATCH($E9&$C9,'ER C6 FLT4'!$A$4:$A$340&'ER C6 FLT4'!$B$4:$B$340-1,1),5))))))))","v":false},{"$f":"IF($B9=\"3 Trucks\",IF(OR($H9=\"Class_8\",$N9=\"Replacement8HHD\",$AH9=\"CL7HHD\",$AJ9=\"CL7to8\"),INDEX('ER C8 FLT3'!$A$4:$J$340,MATCH($E9&$C9,'ER C8 FLT3'!$A$4:$A$340&'ER C8 FLT3'!$B$4:$B$340-2,1),5),IF($H9=\"Class_7\",INDEX('ER C7 FLT3'!$A$4:$J$340,MATCH($E9&$C9,'ER C7 FLT3'!$A$4:$A$340&'ER C7 FLT3'!$B$4:$B$340-2,1),5),IF($H9=\"Class_6\",INDEX('ER C6 FLT3'!$A$4:$J$340,MATCH($E9&$C9,'ER C6 FLT3'!$A$4:$A$340&'ER C6 FLT3'!$B$4:$B$340-2,1),5)))),IF($B9=\"2 Trucks\",IF(OR($H9=\"Class_8\",$N9=\"Replacement8HHD\",$AH9=\"CL7HHD\",$AJ9=\"CL7to8\"),INDEX('ER C8 FLT2'!$A$4:$J$340,MATCH($E9&$C9,'ER C8 FLT2'!$A$4:$A$340&'ER C8 FLT2'!$B$4:$B$340-2,1),5),IF($H9=\"Class_7\",INDEX('ER C7 FLT2'!$A$4:$J$340,MATCH($E9&$C9,'ER C7 FLT2'!$A$4:$A$340&'ER C7 FLT2'!$B$4:$B$340-2,1),5),IF($H9=\"Class_6\",INDEX('ER C6 FLT2'!$A$4:$J$340,MATCH($E9&$C9,'ER C6 FLT2'!$A$4:$A$340&'ER C6 FLT2'!$B$4:$B$340-2,1),5)))),IF($B9=\"1 Truck\",IF(OR($H9=\"Class_8\",$N9=\"Replacement8HHD\",$AH9=\"CL7HHD\",$AJ9=\"CL7to8\"),INDEX('ER C8 FLT1'!$A$4:$J$340,MATCH($E9&$C9,'ER C8 FLT1'!$A$4:$A$340&'ER C8 FLT1'!$B$4:$B$340-2,1),5),IF($H9=\"Class_7\",INDEX('ER C7 FLT1'!$A$4:$J$340,MATCH($E9&$C9,'ER C7 FLT1'!$A$4:$A$340&'ER C7 FLT1'!$B$4:$B$340-2,1),5),IF($H9=\"Class_6\",INDEX('ER C6 FLT1'!$A$4:$J$340,MATCH($E9&$C9,'ER C6 FLT1'!$A$4:$A$340&'ER C6 FLT1'!$B$4:$B$340-2,1),5)))),IF($B9=\"4+ Trucks\",IF(OR($H9=\"Class_8\",$N9=\"Replacement8HHD\",$AH9=\"CL7HHD\",$AJ9=\"CL7to8\"),INDEX('ER C8 FLT4'!$A$4:$J$340,MATCH($E9&$C9,'ER C8 FLT4'!$A$4:$A$340&'ER C8 FLT4'!$B$4:$B$340-2,1),5),IF($H9=\"Class_7\",INDEX('ER C7 FLT4'!$A$4:$J$340,MATCH($E9&$C9,'ER C7 FLT4'!$A$4:$A$340&'ER C7 FLT4'!$B$4:$B$340-2,1),5),IF($H9=\"Class_6\",INDEX('ER C6 FLT4'!$A$4:$J$340,MATCH($E9&$C9,'ER C6 FLT4'!$A$4:$A$340&'ER C6 FLT4'!$B$4:$B$340-2,1),5))))))))","v":false},{"$f":"IF($B9=\"3 Trucks\",IF(OR($H9=\"Class_8\",$N9=\"Replacement8HHD\",$AH9=\"CL7HHD\",$AJ9=\"CL7to8\"),INDEX('ER C8 FLT3'!$A$4:$J$340,MATCH($E9&$C9,'ER C8 FLT3'!$A$4:$A$340&'ER C8 FLT3'!$B$4:$B$340-3,1),5),IF($H9=\"Class_7\",INDEX('ER C7 FLT3'!$A$4:$J$340,MATCH($E9&$C9,'ER C7 FLT3'!$A$4:$A$340&'ER C7 FLT3'!$B$4:$B$340-3,1),5),IF($H9=\"Class_6\",INDEX('ER C6 FLT3'!$A$4:$J$340,MATCH($E9&$C9,'ER C6 FLT3'!$A$4:$A$340&'ER C6 FLT3'!$B$4:$B$340-3,1),5)))),IF($B9=\"2 Trucks\",IF(OR($H9=\"Class_8\",$N9=\"Replacement8HHD\",$AH9=\"CL7HHD\",$AJ9=\"CL7to8\"),INDEX('ER C8 FLT2'!$A$4:$J$340,MATCH($E9&$C9,'ER C8 FLT2'!$A$4:$A$340&'ER C8 FLT2'!$B$4:$B$340-3,1),5),IF($H9=\"Class_7\",INDEX('ER C7 FLT2'!$A$4:$J$340,MATCH($E9&$C9,'ER C7 FLT2'!$A$4:$A$340&'ER C7 FLT2'!$B$4:$B$340-3,1),5),IF($H9=\"Class_6\",INDEX('ER C6 FLT2'!$A$4:$J$340,MATCH($E9&$C9,'ER C6 FLT2'!$A$4:$A$340&'ER C6 FLT2'!$B$4:$B$340-3,1),5)))),IF($B9=\"1 Truck\",IF(OR($H9=\"Class_8\",$N9=\"Replacement8HHD\",$AH9=\"CL7HHD\",$AJ9=\"CL7to8\"),INDEX('ER C8 FLT1'!$A$4:$J$340,MATCH($E9&$C9,'ER C8 FLT1'!$A$4:$A$340&'ER C8 FLT1'!$B$4:$B$340-3,1),5),IF($H9=\"Class_7\",INDEX('ER C7 FLT1'!$A$4:$J$340,MATCH($E9&$C9,'ER C7 FLT1'!$A$4:$A$340&'ER C7 FLT1'!$B$4:$B$340-3,1),5),IF($H9=\"Class_6\",INDEX('ER C6 FLT1'!$A$4:$J$340,MATCH($E9&$C9,'ER C6 FLT1'!$A$4:$A$340&'ER C6 FLT1'!$B$4:$B$340-3,1),5)))),IF($B9=\"4+ Trucks\",IF(OR($H9=\"Class_8\",$N9=\"Replacement8HHD\",$AH9=\"CL7HHD\",$AJ9=\"CL7to8\"),INDEX('ER C8 FLT4'!$A$4:$J$340,MATCH($E9&$C9,'ER C8 FLT4'!$A$4:$A$340&'ER C8 FLT4'!$B$4:$B$340-3,1),5),IF($H9=\"Class_7\",INDEX('ER C7 FLT4'!$A$4:$J$340,MATCH($E9&$C9,'ER C7 FLT4'!$A$4:$A$340&'ER C7 FLT4'!$B$4:$B$340-3,1),5),IF($H9=\"Class_6\",INDEX('ER C6 FLT4'!$A$4:$J$340,MATCH($E9&$C9,'ER C6 FLT4'!$A$4:$A$340&'ER C6 FLT4'!$B$4:$B$340-3,1),5))))))))","v":false},{"$f":"IF($B9=\"3 Trucks\",IF(OR($H9=\"Class_8\",$N9=\"Replacement8HHD\",$AH9=\"CL7HHD\",$AJ9=\"CL7to8\"),INDEX('ER C8 FLT3'!$A$4:$J$340,MATCH($E9&$C9,'ER C8 FLT3'!$A$4:$A$340&'ER C8 FLT3'!$B$4:$B$340-4,1),5),IF($H9=\"Class_7\",INDEX('ER C7 FLT3'!$A$4:$J$340,MATCH($E9&$C9,'ER C7 FLT3'!$A$4:$A$340&'ER C7 FLT3'!$B$4:$B$340-4,1),5),IF($H9=\"Class_6\",INDEX('ER C6 FLT3'!$A$4:$J$340,MATCH($E9&$C9,'ER C6 FLT3'!$A$4:$A$340&'ER C6 FLT3'!$B$4:$B$340-4,1),5)))),IF($B9=\"2 Trucks\",IF(OR($H9=\"Class_8\",$N9=\"Replacement8HHD\",$AH9=\"CL7HHD\",$AJ9=\"CL7to8\"),INDEX('ER C8 FLT2'!$A$4:$J$340,MATCH($E9&$C9,'ER C8 FLT2'!$A$4:$A$340&'ER C8 FLT2'!$B$4:$B$340-4,1),5),IF($H9=\"Class_7\",INDEX('ER C7 FLT2'!$A$4:$J$340,MATCH($E9&$C9,'ER C7 FLT2'!$A$4:$A$340&'ER C7 FLT2'!$B$4:$B$340-4,1),5),IF($H9=\"Class_6\",INDEX('ER C6 FLT2'!$A$4:$J$340,MATCH($E9&$C9,'ER C6 FLT2'!$A$4:$A$340&'ER C6 FLT2'!$B$4:$B$340-4,1),5)))),IF($B9=\"1 Truck\",IF(OR($H9=\"Class_8\",$N9=\"Replacement8HHD\",$AH9=\"CL7HHD\",$AJ9=\"CL7to8\"),INDEX('ER C8 FLT1'!$A$4:$J$340,MATCH($E9&$C9,'ER C8 FLT1'!$A$4:$A$340&'ER C8 FLT1'!$B$4:$B$340-4,1),5),IF($H9=\"Class_7\",INDEX('ER C7 FLT1'!$A$4:$J$340,MATCH($E9&$C9,'ER C7 FLT1'!$A$4:$A$340&'ER C7 FLT1'!$B$4:$B$340-4,1),5),IF($H9=\"Class_6\",INDEX('ER C6 FLT1'!$A$4:$J$340,MATCH($E9&$C9,'ER C6 FLT1'!$A$4:$A$340&'ER C6 FLT1'!$B$4:$B$340-4,1),5)))),IF($B9=\"4+ Trucks\",IF(OR($H9=\"Class_8\",$N9=\"Replacement8HHD\",$AH9=\"CL7HHD\",$AJ9=\"CL7to8\"),INDEX('ER C8 FLT4'!$A$4:$J$340,MATCH($E9&$C9,'ER C8 FLT4'!$A$4:$A$340&'ER C8 FLT4'!$B$4:$B$340-4,1),5),IF($H9=\"Class_7\",INDEX('ER C7 FLT4'!$A$4:$J$340,MATCH($E9&$C9,'ER C7 FLT4'!$A$4:$A$340&'ER C7 FLT4'!$B$4:$B$340-4,1),5),IF($H9=\"Class_6\",INDEX('ER C6 FLT4'!$A$4:$J$340,MATCH($E9&$C9,'ER C6 FLT4'!$A$4:$A$340&'ER C6 FLT4'!$B$4:$B$340-4,1),5))))))))","v":false},{"$f":"CK9*(($Q9+$AC9)/453.6)","v":0},{"$f":"CL9*(($Q9+$AC9)/453.6)","v":0},{"$f":"CM9*(($Q9+$AC9)/453.6)","v":0},{"$f":"CN9*(($Q9+$AC9)/453.6)","v":0},{"$f":"CO9*(($Q9+$AC9)/453.6)","v":0},{"$f":"IF(OR($R9=\"Diesel\",$R9=\"Zero Emission\",$R9=\"Hybrid\",$R9=\"Hybrid Zero-Mile\",$R9=\"Low NOx\",$R9=\"LNG/CNG\"),IF($B9=\"3 Trucks\",IF(OR($O9=\"Class_8\",$N9=\"Replacement8HHD\",$AI9=\"CL7HHD\"),INDEX('ER C8 FLT3'!$A$4:$J$340,MATCH(DropData!$J55&$C9,'ER C8 FLT3'!$A$4:$A$340&'ER C8 FLT3'!$B$4:$B$340,1),5),IF($O9=\"Class_7\",INDEX('ER C7 FLT3'!$A$4:$J$340,MATCH(DropData!$J55&$C9,'ER C7 FLT3'!$A$4:$A$340&'ER C7 FLT3'!$B$4:$B$340,1),5),IF($O9=\"Class_6\",INDEX('ER C6 FLT3'!$A$4:$J$340,MATCH(DropData!$J55&$C9,'ER C6 FLT3'!$A$4:$A$340&'ER C6 FLT3'!$B$4:$B$340,1),5)))),IF($B9=\"2 Trucks\",IF(OR($O9=\"Class_8\",$N9=\"Replacement8HHD\",$AI9=\"CL7HHD\"),INDEX('ER C8 FLT2'!$A$4:$J$340,MATCH(DropData!$J55&$C9,'ER C8 FLT2'!$A$4:$A$340&'ER C8 FLT2'!$B$4:$B$340,1),5),IF($O9=\"Class_7\",INDEX('ER C7 FLT2'!$A$4:$J$340,MATCH(DropData!$J55&$C9,'ER C7 FLT2'!$A$4:$A$340&'ER C7 FLT2'!$B$4:$B$340,1),5),IF($O9=\"Class_6\",INDEX('ER C6 FLT2'!$A$4:$J$340,MATCH(DropData!$J55&$C9,'ER C6 FLT2'!$A$4:$A$340&'ER C6 FLT2'!$B$4:$B$340,1),5)))),IF($B9=\"1 Truck\",IF(OR($O9=\"Class_8\",$N9=\"Replacement8HHD\",$AI9=\"CL7HHD\"),INDEX('ER C8 FLT1'!$A$4:$J$340,MATCH(DropData!$J55&$C9,'ER C8 FLT1'!$A$4:$A$340&'ER C8 FLT1'!$B$4:$B$340,1),5),IF($O9=\"Class_7\",INDEX('ER C7 FLT1'!$A$4:$J$340,MATCH(DropData!$J55&$C9,'ER C7 FLT1'!$A$4:$A$340&'ER C7 FLT1'!$B$4:$B$340,1),5),IF($O9=\"Class_6\",INDEX('ER C6 FLT1'!$A$4:$J$340,MATCH(DropData!$J55&$C9,'ER C6 FLT1'!$A$4:$A$340&'ER C6 FLT1'!$B$4:$B$340,1),5)))),IF($B9=\"4+ Trucks\",IF(OR($O9=\"Class_8\",$N9=\"Replacement8HHD\",$AI9=\"CL7HHD\"),INDEX('ER C8 FLT4'!$A$4:$J$340,MATCH(DropData!$J55&$C9,'ER C8 FLT4'!$A$4:$A$340&'ER C8 FLT4'!$B$4:$B$340,1),5),IF($O9=\"Class_7\",INDEX('ER C7 FLT4'!$A$4:$J$340,MATCH(DropData!$J55&$C9,'ER C7 FLT4'!$A$4:$A$340&'ER C7 FLT4'!$B$4:$B$340,1),5),IF($O9=\"Class_6\",INDEX('ER C6 FLT4'!$A$4:$J$340,MATCH(DropData!$J55&$C9,'ER C6 FLT4'!$A$4:$A$340&'ER C6 FLT4'!$B$4:$B$340,1),5)))))))))","v":false},{"$f":"IF(OR($R9=\"Diesel\",$R9=\"Zero Emission\",$R9=\"Hybrid\",$R9=\"Hybrid Zero-Mile\",$R9=\"Low NOx\",$R9=\"LNG/CNG\"),IF($B9=\"3 Trucks\",IF(OR($O9=\"Class_8\",$N9=\"Replacement8HHD\",$AI9=\"CL7HHD\"),INDEX('ER C8 FLT3'!$A$4:$J$340,MATCH(DropData!$J55&$C9,'ER C8 FLT3'!$A$4:$A$340&'ER C8 FLT3'!$B$4:$B$340-1,1),5),IF($O9=\"Class_7\",INDEX('ER C7 FLT3'!$A$4:$J$340,MATCH(DropData!$J55&$C9,'ER C7 FLT3'!$A$4:$A$340&'ER C7 FLT3'!$B$4:$B$340-1,1),5),IF($O9=\"Class_6\",INDEX('ER C6 FLT3'!$A$4:$J$340,MATCH(DropData!$J55&$C9,'ER C6 FLT3'!$A$4:$A$340&'ER C6 FLT3'!$B$4:$B$340-1,1),5)))),IF($B9=\"2 Trucks\",IF(OR($O9=\"Class_8\",$N9=\"Replacement8HHD\",$AI9=\"CL7HHD\"),INDEX('ER C8 FLT2'!$A$4:$J$340,MATCH(DropData!$J55&$C9,'ER C8 FLT2'!$A$4:$A$340&'ER C8 FLT2'!$B$4:$B$340-1,1),5),IF($O9=\"Class_7\",INDEX('ER C7 FLT2'!$A$4:$J$340,MATCH(DropData!$J55&$C9,'ER C7 FLT2'!$A$4:$A$340&'ER C7 FLT2'!$B$4:$B$340-1,1),5),IF($O9=\"Class_6\",INDEX('ER C6 FLT2'!$A$4:$J$340,MATCH(DropData!$J55&$C9,'ER C6 FLT2'!$A$4:$A$340&'ER C6 FLT2'!$B$4:$B$340-1,1),5)))),IF($B9=\"1 Truck\",IF(OR($O9=\"Class_8\",$N9=\"Replacement8HHD\",$AI9=\"CL7HHD\"),INDEX('ER C8 FLT1'!$A$4:$J$340,MATCH(DropData!$J55&$C9,'ER C8 FLT1'!$A$4:$A$340&'ER C8 FLT1'!$B$4:$B$340-1,1),5),IF($O9=\"Class_7\",INDEX('ER C7 FLT1'!$A$4:$J$340,MATCH(DropData!$J55&$C9,'ER C7 FLT1'!$A$4:$A$340&'ER C7 FLT1'!$B$4:$B$340-1,1),5),IF($O9=\"Class_6\",INDEX('ER C6 FLT1'!$A$4:$J$340,MATCH(DropData!$J55&$C9,'ER C6 FLT1'!$A$4:$A$340&'ER C6 FLT1'!$B$4:$B$340-1,1),5)))),IF($B9=\"4+ Trucks\",IF(OR($O9=\"Class_8\",$N9=\"Replacement8HHD\",$AI9=\"CL7HHD\"),INDEX('ER C8 FLT4'!$A$4:$J$340,MATCH(DropData!$J55&$C9,'ER C8 FLT4'!$A$4:$A$340&'ER C8 FLT4'!$B$4:$B$340-1,1),5),IF($O9=\"Class_7\",INDEX('ER C7 FLT4'!$A$4:$J$340,MATCH(DropData!$J55&$C9,'ER C7 FLT4'!$A$4:$A$340&'ER C7 FLT4'!$B$4:$B$340-1,1),5),IF($O9=\"Class_6\",INDEX('ER C6 FLT4'!$A$4:$J$340,MATCH(DropData!$J55&$C9,'ER C6 FLT4'!$A$4:$A$340&'ER C6 FLT4'!$B$4:$B$340-1,1),5)))))))))","v":false},{"$f":"IF(OR($R9=\"Diesel\",$R9=\"Zero Emission\",$R9=\"Hybrid\",$R9=\"Hybrid Zero-Mile\",$R9=\"Low NOx\",$R9=\"LNG/CNG\"),IF($B9=\"3 Trucks\",IF(OR($O9=\"Class_8\",$N9=\"Replacement8HHD\",$AI9=\"CL7HHD\"),INDEX('ER C8 FLT3'!$A$4:$J$340,MATCH(DropData!$J55&$C9,'ER C8 FLT3'!$A$4:$A$340&'ER C8 FLT3'!$B$4:$B$340-2,1),5),IF($O9=\"Class_7\",INDEX('ER C7 FLT3'!$A$4:$J$340,MATCH(DropData!$J55&$C9,'ER C7 FLT3'!$A$4:$A$340&'ER C7 FLT3'!$B$4:$B$340-2,1),5),IF($O9=\"Class_6\",INDEX('ER C6 FLT3'!$A$4:$J$340,MATCH(DropData!$J55&$C9,'ER C6 FLT3'!$A$4:$A$340&'ER C6 FLT3'!$B$4:$B$340-2,1),5)))),IF($B9=\"2 Trucks\",IF(OR($O9=\"Class_8\",$N9=\"Replacement8HHD\",$AI9=\"CL7HHD\"),INDEX('ER C8 FLT2'!$A$4:$J$340,MATCH(DropData!$J55&$C9,'ER C8 FLT2'!$A$4:$A$340&'ER C8 FLT2'!$B$4:$B$340-2,1),5),IF($O9=\"Class_7\",INDEX('ER C7 FLT2'!$A$4:$J$340,MATCH(DropData!$J55&$C9,'ER C7 FLT2'!$A$4:$A$340&'ER C7 FLT2'!$B$4:$B$340-2,1),5),IF($O9=\"Class_6\",INDEX('ER C6 FLT2'!$A$4:$J$340,MATCH(DropData!$J55&$C9,'ER C6 FLT2'!$A$4:$A$340&'ER C6 FLT2'!$B$4:$B$340-2,1),5)))),IF($B9=\"1 Truck\",IF(OR($O9=\"Class_8\",$N9=\"Replacement8HHD\",$AI9=\"CL7HHD\"),INDEX('ER C8 FLT1'!$A$4:$J$340,MATCH(DropData!$J55&$C9,'ER C8 FLT1'!$A$4:$A$340&'ER C8 FLT1'!$B$4:$B$340-2,1),5),IF($O9=\"Class_7\",INDEX('ER C7 FLT1'!$A$4:$J$340,MATCH(DropData!$J55&$C9,'ER C7 FLT1'!$A$4:$A$340&'ER C7 FLT1'!$B$4:$B$340-2,1),5),IF($O9=\"Class_6\",INDEX('ER C6 FLT1'!$A$4:$J$340,MATCH(DropData!$J55&$C9,'ER C6 FLT1'!$A$4:$A$340&'ER C6 FLT1'!$B$4:$B$340-2,1),5)))),IF($B9=\"4+ Trucks\",IF(OR($O9=\"Class_8\",$N9=\"Replacement8HHD\",$AI9=\"CL7HHD\"),INDEX('ER C8 FLT4'!$A$4:$J$340,MATCH(DropData!$J55&$C9,'ER C8 FLT4'!$A$4:$A$340&'ER C8 FLT4'!$B$4:$B$340-2,1),5),IF($O9=\"Class_7\",INDEX('ER C7 FLT4'!$A$4:$J$340,MATCH(DropData!$J55&$C9,'ER C7 FLT4'!$A$4:$A$340&'ER C7 FLT4'!$B$4:$B$340-2,1),5),IF($O9=\"Class_6\",INDEX('ER C6 FLT4'!$A$4:$J$340,MATCH(DropData!$J55&$C9,'ER C6 FLT4'!$A$4:$A$340&'ER C6 FLT4'!$B$4:$B$340-2,1),5)))))))))","v":false},{"$f":"IF(OR($R9=\"Diesel\",$R9=\"Zero Emission\",$R9=\"Hybrid\",$R9=\"Hybrid Zero-Mile\",$R9=\"Low NOx\",$R9=\"LNG/CNG\"),IF($B9=\"3 Trucks\",IF(OR($O9=\"Class_8\",$N9=\"Replacement8HHD\",$AI9=\"CL7HHD\"),INDEX('ER C8 FLT3'!$A$4:$J$340,MATCH(DropData!$J55&$C9,'ER C8 FLT3'!$A$4:$A$340&'ER C8 FLT3'!$B$4:$B$340-3,1),5),IF($O9=\"Class_7\",INDEX('ER C7 FLT3'!$A$4:$J$340,MATCH(DropData!$J55&$C9,'ER C7 FLT3'!$A$4:$A$340&'ER C7 FLT3'!$B$4:$B$340-3,1),5),IF($O9=\"Class_6\",INDEX('ER C6 FLT3'!$A$4:$J$340,MATCH(DropData!$J55&$C9,'ER C6 FLT3'!$A$4:$A$340&'ER C6 FLT3'!$B$4:$B$340-3,1),5)))),IF($B9=\"2 Trucks\",IF(OR($O9=\"Class_8\",$N9=\"Replacement8HHD\",$AI9=\"CL7HHD\"),INDEX('ER C8 FLT2'!$A$4:$J$340,MATCH(DropData!$J55&$C9,'ER C8 FLT2'!$A$4:$A$340&'ER C8 FLT2'!$B$4:$B$340-3,1),5),IF($O9=\"Class_7\",INDEX('ER C7 FLT2'!$A$4:$J$340,MATCH(DropData!$J55&$C9,'ER C7 FLT2'!$A$4:$A$340&'ER C7 FLT2'!$B$4:$B$340-3,1),5),IF($O9=\"Class_6\",INDEX('ER C6 FLT2'!$A$4:$J$340,MATCH(DropData!$J55&$C9,'ER C6 FLT2'!$A$4:$A$340&'ER C6 FLT2'!$B$4:$B$340-3,1),5)))),IF($B9=\"1 Truck\",IF(OR($O9=\"Class_8\",$N9=\"Replacement8HHD\",$AI9=\"CL7HHD\"),INDEX('ER C8 FLT1'!$A$4:$J$340,MATCH(DropData!$J55&$C9,'ER C8 FLT1'!$A$4:$A$340&'ER C8 FLT1'!$B$4:$B$340-3,1),5),IF($O9=\"Class_7\",INDEX('ER C7 FLT1'!$A$4:$J$340,MATCH(DropData!$J55&$C9,'ER C7 FLT1'!$A$4:$A$340&'ER C7 FLT1'!$B$4:$B$340-3,1),5),IF($O9=\"Class_6\",INDEX('ER C6 FLT1'!$A$4:$J$340,MATCH(DropData!$J55&$C9,'ER C6 FLT1'!$A$4:$A$340&'ER C6 FLT1'!$B$4:$B$340-3,1),5)))),IF($B9=\"4+ Trucks\",IF(OR($O9=\"Class_8\",$N9=\"Replacement8HHD\",$AI9=\"CL7HHD\"),INDEX('ER C8 FLT4'!$A$4:$J$340,MATCH(DropData!$J55&$C9,'ER C8 FLT4'!$A$4:$A$340&'ER C8 FLT4'!$B$4:$B$340-3,1),5),IF($O9=\"Class_7\",INDEX('ER C7 FLT4'!$A$4:$J$340,MATCH(DropData!$J55&$C9,'ER C7 FLT4'!$A$4:$A$340&'ER C7 FLT4'!$B$4:$B$340-3,1),5),IF($O9=\"Class_6\",INDEX('ER C6 FLT4'!$A$4:$J$340,MATCH(DropData!$J55&$C9,'ER C6 FLT4'!$A$4:$A$340&'ER C6 FLT4'!$B$4:$B$340-3,1),5)))))))))","v":false},{"$f":"IF(OR($R9=\"Diesel\",$R9=\"Zero Emission\",$R9=\"Hybrid\",$R9=\"Hybrid Zero-Mile\",$R9=\"Low NOx\",$R9=\"LNG/CNG\"),IF($B9=\"3 Trucks\",IF(OR($O9=\"Class_8\",$N9=\"Replacement8HHD\",$AI9=\"CL7HHD\"),INDEX('ER C8 FLT3'!$A$4:$J$340,MATCH(DropData!$J55&$C9,'ER C8 FLT3'!$A$4:$A$340&'ER C8 FLT3'!$B$4:$B$340-4,1),5),IF($O9=\"Class_7\",INDEX('ER C7 FLT3'!$A$4:$J$340,MATCH(DropData!$J55&$C9,'ER C7 FLT3'!$A$4:$A$340&'ER C7 FLT3'!$B$4:$B$340-4,1),5),IF($O9=\"Class_6\",INDEX('ER C6 FLT3'!$A$4:$J$340,MATCH(DropData!$J55&$C9,'ER C6 FLT3'!$A$4:$A$340&'ER C6 FLT3'!$B$4:$B$340-4,1),5)))),IF($B9=\"2 Trucks\",IF(OR($O9=\"Class_8\",$N9=\"Replacement8HHD\",$AI9=\"CL7HHD\"),INDEX('ER C8 FLT2'!$A$4:$J$340,MATCH(DropData!$J55&$C9,'ER C8 FLT2'!$A$4:$A$340&'ER C8 FLT2'!$B$4:$B$340-4,1),5),IF($O9=\"Class_7\",INDEX('ER C7 FLT2'!$A$4:$J$340,MATCH(DropData!$J55&$C9,'ER C7 FLT2'!$A$4:$A$340&'ER C7 FLT2'!$B$4:$B$340-4,1),5),IF($O9=\"Class_6\",INDEX('ER C6 FLT2'!$A$4:$J$340,MATCH(DropData!$J55&$C9,'ER C6 FLT2'!$A$4:$A$340&'ER C6 FLT2'!$B$4:$B$340-4,1),5)))),IF($B9=\"1 Truck\",IF(OR($O9=\"Class_8\",$N9=\"Replacement8HHD\",$AI9=\"CL7HHD\"),INDEX('ER C8 FLT1'!$A$4:$J$340,MATCH(DropData!$J55&$C9,'ER C8 FLT1'!$A$4:$A$340&'ER C8 FLT1'!$B$4:$B$340-4,1),5),IF($O9=\"Class_7\",INDEX('ER C7 FLT1'!$A$4:$J$340,MATCH(DropData!$J55&$C9,'ER C7 FLT1'!$A$4:$A$340&'ER C7 FLT1'!$B$4:$B$340-4,1),5),IF($O9=\"Class_6\",INDEX('ER C6 FLT1'!$A$4:$J$340,MATCH(DropData!$J55&$C9,'ER C6 FLT1'!$A$4:$A$340&'ER C6 FLT1'!$B$4:$B$340-4,1),5)))),IF($B9=\"4+ Trucks\",IF(OR($O9=\"Class_8\",$N9=\"Replacement8HHD\",$AI9=\"CL7HHD\"),INDEX('ER C8 FLT4'!$A$4:$J$340,MATCH(DropData!$J55&$C9,'ER C8 FLT4'!$A$4:$A$340&'ER C8 FLT4'!$B$4:$B$340-4,1),5),IF($O9=\"Class_7\",INDEX('ER C7 FLT4'!$A$4:$J$340,MATCH(DropData!$J55&$C9,'ER C7 FLT4'!$A$4:$A$340&'ER C7 FLT4'!$B$4:$B$340-4,1),5),IF($O9=\"Class_6\",INDEX('ER C6 FLT4'!$A$4:$J$340,MATCH(DropData!$J55&$C9,'ER C6 FLT4'!$A$4:$A$340&'ER C6 FLT4'!$B$4:$B$340-4,1),5)))))))))","v":false},0,{"$f":"MAX((IF($B9=\"4+ Trucks\",IF($Z9=\"Class_8\",INDEX('ER C8 FLT4'!$A$4:$J$340,MATCH($W9&$C9,'ER C8 FLT4'!$A$4:$A$340&'ER C8 FLT4'!$B$4:$B$340,1),5)*IF($Z9=\"Class_8\",INDEX('ER C8 FLT4'!$A$4:$J$340,MATCH($W9&$C9,'ER C8 FLT4'!$A$4:$A$340&'ER C8 FLT4'!$B$4:$B$340,1),7)),IF($Z9=\"Class_7\",INDEX('ER C7 FLT4'!$A$4:$J$340,MATCH($W9&$C9,'ER C7 FLT4'!$A$4:$A$340&'ER C7 FLT4'!$B$4:$B$340,1),5)*IF($Z9=\"Class_7\",INDEX('ER C7 FLT4'!$A$4:$J$340,MATCH($W9&$C9,'ER C7 FLT4'!$A$4:$A$340&'ER C7 FLT4'!$B$4:$B$340,1),7)),IF($Z9=\"Class_6\",INDEX('ER C6 FLT4'!$A$4:$J$340,MATCH($W9&$C9,'ER C6 FLT4'!$A$4:$A$340&'ER C6 FLT4'!$B$4:$B$340,1),5)*IF($Z9=\"Class_6\",INDEX('ER C6 FLT4'!$A$4:$L$340,MATCH($W9&$C9,'ER C6 FLT4'!$A$4:$A$340&'ER C6 FLT4'!$B$4:$B$340,1),7))))),IF($B9=\"2 Trucks\",IF($Z9=\"Class_8\",INDEX('ER C8 FLT2'!$A$4:$J$340,MATCH($W9&$C9,'ER C8 FLT2'!$A$4:$A$340&'ER C8 FLT2'!$B$4:$B$340,1),5)*IF($Z9=\"Class_8\",INDEX('ER C8 FLT2'!$A$4:$J$340,MATCH($W9&$C9,'ER C8 FLT2'!$A$4:$A$340&'ER C8 FLT2'!$B$4:$B$340,1),7)),IF($Z9=\"Class_7\",INDEX('ER C7 FLT2'!$A$4:$J$340,MATCH($W9&$C9,'ER C7 FLT2'!$A$4:$A$340&'ER C7 FLT2'!$B$4:$B$340,1),5)*IF($Z9=\"Class_7\",INDEX('ER C7 FLT2'!$A$4:$J$340,MATCH($W9&$C9,'ER C7 FLT2'!$A$4:$A$340&'ER C7 FLT2'!$B$4:$B$340,1),7)),IF($Z9=\"Class_6\",INDEX('ER C6 FLT2'!$A$4:$J$340,MATCH($W9&$C9,'ER C6 FLT2'!$A$4:$A$340&'ER C6 FLT2'!$B$4:$B$340,1),5)*IF($Z9=\"Class_6\",INDEX('ER C6 FLT2'!$A$4:$J$340,MATCH($W9&$C9,'ER C6 FLT2'!$A$4:$A$340&'ER C6 FLT2'!$B$4:$B$340,1),7))))),IF($B9=\"1 Truck\",\nIF($Z9=\"Class_8\",INDEX('ER C8 FLT1'!$A$4:$J$340,MATCH($W9&$C9,'ER C8 FLT1'!$A$4:$A$340&'ER C8 FLT1'!$B$4:$B$340,1),5)*IF($Z9=\"Class_8\",INDEX('ER C8 FLT1'!$A$4:$J$340,MATCH($W9&$C9,'ER C8 FLT1'!$A$4:$A$340&'ER C8 FLT1'!$B$4:$B$340,1),7)),IF($Z9=\"Class_7\",INDEX('ER C7 FLT1'!$A$4:$J$340,MATCH($W9&$C9,'ER C7 FLT1'!$A$4:$A$340&'ER C7 FLT1'!$B$4:$B$340,1),5)*IF($Z9=\"Class_7\",INDEX('ER C7 FLT1'!$A$4:$J$340,MATCH($W9&$C9,'ER C7 FLT1'!$A$4:$A$340&'ER C7 FLT1'!$B$4:$B$340,1),7)),IF($Z9=\"Class_6\",INDEX('ER C6 FLT1'!$A$4:$J$340,MATCH($W9&$C9,'ER C6 FLT1'!$A$4:$A$340&'ER C6 FLT1'!$B$4:$B$340,1),5)*IF($Z9=\"Class_6\",INDEX('ER C6 FLT1'!$A$4:$J$340,MATCH($W9&$C9,'ER C6 FLT1'!$A$4:$A$340&'ER C6 FLT1'!$B$4:$B$340,1),7))))),IF($B9=\"3 Trucks\",IF($Z9=\"Class_8\",INDEX('ER C8 FLT3'!$A$4:$J$340,MATCH($W9&$C9,'ER C8 FLT3'!$A$4:$A$340&'ER C8 FLT3'!$B$4:$B$340,1),5)*IF($Z9=\"Class_8\",INDEX('ER C8 FLT3'!$A$4:$J$340,MATCH($W9&$C9,'ER C8 FLT3'!$A$4:$A$340&'ER C8 FLT3'!$B$4:$B$340,1),7)),IF($Z9=\"Class_7\",INDEX('ER C7 FLT3'!$A$4:$J$340,MATCH($W9&$C9,'ER C7 FLT3'!$A$4:$A$340&'ER C7 FLT3'!$B$4:$B$340,1),5)*IF($Z9=\"Class_7\",INDEX('ER C7 FLT3'!$A$4:$J$340,MATCH($W9&$C9,'ER C7 FLT3'!$A$4:$A$340&'ER C7 FLT3'!$B$4:$B$340,1),7)),\nIF($Z9=\"Class_6\",INDEX('ER C6 FLT3'!$A$4:$J$340,MATCH($W9&$C9,'ER C6 FLT3'!$A$4:$A$340&'ER C6 FLT3'!$B$4:$B$340,1),5)*IF($Z9=\"Class_6\",INDEX('ER C6 FLT3'!$A$4:$L$340,MATCH($W9&$C9,'ER C6 FLT3'!$A$4:$A$340&'ER C6 FLT3'!$B$4:$B$340,1),7)))))))))*IF($X9=\"Level 3 PM + Mark I NOx\",0.75,1)*($AC9/453.6)-IF(CP9=0,CF9,0)),0)","v":0},0,0,{"$f":"MAX((IF($B9=\"3 Trucks\",IF($Z9=\"Class_8\",INDEX('ER C8 FLT3'!$A$4:$J$340,MATCH($W9&$C9,'ER C8 FLT3'!$A$4:$A$340&'ER C8 FLT3'!$B$4:$B$340-1,1),5)*IF($Z9=\"Class_8\",INDEX('ER C8 FLT3'!$A$4:$J$340,MATCH($W9&$C9,'ER C8 FLT3'!$A$4:$A$340&'ER C8 FLT3'!$B$4:$B$340-1,1),7)),IF($Z9=\"Class_7\",INDEX('ER C7 FLT3'!$A$4:$J$340,MATCH($W9&$C9,'ER C7 FLT3'!$A$4:$A$340&'ER C7 FLT3'!$B$4:$B$340-1,1),5)*IF($Z9=\"Class_7\",INDEX('ER C7 FLT3'!$A$4:$J$340,MATCH($W9&$C9,'ER C7 FLT3'!$A$4:$A$340&'ER C7 FLT3'!$B$4:$B$340-1,1),7)),IF($Z9=\"Class_6\",INDEX('ER C6 FLT3'!$A$4:$J$340,MATCH($W9&$C9,'ER C6 FLT3'!$A$4:$A$340&'ER C6 FLT3'!$B$4:$B$340-1,1),5)*IF($Z9=\"Class_6\",INDEX('ER C6 FLT3'!$A$4:$L$340,MATCH($W9&$C9,'ER C6 FLT3'!$A$4:$A$340&'ER C6 FLT3'!$B$4:$B$340-1,1),7))))),IF($B9=\"2 Trucks\",IF($Z9=\"Class_8\",INDEX('ER C8 FLT2'!$A$4:$J$340,MATCH($W9&$C9,'ER C8 FLT2'!$A$4:$A$340&'ER C8 FLT2'!$B$4:$B$340-1,1),5)*IF($Z9=\"Class_8\",INDEX('ER C8 FLT2'!$A$4:$J$340,MATCH($W9&$C9,'ER C8 FLT2'!$A$4:$A$340&'ER C8 FLT2'!$B$4:$B$340-1,1),7)),IF($Z9=\"Class_7\",INDEX('ER C7 FLT2'!$A$4:$J$340,MATCH($W9&$C9,'ER C7 FLT2'!$A$4:$A$340&'ER C7 FLT2'!$B$4:$B$340-1,1),5)*IF($Z9=\"Class_7\",INDEX('ER C7 FLT2'!$A$4:$J$340,MATCH($W9&$C9,'ER C7 FLT2'!$A$4:$A$340&'ER C7 FLT2'!$B$4:$B$340-1,1),7)),IF($Z9=\"Class_6\",INDEX('ER C6 FLT2'!$A$4:$J$340,MATCH($W9&$C9,'ER C6 FLT2'!$A$4:$A$340&'ER C6 FLT2'!$B$4:$B$340-1,1),5)*IF($Z9=\"Class_6\",INDEX('ER C6 FLT2'!$A$4:$J$340,MATCH($W9&$C9,'ER C6 FLT2'!$A$4:$A$340&'ER C6 FLT2'!$B$4:$B$340-1,1),7))))),IF($B9=\"1 Truck\",IF($Z9=\"Class_8\",INDEX('ER C8 FLT1'!$A$4:$J$340,MATCH($W9&$C9,'ER C8 FLT1'!$A$4:$A$340&'ER C8 FLT1'!$B$4:$B$340-1,1),5)*IF($Z9=\"Class_8\",INDEX('ER C8 FLT1'!$A$4:$J$340,MATCH($W9&$C9,'ER C8 FLT1'!$A$4:$A$340&'ER C8 FLT1'!$B$4:$B$340-1,1),7)),IF($Z9=\"Class_7\",INDEX('ER C7 FLT1'!$A$4:$J$340,MATCH($W9&$C9,'ER C7 FLT1'!$A$4:$A$340&'ER C7 FLT1'!$B$4:$B$340-1,1),5)*IF($Z9=\"Class_7\",INDEX('ER C7 FLT1'!$A$4:$J$340,MATCH($W9&$C9,'ER C7 FLT1'!$A$4:$A$340&'ER C7 FLT1'!$B$4:$B$340-1,1),7)),\nIF($Z9=\"Class_6\",INDEX('ER C6 FLT1'!$A$4:$J$340,MATCH($W9&$C9,'ER C6 FLT1'!$A$4:$A$340&'ER C6 FLT1'!$B$4:$B$340-1,1),5)*IF($Z9=\"Class_6\",INDEX('ER C6 FLT1'!$A$4:$J$340,MATCH($W9&$C9,'ER C6 FLT1'!$A$4:$A$340&'ER C6 FLT1'!$B$4:$B$340-1,1),7))))),IF($B9=\"4+ Trucks\",IF($Z9=\"Class_8\",INDEX('ER C8 FLT4'!$A$4:$J$340,MATCH($W9&$C9,'ER C8 FLT4'!$A$4:$A$340&'ER C8 FLT4'!$B$4:$B$340-1,1),5)*IF($Z9=\"Class_8\",INDEX('ER C8 FLT4'!$A$4:$J$340,MATCH($W9&$C9,'ER C8 FLT4'!$A$4:$A$340&'ER C8 FLT4'!$B$4:$B$340-1,1),7)),IF($Z9=\"Class_7\",INDEX('ER C7 FLT4'!$A$4:$J$340,MATCH($W9&$C9,'ER C7 FLT4'!$A$4:$A$340&'ER C7 FLT4'!$B$4:$B$340-1,1),5)*IF($Z9=\"Class_7\",INDEX('ER C7 FLT4'!$A$4:$J$340,MATCH($W9&$C9,'ER C7 FLT4'!$A$4:$A$340&'ER C7 FLT4'!$B$4:$B$340-1,1),7)),\nIF($Z9=\"Class_6\",INDEX('ER C6 FLT4'!$A$4:$J$340,MATCH($W9&$C9,'ER C6 FLT4'!$A$4:$A$340&'ER C6 FLT4'!$B$4:$B$340-1,1),5)*IF($Z9=\"Class_6\",INDEX('ER C6 FLT4'!$A$4:$L$340,MATCH($W9&$C9,'ER C6 FLT4'!$A$4:$A$340&'ER C6 FLT4'!$B$4:$B$340-1,1),7))))))))))*IF($X9=\"Level 3 PM + Mark I NOx\",0.75,1)*($AC9/453.6)-IF(CS9=0,CG9,0),0)","v":0},{"$f":"MAX(0,CS9+CT9)","v":0},0,{"$f":"MAX((IF($B9=\"3 Trucks\",IF($Z9=\"Class_8\",INDEX('ER C8 FLT3'!$A$4:$J$340,MATCH($W9&$C9,'ER C8 FLT3'!$A$4:$A$340&'ER C8 FLT3'!$B$4:$B$340-2,1),5)*IF($Z9=\"Class_8\",INDEX('ER C8 FLT3'!$A$4:$J$340,MATCH($W9&$C9,'ER C8 FLT3'!$A$4:$A$340&'ER C8 FLT3'!$B$4:$B$340-2,1),7)),IF($Z9=\"Class_7\",INDEX('ER C7 FLT3'!$A$4:$J$340,MATCH($W9&$C9,'ER C7 FLT3'!$A$4:$A$340&'ER C7 FLT3'!$B$4:$B$340-2,1),5)*IF($Z9=\"Class_7\",INDEX('ER C7 FLT3'!$A$4:$J$340,MATCH($W9&$C9,'ER C7 FLT3'!$A$4:$A$340&'ER C7 FLT3'!$B$4:$B$340-2,1),7)),\nIF($Z9=\"Class_6\",INDEX('ER C6 FLT3'!$A$4:$J$340,MATCH($W9&$C9,'ER C6 FLT3'!$A$4:$A$340&'ER C6 FLT3'!$B$4:$B$340-2,1),5)*IF($Z9=\"Class_6\",INDEX('ER C6 FLT3'!$A$4:$L$340,MATCH($W9&$C9,'ER C6 FLT3'!$A$4:$A$340&'ER C6 FLT3'!$B$4:$B$340-2,1),7))))),IF($B9=\"2 Trucks\",IF($Z9=\"Class_8\",INDEX('ER C8 FLT2'!$A$4:$J$340,MATCH($W9&$C9,'ER C8 FLT2'!$A$4:$A$340&'ER C8 FLT2'!$B$4:$B$340-2,1),5)*IF($Z9=\"Class_8\",INDEX('ER C8 FLT2'!$A$4:$J$340,MATCH($W9&$C9,'ER C8 FLT2'!$A$4:$A$340&'ER C8 FLT2'!$B$4:$B$340-2,1),7)),IF($Z9=\"Class_7\",INDEX('ER C7 FLT2'!$A$4:$J$340,MATCH($W9&$C9,'ER C7 FLT2'!$A$4:$A$340&'ER C7 FLT2'!$B$4:$B$340-2,1),5)*IF($Z9=\"Class_7\",INDEX('ER C7 FLT2'!$A$4:$J$340,MATCH($W9&$C9,'ER C7 FLT2'!$A$4:$A$340&'ER C7 FLT2'!$B$4:$B$340-2,1),7)),IF($Z9=\"Class_6\",INDEX('ER C6 FLT2'!$A$4:$J$340,MATCH($W9&$C9,'ER C6 FLT2'!$A$4:$A$340&'ER C6 FLT2'!$B$4:$B$340-2,1),5)*IF($Z9=\"Class_6\",INDEX('ER C6 FLT2'!$A$4:$J$340,MATCH($W9&$C9,'ER C6 FLT2'!$A$4:$A$340&'ER C6 FLT2'!$B$4:$B$340-2,1),7))))),IF($B9=\"1 Truck\",\nIF($Z9=\"Class_8\",INDEX('ER C8 FLT1'!$A$4:$J$340,MATCH($W9&$C9,'ER C8 FLT1'!$A$4:$A$340&'ER C8 FLT1'!$B$4:$B$340-2,1),5)*IF($Z9=\"Class_8\",INDEX('ER C8 FLT1'!$A$4:$J$340,MATCH($W9&$C9,'ER C8 FLT1'!$A$4:$A$340&'ER C8 FLT1'!$B$4:$B$340-2,1),7)),IF($Z9=\"Class_7\",INDEX('ER C7 FLT1'!$A$4:$J$340,MATCH($W9&$C9,'ER C7 FLT1'!$A$4:$A$340&'ER C7 FLT1'!$B$4:$B$340-2,1),5)*IF($Z9=\"Class_7\",INDEX('ER C7 FLT1'!$A$4:$J$340,MATCH($W9&$C9,'ER C7 FLT1'!$A$4:$A$340&'ER C7 FLT1'!$B$4:$B$340-2,1),7)),\nIF($Z9=\"Class_6\",INDEX('ER C6 FLT1'!$A$4:$J$340,MATCH($W9&$C9,'ER C6 FLT1'!$A$4:$A$340&'ER C6 FLT1'!$B$4:$B$340-2,1),5)*IF($Z9=\"Class_6\",INDEX('ER C6 FLT1'!$A$4:$J$340,MATCH($W9&$C9,'ER C6 FLT1'!$A$4:$A$340&'ER C6 FLT1'!$B$4:$B$340-2,1),7))))),IF($B9=\"4+ Trucks\",IF($Z9=\"Class_8\",INDEX('ER C8 FLT4'!$A$4:$J$340,MATCH($W9&$C9,'ER C8 FLT4'!$A$4:$A$340&'ER C8 FLT4'!$B$4:$B$340-2,1),5)*IF($Z9=\"Class_8\",INDEX('ER C8 FLT4'!$A$4:$J$340,MATCH($W9&$C9,'ER C8 FLT4'!$A$4:$A$340&'ER C8 FLT4'!$B$4:$B$340-2,1),7)),IF($Z9=\"Class_7\",INDEX('ER C7 FLT4'!$A$4:$J$340,MATCH($W9&$C9,'ER C7 FLT4'!$A$4:$A$340&'ER C7 FLT4'!$B$4:$B$340-2,1),5)*IF($Z9=\"Class_7\",INDEX('ER C7 FLT4'!$A$4:$J$340,MATCH($W9&$C9,'ER C7 FLT4'!$A$4:$A$340&'ER C7 FLT4'!$B$4:$B$340-2,1),7)),\nIF($Z9=\"Class_6\",INDEX('ER C6 FLT4'!$A$4:$J$340,MATCH($W9&$C9,'ER C6 FLT4'!$A$4:$A$340&'ER C6 FLT4'!$B$4:$B$340-2,1),5)*IF($Z9=\"Class_6\",INDEX('ER C6 FLT4'!$A$4:$L$340,MATCH($W9&$C9,'ER C6 FLT4'!$A$4:$A$340&'ER C6 FLT4'!$B$4:$B$340-2,1),7))))))))))*IF($X9=\"Level 3 PM + Mark I NOx\",0.75,1)*($AC9/453.6)-IF(CV9=0,CH9,0),0)","v":0},{"$f":"MAX(0,CV9+CW9)","v":0},0,{"$f":"MAX((IF($B9=\"3 Trucks\",IF($Z9=\"Class_8\",INDEX('ER C8 FLT3'!$A$4:$J$340,MATCH($W9&$C9,'ER C8 FLT3'!$A$4:$A$340&'ER C8 FLT3'!$B$4:$B$340-3,1),5)*IF($Z9=\"Class_8\",INDEX('ER C8 FLT3'!$A$4:$J$340,MATCH($W9&$C9,'ER C8 FLT3'!$A$4:$A$340&'ER C8 FLT3'!$B$4:$B$340-3,1),7)),IF($Z9=\"Class_7\",INDEX('ER C7 FLT3'!$A$4:$J$340,MATCH($W9&$C9,'ER C7 FLT3'!$A$4:$A$340&'ER C7 FLT3'!$B$4:$B$340-3,1),5)*IF($Z9=\"Class_7\",INDEX('ER C7 FLT3'!$A$4:$J$340,MATCH($W9&$C9,'ER C7 FLT3'!$A$4:$A$340&'ER C7 FLT3'!$B$4:$B$340-3,1),7)),\nIF($Z9=\"Class_6\",INDEX('ER C6 FLT3'!$A$4:$J$340,MATCH($W9&$C9,'ER C6 FLT3'!$A$4:$A$340&'ER C6 FLT3'!$B$4:$B$340-3,1),5)*IF($Z9=\"Class_6\",INDEX('ER C6 FLT3'!$A$4:$L$340,MATCH($W9&$C9,'ER C6 FLT3'!$A$4:$A$340&'ER C6 FLT3'!$B$4:$B$340-3,1),7))))),IF($B9=\"2 Trucks\",IF($Z9=\"Class_8\",INDEX('ER C8 FLT2'!$A$4:$J$340,MATCH($W9&$C9,'ER C8 FLT2'!$A$4:$A$340&'ER C8 FLT2'!$B$4:$B$340-3,1),5)*IF($Z9=\"Class_8\",INDEX('ER C8 FLT2'!$A$4:$J$340,MATCH($W9&$C9,'ER C8 FLT2'!$A$4:$A$340&'ER C8 FLT2'!$B$4:$B$340-3,1),7)),IF($Z9=\"Class_7\",INDEX('ER C7 FLT2'!$A$4:$J$340,MATCH($W9&$C9,'ER C7 FLT2'!$A$4:$A$340&'ER C7 FLT2'!$B$4:$B$340-3,1),5)*IF($Z9=\"Class_7\",INDEX('ER C7 FLT2'!$A$4:$J$340,MATCH($W9&$C9,'ER C7 FLT2'!$A$4:$A$340&'ER C7 FLT2'!$B$4:$B$340-3,1),7)),IF($Z9=\"Class_6\",INDEX('ER C6 FLT2'!$A$4:$J$340,MATCH($W9&$C9,'ER C6 FLT2'!$A$4:$A$340&'ER C6 FLT2'!$B$4:$B$340-3,1),5)*IF($Z9=\"Class_6\",INDEX('ER C6 FLT2'!$A$4:$J$340,MATCH($W9&$C9,'ER C6 FLT2'!$A$4:$A$340&'ER C6 FLT2'!$B$4:$B$340-3,1),7))))),IF($B9=\"1 Truck\",\nIF($Z9=\"Class_8\",INDEX('ER C8 FLT1'!$A$4:$J$340,MATCH($W9&$C9,'ER C8 FLT1'!$A$4:$A$340&'ER C8 FLT1'!$B$4:$B$340-3,1),5)*IF($Z9=\"Class_8\",INDEX('ER C8 FLT1'!$A$4:$J$340,MATCH($W9&$C9,'ER C8 FLT1'!$A$4:$A$340&'ER C8 FLT1'!$B$4:$B$340-3,1),7)),IF($Z9=\"Class_7\",INDEX('ER C7 FLT1'!$A$4:$J$340,MATCH($W9&$C9,'ER C7 FLT1'!$A$4:$A$340&'ER C7 FLT1'!$B$4:$B$340-3,1),5)*IF($Z9=\"Class_7\",INDEX('ER C7 FLT1'!$A$4:$J$340,MATCH($W9&$C9,'ER C7 FLT1'!$A$4:$A$340&'ER C7 FLT1'!$B$4:$B$340-3,1),7)),\nIF($Z9=\"Class_6\",INDEX('ER C6 FLT1'!$A$4:$J$340,MATCH($W9&$C9,'ER C6 FLT1'!$A$4:$A$340&'ER C6 FLT1'!$B$4:$B$340-3,1),5)*IF($Z9=\"Class_6\",INDEX('ER C6 FLT1'!$A$4:$J$340,MATCH($W9&$C9,'ER C6 FLT1'!$A$4:$A$340&'ER C6 FLT1'!$B$4:$B$340-3,1),7))))),IF($B9=\"4+ Trucks\",IF($Z9=\"Class_8\",INDEX('ER C8 FLT4'!$A$4:$J$340,MATCH($W9&$C9,'ER C8 FLT4'!$A$4:$A$340&'ER C8 FLT4'!$B$4:$B$340-3,1),5)*IF($Z9=\"Class_8\",INDEX('ER C8 FLT4'!$A$4:$J$340,MATCH($W9&$C9,'ER C8 FLT4'!$A$4:$A$340&'ER C8 FLT4'!$B$4:$B$340-3,1),7)),IF($Z9=\"Class_7\",INDEX('ER C7 FLT4'!$A$4:$J$340,MATCH($W9&$C9,'ER C7 FLT4'!$A$4:$A$340&'ER C7 FLT4'!$B$4:$B$340-3,1),5)*IF($Z9=\"Class_7\",INDEX('ER C7 FLT4'!$A$4:$J$340,MATCH($W9&$C9,'ER C7 FLT4'!$A$4:$A$340&'ER C7 FLT4'!$B$4:$B$340-3,1),7)),\nIF($Z9=\"Class_6\",INDEX('ER C6 FLT4'!$A$4:$J$340,MATCH($W9&$C9,'ER C6 FLT4'!$A$4:$A$340&'ER C6 FLT4'!$B$4:$B$340-3,1),5)*IF($Z9=\"Class_6\",INDEX('ER C6 FLT4'!$A$4:$L$340,MATCH($W9&$C9,'ER C6 FLT4'!$A$4:$A$340&'ER C6 FLT4'!$B$4:$B$340-3,1),7))))))))))*IF($X9=\"Level 3 PM + Mark I NOx\",0.75,1)*($AC9/453.6)-IF(CY9=0,CI9,0),0)","v":0},{"$f":"MAX(0,CY9+CZ9)","v":0},0,{"$f":"MAX((IF($B9=\"3 Trucks\",IF($Z9=\"Class_8\",INDEX('ER C8 FLT3'!$A$4:$J$340,MATCH($W9&$C9,'ER C8 FLT3'!$A$4:$A$340&'ER C8 FLT3'!$B$4:$B$340-4,1),5)*IF($Z9=\"Class_8\",INDEX('ER C8 FLT3'!$A$4:$J$340,MATCH($W9&$C9,'ER C8 FLT3'!$A$4:$A$340&'ER C8 FLT3'!$B$4:$B$340-4,1),7)),IF($Z9=\"Class_7\",INDEX('ER C7 FLT3'!$A$4:$J$340,MATCH($W9&$C9,'ER C7 FLT3'!$A$4:$A$340&'ER C7 FLT3'!$B$4:$B$340-4,1),5)*IF($Z9=\"Class_7\",INDEX('ER C7 FLT3'!$A$4:$J$340,MATCH($W9&$C9,'ER C7 FLT3'!$A$4:$A$340&'ER C7 FLT3'!$B$4:$B$340-4,1),7)),\nIF($Z9=\"Class_6\",INDEX('ER C6 FLT3'!$A$4:$J$340,MATCH($W9&$C9,'ER C6 FLT3'!$A$4:$A$340&'ER C6 FLT3'!$B$4:$B$340-4,1),5)*IF($Z9=\"Class_6\",INDEX('ER C6 FLT3'!$A$4:$L$340,MATCH($W9&$C9,'ER C6 FLT3'!$A$4:$A$340&'ER C6 FLT3'!$B$4:$B$340-4,1),7))))),IF($B9=\"2 Trucks\",IF($Z9=\"Class_8\",INDEX('ER C8 FLT2'!$A$4:$J$340,MATCH($W9&$C9,'ER C8 FLT2'!$A$4:$A$340&'ER C8 FLT2'!$B$4:$B$340-4,1),5)*IF($Z9=\"Class_8\",INDEX('ER C8 FLT2'!$A$4:$J$340,MATCH($W9&$C9,'ER C8 FLT2'!$A$4:$A$340&'ER C8 FLT2'!$B$4:$B$340-4,1),7)),IF($Z9=\"Class_7\",INDEX('ER C7 FLT2'!$A$4:$J$340,MATCH($W9&$C9,'ER C7 FLT2'!$A$4:$A$340&'ER C7 FLT2'!$B$4:$B$340-4,1),5)*IF($Z9=\"Class_7\",INDEX('ER C7 FLT2'!$A$4:$J$340,MATCH($W9&$C9,'ER C7 FLT2'!$A$4:$A$340&'ER C7 FLT2'!$B$4:$B$340-4,1),7)),IF($Z9=\"Class_6\",INDEX('ER C6 FLT2'!$A$4:$J$340,MATCH($W9&$C9,'ER C6 FLT2'!$A$4:$A$340&'ER C6 FLT2'!$B$4:$B$340-4,1),5)*IF($Z9=\"Class_6\",INDEX('ER C6 FLT2'!$A$4:$J$340,MATCH($W9&$C9,'ER C6 FLT2'!$A$4:$A$340&'ER C6 FLT2'!$B$4:$B$340-4,1),7))))),IF($B9=\"1 Truck\",\nIF($Z9=\"Class_8\",INDEX('ER C8 FLT1'!$A$4:$J$340,MATCH($W9&$C9,'ER C8 FLT1'!$A$4:$A$340&'ER C8 FLT1'!$B$4:$B$340-4,1),5)*IF($Z9=\"Class_8\",INDEX('ER C8 FLT1'!$A$4:$J$340,MATCH($W9&$C9,'ER C8 FLT1'!$A$4:$A$340&'ER C8 FLT1'!$B$4:$B$340-4,1),7)),IF($Z9=\"Class_7\",INDEX('ER C7 FLT1'!$A$4:$J$340,MATCH($W9&$C9,'ER C7 FLT1'!$A$4:$A$340&'ER C7 FLT1'!$B$4:$B$340-4,1),5)*IF($Z9=\"Class_7\",INDEX('ER C7 FLT1'!$A$4:$J$340,MATCH($W9&$C9,'ER C7 FLT1'!$A$4:$A$340&'ER C7 FLT1'!$B$4:$B$340-4,1),7)),\nIF($Z9=\"Class_6\",INDEX('ER C6 FLT1'!$A$4:$J$340,MATCH($W9&$C9,'ER C6 FLT1'!$A$4:$A$340&'ER C6 FLT1'!$B$4:$B$340-4,1),5)*IF($Z9=\"Class_6\",INDEX('ER C6 FLT1'!$A$4:$J$340,MATCH($W9&$C9,'ER C6 FLT1'!$A$4:$A$340&'ER C6 FLT1'!$B$4:$B$340-4,1),7))))),IF($B9=\"4+ Trucks\",IF($Z9=\"Class_8\",INDEX('ER C8 FLT4'!$A$4:$J$340,MATCH($W9&$C9,'ER C8 FLT4'!$A$4:$A$340&'ER C8 FLT4'!$B$4:$B$340-4,1),5)*IF($Z9=\"Class_8\",INDEX('ER C8 FLT4'!$A$4:$J$340,MATCH($W9&$C9,'ER C8 FLT4'!$A$4:$A$340&'ER C8 FLT4'!$B$4:$B$340-4,1),7)),IF($Z9=\"Class_7\",INDEX('ER C7 FLT4'!$A$4:$J$340,MATCH($W9&$C9,'ER C7 FLT4'!$A$4:$A$340&'ER C7 FLT4'!$B$4:$B$340-4,1),5)*IF($Z9=\"Class_7\",INDEX('ER C7 FLT4'!$A$4:$J$340,MATCH($W9&$C9,'ER C7 FLT4'!$A$4:$A$340&'ER C7 FLT4'!$B$4:$B$340-4,1),7)),\nIF($Z9=\"Class_6\",INDEX('ER C6 FLT4'!$A$4:$J$340,MATCH($W9&$C9,'ER C6 FLT4'!$A$4:$A$340&'ER C6 FLT4'!$B$4:$B$340-4,1),5)*IF($Z9=\"Class_6\",INDEX('ER C6 FLT4'!$A$4:$L$340,MATCH($W9&$C9,'ER C6 FLT4'!$A$4:$A$340&'ER C6 FLT4'!$B$4:$B$340-4,1),7))))))))))*IF($X9=\"Level 3 PM + Mark I NOx\",0.75,1)*($AC9/453.6)-IF(DB9=0,CJ9,0),0)","v":0},{"$f":"MAX(0,DB9+DC9)","v":0},{"$f":"MAX(0,CR9+CU9+CX9+DA9+DD9)","v":0}]
[{"$f":"'Input data'!A8","v":"project 4"},{"$f":"'Input data'!B8","v":0},{"$f":"'Input data'!C8","v":0},{"$f":"'Input data'!D8","v":0},{"$f":"'Input data'!E8","v":0},{"$f":"'Input data'!F8","v":0},{"$f":"'Input data'!G8","v":0},{"$f":"'Input data'!H8","v":""},{"$f":"'Input data'!I8","v":0},{"$f":"'Input data'!J8","v":0},{"$f":"'Input data'!K8","v":0},{"$f":"'Input data'!AK8","v":false},{"$f":"'Input data'!M8","v":0},{"$f":"'Input data'!AJ8","v":0},{"$f":"'Input data'!L8","v":0},{"$f":"'Input data'!N8","v":0},{"$f":"'Input data'!O8","v":0},{"$f":"'Input data'!P8","v":0},{"$f":"'Input data'!Q8","v":0},{"$f":"'Input data'!R8","v":""},{"$f":"'Input data'!$S8","v":"No"},{"$f":"'Input data'!T8","v":"No"},{"$f":"'Input data'!U8","v":0},{"$f":"'Input data'!V8","v":0},{"$f":"'Input data'!W8","v":0},{"$f":"'Input data'!X8","v":""},{"$f":"'Input data'!Y8","v":0},{"$f":"'Input data'!Z8","v":0},{"$f":"'Input data'!AA8","v":0},null,null,{"$f":"'Input data'!AD8","v":0},{"$f":"'Input data'!AE8","v":false},{"$f":"'Input data'!AF8","v":false},{"$f":"'Input data'!AG8","v":false},{"$f":"'Input data'!AH8","v":false},null,{"$f":"IF($B10=\"4+ Trucks\",IF(OR($H10=\"Class_8\",$N10=\"Replacement8HHD\",$AH10=\"CL7HHD\",$AJ10=\"CL7to8\"),INDEX('ER C8 FLT4'!$A$4:$I$340,MATCH($E10&$C10,'ER C8 FLT4'!$A$4:$A$340&'ER C8 FLT4'!$B$4:$B$340,1),8)*IF(OR($H10=\"Class_8\",$N10=\"Replacement8HHD\",$AH10=\"CL7HHD\",$AJ10=\"CL7to8\"),INDEX('ER C8 FLT4'!$A$4:$K$340,MATCH($E10&$C10,'ER C8 FLT4'!$A$4:$A$340&'ER C8 FLT4'!$B$4:$B$340,1),9)),IF($H10=\"Class_7\",INDEX('ER C7 FLT4'!$A$4:$J$340,MATCH($E10&$C10,'ER C7 FLT4'!$A$4:$A$340&'ER C7 FLT4'!$B$4:$B$340,1),8)*IF($H10=\"Class_7\",INDEX('ER C7 FLT4'!$A$4:$J$340,MATCH($E10&$C10,'ER C7 FLT4'!$A$4:$A$340&'ER C7 FLT4'!$B$4:$B$340,1),9)),\nIF($H10=\"Class_6\",INDEX('ER C6 FLT4'!$A$4:$J$340,MATCH($E10&$C10,'ER C6 FLT4'!$A$4:$A$340&'ER C6 FLT4'!$B$4:$B$340,1),8)*IF($H10=\"Class_6\",INDEX('ER C6 FLT4'!$A$4:$L$340,MATCH($E10&$C10,'ER C6 FLT4'!$A$4:$A$340&'ER C6 FLT4'!$B$4:$B$340,1),9))))),IF($B10=\"3 Trucks\",IF(OR($H10=\"Class_8\",$N10=\"Replacement8HHD\",$AH10=\"CL7HHD\",$AJ10=\"CL7to8\"),INDEX('ER C8 FLT3'!$A$4:$J$340,MATCH($E10&$C10,'ER C8 FLT3'!$A$4:$A$340&'ER C8 FLT3'!$B$4:$B$340,1),8)*IF(OR($H10=\"Class_8\",$N10=\"Replacement8HHD\",$AH10=\"CL7HHD\",$AJ10=\"CL7to8\"),INDEX('ER C8 FLT3'!$A$4:$J$340,MATCH($E10&$C10,'ER C8 FLT3'!$A$4:$A$340&'ER C8 FLT3'!$B$4:$B$340,1),9)),IF($H10=\"Class_7\",INDEX('ER C7 FLT3'!$A$4:$J$340,MATCH($E10&$C10,'ER C7 FLT3'!$A$4:$A$340&'ER C7 FLT3'!$B$4:$B$340,1),8)*IF($H10=\"Class_7\",INDEX('ER C7 FLT3'!$A$4:$J$340,MATCH($E10&$C10,'ER C7 FLT3'!$A$4:$A$340&'ER C7 FLT3'!$B$4:$B$340,1),9)),\nIF($H10=\"Class_6\",INDEX('ER C6 FLT3'!$A$4:$J$340,MATCH($E10&$C10,'ER C6 FLT3'!$A$4:$A$340&'ER C6 FLT3'!$B$4:$B$340,1),8)*IF($H10=\"Class_6\",INDEX('ER C6 FLT3'!$A$4:$L$340,MATCH($E10&$C10,'ER C6 FLT3'!$A$4:$A$340&'ER C6 FLT3'!$B$4:$B$340,1),9))))),IF($B10=\"2 Trucks\",IF(OR($H10=\"Class_8\",$N10=\"Replacement8HHD\",$AH10=\"CL7HHD\",$AJ10=\"CL7to8\"),INDEX('ER C8 FLT2'!$A$4:$J$340,MATCH($E10&$C10,'ER C8 FLT2'!$A$4:$A$340&'ER C8 FLT2'!$B$4:$B$340,1),8)*IF(OR($H10=\"Class_8\",$N10=\"Replacement8HHD\",$AH10=\"CL7HHD\",$AJ10=\"CL7to8\"),INDEX('ER C8 FLT2'!$A$4:$J$340,MATCH($E10&$C10,'ER C8 FLT2'!$A$4:$A$340&'ER C8 FLT2'!$B$4:$B$340,1),9)),IF($H10=\"Class_7\",INDEX('ER C7 FLT2'!$A$4:$J$340,MATCH($E10&$C10,'ER C7 FLT2'!$A$4:$A$340&'ER C7 FLT2'!$B$4:$B$340,1),8)*IF($H10=\"Class_7\",INDEX('ER C7 FLT2'!$A$4:$J$340,MATCH($E10&$C10,'ER C7 FLT2'!$A$4:$A$340&'ER C7 FLT2'!$B$4:$B$340,1),9)),IF($H10=\"Class_6\",INDEX('ER C6 FLT2'!$A$4:$J$340,MATCH($E10&$C10,'ER C6 FLT2'!$A$4:$A$340&'ER C6 FLT2'!$B$4:$B$340,1),8)*IF($H10=\"Class_6\",INDEX('ER C6 FLT2'!$A$4:$J$340,MATCH($E10&$C10,'ER C6 FLT2'!$A$4:$A$340&'ER C6 FLT2'!$B$4:$B$340,1),9))))),IF($B10=\"1 Truck\",\nIF(OR($H10=\"Class_8\",$N10=\"Replacement8HHD\",$AH10=\"CL7HHD\",$AJ10=\"CL7to8\"),INDEX('ER C8 FLT1'!$A$4:$J$340,MATCH($E10&$C10,'ER C8 FLT1'!$A$4:$A$340&'ER C8 FLT1'!$B$4:$B$340,1),8)*IF(OR($H10=\"Class_8\",$N10=\"Replacement8HHD\",$AH10=\"CL7HHD\",$AJ10=\"CL7to8\"),INDEX('ER C8 FLT1'!$A$4:$J$340,MATCH($E10&$C10,'ER C8 FLT1'!$A$4:$A$340&'ER C8 FLT1'!$B$4:$B$340,1),9)),IF($H10=\"Class_7\",INDEX('ER C7 FLT1'!$A$4:$J$340,MATCH($E10&$C10,'ER C7 FLT1'!$A$4:$A$340&'ER C7 FLT1'!$B$4:$B$340,1),8)*IF($H10=\"Class_7\",INDEX('ER C7 FLT1'!$A$4:$J$340,MATCH($E10&$C10,'ER C7 FLT1'!$A$4:$A$340&'ER C7 FLT1'!$B$4:$B$340,1),9)),\nIF($H10=\"Class_6\",INDEX('ER C6 FLT1'!$A$4:$J$340,MATCH($E10&$C10,'ER C6 FLT1'!$A$4:$A$340&'ER C6 FLT1'!$B$4:$B$340,1),8)*IF($H10=\"Class_6\",INDEX('ER C6 FLT1'!$A$4:$J$340,MATCH($E10&$C10,'ER C6 FLT1'!$A$4:$A$340&'ER C6 FLT1'!$B$4:$B$340,1),9)))))))))*IF($F10=\"Level 1 PM\",0.75,IF($F10=\"Level 2 PM\",0.5,IF($F10=\"Level 3 PM\",0,IF($F10=\"Level 3 PM + Mark I NOx\",0,1))))*($Q10/453.6)","v":0},{"$f":"IF($B10=\"4+ Trucks\",IF(OR($H10=\"Class_8\",$N10=\"Replacement8HHD\",$AH10=\"CL7HHD\",$AJ10=\"CL7to8\"),INDEX('ER C8 FLT4'!$A$4:$K$340,MATCH($E10&$C10,'ER C8 FLT4'!$A$4:$A$340&'ER C8 FLT4'!$B$4:$B$340-1,1),8)*IF(OR($H10=\"Class_8\",$N10=\"Replacement8HHD\",$AH10=\"CL7HHD\",$AJ10=\"CL7to8\"),INDEX('ER C8 FLT4'!$A$4:$K$340,MATCH($E10&$C10,'ER C8 FLT4'!$A$4:$A$340&'ER C8 FLT4'!$B$4:$B$340-1,1),9)),IF($H10=\"Class_7\",INDEX('ER C7 FLT4'!$A$4:$J$340,MATCH($E10&$C10,'ER C7 FLT4'!$A$4:$A$340&'ER C7 FLT4'!$B$4:$B$340-1,1),8)*IF($H10=\"Class_7\",INDEX('ER C7 FLT4'!$A$4:$J$340,MATCH($E10&$C10,'ER C7 FLT4'!$A$4:$A$340&'ER C7 FLT4'!$B$4:$B$340-1,1),9)),\nIF($H10=\"Class_6\",INDEX('ER C6 FLT4'!$A$4:$J$340,MATCH($E10&$C10,'ER C6 FLT4'!$A$4:$A$340&'ER C6 FLT4'!$B$4:$B$340-1,1),8)*IF($H10=\"Class_6\",INDEX('ER C6 FLT4'!$A$4:$L$340,MATCH($E10&$C10,'ER C6 FLT4'!$A$4:$A$340&'ER C6 FLT4'!$B$4:$B$340-1,1),9))))),\nIF($B10=\"3 Trucks\",IF(OR($H10=\"Class_8\",$N10=\"Replacement8HHD\",$AH10=\"CL7HHD\",$AJ10=\"CL7to8\"),INDEX('ER C8 FLT3'!$A$4:$J$340,MATCH($E10&$C10,'ER C8 FLT3'!$A$4:$A$340&'ER C8 FLT3'!$B$4:$B$340-1,1),8)*IF(OR($H10=\"Class_8\",$N10=\"Replacement8HHD\",$AH10=\"CL7HHD\",$AJ10=\"CL7to8\"),INDEX('ER C8 FLT3'!$A$4:$J$340,MATCH($E10&$C10,'ER C8 FLT3'!$A$4:$A$340&'ER C8 FLT3'!$B$4:$B$340-1,1),9)),IF($H10=\"Class_7\",INDEX('ER C7 FLT3'!$A$4:$J$340,MATCH($E10&$C10,'ER C7 FLT3'!$A$4:$A$340&'ER C7 FLT3'!$B$4:$B$340-1,1),8)*IF($H10=\"Class_7\",INDEX('ER C7 FLT3'!$A$4:$J$340,MATCH($E10&$C10,'ER C7 FLT3'!$A$4:$A$340&'ER C7 FLT3'!$B$4:$B$340-1,1),9)),\nIF($H10=\"Class_6\",INDEX('ER C6 FLT3'!$A$4:$J$340,MATCH($E10&$C10,'ER C6 FLT3'!$A$4:$A$340&'ER C6 FLT3'!$B$4:$B$340-1,1),8)*IF($H10=\"Class_6\",INDEX('ER C6 FLT3'!$A$4:$L$340,MATCH($E10&$C10,'ER C6 FLT3'!$A$4:$A$340&'ER C6 FLT3'!$B$4:$B$340-1,1),9))))),IF($B10=\"2 Trucks\",IF(OR($H10=\"Class_8\",$N10=\"Replacement8HHD\",$AH10=\"CL7HHD\",$AJ10=\"CL7to8\"),INDEX('ER C8 FLT2'!$A$4:$J$340,MATCH($E10&$C10,'ER C8 FLT2'!$A$4:$A$340&'ER C8 FLT2'!$B$4:$B$340-1,1),8)*IF(OR($H10=\"Class_8\",$N10=\"Replacement8HHD\",$AH10=\"CL7HHD\",$AJ10=\"CL7to8\"),INDEX('ER C8 FLT2'!$A$4:$J$340,MATCH($E10&$C10,'ER C8 FLT2'!$A$4:$A$340&'ER C8 FLT2'!$B$4:$B$340-1,1),9)),IF($H10=\"Class_7\",INDEX('ER C7 FLT2'!$A$4:$J$340,MATCH($E10&$C10,'ER C7 FLT2'!$A$4:$A$340&'ER C7 FLT2'!$B$4:$B$340-1,1),8)*IF($H10=\"Class_7\",INDEX('ER C7 FLT2'!$A$4:$J$340,MATCH($E10&$C10,'ER C7 FLT2'!$A$4:$A$340&'ER C7 FLT2'!$B$4:$B$340-1,1),9)),IF($H10=\"Class_6\",INDEX('ER C6 FLT2'!$A$4:$J$340,MATCH($E10&$C10,'ER C6 FLT2'!$A$4:$A$340&'ER C6 FLT2'!$B$4:$B$340-1,1),8)*IF($H10=\"Class_6\",INDEX('ER C6 FLT2'!$A$4:$J$340,MATCH($E10&$C10,'ER C6 FLT2'!$A$4:$A$340&'ER C6 FLT2'!$B$4:$B$340-1,1),9))))),IF($B10=\"1 Truck\",\nIF(OR($H10=\"Class_8\",$N10=\"Replacement8HHD\",$AH10=\"CL7HHD\",$AJ10=\"CL7to8\"),INDEX('ER C8 FLT1'!$A$4:$J$340,MATCH($E10&$C10,'ER C8 FLT1'!$A$4:$A$340&'ER C8 FLT1'!$B$4:$B$340-1,1),8)*IF(OR($H10=\"Class_8\",$N10=\"Replacement8HHD\",$AH10=\"CL7HHD\",$AJ10=\"CL7to8\"),INDEX('ER C8 FLT1'!$A$4:$J$340,MATCH($E10&$C10,'ER C8 FLT1'!$A$4:$A$340&'ER C8 FLT1'!$B$4:$B$340-1,1),9)),IF($H10=\"Class_7\",INDEX('ER C7 FLT1'!$A$4:$J$340,MATCH($E10&$C10,'ER C7 FLT1'!$A$4:$A$340&'ER C7 FLT1'!$B$4:$B$340-1,1),8)*IF($H10=\"Class_7\",INDEX('ER C7 FLT1'!$A$4:$J$340,MATCH($E10&$C10,'ER C7 FLT1'!$A$4:$A$340&'ER C7 FLT1'!$B$4:$B$340-1,1),9)),\nIF($H10=\"Class_6\",INDEX('ER C6 FLT1'!$A$4:$J$340,MATCH($E10&$C10,'ER C6 FLT1'!$A$4:$A$340&'ER C6 FLT1'!$B$4:$B$340-1,1),8)*IF($H10=\"Class_6\",INDEX('ER C6 FLT1'!$A$4:$J$340,MATCH($E10&$C10,'ER C6 FLT1'!$A$4:$A$340&'ER C6 FLT1'!$B$4:$B$340-1,1),9))))))))*IF($F10=\"Level 1 PM\",0.75,IF($F10=\"Level 2 PM\",0.5,IF($F10=\"Level 3 PM\",0,IF($F10=\"Level 3 PM + Mark I NOx\",0,1)))))*($Q10/453.6)","v":0},{"$f":"IF($B10=\"4+ Trucks\",IF(OR($H10=\"Class_8\",$N10=\"Replacement8HHD\",$AH10=\"CL7HHD\",$AJ10=\"CL7to8\"),INDEX('ER C8 FLT4'!$A$4:$K$340,MATCH($E10&$C10,'ER C8 FLT4'!$A$4:$A$340&'ER C8 FLT4'!$B$4:$B$340-2,1),8)*IF(OR($H10=\"Class_8\",$N10=\"Replacement8HHD\",$AH10=\"CL7HHD\",$AJ10=\"CL7to8\"),INDEX('ER C8 FLT4'!$A$4:$K$340,MATCH($E10&$C10,'ER C8 FLT4'!$A$4:$A$340&'ER C8 FLT4'!$B$4:$B$340-2,1),9)),IF($H10=\"Class_7\",INDEX('ER C7 FLT4'!$A$4:$J$340,MATCH($E10&$C10,'ER C7 FLT4'!$A$4:$A$340&'ER C7 FLT4'!$B$4:$B$340-2,1),8)*IF($H10=\"Class_7\",INDEX('ER C7 FLT4'!$A$4:$J$340,MATCH($E10&$C10,'ER C7 FLT4'!$A$4:$A$340&'ER C7 FLT4'!$B$4:$B$340-2,1),9)),\nIF($H10=\"Class_6\",INDEX('ER C6 FLT4'!$A$4:$J$340,MATCH($E10&$C10,'ER C6 FLT4'!$A$4:$A$340&'ER C6 FLT4'!$B$4:$B$340-2,1),8)*IF($H10=\"Class_6\",INDEX('ER C6 FLT4'!$A$4:$L$340,MATCH($E10&$C10,'ER C6 FLT4'!$A$4:$A$340&'ER C6 FLT4'!$B$4:$B$340-2,1),9))))),\nIF($B10=\"3 Trucks\",IF(OR($H10=\"Class_8\",$N10=\"Replacement8HHD\",$AH10=\"CL7HHD\",$AJ10=\"CL7to8\"),INDEX('ER C8 FLT3'!$A$4:$J$340,MATCH($E10&$C10,'ER C8 FLT3'!$A$4:$A$340&'ER C8 FLT3'!$B$4:$B$340-2,1),8)*IF(OR($H10=\"Class_8\",$N10=\"Replacement8HHD\",$AH10=\"CL7HHD\",$AJ10=\"CL7to8\"),INDEX('ER C8 FLT3'!$A$4:$J$340,MATCH($E10&$C10,'ER C8 FLT3'!$A$4:$A$340&'ER C8 FLT3'!$B$4:$B$340-2,1),9)),IF($H10=\"Class_7\",INDEX('ER C7 FLT3'!$A$4:$J$340,MATCH($E10&$C10,'ER C7 FLT3'!$A$4:$A$340&'ER C7 FLT3'!$B$4:$B$340-2,1),8)*IF($H10=\"Class_7\",INDEX('ER C7 FLT3'!$A$4:$J$340,MATCH($E10&$C10,'ER C7 FLT3'!$A$4:$A$340&'ER C7 FLT3'!$B$4:$B$340-2,1),9)),\nIF($H10=\"Class_6\",INDEX('ER C6 FLT3'!$A$4:$J$340,MATCH($E10&$C10,'ER C6 FLT3'!$A$4:$A$340&'ER C6 FLT3'!$B$4:$B$340-2,1),8)*IF($H10=\"Class_6\",INDEX('ER C6 FLT3'!$A$4:$L$340,MATCH($E10&$C10,'ER C6 FLT3'!$A$4:$A$340&'ER C6 FLT3'!$B$4:$B$340-2,1),9))))),IF($B10=\"2 Trucks\",IF(OR($H10=\"Class_8\",$N10=\"Replacement8HHD\",$AH10=\"CL7HHD\",$AJ10=\"CL7to8\"),INDEX('ER C8 FLT2'!$A$4:$J$340,MATCH($E10&$C10,'ER C8 FLT2'!$A$4:$A$340&'ER C8 FLT2'!$B$4:$B$340-2,1),8)*IF(OR($H10=\"Class_8\",$N10=\"Replacement8HHD\",$AH10=\"CL7HHD\",$AJ10=\"CL7to8\"),INDEX('ER C8 FLT2'!$A$4:$J$340,MATCH($E10&$C10,'ER C8 FLT2'!$A$4:$A$340&'ER C8 FLT2'!$B$4:$B$340-2,1),9)),IF($H10=\"Class_7\",INDEX('ER C7 FLT2'!$A$4:$J$340,MATCH($E10&$C10,'ER C7 FLT2'!$A$4:$A$340&'ER C7 FLT2'!$B$4:$B$340-2,1),8)*IF($H10=\"Class_7\",INDEX('ER C7 FLT2'!$A$4:$J$340,MATCH($E10&$C10,'ER C7 FLT2'!$A$4:$A$340&'ER C7 FLT2'!$B$4:$B$340-2,1),9)),IF($H10=\"Class_6\",INDEX('ER C6 FLT2'!$A$4:$J$340,MATCH($E10&$C10,'ER C6 FLT2'!$A$4:$A$340&'ER C6 FLT2'!$B$4:$B$340-2,1),8)*IF($H10=\"Class_6\",INDEX('ER C6 FLT2'!$A$4:$J$340,MATCH($E10&$C10,'ER C6 FLT2'!$A$4:$A$340&'ER C6 FLT2'!$B$4:$B$340-2,1),9))))),IF($B10=\"1 Truck\",\nIF(OR($H10=\"Class_8\",$N10=\"Replacement8HHD\",$AH10=\"CL7HHD\",$AJ10=\"CL7to8\"),INDEX('ER C8 FLT1'!$A$4:$J$340,MATCH($E10&$C10,'ER C8 FLT1'!$A$4:$A$340&'ER C8 FLT1'!$B$4:$B$340-2,1),8)*IF(OR($H10=\"Class_8\",$N10=\"Replacement8HHD\",$AH10=\"CL7HHD\",$AJ10=\"CL7to8\"),INDEX('ER C8 FLT1'!$A$4:$J$340,MATCH($E10&$C10,'ER C8 FLT1'!$A$4:$A$340&'ER C8 FLT1'!$B$4:$B$340-2,1),9)),IF($H10=\"Class_7\",INDEX('ER C7 FLT1'!$A$4:$J$340,MATCH($E10&$C10,'ER C7 FLT1'!$A$4:$A$340&'ER C7 FLT1'!$B$4:$B$340-2,1),8)*IF($H10=\"Class_7\",INDEX('ER C7 FLT1'!$A$4:$J$340,MATCH($E10&$C10,'ER C7 FLT1'!$A$4:$A$340&'ER C7 FLT1'!$B$4:$B$340-2,1),9)),\nIF($H10=\"Class_6\",INDEX('ER C6 FLT1'!$A$4:$J$340,MATCH($E10&$C10,'ER C6 FLT1'!$A$4:$A$340&'ER C6 FLT1'!$B$4:$B$340-2,1),8)*IF($H10=\"Class_6\",INDEX('ER C6 FLT1'!$A$4:$J$340,MATCH($E10&$C10,'ER C6 FLT1'!$A$4:$A$340&'ER C6 FLT1'!$B$4:$B$340-2,1),9))))))))*IF($F10=\"Level 1 PM\",0.75,IF($F10=\"Level 2 PM\",0.5,IF($F10=\"Level 3 PM\",0,IF($F10=\"Level 3 PM + Mark I NOx\",0,1)))))*($Q10/453.6)","v":0},{"$f":"IF($B10=\"4+ Trucks\",IF(OR($H10=\"Class_8\",$N10=\"Replacement8HHD\",$AH10=\"CL7HHD\",$AJ10=\"CL7to8\"),INDEX('ER C8 FLT4'!$A$4:$K$340,MATCH($E10&$C10,'ER C8 FLT4'!$A$4:$A$340&'ER C8 FLT4'!$B$4:$B$340-3,1),8)*IF(OR($H10=\"Class_8\",$N10=\"Replacement8HHD\",$AH10=\"CL7HHD\",$AJ10=\"CL7to8\"),INDEX('ER C8 FLT4'!$A$4:$K$340,MATCH($E10&$C10,'ER C8 FLT4'!$A$4:$A$340&'ER C8 FLT4'!$B$4:$B$340-3,1),9)),IF($H10=\"Class_7\",INDEX('ER C7 FLT4'!$A$4:$J$340,MATCH($E10&$C10,'ER C7 FLT4'!$A$4:$A$340&'ER C7 FLT4'!$B$4:$B$340-3,1),8)*IF($H10=\"Class_7\",INDEX('ER C7 FLT4'!$A$4:$J$340,MATCH($E10&$C10,'ER C7 FLT4'!$A$4:$A$340&'ER C7 FLT4'!$B$4:$B$340-3,1),9)),\nIF($H10=\"Class_6\",INDEX('ER C6 FLT4'!$A$4:$J$340,MATCH($E10&$C10,'ER C6 FLT4'!$A$4:$A$340&'ER C6 FLT4'!$B$4:$B$340-3,1),8)*IF($H10=\"Class_6\",INDEX('ER C6 FLT4'!$A$4:$L$340,MATCH($E10&$C10,'ER C6 FLT4'!$A$4:$A$340&'ER C6 FLT4'!$B$4:$B$340-3,1),9))))),\nIF($B10=\"3 Trucks\",IF(OR($H10=\"Class_8\",$N10=\"Replacement8HHD\",$AH10=\"CL7HHD\",$AJ10=\"CL7to8\"),INDEX('ER C8 FLT3'!$A$4:$J$340,MATCH($E10&$C10,'ER C8 FLT3'!$A$4:$A$340&'ER C8 FLT3'!$B$4:$B$340-3,1),8)*IF(OR($H10=\"Class_8\",$N10=\"Replacement8HHD\",$AH10=\"CL7HHD\",$AJ10=\"CL7to8\"),INDEX('ER C8 FLT3'!$A$4:$J$340,MATCH($E10&$C10,'ER C8 FLT3'!$A$4:$A$340&'ER C8 FLT3'!$B$4:$B$340-3,1),9)),IF($H10=\"Class_7\",INDEX('ER C7 FLT3'!$A$4:$J$340,MATCH($E10&$C10,'ER C7 FLT3'!$A$4:$A$340&'ER C7 FLT3'!$B$4:$B$340-3,1),8)*IF($H10=\"Class_7\",INDEX('ER C7 FLT3'!$A$4:$J$340,MATCH($E10&$C10,'ER C7 FLT3'!$A$4:$A$340&'ER C7 FLT3'!$B$4:$B$340-3,1),9)),\nIF($H10=\"Class_6\",INDEX('ER C6 FLT3'!$A$4:$J$340,MATCH($E10&$C10,'ER C6 FLT3'!$A$4:$A$340&'ER C6 FLT3'!$B$4:$B$340-3,1),8)*IF($H10=\"Class_6\",INDEX('ER C6 FLT3'!$A$4:$L$340,MATCH($E10&$C10,'ER C6 FLT3'!$A$4:$A$340&'ER C6 FLT3'!$B$4:$B$340-3,1),9))))),IF($B10=\"2 Trucks\",IF(OR($H10=\"Class_8\",$N10=\"Replacement8HHD\",$AH10=\"CL7HHD\",$AJ10=\"CL7to8\"),INDEX('ER C8 FLT2'!$A$4:$J$340,MATCH($E10&$C10,'ER C8 FLT2'!$A$4:$A$340&'ER C8 FLT2'!$B$4:$B$340-3,1),8)*IF(OR($H10=\"Class_8\",$N10=\"Replacement8HHD\",$AH10=\"CL7HHD\",$AJ10=\"CL7to8\"),INDEX('ER C8 FLT2'!$A$4:$J$340,MATCH($E10&$C10,'ER C8 FLT2'!$A$4:$A$340&'ER C8 FLT2'!$B$4:$B$340-3,1),9)),IF($H10=\"Class_7\",INDEX('ER C7 FLT2'!$A$4:$J$340,MATCH($E10&$C10,'ER C7 FLT2'!$A$4:$A$340&'ER C7 FLT2'!$B$4:$B$340-3,1),8)*IF($H10=\"Class_7\",INDEX('ER C7 FLT2'!$A$4:$J$340,MATCH($E10&$C10,'ER C7 FLT2'!$A$4:$A$340&'ER C7 FLT2'!$B$4:$B$340-3,1),9)),IF($H10=\"Class_6\",INDEX('ER C6 FLT2'!$A$4:$J$340,MATCH($E10&$C10,'ER C6 FLT2'!$A$4:$A$340&'ER C6 FLT2'!$B$4:$B$340-3,1),8)*IF($H10=\"Class_6\",INDEX('ER C6 FLT2'!$A$4:$J$340,MATCH($E10&$C10,'ER C6 FLT2'!$A$4:$A$340&'ER C6 FLT2'!$B$4:$B$340-3,1),9))))),IF($B10=\"1 Truck\",\nIF(OR($H10=\"Class_8\",$N10=\"Replacement8HHD\",$AH10=\"CL7HHD\",$AJ10=\"CL7to8\"),INDEX('ER C8 FLT1'!$A$4:$J$340,MATCH($E10&$C10,'ER C8 FLT1'!$A$4:$A$340&'ER C8 FLT1'!$B$4:$B$340-3,1),8)*IF(OR($H10=\"Class_8\",$N10=\"Replacement8HHD\",$AH10=\"CL7HHD\",$AJ10=\"CL7to8\"),INDEX('ER C8 FLT1'!$A$4:$J$340,MATCH($E10&$C10,'ER C8 FLT1'!$A$4:$A$340&'ER C8 FLT1'!$B$4:$B$340-3,1),9)),IF($H10=\"Class_7\",INDEX('ER C7 FLT1'!$A$4:$J$340,MATCH($E10&$C10,'ER C7 FLT1'!$A$4:$A$340&'ER C7 FLT1'!$B$4:$B$340-3,1),8)*IF($H10=\"Class_7\",INDEX('ER C7 FLT1'!$A$4:$J$340,MATCH($E10&$C10,'ER C7 FLT1'!$A$4:$A$340&'ER C7 FLT1'!$B$4:$B$340-3,1),9)),\nIF($H10=\"Class_6\",INDEX('ER C6 FLT1'!$A$4:$J$340,MATCH($E10&$C10,'ER C6 FLT1'!$A$4:$A$340&'ER C6 FLT1'!$B$4:$B$340-3,1),8)*IF($H10=\"Class_6\",INDEX('ER C6 FLT1'!$A$4:$J$340,MATCH($E10&$C10,'ER C6 FLT1'!$A$4:$A$340&'ER C6 FLT1'!$B$4:$B$340-3,1),9))))))))*IF($F10=\"Level 1 PM\",0.75,IF($F10=\"Level 2 PM\",0.5,IF($F10=\"Level 3 PM\",0,IF($F10=\"Level 3 PM + Mark I NOx\",0,1)))))*($Q10/453.6)","v":0},{"$f":"IF($B10=\"4+ Trucks\",IF(OR($H10=\"Class_8\",$N10=\"Replacement8HHD\",$AH10=\"CL7HHD\",$AJ10=\"CL7to8\"),INDEX('ER C8 FLT4'!$A$4:$K$340,MATCH($E10&$C10,'ER C8 FLT4'!$A$4:$A$340&'ER C8 FLT4'!$B$4:$B$340-4,1),8)*IF(OR($H10=\"Class_8\",$N10=\"Replacement8HHD\",$AH10=\"CL7HHD\",$AJ10=\"CL7to8\"),INDEX('ER C8 FLT4'!$A$4:$K$340,MATCH($E10&$C10,'ER C8 FLT4'!$A$4:$A$340&'ER C8 FLT4'!$B$4:$B$340-4,1),9)),IF($H10=\"Class_7\",INDEX('ER C7 FLT4'!$A$4:$J$340,MATCH($E10&$C10,'ER C7 FLT4'!$A$4:$A$340&'ER C7 FLT4'!$B$4:$B$340-4,1),8)*IF($H10=\"Class_7\",INDEX('ER C7 FLT4'!$A$4:$J$340,MATCH($E10&$C10,'ER C7 FLT4'!$A$4:$A$340&'ER C7 FLT4'!$B$4:$B$340-4,1),9)),\nIF($H10=\"Class_6\",INDEX('ER C6 FLT4'!$A$4:$J$340,MATCH($E10&$C10,'ER C6 FLT4'!$A$4:$A$340&'ER C6 FLT4'!$B$4:$B$340-4,1),8)*IF($H10=\"Class_6\",INDEX('ER C6 FLT4'!$A$4:$L$340,MATCH($E10&$C10,'ER C6 FLT4'!$A$4:$A$340&'ER C6 FLT4'!$B$4:$B$340-4,1),9))))),\nIF($B10=\"3 Trucks\",IF(OR($H10=\"Class_8\",$N10=\"Replacement8HHD\",$AH10=\"CL7HHD\",$AJ10=\"CL7to8\"),INDEX('ER C8 FLT3'!$A$4:$J$340,MATCH($E10&$C10,'ER C8 FLT3'!$A$4:$A$340&'ER C8 FLT3'!$B$4:$B$340-4,1),8)*IF(OR($H10=\"Class_8\",$N10=\"Replacement8HHD\",$AH10=\"CL7HHD\",$AJ10=\"CL7to8\"),INDEX('ER C8 FLT3'!$A$4:$J$340,MATCH($E10&$C10,'ER C8 FLT3'!$A$4:$A$340&'ER C8 FLT3'!$B$4:$B$340-4,1),9)),IF($H10=\"Class_7\",INDEX('ER C7 FLT3'!$A$4:$J$340,MATCH($E10&$C10,'ER C7 FLT3'!$A$4:$A$340&'ER C7 FLT3'!$B$4:$B$340-4,1),8)*IF($H10=\"Class_7\",INDEX('ER C7 FLT3'!$A$4:$J$340,MATCH($E10&$C10,'ER C7 FLT3'!$A$4:$A$340&'ER C7 FLT3'!$B$4:$B$340-4,1),9)),\nIF($H10=\"Class_6\",INDEX('ER C6 FLT3'!$A$4:$J$340,MATCH($E10&$C10,'ER C6 FLT3'!$A$4:$A$340&'ER C6 FLT3'!$B$4:$B$340-4,1),8)*IF($H10=\"Class_6\",INDEX('ER C6 FLT3'!$A$4:$L$340,MATCH($E10&$C10,'ER C6 FLT3'!$A$4:$A$340&'ER C6 FLT3'!$B$4:$B$340-4,1),9))))),IF($B10=\"2 Trucks\",IF(OR($H10=\"Class_8\",$N10=\"Replacement8HHD\",$AH10=\"CL7HHD\",$AJ10=\"CL7to8\"),INDEX('ER C8 FLT2'!$A$4:$J$340,MATCH($E10&$C10,'ER C8 FLT2'!$A$4:$A$340&'ER C8 FLT2'!$B$4:$B$340-4,1),8)*IF(OR($H10=\"Class_8\",$N10=\"Replacement8HHD\",$AH10=\"CL7HHD\",$AJ10=\"CL7to8\"),INDEX('ER C8 FLT2'!$A$4:$J$340,MATCH($E10&$C10,'ER C8 FLT2'!$A$4:$A$340&'ER C8 FLT2'!$B$4:$B$340-4,1),9)),IF($H10=\"Class_7\",INDEX('ER C7 FLT2'!$A$4:$J$340,MATCH($E10&$C10,'ER C7 FLT2'!$A$4:$A$340&'ER C7 FLT2'!$B$4:$B$340-4,1),8)*IF($H10=\"Class_7\",INDEX('ER C7 FLT2'!$A$4:$J$340,MATCH($E10&$C10,'ER C7 FLT2'!$A$4:$A$340&'ER C7 FLT2'!$B$4:$B$340-4,1),9)),IF($H10=\"Class_6\",INDEX('ER C6 FLT2'!$A$4:$J$340,MATCH($E10&$C10,'ER C6 FLT2'!$A$4:$A$340&'ER C6 FLT2'!$B$4:$B$340-4,1),8)*IF($H10=\"Class_6\",INDEX('ER C6 FLT2'!$A$4:$J$340,MATCH($E10&$C10,'ER C6 FLT2'!$A$4:$A$340&'ER C6 FLT2'!$B$4:$B$340-4,1),9))))),IF($B10=\"1 Truck\",\nIF(OR($H10=\"Class_8\",$N10=\"Replacement8HHD\",$AH10=\"CL7HHD\",$AJ10=\"CL7to8\"),INDEX('ER C8 FLT1'!$A$4:$J$340,MATCH($E10&$C10,'ER C8 FLT1'!$A$4:$A$340&'ER C8 FLT1'!$B$4:$B$340-4,1),8)*IF(OR($H10=\"Class_8\",$N10=\"Replacement8HHD\",$AH10=\"CL7HHD\",$AJ10=\"CL7to8\"),INDEX('ER C8 FLT1'!$A$4:$J$340,MATCH($E10&$C10,'ER C8 FLT1'!$A$4:$A$340&'ER C8 FLT1'!$B$4:$B$340-4,1),9)),IF($H10=\"Class_7\",INDEX('ER C7 FLT1'!$A$4:$J$340,MATCH($E10&$C10,'ER C7 FLT1'!$A$4:$A$340&'ER C7 FLT1'!$B$4:$B$340-4,1),8)*IF($H10=\"Class_7\",INDEX('ER C7 FLT1'!$A$4:$J$340,MATCH($E10&$C10,'ER C7 FLT1'!$A$4:$A$340&'ER C7 FLT1'!$B$4:$B$340-4,1),9)),\nIF($H10=\"Class_6\",INDEX('ER C6 FLT1'!$A$4:$J$340,MATCH($E10&$C10,'ER C6 FLT1'!$A$4:$A$340&'ER C6 FLT1'!$B$4:$B$340-4,1),8)*IF($H10=\"Class_6\",INDEX('ER C6 FLT1'!$A$4:$J$340,MATCH($E10&$C10,'ER C6 FLT1'!$A$4:$A$340&'ER C6 FLT1'!$B$4:$B$340-4,1),9))))))))*IF($F10=\"Level 1 PM\",0.75,IF($F10=\"Level 2 PM\",0.5,IF($F10=\"Level 3 PM\",0,IF($F10=\"Level 3 PM + Mark I NOx\",0,1)))))*($Q10/453.6)","v":0},{"$f":"IF($B10=\"4+ Trucks\",IF(OR($H10=\"Class_8\",$N10=\"Replacement8HHD\",$AH10=\"CL7HHD\",$AJ10=\"CL7to8\"),INDEX('ER C8 FLT4'!$A$4:$K$340,MATCH($E10&$C10,'ER C8 FLT4'!$A$4:$A$340&'ER C8 FLT4'!$B$4:$B$340,1),8),IF($H10=\"Class_7\",INDEX('ER C7 FLT4'!$A$4:$J$340,MATCH($E10&$C10,'ER C7 FLT4'!$A$4:$A$340&'ER C7 FLT4'!$B$4:$B$340,1),8),IF($H10=\"Class_6\",INDEX('ER C6 FLT4'!$A$4:$J$340,MATCH($E10&$C10,'ER C6 FLT4'!$A$4:$A$340&'ER C6 FLT4'!$B$4:$B$340,1),8)))),\nIF($B10=\"3 Trucks\",IF(OR($H10=\"Class_8\",$N10=\"Replacement8HHD\",$AH10=\"CL7HHD\",$AJ10=\"CL7to8\"),INDEX('ER C8 FLT3'!$A$4:$J$340,MATCH($E10&$C10,'ER C8 FLT3'!$A$4:$A$340&'ER C8 FLT3'!$B$4:$B$340,1),8),IF($H10=\"Class_7\",INDEX('ER C7 FLT3'!$A$4:$J$340,MATCH($E10&$C10,'ER C7 FLT3'!$A$4:$A$340&'ER C7 FLT3'!$B$4:$B$340,1),8),IF($H10=\"Class_6\",INDEX('ER C6 FLT3'!$A$4:$J$340,MATCH($E10&$C10,'ER C6 FLT3'!$A$4:$A$340&'ER C6 FLT3'!$B$4:$B$340,1),8)))),IF($B10=\"2 Trucks\",IF(OR($H10=\"Class_8\",$N10=\"Replacement8HHD\",$AH10=\"CL7HHD\",$AJ10=\"CL7to8\"),INDEX('ER C8 FLT2'!$A$4:$J$340,MATCH($E10&$C10,'ER C8 FLT2'!$A$4:$A$340&'ER C8 FLT2'!$B$4:$B$340,1),8),IF($H10=\"Class_7\",INDEX('ER C7 FLT2'!$A$4:$J$340,MATCH($E10&$C10,'ER C7 FLT2'!$A$4:$A$340&'ER C7 FLT2'!$B$4:$B$340,1),8),IF($H10=\"Class_6\",INDEX('ER C6 FLT2'!$A$4:$J$340,MATCH($E10&$C10,'ER C6 FLT2'!$A$4:$A$340&'ER C6 FLT2'!$B$4:$B$340,1),8)))),IF($B10=\"1 Truck\",IF(OR($H10=\"Class_8\",$N10=\"Replacement8HHD\",$AH10=\"CL7HHD\",$AJ10=\"CL7to8\"),INDEX('ER C8 FLT1'!$A$4:$J$340,MATCH($E10&$C10,'ER C8 FLT1'!$A$4:$A$340&'ER C8 FLT1'!$B$4:$B$340,1),8),IF($H10=\"Class_7\",INDEX('ER C7 FLT1'!$A$4:$J$340,MATCH($E10&$C10,'ER C7 FLT1'!$A$4:$A$340&'ER C7 FLT1'!$B$4:$B$340,1),8),IF($H10=\"Class_6\",INDEX('ER C6 FLT1'!$A$4:$J$340,MATCH($E10&$C10,'ER C6 FLT1'!$A$4:$A$340&'ER C6 FLT1'!$B$4:$B$340,1),8)))))))\n)","v":false},{"$f":"IF($B10=\"4+ Trucks\",IF(OR($H10=\"Class_8\",$N10=\"Replacement8HHD\",$AH10=\"CL7HHD\",$AJ10=\"CL7to8\"),INDEX('ER C8 FLT4'!$A$4:$K$340,MATCH($E10&$C10,'ER C8 FLT4'!$A$4:$A$340&'ER C8 FLT4'!$B$4:$B$340-1,1),8),IF($H10=\"Class_7\",INDEX('ER C7 FLT4'!$A$4:$J$340,MATCH($E10&$C10,'ER C7 FLT4'!$A$4:$A$340&'ER C7 FLT4'!$B$4:$B$340-1,1),8),IF($H10=\"Class_6\",INDEX('ER C6 FLT4'!$A$4:$J$340,MATCH($E10&$C10,'ER C6 FLT4'!$A$4:$A$340&'ER C6 FLT4'!$B$4:$B$340-1,1),8)))),\nIF($B10=\"3 Trucks\",IF(OR($H10=\"Class_8\",$N10=\"Replacement8HHD\",$AH10=\"CL7HHD\",$AJ10=\"CL7to8\"),INDEX('ER C8 FLT3'!$A$4:$J$340,MATCH($E10&$C10,'ER C8 FLT3'!$A$4:$A$340&'ER C8 FLT3'!$B$4:$B$340-1,1),8),IF($H10=\"Class_7\",INDEX('ER C7 FLT3'!$A$4:$J$340,MATCH($E10&$C10,'ER C7 FLT3'!$A$4:$A$340&'ER C7 FLT3'!$B$4:$B$340-1,1),8),IF($H10=\"Class_6\",INDEX('ER C6 FLT3'!$A$4:$J$340,MATCH($E10&$C10,'ER C6 FLT3'!$A$4:$A$340&'ER C6 FLT3'!$B$4:$B$340-1,1),8)))),IF($B10=\"2 Trucks\",IF(OR($H10=\"Class_8\",$N10=\"Replacement8HHD\",$AH10=\"CL7HHD\",$AJ10=\"CL7to8\"),INDEX('ER C8 FLT2'!$A$4:$J$340,MATCH($E10&$C10,'ER C8 FLT2'!$A$4:$A$340&'ER C8 FLT2'!$B$4:$B$340-1,1),8),IF($H10=\"Class_7\",INDEX('ER C7 FLT2'!$A$4:$J$340,MATCH($E10&$C10,'ER C7 FLT2'!$A$4:$A$340&'ER C7 FLT2'!$B$4:$B$340-1,1),8),IF($H10=\"Class_6\",INDEX('ER C6 FLT2'!$A$4:$J$340,MATCH($E10&$C10,'ER C6 FLT2'!$A$4:$A$340&'ER C6 FLT2'!$B$4:$B$340-1,1),8)))),IF($B10=\"1 Truck\",IF(OR($H10=\"Class_8\",$N10=\"Replacement8HHD\",$AH10=\"CL7HHD\",$AJ10=\"CL7to8\"),INDEX('ER C8 FLT1'!$A$4:$J$340,MATCH($E10&$C10,'ER C8 FLT1'!$A$4:$A$340&'ER C8 FLT1'!$B$4:$B$340-1,1),8),IF($H10=\"Class_7\",INDEX('ER C7 FLT1'!$A$4:$J$340,MATCH($E10&$C10,'ER C7 FLT1'!$A$4:$A$340&'ER C7 FLT1'!$B$4:$B$340-1,1),8),IF($H10=\"Class_6\",INDEX('ER C6 FLT1'!$A$4:$J$340,MATCH($E10&$C10,'ER C6 FLT1'!$A$4:$A$340&'ER C6 FLT1'!$B$4:$B$340-1,1),8)))))))\n)","v":false},{"$f":"IF($B10=\"4+ Trucks\",IF(OR($H10=\"Class_8\",$N10=\"Replacement8HHD\",$AH10=\"CL7HHD\",$AJ10=\"CL7to8\"),INDEX('ER C8 FLT4'!$A$4:$K$340,MATCH($E10&$C10,'ER C8 FLT4'!$A$4:$A$340&'ER C8 FLT4'!$B$4:$B$340-2,1),8),IF($H10=\"Class_7\",INDEX('ER C7 FLT4'!$A$4:$J$340,MATCH($E10&$C10,'ER C7 FLT4'!$A$4:$A$340&'ER C7 FLT4'!$B$4:$B$340-2,1),8),IF($H10=\"Class_6\",INDEX('ER C6 FLT4'!$A$4:$J$340,MATCH($E10&$C10,'ER C6 FLT4'!$A$4:$A$340&'ER C6 FLT4'!$B$4:$B$340-2,1),8)))),\nIF($B10=\"3 Trucks\",IF(OR($H10=\"Class_8\",$N10=\"Replacement8HHD\",$AH10=\"CL7HHD\",$AJ10=\"CL7to8\"),INDEX('ER C8 FLT3'!$A$4:$J$340,MATCH($E10&$C10,'ER C8 FLT3'!$A$4:$A$340&'ER C8 FLT3'!$B$4:$B$340-2,1),8),IF($H10=\"Class_7\",INDEX('ER C7 FLT3'!$A$4:$J$340,MATCH($E10&$C10,'ER C7 FLT3'!$A$4:$A$340&'ER C7 FLT3'!$B$4:$B$340-2,1),8),IF($H10=\"Class_6\",INDEX('ER C6 FLT3'!$A$4:$J$340,MATCH($E10&$C10,'ER C6 FLT3'!$A$4:$A$340&'ER C6 FLT3'!$B$4:$B$340-2,1),8)))),IF($B10=\"2 Trucks\",IF(OR($H10=\"Class_8\",$N10=\"Replacement8HHD\",$AH10=\"CL7HHD\",$AJ10=\"CL7to8\"),INDEX('ER C8 FLT2'!$A$4:$J$340,MATCH($E10&$C10,'ER C8 FLT2'!$A$4:$A$340&'ER C8 FLT2'!$B$4:$B$340-2,1),8),IF($H10=\"Class_7\",INDEX('ER C7 FLT2'!$A$4:$J$340,MATCH($E10&$C10,'ER C7 FLT2'!$A$4:$A$340&'ER C7 FLT2'!$B$4:$B$340-2,1),8),IF($H10=\"Class_6\",INDEX('ER C6 FLT2'!$A$4:$J$340,MATCH($E10&$C10,'ER C6 FLT2'!$A$4:$A$340&'ER C6 FLT2'!$B$4:$B$340-2,1),8)))),IF($B10=\"1 Truck\",IF(OR($H10=\"Class_8\",$N10=\"Replacement8HHD\",$AH10=\"CL7HHD\",$AJ10=\"CL7to8\"),INDEX('ER C8 FLT1'!$A$4:$J$340,MATCH($E10&$C10,'ER C8 FLT1'!$A$4:$A$340&'ER C8 FLT1'!$B$4:$B$340-2,1),8),IF($H10=\"Class_7\",INDEX('ER C7 FLT1'!$A$4:$J$340,MATCH($E10&$C10,'ER C7 FLT1'!$A$4:$A$340&'ER C7 FLT1'!$B$4:$B$340-2,1),8),IF($H10=\"Class_6\",INDEX('ER C6 FLT1'!$A$4:$J$340,MATCH($E10&$C10,'ER C6 FLT1'!$A$4:$A$340&'ER C6 FLT1'!$B$4:$B$340-2,1),8)))))))\n)","v":false},{"$f":"IF($B10=\"4+ Trucks\",IF(OR($H10=\"Class_8\",$N10=\"Replacement8HHD\",$AH10=\"CL7HHD\",$AJ10=\"CL7to8\"),INDEX('ER C8 FLT4'!$A$4:$J$340,MATCH($E10&$C10,'ER C8 FLT4'!$A$4:$A$340&'ER C8 FLT4'!$B$4:$B$340-3,1),8),IF($H10=\"Class_7\",INDEX('ER C7 FLT4'!$A$4:$J$340,MATCH($E10&$C10,'ER C7 FLT4'!$A$4:$A$340&'ER C7 FLT4'!$B$4:$B$340-3,1),8),IF($H10=\"Class_6\",INDEX('ER C6 FLT4'!$A$4:$J$340,MATCH($E10&$C10,'ER C6 FLT4'!$A$4:$A$340&'ER C6 FLT4'!$B$4:$B$340-3,1),8)))),\nIF($B10=\"3 Trucks\",IF(OR($H10=\"Class_8\",$N10=\"Replacement8HHD\",$AH10=\"CL7HHD\",$AJ10=\"CL7to8\"),INDEX('ER C8 FLT3'!$A$4:$J$340,MATCH($E10&$C10,'ER C8 FLT3'!$A$4:$A$340&'ER C8 FLT3'!$B$4:$B$340-3,1),8),IF($H10=\"Class_7\",INDEX('ER C7 FLT3'!$A$4:$J$340,MATCH($E10&$C10,'ER C7 FLT3'!$A$4:$A$340&'ER C7 FLT3'!$B$4:$B$340-3,1),8),IF($H10=\"Class_6\",INDEX('ER C6 FLT3'!$A$4:$J$340,MATCH($E10&$C10,'ER C6 FLT3'!$A$4:$A$340&'ER C6 FLT3'!$B$4:$B$340-3,1),8)))),\nIF($B10=\"2 Trucks\",IF(OR($H10=\"Class_8\",$N10=\"Replacement8HHD\",$AH10=\"CL7HHD\",$AJ10=\"CL7to8\"),INDEX('ER C8 FLT2'!$A$4:$J$340,MATCH($E10&$C10,'ER C8 FLT2'!$A$4:$A$340&'ER C8 FLT2'!$B$4:$B$340-3,1),8),IF($H10=\"Class_7\",INDEX('ER C7 FLT2'!$A$4:$J$340,MATCH($E10&$C10,'ER C7 FLT2'!$A$4:$A$340&'ER C7 FLT2'!$B$4:$B$340-3,1),8),IF($H10=\"Class_6\",INDEX('ER C6 FLT2'!$A$4:$J$340,MATCH($E10&$C10,'ER C6 FLT2'!$A$4:$A$340&'ER C6 FLT2'!$B$4:$B$340-3,1),8)))),IF($B10=\"1 Truck\",IF(OR($H10=\"Class_8\",$N10=\"Replacement8HHD\",$AH10=\"CL7HHD\",$AJ10=\"CL7to8\"),INDEX('ER C8 FLT1'!$A$4:$J$340,MATCH($E10&$C10,'ER C8 FLT1'!$A$4:$A$340&'ER C8 FLT1'!$B$4:$B$340-3,1),8),IF($H10=\"Class_7\",INDEX('ER C7 FLT1'!$A$4:$J$340,MATCH($E10&$C10,'ER C7 FLT1'!$A$4:$A$340&'ER C7 FLT1'!$B$4:$B$340-3,1),8),IF($H10=\"Class_6\",INDEX('ER C6 FLT1'!$A$4:$J$340,MATCH($E10&$C10,'ER C6 FLT1'!$A$4:$A$340&'ER C6 FLT1'!$B$4:$B$340-3,1),8)))))))\n)","v":false},{"$f":"IF($B10=\"4+ Trucks\",IF(OR($H10=\"Class_8\",$N10=\"Replacement8HHD\",$AH10=\"CL7HHD\",$AJ10=\"CL7to8\"),INDEX('ER C8 FLT4'!$A$4:$J$340,MATCH($E10&$C10,'ER C8 FLT4'!$A$4:$A$340&'ER C8 FLT4'!$B$4:$B$340-4,1),8),IF($H10=\"Class_7\",INDEX('ER C7 FLT4'!$A$4:$J$340,MATCH($E10&$C10,'ER C7 FLT4'!$A$4:$A$340&'ER C7 FLT4'!$B$4:$B$340-4,1),8),IF($H10=\"Class_6\",INDEX('ER C6 FLT4'!$A$4:$J$340,MATCH($E10&$C10,'ER C6 FLT4'!$A$4:$A$340&'ER C6 FLT4'!$B$4:$B$340-4,1),8)))),\nIF($B10=\"3 Trucks\",IF(OR($H10=\"Class_8\",$N10=\"Replacement8HHD\",$AH10=\"CL7HHD\",$AJ10=\"CL7to8\"),INDEX('ER C8 FLT3'!$A$4:$J$340,MATCH($E10&$C10,'ER C8 FLT3'!$A$4:$A$340&'ER C8 FLT3'!$B$4:$B$340-4,1),8),IF($H10=\"Class_7\",INDEX('ER C7 FLT3'!$A$4:$J$340,MATCH($E10&$C10,'ER C7 FLT3'!$A$4:$A$340&'ER C7 FLT3'!$B$4:$B$340-4,1),8),IF($H10=\"Class_6\",INDEX('ER C6 FLT3'!$A$4:$J$340,MATCH($E10&$C10,'ER C6 FLT3'!$A$4:$A$340&'ER C6 FLT3'!$B$4:$B$340-4,1),8)))),\nIF($B10=\"2 Trucks\",IF(OR($H10=\"Class_8\",$N10=\"Replacement8HHD\",$AH10=\"CL7HHD\",$AJ10=\"CL7to8\"),INDEX('ER C8 FLT2'!$A$4:$J$340,MATCH($E10&$C10,'ER C8 FLT2'!$A$4:$A$340&'ER C8 FLT2'!$B$4:$B$340-4,1),8),IF($H10=\"Class_7\",INDEX('ER C7 FLT2'!$A$4:$J$340,MATCH($E10&$C10,'ER C7 FLT2'!$A$4:$A$340&'ER C7 FLT2'!$B$4:$B$340-4,1),8),IF($H10=\"Class_6\",INDEX('ER C6 FLT2'!$A$4:$J$340,MATCH($E10&$C10,'ER C6 FLT2'!$A$4:$A$340&'ER C6 FLT2'!$B$4:$B$340-4,1),8)))),IF($B10=\"1 Truck\",IF(OR($H10=\"Class_8\",$N10=\"Replacement8HHD\",$AH10=\"CL7HHD\",$AJ10=\"CL7to8\"),INDEX('ER C8 FLT1'!$A$4:$J$340,MATCH($E10&$C10,'ER C8 FLT1'!$A$4:$A$340&'ER C8 FLT1'!$B$4:$B$340-4,1),8),IF($H10=\"Class_7\",INDEX('ER C7 FLT1'!$A$4:$J$340,MATCH($E10&$C10,'ER C7 FLT1'!$A$4:$A$340&'ER C7 FLT1'!$B$4:$B$340-4,1),8),IF($H10=\"Class_6\",INDEX('ER C6 FLT1'!$A$4:$J$340,MATCH($E10&$C10,'ER C6 FLT1'!$A$4:$A$340&'ER C6 FLT1'!$B$4:$B$340-4,1),8)))))))\n)","v":false},0,0,0,0,0,{"$f":"IF(OR($R10=\"Diesel\",$R10=\"Zero Emission\",$R10=\"Hybrid\",$R10=\"Hybrid Zero-Mile\",$R10=\"Low NOx\",$R10=\"LNG/CNG\"),IF($B10=\"3 Trucks\",IF(OR($O10=\"Class_8\",$N10=\"Replacement8HHD\",$AI10=\"CL7HHD\"),INDEX('ER C8 FLT3'!$A$4:$J$340,MATCH(DropData!$J56&$C10,'ER C8 FLT3'!$A$4:$A$340&'ER C8 FLT3'!$B$4:$B$340,1),8),IF($O10=\"Class_7\",INDEX('ER C7 FLT3'!$A$4:$J$340,MATCH(DropData!$J56&$C10,'ER C7 FLT3'!$A$4:$A$340&'ER C7 FLT3'!$B$4:$B$340,1),8),IF($O10=\"Class_6\",INDEX('ER C6 FLT3'!$A$4:$J$340,MATCH(DropData!$J56&$C10,'ER C6 FLT3'!$A$4:$A$340&'ER C6 FLT3'!$B$4:$B$340,1),8)))),IF($B10=\"2 Trucks\",IF(OR($O10=\"Class_8\",$N10=\"Replacement8HHD\",$AI10=\"CL7HHD\"),INDEX('ER C8 FLT2'!$A$4:$J$340,MATCH(DropData!$J56&$C10,'ER C8 FLT2'!$A$4:$A$340&'ER C8 FLT2'!$B$4:$B$340,1),8),IF($O10=\"Class_7\",INDEX('ER C7 FLT2'!$A$4:$J$340,MATCH(DropData!$J56&$C10,'ER C7 FLT2'!$A$4:$A$340&'ER C7 FLT2'!$B$4:$B$340,1),8),IF($O10=\"Class_6\",INDEX('ER C6 FLT2'!$A$4:$J$340,MATCH(DropData!$J56&$C10,'ER C6 FLT2'!$A$4:$A$340&'ER C6 FLT2'!$B$4:$B$340,1),8)))),IF($B10=\"1 Truck\",IF(OR($O10=\"Class_8\",$N10=\"Replacement8HHD\",$AI10=\"CL7HHD\"),INDEX('ER C8 FLT1'!$A$4:$J$340,MATCH(DropData!$J56&$C10,'ER C8 FLT1'!$A$4:$A$340&'ER C8 FLT1'!$B$4:$B$340,1),8),IF($O10=\"Class_7\",INDEX('ER C7 FLT1'!$A$4:$J$340,MATCH(DropData!$J56&$C10,'ER C7 FLT1'!$A$4:$A$340&'ER C7 FLT1'!$B$4:$B$340,1),8),IF($O10=\"Class_6\",INDEX('ER C6 FLT1'!$A$4:$J$340,MATCH(DropData!$J56&$C10,'ER C6 FLT1'!$A$4:$A$340&'ER C6 FLT1'!$B$4:$B$340,1),8)))),IF($B10=\"4+ Trucks\",IF(OR($O10=\"Class_8\",$N10=\"Replacement8HHD\",$AI10=\"CL7HHD\"),INDEX('ER C8 FLT4'!$A$4:$J$340,MATCH(DropData!$J56&$C10,'ER C8 FLT4'!$A$4:$A$340&'ER C8 FLT4'!$B$4:$B$340,1),8),IF($O10=\"Class_7\",INDEX('ER C7 FLT4'!$A$4:$J$340,MATCH(DropData!$J56&$C10,'ER C7 FLT4'!$A$4:$A$340&'ER C7 FLT4'!$B$4:$B$340,1),8),IF($O10=\"Class_6\",INDEX('ER C6 FLT4'!$A$4:$J$340,MATCH(DropData!$J56&$C10,'ER C6 FLT4'!$A$4:$A$340&'ER C6 FLT4'!$B$4:$B$340,1),8)))))))))","v":false},{"$f":"IF(OR($R10=\"Diesel\",$R10=\"Zero Emission\",$R10=\"Hybrid\",$R10=\"Hybrid Zero-Mile\",$R10=\"Low NOx\",$R10=\"LNG/CNG\"),IF($B10=\"3 Trucks\",IF(OR($O10=\"Class_8\",$N10=\"Replacement8HHD\",$AI10=\"CL7HHD\"),INDEX('ER C8 FLT3'!$A$4:$J$340,MATCH(DropData!$J56&$C10,'ER C8 FLT3'!$A$4:$A$340&'ER C8 FLT3'!$B$4:$B$340-1,1),8),IF($O10=\"Class_7\",INDEX('ER C7 FLT3'!$A$4:$J$340,MATCH(DropData!$J56&$C10,'ER C7 FLT3'!$A$4:$A$340&'ER C7 FLT3'!$B$4:$B$340-1,1),8),IF($O10=\"Class_6\",INDEX('ER C6 FLT3'!$A$4:$J$340,MATCH(DropData!$J56&$C10,'ER C6 FLT3'!$A$4:$A$340&'ER C6 FLT3'!$B$4:$B$340-1,1),8)))),IF($B10=\"2 Trucks\",IF(OR($O10=\"Class_8\",$N10=\"Replacement8HHD\",$AI10=\"CL7HHD\"),INDEX('ER C8 FLT2'!$A$4:$J$340,MATCH(DropData!$J56&$C10,'ER C8 FLT2'!$A$4:$A$340&'ER C8 FLT2'!$B$4:$B$340-1,1),8),IF($O10=\"Class_7\",INDEX('ER C7 FLT2'!$A$4:$J$340,MATCH(DropData!$J56&$C10,'ER C7 FLT2'!$A$4:$A$340&'ER C7 FLT2'!$B$4:$B$340-1,1),8),IF($O10=\"Class_6\",INDEX('ER C6 FLT2'!$A$4:$J$340,MATCH(DropData!$J56&$C10,'ER C6 FLT2'!$A$4:$A$340&'ER C6 FLT2'!$B$4:$B$340-1,1),8)))),IF($B10=\"1 Truck\",IF(OR($O10=\"Class_8\",$N10=\"Replacement8HHD\",$AI10=\"CL7HHD\"),INDEX('ER C8 FLT1'!$A$4:$J$340,MATCH(DropData!$J56&$C10,'ER C8 FLT1'!$A$4:$A$340&'ER C8 FLT1'!$B$4:$B$340-1,1),8),IF($O10=\"Class_7\",INDEX('ER C7 FLT1'!$A$4:$J$340,MATCH(DropData!$J56&$C10,'ER C7 FLT1'!$A$4:$A$340&'ER C7 FLT1'!$B$4:$B$340-1,1),8),IF($O10=\"Class_6\",INDEX('ER C6 FLT1'!$A$4:$J$340,MATCH(DropData!$J56&$C10,'ER C6 FLT1'!$A$4:$A$340&'ER C6 FLT1'!$B$4:$B$340-1,1),8)))),IF($B10=\"4+ Trucks\",IF(OR($O10=\"Class_8\",$N10=\"Replacement8HHD\",$AI10=\"CL7HHD\"),INDEX('ER C8 FLT4'!$A$4:$J$340,MATCH(DropData!$J56&$C10,'ER C8 FLT4'!$A$4:$A$340&'ER C8 FLT4'!$B$4:$B$340-1,1),8),IF($O10=\"Class_7\",INDEX('ER C7 FLT4'!$A$4:$J$340,MATCH(DropData!$J56&$C10,'ER C7 FLT4'!$A$4:$A$340&'ER C7 FLT4'!$B$4:$B$340-1,1),8),IF($O10=\"Class_6\",INDEX('ER C6 FLT4'!$A$4:$J$340,MATCH(DropData!$J56&$C10,'ER C6 FLT4'!$A$4:$A$340&'ER C6 FLT4'!$B$4:$B$340-1,1),8)))))))))","v":false},{"$f":"IF(OR($R10=\"Diesel\",$R10=\"Zero Emission\",$R10=\"Hybrid\",$R10=\"Hybrid Zero-Mile\",$R10=\"Low NOx\",$R10=\"LNG/CNG\"),IF($B10=\"3 Trucks\",IF(OR($O10=\"Class_8\",$N10=\"Replacement8HHD\",$AI10=\"CL7HHD\"),INDEX('ER C8 FLT3'!$A$4:$J$340,MATCH(DropData!$J56&$C10,'ER C8 FLT3'!$A$4:$A$340&'ER C8 FLT3'!$B$4:$B$340-2,1),8),IF($O10=\"Class_7\",INDEX('ER C7 FLT3'!$A$4:$J$340,MATCH(DropData!$J56&$C10,'ER C7 FLT3'!$A$4:$A$340&'ER C7 FLT3'!$B$4:$B$340-2,1),8),IF($O10=\"Class_6\",INDEX('ER C6 FLT3'!$A$4:$J$340,MATCH(DropData!$J56&$C10,'ER C6 FLT3'!$A$4:$A$340&'ER C6 FLT3'!$B$4:$B$340-2,1),8)))),IF($B10=\"2 Trucks\",IF(OR($O10=\"Class_8\",$N10=\"Replacement8HHD\",$AI10=\"CL7HHD\"),INDEX('ER C8 FLT2'!$A$4:$J$340,MATCH(DropData!$J56&$C10,'ER C8 FLT2'!$A$4:$A$340&'ER C8 FLT2'!$B$4:$B$340-2,1),8),IF($O10=\"Class_7\",INDEX('ER C7 FLT2'!$A$4:$J$340,MATCH(DropData!$J56&$C10,'ER C7 FLT2'!$A$4:$A$340&'ER C7 FLT2'!$B$4:$B$340-2,1),8),IF($O10=\"Class_6\",INDEX('ER C6 FLT2'!$A$4:$J$340,MATCH(DropData!$J56&$C10,'ER C6 FLT2'!$A$4:$A$340&'ER C6 FLT2'!$B$4:$B$340-2,1),8)))),IF($B10=\"1 Truck\",IF(OR($O10=\"Class_8\",$N10=\"Replacement8HHD\",$AI10=\"CL7HHD\"),INDEX('ER C8 FLT1'!$A$4:$J$340,MATCH(DropData!$J56&$C10,'ER C8 FLT1'!$A$4:$A$340&'ER C8 FLT1'!$B$4:$B$340-2,1),8),IF($O10=\"Class_7\",INDEX('ER C7 FLT1'!$A$4:$J$340,MATCH(DropData!$J56&$C10,'ER C7 FLT1'!$A$4:$A$340&'ER C7 FLT1'!$B$4:$B$340-2,1),8),IF($O10=\"Class_6\",INDEX('ER C6 FLT1'!$A$4:$J$340,MATCH(DropData!$J56&$C10,'ER C6 FLT1'!$A$4:$A$340&'ER C6 FLT1'!$B$4:$B$340-2,1),8)))),IF($B10=\"4+ Trucks\",IF(OR($O10=\"Class_8\",$N10=\"Replacement8HHD\",$AI10=\"CL7HHD\"),INDEX('ER C8 FLT4'!$A$4:$J$340,MATCH(DropData!$J56&$C10,'ER C8 FLT4'!$A$4:$A$340&'ER C8 FLT4'!$B$4:$B$340-2,1),8),IF($O10=\"Class_7\",INDEX('ER C7 FLT4'!$A$4:$J$340,MATCH(DropData!$J56&$C10,'ER C7 FLT4'!$A$4:$A$340&'ER C7 FLT4'!$B$4:$B$340-2,1),8),IF($O10=\"Class_6\",INDEX('ER C6 FLT4'!$A$4:$J$340,MATCH(DropData!$J56&$C10,'ER C6 FLT4'!$A$4:$A$340&'ER C6 FLT4'!$B$4:$B$340-2,1),8)))))))))","v":false},{"$f":"IF(OR($R10=\"Diesel\",$R10=\"Zero Emission\",$R10=\"Hybrid\",$R10=\"Hybrid Zero-Mile\",$R10=\"Low NOx\",$R10=\"LNG/CNG\"),IF($B10=\"3 Trucks\",IF(OR($O10=\"Class_8\",$N10=\"Replacement8HHD\",$AI10=\"CL7HHD\"),INDEX('ER C8 FLT3'!$A$4:$J$340,MATCH(DropData!$J56&$C10,'ER C8 FLT3'!$A$4:$A$340&'ER C8 FLT3'!$B$4:$B$340-3,1),8),IF($O10=\"Class_7\",INDEX('ER C7 FLT3'!$A$4:$J$340,MATCH(DropData!$J56&$C10,'ER C7 FLT3'!$A$4:$A$340&'ER C7 FLT3'!$B$4:$B$340-3,1),8),IF($O10=\"Class_6\",INDEX('ER C6 FLT3'!$A$4:$J$340,MATCH(DropData!$J56&$C10,'ER C6 FLT3'!$A$4:$A$340&'ER C6 FLT3'!$B$4:$B$340-3,1),8)))),IF($B10=\"2 Trucks\",IF(OR($O10=\"Class_8\",$N10=\"Replacement8HHD\",$AI10=\"CL7HHD\"),INDEX('ER C8 FLT2'!$A$4:$J$340,MATCH(DropData!$J56&$C10,'ER C8 FLT2'!$A$4:$A$340&'ER C8 FLT2'!$B$4:$B$340-3,1),8),IF($O10=\"Class_7\",INDEX('ER C7 FLT2'!$A$4:$J$340,MATCH(DropData!$J56&$C10,'ER C7 FLT2'!$A$4:$A$340&'ER C7 FLT2'!$B$4:$B$340-3,1),8),IF($O10=\"Class_6\",INDEX('ER C6 FLT2'!$A$4:$J$340,MATCH(DropData!$J56&$C10,'ER C6 FLT2'!$A$4:$A$340&'ER C6 FLT2'!$B$4:$B$340-3,1),8)))),IF($B10=\"1 Truck\",IF(OR($O10=\"Class_8\",$N10=\"Replacement8HHD\",$AI10=\"CL7HHD\"),INDEX('ER C8 FLT1'!$A$4:$J$340,MATCH(DropData!$J56&$C10,'ER C8 FLT1'!$A$4:$A$340&'ER C8 FLT1'!$B$4:$B$340-3,1),8),IF($O10=\"Class_7\",INDEX('ER C7 FLT1'!$A$4:$J$340,MATCH(DropData!$J56&$C10,'ER C7 FLT1'!$A$4:$A$340&'ER C7 FLT1'!$B$4:$B$340-3,1),8),IF($O10=\"Class_6\",INDEX('ER C6 FLT1'!$A$4:$J$340,MATCH(DropData!$J56&$C10,'ER C6 FLT1'!$A$4:$A$340&'ER C6 FLT1'!$B$4:$B$340-3,1),8)))),IF($B10=\"4+ Trucks\",IF(OR($O10=\"Class_8\",$N10=\"Replacement8HHD\",$AI10=\"CL7HHD\"),INDEX('ER C8 FLT4'!$A$4:$J$340,MATCH(DropData!$J56&$C10,'ER C8 FLT4'!$A$4:$A$340&'ER C8 FLT4'!$B$4:$B$340-3,1),8),IF($O10=\"Class_7\",INDEX('ER C7 FLT4'!$A$4:$J$340,MATCH(DropData!$J56&$C10,'ER C7 FLT4'!$A$4:$A$340&'ER C7 FLT4'!$B$4:$B$340-3,1),8),IF($O10=\"Class_6\",INDEX('ER C6 FLT4'!$A$4:$J$340,MATCH(DropData!$J56&$C10,'ER C6 FLT4'!$A$4:$A$340&'ER C6 FLT4'!$B$4:$B$340-3,1),8)))))))))","v":false},{"$f":"IF(OR($R10=\"Diesel\",$R10=\"Zero Emission\",$R10=\"Hybrid\",$R10=\"Hybrid Zero-Mile\",$R10=\"Low NOx\",$R10=\"LNG/CNG\"),IF($B10=\"3 Trucks\",IF(OR($O10=\"Class_8\",$N10=\"Replacement8HHD\",$AI10=\"CL7HHD\"),INDEX('ER C8 FLT3'!$A$4:$J$340,MATCH(DropData!$J56&$C10,'ER C8 FLT3'!$A$4:$A$340&'ER C8 FLT3'!$B$4:$B$340-4,1),8),IF($O10=\"Class_7\",INDEX('ER C7 FLT3'!$A$4:$J$340,MATCH(DropData!$J56&$C10,'ER C7 FLT3'!$A$4:$A$340&'ER C7 FLT3'!$B$4:$B$340-4,1),8),IF($O10=\"Class_6\",INDEX('ER C6 FLT3'!$A$4:$J$340,MATCH(DropData!$J56&$C10,'ER C6 FLT3'!$A$4:$A$340&'ER C6 FLT3'!$B$4:$B$340-4,1),8)))),IF($B10=\"2 Trucks\",IF(OR($O10=\"Class_8\",$N10=\"Replacement8HHD\",$AI10=\"CL7HHD\"),INDEX('ER C8 FLT2'!$A$4:$J$340,MATCH(DropData!$J56&$C10,'ER C8 FLT2'!$A$4:$A$340&'ER C8 FLT2'!$B$4:$B$340-4,1),8),IF($O10=\"Class_7\",INDEX('ER C7 FLT2'!$A$4:$J$340,MATCH(DropData!$J56&$C10,'ER C7 FLT2'!$A$4:$A$340&'ER C7 FLT2'!$B$4:$B$340-4,1),8),IF($O10=\"Class_6\",INDEX('ER C6 FLT2'!$A$4:$J$340,MATCH(DropData!$J56&$C10,'ER C6 FLT2'!$A$4:$A$340&'ER C6 FLT2'!$B$4:$B$340-4,1),8)))),IF($B10=\"1 Truck\",IF(OR($O10=\"Class_8\",$N10=\"Replacement8HHD\",$AI10=\"CL7HHD\"),INDEX('ER C8 FLT1'!$A$4:$J$340,MATCH(DropData!$J56&$C10,'ER C8 FLT1'!$A$4:$A$340&'ER C8 FLT1'!$B$4:$B$340-4,1),8),IF($O10=\"Class_7\",INDEX('ER C7 FLT1'!$A$4:$J$340,MATCH(DropData!$J56&$C10,'ER C7 FLT1'!$A$4:$A$340&'ER C7 FLT1'!$B$4:$B$340-4,1),8),IF($O10=\"Class_6\",INDEX('ER C6 FLT1'!$A$4:$J$340,MATCH(DropData!$J56&$C10,'ER C6 FLT1'!$A$4:$A$340&'ER C6 FLT1'!$B$4:$B$340-4,1),8)))),IF($B10=\"4+ Trucks\",IF(OR($O10=\"Class_8\",$N10=\"Replacement8HHD\",$AI10=\"CL7HHD\"),INDEX('ER C8 FLT4'!$A$4:$J$340,MATCH(DropData!$J56&$C10,'ER C8 FLT4'!$A$4:$A$340&'ER C8 FLT4'!$B$4:$B$340-4,1),8),IF($O10=\"Class_7\",INDEX('ER C7 FLT4'!$A$4:$J$340,MATCH(DropData!$J56&$C10,'ER C7 FLT4'!$A$4:$A$340&'ER C7 FLT4'!$B$4:$B$340-4,1),8),IF($O10=\"Class_6\",INDEX('ER C6 FLT4'!$A$4:$J$340,MATCH(DropData!$J56&$C10,'ER C6 FLT4'!$A$4:$A$340&'ER C6 FLT4'!$B$4:$B$340-4,1),8)))))))))","v":false},0,{"$f":"MAX((IF($B10=\"4+ Trucks\",IF($Z10=\"Class_8\",INDEX('ER C8 FLT4'!$A$4:$J$340,MATCH($W10&$C10,'ER C8 FLT4'!$A$4:$A$340&'ER C8 FLT4'!$B$4:$B$340,1),8)*IF($Z10=\"Class_8\",INDEX('ER C8 FLT4'!$A$4:$J$340,MATCH($W10&$C10,'ER C8 FLT4'!$A$4:$A$340&'ER C8 FLT4'!$B$4:$B$340,1),9)),IF($Z10=\"Class_7\",INDEX('ER C7 FLT4'!$A$4:$J$340,MATCH($W10&$C10,'ER C7 FLT4'!$A$4:$A$340&'ER C7 FLT4'!$B$4:$B$340,1),8)*IF($Z10=\"Class_7\",INDEX('ER C7 FLT4'!$A$4:$J$340,MATCH($W10&$C10,'ER C7 FLT4'!$A$4:$A$340&'ER C7 FLT4'!$B$4:$B$340,1),9)),IF($Z10=\"Class_6\",INDEX('ER C6 FLT4'!$A$4:$J$340,MATCH($W10&$C10,'ER C6 FLT4'!$A$4:$A$340&'ER C6 FLT4'!$B$4:$B$340,1),8)*IF($Z10=\"Class_6\",INDEX('ER C6 FLT4'!$A$4:$L$340,MATCH($W10&$C10,'ER C6 FLT4'!$A$4:$A$340&'ER C6 FLT4'!$B$4:$B$340,1),9))))),\nIF($B10=\"2 Trucks\",IF($Z10=\"Class_8\",INDEX('ER C8 FLT2'!$A$4:$J$340,MATCH($W10&$C10,'ER C8 FLT2'!$A$4:$A$340&'ER C8 FLT2'!$B$4:$B$340,1),8)*IF($Z10=\"Class_8\",INDEX('ER C8 FLT2'!$A$4:$J$340,MATCH($W10&$C10,'ER C8 FLT2'!$A$4:$A$340&'ER C8 FLT2'!$B$4:$B$340,1),9)),IF($Z10=\"Class_7\",INDEX('ER C7 FLT2'!$A$4:$J$340,MATCH($W10&$C10,'ER C7 FLT2'!$A$4:$A$340&'ER C7 FLT2'!$B$4:$B$340,1),8)*IF($Z10=\"Class_7\",INDEX('ER C7 FLT2'!$A$4:$J$340,MATCH($W10&$C10,'ER C7 FLT2'!$A$4:$A$340&'ER C7 FLT2'!$B$4:$B$340,1),9)),IF($Z10=\"Class_6\",INDEX('ER C6 FLT2'!$A$4:$J$340,MATCH($W10&$C10,'ER C6 FLT2'!$A$4:$A$340&'ER C6 FLT2'!$B$4:$B$340,1),8)*IF($Z10=\"Class_6\",INDEX('ER C6 FLT2'!$A$4:$J$340,MATCH($W10&$C10,'ER C6 FLT2'!$A$4:$A$340&'ER C6 FLT2'!$B$4:$B$340,1),9))))),\nIF($B10=\"1 Truck\",IF($Z10=\"Class_8\",INDEX('ER C8 FLT1'!$A$4:$J$340,MATCH($W10&$C10,'ER C8 FLT1'!$A$4:$A$340&'ER C8 FLT1'!$B$4:$B$340,1),8)*IF($Z10=\"Class_8\",INDEX('ER C8 FLT1'!$A$4:$J$340,MATCH($W10&$C10,'ER C8 FLT1'!$A$4:$A$340&'ER C8 FLT1'!$B$4:$B$340,1),9)),IF($Z10=\"Class_7\",INDEX('ER C7 FLT1'!$A$4:$J$340,MATCH($W10&$C10,'ER C7 FLT1'!$A$4:$A$340&'ER C7 FLT1'!$B$4:$B$340,1),8)*IF($Z10=\"Class_7\",INDEX('ER C7 FLT1'!$A$4:$J$340,MATCH($W10&$C10,'ER C7 FLT1'!$A$4:$A$340&'ER C7 FLT1'!$B$4:$B$340,1),9)),IF($Z10=\"Class_6\",INDEX('ER C6 FLT1'!$A$4:$J$340,MATCH($W10&$C10,'ER C6 FLT1'!$A$4:$A$340&'ER C6 FLT1'!$B$4:$B$340,1),8)*IF($Z10=\"Class_6\",INDEX('ER C6 FLT1'!$A$4:$J$340,MATCH($W10&$C10,'ER C6 FLT1'!$A$4:$A$340&'ER C6 FLT1'!$B$4:$B$340,1),9)),\n))),IF($B10=\"3 Trucks\",IF($Z10=\"Class_8\",INDEX('ER C8 FLT3'!$A$4:$J$340,MATCH($W10&$C10,'ER C8 FLT3'!$A$4:$A$340&'ER C8 FLT3'!$B$4:$B$340,1),8)*IF($Z10=\"Class_8\",INDEX('ER C8 FLT3'!$A$4:$J$340,MATCH($W10&$C10,'ER C8 FLT3'!$A$4:$A$340&'ER C8 FLT3'!$B$4:$B$340,1),9)),IF($Z10=\"Class_7\",INDEX('ER C7 FLT3'!$A$4:$J$340,MATCH($W10&$C10,'ER C7 FLT3'!$A$4:$A$340&'ER C7 FLT3'!$B$4:$B$340,1),8)*IF($Z10=\"Class_7\",INDEX('ER C7 FLT3'!$A$4:$J$340,MATCH($W10&$C10,'ER C7 FLT3'!$A$4:$A$340&'ER C7 FLT3'!$B$4:$B$340,1),9)),IF($Z10=\"Class_6\",INDEX('ER C6 FLT3'!$A$4:$J$340,MATCH($W10&$C10,'ER C6 FLT3'!$A$4:$A$340&'ER C6 FLT3'!$B$4:$B$340,1),8)*IF($Z10=\"Class_6\",INDEX('ER C6 FLT3'!$A$4:$L$340,MATCH($W10&$C10,'ER C6 FLT3'!$A$4:$A$340&'ER C6 FLT3'!$B$4:$B$340,1),9)))))))))\n*IF($X10=\"Level 1 PM\",0.75,IF($X10=\"Level 2 PM\",0.5,IF($X10=\"Level 3 PM\",0,IF($X10=\"Level 3 PM + Mark I NOx\",0,1))))*($AC10/453.6)-IF(BF10=0,AV10,0)),0)","v":0},0,{"$f":"MAX(0,AM10-AW10)","v":0},{"$f":"MAX((IF($B10=\"4+ Trucks\",IF($Z10=\"Class_8\",INDEX('ER C8 FLT4'!$A$4:$J$340,MATCH($W10&$C10,'ER C8 FLT4'!$A$4:$A$340&'ER C8 FLT4'!$B$4:$B$340-1,1),8)*IF($Z10=\"Class_8\",INDEX('ER C8 FLT4'!$A$4:$J$340,MATCH($W10&$C10,'ER C8 FLT4'!$A$4:$A$340&'ER C8 FLT4'!$B$4:$B$340-1,1),9)),IF($Z10=\"Class_7\",INDEX('ER C7 FLT4'!$A$4:$J$340,MATCH($W10&$C10,'ER C7 FLT4'!$A$4:$A$340&'ER C7 FLT4'!$B$4:$B$340-1,1),8)*IF($Z10=\"Class_7\",INDEX('ER C7 FLT4'!$A$4:$J$340,MATCH($W10&$C10,'ER C7 FLT4'!$A$4:$A$340&'ER C7 FLT4'!$B$4:$B$340-1,1),9)),IF($Z10=\"Class_6\",INDEX('ER C6 FLT4'!$A$4:$J$340,MATCH($W10&$C10,'ER C6 FLT4'!$A$4:$A$340&'ER C6 FLT4'!$B$4:$B$340-1,1),8)*IF($Z10=\"Class_6\",INDEX('ER C6 FLT4'!$A$4:$L$340,MATCH($W10&$C10,'ER C6 FLT4'!$A$4:$A$340&'ER C6 FLT4'!$B$4:$B$340-1,1),9))))),\nIF($B10=\"2 Trucks\",IF($Z10=\"Class_8\",INDEX('ER C8 FLT2'!$A$4:$J$340,MATCH($W10&$C10,'ER C8 FLT2'!$A$4:$A$340&'ER C8 FLT2'!$B$4:$B$340-1,1),8)*IF($Z10=\"Class_8\",INDEX('ER C8 FLT2'!$A$4:$J$340,MATCH($W10&$C10,'ER C8 FLT2'!$A$4:$A$340&'ER C8 FLT2'!$B$4:$B$340-1,1),9)),IF($Z10=\"Class_7\",INDEX('ER C7 FLT2'!$A$4:$J$340,MATCH($W10&$C10,'ER C7 FLT2'!$A$4:$A$340&'ER C7 FLT2'!$B$4:$B$340-1,1),8)*IF($Z10=\"Class_7\",INDEX('ER C7 FLT2'!$A$4:$J$340,MATCH($W10&$C10,'ER C7 FLT2'!$A$4:$A$340&'ER C7 FLT2'!$B$4:$B$340-1,1),9)),IF($Z10=\"Class_6\",INDEX('ER C6 FLT2'!$A$4:$J$340,MATCH($W10&$C10,'ER C6 FLT2'!$A$4:$A$340&'ER C6 FLT2'!$B$4:$B$340-1,1),8)*IF($Z10=\"Class_6\",INDEX('ER C6 FLT2'!$A$4:$J$340,MATCH($W10&$C10,'ER C6 FLT2'!$A$4:$A$340&'ER C6 FLT2'!$B$4:$B$340-1,1),9))))),\nIF($B10=\"1 Truck\",IF($Z10=\"Class_8\",INDEX('ER C8 FLT1'!$A$4:$J$340,MATCH($W10&$C10,'ER C8 FLT1'!$A$4:$A$340&'ER C8 FLT1'!$B$4:$B$340-1,1),8)*IF($Z10=\"Class_8\",INDEX('ER C8 FLT1'!$A$4:$J$340,MATCH($W10&$C10,'ER C8 FLT1'!$A$4:$A$340&'ER C8 FLT1'!$B$4:$B$340-1,1),9)),IF($Z10=\"Class_7\",INDEX('ER C7 FLT1'!$A$4:$J$340,MATCH($W10&$C10,'ER C7 FLT1'!$A$4:$A$340&'ER C7 FLT1'!$B$4:$B$340-1,1),8)*IF($Z10=\"Class_7\",INDEX('ER C7 FLT1'!$A$4:$J$340,MATCH($W10&$C10,'ER C7 FLT1'!$A$4:$A$340&'ER C7 FLT1'!$B$4:$B$340-1,1),9)),IF($Z10=\"Class_6\",INDEX('ER C6 FLT1'!$A$4:$J$340,MATCH($W10&$C10,'ER C6 FLT1'!$A$4:$A$340&'ER C6 FLT1'!$B$4:$B$340-1,1),8)*IF($Z10=\"Class_6\",INDEX('ER C6 FLT1'!$A$4:$J$340,MATCH($W10&$C10,'ER C6 FLT1'!$A$4:$A$340&'ER C6 FLT1'!$B$4:$B$340-1,1),9))))),IF($B10=\"3 Trucks\",IF($Z10=\"Class_8\",INDEX('ER C8 FLT3'!$A$4:$J$340,MATCH($W10&$C10,'ER C8 FLT3'!$A$4:$A$340&'ER C8 FLT3'!$B$4:$B$340-1,1),8)*IF($Z10=\"Class_8\",INDEX('ER C8 FLT3'!$A$4:$J$340,MATCH($W10&$C10,'ER C8 FLT3'!$A$4:$A$340&'ER C8 FLT3'!$B$4:$B$340-1,1),9)),IF($Z10=\"Class_7\",INDEX('ER C7 FLT3'!$A$4:$J$340,MATCH($W10&$C10,'ER C7 FLT3'!$A$4:$A$340&'ER C7 FLT3'!$B$4:$B$340-1,1),8)*IF($Z10=\"Class_7\",INDEX('ER C7 FLT3'!$A$4:$J$340,MATCH($W10&$C10,'ER C7 FLT3'!$A$4:$A$340&'ER C7 FLT3'!$B$4:$B$340-1,1),9)),IF($Z10=\"Class_6\",INDEX('ER C6 FLT3'!$A$4:$J$340,MATCH($W10&$C10,'ER C6 FLT3'!$A$4:$A$340&'ER C6 FLT3'!$B$4:$B$340-1,1),8)*IF($Z10=\"Class_6\",INDEX('ER C6 FLT3'!$A$4:$L$340,MATCH($W10&$C10,'ER C6 FLT3'!$A$4:$A$340&'ER C6 FLT3'!$B$4:$B$340-1,1),9)))))))))\n*IF($X10=\"Level 1 PM\",0.75,IF($X10=\"Level 2 PM\",0.5,IF($X10=\"Level 3 PM\",0,IF($X10=\"Level 3 PM + Mark I NOx\",0,1))))*($AC10/453.6)-IF(BI10=0,AW10,0)),0)","v":0},0,0,{"$f":"MAX((IF($B10=\"4+ Trucks\",IF($Z10=\"Class_8\",INDEX('ER C8 FLT4'!$A$4:$J$340,MATCH($W10&$C10,'ER C8 FLT4'!$A$4:$A$340&'ER C8 FLT4'!$B$4:$B$340-2,1),8)*IF($Z10=\"Class_8\",INDEX('ER C8 FLT4'!$A$4:$J$340,MATCH($W10&$C10,'ER C8 FLT4'!$A$4:$A$340&'ER C8 FLT4'!$B$4:$B$340-2,1),9)),IF($Z10=\"Class_7\",INDEX('ER C7 FLT4'!$A$4:$J$340,MATCH($W10&$C10,'ER C7 FLT4'!$A$4:$A$340&'ER C7 FLT4'!$B$4:$B$340-2,1),8)*IF($Z10=\"Class_7\",INDEX('ER C7 FLT4'!$A$4:$J$340,MATCH($W10&$C10,'ER C7 FLT4'!$A$4:$A$340&'ER C7 FLT4'!$B$4:$B$340-2,1),9)),IF($Z10=\"Class_6\",INDEX('ER C6 FLT4'!$A$4:$J$340,MATCH($W10&$C10,'ER C6 FLT4'!$A$4:$A$340&'ER C6 FLT4'!$B$4:$B$340-2,1),8)*IF($Z10=\"Class_6\",INDEX('ER C6 FLT4'!$A$4:$L$340,MATCH($W10&$C10,'ER C6 FLT4'!$A$4:$A$340&'ER C6 FLT4'!$B$4:$B$340-2,1),9))))),\nIF($B10=\"2 Trucks\",IF($Z10=\"Class_8\",INDEX('ER C8 FLT2'!$A$4:$J$340,MATCH($W10&$C10,'ER C8 FLT2'!$A$4:$A$340&'ER C8 FLT2'!$B$4:$B$340-2,1),8)*IF($Z10=\"Class_8\",INDEX('ER C8 FLT2'!$A$4:$J$340,MATCH($W10&$C10,'ER C8 FLT2'!$A$4:$A$340&'ER C8 FLT2'!$B$4:$B$340-2,1),9)),IF($Z10=\"Class_7\",INDEX('ER C7 FLT2'!$A$4:$J$340,MATCH($W10&$C10,'ER C7 FLT2'!$A$4:$A$340&'ER C7 FLT2'!$B$4:$B$340-2,1),8)*IF($Z10=\"Class_7\",INDEX('ER C7 FLT2'!$A$4:$J$340,MATCH($W10&$C10,'ER C7 FLT2'!$A$4:$A$340&'ER C7 FLT2'!$B$4:$B$340-2,1),9)),IF($Z10=\"Class_6\",INDEX('ER C6 FLT2'!$A$4:$J$340,MATCH($W10&$C10,'ER C6 FLT2'!$A$4:$A$340&'ER C6 FLT2'!$B$4:$B$340-2,1),8)*IF($Z10=\"Class_6\",INDEX('ER C6 FLT2'!$A$4:$J$340,MATCH($W10&$C10,'ER C6 FLT2'!$A$4:$A$340&'ER C6 FLT2'!$B$4:$B$340-2,1),9))))),\nIF($B10=\"1 Truck\",IF($Z10=\"Class_8\",INDEX('ER C8 FLT1'!$A$4:$J$340,MATCH($W10&$C10,'ER C8 FLT1'!$A$4:$A$340&'ER C8 FLT1'!$B$4:$B$340-2,1),8)*IF($Z10=\"Class_8\",INDEX('ER C8 FLT1'!$A$4:$J$340,MATCH($W10&$C10,'ER C8 FLT1'!$A$4:$A$340&'ER C8 FLT1'!$B$4:$B$340-2,1),9)),IF($Z10=\"Class_7\",INDEX('ER C7 FLT1'!$A$4:$J$340,MATCH($W10&$C10,'ER C7 FLT1'!$A$4:$A$340&'ER C7 FLT1'!$B$4:$B$340-2,1),8)*IF($Z10=\"Class_7\",INDEX('ER C7 FLT1'!$A$4:$J$340,MATCH($W10&$C10,'ER C7 FLT1'!$A$4:$A$340&'ER C7 FLT1'!$B$4:$B$340-2,1),9)),IF($Z10=\"Class_6\",INDEX('ER C6 FLT1'!$A$4:$J$340,MATCH($W10&$C10,'ER C6 FLT1'!$A$4:$A$340&'ER C6 FLT1'!$B$4:$B$340-2,1),8)*IF($Z10=\"Class_6\",INDEX('ER C6 FLT1'!$A$4:$J$340,MATCH($W10&$C10,'ER C6 FLT1'!$A$4:$A$340&'ER C6 FLT1'!$B$4:$B$340-2,1),9))))),IF($B10=\"3 Trucks\",IF($Z10=\"Class_8\",INDEX('ER C8 FLT3'!$A$4:$J$340,MATCH($W10&$C10,'ER C8 FLT3'!$A$4:$A$340&'ER C8 FLT3'!$B$4:$B$340-2,1),8)*IF($Z10=\"Class_8\",INDEX('ER C8 FLT3'!$A$4:$J$340,MATCH($W10&$C10,'ER C8 FLT3'!$A$4:$A$340&'ER C8 FLT3'!$B$4:$B$340-2,1),9)),IF($Z10=\"Class_7\",INDEX('ER C7 FLT3'!$A$4:$J$340,MATCH($W10&$C10,'ER C7 FLT3'!$A$4:$A$340&'ER C7 FLT3'!$B$4:$B$340-2,1),8)*IF($Z10=\"Class_7\",INDEX('ER C7 FLT3'!$A$4:$J$340,MATCH($W10&$C10,'ER C7 FLT3'!$A$4:$A$340&'ER C7 FLT3'!$B$4:$B$340-2,1),9)),IF($Z10=\"Class_6\",INDEX('ER C6 FLT1'!$A$4:$J$340,MATCH($W10&$C10,'ER C6 FLT1'!$A$4:$A$340&'ER C6 FLT1'!$B$4:$B$340-2,1),8)*IF($Z10=\"Class_6\",INDEX('ER C6 FLT1'!$A$4:$J$340,MATCH($W10&$C10,'ER C6 FLT1'!$A$4:$A$340&'ER C6 FLT1'!$B$4:$B$340-2,1),9)))))))))*IF($X10=\"Level 1 PM\",0.75,IF($X10=\"Level 2 PM\",0.5,IF($X10=\"Level 3 PM\",0,IF($X10=\"Level 3 PM + Mark I NOx\",0,1))))*($AC10/453.6)-IF(BL10=0,AX10,0)),0)","v":0},0,0,{"$f":"MAX((IF($B10=\"4+ Trucks\",IF($Z10=\"Class_8\",INDEX('ER C8 FLT4'!$A$4:$J$340,MATCH($W10&$C10,'ER C8 FLT4'!$A$4:$A$340&'ER C8 FLT4'!$B$4:$B$340-3,1),8)*IF($Z10=\"Class_8\",INDEX('ER C8 FLT4'!$A$4:$J$340,MATCH($W10&$C10,'ER C8 FLT4'!$A$4:$A$340&'ER C8 FLT4'!$B$4:$B$340-3,1),9)),IF($Z10=\"Class_7\",INDEX('ER C7 FLT4'!$A$4:$J$340,MATCH($W10&$C10,'ER C7 FLT4'!$A$4:$A$340&'ER C7 FLT4'!$B$4:$B$340-3,1),8)*IF($Z10=\"Class_7\",INDEX('ER C7 FLT4'!$A$4:$J$340,MATCH($W10&$C10,'ER C7 FLT4'!$A$4:$A$340&'ER C7 FLT4'!$B$4:$B$340-3,1),9)),IF($Z10=\"Class_6\",INDEX('ER C6 FLT4'!$A$4:$J$340,MATCH($W10&$C10,'ER C6 FLT4'!$A$4:$A$340&'ER C6 FLT4'!$B$4:$B$340-3,1),8)*IF($Z10=\"Class_6\",INDEX('ER C6 FLT4'!$A$4:$L$340,MATCH($W10&$C10,'ER C6 FLT4'!$A$4:$A$340&'ER C6 FLT4'!$B$4:$B$340-3,1),9))))),\nIF($B10=\"2 Trucks\",IF($Z10=\"Class_8\",INDEX('ER C8 FLT2'!$A$4:$J$340,MATCH($W10&$C10,'ER C8 FLT2'!$A$4:$A$340&'ER C8 FLT2'!$B$4:$B$340-3,1),8)*IF($Z10=\"Class_8\",INDEX('ER C8 FLT2'!$A$4:$J$340,MATCH($W10&$C10,'ER C8 FLT2'!$A$4:$A$340&'ER C8 FLT2'!$B$4:$B$340-3,1),9)),IF($Z10=\"Class_7\",INDEX('ER C7 FLT2'!$A$4:$J$340,MATCH($W10&$C10,'ER C7 FLT2'!$A$4:$A$340&'ER C7 FLT2'!$B$4:$B$340-3,1),8)*IF($Z10=\"Class_7\",INDEX('ER C7 FLT2'!$A$4:$J$340,MATCH($W10&$C10,'ER C7 FLT2'!$A$4:$A$340&'ER C7 FLT2'!$B$4:$B$340-3,1),9)),IF($Z10=\"Class_6\",INDEX('ER C6 FLT2'!$A$4:$J$340,MATCH($W10&$C10,'ER C6 FLT2'!$A$4:$A$340&'ER C6 FLT2'!$B$4:$B$340-3,1),8)*IF($Z10=\"Class_6\",INDEX('ER C6 FLT2'!$A$4:$J$340,MATCH($W10&$C10,'ER C6 FLT2'!$A$4:$A$340&'ER C6 FLT2'!$B$4:$B$340-3,1),9))))),\nIF($B10=\"1 Truck\",IF($Z10=\"Class_8\",INDEX('ER C8 FLT1'!$A$4:$J$340,MATCH($W10&$C10,'ER C8 FLT1'!$A$4:$A$340&'ER C8 FLT1'!$B$4:$B$340-3,1),8)*IF($Z10=\"Class_8\",INDEX('ER C8 FLT1'!$A$4:$J$340,MATCH($W10&$C10,'ER C8 FLT1'!$A$4:$A$340&'ER C8 FLT1'!$B$4:$B$340-3,1),9)),IF($Z10=\"Class_7\",INDEX('ER C7 FLT1'!$A$4:$J$340,MATCH($W10&$C10,'ER C7 FLT1'!$A$4:$A$340&'ER C7 FLT1'!$B$4:$B$340-3,1),8)*IF($Z10=\"Class_7\",INDEX('ER C7 FLT1'!$A$4:$J$340,MATCH($W10&$C10,'ER C7 FLT1'!$A$4:$A$340&'ER C7 FLT1'!$B$4:$B$340-3,1),9)),IF($Z10=\"Class_6\",INDEX('ER C6 FLT1'!$A$4:$J$340,MATCH($W10&$C10,'ER C6 FLT1'!$A$4:$A$340&'ER C6 FLT1'!$B$4:$B$340-3,1),8)*IF($Z10=\"Class_6\",INDEX('ER C6 FLT1'!$A$4:$J$340,MATCH($W10&$C10,'ER C6 FLT1'!$A$4:$A$340&'ER C6 FLT1'!$B$4:$B$340-3,1),9))))),IF($B10=\"3 Trucks\",IF($Z10=\"Class_8\",INDEX('ER C8 FLT3'!$A$4:$J$340,MATCH($W10&$C10,'ER C8 FLT3'!$A$4:$A$340&'ER C8 FLT3'!$B$4:$B$340-3,1),8)*IF($Z10=\"Class_8\",INDEX('ER C8 FLT3'!$A$4:$J$340,MATCH($W10&$C10,'ER C8 FLT3'!$A$4:$A$340&'ER C8 FLT3'!$B$4:$B$340-3,1),9)),IF($Z10=\"Class_7\",INDEX('ER C7 FLT3'!$A$4:$J$340,MATCH($W10&$C10,'ER C7 FLT3'!$A$4:$A$340&'ER C7 FLT3'!$B$4:$B$340-3,1),8)*IF($Z10=\"Class_7\",INDEX('ER C7 FLT3'!$A$4:$J$340,MATCH($W10&$C10,'ER C7 FLT3'!$A$4:$A$340&'ER C7 FLT3'!$B$4:$B$340-3,1),9)),IF($Z10=\"Class_6\",INDEX('ER C6 FLT3'!$A$4:$J$340,MATCH($W10&$C10,'ER C6 FLT3'!$A$4:$A$340&'ER C6 FLT3'!$B$4:$B$340-3,1),8)*IF($Z10=\"Class_6\",INDEX('ER C6 FLT3'!$A$4:$L$340,MATCH($W10&$C10,'ER C6 FLT3'!$A$4:$A$340&'ER C6 FLT3'!$B$4:$B$340-3,1),9)))))))))\n*IF($X10=\"Level 1 PM\",0.75,IF($X10=\"Level 2 PM\",0.5,IF($X10=\"Level 3 PM\",0,IF($X10=\"Level 3 PM + Mark I NOx\",0,1))))*($AC10/453.6)-IF(BO10=0,AY10,0)),0)","v":0},0,0,{"$f":"MAX((IF($B10=\"4+ Trucks\",IF($Z10=\"Class_8\",INDEX('ER C8 FLT4'!$A$4:$J$340,MATCH($W10&$C10,'ER C8 FLT4'!$A$4:$A$340&'ER C8 FLT4'!$B$4:$B$340-4,1),8)*IF($Z10=\"Class_8\",INDEX('ER C8 FLT4'!$A$4:$J$340,MATCH($W10&$C10,'ER C8 FLT4'!$A$4:$A$340&'ER C8 FLT4'!$B$4:$B$340-4,1),9)),IF($Z10=\"Class_7\",INDEX('ER C7 FLT4'!$A$4:$J$340,MATCH($W10&$C10,'ER C7 FLT4'!$A$4:$A$340&'ER C7 FLT4'!$B$4:$B$340-4,1),8)*IF($Z10=\"Class_7\",INDEX('ER C7 FLT4'!$A$4:$J$340,MATCH($W10&$C10,'ER C7 FLT4'!$A$4:$A$340&'ER C7 FLT4'!$B$4:$B$340-4,1),9)),IF($Z10=\"Class_6\",INDEX('ER C6 FLT4'!$A$4:$J$340,MATCH($W10&$C10,'ER C6 FLT4'!$A$4:$A$340&'ER C6 FLT4'!$B$4:$B$340-4,1),8)*IF($Z10=\"Class_6\",INDEX('ER C6 FLT4'!$A$4:$L$340,MATCH($W10&$C10,'ER C6 FLT4'!$A$4:$A$340&'ER C6 FLT4'!$B$4:$B$340-4,1),9))))),\nIF($B10=\"2 Trucks\",IF($Z10=\"Class_8\",INDEX('ER C8 FLT2'!$A$4:$J$340,MATCH($W10&$C10,'ER C8 FLT2'!$A$4:$A$340&'ER C8 FLT2'!$B$4:$B$340-4,1),8)*IF($Z10=\"Class_8\",INDEX('ER C8 FLT2'!$A$4:$J$340,MATCH($W10&$C10,'ER C8 FLT2'!$A$4:$A$340&'ER C8 FLT2'!$B$4:$B$340-4,1),9)),IF($Z10=\"Class_7\",INDEX('ER C7 FLT2'!$A$4:$J$340,MATCH($W10&$C10,'ER C7 FLT2'!$A$4:$A$340&'ER C7 FLT2'!$B$4:$B$340-4,1),8)*IF($Z10=\"Class_7\",INDEX('ER C7 FLT2'!$A$4:$J$340,MATCH($W10&$C10,'ER C7 FLT2'!$A$4:$A$340&'ER C7 FLT2'!$B$4:$B$340-4,1),9)),IF($Z10=\"Class_6\",INDEX('ER C6 FLT2'!$A$4:$J$340,MATCH($W10&$C10,'ER C6 FLT2'!$A$4:$A$340&'ER C6 FLT2'!$B$4:$B$340-4,1),8)*IF($Z10=\"Class_6\",INDEX('ER C6 FLT2'!$A$4:$J$340,MATCH($W10&$C10,'ER C6 FLT2'!$A$4:$A$340&'ER C6 FLT2'!$B$4:$B$340-4,1),9))))),\nIF($B10=\"1 Truck\",IF($Z10=\"Class_8\",INDEX('ER C8 FLT1'!$A$4:$J$340,MATCH($W10&$C10,'ER C8 FLT1'!$A$4:$A$340&'ER C8 FLT1'!$B$4:$B$340-4,1),8)*IF($Z10=\"Class_8\",INDEX('ER C8 FLT1'!$A$4:$J$340,MATCH($W10&$C10,'ER C8 FLT1'!$A$4:$A$340&'ER C8 FLT1'!$B$4:$B$340-4,1),9)),IF($Z10=\"Class_7\",INDEX('ER C7 FLT1'!$A$4:$J$340,MATCH($W10&$C10,'ER C7 FLT1'!$A$4:$A$340&'ER C7 FLT1'!$B$4:$B$340-4,1),8)*IF($Z10=\"Class_7\",INDEX('ER C7 FLT1'!$A$4:$J$340,MATCH($W10&$C10,'ER C7 FLT1'!$A$4:$A$340&'ER C7 FLT1'!$B$4:$B$340-4,1),9)),IF($Z10=\"Class_6\",INDEX('ER C6 FLT1'!$A$4:$J$340,MATCH($W10&$C10,'ER C6 FLT1'!$A$4:$A$340&'ER C6 FLT1'!$B$4:$B$340-4,1),8)*IF($Z10=\"Class_6\",INDEX('ER C6 FLT1'!$A$4:$J$340,MATCH($W10&$C10,'ER C6 FLT1'!$A$4:$A$340&'ER C6 FLT1'!$B$4:$B$340-4,1),9))))),IF($B10=\"3 Trucks\",IF($Z10=\"Class_8\",INDEX('ER C8 FLT3'!$A$4:$J$340,MATCH($W10&$C10,'ER C8 FLT3'!$A$4:$A$340&'ER C8 FLT3'!$B$4:$B$340-4,1),8)*IF($Z10=\"Class_8\",INDEX('ER C8 FLT3'!$A$4:$J$340,MATCH($W10&$C10,'ER C8 FLT3'!$A$4:$A$340&'ER C8 FLT3'!$B$4:$B$340-4,1),9)),IF($Z10=\"Class_7\",INDEX('ER C7 FLT3'!$A$4:$J$340,MATCH($W10&$C10,'ER C7 FLT3'!$A$4:$A$340&'ER C7 FLT3'!$B$4:$B$340-4,1),8)*IF($Z10=\"Class_7\",INDEX('ER C7 FLT3'!$A$4:$J$340,MATCH($W10&$C10,'ER C7 FLT3'!$A$4:$A$340&'ER C7 FLT3'!$B$4:$B$340-4,1),9)),IF($Z10=\"Class_6\",INDEX('ER C6 FLT3'!$A$4:$J$340,MATCH($W10&$C10,'ER C6 FLT3'!$A$4:$A$340&'ER C6 FLT3'!$B$4:$B$340-4,1),8)*IF($Z10=\"Class_6\",INDEX('ER C6 FLT3'!$A$4:$L$340,MATCH($W10&$C10,'ER C6 FLT3'!$A$4:$A$340&'ER C6 FLT3'!$B$4:$B$340-4,1),9)))))))))\n*IF($X10=\"Level 1 PM\",0.75,IF($X10=\"Level 2 PM\",0.5,IF($X10=\"Level 3 PM\",0,IF($X10=\"Level 3 PM + Mark I NOx\",0,1))))*($AC10/453.6)-IF(BR10=0,AZ10,0)),0)","v":0},{"$f":"MAX(0,BR10+BS10)","v":0},{"$f":"(MAX(0,BH10+BK10+BN10+BQ10+BT10))","v":0},{"$f":"IF($B10=\"4+ Trucks\",IF(OR($H10=\"Class_8\",$N10=\"Replacement8HHD\",$AH10=\"CL7HHD\",$AJ10=\"CL7to8\"),INDEX('ER C8 FLT4'!$A$4:$J$340,MATCH($E10&$C10,'ER C8 FLT4'!$A$4:$A$340&'ER C8 FLT4'!$B$4:$B$340,1),5)*IF(OR($H10=\"Class_8\",$N10=\"Replacement8HHD\",$AH10=\"CL7HHD\",$AJ10=\"CL7to8\"),INDEX('ER C8 FLT4'!$A$4:$J$340,MATCH($E10&$C10,'ER C8 FLT4'!$A$4:$A$340&'ER C8 FLT4'!$B$4:$B$340,1),7)),IF($H10=\"Class_7\",INDEX('ER C7 FLT4'!$A$4:$J$340,MATCH($E10&$C10,'ER C7 FLT4'!$A$4:$A$340&'ER C7 FLT4'!$B$4:$B$340,1),5)*IF($H10=\"Class_7\",INDEX('ER C7 FLT4'!$A$4:$J$340,MATCH($E10&$C10,'ER C7 FLT4'!$A$4:$A$340&'ER C7 FLT4'!$B$4:$B$340,1),7)),\nIF($H10=\"Class_6\",INDEX('ER C6 FLT4'!$A$4:$J$340,MATCH($E10&$C10,'ER C6 FLT4'!$A$4:$A$340&'ER C6 FLT4'!$B$4:$B$340,1),5)*IF($H10=\"Class_6\",INDEX('ER C6 FLT4'!$A$4:$L$340,MATCH($E10&$C10,'ER C6 FLT4'!$A$4:$A$340&'ER C6 FLT4'!$B$4:$B$340,1),7))))),\nIF($B10=\"3 Trucks\",IF(OR($H10=\"Class_8\",$N10=\"Replacement8HHD\",$AH10=\"CL7HHD\",$AJ10=\"CL7to8\"),INDEX('ER C8 FLT3'!$A$4:$J$340,MATCH($E10&$C10,'ER C8 FLT3'!$A$4:$A$340&'ER C8 FLT3'!$B$4:$B$340,1),5)*IF(OR($H10=\"Class_8\",$N10=\"Replacement8HHD\",$AH10=\"CL7HHD\",$AJ10=\"CL7to8\"),INDEX('ER C8 FLT3'!$A$4:$J$340,MATCH($E10&$C10,'ER C8 FLT3'!$A$4:$A$340&'ER C8 FLT3'!$B$4:$B$340,1),7)),IF($H10=\"Class_7\",INDEX('ER C7 FLT3'!$A$4:$J$340,MATCH($E10&$C10,'ER C7 FLT3'!$A$4:$A$340&'ER C7 FLT3'!$B$4:$B$340,1),5)*IF($H10=\"Class_7\",INDEX('ER C7 FLT3'!$A$4:$J$340,MATCH($E10&$C10,'ER C7 FLT3'!$A$4:$A$340&'ER C7 FLT3'!$B$4:$B$340,1),7)),\nIF($H10=\"Class_6\",INDEX('ER C6 FLT3'!$A$4:$J$340,MATCH($E10&$C10,'ER C6 FLT3'!$A$4:$A$340&'ER C6 FLT3'!$B$4:$B$340,1),5)*IF($H10=\"Class_6\",INDEX('ER C6 FLT3'!$A$4:$L$340,MATCH($E10&$C10,'ER C6 FLT3'!$A$4:$A$340&'ER C6 FLT3'!$B$4:$B$340,1),7))))),\nIF($B10=\"2 Trucks\",IF(OR($H10=\"Class_8\",$N10=\"Replacement8HHD\",$AH10=\"CL7HHD\",$AJ10=\"CL7to8\"),INDEX('ER C8 FLT2'!$A$4:$J$340,MATCH($E10&$C10,'ER C8 FLT2'!$A$4:$A$340&'ER C8 FLT2'!$B$4:$B$340,1),5)*IF(OR($H10=\"Class_8\",$N10=\"Replacement8HHD\",$AH10=\"CL7HHD\",$AJ10=\"CL7to8\"),INDEX('ER C8 FLT2'!$A$4:$J$340,MATCH($E10&$C10,'ER C8 FLT2'!$A$4:$A$340&'ER C8 FLT2'!$B$4:$B$340,1),7)),IF($H10=\"Class_7\",INDEX('ER C7 FLT2'!$A$4:$J$340,MATCH($E10&$C10,'ER C7 FLT2'!$A$4:$A$340&'ER C7 FLT2'!$B$4:$B$340,1),5)*IF($H10=\"Class_7\",INDEX('ER C7 FLT2'!$A$4:$J$340,MATCH($E10&$C10,'ER C7 FLT2'!$A$4:$A$340&'ER C7 FLT2'!$B$4:$B$340,1),7)),IF($H10=\"Class_6\",INDEX('ER C6 FLT2'!$A$4:$J$340,MATCH($E10&$C10,'ER C6 FLT2'!$A$4:$A$340&'ER C6 FLT2'!$B$4:$B$340,1),5)*IF($H10=\"Class_6\",INDEX('ER C6 FLT2'!$A$4:$J$340,MATCH($E10&$C10,'ER C6 FLT2'!$A$4:$A$340&'ER C6 FLT2'!$B$4:$B$340,1),7))))),IF($B10=\"1 Truck\",\nIF(OR($H10=\"Class_8\",$N10=\"Replacement8HHD\",$AH10=\"CL7HHD\",$AJ10=\"CL7to8\"),INDEX('ER C8 FLT1'!$A$4:$J$340,MATCH($E10&$C10,'ER C8 FLT1'!$A$4:$A$340&'ER C8 FLT1'!$B$4:$B$340,1),5)*IF(OR($H10=\"Class_8\",$N10=\"Replacement8HHD\",$AH10=\"CL7HHD\",$AJ10=\"CL7to8\"),INDEX('ER C8 FLT1'!$A$4:$J$340,MATCH($E10&$C10,'ER C8 FLT1'!$A$4:$A$340&'ER C8 FLT1'!$B$4:$B$340,1),7)),IF($H10=\"Class_7\",INDEX('ER C7 FLT1'!$A$4:$J$340,MATCH($E10&$C10,'ER C7 FLT1'!$A$4:$A$340&'ER C7 FLT1'!$B$4:$B$340,1),5)*IF($H10=\"Class_7\",INDEX('ER C7 FLT1'!$A$4:$J$340,MATCH($E10&$C10,'ER C7 FLT1'!$A$4:$A$340&'ER C7 FLT1'!$B$4:$B$340,1),7)),\nIF($H10=\"Class_6\",INDEX('ER C6 FLT1'!$A$4:$J$340,MATCH($E10&$C10,'ER C6 FLT1'!$A$4:$A$340&'ER C6 FLT1'!$B$4:$B$340,1),5)*IF($H10=\"Class_6\",INDEX('ER C6 FLT1'!$A$4:$J$340,MATCH($E10&$C10,'ER C6 FLT1'!$A$4:$A$340&'ER C6 FLT1'!$B$4:$B$340,1),7))))))))*IF($F10=\"Level 1 PM + Mark I NOx\",0.75,1))*($Q10/453.6)","v":0},{"$f":"IF($B10=\"4+ Trucks\",IF(OR($H10=\"Class_8\",$N10=\"Replacement8HHD\",$AH10=\"CL7HHD\",$AJ10=\"CL7to8\"),INDEX('ER C8 FLT4'!$A$4:$J$340,MATCH($E10&$C10,'ER C8 FLT4'!$A$4:$A$340&'ER C8 FLT4'!$B$4:$B$340-1,1),5)*IF(OR($H10=\"Class_8\",$N10=\"Replacement8HHD\",$AH10=\"CL7HHD\",$AJ10=\"CL7to8\"),INDEX('ER C8 FLT4'!$A$4:$J$340,MATCH($E10&$C10,'ER C8 FLT4'!$A$4:$A$340&'ER C8 FLT4'!$B$4:$B$340-1,1),7)),IF($H10=\"Class_7\",INDEX('ER C7 FLT4'!$A$4:$J$340,MATCH($E10&$C10,'ER C7 FLT4'!$A$4:$A$340&'ER C7 FLT4'!$B$4:$B$340-1,1),5)*IF($H10=\"Class_7\",INDEX('ER C7 FLT4'!$A$4:$J$340,MATCH($E10&$C10,'ER C7 FLT4'!$A$4:$A$340&'ER C7 FLT4'!$B$4:$B$340-1,1),7)),\nIF($H10=\"Class_6\",INDEX('ER C6 FLT4'!$A$4:$J$340,MATCH($E10&$C10,'ER C6 FLT4'!$A$4:$A$340&'ER C6 FLT4'!$B$4:$B$340-1,1),5)*IF($H10=\"Class_6\",INDEX('ER C6 FLT4'!$A$4:$L$340,MATCH($E10&$C10,'ER C6 FLT4'!$A$4:$A$340&'ER C6 FLT4'!$B$4:$B$340-1,1),7))))),IF($B10=\"3 Trucks\",IF(OR($H10=\"Class_8\",$N10=\"Replacement8HHD\",$AH10=\"CL7HHD\",$AJ10=\"CL7to8\"),INDEX('ER C8 FLT3'!$A$4:$J$340,MATCH($E10&$C10,'ER C8 FLT3'!$A$4:$A$340&'ER C8 FLT3'!$B$4:$B$340-1,1),5)*IF(OR($H10=\"Class_8\",$N10=\"Replacement8HHD\",$AH10=\"CL7HHD\",$AJ10=\"CL7to8\"),INDEX('ER C8 FLT3'!$A$4:$J$340,MATCH($E10&$C10,'ER C8 FLT3'!$A$4:$A$340&'ER C8 FLT3'!$B$4:$B$340-1,1),7)),IF($H10=\"Class_7\",INDEX('ER C7 FLT3'!$A$4:$J$340,MATCH($E10&$C10,'ER C7 FLT3'!$A$4:$A$340&'ER C7 FLT3'!$B$4:$B$340-1,1),5)*IF($H10=\"Class_7\",INDEX('ER C7 FLT3'!$A$4:$J$340,MATCH($E10&$C10,'ER C7 FLT3'!$A$4:$A$340&'ER C7 FLT3'!$B$4:$B$340-1,1),7)),\nIF($H10=\"Class_6\",INDEX('ER C6 FLT3'!$A$4:$J$340,MATCH($E10&$C10,'ER C6 FLT3'!$A$4:$A$340&'ER C6 FLT3'!$B$4:$B$340-1,1),5)*IF($H10=\"Class_6\",INDEX('ER C6 FLT3'!$A$4:$L$340,MATCH($E10&$C10,'ER C6 FLT3'!$A$4:$A$340&'ER C6 FLT3'!$B$4:$B$340-1,1),7))))),IF($B10=\"2 Trucks\",IF(OR($H10=\"Class_8\",$N10=\"Replacement8HHD\",$AH10=\"CL7HHD\",$AJ10=\"CL7to8\"),INDEX('ER C8 FLT2'!$A$4:$J$340,MATCH($E10&$C10,'ER C8 FLT2'!$A$4:$A$340&'ER C8 FLT2'!$B$4:$B$340-1,1),5)*IF(OR($H10=\"Class_8\",$N10=\"Replacement8HHD\",$AH10=\"CL7HHD\",$AJ10=\"CL7to8\"),INDEX('ER C8 FLT2'!$A$4:$J$340,MATCH($E10&$C10,'ER C8 FLT2'!$A$4:$A$340&'ER C8 FLT2'!$B$4:$B$340-1,1),7)),IF($H10=\"Class_7\",INDEX('ER C7 FLT2'!$A$4:$J$340,MATCH($E10&$C10,'ER C7 FLT2'!$A$4:$A$340&'ER C7 FLT2'!$B$4:$B$340-1,1),5)*IF($H10=\"Class_7\",INDEX('ER C7 FLT2'!$A$4:$J$340,MATCH($E10&$C10,'ER C7 FLT2'!$A$4:$A$340&'ER C7 FLT2'!$B$4:$B$340-1,1),7)),IF($H10=\"Class_6\",INDEX('ER C6 FLT2'!$A$4:$J$340,MATCH($E10&$C10,'ER C6 FLT2'!$A$4:$A$340&'ER C6 FLT2'!$B$4:$B$340-1,1),5)*IF($H10=\"Class_6\",INDEX('ER C6 FLT2'!$A$4:$J$340,MATCH($E10&$C10,'ER C6 FLT2'!$A$4:$A$340&'ER C6 FLT2'!$B$4:$B$340-1,1),7))))),IF($B10=\"1 Truck\",\nIF(OR($H10=\"Class_8\",$N10=\"Replacement8HHD\",$AH10=\"CL7HHD\",$AJ10=\"CL7to8\"),INDEX('ER C8 FLT1'!$A$4:$J$340,MATCH($E10&$C10,'ER C8 FLT1'!$A$4:$A$340&'ER C8 FLT1'!$B$4:$B$340-1,1),5)*IF(OR($H10=\"Class_8\",$N10=\"Replacement8HHD\",$AH10=\"CL7HHD\",$AJ10=\"CL7to8\"),INDEX('ER C8 FLT1'!$A$4:$J$340,MATCH($E10&$C10,'ER C8 FLT1'!$A$4:$A$340&'ER C8 FLT1'!$B$4:$B$340-1,1),7)),IF($H10=\"Class_7\",INDEX('ER C7 FLT1'!$A$4:$J$340,MATCH($E10&$C10,'ER C7 FLT1'!$A$4:$A$340&'ER C7 FLT1'!$B$4:$B$340-1,1),5)*IF($H10=\"Class_7\",INDEX('ER C7 FLT1'!$A$4:$J$340,MATCH($E10&$C10,'ER C7 FLT1'!$A$4:$A$340&'ER C7 FLT1'!$B$4:$B$340-1,1),7)),\nIF($H10=\"Class_6\",INDEX('ER C6 FLT1'!$A$4:$J$340,MATCH($E10&$C10,'ER C6 FLT1'!$A$4:$A$340&'ER C6 FLT1'!$B$4:$B$340-1,1),5)*IF($H10=\"Class_6\",INDEX('ER C6 FLT1'!$A$4:$J$340,MATCH($E10&$C10,'ER C6 FLT1'!$A$4:$A$340&'ER C6 FLT1'!$B$4:$B$340-1,1),7))))))))*IF($F10=\"Level 1 PM + Mark I NOx\",0.75,1))*($Q10/453.6)","v":0},{"$f":"IF($B10=\"4+ Trucks\",IF(OR($H10=\"Class_8\",$N10=\"Replacement8HHD\",$AH10=\"CL7HHD\",$AJ10=\"CL7to8\"),INDEX('ER C8 FLT4'!$A$4:$J$340,MATCH($E10&$C10,'ER C8 FLT4'!$A$4:$A$340&'ER C8 FLT4'!$B$4:$B$340-2,1),5)*IF(OR($H10=\"Class_8\",$N10=\"Replacement8HHD\",$AH10=\"CL7HHD\",$AJ10=\"CL7to8\"),INDEX('ER C8 FLT4'!$A$4:$J$340,MATCH($E10&$C10,'ER C8 FLT4'!$A$4:$A$340&'ER C8 FLT4'!$B$4:$B$340-2,1),7)),IF($H10=\"Class_7\",INDEX('ER C7 FLT4'!$A$4:$J$340,MATCH($E10&$C10,'ER C7 FLT4'!$A$4:$A$340&'ER C7 FLT4'!$B$4:$B$340-2,1),5)*IF($H10=\"Class_7\",INDEX('ER C7 FLT4'!$A$4:$J$340,MATCH($E10&$C10,'ER C7 FLT4'!$A$4:$A$340&'ER C7 FLT4'!$B$4:$B$340-2,1),7)),\nIF($H10=\"Class_6\",INDEX('ER C6 FLT4'!$A$4:$J$340,MATCH($E10&$C10,'ER C6 FLT4'!$A$4:$A$340&'ER C6 FLT4'!$B$4:$B$340-2,1),5)*IF($H10=\"Class_6\",INDEX('ER C6 FLT4'!$A$4:$L$340,MATCH($E10&$C10,'ER C6 FLT4'!$A$4:$A$340&'ER C6 FLT4'!$B$4:$B$340-2,1),7))))),IF($B10=\"3 Trucks\",IF(OR($H10=\"Class_8\",$N10=\"Replacement8HHD\",$AH10=\"CL7HHD\",$AJ10=\"CL7to8\"),INDEX('ER C8 FLT3'!$A$4:$J$340,MATCH($E10&$C10,'ER C8 FLT3'!$A$4:$A$340&'ER C8 FLT3'!$B$4:$B$340-2,1),5)*IF(OR($H10=\"Class_8\",$N10=\"Replacement8HHD\",$AH10=\"CL7HHD\",$AJ10=\"CL7to8\"),INDEX('ER C8 FLT3'!$A$4:$J$340,MATCH($E10&$C10,'ER C8 FLT3'!$A$4:$A$340&'ER C8 FLT3'!$B$4:$B$340-2,1),7)),IF($H10=\"Class_7\",INDEX('ER C7 FLT3'!$A$4:$J$340,MATCH($E10&$C10,'ER C7 FLT3'!$A$4:$A$340&'ER C7 FLT3'!$B$4:$B$340-2,1),5)*IF($H10=\"Class_7\",INDEX('ER C7 FLT3'!$A$4:$J$340,MATCH($E10&$C10,'ER C7 FLT3'!$A$4:$A$340&'ER C7 FLT3'!$B$4:$B$340-2,1),7)),\nIF($H10=\"Class_6\",INDEX('ER C6 FLT3'!$A$4:$J$340,MATCH($E10&$C10,'ER C6 FLT3'!$A$4:$A$340&'ER C6 FLT3'!$B$4:$B$340-2,1),5)*IF($H10=\"Class_6\",INDEX('ER C6 FLT3'!$A$4:$L$340,MATCH($E10&$C10,'ER C6 FLT3'!$A$4:$A$340&'ER C6 FLT3'!$B$4:$B$340-2,1),7))))),IF($B10=\"2 Trucks\",IF(OR($H10=\"Class_8\",$N10=\"Replacement8HHD\",$AH10=\"CL7HHD\",$AJ10=\"CL7to8\"),INDEX('ER C8 FLT2'!$A$4:$J$340,MATCH($E10&$C10,'ER C8 FLT2'!$A$4:$A$340&'ER C8 FLT2'!$B$4:$B$340-2,1),5)*IF(OR($H10=\"Class_8\",$N10=\"Replacement8HHD\",$AH10=\"CL7HHD\",$AJ10=\"CL7to8\"),INDEX('ER C8 FLT2'!$A$4:$J$340,MATCH($E10&$C10,'ER C8 FLT2'!$A$4:$A$340&'ER C8 FLT2'!$B$4:$B$340-2,1),7)),IF($H10=\"Class_7\",INDEX('ER C7 FLT2'!$A$4:$J$340,MATCH($E10&$C10,'ER C7 FLT2'!$A$4:$A$340&'ER C7 FLT2'!$B$4:$B$340-2,1),5)*IF($H10=\"Class_7\",INDEX('ER C7 FLT2'!$A$4:$J$340,MATCH($E10&$C10,'ER C7 FLT2'!$A$4:$A$340&'ER C7 FLT2'!$B$4:$B$340-2,1),7)),IF($H10=\"Class_6\",INDEX('ER C6 FLT2'!$A$4:$J$340,MATCH($E10&$C10,'ER C6 FLT2'!$A$4:$A$340&'ER C6 FLT2'!$B$4:$B$340-2,1),5)*IF($H10=\"Class_6\",INDEX('ER C6 FLT2'!$A$4:$J$340,MATCH($E10&$C10,'ER C6 FLT2'!$A$4:$A$340&'ER C6 FLT2'!$B$4:$B$340-2,1),7))))),IF($B10=\"1 Truck\",\nIF(OR($H10=\"Class_8\",$N10=\"Replacement8HHD\",$AH10=\"CL7HHD\",$AJ10=\"CL7to8\"),INDEX('ER C8 FLT1'!$A$4:$J$340,MATCH($E10&$C10,'ER C8 FLT1'!$A$4:$A$340&'ER C8 FLT1'!$B$4:$B$340-2,1),5)*IF(OR($H10=\"Class_8\",$N10=\"Replacement8HHD\",$AH10=\"CL7HHD\",$AJ10=\"CL7to8\"),INDEX('ER C8 FLT1'!$A$4:$J$340,MATCH($E10&$C10,'ER C8 FLT1'!$A$4:$A$340&'ER C8 FLT1'!$B$4:$B$340-2,1),7)),IF($H10=\"Class_7\",INDEX('ER C7 FLT1'!$A$4:$J$340,MATCH($E10&$C10,'ER C7 FLT1'!$A$4:$A$340&'ER C7 FLT1'!$B$4:$B$340-2,1),5)*IF($H10=\"Class_7\",INDEX('ER C7 FLT1'!$A$4:$J$340,MATCH($E10&$C10,'ER C7 FLT1'!$A$4:$A$340&'ER C7 FLT1'!$B$4:$B$340-2,1),7)),\nIF($H10=\"Class_6\",INDEX('ER C6 FLT1'!$A$4:$J$340,MATCH($E10&$C10,'ER C6 FLT1'!$A$4:$A$340&'ER C6 FLT1'!$B$4:$B$340-2,1),5)*IF($H10=\"Class_6\",INDEX('ER C6 FLT1'!$A$4:$J$340,MATCH($E10&$C10,'ER C6 FLT1'!$A$4:$A$340&'ER C6 FLT1'!$B$4:$B$340-2,1),7))))))))*IF($F10=\"Level 1 PM + Mark I NOx\",0.75,1))*($Q10/453.6)","v":0},{"$f":"IF($B10=\"4+ Trucks\",IF(OR($H10=\"Class_8\",$N10=\"Replacement8HHD\",$AH10=\"CL7HHD\",$AJ10=\"CL7to8\"),INDEX('ER C8 FLT4'!$A$4:$J$340,MATCH($E10&$C10,'ER C8 FLT4'!$A$4:$A$340&'ER C8 FLT4'!$B$4:$B$340-3,1),5)*IF(OR($H10=\"Class_8\",$N10=\"Replacement8HHD\",$AH10=\"CL7HHD\",$AJ10=\"CL7to8\"),INDEX('ER C8 FLT4'!$A$4:$J$340,MATCH($E10&$C10,'ER C8 FLT4'!$A$4:$A$340&'ER C8 FLT4'!$B$4:$B$340-3,1),7)),IF($H10=\"Class_7\",INDEX('ER C7 FLT4'!$A$4:$J$340,MATCH($E10&$C10,'ER C7 FLT4'!$A$4:$A$340&'ER C7 FLT4'!$B$4:$B$340-3,1),5)*IF($H10=\"Class_7\",INDEX('ER C7 FLT4'!$A$4:$J$340,MATCH($E10&$C10,'ER C7 FLT4'!$A$4:$A$340&'ER C7 FLT4'!$B$4:$B$340-3,1),7)),\nIF($H10=\"Class_6\",INDEX('ER C6 FLT4'!$A$4:$J$340,MATCH($E10&$C10,'ER C6 FLT4'!$A$4:$A$340&'ER C6 FLT4'!$B$4:$B$340-3,1),5)*IF($H10=\"Class_6\",INDEX('ER C6 FLT4'!$A$4:$L$340,MATCH($E10&$C10,'ER C6 FLT4'!$A$4:$A$340&'ER C6 FLT4'!$B$4:$B$340-3,1),7))))),IF($B10=\"3 Trucks\",IF(OR($H10=\"Class_8\",$N10=\"Replacement8HHD\",$AH10=\"CL7HHD\",$AJ10=\"CL7to8\"),INDEX('ER C8 FLT3'!$A$4:$J$340,MATCH($E10&$C10,'ER C8 FLT3'!$A$4:$A$340&'ER C8 FLT3'!$B$4:$B$340-3,1),5)*IF(OR($H10=\"Class_8\",$N10=\"Replacement8HHD\",$AH10=\"CL7HHD\",$AJ10=\"CL7to8\"),INDEX('ER C8 FLT3'!$A$4:$J$340,MATCH($E10&$C10,'ER C8 FLT3'!$A$4:$A$340&'ER C8 FLT3'!$B$4:$B$340-3,1),7)),IF($H10=\"Class_7\",INDEX('ER C7 FLT3'!$A$4:$J$340,MATCH($E10&$C10,'ER C7 FLT3'!$A$4:$A$340&'ER C7 FLT3'!$B$4:$B$340-3,1),5)*IF($H10=\"Class_7\",INDEX('ER C7 FLT3'!$A$4:$J$340,MATCH($E10&$C10,'ER C7 FLT3'!$A$4:$A$340&'ER C7 FLT3'!$B$4:$B$340-3,1),7)),\nIF($H10=\"Class_6\",INDEX('ER C6 FLT3'!$A$4:$J$340,MATCH($E10&$C10,'ER C6 FLT3'!$A$4:$A$340&'ER C6 FLT3'!$B$4:$B$340-3,1),5)*IF($H10=\"Class_6\",INDEX('ER C6 FLT3'!$A$4:$L$340,MATCH($E10&$C10,'ER C6 FLT3'!$A$4:$A$340&'ER C6 FLT3'!$B$4:$B$340-3,1),7))))),IF($B10=\"2 Trucks\",IF(OR($H10=\"Class_8\",$N10=\"Replacement8HHD\",$AH10=\"CL7HHD\",$AJ10=\"CL7to8\"),INDEX('ER C8 FLT2'!$A$4:$J$340,MATCH($E10&$C10,'ER C8 FLT2'!$A$4:$A$340&'ER C8 FLT2'!$B$4:$B$340-3,1),5)*IF(OR($H10=\"Class_8\",$N10=\"Replacement8HHD\",$AH10=\"CL7HHD\",$AJ10=\"CL7to8\"),INDEX('ER C8 FLT2'!$A$4:$J$340,MATCH($E10&$C10,'ER C8 FLT2'!$A$4:$A$340&'ER C8 FLT2'!$B$4:$B$340-3,1),7)),IF($H10=\"Class_7\",INDEX('ER C7 FLT2'!$A$4:$J$340,MATCH($E10&$C10,'ER C7 FLT2'!$A$4:$A$340&'ER C7 FLT2'!$B$4:$B$340-3,1),5)*IF($H10=\"Class_7\",INDEX('ER C7 FLT2'!$A$4:$J$340,MATCH($E10&$C10,'ER C7 FLT2'!$A$4:$A$340&'ER C7 FLT2'!$B$4:$B$340-3,1),7)),IF($H10=\"Class_6\",INDEX('ER C6 FLT2'!$A$4:$J$340,MATCH($E10&$C10,'ER C6 FLT2'!$A$4:$A$340&'ER C6 FLT2'!$B$4:$B$340-3,1),5)*IF($H10=\"Class_6\",INDEX('ER C6 FLT2'!$A$4:$J$340,MATCH($E10&$C10,'ER C6 FLT2'!$A$4:$A$340&'ER C6 FLT2'!$B$4:$B$340-3,1),7))))),IF($B10=\"1 Truck\",\nIF(OR($H10=\"Class_8\",$N10=\"Replacement8HHD\",$AH10=\"CL7HHD\",$AJ10=\"CL7to8\"),INDEX('ER C8 FLT1'!$A$4:$J$340,MATCH($E10&$C10,'ER C8 FLT1'!$A$4:$A$340&'ER C8 FLT1'!$B$4:$B$340-3,1),5)*IF(OR($H10=\"Class_8\",$N10=\"Replacement8HHD\",$AH10=\"CL7HHD\",$AJ10=\"CL7to8\"),INDEX('ER C8 FLT1'!$A$4:$J$340,MATCH($E10&$C10,'ER C8 FLT1'!$A$4:$A$340&'ER C8 FLT1'!$B$4:$B$340-3,1),7)),IF($H10=\"Class_7\",INDEX('ER C7 FLT1'!$A$4:$J$340,MATCH($E10&$C10,'ER C7 FLT1'!$A$4:$A$340&'ER C7 FLT1'!$B$4:$B$340-3,1),5)*IF($H10=\"Class_7\",INDEX('ER C7 FLT1'!$A$4:$J$340,MATCH($E10&$C10,'ER C7 FLT1'!$A$4:$A$340&'ER C7 FLT1'!$B$4:$B$340-3,1),7)),\nIF($H10=\"Class_6\",INDEX('ER C6 FLT1'!$A$4:$J$340,MATCH($E10&$C10,'ER C6 FLT1'!$A$4:$A$340&'ER C6 FLT1'!$B$4:$B$340-3,1),5)*IF($H10=\"Class_6\",INDEX('ER C6 FLT1'!$A$4:$J$340,MATCH($E10&$C10,'ER C6 FLT1'!$A$4:$A$340&'ER C6 FLT1'!$B$4:$B$340-3,1),7))))))))*IF($F10=\"Level 1 PM + Mark I NOx\",0.75,1))*($Q10/453.6)","v":0},{"$f":"IF($B10=\"4+ Trucks\",IF(OR($H10=\"Class_8\",$N10=\"Replacement8HHD\",$AH10=\"CL7HHD\",$AJ10=\"CL7to8\"),INDEX('ER C8 FLT4'!$A$4:$J$340,MATCH($E10&$C10,'ER C8 FLT4'!$A$4:$A$340&'ER C8 FLT4'!$B$4:$B$340-4,1),5)*IF(OR($H10=\"Class_8\",$N10=\"Replacement8HHD\",$AH10=\"CL7HHD\",$AJ10=\"CL7to8\"),INDEX('ER C8 FLT4'!$A$4:$J$340,MATCH($E10&$C10,'ER C8 FLT4'!$A$4:$A$340&'ER C8 FLT4'!$B$4:$B$340-4,1),7)),IF($H10=\"Class_7\",INDEX('ER C7 FLT4'!$A$4:$J$340,MATCH($E10&$C10,'ER C7 FLT4'!$A$4:$A$340&'ER C7 FLT4'!$B$4:$B$340-4,1),5)*IF($H10=\"Class_7\",INDEX('ER C7 FLT4'!$A$4:$J$340,MATCH($E10&$C10,'ER C7 FLT4'!$A$4:$A$340&'ER C7 FLT4'!$B$4:$B$340-4,1),7)),\nIF($H10=\"Class_6\",INDEX('ER C6 FLT4'!$A$4:$J$340,MATCH($E10&$C10,'ER C6 FLT4'!$A$4:$A$340&'ER C6 FLT4'!$B$4:$B$340-4,1),5)*IF($H10=\"Class_6\",INDEX('ER C6 FLT4'!$A$4:$L$340,MATCH($E10&$C10,'ER C6 FLT4'!$A$4:$A$340&'ER C6 FLT4'!$B$4:$B$340-4,1),7))))),IF($B10=\"3 Trucks\",IF(OR($H10=\"Class_8\",$N10=\"Replacement8HHD\",$AH10=\"CL7HHD\",$AJ10=\"CL7to8\"),INDEX('ER C8 FLT3'!$A$4:$J$340,MATCH($E10&$C10,'ER C8 FLT3'!$A$4:$A$340&'ER C8 FLT3'!$B$4:$B$340-4,1),5)*IF(OR($H10=\"Class_8\",$N10=\"Replacement8HHD\",$AH10=\"CL7HHD\",$AJ10=\"CL7to8\"),INDEX('ER C8 FLT3'!$A$4:$J$340,MATCH($E10&$C10,'ER C8 FLT3'!$A$4:$A$340&'ER C8 FLT3'!$B$4:$B$340-4,1),7)),IF($H10=\"Class_7\",INDEX('ER C7 FLT3'!$A$4:$J$340,MATCH($E10&$C10,'ER C7 FLT3'!$A$4:$A$340&'ER C7 FLT3'!$B$4:$B$340-4,1),5)*IF($H10=\"Class_7\",INDEX('ER C7 FLT3'!$A$4:$J$340,MATCH($E10&$C10,'ER C7 FLT3'!$A$4:$A$340&'ER C7 FLT3'!$B$4:$B$340-4,1),7)),\nIF($H10=\"Class_6\",INDEX('ER C6 FLT3'!$A$4:$J$340,MATCH($E10&$C10,'ER C6 FLT3'!$A$4:$A$340&'ER C6 FLT3'!$B$4:$B$340-4,1),5)*IF($H10=\"Class_6\",INDEX('ER C6 FLT3'!$A$4:$L$340,MATCH($E10&$C10,'ER C6 FLT3'!$A$4:$A$340&'ER C6 FLT3'!$B$4:$B$340-4,1),7))))),IF($B10=\"2 Trucks\",IF(OR($H10=\"Class_8\",$N10=\"Replacement8HHD\",$AH10=\"CL7HHD\",$AJ10=\"CL7to8\"),INDEX('ER C8 FLT2'!$A$4:$J$340,MATCH($E10&$C10,'ER C8 FLT2'!$A$4:$A$340&'ER C8 FLT2'!$B$4:$B$340-4,1),5)*IF(OR($H10=\"Class_8\",$N10=\"Replacement8HHD\",$AH10=\"CL7HHD\",$AJ10=\"CL7to8\"),INDEX('ER C8 FLT2'!$A$4:$J$340,MATCH($E10&$C10,'ER C8 FLT2'!$A$4:$A$340&'ER C8 FLT2'!$B$4:$B$340-4,1),7)),IF($H10=\"Class_7\",INDEX('ER C7 FLT2'!$A$4:$J$340,MATCH($E10&$C10,'ER C7 FLT2'!$A$4:$A$340&'ER C7 FLT2'!$B$4:$B$340-4,1),5)*IF($H10=\"Class_7\",INDEX('ER C7 FLT2'!$A$4:$J$340,MATCH($E10&$C10,'ER C7 FLT2'!$A$4:$A$340&'ER C7 FLT2'!$B$4:$B$340-4,1),7)),IF($H10=\"Class_6\",INDEX('ER C6 FLT2'!$A$4:$J$340,MATCH($E10&$C10,'ER C6 FLT2'!$A$4:$A$340&'ER C6 FLT2'!$B$4:$B$340-4,1),5)*IF($H10=\"Class_6\",INDEX('ER C6 FLT2'!$A$4:$J$340,MATCH($E10&$C10,'ER C6 FLT2'!$A$4:$A$340&'ER C6 FLT2'!$B$4:$B$340-4,1),7))))),IF($B10=\"1 Truck\",\nIF(OR($H10=\"Class_8\",$N10=\"Replacement8HHD\",$AH10=\"CL7HHD\",$AJ10=\"CL7to8\"),INDEX('ER C8 FLT1'!$A$4:$J$340,MATCH($E10&$C10,'ER C8 FLT1'!$A$4:$A$340&'ER C8 FLT1'!$B$4:$B$340-4,1),5)*IF(OR($H10=\"Class_8\",$N10=\"Replacement8HHD\",$AH10=\"CL7HHD\",$AJ10=\"CL7to8\"),INDEX('ER C8 FLT1'!$A$4:$J$340,MATCH($E10&$C10,'ER C8 FLT1'!$A$4:$A$340&'ER C8 FLT1'!$B$4:$B$340-4,1),7)),IF($H10=\"Class_7\",INDEX('ER C7 FLT1'!$A$4:$J$340,MATCH($E10&$C10,'ER C7 FLT1'!$A$4:$A$340&'ER C7 FLT1'!$B$4:$B$340-4,1),5)*IF($H10=\"Class_7\",INDEX('ER C7 FLT1'!$A$4:$J$340,MATCH($E10&$C10,'ER C7 FLT1'!$A$4:$A$340&'ER C7 FLT1'!$B$4:$B$340-4,1),7)),\nIF($H10=\"Class_6\",INDEX('ER C6 FLT1'!$A$4:$J$340,MATCH($E10&$C10,'ER C6 FLT1'!$A$4:$A$340&'ER C6 FLT1'!$B$4:$B$340-4,1),5)*IF($H10=\"Class_6\",INDEX('ER C6 FLT1'!$A$4:$J$340,MATCH($E10&$C10,'ER C6 FLT1'!$A$4:$A$340&'ER C6 FLT1'!$B$4:$B$340-4,1),7))))))))*IF($F10=\"Level 1 PM + Mark I NOx\",0.75,1))*($Q10/453.6)","v":0},{"$f":"IF($B10=\"4+ Trucks\",IF(OR($H10=\"Class_8\",$N10=\"Replacement8HHD\",$AH10=\"CL7HHD\",$AJ10=\"CL7to8\"),INDEX('ER C8 FLT4'!$A$4:$J$340,MATCH($E10&$C10,'ER C8 FLT4'!$A$4:$A$340&'ER C8 FLT4'!$B$4:$B$340,1),5),IF($H10=\"Class_7\",INDEX('ER C7 FLT4'!$A$4:$J$340,MATCH($E10&$C10,'ER C7 FLT4'!$A$4:$A$340&'ER C7 FLT4'!$B$4:$B$340,1),5),IF($H10=\"Class_6\",INDEX('ER C6 FLT4'!$A$4:$J$340,MATCH($E10&$C10,'ER C6 FLT4'!$A$4:$A$340&'ER C6 FLT4'!$B$4:$B$340,1),5)))),\nIF($B10=\"3 Trucks\",IF(OR($H10=\"Class_8\",$N10=\"Replacement8HHD\",$AH10=\"CL7HHD\",$AJ10=\"CL7to8\"),INDEX('ER C8 FLT3'!$A$4:$J$340,MATCH($E10&$C10,'ER C8 FLT3'!$A$4:$A$340&'ER C8 FLT3'!$B$4:$B$340,1),5),IF($H10=\"Class_7\",INDEX('ER C7 FLT3'!$A$4:$J$340,MATCH($E10&$C10,'ER C7 FLT3'!$A$4:$A$340&'ER C7 FLT3'!$B$4:$B$340,1),5),IF($H10=\"Class_6\",INDEX('ER C6 FLT3'!$A$4:$J$340,MATCH($E10&$C10,'ER C6 FLT3'!$A$4:$A$340&'ER C6 FLT3'!$B$4:$B$340,1),5)))),\nIF($B10=\"2 Trucks\",IF(OR($H10=\"Class_8\",$N10=\"Replacement8HHD\",$AH10=\"CL7HHD\",$AJ10=\"CL7to8\"),INDEX('ER C8 FLT2'!$A$4:$J$340,MATCH($E10&$C10,'ER C8 FLT2'!$A$4:$A$340&'ER C8 FLT2'!$B$4:$B$340,1),5),IF($H10=\"Class_7\",INDEX('ER C7 FLT2'!$A$4:$J$340,MATCH($E10&$C10,'ER C7 FLT2'!$A$4:$A$340&'ER C7 FLT2'!$B$4:$B$340,1),5),IF($H10=\"Class_6\",INDEX('ER C6 FLT2'!$A$4:$J$340,MATCH($E10&$C10,'ER C6 FLT2'!$A$4:$A$340&'ER C6 FLT2'!$B$4:$B$340,1),5)))),IF($B10=\"1 Truck\",IF(OR($H10=\"Class_8\",$N10=\"Replacement8HHD\",$AH10=\"CL7HHD\",$AJ10=\"CL7to8\"),INDEX('ER C8 FLT1'!$A$4:$J$340,MATCH($E10&$C10,'ER C8 FLT1'!$A$4:$A$340&'ER C8 FLT1'!$B$4:$B$340,1),5),IF($H10=\"Class_7\",INDEX('ER C7 FLT1'!$A$4:$J$340,MATCH($E10&$C10,'ER C7 FLT1'!$A$4:$A$340&'ER C7 FLT1'!$B$4:$B$340,1),5),IF($H10=\"Class_6\",INDEX('ER C6 FLT1'!$A$4:$J$340,MATCH($E10&$C10,'ER C6 FLT1'!$A$4:$A$340&'ER C6 FLT1'!$B$4:$B$340,1),5)))))))\n)","v":false},{"$f":"IF($B10=\"3 Trucks\",IF(OR($H10=\"Class_8\",$N10=\"Replacement8HHD\",$AH10=\"CL7HHD\",$AJ10=\"CL7to8\"),INDEX('ER C8 FLT3'!$A$4:$J$340,MATCH($E10&$C10,'ER C8 FLT3'!$A$4:$A$340&'ER C8 FLT3'!$B$4:$B$340-1,1),5),IF($H10=\"Class_7\",INDEX('ER C7 FLT3'!$A$4:$J$340,MATCH($E10&$C10,'ER C7 FLT3'!$A$4:$A$340&'ER C7 FLT3'!$B$4:$B$340-1,1),5),IF($H10=\"Class_6\",INDEX('ER C6 FLT3'!$A$4:$J$340,MATCH($E10&$C10,'ER C6 FLT3'!$A$4:$A$340&'ER C6 FLT3'!$B$4:$B$340-1,1),5)))),IF($B10=\"2 Trucks\",IF(OR($H10=\"Class_8\",$N10=\"Replacement8HHD\",$AH10=\"CL7HHD\",$AJ10=\"CL7to8\"),INDEX('ER C8 FLT2'!$A$4:$J$340,MATCH($E10&$C10,'ER C8 FLT2'!$A$4:$A$340&'ER C8 FLT2'!$B$4:$B$340-1,1),5),IF($H10=\"Class_7\",INDEX('ER C7 FLT2'!$A$4:$J$340,MATCH($E10&$C10,'ER C7 FLT2'!$A$4:$A$340&'ER C7 FLT2'!$B$4:$B$340-1,1),5),IF($H10=\"Class_6\",INDEX('ER C6 FLT2'!$A$4:$J$340,MATCH($E10&$C10,'ER C6 FLT2'!$A$4:$A$340&'ER C6 FLT2'!$B$4:$B$340-1,1),5)))),IF($B10=\"1 Truck\",IF(OR($H10=\"Class_8\",$N10=\"Replacement8HHD\",$AH10=\"CL7HHD\",$AJ10=\"CL7to8\"),INDEX('ER C8 FLT1'!$A$4:$J$340,MATCH($E10&$C10,'ER C8 FLT1'!$A$4:$A$340&'ER C8 FLT1'!$B$4:$B$340-1,1),5),IF($H10=\"Class_7\",INDEX('ER C7 FLT1'!$A$4:$J$340,MATCH($E10&$C10,'ER C7 FLT1'!$A$4:$A$340&'ER C7 FLT1'!$B$4:$B$340-1,1),5),IF($H10=\"Class_6\",INDEX('ER C6 FLT1'!$A$4:$J$340,MATCH($E10&$C10,'ER C6 FLT1'!$A$4:$A$340&'ER C6 FLT1'!$B$4:$B$340-1,1),5)))),IF($B10=\"4+ Trucks\",IF(OR($H10=\"Class_8\",$N10=\"Replacement8HHD\",$AH10=\"CL7HHD\",$AJ10=\"CL7to8\"),INDEX('ER C8 FLT4'!$A$4:$J$340,MATCH($E10&$C10,'ER C8 FLT4'!$A$4:$A$340&'ER C8 FLT4'!$B$4:$B$340-1,1),5),IF($H10=\"Class_7\",INDEX('ER C7 FLT4'!$A$4:$J$340,MATCH($E10&$C10,'ER C7 FLT4'!$A$4:$A$340&'ER C7 FLT4'!$B$4:$B$340-1,1),5),IF($H10=\"Class_6\",INDEX('ER C6 FLT4'!$A$4:$J$340,MATCH($E10&$C10,'ER C6 FLT4'!$A$4:$A$340&'ER C6 FLT4'!$B$4:$B$340-1,1),5))))))))","v":false},{"$f":"IF($B10=\"3 Trucks\",IF(OR($H10=\"Class_8\",$N10=\"Replacement8HHD\",$AH10=\"CL7HHD\",$AJ10=\"CL7to8\"),INDEX('ER C8 FLT3'!$A$4:$J$340,MATCH($E10&$C10,'ER C8 FLT3'!$A$4:$A$340&'ER C8 FLT3'!$B$4:$B$340-2,1),5),IF($H10=\"Class_7\",INDEX('ER C7 FLT3'!$A$4:$J$340,MATCH($E10&$C10,'ER C7 FLT3'!$A$4:$A$340&'ER C7 FLT3'!$B$4:$B$340-2,1),5),IF($H10=\"Class_6\",INDEX('ER C6 FLT3'!$A$4:$J$340,MATCH($E10&$C10,'ER C6 FLT3'!$A$4:$A$340&'ER C6 FLT3'!$B$4:$B$340-2,1),5)))),IF($B10=\"2 Trucks\",IF(OR($H10=\"Class_8\",$N10=\"Replacement8HHD\",$AH10=\"CL7HHD\",$AJ10=\"CL7to8\"),INDEX('ER C8 FLT2'!$A$4:$J$340,MATCH($E10&$C10,'ER C8 FLT2'!$A$4:$A$340&'ER C8 FLT2'!$B$4:$B$340-2,1),5),IF($H10=\"Class_7\",INDEX('ER C7 FLT2'!$A$4:$J$340,MATCH($E10&$C10,'ER C7 FLT2'!$A$4:$A$340&'ER C7 FLT2'!$B$4:$B$340-2,1),5),IF($H10=\"Class_6\",INDEX('ER C6 FLT2'!$A$4:$J$340,MATCH($E10&$C10,'ER C6 FLT2'!$A$4:$A$340&'ER C6 FLT2'!$B$4:$B$340-2,1),5)))),IF($B10=\"1 Truck\",IF(OR($H10=\"Class_8\",$N10=\"Replacement8HHD\",$AH10=\"CL7HHD\",$AJ10=\"CL7to8\"),INDEX('ER C8 FLT1'!$A$4:$J$340,MATCH($E10&$C10,'ER C8 FLT1'!$A$4:$A$340&'ER C8 FLT1'!$B$4:$B$340-2,1),5),IF($H10=\"Class_7\",INDEX('ER C7 FLT1'!$A$4:$J$340,MATCH($E10&$C10,'ER C7 FLT1'!$A$4:$A$340&'ER C7 FLT1'!$B$4:$B$340-2,1),5),IF($H10=\"Class_6\",INDEX('ER C6 FLT1'!$A$4:$J$340,MATCH($E10&$C10,'ER C6 FLT1'!$A$4:$A$340&'ER C6 FLT1'!$B$4:$B$340-2,1),5)))),IF($B10=\"4+ Trucks\",IF(OR($H10=\"Class_8\",$N10=\"Replacement8HHD\",$AH10=\"CL7HHD\",$AJ10=\"CL7to8\"),INDEX('ER C8 FLT4'!$A$4:$J$340,MATCH($E10&$C10,'ER C8 FLT4'!$A$4:$A$340&'ER C8 FLT4'!$B$4:$B$340-2,1),5),IF($H10=\"Class_7\",INDEX('ER C7 FLT4'!$A$4:$J$340,MATCH($E10&$C10,'ER C7 FLT4'!$A$4:$A$340&'ER C7 FLT4'!$B$4:$B$340-2,1),5),IF($H10=\"Class_6\",INDEX('ER C6 FLT4'!$A$4:$J$340,MATCH($E10&$C10,'ER C6 FLT4'!$A$4:$A$340&'ER C6 FLT4'!$B$4:$B$340-2,1),5))))))))","v":false},{"$f":"IF($B10=\"3 Trucks\",IF(OR($H10=\"Class_8\",$N10=\"Replacement8HHD\",$AH10=\"CL7HHD\",$AJ10=\"CL7to8\"),INDEX('ER C8 FLT3'!$A$4:$J$340,MATCH($E10&$C10,'ER C8 FLT3'!$A$4:$A$340&'ER C8 FLT3'!$B$4:$B$340-3,1),5),IF($H10=\"Class_7\",INDEX('ER C7 FLT3'!$A$4:$J$340,MATCH($E10&$C10,'ER C7 FLT3'!$A$4:$A$340&'ER C7 FLT3'!$B$4:$B$340-3,1),5),IF($H10=\"Class_6\",INDEX('ER C6 FLT3'!$A$4:$J$340,MATCH($E10&$C10,'ER C6 FLT3'!$A$4:$A$340&'ER C6 FLT3'!$B$4:$B$340-3,1),5)))),IF($B10=\"2 Trucks\",IF(OR($H10=\"Class_8\",$N10=\"Replacement8HHD\",$AH10=\"CL7HHD\",$AJ10=\"CL7to8\"),INDEX('ER C8 FLT2'!$A$4:$J$340,MATCH($E10&$C10,'ER C8 FLT2'!$A$4:$A$340&'ER C8 FLT2'!$B$4:$B$340-3,1),5),IF($H10=\"Class_7\",INDEX('ER C7 FLT2'!$A$4:$J$340,MATCH($E10&$C10,'ER C7 FLT2'!$A$4:$A$340&'ER C7 FLT2'!$B$4:$B$340-3,1),5),IF($H10=\"Class_6\",INDEX('ER C6 FLT2'!$A$4:$J$340,MATCH($E10&$C10,'ER C6 FLT2'!$A$4:$A$340&'ER C6 FLT2'!$B$4:$B$340-3,1),5)))),IF($B10=\"1 Truck\",IF(OR($H10=\"Class_8\",$N10=\"Replacement8HHD\",$AH10=\"CL7HHD\",$AJ10=\"CL7to8\"),INDEX('ER C8 FLT1'!$A$4:$J$340,MATCH($E10&$C10,'ER C8 FLT1'!$A$4:$A$340&'ER C8 FLT1'!$B$4:$B$340-3,1),5),IF($H10=\"Class_7\",INDEX('ER C7 FLT1'!$A$4:$J$340,MATCH($E10&$C10,'ER C7 FLT1'!$A$4:$A$340&'ER C7 FLT1'!$B$4:$B$340-3,1),5),IF($H10=\"Class_6\",INDEX('ER C6 FLT1'!$A$4:$J$340,MATCH($E10&$C10,'ER C6 FLT1'!$A$4:$A$340&'ER C6 FLT1'!$B$4:$B$340-3,1),5)))),IF($B10=\"4+ Trucks\",IF(OR($H10=\"Class_8\",$N10=\"Replacement8HHD\",$AH10=\"CL7HHD\",$AJ10=\"CL7to8\"),INDEX('ER C8 FLT4'!$A$4:$J$340,MATCH($E10&$C10,'ER C8 FLT4'!$A$4:$A$340&'ER C8 FLT4'!$B$4:$B$340-3,1),5),IF($H10=\"Class_7\",INDEX('ER C7 FLT4'!$A$4:$J$340,MATCH($E10&$C10,'ER C7 FLT4'!$A$4:$A$340&'ER C7 FLT4'!$B$4:$B$340-3,1),5),IF($H10=\"Class_6\",INDEX('ER C6 FLT4'!$A$4:$J$340,MATCH($E10&$C10,'ER C6 FLT4'!$A$4:$A$340&'ER C6 FLT4'!$B$4:$B$340-3,1),5))))))))","v":false},{"$f":"IF($B10=\"3 Trucks\",IF(OR($H10=\"Class_8\",$N10=\"Replacement8HHD\",$AH10=\"CL7HHD\",$AJ10=\"CL7to8\"),INDEX('ER C8 FLT3'!$A$4:$J$340,MATCH($E10&$C10,'ER C8 FLT3'!$A$4:$A$340&'ER C8 FLT3'!$B$4:$B$340-4,1),5),IF($H10=\"Class_7\",INDEX('ER C7 FLT3'!$A$4:$J$340,MATCH($E10&$C10,'ER C7 FLT3'!$A$4:$A$340&'ER C7 FLT3'!$B$4:$B$340-4,1),5),IF($H10=\"Class_6\",INDEX('ER C6 FLT3'!$A$4:$J$340,MATCH($E10&$C10,'ER C6 FLT3'!$A$4:$A$340&'ER C6 FLT3'!$B$4:$B$340-4,1),5)))),IF($B10=\"2 Trucks\",IF(OR($H10=\"Class_8\",$N10=\"Replacement8HHD\",$AH10=\"CL7HHD\",$AJ10=\"CL7to8\"),INDEX('ER C8 FLT2'!$A$4:$J$340,MATCH($E10&$C10,'ER C8 FLT2'!$A$4:$A$340&'ER C8 FLT2'!$B$4:$B$340-4,1),5),IF($H10=\"Class_7\",INDEX('ER C7 FLT2'!$A$4:$J$340,MATCH($E10&$C10,'ER C7 FLT2'!$A$4:$A$340&'ER C7 FLT2'!$B$4:$B$340-4,1),5),IF($H10=\"Class_6\",INDEX('ER C6 FLT2'!$A$4:$J$340,MATCH($E10&$C10,'ER C6 FLT2'!$A$4:$A$340&'ER C6 FLT2'!$B$4:$B$340-4,1),5)))),IF($B10=\"1 Truck\",IF(OR($H10=\"Class_8\",$N10=\"Replacement8HHD\",$AH10=\"CL7HHD\",$AJ10=\"CL7to8\"),INDEX('ER C8 FLT1'!$A$4:$J$340,MATCH($E10&$C10,'ER C8 FLT1'!$A$4:$A$340&'ER C8 FLT1'!$B$4:$B$340-4,1),5),IF($H10=\"Class_7\",INDEX('ER C7 FLT1'!$A$4:$J$340,MATCH($E10&$C10,'ER C7 FLT1'!$A$4:$A$340&'ER C7 FLT1'!$B$4:$B$340-4,1),5),IF($H10=\"Class_6\",INDEX('ER C6 FLT1'!$A$4:$J$340,MATCH($E10&$C10,'ER C6 FLT1'!$A$4:$A$340&'ER C6 FLT1'!$B$4:$B$340-4,1),5)))),IF($B10=\"4+ Trucks\",IF(OR($H10=\"Class_8\",$N10=\"Replacement8HHD\",$AH10=\"CL7HHD\",$AJ10=\"CL7to8\"),INDEX('ER C8 FLT4'!$A$4:$J$340,MATCH($E10&$C10,'ER C8 FLT4'!$A$4:$A$340&'ER C8 FLT4'!$B$4:$B$340-4,1),5),IF($H10=\"Class_7\",INDEX('ER C7 FLT4'!$A$4:$J$340,MATCH($E10&$C10,'ER C7 FLT4'!$A$4:$A$340&'ER C7 FLT4'!$B$4:$B$340-4,1),5),IF($H10=\"Class_6\",INDEX('ER C6 FLT4'!$A$4:$J$340,MATCH($E10&$C10,'ER C6 FLT4'!$A$4:$A$340&'ER C6 FLT4'!$B$4:$B$340-4,1),5))))))))","v":false},{"$f":"CK10*(($Q10+$AC10)/453.6)","v":0},{"$f":"CL10*(($Q10+$AC10)/453.6)","v":0},{"$f":"CM10*(($Q10+$AC10)/453.6)","v":0},{"$f":"CN10*(($Q10+$AC10)/453.6)","v":0},{"$f":"CO10*(($Q10+$AC10)/453.6)","v":0},{"$f":"IF(OR($R10=\"Diesel\",$R10=\"Zero Emission\",$R10=\"Hybrid\",$R10=\"Hybrid Zero-Mile\",$R10=\"Low NOx\",$R10=\"LNG/CNG\"),IF($B10=\"3 Trucks\",IF(OR($O10=\"Class_8\",$N10=\"Replacement8HHD\",$AI10=\"CL7HHD\"),INDEX('ER C8 FLT3'!$A$4:$J$340,MATCH(DropData!$J56&$C10,'ER C8 FLT3'!$A$4:$A$340&'ER C8 FLT3'!$B$4:$B$340,1),5),IF($O10=\"Class_7\",INDEX('ER C7 FLT3'!$A$4:$J$340,MATCH(DropData!$J56&$C10,'ER C7 FLT3'!$A$4:$A$340&'ER C7 FLT3'!$B$4:$B$340,1),5),IF($O10=\"Class_6\",INDEX('ER C6 FLT3'!$A$4:$J$340,MATCH(DropData!$J56&$C10,'ER C6 FLT3'!$A$4:$A$340&'ER C6 FLT3'!$B$4:$B$340,1),5)))),IF($B10=\"2 Trucks\",IF(OR($O10=\"Class_8\",$N10=\"Replacement8HHD\",$AI10=\"CL7HHD\"),INDEX('ER C8 FLT2'!$A$4:$J$340,MATCH(DropData!$J56&$C10,'ER C8 FLT2'!$A$4:$A$340&'ER C8 FLT2'!$B$4:$B$340,1),5),IF($O10=\"Class_7\",INDEX('ER C7 FLT2'!$A$4:$J$340,MATCH(DropData!$J56&$C10,'ER C7 FLT2'!$A$4:$A$340&'ER C7 FLT2'!$B$4:$B$340,1),5),IF($O10=\"Class_6\",INDEX('ER C6 FLT2'!$A$4:$J$340,MATCH(DropData!$J56&$C10,'ER C6 FLT2'!$A$4:$A$340&'ER C6 FLT2'!$B$4:$B$340,1),5)))),IF($B10=\"1 Truck\",IF(OR($O10=\"Class_8\",$N10=\"Replacement8HHD\",$AI10=\"CL7HHD\"),INDEX('ER C8 FLT1'!$A$4:$J$340,MATCH(DropData!$J56&$C10,'ER C8 FLT1'!$A$4:$A$340&'ER C8 FLT1'!$B$4:$B$340,1),5),IF($O10=\"Class_7\",INDEX('ER C7 FLT1'!$A$4:$J$340,MATCH(DropData!$J56&$C10,'ER C7 FLT1'!$A$4:$A$340&'ER C7 FLT1'!$B$4:$B$340,1),5),IF($O10=\"Class_6\",INDEX('ER C6 FLT1'!$A$4:$J$340,MATCH(DropData!$J56&$C10,'ER C6 FLT1'!$A$4:$A$340&'ER C6 FLT1'!$B$4:$B$340,1),5)))),IF($B10=\"4+ Trucks\",IF(OR($O10=\"Class_8\",$N10=\"Replacement8HHD\",$AI10=\"CL7HHD\"),INDEX('ER C8 FLT4'!$A$4:$J$340,MATCH(DropData!$J56&$C10,'ER C8 FLT4'!$A$4:$A$340&'ER C8 FLT4'!$B$4:$B$340,1),5),IF($O10=\"Class_7\",INDEX('ER C7 FLT4'!$A$4:$J$340,MATCH(DropData!$J56&$C10,'ER C7 FLT4'!$A$4:$A$340&'ER C7 FLT4'!$B$4:$B$340,1),5),IF($O10=\"Class_6\",INDEX('ER C6 FLT4'!$A$4:$J$340,MATCH(DropData!$J56&$C10,'ER C6 FLT4'!$A$4:$A$340&'ER C6 FLT4'!$B$4:$B$340,1),5)))))))))","v":false},{"$f":"IF(OR($R10=\"Diesel\",$R10=\"Zero Emission\",$R10=\"Hybrid\",$R10=\"Hybrid Zero-Mile\",$R10=\"Low NOx\",$R10=\"LNG/CNG\"),IF($B10=\"3 Trucks\",IF(OR($O10=\"Class_8\",$N10=\"Replacement8HHD\",$AI10=\"CL7HHD\"),INDEX('ER C8 FLT3'!$A$4:$J$340,MATCH(DropData!$J56&$C10,'ER C8 FLT3'!$A$4:$A$340&'ER C8 FLT3'!$B$4:$B$340-1,1),5),IF($O10=\"Class_7\",INDEX('ER C7 FLT3'!$A$4:$J$340,MATCH(DropData!$J56&$C10,'ER C7 FLT3'!$A$4:$A$340&'ER C7 FLT3'!$B$4:$B$340-1,1),5),IF($O10=\"Class_6\",INDEX('ER C6 FLT3'!$A$4:$J$340,MATCH(DropData!$J56&$C10,'ER C6 FLT3'!$A$4:$A$340&'ER C6 FLT3'!$B$4:$B$340-1,1),5)))),IF($B10=\"2 Trucks\",IF(OR($O10=\"Class_8\",$N10=\"Replacement8HHD\",$AI10=\"CL7HHD\"),INDEX('ER C8 FLT2'!$A$4:$J$340,MATCH(DropData!$J56&$C10,'ER C8 FLT2'!$A$4:$A$340&'ER C8 FLT2'!$B$4:$B$340-1,1),5),IF($O10=\"Class_7\",INDEX('ER C7 FLT2'!$A$4:$J$340,MATCH(DropData!$J56&$C10,'ER C7 FLT2'!$A$4:$A$340&'ER C7 FLT2'!$B$4:$B$340-1,1),5),IF($O10=\"Class_6\",INDEX('ER C6 FLT2'!$A$4:$J$340,MATCH(DropData!$J56&$C10,'ER C6 FLT2'!$A$4:$A$340&'ER C6 FLT2'!$B$4:$B$340-1,1),5)))),IF($B10=\"1 Truck\",IF(OR($O10=\"Class_8\",$N10=\"Replacement8HHD\",$AI10=\"CL7HHD\"),INDEX('ER C8 FLT1'!$A$4:$J$340,MATCH(DropData!$J56&$C10,'ER C8 FLT1'!$A$4:$A$340&'ER C8 FLT1'!$B$4:$B$340-1,1),5),IF($O10=\"Class_7\",INDEX('ER C7 FLT1'!$A$4:$J$340,MATCH(DropData!$J56&$C10,'ER C7 FLT1'!$A$4:$A$340&'ER C7 FLT1'!$B$4:$B$340-1,1),5),IF($O10=\"Class_6\",INDEX('ER C6 FLT1'!$A$4:$J$340,MATCH(DropData!$J56&$C10,'ER C6 FLT1'!$A$4:$A$340&'ER C6 FLT1'!$B$4:$B$340-1,1),5)))),IF($B10=\"4+ Trucks\",IF(OR($O10=\"Class_8\",$N10=\"Replacement8HHD\",$AI10=\"CL7HHD\"),INDEX('ER C8 FLT4'!$A$4:$J$340,MATCH(DropData!$J56&$C10,'ER C8 FLT4'!$A$4:$A$340&'ER C8 FLT4'!$B$4:$B$340-1,1),5),IF($O10=\"Class_7\",INDEX('ER C7 FLT4'!$A$4:$J$340,MATCH(DropData!$J56&$C10,'ER C7 FLT4'!$A$4:$A$340&'ER C7 FLT4'!$B$4:$B$340-1,1),5),IF($O10=\"Class_6\",INDEX('ER C6 FLT4'!$A$4:$J$340,MATCH(DropData!$J56&$C10,'ER C6 FLT4'!$A$4:$A$340&'ER C6 FLT4'!$B$4:$B$340-1,1),5)))))))))","v":false},{"$f":"IF(OR($R10=\"Diesel\",$R10=\"Zero Emission\",$R10=\"Hybrid\",$R10=\"Hybrid Zero-Mile\",$R10=\"Low NOx\",$R10=\"LNG/CNG\"),IF($B10=\"3 Trucks\",IF(OR($O10=\"Class_8\",$N10=\"Replacement8HHD\",$AI10=\"CL7HHD\"),INDEX('ER C8 FLT3'!$A$4:$J$340,MATCH(DropData!$J56&$C10,'ER C8 FLT3'!$A$4:$A$340&'ER C8 FLT3'!$B$4:$B$340-2,1),5),IF($O10=\"Class_7\",INDEX('ER C7 FLT3'!$A$4:$J$340,MATCH(DropData!$J56&$C10,'ER C7 FLT3'!$A$4:$A$340&'ER C7 FLT3'!$B$4:$B$340-2,1),5),IF($O10=\"Class_6\",INDEX('ER C6 FLT3'!$A$4:$J$340,MATCH(DropData!$J56&$C10,'ER C6 FLT3'!$A$4:$A$340&'ER C6 FLT3'!$B$4:$B$340-2,1),5)))),IF($B10=\"2 Trucks\",IF(OR($O10=\"Class_8\",$N10=\"Replacement8HHD\",$AI10=\"CL7HHD\"),INDEX('ER C8 FLT2'!$A$4:$J$340,MATCH(DropData!$J56&$C10,'ER C8 FLT2'!$A$4:$A$340&'ER C8 FLT2'!$B$4:$B$340-2,1),5),IF($O10=\"Class_7\",INDEX('ER C7 FLT2'!$A$4:$J$340,MATCH(DropData!$J56&$C10,'ER C7 FLT2'!$A$4:$A$340&'ER C7 FLT2'!$B$4:$B$340-2,1),5),IF($O10=\"Class_6\",INDEX('ER C6 FLT2'!$A$4:$J$340,MATCH(DropData!$J56&$C10,'ER C6 FLT2'!$A$4:$A$340&'ER C6 FLT2'!$B$4:$B$340-2,1),5)))),IF($B10=\"1 Truck\",IF(OR($O10=\"Class_8\",$N10=\"Replacement8HHD\",$AI10=\"CL7HHD\"),INDEX('ER C8 FLT1'!$A$4:$J$340,MATCH(DropData!$J56&$C10,'ER C8 FLT1'!$A$4:$A$340&'ER C8 FLT1'!$B$4:$B$340-2,1),5),IF($O10=\"Class_7\",INDEX('ER C7 FLT1'!$A$4:$J$340,MATCH(DropData!$J56&$C10,'ER C7 FLT1'!$A$4:$A$340&'ER C7 FLT1'!$B$4:$B$340-2,1),5),IF($O10=\"Class_6\",INDEX('ER C6 FLT1'!$A$4:$J$340,MATCH(DropData!$J56&$C10,'ER C6 FLT1'!$A$4:$A$340&'ER C6 FLT1'!$B$4:$B$340-2,1),5)))),IF($B10=\"4+ Trucks\",IF(OR($O10=\"Class_8\",$N10=\"Replacement8HHD\",$AI10=\"CL7HHD\"),INDEX('ER C8 FLT4'!$A$4:$J$340,MATCH(DropData!$J56&$C10,'ER C8 FLT4'!$A$4:$A$340&'ER C8 FLT4'!$B$4:$B$340-2,1),5),IF($O10=\"Class_7\",INDEX('ER C7 FLT4'!$A$4:$J$340,MATCH(DropData!$J56&$C10,'ER C7 FLT4'!$A$4:$A$340&'ER C7 FLT4'!$B$4:$B$340-2,1),5),IF($O10=\"Class_6\",INDEX('ER C6 FLT4'!$A$4:$J$340,MATCH(DropData!$J56&$C10,'ER C6 FLT4'!$A$4:$A$340&'ER C6 FLT4'!$B$4:$B$340-2,1),5)))))))))","v":false},{"$f":"IF(OR($R10=\"Diesel\",$R10=\"Zero Emission\",$R10=\"Hybrid\",$R10=\"Hybrid Zero-Mile\",$R10=\"Low NOx\",$R10=\"LNG/CNG\"),IF($B10=\"3 Trucks\",IF(OR($O10=\"Class_8\",$N10=\"Replacement8HHD\",$AI10=\"CL7HHD\"),INDEX('ER C8 FLT3'!$A$4:$J$340,MATCH(DropData!$J56&$C10,'ER C8 FLT3'!$A$4:$A$340&'ER C8 FLT3'!$B$4:$B$340-3,1),5),IF($O10=\"Class_7\",INDEX('ER C7 FLT3'!$A$4:$J$340,MATCH(DropData!$J56&$C10,'ER C7 FLT3'!$A$4:$A$340&'ER C7 FLT3'!$B$4:$B$340-3,1),5),IF($O10=\"Class_6\",INDEX('ER C6 FLT3'!$A$4:$J$340,MATCH(DropData!$J56&$C10,'ER C6 FLT3'!$A$4:$A$340&'ER C6 FLT3'!$B$4:$B$340-3,1),5)))),IF($B10=\"2 Trucks\",IF(OR($O10=\"Class_8\",$N10=\"Replacement8HHD\",$AI10=\"CL7HHD\"),INDEX('ER C8 FLT2'!$A$4:$J$340,MATCH(DropData!$J56&$C10,'ER C8 FLT2'!$A$4:$A$340&'ER C8 FLT2'!$B$4:$B$340-3,1),5),IF($O10=\"Class_7\",INDEX('ER C7 FLT2'!$A$4:$J$340,MATCH(DropData!$J56&$C10,'ER C7 FLT2'!$A$4:$A$340&'ER C7 FLT2'!$B$4:$B$340-3,1),5),IF($O10=\"Class_6\",INDEX('ER C6 FLT2'!$A$4:$J$340,MATCH(DropData!$J56&$C10,'ER C6 FLT2'!$A$4:$A$340&'ER C6 FLT2'!$B$4:$B$340-3,1),5)))),IF($B10=\"1 Truck\",IF(OR($O10=\"Class_8\",$N10=\"Replacement8HHD\",$AI10=\"CL7HHD\"),INDEX('ER C8 FLT1'!$A$4:$J$340,MATCH(DropData!$J56&$C10,'ER C8 FLT1'!$A$4:$A$340&'ER C8 FLT1'!$B$4:$B$340-3,1),5),IF($O10=\"Class_7\",INDEX('ER C7 FLT1'!$A$4:$J$340,MATCH(DropData!$J56&$C10,'ER C7 FLT1'!$A$4:$A$340&'ER C7 FLT1'!$B$4:$B$340-3,1),5),IF($O10=\"Class_6\",INDEX('ER C6 FLT1'!$A$4:$J$340,MATCH(DropData!$J56&$C10,'ER C6 FLT1'!$A$4:$A$340&'ER C6 FLT1'!$B$4:$B$340-3,1),5)))),IF($B10=\"4+ Trucks\",IF(OR($O10=\"Class_8\",$N10=\"Replacement8HHD\",$AI10=\"CL7HHD\"),INDEX('ER C8 FLT4'!$A$4:$J$340,MATCH(DropData!$J56&$C10,'ER C8 FLT4'!$A$4:$A$340&'ER C8 FLT4'!$B$4:$B$340-3,1),5),IF($O10=\"Class_7\",INDEX('ER C7 FLT4'!$A$4:$J$340,MATCH(DropData!$J56&$C10,'ER C7 FLT4'!$A$4:$A$340&'ER C7 FLT4'!$B$4:$B$340-3,1),5),IF($O10=\"Class_6\",INDEX('ER C6 FLT4'!$A$4:$J$340,MATCH(DropData!$J56&$C10,'ER C6 FLT4'!$A$4:$A$340&'ER C6 FLT4'!$B$4:$B$340-3,1),5)))))))))","v":false},{"$f":"IF(OR($R10=\"Diesel\",$R10=\"Zero Emission\",$R10=\"Hybrid\",$R10=\"Hybrid Zero-Mile\",$R10=\"Low NOx\",$R10=\"LNG/CNG\"),IF($B10=\"3 Trucks\",IF(OR($O10=\"Class_8\",$N10=\"Replacement8HHD\",$AI10=\"CL7HHD\"),INDEX('ER C8 FLT3'!$A$4:$J$340,MATCH(DropData!$J56&$C10,'ER C8 FLT3'!$A$4:$A$340&'ER C8 FLT3'!$B$4:$B$340-4,1),5),IF($O10=\"Class_7\",INDEX('ER C7 FLT3'!$A$4:$J$340,MATCH(DropData!$J56&$C10,'ER C7 FLT3'!$A$4:$A$340&'ER C7 FLT3'!$B$4:$B$340-4,1),5),IF($O10=\"Class_6\",INDEX('ER C6 FLT3'!$A$4:$J$340,MATCH(DropData!$J56&$C10,'ER C6 FLT3'!$A$4:$A$340&'ER C6 FLT3'!$B$4:$B$340-4,1),5)))),IF($B10=\"2 Trucks\",IF(OR($O10=\"Class_8\",$N10=\"Replacement8HHD\",$AI10=\"CL7HHD\"),INDEX('ER C8 FLT2'!$A$4:$J$340,MATCH(DropData!$J56&$C10,'ER C8 FLT2'!$A$4:$A$340&'ER C8 FLT2'!$B$4:$B$340-4,1),5),IF($O10=\"Class_7\",INDEX('ER C7 FLT2'!$A$4:$J$340,MATCH(DropData!$J56&$C10,'ER C7 FLT2'!$A$4:$A$340&'ER C7 FLT2'!$B$4:$B$340-4,1),5),IF($O10=\"Class_6\",INDEX('ER C6 FLT2'!$A$4:$J$340,MATCH(DropData!$J56&$C10,'ER C6 FLT2'!$A$4:$A$340&'ER C6 FLT2'!$B$4:$B$340-4,1),5)))),IF($B10=\"1 Truck\",IF(OR($O10=\"Class_8\",$N10=\"Replacement8HHD\",$AI10=\"CL7HHD\"),INDEX('ER C8 FLT1'!$A$4:$J$340,MATCH(DropData!$J56&$C10,'ER C8 FLT1'!$A$4:$A$340&'ER C8 FLT1'!$B$4:$B$340-4,1),5),IF($O10=\"Class_7\",INDEX('ER C7 FLT1'!$A$4:$J$340,MATCH(DropData!$J56&$C10,'ER C7 FLT1'!$A$4:$A$340&'ER C7 FLT1'!$B$4:$B$340-4,1),5),IF($O10=\"Class_6\",INDEX('ER C6 FLT1'!$A$4:$J$340,MATCH(DropData!$J56&$C10,'ER C6 FLT1'!$A$4:$A$340&'ER C6 FLT1'!$B$4:$B$340-4,1),5)))),IF($B10=\"4+ Trucks\",IF(OR($O10=\"Class_8\",$N10=\"Replacement8HHD\",$AI10=\"CL7HHD\"),INDEX('ER C8 FLT4'!$A$4:$J$340,MATCH(DropData!$J56&$C10,'ER C8 FLT4'!$A$4:$A$340&'ER C8 FLT4'!$B$4:$B$340-4,1),5),IF($O10=\"Class_7\",INDEX('ER C7 FLT4'!$A$4:$J$340,MATCH(DropData!$J56&$C10,'ER C7 FLT4'!$A$4:$A$340&'ER C7 FLT4'!$B$4:$B$340-4,1),5),IF($O10=\"Class_6\",INDEX('ER C6 FLT4'!$A$4:$J$340,MATCH(DropData!$J56&$C10,'ER C6 FLT4'!$A$4:$A$340&'ER C6 FLT4'!$B$4:$B$340-4,1),5)))))))))","v":false},0,{"$f":"MAX((IF($B10=\"4+ Trucks\",IF($Z10=\"Class_8\",INDEX('ER C8 FLT4'!$A$4:$J$340,MATCH($W10&$C10,'ER C8 FLT4'!$A$4:$A$340&'ER C8 FLT4'!$B$4:$B$340,1),5)*IF($Z10=\"Class_8\",INDEX('ER C8 FLT4'!$A$4:$J$340,MATCH($W10&$C10,'ER C8 FLT4'!$A$4:$A$340&'ER C8 FLT4'!$B$4:$B$340,1),7)),IF($Z10=\"Class_7\",INDEX('ER C7 FLT4'!$A$4:$J$340,MATCH($W10&$C10,'ER C7 FLT4'!$A$4:$A$340&'ER C7 FLT4'!$B$4:$B$340,1),5)*IF($Z10=\"Class_7\",INDEX('ER C7 FLT4'!$A$4:$J$340,MATCH($W10&$C10,'ER C7 FLT4'!$A$4:$A$340&'ER C7 FLT4'!$B$4:$B$340,1),7)),IF($Z10=\"Class_6\",INDEX('ER C6 FLT4'!$A$4:$J$340,MATCH($W10&$C10,'ER C6 FLT4'!$A$4:$A$340&'ER C6 FLT4'!$B$4:$B$340,1),5)*IF($Z10=\"Class_6\",INDEX('ER C6 FLT4'!$A$4:$L$340,MATCH($W10&$C10,'ER C6 FLT4'!$A$4:$A$340&'ER C6 FLT4'!$B$4:$B$340,1),7))))),IF($B10=\"2 Trucks\",IF($Z10=\"Class_8\",INDEX('ER C8 FLT2'!$A$4:$J$340,MATCH($W10&$C10,'ER C8 FLT2'!$A$4:$A$340&'ER C8 FLT2'!$B$4:$B$340,1),5)*IF($Z10=\"Class_8\",INDEX('ER C8 FLT2'!$A$4:$J$340,MATCH($W10&$C10,'ER C8 FLT2'!$A$4:$A$340&'ER C8 FLT2'!$B$4:$B$340,1),7)),IF($Z10=\"Class_7\",INDEX('ER C7 FLT2'!$A$4:$J$340,MATCH($W10&$C10,'ER C7 FLT2'!$A$4:$A$340&'ER C7 FLT2'!$B$4:$B$340,1),5)*IF($Z10=\"Class_7\",INDEX('ER C7 FLT2'!$A$4:$J$340,MATCH($W10&$C10,'ER C7 FLT2'!$A$4:$A$340&'ER C7 FLT2'!$B$4:$B$340,1),7)),IF($Z10=\"Class_6\",INDEX('ER C6 FLT2'!$A$4:$J$340,MATCH($W10&$C10,'ER C6 FLT2'!$A$4:$A$340&'ER C6 FLT2'!$B$4:$B$340,1),5)*IF($Z10=\"Class_6\",INDEX('ER C6 FLT2'!$A$4:$J$340,MATCH($W10&$C10,'ER C6 FLT2'!$A$4:$A$340&'ER C6 FLT2'!$B$4:$B$340,1),7))))),IF($B10=\"1 Truck\",\nIF($Z10=\"Class_8\",INDEX('ER C8 FLT1'!$A$4:$J$340,MATCH($W10&$C10,'ER C8 FLT1'!$A$4:$A$340&'ER C8 FLT1'!$B$4:$B$340,1),5)*IF($Z10=\"Class_8\",INDEX('ER C8 FLT1'!$A$4:$J$340,MATCH($W10&$C10,'ER C8 FLT1'!$A$4:$A$340&'ER C8 FLT1'!$B$4:$B$340,1),7)),IF($Z10=\"Class_7\",INDEX('ER C7 FLT1'!$A$4:$J$340,MATCH($W10&$C10,'ER C7 FLT1'!$A$4:$A$340&'ER C7 FLT1'!$B$4:$B$340,1),5)*IF($Z10=\"Class_7\",INDEX('ER C7 FLT1'!$A$4:$J$340,MATCH($W10&$C10,'ER C7 FLT1'!$A$4:$A$340&'ER C7 FLT1'!$B$4:$B$340,1),7)),IF($Z10=\"Class_6\",INDEX('ER C6 FLT1'!$A$4:$J$340,MATCH($W10&$C10,'ER C6 FLT1'!$A$4:$A$340&'ER C6 FLT1'!$B$4:$B$340,1),5)*IF($Z10=\"Class_6\",INDEX('ER C6 FLT1'!$A$4:$J$340,MATCH($W10&$C10,'ER C6 FLT1'!$A$4:$A$340&'ER C6 FLT1'!$B$4:$B$340,1),7))))),IF($B10=\"3 Trucks\",IF($Z10=\"Class_8\",INDEX('ER C8 FLT3'!$A$4:$J$340,MATCH($W10&$C10,'ER C8 FLT3'!$A$4:$A$340&'ER C8 FLT3'!$B$4:$B$340,1),5)*IF($Z10=\"Class_8\",INDEX('ER C8 FLT3'!$A$4:$J$340,MATCH($W10&$C10,'ER C8 FLT3'!$A$4:$A$340&'ER C8 FLT3'!$B$4:$B$340,1),7)),IF($Z10=\"Class_7\",INDEX('ER C7 FLT3'!$A$4:$J$340,MATCH($W10&$C10,'ER C7 FLT3'!$A$4:$A$340&'ER C7 FLT3'!$B$4:$B$340,1),5)*IF($Z10=\"Class_7\",INDEX('ER C7 FLT3'!$A$4:$J$340,MATCH($W10&$C10,'ER C7 FLT3'!$A$4:$A$340&'ER C7 FLT3'!$B$4:$B$340,1),7)),\nIF($Z10=\"Class_6\",INDEX('ER C6 FLT3'!$A$4:$J$340,MATCH($W10&$C10,'ER C6 FLT3'!$A$4:$A$340&'ER C6 FLT3'!$B$4:$B$340,1),5)*IF($Z10=\"Class_6\",INDEX('ER C6 FLT3'!$A$4:$L$340,MATCH($W10&$C10,'ER C6 FLT3'!$A$4:$A$340&'ER C6 FLT3'!$B$4:$B$340,1),7)))))))))*IF($X10=\"Level 3 PM + Mark I NOx\",0.75,1)*($AC10/453.6)-IF(CP10=0,CF10,0)),0)","v":0},0,0,{"$f":"MAX((IF($B10=\"3 Trucks\",IF($Z10=\"Class_8\",INDEX('ER C8 FLT3'!$A$4:$J$340,MATCH($W10&$C10,'ER C8 FLT3'!$A$4:$A$340&'ER C8 FLT3'!$B$4:$B$340-1,1),5)*IF($Z10=\"Class_8\",INDEX('ER C8 FLT3'!$A$4:$J$340,MATCH($W10&$C10,'ER C8 FLT3'!$A$4:$A$340&'ER C8 FLT3'!$B$4:$B$340-1,1),7)),IF($Z10=\"Class_7\",INDEX('ER C7 FLT3'!$A$4:$J$340,MATCH($W10&$C10,'ER C7 FLT3'!$A$4:$A$340&'ER C7 FLT3'!$B$4:$B$340-1,1),5)*IF($Z10=\"Class_7\",INDEX('ER C7 FLT3'!$A$4:$J$340,MATCH($W10&$C10,'ER C7 FLT3'!$A$4:$A$340&'ER C7 FLT3'!$B$4:$B$340-1,1),7)),IF($Z10=\"Class_6\",INDEX('ER C6 FLT3'!$A$4:$J$340,MATCH($W10&$C10,'ER C6 FLT3'!$A$4:$A$340&'ER C6 FLT3'!$B$4:$B$340-1,1),5)*IF($Z10=\"Class_6\",INDEX('ER C6 FLT3'!$A$4:$L$340,MATCH($W10&$C10,'ER C6 FLT3'!$A$4:$A$340&'ER C6 FLT3'!$B$4:$B$340-1,1),7))))),IF($B10=\"2 Trucks\",IF($Z10=\"Class_8\",INDEX('ER C8 FLT2'!$A$4:$J$340,MATCH($W10&$C10,'ER C8 FLT2'!$A$4:$A$340&'ER C8 FLT2'!$B$4:$B$340-1,1),5)*IF($Z10=\"Class_8\",INDEX('ER C8 FLT2'!$A$4:$J$340,MATCH($W10&$C10,'ER C8 FLT2'!$A$4:$A$340&'ER C8 FLT2'!$B$4:$B$340-1,1),7)),IF($Z10=\"Class_7\",INDEX('ER C7 FLT2'!$A$4:$J$340,MATCH($W10&$C10,'ER C7 FLT2'!$A$4:$A$340&'ER C7 FLT2'!$B$4:$B$340-1,1),5)*IF($Z10=\"Class_7\",INDEX('ER C7 FLT2'!$A$4:$J$340,MATCH($W10&$C10,'ER C7 FLT2'!$A$4:$A$340&'ER C7 FLT2'!$B$4:$B$340-1,1),7)),IF($Z10=\"Class_6\",INDEX('ER C6 FLT2'!$A$4:$J$340,MATCH($W10&$C10,'ER C6 FLT2'!$A$4:$A$340&'ER C6 FLT2'!$B$4:$B$340-1,1),5)*IF($Z10=\"Class_6\",INDEX('ER C6 FLT2'!$A$4:$J$340,MATCH($W10&$C10,'ER C6 FLT2'!$A$4:$A$340&'ER C6 FLT2'!$B$4:$B$340-1,1),7))))),IF($B10=\"1 Truck\",IF($Z10=\"Class_8\",INDEX('ER C8 FLT1'!$A$4:$J$340,MATCH($W10&$C10,'ER C8 FLT1'!$A$4:$A$340&'ER C8 FLT1'!$B$4:$B$340-1,1),5)*IF($Z10=\"Class_8\",INDEX('ER C8 FLT1'!$A$4:$J$340,MATCH($W10&$C10,'ER C8 FLT1'!$A$4:$A$340&'ER C8 FLT1'!$B$4:$B$340-1,1),7)),IF($Z10=\"Class_7\",INDEX('ER C7 FLT1'!$A$4:$J$340,MATCH($W10&$C10,'ER C7 FLT1'!$A$4:$A$340&'ER C7 FLT1'!$B$4:$B$340-1,1),5)*IF($Z10=\"Class_7\",INDEX('ER C7 FLT1'!$A$4:$J$340,MATCH($W10&$C10,'ER C7 FLT1'!$A$4:$A$340&'ER C7 FLT1'!$B$4:$B$340-1,1),7)),\nIF($Z10=\"Class_6\",INDEX('ER C6 FLT1'!$A$4:$J$340,MATCH($W10&$C10,'ER C6 FLT1'!$A$4:$A$340&'ER C6 FLT1'!$B$4:$B$340-1,1),5)*IF($Z10=\"Class_6\",INDEX('ER C6 FLT1'!$A$4:$J$340,MATCH($W10&$C10,'ER C6 FLT1'!$A$4:$A$340&'ER C6 FLT1'!$B$4:$B$340-1,1),7))))),IF($B10=\"4+ Trucks\",IF($Z10=\"Class_8\",INDEX('ER C8 FLT4'!$A$4:$J$340,MATCH($W10&$C10,'ER C8 FLT4'!$A$4:$A$340&'ER C8 FLT4'!$B$4:$B$340-1,1),5)*IF($Z10=\"Class_8\",INDEX('ER C8 FLT4'!$A$4:$J$340,MATCH($W10&$C10,'ER C8 FLT4'!$A$4:$A$340&'ER C8 FLT4'!$B$4:$B$340-1,1),7)),IF($Z10=\"Class_7\",INDEX('ER C7 FLT4'!$A$4:$J$340,MATCH($W10&$C10,'ER C7 FLT4'!$A$4:$A$340&'ER C7 FLT4'!$B$4:$B$340-1,1),5)*IF($Z10=\"Class_7\",INDEX('ER C7 FLT4'!$A$4:$J$340,MATCH($W10&$C10,'ER C7 FLT4'!$A$4:$A$340&'ER C7 FLT4'!$B$4:$B$340-1,1),7)),\nIF($Z10=\"Class_6\",INDEX('ER C6 FLT4'!$A$4:$J$340,MATCH($W10&$C10,'ER C6 FLT4'!$A$4:$A$340&'ER C6 FLT4'!$B$4:$B$340-1,1),5)*IF($Z10=\"Class_6\",INDEX('ER C6 FLT4'!$A$4:$L$340,MATCH($W10&$C10,'ER C6 FLT4'!$A$4:$A$340&'ER C6 FLT4'!$B$4:$B$340-1,1),7))))))))))*IF($X10=\"Level 3 PM + Mark I NOx\",0.75,1)*($AC10/453.6)-IF(CS10=0,CG10,0),0)","v":0},{"$f":"MAX(0,CS10+CT10)","v":0},0,{"$f":"MAX((IF($B10=\"3 Trucks\",IF($Z10=\"Class_8\",INDEX('ER C8 FLT3'!$A$4:$J$340,MATCH($W10&$C10,'ER C8 FLT3'!$A$4:$A$340&'ER C8 FLT3'!$B$4:$B$340-2,1),5)*IF($Z10=\"Class_8\",INDEX('ER C8 FLT3'!$A$4:$J$340,MATCH($W10&$C10,'ER C8 FLT3'!$A$4:$A$340&'ER C8 FLT3'!$B$4:$B$340-2,1),7)),IF($Z10=\"Class_7\",INDEX('ER C7 FLT3'!$A$4:$J$340,MATCH($W10&$C10,'ER C7 FLT3'!$A$4:$A$340&'ER C7 FLT3'!$B$4:$B$340-2,1),5)*IF($Z10=\"Class_7\",INDEX('ER C7 FLT3'!$A$4:$J$340,MATCH($W10&$C10,'ER C7 FLT3'!$A$4:$A$340&'ER C7 FLT3'!$B$4:$B$340-2,1),7)),\nIF($Z10=\"Class_6\",INDEX('ER C6 FLT3'!$A$4:$J$340,MATCH($W10&$C10,'ER C6 FLT3'!$A$4:$A$340&'ER C6 FLT3'!$B$4:$B$340-2,1),5)*IF($Z10=\"Class_6\",INDEX('ER C6 FLT3'!$A$4:$L$340,MATCH($W10&$C10,'ER C6 FLT3'!$A$4:$A$340&'ER C6 FLT3'!$B$4:$B$340-2,1),7))))),IF($B10=\"2 Trucks\",IF($Z10=\"Class_8\",INDEX('ER C8 FLT2'!$A$4:$J$340,MATCH($W10&$C10,'ER C8 FLT2'!$A$4:$A$340&'ER C8 FLT2'!$B$4:$B$340-2,1),5)*IF($Z10=\"Class_8\",INDEX('ER C8 FLT2'!$A$4:$J$340,MATCH($W10&$C10,'ER C8 FLT2'!$A$4:$A$340&'ER C8 FLT2'!$B$4:$B$340-2,1),7)),IF($Z10=\"Class_7\",INDEX('ER C7 FLT2'!$A$4:$J$340,MATCH($W10&$C10,'ER C7 FLT2'!$A$4:$A$340&'ER C7 FLT2'!$B$4:$B$340-2,1),5)*IF($Z10=\"Class_7\",INDEX('ER C7 FLT2'!$A$4:$J$340,MATCH($W10&$C10,'ER C7 FLT2'!$A$4:$A$340&'ER C7 FLT2'!$B$4:$B$340-2,1),7)),IF($Z10=\"Class_6\",INDEX('ER C6 FLT2'!$A$4:$J$340,MATCH($W10&$C10,'ER C6 FLT2'!$A$4:$A$340&'ER C6 FLT2'!$B$4:$B$340-2,1),5)*IF($Z10=\"Class_6\",INDEX('ER C6 FLT2'!$A$4:$J$340,MATCH($W10&$C10,'ER C6 FLT2'!$A$4:$A$340&'ER C6 FLT2'!$B$4:$B$340-2,1),7))))),IF($B10=\"1 Truck\",\nIF($Z10=\"Class_8\",INDEX('ER C8 FLT1'!$A$4:$J$340,MATCH($W10&$C10,'ER C8 FLT1'!$A$4:$A$340&'ER C8 FLT1'!$B$4:$B$340-2,1),5)*IF($Z10=\"Class_8\",INDEX('ER C8 FLT1'!$A$4:$J$340,MATCH($W10&$C10,'ER C8 FLT1'!$A$4:$A$340&'ER C8 FLT1'!$B$4:$B$340-2,1),7)),IF($Z10=\"Class_7\",INDEX('ER C7 FLT1'!$A$4:$J$340,MATCH($W10&$C10,'ER C7 FLT1'!$A$4:$A$340&'ER C7 FLT1'!$B$4:$B$340-2,1),5)*IF($Z10=\"Class_7\",INDEX('ER C7 FLT1'!$A$4:$J$340,MATCH($W10&$C10,'ER C7 FLT1'!$A$4:$A$340&'ER C7 FLT1'!$B$4:$B$340-2,1),7)),\nIF($Z10=\"Class_6\",INDEX('ER C6 FLT1'!$A$4:$J$340,MATCH($W10&$C10,'ER C6 FLT1'!$A$4:$A$340&'ER C6 FLT1'!$B$4:$B$340-2,1),5)*IF($Z10=\"Class_6\",INDEX('ER C6 FLT1'!$A$4:$J$340,MATCH($W10&$C10,'ER C6 FLT1'!$A$4:$A$340&'ER C6 FLT1'!$B$4:$B$340-2,1),7))))),IF($B10=\"4+ Trucks\",IF($Z10=\"Class_8\",INDEX('ER C8 FLT4'!$A$4:$J$340,MATCH($W10&$C10,'ER C8 FLT4'!$A$4:$A$340&'ER C8 FLT4'!$B$4:$B$340-2,1),5)*IF($Z10=\"Class_8\",INDEX('ER C8 FLT4'!$A$4:$J$340,MATCH($W10&$C10,'ER C8 FLT4'!$A$4:$A$340&'ER C8 FLT4'!$B$4:$B$340-2,1),7)),IF($Z10=\"Class_7\",INDEX('ER C7 FLT4'!$A$4:$J$340,MATCH($W10&$C10,'ER C7 FLT4'!$A$4:$A$340&'ER C7 FLT4'!$B$4:$B$340-2,1),5)*IF($Z10=\"Class_7\",INDEX('ER C7 FLT4'!$A$4:$J$340,MATCH($W10&$C10,'ER C7 FLT4'!$A$4:$A$340&'ER C7 FLT4'!$B$4:$B$340-2,1),7)),\nIF($Z10=\"Class_6\",INDEX('ER C6 FLT4'!$A$4:$J$340,MATCH($W10&$C10,'ER C6 FLT4'!$A$4:$A$340&'ER C6 FLT4'!$B$4:$B$340-2,1),5)*IF($Z10=\"Class_6\",INDEX('ER C6 FLT4'!$A$4:$L$340,MATCH($W10&$C10,'ER C6 FLT4'!$A$4:$A$340&'ER C6 FLT4'!$B$4:$B$340-2,1),7))))))))))*IF($X10=\"Level 3 PM + Mark I NOx\",0.75,1)*($AC10/453.6)-IF(CV10=0,CH10,0),0)","v":0},{"$f":"MAX(0,CV10+CW10)","v":0},0,{"$f":"MAX((IF($B10=\"3 Trucks\",IF($Z10=\"Class_8\",INDEX('ER C8 FLT3'!$A$4:$J$340,MATCH($W10&$C10,'ER C8 FLT3'!$A$4:$A$340&'ER C8 FLT3'!$B$4:$B$340-3,1),5)*IF($Z10=\"Class_8\",INDEX('ER C8 FLT3'!$A$4:$J$340,MATCH($W10&$C10,'ER C8 FLT3'!$A$4:$A$340&'ER C8 FLT3'!$B$4:$B$340-3,1),7)),IF($Z10=\"Class_7\",INDEX('ER C7 FLT3'!$A$4:$J$340,MATCH($W10&$C10,'ER C7 FLT3'!$A$4:$A$340&'ER C7 FLT3'!$B$4:$B$340-3,1),5)*IF($Z10=\"Class_7\",INDEX('ER C7 FLT3'!$A$4:$J$340,MATCH($W10&$C10,'ER C7 FLT3'!$A$4:$A$340&'ER C7 FLT3'!$B$4:$B$340-3,1),7)),\nIF($Z10=\"Class_6\",INDEX('ER C6 FLT3'!$A$4:$J$340,MATCH($W10&$C10,'ER C6 FLT3'!$A$4:$A$340&'ER C6 FLT3'!$B$4:$B$340-3,1),5)*IF($Z10=\"Class_6\",INDEX('ER C6 FLT3'!$A$4:$L$340,MATCH($W10&$C10,'ER C6 FLT3'!$A$4:$A$340&'ER C6 FLT3'!$B$4:$B$340-3,1),7))))),IF($B10=\"2 Trucks\",IF($Z10=\"Class_8\",INDEX('ER C8 FLT2'!$A$4:$J$340,MATCH($W10&$C10,'ER C8 FLT2'!$A$4:$A$340&'ER C8 FLT2'!$B$4:$B$340-3,1),5)*IF($Z10=\"Class_8\",INDEX('ER C8 FLT2'!$A$4:$J$340,MATCH($W10&$C10,'ER C8 FLT2'!$A$4:$A$340&'ER C8 FLT2'!$B$4:$B$340-3,1),7)),IF($Z10=\"Class_7\",INDEX('ER C7 FLT2'!$A$4:$J$340,MATCH($W10&$C10,'ER C7 FLT2'!$A$4:$A$340&'ER C7 FLT2'!$B$4:$B$340-3,1),5)*IF($Z10=\"Class_7\",INDEX('ER C7 FLT2'!$A$4:$J$340,MATCH($W10&$C10,'ER C7 FLT2'!$A$4:$A$340&'ER C7 FLT2'!$B$4:$B$340-3,1),7)),IF($Z10=\"Class_6\",INDEX('ER C6 FLT2'!$A$4:$J$340,MATCH($W10&$C10,'ER C6 FLT2'!$A$4:$A$340&'ER C6 FLT2'!$B$4:$B$340-3,1),5)*IF($Z10=\"Class_6\",INDEX('ER C6 FLT2'!$A$4:$J$340,MATCH($W10&$C10,'ER C6 FLT2'!$A$4:$A$340&'ER C6 FLT2'!$B$4:$B$340-3,1),7))))),IF($B10=\"1 Truck\",\nIF($Z10=\"Class_8\",INDEX('ER C8 FLT1'!$A$4:$J$340,MATCH($W10&$C10,'ER C8 FLT1'!$A$4:$A$340&'ER C8 FLT1'!$B$4:$B$340-3,1),5)*IF($Z10=\"Class_8\",INDEX('ER C8 FLT1'!$A$4:$J$340,MATCH($W10&$C10,'ER C8 FLT1'!$A$4:$A$340&'ER C8 FLT1'!$B$4:$B$340-3,1),7)),IF($Z10=\"Class_7\",INDEX('ER C7 FLT1'!$A$4:$J$340,MATCH($W10&$C10,'ER C7 FLT1'!$A$4:$A$340&'ER C7 FLT1'!$B$4:$B$340-3,1),5)*IF($Z10=\"Class_7\",INDEX('ER C7 FLT1'!$A$4:$J$340,MATCH($W10&$C10,'ER C7 FLT1'!$A$4:$A$340&'ER C7 FLT1'!$B$4:$B$340-3,1),7)),\nIF($Z10=\"Class_6\",INDEX('ER C6 FLT1'!$A$4:$J$340,MATCH($W10&$C10,'ER C6 FLT1'!$A$4:$A$340&'ER C6 FLT1'!$B$4:$B$340-3,1),5)*IF($Z10=\"Class_6\",INDEX('ER C6 FLT1'!$A$4:$J$340,MATCH($W10&$C10,'ER C6 FLT1'!$A$4:$A$340&'ER C6 FLT1'!$B$4:$B$340-3,1),7))))),IF($B10=\"4+ Trucks\",IF($Z10=\"Class_8\",INDEX('ER C8 FLT4'!$A$4:$J$340,MATCH($W10&$C10,'ER C8 FLT4'!$A$4:$A$340&'ER C8 FLT4'!$B$4:$B$340-3,1),5)*IF($Z10=\"Class_8\",INDEX('ER C8 FLT4'!$A$4:$J$340,MATCH($W10&$C10,'ER C8 FLT4'!$A$4:$A$340&'ER C8 FLT4'!$B$4:$B$340-3,1),7)),IF($Z10=\"Class_7\",INDEX('ER C7 FLT4'!$A$4:$J$340,MATCH($W10&$C10,'ER C7 FLT4'!$A$4:$A$340&'ER C7 FLT4'!$B$4:$B$340-3,1),5)*IF($Z10=\"Class_7\",INDEX('ER C7 FLT4'!$A$4:$J$340,MATCH($W10&$C10,'ER C7 FLT4'!$A$4:$A$340&'ER C7 FLT4'!$B$4:$B$340-3,1),7)),\nIF($Z10=\"Class_6\",INDEX('ER C6 FLT4'!$A$4:$J$340,MATCH($W10&$C10,'ER C6 FLT4'!$A$4:$A$340&'ER C6 FLT4'!$B$4:$B$340-3,1),5)*IF($Z10=\"Class_6\",INDEX('ER C6 FLT4'!$A$4:$L$340,MATCH($W10&$C10,'ER C6 FLT4'!$A$4:$A$340&'ER C6 FLT4'!$B$4:$B$340-3,1),7))))))))))*IF($X10=\"Level 3 PM + Mark I NOx\",0.75,1)*($AC10/453.6)-IF(CY10=0,CI10,0),0)","v":0},{"$f":"MAX(0,CY10+CZ10)","v":0},0,{"$f":"MAX((IF($B10=\"3 Trucks\",IF($Z10=\"Class_8\",INDEX('ER C8 FLT3'!$A$4:$J$340,MATCH($W10&$C10,'ER C8 FLT3'!$A$4:$A$340&'ER C8 FLT3'!$B$4:$B$340-4,1),5)*IF($Z10=\"Class_8\",INDEX('ER C8 FLT3'!$A$4:$J$340,MATCH($W10&$C10,'ER C8 FLT3'!$A$4:$A$340&'ER C8 FLT3'!$B$4:$B$340-4,1),7)),IF($Z10=\"Class_7\",INDEX('ER C7 FLT3'!$A$4:$J$340,MATCH($W10&$C10,'ER C7 FLT3'!$A$4:$A$340&'ER C7 FLT3'!$B$4:$B$340-4,1),5)*IF($Z10=\"Class_7\",INDEX('ER C7 FLT3'!$A$4:$J$340,MATCH($W10&$C10,'ER C7 FLT3'!$A$4:$A$340&'ER C7 FLT3'!$B$4:$B$340-4,1),7)),\nIF($Z10=\"Class_6\",INDEX('ER C6 FLT3'!$A$4:$J$340,MATCH($W10&$C10,'ER C6 FLT3'!$A$4:$A$340&'ER C6 FLT3'!$B$4:$B$340-4,1),5)*IF($Z10=\"Class_6\",INDEX('ER C6 FLT3'!$A$4:$L$340,MATCH($W10&$C10,'ER C6 FLT3'!$A$4:$A$340&'ER C6 FLT3'!$B$4:$B$340-4,1),7))))),IF($B10=\"2 Trucks\",IF($Z10=\"Class_8\",INDEX('ER C8 FLT2'!$A$4:$J$340,MATCH($W10&$C10,'ER C8 FLT2'!$A$4:$A$340&'ER C8 FLT2'!$B$4:$B$340-4,1),5)*IF($Z10=\"Class_8\",INDEX('ER C8 FLT2'!$A$4:$J$340,MATCH($W10&$C10,'ER C8 FLT2'!$A$4:$A$340&'ER C8 FLT2'!$B$4:$B$340-4,1),7)),IF($Z10=\"Class_7\",INDEX('ER C7 FLT2'!$A$4:$J$340,MATCH($W10&$C10,'ER C7 FLT2'!$A$4:$A$340&'ER C7 FLT2'!$B$4:$B$340-4,1),5)*IF($Z10=\"Class_7\",INDEX('ER C7 FLT2'!$A$4:$J$340,MATCH($W10&$C10,'ER C7 FLT2'!$A$4:$A$340&'ER C7 FLT2'!$B$4:$B$340-4,1),7)),IF($Z10=\"Class_6\",INDEX('ER C6 FLT2'!$A$4:$J$340,MATCH($W10&$C10,'ER C6 FLT2'!$A$4:$A$340&'ER C6 FLT2'!$B$4:$B$340-4,1),5)*IF($Z10=\"Class_6\",INDEX('ER C6 FLT2'!$A$4:$J$340,MATCH($W10&$C10,'ER C6 FLT2'!$A$4:$A$340&'ER C6 FLT2'!$B$4:$B$340-4,1),7))))),IF($B10=\"1 Truck\",\nIF($Z10=\"Class_8\",INDEX('ER C8 FLT1'!$A$4:$J$340,MATCH($W10&$C10,'ER C8 FLT1'!$A$4:$A$340&'ER C8 FLT1'!$B$4:$B$340-4,1),5)*IF($Z10=\"Class_8\",INDEX('ER C8 FLT1'!$A$4:$J$340,MATCH($W10&$C10,'ER C8 FLT1'!$A$4:$A$340&'ER C8 FLT1'!$B$4:$B$340-4,1),7)),IF($Z10=\"Class_7\",INDEX('ER C7 FLT1'!$A$4:$J$340,MATCH($W10&$C10,'ER C7 FLT1'!$A$4:$A$340&'ER C7 FLT1'!$B$4:$B$340-4,1),5)*IF($Z10=\"Class_7\",INDEX('ER C7 FLT1'!$A$4:$J$340,MATCH($W10&$C10,'ER C7 FLT1'!$A$4:$A$340&'ER C7 FLT1'!$B$4:$B$340-4,1),7)),\nIF($Z10=\"Class_6\",INDEX('ER C6 FLT1'!$A$4:$J$340,MATCH($W10&$C10,'ER C6 FLT1'!$A$4:$A$340&'ER C6 FLT1'!$B$4:$B$340-4,1),5)*IF($Z10=\"Class_6\",INDEX('ER C6 FLT1'!$A$4:$J$340,MATCH($W10&$C10,'ER C6 FLT1'!$A$4:$A$340&'ER C6 FLT1'!$B$4:$B$340-4,1),7))))),IF($B10=\"4+ Trucks\",IF($Z10=\"Class_8\",INDEX('ER C8 FLT4'!$A$4:$J$340,MATCH($W10&$C10,'ER C8 FLT4'!$A$4:$A$340&'ER C8 FLT4'!$B$4:$B$340-4,1),5)*IF($Z10=\"Class_8\",INDEX('ER C8 FLT4'!$A$4:$J$340,MATCH($W10&$C10,'ER C8 FLT4'!$A$4:$A$340&'ER C8 FLT4'!$B$4:$B$340-4,1),7)),IF($Z10=\"Class_7\",INDEX('ER C7 FLT4'!$A$4:$J$340,MATCH($W10&$C10,'ER C7 FLT4'!$A$4:$A$340&'ER C7 FLT4'!$B$4:$B$340-4,1),5)*IF($Z10=\"Class_7\",INDEX('ER C7 FLT4'!$A$4:$J$340,MATCH($W10&$C10,'ER C7 FLT4'!$A$4:$A$340&'ER C7 FLT4'!$B$4:$B$340-4,1),7)),\nIF($Z10=\"Class_6\",INDEX('ER C6 FLT4'!$A$4:$J$340,MATCH($W10&$C10,'ER C6 FLT4'!$A$4:$A$340&'ER C6 FLT4'!$B$4:$B$340-4,1),5)*IF($Z10=\"Class_6\",INDEX('ER C6 FLT4'!$A$4:$L$340,MATCH($W10&$C10,'ER C6 FLT4'!$A$4:$A$340&'ER C6 FLT4'!$B$4:$B$340-4,1),7))))))))))*IF($X10=\"Level 3 PM + Mark I NOx\",0.75,1)*($AC10/453.6)-IF(DB10=0,CJ10,0),0)","v":0},{"$f":"MAX(0,DB10+DC10)","v":0},{"$f":"MAX(0,CR10+CU10+CX10+DA10+DD10)","v":0}]
[{"$f":"'Input data'!A9","v":"project 5"},{"$f":"'Input data'!B9","v":0},{"$f":"'Input data'!C9","v":0},{"$f":"'Input data'!D9","v":0},{"$f":"'Input data'!E9","v":0},{"$f":"'Input data'!F9","v":0},{"$f":"'Input data'!G9","v":0},{"$f":"'Input data'!H9","v":""},{"$f":"'Input data'!I9","v":0},{"$f":"'Input data'!J9","v":0},{"$f":"'Input data'!K9","v":0},{"$f":"'Input data'!AK9","v":false},{"$f":"'Input data'!M9","v":0},{"$f":"'Input data'!AJ9","v":0},{"$f":"'Input data'!L9","v":0},{"$f":"'Input data'!N9","v":0},{"$f":"'Input data'!O9","v":0},{"$f":"'Input data'!P9","v":0},{"$f":"'Input data'!Q9","v":0},{"$f":"'Input data'!R9","v":""},{"$f":"'Input data'!$S9","v":"No"},{"$f":"'Input data'!T9","v":"No"},{"$f":"'Input data'!U9","v":0},{"$f":"'Input data'!V9","v":0},{"$f":"'Input data'!W9","v":0},{"$f":"'Input data'!X9","v":""},{"$f":"'Input data'!Y9","v":0},{"$f":"'Input data'!Z9","v":0},{"$f":"'Input data'!AA9","v":0},null,null,{"$f":"'Input data'!AD9","v":0},{"$f":"'Input data'!AE9","v":false},{"$f":"'Input data'!AF9","v":false},{"$f":"'Input data'!AG9","v":false},{"$f":"'Input data'!AH9","v":false},null,{"$f":"IF($B11=\"4+ Trucks\",IF(OR($H11=\"Class_8\",$N11=\"Replacement8HHD\",$AH11=\"CL7HHD\",$AJ11=\"CL7to8\"),INDEX('ER C8 FLT4'!$A$4:$I$340,MATCH($E11&$C11,'ER C8 FLT4'!$A$4:$A$340&'ER C8 FLT4'!$B$4:$B$340,1),8)*IF(OR($H11=\"Class_8\",$N11=\"Replacement8HHD\",$AH11=\"CL7HHD\",$AJ11=\"CL7to8\"),INDEX('ER C8 FLT4'!$A$4:$K$340,MATCH($E11&$C11,'ER C8 FLT4'!$A$4:$A$340&'ER C8 FLT4'!$B$4:$B$340,1),9)),IF($H11=\"Class_7\",INDEX('ER C7 FLT4'!$A$4:$J$340,MATCH($E11&$C11,'ER C7 FLT4'!$A$4:$A$340&'ER C7 FLT4'!$B$4:$B$340,1),8)*IF($H11=\"Class_7\",INDEX('ER C7 FLT4'!$A$4:$J$340,MATCH($E11&$C11,'ER C7 FLT4'!$A$4:$A$340&'ER C7 FLT4'!$B$4:$B$340,1),9)),\nIF($H11=\"Class_6\",INDEX('ER C6 FLT4'!$A$4:$J$340,MATCH($E11&$C11,'ER C6 FLT4'!$A$4:$A$340&'ER C6 FLT4'!$B$4:$B$340,1),8)*IF($H11=\"Class_6\",INDEX('ER C6 FLT4'!$A$4:$L$340,MATCH($E11&$C11,'ER C6 FLT4'!$A$4:$A$340&'ER C6 FLT4'!$B$4:$B$340,1),9))))),IF($B11=\"3 Trucks\",IF(OR($H11=\"Class_8\",$N11=\"Replacement8HHD\",$AH11=\"CL7HHD\",$AJ11=\"CL7to8\"),INDEX('ER C8 FLT3'!$A$4:$J$340,MATCH($E11&$C11,'ER C8 FLT3'!$A$4:$A$340&'ER C8 FLT3'!$B$4:$B$340,1),8)*IF(OR($H11=\"Class_8\",$N11=\"Replacement8HHD\",$AH11=\"CL7HHD\",$AJ11=\"CL7to8\"),INDEX('ER C8 FLT3'!$A$4:$J$340,MATCH($E11&$C11,'ER C8 FLT3'!$A$4:$A$340&'ER C8 FLT3'!$B$4:$B$340,1),9)),IF($H11=\"Class_7\",INDEX('ER C7 FLT3'!$A$4:$J$340,MATCH($E11&$C11,'ER C7 FLT3'!$A$4:$A$340&'ER C7 FLT3'!$B$4:$B$340,1),8)*IF($H11=\"Class_7\",INDEX('ER C7 FLT3'!$A$4:$J$340,MATCH($E11&$C11,'ER C7 FLT3'!$A$4:$A$340&'ER C7 FLT3'!$B$4:$B$340,1),9)),\nIF($H11=\"Class_6\",INDEX('ER C6 FLT3'!$A$4:$J$340,MATCH($E11&$C11,'ER C6 FLT3'!$A$4:$A$340&'ER C6 FLT3'!$B$4:$B$340,1),8)*IF($H11=\"Class_6\",INDEX('ER C6 FLT3'!$A$4:$L$340,MATCH($E11&$C11,'ER C6 FLT3'!$A$4:$A$340&'ER C6 FLT3'!$B$4:$B$340,1),9))))),IF($B11=\"2 Trucks\",IF(OR($H11=\"Class_8\",$N11=\"Replacement8HHD\",$AH11=\"CL7HHD\",$AJ11=\"CL7to8\"),INDEX('ER C8 FLT2'!$A$4:$J$340,MATCH($E11&$C11,'ER C8 FLT2'!$A$4:$A$340&'ER C8 FLT2'!$B$4:$B$340,1),8)*IF(OR($H11=\"Class_8\",$N11=\"Replacement8HHD\",$AH11=\"CL7HHD\",$AJ11=\"CL7to8\"),INDEX('ER C8 FLT2'!$A$4:$J$340,MATCH($E11&$C11,'ER C8 FLT2'!$A$4:$A$340&'ER C8 FLT2'!$B$4:$B$340,1),9)),IF($H11=\"Class_7\",INDEX('ER C7 FLT2'!$A$4:$J$340,MATCH($E11&$C11,'ER C7 FLT2'!$A$4:$A$340&'ER C7 FLT2'!$B$4:$B$340,1),8)*IF($H11=\"Class_7\",INDEX('ER C7 FLT2'!$A$4:$J$340,MATCH($E11&$C11,'ER C7 FLT2'!$A$4:$A$340&'ER C7 FLT2'!$B$4:$B$340,1),9)),IF($H11=\"Class_6\",INDEX('ER C6 FLT2'!$A$4:$J$340,MATCH($E11&$C11,'ER C6 FLT2'!$A$4:$A$340&'ER C6 FLT2'!$B$4:$B$340,1),8)*IF($H11=\"Class_6\",INDEX('ER C6 FLT2'!$A$4:$J$340,MATCH($E11&$C11,'ER C6 FLT2'!$A$4:$A$340&'ER C6 FLT2'!$B$4:$B$340,1),9))))),IF($B11=\"1 Truck\",\nIF(OR($H11=\"Class_8\",$N11=\"Replacement8HHD\",$AH11=\"CL7HHD\",$AJ11=\"CL7to8\"),INDEX('ER C8 FLT1'!$A$4:$J$340,MATCH($E11&$C11,'ER C8 FLT1'!$A$4:$A$340&'ER C8 FLT1'!$B$4:$B$340,1),8)*IF(OR($H11=\"Class_8\",$N11=\"Replacement8HHD\",$AH11=\"CL7HHD\",$AJ11=\"CL7to8\"),INDEX('ER C8 FLT1'!$A$4:$J$340,MATCH($E11&$C11,'ER C8 FLT1'!$A$4:$A$340&'ER C8 FLT1'!$B$4:$B$340,1),9)),IF($H11=\"Class_7\",INDEX('ER C7 FLT1'!$A$4:$J$340,MATCH($E11&$C11,'ER C7 FLT1'!$A$4:$A$340&'ER C7 FLT1'!$B$4:$B$340,1),8)*IF($H11=\"Class_7\",INDEX('ER C7 FLT1'!$A$4:$J$340,MATCH($E11&$C11,'ER C7 FLT1'!$A$4:$A$340&'ER C7 FLT1'!$B$4:$B$340,1),9)),\nIF($H11=\"Class_6\",INDEX('ER C6 FLT1'!$A$4:$J$340,MATCH($E11&$C11,'ER C6 FLT1'!$A$4:$A$340&'ER C6 FLT1'!$B$4:$B$340,1),8)*IF($H11=\"Class_6\",INDEX('ER C6 FLT1'!$A$4:$J$340,MATCH($E11&$C11,'ER C6 FLT1'!$A$4:$A$340&'ER C6 FLT1'!$B$4:$B$340,1),9)))))))))*IF($F11=\"Level 1 PM\",0.75,IF($F11=\"Level 2 PM\",0.5,IF($F11=\"Level 3 PM\",0,IF($F11=\"Level 3 PM + Mark I NOx\",0,1))))*($Q11/453.6)","v":0},{"$f":"IF($B11=\"4+ Trucks\",IF(OR($H11=\"Class_8\",$N11=\"Replacement8HHD\",$AH11=\"CL7HHD\",$AJ11=\"CL7to8\"),INDEX('ER C8 FLT4'!$A$4:$K$340,MATCH($E11&$C11,'ER C8 FLT4'!$A$4:$A$340&'ER C8 FLT4'!$B$4:$B$340-1,1),8)*IF(OR($H11=\"Class_8\",$N11=\"Replacement8HHD\",$AH11=\"CL7HHD\",$AJ11=\"CL7to8\"),INDEX('ER C8 FLT4'!$A$4:$K$340,MATCH($E11&$C11,'ER C8 FLT4'!$A$4:$A$340&'ER C8 FLT4'!$B$4:$B$340-1,1),9)),IF($H11=\"Class_7\",INDEX('ER C7 FLT4'!$A$4:$J$340,MATCH($E11&$C11,'ER C7 FLT4'!$A$4:$A$340&'ER C7 FLT4'!$B$4:$B$340-1,1),8)*IF($H11=\"Class_7\",INDEX('ER C7 FLT4'!$A$4:$J$340,MATCH($E11&$C11,'ER C7 FLT4'!$A$4:$A$340&'ER C7 FLT4'!$B$4:$B$340-1,1),9)),\nIF($H11=\"Class_6\",INDEX('ER C6 FLT4'!$A$4:$J$340,MATCH($E11&$C11,'ER C6 FLT4'!$A$4:$A$340&'ER C6 FLT4'!$B$4:$B$340-1,1),8)*IF($H11=\"Class_6\",INDEX('ER C6 FLT4'!$A$4:$L$340,MATCH($E11&$C11,'ER C6 FLT4'!$A$4:$A$340&'ER C6 FLT4'!$B$4:$B$340-1,1),9))))),\nIF($B11=\"3 Trucks\",IF(OR($H11=\"Class_8\",$N11=\"Replacement8HHD\",$AH11=\"CL7HHD\",$AJ11=\"CL7to8\"),INDEX('ER C8 FLT3'!$A$4:$J$340,MATCH($E11&$C11,'ER C8 FLT3'!$A$4:$A$340&'ER C8 FLT3'!$B$4:$B$340-1,1),8)*IF(OR($H11=\"Class_8\",$N11=\"Replacement8HHD\",$AH11=\"CL7HHD\",$AJ11=\"CL7to8\"),INDEX('ER C8 FLT3'!$A$4:$J$340,MATCH($E11&$C11,'ER C8 FLT3'!$A$4:$A$340&'ER C8 FLT3'!$B$4:$B$340-1,1),9)),IF($H11=\"Class_7\",INDEX('ER C7 FLT3'!$A$4:$J$340,MATCH($E11&$C11,'ER C7 FLT3'!$A$4:$A$340&'ER C7 FLT3'!$B$4:$B$340-1,1),8)*IF($H11=\"Class_7\",INDEX('ER C7 FLT3'!$A$4:$J$340,MATCH($E11&$C11,'ER C7 FLT3'!$A$4:$A$340&'ER C7 FLT3'!$B$4:$B$340-1,1),9)),\nIF($H11=\"Class_6\",INDEX('ER C6 FLT3'!$A$4:$J$340,MATCH($E11&$C11,'ER C6 FLT3'!$A$4:$A$340&'ER C6 FLT3'!$B$4:$B$340-1,1),8)*IF($H11=\"Class_6\",INDEX('ER C6 FLT3'!$A$4:$L$340,MATCH($E11&$C11,'ER C6 FLT3'!$A$4:$A$340&'ER C6 FLT3'!$B$4:$B$340-1,1),9))))),IF($B11=\"2 Trucks\",IF(OR($H11=\"Class_8\",$N11=\"Replacement8HHD\",$AH11=\"CL7HHD\",$AJ11=\"CL7to8\"),INDEX('ER C8 FLT2'!$A$4:$J$340,MATCH($E11&$C11,'ER C8 FLT2'!$A$4:$A$340&'ER C8 FLT2'!$B$4:$B$340-1,1),8)*IF(OR($H11=\"Class_8\",$N11=\"Replacement8HHD\",$AH11=\"CL7HHD\",$AJ11=\"CL7to8\"),INDEX('ER C8 FLT2'!$A$4:$J$340,MATCH($E11&$C11,'ER C8 FLT2'!$A$4:$A$340&'ER C8 FLT2'!$B$4:$B$340-1,1),9)),IF($H11=\"Class_7\",INDEX('ER C7 FLT2'!$A$4:$J$340,MATCH($E11&$C11,'ER C7 FLT2'!$A$4:$A$340&'ER C7 FLT2'!$B$4:$B$340-1,1),8)*IF($H11=\"Class_7\",INDEX('ER C7 FLT2'!$A$4:$J$340,MATCH($E11&$C11,'ER C7 FLT2'!$A$4:$A$340&'ER C7 FLT2'!$B$4:$B$340-1,1),9)),IF($H11=\"Class_6\",INDEX('ER C6 FLT2'!$A$4:$J$340,MATCH($E11&$C11,'ER C6 FLT2'!$A$4:$A$340&'ER C6 FLT2'!$B$4:$B$340-1,1),8)*IF($H11=\"Class_6\",INDEX('ER C6 FLT2'!$A$4:$J$340,MATCH($E11&$C11,'ER C6 FLT2'!$A$4:$A$340&'ER C6 FLT2'!$B$4:$B$340-1,1),9))))),IF($B11=\"1 Truck\",\nIF(OR($H11=\"Class_8\",$N11=\"Replacement8HHD\",$AH11=\"CL7HHD\",$AJ11=\"CL7to8\"),INDEX('ER C8 FLT1'!$A$4:$J$340,MATCH($E11&$C11,'ER C8 FLT1'!$A$4:$A$340&'ER C8 FLT1'!$B$4:$B$340-1,1),8)*IF(OR($H11=\"Class_8\",$N11=\"Replacement8HHD\",$AH11=\"CL7HHD\",$AJ11=\"CL7to8\"),INDEX('ER C8 FLT1'!$A$4:$J$340,MATCH($E11&$C11,'ER C8 FLT1'!$A$4:$A$340&'ER C8 FLT1'!$B$4:$B$340-1,1),9)),IF($H11=\"Class_7\",INDEX('ER C7 FLT1'!$A$4:$J$340,MATCH($E11&$C11,'ER C7 FLT1'!$A$4:$A$340&'ER C7 FLT1'!$B$4:$B$340-1,1),8)*IF($H11=\"Class_7\",INDEX('ER C7 FLT1'!$A$4:$J$340,MATCH($E11&$C11,'ER C7 FLT1'!$A$4:$A$340&'ER C7 FLT1'!$B$4:$B$340-1,1),9)),\nIF($H11=\"Class_6\",INDEX('ER C6 FLT1'!$A$4:$J$340,MATCH($E11&$C11,'ER C6 FLT1'!$A$4:$A$340&'ER C6 FLT1'!$B$4:$B$340-1,1),8)*IF($H11=\"Class_6\",INDEX('ER C6 FLT1'!$A$4:$J$340,MATCH($E11&$C11,'ER C6 FLT1'!$A$4:$A$340&'ER C6 FLT1'!$B$4:$B$340-1,1),9))))))))*IF($F11=\"Level 1 PM\",0.75,IF($F11=\"Level 2 PM\",0.5,IF($F11=\"Level 3 PM\",0,IF($F11=\"Level 3 PM + Mark I NOx\",0,1)))))*($Q11/453.6)","v":0},{"$f":"IF($B11=\"4+ Trucks\",IF(OR($H11=\"Class_8\",$N11=\"Replacement8HHD\",$AH11=\"CL7HHD\",$AJ11=\"CL7to8\"),INDEX('ER C8 FLT4'!$A$4:$K$340,MATCH($E11&$C11,'ER C8 FLT4'!$A$4:$A$340&'ER C8 FLT4'!$B$4:$B$340-2,1),8)*IF(OR($H11=\"Class_8\",$N11=\"Replacement8HHD\",$AH11=\"CL7HHD\",$AJ11=\"CL7to8\"),INDEX('ER C8 FLT4'!$A$4:$K$340,MATCH($E11&$C11,'ER C8 FLT4'!$A$4:$A$340&'ER C8 FLT4'!$B$4:$B$340-2,1),9)),IF($H11=\"Class_7\",INDEX('ER C7 FLT4'!$A$4:$J$340,MATCH($E11&$C11,'ER C7 FLT4'!$A$4:$A$340&'ER C7 FLT4'!$B$4:$B$340-2,1),8)*IF($H11=\"Class_7\",INDEX('ER C7 FLT4'!$A$4:$J$340,MATCH($E11&$C11,'ER C7 FLT4'!$A$4:$A$340&'ER C7 FLT4'!$B$4:$B$340-2,1),9)),\nIF($H11=\"Class_6\",INDEX('ER C6 FLT4'!$A$4:$J$340,MATCH($E11&$C11,'ER C6 FLT4'!$A$4:$A$340&'ER C6 FLT4'!$B$4:$B$340-2,1),8)*IF($H11=\"Class_6\",INDEX('ER C6 FLT4'!$A$4:$L$340,MATCH($E11&$C11,'ER C6 FLT4'!$A$4:$A$340&'ER C6 FLT4'!$B$4:$B$340-2,1),9))))),\nIF($B11=\"3 Trucks\",IF(OR($H11=\"Class_8\",$N11=\"Replacement8HHD\",$AH11=\"CL7HHD\",$AJ11=\"CL7to8\"),INDEX('ER C8 FLT3'!$A$4:$J$340,MATCH($E11&$C11,'ER C8 FLT3'!$A$4:$A$340&'ER C8 FLT3'!$B$4:$B$340-2,1),8)*IF(OR($H11=\"Class_8\",$N11=\"Replacement8HHD\",$AH11=\"CL7HHD\",$AJ11=\"CL7to8\"),INDEX('ER C8 FLT3'!$A$4:$J$340,MATCH($E11&$C11,'ER C8 FLT3'!$A$4:$A$340&'ER C8 FLT3'!$B$4:$B$340-2,1),9)),IF($H11=\"Class_7\",INDEX('ER C7 FLT3'!$A$4:$J$340,MATCH($E11&$C11,'ER C7 FLT3'!$A$4:$A$340&'ER C7 FLT3'!$B$4:$B$340-2,1),8)*IF($H11=\"Class_7\",INDEX('ER C7 FLT3'!$A$4:$J$340,MATCH($E11&$C11,'ER C7 FLT3'!$A$4:$A$340&'ER C7 FLT3'!$B$4:$B$340-2,1),9)),\nIF($H11=\"Class_6\",INDEX('ER C6 FLT3'!$A$4:$J$340,MATCH($E11&$C11,'ER C6 FLT3'!$A$4:$A$340&'ER C6 FLT3'!$B$4:$B$340-2,1),8)*IF($H11=\"Class_6\",INDEX('ER C6 FLT3'!$A$4:$L$340,MATCH($E11&$C11,'ER C6 FLT3'!$A$4:$A$340&'ER C6 FLT3'!$B$4:$B$340-2,1),9))))),IF($B11=\"2 Trucks\",IF(OR($H11=\"Class_8\",$N11=\"Replacement8HHD\",$AH11=\"CL7HHD\",$AJ11=\"CL7to8\"),INDEX('ER C8 FLT2'!$A$4:$J$340,MATCH($E11&$C11,'ER C8 FLT2'!$A$4:$A$340&'ER C8 FLT2'!$B$4:$B$340-2,1),8)*IF(OR($H11=\"Class_8\",$N11=\"Replacement8HHD\",$AH11=\"CL7HHD\",$AJ11=\"CL7to8\"),INDEX('ER C8 FLT2'!$A$4:$J$340,MATCH($E11&$C11,'ER C8 FLT2'!$A$4:$A$340&'ER C8 FLT2'!$B$4:$B$340-2,1),9)),IF($H11=\"Class_7\",INDEX('ER C7 FLT2'!$A$4:$J$340,MATCH($E11&$C11,'ER C7 FLT2'!$A$4:$A$340&'ER C7 FLT2'!$B$4:$B$340-2,1),8)*IF($H11=\"Class_7\",INDEX('ER C7 FLT2'!$A$4:$J$340,MATCH($E11&$C11,'ER C7 FLT2'!$A$4:$A$340&'ER C7 FLT2'!$B$4:$B$340-2,1),9)),IF($H11=\"Class_6\",INDEX('ER C6 FLT2'!$A$4:$J$340,MATCH($E11&$C11,'ER C6 FLT2'!$A$4:$A$340&'ER C6 FLT2'!$B$4:$B$340-2,1),8)*IF($H11=\"Class_6\",INDEX('ER C6 FLT2'!$A$4:$J$340,MATCH($E11&$C11,'ER C6 FLT2'!$A$4:$A$340&'ER C6 FLT2'!$B$4:$B$340-2,1),9))))),IF($B11=\"1 Truck\",\nIF(OR($H11=\"Class_8\",$N11=\"Replacement8HHD\",$AH11=\"CL7HHD\",$AJ11=\"CL7to8\"),INDEX('ER C8 FLT1'!$A$4:$J$340,MATCH($E11&$C11,'ER C8 FLT1'!$A$4:$A$340&'ER C8 FLT1'!$B$4:$B$340-2,1),8)*IF(OR($H11=\"Class_8\",$N11=\"Replacement8HHD\",$AH11=\"CL7HHD\",$AJ11=\"CL7to8\"),INDEX('ER C8 FLT1'!$A$4:$J$340,MATCH($E11&$C11,'ER C8 FLT1'!$A$4:$A$340&'ER C8 FLT1'!$B$4:$B$340-2,1),9)),IF($H11=\"Class_7\",INDEX('ER C7 FLT1'!$A$4:$J$340,MATCH($E11&$C11,'ER C7 FLT1'!$A$4:$A$340&'ER C7 FLT1'!$B$4:$B$340-2,1),8)*IF($H11=\"Class_7\",INDEX('ER C7 FLT1'!$A$4:$J$340,MATCH($E11&$C11,'ER C7 FLT1'!$A$4:$A$340&'ER C7 FLT1'!$B$4:$B$340-2,1),9)),\nIF($H11=\"Class_6\",INDEX('ER C6 FLT1'!$A$4:$J$340,MATCH($E11&$C11,'ER C6 FLT1'!$A$4:$A$340&'ER C6 FLT1'!$B$4:$B$340-2,1),8)*IF($H11=\"Class_6\",INDEX('ER C6 FLT1'!$A$4:$J$340,MATCH($E11&$C11,'ER C6 FLT1'!$A$4:$A$340&'ER C6 FLT1'!$B$4:$B$340-2,1),9))))))))*IF($F11=\"Level 1 PM\",0.75,IF($F11=\"Level 2 PM\",0.5,IF($F11=\"Level 3 PM\",0,IF($F11=\"Level 3 PM + Mark I NOx\",0,1)))))*($Q11/453.6)","v":0},{"$f":"IF($B11=\"4+ Trucks\",IF(OR($H11=\"Class_8\",$N11=\"Replacement8HHD\",$AH11=\"CL7HHD\",$AJ11=\"CL7to8\"),INDEX('ER C8 FLT4'!$A$4:$K$340,MATCH($E11&$C11,'ER C8 FLT4'!$A$4:$A$340&'ER C8 FLT4'!$B$4:$B$340-3,1),8)*IF(OR($H11=\"Class_8\",$N11=\"Replacement8HHD\",$AH11=\"CL7HHD\",$AJ11=\"CL7to8\"),INDEX('ER C8 FLT4'!$A$4:$K$340,MATCH($E11&$C11,'ER C8 FLT4'!$A$4:$A$340&'ER C8 FLT4'!$B$4:$B$340-3,1),9)),IF($H11=\"Class_7\",INDEX('ER C7 FLT4'!$A$4:$J$340,MATCH($E11&$C11,'ER C7 FLT4'!$A$4:$A$340&'ER C7 FLT4'!$B$4:$B$340-3,1),8)*IF($H11=\"Class_7\",INDEX('ER C7 FLT4'!$A$4:$J$340,MATCH($E11&$C11,'ER C7 FLT4'!$A$4:$A$340&'ER C7 FLT4'!$B$4:$B$340-3,1),9)),\nIF($H11=\"Class_6\",INDEX('ER C6 FLT4'!$A$4:$J$340,MATCH($E11&$C11,'ER C6 FLT4'!$A$4:$A$340&'ER C6 FLT4'!$B$4:$B$340-3,1),8)*IF($H11=\"Class_6\",INDEX('ER C6 FLT4'!$A$4:$L$340,MATCH($E11&$C11,'ER C6 FLT4'!$A$4:$A$340&'ER C6 FLT4'!$B$4:$B$340-3,1),9))))),\nIF($B11=\"3 Trucks\",IF(OR($H11=\"Class_8\",$N11=\"Replacement8HHD\",$AH11=\"CL7HHD\",$AJ11=\"CL7to8\"),INDEX('ER C8 FLT3'!$A$4:$J$340,MATCH($E11&$C11,'ER C8 FLT3'!$A$4:$A$340&'ER C8 FLT3'!$B$4:$B$340-3,1),8)*IF(OR($H11=\"Class_8\",$N11=\"Replacement8HHD\",$AH11=\"CL7HHD\",$AJ11=\"CL7to8\"),INDEX('ER C8 FLT3'!$A$4:$J$340,MATCH($E11&$C11,'ER C8 FLT3'!$A$4:$A$340&'ER C8 FLT3'!$B$4:$B$340-3,1),9)),IF($H11=\"Class_7\",INDEX('ER C7 FLT3'!$A$4:$J$340,MATCH($E11&$C11,'ER C7 FLT3'!$A$4:$A$340&'ER C7 FLT3'!$B$4:$B$340-3,1),8)*IF($H11=\"Class_7\",INDEX('ER C7 FLT3'!$A$4:$J$340,MATCH($E11&$C11,'ER C7 FLT3'!$A$4:$A$340&'ER C7 FLT3'!$B$4:$B$340-3,1),9)),\nIF($H11=\"Class_6\",INDEX('ER C6 FLT3'!$A$4:$J$340,MATCH($E11&$C11,'ER C6 FLT3'!$A$4:$A$340&'ER C6 FLT3'!$B$4:$B$340-3,1),8)*IF($H11=\"Class_6\",INDEX('ER C6 FLT3'!$A$4:$L$340,MATCH($E11&$C11,'ER C6 FLT3'!$A$4:$A$340&'ER C6 FLT3'!$B$4:$B$340-3,1),9))))),IF($B11=\"2 Trucks\",IF(OR($H11=\"Class_8\",$N11=\"Replacement8HHD\",$AH11=\"CL7HHD\",$AJ11=\"CL7to8\"),INDEX('ER C8 FLT2'!$A$4:$J$340,MATCH($E11&$C11,'ER C8 FLT2'!$A$4:$A$340&'ER C8 FLT2'!$B$4:$B$340-3,1),8)*IF(OR($H11=\"Class_8\",$N11=\"Replacement8HHD\",$AH11=\"CL7HHD\",$AJ11=\"CL7to8\"),INDEX('ER C8 FLT2'!$A$4:$J$340,MATCH($E11&$C11,'ER C8 FLT2'!$A$4:$A$340&'ER C8 FLT2'!$B$4:$B$340-3,1),9)),IF($H11=\"Class_7\",INDEX('ER C7 FLT2'!$A$4:$J$340,MATCH($E11&$C11,'ER C7 FLT2'!$A$4:$A$340&'ER C7 FLT2'!$B$4:$B$340-3,1),8)*IF($H11=\"Class_7\",INDEX('ER C7 FLT2'!$A$4:$J$340,MATCH($E11&$C11,'ER C7 FLT2'!$A$4:$A$340&'ER C7 FLT2'!$B$4:$B$340-3,1),9)),IF($H11=\"Class_6\",INDEX('ER C6 FLT2'!$A$4:$J$340,MATCH($E11&$C11,'ER C6 FLT2'!$A$4:$A$340&'ER C6 FLT2'!$B$4:$B$340-3,1),8)*IF($H11=\"Class_6\",INDEX('ER C6 FLT2'!$A$4:$J$340,MATCH($E11&$C11,'ER C6 FLT2'!$A$4:$A$340&'ER C6 FLT2'!$B$4:$B$340-3,1),9))))),IF($B11=\"1 Truck\",\nIF(OR($H11=\"Class_8\",$N11=\"Replacement8HHD\",$AH11=\"CL7HHD\",$AJ11=\"CL7to8\"),INDEX('ER C8 FLT1'!$A$4:$J$340,MATCH($E11&$C11,'ER C8 FLT1'!$A$4:$A$340&'ER C8 FLT1'!$B$4:$B$340-3,1),8)*IF(OR($H11=\"Class_8\",$N11=\"Replacement8HHD\",$AH11=\"CL7HHD\",$AJ11=\"CL7to8\"),INDEX('ER C8 FLT1'!$A$4:$J$340,MATCH($E11&$C11,'ER C8 FLT1'!$A$4:$A$340&'ER C8 FLT1'!$B$4:$B$340-3,1),9)),IF($H11=\"Class_7\",INDEX('ER C7 FLT1'!$A$4:$J$340,MATCH($E11&$C11,'ER C7 FLT1'!$A$4:$A$340&'ER C7 FLT1'!$B$4:$B$340-3,1),8)*IF($H11=\"Class_7\",INDEX('ER C7 FLT1'!$A$4:$J$340,MATCH($E11&$C11,'ER C7 FLT1'!$A$4:$A$340&'ER C7 FLT1'!$B$4:$B$340-3,1),9)),\nIF($H11=\"Class_6\",INDEX('ER C6 FLT1'!$A$4:$J$340,MATCH($E11&$C11,'ER C6 FLT1'!$A$4:$A$340&'ER C6 FLT1'!$B$4:$B$340-3,1),8)*IF($H11=\"Class_6\",INDEX('ER C6 FLT1'!$A$4:$J$340,MATCH($E11&$C11,'ER C6 FLT1'!$A$4:$A$340&'ER C6 FLT1'!$B$4:$B$340-3,1),9))))))))*IF($F11=\"Level 1 PM\",0.75,IF($F11=\"Level 2 PM\",0.5,IF($F11=\"Level 3 PM\",0,IF($F11=\"Level 3 PM + Mark I NOx\",0,1)))))*($Q11/453.6)","v":0},{"$f":"IF($B11=\"4+ Trucks\",IF(OR($H11=\"Class_8\",$N11=\"Replacement8HHD\",$AH11=\"CL7HHD\",$AJ11=\"CL7to8\"),INDEX('ER C8 FLT4'!$A$4:$K$340,MATCH($E11&$C11,'ER C8 FLT4'!$A$4:$A$340&'ER C8 FLT4'!$B$4:$B$340-4,1),8)*IF(OR($H11=\"Class_8\",$N11=\"Replacement8HHD\",$AH11=\"CL7HHD\",$AJ11=\"CL7to8\"),INDEX('ER C8 FLT4'!$A$4:$K$340,MATCH($E11&$C11,'ER C8 FLT4'!$A$4:$A$340&'ER C8 FLT4'!$B$4:$B$340-4,1),9)),IF($H11=\"Class_7\",INDEX('ER C7 FLT4'!$A$4:$J$340,MATCH($E11&$C11,'ER C7 FLT4'!$A$4:$A$340&'ER C7 FLT4'!$B$4:$B$340-4,1),8)*IF($H11=\"Class_7\",INDEX('ER C7 FLT4'!$A$4:$J$340,MATCH($E11&$C11,'ER C7 FLT4'!$A$4:$A$340&'ER C7 FLT4'!$B$4:$B$340-4,1),9)),\nIF($H11=\"Class_6\",INDEX('ER C6 FLT4'!$A$4:$J$340,MATCH($E11&$C11,'ER C6 FLT4'!$A$4:$A$340&'ER C6 FLT4'!$B$4:$B$340-4,1),8)*IF($H11=\"Class_6\",INDEX('ER C6 FLT4'!$A$4:$L$340,MATCH($E11&$C11,'ER C6 FLT4'!$A$4:$A$340&'ER C6 FLT4'!$B$4:$B$340-4,1),9))))),\nIF($B11=\"3 Trucks\",IF(OR($H11=\"Class_8\",$N11=\"Replacement8HHD\",$AH11=\"CL7HHD\",$AJ11=\"CL7to8\"),INDEX('ER C8 FLT3'!$A$4:$J$340,MATCH($E11&$C11,'ER C8 FLT3'!$A$4:$A$340&'ER C8 FLT3'!$B$4:$B$340-4,1),8)*IF(OR($H11=\"Class_8\",$N11=\"Replacement8HHD\",$AH11=\"CL7HHD\",$AJ11=\"CL7to8\"),INDEX('ER C8 FLT3'!$A$4:$J$340,MATCH($E11&$C11,'ER C8 FLT3'!$A$4:$A$340&'ER C8 FLT3'!$B$4:$B$340-4,1),9)),IF($H11=\"Class_7\",INDEX('ER C7 FLT3'!$A$4:$J$340,MATCH($E11&$C11,'ER C7 FLT3'!$A$4:$A$340&'ER C7 FLT3'!$B$4:$B$340-4,1),8)*IF($H11=\"Class_7\",INDEX('ER C7 FLT3'!$A$4:$J$340,MATCH($E11&$C11,'ER C7 FLT3'!$A$4:$A$340&'ER C7 FLT3'!$B$4:$B$340-4,1),9)),\nIF($H11=\"Class_6\",INDEX('ER C6 FLT3'!$A$4:$J$340,MATCH($E11&$C11,'ER C6 FLT3'!$A$4:$A$340&'ER C6 FLT3'!$B$4:$B$340-4,1),8)*IF($H11=\"Class_6\",INDEX('ER C6 FLT3'!$A$4:$L$340,MATCH($E11&$C11,'ER C6 FLT3'!$A$4:$A$340&'ER C6 FLT3'!$B$4:$B$340-4,1),9))))),IF($B11=\"2 Trucks\",IF(OR($H11=\"Class_8\",$N11=\"Replacement8HHD\",$AH11=\"CL7HHD\",$AJ11=\"CL7to8\"),INDEX('ER C8 FLT2'!$A$4:$J$340,MATCH($E11&$C11,'ER C8 FLT2'!$A$4:$A$340&'ER C8 FLT2'!$B$4:$B$340-4,1),8)*IF(OR($H11=\"Class_8\",$N11=\"Replacement8HHD\",$AH11=\"CL7HHD\",$AJ11=\"CL7to8\"),INDEX('ER C8 FLT2'!$A$4:$J$340,MATCH($E11&$C11,'ER C8 FLT2'!$A$4:$A$340&'ER C8 FLT2'!$B$4:$B$340-4,1),9)),IF($H11=\"Class_7\",INDEX('ER C7 FLT2'!$A$4:$J$340,MATCH($E11&$C11,'ER C7 FLT2'!$A$4:$A$340&'ER C7 FLT2'!$B$4:$B$340-4,1),8)*IF($H11=\"Class_7\",INDEX('ER C7 FLT2'!$A$4:$J$340,MATCH($E11&$C11,'ER C7 FLT2'!$A$4:$A$340&'ER C7 FLT2'!$B$4:$B$340-4,1),9)),IF($H11=\"Class_6\",INDEX('ER C6 FLT2'!$A$4:$J$340,MATCH($E11&$C11,'ER C6 FLT2'!$A$4:$A$340&'ER C6 FLT2'!$B$4:$B$340-4,1),8)*IF($H11=\"Class_6\",INDEX('ER C6 FLT2'!$A$4:$J$340,MATCH($E11&$C11,'ER C6 FLT2'!$A$4:$A$340&'ER C6 FLT2'!$B$4:$B$340-4,1),9))))),IF($B11=\"1 Truck\",\nIF(OR($H11=\"Class_8\",$N11=\"Replacement8HHD\",$AH11=\"CL7HHD\",$AJ11=\"CL7to8\"),INDEX('ER C8 FLT1'!$A$4:$J$340,MATCH($E11&$C11,'ER C8 FLT1'!$A$4:$A$340&'ER C8 FLT1'!$B$4:$B$340-4,1),8)*IF(OR($H11=\"Class_8\",$N11=\"Replacement8HHD\",$AH11=\"CL7HHD\",$AJ11=\"CL7to8\"),INDEX('ER C8 FLT1'!$A$4:$J$340,MATCH($E11&$C11,'ER C8 FLT1'!$A$4:$A$340&'ER C8 FLT1'!$B$4:$B$340-4,1),9)),IF($H11=\"Class_7\",INDEX('ER C7 FLT1'!$A$4:$J$340,MATCH($E11&$C11,'ER C7 FLT1'!$A$4:$A$340&'ER C7 FLT1'!$B$4:$B$340-4,1),8)*IF($H11=\"Class_7\",INDEX('ER C7 FLT1'!$A$4:$J$340,MATCH($E11&$C11,'ER C7 FLT1'!$A$4:$A$340&'ER C7 FLT1'!$B$4:$B$340-4,1),9)),\nIF($H11=\"Class_6\",INDEX('ER C6 FLT1'!$A$4:$J$340,MATCH($E11&$C11,'ER C6 FLT1'!$A$4:$A$340&'ER C6 FLT1'!$B$4:$B$340-4,1),8)*IF($H11=\"Class_6\",INDEX('ER C6 FLT1'!$A$4:$J$340,MATCH($E11&$C11,'ER C6 FLT1'!$A$4:$A$340&'ER C6 FLT1'!$B$4:$B$340-4,1),9))))))))*IF($F11=\"Level 1 PM\",0.75,IF($F11=\"Level 2 PM\",0.5,IF($F11=\"Level 3 PM\",0,IF($F11=\"Level 3 PM + Mark I NOx\",0,1)))))*($Q11/453.6)","v":0},{"$f":"IF($B11=\"4+ Trucks\",IF(OR($H11=\"Class_8\",$N11=\"Replacement8HHD\",$AH11=\"CL7HHD\",$AJ11=\"CL7to8\"),INDEX('ER C8 FLT4'!$A$4:$K$340,MATCH($E11&$C11,'ER C8 FLT4'!$A$4:$A$340&'ER C8 FLT4'!$B$4:$B$340,1),8),IF($H11=\"Class_7\",INDEX('ER C7 FLT4'!$A$4:$J$340,MATCH($E11&$C11,'ER C7 FLT4'!$A$4:$A$340&'ER C7 FLT4'!$B$4:$B$340,1),8),IF($H11=\"Class_6\",INDEX('ER C6 FLT4'!$A$4:$J$340,MATCH($E11&$C11,'ER C6 FLT4'!$A$4:$A$340&'ER C6 FLT4'!$B$4:$B$340,1),8)))),\nIF($B11=\"3 Trucks\",IF(OR($H11=\"Class_8\",$N11=\"Replacement8HHD\",$AH11=\"CL7HHD\",$AJ11=\"CL7to8\"),INDEX('ER C8 FLT3'!$A$4:$J$340,MATCH($E11&$C11,'ER C8 FLT3'!$A$4:$A$340&'ER C8 FLT3'!$B$4:$B$340,1),8),IF($H11=\"Class_7\",INDEX('ER C7 FLT3'!$A$4:$J$340,MATCH($E11&$C11,'ER C7 FLT3'!$A$4:$A$340&'ER C7 FLT3'!$B$4:$B$340,1),8),IF($H11=\"Class_6\",INDEX('ER C6 FLT3'!$A$4:$J$340,MATCH($E11&$C11,'ER C6 FLT3'!$A$4:$A$340&'ER C6 FLT3'!$B$4:$B$340,1),8)))),IF($B11=\"2 Trucks\",IF(OR($H11=\"Class_8\",$N11=\"Replacement8HHD\",$AH11=\"CL7HHD\",$AJ11=\"CL7to8\"),INDEX('ER C8 FLT2'!$A$4:$J$340,MATCH($E11&$C11,'ER C8 FLT2'!$A$4:$A$340&'ER C8 FLT2'!$B$4:$B$340,1),8),IF($H11=\"Class_7\",INDEX('ER C7 FLT2'!$A$4:$J$340,MATCH($E11&$C11,'ER C7 FLT2'!$A$4:$A$340&'ER C7 FLT2'!$B$4:$B$340,1),8),IF($H11=\"Class_6\",INDEX('ER C6 FLT2'!$A$4:$J$340,MATCH($E11&$C11,'ER C6 FLT2'!$A$4:$A$340&'ER C6 FLT2'!$B$4:$B$340,1),8)))),IF($B11=\"1 Truck\",IF(OR($H11=\"Class_8\",$N11=\"Replacement8HHD\",$AH11=\"CL7HHD\",$AJ11=\"CL7to8\"),INDEX('ER C8 FLT1'!$A$4:$J$340,MATCH($E11&$C11,'ER C8 FLT1'!$A$4:$A$340&'ER C8 FLT1'!$B$4:$B$340,1),8),IF($H11=\"Class_7\",INDEX('ER C7 FLT1'!$A$4:$J$340,MATCH($E11&$C11,'ER C7 FLT1'!$A$4:$A$340&'ER C7 FLT1'!$B$4:$B$340,1),8),IF($H11=\"Class_6\",INDEX('ER C6 FLT1'!$A$4:$J$340,MATCH($E11&$C11,'ER C6 FLT1'!$A$4:$A$340&'ER C6 FLT1'!$B$4:$B$340,1),8)))))))\n)","v":false},{"$f":"IF($B11=\"4+ Trucks\",IF(OR($H11=\"Class_8\",$N11=\"Replacement8HHD\",$AH11=\"CL7HHD\",$AJ11=\"CL7to8\"),INDEX('ER C8 FLT4'!$A$4:$K$340,MATCH($E11&$C11,'ER C8 FLT4'!$A$4:$A$340&'ER C8 FLT4'!$B$4:$B$340-1,1),8),IF($H11=\"Class_7\",INDEX('ER C7 FLT4'!$A$4:$J$340,MATCH($E11&$C11,'ER C7 FLT4'!$A$4:$A$340&'ER C7 FLT4'!$B$4:$B$340-1,1),8),IF($H11=\"Class_6\",INDEX('ER C6 FLT4'!$A$4:$J$340,MATCH($E11&$C11,'ER C6 FLT4'!$A$4:$A$340&'ER C6 FLT4'!$B$4:$B$340-1,1),8)))),\nIF($B11=\"3 Trucks\",IF(OR($H11=\"Class_8\",$N11=\"Replacement8HHD\",$AH11=\"CL7HHD\",$AJ11=\"CL7to8\"),INDEX('ER C8 FLT3'!$A$4:$J$340,MATCH($E11&$C11,'ER C8 FLT3'!$A$4:$A$340&'ER C8 FLT3'!$B$4:$B$340-1,1),8),IF($H11=\"Class_7\",INDEX('ER C7 FLT3'!$A$4:$J$340,MATCH($E11&$C11,'ER C7 FLT3'!$A$4:$A$340&'ER C7 FLT3'!$B$4:$B$340-1,1),8),IF($H11=\"Class_6\",INDEX('ER C6 FLT3'!$A$4:$J$340,MATCH($E11&$C11,'ER C6 FLT3'!$A$4:$A$340&'ER C6 FLT3'!$B$4:$B$340-1,1),8)))),IF($B11=\"2 Trucks\",IF(OR($H11=\"Class_8\",$N11=\"Replacement8HHD\",$AH11=\"CL7HHD\",$AJ11=\"CL7to8\"),INDEX('ER C8 FLT2'!$A$4:$J$340,MATCH($E11&$C11,'ER C8 FLT2'!$A$4:$A$340&'ER C8 FLT2'!$B$4:$B$340-1,1),8),IF($H11=\"Class_7\",INDEX('ER C7 FLT2'!$A$4:$J$340,MATCH($E11&$C11,'ER C7 FLT2'!$A$4:$A$340&'ER C7 FLT2'!$B$4:$B$340-1,1),8),IF($H11=\"Class_6\",INDEX('ER C6 FLT2'!$A$4:$J$340,MATCH($E11&$C11,'ER C6 FLT2'!$A$4:$A$340&'ER C6 FLT2'!$B$4:$B$340-1,1),8)))),IF($B11=\"1 Truck\",IF(OR($H11=\"Class_8\",$N11=\"Replacement8HHD\",$AH11=\"CL7HHD\",$AJ11=\"CL7to8\"),INDEX('ER C8 FLT1'!$A$4:$J$340,MATCH($E11&$C11,'ER C8 FLT1'!$A$4:$A$340&'ER C8 FLT1'!$B$4:$B$340-1,1),8),IF($H11=\"Class_7\",INDEX('ER C7 FLT1'!$A$4:$J$340,MATCH($E11&$C11,'ER C7 FLT1'!$A$4:$A$340&'ER C7 FLT1'!$B$4:$B$340-1,1),8),IF($H11=\"Class_6\",INDEX('ER C6 FLT1'!$A$4:$J$340,MATCH($E11&$C11,'ER C6 FLT1'!$A$4:$A$340&'ER C6 FLT1'!$B$4:$B$340-1,1),8)))))))\n)","v":false},{"$f":"IF($B11=\"4+ Trucks\",IF(OR($H11=\"Class_8\",$N11=\"Replacement8HHD\",$AH11=\"CL7HHD\",$AJ11=\"CL7to8\"),INDEX('ER C8 FLT4'!$A$4:$K$340,MATCH($E11&$C11,'ER C8 FLT4'!$A$4:$A$340&'ER C8 FLT4'!$B$4:$B$340-2,1),8),IF($H11=\"Class_7\",INDEX('ER C7 FLT4'!$A$4:$J$340,MATCH($E11&$C11,'ER C7 FLT4'!$A$4:$A$340&'ER C7 FLT4'!$B$4:$B$340-2,1),8),IF($H11=\"Class_6\",INDEX('ER C6 FLT4'!$A$4:$J$340,MATCH($E11&$C11,'ER C6 FLT4'!$A$4:$A$340&'ER C6 FLT4'!$B$4:$B$340-2,1),8)))),\nIF($B11=\"3 Trucks\",IF(OR($H11=\"Class_8\",$N11=\"Replacement8HHD\",$AH11=\"CL7HHD\",$AJ11=\"CL7to8\"),INDEX('ER C8 FLT3'!$A$4:$J$340,MATCH($E11&$C11,'ER C8 FLT3'!$A$4:$A$340&'ER C8 FLT3'!$B$4:$B$340-2,1),8),IF($H11=\"Class_7\",INDEX('ER C7 FLT3'!$A$4:$J$340,MATCH($E11&$C11,'ER C7 FLT3'!$A$4:$A$340&'ER C7 FLT3'!$B$4:$B$340-2,1),8),IF($H11=\"Class_6\",INDEX('ER C6 FLT3'!$A$4:$J$340,MATCH($E11&$C11,'ER C6 FLT3'!$A$4:$A$340&'ER C6 FLT3'!$B$4:$B$340-2,1),8)))),IF($B11=\"2 Trucks\",IF(OR($H11=\"Class_8\",$N11=\"Replacement8HHD\",$AH11=\"CL7HHD\",$AJ11=\"CL7to8\"),INDEX('ER C8 FLT2'!$A$4:$J$340,MATCH($E11&$C11,'ER C8 FLT2'!$A$4:$A$340&'ER C8 FLT2'!$B$4:$B$340-2,1),8),IF($H11=\"Class_7\",INDEX('ER C7 FLT2'!$A$4:$J$340,MATCH($E11&$C11,'ER C7 FLT2'!$A$4:$A$340&'ER C7 FLT2'!$B$4:$B$340-2,1),8),IF($H11=\"Class_6\",INDEX('ER C6 FLT2'!$A$4:$J$340,MATCH($E11&$C11,'ER C6 FLT2'!$A$4:$A$340&'ER C6 FLT2'!$B$4:$B$340-2,1),8)))),IF($B11=\"1 Truck\",IF(OR($H11=\"Class_8\",$N11=\"Replacement8HHD\",$AH11=\"CL7HHD\",$AJ11=\"CL7to8\"),INDEX('ER C8 FLT1'!$A$4:$J$340,MATCH($E11&$C11,'ER C8 FLT1'!$A$4:$A$340&'ER C8 FLT1'!$B$4:$B$340-2,1),8),IF($H11=\"Class_7\",INDEX('ER C7 FLT1'!$A$4:$J$340,MATCH($E11&$C11,'ER C7 FLT1'!$A$4:$A$340&'ER C7 FLT1'!$B$4:$B$340-2,1),8),IF($H11=\"Class_6\",INDEX('ER C6 FLT1'!$A$4:$J$340,MATCH($E11&$C11,'ER C6 FLT1'!$A$4:$A$340&'ER C6 FLT1'!$B$4:$B$340-2,1),8)))))))\n)","v":false},{"$f":"IF($B11=\"4+ Trucks\",IF(OR($H11=\"Class_8\",$N11=\"Replacement8HHD\",$AH11=\"CL7HHD\",$AJ11=\"CL7to8\"),INDEX('ER C8 FLT4'!$A$4:$J$340,MATCH($E11&$C11,'ER C8 FLT4'!$A$4:$A$340&'ER C8 FLT4'!$B$4:$B$340-3,1),8),IF($H11=\"Class_7\",INDEX('ER C7 FLT4'!$A$4:$J$340,MATCH($E11&$C11,'ER C7 FLT4'!$A$4:$A$340&'ER C7 FLT4'!$B$4:$B$340-3,1),8),IF($H11=\"Class_6\",INDEX('ER C6 FLT4'!$A$4:$J$340,MATCH($E11&$C11,'ER C6 FLT4'!$A$4:$A$340&'ER C6 FLT4'!$B$4:$B$340-3,1),8)))),\nIF($B11=\"3 Trucks\",IF(OR($H11=\"Class_8\",$N11=\"Replacement8HHD\",$AH11=\"CL7HHD\",$AJ11=\"CL7to8\"),INDEX('ER C8 FLT3'!$A$4:$J$340,MATCH($E11&$C11,'ER C8 FLT3'!$A$4:$A$340&'ER C8 FLT3'!$B$4:$B$340-3,1),8),IF($H11=\"Class_7\",INDEX('ER C7 FLT3'!$A$4:$J$340,MATCH($E11&$C11,'ER C7 FLT3'!$A$4:$A$340&'ER C7 FLT3'!$B$4:$B$340-3,1),8),IF($H11=\"Class_6\",INDEX('ER C6 FLT3'!$A$4:$J$340,MATCH($E11&$C11,'ER C6 FLT3'!$A$4:$A$340&'ER C6 FLT3'!$B$4:$B$340-3,1),8)))),\nIF($B11=\"2 Trucks\",IF(OR($H11=\"Class_8\",$N11=\"Replacement8HHD\",$AH11=\"CL7HHD\",$AJ11=\"CL7to8\"),INDEX('ER C8 FLT2'!$A$4:$J$340,MATCH($E11&$C11,'ER C8 FLT2'!$A$4:$A$340&'ER C8 FLT2'!$B$4:$B$340-3,1),8),IF($H11=\"Class_7\",INDEX('ER C7 FLT2'!$A$4:$J$340,MATCH($E11&$C11,'ER C7 FLT2'!$A$4:$A$340&'ER C7 FLT2'!$B$4:$B$340-3,1),8),IF($H11=\"Class_6\",INDEX('ER C6 FLT2'!$A$4:$J$340,MATCH($E11&$C11,'ER C6 FLT2'!$A$4:$A$340&'ER C6 FLT2'!$B$4:$B$340-3,1),8)))),IF($B11=\"1 Truck\",IF(OR($H11=\"Class_8\",$N11=\"Replacement8HHD\",$AH11=\"CL7HHD\",$AJ11=\"CL7to8\"),INDEX('ER C8 FLT1'!$A$4:$J$340,MATCH($E11&$C11,'ER C8 FLT1'!$A$4:$A$340&'ER C8 FLT1'!$B$4:$B$340-3,1),8),IF($H11=\"Class_7\",INDEX('ER C7 FLT1'!$A$4:$J$340,MATCH($E11&$C11,'ER C7 FLT1'!$A$4:$A$340&'ER C7 FLT1'!$B$4:$B$340-3,1),8),IF($H11=\"Class_6\",INDEX('ER C6 FLT1'!$A$4:$J$340,MATCH($E11&$C11,'ER C6 FLT1'!$A$4:$A$340&'ER C6 FLT1'!$B$4:$B$340-3,1),8)))))))\n)","v":false},{"$f":"IF($B11=\"4+ Trucks\",IF(OR($H11=\"Class_8\",$N11=\"Replacement8HHD\",$AH11=\"CL7HHD\",$AJ11=\"CL7to8\"),INDEX('ER C8 FLT4'!$A$4:$J$340,MATCH($E11&$C11,'ER C8 FLT4'!$A$4:$A$340&'ER C8 FLT4'!$B$4:$B$340-4,1),8),IF($H11=\"Class_7\",INDEX('ER C7 FLT4'!$A$4:$J$340,MATCH($E11&$C11,'ER C7 FLT4'!$A$4:$A$340&'ER C7 FLT4'!$B$4:$B$340-4,1),8),IF($H11=\"Class_6\",INDEX('ER C6 FLT4'!$A$4:$J$340,MATCH($E11&$C11,'ER C6 FLT4'!$A$4:$A$340&'ER C6 FLT4'!$B$4:$B$340-4,1),8)))),\nIF($B11=\"3 Trucks\",IF(OR($H11=\"Class_8\",$N11=\"Replacement8HHD\",$AH11=\"CL7HHD\",$AJ11=\"CL7to8\"),INDEX('ER C8 FLT3'!$A$4:$J$340,MATCH($E11&$C11,'ER C8 FLT3'!$A$4:$A$340&'ER C8 FLT3'!$B$4:$B$340-4,1),8),IF($H11=\"Class_7\",INDEX('ER C7 FLT3'!$A$4:$J$340,MATCH($E11&$C11,'ER C7 FLT3'!$A$4:$A$340&'ER C7 FLT3'!$B$4:$B$340-4,1),8),IF($H11=\"Class_6\",INDEX('ER C6 FLT3'!$A$4:$J$340,MATCH($E11&$C11,'ER C6 FLT3'!$A$4:$A$340&'ER C6 FLT3'!$B$4:$B$340-4,1),8)))),\nIF($B11=\"2 Trucks\",IF(OR($H11=\"Class_8\",$N11=\"Replacement8HHD\",$AH11=\"CL7HHD\",$AJ11=\"CL7to8\"),INDEX('ER C8 FLT2'!$A$4:$J$340,MATCH($E11&$C11,'ER C8 FLT2'!$A$4:$A$340&'ER C8 FLT2'!$B$4:$B$340-4,1),8),IF($H11=\"Class_7\",INDEX('ER C7 FLT2'!$A$4:$J$340,MATCH($E11&$C11,'ER C7 FLT2'!$A$4:$A$340&'ER C7 FLT2'!$B$4:$B$340-4,1),8),IF($H11=\"Class_6\",INDEX('ER C6 FLT2'!$A$4:$J$340,MATCH($E11&$C11,'ER C6 FLT2'!$A$4:$A$340&'ER C6 FLT2'!$B$4:$B$340-4,1),8)))),IF($B11=\"1 Truck\",IF(OR($H11=\"Class_8\",$N11=\"Replacement8HHD\",$AH11=\"CL7HHD\",$AJ11=\"CL7to8\"),INDEX('ER C8 FLT1'!$A$4:$J$340,MATCH($E11&$C11,'ER C8 FLT1'!$A$4:$A$340&'ER C8 FLT1'!$B$4:$B$340-4,1),8),IF($H11=\"Class_7\",INDEX('ER C7 FLT1'!$A$4:$J$340,MATCH($E11&$C11,'ER C7 FLT1'!$A$4:$A$340&'ER C7 FLT1'!$B$4:$B$340-4,1),8),IF($H11=\"Class_6\",INDEX('ER C6 FLT1'!$A$4:$J$340,MATCH($E11&$C11,'ER C6 FLT1'!$A$4:$A$340&'ER C6 FLT1'!$B$4:$B$340-4,1),8)))))))\n)","v":false},0,0,0,0,0,{"$f":"IF(OR($R11=\"Diesel\",$R11=\"Zero Emission\",$R11=\"Hybrid\",$R11=\"Hybrid Zero-Mile\",$R11=\"Low NOx\",$R11=\"LNG/CNG\"),IF($B11=\"3 Trucks\",IF(OR($O11=\"Class_8\",$N11=\"Replacement8HHD\",$AI11=\"CL7HHD\"),INDEX('ER C8 FLT3'!$A$4:$J$340,MATCH(DropData!$J57&$C11,'ER C8 FLT3'!$A$4:$A$340&'ER C8 FLT3'!$B$4:$B$340,1),8),IF($O11=\"Class_7\",INDEX('ER C7 FLT3'!$A$4:$J$340,MATCH(DropData!$J57&$C11,'ER C7 FLT3'!$A$4:$A$340&'ER C7 FLT3'!$B$4:$B$340,1),8),IF($O11=\"Class_6\",INDEX('ER C6 FLT3'!$A$4:$J$340,MATCH(DropData!$J57&$C11,'ER C6 FLT3'!$A$4:$A$340&'ER C6 FLT3'!$B$4:$B$340,1),8)))),IF($B11=\"2 Trucks\",IF(OR($O11=\"Class_8\",$N11=\"Replacement8HHD\",$AI11=\"CL7HHD\"),INDEX('ER C8 FLT2'!$A$4:$J$340,MATCH(DropData!$J57&$C11,'ER C8 FLT2'!$A$4:$A$340&'ER C8 FLT2'!$B$4:$B$340,1),8),IF($O11=\"Class_7\",INDEX('ER C7 FLT2'!$A$4:$J$340,MATCH(DropData!$J57&$C11,'ER C7 FLT2'!$A$4:$A$340&'ER C7 FLT2'!$B$4:$B$340,1),8),IF($O11=\"Class_6\",INDEX('ER C6 FLT2'!$A$4:$J$340,MATCH(DropData!$J57&$C11,'ER C6 FLT2'!$A$4:$A$340&'ER C6 FLT2'!$B$4:$B$340,1),8)))),IF($B11=\"1 Truck\",IF(OR($O11=\"Class_8\",$N11=\"Replacement8HHD\",$AI11=\"CL7HHD\"),INDEX('ER C8 FLT1'!$A$4:$J$340,MATCH(DropData!$J57&$C11,'ER C8 FLT1'!$A$4:$A$340&'ER C8 FLT1'!$B$4:$B$340,1),8),IF($O11=\"Class_7\",INDEX('ER C7 FLT1'!$A$4:$J$340,MATCH(DropData!$J57&$C11,'ER C7 FLT1'!$A$4:$A$340&'ER C7 FLT1'!$B$4:$B$340,1),8),IF($O11=\"Class_6\",INDEX('ER C6 FLT1'!$A$4:$J$340,MATCH(DropData!$J57&$C11,'ER C6 FLT1'!$A$4:$A$340&'ER C6 FLT1'!$B$4:$B$340,1),8)))),IF($B11=\"4+ Trucks\",IF(OR($O11=\"Class_8\",$N11=\"Replacement8HHD\",$AI11=\"CL7HHD\"),INDEX('ER C8 FLT4'!$A$4:$J$340,MATCH(DropData!$J57&$C11,'ER C8 FLT4'!$A$4:$A$340&'ER C8 FLT4'!$B$4:$B$340,1),8),IF($O11=\"Class_7\",INDEX('ER C7 FLT4'!$A$4:$J$340,MATCH(DropData!$J57&$C11,'ER C7 FLT4'!$A$4:$A$340&'ER C7 FLT4'!$B$4:$B$340,1),8),IF($O11=\"Class_6\",INDEX('ER C6 FLT4'!$A$4:$J$340,MATCH(DropData!$J57&$C11,'ER C6 FLT4'!$A$4:$A$340&'ER C6 FLT4'!$B$4:$B$340,1),8)))))))))","v":false},{"$f":"IF(OR($R11=\"Diesel\",$R11=\"Zero Emission\",$R11=\"Hybrid\",$R11=\"Hybrid Zero-Mile\",$R11=\"Low NOx\",$R11=\"LNG/CNG\"),IF($B11=\"3 Trucks\",IF(OR($O11=\"Class_8\",$N11=\"Replacement8HHD\",$AI11=\"CL7HHD\"),INDEX('ER C8 FLT3'!$A$4:$J$340,MATCH(DropData!$J57&$C11,'ER C8 FLT3'!$A$4:$A$340&'ER C8 FLT3'!$B$4:$B$340-1,1),8),IF($O11=\"Class_7\",INDEX('ER C7 FLT3'!$A$4:$J$340,MATCH(DropData!$J57&$C11,'ER C7 FLT3'!$A$4:$A$340&'ER C7 FLT3'!$B$4:$B$340-1,1),8),IF($O11=\"Class_6\",INDEX('ER C6 FLT3'!$A$4:$J$340,MATCH(DropData!$J57&$C11,'ER C6 FLT3'!$A$4:$A$340&'ER C6 FLT3'!$B$4:$B$340-1,1),8)))),IF($B11=\"2 Trucks\",IF(OR($O11=\"Class_8\",$N11=\"Replacement8HHD\",$AI11=\"CL7HHD\"),INDEX('ER C8 FLT2'!$A$4:$J$340,MATCH(DropData!$J57&$C11,'ER C8 FLT2'!$A$4:$A$340&'ER C8 FLT2'!$B$4:$B$340-1,1),8),IF($O11=\"Class_7\",INDEX('ER C7 FLT2'!$A$4:$J$340,MATCH(DropData!$J57&$C11,'ER C7 FLT2'!$A$4:$A$340&'ER C7 FLT2'!$B$4:$B$340-1,1),8),IF($O11=\"Class_6\",INDEX('ER C6 FLT2'!$A$4:$J$340,MATCH(DropData!$J57&$C11,'ER C6 FLT2'!$A$4:$A$340&'ER C6 FLT2'!$B$4:$B$340-1,1),8)))),IF($B11=\"1 Truck\",IF(OR($O11=\"Class_8\",$N11=\"Replacement8HHD\",$AI11=\"CL7HHD\"),INDEX('ER C8 FLT1'!$A$4:$J$340,MATCH(DropData!$J57&$C11,'ER C8 FLT1'!$A$4:$A$340&'ER C8 FLT1'!$B$4:$B$340-1,1),8),IF($O11=\"Class_7\",INDEX('ER C7 FLT1'!$A$4:$J$340,MATCH(DropData!$J57&$C11,'ER C7 FLT1'!$A$4:$A$340&'ER C7 FLT1'!$B$4:$B$340-1,1),8),IF($O11=\"Class_6\",INDEX('ER C6 FLT1'!$A$4:$J$340,MATCH(DropData!$J57&$C11,'ER C6 FLT1'!$A$4:$A$340&'ER C6 FLT1'!$B$4:$B$340-1,1),8)))),IF($B11=\"4+ Trucks\",IF(OR($O11=\"Class_8\",$N11=\"Replacement8HHD\",$AI11=\"CL7HHD\"),INDEX('ER C8 FLT4'!$A$4:$J$340,MATCH(DropData!$J57&$C11,'ER C8 FLT4'!$A$4:$A$340&'ER C8 FLT4'!$B$4:$B$340-1,1),8),IF($O11=\"Class_7\",INDEX('ER C7 FLT4'!$A$4:$J$340,MATCH(DropData!$J57&$C11,'ER C7 FLT4'!$A$4:$A$340&'ER C7 FLT4'!$B$4:$B$340-1,1),8),IF($O11=\"Class_6\",INDEX('ER C6 FLT4'!$A$4:$J$340,MATCH(DropData!$J57&$C11,'ER C6 FLT4'!$A$4:$A$340&'ER C6 FLT4'!$B$4:$B$340-1,1),8)))))))))","v":false},{"$f":"IF(OR($R11=\"Diesel\",$R11=\"Zero Emission\",$R11=\"Hybrid\",$R11=\"Hybrid Zero-Mile\",$R11=\"Low NOx\",$R11=\"LNG/CNG\"),IF($B11=\"3 Trucks\",IF(OR($O11=\"Class_8\",$N11=\"Replacement8HHD\",$AI11=\"CL7HHD\"),INDEX('ER C8 FLT3'!$A$4:$J$340,MATCH(DropData!$J57&$C11,'ER C8 FLT3'!$A$4:$A$340&'ER C8 FLT3'!$B$4:$B$340-2,1),8),IF($O11=\"Class_7\",INDEX('ER C7 FLT3'!$A$4:$J$340,MATCH(DropData!$J57&$C11,'ER C7 FLT3'!$A$4:$A$340&'ER C7 FLT3'!$B$4:$B$340-2,1),8),IF($O11=\"Class_6\",INDEX('ER C6 FLT3'!$A$4:$J$340,MATCH(DropData!$J57&$C11,'ER C6 FLT3'!$A$4:$A$340&'ER C6 FLT3'!$B$4:$B$340-2,1),8)))),IF($B11=\"2 Trucks\",IF(OR($O11=\"Class_8\",$N11=\"Replacement8HHD\",$AI11=\"CL7HHD\"),INDEX('ER C8 FLT2'!$A$4:$J$340,MATCH(DropData!$J57&$C11,'ER C8 FLT2'!$A$4:$A$340&'ER C8 FLT2'!$B$4:$B$340-2,1),8),IF($O11=\"Class_7\",INDEX('ER C7 FLT2'!$A$4:$J$340,MATCH(DropData!$J57&$C11,'ER C7 FLT2'!$A$4:$A$340&'ER C7 FLT2'!$B$4:$B$340-2,1),8),IF($O11=\"Class_6\",INDEX('ER C6 FLT2'!$A$4:$J$340,MATCH(DropData!$J57&$C11,'ER C6 FLT2'!$A$4:$A$340&'ER C6 FLT2'!$B$4:$B$340-2,1),8)))),IF($B11=\"1 Truck\",IF(OR($O11=\"Class_8\",$N11=\"Replacement8HHD\",$AI11=\"CL7HHD\"),INDEX('ER C8 FLT1'!$A$4:$J$340,MATCH(DropData!$J57&$C11,'ER C8 FLT1'!$A$4:$A$340&'ER C8 FLT1'!$B$4:$B$340-2,1),8),IF($O11=\"Class_7\",INDEX('ER C7 FLT1'!$A$4:$J$340,MATCH(DropData!$J57&$C11,'ER C7 FLT1'!$A$4:$A$340&'ER C7 FLT1'!$B$4:$B$340-2,1),8),IF($O11=\"Class_6\",INDEX('ER C6 FLT1'!$A$4:$J$340,MATCH(DropData!$J57&$C11,'ER C6 FLT1'!$A$4:$A$340&'ER C6 FLT1'!$B$4:$B$340-2,1),8)))),IF($B11=\"4+ Trucks\",IF(OR($O11=\"Class_8\",$N11=\"Replacement8HHD\",$AI11=\"CL7HHD\"),INDEX('ER C8 FLT4'!$A$4:$J$340,MATCH(DropData!$J57&$C11,'ER C8 FLT4'!$A$4:$A$340&'ER C8 FLT4'!$B$4:$B$340-2,1),8),IF($O11=\"Class_7\",INDEX('ER C7 FLT4'!$A$4:$J$340,MATCH(DropData!$J57&$C11,'ER C7 FLT4'!$A$4:$A$340&'ER C7 FLT4'!$B$4:$B$340-2,1),8),IF($O11=\"Class_6\",INDEX('ER C6 FLT4'!$A$4:$J$340,MATCH(DropData!$J57&$C11,'ER C6 FLT4'!$A$4:$A$340&'ER C6 FLT4'!$B$4:$B$340-2,1),8)))))))))","v":false},{"$f":"IF(OR($R11=\"Diesel\",$R11=\"Zero Emission\",$R11=\"Hybrid\",$R11=\"Hybrid Zero-Mile\",$R11=\"Low NOx\",$R11=\"LNG/CNG\"),IF($B11=\"3 Trucks\",IF(OR($O11=\"Class_8\",$N11=\"Replacement8HHD\",$AI11=\"CL7HHD\"),INDEX('ER C8 FLT3'!$A$4:$J$340,MATCH(DropData!$J57&$C11,'ER C8 FLT3'!$A$4:$A$340&'ER C8 FLT3'!$B$4:$B$340-3,1),8),IF($O11=\"Class_7\",INDEX('ER C7 FLT3'!$A$4:$J$340,MATCH(DropData!$J57&$C11,'ER C7 FLT3'!$A$4:$A$340&'ER C7 FLT3'!$B$4:$B$340-3,1),8),IF($O11=\"Class_6\",INDEX('ER C6 FLT3'!$A$4:$J$340,MATCH(DropData!$J57&$C11,'ER C6 FLT3'!$A$4:$A$340&'ER C6 FLT3'!$B$4:$B$340-3,1),8)))),IF($B11=\"2 Trucks\",IF(OR($O11=\"Class_8\",$N11=\"Replacement8HHD\",$AI11=\"CL7HHD\"),INDEX('ER C8 FLT2'!$A$4:$J$340,MATCH(DropData!$J57&$C11,'ER C8 FLT2'!$A$4:$A$340&'ER C8 FLT2'!$B$4:$B$340-3,1),8),IF($O11=\"Class_7\",INDEX('ER C7 FLT2'!$A$4:$J$340,MATCH(DropData!$J57&$C11,'ER C7 FLT2'!$A$4:$A$340&'ER C7 FLT2'!$B$4:$B$340-3,1),8),IF($O11=\"Class_6\",INDEX('ER C6 FLT2'!$A$4:$J$340,MATCH(DropData!$J57&$C11,'ER C6 FLT2'!$A$4:$A$340&'ER C6 FLT2'!$B$4:$B$340-3,1),8)))),IF($B11=\"1 Truck\",IF(OR($O11=\"Class_8\",$N11=\"Replacement8HHD\",$AI11=\"CL7HHD\"),INDEX('ER C8 FLT1'!$A$4:$J$340,MATCH(DropData!$J57&$C11,'ER C8 FLT1'!$A$4:$A$340&'ER C8 FLT1'!$B$4:$B$340-3,1),8),IF($O11=\"Class_7\",INDEX('ER C7 FLT1'!$A$4:$J$340,MATCH(DropData!$J57&$C11,'ER C7 FLT1'!$A$4:$A$340&'ER C7 FLT1'!$B$4:$B$340-3,1),8),IF($O11=\"Class_6\",INDEX('ER C6 FLT1'!$A$4:$J$340,MATCH(DropData!$J57&$C11,'ER C6 FLT1'!$A$4:$A$340&'ER C6 FLT1'!$B$4:$B$340-3,1),8)))),IF($B11=\"4+ Trucks\",IF(OR($O11=\"Class_8\",$N11=\"Replacement8HHD\",$AI11=\"CL7HHD\"),INDEX('ER C8 FLT4'!$A$4:$J$340,MATCH(DropData!$J57&$C11,'ER C8 FLT4'!$A$4:$A$340&'ER C8 FLT4'!$B$4:$B$340-3,1),8),IF($O11=\"Class_7\",INDEX('ER C7 FLT4'!$A$4:$J$340,MATCH(DropData!$J57&$C11,'ER C7 FLT4'!$A$4:$A$340&'ER C7 FLT4'!$B$4:$B$340-3,1),8),IF($O11=\"Class_6\",INDEX('ER C6 FLT4'!$A$4:$J$340,MATCH(DropData!$J57&$C11,'ER C6 FLT4'!$A$4:$A$340&'ER C6 FLT4'!$B$4:$B$340-3,1),8)))))))))","v":false},{"$f":"IF(OR($R11=\"Diesel\",$R11=\"Zero Emission\",$R11=\"Hybrid\",$R11=\"Hybrid Zero-Mile\",$R11=\"Low NOx\",$R11=\"LNG/CNG\"),IF($B11=\"3 Trucks\",IF(OR($O11=\"Class_8\",$N11=\"Replacement8HHD\",$AI11=\"CL7HHD\"),INDEX('ER C8 FLT3'!$A$4:$J$340,MATCH(DropData!$J57&$C11,'ER C8 FLT3'!$A$4:$A$340&'ER C8 FLT3'!$B$4:$B$340-4,1),8),IF($O11=\"Class_7\",INDEX('ER C7 FLT3'!$A$4:$J$340,MATCH(DropData!$J57&$C11,'ER C7 FLT3'!$A$4:$A$340&'ER C7 FLT3'!$B$4:$B$340-4,1),8),IF($O11=\"Class_6\",INDEX('ER C6 FLT3'!$A$4:$J$340,MATCH(DropData!$J57&$C11,'ER C6 FLT3'!$A$4:$A$340&'ER C6 FLT3'!$B$4:$B$340-4,1),8)))),IF($B11=\"2 Trucks\",IF(OR($O11=\"Class_8\",$N11=\"Replacement8HHD\",$AI11=\"CL7HHD\"),INDEX('ER C8 FLT2'!$A$4:$J$340,MATCH(DropData!$J57&$C11,'ER C8 FLT2'!$A$4:$A$340&'ER C8 FLT2'!$B$4:$B$340-4,1),8),IF($O11=\"Class_7\",INDEX('ER C7 FLT2'!$A$4:$J$340,MATCH(DropData!$J57&$C11,'ER C7 FLT2'!$A$4:$A$340&'ER C7 FLT2'!$B$4:$B$340-4,1),8),IF($O11=\"Class_6\",INDEX('ER C6 FLT2'!$A$4:$J$340,MATCH(DropData!$J57&$C11,'ER C6 FLT2'!$A$4:$A$340&'ER C6 FLT2'!$B$4:$B$340-4,1),8)))),IF($B11=\"1 Truck\",IF(OR($O11=\"Class_8\",$N11=\"Replacement8HHD\",$AI11=\"CL7HHD\"),INDEX('ER C8 FLT1'!$A$4:$J$340,MATCH(DropData!$J57&$C11,'ER C8 FLT1'!$A$4:$A$340&'ER C8 FLT1'!$B$4:$B$340-4,1),8),IF($O11=\"Class_7\",INDEX('ER C7 FLT1'!$A$4:$J$340,MATCH(DropData!$J57&$C11,'ER C7 FLT1'!$A$4:$A$340&'ER C7 FLT1'!$B$4:$B$340-4,1),8),IF($O11=\"Class_6\",INDEX('ER C6 FLT1'!$A$4:$J$340,MATCH(DropData!$J57&$C11,'ER C6 FLT1'!$A$4:$A$340&'ER C6 FLT1'!$B$4:$B$340-4,1),8)))),IF($B11=\"4+ Trucks\",IF(OR($O11=\"Class_8\",$N11=\"Replacement8HHD\",$AI11=\"CL7HHD\"),INDEX('ER C8 FLT4'!$A$4:$J$340,MATCH(DropData!$J57&$C11,'ER C8 FLT4'!$A$4:$A$340&'ER C8 FLT4'!$B$4:$B$340-4,1),8),IF($O11=\"Class_7\",INDEX('ER C7 FLT4'!$A$4:$J$340,MATCH(DropData!$J57&$C11,'ER C7 FLT4'!$A$4:$A$340&'ER C7 FLT4'!$B$4:$B$340-4,1),8),IF($O11=\"Class_6\",INDEX('ER C6 FLT4'!$A$4:$J$340,MATCH(DropData!$J57&$C11,'ER C6 FLT4'!$A$4:$A$340&'ER C6 FLT4'!$B$4:$B$340-4,1),8)))))))))","v":false},0,{"$f":"MAX((IF($B11=\"4+ Trucks\",IF($Z11=\"Class_8\",INDEX('ER C8 FLT4'!$A$4:$J$340,MATCH($W11&$C11,'ER C8 FLT4'!$A$4:$A$340&'ER C8 FLT4'!$B$4:$B$340,1),8)*IF($Z11=\"Class_8\",INDEX('ER C8 FLT4'!$A$4:$J$340,MATCH($W11&$C11,'ER C8 FLT4'!$A$4:$A$340&'ER C8 FLT4'!$B$4:$B$340,1),9)),IF($Z11=\"Class_7\",INDEX('ER C7 FLT4'!$A$4:$J$340,MATCH($W11&$C11,'ER C7 FLT4'!$A$4:$A$340&'ER C7 FLT4'!$B$4:$B$340,1),8)*IF($Z11=\"Class_7\",INDEX('ER C7 FLT4'!$A$4:$J$340,MATCH($W11&$C11,'ER C7 FLT4'!$A$4:$A$340&'ER C7 FLT4'!$B$4:$B$340,1),9)),IF($Z11=\"Class_6\",INDEX('ER C6 FLT4'!$A$4:$J$340,MATCH($W11&$C11,'ER C6 FLT4'!$A$4:$A$340&'ER C6 FLT4'!$B$4:$B$340,1),8)*IF($Z11=\"Class_6\",INDEX('ER C6 FLT4'!$A$4:$L$340,MATCH($W11&$C11,'ER C6 FLT4'!$A$4:$A$340&'ER C6 FLT4'!$B$4:$B$340,1),9))))),\nIF($B11=\"2 Trucks\",IF($Z11=\"Class_8\",INDEX('ER C8 FLT2'!$A$4:$J$340,MATCH($W11&$C11,'ER C8 FLT2'!$A$4:$A$340&'ER C8 FLT2'!$B$4:$B$340,1),8)*IF($Z11=\"Class_8\",INDEX('ER C8 FLT2'!$A$4:$J$340,MATCH($W11&$C11,'ER C8 FLT2'!$A$4:$A$340&'ER C8 FLT2'!$B$4:$B$340,1),9)),IF($Z11=\"Class_7\",INDEX('ER C7 FLT2'!$A$4:$J$340,MATCH($W11&$C11,'ER C7 FLT2'!$A$4:$A$340&'ER C7 FLT2'!$B$4:$B$340,1),8)*IF($Z11=\"Class_7\",INDEX('ER C7 FLT2'!$A$4:$J$340,MATCH($W11&$C11,'ER C7 FLT2'!$A$4:$A$340&'ER C7 FLT2'!$B$4:$B$340,1),9)),IF($Z11=\"Class_6\",INDEX('ER C6 FLT2'!$A$4:$J$340,MATCH($W11&$C11,'ER C6 FLT2'!$A$4:$A$340&'ER C6 FLT2'!$B$4:$B$340,1),8)*IF($Z11=\"Class_6\",INDEX('ER C6 FLT2'!$A$4:$J$340,MATCH($W11&$C11,'ER C6 FLT2'!$A$4:$A$340&'ER C6 FLT2'!$B$4:$B$340,1),9))))),\nIF($B11=\"1 Truck\",IF($Z11=\"Class_8\",INDEX('ER C8 FLT1'!$A$4:$J$340,MATCH($W11&$C11,'ER C8 FLT1'!$A$4:$A$340&'ER C8 FLT1'!$B$4:$B$340,1),8)*IF($Z11=\"Class_8\",INDEX('ER C8 FLT1'!$A$4:$J$340,MATCH($W11&$C11,'ER C8 FLT1'!$A$4:$A$340&'ER C8 FLT1'!$B$4:$B$340,1),9)),IF($Z11=\"Class_7\",INDEX('ER C7 FLT1'!$A$4:$J$340,MATCH($W11&$C11,'ER C7 FLT1'!$A$4:$A$340&'ER C7 FLT1'!$B$4:$B$340,1),8)*IF($Z11=\"Class_7\",INDEX('ER C7 FLT1'!$A$4:$J$340,MATCH($W11&$C11,'ER C7 FLT1'!$A$4:$A$340&'ER C7 FLT1'!$B$4:$B$340,1),9)),IF($Z11=\"Class_6\",INDEX('ER C6 FLT1'!$A$4:$J$340,MATCH($W11&$C11,'ER C6 FLT1'!$A$4:$A$340&'ER C6 FLT1'!$B$4:$B$340,1),8)*IF($Z11=\"Class_6\",INDEX('ER C6 FLT1'!$A$4:$J$340,MATCH($W11&$C11,'ER C6 FLT1'!$A$4:$A$340&'ER C6 FLT1'!$B$4:$B$340,1),9)),\n))),IF($B11=\"3 Trucks\",IF($Z11=\"Class_8\",INDEX('ER C8 FLT3'!$A$4:$J$340,MATCH($W11&$C11,'ER C8 FLT3'!$A$4:$A$340&'ER C8 FLT3'!$B$4:$B$340,1),8)*IF($Z11=\"Class_8\",INDEX('ER C8 FLT3'!$A$4:$J$340,MATCH($W11&$C11,'ER C8 FLT3'!$A$4:$A$340&'ER C8 FLT3'!$B$4:$B$340,1),9)),IF($Z11=\"Class_7\",INDEX('ER C7 FLT3'!$A$4:$J$340,MATCH($W11&$C11,'ER C7 FLT3'!$A$4:$A$340&'ER C7 FLT3'!$B$4:$B$340,1),8)*IF($Z11=\"Class_7\",INDEX('ER C7 FLT3'!$A$4:$J$340,MATCH($W11&$C11,'ER C7 FLT3'!$A$4:$A$340&'ER C7 FLT3'!$B$4:$B$340,1),9)),IF($Z11=\"Class_6\",INDEX('ER C6 FLT3'!$A$4:$J$340,MATCH($W11&$C11,'ER C6 FLT3'!$A$4:$A$340&'ER C6 FLT3'!$B$4:$B$340,1),8)*IF($Z11=\"Class_6\",INDEX('ER C6 FLT3'!$A$4:$L$340,MATCH($W11&$C11,'ER C6 FLT3'!$A$4:$A$340&'ER C6 FLT3'!$B$4:$B$340,1),9)))))))))\n*IF($X11=\"Level 1 PM\",0.75,IF($X11=\"Level 2 PM\",0.5,IF($X11=\"Level 3 PM\",0,IF($X11=\"Level 3 PM + Mark I NOx\",0,1))))*($AC11/453.6)-IF(BF11=0,AV11,0)),0)","v":0},0,{"$f":"MAX(0,AM11-AW11)","v":0},{"$f":"MAX((IF($B11=\"4+ Trucks\",IF($Z11=\"Class_8\",INDEX('ER C8 FLT4'!$A$4:$J$340,MATCH($W11&$C11,'ER C8 FLT4'!$A$4:$A$340&'ER C8 FLT4'!$B$4:$B$340-1,1),8)*IF($Z11=\"Class_8\",INDEX('ER C8 FLT4'!$A$4:$J$340,MATCH($W11&$C11,'ER C8 FLT4'!$A$4:$A$340&'ER C8 FLT4'!$B$4:$B$340-1,1),9)),IF($Z11=\"Class_7\",INDEX('ER C7 FLT4'!$A$4:$J$340,MATCH($W11&$C11,'ER C7 FLT4'!$A$4:$A$340&'ER C7 FLT4'!$B$4:$B$340-1,1),8)*IF($Z11=\"Class_7\",INDEX('ER C7 FLT4'!$A$4:$J$340,MATCH($W11&$C11,'ER C7 FLT4'!$A$4:$A$340&'ER C7 FLT4'!$B$4:$B$340-1,1),9)),IF($Z11=\"Class_6\",INDEX('ER C6 FLT4'!$A$4:$J$340,MATCH($W11&$C11,'ER C6 FLT4'!$A$4:$A$340&'ER C6 FLT4'!$B$4:$B$340-1,1),8)*IF($Z11=\"Class_6\",INDEX('ER C6 FLT4'!$A$4:$L$340,MATCH($W11&$C11,'ER C6 FLT4'!$A$4:$A$340&'ER C6 FLT4'!$B$4:$B$340-1,1),9))))),\nIF($B11=\"2 Trucks\",IF($Z11=\"Class_8\",INDEX('ER C8 FLT2'!$A$4:$J$340,MATCH($W11&$C11,'ER C8 FLT2'!$A$4:$A$340&'ER C8 FLT2'!$B$4:$B$340-1,1),8)*IF($Z11=\"Class_8\",INDEX('ER C8 FLT2'!$A$4:$J$340,MATCH($W11&$C11,'ER C8 FLT2'!$A$4:$A$340&'ER C8 FLT2'!$B$4:$B$340-1,1),9)),IF($Z11=\"Class_7\",INDEX('ER C7 FLT2'!$A$4:$J$340,MATCH($W11&$C11,'ER C7 FLT2'!$A$4:$A$340&'ER C7 FLT2'!$B$4:$B$340-1,1),8)*IF($Z11=\"Class_7\",INDEX('ER C7 FLT2'!$A$4:$J$340,MATCH($W11&$C11,'ER C7 FLT2'!$A$4:$A$340&'ER C7 FLT2'!$B$4:$B$340-1,1),9)),IF($Z11=\"Class_6\",INDEX('ER C6 FLT2'!$A$4:$J$340,MATCH($W11&$C11,'ER C6 FLT2'!$A$4:$A$340&'ER C6 FLT2'!$B$4:$B$340-1,1),8)*IF($Z11=\"Class_6\",INDEX('ER C6 FLT2'!$A$4:$J$340,MATCH($W11&$C11,'ER C6 FLT2'!$A$4:$A$340&'ER C6 FLT2'!$B$4:$B$340-1,1),9))))),\nIF($B11=\"1 Truck\",IF($Z11=\"Class_8\",INDEX('ER C8 FLT1'!$A$4:$J$340,MATCH($W11&$C11,'ER C8 FLT1'!$A$4:$A$340&'ER C8 FLT1'!$B$4:$B$340-1,1),8)*IF($Z11=\"Class_8\",INDEX('ER C8 FLT1'!$A$4:$J$340,MATCH($W11&$C11,'ER C8 FLT1'!$A$4:$A$340&'ER C8 FLT1'!$B$4:$B$340-1,1),9)),IF($Z11=\"Class_7\",INDEX('ER C7 FLT1'!$A$4:$J$340,MATCH($W11&$C11,'ER C7 FLT1'!$A$4:$A$340&'ER C7 FLT1'!$B$4:$B$340-1,1),8)*IF($Z11=\"Class_7\",INDEX('ER C7 FLT1'!$A$4:$J$340,MATCH($W11&$C11,'ER C7 FLT1'!$A$4:$A$340&'ER C7 FLT1'!$B$4:$B$340-1,1),9)),IF($Z11=\"Class_6\",INDEX('ER C6 FLT1'!$A$4:$J$340,MATCH($W11&$C11,'ER C6 FLT1'!$A$4:$A$340&'ER C6 FLT1'!$B$4:$B$340-1,1),8)*IF($Z11=\"Class_6\",INDEX('ER C6 FLT1'!$A$4:$J$340,MATCH($W11&$C11,'ER C6 FLT1'!$A$4:$A$340&'ER C6 FLT1'!$B$4:$B$340-1,1),9))))),IF($B11=\"3 Trucks\",IF($Z11=\"Class_8\",INDEX('ER C8 FLT3'!$A$4:$J$340,MATCH($W11&$C11,'ER C8 FLT3'!$A$4:$A$340&'ER C8 FLT3'!$B$4:$B$340-1,1),8)*IF($Z11=\"Class_8\",INDEX('ER C8 FLT3'!$A$4:$J$340,MATCH($W11&$C11,'ER C8 FLT3'!$A$4:$A$340&'ER C8 FLT3'!$B$4:$B$340-1,1),9)),IF($Z11=\"Class_7\",INDEX('ER C7 FLT3'!$A$4:$J$340,MATCH($W11&$C11,'ER C7 FLT3'!$A$4:$A$340&'ER C7 FLT3'!$B$4:$B$340-1,1),8)*IF($Z11=\"Class_7\",INDEX('ER C7 FLT3'!$A$4:$J$340,MATCH($W11&$C11,'ER C7 FLT3'!$A$4:$A$340&'ER C7 FLT3'!$B$4:$B$340-1,1),9)),IF($Z11=\"Class_6\",INDEX('ER C6 FLT3'!$A$4:$J$340,MATCH($W11&$C11,'ER C6 FLT3'!$A$4:$A$340&'ER C6 FLT3'!$B$4:$B$340-1,1),8)*IF($Z11=\"Class_6\",INDEX('ER C6 FLT3'!$A$4:$L$340,MATCH($W11&$C11,'ER C6 FLT3'!$A$4:$A$340&'ER C6 FLT3'!$B$4:$B$340-1,1),9)))))))))\n*IF($X11=\"Level 1 PM\",0.75,IF($X11=\"Level 2 PM\",0.5,IF($X11=\"Level 3 PM\",0,IF($X11=\"Level 3 PM + Mark I NOx\",0,1))))*($AC11/453.6)-IF(BI11=0,AW11,0)),0)","v":0},0,0,{"$f":"MAX((IF($B11=\"4+ Trucks\",IF($Z11=\"Class_8\",INDEX('ER C8 FLT4'!$A$4:$J$340,MATCH($W11&$C11,'ER C8 FLT4'!$A$4:$A$340&'ER C8 FLT4'!$B$4:$B$340-2,1),8)*IF($Z11=\"Class_8\",INDEX('ER C8 FLT4'!$A$4:$J$340,MATCH($W11&$C11,'ER C8 FLT4'!$A$4:$A$340&'ER C8 FLT4'!$B$4:$B$340-2,1),9)),IF($Z11=\"Class_7\",INDEX('ER C7 FLT4'!$A$4:$J$340,MATCH($W11&$C11,'ER C7 FLT4'!$A$4:$A$340&'ER C7 FLT4'!$B$4:$B$340-2,1),8)*IF($Z11=\"Class_7\",INDEX('ER C7 FLT4'!$A$4:$J$340,MATCH($W11&$C11,'ER C7 FLT4'!$A$4:$A$340&'ER C7 FLT4'!$B$4:$B$340-2,1),9)),IF($Z11=\"Class_6\",INDEX('ER C6 FLT4'!$A$4:$J$340,MATCH($W11&$C11,'ER C6 FLT4'!$A$4:$A$340&'ER C6 FLT4'!$B$4:$B$340-2,1),8)*IF($Z11=\"Class_6\",INDEX('ER C6 FLT4'!$A$4:$L$340,MATCH($W11&$C11,'ER C6 FLT4'!$A$4:$A$340&'ER C6 FLT4'!$B$4:$B$340-2,1),9))))),\nIF($B11=\"2 Trucks\",IF($Z11=\"Class_8\",INDEX('ER C8 FLT2'!$A$4:$J$340,MATCH($W11&$C11,'ER C8 FLT2'!$A$4:$A$340&'ER C8 FLT2'!$B$4:$B$340-2,1),8)*IF($Z11=\"Class_8\",INDEX('ER C8 FLT2'!$A$4:$J$340,MATCH($W11&$C11,'ER C8 FLT2'!$A$4:$A$340&'ER C8 FLT2'!$B$4:$B$340-2,1),9)),IF($Z11=\"Class_7\",INDEX('ER C7 FLT2'!$A$4:$J$340,MATCH($W11&$C11,'ER C7 FLT2'!$A$4:$A$340&'ER C7 FLT2'!$B$4:$B$340-2,1),8)*IF($Z11=\"Class_7\",INDEX('ER C7 FLT2'!$A$4:$J$340,MATCH($W11&$C11,'ER C7 FLT2'!$A$4:$A$340&'ER C7 FLT2'!$B$4:$B$340-2,1),9)),IF($Z11=\"Class_6\",INDEX('ER C6 FLT2'!$A$4:$J$340,MATCH($W11&$C11,'ER C6 FLT2'!$A$4:$A$340&'ER C6 FLT2'!$B$4:$B$340-2,1),8)*IF($Z11=\"Class_6\",INDEX('ER C6 FLT2'!$A$4:$J$340,MATCH($W11&$C11,'ER C6 FLT2'!$A$4:$A$340&'ER C6 FLT2'!$B$4:$B$340-2,1),9))))),\nIF($B11=\"1 Truck\",IF($Z11=\"Class_8\",INDEX('ER C8 FLT1'!$A$4:$J$340,MATCH($W11&$C11,'ER C8 FLT1'!$A$4:$A$340&'ER C8 FLT1'!$B$4:$B$340-2,1),8)*IF($Z11=\"Class_8\",INDEX('ER C8 FLT1'!$A$4:$J$340,MATCH($W11&$C11,'ER C8 FLT1'!$A$4:$A$340&'ER C8 FLT1'!$B$4:$B$340-2,1),9)),IF($Z11=\"Class_7\",INDEX('ER C7 FLT1'!$A$4:$J$340,MATCH($W11&$C11,'ER C7 FLT1'!$A$4:$A$340&'ER C7 FLT1'!$B$4:$B$340-2,1),8)*IF($Z11=\"Class_7\",INDEX('ER C7 FLT1'!$A$4:$J$340,MATCH($W11&$C11,'ER C7 FLT1'!$A$4:$A$340&'ER C7 FLT1'!$B$4:$B$340-2,1),9)),IF($Z11=\"Class_6\",INDEX('ER C6 FLT1'!$A$4:$J$340,MATCH($W11&$C11,'ER C6 FLT1'!$A$4:$A$340&'ER C6 FLT1'!$B$4:$B$340-2,1),8)*IF($Z11=\"Class_6\",INDEX('ER C6 FLT1'!$A$4:$J$340,MATCH($W11&$C11,'ER C6 FLT1'!$A$4:$A$340&'ER C6 FLT1'!$B$4:$B$340-2,1),9))))),IF($B11=\"3 Trucks\",IF($Z11=\"Class_8\",INDEX('ER C8 FLT3'!$A$4:$J$340,MATCH($W11&$C11,'ER C8 FLT3'!$A$4:$A$340&'ER C8 FLT3'!$B$4:$B$340-2,1),8)*IF($Z11=\"Class_8\",INDEX('ER C8 FLT3'!$A$4:$J$340,MATCH($W11&$C11,'ER C8 FLT3'!$A$4:$A$340&'ER C8 FLT3'!$B$4:$B$340-2,1),9)),IF($Z11=\"Class_7\",INDEX('ER C7 FLT3'!$A$4:$J$340,MATCH($W11&$C11,'ER C7 FLT3'!$A$4:$A$340&'ER C7 FLT3'!$B$4:$B$340-2,1),8)*IF($Z11=\"Class_7\",INDEX('ER C7 FLT3'!$A$4:$J$340,MATCH($W11&$C11,'ER C7 FLT3'!$A$4:$A$340&'ER C7 FLT3'!$B$4:$B$340-2,1),9)),IF($Z11=\"Class_6\",INDEX('ER C6 FLT1'!$A$4:$J$340,MATCH($W11&$C11,'ER C6 FLT1'!$A$4:$A$340&'ER C6 FLT1'!$B$4:$B$340-2,1),8)*IF($Z11=\"Class_6\",INDEX('ER C6 FLT1'!$A$4:$J$340,MATCH($W11&$C11,'ER C6 FLT1'!$A$4:$A$340&'ER C6 FLT1'!$B$4:$B$340-2,1),9)))))))))*IF($X11=\"Level 1 PM\",0.75,IF($X11=\"Level 2 PM\",0.5,IF($X11=\"Level 3 PM\",0,IF($X11=\"Level 3 PM + Mark I NOx\",0,1))))*($AC11/453.6)-IF(BL11=0,AX11,0)),0)","v":0},0,0,{"$f":"MAX((IF($B11=\"4+ Trucks\",IF($Z11=\"Class_8\",INDEX('ER C8 FLT4'!$A$4:$J$340,MATCH($W11&$C11,'ER C8 FLT4'!$A$4:$A$340&'ER C8 FLT4'!$B$4:$B$340-3,1),8)*IF($Z11=\"Class_8\",INDEX('ER C8 FLT4'!$A$4:$J$340,MATCH($W11&$C11,'ER C8 FLT4'!$A$4:$A$340&'ER C8 FLT4'!$B$4:$B$340-3,1),9)),IF($Z11=\"Class_7\",INDEX('ER C7 FLT4'!$A$4:$J$340,MATCH($W11&$C11,'ER C7 FLT4'!$A$4:$A$340&'ER C7 FLT4'!$B$4:$B$340-3,1),8)*IF($Z11=\"Class_7\",INDEX('ER C7 FLT4'!$A$4:$J$340,MATCH($W11&$C11,'ER C7 FLT4'!$A$4:$A$340&'ER C7 FLT4'!$B$4:$B$340-3,1),9)),IF($Z11=\"Class_6\",INDEX('ER C6 FLT4'!$A$4:$J$340,MATCH($W11&$C11,'ER C6 FLT4'!$A$4:$A$340&'ER C6 FLT4'!$B$4:$B$340-3,1),8)*IF($Z11=\"Class_6\",INDEX('ER C6 FLT4'!$A$4:$L$340,MATCH($W11&$C11,'ER C6 FLT4'!$A$4:$A$340&'ER C6 FLT4'!$B$4:$B$340-3,1),9))))),\nIF($B11=\"2 Trucks\",IF($Z11=\"Class_8\",INDEX('ER C8 FLT2'!$A$4:$J$340,MATCH($W11&$C11,'ER C8 FLT2'!$A$4:$A$340&'ER C8 FLT2'!$B$4:$B$340-3,1),8)*IF($Z11=\"Class_8\",INDEX('ER C8 FLT2'!$A$4:$J$340,MATCH($W11&$C11,'ER C8 FLT2'!$A$4:$A$340&'ER C8 FLT2'!$B$4:$B$340-3,1),9)),IF($Z11=\"Class_7\",INDEX('ER C7 FLT2'!$A$4:$J$340,MATCH($W11&$C11,'ER C7 FLT2'!$A$4:$A$340&'ER C7 FLT2'!$B$4:$B$340-3,1),8)*IF($Z11=\"Class_7\",INDEX('ER C7 FLT2'!$A$4:$J$340,MATCH($W11&$C11,'ER C7 FLT2'!$A$4:$A$340&'ER C7 FLT2'!$B$4:$B$340-3,1),9)),IF($Z11=\"Class_6\",INDEX('ER C6 FLT2'!$A$4:$J$340,MATCH($W11&$C11,'ER C6 FLT2'!$A$4:$A$340&'ER C6 FLT2'!$B$4:$B$340-3,1),8)*IF($Z11=\"Class_6\",INDEX('ER C6 FLT2'!$A$4:$J$340,MATCH($W11&$C11,'ER C6 FLT2'!$A$4:$A$340&'ER C6 FLT2'!$B$4:$B$340-3,1),9))))),\nIF($B11=\"1 Truck\",IF($Z11=\"Class_8\",INDEX('ER C8 FLT1'!$A$4:$J$340,MATCH($W11&$C11,'ER C8 FLT1'!$A$4:$A$340&'ER C8 FLT1'!$B$4:$B$340-3,1),8)*IF($Z11=\"Class_8\",INDEX('ER C8 FLT1'!$A$4:$J$340,MATCH($W11&$C11,'ER C8 FLT1'!$A$4:$A$340&'ER C8 FLT1'!$B$4:$B$340-3,1),9)),IF($Z11=\"Class_7\",INDEX('ER C7 FLT1'!$A$4:$J$340,MATCH($W11&$C11,'ER C7 FLT1'!$A$4:$A$340&'ER C7 FLT1'!$B$4:$B$340-3,1),8)*IF($Z11=\"Class_7\",INDEX('ER C7 FLT1'!$A$4:$J$340,MATCH($W11&$C11,'ER C7 FLT1'!$A$4:$A$340&'ER C7 FLT1'!$B$4:$B$340-3,1),9)),IF($Z11=\"Class_6\",INDEX('ER C6 FLT1'!$A$4:$J$340,MATCH($W11&$C11,'ER C6 FLT1'!$A$4:$A$340&'ER C6 FLT1'!$B$4:$B$340-3,1),8)*IF($Z11=\"Class_6\",INDEX('ER C6 FLT1'!$A$4:$J$340,MATCH($W11&$C11,'ER C6 FLT1'!$A$4:$A$340&'ER C6 FLT1'!$B$4:$B$340-3,1),9))))),IF($B11=\"3 Trucks\",IF($Z11=\"Class_8\",INDEX('ER C8 FLT3'!$A$4:$J$340,MATCH($W11&$C11,'ER C8 FLT3'!$A$4:$A$340&'ER C8 FLT3'!$B$4:$B$340-3,1),8)*IF($Z11=\"Class_8\",INDEX('ER C8 FLT3'!$A$4:$J$340,MATCH($W11&$C11,'ER C8 FLT3'!$A$4:$A$340&'ER C8 FLT3'!$B$4:$B$340-3,1),9)),IF($Z11=\"Class_7\",INDEX('ER C7 FLT3'!$A$4:$J$340,MATCH($W11&$C11,'ER C7 FLT3'!$A$4:$A$340&'ER C7 FLT3'!$B$4:$B$340-3,1),8)*IF($Z11=\"Class_7\",INDEX('ER C7 FLT3'!$A$4:$J$340,MATCH($W11&$C11,'ER C7 FLT3'!$A$4:$A$340&'ER C7 FLT3'!$B$4:$B$340-3,1),9)),IF($Z11=\"Class_6\",INDEX('ER C6 FLT3'!$A$4:$J$340,MATCH($W11&$C11,'ER C6 FLT3'!$A$4:$A$340&'ER C6 FLT3'!$B$4:$B$340-3,1),8)*IF($Z11=\"Class_6\",INDEX('ER C6 FLT3'!$A$4:$L$340,MATCH($W11&$C11,'ER C6 FLT3'!$A$4:$A$340&'ER C6 FLT3'!$B$4:$B$340-3,1),9)))))))))\n*IF($X11=\"Level 1 PM\",0.75,IF($X11=\"Level 2 PM\",0.5,IF($X11=\"Level 3 PM\",0,IF($X11=\"Level 3 PM + Mark I NOx\",0,1))))*($AC11/453.6)-IF(BO11=0,AY11,0)),0)","v":0},0,0,{"$f":"MAX((IF($B11=\"4+ Trucks\",IF($Z11=\"Class_8\",INDEX('ER C8 FLT4'!$A$4:$J$340,MATCH($W11&$C11,'ER C8 FLT4'!$A$4:$A$340&'ER C8 FLT4'!$B$4:$B$340-4,1),8)*IF($Z11=\"Class_8\",INDEX('ER C8 FLT4'!$A$4:$J$340,MATCH($W11&$C11,'ER C8 FLT4'!$A$4:$A$340&'ER C8 FLT4'!$B$4:$B$340-4,1),9)),IF($Z11=\"Class_7\",INDEX('ER C7 FLT4'!$A$4:$J$340,MATCH($W11&$C11,'ER C7 FLT4'!$A$4:$A$340&'ER C7 FLT4'!$B$4:$B$340-4,1),8)*IF($Z11=\"Class_7\",INDEX('ER C7 FLT4'!$A$4:$J$340,MATCH($W11&$C11,'ER C7 FLT4'!$A$4:$A$340&'ER C7 FLT4'!$B$4:$B$340-4,1),9)),IF($Z11=\"Class_6\",INDEX('ER C6 FLT4'!$A$4:$J$340,MATCH($W11&$C11,'ER C6 FLT4'!$A$4:$A$340&'ER C6 FLT4'!$B$4:$B$340-4,1),8)*IF($Z11=\"Class_6\",INDEX('ER C6 FLT4'!$A$4:$L$340,MATCH($W11&$C11,'ER C6 FLT4'!$A$4:$A$340&'ER C6 FLT4'!$B$4:$B$340-4,1),9))))),\nIF($B11=\"2 Trucks\",IF($Z11=\"Class_8\",INDEX('ER C8 FLT2'!$A$4:$J$340,MATCH($W11&$C11,'ER C8 FLT2'!$A$4:$A$340&'ER C8 FLT2'!$B$4:$B$340-4,1),8)*IF($Z11=\"Class_8\",INDEX('ER C8 FLT2'!$A$4:$J$340,MATCH($W11&$C11,'ER C8 FLT2'!$A$4:$A$340&'ER C8 FLT2'!$B$4:$B$340-4,1),9)),IF($Z11=\"Class_7\",INDEX('ER C7 FLT2'!$A$4:$J$340,MATCH($W11&$C11,'ER C7 FLT2'!$A$4:$A$340&'ER C7 FLT2'!$B$4:$B$340-4,1),8)*IF($Z11=\"Class_7\",INDEX('ER C7 FLT2'!$A$4:$J$340,MATCH($W11&$C11,'ER C7 FLT2'!$A$4:$A$340&'ER C7 FLT2'!$B$4:$B$340-4,1),9)),IF($Z11=\"Class_6\",INDEX('ER C6 FLT2'!$A$4:$J$340,MATCH($W11&$C11,'ER C6 FLT2'!$A$4:$A$340&'ER C6 FLT2'!$B$4:$B$340-4,1),8)*IF($Z11=\"Class_6\",INDEX('ER C6 FLT2'!$A$4:$J$340,MATCH($W11&$C11,'ER C6 FLT2'!$A$4:$A$340&'ER C6 FLT2'!$B$4:$B$340-4,1),9))))),\nIF($B11=\"1 Truck\",IF($Z11=\"Class_8\",INDEX('ER C8 FLT1'!$A$4:$J$340,MATCH($W11&$C11,'ER C8 FLT1'!$A$4:$A$340&'ER C8 FLT1'!$B$4:$B$340-4,1),8)*IF($Z11=\"Class_8\",INDEX('ER C8 FLT1'!$A$4:$J$340,MATCH($W11&$C11,'ER C8 FLT1'!$A$4:$A$340&'ER C8 FLT1'!$B$4:$B$340-4,1),9)),IF($Z11=\"Class_7\",INDEX('ER C7 FLT1'!$A$4:$J$340,MATCH($W11&$C11,'ER C7 FLT1'!$A$4:$A$340&'ER C7 FLT1'!$B$4:$B$340-4,1),8)*IF($Z11=\"Class_7\",INDEX('ER C7 FLT1'!$A$4:$J$340,MATCH($W11&$C11,'ER C7 FLT1'!$A$4:$A$340&'ER C7 FLT1'!$B$4:$B$340-4,1),9)),IF($Z11=\"Class_6\",INDEX('ER C6 FLT1'!$A$4:$J$340,MATCH($W11&$C11,'ER C6 FLT1'!$A$4:$A$340&'ER C6 FLT1'!$B$4:$B$340-4,1),8)*IF($Z11=\"Class_6\",INDEX('ER C6 FLT1'!$A$4:$J$340,MATCH($W11&$C11,'ER C6 FLT1'!$A$4:$A$340&'ER C6 FLT1'!$B$4:$B$340-4,1),9))))),IF($B11=\"3 Trucks\",IF($Z11=\"Class_8\",INDEX('ER C8 FLT3'!$A$4:$J$340,MATCH($W11&$C11,'ER C8 FLT3'!$A$4:$A$340&'ER C8 FLT3'!$B$4:$B$340-4,1),8)*IF($Z11=\"Class_8\",INDEX('ER C8 FLT3'!$A$4:$J$340,MATCH($W11&$C11,'ER C8 FLT3'!$A$4:$A$340&'ER C8 FLT3'!$B$4:$B$340-4,1),9)),IF($Z11=\"Class_7\",INDEX('ER C7 FLT3'!$A$4:$J$340,MATCH($W11&$C11,'ER C7 FLT3'!$A$4:$A$340&'ER C7 FLT3'!$B$4:$B$340-4,1),8)*IF($Z11=\"Class_7\",INDEX('ER C7 FLT3'!$A$4:$J$340,MATCH($W11&$C11,'ER C7 FLT3'!$A$4:$A$340&'ER C7 FLT3'!$B$4:$B$340-4,1),9)),IF($Z11=\"Class_6\",INDEX('ER C6 FLT3'!$A$4:$J$340,MATCH($W11&$C11,'ER C6 FLT3'!$A$4:$A$340&'ER C6 FLT3'!$B$4:$B$340-4,1),8)*IF($Z11=\"Class_6\",INDEX('ER C6 FLT3'!$A$4:$L$340,MATCH($W11&$C11,'ER C6 FLT3'!$A$4:$A$340&'ER C6 FLT3'!$B$4:$B$340-4,1),9)))))))))\n*IF($X11=\"Level 1 PM\",0.75,IF($X11=\"Level 2 PM\",0.5,IF($X11=\"Level 3 PM\",0,IF($X11=\"Level 3 PM + Mark I NOx\",0,1))))*($AC11/453.6)-IF(BR11=0,AZ11,0)),0)","v":0},{"$f":"MAX(0,BR11+BS11)","v":0},{"$f":"(MAX(0,BH11+BK11+BN11+BQ11+BT11))","v":0},{"$f":"IF($B11=\"4+ Trucks\",IF(OR($H11=\"Class_8\",$N11=\"Replacement8HHD\",$AH11=\"CL7HHD\",$AJ11=\"CL7to8\"),INDEX('ER C8 FLT4'!$A$4:$J$340,MATCH($E11&$C11,'ER C8 FLT4'!$A$4:$A$340&'ER C8 FLT4'!$B$4:$B$340,1),5)*IF(OR($H11=\"Class_8\",$N11=\"Replacement8HHD\",$AH11=\"CL7HHD\",$AJ11=\"CL7to8\"),INDEX('ER C8 FLT4'!$A$4:$J$340,MATCH($E11&$C11,'ER C8 FLT4'!$A$4:$A$340&'ER C8 FLT4'!$B$4:$B$340,1),7)),IF($H11=\"Class_7\",INDEX('ER C7 FLT4'!$A$4:$J$340,MATCH($E11&$C11,'ER C7 FLT4'!$A$4:$A$340&'ER C7 FLT4'!$B$4:$B$340,1),5)*IF($H11=\"Class_7\",INDEX('ER C7 FLT4'!$A$4:$J$340,MATCH($E11&$C11,'ER C7 FLT4'!$A$4:$A$340&'ER C7 FLT4'!$B$4:$B$340,1),7)),\nIF($H11=\"Class_6\",INDEX('ER C6 FLT4'!$A$4:$J$340,MATCH($E11&$C11,'ER C6 FLT4'!$A$4:$A$340&'ER C6 FLT4'!$B$4:$B$340,1),5)*IF($H11=\"Class_6\",INDEX('ER C6 FLT4'!$A$4:$L$340,MATCH($E11&$C11,'ER C6 FLT4'!$A$4:$A$340&'ER C6 FLT4'!$B$4:$B$340,1),7))))),\nIF($B11=\"3 Trucks\",IF(OR($H11=\"Class_8\",$N11=\"Replacement8HHD\",$AH11=\"CL7HHD\",$AJ11=\"CL7to8\"),INDEX('ER C8 FLT3'!$A$4:$J$340,MATCH($E11&$C11,'ER C8 FLT3'!$A$4:$A$340&'ER C8 FLT3'!$B$4:$B$340,1),5)*IF(OR($H11=\"Class_8\",$N11=\"Replacement8HHD\",$AH11=\"CL7HHD\",$AJ11=\"CL7to8\"),INDEX('ER C8 FLT3'!$A$4:$J$340,MATCH($E11&$C11,'ER C8 FLT3'!$A$4:$A$340&'ER C8 FLT3'!$B$4:$B$340,1),7)),IF($H11=\"Class_7\",INDEX('ER C7 FLT3'!$A$4:$J$340,MATCH($E11&$C11,'ER C7 FLT3'!$A$4:$A$340&'ER C7 FLT3'!$B$4:$B$340,1),5)*IF($H11=\"Class_7\",INDEX('ER C7 FLT3'!$A$4:$J$340,MATCH($E11&$C11,'ER C7 FLT3'!$A$4:$A$340&'ER C7 FLT3'!$B$4:$B$340,1),7)),\nIF($H11=\"Class_6\",INDEX('ER C6 FLT3'!$A$4:$J$340,MATCH($E11&$C11,'ER C6 FLT3'!$A$4:$A$340&'ER C6 FLT3'!$B$4:$B$340,1),5)*IF($H11=\"Class_6\",INDEX('ER C6 FLT3'!$A$4:$L$340,MATCH($E11&$C11,'ER C6 FLT3'!$A$4:$A$340&'ER C6 FLT3'!$B$4:$B$340,1),7))))),\nIF($B11=\"2 Trucks\",IF(OR($H11=\"Class_8\",$N11=\"Replacement8HHD\",$AH11=\"CL7HHD\",$AJ11=\"CL7to8\"),INDEX('ER C8 FLT2'!$A$4:$J$340,MATCH($E11&$C11,'ER C8 FLT2'!$A$4:$A$340&'ER C8 FLT2'!$B$4:$B$340,1),5)*IF(OR($H11=\"Class_8\",$N11=\"Replacement8HHD\",$AH11=\"CL7HHD\",$AJ11=\"CL7to8\"),INDEX('ER C8 FLT2'!$A$4:$J$340,MATCH($E11&$C11,'ER C8 FLT2'!$A$4:$A$340&'ER C8 FLT2'!$B$4:$B$340,1),7)),IF($H11=\"Class_7\",INDEX('ER C7 FLT2'!$A$4:$J$340,MATCH($E11&$C11,'ER C7 FLT2'!$A$4:$A$340&'ER C7 FLT2'!$B$4:$B$340,1),5)*IF($H11=\"Class_7\",INDEX('ER C7 FLT2'!$A$4:$J$340,MATCH($E11&$C11,'ER C7 FLT2'!$A$4:$A$340&'ER C7 FLT2'!$B$4:$B$340,1),7)),IF($H11=\"Class_6\",INDEX('ER C6 FLT2'!$A$4:$J$340,MATCH($E11&$C11,'ER C6 FLT2'!$A$4:$A$340&'ER C6 FLT2'!$B$4:$B$340,1),5)*IF($H11=\"Class_6\",INDEX('ER C6 FLT2'!$A$4:$J$340,MATCH($E11&$C11,'ER C6 FLT2'!$A$4:$A$340&'ER C6 FLT2'!$B$4:$B$340,1),7))))),IF($B11=\"1 Truck\",\nIF(OR($H11=\"Class_8\",$N11=\"Replacement8HHD\",$AH11=\"CL7HHD\",$AJ11=\"CL7to8\"),INDEX('ER C8 FLT1'!$A$4:$J$340,MATCH($E11&$C11,'ER C8 FLT1'!$A$4:$A$340&'ER C8 FLT1'!$B$4:$B$340,1),5)*IF(OR($H11=\"Class_8\",$N11=\"Replacement8HHD\",$AH11=\"CL7HHD\",$AJ11=\"CL7to8\"),INDEX('ER C8 FLT1'!$A$4:$J$340,MATCH($E11&$C11,'ER C8 FLT1'!$A$4:$A$340&'ER C8 FLT1'!$B$4:$B$340,1),7)),IF($H11=\"Class_7\",INDEX('ER C7 FLT1'!$A$4:$J$340,MATCH($E11&$C11,'ER C7 FLT1'!$A$4:$A$340&'ER C7 FLT1'!$B$4:$B$340,1),5)*IF($H11=\"Class_7\",INDEX('ER C7 FLT1'!$A$4:$J$340,MATCH($E11&$C11,'ER C7 FLT1'!$A$4:$A$340&'ER C7 FLT1'!$B$4:$B$340,1),7)),\nIF($H11=\"Class_6\",INDEX('ER C6 FLT1'!$A$4:$J$340,MATCH($E11&$C11,'ER C6 FLT1'!$A$4:$A$340&'ER C6 FLT1'!$B$4:$B$340,1),5)*IF($H11=\"Class_6\",INDEX('ER C6 FLT1'!$A$4:$J$340,MATCH($E11&$C11,'ER C6 FLT1'!$A$4:$A$340&'ER C6 FLT1'!$B$4:$B$340,1),7))))))))*IF($F11=\"Level 1 PM + Mark I NOx\",0.75,1))*($Q11/453.6)","v":0},{"$f":"IF($B11=\"4+ Trucks\",IF(OR($H11=\"Class_8\",$N11=\"Replacement8HHD\",$AH11=\"CL7HHD\",$AJ11=\"CL7to8\"),INDEX('ER C8 FLT4'!$A$4:$J$340,MATCH($E11&$C11,'ER C8 FLT4'!$A$4:$A$340&'ER C8 FLT4'!$B$4:$B$340-1,1),5)*IF(OR($H11=\"Class_8\",$N11=\"Replacement8HHD\",$AH11=\"CL7HHD\",$AJ11=\"CL7to8\"),INDEX('ER C8 FLT4'!$A$4:$J$340,MATCH($E11&$C11,'ER C8 FLT4'!$A$4:$A$340&'ER C8 FLT4'!$B$4:$B$340-1,1),7)),IF($H11=\"Class_7\",INDEX('ER C7 FLT4'!$A$4:$J$340,MATCH($E11&$C11,'ER C7 FLT4'!$A$4:$A$340&'ER C7 FLT4'!$B$4:$B$340-1,1),5)*IF($H11=\"Class_7\",INDEX('ER C7 FLT4'!$A$4:$J$340,MATCH($E11&$C11,'ER C7 FLT4'!$A$4:$A$340&'ER C7 FLT4'!$B$4:$B$340-1,1),7)),\nIF($H11=\"Class_6\",INDEX('ER C6 FLT4'!$A$4:$J$340,MATCH($E11&$C11,'ER C6 FLT4'!$A$4:$A$340&'ER C6 FLT4'!$B$4:$B$340-1,1),5)*IF($H11=\"Class_6\",INDEX('ER C6 FLT4'!$A$4:$L$340,MATCH($E11&$C11,'ER C6 FLT4'!$A$4:$A$340&'ER C6 FLT4'!$B$4:$B$340-1,1),7))))),IF($B11=\"3 Trucks\",IF(OR($H11=\"Class_8\",$N11=\"Replacement8HHD\",$AH11=\"CL7HHD\",$AJ11=\"CL7to8\"),INDEX('ER C8 FLT3'!$A$4:$J$340,MATCH($E11&$C11,'ER C8 FLT3'!$A$4:$A$340&'ER C8 FLT3'!$B$4:$B$340-1,1),5)*IF(OR($H11=\"Class_8\",$N11=\"Replacement8HHD\",$AH11=\"CL7HHD\",$AJ11=\"CL7to8\"),INDEX('ER C8 FLT3'!$A$4:$J$340,MATCH($E11&$C11,'ER C8 FLT3'!$A$4:$A$340&'ER C8 FLT3'!$B$4:$B$340-1,1),7)),IF($H11=\"Class_7\",INDEX('ER C7 FLT3'!$A$4:$J$340,MATCH($E11&$C11,'ER C7 FLT3'!$A$4:$A$340&'ER C7 FLT3'!$B$4:$B$340-1,1),5)*IF($H11=\"Class_7\",INDEX('ER C7 FLT3'!$A$4:$J$340,MATCH($E11&$C11,'ER C7 FLT3'!$A$4:$A$340&'ER C7 FLT3'!$B$4:$B$340-1,1),7)),\nIF($H11=\"Class_6\",INDEX('ER C6 FLT3'!$A$4:$J$340,MATCH($E11&$C11,'ER C6 FLT3'!$A$4:$A$340&'ER C6 FLT3'!$B$4:$B$340-1,1),5)*IF($H11=\"Class_6\",INDEX('ER C6 FLT3'!$A$4:$L$340,MATCH($E11&$C11,'ER C6 FLT3'!$A$4:$A$340&'ER C6 FLT3'!$B$4:$B$340-1,1),7))))),IF($B11=\"2 Trucks\",IF(OR($H11=\"Class_8\",$N11=\"Replacement8HHD\",$AH11=\"CL7HHD\",$AJ11=\"CL7to8\"),INDEX('ER C8 FLT2'!$A$4:$J$340,MATCH($E11&$C11,'ER C8 FLT2'!$A$4:$A$340&'ER C8 FLT2'!$B$4:$B$340-1,1),5)*IF(OR($H11=\"Class_8\",$N11=\"Replacement8HHD\",$AH11=\"CL7HHD\",$AJ11=\"CL7to8\"),INDEX('ER C8 FLT2'!$A$4:$J$340,MATCH($E11&$C11,'ER C8 FLT2'!$A$4:$A$340&'ER C8 FLT2'!$B$4:$B$340-1,1),7)),IF($H11=\"Class_7\",INDEX('ER C7 FLT2'!$A$4:$J$340,MATCH($E11&$C11,'ER C7 FLT2'!$A$4:$A$340&'ER C7 FLT2'!$B$4:$B$340-1,1),5)*IF($H11=\"Class_7\",INDEX('ER C7 FLT2'!$A$4:$J$340,MATCH($E11&$C11,'ER C7 FLT2'!$A$4:$A$340&'ER C7 FLT2'!$B$4:$B$340-1,1),7)),IF($H11=\"Class_6\",INDEX('ER C6 FLT2'!$A$4:$J$340,MATCH($E11&$C11,'ER C6 FLT2'!$A$4:$A$340&'ER C6 FLT2'!$B$4:$B$340-1,1),5)*IF($H11=\"Class_6\",INDEX('ER C6 FLT2'!$A$4:$J$340,MATCH($E11&$C11,'ER C6 FLT2'!$A$4:$A$340&'ER C6 FLT2'!$B$4:$B$340-1,1),7))))),IF($B11=\"1 Truck\",\nIF(OR($H11=\"Class_8\",$N11=\"Replacement8HHD\",$AH11=\"CL7HHD\",$AJ11=\"CL7to8\"),INDEX('ER C8 FLT1'!$A$4:$J$340,MATCH($E11&$C11,'ER C8 FLT1'!$A$4:$A$340&'ER C8 FLT1'!$B$4:$B$340-1,1),5)*IF(OR($H11=\"Class_8\",$N11=\"Replacement8HHD\",$AH11=\"CL7HHD\",$AJ11=\"CL7to8\"),INDEX('ER C8 FLT1'!$A$4:$J$340,MATCH($E11&$C11,'ER C8 FLT1'!$A$4:$A$340&'ER C8 FLT1'!$B$4:$B$340-1,1),7)),IF($H11=\"Class_7\",INDEX('ER C7 FLT1'!$A$4:$J$340,MATCH($E11&$C11,'ER C7 FLT1'!$A$4:$A$340&'ER C7 FLT1'!$B$4:$B$340-1,1),5)*IF($H11=\"Class_7\",INDEX('ER C7 FLT1'!$A$4:$J$340,MATCH($E11&$C11,'ER C7 FLT1'!$A$4:$A$340&'ER C7 FLT1'!$B$4:$B$340-1,1),7)),\nIF($H11=\"Class_6\",INDEX('ER C6 FLT1'!$A$4:$J$340,MATCH($E11&$C11,'ER C6 FLT1'!$A$4:$A$340&'ER C6 FLT1'!$B$4:$B$340-1,1),5)*IF($H11=\"Class_6\",INDEX('ER C6 FLT1'!$A$4:$J$340,MATCH($E11&$C11,'ER C6 FLT1'!$A$4:$A$340&'ER C6 FLT1'!$B$4:$B$340-1,1),7))))))))*IF($F11=\"Level 1 PM + Mark I NOx\",0.75,1))*($Q11/453.6)","v":0},{"$f":"IF($B11=\"4+ Trucks\",IF(OR($H11=\"Class_8\",$N11=\"Replacement8HHD\",$AH11=\"CL7HHD\",$AJ11=\"CL7to8\"),INDEX('ER C8 FLT4'!$A$4:$J$340,MATCH($E11&$C11,'ER C8 FLT4'!$A$4:$A$340&'ER C8 FLT4'!$B$4:$B$340-2,1),5)*IF(OR($H11=\"Class_8\",$N11=\"Replacement8HHD\",$AH11=\"CL7HHD\",$AJ11=\"CL7to8\"),INDEX('ER C8 FLT4'!$A$4:$J$340,MATCH($E11&$C11,'ER C8 FLT4'!$A$4:$A$340&'ER C8 FLT4'!$B$4:$B$340-2,1),7)),IF($H11=\"Class_7\",INDEX('ER C7 FLT4'!$A$4:$J$340,MATCH($E11&$C11,'ER C7 FLT4'!$A$4:$A$340&'ER C7 FLT4'!$B$4:$B$340-2,1),5)*IF($H11=\"Class_7\",INDEX('ER C7 FLT4'!$A$4:$J$340,MATCH($E11&$C11,'ER C7 FLT4'!$A$4:$A$340&'ER C7 FLT4'!$B$4:$B$340-2,1),7)),\nIF($H11=\"Class_6\",INDEX('ER C6 FLT4'!$A$4:$J$340,MATCH($E11&$C11,'ER C6 FLT4'!$A$4:$A$340&'ER C6 FLT4'!$B$4:$B$340-2,1),5)*IF($H11=\"Class_6\",INDEX('ER C6 FLT4'!$A$4:$L$340,MATCH($E11&$C11,'ER C6 FLT4'!$A$4:$A$340&'ER C6 FLT4'!$B$4:$B$340-2,1),7))))),IF($B11=\"3 Trucks\",IF(OR($H11=\"Class_8\",$N11=\"Replacement8HHD\",$AH11=\"CL7HHD\",$AJ11=\"CL7to8\"),INDEX('ER C8 FLT3'!$A$4:$J$340,MATCH($E11&$C11,'ER C8 FLT3'!$A$4:$A$340&'ER C8 FLT3'!$B$4:$B$340-2,1),5)*IF(OR($H11=\"Class_8\",$N11=\"Replacement8HHD\",$AH11=\"CL7HHD\",$AJ11=\"CL7to8\"),INDEX('ER C8 FLT3'!$A$4:$J$340,MATCH($E11&$C11,'ER C8 FLT3'!$A$4:$A$340&'ER C8 FLT3'!$B$4:$B$340-2,1),7)),IF($H11=\"Class_7\",INDEX('ER C7 FLT3'!$A$4:$J$340,MATCH($E11&$C11,'ER C7 FLT3'!$A$4:$A$340&'ER C7 FLT3'!$B$4:$B$340-2,1),5)*IF($H11=\"Class_7\",INDEX('ER C7 FLT3'!$A$4:$J$340,MATCH($E11&$C11,'ER C7 FLT3'!$A$4:$A$340&'ER C7 FLT3'!$B$4:$B$340-2,1),7)),\nIF($H11=\"Class_6\",INDEX('ER C6 FLT3'!$A$4:$J$340,MATCH($E11&$C11,'ER C6 FLT3'!$A$4:$A$340&'ER C6 FLT3'!$B$4:$B$340-2,1),5)*IF($H11=\"Class_6\",INDEX('ER C6 FLT3'!$A$4:$L$340,MATCH($E11&$C11,'ER C6 FLT3'!$A$4:$A$340&'ER C6 FLT3'!$B$4:$B$340-2,1),7))))),IF($B11=\"2 Trucks\",IF(OR($H11=\"Class_8\",$N11=\"Replacement8HHD\",$AH11=\"CL7HHD\",$AJ11=\"CL7to8\"),INDEX('ER C8 FLT2'!$A$4:$J$340,MATCH($E11&$C11,'ER C8 FLT2'!$A$4:$A$340&'ER C8 FLT2'!$B$4:$B$340-2,1),5)*IF(OR($H11=\"Class_8\",$N11=\"Replacement8HHD\",$AH11=\"CL7HHD\",$AJ11=\"CL7to8\"),INDEX('ER C8 FLT2'!$A$4:$J$340,MATCH($E11&$C11,'ER C8 FLT2'!$A$4:$A$340&'ER C8 FLT2'!$B$4:$B$340-2,1),7)),IF($H11=\"Class_7\",INDEX('ER C7 FLT2'!$A$4:$J$340,MATCH($E11&$C11,'ER C7 FLT2'!$A$4:$A$340&'ER C7 FLT2'!$B$4:$B$340-2,1),5)*IF($H11=\"Class_7\",INDEX('ER C7 FLT2'!$A$4:$J$340,MATCH($E11&$C11,'ER C7 FLT2'!$A$4:$A$340&'ER C7 FLT2'!$B$4:$B$340-2,1),7)),IF($H11=\"Class_6\",INDEX('ER C6 FLT2'!$A$4:$J$340,MATCH($E11&$C11,'ER C6 FLT2'!$A$4:$A$340&'ER C6 FLT2'!$B$4:$B$340-2,1),5)*IF($H11=\"Class_6\",INDEX('ER C6 FLT2'!$A$4:$J$340,MATCH($E11&$C11,'ER C6 FLT2'!$A$4:$A$340&'ER C6 FLT2'!$B$4:$B$340-2,1),7))))),IF($B11=\"1 Truck\",\nIF(OR($H11=\"Class_8\",$N11=\"Replacement8HHD\",$AH11=\"CL7HHD\",$AJ11=\"CL7to8\"),INDEX('ER C8 FLT1'!$A$4:$J$340,MATCH($E11&$C11,'ER C8 FLT1'!$A$4:$A$340&'ER C8 FLT1'!$B$4:$B$340-2,1),5)*IF(OR($H11=\"Class_8\",$N11=\"Replacement8HHD\",$AH11=\"CL7HHD\",$AJ11=\"CL7to8\"),INDEX('ER C8 FLT1'!$A$4:$J$340,MATCH($E11&$C11,'ER C8 FLT1'!$A$4:$A$340&'ER C8 FLT1'!$B$4:$B$340-2,1),7)),IF($H11=\"Class_7\",INDEX('ER C7 FLT1'!$A$4:$J$340,MATCH($E11&$C11,'ER C7 FLT1'!$A$4:$A$340&'ER C7 FLT1'!$B$4:$B$340-2,1),5)*IF($H11=\"Class_7\",INDEX('ER C7 FLT1'!$A$4:$J$340,MATCH($E11&$C11,'ER C7 FLT1'!$A$4:$A$340&'ER C7 FLT1'!$B$4:$B$340-2,1),7)),\nIF($H11=\"Class_6\",INDEX('ER C6 FLT1'!$A$4:$J$340,MATCH($E11&$C11,'ER C6 FLT1'!$A$4:$A$340&'ER C6 FLT1'!$B$4:$B$340-2,1),5)*IF($H11=\"Class_6\",INDEX('ER C6 FLT1'!$A$4:$J$340,MATCH($E11&$C11,'ER C6 FLT1'!$A$4:$A$340&'ER C6 FLT1'!$B$4:$B$340-2,1),7))))))))*IF($F11=\"Level 1 PM + Mark I NOx\",0.75,1))*($Q11/453.6)","v":0},{"$f":"IF($B11=\"4+ Trucks\",IF(OR($H11=\"Class_8\",$N11=\"Replacement8HHD\",$AH11=\"CL7HHD\",$AJ11=\"CL7to8\"),INDEX('ER C8 FLT4'!$A$4:$J$340,MATCH($E11&$C11,'ER C8 FLT4'!$A$4:$A$340&'ER C8 FLT4'!$B$4:$B$340-3,1),5)*IF(OR($H11=\"Class_8\",$N11=\"Replacement8HHD\",$AH11=\"CL7HHD\",$AJ11=\"CL7to8\"),INDEX('ER C8 FLT4'!$A$4:$J$340,MATCH($E11&$C11,'ER C8 FLT4'!$A$4:$A$340&'ER C8 FLT4'!$B$4:$B$340-3,1),7)),IF($H11=\"Class_7\",INDEX('ER C7 FLT4'!$A$4:$J$340,MATCH($E11&$C11,'ER C7 FLT4'!$A$4:$A$340&'ER C7 FLT4'!$B$4:$B$340-3,1),5)*IF($H11=\"Class_7\",INDEX('ER C7 FLT4'!$A$4:$J$340,MATCH($E11&$C11,'ER C7 FLT4'!$A$4:$A$340&'ER C7 FLT4'!$B$4:$B$340-3,1),7)),\nIF($H11=\"Class_6\",INDEX('ER C6 FLT4'!$A$4:$J$340,MATCH($E11&$C11,'ER C6 FLT4'!$A$4:$A$340&'ER C6 FLT4'!$B$4:$B$340-3,1),5)*IF($H11=\"Class_6\",INDEX('ER C6 FLT4'!$A$4:$L$340,MATCH($E11&$C11,'ER C6 FLT4'!$A$4:$A$340&'ER C6 FLT4'!$B$4:$B$340-3,1),7))))),IF($B11=\"3 Trucks\",IF(OR($H11=\"Class_8\",$N11=\"Replacement8HHD\",$AH11=\"CL7HHD\",$AJ11=\"CL7to8\"),INDEX('ER C8 FLT3'!$A$4:$J$340,MATCH($E11&$C11,'ER C8 FLT3'!$A$4:$A$340&'ER C8 FLT3'!$B$4:$B$340-3,1),5)*IF(OR($H11=\"Class_8\",$N11=\"Replacement8HHD\",$AH11=\"CL7HHD\",$AJ11=\"CL7to8\"),INDEX('ER C8 FLT3'!$A$4:$J$340,MATCH($E11&$C11,'ER C8 FLT3'!$A$4:$A$340&'ER C8 FLT3'!$B$4:$B$340-3,1),7)),IF($H11=\"Class_7\",INDEX('ER C7 FLT3'!$A$4:$J$340,MATCH($E11&$C11,'ER C7 FLT3'!$A$4:$A$340&'ER C7 FLT3'!$B$4:$B$340-3,1),5)*IF($H11=\"Class_7\",INDEX('ER C7 FLT3'!$A$4:$J$340,MATCH($E11&$C11,'ER C7 FLT3'!$A$4:$A$340&'ER C7 FLT3'!$B$4:$B$340-3,1),7)),\nIF($H11=\"Class_6\",INDEX('ER C6 FLT3'!$A$4:$J$340,MATCH($E11&$C11,'ER C6 FLT3'!$A$4:$A$340&'ER C6 FLT3'!$B$4:$B$340-3,1),5)*IF($H11=\"Class_6\",INDEX('ER C6 FLT3'!$A$4:$L$340,MATCH($E11&$C11,'ER C6 FLT3'!$A$4:$A$340&'ER C6 FLT3'!$B$4:$B$340-3,1),7))))),IF($B11=\"2 Trucks\",IF(OR($H11=\"Class_8\",$N11=\"Replacement8HHD\",$AH11=\"CL7HHD\",$AJ11=\"CL7to8\"),INDEX('ER C8 FLT2'!$A$4:$J$340,MATCH($E11&$C11,'ER C8 FLT2'!$A$4:$A$340&'ER C8 FLT2'!$B$4:$B$340-3,1),5)*IF(OR($H11=\"Class_8\",$N11=\"Replacement8HHD\",$AH11=\"CL7HHD\",$AJ11=\"CL7to8\"),INDEX('ER C8 FLT2'!$A$4:$J$340,MATCH($E11&$C11,'ER C8 FLT2'!$A$4:$A$340&'ER C8 FLT2'!$B$4:$B$340-3,1),7)),IF($H11=\"Class_7\",INDEX('ER C7 FLT2'!$A$4:$J$340,MATCH($E11&$C11,'ER C7 FLT2'!$A$4:$A$340&'ER C7 FLT2'!$B$4:$B$340-3,1),5)*IF($H11=\"Class_7\",INDEX('ER C7 FLT2'!$A$4:$J$340,MATCH($E11&$C11,'ER C7 FLT2'!$A$4:$A$340&'ER C7 FLT2'!$B$4:$B$340-3,1),7)),IF($H11=\"Class_6\",INDEX('ER C6 FLT2'!$A$4:$J$340,MATCH($E11&$C11,'ER C6 FLT2'!$A$4:$A$340&'ER C6 FLT2'!$B$4:$B$340-3,1),5)*IF($H11=\"Class_6\",INDEX('ER C6 FLT2'!$A$4:$J$340,MATCH($E11&$C11,'ER C6 FLT2'!$A$4:$A$340&'ER C6 FLT2'!$B$4:$B$340-3,1),7))))),IF($B11=\"1 Truck\",\nIF(OR($H11=\"Class_8\",$N11=\"Replacement8HHD\",$AH11=\"CL7HHD\",$AJ11=\"CL7to8\"),INDEX('ER C8 FLT1'!$A$4:$J$340,MATCH($E11&$C11,'ER C8 FLT1'!$A$4:$A$340&'ER C8 FLT1'!$B$4:$B$340-3,1),5)*IF(OR($H11=\"Class_8\",$N11=\"Replacement8HHD\",$AH11=\"CL7HHD\",$AJ11=\"CL7to8\"),INDEX('ER C8 FLT1'!$A$4:$J$340,MATCH($E11&$C11,'ER C8 FLT1'!$A$4:$A$340&'ER C8 FLT1'!$B$4:$B$340-3,1),7)),IF($H11=\"Class_7\",INDEX('ER C7 FLT1'!$A$4:$J$340,MATCH($E11&$C11,'ER C7 FLT1'!$A$4:$A$340&'ER C7 FLT1'!$B$4:$B$340-3,1),5)*IF($H11=\"Class_7\",INDEX('ER C7 FLT1'!$A$4:$J$340,MATCH($E11&$C11,'ER C7 FLT1'!$A$4:$A$340&'ER C7 FLT1'!$B$4:$B$340-3,1),7)),\nIF($H11=\"Class_6\",INDEX('ER C6 FLT1'!$A$4:$J$340,MATCH($E11&$C11,'ER C6 FLT1'!$A$4:$A$340&'ER C6 FLT1'!$B$4:$B$340-3,1),5)*IF($H11=\"Class_6\",INDEX('ER C6 FLT1'!$A$4:$J$340,MATCH($E11&$C11,'ER C6 FLT1'!$A$4:$A$340&'ER C6 FLT1'!$B$4:$B$340-3,1),7))))))))*IF($F11=\"Level 1 PM + Mark I NOx\",0.75,1))*($Q11/453.6)","v":0},{"$f":"IF($B11=\"4+ Trucks\",IF(OR($H11=\"Class_8\",$N11=\"Replacement8HHD\",$AH11=\"CL7HHD\",$AJ11=\"CL7to8\"),INDEX('ER C8 FLT4'!$A$4:$J$340,MATCH($E11&$C11,'ER C8 FLT4'!$A$4:$A$340&'ER C8 FLT4'!$B$4:$B$340-4,1),5)*IF(OR($H11=\"Class_8\",$N11=\"Replacement8HHD\",$AH11=\"CL7HHD\",$AJ11=\"CL7to8\"),INDEX('ER C8 FLT4'!$A$4:$J$340,MATCH($E11&$C11,'ER C8 FLT4'!$A$4:$A$340&'ER C8 FLT4'!$B$4:$B$340-4,1),7)),IF($H11=\"Class_7\",INDEX('ER C7 FLT4'!$A$4:$J$340,MATCH($E11&$C11,'ER C7 FLT4'!$A$4:$A$340&'ER C7 FLT4'!$B$4:$B$340-4,1),5)*IF($H11=\"Class_7\",INDEX('ER C7 FLT4'!$A$4:$J$340,MATCH($E11&$C11,'ER C7 FLT4'!$A$4:$A$340&'ER C7 FLT4'!$B$4:$B$340-4,1),7)),\nIF($H11=\"Class_6\",INDEX('ER C6 FLT4'!$A$4:$J$340,MATCH($E11&$C11,'ER C6 FLT4'!$A$4:$A$340&'ER C6 FLT4'!$B$4:$B$340-4,1),5)*IF($H11=\"Class_6\",INDEX('ER C6 FLT4'!$A$4:$L$340,MATCH($E11&$C11,'ER C6 FLT4'!$A$4:$A$340&'ER C6 FLT4'!$B$4:$B$340-4,1),7))))),IF($B11=\"3 Trucks\",IF(OR($H11=\"Class_8\",$N11=\"Replacement8HHD\",$AH11=\"CL7HHD\",$AJ11=\"CL7to8\"),INDEX('ER C8 FLT3'!$A$4:$J$340,MATCH($E11&$C11,'ER C8 FLT3'!$A$4:$A$340&'ER C8 FLT3'!$B$4:$B$340-4,1),5)*IF(OR($H11=\"Class_8\",$N11=\"Replacement8HHD\",$AH11=\"CL7HHD\",$AJ11=\"CL7to8\"),INDEX('ER C8 FLT3'!$A$4:$J$340,MATCH($E11&$C11,'ER C8 FLT3'!$A$4:$A$340&'ER C8 FLT3'!$B$4:$B$340-4,1),7)),IF($H11=\"Class_7\",INDEX('ER C7 FLT3'!$A$4:$J$340,MATCH($E11&$C11,'ER C7 FLT3'!$A$4:$A$340&'ER C7 FLT3'!$B$4:$B$340-4,1),5)*IF($H11=\"Class_7\",INDEX('ER C7 FLT3'!$A$4:$J$340,MATCH($E11&$C11,'ER C7 FLT3'!$A$4:$A$340&'ER C7 FLT3'!$B$4:$B$340-4,1),7)),\nIF($H11=\"Class_6\",INDEX('ER C6 FLT3'!$A$4:$J$340,MATCH($E11&$C11,'ER C6 FLT3'!$A$4:$A$340&'ER C6 FLT3'!$B$4:$B$340-4,1),5)*IF($H11=\"Class_6\",INDEX('ER C6 FLT3'!$A$4:$L$340,MATCH($E11&$C11,'ER C6 FLT3'!$A$4:$A$340&'ER C6 FLT3'!$B$4:$B$340-4,1),7))))),IF($B11=\"2 Trucks\",IF(OR($H11=\"Class_8\",$N11=\"Replacement8HHD\",$AH11=\"CL7HHD\",$AJ11=\"CL7to8\"),INDEX('ER C8 FLT2'!$A$4:$J$340,MATCH($E11&$C11,'ER C8 FLT2'!$A$4:$A$340&'ER C8 FLT2'!$B$4:$B$340-4,1),5)*IF(OR($H11=\"Class_8\",$N11=\"Replacement8HHD\",$AH11=\"CL7HHD\",$AJ11=\"CL7to8\"),INDEX('ER C8 FLT2'!$A$4:$J$340,MATCH($E11&$C11,'ER C8 FLT2'!$A$4:$A$340&'ER C8 FLT2'!$B$4:$B$340-4,1),7)),IF($H11=\"Class_7\",INDEX('ER C7 FLT2'!$A$4:$J$340,MATCH($E11&$C11,'ER C7 FLT2'!$A$4:$A$340&'ER C7 FLT2'!$B$4:$B$340-4,1),5)*IF($H11=\"Class_7\",INDEX('ER C7 FLT2'!$A$4:$J$340,MATCH($E11&$C11,'ER C7 FLT2'!$A$4:$A$340&'ER C7 FLT2'!$B$4:$B$340-4,1),7)),IF($H11=\"Class_6\",INDEX('ER C6 FLT2'!$A$4:$J$340,MATCH($E11&$C11,'ER C6 FLT2'!$A$4:$A$340&'ER C6 FLT2'!$B$4:$B$340-4,1),5)*IF($H11=\"Class_6\",INDEX('ER C6 FLT2'!$A$4:$J$340,MATCH($E11&$C11,'ER C6 FLT2'!$A$4:$A$340&'ER C6 FLT2'!$B$4:$B$340-4,1),7))))),IF($B11=\"1 Truck\",\nIF(OR($H11=\"Class_8\",$N11=\"Replacement8HHD\",$AH11=\"CL7HHD\",$AJ11=\"CL7to8\"),INDEX('ER C8 FLT1'!$A$4:$J$340,MATCH($E11&$C11,'ER C8 FLT1'!$A$4:$A$340&'ER C8 FLT1'!$B$4:$B$340-4,1),5)*IF(OR($H11=\"Class_8\",$N11=\"Replacement8HHD\",$AH11=\"CL7HHD\",$AJ11=\"CL7to8\"),INDEX('ER C8 FLT1'!$A$4:$J$340,MATCH($E11&$C11,'ER C8 FLT1'!$A$4:$A$340&'ER C8 FLT1'!$B$4:$B$340-4,1),7)),IF($H11=\"Class_7\",INDEX('ER C7 FLT1'!$A$4:$J$340,MATCH($E11&$C11,'ER C7 FLT1'!$A$4:$A$340&'ER C7 FLT1'!$B$4:$B$340-4,1),5)*IF($H11=\"Class_7\",INDEX('ER C7 FLT1'!$A$4:$J$340,MATCH($E11&$C11,'ER C7 FLT1'!$A$4:$A$340&'ER C7 FLT1'!$B$4:$B$340-4,1),7)),\nIF($H11=\"Class_6\",INDEX('ER C6 FLT1'!$A$4:$J$340,MATCH($E11&$C11,'ER C6 FLT1'!$A$4:$A$340&'ER C6 FLT1'!$B$4:$B$340-4,1),5)*IF($H11=\"Class_6\",INDEX('ER C6 FLT1'!$A$4:$J$340,MATCH($E11&$C11,'ER C6 FLT1'!$A$4:$A$340&'ER C6 FLT1'!$B$4:$B$340-4,1),7))))))))*IF($F11=\"Level 1 PM + Mark I NOx\",0.75,1))*($Q11/453.6)","v":0},{"$f":"IF($B11=\"4+ Trucks\",IF(OR($H11=\"Class_8\",$N11=\"Replacement8HHD\",$AH11=\"CL7HHD\",$AJ11=\"CL7to8\"),INDEX('ER C8 FLT4'!$A$4:$J$340,MATCH($E11&$C11,'ER C8 FLT4'!$A$4:$A$340&'ER C8 FLT4'!$B$4:$B$340,1),5),IF($H11=\"Class_7\",INDEX('ER C7 FLT4'!$A$4:$J$340,MATCH($E11&$C11,'ER C7 FLT4'!$A$4:$A$340&'ER C7 FLT4'!$B$4:$B$340,1),5),IF($H11=\"Class_6\",INDEX('ER C6 FLT4'!$A$4:$J$340,MATCH($E11&$C11,'ER C6 FLT4'!$A$4:$A$340&'ER C6 FLT4'!$B$4:$B$340,1),5)))),\nIF($B11=\"3 Trucks\",IF(OR($H11=\"Class_8\",$N11=\"Replacement8HHD\",$AH11=\"CL7HHD\",$AJ11=\"CL7to8\"),INDEX('ER C8 FLT3'!$A$4:$J$340,MATCH($E11&$C11,'ER C8 FLT3'!$A$4:$A$340&'ER C8 FLT3'!$B$4:$B$340,1),5),IF($H11=\"Class_7\",INDEX('ER C7 FLT3'!$A$4:$J$340,MATCH($E11&$C11,'ER C7 FLT3'!$A$4:$A$340&'ER C7 FLT3'!$B$4:$B$340,1),5),IF($H11=\"Class_6\",INDEX('ER C6 FLT3'!$A$4:$J$340,MATCH($E11&$C11,'ER C6 FLT3'!$A$4:$A$340&'ER C6 FLT3'!$B$4:$B$340,1),5)))),\nIF($B11=\"2 Trucks\",IF(OR($H11=\"Class_8\",$N11=\"Replacement8HHD\",$AH11=\"CL7HHD\",$AJ11=\"CL7to8\"),INDEX('ER C8 FLT2'!$A$4:$J$340,MATCH($E11&$C11,'ER C8 FLT2'!$A$4:$A$340&'ER C8 FLT2'!$B$4:$B$340,1),5),IF($H11=\"Class_7\",INDEX('ER C7 FLT2'!$A$4:$J$340,MATCH($E11&$C11,'ER C7 FLT2'!$A$4:$A$340&'ER C7 FLT2'!$B$4:$B$340,1),5),IF($H11=\"Class_6\",INDEX('ER C6 FLT2'!$A$4:$J$340,MATCH($E11&$C11,'ER C6 FLT2'!$A$4:$A$340&'ER C6 FLT2'!$B$4:$B$340,1),5)))),IF($B11=\"1 Truck\",IF(OR($H11=\"Class_8\",$N11=\"Replacement8HHD\",$AH11=\"CL7HHD\",$AJ11=\"CL7to8\"),INDEX('ER C8 FLT1'!$A$4:$J$340,MATCH($E11&$C11,'ER C8 FLT1'!$A$4:$A$340&'ER C8 FLT1'!$B$4:$B$340,1),5),IF($H11=\"Class_7\",INDEX('ER C7 FLT1'!$A$4:$J$340,MATCH($E11&$C11,'ER C7 FLT1'!$A$4:$A$340&'ER C7 FLT1'!$B$4:$B$340,1),5),IF($H11=\"Class_6\",INDEX('ER C6 FLT1'!$A$4:$J$340,MATCH($E11&$C11,'ER C6 FLT1'!$A$4:$A$340&'ER C6 FLT1'!$B$4:$B$340,1),5)))))))\n)","v":false},{"$f":"IF($B11=\"3 Trucks\",IF(OR($H11=\"Class_8\",$N11=\"Replacement8HHD\",$AH11=\"CL7HHD\",$AJ11=\"CL7to8\"),INDEX('ER C8 FLT3'!$A$4:$J$340,MATCH($E11&$C11,'ER C8 FLT3'!$A$4:$A$340&'ER C8 FLT3'!$B$4:$B$340-1,1),5),IF($H11=\"Class_7\",INDEX('ER C7 FLT3'!$A$4:$J$340,MATCH($E11&$C11,'ER C7 FLT3'!$A$4:$A$340&'ER C7 FLT3'!$B$4:$B$340-1,1),5),IF($H11=\"Class_6\",INDEX('ER C6 FLT3'!$A$4:$J$340,MATCH($E11&$C11,'ER C6 FLT3'!$A$4:$A$340&'ER C6 FLT3'!$B$4:$B$340-1,1),5)))),IF($B11=\"2 Trucks\",IF(OR($H11=\"Class_8\",$N11=\"Replacement8HHD\",$AH11=\"CL7HHD\",$AJ11=\"CL7to8\"),INDEX('ER C8 FLT2'!$A$4:$J$340,MATCH($E11&$C11,'ER C8 FLT2'!$A$4:$A$340&'ER C8 FLT2'!$B$4:$B$340-1,1),5),IF($H11=\"Class_7\",INDEX('ER C7 FLT2'!$A$4:$J$340,MATCH($E11&$C11,'ER C7 FLT2'!$A$4:$A$340&'ER C7 FLT2'!$B$4:$B$340-1,1),5),IF($H11=\"Class_6\",INDEX('ER C6 FLT2'!$A$4:$J$340,MATCH($E11&$C11,'ER C6 FLT2'!$A$4:$A$340&'ER C6 FLT2'!$B$4:$B$340-1,1),5)))),IF($B11=\"1 Truck\",IF(OR($H11=\"Class_8\",$N11=\"Replacement8HHD\",$AH11=\"CL7HHD\",$AJ11=\"CL7to8\"),INDEX('ER C8 FLT1'!$A$4:$J$340,MATCH($E11&$C11,'ER C8 FLT1'!$A$4:$A$340&'ER C8 FLT1'!$B$4:$B$340-1,1),5),IF($H11=\"Class_7\",INDEX('ER C7 FLT1'!$A$4:$J$340,MATCH($E11&$C11,'ER C7 FLT1'!$A$4:$A$340&'ER C7 FLT1'!$B$4:$B$340-1,1),5),IF($H11=\"Class_6\",INDEX('ER C6 FLT1'!$A$4:$J$340,MATCH($E11&$C11,'ER C6 FLT1'!$A$4:$A$340&'ER C6 FLT1'!$B$4:$B$340-1,1),5)))),IF($B11=\"4+ Trucks\",IF(OR($H11=\"Class_8\",$N11=\"Replacement8HHD\",$AH11=\"CL7HHD\",$AJ11=\"CL7to8\"),INDEX('ER C8 FLT4'!$A$4:$J$340,MATCH($E11&$C11,'ER C8 FLT4'!$A$4:$A$340&'ER C8 FLT4'!$B$4:$B$340-1,1),5),IF($H11=\"Class_7\",INDEX('ER C7 FLT4'!$A$4:$J$340,MATCH($E11&$C11,'ER C7 FLT4'!$A$4:$A$340&'ER C7 FLT4'!$B$4:$B$340-1,1),5),IF($H11=\"Class_6\",INDEX('ER C6 FLT4'!$A$4:$J$340,MATCH($E11&$C11,'ER C6 FLT4'!$A$4:$A$340&'ER C6 FLT4'!$B$4:$B$340-1,1),5))))))))","v":false},{"$f":"IF($B11=\"3 Trucks\",IF(OR($H11=\"Class_8\",$N11=\"Replacement8HHD\",$AH11=\"CL7HHD\",$AJ11=\"CL7to8\"),INDEX('ER C8 FLT3'!$A$4:$J$340,MATCH($E11&$C11,'ER C8 FLT3'!$A$4:$A$340&'ER C8 FLT3'!$B$4:$B$340-2,1),5),IF($H11=\"Class_7\",INDEX('ER C7 FLT3'!$A$4:$J$340,MATCH($E11&$C11,'ER C7 FLT3'!$A$4:$A$340&'ER C7 FLT3'!$B$4:$B$340-2,1),5),IF($H11=\"Class_6\",INDEX('ER C6 FLT3'!$A$4:$J$340,MATCH($E11&$C11,'ER C6 FLT3'!$A$4:$A$340&'ER C6 FLT3'!$B$4:$B$340-2,1),5)))),IF($B11=\"2 Trucks\",IF(OR($H11=\"Class_8\",$N11=\"Replacement8HHD\",$AH11=\"CL7HHD\",$AJ11=\"CL7to8\"),INDEX('ER C8 FLT2'!$A$4:$J$340,MATCH($E11&$C11,'ER C8 FLT2'!$A$4:$A$340&'ER C8 FLT2'!$B$4:$B$340-2,1),5),IF($H11=\"Class_7\",INDEX('ER C7 FLT2'!$A$4:$J$340,MATCH($E11&$C11,'ER C7 FLT2'!$A$4:$A$340&'ER C7 FLT2'!$B$4:$B$340-2,1),5),IF($H11=\"Class_6\",INDEX('ER C6 FLT2'!$A$4:$J$340,MATCH($E11&$C11,'ER C6 FLT2'!$A$4:$A$340&'ER C6 FLT2'!$B$4:$B$340-2,1),5)))),IF($B11=\"1 Truck\",IF(OR($H11=\"Class_8\",$N11=\"Replacement8HHD\",$AH11=\"CL7HHD\",$AJ11=\"CL7to8\"),INDEX('ER C8 FLT1'!$A$4:$J$340,MATCH($E11&$C11,'ER C8 FLT1'!$A$4:$A$340&'ER C8 FLT1'!$B$4:$B$340-2,1),5),IF($H11=\"Class_7\",INDEX('ER C7 FLT1'!$A$4:$J$340,MATCH($E11&$C11,'ER C7 FLT1'!$A$4:$A$340&'ER C7 FLT1'!$B$4:$B$340-2,1),5),IF($H11=\"Class_6\",INDEX('ER C6 FLT1'!$A$4:$J$340,MATCH($E11&$C11,'ER C6 FLT1'!$A$4:$A$340&'ER C6 FLT1'!$B$4:$B$340-2,1),5)))),IF($B11=\"4+ Trucks\",IF(OR($H11=\"Class_8\",$N11=\"Replacement8HHD\",$AH11=\"CL7HHD\",$AJ11=\"CL7to8\"),INDEX('ER C8 FLT4'!$A$4:$J$340,MATCH($E11&$C11,'ER C8 FLT4'!$A$4:$A$340&'ER C8 FLT4'!$B$4:$B$340-2,1),5),IF($H11=\"Class_7\",INDEX('ER C7 FLT4'!$A$4:$J$340,MATCH($E11&$C11,'ER C7 FLT4'!$A$4:$A$340&'ER C7 FLT4'!$B$4:$B$340-2,1),5),IF($H11=\"Class_6\",INDEX('ER C6 FLT4'!$A$4:$J$340,MATCH($E11&$C11,'ER C6 FLT4'!$A$4:$A$340&'ER C6 FLT4'!$B$4:$B$340-2,1),5))))))))","v":false},{"$f":"IF($B11=\"3 Trucks\",IF(OR($H11=\"Class_8\",$N11=\"Replacement8HHD\",$AH11=\"CL7HHD\",$AJ11=\"CL7to8\"),INDEX('ER C8 FLT3'!$A$4:$J$340,MATCH($E11&$C11,'ER C8 FLT3'!$A$4:$A$340&'ER C8 FLT3'!$B$4:$B$340-3,1),5),IF($H11=\"Class_7\",INDEX('ER C7 FLT3'!$A$4:$J$340,MATCH($E11&$C11,'ER C7 FLT3'!$A$4:$A$340&'ER C7 FLT3'!$B$4:$B$340-3,1),5),IF($H11=\"Class_6\",INDEX('ER C6 FLT3'!$A$4:$J$340,MATCH($E11&$C11,'ER C6 FLT3'!$A$4:$A$340&'ER C6 FLT3'!$B$4:$B$340-3,1),5)))),IF($B11=\"2 Trucks\",IF(OR($H11=\"Class_8\",$N11=\"Replacement8HHD\",$AH11=\"CL7HHD\",$AJ11=\"CL7to8\"),INDEX('ER C8 FLT2'!$A$4:$J$340,MATCH($E11&$C11,'ER C8 FLT2'!$A$4:$A$340&'ER C8 FLT2'!$B$4:$B$340-3,1),5),IF($H11=\"Class_7\",INDEX('ER C7 FLT2'!$A$4:$J$340,MATCH($E11&$C11,'ER C7 FLT2'!$A$4:$A$340&'ER C7 FLT2'!$B$4:$B$340-3,1),5),IF($H11=\"Class_6\",INDEX('ER C6 FLT2'!$A$4:$J$340,MATCH($E11&$C11,'ER C6 FLT2'!$A$4:$A$340&'ER C6 FLT2'!$B$4:$B$340-3,1),5)))),IF($B11=\"1 Truck\",IF(OR($H11=\"Class_8\",$N11=\"Replacement8HHD\",$AH11=\"CL7HHD\",$AJ11=\"CL7to8\"),INDEX('ER C8 FLT1'!$A$4:$J$340,MATCH($E11&$C11,'ER C8 FLT1'!$A$4:$A$340&'ER C8 FLT1'!$B$4:$B$340-3,1),5),IF($H11=\"Class_7\",INDEX('ER C7 FLT1'!$A$4:$J$340,MATCH($E11&$C11,'ER C7 FLT1'!$A$4:$A$340&'ER C7 FLT1'!$B$4:$B$340-3,1),5),IF($H11=\"Class_6\",INDEX('ER C6 FLT1'!$A$4:$J$340,MATCH($E11&$C11,'ER C6 FLT1'!$A$4:$A$340&'ER C6 FLT1'!$B$4:$B$340-3,1),5)))),IF($B11=\"4+ Trucks\",IF(OR($H11=\"Class_8\",$N11=\"Replacement8HHD\",$AH11=\"CL7HHD\",$AJ11=\"CL7to8\"),INDEX('ER C8 FLT4'!$A$4:$J$340,MATCH($E11&$C11,'ER C8 FLT4'!$A$4:$A$340&'ER C8 FLT4'!$B$4:$B$340-3,1),5),IF($H11=\"Class_7\",INDEX('ER C7 FLT4'!$A$4:$J$340,MATCH($E11&$C11,'ER C7 FLT4'!$A$4:$A$340&'ER C7 FLT4'!$B$4:$B$340-3,1),5),IF($H11=\"Class_6\",INDEX('ER C6 FLT4'!$A$4:$J$340,MATCH($E11&$C11,'ER C6 FLT4'!$A$4:$A$340&'ER C6 FLT4'!$B$4:$B$340-3,1),5))))))))","v":false},{"$f":"IF($B11=\"3 Trucks\",IF(OR($H11=\"Class_8\",$N11=\"Replacement8HHD\",$AH11=\"CL7HHD\",$AJ11=\"CL7to8\"),INDEX('ER C8 FLT3'!$A$4:$J$340,MATCH($E11&$C11,'ER C8 FLT3'!$A$4:$A$340&'ER C8 FLT3'!$B$4:$B$340-4,1),5),IF($H11=\"Class_7\",INDEX('ER C7 FLT3'!$A$4:$J$340,MATCH($E11&$C11,'ER C7 FLT3'!$A$4:$A$340&'ER C7 FLT3'!$B$4:$B$340-4,1),5),IF($H11=\"Class_6\",INDEX('ER C6 FLT3'!$A$4:$J$340,MATCH($E11&$C11,'ER C6 FLT3'!$A$4:$A$340&'ER C6 FLT3'!$B$4:$B$340-4,1),5)))),IF($B11=\"2 Trucks\",IF(OR($H11=\"Class_8\",$N11=\"Replacement8HHD\",$AH11=\"CL7HHD\",$AJ11=\"CL7to8\"),INDEX('ER C8 FLT2'!$A$4:$J$340,MATCH($E11&$C11,'ER C8 FLT2'!$A$4:$A$340&'ER C8 FLT2'!$B$4:$B$340-4,1),5),IF($H11=\"Class_7\",INDEX('ER C7 FLT2'!$A$4:$J$340,MATCH($E11&$C11,'ER C7 FLT2'!$A$4:$A$340&'ER C7 FLT2'!$B$4:$B$340-4,1),5),IF($H11=\"Class_6\",INDEX('ER C6 FLT2'!$A$4:$J$340,MATCH($E11&$C11,'ER C6 FLT2'!$A$4:$A$340&'ER C6 FLT2'!$B$4:$B$340-4,1),5)))),IF($B11=\"1 Truck\",IF(OR($H11=\"Class_8\",$N11=\"Replacement8HHD\",$AH11=\"CL7HHD\",$AJ11=\"CL7to8\"),INDEX('ER C8 FLT1'!$A$4:$J$340,MATCH($E11&$C11,'ER C8 FLT1'!$A$4:$A$340&'ER C8 FLT1'!$B$4:$B$340-4,1),5),IF($H11=\"Class_7\",INDEX('ER C7 FLT1'!$A$4:$J$340,MATCH($E11&$C11,'ER C7 FLT1'!$A$4:$A$340&'ER C7 FLT1'!$B$4:$B$340-4,1),5),IF($H11=\"Class_6\",INDEX('ER C6 FLT1'!$A$4:$J$340,MATCH($E11&$C11,'ER C6 FLT1'!$A$4:$A$340&'ER C6 FLT1'!$B$4:$B$340-4,1),5)))),IF($B11=\"4+ Trucks\",IF(OR($H11=\"Class_8\",$N11=\"Replacement8HHD\",$AH11=\"CL7HHD\",$AJ11=\"CL7to8\"),INDEX('ER C8 FLT4'!$A$4:$J$340,MATCH($E11&$C11,'ER C8 FLT4'!$A$4:$A$340&'ER C8 FLT4'!$B$4:$B$340-4,1),5),IF($H11=\"Class_7\",INDEX('ER C7 FLT4'!$A$4:$J$340,MATCH($E11&$C11,'ER C7 FLT4'!$A$4:$A$340&'ER C7 FLT4'!$B$4:$B$340-4,1),5),IF($H11=\"Class_6\",INDEX('ER C6 FLT4'!$A$4:$J$340,MATCH($E11&$C11,'ER C6 FLT4'!$A$4:$A$340&'ER C6 FLT4'!$B$4:$B$340-4,1),5))))))))","v":false},{"$f":"CK11*(($Q11+$AC11)/453.6)","v":0},{"$f":"CL11*(($Q11+$AC11)/453.6)","v":0},{"$f":"CM11*(($Q11+$AC11)/453.6)","v":0},{"$f":"CN11*(($Q11+$AC11)/453.6)","v":0},{"$f":"CO11*(($Q11+$AC11)/453.6)","v":0},{"$f":"IF(OR($R11=\"Diesel\",$R11=\"Zero Emission\",$R11=\"Hybrid\",$R11=\"Hybrid Zero-Mile\",$R11=\"Low NOx\",$R11=\"LNG/CNG\"),IF($B11=\"3 Trucks\",IF(OR($O11=\"Class_8\",$N11=\"Replacement8HHD\",$AI11=\"CL7HHD\"),INDEX('ER C8 FLT3'!$A$4:$J$340,MATCH(DropData!$J57&$C11,'ER C8 FLT3'!$A$4:$A$340&'ER C8 FLT3'!$B$4:$B$340,1),5),IF($O11=\"Class_7\",INDEX('ER C7 FLT3'!$A$4:$J$340,MATCH(DropData!$J57&$C11,'ER C7 FLT3'!$A$4:$A$340&'ER C7 FLT3'!$B$4:$B$340,1),5),IF($O11=\"Class_6\",INDEX('ER C6 FLT3'!$A$4:$J$340,MATCH(DropData!$J57&$C11,'ER C6 FLT3'!$A$4:$A$340&'ER C6 FLT3'!$B$4:$B$340,1),5)))),IF($B11=\"2 Trucks\",IF(OR($O11=\"Class_8\",$N11=\"Replacement8HHD\",$AI11=\"CL7HHD\"),INDEX('ER C8 FLT2'!$A$4:$J$340,MATCH(DropData!$J57&$C11,'ER C8 FLT2'!$A$4:$A$340&'ER C8 FLT2'!$B$4:$B$340,1),5),IF($O11=\"Class_7\",INDEX('ER C7 FLT2'!$A$4:$J$340,MATCH(DropData!$J57&$C11,'ER C7 FLT2'!$A$4:$A$340&'ER C7 FLT2'!$B$4:$B$340,1),5),IF($O11=\"Class_6\",INDEX('ER C6 FLT2'!$A$4:$J$340,MATCH(DropData!$J57&$C11,'ER C6 FLT2'!$A$4:$A$340&'ER C6 FLT2'!$B$4:$B$340,1),5)))),IF($B11=\"1 Truck\",IF(OR($O11=\"Class_8\",$N11=\"Replacement8HHD\",$AI11=\"CL7HHD\"),INDEX('ER C8 FLT1'!$A$4:$J$340,MATCH(DropData!$J57&$C11,'ER C8 FLT1'!$A$4:$A$340&'ER C8 FLT1'!$B$4:$B$340,1),5),IF($O11=\"Class_7\",INDEX('ER C7 FLT1'!$A$4:$J$340,MATCH(DropData!$J57&$C11,'ER C7 FLT1'!$A$4:$A$340&'ER C7 FLT1'!$B$4:$B$340,1),5),IF($O11=\"Class_6\",INDEX('ER C6 FLT1'!$A$4:$J$340,MATCH(DropData!$J57&$C11,'ER C6 FLT1'!$A$4:$A$340&'ER C6 FLT1'!$B$4:$B$340,1),5)))),IF($B11=\"4+ Trucks\",IF(OR($O11=\"Class_8\",$N11=\"Replacement8HHD\",$AI11=\"CL7HHD\"),INDEX('ER C8 FLT4'!$A$4:$J$340,MATCH(DropData!$J57&$C11,'ER C8 FLT4'!$A$4:$A$340&'ER C8 FLT4'!$B$4:$B$340,1),5),IF($O11=\"Class_7\",INDEX('ER C7 FLT4'!$A$4:$J$340,MATCH(DropData!$J57&$C11,'ER C7 FLT4'!$A$4:$A$340&'ER C7 FLT4'!$B$4:$B$340,1),5),IF($O11=\"Class_6\",INDEX('ER C6 FLT4'!$A$4:$J$340,MATCH(DropData!$J57&$C11,'ER C6 FLT4'!$A$4:$A$340&'ER C6 FLT4'!$B$4:$B$340,1),5)))))))))","v":false},{"$f":"IF(OR($R11=\"Diesel\",$R11=\"Zero Emission\",$R11=\"Hybrid\",$R11=\"Hybrid Zero-Mile\",$R11=\"Low NOx\",$R11=\"LNG/CNG\"),IF($B11=\"3 Trucks\",IF(OR($O11=\"Class_8\",$N11=\"Replacement8HHD\",$AI11=\"CL7HHD\"),INDEX('ER C8 FLT3'!$A$4:$J$340,MATCH(DropData!$J57&$C11,'ER C8 FLT3'!$A$4:$A$340&'ER C8 FLT3'!$B$4:$B$340-1,1),5),IF($O11=\"Class_7\",INDEX('ER C7 FLT3'!$A$4:$J$340,MATCH(DropData!$J57&$C11,'ER C7 FLT3'!$A$4:$A$340&'ER C7 FLT3'!$B$4:$B$340-1,1),5),IF($O11=\"Class_6\",INDEX('ER C6 FLT3'!$A$4:$J$340,MATCH(DropData!$J57&$C11,'ER C6 FLT3'!$A$4:$A$340&'ER C6 FLT3'!$B$4:$B$340-1,1),5)))),IF($B11=\"2 Trucks\",IF(OR($O11=\"Class_8\",$N11=\"Replacement8HHD\",$AI11=\"CL7HHD\"),INDEX('ER C8 FLT2'!$A$4:$J$340,MATCH(DropData!$J57&$C11,'ER C8 FLT2'!$A$4:$A$340&'ER C8 FLT2'!$B$4:$B$340-1,1),5),IF($O11=\"Class_7\",INDEX('ER C7 FLT2'!$A$4:$J$340,MATCH(DropData!$J57&$C11,'ER C7 FLT2'!$A$4:$A$340&'ER C7 FLT2'!$B$4:$B$340-1,1),5),IF($O11=\"Class_6\",INDEX('ER C6 FLT2'!$A$4:$J$340,MATCH(DropData!$J57&$C11,'ER C6 FLT2'!$A$4:$A$340&'ER C6 FLT2'!$B$4:$B$340-1,1),5)))),IF($B11=\"1 Truck\",IF(OR($O11=\"Class_8\",$N11=\"Replacement8HHD\",$AI11=\"CL7HHD\"),INDEX('ER C8 FLT1'!$A$4:$J$340,MATCH(DropData!$J57&$C11,'ER C8 FLT1'!$A$4:$A$340&'ER C8 FLT1'!$B$4:$B$340-1,1),5),IF($O11=\"Class_7\",INDEX('ER C7 FLT1'!$A$4:$J$340,MATCH(DropData!$J57&$C11,'ER C7 FLT1'!$A$4:$A$340&'ER C7 FLT1'!$B$4:$B$340-1,1),5),IF($O11=\"Class_6\",INDEX('ER C6 FLT1'!$A$4:$J$340,MATCH(DropData!$J57&$C11,'ER C6 FLT1'!$A$4:$A$340&'ER C6 FLT1'!$B$4:$B$340-1,1),5)))),IF($B11=\"4+ Trucks\",IF(OR($O11=\"Class_8\",$N11=\"Replacement8HHD\",$AI11=\"CL7HHD\"),INDEX('ER C8 FLT4'!$A$4:$J$340,MATCH(DropData!$J57&$C11,'ER C8 FLT4'!$A$4:$A$340&'ER C8 FLT4'!$B$4:$B$340-1,1),5),IF($O11=\"Class_7\",INDEX('ER C7 FLT4'!$A$4:$J$340,MATCH(DropData!$J57&$C11,'ER C7 FLT4'!$A$4:$A$340&'ER C7 FLT4'!$B$4:$B$340-1,1),5),IF($O11=\"Class_6\",INDEX('ER C6 FLT4'!$A$4:$J$340,MATCH(DropData!$J57&$C11,'ER C6 FLT4'!$A$4:$A$340&'ER C6 FLT4'!$B$4:$B$340-1,1),5)))))))))","v":false},{"$f":"IF(OR($R11=\"Diesel\",$R11=\"Zero Emission\",$R11=\"Hybrid\",$R11=\"Hybrid Zero-Mile\",$R11=\"Low NOx\",$R11=\"LNG/CNG\"),IF($B11=\"3 Trucks\",IF(OR($O11=\"Class_8\",$N11=\"Replacement8HHD\",$AI11=\"CL7HHD\"),INDEX('ER C8 FLT3'!$A$4:$J$340,MATCH(DropData!$J57&$C11,'ER C8 FLT3'!$A$4:$A$340&'ER C8 FLT3'!$B$4:$B$340-2,1),5),IF($O11=\"Class_7\",INDEX('ER C7 FLT3'!$A$4:$J$340,MATCH(DropData!$J57&$C11,'ER C7 FLT3'!$A$4:$A$340&'ER C7 FLT3'!$B$4:$B$340-2,1),5),IF($O11=\"Class_6\",INDEX('ER C6 FLT3'!$A$4:$J$340,MATCH(DropData!$J57&$C11,'ER C6 FLT3'!$A$4:$A$340&'ER C6 FLT3'!$B$4:$B$340-2,1),5)))),IF($B11=\"2 Trucks\",IF(OR($O11=\"Class_8\",$N11=\"Replacement8HHD\",$AI11=\"CL7HHD\"),INDEX('ER C8 FLT2'!$A$4:$J$340,MATCH(DropData!$J57&$C11,'ER C8 FLT2'!$A$4:$A$340&'ER C8 FLT2'!$B$4:$B$340-2,1),5),IF($O11=\"Class_7\",INDEX('ER C7 FLT2'!$A$4:$J$340,MATCH(DropData!$J57&$C11,'ER C7 FLT2'!$A$4:$A$340&'ER C7 FLT2'!$B$4:$B$340-2,1),5),IF($O11=\"Class_6\",INDEX('ER C6 FLT2'!$A$4:$J$340,MATCH(DropData!$J57&$C11,'ER C6 FLT2'!$A$4:$A$340&'ER C6 FLT2'!$B$4:$B$340-2,1),5)))),IF($B11=\"1 Truck\",IF(OR($O11=\"Class_8\",$N11=\"Replacement8HHD\",$AI11=\"CL7HHD\"),INDEX('ER C8 FLT1'!$A$4:$J$340,MATCH(DropData!$J57&$C11,'ER C8 FLT1'!$A$4:$A$340&'ER C8 FLT1'!$B$4:$B$340-2,1),5),IF($O11=\"Class_7\",INDEX('ER C7 FLT1'!$A$4:$J$340,MATCH(DropData!$J57&$C11,'ER C7 FLT1'!$A$4:$A$340&'ER C7 FLT1'!$B$4:$B$340-2,1),5),IF($O11=\"Class_6\",INDEX('ER C6 FLT1'!$A$4:$J$340,MATCH(DropData!$J57&$C11,'ER C6 FLT1'!$A$4:$A$340&'ER C6 FLT1'!$B$4:$B$340-2,1),5)))),IF($B11=\"4+ Trucks\",IF(OR($O11=\"Class_8\",$N11=\"Replacement8HHD\",$AI11=\"CL7HHD\"),INDEX('ER C8 FLT4'!$A$4:$J$340,MATCH(DropData!$J57&$C11,'ER C8 FLT4'!$A$4:$A$340&'ER C8 FLT4'!$B$4:$B$340-2,1),5),IF($O11=\"Class_7\",INDEX('ER C7 FLT4'!$A$4:$J$340,MATCH(DropData!$J57&$C11,'ER C7 FLT4'!$A$4:$A$340&'ER C7 FLT4'!$B$4:$B$340-2,1),5),IF($O11=\"Class_6\",INDEX('ER C6 FLT4'!$A$4:$J$340,MATCH(DropData!$J57&$C11,'ER C6 FLT4'!$A$4:$A$340&'ER C6 FLT4'!$B$4:$B$340-2,1),5)))))))))","v":false},{"$f":"IF(OR($R11=\"Diesel\",$R11=\"Zero Emission\",$R11=\"Hybrid\",$R11=\"Hybrid Zero-Mile\",$R11=\"Low NOx\",$R11=\"LNG/CNG\"),IF($B11=\"3 Trucks\",IF(OR($O11=\"Class_8\",$N11=\"Replacement8HHD\",$AI11=\"CL7HHD\"),INDEX('ER C8 FLT3'!$A$4:$J$340,MATCH(DropData!$J57&$C11,'ER C8 FLT3'!$A$4:$A$340&'ER C8 FLT3'!$B$4:$B$340-3,1),5),IF($O11=\"Class_7\",INDEX('ER C7 FLT3'!$A$4:$J$340,MATCH(DropData!$J57&$C11,'ER C7 FLT3'!$A$4:$A$340&'ER C7 FLT3'!$B$4:$B$340-3,1),5),IF($O11=\"Class_6\",INDEX('ER C6 FLT3'!$A$4:$J$340,MATCH(DropData!$J57&$C11,'ER C6 FLT3'!$A$4:$A$340&'ER C6 FLT3'!$B$4:$B$340-3,1),5)))),IF($B11=\"2 Trucks\",IF(OR($O11=\"Class_8\",$N11=\"Replacement8HHD\",$AI11=\"CL7HHD\"),INDEX('ER C8 FLT2'!$A$4:$J$340,MATCH(DropData!$J57&$C11,'ER C8 FLT2'!$A$4:$A$340&'ER C8 FLT2'!$B$4:$B$340-3,1),5),IF($O11=\"Class_7\",INDEX('ER C7 FLT2'!$A$4:$J$340,MATCH(DropData!$J57&$C11,'ER C7 FLT2'!$A$4:$A$340&'ER C7 FLT2'!$B$4:$B$340-3,1),5),IF($O11=\"Class_6\",INDEX('ER C6 FLT2'!$A$4:$J$340,MATCH(DropData!$J57&$C11,'ER C6 FLT2'!$A$4:$A$340&'ER C6 FLT2'!$B$4:$B$340-3,1),5)))),IF($B11=\"1 Truck\",IF(OR($O11=\"Class_8\",$N11=\"Replacement8HHD\",$AI11=\"CL7HHD\"),INDEX('ER C8 FLT1'!$A$4:$J$340,MATCH(DropData!$J57&$C11,'ER C8 FLT1'!$A$4:$A$340&'ER C8 FLT1'!$B$4:$B$340-3,1),5),IF($O11=\"Class_7\",INDEX('ER C7 FLT1'!$A$4:$J$340,MATCH(DropData!$J57&$C11,'ER C7 FLT1'!$A$4:$A$340&'ER C7 FLT1'!$B$4:$B$340-3,1),5),IF($O11=\"Class_6\",INDEX('ER C6 FLT1'!$A$4:$J$340,MATCH(DropData!$J57&$C11,'ER C6 FLT1'!$A$4:$A$340&'ER C6 FLT1'!$B$4:$B$340-3,1),5)))),IF($B11=\"4+ Trucks\",IF(OR($O11=\"Class_8\",$N11=\"Replacement8HHD\",$AI11=\"CL7HHD\"),INDEX('ER C8 FLT4'!$A$4:$J$340,MATCH(DropData!$J57&$C11,'ER C8 FLT4'!$A$4:$A$340&'ER C8 FLT4'!$B$4:$B$340-3,1),5),IF($O11=\"Class_7\",INDEX('ER C7 FLT4'!$A$4:$J$340,MATCH(DropData!$J57&$C11,'ER C7 FLT4'!$A$4:$A$340&'ER C7 FLT4'!$B$4:$B$340-3,1),5),IF($O11=\"Class_6\",INDEX('ER C6 FLT4'!$A$4:$J$340,MATCH(DropData!$J57&$C11,'ER C6 FLT4'!$A$4:$A$340&'ER C6 FLT4'!$B$4:$B$340-3,1),5)))))))))","v":false},{"$f":"IF(OR($R11=\"Diesel\",$R11=\"Zero Emission\",$R11=\"Hybrid\",$R11=\"Hybrid Zero-Mile\",$R11=\"Low NOx\",$R11=\"LNG/CNG\"),IF($B11=\"3 Trucks\",IF(OR($O11=\"Class_8\",$N11=\"Replacement8HHD\",$AI11=\"CL7HHD\"),INDEX('ER C8 FLT3'!$A$4:$J$340,MATCH(DropData!$J57&$C11,'ER C8 FLT3'!$A$4:$A$340&'ER C8 FLT3'!$B$4:$B$340-4,1),5),IF($O11=\"Class_7\",INDEX('ER C7 FLT3'!$A$4:$J$340,MATCH(DropData!$J57&$C11,'ER C7 FLT3'!$A$4:$A$340&'ER C7 FLT3'!$B$4:$B$340-4,1),5),IF($O11=\"Class_6\",INDEX('ER C6 FLT3'!$A$4:$J$340,MATCH(DropData!$J57&$C11,'ER C6 FLT3'!$A$4:$A$340&'ER C6 FLT3'!$B$4:$B$340-4,1),5)))),IF($B11=\"2 Trucks\",IF(OR($O11=\"Class_8\",$N11=\"Replacement8HHD\",$AI11=\"CL7HHD\"),INDEX('ER C8 FLT2'!$A$4:$J$340,MATCH(DropData!$J57&$C11,'ER C8 FLT2'!$A$4:$A$340&'ER C8 FLT2'!$B$4:$B$340-4,1),5),IF($O11=\"Class_7\",INDEX('ER C7 FLT2'!$A$4:$J$340,MATCH(DropData!$J57&$C11,'ER C7 FLT2'!$A$4:$A$340&'ER C7 FLT2'!$B$4:$B$340-4,1),5),IF($O11=\"Class_6\",INDEX('ER C6 FLT2'!$A$4:$J$340,MATCH(DropData!$J57&$C11,'ER C6 FLT2'!$A$4:$A$340&'ER C6 FLT2'!$B$4:$B$340-4,1),5)))),IF($B11=\"1 Truck\",IF(OR($O11=\"Class_8\",$N11=\"Replacement8HHD\",$AI11=\"CL7HHD\"),INDEX('ER C8 FLT1'!$A$4:$J$340,MATCH(DropData!$J57&$C11,'ER C8 FLT1'!$A$4:$A$340&'ER C8 FLT1'!$B$4:$B$340-4,1),5),IF($O11=\"Class_7\",INDEX('ER C7 FLT1'!$A$4:$J$340,MATCH(DropData!$J57&$C11,'ER C7 FLT1'!$A$4:$A$340&'ER C7 FLT1'!$B$4:$B$340-4,1),5),IF($O11=\"Class_6\",INDEX('ER C6 FLT1'!$A$4:$J$340,MATCH(DropData!$J57&$C11,'ER C6 FLT1'!$A$4:$A$340&'ER C6 FLT1'!$B$4:$B$340-4,1),5)))),IF($B11=\"4+ Trucks\",IF(OR($O11=\"Class_8\",$N11=\"Replacement8HHD\",$AI11=\"CL7HHD\"),INDEX('ER C8 FLT4'!$A$4:$J$340,MATCH(DropData!$J57&$C11,'ER C8 FLT4'!$A$4:$A$340&'ER C8 FLT4'!$B$4:$B$340-4,1),5),IF($O11=\"Class_7\",INDEX('ER C7 FLT4'!$A$4:$J$340,MATCH(DropData!$J57&$C11,'ER C7 FLT4'!$A$4:$A$340&'ER C7 FLT4'!$B$4:$B$340-4,1),5),IF($O11=\"Class_6\",INDEX('ER C6 FLT4'!$A$4:$J$340,MATCH(DropData!$J57&$C11,'ER C6 FLT4'!$A$4:$A$340&'ER C6 FLT4'!$B$4:$B$340-4,1),5)))))))))","v":false},0,{"$f":"MAX((IF($B11=\"4+ Trucks\",IF($Z11=\"Class_8\",INDEX('ER C8 FLT4'!$A$4:$J$340,MATCH($W11&$C11,'ER C8 FLT4'!$A$4:$A$340&'ER C8 FLT4'!$B$4:$B$340,1),5)*IF($Z11=\"Class_8\",INDEX('ER C8 FLT4'!$A$4:$J$340,MATCH($W11&$C11,'ER C8 FLT4'!$A$4:$A$340&'ER C8 FLT4'!$B$4:$B$340,1),7)),IF($Z11=\"Class_7\",INDEX('ER C7 FLT4'!$A$4:$J$340,MATCH($W11&$C11,'ER C7 FLT4'!$A$4:$A$340&'ER C7 FLT4'!$B$4:$B$340,1),5)*IF($Z11=\"Class_7\",INDEX('ER C7 FLT4'!$A$4:$J$340,MATCH($W11&$C11,'ER C7 FLT4'!$A$4:$A$340&'ER C7 FLT4'!$B$4:$B$340,1),7)),IF($Z11=\"Class_6\",INDEX('ER C6 FLT4'!$A$4:$J$340,MATCH($W11&$C11,'ER C6 FLT4'!$A$4:$A$340&'ER C6 FLT4'!$B$4:$B$340,1),5)*IF($Z11=\"Class_6\",INDEX('ER C6 FLT4'!$A$4:$L$340,MATCH($W11&$C11,'ER C6 FLT4'!$A$4:$A$340&'ER C6 FLT4'!$B$4:$B$340,1),7))))),IF($B11=\"2 Trucks\",IF($Z11=\"Class_8\",INDEX('ER C8 FLT2'!$A$4:$J$340,MATCH($W11&$C11,'ER C8 FLT2'!$A$4:$A$340&'ER C8 FLT2'!$B$4:$B$340,1),5)*IF($Z11=\"Class_8\",INDEX('ER C8 FLT2'!$A$4:$J$340,MATCH($W11&$C11,'ER C8 FLT2'!$A$4:$A$340&'ER C8 FLT2'!$B$4:$B$340,1),7)),IF($Z11=\"Class_7\",INDEX('ER C7 FLT2'!$A$4:$J$340,MATCH($W11&$C11,'ER C7 FLT2'!$A$4:$A$340&'ER C7 FLT2'!$B$4:$B$340,1),5)*IF($Z11=\"Class_7\",INDEX('ER C7 FLT2'!$A$4:$J$340,MATCH($W11&$C11,'ER C7 FLT2'!$A$4:$A$340&'ER C7 FLT2'!$B$4:$B$340,1),7)),IF($Z11=\"Class_6\",INDEX('ER C6 FLT2'!$A$4:$J$340,MATCH($W11&$C11,'ER C6 FLT2'!$A$4:$A$340&'ER C6 FLT2'!$B$4:$B$340,1),5)*IF($Z11=\"Class_6\",INDEX('ER C6 FLT2'!$A$4:$J$340,MATCH($W11&$C11,'ER C6 FLT2'!$A$4:$A$340&'ER C6 FLT2'!$B$4:$B$340,1),7))))),IF($B11=\"1 Truck\",\nIF($Z11=\"Class_8\",INDEX('ER C8 FLT1'!$A$4:$J$340,MATCH($W11&$C11,'ER C8 FLT1'!$A$4:$A$340&'ER C8 FLT1'!$B$4:$B$340,1),5)*IF($Z11=\"Class_8\",INDEX('ER C8 FLT1'!$A$4:$J$340,MATCH($W11&$C11,'ER C8 FLT1'!$A$4:$A$340&'ER C8 FLT1'!$B$4:$B$340,1),7)),IF($Z11=\"Class_7\",INDEX('ER C7 FLT1'!$A$4:$J$340,MATCH($W11&$C11,'ER C7 FLT1'!$A$4:$A$340&'ER C7 FLT1'!$B$4:$B$340,1),5)*IF($Z11=\"Class_7\",INDEX('ER C7 FLT1'!$A$4:$J$340,MATCH($W11&$C11,'ER C7 FLT1'!$A$4:$A$340&'ER C7 FLT1'!$B$4:$B$340,1),7)),IF($Z11=\"Class_6\",INDEX('ER C6 FLT1'!$A$4:$J$340,MATCH($W11&$C11,'ER C6 FLT1'!$A$4:$A$340&'ER C6 FLT1'!$B$4:$B$340,1),5)*IF($Z11=\"Class_6\",INDEX('ER C6 FLT1'!$A$4:$J$340,MATCH($W11&$C11,'ER C6 FLT1'!$A$4:$A$340&'ER C6 FLT1'!$B$4:$B$340,1),7))))),IF($B11=\"3 Trucks\",IF($Z11=\"Class_8\",INDEX('ER C8 FLT3'!$A$4:$J$340,MATCH($W11&$C11,'ER C8 FLT3'!$A$4:$A$340&'ER C8 FLT3'!$B$4:$B$340,1),5)*IF($Z11=\"Class_8\",INDEX('ER C8 FLT3'!$A$4:$J$340,MATCH($W11&$C11,'ER C8 FLT3'!$A$4:$A$340&'ER C8 FLT3'!$B$4:$B$340,1),7)),IF($Z11=\"Class_7\",INDEX('ER C7 FLT3'!$A$4:$J$340,MATCH($W11&$C11,'ER C7 FLT3'!$A$4:$A$340&'ER C7 FLT3'!$B$4:$B$340,1),5)*IF($Z11=\"Class_7\",INDEX('ER C7 FLT3'!$A$4:$J$340,MATCH($W11&$C11,'ER C7 FLT3'!$A$4:$A$340&'ER C7 FLT3'!$B$4:$B$340,1),7)),\nIF($Z11=\"Class_6\",INDEX('ER C6 FLT3'!$A$4:$J$340,MATCH($W11&$C11,'ER C6 FLT3'!$A$4:$A$340&'ER C6 FLT3'!$B$4:$B$340,1),5)*IF($Z11=\"Class_6\",INDEX('ER C6 FLT3'!$A$4:$L$340,MATCH($W11&$C11,'ER C6 FLT3'!$A$4:$A$340&'ER C6 FLT3'!$B$4:$B$340,1),7)))))))))*IF($X11=\"Level 3 PM + Mark I NOx\",0.75,1)*($AC11/453.6)-IF(CP11=0,CF11,0)),0)","v":0},0,0,{"$f":"MAX((IF($B11=\"3 Trucks\",IF($Z11=\"Class_8\",INDEX('ER C8 FLT3'!$A$4:$J$340,MATCH($W11&$C11,'ER C8 FLT3'!$A$4:$A$340&'ER C8 FLT3'!$B$4:$B$340-1,1),5)*IF($Z11=\"Class_8\",INDEX('ER C8 FLT3'!$A$4:$J$340,MATCH($W11&$C11,'ER C8 FLT3'!$A$4:$A$340&'ER C8 FLT3'!$B$4:$B$340-1,1),7)),IF($Z11=\"Class_7\",INDEX('ER C7 FLT3'!$A$4:$J$340,MATCH($W11&$C11,'ER C7 FLT3'!$A$4:$A$340&'ER C7 FLT3'!$B$4:$B$340-1,1),5)*IF($Z11=\"Class_7\",INDEX('ER C7 FLT3'!$A$4:$J$340,MATCH($W11&$C11,'ER C7 FLT3'!$A$4:$A$340&'ER C7 FLT3'!$B$4:$B$340-1,1),7)),IF($Z11=\"Class_6\",INDEX('ER C6 FLT3'!$A$4:$J$340,MATCH($W11&$C11,'ER C6 FLT3'!$A$4:$A$340&'ER C6 FLT3'!$B$4:$B$340-1,1),5)*IF($Z11=\"Class_6\",INDEX('ER C6 FLT3'!$A$4:$L$340,MATCH($W11&$C11,'ER C6 FLT3'!$A$4:$A$340&'ER C6 FLT3'!$B$4:$B$340-1,1),7))))),IF($B11=\"2 Trucks\",IF($Z11=\"Class_8\",INDEX('ER C8 FLT2'!$A$4:$J$340,MATCH($W11&$C11,'ER C8 FLT2'!$A$4:$A$340&'ER C8 FLT2'!$B$4:$B$340-1,1),5)*IF($Z11=\"Class_8\",INDEX('ER C8 FLT2'!$A$4:$J$340,MATCH($W11&$C11,'ER C8 FLT2'!$A$4:$A$340&'ER C8 FLT2'!$B$4:$B$340-1,1),7)),IF($Z11=\"Class_7\",INDEX('ER C7 FLT2'!$A$4:$J$340,MATCH($W11&$C11,'ER C7 FLT2'!$A$4:$A$340&'ER C7 FLT2'!$B$4:$B$340-1,1),5)*IF($Z11=\"Class_7\",INDEX('ER C7 FLT2'!$A$4:$J$340,MATCH($W11&$C11,'ER C7 FLT2'!$A$4:$A$340&'ER C7 FLT2'!$B$4:$B$340-1,1),7)),IF($Z11=\"Class_6\",INDEX('ER C6 FLT2'!$A$4:$J$340,MATCH($W11&$C11,'ER C6 FLT2'!$A$4:$A$340&'ER C6 FLT2'!$B$4:$B$340-1,1),5)*IF($Z11=\"Class_6\",INDEX('ER C6 FLT2'!$A$4:$J$340,MATCH($W11&$C11,'ER C6 FLT2'!$A$4:$A$340&'ER C6 FLT2'!$B$4:$B$340-1,1),7))))),IF($B11=\"1 Truck\",IF($Z11=\"Class_8\",INDEX('ER C8 FLT1'!$A$4:$J$340,MATCH($W11&$C11,'ER C8 FLT1'!$A$4:$A$340&'ER C8 FLT1'!$B$4:$B$340-1,1),5)*IF($Z11=\"Class_8\",INDEX('ER C8 FLT1'!$A$4:$J$340,MATCH($W11&$C11,'ER C8 FLT1'!$A$4:$A$340&'ER C8 FLT1'!$B$4:$B$340-1,1),7)),IF($Z11=\"Class_7\",INDEX('ER C7 FLT1'!$A$4:$J$340,MATCH($W11&$C11,'ER C7 FLT1'!$A$4:$A$340&'ER C7 FLT1'!$B$4:$B$340-1,1),5)*IF($Z11=\"Class_7\",INDEX('ER C7 FLT1'!$A$4:$J$340,MATCH($W11&$C11,'ER C7 FLT1'!$A$4:$A$340&'ER C7 FLT1'!$B$4:$B$340-1,1),7)),\nIF($Z11=\"Class_6\",INDEX('ER C6 FLT1'!$A$4:$J$340,MATCH($W11&$C11,'ER C6 FLT1'!$A$4:$A$340&'ER C6 FLT1'!$B$4:$B$340-1,1),5)*IF($Z11=\"Class_6\",INDEX('ER C6 FLT1'!$A$4:$J$340,MATCH($W11&$C11,'ER C6 FLT1'!$A$4:$A$340&'ER C6 FLT1'!$B$4:$B$340-1,1),7))))),IF($B11=\"4+ Trucks\",IF($Z11=\"Class_8\",INDEX('ER C8 FLT4'!$A$4:$J$340,MATCH($W11&$C11,'ER C8 FLT4'!$A$4:$A$340&'ER C8 FLT4'!$B$4:$B$340-1,1),5)*IF($Z11=\"Class_8\",INDEX('ER C8 FLT4'!$A$4:$J$340,MATCH($W11&$C11,'ER C8 FLT4'!$A$4:$A$340&'ER C8 FLT4'!$B$4:$B$340-1,1),7)),IF($Z11=\"Class_7\",INDEX('ER C7 FLT4'!$A$4:$J$340,MATCH($W11&$C11,'ER C7 FLT4'!$A$4:$A$340&'ER C7 FLT4'!$B$4:$B$340-1,1),5)*IF($Z11=\"Class_7\",INDEX('ER C7 FLT4'!$A$4:$J$340,MATCH($W11&$C11,'ER C7 FLT4'!$A$4:$A$340&'ER C7 FLT4'!$B$4:$B$340-1,1),7)),\nIF($Z11=\"Class_6\",INDEX('ER C6 FLT4'!$A$4:$J$340,MATCH($W11&$C11,'ER C6 FLT4'!$A$4:$A$340&'ER C6 FLT4'!$B$4:$B$340-1,1),5)*IF($Z11=\"Class_6\",INDEX('ER C6 FLT4'!$A$4:$L$340,MATCH($W11&$C11,'ER C6 FLT4'!$A$4:$A$340&'ER C6 FLT4'!$B$4:$B$340-1,1),7))))))))))*IF($X11=\"Level 3 PM + Mark I NOx\",0.75,1)*($AC11/453.6)-IF(CS11=0,CG11,0),0)","v":0},{"$f":"MAX(0,CS11+CT11)","v":0},0,{"$f":"MAX((IF($B11=\"3 Trucks\",IF($Z11=\"Class_8\",INDEX('ER C8 FLT3'!$A$4:$J$340,MATCH($W11&$C11,'ER C8 FLT3'!$A$4:$A$340&'ER C8 FLT3'!$B$4:$B$340-2,1),5)*IF($Z11=\"Class_8\",INDEX('ER C8 FLT3'!$A$4:$J$340,MATCH($W11&$C11,'ER C8 FLT3'!$A$4:$A$340&'ER C8 FLT3'!$B$4:$B$340-2,1),7)),IF($Z11=\"Class_7\",INDEX('ER C7 FLT3'!$A$4:$J$340,MATCH($W11&$C11,'ER C7 FLT3'!$A$4:$A$340&'ER C7 FLT3'!$B$4:$B$340-2,1),5)*IF($Z11=\"Class_7\",INDEX('ER C7 FLT3'!$A$4:$J$340,MATCH($W11&$C11,'ER C7 FLT3'!$A$4:$A$340&'ER C7 FLT3'!$B$4:$B$340-2,1),7)),\nIF($Z11=\"Class_6\",INDEX('ER C6 FLT3'!$A$4:$J$340,MATCH($W11&$C11,'ER C6 FLT3'!$A$4:$A$340&'ER C6 FLT3'!$B$4:$B$340-2,1),5)*IF($Z11=\"Class_6\",INDEX('ER C6 FLT3'!$A$4:$L$340,MATCH($W11&$C11,'ER C6 FLT3'!$A$4:$A$340&'ER C6 FLT3'!$B$4:$B$340-2,1),7))))),IF($B11=\"2 Trucks\",IF($Z11=\"Class_8\",INDEX('ER C8 FLT2'!$A$4:$J$340,MATCH($W11&$C11,'ER C8 FLT2'!$A$4:$A$340&'ER C8 FLT2'!$B$4:$B$340-2,1),5)*IF($Z11=\"Class_8\",INDEX('ER C8 FLT2'!$A$4:$J$340,MATCH($W11&$C11,'ER C8 FLT2'!$A$4:$A$340&'ER C8 FLT2'!$B$4:$B$340-2,1),7)),IF($Z11=\"Class_7\",INDEX('ER C7 FLT2'!$A$4:$J$340,MATCH($W11&$C11,'ER C7 FLT2'!$A$4:$A$340&'ER C7 FLT2'!$B$4:$B$340-2,1),5)*IF($Z11=\"Class_7\",INDEX('ER C7 FLT2'!$A$4:$J$340,MATCH($W11&$C11,'ER C7 FLT2'!$A$4:$A$340&'ER C7 FLT2'!$B$4:$B$340-2,1),7)),IF($Z11=\"Class_6\",INDEX('ER C6 FLT2'!$A$4:$J$340,MATCH($W11&$C11,'ER C6 FLT2'!$A$4:$A$340&'ER C6 FLT2'!$B$4:$B$340-2,1),5)*IF($Z11=\"Class_6\",INDEX('ER C6 FLT2'!$A$4:$J$340,MATCH($W11&$C11,'ER C6 FLT2'!$A$4:$A$340&'ER C6 FLT2'!$B$4:$B$340-2,1),7))))),IF($B11=\"1 Truck\",\nIF($Z11=\"Class_8\",INDEX('ER C8 FLT1'!$A$4:$J$340,MATCH($W11&$C11,'ER C8 FLT1'!$A$4:$A$340&'ER C8 FLT1'!$B$4:$B$340-2,1),5)*IF($Z11=\"Class_8\",INDEX('ER C8 FLT1'!$A$4:$J$340,MATCH($W11&$C11,'ER C8 FLT1'!$A$4:$A$340&'ER C8 FLT1'!$B$4:$B$340-2,1),7)),IF($Z11=\"Class_7\",INDEX('ER C7 FLT1'!$A$4:$J$340,MATCH($W11&$C11,'ER C7 FLT1'!$A$4:$A$340&'ER C7 FLT1'!$B$4:$B$340-2,1),5)*IF($Z11=\"Class_7\",INDEX('ER C7 FLT1'!$A$4:$J$340,MATCH($W11&$C11,'ER C7 FLT1'!$A$4:$A$340&'ER C7 FLT1'!$B$4:$B$340-2,1),7)),\nIF($Z11=\"Class_6\",INDEX('ER C6 FLT1'!$A$4:$J$340,MATCH($W11&$C11,'ER C6 FLT1'!$A$4:$A$340&'ER C6 FLT1'!$B$4:$B$340-2,1),5)*IF($Z11=\"Class_6\",INDEX('ER C6 FLT1'!$A$4:$J$340,MATCH($W11&$C11,'ER C6 FLT1'!$A$4:$A$340&'ER C6 FLT1'!$B$4:$B$340-2,1),7))))),IF($B11=\"4+ Trucks\",IF($Z11=\"Class_8\",INDEX('ER C8 FLT4'!$A$4:$J$340,MATCH($W11&$C11,'ER C8 FLT4'!$A$4:$A$340&'ER C8 FLT4'!$B$4:$B$340-2,1),5)*IF($Z11=\"Class_8\",INDEX('ER C8 FLT4'!$A$4:$J$340,MATCH($W11&$C11,'ER C8 FLT4'!$A$4:$A$340&'ER C8 FLT4'!$B$4:$B$340-2,1),7)),IF($Z11=\"Class_7\",INDEX('ER C7 FLT4'!$A$4:$J$340,MATCH($W11&$C11,'ER C7 FLT4'!$A$4:$A$340&'ER C7 FLT4'!$B$4:$B$340-2,1),5)*IF($Z11=\"Class_7\",INDEX('ER C7 FLT4'!$A$4:$J$340,MATCH($W11&$C11,'ER C7 FLT4'!$A$4:$A$340&'ER C7 FLT4'!$B$4:$B$340-2,1),7)),\nIF($Z11=\"Class_6\",INDEX('ER C6 FLT4'!$A$4:$J$340,MATCH($W11&$C11,'ER C6 FLT4'!$A$4:$A$340&'ER C6 FLT4'!$B$4:$B$340-2,1),5)*IF($Z11=\"Class_6\",INDEX('ER C6 FLT4'!$A$4:$L$340,MATCH($W11&$C11,'ER C6 FLT4'!$A$4:$A$340&'ER C6 FLT4'!$B$4:$B$340-2,1),7))))))))))*IF($X11=\"Level 3 PM + Mark I NOx\",0.75,1)*($AC11/453.6)-IF(CV11=0,CH11,0),0)","v":0},{"$f":"MAX(0,CV11+CW11)","v":0},0,{"$f":"MAX((IF($B11=\"3 Trucks\",IF($Z11=\"Class_8\",INDEX('ER C8 FLT3'!$A$4:$J$340,MATCH($W11&$C11,'ER C8 FLT3'!$A$4:$A$340&'ER C8 FLT3'!$B$4:$B$340-3,1),5)*IF($Z11=\"Class_8\",INDEX('ER C8 FLT3'!$A$4:$J$340,MATCH($W11&$C11,'ER C8 FLT3'!$A$4:$A$340&'ER C8 FLT3'!$B$4:$B$340-3,1),7)),IF($Z11=\"Class_7\",INDEX('ER C7 FLT3'!$A$4:$J$340,MATCH($W11&$C11,'ER C7 FLT3'!$A$4:$A$340&'ER C7 FLT3'!$B$4:$B$340-3,1),5)*IF($Z11=\"Class_7\",INDEX('ER C7 FLT3'!$A$4:$J$340,MATCH($W11&$C11,'ER C7 FLT3'!$A$4:$A$340&'ER C7 FLT3'!$B$4:$B$340-3,1),7)),\nIF($Z11=\"Class_6\",INDEX('ER C6 FLT3'!$A$4:$J$340,MATCH($W11&$C11,'ER C6 FLT3'!$A$4:$A$340&'ER C6 FLT3'!$B$4:$B$340-3,1),5)*IF($Z11=\"Class_6\",INDEX('ER C6 FLT3'!$A$4:$L$340,MATCH($W11&$C11,'ER C6 FLT3'!$A$4:$A$340&'ER C6 FLT3'!$B$4:$B$340-3,1),7))))),IF($B11=\"2 Trucks\",IF($Z11=\"Class_8\",INDEX('ER C8 FLT2'!$A$4:$J$340,MATCH($W11&$C11,'ER C8 FLT2'!$A$4:$A$340&'ER C8 FLT2'!$B$4:$B$340-3,1),5)*IF($Z11=\"Class_8\",INDEX('ER C8 FLT2'!$A$4:$J$340,MATCH($W11&$C11,'ER C8 FLT2'!$A$4:$A$340&'ER C8 FLT2'!$B$4:$B$340-3,1),7)),IF($Z11=\"Class_7\",INDEX('ER C7 FLT2'!$A$4:$J$340,MATCH($W11&$C11,'ER C7 FLT2'!$A$4:$A$340&'ER C7 FLT2'!$B$4:$B$340-3,1),5)*IF($Z11=\"Class_7\",INDEX('ER C7 FLT2'!$A$4:$J$340,MATCH($W11&$C11,'ER C7 FLT2'!$A$4:$A$340&'ER C7 FLT2'!$B$4:$B$340-3,1),7)),IF($Z11=\"Class_6\",INDEX('ER C6 FLT2'!$A$4:$J$340,MATCH($W11&$C11,'ER C6 FLT2'!$A$4:$A$340&'ER C6 FLT2'!$B$4:$B$340-3,1),5)*IF($Z11=\"Class_6\",INDEX('ER C6 FLT2'!$A$4:$J$340,MATCH($W11&$C11,'ER C6 FLT2'!$A$4:$A$340&'ER C6 FLT2'!$B$4:$B$340-3,1),7))))),IF($B11=\"1 Truck\",\nIF($Z11=\"Class_8\",INDEX('ER C8 FLT1'!$A$4:$J$340,MATCH($W11&$C11,'ER C8 FLT1'!$A$4:$A$340&'ER C8 FLT1'!$B$4:$B$340-3,1),5)*IF($Z11=\"Class_8\",INDEX('ER C8 FLT1'!$A$4:$J$340,MATCH($W11&$C11,'ER C8 FLT1'!$A$4:$A$340&'ER C8 FLT1'!$B$4:$B$340-3,1),7)),IF($Z11=\"Class_7\",INDEX('ER C7 FLT1'!$A$4:$J$340,MATCH($W11&$C11,'ER C7 FLT1'!$A$4:$A$340&'ER C7 FLT1'!$B$4:$B$340-3,1),5)*IF($Z11=\"Class_7\",INDEX('ER C7 FLT1'!$A$4:$J$340,MATCH($W11&$C11,'ER C7 FLT1'!$A$4:$A$340&'ER C7 FLT1'!$B$4:$B$340-3,1),7)),\nIF($Z11=\"Class_6\",INDEX('ER C6 FLT1'!$A$4:$J$340,MATCH($W11&$C11,'ER C6 FLT1'!$A$4:$A$340&'ER C6 FLT1'!$B$4:$B$340-3,1),5)*IF($Z11=\"Class_6\",INDEX('ER C6 FLT1'!$A$4:$J$340,MATCH($W11&$C11,'ER C6 FLT1'!$A$4:$A$340&'ER C6 FLT1'!$B$4:$B$340-3,1),7))))),IF($B11=\"4+ Trucks\",IF($Z11=\"Class_8\",INDEX('ER C8 FLT4'!$A$4:$J$340,MATCH($W11&$C11,'ER C8 FLT4'!$A$4:$A$340&'ER C8 FLT4'!$B$4:$B$340-3,1),5)*IF($Z11=\"Class_8\",INDEX('ER C8 FLT4'!$A$4:$J$340,MATCH($W11&$C11,'ER C8 FLT4'!$A$4:$A$340&'ER C8 FLT4'!$B$4:$B$340-3,1),7)),IF($Z11=\"Class_7\",INDEX('ER C7 FLT4'!$A$4:$J$340,MATCH($W11&$C11,'ER C7 FLT4'!$A$4:$A$340&'ER C7 FLT4'!$B$4:$B$340-3,1),5)*IF($Z11=\"Class_7\",INDEX('ER C7 FLT4'!$A$4:$J$340,MATCH($W11&$C11,'ER C7 FLT4'!$A$4:$A$340&'ER C7 FLT4'!$B$4:$B$340-3,1),7)),\nIF($Z11=\"Class_6\",INDEX('ER C6 FLT4'!$A$4:$J$340,MATCH($W11&$C11,'ER C6 FLT4'!$A$4:$A$340&'ER C6 FLT4'!$B$4:$B$340-3,1),5)*IF($Z11=\"Class_6\",INDEX('ER C6 FLT4'!$A$4:$L$340,MATCH($W11&$C11,'ER C6 FLT4'!$A$4:$A$340&'ER C6 FLT4'!$B$4:$B$340-3,1),7))))))))))*IF($X11=\"Level 3 PM + Mark I NOx\",0.75,1)*($AC11/453.6)-IF(CY11=0,CI11,0),0)","v":0},{"$f":"MAX(0,CY11+CZ11)","v":0},0,{"$f":"MAX((IF($B11=\"3 Trucks\",IF($Z11=\"Class_8\",INDEX('ER C8 FLT3'!$A$4:$J$340,MATCH($W11&$C11,'ER C8 FLT3'!$A$4:$A$340&'ER C8 FLT3'!$B$4:$B$340-4,1),5)*IF($Z11=\"Class_8\",INDEX('ER C8 FLT3'!$A$4:$J$340,MATCH($W11&$C11,'ER C8 FLT3'!$A$4:$A$340&'ER C8 FLT3'!$B$4:$B$340-4,1),7)),IF($Z11=\"Class_7\",INDEX('ER C7 FLT3'!$A$4:$J$340,MATCH($W11&$C11,'ER C7 FLT3'!$A$4:$A$340&'ER C7 FLT3'!$B$4:$B$340-4,1),5)*IF($Z11=\"Class_7\",INDEX('ER C7 FLT3'!$A$4:$J$340,MATCH($W11&$C11,'ER C7 FLT3'!$A$4:$A$340&'ER C7 FLT3'!$B$4:$B$340-4,1),7)),\nIF($Z11=\"Class_6\",INDEX('ER C6 FLT3'!$A$4:$J$340,MATCH($W11&$C11,'ER C6 FLT3'!$A$4:$A$340&'ER C6 FLT3'!$B$4:$B$340-4,1),5)*IF($Z11=\"Class_6\",INDEX('ER C6 FLT3'!$A$4:$L$340,MATCH($W11&$C11,'ER C6 FLT3'!$A$4:$A$340&'ER C6 FLT3'!$B$4:$B$340-4,1),7))))),IF($B11=\"2 Trucks\",IF($Z11=\"Class_8\",INDEX('ER C8 FLT2'!$A$4:$J$340,MATCH($W11&$C11,'ER C8 FLT2'!$A$4:$A$340&'ER C8 FLT2'!$B$4:$B$340-4,1),5)*IF($Z11=\"Class_8\",INDEX('ER C8 FLT2'!$A$4:$J$340,MATCH($W11&$C11,'ER C8 FLT2'!$A$4:$A$340&'ER C8 FLT2'!$B$4:$B$340-4,1),7)),IF($Z11=\"Class_7\",INDEX('ER C7 FLT2'!$A$4:$J$340,MATCH($W11&$C11,'ER C7 FLT2'!$A$4:$A$340&'ER C7 FLT2'!$B$4:$B$340-4,1),5)*IF($Z11=\"Class_7\",INDEX('ER C7 FLT2'!$A$4:$J$340,MATCH($W11&$C11,'ER C7 FLT2'!$A$4:$A$340&'ER C7 FLT2'!$B$4:$B$340-4,1),7)),IF($Z11=\"Class_6\",INDEX('ER C6 FLT2'!$A$4:$J$340,MATCH($W11&$C11,'ER C6 FLT2'!$A$4:$A$340&'ER C6 FLT2'!$B$4:$B$340-4,1),5)*IF($Z11=\"Class_6\",INDEX('ER C6 FLT2'!$A$4:$J$340,MATCH($W11&$C11,'ER C6 FLT2'!$A$4:$A$340&'ER C6 FLT2'!$B$4:$B$340-4,1),7))))),IF($B11=\"1 Truck\",\nIF($Z11=\"Class_8\",INDEX('ER C8 FLT1'!$A$4:$J$340,MATCH($W11&$C11,'ER C8 FLT1'!$A$4:$A$340&'ER C8 FLT1'!$B$4:$B$340-4,1),5)*IF($Z11=\"Class_8\",INDEX('ER C8 FLT1'!$A$4:$J$340,MATCH($W11&$C11,'ER C8 FLT1'!$A$4:$A$340&'ER C8 FLT1'!$B$4:$B$340-4,1),7)),IF($Z11=\"Class_7\",INDEX('ER C7 FLT1'!$A$4:$J$340,MATCH($W11&$C11,'ER C7 FLT1'!$A$4:$A$340&'ER C7 FLT1'!$B$4:$B$340-4,1),5)*IF($Z11=\"Class_7\",INDEX('ER C7 FLT1'!$A$4:$J$340,MATCH($W11&$C11,'ER C7 FLT1'!$A$4:$A$340&'ER C7 FLT1'!$B$4:$B$340-4,1),7)),\nIF($Z11=\"Class_6\",INDEX('ER C6 FLT1'!$A$4:$J$340,MATCH($W11&$C11,'ER C6 FLT1'!$A$4:$A$340&'ER C6 FLT1'!$B$4:$B$340-4,1),5)*IF($Z11=\"Class_6\",INDEX('ER C6 FLT1'!$A$4:$J$340,MATCH($W11&$C11,'ER C6 FLT1'!$A$4:$A$340&'ER C6 FLT1'!$B$4:$B$340-4,1),7))))),IF($B11=\"4+ Trucks\",IF($Z11=\"Class_8\",INDEX('ER C8 FLT4'!$A$4:$J$340,MATCH($W11&$C11,'ER C8 FLT4'!$A$4:$A$340&'ER C8 FLT4'!$B$4:$B$340-4,1),5)*IF($Z11=\"Class_8\",INDEX('ER C8 FLT4'!$A$4:$J$340,MATCH($W11&$C11,'ER C8 FLT4'!$A$4:$A$340&'ER C8 FLT4'!$B$4:$B$340-4,1),7)),IF($Z11=\"Class_7\",INDEX('ER C7 FLT4'!$A$4:$J$340,MATCH($W11&$C11,'ER C7 FLT4'!$A$4:$A$340&'ER C7 FLT4'!$B$4:$B$340-4,1),5)*IF($Z11=\"Class_7\",INDEX('ER C7 FLT4'!$A$4:$J$340,MATCH($W11&$C11,'ER C7 FLT4'!$A$4:$A$340&'ER C7 FLT4'!$B$4:$B$340-4,1),7)),\nIF($Z11=\"Class_6\",INDEX('ER C6 FLT4'!$A$4:$J$340,MATCH($W11&$C11,'ER C6 FLT4'!$A$4:$A$340&'ER C6 FLT4'!$B$4:$B$340-4,1),5)*IF($Z11=\"Class_6\",INDEX('ER C6 FLT4'!$A$4:$L$340,MATCH($W11&$C11,'ER C6 FLT4'!$A$4:$A$340&'ER C6 FLT4'!$B$4:$B$340-4,1),7))))))))))*IF($X11=\"Level 3 PM + Mark I NOx\",0.75,1)*($AC11/453.6)-IF(DB11=0,CJ11,0),0)","v":0},{"$f":"MAX(0,DB11+DC11)","v":0},{"$f":"MAX(0,CR11+CU11+CX11+DA11+DD11)","v":0}]
[{"$f":"'Input data'!A10","v":"project 6"},{"$f":"'Input data'!B10","v":0},{"$f":"'Input data'!C10","v":0},{"$f":"'Input data'!D10","v":0},{"$f":"'Input data'!E10","v":0},{"$f":"'Input data'!F10","v":0},{"$f":"'Input data'!G10","v":0},{"$f":"'Input data'!H10","v":""},{"$f":"'Input data'!I10","v":0},{"$f":"'Input data'!J10","v":0},{"$f":"'Input data'!K10","v":0},{"$f":"'Input data'!AK10","v":false},{"$f":"'Input data'!M10","v":0},{"$f":"'Input data'!AJ10","v":0},{"$f":"'Input data'!L10","v":0},{"$f":"'Input data'!N10","v":0},{"$f":"'Input data'!O10","v":0},{"$f":"'Input data'!P10","v":0},{"$f":"'Input data'!Q10","v":0},{"$f":"'Input data'!R10","v":""},{"$f":"'Input data'!$S10","v":"No"},{"$f":"'Input data'!T10","v":"No"},{"$f":"'Input data'!U10","v":0},{"$f":"'Input data'!V10","v":0},{"$f":"'Input data'!W10","v":0},{"$f":"'Input data'!X10","v":""},{"$f":"'Input data'!Y10","v":0},{"$f":"'Input data'!Z10","v":0},{"$f":"'Input data'!AA10","v":0},null,null,{"$f":"'Input data'!AD10","v":0},{"$f":"'Input data'!AE10","v":false},{"$f":"'Input data'!AF10","v":false},{"$f":"'Input data'!AG10","v":false},{"$f":"'Input data'!AH10","v":false},null,{"$f":"IF($B12=\"4+ Trucks\",IF(OR($H12=\"Class_8\",$N12=\"Replacement8HHD\",$AH12=\"CL7HHD\",$AJ12=\"CL7to8\"),INDEX('ER C8 FLT4'!$A$4:$I$340,MATCH($E12&$C12,'ER C8 FLT4'!$A$4:$A$340&'ER C8 FLT4'!$B$4:$B$340,1),8)*IF(OR($H12=\"Class_8\",$N12=\"Replacement8HHD\",$AH12=\"CL7HHD\",$AJ12=\"CL7to8\"),INDEX('ER C8 FLT4'!$A$4:$K$340,MATCH($E12&$C12,'ER C8 FLT4'!$A$4:$A$340&'ER C8 FLT4'!$B$4:$B$340,1),9)),IF($H12=\"Class_7\",INDEX('ER C7 FLT4'!$A$4:$J$340,MATCH($E12&$C12,'ER C7 FLT4'!$A$4:$A$340&'ER C7 FLT4'!$B$4:$B$340,1),8)*IF($H12=\"Class_7\",INDEX('ER C7 FLT4'!$A$4:$J$340,MATCH($E12&$C12,'ER C7 FLT4'!$A$4:$A$340&'ER C7 FLT4'!$B$4:$B$340,1),9)),\nIF($H12=\"Class_6\",INDEX('ER C6 FLT4'!$A$4:$J$340,MATCH($E12&$C12,'ER C6 FLT4'!$A$4:$A$340&'ER C6 FLT4'!$B$4:$B$340,1),8)*IF($H12=\"Class_6\",INDEX('ER C6 FLT4'!$A$4:$L$340,MATCH($E12&$C12,'ER C6 FLT4'!$A$4:$A$340&'ER C6 FLT4'!$B$4:$B$340,1),9))))),IF($B12=\"3 Trucks\",IF(OR($H12=\"Class_8\",$N12=\"Replacement8HHD\",$AH12=\"CL7HHD\",$AJ12=\"CL7to8\"),INDEX('ER C8 FLT3'!$A$4:$J$340,MATCH($E12&$C12,'ER C8 FLT3'!$A$4:$A$340&'ER C8 FLT3'!$B$4:$B$340,1),8)*IF(OR($H12=\"Class_8\",$N12=\"Replacement8HHD\",$AH12=\"CL7HHD\",$AJ12=\"CL7to8\"),INDEX('ER C8 FLT3'!$A$4:$J$340,MATCH($E12&$C12,'ER C8 FLT3'!$A$4:$A$340&'ER C8 FLT3'!$B$4:$B$340,1),9)),IF($H12=\"Class_7\",INDEX('ER C7 FLT3'!$A$4:$J$340,MATCH($E12&$C12,'ER C7 FLT3'!$A$4:$A$340&'ER C7 FLT3'!$B$4:$B$340,1),8)*IF($H12=\"Class_7\",INDEX('ER C7 FLT3'!$A$4:$J$340,MATCH($E12&$C12,'ER C7 FLT3'!$A$4:$A$340&'ER C7 FLT3'!$B$4:$B$340,1),9)),\nIF($H12=\"Class_6\",INDEX('ER C6 FLT3'!$A$4:$J$340,MATCH($E12&$C12,'ER C6 FLT3'!$A$4:$A$340&'ER C6 FLT3'!$B$4:$B$340,1),8)*IF($H12=\"Class_6\",INDEX('ER C6 FLT3'!$A$4:$L$340,MATCH($E12&$C12,'ER C6 FLT3'!$A$4:$A$340&'ER C6 FLT3'!$B$4:$B$340,1),9))))),IF($B12=\"2 Trucks\",IF(OR($H12=\"Class_8\",$N12=\"Replacement8HHD\",$AH12=\"CL7HHD\",$AJ12=\"CL7to8\"),INDEX('ER C8 FLT2'!$A$4:$J$340,MATCH($E12&$C12,'ER C8 FLT2'!$A$4:$A$340&'ER C8 FLT2'!$B$4:$B$340,1),8)*IF(OR($H12=\"Class_8\",$N12=\"Replacement8HHD\",$AH12=\"CL7HHD\",$AJ12=\"CL7to8\"),INDEX('ER C8 FLT2'!$A$4:$J$340,MATCH($E12&$C12,'ER C8 FLT2'!$A$4:$A$340&'ER C8 FLT2'!$B$4:$B$340,1),9)),IF($H12=\"Class_7\",INDEX('ER C7 FLT2'!$A$4:$J$340,MATCH($E12&$C12,'ER C7 FLT2'!$A$4:$A$340&'ER C7 FLT2'!$B$4:$B$340,1),8)*IF($H12=\"Class_7\",INDEX('ER C7 FLT2'!$A$4:$J$340,MATCH($E12&$C12,'ER C7 FLT2'!$A$4:$A$340&'ER C7 FLT2'!$B$4:$B$340,1),9)),IF($H12=\"Class_6\",INDEX('ER C6 FLT2'!$A$4:$J$340,MATCH($E12&$C12,'ER C6 FLT2'!$A$4:$A$340&'ER C6 FLT2'!$B$4:$B$340,1),8)*IF($H12=\"Class_6\",INDEX('ER C6 FLT2'!$A$4:$J$340,MATCH($E12&$C12,'ER C6 FLT2'!$A$4:$A$340&'ER C6 FLT2'!$B$4:$B$340,1),9))))),IF($B12=\"1 Truck\",\nIF(OR($H12=\"Class_8\",$N12=\"Replacement8HHD\",$AH12=\"CL7HHD\",$AJ12=\"CL7to8\"),INDEX('ER C8 FLT1'!$A$4:$J$340,MATCH($E12&$C12,'ER C8 FLT1'!$A$4:$A$340&'ER C8 FLT1'!$B$4:$B$340,1),8)*IF(OR($H12=\"Class_8\",$N12=\"Replacement8HHD\",$AH12=\"CL7HHD\",$AJ12=\"CL7to8\"),INDEX('ER C8 FLT1'!$A$4:$J$340,MATCH($E12&$C12,'ER C8 FLT1'!$A$4:$A$340&'ER C8 FLT1'!$B$4:$B$340,1),9)),IF($H12=\"Class_7\",INDEX('ER C7 FLT1'!$A$4:$J$340,MATCH($E12&$C12,'ER C7 FLT1'!$A$4:$A$340&'ER C7 FLT1'!$B$4:$B$340,1),8)*IF($H12=\"Class_7\",INDEX('ER C7 FLT1'!$A$4:$J$340,MATCH($E12&$C12,'ER C7 FLT1'!$A$4:$A$340&'ER C7 FLT1'!$B$4:$B$340,1),9)),\nIF($H12=\"Class_6\",INDEX('ER C6 FLT1'!$A$4:$J$340,MATCH($E12&$C12,'ER C6 FLT1'!$A$4:$A$340&'ER C6 FLT1'!$B$4:$B$340,1),8)*IF($H12=\"Class_6\",INDEX('ER C6 FLT1'!$A$4:$J$340,MATCH($E12&$C12,'ER C6 FLT1'!$A$4:$A$340&'ER C6 FLT1'!$B$4:$B$340,1),9)))))))))*IF($F12=\"Level 1 PM\",0.75,IF($F12=\"Level 2 PM\",0.5,IF($F12=\"Level 3 PM\",0,IF($F12=\"Level 3 PM + Mark I NOx\",0,1))))*($Q12/453.6)","v":0},{"$f":"IF($B12=\"4+ Trucks\",IF(OR($H12=\"Class_8\",$N12=\"Replacement8HHD\",$AH12=\"CL7HHD\",$AJ12=\"CL7to8\"),INDEX('ER C8 FLT4'!$A$4:$K$340,MATCH($E12&$C12,'ER C8 FLT4'!$A$4:$A$340&'ER C8 FLT4'!$B$4:$B$340-1,1),8)*IF(OR($H12=\"Class_8\",$N12=\"Replacement8HHD\",$AH12=\"CL7HHD\",$AJ12=\"CL7to8\"),INDEX('ER C8 FLT4'!$A$4:$K$340,MATCH($E12&$C12,'ER C8 FLT4'!$A$4:$A$340&'ER C8 FLT4'!$B$4:$B$340-1,1),9)),IF($H12=\"Class_7\",INDEX('ER C7 FLT4'!$A$4:$J$340,MATCH($E12&$C12,'ER C7 FLT4'!$A$4:$A$340&'ER C7 FLT4'!$B$4:$B$340-1,1),8)*IF($H12=\"Class_7\",INDEX('ER C7 FLT4'!$A$4:$J$340,MATCH($E12&$C12,'ER C7 FLT4'!$A$4:$A$340&'ER C7 FLT4'!$B$4:$B$340-1,1),9)),\nIF($H12=\"Class_6\",INDEX('ER C6 FLT4'!$A$4:$J$340,MATCH($E12&$C12,'ER C6 FLT4'!$A$4:$A$340&'ER C6 FLT4'!$B$4:$B$340-1,1),8)*IF($H12=\"Class_6\",INDEX('ER C6 FLT4'!$A$4:$L$340,MATCH($E12&$C12,'ER C6 FLT4'!$A$4:$A$340&'ER C6 FLT4'!$B$4:$B$340-1,1),9))))),\nIF($B12=\"3 Trucks\",IF(OR($H12=\"Class_8\",$N12=\"Replacement8HHD\",$AH12=\"CL7HHD\",$AJ12=\"CL7to8\"),INDEX('ER C8 FLT3'!$A$4:$J$340,MATCH($E12&$C12,'ER C8 FLT3'!$A$4:$A$340&'ER C8 FLT3'!$B$4:$B$340-1,1),8)*IF(OR($H12=\"Class_8\",$N12=\"Replacement8HHD\",$AH12=\"CL7HHD\",$AJ12=\"CL7to8\"),INDEX('ER C8 FLT3'!$A$4:$J$340,MATCH($E12&$C12,'ER C8 FLT3'!$A$4:$A$340&'ER C8 FLT3'!$B$4:$B$340-1,1),9)),IF($H12=\"Class_7\",INDEX('ER C7 FLT3'!$A$4:$J$340,MATCH($E12&$C12,'ER C7 FLT3'!$A$4:$A$340&'ER C7 FLT3'!$B$4:$B$340-1,1),8)*IF($H12=\"Class_7\",INDEX('ER C7 FLT3'!$A$4:$J$340,MATCH($E12&$C12,'ER C7 FLT3'!$A$4:$A$340&'ER C7 FLT3'!$B$4:$B$340-1,1),9)),\nIF($H12=\"Class_6\",INDEX('ER C6 FLT3'!$A$4:$J$340,MATCH($E12&$C12,'ER C6 FLT3'!$A$4:$A$340&'ER C6 FLT3'!$B$4:$B$340-1,1),8)*IF($H12=\"Class_6\",INDEX('ER C6 FLT3'!$A$4:$L$340,MATCH($E12&$C12,'ER C6 FLT3'!$A$4:$A$340&'ER C6 FLT3'!$B$4:$B$340-1,1),9))))),IF($B12=\"2 Trucks\",IF(OR($H12=\"Class_8\",$N12=\"Replacement8HHD\",$AH12=\"CL7HHD\",$AJ12=\"CL7to8\"),INDEX('ER C8 FLT2'!$A$4:$J$340,MATCH($E12&$C12,'ER C8 FLT2'!$A$4:$A$340&'ER C8 FLT2'!$B$4:$B$340-1,1),8)*IF(OR($H12=\"Class_8\",$N12=\"Replacement8HHD\",$AH12=\"CL7HHD\",$AJ12=\"CL7to8\"),INDEX('ER C8 FLT2'!$A$4:$J$340,MATCH($E12&$C12,'ER C8 FLT2'!$A$4:$A$340&'ER C8 FLT2'!$B$4:$B$340-1,1),9)),IF($H12=\"Class_7\",INDEX('ER C7 FLT2'!$A$4:$J$340,MATCH($E12&$C12,'ER C7 FLT2'!$A$4:$A$340&'ER C7 FLT2'!$B$4:$B$340-1,1),8)*IF($H12=\"Class_7\",INDEX('ER C7 FLT2'!$A$4:$J$340,MATCH($E12&$C12,'ER C7 FLT2'!$A$4:$A$340&'ER C7 FLT2'!$B$4:$B$340-1,1),9)),IF($H12=\"Class_6\",INDEX('ER C6 FLT2'!$A$4:$J$340,MATCH($E12&$C12,'ER C6 FLT2'!$A$4:$A$340&'ER C6 FLT2'!$B$4:$B$340-1,1),8)*IF($H12=\"Class_6\",INDEX('ER C6 FLT2'!$A$4:$J$340,MATCH($E12&$C12,'ER C6 FLT2'!$A$4:$A$340&'ER C6 FLT2'!$B$4:$B$340-1,1),9))))),IF($B12=\"1 Truck\",\nIF(OR($H12=\"Class_8\",$N12=\"Replacement8HHD\",$AH12=\"CL7HHD\",$AJ12=\"CL7to8\"),INDEX('ER C8 FLT1'!$A$4:$J$340,MATCH($E12&$C12,'ER C8 FLT1'!$A$4:$A$340&'ER C8 FLT1'!$B$4:$B$340-1,1),8)*IF(OR($H12=\"Class_8\",$N12=\"Replacement8HHD\",$AH12=\"CL7HHD\",$AJ12=\"CL7to8\"),INDEX('ER C8 FLT1'!$A$4:$J$340,MATCH($E12&$C12,'ER C8 FLT1'!$A$4:$A$340&'ER C8 FLT1'!$B$4:$B$340-1,1),9)),IF($H12=\"Class_7\",INDEX('ER C7 FLT1'!$A$4:$J$340,MATCH($E12&$C12,'ER C7 FLT1'!$A$4:$A$340&'ER C7 FLT1'!$B$4:$B$340-1,1),8)*IF($H12=\"Class_7\",INDEX('ER C7 FLT1'!$A$4:$J$340,MATCH($E12&$C12,'ER C7 FLT1'!$A$4:$A$340&'ER C7 FLT1'!$B$4:$B$340-1,1),9)),\nIF($H12=\"Class_6\",INDEX('ER C6 FLT1'!$A$4:$J$340,MATCH($E12&$C12,'ER C6 FLT1'!$A$4:$A$340&'ER C6 FLT1'!$B$4:$B$340-1,1),8)*IF($H12=\"Class_6\",INDEX('ER C6 FLT1'!$A$4:$J$340,MATCH($E12&$C12,'ER C6 FLT1'!$A$4:$A$340&'ER C6 FLT1'!$B$4:$B$340-1,1),9))))))))*IF($F12=\"Level 1 PM\",0.75,IF($F12=\"Level 2 PM\",0.5,IF($F12=\"Level 3 PM\",0,IF($F12=\"Level 3 PM + Mark I NOx\",0,1)))))*($Q12/453.6)","v":0},{"$f":"IF($B12=\"4+ Trucks\",IF(OR($H12=\"Class_8\",$N12=\"Replacement8HHD\",$AH12=\"CL7HHD\",$AJ12=\"CL7to8\"),INDEX('ER C8 FLT4'!$A$4:$K$340,MATCH($E12&$C12,'ER C8 FLT4'!$A$4:$A$340&'ER C8 FLT4'!$B$4:$B$340-2,1),8)*IF(OR($H12=\"Class_8\",$N12=\"Replacement8HHD\",$AH12=\"CL7HHD\",$AJ12=\"CL7to8\"),INDEX('ER C8 FLT4'!$A$4:$K$340,MATCH($E12&$C12,'ER C8 FLT4'!$A$4:$A$340&'ER C8 FLT4'!$B$4:$B$340-2,1),9)),IF($H12=\"Class_7\",INDEX('ER C7 FLT4'!$A$4:$J$340,MATCH($E12&$C12,'ER C7 FLT4'!$A$4:$A$340&'ER C7 FLT4'!$B$4:$B$340-2,1),8)*IF($H12=\"Class_7\",INDEX('ER C7 FLT4'!$A$4:$J$340,MATCH($E12&$C12,'ER C7 FLT4'!$A$4:$A$340&'ER C7 FLT4'!$B$4:$B$340-2,1),9)),\nIF($H12=\"Class_6\",INDEX('ER C6 FLT4'!$A$4:$J$340,MATCH($E12&$C12,'ER C6 FLT4'!$A$4:$A$340&'ER C6 FLT4'!$B$4:$B$340-2,1),8)*IF($H12=\"Class_6\",INDEX('ER C6 FLT4'!$A$4:$L$340,MATCH($E12&$C12,'ER C6 FLT4'!$A$4:$A$340&'ER C6 FLT4'!$B$4:$B$340-2,1),9))))),\nIF($B12=\"3 Trucks\",IF(OR($H12=\"Class_8\",$N12=\"Replacement8HHD\",$AH12=\"CL7HHD\",$AJ12=\"CL7to8\"),INDEX('ER C8 FLT3'!$A$4:$J$340,MATCH($E12&$C12,'ER C8 FLT3'!$A$4:$A$340&'ER C8 FLT3'!$B$4:$B$340-2,1),8)*IF(OR($H12=\"Class_8\",$N12=\"Replacement8HHD\",$AH12=\"CL7HHD\",$AJ12=\"CL7to8\"),INDEX('ER C8 FLT3'!$A$4:$J$340,MATCH($E12&$C12,'ER C8 FLT3'!$A$4:$A$340&'ER C8 FLT3'!$B$4:$B$340-2,1),9)),IF($H12=\"Class_7\",INDEX('ER C7 FLT3'!$A$4:$J$340,MATCH($E12&$C12,'ER C7 FLT3'!$A$4:$A$340&'ER C7 FLT3'!$B$4:$B$340-2,1),8)*IF($H12=\"Class_7\",INDEX('ER C7 FLT3'!$A$4:$J$340,MATCH($E12&$C12,'ER C7 FLT3'!$A$4:$A$340&'ER C7 FLT3'!$B$4:$B$340-2,1),9)),\nIF($H12=\"Class_6\",INDEX('ER C6 FLT3'!$A$4:$J$340,MATCH($E12&$C12,'ER C6 FLT3'!$A$4:$A$340&'ER C6 FLT3'!$B$4:$B$340-2,1),8)*IF($H12=\"Class_6\",INDEX('ER C6 FLT3'!$A$4:$L$340,MATCH($E12&$C12,'ER C6 FLT3'!$A$4:$A$340&'ER C6 FLT3'!$B$4:$B$340-2,1),9))))),IF($B12=\"2 Trucks\",IF(OR($H12=\"Class_8\",$N12=\"Replacement8HHD\",$AH12=\"CL7HHD\",$AJ12=\"CL7to8\"),INDEX('ER C8 FLT2'!$A$4:$J$340,MATCH($E12&$C12,'ER C8 FLT2'!$A$4:$A$340&'ER C8 FLT2'!$B$4:$B$340-2,1),8)*IF(OR($H12=\"Class_8\",$N12=\"Replacement8HHD\",$AH12=\"CL7HHD\",$AJ12=\"CL7to8\"),INDEX('ER C8 FLT2'!$A$4:$J$340,MATCH($E12&$C12,'ER C8 FLT2'!$A$4:$A$340&'ER C8 FLT2'!$B$4:$B$340-2,1),9)),IF($H12=\"Class_7\",INDEX('ER C7 FLT2'!$A$4:$J$340,MATCH($E12&$C12,'ER C7 FLT2'!$A$4:$A$340&'ER C7 FLT2'!$B$4:$B$340-2,1),8)*IF($H12=\"Class_7\",INDEX('ER C7 FLT2'!$A$4:$J$340,MATCH($E12&$C12,'ER C7 FLT2'!$A$4:$A$340&'ER C7 FLT2'!$B$4:$B$340-2,1),9)),IF($H12=\"Class_6\",INDEX('ER C6 FLT2'!$A$4:$J$340,MATCH($E12&$C12,'ER C6 FLT2'!$A$4:$A$340&'ER C6 FLT2'!$B$4:$B$340-2,1),8)*IF($H12=\"Class_6\",INDEX('ER C6 FLT2'!$A$4:$J$340,MATCH($E12&$C12,'ER C6 FLT2'!$A$4:$A$340&'ER C6 FLT2'!$B$4:$B$340-2,1),9))))),IF($B12=\"1 Truck\",\nIF(OR($H12=\"Class_8\",$N12=\"Replacement8HHD\",$AH12=\"CL7HHD\",$AJ12=\"CL7to8\"),INDEX('ER C8 FLT1'!$A$4:$J$340,MATCH($E12&$C12,'ER C8 FLT1'!$A$4:$A$340&'ER C8 FLT1'!$B$4:$B$340-2,1),8)*IF(OR($H12=\"Class_8\",$N12=\"Replacement8HHD\",$AH12=\"CL7HHD\",$AJ12=\"CL7to8\"),INDEX('ER C8 FLT1'!$A$4:$J$340,MATCH($E12&$C12,'ER C8 FLT1'!$A$4:$A$340&'ER C8 FLT1'!$B$4:$B$340-2,1),9)),IF($H12=\"Class_7\",INDEX('ER C7 FLT1'!$A$4:$J$340,MATCH($E12&$C12,'ER C7 FLT1'!$A$4:$A$340&'ER C7 FLT1'!$B$4:$B$340-2,1),8)*IF($H12=\"Class_7\",INDEX('ER C7 FLT1'!$A$4:$J$340,MATCH($E12&$C12,'ER C7 FLT1'!$A$4:$A$340&'ER C7 FLT1'!$B$4:$B$340-2,1),9)),\nIF($H12=\"Class_6\",INDEX('ER C6 FLT1'!$A$4:$J$340,MATCH($E12&$C12,'ER C6 FLT1'!$A$4:$A$340&'ER C6 FLT1'!$B$4:$B$340-2,1),8)*IF($H12=\"Class_6\",INDEX('ER C6 FLT1'!$A$4:$J$340,MATCH($E12&$C12,'ER C6 FLT1'!$A$4:$A$340&'ER C6 FLT1'!$B$4:$B$340-2,1),9))))))))*IF($F12=\"Level 1 PM\",0.75,IF($F12=\"Level 2 PM\",0.5,IF($F12=\"Level 3 PM\",0,IF($F12=\"Level 3 PM + Mark I NOx\",0,1)))))*($Q12/453.6)","v":0},{"$f":"IF($B12=\"4+ Trucks\",IF(OR($H12=\"Class_8\",$N12=\"Replacement8HHD\",$AH12=\"CL7HHD\",$AJ12=\"CL7to8\"),INDEX('ER C8 FLT4'!$A$4:$K$340,MATCH($E12&$C12,'ER C8 FLT4'!$A$4:$A$340&'ER C8 FLT4'!$B$4:$B$340-3,1),8)*IF(OR($H12=\"Class_8\",$N12=\"Replacement8HHD\",$AH12=\"CL7HHD\",$AJ12=\"CL7to8\"),INDEX('ER C8 FLT4'!$A$4:$K$340,MATCH($E12&$C12,'ER C8 FLT4'!$A$4:$A$340&'ER C8 FLT4'!$B$4:$B$340-3,1),9)),IF($H12=\"Class_7\",INDEX('ER C7 FLT4'!$A$4:$J$340,MATCH($E12&$C12,'ER C7 FLT4'!$A$4:$A$340&'ER C7 FLT4'!$B$4:$B$340-3,1),8)*IF($H12=\"Class_7\",INDEX('ER C7 FLT4'!$A$4:$J$340,MATCH($E12&$C12,'ER C7 FLT4'!$A$4:$A$340&'ER C7 FLT4'!$B$4:$B$340-3,1),9)),\nIF($H12=\"Class_6\",INDEX('ER C6 FLT4'!$A$4:$J$340,MATCH($E12&$C12,'ER C6 FLT4'!$A$4:$A$340&'ER C6 FLT4'!$B$4:$B$340-3,1),8)*IF($H12=\"Class_6\",INDEX('ER C6 FLT4'!$A$4:$L$340,MATCH($E12&$C12,'ER C6 FLT4'!$A$4:$A$340&'ER C6 FLT4'!$B$4:$B$340-3,1),9))))),\nIF($B12=\"3 Trucks\",IF(OR($H12=\"Class_8\",$N12=\"Replacement8HHD\",$AH12=\"CL7HHD\",$AJ12=\"CL7to8\"),INDEX('ER C8 FLT3'!$A$4:$J$340,MATCH($E12&$C12,'ER C8 FLT3'!$A$4:$A$340&'ER C8 FLT3'!$B$4:$B$340-3,1),8)*IF(OR($H12=\"Class_8\",$N12=\"Replacement8HHD\",$AH12=\"CL7HHD\",$AJ12=\"CL7to8\"),INDEX('ER C8 FLT3'!$A$4:$J$340,MATCH($E12&$C12,'ER C8 FLT3'!$A$4:$A$340&'ER C8 FLT3'!$B$4:$B$340-3,1),9)),IF($H12=\"Class_7\",INDEX('ER C7 FLT3'!$A$4:$J$340,MATCH($E12&$C12,'ER C7 FLT3'!$A$4:$A$340&'ER C7 FLT3'!$B$4:$B$340-3,1),8)*IF($H12=\"Class_7\",INDEX('ER C7 FLT3'!$A$4:$J$340,MATCH($E12&$C12,'ER C7 FLT3'!$A$4:$A$340&'ER C7 FLT3'!$B$4:$B$340-3,1),9)),\nIF($H12=\"Class_6\",INDEX('ER C6 FLT3'!$A$4:$J$340,MATCH($E12&$C12,'ER C6 FLT3'!$A$4:$A$340&'ER C6 FLT3'!$B$4:$B$340-3,1),8)*IF($H12=\"Class_6\",INDEX('ER C6 FLT3'!$A$4:$L$340,MATCH($E12&$C12,'ER C6 FLT3'!$A$4:$A$340&'ER C6 FLT3'!$B$4:$B$340-3,1),9))))),IF($B12=\"2 Trucks\",IF(OR($H12=\"Class_8\",$N12=\"Replacement8HHD\",$AH12=\"CL7HHD\",$AJ12=\"CL7to8\"),INDEX('ER C8 FLT2'!$A$4:$J$340,MATCH($E12&$C12,'ER C8 FLT2'!$A$4:$A$340&'ER C8 FLT2'!$B$4:$B$340-3,1),8)*IF(OR($H12=\"Class_8\",$N12=\"Replacement8HHD\",$AH12=\"CL7HHD\",$AJ12=\"CL7to8\"),INDEX('ER C8 FLT2'!$A$4:$J$340,MATCH($E12&$C12,'ER C8 FLT2'!$A$4:$A$340&'ER C8 FLT2'!$B$4:$B$340-3,1),9)),IF($H12=\"Class_7\",INDEX('ER C7 FLT2'!$A$4:$J$340,MATCH($E12&$C12,'ER C7 FLT2'!$A$4:$A$340&'ER C7 FLT2'!$B$4:$B$340-3,1),8)*IF($H12=\"Class_7\",INDEX('ER C7 FLT2'!$A$4:$J$340,MATCH($E12&$C12,'ER C7 FLT2'!$A$4:$A$340&'ER C7 FLT2'!$B$4:$B$340-3,1),9)),IF($H12=\"Class_6\",INDEX('ER C6 FLT2'!$A$4:$J$340,MATCH($E12&$C12,'ER C6 FLT2'!$A$4:$A$340&'ER C6 FLT2'!$B$4:$B$340-3,1),8)*IF($H12=\"Class_6\",INDEX('ER C6 FLT2'!$A$4:$J$340,MATCH($E12&$C12,'ER C6 FLT2'!$A$4:$A$340&'ER C6 FLT2'!$B$4:$B$340-3,1),9))))),IF($B12=\"1 Truck\",\nIF(OR($H12=\"Class_8\",$N12=\"Replacement8HHD\",$AH12=\"CL7HHD\",$AJ12=\"CL7to8\"),INDEX('ER C8 FLT1'!$A$4:$J$340,MATCH($E12&$C12,'ER C8 FLT1'!$A$4:$A$340&'ER C8 FLT1'!$B$4:$B$340-3,1),8)*IF(OR($H12=\"Class_8\",$N12=\"Replacement8HHD\",$AH12=\"CL7HHD\",$AJ12=\"CL7to8\"),INDEX('ER C8 FLT1'!$A$4:$J$340,MATCH($E12&$C12,'ER C8 FLT1'!$A$4:$A$340&'ER C8 FLT1'!$B$4:$B$340-3,1),9)),IF($H12=\"Class_7\",INDEX('ER C7 FLT1'!$A$4:$J$340,MATCH($E12&$C12,'ER C7 FLT1'!$A$4:$A$340&'ER C7 FLT1'!$B$4:$B$340-3,1),8)*IF($H12=\"Class_7\",INDEX('ER C7 FLT1'!$A$4:$J$340,MATCH($E12&$C12,'ER C7 FLT1'!$A$4:$A$340&'ER C7 FLT1'!$B$4:$B$340-3,1),9)),\nIF($H12=\"Class_6\",INDEX('ER C6 FLT1'!$A$4:$J$340,MATCH($E12&$C12,'ER C6 FLT1'!$A$4:$A$340&'ER C6 FLT1'!$B$4:$B$340-3,1),8)*IF($H12=\"Class_6\",INDEX('ER C6 FLT1'!$A$4:$J$340,MATCH($E12&$C12,'ER C6 FLT1'!$A$4:$A$340&'ER C6 FLT1'!$B$4:$B$340-3,1),9))))))))*IF($F12=\"Level 1 PM\",0.75,IF($F12=\"Level 2 PM\",0.5,IF($F12=\"Level 3 PM\",0,IF($F12=\"Level 3 PM + Mark I NOx\",0,1)))))*($Q12/453.6)","v":0},{"$f":"IF($B12=\"4+ Trucks\",IF(OR($H12=\"Class_8\",$N12=\"Replacement8HHD\",$AH12=\"CL7HHD\",$AJ12=\"CL7to8\"),INDEX('ER C8 FLT4'!$A$4:$K$340,MATCH($E12&$C12,'ER C8 FLT4'!$A$4:$A$340&'ER C8 FLT4'!$B$4:$B$340-4,1),8)*IF(OR($H12=\"Class_8\",$N12=\"Replacement8HHD\",$AH12=\"CL7HHD\",$AJ12=\"CL7to8\"),INDEX('ER C8 FLT4'!$A$4:$K$340,MATCH($E12&$C12,'ER C8 FLT4'!$A$4:$A$340&'ER C8 FLT4'!$B$4:$B$340-4,1),9)),IF($H12=\"Class_7\",INDEX('ER C7 FLT4'!$A$4:$J$340,MATCH($E12&$C12,'ER C7 FLT4'!$A$4:$A$340&'ER C7 FLT4'!$B$4:$B$340-4,1),8)*IF($H12=\"Class_7\",INDEX('ER C7 FLT4'!$A$4:$J$340,MATCH($E12&$C12,'ER C7 FLT4'!$A$4:$A$340&'ER C7 FLT4'!$B$4:$B$340-4,1),9)),\nIF($H12=\"Class_6\",INDEX('ER C6 FLT4'!$A$4:$J$340,MATCH($E12&$C12,'ER C6 FLT4'!$A$4:$A$340&'ER C6 FLT4'!$B$4:$B$340-4,1),8)*IF($H12=\"Class_6\",INDEX('ER C6 FLT4'!$A$4:$L$340,MATCH($E12&$C12,'ER C6 FLT4'!$A$4:$A$340&'ER C6 FLT4'!$B$4:$B$340-4,1),9))))),\nIF($B12=\"3 Trucks\",IF(OR($H12=\"Class_8\",$N12=\"Replacement8HHD\",$AH12=\"CL7HHD\",$AJ12=\"CL7to8\"),INDEX('ER C8 FLT3'!$A$4:$J$340,MATCH($E12&$C12,'ER C8 FLT3'!$A$4:$A$340&'ER C8 FLT3'!$B$4:$B$340-4,1),8)*IF(OR($H12=\"Class_8\",$N12=\"Replacement8HHD\",$AH12=\"CL7HHD\",$AJ12=\"CL7to8\"),INDEX('ER C8 FLT3'!$A$4:$J$340,MATCH($E12&$C12,'ER C8 FLT3'!$A$4:$A$340&'ER C8 FLT3'!$B$4:$B$340-4,1),9)),IF($H12=\"Class_7\",INDEX('ER C7 FLT3'!$A$4:$J$340,MATCH($E12&$C12,'ER C7 FLT3'!$A$4:$A$340&'ER C7 FLT3'!$B$4:$B$340-4,1),8)*IF($H12=\"Class_7\",INDEX('ER C7 FLT3'!$A$4:$J$340,MATCH($E12&$C12,'ER C7 FLT3'!$A$4:$A$340&'ER C7 FLT3'!$B$4:$B$340-4,1),9)),\nIF($H12=\"Class_6\",INDEX('ER C6 FLT3'!$A$4:$J$340,MATCH($E12&$C12,'ER C6 FLT3'!$A$4:$A$340&'ER C6 FLT3'!$B$4:$B$340-4,1),8)*IF($H12=\"Class_6\",INDEX('ER C6 FLT3'!$A$4:$L$340,MATCH($E12&$C12,'ER C6 FLT3'!$A$4:$A$340&'ER C6 FLT3'!$B$4:$B$340-4,1),9))))),IF($B12=\"2 Trucks\",IF(OR($H12=\"Class_8\",$N12=\"Replacement8HHD\",$AH12=\"CL7HHD\",$AJ12=\"CL7to8\"),INDEX('ER C8 FLT2'!$A$4:$J$340,MATCH($E12&$C12,'ER C8 FLT2'!$A$4:$A$340&'ER C8 FLT2'!$B$4:$B$340-4,1),8)*IF(OR($H12=\"Class_8\",$N12=\"Replacement8HHD\",$AH12=\"CL7HHD\",$AJ12=\"CL7to8\"),INDEX('ER C8 FLT2'!$A$4:$J$340,MATCH($E12&$C12,'ER C8 FLT2'!$A$4:$A$340&'ER C8 FLT2'!$B$4:$B$340-4,1),9)),IF($H12=\"Class_7\",INDEX('ER C7 FLT2'!$A$4:$J$340,MATCH($E12&$C12,'ER C7 FLT2'!$A$4:$A$340&'ER C7 FLT2'!$B$4:$B$340-4,1),8)*IF($H12=\"Class_7\",INDEX('ER C7 FLT2'!$A$4:$J$340,MATCH($E12&$C12,'ER C7 FLT2'!$A$4:$A$340&'ER C7 FLT2'!$B$4:$B$340-4,1),9)),IF($H12=\"Class_6\",INDEX('ER C6 FLT2'!$A$4:$J$340,MATCH($E12&$C12,'ER C6 FLT2'!$A$4:$A$340&'ER C6 FLT2'!$B$4:$B$340-4,1),8)*IF($H12=\"Class_6\",INDEX('ER C6 FLT2'!$A$4:$J$340,MATCH($E12&$C12,'ER C6 FLT2'!$A$4:$A$340&'ER C6 FLT2'!$B$4:$B$340-4,1),9))))),IF($B12=\"1 Truck\",\nIF(OR($H12=\"Class_8\",$N12=\"Replacement8HHD\",$AH12=\"CL7HHD\",$AJ12=\"CL7to8\"),INDEX('ER C8 FLT1'!$A$4:$J$340,MATCH($E12&$C12,'ER C8 FLT1'!$A$4:$A$340&'ER C8 FLT1'!$B$4:$B$340-4,1),8)*IF(OR($H12=\"Class_8\",$N12=\"Replacement8HHD\",$AH12=\"CL7HHD\",$AJ12=\"CL7to8\"),INDEX('ER C8 FLT1'!$A$4:$J$340,MATCH($E12&$C12,'ER C8 FLT1'!$A$4:$A$340&'ER C8 FLT1'!$B$4:$B$340-4,1),9)),IF($H12=\"Class_7\",INDEX('ER C7 FLT1'!$A$4:$J$340,MATCH($E12&$C12,'ER C7 FLT1'!$A$4:$A$340&'ER C7 FLT1'!$B$4:$B$340-4,1),8)*IF($H12=\"Class_7\",INDEX('ER C7 FLT1'!$A$4:$J$340,MATCH($E12&$C12,'ER C7 FLT1'!$A$4:$A$340&'ER C7 FLT1'!$B$4:$B$340-4,1),9)),\nIF($H12=\"Class_6\",INDEX('ER C6 FLT1'!$A$4:$J$340,MATCH($E12&$C12,'ER C6 FLT1'!$A$4:$A$340&'ER C6 FLT1'!$B$4:$B$340-4,1),8)*IF($H12=\"Class_6\",INDEX('ER C6 FLT1'!$A$4:$J$340,MATCH($E12&$C12,'ER C6 FLT1'!$A$4:$A$340&'ER C6 FLT1'!$B$4:$B$340-4,1),9))))))))*IF($F12=\"Level 1 PM\",0.75,IF($F12=\"Level 2 PM\",0.5,IF($F12=\"Level 3 PM\",0,IF($F12=\"Level 3 PM + Mark I NOx\",0,1)))))*($Q12/453.6)","v":0},{"$f":"IF($B12=\"4+ Trucks\",IF(OR($H12=\"Class_8\",$N12=\"Replacement8HHD\",$AH12=\"CL7HHD\",$AJ12=\"CL7to8\"),INDEX('ER C8 FLT4'!$A$4:$K$340,MATCH($E12&$C12,'ER C8 FLT4'!$A$4:$A$340&'ER C8 FLT4'!$B$4:$B$340,1),8),IF($H12=\"Class_7\",INDEX('ER C7 FLT4'!$A$4:$J$340,MATCH($E12&$C12,'ER C7 FLT4'!$A$4:$A$340&'ER C7 FLT4'!$B$4:$B$340,1),8),IF($H12=\"Class_6\",INDEX('ER C6 FLT4'!$A$4:$J$340,MATCH($E12&$C12,'ER C6 FLT4'!$A$4:$A$340&'ER C6 FLT4'!$B$4:$B$340,1),8)))),\nIF($B12=\"3 Trucks\",IF(OR($H12=\"Class_8\",$N12=\"Replacement8HHD\",$AH12=\"CL7HHD\",$AJ12=\"CL7to8\"),INDEX('ER C8 FLT3'!$A$4:$J$340,MATCH($E12&$C12,'ER C8 FLT3'!$A$4:$A$340&'ER C8 FLT3'!$B$4:$B$340,1),8),IF($H12=\"Class_7\",INDEX('ER C7 FLT3'!$A$4:$J$340,MATCH($E12&$C12,'ER C7 FLT3'!$A$4:$A$340&'ER C7 FLT3'!$B$4:$B$340,1),8),IF($H12=\"Class_6\",INDEX('ER C6 FLT3'!$A$4:$J$340,MATCH($E12&$C12,'ER C6 FLT3'!$A$4:$A$340&'ER C6 FLT3'!$B$4:$B$340,1),8)))),IF($B12=\"2 Trucks\",IF(OR($H12=\"Class_8\",$N12=\"Replacement8HHD\",$AH12=\"CL7HHD\",$AJ12=\"CL7to8\"),INDEX('ER C8 FLT2'!$A$4:$J$340,MATCH($E12&$C12,'ER C8 FLT2'!$A$4:$A$340&'ER C8 FLT2'!$B$4:$B$340,1),8),IF($H12=\"Class_7\",INDEX('ER C7 FLT2'!$A$4:$J$340,MATCH($E12&$C12,'ER C7 FLT2'!$A$4:$A$340&'ER C7 FLT2'!$B$4:$B$340,1),8),IF($H12=\"Class_6\",INDEX('ER C6 FLT2'!$A$4:$J$340,MATCH($E12&$C12,'ER C6 FLT2'!$A$4:$A$340&'ER C6 FLT2'!$B$4:$B$340,1),8)))),IF($B12=\"1 Truck\",IF(OR($H12=\"Class_8\",$N12=\"Replacement8HHD\",$AH12=\"CL7HHD\",$AJ12=\"CL7to8\"),INDEX('ER C8 FLT1'!$A$4:$J$340,MATCH($E12&$C12,'ER C8 FLT1'!$A$4:$A$340&'ER C8 FLT1'!$B$4:$B$340,1),8),IF($H12=\"Class_7\",INDEX('ER C7 FLT1'!$A$4:$J$340,MATCH($E12&$C12,'ER C7 FLT1'!$A$4:$A$340&'ER C7 FLT1'!$B$4:$B$340,1),8),IF($H12=\"Class_6\",INDEX('ER C6 FLT1'!$A$4:$J$340,MATCH($E12&$C12,'ER C6 FLT1'!$A$4:$A$340&'ER C6 FLT1'!$B$4:$B$340,1),8)))))))\n)","v":false},{"$f":"IF($B12=\"4+ Trucks\",IF(OR($H12=\"Class_8\",$N12=\"Replacement8HHD\",$AH12=\"CL7HHD\",$AJ12=\"CL7to8\"),INDEX('ER C8 FLT4'!$A$4:$K$340,MATCH($E12&$C12,'ER C8 FLT4'!$A$4:$A$340&'ER C8 FLT4'!$B$4:$B$340-1,1),8),IF($H12=\"Class_7\",INDEX('ER C7 FLT4'!$A$4:$J$340,MATCH($E12&$C12,'ER C7 FLT4'!$A$4:$A$340&'ER C7 FLT4'!$B$4:$B$340-1,1),8),IF($H12=\"Class_6\",INDEX('ER C6 FLT4'!$A$4:$J$340,MATCH($E12&$C12,'ER C6 FLT4'!$A$4:$A$340&'ER C6 FLT4'!$B$4:$B$340-1,1),8)))),\nIF($B12=\"3 Trucks\",IF(OR($H12=\"Class_8\",$N12=\"Replacement8HHD\",$AH12=\"CL7HHD\",$AJ12=\"CL7to8\"),INDEX('ER C8 FLT3'!$A$4:$J$340,MATCH($E12&$C12,'ER C8 FLT3'!$A$4:$A$340&'ER C8 FLT3'!$B$4:$B$340-1,1),8),IF($H12=\"Class_7\",INDEX('ER C7 FLT3'!$A$4:$J$340,MATCH($E12&$C12,'ER C7 FLT3'!$A$4:$A$340&'ER C7 FLT3'!$B$4:$B$340-1,1),8),IF($H12=\"Class_6\",INDEX('ER C6 FLT3'!$A$4:$J$340,MATCH($E12&$C12,'ER C6 FLT3'!$A$4:$A$340&'ER C6 FLT3'!$B$4:$B$340-1,1),8)))),IF($B12=\"2 Trucks\",IF(OR($H12=\"Class_8\",$N12=\"Replacement8HHD\",$AH12=\"CL7HHD\",$AJ12=\"CL7to8\"),INDEX('ER C8 FLT2'!$A$4:$J$340,MATCH($E12&$C12,'ER C8 FLT2'!$A$4:$A$340&'ER C8 FLT2'!$B$4:$B$340-1,1),8),IF($H12=\"Class_7\",INDEX('ER C7 FLT2'!$A$4:$J$340,MATCH($E12&$C12,'ER C7 FLT2'!$A$4:$A$340&'ER C7 FLT2'!$B$4:$B$340-1,1),8),IF($H12=\"Class_6\",INDEX('ER C6 FLT2'!$A$4:$J$340,MATCH($E12&$C12,'ER C6 FLT2'!$A$4:$A$340&'ER C6 FLT2'!$B$4:$B$340-1,1),8)))),IF($B12=\"1 Truck\",IF(OR($H12=\"Class_8\",$N12=\"Replacement8HHD\",$AH12=\"CL7HHD\",$AJ12=\"CL7to8\"),INDEX('ER C8 FLT1'!$A$4:$J$340,MATCH($E12&$C12,'ER C8 FLT1'!$A$4:$A$340&'ER C8 FLT1'!$B$4:$B$340-1,1),8),IF($H12=\"Class_7\",INDEX('ER C7 FLT1'!$A$4:$J$340,MATCH($E12&$C12,'ER C7 FLT1'!$A$4:$A$340&'ER C7 FLT1'!$B$4:$B$340-1,1),8),IF($H12=\"Class_6\",INDEX('ER C6 FLT1'!$A$4:$J$340,MATCH($E12&$C12,'ER C6 FLT1'!$A$4:$A$340&'ER C6 FLT1'!$B$4:$B$340-1,1),8)))))))\n)","v":false},{"$f":"IF($B12=\"4+ Trucks\",IF(OR($H12=\"Class_8\",$N12=\"Replacement8HHD\",$AH12=\"CL7HHD\",$AJ12=\"CL7to8\"),INDEX('ER C8 FLT4'!$A$4:$K$340,MATCH($E12&$C12,'ER C8 FLT4'!$A$4:$A$340&'ER C8 FLT4'!$B$4:$B$340-2,1),8),IF($H12=\"Class_7\",INDEX('ER C7 FLT4'!$A$4:$J$340,MATCH($E12&$C12,'ER C7 FLT4'!$A$4:$A$340&'ER C7 FLT4'!$B$4:$B$340-2,1),8),IF($H12=\"Class_6\",INDEX('ER C6 FLT4'!$A$4:$J$340,MATCH($E12&$C12,'ER C6 FLT4'!$A$4:$A$340&'ER C6 FLT4'!$B$4:$B$340-2,1),8)))),\nIF($B12=\"3 Trucks\",IF(OR($H12=\"Class_8\",$N12=\"Replacement8HHD\",$AH12=\"CL7HHD\",$AJ12=\"CL7to8\"),INDEX('ER C8 FLT3'!$A$4:$J$340,MATCH($E12&$C12,'ER C8 FLT3'!$A$4:$A$340&'ER C8 FLT3'!$B$4:$B$340-2,1),8),IF($H12=\"Class_7\",INDEX('ER C7 FLT3'!$A$4:$J$340,MATCH($E12&$C12,'ER C7 FLT3'!$A$4:$A$340&'ER C7 FLT3'!$B$4:$B$340-2,1),8),IF($H12=\"Class_6\",INDEX('ER C6 FLT3'!$A$4:$J$340,MATCH($E12&$C12,'ER C6 FLT3'!$A$4:$A$340&'ER C6 FLT3'!$B$4:$B$340-2,1),8)))),IF($B12=\"2 Trucks\",IF(OR($H12=\"Class_8\",$N12=\"Replacement8HHD\",$AH12=\"CL7HHD\",$AJ12=\"CL7to8\"),INDEX('ER C8 FLT2'!$A$4:$J$340,MATCH($E12&$C12,'ER C8 FLT2'!$A$4:$A$340&'ER C8 FLT2'!$B$4:$B$340-2,1),8),IF($H12=\"Class_7\",INDEX('ER C7 FLT2'!$A$4:$J$340,MATCH($E12&$C12,'ER C7 FLT2'!$A$4:$A$340&'ER C7 FLT2'!$B$4:$B$340-2,1),8),IF($H12=\"Class_6\",INDEX('ER C6 FLT2'!$A$4:$J$340,MATCH($E12&$C12,'ER C6 FLT2'!$A$4:$A$340&'ER C6 FLT2'!$B$4:$B$340-2,1),8)))),IF($B12=\"1 Truck\",IF(OR($H12=\"Class_8\",$N12=\"Replacement8HHD\",$AH12=\"CL7HHD\",$AJ12=\"CL7to8\"),INDEX('ER C8 FLT1'!$A$4:$J$340,MATCH($E12&$C12,'ER C8 FLT1'!$A$4:$A$340&'ER C8 FLT1'!$B$4:$B$340-2,1),8),IF($H12=\"Class_7\",INDEX('ER C7 FLT1'!$A$4:$J$340,MATCH($E12&$C12,'ER C7 FLT1'!$A$4:$A$340&'ER C7 FLT1'!$B$4:$B$340-2,1),8),IF($H12=\"Class_6\",INDEX('ER C6 FLT1'!$A$4:$J$340,MATCH($E12&$C12,'ER C6 FLT1'!$A$4:$A$340&'ER C6 FLT1'!$B$4:$B$340-2,1),8)))))))\n)","v":false},{"$f":"IF($B12=\"4+ Trucks\",IF(OR($H12=\"Class_8\",$N12=\"Replacement8HHD\",$AH12=\"CL7HHD\",$AJ12=\"CL7to8\"),INDEX('ER C8 FLT4'!$A$4:$J$340,MATCH($E12&$C12,'ER C8 FLT4'!$A$4:$A$340&'ER C8 FLT4'!$B$4:$B$340-3,1),8),IF($H12=\"Class_7\",INDEX('ER C7 FLT4'!$A$4:$J$340,MATCH($E12&$C12,'ER C7 FLT4'!$A$4:$A$340&'ER C7 FLT4'!$B$4:$B$340-3,1),8),IF($H12=\"Class_6\",INDEX('ER C6 FLT4'!$A$4:$J$340,MATCH($E12&$C12,'ER C6 FLT4'!$A$4:$A$340&'ER C6 FLT4'!$B$4:$B$340-3,1),8)))),\nIF($B12=\"3 Trucks\",IF(OR($H12=\"Class_8\",$N12=\"Replacement8HHD\",$AH12=\"CL7HHD\",$AJ12=\"CL7to8\"),INDEX('ER C8 FLT3'!$A$4:$J$340,MATCH($E12&$C12,'ER C8 FLT3'!$A$4:$A$340&'ER C8 FLT3'!$B$4:$B$340-3,1),8),IF($H12=\"Class_7\",INDEX('ER C7 FLT3'!$A$4:$J$340,MATCH($E12&$C12,'ER C7 FLT3'!$A$4:$A$340&'ER C7 FLT3'!$B$4:$B$340-3,1),8),IF($H12=\"Class_6\",INDEX('ER C6 FLT3'!$A$4:$J$340,MATCH($E12&$C12,'ER C6 FLT3'!$A$4:$A$340&'ER C6 FLT3'!$B$4:$B$340-3,1),8)))),\nIF($B12=\"2 Trucks\",IF(OR($H12=\"Class_8\",$N12=\"Replacement8HHD\",$AH12=\"CL7HHD\",$AJ12=\"CL7to8\"),INDEX('ER C8 FLT2'!$A$4:$J$340,MATCH($E12&$C12,'ER C8 FLT2'!$A$4:$A$340&'ER C8 FLT2'!$B$4:$B$340-3,1),8),IF($H12=\"Class_7\",INDEX('ER C7 FLT2'!$A$4:$J$340,MATCH($E12&$C12,'ER C7 FLT2'!$A$4:$A$340&'ER C7 FLT2'!$B$4:$B$340-3,1),8),IF($H12=\"Class_6\",INDEX('ER C6 FLT2'!$A$4:$J$340,MATCH($E12&$C12,'ER C6 FLT2'!$A$4:$A$340&'ER C6 FLT2'!$B$4:$B$340-3,1),8)))),IF($B12=\"1 Truck\",IF(OR($H12=\"Class_8\",$N12=\"Replacement8HHD\",$AH12=\"CL7HHD\",$AJ12=\"CL7to8\"),INDEX('ER C8 FLT1'!$A$4:$J$340,MATCH($E12&$C12,'ER C8 FLT1'!$A$4:$A$340&'ER C8 FLT1'!$B$4:$B$340-3,1),8),IF($H12=\"Class_7\",INDEX('ER C7 FLT1'!$A$4:$J$340,MATCH($E12&$C12,'ER C7 FLT1'!$A$4:$A$340&'ER C7 FLT1'!$B$4:$B$340-3,1),8),IF($H12=\"Class_6\",INDEX('ER C6 FLT1'!$A$4:$J$340,MATCH($E12&$C12,'ER C6 FLT1'!$A$4:$A$340&'ER C6 FLT1'!$B$4:$B$340-3,1),8)))))))\n)","v":false},{"$f":"IF($B12=\"4+ Trucks\",IF(OR($H12=\"Class_8\",$N12=\"Replacement8HHD\",$AH12=\"CL7HHD\",$AJ12=\"CL7to8\"),INDEX('ER C8 FLT4'!$A$4:$J$340,MATCH($E12&$C12,'ER C8 FLT4'!$A$4:$A$340&'ER C8 FLT4'!$B$4:$B$340-4,1),8),IF($H12=\"Class_7\",INDEX('ER C7 FLT4'!$A$4:$J$340,MATCH($E12&$C12,'ER C7 FLT4'!$A$4:$A$340&'ER C7 FLT4'!$B$4:$B$340-4,1),8),IF($H12=\"Class_6\",INDEX('ER C6 FLT4'!$A$4:$J$340,MATCH($E12&$C12,'ER C6 FLT4'!$A$4:$A$340&'ER C6 FLT4'!$B$4:$B$340-4,1),8)))),\nIF($B12=\"3 Trucks\",IF(OR($H12=\"Class_8\",$N12=\"Replacement8HHD\",$AH12=\"CL7HHD\",$AJ12=\"CL7to8\"),INDEX('ER C8 FLT3'!$A$4:$J$340,MATCH($E12&$C12,'ER C8 FLT3'!$A$4:$A$340&'ER C8 FLT3'!$B$4:$B$340-4,1),8),IF($H12=\"Class_7\",INDEX('ER C7 FLT3'!$A$4:$J$340,MATCH($E12&$C12,'ER C7 FLT3'!$A$4:$A$340&'ER C7 FLT3'!$B$4:$B$340-4,1),8),IF($H12=\"Class_6\",INDEX('ER C6 FLT3'!$A$4:$J$340,MATCH($E12&$C12,'ER C6 FLT3'!$A$4:$A$340&'ER C6 FLT3'!$B$4:$B$340-4,1),8)))),\nIF($B12=\"2 Trucks\",IF(OR($H12=\"Class_8\",$N12=\"Replacement8HHD\",$AH12=\"CL7HHD\",$AJ12=\"CL7to8\"),INDEX('ER C8 FLT2'!$A$4:$J$340,MATCH($E12&$C12,'ER C8 FLT2'!$A$4:$A$340&'ER C8 FLT2'!$B$4:$B$340-4,1),8),IF($H12=\"Class_7\",INDEX('ER C7 FLT2'!$A$4:$J$340,MATCH($E12&$C12,'ER C7 FLT2'!$A$4:$A$340&'ER C7 FLT2'!$B$4:$B$340-4,1),8),IF($H12=\"Class_6\",INDEX('ER C6 FLT2'!$A$4:$J$340,MATCH($E12&$C12,'ER C6 FLT2'!$A$4:$A$340&'ER C6 FLT2'!$B$4:$B$340-4,1),8)))),IF($B12=\"1 Truck\",IF(OR($H12=\"Class_8\",$N12=\"Replacement8HHD\",$AH12=\"CL7HHD\",$AJ12=\"CL7to8\"),INDEX('ER C8 FLT1'!$A$4:$J$340,MATCH($E12&$C12,'ER C8 FLT1'!$A$4:$A$340&'ER C8 FLT1'!$B$4:$B$340-4,1),8),IF($H12=\"Class_7\",INDEX('ER C7 FLT1'!$A$4:$J$340,MATCH($E12&$C12,'ER C7 FLT1'!$A$4:$A$340&'ER C7 FLT1'!$B$4:$B$340-4,1),8),IF($H12=\"Class_6\",INDEX('ER C6 FLT1'!$A$4:$J$340,MATCH($E12&$C12,'ER C6 FLT1'!$A$4:$A$340&'ER C6 FLT1'!$B$4:$B$340-4,1),8)))))))\n)","v":false},0,0,0,0,0,{"$f":"IF(OR($R12=\"Diesel\",$R12=\"Zero Emission\",$R12=\"Hybrid\",$R12=\"Hybrid Zero-Mile\",$R12=\"Low NOx\",$R12=\"LNG/CNG\"),IF($B12=\"3 Trucks\",IF(OR($O12=\"Class_8\",$N12=\"Replacement8HHD\",$AI12=\"CL7HHD\"),INDEX('ER C8 FLT3'!$A$4:$J$340,MATCH(DropData!$J58&$C12,'ER C8 FLT3'!$A$4:$A$340&'ER C8 FLT3'!$B$4:$B$340,1),8),IF($O12=\"Class_7\",INDEX('ER C7 FLT3'!$A$4:$J$340,MATCH(DropData!$J58&$C12,'ER C7 FLT3'!$A$4:$A$340&'ER C7 FLT3'!$B$4:$B$340,1),8),IF($O12=\"Class_6\",INDEX('ER C6 FLT3'!$A$4:$J$340,MATCH(DropData!$J58&$C12,'ER C6 FLT3'!$A$4:$A$340&'ER C6 FLT3'!$B$4:$B$340,1),8)))),IF($B12=\"2 Trucks\",IF(OR($O12=\"Class_8\",$N12=\"Replacement8HHD\",$AI12=\"CL7HHD\"),INDEX('ER C8 FLT2'!$A$4:$J$340,MATCH(DropData!$J58&$C12,'ER C8 FLT2'!$A$4:$A$340&'ER C8 FLT2'!$B$4:$B$340,1),8),IF($O12=\"Class_7\",INDEX('ER C7 FLT2'!$A$4:$J$340,MATCH(DropData!$J58&$C12,'ER C7 FLT2'!$A$4:$A$340&'ER C7 FLT2'!$B$4:$B$340,1),8),IF($O12=\"Class_6\",INDEX('ER C6 FLT2'!$A$4:$J$340,MATCH(DropData!$J58&$C12,'ER C6 FLT2'!$A$4:$A$340&'ER C6 FLT2'!$B$4:$B$340,1),8)))),IF($B12=\"1 Truck\",IF(OR($O12=\"Class_8\",$N12=\"Replacement8HHD\",$AI12=\"CL7HHD\"),INDEX('ER C8 FLT1'!$A$4:$J$340,MATCH(DropData!$J58&$C12,'ER C8 FLT1'!$A$4:$A$340&'ER C8 FLT1'!$B$4:$B$340,1),8),IF($O12=\"Class_7\",INDEX('ER C7 FLT1'!$A$4:$J$340,MATCH(DropData!$J58&$C12,'ER C7 FLT1'!$A$4:$A$340&'ER C7 FLT1'!$B$4:$B$340,1),8),IF($O12=\"Class_6\",INDEX('ER C6 FLT1'!$A$4:$J$340,MATCH(DropData!$J58&$C12,'ER C6 FLT1'!$A$4:$A$340&'ER C6 FLT1'!$B$4:$B$340,1),8)))),IF($B12=\"4+ Trucks\",IF(OR($O12=\"Class_8\",$N12=\"Replacement8HHD\",$AI12=\"CL7HHD\"),INDEX('ER C8 FLT4'!$A$4:$J$340,MATCH(DropData!$J58&$C12,'ER C8 FLT4'!$A$4:$A$340&'ER C8 FLT4'!$B$4:$B$340,1),8),IF($O12=\"Class_7\",INDEX('ER C7 FLT4'!$A$4:$J$340,MATCH(DropData!$J58&$C12,'ER C7 FLT4'!$A$4:$A$340&'ER C7 FLT4'!$B$4:$B$340,1),8),IF($O12=\"Class_6\",INDEX('ER C6 FLT4'!$A$4:$J$340,MATCH(DropData!$J58&$C12,'ER C6 FLT4'!$A$4:$A$340&'ER C6 FLT4'!$B$4:$B$340,1),8)))))))))","v":false},{"$f":"IF(OR($R12=\"Diesel\",$R12=\"Zero Emission\",$R12=\"Hybrid\",$R12=\"Hybrid Zero-Mile\",$R12=\"Low NOx\",$R12=\"LNG/CNG\"),IF($B12=\"3 Trucks\",IF(OR($O12=\"Class_8\",$N12=\"Replacement8HHD\",$AI12=\"CL7HHD\"),INDEX('ER C8 FLT3'!$A$4:$J$340,MATCH(DropData!$J58&$C12,'ER C8 FLT3'!$A$4:$A$340&'ER C8 FLT3'!$B$4:$B$340-1,1),8),IF($O12=\"Class_7\",INDEX('ER C7 FLT3'!$A$4:$J$340,MATCH(DropData!$J58&$C12,'ER C7 FLT3'!$A$4:$A$340&'ER C7 FLT3'!$B$4:$B$340-1,1),8),IF($O12=\"Class_6\",INDEX('ER C6 FLT3'!$A$4:$J$340,MATCH(DropData!$J58&$C12,'ER C6 FLT3'!$A$4:$A$340&'ER C6 FLT3'!$B$4:$B$340-1,1),8)))),IF($B12=\"2 Trucks\",IF(OR($O12=\"Class_8\",$N12=\"Replacement8HHD\",$AI12=\"CL7HHD\"),INDEX('ER C8 FLT2'!$A$4:$J$340,MATCH(DropData!$J58&$C12,'ER C8 FLT2'!$A$4:$A$340&'ER C8 FLT2'!$B$4:$B$340-1,1),8),IF($O12=\"Class_7\",INDEX('ER C7 FLT2'!$A$4:$J$340,MATCH(DropData!$J58&$C12,'ER C7 FLT2'!$A$4:$A$340&'ER C7 FLT2'!$B$4:$B$340-1,1),8),IF($O12=\"Class_6\",INDEX('ER C6 FLT2'!$A$4:$J$340,MATCH(DropData!$J58&$C12,'ER C6 FLT2'!$A$4:$A$340&'ER C6 FLT2'!$B$4:$B$340-1,1),8)))),IF($B12=\"1 Truck\",IF(OR($O12=\"Class_8\",$N12=\"Replacement8HHD\",$AI12=\"CL7HHD\"),INDEX('ER C8 FLT1'!$A$4:$J$340,MATCH(DropData!$J58&$C12,'ER C8 FLT1'!$A$4:$A$340&'ER C8 FLT1'!$B$4:$B$340-1,1),8),IF($O12=\"Class_7\",INDEX('ER C7 FLT1'!$A$4:$J$340,MATCH(DropData!$J58&$C12,'ER C7 FLT1'!$A$4:$A$340&'ER C7 FLT1'!$B$4:$B$340-1,1),8),IF($O12=\"Class_6\",INDEX('ER C6 FLT1'!$A$4:$J$340,MATCH(DropData!$J58&$C12,'ER C6 FLT1'!$A$4:$A$340&'ER C6 FLT1'!$B$4:$B$340-1,1),8)))),IF($B12=\"4+ Trucks\",IF(OR($O12=\"Class_8\",$N12=\"Replacement8HHD\",$AI12=\"CL7HHD\"),INDEX('ER C8 FLT4'!$A$4:$J$340,MATCH(DropData!$J58&$C12,'ER C8 FLT4'!$A$4:$A$340&'ER C8 FLT4'!$B$4:$B$340-1,1),8),IF($O12=\"Class_7\",INDEX('ER C7 FLT4'!$A$4:$J$340,MATCH(DropData!$J58&$C12,'ER C7 FLT4'!$A$4:$A$340&'ER C7 FLT4'!$B$4:$B$340-1,1),8),IF($O12=\"Class_6\",INDEX('ER C6 FLT4'!$A$4:$J$340,MATCH(DropData!$J58&$C12,'ER C6 FLT4'!$A$4:$A$340&'ER C6 FLT4'!$B$4:$B$340-1,1),8)))))))))","v":false},{"$f":"IF(OR($R12=\"Diesel\",$R12=\"Zero Emission\",$R12=\"Hybrid\",$R12=\"Hybrid Zero-Mile\",$R12=\"Low NOx\",$R12=\"LNG/CNG\"),IF($B12=\"3 Trucks\",IF(OR($O12=\"Class_8\",$N12=\"Replacement8HHD\",$AI12=\"CL7HHD\"),INDEX('ER C8 FLT3'!$A$4:$J$340,MATCH(DropData!$J58&$C12,'ER C8 FLT3'!$A$4:$A$340&'ER C8 FLT3'!$B$4:$B$340-2,1),8),IF($O12=\"Class_7\",INDEX('ER C7 FLT3'!$A$4:$J$340,MATCH(DropData!$J58&$C12,'ER C7 FLT3'!$A$4:$A$340&'ER C7 FLT3'!$B$4:$B$340-2,1),8),IF($O12=\"Class_6\",INDEX('ER C6 FLT3'!$A$4:$J$340,MATCH(DropData!$J58&$C12,'ER C6 FLT3'!$A$4:$A$340&'ER C6 FLT3'!$B$4:$B$340-2,1),8)))),IF($B12=\"2 Trucks\",IF(OR($O12=\"Class_8\",$N12=\"Replacement8HHD\",$AI12=\"CL7HHD\"),INDEX('ER C8 FLT2'!$A$4:$J$340,MATCH(DropData!$J58&$C12,'ER C8 FLT2'!$A$4:$A$340&'ER C8 FLT2'!$B$4:$B$340-2,1),8),IF($O12=\"Class_7\",INDEX('ER C7 FLT2'!$A$4:$J$340,MATCH(DropData!$J58&$C12,'ER C7 FLT2'!$A$4:$A$340&'ER C7 FLT2'!$B$4:$B$340-2,1),8),IF($O12=\"Class_6\",INDEX('ER C6 FLT2'!$A$4:$J$340,MATCH(DropData!$J58&$C12,'ER C6 FLT2'!$A$4:$A$340&'ER C6 FLT2'!$B$4:$B$340-2,1),8)))),IF($B12=\"1 Truck\",IF(OR($O12=\"Class_8\",$N12=\"Replacement8HHD\",$AI12=\"CL7HHD\"),INDEX('ER C8 FLT1'!$A$4:$J$340,MATCH(DropData!$J58&$C12,'ER C8 FLT1'!$A$4:$A$340&'ER C8 FLT1'!$B$4:$B$340-2,1),8),IF($O12=\"Class_7\",INDEX('ER C7 FLT1'!$A$4:$J$340,MATCH(DropData!$J58&$C12,'ER C7 FLT1'!$A$4:$A$340&'ER C7 FLT1'!$B$4:$B$340-2,1),8),IF($O12=\"Class_6\",INDEX('ER C6 FLT1'!$A$4:$J$340,MATCH(DropData!$J58&$C12,'ER C6 FLT1'!$A$4:$A$340&'ER C6 FLT1'!$B$4:$B$340-2,1),8)))),IF($B12=\"4+ Trucks\",IF(OR($O12=\"Class_8\",$N12=\"Replacement8HHD\",$AI12=\"CL7HHD\"),INDEX('ER C8 FLT4'!$A$4:$J$340,MATCH(DropData!$J58&$C12,'ER C8 FLT4'!$A$4:$A$340&'ER C8 FLT4'!$B$4:$B$340-2,1),8),IF($O12=\"Class_7\",INDEX('ER C7 FLT4'!$A$4:$J$340,MATCH(DropData!$J58&$C12,'ER C7 FLT4'!$A$4:$A$340&'ER C7 FLT4'!$B$4:$B$340-2,1),8),IF($O12=\"Class_6\",INDEX('ER C6 FLT4'!$A$4:$J$340,MATCH(DropData!$J58&$C12,'ER C6 FLT4'!$A$4:$A$340&'ER C6 FLT4'!$B$4:$B$340-2,1),8)))))))))","v":false},{"$f":"IF(OR($R12=\"Diesel\",$R12=\"Zero Emission\",$R12=\"Hybrid\",$R12=\"Hybrid Zero-Mile\",$R12=\"Low NOx\",$R12=\"LNG/CNG\"),IF($B12=\"3 Trucks\",IF(OR($O12=\"Class_8\",$N12=\"Replacement8HHD\",$AI12=\"CL7HHD\"),INDEX('ER C8 FLT3'!$A$4:$J$340,MATCH(DropData!$J58&$C12,'ER C8 FLT3'!$A$4:$A$340&'ER C8 FLT3'!$B$4:$B$340-3,1),8),IF($O12=\"Class_7\",INDEX('ER C7 FLT3'!$A$4:$J$340,MATCH(DropData!$J58&$C12,'ER C7 FLT3'!$A$4:$A$340&'ER C7 FLT3'!$B$4:$B$340-3,1),8),IF($O12=\"Class_6\",INDEX('ER C6 FLT3'!$A$4:$J$340,MATCH(DropData!$J58&$C12,'ER C6 FLT3'!$A$4:$A$340&'ER C6 FLT3'!$B$4:$B$340-3,1),8)))),IF($B12=\"2 Trucks\",IF(OR($O12=\"Class_8\",$N12=\"Replacement8HHD\",$AI12=\"CL7HHD\"),INDEX('ER C8 FLT2'!$A$4:$J$340,MATCH(DropData!$J58&$C12,'ER C8 FLT2'!$A$4:$A$340&'ER C8 FLT2'!$B$4:$B$340-3,1),8),IF($O12=\"Class_7\",INDEX('ER C7 FLT2'!$A$4:$J$340,MATCH(DropData!$J58&$C12,'ER C7 FLT2'!$A$4:$A$340&'ER C7 FLT2'!$B$4:$B$340-3,1),8),IF($O12=\"Class_6\",INDEX('ER C6 FLT2'!$A$4:$J$340,MATCH(DropData!$J58&$C12,'ER C6 FLT2'!$A$4:$A$340&'ER C6 FLT2'!$B$4:$B$340-3,1),8)))),IF($B12=\"1 Truck\",IF(OR($O12=\"Class_8\",$N12=\"Replacement8HHD\",$AI12=\"CL7HHD\"),INDEX('ER C8 FLT1'!$A$4:$J$340,MATCH(DropData!$J58&$C12,'ER C8 FLT1'!$A$4:$A$340&'ER C8 FLT1'!$B$4:$B$340-3,1),8),IF($O12=\"Class_7\",INDEX('ER C7 FLT1'!$A$4:$J$340,MATCH(DropData!$J58&$C12,'ER C7 FLT1'!$A$4:$A$340&'ER C7 FLT1'!$B$4:$B$340-3,1),8),IF($O12=\"Class_6\",INDEX('ER C6 FLT1'!$A$4:$J$340,MATCH(DropData!$J58&$C12,'ER C6 FLT1'!$A$4:$A$340&'ER C6 FLT1'!$B$4:$B$340-3,1),8)))),IF($B12=\"4+ Trucks\",IF(OR($O12=\"Class_8\",$N12=\"Replacement8HHD\",$AI12=\"CL7HHD\"),INDEX('ER C8 FLT4'!$A$4:$J$340,MATCH(DropData!$J58&$C12,'ER C8 FLT4'!$A$4:$A$340&'ER C8 FLT4'!$B$4:$B$340-3,1),8),IF($O12=\"Class_7\",INDEX('ER C7 FLT4'!$A$4:$J$340,MATCH(DropData!$J58&$C12,'ER C7 FLT4'!$A$4:$A$340&'ER C7 FLT4'!$B$4:$B$340-3,1),8),IF($O12=\"Class_6\",INDEX('ER C6 FLT4'!$A$4:$J$340,MATCH(DropData!$J58&$C12,'ER C6 FLT4'!$A$4:$A$340&'ER C6 FLT4'!$B$4:$B$340-3,1),8)))))))))","v":false},{"$f":"IF(OR($R12=\"Diesel\",$R12=\"Zero Emission\",$R12=\"Hybrid\",$R12=\"Hybrid Zero-Mile\",$R12=\"Low NOx\",$R12=\"LNG/CNG\"),IF($B12=\"3 Trucks\",IF(OR($O12=\"Class_8\",$N12=\"Replacement8HHD\",$AI12=\"CL7HHD\"),INDEX('ER C8 FLT3'!$A$4:$J$340,MATCH(DropData!$J58&$C12,'ER C8 FLT3'!$A$4:$A$340&'ER C8 FLT3'!$B$4:$B$340-4,1),8),IF($O12=\"Class_7\",INDEX('ER C7 FLT3'!$A$4:$J$340,MATCH(DropData!$J58&$C12,'ER C7 FLT3'!$A$4:$A$340&'ER C7 FLT3'!$B$4:$B$340-4,1),8),IF($O12=\"Class_6\",INDEX('ER C6 FLT3'!$A$4:$J$340,MATCH(DropData!$J58&$C12,'ER C6 FLT3'!$A$4:$A$340&'ER C6 FLT3'!$B$4:$B$340-4,1),8)))),IF($B12=\"2 Trucks\",IF(OR($O12=\"Class_8\",$N12=\"Replacement8HHD\",$AI12=\"CL7HHD\"),INDEX('ER C8 FLT2'!$A$4:$J$340,MATCH(DropData!$J58&$C12,'ER C8 FLT2'!$A$4:$A$340&'ER C8 FLT2'!$B$4:$B$340-4,1),8),IF($O12=\"Class_7\",INDEX('ER C7 FLT2'!$A$4:$J$340,MATCH(DropData!$J58&$C12,'ER C7 FLT2'!$A$4:$A$340&'ER C7 FLT2'!$B$4:$B$340-4,1),8),IF($O12=\"Class_6\",INDEX('ER C6 FLT2'!$A$4:$J$340,MATCH(DropData!$J58&$C12,'ER C6 FLT2'!$A$4:$A$340&'ER C6 FLT2'!$B$4:$B$340-4,1),8)))),IF($B12=\"1 Truck\",IF(OR($O12=\"Class_8\",$N12=\"Replacement8HHD\",$AI12=\"CL7HHD\"),INDEX('ER C8 FLT1'!$A$4:$J$340,MATCH(DropData!$J58&$C12,'ER C8 FLT1'!$A$4:$A$340&'ER C8 FLT1'!$B$4:$B$340-4,1),8),IF($O12=\"Class_7\",INDEX('ER C7 FLT1'!$A$4:$J$340,MATCH(DropData!$J58&$C12,'ER C7 FLT1'!$A$4:$A$340&'ER C7 FLT1'!$B$4:$B$340-4,1),8),IF($O12=\"Class_6\",INDEX('ER C6 FLT1'!$A$4:$J$340,MATCH(DropData!$J58&$C12,'ER C6 FLT1'!$A$4:$A$340&'ER C6 FLT1'!$B$4:$B$340-4,1),8)))),IF($B12=\"4+ Trucks\",IF(OR($O12=\"Class_8\",$N12=\"Replacement8HHD\",$AI12=\"CL7HHD\"),INDEX('ER C8 FLT4'!$A$4:$J$340,MATCH(DropData!$J58&$C12,'ER C8 FLT4'!$A$4:$A$340&'ER C8 FLT4'!$B$4:$B$340-4,1),8),IF($O12=\"Class_7\",INDEX('ER C7 FLT4'!$A$4:$J$340,MATCH(DropData!$J58&$C12,'ER C7 FLT4'!$A$4:$A$340&'ER C7 FLT4'!$B$4:$B$340-4,1),8),IF($O12=\"Class_6\",INDEX('ER C6 FLT4'!$A$4:$J$340,MATCH(DropData!$J58&$C12,'ER C6 FLT4'!$A$4:$A$340&'ER C6 FLT4'!$B$4:$B$340-4,1),8)))))))))","v":false},0,{"$f":"MAX((IF($B12=\"4+ Trucks\",IF($Z12=\"Class_8\",INDEX('ER C8 FLT4'!$A$4:$J$340,MATCH($W12&$C12,'ER C8 FLT4'!$A$4:$A$340&'ER C8 FLT4'!$B$4:$B$340,1),8)*IF($Z12=\"Class_8\",INDEX('ER C8 FLT4'!$A$4:$J$340,MATCH($W12&$C12,'ER C8 FLT4'!$A$4:$A$340&'ER C8 FLT4'!$B$4:$B$340,1),9)),IF($Z12=\"Class_7\",INDEX('ER C7 FLT4'!$A$4:$J$340,MATCH($W12&$C12,'ER C7 FLT4'!$A$4:$A$340&'ER C7 FLT4'!$B$4:$B$340,1),8)*IF($Z12=\"Class_7\",INDEX('ER C7 FLT4'!$A$4:$J$340,MATCH($W12&$C12,'ER C7 FLT4'!$A$4:$A$340&'ER C7 FLT4'!$B$4:$B$340,1),9)),IF($Z12=\"Class_6\",INDEX('ER C6 FLT4'!$A$4:$J$340,MATCH($W12&$C12,'ER C6 FLT4'!$A$4:$A$340&'ER C6 FLT4'!$B$4:$B$340,1),8)*IF($Z12=\"Class_6\",INDEX('ER C6 FLT4'!$A$4:$L$340,MATCH($W12&$C12,'ER C6 FLT4'!$A$4:$A$340&'ER C6 FLT4'!$B$4:$B$340,1),9))))),\nIF($B12=\"2 Trucks\",IF($Z12=\"Class_8\",INDEX('ER C8 FLT2'!$A$4:$J$340,MATCH($W12&$C12,'ER C8 FLT2'!$A$4:$A$340&'ER C8 FLT2'!$B$4:$B$340,1),8)*IF($Z12=\"Class_8\",INDEX('ER C8 FLT2'!$A$4:$J$340,MATCH($W12&$C12,'ER C8 FLT2'!$A$4:$A$340&'ER C8 FLT2'!$B$4:$B$340,1),9)),IF($Z12=\"Class_7\",INDEX('ER C7 FLT2'!$A$4:$J$340,MATCH($W12&$C12,'ER C7 FLT2'!$A$4:$A$340&'ER C7 FLT2'!$B$4:$B$340,1),8)*IF($Z12=\"Class_7\",INDEX('ER C7 FLT2'!$A$4:$J$340,MATCH($W12&$C12,'ER C7 FLT2'!$A$4:$A$340&'ER C7 FLT2'!$B$4:$B$340,1),9)),IF($Z12=\"Class_6\",INDEX('ER C6 FLT2'!$A$4:$J$340,MATCH($W12&$C12,'ER C6 FLT2'!$A$4:$A$340&'ER C6 FLT2'!$B$4:$B$340,1),8)*IF($Z12=\"Class_6\",INDEX('ER C6 FLT2'!$A$4:$J$340,MATCH($W12&$C12,'ER C6 FLT2'!$A$4:$A$340&'ER C6 FLT2'!$B$4:$B$340,1),9))))),\nIF($B12=\"1 Truck\",IF($Z12=\"Class_8\",INDEX('ER C8 FLT1'!$A$4:$J$340,MATCH($W12&$C12,'ER C8 FLT1'!$A$4:$A$340&'ER C8 FLT1'!$B$4:$B$340,1),8)*IF($Z12=\"Class_8\",INDEX('ER C8 FLT1'!$A$4:$J$340,MATCH($W12&$C12,'ER C8 FLT1'!$A$4:$A$340&'ER C8 FLT1'!$B$4:$B$340,1),9)),IF($Z12=\"Class_7\",INDEX('ER C7 FLT1'!$A$4:$J$340,MATCH($W12&$C12,'ER C7 FLT1'!$A$4:$A$340&'ER C7 FLT1'!$B$4:$B$340,1),8)*IF($Z12=\"Class_7\",INDEX('ER C7 FLT1'!$A$4:$J$340,MATCH($W12&$C12,'ER C7 FLT1'!$A$4:$A$340&'ER C7 FLT1'!$B$4:$B$340,1),9)),IF($Z12=\"Class_6\",INDEX('ER C6 FLT1'!$A$4:$J$340,MATCH($W12&$C12,'ER C6 FLT1'!$A$4:$A$340&'ER C6 FLT1'!$B$4:$B$340,1),8)*IF($Z12=\"Class_6\",INDEX('ER C6 FLT1'!$A$4:$J$340,MATCH($W12&$C12,'ER C6 FLT1'!$A$4:$A$340&'ER C6 FLT1'!$B$4:$B$340,1),9)),\n))),IF($B12=\"3 Trucks\",IF($Z12=\"Class_8\",INDEX('ER C8 FLT3'!$A$4:$J$340,MATCH($W12&$C12,'ER C8 FLT3'!$A$4:$A$340&'ER C8 FLT3'!$B$4:$B$340,1),8)*IF($Z12=\"Class_8\",INDEX('ER C8 FLT3'!$A$4:$J$340,MATCH($W12&$C12,'ER C8 FLT3'!$A$4:$A$340&'ER C8 FLT3'!$B$4:$B$340,1),9)),IF($Z12=\"Class_7\",INDEX('ER C7 FLT3'!$A$4:$J$340,MATCH($W12&$C12,'ER C7 FLT3'!$A$4:$A$340&'ER C7 FLT3'!$B$4:$B$340,1),8)*IF($Z12=\"Class_7\",INDEX('ER C7 FLT3'!$A$4:$J$340,MATCH($W12&$C12,'ER C7 FLT3'!$A$4:$A$340&'ER C7 FLT3'!$B$4:$B$340,1),9)),IF($Z12=\"Class_6\",INDEX('ER C6 FLT3'!$A$4:$J$340,MATCH($W12&$C12,'ER C6 FLT3'!$A$4:$A$340&'ER C6 FLT3'!$B$4:$B$340,1),8)*IF($Z12=\"Class_6\",INDEX('ER C6 FLT3'!$A$4:$L$340,MATCH($W12&$C12,'ER C6 FLT3'!$A$4:$A$340&'ER C6 FLT3'!$B$4:$B$340,1),9)))))))))\n*IF($X12=\"Level 1 PM\",0.75,IF($X12=\"Level 2 PM\",0.5,IF($X12=\"Level 3 PM\",0,IF($X12=\"Level 3 PM + Mark I NOx\",0,1))))*($AC12/453.6)-IF(BF12=0,AV12,0)),0)","v":0},0,{"$f":"MAX(0,AM12-AW12)","v":0},{"$f":"MAX((IF($B12=\"4+ Trucks\",IF($Z12=\"Class_8\",INDEX('ER C8 FLT4'!$A$4:$J$340,MATCH($W12&$C12,'ER C8 FLT4'!$A$4:$A$340&'ER C8 FLT4'!$B$4:$B$340-1,1),8)*IF($Z12=\"Class_8\",INDEX('ER C8 FLT4'!$A$4:$J$340,MATCH($W12&$C12,'ER C8 FLT4'!$A$4:$A$340&'ER C8 FLT4'!$B$4:$B$340-1,1),9)),IF($Z12=\"Class_7\",INDEX('ER C7 FLT4'!$A$4:$J$340,MATCH($W12&$C12,'ER C7 FLT4'!$A$4:$A$340&'ER C7 FLT4'!$B$4:$B$340-1,1),8)*IF($Z12=\"Class_7\",INDEX('ER C7 FLT4'!$A$4:$J$340,MATCH($W12&$C12,'ER C7 FLT4'!$A$4:$A$340&'ER C7 FLT4'!$B$4:$B$340-1,1),9)),IF($Z12=\"Class_6\",INDEX('ER C6 FLT4'!$A$4:$J$340,MATCH($W12&$C12,'ER C6 FLT4'!$A$4:$A$340&'ER C6 FLT4'!$B$4:$B$340-1,1),8)*IF($Z12=\"Class_6\",INDEX('ER C6 FLT4'!$A$4:$L$340,MATCH($W12&$C12,'ER C6 FLT4'!$A$4:$A$340&'ER C6 FLT4'!$B$4:$B$340-1,1),9))))),\nIF($B12=\"2 Trucks\",IF($Z12=\"Class_8\",INDEX('ER C8 FLT2'!$A$4:$J$340,MATCH($W12&$C12,'ER C8 FLT2'!$A$4:$A$340&'ER C8 FLT2'!$B$4:$B$340-1,1),8)*IF($Z12=\"Class_8\",INDEX('ER C8 FLT2'!$A$4:$J$340,MATCH($W12&$C12,'ER C8 FLT2'!$A$4:$A$340&'ER C8 FLT2'!$B$4:$B$340-1,1),9)),IF($Z12=\"Class_7\",INDEX('ER C7 FLT2'!$A$4:$J$340,MATCH($W12&$C12,'ER C7 FLT2'!$A$4:$A$340&'ER C7 FLT2'!$B$4:$B$340-1,1),8)*IF($Z12=\"Class_7\",INDEX('ER C7 FLT2'!$A$4:$J$340,MATCH($W12&$C12,'ER C7 FLT2'!$A$4:$A$340&'ER C7 FLT2'!$B$4:$B$340-1,1),9)),IF($Z12=\"Class_6\",INDEX('ER C6 FLT2'!$A$4:$J$340,MATCH($W12&$C12,'ER C6 FLT2'!$A$4:$A$340&'ER C6 FLT2'!$B$4:$B$340-1,1),8)*IF($Z12=\"Class_6\",INDEX('ER C6 FLT2'!$A$4:$J$340,MATCH($W12&$C12,'ER C6 FLT2'!$A$4:$A$340&'ER C6 FLT2'!$B$4:$B$340-1,1),9))))),\nIF($B12=\"1 Truck\",IF($Z12=\"Class_8\",INDEX('ER C8 FLT1'!$A$4:$J$340,MATCH($W12&$C12,'ER C8 FLT1'!$A$4:$A$340&'ER C8 FLT1'!$B$4:$B$340-1,1),8)*IF($Z12=\"Class_8\",INDEX('ER C8 FLT1'!$A$4:$J$340,MATCH($W12&$C12,'ER C8 FLT1'!$A$4:$A$340&'ER C8 FLT1'!$B$4:$B$340-1,1),9)),IF($Z12=\"Class_7\",INDEX('ER C7 FLT1'!$A$4:$J$340,MATCH($W12&$C12,'ER C7 FLT1'!$A$4:$A$340&'ER C7 FLT1'!$B$4:$B$340-1,1),8)*IF($Z12=\"Class_7\",INDEX('ER C7 FLT1'!$A$4:$J$340,MATCH($W12&$C12,'ER C7 FLT1'!$A$4:$A$340&'ER C7 FLT1'!$B$4:$B$340-1,1),9)),IF($Z12=\"Class_6\",INDEX('ER C6 FLT1'!$A$4:$J$340,MATCH($W12&$C12,'ER C6 FLT1'!$A$4:$A$340&'ER C6 FLT1'!$B$4:$B$340-1,1),8)*IF($Z12=\"Class_6\",INDEX('ER C6 FLT1'!$A$4:$J$340,MATCH($W12&$C12,'ER C6 FLT1'!$A$4:$A$340&'ER C6 FLT1'!$B$4:$B$340-1,1),9))))),IF($B12=\"3 Trucks\",IF($Z12=\"Class_8\",INDEX('ER C8 FLT3'!$A$4:$J$340,MATCH($W12&$C12,'ER C8 FLT3'!$A$4:$A$340&'ER C8 FLT3'!$B$4:$B$340-1,1),8)*IF($Z12=\"Class_8\",INDEX('ER C8 FLT3'!$A$4:$J$340,MATCH($W12&$C12,'ER C8 FLT3'!$A$4:$A$340&'ER C8 FLT3'!$B$4:$B$340-1,1),9)),IF($Z12=\"Class_7\",INDEX('ER C7 FLT3'!$A$4:$J$340,MATCH($W12&$C12,'ER C7 FLT3'!$A$4:$A$340&'ER C7 FLT3'!$B$4:$B$340-1,1),8)*IF($Z12=\"Class_7\",INDEX('ER C7 FLT3'!$A$4:$J$340,MATCH($W12&$C12,'ER C7 FLT3'!$A$4:$A$340&'ER C7 FLT3'!$B$4:$B$340-1,1),9)),IF($Z12=\"Class_6\",INDEX('ER C6 FLT3'!$A$4:$J$340,MATCH($W12&$C12,'ER C6 FLT3'!$A$4:$A$340&'ER C6 FLT3'!$B$4:$B$340-1,1),8)*IF($Z12=\"Class_6\",INDEX('ER C6 FLT3'!$A$4:$L$340,MATCH($W12&$C12,'ER C6 FLT3'!$A$4:$A$340&'ER C6 FLT3'!$B$4:$B$340-1,1),9)))))))))\n*IF($X12=\"Level 1 PM\",0.75,IF($X12=\"Level 2 PM\",0.5,IF($X12=\"Level 3 PM\",0,IF($X12=\"Level 3 PM + Mark I NOx\",0,1))))*($AC12/453.6)-IF(BI12=0,AW12,0)),0)","v":0},0,0,{"$f":"MAX((IF($B12=\"4+ Trucks\",IF($Z12=\"Class_8\",INDEX('ER C8 FLT4'!$A$4:$J$340,MATCH($W12&$C12,'ER C8 FLT4'!$A$4:$A$340&'ER C8 FLT4'!$B$4:$B$340-2,1),8)*IF($Z12=\"Class_8\",INDEX('ER C8 FLT4'!$A$4:$J$340,MATCH($W12&$C12,'ER C8 FLT4'!$A$4:$A$340&'ER C8 FLT4'!$B$4:$B$340-2,1),9)),IF($Z12=\"Class_7\",INDEX('ER C7 FLT4'!$A$4:$J$340,MATCH($W12&$C12,'ER C7 FLT4'!$A$4:$A$340&'ER C7 FLT4'!$B$4:$B$340-2,1),8)*IF($Z12=\"Class_7\",INDEX('ER C7 FLT4'!$A$4:$J$340,MATCH($W12&$C12,'ER C7 FLT4'!$A$4:$A$340&'ER C7 FLT4'!$B$4:$B$340-2,1),9)),IF($Z12=\"Class_6\",INDEX('ER C6 FLT4'!$A$4:$J$340,MATCH($W12&$C12,'ER C6 FLT4'!$A$4:$A$340&'ER C6 FLT4'!$B$4:$B$340-2,1),8)*IF($Z12=\"Class_6\",INDEX('ER C6 FLT4'!$A$4:$L$340,MATCH($W12&$C12,'ER C6 FLT4'!$A$4:$A$340&'ER C6 FLT4'!$B$4:$B$340-2,1),9))))),\nIF($B12=\"2 Trucks\",IF($Z12=\"Class_8\",INDEX('ER C8 FLT2'!$A$4:$J$340,MATCH($W12&$C12,'ER C8 FLT2'!$A$4:$A$340&'ER C8 FLT2'!$B$4:$B$340-2,1),8)*IF($Z12=\"Class_8\",INDEX('ER C8 FLT2'!$A$4:$J$340,MATCH($W12&$C12,'ER C8 FLT2'!$A$4:$A$340&'ER C8 FLT2'!$B$4:$B$340-2,1),9)),IF($Z12=\"Class_7\",INDEX('ER C7 FLT2'!$A$4:$J$340,MATCH($W12&$C12,'ER C7 FLT2'!$A$4:$A$340&'ER C7 FLT2'!$B$4:$B$340-2,1),8)*IF($Z12=\"Class_7\",INDEX('ER C7 FLT2'!$A$4:$J$340,MATCH($W12&$C12,'ER C7 FLT2'!$A$4:$A$340&'ER C7 FLT2'!$B$4:$B$340-2,1),9)),IF($Z12=\"Class_6\",INDEX('ER C6 FLT2'!$A$4:$J$340,MATCH($W12&$C12,'ER C6 FLT2'!$A$4:$A$340&'ER C6 FLT2'!$B$4:$B$340-2,1),8)*IF($Z12=\"Class_6\",INDEX('ER C6 FLT2'!$A$4:$J$340,MATCH($W12&$C12,'ER C6 FLT2'!$A$4:$A$340&'ER C6 FLT2'!$B$4:$B$340-2,1),9))))),\nIF($B12=\"1 Truck\",IF($Z12=\"Class_8\",INDEX('ER C8 FLT1'!$A$4:$J$340,MATCH($W12&$C12,'ER C8 FLT1'!$A$4:$A$340&'ER C8 FLT1'!$B$4:$B$340-2,1),8)*IF($Z12=\"Class_8\",INDEX('ER C8 FLT1'!$A$4:$J$340,MATCH($W12&$C12,'ER C8 FLT1'!$A$4:$A$340&'ER C8 FLT1'!$B$4:$B$340-2,1),9)),IF($Z12=\"Class_7\",INDEX('ER C7 FLT1'!$A$4:$J$340,MATCH($W12&$C12,'ER C7 FLT1'!$A$4:$A$340&'ER C7 FLT1'!$B$4:$B$340-2,1),8)*IF($Z12=\"Class_7\",INDEX('ER C7 FLT1'!$A$4:$J$340,MATCH($W12&$C12,'ER C7 FLT1'!$A$4:$A$340&'ER C7 FLT1'!$B$4:$B$340-2,1),9)),IF($Z12=\"Class_6\",INDEX('ER C6 FLT1'!$A$4:$J$340,MATCH($W12&$C12,'ER C6 FLT1'!$A$4:$A$340&'ER C6 FLT1'!$B$4:$B$340-2,1),8)*IF($Z12=\"Class_6\",INDEX('ER C6 FLT1'!$A$4:$J$340,MATCH($W12&$C12,'ER C6 FLT1'!$A$4:$A$340&'ER C6 FLT1'!$B$4:$B$340-2,1),9))))),IF($B12=\"3 Trucks\",IF($Z12=\"Class_8\",INDEX('ER C8 FLT3'!$A$4:$J$340,MATCH($W12&$C12,'ER C8 FLT3'!$A$4:$A$340&'ER C8 FLT3'!$B$4:$B$340-2,1),8)*IF($Z12=\"Class_8\",INDEX('ER C8 FLT3'!$A$4:$J$340,MATCH($W12&$C12,'ER C8 FLT3'!$A$4:$A$340&'ER C8 FLT3'!$B$4:$B$340-2,1),9)),IF($Z12=\"Class_7\",INDEX('ER C7 FLT3'!$A$4:$J$340,MATCH($W12&$C12,'ER C7 FLT3'!$A$4:$A$340&'ER C7 FLT3'!$B$4:$B$340-2,1),8)*IF($Z12=\"Class_7\",INDEX('ER C7 FLT3'!$A$4:$J$340,MATCH($W12&$C12,'ER C7 FLT3'!$A$4:$A$340&'ER C7 FLT3'!$B$4:$B$340-2,1),9)),IF($Z12=\"Class_6\",INDEX('ER C6 FLT1'!$A$4:$J$340,MATCH($W12&$C12,'ER C6 FLT1'!$A$4:$A$340&'ER C6 FLT1'!$B$4:$B$340-2,1),8)*IF($Z12=\"Class_6\",INDEX('ER C6 FLT1'!$A$4:$J$340,MATCH($W12&$C12,'ER C6 FLT1'!$A$4:$A$340&'ER C6 FLT1'!$B$4:$B$340-2,1),9)))))))))*IF($X12=\"Level 1 PM\",0.75,IF($X12=\"Level 2 PM\",0.5,IF($X12=\"Level 3 PM\",0,IF($X12=\"Level 3 PM + Mark I NOx\",0,1))))*($AC12/453.6)-IF(BL12=0,AX12,0)),0)","v":0},0,0,{"$f":"MAX((IF($B12=\"4+ Trucks\",IF($Z12=\"Class_8\",INDEX('ER C8 FLT4'!$A$4:$J$340,MATCH($W12&$C12,'ER C8 FLT4'!$A$4:$A$340&'ER C8 FLT4'!$B$4:$B$340-3,1),8)*IF($Z12=\"Class_8\",INDEX('ER C8 FLT4'!$A$4:$J$340,MATCH($W12&$C12,'ER C8 FLT4'!$A$4:$A$340&'ER C8 FLT4'!$B$4:$B$340-3,1),9)),IF($Z12=\"Class_7\",INDEX('ER C7 FLT4'!$A$4:$J$340,MATCH($W12&$C12,'ER C7 FLT4'!$A$4:$A$340&'ER C7 FLT4'!$B$4:$B$340-3,1),8)*IF($Z12=\"Class_7\",INDEX('ER C7 FLT4'!$A$4:$J$340,MATCH($W12&$C12,'ER C7 FLT4'!$A$4:$A$340&'ER C7 FLT4'!$B$4:$B$340-3,1),9)),IF($Z12=\"Class_6\",INDEX('ER C6 FLT4'!$A$4:$J$340,MATCH($W12&$C12,'ER C6 FLT4'!$A$4:$A$340&'ER C6 FLT4'!$B$4:$B$340-3,1),8)*IF($Z12=\"Class_6\",INDEX('ER C6 FLT4'!$A$4:$L$340,MATCH($W12&$C12,'ER C6 FLT4'!$A$4:$A$340&'ER C6 FLT4'!$B$4:$B$340-3,1),9))))),\nIF($B12=\"2 Trucks\",IF($Z12=\"Class_8\",INDEX('ER C8 FLT2'!$A$4:$J$340,MATCH($W12&$C12,'ER C8 FLT2'!$A$4:$A$340&'ER C8 FLT2'!$B$4:$B$340-3,1),8)*IF($Z12=\"Class_8\",INDEX('ER C8 FLT2'!$A$4:$J$340,MATCH($W12&$C12,'ER C8 FLT2'!$A$4:$A$340&'ER C8 FLT2'!$B$4:$B$340-3,1),9)),IF($Z12=\"Class_7\",INDEX('ER C7 FLT2'!$A$4:$J$340,MATCH($W12&$C12,'ER C7 FLT2'!$A$4:$A$340&'ER C7 FLT2'!$B$4:$B$340-3,1),8)*IF($Z12=\"Class_7\",INDEX('ER C7 FLT2'!$A$4:$J$340,MATCH($W12&$C12,'ER C7 FLT2'!$A$4:$A$340&'ER C7 FLT2'!$B$4:$B$340-3,1),9)),IF($Z12=\"Class_6\",INDEX('ER C6 FLT2'!$A$4:$J$340,MATCH($W12&$C12,'ER C6 FLT2'!$A$4:$A$340&'ER C6 FLT2'!$B$4:$B$340-3,1),8)*IF($Z12=\"Class_6\",INDEX('ER C6 FLT2'!$A$4:$J$340,MATCH($W12&$C12,'ER C6 FLT2'!$A$4:$A$340&'ER C6 FLT2'!$B$4:$B$340-3,1),9))))),\nIF($B12=\"1 Truck\",IF($Z12=\"Class_8\",INDEX('ER C8 FLT1'!$A$4:$J$340,MATCH($W12&$C12,'ER C8 FLT1'!$A$4:$A$340&'ER C8 FLT1'!$B$4:$B$340-3,1),8)*IF($Z12=\"Class_8\",INDEX('ER C8 FLT1'!$A$4:$J$340,MATCH($W12&$C12,'ER C8 FLT1'!$A$4:$A$340&'ER C8 FLT1'!$B$4:$B$340-3,1),9)),IF($Z12=\"Class_7\",INDEX('ER C7 FLT1'!$A$4:$J$340,MATCH($W12&$C12,'ER C7 FLT1'!$A$4:$A$340&'ER C7 FLT1'!$B$4:$B$340-3,1),8)*IF($Z12=\"Class_7\",INDEX('ER C7 FLT1'!$A$4:$J$340,MATCH($W12&$C12,'ER C7 FLT1'!$A$4:$A$340&'ER C7 FLT1'!$B$4:$B$340-3,1),9)),IF($Z12=\"Class_6\",INDEX('ER C6 FLT1'!$A$4:$J$340,MATCH($W12&$C12,'ER C6 FLT1'!$A$4:$A$340&'ER C6 FLT1'!$B$4:$B$340-3,1),8)*IF($Z12=\"Class_6\",INDEX('ER C6 FLT1'!$A$4:$J$340,MATCH($W12&$C12,'ER C6 FLT1'!$A$4:$A$340&'ER C6 FLT1'!$B$4:$B$340-3,1),9))))),IF($B12=\"3 Trucks\",IF($Z12=\"Class_8\",INDEX('ER C8 FLT3'!$A$4:$J$340,MATCH($W12&$C12,'ER C8 FLT3'!$A$4:$A$340&'ER C8 FLT3'!$B$4:$B$340-3,1),8)*IF($Z12=\"Class_8\",INDEX('ER C8 FLT3'!$A$4:$J$340,MATCH($W12&$C12,'ER C8 FLT3'!$A$4:$A$340&'ER C8 FLT3'!$B$4:$B$340-3,1),9)),IF($Z12=\"Class_7\",INDEX('ER C7 FLT3'!$A$4:$J$340,MATCH($W12&$C12,'ER C7 FLT3'!$A$4:$A$340&'ER C7 FLT3'!$B$4:$B$340-3,1),8)*IF($Z12=\"Class_7\",INDEX('ER C7 FLT3'!$A$4:$J$340,MATCH($W12&$C12,'ER C7 FLT3'!$A$4:$A$340&'ER C7 FLT3'!$B$4:$B$340-3,1),9)),IF($Z12=\"Class_6\",INDEX('ER C6 FLT3'!$A$4:$J$340,MATCH($W12&$C12,'ER C6 FLT3'!$A$4:$A$340&'ER C6 FLT3'!$B$4:$B$340-3,1),8)*IF($Z12=\"Class_6\",INDEX('ER C6 FLT3'!$A$4:$L$340,MATCH($W12&$C12,'ER C6 FLT3'!$A$4:$A$340&'ER C6 FLT3'!$B$4:$B$340-3,1),9)))))))))\n*IF($X12=\"Level 1 PM\",0.75,IF($X12=\"Level 2 PM\",0.5,IF($X12=\"Level 3 PM\",0,IF($X12=\"Level 3 PM + Mark I NOx\",0,1))))*($AC12/453.6)-IF(BO12=0,AY12,0)),0)","v":0},0,0,{"$f":"MAX((IF($B12=\"4+ Trucks\",IF($Z12=\"Class_8\",INDEX('ER C8 FLT4'!$A$4:$J$340,MATCH($W12&$C12,'ER C8 FLT4'!$A$4:$A$340&'ER C8 FLT4'!$B$4:$B$340-4,1),8)*IF($Z12=\"Class_8\",INDEX('ER C8 FLT4'!$A$4:$J$340,MATCH($W12&$C12,'ER C8 FLT4'!$A$4:$A$340&'ER C8 FLT4'!$B$4:$B$340-4,1),9)),IF($Z12=\"Class_7\",INDEX('ER C7 FLT4'!$A$4:$J$340,MATCH($W12&$C12,'ER C7 FLT4'!$A$4:$A$340&'ER C7 FLT4'!$B$4:$B$340-4,1),8)*IF($Z12=\"Class_7\",INDEX('ER C7 FLT4'!$A$4:$J$340,MATCH($W12&$C12,'ER C7 FLT4'!$A$4:$A$340&'ER C7 FLT4'!$B$4:$B$340-4,1),9)),IF($Z12=\"Class_6\",INDEX('ER C6 FLT4'!$A$4:$J$340,MATCH($W12&$C12,'ER C6 FLT4'!$A$4:$A$340&'ER C6 FLT4'!$B$4:$B$340-4,1),8)*IF($Z12=\"Class_6\",INDEX('ER C6 FLT4'!$A$4:$L$340,MATCH($W12&$C12,'ER C6 FLT4'!$A$4:$A$340&'ER C6 FLT4'!$B$4:$B$340-4,1),9))))),\nIF($B12=\"2 Trucks\",IF($Z12=\"Class_8\",INDEX('ER C8 FLT2'!$A$4:$J$340,MATCH($W12&$C12,'ER C8 FLT2'!$A$4:$A$340&'ER C8 FLT2'!$B$4:$B$340-4,1),8)*IF($Z12=\"Class_8\",INDEX('ER C8 FLT2'!$A$4:$J$340,MATCH($W12&$C12,'ER C8 FLT2'!$A$4:$A$340&'ER C8 FLT2'!$B$4:$B$340-4,1),9)),IF($Z12=\"Class_7\",INDEX('ER C7 FLT2'!$A$4:$J$340,MATCH($W12&$C12,'ER C7 FLT2'!$A$4:$A$340&'ER C7 FLT2'!$B$4:$B$340-4,1),8)*IF($Z12=\"Class_7\",INDEX('ER C7 FLT2'!$A$4:$J$340,MATCH($W12&$C12,'ER C7 FLT2'!$A$4:$A$340&'ER C7 FLT2'!$B$4:$B$340-4,1),9)),IF($Z12=\"Class_6\",INDEX('ER C6 FLT2'!$A$4:$J$340,MATCH($W12&$C12,'ER C6 FLT2'!$A$4:$A$340&'ER C6 FLT2'!$B$4:$B$340-4,1),8)*IF($Z12=\"Class_6\",INDEX('ER C6 FLT2'!$A$4:$J$340,MATCH($W12&$C12,'ER C6 FLT2'!$A$4:$A$340&'ER C6 FLT2'!$B$4:$B$340-4,1),9))))),\nIF($B12=\"1 Truck\",IF($Z12=\"Class_8\",INDEX('ER C8 FLT1'!$A$4:$J$340,MATCH($W12&$C12,'ER C8 FLT1'!$A$4:$A$340&'ER C8 FLT1'!$B$4:$B$340-4,1),8)*IF($Z12=\"Class_8\",INDEX('ER C8 FLT1'!$A$4:$J$340,MATCH($W12&$C12,'ER C8 FLT1'!$A$4:$A$340&'ER C8 FLT1'!$B$4:$B$340-4,1),9)),IF($Z12=\"Class_7\",INDEX('ER C7 FLT1'!$A$4:$J$340,MATCH($W12&$C12,'ER C7 FLT1'!$A$4:$A$340&'ER C7 FLT1'!$B$4:$B$340-4,1),8)*IF($Z12=\"Class_7\",INDEX('ER C7 FLT1'!$A$4:$J$340,MATCH($W12&$C12,'ER C7 FLT1'!$A$4:$A$340&'ER C7 FLT1'!$B$4:$B$340-4,1),9)),IF($Z12=\"Class_6\",INDEX('ER C6 FLT1'!$A$4:$J$340,MATCH($W12&$C12,'ER C6 FLT1'!$A$4:$A$340&'ER C6 FLT1'!$B$4:$B$340-4,1),8)*IF($Z12=\"Class_6\",INDEX('ER C6 FLT1'!$A$4:$J$340,MATCH($W12&$C12,'ER C6 FLT1'!$A$4:$A$340&'ER C6 FLT1'!$B$4:$B$340-4,1),9))))),IF($B12=\"3 Trucks\",IF($Z12=\"Class_8\",INDEX('ER C8 FLT3'!$A$4:$J$340,MATCH($W12&$C12,'ER C8 FLT3'!$A$4:$A$340&'ER C8 FLT3'!$B$4:$B$340-4,1),8)*IF($Z12=\"Class_8\",INDEX('ER C8 FLT3'!$A$4:$J$340,MATCH($W12&$C12,'ER C8 FLT3'!$A$4:$A$340&'ER C8 FLT3'!$B$4:$B$340-4,1),9)),IF($Z12=\"Class_7\",INDEX('ER C7 FLT3'!$A$4:$J$340,MATCH($W12&$C12,'ER C7 FLT3'!$A$4:$A$340&'ER C7 FLT3'!$B$4:$B$340-4,1),8)*IF($Z12=\"Class_7\",INDEX('ER C7 FLT3'!$A$4:$J$340,MATCH($W12&$C12,'ER C7 FLT3'!$A$4:$A$340&'ER C7 FLT3'!$B$4:$B$340-4,1),9)),IF($Z12=\"Class_6\",INDEX('ER C6 FLT3'!$A$4:$J$340,MATCH($W12&$C12,'ER C6 FLT3'!$A$4:$A$340&'ER C6 FLT3'!$B$4:$B$340-4,1),8)*IF($Z12=\"Class_6\",INDEX('ER C6 FLT3'!$A$4:$L$340,MATCH($W12&$C12,'ER C6 FLT3'!$A$4:$A$340&'ER C6 FLT3'!$B$4:$B$340-4,1),9)))))))))\n*IF($X12=\"Level 1 PM\",0.75,IF($X12=\"Level 2 PM\",0.5,IF($X12=\"Level 3 PM\",0,IF($X12=\"Level 3 PM + Mark I NOx\",0,1))))*($AC12/453.6)-IF(BR12=0,AZ12,0)),0)","v":0},{"$f":"MAX(0,BR12+BS12)","v":0},{"$f":"(MAX(0,BH12+BK12+BN12+BQ12+BT12))","v":0},{"$f":"IF($B12=\"4+ Trucks\",IF(OR($H12=\"Class_8\",$N12=\"Replacement8HHD\",$AH12=\"CL7HHD\",$AJ12=\"CL7to8\"),INDEX('ER C8 FLT4'!$A$4:$J$340,MATCH($E12&$C12,'ER C8 FLT4'!$A$4:$A$340&'ER C8 FLT4'!$B$4:$B$340,1),5)*IF(OR($H12=\"Class_8\",$N12=\"Replacement8HHD\",$AH12=\"CL7HHD\",$AJ12=\"CL7to8\"),INDEX('ER C8 FLT4'!$A$4:$J$340,MATCH($E12&$C12,'ER C8 FLT4'!$A$4:$A$340&'ER C8 FLT4'!$B$4:$B$340,1),7)),IF($H12=\"Class_7\",INDEX('ER C7 FLT4'!$A$4:$J$340,MATCH($E12&$C12,'ER C7 FLT4'!$A$4:$A$340&'ER C7 FLT4'!$B$4:$B$340,1),5)*IF($H12=\"Class_7\",INDEX('ER C7 FLT4'!$A$4:$J$340,MATCH($E12&$C12,'ER C7 FLT4'!$A$4:$A$340&'ER C7 FLT4'!$B$4:$B$340,1),7)),\nIF($H12=\"Class_6\",INDEX('ER C6 FLT4'!$A$4:$J$340,MATCH($E12&$C12,'ER C6 FLT4'!$A$4:$A$340&'ER C6 FLT4'!$B$4:$B$340,1),5)*IF($H12=\"Class_6\",INDEX('ER C6 FLT4'!$A$4:$L$340,MATCH($E12&$C12,'ER C6 FLT4'!$A$4:$A$340&'ER C6 FLT4'!$B$4:$B$340,1),7))))),\nIF($B12=\"3 Trucks\",IF(OR($H12=\"Class_8\",$N12=\"Replacement8HHD\",$AH12=\"CL7HHD\",$AJ12=\"CL7to8\"),INDEX('ER C8 FLT3'!$A$4:$J$340,MATCH($E12&$C12,'ER C8 FLT3'!$A$4:$A$340&'ER C8 FLT3'!$B$4:$B$340,1),5)*IF(OR($H12=\"Class_8\",$N12=\"Replacement8HHD\",$AH12=\"CL7HHD\",$AJ12=\"CL7to8\"),INDEX('ER C8 FLT3'!$A$4:$J$340,MATCH($E12&$C12,'ER C8 FLT3'!$A$4:$A$340&'ER C8 FLT3'!$B$4:$B$340,1),7)),IF($H12=\"Class_7\",INDEX('ER C7 FLT3'!$A$4:$J$340,MATCH($E12&$C12,'ER C7 FLT3'!$A$4:$A$340&'ER C7 FLT3'!$B$4:$B$340,1),5)*IF($H12=\"Class_7\",INDEX('ER C7 FLT3'!$A$4:$J$340,MATCH($E12&$C12,'ER C7 FLT3'!$A$4:$A$340&'ER C7 FLT3'!$B$4:$B$340,1),7)),\nIF($H12=\"Class_6\",INDEX('ER C6 FLT3'!$A$4:$J$340,MATCH($E12&$C12,'ER C6 FLT3'!$A$4:$A$340&'ER C6 FLT3'!$B$4:$B$340,1),5)*IF($H12=\"Class_6\",INDEX('ER C6 FLT3'!$A$4:$L$340,MATCH($E12&$C12,'ER C6 FLT3'!$A$4:$A$340&'ER C6 FLT3'!$B$4:$B$340,1),7))))),\nIF($B12=\"2 Trucks\",IF(OR($H12=\"Class_8\",$N12=\"Replacement8HHD\",$AH12=\"CL7HHD\",$AJ12=\"CL7to8\"),INDEX('ER C8 FLT2'!$A$4:$J$340,MATCH($E12&$C12,'ER C8 FLT2'!$A$4:$A$340&'ER C8 FLT2'!$B$4:$B$340,1),5)*IF(OR($H12=\"Class_8\",$N12=\"Replacement8HHD\",$AH12=\"CL7HHD\",$AJ12=\"CL7to8\"),INDEX('ER C8 FLT2'!$A$4:$J$340,MATCH($E12&$C12,'ER C8 FLT2'!$A$4:$A$340&'ER C8 FLT2'!$B$4:$B$340,1),7)),IF($H12=\"Class_7\",INDEX('ER C7 FLT2'!$A$4:$J$340,MATCH($E12&$C12,'ER C7 FLT2'!$A$4:$A$340&'ER C7 FLT2'!$B$4:$B$340,1),5)*IF($H12=\"Class_7\",INDEX('ER C7 FLT2'!$A$4:$J$340,MATCH($E12&$C12,'ER C7 FLT2'!$A$4:$A$340&'ER C7 FLT2'!$B$4:$B$340,1),7)),IF($H12=\"Class_6\",INDEX('ER C6 FLT2'!$A$4:$J$340,MATCH($E12&$C12,'ER C6 FLT2'!$A$4:$A$340&'ER C6 FLT2'!$B$4:$B$340,1),5)*IF($H12=\"Class_6\",INDEX('ER C6 FLT2'!$A$4:$J$340,MATCH($E12&$C12,'ER C6 FLT2'!$A$4:$A$340&'ER C6 FLT2'!$B$4:$B$340,1),7))))),IF($B12=\"1 Truck\",\nIF(OR($H12=\"Class_8\",$N12=\"Replacement8HHD\",$AH12=\"CL7HHD\",$AJ12=\"CL7to8\"),INDEX('ER C8 FLT1'!$A$4:$J$340,MATCH($E12&$C12,'ER C8 FLT1'!$A$4:$A$340&'ER C8 FLT1'!$B$4:$B$340,1),5)*IF(OR($H12=\"Class_8\",$N12=\"Replacement8HHD\",$AH12=\"CL7HHD\",$AJ12=\"CL7to8\"),INDEX('ER C8 FLT1'!$A$4:$J$340,MATCH($E12&$C12,'ER C8 FLT1'!$A$4:$A$340&'ER C8 FLT1'!$B$4:$B$340,1),7)),IF($H12=\"Class_7\",INDEX('ER C7 FLT1'!$A$4:$J$340,MATCH($E12&$C12,'ER C7 FLT1'!$A$4:$A$340&'ER C7 FLT1'!$B$4:$B$340,1),5)*IF($H12=\"Class_7\",INDEX('ER C7 FLT1'!$A$4:$J$340,MATCH($E12&$C12,'ER C7 FLT1'!$A$4:$A$340&'ER C7 FLT1'!$B$4:$B$340,1),7)),\nIF($H12=\"Class_6\",INDEX('ER C6 FLT1'!$A$4:$J$340,MATCH($E12&$C12,'ER C6 FLT1'!$A$4:$A$340&'ER C6 FLT1'!$B$4:$B$340,1),5)*IF($H12=\"Class_6\",INDEX('ER C6 FLT1'!$A$4:$J$340,MATCH($E12&$C12,'ER C6 FLT1'!$A$4:$A$340&'ER C6 FLT1'!$B$4:$B$340,1),7))))))))*IF($F12=\"Level 1 PM + Mark I NOx\",0.75,1))*($Q12/453.6)","v":0},{"$f":"IF($B12=\"4+ Trucks\",IF(OR($H12=\"Class_8\",$N12=\"Replacement8HHD\",$AH12=\"CL7HHD\",$AJ12=\"CL7to8\"),INDEX('ER C8 FLT4'!$A$4:$J$340,MATCH($E12&$C12,'ER C8 FLT4'!$A$4:$A$340&'ER C8 FLT4'!$B$4:$B$340-1,1),5)*IF(OR($H12=\"Class_8\",$N12=\"Replacement8HHD\",$AH12=\"CL7HHD\",$AJ12=\"CL7to8\"),INDEX('ER C8 FLT4'!$A$4:$J$340,MATCH($E12&$C12,'ER C8 FLT4'!$A$4:$A$340&'ER C8 FLT4'!$B$4:$B$340-1,1),7)),IF($H12=\"Class_7\",INDEX('ER C7 FLT4'!$A$4:$J$340,MATCH($E12&$C12,'ER C7 FLT4'!$A$4:$A$340&'ER C7 FLT4'!$B$4:$B$340-1,1),5)*IF($H12=\"Class_7\",INDEX('ER C7 FLT4'!$A$4:$J$340,MATCH($E12&$C12,'ER C7 FLT4'!$A$4:$A$340&'ER C7 FLT4'!$B$4:$B$340-1,1),7)),\nIF($H12=\"Class_6\",INDEX('ER C6 FLT4'!$A$4:$J$340,MATCH($E12&$C12,'ER C6 FLT4'!$A$4:$A$340&'ER C6 FLT4'!$B$4:$B$340-1,1),5)*IF($H12=\"Class_6\",INDEX('ER C6 FLT4'!$A$4:$L$340,MATCH($E12&$C12,'ER C6 FLT4'!$A$4:$A$340&'ER C6 FLT4'!$B$4:$B$340-1,1),7))))),IF($B12=\"3 Trucks\",IF(OR($H12=\"Class_8\",$N12=\"Replacement8HHD\",$AH12=\"CL7HHD\",$AJ12=\"CL7to8\"),INDEX('ER C8 FLT3'!$A$4:$J$340,MATCH($E12&$C12,'ER C8 FLT3'!$A$4:$A$340&'ER C8 FLT3'!$B$4:$B$340-1,1),5)*IF(OR($H12=\"Class_8\",$N12=\"Replacement8HHD\",$AH12=\"CL7HHD\",$AJ12=\"CL7to8\"),INDEX('ER C8 FLT3'!$A$4:$J$340,MATCH($E12&$C12,'ER C8 FLT3'!$A$4:$A$340&'ER C8 FLT3'!$B$4:$B$340-1,1),7)),IF($H12=\"Class_7\",INDEX('ER C7 FLT3'!$A$4:$J$340,MATCH($E12&$C12,'ER C7 FLT3'!$A$4:$A$340&'ER C7 FLT3'!$B$4:$B$340-1,1),5)*IF($H12=\"Class_7\",INDEX('ER C7 FLT3'!$A$4:$J$340,MATCH($E12&$C12,'ER C7 FLT3'!$A$4:$A$340&'ER C7 FLT3'!$B$4:$B$340-1,1),7)),\nIF($H12=\"Class_6\",INDEX('ER C6 FLT3'!$A$4:$J$340,MATCH($E12&$C12,'ER C6 FLT3'!$A$4:$A$340&'ER C6 FLT3'!$B$4:$B$340-1,1),5)*IF($H12=\"Class_6\",INDEX('ER C6 FLT3'!$A$4:$L$340,MATCH($E12&$C12,'ER C6 FLT3'!$A$4:$A$340&'ER C6 FLT3'!$B$4:$B$340-1,1),7))))),IF($B12=\"2 Trucks\",IF(OR($H12=\"Class_8\",$N12=\"Replacement8HHD\",$AH12=\"CL7HHD\",$AJ12=\"CL7to8\"),INDEX('ER C8 FLT2'!$A$4:$J$340,MATCH($E12&$C12,'ER C8 FLT2'!$A$4:$A$340&'ER C8 FLT2'!$B$4:$B$340-1,1),5)*IF(OR($H12=\"Class_8\",$N12=\"Replacement8HHD\",$AH12=\"CL7HHD\",$AJ12=\"CL7to8\"),INDEX('ER C8 FLT2'!$A$4:$J$340,MATCH($E12&$C12,'ER C8 FLT2'!$A$4:$A$340&'ER C8 FLT2'!$B$4:$B$340-1,1),7)),IF($H12=\"Class_7\",INDEX('ER C7 FLT2'!$A$4:$J$340,MATCH($E12&$C12,'ER C7 FLT2'!$A$4:$A$340&'ER C7 FLT2'!$B$4:$B$340-1,1),5)*IF($H12=\"Class_7\",INDEX('ER C7 FLT2'!$A$4:$J$340,MATCH($E12&$C12,'ER C7 FLT2'!$A$4:$A$340&'ER C7 FLT2'!$B$4:$B$340-1,1),7)),IF($H12=\"Class_6\",INDEX('ER C6 FLT2'!$A$4:$J$340,MATCH($E12&$C12,'ER C6 FLT2'!$A$4:$A$340&'ER C6 FLT2'!$B$4:$B$340-1,1),5)*IF($H12=\"Class_6\",INDEX('ER C6 FLT2'!$A$4:$J$340,MATCH($E12&$C12,'ER C6 FLT2'!$A$4:$A$340&'ER C6 FLT2'!$B$4:$B$340-1,1),7))))),IF($B12=\"1 Truck\",\nIF(OR($H12=\"Class_8\",$N12=\"Replacement8HHD\",$AH12=\"CL7HHD\",$AJ12=\"CL7to8\"),INDEX('ER C8 FLT1'!$A$4:$J$340,MATCH($E12&$C12,'ER C8 FLT1'!$A$4:$A$340&'ER C8 FLT1'!$B$4:$B$340-1,1),5)*IF(OR($H12=\"Class_8\",$N12=\"Replacement8HHD\",$AH12=\"CL7HHD\",$AJ12=\"CL7to8\"),INDEX('ER C8 FLT1'!$A$4:$J$340,MATCH($E12&$C12,'ER C8 FLT1'!$A$4:$A$340&'ER C8 FLT1'!$B$4:$B$340-1,1),7)),IF($H12=\"Class_7\",INDEX('ER C7 FLT1'!$A$4:$J$340,MATCH($E12&$C12,'ER C7 FLT1'!$A$4:$A$340&'ER C7 FLT1'!$B$4:$B$340-1,1),5)*IF($H12=\"Class_7\",INDEX('ER C7 FLT1'!$A$4:$J$340,MATCH($E12&$C12,'ER C7 FLT1'!$A$4:$A$340&'ER C7 FLT1'!$B$4:$B$340-1,1),7)),\nIF($H12=\"Class_6\",INDEX('ER C6 FLT1'!$A$4:$J$340,MATCH($E12&$C12,'ER C6 FLT1'!$A$4:$A$340&'ER C6 FLT1'!$B$4:$B$340-1,1),5)*IF($H12=\"Class_6\",INDEX('ER C6 FLT1'!$A$4:$J$340,MATCH($E12&$C12,'ER C6 FLT1'!$A$4:$A$340&'ER C6 FLT1'!$B$4:$B$340-1,1),7))))))))*IF($F12=\"Level 1 PM + Mark I NOx\",0.75,1))*($Q12/453.6)","v":0},{"$f":"IF($B12=\"4+ Trucks\",IF(OR($H12=\"Class_8\",$N12=\"Replacement8HHD\",$AH12=\"CL7HHD\",$AJ12=\"CL7to8\"),INDEX('ER C8 FLT4'!$A$4:$J$340,MATCH($E12&$C12,'ER C8 FLT4'!$A$4:$A$340&'ER C8 FLT4'!$B$4:$B$340-2,1),5)*IF(OR($H12=\"Class_8\",$N12=\"Replacement8HHD\",$AH12=\"CL7HHD\",$AJ12=\"CL7to8\"),INDEX('ER C8 FLT4'!$A$4:$J$340,MATCH($E12&$C12,'ER C8 FLT4'!$A$4:$A$340&'ER C8 FLT4'!$B$4:$B$340-2,1),7)),IF($H12=\"Class_7\",INDEX('ER C7 FLT4'!$A$4:$J$340,MATCH($E12&$C12,'ER C7 FLT4'!$A$4:$A$340&'ER C7 FLT4'!$B$4:$B$340-2,1),5)*IF($H12=\"Class_7\",INDEX('ER C7 FLT4'!$A$4:$J$340,MATCH($E12&$C12,'ER C7 FLT4'!$A$4:$A$340&'ER C7 FLT4'!$B$4:$B$340-2,1),7)),\nIF($H12=\"Class_6\",INDEX('ER C6 FLT4'!$A$4:$J$340,MATCH($E12&$C12,'ER C6 FLT4'!$A$4:$A$340&'ER C6 FLT4'!$B$4:$B$340-2,1),5)*IF($H12=\"Class_6\",INDEX('ER C6 FLT4'!$A$4:$L$340,MATCH($E12&$C12,'ER C6 FLT4'!$A$4:$A$340&'ER C6 FLT4'!$B$4:$B$340-2,1),7))))),IF($B12=\"3 Trucks\",IF(OR($H12=\"Class_8\",$N12=\"Replacement8HHD\",$AH12=\"CL7HHD\",$AJ12=\"CL7to8\"),INDEX('ER C8 FLT3'!$A$4:$J$340,MATCH($E12&$C12,'ER C8 FLT3'!$A$4:$A$340&'ER C8 FLT3'!$B$4:$B$340-2,1),5)*IF(OR($H12=\"Class_8\",$N12=\"Replacement8HHD\",$AH12=\"CL7HHD\",$AJ12=\"CL7to8\"),INDEX('ER C8 FLT3'!$A$4:$J$340,MATCH($E12&$C12,'ER C8 FLT3'!$A$4:$A$340&'ER C8 FLT3'!$B$4:$B$340-2,1),7)),IF($H12=\"Class_7\",INDEX('ER C7 FLT3'!$A$4:$J$340,MATCH($E12&$C12,'ER C7 FLT3'!$A$4:$A$340&'ER C7 FLT3'!$B$4:$B$340-2,1),5)*IF($H12=\"Class_7\",INDEX('ER C7 FLT3'!$A$4:$J$340,MATCH($E12&$C12,'ER C7 FLT3'!$A$4:$A$340&'ER C7 FLT3'!$B$4:$B$340-2,1),7)),\nIF($H12=\"Class_6\",INDEX('ER C6 FLT3'!$A$4:$J$340,MATCH($E12&$C12,'ER C6 FLT3'!$A$4:$A$340&'ER C6 FLT3'!$B$4:$B$340-2,1),5)*IF($H12=\"Class_6\",INDEX('ER C6 FLT3'!$A$4:$L$340,MATCH($E12&$C12,'ER C6 FLT3'!$A$4:$A$340&'ER C6 FLT3'!$B$4:$B$340-2,1),7))))),IF($B12=\"2 Trucks\",IF(OR($H12=\"Class_8\",$N12=\"Replacement8HHD\",$AH12=\"CL7HHD\",$AJ12=\"CL7to8\"),INDEX('ER C8 FLT2'!$A$4:$J$340,MATCH($E12&$C12,'ER C8 FLT2'!$A$4:$A$340&'ER C8 FLT2'!$B$4:$B$340-2,1),5)*IF(OR($H12=\"Class_8\",$N12=\"Replacement8HHD\",$AH12=\"CL7HHD\",$AJ12=\"CL7to8\"),INDEX('ER C8 FLT2'!$A$4:$J$340,MATCH($E12&$C12,'ER C8 FLT2'!$A$4:$A$340&'ER C8 FLT2'!$B$4:$B$340-2,1),7)),IF($H12=\"Class_7\",INDEX('ER C7 FLT2'!$A$4:$J$340,MATCH($E12&$C12,'ER C7 FLT2'!$A$4:$A$340&'ER C7 FLT2'!$B$4:$B$340-2,1),5)*IF($H12=\"Class_7\",INDEX('ER C7 FLT2'!$A$4:$J$340,MATCH($E12&$C12,'ER C7 FLT2'!$A$4:$A$340&'ER C7 FLT2'!$B$4:$B$340-2,1),7)),IF($H12=\"Class_6\",INDEX('ER C6 FLT2'!$A$4:$J$340,MATCH($E12&$C12,'ER C6 FLT2'!$A$4:$A$340&'ER C6 FLT2'!$B$4:$B$340-2,1),5)*IF($H12=\"Class_6\",INDEX('ER C6 FLT2'!$A$4:$J$340,MATCH($E12&$C12,'ER C6 FLT2'!$A$4:$A$340&'ER C6 FLT2'!$B$4:$B$340-2,1),7))))),IF($B12=\"1 Truck\",\nIF(OR($H12=\"Class_8\",$N12=\"Replacement8HHD\",$AH12=\"CL7HHD\",$AJ12=\"CL7to8\"),INDEX('ER C8 FLT1'!$A$4:$J$340,MATCH($E12&$C12,'ER C8 FLT1'!$A$4:$A$340&'ER C8 FLT1'!$B$4:$B$340-2,1),5)*IF(OR($H12=\"Class_8\",$N12=\"Replacement8HHD\",$AH12=\"CL7HHD\",$AJ12=\"CL7to8\"),INDEX('ER C8 FLT1'!$A$4:$J$340,MATCH($E12&$C12,'ER C8 FLT1'!$A$4:$A$340&'ER C8 FLT1'!$B$4:$B$340-2,1),7)),IF($H12=\"Class_7\",INDEX('ER C7 FLT1'!$A$4:$J$340,MATCH($E12&$C12,'ER C7 FLT1'!$A$4:$A$340&'ER C7 FLT1'!$B$4:$B$340-2,1),5)*IF($H12=\"Class_7\",INDEX('ER C7 FLT1'!$A$4:$J$340,MATCH($E12&$C12,'ER C7 FLT1'!$A$4:$A$340&'ER C7 FLT1'!$B$4:$B$340-2,1),7)),\nIF($H12=\"Class_6\",INDEX('ER C6 FLT1'!$A$4:$J$340,MATCH($E12&$C12,'ER C6 FLT1'!$A$4:$A$340&'ER C6 FLT1'!$B$4:$B$340-2,1),5)*IF($H12=\"Class_6\",INDEX('ER C6 FLT1'!$A$4:$J$340,MATCH($E12&$C12,'ER C6 FLT1'!$A$4:$A$340&'ER C6 FLT1'!$B$4:$B$340-2,1),7))))))))*IF($F12=\"Level 1 PM + Mark I NOx\",0.75,1))*($Q12/453.6)","v":0},{"$f":"IF($B12=\"4+ Trucks\",IF(OR($H12=\"Class_8\",$N12=\"Replacement8HHD\",$AH12=\"CL7HHD\",$AJ12=\"CL7to8\"),INDEX('ER C8 FLT4'!$A$4:$J$340,MATCH($E12&$C12,'ER C8 FLT4'!$A$4:$A$340&'ER C8 FLT4'!$B$4:$B$340-3,1),5)*IF(OR($H12=\"Class_8\",$N12=\"Replacement8HHD\",$AH12=\"CL7HHD\",$AJ12=\"CL7to8\"),INDEX('ER C8 FLT4'!$A$4:$J$340,MATCH($E12&$C12,'ER C8 FLT4'!$A$4:$A$340&'ER C8 FLT4'!$B$4:$B$340-3,1),7)),IF($H12=\"Class_7\",INDEX('ER C7 FLT4'!$A$4:$J$340,MATCH($E12&$C12,'ER C7 FLT4'!$A$4:$A$340&'ER C7 FLT4'!$B$4:$B$340-3,1),5)*IF($H12=\"Class_7\",INDEX('ER C7 FLT4'!$A$4:$J$340,MATCH($E12&$C12,'ER C7 FLT4'!$A$4:$A$340&'ER C7 FLT4'!$B$4:$B$340-3,1),7)),\nIF($H12=\"Class_6\",INDEX('ER C6 FLT4'!$A$4:$J$340,MATCH($E12&$C12,'ER C6 FLT4'!$A$4:$A$340&'ER C6 FLT4'!$B$4:$B$340-3,1),5)*IF($H12=\"Class_6\",INDEX('ER C6 FLT4'!$A$4:$L$340,MATCH($E12&$C12,'ER C6 FLT4'!$A$4:$A$340&'ER C6 FLT4'!$B$4:$B$340-3,1),7))))),IF($B12=\"3 Trucks\",IF(OR($H12=\"Class_8\",$N12=\"Replacement8HHD\",$AH12=\"CL7HHD\",$AJ12=\"CL7to8\"),INDEX('ER C8 FLT3'!$A$4:$J$340,MATCH($E12&$C12,'ER C8 FLT3'!$A$4:$A$340&'ER C8 FLT3'!$B$4:$B$340-3,1),5)*IF(OR($H12=\"Class_8\",$N12=\"Replacement8HHD\",$AH12=\"CL7HHD\",$AJ12=\"CL7to8\"),INDEX('ER C8 FLT3'!$A$4:$J$340,MATCH($E12&$C12,'ER C8 FLT3'!$A$4:$A$340&'ER C8 FLT3'!$B$4:$B$340-3,1),7)),IF($H12=\"Class_7\",INDEX('ER C7 FLT3'!$A$4:$J$340,MATCH($E12&$C12,'ER C7 FLT3'!$A$4:$A$340&'ER C7 FLT3'!$B$4:$B$340-3,1),5)*IF($H12=\"Class_7\",INDEX('ER C7 FLT3'!$A$4:$J$340,MATCH($E12&$C12,'ER C7 FLT3'!$A$4:$A$340&'ER C7 FLT3'!$B$4:$B$340-3,1),7)),\nIF($H12=\"Class_6\",INDEX('ER C6 FLT3'!$A$4:$J$340,MATCH($E12&$C12,'ER C6 FLT3'!$A$4:$A$340&'ER C6 FLT3'!$B$4:$B$340-3,1),5)*IF($H12=\"Class_6\",INDEX('ER C6 FLT3'!$A$4:$L$340,MATCH($E12&$C12,'ER C6 FLT3'!$A$4:$A$340&'ER C6 FLT3'!$B$4:$B$340-3,1),7))))),IF($B12=\"2 Trucks\",IF(OR($H12=\"Class_8\",$N12=\"Replacement8HHD\",$AH12=\"CL7HHD\",$AJ12=\"CL7to8\"),INDEX('ER C8 FLT2'!$A$4:$J$340,MATCH($E12&$C12,'ER C8 FLT2'!$A$4:$A$340&'ER C8 FLT2'!$B$4:$B$340-3,1),5)*IF(OR($H12=\"Class_8\",$N12=\"Replacement8HHD\",$AH12=\"CL7HHD\",$AJ12=\"CL7to8\"),INDEX('ER C8 FLT2'!$A$4:$J$340,MATCH($E12&$C12,'ER C8 FLT2'!$A$4:$A$340&'ER C8 FLT2'!$B$4:$B$340-3,1),7)),IF($H12=\"Class_7\",INDEX('ER C7 FLT2'!$A$4:$J$340,MATCH($E12&$C12,'ER C7 FLT2'!$A$4:$A$340&'ER C7 FLT2'!$B$4:$B$340-3,1),5)*IF($H12=\"Class_7\",INDEX('ER C7 FLT2'!$A$4:$J$340,MATCH($E12&$C12,'ER C7 FLT2'!$A$4:$A$340&'ER C7 FLT2'!$B$4:$B$340-3,1),7)),IF($H12=\"Class_6\",INDEX('ER C6 FLT2'!$A$4:$J$340,MATCH($E12&$C12,'ER C6 FLT2'!$A$4:$A$340&'ER C6 FLT2'!$B$4:$B$340-3,1),5)*IF($H12=\"Class_6\",INDEX('ER C6 FLT2'!$A$4:$J$340,MATCH($E12&$C12,'ER C6 FLT2'!$A$4:$A$340&'ER C6 FLT2'!$B$4:$B$340-3,1),7))))),IF($B12=\"1 Truck\",\nIF(OR($H12=\"Class_8\",$N12=\"Replacement8HHD\",$AH12=\"CL7HHD\",$AJ12=\"CL7to8\"),INDEX('ER C8 FLT1'!$A$4:$J$340,MATCH($E12&$C12,'ER C8 FLT1'!$A$4:$A$340&'ER C8 FLT1'!$B$4:$B$340-3,1),5)*IF(OR($H12=\"Class_8\",$N12=\"Replacement8HHD\",$AH12=\"CL7HHD\",$AJ12=\"CL7to8\"),INDEX('ER C8 FLT1'!$A$4:$J$340,MATCH($E12&$C12,'ER C8 FLT1'!$A$4:$A$340&'ER C8 FLT1'!$B$4:$B$340-3,1),7)),IF($H12=\"Class_7\",INDEX('ER C7 FLT1'!$A$4:$J$340,MATCH($E12&$C12,'ER C7 FLT1'!$A$4:$A$340&'ER C7 FLT1'!$B$4:$B$340-3,1),5)*IF($H12=\"Class_7\",INDEX('ER C7 FLT1'!$A$4:$J$340,MATCH($E12&$C12,'ER C7 FLT1'!$A$4:$A$340&'ER C7 FLT1'!$B$4:$B$340-3,1),7)),\nIF($H12=\"Class_6\",INDEX('ER C6 FLT1'!$A$4:$J$340,MATCH($E12&$C12,'ER C6 FLT1'!$A$4:$A$340&'ER C6 FLT1'!$B$4:$B$340-3,1),5)*IF($H12=\"Class_6\",INDEX('ER C6 FLT1'!$A$4:$J$340,MATCH($E12&$C12,'ER C6 FLT1'!$A$4:$A$340&'ER C6 FLT1'!$B$4:$B$340-3,1),7))))))))*IF($F12=\"Level 1 PM + Mark I NOx\",0.75,1))*($Q12/453.6)","v":0},{"$f":"IF($B12=\"4+ Trucks\",IF(OR($H12=\"Class_8\",$N12=\"Replacement8HHD\",$AH12=\"CL7HHD\",$AJ12=\"CL7to8\"),INDEX('ER C8 FLT4'!$A$4:$J$340,MATCH($E12&$C12,'ER C8 FLT4'!$A$4:$A$340&'ER C8 FLT4'!$B$4:$B$340-4,1),5)*IF(OR($H12=\"Class_8\",$N12=\"Replacement8HHD\",$AH12=\"CL7HHD\",$AJ12=\"CL7to8\"),INDEX('ER C8 FLT4'!$A$4:$J$340,MATCH($E12&$C12,'ER C8 FLT4'!$A$4:$A$340&'ER C8 FLT4'!$B$4:$B$340-4,1),7)),IF($H12=\"Class_7\",INDEX('ER C7 FLT4'!$A$4:$J$340,MATCH($E12&$C12,'ER C7 FLT4'!$A$4:$A$340&'ER C7 FLT4'!$B$4:$B$340-4,1),5)*IF($H12=\"Class_7\",INDEX('ER C7 FLT4'!$A$4:$J$340,MATCH($E12&$C12,'ER C7 FLT4'!$A$4:$A$340&'ER C7 FLT4'!$B$4:$B$340-4,1),7)),\nIF($H12=\"Class_6\",INDEX('ER C6 FLT4'!$A$4:$J$340,MATCH($E12&$C12,'ER C6 FLT4'!$A$4:$A$340&'ER C6 FLT4'!$B$4:$B$340-4,1),5)*IF($H12=\"Class_6\",INDEX('ER C6 FLT4'!$A$4:$L$340,MATCH($E12&$C12,'ER C6 FLT4'!$A$4:$A$340&'ER C6 FLT4'!$B$4:$B$340-4,1),7))))),IF($B12=\"3 Trucks\",IF(OR($H12=\"Class_8\",$N12=\"Replacement8HHD\",$AH12=\"CL7HHD\",$AJ12=\"CL7to8\"),INDEX('ER C8 FLT3'!$A$4:$J$340,MATCH($E12&$C12,'ER C8 FLT3'!$A$4:$A$340&'ER C8 FLT3'!$B$4:$B$340-4,1),5)*IF(OR($H12=\"Class_8\",$N12=\"Replacement8HHD\",$AH12=\"CL7HHD\",$AJ12=\"CL7to8\"),INDEX('ER C8 FLT3'!$A$4:$J$340,MATCH($E12&$C12,'ER C8 FLT3'!$A$4:$A$340&'ER C8 FLT3'!$B$4:$B$340-4,1),7)),IF($H12=\"Class_7\",INDEX('ER C7 FLT3'!$A$4:$J$340,MATCH($E12&$C12,'ER C7 FLT3'!$A$4:$A$340&'ER C7 FLT3'!$B$4:$B$340-4,1),5)*IF($H12=\"Class_7\",INDEX('ER C7 FLT3'!$A$4:$J$340,MATCH($E12&$C12,'ER C7 FLT3'!$A$4:$A$340&'ER C7 FLT3'!$B$4:$B$340-4,1),7)),\nIF($H12=\"Class_6\",INDEX('ER C6 FLT3'!$A$4:$J$340,MATCH($E12&$C12,'ER C6 FLT3'!$A$4:$A$340&'ER C6 FLT3'!$B$4:$B$340-4,1),5)*IF($H12=\"Class_6\",INDEX('ER C6 FLT3'!$A$4:$L$340,MATCH($E12&$C12,'ER C6 FLT3'!$A$4:$A$340&'ER C6 FLT3'!$B$4:$B$340-4,1),7))))),IF($B12=\"2 Trucks\",IF(OR($H12=\"Class_8\",$N12=\"Replacement8HHD\",$AH12=\"CL7HHD\",$AJ12=\"CL7to8\"),INDEX('ER C8 FLT2'!$A$4:$J$340,MATCH($E12&$C12,'ER C8 FLT2'!$A$4:$A$340&'ER C8 FLT2'!$B$4:$B$340-4,1),5)*IF(OR($H12=\"Class_8\",$N12=\"Replacement8HHD\",$AH12=\"CL7HHD\",$AJ12=\"CL7to8\"),INDEX('ER C8 FLT2'!$A$4:$J$340,MATCH($E12&$C12,'ER C8 FLT2'!$A$4:$A$340&'ER C8 FLT2'!$B$4:$B$340-4,1),7)),IF($H12=\"Class_7\",INDEX('ER C7 FLT2'!$A$4:$J$340,MATCH($E12&$C12,'ER C7 FLT2'!$A$4:$A$340&'ER C7 FLT2'!$B$4:$B$340-4,1),5)*IF($H12=\"Class_7\",INDEX('ER C7 FLT2'!$A$4:$J$340,MATCH($E12&$C12,'ER C7 FLT2'!$A$4:$A$340&'ER C7 FLT2'!$B$4:$B$340-4,1),7)),IF($H12=\"Class_6\",INDEX('ER C6 FLT2'!$A$4:$J$340,MATCH($E12&$C12,'ER C6 FLT2'!$A$4:$A$340&'ER C6 FLT2'!$B$4:$B$340-4,1),5)*IF($H12=\"Class_6\",INDEX('ER C6 FLT2'!$A$4:$J$340,MATCH($E12&$C12,'ER C6 FLT2'!$A$4:$A$340&'ER C6 FLT2'!$B$4:$B$340-4,1),7))))),IF($B12=\"1 Truck\",\nIF(OR($H12=\"Class_8\",$N12=\"Replacement8HHD\",$AH12=\"CL7HHD\",$AJ12=\"CL7to8\"),INDEX('ER C8 FLT1'!$A$4:$J$340,MATCH($E12&$C12,'ER C8 FLT1'!$A$4:$A$340&'ER C8 FLT1'!$B$4:$B$340-4,1),5)*IF(OR($H12=\"Class_8\",$N12=\"Replacement8HHD\",$AH12=\"CL7HHD\",$AJ12=\"CL7to8\"),INDEX('ER C8 FLT1'!$A$4:$J$340,MATCH($E12&$C12,'ER C8 FLT1'!$A$4:$A$340&'ER C8 FLT1'!$B$4:$B$340-4,1),7)),IF($H12=\"Class_7\",INDEX('ER C7 FLT1'!$A$4:$J$340,MATCH($E12&$C12,'ER C7 FLT1'!$A$4:$A$340&'ER C7 FLT1'!$B$4:$B$340-4,1),5)*IF($H12=\"Class_7\",INDEX('ER C7 FLT1'!$A$4:$J$340,MATCH($E12&$C12,'ER C7 FLT1'!$A$4:$A$340&'ER C7 FLT1'!$B$4:$B$340-4,1),7)),\nIF($H12=\"Class_6\",INDEX('ER C6 FLT1'!$A$4:$J$340,MATCH($E12&$C12,'ER C6 FLT1'!$A$4:$A$340&'ER C6 FLT1'!$B$4:$B$340-4,1),5)*IF($H12=\"Class_6\",INDEX('ER C6 FLT1'!$A$4:$J$340,MATCH($E12&$C12,'ER C6 FLT1'!$A$4:$A$340&'ER C6 FLT1'!$B$4:$B$340-4,1),7))))))))*IF($F12=\"Level 1 PM + Mark I NOx\",0.75,1))*($Q12/453.6)","v":0},{"$f":"IF($B12=\"4+ Trucks\",IF(OR($H12=\"Class_8\",$N12=\"Replacement8HHD\",$AH12=\"CL7HHD\",$AJ12=\"CL7to8\"),INDEX('ER C8 FLT4'!$A$4:$J$340,MATCH($E12&$C12,'ER C8 FLT4'!$A$4:$A$340&'ER C8 FLT4'!$B$4:$B$340,1),5),IF($H12=\"Class_7\",INDEX('ER C7 FLT4'!$A$4:$J$340,MATCH($E12&$C12,'ER C7 FLT4'!$A$4:$A$340&'ER C7 FLT4'!$B$4:$B$340,1),5),IF($H12=\"Class_6\",INDEX('ER C6 FLT4'!$A$4:$J$340,MATCH($E12&$C12,'ER C6 FLT4'!$A$4:$A$340&'ER C6 FLT4'!$B$4:$B$340,1),5)))),\nIF($B12=\"3 Trucks\",IF(OR($H12=\"Class_8\",$N12=\"Replacement8HHD\",$AH12=\"CL7HHD\",$AJ12=\"CL7to8\"),INDEX('ER C8 FLT3'!$A$4:$J$340,MATCH($E12&$C12,'ER C8 FLT3'!$A$4:$A$340&'ER C8 FLT3'!$B$4:$B$340,1),5),IF($H12=\"Class_7\",INDEX('ER C7 FLT3'!$A$4:$J$340,MATCH($E12&$C12,'ER C7 FLT3'!$A$4:$A$340&'ER C7 FLT3'!$B$4:$B$340,1),5),IF($H12=\"Class_6\",INDEX('ER C6 FLT3'!$A$4:$J$340,MATCH($E12&$C12,'ER C6 FLT3'!$A$4:$A$340&'ER C6 FLT3'!$B$4:$B$340,1),5)))),\nIF($B12=\"2 Trucks\",IF(OR($H12=\"Class_8\",$N12=\"Replacement8HHD\",$AH12=\"CL7HHD\",$AJ12=\"CL7to8\"),INDEX('ER C8 FLT2'!$A$4:$J$340,MATCH($E12&$C12,'ER C8 FLT2'!$A$4:$A$340&'ER C8 FLT2'!$B$4:$B$340,1),5),IF($H12=\"Class_7\",INDEX('ER C7 FLT2'!$A$4:$J$340,MATCH($E12&$C12,'ER C7 FLT2'!$A$4:$A$340&'ER C7 FLT2'!$B$4:$B$340,1),5),IF($H12=\"Class_6\",INDEX('ER C6 FLT2'!$A$4:$J$340,MATCH($E12&$C12,'ER C6 FLT2'!$A$4:$A$340&'ER C6 FLT2'!$B$4:$B$340,1),5)))),IF($B12=\"1 Truck\",IF(OR($H12=\"Class_8\",$N12=\"Replacement8HHD\",$AH12=\"CL7HHD\",$AJ12=\"CL7to8\"),INDEX('ER C8 FLT1'!$A$4:$J$340,MATCH($E12&$C12,'ER C8 FLT1'!$A$4:$A$340&'ER C8 FLT1'!$B$4:$B$340,1),5),IF($H12=\"Class_7\",INDEX('ER C7 FLT1'!$A$4:$J$340,MATCH($E12&$C12,'ER C7 FLT1'!$A$4:$A$340&'ER C7 FLT1'!$B$4:$B$340,1),5),IF($H12=\"Class_6\",INDEX('ER C6 FLT1'!$A$4:$J$340,MATCH($E12&$C12,'ER C6 FLT1'!$A$4:$A$340&'ER C6 FLT1'!$B$4:$B$340,1),5)))))))\n)","v":false},{"$f":"IF($B12=\"3 Trucks\",IF(OR($H12=\"Class_8\",$N12=\"Replacement8HHD\",$AH12=\"CL7HHD\",$AJ12=\"CL7to8\"),INDEX('ER C8 FLT3'!$A$4:$J$340,MATCH($E12&$C12,'ER C8 FLT3'!$A$4:$A$340&'ER C8 FLT3'!$B$4:$B$340-1,1),5),IF($H12=\"Class_7\",INDEX('ER C7 FLT3'!$A$4:$J$340,MATCH($E12&$C12,'ER C7 FLT3'!$A$4:$A$340&'ER C7 FLT3'!$B$4:$B$340-1,1),5),IF($H12=\"Class_6\",INDEX('ER C6 FLT3'!$A$4:$J$340,MATCH($E12&$C12,'ER C6 FLT3'!$A$4:$A$340&'ER C6 FLT3'!$B$4:$B$340-1,1),5)))),IF($B12=\"2 Trucks\",IF(OR($H12=\"Class_8\",$N12=\"Replacement8HHD\",$AH12=\"CL7HHD\",$AJ12=\"CL7to8\"),INDEX('ER C8 FLT2'!$A$4:$J$340,MATCH($E12&$C12,'ER C8 FLT2'!$A$4:$A$340&'ER C8 FLT2'!$B$4:$B$340-1,1),5),IF($H12=\"Class_7\",INDEX('ER C7 FLT2'!$A$4:$J$340,MATCH($E12&$C12,'ER C7 FLT2'!$A$4:$A$340&'ER C7 FLT2'!$B$4:$B$340-1,1),5),IF($H12=\"Class_6\",INDEX('ER C6 FLT2'!$A$4:$J$340,MATCH($E12&$C12,'ER C6 FLT2'!$A$4:$A$340&'ER C6 FLT2'!$B$4:$B$340-1,1),5)))),IF($B12=\"1 Truck\",IF(OR($H12=\"Class_8\",$N12=\"Replacement8HHD\",$AH12=\"CL7HHD\",$AJ12=\"CL7to8\"),INDEX('ER C8 FLT1'!$A$4:$J$340,MATCH($E12&$C12,'ER C8 FLT1'!$A$4:$A$340&'ER C8 FLT1'!$B$4:$B$340-1,1),5),IF($H12=\"Class_7\",INDEX('ER C7 FLT1'!$A$4:$J$340,MATCH($E12&$C12,'ER C7 FLT1'!$A$4:$A$340&'ER C7 FLT1'!$B$4:$B$340-1,1),5),IF($H12=\"Class_6\",INDEX('ER C6 FLT1'!$A$4:$J$340,MATCH($E12&$C12,'ER C6 FLT1'!$A$4:$A$340&'ER C6 FLT1'!$B$4:$B$340-1,1),5)))),IF($B12=\"4+ Trucks\",IF(OR($H12=\"Class_8\",$N12=\"Replacement8HHD\",$AH12=\"CL7HHD\",$AJ12=\"CL7to8\"),INDEX('ER C8 FLT4'!$A$4:$J$340,MATCH($E12&$C12,'ER C8 FLT4'!$A$4:$A$340&'ER C8 FLT4'!$B$4:$B$340-1,1),5),IF($H12=\"Class_7\",INDEX('ER C7 FLT4'!$A$4:$J$340,MATCH($E12&$C12,'ER C7 FLT4'!$A$4:$A$340&'ER C7 FLT4'!$B$4:$B$340-1,1),5),IF($H12=\"Class_6\",INDEX('ER C6 FLT4'!$A$4:$J$340,MATCH($E12&$C12,'ER C6 FLT4'!$A$4:$A$340&'ER C6 FLT4'!$B$4:$B$340-1,1),5))))))))","v":false},{"$f":"IF($B12=\"3 Trucks\",IF(OR($H12=\"Class_8\",$N12=\"Replacement8HHD\",$AH12=\"CL7HHD\",$AJ12=\"CL7to8\"),INDEX('ER C8 FLT3'!$A$4:$J$340,MATCH($E12&$C12,'ER C8 FLT3'!$A$4:$A$340&'ER C8 FLT3'!$B$4:$B$340-2,1),5),IF($H12=\"Class_7\",INDEX('ER C7 FLT3'!$A$4:$J$340,MATCH($E12&$C12,'ER C7 FLT3'!$A$4:$A$340&'ER C7 FLT3'!$B$4:$B$340-2,1),5),IF($H12=\"Class_6\",INDEX('ER C6 FLT3'!$A$4:$J$340,MATCH($E12&$C12,'ER C6 FLT3'!$A$4:$A$340&'ER C6 FLT3'!$B$4:$B$340-2,1),5)))),IF($B12=\"2 Trucks\",IF(OR($H12=\"Class_8\",$N12=\"Replacement8HHD\",$AH12=\"CL7HHD\",$AJ12=\"CL7to8\"),INDEX('ER C8 FLT2'!$A$4:$J$340,MATCH($E12&$C12,'ER C8 FLT2'!$A$4:$A$340&'ER C8 FLT2'!$B$4:$B$340-2,1),5),IF($H12=\"Class_7\",INDEX('ER C7 FLT2'!$A$4:$J$340,MATCH($E12&$C12,'ER C7 FLT2'!$A$4:$A$340&'ER C7 FLT2'!$B$4:$B$340-2,1),5),IF($H12=\"Class_6\",INDEX('ER C6 FLT2'!$A$4:$J$340,MATCH($E12&$C12,'ER C6 FLT2'!$A$4:$A$340&'ER C6 FLT2'!$B$4:$B$340-2,1),5)))),IF($B12=\"1 Truck\",IF(OR($H12=\"Class_8\",$N12=\"Replacement8HHD\",$AH12=\"CL7HHD\",$AJ12=\"CL7to8\"),INDEX('ER C8 FLT1'!$A$4:$J$340,MATCH($E12&$C12,'ER C8 FLT1'!$A$4:$A$340&'ER C8 FLT1'!$B$4:$B$340-2,1),5),IF($H12=\"Class_7\",INDEX('ER C7 FLT1'!$A$4:$J$340,MATCH($E12&$C12,'ER C7 FLT1'!$A$4:$A$340&'ER C7 FLT1'!$B$4:$B$340-2,1),5),IF($H12=\"Class_6\",INDEX('ER C6 FLT1'!$A$4:$J$340,MATCH($E12&$C12,'ER C6 FLT1'!$A$4:$A$340&'ER C6 FLT1'!$B$4:$B$340-2,1),5)))),IF($B12=\"4+ Trucks\",IF(OR($H12=\"Class_8\",$N12=\"Replacement8HHD\",$AH12=\"CL7HHD\",$AJ12=\"CL7to8\"),INDEX('ER C8 FLT4'!$A$4:$J$340,MATCH($E12&$C12,'ER C8 FLT4'!$A$4:$A$340&'ER C8 FLT4'!$B$4:$B$340-2,1),5),IF($H12=\"Class_7\",INDEX('ER C7 FLT4'!$A$4:$J$340,MATCH($E12&$C12,'ER C7 FLT4'!$A$4:$A$340&'ER C7 FLT4'!$B$4:$B$340-2,1),5),IF($H12=\"Class_6\",INDEX('ER C6 FLT4'!$A$4:$J$340,MATCH($E12&$C12,'ER C6 FLT4'!$A$4:$A$340&'ER C6 FLT4'!$B$4:$B$340-2,1),5))))))))","v":false},{"$f":"IF($B12=\"3 Trucks\",IF(OR($H12=\"Class_8\",$N12=\"Replacement8HHD\",$AH12=\"CL7HHD\",$AJ12=\"CL7to8\"),INDEX('ER C8 FLT3'!$A$4:$J$340,MATCH($E12&$C12,'ER C8 FLT3'!$A$4:$A$340&'ER C8 FLT3'!$B$4:$B$340-3,1),5),IF($H12=\"Class_7\",INDEX('ER C7 FLT3'!$A$4:$J$340,MATCH($E12&$C12,'ER C7 FLT3'!$A$4:$A$340&'ER C7 FLT3'!$B$4:$B$340-3,1),5),IF($H12=\"Class_6\",INDEX('ER C6 FLT3'!$A$4:$J$340,MATCH($E12&$C12,'ER C6 FLT3'!$A$4:$A$340&'ER C6 FLT3'!$B$4:$B$340-3,1),5)))),IF($B12=\"2 Trucks\",IF(OR($H12=\"Class_8\",$N12=\"Replacement8HHD\",$AH12=\"CL7HHD\",$AJ12=\"CL7to8\"),INDEX('ER C8 FLT2'!$A$4:$J$340,MATCH($E12&$C12,'ER C8 FLT2'!$A$4:$A$340&'ER C8 FLT2'!$B$4:$B$340-3,1),5),IF($H12=\"Class_7\",INDEX('ER C7 FLT2'!$A$4:$J$340,MATCH($E12&$C12,'ER C7 FLT2'!$A$4:$A$340&'ER C7 FLT2'!$B$4:$B$340-3,1),5),IF($H12=\"Class_6\",INDEX('ER C6 FLT2'!$A$4:$J$340,MATCH($E12&$C12,'ER C6 FLT2'!$A$4:$A$340&'ER C6 FLT2'!$B$4:$B$340-3,1),5)))),IF($B12=\"1 Truck\",IF(OR($H12=\"Class_8\",$N12=\"Replacement8HHD\",$AH12=\"CL7HHD\",$AJ12=\"CL7to8\"),INDEX('ER C8 FLT1'!$A$4:$J$340,MATCH($E12&$C12,'ER C8 FLT1'!$A$4:$A$340&'ER C8 FLT1'!$B$4:$B$340-3,1),5),IF($H12=\"Class_7\",INDEX('ER C7 FLT1'!$A$4:$J$340,MATCH($E12&$C12,'ER C7 FLT1'!$A$4:$A$340&'ER C7 FLT1'!$B$4:$B$340-3,1),5),IF($H12=\"Class_6\",INDEX('ER C6 FLT1'!$A$4:$J$340,MATCH($E12&$C12,'ER C6 FLT1'!$A$4:$A$340&'ER C6 FLT1'!$B$4:$B$340-3,1),5)))),IF($B12=\"4+ Trucks\",IF(OR($H12=\"Class_8\",$N12=\"Replacement8HHD\",$AH12=\"CL7HHD\",$AJ12=\"CL7to8\"),INDEX('ER C8 FLT4'!$A$4:$J$340,MATCH($E12&$C12,'ER C8 FLT4'!$A$4:$A$340&'ER C8 FLT4'!$B$4:$B$340-3,1),5),IF($H12=\"Class_7\",INDEX('ER C7 FLT4'!$A$4:$J$340,MATCH($E12&$C12,'ER C7 FLT4'!$A$4:$A$340&'ER C7 FLT4'!$B$4:$B$340-3,1),5),IF($H12=\"Class_6\",INDEX('ER C6 FLT4'!$A$4:$J$340,MATCH($E12&$C12,'ER C6 FLT4'!$A$4:$A$340&'ER C6 FLT4'!$B$4:$B$340-3,1),5))))))))","v":false},{"$f":"IF($B12=\"3 Trucks\",IF(OR($H12=\"Class_8\",$N12=\"Replacement8HHD\",$AH12=\"CL7HHD\",$AJ12=\"CL7to8\"),INDEX('ER C8 FLT3'!$A$4:$J$340,MATCH($E12&$C12,'ER C8 FLT3'!$A$4:$A$340&'ER C8 FLT3'!$B$4:$B$340-4,1),5),IF($H12=\"Class_7\",INDEX('ER C7 FLT3'!$A$4:$J$340,MATCH($E12&$C12,'ER C7 FLT3'!$A$4:$A$340&'ER C7 FLT3'!$B$4:$B$340-4,1),5),IF($H12=\"Class_6\",INDEX('ER C6 FLT3'!$A$4:$J$340,MATCH($E12&$C12,'ER C6 FLT3'!$A$4:$A$340&'ER C6 FLT3'!$B$4:$B$340-4,1),5)))),IF($B12=\"2 Trucks\",IF(OR($H12=\"Class_8\",$N12=\"Replacement8HHD\",$AH12=\"CL7HHD\",$AJ12=\"CL7to8\"),INDEX('ER C8 FLT2'!$A$4:$J$340,MATCH($E12&$C12,'ER C8 FLT2'!$A$4:$A$340&'ER C8 FLT2'!$B$4:$B$340-4,1),5),IF($H12=\"Class_7\",INDEX('ER C7 FLT2'!$A$4:$J$340,MATCH($E12&$C12,'ER C7 FLT2'!$A$4:$A$340&'ER C7 FLT2'!$B$4:$B$340-4,1),5),IF($H12=\"Class_6\",INDEX('ER C6 FLT2'!$A$4:$J$340,MATCH($E12&$C12,'ER C6 FLT2'!$A$4:$A$340&'ER C6 FLT2'!$B$4:$B$340-4,1),5)))),IF($B12=\"1 Truck\",IF(OR($H12=\"Class_8\",$N12=\"Replacement8HHD\",$AH12=\"CL7HHD\",$AJ12=\"CL7to8\"),INDEX('ER C8 FLT1'!$A$4:$J$340,MATCH($E12&$C12,'ER C8 FLT1'!$A$4:$A$340&'ER C8 FLT1'!$B$4:$B$340-4,1),5),IF($H12=\"Class_7\",INDEX('ER C7 FLT1'!$A$4:$J$340,MATCH($E12&$C12,'ER C7 FLT1'!$A$4:$A$340&'ER C7 FLT1'!$B$4:$B$340-4,1),5),IF($H12=\"Class_6\",INDEX('ER C6 FLT1'!$A$4:$J$340,MATCH($E12&$C12,'ER C6 FLT1'!$A$4:$A$340&'ER C6 FLT1'!$B$4:$B$340-4,1),5)))),IF($B12=\"4+ Trucks\",IF(OR($H12=\"Class_8\",$N12=\"Replacement8HHD\",$AH12=\"CL7HHD\",$AJ12=\"CL7to8\"),INDEX('ER C8 FLT4'!$A$4:$J$340,MATCH($E12&$C12,'ER C8 FLT4'!$A$4:$A$340&'ER C8 FLT4'!$B$4:$B$340-4,1),5),IF($H12=\"Class_7\",INDEX('ER C7 FLT4'!$A$4:$J$340,MATCH($E12&$C12,'ER C7 FLT4'!$A$4:$A$340&'ER C7 FLT4'!$B$4:$B$340-4,1),5),IF($H12=\"Class_6\",INDEX('ER C6 FLT4'!$A$4:$J$340,MATCH($E12&$C12,'ER C6 FLT4'!$A$4:$A$340&'ER C6 FLT4'!$B$4:$B$340-4,1),5))))))))","v":false},{"$f":"CK12*(($Q12+$AC12)/453.6)","v":0},{"$f":"CL12*(($Q12+$AC12)/453.6)","v":0},{"$f":"CM12*(($Q12+$AC12)/453.6)","v":0},{"$f":"CN12*(($Q12+$AC12)/453.6)","v":0},{"$f":"CO12*(($Q12+$AC12)/453.6)","v":0},{"$f":"IF(OR($R12=\"Diesel\",$R12=\"Zero Emission\",$R12=\"Hybrid\",$R12=\"Hybrid Zero-Mile\",$R12=\"Low NOx\",$R12=\"LNG/CNG\"),IF($B12=\"3 Trucks\",IF(OR($O12=\"Class_8\",$N12=\"Replacement8HHD\",$AI12=\"CL7HHD\"),INDEX('ER C8 FLT3'!$A$4:$J$340,MATCH(DropData!$J58&$C12,'ER C8 FLT3'!$A$4:$A$340&'ER C8 FLT3'!$B$4:$B$340,1),5),IF($O12=\"Class_7\",INDEX('ER C7 FLT3'!$A$4:$J$340,MATCH(DropData!$J58&$C12,'ER C7 FLT3'!$A$4:$A$340&'ER C7 FLT3'!$B$4:$B$340,1),5),IF($O12=\"Class_6\",INDEX('ER C6 FLT3'!$A$4:$J$340,MATCH(DropData!$J58&$C12,'ER C6 FLT3'!$A$4:$A$340&'ER C6 FLT3'!$B$4:$B$340,1),5)))),IF($B12=\"2 Trucks\",IF(OR($O12=\"Class_8\",$N12=\"Replacement8HHD\",$AI12=\"CL7HHD\"),INDEX('ER C8 FLT2'!$A$4:$J$340,MATCH(DropData!$J58&$C12,'ER C8 FLT2'!$A$4:$A$340&'ER C8 FLT2'!$B$4:$B$340,1),5),IF($O12=\"Class_7\",INDEX('ER C7 FLT2'!$A$4:$J$340,MATCH(DropData!$J58&$C12,'ER C7 FLT2'!$A$4:$A$340&'ER C7 FLT2'!$B$4:$B$340,1),5),IF($O12=\"Class_6\",INDEX('ER C6 FLT2'!$A$4:$J$340,MATCH(DropData!$J58&$C12,'ER C6 FLT2'!$A$4:$A$340&'ER C6 FLT2'!$B$4:$B$340,1),5)))),IF($B12=\"1 Truck\",IF(OR($O12=\"Class_8\",$N12=\"Replacement8HHD\",$AI12=\"CL7HHD\"),INDEX('ER C8 FLT1'!$A$4:$J$340,MATCH(DropData!$J58&$C12,'ER C8 FLT1'!$A$4:$A$340&'ER C8 FLT1'!$B$4:$B$340,1),5),IF($O12=\"Class_7\",INDEX('ER C7 FLT1'!$A$4:$J$340,MATCH(DropData!$J58&$C12,'ER C7 FLT1'!$A$4:$A$340&'ER C7 FLT1'!$B$4:$B$340,1),5),IF($O12=\"Class_6\",INDEX('ER C6 FLT1'!$A$4:$J$340,MATCH(DropData!$J58&$C12,'ER C6 FLT1'!$A$4:$A$340&'ER C6 FLT1'!$B$4:$B$340,1),5)))),IF($B12=\"4+ Trucks\",IF(OR($O12=\"Class_8\",$N12=\"Replacement8HHD\",$AI12=\"CL7HHD\"),INDEX('ER C8 FLT4'!$A$4:$J$340,MATCH(DropData!$J58&$C12,'ER C8 FLT4'!$A$4:$A$340&'ER C8 FLT4'!$B$4:$B$340,1),5),IF($O12=\"Class_7\",INDEX('ER C7 FLT4'!$A$4:$J$340,MATCH(DropData!$J58&$C12,'ER C7 FLT4'!$A$4:$A$340&'ER C7 FLT4'!$B$4:$B$340,1),5),IF($O12=\"Class_6\",INDEX('ER C6 FLT4'!$A$4:$J$340,MATCH(DropData!$J58&$C12,'ER C6 FLT4'!$A$4:$A$340&'ER C6 FLT4'!$B$4:$B$340,1),5)))))))))","v":false},{"$f":"IF(OR($R12=\"Diesel\",$R12=\"Zero Emission\",$R12=\"Hybrid\",$R12=\"Hybrid Zero-Mile\",$R12=\"Low NOx\",$R12=\"LNG/CNG\"),IF($B12=\"3 Trucks\",IF(OR($O12=\"Class_8\",$N12=\"Replacement8HHD\",$AI12=\"CL7HHD\"),INDEX('ER C8 FLT3'!$A$4:$J$340,MATCH(DropData!$J58&$C12,'ER C8 FLT3'!$A$4:$A$340&'ER C8 FLT3'!$B$4:$B$340-1,1),5),IF($O12=\"Class_7\",INDEX('ER C7 FLT3'!$A$4:$J$340,MATCH(DropData!$J58&$C12,'ER C7 FLT3'!$A$4:$A$340&'ER C7 FLT3'!$B$4:$B$340-1,1),5),IF($O12=\"Class_6\",INDEX('ER C6 FLT3'!$A$4:$J$340,MATCH(DropData!$J58&$C12,'ER C6 FLT3'!$A$4:$A$340&'ER C6 FLT3'!$B$4:$B$340-1,1),5)))),IF($B12=\"2 Trucks\",IF(OR($O12=\"Class_8\",$N12=\"Replacement8HHD\",$AI12=\"CL7HHD\"),INDEX('ER C8 FLT2'!$A$4:$J$340,MATCH(DropData!$J58&$C12,'ER C8 FLT2'!$A$4:$A$340&'ER C8 FLT2'!$B$4:$B$340-1,1),5),IF($O12=\"Class_7\",INDEX('ER C7 FLT2'!$A$4:$J$340,MATCH(DropData!$J58&$C12,'ER C7 FLT2'!$A$4:$A$340&'ER C7 FLT2'!$B$4:$B$340-1,1),5),IF($O12=\"Class_6\",INDEX('ER C6 FLT2'!$A$4:$J$340,MATCH(DropData!$J58&$C12,'ER C6 FLT2'!$A$4:$A$340&'ER C6 FLT2'!$B$4:$B$340-1,1),5)))),IF($B12=\"1 Truck\",IF(OR($O12=\"Class_8\",$N12=\"Replacement8HHD\",$AI12=\"CL7HHD\"),INDEX('ER C8 FLT1'!$A$4:$J$340,MATCH(DropData!$J58&$C12,'ER C8 FLT1'!$A$4:$A$340&'ER C8 FLT1'!$B$4:$B$340-1,1),5),IF($O12=\"Class_7\",INDEX('ER C7 FLT1'!$A$4:$J$340,MATCH(DropData!$J58&$C12,'ER C7 FLT1'!$A$4:$A$340&'ER C7 FLT1'!$B$4:$B$340-1,1),5),IF($O12=\"Class_6\",INDEX('ER C6 FLT1'!$A$4:$J$340,MATCH(DropData!$J58&$C12,'ER C6 FLT1'!$A$4:$A$340&'ER C6 FLT1'!$B$4:$B$340-1,1),5)))),IF($B12=\"4+ Trucks\",IF(OR($O12=\"Class_8\",$N12=\"Replacement8HHD\",$AI12=\"CL7HHD\"),INDEX('ER C8 FLT4'!$A$4:$J$340,MATCH(DropData!$J58&$C12,'ER C8 FLT4'!$A$4:$A$340&'ER C8 FLT4'!$B$4:$B$340-1,1),5),IF($O12=\"Class_7\",INDEX('ER C7 FLT4'!$A$4:$J$340,MATCH(DropData!$J58&$C12,'ER C7 FLT4'!$A$4:$A$340&'ER C7 FLT4'!$B$4:$B$340-1,1),5),IF($O12=\"Class_6\",INDEX('ER C6 FLT4'!$A$4:$J$340,MATCH(DropData!$J58&$C12,'ER C6 FLT4'!$A$4:$A$340&'ER C6 FLT4'!$B$4:$B$340-1,1),5)))))))))","v":false},{"$f":"IF(OR($R12=\"Diesel\",$R12=\"Zero Emission\",$R12=\"Hybrid\",$R12=\"Hybrid Zero-Mile\",$R12=\"Low NOx\",$R12=\"LNG/CNG\"),IF($B12=\"3 Trucks\",IF(OR($O12=\"Class_8\",$N12=\"Replacement8HHD\",$AI12=\"CL7HHD\"),INDEX('ER C8 FLT3'!$A$4:$J$340,MATCH(DropData!$J58&$C12,'ER C8 FLT3'!$A$4:$A$340&'ER C8 FLT3'!$B$4:$B$340-2,1),5),IF($O12=\"Class_7\",INDEX('ER C7 FLT3'!$A$4:$J$340,MATCH(DropData!$J58&$C12,'ER C7 FLT3'!$A$4:$A$340&'ER C7 FLT3'!$B$4:$B$340-2,1),5),IF($O12=\"Class_6\",INDEX('ER C6 FLT3'!$A$4:$J$340,MATCH(DropData!$J58&$C12,'ER C6 FLT3'!$A$4:$A$340&'ER C6 FLT3'!$B$4:$B$340-2,1),5)))),IF($B12=\"2 Trucks\",IF(OR($O12=\"Class_8\",$N12=\"Replacement8HHD\",$AI12=\"CL7HHD\"),INDEX('ER C8 FLT2'!$A$4:$J$340,MATCH(DropData!$J58&$C12,'ER C8 FLT2'!$A$4:$A$340&'ER C8 FLT2'!$B$4:$B$340-2,1),5),IF($O12=\"Class_7\",INDEX('ER C7 FLT2'!$A$4:$J$340,MATCH(DropData!$J58&$C12,'ER C7 FLT2'!$A$4:$A$340&'ER C7 FLT2'!$B$4:$B$340-2,1),5),IF($O12=\"Class_6\",INDEX('ER C6 FLT2'!$A$4:$J$340,MATCH(DropData!$J58&$C12,'ER C6 FLT2'!$A$4:$A$340&'ER C6 FLT2'!$B$4:$B$340-2,1),5)))),IF($B12=\"1 Truck\",IF(OR($O12=\"Class_8\",$N12=\"Replacement8HHD\",$AI12=\"CL7HHD\"),INDEX('ER C8 FLT1'!$A$4:$J$340,MATCH(DropData!$J58&$C12,'ER C8 FLT1'!$A$4:$A$340&'ER C8 FLT1'!$B$4:$B$340-2,1),5),IF($O12=\"Class_7\",INDEX('ER C7 FLT1'!$A$4:$J$340,MATCH(DropData!$J58&$C12,'ER C7 FLT1'!$A$4:$A$340&'ER C7 FLT1'!$B$4:$B$340-2,1),5),IF($O12=\"Class_6\",INDEX('ER C6 FLT1'!$A$4:$J$340,MATCH(DropData!$J58&$C12,'ER C6 FLT1'!$A$4:$A$340&'ER C6 FLT1'!$B$4:$B$340-2,1),5)))),IF($B12=\"4+ Trucks\",IF(OR($O12=\"Class_8\",$N12=\"Replacement8HHD\",$AI12=\"CL7HHD\"),INDEX('ER C8 FLT4'!$A$4:$J$340,MATCH(DropData!$J58&$C12,'ER C8 FLT4'!$A$4:$A$340&'ER C8 FLT4'!$B$4:$B$340-2,1),5),IF($O12=\"Class_7\",INDEX('ER C7 FLT4'!$A$4:$J$340,MATCH(DropData!$J58&$C12,'ER C7 FLT4'!$A$4:$A$340&'ER C7 FLT4'!$B$4:$B$340-2,1),5),IF($O12=\"Class_6\",INDEX('ER C6 FLT4'!$A$4:$J$340,MATCH(DropData!$J58&$C12,'ER C6 FLT4'!$A$4:$A$340&'ER C6 FLT4'!$B$4:$B$340-2,1),5)))))))))","v":false},{"$f":"IF(OR($R12=\"Diesel\",$R12=\"Zero Emission\",$R12=\"Hybrid\",$R12=\"Hybrid Zero-Mile\",$R12=\"Low NOx\",$R12=\"LNG/CNG\"),IF($B12=\"3 Trucks\",IF(OR($O12=\"Class_8\",$N12=\"Replacement8HHD\",$AI12=\"CL7HHD\"),INDEX('ER C8 FLT3'!$A$4:$J$340,MATCH(DropData!$J58&$C12,'ER C8 FLT3'!$A$4:$A$340&'ER C8 FLT3'!$B$4:$B$340-3,1),5),IF($O12=\"Class_7\",INDEX('ER C7 FLT3'!$A$4:$J$340,MATCH(DropData!$J58&$C12,'ER C7 FLT3'!$A$4:$A$340&'ER C7 FLT3'!$B$4:$B$340-3,1),5),IF($O12=\"Class_6\",INDEX('ER C6 FLT3'!$A$4:$J$340,MATCH(DropData!$J58&$C12,'ER C6 FLT3'!$A$4:$A$340&'ER C6 FLT3'!$B$4:$B$340-3,1),5)))),IF($B12=\"2 Trucks\",IF(OR($O12=\"Class_8\",$N12=\"Replacement8HHD\",$AI12=\"CL7HHD\"),INDEX('ER C8 FLT2'!$A$4:$J$340,MATCH(DropData!$J58&$C12,'ER C8 FLT2'!$A$4:$A$340&'ER C8 FLT2'!$B$4:$B$340-3,1),5),IF($O12=\"Class_7\",INDEX('ER C7 FLT2'!$A$4:$J$340,MATCH(DropData!$J58&$C12,'ER C7 FLT2'!$A$4:$A$340&'ER C7 FLT2'!$B$4:$B$340-3,1),5),IF($O12=\"Class_6\",INDEX('ER C6 FLT2'!$A$4:$J$340,MATCH(DropData!$J58&$C12,'ER C6 FLT2'!$A$4:$A$340&'ER C6 FLT2'!$B$4:$B$340-3,1),5)))),IF($B12=\"1 Truck\",IF(OR($O12=\"Class_8\",$N12=\"Replacement8HHD\",$AI12=\"CL7HHD\"),INDEX('ER C8 FLT1'!$A$4:$J$340,MATCH(DropData!$J58&$C12,'ER C8 FLT1'!$A$4:$A$340&'ER C8 FLT1'!$B$4:$B$340-3,1),5),IF($O12=\"Class_7\",INDEX('ER C7 FLT1'!$A$4:$J$340,MATCH(DropData!$J58&$C12,'ER C7 FLT1'!$A$4:$A$340&'ER C7 FLT1'!$B$4:$B$340-3,1),5),IF($O12=\"Class_6\",INDEX('ER C6 FLT1'!$A$4:$J$340,MATCH(DropData!$J58&$C12,'ER C6 FLT1'!$A$4:$A$340&'ER C6 FLT1'!$B$4:$B$340-3,1),5)))),IF($B12=\"4+ Trucks\",IF(OR($O12=\"Class_8\",$N12=\"Replacement8HHD\",$AI12=\"CL7HHD\"),INDEX('ER C8 FLT4'!$A$4:$J$340,MATCH(DropData!$J58&$C12,'ER C8 FLT4'!$A$4:$A$340&'ER C8 FLT4'!$B$4:$B$340-3,1),5),IF($O12=\"Class_7\",INDEX('ER C7 FLT4'!$A$4:$J$340,MATCH(DropData!$J58&$C12,'ER C7 FLT4'!$A$4:$A$340&'ER C7 FLT4'!$B$4:$B$340-3,1),5),IF($O12=\"Class_6\",INDEX('ER C6 FLT4'!$A$4:$J$340,MATCH(DropData!$J58&$C12,'ER C6 FLT4'!$A$4:$A$340&'ER C6 FLT4'!$B$4:$B$340-3,1),5)))))))))","v":false},{"$f":"IF(OR($R12=\"Diesel\",$R12=\"Zero Emission\",$R12=\"Hybrid\",$R12=\"Hybrid Zero-Mile\",$R12=\"Low NOx\",$R12=\"LNG/CNG\"),IF($B12=\"3 Trucks\",IF(OR($O12=\"Class_8\",$N12=\"Replacement8HHD\",$AI12=\"CL7HHD\"),INDEX('ER C8 FLT3'!$A$4:$J$340,MATCH(DropData!$J58&$C12,'ER C8 FLT3'!$A$4:$A$340&'ER C8 FLT3'!$B$4:$B$340-4,1),5),IF($O12=\"Class_7\",INDEX('ER C7 FLT3'!$A$4:$J$340,MATCH(DropData!$J58&$C12,'ER C7 FLT3'!$A$4:$A$340&'ER C7 FLT3'!$B$4:$B$340-4,1),5),IF($O12=\"Class_6\",INDEX('ER C6 FLT3'!$A$4:$J$340,MATCH(DropData!$J58&$C12,'ER C6 FLT3'!$A$4:$A$340&'ER C6 FLT3'!$B$4:$B$340-4,1),5)))),IF($B12=\"2 Trucks\",IF(OR($O12=\"Class_8\",$N12=\"Replacement8HHD\",$AI12=\"CL7HHD\"),INDEX('ER C8 FLT2'!$A$4:$J$340,MATCH(DropData!$J58&$C12,'ER C8 FLT2'!$A$4:$A$340&'ER C8 FLT2'!$B$4:$B$340-4,1),5),IF($O12=\"Class_7\",INDEX('ER C7 FLT2'!$A$4:$J$340,MATCH(DropData!$J58&$C12,'ER C7 FLT2'!$A$4:$A$340&'ER C7 FLT2'!$B$4:$B$340-4,1),5),IF($O12=\"Class_6\",INDEX('ER C6 FLT2'!$A$4:$J$340,MATCH(DropData!$J58&$C12,'ER C6 FLT2'!$A$4:$A$340&'ER C6 FLT2'!$B$4:$B$340-4,1),5)))),IF($B12=\"1 Truck\",IF(OR($O12=\"Class_8\",$N12=\"Replacement8HHD\",$AI12=\"CL7HHD\"),INDEX('ER C8 FLT1'!$A$4:$J$340,MATCH(DropData!$J58&$C12,'ER C8 FLT1'!$A$4:$A$340&'ER C8 FLT1'!$B$4:$B$340-4,1),5),IF($O12=\"Class_7\",INDEX('ER C7 FLT1'!$A$4:$J$340,MATCH(DropData!$J58&$C12,'ER C7 FLT1'!$A$4:$A$340&'ER C7 FLT1'!$B$4:$B$340-4,1),5),IF($O12=\"Class_6\",INDEX('ER C6 FLT1'!$A$4:$J$340,MATCH(DropData!$J58&$C12,'ER C6 FLT1'!$A$4:$A$340&'ER C6 FLT1'!$B$4:$B$340-4,1),5)))),IF($B12=\"4+ Trucks\",IF(OR($O12=\"Class_8\",$N12=\"Replacement8HHD\",$AI12=\"CL7HHD\"),INDEX('ER C8 FLT4'!$A$4:$J$340,MATCH(DropData!$J58&$C12,'ER C8 FLT4'!$A$4:$A$340&'ER C8 FLT4'!$B$4:$B$340-4,1),5),IF($O12=\"Class_7\",INDEX('ER C7 FLT4'!$A$4:$J$340,MATCH(DropData!$J58&$C12,'ER C7 FLT4'!$A$4:$A$340&'ER C7 FLT4'!$B$4:$B$340-4,1),5),IF($O12=\"Class_6\",INDEX('ER C6 FLT4'!$A$4:$J$340,MATCH(DropData!$J58&$C12,'ER C6 FLT4'!$A$4:$A$340&'ER C6 FLT4'!$B$4:$B$340-4,1),5)))))))))","v":false},0,{"$f":"MAX((IF($B12=\"4+ Trucks\",IF($Z12=\"Class_8\",INDEX('ER C8 FLT4'!$A$4:$J$340,MATCH($W12&$C12,'ER C8 FLT4'!$A$4:$A$340&'ER C8 FLT4'!$B$4:$B$340,1),5)*IF($Z12=\"Class_8\",INDEX('ER C8 FLT4'!$A$4:$J$340,MATCH($W12&$C12,'ER C8 FLT4'!$A$4:$A$340&'ER C8 FLT4'!$B$4:$B$340,1),7)),IF($Z12=\"Class_7\",INDEX('ER C7 FLT4'!$A$4:$J$340,MATCH($W12&$C12,'ER C7 FLT4'!$A$4:$A$340&'ER C7 FLT4'!$B$4:$B$340,1),5)*IF($Z12=\"Class_7\",INDEX('ER C7 FLT4'!$A$4:$J$340,MATCH($W12&$C12,'ER C7 FLT4'!$A$4:$A$340&'ER C7 FLT4'!$B$4:$B$340,1),7)),IF($Z12=\"Class_6\",INDEX('ER C6 FLT4'!$A$4:$J$340,MATCH($W12&$C12,'ER C6 FLT4'!$A$4:$A$340&'ER C6 FLT4'!$B$4:$B$340,1),5)*IF($Z12=\"Class_6\",INDEX('ER C6 FLT4'!$A$4:$L$340,MATCH($W12&$C12,'ER C6 FLT4'!$A$4:$A$340&'ER C6 FLT4'!$B$4:$B$340,1),7))))),IF($B12=\"2 Trucks\",IF($Z12=\"Class_8\",INDEX('ER C8 FLT2'!$A$4:$J$340,MATCH($W12&$C12,'ER C8 FLT2'!$A$4:$A$340&'ER C8 FLT2'!$B$4:$B$340,1),5)*IF($Z12=\"Class_8\",INDEX('ER C8 FLT2'!$A$4:$J$340,MATCH($W12&$C12,'ER C8 FLT2'!$A$4:$A$340&'ER C8 FLT2'!$B$4:$B$340,1),7)),IF($Z12=\"Class_7\",INDEX('ER C7 FLT2'!$A$4:$J$340,MATCH($W12&$C12,'ER C7 FLT2'!$A$4:$A$340&'ER C7 FLT2'!$B$4:$B$340,1),5)*IF($Z12=\"Class_7\",INDEX('ER C7 FLT2'!$A$4:$J$340,MATCH($W12&$C12,'ER C7 FLT2'!$A$4:$A$340&'ER C7 FLT2'!$B$4:$B$340,1),7)),IF($Z12=\"Class_6\",INDEX('ER C6 FLT2'!$A$4:$J$340,MATCH($W12&$C12,'ER C6 FLT2'!$A$4:$A$340&'ER C6 FLT2'!$B$4:$B$340,1),5)*IF($Z12=\"Class_6\",INDEX('ER C6 FLT2'!$A$4:$J$340,MATCH($W12&$C12,'ER C6 FLT2'!$A$4:$A$340&'ER C6 FLT2'!$B$4:$B$340,1),7))))),IF($B12=\"1 Truck\",\nIF($Z12=\"Class_8\",INDEX('ER C8 FLT1'!$A$4:$J$340,MATCH($W12&$C12,'ER C8 FLT1'!$A$4:$A$340&'ER C8 FLT1'!$B$4:$B$340,1),5)*IF($Z12=\"Class_8\",INDEX('ER C8 FLT1'!$A$4:$J$340,MATCH($W12&$C12,'ER C8 FLT1'!$A$4:$A$340&'ER C8 FLT1'!$B$4:$B$340,1),7)),IF($Z12=\"Class_7\",INDEX('ER C7 FLT1'!$A$4:$J$340,MATCH($W12&$C12,'ER C7 FLT1'!$A$4:$A$340&'ER C7 FLT1'!$B$4:$B$340,1),5)*IF($Z12=\"Class_7\",INDEX('ER C7 FLT1'!$A$4:$J$340,MATCH($W12&$C12,'ER C7 FLT1'!$A$4:$A$340&'ER C7 FLT1'!$B$4:$B$340,1),7)),IF($Z12=\"Class_6\",INDEX('ER C6 FLT1'!$A$4:$J$340,MATCH($W12&$C12,'ER C6 FLT1'!$A$4:$A$340&'ER C6 FLT1'!$B$4:$B$340,1),5)*IF($Z12=\"Class_6\",INDEX('ER C6 FLT1'!$A$4:$J$340,MATCH($W12&$C12,'ER C6 FLT1'!$A$4:$A$340&'ER C6 FLT1'!$B$4:$B$340,1),7))))),IF($B12=\"3 Trucks\",IF($Z12=\"Class_8\",INDEX('ER C8 FLT3'!$A$4:$J$340,MATCH($W12&$C12,'ER C8 FLT3'!$A$4:$A$340&'ER C8 FLT3'!$B$4:$B$340,1),5)*IF($Z12=\"Class_8\",INDEX('ER C8 FLT3'!$A$4:$J$340,MATCH($W12&$C12,'ER C8 FLT3'!$A$4:$A$340&'ER C8 FLT3'!$B$4:$B$340,1),7)),IF($Z12=\"Class_7\",INDEX('ER C7 FLT3'!$A$4:$J$340,MATCH($W12&$C12,'ER C7 FLT3'!$A$4:$A$340&'ER C7 FLT3'!$B$4:$B$340,1),5)*IF($Z12=\"Class_7\",INDEX('ER C7 FLT3'!$A$4:$J$340,MATCH($W12&$C12,'ER C7 FLT3'!$A$4:$A$340&'ER C7 FLT3'!$B$4:$B$340,1),7)),\nIF($Z12=\"Class_6\",INDEX('ER C6 FLT3'!$A$4:$J$340,MATCH($W12&$C12,'ER C6 FLT3'!$A$4:$A$340&'ER C6 FLT3'!$B$4:$B$340,1),5)*IF($Z12=\"Class_6\",INDEX('ER C6 FLT3'!$A$4:$L$340,MATCH($W12&$C12,'ER C6 FLT3'!$A$4:$A$340&'ER C6 FLT3'!$B$4:$B$340,1),7)))))))))*IF($X12=\"Level 3 PM + Mark I NOx\",0.75,1)*($AC12/453.6)-IF(CP12=0,CF12,0)),0)","v":0},0,0,{"$f":"MAX((IF($B12=\"3 Trucks\",IF($Z12=\"Class_8\",INDEX('ER C8 FLT3'!$A$4:$J$340,MATCH($W12&$C12,'ER C8 FLT3'!$A$4:$A$340&'ER C8 FLT3'!$B$4:$B$340-1,1),5)*IF($Z12=\"Class_8\",INDEX('ER C8 FLT3'!$A$4:$J$340,MATCH($W12&$C12,'ER C8 FLT3'!$A$4:$A$340&'ER C8 FLT3'!$B$4:$B$340-1,1),7)),IF($Z12=\"Class_7\",INDEX('ER C7 FLT3'!$A$4:$J$340,MATCH($W12&$C12,'ER C7 FLT3'!$A$4:$A$340&'ER C7 FLT3'!$B$4:$B$340-1,1),5)*IF($Z12=\"Class_7\",INDEX('ER C7 FLT3'!$A$4:$J$340,MATCH($W12&$C12,'ER C7 FLT3'!$A$4:$A$340&'ER C7 FLT3'!$B$4:$B$340-1,1),7)),IF($Z12=\"Class_6\",INDEX('ER C6 FLT3'!$A$4:$J$340,MATCH($W12&$C12,'ER C6 FLT3'!$A$4:$A$340&'ER C6 FLT3'!$B$4:$B$340-1,1),5)*IF($Z12=\"Class_6\",INDEX('ER C6 FLT3'!$A$4:$L$340,MATCH($W12&$C12,'ER C6 FLT3'!$A$4:$A$340&'ER C6 FLT3'!$B$4:$B$340-1,1),7))))),IF($B12=\"2 Trucks\",IF($Z12=\"Class_8\",INDEX('ER C8 FLT2'!$A$4:$J$340,MATCH($W12&$C12,'ER C8 FLT2'!$A$4:$A$340&'ER C8 FLT2'!$B$4:$B$340-1,1),5)*IF($Z12=\"Class_8\",INDEX('ER C8 FLT2'!$A$4:$J$340,MATCH($W12&$C12,'ER C8 FLT2'!$A$4:$A$340&'ER C8 FLT2'!$B$4:$B$340-1,1),7)),IF($Z12=\"Class_7\",INDEX('ER C7 FLT2'!$A$4:$J$340,MATCH($W12&$C12,'ER C7 FLT2'!$A$4:$A$340&'ER C7 FLT2'!$B$4:$B$340-1,1),5)*IF($Z12=\"Class_7\",INDEX('ER C7 FLT2'!$A$4:$J$340,MATCH($W12&$C12,'ER C7 FLT2'!$A$4:$A$340&'ER C7 FLT2'!$B$4:$B$340-1,1),7)),IF($Z12=\"Class_6\",INDEX('ER C6 FLT2'!$A$4:$J$340,MATCH($W12&$C12,'ER C6 FLT2'!$A$4:$A$340&'ER C6 FLT2'!$B$4:$B$340-1,1),5)*IF($Z12=\"Class_6\",INDEX('ER C6 FLT2'!$A$4:$J$340,MATCH($W12&$C12,'ER C6 FLT2'!$A$4:$A$340&'ER C6 FLT2'!$B$4:$B$340-1,1),7))))),IF($B12=\"1 Truck\",IF($Z12=\"Class_8\",INDEX('ER C8 FLT1'!$A$4:$J$340,MATCH($W12&$C12,'ER C8 FLT1'!$A$4:$A$340&'ER C8 FLT1'!$B$4:$B$340-1,1),5)*IF($Z12=\"Class_8\",INDEX('ER C8 FLT1'!$A$4:$J$340,MATCH($W12&$C12,'ER C8 FLT1'!$A$4:$A$340&'ER C8 FLT1'!$B$4:$B$340-1,1),7)),IF($Z12=\"Class_7\",INDEX('ER C7 FLT1'!$A$4:$J$340,MATCH($W12&$C12,'ER C7 FLT1'!$A$4:$A$340&'ER C7 FLT1'!$B$4:$B$340-1,1),5)*IF($Z12=\"Class_7\",INDEX('ER C7 FLT1'!$A$4:$J$340,MATCH($W12&$C12,'ER C7 FLT1'!$A$4:$A$340&'ER C7 FLT1'!$B$4:$B$340-1,1),7)),\nIF($Z12=\"Class_6\",INDEX('ER C6 FLT1'!$A$4:$J$340,MATCH($W12&$C12,'ER C6 FLT1'!$A$4:$A$340&'ER C6 FLT1'!$B$4:$B$340-1,1),5)*IF($Z12=\"Class_6\",INDEX('ER C6 FLT1'!$A$4:$J$340,MATCH($W12&$C12,'ER C6 FLT1'!$A$4:$A$340&'ER C6 FLT1'!$B$4:$B$340-1,1),7))))),IF($B12=\"4+ Trucks\",IF($Z12=\"Class_8\",INDEX('ER C8 FLT4'!$A$4:$J$340,MATCH($W12&$C12,'ER C8 FLT4'!$A$4:$A$340&'ER C8 FLT4'!$B$4:$B$340-1,1),5)*IF($Z12=\"Class_8\",INDEX('ER C8 FLT4'!$A$4:$J$340,MATCH($W12&$C12,'ER C8 FLT4'!$A$4:$A$340&'ER C8 FLT4'!$B$4:$B$340-1,1),7)),IF($Z12=\"Class_7\",INDEX('ER C7 FLT4'!$A$4:$J$340,MATCH($W12&$C12,'ER C7 FLT4'!$A$4:$A$340&'ER C7 FLT4'!$B$4:$B$340-1,1),5)*IF($Z12=\"Class_7\",INDEX('ER C7 FLT4'!$A$4:$J$340,MATCH($W12&$C12,'ER C7 FLT4'!$A$4:$A$340&'ER C7 FLT4'!$B$4:$B$340-1,1),7)),\nIF($Z12=\"Class_6\",INDEX('ER C6 FLT4'!$A$4:$J$340,MATCH($W12&$C12,'ER C6 FLT4'!$A$4:$A$340&'ER C6 FLT4'!$B$4:$B$340-1,1),5)*IF($Z12=\"Class_6\",INDEX('ER C6 FLT4'!$A$4:$L$340,MATCH($W12&$C12,'ER C6 FLT4'!$A$4:$A$340&'ER C6 FLT4'!$B$4:$B$340-1,1),7))))))))))*IF($X12=\"Level 3 PM + Mark I NOx\",0.75,1)*($AC12/453.6)-IF(CS12=0,CG12,0),0)","v":0},{"$f":"MAX(0,CS12+CT12)","v":0},0,{"$f":"MAX((IF($B12=\"3 Trucks\",IF($Z12=\"Class_8\",INDEX('ER C8 FLT3'!$A$4:$J$340,MATCH($W12&$C12,'ER C8 FLT3'!$A$4:$A$340&'ER C8 FLT3'!$B$4:$B$340-2,1),5)*IF($Z12=\"Class_8\",INDEX('ER C8 FLT3'!$A$4:$J$340,MATCH($W12&$C12,'ER C8 FLT3'!$A$4:$A$340&'ER C8 FLT3'!$B$4:$B$340-2,1),7)),IF($Z12=\"Class_7\",INDEX('ER C7 FLT3'!$A$4:$J$340,MATCH($W12&$C12,'ER C7 FLT3'!$A$4:$A$340&'ER C7 FLT3'!$B$4:$B$340-2,1),5)*IF($Z12=\"Class_7\",INDEX('ER C7 FLT3'!$A$4:$J$340,MATCH($W12&$C12,'ER C7 FLT3'!$A$4:$A$340&'ER C7 FLT3'!$B$4:$B$340-2,1),7)),\nIF($Z12=\"Class_6\",INDEX('ER C6 FLT3'!$A$4:$J$340,MATCH($W12&$C12,'ER C6 FLT3'!$A$4:$A$340&'ER C6 FLT3'!$B$4:$B$340-2,1),5)*IF($Z12=\"Class_6\",INDEX('ER C6 FLT3'!$A$4:$L$340,MATCH($W12&$C12,'ER C6 FLT3'!$A$4:$A$340&'ER C6 FLT3'!$B$4:$B$340-2,1),7))))),IF($B12=\"2 Trucks\",IF($Z12=\"Class_8\",INDEX('ER C8 FLT2'!$A$4:$J$340,MATCH($W12&$C12,'ER C8 FLT2'!$A$4:$A$340&'ER C8 FLT2'!$B$4:$B$340-2,1),5)*IF($Z12=\"Class_8\",INDEX('ER C8 FLT2'!$A$4:$J$340,MATCH($W12&$C12,'ER C8 FLT2'!$A$4:$A$340&'ER C8 FLT2'!$B$4:$B$340-2,1),7)),IF($Z12=\"Class_7\",INDEX('ER C7 FLT2'!$A$4:$J$340,MATCH($W12&$C12,'ER C7 FLT2'!$A$4:$A$340&'ER C7 FLT2'!$B$4:$B$340-2,1),5)*IF($Z12=\"Class_7\",INDEX('ER C7 FLT2'!$A$4:$J$340,MATCH($W12&$C12,'ER C7 FLT2'!$A$4:$A$340&'ER C7 FLT2'!$B$4:$B$340-2,1),7)),IF($Z12=\"Class_6\",INDEX('ER C6 FLT2'!$A$4:$J$340,MATCH($W12&$C12,'ER C6 FLT2'!$A$4:$A$340&'ER C6 FLT2'!$B$4:$B$340-2,1),5)*IF($Z12=\"Class_6\",INDEX('ER C6 FLT2'!$A$4:$J$340,MATCH($W12&$C12,'ER C6 FLT2'!$A$4:$A$340&'ER C6 FLT2'!$B$4:$B$340-2,1),7))))),IF($B12=\"1 Truck\",\nIF($Z12=\"Class_8\",INDEX('ER C8 FLT1'!$A$4:$J$340,MATCH($W12&$C12,'ER C8 FLT1'!$A$4:$A$340&'ER C8 FLT1'!$B$4:$B$340-2,1),5)*IF($Z12=\"Class_8\",INDEX('ER C8 FLT1'!$A$4:$J$340,MATCH($W12&$C12,'ER C8 FLT1'!$A$4:$A$340&'ER C8 FLT1'!$B$4:$B$340-2,1),7)),IF($Z12=\"Class_7\",INDEX('ER C7 FLT1'!$A$4:$J$340,MATCH($W12&$C12,'ER C7 FLT1'!$A$4:$A$340&'ER C7 FLT1'!$B$4:$B$340-2,1),5)*IF($Z12=\"Class_7\",INDEX('ER C7 FLT1'!$A$4:$J$340,MATCH($W12&$C12,'ER C7 FLT1'!$A$4:$A$340&'ER C7 FLT1'!$B$4:$B$340-2,1),7)),\nIF($Z12=\"Class_6\",INDEX('ER C6 FLT1'!$A$4:$J$340,MATCH($W12&$C12,'ER C6 FLT1'!$A$4:$A$340&'ER C6 FLT1'!$B$4:$B$340-2,1),5)*IF($Z12=\"Class_6\",INDEX('ER C6 FLT1'!$A$4:$J$340,MATCH($W12&$C12,'ER C6 FLT1'!$A$4:$A$340&'ER C6 FLT1'!$B$4:$B$340-2,1),7))))),IF($B12=\"4+ Trucks\",IF($Z12=\"Class_8\",INDEX('ER C8 FLT4'!$A$4:$J$340,MATCH($W12&$C12,'ER C8 FLT4'!$A$4:$A$340&'ER C8 FLT4'!$B$4:$B$340-2,1),5)*IF($Z12=\"Class_8\",INDEX('ER C8 FLT4'!$A$4:$J$340,MATCH($W12&$C12,'ER C8 FLT4'!$A$4:$A$340&'ER C8 FLT4'!$B$4:$B$340-2,1),7)),IF($Z12=\"Class_7\",INDEX('ER C7 FLT4'!$A$4:$J$340,MATCH($W12&$C12,'ER C7 FLT4'!$A$4:$A$340&'ER C7 FLT4'!$B$4:$B$340-2,1),5)*IF($Z12=\"Class_7\",INDEX('ER C7 FLT4'!$A$4:$J$340,MATCH($W12&$C12,'ER C7 FLT4'!$A$4:$A$340&'ER C7 FLT4'!$B$4:$B$340-2,1),7)),\nIF($Z12=\"Class_6\",INDEX('ER C6 FLT4'!$A$4:$J$340,MATCH($W12&$C12,'ER C6 FLT4'!$A$4:$A$340&'ER C6 FLT4'!$B$4:$B$340-2,1),5)*IF($Z12=\"Class_6\",INDEX('ER C6 FLT4'!$A$4:$L$340,MATCH($W12&$C12,'ER C6 FLT4'!$A$4:$A$340&'ER C6 FLT4'!$B$4:$B$340-2,1),7))))))))))*IF($X12=\"Level 3 PM + Mark I NOx\",0.75,1)*($AC12/453.6)-IF(CV12=0,CH12,0),0)","v":0},{"$f":"MAX(0,CV12+CW12)","v":0},0,{"$f":"MAX((IF($B12=\"3 Trucks\",IF($Z12=\"Class_8\",INDEX('ER C8 FLT3'!$A$4:$J$340,MATCH($W12&$C12,'ER C8 FLT3'!$A$4:$A$340&'ER C8 FLT3'!$B$4:$B$340-3,1),5)*IF($Z12=\"Class_8\",INDEX('ER C8 FLT3'!$A$4:$J$340,MATCH($W12&$C12,'ER C8 FLT3'!$A$4:$A$340&'ER C8 FLT3'!$B$4:$B$340-3,1),7)),IF($Z12=\"Class_7\",INDEX('ER C7 FLT3'!$A$4:$J$340,MATCH($W12&$C12,'ER C7 FLT3'!$A$4:$A$340&'ER C7 FLT3'!$B$4:$B$340-3,1),5)*IF($Z12=\"Class_7\",INDEX('ER C7 FLT3'!$A$4:$J$340,MATCH($W12&$C12,'ER C7 FLT3'!$A$4:$A$340&'ER C7 FLT3'!$B$4:$B$340-3,1),7)),\nIF($Z12=\"Class_6\",INDEX('ER C6 FLT3'!$A$4:$J$340,MATCH($W12&$C12,'ER C6 FLT3'!$A$4:$A$340&'ER C6 FLT3'!$B$4:$B$340-3,1),5)*IF($Z12=\"Class_6\",INDEX('ER C6 FLT3'!$A$4:$L$340,MATCH($W12&$C12,'ER C6 FLT3'!$A$4:$A$340&'ER C6 FLT3'!$B$4:$B$340-3,1),7))))),IF($B12=\"2 Trucks\",IF($Z12=\"Class_8\",INDEX('ER C8 FLT2'!$A$4:$J$340,MATCH($W12&$C12,'ER C8 FLT2'!$A$4:$A$340&'ER C8 FLT2'!$B$4:$B$340-3,1),5)*IF($Z12=\"Class_8\",INDEX('ER C8 FLT2'!$A$4:$J$340,MATCH($W12&$C12,'ER C8 FLT2'!$A$4:$A$340&'ER C8 FLT2'!$B$4:$B$340-3,1),7)),IF($Z12=\"Class_7\",INDEX('ER C7 FLT2'!$A$4:$J$340,MATCH($W12&$C12,'ER C7 FLT2'!$A$4:$A$340&'ER C7 FLT2'!$B$4:$B$340-3,1),5)*IF($Z12=\"Class_7\",INDEX('ER C7 FLT2'!$A$4:$J$340,MATCH($W12&$C12,'ER C7 FLT2'!$A$4:$A$340&'ER C7 FLT2'!$B$4:$B$340-3,1),7)),IF($Z12=\"Class_6\",INDEX('ER C6 FLT2'!$A$4:$J$340,MATCH($W12&$C12,'ER C6 FLT2'!$A$4:$A$340&'ER C6 FLT2'!$B$4:$B$340-3,1),5)*IF($Z12=\"Class_6\",INDEX('ER C6 FLT2'!$A$4:$J$340,MATCH($W12&$C12,'ER C6 FLT2'!$A$4:$A$340&'ER C6 FLT2'!$B$4:$B$340-3,1),7))))),IF($B12=\"1 Truck\",\nIF($Z12=\"Class_8\",INDEX('ER C8 FLT1'!$A$4:$J$340,MATCH($W12&$C12,'ER C8 FLT1'!$A$4:$A$340&'ER C8 FLT1'!$B$4:$B$340-3,1),5)*IF($Z12=\"Class_8\",INDEX('ER C8 FLT1'!$A$4:$J$340,MATCH($W12&$C12,'ER C8 FLT1'!$A$4:$A$340&'ER C8 FLT1'!$B$4:$B$340-3,1),7)),IF($Z12=\"Class_7\",INDEX('ER C7 FLT1'!$A$4:$J$340,MATCH($W12&$C12,'ER C7 FLT1'!$A$4:$A$340&'ER C7 FLT1'!$B$4:$B$340-3,1),5)*IF($Z12=\"Class_7\",INDEX('ER C7 FLT1'!$A$4:$J$340,MATCH($W12&$C12,'ER C7 FLT1'!$A$4:$A$340&'ER C7 FLT1'!$B$4:$B$340-3,1),7)),\nIF($Z12=\"Class_6\",INDEX('ER C6 FLT1'!$A$4:$J$340,MATCH($W12&$C12,'ER C6 FLT1'!$A$4:$A$340&'ER C6 FLT1'!$B$4:$B$340-3,1),5)*IF($Z12=\"Class_6\",INDEX('ER C6 FLT1'!$A$4:$J$340,MATCH($W12&$C12,'ER C6 FLT1'!$A$4:$A$340&'ER C6 FLT1'!$B$4:$B$340-3,1),7))))),IF($B12=\"4+ Trucks\",IF($Z12=\"Class_8\",INDEX('ER C8 FLT4'!$A$4:$J$340,MATCH($W12&$C12,'ER C8 FLT4'!$A$4:$A$340&'ER C8 FLT4'!$B$4:$B$340-3,1),5)*IF($Z12=\"Class_8\",INDEX('ER C8 FLT4'!$A$4:$J$340,MATCH($W12&$C12,'ER C8 FLT4'!$A$4:$A$340&'ER C8 FLT4'!$B$4:$B$340-3,1),7)),IF($Z12=\"Class_7\",INDEX('ER C7 FLT4'!$A$4:$J$340,MATCH($W12&$C12,'ER C7 FLT4'!$A$4:$A$340&'ER C7 FLT4'!$B$4:$B$340-3,1),5)*IF($Z12=\"Class_7\",INDEX('ER C7 FLT4'!$A$4:$J$340,MATCH($W12&$C12,'ER C7 FLT4'!$A$4:$A$340&'ER C7 FLT4'!$B$4:$B$340-3,1),7)),\nIF($Z12=\"Class_6\",INDEX('ER C6 FLT4'!$A$4:$J$340,MATCH($W12&$C12,'ER C6 FLT4'!$A$4:$A$340&'ER C6 FLT4'!$B$4:$B$340-3,1),5)*IF($Z12=\"Class_6\",INDEX('ER C6 FLT4'!$A$4:$L$340,MATCH($W12&$C12,'ER C6 FLT4'!$A$4:$A$340&'ER C6 FLT4'!$B$4:$B$340-3,1),7))))))))))*IF($X12=\"Level 3 PM + Mark I NOx\",0.75,1)*($AC12/453.6)-IF(CY12=0,CI12,0),0)","v":0},{"$f":"MAX(0,CY12+CZ12)","v":0},0,{"$f":"MAX((IF($B12=\"3 Trucks\",IF($Z12=\"Class_8\",INDEX('ER C8 FLT3'!$A$4:$J$340,MATCH($W12&$C12,'ER C8 FLT3'!$A$4:$A$340&'ER C8 FLT3'!$B$4:$B$340-4,1),5)*IF($Z12=\"Class_8\",INDEX('ER C8 FLT3'!$A$4:$J$340,MATCH($W12&$C12,'ER C8 FLT3'!$A$4:$A$340&'ER C8 FLT3'!$B$4:$B$340-4,1),7)),IF($Z12=\"Class_7\",INDEX('ER C7 FLT3'!$A$4:$J$340,MATCH($W12&$C12,'ER C7 FLT3'!$A$4:$A$340&'ER C7 FLT3'!$B$4:$B$340-4,1),5)*IF($Z12=\"Class_7\",INDEX('ER C7 FLT3'!$A$4:$J$340,MATCH($W12&$C12,'ER C7 FLT3'!$A$4:$A$340&'ER C7 FLT3'!$B$4:$B$340-4,1),7)),\nIF($Z12=\"Class_6\",INDEX('ER C6 FLT3'!$A$4:$J$340,MATCH($W12&$C12,'ER C6 FLT3'!$A$4:$A$340&'ER C6 FLT3'!$B$4:$B$340-4,1),5)*IF($Z12=\"Class_6\",INDEX('ER C6 FLT3'!$A$4:$L$340,MATCH($W12&$C12,'ER C6 FLT3'!$A$4:$A$340&'ER C6 FLT3'!$B$4:$B$340-4,1),7))))),IF($B12=\"2 Trucks\",IF($Z12=\"Class_8\",INDEX('ER C8 FLT2'!$A$4:$J$340,MATCH($W12&$C12,'ER C8 FLT2'!$A$4:$A$340&'ER C8 FLT2'!$B$4:$B$340-4,1),5)*IF($Z12=\"Class_8\",INDEX('ER C8 FLT2'!$A$4:$J$340,MATCH($W12&$C12,'ER C8 FLT2'!$A$4:$A$340&'ER C8 FLT2'!$B$4:$B$340-4,1),7)),IF($Z12=\"Class_7\",INDEX('ER C7 FLT2'!$A$4:$J$340,MATCH($W12&$C12,'ER C7 FLT2'!$A$4:$A$340&'ER C7 FLT2'!$B$4:$B$340-4,1),5)*IF($Z12=\"Class_7\",INDEX('ER C7 FLT2'!$A$4:$J$340,MATCH($W12&$C12,'ER C7 FLT2'!$A$4:$A$340&'ER C7 FLT2'!$B$4:$B$340-4,1),7)),IF($Z12=\"Class_6\",INDEX('ER C6 FLT2'!$A$4:$J$340,MATCH($W12&$C12,'ER C6 FLT2'!$A$4:$A$340&'ER C6 FLT2'!$B$4:$B$340-4,1),5)*IF($Z12=\"Class_6\",INDEX('ER C6 FLT2'!$A$4:$J$340,MATCH($W12&$C12,'ER C6 FLT2'!$A$4:$A$340&'ER C6 FLT2'!$B$4:$B$340-4,1),7))))),IF($B12=\"1 Truck\",\nIF($Z12=\"Class_8\",INDEX('ER C8 FLT1'!$A$4:$J$340,MATCH($W12&$C12,'ER C8 FLT1'!$A$4:$A$340&'ER C8 FLT1'!$B$4:$B$340-4,1),5)*IF($Z12=\"Class_8\",INDEX('ER C8 FLT1'!$A$4:$J$340,MATCH($W12&$C12,'ER C8 FLT1'!$A$4:$A$340&'ER C8 FLT1'!$B$4:$B$340-4,1),7)),IF($Z12=\"Class_7\",INDEX('ER C7 FLT1'!$A$4:$J$340,MATCH($W12&$C12,'ER C7 FLT1'!$A$4:$A$340&'ER C7 FLT1'!$B$4:$B$340-4,1),5)*IF($Z12=\"Class_7\",INDEX('ER C7 FLT1'!$A$4:$J$340,MATCH($W12&$C12,'ER C7 FLT1'!$A$4:$A$340&'ER C7 FLT1'!$B$4:$B$340-4,1),7)),\nIF($Z12=\"Class_6\",INDEX('ER C6 FLT1'!$A$4:$J$340,MATCH($W12&$C12,'ER C6 FLT1'!$A$4:$A$340&'ER C6 FLT1'!$B$4:$B$340-4,1),5)*IF($Z12=\"Class_6\",INDEX('ER C6 FLT1'!$A$4:$J$340,MATCH($W12&$C12,'ER C6 FLT1'!$A$4:$A$340&'ER C6 FLT1'!$B$4:$B$340-4,1),7))))),IF($B12=\"4+ Trucks\",IF($Z12=\"Class_8\",INDEX('ER C8 FLT4'!$A$4:$J$340,MATCH($W12&$C12,'ER C8 FLT4'!$A$4:$A$340&'ER C8 FLT4'!$B$4:$B$340-4,1),5)*IF($Z12=\"Class_8\",INDEX('ER C8 FLT4'!$A$4:$J$340,MATCH($W12&$C12,'ER C8 FLT4'!$A$4:$A$340&'ER C8 FLT4'!$B$4:$B$340-4,1),7)),IF($Z12=\"Class_7\",INDEX('ER C7 FLT4'!$A$4:$J$340,MATCH($W12&$C12,'ER C7 FLT4'!$A$4:$A$340&'ER C7 FLT4'!$B$4:$B$340-4,1),5)*IF($Z12=\"Class_7\",INDEX('ER C7 FLT4'!$A$4:$J$340,MATCH($W12&$C12,'ER C7 FLT4'!$A$4:$A$340&'ER C7 FLT4'!$B$4:$B$340-4,1),7)),\nIF($Z12=\"Class_6\",INDEX('ER C6 FLT4'!$A$4:$J$340,MATCH($W12&$C12,'ER C6 FLT4'!$A$4:$A$340&'ER C6 FLT4'!$B$4:$B$340-4,1),5)*IF($Z12=\"Class_6\",INDEX('ER C6 FLT4'!$A$4:$L$340,MATCH($W12&$C12,'ER C6 FLT4'!$A$4:$A$340&'ER C6 FLT4'!$B$4:$B$340-4,1),7))))))))))*IF($X12=\"Level 3 PM + Mark I NOx\",0.75,1)*($AC12/453.6)-IF(DB12=0,CJ12,0),0)","v":0},{"$f":"MAX(0,DB12+DC12)","v":0},{"$f":"MAX(0,CR12+CU12+CX12+DA12+DD12)","v":0}]
[{"$f":"'Input data'!A11","v":"project 7"},{"$f":"'Input data'!B11","v":0},{"$f":"'Input data'!C11","v":0},{"$f":"'Input data'!D11","v":0},{"$f":"'Input data'!E11","v":0},{"$f":"'Input data'!F11","v":0},{"$f":"'Input data'!G11","v":0},{"$f":"'Input data'!H11","v":""},{"$f":"'Input data'!I11","v":0},{"$f":"'Input data'!J11","v":0},{"$f":"'Input data'!K11","v":0},{"$f":"'Input data'!AK11","v":false},{"$f":"'Input data'!M11","v":0},{"$f":"'Input data'!AJ11","v":0},{"$f":"'Input data'!L11","v":0},{"$f":"'Input data'!N11","v":0},{"$f":"'Input data'!O11","v":0},{"$f":"'Input data'!P11","v":0},{"$f":"'Input data'!Q11","v":0},{"$f":"'Input data'!R11","v":""},{"$f":"'Input data'!$S11","v":"No"},{"$f":"'Input data'!T11","v":"No"},{"$f":"'Input data'!U11","v":0},{"$f":"'Input data'!V11","v":0},{"$f":"'Input data'!W11","v":0},{"$f":"'Input data'!X11","v":""},{"$f":"'Input data'!Y11","v":0},{"$f":"'Input data'!Z11","v":0},{"$f":"'Input data'!AA11","v":0},null,null,{"$f":"'Input data'!AD11","v":0},{"$f":"'Input data'!AE11","v":false},{"$f":"'Input data'!AF11","v":false},{"$f":"'Input data'!AG11","v":false},{"$f":"'Input data'!AH11","v":false},null,{"$f":"IF($B13=\"4+ Trucks\",IF(OR($H13=\"Class_8\",$N13=\"Replacement8HHD\",$AH13=\"CL7HHD\",$AJ13=\"CL7to8\"),INDEX('ER C8 FLT4'!$A$4:$I$340,MATCH($E13&$C13,'ER C8 FLT4'!$A$4:$A$340&'ER C8 FLT4'!$B$4:$B$340,1),8)*IF(OR($H13=\"Class_8\",$N13=\"Replacement8HHD\",$AH13=\"CL7HHD\",$AJ13=\"CL7to8\"),INDEX('ER C8 FLT4'!$A$4:$K$340,MATCH($E13&$C13,'ER C8 FLT4'!$A$4:$A$340&'ER C8 FLT4'!$B$4:$B$340,1),9)),IF($H13=\"Class_7\",INDEX('ER C7 FLT4'!$A$4:$J$340,MATCH($E13&$C13,'ER C7 FLT4'!$A$4:$A$340&'ER C7 FLT4'!$B$4:$B$340,1),8)*IF($H13=\"Class_7\",INDEX('ER C7 FLT4'!$A$4:$J$340,MATCH($E13&$C13,'ER C7 FLT4'!$A$4:$A$340&'ER C7 FLT4'!$B$4:$B$340,1),9)),\nIF($H13=\"Class_6\",INDEX('ER C6 FLT4'!$A$4:$J$340,MATCH($E13&$C13,'ER C6 FLT4'!$A$4:$A$340&'ER C6 FLT4'!$B$4:$B$340,1),8)*IF($H13=\"Class_6\",INDEX('ER C6 FLT4'!$A$4:$L$340,MATCH($E13&$C13,'ER C6 FLT4'!$A$4:$A$340&'ER C6 FLT4'!$B$4:$B$340,1),9))))),IF($B13=\"3 Trucks\",IF(OR($H13=\"Class_8\",$N13=\"Replacement8HHD\",$AH13=\"CL7HHD\",$AJ13=\"CL7to8\"),INDEX('ER C8 FLT3'!$A$4:$J$340,MATCH($E13&$C13,'ER C8 FLT3'!$A$4:$A$340&'ER C8 FLT3'!$B$4:$B$340,1),8)*IF(OR($H13=\"Class_8\",$N13=\"Replacement8HHD\",$AH13=\"CL7HHD\",$AJ13=\"CL7to8\"),INDEX('ER C8 FLT3'!$A$4:$J$340,MATCH($E13&$C13,'ER C8 FLT3'!$A$4:$A$340&'ER C8 FLT3'!$B$4:$B$340,1),9)),IF($H13=\"Class_7\",INDEX('ER C7 FLT3'!$A$4:$J$340,MATCH($E13&$C13,'ER C7 FLT3'!$A$4:$A$340&'ER C7 FLT3'!$B$4:$B$340,1),8)*IF($H13=\"Class_7\",INDEX('ER C7 FLT3'!$A$4:$J$340,MATCH($E13&$C13,'ER C7 FLT3'!$A$4:$A$340&'ER C7 FLT3'!$B$4:$B$340,1),9)),\nIF($H13=\"Class_6\",INDEX('ER C6 FLT3'!$A$4:$J$340,MATCH($E13&$C13,'ER C6 FLT3'!$A$4:$A$340&'ER C6 FLT3'!$B$4:$B$340,1),8)*IF($H13=\"Class_6\",INDEX('ER C6 FLT3'!$A$4:$L$340,MATCH($E13&$C13,'ER C6 FLT3'!$A$4:$A$340&'ER C6 FLT3'!$B$4:$B$340,1),9))))),IF($B13=\"2 Trucks\",IF(OR($H13=\"Class_8\",$N13=\"Replacement8HHD\",$AH13=\"CL7HHD\",$AJ13=\"CL7to8\"),INDEX('ER C8 FLT2'!$A$4:$J$340,MATCH($E13&$C13,'ER C8 FLT2'!$A$4:$A$340&'ER C8 FLT2'!$B$4:$B$340,1),8)*IF(OR($H13=\"Class_8\",$N13=\"Replacement8HHD\",$AH13=\"CL7HHD\",$AJ13=\"CL7to8\"),INDEX('ER C8 FLT2'!$A$4:$J$340,MATCH($E13&$C13,'ER C8 FLT2'!$A$4:$A$340&'ER C8 FLT2'!$B$4:$B$340,1),9)),IF($H13=\"Class_7\",INDEX('ER C7 FLT2'!$A$4:$J$340,MATCH($E13&$C13,'ER C7 FLT2'!$A$4:$A$340&'ER C7 FLT2'!$B$4:$B$340,1),8)*IF($H13=\"Class_7\",INDEX('ER C7 FLT2'!$A$4:$J$340,MATCH($E13&$C13,'ER C7 FLT2'!$A$4:$A$340&'ER C7 FLT2'!$B$4:$B$340,1),9)),IF($H13=\"Class_6\",INDEX('ER C6 FLT2'!$A$4:$J$340,MATCH($E13&$C13,'ER C6 FLT2'!$A$4:$A$340&'ER C6 FLT2'!$B$4:$B$340,1),8)*IF($H13=\"Class_6\",INDEX('ER C6 FLT2'!$A$4:$J$340,MATCH($E13&$C13,'ER C6 FLT2'!$A$4:$A$340&'ER C6 FLT2'!$B$4:$B$340,1),9))))),IF($B13=\"1 Truck\",\nIF(OR($H13=\"Class_8\",$N13=\"Replacement8HHD\",$AH13=\"CL7HHD\",$AJ13=\"CL7to8\"),INDEX('ER C8 FLT1'!$A$4:$J$340,MATCH($E13&$C13,'ER C8 FLT1'!$A$4:$A$340&'ER C8 FLT1'!$B$4:$B$340,1),8)*IF(OR($H13=\"Class_8\",$N13=\"Replacement8HHD\",$AH13=\"CL7HHD\",$AJ13=\"CL7to8\"),INDEX('ER C8 FLT1'!$A$4:$J$340,MATCH($E13&$C13,'ER C8 FLT1'!$A$4:$A$340&'ER C8 FLT1'!$B$4:$B$340,1),9)),IF($H13=\"Class_7\",INDEX('ER C7 FLT1'!$A$4:$J$340,MATCH($E13&$C13,'ER C7 FLT1'!$A$4:$A$340&'ER C7 FLT1'!$B$4:$B$340,1),8)*IF($H13=\"Class_7\",INDEX('ER C7 FLT1'!$A$4:$J$340,MATCH($E13&$C13,'ER C7 FLT1'!$A$4:$A$340&'ER C7 FLT1'!$B$4:$B$340,1),9)),\nIF($H13=\"Class_6\",INDEX('ER C6 FLT1'!$A$4:$J$340,MATCH($E13&$C13,'ER C6 FLT1'!$A$4:$A$340&'ER C6 FLT1'!$B$4:$B$340,1),8)*IF($H13=\"Class_6\",INDEX('ER C6 FLT1'!$A$4:$J$340,MATCH($E13&$C13,'ER C6 FLT1'!$A$4:$A$340&'ER C6 FLT1'!$B$4:$B$340,1),9)))))))))*IF($F13=\"Level 1 PM\",0.75,IF($F13=\"Level 2 PM\",0.5,IF($F13=\"Level 3 PM\",0,IF($F13=\"Level 3 PM + Mark I NOx\",0,1))))*($Q13/453.6)","v":0},{"$f":"IF($B13=\"4+ Trucks\",IF(OR($H13=\"Class_8\",$N13=\"Replacement8HHD\",$AH13=\"CL7HHD\",$AJ13=\"CL7to8\"),INDEX('ER C8 FLT4'!$A$4:$K$340,MATCH($E13&$C13,'ER C8 FLT4'!$A$4:$A$340&'ER C8 FLT4'!$B$4:$B$340-1,1),8)*IF(OR($H13=\"Class_8\",$N13=\"Replacement8HHD\",$AH13=\"CL7HHD\",$AJ13=\"CL7to8\"),INDEX('ER C8 FLT4'!$A$4:$K$340,MATCH($E13&$C13,'ER C8 FLT4'!$A$4:$A$340&'ER C8 FLT4'!$B$4:$B$340-1,1),9)),IF($H13=\"Class_7\",INDEX('ER C7 FLT4'!$A$4:$J$340,MATCH($E13&$C13,'ER C7 FLT4'!$A$4:$A$340&'ER C7 FLT4'!$B$4:$B$340-1,1),8)*IF($H13=\"Class_7\",INDEX('ER C7 FLT4'!$A$4:$J$340,MATCH($E13&$C13,'ER C7 FLT4'!$A$4:$A$340&'ER C7 FLT4'!$B$4:$B$340-1,1),9)),\nIF($H13=\"Class_6\",INDEX('ER C6 FLT4'!$A$4:$J$340,MATCH($E13&$C13,'ER C6 FLT4'!$A$4:$A$340&'ER C6 FLT4'!$B$4:$B$340-1,1),8)*IF($H13=\"Class_6\",INDEX('ER C6 FLT4'!$A$4:$L$340,MATCH($E13&$C13,'ER C6 FLT4'!$A$4:$A$340&'ER C6 FLT4'!$B$4:$B$340-1,1),9))))),\nIF($B13=\"3 Trucks\",IF(OR($H13=\"Class_8\",$N13=\"Replacement8HHD\",$AH13=\"CL7HHD\",$AJ13=\"CL7to8\"),INDEX('ER C8 FLT3'!$A$4:$J$340,MATCH($E13&$C13,'ER C8 FLT3'!$A$4:$A$340&'ER C8 FLT3'!$B$4:$B$340-1,1),8)*IF(OR($H13=\"Class_8\",$N13=\"Replacement8HHD\",$AH13=\"CL7HHD\",$AJ13=\"CL7to8\"),INDEX('ER C8 FLT3'!$A$4:$J$340,MATCH($E13&$C13,'ER C8 FLT3'!$A$4:$A$340&'ER C8 FLT3'!$B$4:$B$340-1,1),9)),IF($H13=\"Class_7\",INDEX('ER C7 FLT3'!$A$4:$J$340,MATCH($E13&$C13,'ER C7 FLT3'!$A$4:$A$340&'ER C7 FLT3'!$B$4:$B$340-1,1),8)*IF($H13=\"Class_7\",INDEX('ER C7 FLT3'!$A$4:$J$340,MATCH($E13&$C13,'ER C7 FLT3'!$A$4:$A$340&'ER C7 FLT3'!$B$4:$B$340-1,1),9)),\nIF($H13=\"Class_6\",INDEX('ER C6 FLT3'!$A$4:$J$340,MATCH($E13&$C13,'ER C6 FLT3'!$A$4:$A$340&'ER C6 FLT3'!$B$4:$B$340-1,1),8)*IF($H13=\"Class_6\",INDEX('ER C6 FLT3'!$A$4:$L$340,MATCH($E13&$C13,'ER C6 FLT3'!$A$4:$A$340&'ER C6 FLT3'!$B$4:$B$340-1,1),9))))),IF($B13=\"2 Trucks\",IF(OR($H13=\"Class_8\",$N13=\"Replacement8HHD\",$AH13=\"CL7HHD\",$AJ13=\"CL7to8\"),INDEX('ER C8 FLT2'!$A$4:$J$340,MATCH($E13&$C13,'ER C8 FLT2'!$A$4:$A$340&'ER C8 FLT2'!$B$4:$B$340-1,1),8)*IF(OR($H13=\"Class_8\",$N13=\"Replacement8HHD\",$AH13=\"CL7HHD\",$AJ13=\"CL7to8\"),INDEX('ER C8 FLT2'!$A$4:$J$340,MATCH($E13&$C13,'ER C8 FLT2'!$A$4:$A$340&'ER C8 FLT2'!$B$4:$B$340-1,1),9)),IF($H13=\"Class_7\",INDEX('ER C7 FLT2'!$A$4:$J$340,MATCH($E13&$C13,'ER C7 FLT2'!$A$4:$A$340&'ER C7 FLT2'!$B$4:$B$340-1,1),8)*IF($H13=\"Class_7\",INDEX('ER C7 FLT2'!$A$4:$J$340,MATCH($E13&$C13,'ER C7 FLT2'!$A$4:$A$340&'ER C7 FLT2'!$B$4:$B$340-1,1),9)),IF($H13=\"Class_6\",INDEX('ER C6 FLT2'!$A$4:$J$340,MATCH($E13&$C13,'ER C6 FLT2'!$A$4:$A$340&'ER C6 FLT2'!$B$4:$B$340-1,1),8)*IF($H13=\"Class_6\",INDEX('ER C6 FLT2'!$A$4:$J$340,MATCH($E13&$C13,'ER C6 FLT2'!$A$4:$A$340&'ER C6 FLT2'!$B$4:$B$340-1,1),9))))),IF($B13=\"1 Truck\",\nIF(OR($H13=\"Class_8\",$N13=\"Replacement8HHD\",$AH13=\"CL7HHD\",$AJ13=\"CL7to8\"),INDEX('ER C8 FLT1'!$A$4:$J$340,MATCH($E13&$C13,'ER C8 FLT1'!$A$4:$A$340&'ER C8 FLT1'!$B$4:$B$340-1,1),8)*IF(OR($H13=\"Class_8\",$N13=\"Replacement8HHD\",$AH13=\"CL7HHD\",$AJ13=\"CL7to8\"),INDEX('ER C8 FLT1'!$A$4:$J$340,MATCH($E13&$C13,'ER C8 FLT1'!$A$4:$A$340&'ER C8 FLT1'!$B$4:$B$340-1,1),9)),IF($H13=\"Class_7\",INDEX('ER C7 FLT1'!$A$4:$J$340,MATCH($E13&$C13,'ER C7 FLT1'!$A$4:$A$340&'ER C7 FLT1'!$B$4:$B$340-1,1),8)*IF($H13=\"Class_7\",INDEX('ER C7 FLT1'!$A$4:$J$340,MATCH($E13&$C13,'ER C7 FLT1'!$A$4:$A$340&'ER C7 FLT1'!$B$4:$B$340-1,1),9)),\nIF($H13=\"Class_6\",INDEX('ER C6 FLT1'!$A$4:$J$340,MATCH($E13&$C13,'ER C6 FLT1'!$A$4:$A$340&'ER C6 FLT1'!$B$4:$B$340-1,1),8)*IF($H13=\"Class_6\",INDEX('ER C6 FLT1'!$A$4:$J$340,MATCH($E13&$C13,'ER C6 FLT1'!$A$4:$A$340&'ER C6 FLT1'!$B$4:$B$340-1,1),9))))))))*IF($F13=\"Level 1 PM\",0.75,IF($F13=\"Level 2 PM\",0.5,IF($F13=\"Level 3 PM\",0,IF($F13=\"Level 3 PM + Mark I NOx\",0,1)))))*($Q13/453.6)","v":0},{"$f":"IF($B13=\"4+ Trucks\",IF(OR($H13=\"Class_8\",$N13=\"Replacement8HHD\",$AH13=\"CL7HHD\",$AJ13=\"CL7to8\"),INDEX('ER C8 FLT4'!$A$4:$K$340,MATCH($E13&$C13,'ER C8 FLT4'!$A$4:$A$340&'ER C8 FLT4'!$B$4:$B$340-2,1),8)*IF(OR($H13=\"Class_8\",$N13=\"Replacement8HHD\",$AH13=\"CL7HHD\",$AJ13=\"CL7to8\"),INDEX('ER C8 FLT4'!$A$4:$K$340,MATCH($E13&$C13,'ER C8 FLT4'!$A$4:$A$340&'ER C8 FLT4'!$B$4:$B$340-2,1),9)),IF($H13=\"Class_7\",INDEX('ER C7 FLT4'!$A$4:$J$340,MATCH($E13&$C13,'ER C7 FLT4'!$A$4:$A$340&'ER C7 FLT4'!$B$4:$B$340-2,1),8)*IF($H13=\"Class_7\",INDEX('ER C7 FLT4'!$A$4:$J$340,MATCH($E13&$C13,'ER C7 FLT4'!$A$4:$A$340&'ER C7 FLT4'!$B$4:$B$340-2,1),9)),\nIF($H13=\"Class_6\",INDEX('ER C6 FLT4'!$A$4:$J$340,MATCH($E13&$C13,'ER C6 FLT4'!$A$4:$A$340&'ER C6 FLT4'!$B$4:$B$340-2,1),8)*IF($H13=\"Class_6\",INDEX('ER C6 FLT4'!$A$4:$L$340,MATCH($E13&$C13,'ER C6 FLT4'!$A$4:$A$340&'ER C6 FLT4'!$B$4:$B$340-2,1),9))))),\nIF($B13=\"3 Trucks\",IF(OR($H13=\"Class_8\",$N13=\"Replacement8HHD\",$AH13=\"CL7HHD\",$AJ13=\"CL7to8\"),INDEX('ER C8 FLT3'!$A$4:$J$340,MATCH($E13&$C13,'ER C8 FLT3'!$A$4:$A$340&'ER C8 FLT3'!$B$4:$B$340-2,1),8)*IF(OR($H13=\"Class_8\",$N13=\"Replacement8HHD\",$AH13=\"CL7HHD\",$AJ13=\"CL7to8\"),INDEX('ER C8 FLT3'!$A$4:$J$340,MATCH($E13&$C13,'ER C8 FLT3'!$A$4:$A$340&'ER C8 FLT3'!$B$4:$B$340-2,1),9)),IF($H13=\"Class_7\",INDEX('ER C7 FLT3'!$A$4:$J$340,MATCH($E13&$C13,'ER C7 FLT3'!$A$4:$A$340&'ER C7 FLT3'!$B$4:$B$340-2,1),8)*IF($H13=\"Class_7\",INDEX('ER C7 FLT3'!$A$4:$J$340,MATCH($E13&$C13,'ER C7 FLT3'!$A$4:$A$340&'ER C7 FLT3'!$B$4:$B$340-2,1),9)),\nIF($H13=\"Class_6\",INDEX('ER C6 FLT3'!$A$4:$J$340,MATCH($E13&$C13,'ER C6 FLT3'!$A$4:$A$340&'ER C6 FLT3'!$B$4:$B$340-2,1),8)*IF($H13=\"Class_6\",INDEX('ER C6 FLT3'!$A$4:$L$340,MATCH($E13&$C13,'ER C6 FLT3'!$A$4:$A$340&'ER C6 FLT3'!$B$4:$B$340-2,1),9))))),IF($B13=\"2 Trucks\",IF(OR($H13=\"Class_8\",$N13=\"Replacement8HHD\",$AH13=\"CL7HHD\",$AJ13=\"CL7to8\"),INDEX('ER C8 FLT2'!$A$4:$J$340,MATCH($E13&$C13,'ER C8 FLT2'!$A$4:$A$340&'ER C8 FLT2'!$B$4:$B$340-2,1),8)*IF(OR($H13=\"Class_8\",$N13=\"Replacement8HHD\",$AH13=\"CL7HHD\",$AJ13=\"CL7to8\"),INDEX('ER C8 FLT2'!$A$4:$J$340,MATCH($E13&$C13,'ER C8 FLT2'!$A$4:$A$340&'ER C8 FLT2'!$B$4:$B$340-2,1),9)),IF($H13=\"Class_7\",INDEX('ER C7 FLT2'!$A$4:$J$340,MATCH($E13&$C13,'ER C7 FLT2'!$A$4:$A$340&'ER C7 FLT2'!$B$4:$B$340-2,1),8)*IF($H13=\"Class_7\",INDEX('ER C7 FLT2'!$A$4:$J$340,MATCH($E13&$C13,'ER C7 FLT2'!$A$4:$A$340&'ER C7 FLT2'!$B$4:$B$340-2,1),9)),IF($H13=\"Class_6\",INDEX('ER C6 FLT2'!$A$4:$J$340,MATCH($E13&$C13,'ER C6 FLT2'!$A$4:$A$340&'ER C6 FLT2'!$B$4:$B$340-2,1),8)*IF($H13=\"Class_6\",INDEX('ER C6 FLT2'!$A$4:$J$340,MATCH($E13&$C13,'ER C6 FLT2'!$A$4:$A$340&'ER C6 FLT2'!$B$4:$B$340-2,1),9))))),IF($B13=\"1 Truck\",\nIF(OR($H13=\"Class_8\",$N13=\"Replacement8HHD\",$AH13=\"CL7HHD\",$AJ13=\"CL7to8\"),INDEX('ER C8 FLT1'!$A$4:$J$340,MATCH($E13&$C13,'ER C8 FLT1'!$A$4:$A$340&'ER C8 FLT1'!$B$4:$B$340-2,1),8)*IF(OR($H13=\"Class_8\",$N13=\"Replacement8HHD\",$AH13=\"CL7HHD\",$AJ13=\"CL7to8\"),INDEX('ER C8 FLT1'!$A$4:$J$340,MATCH($E13&$C13,'ER C8 FLT1'!$A$4:$A$340&'ER C8 FLT1'!$B$4:$B$340-2,1),9)),IF($H13=\"Class_7\",INDEX('ER C7 FLT1'!$A$4:$J$340,MATCH($E13&$C13,'ER C7 FLT1'!$A$4:$A$340&'ER C7 FLT1'!$B$4:$B$340-2,1),8)*IF($H13=\"Class_7\",INDEX('ER C7 FLT1'!$A$4:$J$340,MATCH($E13&$C13,'ER C7 FLT1'!$A$4:$A$340&'ER C7 FLT1'!$B$4:$B$340-2,1),9)),\nIF($H13=\"Class_6\",INDEX('ER C6 FLT1'!$A$4:$J$340,MATCH($E13&$C13,'ER C6 FLT1'!$A$4:$A$340&'ER C6 FLT1'!$B$4:$B$340-2,1),8)*IF($H13=\"Class_6\",INDEX('ER C6 FLT1'!$A$4:$J$340,MATCH($E13&$C13,'ER C6 FLT1'!$A$4:$A$340&'ER C6 FLT1'!$B$4:$B$340-2,1),9))))))))*IF($F13=\"Level 1 PM\",0.75,IF($F13=\"Level 2 PM\",0.5,IF($F13=\"Level 3 PM\",0,IF($F13=\"Level 3 PM + Mark I NOx\",0,1)))))*($Q13/453.6)","v":0},{"$f":"IF($B13=\"4+ Trucks\",IF(OR($H13=\"Class_8\",$N13=\"Replacement8HHD\",$AH13=\"CL7HHD\",$AJ13=\"CL7to8\"),INDEX('ER C8 FLT4'!$A$4:$K$340,MATCH($E13&$C13,'ER C8 FLT4'!$A$4:$A$340&'ER C8 FLT4'!$B$4:$B$340-3,1),8)*IF(OR($H13=\"Class_8\",$N13=\"Replacement8HHD\",$AH13=\"CL7HHD\",$AJ13=\"CL7to8\"),INDEX('ER C8 FLT4'!$A$4:$K$340,MATCH($E13&$C13,'ER C8 FLT4'!$A$4:$A$340&'ER C8 FLT4'!$B$4:$B$340-3,1),9)),IF($H13=\"Class_7\",INDEX('ER C7 FLT4'!$A$4:$J$340,MATCH($E13&$C13,'ER C7 FLT4'!$A$4:$A$340&'ER C7 FLT4'!$B$4:$B$340-3,1),8)*IF($H13=\"Class_7\",INDEX('ER C7 FLT4'!$A$4:$J$340,MATCH($E13&$C13,'ER C7 FLT4'!$A$4:$A$340&'ER C7 FLT4'!$B$4:$B$340-3,1),9)),\nIF($H13=\"Class_6\",INDEX('ER C6 FLT4'!$A$4:$J$340,MATCH($E13&$C13,'ER C6 FLT4'!$A$4:$A$340&'ER C6 FLT4'!$B$4:$B$340-3,1),8)*IF($H13=\"Class_6\",INDEX('ER C6 FLT4'!$A$4:$L$340,MATCH($E13&$C13,'ER C6 FLT4'!$A$4:$A$340&'ER C6 FLT4'!$B$4:$B$340-3,1),9))))),\nIF($B13=\"3 Trucks\",IF(OR($H13=\"Class_8\",$N13=\"Replacement8HHD\",$AH13=\"CL7HHD\",$AJ13=\"CL7to8\"),INDEX('ER C8 FLT3'!$A$4:$J$340,MATCH($E13&$C13,'ER C8 FLT3'!$A$4:$A$340&'ER C8 FLT3'!$B$4:$B$340-3,1),8)*IF(OR($H13=\"Class_8\",$N13=\"Replacement8HHD\",$AH13=\"CL7HHD\",$AJ13=\"CL7to8\"),INDEX('ER C8 FLT3'!$A$4:$J$340,MATCH($E13&$C13,'ER C8 FLT3'!$A$4:$A$340&'ER C8 FLT3'!$B$4:$B$340-3,1),9)),IF($H13=\"Class_7\",INDEX('ER C7 FLT3'!$A$4:$J$340,MATCH($E13&$C13,'ER C7 FLT3'!$A$4:$A$340&'ER C7 FLT3'!$B$4:$B$340-3,1),8)*IF($H13=\"Class_7\",INDEX('ER C7 FLT3'!$A$4:$J$340,MATCH($E13&$C13,'ER C7 FLT3'!$A$4:$A$340&'ER C7 FLT3'!$B$4:$B$340-3,1),9)),\nIF($H13=\"Class_6\",INDEX('ER C6 FLT3'!$A$4:$J$340,MATCH($E13&$C13,'ER C6 FLT3'!$A$4:$A$340&'ER C6 FLT3'!$B$4:$B$340-3,1),8)*IF($H13=\"Class_6\",INDEX('ER C6 FLT3'!$A$4:$L$340,MATCH($E13&$C13,'ER C6 FLT3'!$A$4:$A$340&'ER C6 FLT3'!$B$4:$B$340-3,1),9))))),IF($B13=\"2 Trucks\",IF(OR($H13=\"Class_8\",$N13=\"Replacement8HHD\",$AH13=\"CL7HHD\",$AJ13=\"CL7to8\"),INDEX('ER C8 FLT2'!$A$4:$J$340,MATCH($E13&$C13,'ER C8 FLT2'!$A$4:$A$340&'ER C8 FLT2'!$B$4:$B$340-3,1),8)*IF(OR($H13=\"Class_8\",$N13=\"Replacement8HHD\",$AH13=\"CL7HHD\",$AJ13=\"CL7to8\"),INDEX('ER C8 FLT2'!$A$4:$J$340,MATCH($E13&$C13,'ER C8 FLT2'!$A$4:$A$340&'ER C8 FLT2'!$B$4:$B$340-3,1),9)),IF($H13=\"Class_7\",INDEX('ER C7 FLT2'!$A$4:$J$340,MATCH($E13&$C13,'ER C7 FLT2'!$A$4:$A$340&'ER C7 FLT2'!$B$4:$B$340-3,1),8)*IF($H13=\"Class_7\",INDEX('ER C7 FLT2'!$A$4:$J$340,MATCH($E13&$C13,'ER C7 FLT2'!$A$4:$A$340&'ER C7 FLT2'!$B$4:$B$340-3,1),9)),IF($H13=\"Class_6\",INDEX('ER C6 FLT2'!$A$4:$J$340,MATCH($E13&$C13,'ER C6 FLT2'!$A$4:$A$340&'ER C6 FLT2'!$B$4:$B$340-3,1),8)*IF($H13=\"Class_6\",INDEX('ER C6 FLT2'!$A$4:$J$340,MATCH($E13&$C13,'ER C6 FLT2'!$A$4:$A$340&'ER C6 FLT2'!$B$4:$B$340-3,1),9))))),IF($B13=\"1 Truck\",\nIF(OR($H13=\"Class_8\",$N13=\"Replacement8HHD\",$AH13=\"CL7HHD\",$AJ13=\"CL7to8\"),INDEX('ER C8 FLT1'!$A$4:$J$340,MATCH($E13&$C13,'ER C8 FLT1'!$A$4:$A$340&'ER C8 FLT1'!$B$4:$B$340-3,1),8)*IF(OR($H13=\"Class_8\",$N13=\"Replacement8HHD\",$AH13=\"CL7HHD\",$AJ13=\"CL7to8\"),INDEX('ER C8 FLT1'!$A$4:$J$340,MATCH($E13&$C13,'ER C8 FLT1'!$A$4:$A$340&'ER C8 FLT1'!$B$4:$B$340-3,1),9)),IF($H13=\"Class_7\",INDEX('ER C7 FLT1'!$A$4:$J$340,MATCH($E13&$C13,'ER C7 FLT1'!$A$4:$A$340&'ER C7 FLT1'!$B$4:$B$340-3,1),8)*IF($H13=\"Class_7\",INDEX('ER C7 FLT1'!$A$4:$J$340,MATCH($E13&$C13,'ER C7 FLT1'!$A$4:$A$340&'ER C7 FLT1'!$B$4:$B$340-3,1),9)),\nIF($H13=\"Class_6\",INDEX('ER C6 FLT1'!$A$4:$J$340,MATCH($E13&$C13,'ER C6 FLT1'!$A$4:$A$340&'ER C6 FLT1'!$B$4:$B$340-3,1),8)*IF($H13=\"Class_6\",INDEX('ER C6 FLT1'!$A$4:$J$340,MATCH($E13&$C13,'ER C6 FLT1'!$A$4:$A$340&'ER C6 FLT1'!$B$4:$B$340-3,1),9))))))))*IF($F13=\"Level 1 PM\",0.75,IF($F13=\"Level 2 PM\",0.5,IF($F13=\"Level 3 PM\",0,IF($F13=\"Level 3 PM + Mark I NOx\",0,1)))))*($Q13/453.6)","v":0},{"$f":"IF($B13=\"4+ Trucks\",IF(OR($H13=\"Class_8\",$N13=\"Replacement8HHD\",$AH13=\"CL7HHD\",$AJ13=\"CL7to8\"),INDEX('ER C8 FLT4'!$A$4:$K$340,MATCH($E13&$C13,'ER C8 FLT4'!$A$4:$A$340&'ER C8 FLT4'!$B$4:$B$340-4,1),8)*IF(OR($H13=\"Class_8\",$N13=\"Replacement8HHD\",$AH13=\"CL7HHD\",$AJ13=\"CL7to8\"),INDEX('ER C8 FLT4'!$A$4:$K$340,MATCH($E13&$C13,'ER C8 FLT4'!$A$4:$A$340&'ER C8 FLT4'!$B$4:$B$340-4,1),9)),IF($H13=\"Class_7\",INDEX('ER C7 FLT4'!$A$4:$J$340,MATCH($E13&$C13,'ER C7 FLT4'!$A$4:$A$340&'ER C7 FLT4'!$B$4:$B$340-4,1),8)*IF($H13=\"Class_7\",INDEX('ER C7 FLT4'!$A$4:$J$340,MATCH($E13&$C13,'ER C7 FLT4'!$A$4:$A$340&'ER C7 FLT4'!$B$4:$B$340-4,1),9)),\nIF($H13=\"Class_6\",INDEX('ER C6 FLT4'!$A$4:$J$340,MATCH($E13&$C13,'ER C6 FLT4'!$A$4:$A$340&'ER C6 FLT4'!$B$4:$B$340-4,1),8)*IF($H13=\"Class_6\",INDEX('ER C6 FLT4'!$A$4:$L$340,MATCH($E13&$C13,'ER C6 FLT4'!$A$4:$A$340&'ER C6 FLT4'!$B$4:$B$340-4,1),9))))),\nIF($B13=\"3 Trucks\",IF(OR($H13=\"Class_8\",$N13=\"Replacement8HHD\",$AH13=\"CL7HHD\",$AJ13=\"CL7to8\"),INDEX('ER C8 FLT3'!$A$4:$J$340,MATCH($E13&$C13,'ER C8 FLT3'!$A$4:$A$340&'ER C8 FLT3'!$B$4:$B$340-4,1),8)*IF(OR($H13=\"Class_8\",$N13=\"Replacement8HHD\",$AH13=\"CL7HHD\",$AJ13=\"CL7to8\"),INDEX('ER C8 FLT3'!$A$4:$J$340,MATCH($E13&$C13,'ER C8 FLT3'!$A$4:$A$340&'ER C8 FLT3'!$B$4:$B$340-4,1),9)),IF($H13=\"Class_7\",INDEX('ER C7 FLT3'!$A$4:$J$340,MATCH($E13&$C13,'ER C7 FLT3'!$A$4:$A$340&'ER C7 FLT3'!$B$4:$B$340-4,1),8)*IF($H13=\"Class_7\",INDEX('ER C7 FLT3'!$A$4:$J$340,MATCH($E13&$C13,'ER C7 FLT3'!$A$4:$A$340&'ER C7 FLT3'!$B$4:$B$340-4,1),9)),\nIF($H13=\"Class_6\",INDEX('ER C6 FLT3'!$A$4:$J$340,MATCH($E13&$C13,'ER C6 FLT3'!$A$4:$A$340&'ER C6 FLT3'!$B$4:$B$340-4,1),8)*IF($H13=\"Class_6\",INDEX('ER C6 FLT3'!$A$4:$L$340,MATCH($E13&$C13,'ER C6 FLT3'!$A$4:$A$340&'ER C6 FLT3'!$B$4:$B$340-4,1),9))))),IF($B13=\"2 Trucks\",IF(OR($H13=\"Class_8\",$N13=\"Replacement8HHD\",$AH13=\"CL7HHD\",$AJ13=\"CL7to8\"),INDEX('ER C8 FLT2'!$A$4:$J$340,MATCH($E13&$C13,'ER C8 FLT2'!$A$4:$A$340&'ER C8 FLT2'!$B$4:$B$340-4,1),8)*IF(OR($H13=\"Class_8\",$N13=\"Replacement8HHD\",$AH13=\"CL7HHD\",$AJ13=\"CL7to8\"),INDEX('ER C8 FLT2'!$A$4:$J$340,MATCH($E13&$C13,'ER C8 FLT2'!$A$4:$A$340&'ER C8 FLT2'!$B$4:$B$340-4,1),9)),IF($H13=\"Class_7\",INDEX('ER C7 FLT2'!$A$4:$J$340,MATCH($E13&$C13,'ER C7 FLT2'!$A$4:$A$340&'ER C7 FLT2'!$B$4:$B$340-4,1),8)*IF($H13=\"Class_7\",INDEX('ER C7 FLT2'!$A$4:$J$340,MATCH($E13&$C13,'ER C7 FLT2'!$A$4:$A$340&'ER C7 FLT2'!$B$4:$B$340-4,1),9)),IF($H13=\"Class_6\",INDEX('ER C6 FLT2'!$A$4:$J$340,MATCH($E13&$C13,'ER C6 FLT2'!$A$4:$A$340&'ER C6 FLT2'!$B$4:$B$340-4,1),8)*IF($H13=\"Class_6\",INDEX('ER C6 FLT2'!$A$4:$J$340,MATCH($E13&$C13,'ER C6 FLT2'!$A$4:$A$340&'ER C6 FLT2'!$B$4:$B$340-4,1),9))))),IF($B13=\"1 Truck\",\nIF(OR($H13=\"Class_8\",$N13=\"Replacement8HHD\",$AH13=\"CL7HHD\",$AJ13=\"CL7to8\"),INDEX('ER C8 FLT1'!$A$4:$J$340,MATCH($E13&$C13,'ER C8 FLT1'!$A$4:$A$340&'ER C8 FLT1'!$B$4:$B$340-4,1),8)*IF(OR($H13=\"Class_8\",$N13=\"Replacement8HHD\",$AH13=\"CL7HHD\",$AJ13=\"CL7to8\"),INDEX('ER C8 FLT1'!$A$4:$J$340,MATCH($E13&$C13,'ER C8 FLT1'!$A$4:$A$340&'ER C8 FLT1'!$B$4:$B$340-4,1),9)),IF($H13=\"Class_7\",INDEX('ER C7 FLT1'!$A$4:$J$340,MATCH($E13&$C13,'ER C7 FLT1'!$A$4:$A$340&'ER C7 FLT1'!$B$4:$B$340-4,1),8)*IF($H13=\"Class_7\",INDEX('ER C7 FLT1'!$A$4:$J$340,MATCH($E13&$C13,'ER C7 FLT1'!$A$4:$A$340&'ER C7 FLT1'!$B$4:$B$340-4,1),9)),\nIF($H13=\"Class_6\",INDEX('ER C6 FLT1'!$A$4:$J$340,MATCH($E13&$C13,'ER C6 FLT1'!$A$4:$A$340&'ER C6 FLT1'!$B$4:$B$340-4,1),8)*IF($H13=\"Class_6\",INDEX('ER C6 FLT1'!$A$4:$J$340,MATCH($E13&$C13,'ER C6 FLT1'!$A$4:$A$340&'ER C6 FLT1'!$B$4:$B$340-4,1),9))))))))*IF($F13=\"Level 1 PM\",0.75,IF($F13=\"Level 2 PM\",0.5,IF($F13=\"Level 3 PM\",0,IF($F13=\"Level 3 PM + Mark I NOx\",0,1)))))*($Q13/453.6)","v":0},{"$f":"IF($B13=\"4+ Trucks\",IF(OR($H13=\"Class_8\",$N13=\"Replacement8HHD\",$AH13=\"CL7HHD\",$AJ13=\"CL7to8\"),INDEX('ER C8 FLT4'!$A$4:$K$340,MATCH($E13&$C13,'ER C8 FLT4'!$A$4:$A$340&'ER C8 FLT4'!$B$4:$B$340,1),8),IF($H13=\"Class_7\",INDEX('ER C7 FLT4'!$A$4:$J$340,MATCH($E13&$C13,'ER C7 FLT4'!$A$4:$A$340&'ER C7 FLT4'!$B$4:$B$340,1),8),IF($H13=\"Class_6\",INDEX('ER C6 FLT4'!$A$4:$J$340,MATCH($E13&$C13,'ER C6 FLT4'!$A$4:$A$340&'ER C6 FLT4'!$B$4:$B$340,1),8)))),\nIF($B13=\"3 Trucks\",IF(OR($H13=\"Class_8\",$N13=\"Replacement8HHD\",$AH13=\"CL7HHD\",$AJ13=\"CL7to8\"),INDEX('ER C8 FLT3'!$A$4:$J$340,MATCH($E13&$C13,'ER C8 FLT3'!$A$4:$A$340&'ER C8 FLT3'!$B$4:$B$340,1),8),IF($H13=\"Class_7\",INDEX('ER C7 FLT3'!$A$4:$J$340,MATCH($E13&$C13,'ER C7 FLT3'!$A$4:$A$340&'ER C7 FLT3'!$B$4:$B$340,1),8),IF($H13=\"Class_6\",INDEX('ER C6 FLT3'!$A$4:$J$340,MATCH($E13&$C13,'ER C6 FLT3'!$A$4:$A$340&'ER C6 FLT3'!$B$4:$B$340,1),8)))),IF($B13=\"2 Trucks\",IF(OR($H13=\"Class_8\",$N13=\"Replacement8HHD\",$AH13=\"CL7HHD\",$AJ13=\"CL7to8\"),INDEX('ER C8 FLT2'!$A$4:$J$340,MATCH($E13&$C13,'ER C8 FLT2'!$A$4:$A$340&'ER C8 FLT2'!$B$4:$B$340,1),8),IF($H13=\"Class_7\",INDEX('ER C7 FLT2'!$A$4:$J$340,MATCH($E13&$C13,'ER C7 FLT2'!$A$4:$A$340&'ER C7 FLT2'!$B$4:$B$340,1),8),IF($H13=\"Class_6\",INDEX('ER C6 FLT2'!$A$4:$J$340,MATCH($E13&$C13,'ER C6 FLT2'!$A$4:$A$340&'ER C6 FLT2'!$B$4:$B$340,1),8)))),IF($B13=\"1 Truck\",IF(OR($H13=\"Class_8\",$N13=\"Replacement8HHD\",$AH13=\"CL7HHD\",$AJ13=\"CL7to8\"),INDEX('ER C8 FLT1'!$A$4:$J$340,MATCH($E13&$C13,'ER C8 FLT1'!$A$4:$A$340&'ER C8 FLT1'!$B$4:$B$340,1),8),IF($H13=\"Class_7\",INDEX('ER C7 FLT1'!$A$4:$J$340,MATCH($E13&$C13,'ER C7 FLT1'!$A$4:$A$340&'ER C7 FLT1'!$B$4:$B$340,1),8),IF($H13=\"Class_6\",INDEX('ER C6 FLT1'!$A$4:$J$340,MATCH($E13&$C13,'ER C6 FLT1'!$A$4:$A$340&'ER C6 FLT1'!$B$4:$B$340,1),8)))))))\n)","v":false},{"$f":"IF($B13=\"4+ Trucks\",IF(OR($H13=\"Class_8\",$N13=\"Replacement8HHD\",$AH13=\"CL7HHD\",$AJ13=\"CL7to8\"),INDEX('ER C8 FLT4'!$A$4:$K$340,MATCH($E13&$C13,'ER C8 FLT4'!$A$4:$A$340&'ER C8 FLT4'!$B$4:$B$340-1,1),8),IF($H13=\"Class_7\",INDEX('ER C7 FLT4'!$A$4:$J$340,MATCH($E13&$C13,'ER C7 FLT4'!$A$4:$A$340&'ER C7 FLT4'!$B$4:$B$340-1,1),8),IF($H13=\"Class_6\",INDEX('ER C6 FLT4'!$A$4:$J$340,MATCH($E13&$C13,'ER C6 FLT4'!$A$4:$A$340&'ER C6 FLT4'!$B$4:$B$340-1,1),8)))),\nIF($B13=\"3 Trucks\",IF(OR($H13=\"Class_8\",$N13=\"Replacement8HHD\",$AH13=\"CL7HHD\",$AJ13=\"CL7to8\"),INDEX('ER C8 FLT3'!$A$4:$J$340,MATCH($E13&$C13,'ER C8 FLT3'!$A$4:$A$340&'ER C8 FLT3'!$B$4:$B$340-1,1),8),IF($H13=\"Class_7\",INDEX('ER C7 FLT3'!$A$4:$J$340,MATCH($E13&$C13,'ER C7 FLT3'!$A$4:$A$340&'ER C7 FLT3'!$B$4:$B$340-1,1),8),IF($H13=\"Class_6\",INDEX('ER C6 FLT3'!$A$4:$J$340,MATCH($E13&$C13,'ER C6 FLT3'!$A$4:$A$340&'ER C6 FLT3'!$B$4:$B$340-1,1),8)))),IF($B13=\"2 Trucks\",IF(OR($H13=\"Class_8\",$N13=\"Replacement8HHD\",$AH13=\"CL7HHD\",$AJ13=\"CL7to8\"),INDEX('ER C8 FLT2'!$A$4:$J$340,MATCH($E13&$C13,'ER C8 FLT2'!$A$4:$A$340&'ER C8 FLT2'!$B$4:$B$340-1,1),8),IF($H13=\"Class_7\",INDEX('ER C7 FLT2'!$A$4:$J$340,MATCH($E13&$C13,'ER C7 FLT2'!$A$4:$A$340&'ER C7 FLT2'!$B$4:$B$340-1,1),8),IF($H13=\"Class_6\",INDEX('ER C6 FLT2'!$A$4:$J$340,MATCH($E13&$C13,'ER C6 FLT2'!$A$4:$A$340&'ER C6 FLT2'!$B$4:$B$340-1,1),8)))),IF($B13=\"1 Truck\",IF(OR($H13=\"Class_8\",$N13=\"Replacement8HHD\",$AH13=\"CL7HHD\",$AJ13=\"CL7to8\"),INDEX('ER C8 FLT1'!$A$4:$J$340,MATCH($E13&$C13,'ER C8 FLT1'!$A$4:$A$340&'ER C8 FLT1'!$B$4:$B$340-1,1),8),IF($H13=\"Class_7\",INDEX('ER C7 FLT1'!$A$4:$J$340,MATCH($E13&$C13,'ER C7 FLT1'!$A$4:$A$340&'ER C7 FLT1'!$B$4:$B$340-1,1),8),IF($H13=\"Class_6\",INDEX('ER C6 FLT1'!$A$4:$J$340,MATCH($E13&$C13,'ER C6 FLT1'!$A$4:$A$340&'ER C6 FLT1'!$B$4:$B$340-1,1),8)))))))\n)","v":false},{"$f":"IF($B13=\"4+ Trucks\",IF(OR($H13=\"Class_8\",$N13=\"Replacement8HHD\",$AH13=\"CL7HHD\",$AJ13=\"CL7to8\"),INDEX('ER C8 FLT4'!$A$4:$K$340,MATCH($E13&$C13,'ER C8 FLT4'!$A$4:$A$340&'ER C8 FLT4'!$B$4:$B$340-2,1),8),IF($H13=\"Class_7\",INDEX('ER C7 FLT4'!$A$4:$J$340,MATCH($E13&$C13,'ER C7 FLT4'!$A$4:$A$340&'ER C7 FLT4'!$B$4:$B$340-2,1),8),IF($H13=\"Class_6\",INDEX('ER C6 FLT4'!$A$4:$J$340,MATCH($E13&$C13,'ER C6 FLT4'!$A$4:$A$340&'ER C6 FLT4'!$B$4:$B$340-2,1),8)))),\nIF($B13=\"3 Trucks\",IF(OR($H13=\"Class_8\",$N13=\"Replacement8HHD\",$AH13=\"CL7HHD\",$AJ13=\"CL7to8\"),INDEX('ER C8 FLT3'!$A$4:$J$340,MATCH($E13&$C13,'ER C8 FLT3'!$A$4:$A$340&'ER C8 FLT3'!$B$4:$B$340-2,1),8),IF($H13=\"Class_7\",INDEX('ER C7 FLT3'!$A$4:$J$340,MATCH($E13&$C13,'ER C7 FLT3'!$A$4:$A$340&'ER C7 FLT3'!$B$4:$B$340-2,1),8),IF($H13=\"Class_6\",INDEX('ER C6 FLT3'!$A$4:$J$340,MATCH($E13&$C13,'ER C6 FLT3'!$A$4:$A$340&'ER C6 FLT3'!$B$4:$B$340-2,1),8)))),IF($B13=\"2 Trucks\",IF(OR($H13=\"Class_8\",$N13=\"Replacement8HHD\",$AH13=\"CL7HHD\",$AJ13=\"CL7to8\"),INDEX('ER C8 FLT2'!$A$4:$J$340,MATCH($E13&$C13,'ER C8 FLT2'!$A$4:$A$340&'ER C8 FLT2'!$B$4:$B$340-2,1),8),IF($H13=\"Class_7\",INDEX('ER C7 FLT2'!$A$4:$J$340,MATCH($E13&$C13,'ER C7 FLT2'!$A$4:$A$340&'ER C7 FLT2'!$B$4:$B$340-2,1),8),IF($H13=\"Class_6\",INDEX('ER C6 FLT2'!$A$4:$J$340,MATCH($E13&$C13,'ER C6 FLT2'!$A$4:$A$340&'ER C6 FLT2'!$B$4:$B$340-2,1),8)))),IF($B13=\"1 Truck\",IF(OR($H13=\"Class_8\",$N13=\"Replacement8HHD\",$AH13=\"CL7HHD\",$AJ13=\"CL7to8\"),INDEX('ER C8 FLT1'!$A$4:$J$340,MATCH($E13&$C13,'ER C8 FLT1'!$A$4:$A$340&'ER C8 FLT1'!$B$4:$B$340-2,1),8),IF($H13=\"Class_7\",INDEX('ER C7 FLT1'!$A$4:$J$340,MATCH($E13&$C13,'ER C7 FLT1'!$A$4:$A$340&'ER C7 FLT1'!$B$4:$B$340-2,1),8),IF($H13=\"Class_6\",INDEX('ER C6 FLT1'!$A$4:$J$340,MATCH($E13&$C13,'ER C6 FLT1'!$A$4:$A$340&'ER C6 FLT1'!$B$4:$B$340-2,1),8)))))))\n)","v":false},{"$f":"IF($B13=\"4+ Trucks\",IF(OR($H13=\"Class_8\",$N13=\"Replacement8HHD\",$AH13=\"CL7HHD\",$AJ13=\"CL7to8\"),INDEX('ER C8 FLT4'!$A$4:$J$340,MATCH($E13&$C13,'ER C8 FLT4'!$A$4:$A$340&'ER C8 FLT4'!$B$4:$B$340-3,1),8),IF($H13=\"Class_7\",INDEX('ER C7 FLT4'!$A$4:$J$340,MATCH($E13&$C13,'ER C7 FLT4'!$A$4:$A$340&'ER C7 FLT4'!$B$4:$B$340-3,1),8),IF($H13=\"Class_6\",INDEX('ER C6 FLT4'!$A$4:$J$340,MATCH($E13&$C13,'ER C6 FLT4'!$A$4:$A$340&'ER C6 FLT4'!$B$4:$B$340-3,1),8)))),\nIF($B13=\"3 Trucks\",IF(OR($H13=\"Class_8\",$N13=\"Replacement8HHD\",$AH13=\"CL7HHD\",$AJ13=\"CL7to8\"),INDEX('ER C8 FLT3'!$A$4:$J$340,MATCH($E13&$C13,'ER C8 FLT3'!$A$4:$A$340&'ER C8 FLT3'!$B$4:$B$340-3,1),8),IF($H13=\"Class_7\",INDEX('ER C7 FLT3'!$A$4:$J$340,MATCH($E13&$C13,'ER C7 FLT3'!$A$4:$A$340&'ER C7 FLT3'!$B$4:$B$340-3,1),8),IF($H13=\"Class_6\",INDEX('ER C6 FLT3'!$A$4:$J$340,MATCH($E13&$C13,'ER C6 FLT3'!$A$4:$A$340&'ER C6 FLT3'!$B$4:$B$340-3,1),8)))),\nIF($B13=\"2 Trucks\",IF(OR($H13=\"Class_8\",$N13=\"Replacement8HHD\",$AH13=\"CL7HHD\",$AJ13=\"CL7to8\"),INDEX('ER C8 FLT2'!$A$4:$J$340,MATCH($E13&$C13,'ER C8 FLT2'!$A$4:$A$340&'ER C8 FLT2'!$B$4:$B$340-3,1),8),IF($H13=\"Class_7\",INDEX('ER C7 FLT2'!$A$4:$J$340,MATCH($E13&$C13,'ER C7 FLT2'!$A$4:$A$340&'ER C7 FLT2'!$B$4:$B$340-3,1),8),IF($H13=\"Class_6\",INDEX('ER C6 FLT2'!$A$4:$J$340,MATCH($E13&$C13,'ER C6 FLT2'!$A$4:$A$340&'ER C6 FLT2'!$B$4:$B$340-3,1),8)))),IF($B13=\"1 Truck\",IF(OR($H13=\"Class_8\",$N13=\"Replacement8HHD\",$AH13=\"CL7HHD\",$AJ13=\"CL7to8\"),INDEX('ER C8 FLT1'!$A$4:$J$340,MATCH($E13&$C13,'ER C8 FLT1'!$A$4:$A$340&'ER C8 FLT1'!$B$4:$B$340-3,1),8),IF($H13=\"Class_7\",INDEX('ER C7 FLT1'!$A$4:$J$340,MATCH($E13&$C13,'ER C7 FLT1'!$A$4:$A$340&'ER C7 FLT1'!$B$4:$B$340-3,1),8),IF($H13=\"Class_6\",INDEX('ER C6 FLT1'!$A$4:$J$340,MATCH($E13&$C13,'ER C6 FLT1'!$A$4:$A$340&'ER C6 FLT1'!$B$4:$B$340-3,1),8)))))))\n)","v":false},{"$f":"IF($B13=\"4+ Trucks\",IF(OR($H13=\"Class_8\",$N13=\"Replacement8HHD\",$AH13=\"CL7HHD\",$AJ13=\"CL7to8\"),INDEX('ER C8 FLT4'!$A$4:$J$340,MATCH($E13&$C13,'ER C8 FLT4'!$A$4:$A$340&'ER C8 FLT4'!$B$4:$B$340-4,1),8),IF($H13=\"Class_7\",INDEX('ER C7 FLT4'!$A$4:$J$340,MATCH($E13&$C13,'ER C7 FLT4'!$A$4:$A$340&'ER C7 FLT4'!$B$4:$B$340-4,1),8),IF($H13=\"Class_6\",INDEX('ER C6 FLT4'!$A$4:$J$340,MATCH($E13&$C13,'ER C6 FLT4'!$A$4:$A$340&'ER C6 FLT4'!$B$4:$B$340-4,1),8)))),\nIF($B13=\"3 Trucks\",IF(OR($H13=\"Class_8\",$N13=\"Replacement8HHD\",$AH13=\"CL7HHD\",$AJ13=\"CL7to8\"),INDEX('ER C8 FLT3'!$A$4:$J$340,MATCH($E13&$C13,'ER C8 FLT3'!$A$4:$A$340&'ER C8 FLT3'!$B$4:$B$340-4,1),8),IF($H13=\"Class_7\",INDEX('ER C7 FLT3'!$A$4:$J$340,MATCH($E13&$C13,'ER C7 FLT3'!$A$4:$A$340&'ER C7 FLT3'!$B$4:$B$340-4,1),8),IF($H13=\"Class_6\",INDEX('ER C6 FLT3'!$A$4:$J$340,MATCH($E13&$C13,'ER C6 FLT3'!$A$4:$A$340&'ER C6 FLT3'!$B$4:$B$340-4,1),8)))),\nIF($B13=\"2 Trucks\",IF(OR($H13=\"Class_8\",$N13=\"Replacement8HHD\",$AH13=\"CL7HHD\",$AJ13=\"CL7to8\"),INDEX('ER C8 FLT2'!$A$4:$J$340,MATCH($E13&$C13,'ER C8 FLT2'!$A$4:$A$340&'ER C8 FLT2'!$B$4:$B$340-4,1),8),IF($H13=\"Class_7\",INDEX('ER C7 FLT2'!$A$4:$J$340,MATCH($E13&$C13,'ER C7 FLT2'!$A$4:$A$340&'ER C7 FLT2'!$B$4:$B$340-4,1),8),IF($H13=\"Class_6\",INDEX('ER C6 FLT2'!$A$4:$J$340,MATCH($E13&$C13,'ER C6 FLT2'!$A$4:$A$340&'ER C6 FLT2'!$B$4:$B$340-4,1),8)))),IF($B13=\"1 Truck\",IF(OR($H13=\"Class_8\",$N13=\"Replacement8HHD\",$AH13=\"CL7HHD\",$AJ13=\"CL7to8\"),INDEX('ER C8 FLT1'!$A$4:$J$340,MATCH($E13&$C13,'ER C8 FLT1'!$A$4:$A$340&'ER C8 FLT1'!$B$4:$B$340-4,1),8),IF($H13=\"Class_7\",INDEX('ER C7 FLT1'!$A$4:$J$340,MATCH($E13&$C13,'ER C7 FLT1'!$A$4:$A$340&'ER C7 FLT1'!$B$4:$B$340-4,1),8),IF($H13=\"Class_6\",INDEX('ER C6 FLT1'!$A$4:$J$340,MATCH($E13&$C13,'ER C6 FLT1'!$A$4:$A$340&'ER C6 FLT1'!$B$4:$B$340-4,1),8)))))))\n)","v":false},0,0,0,0,0,{"$f":"IF(OR($R13=\"Diesel\",$R13=\"Zero Emission\",$R13=\"Hybrid\",$R13=\"Hybrid Zero-Mile\",$R13=\"Low NOx\",$R13=\"LNG/CNG\"),IF($B13=\"3 Trucks\",IF(OR($O13=\"Class_8\",$N13=\"Replacement8HHD\",$AI13=\"CL7HHD\"),INDEX('ER C8 FLT3'!$A$4:$J$340,MATCH(DropData!$J59&$C13,'ER C8 FLT3'!$A$4:$A$340&'ER C8 FLT3'!$B$4:$B$340,1),8),IF($O13=\"Class_7\",INDEX('ER C7 FLT3'!$A$4:$J$340,MATCH(DropData!$J59&$C13,'ER C7 FLT3'!$A$4:$A$340&'ER C7 FLT3'!$B$4:$B$340,1),8),IF($O13=\"Class_6\",INDEX('ER C6 FLT3'!$A$4:$J$340,MATCH(DropData!$J59&$C13,'ER C6 FLT3'!$A$4:$A$340&'ER C6 FLT3'!$B$4:$B$340,1),8)))),IF($B13=\"2 Trucks\",IF(OR($O13=\"Class_8\",$N13=\"Replacement8HHD\",$AI13=\"CL7HHD\"),INDEX('ER C8 FLT2'!$A$4:$J$340,MATCH(DropData!$J59&$C13,'ER C8 FLT2'!$A$4:$A$340&'ER C8 FLT2'!$B$4:$B$340,1),8),IF($O13=\"Class_7\",INDEX('ER C7 FLT2'!$A$4:$J$340,MATCH(DropData!$J59&$C13,'ER C7 FLT2'!$A$4:$A$340&'ER C7 FLT2'!$B$4:$B$340,1),8),IF($O13=\"Class_6\",INDEX('ER C6 FLT2'!$A$4:$J$340,MATCH(DropData!$J59&$C13,'ER C6 FLT2'!$A$4:$A$340&'ER C6 FLT2'!$B$4:$B$340,1),8)))),IF($B13=\"1 Truck\",IF(OR($O13=\"Class_8\",$N13=\"Replacement8HHD\",$AI13=\"CL7HHD\"),INDEX('ER C8 FLT1'!$A$4:$J$340,MATCH(DropData!$J59&$C13,'ER C8 FLT1'!$A$4:$A$340&'ER C8 FLT1'!$B$4:$B$340,1),8),IF($O13=\"Class_7\",INDEX('ER C7 FLT1'!$A$4:$J$340,MATCH(DropData!$J59&$C13,'ER C7 FLT1'!$A$4:$A$340&'ER C7 FLT1'!$B$4:$B$340,1),8),IF($O13=\"Class_6\",INDEX('ER C6 FLT1'!$A$4:$J$340,MATCH(DropData!$J59&$C13,'ER C6 FLT1'!$A$4:$A$340&'ER C6 FLT1'!$B$4:$B$340,1),8)))),IF($B13=\"4+ Trucks\",IF(OR($O13=\"Class_8\",$N13=\"Replacement8HHD\",$AI13=\"CL7HHD\"),INDEX('ER C8 FLT4'!$A$4:$J$340,MATCH(DropData!$J59&$C13,'ER C8 FLT4'!$A$4:$A$340&'ER C8 FLT4'!$B$4:$B$340,1),8),IF($O13=\"Class_7\",INDEX('ER C7 FLT4'!$A$4:$J$340,MATCH(DropData!$J59&$C13,'ER C7 FLT4'!$A$4:$A$340&'ER C7 FLT4'!$B$4:$B$340,1),8),IF($O13=\"Class_6\",INDEX('ER C6 FLT4'!$A$4:$J$340,MATCH(DropData!$J59&$C13,'ER C6 FLT4'!$A$4:$A$340&'ER C6 FLT4'!$B$4:$B$340,1),8)))))))))","v":false},{"$f":"IF(OR($R13=\"Diesel\",$R13=\"Zero Emission\",$R13=\"Hybrid\",$R13=\"Hybrid Zero-Mile\",$R13=\"Low NOx\",$R13=\"LNG/CNG\"),IF($B13=\"3 Trucks\",IF(OR($O13=\"Class_8\",$N13=\"Replacement8HHD\",$AI13=\"CL7HHD\"),INDEX('ER C8 FLT3'!$A$4:$J$340,MATCH(DropData!$J59&$C13,'ER C8 FLT3'!$A$4:$A$340&'ER C8 FLT3'!$B$4:$B$340-1,1),8),IF($O13=\"Class_7\",INDEX('ER C7 FLT3'!$A$4:$J$340,MATCH(DropData!$J59&$C13,'ER C7 FLT3'!$A$4:$A$340&'ER C7 FLT3'!$B$4:$B$340-1,1),8),IF($O13=\"Class_6\",INDEX('ER C6 FLT3'!$A$4:$J$340,MATCH(DropData!$J59&$C13,'ER C6 FLT3'!$A$4:$A$340&'ER C6 FLT3'!$B$4:$B$340-1,1),8)))),IF($B13=\"2 Trucks\",IF(OR($O13=\"Class_8\",$N13=\"Replacement8HHD\",$AI13=\"CL7HHD\"),INDEX('ER C8 FLT2'!$A$4:$J$340,MATCH(DropData!$J59&$C13,'ER C8 FLT2'!$A$4:$A$340&'ER C8 FLT2'!$B$4:$B$340-1,1),8),IF($O13=\"Class_7\",INDEX('ER C7 FLT2'!$A$4:$J$340,MATCH(DropData!$J59&$C13,'ER C7 FLT2'!$A$4:$A$340&'ER C7 FLT2'!$B$4:$B$340-1,1),8),IF($O13=\"Class_6\",INDEX('ER C6 FLT2'!$A$4:$J$340,MATCH(DropData!$J59&$C13,'ER C6 FLT2'!$A$4:$A$340&'ER C6 FLT2'!$B$4:$B$340-1,1),8)))),IF($B13=\"1 Truck\",IF(OR($O13=\"Class_8\",$N13=\"Replacement8HHD\",$AI13=\"CL7HHD\"),INDEX('ER C8 FLT1'!$A$4:$J$340,MATCH(DropData!$J59&$C13,'ER C8 FLT1'!$A$4:$A$340&'ER C8 FLT1'!$B$4:$B$340-1,1),8),IF($O13=\"Class_7\",INDEX('ER C7 FLT1'!$A$4:$J$340,MATCH(DropData!$J59&$C13,'ER C7 FLT1'!$A$4:$A$340&'ER C7 FLT1'!$B$4:$B$340-1,1),8),IF($O13=\"Class_6\",INDEX('ER C6 FLT1'!$A$4:$J$340,MATCH(DropData!$J59&$C13,'ER C6 FLT1'!$A$4:$A$340&'ER C6 FLT1'!$B$4:$B$340-1,1),8)))),IF($B13=\"4+ Trucks\",IF(OR($O13=\"Class_8\",$N13=\"Replacement8HHD\",$AI13=\"CL7HHD\"),INDEX('ER C8 FLT4'!$A$4:$J$340,MATCH(DropData!$J59&$C13,'ER C8 FLT4'!$A$4:$A$340&'ER C8 FLT4'!$B$4:$B$340-1,1),8),IF($O13=\"Class_7\",INDEX('ER C7 FLT4'!$A$4:$J$340,MATCH(DropData!$J59&$C13,'ER C7 FLT4'!$A$4:$A$340&'ER C7 FLT4'!$B$4:$B$340-1,1),8),IF($O13=\"Class_6\",INDEX('ER C6 FLT4'!$A$4:$J$340,MATCH(DropData!$J59&$C13,'ER C6 FLT4'!$A$4:$A$340&'ER C6 FLT4'!$B$4:$B$340-1,1),8)))))))))","v":false},{"$f":"IF(OR($R13=\"Diesel\",$R13=\"Zero Emission\",$R13=\"Hybrid\",$R13=\"Hybrid Zero-Mile\",$R13=\"Low NOx\",$R13=\"LNG/CNG\"),IF($B13=\"3 Trucks\",IF(OR($O13=\"Class_8\",$N13=\"Replacement8HHD\",$AI13=\"CL7HHD\"),INDEX('ER C8 FLT3'!$A$4:$J$340,MATCH(DropData!$J59&$C13,'ER C8 FLT3'!$A$4:$A$340&'ER C8 FLT3'!$B$4:$B$340-2,1),8),IF($O13=\"Class_7\",INDEX('ER C7 FLT3'!$A$4:$J$340,MATCH(DropData!$J59&$C13,'ER C7 FLT3'!$A$4:$A$340&'ER C7 FLT3'!$B$4:$B$340-2,1),8),IF($O13=\"Class_6\",INDEX('ER C6 FLT3'!$A$4:$J$340,MATCH(DropData!$J59&$C13,'ER C6 FLT3'!$A$4:$A$340&'ER C6 FLT3'!$B$4:$B$340-2,1),8)))),IF($B13=\"2 Trucks\",IF(OR($O13=\"Class_8\",$N13=\"Replacement8HHD\",$AI13=\"CL7HHD\"),INDEX('ER C8 FLT2'!$A$4:$J$340,MATCH(DropData!$J59&$C13,'ER C8 FLT2'!$A$4:$A$340&'ER C8 FLT2'!$B$4:$B$340-2,1),8),IF($O13=\"Class_7\",INDEX('ER C7 FLT2'!$A$4:$J$340,MATCH(DropData!$J59&$C13,'ER C7 FLT2'!$A$4:$A$340&'ER C7 FLT2'!$B$4:$B$340-2,1),8),IF($O13=\"Class_6\",INDEX('ER C6 FLT2'!$A$4:$J$340,MATCH(DropData!$J59&$C13,'ER C6 FLT2'!$A$4:$A$340&'ER C6 FLT2'!$B$4:$B$340-2,1),8)))),IF($B13=\"1 Truck\",IF(OR($O13=\"Class_8\",$N13=\"Replacement8HHD\",$AI13=\"CL7HHD\"),INDEX('ER C8 FLT1'!$A$4:$J$340,MATCH(DropData!$J59&$C13,'ER C8 FLT1'!$A$4:$A$340&'ER C8 FLT1'!$B$4:$B$340-2,1),8),IF($O13=\"Class_7\",INDEX('ER C7 FLT1'!$A$4:$J$340,MATCH(DropData!$J59&$C13,'ER C7 FLT1'!$A$4:$A$340&'ER C7 FLT1'!$B$4:$B$340-2,1),8),IF($O13=\"Class_6\",INDEX('ER C6 FLT1'!$A$4:$J$340,MATCH(DropData!$J59&$C13,'ER C6 FLT1'!$A$4:$A$340&'ER C6 FLT1'!$B$4:$B$340-2,1),8)))),IF($B13=\"4+ Trucks\",IF(OR($O13=\"Class_8\",$N13=\"Replacement8HHD\",$AI13=\"CL7HHD\"),INDEX('ER C8 FLT4'!$A$4:$J$340,MATCH(DropData!$J59&$C13,'ER C8 FLT4'!$A$4:$A$340&'ER C8 FLT4'!$B$4:$B$340-2,1),8),IF($O13=\"Class_7\",INDEX('ER C7 FLT4'!$A$4:$J$340,MATCH(DropData!$J59&$C13,'ER C7 FLT4'!$A$4:$A$340&'ER C7 FLT4'!$B$4:$B$340-2,1),8),IF($O13=\"Class_6\",INDEX('ER C6 FLT4'!$A$4:$J$340,MATCH(DropData!$J59&$C13,'ER C6 FLT4'!$A$4:$A$340&'ER C6 FLT4'!$B$4:$B$340-2,1),8)))))))))","v":false},{"$f":"IF(OR($R13=\"Diesel\",$R13=\"Zero Emission\",$R13=\"Hybrid\",$R13=\"Hybrid Zero-Mile\",$R13=\"Low NOx\",$R13=\"LNG/CNG\"),IF($B13=\"3 Trucks\",IF(OR($O13=\"Class_8\",$N13=\"Replacement8HHD\",$AI13=\"CL7HHD\"),INDEX('ER C8 FLT3'!$A$4:$J$340,MATCH(DropData!$J59&$C13,'ER C8 FLT3'!$A$4:$A$340&'ER C8 FLT3'!$B$4:$B$340-3,1),8),IF($O13=\"Class_7\",INDEX('ER C7 FLT3'!$A$4:$J$340,MATCH(DropData!$J59&$C13,'ER C7 FLT3'!$A$4:$A$340&'ER C7 FLT3'!$B$4:$B$340-3,1),8),IF($O13=\"Class_6\",INDEX('ER C6 FLT3'!$A$4:$J$340,MATCH(DropData!$J59&$C13,'ER C6 FLT3'!$A$4:$A$340&'ER C6 FLT3'!$B$4:$B$340-3,1),8)))),IF($B13=\"2 Trucks\",IF(OR($O13=\"Class_8\",$N13=\"Replacement8HHD\",$AI13=\"CL7HHD\"),INDEX('ER C8 FLT2'!$A$4:$J$340,MATCH(DropData!$J59&$C13,'ER C8 FLT2'!$A$4:$A$340&'ER C8 FLT2'!$B$4:$B$340-3,1),8),IF($O13=\"Class_7\",INDEX('ER C7 FLT2'!$A$4:$J$340,MATCH(DropData!$J59&$C13,'ER C7 FLT2'!$A$4:$A$340&'ER C7 FLT2'!$B$4:$B$340-3,1),8),IF($O13=\"Class_6\",INDEX('ER C6 FLT2'!$A$4:$J$340,MATCH(DropData!$J59&$C13,'ER C6 FLT2'!$A$4:$A$340&'ER C6 FLT2'!$B$4:$B$340-3,1),8)))),IF($B13=\"1 Truck\",IF(OR($O13=\"Class_8\",$N13=\"Replacement8HHD\",$AI13=\"CL7HHD\"),INDEX('ER C8 FLT1'!$A$4:$J$340,MATCH(DropData!$J59&$C13,'ER C8 FLT1'!$A$4:$A$340&'ER C8 FLT1'!$B$4:$B$340-3,1),8),IF($O13=\"Class_7\",INDEX('ER C7 FLT1'!$A$4:$J$340,MATCH(DropData!$J59&$C13,'ER C7 FLT1'!$A$4:$A$340&'ER C7 FLT1'!$B$4:$B$340-3,1),8),IF($O13=\"Class_6\",INDEX('ER C6 FLT1'!$A$4:$J$340,MATCH(DropData!$J59&$C13,'ER C6 FLT1'!$A$4:$A$340&'ER C6 FLT1'!$B$4:$B$340-3,1),8)))),IF($B13=\"4+ Trucks\",IF(OR($O13=\"Class_8\",$N13=\"Replacement8HHD\",$AI13=\"CL7HHD\"),INDEX('ER C8 FLT4'!$A$4:$J$340,MATCH(DropData!$J59&$C13,'ER C8 FLT4'!$A$4:$A$340&'ER C8 FLT4'!$B$4:$B$340-3,1),8),IF($O13=\"Class_7\",INDEX('ER C7 FLT4'!$A$4:$J$340,MATCH(DropData!$J59&$C13,'ER C7 FLT4'!$A$4:$A$340&'ER C7 FLT4'!$B$4:$B$340-3,1),8),IF($O13=\"Class_6\",INDEX('ER C6 FLT4'!$A$4:$J$340,MATCH(DropData!$J59&$C13,'ER C6 FLT4'!$A$4:$A$340&'ER C6 FLT4'!$B$4:$B$340-3,1),8)))))))))","v":false},{"$f":"IF(OR($R13=\"Diesel\",$R13=\"Zero Emission\",$R13=\"Hybrid\",$R13=\"Hybrid Zero-Mile\",$R13=\"Low NOx\",$R13=\"LNG/CNG\"),IF($B13=\"3 Trucks\",IF(OR($O13=\"Class_8\",$N13=\"Replacement8HHD\",$AI13=\"CL7HHD\"),INDEX('ER C8 FLT3'!$A$4:$J$340,MATCH(DropData!$J59&$C13,'ER C8 FLT3'!$A$4:$A$340&'ER C8 FLT3'!$B$4:$B$340-4,1),8),IF($O13=\"Class_7\",INDEX('ER C7 FLT3'!$A$4:$J$340,MATCH(DropData!$J59&$C13,'ER C7 FLT3'!$A$4:$A$340&'ER C7 FLT3'!$B$4:$B$340-4,1),8),IF($O13=\"Class_6\",INDEX('ER C6 FLT3'!$A$4:$J$340,MATCH(DropData!$J59&$C13,'ER C6 FLT3'!$A$4:$A$340&'ER C6 FLT3'!$B$4:$B$340-4,1),8)))),IF($B13=\"2 Trucks\",IF(OR($O13=\"Class_8\",$N13=\"Replacement8HHD\",$AI13=\"CL7HHD\"),INDEX('ER C8 FLT2'!$A$4:$J$340,MATCH(DropData!$J59&$C13,'ER C8 FLT2'!$A$4:$A$340&'ER C8 FLT2'!$B$4:$B$340-4,1),8),IF($O13=\"Class_7\",INDEX('ER C7 FLT2'!$A$4:$J$340,MATCH(DropData!$J59&$C13,'ER C7 FLT2'!$A$4:$A$340&'ER C7 FLT2'!$B$4:$B$340-4,1),8),IF($O13=\"Class_6\",INDEX('ER C6 FLT2'!$A$4:$J$340,MATCH(DropData!$J59&$C13,'ER C6 FLT2'!$A$4:$A$340&'ER C6 FLT2'!$B$4:$B$340-4,1),8)))),IF($B13=\"1 Truck\",IF(OR($O13=\"Class_8\",$N13=\"Replacement8HHD\",$AI13=\"CL7HHD\"),INDEX('ER C8 FLT1'!$A$4:$J$340,MATCH(DropData!$J59&$C13,'ER C8 FLT1'!$A$4:$A$340&'ER C8 FLT1'!$B$4:$B$340-4,1),8),IF($O13=\"Class_7\",INDEX('ER C7 FLT1'!$A$4:$J$340,MATCH(DropData!$J59&$C13,'ER C7 FLT1'!$A$4:$A$340&'ER C7 FLT1'!$B$4:$B$340-4,1),8),IF($O13=\"Class_6\",INDEX('ER C6 FLT1'!$A$4:$J$340,MATCH(DropData!$J59&$C13,'ER C6 FLT1'!$A$4:$A$340&'ER C6 FLT1'!$B$4:$B$340-4,1),8)))),IF($B13=\"4+ Trucks\",IF(OR($O13=\"Class_8\",$N13=\"Replacement8HHD\",$AI13=\"CL7HHD\"),INDEX('ER C8 FLT4'!$A$4:$J$340,MATCH(DropData!$J59&$C13,'ER C8 FLT4'!$A$4:$A$340&'ER C8 FLT4'!$B$4:$B$340-4,1),8),IF($O13=\"Class_7\",INDEX('ER C7 FLT4'!$A$4:$J$340,MATCH(DropData!$J59&$C13,'ER C7 FLT4'!$A$4:$A$340&'ER C7 FLT4'!$B$4:$B$340-4,1),8),IF($O13=\"Class_6\",INDEX('ER C6 FLT4'!$A$4:$J$340,MATCH(DropData!$J59&$C13,'ER C6 FLT4'!$A$4:$A$340&'ER C6 FLT4'!$B$4:$B$340-4,1),8)))))))))","v":false},0,{"$f":"MAX((IF($B13=\"4+ Trucks\",IF($Z13=\"Class_8\",INDEX('ER C8 FLT4'!$A$4:$J$340,MATCH($W13&$C13,'ER C8 FLT4'!$A$4:$A$340&'ER C8 FLT4'!$B$4:$B$340,1),8)*IF($Z13=\"Class_8\",INDEX('ER C8 FLT4'!$A$4:$J$340,MATCH($W13&$C13,'ER C8 FLT4'!$A$4:$A$340&'ER C8 FLT4'!$B$4:$B$340,1),9)),IF($Z13=\"Class_7\",INDEX('ER C7 FLT4'!$A$4:$J$340,MATCH($W13&$C13,'ER C7 FLT4'!$A$4:$A$340&'ER C7 FLT4'!$B$4:$B$340,1),8)*IF($Z13=\"Class_7\",INDEX('ER C7 FLT4'!$A$4:$J$340,MATCH($W13&$C13,'ER C7 FLT4'!$A$4:$A$340&'ER C7 FLT4'!$B$4:$B$340,1),9)),IF($Z13=\"Class_6\",INDEX('ER C6 FLT4'!$A$4:$J$340,MATCH($W13&$C13,'ER C6 FLT4'!$A$4:$A$340&'ER C6 FLT4'!$B$4:$B$340,1),8)*IF($Z13=\"Class_6\",INDEX('ER C6 FLT4'!$A$4:$L$340,MATCH($W13&$C13,'ER C6 FLT4'!$A$4:$A$340&'ER C6 FLT4'!$B$4:$B$340,1),9))))),\nIF($B13=\"2 Trucks\",IF($Z13=\"Class_8\",INDEX('ER C8 FLT2'!$A$4:$J$340,MATCH($W13&$C13,'ER C8 FLT2'!$A$4:$A$340&'ER C8 FLT2'!$B$4:$B$340,1),8)*IF($Z13=\"Class_8\",INDEX('ER C8 FLT2'!$A$4:$J$340,MATCH($W13&$C13,'ER C8 FLT2'!$A$4:$A$340&'ER C8 FLT2'!$B$4:$B$340,1),9)),IF($Z13=\"Class_7\",INDEX('ER C7 FLT2'!$A$4:$J$340,MATCH($W13&$C13,'ER C7 FLT2'!$A$4:$A$340&'ER C7 FLT2'!$B$4:$B$340,1),8)*IF($Z13=\"Class_7\",INDEX('ER C7 FLT2'!$A$4:$J$340,MATCH($W13&$C13,'ER C7 FLT2'!$A$4:$A$340&'ER C7 FLT2'!$B$4:$B$340,1),9)),IF($Z13=\"Class_6\",INDEX('ER C6 FLT2'!$A$4:$J$340,MATCH($W13&$C13,'ER C6 FLT2'!$A$4:$A$340&'ER C6 FLT2'!$B$4:$B$340,1),8)*IF($Z13=\"Class_6\",INDEX('ER C6 FLT2'!$A$4:$J$340,MATCH($W13&$C13,'ER C6 FLT2'!$A$4:$A$340&'ER C6 FLT2'!$B$4:$B$340,1),9))))),\nIF($B13=\"1 Truck\",IF($Z13=\"Class_8\",INDEX('ER C8 FLT1'!$A$4:$J$340,MATCH($W13&$C13,'ER C8 FLT1'!$A$4:$A$340&'ER C8 FLT1'!$B$4:$B$340,1),8)*IF($Z13=\"Class_8\",INDEX('ER C8 FLT1'!$A$4:$J$340,MATCH($W13&$C13,'ER C8 FLT1'!$A$4:$A$340&'ER C8 FLT1'!$B$4:$B$340,1),9)),IF($Z13=\"Class_7\",INDEX('ER C7 FLT1'!$A$4:$J$340,MATCH($W13&$C13,'ER C7 FLT1'!$A$4:$A$340&'ER C7 FLT1'!$B$4:$B$340,1),8)*IF($Z13=\"Class_7\",INDEX('ER C7 FLT1'!$A$4:$J$340,MATCH($W13&$C13,'ER C7 FLT1'!$A$4:$A$340&'ER C7 FLT1'!$B$4:$B$340,1),9)),IF($Z13=\"Class_6\",INDEX('ER C6 FLT1'!$A$4:$J$340,MATCH($W13&$C13,'ER C6 FLT1'!$A$4:$A$340&'ER C6 FLT1'!$B$4:$B$340,1),8)*IF($Z13=\"Class_6\",INDEX('ER C6 FLT1'!$A$4:$J$340,MATCH($W13&$C13,'ER C6 FLT1'!$A$4:$A$340&'ER C6 FLT1'!$B$4:$B$340,1),9)),\n))),IF($B13=\"3 Trucks\",IF($Z13=\"Class_8\",INDEX('ER C8 FLT3'!$A$4:$J$340,MATCH($W13&$C13,'ER C8 FLT3'!$A$4:$A$340&'ER C8 FLT3'!$B$4:$B$340,1),8)*IF($Z13=\"Class_8\",INDEX('ER C8 FLT3'!$A$4:$J$340,MATCH($W13&$C13,'ER C8 FLT3'!$A$4:$A$340&'ER C8 FLT3'!$B$4:$B$340,1),9)),IF($Z13=\"Class_7\",INDEX('ER C7 FLT3'!$A$4:$J$340,MATCH($W13&$C13,'ER C7 FLT3'!$A$4:$A$340&'ER C7 FLT3'!$B$4:$B$340,1),8)*IF($Z13=\"Class_7\",INDEX('ER C7 FLT3'!$A$4:$J$340,MATCH($W13&$C13,'ER C7 FLT3'!$A$4:$A$340&'ER C7 FLT3'!$B$4:$B$340,1),9)),IF($Z13=\"Class_6\",INDEX('ER C6 FLT3'!$A$4:$J$340,MATCH($W13&$C13,'ER C6 FLT3'!$A$4:$A$340&'ER C6 FLT3'!$B$4:$B$340,1),8)*IF($Z13=\"Class_6\",INDEX('ER C6 FLT3'!$A$4:$L$340,MATCH($W13&$C13,'ER C6 FLT3'!$A$4:$A$340&'ER C6 FLT3'!$B$4:$B$340,1),9)))))))))\n*IF($X13=\"Level 1 PM\",0.75,IF($X13=\"Level 2 PM\",0.5,IF($X13=\"Level 3 PM\",0,IF($X13=\"Level 3 PM + Mark I NOx\",0,1))))*($AC13/453.6)-IF(BF13=0,AV13,0)),0)","v":0},0,{"$f":"MAX(0,AM13-AW13)","v":0},{"$f":"MAX((IF($B13=\"4+ Trucks\",IF($Z13=\"Class_8\",INDEX('ER C8 FLT4'!$A$4:$J$340,MATCH($W13&$C13,'ER C8 FLT4'!$A$4:$A$340&'ER C8 FLT4'!$B$4:$B$340-1,1),8)*IF($Z13=\"Class_8\",INDEX('ER C8 FLT4'!$A$4:$J$340,MATCH($W13&$C13,'ER C8 FLT4'!$A$4:$A$340&'ER C8 FLT4'!$B$4:$B$340-1,1),9)),IF($Z13=\"Class_7\",INDEX('ER C7 FLT4'!$A$4:$J$340,MATCH($W13&$C13,'ER C7 FLT4'!$A$4:$A$340&'ER C7 FLT4'!$B$4:$B$340-1,1),8)*IF($Z13=\"Class_7\",INDEX('ER C7 FLT4'!$A$4:$J$340,MATCH($W13&$C13,'ER C7 FLT4'!$A$4:$A$340&'ER C7 FLT4'!$B$4:$B$340-1,1),9)),IF($Z13=\"Class_6\",INDEX('ER C6 FLT4'!$A$4:$J$340,MATCH($W13&$C13,'ER C6 FLT4'!$A$4:$A$340&'ER C6 FLT4'!$B$4:$B$340-1,1),8)*IF($Z13=\"Class_6\",INDEX('ER C6 FLT4'!$A$4:$L$340,MATCH($W13&$C13,'ER C6 FLT4'!$A$4:$A$340&'ER C6 FLT4'!$B$4:$B$340-1,1),9))))),\nIF($B13=\"2 Trucks\",IF($Z13=\"Class_8\",INDEX('ER C8 FLT2'!$A$4:$J$340,MATCH($W13&$C13,'ER C8 FLT2'!$A$4:$A$340&'ER C8 FLT2'!$B$4:$B$340-1,1),8)*IF($Z13=\"Class_8\",INDEX('ER C8 FLT2'!$A$4:$J$340,MATCH($W13&$C13,'ER C8 FLT2'!$A$4:$A$340&'ER C8 FLT2'!$B$4:$B$340-1,1),9)),IF($Z13=\"Class_7\",INDEX('ER C7 FLT2'!$A$4:$J$340,MATCH($W13&$C13,'ER C7 FLT2'!$A$4:$A$340&'ER C7 FLT2'!$B$4:$B$340-1,1),8)*IF($Z13=\"Class_7\",INDEX('ER C7 FLT2'!$A$4:$J$340,MATCH($W13&$C13,'ER C7 FLT2'!$A$4:$A$340&'ER C7 FLT2'!$B$4:$B$340-1,1),9)),IF($Z13=\"Class_6\",INDEX('ER C6 FLT2'!$A$4:$J$340,MATCH($W13&$C13,'ER C6 FLT2'!$A$4:$A$340&'ER C6 FLT2'!$B$4:$B$340-1,1),8)*IF($Z13=\"Class_6\",INDEX('ER C6 FLT2'!$A$4:$J$340,MATCH($W13&$C13,'ER C6 FLT2'!$A$4:$A$340&'ER C6 FLT2'!$B$4:$B$340-1,1),9))))),\nIF($B13=\"1 Truck\",IF($Z13=\"Class_8\",INDEX('ER C8 FLT1'!$A$4:$J$340,MATCH($W13&$C13,'ER C8 FLT1'!$A$4:$A$340&'ER C8 FLT1'!$B$4:$B$340-1,1),8)*IF($Z13=\"Class_8\",INDEX('ER C8 FLT1'!$A$4:$J$340,MATCH($W13&$C13,'ER C8 FLT1'!$A$4:$A$340&'ER C8 FLT1'!$B$4:$B$340-1,1),9)),IF($Z13=\"Class_7\",INDEX('ER C7 FLT1'!$A$4:$J$340,MATCH($W13&$C13,'ER C7 FLT1'!$A$4:$A$340&'ER C7 FLT1'!$B$4:$B$340-1,1),8)*IF($Z13=\"Class_7\",INDEX('ER C7 FLT1'!$A$4:$J$340,MATCH($W13&$C13,'ER C7 FLT1'!$A$4:$A$340&'ER C7 FLT1'!$B$4:$B$340-1,1),9)),IF($Z13=\"Class_6\",INDEX('ER C6 FLT1'!$A$4:$J$340,MATCH($W13&$C13,'ER C6 FLT1'!$A$4:$A$340&'ER C6 FLT1'!$B$4:$B$340-1,1),8)*IF($Z13=\"Class_6\",INDEX('ER C6 FLT1'!$A$4:$J$340,MATCH($W13&$C13,'ER C6 FLT1'!$A$4:$A$340&'ER C6 FLT1'!$B$4:$B$340-1,1),9))))),IF($B13=\"3 Trucks\",IF($Z13=\"Class_8\",INDEX('ER C8 FLT3'!$A$4:$J$340,MATCH($W13&$C13,'ER C8 FLT3'!$A$4:$A$340&'ER C8 FLT3'!$B$4:$B$340-1,1),8)*IF($Z13=\"Class_8\",INDEX('ER C8 FLT3'!$A$4:$J$340,MATCH($W13&$C13,'ER C8 FLT3'!$A$4:$A$340&'ER C8 FLT3'!$B$4:$B$340-1,1),9)),IF($Z13=\"Class_7\",INDEX('ER C7 FLT3'!$A$4:$J$340,MATCH($W13&$C13,'ER C7 FLT3'!$A$4:$A$340&'ER C7 FLT3'!$B$4:$B$340-1,1),8)*IF($Z13=\"Class_7\",INDEX('ER C7 FLT3'!$A$4:$J$340,MATCH($W13&$C13,'ER C7 FLT3'!$A$4:$A$340&'ER C7 FLT3'!$B$4:$B$340-1,1),9)),IF($Z13=\"Class_6\",INDEX('ER C6 FLT3'!$A$4:$J$340,MATCH($W13&$C13,'ER C6 FLT3'!$A$4:$A$340&'ER C6 FLT3'!$B$4:$B$340-1,1),8)*IF($Z13=\"Class_6\",INDEX('ER C6 FLT3'!$A$4:$L$340,MATCH($W13&$C13,'ER C6 FLT3'!$A$4:$A$340&'ER C6 FLT3'!$B$4:$B$340-1,1),9)))))))))\n*IF($X13=\"Level 1 PM\",0.75,IF($X13=\"Level 2 PM\",0.5,IF($X13=\"Level 3 PM\",0,IF($X13=\"Level 3 PM + Mark I NOx\",0,1))))*($AC13/453.6)-IF(BI13=0,AW13,0)),0)","v":0},0,0,{"$f":"MAX((IF($B13=\"4+ Trucks\",IF($Z13=\"Class_8\",INDEX('ER C8 FLT4'!$A$4:$J$340,MATCH($W13&$C13,'ER C8 FLT4'!$A$4:$A$340&'ER C8 FLT4'!$B$4:$B$340-2,1),8)*IF($Z13=\"Class_8\",INDEX('ER C8 FLT4'!$A$4:$J$340,MATCH($W13&$C13,'ER C8 FLT4'!$A$4:$A$340&'ER C8 FLT4'!$B$4:$B$340-2,1),9)),IF($Z13=\"Class_7\",INDEX('ER C7 FLT4'!$A$4:$J$340,MATCH($W13&$C13,'ER C7 FLT4'!$A$4:$A$340&'ER C7 FLT4'!$B$4:$B$340-2,1),8)*IF($Z13=\"Class_7\",INDEX('ER C7 FLT4'!$A$4:$J$340,MATCH($W13&$C13,'ER C7 FLT4'!$A$4:$A$340&'ER C7 FLT4'!$B$4:$B$340-2,1),9)),IF($Z13=\"Class_6\",INDEX('ER C6 FLT4'!$A$4:$J$340,MATCH($W13&$C13,'ER C6 FLT4'!$A$4:$A$340&'ER C6 FLT4'!$B$4:$B$340-2,1),8)*IF($Z13=\"Class_6\",INDEX('ER C6 FLT4'!$A$4:$L$340,MATCH($W13&$C13,'ER C6 FLT4'!$A$4:$A$340&'ER C6 FLT4'!$B$4:$B$340-2,1),9))))),\nIF($B13=\"2 Trucks\",IF($Z13=\"Class_8\",INDEX('ER C8 FLT2'!$A$4:$J$340,MATCH($W13&$C13,'ER C8 FLT2'!$A$4:$A$340&'ER C8 FLT2'!$B$4:$B$340-2,1),8)*IF($Z13=\"Class_8\",INDEX('ER C8 FLT2'!$A$4:$J$340,MATCH($W13&$C13,'ER C8 FLT2'!$A$4:$A$340&'ER C8 FLT2'!$B$4:$B$340-2,1),9)),IF($Z13=\"Class_7\",INDEX('ER C7 FLT2'!$A$4:$J$340,MATCH($W13&$C13,'ER C7 FLT2'!$A$4:$A$340&'ER C7 FLT2'!$B$4:$B$340-2,1),8)*IF($Z13=\"Class_7\",INDEX('ER C7 FLT2'!$A$4:$J$340,MATCH($W13&$C13,'ER C7 FLT2'!$A$4:$A$340&'ER C7 FLT2'!$B$4:$B$340-2,1),9)),IF($Z13=\"Class_6\",INDEX('ER C6 FLT2'!$A$4:$J$340,MATCH($W13&$C13,'ER C6 FLT2'!$A$4:$A$340&'ER C6 FLT2'!$B$4:$B$340-2,1),8)*IF($Z13=\"Class_6\",INDEX('ER C6 FLT2'!$A$4:$J$340,MATCH($W13&$C13,'ER C6 FLT2'!$A$4:$A$340&'ER C6 FLT2'!$B$4:$B$340-2,1),9))))),\nIF($B13=\"1 Truck\",IF($Z13=\"Class_8\",INDEX('ER C8 FLT1'!$A$4:$J$340,MATCH($W13&$C13,'ER C8 FLT1'!$A$4:$A$340&'ER C8 FLT1'!$B$4:$B$340-2,1),8)*IF($Z13=\"Class_8\",INDEX('ER C8 FLT1'!$A$4:$J$340,MATCH($W13&$C13,'ER C8 FLT1'!$A$4:$A$340&'ER C8 FLT1'!$B$4:$B$340-2,1),9)),IF($Z13=\"Class_7\",INDEX('ER C7 FLT1'!$A$4:$J$340,MATCH($W13&$C13,'ER C7 FLT1'!$A$4:$A$340&'ER C7 FLT1'!$B$4:$B$340-2,1),8)*IF($Z13=\"Class_7\",INDEX('ER C7 FLT1'!$A$4:$J$340,MATCH($W13&$C13,'ER C7 FLT1'!$A$4:$A$340&'ER C7 FLT1'!$B$4:$B$340-2,1),9)),IF($Z13=\"Class_6\",INDEX('ER C6 FLT1'!$A$4:$J$340,MATCH($W13&$C13,'ER C6 FLT1'!$A$4:$A$340&'ER C6 FLT1'!$B$4:$B$340-2,1),8)*IF($Z13=\"Class_6\",INDEX('ER C6 FLT1'!$A$4:$J$340,MATCH($W13&$C13,'ER C6 FLT1'!$A$4:$A$340&'ER C6 FLT1'!$B$4:$B$340-2,1),9))))),IF($B13=\"3 Trucks\",IF($Z13=\"Class_8\",INDEX('ER C8 FLT3'!$A$4:$J$340,MATCH($W13&$C13,'ER C8 FLT3'!$A$4:$A$340&'ER C8 FLT3'!$B$4:$B$340-2,1),8)*IF($Z13=\"Class_8\",INDEX('ER C8 FLT3'!$A$4:$J$340,MATCH($W13&$C13,'ER C8 FLT3'!$A$4:$A$340&'ER C8 FLT3'!$B$4:$B$340-2,1),9)),IF($Z13=\"Class_7\",INDEX('ER C7 FLT3'!$A$4:$J$340,MATCH($W13&$C13,'ER C7 FLT3'!$A$4:$A$340&'ER C7 FLT3'!$B$4:$B$340-2,1),8)*IF($Z13=\"Class_7\",INDEX('ER C7 FLT3'!$A$4:$J$340,MATCH($W13&$C13,'ER C7 FLT3'!$A$4:$A$340&'ER C7 FLT3'!$B$4:$B$340-2,1),9)),IF($Z13=\"Class_6\",INDEX('ER C6 FLT1'!$A$4:$J$340,MATCH($W13&$C13,'ER C6 FLT1'!$A$4:$A$340&'ER C6 FLT1'!$B$4:$B$340-2,1),8)*IF($Z13=\"Class_6\",INDEX('ER C6 FLT1'!$A$4:$J$340,MATCH($W13&$C13,'ER C6 FLT1'!$A$4:$A$340&'ER C6 FLT1'!$B$4:$B$340-2,1),9)))))))))*IF($X13=\"Level 1 PM\",0.75,IF($X13=\"Level 2 PM\",0.5,IF($X13=\"Level 3 PM\",0,IF($X13=\"Level 3 PM + Mark I NOx\",0,1))))*($AC13/453.6)-IF(BL13=0,AX13,0)),0)","v":0},0,0,{"$f":"MAX((IF($B13=\"4+ Trucks\",IF($Z13=\"Class_8\",INDEX('ER C8 FLT4'!$A$4:$J$340,MATCH($W13&$C13,'ER C8 FLT4'!$A$4:$A$340&'ER C8 FLT4'!$B$4:$B$340-3,1),8)*IF($Z13=\"Class_8\",INDEX('ER C8 FLT4'!$A$4:$J$340,MATCH($W13&$C13,'ER C8 FLT4'!$A$4:$A$340&'ER C8 FLT4'!$B$4:$B$340-3,1),9)),IF($Z13=\"Class_7\",INDEX('ER C7 FLT4'!$A$4:$J$340,MATCH($W13&$C13,'ER C7 FLT4'!$A$4:$A$340&'ER C7 FLT4'!$B$4:$B$340-3,1),8)*IF($Z13=\"Class_7\",INDEX('ER C7 FLT4'!$A$4:$J$340,MATCH($W13&$C13,'ER C7 FLT4'!$A$4:$A$340&'ER C7 FLT4'!$B$4:$B$340-3,1),9)),IF($Z13=\"Class_6\",INDEX('ER C6 FLT4'!$A$4:$J$340,MATCH($W13&$C13,'ER C6 FLT4'!$A$4:$A$340&'ER C6 FLT4'!$B$4:$B$340-3,1),8)*IF($Z13=\"Class_6\",INDEX('ER C6 FLT4'!$A$4:$L$340,MATCH($W13&$C13,'ER C6 FLT4'!$A$4:$A$340&'ER C6 FLT4'!$B$4:$B$340-3,1),9))))),\nIF($B13=\"2 Trucks\",IF($Z13=\"Class_8\",INDEX('ER C8 FLT2'!$A$4:$J$340,MATCH($W13&$C13,'ER C8 FLT2'!$A$4:$A$340&'ER C8 FLT2'!$B$4:$B$340-3,1),8)*IF($Z13=\"Class_8\",INDEX('ER C8 FLT2'!$A$4:$J$340,MATCH($W13&$C13,'ER C8 FLT2'!$A$4:$A$340&'ER C8 FLT2'!$B$4:$B$340-3,1),9)),IF($Z13=\"Class_7\",INDEX('ER C7 FLT2'!$A$4:$J$340,MATCH($W13&$C13,'ER C7 FLT2'!$A$4:$A$340&'ER C7 FLT2'!$B$4:$B$340-3,1),8)*IF($Z13=\"Class_7\",INDEX('ER C7 FLT2'!$A$4:$J$340,MATCH($W13&$C13,'ER C7 FLT2'!$A$4:$A$340&'ER C7 FLT2'!$B$4:$B$340-3,1),9)),IF($Z13=\"Class_6\",INDEX('ER C6 FLT2'!$A$4:$J$340,MATCH($W13&$C13,'ER C6 FLT2'!$A$4:$A$340&'ER C6 FLT2'!$B$4:$B$340-3,1),8)*IF($Z13=\"Class_6\",INDEX('ER C6 FLT2'!$A$4:$J$340,MATCH($W13&$C13,'ER C6 FLT2'!$A$4:$A$340&'ER C6 FLT2'!$B$4:$B$340-3,1),9))))),\nIF($B13=\"1 Truck\",IF($Z13=\"Class_8\",INDEX('ER C8 FLT1'!$A$4:$J$340,MATCH($W13&$C13,'ER C8 FLT1'!$A$4:$A$340&'ER C8 FLT1'!$B$4:$B$340-3,1),8)*IF($Z13=\"Class_8\",INDEX('ER C8 FLT1'!$A$4:$J$340,MATCH($W13&$C13,'ER C8 FLT1'!$A$4:$A$340&'ER C8 FLT1'!$B$4:$B$340-3,1),9)),IF($Z13=\"Class_7\",INDEX('ER C7 FLT1'!$A$4:$J$340,MATCH($W13&$C13,'ER C7 FLT1'!$A$4:$A$340&'ER C7 FLT1'!$B$4:$B$340-3,1),8)*IF($Z13=\"Class_7\",INDEX('ER C7 FLT1'!$A$4:$J$340,MATCH($W13&$C13,'ER C7 FLT1'!$A$4:$A$340&'ER C7 FLT1'!$B$4:$B$340-3,1),9)),IF($Z13=\"Class_6\",INDEX('ER C6 FLT1'!$A$4:$J$340,MATCH($W13&$C13,'ER C6 FLT1'!$A$4:$A$340&'ER C6 FLT1'!$B$4:$B$340-3,1),8)*IF($Z13=\"Class_6\",INDEX('ER C6 FLT1'!$A$4:$J$340,MATCH($W13&$C13,'ER C6 FLT1'!$A$4:$A$340&'ER C6 FLT1'!$B$4:$B$340-3,1),9))))),IF($B13=\"3 Trucks\",IF($Z13=\"Class_8\",INDEX('ER C8 FLT3'!$A$4:$J$340,MATCH($W13&$C13,'ER C8 FLT3'!$A$4:$A$340&'ER C8 FLT3'!$B$4:$B$340-3,1),8)*IF($Z13=\"Class_8\",INDEX('ER C8 FLT3'!$A$4:$J$340,MATCH($W13&$C13,'ER C8 FLT3'!$A$4:$A$340&'ER C8 FLT3'!$B$4:$B$340-3,1),9)),IF($Z13=\"Class_7\",INDEX('ER C7 FLT3'!$A$4:$J$340,MATCH($W13&$C13,'ER C7 FLT3'!$A$4:$A$340&'ER C7 FLT3'!$B$4:$B$340-3,1),8)*IF($Z13=\"Class_7\",INDEX('ER C7 FLT3'!$A$4:$J$340,MATCH($W13&$C13,'ER C7 FLT3'!$A$4:$A$340&'ER C7 FLT3'!$B$4:$B$340-3,1),9)),IF($Z13=\"Class_6\",INDEX('ER C6 FLT3'!$A$4:$J$340,MATCH($W13&$C13,'ER C6 FLT3'!$A$4:$A$340&'ER C6 FLT3'!$B$4:$B$340-3,1),8)*IF($Z13=\"Class_6\",INDEX('ER C6 FLT3'!$A$4:$L$340,MATCH($W13&$C13,'ER C6 FLT3'!$A$4:$A$340&'ER C6 FLT3'!$B$4:$B$340-3,1),9)))))))))\n*IF($X13=\"Level 1 PM\",0.75,IF($X13=\"Level 2 PM\",0.5,IF($X13=\"Level 3 PM\",0,IF($X13=\"Level 3 PM + Mark I NOx\",0,1))))*($AC13/453.6)-IF(BO13=0,AY13,0)),0)","v":0},0,0,{"$f":"MAX((IF($B13=\"4+ Trucks\",IF($Z13=\"Class_8\",INDEX('ER C8 FLT4'!$A$4:$J$340,MATCH($W13&$C13,'ER C8 FLT4'!$A$4:$A$340&'ER C8 FLT4'!$B$4:$B$340-4,1),8)*IF($Z13=\"Class_8\",INDEX('ER C8 FLT4'!$A$4:$J$340,MATCH($W13&$C13,'ER C8 FLT4'!$A$4:$A$340&'ER C8 FLT4'!$B$4:$B$340-4,1),9)),IF($Z13=\"Class_7\",INDEX('ER C7 FLT4'!$A$4:$J$340,MATCH($W13&$C13,'ER C7 FLT4'!$A$4:$A$340&'ER C7 FLT4'!$B$4:$B$340-4,1),8)*IF($Z13=\"Class_7\",INDEX('ER C7 FLT4'!$A$4:$J$340,MATCH($W13&$C13,'ER C7 FLT4'!$A$4:$A$340&'ER C7 FLT4'!$B$4:$B$340-4,1),9)),IF($Z13=\"Class_6\",INDEX('ER C6 FLT4'!$A$4:$J$340,MATCH($W13&$C13,'ER C6 FLT4'!$A$4:$A$340&'ER C6 FLT4'!$B$4:$B$340-4,1),8)*IF($Z13=\"Class_6\",INDEX('ER C6 FLT4'!$A$4:$L$340,MATCH($W13&$C13,'ER C6 FLT4'!$A$4:$A$340&'ER C6 FLT4'!$B$4:$B$340-4,1),9))))),\nIF($B13=\"2 Trucks\",IF($Z13=\"Class_8\",INDEX('ER C8 FLT2'!$A$4:$J$340,MATCH($W13&$C13,'ER C8 FLT2'!$A$4:$A$340&'ER C8 FLT2'!$B$4:$B$340-4,1),8)*IF($Z13=\"Class_8\",INDEX('ER C8 FLT2'!$A$4:$J$340,MATCH($W13&$C13,'ER C8 FLT2'!$A$4:$A$340&'ER C8 FLT2'!$B$4:$B$340-4,1),9)),IF($Z13=\"Class_7\",INDEX('ER C7 FLT2'!$A$4:$J$340,MATCH($W13&$C13,'ER C7 FLT2'!$A$4:$A$340&'ER C7 FLT2'!$B$4:$B$340-4,1),8)*IF($Z13=\"Class_7\",INDEX('ER C7 FLT2'!$A$4:$J$340,MATCH($W13&$C13,'ER C7 FLT2'!$A$4:$A$340&'ER C7 FLT2'!$B$4:$B$340-4,1),9)),IF($Z13=\"Class_6\",INDEX('ER C6 FLT2'!$A$4:$J$340,MATCH($W13&$C13,'ER C6 FLT2'!$A$4:$A$340&'ER C6 FLT2'!$B$4:$B$340-4,1),8)*IF($Z13=\"Class_6\",INDEX('ER C6 FLT2'!$A$4:$J$340,MATCH($W13&$C13,'ER C6 FLT2'!$A$4:$A$340&'ER C6 FLT2'!$B$4:$B$340-4,1),9))))),\nIF($B13=\"1 Truck\",IF($Z13=\"Class_8\",INDEX('ER C8 FLT1'!$A$4:$J$340,MATCH($W13&$C13,'ER C8 FLT1'!$A$4:$A$340&'ER C8 FLT1'!$B$4:$B$340-4,1),8)*IF($Z13=\"Class_8\",INDEX('ER C8 FLT1'!$A$4:$J$340,MATCH($W13&$C13,'ER C8 FLT1'!$A$4:$A$340&'ER C8 FLT1'!$B$4:$B$340-4,1),9)),IF($Z13=\"Class_7\",INDEX('ER C7 FLT1'!$A$4:$J$340,MATCH($W13&$C13,'ER C7 FLT1'!$A$4:$A$340&'ER C7 FLT1'!$B$4:$B$340-4,1),8)*IF($Z13=\"Class_7\",INDEX('ER C7 FLT1'!$A$4:$J$340,MATCH($W13&$C13,'ER C7 FLT1'!$A$4:$A$340&'ER C7 FLT1'!$B$4:$B$340-4,1),9)),IF($Z13=\"Class_6\",INDEX('ER C6 FLT1'!$A$4:$J$340,MATCH($W13&$C13,'ER C6 FLT1'!$A$4:$A$340&'ER C6 FLT1'!$B$4:$B$340-4,1),8)*IF($Z13=\"Class_6\",INDEX('ER C6 FLT1'!$A$4:$J$340,MATCH($W13&$C13,'ER C6 FLT1'!$A$4:$A$340&'ER C6 FLT1'!$B$4:$B$340-4,1),9))))),IF($B13=\"3 Trucks\",IF($Z13=\"Class_8\",INDEX('ER C8 FLT3'!$A$4:$J$340,MATCH($W13&$C13,'ER C8 FLT3'!$A$4:$A$340&'ER C8 FLT3'!$B$4:$B$340-4,1),8)*IF($Z13=\"Class_8\",INDEX('ER C8 FLT3'!$A$4:$J$340,MATCH($W13&$C13,'ER C8 FLT3'!$A$4:$A$340&'ER C8 FLT3'!$B$4:$B$340-4,1),9)),IF($Z13=\"Class_7\",INDEX('ER C7 FLT3'!$A$4:$J$340,MATCH($W13&$C13,'ER C7 FLT3'!$A$4:$A$340&'ER C7 FLT3'!$B$4:$B$340-4,1),8)*IF($Z13=\"Class_7\",INDEX('ER C7 FLT3'!$A$4:$J$340,MATCH($W13&$C13,'ER C7 FLT3'!$A$4:$A$340&'ER C7 FLT3'!$B$4:$B$340-4,1),9)),IF($Z13=\"Class_6\",INDEX('ER C6 FLT3'!$A$4:$J$340,MATCH($W13&$C13,'ER C6 FLT3'!$A$4:$A$340&'ER C6 FLT3'!$B$4:$B$340-4,1),8)*IF($Z13=\"Class_6\",INDEX('ER C6 FLT3'!$A$4:$L$340,MATCH($W13&$C13,'ER C6 FLT3'!$A$4:$A$340&'ER C6 FLT3'!$B$4:$B$340-4,1),9)))))))))\n*IF($X13=\"Level 1 PM\",0.75,IF($X13=\"Level 2 PM\",0.5,IF($X13=\"Level 3 PM\",0,IF($X13=\"Level 3 PM + Mark I NOx\",0,1))))*($AC13/453.6)-IF(BR13=0,AZ13,0)),0)","v":0},{"$f":"MAX(0,BR13+BS13)","v":0},{"$f":"(MAX(0,BH13+BK13+BN13+BQ13+BT13))","v":0},{"$f":"IF($B13=\"4+ Trucks\",IF(OR($H13=\"Class_8\",$N13=\"Replacement8HHD\",$AH13=\"CL7HHD\",$AJ13=\"CL7to8\"),INDEX('ER C8 FLT4'!$A$4:$J$340,MATCH($E13&$C13,'ER C8 FLT4'!$A$4:$A$340&'ER C8 FLT4'!$B$4:$B$340,1),5)*IF(OR($H13=\"Class_8\",$N13=\"Replacement8HHD\",$AH13=\"CL7HHD\",$AJ13=\"CL7to8\"),INDEX('ER C8 FLT4'!$A$4:$J$340,MATCH($E13&$C13,'ER C8 FLT4'!$A$4:$A$340&'ER C8 FLT4'!$B$4:$B$340,1),7)),IF($H13=\"Class_7\",INDEX('ER C7 FLT4'!$A$4:$J$340,MATCH($E13&$C13,'ER C7 FLT4'!$A$4:$A$340&'ER C7 FLT4'!$B$4:$B$340,1),5)*IF($H13=\"Class_7\",INDEX('ER C7 FLT4'!$A$4:$J$340,MATCH($E13&$C13,'ER C7 FLT4'!$A$4:$A$340&'ER C7 FLT4'!$B$4:$B$340,1),7)),\nIF($H13=\"Class_6\",INDEX('ER C6 FLT4'!$A$4:$J$340,MATCH($E13&$C13,'ER C6 FLT4'!$A$4:$A$340&'ER C6 FLT4'!$B$4:$B$340,1),5)*IF($H13=\"Class_6\",INDEX('ER C6 FLT4'!$A$4:$L$340,MATCH($E13&$C13,'ER C6 FLT4'!$A$4:$A$340&'ER C6 FLT4'!$B$4:$B$340,1),7))))),\nIF($B13=\"3 Trucks\",IF(OR($H13=\"Class_8\",$N13=\"Replacement8HHD\",$AH13=\"CL7HHD\",$AJ13=\"CL7to8\"),INDEX('ER C8 FLT3'!$A$4:$J$340,MATCH($E13&$C13,'ER C8 FLT3'!$A$4:$A$340&'ER C8 FLT3'!$B$4:$B$340,1),5)*IF(OR($H13=\"Class_8\",$N13=\"Replacement8HHD\",$AH13=\"CL7HHD\",$AJ13=\"CL7to8\"),INDEX('ER C8 FLT3'!$A$4:$J$340,MATCH($E13&$C13,'ER C8 FLT3'!$A$4:$A$340&'ER C8 FLT3'!$B$4:$B$340,1),7)),IF($H13=\"Class_7\",INDEX('ER C7 FLT3'!$A$4:$J$340,MATCH($E13&$C13,'ER C7 FLT3'!$A$4:$A$340&'ER C7 FLT3'!$B$4:$B$340,1),5)*IF($H13=\"Class_7\",INDEX('ER C7 FLT3'!$A$4:$J$340,MATCH($E13&$C13,'ER C7 FLT3'!$A$4:$A$340&'ER C7 FLT3'!$B$4:$B$340,1),7)),\nIF($H13=\"Class_6\",INDEX('ER C6 FLT3'!$A$4:$J$340,MATCH($E13&$C13,'ER C6 FLT3'!$A$4:$A$340&'ER C6 FLT3'!$B$4:$B$340,1),5)*IF($H13=\"Class_6\",INDEX('ER C6 FLT3'!$A$4:$L$340,MATCH($E13&$C13,'ER C6 FLT3'!$A$4:$A$340&'ER C6 FLT3'!$B$4:$B$340,1),7))))),\nIF($B13=\"2 Trucks\",IF(OR($H13=\"Class_8\",$N13=\"Replacement8HHD\",$AH13=\"CL7HHD\",$AJ13=\"CL7to8\"),INDEX('ER C8 FLT2'!$A$4:$J$340,MATCH($E13&$C13,'ER C8 FLT2'!$A$4:$A$340&'ER C8 FLT2'!$B$4:$B$340,1),5)*IF(OR($H13=\"Class_8\",$N13=\"Replacement8HHD\",$AH13=\"CL7HHD\",$AJ13=\"CL7to8\"),INDEX('ER C8 FLT2'!$A$4:$J$340,MATCH($E13&$C13,'ER C8 FLT2'!$A$4:$A$340&'ER C8 FLT2'!$B$4:$B$340,1),7)),IF($H13=\"Class_7\",INDEX('ER C7 FLT2'!$A$4:$J$340,MATCH($E13&$C13,'ER C7 FLT2'!$A$4:$A$340&'ER C7 FLT2'!$B$4:$B$340,1),5)*IF($H13=\"Class_7\",INDEX('ER C7 FLT2'!$A$4:$J$340,MATCH($E13&$C13,'ER C7 FLT2'!$A$4:$A$340&'ER C7 FLT2'!$B$4:$B$340,1),7)),IF($H13=\"Class_6\",INDEX('ER C6 FLT2'!$A$4:$J$340,MATCH($E13&$C13,'ER C6 FLT2'!$A$4:$A$340&'ER C6 FLT2'!$B$4:$B$340,1),5)*IF($H13=\"Class_6\",INDEX('ER C6 FLT2'!$A$4:$J$340,MATCH($E13&$C13,'ER C6 FLT2'!$A$4:$A$340&'ER C6 FLT2'!$B$4:$B$340,1),7))))),IF($B13=\"1 Truck\",\nIF(OR($H13=\"Class_8\",$N13=\"Replacement8HHD\",$AH13=\"CL7HHD\",$AJ13=\"CL7to8\"),INDEX('ER C8 FLT1'!$A$4:$J$340,MATCH($E13&$C13,'ER C8 FLT1'!$A$4:$A$340&'ER C8 FLT1'!$B$4:$B$340,1),5)*IF(OR($H13=\"Class_8\",$N13=\"Replacement8HHD\",$AH13=\"CL7HHD\",$AJ13=\"CL7to8\"),INDEX('ER C8 FLT1'!$A$4:$J$340,MATCH($E13&$C13,'ER C8 FLT1'!$A$4:$A$340&'ER C8 FLT1'!$B$4:$B$340,1),7)),IF($H13=\"Class_7\",INDEX('ER C7 FLT1'!$A$4:$J$340,MATCH($E13&$C13,'ER C7 FLT1'!$A$4:$A$340&'ER C7 FLT1'!$B$4:$B$340,1),5)*IF($H13=\"Class_7\",INDEX('ER C7 FLT1'!$A$4:$J$340,MATCH($E13&$C13,'ER C7 FLT1'!$A$4:$A$340&'ER C7 FLT1'!$B$4:$B$340,1),7)),\nIF($H13=\"Class_6\",INDEX('ER C6 FLT1'!$A$4:$J$340,MATCH($E13&$C13,'ER C6 FLT1'!$A$4:$A$340&'ER C6 FLT1'!$B$4:$B$340,1),5)*IF($H13=\"Class_6\",INDEX('ER C6 FLT1'!$A$4:$J$340,MATCH($E13&$C13,'ER C6 FLT1'!$A$4:$A$340&'ER C6 FLT1'!$B$4:$B$340,1),7))))))))*IF($F13=\"Level 1 PM + Mark I NOx\",0.75,1))*($Q13/453.6)","v":0},{"$f":"IF($B13=\"4+ Trucks\",IF(OR($H13=\"Class_8\",$N13=\"Replacement8HHD\",$AH13=\"CL7HHD\",$AJ13=\"CL7to8\"),INDEX('ER C8 FLT4'!$A$4:$J$340,MATCH($E13&$C13,'ER C8 FLT4'!$A$4:$A$340&'ER C8 FLT4'!$B$4:$B$340-1,1),5)*IF(OR($H13=\"Class_8\",$N13=\"Replacement8HHD\",$AH13=\"CL7HHD\",$AJ13=\"CL7to8\"),INDEX('ER C8 FLT4'!$A$4:$J$340,MATCH($E13&$C13,'ER C8 FLT4'!$A$4:$A$340&'ER C8 FLT4'!$B$4:$B$340-1,1),7)),IF($H13=\"Class_7\",INDEX('ER C7 FLT4'!$A$4:$J$340,MATCH($E13&$C13,'ER C7 FLT4'!$A$4:$A$340&'ER C7 FLT4'!$B$4:$B$340-1,1),5)*IF($H13=\"Class_7\",INDEX('ER C7 FLT4'!$A$4:$J$340,MATCH($E13&$C13,'ER C7 FLT4'!$A$4:$A$340&'ER C7 FLT4'!$B$4:$B$340-1,1),7)),\nIF($H13=\"Class_6\",INDEX('ER C6 FLT4'!$A$4:$J$340,MATCH($E13&$C13,'ER C6 FLT4'!$A$4:$A$340&'ER C6 FLT4'!$B$4:$B$340-1,1),5)*IF($H13=\"Class_6\",INDEX('ER C6 FLT4'!$A$4:$L$340,MATCH($E13&$C13,'ER C6 FLT4'!$A$4:$A$340&'ER C6 FLT4'!$B$4:$B$340-1,1),7))))),IF($B13=\"3 Trucks\",IF(OR($H13=\"Class_8\",$N13=\"Replacement8HHD\",$AH13=\"CL7HHD\",$AJ13=\"CL7to8\"),INDEX('ER C8 FLT3'!$A$4:$J$340,MATCH($E13&$C13,'ER C8 FLT3'!$A$4:$A$340&'ER C8 FLT3'!$B$4:$B$340-1,1),5)*IF(OR($H13=\"Class_8\",$N13=\"Replacement8HHD\",$AH13=\"CL7HHD\",$AJ13=\"CL7to8\"),INDEX('ER C8 FLT3'!$A$4:$J$340,MATCH($E13&$C13,'ER C8 FLT3'!$A$4:$A$340&'ER C8 FLT3'!$B$4:$B$340-1,1),7)),IF($H13=\"Class_7\",INDEX('ER C7 FLT3'!$A$4:$J$340,MATCH($E13&$C13,'ER C7 FLT3'!$A$4:$A$340&'ER C7 FLT3'!$B$4:$B$340-1,1),5)*IF($H13=\"Class_7\",INDEX('ER C7 FLT3'!$A$4:$J$340,MATCH($E13&$C13,'ER C7 FLT3'!$A$4:$A$340&'ER C7 FLT3'!$B$4:$B$340-1,1),7)),\nIF($H13=\"Class_6\",INDEX('ER C6 FLT3'!$A$4:$J$340,MATCH($E13&$C13,'ER C6 FLT3'!$A$4:$A$340&'ER C6 FLT3'!$B$4:$B$340-1,1),5)*IF($H13=\"Class_6\",INDEX('ER C6 FLT3'!$A$4:$L$340,MATCH($E13&$C13,'ER C6 FLT3'!$A$4:$A$340&'ER C6 FLT3'!$B$4:$B$340-1,1),7))))),IF($B13=\"2 Trucks\",IF(OR($H13=\"Class_8\",$N13=\"Replacement8HHD\",$AH13=\"CL7HHD\",$AJ13=\"CL7to8\"),INDEX('ER C8 FLT2'!$A$4:$J$340,MATCH($E13&$C13,'ER C8 FLT2'!$A$4:$A$340&'ER C8 FLT2'!$B$4:$B$340-1,1),5)*IF(OR($H13=\"Class_8\",$N13=\"Replacement8HHD\",$AH13=\"CL7HHD\",$AJ13=\"CL7to8\"),INDEX('ER C8 FLT2'!$A$4:$J$340,MATCH($E13&$C13,'ER C8 FLT2'!$A$4:$A$340&'ER C8 FLT2'!$B$4:$B$340-1,1),7)),IF($H13=\"Class_7\",INDEX('ER C7 FLT2'!$A$4:$J$340,MATCH($E13&$C13,'ER C7 FLT2'!$A$4:$A$340&'ER C7 FLT2'!$B$4:$B$340-1,1),5)*IF($H13=\"Class_7\",INDEX('ER C7 FLT2'!$A$4:$J$340,MATCH($E13&$C13,'ER C7 FLT2'!$A$4:$A$340&'ER C7 FLT2'!$B$4:$B$340-1,1),7)),IF($H13=\"Class_6\",INDEX('ER C6 FLT2'!$A$4:$J$340,MATCH($E13&$C13,'ER C6 FLT2'!$A$4:$A$340&'ER C6 FLT2'!$B$4:$B$340-1,1),5)*IF($H13=\"Class_6\",INDEX('ER C6 FLT2'!$A$4:$J$340,MATCH($E13&$C13,'ER C6 FLT2'!$A$4:$A$340&'ER C6 FLT2'!$B$4:$B$340-1,1),7))))),IF($B13=\"1 Truck\",\nIF(OR($H13=\"Class_8\",$N13=\"Replacement8HHD\",$AH13=\"CL7HHD\",$AJ13=\"CL7to8\"),INDEX('ER C8 FLT1'!$A$4:$J$340,MATCH($E13&$C13,'ER C8 FLT1'!$A$4:$A$340&'ER C8 FLT1'!$B$4:$B$340-1,1),5)*IF(OR($H13=\"Class_8\",$N13=\"Replacement8HHD\",$AH13=\"CL7HHD\",$AJ13=\"CL7to8\"),INDEX('ER C8 FLT1'!$A$4:$J$340,MATCH($E13&$C13,'ER C8 FLT1'!$A$4:$A$340&'ER C8 FLT1'!$B$4:$B$340-1,1),7)),IF($H13=\"Class_7\",INDEX('ER C7 FLT1'!$A$4:$J$340,MATCH($E13&$C13,'ER C7 FLT1'!$A$4:$A$340&'ER C7 FLT1'!$B$4:$B$340-1,1),5)*IF($H13=\"Class_7\",INDEX('ER C7 FLT1'!$A$4:$J$340,MATCH($E13&$C13,'ER C7 FLT1'!$A$4:$A$340&'ER C7 FLT1'!$B$4:$B$340-1,1),7)),\nIF($H13=\"Class_6\",INDEX('ER C6 FLT1'!$A$4:$J$340,MATCH($E13&$C13,'ER C6 FLT1'!$A$4:$A$340&'ER C6 FLT1'!$B$4:$B$340-1,1),5)*IF($H13=\"Class_6\",INDEX('ER C6 FLT1'!$A$4:$J$340,MATCH($E13&$C13,'ER C6 FLT1'!$A$4:$A$340&'ER C6 FLT1'!$B$4:$B$340-1,1),7))))))))*IF($F13=\"Level 1 PM + Mark I NOx\",0.75,1))*($Q13/453.6)","v":0},{"$f":"IF($B13=\"4+ Trucks\",IF(OR($H13=\"Class_8\",$N13=\"Replacement8HHD\",$AH13=\"CL7HHD\",$AJ13=\"CL7to8\"),INDEX('ER C8 FLT4'!$A$4:$J$340,MATCH($E13&$C13,'ER C8 FLT4'!$A$4:$A$340&'ER C8 FLT4'!$B$4:$B$340-2,1),5)*IF(OR($H13=\"Class_8\",$N13=\"Replacement8HHD\",$AH13=\"CL7HHD\",$AJ13=\"CL7to8\"),INDEX('ER C8 FLT4'!$A$4:$J$340,MATCH($E13&$C13,'ER C8 FLT4'!$A$4:$A$340&'ER C8 FLT4'!$B$4:$B$340-2,1),7)),IF($H13=\"Class_7\",INDEX('ER C7 FLT4'!$A$4:$J$340,MATCH($E13&$C13,'ER C7 FLT4'!$A$4:$A$340&'ER C7 FLT4'!$B$4:$B$340-2,1),5)*IF($H13=\"Class_7\",INDEX('ER C7 FLT4'!$A$4:$J$340,MATCH($E13&$C13,'ER C7 FLT4'!$A$4:$A$340&'ER C7 FLT4'!$B$4:$B$340-2,1),7)),\nIF($H13=\"Class_6\",INDEX('ER C6 FLT4'!$A$4:$J$340,MATCH($E13&$C13,'ER C6 FLT4'!$A$4:$A$340&'ER C6 FLT4'!$B$4:$B$340-2,1),5)*IF($H13=\"Class_6\",INDEX('ER C6 FLT4'!$A$4:$L$340,MATCH($E13&$C13,'ER C6 FLT4'!$A$4:$A$340&'ER C6 FLT4'!$B$4:$B$340-2,1),7))))),IF($B13=\"3 Trucks\",IF(OR($H13=\"Class_8\",$N13=\"Replacement8HHD\",$AH13=\"CL7HHD\",$AJ13=\"CL7to8\"),INDEX('ER C8 FLT3'!$A$4:$J$340,MATCH($E13&$C13,'ER C8 FLT3'!$A$4:$A$340&'ER C8 FLT3'!$B$4:$B$340-2,1),5)*IF(OR($H13=\"Class_8\",$N13=\"Replacement8HHD\",$AH13=\"CL7HHD\",$AJ13=\"CL7to8\"),INDEX('ER C8 FLT3'!$A$4:$J$340,MATCH($E13&$C13,'ER C8 FLT3'!$A$4:$A$340&'ER C8 FLT3'!$B$4:$B$340-2,1),7)),IF($H13=\"Class_7\",INDEX('ER C7 FLT3'!$A$4:$J$340,MATCH($E13&$C13,'ER C7 FLT3'!$A$4:$A$340&'ER C7 FLT3'!$B$4:$B$340-2,1),5)*IF($H13=\"Class_7\",INDEX('ER C7 FLT3'!$A$4:$J$340,MATCH($E13&$C13,'ER C7 FLT3'!$A$4:$A$340&'ER C7 FLT3'!$B$4:$B$340-2,1),7)),\nIF($H13=\"Class_6\",INDEX('ER C6 FLT3'!$A$4:$J$340,MATCH($E13&$C13,'ER C6 FLT3'!$A$4:$A$340&'ER C6 FLT3'!$B$4:$B$340-2,1),5)*IF($H13=\"Class_6\",INDEX('ER C6 FLT3'!$A$4:$L$340,MATCH($E13&$C13,'ER C6 FLT3'!$A$4:$A$340&'ER C6 FLT3'!$B$4:$B$340-2,1),7))))),IF($B13=\"2 Trucks\",IF(OR($H13=\"Class_8\",$N13=\"Replacement8HHD\",$AH13=\"CL7HHD\",$AJ13=\"CL7to8\"),INDEX('ER C8 FLT2'!$A$4:$J$340,MATCH($E13&$C13,'ER C8 FLT2'!$A$4:$A$340&'ER C8 FLT2'!$B$4:$B$340-2,1),5)*IF(OR($H13=\"Class_8\",$N13=\"Replacement8HHD\",$AH13=\"CL7HHD\",$AJ13=\"CL7to8\"),INDEX('ER C8 FLT2'!$A$4:$J$340,MATCH($E13&$C13,'ER C8 FLT2'!$A$4:$A$340&'ER C8 FLT2'!$B$4:$B$340-2,1),7)),IF($H13=\"Class_7\",INDEX('ER C7 FLT2'!$A$4:$J$340,MATCH($E13&$C13,'ER C7 FLT2'!$A$4:$A$340&'ER C7 FLT2'!$B$4:$B$340-2,1),5)*IF($H13=\"Class_7\",INDEX('ER C7 FLT2'!$A$4:$J$340,MATCH($E13&$C13,'ER C7 FLT2'!$A$4:$A$340&'ER C7 FLT2'!$B$4:$B$340-2,1),7)),IF($H13=\"Class_6\",INDEX('ER C6 FLT2'!$A$4:$J$340,MATCH($E13&$C13,'ER C6 FLT2'!$A$4:$A$340&'ER C6 FLT2'!$B$4:$B$340-2,1),5)*IF($H13=\"Class_6\",INDEX('ER C6 FLT2'!$A$4:$J$340,MATCH($E13&$C13,'ER C6 FLT2'!$A$4:$A$340&'ER C6 FLT2'!$B$4:$B$340-2,1),7))))),IF($B13=\"1 Truck\",\nIF(OR($H13=\"Class_8\",$N13=\"Replacement8HHD\",$AH13=\"CL7HHD\",$AJ13=\"CL7to8\"),INDEX('ER C8 FLT1'!$A$4:$J$340,MATCH($E13&$C13,'ER C8 FLT1'!$A$4:$A$340&'ER C8 FLT1'!$B$4:$B$340-2,1),5)*IF(OR($H13=\"Class_8\",$N13=\"Replacement8HHD\",$AH13=\"CL7HHD\",$AJ13=\"CL7to8\"),INDEX('ER C8 FLT1'!$A$4:$J$340,MATCH($E13&$C13,'ER C8 FLT1'!$A$4:$A$340&'ER C8 FLT1'!$B$4:$B$340-2,1),7)),IF($H13=\"Class_7\",INDEX('ER C7 FLT1'!$A$4:$J$340,MATCH($E13&$C13,'ER C7 FLT1'!$A$4:$A$340&'ER C7 FLT1'!$B$4:$B$340-2,1),5)*IF($H13=\"Class_7\",INDEX('ER C7 FLT1'!$A$4:$J$340,MATCH($E13&$C13,'ER C7 FLT1'!$A$4:$A$340&'ER C7 FLT1'!$B$4:$B$340-2,1),7)),\nIF($H13=\"Class_6\",INDEX('ER C6 FLT1'!$A$4:$J$340,MATCH($E13&$C13,'ER C6 FLT1'!$A$4:$A$340&'ER C6 FLT1'!$B$4:$B$340-2,1),5)*IF($H13=\"Class_6\",INDEX('ER C6 FLT1'!$A$4:$J$340,MATCH($E13&$C13,'ER C6 FLT1'!$A$4:$A$340&'ER C6 FLT1'!$B$4:$B$340-2,1),7))))))))*IF($F13=\"Level 1 PM + Mark I NOx\",0.75,1))*($Q13/453.6)","v":0},{"$f":"IF($B13=\"4+ Trucks\",IF(OR($H13=\"Class_8\",$N13=\"Replacement8HHD\",$AH13=\"CL7HHD\",$AJ13=\"CL7to8\"),INDEX('ER C8 FLT4'!$A$4:$J$340,MATCH($E13&$C13,'ER C8 FLT4'!$A$4:$A$340&'ER C8 FLT4'!$B$4:$B$340-3,1),5)*IF(OR($H13=\"Class_8\",$N13=\"Replacement8HHD\",$AH13=\"CL7HHD\",$AJ13=\"CL7to8\"),INDEX('ER C8 FLT4'!$A$4:$J$340,MATCH($E13&$C13,'ER C8 FLT4'!$A$4:$A$340&'ER C8 FLT4'!$B$4:$B$340-3,1),7)),IF($H13=\"Class_7\",INDEX('ER C7 FLT4'!$A$4:$J$340,MATCH($E13&$C13,'ER C7 FLT4'!$A$4:$A$340&'ER C7 FLT4'!$B$4:$B$340-3,1),5)*IF($H13=\"Class_7\",INDEX('ER C7 FLT4'!$A$4:$J$340,MATCH($E13&$C13,'ER C7 FLT4'!$A$4:$A$340&'ER C7 FLT4'!$B$4:$B$340-3,1),7)),\nIF($H13=\"Class_6\",INDEX('ER C6 FLT4'!$A$4:$J$340,MATCH($E13&$C13,'ER C6 FLT4'!$A$4:$A$340&'ER C6 FLT4'!$B$4:$B$340-3,1),5)*IF($H13=\"Class_6\",INDEX('ER C6 FLT4'!$A$4:$L$340,MATCH($E13&$C13,'ER C6 FLT4'!$A$4:$A$340&'ER C6 FLT4'!$B$4:$B$340-3,1),7))))),IF($B13=\"3 Trucks\",IF(OR($H13=\"Class_8\",$N13=\"Replacement8HHD\",$AH13=\"CL7HHD\",$AJ13=\"CL7to8\"),INDEX('ER C8 FLT3'!$A$4:$J$340,MATCH($E13&$C13,'ER C8 FLT3'!$A$4:$A$340&'ER C8 FLT3'!$B$4:$B$340-3,1),5)*IF(OR($H13=\"Class_8\",$N13=\"Replacement8HHD\",$AH13=\"CL7HHD\",$AJ13=\"CL7to8\"),INDEX('ER C8 FLT3'!$A$4:$J$340,MATCH($E13&$C13,'ER C8 FLT3'!$A$4:$A$340&'ER C8 FLT3'!$B$4:$B$340-3,1),7)),IF($H13=\"Class_7\",INDEX('ER C7 FLT3'!$A$4:$J$340,MATCH($E13&$C13,'ER C7 FLT3'!$A$4:$A$340&'ER C7 FLT3'!$B$4:$B$340-3,1),5)*IF($H13=\"Class_7\",INDEX('ER C7 FLT3'!$A$4:$J$340,MATCH($E13&$C13,'ER C7 FLT3'!$A$4:$A$340&'ER C7 FLT3'!$B$4:$B$340-3,1),7)),\nIF($H13=\"Class_6\",INDEX('ER C6 FLT3'!$A$4:$J$340,MATCH($E13&$C13,'ER C6 FLT3'!$A$4:$A$340&'ER C6 FLT3'!$B$4:$B$340-3,1),5)*IF($H13=\"Class_6\",INDEX('ER C6 FLT3'!$A$4:$L$340,MATCH($E13&$C13,'ER C6 FLT3'!$A$4:$A$340&'ER C6 FLT3'!$B$4:$B$340-3,1),7))))),IF($B13=\"2 Trucks\",IF(OR($H13=\"Class_8\",$N13=\"Replacement8HHD\",$AH13=\"CL7HHD\",$AJ13=\"CL7to8\"),INDEX('ER C8 FLT2'!$A$4:$J$340,MATCH($E13&$C13,'ER C8 FLT2'!$A$4:$A$340&'ER C8 FLT2'!$B$4:$B$340-3,1),5)*IF(OR($H13=\"Class_8\",$N13=\"Replacement8HHD\",$AH13=\"CL7HHD\",$AJ13=\"CL7to8\"),INDEX('ER C8 FLT2'!$A$4:$J$340,MATCH($E13&$C13,'ER C8 FLT2'!$A$4:$A$340&'ER C8 FLT2'!$B$4:$B$340-3,1),7)),IF($H13=\"Class_7\",INDEX('ER C7 FLT2'!$A$4:$J$340,MATCH($E13&$C13,'ER C7 FLT2'!$A$4:$A$340&'ER C7 FLT2'!$B$4:$B$340-3,1),5)*IF($H13=\"Class_7\",INDEX('ER C7 FLT2'!$A$4:$J$340,MATCH($E13&$C13,'ER C7 FLT2'!$A$4:$A$340&'ER C7 FLT2'!$B$4:$B$340-3,1),7)),IF($H13=\"Class_6\",INDEX('ER C6 FLT2'!$A$4:$J$340,MATCH($E13&$C13,'ER C6 FLT2'!$A$4:$A$340&'ER C6 FLT2'!$B$4:$B$340-3,1),5)*IF($H13=\"Class_6\",INDEX('ER C6 FLT2'!$A$4:$J$340,MATCH($E13&$C13,'ER C6 FLT2'!$A$4:$A$340&'ER C6 FLT2'!$B$4:$B$340-3,1),7))))),IF($B13=\"1 Truck\",\nIF(OR($H13=\"Class_8\",$N13=\"Replacement8HHD\",$AH13=\"CL7HHD\",$AJ13=\"CL7to8\"),INDEX('ER C8 FLT1'!$A$4:$J$340,MATCH($E13&$C13,'ER C8 FLT1'!$A$4:$A$340&'ER C8 FLT1'!$B$4:$B$340-3,1),5)*IF(OR($H13=\"Class_8\",$N13=\"Replacement8HHD\",$AH13=\"CL7HHD\",$AJ13=\"CL7to8\"),INDEX('ER C8 FLT1'!$A$4:$J$340,MATCH($E13&$C13,'ER C8 FLT1'!$A$4:$A$340&'ER C8 FLT1'!$B$4:$B$340-3,1),7)),IF($H13=\"Class_7\",INDEX('ER C7 FLT1'!$A$4:$J$340,MATCH($E13&$C13,'ER C7 FLT1'!$A$4:$A$340&'ER C7 FLT1'!$B$4:$B$340-3,1),5)*IF($H13=\"Class_7\",INDEX('ER C7 FLT1'!$A$4:$J$340,MATCH($E13&$C13,'ER C7 FLT1'!$A$4:$A$340&'ER C7 FLT1'!$B$4:$B$340-3,1),7)),\nIF($H13=\"Class_6\",INDEX('ER C6 FLT1'!$A$4:$J$340,MATCH($E13&$C13,'ER C6 FLT1'!$A$4:$A$340&'ER C6 FLT1'!$B$4:$B$340-3,1),5)*IF($H13=\"Class_6\",INDEX('ER C6 FLT1'!$A$4:$J$340,MATCH($E13&$C13,'ER C6 FLT1'!$A$4:$A$340&'ER C6 FLT1'!$B$4:$B$340-3,1),7))))))))*IF($F13=\"Level 1 PM + Mark I NOx\",0.75,1))*($Q13/453.6)","v":0},{"$f":"IF($B13=\"4+ Trucks\",IF(OR($H13=\"Class_8\",$N13=\"Replacement8HHD\",$AH13=\"CL7HHD\",$AJ13=\"CL7to8\"),INDEX('ER C8 FLT4'!$A$4:$J$340,MATCH($E13&$C13,'ER C8 FLT4'!$A$4:$A$340&'ER C8 FLT4'!$B$4:$B$340-4,1),5)*IF(OR($H13=\"Class_8\",$N13=\"Replacement8HHD\",$AH13=\"CL7HHD\",$AJ13=\"CL7to8\"),INDEX('ER C8 FLT4'!$A$4:$J$340,MATCH($E13&$C13,'ER C8 FLT4'!$A$4:$A$340&'ER C8 FLT4'!$B$4:$B$340-4,1),7)),IF($H13=\"Class_7\",INDEX('ER C7 FLT4'!$A$4:$J$340,MATCH($E13&$C13,'ER C7 FLT4'!$A$4:$A$340&'ER C7 FLT4'!$B$4:$B$340-4,1),5)*IF($H13=\"Class_7\",INDEX('ER C7 FLT4'!$A$4:$J$340,MATCH($E13&$C13,'ER C7 FLT4'!$A$4:$A$340&'ER C7 FLT4'!$B$4:$B$340-4,1),7)),\nIF($H13=\"Class_6\",INDEX('ER C6 FLT4'!$A$4:$J$340,MATCH($E13&$C13,'ER C6 FLT4'!$A$4:$A$340&'ER C6 FLT4'!$B$4:$B$340-4,1),5)*IF($H13=\"Class_6\",INDEX('ER C6 FLT4'!$A$4:$L$340,MATCH($E13&$C13,'ER C6 FLT4'!$A$4:$A$340&'ER C6 FLT4'!$B$4:$B$340-4,1),7))))),IF($B13=\"3 Trucks\",IF(OR($H13=\"Class_8\",$N13=\"Replacement8HHD\",$AH13=\"CL7HHD\",$AJ13=\"CL7to8\"),INDEX('ER C8 FLT3'!$A$4:$J$340,MATCH($E13&$C13,'ER C8 FLT3'!$A$4:$A$340&'ER C8 FLT3'!$B$4:$B$340-4,1),5)*IF(OR($H13=\"Class_8\",$N13=\"Replacement8HHD\",$AH13=\"CL7HHD\",$AJ13=\"CL7to8\"),INDEX('ER C8 FLT3'!$A$4:$J$340,MATCH($E13&$C13,'ER C8 FLT3'!$A$4:$A$340&'ER C8 FLT3'!$B$4:$B$340-4,1),7)),IF($H13=\"Class_7\",INDEX('ER C7 FLT3'!$A$4:$J$340,MATCH($E13&$C13,'ER C7 FLT3'!$A$4:$A$340&'ER C7 FLT3'!$B$4:$B$340-4,1),5)*IF($H13=\"Class_7\",INDEX('ER C7 FLT3'!$A$4:$J$340,MATCH($E13&$C13,'ER C7 FLT3'!$A$4:$A$340&'ER C7 FLT3'!$B$4:$B$340-4,1),7)),\nIF($H13=\"Class_6\",INDEX('ER C6 FLT3'!$A$4:$J$340,MATCH($E13&$C13,'ER C6 FLT3'!$A$4:$A$340&'ER C6 FLT3'!$B$4:$B$340-4,1),5)*IF($H13=\"Class_6\",INDEX('ER C6 FLT3'!$A$4:$L$340,MATCH($E13&$C13,'ER C6 FLT3'!$A$4:$A$340&'ER C6 FLT3'!$B$4:$B$340-4,1),7))))),IF($B13=\"2 Trucks\",IF(OR($H13=\"Class_8\",$N13=\"Replacement8HHD\",$AH13=\"CL7HHD\",$AJ13=\"CL7to8\"),INDEX('ER C8 FLT2'!$A$4:$J$340,MATCH($E13&$C13,'ER C8 FLT2'!$A$4:$A$340&'ER C8 FLT2'!$B$4:$B$340-4,1),5)*IF(OR($H13=\"Class_8\",$N13=\"Replacement8HHD\",$AH13=\"CL7HHD\",$AJ13=\"CL7to8\"),INDEX('ER C8 FLT2'!$A$4:$J$340,MATCH($E13&$C13,'ER C8 FLT2'!$A$4:$A$340&'ER C8 FLT2'!$B$4:$B$340-4,1),7)),IF($H13=\"Class_7\",INDEX('ER C7 FLT2'!$A$4:$J$340,MATCH($E13&$C13,'ER C7 FLT2'!$A$4:$A$340&'ER C7 FLT2'!$B$4:$B$340-4,1),5)*IF($H13=\"Class_7\",INDEX('ER C7 FLT2'!$A$4:$J$340,MATCH($E13&$C13,'ER C7 FLT2'!$A$4:$A$340&'ER C7 FLT2'!$B$4:$B$340-4,1),7)),IF($H13=\"Class_6\",INDEX('ER C6 FLT2'!$A$4:$J$340,MATCH($E13&$C13,'ER C6 FLT2'!$A$4:$A$340&'ER C6 FLT2'!$B$4:$B$340-4,1),5)*IF($H13=\"Class_6\",INDEX('ER C6 FLT2'!$A$4:$J$340,MATCH($E13&$C13,'ER C6 FLT2'!$A$4:$A$340&'ER C6 FLT2'!$B$4:$B$340-4,1),7))))),IF($B13=\"1 Truck\",\nIF(OR($H13=\"Class_8\",$N13=\"Replacement8HHD\",$AH13=\"CL7HHD\",$AJ13=\"CL7to8\"),INDEX('ER C8 FLT1'!$A$4:$J$340,MATCH($E13&$C13,'ER C8 FLT1'!$A$4:$A$340&'ER C8 FLT1'!$B$4:$B$340-4,1),5)*IF(OR($H13=\"Class_8\",$N13=\"Replacement8HHD\",$AH13=\"CL7HHD\",$AJ13=\"CL7to8\"),INDEX('ER C8 FLT1'!$A$4:$J$340,MATCH($E13&$C13,'ER C8 FLT1'!$A$4:$A$340&'ER C8 FLT1'!$B$4:$B$340-4,1),7)),IF($H13=\"Class_7\",INDEX('ER C7 FLT1'!$A$4:$J$340,MATCH($E13&$C13,'ER C7 FLT1'!$A$4:$A$340&'ER C7 FLT1'!$B$4:$B$340-4,1),5)*IF($H13=\"Class_7\",INDEX('ER C7 FLT1'!$A$4:$J$340,MATCH($E13&$C13,'ER C7 FLT1'!$A$4:$A$340&'ER C7 FLT1'!$B$4:$B$340-4,1),7)),\nIF($H13=\"Class_6\",INDEX('ER C6 FLT1'!$A$4:$J$340,MATCH($E13&$C13,'ER C6 FLT1'!$A$4:$A$340&'ER C6 FLT1'!$B$4:$B$340-4,1),5)*IF($H13=\"Class_6\",INDEX('ER C6 FLT1'!$A$4:$J$340,MATCH($E13&$C13,'ER C6 FLT1'!$A$4:$A$340&'ER C6 FLT1'!$B$4:$B$340-4,1),7))))))))*IF($F13=\"Level 1 PM + Mark I NOx\",0.75,1))*($Q13/453.6)","v":0},{"$f":"IF($B13=\"4+ Trucks\",IF(OR($H13=\"Class_8\",$N13=\"Replacement8HHD\",$AH13=\"CL7HHD\",$AJ13=\"CL7to8\"),INDEX('ER C8 FLT4'!$A$4:$J$340,MATCH($E13&$C13,'ER C8 FLT4'!$A$4:$A$340&'ER C8 FLT4'!$B$4:$B$340,1),5),IF($H13=\"Class_7\",INDEX('ER C7 FLT4'!$A$4:$J$340,MATCH($E13&$C13,'ER C7 FLT4'!$A$4:$A$340&'ER C7 FLT4'!$B$4:$B$340,1),5),IF($H13=\"Class_6\",INDEX('ER C6 FLT4'!$A$4:$J$340,MATCH($E13&$C13,'ER C6 FLT4'!$A$4:$A$340&'ER C6 FLT4'!$B$4:$B$340,1),5)))),\nIF($B13=\"3 Trucks\",IF(OR($H13=\"Class_8\",$N13=\"Replacement8HHD\",$AH13=\"CL7HHD\",$AJ13=\"CL7to8\"),INDEX('ER C8 FLT3'!$A$4:$J$340,MATCH($E13&$C13,'ER C8 FLT3'!$A$4:$A$340&'ER C8 FLT3'!$B$4:$B$340,1),5),IF($H13=\"Class_7\",INDEX('ER C7 FLT3'!$A$4:$J$340,MATCH($E13&$C13,'ER C7 FLT3'!$A$4:$A$340&'ER C7 FLT3'!$B$4:$B$340,1),5),IF($H13=\"Class_6\",INDEX('ER C6 FLT3'!$A$4:$J$340,MATCH($E13&$C13,'ER C6 FLT3'!$A$4:$A$340&'ER C6 FLT3'!$B$4:$B$340,1),5)))),\nIF($B13=\"2 Trucks\",IF(OR($H13=\"Class_8\",$N13=\"Replacement8HHD\",$AH13=\"CL7HHD\",$AJ13=\"CL7to8\"),INDEX('ER C8 FLT2'!$A$4:$J$340,MATCH($E13&$C13,'ER C8 FLT2'!$A$4:$A$340&'ER C8 FLT2'!$B$4:$B$340,1),5),IF($H13=\"Class_7\",INDEX('ER C7 FLT2'!$A$4:$J$340,MATCH($E13&$C13,'ER C7 FLT2'!$A$4:$A$340&'ER C7 FLT2'!$B$4:$B$340,1),5),IF($H13=\"Class_6\",INDEX('ER C6 FLT2'!$A$4:$J$340,MATCH($E13&$C13,'ER C6 FLT2'!$A$4:$A$340&'ER C6 FLT2'!$B$4:$B$340,1),5)))),IF($B13=\"1 Truck\",IF(OR($H13=\"Class_8\",$N13=\"Replacement8HHD\",$AH13=\"CL7HHD\",$AJ13=\"CL7to8\"),INDEX('ER C8 FLT1'!$A$4:$J$340,MATCH($E13&$C13,'ER C8 FLT1'!$A$4:$A$340&'ER C8 FLT1'!$B$4:$B$340,1),5),IF($H13=\"Class_7\",INDEX('ER C7 FLT1'!$A$4:$J$340,MATCH($E13&$C13,'ER C7 FLT1'!$A$4:$A$340&'ER C7 FLT1'!$B$4:$B$340,1),5),IF($H13=\"Class_6\",INDEX('ER C6 FLT1'!$A$4:$J$340,MATCH($E13&$C13,'ER C6 FLT1'!$A$4:$A$340&'ER C6 FLT1'!$B$4:$B$340,1),5)))))))\n)","v":false},{"$f":"IF($B13=\"3 Trucks\",IF(OR($H13=\"Class_8\",$N13=\"Replacement8HHD\",$AH13=\"CL7HHD\",$AJ13=\"CL7to8\"),INDEX('ER C8 FLT3'!$A$4:$J$340,MATCH($E13&$C13,'ER C8 FLT3'!$A$4:$A$340&'ER C8 FLT3'!$B$4:$B$340-1,1),5),IF($H13=\"Class_7\",INDEX('ER C7 FLT3'!$A$4:$J$340,MATCH($E13&$C13,'ER C7 FLT3'!$A$4:$A$340&'ER C7 FLT3'!$B$4:$B$340-1,1),5),IF($H13=\"Class_6\",INDEX('ER C6 FLT3'!$A$4:$J$340,MATCH($E13&$C13,'ER C6 FLT3'!$A$4:$A$340&'ER C6 FLT3'!$B$4:$B$340-1,1),5)))),IF($B13=\"2 Trucks\",IF(OR($H13=\"Class_8\",$N13=\"Replacement8HHD\",$AH13=\"CL7HHD\",$AJ13=\"CL7to8\"),INDEX('ER C8 FLT2'!$A$4:$J$340,MATCH($E13&$C13,'ER C8 FLT2'!$A$4:$A$340&'ER C8 FLT2'!$B$4:$B$340-1,1),5),IF($H13=\"Class_7\",INDEX('ER C7 FLT2'!$A$4:$J$340,MATCH($E13&$C13,'ER C7 FLT2'!$A$4:$A$340&'ER C7 FLT2'!$B$4:$B$340-1,1),5),IF($H13=\"Class_6\",INDEX('ER C6 FLT2'!$A$4:$J$340,MATCH($E13&$C13,'ER C6 FLT2'!$A$4:$A$340&'ER C6 FLT2'!$B$4:$B$340-1,1),5)))),IF($B13=\"1 Truck\",IF(OR($H13=\"Class_8\",$N13=\"Replacement8HHD\",$AH13=\"CL7HHD\",$AJ13=\"CL7to8\"),INDEX('ER C8 FLT1'!$A$4:$J$340,MATCH($E13&$C13,'ER C8 FLT1'!$A$4:$A$340&'ER C8 FLT1'!$B$4:$B$340-1,1),5),IF($H13=\"Class_7\",INDEX('ER C7 FLT1'!$A$4:$J$340,MATCH($E13&$C13,'ER C7 FLT1'!$A$4:$A$340&'ER C7 FLT1'!$B$4:$B$340-1,1),5),IF($H13=\"Class_6\",INDEX('ER C6 FLT1'!$A$4:$J$340,MATCH($E13&$C13,'ER C6 FLT1'!$A$4:$A$340&'ER C6 FLT1'!$B$4:$B$340-1,1),5)))),IF($B13=\"4+ Trucks\",IF(OR($H13=\"Class_8\",$N13=\"Replacement8HHD\",$AH13=\"CL7HHD\",$AJ13=\"CL7to8\"),INDEX('ER C8 FLT4'!$A$4:$J$340,MATCH($E13&$C13,'ER C8 FLT4'!$A$4:$A$340&'ER C8 FLT4'!$B$4:$B$340-1,1),5),IF($H13=\"Class_7\",INDEX('ER C7 FLT4'!$A$4:$J$340,MATCH($E13&$C13,'ER C7 FLT4'!$A$4:$A$340&'ER C7 FLT4'!$B$4:$B$340-1,1),5),IF($H13=\"Class_6\",INDEX('ER C6 FLT4'!$A$4:$J$340,MATCH($E13&$C13,'ER C6 FLT4'!$A$4:$A$340&'ER C6 FLT4'!$B$4:$B$340-1,1),5))))))))","v":false},{"$f":"IF($B13=\"3 Trucks\",IF(OR($H13=\"Class_8\",$N13=\"Replacement8HHD\",$AH13=\"CL7HHD\",$AJ13=\"CL7to8\"),INDEX('ER C8 FLT3'!$A$4:$J$340,MATCH($E13&$C13,'ER C8 FLT3'!$A$4:$A$340&'ER C8 FLT3'!$B$4:$B$340-2,1),5),IF($H13=\"Class_7\",INDEX('ER C7 FLT3'!$A$4:$J$340,MATCH($E13&$C13,'ER C7 FLT3'!$A$4:$A$340&'ER C7 FLT3'!$B$4:$B$340-2,1),5),IF($H13=\"Class_6\",INDEX('ER C6 FLT3'!$A$4:$J$340,MATCH($E13&$C13,'ER C6 FLT3'!$A$4:$A$340&'ER C6 FLT3'!$B$4:$B$340-2,1),5)))),IF($B13=\"2 Trucks\",IF(OR($H13=\"Class_8\",$N13=\"Replacement8HHD\",$AH13=\"CL7HHD\",$AJ13=\"CL7to8\"),INDEX('ER C8 FLT2'!$A$4:$J$340,MATCH($E13&$C13,'ER C8 FLT2'!$A$4:$A$340&'ER C8 FLT2'!$B$4:$B$340-2,1),5),IF($H13=\"Class_7\",INDEX('ER C7 FLT2'!$A$4:$J$340,MATCH($E13&$C13,'ER C7 FLT2'!$A$4:$A$340&'ER C7 FLT2'!$B$4:$B$340-2,1),5),IF($H13=\"Class_6\",INDEX('ER C6 FLT2'!$A$4:$J$340,MATCH($E13&$C13,'ER C6 FLT2'!$A$4:$A$340&'ER C6 FLT2'!$B$4:$B$340-2,1),5)))),IF($B13=\"1 Truck\",IF(OR($H13=\"Class_8\",$N13=\"Replacement8HHD\",$AH13=\"CL7HHD\",$AJ13=\"CL7to8\"),INDEX('ER C8 FLT1'!$A$4:$J$340,MATCH($E13&$C13,'ER C8 FLT1'!$A$4:$A$340&'ER C8 FLT1'!$B$4:$B$340-2,1),5),IF($H13=\"Class_7\",INDEX('ER C7 FLT1'!$A$4:$J$340,MATCH($E13&$C13,'ER C7 FLT1'!$A$4:$A$340&'ER C7 FLT1'!$B$4:$B$340-2,1),5),IF($H13=\"Class_6\",INDEX('ER C6 FLT1'!$A$4:$J$340,MATCH($E13&$C13,'ER C6 FLT1'!$A$4:$A$340&'ER C6 FLT1'!$B$4:$B$340-2,1),5)))),IF($B13=\"4+ Trucks\",IF(OR($H13=\"Class_8\",$N13=\"Replacement8HHD\",$AH13=\"CL7HHD\",$AJ13=\"CL7to8\"),INDEX('ER C8 FLT4'!$A$4:$J$340,MATCH($E13&$C13,'ER C8 FLT4'!$A$4:$A$340&'ER C8 FLT4'!$B$4:$B$340-2,1),5),IF($H13=\"Class_7\",INDEX('ER C7 FLT4'!$A$4:$J$340,MATCH($E13&$C13,'ER C7 FLT4'!$A$4:$A$340&'ER C7 FLT4'!$B$4:$B$340-2,1),5),IF($H13=\"Class_6\",INDEX('ER C6 FLT4'!$A$4:$J$340,MATCH($E13&$C13,'ER C6 FLT4'!$A$4:$A$340&'ER C6 FLT4'!$B$4:$B$340-2,1),5))))))))","v":false},{"$f":"IF($B13=\"3 Trucks\",IF(OR($H13=\"Class_8\",$N13=\"Replacement8HHD\",$AH13=\"CL7HHD\",$AJ13=\"CL7to8\"),INDEX('ER C8 FLT3'!$A$4:$J$340,MATCH($E13&$C13,'ER C8 FLT3'!$A$4:$A$340&'ER C8 FLT3'!$B$4:$B$340-3,1),5),IF($H13=\"Class_7\",INDEX('ER C7 FLT3'!$A$4:$J$340,MATCH($E13&$C13,'ER C7 FLT3'!$A$4:$A$340&'ER C7 FLT3'!$B$4:$B$340-3,1),5),IF($H13=\"Class_6\",INDEX('ER C6 FLT3'!$A$4:$J$340,MATCH($E13&$C13,'ER C6 FLT3'!$A$4:$A$340&'ER C6 FLT3'!$B$4:$B$340-3,1),5)))),IF($B13=\"2 Trucks\",IF(OR($H13=\"Class_8\",$N13=\"Replacement8HHD\",$AH13=\"CL7HHD\",$AJ13=\"CL7to8\"),INDEX('ER C8 FLT2'!$A$4:$J$340,MATCH($E13&$C13,'ER C8 FLT2'!$A$4:$A$340&'ER C8 FLT2'!$B$4:$B$340-3,1),5),IF($H13=\"Class_7\",INDEX('ER C7 FLT2'!$A$4:$J$340,MATCH($E13&$C13,'ER C7 FLT2'!$A$4:$A$340&'ER C7 FLT2'!$B$4:$B$340-3,1),5),IF($H13=\"Class_6\",INDEX('ER C6 FLT2'!$A$4:$J$340,MATCH($E13&$C13,'ER C6 FLT2'!$A$4:$A$340&'ER C6 FLT2'!$B$4:$B$340-3,1),5)))),IF($B13=\"1 Truck\",IF(OR($H13=\"Class_8\",$N13=\"Replacement8HHD\",$AH13=\"CL7HHD\",$AJ13=\"CL7to8\"),INDEX('ER C8 FLT1'!$A$4:$J$340,MATCH($E13&$C13,'ER C8 FLT1'!$A$4:$A$340&'ER C8 FLT1'!$B$4:$B$340-3,1),5),IF($H13=\"Class_7\",INDEX('ER C7 FLT1'!$A$4:$J$340,MATCH($E13&$C13,'ER C7 FLT1'!$A$4:$A$340&'ER C7 FLT1'!$B$4:$B$340-3,1),5),IF($H13=\"Class_6\",INDEX('ER C6 FLT1'!$A$4:$J$340,MATCH($E13&$C13,'ER C6 FLT1'!$A$4:$A$340&'ER C6 FLT1'!$B$4:$B$340-3,1),5)))),IF($B13=\"4+ Trucks\",IF(OR($H13=\"Class_8\",$N13=\"Replacement8HHD\",$AH13=\"CL7HHD\",$AJ13=\"CL7to8\"),INDEX('ER C8 FLT4'!$A$4:$J$340,MATCH($E13&$C13,'ER C8 FLT4'!$A$4:$A$340&'ER C8 FLT4'!$B$4:$B$340-3,1),5),IF($H13=\"Class_7\",INDEX('ER C7 FLT4'!$A$4:$J$340,MATCH($E13&$C13,'ER C7 FLT4'!$A$4:$A$340&'ER C7 FLT4'!$B$4:$B$340-3,1),5),IF($H13=\"Class_6\",INDEX('ER C6 FLT4'!$A$4:$J$340,MATCH($E13&$C13,'ER C6 FLT4'!$A$4:$A$340&'ER C6 FLT4'!$B$4:$B$340-3,1),5))))))))","v":false},{"$f":"IF($B13=\"3 Trucks\",IF(OR($H13=\"Class_8\",$N13=\"Replacement8HHD\",$AH13=\"CL7HHD\",$AJ13=\"CL7to8\"),INDEX('ER C8 FLT3'!$A$4:$J$340,MATCH($E13&$C13,'ER C8 FLT3'!$A$4:$A$340&'ER C8 FLT3'!$B$4:$B$340-4,1),5),IF($H13=\"Class_7\",INDEX('ER C7 FLT3'!$A$4:$J$340,MATCH($E13&$C13,'ER C7 FLT3'!$A$4:$A$340&'ER C7 FLT3'!$B$4:$B$340-4,1),5),IF($H13=\"Class_6\",INDEX('ER C6 FLT3'!$A$4:$J$340,MATCH($E13&$C13,'ER C6 FLT3'!$A$4:$A$340&'ER C6 FLT3'!$B$4:$B$340-4,1),5)))),IF($B13=\"2 Trucks\",IF(OR($H13=\"Class_8\",$N13=\"Replacement8HHD\",$AH13=\"CL7HHD\",$AJ13=\"CL7to8\"),INDEX('ER C8 FLT2'!$A$4:$J$340,MATCH($E13&$C13,'ER C8 FLT2'!$A$4:$A$340&'ER C8 FLT2'!$B$4:$B$340-4,1),5),IF($H13=\"Class_7\",INDEX('ER C7 FLT2'!$A$4:$J$340,MATCH($E13&$C13,'ER C7 FLT2'!$A$4:$A$340&'ER C7 FLT2'!$B$4:$B$340-4,1),5),IF($H13=\"Class_6\",INDEX('ER C6 FLT2'!$A$4:$J$340,MATCH($E13&$C13,'ER C6 FLT2'!$A$4:$A$340&'ER C6 FLT2'!$B$4:$B$340-4,1),5)))),IF($B13=\"1 Truck\",IF(OR($H13=\"Class_8\",$N13=\"Replacement8HHD\",$AH13=\"CL7HHD\",$AJ13=\"CL7to8\"),INDEX('ER C8 FLT1'!$A$4:$J$340,MATCH($E13&$C13,'ER C8 FLT1'!$A$4:$A$340&'ER C8 FLT1'!$B$4:$B$340-4,1),5),IF($H13=\"Class_7\",INDEX('ER C7 FLT1'!$A$4:$J$340,MATCH($E13&$C13,'ER C7 FLT1'!$A$4:$A$340&'ER C7 FLT1'!$B$4:$B$340-4,1),5),IF($H13=\"Class_6\",INDEX('ER C6 FLT1'!$A$4:$J$340,MATCH($E13&$C13,'ER C6 FLT1'!$A$4:$A$340&'ER C6 FLT1'!$B$4:$B$340-4,1),5)))),IF($B13=\"4+ Trucks\",IF(OR($H13=\"Class_8\",$N13=\"Replacement8HHD\",$AH13=\"CL7HHD\",$AJ13=\"CL7to8\"),INDEX('ER C8 FLT4'!$A$4:$J$340,MATCH($E13&$C13,'ER C8 FLT4'!$A$4:$A$340&'ER C8 FLT4'!$B$4:$B$340-4,1),5),IF($H13=\"Class_7\",INDEX('ER C7 FLT4'!$A$4:$J$340,MATCH($E13&$C13,'ER C7 FLT4'!$A$4:$A$340&'ER C7 FLT4'!$B$4:$B$340-4,1),5),IF($H13=\"Class_6\",INDEX('ER C6 FLT4'!$A$4:$J$340,MATCH($E13&$C13,'ER C6 FLT4'!$A$4:$A$340&'ER C6 FLT4'!$B$4:$B$340-4,1),5))))))))","v":false},{"$f":"CK13*(($Q13+$AC13)/453.6)","v":0},{"$f":"CL13*(($Q13+$AC13)/453.6)","v":0},{"$f":"CM13*(($Q13+$AC13)/453.6)","v":0},{"$f":"CN13*(($Q13+$AC13)/453.6)","v":0},{"$f":"CO13*(($Q13+$AC13)/453.6)","v":0},{"$f":"IF(OR($R13=\"Diesel\",$R13=\"Zero Emission\",$R13=\"Hybrid\",$R13=\"Hybrid Zero-Mile\",$R13=\"Low NOx\",$R13=\"LNG/CNG\"),IF($B13=\"3 Trucks\",IF(OR($O13=\"Class_8\",$N13=\"Replacement8HHD\",$AI13=\"CL7HHD\"),INDEX('ER C8 FLT3'!$A$4:$J$340,MATCH(DropData!$J59&$C13,'ER C8 FLT3'!$A$4:$A$340&'ER C8 FLT3'!$B$4:$B$340,1),5),IF($O13=\"Class_7\",INDEX('ER C7 FLT3'!$A$4:$J$340,MATCH(DropData!$J59&$C13,'ER C7 FLT3'!$A$4:$A$340&'ER C7 FLT3'!$B$4:$B$340,1),5),IF($O13=\"Class_6\",INDEX('ER C6 FLT3'!$A$4:$J$340,MATCH(DropData!$J59&$C13,'ER C6 FLT3'!$A$4:$A$340&'ER C6 FLT3'!$B$4:$B$340,1),5)))),IF($B13=\"2 Trucks\",IF(OR($O13=\"Class_8\",$N13=\"Replacement8HHD\",$AI13=\"CL7HHD\"),INDEX('ER C8 FLT2'!$A$4:$J$340,MATCH(DropData!$J59&$C13,'ER C8 FLT2'!$A$4:$A$340&'ER C8 FLT2'!$B$4:$B$340,1),5),IF($O13=\"Class_7\",INDEX('ER C7 FLT2'!$A$4:$J$340,MATCH(DropData!$J59&$C13,'ER C7 FLT2'!$A$4:$A$340&'ER C7 FLT2'!$B$4:$B$340,1),5),IF($O13=\"Class_6\",INDEX('ER C6 FLT2'!$A$4:$J$340,MATCH(DropData!$J59&$C13,'ER C6 FLT2'!$A$4:$A$340&'ER C6 FLT2'!$B$4:$B$340,1),5)))),IF($B13=\"1 Truck\",IF(OR($O13=\"Class_8\",$N13=\"Replacement8HHD\",$AI13=\"CL7HHD\"),INDEX('ER C8 FLT1'!$A$4:$J$340,MATCH(DropData!$J59&$C13,'ER C8 FLT1'!$A$4:$A$340&'ER C8 FLT1'!$B$4:$B$340,1),5),IF($O13=\"Class_7\",INDEX('ER C7 FLT1'!$A$4:$J$340,MATCH(DropData!$J59&$C13,'ER C7 FLT1'!$A$4:$A$340&'ER C7 FLT1'!$B$4:$B$340,1),5),IF($O13=\"Class_6\",INDEX('ER C6 FLT1'!$A$4:$J$340,MATCH(DropData!$J59&$C13,'ER C6 FLT1'!$A$4:$A$340&'ER C6 FLT1'!$B$4:$B$340,1),5)))),IF($B13=\"4+ Trucks\",IF(OR($O13=\"Class_8\",$N13=\"Replacement8HHD\",$AI13=\"CL7HHD\"),INDEX('ER C8 FLT4'!$A$4:$J$340,MATCH(DropData!$J59&$C13,'ER C8 FLT4'!$A$4:$A$340&'ER C8 FLT4'!$B$4:$B$340,1),5),IF($O13=\"Class_7\",INDEX('ER C7 FLT4'!$A$4:$J$340,MATCH(DropData!$J59&$C13,'ER C7 FLT4'!$A$4:$A$340&'ER C7 FLT4'!$B$4:$B$340,1),5),IF($O13=\"Class_6\",INDEX('ER C6 FLT4'!$A$4:$J$340,MATCH(DropData!$J59&$C13,'ER C6 FLT4'!$A$4:$A$340&'ER C6 FLT4'!$B$4:$B$340,1),5)))))))))","v":false},{"$f":"IF(OR($R13=\"Diesel\",$R13=\"Zero Emission\",$R13=\"Hybrid\",$R13=\"Hybrid Zero-Mile\",$R13=\"Low NOx\",$R13=\"LNG/CNG\"),IF($B13=\"3 Trucks\",IF(OR($O13=\"Class_8\",$N13=\"Replacement8HHD\",$AI13=\"CL7HHD\"),INDEX('ER C8 FLT3'!$A$4:$J$340,MATCH(DropData!$J59&$C13,'ER C8 FLT3'!$A$4:$A$340&'ER C8 FLT3'!$B$4:$B$340-1,1),5),IF($O13=\"Class_7\",INDEX('ER C7 FLT3'!$A$4:$J$340,MATCH(DropData!$J59&$C13,'ER C7 FLT3'!$A$4:$A$340&'ER C7 FLT3'!$B$4:$B$340-1,1),5),IF($O13=\"Class_6\",INDEX('ER C6 FLT3'!$A$4:$J$340,MATCH(DropData!$J59&$C13,'ER C6 FLT3'!$A$4:$A$340&'ER C6 FLT3'!$B$4:$B$340-1,1),5)))),IF($B13=\"2 Trucks\",IF(OR($O13=\"Class_8\",$N13=\"Replacement8HHD\",$AI13=\"CL7HHD\"),INDEX('ER C8 FLT2'!$A$4:$J$340,MATCH(DropData!$J59&$C13,'ER C8 FLT2'!$A$4:$A$340&'ER C8 FLT2'!$B$4:$B$340-1,1),5),IF($O13=\"Class_7\",INDEX('ER C7 FLT2'!$A$4:$J$340,MATCH(DropData!$J59&$C13,'ER C7 FLT2'!$A$4:$A$340&'ER C7 FLT2'!$B$4:$B$340-1,1),5),IF($O13=\"Class_6\",INDEX('ER C6 FLT2'!$A$4:$J$340,MATCH(DropData!$J59&$C13,'ER C6 FLT2'!$A$4:$A$340&'ER C6 FLT2'!$B$4:$B$340-1,1),5)))),IF($B13=\"1 Truck\",IF(OR($O13=\"Class_8\",$N13=\"Replacement8HHD\",$AI13=\"CL7HHD\"),INDEX('ER C8 FLT1'!$A$4:$J$340,MATCH(DropData!$J59&$C13,'ER C8 FLT1'!$A$4:$A$340&'ER C8 FLT1'!$B$4:$B$340-1,1),5),IF($O13=\"Class_7\",INDEX('ER C7 FLT1'!$A$4:$J$340,MATCH(DropData!$J59&$C13,'ER C7 FLT1'!$A$4:$A$340&'ER C7 FLT1'!$B$4:$B$340-1,1),5),IF($O13=\"Class_6\",INDEX('ER C6 FLT1'!$A$4:$J$340,MATCH(DropData!$J59&$C13,'ER C6 FLT1'!$A$4:$A$340&'ER C6 FLT1'!$B$4:$B$340-1,1),5)))),IF($B13=\"4+ Trucks\",IF(OR($O13=\"Class_8\",$N13=\"Replacement8HHD\",$AI13=\"CL7HHD\"),INDEX('ER C8 FLT4'!$A$4:$J$340,MATCH(DropData!$J59&$C13,'ER C8 FLT4'!$A$4:$A$340&'ER C8 FLT4'!$B$4:$B$340-1,1),5),IF($O13=\"Class_7\",INDEX('ER C7 FLT4'!$A$4:$J$340,MATCH(DropData!$J59&$C13,'ER C7 FLT4'!$A$4:$A$340&'ER C7 FLT4'!$B$4:$B$340-1,1),5),IF($O13=\"Class_6\",INDEX('ER C6 FLT4'!$A$4:$J$340,MATCH(DropData!$J59&$C13,'ER C6 FLT4'!$A$4:$A$340&'ER C6 FLT4'!$B$4:$B$340-1,1),5)))))))))","v":false},{"$f":"IF(OR($R13=\"Diesel\",$R13=\"Zero Emission\",$R13=\"Hybrid\",$R13=\"Hybrid Zero-Mile\",$R13=\"Low NOx\",$R13=\"LNG/CNG\"),IF($B13=\"3 Trucks\",IF(OR($O13=\"Class_8\",$N13=\"Replacement8HHD\",$AI13=\"CL7HHD\"),INDEX('ER C8 FLT3'!$A$4:$J$340,MATCH(DropData!$J59&$C13,'ER C8 FLT3'!$A$4:$A$340&'ER C8 FLT3'!$B$4:$B$340-2,1),5),IF($O13=\"Class_7\",INDEX('ER C7 FLT3'!$A$4:$J$340,MATCH(DropData!$J59&$C13,'ER C7 FLT3'!$A$4:$A$340&'ER C7 FLT3'!$B$4:$B$340-2,1),5),IF($O13=\"Class_6\",INDEX('ER C6 FLT3'!$A$4:$J$340,MATCH(DropData!$J59&$C13,'ER C6 FLT3'!$A$4:$A$340&'ER C6 FLT3'!$B$4:$B$340-2,1),5)))),IF($B13=\"2 Trucks\",IF(OR($O13=\"Class_8\",$N13=\"Replacement8HHD\",$AI13=\"CL7HHD\"),INDEX('ER C8 FLT2'!$A$4:$J$340,MATCH(DropData!$J59&$C13,'ER C8 FLT2'!$A$4:$A$340&'ER C8 FLT2'!$B$4:$B$340-2,1),5),IF($O13=\"Class_7\",INDEX('ER C7 FLT2'!$A$4:$J$340,MATCH(DropData!$J59&$C13,'ER C7 FLT2'!$A$4:$A$340&'ER C7 FLT2'!$B$4:$B$340-2,1),5),IF($O13=\"Class_6\",INDEX('ER C6 FLT2'!$A$4:$J$340,MATCH(DropData!$J59&$C13,'ER C6 FLT2'!$A$4:$A$340&'ER C6 FLT2'!$B$4:$B$340-2,1),5)))),IF($B13=\"1 Truck\",IF(OR($O13=\"Class_8\",$N13=\"Replacement8HHD\",$AI13=\"CL7HHD\"),INDEX('ER C8 FLT1'!$A$4:$J$340,MATCH(DropData!$J59&$C13,'ER C8 FLT1'!$A$4:$A$340&'ER C8 FLT1'!$B$4:$B$340-2,1),5),IF($O13=\"Class_7\",INDEX('ER C7 FLT1'!$A$4:$J$340,MATCH(DropData!$J59&$C13,'ER C7 FLT1'!$A$4:$A$340&'ER C7 FLT1'!$B$4:$B$340-2,1),5),IF($O13=\"Class_6\",INDEX('ER C6 FLT1'!$A$4:$J$340,MATCH(DropData!$J59&$C13,'ER C6 FLT1'!$A$4:$A$340&'ER C6 FLT1'!$B$4:$B$340-2,1),5)))),IF($B13=\"4+ Trucks\",IF(OR($O13=\"Class_8\",$N13=\"Replacement8HHD\",$AI13=\"CL7HHD\"),INDEX('ER C8 FLT4'!$A$4:$J$340,MATCH(DropData!$J59&$C13,'ER C8 FLT4'!$A$4:$A$340&'ER C8 FLT4'!$B$4:$B$340-2,1),5),IF($O13=\"Class_7\",INDEX('ER C7 FLT4'!$A$4:$J$340,MATCH(DropData!$J59&$C13,'ER C7 FLT4'!$A$4:$A$340&'ER C7 FLT4'!$B$4:$B$340-2,1),5),IF($O13=\"Class_6\",INDEX('ER C6 FLT4'!$A$4:$J$340,MATCH(DropData!$J59&$C13,'ER C6 FLT4'!$A$4:$A$340&'ER C6 FLT4'!$B$4:$B$340-2,1),5)))))))))","v":false},{"$f":"IF(OR($R13=\"Diesel\",$R13=\"Zero Emission\",$R13=\"Hybrid\",$R13=\"Hybrid Zero-Mile\",$R13=\"Low NOx\",$R13=\"LNG/CNG\"),IF($B13=\"3 Trucks\",IF(OR($O13=\"Class_8\",$N13=\"Replacement8HHD\",$AI13=\"CL7HHD\"),INDEX('ER C8 FLT3'!$A$4:$J$340,MATCH(DropData!$J59&$C13,'ER C8 FLT3'!$A$4:$A$340&'ER C8 FLT3'!$B$4:$B$340-3,1),5),IF($O13=\"Class_7\",INDEX('ER C7 FLT3'!$A$4:$J$340,MATCH(DropData!$J59&$C13,'ER C7 FLT3'!$A$4:$A$340&'ER C7 FLT3'!$B$4:$B$340-3,1),5),IF($O13=\"Class_6\",INDEX('ER C6 FLT3'!$A$4:$J$340,MATCH(DropData!$J59&$C13,'ER C6 FLT3'!$A$4:$A$340&'ER C6 FLT3'!$B$4:$B$340-3,1),5)))),IF($B13=\"2 Trucks\",IF(OR($O13=\"Class_8\",$N13=\"Replacement8HHD\",$AI13=\"CL7HHD\"),INDEX('ER C8 FLT2'!$A$4:$J$340,MATCH(DropData!$J59&$C13,'ER C8 FLT2'!$A$4:$A$340&'ER C8 FLT2'!$B$4:$B$340-3,1),5),IF($O13=\"Class_7\",INDEX('ER C7 FLT2'!$A$4:$J$340,MATCH(DropData!$J59&$C13,'ER C7 FLT2'!$A$4:$A$340&'ER C7 FLT2'!$B$4:$B$340-3,1),5),IF($O13=\"Class_6\",INDEX('ER C6 FLT2'!$A$4:$J$340,MATCH(DropData!$J59&$C13,'ER C6 FLT2'!$A$4:$A$340&'ER C6 FLT2'!$B$4:$B$340-3,1),5)))),IF($B13=\"1 Truck\",IF(OR($O13=\"Class_8\",$N13=\"Replacement8HHD\",$AI13=\"CL7HHD\"),INDEX('ER C8 FLT1'!$A$4:$J$340,MATCH(DropData!$J59&$C13,'ER C8 FLT1'!$A$4:$A$340&'ER C8 FLT1'!$B$4:$B$340-3,1),5),IF($O13=\"Class_7\",INDEX('ER C7 FLT1'!$A$4:$J$340,MATCH(DropData!$J59&$C13,'ER C7 FLT1'!$A$4:$A$340&'ER C7 FLT1'!$B$4:$B$340-3,1),5),IF($O13=\"Class_6\",INDEX('ER C6 FLT1'!$A$4:$J$340,MATCH(DropData!$J59&$C13,'ER C6 FLT1'!$A$4:$A$340&'ER C6 FLT1'!$B$4:$B$340-3,1),5)))),IF($B13=\"4+ Trucks\",IF(OR($O13=\"Class_8\",$N13=\"Replacement8HHD\",$AI13=\"CL7HHD\"),INDEX('ER C8 FLT4'!$A$4:$J$340,MATCH(DropData!$J59&$C13,'ER C8 FLT4'!$A$4:$A$340&'ER C8 FLT4'!$B$4:$B$340-3,1),5),IF($O13=\"Class_7\",INDEX('ER C7 FLT4'!$A$4:$J$340,MATCH(DropData!$J59&$C13,'ER C7 FLT4'!$A$4:$A$340&'ER C7 FLT4'!$B$4:$B$340-3,1),5),IF($O13=\"Class_6\",INDEX('ER C6 FLT4'!$A$4:$J$340,MATCH(DropData!$J59&$C13,'ER C6 FLT4'!$A$4:$A$340&'ER C6 FLT4'!$B$4:$B$340-3,1),5)))))))))","v":false},{"$f":"IF(OR($R13=\"Diesel\",$R13=\"Zero Emission\",$R13=\"Hybrid\",$R13=\"Hybrid Zero-Mile\",$R13=\"Low NOx\",$R13=\"LNG/CNG\"),IF($B13=\"3 Trucks\",IF(OR($O13=\"Class_8\",$N13=\"Replacement8HHD\",$AI13=\"CL7HHD\"),INDEX('ER C8 FLT3'!$A$4:$J$340,MATCH(DropData!$J59&$C13,'ER C8 FLT3'!$A$4:$A$340&'ER C8 FLT3'!$B$4:$B$340-4,1),5),IF($O13=\"Class_7\",INDEX('ER C7 FLT3'!$A$4:$J$340,MATCH(DropData!$J59&$C13,'ER C7 FLT3'!$A$4:$A$340&'ER C7 FLT3'!$B$4:$B$340-4,1),5),IF($O13=\"Class_6\",INDEX('ER C6 FLT3'!$A$4:$J$340,MATCH(DropData!$J59&$C13,'ER C6 FLT3'!$A$4:$A$340&'ER C6 FLT3'!$B$4:$B$340-4,1),5)))),IF($B13=\"2 Trucks\",IF(OR($O13=\"Class_8\",$N13=\"Replacement8HHD\",$AI13=\"CL7HHD\"),INDEX('ER C8 FLT2'!$A$4:$J$340,MATCH(DropData!$J59&$C13,'ER C8 FLT2'!$A$4:$A$340&'ER C8 FLT2'!$B$4:$B$340-4,1),5),IF($O13=\"Class_7\",INDEX('ER C7 FLT2'!$A$4:$J$340,MATCH(DropData!$J59&$C13,'ER C7 FLT2'!$A$4:$A$340&'ER C7 FLT2'!$B$4:$B$340-4,1),5),IF($O13=\"Class_6\",INDEX('ER C6 FLT2'!$A$4:$J$340,MATCH(DropData!$J59&$C13,'ER C6 FLT2'!$A$4:$A$340&'ER C6 FLT2'!$B$4:$B$340-4,1),5)))),IF($B13=\"1 Truck\",IF(OR($O13=\"Class_8\",$N13=\"Replacement8HHD\",$AI13=\"CL7HHD\"),INDEX('ER C8 FLT1'!$A$4:$J$340,MATCH(DropData!$J59&$C13,'ER C8 FLT1'!$A$4:$A$340&'ER C8 FLT1'!$B$4:$B$340-4,1),5),IF($O13=\"Class_7\",INDEX('ER C7 FLT1'!$A$4:$J$340,MATCH(DropData!$J59&$C13,'ER C7 FLT1'!$A$4:$A$340&'ER C7 FLT1'!$B$4:$B$340-4,1),5),IF($O13=\"Class_6\",INDEX('ER C6 FLT1'!$A$4:$J$340,MATCH(DropData!$J59&$C13,'ER C6 FLT1'!$A$4:$A$340&'ER C6 FLT1'!$B$4:$B$340-4,1),5)))),IF($B13=\"4+ Trucks\",IF(OR($O13=\"Class_8\",$N13=\"Replacement8HHD\",$AI13=\"CL7HHD\"),INDEX('ER C8 FLT4'!$A$4:$J$340,MATCH(DropData!$J59&$C13,'ER C8 FLT4'!$A$4:$A$340&'ER C8 FLT4'!$B$4:$B$340-4,1),5),IF($O13=\"Class_7\",INDEX('ER C7 FLT4'!$A$4:$J$340,MATCH(DropData!$J59&$C13,'ER C7 FLT4'!$A$4:$A$340&'ER C7 FLT4'!$B$4:$B$340-4,1),5),IF($O13=\"Class_6\",INDEX('ER C6 FLT4'!$A$4:$J$340,MATCH(DropData!$J59&$C13,'ER C6 FLT4'!$A$4:$A$340&'ER C6 FLT4'!$B$4:$B$340-4,1),5)))))))))","v":false},0,{"$f":"MAX((IF($B13=\"4+ Trucks\",IF($Z13=\"Class_8\",INDEX('ER C8 FLT4'!$A$4:$J$340,MATCH($W13&$C13,'ER C8 FLT4'!$A$4:$A$340&'ER C8 FLT4'!$B$4:$B$340,1),5)*IF($Z13=\"Class_8\",INDEX('ER C8 FLT4'!$A$4:$J$340,MATCH($W13&$C13,'ER C8 FLT4'!$A$4:$A$340&'ER C8 FLT4'!$B$4:$B$340,1),7)),IF($Z13=\"Class_7\",INDEX('ER C7 FLT4'!$A$4:$J$340,MATCH($W13&$C13,'ER C7 FLT4'!$A$4:$A$340&'ER C7 FLT4'!$B$4:$B$340,1),5)*IF($Z13=\"Class_7\",INDEX('ER C7 FLT4'!$A$4:$J$340,MATCH($W13&$C13,'ER C7 FLT4'!$A$4:$A$340&'ER C7 FLT4'!$B$4:$B$340,1),7)),IF($Z13=\"Class_6\",INDEX('ER C6 FLT4'!$A$4:$J$340,MATCH($W13&$C13,'ER C6 FLT4'!$A$4:$A$340&'ER C6 FLT4'!$B$4:$B$340,1),5)*IF($Z13=\"Class_6\",INDEX('ER C6 FLT4'!$A$4:$L$340,MATCH($W13&$C13,'ER C6 FLT4'!$A$4:$A$340&'ER C6 FLT4'!$B$4:$B$340,1),7))))),IF($B13=\"2 Trucks\",IF($Z13=\"Class_8\",INDEX('ER C8 FLT2'!$A$4:$J$340,MATCH($W13&$C13,'ER C8 FLT2'!$A$4:$A$340&'ER C8 FLT2'!$B$4:$B$340,1),5)*IF($Z13=\"Class_8\",INDEX('ER C8 FLT2'!$A$4:$J$340,MATCH($W13&$C13,'ER C8 FLT2'!$A$4:$A$340&'ER C8 FLT2'!$B$4:$B$340,1),7)),IF($Z13=\"Class_7\",INDEX('ER C7 FLT2'!$A$4:$J$340,MATCH($W13&$C13,'ER C7 FLT2'!$A$4:$A$340&'ER C7 FLT2'!$B$4:$B$340,1),5)*IF($Z13=\"Class_7\",INDEX('ER C7 FLT2'!$A$4:$J$340,MATCH($W13&$C13,'ER C7 FLT2'!$A$4:$A$340&'ER C7 FLT2'!$B$4:$B$340,1),7)),IF($Z13=\"Class_6\",INDEX('ER C6 FLT2'!$A$4:$J$340,MATCH($W13&$C13,'ER C6 FLT2'!$A$4:$A$340&'ER C6 FLT2'!$B$4:$B$340,1),5)*IF($Z13=\"Class_6\",INDEX('ER C6 FLT2'!$A$4:$J$340,MATCH($W13&$C13,'ER C6 FLT2'!$A$4:$A$340&'ER C6 FLT2'!$B$4:$B$340,1),7))))),IF($B13=\"1 Truck\",\nIF($Z13=\"Class_8\",INDEX('ER C8 FLT1'!$A$4:$J$340,MATCH($W13&$C13,'ER C8 FLT1'!$A$4:$A$340&'ER C8 FLT1'!$B$4:$B$340,1),5)*IF($Z13=\"Class_8\",INDEX('ER C8 FLT1'!$A$4:$J$340,MATCH($W13&$C13,'ER C8 FLT1'!$A$4:$A$340&'ER C8 FLT1'!$B$4:$B$340,1),7)),IF($Z13=\"Class_7\",INDEX('ER C7 FLT1'!$A$4:$J$340,MATCH($W13&$C13,'ER C7 FLT1'!$A$4:$A$340&'ER C7 FLT1'!$B$4:$B$340,1),5)*IF($Z13=\"Class_7\",INDEX('ER C7 FLT1'!$A$4:$J$340,MATCH($W13&$C13,'ER C7 FLT1'!$A$4:$A$340&'ER C7 FLT1'!$B$4:$B$340,1),7)),IF($Z13=\"Class_6\",INDEX('ER C6 FLT1'!$A$4:$J$340,MATCH($W13&$C13,'ER C6 FLT1'!$A$4:$A$340&'ER C6 FLT1'!$B$4:$B$340,1),5)*IF($Z13=\"Class_6\",INDEX('ER C6 FLT1'!$A$4:$J$340,MATCH($W13&$C13,'ER C6 FLT1'!$A$4:$A$340&'ER C6 FLT1'!$B$4:$B$340,1),7))))),IF($B13=\"3 Trucks\",IF($Z13=\"Class_8\",INDEX('ER C8 FLT3'!$A$4:$J$340,MATCH($W13&$C13,'ER C8 FLT3'!$A$4:$A$340&'ER C8 FLT3'!$B$4:$B$340,1),5)*IF($Z13=\"Class_8\",INDEX('ER C8 FLT3'!$A$4:$J$340,MATCH($W13&$C13,'ER C8 FLT3'!$A$4:$A$340&'ER C8 FLT3'!$B$4:$B$340,1),7)),IF($Z13=\"Class_7\",INDEX('ER C7 FLT3'!$A$4:$J$340,MATCH($W13&$C13,'ER C7 FLT3'!$A$4:$A$340&'ER C7 FLT3'!$B$4:$B$340,1),5)*IF($Z13=\"Class_7\",INDEX('ER C7 FLT3'!$A$4:$J$340,MATCH($W13&$C13,'ER C7 FLT3'!$A$4:$A$340&'ER C7 FLT3'!$B$4:$B$340,1),7)),\nIF($Z13=\"Class_6\",INDEX('ER C6 FLT3'!$A$4:$J$340,MATCH($W13&$C13,'ER C6 FLT3'!$A$4:$A$340&'ER C6 FLT3'!$B$4:$B$340,1),5)*IF($Z13=\"Class_6\",INDEX('ER C6 FLT3'!$A$4:$L$340,MATCH($W13&$C13,'ER C6 FLT3'!$A$4:$A$340&'ER C6 FLT3'!$B$4:$B$340,1),7)))))))))*IF($X13=\"Level 3 PM + Mark I NOx\",0.75,1)*($AC13/453.6)-IF(CP13=0,CF13,0)),0)","v":0},0,0,{"$f":"MAX((IF($B13=\"3 Trucks\",IF($Z13=\"Class_8\",INDEX('ER C8 FLT3'!$A$4:$J$340,MATCH($W13&$C13,'ER C8 FLT3'!$A$4:$A$340&'ER C8 FLT3'!$B$4:$B$340-1,1),5)*IF($Z13=\"Class_8\",INDEX('ER C8 FLT3'!$A$4:$J$340,MATCH($W13&$C13,'ER C8 FLT3'!$A$4:$A$340&'ER C8 FLT3'!$B$4:$B$340-1,1),7)),IF($Z13=\"Class_7\",INDEX('ER C7 FLT3'!$A$4:$J$340,MATCH($W13&$C13,'ER C7 FLT3'!$A$4:$A$340&'ER C7 FLT3'!$B$4:$B$340-1,1),5)*IF($Z13=\"Class_7\",INDEX('ER C7 FLT3'!$A$4:$J$340,MATCH($W13&$C13,'ER C7 FLT3'!$A$4:$A$340&'ER C7 FLT3'!$B$4:$B$340-1,1),7)),IF($Z13=\"Class_6\",INDEX('ER C6 FLT3'!$A$4:$J$340,MATCH($W13&$C13,'ER C6 FLT3'!$A$4:$A$340&'ER C6 FLT3'!$B$4:$B$340-1,1),5)*IF($Z13=\"Class_6\",INDEX('ER C6 FLT3'!$A$4:$L$340,MATCH($W13&$C13,'ER C6 FLT3'!$A$4:$A$340&'ER C6 FLT3'!$B$4:$B$340-1,1),7))))),IF($B13=\"2 Trucks\",IF($Z13=\"Class_8\",INDEX('ER C8 FLT2'!$A$4:$J$340,MATCH($W13&$C13,'ER C8 FLT2'!$A$4:$A$340&'ER C8 FLT2'!$B$4:$B$340-1,1),5)*IF($Z13=\"Class_8\",INDEX('ER C8 FLT2'!$A$4:$J$340,MATCH($W13&$C13,'ER C8 FLT2'!$A$4:$A$340&'ER C8 FLT2'!$B$4:$B$340-1,1),7)),IF($Z13=\"Class_7\",INDEX('ER C7 FLT2'!$A$4:$J$340,MATCH($W13&$C13,'ER C7 FLT2'!$A$4:$A$340&'ER C7 FLT2'!$B$4:$B$340-1,1),5)*IF($Z13=\"Class_7\",INDEX('ER C7 FLT2'!$A$4:$J$340,MATCH($W13&$C13,'ER C7 FLT2'!$A$4:$A$340&'ER C7 FLT2'!$B$4:$B$340-1,1),7)),IF($Z13=\"Class_6\",INDEX('ER C6 FLT2'!$A$4:$J$340,MATCH($W13&$C13,'ER C6 FLT2'!$A$4:$A$340&'ER C6 FLT2'!$B$4:$B$340-1,1),5)*IF($Z13=\"Class_6\",INDEX('ER C6 FLT2'!$A$4:$J$340,MATCH($W13&$C13,'ER C6 FLT2'!$A$4:$A$340&'ER C6 FLT2'!$B$4:$B$340-1,1),7))))),IF($B13=\"1 Truck\",IF($Z13=\"Class_8\",INDEX('ER C8 FLT1'!$A$4:$J$340,MATCH($W13&$C13,'ER C8 FLT1'!$A$4:$A$340&'ER C8 FLT1'!$B$4:$B$340-1,1),5)*IF($Z13=\"Class_8\",INDEX('ER C8 FLT1'!$A$4:$J$340,MATCH($W13&$C13,'ER C8 FLT1'!$A$4:$A$340&'ER C8 FLT1'!$B$4:$B$340-1,1),7)),IF($Z13=\"Class_7\",INDEX('ER C7 FLT1'!$A$4:$J$340,MATCH($W13&$C13,'ER C7 FLT1'!$A$4:$A$340&'ER C7 FLT1'!$B$4:$B$340-1,1),5)*IF($Z13=\"Class_7\",INDEX('ER C7 FLT1'!$A$4:$J$340,MATCH($W13&$C13,'ER C7 FLT1'!$A$4:$A$340&'ER C7 FLT1'!$B$4:$B$340-1,1),7)),\nIF($Z13=\"Class_6\",INDEX('ER C6 FLT1'!$A$4:$J$340,MATCH($W13&$C13,'ER C6 FLT1'!$A$4:$A$340&'ER C6 FLT1'!$B$4:$B$340-1,1),5)*IF($Z13=\"Class_6\",INDEX('ER C6 FLT1'!$A$4:$J$340,MATCH($W13&$C13,'ER C6 FLT1'!$A$4:$A$340&'ER C6 FLT1'!$B$4:$B$340-1,1),7))))),IF($B13=\"4+ Trucks\",IF($Z13=\"Class_8\",INDEX('ER C8 FLT4'!$A$4:$J$340,MATCH($W13&$C13,'ER C8 FLT4'!$A$4:$A$340&'ER C8 FLT4'!$B$4:$B$340-1,1),5)*IF($Z13=\"Class_8\",INDEX('ER C8 FLT4'!$A$4:$J$340,MATCH($W13&$C13,'ER C8 FLT4'!$A$4:$A$340&'ER C8 FLT4'!$B$4:$B$340-1,1),7)),IF($Z13=\"Class_7\",INDEX('ER C7 FLT4'!$A$4:$J$340,MATCH($W13&$C13,'ER C7 FLT4'!$A$4:$A$340&'ER C7 FLT4'!$B$4:$B$340-1,1),5)*IF($Z13=\"Class_7\",INDEX('ER C7 FLT4'!$A$4:$J$340,MATCH($W13&$C13,'ER C7 FLT4'!$A$4:$A$340&'ER C7 FLT4'!$B$4:$B$340-1,1),7)),\nIF($Z13=\"Class_6\",INDEX('ER C6 FLT4'!$A$4:$J$340,MATCH($W13&$C13,'ER C6 FLT4'!$A$4:$A$340&'ER C6 FLT4'!$B$4:$B$340-1,1),5)*IF($Z13=\"Class_6\",INDEX('ER C6 FLT4'!$A$4:$L$340,MATCH($W13&$C13,'ER C6 FLT4'!$A$4:$A$340&'ER C6 FLT4'!$B$4:$B$340-1,1),7))))))))))*IF($X13=\"Level 3 PM + Mark I NOx\",0.75,1)*($AC13/453.6)-IF(CS13=0,CG13,0),0)","v":0},{"$f":"MAX(0,CS13+CT13)","v":0},0,{"$f":"MAX((IF($B13=\"3 Trucks\",IF($Z13=\"Class_8\",INDEX('ER C8 FLT3'!$A$4:$J$340,MATCH($W13&$C13,'ER C8 FLT3'!$A$4:$A$340&'ER C8 FLT3'!$B$4:$B$340-2,1),5)*IF($Z13=\"Class_8\",INDEX('ER C8 FLT3'!$A$4:$J$340,MATCH($W13&$C13,'ER C8 FLT3'!$A$4:$A$340&'ER C8 FLT3'!$B$4:$B$340-2,1),7)),IF($Z13=\"Class_7\",INDEX('ER C7 FLT3'!$A$4:$J$340,MATCH($W13&$C13,'ER C7 FLT3'!$A$4:$A$340&'ER C7 FLT3'!$B$4:$B$340-2,1),5)*IF($Z13=\"Class_7\",INDEX('ER C7 FLT3'!$A$4:$J$340,MATCH($W13&$C13,'ER C7 FLT3'!$A$4:$A$340&'ER C7 FLT3'!$B$4:$B$340-2,1),7)),\nIF($Z13=\"Class_6\",INDEX('ER C6 FLT3'!$A$4:$J$340,MATCH($W13&$C13,'ER C6 FLT3'!$A$4:$A$340&'ER C6 FLT3'!$B$4:$B$340-2,1),5)*IF($Z13=\"Class_6\",INDEX('ER C6 FLT3'!$A$4:$L$340,MATCH($W13&$C13,'ER C6 FLT3'!$A$4:$A$340&'ER C6 FLT3'!$B$4:$B$340-2,1),7))))),IF($B13=\"2 Trucks\",IF($Z13=\"Class_8\",INDEX('ER C8 FLT2'!$A$4:$J$340,MATCH($W13&$C13,'ER C8 FLT2'!$A$4:$A$340&'ER C8 FLT2'!$B$4:$B$340-2,1),5)*IF($Z13=\"Class_8\",INDEX('ER C8 FLT2'!$A$4:$J$340,MATCH($W13&$C13,'ER C8 FLT2'!$A$4:$A$340&'ER C8 FLT2'!$B$4:$B$340-2,1),7)),IF($Z13=\"Class_7\",INDEX('ER C7 FLT2'!$A$4:$J$340,MATCH($W13&$C13,'ER C7 FLT2'!$A$4:$A$340&'ER C7 FLT2'!$B$4:$B$340-2,1),5)*IF($Z13=\"Class_7\",INDEX('ER C7 FLT2'!$A$4:$J$340,MATCH($W13&$C13,'ER C7 FLT2'!$A$4:$A$340&'ER C7 FLT2'!$B$4:$B$340-2,1),7)),IF($Z13=\"Class_6\",INDEX('ER C6 FLT2'!$A$4:$J$340,MATCH($W13&$C13,'ER C6 FLT2'!$A$4:$A$340&'ER C6 FLT2'!$B$4:$B$340-2,1),5)*IF($Z13=\"Class_6\",INDEX('ER C6 FLT2'!$A$4:$J$340,MATCH($W13&$C13,'ER C6 FLT2'!$A$4:$A$340&'ER C6 FLT2'!$B$4:$B$340-2,1),7))))),IF($B13=\"1 Truck\",\nIF($Z13=\"Class_8\",INDEX('ER C8 FLT1'!$A$4:$J$340,MATCH($W13&$C13,'ER C8 FLT1'!$A$4:$A$340&'ER C8 FLT1'!$B$4:$B$340-2,1),5)*IF($Z13=\"Class_8\",INDEX('ER C8 FLT1'!$A$4:$J$340,MATCH($W13&$C13,'ER C8 FLT1'!$A$4:$A$340&'ER C8 FLT1'!$B$4:$B$340-2,1),7)),IF($Z13=\"Class_7\",INDEX('ER C7 FLT1'!$A$4:$J$340,MATCH($W13&$C13,'ER C7 FLT1'!$A$4:$A$340&'ER C7 FLT1'!$B$4:$B$340-2,1),5)*IF($Z13=\"Class_7\",INDEX('ER C7 FLT1'!$A$4:$J$340,MATCH($W13&$C13,'ER C7 FLT1'!$A$4:$A$340&'ER C7 FLT1'!$B$4:$B$340-2,1),7)),\nIF($Z13=\"Class_6\",INDEX('ER C6 FLT1'!$A$4:$J$340,MATCH($W13&$C13,'ER C6 FLT1'!$A$4:$A$340&'ER C6 FLT1'!$B$4:$B$340-2,1),5)*IF($Z13=\"Class_6\",INDEX('ER C6 FLT1'!$A$4:$J$340,MATCH($W13&$C13,'ER C6 FLT1'!$A$4:$A$340&'ER C6 FLT1'!$B$4:$B$340-2,1),7))))),IF($B13=\"4+ Trucks\",IF($Z13=\"Class_8\",INDEX('ER C8 FLT4'!$A$4:$J$340,MATCH($W13&$C13,'ER C8 FLT4'!$A$4:$A$340&'ER C8 FLT4'!$B$4:$B$340-2,1),5)*IF($Z13=\"Class_8\",INDEX('ER C8 FLT4'!$A$4:$J$340,MATCH($W13&$C13,'ER C8 FLT4'!$A$4:$A$340&'ER C8 FLT4'!$B$4:$B$340-2,1),7)),IF($Z13=\"Class_7\",INDEX('ER C7 FLT4'!$A$4:$J$340,MATCH($W13&$C13,'ER C7 FLT4'!$A$4:$A$340&'ER C7 FLT4'!$B$4:$B$340-2,1),5)*IF($Z13=\"Class_7\",INDEX('ER C7 FLT4'!$A$4:$J$340,MATCH($W13&$C13,'ER C7 FLT4'!$A$4:$A$340&'ER C7 FLT4'!$B$4:$B$340-2,1),7)),\nIF($Z13=\"Class_6\",INDEX('ER C6 FLT4'!$A$4:$J$340,MATCH($W13&$C13,'ER C6 FLT4'!$A$4:$A$340&'ER C6 FLT4'!$B$4:$B$340-2,1),5)*IF($Z13=\"Class_6\",INDEX('ER C6 FLT4'!$A$4:$L$340,MATCH($W13&$C13,'ER C6 FLT4'!$A$4:$A$340&'ER C6 FLT4'!$B$4:$B$340-2,1),7))))))))))*IF($X13=\"Level 3 PM + Mark I NOx\",0.75,1)*($AC13/453.6)-IF(CV13=0,CH13,0),0)","v":0},{"$f":"MAX(0,CV13+CW13)","v":0},0,{"$f":"MAX((IF($B13=\"3 Trucks\",IF($Z13=\"Class_8\",INDEX('ER C8 FLT3'!$A$4:$J$340,MATCH($W13&$C13,'ER C8 FLT3'!$A$4:$A$340&'ER C8 FLT3'!$B$4:$B$340-3,1),5)*IF($Z13=\"Class_8\",INDEX('ER C8 FLT3'!$A$4:$J$340,MATCH($W13&$C13,'ER C8 FLT3'!$A$4:$A$340&'ER C8 FLT3'!$B$4:$B$340-3,1),7)),IF($Z13=\"Class_7\",INDEX('ER C7 FLT3'!$A$4:$J$340,MATCH($W13&$C13,'ER C7 FLT3'!$A$4:$A$340&'ER C7 FLT3'!$B$4:$B$340-3,1),5)*IF($Z13=\"Class_7\",INDEX('ER C7 FLT3'!$A$4:$J$340,MATCH($W13&$C13,'ER C7 FLT3'!$A$4:$A$340&'ER C7 FLT3'!$B$4:$B$340-3,1),7)),\nIF($Z13=\"Class_6\",INDEX('ER C6 FLT3'!$A$4:$J$340,MATCH($W13&$C13,'ER C6 FLT3'!$A$4:$A$340&'ER C6 FLT3'!$B$4:$B$340-3,1),5)*IF($Z13=\"Class_6\",INDEX('ER C6 FLT3'!$A$4:$L$340,MATCH($W13&$C13,'ER C6 FLT3'!$A$4:$A$340&'ER C6 FLT3'!$B$4:$B$340-3,1),7))))),IF($B13=\"2 Trucks\",IF($Z13=\"Class_8\",INDEX('ER C8 FLT2'!$A$4:$J$340,MATCH($W13&$C13,'ER C8 FLT2'!$A$4:$A$340&'ER C8 FLT2'!$B$4:$B$340-3,1),5)*IF($Z13=\"Class_8\",INDEX('ER C8 FLT2'!$A$4:$J$340,MATCH($W13&$C13,'ER C8 FLT2'!$A$4:$A$340&'ER C8 FLT2'!$B$4:$B$340-3,1),7)),IF($Z13=\"Class_7\",INDEX('ER C7 FLT2'!$A$4:$J$340,MATCH($W13&$C13,'ER C7 FLT2'!$A$4:$A$340&'ER C7 FLT2'!$B$4:$B$340-3,1),5)*IF($Z13=\"Class_7\",INDEX('ER C7 FLT2'!$A$4:$J$340,MATCH($W13&$C13,'ER C7 FLT2'!$A$4:$A$340&'ER C7 FLT2'!$B$4:$B$340-3,1),7)),IF($Z13=\"Class_6\",INDEX('ER C6 FLT2'!$A$4:$J$340,MATCH($W13&$C13,'ER C6 FLT2'!$A$4:$A$340&'ER C6 FLT2'!$B$4:$B$340-3,1),5)*IF($Z13=\"Class_6\",INDEX('ER C6 FLT2'!$A$4:$J$340,MATCH($W13&$C13,'ER C6 FLT2'!$A$4:$A$340&'ER C6 FLT2'!$B$4:$B$340-3,1),7))))),IF($B13=\"1 Truck\",\nIF($Z13=\"Class_8\",INDEX('ER C8 FLT1'!$A$4:$J$340,MATCH($W13&$C13,'ER C8 FLT1'!$A$4:$A$340&'ER C8 FLT1'!$B$4:$B$340-3,1),5)*IF($Z13=\"Class_8\",INDEX('ER C8 FLT1'!$A$4:$J$340,MATCH($W13&$C13,'ER C8 FLT1'!$A$4:$A$340&'ER C8 FLT1'!$B$4:$B$340-3,1),7)),IF($Z13=\"Class_7\",INDEX('ER C7 FLT1'!$A$4:$J$340,MATCH($W13&$C13,'ER C7 FLT1'!$A$4:$A$340&'ER C7 FLT1'!$B$4:$B$340-3,1),5)*IF($Z13=\"Class_7\",INDEX('ER C7 FLT1'!$A$4:$J$340,MATCH($W13&$C13,'ER C7 FLT1'!$A$4:$A$340&'ER C7 FLT1'!$B$4:$B$340-3,1),7)),\nIF($Z13=\"Class_6\",INDEX('ER C6 FLT1'!$A$4:$J$340,MATCH($W13&$C13,'ER C6 FLT1'!$A$4:$A$340&'ER C6 FLT1'!$B$4:$B$340-3,1),5)*IF($Z13=\"Class_6\",INDEX('ER C6 FLT1'!$A$4:$J$340,MATCH($W13&$C13,'ER C6 FLT1'!$A$4:$A$340&'ER C6 FLT1'!$B$4:$B$340-3,1),7))))),IF($B13=\"4+ Trucks\",IF($Z13=\"Class_8\",INDEX('ER C8 FLT4'!$A$4:$J$340,MATCH($W13&$C13,'ER C8 FLT4'!$A$4:$A$340&'ER C8 FLT4'!$B$4:$B$340-3,1),5)*IF($Z13=\"Class_8\",INDEX('ER C8 FLT4'!$A$4:$J$340,MATCH($W13&$C13,'ER C8 FLT4'!$A$4:$A$340&'ER C8 FLT4'!$B$4:$B$340-3,1),7)),IF($Z13=\"Class_7\",INDEX('ER C7 FLT4'!$A$4:$J$340,MATCH($W13&$C13,'ER C7 FLT4'!$A$4:$A$340&'ER C7 FLT4'!$B$4:$B$340-3,1),5)*IF($Z13=\"Class_7\",INDEX('ER C7 FLT4'!$A$4:$J$340,MATCH($W13&$C13,'ER C7 FLT4'!$A$4:$A$340&'ER C7 FLT4'!$B$4:$B$340-3,1),7)),\nIF($Z13=\"Class_6\",INDEX('ER C6 FLT4'!$A$4:$J$340,MATCH($W13&$C13,'ER C6 FLT4'!$A$4:$A$340&'ER C6 FLT4'!$B$4:$B$340-3,1),5)*IF($Z13=\"Class_6\",INDEX('ER C6 FLT4'!$A$4:$L$340,MATCH($W13&$C13,'ER C6 FLT4'!$A$4:$A$340&'ER C6 FLT4'!$B$4:$B$340-3,1),7))))))))))*IF($X13=\"Level 3 PM + Mark I NOx\",0.75,1)*($AC13/453.6)-IF(CY13=0,CI13,0),0)","v":0},{"$f":"MAX(0,CY13+CZ13)","v":0},0,{"$f":"MAX((IF($B13=\"3 Trucks\",IF($Z13=\"Class_8\",INDEX('ER C8 FLT3'!$A$4:$J$340,MATCH($W13&$C13,'ER C8 FLT3'!$A$4:$A$340&'ER C8 FLT3'!$B$4:$B$340-4,1),5)*IF($Z13=\"Class_8\",INDEX('ER C8 FLT3'!$A$4:$J$340,MATCH($W13&$C13,'ER C8 FLT3'!$A$4:$A$340&'ER C8 FLT3'!$B$4:$B$340-4,1),7)),IF($Z13=\"Class_7\",INDEX('ER C7 FLT3'!$A$4:$J$340,MATCH($W13&$C13,'ER C7 FLT3'!$A$4:$A$340&'ER C7 FLT3'!$B$4:$B$340-4,1),5)*IF($Z13=\"Class_7\",INDEX('ER C7 FLT3'!$A$4:$J$340,MATCH($W13&$C13,'ER C7 FLT3'!$A$4:$A$340&'ER C7 FLT3'!$B$4:$B$340-4,1),7)),\nIF($Z13=\"Class_6\",INDEX('ER C6 FLT3'!$A$4:$J$340,MATCH($W13&$C13,'ER C6 FLT3'!$A$4:$A$340&'ER C6 FLT3'!$B$4:$B$340-4,1),5)*IF($Z13=\"Class_6\",INDEX('ER C6 FLT3'!$A$4:$L$340,MATCH($W13&$C13,'ER C6 FLT3'!$A$4:$A$340&'ER C6 FLT3'!$B$4:$B$340-4,1),7))))),IF($B13=\"2 Trucks\",IF($Z13=\"Class_8\",INDEX('ER C8 FLT2'!$A$4:$J$340,MATCH($W13&$C13,'ER C8 FLT2'!$A$4:$A$340&'ER C8 FLT2'!$B$4:$B$340-4,1),5)*IF($Z13=\"Class_8\",INDEX('ER C8 FLT2'!$A$4:$J$340,MATCH($W13&$C13,'ER C8 FLT2'!$A$4:$A$340&'ER C8 FLT2'!$B$4:$B$340-4,1),7)),IF($Z13=\"Class_7\",INDEX('ER C7 FLT2'!$A$4:$J$340,MATCH($W13&$C13,'ER C7 FLT2'!$A$4:$A$340&'ER C7 FLT2'!$B$4:$B$340-4,1),5)*IF($Z13=\"Class_7\",INDEX('ER C7 FLT2'!$A$4:$J$340,MATCH($W13&$C13,'ER C7 FLT2'!$A$4:$A$340&'ER C7 FLT2'!$B$4:$B$340-4,1),7)),IF($Z13=\"Class_6\",INDEX('ER C6 FLT2'!$A$4:$J$340,MATCH($W13&$C13,'ER C6 FLT2'!$A$4:$A$340&'ER C6 FLT2'!$B$4:$B$340-4,1),5)*IF($Z13=\"Class_6\",INDEX('ER C6 FLT2'!$A$4:$J$340,MATCH($W13&$C13,'ER C6 FLT2'!$A$4:$A$340&'ER C6 FLT2'!$B$4:$B$340-4,1),7))))),IF($B13=\"1 Truck\",\nIF($Z13=\"Class_8\",INDEX('ER C8 FLT1'!$A$4:$J$340,MATCH($W13&$C13,'ER C8 FLT1'!$A$4:$A$340&'ER C8 FLT1'!$B$4:$B$340-4,1),5)*IF($Z13=\"Class_8\",INDEX('ER C8 FLT1'!$A$4:$J$340,MATCH($W13&$C13,'ER C8 FLT1'!$A$4:$A$340&'ER C8 FLT1'!$B$4:$B$340-4,1),7)),IF($Z13=\"Class_7\",INDEX('ER C7 FLT1'!$A$4:$J$340,MATCH($W13&$C13,'ER C7 FLT1'!$A$4:$A$340&'ER C7 FLT1'!$B$4:$B$340-4,1),5)*IF($Z13=\"Class_7\",INDEX('ER C7 FLT1'!$A$4:$J$340,MATCH($W13&$C13,'ER C7 FLT1'!$A$4:$A$340&'ER C7 FLT1'!$B$4:$B$340-4,1),7)),\nIF($Z13=\"Class_6\",INDEX('ER C6 FLT1'!$A$4:$J$340,MATCH($W13&$C13,'ER C6 FLT1'!$A$4:$A$340&'ER C6 FLT1'!$B$4:$B$340-4,1),5)*IF($Z13=\"Class_6\",INDEX('ER C6 FLT1'!$A$4:$J$340,MATCH($W13&$C13,'ER C6 FLT1'!$A$4:$A$340&'ER C6 FLT1'!$B$4:$B$340-4,1),7))))),IF($B13=\"4+ Trucks\",IF($Z13=\"Class_8\",INDEX('ER C8 FLT4'!$A$4:$J$340,MATCH($W13&$C13,'ER C8 FLT4'!$A$4:$A$340&'ER C8 FLT4'!$B$4:$B$340-4,1),5)*IF($Z13=\"Class_8\",INDEX('ER C8 FLT4'!$A$4:$J$340,MATCH($W13&$C13,'ER C8 FLT4'!$A$4:$A$340&'ER C8 FLT4'!$B$4:$B$340-4,1),7)),IF($Z13=\"Class_7\",INDEX('ER C7 FLT4'!$A$4:$J$340,MATCH($W13&$C13,'ER C7 FLT4'!$A$4:$A$340&'ER C7 FLT4'!$B$4:$B$340-4,1),5)*IF($Z13=\"Class_7\",INDEX('ER C7 FLT4'!$A$4:$J$340,MATCH($W13&$C13,'ER C7 FLT4'!$A$4:$A$340&'ER C7 FLT4'!$B$4:$B$340-4,1),7)),\nIF($Z13=\"Class_6\",INDEX('ER C6 FLT4'!$A$4:$J$340,MATCH($W13&$C13,'ER C6 FLT4'!$A$4:$A$340&'ER C6 FLT4'!$B$4:$B$340-4,1),5)*IF($Z13=\"Class_6\",INDEX('ER C6 FLT4'!$A$4:$L$340,MATCH($W13&$C13,'ER C6 FLT4'!$A$4:$A$340&'ER C6 FLT4'!$B$4:$B$340-4,1),7))))))))))*IF($X13=\"Level 3 PM + Mark I NOx\",0.75,1)*($AC13/453.6)-IF(DB13=0,CJ13,0),0)","v":0},{"$f":"MAX(0,DB13+DC13)","v":0},{"$f":"MAX(0,CR13+CU13+CX13+DA13+DD13)","v":0}]
[{"$f":"'Input data'!A12","v":"project 8"},{"$f":"'Input data'!B12","v":0},{"$f":"'Input data'!C12","v":0},{"$f":"'Input data'!D12","v":0},{"$f":"'Input data'!E12","v":0},{"$f":"'Input data'!F12","v":0},{"$f":"'Input data'!G12","v":0},{"$f":"'Input data'!H12","v":""},{"$f":"'Input data'!I12","v":0},{"$f":"'Input data'!J12","v":0},{"$f":"'Input data'!K12","v":0},{"$f":"'Input data'!AK12","v":false},{"$f":"'Input data'!M12","v":0},{"$f":"'Input data'!AJ12","v":0},{"$f":"'Input data'!L12","v":0},{"$f":"'Input data'!N12","v":0},{"$f":"'Input data'!O12","v":0},{"$f":"'Input data'!P12","v":0},{"$f":"'Input data'!Q12","v":0},{"$f":"'Input data'!R12","v":""},{"$f":"'Input data'!$S12","v":"No"},{"$f":"'Input data'!T12","v":"No"},{"$f":"'Input data'!U12","v":0},{"$f":"'Input data'!V12","v":0},{"$f":"'Input data'!W12","v":0},{"$f":"'Input data'!X12","v":""},{"$f":"'Input data'!Y12","v":0},{"$f":"'Input data'!Z12","v":0},{"$f":"'Input data'!AA12","v":0},null,null,{"$f":"'Input data'!AD12","v":0},{"$f":"'Input data'!AE12","v":false},{"$f":"'Input data'!AF12","v":false},{"$f":"'Input data'!AG12","v":false},{"$f":"'Input data'!AH12","v":false},null,{"$f":"IF($B14=\"4+ Trucks\",IF(OR($H14=\"Class_8\",$N14=\"Replacement8HHD\",$AH14=\"CL7HHD\",$AJ14=\"CL7to8\"),INDEX('ER C8 FLT4'!$A$4:$I$340,MATCH($E14&$C14,'ER C8 FLT4'!$A$4:$A$340&'ER C8 FLT4'!$B$4:$B$340,1),8)*IF(OR($H14=\"Class_8\",$N14=\"Replacement8HHD\",$AH14=\"CL7HHD\",$AJ14=\"CL7to8\"),INDEX('ER C8 FLT4'!$A$4:$K$340,MATCH($E14&$C14,'ER C8 FLT4'!$A$4:$A$340&'ER C8 FLT4'!$B$4:$B$340,1),9)),IF($H14=\"Class_7\",INDEX('ER C7 FLT4'!$A$4:$J$340,MATCH($E14&$C14,'ER C7 FLT4'!$A$4:$A$340&'ER C7 FLT4'!$B$4:$B$340,1),8)*IF($H14=\"Class_7\",INDEX('ER C7 FLT4'!$A$4:$J$340,MATCH($E14&$C14,'ER C7 FLT4'!$A$4:$A$340&'ER C7 FLT4'!$B$4:$B$340,1),9)),\nIF($H14=\"Class_6\",INDEX('ER C6 FLT4'!$A$4:$J$340,MATCH($E14&$C14,'ER C6 FLT4'!$A$4:$A$340&'ER C6 FLT4'!$B$4:$B$340,1),8)*IF($H14=\"Class_6\",INDEX('ER C6 FLT4'!$A$4:$L$340,MATCH($E14&$C14,'ER C6 FLT4'!$A$4:$A$340&'ER C6 FLT4'!$B$4:$B$340,1),9))))),IF($B14=\"3 Trucks\",IF(OR($H14=\"Class_8\",$N14=\"Replacement8HHD\",$AH14=\"CL7HHD\",$AJ14=\"CL7to8\"),INDEX('ER C8 FLT3'!$A$4:$J$340,MATCH($E14&$C14,'ER C8 FLT3'!$A$4:$A$340&'ER C8 FLT3'!$B$4:$B$340,1),8)*IF(OR($H14=\"Class_8\",$N14=\"Replacement8HHD\",$AH14=\"CL7HHD\",$AJ14=\"CL7to8\"),INDEX('ER C8 FLT3'!$A$4:$J$340,MATCH($E14&$C14,'ER C8 FLT3'!$A$4:$A$340&'ER C8 FLT3'!$B$4:$B$340,1),9)),IF($H14=\"Class_7\",INDEX('ER C7 FLT3'!$A$4:$J$340,MATCH($E14&$C14,'ER C7 FLT3'!$A$4:$A$340&'ER C7 FLT3'!$B$4:$B$340,1),8)*IF($H14=\"Class_7\",INDEX('ER C7 FLT3'!$A$4:$J$340,MATCH($E14&$C14,'ER C7 FLT3'!$A$4:$A$340&'ER C7 FLT3'!$B$4:$B$340,1),9)),\nIF($H14=\"Class_6\",INDEX('ER C6 FLT3'!$A$4:$J$340,MATCH($E14&$C14,'ER C6 FLT3'!$A$4:$A$340&'ER C6 FLT3'!$B$4:$B$340,1),8)*IF($H14=\"Class_6\",INDEX('ER C6 FLT3'!$A$4:$L$340,MATCH($E14&$C14,'ER C6 FLT3'!$A$4:$A$340&'ER C6 FLT3'!$B$4:$B$340,1),9))))),IF($B14=\"2 Trucks\",IF(OR($H14=\"Class_8\",$N14=\"Replacement8HHD\",$AH14=\"CL7HHD\",$AJ14=\"CL7to8\"),INDEX('ER C8 FLT2'!$A$4:$J$340,MATCH($E14&$C14,'ER C8 FLT2'!$A$4:$A$340&'ER C8 FLT2'!$B$4:$B$340,1),8)*IF(OR($H14=\"Class_8\",$N14=\"Replacement8HHD\",$AH14=\"CL7HHD\",$AJ14=\"CL7to8\"),INDEX('ER C8 FLT2'!$A$4:$J$340,MATCH($E14&$C14,'ER C8 FLT2'!$A$4:$A$340&'ER C8 FLT2'!$B$4:$B$340,1),9)),IF($H14=\"Class_7\",INDEX('ER C7 FLT2'!$A$4:$J$340,MATCH($E14&$C14,'ER C7 FLT2'!$A$4:$A$340&'ER C7 FLT2'!$B$4:$B$340,1),8)*IF($H14=\"Class_7\",INDEX('ER C7 FLT2'!$A$4:$J$340,MATCH($E14&$C14,'ER C7 FLT2'!$A$4:$A$340&'ER C7 FLT2'!$B$4:$B$340,1),9)),IF($H14=\"Class_6\",INDEX('ER C6 FLT2'!$A$4:$J$340,MATCH($E14&$C14,'ER C6 FLT2'!$A$4:$A$340&'ER C6 FLT2'!$B$4:$B$340,1),8)*IF($H14=\"Class_6\",INDEX('ER C6 FLT2'!$A$4:$J$340,MATCH($E14&$C14,'ER C6 FLT2'!$A$4:$A$340&'ER C6 FLT2'!$B$4:$B$340,1),9))))),IF($B14=\"1 Truck\",\nIF(OR($H14=\"Class_8\",$N14=\"Replacement8HHD\",$AH14=\"CL7HHD\",$AJ14=\"CL7to8\"),INDEX('ER C8 FLT1'!$A$4:$J$340,MATCH($E14&$C14,'ER C8 FLT1'!$A$4:$A$340&'ER C8 FLT1'!$B$4:$B$340,1),8)*IF(OR($H14=\"Class_8\",$N14=\"Replacement8HHD\",$AH14=\"CL7HHD\",$AJ14=\"CL7to8\"),INDEX('ER C8 FLT1'!$A$4:$J$340,MATCH($E14&$C14,'ER C8 FLT1'!$A$4:$A$340&'ER C8 FLT1'!$B$4:$B$340,1),9)),IF($H14=\"Class_7\",INDEX('ER C7 FLT1'!$A$4:$J$340,MATCH($E14&$C14,'ER C7 FLT1'!$A$4:$A$340&'ER C7 FLT1'!$B$4:$B$340,1),8)*IF($H14=\"Class_7\",INDEX('ER C7 FLT1'!$A$4:$J$340,MATCH($E14&$C14,'ER C7 FLT1'!$A$4:$A$340&'ER C7 FLT1'!$B$4:$B$340,1),9)),\nIF($H14=\"Class_6\",INDEX('ER C6 FLT1'!$A$4:$J$340,MATCH($E14&$C14,'ER C6 FLT1'!$A$4:$A$340&'ER C6 FLT1'!$B$4:$B$340,1),8)*IF($H14=\"Class_6\",INDEX('ER C6 FLT1'!$A$4:$J$340,MATCH($E14&$C14,'ER C6 FLT1'!$A$4:$A$340&'ER C6 FLT1'!$B$4:$B$340,1),9)))))))))*IF($F14=\"Level 1 PM\",0.75,IF($F14=\"Level 2 PM\",0.5,IF($F14=\"Level 3 PM\",0,IF($F14=\"Level 3 PM + Mark I NOx\",0,1))))*($Q14/453.6)","v":0},{"$f":"IF($B14=\"4+ Trucks\",IF(OR($H14=\"Class_8\",$N14=\"Replacement8HHD\",$AH14=\"CL7HHD\",$AJ14=\"CL7to8\"),INDEX('ER C8 FLT4'!$A$4:$K$340,MATCH($E14&$C14,'ER C8 FLT4'!$A$4:$A$340&'ER C8 FLT4'!$B$4:$B$340-1,1),8)*IF(OR($H14=\"Class_8\",$N14=\"Replacement8HHD\",$AH14=\"CL7HHD\",$AJ14=\"CL7to8\"),INDEX('ER C8 FLT4'!$A$4:$K$340,MATCH($E14&$C14,'ER C8 FLT4'!$A$4:$A$340&'ER C8 FLT4'!$B$4:$B$340-1,1),9)),IF($H14=\"Class_7\",INDEX('ER C7 FLT4'!$A$4:$J$340,MATCH($E14&$C14,'ER C7 FLT4'!$A$4:$A$340&'ER C7 FLT4'!$B$4:$B$340-1,1),8)*IF($H14=\"Class_7\",INDEX('ER C7 FLT4'!$A$4:$J$340,MATCH($E14&$C14,'ER C7 FLT4'!$A$4:$A$340&'ER C7 FLT4'!$B$4:$B$340-1,1),9)),\nIF($H14=\"Class_6\",INDEX('ER C6 FLT4'!$A$4:$J$340,MATCH($E14&$C14,'ER C6 FLT4'!$A$4:$A$340&'ER C6 FLT4'!$B$4:$B$340-1,1),8)*IF($H14=\"Class_6\",INDEX('ER C6 FLT4'!$A$4:$L$340,MATCH($E14&$C14,'ER C6 FLT4'!$A$4:$A$340&'ER C6 FLT4'!$B$4:$B$340-1,1),9))))),\nIF($B14=\"3 Trucks\",IF(OR($H14=\"Class_8\",$N14=\"Replacement8HHD\",$AH14=\"CL7HHD\",$AJ14=\"CL7to8\"),INDEX('ER C8 FLT3'!$A$4:$J$340,MATCH($E14&$C14,'ER C8 FLT3'!$A$4:$A$340&'ER C8 FLT3'!$B$4:$B$340-1,1),8)*IF(OR($H14=\"Class_8\",$N14=\"Replacement8HHD\",$AH14=\"CL7HHD\",$AJ14=\"CL7to8\"),INDEX('ER C8 FLT3'!$A$4:$J$340,MATCH($E14&$C14,'ER C8 FLT3'!$A$4:$A$340&'ER C8 FLT3'!$B$4:$B$340-1,1),9)),IF($H14=\"Class_7\",INDEX('ER C7 FLT3'!$A$4:$J$340,MATCH($E14&$C14,'ER C7 FLT3'!$A$4:$A$340&'ER C7 FLT3'!$B$4:$B$340-1,1),8)*IF($H14=\"Class_7\",INDEX('ER C7 FLT3'!$A$4:$J$340,MATCH($E14&$C14,'ER C7 FLT3'!$A$4:$A$340&'ER C7 FLT3'!$B$4:$B$340-1,1),9)),\nIF($H14=\"Class_6\",INDEX('ER C6 FLT3'!$A$4:$J$340,MATCH($E14&$C14,'ER C6 FLT3'!$A$4:$A$340&'ER C6 FLT3'!$B$4:$B$340-1,1),8)*IF($H14=\"Class_6\",INDEX('ER C6 FLT3'!$A$4:$L$340,MATCH($E14&$C14,'ER C6 FLT3'!$A$4:$A$340&'ER C6 FLT3'!$B$4:$B$340-1,1),9))))),IF($B14=\"2 Trucks\",IF(OR($H14=\"Class_8\",$N14=\"Replacement8HHD\",$AH14=\"CL7HHD\",$AJ14=\"CL7to8\"),INDEX('ER C8 FLT2'!$A$4:$J$340,MATCH($E14&$C14,'ER C8 FLT2'!$A$4:$A$340&'ER C8 FLT2'!$B$4:$B$340-1,1),8)*IF(OR($H14=\"Class_8\",$N14=\"Replacement8HHD\",$AH14=\"CL7HHD\",$AJ14=\"CL7to8\"),INDEX('ER C8 FLT2'!$A$4:$J$340,MATCH($E14&$C14,'ER C8 FLT2'!$A$4:$A$340&'ER C8 FLT2'!$B$4:$B$340-1,1),9)),IF($H14=\"Class_7\",INDEX('ER C7 FLT2'!$A$4:$J$340,MATCH($E14&$C14,'ER C7 FLT2'!$A$4:$A$340&'ER C7 FLT2'!$B$4:$B$340-1,1),8)*IF($H14=\"Class_7\",INDEX('ER C7 FLT2'!$A$4:$J$340,MATCH($E14&$C14,'ER C7 FLT2'!$A$4:$A$340&'ER C7 FLT2'!$B$4:$B$340-1,1),9)),IF($H14=\"Class_6\",INDEX('ER C6 FLT2'!$A$4:$J$340,MATCH($E14&$C14,'ER C6 FLT2'!$A$4:$A$340&'ER C6 FLT2'!$B$4:$B$340-1,1),8)*IF($H14=\"Class_6\",INDEX('ER C6 FLT2'!$A$4:$J$340,MATCH($E14&$C14,'ER C6 FLT2'!$A$4:$A$340&'ER C6 FLT2'!$B$4:$B$340-1,1),9))))),IF($B14=\"1 Truck\",\nIF(OR($H14=\"Class_8\",$N14=\"Replacement8HHD\",$AH14=\"CL7HHD\",$AJ14=\"CL7to8\"),INDEX('ER C8 FLT1'!$A$4:$J$340,MATCH($E14&$C14,'ER C8 FLT1'!$A$4:$A$340&'ER C8 FLT1'!$B$4:$B$340-1,1),8)*IF(OR($H14=\"Class_8\",$N14=\"Replacement8HHD\",$AH14=\"CL7HHD\",$AJ14=\"CL7to8\"),INDEX('ER C8 FLT1'!$A$4:$J$340,MATCH($E14&$C14,'ER C8 FLT1'!$A$4:$A$340&'ER C8 FLT1'!$B$4:$B$340-1,1),9)),IF($H14=\"Class_7\",INDEX('ER C7 FLT1'!$A$4:$J$340,MATCH($E14&$C14,'ER C7 FLT1'!$A$4:$A$340&'ER C7 FLT1'!$B$4:$B$340-1,1),8)*IF($H14=\"Class_7\",INDEX('ER C7 FLT1'!$A$4:$J$340,MATCH($E14&$C14,'ER C7 FLT1'!$A$4:$A$340&'ER C7 FLT1'!$B$4:$B$340-1,1),9)),\nIF($H14=\"Class_6\",INDEX('ER C6 FLT1'!$A$4:$J$340,MATCH($E14&$C14,'ER C6 FLT1'!$A$4:$A$340&'ER C6 FLT1'!$B$4:$B$340-1,1),8)*IF($H14=\"Class_6\",INDEX('ER C6 FLT1'!$A$4:$J$340,MATCH($E14&$C14,'ER C6 FLT1'!$A$4:$A$340&'ER C6 FLT1'!$B$4:$B$340-1,1),9))))))))*IF($F14=\"Level 1 PM\",0.75,IF($F14=\"Level 2 PM\",0.5,IF($F14=\"Level 3 PM\",0,IF($F14=\"Level 3 PM + Mark I NOx\",0,1)))))*($Q14/453.6)","v":0},{"$f":"IF($B14=\"4+ Trucks\",IF(OR($H14=\"Class_8\",$N14=\"Replacement8HHD\",$AH14=\"CL7HHD\",$AJ14=\"CL7to8\"),INDEX('ER C8 FLT4'!$A$4:$K$340,MATCH($E14&$C14,'ER C8 FLT4'!$A$4:$A$340&'ER C8 FLT4'!$B$4:$B$340-2,1),8)*IF(OR($H14=\"Class_8\",$N14=\"Replacement8HHD\",$AH14=\"CL7HHD\",$AJ14=\"CL7to8\"),INDEX('ER C8 FLT4'!$A$4:$K$340,MATCH($E14&$C14,'ER C8 FLT4'!$A$4:$A$340&'ER C8 FLT4'!$B$4:$B$340-2,1),9)),IF($H14=\"Class_7\",INDEX('ER C7 FLT4'!$A$4:$J$340,MATCH($E14&$C14,'ER C7 FLT4'!$A$4:$A$340&'ER C7 FLT4'!$B$4:$B$340-2,1),8)*IF($H14=\"Class_7\",INDEX('ER C7 FLT4'!$A$4:$J$340,MATCH($E14&$C14,'ER C7 FLT4'!$A$4:$A$340&'ER C7 FLT4'!$B$4:$B$340-2,1),9)),\nIF($H14=\"Class_6\",INDEX('ER C6 FLT4'!$A$4:$J$340,MATCH($E14&$C14,'ER C6 FLT4'!$A$4:$A$340&'ER C6 FLT4'!$B$4:$B$340-2,1),8)*IF($H14=\"Class_6\",INDEX('ER C6 FLT4'!$A$4:$L$340,MATCH($E14&$C14,'ER C6 FLT4'!$A$4:$A$340&'ER C6 FLT4'!$B$4:$B$340-2,1),9))))),\nIF($B14=\"3 Trucks\",IF(OR($H14=\"Class_8\",$N14=\"Replacement8HHD\",$AH14=\"CL7HHD\",$AJ14=\"CL7to8\"),INDEX('ER C8 FLT3'!$A$4:$J$340,MATCH($E14&$C14,'ER C8 FLT3'!$A$4:$A$340&'ER C8 FLT3'!$B$4:$B$340-2,1),8)*IF(OR($H14=\"Class_8\",$N14=\"Replacement8HHD\",$AH14=\"CL7HHD\",$AJ14=\"CL7to8\"),INDEX('ER C8 FLT3'!$A$4:$J$340,MATCH($E14&$C14,'ER C8 FLT3'!$A$4:$A$340&'ER C8 FLT3'!$B$4:$B$340-2,1),9)),IF($H14=\"Class_7\",INDEX('ER C7 FLT3'!$A$4:$J$340,MATCH($E14&$C14,'ER C7 FLT3'!$A$4:$A$340&'ER C7 FLT3'!$B$4:$B$340-2,1),8)*IF($H14=\"Class_7\",INDEX('ER C7 FLT3'!$A$4:$J$340,MATCH($E14&$C14,'ER C7 FLT3'!$A$4:$A$340&'ER C7 FLT3'!$B$4:$B$340-2,1),9)),\nIF($H14=\"Class_6\",INDEX('ER C6 FLT3'!$A$4:$J$340,MATCH($E14&$C14,'ER C6 FLT3'!$A$4:$A$340&'ER C6 FLT3'!$B$4:$B$340-2,1),8)*IF($H14=\"Class_6\",INDEX('ER C6 FLT3'!$A$4:$L$340,MATCH($E14&$C14,'ER C6 FLT3'!$A$4:$A$340&'ER C6 FLT3'!$B$4:$B$340-2,1),9))))),IF($B14=\"2 Trucks\",IF(OR($H14=\"Class_8\",$N14=\"Replacement8HHD\",$AH14=\"CL7HHD\",$AJ14=\"CL7to8\"),INDEX('ER C8 FLT2'!$A$4:$J$340,MATCH($E14&$C14,'ER C8 FLT2'!$A$4:$A$340&'ER C8 FLT2'!$B$4:$B$340-2,1),8)*IF(OR($H14=\"Class_8\",$N14=\"Replacement8HHD\",$AH14=\"CL7HHD\",$AJ14=\"CL7to8\"),INDEX('ER C8 FLT2'!$A$4:$J$340,MATCH($E14&$C14,'ER C8 FLT2'!$A$4:$A$340&'ER C8 FLT2'!$B$4:$B$340-2,1),9)),IF($H14=\"Class_7\",INDEX('ER C7 FLT2'!$A$4:$J$340,MATCH($E14&$C14,'ER C7 FLT2'!$A$4:$A$340&'ER C7 FLT2'!$B$4:$B$340-2,1),8)*IF($H14=\"Class_7\",INDEX('ER C7 FLT2'!$A$4:$J$340,MATCH($E14&$C14,'ER C7 FLT2'!$A$4:$A$340&'ER C7 FLT2'!$B$4:$B$340-2,1),9)),IF($H14=\"Class_6\",INDEX('ER C6 FLT2'!$A$4:$J$340,MATCH($E14&$C14,'ER C6 FLT2'!$A$4:$A$340&'ER C6 FLT2'!$B$4:$B$340-2,1),8)*IF($H14=\"Class_6\",INDEX('ER C6 FLT2'!$A$4:$J$340,MATCH($E14&$C14,'ER C6 FLT2'!$A$4:$A$340&'ER C6 FLT2'!$B$4:$B$340-2,1),9))))),IF($B14=\"1 Truck\",\nIF(OR($H14=\"Class_8\",$N14=\"Replacement8HHD\",$AH14=\"CL7HHD\",$AJ14=\"CL7to8\"),INDEX('ER C8 FLT1'!$A$4:$J$340,MATCH($E14&$C14,'ER C8 FLT1'!$A$4:$A$340&'ER C8 FLT1'!$B$4:$B$340-2,1),8)*IF(OR($H14=\"Class_8\",$N14=\"Replacement8HHD\",$AH14=\"CL7HHD\",$AJ14=\"CL7to8\"),INDEX('ER C8 FLT1'!$A$4:$J$340,MATCH($E14&$C14,'ER C8 FLT1'!$A$4:$A$340&'ER C8 FLT1'!$B$4:$B$340-2,1),9)),IF($H14=\"Class_7\",INDEX('ER C7 FLT1'!$A$4:$J$340,MATCH($E14&$C14,'ER C7 FLT1'!$A$4:$A$340&'ER C7 FLT1'!$B$4:$B$340-2,1),8)*IF($H14=\"Class_7\",INDEX('ER C7 FLT1'!$A$4:$J$340,MATCH($E14&$C14,'ER C7 FLT1'!$A$4:$A$340&'ER C7 FLT1'!$B$4:$B$340-2,1),9)),\nIF($H14=\"Class_6\",INDEX('ER C6 FLT1'!$A$4:$J$340,MATCH($E14&$C14,'ER C6 FLT1'!$A$4:$A$340&'ER C6 FLT1'!$B$4:$B$340-2,1),8)*IF($H14=\"Class_6\",INDEX('ER C6 FLT1'!$A$4:$J$340,MATCH($E14&$C14,'ER C6 FLT1'!$A$4:$A$340&'ER C6 FLT1'!$B$4:$B$340-2,1),9))))))))*IF($F14=\"Level 1 PM\",0.75,IF($F14=\"Level 2 PM\",0.5,IF($F14=\"Level 3 PM\",0,IF($F14=\"Level 3 PM + Mark I NOx\",0,1)))))*($Q14/453.6)","v":0},{"$f":"IF($B14=\"4+ Trucks\",IF(OR($H14=\"Class_8\",$N14=\"Replacement8HHD\",$AH14=\"CL7HHD\",$AJ14=\"CL7to8\"),INDEX('ER C8 FLT4'!$A$4:$K$340,MATCH($E14&$C14,'ER C8 FLT4'!$A$4:$A$340&'ER C8 FLT4'!$B$4:$B$340-3,1),8)*IF(OR($H14=\"Class_8\",$N14=\"Replacement8HHD\",$AH14=\"CL7HHD\",$AJ14=\"CL7to8\"),INDEX('ER C8 FLT4'!$A$4:$K$340,MATCH($E14&$C14,'ER C8 FLT4'!$A$4:$A$340&'ER C8 FLT4'!$B$4:$B$340-3,1),9)),IF($H14=\"Class_7\",INDEX('ER C7 FLT4'!$A$4:$J$340,MATCH($E14&$C14,'ER C7 FLT4'!$A$4:$A$340&'ER C7 FLT4'!$B$4:$B$340-3,1),8)*IF($H14=\"Class_7\",INDEX('ER C7 FLT4'!$A$4:$J$340,MATCH($E14&$C14,'ER C7 FLT4'!$A$4:$A$340&'ER C7 FLT4'!$B$4:$B$340-3,1),9)),\nIF($H14=\"Class_6\",INDEX('ER C6 FLT4'!$A$4:$J$340,MATCH($E14&$C14,'ER C6 FLT4'!$A$4:$A$340&'ER C6 FLT4'!$B$4:$B$340-3,1),8)*IF($H14=\"Class_6\",INDEX('ER C6 FLT4'!$A$4:$L$340,MATCH($E14&$C14,'ER C6 FLT4'!$A$4:$A$340&'ER C6 FLT4'!$B$4:$B$340-3,1),9))))),\nIF($B14=\"3 Trucks\",IF(OR($H14=\"Class_8\",$N14=\"Replacement8HHD\",$AH14=\"CL7HHD\",$AJ14=\"CL7to8\"),INDEX('ER C8 FLT3'!$A$4:$J$340,MATCH($E14&$C14,'ER C8 FLT3'!$A$4:$A$340&'ER C8 FLT3'!$B$4:$B$340-3,1),8)*IF(OR($H14=\"Class_8\",$N14=\"Replacement8HHD\",$AH14=\"CL7HHD\",$AJ14=\"CL7to8\"),INDEX('ER C8 FLT3'!$A$4:$J$340,MATCH($E14&$C14,'ER C8 FLT3'!$A$4:$A$340&'ER C8 FLT3'!$B$4:$B$340-3,1),9)),IF($H14=\"Class_7\",INDEX('ER C7 FLT3'!$A$4:$J$340,MATCH($E14&$C14,'ER C7 FLT3'!$A$4:$A$340&'ER C7 FLT3'!$B$4:$B$340-3,1),8)*IF($H14=\"Class_7\",INDEX('ER C7 FLT3'!$A$4:$J$340,MATCH($E14&$C14,'ER C7 FLT3'!$A$4:$A$340&'ER C7 FLT3'!$B$4:$B$340-3,1),9)),\nIF($H14=\"Class_6\",INDEX('ER C6 FLT3'!$A$4:$J$340,MATCH($E14&$C14,'ER C6 FLT3'!$A$4:$A$340&'ER C6 FLT3'!$B$4:$B$340-3,1),8)*IF($H14=\"Class_6\",INDEX('ER C6 FLT3'!$A$4:$L$340,MATCH($E14&$C14,'ER C6 FLT3'!$A$4:$A$340&'ER C6 FLT3'!$B$4:$B$340-3,1),9))))),IF($B14=\"2 Trucks\",IF(OR($H14=\"Class_8\",$N14=\"Replacement8HHD\",$AH14=\"CL7HHD\",$AJ14=\"CL7to8\"),INDEX('ER C8 FLT2'!$A$4:$J$340,MATCH($E14&$C14,'ER C8 FLT2'!$A$4:$A$340&'ER C8 FLT2'!$B$4:$B$340-3,1),8)*IF(OR($H14=\"Class_8\",$N14=\"Replacement8HHD\",$AH14=\"CL7HHD\",$AJ14=\"CL7to8\"),INDEX('ER C8 FLT2'!$A$4:$J$340,MATCH($E14&$C14,'ER C8 FLT2'!$A$4:$A$340&'ER C8 FLT2'!$B$4:$B$340-3,1),9)),IF($H14=\"Class_7\",INDEX('ER C7 FLT2'!$A$4:$J$340,MATCH($E14&$C14,'ER C7 FLT2'!$A$4:$A$340&'ER C7 FLT2'!$B$4:$B$340-3,1),8)*IF($H14=\"Class_7\",INDEX('ER C7 FLT2'!$A$4:$J$340,MATCH($E14&$C14,'ER C7 FLT2'!$A$4:$A$340&'ER C7 FLT2'!$B$4:$B$340-3,1),9)),IF($H14=\"Class_6\",INDEX('ER C6 FLT2'!$A$4:$J$340,MATCH($E14&$C14,'ER C6 FLT2'!$A$4:$A$340&'ER C6 FLT2'!$B$4:$B$340-3,1),8)*IF($H14=\"Class_6\",INDEX('ER C6 FLT2'!$A$4:$J$340,MATCH($E14&$C14,'ER C6 FLT2'!$A$4:$A$340&'ER C6 FLT2'!$B$4:$B$340-3,1),9))))),IF($B14=\"1 Truck\",\nIF(OR($H14=\"Class_8\",$N14=\"Replacement8HHD\",$AH14=\"CL7HHD\",$AJ14=\"CL7to8\"),INDEX('ER C8 FLT1'!$A$4:$J$340,MATCH($E14&$C14,'ER C8 FLT1'!$A$4:$A$340&'ER C8 FLT1'!$B$4:$B$340-3,1),8)*IF(OR($H14=\"Class_8\",$N14=\"Replacement8HHD\",$AH14=\"CL7HHD\",$AJ14=\"CL7to8\"),INDEX('ER C8 FLT1'!$A$4:$J$340,MATCH($E14&$C14,'ER C8 FLT1'!$A$4:$A$340&'ER C8 FLT1'!$B$4:$B$340-3,1),9)),IF($H14=\"Class_7\",INDEX('ER C7 FLT1'!$A$4:$J$340,MATCH($E14&$C14,'ER C7 FLT1'!$A$4:$A$340&'ER C7 FLT1'!$B$4:$B$340-3,1),8)*IF($H14=\"Class_7\",INDEX('ER C7 FLT1'!$A$4:$J$340,MATCH($E14&$C14,'ER C7 FLT1'!$A$4:$A$340&'ER C7 FLT1'!$B$4:$B$340-3,1),9)),\nIF($H14=\"Class_6\",INDEX('ER C6 FLT1'!$A$4:$J$340,MATCH($E14&$C14,'ER C6 FLT1'!$A$4:$A$340&'ER C6 FLT1'!$B$4:$B$340-3,1),8)*IF($H14=\"Class_6\",INDEX('ER C6 FLT1'!$A$4:$J$340,MATCH($E14&$C14,'ER C6 FLT1'!$A$4:$A$340&'ER C6 FLT1'!$B$4:$B$340-3,1),9))))))))*IF($F14=\"Level 1 PM\",0.75,IF($F14=\"Level 2 PM\",0.5,IF($F14=\"Level 3 PM\",0,IF($F14=\"Level 3 PM + Mark I NOx\",0,1)))))*($Q14/453.6)","v":0},{"$f":"IF($B14=\"4+ Trucks\",IF(OR($H14=\"Class_8\",$N14=\"Replacement8HHD\",$AH14=\"CL7HHD\",$AJ14=\"CL7to8\"),INDEX('ER C8 FLT4'!$A$4:$K$340,MATCH($E14&$C14,'ER C8 FLT4'!$A$4:$A$340&'ER C8 FLT4'!$B$4:$B$340-4,1),8)*IF(OR($H14=\"Class_8\",$N14=\"Replacement8HHD\",$AH14=\"CL7HHD\",$AJ14=\"CL7to8\"),INDEX('ER C8 FLT4'!$A$4:$K$340,MATCH($E14&$C14,'ER C8 FLT4'!$A$4:$A$340&'ER C8 FLT4'!$B$4:$B$340-4,1),9)),IF($H14=\"Class_7\",INDEX('ER C7 FLT4'!$A$4:$J$340,MATCH($E14&$C14,'ER C7 FLT4'!$A$4:$A$340&'ER C7 FLT4'!$B$4:$B$340-4,1),8)*IF($H14=\"Class_7\",INDEX('ER C7 FLT4'!$A$4:$J$340,MATCH($E14&$C14,'ER C7 FLT4'!$A$4:$A$340&'ER C7 FLT4'!$B$4:$B$340-4,1),9)),\nIF($H14=\"Class_6\",INDEX('ER C6 FLT4'!$A$4:$J$340,MATCH($E14&$C14,'ER C6 FLT4'!$A$4:$A$340&'ER C6 FLT4'!$B$4:$B$340-4,1),8)*IF($H14=\"Class_6\",INDEX('ER C6 FLT4'!$A$4:$L$340,MATCH($E14&$C14,'ER C6 FLT4'!$A$4:$A$340&'ER C6 FLT4'!$B$4:$B$340-4,1),9))))),\nIF($B14=\"3 Trucks\",IF(OR($H14=\"Class_8\",$N14=\"Replacement8HHD\",$AH14=\"CL7HHD\",$AJ14=\"CL7to8\"),INDEX('ER C8 FLT3'!$A$4:$J$340,MATCH($E14&$C14,'ER C8 FLT3'!$A$4:$A$340&'ER C8 FLT3'!$B$4:$B$340-4,1),8)*IF(OR($H14=\"Class_8\",$N14=\"Replacement8HHD\",$AH14=\"CL7HHD\",$AJ14=\"CL7to8\"),INDEX('ER C8 FLT3'!$A$4:$J$340,MATCH($E14&$C14,'ER C8 FLT3'!$A$4:$A$340&'ER C8 FLT3'!$B$4:$B$340-4,1),9)),IF($H14=\"Class_7\",INDEX('ER C7 FLT3'!$A$4:$J$340,MATCH($E14&$C14,'ER C7 FLT3'!$A$4:$A$340&'ER C7 FLT3'!$B$4:$B$340-4,1),8)*IF($H14=\"Class_7\",INDEX('ER C7 FLT3'!$A$4:$J$340,MATCH($E14&$C14,'ER C7 FLT3'!$A$4:$A$340&'ER C7 FLT3'!$B$4:$B$340-4,1),9)),\nIF($H14=\"Class_6\",INDEX('ER C6 FLT3'!$A$4:$J$340,MATCH($E14&$C14,'ER C6 FLT3'!$A$4:$A$340&'ER C6 FLT3'!$B$4:$B$340-4,1),8)*IF($H14=\"Class_6\",INDEX('ER C6 FLT3'!$A$4:$L$340,MATCH($E14&$C14,'ER C6 FLT3'!$A$4:$A$340&'ER C6 FLT3'!$B$4:$B$340-4,1),9))))),IF($B14=\"2 Trucks\",IF(OR($H14=\"Class_8\",$N14=\"Replacement8HHD\",$AH14=\"CL7HHD\",$AJ14=\"CL7to8\"),INDEX('ER C8 FLT2'!$A$4:$J$340,MATCH($E14&$C14,'ER C8 FLT2'!$A$4:$A$340&'ER C8 FLT2'!$B$4:$B$340-4,1),8)*IF(OR($H14=\"Class_8\",$N14=\"Replacement8HHD\",$AH14=\"CL7HHD\",$AJ14=\"CL7to8\"),INDEX('ER C8 FLT2'!$A$4:$J$340,MATCH($E14&$C14,'ER C8 FLT2'!$A$4:$A$340&'ER C8 FLT2'!$B$4:$B$340-4,1),9)),IF($H14=\"Class_7\",INDEX('ER C7 FLT2'!$A$4:$J$340,MATCH($E14&$C14,'ER C7 FLT2'!$A$4:$A$340&'ER C7 FLT2'!$B$4:$B$340-4,1),8)*IF($H14=\"Class_7\",INDEX('ER C7 FLT2'!$A$4:$J$340,MATCH($E14&$C14,'ER C7 FLT2'!$A$4:$A$340&'ER C7 FLT2'!$B$4:$B$340-4,1),9)),IF($H14=\"Class_6\",INDEX('ER C6 FLT2'!$A$4:$J$340,MATCH($E14&$C14,'ER C6 FLT2'!$A$4:$A$340&'ER C6 FLT2'!$B$4:$B$340-4,1),8)*IF($H14=\"Class_6\",INDEX('ER C6 FLT2'!$A$4:$J$340,MATCH($E14&$C14,'ER C6 FLT2'!$A$4:$A$340&'ER C6 FLT2'!$B$4:$B$340-4,1),9))))),IF($B14=\"1 Truck\",\nIF(OR($H14=\"Class_8\",$N14=\"Replacement8HHD\",$AH14=\"CL7HHD\",$AJ14=\"CL7to8\"),INDEX('ER C8 FLT1'!$A$4:$J$340,MATCH($E14&$C14,'ER C8 FLT1'!$A$4:$A$340&'ER C8 FLT1'!$B$4:$B$340-4,1),8)*IF(OR($H14=\"Class_8\",$N14=\"Replacement8HHD\",$AH14=\"CL7HHD\",$AJ14=\"CL7to8\"),INDEX('ER C8 FLT1'!$A$4:$J$340,MATCH($E14&$C14,'ER C8 FLT1'!$A$4:$A$340&'ER C8 FLT1'!$B$4:$B$340-4,1),9)),IF($H14=\"Class_7\",INDEX('ER C7 FLT1'!$A$4:$J$340,MATCH($E14&$C14,'ER C7 FLT1'!$A$4:$A$340&'ER C7 FLT1'!$B$4:$B$340-4,1),8)*IF($H14=\"Class_7\",INDEX('ER C7 FLT1'!$A$4:$J$340,MATCH($E14&$C14,'ER C7 FLT1'!$A$4:$A$340&'ER C7 FLT1'!$B$4:$B$340-4,1),9)),\nIF($H14=\"Class_6\",INDEX('ER C6 FLT1'!$A$4:$J$340,MATCH($E14&$C14,'ER C6 FLT1'!$A$4:$A$340&'ER C6 FLT1'!$B$4:$B$340-4,1),8)*IF($H14=\"Class_6\",INDEX('ER C6 FLT1'!$A$4:$J$340,MATCH($E14&$C14,'ER C6 FLT1'!$A$4:$A$340&'ER C6 FLT1'!$B$4:$B$340-4,1),9))))))))*IF($F14=\"Level 1 PM\",0.75,IF($F14=\"Level 2 PM\",0.5,IF($F14=\"Level 3 PM\",0,IF($F14=\"Level 3 PM + Mark I NOx\",0,1)))))*($Q14/453.6)","v":0},{"$f":"IF($B14=\"4+ Trucks\",IF(OR($H14=\"Class_8\",$N14=\"Replacement8HHD\",$AH14=\"CL7HHD\",$AJ14=\"CL7to8\"),INDEX('ER C8 FLT4'!$A$4:$K$340,MATCH($E14&$C14,'ER C8 FLT4'!$A$4:$A$340&'ER C8 FLT4'!$B$4:$B$340,1),8),IF($H14=\"Class_7\",INDEX('ER C7 FLT4'!$A$4:$J$340,MATCH($E14&$C14,'ER C7 FLT4'!$A$4:$A$340&'ER C7 FLT4'!$B$4:$B$340,1),8),IF($H14=\"Class_6\",INDEX('ER C6 FLT4'!$A$4:$J$340,MATCH($E14&$C14,'ER C6 FLT4'!$A$4:$A$340&'ER C6 FLT4'!$B$4:$B$340,1),8)))),\nIF($B14=\"3 Trucks\",IF(OR($H14=\"Class_8\",$N14=\"Replacement8HHD\",$AH14=\"CL7HHD\",$AJ14=\"CL7to8\"),INDEX('ER C8 FLT3'!$A$4:$J$340,MATCH($E14&$C14,'ER C8 FLT3'!$A$4:$A$340&'ER C8 FLT3'!$B$4:$B$340,1),8),IF($H14=\"Class_7\",INDEX('ER C7 FLT3'!$A$4:$J$340,MATCH($E14&$C14,'ER C7 FLT3'!$A$4:$A$340&'ER C7 FLT3'!$B$4:$B$340,1),8),IF($H14=\"Class_6\",INDEX('ER C6 FLT3'!$A$4:$J$340,MATCH($E14&$C14,'ER C6 FLT3'!$A$4:$A$340&'ER C6 FLT3'!$B$4:$B$340,1),8)))),IF($B14=\"2 Trucks\",IF(OR($H14=\"Class_8\",$N14=\"Replacement8HHD\",$AH14=\"CL7HHD\",$AJ14=\"CL7to8\"),INDEX('ER C8 FLT2'!$A$4:$J$340,MATCH($E14&$C14,'ER C8 FLT2'!$A$4:$A$340&'ER C8 FLT2'!$B$4:$B$340,1),8),IF($H14=\"Class_7\",INDEX('ER C7 FLT2'!$A$4:$J$340,MATCH($E14&$C14,'ER C7 FLT2'!$A$4:$A$340&'ER C7 FLT2'!$B$4:$B$340,1),8),IF($H14=\"Class_6\",INDEX('ER C6 FLT2'!$A$4:$J$340,MATCH($E14&$C14,'ER C6 FLT2'!$A$4:$A$340&'ER C6 FLT2'!$B$4:$B$340,1),8)))),IF($B14=\"1 Truck\",IF(OR($H14=\"Class_8\",$N14=\"Replacement8HHD\",$AH14=\"CL7HHD\",$AJ14=\"CL7to8\"),INDEX('ER C8 FLT1'!$A$4:$J$340,MATCH($E14&$C14,'ER C8 FLT1'!$A$4:$A$340&'ER C8 FLT1'!$B$4:$B$340,1),8),IF($H14=\"Class_7\",INDEX('ER C7 FLT1'!$A$4:$J$340,MATCH($E14&$C14,'ER C7 FLT1'!$A$4:$A$340&'ER C7 FLT1'!$B$4:$B$340,1),8),IF($H14=\"Class_6\",INDEX('ER C6 FLT1'!$A$4:$J$340,MATCH($E14&$C14,'ER C6 FLT1'!$A$4:$A$340&'ER C6 FLT1'!$B$4:$B$340,1),8)))))))\n)","v":false},{"$f":"IF($B14=\"4+ Trucks\",IF(OR($H14=\"Class_8\",$N14=\"Replacement8HHD\",$AH14=\"CL7HHD\",$AJ14=\"CL7to8\"),INDEX('ER C8 FLT4'!$A$4:$K$340,MATCH($E14&$C14,'ER C8 FLT4'!$A$4:$A$340&'ER C8 FLT4'!$B$4:$B$340-1,1),8),IF($H14=\"Class_7\",INDEX('ER C7 FLT4'!$A$4:$J$340,MATCH($E14&$C14,'ER C7 FLT4'!$A$4:$A$340&'ER C7 FLT4'!$B$4:$B$340-1,1),8),IF($H14=\"Class_6\",INDEX('ER C6 FLT4'!$A$4:$J$340,MATCH($E14&$C14,'ER C6 FLT4'!$A$4:$A$340&'ER C6 FLT4'!$B$4:$B$340-1,1),8)))),\nIF($B14=\"3 Trucks\",IF(OR($H14=\"Class_8\",$N14=\"Replacement8HHD\",$AH14=\"CL7HHD\",$AJ14=\"CL7to8\"),INDEX('ER C8 FLT3'!$A$4:$J$340,MATCH($E14&$C14,'ER C8 FLT3'!$A$4:$A$340&'ER C8 FLT3'!$B$4:$B$340-1,1),8),IF($H14=\"Class_7\",INDEX('ER C7 FLT3'!$A$4:$J$340,MATCH($E14&$C14,'ER C7 FLT3'!$A$4:$A$340&'ER C7 FLT3'!$B$4:$B$340-1,1),8),IF($H14=\"Class_6\",INDEX('ER C6 FLT3'!$A$4:$J$340,MATCH($E14&$C14,'ER C6 FLT3'!$A$4:$A$340&'ER C6 FLT3'!$B$4:$B$340-1,1),8)))),IF($B14=\"2 Trucks\",IF(OR($H14=\"Class_8\",$N14=\"Replacement8HHD\",$AH14=\"CL7HHD\",$AJ14=\"CL7to8\"),INDEX('ER C8 FLT2'!$A$4:$J$340,MATCH($E14&$C14,'ER C8 FLT2'!$A$4:$A$340&'ER C8 FLT2'!$B$4:$B$340-1,1),8),IF($H14=\"Class_7\",INDEX('ER C7 FLT2'!$A$4:$J$340,MATCH($E14&$C14,'ER C7 FLT2'!$A$4:$A$340&'ER C7 FLT2'!$B$4:$B$340-1,1),8),IF($H14=\"Class_6\",INDEX('ER C6 FLT2'!$A$4:$J$340,MATCH($E14&$C14,'ER C6 FLT2'!$A$4:$A$340&'ER C6 FLT2'!$B$4:$B$340-1,1),8)))),IF($B14=\"1 Truck\",IF(OR($H14=\"Class_8\",$N14=\"Replacement8HHD\",$AH14=\"CL7HHD\",$AJ14=\"CL7to8\"),INDEX('ER C8 FLT1'!$A$4:$J$340,MATCH($E14&$C14,'ER C8 FLT1'!$A$4:$A$340&'ER C8 FLT1'!$B$4:$B$340-1,1),8),IF($H14=\"Class_7\",INDEX('ER C7 FLT1'!$A$4:$J$340,MATCH($E14&$C14,'ER C7 FLT1'!$A$4:$A$340&'ER C7 FLT1'!$B$4:$B$340-1,1),8),IF($H14=\"Class_6\",INDEX('ER C6 FLT1'!$A$4:$J$340,MATCH($E14&$C14,'ER C6 FLT1'!$A$4:$A$340&'ER C6 FLT1'!$B$4:$B$340-1,1),8)))))))\n)","v":false},{"$f":"IF($B14=\"4+ Trucks\",IF(OR($H14=\"Class_8\",$N14=\"Replacement8HHD\",$AH14=\"CL7HHD\",$AJ14=\"CL7to8\"),INDEX('ER C8 FLT4'!$A$4:$K$340,MATCH($E14&$C14,'ER C8 FLT4'!$A$4:$A$340&'ER C8 FLT4'!$B$4:$B$340-2,1),8),IF($H14=\"Class_7\",INDEX('ER C7 FLT4'!$A$4:$J$340,MATCH($E14&$C14,'ER C7 FLT4'!$A$4:$A$340&'ER C7 FLT4'!$B$4:$B$340-2,1),8),IF($H14=\"Class_6\",INDEX('ER C6 FLT4'!$A$4:$J$340,MATCH($E14&$C14,'ER C6 FLT4'!$A$4:$A$340&'ER C6 FLT4'!$B$4:$B$340-2,1),8)))),\nIF($B14=\"3 Trucks\",IF(OR($H14=\"Class_8\",$N14=\"Replacement8HHD\",$AH14=\"CL7HHD\",$AJ14=\"CL7to8\"),INDEX('ER C8 FLT3'!$A$4:$J$340,MATCH($E14&$C14,'ER C8 FLT3'!$A$4:$A$340&'ER C8 FLT3'!$B$4:$B$340-2,1),8),IF($H14=\"Class_7\",INDEX('ER C7 FLT3'!$A$4:$J$340,MATCH($E14&$C14,'ER C7 FLT3'!$A$4:$A$340&'ER C7 FLT3'!$B$4:$B$340-2,1),8),IF($H14=\"Class_6\",INDEX('ER C6 FLT3'!$A$4:$J$340,MATCH($E14&$C14,'ER C6 FLT3'!$A$4:$A$340&'ER C6 FLT3'!$B$4:$B$340-2,1),8)))),IF($B14=\"2 Trucks\",IF(OR($H14=\"Class_8\",$N14=\"Replacement8HHD\",$AH14=\"CL7HHD\",$AJ14=\"CL7to8\"),INDEX('ER C8 FLT2'!$A$4:$J$340,MATCH($E14&$C14,'ER C8 FLT2'!$A$4:$A$340&'ER C8 FLT2'!$B$4:$B$340-2,1),8),IF($H14=\"Class_7\",INDEX('ER C7 FLT2'!$A$4:$J$340,MATCH($E14&$C14,'ER C7 FLT2'!$A$4:$A$340&'ER C7 FLT2'!$B$4:$B$340-2,1),8),IF($H14=\"Class_6\",INDEX('ER C6 FLT2'!$A$4:$J$340,MATCH($E14&$C14,'ER C6 FLT2'!$A$4:$A$340&'ER C6 FLT2'!$B$4:$B$340-2,1),8)))),IF($B14=\"1 Truck\",IF(OR($H14=\"Class_8\",$N14=\"Replacement8HHD\",$AH14=\"CL7HHD\",$AJ14=\"CL7to8\"),INDEX('ER C8 FLT1'!$A$4:$J$340,MATCH($E14&$C14,'ER C8 FLT1'!$A$4:$A$340&'ER C8 FLT1'!$B$4:$B$340-2,1),8),IF($H14=\"Class_7\",INDEX('ER C7 FLT1'!$A$4:$J$340,MATCH($E14&$C14,'ER C7 FLT1'!$A$4:$A$340&'ER C7 FLT1'!$B$4:$B$340-2,1),8),IF($H14=\"Class_6\",INDEX('ER C6 FLT1'!$A$4:$J$340,MATCH($E14&$C14,'ER C6 FLT1'!$A$4:$A$340&'ER C6 FLT1'!$B$4:$B$340-2,1),8)))))))\n)","v":false},{"$f":"IF($B14=\"4+ Trucks\",IF(OR($H14=\"Class_8\",$N14=\"Replacement8HHD\",$AH14=\"CL7HHD\",$AJ14=\"CL7to8\"),INDEX('ER C8 FLT4'!$A$4:$J$340,MATCH($E14&$C14,'ER C8 FLT4'!$A$4:$A$340&'ER C8 FLT4'!$B$4:$B$340-3,1),8),IF($H14=\"Class_7\",INDEX('ER C7 FLT4'!$A$4:$J$340,MATCH($E14&$C14,'ER C7 FLT4'!$A$4:$A$340&'ER C7 FLT4'!$B$4:$B$340-3,1),8),IF($H14=\"Class_6\",INDEX('ER C6 FLT4'!$A$4:$J$340,MATCH($E14&$C14,'ER C6 FLT4'!$A$4:$A$340&'ER C6 FLT4'!$B$4:$B$340-3,1),8)))),\nIF($B14=\"3 Trucks\",IF(OR($H14=\"Class_8\",$N14=\"Replacement8HHD\",$AH14=\"CL7HHD\",$AJ14=\"CL7to8\"),INDEX('ER C8 FLT3'!$A$4:$J$340,MATCH($E14&$C14,'ER C8 FLT3'!$A$4:$A$340&'ER C8 FLT3'!$B$4:$B$340-3,1),8),IF($H14=\"Class_7\",INDEX('ER C7 FLT3'!$A$4:$J$340,MATCH($E14&$C14,'ER C7 FLT3'!$A$4:$A$340&'ER C7 FLT3'!$B$4:$B$340-3,1),8),IF($H14=\"Class_6\",INDEX('ER C6 FLT3'!$A$4:$J$340,MATCH($E14&$C14,'ER C6 FLT3'!$A$4:$A$340&'ER C6 FLT3'!$B$4:$B$340-3,1),8)))),\nIF($B14=\"2 Trucks\",IF(OR($H14=\"Class_8\",$N14=\"Replacement8HHD\",$AH14=\"CL7HHD\",$AJ14=\"CL7to8\"),INDEX('ER C8 FLT2'!$A$4:$J$340,MATCH($E14&$C14,'ER C8 FLT2'!$A$4:$A$340&'ER C8 FLT2'!$B$4:$B$340-3,1),8),IF($H14=\"Class_7\",INDEX('ER C7 FLT2'!$A$4:$J$340,MATCH($E14&$C14,'ER C7 FLT2'!$A$4:$A$340&'ER C7 FLT2'!$B$4:$B$340-3,1),8),IF($H14=\"Class_6\",INDEX('ER C6 FLT2'!$A$4:$J$340,MATCH($E14&$C14,'ER C6 FLT2'!$A$4:$A$340&'ER C6 FLT2'!$B$4:$B$340-3,1),8)))),IF($B14=\"1 Truck\",IF(OR($H14=\"Class_8\",$N14=\"Replacement8HHD\",$AH14=\"CL7HHD\",$AJ14=\"CL7to8\"),INDEX('ER C8 FLT1'!$A$4:$J$340,MATCH($E14&$C14,'ER C8 FLT1'!$A$4:$A$340&'ER C8 FLT1'!$B$4:$B$340-3,1),8),IF($H14=\"Class_7\",INDEX('ER C7 FLT1'!$A$4:$J$340,MATCH($E14&$C14,'ER C7 FLT1'!$A$4:$A$340&'ER C7 FLT1'!$B$4:$B$340-3,1),8),IF($H14=\"Class_6\",INDEX('ER C6 FLT1'!$A$4:$J$340,MATCH($E14&$C14,'ER C6 FLT1'!$A$4:$A$340&'ER C6 FLT1'!$B$4:$B$340-3,1),8)))))))\n)","v":false},{"$f":"IF($B14=\"4+ Trucks\",IF(OR($H14=\"Class_8\",$N14=\"Replacement8HHD\",$AH14=\"CL7HHD\",$AJ14=\"CL7to8\"),INDEX('ER C8 FLT4'!$A$4:$J$340,MATCH($E14&$C14,'ER C8 FLT4'!$A$4:$A$340&'ER C8 FLT4'!$B$4:$B$340-4,1),8),IF($H14=\"Class_7\",INDEX('ER C7 FLT4'!$A$4:$J$340,MATCH($E14&$C14,'ER C7 FLT4'!$A$4:$A$340&'ER C7 FLT4'!$B$4:$B$340-4,1),8),IF($H14=\"Class_6\",INDEX('ER C6 FLT4'!$A$4:$J$340,MATCH($E14&$C14,'ER C6 FLT4'!$A$4:$A$340&'ER C6 FLT4'!$B$4:$B$340-4,1),8)))),\nIF($B14=\"3 Trucks\",IF(OR($H14=\"Class_8\",$N14=\"Replacement8HHD\",$AH14=\"CL7HHD\",$AJ14=\"CL7to8\"),INDEX('ER C8 FLT3'!$A$4:$J$340,MATCH($E14&$C14,'ER C8 FLT3'!$A$4:$A$340&'ER C8 FLT3'!$B$4:$B$340-4,1),8),IF($H14=\"Class_7\",INDEX('ER C7 FLT3'!$A$4:$J$340,MATCH($E14&$C14,'ER C7 FLT3'!$A$4:$A$340&'ER C7 FLT3'!$B$4:$B$340-4,1),8),IF($H14=\"Class_6\",INDEX('ER C6 FLT3'!$A$4:$J$340,MATCH($E14&$C14,'ER C6 FLT3'!$A$4:$A$340&'ER C6 FLT3'!$B$4:$B$340-4,1),8)))),\nIF($B14=\"2 Trucks\",IF(OR($H14=\"Class_8\",$N14=\"Replacement8HHD\",$AH14=\"CL7HHD\",$AJ14=\"CL7to8\"),INDEX('ER C8 FLT2'!$A$4:$J$340,MATCH($E14&$C14,'ER C8 FLT2'!$A$4:$A$340&'ER C8 FLT2'!$B$4:$B$340-4,1),8),IF($H14=\"Class_7\",INDEX('ER C7 FLT2'!$A$4:$J$340,MATCH($E14&$C14,'ER C7 FLT2'!$A$4:$A$340&'ER C7 FLT2'!$B$4:$B$340-4,1),8),IF($H14=\"Class_6\",INDEX('ER C6 FLT2'!$A$4:$J$340,MATCH($E14&$C14,'ER C6 FLT2'!$A$4:$A$340&'ER C6 FLT2'!$B$4:$B$340-4,1),8)))),IF($B14=\"1 Truck\",IF(OR($H14=\"Class_8\",$N14=\"Replacement8HHD\",$AH14=\"CL7HHD\",$AJ14=\"CL7to8\"),INDEX('ER C8 FLT1'!$A$4:$J$340,MATCH($E14&$C14,'ER C8 FLT1'!$A$4:$A$340&'ER C8 FLT1'!$B$4:$B$340-4,1),8),IF($H14=\"Class_7\",INDEX('ER C7 FLT1'!$A$4:$J$340,MATCH($E14&$C14,'ER C7 FLT1'!$A$4:$A$340&'ER C7 FLT1'!$B$4:$B$340-4,1),8),IF($H14=\"Class_6\",INDEX('ER C6 FLT1'!$A$4:$J$340,MATCH($E14&$C14,'ER C6 FLT1'!$A$4:$A$340&'ER C6 FLT1'!$B$4:$B$340-4,1),8)))))))\n)","v":false},0,0,0,0,0,{"$f":"IF(OR($R14=\"Diesel\",$R14=\"Zero Emission\",$R14=\"Hybrid\",$R14=\"Hybrid Zero-Mile\",$R14=\"Low NOx\",$R14=\"LNG/CNG\"),IF($B14=\"3 Trucks\",IF(OR($O14=\"Class_8\",$N14=\"Replacement8HHD\",$AI14=\"CL7HHD\"),INDEX('ER C8 FLT3'!$A$4:$J$340,MATCH(DropData!$J60&$C14,'ER C8 FLT3'!$A$4:$A$340&'ER C8 FLT3'!$B$4:$B$340,1),8),IF($O14=\"Class_7\",INDEX('ER C7 FLT3'!$A$4:$J$340,MATCH(DropData!$J60&$C14,'ER C7 FLT3'!$A$4:$A$340&'ER C7 FLT3'!$B$4:$B$340,1),8),IF($O14=\"Class_6\",INDEX('ER C6 FLT3'!$A$4:$J$340,MATCH(DropData!$J60&$C14,'ER C6 FLT3'!$A$4:$A$340&'ER C6 FLT3'!$B$4:$B$340,1),8)))),IF($B14=\"2 Trucks\",IF(OR($O14=\"Class_8\",$N14=\"Replacement8HHD\",$AI14=\"CL7HHD\"),INDEX('ER C8 FLT2'!$A$4:$J$340,MATCH(DropData!$J60&$C14,'ER C8 FLT2'!$A$4:$A$340&'ER C8 FLT2'!$B$4:$B$340,1),8),IF($O14=\"Class_7\",INDEX('ER C7 FLT2'!$A$4:$J$340,MATCH(DropData!$J60&$C14,'ER C7 FLT2'!$A$4:$A$340&'ER C7 FLT2'!$B$4:$B$340,1),8),IF($O14=\"Class_6\",INDEX('ER C6 FLT2'!$A$4:$J$340,MATCH(DropData!$J60&$C14,'ER C6 FLT2'!$A$4:$A$340&'ER C6 FLT2'!$B$4:$B$340,1),8)))),IF($B14=\"1 Truck\",IF(OR($O14=\"Class_8\",$N14=\"Replacement8HHD\",$AI14=\"CL7HHD\"),INDEX('ER C8 FLT1'!$A$4:$J$340,MATCH(DropData!$J60&$C14,'ER C8 FLT1'!$A$4:$A$340&'ER C8 FLT1'!$B$4:$B$340,1),8),IF($O14=\"Class_7\",INDEX('ER C7 FLT1'!$A$4:$J$340,MATCH(DropData!$J60&$C14,'ER C7 FLT1'!$A$4:$A$340&'ER C7 FLT1'!$B$4:$B$340,1),8),IF($O14=\"Class_6\",INDEX('ER C6 FLT1'!$A$4:$J$340,MATCH(DropData!$J60&$C14,'ER C6 FLT1'!$A$4:$A$340&'ER C6 FLT1'!$B$4:$B$340,1),8)))),IF($B14=\"4+ Trucks\",IF(OR($O14=\"Class_8\",$N14=\"Replacement8HHD\",$AI14=\"CL7HHD\"),INDEX('ER C8 FLT4'!$A$4:$J$340,MATCH(DropData!$J60&$C14,'ER C8 FLT4'!$A$4:$A$340&'ER C8 FLT4'!$B$4:$B$340,1),8),IF($O14=\"Class_7\",INDEX('ER C7 FLT4'!$A$4:$J$340,MATCH(DropData!$J60&$C14,'ER C7 FLT4'!$A$4:$A$340&'ER C7 FLT4'!$B$4:$B$340,1),8),IF($O14=\"Class_6\",INDEX('ER C6 FLT4'!$A$4:$J$340,MATCH(DropData!$J60&$C14,'ER C6 FLT4'!$A$4:$A$340&'ER C6 FLT4'!$B$4:$B$340,1),8)))))))))","v":false},{"$f":"IF(OR($R14=\"Diesel\",$R14=\"Zero Emission\",$R14=\"Hybrid\",$R14=\"Hybrid Zero-Mile\",$R14=\"Low NOx\",$R14=\"LNG/CNG\"),IF($B14=\"3 Trucks\",IF(OR($O14=\"Class_8\",$N14=\"Replacement8HHD\",$AI14=\"CL7HHD\"),INDEX('ER C8 FLT3'!$A$4:$J$340,MATCH(DropData!$J60&$C14,'ER C8 FLT3'!$A$4:$A$340&'ER C8 FLT3'!$B$4:$B$340-1,1),8),IF($O14=\"Class_7\",INDEX('ER C7 FLT3'!$A$4:$J$340,MATCH(DropData!$J60&$C14,'ER C7 FLT3'!$A$4:$A$340&'ER C7 FLT3'!$B$4:$B$340-1,1),8),IF($O14=\"Class_6\",INDEX('ER C6 FLT3'!$A$4:$J$340,MATCH(DropData!$J60&$C14,'ER C6 FLT3'!$A$4:$A$340&'ER C6 FLT3'!$B$4:$B$340-1,1),8)))),IF($B14=\"2 Trucks\",IF(OR($O14=\"Class_8\",$N14=\"Replacement8HHD\",$AI14=\"CL7HHD\"),INDEX('ER C8 FLT2'!$A$4:$J$340,MATCH(DropData!$J60&$C14,'ER C8 FLT2'!$A$4:$A$340&'ER C8 FLT2'!$B$4:$B$340-1,1),8),IF($O14=\"Class_7\",INDEX('ER C7 FLT2'!$A$4:$J$340,MATCH(DropData!$J60&$C14,'ER C7 FLT2'!$A$4:$A$340&'ER C7 FLT2'!$B$4:$B$340-1,1),8),IF($O14=\"Class_6\",INDEX('ER C6 FLT2'!$A$4:$J$340,MATCH(DropData!$J60&$C14,'ER C6 FLT2'!$A$4:$A$340&'ER C6 FLT2'!$B$4:$B$340-1,1),8)))),IF($B14=\"1 Truck\",IF(OR($O14=\"Class_8\",$N14=\"Replacement8HHD\",$AI14=\"CL7HHD\"),INDEX('ER C8 FLT1'!$A$4:$J$340,MATCH(DropData!$J60&$C14,'ER C8 FLT1'!$A$4:$A$340&'ER C8 FLT1'!$B$4:$B$340-1,1),8),IF($O14=\"Class_7\",INDEX('ER C7 FLT1'!$A$4:$J$340,MATCH(DropData!$J60&$C14,'ER C7 FLT1'!$A$4:$A$340&'ER C7 FLT1'!$B$4:$B$340-1,1),8),IF($O14=\"Class_6\",INDEX('ER C6 FLT1'!$A$4:$J$340,MATCH(DropData!$J60&$C14,'ER C6 FLT1'!$A$4:$A$340&'ER C6 FLT1'!$B$4:$B$340-1,1),8)))),IF($B14=\"4+ Trucks\",IF(OR($O14=\"Class_8\",$N14=\"Replacement8HHD\",$AI14=\"CL7HHD\"),INDEX('ER C8 FLT4'!$A$4:$J$340,MATCH(DropData!$J60&$C14,'ER C8 FLT4'!$A$4:$A$340&'ER C8 FLT4'!$B$4:$B$340-1,1),8),IF($O14=\"Class_7\",INDEX('ER C7 FLT4'!$A$4:$J$340,MATCH(DropData!$J60&$C14,'ER C7 FLT4'!$A$4:$A$340&'ER C7 FLT4'!$B$4:$B$340-1,1),8),IF($O14=\"Class_6\",INDEX('ER C6 FLT4'!$A$4:$J$340,MATCH(DropData!$J60&$C14,'ER C6 FLT4'!$A$4:$A$340&'ER C6 FLT4'!$B$4:$B$340-1,1),8)))))))))","v":false},{"$f":"IF(OR($R14=\"Diesel\",$R14=\"Zero Emission\",$R14=\"Hybrid\",$R14=\"Hybrid Zero-Mile\",$R14=\"Low NOx\",$R14=\"LNG/CNG\"),IF($B14=\"3 Trucks\",IF(OR($O14=\"Class_8\",$N14=\"Replacement8HHD\",$AI14=\"CL7HHD\"),INDEX('ER C8 FLT3'!$A$4:$J$340,MATCH(DropData!$J60&$C14,'ER C8 FLT3'!$A$4:$A$340&'ER C8 FLT3'!$B$4:$B$340-2,1),8),IF($O14=\"Class_7\",INDEX('ER C7 FLT3'!$A$4:$J$340,MATCH(DropData!$J60&$C14,'ER C7 FLT3'!$A$4:$A$340&'ER C7 FLT3'!$B$4:$B$340-2,1),8),IF($O14=\"Class_6\",INDEX('ER C6 FLT3'!$A$4:$J$340,MATCH(DropData!$J60&$C14,'ER C6 FLT3'!$A$4:$A$340&'ER C6 FLT3'!$B$4:$B$340-2,1),8)))),IF($B14=\"2 Trucks\",IF(OR($O14=\"Class_8\",$N14=\"Replacement8HHD\",$AI14=\"CL7HHD\"),INDEX('ER C8 FLT2'!$A$4:$J$340,MATCH(DropData!$J60&$C14,'ER C8 FLT2'!$A$4:$A$340&'ER C8 FLT2'!$B$4:$B$340-2,1),8),IF($O14=\"Class_7\",INDEX('ER C7 FLT2'!$A$4:$J$340,MATCH(DropData!$J60&$C14,'ER C7 FLT2'!$A$4:$A$340&'ER C7 FLT2'!$B$4:$B$340-2,1),8),IF($O14=\"Class_6\",INDEX('ER C6 FLT2'!$A$4:$J$340,MATCH(DropData!$J60&$C14,'ER C6 FLT2'!$A$4:$A$340&'ER C6 FLT2'!$B$4:$B$340-2,1),8)))),IF($B14=\"1 Truck\",IF(OR($O14=\"Class_8\",$N14=\"Replacement8HHD\",$AI14=\"CL7HHD\"),INDEX('ER C8 FLT1'!$A$4:$J$340,MATCH(DropData!$J60&$C14,'ER C8 FLT1'!$A$4:$A$340&'ER C8 FLT1'!$B$4:$B$340-2,1),8),IF($O14=\"Class_7\",INDEX('ER C7 FLT1'!$A$4:$J$340,MATCH(DropData!$J60&$C14,'ER C7 FLT1'!$A$4:$A$340&'ER C7 FLT1'!$B$4:$B$340-2,1),8),IF($O14=\"Class_6\",INDEX('ER C6 FLT1'!$A$4:$J$340,MATCH(DropData!$J60&$C14,'ER C6 FLT1'!$A$4:$A$340&'ER C6 FLT1'!$B$4:$B$340-2,1),8)))),IF($B14=\"4+ Trucks\",IF(OR($O14=\"Class_8\",$N14=\"Replacement8HHD\",$AI14=\"CL7HHD\"),INDEX('ER C8 FLT4'!$A$4:$J$340,MATCH(DropData!$J60&$C14,'ER C8 FLT4'!$A$4:$A$340&'ER C8 FLT4'!$B$4:$B$340-2,1),8),IF($O14=\"Class_7\",INDEX('ER C7 FLT4'!$A$4:$J$340,MATCH(DropData!$J60&$C14,'ER C7 FLT4'!$A$4:$A$340&'ER C7 FLT4'!$B$4:$B$340-2,1),8),IF($O14=\"Class_6\",INDEX('ER C6 FLT4'!$A$4:$J$340,MATCH(DropData!$J60&$C14,'ER C6 FLT4'!$A$4:$A$340&'ER C6 FLT4'!$B$4:$B$340-2,1),8)))))))))","v":false},{"$f":"IF(OR($R14=\"Diesel\",$R14=\"Zero Emission\",$R14=\"Hybrid\",$R14=\"Hybrid Zero-Mile\",$R14=\"Low NOx\",$R14=\"LNG/CNG\"),IF($B14=\"3 Trucks\",IF(OR($O14=\"Class_8\",$N14=\"Replacement8HHD\",$AI14=\"CL7HHD\"),INDEX('ER C8 FLT3'!$A$4:$J$340,MATCH(DropData!$J60&$C14,'ER C8 FLT3'!$A$4:$A$340&'ER C8 FLT3'!$B$4:$B$340-3,1),8),IF($O14=\"Class_7\",INDEX('ER C7 FLT3'!$A$4:$J$340,MATCH(DropData!$J60&$C14,'ER C7 FLT3'!$A$4:$A$340&'ER C7 FLT3'!$B$4:$B$340-3,1),8),IF($O14=\"Class_6\",INDEX('ER C6 FLT3'!$A$4:$J$340,MATCH(DropData!$J60&$C14,'ER C6 FLT3'!$A$4:$A$340&'ER C6 FLT3'!$B$4:$B$340-3,1),8)))),IF($B14=\"2 Trucks\",IF(OR($O14=\"Class_8\",$N14=\"Replacement8HHD\",$AI14=\"CL7HHD\"),INDEX('ER C8 FLT2'!$A$4:$J$340,MATCH(DropData!$J60&$C14,'ER C8 FLT2'!$A$4:$A$340&'ER C8 FLT2'!$B$4:$B$340-3,1),8),IF($O14=\"Class_7\",INDEX('ER C7 FLT2'!$A$4:$J$340,MATCH(DropData!$J60&$C14,'ER C7 FLT2'!$A$4:$A$340&'ER C7 FLT2'!$B$4:$B$340-3,1),8),IF($O14=\"Class_6\",INDEX('ER C6 FLT2'!$A$4:$J$340,MATCH(DropData!$J60&$C14,'ER C6 FLT2'!$A$4:$A$340&'ER C6 FLT2'!$B$4:$B$340-3,1),8)))),IF($B14=\"1 Truck\",IF(OR($O14=\"Class_8\",$N14=\"Replacement8HHD\",$AI14=\"CL7HHD\"),INDEX('ER C8 FLT1'!$A$4:$J$340,MATCH(DropData!$J60&$C14,'ER C8 FLT1'!$A$4:$A$340&'ER C8 FLT1'!$B$4:$B$340-3,1),8),IF($O14=\"Class_7\",INDEX('ER C7 FLT1'!$A$4:$J$340,MATCH(DropData!$J60&$C14,'ER C7 FLT1'!$A$4:$A$340&'ER C7 FLT1'!$B$4:$B$340-3,1),8),IF($O14=\"Class_6\",INDEX('ER C6 FLT1'!$A$4:$J$340,MATCH(DropData!$J60&$C14,'ER C6 FLT1'!$A$4:$A$340&'ER C6 FLT1'!$B$4:$B$340-3,1),8)))),IF($B14=\"4+ Trucks\",IF(OR($O14=\"Class_8\",$N14=\"Replacement8HHD\",$AI14=\"CL7HHD\"),INDEX('ER C8 FLT4'!$A$4:$J$340,MATCH(DropData!$J60&$C14,'ER C8 FLT4'!$A$4:$A$340&'ER C8 FLT4'!$B$4:$B$340-3,1),8),IF($O14=\"Class_7\",INDEX('ER C7 FLT4'!$A$4:$J$340,MATCH(DropData!$J60&$C14,'ER C7 FLT4'!$A$4:$A$340&'ER C7 FLT4'!$B$4:$B$340-3,1),8),IF($O14=\"Class_6\",INDEX('ER C6 FLT4'!$A$4:$J$340,MATCH(DropData!$J60&$C14,'ER C6 FLT4'!$A$4:$A$340&'ER C6 FLT4'!$B$4:$B$340-3,1),8)))))))))","v":false},{"$f":"IF(OR($R14=\"Diesel\",$R14=\"Zero Emission\",$R14=\"Hybrid\",$R14=\"Hybrid Zero-Mile\",$R14=\"Low NOx\",$R14=\"LNG/CNG\"),IF($B14=\"3 Trucks\",IF(OR($O14=\"Class_8\",$N14=\"Replacement8HHD\",$AI14=\"CL7HHD\"),INDEX('ER C8 FLT3'!$A$4:$J$340,MATCH(DropData!$J60&$C14,'ER C8 FLT3'!$A$4:$A$340&'ER C8 FLT3'!$B$4:$B$340-4,1),8),IF($O14=\"Class_7\",INDEX('ER C7 FLT3'!$A$4:$J$340,MATCH(DropData!$J60&$C14,'ER C7 FLT3'!$A$4:$A$340&'ER C7 FLT3'!$B$4:$B$340-4,1),8),IF($O14=\"Class_6\",INDEX('ER C6 FLT3'!$A$4:$J$340,MATCH(DropData!$J60&$C14,'ER C6 FLT3'!$A$4:$A$340&'ER C6 FLT3'!$B$4:$B$340-4,1),8)))),IF($B14=\"2 Trucks\",IF(OR($O14=\"Class_8\",$N14=\"Replacement8HHD\",$AI14=\"CL7HHD\"),INDEX('ER C8 FLT2'!$A$4:$J$340,MATCH(DropData!$J60&$C14,'ER C8 FLT2'!$A$4:$A$340&'ER C8 FLT2'!$B$4:$B$340-4,1),8),IF($O14=\"Class_7\",INDEX('ER C7 FLT2'!$A$4:$J$340,MATCH(DropData!$J60&$C14,'ER C7 FLT2'!$A$4:$A$340&'ER C7 FLT2'!$B$4:$B$340-4,1),8),IF($O14=\"Class_6\",INDEX('ER C6 FLT2'!$A$4:$J$340,MATCH(DropData!$J60&$C14,'ER C6 FLT2'!$A$4:$A$340&'ER C6 FLT2'!$B$4:$B$340-4,1),8)))),IF($B14=\"1 Truck\",IF(OR($O14=\"Class_8\",$N14=\"Replacement8HHD\",$AI14=\"CL7HHD\"),INDEX('ER C8 FLT1'!$A$4:$J$340,MATCH(DropData!$J60&$C14,'ER C8 FLT1'!$A$4:$A$340&'ER C8 FLT1'!$B$4:$B$340-4,1),8),IF($O14=\"Class_7\",INDEX('ER C7 FLT1'!$A$4:$J$340,MATCH(DropData!$J60&$C14,'ER C7 FLT1'!$A$4:$A$340&'ER C7 FLT1'!$B$4:$B$340-4,1),8),IF($O14=\"Class_6\",INDEX('ER C6 FLT1'!$A$4:$J$340,MATCH(DropData!$J60&$C14,'ER C6 FLT1'!$A$4:$A$340&'ER C6 FLT1'!$B$4:$B$340-4,1),8)))),IF($B14=\"4+ Trucks\",IF(OR($O14=\"Class_8\",$N14=\"Replacement8HHD\",$AI14=\"CL7HHD\"),INDEX('ER C8 FLT4'!$A$4:$J$340,MATCH(DropData!$J60&$C14,'ER C8 FLT4'!$A$4:$A$340&'ER C8 FLT4'!$B$4:$B$340-4,1),8),IF($O14=\"Class_7\",INDEX('ER C7 FLT4'!$A$4:$J$340,MATCH(DropData!$J60&$C14,'ER C7 FLT4'!$A$4:$A$340&'ER C7 FLT4'!$B$4:$B$340-4,1),8),IF($O14=\"Class_6\",INDEX('ER C6 FLT4'!$A$4:$J$340,MATCH(DropData!$J60&$C14,'ER C6 FLT4'!$A$4:$A$340&'ER C6 FLT4'!$B$4:$B$340-4,1),8)))))))))","v":false},0,{"$f":"MAX((IF($B14=\"4+ Trucks\",IF($Z14=\"Class_8\",INDEX('ER C8 FLT4'!$A$4:$J$340,MATCH($W14&$C14,'ER C8 FLT4'!$A$4:$A$340&'ER C8 FLT4'!$B$4:$B$340,1),8)*IF($Z14=\"Class_8\",INDEX('ER C8 FLT4'!$A$4:$J$340,MATCH($W14&$C14,'ER C8 FLT4'!$A$4:$A$340&'ER C8 FLT4'!$B$4:$B$340,1),9)),IF($Z14=\"Class_7\",INDEX('ER C7 FLT4'!$A$4:$J$340,MATCH($W14&$C14,'ER C7 FLT4'!$A$4:$A$340&'ER C7 FLT4'!$B$4:$B$340,1),8)*IF($Z14=\"Class_7\",INDEX('ER C7 FLT4'!$A$4:$J$340,MATCH($W14&$C14,'ER C7 FLT4'!$A$4:$A$340&'ER C7 FLT4'!$B$4:$B$340,1),9)),IF($Z14=\"Class_6\",INDEX('ER C6 FLT4'!$A$4:$J$340,MATCH($W14&$C14,'ER C6 FLT4'!$A$4:$A$340&'ER C6 FLT4'!$B$4:$B$340,1),8)*IF($Z14=\"Class_6\",INDEX('ER C6 FLT4'!$A$4:$L$340,MATCH($W14&$C14,'ER C6 FLT4'!$A$4:$A$340&'ER C6 FLT4'!$B$4:$B$340,1),9))))),\nIF($B14=\"2 Trucks\",IF($Z14=\"Class_8\",INDEX('ER C8 FLT2'!$A$4:$J$340,MATCH($W14&$C14,'ER C8 FLT2'!$A$4:$A$340&'ER C8 FLT2'!$B$4:$B$340,1),8)*IF($Z14=\"Class_8\",INDEX('ER C8 FLT2'!$A$4:$J$340,MATCH($W14&$C14,'ER C8 FLT2'!$A$4:$A$340&'ER C8 FLT2'!$B$4:$B$340,1),9)),IF($Z14=\"Class_7\",INDEX('ER C7 FLT2'!$A$4:$J$340,MATCH($W14&$C14,'ER C7 FLT2'!$A$4:$A$340&'ER C7 FLT2'!$B$4:$B$340,1),8)*IF($Z14=\"Class_7\",INDEX('ER C7 FLT2'!$A$4:$J$340,MATCH($W14&$C14,'ER C7 FLT2'!$A$4:$A$340&'ER C7 FLT2'!$B$4:$B$340,1),9)),IF($Z14=\"Class_6\",INDEX('ER C6 FLT2'!$A$4:$J$340,MATCH($W14&$C14,'ER C6 FLT2'!$A$4:$A$340&'ER C6 FLT2'!$B$4:$B$340,1),8)*IF($Z14=\"Class_6\",INDEX('ER C6 FLT2'!$A$4:$J$340,MATCH($W14&$C14,'ER C6 FLT2'!$A$4:$A$340&'ER C6 FLT2'!$B$4:$B$340,1),9))))),\nIF($B14=\"1 Truck\",IF($Z14=\"Class_8\",INDEX('ER C8 FLT1'!$A$4:$J$340,MATCH($W14&$C14,'ER C8 FLT1'!$A$4:$A$340&'ER C8 FLT1'!$B$4:$B$340,1),8)*IF($Z14=\"Class_8\",INDEX('ER C8 FLT1'!$A$4:$J$340,MATCH($W14&$C14,'ER C8 FLT1'!$A$4:$A$340&'ER C8 FLT1'!$B$4:$B$340,1),9)),IF($Z14=\"Class_7\",INDEX('ER C7 FLT1'!$A$4:$J$340,MATCH($W14&$C14,'ER C7 FLT1'!$A$4:$A$340&'ER C7 FLT1'!$B$4:$B$340,1),8)*IF($Z14=\"Class_7\",INDEX('ER C7 FLT1'!$A$4:$J$340,MATCH($W14&$C14,'ER C7 FLT1'!$A$4:$A$340&'ER C7 FLT1'!$B$4:$B$340,1),9)),IF($Z14=\"Class_6\",INDEX('ER C6 FLT1'!$A$4:$J$340,MATCH($W14&$C14,'ER C6 FLT1'!$A$4:$A$340&'ER C6 FLT1'!$B$4:$B$340,1),8)*IF($Z14=\"Class_6\",INDEX('ER C6 FLT1'!$A$4:$J$340,MATCH($W14&$C14,'ER C6 FLT1'!$A$4:$A$340&'ER C6 FLT1'!$B$4:$B$340,1),9)),\n))),IF($B14=\"3 Trucks\",IF($Z14=\"Class_8\",INDEX('ER C8 FLT3'!$A$4:$J$340,MATCH($W14&$C14,'ER C8 FLT3'!$A$4:$A$340&'ER C8 FLT3'!$B$4:$B$340,1),8)*IF($Z14=\"Class_8\",INDEX('ER C8 FLT3'!$A$4:$J$340,MATCH($W14&$C14,'ER C8 FLT3'!$A$4:$A$340&'ER C8 FLT3'!$B$4:$B$340,1),9)),IF($Z14=\"Class_7\",INDEX('ER C7 FLT3'!$A$4:$J$340,MATCH($W14&$C14,'ER C7 FLT3'!$A$4:$A$340&'ER C7 FLT3'!$B$4:$B$340,1),8)*IF($Z14=\"Class_7\",INDEX('ER C7 FLT3'!$A$4:$J$340,MATCH($W14&$C14,'ER C7 FLT3'!$A$4:$A$340&'ER C7 FLT3'!$B$4:$B$340,1),9)),IF($Z14=\"Class_6\",INDEX('ER C6 FLT3'!$A$4:$J$340,MATCH($W14&$C14,'ER C6 FLT3'!$A$4:$A$340&'ER C6 FLT3'!$B$4:$B$340,1),8)*IF($Z14=\"Class_6\",INDEX('ER C6 FLT3'!$A$4:$L$340,MATCH($W14&$C14,'ER C6 FLT3'!$A$4:$A$340&'ER C6 FLT3'!$B$4:$B$340,1),9)))))))))\n*IF($X14=\"Level 1 PM\",0.75,IF($X14=\"Level 2 PM\",0.5,IF($X14=\"Level 3 PM\",0,IF($X14=\"Level 3 PM + Mark I NOx\",0,1))))*($AC14/453.6)-IF(BF14=0,AV14,0)),0)","v":0},0,{"$f":"MAX(0,AM14-AW14)","v":0},{"$f":"MAX((IF($B14=\"4+ Trucks\",IF($Z14=\"Class_8\",INDEX('ER C8 FLT4'!$A$4:$J$340,MATCH($W14&$C14,'ER C8 FLT4'!$A$4:$A$340&'ER C8 FLT4'!$B$4:$B$340-1,1),8)*IF($Z14=\"Class_8\",INDEX('ER C8 FLT4'!$A$4:$J$340,MATCH($W14&$C14,'ER C8 FLT4'!$A$4:$A$340&'ER C8 FLT4'!$B$4:$B$340-1,1),9)),IF($Z14=\"Class_7\",INDEX('ER C7 FLT4'!$A$4:$J$340,MATCH($W14&$C14,'ER C7 FLT4'!$A$4:$A$340&'ER C7 FLT4'!$B$4:$B$340-1,1),8)*IF($Z14=\"Class_7\",INDEX('ER C7 FLT4'!$A$4:$J$340,MATCH($W14&$C14,'ER C7 FLT4'!$A$4:$A$340&'ER C7 FLT4'!$B$4:$B$340-1,1),9)),IF($Z14=\"Class_6\",INDEX('ER C6 FLT4'!$A$4:$J$340,MATCH($W14&$C14,'ER C6 FLT4'!$A$4:$A$340&'ER C6 FLT4'!$B$4:$B$340-1,1),8)*IF($Z14=\"Class_6\",INDEX('ER C6 FLT4'!$A$4:$L$340,MATCH($W14&$C14,'ER C6 FLT4'!$A$4:$A$340&'ER C6 FLT4'!$B$4:$B$340-1,1),9))))),\nIF($B14=\"2 Trucks\",IF($Z14=\"Class_8\",INDEX('ER C8 FLT2'!$A$4:$J$340,MATCH($W14&$C14,'ER C8 FLT2'!$A$4:$A$340&'ER C8 FLT2'!$B$4:$B$340-1,1),8)*IF($Z14=\"Class_8\",INDEX('ER C8 FLT2'!$A$4:$J$340,MATCH($W14&$C14,'ER C8 FLT2'!$A$4:$A$340&'ER C8 FLT2'!$B$4:$B$340-1,1),9)),IF($Z14=\"Class_7\",INDEX('ER C7 FLT2'!$A$4:$J$340,MATCH($W14&$C14,'ER C7 FLT2'!$A$4:$A$340&'ER C7 FLT2'!$B$4:$B$340-1,1),8)*IF($Z14=\"Class_7\",INDEX('ER C7 FLT2'!$A$4:$J$340,MATCH($W14&$C14,'ER C7 FLT2'!$A$4:$A$340&'ER C7 FLT2'!$B$4:$B$340-1,1),9)),IF($Z14=\"Class_6\",INDEX('ER C6 FLT2'!$A$4:$J$340,MATCH($W14&$C14,'ER C6 FLT2'!$A$4:$A$340&'ER C6 FLT2'!$B$4:$B$340-1,1),8)*IF($Z14=\"Class_6\",INDEX('ER C6 FLT2'!$A$4:$J$340,MATCH($W14&$C14,'ER C6 FLT2'!$A$4:$A$340&'ER C6 FLT2'!$B$4:$B$340-1,1),9))))),\nIF($B14=\"1 Truck\",IF($Z14=\"Class_8\",INDEX('ER C8 FLT1'!$A$4:$J$340,MATCH($W14&$C14,'ER C8 FLT1'!$A$4:$A$340&'ER C8 FLT1'!$B$4:$B$340-1,1),8)*IF($Z14=\"Class_8\",INDEX('ER C8 FLT1'!$A$4:$J$340,MATCH($W14&$C14,'ER C8 FLT1'!$A$4:$A$340&'ER C8 FLT1'!$B$4:$B$340-1,1),9)),IF($Z14=\"Class_7\",INDEX('ER C7 FLT1'!$A$4:$J$340,MATCH($W14&$C14,'ER C7 FLT1'!$A$4:$A$340&'ER C7 FLT1'!$B$4:$B$340-1,1),8)*IF($Z14=\"Class_7\",INDEX('ER C7 FLT1'!$A$4:$J$340,MATCH($W14&$C14,'ER C7 FLT1'!$A$4:$A$340&'ER C7 FLT1'!$B$4:$B$340-1,1),9)),IF($Z14=\"Class_6\",INDEX('ER C6 FLT1'!$A$4:$J$340,MATCH($W14&$C14,'ER C6 FLT1'!$A$4:$A$340&'ER C6 FLT1'!$B$4:$B$340-1,1),8)*IF($Z14=\"Class_6\",INDEX('ER C6 FLT1'!$A$4:$J$340,MATCH($W14&$C14,'ER C6 FLT1'!$A$4:$A$340&'ER C6 FLT1'!$B$4:$B$340-1,1),9))))),IF($B14=\"3 Trucks\",IF($Z14=\"Class_8\",INDEX('ER C8 FLT3'!$A$4:$J$340,MATCH($W14&$C14,'ER C8 FLT3'!$A$4:$A$340&'ER C8 FLT3'!$B$4:$B$340-1,1),8)*IF($Z14=\"Class_8\",INDEX('ER C8 FLT3'!$A$4:$J$340,MATCH($W14&$C14,'ER C8 FLT3'!$A$4:$A$340&'ER C8 FLT3'!$B$4:$B$340-1,1),9)),IF($Z14=\"Class_7\",INDEX('ER C7 FLT3'!$A$4:$J$340,MATCH($W14&$C14,'ER C7 FLT3'!$A$4:$A$340&'ER C7 FLT3'!$B$4:$B$340-1,1),8)*IF($Z14=\"Class_7\",INDEX('ER C7 FLT3'!$A$4:$J$340,MATCH($W14&$C14,'ER C7 FLT3'!$A$4:$A$340&'ER C7 FLT3'!$B$4:$B$340-1,1),9)),IF($Z14=\"Class_6\",INDEX('ER C6 FLT3'!$A$4:$J$340,MATCH($W14&$C14,'ER C6 FLT3'!$A$4:$A$340&'ER C6 FLT3'!$B$4:$B$340-1,1),8)*IF($Z14=\"Class_6\",INDEX('ER C6 FLT3'!$A$4:$L$340,MATCH($W14&$C14,'ER C6 FLT3'!$A$4:$A$340&'ER C6 FLT3'!$B$4:$B$340-1,1),9)))))))))\n*IF($X14=\"Level 1 PM\",0.75,IF($X14=\"Level 2 PM\",0.5,IF($X14=\"Level 3 PM\",0,IF($X14=\"Level 3 PM + Mark I NOx\",0,1))))*($AC14/453.6)-IF(BI14=0,AW14,0)),0)","v":0},0,0,{"$f":"MAX((IF($B14=\"4+ Trucks\",IF($Z14=\"Class_8\",INDEX('ER C8 FLT4'!$A$4:$J$340,MATCH($W14&$C14,'ER C8 FLT4'!$A$4:$A$340&'ER C8 FLT4'!$B$4:$B$340-2,1),8)*IF($Z14=\"Class_8\",INDEX('ER C8 FLT4'!$A$4:$J$340,MATCH($W14&$C14,'ER C8 FLT4'!$A$4:$A$340&'ER C8 FLT4'!$B$4:$B$340-2,1),9)),IF($Z14=\"Class_7\",INDEX('ER C7 FLT4'!$A$4:$J$340,MATCH($W14&$C14,'ER C7 FLT4'!$A$4:$A$340&'ER C7 FLT4'!$B$4:$B$340-2,1),8)*IF($Z14=\"Class_7\",INDEX('ER C7 FLT4'!$A$4:$J$340,MATCH($W14&$C14,'ER C7 FLT4'!$A$4:$A$340&'ER C7 FLT4'!$B$4:$B$340-2,1),9)),IF($Z14=\"Class_6\",INDEX('ER C6 FLT4'!$A$4:$J$340,MATCH($W14&$C14,'ER C6 FLT4'!$A$4:$A$340&'ER C6 FLT4'!$B$4:$B$340-2,1),8)*IF($Z14=\"Class_6\",INDEX('ER C6 FLT4'!$A$4:$L$340,MATCH($W14&$C14,'ER C6 FLT4'!$A$4:$A$340&'ER C6 FLT4'!$B$4:$B$340-2,1),9))))),\nIF($B14=\"2 Trucks\",IF($Z14=\"Class_8\",INDEX('ER C8 FLT2'!$A$4:$J$340,MATCH($W14&$C14,'ER C8 FLT2'!$A$4:$A$340&'ER C8 FLT2'!$B$4:$B$340-2,1),8)*IF($Z14=\"Class_8\",INDEX('ER C8 FLT2'!$A$4:$J$340,MATCH($W14&$C14,'ER C8 FLT2'!$A$4:$A$340&'ER C8 FLT2'!$B$4:$B$340-2,1),9)),IF($Z14=\"Class_7\",INDEX('ER C7 FLT2'!$A$4:$J$340,MATCH($W14&$C14,'ER C7 FLT2'!$A$4:$A$340&'ER C7 FLT2'!$B$4:$B$340-2,1),8)*IF($Z14=\"Class_7\",INDEX('ER C7 FLT2'!$A$4:$J$340,MATCH($W14&$C14,'ER C7 FLT2'!$A$4:$A$340&'ER C7 FLT2'!$B$4:$B$340-2,1),9)),IF($Z14=\"Class_6\",INDEX('ER C6 FLT2'!$A$4:$J$340,MATCH($W14&$C14,'ER C6 FLT2'!$A$4:$A$340&'ER C6 FLT2'!$B$4:$B$340-2,1),8)*IF($Z14=\"Class_6\",INDEX('ER C6 FLT2'!$A$4:$J$340,MATCH($W14&$C14,'ER C6 FLT2'!$A$4:$A$340&'ER C6 FLT2'!$B$4:$B$340-2,1),9))))),\nIF($B14=\"1 Truck\",IF($Z14=\"Class_8\",INDEX('ER C8 FLT1'!$A$4:$J$340,MATCH($W14&$C14,'ER C8 FLT1'!$A$4:$A$340&'ER C8 FLT1'!$B$4:$B$340-2,1),8)*IF($Z14=\"Class_8\",INDEX('ER C8 FLT1'!$A$4:$J$340,MATCH($W14&$C14,'ER C8 FLT1'!$A$4:$A$340&'ER C8 FLT1'!$B$4:$B$340-2,1),9)),IF($Z14=\"Class_7\",INDEX('ER C7 FLT1'!$A$4:$J$340,MATCH($W14&$C14,'ER C7 FLT1'!$A$4:$A$340&'ER C7 FLT1'!$B$4:$B$340-2,1),8)*IF($Z14=\"Class_7\",INDEX('ER C7 FLT1'!$A$4:$J$340,MATCH($W14&$C14,'ER C7 FLT1'!$A$4:$A$340&'ER C7 FLT1'!$B$4:$B$340-2,1),9)),IF($Z14=\"Class_6\",INDEX('ER C6 FLT1'!$A$4:$J$340,MATCH($W14&$C14,'ER C6 FLT1'!$A$4:$A$340&'ER C6 FLT1'!$B$4:$B$340-2,1),8)*IF($Z14=\"Class_6\",INDEX('ER C6 FLT1'!$A$4:$J$340,MATCH($W14&$C14,'ER C6 FLT1'!$A$4:$A$340&'ER C6 FLT1'!$B$4:$B$340-2,1),9))))),IF($B14=\"3 Trucks\",IF($Z14=\"Class_8\",INDEX('ER C8 FLT3'!$A$4:$J$340,MATCH($W14&$C14,'ER C8 FLT3'!$A$4:$A$340&'ER C8 FLT3'!$B$4:$B$340-2,1),8)*IF($Z14=\"Class_8\",INDEX('ER C8 FLT3'!$A$4:$J$340,MATCH($W14&$C14,'ER C8 FLT3'!$A$4:$A$340&'ER C8 FLT3'!$B$4:$B$340-2,1),9)),IF($Z14=\"Class_7\",INDEX('ER C7 FLT3'!$A$4:$J$340,MATCH($W14&$C14,'ER C7 FLT3'!$A$4:$A$340&'ER C7 FLT3'!$B$4:$B$340-2,1),8)*IF($Z14=\"Class_7\",INDEX('ER C7 FLT3'!$A$4:$J$340,MATCH($W14&$C14,'ER C7 FLT3'!$A$4:$A$340&'ER C7 FLT3'!$B$4:$B$340-2,1),9)),IF($Z14=\"Class_6\",INDEX('ER C6 FLT1'!$A$4:$J$340,MATCH($W14&$C14,'ER C6 FLT1'!$A$4:$A$340&'ER C6 FLT1'!$B$4:$B$340-2,1),8)*IF($Z14=\"Class_6\",INDEX('ER C6 FLT1'!$A$4:$J$340,MATCH($W14&$C14,'ER C6 FLT1'!$A$4:$A$340&'ER C6 FLT1'!$B$4:$B$340-2,1),9)))))))))*IF($X14=\"Level 1 PM\",0.75,IF($X14=\"Level 2 PM\",0.5,IF($X14=\"Level 3 PM\",0,IF($X14=\"Level 3 PM + Mark I NOx\",0,1))))*($AC14/453.6)-IF(BL14=0,AX14,0)),0)","v":0},0,0,{"$f":"MAX((IF($B14=\"4+ Trucks\",IF($Z14=\"Class_8\",INDEX('ER C8 FLT4'!$A$4:$J$340,MATCH($W14&$C14,'ER C8 FLT4'!$A$4:$A$340&'ER C8 FLT4'!$B$4:$B$340-3,1),8)*IF($Z14=\"Class_8\",INDEX('ER C8 FLT4'!$A$4:$J$340,MATCH($W14&$C14,'ER C8 FLT4'!$A$4:$A$340&'ER C8 FLT4'!$B$4:$B$340-3,1),9)),IF($Z14=\"Class_7\",INDEX('ER C7 FLT4'!$A$4:$J$340,MATCH($W14&$C14,'ER C7 FLT4'!$A$4:$A$340&'ER C7 FLT4'!$B$4:$B$340-3,1),8)*IF($Z14=\"Class_7\",INDEX('ER C7 FLT4'!$A$4:$J$340,MATCH($W14&$C14,'ER C7 FLT4'!$A$4:$A$340&'ER C7 FLT4'!$B$4:$B$340-3,1),9)),IF($Z14=\"Class_6\",INDEX('ER C6 FLT4'!$A$4:$J$340,MATCH($W14&$C14,'ER C6 FLT4'!$A$4:$A$340&'ER C6 FLT4'!$B$4:$B$340-3,1),8)*IF($Z14=\"Class_6\",INDEX('ER C6 FLT4'!$A$4:$L$340,MATCH($W14&$C14,'ER C6 FLT4'!$A$4:$A$340&'ER C6 FLT4'!$B$4:$B$340-3,1),9))))),\nIF($B14=\"2 Trucks\",IF($Z14=\"Class_8\",INDEX('ER C8 FLT2'!$A$4:$J$340,MATCH($W14&$C14,'ER C8 FLT2'!$A$4:$A$340&'ER C8 FLT2'!$B$4:$B$340-3,1),8)*IF($Z14=\"Class_8\",INDEX('ER C8 FLT2'!$A$4:$J$340,MATCH($W14&$C14,'ER C8 FLT2'!$A$4:$A$340&'ER C8 FLT2'!$B$4:$B$340-3,1),9)),IF($Z14=\"Class_7\",INDEX('ER C7 FLT2'!$A$4:$J$340,MATCH($W14&$C14,'ER C7 FLT2'!$A$4:$A$340&'ER C7 FLT2'!$B$4:$B$340-3,1),8)*IF($Z14=\"Class_7\",INDEX('ER C7 FLT2'!$A$4:$J$340,MATCH($W14&$C14,'ER C7 FLT2'!$A$4:$A$340&'ER C7 FLT2'!$B$4:$B$340-3,1),9)),IF($Z14=\"Class_6\",INDEX('ER C6 FLT2'!$A$4:$J$340,MATCH($W14&$C14,'ER C6 FLT2'!$A$4:$A$340&'ER C6 FLT2'!$B$4:$B$340-3,1),8)*IF($Z14=\"Class_6\",INDEX('ER C6 FLT2'!$A$4:$J$340,MATCH($W14&$C14,'ER C6 FLT2'!$A$4:$A$340&'ER C6 FLT2'!$B$4:$B$340-3,1),9))))),\nIF($B14=\"1 Truck\",IF($Z14=\"Class_8\",INDEX('ER C8 FLT1'!$A$4:$J$340,MATCH($W14&$C14,'ER C8 FLT1'!$A$4:$A$340&'ER C8 FLT1'!$B$4:$B$340-3,1),8)*IF($Z14=\"Class_8\",INDEX('ER C8 FLT1'!$A$4:$J$340,MATCH($W14&$C14,'ER C8 FLT1'!$A$4:$A$340&'ER C8 FLT1'!$B$4:$B$340-3,1),9)),IF($Z14=\"Class_7\",INDEX('ER C7 FLT1'!$A$4:$J$340,MATCH($W14&$C14,'ER C7 FLT1'!$A$4:$A$340&'ER C7 FLT1'!$B$4:$B$340-3,1),8)*IF($Z14=\"Class_7\",INDEX('ER C7 FLT1'!$A$4:$J$340,MATCH($W14&$C14,'ER C7 FLT1'!$A$4:$A$340&'ER C7 FLT1'!$B$4:$B$340-3,1),9)),IF($Z14=\"Class_6\",INDEX('ER C6 FLT1'!$A$4:$J$340,MATCH($W14&$C14,'ER C6 FLT1'!$A$4:$A$340&'ER C6 FLT1'!$B$4:$B$340-3,1),8)*IF($Z14=\"Class_6\",INDEX('ER C6 FLT1'!$A$4:$J$340,MATCH($W14&$C14,'ER C6 FLT1'!$A$4:$A$340&'ER C6 FLT1'!$B$4:$B$340-3,1),9))))),IF($B14=\"3 Trucks\",IF($Z14=\"Class_8\",INDEX('ER C8 FLT3'!$A$4:$J$340,MATCH($W14&$C14,'ER C8 FLT3'!$A$4:$A$340&'ER C8 FLT3'!$B$4:$B$340-3,1),8)*IF($Z14=\"Class_8\",INDEX('ER C8 FLT3'!$A$4:$J$340,MATCH($W14&$C14,'ER C8 FLT3'!$A$4:$A$340&'ER C8 FLT3'!$B$4:$B$340-3,1),9)),IF($Z14=\"Class_7\",INDEX('ER C7 FLT3'!$A$4:$J$340,MATCH($W14&$C14,'ER C7 FLT3'!$A$4:$A$340&'ER C7 FLT3'!$B$4:$B$340-3,1),8)*IF($Z14=\"Class_7\",INDEX('ER C7 FLT3'!$A$4:$J$340,MATCH($W14&$C14,'ER C7 FLT3'!$A$4:$A$340&'ER C7 FLT3'!$B$4:$B$340-3,1),9)),IF($Z14=\"Class_6\",INDEX('ER C6 FLT3'!$A$4:$J$340,MATCH($W14&$C14,'ER C6 FLT3'!$A$4:$A$340&'ER C6 FLT3'!$B$4:$B$340-3,1),8)*IF($Z14=\"Class_6\",INDEX('ER C6 FLT3'!$A$4:$L$340,MATCH($W14&$C14,'ER C6 FLT3'!$A$4:$A$340&'ER C6 FLT3'!$B$4:$B$340-3,1),9)))))))))\n*IF($X14=\"Level 1 PM\",0.75,IF($X14=\"Level 2 PM\",0.5,IF($X14=\"Level 3 PM\",0,IF($X14=\"Level 3 PM + Mark I NOx\",0,1))))*($AC14/453.6)-IF(BO14=0,AY14,0)),0)","v":0},0,0,{"$f":"MAX((IF($B14=\"4+ Trucks\",IF($Z14=\"Class_8\",INDEX('ER C8 FLT4'!$A$4:$J$340,MATCH($W14&$C14,'ER C8 FLT4'!$A$4:$A$340&'ER C8 FLT4'!$B$4:$B$340-4,1),8)*IF($Z14=\"Class_8\",INDEX('ER C8 FLT4'!$A$4:$J$340,MATCH($W14&$C14,'ER C8 FLT4'!$A$4:$A$340&'ER C8 FLT4'!$B$4:$B$340-4,1),9)),IF($Z14=\"Class_7\",INDEX('ER C7 FLT4'!$A$4:$J$340,MATCH($W14&$C14,'ER C7 FLT4'!$A$4:$A$340&'ER C7 FLT4'!$B$4:$B$340-4,1),8)*IF($Z14=\"Class_7\",INDEX('ER C7 FLT4'!$A$4:$J$340,MATCH($W14&$C14,'ER C7 FLT4'!$A$4:$A$340&'ER C7 FLT4'!$B$4:$B$340-4,1),9)),IF($Z14=\"Class_6\",INDEX('ER C6 FLT4'!$A$4:$J$340,MATCH($W14&$C14,'ER C6 FLT4'!$A$4:$A$340&'ER C6 FLT4'!$B$4:$B$340-4,1),8)*IF($Z14=\"Class_6\",INDEX('ER C6 FLT4'!$A$4:$L$340,MATCH($W14&$C14,'ER C6 FLT4'!$A$4:$A$340&'ER C6 FLT4'!$B$4:$B$340-4,1),9))))),\nIF($B14=\"2 Trucks\",IF($Z14=\"Class_8\",INDEX('ER C8 FLT2'!$A$4:$J$340,MATCH($W14&$C14,'ER C8 FLT2'!$A$4:$A$340&'ER C8 FLT2'!$B$4:$B$340-4,1),8)*IF($Z14=\"Class_8\",INDEX('ER C8 FLT2'!$A$4:$J$340,MATCH($W14&$C14,'ER C8 FLT2'!$A$4:$A$340&'ER C8 FLT2'!$B$4:$B$340-4,1),9)),IF($Z14=\"Class_7\",INDEX('ER C7 FLT2'!$A$4:$J$340,MATCH($W14&$C14,'ER C7 FLT2'!$A$4:$A$340&'ER C7 FLT2'!$B$4:$B$340-4,1),8)*IF($Z14=\"Class_7\",INDEX('ER C7 FLT2'!$A$4:$J$340,MATCH($W14&$C14,'ER C7 FLT2'!$A$4:$A$340&'ER C7 FLT2'!$B$4:$B$340-4,1),9)),IF($Z14=\"Class_6\",INDEX('ER C6 FLT2'!$A$4:$J$340,MATCH($W14&$C14,'ER C6 FLT2'!$A$4:$A$340&'ER C6 FLT2'!$B$4:$B$340-4,1),8)*IF($Z14=\"Class_6\",INDEX('ER C6 FLT2'!$A$4:$J$340,MATCH($W14&$C14,'ER C6 FLT2'!$A$4:$A$340&'ER C6 FLT2'!$B$4:$B$340-4,1),9))))),\nIF($B14=\"1 Truck\",IF($Z14=\"Class_8\",INDEX('ER C8 FLT1'!$A$4:$J$340,MATCH($W14&$C14,'ER C8 FLT1'!$A$4:$A$340&'ER C8 FLT1'!$B$4:$B$340-4,1),8)*IF($Z14=\"Class_8\",INDEX('ER C8 FLT1'!$A$4:$J$340,MATCH($W14&$C14,'ER C8 FLT1'!$A$4:$A$340&'ER C8 FLT1'!$B$4:$B$340-4,1),9)),IF($Z14=\"Class_7\",INDEX('ER C7 FLT1'!$A$4:$J$340,MATCH($W14&$C14,'ER C7 FLT1'!$A$4:$A$340&'ER C7 FLT1'!$B$4:$B$340-4,1),8)*IF($Z14=\"Class_7\",INDEX('ER C7 FLT1'!$A$4:$J$340,MATCH($W14&$C14,'ER C7 FLT1'!$A$4:$A$340&'ER C7 FLT1'!$B$4:$B$340-4,1),9)),IF($Z14=\"Class_6\",INDEX('ER C6 FLT1'!$A$4:$J$340,MATCH($W14&$C14,'ER C6 FLT1'!$A$4:$A$340&'ER C6 FLT1'!$B$4:$B$340-4,1),8)*IF($Z14=\"Class_6\",INDEX('ER C6 FLT1'!$A$4:$J$340,MATCH($W14&$C14,'ER C6 FLT1'!$A$4:$A$340&'ER C6 FLT1'!$B$4:$B$340-4,1),9))))),IF($B14=\"3 Trucks\",IF($Z14=\"Class_8\",INDEX('ER C8 FLT3'!$A$4:$J$340,MATCH($W14&$C14,'ER C8 FLT3'!$A$4:$A$340&'ER C8 FLT3'!$B$4:$B$340-4,1),8)*IF($Z14=\"Class_8\",INDEX('ER C8 FLT3'!$A$4:$J$340,MATCH($W14&$C14,'ER C8 FLT3'!$A$4:$A$340&'ER C8 FLT3'!$B$4:$B$340-4,1),9)),IF($Z14=\"Class_7\",INDEX('ER C7 FLT3'!$A$4:$J$340,MATCH($W14&$C14,'ER C7 FLT3'!$A$4:$A$340&'ER C7 FLT3'!$B$4:$B$340-4,1),8)*IF($Z14=\"Class_7\",INDEX('ER C7 FLT3'!$A$4:$J$340,MATCH($W14&$C14,'ER C7 FLT3'!$A$4:$A$340&'ER C7 FLT3'!$B$4:$B$340-4,1),9)),IF($Z14=\"Class_6\",INDEX('ER C6 FLT3'!$A$4:$J$340,MATCH($W14&$C14,'ER C6 FLT3'!$A$4:$A$340&'ER C6 FLT3'!$B$4:$B$340-4,1),8)*IF($Z14=\"Class_6\",INDEX('ER C6 FLT3'!$A$4:$L$340,MATCH($W14&$C14,'ER C6 FLT3'!$A$4:$A$340&'ER C6 FLT3'!$B$4:$B$340-4,1),9)))))))))\n*IF($X14=\"Level 1 PM\",0.75,IF($X14=\"Level 2 PM\",0.5,IF($X14=\"Level 3 PM\",0,IF($X14=\"Level 3 PM + Mark I NOx\",0,1))))*($AC14/453.6)-IF(BR14=0,AZ14,0)),0)","v":0},{"$f":"MAX(0,BR14+BS14)","v":0},{"$f":"(MAX(0,BH14+BK14+BN14+BQ14+BT14))","v":0},{"$f":"IF($B14=\"4+ Trucks\",IF(OR($H14=\"Class_8\",$N14=\"Replacement8HHD\",$AH14=\"CL7HHD\",$AJ14=\"CL7to8\"),INDEX('ER C8 FLT4'!$A$4:$J$340,MATCH($E14&$C14,'ER C8 FLT4'!$A$4:$A$340&'ER C8 FLT4'!$B$4:$B$340,1),5)*IF(OR($H14=\"Class_8\",$N14=\"Replacement8HHD\",$AH14=\"CL7HHD\",$AJ14=\"CL7to8\"),INDEX('ER C8 FLT4'!$A$4:$J$340,MATCH($E14&$C14,'ER C8 FLT4'!$A$4:$A$340&'ER C8 FLT4'!$B$4:$B$340,1),7)),IF($H14=\"Class_7\",INDEX('ER C7 FLT4'!$A$4:$J$340,MATCH($E14&$C14,'ER C7 FLT4'!$A$4:$A$340&'ER C7 FLT4'!$B$4:$B$340,1),5)*IF($H14=\"Class_7\",INDEX('ER C7 FLT4'!$A$4:$J$340,MATCH($E14&$C14,'ER C7 FLT4'!$A$4:$A$340&'ER C7 FLT4'!$B$4:$B$340,1),7)),\nIF($H14=\"Class_6\",INDEX('ER C6 FLT4'!$A$4:$J$340,MATCH($E14&$C14,'ER C6 FLT4'!$A$4:$A$340&'ER C6 FLT4'!$B$4:$B$340,1),5)*IF($H14=\"Class_6\",INDEX('ER C6 FLT4'!$A$4:$L$340,MATCH($E14&$C14,'ER C6 FLT4'!$A$4:$A$340&'ER C6 FLT4'!$B$4:$B$340,1),7))))),\nIF($B14=\"3 Trucks\",IF(OR($H14=\"Class_8\",$N14=\"Replacement8HHD\",$AH14=\"CL7HHD\",$AJ14=\"CL7to8\"),INDEX('ER C8 FLT3'!$A$4:$J$340,MATCH($E14&$C14,'ER C8 FLT3'!$A$4:$A$340&'ER C8 FLT3'!$B$4:$B$340,1),5)*IF(OR($H14=\"Class_8\",$N14=\"Replacement8HHD\",$AH14=\"CL7HHD\",$AJ14=\"CL7to8\"),INDEX('ER C8 FLT3'!$A$4:$J$340,MATCH($E14&$C14,'ER C8 FLT3'!$A$4:$A$340&'ER C8 FLT3'!$B$4:$B$340,1),7)),IF($H14=\"Class_7\",INDEX('ER C7 FLT3'!$A$4:$J$340,MATCH($E14&$C14,'ER C7 FLT3'!$A$4:$A$340&'ER C7 FLT3'!$B$4:$B$340,1),5)*IF($H14=\"Class_7\",INDEX('ER C7 FLT3'!$A$4:$J$340,MATCH($E14&$C14,'ER C7 FLT3'!$A$4:$A$340&'ER C7 FLT3'!$B$4:$B$340,1),7)),\nIF($H14=\"Class_6\",INDEX('ER C6 FLT3'!$A$4:$J$340,MATCH($E14&$C14,'ER C6 FLT3'!$A$4:$A$340&'ER C6 FLT3'!$B$4:$B$340,1),5)*IF($H14=\"Class_6\",INDEX('ER C6 FLT3'!$A$4:$L$340,MATCH($E14&$C14,'ER C6 FLT3'!$A$4:$A$340&'ER C6 FLT3'!$B$4:$B$340,1),7))))),\nIF($B14=\"2 Trucks\",IF(OR($H14=\"Class_8\",$N14=\"Replacement8HHD\",$AH14=\"CL7HHD\",$AJ14=\"CL7to8\"),INDEX('ER C8 FLT2'!$A$4:$J$340,MATCH($E14&$C14,'ER C8 FLT2'!$A$4:$A$340&'ER C8 FLT2'!$B$4:$B$340,1),5)*IF(OR($H14=\"Class_8\",$N14=\"Replacement8HHD\",$AH14=\"CL7HHD\",$AJ14=\"CL7to8\"),INDEX('ER C8 FLT2'!$A$4:$J$340,MATCH($E14&$C14,'ER C8 FLT2'!$A$4:$A$340&'ER C8 FLT2'!$B$4:$B$340,1),7)),IF($H14=\"Class_7\",INDEX('ER C7 FLT2'!$A$4:$J$340,MATCH($E14&$C14,'ER C7 FLT2'!$A$4:$A$340&'ER C7 FLT2'!$B$4:$B$340,1),5)*IF($H14=\"Class_7\",INDEX('ER C7 FLT2'!$A$4:$J$340,MATCH($E14&$C14,'ER C7 FLT2'!$A$4:$A$340&'ER C7 FLT2'!$B$4:$B$340,1),7)),IF($H14=\"Class_6\",INDEX('ER C6 FLT2'!$A$4:$J$340,MATCH($E14&$C14,'ER C6 FLT2'!$A$4:$A$340&'ER C6 FLT2'!$B$4:$B$340,1),5)*IF($H14=\"Class_6\",INDEX('ER C6 FLT2'!$A$4:$J$340,MATCH($E14&$C14,'ER C6 FLT2'!$A$4:$A$340&'ER C6 FLT2'!$B$4:$B$340,1),7))))),IF($B14=\"1 Truck\",\nIF(OR($H14=\"Class_8\",$N14=\"Replacement8HHD\",$AH14=\"CL7HHD\",$AJ14=\"CL7to8\"),INDEX('ER C8 FLT1'!$A$4:$J$340,MATCH($E14&$C14,'ER C8 FLT1'!$A$4:$A$340&'ER C8 FLT1'!$B$4:$B$340,1),5)*IF(OR($H14=\"Class_8\",$N14=\"Replacement8HHD\",$AH14=\"CL7HHD\",$AJ14=\"CL7to8\"),INDEX('ER C8 FLT1'!$A$4:$J$340,MATCH($E14&$C14,'ER C8 FLT1'!$A$4:$A$340&'ER C8 FLT1'!$B$4:$B$340,1),7)),IF($H14=\"Class_7\",INDEX('ER C7 FLT1'!$A$4:$J$340,MATCH($E14&$C14,'ER C7 FLT1'!$A$4:$A$340&'ER C7 FLT1'!$B$4:$B$340,1),5)*IF($H14=\"Class_7\",INDEX('ER C7 FLT1'!$A$4:$J$340,MATCH($E14&$C14,'ER C7 FLT1'!$A$4:$A$340&'ER C7 FLT1'!$B$4:$B$340,1),7)),\nIF($H14=\"Class_6\",INDEX('ER C6 FLT1'!$A$4:$J$340,MATCH($E14&$C14,'ER C6 FLT1'!$A$4:$A$340&'ER C6 FLT1'!$B$4:$B$340,1),5)*IF($H14=\"Class_6\",INDEX('ER C6 FLT1'!$A$4:$J$340,MATCH($E14&$C14,'ER C6 FLT1'!$A$4:$A$340&'ER C6 FLT1'!$B$4:$B$340,1),7))))))))*IF($F14=\"Level 1 PM + Mark I NOx\",0.75,1))*($Q14/453.6)","v":0},{"$f":"IF($B14=\"4+ Trucks\",IF(OR($H14=\"Class_8\",$N14=\"Replacement8HHD\",$AH14=\"CL7HHD\",$AJ14=\"CL7to8\"),INDEX('ER C8 FLT4'!$A$4:$J$340,MATCH($E14&$C14,'ER C8 FLT4'!$A$4:$A$340&'ER C8 FLT4'!$B$4:$B$340-1,1),5)*IF(OR($H14=\"Class_8\",$N14=\"Replacement8HHD\",$AH14=\"CL7HHD\",$AJ14=\"CL7to8\"),INDEX('ER C8 FLT4'!$A$4:$J$340,MATCH($E14&$C14,'ER C8 FLT4'!$A$4:$A$340&'ER C8 FLT4'!$B$4:$B$340-1,1),7)),IF($H14=\"Class_7\",INDEX('ER C7 FLT4'!$A$4:$J$340,MATCH($E14&$C14,'ER C7 FLT4'!$A$4:$A$340&'ER C7 FLT4'!$B$4:$B$340-1,1),5)*IF($H14=\"Class_7\",INDEX('ER C7 FLT4'!$A$4:$J$340,MATCH($E14&$C14,'ER C7 FLT4'!$A$4:$A$340&'ER C7 FLT4'!$B$4:$B$340-1,1),7)),\nIF($H14=\"Class_6\",INDEX('ER C6 FLT4'!$A$4:$J$340,MATCH($E14&$C14,'ER C6 FLT4'!$A$4:$A$340&'ER C6 FLT4'!$B$4:$B$340-1,1),5)*IF($H14=\"Class_6\",INDEX('ER C6 FLT4'!$A$4:$L$340,MATCH($E14&$C14,'ER C6 FLT4'!$A$4:$A$340&'ER C6 FLT4'!$B$4:$B$340-1,1),7))))),IF($B14=\"3 Trucks\",IF(OR($H14=\"Class_8\",$N14=\"Replacement8HHD\",$AH14=\"CL7HHD\",$AJ14=\"CL7to8\"),INDEX('ER C8 FLT3'!$A$4:$J$340,MATCH($E14&$C14,'ER C8 FLT3'!$A$4:$A$340&'ER C8 FLT3'!$B$4:$B$340-1,1),5)*IF(OR($H14=\"Class_8\",$N14=\"Replacement8HHD\",$AH14=\"CL7HHD\",$AJ14=\"CL7to8\"),INDEX('ER C8 FLT3'!$A$4:$J$340,MATCH($E14&$C14,'ER C8 FLT3'!$A$4:$A$340&'ER C8 FLT3'!$B$4:$B$340-1,1),7)),IF($H14=\"Class_7\",INDEX('ER C7 FLT3'!$A$4:$J$340,MATCH($E14&$C14,'ER C7 FLT3'!$A$4:$A$340&'ER C7 FLT3'!$B$4:$B$340-1,1),5)*IF($H14=\"Class_7\",INDEX('ER C7 FLT3'!$A$4:$J$340,MATCH($E14&$C14,'ER C7 FLT3'!$A$4:$A$340&'ER C7 FLT3'!$B$4:$B$340-1,1),7)),\nIF($H14=\"Class_6\",INDEX('ER C6 FLT3'!$A$4:$J$340,MATCH($E14&$C14,'ER C6 FLT3'!$A$4:$A$340&'ER C6 FLT3'!$B$4:$B$340-1,1),5)*IF($H14=\"Class_6\",INDEX('ER C6 FLT3'!$A$4:$L$340,MATCH($E14&$C14,'ER C6 FLT3'!$A$4:$A$340&'ER C6 FLT3'!$B$4:$B$340-1,1),7))))),IF($B14=\"2 Trucks\",IF(OR($H14=\"Class_8\",$N14=\"Replacement8HHD\",$AH14=\"CL7HHD\",$AJ14=\"CL7to8\"),INDEX('ER C8 FLT2'!$A$4:$J$340,MATCH($E14&$C14,'ER C8 FLT2'!$A$4:$A$340&'ER C8 FLT2'!$B$4:$B$340-1,1),5)*IF(OR($H14=\"Class_8\",$N14=\"Replacement8HHD\",$AH14=\"CL7HHD\",$AJ14=\"CL7to8\"),INDEX('ER C8 FLT2'!$A$4:$J$340,MATCH($E14&$C14,'ER C8 FLT2'!$A$4:$A$340&'ER C8 FLT2'!$B$4:$B$340-1,1),7)),IF($H14=\"Class_7\",INDEX('ER C7 FLT2'!$A$4:$J$340,MATCH($E14&$C14,'ER C7 FLT2'!$A$4:$A$340&'ER C7 FLT2'!$B$4:$B$340-1,1),5)*IF($H14=\"Class_7\",INDEX('ER C7 FLT2'!$A$4:$J$340,MATCH($E14&$C14,'ER C7 FLT2'!$A$4:$A$340&'ER C7 FLT2'!$B$4:$B$340-1,1),7)),IF($H14=\"Class_6\",INDEX('ER C6 FLT2'!$A$4:$J$340,MATCH($E14&$C14,'ER C6 FLT2'!$A$4:$A$340&'ER C6 FLT2'!$B$4:$B$340-1,1),5)*IF($H14=\"Class_6\",INDEX('ER C6 FLT2'!$A$4:$J$340,MATCH($E14&$C14,'ER C6 FLT2'!$A$4:$A$340&'ER C6 FLT2'!$B$4:$B$340-1,1),7))))),IF($B14=\"1 Truck\",\nIF(OR($H14=\"Class_8\",$N14=\"Replacement8HHD\",$AH14=\"CL7HHD\",$AJ14=\"CL7to8\"),INDEX('ER C8 FLT1'!$A$4:$J$340,MATCH($E14&$C14,'ER C8 FLT1'!$A$4:$A$340&'ER C8 FLT1'!$B$4:$B$340-1,1),5)*IF(OR($H14=\"Class_8\",$N14=\"Replacement8HHD\",$AH14=\"CL7HHD\",$AJ14=\"CL7to8\"),INDEX('ER C8 FLT1'!$A$4:$J$340,MATCH($E14&$C14,'ER C8 FLT1'!$A$4:$A$340&'ER C8 FLT1'!$B$4:$B$340-1,1),7)),IF($H14=\"Class_7\",INDEX('ER C7 FLT1'!$A$4:$J$340,MATCH($E14&$C14,'ER C7 FLT1'!$A$4:$A$340&'ER C7 FLT1'!$B$4:$B$340-1,1),5)*IF($H14=\"Class_7\",INDEX('ER C7 FLT1'!$A$4:$J$340,MATCH($E14&$C14,'ER C7 FLT1'!$A$4:$A$340&'ER C7 FLT1'!$B$4:$B$340-1,1),7)),\nIF($H14=\"Class_6\",INDEX('ER C6 FLT1'!$A$4:$J$340,MATCH($E14&$C14,'ER C6 FLT1'!$A$4:$A$340&'ER C6 FLT1'!$B$4:$B$340-1,1),5)*IF($H14=\"Class_6\",INDEX('ER C6 FLT1'!$A$4:$J$340,MATCH($E14&$C14,'ER C6 FLT1'!$A$4:$A$340&'ER C6 FLT1'!$B$4:$B$340-1,1),7))))))))*IF($F14=\"Level 1 PM + Mark I NOx\",0.75,1))*($Q14/453.6)","v":0},{"$f":"IF($B14=\"4+ Trucks\",IF(OR($H14=\"Class_8\",$N14=\"Replacement8HHD\",$AH14=\"CL7HHD\",$AJ14=\"CL7to8\"),INDEX('ER C8 FLT4'!$A$4:$J$340,MATCH($E14&$C14,'ER C8 FLT4'!$A$4:$A$340&'ER C8 FLT4'!$B$4:$B$340-2,1),5)*IF(OR($H14=\"Class_8\",$N14=\"Replacement8HHD\",$AH14=\"CL7HHD\",$AJ14=\"CL7to8\"),INDEX('ER C8 FLT4'!$A$4:$J$340,MATCH($E14&$C14,'ER C8 FLT4'!$A$4:$A$340&'ER C8 FLT4'!$B$4:$B$340-2,1),7)),IF($H14=\"Class_7\",INDEX('ER C7 FLT4'!$A$4:$J$340,MATCH($E14&$C14,'ER C7 FLT4'!$A$4:$A$340&'ER C7 FLT4'!$B$4:$B$340-2,1),5)*IF($H14=\"Class_7\",INDEX('ER C7 FLT4'!$A$4:$J$340,MATCH($E14&$C14,'ER C7 FLT4'!$A$4:$A$340&'ER C7 FLT4'!$B$4:$B$340-2,1),7)),\nIF($H14=\"Class_6\",INDEX('ER C6 FLT4'!$A$4:$J$340,MATCH($E14&$C14,'ER C6 FLT4'!$A$4:$A$340&'ER C6 FLT4'!$B$4:$B$340-2,1),5)*IF($H14=\"Class_6\",INDEX('ER C6 FLT4'!$A$4:$L$340,MATCH($E14&$C14,'ER C6 FLT4'!$A$4:$A$340&'ER C6 FLT4'!$B$4:$B$340-2,1),7))))),IF($B14=\"3 Trucks\",IF(OR($H14=\"Class_8\",$N14=\"Replacement8HHD\",$AH14=\"CL7HHD\",$AJ14=\"CL7to8\"),INDEX('ER C8 FLT3'!$A$4:$J$340,MATCH($E14&$C14,'ER C8 FLT3'!$A$4:$A$340&'ER C8 FLT3'!$B$4:$B$340-2,1),5)*IF(OR($H14=\"Class_8\",$N14=\"Replacement8HHD\",$AH14=\"CL7HHD\",$AJ14=\"CL7to8\"),INDEX('ER C8 FLT3'!$A$4:$J$340,MATCH($E14&$C14,'ER C8 FLT3'!$A$4:$A$340&'ER C8 FLT3'!$B$4:$B$340-2,1),7)),IF($H14=\"Class_7\",INDEX('ER C7 FLT3'!$A$4:$J$340,MATCH($E14&$C14,'ER C7 FLT3'!$A$4:$A$340&'ER C7 FLT3'!$B$4:$B$340-2,1),5)*IF($H14=\"Class_7\",INDEX('ER C7 FLT3'!$A$4:$J$340,MATCH($E14&$C14,'ER C7 FLT3'!$A$4:$A$340&'ER C7 FLT3'!$B$4:$B$340-2,1),7)),\nIF($H14=\"Class_6\",INDEX('ER C6 FLT3'!$A$4:$J$340,MATCH($E14&$C14,'ER C6 FLT3'!$A$4:$A$340&'ER C6 FLT3'!$B$4:$B$340-2,1),5)*IF($H14=\"Class_6\",INDEX('ER C6 FLT3'!$A$4:$L$340,MATCH($E14&$C14,'ER C6 FLT3'!$A$4:$A$340&'ER C6 FLT3'!$B$4:$B$340-2,1),7))))),IF($B14=\"2 Trucks\",IF(OR($H14=\"Class_8\",$N14=\"Replacement8HHD\",$AH14=\"CL7HHD\",$AJ14=\"CL7to8\"),INDEX('ER C8 FLT2'!$A$4:$J$340,MATCH($E14&$C14,'ER C8 FLT2'!$A$4:$A$340&'ER C8 FLT2'!$B$4:$B$340-2,1),5)*IF(OR($H14=\"Class_8\",$N14=\"Replacement8HHD\",$AH14=\"CL7HHD\",$AJ14=\"CL7to8\"),INDEX('ER C8 FLT2'!$A$4:$J$340,MATCH($E14&$C14,'ER C8 FLT2'!$A$4:$A$340&'ER C8 FLT2'!$B$4:$B$340-2,1),7)),IF($H14=\"Class_7\",INDEX('ER C7 FLT2'!$A$4:$J$340,MATCH($E14&$C14,'ER C7 FLT2'!$A$4:$A$340&'ER C7 FLT2'!$B$4:$B$340-2,1),5)*IF($H14=\"Class_7\",INDEX('ER C7 FLT2'!$A$4:$J$340,MATCH($E14&$C14,'ER C7 FLT2'!$A$4:$A$340&'ER C7 FLT2'!$B$4:$B$340-2,1),7)),IF($H14=\"Class_6\",INDEX('ER C6 FLT2'!$A$4:$J$340,MATCH($E14&$C14,'ER C6 FLT2'!$A$4:$A$340&'ER C6 FLT2'!$B$4:$B$340-2,1),5)*IF($H14=\"Class_6\",INDEX('ER C6 FLT2'!$A$4:$J$340,MATCH($E14&$C14,'ER C6 FLT2'!$A$4:$A$340&'ER C6 FLT2'!$B$4:$B$340-2,1),7))))),IF($B14=\"1 Truck\",\nIF(OR($H14=\"Class_8\",$N14=\"Replacement8HHD\",$AH14=\"CL7HHD\",$AJ14=\"CL7to8\"),INDEX('ER C8 FLT1'!$A$4:$J$340,MATCH($E14&$C14,'ER C8 FLT1'!$A$4:$A$340&'ER C8 FLT1'!$B$4:$B$340-2,1),5)*IF(OR($H14=\"Class_8\",$N14=\"Replacement8HHD\",$AH14=\"CL7HHD\",$AJ14=\"CL7to8\"),INDEX('ER C8 FLT1'!$A$4:$J$340,MATCH($E14&$C14,'ER C8 FLT1'!$A$4:$A$340&'ER C8 FLT1'!$B$4:$B$340-2,1),7)),IF($H14=\"Class_7\",INDEX('ER C7 FLT1'!$A$4:$J$340,MATCH($E14&$C14,'ER C7 FLT1'!$A$4:$A$340&'ER C7 FLT1'!$B$4:$B$340-2,1),5)*IF($H14=\"Class_7\",INDEX('ER C7 FLT1'!$A$4:$J$340,MATCH($E14&$C14,'ER C7 FLT1'!$A$4:$A$340&'ER C7 FLT1'!$B$4:$B$340-2,1),7)),\nIF($H14=\"Class_6\",INDEX('ER C6 FLT1'!$A$4:$J$340,MATCH($E14&$C14,'ER C6 FLT1'!$A$4:$A$340&'ER C6 FLT1'!$B$4:$B$340-2,1),5)*IF($H14=\"Class_6\",INDEX('ER C6 FLT1'!$A$4:$J$340,MATCH($E14&$C14,'ER C6 FLT1'!$A$4:$A$340&'ER C6 FLT1'!$B$4:$B$340-2,1),7))))))))*IF($F14=\"Level 1 PM + Mark I NOx\",0.75,1))*($Q14/453.6)","v":0},{"$f":"IF($B14=\"4+ Trucks\",IF(OR($H14=\"Class_8\",$N14=\"Replacement8HHD\",$AH14=\"CL7HHD\",$AJ14=\"CL7to8\"),INDEX('ER C8 FLT4'!$A$4:$J$340,MATCH($E14&$C14,'ER C8 FLT4'!$A$4:$A$340&'ER C8 FLT4'!$B$4:$B$340-3,1),5)*IF(OR($H14=\"Class_8\",$N14=\"Replacement8HHD\",$AH14=\"CL7HHD\",$AJ14=\"CL7to8\"),INDEX('ER C8 FLT4'!$A$4:$J$340,MATCH($E14&$C14,'ER C8 FLT4'!$A$4:$A$340&'ER C8 FLT4'!$B$4:$B$340-3,1),7)),IF($H14=\"Class_7\",INDEX('ER C7 FLT4'!$A$4:$J$340,MATCH($E14&$C14,'ER C7 FLT4'!$A$4:$A$340&'ER C7 FLT4'!$B$4:$B$340-3,1),5)*IF($H14=\"Class_7\",INDEX('ER C7 FLT4'!$A$4:$J$340,MATCH($E14&$C14,'ER C7 FLT4'!$A$4:$A$340&'ER C7 FLT4'!$B$4:$B$340-3,1),7)),\nIF($H14=\"Class_6\",INDEX('ER C6 FLT4'!$A$4:$J$340,MATCH($E14&$C14,'ER C6 FLT4'!$A$4:$A$340&'ER C6 FLT4'!$B$4:$B$340-3,1),5)*IF($H14=\"Class_6\",INDEX('ER C6 FLT4'!$A$4:$L$340,MATCH($E14&$C14,'ER C6 FLT4'!$A$4:$A$340&'ER C6 FLT4'!$B$4:$B$340-3,1),7))))),IF($B14=\"3 Trucks\",IF(OR($H14=\"Class_8\",$N14=\"Replacement8HHD\",$AH14=\"CL7HHD\",$AJ14=\"CL7to8\"),INDEX('ER C8 FLT3'!$A$4:$J$340,MATCH($E14&$C14,'ER C8 FLT3'!$A$4:$A$340&'ER C8 FLT3'!$B$4:$B$340-3,1),5)*IF(OR($H14=\"Class_8\",$N14=\"Replacement8HHD\",$AH14=\"CL7HHD\",$AJ14=\"CL7to8\"),INDEX('ER C8 FLT3'!$A$4:$J$340,MATCH($E14&$C14,'ER C8 FLT3'!$A$4:$A$340&'ER C8 FLT3'!$B$4:$B$340-3,1),7)),IF($H14=\"Class_7\",INDEX('ER C7 FLT3'!$A$4:$J$340,MATCH($E14&$C14,'ER C7 FLT3'!$A$4:$A$340&'ER C7 FLT3'!$B$4:$B$340-3,1),5)*IF($H14=\"Class_7\",INDEX('ER C7 FLT3'!$A$4:$J$340,MATCH($E14&$C14,'ER C7 FLT3'!$A$4:$A$340&'ER C7 FLT3'!$B$4:$B$340-3,1),7)),\nIF($H14=\"Class_6\",INDEX('ER C6 FLT3'!$A$4:$J$340,MATCH($E14&$C14,'ER C6 FLT3'!$A$4:$A$340&'ER C6 FLT3'!$B$4:$B$340-3,1),5)*IF($H14=\"Class_6\",INDEX('ER C6 FLT3'!$A$4:$L$340,MATCH($E14&$C14,'ER C6 FLT3'!$A$4:$A$340&'ER C6 FLT3'!$B$4:$B$340-3,1),7))))),IF($B14=\"2 Trucks\",IF(OR($H14=\"Class_8\",$N14=\"Replacement8HHD\",$AH14=\"CL7HHD\",$AJ14=\"CL7to8\"),INDEX('ER C8 FLT2'!$A$4:$J$340,MATCH($E14&$C14,'ER C8 FLT2'!$A$4:$A$340&'ER C8 FLT2'!$B$4:$B$340-3,1),5)*IF(OR($H14=\"Class_8\",$N14=\"Replacement8HHD\",$AH14=\"CL7HHD\",$AJ14=\"CL7to8\"),INDEX('ER C8 FLT2'!$A$4:$J$340,MATCH($E14&$C14,'ER C8 FLT2'!$A$4:$A$340&'ER C8 FLT2'!$B$4:$B$340-3,1),7)),IF($H14=\"Class_7\",INDEX('ER C7 FLT2'!$A$4:$J$340,MATCH($E14&$C14,'ER C7 FLT2'!$A$4:$A$340&'ER C7 FLT2'!$B$4:$B$340-3,1),5)*IF($H14=\"Class_7\",INDEX('ER C7 FLT2'!$A$4:$J$340,MATCH($E14&$C14,'ER C7 FLT2'!$A$4:$A$340&'ER C7 FLT2'!$B$4:$B$340-3,1),7)),IF($H14=\"Class_6\",INDEX('ER C6 FLT2'!$A$4:$J$340,MATCH($E14&$C14,'ER C6 FLT2'!$A$4:$A$340&'ER C6 FLT2'!$B$4:$B$340-3,1),5)*IF($H14=\"Class_6\",INDEX('ER C6 FLT2'!$A$4:$J$340,MATCH($E14&$C14,'ER C6 FLT2'!$A$4:$A$340&'ER C6 FLT2'!$B$4:$B$340-3,1),7))))),IF($B14=\"1 Truck\",\nIF(OR($H14=\"Class_8\",$N14=\"Replacement8HHD\",$AH14=\"CL7HHD\",$AJ14=\"CL7to8\"),INDEX('ER C8 FLT1'!$A$4:$J$340,MATCH($E14&$C14,'ER C8 FLT1'!$A$4:$A$340&'ER C8 FLT1'!$B$4:$B$340-3,1),5)*IF(OR($H14=\"Class_8\",$N14=\"Replacement8HHD\",$AH14=\"CL7HHD\",$AJ14=\"CL7to8\"),INDEX('ER C8 FLT1'!$A$4:$J$340,MATCH($E14&$C14,'ER C8 FLT1'!$A$4:$A$340&'ER C8 FLT1'!$B$4:$B$340-3,1),7)),IF($H14=\"Class_7\",INDEX('ER C7 FLT1'!$A$4:$J$340,MATCH($E14&$C14,'ER C7 FLT1'!$A$4:$A$340&'ER C7 FLT1'!$B$4:$B$340-3,1),5)*IF($H14=\"Class_7\",INDEX('ER C7 FLT1'!$A$4:$J$340,MATCH($E14&$C14,'ER C7 FLT1'!$A$4:$A$340&'ER C7 FLT1'!$B$4:$B$340-3,1),7)),\nIF($H14=\"Class_6\",INDEX('ER C6 FLT1'!$A$4:$J$340,MATCH($E14&$C14,'ER C6 FLT1'!$A$4:$A$340&'ER C6 FLT1'!$B$4:$B$340-3,1),5)*IF($H14=\"Class_6\",INDEX('ER C6 FLT1'!$A$4:$J$340,MATCH($E14&$C14,'ER C6 FLT1'!$A$4:$A$340&'ER C6 FLT1'!$B$4:$B$340-3,1),7))))))))*IF($F14=\"Level 1 PM + Mark I NOx\",0.75,1))*($Q14/453.6)","v":0},{"$f":"IF($B14=\"4+ Trucks\",IF(OR($H14=\"Class_8\",$N14=\"Replacement8HHD\",$AH14=\"CL7HHD\",$AJ14=\"CL7to8\"),INDEX('ER C8 FLT4'!$A$4:$J$340,MATCH($E14&$C14,'ER C8 FLT4'!$A$4:$A$340&'ER C8 FLT4'!$B$4:$B$340-4,1),5)*IF(OR($H14=\"Class_8\",$N14=\"Replacement8HHD\",$AH14=\"CL7HHD\",$AJ14=\"CL7to8\"),INDEX('ER C8 FLT4'!$A$4:$J$340,MATCH($E14&$C14,'ER C8 FLT4'!$A$4:$A$340&'ER C8 FLT4'!$B$4:$B$340-4,1),7)),IF($H14=\"Class_7\",INDEX('ER C7 FLT4'!$A$4:$J$340,MATCH($E14&$C14,'ER C7 FLT4'!$A$4:$A$340&'ER C7 FLT4'!$B$4:$B$340-4,1),5)*IF($H14=\"Class_7\",INDEX('ER C7 FLT4'!$A$4:$J$340,MATCH($E14&$C14,'ER C7 FLT4'!$A$4:$A$340&'ER C7 FLT4'!$B$4:$B$340-4,1),7)),\nIF($H14=\"Class_6\",INDEX('ER C6 FLT4'!$A$4:$J$340,MATCH($E14&$C14,'ER C6 FLT4'!$A$4:$A$340&'ER C6 FLT4'!$B$4:$B$340-4,1),5)*IF($H14=\"Class_6\",INDEX('ER C6 FLT4'!$A$4:$L$340,MATCH($E14&$C14,'ER C6 FLT4'!$A$4:$A$340&'ER C6 FLT4'!$B$4:$B$340-4,1),7))))),IF($B14=\"3 Trucks\",IF(OR($H14=\"Class_8\",$N14=\"Replacement8HHD\",$AH14=\"CL7HHD\",$AJ14=\"CL7to8\"),INDEX('ER C8 FLT3'!$A$4:$J$340,MATCH($E14&$C14,'ER C8 FLT3'!$A$4:$A$340&'ER C8 FLT3'!$B$4:$B$340-4,1),5)*IF(OR($H14=\"Class_8\",$N14=\"Replacement8HHD\",$AH14=\"CL7HHD\",$AJ14=\"CL7to8\"),INDEX('ER C8 FLT3'!$A$4:$J$340,MATCH($E14&$C14,'ER C8 FLT3'!$A$4:$A$340&'ER C8 FLT3'!$B$4:$B$340-4,1),7)),IF($H14=\"Class_7\",INDEX('ER C7 FLT3'!$A$4:$J$340,MATCH($E14&$C14,'ER C7 FLT3'!$A$4:$A$340&'ER C7 FLT3'!$B$4:$B$340-4,1),5)*IF($H14=\"Class_7\",INDEX('ER C7 FLT3'!$A$4:$J$340,MATCH($E14&$C14,'ER C7 FLT3'!$A$4:$A$340&'ER C7 FLT3'!$B$4:$B$340-4,1),7)),\nIF($H14=\"Class_6\",INDEX('ER C6 FLT3'!$A$4:$J$340,MATCH($E14&$C14,'ER C6 FLT3'!$A$4:$A$340&'ER C6 FLT3'!$B$4:$B$340-4,1),5)*IF($H14=\"Class_6\",INDEX('ER C6 FLT3'!$A$4:$L$340,MATCH($E14&$C14,'ER C6 FLT3'!$A$4:$A$340&'ER C6 FLT3'!$B$4:$B$340-4,1),7))))),IF($B14=\"2 Trucks\",IF(OR($H14=\"Class_8\",$N14=\"Replacement8HHD\",$AH14=\"CL7HHD\",$AJ14=\"CL7to8\"),INDEX('ER C8 FLT2'!$A$4:$J$340,MATCH($E14&$C14,'ER C8 FLT2'!$A$4:$A$340&'ER C8 FLT2'!$B$4:$B$340-4,1),5)*IF(OR($H14=\"Class_8\",$N14=\"Replacement8HHD\",$AH14=\"CL7HHD\",$AJ14=\"CL7to8\"),INDEX('ER C8 FLT2'!$A$4:$J$340,MATCH($E14&$C14,'ER C8 FLT2'!$A$4:$A$340&'ER C8 FLT2'!$B$4:$B$340-4,1),7)),IF($H14=\"Class_7\",INDEX('ER C7 FLT2'!$A$4:$J$340,MATCH($E14&$C14,'ER C7 FLT2'!$A$4:$A$340&'ER C7 FLT2'!$B$4:$B$340-4,1),5)*IF($H14=\"Class_7\",INDEX('ER C7 FLT2'!$A$4:$J$340,MATCH($E14&$C14,'ER C7 FLT2'!$A$4:$A$340&'ER C7 FLT2'!$B$4:$B$340-4,1),7)),IF($H14=\"Class_6\",INDEX('ER C6 FLT2'!$A$4:$J$340,MATCH($E14&$C14,'ER C6 FLT2'!$A$4:$A$340&'ER C6 FLT2'!$B$4:$B$340-4,1),5)*IF($H14=\"Class_6\",INDEX('ER C6 FLT2'!$A$4:$J$340,MATCH($E14&$C14,'ER C6 FLT2'!$A$4:$A$340&'ER C6 FLT2'!$B$4:$B$340-4,1),7))))),IF($B14=\"1 Truck\",\nIF(OR($H14=\"Class_8\",$N14=\"Replacement8HHD\",$AH14=\"CL7HHD\",$AJ14=\"CL7to8\"),INDEX('ER C8 FLT1'!$A$4:$J$340,MATCH($E14&$C14,'ER C8 FLT1'!$A$4:$A$340&'ER C8 FLT1'!$B$4:$B$340-4,1),5)*IF(OR($H14=\"Class_8\",$N14=\"Replacement8HHD\",$AH14=\"CL7HHD\",$AJ14=\"CL7to8\"),INDEX('ER C8 FLT1'!$A$4:$J$340,MATCH($E14&$C14,'ER C8 FLT1'!$A$4:$A$340&'ER C8 FLT1'!$B$4:$B$340-4,1),7)),IF($H14=\"Class_7\",INDEX('ER C7 FLT1'!$A$4:$J$340,MATCH($E14&$C14,'ER C7 FLT1'!$A$4:$A$340&'ER C7 FLT1'!$B$4:$B$340-4,1),5)*IF($H14=\"Class_7\",INDEX('ER C7 FLT1'!$A$4:$J$340,MATCH($E14&$C14,'ER C7 FLT1'!$A$4:$A$340&'ER C7 FLT1'!$B$4:$B$340-4,1),7)),\nIF($H14=\"Class_6\",INDEX('ER C6 FLT1'!$A$4:$J$340,MATCH($E14&$C14,'ER C6 FLT1'!$A$4:$A$340&'ER C6 FLT1'!$B$4:$B$340-4,1),5)*IF($H14=\"Class_6\",INDEX('ER C6 FLT1'!$A$4:$J$340,MATCH($E14&$C14,'ER C6 FLT1'!$A$4:$A$340&'ER C6 FLT1'!$B$4:$B$340-4,1),7))))))))*IF($F14=\"Level 1 PM + Mark I NOx\",0.75,1))*($Q14/453.6)","v":0},{"$f":"IF($B14=\"4+ Trucks\",IF(OR($H14=\"Class_8\",$N14=\"Replacement8HHD\",$AH14=\"CL7HHD\",$AJ14=\"CL7to8\"),INDEX('ER C8 FLT4'!$A$4:$J$340,MATCH($E14&$C14,'ER C8 FLT4'!$A$4:$A$340&'ER C8 FLT4'!$B$4:$B$340,1),5),IF($H14=\"Class_7\",INDEX('ER C7 FLT4'!$A$4:$J$340,MATCH($E14&$C14,'ER C7 FLT4'!$A$4:$A$340&'ER C7 FLT4'!$B$4:$B$340,1),5),IF($H14=\"Class_6\",INDEX('ER C6 FLT4'!$A$4:$J$340,MATCH($E14&$C14,'ER C6 FLT4'!$A$4:$A$340&'ER C6 FLT4'!$B$4:$B$340,1),5)))),\nIF($B14=\"3 Trucks\",IF(OR($H14=\"Class_8\",$N14=\"Replacement8HHD\",$AH14=\"CL7HHD\",$AJ14=\"CL7to8\"),INDEX('ER C8 FLT3'!$A$4:$J$340,MATCH($E14&$C14,'ER C8 FLT3'!$A$4:$A$340&'ER C8 FLT3'!$B$4:$B$340,1),5),IF($H14=\"Class_7\",INDEX('ER C7 FLT3'!$A$4:$J$340,MATCH($E14&$C14,'ER C7 FLT3'!$A$4:$A$340&'ER C7 FLT3'!$B$4:$B$340,1),5),IF($H14=\"Class_6\",INDEX('ER C6 FLT3'!$A$4:$J$340,MATCH($E14&$C14,'ER C6 FLT3'!$A$4:$A$340&'ER C6 FLT3'!$B$4:$B$340,1),5)))),\nIF($B14=\"2 Trucks\",IF(OR($H14=\"Class_8\",$N14=\"Replacement8HHD\",$AH14=\"CL7HHD\",$AJ14=\"CL7to8\"),INDEX('ER C8 FLT2'!$A$4:$J$340,MATCH($E14&$C14,'ER C8 FLT2'!$A$4:$A$340&'ER C8 FLT2'!$B$4:$B$340,1),5),IF($H14=\"Class_7\",INDEX('ER C7 FLT2'!$A$4:$J$340,MATCH($E14&$C14,'ER C7 FLT2'!$A$4:$A$340&'ER C7 FLT2'!$B$4:$B$340,1),5),IF($H14=\"Class_6\",INDEX('ER C6 FLT2'!$A$4:$J$340,MATCH($E14&$C14,'ER C6 FLT2'!$A$4:$A$340&'ER C6 FLT2'!$B$4:$B$340,1),5)))),IF($B14=\"1 Truck\",IF(OR($H14=\"Class_8\",$N14=\"Replacement8HHD\",$AH14=\"CL7HHD\",$AJ14=\"CL7to8\"),INDEX('ER C8 FLT1'!$A$4:$J$340,MATCH($E14&$C14,'ER C8 FLT1'!$A$4:$A$340&'ER C8 FLT1'!$B$4:$B$340,1),5),IF($H14=\"Class_7\",INDEX('ER C7 FLT1'!$A$4:$J$340,MATCH($E14&$C14,'ER C7 FLT1'!$A$4:$A$340&'ER C7 FLT1'!$B$4:$B$340,1),5),IF($H14=\"Class_6\",INDEX('ER C6 FLT1'!$A$4:$J$340,MATCH($E14&$C14,'ER C6 FLT1'!$A$4:$A$340&'ER C6 FLT1'!$B$4:$B$340,1),5)))))))\n)","v":false},{"$f":"IF($B14=\"3 Trucks\",IF(OR($H14=\"Class_8\",$N14=\"Replacement8HHD\",$AH14=\"CL7HHD\",$AJ14=\"CL7to8\"),INDEX('ER C8 FLT3'!$A$4:$J$340,MATCH($E14&$C14,'ER C8 FLT3'!$A$4:$A$340&'ER C8 FLT3'!$B$4:$B$340-1,1),5),IF($H14=\"Class_7\",INDEX('ER C7 FLT3'!$A$4:$J$340,MATCH($E14&$C14,'ER C7 FLT3'!$A$4:$A$340&'ER C7 FLT3'!$B$4:$B$340-1,1),5),IF($H14=\"Class_6\",INDEX('ER C6 FLT3'!$A$4:$J$340,MATCH($E14&$C14,'ER C6 FLT3'!$A$4:$A$340&'ER C6 FLT3'!$B$4:$B$340-1,1),5)))),IF($B14=\"2 Trucks\",IF(OR($H14=\"Class_8\",$N14=\"Replacement8HHD\",$AH14=\"CL7HHD\",$AJ14=\"CL7to8\"),INDEX('ER C8 FLT2'!$A$4:$J$340,MATCH($E14&$C14,'ER C8 FLT2'!$A$4:$A$340&'ER C8 FLT2'!$B$4:$B$340-1,1),5),IF($H14=\"Class_7\",INDEX('ER C7 FLT2'!$A$4:$J$340,MATCH($E14&$C14,'ER C7 FLT2'!$A$4:$A$340&'ER C7 FLT2'!$B$4:$B$340-1,1),5),IF($H14=\"Class_6\",INDEX('ER C6 FLT2'!$A$4:$J$340,MATCH($E14&$C14,'ER C6 FLT2'!$A$4:$A$340&'ER C6 FLT2'!$B$4:$B$340-1,1),5)))),IF($B14=\"1 Truck\",IF(OR($H14=\"Class_8\",$N14=\"Replacement8HHD\",$AH14=\"CL7HHD\",$AJ14=\"CL7to8\"),INDEX('ER C8 FLT1'!$A$4:$J$340,MATCH($E14&$C14,'ER C8 FLT1'!$A$4:$A$340&'ER C8 FLT1'!$B$4:$B$340-1,1),5),IF($H14=\"Class_7\",INDEX('ER C7 FLT1'!$A$4:$J$340,MATCH($E14&$C14,'ER C7 FLT1'!$A$4:$A$340&'ER C7 FLT1'!$B$4:$B$340-1,1),5),IF($H14=\"Class_6\",INDEX('ER C6 FLT1'!$A$4:$J$340,MATCH($E14&$C14,'ER C6 FLT1'!$A$4:$A$340&'ER C6 FLT1'!$B$4:$B$340-1,1),5)))),IF($B14=\"4+ Trucks\",IF(OR($H14=\"Class_8\",$N14=\"Replacement8HHD\",$AH14=\"CL7HHD\",$AJ14=\"CL7to8\"),INDEX('ER C8 FLT4'!$A$4:$J$340,MATCH($E14&$C14,'ER C8 FLT4'!$A$4:$A$340&'ER C8 FLT4'!$B$4:$B$340-1,1),5),IF($H14=\"Class_7\",INDEX('ER C7 FLT4'!$A$4:$J$340,MATCH($E14&$C14,'ER C7 FLT4'!$A$4:$A$340&'ER C7 FLT4'!$B$4:$B$340-1,1),5),IF($H14=\"Class_6\",INDEX('ER C6 FLT4'!$A$4:$J$340,MATCH($E14&$C14,'ER C6 FLT4'!$A$4:$A$340&'ER C6 FLT4'!$B$4:$B$340-1,1),5))))))))","v":false},{"$f":"IF($B14=\"3 Trucks\",IF(OR($H14=\"Class_8\",$N14=\"Replacement8HHD\",$AH14=\"CL7HHD\",$AJ14=\"CL7to8\"),INDEX('ER C8 FLT3'!$A$4:$J$340,MATCH($E14&$C14,'ER C8 FLT3'!$A$4:$A$340&'ER C8 FLT3'!$B$4:$B$340-2,1),5),IF($H14=\"Class_7\",INDEX('ER C7 FLT3'!$A$4:$J$340,MATCH($E14&$C14,'ER C7 FLT3'!$A$4:$A$340&'ER C7 FLT3'!$B$4:$B$340-2,1),5),IF($H14=\"Class_6\",INDEX('ER C6 FLT3'!$A$4:$J$340,MATCH($E14&$C14,'ER C6 FLT3'!$A$4:$A$340&'ER C6 FLT3'!$B$4:$B$340-2,1),5)))),IF($B14=\"2 Trucks\",IF(OR($H14=\"Class_8\",$N14=\"Replacement8HHD\",$AH14=\"CL7HHD\",$AJ14=\"CL7to8\"),INDEX('ER C8 FLT2'!$A$4:$J$340,MATCH($E14&$C14,'ER C8 FLT2'!$A$4:$A$340&'ER C8 FLT2'!$B$4:$B$340-2,1),5),IF($H14=\"Class_7\",INDEX('ER C7 FLT2'!$A$4:$J$340,MATCH($E14&$C14,'ER C7 FLT2'!$A$4:$A$340&'ER C7 FLT2'!$B$4:$B$340-2,1),5),IF($H14=\"Class_6\",INDEX('ER C6 FLT2'!$A$4:$J$340,MATCH($E14&$C14,'ER C6 FLT2'!$A$4:$A$340&'ER C6 FLT2'!$B$4:$B$340-2,1),5)))),IF($B14=\"1 Truck\",IF(OR($H14=\"Class_8\",$N14=\"Replacement8HHD\",$AH14=\"CL7HHD\",$AJ14=\"CL7to8\"),INDEX('ER C8 FLT1'!$A$4:$J$340,MATCH($E14&$C14,'ER C8 FLT1'!$A$4:$A$340&'ER C8 FLT1'!$B$4:$B$340-2,1),5),IF($H14=\"Class_7\",INDEX('ER C7 FLT1'!$A$4:$J$340,MATCH($E14&$C14,'ER C7 FLT1'!$A$4:$A$340&'ER C7 FLT1'!$B$4:$B$340-2,1),5),IF($H14=\"Class_6\",INDEX('ER C6 FLT1'!$A$4:$J$340,MATCH($E14&$C14,'ER C6 FLT1'!$A$4:$A$340&'ER C6 FLT1'!$B$4:$B$340-2,1),5)))),IF($B14=\"4+ Trucks\",IF(OR($H14=\"Class_8\",$N14=\"Replacement8HHD\",$AH14=\"CL7HHD\",$AJ14=\"CL7to8\"),INDEX('ER C8 FLT4'!$A$4:$J$340,MATCH($E14&$C14,'ER C8 FLT4'!$A$4:$A$340&'ER C8 FLT4'!$B$4:$B$340-2,1),5),IF($H14=\"Class_7\",INDEX('ER C7 FLT4'!$A$4:$J$340,MATCH($E14&$C14,'ER C7 FLT4'!$A$4:$A$340&'ER C7 FLT4'!$B$4:$B$340-2,1),5),IF($H14=\"Class_6\",INDEX('ER C6 FLT4'!$A$4:$J$340,MATCH($E14&$C14,'ER C6 FLT4'!$A$4:$A$340&'ER C6 FLT4'!$B$4:$B$340-2,1),5))))))))","v":false},{"$f":"IF($B14=\"3 Trucks\",IF(OR($H14=\"Class_8\",$N14=\"Replacement8HHD\",$AH14=\"CL7HHD\",$AJ14=\"CL7to8\"),INDEX('ER C8 FLT3'!$A$4:$J$340,MATCH($E14&$C14,'ER C8 FLT3'!$A$4:$A$340&'ER C8 FLT3'!$B$4:$B$340-3,1),5),IF($H14=\"Class_7\",INDEX('ER C7 FLT3'!$A$4:$J$340,MATCH($E14&$C14,'ER C7 FLT3'!$A$4:$A$340&'ER C7 FLT3'!$B$4:$B$340-3,1),5),IF($H14=\"Class_6\",INDEX('ER C6 FLT3'!$A$4:$J$340,MATCH($E14&$C14,'ER C6 FLT3'!$A$4:$A$340&'ER C6 FLT3'!$B$4:$B$340-3,1),5)))),IF($B14=\"2 Trucks\",IF(OR($H14=\"Class_8\",$N14=\"Replacement8HHD\",$AH14=\"CL7HHD\",$AJ14=\"CL7to8\"),INDEX('ER C8 FLT2'!$A$4:$J$340,MATCH($E14&$C14,'ER C8 FLT2'!$A$4:$A$340&'ER C8 FLT2'!$B$4:$B$340-3,1),5),IF($H14=\"Class_7\",INDEX('ER C7 FLT2'!$A$4:$J$340,MATCH($E14&$C14,'ER C7 FLT2'!$A$4:$A$340&'ER C7 FLT2'!$B$4:$B$340-3,1),5),IF($H14=\"Class_6\",INDEX('ER C6 FLT2'!$A$4:$J$340,MATCH($E14&$C14,'ER C6 FLT2'!$A$4:$A$340&'ER C6 FLT2'!$B$4:$B$340-3,1),5)))),IF($B14=\"1 Truck\",IF(OR($H14=\"Class_8\",$N14=\"Replacement8HHD\",$AH14=\"CL7HHD\",$AJ14=\"CL7to8\"),INDEX('ER C8 FLT1'!$A$4:$J$340,MATCH($E14&$C14,'ER C8 FLT1'!$A$4:$A$340&'ER C8 FLT1'!$B$4:$B$340-3,1),5),IF($H14=\"Class_7\",INDEX('ER C7 FLT1'!$A$4:$J$340,MATCH($E14&$C14,'ER C7 FLT1'!$A$4:$A$340&'ER C7 FLT1'!$B$4:$B$340-3,1),5),IF($H14=\"Class_6\",INDEX('ER C6 FLT1'!$A$4:$J$340,MATCH($E14&$C14,'ER C6 FLT1'!$A$4:$A$340&'ER C6 FLT1'!$B$4:$B$340-3,1),5)))),IF($B14=\"4+ Trucks\",IF(OR($H14=\"Class_8\",$N14=\"Replacement8HHD\",$AH14=\"CL7HHD\",$AJ14=\"CL7to8\"),INDEX('ER C8 FLT4'!$A$4:$J$340,MATCH($E14&$C14,'ER C8 FLT4'!$A$4:$A$340&'ER C8 FLT4'!$B$4:$B$340-3,1),5),IF($H14=\"Class_7\",INDEX('ER C7 FLT4'!$A$4:$J$340,MATCH($E14&$C14,'ER C7 FLT4'!$A$4:$A$340&'ER C7 FLT4'!$B$4:$B$340-3,1),5),IF($H14=\"Class_6\",INDEX('ER C6 FLT4'!$A$4:$J$340,MATCH($E14&$C14,'ER C6 FLT4'!$A$4:$A$340&'ER C6 FLT4'!$B$4:$B$340-3,1),5))))))))","v":false},{"$f":"IF($B14=\"3 Trucks\",IF(OR($H14=\"Class_8\",$N14=\"Replacement8HHD\",$AH14=\"CL7HHD\",$AJ14=\"CL7to8\"),INDEX('ER C8 FLT3'!$A$4:$J$340,MATCH($E14&$C14,'ER C8 FLT3'!$A$4:$A$340&'ER C8 FLT3'!$B$4:$B$340-4,1),5),IF($H14=\"Class_7\",INDEX('ER C7 FLT3'!$A$4:$J$340,MATCH($E14&$C14,'ER C7 FLT3'!$A$4:$A$340&'ER C7 FLT3'!$B$4:$B$340-4,1),5),IF($H14=\"Class_6\",INDEX('ER C6 FLT3'!$A$4:$J$340,MATCH($E14&$C14,'ER C6 FLT3'!$A$4:$A$340&'ER C6 FLT3'!$B$4:$B$340-4,1),5)))),IF($B14=\"2 Trucks\",IF(OR($H14=\"Class_8\",$N14=\"Replacement8HHD\",$AH14=\"CL7HHD\",$AJ14=\"CL7to8\"),INDEX('ER C8 FLT2'!$A$4:$J$340,MATCH($E14&$C14,'ER C8 FLT2'!$A$4:$A$340&'ER C8 FLT2'!$B$4:$B$340-4,1),5),IF($H14=\"Class_7\",INDEX('ER C7 FLT2'!$A$4:$J$340,MATCH($E14&$C14,'ER C7 FLT2'!$A$4:$A$340&'ER C7 FLT2'!$B$4:$B$340-4,1),5),IF($H14=\"Class_6\",INDEX('ER C6 FLT2'!$A$4:$J$340,MATCH($E14&$C14,'ER C6 FLT2'!$A$4:$A$340&'ER C6 FLT2'!$B$4:$B$340-4,1),5)))),IF($B14=\"1 Truck\",IF(OR($H14=\"Class_8\",$N14=\"Replacement8HHD\",$AH14=\"CL7HHD\",$AJ14=\"CL7to8\"),INDEX('ER C8 FLT1'!$A$4:$J$340,MATCH($E14&$C14,'ER C8 FLT1'!$A$4:$A$340&'ER C8 FLT1'!$B$4:$B$340-4,1),5),IF($H14=\"Class_7\",INDEX('ER C7 FLT1'!$A$4:$J$340,MATCH($E14&$C14,'ER C7 FLT1'!$A$4:$A$340&'ER C7 FLT1'!$B$4:$B$340-4,1),5),IF($H14=\"Class_6\",INDEX('ER C6 FLT1'!$A$4:$J$340,MATCH($E14&$C14,'ER C6 FLT1'!$A$4:$A$340&'ER C6 FLT1'!$B$4:$B$340-4,1),5)))),IF($B14=\"4+ Trucks\",IF(OR($H14=\"Class_8\",$N14=\"Replacement8HHD\",$AH14=\"CL7HHD\",$AJ14=\"CL7to8\"),INDEX('ER C8 FLT4'!$A$4:$J$340,MATCH($E14&$C14,'ER C8 FLT4'!$A$4:$A$340&'ER C8 FLT4'!$B$4:$B$340-4,1),5),IF($H14=\"Class_7\",INDEX('ER C7 FLT4'!$A$4:$J$340,MATCH($E14&$C14,'ER C7 FLT4'!$A$4:$A$340&'ER C7 FLT4'!$B$4:$B$340-4,1),5),IF($H14=\"Class_6\",INDEX('ER C6 FLT4'!$A$4:$J$340,MATCH($E14&$C14,'ER C6 FLT4'!$A$4:$A$340&'ER C6 FLT4'!$B$4:$B$340-4,1),5))))))))","v":false},{"$f":"CK14*(($Q14+$AC14)/453.6)","v":0},{"$f":"CL14*(($Q14+$AC14)/453.6)","v":0},{"$f":"CM14*(($Q14+$AC14)/453.6)","v":0},{"$f":"CN14*(($Q14+$AC14)/453.6)","v":0},{"$f":"CO14*(($Q14+$AC14)/453.6)","v":0},{"$f":"IF(OR($R14=\"Diesel\",$R14=\"Zero Emission\",$R14=\"Hybrid\",$R14=\"Hybrid Zero-Mile\",$R14=\"Low NOx\",$R14=\"LNG/CNG\"),IF($B14=\"3 Trucks\",IF(OR($O14=\"Class_8\",$N14=\"Replacement8HHD\",$AI14=\"CL7HHD\"),INDEX('ER C8 FLT3'!$A$4:$J$340,MATCH(DropData!$J60&$C14,'ER C8 FLT3'!$A$4:$A$340&'ER C8 FLT3'!$B$4:$B$340,1),5),IF($O14=\"Class_7\",INDEX('ER C7 FLT3'!$A$4:$J$340,MATCH(DropData!$J60&$C14,'ER C7 FLT3'!$A$4:$A$340&'ER C7 FLT3'!$B$4:$B$340,1),5),IF($O14=\"Class_6\",INDEX('ER C6 FLT3'!$A$4:$J$340,MATCH(DropData!$J60&$C14,'ER C6 FLT3'!$A$4:$A$340&'ER C6 FLT3'!$B$4:$B$340,1),5)))),IF($B14=\"2 Trucks\",IF(OR($O14=\"Class_8\",$N14=\"Replacement8HHD\",$AI14=\"CL7HHD\"),INDEX('ER C8 FLT2'!$A$4:$J$340,MATCH(DropData!$J60&$C14,'ER C8 FLT2'!$A$4:$A$340&'ER C8 FLT2'!$B$4:$B$340,1),5),IF($O14=\"Class_7\",INDEX('ER C7 FLT2'!$A$4:$J$340,MATCH(DropData!$J60&$C14,'ER C7 FLT2'!$A$4:$A$340&'ER C7 FLT2'!$B$4:$B$340,1),5),IF($O14=\"Class_6\",INDEX('ER C6 FLT2'!$A$4:$J$340,MATCH(DropData!$J60&$C14,'ER C6 FLT2'!$A$4:$A$340&'ER C6 FLT2'!$B$4:$B$340,1),5)))),IF($B14=\"1 Truck\",IF(OR($O14=\"Class_8\",$N14=\"Replacement8HHD\",$AI14=\"CL7HHD\"),INDEX('ER C8 FLT1'!$A$4:$J$340,MATCH(DropData!$J60&$C14,'ER C8 FLT1'!$A$4:$A$340&'ER C8 FLT1'!$B$4:$B$340,1),5),IF($O14=\"Class_7\",INDEX('ER C7 FLT1'!$A$4:$J$340,MATCH(DropData!$J60&$C14,'ER C7 FLT1'!$A$4:$A$340&'ER C7 FLT1'!$B$4:$B$340,1),5),IF($O14=\"Class_6\",INDEX('ER C6 FLT1'!$A$4:$J$340,MATCH(DropData!$J60&$C14,'ER C6 FLT1'!$A$4:$A$340&'ER C6 FLT1'!$B$4:$B$340,1),5)))),IF($B14=\"4+ Trucks\",IF(OR($O14=\"Class_8\",$N14=\"Replacement8HHD\",$AI14=\"CL7HHD\"),INDEX('ER C8 FLT4'!$A$4:$J$340,MATCH(DropData!$J60&$C14,'ER C8 FLT4'!$A$4:$A$340&'ER C8 FLT4'!$B$4:$B$340,1),5),IF($O14=\"Class_7\",INDEX('ER C7 FLT4'!$A$4:$J$340,MATCH(DropData!$J60&$C14,'ER C7 FLT4'!$A$4:$A$340&'ER C7 FLT4'!$B$4:$B$340,1),5),IF($O14=\"Class_6\",INDEX('ER C6 FLT4'!$A$4:$J$340,MATCH(DropData!$J60&$C14,'ER C6 FLT4'!$A$4:$A$340&'ER C6 FLT4'!$B$4:$B$340,1),5)))))))))","v":false},{"$f":"IF(OR($R14=\"Diesel\",$R14=\"Zero Emission\",$R14=\"Hybrid\",$R14=\"Hybrid Zero-Mile\",$R14=\"Low NOx\",$R14=\"LNG/CNG\"),IF($B14=\"3 Trucks\",IF(OR($O14=\"Class_8\",$N14=\"Replacement8HHD\",$AI14=\"CL7HHD\"),INDEX('ER C8 FLT3'!$A$4:$J$340,MATCH(DropData!$J60&$C14,'ER C8 FLT3'!$A$4:$A$340&'ER C8 FLT3'!$B$4:$B$340-1,1),5),IF($O14=\"Class_7\",INDEX('ER C7 FLT3'!$A$4:$J$340,MATCH(DropData!$J60&$C14,'ER C7 FLT3'!$A$4:$A$340&'ER C7 FLT3'!$B$4:$B$340-1,1),5),IF($O14=\"Class_6\",INDEX('ER C6 FLT3'!$A$4:$J$340,MATCH(DropData!$J60&$C14,'ER C6 FLT3'!$A$4:$A$340&'ER C6 FLT3'!$B$4:$B$340-1,1),5)))),IF($B14=\"2 Trucks\",IF(OR($O14=\"Class_8\",$N14=\"Replacement8HHD\",$AI14=\"CL7HHD\"),INDEX('ER C8 FLT2'!$A$4:$J$340,MATCH(DropData!$J60&$C14,'ER C8 FLT2'!$A$4:$A$340&'ER C8 FLT2'!$B$4:$B$340-1,1),5),IF($O14=\"Class_7\",INDEX('ER C7 FLT2'!$A$4:$J$340,MATCH(DropData!$J60&$C14,'ER C7 FLT2'!$A$4:$A$340&'ER C7 FLT2'!$B$4:$B$340-1,1),5),IF($O14=\"Class_6\",INDEX('ER C6 FLT2'!$A$4:$J$340,MATCH(DropData!$J60&$C14,'ER C6 FLT2'!$A$4:$A$340&'ER C6 FLT2'!$B$4:$B$340-1,1),5)))),IF($B14=\"1 Truck\",IF(OR($O14=\"Class_8\",$N14=\"Replacement8HHD\",$AI14=\"CL7HHD\"),INDEX('ER C8 FLT1'!$A$4:$J$340,MATCH(DropData!$J60&$C14,'ER C8 FLT1'!$A$4:$A$340&'ER C8 FLT1'!$B$4:$B$340-1,1),5),IF($O14=\"Class_7\",INDEX('ER C7 FLT1'!$A$4:$J$340,MATCH(DropData!$J60&$C14,'ER C7 FLT1'!$A$4:$A$340&'ER C7 FLT1'!$B$4:$B$340-1,1),5),IF($O14=\"Class_6\",INDEX('ER C6 FLT1'!$A$4:$J$340,MATCH(DropData!$J60&$C14,'ER C6 FLT1'!$A$4:$A$340&'ER C6 FLT1'!$B$4:$B$340-1,1),5)))),IF($B14=\"4+ Trucks\",IF(OR($O14=\"Class_8\",$N14=\"Replacement8HHD\",$AI14=\"CL7HHD\"),INDEX('ER C8 FLT4'!$A$4:$J$340,MATCH(DropData!$J60&$C14,'ER C8 FLT4'!$A$4:$A$340&'ER C8 FLT4'!$B$4:$B$340-1,1),5),IF($O14=\"Class_7\",INDEX('ER C7 FLT4'!$A$4:$J$340,MATCH(DropData!$J60&$C14,'ER C7 FLT4'!$A$4:$A$340&'ER C7 FLT4'!$B$4:$B$340-1,1),5),IF($O14=\"Class_6\",INDEX('ER C6 FLT4'!$A$4:$J$340,MATCH(DropData!$J60&$C14,'ER C6 FLT4'!$A$4:$A$340&'ER C6 FLT4'!$B$4:$B$340-1,1),5)))))))))","v":false},{"$f":"IF(OR($R14=\"Diesel\",$R14=\"Zero Emission\",$R14=\"Hybrid\",$R14=\"Hybrid Zero-Mile\",$R14=\"Low NOx\",$R14=\"LNG/CNG\"),IF($B14=\"3 Trucks\",IF(OR($O14=\"Class_8\",$N14=\"Replacement8HHD\",$AI14=\"CL7HHD\"),INDEX('ER C8 FLT3'!$A$4:$J$340,MATCH(DropData!$J60&$C14,'ER C8 FLT3'!$A$4:$A$340&'ER C8 FLT3'!$B$4:$B$340-2,1),5),IF($O14=\"Class_7\",INDEX('ER C7 FLT3'!$A$4:$J$340,MATCH(DropData!$J60&$C14,'ER C7 FLT3'!$A$4:$A$340&'ER C7 FLT3'!$B$4:$B$340-2,1),5),IF($O14=\"Class_6\",INDEX('ER C6 FLT3'!$A$4:$J$340,MATCH(DropData!$J60&$C14,'ER C6 FLT3'!$A$4:$A$340&'ER C6 FLT3'!$B$4:$B$340-2,1),5)))),IF($B14=\"2 Trucks\",IF(OR($O14=\"Class_8\",$N14=\"Replacement8HHD\",$AI14=\"CL7HHD\"),INDEX('ER C8 FLT2'!$A$4:$J$340,MATCH(DropData!$J60&$C14,'ER C8 FLT2'!$A$4:$A$340&'ER C8 FLT2'!$B$4:$B$340-2,1),5),IF($O14=\"Class_7\",INDEX('ER C7 FLT2'!$A$4:$J$340,MATCH(DropData!$J60&$C14,'ER C7 FLT2'!$A$4:$A$340&'ER C7 FLT2'!$B$4:$B$340-2,1),5),IF($O14=\"Class_6\",INDEX('ER C6 FLT2'!$A$4:$J$340,MATCH(DropData!$J60&$C14,'ER C6 FLT2'!$A$4:$A$340&'ER C6 FLT2'!$B$4:$B$340-2,1),5)))),IF($B14=\"1 Truck\",IF(OR($O14=\"Class_8\",$N14=\"Replacement8HHD\",$AI14=\"CL7HHD\"),INDEX('ER C8 FLT1'!$A$4:$J$340,MATCH(DropData!$J60&$C14,'ER C8 FLT1'!$A$4:$A$340&'ER C8 FLT1'!$B$4:$B$340-2,1),5),IF($O14=\"Class_7\",INDEX('ER C7 FLT1'!$A$4:$J$340,MATCH(DropData!$J60&$C14,'ER C7 FLT1'!$A$4:$A$340&'ER C7 FLT1'!$B$4:$B$340-2,1),5),IF($O14=\"Class_6\",INDEX('ER C6 FLT1'!$A$4:$J$340,MATCH(DropData!$J60&$C14,'ER C6 FLT1'!$A$4:$A$340&'ER C6 FLT1'!$B$4:$B$340-2,1),5)))),IF($B14=\"4+ Trucks\",IF(OR($O14=\"Class_8\",$N14=\"Replacement8HHD\",$AI14=\"CL7HHD\"),INDEX('ER C8 FLT4'!$A$4:$J$340,MATCH(DropData!$J60&$C14,'ER C8 FLT4'!$A$4:$A$340&'ER C8 FLT4'!$B$4:$B$340-2,1),5),IF($O14=\"Class_7\",INDEX('ER C7 FLT4'!$A$4:$J$340,MATCH(DropData!$J60&$C14,'ER C7 FLT4'!$A$4:$A$340&'ER C7 FLT4'!$B$4:$B$340-2,1),5),IF($O14=\"Class_6\",INDEX('ER C6 FLT4'!$A$4:$J$340,MATCH(DropData!$J60&$C14,'ER C6 FLT4'!$A$4:$A$340&'ER C6 FLT4'!$B$4:$B$340-2,1),5)))))))))","v":false},{"$f":"IF(OR($R14=\"Diesel\",$R14=\"Zero Emission\",$R14=\"Hybrid\",$R14=\"Hybrid Zero-Mile\",$R14=\"Low NOx\",$R14=\"LNG/CNG\"),IF($B14=\"3 Trucks\",IF(OR($O14=\"Class_8\",$N14=\"Replacement8HHD\",$AI14=\"CL7HHD\"),INDEX('ER C8 FLT3'!$A$4:$J$340,MATCH(DropData!$J60&$C14,'ER C8 FLT3'!$A$4:$A$340&'ER C8 FLT3'!$B$4:$B$340-3,1),5),IF($O14=\"Class_7\",INDEX('ER C7 FLT3'!$A$4:$J$340,MATCH(DropData!$J60&$C14,'ER C7 FLT3'!$A$4:$A$340&'ER C7 FLT3'!$B$4:$B$340-3,1),5),IF($O14=\"Class_6\",INDEX('ER C6 FLT3'!$A$4:$J$340,MATCH(DropData!$J60&$C14,'ER C6 FLT3'!$A$4:$A$340&'ER C6 FLT3'!$B$4:$B$340-3,1),5)))),IF($B14=\"2 Trucks\",IF(OR($O14=\"Class_8\",$N14=\"Replacement8HHD\",$AI14=\"CL7HHD\"),INDEX('ER C8 FLT2'!$A$4:$J$340,MATCH(DropData!$J60&$C14,'ER C8 FLT2'!$A$4:$A$340&'ER C8 FLT2'!$B$4:$B$340-3,1),5),IF($O14=\"Class_7\",INDEX('ER C7 FLT2'!$A$4:$J$340,MATCH(DropData!$J60&$C14,'ER C7 FLT2'!$A$4:$A$340&'ER C7 FLT2'!$B$4:$B$340-3,1),5),IF($O14=\"Class_6\",INDEX('ER C6 FLT2'!$A$4:$J$340,MATCH(DropData!$J60&$C14,'ER C6 FLT2'!$A$4:$A$340&'ER C6 FLT2'!$B$4:$B$340-3,1),5)))),IF($B14=\"1 Truck\",IF(OR($O14=\"Class_8\",$N14=\"Replacement8HHD\",$AI14=\"CL7HHD\"),INDEX('ER C8 FLT1'!$A$4:$J$340,MATCH(DropData!$J60&$C14,'ER C8 FLT1'!$A$4:$A$340&'ER C8 FLT1'!$B$4:$B$340-3,1),5),IF($O14=\"Class_7\",INDEX('ER C7 FLT1'!$A$4:$J$340,MATCH(DropData!$J60&$C14,'ER C7 FLT1'!$A$4:$A$340&'ER C7 FLT1'!$B$4:$B$340-3,1),5),IF($O14=\"Class_6\",INDEX('ER C6 FLT1'!$A$4:$J$340,MATCH(DropData!$J60&$C14,'ER C6 FLT1'!$A$4:$A$340&'ER C6 FLT1'!$B$4:$B$340-3,1),5)))),IF($B14=\"4+ Trucks\",IF(OR($O14=\"Class_8\",$N14=\"Replacement8HHD\",$AI14=\"CL7HHD\"),INDEX('ER C8 FLT4'!$A$4:$J$340,MATCH(DropData!$J60&$C14,'ER C8 FLT4'!$A$4:$A$340&'ER C8 FLT4'!$B$4:$B$340-3,1),5),IF($O14=\"Class_7\",INDEX('ER C7 FLT4'!$A$4:$J$340,MATCH(DropData!$J60&$C14,'ER C7 FLT4'!$A$4:$A$340&'ER C7 FLT4'!$B$4:$B$340-3,1),5),IF($O14=\"Class_6\",INDEX('ER C6 FLT4'!$A$4:$J$340,MATCH(DropData!$J60&$C14,'ER C6 FLT4'!$A$4:$A$340&'ER C6 FLT4'!$B$4:$B$340-3,1),5)))))))))","v":false},{"$f":"IF(OR($R14=\"Diesel\",$R14=\"Zero Emission\",$R14=\"Hybrid\",$R14=\"Hybrid Zero-Mile\",$R14=\"Low NOx\",$R14=\"LNG/CNG\"),IF($B14=\"3 Trucks\",IF(OR($O14=\"Class_8\",$N14=\"Replacement8HHD\",$AI14=\"CL7HHD\"),INDEX('ER C8 FLT3'!$A$4:$J$340,MATCH(DropData!$J60&$C14,'ER C8 FLT3'!$A$4:$A$340&'ER C8 FLT3'!$B$4:$B$340-4,1),5),IF($O14=\"Class_7\",INDEX('ER C7 FLT3'!$A$4:$J$340,MATCH(DropData!$J60&$C14,'ER C7 FLT3'!$A$4:$A$340&'ER C7 FLT3'!$B$4:$B$340-4,1),5),IF($O14=\"Class_6\",INDEX('ER C6 FLT3'!$A$4:$J$340,MATCH(DropData!$J60&$C14,'ER C6 FLT3'!$A$4:$A$340&'ER C6 FLT3'!$B$4:$B$340-4,1),5)))),IF($B14=\"2 Trucks\",IF(OR($O14=\"Class_8\",$N14=\"Replacement8HHD\",$AI14=\"CL7HHD\"),INDEX('ER C8 FLT2'!$A$4:$J$340,MATCH(DropData!$J60&$C14,'ER C8 FLT2'!$A$4:$A$340&'ER C8 FLT2'!$B$4:$B$340-4,1),5),IF($O14=\"Class_7\",INDEX('ER C7 FLT2'!$A$4:$J$340,MATCH(DropData!$J60&$C14,'ER C7 FLT2'!$A$4:$A$340&'ER C7 FLT2'!$B$4:$B$340-4,1),5),IF($O14=\"Class_6\",INDEX('ER C6 FLT2'!$A$4:$J$340,MATCH(DropData!$J60&$C14,'ER C6 FLT2'!$A$4:$A$340&'ER C6 FLT2'!$B$4:$B$340-4,1),5)))),IF($B14=\"1 Truck\",IF(OR($O14=\"Class_8\",$N14=\"Replacement8HHD\",$AI14=\"CL7HHD\"),INDEX('ER C8 FLT1'!$A$4:$J$340,MATCH(DropData!$J60&$C14,'ER C8 FLT1'!$A$4:$A$340&'ER C8 FLT1'!$B$4:$B$340-4,1),5),IF($O14=\"Class_7\",INDEX('ER C7 FLT1'!$A$4:$J$340,MATCH(DropData!$J60&$C14,'ER C7 FLT1'!$A$4:$A$340&'ER C7 FLT1'!$B$4:$B$340-4,1),5),IF($O14=\"Class_6\",INDEX('ER C6 FLT1'!$A$4:$J$340,MATCH(DropData!$J60&$C14,'ER C6 FLT1'!$A$4:$A$340&'ER C6 FLT1'!$B$4:$B$340-4,1),5)))),IF($B14=\"4+ Trucks\",IF(OR($O14=\"Class_8\",$N14=\"Replacement8HHD\",$AI14=\"CL7HHD\"),INDEX('ER C8 FLT4'!$A$4:$J$340,MATCH(DropData!$J60&$C14,'ER C8 FLT4'!$A$4:$A$340&'ER C8 FLT4'!$B$4:$B$340-4,1),5),IF($O14=\"Class_7\",INDEX('ER C7 FLT4'!$A$4:$J$340,MATCH(DropData!$J60&$C14,'ER C7 FLT4'!$A$4:$A$340&'ER C7 FLT4'!$B$4:$B$340-4,1),5),IF($O14=\"Class_6\",INDEX('ER C6 FLT4'!$A$4:$J$340,MATCH(DropData!$J60&$C14,'ER C6 FLT4'!$A$4:$A$340&'ER C6 FLT4'!$B$4:$B$340-4,1),5)))))))))","v":false},0,{"$f":"MAX((IF($B14=\"4+ Trucks\",IF($Z14=\"Class_8\",INDEX('ER C8 FLT4'!$A$4:$J$340,MATCH($W14&$C14,'ER C8 FLT4'!$A$4:$A$340&'ER C8 FLT4'!$B$4:$B$340,1),5)*IF($Z14=\"Class_8\",INDEX('ER C8 FLT4'!$A$4:$J$340,MATCH($W14&$C14,'ER C8 FLT4'!$A$4:$A$340&'ER C8 FLT4'!$B$4:$B$340,1),7)),IF($Z14=\"Class_7\",INDEX('ER C7 FLT4'!$A$4:$J$340,MATCH($W14&$C14,'ER C7 FLT4'!$A$4:$A$340&'ER C7 FLT4'!$B$4:$B$340,1),5)*IF($Z14=\"Class_7\",INDEX('ER C7 FLT4'!$A$4:$J$340,MATCH($W14&$C14,'ER C7 FLT4'!$A$4:$A$340&'ER C7 FLT4'!$B$4:$B$340,1),7)),IF($Z14=\"Class_6\",INDEX('ER C6 FLT4'!$A$4:$J$340,MATCH($W14&$C14,'ER C6 FLT4'!$A$4:$A$340&'ER C6 FLT4'!$B$4:$B$340,1),5)*IF($Z14=\"Class_6\",INDEX('ER C6 FLT4'!$A$4:$L$340,MATCH($W14&$C14,'ER C6 FLT4'!$A$4:$A$340&'ER C6 FLT4'!$B$4:$B$340,1),7))))),IF($B14=\"2 Trucks\",IF($Z14=\"Class_8\",INDEX('ER C8 FLT2'!$A$4:$J$340,MATCH($W14&$C14,'ER C8 FLT2'!$A$4:$A$340&'ER C8 FLT2'!$B$4:$B$340,1),5)*IF($Z14=\"Class_8\",INDEX('ER C8 FLT2'!$A$4:$J$340,MATCH($W14&$C14,'ER C8 FLT2'!$A$4:$A$340&'ER C8 FLT2'!$B$4:$B$340,1),7)),IF($Z14=\"Class_7\",INDEX('ER C7 FLT2'!$A$4:$J$340,MATCH($W14&$C14,'ER C7 FLT2'!$A$4:$A$340&'ER C7 FLT2'!$B$4:$B$340,1),5)*IF($Z14=\"Class_7\",INDEX('ER C7 FLT2'!$A$4:$J$340,MATCH($W14&$C14,'ER C7 FLT2'!$A$4:$A$340&'ER C7 FLT2'!$B$4:$B$340,1),7)),IF($Z14=\"Class_6\",INDEX('ER C6 FLT2'!$A$4:$J$340,MATCH($W14&$C14,'ER C6 FLT2'!$A$4:$A$340&'ER C6 FLT2'!$B$4:$B$340,1),5)*IF($Z14=\"Class_6\",INDEX('ER C6 FLT2'!$A$4:$J$340,MATCH($W14&$C14,'ER C6 FLT2'!$A$4:$A$340&'ER C6 FLT2'!$B$4:$B$340,1),7))))),IF($B14=\"1 Truck\",\nIF($Z14=\"Class_8\",INDEX('ER C8 FLT1'!$A$4:$J$340,MATCH($W14&$C14,'ER C8 FLT1'!$A$4:$A$340&'ER C8 FLT1'!$B$4:$B$340,1),5)*IF($Z14=\"Class_8\",INDEX('ER C8 FLT1'!$A$4:$J$340,MATCH($W14&$C14,'ER C8 FLT1'!$A$4:$A$340&'ER C8 FLT1'!$B$4:$B$340,1),7)),IF($Z14=\"Class_7\",INDEX('ER C7 FLT1'!$A$4:$J$340,MATCH($W14&$C14,'ER C7 FLT1'!$A$4:$A$340&'ER C7 FLT1'!$B$4:$B$340,1),5)*IF($Z14=\"Class_7\",INDEX('ER C7 FLT1'!$A$4:$J$340,MATCH($W14&$C14,'ER C7 FLT1'!$A$4:$A$340&'ER C7 FLT1'!$B$4:$B$340,1),7)),IF($Z14=\"Class_6\",INDEX('ER C6 FLT1'!$A$4:$J$340,MATCH($W14&$C14,'ER C6 FLT1'!$A$4:$A$340&'ER C6 FLT1'!$B$4:$B$340,1),5)*IF($Z14=\"Class_6\",INDEX('ER C6 FLT1'!$A$4:$J$340,MATCH($W14&$C14,'ER C6 FLT1'!$A$4:$A$340&'ER C6 FLT1'!$B$4:$B$340,1),7))))),IF($B14=\"3 Trucks\",IF($Z14=\"Class_8\",INDEX('ER C8 FLT3'!$A$4:$J$340,MATCH($W14&$C14,'ER C8 FLT3'!$A$4:$A$340&'ER C8 FLT3'!$B$4:$B$340,1),5)*IF($Z14=\"Class_8\",INDEX('ER C8 FLT3'!$A$4:$J$340,MATCH($W14&$C14,'ER C8 FLT3'!$A$4:$A$340&'ER C8 FLT3'!$B$4:$B$340,1),7)),IF($Z14=\"Class_7\",INDEX('ER C7 FLT3'!$A$4:$J$340,MATCH($W14&$C14,'ER C7 FLT3'!$A$4:$A$340&'ER C7 FLT3'!$B$4:$B$340,1),5)*IF($Z14=\"Class_7\",INDEX('ER C7 FLT3'!$A$4:$J$340,MATCH($W14&$C14,'ER C7 FLT3'!$A$4:$A$340&'ER C7 FLT3'!$B$4:$B$340,1),7)),\nIF($Z14=\"Class_6\",INDEX('ER C6 FLT3'!$A$4:$J$340,MATCH($W14&$C14,'ER C6 FLT3'!$A$4:$A$340&'ER C6 FLT3'!$B$4:$B$340,1),5)*IF($Z14=\"Class_6\",INDEX('ER C6 FLT3'!$A$4:$L$340,MATCH($W14&$C14,'ER C6 FLT3'!$A$4:$A$340&'ER C6 FLT3'!$B$4:$B$340,1),7)))))))))*IF($X14=\"Level 3 PM + Mark I NOx\",0.75,1)*($AC14/453.6)-IF(CP14=0,CF14,0)),0)","v":0},0,0,{"$f":"MAX((IF($B14=\"3 Trucks\",IF($Z14=\"Class_8\",INDEX('ER C8 FLT3'!$A$4:$J$340,MATCH($W14&$C14,'ER C8 FLT3'!$A$4:$A$340&'ER C8 FLT3'!$B$4:$B$340-1,1),5)*IF($Z14=\"Class_8\",INDEX('ER C8 FLT3'!$A$4:$J$340,MATCH($W14&$C14,'ER C8 FLT3'!$A$4:$A$340&'ER C8 FLT3'!$B$4:$B$340-1,1),7)),IF($Z14=\"Class_7\",INDEX('ER C7 FLT3'!$A$4:$J$340,MATCH($W14&$C14,'ER C7 FLT3'!$A$4:$A$340&'ER C7 FLT3'!$B$4:$B$340-1,1),5)*IF($Z14=\"Class_7\",INDEX('ER C7 FLT3'!$A$4:$J$340,MATCH($W14&$C14,'ER C7 FLT3'!$A$4:$A$340&'ER C7 FLT3'!$B$4:$B$340-1,1),7)),IF($Z14=\"Class_6\",INDEX('ER C6 FLT3'!$A$4:$J$340,MATCH($W14&$C14,'ER C6 FLT3'!$A$4:$A$340&'ER C6 FLT3'!$B$4:$B$340-1,1),5)*IF($Z14=\"Class_6\",INDEX('ER C6 FLT3'!$A$4:$L$340,MATCH($W14&$C14,'ER C6 FLT3'!$A$4:$A$340&'ER C6 FLT3'!$B$4:$B$340-1,1),7))))),IF($B14=\"2 Trucks\",IF($Z14=\"Class_8\",INDEX('ER C8 FLT2'!$A$4:$J$340,MATCH($W14&$C14,'ER C8 FLT2'!$A$4:$A$340&'ER C8 FLT2'!$B$4:$B$340-1,1),5)*IF($Z14=\"Class_8\",INDEX('ER C8 FLT2'!$A$4:$J$340,MATCH($W14&$C14,'ER C8 FLT2'!$A$4:$A$340&'ER C8 FLT2'!$B$4:$B$340-1,1),7)),IF($Z14=\"Class_7\",INDEX('ER C7 FLT2'!$A$4:$J$340,MATCH($W14&$C14,'ER C7 FLT2'!$A$4:$A$340&'ER C7 FLT2'!$B$4:$B$340-1,1),5)*IF($Z14=\"Class_7\",INDEX('ER C7 FLT2'!$A$4:$J$340,MATCH($W14&$C14,'ER C7 FLT2'!$A$4:$A$340&'ER C7 FLT2'!$B$4:$B$340-1,1),7)),IF($Z14=\"Class_6\",INDEX('ER C6 FLT2'!$A$4:$J$340,MATCH($W14&$C14,'ER C6 FLT2'!$A$4:$A$340&'ER C6 FLT2'!$B$4:$B$340-1,1),5)*IF($Z14=\"Class_6\",INDEX('ER C6 FLT2'!$A$4:$J$340,MATCH($W14&$C14,'ER C6 FLT2'!$A$4:$A$340&'ER C6 FLT2'!$B$4:$B$340-1,1),7))))),IF($B14=\"1 Truck\",IF($Z14=\"Class_8\",INDEX('ER C8 FLT1'!$A$4:$J$340,MATCH($W14&$C14,'ER C8 FLT1'!$A$4:$A$340&'ER C8 FLT1'!$B$4:$B$340-1,1),5)*IF($Z14=\"Class_8\",INDEX('ER C8 FLT1'!$A$4:$J$340,MATCH($W14&$C14,'ER C8 FLT1'!$A$4:$A$340&'ER C8 FLT1'!$B$4:$B$340-1,1),7)),IF($Z14=\"Class_7\",INDEX('ER C7 FLT1'!$A$4:$J$340,MATCH($W14&$C14,'ER C7 FLT1'!$A$4:$A$340&'ER C7 FLT1'!$B$4:$B$340-1,1),5)*IF($Z14=\"Class_7\",INDEX('ER C7 FLT1'!$A$4:$J$340,MATCH($W14&$C14,'ER C7 FLT1'!$A$4:$A$340&'ER C7 FLT1'!$B$4:$B$340-1,1),7)),\nIF($Z14=\"Class_6\",INDEX('ER C6 FLT1'!$A$4:$J$340,MATCH($W14&$C14,'ER C6 FLT1'!$A$4:$A$340&'ER C6 FLT1'!$B$4:$B$340-1,1),5)*IF($Z14=\"Class_6\",INDEX('ER C6 FLT1'!$A$4:$J$340,MATCH($W14&$C14,'ER C6 FLT1'!$A$4:$A$340&'ER C6 FLT1'!$B$4:$B$340-1,1),7))))),IF($B14=\"4+ Trucks\",IF($Z14=\"Class_8\",INDEX('ER C8 FLT4'!$A$4:$J$340,MATCH($W14&$C14,'ER C8 FLT4'!$A$4:$A$340&'ER C8 FLT4'!$B$4:$B$340-1,1),5)*IF($Z14=\"Class_8\",INDEX('ER C8 FLT4'!$A$4:$J$340,MATCH($W14&$C14,'ER C8 FLT4'!$A$4:$A$340&'ER C8 FLT4'!$B$4:$B$340-1,1),7)),IF($Z14=\"Class_7\",INDEX('ER C7 FLT4'!$A$4:$J$340,MATCH($W14&$C14,'ER C7 FLT4'!$A$4:$A$340&'ER C7 FLT4'!$B$4:$B$340-1,1),5)*IF($Z14=\"Class_7\",INDEX('ER C7 FLT4'!$A$4:$J$340,MATCH($W14&$C14,'ER C7 FLT4'!$A$4:$A$340&'ER C7 FLT4'!$B$4:$B$340-1,1),7)),\nIF($Z14=\"Class_6\",INDEX('ER C6 FLT4'!$A$4:$J$340,MATCH($W14&$C14,'ER C6 FLT4'!$A$4:$A$340&'ER C6 FLT4'!$B$4:$B$340-1,1),5)*IF($Z14=\"Class_6\",INDEX('ER C6 FLT4'!$A$4:$L$340,MATCH($W14&$C14,'ER C6 FLT4'!$A$4:$A$340&'ER C6 FLT4'!$B$4:$B$340-1,1),7))))))))))*IF($X14=\"Level 3 PM + Mark I NOx\",0.75,1)*($AC14/453.6)-IF(CS14=0,CG14,0),0)","v":0},{"$f":"MAX(0,CS14+CT14)","v":0},0,{"$f":"MAX((IF($B14=\"3 Trucks\",IF($Z14=\"Class_8\",INDEX('ER C8 FLT3'!$A$4:$J$340,MATCH($W14&$C14,'ER C8 FLT3'!$A$4:$A$340&'ER C8 FLT3'!$B$4:$B$340-2,1),5)*IF($Z14=\"Class_8\",INDEX('ER C8 FLT3'!$A$4:$J$340,MATCH($W14&$C14,'ER C8 FLT3'!$A$4:$A$340&'ER C8 FLT3'!$B$4:$B$340-2,1),7)),IF($Z14=\"Class_7\",INDEX('ER C7 FLT3'!$A$4:$J$340,MATCH($W14&$C14,'ER C7 FLT3'!$A$4:$A$340&'ER C7 FLT3'!$B$4:$B$340-2,1),5)*IF($Z14=\"Class_7\",INDEX('ER C7 FLT3'!$A$4:$J$340,MATCH($W14&$C14,'ER C7 FLT3'!$A$4:$A$340&'ER C7 FLT3'!$B$4:$B$340-2,1),7)),\nIF($Z14=\"Class_6\",INDEX('ER C6 FLT3'!$A$4:$J$340,MATCH($W14&$C14,'ER C6 FLT3'!$A$4:$A$340&'ER C6 FLT3'!$B$4:$B$340-2,1),5)*IF($Z14=\"Class_6\",INDEX('ER C6 FLT3'!$A$4:$L$340,MATCH($W14&$C14,'ER C6 FLT3'!$A$4:$A$340&'ER C6 FLT3'!$B$4:$B$340-2,1),7))))),IF($B14=\"2 Trucks\",IF($Z14=\"Class_8\",INDEX('ER C8 FLT2'!$A$4:$J$340,MATCH($W14&$C14,'ER C8 FLT2'!$A$4:$A$340&'ER C8 FLT2'!$B$4:$B$340-2,1),5)*IF($Z14=\"Class_8\",INDEX('ER C8 FLT2'!$A$4:$J$340,MATCH($W14&$C14,'ER C8 FLT2'!$A$4:$A$340&'ER C8 FLT2'!$B$4:$B$340-2,1),7)),IF($Z14=\"Class_7\",INDEX('ER C7 FLT2'!$A$4:$J$340,MATCH($W14&$C14,'ER C7 FLT2'!$A$4:$A$340&'ER C7 FLT2'!$B$4:$B$340-2,1),5)*IF($Z14=\"Class_7\",INDEX('ER C7 FLT2'!$A$4:$J$340,MATCH($W14&$C14,'ER C7 FLT2'!$A$4:$A$340&'ER C7 FLT2'!$B$4:$B$340-2,1),7)),IF($Z14=\"Class_6\",INDEX('ER C6 FLT2'!$A$4:$J$340,MATCH($W14&$C14,'ER C6 FLT2'!$A$4:$A$340&'ER C6 FLT2'!$B$4:$B$340-2,1),5)*IF($Z14=\"Class_6\",INDEX('ER C6 FLT2'!$A$4:$J$340,MATCH($W14&$C14,'ER C6 FLT2'!$A$4:$A$340&'ER C6 FLT2'!$B$4:$B$340-2,1),7))))),IF($B14=\"1 Truck\",\nIF($Z14=\"Class_8\",INDEX('ER C8 FLT1'!$A$4:$J$340,MATCH($W14&$C14,'ER C8 FLT1'!$A$4:$A$340&'ER C8 FLT1'!$B$4:$B$340-2,1),5)*IF($Z14=\"Class_8\",INDEX('ER C8 FLT1'!$A$4:$J$340,MATCH($W14&$C14,'ER C8 FLT1'!$A$4:$A$340&'ER C8 FLT1'!$B$4:$B$340-2,1),7)),IF($Z14=\"Class_7\",INDEX('ER C7 FLT1'!$A$4:$J$340,MATCH($W14&$C14,'ER C7 FLT1'!$A$4:$A$340&'ER C7 FLT1'!$B$4:$B$340-2,1),5)*IF($Z14=\"Class_7\",INDEX('ER C7 FLT1'!$A$4:$J$340,MATCH($W14&$C14,'ER C7 FLT1'!$A$4:$A$340&'ER C7 FLT1'!$B$4:$B$340-2,1),7)),\nIF($Z14=\"Class_6\",INDEX('ER C6 FLT1'!$A$4:$J$340,MATCH($W14&$C14,'ER C6 FLT1'!$A$4:$A$340&'ER C6 FLT1'!$B$4:$B$340-2,1),5)*IF($Z14=\"Class_6\",INDEX('ER C6 FLT1'!$A$4:$J$340,MATCH($W14&$C14,'ER C6 FLT1'!$A$4:$A$340&'ER C6 FLT1'!$B$4:$B$340-2,1),7))))),IF($B14=\"4+ Trucks\",IF($Z14=\"Class_8\",INDEX('ER C8 FLT4'!$A$4:$J$340,MATCH($W14&$C14,'ER C8 FLT4'!$A$4:$A$340&'ER C8 FLT4'!$B$4:$B$340-2,1),5)*IF($Z14=\"Class_8\",INDEX('ER C8 FLT4'!$A$4:$J$340,MATCH($W14&$C14,'ER C8 FLT4'!$A$4:$A$340&'ER C8 FLT4'!$B$4:$B$340-2,1),7)),IF($Z14=\"Class_7\",INDEX('ER C7 FLT4'!$A$4:$J$340,MATCH($W14&$C14,'ER C7 FLT4'!$A$4:$A$340&'ER C7 FLT4'!$B$4:$B$340-2,1),5)*IF($Z14=\"Class_7\",INDEX('ER C7 FLT4'!$A$4:$J$340,MATCH($W14&$C14,'ER C7 FLT4'!$A$4:$A$340&'ER C7 FLT4'!$B$4:$B$340-2,1),7)),\nIF($Z14=\"Class_6\",INDEX('ER C6 FLT4'!$A$4:$J$340,MATCH($W14&$C14,'ER C6 FLT4'!$A$4:$A$340&'ER C6 FLT4'!$B$4:$B$340-2,1),5)*IF($Z14=\"Class_6\",INDEX('ER C6 FLT4'!$A$4:$L$340,MATCH($W14&$C14,'ER C6 FLT4'!$A$4:$A$340&'ER C6 FLT4'!$B$4:$B$340-2,1),7))))))))))*IF($X14=\"Level 3 PM + Mark I NOx\",0.75,1)*($AC14/453.6)-IF(CV14=0,CH14,0),0)","v":0},{"$f":"MAX(0,CV14+CW14)","v":0},0,{"$f":"MAX((IF($B14=\"3 Trucks\",IF($Z14=\"Class_8\",INDEX('ER C8 FLT3'!$A$4:$J$340,MATCH($W14&$C14,'ER C8 FLT3'!$A$4:$A$340&'ER C8 FLT3'!$B$4:$B$340-3,1),5)*IF($Z14=\"Class_8\",INDEX('ER C8 FLT3'!$A$4:$J$340,MATCH($W14&$C14,'ER C8 FLT3'!$A$4:$A$340&'ER C8 FLT3'!$B$4:$B$340-3,1),7)),IF($Z14=\"Class_7\",INDEX('ER C7 FLT3'!$A$4:$J$340,MATCH($W14&$C14,'ER C7 FLT3'!$A$4:$A$340&'ER C7 FLT3'!$B$4:$B$340-3,1),5)*IF($Z14=\"Class_7\",INDEX('ER C7 FLT3'!$A$4:$J$340,MATCH($W14&$C14,'ER C7 FLT3'!$A$4:$A$340&'ER C7 FLT3'!$B$4:$B$340-3,1),7)),\nIF($Z14=\"Class_6\",INDEX('ER C6 FLT3'!$A$4:$J$340,MATCH($W14&$C14,'ER C6 FLT3'!$A$4:$A$340&'ER C6 FLT3'!$B$4:$B$340-3,1),5)*IF($Z14=\"Class_6\",INDEX('ER C6 FLT3'!$A$4:$L$340,MATCH($W14&$C14,'ER C6 FLT3'!$A$4:$A$340&'ER C6 FLT3'!$B$4:$B$340-3,1),7))))),IF($B14=\"2 Trucks\",IF($Z14=\"Class_8\",INDEX('ER C8 FLT2'!$A$4:$J$340,MATCH($W14&$C14,'ER C8 FLT2'!$A$4:$A$340&'ER C8 FLT2'!$B$4:$B$340-3,1),5)*IF($Z14=\"Class_8\",INDEX('ER C8 FLT2'!$A$4:$J$340,MATCH($W14&$C14,'ER C8 FLT2'!$A$4:$A$340&'ER C8 FLT2'!$B$4:$B$340-3,1),7)),IF($Z14=\"Class_7\",INDEX('ER C7 FLT2'!$A$4:$J$340,MATCH($W14&$C14,'ER C7 FLT2'!$A$4:$A$340&'ER C7 FLT2'!$B$4:$B$340-3,1),5)*IF($Z14=\"Class_7\",INDEX('ER C7 FLT2'!$A$4:$J$340,MATCH($W14&$C14,'ER C7 FLT2'!$A$4:$A$340&'ER C7 FLT2'!$B$4:$B$340-3,1),7)),IF($Z14=\"Class_6\",INDEX('ER C6 FLT2'!$A$4:$J$340,MATCH($W14&$C14,'ER C6 FLT2'!$A$4:$A$340&'ER C6 FLT2'!$B$4:$B$340-3,1),5)*IF($Z14=\"Class_6\",INDEX('ER C6 FLT2'!$A$4:$J$340,MATCH($W14&$C14,'ER C6 FLT2'!$A$4:$A$340&'ER C6 FLT2'!$B$4:$B$340-3,1),7))))),IF($B14=\"1 Truck\",\nIF($Z14=\"Class_8\",INDEX('ER C8 FLT1'!$A$4:$J$340,MATCH($W14&$C14,'ER C8 FLT1'!$A$4:$A$340&'ER C8 FLT1'!$B$4:$B$340-3,1),5)*IF($Z14=\"Class_8\",INDEX('ER C8 FLT1'!$A$4:$J$340,MATCH($W14&$C14,'ER C8 FLT1'!$A$4:$A$340&'ER C8 FLT1'!$B$4:$B$340-3,1),7)),IF($Z14=\"Class_7\",INDEX('ER C7 FLT1'!$A$4:$J$340,MATCH($W14&$C14,'ER C7 FLT1'!$A$4:$A$340&'ER C7 FLT1'!$B$4:$B$340-3,1),5)*IF($Z14=\"Class_7\",INDEX('ER C7 FLT1'!$A$4:$J$340,MATCH($W14&$C14,'ER C7 FLT1'!$A$4:$A$340&'ER C7 FLT1'!$B$4:$B$340-3,1),7)),\nIF($Z14=\"Class_6\",INDEX('ER C6 FLT1'!$A$4:$J$340,MATCH($W14&$C14,'ER C6 FLT1'!$A$4:$A$340&'ER C6 FLT1'!$B$4:$B$340-3,1),5)*IF($Z14=\"Class_6\",INDEX('ER C6 FLT1'!$A$4:$J$340,MATCH($W14&$C14,'ER C6 FLT1'!$A$4:$A$340&'ER C6 FLT1'!$B$4:$B$340-3,1),7))))),IF($B14=\"4+ Trucks\",IF($Z14=\"Class_8\",INDEX('ER C8 FLT4'!$A$4:$J$340,MATCH($W14&$C14,'ER C8 FLT4'!$A$4:$A$340&'ER C8 FLT4'!$B$4:$B$340-3,1),5)*IF($Z14=\"Class_8\",INDEX('ER C8 FLT4'!$A$4:$J$340,MATCH($W14&$C14,'ER C8 FLT4'!$A$4:$A$340&'ER C8 FLT4'!$B$4:$B$340-3,1),7)),IF($Z14=\"Class_7\",INDEX('ER C7 FLT4'!$A$4:$J$340,MATCH($W14&$C14,'ER C7 FLT4'!$A$4:$A$340&'ER C7 FLT4'!$B$4:$B$340-3,1),5)*IF($Z14=\"Class_7\",INDEX('ER C7 FLT4'!$A$4:$J$340,MATCH($W14&$C14,'ER C7 FLT4'!$A$4:$A$340&'ER C7 FLT4'!$B$4:$B$340-3,1),7)),\nIF($Z14=\"Class_6\",INDEX('ER C6 FLT4'!$A$4:$J$340,MATCH($W14&$C14,'ER C6 FLT4'!$A$4:$A$340&'ER C6 FLT4'!$B$4:$B$340-3,1),5)*IF($Z14=\"Class_6\",INDEX('ER C6 FLT4'!$A$4:$L$340,MATCH($W14&$C14,'ER C6 FLT4'!$A$4:$A$340&'ER C6 FLT4'!$B$4:$B$340-3,1),7))))))))))*IF($X14=\"Level 3 PM + Mark I NOx\",0.75,1)*($AC14/453.6)-IF(CY14=0,CI14,0),0)","v":0},{"$f":"MAX(0,CY14+CZ14)","v":0},0,{"$f":"MAX((IF($B14=\"3 Trucks\",IF($Z14=\"Class_8\",INDEX('ER C8 FLT3'!$A$4:$J$340,MATCH($W14&$C14,'ER C8 FLT3'!$A$4:$A$340&'ER C8 FLT3'!$B$4:$B$340-4,1),5)*IF($Z14=\"Class_8\",INDEX('ER C8 FLT3'!$A$4:$J$340,MATCH($W14&$C14,'ER C8 FLT3'!$A$4:$A$340&'ER C8 FLT3'!$B$4:$B$340-4,1),7)),IF($Z14=\"Class_7\",INDEX('ER C7 FLT3'!$A$4:$J$340,MATCH($W14&$C14,'ER C7 FLT3'!$A$4:$A$340&'ER C7 FLT3'!$B$4:$B$340-4,1),5)*IF($Z14=\"Class_7\",INDEX('ER C7 FLT3'!$A$4:$J$340,MATCH($W14&$C14,'ER C7 FLT3'!$A$4:$A$340&'ER C7 FLT3'!$B$4:$B$340-4,1),7)),\nIF($Z14=\"Class_6\",INDEX('ER C6 FLT3'!$A$4:$J$340,MATCH($W14&$C14,'ER C6 FLT3'!$A$4:$A$340&'ER C6 FLT3'!$B$4:$B$340-4,1),5)*IF($Z14=\"Class_6\",INDEX('ER C6 FLT3'!$A$4:$L$340,MATCH($W14&$C14,'ER C6 FLT3'!$A$4:$A$340&'ER C6 FLT3'!$B$4:$B$340-4,1),7))))),IF($B14=\"2 Trucks\",IF($Z14=\"Class_8\",INDEX('ER C8 FLT2'!$A$4:$J$340,MATCH($W14&$C14,'ER C8 FLT2'!$A$4:$A$340&'ER C8 FLT2'!$B$4:$B$340-4,1),5)*IF($Z14=\"Class_8\",INDEX('ER C8 FLT2'!$A$4:$J$340,MATCH($W14&$C14,'ER C8 FLT2'!$A$4:$A$340&'ER C8 FLT2'!$B$4:$B$340-4,1),7)),IF($Z14=\"Class_7\",INDEX('ER C7 FLT2'!$A$4:$J$340,MATCH($W14&$C14,'ER C7 FLT2'!$A$4:$A$340&'ER C7 FLT2'!$B$4:$B$340-4,1),5)*IF($Z14=\"Class_7\",INDEX('ER C7 FLT2'!$A$4:$J$340,MATCH($W14&$C14,'ER C7 FLT2'!$A$4:$A$340&'ER C7 FLT2'!$B$4:$B$340-4,1),7)),IF($Z14=\"Class_6\",INDEX('ER C6 FLT2'!$A$4:$J$340,MATCH($W14&$C14,'ER C6 FLT2'!$A$4:$A$340&'ER C6 FLT2'!$B$4:$B$340-4,1),5)*IF($Z14=\"Class_6\",INDEX('ER C6 FLT2'!$A$4:$J$340,MATCH($W14&$C14,'ER C6 FLT2'!$A$4:$A$340&'ER C6 FLT2'!$B$4:$B$340-4,1),7))))),IF($B14=\"1 Truck\",\nIF($Z14=\"Class_8\",INDEX('ER C8 FLT1'!$A$4:$J$340,MATCH($W14&$C14,'ER C8 FLT1'!$A$4:$A$340&'ER C8 FLT1'!$B$4:$B$340-4,1),5)*IF($Z14=\"Class_8\",INDEX('ER C8 FLT1'!$A$4:$J$340,MATCH($W14&$C14,'ER C8 FLT1'!$A$4:$A$340&'ER C8 FLT1'!$B$4:$B$340-4,1),7)),IF($Z14=\"Class_7\",INDEX('ER C7 FLT1'!$A$4:$J$340,MATCH($W14&$C14,'ER C7 FLT1'!$A$4:$A$340&'ER C7 FLT1'!$B$4:$B$340-4,1),5)*IF($Z14=\"Class_7\",INDEX('ER C7 FLT1'!$A$4:$J$340,MATCH($W14&$C14,'ER C7 FLT1'!$A$4:$A$340&'ER C7 FLT1'!$B$4:$B$340-4,1),7)),\nIF($Z14=\"Class_6\",INDEX('ER C6 FLT1'!$A$4:$J$340,MATCH($W14&$C14,'ER C6 FLT1'!$A$4:$A$340&'ER C6 FLT1'!$B$4:$B$340-4,1),5)*IF($Z14=\"Class_6\",INDEX('ER C6 FLT1'!$A$4:$J$340,MATCH($W14&$C14,'ER C6 FLT1'!$A$4:$A$340&'ER C6 FLT1'!$B$4:$B$340-4,1),7))))),IF($B14=\"4+ Trucks\",IF($Z14=\"Class_8\",INDEX('ER C8 FLT4'!$A$4:$J$340,MATCH($W14&$C14,'ER C8 FLT4'!$A$4:$A$340&'ER C8 FLT4'!$B$4:$B$340-4,1),5)*IF($Z14=\"Class_8\",INDEX('ER C8 FLT4'!$A$4:$J$340,MATCH($W14&$C14,'ER C8 FLT4'!$A$4:$A$340&'ER C8 FLT4'!$B$4:$B$340-4,1),7)),IF($Z14=\"Class_7\",INDEX('ER C7 FLT4'!$A$4:$J$340,MATCH($W14&$C14,'ER C7 FLT4'!$A$4:$A$340&'ER C7 FLT4'!$B$4:$B$340-4,1),5)*IF($Z14=\"Class_7\",INDEX('ER C7 FLT4'!$A$4:$J$340,MATCH($W14&$C14,'ER C7 FLT4'!$A$4:$A$340&'ER C7 FLT4'!$B$4:$B$340-4,1),7)),\nIF($Z14=\"Class_6\",INDEX('ER C6 FLT4'!$A$4:$J$340,MATCH($W14&$C14,'ER C6 FLT4'!$A$4:$A$340&'ER C6 FLT4'!$B$4:$B$340-4,1),5)*IF($Z14=\"Class_6\",INDEX('ER C6 FLT4'!$A$4:$L$340,MATCH($W14&$C14,'ER C6 FLT4'!$A$4:$A$340&'ER C6 FLT4'!$B$4:$B$340-4,1),7))))))))))*IF($X14=\"Level 3 PM + Mark I NOx\",0.75,1)*($AC14/453.6)-IF(DB14=0,CJ14,0),0)","v":0},{"$f":"MAX(0,DB14+DC14)","v":0},{"$f":"MAX(0,CR14+CU14+CX14+DA14+DD14)","v":0}]
[{"$f":"'Input data'!A13","v":"project 9"},{"$f":"'Input data'!B13","v":0},{"$f":"'Input data'!C13","v":0},{"$f":"'Input data'!D13","v":0},{"$f":"'Input data'!E13","v":0},{"$f":"'Input data'!F13","v":0},{"$f":"'Input data'!G13","v":0},{"$f":"'Input data'!H13","v":""},{"$f":"'Input data'!I13","v":0},{"$f":"'Input data'!J13","v":0},{"$f":"'Input data'!K13","v":0},{"$f":"'Input data'!AK13","v":false},{"$f":"'Input data'!M13","v":0},{"$f":"'Input data'!AJ13","v":0},{"$f":"'Input data'!L13","v":0},{"$f":"'Input data'!N13","v":0},{"$f":"'Input data'!O13","v":0},{"$f":"'Input data'!P13","v":0},{"$f":"'Input data'!Q13","v":0},{"$f":"'Input data'!R13","v":""},{"$f":"'Input data'!$S13","v":"No"},{"$f":"'Input data'!T13","v":"No"},{"$f":"'Input data'!U13","v":0},{"$f":"'Input data'!V13","v":0},{"$f":"'Input data'!W13","v":0},{"$f":"'Input data'!X13","v":""},{"$f":"'Input data'!Y13","v":0},{"$f":"'Input data'!Z13","v":0},{"$f":"'Input data'!AA13","v":0},null,null,{"$f":"'Input data'!AD13","v":0},{"$f":"'Input data'!AE13","v":false},{"$f":"'Input data'!AF13","v":false},{"$f":"'Input data'!AG13","v":false},{"$f":"'Input data'!AH13","v":false},null,{"$f":"IF($B15=\"4+ Trucks\",IF(OR($H15=\"Class_8\",$N15=\"Replacement8HHD\",$AH15=\"CL7HHD\",$AJ15=\"CL7to8\"),INDEX('ER C8 FLT4'!$A$4:$I$340,MATCH($E15&$C15,'ER C8 FLT4'!$A$4:$A$340&'ER C8 FLT4'!$B$4:$B$340,1),8)*IF(OR($H15=\"Class_8\",$N15=\"Replacement8HHD\",$AH15=\"CL7HHD\",$AJ15=\"CL7to8\"),INDEX('ER C8 FLT4'!$A$4:$K$340,MATCH($E15&$C15,'ER C8 FLT4'!$A$4:$A$340&'ER C8 FLT4'!$B$4:$B$340,1),9)),IF($H15=\"Class_7\",INDEX('ER C7 FLT4'!$A$4:$J$340,MATCH($E15&$C15,'ER C7 FLT4'!$A$4:$A$340&'ER C7 FLT4'!$B$4:$B$340,1),8)*IF($H15=\"Class_7\",INDEX('ER C7 FLT4'!$A$4:$J$340,MATCH($E15&$C15,'ER C7 FLT4'!$A$4:$A$340&'ER C7 FLT4'!$B$4:$B$340,1),9)),\nIF($H15=\"Class_6\",INDEX('ER C6 FLT4'!$A$4:$J$340,MATCH($E15&$C15,'ER C6 FLT4'!$A$4:$A$340&'ER C6 FLT4'!$B$4:$B$340,1),8)*IF($H15=\"Class_6\",INDEX('ER C6 FLT4'!$A$4:$L$340,MATCH($E15&$C15,'ER C6 FLT4'!$A$4:$A$340&'ER C6 FLT4'!$B$4:$B$340,1),9))))),IF($B15=\"3 Trucks\",IF(OR($H15=\"Class_8\",$N15=\"Replacement8HHD\",$AH15=\"CL7HHD\",$AJ15=\"CL7to8\"),INDEX('ER C8 FLT3'!$A$4:$J$340,MATCH($E15&$C15,'ER C8 FLT3'!$A$4:$A$340&'ER C8 FLT3'!$B$4:$B$340,1),8)*IF(OR($H15=\"Class_8\",$N15=\"Replacement8HHD\",$AH15=\"CL7HHD\",$AJ15=\"CL7to8\"),INDEX('ER C8 FLT3'!$A$4:$J$340,MATCH($E15&$C15,'ER C8 FLT3'!$A$4:$A$340&'ER C8 FLT3'!$B$4:$B$340,1),9)),IF($H15=\"Class_7\",INDEX('ER C7 FLT3'!$A$4:$J$340,MATCH($E15&$C15,'ER C7 FLT3'!$A$4:$A$340&'ER C7 FLT3'!$B$4:$B$340,1),8)*IF($H15=\"Class_7\",INDEX('ER C7 FLT3'!$A$4:$J$340,MATCH($E15&$C15,'ER C7 FLT3'!$A$4:$A$340&'ER C7 FLT3'!$B$4:$B$340,1),9)),\nIF($H15=\"Class_6\",INDEX('ER C6 FLT3'!$A$4:$J$340,MATCH($E15&$C15,'ER C6 FLT3'!$A$4:$A$340&'ER C6 FLT3'!$B$4:$B$340,1),8)*IF($H15=\"Class_6\",INDEX('ER C6 FLT3'!$A$4:$L$340,MATCH($E15&$C15,'ER C6 FLT3'!$A$4:$A$340&'ER C6 FLT3'!$B$4:$B$340,1),9))))),IF($B15=\"2 Trucks\",IF(OR($H15=\"Class_8\",$N15=\"Replacement8HHD\",$AH15=\"CL7HHD\",$AJ15=\"CL7to8\"),INDEX('ER C8 FLT2'!$A$4:$J$340,MATCH($E15&$C15,'ER C8 FLT2'!$A$4:$A$340&'ER C8 FLT2'!$B$4:$B$340,1),8)*IF(OR($H15=\"Class_8\",$N15=\"Replacement8HHD\",$AH15=\"CL7HHD\",$AJ15=\"CL7to8\"),INDEX('ER C8 FLT2'!$A$4:$J$340,MATCH($E15&$C15,'ER C8 FLT2'!$A$4:$A$340&'ER C8 FLT2'!$B$4:$B$340,1),9)),IF($H15=\"Class_7\",INDEX('ER C7 FLT2'!$A$4:$J$340,MATCH($E15&$C15,'ER C7 FLT2'!$A$4:$A$340&'ER C7 FLT2'!$B$4:$B$340,1),8)*IF($H15=\"Class_7\",INDEX('ER C7 FLT2'!$A$4:$J$340,MATCH($E15&$C15,'ER C7 FLT2'!$A$4:$A$340&'ER C7 FLT2'!$B$4:$B$340,1),9)),IF($H15=\"Class_6\",INDEX('ER C6 FLT2'!$A$4:$J$340,MATCH($E15&$C15,'ER C6 FLT2'!$A$4:$A$340&'ER C6 FLT2'!$B$4:$B$340,1),8)*IF($H15=\"Class_6\",INDEX('ER C6 FLT2'!$A$4:$J$340,MATCH($E15&$C15,'ER C6 FLT2'!$A$4:$A$340&'ER C6 FLT2'!$B$4:$B$340,1),9))))),IF($B15=\"1 Truck\",\nIF(OR($H15=\"Class_8\",$N15=\"Replacement8HHD\",$AH15=\"CL7HHD\",$AJ15=\"CL7to8\"),INDEX('ER C8 FLT1'!$A$4:$J$340,MATCH($E15&$C15,'ER C8 FLT1'!$A$4:$A$340&'ER C8 FLT1'!$B$4:$B$340,1),8)*IF(OR($H15=\"Class_8\",$N15=\"Replacement8HHD\",$AH15=\"CL7HHD\",$AJ15=\"CL7to8\"),INDEX('ER C8 FLT1'!$A$4:$J$340,MATCH($E15&$C15,'ER C8 FLT1'!$A$4:$A$340&'ER C8 FLT1'!$B$4:$B$340,1),9)),IF($H15=\"Class_7\",INDEX('ER C7 FLT1'!$A$4:$J$340,MATCH($E15&$C15,'ER C7 FLT1'!$A$4:$A$340&'ER C7 FLT1'!$B$4:$B$340,1),8)*IF($H15=\"Class_7\",INDEX('ER C7 FLT1'!$A$4:$J$340,MATCH($E15&$C15,'ER C7 FLT1'!$A$4:$A$340&'ER C7 FLT1'!$B$4:$B$340,1),9)),\nIF($H15=\"Class_6\",INDEX('ER C6 FLT1'!$A$4:$J$340,MATCH($E15&$C15,'ER C6 FLT1'!$A$4:$A$340&'ER C6 FLT1'!$B$4:$B$340,1),8)*IF($H15=\"Class_6\",INDEX('ER C6 FLT1'!$A$4:$J$340,MATCH($E15&$C15,'ER C6 FLT1'!$A$4:$A$340&'ER C6 FLT1'!$B$4:$B$340,1),9)))))))))*IF($F15=\"Level 1 PM\",0.75,IF($F15=\"Level 2 PM\",0.5,IF($F15=\"Level 3 PM\",0,IF($F15=\"Level 3 PM + Mark I NOx\",0,1))))*($Q15/453.6)","v":0},{"$f":"IF($B15=\"4+ Trucks\",IF(OR($H15=\"Class_8\",$N15=\"Replacement8HHD\",$AH15=\"CL7HHD\",$AJ15=\"CL7to8\"),INDEX('ER C8 FLT4'!$A$4:$K$340,MATCH($E15&$C15,'ER C8 FLT4'!$A$4:$A$340&'ER C8 FLT4'!$B$4:$B$340-1,1),8)*IF(OR($H15=\"Class_8\",$N15=\"Replacement8HHD\",$AH15=\"CL7HHD\",$AJ15=\"CL7to8\"),INDEX('ER C8 FLT4'!$A$4:$K$340,MATCH($E15&$C15,'ER C8 FLT4'!$A$4:$A$340&'ER C8 FLT4'!$B$4:$B$340-1,1),9)),IF($H15=\"Class_7\",INDEX('ER C7 FLT4'!$A$4:$J$340,MATCH($E15&$C15,'ER C7 FLT4'!$A$4:$A$340&'ER C7 FLT4'!$B$4:$B$340-1,1),8)*IF($H15=\"Class_7\",INDEX('ER C7 FLT4'!$A$4:$J$340,MATCH($E15&$C15,'ER C7 FLT4'!$A$4:$A$340&'ER C7 FLT4'!$B$4:$B$340-1,1),9)),\nIF($H15=\"Class_6\",INDEX('ER C6 FLT4'!$A$4:$J$340,MATCH($E15&$C15,'ER C6 FLT4'!$A$4:$A$340&'ER C6 FLT4'!$B$4:$B$340-1,1),8)*IF($H15=\"Class_6\",INDEX('ER C6 FLT4'!$A$4:$L$340,MATCH($E15&$C15,'ER C6 FLT4'!$A$4:$A$340&'ER C6 FLT4'!$B$4:$B$340-1,1),9))))),\nIF($B15=\"3 Trucks\",IF(OR($H15=\"Class_8\",$N15=\"Replacement8HHD\",$AH15=\"CL7HHD\",$AJ15=\"CL7to8\"),INDEX('ER C8 FLT3'!$A$4:$J$340,MATCH($E15&$C15,'ER C8 FLT3'!$A$4:$A$340&'ER C8 FLT3'!$B$4:$B$340-1,1),8)*IF(OR($H15=\"Class_8\",$N15=\"Replacement8HHD\",$AH15=\"CL7HHD\",$AJ15=\"CL7to8\"),INDEX('ER C8 FLT3'!$A$4:$J$340,MATCH($E15&$C15,'ER C8 FLT3'!$A$4:$A$340&'ER C8 FLT3'!$B$4:$B$340-1,1),9)),IF($H15=\"Class_7\",INDEX('ER C7 FLT3'!$A$4:$J$340,MATCH($E15&$C15,'ER C7 FLT3'!$A$4:$A$340&'ER C7 FLT3'!$B$4:$B$340-1,1),8)*IF($H15=\"Class_7\",INDEX('ER C7 FLT3'!$A$4:$J$340,MATCH($E15&$C15,'ER C7 FLT3'!$A$4:$A$340&'ER C7 FLT3'!$B$4:$B$340-1,1),9)),\nIF($H15=\"Class_6\",INDEX('ER C6 FLT3'!$A$4:$J$340,MATCH($E15&$C15,'ER C6 FLT3'!$A$4:$A$340&'ER C6 FLT3'!$B$4:$B$340-1,1),8)*IF($H15=\"Class_6\",INDEX('ER C6 FLT3'!$A$4:$L$340,MATCH($E15&$C15,'ER C6 FLT3'!$A$4:$A$340&'ER C6 FLT3'!$B$4:$B$340-1,1),9))))),IF($B15=\"2 Trucks\",IF(OR($H15=\"Class_8\",$N15=\"Replacement8HHD\",$AH15=\"CL7HHD\",$AJ15=\"CL7to8\"),INDEX('ER C8 FLT2'!$A$4:$J$340,MATCH($E15&$C15,'ER C8 FLT2'!$A$4:$A$340&'ER C8 FLT2'!$B$4:$B$340-1,1),8)*IF(OR($H15=\"Class_8\",$N15=\"Replacement8HHD\",$AH15=\"CL7HHD\",$AJ15=\"CL7to8\"),INDEX('ER C8 FLT2'!$A$4:$J$340,MATCH($E15&$C15,'ER C8 FLT2'!$A$4:$A$340&'ER C8 FLT2'!$B$4:$B$340-1,1),9)),IF($H15=\"Class_7\",INDEX('ER C7 FLT2'!$A$4:$J$340,MATCH($E15&$C15,'ER C7 FLT2'!$A$4:$A$340&'ER C7 FLT2'!$B$4:$B$340-1,1),8)*IF($H15=\"Class_7\",INDEX('ER C7 FLT2'!$A$4:$J$340,MATCH($E15&$C15,'ER C7 FLT2'!$A$4:$A$340&'ER C7 FLT2'!$B$4:$B$340-1,1),9)),IF($H15=\"Class_6\",INDEX('ER C6 FLT2'!$A$4:$J$340,MATCH($E15&$C15,'ER C6 FLT2'!$A$4:$A$340&'ER C6 FLT2'!$B$4:$B$340-1,1),8)*IF($H15=\"Class_6\",INDEX('ER C6 FLT2'!$A$4:$J$340,MATCH($E15&$C15,'ER C6 FLT2'!$A$4:$A$340&'ER C6 FLT2'!$B$4:$B$340-1,1),9))))),IF($B15=\"1 Truck\",\nIF(OR($H15=\"Class_8\",$N15=\"Replacement8HHD\",$AH15=\"CL7HHD\",$AJ15=\"CL7to8\"),INDEX('ER C8 FLT1'!$A$4:$J$340,MATCH($E15&$C15,'ER C8 FLT1'!$A$4:$A$340&'ER C8 FLT1'!$B$4:$B$340-1,1),8)*IF(OR($H15=\"Class_8\",$N15=\"Replacement8HHD\",$AH15=\"CL7HHD\",$AJ15=\"CL7to8\"),INDEX('ER C8 FLT1'!$A$4:$J$340,MATCH($E15&$C15,'ER C8 FLT1'!$A$4:$A$340&'ER C8 FLT1'!$B$4:$B$340-1,1),9)),IF($H15=\"Class_7\",INDEX('ER C7 FLT1'!$A$4:$J$340,MATCH($E15&$C15,'ER C7 FLT1'!$A$4:$A$340&'ER C7 FLT1'!$B$4:$B$340-1,1),8)*IF($H15=\"Class_7\",INDEX('ER C7 FLT1'!$A$4:$J$340,MATCH($E15&$C15,'ER C7 FLT1'!$A$4:$A$340&'ER C7 FLT1'!$B$4:$B$340-1,1),9)),\nIF($H15=\"Class_6\",INDEX('ER C6 FLT1'!$A$4:$J$340,MATCH($E15&$C15,'ER C6 FLT1'!$A$4:$A$340&'ER C6 FLT1'!$B$4:$B$340-1,1),8)*IF($H15=\"Class_6\",INDEX('ER C6 FLT1'!$A$4:$J$340,MATCH($E15&$C15,'ER C6 FLT1'!$A$4:$A$340&'ER C6 FLT1'!$B$4:$B$340-1,1),9))))))))*IF($F15=\"Level 1 PM\",0.75,IF($F15=\"Level 2 PM\",0.5,IF($F15=\"Level 3 PM\",0,IF($F15=\"Level 3 PM + Mark I NOx\",0,1)))))*($Q15/453.6)","v":0},{"$f":"IF($B15=\"4+ Trucks\",IF(OR($H15=\"Class_8\",$N15=\"Replacement8HHD\",$AH15=\"CL7HHD\",$AJ15=\"CL7to8\"),INDEX('ER C8 FLT4'!$A$4:$K$340,MATCH($E15&$C15,'ER C8 FLT4'!$A$4:$A$340&'ER C8 FLT4'!$B$4:$B$340-2,1),8)*IF(OR($H15=\"Class_8\",$N15=\"Replacement8HHD\",$AH15=\"CL7HHD\",$AJ15=\"CL7to8\"),INDEX('ER C8 FLT4'!$A$4:$K$340,MATCH($E15&$C15,'ER C8 FLT4'!$A$4:$A$340&'ER C8 FLT4'!$B$4:$B$340-2,1),9)),IF($H15=\"Class_7\",INDEX('ER C7 FLT4'!$A$4:$J$340,MATCH($E15&$C15,'ER C7 FLT4'!$A$4:$A$340&'ER C7 FLT4'!$B$4:$B$340-2,1),8)*IF($H15=\"Class_7\",INDEX('ER C7 FLT4'!$A$4:$J$340,MATCH($E15&$C15,'ER C7 FLT4'!$A$4:$A$340&'ER C7 FLT4'!$B$4:$B$340-2,1),9)),\nIF($H15=\"Class_6\",INDEX('ER C6 FLT4'!$A$4:$J$340,MATCH($E15&$C15,'ER C6 FLT4'!$A$4:$A$340&'ER C6 FLT4'!$B$4:$B$340-2,1),8)*IF($H15=\"Class_6\",INDEX('ER C6 FLT4'!$A$4:$L$340,MATCH($E15&$C15,'ER C6 FLT4'!$A$4:$A$340&'ER C6 FLT4'!$B$4:$B$340-2,1),9))))),\nIF($B15=\"3 Trucks\",IF(OR($H15=\"Class_8\",$N15=\"Replacement8HHD\",$AH15=\"CL7HHD\",$AJ15=\"CL7to8\"),INDEX('ER C8 FLT3'!$A$4:$J$340,MATCH($E15&$C15,'ER C8 FLT3'!$A$4:$A$340&'ER C8 FLT3'!$B$4:$B$340-2,1),8)*IF(OR($H15=\"Class_8\",$N15=\"Replacement8HHD\",$AH15=\"CL7HHD\",$AJ15=\"CL7to8\"),INDEX('ER C8 FLT3'!$A$4:$J$340,MATCH($E15&$C15,'ER C8 FLT3'!$A$4:$A$340&'ER C8 FLT3'!$B$4:$B$340-2,1),9)),IF($H15=\"Class_7\",INDEX('ER C7 FLT3'!$A$4:$J$340,MATCH($E15&$C15,'ER C7 FLT3'!$A$4:$A$340&'ER C7 FLT3'!$B$4:$B$340-2,1),8)*IF($H15=\"Class_7\",INDEX('ER C7 FLT3'!$A$4:$J$340,MATCH($E15&$C15,'ER C7 FLT3'!$A$4:$A$340&'ER C7 FLT3'!$B$4:$B$340-2,1),9)),\nIF($H15=\"Class_6\",INDEX('ER C6 FLT3'!$A$4:$J$340,MATCH($E15&$C15,'ER C6 FLT3'!$A$4:$A$340&'ER C6 FLT3'!$B$4:$B$340-2,1),8)*IF($H15=\"Class_6\",INDEX('ER C6 FLT3'!$A$4:$L$340,MATCH($E15&$C15,'ER C6 FLT3'!$A$4:$A$340&'ER C6 FLT3'!$B$4:$B$340-2,1),9))))),IF($B15=\"2 Trucks\",IF(OR($H15=\"Class_8\",$N15=\"Replacement8HHD\",$AH15=\"CL7HHD\",$AJ15=\"CL7to8\"),INDEX('ER C8 FLT2'!$A$4:$J$340,MATCH($E15&$C15,'ER C8 FLT2'!$A$4:$A$340&'ER C8 FLT2'!$B$4:$B$340-2,1),8)*IF(OR($H15=\"Class_8\",$N15=\"Replacement8HHD\",$AH15=\"CL7HHD\",$AJ15=\"CL7to8\"),INDEX('ER C8 FLT2'!$A$4:$J$340,MATCH($E15&$C15,'ER C8 FLT2'!$A$4:$A$340&'ER C8 FLT2'!$B$4:$B$340-2,1),9)),IF($H15=\"Class_7\",INDEX('ER C7 FLT2'!$A$4:$J$340,MATCH($E15&$C15,'ER C7 FLT2'!$A$4:$A$340&'ER C7 FLT2'!$B$4:$B$340-2,1),8)*IF($H15=\"Class_7\",INDEX('ER C7 FLT2'!$A$4:$J$340,MATCH($E15&$C15,'ER C7 FLT2'!$A$4:$A$340&'ER C7 FLT2'!$B$4:$B$340-2,1),9)),IF($H15=\"Class_6\",INDEX('ER C6 FLT2'!$A$4:$J$340,MATCH($E15&$C15,'ER C6 FLT2'!$A$4:$A$340&'ER C6 FLT2'!$B$4:$B$340-2,1),8)*IF($H15=\"Class_6\",INDEX('ER C6 FLT2'!$A$4:$J$340,MATCH($E15&$C15,'ER C6 FLT2'!$A$4:$A$340&'ER C6 FLT2'!$B$4:$B$340-2,1),9))))),IF($B15=\"1 Truck\",\nIF(OR($H15=\"Class_8\",$N15=\"Replacement8HHD\",$AH15=\"CL7HHD\",$AJ15=\"CL7to8\"),INDEX('ER C8 FLT1'!$A$4:$J$340,MATCH($E15&$C15,'ER C8 FLT1'!$A$4:$A$340&'ER C8 FLT1'!$B$4:$B$340-2,1),8)*IF(OR($H15=\"Class_8\",$N15=\"Replacement8HHD\",$AH15=\"CL7HHD\",$AJ15=\"CL7to8\"),INDEX('ER C8 FLT1'!$A$4:$J$340,MATCH($E15&$C15,'ER C8 FLT1'!$A$4:$A$340&'ER C8 FLT1'!$B$4:$B$340-2,1),9)),IF($H15=\"Class_7\",INDEX('ER C7 FLT1'!$A$4:$J$340,MATCH($E15&$C15,'ER C7 FLT1'!$A$4:$A$340&'ER C7 FLT1'!$B$4:$B$340-2,1),8)*IF($H15=\"Class_7\",INDEX('ER C7 FLT1'!$A$4:$J$340,MATCH($E15&$C15,'ER C7 FLT1'!$A$4:$A$340&'ER C7 FLT1'!$B$4:$B$340-2,1),9)),\nIF($H15=\"Class_6\",INDEX('ER C6 FLT1'!$A$4:$J$340,MATCH($E15&$C15,'ER C6 FLT1'!$A$4:$A$340&'ER C6 FLT1'!$B$4:$B$340-2,1),8)*IF($H15=\"Class_6\",INDEX('ER C6 FLT1'!$A$4:$J$340,MATCH($E15&$C15,'ER C6 FLT1'!$A$4:$A$340&'ER C6 FLT1'!$B$4:$B$340-2,1),9))))))))*IF($F15=\"Level 1 PM\",0.75,IF($F15=\"Level 2 PM\",0.5,IF($F15=\"Level 3 PM\",0,IF($F15=\"Level 3 PM + Mark I NOx\",0,1)))))*($Q15/453.6)","v":0},{"$f":"IF($B15=\"4+ Trucks\",IF(OR($H15=\"Class_8\",$N15=\"Replacement8HHD\",$AH15=\"CL7HHD\",$AJ15=\"CL7to8\"),INDEX('ER C8 FLT4'!$A$4:$K$340,MATCH($E15&$C15,'ER C8 FLT4'!$A$4:$A$340&'ER C8 FLT4'!$B$4:$B$340-3,1),8)*IF(OR($H15=\"Class_8\",$N15=\"Replacement8HHD\",$AH15=\"CL7HHD\",$AJ15=\"CL7to8\"),INDEX('ER C8 FLT4'!$A$4:$K$340,MATCH($E15&$C15,'ER C8 FLT4'!$A$4:$A$340&'ER C8 FLT4'!$B$4:$B$340-3,1),9)),IF($H15=\"Class_7\",INDEX('ER C7 FLT4'!$A$4:$J$340,MATCH($E15&$C15,'ER C7 FLT4'!$A$4:$A$340&'ER C7 FLT4'!$B$4:$B$340-3,1),8)*IF($H15=\"Class_7\",INDEX('ER C7 FLT4'!$A$4:$J$340,MATCH($E15&$C15,'ER C7 FLT4'!$A$4:$A$340&'ER C7 FLT4'!$B$4:$B$340-3,1),9)),\nIF($H15=\"Class_6\",INDEX('ER C6 FLT4'!$A$4:$J$340,MATCH($E15&$C15,'ER C6 FLT4'!$A$4:$A$340&'ER C6 FLT4'!$B$4:$B$340-3,1),8)*IF($H15=\"Class_6\",INDEX('ER C6 FLT4'!$A$4:$L$340,MATCH($E15&$C15,'ER C6 FLT4'!$A$4:$A$340&'ER C6 FLT4'!$B$4:$B$340-3,1),9))))),\nIF($B15=\"3 Trucks\",IF(OR($H15=\"Class_8\",$N15=\"Replacement8HHD\",$AH15=\"CL7HHD\",$AJ15=\"CL7to8\"),INDEX('ER C8 FLT3'!$A$4:$J$340,MATCH($E15&$C15,'ER C8 FLT3'!$A$4:$A$340&'ER C8 FLT3'!$B$4:$B$340-3,1),8)*IF(OR($H15=\"Class_8\",$N15=\"Replacement8HHD\",$AH15=\"CL7HHD\",$AJ15=\"CL7to8\"),INDEX('ER C8 FLT3'!$A$4:$J$340,MATCH($E15&$C15,'ER C8 FLT3'!$A$4:$A$340&'ER C8 FLT3'!$B$4:$B$340-3,1),9)),IF($H15=\"Class_7\",INDEX('ER C7 FLT3'!$A$4:$J$340,MATCH($E15&$C15,'ER C7 FLT3'!$A$4:$A$340&'ER C7 FLT3'!$B$4:$B$340-3,1),8)*IF($H15=\"Class_7\",INDEX('ER C7 FLT3'!$A$4:$J$340,MATCH($E15&$C15,'ER C7 FLT3'!$A$4:$A$340&'ER C7 FLT3'!$B$4:$B$340-3,1),9)),\nIF($H15=\"Class_6\",INDEX('ER C6 FLT3'!$A$4:$J$340,MATCH($E15&$C15,'ER C6 FLT3'!$A$4:$A$340&'ER C6 FLT3'!$B$4:$B$340-3,1),8)*IF($H15=\"Class_6\",INDEX('ER C6 FLT3'!$A$4:$L$340,MATCH($E15&$C15,'ER C6 FLT3'!$A$4:$A$340&'ER C6 FLT3'!$B$4:$B$340-3,1),9))))),IF($B15=\"2 Trucks\",IF(OR($H15=\"Class_8\",$N15=\"Replacement8HHD\",$AH15=\"CL7HHD\",$AJ15=\"CL7to8\"),INDEX('ER C8 FLT2'!$A$4:$J$340,MATCH($E15&$C15,'ER C8 FLT2'!$A$4:$A$340&'ER C8 FLT2'!$B$4:$B$340-3,1),8)*IF(OR($H15=\"Class_8\",$N15=\"Replacement8HHD\",$AH15=\"CL7HHD\",$AJ15=\"CL7to8\"),INDEX('ER C8 FLT2'!$A$4:$J$340,MATCH($E15&$C15,'ER C8 FLT2'!$A$4:$A$340&'ER C8 FLT2'!$B$4:$B$340-3,1),9)),IF($H15=\"Class_7\",INDEX('ER C7 FLT2'!$A$4:$J$340,MATCH($E15&$C15,'ER C7 FLT2'!$A$4:$A$340&'ER C7 FLT2'!$B$4:$B$340-3,1),8)*IF($H15=\"Class_7\",INDEX('ER C7 FLT2'!$A$4:$J$340,MATCH($E15&$C15,'ER C7 FLT2'!$A$4:$A$340&'ER C7 FLT2'!$B$4:$B$340-3,1),9)),IF($H15=\"Class_6\",INDEX('ER C6 FLT2'!$A$4:$J$340,MATCH($E15&$C15,'ER C6 FLT2'!$A$4:$A$340&'ER C6 FLT2'!$B$4:$B$340-3,1),8)*IF($H15=\"Class_6\",INDEX('ER C6 FLT2'!$A$4:$J$340,MATCH($E15&$C15,'ER C6 FLT2'!$A$4:$A$340&'ER C6 FLT2'!$B$4:$B$340-3,1),9))))),IF($B15=\"1 Truck\",\nIF(OR($H15=\"Class_8\",$N15=\"Replacement8HHD\",$AH15=\"CL7HHD\",$AJ15=\"CL7to8\"),INDEX('ER C8 FLT1'!$A$4:$J$340,MATCH($E15&$C15,'ER C8 FLT1'!$A$4:$A$340&'ER C8 FLT1'!$B$4:$B$340-3,1),8)*IF(OR($H15=\"Class_8\",$N15=\"Replacement8HHD\",$AH15=\"CL7HHD\",$AJ15=\"CL7to8\"),INDEX('ER C8 FLT1'!$A$4:$J$340,MATCH($E15&$C15,'ER C8 FLT1'!$A$4:$A$340&'ER C8 FLT1'!$B$4:$B$340-3,1),9)),IF($H15=\"Class_7\",INDEX('ER C7 FLT1'!$A$4:$J$340,MATCH($E15&$C15,'ER C7 FLT1'!$A$4:$A$340&'ER C7 FLT1'!$B$4:$B$340-3,1),8)*IF($H15=\"Class_7\",INDEX('ER C7 FLT1'!$A$4:$J$340,MATCH($E15&$C15,'ER C7 FLT1'!$A$4:$A$340&'ER C7 FLT1'!$B$4:$B$340-3,1),9)),\nIF($H15=\"Class_6\",INDEX('ER C6 FLT1'!$A$4:$J$340,MATCH($E15&$C15,'ER C6 FLT1'!$A$4:$A$340&'ER C6 FLT1'!$B$4:$B$340-3,1),8)*IF($H15=\"Class_6\",INDEX('ER C6 FLT1'!$A$4:$J$340,MATCH($E15&$C15,'ER C6 FLT1'!$A$4:$A$340&'ER C6 FLT1'!$B$4:$B$340-3,1),9))))))))*IF($F15=\"Level 1 PM\",0.75,IF($F15=\"Level 2 PM\",0.5,IF($F15=\"Level 3 PM\",0,IF($F15=\"Level 3 PM + Mark I NOx\",0,1)))))*($Q15/453.6)","v":0},{"$f":"IF($B15=\"4+ Trucks\",IF(OR($H15=\"Class_8\",$N15=\"Replacement8HHD\",$AH15=\"CL7HHD\",$AJ15=\"CL7to8\"),INDEX('ER C8 FLT4'!$A$4:$K$340,MATCH($E15&$C15,'ER C8 FLT4'!$A$4:$A$340&'ER C8 FLT4'!$B$4:$B$340-4,1),8)*IF(OR($H15=\"Class_8\",$N15=\"Replacement8HHD\",$AH15=\"CL7HHD\",$AJ15=\"CL7to8\"),INDEX('ER C8 FLT4'!$A$4:$K$340,MATCH($E15&$C15,'ER C8 FLT4'!$A$4:$A$340&'ER C8 FLT4'!$B$4:$B$340-4,1),9)),IF($H15=\"Class_7\",INDEX('ER C7 FLT4'!$A$4:$J$340,MATCH($E15&$C15,'ER C7 FLT4'!$A$4:$A$340&'ER C7 FLT4'!$B$4:$B$340-4,1),8)*IF($H15=\"Class_7\",INDEX('ER C7 FLT4'!$A$4:$J$340,MATCH($E15&$C15,'ER C7 FLT4'!$A$4:$A$340&'ER C7 FLT4'!$B$4:$B$340-4,1),9)),\nIF($H15=\"Class_6\",INDEX('ER C6 FLT4'!$A$4:$J$340,MATCH($E15&$C15,'ER C6 FLT4'!$A$4:$A$340&'ER C6 FLT4'!$B$4:$B$340-4,1),8)*IF($H15=\"Class_6\",INDEX('ER C6 FLT4'!$A$4:$L$340,MATCH($E15&$C15,'ER C6 FLT4'!$A$4:$A$340&'ER C6 FLT4'!$B$4:$B$340-4,1),9))))),\nIF($B15=\"3 Trucks\",IF(OR($H15=\"Class_8\",$N15=\"Replacement8HHD\",$AH15=\"CL7HHD\",$AJ15=\"CL7to8\"),INDEX('ER C8 FLT3'!$A$4:$J$340,MATCH($E15&$C15,'ER C8 FLT3'!$A$4:$A$340&'ER C8 FLT3'!$B$4:$B$340-4,1),8)*IF(OR($H15=\"Class_8\",$N15=\"Replacement8HHD\",$AH15=\"CL7HHD\",$AJ15=\"CL7to8\"),INDEX('ER C8 FLT3'!$A$4:$J$340,MATCH($E15&$C15,'ER C8 FLT3'!$A$4:$A$340&'ER C8 FLT3'!$B$4:$B$340-4,1),9)),IF($H15=\"Class_7\",INDEX('ER C7 FLT3'!$A$4:$J$340,MATCH($E15&$C15,'ER C7 FLT3'!$A$4:$A$340&'ER C7 FLT3'!$B$4:$B$340-4,1),8)*IF($H15=\"Class_7\",INDEX('ER C7 FLT3'!$A$4:$J$340,MATCH($E15&$C15,'ER C7 FLT3'!$A$4:$A$340&'ER C7 FLT3'!$B$4:$B$340-4,1),9)),\nIF($H15=\"Class_6\",INDEX('ER C6 FLT3'!$A$4:$J$340,MATCH($E15&$C15,'ER C6 FLT3'!$A$4:$A$340&'ER C6 FLT3'!$B$4:$B$340-4,1),8)*IF($H15=\"Class_6\",INDEX('ER C6 FLT3'!$A$4:$L$340,MATCH($E15&$C15,'ER C6 FLT3'!$A$4:$A$340&'ER C6 FLT3'!$B$4:$B$340-4,1),9))))),IF($B15=\"2 Trucks\",IF(OR($H15=\"Class_8\",$N15=\"Replacement8HHD\",$AH15=\"CL7HHD\",$AJ15=\"CL7to8\"),INDEX('ER C8 FLT2'!$A$4:$J$340,MATCH($E15&$C15,'ER C8 FLT2'!$A$4:$A$340&'ER C8 FLT2'!$B$4:$B$340-4,1),8)*IF(OR($H15=\"Class_8\",$N15=\"Replacement8HHD\",$AH15=\"CL7HHD\",$AJ15=\"CL7to8\"),INDEX('ER C8 FLT2'!$A$4:$J$340,MATCH($E15&$C15,'ER C8 FLT2'!$A$4:$A$340&'ER C8 FLT2'!$B$4:$B$340-4,1),9)),IF($H15=\"Class_7\",INDEX('ER C7 FLT2'!$A$4:$J$340,MATCH($E15&$C15,'ER C7 FLT2'!$A$4:$A$340&'ER C7 FLT2'!$B$4:$B$340-4,1),8)*IF($H15=\"Class_7\",INDEX('ER C7 FLT2'!$A$4:$J$340,MATCH($E15&$C15,'ER C7 FLT2'!$A$4:$A$340&'ER C7 FLT2'!$B$4:$B$340-4,1),9)),IF($H15=\"Class_6\",INDEX('ER C6 FLT2'!$A$4:$J$340,MATCH($E15&$C15,'ER C6 FLT2'!$A$4:$A$340&'ER C6 FLT2'!$B$4:$B$340-4,1),8)*IF($H15=\"Class_6\",INDEX('ER C6 FLT2'!$A$4:$J$340,MATCH($E15&$C15,'ER C6 FLT2'!$A$4:$A$340&'ER C6 FLT2'!$B$4:$B$340-4,1),9))))),IF($B15=\"1 Truck\",\nIF(OR($H15=\"Class_8\",$N15=\"Replacement8HHD\",$AH15=\"CL7HHD\",$AJ15=\"CL7to8\"),INDEX('ER C8 FLT1'!$A$4:$J$340,MATCH($E15&$C15,'ER C8 FLT1'!$A$4:$A$340&'ER C8 FLT1'!$B$4:$B$340-4,1),8)*IF(OR($H15=\"Class_8\",$N15=\"Replacement8HHD\",$AH15=\"CL7HHD\",$AJ15=\"CL7to8\"),INDEX('ER C8 FLT1'!$A$4:$J$340,MATCH($E15&$C15,'ER C8 FLT1'!$A$4:$A$340&'ER C8 FLT1'!$B$4:$B$340-4,1),9)),IF($H15=\"Class_7\",INDEX('ER C7 FLT1'!$A$4:$J$340,MATCH($E15&$C15,'ER C7 FLT1'!$A$4:$A$340&'ER C7 FLT1'!$B$4:$B$340-4,1),8)*IF($H15=\"Class_7\",INDEX('ER C7 FLT1'!$A$4:$J$340,MATCH($E15&$C15,'ER C7 FLT1'!$A$4:$A$340&'ER C7 FLT1'!$B$4:$B$340-4,1),9)),\nIF($H15=\"Class_6\",INDEX('ER C6 FLT1'!$A$4:$J$340,MATCH($E15&$C15,'ER C6 FLT1'!$A$4:$A$340&'ER C6 FLT1'!$B$4:$B$340-4,1),8)*IF($H15=\"Class_6\",INDEX('ER C6 FLT1'!$A$4:$J$340,MATCH($E15&$C15,'ER C6 FLT1'!$A$4:$A$340&'ER C6 FLT1'!$B$4:$B$340-4,1),9))))))))*IF($F15=\"Level 1 PM\",0.75,IF($F15=\"Level 2 PM\",0.5,IF($F15=\"Level 3 PM\",0,IF($F15=\"Level 3 PM + Mark I NOx\",0,1)))))*($Q15/453.6)","v":0},{"$f":"IF($B15=\"4+ Trucks\",IF(OR($H15=\"Class_8\",$N15=\"Replacement8HHD\",$AH15=\"CL7HHD\",$AJ15=\"CL7to8\"),INDEX('ER C8 FLT4'!$A$4:$K$340,MATCH($E15&$C15,'ER C8 FLT4'!$A$4:$A$340&'ER C8 FLT4'!$B$4:$B$340,1),8),IF($H15=\"Class_7\",INDEX('ER C7 FLT4'!$A$4:$J$340,MATCH($E15&$C15,'ER C7 FLT4'!$A$4:$A$340&'ER C7 FLT4'!$B$4:$B$340,1),8),IF($H15=\"Class_6\",INDEX('ER C6 FLT4'!$A$4:$J$340,MATCH($E15&$C15,'ER C6 FLT4'!$A$4:$A$340&'ER C6 FLT4'!$B$4:$B$340,1),8)))),\nIF($B15=\"3 Trucks\",IF(OR($H15=\"Class_8\",$N15=\"Replacement8HHD\",$AH15=\"CL7HHD\",$AJ15=\"CL7to8\"),INDEX('ER C8 FLT3'!$A$4:$J$340,MATCH($E15&$C15,'ER C8 FLT3'!$A$4:$A$340&'ER C8 FLT3'!$B$4:$B$340,1),8),IF($H15=\"Class_7\",INDEX('ER C7 FLT3'!$A$4:$J$340,MATCH($E15&$C15,'ER C7 FLT3'!$A$4:$A$340&'ER C7 FLT3'!$B$4:$B$340,1),8),IF($H15=\"Class_6\",INDEX('ER C6 FLT3'!$A$4:$J$340,MATCH($E15&$C15,'ER C6 FLT3'!$A$4:$A$340&'ER C6 FLT3'!$B$4:$B$340,1),8)))),IF($B15=\"2 Trucks\",IF(OR($H15=\"Class_8\",$N15=\"Replacement8HHD\",$AH15=\"CL7HHD\",$AJ15=\"CL7to8\"),INDEX('ER C8 FLT2'!$A$4:$J$340,MATCH($E15&$C15,'ER C8 FLT2'!$A$4:$A$340&'ER C8 FLT2'!$B$4:$B$340,1),8),IF($H15=\"Class_7\",INDEX('ER C7 FLT2'!$A$4:$J$340,MATCH($E15&$C15,'ER C7 FLT2'!$A$4:$A$340&'ER C7 FLT2'!$B$4:$B$340,1),8),IF($H15=\"Class_6\",INDEX('ER C6 FLT2'!$A$4:$J$340,MATCH($E15&$C15,'ER C6 FLT2'!$A$4:$A$340&'ER C6 FLT2'!$B$4:$B$340,1),8)))),IF($B15=\"1 Truck\",IF(OR($H15=\"Class_8\",$N15=\"Replacement8HHD\",$AH15=\"CL7HHD\",$AJ15=\"CL7to8\"),INDEX('ER C8 FLT1'!$A$4:$J$340,MATCH($E15&$C15,'ER C8 FLT1'!$A$4:$A$340&'ER C8 FLT1'!$B$4:$B$340,1),8),IF($H15=\"Class_7\",INDEX('ER C7 FLT1'!$A$4:$J$340,MATCH($E15&$C15,'ER C7 FLT1'!$A$4:$A$340&'ER C7 FLT1'!$B$4:$B$340,1),8),IF($H15=\"Class_6\",INDEX('ER C6 FLT1'!$A$4:$J$340,MATCH($E15&$C15,'ER C6 FLT1'!$A$4:$A$340&'ER C6 FLT1'!$B$4:$B$340,1),8)))))))\n)","v":false},{"$f":"IF($B15=\"4+ Trucks\",IF(OR($H15=\"Class_8\",$N15=\"Replacement8HHD\",$AH15=\"CL7HHD\",$AJ15=\"CL7to8\"),INDEX('ER C8 FLT4'!$A$4:$K$340,MATCH($E15&$C15,'ER C8 FLT4'!$A$4:$A$340&'ER C8 FLT4'!$B$4:$B$340-1,1),8),IF($H15=\"Class_7\",INDEX('ER C7 FLT4'!$A$4:$J$340,MATCH($E15&$C15,'ER C7 FLT4'!$A$4:$A$340&'ER C7 FLT4'!$B$4:$B$340-1,1),8),IF($H15=\"Class_6\",INDEX('ER C6 FLT4'!$A$4:$J$340,MATCH($E15&$C15,'ER C6 FLT4'!$A$4:$A$340&'ER C6 FLT4'!$B$4:$B$340-1,1),8)))),\nIF($B15=\"3 Trucks\",IF(OR($H15=\"Class_8\",$N15=\"Replacement8HHD\",$AH15=\"CL7HHD\",$AJ15=\"CL7to8\"),INDEX('ER C8 FLT3'!$A$4:$J$340,MATCH($E15&$C15,'ER C8 FLT3'!$A$4:$A$340&'ER C8 FLT3'!$B$4:$B$340-1,1),8),IF($H15=\"Class_7\",INDEX('ER C7 FLT3'!$A$4:$J$340,MATCH($E15&$C15,'ER C7 FLT3'!$A$4:$A$340&'ER C7 FLT3'!$B$4:$B$340-1,1),8),IF($H15=\"Class_6\",INDEX('ER C6 FLT3'!$A$4:$J$340,MATCH($E15&$C15,'ER C6 FLT3'!$A$4:$A$340&'ER C6 FLT3'!$B$4:$B$340-1,1),8)))),IF($B15=\"2 Trucks\",IF(OR($H15=\"Class_8\",$N15=\"Replacement8HHD\",$AH15=\"CL7HHD\",$AJ15=\"CL7to8\"),INDEX('ER C8 FLT2'!$A$4:$J$340,MATCH($E15&$C15,'ER C8 FLT2'!$A$4:$A$340&'ER C8 FLT2'!$B$4:$B$340-1,1),8),IF($H15=\"Class_7\",INDEX('ER C7 FLT2'!$A$4:$J$340,MATCH($E15&$C15,'ER C7 FLT2'!$A$4:$A$340&'ER C7 FLT2'!$B$4:$B$340-1,1),8),IF($H15=\"Class_6\",INDEX('ER C6 FLT2'!$A$4:$J$340,MATCH($E15&$C15,'ER C6 FLT2'!$A$4:$A$340&'ER C6 FLT2'!$B$4:$B$340-1,1),8)))),IF($B15=\"1 Truck\",IF(OR($H15=\"Class_8\",$N15=\"Replacement8HHD\",$AH15=\"CL7HHD\",$AJ15=\"CL7to8\"),INDEX('ER C8 FLT1'!$A$4:$J$340,MATCH($E15&$C15,'ER C8 FLT1'!$A$4:$A$340&'ER C8 FLT1'!$B$4:$B$340-1,1),8),IF($H15=\"Class_7\",INDEX('ER C7 FLT1'!$A$4:$J$340,MATCH($E15&$C15,'ER C7 FLT1'!$A$4:$A$340&'ER C7 FLT1'!$B$4:$B$340-1,1),8),IF($H15=\"Class_6\",INDEX('ER C6 FLT1'!$A$4:$J$340,MATCH($E15&$C15,'ER C6 FLT1'!$A$4:$A$340&'ER C6 FLT1'!$B$4:$B$340-1,1),8)))))))\n)","v":false},{"$f":"IF($B15=\"4+ Trucks\",IF(OR($H15=\"Class_8\",$N15=\"Replacement8HHD\",$AH15=\"CL7HHD\",$AJ15=\"CL7to8\"),INDEX('ER C8 FLT4'!$A$4:$K$340,MATCH($E15&$C15,'ER C8 FLT4'!$A$4:$A$340&'ER C8 FLT4'!$B$4:$B$340-2,1),8),IF($H15=\"Class_7\",INDEX('ER C7 FLT4'!$A$4:$J$340,MATCH($E15&$C15,'ER C7 FLT4'!$A$4:$A$340&'ER C7 FLT4'!$B$4:$B$340-2,1),8),IF($H15=\"Class_6\",INDEX('ER C6 FLT4'!$A$4:$J$340,MATCH($E15&$C15,'ER C6 FLT4'!$A$4:$A$340&'ER C6 FLT4'!$B$4:$B$340-2,1),8)))),\nIF($B15=\"3 Trucks\",IF(OR($H15=\"Class_8\",$N15=\"Replacement8HHD\",$AH15=\"CL7HHD\",$AJ15=\"CL7to8\"),INDEX('ER C8 FLT3'!$A$4:$J$340,MATCH($E15&$C15,'ER C8 FLT3'!$A$4:$A$340&'ER C8 FLT3'!$B$4:$B$340-2,1),8),IF($H15=\"Class_7\",INDEX('ER C7 FLT3'!$A$4:$J$340,MATCH($E15&$C15,'ER C7 FLT3'!$A$4:$A$340&'ER C7 FLT3'!$B$4:$B$340-2,1),8),IF($H15=\"Class_6\",INDEX('ER C6 FLT3'!$A$4:$J$340,MATCH($E15&$C15,'ER C6 FLT3'!$A$4:$A$340&'ER C6 FLT3'!$B$4:$B$340-2,1),8)))),IF($B15=\"2 Trucks\",IF(OR($H15=\"Class_8\",$N15=\"Replacement8HHD\",$AH15=\"CL7HHD\",$AJ15=\"CL7to8\"),INDEX('ER C8 FLT2'!$A$4:$J$340,MATCH($E15&$C15,'ER C8 FLT2'!$A$4:$A$340&'ER C8 FLT2'!$B$4:$B$340-2,1),8),IF($H15=\"Class_7\",INDEX('ER C7 FLT2'!$A$4:$J$340,MATCH($E15&$C15,'ER C7 FLT2'!$A$4:$A$340&'ER C7 FLT2'!$B$4:$B$340-2,1),8),IF($H15=\"Class_6\",INDEX('ER C6 FLT2'!$A$4:$J$340,MATCH($E15&$C15,'ER C6 FLT2'!$A$4:$A$340&'ER C6 FLT2'!$B$4:$B$340-2,1),8)))),IF($B15=\"1 Truck\",IF(OR($H15=\"Class_8\",$N15=\"Replacement8HHD\",$AH15=\"CL7HHD\",$AJ15=\"CL7to8\"),INDEX('ER C8 FLT1'!$A$4:$J$340,MATCH($E15&$C15,'ER C8 FLT1'!$A$4:$A$340&'ER C8 FLT1'!$B$4:$B$340-2,1),8),IF($H15=\"Class_7\",INDEX('ER C7 FLT1'!$A$4:$J$340,MATCH($E15&$C15,'ER C7 FLT1'!$A$4:$A$340&'ER C7 FLT1'!$B$4:$B$340-2,1),8),IF($H15=\"Class_6\",INDEX('ER C6 FLT1'!$A$4:$J$340,MATCH($E15&$C15,'ER C6 FLT1'!$A$4:$A$340&'ER C6 FLT1'!$B$4:$B$340-2,1),8)))))))\n)","v":false},{"$f":"IF($B15=\"4+ Trucks\",IF(OR($H15=\"Class_8\",$N15=\"Replacement8HHD\",$AH15=\"CL7HHD\",$AJ15=\"CL7to8\"),INDEX('ER C8 FLT4'!$A$4:$J$340,MATCH($E15&$C15,'ER C8 FLT4'!$A$4:$A$340&'ER C8 FLT4'!$B$4:$B$340-3,1),8),IF($H15=\"Class_7\",INDEX('ER C7 FLT4'!$A$4:$J$340,MATCH($E15&$C15,'ER C7 FLT4'!$A$4:$A$340&'ER C7 FLT4'!$B$4:$B$340-3,1),8),IF($H15=\"Class_6\",INDEX('ER C6 FLT4'!$A$4:$J$340,MATCH($E15&$C15,'ER C6 FLT4'!$A$4:$A$340&'ER C6 FLT4'!$B$4:$B$340-3,1),8)))),\nIF($B15=\"3 Trucks\",IF(OR($H15=\"Class_8\",$N15=\"Replacement8HHD\",$AH15=\"CL7HHD\",$AJ15=\"CL7to8\"),INDEX('ER C8 FLT3'!$A$4:$J$340,MATCH($E15&$C15,'ER C8 FLT3'!$A$4:$A$340&'ER C8 FLT3'!$B$4:$B$340-3,1),8),IF($H15=\"Class_7\",INDEX('ER C7 FLT3'!$A$4:$J$340,MATCH($E15&$C15,'ER C7 FLT3'!$A$4:$A$340&'ER C7 FLT3'!$B$4:$B$340-3,1),8),IF($H15=\"Class_6\",INDEX('ER C6 FLT3'!$A$4:$J$340,MATCH($E15&$C15,'ER C6 FLT3'!$A$4:$A$340&'ER C6 FLT3'!$B$4:$B$340-3,1),8)))),\nIF($B15=\"2 Trucks\",IF(OR($H15=\"Class_8\",$N15=\"Replacement8HHD\",$AH15=\"CL7HHD\",$AJ15=\"CL7to8\"),INDEX('ER C8 FLT2'!$A$4:$J$340,MATCH($E15&$C15,'ER C8 FLT2'!$A$4:$A$340&'ER C8 FLT2'!$B$4:$B$340-3,1),8),IF($H15=\"Class_7\",INDEX('ER C7 FLT2'!$A$4:$J$340,MATCH($E15&$C15,'ER C7 FLT2'!$A$4:$A$340&'ER C7 FLT2'!$B$4:$B$340-3,1),8),IF($H15=\"Class_6\",INDEX('ER C6 FLT2'!$A$4:$J$340,MATCH($E15&$C15,'ER C6 FLT2'!$A$4:$A$340&'ER C6 FLT2'!$B$4:$B$340-3,1),8)))),IF($B15=\"1 Truck\",IF(OR($H15=\"Class_8\",$N15=\"Replacement8HHD\",$AH15=\"CL7HHD\",$AJ15=\"CL7to8\"),INDEX('ER C8 FLT1'!$A$4:$J$340,MATCH($E15&$C15,'ER C8 FLT1'!$A$4:$A$340&'ER C8 FLT1'!$B$4:$B$340-3,1),8),IF($H15=\"Class_7\",INDEX('ER C7 FLT1'!$A$4:$J$340,MATCH($E15&$C15,'ER C7 FLT1'!$A$4:$A$340&'ER C7 FLT1'!$B$4:$B$340-3,1),8),IF($H15=\"Class_6\",INDEX('ER C6 FLT1'!$A$4:$J$340,MATCH($E15&$C15,'ER C6 FLT1'!$A$4:$A$340&'ER C6 FLT1'!$B$4:$B$340-3,1),8)))))))\n)","v":false},{"$f":"IF($B15=\"4+ Trucks\",IF(OR($H15=\"Class_8\",$N15=\"Replacement8HHD\",$AH15=\"CL7HHD\",$AJ15=\"CL7to8\"),INDEX('ER C8 FLT4'!$A$4:$J$340,MATCH($E15&$C15,'ER C8 FLT4'!$A$4:$A$340&'ER C8 FLT4'!$B$4:$B$340-4,1),8),IF($H15=\"Class_7\",INDEX('ER C7 FLT4'!$A$4:$J$340,MATCH($E15&$C15,'ER C7 FLT4'!$A$4:$A$340&'ER C7 FLT4'!$B$4:$B$340-4,1),8),IF($H15=\"Class_6\",INDEX('ER C6 FLT4'!$A$4:$J$340,MATCH($E15&$C15,'ER C6 FLT4'!$A$4:$A$340&'ER C6 FLT4'!$B$4:$B$340-4,1),8)))),\nIF($B15=\"3 Trucks\",IF(OR($H15=\"Class_8\",$N15=\"Replacement8HHD\",$AH15=\"CL7HHD\",$AJ15=\"CL7to8\"),INDEX('ER C8 FLT3'!$A$4:$J$340,MATCH($E15&$C15,'ER C8 FLT3'!$A$4:$A$340&'ER C8 FLT3'!$B$4:$B$340-4,1),8),IF($H15=\"Class_7\",INDEX('ER C7 FLT3'!$A$4:$J$340,MATCH($E15&$C15,'ER C7 FLT3'!$A$4:$A$340&'ER C7 FLT3'!$B$4:$B$340-4,1),8),IF($H15=\"Class_6\",INDEX('ER C6 FLT3'!$A$4:$J$340,MATCH($E15&$C15,'ER C6 FLT3'!$A$4:$A$340&'ER C6 FLT3'!$B$4:$B$340-4,1),8)))),\nIF($B15=\"2 Trucks\",IF(OR($H15=\"Class_8\",$N15=\"Replacement8HHD\",$AH15=\"CL7HHD\",$AJ15=\"CL7to8\"),INDEX('ER C8 FLT2'!$A$4:$J$340,MATCH($E15&$C15,'ER C8 FLT2'!$A$4:$A$340&'ER C8 FLT2'!$B$4:$B$340-4,1),8),IF($H15=\"Class_7\",INDEX('ER C7 FLT2'!$A$4:$J$340,MATCH($E15&$C15,'ER C7 FLT2'!$A$4:$A$340&'ER C7 FLT2'!$B$4:$B$340-4,1),8),IF($H15=\"Class_6\",INDEX('ER C6 FLT2'!$A$4:$J$340,MATCH($E15&$C15,'ER C6 FLT2'!$A$4:$A$340&'ER C6 FLT2'!$B$4:$B$340-4,1),8)))),IF($B15=\"1 Truck\",IF(OR($H15=\"Class_8\",$N15=\"Replacement8HHD\",$AH15=\"CL7HHD\",$AJ15=\"CL7to8\"),INDEX('ER C8 FLT1'!$A$4:$J$340,MATCH($E15&$C15,'ER C8 FLT1'!$A$4:$A$340&'ER C8 FLT1'!$B$4:$B$340-4,1),8),IF($H15=\"Class_7\",INDEX('ER C7 FLT1'!$A$4:$J$340,MATCH($E15&$C15,'ER C7 FLT1'!$A$4:$A$340&'ER C7 FLT1'!$B$4:$B$340-4,1),8),IF($H15=\"Class_6\",INDEX('ER C6 FLT1'!$A$4:$J$340,MATCH($E15&$C15,'ER C6 FLT1'!$A$4:$A$340&'ER C6 FLT1'!$B$4:$B$340-4,1),8)))))))\n)","v":false},0,0,0,0,0,{"$f":"IF(OR($R15=\"Diesel\",$R15=\"Zero Emission\",$R15=\"Hybrid\",$R15=\"Hybrid Zero-Mile\",$R15=\"Low NOx\",$R15=\"LNG/CNG\"),IF($B15=\"3 Trucks\",IF(OR($O15=\"Class_8\",$N15=\"Replacement8HHD\",$AI15=\"CL7HHD\"),INDEX('ER C8 FLT3'!$A$4:$J$340,MATCH(DropData!$J61&$C15,'ER C8 FLT3'!$A$4:$A$340&'ER C8 FLT3'!$B$4:$B$340,1),8),IF($O15=\"Class_7\",INDEX('ER C7 FLT3'!$A$4:$J$340,MATCH(DropData!$J61&$C15,'ER C7 FLT3'!$A$4:$A$340&'ER C7 FLT3'!$B$4:$B$340,1),8),IF($O15=\"Class_6\",INDEX('ER C6 FLT3'!$A$4:$J$340,MATCH(DropData!$J61&$C15,'ER C6 FLT3'!$A$4:$A$340&'ER C6 FLT3'!$B$4:$B$340,1),8)))),IF($B15=\"2 Trucks\",IF(OR($O15=\"Class_8\",$N15=\"Replacement8HHD\",$AI15=\"CL7HHD\"),INDEX('ER C8 FLT2'!$A$4:$J$340,MATCH(DropData!$J61&$C15,'ER C8 FLT2'!$A$4:$A$340&'ER C8 FLT2'!$B$4:$B$340,1),8),IF($O15=\"Class_7\",INDEX('ER C7 FLT2'!$A$4:$J$340,MATCH(DropData!$J61&$C15,'ER C7 FLT2'!$A$4:$A$340&'ER C7 FLT2'!$B$4:$B$340,1),8),IF($O15=\"Class_6\",INDEX('ER C6 FLT2'!$A$4:$J$340,MATCH(DropData!$J61&$C15,'ER C6 FLT2'!$A$4:$A$340&'ER C6 FLT2'!$B$4:$B$340,1),8)))),IF($B15=\"1 Truck\",IF(OR($O15=\"Class_8\",$N15=\"Replacement8HHD\",$AI15=\"CL7HHD\"),INDEX('ER C8 FLT1'!$A$4:$J$340,MATCH(DropData!$J61&$C15,'ER C8 FLT1'!$A$4:$A$340&'ER C8 FLT1'!$B$4:$B$340,1),8),IF($O15=\"Class_7\",INDEX('ER C7 FLT1'!$A$4:$J$340,MATCH(DropData!$J61&$C15,'ER C7 FLT1'!$A$4:$A$340&'ER C7 FLT1'!$B$4:$B$340,1),8),IF($O15=\"Class_6\",INDEX('ER C6 FLT1'!$A$4:$J$340,MATCH(DropData!$J61&$C15,'ER C6 FLT1'!$A$4:$A$340&'ER C6 FLT1'!$B$4:$B$340,1),8)))),IF($B15=\"4+ Trucks\",IF(OR($O15=\"Class_8\",$N15=\"Replacement8HHD\",$AI15=\"CL7HHD\"),INDEX('ER C8 FLT4'!$A$4:$J$340,MATCH(DropData!$J61&$C15,'ER C8 FLT4'!$A$4:$A$340&'ER C8 FLT4'!$B$4:$B$340,1),8),IF($O15=\"Class_7\",INDEX('ER C7 FLT4'!$A$4:$J$340,MATCH(DropData!$J61&$C15,'ER C7 FLT4'!$A$4:$A$340&'ER C7 FLT4'!$B$4:$B$340,1),8),IF($O15=\"Class_6\",INDEX('ER C6 FLT4'!$A$4:$J$340,MATCH(DropData!$J61&$C15,'ER C6 FLT4'!$A$4:$A$340&'ER C6 FLT4'!$B$4:$B$340,1),8)))))))))","v":false},{"$f":"IF(OR($R15=\"Diesel\",$R15=\"Zero Emission\",$R15=\"Hybrid\",$R15=\"Hybrid Zero-Mile\",$R15=\"Low NOx\",$R15=\"LNG/CNG\"),IF($B15=\"3 Trucks\",IF(OR($O15=\"Class_8\",$N15=\"Replacement8HHD\",$AI15=\"CL7HHD\"),INDEX('ER C8 FLT3'!$A$4:$J$340,MATCH(DropData!$J61&$C15,'ER C8 FLT3'!$A$4:$A$340&'ER C8 FLT3'!$B$4:$B$340-1,1),8),IF($O15=\"Class_7\",INDEX('ER C7 FLT3'!$A$4:$J$340,MATCH(DropData!$J61&$C15,'ER C7 FLT3'!$A$4:$A$340&'ER C7 FLT3'!$B$4:$B$340-1,1),8),IF($O15=\"Class_6\",INDEX('ER C6 FLT3'!$A$4:$J$340,MATCH(DropData!$J61&$C15,'ER C6 FLT3'!$A$4:$A$340&'ER C6 FLT3'!$B$4:$B$340-1,1),8)))),IF($B15=\"2 Trucks\",IF(OR($O15=\"Class_8\",$N15=\"Replacement8HHD\",$AI15=\"CL7HHD\"),INDEX('ER C8 FLT2'!$A$4:$J$340,MATCH(DropData!$J61&$C15,'ER C8 FLT2'!$A$4:$A$340&'ER C8 FLT2'!$B$4:$B$340-1,1),8),IF($O15=\"Class_7\",INDEX('ER C7 FLT2'!$A$4:$J$340,MATCH(DropData!$J61&$C15,'ER C7 FLT2'!$A$4:$A$340&'ER C7 FLT2'!$B$4:$B$340-1,1),8),IF($O15=\"Class_6\",INDEX('ER C6 FLT2'!$A$4:$J$340,MATCH(DropData!$J61&$C15,'ER C6 FLT2'!$A$4:$A$340&'ER C6 FLT2'!$B$4:$B$340-1,1),8)))),IF($B15=\"1 Truck\",IF(OR($O15=\"Class_8\",$N15=\"Replacement8HHD\",$AI15=\"CL7HHD\"),INDEX('ER C8 FLT1'!$A$4:$J$340,MATCH(DropData!$J61&$C15,'ER C8 FLT1'!$A$4:$A$340&'ER C8 FLT1'!$B$4:$B$340-1,1),8),IF($O15=\"Class_7\",INDEX('ER C7 FLT1'!$A$4:$J$340,MATCH(DropData!$J61&$C15,'ER C7 FLT1'!$A$4:$A$340&'ER C7 FLT1'!$B$4:$B$340-1,1),8),IF($O15=\"Class_6\",INDEX('ER C6 FLT1'!$A$4:$J$340,MATCH(DropData!$J61&$C15,'ER C6 FLT1'!$A$4:$A$340&'ER C6 FLT1'!$B$4:$B$340-1,1),8)))),IF($B15=\"4+ Trucks\",IF(OR($O15=\"Class_8\",$N15=\"Replacement8HHD\",$AI15=\"CL7HHD\"),INDEX('ER C8 FLT4'!$A$4:$J$340,MATCH(DropData!$J61&$C15,'ER C8 FLT4'!$A$4:$A$340&'ER C8 FLT4'!$B$4:$B$340-1,1),8),IF($O15=\"Class_7\",INDEX('ER C7 FLT4'!$A$4:$J$340,MATCH(DropData!$J61&$C15,'ER C7 FLT4'!$A$4:$A$340&'ER C7 FLT4'!$B$4:$B$340-1,1),8),IF($O15=\"Class_6\",INDEX('ER C6 FLT4'!$A$4:$J$340,MATCH(DropData!$J61&$C15,'ER C6 FLT4'!$A$4:$A$340&'ER C6 FLT4'!$B$4:$B$340-1,1),8)))))))))","v":false},{"$f":"IF(OR($R15=\"Diesel\",$R15=\"Zero Emission\",$R15=\"Hybrid\",$R15=\"Hybrid Zero-Mile\",$R15=\"Low NOx\",$R15=\"LNG/CNG\"),IF($B15=\"3 Trucks\",IF(OR($O15=\"Class_8\",$N15=\"Replacement8HHD\",$AI15=\"CL7HHD\"),INDEX('ER C8 FLT3'!$A$4:$J$340,MATCH(DropData!$J61&$C15,'ER C8 FLT3'!$A$4:$A$340&'ER C8 FLT3'!$B$4:$B$340-2,1),8),IF($O15=\"Class_7\",INDEX('ER C7 FLT3'!$A$4:$J$340,MATCH(DropData!$J61&$C15,'ER C7 FLT3'!$A$4:$A$340&'ER C7 FLT3'!$B$4:$B$340-2,1),8),IF($O15=\"Class_6\",INDEX('ER C6 FLT3'!$A$4:$J$340,MATCH(DropData!$J61&$C15,'ER C6 FLT3'!$A$4:$A$340&'ER C6 FLT3'!$B$4:$B$340-2,1),8)))),IF($B15=\"2 Trucks\",IF(OR($O15=\"Class_8\",$N15=\"Replacement8HHD\",$AI15=\"CL7HHD\"),INDEX('ER C8 FLT2'!$A$4:$J$340,MATCH(DropData!$J61&$C15,'ER C8 FLT2'!$A$4:$A$340&'ER C8 FLT2'!$B$4:$B$340-2,1),8),IF($O15=\"Class_7\",INDEX('ER C7 FLT2'!$A$4:$J$340,MATCH(DropData!$J61&$C15,'ER C7 FLT2'!$A$4:$A$340&'ER C7 FLT2'!$B$4:$B$340-2,1),8),IF($O15=\"Class_6\",INDEX('ER C6 FLT2'!$A$4:$J$340,MATCH(DropData!$J61&$C15,'ER C6 FLT2'!$A$4:$A$340&'ER C6 FLT2'!$B$4:$B$340-2,1),8)))),IF($B15=\"1 Truck\",IF(OR($O15=\"Class_8\",$N15=\"Replacement8HHD\",$AI15=\"CL7HHD\"),INDEX('ER C8 FLT1'!$A$4:$J$340,MATCH(DropData!$J61&$C15,'ER C8 FLT1'!$A$4:$A$340&'ER C8 FLT1'!$B$4:$B$340-2,1),8),IF($O15=\"Class_7\",INDEX('ER C7 FLT1'!$A$4:$J$340,MATCH(DropData!$J61&$C15,'ER C7 FLT1'!$A$4:$A$340&'ER C7 FLT1'!$B$4:$B$340-2,1),8),IF($O15=\"Class_6\",INDEX('ER C6 FLT1'!$A$4:$J$340,MATCH(DropData!$J61&$C15,'ER C6 FLT1'!$A$4:$A$340&'ER C6 FLT1'!$B$4:$B$340-2,1),8)))),IF($B15=\"4+ Trucks\",IF(OR($O15=\"Class_8\",$N15=\"Replacement8HHD\",$AI15=\"CL7HHD\"),INDEX('ER C8 FLT4'!$A$4:$J$340,MATCH(DropData!$J61&$C15,'ER C8 FLT4'!$A$4:$A$340&'ER C8 FLT4'!$B$4:$B$340-2,1),8),IF($O15=\"Class_7\",INDEX('ER C7 FLT4'!$A$4:$J$340,MATCH(DropData!$J61&$C15,'ER C7 FLT4'!$A$4:$A$340&'ER C7 FLT4'!$B$4:$B$340-2,1),8),IF($O15=\"Class_6\",INDEX('ER C6 FLT4'!$A$4:$J$340,MATCH(DropData!$J61&$C15,'ER C6 FLT4'!$A$4:$A$340&'ER C6 FLT4'!$B$4:$B$340-2,1),8)))))))))","v":false},{"$f":"IF(OR($R15=\"Diesel\",$R15=\"Zero Emission\",$R15=\"Hybrid\",$R15=\"Hybrid Zero-Mile\",$R15=\"Low NOx\",$R15=\"LNG/CNG\"),IF($B15=\"3 Trucks\",IF(OR($O15=\"Class_8\",$N15=\"Replacement8HHD\",$AI15=\"CL7HHD\"),INDEX('ER C8 FLT3'!$A$4:$J$340,MATCH(DropData!$J61&$C15,'ER C8 FLT3'!$A$4:$A$340&'ER C8 FLT3'!$B$4:$B$340-3,1),8),IF($O15=\"Class_7\",INDEX('ER C7 FLT3'!$A$4:$J$340,MATCH(DropData!$J61&$C15,'ER C7 FLT3'!$A$4:$A$340&'ER C7 FLT3'!$B$4:$B$340-3,1),8),IF($O15=\"Class_6\",INDEX('ER C6 FLT3'!$A$4:$J$340,MATCH(DropData!$J61&$C15,'ER C6 FLT3'!$A$4:$A$340&'ER C6 FLT3'!$B$4:$B$340-3,1),8)))),IF($B15=\"2 Trucks\",IF(OR($O15=\"Class_8\",$N15=\"Replacement8HHD\",$AI15=\"CL7HHD\"),INDEX('ER C8 FLT2'!$A$4:$J$340,MATCH(DropData!$J61&$C15,'ER C8 FLT2'!$A$4:$A$340&'ER C8 FLT2'!$B$4:$B$340-3,1),8),IF($O15=\"Class_7\",INDEX('ER C7 FLT2'!$A$4:$J$340,MATCH(DropData!$J61&$C15,'ER C7 FLT2'!$A$4:$A$340&'ER C7 FLT2'!$B$4:$B$340-3,1),8),IF($O15=\"Class_6\",INDEX('ER C6 FLT2'!$A$4:$J$340,MATCH(DropData!$J61&$C15,'ER C6 FLT2'!$A$4:$A$340&'ER C6 FLT2'!$B$4:$B$340-3,1),8)))),IF($B15=\"1 Truck\",IF(OR($O15=\"Class_8\",$N15=\"Replacement8HHD\",$AI15=\"CL7HHD\"),INDEX('ER C8 FLT1'!$A$4:$J$340,MATCH(DropData!$J61&$C15,'ER C8 FLT1'!$A$4:$A$340&'ER C8 FLT1'!$B$4:$B$340-3,1),8),IF($O15=\"Class_7\",INDEX('ER C7 FLT1'!$A$4:$J$340,MATCH(DropData!$J61&$C15,'ER C7 FLT1'!$A$4:$A$340&'ER C7 FLT1'!$B$4:$B$340-3,1),8),IF($O15=\"Class_6\",INDEX('ER C6 FLT1'!$A$4:$J$340,MATCH(DropData!$J61&$C15,'ER C6 FLT1'!$A$4:$A$340&'ER C6 FLT1'!$B$4:$B$340-3,1),8)))),IF($B15=\"4+ Trucks\",IF(OR($O15=\"Class_8\",$N15=\"Replacement8HHD\",$AI15=\"CL7HHD\"),INDEX('ER C8 FLT4'!$A$4:$J$340,MATCH(DropData!$J61&$C15,'ER C8 FLT4'!$A$4:$A$340&'ER C8 FLT4'!$B$4:$B$340-3,1),8),IF($O15=\"Class_7\",INDEX('ER C7 FLT4'!$A$4:$J$340,MATCH(DropData!$J61&$C15,'ER C7 FLT4'!$A$4:$A$340&'ER C7 FLT4'!$B$4:$B$340-3,1),8),IF($O15=\"Class_6\",INDEX('ER C6 FLT4'!$A$4:$J$340,MATCH(DropData!$J61&$C15,'ER C6 FLT4'!$A$4:$A$340&'ER C6 FLT4'!$B$4:$B$340-3,1),8)))))))))","v":false},{"$f":"IF(OR($R15=\"Diesel\",$R15=\"Zero Emission\",$R15=\"Hybrid\",$R15=\"Hybrid Zero-Mile\",$R15=\"Low NOx\",$R15=\"LNG/CNG\"),IF($B15=\"3 Trucks\",IF(OR($O15=\"Class_8\",$N15=\"Replacement8HHD\",$AI15=\"CL7HHD\"),INDEX('ER C8 FLT3'!$A$4:$J$340,MATCH(DropData!$J61&$C15,'ER C8 FLT3'!$A$4:$A$340&'ER C8 FLT3'!$B$4:$B$340-4,1),8),IF($O15=\"Class_7\",INDEX('ER C7 FLT3'!$A$4:$J$340,MATCH(DropData!$J61&$C15,'ER C7 FLT3'!$A$4:$A$340&'ER C7 FLT3'!$B$4:$B$340-4,1),8),IF($O15=\"Class_6\",INDEX('ER C6 FLT3'!$A$4:$J$340,MATCH(DropData!$J61&$C15,'ER C6 FLT3'!$A$4:$A$340&'ER C6 FLT3'!$B$4:$B$340-4,1),8)))),IF($B15=\"2 Trucks\",IF(OR($O15=\"Class_8\",$N15=\"Replacement8HHD\",$AI15=\"CL7HHD\"),INDEX('ER C8 FLT2'!$A$4:$J$340,MATCH(DropData!$J61&$C15,'ER C8 FLT2'!$A$4:$A$340&'ER C8 FLT2'!$B$4:$B$340-4,1),8),IF($O15=\"Class_7\",INDEX('ER C7 FLT2'!$A$4:$J$340,MATCH(DropData!$J61&$C15,'ER C7 FLT2'!$A$4:$A$340&'ER C7 FLT2'!$B$4:$B$340-4,1),8),IF($O15=\"Class_6\",INDEX('ER C6 FLT2'!$A$4:$J$340,MATCH(DropData!$J61&$C15,'ER C6 FLT2'!$A$4:$A$340&'ER C6 FLT2'!$B$4:$B$340-4,1),8)))),IF($B15=\"1 Truck\",IF(OR($O15=\"Class_8\",$N15=\"Replacement8HHD\",$AI15=\"CL7HHD\"),INDEX('ER C8 FLT1'!$A$4:$J$340,MATCH(DropData!$J61&$C15,'ER C8 FLT1'!$A$4:$A$340&'ER C8 FLT1'!$B$4:$B$340-4,1),8),IF($O15=\"Class_7\",INDEX('ER C7 FLT1'!$A$4:$J$340,MATCH(DropData!$J61&$C15,'ER C7 FLT1'!$A$4:$A$340&'ER C7 FLT1'!$B$4:$B$340-4,1),8),IF($O15=\"Class_6\",INDEX('ER C6 FLT1'!$A$4:$J$340,MATCH(DropData!$J61&$C15,'ER C6 FLT1'!$A$4:$A$340&'ER C6 FLT1'!$B$4:$B$340-4,1),8)))),IF($B15=\"4+ Trucks\",IF(OR($O15=\"Class_8\",$N15=\"Replacement8HHD\",$AI15=\"CL7HHD\"),INDEX('ER C8 FLT4'!$A$4:$J$340,MATCH(DropData!$J61&$C15,'ER C8 FLT4'!$A$4:$A$340&'ER C8 FLT4'!$B$4:$B$340-4,1),8),IF($O15=\"Class_7\",INDEX('ER C7 FLT4'!$A$4:$J$340,MATCH(DropData!$J61&$C15,'ER C7 FLT4'!$A$4:$A$340&'ER C7 FLT4'!$B$4:$B$340-4,1),8),IF($O15=\"Class_6\",INDEX('ER C6 FLT4'!$A$4:$J$340,MATCH(DropData!$J61&$C15,'ER C6 FLT4'!$A$4:$A$340&'ER C6 FLT4'!$B$4:$B$340-4,1),8)))))))))","v":false},0,{"$f":"MAX((IF($B15=\"4+ Trucks\",IF($Z15=\"Class_8\",INDEX('ER C8 FLT4'!$A$4:$J$340,MATCH($W15&$C15,'ER C8 FLT4'!$A$4:$A$340&'ER C8 FLT4'!$B$4:$B$340,1),8)*IF($Z15=\"Class_8\",INDEX('ER C8 FLT4'!$A$4:$J$340,MATCH($W15&$C15,'ER C8 FLT4'!$A$4:$A$340&'ER C8 FLT4'!$B$4:$B$340,1),9)),IF($Z15=\"Class_7\",INDEX('ER C7 FLT4'!$A$4:$J$340,MATCH($W15&$C15,'ER C7 FLT4'!$A$4:$A$340&'ER C7 FLT4'!$B$4:$B$340,1),8)*IF($Z15=\"Class_7\",INDEX('ER C7 FLT4'!$A$4:$J$340,MATCH($W15&$C15,'ER C7 FLT4'!$A$4:$A$340&'ER C7 FLT4'!$B$4:$B$340,1),9)),IF($Z15=\"Class_6\",INDEX('ER C6 FLT4'!$A$4:$J$340,MATCH($W15&$C15,'ER C6 FLT4'!$A$4:$A$340&'ER C6 FLT4'!$B$4:$B$340,1),8)*IF($Z15=\"Class_6\",INDEX('ER C6 FLT4'!$A$4:$L$340,MATCH($W15&$C15,'ER C6 FLT4'!$A$4:$A$340&'ER C6 FLT4'!$B$4:$B$340,1),9))))),\nIF($B15=\"2 Trucks\",IF($Z15=\"Class_8\",INDEX('ER C8 FLT2'!$A$4:$J$340,MATCH($W15&$C15,'ER C8 FLT2'!$A$4:$A$340&'ER C8 FLT2'!$B$4:$B$340,1),8)*IF($Z15=\"Class_8\",INDEX('ER C8 FLT2'!$A$4:$J$340,MATCH($W15&$C15,'ER C8 FLT2'!$A$4:$A$340&'ER C8 FLT2'!$B$4:$B$340,1),9)),IF($Z15=\"Class_7\",INDEX('ER C7 FLT2'!$A$4:$J$340,MATCH($W15&$C15,'ER C7 FLT2'!$A$4:$A$340&'ER C7 FLT2'!$B$4:$B$340,1),8)*IF($Z15=\"Class_7\",INDEX('ER C7 FLT2'!$A$4:$J$340,MATCH($W15&$C15,'ER C7 FLT2'!$A$4:$A$340&'ER C7 FLT2'!$B$4:$B$340,1),9)),IF($Z15=\"Class_6\",INDEX('ER C6 FLT2'!$A$4:$J$340,MATCH($W15&$C15,'ER C6 FLT2'!$A$4:$A$340&'ER C6 FLT2'!$B$4:$B$340,1),8)*IF($Z15=\"Class_6\",INDEX('ER C6 FLT2'!$A$4:$J$340,MATCH($W15&$C15,'ER C6 FLT2'!$A$4:$A$340&'ER C6 FLT2'!$B$4:$B$340,1),9))))),\nIF($B15=\"1 Truck\",IF($Z15=\"Class_8\",INDEX('ER C8 FLT1'!$A$4:$J$340,MATCH($W15&$C15,'ER C8 FLT1'!$A$4:$A$340&'ER C8 FLT1'!$B$4:$B$340,1),8)*IF($Z15=\"Class_8\",INDEX('ER C8 FLT1'!$A$4:$J$340,MATCH($W15&$C15,'ER C8 FLT1'!$A$4:$A$340&'ER C8 FLT1'!$B$4:$B$340,1),9)),IF($Z15=\"Class_7\",INDEX('ER C7 FLT1'!$A$4:$J$340,MATCH($W15&$C15,'ER C7 FLT1'!$A$4:$A$340&'ER C7 FLT1'!$B$4:$B$340,1),8)*IF($Z15=\"Class_7\",INDEX('ER C7 FLT1'!$A$4:$J$340,MATCH($W15&$C15,'ER C7 FLT1'!$A$4:$A$340&'ER C7 FLT1'!$B$4:$B$340,1),9)),IF($Z15=\"Class_6\",INDEX('ER C6 FLT1'!$A$4:$J$340,MATCH($W15&$C15,'ER C6 FLT1'!$A$4:$A$340&'ER C6 FLT1'!$B$4:$B$340,1),8)*IF($Z15=\"Class_6\",INDEX('ER C6 FLT1'!$A$4:$J$340,MATCH($W15&$C15,'ER C6 FLT1'!$A$4:$A$340&'ER C6 FLT1'!$B$4:$B$340,1),9)),\n))),IF($B15=\"3 Trucks\",IF($Z15=\"Class_8\",INDEX('ER C8 FLT3'!$A$4:$J$340,MATCH($W15&$C15,'ER C8 FLT3'!$A$4:$A$340&'ER C8 FLT3'!$B$4:$B$340,1),8)*IF($Z15=\"Class_8\",INDEX('ER C8 FLT3'!$A$4:$J$340,MATCH($W15&$C15,'ER C8 FLT3'!$A$4:$A$340&'ER C8 FLT3'!$B$4:$B$340,1),9)),IF($Z15=\"Class_7\",INDEX('ER C7 FLT3'!$A$4:$J$340,MATCH($W15&$C15,'ER C7 FLT3'!$A$4:$A$340&'ER C7 FLT3'!$B$4:$B$340,1),8)*IF($Z15=\"Class_7\",INDEX('ER C7 FLT3'!$A$4:$J$340,MATCH($W15&$C15,'ER C7 FLT3'!$A$4:$A$340&'ER C7 FLT3'!$B$4:$B$340,1),9)),IF($Z15=\"Class_6\",INDEX('ER C6 FLT3'!$A$4:$J$340,MATCH($W15&$C15,'ER C6 FLT3'!$A$4:$A$340&'ER C6 FLT3'!$B$4:$B$340,1),8)*IF($Z15=\"Class_6\",INDEX('ER C6 FLT3'!$A$4:$L$340,MATCH($W15&$C15,'ER C6 FLT3'!$A$4:$A$340&'ER C6 FLT3'!$B$4:$B$340,1),9)))))))))\n*IF($X15=\"Level 1 PM\",0.75,IF($X15=\"Level 2 PM\",0.5,IF($X15=\"Level 3 PM\",0,IF($X15=\"Level 3 PM + Mark I NOx\",0,1))))*($AC15/453.6)-IF(BF15=0,AV15,0)),0)","v":0},0,{"$f":"MAX(0,AM15-AW15)","v":0},{"$f":"MAX((IF($B15=\"4+ Trucks\",IF($Z15=\"Class_8\",INDEX('ER C8 FLT4'!$A$4:$J$340,MATCH($W15&$C15,'ER C8 FLT4'!$A$4:$A$340&'ER C8 FLT4'!$B$4:$B$340-1,1),8)*IF($Z15=\"Class_8\",INDEX('ER C8 FLT4'!$A$4:$J$340,MATCH($W15&$C15,'ER C8 FLT4'!$A$4:$A$340&'ER C8 FLT4'!$B$4:$B$340-1,1),9)),IF($Z15=\"Class_7\",INDEX('ER C7 FLT4'!$A$4:$J$340,MATCH($W15&$C15,'ER C7 FLT4'!$A$4:$A$340&'ER C7 FLT4'!$B$4:$B$340-1,1),8)*IF($Z15=\"Class_7\",INDEX('ER C7 FLT4'!$A$4:$J$340,MATCH($W15&$C15,'ER C7 FLT4'!$A$4:$A$340&'ER C7 FLT4'!$B$4:$B$340-1,1),9)),IF($Z15=\"Class_6\",INDEX('ER C6 FLT4'!$A$4:$J$340,MATCH($W15&$C15,'ER C6 FLT4'!$A$4:$A$340&'ER C6 FLT4'!$B$4:$B$340-1,1),8)*IF($Z15=\"Class_6\",INDEX('ER C6 FLT4'!$A$4:$L$340,MATCH($W15&$C15,'ER C6 FLT4'!$A$4:$A$340&'ER C6 FLT4'!$B$4:$B$340-1,1),9))))),\nIF($B15=\"2 Trucks\",IF($Z15=\"Class_8\",INDEX('ER C8 FLT2'!$A$4:$J$340,MATCH($W15&$C15,'ER C8 FLT2'!$A$4:$A$340&'ER C8 FLT2'!$B$4:$B$340-1,1),8)*IF($Z15=\"Class_8\",INDEX('ER C8 FLT2'!$A$4:$J$340,MATCH($W15&$C15,'ER C8 FLT2'!$A$4:$A$340&'ER C8 FLT2'!$B$4:$B$340-1,1),9)),IF($Z15=\"Class_7\",INDEX('ER C7 FLT2'!$A$4:$J$340,MATCH($W15&$C15,'ER C7 FLT2'!$A$4:$A$340&'ER C7 FLT2'!$B$4:$B$340-1,1),8)*IF($Z15=\"Class_7\",INDEX('ER C7 FLT2'!$A$4:$J$340,MATCH($W15&$C15,'ER C7 FLT2'!$A$4:$A$340&'ER C7 FLT2'!$B$4:$B$340-1,1),9)),IF($Z15=\"Class_6\",INDEX('ER C6 FLT2'!$A$4:$J$340,MATCH($W15&$C15,'ER C6 FLT2'!$A$4:$A$340&'ER C6 FLT2'!$B$4:$B$340-1,1),8)*IF($Z15=\"Class_6\",INDEX('ER C6 FLT2'!$A$4:$J$340,MATCH($W15&$C15,'ER C6 FLT2'!$A$4:$A$340&'ER C6 FLT2'!$B$4:$B$340-1,1),9))))),\nIF($B15=\"1 Truck\",IF($Z15=\"Class_8\",INDEX('ER C8 FLT1'!$A$4:$J$340,MATCH($W15&$C15,'ER C8 FLT1'!$A$4:$A$340&'ER C8 FLT1'!$B$4:$B$340-1,1),8)*IF($Z15=\"Class_8\",INDEX('ER C8 FLT1'!$A$4:$J$340,MATCH($W15&$C15,'ER C8 FLT1'!$A$4:$A$340&'ER C8 FLT1'!$B$4:$B$340-1,1),9)),IF($Z15=\"Class_7\",INDEX('ER C7 FLT1'!$A$4:$J$340,MATCH($W15&$C15,'ER C7 FLT1'!$A$4:$A$340&'ER C7 FLT1'!$B$4:$B$340-1,1),8)*IF($Z15=\"Class_7\",INDEX('ER C7 FLT1'!$A$4:$J$340,MATCH($W15&$C15,'ER C7 FLT1'!$A$4:$A$340&'ER C7 FLT1'!$B$4:$B$340-1,1),9)),IF($Z15=\"Class_6\",INDEX('ER C6 FLT1'!$A$4:$J$340,MATCH($W15&$C15,'ER C6 FLT1'!$A$4:$A$340&'ER C6 FLT1'!$B$4:$B$340-1,1),8)*IF($Z15=\"Class_6\",INDEX('ER C6 FLT1'!$A$4:$J$340,MATCH($W15&$C15,'ER C6 FLT1'!$A$4:$A$340&'ER C6 FLT1'!$B$4:$B$340-1,1),9))))),IF($B15=\"3 Trucks\",IF($Z15=\"Class_8\",INDEX('ER C8 FLT3'!$A$4:$J$340,MATCH($W15&$C15,'ER C8 FLT3'!$A$4:$A$340&'ER C8 FLT3'!$B$4:$B$340-1,1),8)*IF($Z15=\"Class_8\",INDEX('ER C8 FLT3'!$A$4:$J$340,MATCH($W15&$C15,'ER C8 FLT3'!$A$4:$A$340&'ER C8 FLT3'!$B$4:$B$340-1,1),9)),IF($Z15=\"Class_7\",INDEX('ER C7 FLT3'!$A$4:$J$340,MATCH($W15&$C15,'ER C7 FLT3'!$A$4:$A$340&'ER C7 FLT3'!$B$4:$B$340-1,1),8)*IF($Z15=\"Class_7\",INDEX('ER C7 FLT3'!$A$4:$J$340,MATCH($W15&$C15,'ER C7 FLT3'!$A$4:$A$340&'ER C7 FLT3'!$B$4:$B$340-1,1),9)),IF($Z15=\"Class_6\",INDEX('ER C6 FLT3'!$A$4:$J$340,MATCH($W15&$C15,'ER C6 FLT3'!$A$4:$A$340&'ER C6 FLT3'!$B$4:$B$340-1,1),8)*IF($Z15=\"Class_6\",INDEX('ER C6 FLT3'!$A$4:$L$340,MATCH($W15&$C15,'ER C6 FLT3'!$A$4:$A$340&'ER C6 FLT3'!$B$4:$B$340-1,1),9)))))))))\n*IF($X15=\"Level 1 PM\",0.75,IF($X15=\"Level 2 PM\",0.5,IF($X15=\"Level 3 PM\",0,IF($X15=\"Level 3 PM + Mark I NOx\",0,1))))*($AC15/453.6)-IF(BI15=0,AW15,0)),0)","v":0},0,0,{"$f":"MAX((IF($B15=\"4+ Trucks\",IF($Z15=\"Class_8\",INDEX('ER C8 FLT4'!$A$4:$J$340,MATCH($W15&$C15,'ER C8 FLT4'!$A$4:$A$340&'ER C8 FLT4'!$B$4:$B$340-2,1),8)*IF($Z15=\"Class_8\",INDEX('ER C8 FLT4'!$A$4:$J$340,MATCH($W15&$C15,'ER C8 FLT4'!$A$4:$A$340&'ER C8 FLT4'!$B$4:$B$340-2,1),9)),IF($Z15=\"Class_7\",INDEX('ER C7 FLT4'!$A$4:$J$340,MATCH($W15&$C15,'ER C7 FLT4'!$A$4:$A$340&'ER C7 FLT4'!$B$4:$B$340-2,1),8)*IF($Z15=\"Class_7\",INDEX('ER C7 FLT4'!$A$4:$J$340,MATCH($W15&$C15,'ER C7 FLT4'!$A$4:$A$340&'ER C7 FLT4'!$B$4:$B$340-2,1),9)),IF($Z15=\"Class_6\",INDEX('ER C6 FLT4'!$A$4:$J$340,MATCH($W15&$C15,'ER C6 FLT4'!$A$4:$A$340&'ER C6 FLT4'!$B$4:$B$340-2,1),8)*IF($Z15=\"Class_6\",INDEX('ER C6 FLT4'!$A$4:$L$340,MATCH($W15&$C15,'ER C6 FLT4'!$A$4:$A$340&'ER C6 FLT4'!$B$4:$B$340-2,1),9))))),\nIF($B15=\"2 Trucks\",IF($Z15=\"Class_8\",INDEX('ER C8 FLT2'!$A$4:$J$340,MATCH($W15&$C15,'ER C8 FLT2'!$A$4:$A$340&'ER C8 FLT2'!$B$4:$B$340-2,1),8)*IF($Z15=\"Class_8\",INDEX('ER C8 FLT2'!$A$4:$J$340,MATCH($W15&$C15,'ER C8 FLT2'!$A$4:$A$340&'ER C8 FLT2'!$B$4:$B$340-2,1),9)),IF($Z15=\"Class_7\",INDEX('ER C7 FLT2'!$A$4:$J$340,MATCH($W15&$C15,'ER C7 FLT2'!$A$4:$A$340&'ER C7 FLT2'!$B$4:$B$340-2,1),8)*IF($Z15=\"Class_7\",INDEX('ER C7 FLT2'!$A$4:$J$340,MATCH($W15&$C15,'ER C7 FLT2'!$A$4:$A$340&'ER C7 FLT2'!$B$4:$B$340-2,1),9)),IF($Z15=\"Class_6\",INDEX('ER C6 FLT2'!$A$4:$J$340,MATCH($W15&$C15,'ER C6 FLT2'!$A$4:$A$340&'ER C6 FLT2'!$B$4:$B$340-2,1),8)*IF($Z15=\"Class_6\",INDEX('ER C6 FLT2'!$A$4:$J$340,MATCH($W15&$C15,'ER C6 FLT2'!$A$4:$A$340&'ER C6 FLT2'!$B$4:$B$340-2,1),9))))),\nIF($B15=\"1 Truck\",IF($Z15=\"Class_8\",INDEX('ER C8 FLT1'!$A$4:$J$340,MATCH($W15&$C15,'ER C8 FLT1'!$A$4:$A$340&'ER C8 FLT1'!$B$4:$B$340-2,1),8)*IF($Z15=\"Class_8\",INDEX('ER C8 FLT1'!$A$4:$J$340,MATCH($W15&$C15,'ER C8 FLT1'!$A$4:$A$340&'ER C8 FLT1'!$B$4:$B$340-2,1),9)),IF($Z15=\"Class_7\",INDEX('ER C7 FLT1'!$A$4:$J$340,MATCH($W15&$C15,'ER C7 FLT1'!$A$4:$A$340&'ER C7 FLT1'!$B$4:$B$340-2,1),8)*IF($Z15=\"Class_7\",INDEX('ER C7 FLT1'!$A$4:$J$340,MATCH($W15&$C15,'ER C7 FLT1'!$A$4:$A$340&'ER C7 FLT1'!$B$4:$B$340-2,1),9)),IF($Z15=\"Class_6\",INDEX('ER C6 FLT1'!$A$4:$J$340,MATCH($W15&$C15,'ER C6 FLT1'!$A$4:$A$340&'ER C6 FLT1'!$B$4:$B$340-2,1),8)*IF($Z15=\"Class_6\",INDEX('ER C6 FLT1'!$A$4:$J$340,MATCH($W15&$C15,'ER C6 FLT1'!$A$4:$A$340&'ER C6 FLT1'!$B$4:$B$340-2,1),9))))),IF($B15=\"3 Trucks\",IF($Z15=\"Class_8\",INDEX('ER C8 FLT3'!$A$4:$J$340,MATCH($W15&$C15,'ER C8 FLT3'!$A$4:$A$340&'ER C8 FLT3'!$B$4:$B$340-2,1),8)*IF($Z15=\"Class_8\",INDEX('ER C8 FLT3'!$A$4:$J$340,MATCH($W15&$C15,'ER C8 FLT3'!$A$4:$A$340&'ER C8 FLT3'!$B$4:$B$340-2,1),9)),IF($Z15=\"Class_7\",INDEX('ER C7 FLT3'!$A$4:$J$340,MATCH($W15&$C15,'ER C7 FLT3'!$A$4:$A$340&'ER C7 FLT3'!$B$4:$B$340-2,1),8)*IF($Z15=\"Class_7\",INDEX('ER C7 FLT3'!$A$4:$J$340,MATCH($W15&$C15,'ER C7 FLT3'!$A$4:$A$340&'ER C7 FLT3'!$B$4:$B$340-2,1),9)),IF($Z15=\"Class_6\",INDEX('ER C6 FLT1'!$A$4:$J$340,MATCH($W15&$C15,'ER C6 FLT1'!$A$4:$A$340&'ER C6 FLT1'!$B$4:$B$340-2,1),8)*IF($Z15=\"Class_6\",INDEX('ER C6 FLT1'!$A$4:$J$340,MATCH($W15&$C15,'ER C6 FLT1'!$A$4:$A$340&'ER C6 FLT1'!$B$4:$B$340-2,1),9)))))))))*IF($X15=\"Level 1 PM\",0.75,IF($X15=\"Level 2 PM\",0.5,IF($X15=\"Level 3 PM\",0,IF($X15=\"Level 3 PM + Mark I NOx\",0,1))))*($AC15/453.6)-IF(BL15=0,AX15,0)),0)","v":0},0,0,{"$f":"MAX((IF($B15=\"4+ Trucks\",IF($Z15=\"Class_8\",INDEX('ER C8 FLT4'!$A$4:$J$340,MATCH($W15&$C15,'ER C8 FLT4'!$A$4:$A$340&'ER C8 FLT4'!$B$4:$B$340-3,1),8)*IF($Z15=\"Class_8\",INDEX('ER C8 FLT4'!$A$4:$J$340,MATCH($W15&$C15,'ER C8 FLT4'!$A$4:$A$340&'ER C8 FLT4'!$B$4:$B$340-3,1),9)),IF($Z15=\"Class_7\",INDEX('ER C7 FLT4'!$A$4:$J$340,MATCH($W15&$C15,'ER C7 FLT4'!$A$4:$A$340&'ER C7 FLT4'!$B$4:$B$340-3,1),8)*IF($Z15=\"Class_7\",INDEX('ER C7 FLT4'!$A$4:$J$340,MATCH($W15&$C15,'ER C7 FLT4'!$A$4:$A$340&'ER C7 FLT4'!$B$4:$B$340-3,1),9)),IF($Z15=\"Class_6\",INDEX('ER C6 FLT4'!$A$4:$J$340,MATCH($W15&$C15,'ER C6 FLT4'!$A$4:$A$340&'ER C6 FLT4'!$B$4:$B$340-3,1),8)*IF($Z15=\"Class_6\",INDEX('ER C6 FLT4'!$A$4:$L$340,MATCH($W15&$C15,'ER C6 FLT4'!$A$4:$A$340&'ER C6 FLT4'!$B$4:$B$340-3,1),9))))),\nIF($B15=\"2 Trucks\",IF($Z15=\"Class_8\",INDEX('ER C8 FLT2'!$A$4:$J$340,MATCH($W15&$C15,'ER C8 FLT2'!$A$4:$A$340&'ER C8 FLT2'!$B$4:$B$340-3,1),8)*IF($Z15=\"Class_8\",INDEX('ER C8 FLT2'!$A$4:$J$340,MATCH($W15&$C15,'ER C8 FLT2'!$A$4:$A$340&'ER C8 FLT2'!$B$4:$B$340-3,1),9)),IF($Z15=\"Class_7\",INDEX('ER C7 FLT2'!$A$4:$J$340,MATCH($W15&$C15,'ER C7 FLT2'!$A$4:$A$340&'ER C7 FLT2'!$B$4:$B$340-3,1),8)*IF($Z15=\"Class_7\",INDEX('ER C7 FLT2'!$A$4:$J$340,MATCH($W15&$C15,'ER C7 FLT2'!$A$4:$A$340&'ER C7 FLT2'!$B$4:$B$340-3,1),9)),IF($Z15=\"Class_6\",INDEX('ER C6 FLT2'!$A$4:$J$340,MATCH($W15&$C15,'ER C6 FLT2'!$A$4:$A$340&'ER C6 FLT2'!$B$4:$B$340-3,1),8)*IF($Z15=\"Class_6\",INDEX('ER C6 FLT2'!$A$4:$J$340,MATCH($W15&$C15,'ER C6 FLT2'!$A$4:$A$340&'ER C6 FLT2'!$B$4:$B$340-3,1),9))))),\nIF($B15=\"1 Truck\",IF($Z15=\"Class_8\",INDEX('ER C8 FLT1'!$A$4:$J$340,MATCH($W15&$C15,'ER C8 FLT1'!$A$4:$A$340&'ER C8 FLT1'!$B$4:$B$340-3,1),8)*IF($Z15=\"Class_8\",INDEX('ER C8 FLT1'!$A$4:$J$340,MATCH($W15&$C15,'ER C8 FLT1'!$A$4:$A$340&'ER C8 FLT1'!$B$4:$B$340-3,1),9)),IF($Z15=\"Class_7\",INDEX('ER C7 FLT1'!$A$4:$J$340,MATCH($W15&$C15,'ER C7 FLT1'!$A$4:$A$340&'ER C7 FLT1'!$B$4:$B$340-3,1),8)*IF($Z15=\"Class_7\",INDEX('ER C7 FLT1'!$A$4:$J$340,MATCH($W15&$C15,'ER C7 FLT1'!$A$4:$A$340&'ER C7 FLT1'!$B$4:$B$340-3,1),9)),IF($Z15=\"Class_6\",INDEX('ER C6 FLT1'!$A$4:$J$340,MATCH($W15&$C15,'ER C6 FLT1'!$A$4:$A$340&'ER C6 FLT1'!$B$4:$B$340-3,1),8)*IF($Z15=\"Class_6\",INDEX('ER C6 FLT1'!$A$4:$J$340,MATCH($W15&$C15,'ER C6 FLT1'!$A$4:$A$340&'ER C6 FLT1'!$B$4:$B$340-3,1),9))))),IF($B15=\"3 Trucks\",IF($Z15=\"Class_8\",INDEX('ER C8 FLT3'!$A$4:$J$340,MATCH($W15&$C15,'ER C8 FLT3'!$A$4:$A$340&'ER C8 FLT3'!$B$4:$B$340-3,1),8)*IF($Z15=\"Class_8\",INDEX('ER C8 FLT3'!$A$4:$J$340,MATCH($W15&$C15,'ER C8 FLT3'!$A$4:$A$340&'ER C8 FLT3'!$B$4:$B$340-3,1),9)),IF($Z15=\"Class_7\",INDEX('ER C7 FLT3'!$A$4:$J$340,MATCH($W15&$C15,'ER C7 FLT3'!$A$4:$A$340&'ER C7 FLT3'!$B$4:$B$340-3,1),8)*IF($Z15=\"Class_7\",INDEX('ER C7 FLT3'!$A$4:$J$340,MATCH($W15&$C15,'ER C7 FLT3'!$A$4:$A$340&'ER C7 FLT3'!$B$4:$B$340-3,1),9)),IF($Z15=\"Class_6\",INDEX('ER C6 FLT3'!$A$4:$J$340,MATCH($W15&$C15,'ER C6 FLT3'!$A$4:$A$340&'ER C6 FLT3'!$B$4:$B$340-3,1),8)*IF($Z15=\"Class_6\",INDEX('ER C6 FLT3'!$A$4:$L$340,MATCH($W15&$C15,'ER C6 FLT3'!$A$4:$A$340&'ER C6 FLT3'!$B$4:$B$340-3,1),9)))))))))\n*IF($X15=\"Level 1 PM\",0.75,IF($X15=\"Level 2 PM\",0.5,IF($X15=\"Level 3 PM\",0,IF($X15=\"Level 3 PM + Mark I NOx\",0,1))))*($AC15/453.6)-IF(BO15=0,AY15,0)),0)","v":0},0,0,{"$f":"MAX((IF($B15=\"4+ Trucks\",IF($Z15=\"Class_8\",INDEX('ER C8 FLT4'!$A$4:$J$340,MATCH($W15&$C15,'ER C8 FLT4'!$A$4:$A$340&'ER C8 FLT4'!$B$4:$B$340-4,1),8)*IF($Z15=\"Class_8\",INDEX('ER C8 FLT4'!$A$4:$J$340,MATCH($W15&$C15,'ER C8 FLT4'!$A$4:$A$340&'ER C8 FLT4'!$B$4:$B$340-4,1),9)),IF($Z15=\"Class_7\",INDEX('ER C7 FLT4'!$A$4:$J$340,MATCH($W15&$C15,'ER C7 FLT4'!$A$4:$A$340&'ER C7 FLT4'!$B$4:$B$340-4,1),8)*IF($Z15=\"Class_7\",INDEX('ER C7 FLT4'!$A$4:$J$340,MATCH($W15&$C15,'ER C7 FLT4'!$A$4:$A$340&'ER C7 FLT4'!$B$4:$B$340-4,1),9)),IF($Z15=\"Class_6\",INDEX('ER C6 FLT4'!$A$4:$J$340,MATCH($W15&$C15,'ER C6 FLT4'!$A$4:$A$340&'ER C6 FLT4'!$B$4:$B$340-4,1),8)*IF($Z15=\"Class_6\",INDEX('ER C6 FLT4'!$A$4:$L$340,MATCH($W15&$C15,'ER C6 FLT4'!$A$4:$A$340&'ER C6 FLT4'!$B$4:$B$340-4,1),9))))),\nIF($B15=\"2 Trucks\",IF($Z15=\"Class_8\",INDEX('ER C8 FLT2'!$A$4:$J$340,MATCH($W15&$C15,'ER C8 FLT2'!$A$4:$A$340&'ER C8 FLT2'!$B$4:$B$340-4,1),8)*IF($Z15=\"Class_8\",INDEX('ER C8 FLT2'!$A$4:$J$340,MATCH($W15&$C15,'ER C8 FLT2'!$A$4:$A$340&'ER C8 FLT2'!$B$4:$B$340-4,1),9)),IF($Z15=\"Class_7\",INDEX('ER C7 FLT2'!$A$4:$J$340,MATCH($W15&$C15,'ER C7 FLT2'!$A$4:$A$340&'ER C7 FLT2'!$B$4:$B$340-4,1),8)*IF($Z15=\"Class_7\",INDEX('ER C7 FLT2'!$A$4:$J$340,MATCH($W15&$C15,'ER C7 FLT2'!$A$4:$A$340&'ER C7 FLT2'!$B$4:$B$340-4,1),9)),IF($Z15=\"Class_6\",INDEX('ER C6 FLT2'!$A$4:$J$340,MATCH($W15&$C15,'ER C6 FLT2'!$A$4:$A$340&'ER C6 FLT2'!$B$4:$B$340-4,1),8)*IF($Z15=\"Class_6\",INDEX('ER C6 FLT2'!$A$4:$J$340,MATCH($W15&$C15,'ER C6 FLT2'!$A$4:$A$340&'ER C6 FLT2'!$B$4:$B$340-4,1),9))))),\nIF($B15=\"1 Truck\",IF($Z15=\"Class_8\",INDEX('ER C8 FLT1'!$A$4:$J$340,MATCH($W15&$C15,'ER C8 FLT1'!$A$4:$A$340&'ER C8 FLT1'!$B$4:$B$340-4,1),8)*IF($Z15=\"Class_8\",INDEX('ER C8 FLT1'!$A$4:$J$340,MATCH($W15&$C15,'ER C8 FLT1'!$A$4:$A$340&'ER C8 FLT1'!$B$4:$B$340-4,1),9)),IF($Z15=\"Class_7\",INDEX('ER C7 FLT1'!$A$4:$J$340,MATCH($W15&$C15,'ER C7 FLT1'!$A$4:$A$340&'ER C7 FLT1'!$B$4:$B$340-4,1),8)*IF($Z15=\"Class_7\",INDEX('ER C7 FLT1'!$A$4:$J$340,MATCH($W15&$C15,'ER C7 FLT1'!$A$4:$A$340&'ER C7 FLT1'!$B$4:$B$340-4,1),9)),IF($Z15=\"Class_6\",INDEX('ER C6 FLT1'!$A$4:$J$340,MATCH($W15&$C15,'ER C6 FLT1'!$A$4:$A$340&'ER C6 FLT1'!$B$4:$B$340-4,1),8)*IF($Z15=\"Class_6\",INDEX('ER C6 FLT1'!$A$4:$J$340,MATCH($W15&$C15,'ER C6 FLT1'!$A$4:$A$340&'ER C6 FLT1'!$B$4:$B$340-4,1),9))))),IF($B15=\"3 Trucks\",IF($Z15=\"Class_8\",INDEX('ER C8 FLT3'!$A$4:$J$340,MATCH($W15&$C15,'ER C8 FLT3'!$A$4:$A$340&'ER C8 FLT3'!$B$4:$B$340-4,1),8)*IF($Z15=\"Class_8\",INDEX('ER C8 FLT3'!$A$4:$J$340,MATCH($W15&$C15,'ER C8 FLT3'!$A$4:$A$340&'ER C8 FLT3'!$B$4:$B$340-4,1),9)),IF($Z15=\"Class_7\",INDEX('ER C7 FLT3'!$A$4:$J$340,MATCH($W15&$C15,'ER C7 FLT3'!$A$4:$A$340&'ER C7 FLT3'!$B$4:$B$340-4,1),8)*IF($Z15=\"Class_7\",INDEX('ER C7 FLT3'!$A$4:$J$340,MATCH($W15&$C15,'ER C7 FLT3'!$A$4:$A$340&'ER C7 FLT3'!$B$4:$B$340-4,1),9)),IF($Z15=\"Class_6\",INDEX('ER C6 FLT3'!$A$4:$J$340,MATCH($W15&$C15,'ER C6 FLT3'!$A$4:$A$340&'ER C6 FLT3'!$B$4:$B$340-4,1),8)*IF($Z15=\"Class_6\",INDEX('ER C6 FLT3'!$A$4:$L$340,MATCH($W15&$C15,'ER C6 FLT3'!$A$4:$A$340&'ER C6 FLT3'!$B$4:$B$340-4,1),9)))))))))\n*IF($X15=\"Level 1 PM\",0.75,IF($X15=\"Level 2 PM\",0.5,IF($X15=\"Level 3 PM\",0,IF($X15=\"Level 3 PM + Mark I NOx\",0,1))))*($AC15/453.6)-IF(BR15=0,AZ15,0)),0)","v":0},{"$f":"MAX(0,BR15+BS15)","v":0},{"$f":"(MAX(0,BH15+BK15+BN15+BQ15+BT15))","v":0},{"$f":"IF($B15=\"4+ Trucks\",IF(OR($H15=\"Class_8\",$N15=\"Replacement8HHD\",$AH15=\"CL7HHD\",$AJ15=\"CL7to8\"),INDEX('ER C8 FLT4'!$A$4:$J$340,MATCH($E15&$C15,'ER C8 FLT4'!$A$4:$A$340&'ER C8 FLT4'!$B$4:$B$340,1),5)*IF(OR($H15=\"Class_8\",$N15=\"Replacement8HHD\",$AH15=\"CL7HHD\",$AJ15=\"CL7to8\"),INDEX('ER C8 FLT4'!$A$4:$J$340,MATCH($E15&$C15,'ER C8 FLT4'!$A$4:$A$340&'ER C8 FLT4'!$B$4:$B$340,1),7)),IF($H15=\"Class_7\",INDEX('ER C7 FLT4'!$A$4:$J$340,MATCH($E15&$C15,'ER C7 FLT4'!$A$4:$A$340&'ER C7 FLT4'!$B$4:$B$340,1),5)*IF($H15=\"Class_7\",INDEX('ER C7 FLT4'!$A$4:$J$340,MATCH($E15&$C15,'ER C7 FLT4'!$A$4:$A$340&'ER C7 FLT4'!$B$4:$B$340,1),7)),\nIF($H15=\"Class_6\",INDEX('ER C6 FLT4'!$A$4:$J$340,MATCH($E15&$C15,'ER C6 FLT4'!$A$4:$A$340&'ER C6 FLT4'!$B$4:$B$340,1),5)*IF($H15=\"Class_6\",INDEX('ER C6 FLT4'!$A$4:$L$340,MATCH($E15&$C15,'ER C6 FLT4'!$A$4:$A$340&'ER C6 FLT4'!$B$4:$B$340,1),7))))),\nIF($B15=\"3 Trucks\",IF(OR($H15=\"Class_8\",$N15=\"Replacement8HHD\",$AH15=\"CL7HHD\",$AJ15=\"CL7to8\"),INDEX('ER C8 FLT3'!$A$4:$J$340,MATCH($E15&$C15,'ER C8 FLT3'!$A$4:$A$340&'ER C8 FLT3'!$B$4:$B$340,1),5)*IF(OR($H15=\"Class_8\",$N15=\"Replacement8HHD\",$AH15=\"CL7HHD\",$AJ15=\"CL7to8\"),INDEX('ER C8 FLT3'!$A$4:$J$340,MATCH($E15&$C15,'ER C8 FLT3'!$A$4:$A$340&'ER C8 FLT3'!$B$4:$B$340,1),7)),IF($H15=\"Class_7\",INDEX('ER C7 FLT3'!$A$4:$J$340,MATCH($E15&$C15,'ER C7 FLT3'!$A$4:$A$340&'ER C7 FLT3'!$B$4:$B$340,1),5)*IF($H15=\"Class_7\",INDEX('ER C7 FLT3'!$A$4:$J$340,MATCH($E15&$C15,'ER C7 FLT3'!$A$4:$A$340&'ER C7 FLT3'!$B$4:$B$340,1),7)),\nIF($H15=\"Class_6\",INDEX('ER C6 FLT3'!$A$4:$J$340,MATCH($E15&$C15,'ER C6 FLT3'!$A$4:$A$340&'ER C6 FLT3'!$B$4:$B$340,1),5)*IF($H15=\"Class_6\",INDEX('ER C6 FLT3'!$A$4:$L$340,MATCH($E15&$C15,'ER C6 FLT3'!$A$4:$A$340&'ER C6 FLT3'!$B$4:$B$340,1),7))))),\nIF($B15=\"2 Trucks\",IF(OR($H15=\"Class_8\",$N15=\"Replacement8HHD\",$AH15=\"CL7HHD\",$AJ15=\"CL7to8\"),INDEX('ER C8 FLT2'!$A$4:$J$340,MATCH($E15&$C15,'ER C8 FLT2'!$A$4:$A$340&'ER C8 FLT2'!$B$4:$B$340,1),5)*IF(OR($H15=\"Class_8\",$N15=\"Replacement8HHD\",$AH15=\"CL7HHD\",$AJ15=\"CL7to8\"),INDEX('ER C8 FLT2'!$A$4:$J$340,MATCH($E15&$C15,'ER C8 FLT2'!$A$4:$A$340&'ER C8 FLT2'!$B$4:$B$340,1),7)),IF($H15=\"Class_7\",INDEX('ER C7 FLT2'!$A$4:$J$340,MATCH($E15&$C15,'ER C7 FLT2'!$A$4:$A$340&'ER C7 FLT2'!$B$4:$B$340,1),5)*IF($H15=\"Class_7\",INDEX('ER C7 FLT2'!$A$4:$J$340,MATCH($E15&$C15,'ER C7 FLT2'!$A$4:$A$340&'ER C7 FLT2'!$B$4:$B$340,1),7)),IF($H15=\"Class_6\",INDEX('ER C6 FLT2'!$A$4:$J$340,MATCH($E15&$C15,'ER C6 FLT2'!$A$4:$A$340&'ER C6 FLT2'!$B$4:$B$340,1),5)*IF($H15=\"Class_6\",INDEX('ER C6 FLT2'!$A$4:$J$340,MATCH($E15&$C15,'ER C6 FLT2'!$A$4:$A$340&'ER C6 FLT2'!$B$4:$B$340,1),7))))),IF($B15=\"1 Truck\",\nIF(OR($H15=\"Class_8\",$N15=\"Replacement8HHD\",$AH15=\"CL7HHD\",$AJ15=\"CL7to8\"),INDEX('ER C8 FLT1'!$A$4:$J$340,MATCH($E15&$C15,'ER C8 FLT1'!$A$4:$A$340&'ER C8 FLT1'!$B$4:$B$340,1),5)*IF(OR($H15=\"Class_8\",$N15=\"Replacement8HHD\",$AH15=\"CL7HHD\",$AJ15=\"CL7to8\"),INDEX('ER C8 FLT1'!$A$4:$J$340,MATCH($E15&$C15,'ER C8 FLT1'!$A$4:$A$340&'ER C8 FLT1'!$B$4:$B$340,1),7)),IF($H15=\"Class_7\",INDEX('ER C7 FLT1'!$A$4:$J$340,MATCH($E15&$C15,'ER C7 FLT1'!$A$4:$A$340&'ER C7 FLT1'!$B$4:$B$340,1),5)*IF($H15=\"Class_7\",INDEX('ER C7 FLT1'!$A$4:$J$340,MATCH($E15&$C15,'ER C7 FLT1'!$A$4:$A$340&'ER C7 FLT1'!$B$4:$B$340,1),7)),\nIF($H15=\"Class_6\",INDEX('ER C6 FLT1'!$A$4:$J$340,MATCH($E15&$C15,'ER C6 FLT1'!$A$4:$A$340&'ER C6 FLT1'!$B$4:$B$340,1),5)*IF($H15=\"Class_6\",INDEX('ER C6 FLT1'!$A$4:$J$340,MATCH($E15&$C15,'ER C6 FLT1'!$A$4:$A$340&'ER C6 FLT1'!$B$4:$B$340,1),7))))))))*IF($F15=\"Level 1 PM + Mark I NOx\",0.75,1))*($Q15/453.6)","v":0},{"$f":"IF($B15=\"4+ Trucks\",IF(OR($H15=\"Class_8\",$N15=\"Replacement8HHD\",$AH15=\"CL7HHD\",$AJ15=\"CL7to8\"),INDEX('ER C8 FLT4'!$A$4:$J$340,MATCH($E15&$C15,'ER C8 FLT4'!$A$4:$A$340&'ER C8 FLT4'!$B$4:$B$340-1,1),5)*IF(OR($H15=\"Class_8\",$N15=\"Replacement8HHD\",$AH15=\"CL7HHD\",$AJ15=\"CL7to8\"),INDEX('ER C8 FLT4'!$A$4:$J$340,MATCH($E15&$C15,'ER C8 FLT4'!$A$4:$A$340&'ER C8 FLT4'!$B$4:$B$340-1,1),7)),IF($H15=\"Class_7\",INDEX('ER C7 FLT4'!$A$4:$J$340,MATCH($E15&$C15,'ER C7 FLT4'!$A$4:$A$340&'ER C7 FLT4'!$B$4:$B$340-1,1),5)*IF($H15=\"Class_7\",INDEX('ER C7 FLT4'!$A$4:$J$340,MATCH($E15&$C15,'ER C7 FLT4'!$A$4:$A$340&'ER C7 FLT4'!$B$4:$B$340-1,1),7)),\nIF($H15=\"Class_6\",INDEX('ER C6 FLT4'!$A$4:$J$340,MATCH($E15&$C15,'ER C6 FLT4'!$A$4:$A$340&'ER C6 FLT4'!$B$4:$B$340-1,1),5)*IF($H15=\"Class_6\",INDEX('ER C6 FLT4'!$A$4:$L$340,MATCH($E15&$C15,'ER C6 FLT4'!$A$4:$A$340&'ER C6 FLT4'!$B$4:$B$340-1,1),7))))),IF($B15=\"3 Trucks\",IF(OR($H15=\"Class_8\",$N15=\"Replacement8HHD\",$AH15=\"CL7HHD\",$AJ15=\"CL7to8\"),INDEX('ER C8 FLT3'!$A$4:$J$340,MATCH($E15&$C15,'ER C8 FLT3'!$A$4:$A$340&'ER C8 FLT3'!$B$4:$B$340-1,1),5)*IF(OR($H15=\"Class_8\",$N15=\"Replacement8HHD\",$AH15=\"CL7HHD\",$AJ15=\"CL7to8\"),INDEX('ER C8 FLT3'!$A$4:$J$340,MATCH($E15&$C15,'ER C8 FLT3'!$A$4:$A$340&'ER C8 FLT3'!$B$4:$B$340-1,1),7)),IF($H15=\"Class_7\",INDEX('ER C7 FLT3'!$A$4:$J$340,MATCH($E15&$C15,'ER C7 FLT3'!$A$4:$A$340&'ER C7 FLT3'!$B$4:$B$340-1,1),5)*IF($H15=\"Class_7\",INDEX('ER C7 FLT3'!$A$4:$J$340,MATCH($E15&$C15,'ER C7 FLT3'!$A$4:$A$340&'ER C7 FLT3'!$B$4:$B$340-1,1),7)),\nIF($H15=\"Class_6\",INDEX('ER C6 FLT3'!$A$4:$J$340,MATCH($E15&$C15,'ER C6 FLT3'!$A$4:$A$340&'ER C6 FLT3'!$B$4:$B$340-1,1),5)*IF($H15=\"Class_6\",INDEX('ER C6 FLT3'!$A$4:$L$340,MATCH($E15&$C15,'ER C6 FLT3'!$A$4:$A$340&'ER C6 FLT3'!$B$4:$B$340-1,1),7))))),IF($B15=\"2 Trucks\",IF(OR($H15=\"Class_8\",$N15=\"Replacement8HHD\",$AH15=\"CL7HHD\",$AJ15=\"CL7to8\"),INDEX('ER C8 FLT2'!$A$4:$J$340,MATCH($E15&$C15,'ER C8 FLT2'!$A$4:$A$340&'ER C8 FLT2'!$B$4:$B$340-1,1),5)*IF(OR($H15=\"Class_8\",$N15=\"Replacement8HHD\",$AH15=\"CL7HHD\",$AJ15=\"CL7to8\"),INDEX('ER C8 FLT2'!$A$4:$J$340,MATCH($E15&$C15,'ER C8 FLT2'!$A$4:$A$340&'ER C8 FLT2'!$B$4:$B$340-1,1),7)),IF($H15=\"Class_7\",INDEX('ER C7 FLT2'!$A$4:$J$340,MATCH($E15&$C15,'ER C7 FLT2'!$A$4:$A$340&'ER C7 FLT2'!$B$4:$B$340-1,1),5)*IF($H15=\"Class_7\",INDEX('ER C7 FLT2'!$A$4:$J$340,MATCH($E15&$C15,'ER C7 FLT2'!$A$4:$A$340&'ER C7 FLT2'!$B$4:$B$340-1,1),7)),IF($H15=\"Class_6\",INDEX('ER C6 FLT2'!$A$4:$J$340,MATCH($E15&$C15,'ER C6 FLT2'!$A$4:$A$340&'ER C6 FLT2'!$B$4:$B$340-1,1),5)*IF($H15=\"Class_6\",INDEX('ER C6 FLT2'!$A$4:$J$340,MATCH($E15&$C15,'ER C6 FLT2'!$A$4:$A$340&'ER C6 FLT2'!$B$4:$B$340-1,1),7))))),IF($B15=\"1 Truck\",\nIF(OR($H15=\"Class_8\",$N15=\"Replacement8HHD\",$AH15=\"CL7HHD\",$AJ15=\"CL7to8\"),INDEX('ER C8 FLT1'!$A$4:$J$340,MATCH($E15&$C15,'ER C8 FLT1'!$A$4:$A$340&'ER C8 FLT1'!$B$4:$B$340-1,1),5)*IF(OR($H15=\"Class_8\",$N15=\"Replacement8HHD\",$AH15=\"CL7HHD\",$AJ15=\"CL7to8\"),INDEX('ER C8 FLT1'!$A$4:$J$340,MATCH($E15&$C15,'ER C8 FLT1'!$A$4:$A$340&'ER C8 FLT1'!$B$4:$B$340-1,1),7)),IF($H15=\"Class_7\",INDEX('ER C7 FLT1'!$A$4:$J$340,MATCH($E15&$C15,'ER C7 FLT1'!$A$4:$A$340&'ER C7 FLT1'!$B$4:$B$340-1,1),5)*IF($H15=\"Class_7\",INDEX('ER C7 FLT1'!$A$4:$J$340,MATCH($E15&$C15,'ER C7 FLT1'!$A$4:$A$340&'ER C7 FLT1'!$B$4:$B$340-1,1),7)),\nIF($H15=\"Class_6\",INDEX('ER C6 FLT1'!$A$4:$J$340,MATCH($E15&$C15,'ER C6 FLT1'!$A$4:$A$340&'ER C6 FLT1'!$B$4:$B$340-1,1),5)*IF($H15=\"Class_6\",INDEX('ER C6 FLT1'!$A$4:$J$340,MATCH($E15&$C15,'ER C6 FLT1'!$A$4:$A$340&'ER C6 FLT1'!$B$4:$B$340-1,1),7))))))))*IF($F15=\"Level 1 PM + Mark I NOx\",0.75,1))*($Q15/453.6)","v":0},{"$f":"IF($B15=\"4+ Trucks\",IF(OR($H15=\"Class_8\",$N15=\"Replacement8HHD\",$AH15=\"CL7HHD\",$AJ15=\"CL7to8\"),INDEX('ER C8 FLT4'!$A$4:$J$340,MATCH($E15&$C15,'ER C8 FLT4'!$A$4:$A$340&'ER C8 FLT4'!$B$4:$B$340-2,1),5)*IF(OR($H15=\"Class_8\",$N15=\"Replacement8HHD\",$AH15=\"CL7HHD\",$AJ15=\"CL7to8\"),INDEX('ER C8 FLT4'!$A$4:$J$340,MATCH($E15&$C15,'ER C8 FLT4'!$A$4:$A$340&'ER C8 FLT4'!$B$4:$B$340-2,1),7)),IF($H15=\"Class_7\",INDEX('ER C7 FLT4'!$A$4:$J$340,MATCH($E15&$C15,'ER C7 FLT4'!$A$4:$A$340&'ER C7 FLT4'!$B$4:$B$340-2,1),5)*IF($H15=\"Class_7\",INDEX('ER C7 FLT4'!$A$4:$J$340,MATCH($E15&$C15,'ER C7 FLT4'!$A$4:$A$340&'ER C7 FLT4'!$B$4:$B$340-2,1),7)),\nIF($H15=\"Class_6\",INDEX('ER C6 FLT4'!$A$4:$J$340,MATCH($E15&$C15,'ER C6 FLT4'!$A$4:$A$340&'ER C6 FLT4'!$B$4:$B$340-2,1),5)*IF($H15=\"Class_6\",INDEX('ER C6 FLT4'!$A$4:$L$340,MATCH($E15&$C15,'ER C6 FLT4'!$A$4:$A$340&'ER C6 FLT4'!$B$4:$B$340-2,1),7))))),IF($B15=\"3 Trucks\",IF(OR($H15=\"Class_8\",$N15=\"Replacement8HHD\",$AH15=\"CL7HHD\",$AJ15=\"CL7to8\"),INDEX('ER C8 FLT3'!$A$4:$J$340,MATCH($E15&$C15,'ER C8 FLT3'!$A$4:$A$340&'ER C8 FLT3'!$B$4:$B$340-2,1),5)*IF(OR($H15=\"Class_8\",$N15=\"Replacement8HHD\",$AH15=\"CL7HHD\",$AJ15=\"CL7to8\"),INDEX('ER C8 FLT3'!$A$4:$J$340,MATCH($E15&$C15,'ER C8 FLT3'!$A$4:$A$340&'ER C8 FLT3'!$B$4:$B$340-2,1),7)),IF($H15=\"Class_7\",INDEX('ER C7 FLT3'!$A$4:$J$340,MATCH($E15&$C15,'ER C7 FLT3'!$A$4:$A$340&'ER C7 FLT3'!$B$4:$B$340-2,1),5)*IF($H15=\"Class_7\",INDEX('ER C7 FLT3'!$A$4:$J$340,MATCH($E15&$C15,'ER C7 FLT3'!$A$4:$A$340&'ER C7 FLT3'!$B$4:$B$340-2,1),7)),\nIF($H15=\"Class_6\",INDEX('ER C6 FLT3'!$A$4:$J$340,MATCH($E15&$C15,'ER C6 FLT3'!$A$4:$A$340&'ER C6 FLT3'!$B$4:$B$340-2,1),5)*IF($H15=\"Class_6\",INDEX('ER C6 FLT3'!$A$4:$L$340,MATCH($E15&$C15,'ER C6 FLT3'!$A$4:$A$340&'ER C6 FLT3'!$B$4:$B$340-2,1),7))))),IF($B15=\"2 Trucks\",IF(OR($H15=\"Class_8\",$N15=\"Replacement8HHD\",$AH15=\"CL7HHD\",$AJ15=\"CL7to8\"),INDEX('ER C8 FLT2'!$A$4:$J$340,MATCH($E15&$C15,'ER C8 FLT2'!$A$4:$A$340&'ER C8 FLT2'!$B$4:$B$340-2,1),5)*IF(OR($H15=\"Class_8\",$N15=\"Replacement8HHD\",$AH15=\"CL7HHD\",$AJ15=\"CL7to8\"),INDEX('ER C8 FLT2'!$A$4:$J$340,MATCH($E15&$C15,'ER C8 FLT2'!$A$4:$A$340&'ER C8 FLT2'!$B$4:$B$340-2,1),7)),IF($H15=\"Class_7\",INDEX('ER C7 FLT2'!$A$4:$J$340,MATCH($E15&$C15,'ER C7 FLT2'!$A$4:$A$340&'ER C7 FLT2'!$B$4:$B$340-2,1),5)*IF($H15=\"Class_7\",INDEX('ER C7 FLT2'!$A$4:$J$340,MATCH($E15&$C15,'ER C7 FLT2'!$A$4:$A$340&'ER C7 FLT2'!$B$4:$B$340-2,1),7)),IF($H15=\"Class_6\",INDEX('ER C6 FLT2'!$A$4:$J$340,MATCH($E15&$C15,'ER C6 FLT2'!$A$4:$A$340&'ER C6 FLT2'!$B$4:$B$340-2,1),5)*IF($H15=\"Class_6\",INDEX('ER C6 FLT2'!$A$4:$J$340,MATCH($E15&$C15,'ER C6 FLT2'!$A$4:$A$340&'ER C6 FLT2'!$B$4:$B$340-2,1),7))))),IF($B15=\"1 Truck\",\nIF(OR($H15=\"Class_8\",$N15=\"Replacement8HHD\",$AH15=\"CL7HHD\",$AJ15=\"CL7to8\"),INDEX('ER C8 FLT1'!$A$4:$J$340,MATCH($E15&$C15,'ER C8 FLT1'!$A$4:$A$340&'ER C8 FLT1'!$B$4:$B$340-2,1),5)*IF(OR($H15=\"Class_8\",$N15=\"Replacement8HHD\",$AH15=\"CL7HHD\",$AJ15=\"CL7to8\"),INDEX('ER C8 FLT1'!$A$4:$J$340,MATCH($E15&$C15,'ER C8 FLT1'!$A$4:$A$340&'ER C8 FLT1'!$B$4:$B$340-2,1),7)),IF($H15=\"Class_7\",INDEX('ER C7 FLT1'!$A$4:$J$340,MATCH($E15&$C15,'ER C7 FLT1'!$A$4:$A$340&'ER C7 FLT1'!$B$4:$B$340-2,1),5)*IF($H15=\"Class_7\",INDEX('ER C7 FLT1'!$A$4:$J$340,MATCH($E15&$C15,'ER C7 FLT1'!$A$4:$A$340&'ER C7 FLT1'!$B$4:$B$340-2,1),7)),\nIF($H15=\"Class_6\",INDEX('ER C6 FLT1'!$A$4:$J$340,MATCH($E15&$C15,'ER C6 FLT1'!$A$4:$A$340&'ER C6 FLT1'!$B$4:$B$340-2,1),5)*IF($H15=\"Class_6\",INDEX('ER C6 FLT1'!$A$4:$J$340,MATCH($E15&$C15,'ER C6 FLT1'!$A$4:$A$340&'ER C6 FLT1'!$B$4:$B$340-2,1),7))))))))*IF($F15=\"Level 1 PM + Mark I NOx\",0.75,1))*($Q15/453.6)","v":0},{"$f":"IF($B15=\"4+ Trucks\",IF(OR($H15=\"Class_8\",$N15=\"Replacement8HHD\",$AH15=\"CL7HHD\",$AJ15=\"CL7to8\"),INDEX('ER C8 FLT4'!$A$4:$J$340,MATCH($E15&$C15,'ER C8 FLT4'!$A$4:$A$340&'ER C8 FLT4'!$B$4:$B$340-3,1),5)*IF(OR($H15=\"Class_8\",$N15=\"Replacement8HHD\",$AH15=\"CL7HHD\",$AJ15=\"CL7to8\"),INDEX('ER C8 FLT4'!$A$4:$J$340,MATCH($E15&$C15,'ER C8 FLT4'!$A$4:$A$340&'ER C8 FLT4'!$B$4:$B$340-3,1),7)),IF($H15=\"Class_7\",INDEX('ER C7 FLT4'!$A$4:$J$340,MATCH($E15&$C15,'ER C7 FLT4'!$A$4:$A$340&'ER C7 FLT4'!$B$4:$B$340-3,1),5)*IF($H15=\"Class_7\",INDEX('ER C7 FLT4'!$A$4:$J$340,MATCH($E15&$C15,'ER C7 FLT4'!$A$4:$A$340&'ER C7 FLT4'!$B$4:$B$340-3,1),7)),\nIF($H15=\"Class_6\",INDEX('ER C6 FLT4'!$A$4:$J$340,MATCH($E15&$C15,'ER C6 FLT4'!$A$4:$A$340&'ER C6 FLT4'!$B$4:$B$340-3,1),5)*IF($H15=\"Class_6\",INDEX('ER C6 FLT4'!$A$4:$L$340,MATCH($E15&$C15,'ER C6 FLT4'!$A$4:$A$340&'ER C6 FLT4'!$B$4:$B$340-3,1),7))))),IF($B15=\"3 Trucks\",IF(OR($H15=\"Class_8\",$N15=\"Replacement8HHD\",$AH15=\"CL7HHD\",$AJ15=\"CL7to8\"),INDEX('ER C8 FLT3'!$A$4:$J$340,MATCH($E15&$C15,'ER C8 FLT3'!$A$4:$A$340&'ER C8 FLT3'!$B$4:$B$340-3,1),5)*IF(OR($H15=\"Class_8\",$N15=\"Replacement8HHD\",$AH15=\"CL7HHD\",$AJ15=\"CL7to8\"),INDEX('ER C8 FLT3'!$A$4:$J$340,MATCH($E15&$C15,'ER C8 FLT3'!$A$4:$A$340&'ER C8 FLT3'!$B$4:$B$340-3,1),7)),IF($H15=\"Class_7\",INDEX('ER C7 FLT3'!$A$4:$J$340,MATCH($E15&$C15,'ER C7 FLT3'!$A$4:$A$340&'ER C7 FLT3'!$B$4:$B$340-3,1),5)*IF($H15=\"Class_7\",INDEX('ER C7 FLT3'!$A$4:$J$340,MATCH($E15&$C15,'ER C7 FLT3'!$A$4:$A$340&'ER C7 FLT3'!$B$4:$B$340-3,1),7)),\nIF($H15=\"Class_6\",INDEX('ER C6 FLT3'!$A$4:$J$340,MATCH($E15&$C15,'ER C6 FLT3'!$A$4:$A$340&'ER C6 FLT3'!$B$4:$B$340-3,1),5)*IF($H15=\"Class_6\",INDEX('ER C6 FLT3'!$A$4:$L$340,MATCH($E15&$C15,'ER C6 FLT3'!$A$4:$A$340&'ER C6 FLT3'!$B$4:$B$340-3,1),7))))),IF($B15=\"2 Trucks\",IF(OR($H15=\"Class_8\",$N15=\"Replacement8HHD\",$AH15=\"CL7HHD\",$AJ15=\"CL7to8\"),INDEX('ER C8 FLT2'!$A$4:$J$340,MATCH($E15&$C15,'ER C8 FLT2'!$A$4:$A$340&'ER C8 FLT2'!$B$4:$B$340-3,1),5)*IF(OR($H15=\"Class_8\",$N15=\"Replacement8HHD\",$AH15=\"CL7HHD\",$AJ15=\"CL7to8\"),INDEX('ER C8 FLT2'!$A$4:$J$340,MATCH($E15&$C15,'ER C8 FLT2'!$A$4:$A$340&'ER C8 FLT2'!$B$4:$B$340-3,1),7)),IF($H15=\"Class_7\",INDEX('ER C7 FLT2'!$A$4:$J$340,MATCH($E15&$C15,'ER C7 FLT2'!$A$4:$A$340&'ER C7 FLT2'!$B$4:$B$340-3,1),5)*IF($H15=\"Class_7\",INDEX('ER C7 FLT2'!$A$4:$J$340,MATCH($E15&$C15,'ER C7 FLT2'!$A$4:$A$340&'ER C7 FLT2'!$B$4:$B$340-3,1),7)),IF($H15=\"Class_6\",INDEX('ER C6 FLT2'!$A$4:$J$340,MATCH($E15&$C15,'ER C6 FLT2'!$A$4:$A$340&'ER C6 FLT2'!$B$4:$B$340-3,1),5)*IF($H15=\"Class_6\",INDEX('ER C6 FLT2'!$A$4:$J$340,MATCH($E15&$C15,'ER C6 FLT2'!$A$4:$A$340&'ER C6 FLT2'!$B$4:$B$340-3,1),7))))),IF($B15=\"1 Truck\",\nIF(OR($H15=\"Class_8\",$N15=\"Replacement8HHD\",$AH15=\"CL7HHD\",$AJ15=\"CL7to8\"),INDEX('ER C8 FLT1'!$A$4:$J$340,MATCH($E15&$C15,'ER C8 FLT1'!$A$4:$A$340&'ER C8 FLT1'!$B$4:$B$340-3,1),5)*IF(OR($H15=\"Class_8\",$N15=\"Replacement8HHD\",$AH15=\"CL7HHD\",$AJ15=\"CL7to8\"),INDEX('ER C8 FLT1'!$A$4:$J$340,MATCH($E15&$C15,'ER C8 FLT1'!$A$4:$A$340&'ER C8 FLT1'!$B$4:$B$340-3,1),7)),IF($H15=\"Class_7\",INDEX('ER C7 FLT1'!$A$4:$J$340,MATCH($E15&$C15,'ER C7 FLT1'!$A$4:$A$340&'ER C7 FLT1'!$B$4:$B$340-3,1),5)*IF($H15=\"Class_7\",INDEX('ER C7 FLT1'!$A$4:$J$340,MATCH($E15&$C15,'ER C7 FLT1'!$A$4:$A$340&'ER C7 FLT1'!$B$4:$B$340-3,1),7)),\nIF($H15=\"Class_6\",INDEX('ER C6 FLT1'!$A$4:$J$340,MATCH($E15&$C15,'ER C6 FLT1'!$A$4:$A$340&'ER C6 FLT1'!$B$4:$B$340-3,1),5)*IF($H15=\"Class_6\",INDEX('ER C6 FLT1'!$A$4:$J$340,MATCH($E15&$C15,'ER C6 FLT1'!$A$4:$A$340&'ER C6 FLT1'!$B$4:$B$340-3,1),7))))))))*IF($F15=\"Level 1 PM + Mark I NOx\",0.75,1))*($Q15/453.6)","v":0},{"$f":"IF($B15=\"4+ Trucks\",IF(OR($H15=\"Class_8\",$N15=\"Replacement8HHD\",$AH15=\"CL7HHD\",$AJ15=\"CL7to8\"),INDEX('ER C8 FLT4'!$A$4:$J$340,MATCH($E15&$C15,'ER C8 FLT4'!$A$4:$A$340&'ER C8 FLT4'!$B$4:$B$340-4,1),5)*IF(OR($H15=\"Class_8\",$N15=\"Replacement8HHD\",$AH15=\"CL7HHD\",$AJ15=\"CL7to8\"),INDEX('ER C8 FLT4'!$A$4:$J$340,MATCH($E15&$C15,'ER C8 FLT4'!$A$4:$A$340&'ER C8 FLT4'!$B$4:$B$340-4,1),7)),IF($H15=\"Class_7\",INDEX('ER C7 FLT4'!$A$4:$J$340,MATCH($E15&$C15,'ER C7 FLT4'!$A$4:$A$340&'ER C7 FLT4'!$B$4:$B$340-4,1),5)*IF($H15=\"Class_7\",INDEX('ER C7 FLT4'!$A$4:$J$340,MATCH($E15&$C15,'ER C7 FLT4'!$A$4:$A$340&'ER C7 FLT4'!$B$4:$B$340-4,1),7)),\nIF($H15=\"Class_6\",INDEX('ER C6 FLT4'!$A$4:$J$340,MATCH($E15&$C15,'ER C6 FLT4'!$A$4:$A$340&'ER C6 FLT4'!$B$4:$B$340-4,1),5)*IF($H15=\"Class_6\",INDEX('ER C6 FLT4'!$A$4:$L$340,MATCH($E15&$C15,'ER C6 FLT4'!$A$4:$A$340&'ER C6 FLT4'!$B$4:$B$340-4,1),7))))),IF($B15=\"3 Trucks\",IF(OR($H15=\"Class_8\",$N15=\"Replacement8HHD\",$AH15=\"CL7HHD\",$AJ15=\"CL7to8\"),INDEX('ER C8 FLT3'!$A$4:$J$340,MATCH($E15&$C15,'ER C8 FLT3'!$A$4:$A$340&'ER C8 FLT3'!$B$4:$B$340-4,1),5)*IF(OR($H15=\"Class_8\",$N15=\"Replacement8HHD\",$AH15=\"CL7HHD\",$AJ15=\"CL7to8\"),INDEX('ER C8 FLT3'!$A$4:$J$340,MATCH($E15&$C15,'ER C8 FLT3'!$A$4:$A$340&'ER C8 FLT3'!$B$4:$B$340-4,1),7)),IF($H15=\"Class_7\",INDEX('ER C7 FLT3'!$A$4:$J$340,MATCH($E15&$C15,'ER C7 FLT3'!$A$4:$A$340&'ER C7 FLT3'!$B$4:$B$340-4,1),5)*IF($H15=\"Class_7\",INDEX('ER C7 FLT3'!$A$4:$J$340,MATCH($E15&$C15,'ER C7 FLT3'!$A$4:$A$340&'ER C7 FLT3'!$B$4:$B$340-4,1),7)),\nIF($H15=\"Class_6\",INDEX('ER C6 FLT3'!$A$4:$J$340,MATCH($E15&$C15,'ER C6 FLT3'!$A$4:$A$340&'ER C6 FLT3'!$B$4:$B$340-4,1),5)*IF($H15=\"Class_6\",INDEX('ER C6 FLT3'!$A$4:$L$340,MATCH($E15&$C15,'ER C6 FLT3'!$A$4:$A$340&'ER C6 FLT3'!$B$4:$B$340-4,1),7))))),IF($B15=\"2 Trucks\",IF(OR($H15=\"Class_8\",$N15=\"Replacement8HHD\",$AH15=\"CL7HHD\",$AJ15=\"CL7to8\"),INDEX('ER C8 FLT2'!$A$4:$J$340,MATCH($E15&$C15,'ER C8 FLT2'!$A$4:$A$340&'ER C8 FLT2'!$B$4:$B$340-4,1),5)*IF(OR($H15=\"Class_8\",$N15=\"Replacement8HHD\",$AH15=\"CL7HHD\",$AJ15=\"CL7to8\"),INDEX('ER C8 FLT2'!$A$4:$J$340,MATCH($E15&$C15,'ER C8 FLT2'!$A$4:$A$340&'ER C8 FLT2'!$B$4:$B$340-4,1),7)),IF($H15=\"Class_7\",INDEX('ER C7 FLT2'!$A$4:$J$340,MATCH($E15&$C15,'ER C7 FLT2'!$A$4:$A$340&'ER C7 FLT2'!$B$4:$B$340-4,1),5)*IF($H15=\"Class_7\",INDEX('ER C7 FLT2'!$A$4:$J$340,MATCH($E15&$C15,'ER C7 FLT2'!$A$4:$A$340&'ER C7 FLT2'!$B$4:$B$340-4,1),7)),IF($H15=\"Class_6\",INDEX('ER C6 FLT2'!$A$4:$J$340,MATCH($E15&$C15,'ER C6 FLT2'!$A$4:$A$340&'ER C6 FLT2'!$B$4:$B$340-4,1),5)*IF($H15=\"Class_6\",INDEX('ER C6 FLT2'!$A$4:$J$340,MATCH($E15&$C15,'ER C6 FLT2'!$A$4:$A$340&'ER C6 FLT2'!$B$4:$B$340-4,1),7))))),IF($B15=\"1 Truck\",\nIF(OR($H15=\"Class_8\",$N15=\"Replacement8HHD\",$AH15=\"CL7HHD\",$AJ15=\"CL7to8\"),INDEX('ER C8 FLT1'!$A$4:$J$340,MATCH($E15&$C15,'ER C8 FLT1'!$A$4:$A$340&'ER C8 FLT1'!$B$4:$B$340-4,1),5)*IF(OR($H15=\"Class_8\",$N15=\"Replacement8HHD\",$AH15=\"CL7HHD\",$AJ15=\"CL7to8\"),INDEX('ER C8 FLT1'!$A$4:$J$340,MATCH($E15&$C15,'ER C8 FLT1'!$A$4:$A$340&'ER C8 FLT1'!$B$4:$B$340-4,1),7)),IF($H15=\"Class_7\",INDEX('ER C7 FLT1'!$A$4:$J$340,MATCH($E15&$C15,'ER C7 FLT1'!$A$4:$A$340&'ER C7 FLT1'!$B$4:$B$340-4,1),5)*IF($H15=\"Class_7\",INDEX('ER C7 FLT1'!$A$4:$J$340,MATCH($E15&$C15,'ER C7 FLT1'!$A$4:$A$340&'ER C7 FLT1'!$B$4:$B$340-4,1),7)),\nIF($H15=\"Class_6\",INDEX('ER C6 FLT1'!$A$4:$J$340,MATCH($E15&$C15,'ER C6 FLT1'!$A$4:$A$340&'ER C6 FLT1'!$B$4:$B$340-4,1),5)*IF($H15=\"Class_6\",INDEX('ER C6 FLT1'!$A$4:$J$340,MATCH($E15&$C15,'ER C6 FLT1'!$A$4:$A$340&'ER C6 FLT1'!$B$4:$B$340-4,1),7))))))))*IF($F15=\"Level 1 PM + Mark I NOx\",0.75,1))*($Q15/453.6)","v":0},{"$f":"IF($B15=\"4+ Trucks\",IF(OR($H15=\"Class_8\",$N15=\"Replacement8HHD\",$AH15=\"CL7HHD\",$AJ15=\"CL7to8\"),INDEX('ER C8 FLT4'!$A$4:$J$340,MATCH($E15&$C15,'ER C8 FLT4'!$A$4:$A$340&'ER C8 FLT4'!$B$4:$B$340,1),5),IF($H15=\"Class_7\",INDEX('ER C7 FLT4'!$A$4:$J$340,MATCH($E15&$C15,'ER C7 FLT4'!$A$4:$A$340&'ER C7 FLT4'!$B$4:$B$340,1),5),IF($H15=\"Class_6\",INDEX('ER C6 FLT4'!$A$4:$J$340,MATCH($E15&$C15,'ER C6 FLT4'!$A$4:$A$340&'ER C6 FLT4'!$B$4:$B$340,1),5)))),\nIF($B15=\"3 Trucks\",IF(OR($H15=\"Class_8\",$N15=\"Replacement8HHD\",$AH15=\"CL7HHD\",$AJ15=\"CL7to8\"),INDEX('ER C8 FLT3'!$A$4:$J$340,MATCH($E15&$C15,'ER C8 FLT3'!$A$4:$A$340&'ER C8 FLT3'!$B$4:$B$340,1),5),IF($H15=\"Class_7\",INDEX('ER C7 FLT3'!$A$4:$J$340,MATCH($E15&$C15,'ER C7 FLT3'!$A$4:$A$340&'ER C7 FLT3'!$B$4:$B$340,1),5),IF($H15=\"Class_6\",INDEX('ER C6 FLT3'!$A$4:$J$340,MATCH($E15&$C15,'ER C6 FLT3'!$A$4:$A$340&'ER C6 FLT3'!$B$4:$B$340,1),5)))),\nIF($B15=\"2 Trucks\",IF(OR($H15=\"Class_8\",$N15=\"Replacement8HHD\",$AH15=\"CL7HHD\",$AJ15=\"CL7to8\"),INDEX('ER C8 FLT2'!$A$4:$J$340,MATCH($E15&$C15,'ER C8 FLT2'!$A$4:$A$340&'ER C8 FLT2'!$B$4:$B$340,1),5),IF($H15=\"Class_7\",INDEX('ER C7 FLT2'!$A$4:$J$340,MATCH($E15&$C15,'ER C7 FLT2'!$A$4:$A$340&'ER C7 FLT2'!$B$4:$B$340,1),5),IF($H15=\"Class_6\",INDEX('ER C6 FLT2'!$A$4:$J$340,MATCH($E15&$C15,'ER C6 FLT2'!$A$4:$A$340&'ER C6 FLT2'!$B$4:$B$340,1),5)))),IF($B15=\"1 Truck\",IF(OR($H15=\"Class_8\",$N15=\"Replacement8HHD\",$AH15=\"CL7HHD\",$AJ15=\"CL7to8\"),INDEX('ER C8 FLT1'!$A$4:$J$340,MATCH($E15&$C15,'ER C8 FLT1'!$A$4:$A$340&'ER C8 FLT1'!$B$4:$B$340,1),5),IF($H15=\"Class_7\",INDEX('ER C7 FLT1'!$A$4:$J$340,MATCH($E15&$C15,'ER C7 FLT1'!$A$4:$A$340&'ER C7 FLT1'!$B$4:$B$340,1),5),IF($H15=\"Class_6\",INDEX('ER C6 FLT1'!$A$4:$J$340,MATCH($E15&$C15,'ER C6 FLT1'!$A$4:$A$340&'ER C6 FLT1'!$B$4:$B$340,1),5)))))))\n)","v":false},{"$f":"IF($B15=\"3 Trucks\",IF(OR($H15=\"Class_8\",$N15=\"Replacement8HHD\",$AH15=\"CL7HHD\",$AJ15=\"CL7to8\"),INDEX('ER C8 FLT3'!$A$4:$J$340,MATCH($E15&$C15,'ER C8 FLT3'!$A$4:$A$340&'ER C8 FLT3'!$B$4:$B$340-1,1),5),IF($H15=\"Class_7\",INDEX('ER C7 FLT3'!$A$4:$J$340,MATCH($E15&$C15,'ER C7 FLT3'!$A$4:$A$340&'ER C7 FLT3'!$B$4:$B$340-1,1),5),IF($H15=\"Class_6\",INDEX('ER C6 FLT3'!$A$4:$J$340,MATCH($E15&$C15,'ER C6 FLT3'!$A$4:$A$340&'ER C6 FLT3'!$B$4:$B$340-1,1),5)))),IF($B15=\"2 Trucks\",IF(OR($H15=\"Class_8\",$N15=\"Replacement8HHD\",$AH15=\"CL7HHD\",$AJ15=\"CL7to8\"),INDEX('ER C8 FLT2'!$A$4:$J$340,MATCH($E15&$C15,'ER C8 FLT2'!$A$4:$A$340&'ER C8 FLT2'!$B$4:$B$340-1,1),5),IF($H15=\"Class_7\",INDEX('ER C7 FLT2'!$A$4:$J$340,MATCH($E15&$C15,'ER C7 FLT2'!$A$4:$A$340&'ER C7 FLT2'!$B$4:$B$340-1,1),5),IF($H15=\"Class_6\",INDEX('ER C6 FLT2'!$A$4:$J$340,MATCH($E15&$C15,'ER C6 FLT2'!$A$4:$A$340&'ER C6 FLT2'!$B$4:$B$340-1,1),5)))),IF($B15=\"1 Truck\",IF(OR($H15=\"Class_8\",$N15=\"Replacement8HHD\",$AH15=\"CL7HHD\",$AJ15=\"CL7to8\"),INDEX('ER C8 FLT1'!$A$4:$J$340,MATCH($E15&$C15,'ER C8 FLT1'!$A$4:$A$340&'ER C8 FLT1'!$B$4:$B$340-1,1),5),IF($H15=\"Class_7\",INDEX('ER C7 FLT1'!$A$4:$J$340,MATCH($E15&$C15,'ER C7 FLT1'!$A$4:$A$340&'ER C7 FLT1'!$B$4:$B$340-1,1),5),IF($H15=\"Class_6\",INDEX('ER C6 FLT1'!$A$4:$J$340,MATCH($E15&$C15,'ER C6 FLT1'!$A$4:$A$340&'ER C6 FLT1'!$B$4:$B$340-1,1),5)))),IF($B15=\"4+ Trucks\",IF(OR($H15=\"Class_8\",$N15=\"Replacement8HHD\",$AH15=\"CL7HHD\",$AJ15=\"CL7to8\"),INDEX('ER C8 FLT4'!$A$4:$J$340,MATCH($E15&$C15,'ER C8 FLT4'!$A$4:$A$340&'ER C8 FLT4'!$B$4:$B$340-1,1),5),IF($H15=\"Class_7\",INDEX('ER C7 FLT4'!$A$4:$J$340,MATCH($E15&$C15,'ER C7 FLT4'!$A$4:$A$340&'ER C7 FLT4'!$B$4:$B$340-1,1),5),IF($H15=\"Class_6\",INDEX('ER C6 FLT4'!$A$4:$J$340,MATCH($E15&$C15,'ER C6 FLT4'!$A$4:$A$340&'ER C6 FLT4'!$B$4:$B$340-1,1),5))))))))","v":false},{"$f":"IF($B15=\"3 Trucks\",IF(OR($H15=\"Class_8\",$N15=\"Replacement8HHD\",$AH15=\"CL7HHD\",$AJ15=\"CL7to8\"),INDEX('ER C8 FLT3'!$A$4:$J$340,MATCH($E15&$C15,'ER C8 FLT3'!$A$4:$A$340&'ER C8 FLT3'!$B$4:$B$340-2,1),5),IF($H15=\"Class_7\",INDEX('ER C7 FLT3'!$A$4:$J$340,MATCH($E15&$C15,'ER C7 FLT3'!$A$4:$A$340&'ER C7 FLT3'!$B$4:$B$340-2,1),5),IF($H15=\"Class_6\",INDEX('ER C6 FLT3'!$A$4:$J$340,MATCH($E15&$C15,'ER C6 FLT3'!$A$4:$A$340&'ER C6 FLT3'!$B$4:$B$340-2,1),5)))),IF($B15=\"2 Trucks\",IF(OR($H15=\"Class_8\",$N15=\"Replacement8HHD\",$AH15=\"CL7HHD\",$AJ15=\"CL7to8\"),INDEX('ER C8 FLT2'!$A$4:$J$340,MATCH($E15&$C15,'ER C8 FLT2'!$A$4:$A$340&'ER C8 FLT2'!$B$4:$B$340-2,1),5),IF($H15=\"Class_7\",INDEX('ER C7 FLT2'!$A$4:$J$340,MATCH($E15&$C15,'ER C7 FLT2'!$A$4:$A$340&'ER C7 FLT2'!$B$4:$B$340-2,1),5),IF($H15=\"Class_6\",INDEX('ER C6 FLT2'!$A$4:$J$340,MATCH($E15&$C15,'ER C6 FLT2'!$A$4:$A$340&'ER C6 FLT2'!$B$4:$B$340-2,1),5)))),IF($B15=\"1 Truck\",IF(OR($H15=\"Class_8\",$N15=\"Replacement8HHD\",$AH15=\"CL7HHD\",$AJ15=\"CL7to8\"),INDEX('ER C8 FLT1'!$A$4:$J$340,MATCH($E15&$C15,'ER C8 FLT1'!$A$4:$A$340&'ER C8 FLT1'!$B$4:$B$340-2,1),5),IF($H15=\"Class_7\",INDEX('ER C7 FLT1'!$A$4:$J$340,MATCH($E15&$C15,'ER C7 FLT1'!$A$4:$A$340&'ER C7 FLT1'!$B$4:$B$340-2,1),5),IF($H15=\"Class_6\",INDEX('ER C6 FLT1'!$A$4:$J$340,MATCH($E15&$C15,'ER C6 FLT1'!$A$4:$A$340&'ER C6 FLT1'!$B$4:$B$340-2,1),5)))),IF($B15=\"4+ Trucks\",IF(OR($H15=\"Class_8\",$N15=\"Replacement8HHD\",$AH15=\"CL7HHD\",$AJ15=\"CL7to8\"),INDEX('ER C8 FLT4'!$A$4:$J$340,MATCH($E15&$C15,'ER C8 FLT4'!$A$4:$A$340&'ER C8 FLT4'!$B$4:$B$340-2,1),5),IF($H15=\"Class_7\",INDEX('ER C7 FLT4'!$A$4:$J$340,MATCH($E15&$C15,'ER C7 FLT4'!$A$4:$A$340&'ER C7 FLT4'!$B$4:$B$340-2,1),5),IF($H15=\"Class_6\",INDEX('ER C6 FLT4'!$A$4:$J$340,MATCH($E15&$C15,'ER C6 FLT4'!$A$4:$A$340&'ER C6 FLT4'!$B$4:$B$340-2,1),5))))))))","v":false},{"$f":"IF($B15=\"3 Trucks\",IF(OR($H15=\"Class_8\",$N15=\"Replacement8HHD\",$AH15=\"CL7HHD\",$AJ15=\"CL7to8\"),INDEX('ER C8 FLT3'!$A$4:$J$340,MATCH($E15&$C15,'ER C8 FLT3'!$A$4:$A$340&'ER C8 FLT3'!$B$4:$B$340-3,1),5),IF($H15=\"Class_7\",INDEX('ER C7 FLT3'!$A$4:$J$340,MATCH($E15&$C15,'ER C7 FLT3'!$A$4:$A$340&'ER C7 FLT3'!$B$4:$B$340-3,1),5),IF($H15=\"Class_6\",INDEX('ER C6 FLT3'!$A$4:$J$340,MATCH($E15&$C15,'ER C6 FLT3'!$A$4:$A$340&'ER C6 FLT3'!$B$4:$B$340-3,1),5)))),IF($B15=\"2 Trucks\",IF(OR($H15=\"Class_8\",$N15=\"Replacement8HHD\",$AH15=\"CL7HHD\",$AJ15=\"CL7to8\"),INDEX('ER C8 FLT2'!$A$4:$J$340,MATCH($E15&$C15,'ER C8 FLT2'!$A$4:$A$340&'ER C8 FLT2'!$B$4:$B$340-3,1),5),IF($H15=\"Class_7\",INDEX('ER C7 FLT2'!$A$4:$J$340,MATCH($E15&$C15,'ER C7 FLT2'!$A$4:$A$340&'ER C7 FLT2'!$B$4:$B$340-3,1),5),IF($H15=\"Class_6\",INDEX('ER C6 FLT2'!$A$4:$J$340,MATCH($E15&$C15,'ER C6 FLT2'!$A$4:$A$340&'ER C6 FLT2'!$B$4:$B$340-3,1),5)))),IF($B15=\"1 Truck\",IF(OR($H15=\"Class_8\",$N15=\"Replacement8HHD\",$AH15=\"CL7HHD\",$AJ15=\"CL7to8\"),INDEX('ER C8 FLT1'!$A$4:$J$340,MATCH($E15&$C15,'ER C8 FLT1'!$A$4:$A$340&'ER C8 FLT1'!$B$4:$B$340-3,1),5),IF($H15=\"Class_7\",INDEX('ER C7 FLT1'!$A$4:$J$340,MATCH($E15&$C15,'ER C7 FLT1'!$A$4:$A$340&'ER C7 FLT1'!$B$4:$B$340-3,1),5),IF($H15=\"Class_6\",INDEX('ER C6 FLT1'!$A$4:$J$340,MATCH($E15&$C15,'ER C6 FLT1'!$A$4:$A$340&'ER C6 FLT1'!$B$4:$B$340-3,1),5)))),IF($B15=\"4+ Trucks\",IF(OR($H15=\"Class_8\",$N15=\"Replacement8HHD\",$AH15=\"CL7HHD\",$AJ15=\"CL7to8\"),INDEX('ER C8 FLT4'!$A$4:$J$340,MATCH($E15&$C15,'ER C8 FLT4'!$A$4:$A$340&'ER C8 FLT4'!$B$4:$B$340-3,1),5),IF($H15=\"Class_7\",INDEX('ER C7 FLT4'!$A$4:$J$340,MATCH($E15&$C15,'ER C7 FLT4'!$A$4:$A$340&'ER C7 FLT4'!$B$4:$B$340-3,1),5),IF($H15=\"Class_6\",INDEX('ER C6 FLT4'!$A$4:$J$340,MATCH($E15&$C15,'ER C6 FLT4'!$A$4:$A$340&'ER C6 FLT4'!$B$4:$B$340-3,1),5))))))))","v":false},{"$f":"IF($B15=\"3 Trucks\",IF(OR($H15=\"Class_8\",$N15=\"Replacement8HHD\",$AH15=\"CL7HHD\",$AJ15=\"CL7to8\"),INDEX('ER C8 FLT3'!$A$4:$J$340,MATCH($E15&$C15,'ER C8 FLT3'!$A$4:$A$340&'ER C8 FLT3'!$B$4:$B$340-4,1),5),IF($H15=\"Class_7\",INDEX('ER C7 FLT3'!$A$4:$J$340,MATCH($E15&$C15,'ER C7 FLT3'!$A$4:$A$340&'ER C7 FLT3'!$B$4:$B$340-4,1),5),IF($H15=\"Class_6\",INDEX('ER C6 FLT3'!$A$4:$J$340,MATCH($E15&$C15,'ER C6 FLT3'!$A$4:$A$340&'ER C6 FLT3'!$B$4:$B$340-4,1),5)))),IF($B15=\"2 Trucks\",IF(OR($H15=\"Class_8\",$N15=\"Replacement8HHD\",$AH15=\"CL7HHD\",$AJ15=\"CL7to8\"),INDEX('ER C8 FLT2'!$A$4:$J$340,MATCH($E15&$C15,'ER C8 FLT2'!$A$4:$A$340&'ER C8 FLT2'!$B$4:$B$340-4,1),5),IF($H15=\"Class_7\",INDEX('ER C7 FLT2'!$A$4:$J$340,MATCH($E15&$C15,'ER C7 FLT2'!$A$4:$A$340&'ER C7 FLT2'!$B$4:$B$340-4,1),5),IF($H15=\"Class_6\",INDEX('ER C6 FLT2'!$A$4:$J$340,MATCH($E15&$C15,'ER C6 FLT2'!$A$4:$A$340&'ER C6 FLT2'!$B$4:$B$340-4,1),5)))),IF($B15=\"1 Truck\",IF(OR($H15=\"Class_8\",$N15=\"Replacement8HHD\",$AH15=\"CL7HHD\",$AJ15=\"CL7to8\"),INDEX('ER C8 FLT1'!$A$4:$J$340,MATCH($E15&$C15,'ER C8 FLT1'!$A$4:$A$340&'ER C8 FLT1'!$B$4:$B$340-4,1),5),IF($H15=\"Class_7\",INDEX('ER C7 FLT1'!$A$4:$J$340,MATCH($E15&$C15,'ER C7 FLT1'!$A$4:$A$340&'ER C7 FLT1'!$B$4:$B$340-4,1),5),IF($H15=\"Class_6\",INDEX('ER C6 FLT1'!$A$4:$J$340,MATCH($E15&$C15,'ER C6 FLT1'!$A$4:$A$340&'ER C6 FLT1'!$B$4:$B$340-4,1),5)))),IF($B15=\"4+ Trucks\",IF(OR($H15=\"Class_8\",$N15=\"Replacement8HHD\",$AH15=\"CL7HHD\",$AJ15=\"CL7to8\"),INDEX('ER C8 FLT4'!$A$4:$J$340,MATCH($E15&$C15,'ER C8 FLT4'!$A$4:$A$340&'ER C8 FLT4'!$B$4:$B$340-4,1),5),IF($H15=\"Class_7\",INDEX('ER C7 FLT4'!$A$4:$J$340,MATCH($E15&$C15,'ER C7 FLT4'!$A$4:$A$340&'ER C7 FLT4'!$B$4:$B$340-4,1),5),IF($H15=\"Class_6\",INDEX('ER C6 FLT4'!$A$4:$J$340,MATCH($E15&$C15,'ER C6 FLT4'!$A$4:$A$340&'ER C6 FLT4'!$B$4:$B$340-4,1),5))))))))","v":false},{"$f":"CK15*(($Q15+$AC15)/453.6)","v":0},{"$f":"CL15*(($Q15+$AC15)/453.6)","v":0},{"$f":"CM15*(($Q15+$AC15)/453.6)","v":0},{"$f":"CN15*(($Q15+$AC15)/453.6)","v":0},{"$f":"CO15*(($Q15+$AC15)/453.6)","v":0},{"$f":"IF(OR($R15=\"Diesel\",$R15=\"Zero Emission\",$R15=\"Hybrid\",$R15=\"Hybrid Zero-Mile\",$R15=\"Low NOx\",$R15=\"LNG/CNG\"),IF($B15=\"3 Trucks\",IF(OR($O15=\"Class_8\",$N15=\"Replacement8HHD\",$AI15=\"CL7HHD\"),INDEX('ER C8 FLT3'!$A$4:$J$340,MATCH(DropData!$J61&$C15,'ER C8 FLT3'!$A$4:$A$340&'ER C8 FLT3'!$B$4:$B$340,1),5),IF($O15=\"Class_7\",INDEX('ER C7 FLT3'!$A$4:$J$340,MATCH(DropData!$J61&$C15,'ER C7 FLT3'!$A$4:$A$340&'ER C7 FLT3'!$B$4:$B$340,1),5),IF($O15=\"Class_6\",INDEX('ER C6 FLT3'!$A$4:$J$340,MATCH(DropData!$J61&$C15,'ER C6 FLT3'!$A$4:$A$340&'ER C6 FLT3'!$B$4:$B$340,1),5)))),IF($B15=\"2 Trucks\",IF(OR($O15=\"Class_8\",$N15=\"Replacement8HHD\",$AI15=\"CL7HHD\"),INDEX('ER C8 FLT2'!$A$4:$J$340,MATCH(DropData!$J61&$C15,'ER C8 FLT2'!$A$4:$A$340&'ER C8 FLT2'!$B$4:$B$340,1),5),IF($O15=\"Class_7\",INDEX('ER C7 FLT2'!$A$4:$J$340,MATCH(DropData!$J61&$C15,'ER C7 FLT2'!$A$4:$A$340&'ER C7 FLT2'!$B$4:$B$340,1),5),IF($O15=\"Class_6\",INDEX('ER C6 FLT2'!$A$4:$J$340,MATCH(DropData!$J61&$C15,'ER C6 FLT2'!$A$4:$A$340&'ER C6 FLT2'!$B$4:$B$340,1),5)))),IF($B15=\"1 Truck\",IF(OR($O15=\"Class_8\",$N15=\"Replacement8HHD\",$AI15=\"CL7HHD\"),INDEX('ER C8 FLT1'!$A$4:$J$340,MATCH(DropData!$J61&$C15,'ER C8 FLT1'!$A$4:$A$340&'ER C8 FLT1'!$B$4:$B$340,1),5),IF($O15=\"Class_7\",INDEX('ER C7 FLT1'!$A$4:$J$340,MATCH(DropData!$J61&$C15,'ER C7 FLT1'!$A$4:$A$340&'ER C7 FLT1'!$B$4:$B$340,1),5),IF($O15=\"Class_6\",INDEX('ER C6 FLT1'!$A$4:$J$340,MATCH(DropData!$J61&$C15,'ER C6 FLT1'!$A$4:$A$340&'ER C6 FLT1'!$B$4:$B$340,1),5)))),IF($B15=\"4+ Trucks\",IF(OR($O15=\"Class_8\",$N15=\"Replacement8HHD\",$AI15=\"CL7HHD\"),INDEX('ER C8 FLT4'!$A$4:$J$340,MATCH(DropData!$J61&$C15,'ER C8 FLT4'!$A$4:$A$340&'ER C8 FLT4'!$B$4:$B$340,1),5),IF($O15=\"Class_7\",INDEX('ER C7 FLT4'!$A$4:$J$340,MATCH(DropData!$J61&$C15,'ER C7 FLT4'!$A$4:$A$340&'ER C7 FLT4'!$B$4:$B$340,1),5),IF($O15=\"Class_6\",INDEX('ER C6 FLT4'!$A$4:$J$340,MATCH(DropData!$J61&$C15,'ER C6 FLT4'!$A$4:$A$340&'ER C6 FLT4'!$B$4:$B$340,1),5)))))))))","v":false},{"$f":"IF(OR($R15=\"Diesel\",$R15=\"Zero Emission\",$R15=\"Hybrid\",$R15=\"Hybrid Zero-Mile\",$R15=\"Low NOx\",$R15=\"LNG/CNG\"),IF($B15=\"3 Trucks\",IF(OR($O15=\"Class_8\",$N15=\"Replacement8HHD\",$AI15=\"CL7HHD\"),INDEX('ER C8 FLT3'!$A$4:$J$340,MATCH(DropData!$J61&$C15,'ER C8 FLT3'!$A$4:$A$340&'ER C8 FLT3'!$B$4:$B$340-1,1),5),IF($O15=\"Class_7\",INDEX('ER C7 FLT3'!$A$4:$J$340,MATCH(DropData!$J61&$C15,'ER C7 FLT3'!$A$4:$A$340&'ER C7 FLT3'!$B$4:$B$340-1,1),5),IF($O15=\"Class_6\",INDEX('ER C